{"text_format":"1","workbook":"xlsx","n_sheets":14,"sheets":["MENU","DADOS","NOVO","BDI","ORÇAMENTO","CÁLCULO","EVENTOS","CRONO","CRONOPLE","PLE","QCI","BM","RRE","OFÍCIO"],"not_rendered":{"charts":0,"images":15,"macros":1,"external_links":0,"defined_names":288,"comments":7,"pivot_tables":0},"unopened":[],"bounds":{"document_bytes":16777216,"sheet_cells":100000,"rows_first":2000,"rows_last":500,"rows_between":2000,"halvings":0,"cell_chars":16384,"cell_head_chars":4096},"cells_cut":0,"cells_raw":0,"read":"whole","date_system":"1900"}

{"sheet":"MENU","index":0,"n_rows":24,"n_cols":15,"rows_kept":24,"cut":false,"hidden":false,"merged":[[19,1,19,7],[7,1,7,7],[1,4,2,6],[15,1,15,7]]}
[null,null,null,null,null,null,null,null,null,"PM"]
[null,null,null,null,{"$f":"CHOOSE(MATCH(Objeto,{\"PM\",\"PO\"}),\"PLANILHA MÚLTIPLA AMMOC \",\"PLANILHA ORÇAMENTÁRIA \")& Versao","v":"PLANILHA MÚLTIPLA AMMOC v2.0"},null,null,null,null,"v2.0"]
[null,null,null,null,null,null,null,null,null,null,null,null,null,null,1]
[null,null,null,null,null,null,null,null,null,null,null,null,null,null,2]
[null,null,null,null,null,null,null,null,null,"Proposto"]
[null,null,null,null,"DADOS DO CONTRATO",null,null,null,null,"Licitado"]
[null,null,null,null,null,null,null,null,null,"PLE"]
[null,{"$f":"IF($O$3<>2,\"DOCUMENTAÇÃO DA PROPOSTA\",\"PROPOSTA: Para visualizar/preencher esta seção, altere o TIPO DE ORÇAMENTO para 'Proposto'\")","v":"DOCUMENTAÇÃO DA PROPOSTA"},null,null,null,null,null,null,null,"BM",null,"LEGENDA:"]
[null,null,null,null,null,null,null,null,null,null,null,"Cores das células:"]
[null,null,{"$f":"IF(TIPOORCAMENTO<>\"Proposto\",\"\",\"                    BDI                    \")","v":"                    BDI                    "},null,{"$f":"IF(TIPOORCAMENTO<>\"Proposto\",\"\",\"             ORÇAMENTO             \")","v":"             ORÇAMENTO             "},null,{"$f":"IF(TIPOORCAMENTO<>\"Proposto\",\"\",\"MEMÓRIA DE CÁLCULO / PLQ\")","v":"MEMÓRIA DE CÁLCULO / PLQ"},null,null,null,null,null,null,"Fundo amarelo: células para preencher"]
[]
[null,null,{"$f":"IF(TIPOORCAMENTO<>\"Proposto\",\"\",\"                    QCI                    \")","v":"                    QCI                    "},null,{"$f":"IF(TIPOORCAMENTO<>\"Proposto\",\"\",\"CRONOGRAMA FÍSICO-FINANCEIRO\")","v":"CRONOGRAMA FÍSICO-FINANCEIRO"},null,null,null,null,null,null,null,null,"Fundo azul: células para seleção de opções"]
[]
[null,null,{"$f":"IF(TIPOORCAMENTO<>\"Proposto\",\"\",\"Obs: Composições e Cotações devem ser preenchidas diretamente no arquivo Referência \"&IF(ISBLANK(Import.DataBase),\"mm-aaaa\",TEXT(Import.DataBase,\"mm-aaaa\"))&\".xls.\")","v":"Obs: Composições e Cotações devem ser preenchidas diretamente no arquivo Referência 06-2023.xls."}]
[null,null,null,null,null,null,null,null,null,null,null,"Cores dos botões:"]
[null,{"$f":"IF($O$3<>2,\"PÓS-LICITADO: Para visualizar/preencher esta seção, altere o TIPO DE ORÇAMENTO para 'Licitado'\",\"RESULTADO DO PROCESSO LICITATÓRIO\")","v":"PÓS-LICITADO: Para visualizar/preencher esta seção, altere o TIPO DE ORÇAMENTO para 'Licitado'"},null,null,null,null,null,null,null,null,null,null,null,"Fundo azul: navegação entre abas"]
[]
[null,null,{"$f":"IF(TIPOORCAMENTO<>\"Licitado\",\"\",\"             ORÇAMENTO             \")","v":""},null,{"$f":"IF(TIPOORCAMENTO<>\"Licitado\",\"\",\"                    QCI                    \")","v":""},null,{"$f":"IF(TIPOORCAMENTO<>\"Licitado\",\"\",\"CRONOGRAMA FÍSICO-FINANCEIRO\")","v":""},null,null,null,null,null,null,"Fundo laranja: execução de macro"]
[]
[null,{"$f":"IF($O$3<>2,\"ACOMPANHAMENTO: Para visualizar/preencher esta seção, altere o TIPO DE ORÇAMENTO para 'Licitado'\",\"ACOMPANHAMENTO DO EMPREENDIMENTO\")","v":"ACOMPANHAMENTO: Para visualizar/preencher esta seção, altere o TIPO DE ORÇAMENTO para 'Licitado'"}]
[]
[null,null,{"$f":"IF(OR(TIPOORCAMENTO<>\"Licitado\",ACOMPANHAMENTO<>\"PLE\"),\"\",\"PLAN. DE LEVANT. DE EVENTOS - PLE\")","v":""},null,{"$f":"IF(TIPOORCAMENTO<>\"Licitado\",\"\",\"                    RRE                    \")","v":""},null,{"$f":"IF(OR(TIPOORCAMENTO<>\"Licitado\",ACOMPANHAMENTO<>\"BM\"),\"\",\"  BOLETIM DE MEDIÇÃO - BM  \")","v":""}]
[]
[null,null,null,null,{"$f":"IF(TIPOORCAMENTO<>\"Licitado\",\"\",\"OF. DE SOLICITAÇÃO DE DESBLOQUEIO\")","v":""}]

{"sheet":"DADOS","index":1,"n_rows":60,"n_cols":44,"rows_kept":60,"cut":false,"hidden":false,"merged":[[48,4,48,5],[57,4,57,5],[0,11,0,43],[2,4,2,5],[14,4,14,5],[20,4,20,5],[26,4,26,5],[33,4,33,5],[44,4,44,5]]}
[null,null,null,null,"A. DOCUMENTAÇÃO DA PROPOSTA",null,null,null,null,null,null,"Sub-Itens de Investimento"]
[null,null,null,null,null,null,null,null,null,"Itens de Investimento","Unidades habitacionais",{"$f":"COUNTA(K:K)-1","v":3},"Equipamentos comunitários",{"$f":"COUNTA(M:M)-1","v":6},"Pavimentação",{"$f":"COUNTA(O:O)-1","v":6},"Drenagem ",{"$f":"COUNTA(Q:Q)-1","v":6},"Abastecimento de água",{"$f":"COUNTA(S:S)-1","v":11},"Esgotamento sanitário",{"$f":"COUNTA(U:U)-1","v":8},"Energia elétrica e iluminação pública",{"$f":"COUNTA(W:W)-1","v":4},"Coleta e tratamento de resíduos sólidos",{"$f":"COUNTA(Y:Y)-1","v":6},"Contenção e estabilização de encostas ",{"$f":"COUNTA(AA:AA)-1","v":2},"Regularização fundiária",{"$f":"COUNTA(AC:AC)-1","v":2},"Aquisição de terreno",{"$f":"COUNTA(AE:AE)-1","v":2},"Aquisição de equipamentos e insumos",{"$f":"COUNTA(AG:AG)-1","v":1},"Elaboração de estudos e projetos",{"$f":"COUNTA(AI:AI)-1","v":1},"Instrumentos e ações em planejamento e gestão pública",{"$f":"COUNTA(AK:AK)-1","v":1},"Ações complementares às obras",{"$f":"COUNTA(AM:AM)-1","v":3},"Gerenciamento",{"$f":"COUNTA(AO:AO)-1","v":1},"Trabalho social",{"$f":"COUNTA(AQ:AQ)-1","v":4}]
[null,null,null,null,"Dados do Contrato (Inicial)",null,null,null,null,"Unidades habitacionais","Aquisição","un","Convivência comunitária, assistência social e/ou comunitária","m²","Capeamento de vias","m²","Obras de microdrenagem ","m","Captação subterrânea","m³/s","Ligações domiciliares e/ou intradomiciliares","un","Iluminação pública - luminárias","un","Acondicionamento ","un","Estabilização de taludes","m²","Desapropriacões/Indenizações","m²","Aquisição de terreno","m²","Aquisição de equipamentos e insumos","un","Elaboração de estudos e projetos","un","Instrumentos e ações em planejamento e gestão pública","un","Avaliação pós intervenção","un","Gerenciamento","%CT","Projeto de Trabalho Social Preliminar","nº fam"]
[null,null,null,null,"Fonte de recursos:","OGU",null,null,null,"Equipamentos comunitários","Construção","un","Educação e cultura","m²","Recapeamento de vias","m²","Desassoreamento de cursos de água","m","Captação superficial","m³/s","Rede coletora e/ou condominial","m","Ligações domiciliares","un","Aterro sanitário e/ou disposição final","m³","Obras complementares a ações de redução de risco e/ou contenções","m²","Projeto de Regularização Fundiária","m²","Benfeitorias","m²",null,null,null,null,null,null,"Demolições","un",null,null,"Projeto de Trabalho Social","nº fam"]
[null,null,null,null,"Proponente/Tomador:","PREFEITURA MUNICIPAL DE IBICARÉ",null,null,null,"Pavimentação","Reforma e/ou melhoria","un","Esportes","m²","Obras de artes especiais","m","Canalização de cursos de água","m","Estação de bombeamento de água bruta","m³/s","Coletor tronco e/ou interceptores","m","Linhas de distribuição - baixa tensão ","m","Erradicação de lixões","m³",null,null,null,null,null,null,null,null,null,null,null,null,"Plano de Reassentamento e medidas compensatórias","un",null,null,"Plano de Desenvolvimento Socioterritorial","nº fam"]
[null,null,null,null,"Município/UF:","IBICARÉ-SC",null,null,null,"Drenagem ",null,null,"Lazer e turismo","m²","Pavimentação de calçadas","m²","Recomposição de vegetação ciliar, renaturalização de cursos de água ou restauração de margens","m²","Adução","m","Emissário","m","Linhas de transmissão - alta tensão ","m","Sistema de coleta seletiva tradicional, transporte e/ou equipamentos","un",null,null,null,null,null,null,null,null,null,null,null,null,null,null,null,null,"Plano de Gestão Condominial","nº fam"]
[null,null,null,null,"Nº da Operação (0000000-00):",null,null,null,null,"Abastecimento de água",null,null,"Saúde","m²","Pavimentação de vias","m²","Reservatório de amortecimento de cheias","m³","Estação de Tratamento de Água (ETA)","m³/s","Estação Elevatória","m³/s",null,null,"Tratamento local ","un"]
[null,null,null,null,"Nº do SICONV (000000):",null,null,null,null,"Esgotamento sanitário",null,null,"Segurança pública","m²","Sinalização","m²","Estação de Bombeamento","m³/s","Estação de bombeamento de água tratada","m³/s","Estação de Tratamento de Esgoto (ETE)","m³/s",null,null,"Usinas de reciclagem ","m²"]
[null,null,null,null,{"$f":"IF(F4=\"FGTS\",\"Valor de Financiamento Contratado (R$):\",\"Valor do Repasse Contratado (R$):\")","v":"Valor do Repasse Contratado (R$):"},null,null,null,null,"Energia elétrica e iluminação pública",null,null,null,null,null,null,null,null,"Linha de recalque","m","Sistema simplificado de tratamento","m³/s"]
[null,null,null,null,"Valor de Contrapartida Contratada (R$):",5032401.9800000004,null,null,null,"Coleta e tratamento de resíduos sólidos",null,null,null,null,null,null,null,null,"Reservação","m³","Unidades sanitárias","un"]
[null,null,null,null,"% mínimo de Contrapartida:",null,null,null,null,"Contenção e estabilização de encostas ",null,null,null,null,null,null,null,null,"Rede de distribuição","m"]
[null,null,null,null,"R$ mínimo de Contrapartida (se houver):",null,null,null,null,"Regularização fundiária",null,null,null,null,null,null,null,null,"Ligações domiciliares e/ou intradomiciliares","un"]
[null,null,null,null,"% máximo de Contrapartida:",null,null,null,null,"Aquisição de terreno",null,null,null,null,null,null,null,null,"Sistema simplificado de abastecimento","m"]
[null,null,null,null,null,null,null,null,null,"Aquisição de equipamentos e insumos"]
[null,null,null,null,"Dados do Empreendimento e Orçamento",null,null,null,null,"Elaboração de estudos e projetos"]
[null,null,null,null,"Nome/apelido:","PAVIMENTAÇÃO DE RUAS E ACESSOS DIVERSOS EM CONCRETO",null,null,null,"Instrumentos e ações em planejamento e gestão pública"]
[null,null,null,null,"Descrição do Objeto do Lote / CTEF:","PAVIMENTAÇÃO DE RUAS E ACESSOS DIVERSOS EM CONCRETO",null,null,null,"Ações complementares às obras"]
[null,null,null,null,"Regime previdenciário previsto para a obra:","NÃO DESONERADO",null,null,null,"Gerenciamento"]
[null,null,null,null,"Data base do Orçamento:","2023-06-01",null,null,null,"Trabalho social"]
[]
[null,null,null,null,"Responsável pelo Orçamento"]
[null,null,null,null,"Nome:","Max Mooshammer"]
[null,null,null,null,"CREA/CAU:","139.164-0"]
[null,null,null,null,"ART/RRT:","8931106-3"]
[null,null,null,null,"Data do preenchimento:",{"$f":"TODAY()","v":"2023-10-18"}]
[]
[null,null,null,null,"Responsável pelo Tomador (Prefeito, no caso de Municípios)"]
[null,null,null,null,"Nome:","GIANFRANCO VOLPATO"]
[null,null,null,null,"Cargo:","PREFEITO MUNICIPAL"]
[]
[]
[null,null,null,null,"B. RESULTADO DO PROCESSO LICITATÓRIO"]
[]
[null,null,null,null,"Licitação"]
[null,null,null,null,"Data de emissão dos documentos de licitação:"]
[null,null,null,null,"Nº do CTEF (contrato com empresa):"]
[null,null,null,null,"Nome da empresa:"]
[null,null,null,null,"CNPJ da empresa:"]
[null,null,null,null,"Regime de execução do CTEF:","(SELECIONAR)"]
[null,null,null,null,"Data base do CTEF:"]
[]
[]
[null,null,null,null,"C. ACOMPANHAMENTO DO EMPREENDIMENTO"]
[]
[null,null,null,null,"Dados da obra"]
[null,null,null,null,"Data do Início da Obra:"]
[null,null,null,null,"Data de fechamento do RRE:"]
[]
[null,null,null,null,"Responsável pela Fiscalização"]
[null,null,null,null,"Nome:","Max Mooshammer"]
[null,null,null,null,"Profissão:","Engenheiro Civil"]
[null,null,null,null,"CREA/CAU (para obras/projetos):","139.164-0"]
[null,null,null,null,"ART/RRT (para obras/projetos):"]
[]
[]
[null,null,null,null,"D. ACOMPANHAMENTO CAIXA"]
[]
[null,null,null,null,"Responsável Gerencial"]
[null,null,null,null,"Nome:"]
[null,null,null,null,"Função:"]

{"sheet":"NOVO","index":2,"n_rows":47,"n_cols":4,"rows_kept":47,"cut":false,"hidden":true,"merged":[]}
[]
[]
[null,"Novidades da Versão"]
[]
[]
["V3.0.0"]
[null,"GERAL"]
[null,null,{"$f":"IF(D8<>\"\",\"▪\",\"\")","v":"▪"},"Lançamento: Adequação à Portaria 424/2016. Acompanhamento por Eventos."]
[null,null,{"$f":"IF(D9<>\"\",\"▪\",\"\")","v":""}]
["V3.0.1"]
[null,"GERAL"]
[null,null,{"$f":"IF(D12<>\"\",\"▪\",\"\")","v":"▪"},"Ajustes de formatações."]
[null,"PO"]
[null,null,{"$f":"IF(D14<>\"\",\"▪\",\"\")","v":"▪"},"Correção da aplicação do BDI não desonerado."]
[null,null,{"$f":"IF(D15<>\"\",\"▪\",\"\")","v":"▪"},"Inclusão de coluna exclusiva \"Preço Unitário Edital\", para o Modo 'Orçamento Licitado'."]
[]
["V3.0.2"]
[null,"GERAL"]
[null,null,{"$f":"IF(D19<>\"\",\"▪\",\"\")","v":"▪"},"Ajustes de formatações."]
[null,null,{"$f":"IF(D20<>\"\",\"▪\",\"\")","v":"▪"},"Correção do Problema de Guias ocultas no BROFFICE."]
[null,"ORÇAMENTO"]
[null,null,{"$f":"IF(D22<>\"\",\"▪\",\"\")","v":"▪"},"Ampliada obtenção de dados da Planilha Referência de 20.000 para 65.536 linhas."]
[null,"CRONOGRAMA"]
[null,null,{"$f":"IF(D24<>\"\",\"▪\",\"\")","v":"▪"},"Correção na formulação do total acumulado por Repasse, CP e Outros"]
[null,"QCI"]
[null,null,{"$f":"IF(D26<>\"\",\"▪\",\"\")","v":"▪"},"Correção na formulação do arredondamento no rateio dos valores do QCI."]
[null,"RRE"]
[null,null,{"$f":"IF(D28<>\"\",\"▪\",\"\")","v":"▪"},"Correção na formulação do total por Repasse, CP e Outros."]
[]
["V3.0.3"]
[null,"GERAL"]
[null,null,{"$f":"IF(D32<>\"\",\"▪\",\"\")","v":"▪"},"Correção do Problema de Guias ocultas no BROFFICE."]
[null,"CÁLCULO"]
[null,null,{"$f":"IF(D34<>\"\",\"▪\",\"\")","v":"▪"},"Corrigida lentidão e travamento ao incluir e excluir frentes."]
[]
[]
["V3.0.4"]
[null,"BDI"]
[null,null,{"$f":"IF(D39<>\"\",\"▪\",\"\")","v":"▪"},"Correção da CPRB que exibia 4,5% mesmo quando não desonerado."]
[null,"CRONOGRAMA"]
[null,null,{"$f":"IF(D41<>\"\",\"▪\",\"\")","v":"▪"},"Correção da distribuição de Repasse, CP e Outros para as metas manuais."]
[null,"QCI"]
[null,null,{"$f":"IF(D43<>\"\",\"▪\",\"\")","v":"▪"},"Adicionado botão para adotar a CP do QCI como CP do contrato (zera saldo a reprogramar de CP)."]
[]
["V3.0.5"]
[null,"GERAL"]
[null,null,{"$f":"IF(D47<>\"\",\"▪\",\"\")","v":"▪"},"Corrigido modo de Cálculo da Planilha para Automático."]

{"sheet":"BDI","index":3,"n_rows":146,"n_cols":26,"rows_kept":146,"cut":false,"hidden":false,"merged":[[4,9,4,10],[4,11,4,12],[4,13,4,18],[0,17,0,18],[1,17,1,18],[3,9,3,10],[3,11,3,12],[3,13,3,18],[18,25,19,25],[18,20,19,22],[18,9,19,16],[18,17,19,17],[18,18,19,18],[10,9,10,16],[10,17,10,18],[6,9,6,18],[7,9,7,18],[9,9,9,16],[9,17,9,18],[15,9,15,18],[22,9,22,16],[22,20,22,22],[20,9,20,16],[20,20,20,22],[21,9,21,16],[21,20,21,22],[18,23,19,23],[18,24,19,24],[16,9,16,18],[27,20,27,22],[23,9,23,16],[23,20,23,22],[35,13,35,15],[37,9,37,18],[29,9,29,16],[31,10,31,18],[28,9,28,16],[28,20,28,22],[24,9,24,16],[24,20,24,22],[25,9,25,16],[25,20,25,22],[26,9,26,16],[26,20,26,22],[58,24,59,24],[58,25,59,25],[58,9,59,16],[58,17,59,17],[58,18,59,18],[58,20,59,22],[58,23,59,23],[33,9,33,18],[34,12,35,12],[48,9,48,12],[53,9,53,18],[44,9,44,12],[44,15,44,18],[45,9,45,12],[47,9,47,12],[34,13,34,15],[34,16,35,16],[64,20,64,22],[65,9,65,16],[65,20,65,22],[66,20,66,22],[67,9,67,16],[67,20,67,22],[60,9,60,16],[60,20,60,22],[55,9,55,18],[56,9,56,18],[63,9,63,16],[63,20,63,22],[61,9,61,16],[61,20,61,22],[62,9,62,16],[62,20,62,22],[98,24,99,24],[98,25,99,25],[98,9,99,16],[98,17,99,17],[98,18,99,18],[98,23,99,23],[68,20,68,22],[85,9,85,12],[87,9,87,12],[73,9,73,18],[74,12,75,12],[79,9,79,18],[82,9,82,18],[75,13,75,15],[74,13,74,15],[74,16,75,16],[93,9,93,18],[84,9,84,12],[84,15,84,18],[77,9,77,18],[69,9,69,16],[71,10,71,18],[88,9,88,12],[103,20,103,22],[102,20,102,22],[100,9,100,16],[100,20,100,22],[95,9,95,18],[96,9,96,18],[98,20,99,22],[101,9,101,16],[101,20,101,22],[106,20,106,22],[115,13,115,15],[107,9,107,16],[107,20,107,22],[108,9,108,16],[108,20,108,22],[109,9,109,16],[111,10,111,18],[104,20,104,22],[105,9,105,16],[105,20,105,22],[128,9,128,12],[119,9,119,18],[122,9,122,18],[124,9,124,12],[124,15,124,18],[125,9,125,12],[127,9,127,12],[117,9,117,18],[5,8,9,8],[113,9,113,18],[106,9,106,16],[114,12,115,12],[104,9,104,16],[102,9,102,16],[68,9,68,16],[114,13,114,15],[114,16,115,16],[103,9,103,16],[66,9,66,16],[64,9,64,16],[39,9,39,18],[42,9,42,18],[27,9,27,16],[13,9,13,18]]}
[null,null,null,null,"MIN","MED","MAX",null,null,null,null,null,null,null,{"$f":"\"Quadro de Composição do BDI\"","v":"Quadro de Composição do BDI"},null,null,"Grau de Sigilo"]
["Construção e Reforma de Edifícios","AC",{"$f":"CONCATENATE(A2,\"-\",B2)","v":"Construção e Reforma de Edifícios-AC"},null,0.03,0.04,5.5E-2,null,null,null,null,null,null,null,null,null,null,"#PUBLICO"]
[{"$f":"A2","v":"Construção e Reforma de Edifícios"},"SG","Construção e Reforma de Edifícios-SG",null,8.0000000000000002E-3,8.0000000000000002E-3,0.01]
[{"$f":"A3","v":"Construção e Reforma de Edifícios"},"R","Construção e Reforma de Edifícios-R",null,9.7000000000000003E-3,1.2699999999999999E-2,1.2699999999999999E-2,null,null,"Nº OPERAÇÃO",null,"Nº SICONV",null,"PROPONENTE / TOMADOR"]
[{"$f":"A4","v":"Construção e Reforma de Edifícios"},"DF","Construção e Reforma de Edifícios-DF",null,5.8999999999999999E-3,1.23E-2,1.3899999999999999E-2,null,null,{"$f":"Import.CR","v":0},null,{"$f":"Import.SICONV","v":0},null,{"$f":"Import.Proponente","v":"PREFEITURA MUNICIPAL DE IBICARÉ"}]
[{"$f":"A5","v":"Construção e Reforma de Edifícios"},"L","Construção e Reforma de Edifícios-L",null,6.1600000000000002E-2,7.400000000000001E-2,8.9600000000000013E-2,null,"FILTRO"]
[{"$f":"A6","v":"Construção e Reforma de Edifícios"},"BDI PAD","Construção e Reforma de Edifícios-BDI PAD",null,0.2034,0.22120000000000001,0.25,null,null,"APELIDO DO EMPREENDIMENTO / DESCRIÇÃO DO LOTE"]
["Construção de Praças Urbanas, Rodovias, Ferrovias e recapeamento e pavimentação de vias urbanas","AC","Construção de Praças Urbanas, Rodovias, Ferrovias e recapeamento e pavimentação de vias urbanas-AC",null,3.7999999999999999E-2,4.0099999999999997E-2,4.6699999999999998E-2,null,null,{"$f":"Import.Apelido&\" / \"&Import.DescLote","v":"PAVIMENTAÇÃO DE RUAS E ACESSOS DIVERSOS EM CONCRETO / PAVIMENTAÇÃO DE RUAS E ACESSOS DIVERSOS EM CONCRETO"}]
["Construção de Praças Urbanas, Rodovias, Ferrovias e recapeamento e pavimentação de vias urbanas","SG","Construção de Praças Urbanas, Rodovias, Ferrovias e recapeamento e pavimentação de vias urbanas-SG",null,3.2000000000000002E-3,4.0000000000000001E-3,7.4000000000000003E-3]
["Construção de Praças Urbanas, Rodovias, Ferrovias e recapeamento e pavimentação de vias urbanas","R","Construção de Praças Urbanas, Rodovias, Ferrovias e recapeamento e pavimentação de vias urbanas-R",null,5.0000000000000001E-3,5.6000000000000008E-3,9.7000000000000003E-3,null,null,"Conforme legislação tributária municipal, definir estimativa de percentual da base de cálculo para o ISS:",null,null,null,null,null,null,null,1]
["Construção de Praças Urbanas, Rodovias, Ferrovias e recapeamento e pavimentação de vias urbanas","DF","Construção de Praças Urbanas, Rodovias, Ferrovias e recapeamento e pavimentação de vias urbanas-DF",null,1.0200000000000001E-2,1.11E-2,1.21E-2,null,"↓","Sobre a base de cálculo, definir a respectiva alíquota do ISS (entre 2% e 5%):",null,null,null,null,null,null,null,0.03]
["Construção de Praças Urbanas, Rodovias, Ferrovias e recapeamento e pavimentação de vias urbanas","L","Construção de Praças Urbanas, Rodovias, Ferrovias e recapeamento e pavimentação de vias urbanas-L",null,6.6400000000000001E-2,7.2999999999999995E-2,8.6899999999999991E-2,null,"F"]
["Construção de Praças Urbanas, Rodovias, Ferrovias e recapeamento e pavimentação de vias urbanas","BDI PAD","Construção de Praças Urbanas, Rodovias, Ferrovias e recapeamento e pavimentação de vias urbanas-BDI PAD",null,0.19600000000000001,0.2097,0.24230000000000002,null,"F"]
["Construção de Redes de Abastecimento de Água, Coleta de Esgoto","AC","Construção de Redes de Abastecimento de Água, Coleta de Esgoto-AC",null,3.4300000000000004E-2,4.9299999999999997E-2,6.7099999999999993E-2,null,"F","BDI 1"]
[{"$f":"A14","v":"Construção de Redes de Abastecimento de Água, Coleta de Esgoto"},"SG","Construção de Redes de Abastecimento de Água, Coleta de Esgoto-SG",null,2.8000000000000004E-3,4.8999999999999998E-3,7.4999999999999997E-3,null,"F"]
[{"$f":"A15","v":"Construção de Redes de Abastecimento de Água, Coleta de Esgoto"},"R","Construção de Redes de Abastecimento de Água, Coleta de Esgoto-R",null,0.01,1.3899999999999999E-2,1.7399999999999999E-2,null,"F","TIPO DE OBRA"]
[{"$f":"A16","v":"Construção de Redes de Abastecimento de Água, Coleta de Esgoto"},"DF","Construção de Redes de Abastecimento de Água, Coleta de Esgoto-DF",null,9.3999999999999986E-3,9.8999999999999991E-3,1.1699999999999999E-2,null,"F","Construção de Praças Urbanas, Rodovias, Ferrovias e recapeamento e pavimentação de vias urbanas"]
[{"$f":"A17","v":"Construção de Redes de Abastecimento de Água, Coleta de Esgoto"},"L","Construção de Redes de Abastecimento de Água, Coleta de Esgoto-L",null,6.7400000000000002E-2,8.0399999999999985E-2,9.4E-2,null,"F"]
[{"$f":"A18","v":"Construção de Redes de Abastecimento de Água, Coleta de Esgoto"},"BDI PAD","Construção de Redes de Abastecimento de Água, Coleta de Esgoto-BDI PAD",null,0.20760000000000001,0.24179999999999999,0.26440000000000002,null,"F","Itens",null,null,null,null,null,null,null,"Siglas","% Adotado",null,"Situação",null,null,"1º Quartil","Médio","3º Quartil"]
["Construção e Manutenção de Estações e Redes de Distribuição de Energia Elétrica","AC","Construção e Manutenção de Estações e Redes de Distribuição de Energia Elétrica-AC",null,5.2900000000000003E-2,5.9200000000000003E-2,7.9299999999999995E-2,null,"F"]
[{"$f":"A20","v":"Construção e Manutenção de Estações e Redes de Distribuição de Energia Elétrica"},"SG","Construção e Manutenção de Estações e Redes de Distribuição de Energia Elétrica-SG",null,2.5000000000000001E-3,5.1000000000000004E-3,5.6000000000000008E-3,null,"F",{"$f":"IF($J$17=$A$146,\"Encargos Sociais incidentes sobre a mão de obra\",\"Administração Central\")","v":"Administração Central"},null,null,null,null,null,null,null,{"$f":"IF($J17=$A$146,\"K1\",\"AC\")","v":"AC"},4.0099999999999997E-2,null,"-",null,null,{"$f":"VLOOKUP(CONCATENATE(J17,\"-\",R21),$C$2:$G$136,3,FALSE)","v":3.7999999999999999E-2},{"$f":"VLOOKUP(CONCATENATE(J17,\"-\",R21),$C$2:$G$136,4,FALSE)","v":4.0099999999999997E-2},{"$f":"VLOOKUP(CONCATENATE(J17,\"-\",R21),$C$2:$G$136,5,FALSE)","v":4.6699999999999998E-2}]
[{"$f":"A21","v":"Construção e Manutenção de Estações e Redes de Distribuição de Energia Elétrica"},"R","Construção e Manutenção de Estações e Redes de Distribuição de Energia Elétrica-R",null,0.01,1.4800000000000001E-2,1.9699999999999999E-2,null,"F",{"$f":"IF($J$17=$A$146,\"Administração Central da empresa ou consultoria - overhead\",\"Seguro e Garantia\")","v":"Seguro e Garantia"},null,null,null,null,null,null,null,{"$f":"IF($J17=$A$146,\"K2\",\"SG\")","v":"SG"},7.0000000000000001E-3,null,"-",null,null,{"$f":"VLOOKUP(CONCATENATE(J17,\"-\",R22),$C$2:$G$136,3,FALSE)","v":3.2000000000000002E-3},{"$f":"VLOOKUP(CONCATENATE(J17,\"-\",R22),$C$2:$G$136,4,FALSE)","v":4.0000000000000001E-3},{"$f":"VLOOKUP(CONCATENATE(J17,\"-\",R22),$C$2:$G$136,5,FALSE)","v":7.4000000000000003E-3}]
[{"$f":"A22","v":"Construção e Manutenção de Estações e Redes de Distribuição de Energia Elétrica"},"DF","Construção e Manutenção de Estações e Redes de Distribuição de Energia Elétrica-DF",null,1.01E-2,1.0700000000000001E-2,1.11E-2,null,"F",{"$f":"IF($J$17=$A$146,\"\",\"Risco\")","v":"Risco"},null,null,null,null,null,null,null,{"$f":"IF($J17=$A$146,\"\",\"R\")","v":"R"},8.0000000000000002E-3,null,"-",null,null,{"$f":"VLOOKUP(CONCATENATE(J17,\"-\",R23),$C$2:$G$136,3,FALSE)","v":5.0000000000000001E-3},{"$f":"VLOOKUP(CONCATENATE(J17,\"-\",R23),$C$2:$G$136,4,FALSE)","v":5.6000000000000008E-3},{"$f":"VLOOKUP(CONCATENATE(J17,\"-\",R23),$C$2:$G$136,5,FALSE)","v":9.7000000000000003E-3}]
[{"$f":"A23","v":"Construção e Manutenção de Estações e Redes de Distribuição de Energia Elétrica"},"L","Construção e Manutenção de Estações e Redes de Distribuição de Energia Elétrica-L",null,0.08,8.3100000000000007E-2,9.5100000000000004E-2,null,"F",{"$f":"IF($J$17=$A$146,\"\",\"Despesas Financeiras\")","v":"Despesas Financeiras"},null,null,null,null,null,null,null,{"$f":"IF($J17=$A$146,\"\",\"DF\")","v":"DF"},1.2E-2,null,"-",null,null,{"$f":"VLOOKUP(CONCATENATE(J17,\"-\",R24),$C$2:$G$136,3,FALSE)","v":1.0200000000000001E-2},{"$f":"VLOOKUP(CONCATENATE(J17,\"-\",R24),$C$2:$G$136,4,FALSE)","v":1.11E-2},{"$f":"VLOOKUP(CONCATENATE(J17,\"-\",R24),$C$2:$G$136,5,FALSE)","v":1.21E-2}]
[{"$f":"A24","v":"Construção e Manutenção de Estações e Redes de Distribuição de Energia Elétrica"},"BDI PAD","Construção e Manutenção de Estações e Redes de Distribuição de Energia Elétrica-BDI PAD",null,0.24,0.25840000000000002,0.27860000000000001,null,"F",{"$f":"IF($J$17=$A$146,\"Margem bruta da empresa de consultoria\",\"Lucro\")","v":"Lucro"},null,null,null,null,null,null,null,{"$f":"IF($J17=$A$146,\"K3\",\"L\")","v":"L"},0.08,null,"-",null,null,{"$f":"VLOOKUP(CONCATENATE(J17,\"-\",R25),$C$2:$G$136,3,FALSE)","v":6.6400000000000001E-2},{"$f":"VLOOKUP(CONCATENATE(J17,\"-\",R25),$C$2:$G$136,4,FALSE)","v":7.2999999999999995E-2},{"$f":"VLOOKUP(CONCATENATE(J17,\"-\",R25),$C$2:$G$136,5,FALSE)","v":8.6899999999999991E-2}]
["Obras Portuárias, Marítimas e Fluviais","AC","Obras Portuárias, Marítimas e Fluviais-AC",null,0.04,5.5199999999999999E-2,7.85E-2,null,"F","Tributos (impostos COFINS 3%, e  PIS 0,65%)",null,null,null,null,null,null,null,"CP",3.6499999999999998E-2,null,"-",null,null,3.6499999999999998E-2,3.6499999999999998E-2,3.6499999999999998E-2]
[{"$f":"A26","v":"Obras Portuárias, Marítimas e Fluviais"},"SG","Obras Portuárias, Marítimas e Fluviais-SG",null,8.1000000000000013E-3,1.2199999999999999E-2,1.9900000000000001E-2,null,"F","Tributos (ISS, variável de acordo com o município)",null,null,null,null,null,null,null,"ISS",{"$f":"IF(AND($J17<>$A$145,COUNTA(OFFSET(S20,1,0,6))>0),$R$11*$R$10,0)","v":0.03},null,"-",null,null,0,2.5000000000000001E-2,0.05]
[{"$f":"A27","v":"Obras Portuárias, Marítimas e Fluviais"},"R","Obras Portuárias, Marítimas e Fluviais-R",null,1.46E-2,2.3199999999999998E-2,3.1600000000000003E-2,null,"F","Tributos (Contribuição Previdenciária sobre a Receita Bruta - 0% ou 4,5% - Desoneração)",null,null,null,null,null,null,null,"CPRB",{"$f":"IF(BDI.Opcao<>\"Desonerado\",0,IF(AND($J17<>$A$145,COUNTA(OFFSET(S20,1,0,6))>0),4.5%,0%))","v":0},null,"-",null,null,0,4.4999999999999998E-2,4.4999999999999998E-2]
[{"$f":"A28","v":"Obras Portuárias, Marítimas e Fluviais"},"DF","Obras Portuárias, Marítimas e Fluviais-DF",null,9.3999999999999986E-3,1.0200000000000001E-2,1.3300000000000001E-2,null,"F","BDI SEM desoneração (Fórmula Acórdão TCU)",null,null,null,null,null,null,null,"BDI PAD",{"$f":"IF($J17=$A$145,0,ROUND((((1+S21+S22+S23)*(1+S24)*(1+S25)/(1-(S26+S27)))-1),4))","v":0.23530000000000001},null,{"$f":"IF(OR($J$17=$A$146,$J$17=$A$145,AND(S29>=X29,S29<=Z29)),\"OK\",\"FORA DO INTERVALO\")","v":"OK"},null,null,{"$f":"IF($J17=$A$145,0,VLOOKUP(CONCATENATE($J17,\"-\",$R29),$C$2:$G$136,3,FALSE))","v":0.19600000000000001},{"$f":"IF($J17=$A$145,0,VLOOKUP(CONCATENATE($J17,\"-\",$R29),$C$2:$G$136,4,FALSE))","v":0.2097},{"$f":"IF($J17=$A$145,0,VLOOKUP(CONCATENATE($J17,\"-\",$R29),$C$2:$G$136,5,FALSE))","v":0.24230000000000002}]
[{"$f":"A29","v":"Obras Portuárias, Marítimas e Fluviais"},"L","Obras Portuárias, Marítimas e Fluviais-L",null,7.1399999999999991E-2,8.4000000000000005E-2,0.1043,null,"F","BDI COM desoneração",null,null,null,null,null,null,null,"BDI DES",{"$f":"IF($J17=$A$145,0,ROUND((((1+S21+S22+S23)*(1+S24)*(1+S25)/(1-(S26+S27+S28)))-1),4))","v":0.23530000000000001}]
[{"$f":"A30","v":"Obras Portuárias, Marítimas e Fluviais"},"BDI PAD","Obras Portuárias, Marítimas e Fluviais-BDI PAD",null,0.22800000000000001,0.27479999999999999,0.3095,null,"F"]
["Fornecimento de Materiais e Equipamentos (aquisição indireta - em conjunto com licitação de obras)","AC","Fornecimento de Materiais e Equipamentos (aquisição indireta - em conjunto com licitação de obras)-AC",null,1.4999999999999999E-2,3.4500000000000003E-2,4.4900000000000002E-2,null,"F",{"$f":"IF(U29<>\"ok\",\"X\",\"\")","v":""},{"$f":"IF(U29<>\"ok\",\"Anexo: Relatório Técnico Circunstanciado justificando a adoção do percentual de cada parcela do BDI.\",\"\")","v":""}]
[{"$f":"A32","v":"Fornecimento de Materiais e Equipamentos (aquisição indireta - em conjunto com licitação de obras)"},"SG","Fornecimento de Materiais e Equipamentos (aquisição indireta - em conjunto com licitação de obras)-SG",null,3.0000000000000001E-3,4.7999999999999996E-3,8.199999999999999E-3,null,"F"]
[{"$f":"A33","v":"Fornecimento de Materiais e Equipamentos (aquisição indireta - em conjunto com licitação de obras)"},"R","Fornecimento de Materiais e Equipamentos (aquisição indireta - em conjunto com licitação de obras)-R",null,5.6000000000000008E-3,8.5000000000000006E-3,8.8999999999999999E-3,null,"F","Os valores de BDI foram calculados com o emprego da fórmula:"]
[{"$f":"A34","v":"Fornecimento de Materiais e Equipamentos (aquisição indireta - em conjunto com licitação de obras)"},"DF","Fornecimento de Materiais e Equipamentos (aquisição indireta - em conjunto com licitação de obras)-DF",null,8.5000000000000006E-3,8.5000000000000006E-3,1.11E-2,null,"F",null,null,null,"BDI =",{"$f":"IF($J17=$A$146,\"(1+K1+K2)*(1+K3)\",\"(1+AC + S + R + G)*(1 + DF)*(1+L)\")","v":"(1+AC + S + R + G)*(1 + DF)*(1+L)"},null,null," - 1"]
[{"$f":"A35","v":"Fornecimento de Materiais e Equipamentos (aquisição indireta - em conjunto com licitação de obras)"},"L","Fornecimento de Materiais e Equipamentos (aquisição indireta - em conjunto com licitação de obras)-L",null,3.5000000000000003E-2,5.1100000000000007E-2,6.2199999999999998E-2,null,"F",null,null,null,null,"(1-CP-ISS-CRPB)"]
[{"$f":"A36","v":"Fornecimento de Materiais e Equipamentos (aquisição indireta - em conjunto com licitação de obras)"},"BDI PAD","Fornecimento de Materiais e Equipamentos (aquisição indireta - em conjunto com licitação de obras)-BDI PAD",null,0.111,0.14019999999999999,0.16800000000000001,null,"F"]
["Fornecimento de Materiais e Equipamentos (aquisição direta)","AC","Fornecimento de Materiais e Equipamentos (aquisição direta)-AC",null,"-","-","-",null,"F",{"$f":"CONCATENATE(\"Declaro para os devidos fins que, conforme legislação tributária municipal, a base de cálculo deste tipo de obra corresponde à \",$R$10*100,\"%, com a respectiva alíquota de \",$R$11*100,\"%.\")","v":"Declaro para os devidos fins que, conforme legislação tributária municipal, a base de cálculo deste tipo de obra corresponde à 100%, com a respectiva alíquota de 3%."}]
["Fornecimento de Materiais e Equipamentos (aquisição direta)","SG","Fornecimento de Materiais e Equipamentos (aquisição direta)-SG",null,"-","-","-",null,"F"]
["Fornecimento de Materiais e Equipamentos (aquisição direta)","R","Fornecimento de Materiais e Equipamentos (aquisição direta)-R",null,"-","-","-",null,"F",{"$f":"CONCATENATE(\"Declaro para os devidos fins que o regime de Contribuição Previdenciária sobre a Receita Bruta adotado para elaboração do orçamento foi \",IF(DESONERACAO=\"Sim\",\"COM\",\"SEM\"),\" Desoneração, e que esta é a alternativa mais adequada para a Administração Pública.\")","v":"Declaro para os devidos fins que o regime de Contribuição Previdenciária sobre a Receita Bruta adotado para elaboração do orçamento foi SEM Desoneração, e que esta é a alternativa mais adequada para a Administração Pública."}]
["Fornecimento de Materiais e Equipamentos (aquisição direta)","DF","Fornecimento de Materiais e Equipamentos (aquisição direta)-DF",null,"-","-","-",null,"F"]
["Fornecimento de Materiais e Equipamentos (aquisição direta)","L","Fornecimento de Materiais e Equipamentos (aquisição direta)-L",null,"-","-","-",null,"F","Observações:"]
["Fornecimento de Materiais e Equipamentos (aquisição direta)","BDI PAD","Fornecimento de Materiais e Equipamentos (aquisição direta)-BDI PAD",null,"-","-","-",null,"F"]
["Estudos e Projetos, Planos e Gerenciamento e outros correlatos","K1","Estudos e Projetos, Planos e Gerenciamento e outros correlatos-K1",null,"-","-","-",null,"F"]
[{"$f":"A44","v":"Estudos e Projetos, Planos e Gerenciamento e outros correlatos"},"K2","Estudos e Projetos, Planos e Gerenciamento e outros correlatos-K2",null,"-",0.2,"-",null,"F",{"$f":"Import.Município","v":"IBICARÉ-SC"},null,null,null,null,null,{"$f":"DADOS!$F$25","v":"2023-10-18"}]
[{"$f":"A45","v":"Estudos e Projetos, Planos e Gerenciamento e outros correlatos"},null,"Estudos e Projetos, Planos e Gerenciamento e outros correlatos-",null,"-","-","-",null,"F","Local",null,null,null,null,null,"Data"]
[{"$f":"A46","v":"Estudos e Projetos, Planos e Gerenciamento e outros correlatos"},null,"Estudos e Projetos, Planos e Gerenciamento e outros correlatos-",null,"-","-","-",null,"F"]
[{"$f":"A47","v":"Estudos e Projetos, Planos e Gerenciamento e outros correlatos"},"K3","Estudos e Projetos, Planos e Gerenciamento e outros correlatos-K3",null,"-",0.12,"-",null,"F"]
[{"$f":"A48","v":"Estudos e Projetos, Planos e Gerenciamento e outros correlatos"},"BDI PAD","Estudos e Projetos, Planos e Gerenciamento e outros correlatos-BDI PAD",null,"-","-","-",null,"F","Responsável Técnico"]
[null,null,null,null,null,null,null,null,"F","Nome:",{"$f":"Import.RespOrçamento","v":"Max Mooshammer"}]
[null,null,null,null,null,null,null,null,"F","CREA/CAU:","139.164-0"]
[null,null,null,null,null,null,null,null,"F","ART/RRT:","8931106-3"]
[null,null,null,null,null,null,null,null,"F"]
[null,null,null,null,null,null,null,null,{"$f":"IF($S$69=0,\"\",\"F\")","v":""},"BDI 2"]
[null,null,null,null,null,null,null,null,{"$f":"IF($S$69=0,\"\",\"F\")","v":""}]
[null,null,null,null,null,null,null,null,"","TIPO DE OBRA"]
[null,null,null,null,null,null,null,null,"","(SELECIONAR)"]
[null,null,null,null,null,null,null,null,""]
[null,null,null,null,null,null,null,null,"","Itens",null,null,null,null,null,null,null,"Siglas","% Adotado",null,"Situação",null,null,"1º Quartil","Médio","3º Quartil"]
[null,null,null,null,null,null,null,null,""]
[null,null,null,null,null,null,null,null,"",{"$f":"IF($J$17=$A$146,\"Encargos Sociais incidentes sobre a mão de obra\",\"Administração Central\")","v":"Administração Central"},null,null,null,null,null,null,null,{"$f":"IF($J57=$A$146,\"K1\",\"AC\")","v":"AC"},null,null,"-",null,null,{"$f":"VLOOKUP(CONCATENATE(J57,\"-\",R61),$C$2:$G$136,3,FALSE)","v":{"$error":"#N/A"}},{"$f":"VLOOKUP(CONCATENATE(J57,\"-\",R61),$C$2:$G$136,4,FALSE)","v":{"$error":"#N/A"}},{"$f":"VLOOKUP(CONCATENATE(J57,\"-\",R61),$C$2:$G$136,5,FALSE)","v":{"$error":"#N/A"}}]
[null,null,null,null,null,null,null,null,"",{"$f":"IF($J$17=$A$146,\"Administração Central da empresa ou consultoria - overhead\",\"Seguro e Garantia\")","v":"Seguro e Garantia"},null,null,null,null,null,null,null,{"$f":"IF($J57=$A$146,\"K2\",\"SG\")","v":"SG"},null,null,"-",null,null,{"$f":"VLOOKUP(CONCATENATE(J57,\"-\",R62),$C$2:$G$136,3,FALSE)","v":{"$error":"#N/A"}},{"$f":"VLOOKUP(CONCATENATE(J57,\"-\",R62),$C$2:$G$136,4,FALSE)","v":{"$error":"#N/A"}},{"$f":"VLOOKUP(CONCATENATE(J57,\"-\",R62),$C$2:$G$136,5,FALSE)","v":{"$error":"#N/A"}}]
[null,null,null,null,null,null,null,null,"",{"$f":"IF($J$17=$A$146,\"\",\"Risco\")","v":"Risco"},null,null,null,null,null,null,null,{"$f":"IF($J57=$A$146,\"\",\"R\")","v":"R"},null,null,"-",null,null,{"$f":"VLOOKUP(CONCATENATE(J57,\"-\",R63),$C$2:$G$136,3,FALSE)","v":{"$error":"#N/A"}},{"$f":"VLOOKUP(CONCATENATE(J57,\"-\",R63),$C$2:$G$136,4,FALSE)","v":{"$error":"#N/A"}},{"$f":"VLOOKUP(CONCATENATE(J57,\"-\",R63),$C$2:$G$136,5,FALSE)","v":{"$error":"#N/A"}}]
[null,null,null,null,null,null,null,null,"",{"$f":"IF($J$17=$A$146,\"\",\"Despesas Financeiras\")","v":"Despesas Financeiras"},null,null,null,null,null,null,null,{"$f":"IF($J57=$A$146,\"\",\"DF\")","v":"DF"},null,null,"-",null,null,{"$f":"VLOOKUP(CONCATENATE(J57,\"-\",R64),$C$2:$G$136,3,FALSE)","v":{"$error":"#N/A"}},{"$f":"VLOOKUP(CONCATENATE(J57,\"-\",R64),$C$2:$G$136,4,FALSE)","v":{"$error":"#N/A"}},{"$f":"VLOOKUP(CONCATENATE(J57,\"-\",R64),$C$2:$G$136,5,FALSE)","v":{"$error":"#N/A"}}]
[null,null,null,null,null,null,null,null,"",{"$f":"IF($J$17=$A$146,\"Margem bruta da empresa de consultoria\",\"Lucro\")","v":"Lucro"},null,null,null,null,null,null,null,{"$f":"IF($J57=$A$146,\"K3\",\"L\")","v":"L"},null,null,"-",null,null,{"$f":"VLOOKUP(CONCATENATE(J57,\"-\",R65),$C$2:$G$136,3,FALSE)","v":{"$error":"#N/A"}},{"$f":"VLOOKUP(CONCATENATE(J57,\"-\",R65),$C$2:$G$136,4,FALSE)","v":{"$error":"#N/A"}},{"$f":"VLOOKUP(CONCATENATE(J57,\"-\",R65),$C$2:$G$136,5,FALSE)","v":{"$error":"#N/A"}}]
[null,null,null,null,null,null,null,null,"","Tributos (impostos COFINS 3%, e  PIS 0,65%)",null,null,null,null,null,null,null,"CP",null,null,"-",null,null,3.6499999999999998E-2,3.6499999999999998E-2,3.6499999999999998E-2]
[null,null,null,null,null,null,null,null,"","Tributos (ISS, variável de acordo com o município)",null,null,null,null,null,null,null,"ISS",{"$f":"IF(AND($J57<>$A$145,COUNTA(OFFSET(S60,1,0,6))>0),$R$11*$R$10,0)","v":0},null,"-",null,null,0,2.5000000000000001E-2,0.05]
[null,null,null,null,null,null,null,null,"","Tributos (Contribuição Previdenciária sobre a Receita Bruta - 0% ou 4,5% - Desoneração)",null,null,null,null,null,null,null,"CPRB",{"$f":"IF(BDI.Opcao<>\"Desonerado\",0,IF(AND($J57<>$A$145,COUNTA(OFFSET(S60,1,0,6))>0),4.5%,0%))","v":0},null,"-",null,null,0,4.4999999999999998E-2,4.4999999999999998E-2]
[null,null,null,null,null,null,null,null,"","BDI SEM desoneração (Fórmula Acórdão TCU)",null,null,null,null,null,null,null,"BDI PAD",{"$f":"IF($J57=$A$145,0,ROUND((((1+S61+S62+S63)*(1+S64)*(1+S65)/(1-(S66+S67)))-1),4))","v":0},null,{"$f":"IF(OR($J$17=$A$146,$J$17=$A$145,AND(S69>=X69,S69<=Z69)),\"OK\",\"FORA DO INTERVALO\")","v":{"$error":"#N/A"}},null,null,{"$f":"IF($J57=$A$145,0,VLOOKUP(CONCATENATE($J57,\"-\",$R69),$C$2:$G$136,3,FALSE))","v":{"$error":"#N/A"}},{"$f":"IF($J57=$A$145,0,VLOOKUP(CONCATENATE($J57,\"-\",$R69),$C$2:$G$136,4,FALSE))","v":{"$error":"#N/A"}},{"$f":"IF($J57=$A$145,0,VLOOKUP(CONCATENATE($J57,\"-\",$R69),$C$2:$G$136,5,FALSE))","v":{"$error":"#N/A"}}]
[null,null,null,null,null,null,null,null,"","BDI COM desoneração",null,null,null,null,null,null,null,"BDI DES",{"$f":"IF($J57=$A$145,0,ROUND((((1+S61+S62+S63)*(1+S64)*(1+S65)/(1-(S66+S67+S68)))-1),4))","v":0}]
[null,null,null,null,null,null,null,null,""]
[null,null,null,null,null,null,null,null,"",{"$f":"IF(U69<>\"ok\",\"X\",\"\")","v":{"$error":"#N/A"}},{"$f":"IF(U69<>\"ok\",\"Anexo: Relatório Técnico Circunstanciado justificando a adoção do percentual de cada parcela do BDI.\",\"\")","v":{"$error":"#N/A"}}]
[null,null,null,null,null,null,null,null,""]
[null,null,null,null,null,null,null,null,"","Os valores de BDI foram calculados com o emprego da fórmula:"]
[null,null,null,null,null,null,null,null,"",null,null,null,"BDI =",{"$f":"IF($J57=$A$146,\"(1+K1+K2)*(1+K3)\",\"(1+AC + S + R + G)*(1 + DF)*(1+L)\")","v":"(1+AC + S + R + G)*(1 + DF)*(1+L)"},null,null," - 1"]
[null,null,null,null,null,null,null,null,"",null,null,null,null,"(1-CP-ISS-CRPB)"]
[null,null,null,null,null,null,null,null,""]
[null,null,null,null,null,null,null,null,"",{"$f":"CONCATENATE(\"Declaro para os devidos fins que, conforme legislação tributária municipal, a base de cálculo deste tipo de obra corresponde à \",$R$10*100,\"%, com a respectiva alíquota de \",$R$11*100,\"%.\")","v":"Declaro para os devidos fins que, conforme legislação tributária municipal, a base de cálculo deste tipo de obra corresponde à 100%, com a respectiva alíquota de 3%."}]
[null,null,null,null,null,null,null,null,""]
[null,null,null,null,null,null,null,null,"",{"$f":"CONCATENATE(\"Declaro para os devidos fins que o regime de Contribuição Previdenciária sobre a Receita Bruta adotado para elaboração do orçamento foi \",IF(DESONERACAO=\"Sim\",\"COM\",\"SEM\"),\" Desoneração, e que esta é a alternativa mais adequada para a Administração Pública.\")","v":"Declaro para os devidos fins que o regime de Contribuição Previdenciária sobre a Receita Bruta adotado para elaboração do orçamento foi SEM Desoneração, e que esta é a alternativa mais adequada para a Administração Pública."}]
[null,null,null,null,null,null,null,null,""]
[null,null,null,null,null,null,null,null,"","Observações:"]
[null,null,null,null,null,null,null,null,""]
[null,null,null,null,null,null,null,null,""]
[null,null,null,null,null,null,null,null,"",{"$f":"Import.Município","v":"IBICARÉ-SC"},null,null,null,null,null,{"$f":"DADOS!$F$25","v":"2023-10-18"}]
[null,null,null,null,null,null,null,null,"","Local",null,null,null,null,null,"Data"]
[null,null,null,null,null,null,null,null,""]
[null,null,null,null,null,null,null,null,""]
[null,null,null,null,null,null,null,null,"","Responsável Técnico"]
[null,null,null,null,null,null,null,null,"","Nome:",{"$f":"Import.RespOrçamento","v":"Max Mooshammer"}]
[null,null,null,null,null,null,null,null,"","CREA/CAU:","139.164-0"]
[null,null,null,null,null,null,null,null,"","ART/RRT:","8931106-3"]
[null,null,null,null,null,null,null,null,""]
[null,null,null,null,null,null,null,null,{"$f":"IF($S$109=0,\"\",\"F\")","v":""},"BDI 3"]
[null,null,null,null,null,null,null,null,{"$f":"IF($S$109=0,\"\",\"F\")","v":""}]
[null,null,null,null,null,null,null,null,"","TIPO DE OBRA"]
[null,null,null,null,null,null,null,null,"","(SELECIONAR)"]
[null,null,null,null,null,null,null,null,""]
[null,null,null,null,null,null,null,null,"","Itens",null,null,null,null,null,null,null,"Siglas","% Adotado",null,"Situação",null,null,"1º Quartil","Médio","3º Quartil"]
[null,null,null,null,null,null,null,null,""]
[null,null,null,null,null,null,null,null,"",{"$f":"IF($J$17=$A$146,\"Encargos Sociais incidentes sobre a mão de obra\",\"Administração Central\")","v":"Administração Central"},null,null,null,null,null,null,null,{"$f":"IF($J97=$A$146,\"K1\",\"AC\")","v":"AC"},null,null,"-",null,null,{"$f":"VLOOKUP(CONCATENATE(J97,\"-\",R101),$C$2:$G$136,3,FALSE)","v":{"$error":"#N/A"}},{"$f":"VLOOKUP(CONCATENATE(J97,\"-\",R101),$C$2:$G$136,4,FALSE)","v":{"$error":"#N/A"}},{"$f":"VLOOKUP(CONCATENATE(J97,\"-\",R101),$C$2:$G$136,5,FALSE)","v":{"$error":"#N/A"}}]
[null,null,null,null,null,null,null,null,"",{"$f":"IF($J$17=$A$146,\"Administração Central da empresa ou consultoria - overhead\",\"Seguro e Garantia\")","v":"Seguro e Garantia"},null,null,null,null,null,null,null,{"$f":"IF($J97=$A$146,\"K2\",\"SG\")","v":"SG"},null,null,"-",null,null,{"$f":"VLOOKUP(CONCATENATE(J97,\"-\",R102),$C$2:$G$136,3,FALSE)","v":{"$error":"#N/A"}},{"$f":"VLOOKUP(CONCATENATE(J97,\"-\",R102),$C$2:$G$136,4,FALSE)","v":{"$error":"#N/A"}},{"$f":"VLOOKUP(CONCATENATE(J97,\"-\",R102),$C$2:$G$136,5,FALSE)","v":{"$error":"#N/A"}}]
[null,null,null,null,null,null,null,null,"",{"$f":"IF($J$17=$A$146,\"\",\"Risco\")","v":"Risco"},null,null,null,null,null,null,null,{"$f":"IF($J97=$A$146,\"\",\"R\")","v":"R"},null,null,"-",null,null,{"$f":"VLOOKUP(CONCATENATE(J97,\"-\",R103),$C$2:$G$136,3,FALSE)","v":{"$error":"#N/A"}},{"$f":"VLOOKUP(CONCATENATE(J97,\"-\",R103),$C$2:$G$136,4,FALSE)","v":{"$error":"#N/A"}},{"$f":"VLOOKUP(CONCATENATE(J97,\"-\",R103),$C$2:$G$136,5,FALSE)","v":{"$error":"#N/A"}}]
[null,null,null,null,null,null,null,null,"",{"$f":"IF($J$17=$A$146,\"\",\"Despesas Financeiras\")","v":"Despesas Financeiras"},null,null,null,null,null,null,null,{"$f":"IF($J97=$A$146,\"\",\"DF\")","v":"DF"},null,null,"-",null,null,{"$f":"VLOOKUP(CONCATENATE(J97,\"-\",R104),$C$2:$G$136,3,FALSE)","v":{"$error":"#N/A"}},{"$f":"VLOOKUP(CONCATENATE(J97,\"-\",R104),$C$2:$G$136,4,FALSE)","v":{"$error":"#N/A"}},{"$f":"VLOOKUP(CONCATENATE(J97,\"-\",R104),$C$2:$G$136,5,FALSE)","v":{"$error":"#N/A"}}]
[null,null,null,null,null,null,null,null,"",{"$f":"IF($J$17=$A$146,\"Margem bruta da empresa de consultoria\",\"Lucro\")","v":"Lucro"},null,null,null,null,null,null,null,{"$f":"IF($J97=$A$146,\"K3\",\"L\")","v":"L"},null,null,"-",null,null,{"$f":"VLOOKUP(CONCATENATE(J97,\"-\",R105),$C$2:$G$136,3,FALSE)","v":{"$error":"#N/A"}},{"$f":"VLOOKUP(CONCATENATE(J97,\"-\",R105),$C$2:$G$136,4,FALSE)","v":{"$error":"#N/A"}},{"$f":"VLOOKUP(CONCATENATE(J97,\"-\",R105),$C$2:$G$136,5,FALSE)","v":{"$error":"#N/A"}}]
[null,null,null,null,null,null,null,null,"","Tributos (impostos COFINS 3%, e  PIS 0,65%)",null,null,null,null,null,null,null,"CP",null,null,"-",null,null,3.6499999999999998E-2,3.6499999999999998E-2,3.6499999999999998E-2]
[null,null,null,null,null,null,null,null,"","Tributos (ISS, variável de acordo com o município)",null,null,null,null,null,null,null,"ISS",{"$f":"IF(AND($J97<>$A$145,COUNTA(OFFSET(S100,1,0,6))>0),$R$11*$R$10,0)","v":0},null,"-",null,null,0,2.5000000000000001E-2,0.05]
[null,null,null,null,null,null,null,null,"","Tributos (Contribuição Previdenciária sobre a Receita Bruta - 0% ou 4,5% - Desoneração)",null,null,null,null,null,null,null,"CPRB",{"$f":"IF(BDI.Opcao<>\"Desonerado\",0,IF(AND($J97<>$A$145,COUNTA(OFFSET(S100,1,0,6))>0),4.5%,0%))","v":0},null,"-",null,null,0,4.4999999999999998E-2,4.4999999999999998E-2]
[null,null,null,null,null,null,null,null,"","BDI SEM desoneração (Fórmula Acórdão TCU)",null,null,null,null,null,null,null,"BDI PAD",{"$f":"IF($J97=$A$145,0,ROUND((((1+S101+S102+S103)*(1+S104)*(1+S105)/(1-(S106+S107)))-1),4))","v":0},null,{"$f":"IF(OR($J$17=$A$146,$J$17=$A$145,AND(S109>=X109,S109<=Z109)),\"OK\",\"FORA DO INTERVALO\")","v":{"$error":"#N/A"}},null,null,{"$f":"IF($J97=$A$145,0,VLOOKUP(CONCATENATE($J97,\"-\",$R109),$C$2:$G$136,3,FALSE))","v":{"$error":"#N/A"}},{"$f":"IF($J97=$A$145,0,VLOOKUP(CONCATENATE($J97,\"-\",$R109),$C$2:$G$136,4,FALSE))","v":{"$error":"#N/A"}},{"$f":"IF($J97=$A$145,0,VLOOKUP(CONCATENATE($J97,\"-\",$R109),$C$2:$G$136,5,FALSE))","v":{"$error":"#N/A"}}]
[null,null,null,null,null,null,null,null,"","BDI COM desoneração",null,null,null,null,null,null,null,"BDI DES",{"$f":"IF($J97=$A$145,0,ROUND((((1+S101+S102+S103)*(1+S104)*(1+S105)/(1-(S106+S107+S108)))-1),4))","v":0}]
[null,null,null,null,null,null,null,null,""]
[null,null,null,null,null,null,null,null,"",{"$f":"IF(U109<>\"ok\",\"X\",\"\")","v":{"$error":"#N/A"}},{"$f":"IF(U109<>\"ok\",\"Anexo: Relatório Técnico Circunstanciado justificando a adoção do percentual de cada parcela do BDI.\",\"\")","v":{"$error":"#N/A"}}]
[null,null,null,null,null,null,null,null,""]
[null,null,null,null,null,null,null,null,"","Os valores de BDI foram calculados com o emprego da fórmula:"]
[null,null,null,null,null,null,null,null,"",null,null,null,"BDI =",{"$f":"IF($J97=$A$146,\"(1+K1+K2)*(1+K3)\",\"(1+AC + S + R + G)*(1 + DF)*(1+L)\")","v":"(1+AC + S + R + G)*(1 + DF)*(1+L)"},null,null," - 1"]
[null,null,null,null,null,null,null,null,"",null,null,null,null,"(1-CP-ISS-CRPB)"]
[null,null,null,null,null,null,null,null,""]
[null,null,null,null,null,null,null,null,"",{"$f":"CONCATENATE(\"Declaro para os devidos fins que, conforme legislação tributária municipal, a base de cálculo deste tipo de obra corresponde à \",$R$10*100,\"%, com a respectiva alíquota de \",$R$11*100,\"%.\")","v":"Declaro para os devidos fins que, conforme legislação tributária municipal, a base de cálculo deste tipo de obra corresponde à 100%, com a respectiva alíquota de 3%."}]
[null,null,null,null,null,null,null,null,""]
[null,null,null,null,null,null,null,null,"",{"$f":"CONCATENATE(\"Declaro para os devidos fins que o regime de Contribuição Previdenciária sobre a Receita Bruta adotado para elaboração do orçamento foi \",IF(DESONERACAO=\"Sim\",\"COM\",\"SEM\"),\" Desoneração, e que esta é a alternativa mais adequada para a Administração Pública.\")","v":"Declaro para os devidos fins que o regime de Contribuição Previdenciária sobre a Receita Bruta adotado para elaboração do orçamento foi SEM Desoneração, e que esta é a alternativa mais adequada para a Administração Pública."}]
[null,null,null,null,null,null,null,null,""]
[null,null,null,null,null,null,null,null,"","Observações:"]
[null,null,null,null,null,null,null,null,""]
[null,null,null,null,null,null,null,null,""]
[null,null,null,null,null,null,null,null,"",{"$f":"Import.Município","v":"IBICARÉ-SC"},null,null,null,null,null,{"$f":"DADOS!$F$25","v":"2023-10-18"}]
[null,null,null,null,null,null,null,null,"","Local",null,null,null,null,null,"Data"]
[null,null,null,null,null,null,null,null,""]
[null,null,null,null,null,null,null,null,""]
[null,null,null,null,null,null,null,null,"","Responsável Técnico"]
[null,null,null,null,null,null,null,null,"","Nome:",{"$f":"Import.RespOrçamento","v":"Max Mooshammer"}]
[null,null,null,null,null,null,null,null,"","CREA/CAU:","139.164-0"]
[null,null,null,null,null,null,null,null,"","ART/RRT:","8931106-3"]
[]
[]
[]
[]
[]
["(SELECIONAR)"]
["Construção e Reforma de Edifícios"]
["Construção de Praças Urbanas, Rodovias, Ferrovias e recapeamento e pavimentação de vias urbanas"]
["Construção de Redes de Abastecimento de Água, Coleta de Esgoto"]
["Construção e Manutenção de Estações e Redes de Distribuição de Energia Elétrica"]
["Obras Portuárias, Marítimas e Fluviais"]
["Fornecimento de Materiais e Equipamentos (aquisição indireta - em conjunto com licitação de obras)"]
["Fornecimento de Materiais e Equipamentos (aquisição direta)"]
["Estudos e Projetos, Planos e Gerenciamento e outros correlatos"]

{"sheet":"ORÇAMENTO","index":4,"n_rows":867,"n_cols":40,"rows_kept":867,"cut":false,"hidden":false,"merged":[[865,14,865,16],[14,14,14,17],[852,16,852,23],[855,14,857,23],[859,14,859,23],[862,14,862,16],[860,14,860,23],[3,14,3,15],[3,18,3,23],[4,14,4,15],[4,18,4,23],[7,5,7,10],[7,11,11,11],[7,14,7,15],[7,18,7,20],[8,5,8,10],[4,30,4,31],[6,14,6,15],[6,18,6,20],[6,37,10,37],[7,24,11,24],[7,25,11,25],[11,26,11,27],[6,35,10,35]]}
[null,null,null,null,null,null,null,null,null,null,null,null,null,null,null,null,null,"PO - PLANILHA ORÇAMENTÁRIA",null,null,null,null,null,"Grau de Sigilo"]
[null,null,null,"LOTE","Meta","Nível 2","Nível 3","Nível 4","Serviço",null,null,null,null,null,null,null,null,{"$f":"IF(TIPOORCAMENTO=\"licitado\",\"Orçamento Licitado\",\"Orçamento Base para Licitação\")&\" - \"&import.recurso","v":"Orçamento Base para Licitação - OGU"},null,null,null,null,null,"#PUBLICO"]
[]
["Nmax",null,null,null,null,"BDI 1","BDI 2","BDI 3",0,null,null,null,null,null,"Nº OPERAÇÃO",null,"Nº SICONV","PROPONENTE / TOMADOR","APELIDO DO EMPREENDIMENTO"]
[{"$f":"MAX($C$15:$C$850)","v":2},null,null,null,null,{"$f":"IF(BDI.Opcao=\"DESONERADO\",BDI!$S$30,BDI!$S$29)","v":0.23530000000000001},{"$f":"IF(BDI.Opcao=\"DESONERADO\",BDI!$S$70,BDI!$S$69)","v":0},{"$f":"IF(BDI.Opcao=\"DESONERADO\",BDI!$S$110,BDI!$S$109)","v":0},null,null,null,null,null,null,{"$f":"Import.CR","v":0},null,{"$f":"Import.SICONV","v":0},{"$f":"Import.Proponente","v":"PREFEITURA MUNICIPAL DE IBICARÉ"},{"$f":"Import.Apelido","v":"PAVIMENTAÇÃO DE RUAS E ACESSOS DIVERSOS EM CONCRETO"},null,null,null,null,null,null,null,null,null,null,null,"Arredondamento"]
[]
[null,null,null,null,null,null,null,null,null,null,null,null,null,null,"LOCALIDADE SINAPI",null,"DATA BASE",{"$f":"IF(TIPOORCAMENTO=\"Licitado\",\"NOME DA EMPRESA\",\"DESCRIÇÃO DO LOTE\")","v":"DESCRIÇÃO DO LOTE"},{"$f":"IF(TIPOORCAMENTO=\"Licitado\",\"REGIME DE EXECUÇÃO\",\"MUNICÍPIO / UF\")","v":"MUNICÍPIO / UF"},null,null,{"$f":"IF(TIPOORCAMENTO=\"Licitado\",\"\",\"BDI 1\")","v":"BDI 1"},{"$f":"IF(TIPOORCAMENTO=\"Licitado\",\"\",\"BDI 2\")","v":"BDI 2"},{"$f":"IF(TIPOORCAMENTO=\"Licitado\",\"Nº CTEF\",\"BDI 3\")","v":"BDI 3"},null,null,null,null,null,null,"Quantidade",true,null,null,null,"QUANTIDADES: ACOMP. POR BM",null,"PREÇO UNITÁRIO LICITADO"]
[null,null,null,null,null,{"$f":"IF(LEN(INFO(\"release\"))>5,\"'Referência \"&Excel_BuiltIn_Database&\".xls'#Banco.$a5:$a$65536\",\"'[Referência \"&Excel_BuiltIn_Database&\".xls]Banco'!$a5:$a$65536\")","v":"'[Referência 06-2023.xls]Banco'!$a5:$a$65536"},null,null,null,null,null,"FILTRO",null,null,{"$f":"IF(ISERROR(INDIRECT($F$9)),\"(N/D: 'Referência \"&Excel_BuiltIn_Database&\".xls)\",INDIRECT($F$9))","v":"(N/D: 'Referência 06-2023.xls)"},null,{"$f":"TEXT(Import.DataBase,\"mm-aa\")&IF(DESONERACAO=\"Sim\",\" (DES.)\",\" (N DES.)\")","v":"06-23 (N DES.)"},{"$f":"IF(TIPOORCAMENTO=\"Licitado\",Import.empresa,Import.DescLote)","v":"PAVIMENTAÇÃO DE RUAS E ACESSOS DIVERSOS EM CONCRETO"},{"$f":"IF(TIPOORCAMENTO=\"Licitado\",Import.RegimeExecução,Import.Município)","v":"IBICARÉ-SC"},null,null,{"$f":"IF(TIPOORCAMENTO=\"Licitado\",\"\",TEXT(F5,\"0,00%\"))","v":"23,53%"},{"$f":"IF(TIPOORCAMENTO=\"Licitado\",\"\",TEXT(G5,\"0,00%\"))","v":"0,00%"},{"$f":"IF(TIPOORCAMENTO=\"Licitado\",Import.CTEF,TEXT(H5,\"0,00%\"))","v":"0,00%"},"RECURSO","SGL RECURSO",null,null,null,null,"Custo Unitáro",true]
[null,null,null,null,null,{"$f":"IF(LEN(INFO(\"release\"))>5,\"'Referência \"&Excel_BuiltIn_Database&\".xls'#Banco.$d$3\",\"'[Referência \"&Excel_BuiltIn_Database&\".xls]Banco'!$d$3\")","v":"'[Referência 06-2023.xls]Banco'!$d$3"},null,null,null,null,null,null,null,null,null,null,null,null,null,null,null,null,null,null,null,null,null,null,null,null,"BDI",true]
[null,null,null,null,null,null,null,null,null,null,null,null,null,null,null,null,null,null,null,null,null,null,null,null,null,null,null,null,"ERRO GERAL",null,"Preço Unitário",true]
[null,null,null,null,null,null,null,null,null,null,null,null,null,null,null,null,null,null,null,null,null,null,null,null,null,null,null,null,{"$f":"IF(COUNTIF($AC$15:OFFSET($AC$850,-1,0),\"DESCRIÇÃO\")+COUNTIF($AC$15:OFFSET($AC$850,-1,0),\"UNIDADE\")+COUNTIF($AC$15:OFFSET($AC$850,-1,0),\"SEM VALOR\")>0,\"NÃO OK\",\"OK\")","v":"OK"},null,"Preço Total",true]
[null,null,null,null,null,null,null,null,null,null,null,null,null,null,null,null,null,null,null,null,null,null,null,null,null,null,"Valores não Arredondados",null,null,null,null,null,null,null,null,"↓",null,"↓"]
["Nível E","Save Nivel","Nível C","Altura","n1","n2","n3","n4","n5","Czero","Cnível","↓","Nível","Nível Corrigido","Item","Fonte","Código","Descrição","Unidade","Quantidade",{"$f":"IF(TIPOORCAMENTO=\"Licitado\",\"\",\"Custo Unitário (sem BDI) (R$)\")","v":"Custo Unitário (sem BDI) (R$)"},{"$f":"IF(TIPOORCAMENTO=\"Licitado\",\"\",\"BDI\n(%)\")","v":"BDI\n(%)"},"Preço Unitário (com BDI) (R$)","Preço Total\n(R$)","↓","↓","Contrapartida (R$)","Outros (R$)","Erro de Dados","Lista Crono","Concatenação Fonte-Código","BancoDesloc","Custo Unitário Referência (R$)",{"$f":"IF(TIPOORCAMENTO=\"LICITADO\",\"Valor BDI Edital\",\"Valor BDI\")","v":"Valor BDI"},null,"Quantidade",null,"Preço Unitário (com BDI) (R$)","Preço Total\nLicit. (R$)","Preço Unitário Edital (R$)"]
[{"$f":"CHOOSE(1+LOG(1+2*(ORÇAMENTO.Nivel=\"Meta\")+4*(ORÇAMENTO.Nivel=\"Nível 2\")+8*(ORÇAMENTO.Nivel=\"Nível 3\")+16*(ORÇAMENTO.Nivel=\"Nível 4\")+32*(ORÇAMENTO.Nivel=\"Serviço\"),2),0,1,2,3,4,\"S\")","v":"S"},{"$f":"IF(OR(C14=\"s\",C14=0),OFFSET(B14,-1,0),C14)","v":"Save Nivel"},{"$f":"IF(OFFSET(C14,-1,0)=\"L\",1,IF(OFFSET(C14,-1,0)=1,2,IF(OR(A14=\"s\",A14=0),\"S\",IF(AND(OFFSET(C14,-1,0)=2,A14=4),3,IF(AND(OR(OFFSET(C14,-1,0)=\"s\",OFFSET(C14,-1,0)=0),A14<>\"s\",A14>OFFSET(B14,-1,0)),OFFSET(B14,-1,0),A14)))))","v":"S"},{"$f":"IF(OR(C14=\"S\",C14=0),0,IF(ISERROR(K14),J14,SMALL(J14:K14,1)))","v":0},{"$f":"IF($C14=1,OFFSET(E14,-1,0)+MAX(1,COUNTIF(QCI!$A$13:$A$32,OFFSET(ORÇAMENTO!E14,-1,0))),OFFSET(E14,-1,0))","v":"n1"},{"$f":"IF($C14=1,0,IF($C14=2,OFFSET(F14,-1,0)+1,OFFSET(F14,-1,0)))","v":"n2"},{"$f":"IF(AND($C14<=2,$C14<>0),0,IF($C14=3,OFFSET(G14,-1,0)+1,OFFSET(G14,-1,0)))","v":"n3"},{"$f":"IF(AND($C14<=3,$C14<>0),0,IF($C14=4,OFFSET(H14,-1,0)+1,OFFSET(H14,-1,0)))","v":"n4"},{"$f":"IF(AND($C14<=4,$C14<>0),0,IF(AND($C14=\"S\",$X14>0),OFFSET(I14,-1,0)+1,OFFSET(I14,-1,0)))","v":"n5"},{"$f":"IF(OR($C14=\"S\",$C14=0),0,MATCH(0,OFFSET($D14,1,$C14,ROW($C$850)-ROW($C14)),0))","v":0},{"$f":"IF(OR($C14=\"S\",$C14=0),0,MATCH(OFFSET($D14,0,$C14)+IF($C14<>1,1,COUNTIF(QCI!$A$13:$A$32,ORÇAMENTO!E14)),OFFSET($D14,1,$C14,ROW($C$850)-ROW($C14)),0))","v":0},{"$f":"IF(OR($X14>0,$C14=1,$C14=2,$C14=3,$C14=4),\"F\",\"\")","v":""},"Serviço",{"$f":"CHOOSE(1+LOG(1+2*(C14=1)+4*(C14=2)+8*(C14=3)+16*(C14=4)+32*(C14=\"S\"),2),\"\",\"Meta\",\"Nível 2\",\"Nível 3\",\"Nível 4\",\"Serviço\")","v":"Serviço"},{"$f":"IF(OR($C14=0,$L14=\"\"),\"-\",CONCATENATE(E14&\".\",IF(AND($A$5>=2,$C14>=2),F14&\".\",\"\"),IF(AND($A$5>=3,$C14>=3),G14&\".\",\"\"),IF(AND($A$5>=4,$C14>=4),H14&\".\",\"\"),IF($C14=\"S\",I14&\".\",\"\")))","v":"-"},"SINAPI",null,{"$f":"IF($C14=\"S\",REFERENCIA.Descricao,\"(digite a descrição aqui)\")","v":"(abra o arquivo 'Referência 06-2023.xls)"},{"$f":"REFERENCIA.Unidade","v":"-"},{"$f":"OFFSET(CÁLCULO!H$15,ROW($T14)-ROW(T$15),0)","v":0},null,"BDI 1",{"$f":"IF($C14=\"S\",ROUND(IF(TIPOORCAMENTO=\"Proposto\",ORÇAMENTO.CustoUnitario*(1+$AH14),ORÇAMENTO.PrecoUnitarioLicitado),15-13*$AF$10),0)","v":0},{"$f":"IF($C14=\"S\",VTOTAL1,IF($C14=0,0,ROUND(SomaAgrup,15-13*$AF$11)))","v":0},"RA",{"$f":"IF(AND($C14=\"S\",$X14>0),IF(ISBLANK($Y14),\"RA\",LEFT($Y14,2)),\"\")","v":""},{"$f":"IF($C14=\"S\",IF($Z14=\"CP\",$X14,IF($Z14=\"RA\",(($X14)*QCI!$AA$3),0)),SomaAgrup)","v":0},{"$f":"IF($C14=\"S\",IF($Z14=\"OU\",ROUND($X14,2),0),SomaAgrup)","v":0},{"$f":"IF($N14=\"\",\"\",IF(ORÇAMENTO.Descricao=\"\",\"DESCRIÇÃO\",IF(AND($C14=\"S\",ORÇAMENTO.Unidade=\"\"),\"UNIDADE\",IF($X14<0,\"VALOR NEGATIVO\",IF(OR(AND(TIPOORCAMENTO=\"Proposto\",$AG14<>\"\",$AG14>0,ORÇAMENTO.CustoUnitario>$AG14),AND(TIPOORCAMENTO=\"LICITADO\",ORÇAMENTO.PrecoUnitarioLicitado>$AN14)),\"ACIMA REF.\",\"\")))))","v":""},{"$f":"IF(C14<=CRONO.NivelExibicao,MAX($AD$15:OFFSET(AD14,-1,0))+IF($C14<>1,1,MAX(1,COUNTIF(QCI!$A$13:$A$32,OFFSET($E14,-1,0)))),\"\")","v":""},{"$f":"IF(AND($C14=\"S\",ORÇAMENTO.CodBarra<>\"\"),IF(ORÇAMENTO.Fonte=\"\",ORÇAMENTO.CodBarra,CONCATENATE(ORÇAMENTO.Fonte,\" \",ORÇAMENTO.CodBarra)))","v":false},{"$f":"IF(ISERROR(INDIRECT(ORÇAMENTO.BancoRef)),\"(abra o arquivo 'Referência \"&Excel_BuiltIn_Database&\".xls)\",IF(OR($C14<>\"S\",ORÇAMENTO.CodBarra=\"\"),\"(Sem Código)\",IF(ISERROR(MATCH($AE14,INDIRECT(ORÇAMENTO.BancoRef),0)),\"(Código não identificado nas referências)\",MATCH($AE14,INDIRECT(ORÇAMENTO.BancoRef),0))))","v":"(abra o arquivo 'Referência 06-2023.xls)"},{"$f":"ROUND(IF(DESONERACAO=\"sim\",REFERENCIA.Desonerado,REFERENCIA.NaoDesonerado),2)","v":0},{"$f":"ROUND(IF(ISNUMBER(ORÇAMENTO.OpcaoBDI),ORÇAMENTO.OpcaoBDI,IF(LEFT(ORÇAMENTO.OpcaoBDI,3)=\"BDI\",HLOOKUP(ORÇAMENTO.OpcaoBDI,$F$4:$H$5,2,FALSE),0)),15-11*$AF$9)","v":0.23530000000000001},null,null,null,null,{"$f":"$X14","v":0},{"$f":"ROUND(ORÇAMENTO.CustoUnitario*(1+$AH14),2)","v":0}]
[0,null,"L",{"$f":"COUNTA(OFFSET(D15,1,0):D$850)","v":834},0,null,null,null,null,null,null,"F",{"$f":"IF(TIPOORCAMENTO=\"LICITADO\",\"CTEF\",\"LOTE\")","v":"LOTE"},{"$f":"IF(TIPOORCAMENTO=\"LICITADO\",\"CTEF\",\"LOTE\")","v":"LOTE"},{"$f":"Import.DescLote","v":"PAVIMENTAÇÃO DE RUAS E ACESSOS DIVERSOS EM CONCRETO"},null,null,null,null,null,null,null,null,{"$f":"SUMIF(OFFSET($C15,1,0,ROW(X850)-ROW(X15)-1),\"S\",OFFSET(X15,1,0,ROW(X850)-ROW(X15)-1))","v":5032401.9800000023},null,{"$f":"IF(AND($C15=\"S\",$X15>0),LEFT($Y15,2),\"\")","v":""},{"$f":"SUMIF(OFFSET($C15,1,0,ROW(AA850)-ROW(AA15)-1),\"S\",OFFSET(AA15,1,0,ROW(AA850)-ROW(AA15)-1))","v":5032401.9800000023},{"$f":"SUMIF(OFFSET($C15,1,0,ROW(AB850)-ROW(AB15)-1),\"S\",OFFSET(AB15,1,0,ROW(AB850)-ROW(AB15)-1))","v":0},null,null,null,null,null,null,null,null,null,null,5032401.9800000023]
[{"$f":"CHOOSE(1+LOG(1+2*(ORÇAMENTO.Nivel=\"Meta\")+4*(ORÇAMENTO.Nivel=\"Nível 2\")+8*(ORÇAMENTO.Nivel=\"Nível 3\")+16*(ORÇAMENTO.Nivel=\"Nível 4\")+32*(ORÇAMENTO.Nivel=\"Serviço\"),2),0,1,2,3,4,\"S\")","v":1},{"$f":"IF(OR(C16=\"s\",C16=0),OFFSET(B16,-1,0),C16)","v":1},{"$f":"IF(OFFSET(C16,-1,0)=\"L\",1,IF(OFFSET(C16,-1,0)=1,2,IF(OR(A16=\"s\",A16=0),\"S\",IF(AND(OFFSET(C16,-1,0)=2,A16=4),3,IF(AND(OR(OFFSET(C16,-1,0)=\"s\",OFFSET(C16,-1,0)=0),A16<>\"s\",A16>OFFSET(B16,-1,0)),OFFSET(B16,-1,0),A16)))))","v":1},{"$f":"IF(OR(C16=\"S\",C16=0),0,IF(ISERROR(K16),J16,SMALL(J16:K16,1)))","v":48},{"$f":"IF($C16=1,OFFSET(E16,-1,0)+MAX(1,COUNTIF(QCI!$A$13:$A$32,OFFSET(ORÇAMENTO!E16,-1,0))),OFFSET(E16,-1,0))","v":1},{"$f":"IF($C16=1,0,IF($C16=2,OFFSET(F16,-1,0)+1,OFFSET(F16,-1,0)))","v":0},{"$f":"IF(AND($C16<=2,$C16<>0),0,IF($C16=3,OFFSET(G16,-1,0)+1,OFFSET(G16,-1,0)))","v":0},{"$f":"IF(AND($C16<=3,$C16<>0),0,IF($C16=4,OFFSET(H16,-1,0)+1,OFFSET(H16,-1,0)))","v":0},{"$f":"IF(AND($C16<=4,$C16<>0),0,IF(AND($C16=\"S\",$X16>0),OFFSET(I16,-1,0)+1,OFFSET(I16,-1,0)))","v":0},{"$f":"IF(OR($C16=\"S\",$C16=0),0,MATCH(0,OFFSET($D16,1,$C16,ROW($C$850)-ROW($C16)),0))","v":834},{"$f":"IF(OR($C16=\"S\",$C16=0),0,MATCH(OFFSET($D16,0,$C16)+IF($C16<>1,1,COUNTIF(QCI!$A$13:$A$32,ORÇAMENTO!E16)),OFFSET($D16,1,$C16,ROW($C$850)-ROW($C16)),0))","v":48},{"$f":"IF(OR($X16>0,$C16=1,$C16=2,$C16=3,$C16=4),\"F\",\"\")","v":"F"},"Meta",{"$f":"CHOOSE(1+LOG(1+2*(C16=1)+4*(C16=2)+8*(C16=3)+16*(C16=4)+32*(C16=\"S\"),2),\"\",\"Meta\",\"Nível 2\",\"Nível 3\",\"Nível 4\",\"Serviço\")","v":"Meta"},{"$f":"IF(OR($C16=0,$L16=\"\"),\"-\",CONCATENATE(E16&\".\",IF(AND($A$5>=2,$C16>=2),F16&\".\",\"\"),IF(AND($A$5>=3,$C16>=3),G16&\".\",\"\"),IF(AND($A$5>=4,$C16>=4),H16&\".\",\"\"),IF($C16=\"S\",I16&\".\",\"\")))","v":"1."},"SINAPI",null,"ACESSO AO CENTRO DE IDOSOS","-",{"$f":"OFFSET(CÁLCULO!H$15,ROW($T16)-ROW(T$15),0)","v":0},null,"BDI 1",{"$f":"IF($C16=\"S\",ROUND(IF(TIPOORCAMENTO=\"Proposto\",ORÇAMENTO.CustoUnitario*(1+$AH16),ORÇAMENTO.PrecoUnitarioLicitado),15-13*$AF$10),0)","v":0},{"$f":"IF($C16=\"S\",VTOTAL1,IF($C16=0,0,ROUND(SomaAgrup,15-13*$AF$11)))","v":125500.16},"RA",{"$f":"IF(AND($C16=\"S\",$X16>0),IF(ISBLANK($Y16),\"RA\",LEFT($Y16,2)),\"\")","v":""},{"$f":"IF($C16=\"S\",IF($Z16=\"CP\",$X16,IF($Z16=\"RA\",(($X16)*QCI!$AA$3),0)),SomaAgrup)","v":125500.16},{"$f":"IF($C16=\"S\",IF($Z16=\"OU\",ROUND($X16,2),0),SomaAgrup)","v":0},{"$f":"IF($N16=\"\",\"\",IF(ORÇAMENTO.Descricao=\"\",\"DESCRIÇÃO\",IF(AND($C16=\"S\",ORÇAMENTO.Unidade=\"\"),\"UNIDADE\",IF($X16<0,\"VALOR NEGATIVO\",IF(OR(AND(TIPOORCAMENTO=\"Proposto\",$AG16<>\"\",$AG16>0,ORÇAMENTO.CustoUnitario>$AG16),AND(TIPOORCAMENTO=\"LICITADO\",ORÇAMENTO.PrecoUnitarioLicitado>$AN16)),\"ACIMA REF.\",\"\")))))","v":""},{"$f":"IF(C16<=CRONO.NivelExibicao,MAX($AD$15:OFFSET(AD16,-1,0))+IF($C16<>1,1,MAX(1,COUNTIF(QCI!$A$13:$A$32,OFFSET($E16,-1,0)))),\"\")","v":1},{"$f":"IF(AND($C16=\"S\",ORÇAMENTO.CodBarra<>\"\"),IF(ORÇAMENTO.Fonte=\"\",ORÇAMENTO.CodBarra,CONCATENATE(ORÇAMENTO.Fonte,\" \",ORÇAMENTO.CodBarra)))","v":false},{"$f":"IF(ISERROR(INDIRECT(ORÇAMENTO.BancoRef)),\"(abra o arquivo 'Referência \"&Excel_BuiltIn_Database&\".xls)\",IF(OR($C16<>\"S\",ORÇAMENTO.CodBarra=\"\"),\"(Sem Código)\",IF(ISERROR(MATCH($AE16,INDIRECT(ORÇAMENTO.BancoRef),0)),\"(Código não identificado nas referências)\",MATCH($AE16,INDIRECT(ORÇAMENTO.BancoRef),0))))","v":"(abra o arquivo 'Referência 06-2023.xls)"},{"$f":"ROUND(IF(DESONERACAO=\"sim\",REFERENCIA.Desonerado,REFERENCIA.NaoDesonerado),2)","v":0},{"$f":"ROUND(IF(ISNUMBER(ORÇAMENTO.OpcaoBDI),ORÇAMENTO.OpcaoBDI,IF(LEFT(ORÇAMENTO.OpcaoBDI,3)=\"BDI\",HLOOKUP(ORÇAMENTO.OpcaoBDI,$F$4:$H$5,2,FALSE),0)),15-11*$AF$9)","v":0.23530000000000001},null,null,null,null,125500.16,{"$f":"ROUND(ORÇAMENTO.CustoUnitario*(1+$AH16),2)","v":0}]
[{"$f":"CHOOSE(1+LOG(1+2*(ORÇAMENTO.Nivel=\"Meta\")+4*(ORÇAMENTO.Nivel=\"Nível 2\")+8*(ORÇAMENTO.Nivel=\"Nível 3\")+16*(ORÇAMENTO.Nivel=\"Nível 4\")+32*(ORÇAMENTO.Nivel=\"Serviço\"),2),0,1,2,3,4,\"S\")","v":2},{"$f":"IF(OR(C17=\"s\",C17=0),OFFSET(B17,-1,0),C17)","v":2},{"$f":"IF(OFFSET(C17,-1,0)=\"L\",1,IF(OFFSET(C17,-1,0)=1,2,IF(OR(A17=\"s\",A17=0),\"S\",IF(AND(OFFSET(C17,-1,0)=2,A17=4),3,IF(AND(OR(OFFSET(C17,-1,0)=\"s\",OFFSET(C17,-1,0)=0),A17<>\"s\",A17>OFFSET(B17,-1,0)),OFFSET(B17,-1,0),A17)))))","v":2},{"$f":"IF(OR(C17=\"S\",C17=0),0,IF(ISERROR(K17),J17,SMALL(J17:K17,1)))","v":3},{"$f":"IF($C17=1,OFFSET(E17,-1,0)+MAX(1,COUNTIF(QCI!$A$13:$A$32,OFFSET(ORÇAMENTO!E17,-1,0))),OFFSET(E17,-1,0))","v":1},{"$f":"IF($C17=1,0,IF($C17=2,OFFSET(F17,-1,0)+1,OFFSET(F17,-1,0)))","v":1},{"$f":"IF(AND($C17<=2,$C17<>0),0,IF($C17=3,OFFSET(G17,-1,0)+1,OFFSET(G17,-1,0)))","v":0},{"$f":"IF(AND($C17<=3,$C17<>0),0,IF($C17=4,OFFSET(H17,-1,0)+1,OFFSET(H17,-1,0)))","v":0},{"$f":"IF(AND($C17<=4,$C17<>0),0,IF(AND($C17=\"S\",$X17>0),OFFSET(I17,-1,0)+1,OFFSET(I17,-1,0)))","v":0},47,{"$f":"IF(OR($C17=\"S\",$C17=0),0,MATCH(OFFSET($D17,0,$C17)+IF($C17<>1,1,COUNTIF(QCI!$A$13:$A$32,ORÇAMENTO!E17)),OFFSET($D17,1,$C17,ROW($C$850)-ROW($C17)),0))","v":3},{"$f":"IF(OR($X17>0,$C17=1,$C17=2,$C17=3,$C17=4),\"F\",\"\")","v":"F"},"Nível 2",{"$f":"CHOOSE(1+LOG(1+2*(C17=1)+4*(C17=2)+8*(C17=3)+16*(C17=4)+32*(C17=\"S\"),2),\"\",\"Meta\",\"Nível 2\",\"Nível 3\",\"Nível 4\",\"Serviço\")","v":"Nível 2"},{"$f":"IF(OR($C17=0,$L17=\"\"),\"-\",CONCATENATE(E17&\".\",IF(AND($A$5>=2,$C17>=2),F17&\".\",\"\"),IF(AND($A$5>=3,$C17>=3),G17&\".\",\"\"),IF(AND($A$5>=4,$C17>=4),H17&\".\",\"\"),IF($C17=\"S\",I17&\".\",\"\")))","v":"1.1."},"SINAPI",null,"SERVIÇOS INICIAIS E EVENTUAIS","-",{"$f":"OFFSET(CÁLCULO!H$15,ROW($T17)-ROW(T$15),0)","v":0},0,"BDI 1",{"$f":"IF($C17=\"S\",ROUND(IF(TIPOORCAMENTO=\"Proposto\",ORÇAMENTO.CustoUnitario*(1+$AH17),ORÇAMENTO.PrecoUnitarioLicitado),15-13*$AF$10),0)","v":0},{"$f":"IF($C17=\"S\",VTOTAL1,IF($C17=0,0,ROUND(SomaAgrup,15-13*$AF$11)))","v":2153.5300000000002},"RA",{"$f":"IF(AND($C17=\"S\",$X17>0),IF(ISBLANK($Y17),\"RA\",LEFT($Y17,2)),\"\")","v":""},{"$f":"IF($C17=\"S\",IF($Z17=\"CP\",$X17,IF($Z17=\"RA\",(($X17)*QCI!$AA$3),0)),SomaAgrup)","v":2153.5299999999997},{"$f":"IF($C17=\"S\",IF($Z17=\"OU\",ROUND($X17,2),0),SomaAgrup)","v":0},{"$f":"IF($N17=\"\",\"\",IF(ORÇAMENTO.Descricao=\"\",\"DESCRIÇÃO\",IF(AND($C17=\"S\",ORÇAMENTO.Unidade=\"\"),\"UNIDADE\",IF($X17<0,\"VALOR NEGATIVO\",IF(OR(AND(TIPOORCAMENTO=\"Proposto\",$AG17<>\"\",$AG17>0,ORÇAMENTO.CustoUnitario>$AG17),AND(TIPOORCAMENTO=\"LICITADO\",ORÇAMENTO.PrecoUnitarioLicitado>$AN17)),\"ACIMA REF.\",\"\")))))","v":""},{"$f":"IF(C17<=CRONO.NivelExibicao,MAX($AD$15:OFFSET(AD17,-1,0))+IF($C17<>1,1,MAX(1,COUNTIF(QCI!$A$13:$A$32,OFFSET($E17,-1,0)))),\"\")","v":""},{"$f":"IF(AND($C17=\"S\",ORÇAMENTO.CodBarra<>\"\"),IF(ORÇAMENTO.Fonte=\"\",ORÇAMENTO.CodBarra,CONCATENATE(ORÇAMENTO.Fonte,\" \",ORÇAMENTO.CodBarra)))","v":false},{"$f":"IF(ISERROR(INDIRECT(ORÇAMENTO.BancoRef)),\"(abra o arquivo 'Referência \"&Excel_BuiltIn_Database&\".xls)\",IF(OR($C17<>\"S\",ORÇAMENTO.CodBarra=\"\"),\"(Sem Código)\",IF(ISERROR(MATCH($AE17,INDIRECT(ORÇAMENTO.BancoRef),0)),\"(Código não identificado nas referências)\",MATCH($AE17,INDIRECT(ORÇAMENTO.BancoRef),0))))","v":"(abra o arquivo 'Referência 06-2023.xls)"},{"$f":"ROUND(IF(DESONERACAO=\"sim\",REFERENCIA.Desonerado,REFERENCIA.NaoDesonerado),2)","v":0},{"$f":"ROUND(IF(ISNUMBER(ORÇAMENTO.OpcaoBDI),ORÇAMENTO.OpcaoBDI,IF(LEFT(ORÇAMENTO.OpcaoBDI,3)=\"BDI\",HLOOKUP(ORÇAMENTO.OpcaoBDI,$F$4:$H$5,2,FALSE),0)),15-11*$AF$9)","v":0.23530000000000001},null,null,null,null,{"$f":"$X17","v":2153.5300000000002},{"$f":"ROUND(ORÇAMENTO.CustoUnitario*(1+$AH17),2)","v":0}]
["S",2,"S",0,{"$f":"IF($C18=1,OFFSET(E18,-1,0)+MAX(1,COUNTIF(QCI!$A$13:$A$32,OFFSET(ORÇAMENTO!E18,-1,0))),OFFSET(E18,-1,0))","v":1},1,0,0,1,0,{"$f":"IF(OR($C18=\"S\",$C18=0),0,MATCH(OFFSET($D18,0,$C18)+IF($C18<>1,1,COUNTIF(QCI!$A$13:$A$32,ORÇAMENTO!E18)),OFFSET($D18,1,$C18,ROW($C$850)-ROW($C18)),0))","v":0},"F","Serviço","Serviço","1.1.1.","AMMOC","PLOBRA","PLACA DE OBRA EM CHAPA DE AÇO GALVANIZADO","M²",{"$f":"OFFSET(CÁLCULO!H$15,ROW($T18)-ROW(T$15),0)","v":4.5},382.78,"BDI 1",{"$f":"IF($C18=\"S\",ROUND(IF(TIPOORCAMENTO=\"Proposto\",ORÇAMENTO.CustoUnitario*(1+$AH18),ORÇAMENTO.PrecoUnitarioLicitado),15-13*$AF$10),0)","v":472.85},2127.83,"RA","RA",{"$f":"IF($C18=\"S\",IF($Z18=\"CP\",$X18,IF($Z18=\"RA\",(($X18)*QCI!$AA$3),0)),SomaAgrup)","v":2127.83},0,{"$f":"IF($N18=\"\",\"\",IF(ORÇAMENTO.Descricao=\"\",\"DESCRIÇÃO\",IF(AND($C18=\"S\",ORÇAMENTO.Unidade=\"\"),\"UNIDADE\",IF($X18<0,\"VALOR NEGATIVO\",IF(OR(AND(TIPOORCAMENTO=\"Proposto\",$AG18<>\"\",$AG18>0,ORÇAMENTO.CustoUnitario>$AG18),AND(TIPOORCAMENTO=\"LICITADO\",ORÇAMENTO.PrecoUnitarioLicitado>$AN18)),\"ACIMA REF.\",\"\")))))","v":""},{"$f":"IF(C18<=CRONO.NivelExibicao,MAX($AD$15:OFFSET(AD18,-1,0))+IF($C18<>1,1,MAX(1,COUNTIF(QCI!$A$13:$A$32,OFFSET($E18,-1,0)))),\"\")","v":""},{"$f":"IF(AND($C18=\"S\",ORÇAMENTO.CodBarra<>\"\"),IF(ORÇAMENTO.Fonte=\"\",ORÇAMENTO.CodBarra,CONCATENATE(ORÇAMENTO.Fonte,\" \",ORÇAMENTO.CodBarra)))","v":"AMMOC PLOBRA"},{"$f":"IF(ISERROR(INDIRECT(ORÇAMENTO.BancoRef)),\"(abra o arquivo 'Referência \"&Excel_BuiltIn_Database&\".xls)\",IF(OR($C18<>\"S\",ORÇAMENTO.CodBarra=\"\"),\"(Sem Código)\",IF(ISERROR(MATCH($AE18,INDIRECT(ORÇAMENTO.BancoRef),0)),\"(Código não identificado nas referências)\",MATCH($AE18,INDIRECT(ORÇAMENTO.BancoRef),0))))","v":"(abra o arquivo 'Referência 06-2023.xls)"},{"$f":"ROUND(IF(DESONERACAO=\"sim\",REFERENCIA.Desonerado,REFERENCIA.NaoDesonerado),2)","v":0},0.23530000000000001,null,4.5,null,null,2127.83,472.85]
["S",2,"S",0,{"$f":"IF($C19=1,OFFSET(E19,-1,0)+MAX(1,COUNTIF(QCI!$A$13:$A$32,OFFSET(ORÇAMENTO!E19,-1,0))),OFFSET(E19,-1,0))","v":1},1,0,0,2,0,{"$f":"IF(OR($C19=\"S\",$C19=0),0,MATCH(OFFSET($D19,0,$C19)+IF($C19<>1,1,COUNTIF(QCI!$A$13:$A$32,ORÇAMENTO!E19)),OFFSET($D19,1,$C19,ROW($C$850)-ROW($C19)),0))","v":0},"F","Serviço","Serviço","1.1.2.","SINAPI","99064","LOCAÇÃO DE PAVIMENTAÇÃO","M",{"$f":"OFFSET(CÁLCULO!H$15,ROW($T19)-ROW(T$15),0)","v":43.56},0.48,"BDI 1",{"$f":"IF($C19=\"S\",ROUND(IF(TIPOORCAMENTO=\"Proposto\",ORÇAMENTO.CustoUnitario*(1+$AH19),ORÇAMENTO.PrecoUnitarioLicitado),15-13*$AF$10),0)","v":0.59},25.7,"RA","RA",{"$f":"IF($C19=\"S\",IF($Z19=\"CP\",$X19,IF($Z19=\"RA\",(($X19)*QCI!$AA$3),0)),SomaAgrup)","v":25.7},0,{"$f":"IF($N19=\"\",\"\",IF(ORÇAMENTO.Descricao=\"\",\"DESCRIÇÃO\",IF(AND($C19=\"S\",ORÇAMENTO.Unidade=\"\"),\"UNIDADE\",IF($X19<0,\"VALOR NEGATIVO\",IF(OR(AND(TIPOORCAMENTO=\"Proposto\",$AG19<>\"\",$AG19>0,ORÇAMENTO.CustoUnitario>$AG19),AND(TIPOORCAMENTO=\"LICITADO\",ORÇAMENTO.PrecoUnitarioLicitado>$AN19)),\"ACIMA REF.\",\"\")))))","v":""},{"$f":"IF(C19<=CRONO.NivelExibicao,MAX($AD$15:OFFSET(AD19,-1,0))+IF($C19<>1,1,MAX(1,COUNTIF(QCI!$A$13:$A$32,OFFSET($E19,-1,0)))),\"\")","v":""},{"$f":"IF(AND($C19=\"S\",ORÇAMENTO.CodBarra<>\"\"),IF(ORÇAMENTO.Fonte=\"\",ORÇAMENTO.CodBarra,CONCATENATE(ORÇAMENTO.Fonte,\" \",ORÇAMENTO.CodBarra)))","v":"SINAPI 99064"},{"$f":"IF(ISERROR(INDIRECT(ORÇAMENTO.BancoRef)),\"(abra o arquivo 'Referência \"&Excel_BuiltIn_Database&\".xls)\",IF(OR($C19<>\"S\",ORÇAMENTO.CodBarra=\"\"),\"(Sem Código)\",IF(ISERROR(MATCH($AE19,INDIRECT(ORÇAMENTO.BancoRef),0)),\"(Código não identificado nas referências)\",MATCH($AE19,INDIRECT(ORÇAMENTO.BancoRef),0))))","v":"(abra o arquivo 'Referência 06-2023.xls)"},{"$f":"ROUND(IF(DESONERACAO=\"sim\",REFERENCIA.Desonerado,REFERENCIA.NaoDesonerado),2)","v":0},0.23530000000000001,null,43.56,null,null,25.7,0.59]
[2,2,2,2,{"$f":"IF($C20=1,OFFSET(E20,-1,0)+MAX(1,COUNTIF(QCI!$A$13:$A$32,OFFSET(ORÇAMENTO!E20,-1,0))),OFFSET(E20,-1,0))","v":1},2,0,0,0,44,{"$f":"IF(OR($C20=\"S\",$C20=0),0,MATCH(OFFSET($D20,0,$C20)+IF($C20<>1,1,COUNTIF(QCI!$A$13:$A$32,ORÇAMENTO!E20)),OFFSET($D20,1,$C20,ROW($C$850)-ROW($C20)),0))","v":2},"F","Nível 2","Nível 2","1.2.","SINAPI",null,"SINALIZAÇÃO E SEGURANÇA","-",{"$f":"OFFSET(CÁLCULO!H$15,ROW($T20)-ROW(T$15),0)","v":0},0,"BDI 1",{"$f":"IF($C20=\"S\",ROUND(IF(TIPOORCAMENTO=\"Proposto\",ORÇAMENTO.CustoUnitario*(1+$AH20),ORÇAMENTO.PrecoUnitarioLicitado),15-13*$AF$10),0)","v":0},361.62,"RA","",{"$f":"IF($C20=\"S\",IF($Z20=\"CP\",$X20,IF($Z20=\"RA\",(($X20)*QCI!$AA$3),0)),SomaAgrup)","v":361.62},0,{"$f":"IF($N20=\"\",\"\",IF(ORÇAMENTO.Descricao=\"\",\"DESCRIÇÃO\",IF(AND($C20=\"S\",ORÇAMENTO.Unidade=\"\"),\"UNIDADE\",IF($X20<0,\"VALOR NEGATIVO\",IF(OR(AND(TIPOORCAMENTO=\"Proposto\",$AG20<>\"\",$AG20>0,ORÇAMENTO.CustoUnitario>$AG20),AND(TIPOORCAMENTO=\"LICITADO\",ORÇAMENTO.PrecoUnitarioLicitado>$AN20)),\"ACIMA REF.\",\"\")))))","v":""},{"$f":"IF(C20<=CRONO.NivelExibicao,MAX($AD$15:OFFSET(AD20,-1,0))+IF($C20<>1,1,MAX(1,COUNTIF(QCI!$A$13:$A$32,OFFSET($E20,-1,0)))),\"\")","v":""},{"$f":"IF(AND($C20=\"S\",ORÇAMENTO.CodBarra<>\"\"),IF(ORÇAMENTO.Fonte=\"\",ORÇAMENTO.CodBarra,CONCATENATE(ORÇAMENTO.Fonte,\" \",ORÇAMENTO.CodBarra)))","v":false},{"$f":"IF(ISERROR(INDIRECT(ORÇAMENTO.BancoRef)),\"(abra o arquivo 'Referência \"&Excel_BuiltIn_Database&\".xls)\",IF(OR($C20<>\"S\",ORÇAMENTO.CodBarra=\"\"),\"(Sem Código)\",IF(ISERROR(MATCH($AE20,INDIRECT(ORÇAMENTO.BancoRef),0)),\"(Código não identificado nas referências)\",MATCH($AE20,INDIRECT(ORÇAMENTO.BancoRef),0))))","v":"(abra o arquivo 'Referência 06-2023.xls)"},{"$f":"ROUND(IF(DESONERACAO=\"sim\",REFERENCIA.Desonerado,REFERENCIA.NaoDesonerado),2)","v":0},0.23530000000000001,null,null,null,null,361.62,0]
["S",2,"S",0,{"$f":"IF($C21=1,OFFSET(E21,-1,0)+MAX(1,COUNTIF(QCI!$A$13:$A$32,OFFSET(ORÇAMENTO!E21,-1,0))),OFFSET(E21,-1,0))","v":1},2,0,0,1,0,{"$f":"IF(OR($C21=\"S\",$C21=0),0,MATCH(OFFSET($D21,0,$C21)+IF($C21<>1,1,COUNTIF(QCI!$A$13:$A$32,ORÇAMENTO!E21)),OFFSET($D21,1,$C21,ROW($C$850)-ROW($C21)),0))","v":0},"F","Serviço","Serviço","1.2.1.","AMMOC","SIN","SINALIZAÇÃO COM FITA FIXADA EM CONE PLÁSTICO, INCLUINDO CONE","M",{"$f":"OFFSET(CÁLCULO!H$15,ROW($T21)-ROW(T$15),0)","v":21},13.94,"BDI 1",{"$f":"IF($C21=\"S\",ROUND(IF(TIPOORCAMENTO=\"Proposto\",ORÇAMENTO.CustoUnitario*(1+$AH21),ORÇAMENTO.PrecoUnitarioLicitado),15-13*$AF$10),0)","v":17.22},361.62,"RA","RA",{"$f":"IF($C21=\"S\",IF($Z21=\"CP\",$X21,IF($Z21=\"RA\",(($X21)*QCI!$AA$3),0)),SomaAgrup)","v":361.62},0,{"$f":"IF($N21=\"\",\"\",IF(ORÇAMENTO.Descricao=\"\",\"DESCRIÇÃO\",IF(AND($C21=\"S\",ORÇAMENTO.Unidade=\"\"),\"UNIDADE\",IF($X21<0,\"VALOR NEGATIVO\",IF(OR(AND(TIPOORCAMENTO=\"Proposto\",$AG21<>\"\",$AG21>0,ORÇAMENTO.CustoUnitario>$AG21),AND(TIPOORCAMENTO=\"LICITADO\",ORÇAMENTO.PrecoUnitarioLicitado>$AN21)),\"ACIMA REF.\",\"\")))))","v":""},{"$f":"IF(C21<=CRONO.NivelExibicao,MAX($AD$15:OFFSET(AD21,-1,0))+IF($C21<>1,1,MAX(1,COUNTIF(QCI!$A$13:$A$32,OFFSET($E21,-1,0)))),\"\")","v":""},{"$f":"IF(AND($C21=\"S\",ORÇAMENTO.CodBarra<>\"\"),IF(ORÇAMENTO.Fonte=\"\",ORÇAMENTO.CodBarra,CONCATENATE(ORÇAMENTO.Fonte,\" \",ORÇAMENTO.CodBarra)))","v":"AMMOC SIN"},{"$f":"IF(ISERROR(INDIRECT(ORÇAMENTO.BancoRef)),\"(abra o arquivo 'Referência \"&Excel_BuiltIn_Database&\".xls)\",IF(OR($C21<>\"S\",ORÇAMENTO.CodBarra=\"\"),\"(Sem Código)\",IF(ISERROR(MATCH($AE21,INDIRECT(ORÇAMENTO.BancoRef),0)),\"(Código não identificado nas referências)\",MATCH($AE21,INDIRECT(ORÇAMENTO.BancoRef),0))))","v":"(abra o arquivo 'Referência 06-2023.xls)"},{"$f":"ROUND(IF(DESONERACAO=\"sim\",REFERENCIA.Desonerado,REFERENCIA.NaoDesonerado),2)","v":0},0.23530000000000001,null,{"$f":"140*0.15","v":21},null,null,361.62,17.22]
[2,2,2,5,{"$f":"IF($C22=1,OFFSET(E22,-1,0)+MAX(1,COUNTIF(QCI!$A$13:$A$32,OFFSET(ORÇAMENTO!E22,-1,0))),OFFSET(E22,-1,0))","v":1},3,0,0,0,42,{"$f":"IF(OR($C22=\"S\",$C22=0),0,MATCH(OFFSET($D22,0,$C22)+IF($C22<>1,1,COUNTIF(QCI!$A$13:$A$32,ORÇAMENTO!E22)),OFFSET($D22,1,$C22,ROW($C$850)-ROW($C22)),0))","v":5},"F","Nível 2","Nível 2","1.3.","SINAPI",null,"DEMOLIÇÕES E REMOÇÕES","-",{"$f":"OFFSET(CÁLCULO!H$15,ROW($T22)-ROW(T$15),0)","v":0},0,"BDI 1",{"$f":"IF($C22=\"S\",ROUND(IF(TIPOORCAMENTO=\"Proposto\",ORÇAMENTO.CustoUnitario*(1+$AH22),ORÇAMENTO.PrecoUnitarioLicitado),15-13*$AF$10),0)","v":0},2120.7800000000002,"RA","",{"$f":"IF($C22=\"S\",IF($Z22=\"CP\",$X22,IF($Z22=\"RA\",(($X22)*QCI!$AA$3),0)),SomaAgrup)","v":2120.7800000000002},0,{"$f":"IF($N22=\"\",\"\",IF(ORÇAMENTO.Descricao=\"\",\"DESCRIÇÃO\",IF(AND($C22=\"S\",ORÇAMENTO.Unidade=\"\"),\"UNIDADE\",IF($X22<0,\"VALOR NEGATIVO\",IF(OR(AND(TIPOORCAMENTO=\"Proposto\",$AG22<>\"\",$AG22>0,ORÇAMENTO.CustoUnitario>$AG22),AND(TIPOORCAMENTO=\"LICITADO\",ORÇAMENTO.PrecoUnitarioLicitado>$AN22)),\"ACIMA REF.\",\"\")))))","v":""},{"$f":"IF(C22<=CRONO.NivelExibicao,MAX($AD$15:OFFSET(AD22,-1,0))+IF($C22<>1,1,MAX(1,COUNTIF(QCI!$A$13:$A$32,OFFSET($E22,-1,0)))),\"\")","v":""},{"$f":"IF(AND($C22=\"S\",ORÇAMENTO.CodBarra<>\"\"),IF(ORÇAMENTO.Fonte=\"\",ORÇAMENTO.CodBarra,CONCATENATE(ORÇAMENTO.Fonte,\" \",ORÇAMENTO.CodBarra)))","v":false},{"$f":"IF(ISERROR(INDIRECT(ORÇAMENTO.BancoRef)),\"(abra o arquivo 'Referência \"&Excel_BuiltIn_Database&\".xls)\",IF(OR($C22<>\"S\",ORÇAMENTO.CodBarra=\"\"),\"(Sem Código)\",IF(ISERROR(MATCH($AE22,INDIRECT(ORÇAMENTO.BancoRef),0)),\"(Código não identificado nas referências)\",MATCH($AE22,INDIRECT(ORÇAMENTO.BancoRef),0))))","v":"(abra o arquivo 'Referência 06-2023.xls)"},{"$f":"ROUND(IF(DESONERACAO=\"sim\",REFERENCIA.Desonerado,REFERENCIA.NaoDesonerado),2)","v":0},0.23530000000000001,null,null,null,null,2120.7800000000002,0]
["S",2,"S",0,{"$f":"IF($C23=1,OFFSET(E23,-1,0)+MAX(1,COUNTIF(QCI!$A$13:$A$32,OFFSET(ORÇAMENTO!E23,-1,0))),OFFSET(E23,-1,0))","v":1},3,0,0,1,0,{"$f":"IF(OR($C23=\"S\",$C23=0),0,MATCH(OFFSET($D23,0,$C23)+IF($C23<>1,1,COUNTIF(QCI!$A$13:$A$32,ORÇAMENTO!E23)),OFFSET($D23,1,$C23,ROW($C$850)-ROW($C23)),0))","v":0},"F","Serviço","Serviço","1.3.1.","SINAPI",97636,"DEMOLIÇÃO PARCIAL DE PAVIMENTO ASFÁLTICO, DE FORMA MECANIZADA, SEM REAPROVEITAMENTO. AF_12/2017","M2",{"$f":"OFFSET(CÁLCULO!H$15,ROW($T23)-ROW(T$15),0)","v":61},18.399999999999999,"BDI 1",{"$f":"IF($C23=\"S\",ROUND(IF(TIPOORCAMENTO=\"Proposto\",ORÇAMENTO.CustoUnitario*(1+$AH23),ORÇAMENTO.PrecoUnitarioLicitado),15-13*$AF$10),0)","v":22.73},1386.53,"RA","RA",{"$f":"IF($C23=\"S\",IF($Z23=\"CP\",$X23,IF($Z23=\"RA\",(($X23)*QCI!$AA$3),0)),SomaAgrup)","v":1386.53},0,{"$f":"IF($N23=\"\",\"\",IF(ORÇAMENTO.Descricao=\"\",\"DESCRIÇÃO\",IF(AND($C23=\"S\",ORÇAMENTO.Unidade=\"\"),\"UNIDADE\",IF($X23<0,\"VALOR NEGATIVO\",IF(OR(AND(TIPOORCAMENTO=\"Proposto\",$AG23<>\"\",$AG23>0,ORÇAMENTO.CustoUnitario>$AG23),AND(TIPOORCAMENTO=\"LICITADO\",ORÇAMENTO.PrecoUnitarioLicitado>$AN23)),\"ACIMA REF.\",\"\")))))","v":""},{"$f":"IF(C23<=CRONO.NivelExibicao,MAX($AD$15:OFFSET(AD23,-1,0))+IF($C23<>1,1,MAX(1,COUNTIF(QCI!$A$13:$A$32,OFFSET($E23,-1,0)))),\"\")","v":""},{"$f":"IF(AND($C23=\"S\",ORÇAMENTO.CodBarra<>\"\"),IF(ORÇAMENTO.Fonte=\"\",ORÇAMENTO.CodBarra,CONCATENATE(ORÇAMENTO.Fonte,\" \",ORÇAMENTO.CodBarra)))","v":"SINAPI 97636"},{"$f":"IF(ISERROR(INDIRECT(ORÇAMENTO.BancoRef)),\"(abra o arquivo 'Referência \"&Excel_BuiltIn_Database&\".xls)\",IF(OR($C23<>\"S\",ORÇAMENTO.CodBarra=\"\"),\"(Sem Código)\",IF(ISERROR(MATCH($AE23,INDIRECT(ORÇAMENTO.BancoRef),0)),\"(Código não identificado nas referências)\",MATCH($AE23,INDIRECT(ORÇAMENTO.BancoRef),0))))","v":"(abra o arquivo 'Referência 06-2023.xls)"},{"$f":"ROUND(IF(DESONERACAO=\"sim\",REFERENCIA.Desonerado,REFERENCIA.NaoDesonerado),2)","v":0},0.23530000000000001,null,61,null,null,1386.53,22.73]
["S",2,"S",0,{"$f":"IF($C24=1,OFFSET(E24,-1,0)+MAX(1,COUNTIF(QCI!$A$13:$A$32,OFFSET(ORÇAMENTO!E24,-1,0))),OFFSET(E24,-1,0))","v":1},3,0,0,2,0,{"$f":"IF(OR($C24=\"S\",$C24=0),0,MATCH(OFFSET($D24,0,$C24)+IF($C24<>1,1,COUNTIF(QCI!$A$13:$A$32,ORÇAMENTO!E24)),OFFSET($D24,1,$C24,ROW($C$850)-ROW($C24)),0))","v":0},"F","Serviço","Serviço","1.3.2.","SINAPI","97629","DEMOLIÇÃO DE PASSEIOS E ESTRUTURAS DE CONCRETO, DE FORMA MECANIZADA COM MARTELETE, SEM REAPROVEITAMENTO","M3",{"$f":"OFFSET(CÁLCULO!H$15,ROW($T24)-ROW(T$15),0)","v":3.84},135.44,"BDI 1",{"$f":"IF($C24=\"S\",ROUND(IF(TIPOORCAMENTO=\"Proposto\",ORÇAMENTO.CustoUnitario*(1+$AH24),ORÇAMENTO.PrecoUnitarioLicitado),15-13*$AF$10),0)","v":167.31},642.47,"RA","RA",{"$f":"IF($C24=\"S\",IF($Z24=\"CP\",$X24,IF($Z24=\"RA\",(($X24)*QCI!$AA$3),0)),SomaAgrup)","v":642.47},0,{"$f":"IF($N24=\"\",\"\",IF(ORÇAMENTO.Descricao=\"\",\"DESCRIÇÃO\",IF(AND($C24=\"S\",ORÇAMENTO.Unidade=\"\"),\"UNIDADE\",IF($X24<0,\"VALOR NEGATIVO\",IF(OR(AND(TIPOORCAMENTO=\"Proposto\",$AG24<>\"\",$AG24>0,ORÇAMENTO.CustoUnitario>$AG24),AND(TIPOORCAMENTO=\"LICITADO\",ORÇAMENTO.PrecoUnitarioLicitado>$AN24)),\"ACIMA REF.\",\"\")))))","v":""},{"$f":"IF(C24<=CRONO.NivelExibicao,MAX($AD$15:OFFSET(AD24,-1,0))+IF($C24<>1,1,MAX(1,COUNTIF(QCI!$A$13:$A$32,OFFSET($E24,-1,0)))),\"\")","v":""},{"$f":"IF(AND($C24=\"S\",ORÇAMENTO.CodBarra<>\"\"),IF(ORÇAMENTO.Fonte=\"\",ORÇAMENTO.CodBarra,CONCATENATE(ORÇAMENTO.Fonte,\" \",ORÇAMENTO.CodBarra)))","v":"SINAPI 97629"},{"$f":"IF(ISERROR(INDIRECT(ORÇAMENTO.BancoRef)),\"(abra o arquivo 'Referência \"&Excel_BuiltIn_Database&\".xls)\",IF(OR($C24<>\"S\",ORÇAMENTO.CodBarra=\"\"),\"(Sem Código)\",IF(ISERROR(MATCH($AE24,INDIRECT(ORÇAMENTO.BancoRef),0)),\"(Código não identificado nas referências)\",MATCH($AE24,INDIRECT(ORÇAMENTO.BancoRef),0))))","v":"(abra o arquivo 'Referência 06-2023.xls)"},{"$f":"ROUND(IF(DESONERACAO=\"sim\",REFERENCIA.Desonerado,REFERENCIA.NaoDesonerado),2)","v":0},0.23530000000000001,null,{"$f":"32*0.12","v":3.84},null,null,642.47,167.31]
["S",2,"S",0,{"$f":"IF($C25=1,OFFSET(E25,-1,0)+MAX(1,COUNTIF(QCI!$A$13:$A$32,OFFSET(ORÇAMENTO!E25,-1,0))),OFFSET(E25,-1,0))","v":1},3,0,0,3,0,{"$f":"IF(OR($C25=\"S\",$C25=0),0,MATCH(OFFSET($D25,0,$C25)+IF($C25<>1,1,COUNTIF(QCI!$A$13:$A$32,ORÇAMENTO!E25)),OFFSET($D25,1,$C25,ROW($C$850)-ROW($C25)),0))","v":0},"F","Serviço","Serviço","1.3.3.","SINAPI","100978","CARGA, MANOBRA E DESCARGA DE MATERIAL REMOVIDO EM CAMINHÃO BASCULANTE - CARGA COM ESCAVADEIRA HIDRÁULICA","M3",{"$f":"OFFSET(CÁLCULO!H$15,ROW($T25)-ROW(T$15),0)","v":6.89},6.33,"BDI 1",{"$f":"IF($C25=\"S\",ROUND(IF(TIPOORCAMENTO=\"Proposto\",ORÇAMENTO.CustoUnitario*(1+$AH25),ORÇAMENTO.PrecoUnitarioLicitado),15-13*$AF$10),0)","v":7.82},53.88,"RA","RA",{"$f":"IF($C25=\"S\",IF($Z25=\"CP\",$X25,IF($Z25=\"RA\",(($X25)*QCI!$AA$3),0)),SomaAgrup)","v":53.88},0,{"$f":"IF($N25=\"\",\"\",IF(ORÇAMENTO.Descricao=\"\",\"DESCRIÇÃO\",IF(AND($C25=\"S\",ORÇAMENTO.Unidade=\"\"),\"UNIDADE\",IF($X25<0,\"VALOR NEGATIVO\",IF(OR(AND(TIPOORCAMENTO=\"Proposto\",$AG25<>\"\",$AG25>0,ORÇAMENTO.CustoUnitario>$AG25),AND(TIPOORCAMENTO=\"LICITADO\",ORÇAMENTO.PrecoUnitarioLicitado>$AN25)),\"ACIMA REF.\",\"\")))))","v":""},{"$f":"IF(C25<=CRONO.NivelExibicao,MAX($AD$15:OFFSET(AD25,-1,0))+IF($C25<>1,1,MAX(1,COUNTIF(QCI!$A$13:$A$32,OFFSET($E25,-1,0)))),\"\")","v":""},{"$f":"IF(AND($C25=\"S\",ORÇAMENTO.CodBarra<>\"\"),IF(ORÇAMENTO.Fonte=\"\",ORÇAMENTO.CodBarra,CONCATENATE(ORÇAMENTO.Fonte,\" \",ORÇAMENTO.CodBarra)))","v":"SINAPI 100978"},{"$f":"IF(ISERROR(INDIRECT(ORÇAMENTO.BancoRef)),\"(abra o arquivo 'Referência \"&Excel_BuiltIn_Database&\".xls)\",IF(OR($C25<>\"S\",ORÇAMENTO.CodBarra=\"\"),\"(Sem Código)\",IF(ISERROR(MATCH($AE25,INDIRECT(ORÇAMENTO.BancoRef),0)),\"(Código não identificado nas referências)\",MATCH($AE25,INDIRECT(ORÇAMENTO.BancoRef),0))))","v":"(abra o arquivo 'Referência 06-2023.xls)"},{"$f":"ROUND(IF(DESONERACAO=\"sim\",REFERENCIA.Desonerado,REFERENCIA.NaoDesonerado),2)","v":0},0.23530000000000001,null,{"$f":"(AJ23*0.05)+AJ24","v":6.8900000000000006},null,null,53.88,7.82]
["S",2,"S",0,{"$f":"IF($C26=1,OFFSET(E26,-1,0)+MAX(1,COUNTIF(QCI!$A$13:$A$32,OFFSET(ORÇAMENTO!E26,-1,0))),OFFSET(E26,-1,0))","v":1},3,0,0,4,0,{"$f":"IF(OR($C26=\"S\",$C26=0),0,MATCH(OFFSET($D26,0,$C26)+IF($C26<>1,1,COUNTIF(QCI!$A$13:$A$32,ORÇAMENTO!E26)),OFFSET($D26,1,$C26,ROW($C$850)-ROW($C26)),0))","v":0},"F","Serviço","Serviço","1.3.4.","SINAPI","95875","TRANSPORTE DE MATERIAL REMOVIDO COM CAMINHÃO BASCULANTE, DMT = 2 KM","M3XKM",{"$f":"OFFSET(CÁLCULO!H$15,ROW($T26)-ROW(T$15),0)","v":13.78},2.23,"BDI 1",{"$f":"IF($C26=\"S\",ROUND(IF(TIPOORCAMENTO=\"Proposto\",ORÇAMENTO.CustoUnitario*(1+$AH26),ORÇAMENTO.PrecoUnitarioLicitado),15-13*$AF$10),0)","v":2.75},37.9,"RA","RA",{"$f":"IF($C26=\"S\",IF($Z26=\"CP\",$X26,IF($Z26=\"RA\",(($X26)*QCI!$AA$3),0)),SomaAgrup)","v":37.9},0,{"$f":"IF($N26=\"\",\"\",IF(ORÇAMENTO.Descricao=\"\",\"DESCRIÇÃO\",IF(AND($C26=\"S\",ORÇAMENTO.Unidade=\"\"),\"UNIDADE\",IF($X26<0,\"VALOR NEGATIVO\",IF(OR(AND(TIPOORCAMENTO=\"Proposto\",$AG26<>\"\",$AG26>0,ORÇAMENTO.CustoUnitario>$AG26),AND(TIPOORCAMENTO=\"LICITADO\",ORÇAMENTO.PrecoUnitarioLicitado>$AN26)),\"ACIMA REF.\",\"\")))))","v":""},{"$f":"IF(C26<=CRONO.NivelExibicao,MAX($AD$15:OFFSET(AD26,-1,0))+IF($C26<>1,1,MAX(1,COUNTIF(QCI!$A$13:$A$32,OFFSET($E26,-1,0)))),\"\")","v":""},{"$f":"IF(AND($C26=\"S\",ORÇAMENTO.CodBarra<>\"\"),IF(ORÇAMENTO.Fonte=\"\",ORÇAMENTO.CodBarra,CONCATENATE(ORÇAMENTO.Fonte,\" \",ORÇAMENTO.CodBarra)))","v":"SINAPI 95875"},{"$f":"IF(ISERROR(INDIRECT(ORÇAMENTO.BancoRef)),\"(abra o arquivo 'Referência \"&Excel_BuiltIn_Database&\".xls)\",IF(OR($C26<>\"S\",ORÇAMENTO.CodBarra=\"\"),\"(Sem Código)\",IF(ISERROR(MATCH($AE26,INDIRECT(ORÇAMENTO.BancoRef),0)),\"(Código não identificado nas referências)\",MATCH($AE26,INDIRECT(ORÇAMENTO.BancoRef),0))))","v":"(abra o arquivo 'Referência 06-2023.xls)"},{"$f":"ROUND(IF(DESONERACAO=\"sim\",REFERENCIA.Desonerado,REFERENCIA.NaoDesonerado),2)","v":0},0.23530000000000001,null,{"$f":"AJ25*2","v":13.780000000000001},null,null,37.9,2.75]
[2,2,2,8,{"$f":"IF($C27=1,OFFSET(E27,-1,0)+MAX(1,COUNTIF(QCI!$A$13:$A$32,OFFSET(ORÇAMENTO!E27,-1,0))),OFFSET(E27,-1,0))","v":1},4,0,0,0,37,{"$f":"IF(OR($C27=\"S\",$C27=0),0,MATCH(OFFSET($D27,0,$C27)+IF($C27<>1,1,COUNTIF(QCI!$A$13:$A$32,ORÇAMENTO!E27)),OFFSET($D27,1,$C27,ROW($C$850)-ROW($C27)),0))","v":8},"F","Nível 2","Nível 2","1.4.","SINAPI",null,"ESCAVAÇÕES E MOVIMENTAÇÕES DE TERRA","-",{"$f":"OFFSET(CÁLCULO!H$15,ROW($T27)-ROW(T$15),0)","v":0},0,"BDI 1",{"$f":"IF($C27=\"S\",ROUND(IF(TIPOORCAMENTO=\"Proposto\",ORÇAMENTO.CustoUnitario*(1+$AH27),ORÇAMENTO.PrecoUnitarioLicitado),15-13*$AF$10),0)","v":0},2816.91,"RA","",{"$f":"IF($C27=\"S\",IF($Z27=\"CP\",$X27,IF($Z27=\"RA\",(($X27)*QCI!$AA$3),0)),SomaAgrup)","v":2816.9099999999994},0,{"$f":"IF($N27=\"\",\"\",IF(ORÇAMENTO.Descricao=\"\",\"DESCRIÇÃO\",IF(AND($C27=\"S\",ORÇAMENTO.Unidade=\"\"),\"UNIDADE\",IF($X27<0,\"VALOR NEGATIVO\",IF(OR(AND(TIPOORCAMENTO=\"Proposto\",$AG27<>\"\",$AG27>0,ORÇAMENTO.CustoUnitario>$AG27),AND(TIPOORCAMENTO=\"LICITADO\",ORÇAMENTO.PrecoUnitarioLicitado>$AN27)),\"ACIMA REF.\",\"\")))))","v":""},{"$f":"IF(C27<=CRONO.NivelExibicao,MAX($AD$15:OFFSET(AD27,-1,0))+IF($C27<>1,1,MAX(1,COUNTIF(QCI!$A$13:$A$32,OFFSET($E27,-1,0)))),\"\")","v":""},{"$f":"IF(AND($C27=\"S\",ORÇAMENTO.CodBarra<>\"\"),IF(ORÇAMENTO.Fonte=\"\",ORÇAMENTO.CodBarra,CONCATENATE(ORÇAMENTO.Fonte,\" \",ORÇAMENTO.CodBarra)))","v":false},{"$f":"IF(ISERROR(INDIRECT(ORÇAMENTO.BancoRef)),\"(abra o arquivo 'Referência \"&Excel_BuiltIn_Database&\".xls)\",IF(OR($C27<>\"S\",ORÇAMENTO.CodBarra=\"\"),\"(Sem Código)\",IF(ISERROR(MATCH($AE27,INDIRECT(ORÇAMENTO.BancoRef),0)),\"(Código não identificado nas referências)\",MATCH($AE27,INDIRECT(ORÇAMENTO.BancoRef),0))))","v":"(abra o arquivo 'Referência 06-2023.xls)"},{"$f":"ROUND(IF(DESONERACAO=\"sim\",REFERENCIA.Desonerado,REFERENCIA.NaoDesonerado),2)","v":0},0.23530000000000001,null,null,null,null,2816.91,0]
["S",2,"S",0,{"$f":"IF($C28=1,OFFSET(E28,-1,0)+MAX(1,COUNTIF(QCI!$A$13:$A$32,OFFSET(ORÇAMENTO!E28,-1,0))),OFFSET(E28,-1,0))","v":1},4,0,0,1,0,{"$f":"IF(OR($C28=\"S\",$C28=0),0,MATCH(OFFSET($D28,0,$C28)+IF($C28<>1,1,COUNTIF(QCI!$A$13:$A$32,ORÇAMENTO!E28)),OFFSET($D28,1,$C28,ROW($C$850)-ROW($C28)),0))","v":0},"F","Serviço","Serviço","1.4.1.","SINAPI","102276","ESCAVAÇÃO MECANIZADA DE VALA COM PROF. ATÉ 2 M, COM ESCAVADEIRA HIDRÁULICA, LARG. MENOR QUE  1,5 M, EM SOLO DE 2A CATEGORIA, EM LOCAIS COM ALTO NÍVEL DE INTERFERÊNCIA","M3",{"$f":"OFFSET(CÁLCULO!H$15,ROW($T28)-ROW(T$15),0)","v":42.95},12.08,"BDI 1",{"$f":"IF($C28=\"S\",ROUND(IF(TIPOORCAMENTO=\"Proposto\",ORÇAMENTO.CustoUnitario*(1+$AH28),ORÇAMENTO.PrecoUnitarioLicitado),15-13*$AF$10),0)","v":14.92},640.80999999999995,"RA","RA",{"$f":"IF($C28=\"S\",IF($Z28=\"CP\",$X28,IF($Z28=\"RA\",(($X28)*QCI!$AA$3),0)),SomaAgrup)","v":640.80999999999995},0,{"$f":"IF($N28=\"\",\"\",IF(ORÇAMENTO.Descricao=\"\",\"DESCRIÇÃO\",IF(AND($C28=\"S\",ORÇAMENTO.Unidade=\"\"),\"UNIDADE\",IF($X28<0,\"VALOR NEGATIVO\",IF(OR(AND(TIPOORCAMENTO=\"Proposto\",$AG28<>\"\",$AG28>0,ORÇAMENTO.CustoUnitario>$AG28),AND(TIPOORCAMENTO=\"LICITADO\",ORÇAMENTO.PrecoUnitarioLicitado>$AN28)),\"ACIMA REF.\",\"\")))))","v":""},{"$f":"IF(C28<=CRONO.NivelExibicao,MAX($AD$15:OFFSET(AD28,-1,0))+IF($C28<>1,1,MAX(1,COUNTIF(QCI!$A$13:$A$32,OFFSET($E28,-1,0)))),\"\")","v":""},{"$f":"IF(AND($C28=\"S\",ORÇAMENTO.CodBarra<>\"\"),IF(ORÇAMENTO.Fonte=\"\",ORÇAMENTO.CodBarra,CONCATENATE(ORÇAMENTO.Fonte,\" \",ORÇAMENTO.CodBarra)))","v":"SINAPI 102276"},{"$f":"IF(ISERROR(INDIRECT(ORÇAMENTO.BancoRef)),\"(abra o arquivo 'Referência \"&Excel_BuiltIn_Database&\".xls)\",IF(OR($C28<>\"S\",ORÇAMENTO.CodBarra=\"\"),\"(Sem Código)\",IF(ISERROR(MATCH($AE28,INDIRECT(ORÇAMENTO.BancoRef),0)),\"(Código não identificado nas referências)\",MATCH($AE28,INDIRECT(ORÇAMENTO.BancoRef),0))))","v":"(abra o arquivo 'Referência 06-2023.xls)"},{"$f":"ROUND(IF(DESONERACAO=\"sim\",REFERENCIA.Desonerado,REFERENCIA.NaoDesonerado),2)","v":0},0.23530000000000001,null,42.95,null,null,640.80999999999995,14.92]
[{"$f":"CHOOSE(1+LOG(1+2*(ORÇAMENTO.Nivel=\"Meta\")+4*(ORÇAMENTO.Nivel=\"Nível 2\")+8*(ORÇAMENTO.Nivel=\"Nível 3\")+16*(ORÇAMENTO.Nivel=\"Nível 4\")+32*(ORÇAMENTO.Nivel=\"Serviço\"),2),0,1,2,3,4,\"S\")","v":"S"},{"$f":"IF(OR(C29=\"s\",C29=0),OFFSET(B29,-1,0),C29)","v":2},{"$f":"IF(OFFSET(C29,-1,0)=\"L\",1,IF(OFFSET(C29,-1,0)=1,2,IF(OR(A29=\"s\",A29=0),\"S\",IF(AND(OFFSET(C29,-1,0)=2,A29=4),3,IF(AND(OR(OFFSET(C29,-1,0)=\"s\",OFFSET(C29,-1,0)=0),A29<>\"s\",A29>OFFSET(B29,-1,0)),OFFSET(B29,-1,0),A29)))))","v":"S"},{"$f":"IF(OR(C29=\"S\",C29=0),0,IF(ISERROR(K29),J29,SMALL(J29:K29,1)))","v":0},{"$f":"IF($C29=1,OFFSET(E29,-1,0)+MAX(1,COUNTIF(QCI!$A$13:$A$32,OFFSET(ORÇAMENTO!E29,-1,0))),OFFSET(E29,-1,0))","v":1},{"$f":"IF($C29=1,0,IF($C29=2,OFFSET(F29,-1,0)+1,OFFSET(F29,-1,0)))","v":4},{"$f":"IF(AND($C29<=2,$C29<>0),0,IF($C29=3,OFFSET(G29,-1,0)+1,OFFSET(G29,-1,0)))","v":0},{"$f":"IF(AND($C29<=3,$C29<>0),0,IF($C29=4,OFFSET(H29,-1,0)+1,OFFSET(H29,-1,0)))","v":0},{"$f":"IF(AND($C29<=4,$C29<>0),0,IF(AND($C29=\"S\",$X29>0),OFFSET(I29,-1,0)+1,OFFSET(I29,-1,0)))","v":2},0,{"$f":"IF(OR($C29=\"S\",$C29=0),0,MATCH(OFFSET($D29,0,$C29)+IF($C29<>1,1,COUNTIF(QCI!$A$13:$A$32,ORÇAMENTO!E29)),OFFSET($D29,1,$C29,ROW($C$850)-ROW($C29)),0))","v":0},{"$f":"IF(OR($X29>0,$C29=1,$C29=2,$C29=3,$C29=4),\"F\",\"\")","v":"F"},"Serviço",{"$f":"CHOOSE(1+LOG(1+2*(C29=1)+4*(C29=2)+8*(C29=3)+16*(C29=4)+32*(C29=\"S\"),2),\"\",\"Meta\",\"Nível 2\",\"Nível 3\",\"Nível 4\",\"Serviço\")","v":"Serviço"},{"$f":"IF(OR($C29=0,$L29=\"\"),\"-\",CONCATENATE(E29&\".\",IF(AND($A$5>=2,$C29>=2),F29&\".\",\"\"),IF(AND($A$5>=3,$C29>=3),G29&\".\",\"\"),IF(AND($A$5>=4,$C29>=4),H29&\".\",\"\"),IF($C29=\"S\",I29&\".\",\"\")))","v":"1.4.2."},"SINAPI","101116","ESCAVAÇÃO HORIZONTAL EM SOLO DE 1A CATEGORIA COM TRATOR DE ESTEIRAS (170HP/LÂMINA: 5,20M3). AF_07/2020","M3",{"$f":"OFFSET(CÁLCULO!H$15,ROW($T29)-ROW(T$15),0)","v":70.62},2.21,"BDI 1",{"$f":"IF($C29=\"S\",ROUND(IF(TIPOORCAMENTO=\"Proposto\",ORÇAMENTO.CustoUnitario*(1+$AH29),ORÇAMENTO.PrecoUnitarioLicitado),15-13*$AF$10),0)","v":2.73},{"$f":"IF($C29=\"S\",VTOTAL1,IF($C29=0,0,ROUND(SomaAgrup,15-13*$AF$11)))","v":192.79},"RA",{"$f":"IF(AND($C29=\"S\",$X29>0),IF(ISBLANK($Y29),\"RA\",LEFT($Y29,2)),\"\")","v":"RA"},{"$f":"IF($C29=\"S\",IF($Z29=\"CP\",$X29,IF($Z29=\"RA\",(($X29)*QCI!$AA$3),0)),SomaAgrup)","v":192.79},{"$f":"IF($C29=\"S\",IF($Z29=\"OU\",ROUND($X29,2),0),SomaAgrup)","v":0},{"$f":"IF($N29=\"\",\"\",IF(ORÇAMENTO.Descricao=\"\",\"DESCRIÇÃO\",IF(AND($C29=\"S\",ORÇAMENTO.Unidade=\"\"),\"UNIDADE\",IF($X29<0,\"VALOR NEGATIVO\",IF(OR(AND(TIPOORCAMENTO=\"Proposto\",$AG29<>\"\",$AG29>0,ORÇAMENTO.CustoUnitario>$AG29),AND(TIPOORCAMENTO=\"LICITADO\",ORÇAMENTO.PrecoUnitarioLicitado>$AN29)),\"ACIMA REF.\",\"\")))))","v":""},{"$f":"IF(C29<=CRONO.NivelExibicao,MAX($AD$15:OFFSET(AD29,-1,0))+IF($C29<>1,1,MAX(1,COUNTIF(QCI!$A$13:$A$32,OFFSET($E29,-1,0)))),\"\")","v":""},{"$f":"IF(AND($C29=\"S\",ORÇAMENTO.CodBarra<>\"\"),IF(ORÇAMENTO.Fonte=\"\",ORÇAMENTO.CodBarra,CONCATENATE(ORÇAMENTO.Fonte,\" \",ORÇAMENTO.CodBarra)))","v":"SINAPI 101116"},{"$f":"IF(ISERROR(INDIRECT(ORÇAMENTO.BancoRef)),\"(abra o arquivo 'Referência \"&Excel_BuiltIn_Database&\".xls)\",IF(OR($C29<>\"S\",ORÇAMENTO.CodBarra=\"\"),\"(Sem Código)\",IF(ISERROR(MATCH($AE29,INDIRECT(ORÇAMENTO.BancoRef),0)),\"(Código não identificado nas referências)\",MATCH($AE29,INDIRECT(ORÇAMENTO.BancoRef),0))))","v":"(abra o arquivo 'Referência 06-2023.xls)"},{"$f":"ROUND(IF(DESONERACAO=\"sim\",REFERENCIA.Desonerado,REFERENCIA.NaoDesonerado),2)","v":0},{"$f":"ROUND(IF(ISNUMBER(ORÇAMENTO.OpcaoBDI),ORÇAMENTO.OpcaoBDI,IF(LEFT(ORÇAMENTO.OpcaoBDI,3)=\"BDI\",HLOOKUP(ORÇAMENTO.OpcaoBDI,$F$4:$H$5,2,FALSE),0)),15-11*$AF$9)","v":0.23530000000000001},null,{"$f":"AJ53*0.22","v":70.62},null,null,192.79,{"$f":"ROUND(ORÇAMENTO.CustoUnitario*(1+$AH29),2)","v":2.73}]
["S",2,"S",0,{"$f":"IF($C30=1,OFFSET(E30,-1,0)+MAX(1,COUNTIF(QCI!$A$13:$A$32,OFFSET(ORÇAMENTO!E30,-1,0))),OFFSET(E30,-1,0))","v":1},4,0,0,3,0,{"$f":"IF(OR($C30=\"S\",$C30=0),0,MATCH(OFFSET($D30,0,$C30)+IF($C30<>1,1,COUNTIF(QCI!$A$13:$A$32,ORÇAMENTO!E30)),OFFSET($D30,1,$C30,ROW($C$850)-ROW($C30)),0))","v":0},"F","Serviço","Serviço","1.4.3.","SINAPI","100978","CARGA, MANOBRA E DESCARGA DE MATERIAL REMOVIDO EM CAMINHÃO BASCULANTE - CARGA COM ESCAVADEIRA HIDRÁULICA","M3",{"$f":"OFFSET(CÁLCULO!H$15,ROW($T30)-ROW(T$15),0)","v":113.57},6.33,"BDI 1",{"$f":"IF($C30=\"S\",ROUND(IF(TIPOORCAMENTO=\"Proposto\",ORÇAMENTO.CustoUnitario*(1+$AH30),ORÇAMENTO.PrecoUnitarioLicitado),15-13*$AF$10),0)","v":7.82},888.12,"RA","RA",{"$f":"IF($C30=\"S\",IF($Z30=\"CP\",$X30,IF($Z30=\"RA\",(($X30)*QCI!$AA$3),0)),SomaAgrup)","v":888.12},0,{"$f":"IF($N30=\"\",\"\",IF(ORÇAMENTO.Descricao=\"\",\"DESCRIÇÃO\",IF(AND($C30=\"S\",ORÇAMENTO.Unidade=\"\"),\"UNIDADE\",IF($X30<0,\"VALOR NEGATIVO\",IF(OR(AND(TIPOORCAMENTO=\"Proposto\",$AG30<>\"\",$AG30>0,ORÇAMENTO.CustoUnitario>$AG30),AND(TIPOORCAMENTO=\"LICITADO\",ORÇAMENTO.PrecoUnitarioLicitado>$AN30)),\"ACIMA REF.\",\"\")))))","v":""},{"$f":"IF(C30<=CRONO.NivelExibicao,MAX($AD$15:OFFSET(AD30,-1,0))+IF($C30<>1,1,MAX(1,COUNTIF(QCI!$A$13:$A$32,OFFSET($E30,-1,0)))),\"\")","v":""},{"$f":"IF(AND($C30=\"S\",ORÇAMENTO.CodBarra<>\"\"),IF(ORÇAMENTO.Fonte=\"\",ORÇAMENTO.CodBarra,CONCATENATE(ORÇAMENTO.Fonte,\" \",ORÇAMENTO.CodBarra)))","v":"SINAPI 100978"},{"$f":"IF(ISERROR(INDIRECT(ORÇAMENTO.BancoRef)),\"(abra o arquivo 'Referência \"&Excel_BuiltIn_Database&\".xls)\",IF(OR($C30<>\"S\",ORÇAMENTO.CodBarra=\"\"),\"(Sem Código)\",IF(ISERROR(MATCH($AE30,INDIRECT(ORÇAMENTO.BancoRef),0)),\"(Código não identificado nas referências)\",MATCH($AE30,INDIRECT(ORÇAMENTO.BancoRef),0))))","v":"(abra o arquivo 'Referência 06-2023.xls)"},{"$f":"ROUND(IF(DESONERACAO=\"sim\",REFERENCIA.Desonerado,REFERENCIA.NaoDesonerado),2)","v":0},0.23530000000000001,null,{"$f":"AJ28+AJ29","v":113.57000000000001},null,null,888.12,7.82]
["S",2,"S",0,{"$f":"IF($C31=1,OFFSET(E31,-1,0)+MAX(1,COUNTIF(QCI!$A$13:$A$32,OFFSET(ORÇAMENTO!E31,-1,0))),OFFSET(E31,-1,0))","v":1},4,0,0,4,0,{"$f":"IF(OR($C31=\"S\",$C31=0),0,MATCH(OFFSET($D31,0,$C31)+IF($C31<>1,1,COUNTIF(QCI!$A$13:$A$32,ORÇAMENTO!E31)),OFFSET($D31,1,$C31,ROW($C$850)-ROW($C31)),0))","v":0},"F","Serviço","Serviço","1.4.4.","SINAPI","95875","TRANSPORTE DE MATERIAL REMOVIDO COM CAMINHÃO BASCULANTE, DMT = 2 KM","M3XKM",{"$f":"OFFSET(CÁLCULO!H$15,ROW($T31)-ROW(T$15),0)","v":227.14},2.23,"BDI 1",{"$f":"IF($C31=\"S\",ROUND(IF(TIPOORCAMENTO=\"Proposto\",ORÇAMENTO.CustoUnitario*(1+$AH31),ORÇAMENTO.PrecoUnitarioLicitado),15-13*$AF$10),0)","v":2.75},624.64,"RA","RA",{"$f":"IF($C31=\"S\",IF($Z31=\"CP\",$X31,IF($Z31=\"RA\",(($X31)*QCI!$AA$3),0)),SomaAgrup)","v":624.64},0,{"$f":"IF($N31=\"\",\"\",IF(ORÇAMENTO.Descricao=\"\",\"DESCRIÇÃO\",IF(AND($C31=\"S\",ORÇAMENTO.Unidade=\"\"),\"UNIDADE\",IF($X31<0,\"VALOR NEGATIVO\",IF(OR(AND(TIPOORCAMENTO=\"Proposto\",$AG31<>\"\",$AG31>0,ORÇAMENTO.CustoUnitario>$AG31),AND(TIPOORCAMENTO=\"LICITADO\",ORÇAMENTO.PrecoUnitarioLicitado>$AN31)),\"ACIMA REF.\",\"\")))))","v":""},{"$f":"IF(C31<=CRONO.NivelExibicao,MAX($AD$15:OFFSET(AD31,-1,0))+IF($C31<>1,1,MAX(1,COUNTIF(QCI!$A$13:$A$32,OFFSET($E31,-1,0)))),\"\")","v":""},{"$f":"IF(AND($C31=\"S\",ORÇAMENTO.CodBarra<>\"\"),IF(ORÇAMENTO.Fonte=\"\",ORÇAMENTO.CodBarra,CONCATENATE(ORÇAMENTO.Fonte,\" \",ORÇAMENTO.CodBarra)))","v":"SINAPI 95875"},{"$f":"IF(ISERROR(INDIRECT(ORÇAMENTO.BancoRef)),\"(abra o arquivo 'Referência \"&Excel_BuiltIn_Database&\".xls)\",IF(OR($C31<>\"S\",ORÇAMENTO.CodBarra=\"\"),\"(Sem Código)\",IF(ISERROR(MATCH($AE31,INDIRECT(ORÇAMENTO.BancoRef),0)),\"(Código não identificado nas referências)\",MATCH($AE31,INDIRECT(ORÇAMENTO.BancoRef),0))))","v":"(abra o arquivo 'Referência 06-2023.xls)"},{"$f":"ROUND(IF(DESONERACAO=\"sim\",REFERENCIA.Desonerado,REFERENCIA.NaoDesonerado),2)","v":0},0.23530000000000001,null,{"$f":"AJ30*2","v":227.14000000000001},null,null,624.64,2.75]
["S",2,"S",0,{"$f":"IF($C32=1,OFFSET(E32,-1,0)+MAX(1,COUNTIF(QCI!$A$13:$A$32,OFFSET(ORÇAMENTO!E32,-1,0))),OFFSET(E32,-1,0))","v":1},4,0,0,5,0,{"$f":"IF(OR($C32=\"S\",$C32=0),0,MATCH(OFFSET($D32,0,$C32)+IF($C32<>1,1,COUNTIF(QCI!$A$13:$A$32,ORÇAMENTO!E32)),OFFSET($D32,1,$C32,ROW($C$850)-ROW($C32)),0))","v":0},"F","Serviço","Serviço","1.4.5.","SINAPI","102355","DESMONTE DE BLOCOS DE ROCHA COM MARTELETE PNEUMÁTICO","M3",{"$f":"OFFSET(CÁLCULO!H$15,ROW($T32)-ROW(T$15),0)","v":2.15},166.39,"BDI 1",{"$f":"IF($C32=\"S\",ROUND(IF(TIPOORCAMENTO=\"Proposto\",ORÇAMENTO.CustoUnitario*(1+$AH32),ORÇAMENTO.PrecoUnitarioLicitado),15-13*$AF$10),0)","v":205.54},441.91,"RA","RA",{"$f":"IF($C32=\"S\",IF($Z32=\"CP\",$X32,IF($Z32=\"RA\",(($X32)*QCI!$AA$3),0)),SomaAgrup)","v":441.91},0,{"$f":"IF($N32=\"\",\"\",IF(ORÇAMENTO.Descricao=\"\",\"DESCRIÇÃO\",IF(AND($C32=\"S\",ORÇAMENTO.Unidade=\"\"),\"UNIDADE\",IF($X32<0,\"VALOR NEGATIVO\",IF(OR(AND(TIPOORCAMENTO=\"Proposto\",$AG32<>\"\",$AG32>0,ORÇAMENTO.CustoUnitario>$AG32),AND(TIPOORCAMENTO=\"LICITADO\",ORÇAMENTO.PrecoUnitarioLicitado>$AN32)),\"ACIMA REF.\",\"\")))))","v":""},{"$f":"IF(C32<=CRONO.NivelExibicao,MAX($AD$15:OFFSET(AD32,-1,0))+IF($C32<>1,1,MAX(1,COUNTIF(QCI!$A$13:$A$32,OFFSET($E32,-1,0)))),\"\")","v":""},{"$f":"IF(AND($C32=\"S\",ORÇAMENTO.CodBarra<>\"\"),IF(ORÇAMENTO.Fonte=\"\",ORÇAMENTO.CodBarra,CONCATENATE(ORÇAMENTO.Fonte,\" \",ORÇAMENTO.CodBarra)))","v":"SINAPI 102355"},{"$f":"IF(ISERROR(INDIRECT(ORÇAMENTO.BancoRef)),\"(abra o arquivo 'Referência \"&Excel_BuiltIn_Database&\".xls)\",IF(OR($C32<>\"S\",ORÇAMENTO.CodBarra=\"\"),\"(Sem Código)\",IF(ISERROR(MATCH($AE32,INDIRECT(ORÇAMENTO.BancoRef),0)),\"(Código não identificado nas referências)\",MATCH($AE32,INDIRECT(ORÇAMENTO.BancoRef),0))))","v":"(abra o arquivo 'Referência 06-2023.xls)"},{"$f":"ROUND(IF(DESONERACAO=\"sim\",REFERENCIA.Desonerado,REFERENCIA.NaoDesonerado),2)","v":0},0.23530000000000001,null,{"$f":"AJ28*0.05","v":2.1475000000000004},null,null,441.91,205.54]
["S",2,"S",0,{"$f":"IF($C33=1,OFFSET(E33,-1,0)+MAX(1,COUNTIF(QCI!$A$13:$A$32,OFFSET(ORÇAMENTO!E33,-1,0))),OFFSET(E33,-1,0))","v":1},4,0,0,6,0,{"$f":"IF(OR($C33=\"S\",$C33=0),0,MATCH(OFFSET($D33,0,$C33)+IF($C33<>1,1,COUNTIF(QCI!$A$13:$A$32,ORÇAMENTO!E33)),OFFSET($D33,1,$C33,ROW($C$850)-ROW($C33)),0))","v":0},"F","Serviço","Serviço","1.4.6.","SINAPI","100978","CARGA, MANOBRA E DESCARGA DE MATERIAL REMOVIDO EM CAMINHÃO BASCULANTE - CARGA COM ESCAVADEIRA HIDRÁULICA","M3",{"$f":"OFFSET(CÁLCULO!H$15,ROW($T33)-ROW(T$15),0)","v":2.15},6.33,"BDI 1",{"$f":"IF($C33=\"S\",ROUND(IF(TIPOORCAMENTO=\"Proposto\",ORÇAMENTO.CustoUnitario*(1+$AH33),ORÇAMENTO.PrecoUnitarioLicitado),15-13*$AF$10),0)","v":7.82},16.809999999999999,"RA","RA",{"$f":"IF($C33=\"S\",IF($Z33=\"CP\",$X33,IF($Z33=\"RA\",(($X33)*QCI!$AA$3),0)),SomaAgrup)","v":16.809999999999999},0,{"$f":"IF($N33=\"\",\"\",IF(ORÇAMENTO.Descricao=\"\",\"DESCRIÇÃO\",IF(AND($C33=\"S\",ORÇAMENTO.Unidade=\"\"),\"UNIDADE\",IF($X33<0,\"VALOR NEGATIVO\",IF(OR(AND(TIPOORCAMENTO=\"Proposto\",$AG33<>\"\",$AG33>0,ORÇAMENTO.CustoUnitario>$AG33),AND(TIPOORCAMENTO=\"LICITADO\",ORÇAMENTO.PrecoUnitarioLicitado>$AN33)),\"ACIMA REF.\",\"\")))))","v":""},{"$f":"IF(C33<=CRONO.NivelExibicao,MAX($AD$15:OFFSET(AD33,-1,0))+IF($C33<>1,1,MAX(1,COUNTIF(QCI!$A$13:$A$32,OFFSET($E33,-1,0)))),\"\")","v":""},{"$f":"IF(AND($C33=\"S\",ORÇAMENTO.CodBarra<>\"\"),IF(ORÇAMENTO.Fonte=\"\",ORÇAMENTO.CodBarra,CONCATENATE(ORÇAMENTO.Fonte,\" \",ORÇAMENTO.CodBarra)))","v":"SINAPI 100978"},{"$f":"IF(ISERROR(INDIRECT(ORÇAMENTO.BancoRef)),\"(abra o arquivo 'Referência \"&Excel_BuiltIn_Database&\".xls)\",IF(OR($C33<>\"S\",ORÇAMENTO.CodBarra=\"\"),\"(Sem Código)\",IF(ISERROR(MATCH($AE33,INDIRECT(ORÇAMENTO.BancoRef),0)),\"(Código não identificado nas referências)\",MATCH($AE33,INDIRECT(ORÇAMENTO.BancoRef),0))))","v":"(abra o arquivo 'Referência 06-2023.xls)"},{"$f":"ROUND(IF(DESONERACAO=\"sim\",REFERENCIA.Desonerado,REFERENCIA.NaoDesonerado),2)","v":0},0.23530000000000001,null,{"$f":"AJ32","v":2.1475000000000004},null,null,16.809999999999999,7.82]
["S",2,"S",0,{"$f":"IF($C34=1,OFFSET(E34,-1,0)+MAX(1,COUNTIF(QCI!$A$13:$A$32,OFFSET(ORÇAMENTO!E34,-1,0))),OFFSET(E34,-1,0))","v":1},4,0,0,7,0,{"$f":"IF(OR($C34=\"S\",$C34=0),0,MATCH(OFFSET($D34,0,$C34)+IF($C34<>1,1,COUNTIF(QCI!$A$13:$A$32,ORÇAMENTO!E34)),OFFSET($D34,1,$C34,ROW($C$850)-ROW($C34)),0))","v":0},"F","Serviço","Serviço","1.4.7.","SINAPI","95875","TRANSPORTE DE MATERIAL REMOVIDO COM CAMINHÃO BASCULANTE, DMT = 2 KM","M3XKM",{"$f":"OFFSET(CÁLCULO!H$15,ROW($T34)-ROW(T$15),0)","v":4.3},2.23,"BDI 1",{"$f":"IF($C34=\"S\",ROUND(IF(TIPOORCAMENTO=\"Proposto\",ORÇAMENTO.CustoUnitario*(1+$AH34),ORÇAMENTO.PrecoUnitarioLicitado),15-13*$AF$10),0)","v":2.75},11.83,"RA","RA",{"$f":"IF($C34=\"S\",IF($Z34=\"CP\",$X34,IF($Z34=\"RA\",(($X34)*QCI!$AA$3),0)),SomaAgrup)","v":11.83},0,{"$f":"IF($N34=\"\",\"\",IF(ORÇAMENTO.Descricao=\"\",\"DESCRIÇÃO\",IF(AND($C34=\"S\",ORÇAMENTO.Unidade=\"\"),\"UNIDADE\",IF($X34<0,\"VALOR NEGATIVO\",IF(OR(AND(TIPOORCAMENTO=\"Proposto\",$AG34<>\"\",$AG34>0,ORÇAMENTO.CustoUnitario>$AG34),AND(TIPOORCAMENTO=\"LICITADO\",ORÇAMENTO.PrecoUnitarioLicitado>$AN34)),\"ACIMA REF.\",\"\")))))","v":""},{"$f":"IF(C34<=CRONO.NivelExibicao,MAX($AD$15:OFFSET(AD34,-1,0))+IF($C34<>1,1,MAX(1,COUNTIF(QCI!$A$13:$A$32,OFFSET($E34,-1,0)))),\"\")","v":""},{"$f":"IF(AND($C34=\"S\",ORÇAMENTO.CodBarra<>\"\"),IF(ORÇAMENTO.Fonte=\"\",ORÇAMENTO.CodBarra,CONCATENATE(ORÇAMENTO.Fonte,\" \",ORÇAMENTO.CodBarra)))","v":"SINAPI 95875"},{"$f":"IF(ISERROR(INDIRECT(ORÇAMENTO.BancoRef)),\"(abra o arquivo 'Referência \"&Excel_BuiltIn_Database&\".xls)\",IF(OR($C34<>\"S\",ORÇAMENTO.CodBarra=\"\"),\"(Sem Código)\",IF(ISERROR(MATCH($AE34,INDIRECT(ORÇAMENTO.BancoRef),0)),\"(Código não identificado nas referências)\",MATCH($AE34,INDIRECT(ORÇAMENTO.BancoRef),0))))","v":"(abra o arquivo 'Referência 06-2023.xls)"},{"$f":"ROUND(IF(DESONERACAO=\"sim\",REFERENCIA.Desonerado,REFERENCIA.NaoDesonerado),2)","v":0},0.23530000000000001,null,{"$f":"AJ33*2","v":4.2950000000000008},null,null,11.83,2.75]
[2,2,2,4,{"$f":"IF($C35=1,OFFSET(E35,-1,0)+MAX(1,COUNTIF(QCI!$A$13:$A$32,OFFSET(ORÇAMENTO!E35,-1,0))),OFFSET(E35,-1,0))","v":1},5,0,0,0,29,{"$f":"IF(OR($C35=\"S\",$C35=0),0,MATCH(OFFSET($D35,0,$C35)+IF($C35<>1,1,COUNTIF(QCI!$A$13:$A$32,ORÇAMENTO!E35)),OFFSET($D35,1,$C35,ROW($C$850)-ROW($C35)),0))","v":4},"F","Nível 2","Nível 2","1.5.","SINAPI",null,"DRENAGEM","-",{"$f":"OFFSET(CÁLCULO!H$15,ROW($T35)-ROW(T$15),0)","v":0},0,"BDI 1",{"$f":"IF($C35=\"S\",ROUND(IF(TIPOORCAMENTO=\"Proposto\",ORÇAMENTO.CustoUnitario*(1+$AH35),ORÇAMENTO.PrecoUnitarioLicitado),15-13*$AF$10),0)","v":0},13627.22,"RA","",{"$f":"IF($C35=\"S\",IF($Z35=\"CP\",$X35,IF($Z35=\"RA\",(($X35)*QCI!$AA$3),0)),SomaAgrup)","v":13627.220000000001},0,{"$f":"IF($N35=\"\",\"\",IF(ORÇAMENTO.Descricao=\"\",\"DESCRIÇÃO\",IF(AND($C35=\"S\",ORÇAMENTO.Unidade=\"\"),\"UNIDADE\",IF($X35<0,\"VALOR NEGATIVO\",IF(OR(AND(TIPOORCAMENTO=\"Proposto\",$AG35<>\"\",$AG35>0,ORÇAMENTO.CustoUnitario>$AG35),AND(TIPOORCAMENTO=\"LICITADO\",ORÇAMENTO.PrecoUnitarioLicitado>$AN35)),\"ACIMA REF.\",\"\")))))","v":""},{"$f":"IF(C35<=CRONO.NivelExibicao,MAX($AD$15:OFFSET(AD35,-1,0))+IF($C35<>1,1,MAX(1,COUNTIF(QCI!$A$13:$A$32,OFFSET($E35,-1,0)))),\"\")","v":""},{"$f":"IF(AND($C35=\"S\",ORÇAMENTO.CodBarra<>\"\"),IF(ORÇAMENTO.Fonte=\"\",ORÇAMENTO.CodBarra,CONCATENATE(ORÇAMENTO.Fonte,\" \",ORÇAMENTO.CodBarra)))","v":false},{"$f":"IF(ISERROR(INDIRECT(ORÇAMENTO.BancoRef)),\"(abra o arquivo 'Referência \"&Excel_BuiltIn_Database&\".xls)\",IF(OR($C35<>\"S\",ORÇAMENTO.CodBarra=\"\"),\"(Sem Código)\",IF(ISERROR(MATCH($AE35,INDIRECT(ORÇAMENTO.BancoRef),0)),\"(Código não identificado nas referências)\",MATCH($AE35,INDIRECT(ORÇAMENTO.BancoRef),0))))","v":"(abra o arquivo 'Referência 06-2023.xls)"},{"$f":"ROUND(IF(DESONERACAO=\"sim\",REFERENCIA.Desonerado,REFERENCIA.NaoDesonerado),2)","v":0},0.23530000000000001,null,null,null,null,13627.22,0]
["S",2,"S",0,{"$f":"IF($C36=1,OFFSET(E36,-1,0)+MAX(1,COUNTIF(QCI!$A$13:$A$32,OFFSET(ORÇAMENTO!E36,-1,0))),OFFSET(E36,-1,0))","v":1},5,0,0,1,0,{"$f":"IF(OR($C36=\"S\",$C36=0),0,MATCH(OFFSET($D36,0,$C36)+IF($C36<>1,1,COUNTIF(QCI!$A$13:$A$32,ORÇAMENTO!E36)),OFFSET($D36,1,$C36,ROW($C$850)-ROW($C36)),0))","v":0},"F","Serviço","Serviço","1.5.1.","SINAPI",92219,"TUBO DE CONCRETO PARA REDES COLETORAS DE ÁGUAS PLUVIAIS, DIÂMETRO DE 400 MM, JUNTA RÍGIDA, INSTALADO EM LOCAL COM ALTO NÍVEL DE INTERFERÊNCIAS - FORNECIMENTO E ASSENTAMENTO. AF_12/2015","M",{"$f":"OFFSET(CÁLCULO!H$15,ROW($T36)-ROW(T$15),0)","v":34},178.6,"BDI 1",{"$f":"IF($C36=\"S\",ROUND(IF(TIPOORCAMENTO=\"Proposto\",ORÇAMENTO.CustoUnitario*(1+$AH36),ORÇAMENTO.PrecoUnitarioLicitado),15-13*$AF$10),0)","v":220.62},7501.08,"RA","RA",{"$f":"IF($C36=\"S\",IF($Z36=\"CP\",$X36,IF($Z36=\"RA\",(($X36)*QCI!$AA$3),0)),SomaAgrup)","v":7501.08},0,{"$f":"IF($N36=\"\",\"\",IF(ORÇAMENTO.Descricao=\"\",\"DESCRIÇÃO\",IF(AND($C36=\"S\",ORÇAMENTO.Unidade=\"\"),\"UNIDADE\",IF($X36<0,\"VALOR NEGATIVO\",IF(OR(AND(TIPOORCAMENTO=\"Proposto\",$AG36<>\"\",$AG36>0,ORÇAMENTO.CustoUnitario>$AG36),AND(TIPOORCAMENTO=\"LICITADO\",ORÇAMENTO.PrecoUnitarioLicitado>$AN36)),\"ACIMA REF.\",\"\")))))","v":""},{"$f":"IF(C36<=CRONO.NivelExibicao,MAX($AD$15:OFFSET(AD36,-1,0))+IF($C36<>1,1,MAX(1,COUNTIF(QCI!$A$13:$A$32,OFFSET($E36,-1,0)))),\"\")","v":""},{"$f":"IF(AND($C36=\"S\",ORÇAMENTO.CodBarra<>\"\"),IF(ORÇAMENTO.Fonte=\"\",ORÇAMENTO.CodBarra,CONCATENATE(ORÇAMENTO.Fonte,\" \",ORÇAMENTO.CodBarra)))","v":"SINAPI 92219"},{"$f":"IF(ISERROR(INDIRECT(ORÇAMENTO.BancoRef)),\"(abra o arquivo 'Referência \"&Excel_BuiltIn_Database&\".xls)\",IF(OR($C36<>\"S\",ORÇAMENTO.CodBarra=\"\"),\"(Sem Código)\",IF(ISERROR(MATCH($AE36,INDIRECT(ORÇAMENTO.BancoRef),0)),\"(Código não identificado nas referências)\",MATCH($AE36,INDIRECT(ORÇAMENTO.BancoRef),0))))","v":"(abra o arquivo 'Referência 06-2023.xls)"},{"$f":"ROUND(IF(DESONERACAO=\"sim\",REFERENCIA.Desonerado,REFERENCIA.NaoDesonerado),2)","v":0},0.23530000000000001,null,34,null,null,7501.08,220.62]
[{"$f":"CHOOSE(1+LOG(1+2*(ORÇAMENTO.Nivel=\"Meta\")+4*(ORÇAMENTO.Nivel=\"Nível 2\")+8*(ORÇAMENTO.Nivel=\"Nível 3\")+16*(ORÇAMENTO.Nivel=\"Nível 4\")+32*(ORÇAMENTO.Nivel=\"Serviço\"),2),0,1,2,3,4,\"S\")","v":"S"},{"$f":"IF(OR(C37=\"s\",C37=0),OFFSET(B37,-1,0),C37)","v":2},{"$f":"IF(OFFSET(C37,-1,0)=\"L\",1,IF(OFFSET(C37,-1,0)=1,2,IF(OR(A37=\"s\",A37=0),\"S\",IF(AND(OFFSET(C37,-1,0)=2,A37=4),3,IF(AND(OR(OFFSET(C37,-1,0)=\"s\",OFFSET(C37,-1,0)=0),A37<>\"s\",A37>OFFSET(B37,-1,0)),OFFSET(B37,-1,0),A37)))))","v":"S"},{"$f":"IF(OR(C37=\"S\",C37=0),0,IF(ISERROR(K37),J37,SMALL(J37:K37,1)))","v":0},{"$f":"IF($C37=1,OFFSET(E37,-1,0)+MAX(1,COUNTIF(QCI!$A$13:$A$32,OFFSET(ORÇAMENTO!E37,-1,0))),OFFSET(E37,-1,0))","v":1},{"$f":"IF($C37=1,0,IF($C37=2,OFFSET(F37,-1,0)+1,OFFSET(F37,-1,0)))","v":5},{"$f":"IF(AND($C37<=2,$C37<>0),0,IF($C37=3,OFFSET(G37,-1,0)+1,OFFSET(G37,-1,0)))","v":0},{"$f":"IF(AND($C37<=3,$C37<>0),0,IF($C37=4,OFFSET(H37,-1,0)+1,OFFSET(H37,-1,0)))","v":0},{"$f":"IF(AND($C37<=4,$C37<>0),0,IF(AND($C37=\"S\",$X37>0),OFFSET(I37,-1,0)+1,OFFSET(I37,-1,0)))","v":2},0,{"$f":"IF(OR($C37=\"S\",$C37=0),0,MATCH(OFFSET($D37,0,$C37)+IF($C37<>1,1,COUNTIF(QCI!$A$13:$A$32,ORÇAMENTO!E37)),OFFSET($D37,1,$C37,ROW($C$850)-ROW($C37)),0))","v":0},{"$f":"IF(OR($X37>0,$C37=1,$C37=2,$C37=3,$C37=4),\"F\",\"\")","v":"F"},"Serviço",{"$f":"CHOOSE(1+LOG(1+2*(C37=1)+4*(C37=2)+8*(C37=3)+16*(C37=4)+32*(C37=\"S\"),2),\"\",\"Meta\",\"Nível 2\",\"Nível 3\",\"Nível 4\",\"Serviço\")","v":"Serviço"},{"$f":"IF(OR($C37=0,$L37=\"\"),\"-\",CONCATENATE(E37&\".\",IF(AND($A$5>=2,$C37>=2),F37&\".\",\"\"),IF(AND($A$5>=3,$C37>=3),G37&\".\",\"\"),IF(AND($A$5>=4,$C37>=4),H37&\".\",\"\"),IF($C37=\"S\",I37&\".\",\"\")))","v":"1.5.2."},"AMMOC","BL01","BOCA DE LOBO EM CONCRETO ARMADO E GRADE DE AÇO EM BARRA DE FERRO CHATA 0,70M X 1,00M - TIPO 1 ","UND",{"$f":"OFFSET(CÁLCULO!H$15,ROW($T37)-ROW(T$15),0)","v":1},2617.0700000000002,"BDI 1",{"$f":"IF($C37=\"S\",ROUND(IF(TIPOORCAMENTO=\"Proposto\",ORÇAMENTO.CustoUnitario*(1+$AH37),ORÇAMENTO.PrecoUnitarioLicitado),15-13*$AF$10),0)","v":3232.87},{"$f":"IF($C37=\"S\",VTOTAL1,IF($C37=0,0,ROUND(SomaAgrup,15-13*$AF$11)))","v":3232.87},"RA",{"$f":"IF(AND($C37=\"S\",$X37>0),IF(ISBLANK($Y37),\"RA\",LEFT($Y37,2)),\"\")","v":"RA"},{"$f":"IF($C37=\"S\",IF($Z37=\"CP\",$X37,IF($Z37=\"RA\",(($X37)*QCI!$AA$3),0)),SomaAgrup)","v":3232.87},{"$f":"IF($C37=\"S\",IF($Z37=\"OU\",ROUND($X37,2),0),SomaAgrup)","v":0},{"$f":"IF($N37=\"\",\"\",IF(ORÇAMENTO.Descricao=\"\",\"DESCRIÇÃO\",IF(AND($C37=\"S\",ORÇAMENTO.Unidade=\"\"),\"UNIDADE\",IF($X37<0,\"VALOR NEGATIVO\",IF(OR(AND(TIPOORCAMENTO=\"Proposto\",$AG37<>\"\",$AG37>0,ORÇAMENTO.CustoUnitario>$AG37),AND(TIPOORCAMENTO=\"LICITADO\",ORÇAMENTO.PrecoUnitarioLicitado>$AN37)),\"ACIMA REF.\",\"\")))))","v":""},{"$f":"IF(C37<=CRONO.NivelExibicao,MAX($AD$15:OFFSET(AD37,-1,0))+IF($C37<>1,1,MAX(1,COUNTIF(QCI!$A$13:$A$32,OFFSET($E37,-1,0)))),\"\")","v":""},{"$f":"IF(AND($C37=\"S\",ORÇAMENTO.CodBarra<>\"\"),IF(ORÇAMENTO.Fonte=\"\",ORÇAMENTO.CodBarra,CONCATENATE(ORÇAMENTO.Fonte,\" \",ORÇAMENTO.CodBarra)))","v":"AMMOC BL01"},{"$f":"IF(ISERROR(INDIRECT(ORÇAMENTO.BancoRef)),\"(abra o arquivo 'Referência \"&Excel_BuiltIn_Database&\".xls)\",IF(OR($C37<>\"S\",ORÇAMENTO.CodBarra=\"\"),\"(Sem Código)\",IF(ISERROR(MATCH($AE37,INDIRECT(ORÇAMENTO.BancoRef),0)),\"(Código não identificado nas referências)\",MATCH($AE37,INDIRECT(ORÇAMENTO.BancoRef),0))))","v":"(abra o arquivo 'Referência 06-2023.xls)"},{"$f":"ROUND(IF(DESONERACAO=\"sim\",REFERENCIA.Desonerado,REFERENCIA.NaoDesonerado),2)","v":0},{"$f":"ROUND(IF(ISNUMBER(ORÇAMENTO.OpcaoBDI),ORÇAMENTO.OpcaoBDI,IF(LEFT(ORÇAMENTO.OpcaoBDI,3)=\"BDI\",HLOOKUP(ORÇAMENTO.OpcaoBDI,$F$4:$H$5,2,FALSE),0)),15-11*$AF$9)","v":0.23530000000000001},null,1,null,null,3232.87,{"$f":"ROUND(ORÇAMENTO.CustoUnitario*(1+$AH37),2)","v":3232.87}]
[{"$f":"CHOOSE(1+LOG(1+2*(ORÇAMENTO.Nivel=\"Meta\")+4*(ORÇAMENTO.Nivel=\"Nível 2\")+8*(ORÇAMENTO.Nivel=\"Nível 3\")+16*(ORÇAMENTO.Nivel=\"Nível 4\")+32*(ORÇAMENTO.Nivel=\"Serviço\"),2),0,1,2,3,4,\"S\")","v":"S"},{"$f":"IF(OR(C38=\"s\",C38=0),OFFSET(B38,-1,0),C38)","v":2},{"$f":"IF(OFFSET(C38,-1,0)=\"L\",1,IF(OFFSET(C38,-1,0)=1,2,IF(OR(A38=\"s\",A38=0),\"S\",IF(AND(OFFSET(C38,-1,0)=2,A38=4),3,IF(AND(OR(OFFSET(C38,-1,0)=\"s\",OFFSET(C38,-1,0)=0),A38<>\"s\",A38>OFFSET(B38,-1,0)),OFFSET(B38,-1,0),A38)))))","v":"S"},{"$f":"IF(OR(C38=\"S\",C38=0),0,IF(ISERROR(K38),J38,SMALL(J38:K38,1)))","v":0},{"$f":"IF($C38=1,OFFSET(E38,-1,0)+MAX(1,COUNTIF(QCI!$A$13:$A$32,OFFSET(ORÇAMENTO!E38,-1,0))),OFFSET(E38,-1,0))","v":1},{"$f":"IF($C38=1,0,IF($C38=2,OFFSET(F38,-1,0)+1,OFFSET(F38,-1,0)))","v":5},{"$f":"IF(AND($C38<=2,$C38<>0),0,IF($C38=3,OFFSET(G38,-1,0)+1,OFFSET(G38,-1,0)))","v":0},{"$f":"IF(AND($C38<=3,$C38<>0),0,IF($C38=4,OFFSET(H38,-1,0)+1,OFFSET(H38,-1,0)))","v":0},{"$f":"IF(AND($C38<=4,$C38<>0),0,IF(AND($C38=\"S\",$X38>0),OFFSET(I38,-1,0)+1,OFFSET(I38,-1,0)))","v":3},0,{"$f":"IF(OR($C38=\"S\",$C38=0),0,MATCH(OFFSET($D38,0,$C38)+IF($C38<>1,1,COUNTIF(QCI!$A$13:$A$32,ORÇAMENTO!E38)),OFFSET($D38,1,$C38,ROW($C$850)-ROW($C38)),0))","v":0},{"$f":"IF(OR($X38>0,$C38=1,$C38=2,$C38=3,$C38=4),\"F\",\"\")","v":"F"},"Serviço",{"$f":"CHOOSE(1+LOG(1+2*(C38=1)+4*(C38=2)+8*(C38=3)+16*(C38=4)+32*(C38=\"S\"),2),\"\",\"Meta\",\"Nível 2\",\"Nível 3\",\"Nível 4\",\"Serviço\")","v":"Serviço"},{"$f":"IF(OR($C38=0,$L38=\"\"),\"-\",CONCATENATE(E38&\".\",IF(AND($A$5>=2,$C38>=2),F38&\".\",\"\"),IF(AND($A$5>=3,$C38>=3),G38&\".\",\"\"),IF(AND($A$5>=4,$C38>=4),H38&\".\",\"\"),IF($C38=\"S\",I38&\".\",\"\")))","v":"1.5.3."},"SINAPI","94289","EXECUÇÃO DE SARJETA DE CONCRETO USINADO, MOLDADA  IN LOCO, 45 CM BASE X 10 CM ALTURA. AF_06/2016","M",{"$f":"OFFSET(CÁLCULO!H$15,ROW($T38)-ROW(T$15),0)","v":38.200000000000003},61.31,"BDI 1",{"$f":"IF($C38=\"S\",ROUND(IF(TIPOORCAMENTO=\"Proposto\",ORÇAMENTO.CustoUnitario*(1+$AH38),ORÇAMENTO.PrecoUnitarioLicitado),15-13*$AF$10),0)","v":75.739999999999995},{"$f":"IF($C38=\"S\",VTOTAL1,IF($C38=0,0,ROUND(SomaAgrup,15-13*$AF$11)))","v":2893.27},"RA",{"$f":"IF(AND($C38=\"S\",$X38>0),IF(ISBLANK($Y38),\"RA\",LEFT($Y38,2)),\"\")","v":"RA"},{"$f":"IF($C38=\"S\",IF($Z38=\"CP\",$X38,IF($Z38=\"RA\",(($X38)*QCI!$AA$3),0)),SomaAgrup)","v":2893.27},{"$f":"IF($C38=\"S\",IF($Z38=\"OU\",ROUND($X38,2),0),SomaAgrup)","v":0},{"$f":"IF($N38=\"\",\"\",IF(ORÇAMENTO.Descricao=\"\",\"DESCRIÇÃO\",IF(AND($C38=\"S\",ORÇAMENTO.Unidade=\"\"),\"UNIDADE\",IF($X38<0,\"VALOR NEGATIVO\",IF(OR(AND(TIPOORCAMENTO=\"Proposto\",$AG38<>\"\",$AG38>0,ORÇAMENTO.CustoUnitario>$AG38),AND(TIPOORCAMENTO=\"LICITADO\",ORÇAMENTO.PrecoUnitarioLicitado>$AN38)),\"ACIMA REF.\",\"\")))))","v":""},{"$f":"IF(C38<=CRONO.NivelExibicao,MAX($AD$15:OFFSET(AD38,-1,0))+IF($C38<>1,1,MAX(1,COUNTIF(QCI!$A$13:$A$32,OFFSET($E38,-1,0)))),\"\")","v":""},{"$f":"IF(AND($C38=\"S\",ORÇAMENTO.CodBarra<>\"\"),IF(ORÇAMENTO.Fonte=\"\",ORÇAMENTO.CodBarra,CONCATENATE(ORÇAMENTO.Fonte,\" \",ORÇAMENTO.CodBarra)))","v":"SINAPI 94289"},{"$f":"IF(ISERROR(INDIRECT(ORÇAMENTO.BancoRef)),\"(abra o arquivo 'Referência \"&Excel_BuiltIn_Database&\".xls)\",IF(OR($C38<>\"S\",ORÇAMENTO.CodBarra=\"\"),\"(Sem Código)\",IF(ISERROR(MATCH($AE38,INDIRECT(ORÇAMENTO.BancoRef),0)),\"(Código não identificado nas referências)\",MATCH($AE38,INDIRECT(ORÇAMENTO.BancoRef),0))))","v":"(abra o arquivo 'Referência 06-2023.xls)"},{"$f":"ROUND(IF(DESONERACAO=\"sim\",REFERENCIA.Desonerado,REFERENCIA.NaoDesonerado),2)","v":0},{"$f":"ROUND(IF(ISNUMBER(ORÇAMENTO.OpcaoBDI),ORÇAMENTO.OpcaoBDI,IF(LEFT(ORÇAMENTO.OpcaoBDI,3)=\"BDI\",HLOOKUP(ORÇAMENTO.OpcaoBDI,$F$4:$H$5,2,FALSE),0)),15-11*$AF$9)","v":0.23530000000000001},null,38.200000000000003,null,null,2893.27,{"$f":"ROUND(ORÇAMENTO.CustoUnitario*(1+$AH38),2)","v":75.739999999999995}]
[2,2,2,4,{"$f":"IF($C39=1,OFFSET(E39,-1,0)+MAX(1,COUNTIF(QCI!$A$13:$A$32,OFFSET(ORÇAMENTO!E39,-1,0))),OFFSET(E39,-1,0))","v":1},6,0,0,0,25,{"$f":"IF(OR($C39=\"S\",$C39=0),0,MATCH(OFFSET($D39,0,$C39)+IF($C39<>1,1,COUNTIF(QCI!$A$13:$A$32,ORÇAMENTO!E39)),OFFSET($D39,1,$C39,ROW($C$850)-ROW($C39)),0))","v":4},"F","Nível 2","Nível 2","1.6.","SINAPI",null,"REATERROS","-",{"$f":"OFFSET(CÁLCULO!H$15,ROW($T39)-ROW(T$15),0)","v":0},0,"BDI 1",{"$f":"IF($C39=\"S\",ROUND(IF(TIPOORCAMENTO=\"Proposto\",ORÇAMENTO.CustoUnitario*(1+$AH39),ORÇAMENTO.PrecoUnitarioLicitado),15-13*$AF$10),0)","v":0},5586.62,"RA","",{"$f":"IF($C39=\"S\",IF($Z39=\"CP\",$X39,IF($Z39=\"RA\",(($X39)*QCI!$AA$3),0)),SomaAgrup)","v":5586.62},0,{"$f":"IF($N39=\"\",\"\",IF(ORÇAMENTO.Descricao=\"\",\"DESCRIÇÃO\",IF(AND($C39=\"S\",ORÇAMENTO.Unidade=\"\"),\"UNIDADE\",IF($X39<0,\"VALOR NEGATIVO\",IF(OR(AND(TIPOORCAMENTO=\"Proposto\",$AG39<>\"\",$AG39>0,ORÇAMENTO.CustoUnitario>$AG39),AND(TIPOORCAMENTO=\"LICITADO\",ORÇAMENTO.PrecoUnitarioLicitado>$AN39)),\"ACIMA REF.\",\"\")))))","v":""},{"$f":"IF(C39<=CRONO.NivelExibicao,MAX($AD$15:OFFSET(AD39,-1,0))+IF($C39<>1,1,MAX(1,COUNTIF(QCI!$A$13:$A$32,OFFSET($E39,-1,0)))),\"\")","v":""},{"$f":"IF(AND($C39=\"S\",ORÇAMENTO.CodBarra<>\"\"),IF(ORÇAMENTO.Fonte=\"\",ORÇAMENTO.CodBarra,CONCATENATE(ORÇAMENTO.Fonte,\" \",ORÇAMENTO.CodBarra)))","v":false},{"$f":"IF(ISERROR(INDIRECT(ORÇAMENTO.BancoRef)),\"(abra o arquivo 'Referência \"&Excel_BuiltIn_Database&\".xls)\",IF(OR($C39<>\"S\",ORÇAMENTO.CodBarra=\"\"),\"(Sem Código)\",IF(ISERROR(MATCH($AE39,INDIRECT(ORÇAMENTO.BancoRef),0)),\"(Código não identificado nas referências)\",MATCH($AE39,INDIRECT(ORÇAMENTO.BancoRef),0))))","v":"(abra o arquivo 'Referência 06-2023.xls)"},{"$f":"ROUND(IF(DESONERACAO=\"sim\",REFERENCIA.Desonerado,REFERENCIA.NaoDesonerado),2)","v":0},0.23530000000000001,null,2,null,null,5586.62,0]
["S",2,"S",0,{"$f":"IF($C40=1,OFFSET(E40,-1,0)+MAX(1,COUNTIF(QCI!$A$13:$A$32,OFFSET(ORÇAMENTO!E40,-1,0))),OFFSET(E40,-1,0))","v":1},6,0,0,1,0,{"$f":"IF(OR($C40=\"S\",$C40=0),0,MATCH(OFFSET($D40,0,$C40)+IF($C40<>1,1,COUNTIF(QCI!$A$13:$A$32,ORÇAMENTO!E40)),OFFSET($D40,1,$C40,ROW($C$850)-ROW($C40)),0))","v":0},"F","Serviço","Serviço","1.6.1.","SINAPI-I","4718","PEDRA BRITADA N. 2 (19 A 38 MM) PARA REATERRO DE VALAS","M3    ",{"$f":"OFFSET(CÁLCULO!H$15,ROW($T40)-ROW(T$15),0)","v":28.56},107.5,"BDI 1",{"$f":"IF($C40=\"S\",ROUND(IF(TIPOORCAMENTO=\"Proposto\",ORÇAMENTO.CustoUnitario*(1+$AH40),ORÇAMENTO.PrecoUnitarioLicitado),15-13*$AF$10),0)","v":132.79},3792.48,"RA","RA",{"$f":"IF($C40=\"S\",IF($Z40=\"CP\",$X40,IF($Z40=\"RA\",(($X40)*QCI!$AA$3),0)),SomaAgrup)","v":3792.48},0,{"$f":"IF($N40=\"\",\"\",IF(ORÇAMENTO.Descricao=\"\",\"DESCRIÇÃO\",IF(AND($C40=\"S\",ORÇAMENTO.Unidade=\"\"),\"UNIDADE\",IF($X40<0,\"VALOR NEGATIVO\",IF(OR(AND(TIPOORCAMENTO=\"Proposto\",$AG40<>\"\",$AG40>0,ORÇAMENTO.CustoUnitario>$AG40),AND(TIPOORCAMENTO=\"LICITADO\",ORÇAMENTO.PrecoUnitarioLicitado>$AN40)),\"ACIMA REF.\",\"\")))))","v":""},{"$f":"IF(C40<=CRONO.NivelExibicao,MAX($AD$15:OFFSET(AD40,-1,0))+IF($C40<>1,1,MAX(1,COUNTIF(QCI!$A$13:$A$32,OFFSET($E40,-1,0)))),\"\")","v":""},{"$f":"IF(AND($C40=\"S\",ORÇAMENTO.CodBarra<>\"\"),IF(ORÇAMENTO.Fonte=\"\",ORÇAMENTO.CodBarra,CONCATENATE(ORÇAMENTO.Fonte,\" \",ORÇAMENTO.CodBarra)))","v":"SINAPI-I 4718"},{"$f":"IF(ISERROR(INDIRECT(ORÇAMENTO.BancoRef)),\"(abra o arquivo 'Referência \"&Excel_BuiltIn_Database&\".xls)\",IF(OR($C40<>\"S\",ORÇAMENTO.CodBarra=\"\"),\"(Sem Código)\",IF(ISERROR(MATCH($AE40,INDIRECT(ORÇAMENTO.BancoRef),0)),\"(Código não identificado nas referências)\",MATCH($AE40,INDIRECT(ORÇAMENTO.BancoRef),0))))","v":"(abra o arquivo 'Referência 06-2023.xls)"},{"$f":"ROUND(IF(DESONERACAO=\"sim\",REFERENCIA.Desonerado,REFERENCIA.NaoDesonerado),2)","v":0},0.23530000000000001,null,28.56,null,null,3792.48,132.79]
["S",2,"S",0,{"$f":"IF($C41=1,OFFSET(E41,-1,0)+MAX(1,COUNTIF(QCI!$A$13:$A$32,OFFSET(ORÇAMENTO!E41,-1,0))),OFFSET(E41,-1,0))","v":1},6,0,0,2,0,{"$f":"IF(OR($C41=\"S\",$C41=0),0,MATCH(OFFSET($D41,0,$C41)+IF($C41<>1,1,COUNTIF(QCI!$A$13:$A$32,ORÇAMENTO!E41)),OFFSET($D41,1,$C41,ROW($C$850)-ROW($C41)),0))","v":0},"F","Serviço","Serviço","1.6.2.","SINAPI","100978","CARGA, MANOBRA E DESCARGA DE MATERIAL GRANULAR EM CAMINHÃO BASCULANTE - CARGA COM ESCAVADEIRA HIDRÁULICA","M3",{"$f":"OFFSET(CÁLCULO!H$15,ROW($T41)-ROW(T$15),0)","v":28.56},6.33,"BDI 1",{"$f":"IF($C41=\"S\",ROUND(IF(TIPOORCAMENTO=\"Proposto\",ORÇAMENTO.CustoUnitario*(1+$AH41),ORÇAMENTO.PrecoUnitarioLicitado),15-13*$AF$10),0)","v":7.82},223.34,"RA","RA",{"$f":"IF($C41=\"S\",IF($Z41=\"CP\",$X41,IF($Z41=\"RA\",(($X41)*QCI!$AA$3),0)),SomaAgrup)","v":223.34},0,{"$f":"IF($N41=\"\",\"\",IF(ORÇAMENTO.Descricao=\"\",\"DESCRIÇÃO\",IF(AND($C41=\"S\",ORÇAMENTO.Unidade=\"\"),\"UNIDADE\",IF($X41<0,\"VALOR NEGATIVO\",IF(OR(AND(TIPOORCAMENTO=\"Proposto\",$AG41<>\"\",$AG41>0,ORÇAMENTO.CustoUnitario>$AG41),AND(TIPOORCAMENTO=\"LICITADO\",ORÇAMENTO.PrecoUnitarioLicitado>$AN41)),\"ACIMA REF.\",\"\")))))","v":""},{"$f":"IF(C41<=CRONO.NivelExibicao,MAX($AD$15:OFFSET(AD41,-1,0))+IF($C41<>1,1,MAX(1,COUNTIF(QCI!$A$13:$A$32,OFFSET($E41,-1,0)))),\"\")","v":""},{"$f":"IF(AND($C41=\"S\",ORÇAMENTO.CodBarra<>\"\"),IF(ORÇAMENTO.Fonte=\"\",ORÇAMENTO.CodBarra,CONCATENATE(ORÇAMENTO.Fonte,\" \",ORÇAMENTO.CodBarra)))","v":"SINAPI 100978"},{"$f":"IF(ISERROR(INDIRECT(ORÇAMENTO.BancoRef)),\"(abra o arquivo 'Referência \"&Excel_BuiltIn_Database&\".xls)\",IF(OR($C41<>\"S\",ORÇAMENTO.CodBarra=\"\"),\"(Sem Código)\",IF(ISERROR(MATCH($AE41,INDIRECT(ORÇAMENTO.BancoRef),0)),\"(Código não identificado nas referências)\",MATCH($AE41,INDIRECT(ORÇAMENTO.BancoRef),0))))","v":"(abra o arquivo 'Referência 06-2023.xls)"},{"$f":"ROUND(IF(DESONERACAO=\"sim\",REFERENCIA.Desonerado,REFERENCIA.NaoDesonerado),2)","v":0},0.23530000000000001,null,{"$f":"AJ40","v":28.56},null,null,223.34,7.82]
["S",2,"S",0,{"$f":"IF($C42=1,OFFSET(E42,-1,0)+MAX(1,COUNTIF(QCI!$A$13:$A$32,OFFSET(ORÇAMENTO!E42,-1,0))),OFFSET(E42,-1,0))","v":1},6,0,0,3,0,{"$f":"IF(OR($C42=\"S\",$C42=0),0,MATCH(OFFSET($D42,0,$C42)+IF($C42<>1,1,COUNTIF(QCI!$A$13:$A$32,ORÇAMENTO!E42)),OFFSET($D42,1,$C42,ROW($C$850)-ROW($C42)),0))","v":0},"F","Serviço","Serviço","1.6.3.","SINAPI","95875","TRANSPORTE DE MATERIAL GRANULAR COM CAMINHÃO BASCULANTE, DMT = 20 KM","M3XKM",{"$f":"OFFSET(CÁLCULO!H$15,ROW($T42)-ROW(T$15),0)","v":571.20000000000005},2.23,"BDI 1",{"$f":"IF($C42=\"S\",ROUND(IF(TIPOORCAMENTO=\"Proposto\",ORÇAMENTO.CustoUnitario*(1+$AH42),ORÇAMENTO.PrecoUnitarioLicitado),15-13*$AF$10),0)","v":2.75},1570.8,"RA","RA",{"$f":"IF($C42=\"S\",IF($Z42=\"CP\",$X42,IF($Z42=\"RA\",(($X42)*QCI!$AA$3),0)),SomaAgrup)","v":1570.8},0,{"$f":"IF($N42=\"\",\"\",IF(ORÇAMENTO.Descricao=\"\",\"DESCRIÇÃO\",IF(AND($C42=\"S\",ORÇAMENTO.Unidade=\"\"),\"UNIDADE\",IF($X42<0,\"VALOR NEGATIVO\",IF(OR(AND(TIPOORCAMENTO=\"Proposto\",$AG42<>\"\",$AG42>0,ORÇAMENTO.CustoUnitario>$AG42),AND(TIPOORCAMENTO=\"LICITADO\",ORÇAMENTO.PrecoUnitarioLicitado>$AN42)),\"ACIMA REF.\",\"\")))))","v":""},{"$f":"IF(C42<=CRONO.NivelExibicao,MAX($AD$15:OFFSET(AD42,-1,0))+IF($C42<>1,1,MAX(1,COUNTIF(QCI!$A$13:$A$32,OFFSET($E42,-1,0)))),\"\")","v":""},{"$f":"IF(AND($C42=\"S\",ORÇAMENTO.CodBarra<>\"\"),IF(ORÇAMENTO.Fonte=\"\",ORÇAMENTO.CodBarra,CONCATENATE(ORÇAMENTO.Fonte,\" \",ORÇAMENTO.CodBarra)))","v":"SINAPI 95875"},{"$f":"IF(ISERROR(INDIRECT(ORÇAMENTO.BancoRef)),\"(abra o arquivo 'Referência \"&Excel_BuiltIn_Database&\".xls)\",IF(OR($C42<>\"S\",ORÇAMENTO.CodBarra=\"\"),\"(Sem Código)\",IF(ISERROR(MATCH($AE42,INDIRECT(ORÇAMENTO.BancoRef),0)),\"(Código não identificado nas referências)\",MATCH($AE42,INDIRECT(ORÇAMENTO.BancoRef),0))))","v":"(abra o arquivo 'Referência 06-2023.xls)"},{"$f":"ROUND(IF(DESONERACAO=\"sim\",REFERENCIA.Desonerado,REFERENCIA.NaoDesonerado),2)","v":0},0.23530000000000001,null,{"$f":"AJ41*20","v":571.19999999999993},null,null,1570.8,2.75]
[2,2,2,4,{"$f":"IF($C43=1,OFFSET(E43,-1,0)+MAX(1,COUNTIF(QCI!$A$13:$A$32,OFFSET(ORÇAMENTO!E43,-1,0))),OFFSET(E43,-1,0))","v":1},7,0,0,0,21,{"$f":"IF(OR($C43=\"S\",$C43=0),0,MATCH(OFFSET($D43,0,$C43)+IF($C43<>1,1,COUNTIF(QCI!$A$13:$A$32,ORÇAMENTO!E43)),OFFSET($D43,1,$C43,ROW($C$850)-ROW($C43)),0))","v":4},"F","Nível 2","Nível 2","1.7.","SINAPI",null,"BASE E SUB-BASE","-",{"$f":"OFFSET(CÁLCULO!H$15,ROW($T43)-ROW(T$15),0)","v":0},0,"BDI 1",{"$f":"IF($C43=\"S\",ROUND(IF(TIPOORCAMENTO=\"Proposto\",ORÇAMENTO.CustoUnitario*(1+$AH43),ORÇAMENTO.PrecoUnitarioLicitado),15-13*$AF$10),0)","v":0},9210.1299999999992,"RA","",{"$f":"IF($C43=\"S\",IF($Z43=\"CP\",$X43,IF($Z43=\"RA\",(($X43)*QCI!$AA$3),0)),SomaAgrup)","v":9210.130000000001},0,{"$f":"IF($N43=\"\",\"\",IF(ORÇAMENTO.Descricao=\"\",\"DESCRIÇÃO\",IF(AND($C43=\"S\",ORÇAMENTO.Unidade=\"\"),\"UNIDADE\",IF($X43<0,\"VALOR NEGATIVO\",IF(OR(AND(TIPOORCAMENTO=\"Proposto\",$AG43<>\"\",$AG43>0,ORÇAMENTO.CustoUnitario>$AG43),AND(TIPOORCAMENTO=\"LICITADO\",ORÇAMENTO.PrecoUnitarioLicitado>$AN43)),\"ACIMA REF.\",\"\")))))","v":""},{"$f":"IF(C43<=CRONO.NivelExibicao,MAX($AD$15:OFFSET(AD43,-1,0))+IF($C43<>1,1,MAX(1,COUNTIF(QCI!$A$13:$A$32,OFFSET($E43,-1,0)))),\"\")","v":""},{"$f":"IF(AND($C43=\"S\",ORÇAMENTO.CodBarra<>\"\"),IF(ORÇAMENTO.Fonte=\"\",ORÇAMENTO.CodBarra,CONCATENATE(ORÇAMENTO.Fonte,\" \",ORÇAMENTO.CodBarra)))","v":false},{"$f":"IF(ISERROR(INDIRECT(ORÇAMENTO.BancoRef)),\"(abra o arquivo 'Referência \"&Excel_BuiltIn_Database&\".xls)\",IF(OR($C43<>\"S\",ORÇAMENTO.CodBarra=\"\"),\"(Sem Código)\",IF(ISERROR(MATCH($AE43,INDIRECT(ORÇAMENTO.BancoRef),0)),\"(Código não identificado nas referências)\",MATCH($AE43,INDIRECT(ORÇAMENTO.BancoRef),0))))","v":"(abra o arquivo 'Referência 06-2023.xls)"},{"$f":"ROUND(IF(DESONERACAO=\"sim\",REFERENCIA.Desonerado,REFERENCIA.NaoDesonerado),2)","v":0},0.23530000000000001,null,null,null,null,9210.1299999999992,0]
["S",2,"S",0,{"$f":"IF($C44=1,OFFSET(E44,-1,0)+MAX(1,COUNTIF(QCI!$A$13:$A$32,OFFSET(ORÇAMENTO!E44,-1,0))),OFFSET(E44,-1,0))","v":1},7,0,0,1,0,{"$f":"IF(OR($C44=\"S\",$C44=0),0,MATCH(OFFSET($D44,0,$C44)+IF($C44<>1,1,COUNTIF(QCI!$A$13:$A$32,ORÇAMENTO!E44)),OFFSET($D44,1,$C44,ROW($C$850)-ROW($C44)),0))","v":0},"F","Serviço","Serviço","1.7.1.","SINAPI","96396","EXECUÇÃO E COMPACTAÇÃO DE BASE E OU SUB BASE PARA PAVIMENTAÇÃO DE BRITA GRADUADA SIMPLES - EXCLUSIVE CARGA E TRANSPORTE. AF_11/2019","M3",{"$f":"OFFSET(CÁLCULO!H$15,ROW($T44)-ROW(T$15),0)","v":32.1},181.41,"BDI 1",{"$f":"IF($C44=\"S\",ROUND(IF(TIPOORCAMENTO=\"Proposto\",ORÇAMENTO.CustoUnitario*(1+$AH44),ORÇAMENTO.PrecoUnitarioLicitado),15-13*$AF$10),0)","v":224.1},7193.61,"RA","RA",{"$f":"IF($C44=\"S\",IF($Z44=\"CP\",$X44,IF($Z44=\"RA\",(($X44)*QCI!$AA$3),0)),SomaAgrup)","v":7193.61},0,{"$f":"IF($N44=\"\",\"\",IF(ORÇAMENTO.Descricao=\"\",\"DESCRIÇÃO\",IF(AND($C44=\"S\",ORÇAMENTO.Unidade=\"\"),\"UNIDADE\",IF($X44<0,\"VALOR NEGATIVO\",IF(OR(AND(TIPOORCAMENTO=\"Proposto\",$AG44<>\"\",$AG44>0,ORÇAMENTO.CustoUnitario>$AG44),AND(TIPOORCAMENTO=\"LICITADO\",ORÇAMENTO.PrecoUnitarioLicitado>$AN44)),\"ACIMA REF.\",\"\")))))","v":""},{"$f":"IF(C44<=CRONO.NivelExibicao,MAX($AD$15:OFFSET(AD44,-1,0))+IF($C44<>1,1,MAX(1,COUNTIF(QCI!$A$13:$A$32,OFFSET($E44,-1,0)))),\"\")","v":""},{"$f":"IF(AND($C44=\"S\",ORÇAMENTO.CodBarra<>\"\"),IF(ORÇAMENTO.Fonte=\"\",ORÇAMENTO.CodBarra,CONCATENATE(ORÇAMENTO.Fonte,\" \",ORÇAMENTO.CodBarra)))","v":"SINAPI 96396"},{"$f":"IF(ISERROR(INDIRECT(ORÇAMENTO.BancoRef)),\"(abra o arquivo 'Referência \"&Excel_BuiltIn_Database&\".xls)\",IF(OR($C44<>\"S\",ORÇAMENTO.CodBarra=\"\"),\"(Sem Código)\",IF(ISERROR(MATCH($AE44,INDIRECT(ORÇAMENTO.BancoRef),0)),\"(Código não identificado nas referências)\",MATCH($AE44,INDIRECT(ORÇAMENTO.BancoRef),0))))","v":"(abra o arquivo 'Referência 06-2023.xls)"},{"$f":"ROUND(IF(DESONERACAO=\"sim\",REFERENCIA.Desonerado,REFERENCIA.NaoDesonerado),2)","v":0},0.23530000000000001,null,{"$f":"AJ53*0.1","v":32.1},null,null,7193.61,224.1]
["S",2,"S",0,{"$f":"IF($C45=1,OFFSET(E45,-1,0)+MAX(1,COUNTIF(QCI!$A$13:$A$32,OFFSET(ORÇAMENTO!E45,-1,0))),OFFSET(E45,-1,0))","v":1},7,0,0,2,0,{"$f":"IF(OR($C45=\"S\",$C45=0),0,MATCH(OFFSET($D45,0,$C45)+IF($C45<>1,1,COUNTIF(QCI!$A$13:$A$32,ORÇAMENTO!E45)),OFFSET($D45,1,$C45,ROW($C$850)-ROW($C45)),0))","v":0},"F","Serviço","Serviço","1.7.2.","SINAPI","100978","CARGA, MANOBRA E DESCARGA DE MATERIAL GRANULAR EM CAMINHÃO BASCULANTE - CARGA COM ESCAVADEIRA HIDRÁULICA","M3",{"$f":"OFFSET(CÁLCULO!H$15,ROW($T45)-ROW(T$15),0)","v":32.1},6.33,"BDI 1",{"$f":"IF($C45=\"S\",ROUND(IF(TIPOORCAMENTO=\"Proposto\",ORÇAMENTO.CustoUnitario*(1+$AH45),ORÇAMENTO.PrecoUnitarioLicitado),15-13*$AF$10),0)","v":7.82},251.02,"RA","RA",{"$f":"IF($C45=\"S\",IF($Z45=\"CP\",$X45,IF($Z45=\"RA\",(($X45)*QCI!$AA$3),0)),SomaAgrup)","v":251.02},0,{"$f":"IF($N45=\"\",\"\",IF(ORÇAMENTO.Descricao=\"\",\"DESCRIÇÃO\",IF(AND($C45=\"S\",ORÇAMENTO.Unidade=\"\"),\"UNIDADE\",IF($X45<0,\"VALOR NEGATIVO\",IF(OR(AND(TIPOORCAMENTO=\"Proposto\",$AG45<>\"\",$AG45>0,ORÇAMENTO.CustoUnitario>$AG45),AND(TIPOORCAMENTO=\"LICITADO\",ORÇAMENTO.PrecoUnitarioLicitado>$AN45)),\"ACIMA REF.\",\"\")))))","v":""},{"$f":"IF(C45<=CRONO.NivelExibicao,MAX($AD$15:OFFSET(AD45,-1,0))+IF($C45<>1,1,MAX(1,COUNTIF(QCI!$A$13:$A$32,OFFSET($E45,-1,0)))),\"\")","v":""},{"$f":"IF(AND($C45=\"S\",ORÇAMENTO.CodBarra<>\"\"),IF(ORÇAMENTO.Fonte=\"\",ORÇAMENTO.CodBarra,CONCATENATE(ORÇAMENTO.Fonte,\" \",ORÇAMENTO.CodBarra)))","v":"SINAPI 100978"},{"$f":"IF(ISERROR(INDIRECT(ORÇAMENTO.BancoRef)),\"(abra o arquivo 'Referência \"&Excel_BuiltIn_Database&\".xls)\",IF(OR($C45<>\"S\",ORÇAMENTO.CodBarra=\"\"),\"(Sem Código)\",IF(ISERROR(MATCH($AE45,INDIRECT(ORÇAMENTO.BancoRef),0)),\"(Código não identificado nas referências)\",MATCH($AE45,INDIRECT(ORÇAMENTO.BancoRef),0))))","v":"(abra o arquivo 'Referência 06-2023.xls)"},{"$f":"ROUND(IF(DESONERACAO=\"sim\",REFERENCIA.Desonerado,REFERENCIA.NaoDesonerado),2)","v":0},0.23530000000000001,null,{"$f":"AJ44","v":32.1},null,null,251.02,7.82]
["S",2,"S",0,{"$f":"IF($C46=1,OFFSET(E46,-1,0)+MAX(1,COUNTIF(QCI!$A$13:$A$32,OFFSET(ORÇAMENTO!E46,-1,0))),OFFSET(E46,-1,0))","v":1},7,0,0,3,0,{"$f":"IF(OR($C46=\"S\",$C46=0),0,MATCH(OFFSET($D46,0,$C46)+IF($C46<>1,1,COUNTIF(QCI!$A$13:$A$32,ORÇAMENTO!E46)),OFFSET($D46,1,$C46,ROW($C$850)-ROW($C46)),0))","v":0},"F","Serviço","Serviço","1.7.3.","SINAPI","95875","TRANSPORTE DE MATERIAL GRANULAR COM CAMINHÃO BASCULANTE, DMT = 20 KM","M3XKM",{"$f":"OFFSET(CÁLCULO!H$15,ROW($T46)-ROW(T$15),0)","v":642},2.23,"BDI 1",{"$f":"IF($C46=\"S\",ROUND(IF(TIPOORCAMENTO=\"Proposto\",ORÇAMENTO.CustoUnitario*(1+$AH46),ORÇAMENTO.PrecoUnitarioLicitado),15-13*$AF$10),0)","v":2.75},1765.5,"RA","RA",{"$f":"IF($C46=\"S\",IF($Z46=\"CP\",$X46,IF($Z46=\"RA\",(($X46)*QCI!$AA$3),0)),SomaAgrup)","v":1765.5},0,{"$f":"IF($N46=\"\",\"\",IF(ORÇAMENTO.Descricao=\"\",\"DESCRIÇÃO\",IF(AND($C46=\"S\",ORÇAMENTO.Unidade=\"\"),\"UNIDADE\",IF($X46<0,\"VALOR NEGATIVO\",IF(OR(AND(TIPOORCAMENTO=\"Proposto\",$AG46<>\"\",$AG46>0,ORÇAMENTO.CustoUnitario>$AG46),AND(TIPOORCAMENTO=\"LICITADO\",ORÇAMENTO.PrecoUnitarioLicitado>$AN46)),\"ACIMA REF.\",\"\")))))","v":""},{"$f":"IF(C46<=CRONO.NivelExibicao,MAX($AD$15:OFFSET(AD46,-1,0))+IF($C46<>1,1,MAX(1,COUNTIF(QCI!$A$13:$A$32,OFFSET($E46,-1,0)))),\"\")","v":""},{"$f":"IF(AND($C46=\"S\",ORÇAMENTO.CodBarra<>\"\"),IF(ORÇAMENTO.Fonte=\"\",ORÇAMENTO.CodBarra,CONCATENATE(ORÇAMENTO.Fonte,\" \",ORÇAMENTO.CodBarra)))","v":"SINAPI 95875"},{"$f":"IF(ISERROR(INDIRECT(ORÇAMENTO.BancoRef)),\"(abra o arquivo 'Referência \"&Excel_BuiltIn_Database&\".xls)\",IF(OR($C46<>\"S\",ORÇAMENTO.CodBarra=\"\"),\"(Sem Código)\",IF(ISERROR(MATCH($AE46,INDIRECT(ORÇAMENTO.BancoRef),0)),\"(Código não identificado nas referências)\",MATCH($AE46,INDIRECT(ORÇAMENTO.BancoRef),0))))","v":"(abra o arquivo 'Referência 06-2023.xls)"},{"$f":"ROUND(IF(DESONERACAO=\"sim\",REFERENCIA.Desonerado,REFERENCIA.NaoDesonerado),2)","v":0},0.23530000000000001,null,{"$f":"AJ45*20","v":642},null,null,1765.5,2.75]
[2,2,2,8,{"$f":"IF($C47=1,OFFSET(E47,-1,0)+MAX(1,COUNTIF(QCI!$A$13:$A$32,OFFSET(ORÇAMENTO!E47,-1,0))),OFFSET(E47,-1,0))","v":1},8,0,0,0,17,{"$f":"IF(OR($C47=\"S\",$C47=0),0,MATCH(OFFSET($D47,0,$C47)+IF($C47<>1,1,COUNTIF(QCI!$A$13:$A$32,ORÇAMENTO!E47)),OFFSET($D47,1,$C47,ROW($C$850)-ROW($C47)),0))","v":8},"F","Nível 2","Nível 2","1.8.","SINAPI",null,"PAVIMENTAÇÃO EM CONCRETO","-",{"$f":"OFFSET(CÁLCULO!H$15,ROW($T47)-ROW(T$15),0)","v":0},0,"BDI 1",{"$f":"IF($C47=\"S\",ROUND(IF(TIPOORCAMENTO=\"Proposto\",ORÇAMENTO.CustoUnitario*(1+$AH47),ORÇAMENTO.PrecoUnitarioLicitado),15-13*$AF$10),0)","v":0},57119.6,"RA","",{"$f":"IF($C47=\"S\",IF($Z47=\"CP\",$X47,IF($Z47=\"RA\",(($X47)*QCI!$AA$3),0)),SomaAgrup)","v":57119.599999999991},0,{"$f":"IF($N47=\"\",\"\",IF(ORÇAMENTO.Descricao=\"\",\"DESCRIÇÃO\",IF(AND($C47=\"S\",ORÇAMENTO.Unidade=\"\"),\"UNIDADE\",IF($X47<0,\"VALOR NEGATIVO\",IF(OR(AND(TIPOORCAMENTO=\"Proposto\",$AG47<>\"\",$AG47>0,ORÇAMENTO.CustoUnitario>$AG47),AND(TIPOORCAMENTO=\"LICITADO\",ORÇAMENTO.PrecoUnitarioLicitado>$AN47)),\"ACIMA REF.\",\"\")))))","v":""},{"$f":"IF(C47<=CRONO.NivelExibicao,MAX($AD$15:OFFSET(AD47,-1,0))+IF($C47<>1,1,MAX(1,COUNTIF(QCI!$A$13:$A$32,OFFSET($E47,-1,0)))),\"\")","v":""},{"$f":"IF(AND($C47=\"S\",ORÇAMENTO.CodBarra<>\"\"),IF(ORÇAMENTO.Fonte=\"\",ORÇAMENTO.CodBarra,CONCATENATE(ORÇAMENTO.Fonte,\" \",ORÇAMENTO.CodBarra)))","v":false},{"$f":"IF(ISERROR(INDIRECT(ORÇAMENTO.BancoRef)),\"(abra o arquivo 'Referência \"&Excel_BuiltIn_Database&\".xls)\",IF(OR($C47<>\"S\",ORÇAMENTO.CodBarra=\"\"),\"(Sem Código)\",IF(ISERROR(MATCH($AE47,INDIRECT(ORÇAMENTO.BancoRef),0)),\"(Código não identificado nas referências)\",MATCH($AE47,INDIRECT(ORÇAMENTO.BancoRef),0))))","v":"(abra o arquivo 'Referência 06-2023.xls)"},{"$f":"ROUND(IF(DESONERACAO=\"sim\",REFERENCIA.Desonerado,REFERENCIA.NaoDesonerado),2)","v":0},0.23530000000000001,null,null,null,null,57119.6,0]
["S",2,"S",0,{"$f":"IF($C48=1,OFFSET(E48,-1,0)+MAX(1,COUNTIF(QCI!$A$13:$A$32,OFFSET(ORÇAMENTO!E48,-1,0))),OFFSET(E48,-1,0))","v":1},8,0,0,1,0,{"$f":"IF(OR($C48=\"S\",$C48=0),0,MATCH(OFFSET($D48,0,$C48)+IF($C48<>1,1,COUNTIF(QCI!$A$13:$A$32,ORÇAMENTO!E48)),OFFSET($D48,1,$C48,ROW($C$850)-ROW($C48)),0))","v":0},"F","Serviço","Serviço","1.8.1.","SINAPI-I","1346","FABRICAÇÃO, MONTAGEM E DESMONTAGEM DE FORMA PARA PAVIMENTAÇÃO EM CONCRETO EM CHAPA DE COMPENSADO","M2    ",{"$f":"OFFSET(CÁLCULO!H$15,ROW($T48)-ROW(T$15),0)","v":16.8},57.57,"BDI 1",{"$f":"IF($C48=\"S\",ROUND(IF(TIPOORCAMENTO=\"Proposto\",ORÇAMENTO.CustoUnitario*(1+$AH48),ORÇAMENTO.PrecoUnitarioLicitado),15-13*$AF$10),0)","v":71.12},1194.82,"RA","RA",{"$f":"IF($C48=\"S\",IF($Z48=\"CP\",$X48,IF($Z48=\"RA\",(($X48)*QCI!$AA$3),0)),SomaAgrup)","v":1194.82},0,{"$f":"IF($N48=\"\",\"\",IF(ORÇAMENTO.Descricao=\"\",\"DESCRIÇÃO\",IF(AND($C48=\"S\",ORÇAMENTO.Unidade=\"\"),\"UNIDADE\",IF($X48<0,\"VALOR NEGATIVO\",IF(OR(AND(TIPOORCAMENTO=\"Proposto\",$AG48<>\"\",$AG48>0,ORÇAMENTO.CustoUnitario>$AG48),AND(TIPOORCAMENTO=\"LICITADO\",ORÇAMENTO.PrecoUnitarioLicitado>$AN48)),\"ACIMA REF.\",\"\")))))","v":""},{"$f":"IF(C48<=CRONO.NivelExibicao,MAX($AD$15:OFFSET(AD48,-1,0))+IF($C48<>1,1,MAX(1,COUNTIF(QCI!$A$13:$A$32,OFFSET($E48,-1,0)))),\"\")","v":""},{"$f":"IF(AND($C48=\"S\",ORÇAMENTO.CodBarra<>\"\"),IF(ORÇAMENTO.Fonte=\"\",ORÇAMENTO.CodBarra,CONCATENATE(ORÇAMENTO.Fonte,\" \",ORÇAMENTO.CodBarra)))","v":"SINAPI-I 1346"},{"$f":"IF(ISERROR(INDIRECT(ORÇAMENTO.BancoRef)),\"(abra o arquivo 'Referência \"&Excel_BuiltIn_Database&\".xls)\",IF(OR($C48<>\"S\",ORÇAMENTO.CodBarra=\"\"),\"(Sem Código)\",IF(ISERROR(MATCH($AE48,INDIRECT(ORÇAMENTO.BancoRef),0)),\"(Código não identificado nas referências)\",MATCH($AE48,INDIRECT(ORÇAMENTO.BancoRef),0))))","v":"(abra o arquivo 'Referência 06-2023.xls)"},{"$f":"ROUND(IF(DESONERACAO=\"sim\",REFERENCIA.Desonerado,REFERENCIA.NaoDesonerado),2)","v":0},0.23530000000000001,null,{"$f":"140*0.12","v":16.8},null,null,1194.82,71.12]
["S",2,"S",0,{"$f":"IF($C49=1,OFFSET(E49,-1,0)+MAX(1,COUNTIF(QCI!$A$13:$A$32,OFFSET(ORÇAMENTO!E49,-1,0))),OFFSET(E49,-1,0))","v":1},8,0,0,2,0,{"$f":"IF(OR($C49=\"S\",$C49=0),0,MATCH(OFFSET($D49,0,$C49)+IF($C49<>1,1,COUNTIF(QCI!$A$13:$A$32,ORÇAMENTO!E49)),OFFSET($D49,1,$C49,ROW($C$850)-ROW($C49)),0))","v":0},"F","Serviço","Serviço","1.8.2.","SINAPI-I","7156","ARMAÇÃO PARA EXECUÇÃO DE PAVIMENTAÇÃO EM CONCRETO, COM USO DE TELA Q-196.","M2    ",{"$f":"OFFSET(CÁLCULO!H$15,ROW($T49)-ROW(T$15),0)","v":321},29.25,"BDI 1",{"$f":"IF($C49=\"S\",ROUND(IF(TIPOORCAMENTO=\"Proposto\",ORÇAMENTO.CustoUnitario*(1+$AH49),ORÇAMENTO.PrecoUnitarioLicitado),15-13*$AF$10),0)","v":36.130000000000003},11597.73,"RA","RA",{"$f":"IF($C49=\"S\",IF($Z49=\"CP\",$X49,IF($Z49=\"RA\",(($X49)*QCI!$AA$3),0)),SomaAgrup)","v":11597.73},0,{"$f":"IF($N49=\"\",\"\",IF(ORÇAMENTO.Descricao=\"\",\"DESCRIÇÃO\",IF(AND($C49=\"S\",ORÇAMENTO.Unidade=\"\"),\"UNIDADE\",IF($X49<0,\"VALOR NEGATIVO\",IF(OR(AND(TIPOORCAMENTO=\"Proposto\",$AG49<>\"\",$AG49>0,ORÇAMENTO.CustoUnitario>$AG49),AND(TIPOORCAMENTO=\"LICITADO\",ORÇAMENTO.PrecoUnitarioLicitado>$AN49)),\"ACIMA REF.\",\"\")))))","v":""},{"$f":"IF(C49<=CRONO.NivelExibicao,MAX($AD$15:OFFSET(AD49,-1,0))+IF($C49<>1,1,MAX(1,COUNTIF(QCI!$A$13:$A$32,OFFSET($E49,-1,0)))),\"\")","v":""},{"$f":"IF(AND($C49=\"S\",ORÇAMENTO.CodBarra<>\"\"),IF(ORÇAMENTO.Fonte=\"\",ORÇAMENTO.CodBarra,CONCATENATE(ORÇAMENTO.Fonte,\" \",ORÇAMENTO.CodBarra)))","v":"SINAPI-I 7156"},{"$f":"IF(ISERROR(INDIRECT(ORÇAMENTO.BancoRef)),\"(abra o arquivo 'Referência \"&Excel_BuiltIn_Database&\".xls)\",IF(OR($C49<>\"S\",ORÇAMENTO.CodBarra=\"\"),\"(Sem Código)\",IF(ISERROR(MATCH($AE49,INDIRECT(ORÇAMENTO.BancoRef),0)),\"(Código não identificado nas referências)\",MATCH($AE49,INDIRECT(ORÇAMENTO.BancoRef),0))))","v":"(abra o arquivo 'Referência 06-2023.xls)"},{"$f":"ROUND(IF(DESONERACAO=\"sim\",REFERENCIA.Desonerado,REFERENCIA.NaoDesonerado),2)","v":0},0.23530000000000001,null,{"$f":"AJ53","v":321},null,null,11597.73,36.130000000000003]
[{"$f":"CHOOSE(1+LOG(1+2*(ORÇAMENTO.Nivel=\"Meta\")+4*(ORÇAMENTO.Nivel=\"Nível 2\")+8*(ORÇAMENTO.Nivel=\"Nível 3\")+16*(ORÇAMENTO.Nivel=\"Nível 4\")+32*(ORÇAMENTO.Nivel=\"Serviço\"),2),0,1,2,3,4,\"S\")","v":"S"},{"$f":"IF(OR(C50=\"s\",C50=0),OFFSET(B50,-1,0),C50)","v":2},{"$f":"IF(OFFSET(C50,-1,0)=\"L\",1,IF(OFFSET(C50,-1,0)=1,2,IF(OR(A50=\"s\",A50=0),\"S\",IF(AND(OFFSET(C50,-1,0)=2,A50=4),3,IF(AND(OR(OFFSET(C50,-1,0)=\"s\",OFFSET(C50,-1,0)=0),A50<>\"s\",A50>OFFSET(B50,-1,0)),OFFSET(B50,-1,0),A50)))))","v":"S"},{"$f":"IF(OR(C50=\"S\",C50=0),0,IF(ISERROR(K50),J50,SMALL(J50:K50,1)))","v":0},{"$f":"IF($C50=1,OFFSET(E50,-1,0)+MAX(1,COUNTIF(QCI!$A$13:$A$32,OFFSET(ORÇAMENTO!E50,-1,0))),OFFSET(E50,-1,0))","v":1},{"$f":"IF($C50=1,0,IF($C50=2,OFFSET(F50,-1,0)+1,OFFSET(F50,-1,0)))","v":8},{"$f":"IF(AND($C50<=2,$C50<>0),0,IF($C50=3,OFFSET(G50,-1,0)+1,OFFSET(G50,-1,0)))","v":0},{"$f":"IF(AND($C50<=3,$C50<>0),0,IF($C50=4,OFFSET(H50,-1,0)+1,OFFSET(H50,-1,0)))","v":0},{"$f":"IF(AND($C50<=4,$C50<>0),0,IF(AND($C50=\"S\",$X50>0),OFFSET(I50,-1,0)+1,OFFSET(I50,-1,0)))","v":3},0,{"$f":"IF(OR($C50=\"S\",$C50=0),0,MATCH(OFFSET($D50,0,$C50)+IF($C50<>1,1,COUNTIF(QCI!$A$13:$A$32,ORÇAMENTO!E50)),OFFSET($D50,1,$C50,ROW($C$850)-ROW($C50)),0))","v":0},{"$f":"IF(OR($X50>0,$C50=1,$C50=2,$C50=3,$C50=4),\"F\",\"\")","v":"F"},"Serviço",{"$f":"CHOOSE(1+LOG(1+2*(C50=1)+4*(C50=2)+8*(C50=3)+16*(C50=4)+32*(C50=\"S\"),2),\"\",\"Meta\",\"Nível 2\",\"Nível 3\",\"Nível 4\",\"Serviço\")","v":"Serviço"},{"$f":"IF(OR($C50=0,$L50=\"\"),\"-\",CONCATENATE(E50&\".\",IF(AND($A$5>=2,$C50>=2),F50&\".\",\"\"),IF(AND($A$5>=3,$C50>=3),G50&\".\",\"\"),IF(AND($A$5>=4,$C50>=4),H50&\".\",\"\"),IF($C50=\"S\",I50&\".\",\"\")))","v":"1.8.3."},"SINAPI",97113,"APLICAÇÃO DE LONA PLÁSTICA PARA EXECUÇÃO DE PAVIMENTOS DE CONCRETO. AF_04/2022","M2",{"$f":"OFFSET(CÁLCULO!H$15,ROW($T50)-ROW(T$15),0)","v":321},2.91,"BDI 1",{"$f":"IF($C50=\"S\",ROUND(IF(TIPOORCAMENTO=\"Proposto\",ORÇAMENTO.CustoUnitario*(1+$AH50),ORÇAMENTO.PrecoUnitarioLicitado),15-13*$AF$10),0)","v":3.59},{"$f":"IF($C50=\"S\",VTOTAL1,IF($C50=0,0,ROUND(SomaAgrup,15-13*$AF$11)))","v":1152.3900000000001},"RA",{"$f":"IF(AND($C50=\"S\",$X50>0),IF(ISBLANK($Y50),\"RA\",LEFT($Y50,2)),\"\")","v":"RA"},{"$f":"IF($C50=\"S\",IF($Z50=\"CP\",$X50,IF($Z50=\"RA\",(($X50)*QCI!$AA$3),0)),SomaAgrup)","v":1152.3900000000001},{"$f":"IF($C50=\"S\",IF($Z50=\"OU\",ROUND($X50,2),0),SomaAgrup)","v":0},{"$f":"IF($N50=\"\",\"\",IF(ORÇAMENTO.Descricao=\"\",\"DESCRIÇÃO\",IF(AND($C50=\"S\",ORÇAMENTO.Unidade=\"\"),\"UNIDADE\",IF($X50<0,\"VALOR NEGATIVO\",IF(OR(AND(TIPOORCAMENTO=\"Proposto\",$AG50<>\"\",$AG50>0,ORÇAMENTO.CustoUnitario>$AG50),AND(TIPOORCAMENTO=\"LICITADO\",ORÇAMENTO.PrecoUnitarioLicitado>$AN50)),\"ACIMA REF.\",\"\")))))","v":""},{"$f":"IF(C50<=CRONO.NivelExibicao,MAX($AD$15:OFFSET(AD50,-1,0))+IF($C50<>1,1,MAX(1,COUNTIF(QCI!$A$13:$A$32,OFFSET($E50,-1,0)))),\"\")","v":""},{"$f":"IF(AND($C50=\"S\",ORÇAMENTO.CodBarra<>\"\"),IF(ORÇAMENTO.Fonte=\"\",ORÇAMENTO.CodBarra,CONCATENATE(ORÇAMENTO.Fonte,\" \",ORÇAMENTO.CodBarra)))","v":"SINAPI 97113"},{"$f":"IF(ISERROR(INDIRECT(ORÇAMENTO.BancoRef)),\"(abra o arquivo 'Referência \"&Excel_BuiltIn_Database&\".xls)\",IF(OR($C50<>\"S\",ORÇAMENTO.CodBarra=\"\"),\"(Sem Código)\",IF(ISERROR(MATCH($AE50,INDIRECT(ORÇAMENTO.BancoRef),0)),\"(Código não identificado nas referências)\",MATCH($AE50,INDIRECT(ORÇAMENTO.BancoRef),0))))","v":"(abra o arquivo 'Referência 06-2023.xls)"},{"$f":"ROUND(IF(DESONERACAO=\"sim\",REFERENCIA.Desonerado,REFERENCIA.NaoDesonerado),2)","v":0},{"$f":"ROUND(IF(ISNUMBER(ORÇAMENTO.OpcaoBDI),ORÇAMENTO.OpcaoBDI,IF(LEFT(ORÇAMENTO.OpcaoBDI,3)=\"BDI\",HLOOKUP(ORÇAMENTO.OpcaoBDI,$F$4:$H$5,2,FALSE),0)),15-11*$AF$9)","v":0.23530000000000001},null,{"$f":"AJ53","v":321},null,null,1152.3900000000001,{"$f":"ROUND(ORÇAMENTO.CustoUnitario*(1+$AH50),2)","v":3.59}]
[{"$f":"CHOOSE(1+LOG(1+2*(ORÇAMENTO.Nivel=\"Meta\")+4*(ORÇAMENTO.Nivel=\"Nível 2\")+8*(ORÇAMENTO.Nivel=\"Nível 3\")+16*(ORÇAMENTO.Nivel=\"Nível 4\")+32*(ORÇAMENTO.Nivel=\"Serviço\"),2),0,1,2,3,4,\"S\")","v":"S"},{"$f":"IF(OR(C51=\"s\",C51=0),OFFSET(B51,-1,0),C51)","v":2},{"$f":"IF(OFFSET(C51,-1,0)=\"L\",1,IF(OFFSET(C51,-1,0)=1,2,IF(OR(A51=\"s\",A51=0),\"S\",IF(AND(OFFSET(C51,-1,0)=2,A51=4),3,IF(AND(OR(OFFSET(C51,-1,0)=\"s\",OFFSET(C51,-1,0)=0),A51<>\"s\",A51>OFFSET(B51,-1,0)),OFFSET(B51,-1,0),A51)))))","v":"S"},{"$f":"IF(OR(C51=\"S\",C51=0),0,IF(ISERROR(K51),J51,SMALL(J51:K51,1)))","v":0},{"$f":"IF($C51=1,OFFSET(E51,-1,0)+MAX(1,COUNTIF(QCI!$A$13:$A$32,OFFSET(ORÇAMENTO!E51,-1,0))),OFFSET(E51,-1,0))","v":1},{"$f":"IF($C51=1,0,IF($C51=2,OFFSET(F51,-1,0)+1,OFFSET(F51,-1,0)))","v":8},{"$f":"IF(AND($C51<=2,$C51<>0),0,IF($C51=3,OFFSET(G51,-1,0)+1,OFFSET(G51,-1,0)))","v":0},{"$f":"IF(AND($C51<=3,$C51<>0),0,IF($C51=4,OFFSET(H51,-1,0)+1,OFFSET(H51,-1,0)))","v":0},{"$f":"IF(AND($C51<=4,$C51<>0),0,IF(AND($C51=\"S\",$X51>0),OFFSET(I51,-1,0)+1,OFFSET(I51,-1,0)))","v":4},0,{"$f":"IF(OR($C51=\"S\",$C51=0),0,MATCH(OFFSET($D51,0,$C51)+IF($C51<>1,1,COUNTIF(QCI!$A$13:$A$32,ORÇAMENTO!E51)),OFFSET($D51,1,$C51,ROW($C$850)-ROW($C51)),0))","v":0},{"$f":"IF(OR($X51>0,$C51=1,$C51=2,$C51=3,$C51=4),\"F\",\"\")","v":"F"},"Serviço",{"$f":"CHOOSE(1+LOG(1+2*(C51=1)+4*(C51=2)+8*(C51=3)+16*(C51=4)+32*(C51=\"S\"),2),\"\",\"Meta\",\"Nível 2\",\"Nível 3\",\"Nível 4\",\"Serviço\")","v":"Serviço"},{"$f":"IF(OR($C51=0,$L51=\"\"),\"-\",CONCATENATE(E51&\".\",IF(AND($A$5>=2,$C51>=2),F51&\".\",\"\"),IF(AND($A$5>=3,$C51>=3),G51&\".\",\"\"),IF(AND($A$5>=4,$C51>=4),H51&\".\",\"\"),IF($C51=\"S\",I51&\".\",\"\")))","v":"1.8.4."},"SINAPI-I","34479","CONCRETO USINADO BOMBEAVEL, CLASSE DE RESISTENCIA C40, COM BRITA 0 E 1, SLUMP = 100 +/- 20 MM, INCLUI SERVICO DE BOMBEAMENTO (NBR 8953)","M3    ",{"$f":"OFFSET(CÁLCULO!H$15,ROW($T51)-ROW(T$15),0)","v":38.520000000000003},584,"BDI 1",{"$f":"IF($C51=\"S\",ROUND(IF(TIPOORCAMENTO=\"Proposto\",ORÇAMENTO.CustoUnitario*(1+$AH51),ORÇAMENTO.PrecoUnitarioLicitado),15-13*$AF$10),0)","v":721.42},{"$f":"IF($C51=\"S\",VTOTAL1,IF($C51=0,0,ROUND(SomaAgrup,15-13*$AF$11)))","v":27789.1},"RA",{"$f":"IF(AND($C51=\"S\",$X51>0),IF(ISBLANK($Y51),\"RA\",LEFT($Y51,2)),\"\")","v":"RA"},{"$f":"IF($C51=\"S\",IF($Z51=\"CP\",$X51,IF($Z51=\"RA\",(($X51)*QCI!$AA$3),0)),SomaAgrup)","v":27789.1},{"$f":"IF($C51=\"S\",IF($Z51=\"OU\",ROUND($X51,2),0),SomaAgrup)","v":0},{"$f":"IF($N51=\"\",\"\",IF(ORÇAMENTO.Descricao=\"\",\"DESCRIÇÃO\",IF(AND($C51=\"S\",ORÇAMENTO.Unidade=\"\"),\"UNIDADE\",IF($X51<0,\"VALOR NEGATIVO\",IF(OR(AND(TIPOORCAMENTO=\"Proposto\",$AG51<>\"\",$AG51>0,ORÇAMENTO.CustoUnitario>$AG51),AND(TIPOORCAMENTO=\"LICITADO\",ORÇAMENTO.PrecoUnitarioLicitado>$AN51)),\"ACIMA REF.\",\"\")))))","v":""},{"$f":"IF(C51<=CRONO.NivelExibicao,MAX($AD$15:OFFSET(AD51,-1,0))+IF($C51<>1,1,MAX(1,COUNTIF(QCI!$A$13:$A$32,OFFSET($E51,-1,0)))),\"\")","v":""},{"$f":"IF(AND($C51=\"S\",ORÇAMENTO.CodBarra<>\"\"),IF(ORÇAMENTO.Fonte=\"\",ORÇAMENTO.CodBarra,CONCATENATE(ORÇAMENTO.Fonte,\" \",ORÇAMENTO.CodBarra)))","v":"SINAPI-I 34479"},{"$f":"IF(ISERROR(INDIRECT(ORÇAMENTO.BancoRef)),\"(abra o arquivo 'Referência \"&Excel_BuiltIn_Database&\".xls)\",IF(OR($C51<>\"S\",ORÇAMENTO.CodBarra=\"\"),\"(Sem Código)\",IF(ISERROR(MATCH($AE51,INDIRECT(ORÇAMENTO.BancoRef),0)),\"(Código não identificado nas referências)\",MATCH($AE51,INDIRECT(ORÇAMENTO.BancoRef),0))))","v":"(abra o arquivo 'Referência 06-2023.xls)"},{"$f":"ROUND(IF(DESONERACAO=\"sim\",REFERENCIA.Desonerado,REFERENCIA.NaoDesonerado),2)","v":0},{"$f":"ROUND(IF(ISNUMBER(ORÇAMENTO.OpcaoBDI),ORÇAMENTO.OpcaoBDI,IF(LEFT(ORÇAMENTO.OpcaoBDI,3)=\"BDI\",HLOOKUP(ORÇAMENTO.OpcaoBDI,$F$4:$H$5,2,FALSE),0)),15-11*$AF$9)","v":0.23530000000000001},null,{"$f":"(AJ53*0.12)","v":38.519999999999996},null,null,{"$f":"$X51","v":27789.1},{"$f":"ROUND(ORÇAMENTO.CustoUnitario*(1+$AH51),2)","v":721.42}]
["S",2,"S",0,{"$f":"IF($C52=1,OFFSET(E52,-1,0)+MAX(1,COUNTIF(QCI!$A$13:$A$32,OFFSET(ORÇAMENTO!E52,-1,0))),OFFSET(E52,-1,0))","v":1},8,0,0,5,0,{"$f":"IF(OR($C52=\"S\",$C52=0),0,MATCH(OFFSET($D52,0,$C52)+IF($C52<>1,1,COUNTIF(QCI!$A$13:$A$32,ORÇAMENTO!E52)),OFFSET($D52,1,$C52,ROW($C$850)-ROW($C52)),0))","v":0},"F","Serviço","Serviço","1.8.5.","AMMOC","PAVCONC","LANÇAMENTO, ACABAMENTO, ADENSAMENTO PARA PAVIMENTAÇÃO EM CONCRETO","M3",{"$f":"OFFSET(CÁLCULO!H$15,ROW($T52)-ROW(T$15),0)","v":38.520000000000003},265.83,"BDI 1",{"$f":"IF($C52=\"S\",ROUND(IF(TIPOORCAMENTO=\"Proposto\",ORÇAMENTO.CustoUnitario*(1+$AH52),ORÇAMENTO.PrecoUnitarioLicitado),15-13*$AF$10),0)","v":328.38},12649.2,"RA","RA",{"$f":"IF($C52=\"S\",IF($Z52=\"CP\",$X52,IF($Z52=\"RA\",(($X52)*QCI!$AA$3),0)),SomaAgrup)","v":12649.2},0,{"$f":"IF($N52=\"\",\"\",IF(ORÇAMENTO.Descricao=\"\",\"DESCRIÇÃO\",IF(AND($C52=\"S\",ORÇAMENTO.Unidade=\"\"),\"UNIDADE\",IF($X52<0,\"VALOR NEGATIVO\",IF(OR(AND(TIPOORCAMENTO=\"Proposto\",$AG52<>\"\",$AG52>0,ORÇAMENTO.CustoUnitario>$AG52),AND(TIPOORCAMENTO=\"LICITADO\",ORÇAMENTO.PrecoUnitarioLicitado>$AN52)),\"ACIMA REF.\",\"\")))))","v":""},{"$f":"IF(C52<=CRONO.NivelExibicao,MAX($AD$15:OFFSET(AD52,-1,0))+IF($C52<>1,1,MAX(1,COUNTIF(QCI!$A$13:$A$32,OFFSET($E52,-1,0)))),\"\")","v":""},{"$f":"IF(AND($C52=\"S\",ORÇAMENTO.CodBarra<>\"\"),IF(ORÇAMENTO.Fonte=\"\",ORÇAMENTO.CodBarra,CONCATENATE(ORÇAMENTO.Fonte,\" \",ORÇAMENTO.CodBarra)))","v":"AMMOC PAVCONC"},{"$f":"IF(ISERROR(INDIRECT(ORÇAMENTO.BancoRef)),\"(abra o arquivo 'Referência \"&Excel_BuiltIn_Database&\".xls)\",IF(OR($C52<>\"S\",ORÇAMENTO.CodBarra=\"\"),\"(Sem Código)\",IF(ISERROR(MATCH($AE52,INDIRECT(ORÇAMENTO.BancoRef),0)),\"(Código não identificado nas referências)\",MATCH($AE52,INDIRECT(ORÇAMENTO.BancoRef),0))))","v":"(abra o arquivo 'Referência 06-2023.xls)"},{"$f":"ROUND(IF(DESONERACAO=\"sim\",REFERENCIA.Desonerado,REFERENCIA.NaoDesonerado),2)","v":0},0.23530000000000001,null,{"$f":"AJ51","v":38.519999999999996},null,null,12649.2,328.38]
["S",2,"S",0,{"$f":"IF($C53=1,OFFSET(E53,-1,0)+MAX(1,COUNTIF(QCI!$A$13:$A$32,OFFSET(ORÇAMENTO!E53,-1,0))),OFFSET(E53,-1,0))","v":1},8,0,0,6,0,{"$f":"IF(OR($C53=\"S\",$C53=0),0,MATCH(OFFSET($D53,0,$C53)+IF($C53<>1,1,COUNTIF(QCI!$A$13:$A$32,ORÇAMENTO!E53)),OFFSET($D53,1,$C53,ROW($C$850)-ROW($C53)),0))","v":0},"F","Serviço","Serviço","1.8.6.","AMMOC","192","CURA QUÍMICA PARA PAVIMENTO DE CONCRETO - APLICAÇÃO MANUAL COM BORRIFADOR DE BAIXA PRESSÃO","M2",{"$f":"OFFSET(CÁLCULO!H$15,ROW($T53)-ROW(T$15),0)","v":321},6.73,"BDI 1",{"$f":"IF($C53=\"S\",ROUND(IF(TIPOORCAMENTO=\"Proposto\",ORÇAMENTO.CustoUnitario*(1+$AH53),ORÇAMENTO.PrecoUnitarioLicitado),15-13*$AF$10),0)","v":8.31},2667.51,"RA","RA",{"$f":"IF($C53=\"S\",IF($Z53=\"CP\",$X53,IF($Z53=\"RA\",(($X53)*QCI!$AA$3),0)),SomaAgrup)","v":2667.51},0,{"$f":"IF($N53=\"\",\"\",IF(ORÇAMENTO.Descricao=\"\",\"DESCRIÇÃO\",IF(AND($C53=\"S\",ORÇAMENTO.Unidade=\"\"),\"UNIDADE\",IF($X53<0,\"VALOR NEGATIVO\",IF(OR(AND(TIPOORCAMENTO=\"Proposto\",$AG53<>\"\",$AG53>0,ORÇAMENTO.CustoUnitario>$AG53),AND(TIPOORCAMENTO=\"LICITADO\",ORÇAMENTO.PrecoUnitarioLicitado>$AN53)),\"ACIMA REF.\",\"\")))))","v":""},{"$f":"IF(C53<=CRONO.NivelExibicao,MAX($AD$15:OFFSET(AD53,-1,0))+IF($C53<>1,1,MAX(1,COUNTIF(QCI!$A$13:$A$32,OFFSET($E53,-1,0)))),\"\")","v":""},{"$f":"IF(AND($C53=\"S\",ORÇAMENTO.CodBarra<>\"\"),IF(ORÇAMENTO.Fonte=\"\",ORÇAMENTO.CodBarra,CONCATENATE(ORÇAMENTO.Fonte,\" \",ORÇAMENTO.CodBarra)))","v":"AMMOC 192"},{"$f":"IF(ISERROR(INDIRECT(ORÇAMENTO.BancoRef)),\"(abra o arquivo 'Referência \"&Excel_BuiltIn_Database&\".xls)\",IF(OR($C53<>\"S\",ORÇAMENTO.CodBarra=\"\"),\"(Sem Código)\",IF(ISERROR(MATCH($AE53,INDIRECT(ORÇAMENTO.BancoRef),0)),\"(Código não identificado nas referências)\",MATCH($AE53,INDIRECT(ORÇAMENTO.BancoRef),0))))","v":"(abra o arquivo 'Referência 06-2023.xls)"},{"$f":"ROUND(IF(DESONERACAO=\"sim\",REFERENCIA.Desonerado,REFERENCIA.NaoDesonerado),2)","v":0},0.23530000000000001,null,321,null,null,2667.51,8.31]
["S",2,"S",0,{"$f":"IF($C54=1,OFFSET(E54,-1,0)+MAX(1,COUNTIF(QCI!$A$13:$A$32,OFFSET(ORÇAMENTO!E54,-1,0))),OFFSET(E54,-1,0))","v":1},8,0,0,7,0,{"$f":"IF(OR($C54=\"S\",$C54=0),0,MATCH(OFFSET($D54,0,$C54)+IF($C54<>1,1,COUNTIF(QCI!$A$13:$A$32,ORÇAMENTO!E54)),OFFSET($D54,1,$C54,ROW($C$850)-ROW($C54)),0))","v":0},"F","Serviço","Serviço","1.8.7.","SINAPI","97114","EXECUÇÃO DE JUNTAS DE DILATAÇÃO PARA PAVIMENTOS DE CONCRETO","M",{"$f":"OFFSET(CÁLCULO!H$15,ROW($T54)-ROW(T$15),0)","v":135},0.41,"BDI 1",{"$f":"IF($C54=\"S\",ROUND(IF(TIPOORCAMENTO=\"Proposto\",ORÇAMENTO.CustoUnitario*(1+$AH54),ORÇAMENTO.PrecoUnitarioLicitado),15-13*$AF$10),0)","v":0.51},68.849999999999994,"RA","RA",{"$f":"IF($C54=\"S\",IF($Z54=\"CP\",$X54,IF($Z54=\"RA\",(($X54)*QCI!$AA$3),0)),SomaAgrup)","v":68.849999999999994},0,{"$f":"IF($N54=\"\",\"\",IF(ORÇAMENTO.Descricao=\"\",\"DESCRIÇÃO\",IF(AND($C54=\"S\",ORÇAMENTO.Unidade=\"\"),\"UNIDADE\",IF($X54<0,\"VALOR NEGATIVO\",IF(OR(AND(TIPOORCAMENTO=\"Proposto\",$AG54<>\"\",$AG54>0,ORÇAMENTO.CustoUnitario>$AG54),AND(TIPOORCAMENTO=\"LICITADO\",ORÇAMENTO.PrecoUnitarioLicitado>$AN54)),\"ACIMA REF.\",\"\")))))","v":""},{"$f":"IF(C54<=CRONO.NivelExibicao,MAX($AD$15:OFFSET(AD54,-1,0))+IF($C54<>1,1,MAX(1,COUNTIF(QCI!$A$13:$A$32,OFFSET($E54,-1,0)))),\"\")","v":""},{"$f":"IF(AND($C54=\"S\",ORÇAMENTO.CodBarra<>\"\"),IF(ORÇAMENTO.Fonte=\"\",ORÇAMENTO.CodBarra,CONCATENATE(ORÇAMENTO.Fonte,\" \",ORÇAMENTO.CodBarra)))","v":"SINAPI 97114"},{"$f":"IF(ISERROR(INDIRECT(ORÇAMENTO.BancoRef)),\"(abra o arquivo 'Referência \"&Excel_BuiltIn_Database&\".xls)\",IF(OR($C54<>\"S\",ORÇAMENTO.CodBarra=\"\"),\"(Sem Código)\",IF(ISERROR(MATCH($AE54,INDIRECT(ORÇAMENTO.BancoRef),0)),\"(Código não identificado nas referências)\",MATCH($AE54,INDIRECT(ORÇAMENTO.BancoRef),0))))","v":"(abra o arquivo 'Referência 06-2023.xls)"},{"$f":"ROUND(IF(DESONERACAO=\"sim\",REFERENCIA.Desonerado,REFERENCIA.NaoDesonerado),2)","v":0},0.23530000000000001,null,135,null,null,68.849999999999994,0.51]
[2,2,2,2,{"$f":"IF($C55=1,OFFSET(E55,-1,0)+MAX(1,COUNTIF(QCI!$A$13:$A$32,OFFSET(ORÇAMENTO!E55,-1,0))),OFFSET(E55,-1,0))","v":1},9,0,0,0,9,{"$f":"IF(OR($C55=\"S\",$C55=0),0,MATCH(OFFSET($D55,0,$C55)+IF($C55<>1,1,COUNTIF(QCI!$A$13:$A$32,ORÇAMENTO!E55)),OFFSET($D55,1,$C55,ROW($C$850)-ROW($C55)),0))","v":2},"F","Nível 2","Nível 2","1.9.","SINAPI",null,"MEIO-FIO","-",{"$f":"OFFSET(CÁLCULO!H$15,ROW($T55)-ROW(T$15),0)","v":0},0,"BDI 1",{"$f":"IF($C55=\"S\",ROUND(IF(TIPOORCAMENTO=\"Proposto\",ORÇAMENTO.CustoUnitario*(1+$AH55),ORÇAMENTO.PrecoUnitarioLicitado),15-13*$AF$10),0)","v":0},561.63,"RA","",{"$f":"IF($C55=\"S\",IF($Z55=\"CP\",$X55,IF($Z55=\"RA\",(($X55)*QCI!$AA$3),0)),SomaAgrup)","v":561.63},0,{"$f":"IF($N55=\"\",\"\",IF(ORÇAMENTO.Descricao=\"\",\"DESCRIÇÃO\",IF(AND($C55=\"S\",ORÇAMENTO.Unidade=\"\"),\"UNIDADE\",IF($X55<0,\"VALOR NEGATIVO\",IF(OR(AND(TIPOORCAMENTO=\"Proposto\",$AG55<>\"\",$AG55>0,ORÇAMENTO.CustoUnitario>$AG55),AND(TIPOORCAMENTO=\"LICITADO\",ORÇAMENTO.PrecoUnitarioLicitado>$AN55)),\"ACIMA REF.\",\"\")))))","v":""},{"$f":"IF(C55<=CRONO.NivelExibicao,MAX($AD$15:OFFSET(AD55,-1,0))+IF($C55<>1,1,MAX(1,COUNTIF(QCI!$A$13:$A$32,OFFSET($E55,-1,0)))),\"\")","v":""},{"$f":"IF(AND($C55=\"S\",ORÇAMENTO.CodBarra<>\"\"),IF(ORÇAMENTO.Fonte=\"\",ORÇAMENTO.CodBarra,CONCATENATE(ORÇAMENTO.Fonte,\" \",ORÇAMENTO.CodBarra)))","v":false},{"$f":"IF(ISERROR(INDIRECT(ORÇAMENTO.BancoRef)),\"(abra o arquivo 'Referência \"&Excel_BuiltIn_Database&\".xls)\",IF(OR($C55<>\"S\",ORÇAMENTO.CodBarra=\"\"),\"(Sem Código)\",IF(ISERROR(MATCH($AE55,INDIRECT(ORÇAMENTO.BancoRef),0)),\"(Código não identificado nas referências)\",MATCH($AE55,INDIRECT(ORÇAMENTO.BancoRef),0))))","v":"(abra o arquivo 'Referência 06-2023.xls)"},{"$f":"ROUND(IF(DESONERACAO=\"sim\",REFERENCIA.Desonerado,REFERENCIA.NaoDesonerado),2)","v":0},0.23530000000000001,null,null,null,null,561.63,0]
["S",2,"S",0,{"$f":"IF($C56=1,OFFSET(E56,-1,0)+MAX(1,COUNTIF(QCI!$A$13:$A$32,OFFSET(ORÇAMENTO!E56,-1,0))),OFFSET(E56,-1,0))","v":1},9,0,0,1,0,{"$f":"IF(OR($C56=\"S\",$C56=0),0,MATCH(OFFSET($D56,0,$C56)+IF($C56<>1,1,COUNTIF(QCI!$A$13:$A$32,ORÇAMENTO!E56)),OFFSET($D56,1,$C56,ROW($C$850)-ROW($C56)),0))","v":0},"F","Serviço","Serviço","1.9.1.","SINAPI","94263","GUIA (MEIO-FIO) CONCRETO, MOLDADA  IN LOCO COM EXTRUSORA, 13 CM BASE X 22 CM ALTURA.","M",{"$f":"OFFSET(CÁLCULO!H$15,ROW($T56)-ROW(T$15),0)","v":12.5},36.369999999999997,"BDI 1",{"$f":"IF($C56=\"S\",ROUND(IF(TIPOORCAMENTO=\"Proposto\",ORÇAMENTO.CustoUnitario*(1+$AH56),ORÇAMENTO.PrecoUnitarioLicitado),15-13*$AF$10),0)","v":44.93},561.63,"RA","RA",{"$f":"IF($C56=\"S\",IF($Z56=\"CP\",$X56,IF($Z56=\"RA\",(($X56)*QCI!$AA$3),0)),SomaAgrup)","v":561.63},0,{"$f":"IF($N56=\"\",\"\",IF(ORÇAMENTO.Descricao=\"\",\"DESCRIÇÃO\",IF(AND($C56=\"S\",ORÇAMENTO.Unidade=\"\"),\"UNIDADE\",IF($X56<0,\"VALOR NEGATIVO\",IF(OR(AND(TIPOORCAMENTO=\"Proposto\",$AG56<>\"\",$AG56>0,ORÇAMENTO.CustoUnitario>$AG56),AND(TIPOORCAMENTO=\"LICITADO\",ORÇAMENTO.PrecoUnitarioLicitado>$AN56)),\"ACIMA REF.\",\"\")))))","v":""},{"$f":"IF(C56<=CRONO.NivelExibicao,MAX($AD$15:OFFSET(AD56,-1,0))+IF($C56<>1,1,MAX(1,COUNTIF(QCI!$A$13:$A$32,OFFSET($E56,-1,0)))),\"\")","v":""},{"$f":"IF(AND($C56=\"S\",ORÇAMENTO.CodBarra<>\"\"),IF(ORÇAMENTO.Fonte=\"\",ORÇAMENTO.CodBarra,CONCATENATE(ORÇAMENTO.Fonte,\" \",ORÇAMENTO.CodBarra)))","v":"SINAPI 94263"},{"$f":"IF(ISERROR(INDIRECT(ORÇAMENTO.BancoRef)),\"(abra o arquivo 'Referência \"&Excel_BuiltIn_Database&\".xls)\",IF(OR($C56<>\"S\",ORÇAMENTO.CodBarra=\"\"),\"(Sem Código)\",IF(ISERROR(MATCH($AE56,INDIRECT(ORÇAMENTO.BancoRef),0)),\"(Código não identificado nas referências)\",MATCH($AE56,INDIRECT(ORÇAMENTO.BancoRef),0))))","v":"(abra o arquivo 'Referência 06-2023.xls)"},{"$f":"ROUND(IF(DESONERACAO=\"sim\",REFERENCIA.Desonerado,REFERENCIA.NaoDesonerado),2)","v":0},0.23530000000000001,null,12.5,null,null,561.63,44.93]
[2,2,2,4,{"$f":"IF($C57=1,OFFSET(E57,-1,0)+MAX(1,COUNTIF(QCI!$A$13:$A$32,OFFSET(ORÇAMENTO!E57,-1,0))),OFFSET(E57,-1,0))","v":1},10,0,0,0,7,{"$f":"IF(OR($C57=\"S\",$C57=0),0,MATCH(OFFSET($D57,0,$C57)+IF($C57<>1,1,COUNTIF(QCI!$A$13:$A$32,ORÇAMENTO!E57)),OFFSET($D57,1,$C57,ROW($C$850)-ROW($C57)),0))","v":4},"F","Nível 2","Nível 2","1.10.","SINAPI",null,"SINALIZAÇÃO","-",{"$f":"OFFSET(CÁLCULO!H$15,ROW($T57)-ROW(T$15),0)","v":0},0,"BDI 1",{"$f":"IF($C57=\"S\",ROUND(IF(TIPOORCAMENTO=\"Proposto\",ORÇAMENTO.CustoUnitario*(1+$AH57),ORÇAMENTO.PrecoUnitarioLicitado),15-13*$AF$10),0)","v":0},1067.04,"RA","",{"$f":"IF($C57=\"S\",IF($Z57=\"CP\",$X57,IF($Z57=\"RA\",(($X57)*QCI!$AA$3),0)),SomaAgrup)","v":1067.04},0,{"$f":"IF($N57=\"\",\"\",IF(ORÇAMENTO.Descricao=\"\",\"DESCRIÇÃO\",IF(AND($C57=\"S\",ORÇAMENTO.Unidade=\"\"),\"UNIDADE\",IF($X57<0,\"VALOR NEGATIVO\",IF(OR(AND(TIPOORCAMENTO=\"Proposto\",$AG57<>\"\",$AG57>0,ORÇAMENTO.CustoUnitario>$AG57),AND(TIPOORCAMENTO=\"LICITADO\",ORÇAMENTO.PrecoUnitarioLicitado>$AN57)),\"ACIMA REF.\",\"\")))))","v":""},{"$f":"IF(C57<=CRONO.NivelExibicao,MAX($AD$15:OFFSET(AD57,-1,0))+IF($C57<>1,1,MAX(1,COUNTIF(QCI!$A$13:$A$32,OFFSET($E57,-1,0)))),\"\")","v":""},{"$f":"IF(AND($C57=\"S\",ORÇAMENTO.CodBarra<>\"\"),IF(ORÇAMENTO.Fonte=\"\",ORÇAMENTO.CodBarra,CONCATENATE(ORÇAMENTO.Fonte,\" \",ORÇAMENTO.CodBarra)))","v":false},{"$f":"IF(ISERROR(INDIRECT(ORÇAMENTO.BancoRef)),\"(abra o arquivo 'Referência \"&Excel_BuiltIn_Database&\".xls)\",IF(OR($C57<>\"S\",ORÇAMENTO.CodBarra=\"\"),\"(Sem Código)\",IF(ISERROR(MATCH($AE57,INDIRECT(ORÇAMENTO.BancoRef),0)),\"(Código não identificado nas referências)\",MATCH($AE57,INDIRECT(ORÇAMENTO.BancoRef),0))))","v":"(abra o arquivo 'Referência 06-2023.xls)"},{"$f":"ROUND(IF(DESONERACAO=\"sim\",REFERENCIA.Desonerado,REFERENCIA.NaoDesonerado),2)","v":0},0.23530000000000001,null,null,null,null,1067.04,0]
["S",2,"S",0,{"$f":"IF($C58=1,OFFSET(E58,-1,0)+MAX(1,COUNTIF(QCI!$A$13:$A$32,OFFSET(ORÇAMENTO!E58,-1,0))),OFFSET(E58,-1,0))","v":1},10,0,0,1,0,{"$f":"IF(OR($C58=\"S\",$C58=0),0,MATCH(OFFSET($D58,0,$C58)+IF($C58<>1,1,COUNTIF(QCI!$A$13:$A$32,ORÇAMENTO!E58)),OFFSET($D58,1,$C58,ROW($C$850)-ROW($C58)),0))","v":0},"F","Serviço","Serviço","1.10.1.","SINAPI","72947","SINALIZACAO HORIZONTAL COM TINTA RETRORREFLETIVA A BASE DE RESINA ACRILICA COM MICROESFERAS DE VIDRO - LINHA CONTÍNUA BRANCA","M2",{"$f":"OFFSET(CÁLCULO!H$15,ROW($T58)-ROW(T$15),0)","v":7.9},17.059999999999999,"BDI 1",{"$f":"IF($C58=\"S\",ROUND(IF(TIPOORCAMENTO=\"Proposto\",ORÇAMENTO.CustoUnitario*(1+$AH58),ORÇAMENTO.PrecoUnitarioLicitado),15-13*$AF$10),0)","v":21.07},166.45,"RA","RA",{"$f":"IF($C58=\"S\",IF($Z58=\"CP\",$X58,IF($Z58=\"RA\",(($X58)*QCI!$AA$3),0)),SomaAgrup)","v":166.45},0,{"$f":"IF($N58=\"\",\"\",IF(ORÇAMENTO.Descricao=\"\",\"DESCRIÇÃO\",IF(AND($C58=\"S\",ORÇAMENTO.Unidade=\"\"),\"UNIDADE\",IF($X58<0,\"VALOR NEGATIVO\",IF(OR(AND(TIPOORCAMENTO=\"Proposto\",$AG58<>\"\",$AG58>0,ORÇAMENTO.CustoUnitario>$AG58),AND(TIPOORCAMENTO=\"LICITADO\",ORÇAMENTO.PrecoUnitarioLicitado>$AN58)),\"ACIMA REF.\",\"\")))))","v":""},{"$f":"IF(C58<=CRONO.NivelExibicao,MAX($AD$15:OFFSET(AD58,-1,0))+IF($C58<>1,1,MAX(1,COUNTIF(QCI!$A$13:$A$32,OFFSET($E58,-1,0)))),\"\")","v":""},{"$f":"IF(AND($C58=\"S\",ORÇAMENTO.CodBarra<>\"\"),IF(ORÇAMENTO.Fonte=\"\",ORÇAMENTO.CodBarra,CONCATENATE(ORÇAMENTO.Fonte,\" \",ORÇAMENTO.CodBarra)))","v":"SINAPI 72947"},{"$f":"IF(ISERROR(INDIRECT(ORÇAMENTO.BancoRef)),\"(abra o arquivo 'Referência \"&Excel_BuiltIn_Database&\".xls)\",IF(OR($C58<>\"S\",ORÇAMENTO.CodBarra=\"\"),\"(Sem Código)\",IF(ISERROR(MATCH($AE58,INDIRECT(ORÇAMENTO.BancoRef),0)),\"(Código não identificado nas referências)\",MATCH($AE58,INDIRECT(ORÇAMENTO.BancoRef),0))))","v":"(abra o arquivo 'Referência 06-2023.xls)"},{"$f":"ROUND(IF(DESONERACAO=\"sim\",REFERENCIA.Desonerado,REFERENCIA.NaoDesonerado),2)","v":0},0.23530000000000001,null,7.9,null,null,166.45,21.07]
["S",2,"S",0,{"$f":"IF($C59=1,OFFSET(E59,-1,0)+MAX(1,COUNTIF(QCI!$A$13:$A$32,OFFSET(ORÇAMENTO!E59,-1,0))),OFFSET(E59,-1,0))","v":1},10,0,0,2,0,{"$f":"IF(OR($C59=\"S\",$C59=0),0,MATCH(OFFSET($D59,0,$C59)+IF($C59<>1,1,COUNTIF(QCI!$A$13:$A$32,ORÇAMENTO!E59)),OFFSET($D59,1,$C59,ROW($C$850)-ROW($C59)),0))","v":0},"F","Serviço","Serviço","1.10.2.","SINAPI","72947","SINALIZACAO HORIZONTAL COM TINTA RETRORREFLETIVA A BASE DE RESINA ACRILICA COM MICROESFERAS DE VIDRO - LINHA CONTÍNUA PRETA","M2",{"$f":"OFFSET(CÁLCULO!H$15,ROW($T59)-ROW(T$15),0)","v":15.8},17.059999999999999,"BDI 1",{"$f":"IF($C59=\"S\",ROUND(IF(TIPOORCAMENTO=\"Proposto\",ORÇAMENTO.CustoUnitario*(1+$AH59),ORÇAMENTO.PrecoUnitarioLicitado),15-13*$AF$10),0)","v":21.07},332.91,"RA","RA",{"$f":"IF($C59=\"S\",IF($Z59=\"CP\",$X59,IF($Z59=\"RA\",(($X59)*QCI!$AA$3),0)),SomaAgrup)","v":332.91},0,{"$f":"IF($N59=\"\",\"\",IF(ORÇAMENTO.Descricao=\"\",\"DESCRIÇÃO\",IF(AND($C59=\"S\",ORÇAMENTO.Unidade=\"\"),\"UNIDADE\",IF($X59<0,\"VALOR NEGATIVO\",IF(OR(AND(TIPOORCAMENTO=\"Proposto\",$AG59<>\"\",$AG59>0,ORÇAMENTO.CustoUnitario>$AG59),AND(TIPOORCAMENTO=\"LICITADO\",ORÇAMENTO.PrecoUnitarioLicitado>$AN59)),\"ACIMA REF.\",\"\")))))","v":""},{"$f":"IF(C59<=CRONO.NivelExibicao,MAX($AD$15:OFFSET(AD59,-1,0))+IF($C59<>1,1,MAX(1,COUNTIF(QCI!$A$13:$A$32,OFFSET($E59,-1,0)))),\"\")","v":""},{"$f":"IF(AND($C59=\"S\",ORÇAMENTO.CodBarra<>\"\"),IF(ORÇAMENTO.Fonte=\"\",ORÇAMENTO.CodBarra,CONCATENATE(ORÇAMENTO.Fonte,\" \",ORÇAMENTO.CodBarra)))","v":"SINAPI 72947"},{"$f":"IF(ISERROR(INDIRECT(ORÇAMENTO.BancoRef)),\"(abra o arquivo 'Referência \"&Excel_BuiltIn_Database&\".xls)\",IF(OR($C59<>\"S\",ORÇAMENTO.CodBarra=\"\"),\"(Sem Código)\",IF(ISERROR(MATCH($AE59,INDIRECT(ORÇAMENTO.BancoRef),0)),\"(Código não identificado nas referências)\",MATCH($AE59,INDIRECT(ORÇAMENTO.BancoRef),0))))","v":"(abra o arquivo 'Referência 06-2023.xls)"},{"$f":"ROUND(IF(DESONERACAO=\"sim\",REFERENCIA.Desonerado,REFERENCIA.NaoDesonerado),2)","v":0},0.23530000000000001,null,15.8,null,null,332.91,21.07]
["S",2,"S",0,{"$f":"IF($C60=1,OFFSET(E60,-1,0)+MAX(1,COUNTIF(QCI!$A$13:$A$32,OFFSET(ORÇAMENTO!E60,-1,0))),OFFSET(E60,-1,0))","v":1},10,0,0,3,0,{"$f":"IF(OR($C60=\"S\",$C60=0),0,MATCH(OFFSET($D60,0,$C60)+IF($C60<>1,1,COUNTIF(QCI!$A$13:$A$32,ORÇAMENTO!E60)),OFFSET($D60,1,$C60,ROW($C$850)-ROW($C60)),0))","v":0},"F","Serviço","Serviço","1.10.3.","AMMOC",337,"PLACA DE SINALIZACAO VIARIA QUADRADA L = 60 CM, COM SUPORTE DE ACO GALVANIZADO D = 50 MM E ALTURA = 3 M, INCLUSIVE BASE DE CONCRETO MAGRO","UN ",{"$f":"OFFSET(CÁLCULO!H$15,ROW($T60)-ROW(T$15),0)","v":1},459.55,"BDI 1",{"$f":"IF($C60=\"S\",ROUND(IF(TIPOORCAMENTO=\"Proposto\",ORÇAMENTO.CustoUnitario*(1+$AH60),ORÇAMENTO.PrecoUnitarioLicitado),15-13*$AF$10),0)","v":567.67999999999995},567.67999999999995,"RA","RA",{"$f":"IF($C60=\"S\",IF($Z60=\"CP\",$X60,IF($Z60=\"RA\",(($X60)*QCI!$AA$3),0)),SomaAgrup)","v":567.67999999999995},0,{"$f":"IF($N60=\"\",\"\",IF(ORÇAMENTO.Descricao=\"\",\"DESCRIÇÃO\",IF(AND($C60=\"S\",ORÇAMENTO.Unidade=\"\"),\"UNIDADE\",IF($X60<0,\"VALOR NEGATIVO\",IF(OR(AND(TIPOORCAMENTO=\"Proposto\",$AG60<>\"\",$AG60>0,ORÇAMENTO.CustoUnitario>$AG60),AND(TIPOORCAMENTO=\"LICITADO\",ORÇAMENTO.PrecoUnitarioLicitado>$AN60)),\"ACIMA REF.\",\"\")))))","v":""},{"$f":"IF(C60<=CRONO.NivelExibicao,MAX($AD$15:OFFSET(AD60,-1,0))+IF($C60<>1,1,MAX(1,COUNTIF(QCI!$A$13:$A$32,OFFSET($E60,-1,0)))),\"\")","v":""},{"$f":"IF(AND($C60=\"S\",ORÇAMENTO.CodBarra<>\"\"),IF(ORÇAMENTO.Fonte=\"\",ORÇAMENTO.CodBarra,CONCATENATE(ORÇAMENTO.Fonte,\" \",ORÇAMENTO.CodBarra)))","v":"AMMOC 337"},{"$f":"IF(ISERROR(INDIRECT(ORÇAMENTO.BancoRef)),\"(abra o arquivo 'Referência \"&Excel_BuiltIn_Database&\".xls)\",IF(OR($C60<>\"S\",ORÇAMENTO.CodBarra=\"\"),\"(Sem Código)\",IF(ISERROR(MATCH($AE60,INDIRECT(ORÇAMENTO.BancoRef),0)),\"(Código não identificado nas referências)\",MATCH($AE60,INDIRECT(ORÇAMENTO.BancoRef),0))))","v":"(abra o arquivo 'Referência 06-2023.xls)"},{"$f":"ROUND(IF(DESONERACAO=\"sim\",REFERENCIA.Desonerado,REFERENCIA.NaoDesonerado),2)","v":0},0.23530000000000001,null,1,null,null,567.67999999999995,567.67999999999995]
[2,2,2,3,{"$f":"IF($C61=1,OFFSET(E61,-1,0)+MAX(1,COUNTIF(QCI!$A$13:$A$32,OFFSET(ORÇAMENTO!E61,-1,0))),OFFSET(E61,-1,0))","v":1},11,0,0,0,3,{"$f":"IF(OR($C61=\"S\",$C61=0),0,MATCH(OFFSET($D61,0,$C61)+IF($C61<>1,1,COUNTIF(QCI!$A$13:$A$32,ORÇAMENTO!E61)),OFFSET($D61,1,$C61,ROW($C$850)-ROW($C61)),0))","v":105},"F","Nível 2","Nível 2","1.11.","SINAPI",null,"GUARDA CORPO COM CORRIMÃO","-",{"$f":"OFFSET(CÁLCULO!H$15,ROW($T61)-ROW(T$15),0)","v":0},0,"BDI 1",{"$f":"IF($C61=\"S\",ROUND(IF(TIPOORCAMENTO=\"Proposto\",ORÇAMENTO.CustoUnitario*(1+$AH61),ORÇAMENTO.PrecoUnitarioLicitado),15-13*$AF$10),0)","v":0},30875.08,"RA","",{"$f":"IF($C61=\"S\",IF($Z61=\"CP\",$X61,IF($Z61=\"RA\",(($X61)*QCI!$AA$3),0)),SomaAgrup)","v":30875.079999999998},0,{"$f":"IF($N61=\"\",\"\",IF(ORÇAMENTO.Descricao=\"\",\"DESCRIÇÃO\",IF(AND($C61=\"S\",ORÇAMENTO.Unidade=\"\"),\"UNIDADE\",IF($X61<0,\"VALOR NEGATIVO\",IF(OR(AND(TIPOORCAMENTO=\"Proposto\",$AG61<>\"\",$AG61>0,ORÇAMENTO.CustoUnitario>$AG61),AND(TIPOORCAMENTO=\"LICITADO\",ORÇAMENTO.PrecoUnitarioLicitado>$AN61)),\"ACIMA REF.\",\"\")))))","v":""},{"$f":"IF(C61<=CRONO.NivelExibicao,MAX($AD$15:OFFSET(AD61,-1,0))+IF($C61<>1,1,MAX(1,COUNTIF(QCI!$A$13:$A$32,OFFSET($E61,-1,0)))),\"\")","v":""},{"$f":"IF(AND($C61=\"S\",ORÇAMENTO.CodBarra<>\"\"),IF(ORÇAMENTO.Fonte=\"\",ORÇAMENTO.CodBarra,CONCATENATE(ORÇAMENTO.Fonte,\" \",ORÇAMENTO.CodBarra)))","v":false},{"$f":"IF(ISERROR(INDIRECT(ORÇAMENTO.BancoRef)),\"(abra o arquivo 'Referência \"&Excel_BuiltIn_Database&\".xls)\",IF(OR($C61<>\"S\",ORÇAMENTO.CodBarra=\"\"),\"(Sem Código)\",IF(ISERROR(MATCH($AE61,INDIRECT(ORÇAMENTO.BancoRef),0)),\"(Código não identificado nas referências)\",MATCH($AE61,INDIRECT(ORÇAMENTO.BancoRef),0))))","v":"(abra o arquivo 'Referência 06-2023.xls)"},{"$f":"ROUND(IF(DESONERACAO=\"sim\",REFERENCIA.Desonerado,REFERENCIA.NaoDesonerado),2)","v":0},0.23530000000000001,null,null,null,null,30875.08,0]
["S",2,"S",0,{"$f":"IF($C62=1,OFFSET(E62,-1,0)+MAX(1,COUNTIF(QCI!$A$13:$A$32,OFFSET(ORÇAMENTO!E62,-1,0))),OFFSET(E62,-1,0))","v":1},11,0,0,1,0,{"$f":"IF(OR($C62=\"S\",$C62=0),0,MATCH(OFFSET($D62,0,$C62)+IF($C62<>1,1,COUNTIF(QCI!$A$13:$A$32,ORÇAMENTO!E62)),OFFSET($D62,1,$C62,ROW($C$850)-ROW($C62)),0))","v":0},"F","Serviço","Serviço","1.11.1.","AMMOC","135","CORRIMÃO DUPLO EM DUAS ALTURAS COM PROLONGAMENTO ATENDENDO AS NORMAS DE ACESSIBILIDADE E BOMBEIRO, EM AÇO GALVANIZADO DN 40MM, INCLUSO PINTURA, EXECUÇÃO E FIXAÇÃO","M",{"$f":"OFFSET(CÁLCULO!H$15,ROW($T62)-ROW(T$15),0)","v":27.5},284.94,"BDI 1",{"$f":"IF($C62=\"S\",ROUND(IF(TIPOORCAMENTO=\"Proposto\",ORÇAMENTO.CustoUnitario*(1+$AH62),ORÇAMENTO.PrecoUnitarioLicitado),15-13*$AF$10),0)","v":351.99},9679.73,"RA","RA",{"$f":"IF($C62=\"S\",IF($Z62=\"CP\",$X62,IF($Z62=\"RA\",(($X62)*QCI!$AA$3),0)),SomaAgrup)","v":9679.73},0,{"$f":"IF($N62=\"\",\"\",IF(ORÇAMENTO.Descricao=\"\",\"DESCRIÇÃO\",IF(AND($C62=\"S\",ORÇAMENTO.Unidade=\"\"),\"UNIDADE\",IF($X62<0,\"VALOR NEGATIVO\",IF(OR(AND(TIPOORCAMENTO=\"Proposto\",$AG62<>\"\",$AG62>0,ORÇAMENTO.CustoUnitario>$AG62),AND(TIPOORCAMENTO=\"LICITADO\",ORÇAMENTO.PrecoUnitarioLicitado>$AN62)),\"ACIMA REF.\",\"\")))))","v":""},{"$f":"IF(C62<=CRONO.NivelExibicao,MAX($AD$15:OFFSET(AD62,-1,0))+IF($C62<>1,1,MAX(1,COUNTIF(QCI!$A$13:$A$32,OFFSET($E62,-1,0)))),\"\")","v":""},{"$f":"IF(AND($C62=\"S\",ORÇAMENTO.CodBarra<>\"\"),IF(ORÇAMENTO.Fonte=\"\",ORÇAMENTO.CodBarra,CONCATENATE(ORÇAMENTO.Fonte,\" \",ORÇAMENTO.CodBarra)))","v":"AMMOC 135"},{"$f":"IF(ISERROR(INDIRECT(ORÇAMENTO.BancoRef)),\"(abra o arquivo 'Referência \"&Excel_BuiltIn_Database&\".xls)\",IF(OR($C62<>\"S\",ORÇAMENTO.CodBarra=\"\"),\"(Sem Código)\",IF(ISERROR(MATCH($AE62,INDIRECT(ORÇAMENTO.BancoRef),0)),\"(Código não identificado nas referências)\",MATCH($AE62,INDIRECT(ORÇAMENTO.BancoRef),0))))","v":"(abra o arquivo 'Referência 06-2023.xls)"},{"$f":"ROUND(IF(DESONERACAO=\"sim\",REFERENCIA.Desonerado,REFERENCIA.NaoDesonerado),2)","v":0},0.23530000000000001,null,27.5,null,null,9679.73,351.99]
["S",2,"S",0,{"$f":"IF($C63=1,OFFSET(E63,-1,0)+MAX(1,COUNTIF(QCI!$A$13:$A$32,OFFSET(ORÇAMENTO!E63,-1,0))),OFFSET(E63,-1,0))","v":1},11,0,0,2,0,{"$f":"IF(OR($C63=\"S\",$C63=0),0,MATCH(OFFSET($D63,0,$C63)+IF($C63<>1,1,COUNTIF(QCI!$A$13:$A$32,ORÇAMENTO!E63)),OFFSET($D63,1,$C63,ROW($C$850)-ROW($C63)),0))","v":0},"F","Serviço","Serviço","1.11.2.","SINAPI","99837","GUARDA-CORPO DE AÇO GALVANIZADO DE 1,10M, BARRAS VERTICAIS A CADA 11CM, ATENDENDO NORMA DE BOMBEIROS E ACESSIBILIDADE, CONFORME DETALHE EM PROJETO, FIXADO COM CHUMBADOR MECÂNICO, INCLUSO PINTURA","M",{"$f":"OFFSET(CÁLCULO!H$15,ROW($T63)-ROW(T$15),0)","v":27.5},623.92999999999995,"BDI 1",{"$f":"IF($C63=\"S\",ROUND(IF(TIPOORCAMENTO=\"Proposto\",ORÇAMENTO.CustoUnitario*(1+$AH63),ORÇAMENTO.PrecoUnitarioLicitado),15-13*$AF$10),0)","v":770.74},21195.35,"RA","RA",{"$f":"IF($C63=\"S\",IF($Z63=\"CP\",$X63,IF($Z63=\"RA\",(($X63)*QCI!$AA$3),0)),SomaAgrup)","v":21195.35},0,{"$f":"IF($N63=\"\",\"\",IF(ORÇAMENTO.Descricao=\"\",\"DESCRIÇÃO\",IF(AND($C63=\"S\",ORÇAMENTO.Unidade=\"\"),\"UNIDADE\",IF($X63<0,\"VALOR NEGATIVO\",IF(OR(AND(TIPOORCAMENTO=\"Proposto\",$AG63<>\"\",$AG63>0,ORÇAMENTO.CustoUnitario>$AG63),AND(TIPOORCAMENTO=\"LICITADO\",ORÇAMENTO.PrecoUnitarioLicitado>$AN63)),\"ACIMA REF.\",\"\")))))","v":""},{"$f":"IF(C63<=CRONO.NivelExibicao,MAX($AD$15:OFFSET(AD63,-1,0))+IF($C63<>1,1,MAX(1,COUNTIF(QCI!$A$13:$A$32,OFFSET($E63,-1,0)))),\"\")","v":""},{"$f":"IF(AND($C63=\"S\",ORÇAMENTO.CodBarra<>\"\"),IF(ORÇAMENTO.Fonte=\"\",ORÇAMENTO.CodBarra,CONCATENATE(ORÇAMENTO.Fonte,\" \",ORÇAMENTO.CodBarra)))","v":"SINAPI 99837"},{"$f":"IF(ISERROR(INDIRECT(ORÇAMENTO.BancoRef)),\"(abra o arquivo 'Referência \"&Excel_BuiltIn_Database&\".xls)\",IF(OR($C63<>\"S\",ORÇAMENTO.CodBarra=\"\"),\"(Sem Código)\",IF(ISERROR(MATCH($AE63,INDIRECT(ORÇAMENTO.BancoRef),0)),\"(Código não identificado nas referências)\",MATCH($AE63,INDIRECT(ORÇAMENTO.BancoRef),0))))","v":"(abra o arquivo 'Referência 06-2023.xls)"},{"$f":"ROUND(IF(DESONERACAO=\"sim\",REFERENCIA.Desonerado,REFERENCIA.NaoDesonerado),2)","v":0},0.23530000000000001,null,27.5,null,null,21195.35,770.74]
[1,1,1,54,{"$f":"IF($C64=1,OFFSET(E64,-1,0)+MAX(1,COUNTIF(QCI!$A$13:$A$32,OFFSET(ORÇAMENTO!E64,-1,0))),OFFSET(E64,-1,0))","v":2},0,0,0,0,786,{"$f":"IF(OR($C64=\"S\",$C64=0),0,MATCH(OFFSET($D64,0,$C64)+IF($C64<>1,1,COUNTIF(QCI!$A$13:$A$32,ORÇAMENTO!E64)),OFFSET($D64,1,$C64,ROW($C$850)-ROW($C64)),0))","v":54},"F","Meta","Meta","2.","SINAPI",null,"RUA DO ROSÁRIO","-",{"$f":"OFFSET(CÁLCULO!H$15,ROW($T64)-ROW(T$15),0)","v":0},0,"BDI 1",{"$f":"IF($C64=\"S\",ROUND(IF(TIPOORCAMENTO=\"Proposto\",ORÇAMENTO.CustoUnitario*(1+$AH64),ORÇAMENTO.PrecoUnitarioLicitado),15-13*$AF$10),0)","v":0},345850.11,"RA","",{"$f":"IF($C64=\"S\",IF($Z64=\"CP\",$X64,IF($Z64=\"RA\",(($X64)*QCI!$AA$3),0)),SomaAgrup)","v":345850.11},0,{"$f":"IF($N64=\"\",\"\",IF(ORÇAMENTO.Descricao=\"\",\"DESCRIÇÃO\",IF(AND($C64=\"S\",ORÇAMENTO.Unidade=\"\"),\"UNIDADE\",IF($X64<0,\"VALOR NEGATIVO\",IF(OR(AND(TIPOORCAMENTO=\"Proposto\",$AG64<>\"\",$AG64>0,ORÇAMENTO.CustoUnitario>$AG64),AND(TIPOORCAMENTO=\"LICITADO\",ORÇAMENTO.PrecoUnitarioLicitado>$AN64)),\"ACIMA REF.\",\"\")))))","v":""},{"$f":"IF(C64<=CRONO.NivelExibicao,MAX($AD$15:OFFSET(AD64,-1,0))+IF($C64<>1,1,MAX(1,COUNTIF(QCI!$A$13:$A$32,OFFSET($E64,-1,0)))),\"\")","v":2},{"$f":"IF(AND($C64=\"S\",ORÇAMENTO.CodBarra<>\"\"),IF(ORÇAMENTO.Fonte=\"\",ORÇAMENTO.CodBarra,CONCATENATE(ORÇAMENTO.Fonte,\" \",ORÇAMENTO.CodBarra)))","v":false},{"$f":"IF(ISERROR(INDIRECT(ORÇAMENTO.BancoRef)),\"(abra o arquivo 'Referência \"&Excel_BuiltIn_Database&\".xls)\",IF(OR($C64<>\"S\",ORÇAMENTO.CodBarra=\"\"),\"(Sem Código)\",IF(ISERROR(MATCH($AE64,INDIRECT(ORÇAMENTO.BancoRef),0)),\"(Código não identificado nas referências)\",MATCH($AE64,INDIRECT(ORÇAMENTO.BancoRef),0))))","v":"(abra o arquivo 'Referência 06-2023.xls)"},{"$f":"ROUND(IF(DESONERACAO=\"sim\",REFERENCIA.Desonerado,REFERENCIA.NaoDesonerado),2)","v":0},0.23530000000000001,null,null,null,null,345850.11,0]
[2,2,2,3,{"$f":"IF($C65=1,OFFSET(E65,-1,0)+MAX(1,COUNTIF(QCI!$A$13:$A$32,OFFSET(ORÇAMENTO!E65,-1,0))),OFFSET(E65,-1,0))","v":2},1,0,0,0,53,{"$f":"IF(OR($C65=\"S\",$C65=0),0,MATCH(OFFSET($D65,0,$C65)+IF($C65<>1,1,COUNTIF(QCI!$A$13:$A$32,ORÇAMENTO!E65)),OFFSET($D65,1,$C65,ROW($C$850)-ROW($C65)),0))","v":3},"F","Nível 2","Nível 2","2.1.","SINAPI",null,"SERVIÇOS INICIAIS E EVENTUAIS","-",{"$f":"OFFSET(CÁLCULO!H$15,ROW($T65)-ROW(T$15),0)","v":0},0,"BDI 1",{"$f":"IF($C65=\"S\",ROUND(IF(TIPOORCAMENTO=\"Proposto\",ORÇAMENTO.CustoUnitario*(1+$AH65),ORÇAMENTO.PrecoUnitarioLicitado),15-13*$AF$10),0)","v":0},2245.83,"RA","",{"$f":"IF($C65=\"S\",IF($Z65=\"CP\",$X65,IF($Z65=\"RA\",(($X65)*QCI!$AA$3),0)),SomaAgrup)","v":2245.83},0,{"$f":"IF($N65=\"\",\"\",IF(ORÇAMENTO.Descricao=\"\",\"DESCRIÇÃO\",IF(AND($C65=\"S\",ORÇAMENTO.Unidade=\"\"),\"UNIDADE\",IF($X65<0,\"VALOR NEGATIVO\",IF(OR(AND(TIPOORCAMENTO=\"Proposto\",$AG65<>\"\",$AG65>0,ORÇAMENTO.CustoUnitario>$AG65),AND(TIPOORCAMENTO=\"LICITADO\",ORÇAMENTO.PrecoUnitarioLicitado>$AN65)),\"ACIMA REF.\",\"\")))))","v":""},{"$f":"IF(C65<=CRONO.NivelExibicao,MAX($AD$15:OFFSET(AD65,-1,0))+IF($C65<>1,1,MAX(1,COUNTIF(QCI!$A$13:$A$32,OFFSET($E65,-1,0)))),\"\")","v":""},{"$f":"IF(AND($C65=\"S\",ORÇAMENTO.CodBarra<>\"\"),IF(ORÇAMENTO.Fonte=\"\",ORÇAMENTO.CodBarra,CONCATENATE(ORÇAMENTO.Fonte,\" \",ORÇAMENTO.CodBarra)))","v":false},{"$f":"IF(ISERROR(INDIRECT(ORÇAMENTO.BancoRef)),\"(abra o arquivo 'Referência \"&Excel_BuiltIn_Database&\".xls)\",IF(OR($C65<>\"S\",ORÇAMENTO.CodBarra=\"\"),\"(Sem Código)\",IF(ISERROR(MATCH($AE65,INDIRECT(ORÇAMENTO.BancoRef),0)),\"(Código não identificado nas referências)\",MATCH($AE65,INDIRECT(ORÇAMENTO.BancoRef),0))))","v":"(abra o arquivo 'Referência 06-2023.xls)"},{"$f":"ROUND(IF(DESONERACAO=\"sim\",REFERENCIA.Desonerado,REFERENCIA.NaoDesonerado),2)","v":0},0.23530000000000001,null,null,null,null,2245.83,0]
["S",2,"S",0,{"$f":"IF($C66=1,OFFSET(E66,-1,0)+MAX(1,COUNTIF(QCI!$A$13:$A$32,OFFSET(ORÇAMENTO!E66,-1,0))),OFFSET(E66,-1,0))","v":2},1,0,0,1,0,{"$f":"IF(OR($C66=\"S\",$C66=0),0,MATCH(OFFSET($D66,0,$C66)+IF($C66<>1,1,COUNTIF(QCI!$A$13:$A$32,ORÇAMENTO!E66)),OFFSET($D66,1,$C66,ROW($C$850)-ROW($C66)),0))","v":0},"F","Serviço","Serviço","2.1.1.","AMMOC","PLOBRA","PLACA DE OBRA EM CHAPA DE AÇO GALVANIZADO","M²",{"$f":"OFFSET(CÁLCULO!H$15,ROW($T66)-ROW(T$15),0)","v":4.5},382.78,"BDI 1",{"$f":"IF($C66=\"S\",ROUND(IF(TIPOORCAMENTO=\"Proposto\",ORÇAMENTO.CustoUnitario*(1+$AH66),ORÇAMENTO.PrecoUnitarioLicitado),15-13*$AF$10),0)","v":472.85},2127.83,"RA","RA",{"$f":"IF($C66=\"S\",IF($Z66=\"CP\",$X66,IF($Z66=\"RA\",(($X66)*QCI!$AA$3),0)),SomaAgrup)","v":2127.83},0,{"$f":"IF($N66=\"\",\"\",IF(ORÇAMENTO.Descricao=\"\",\"DESCRIÇÃO\",IF(AND($C66=\"S\",ORÇAMENTO.Unidade=\"\"),\"UNIDADE\",IF($X66<0,\"VALOR NEGATIVO\",IF(OR(AND(TIPOORCAMENTO=\"Proposto\",$AG66<>\"\",$AG66>0,ORÇAMENTO.CustoUnitario>$AG66),AND(TIPOORCAMENTO=\"LICITADO\",ORÇAMENTO.PrecoUnitarioLicitado>$AN66)),\"ACIMA REF.\",\"\")))))","v":""},{"$f":"IF(C66<=CRONO.NivelExibicao,MAX($AD$15:OFFSET(AD66,-1,0))+IF($C66<>1,1,MAX(1,COUNTIF(QCI!$A$13:$A$32,OFFSET($E66,-1,0)))),\"\")","v":""},{"$f":"IF(AND($C66=\"S\",ORÇAMENTO.CodBarra<>\"\"),IF(ORÇAMENTO.Fonte=\"\",ORÇAMENTO.CodBarra,CONCATENATE(ORÇAMENTO.Fonte,\" \",ORÇAMENTO.CodBarra)))","v":"AMMOC PLOBRA"},{"$f":"IF(ISERROR(INDIRECT(ORÇAMENTO.BancoRef)),\"(abra o arquivo 'Referência \"&Excel_BuiltIn_Database&\".xls)\",IF(OR($C66<>\"S\",ORÇAMENTO.CodBarra=\"\"),\"(Sem Código)\",IF(ISERROR(MATCH($AE66,INDIRECT(ORÇAMENTO.BancoRef),0)),\"(Código não identificado nas referências)\",MATCH($AE66,INDIRECT(ORÇAMENTO.BancoRef),0))))","v":"(abra o arquivo 'Referência 06-2023.xls)"},{"$f":"ROUND(IF(DESONERACAO=\"sim\",REFERENCIA.Desonerado,REFERENCIA.NaoDesonerado),2)","v":0},0.23530000000000001,null,4.5,null,null,2127.83,472.85]
["S",2,"S",0,{"$f":"IF($C67=1,OFFSET(E67,-1,0)+MAX(1,COUNTIF(QCI!$A$13:$A$32,OFFSET(ORÇAMENTO!E67,-1,0))),OFFSET(E67,-1,0))","v":2},1,0,0,2,0,{"$f":"IF(OR($C67=\"S\",$C67=0),0,MATCH(OFFSET($D67,0,$C67)+IF($C67<>1,1,COUNTIF(QCI!$A$13:$A$32,ORÇAMENTO!E67)),OFFSET($D67,1,$C67,ROW($C$850)-ROW($C67)),0))","v":0},"F","Serviço","Serviço","2.1.2.","SINAPI","99064","LOCAÇÃO DE PAVIMENTAÇÃO","M",{"$f":"OFFSET(CÁLCULO!H$15,ROW($T67)-ROW(T$15),0)","v":200},0.48,"BDI 1",{"$f":"IF($C67=\"S\",ROUND(IF(TIPOORCAMENTO=\"Proposto\",ORÇAMENTO.CustoUnitario*(1+$AH67),ORÇAMENTO.PrecoUnitarioLicitado),15-13*$AF$10),0)","v":0.59},118,"RA","RA",{"$f":"IF($C67=\"S\",IF($Z67=\"CP\",$X67,IF($Z67=\"RA\",(($X67)*QCI!$AA$3),0)),SomaAgrup)","v":118},0,{"$f":"IF($N67=\"\",\"\",IF(ORÇAMENTO.Descricao=\"\",\"DESCRIÇÃO\",IF(AND($C67=\"S\",ORÇAMENTO.Unidade=\"\"),\"UNIDADE\",IF($X67<0,\"VALOR NEGATIVO\",IF(OR(AND(TIPOORCAMENTO=\"Proposto\",$AG67<>\"\",$AG67>0,ORÇAMENTO.CustoUnitario>$AG67),AND(TIPOORCAMENTO=\"LICITADO\",ORÇAMENTO.PrecoUnitarioLicitado>$AN67)),\"ACIMA REF.\",\"\")))))","v":""},{"$f":"IF(C67<=CRONO.NivelExibicao,MAX($AD$15:OFFSET(AD67,-1,0))+IF($C67<>1,1,MAX(1,COUNTIF(QCI!$A$13:$A$32,OFFSET($E67,-1,0)))),\"\")","v":""},{"$f":"IF(AND($C67=\"S\",ORÇAMENTO.CodBarra<>\"\"),IF(ORÇAMENTO.Fonte=\"\",ORÇAMENTO.CodBarra,CONCATENATE(ORÇAMENTO.Fonte,\" \",ORÇAMENTO.CodBarra)))","v":"SINAPI 99064"},{"$f":"IF(ISERROR(INDIRECT(ORÇAMENTO.BancoRef)),\"(abra o arquivo 'Referência \"&Excel_BuiltIn_Database&\".xls)\",IF(OR($C67<>\"S\",ORÇAMENTO.CodBarra=\"\"),\"(Sem Código)\",IF(ISERROR(MATCH($AE67,INDIRECT(ORÇAMENTO.BancoRef),0)),\"(Código não identificado nas referências)\",MATCH($AE67,INDIRECT(ORÇAMENTO.BancoRef),0))))","v":"(abra o arquivo 'Referência 06-2023.xls)"},{"$f":"ROUND(IF(DESONERACAO=\"sim\",REFERENCIA.Desonerado,REFERENCIA.NaoDesonerado),2)","v":0},0.23530000000000001,null,200,null,null,118,0.59]
[2,2,2,2,{"$f":"IF($C68=1,OFFSET(E68,-1,0)+MAX(1,COUNTIF(QCI!$A$13:$A$32,OFFSET(ORÇAMENTO!E68,-1,0))),OFFSET(E68,-1,0))","v":2},2,0,0,0,50,{"$f":"IF(OR($C68=\"S\",$C68=0),0,MATCH(OFFSET($D68,0,$C68)+IF($C68<>1,1,COUNTIF(QCI!$A$13:$A$32,ORÇAMENTO!E68)),OFFSET($D68,1,$C68,ROW($C$850)-ROW($C68)),0))","v":2},"F","Nível 2","Nível 2","2.2.","SINAPI",null,"SINALIZAÇÃO E SEGURANÇA","-",{"$f":"OFFSET(CÁLCULO!H$15,ROW($T68)-ROW(T$15),0)","v":0},0,"BDI 1",{"$f":"IF($C68=\"S\",ROUND(IF(TIPOORCAMENTO=\"Proposto\",ORÇAMENTO.CustoUnitario*(1+$AH68),ORÇAMENTO.PrecoUnitarioLicitado),15-13*$AF$10),0)","v":0},7094.64,"RA","",{"$f":"IF($C68=\"S\",IF($Z68=\"CP\",$X68,IF($Z68=\"RA\",(($X68)*QCI!$AA$3),0)),SomaAgrup)","v":7094.64},0,{"$f":"IF($N68=\"\",\"\",IF(ORÇAMENTO.Descricao=\"\",\"DESCRIÇÃO\",IF(AND($C68=\"S\",ORÇAMENTO.Unidade=\"\"),\"UNIDADE\",IF($X68<0,\"VALOR NEGATIVO\",IF(OR(AND(TIPOORCAMENTO=\"Proposto\",$AG68<>\"\",$AG68>0,ORÇAMENTO.CustoUnitario>$AG68),AND(TIPOORCAMENTO=\"LICITADO\",ORÇAMENTO.PrecoUnitarioLicitado>$AN68)),\"ACIMA REF.\",\"\")))))","v":""},{"$f":"IF(C68<=CRONO.NivelExibicao,MAX($AD$15:OFFSET(AD68,-1,0))+IF($C68<>1,1,MAX(1,COUNTIF(QCI!$A$13:$A$32,OFFSET($E68,-1,0)))),\"\")","v":""},{"$f":"IF(AND($C68=\"S\",ORÇAMENTO.CodBarra<>\"\"),IF(ORÇAMENTO.Fonte=\"\",ORÇAMENTO.CodBarra,CONCATENATE(ORÇAMENTO.Fonte,\" \",ORÇAMENTO.CodBarra)))","v":false},{"$f":"IF(ISERROR(INDIRECT(ORÇAMENTO.BancoRef)),\"(abra o arquivo 'Referência \"&Excel_BuiltIn_Database&\".xls)\",IF(OR($C68<>\"S\",ORÇAMENTO.CodBarra=\"\"),\"(Sem Código)\",IF(ISERROR(MATCH($AE68,INDIRECT(ORÇAMENTO.BancoRef),0)),\"(Código não identificado nas referências)\",MATCH($AE68,INDIRECT(ORÇAMENTO.BancoRef),0))))","v":"(abra o arquivo 'Referência 06-2023.xls)"},{"$f":"ROUND(IF(DESONERACAO=\"sim\",REFERENCIA.Desonerado,REFERENCIA.NaoDesonerado),2)","v":0},0.23530000000000001,null,null,null,null,7094.64,0]
["S",2,"S",0,{"$f":"IF($C69=1,OFFSET(E69,-1,0)+MAX(1,COUNTIF(QCI!$A$13:$A$32,OFFSET(ORÇAMENTO!E69,-1,0))),OFFSET(E69,-1,0))","v":2},2,0,0,1,0,{"$f":"IF(OR($C69=\"S\",$C69=0),0,MATCH(OFFSET($D69,0,$C69)+IF($C69<>1,1,COUNTIF(QCI!$A$13:$A$32,ORÇAMENTO!E69)),OFFSET($D69,1,$C69,ROW($C$850)-ROW($C69)),0))","v":0},"F","Serviço","Serviço","2.2.1.","AMMOC","SIN","SINALIZAÇÃO COM FITA FIXADA EM CONE PLÁSTICO, INCLUINDO CONE","M",{"$f":"OFFSET(CÁLCULO!H$15,ROW($T69)-ROW(T$15),0)","v":412},13.94,"BDI 1",{"$f":"IF($C69=\"S\",ROUND(IF(TIPOORCAMENTO=\"Proposto\",ORÇAMENTO.CustoUnitario*(1+$AH69),ORÇAMENTO.PrecoUnitarioLicitado),15-13*$AF$10),0)","v":17.22},7094.64,"RA","RA",{"$f":"IF($C69=\"S\",IF($Z69=\"CP\",$X69,IF($Z69=\"RA\",(($X69)*QCI!$AA$3),0)),SomaAgrup)","v":7094.64},0,{"$f":"IF($N69=\"\",\"\",IF(ORÇAMENTO.Descricao=\"\",\"DESCRIÇÃO\",IF(AND($C69=\"S\",ORÇAMENTO.Unidade=\"\"),\"UNIDADE\",IF($X69<0,\"VALOR NEGATIVO\",IF(OR(AND(TIPOORCAMENTO=\"Proposto\",$AG69<>\"\",$AG69>0,ORÇAMENTO.CustoUnitario>$AG69),AND(TIPOORCAMENTO=\"LICITADO\",ORÇAMENTO.PrecoUnitarioLicitado>$AN69)),\"ACIMA REF.\",\"\")))))","v":""},{"$f":"IF(C69<=CRONO.NivelExibicao,MAX($AD$15:OFFSET(AD69,-1,0))+IF($C69<>1,1,MAX(1,COUNTIF(QCI!$A$13:$A$32,OFFSET($E69,-1,0)))),\"\")","v":""},{"$f":"IF(AND($C69=\"S\",ORÇAMENTO.CodBarra<>\"\"),IF(ORÇAMENTO.Fonte=\"\",ORÇAMENTO.CodBarra,CONCATENATE(ORÇAMENTO.Fonte,\" \",ORÇAMENTO.CodBarra)))","v":"AMMOC SIN"},{"$f":"IF(ISERROR(INDIRECT(ORÇAMENTO.BancoRef)),\"(abra o arquivo 'Referência \"&Excel_BuiltIn_Database&\".xls)\",IF(OR($C69<>\"S\",ORÇAMENTO.CodBarra=\"\"),\"(Sem Código)\",IF(ISERROR(MATCH($AE69,INDIRECT(ORÇAMENTO.BancoRef),0)),\"(Código não identificado nas referências)\",MATCH($AE69,INDIRECT(ORÇAMENTO.BancoRef),0))))","v":"(abra o arquivo 'Referência 06-2023.xls)"},{"$f":"ROUND(IF(DESONERACAO=\"sim\",REFERENCIA.Desonerado,REFERENCIA.NaoDesonerado),2)","v":0},0.23530000000000001,null,{"$f":"(AJ67*2)+12","v":412},null,null,7094.64,17.22]
[2,2,2,5,{"$f":"IF($C70=1,OFFSET(E70,-1,0)+MAX(1,COUNTIF(QCI!$A$13:$A$32,OFFSET(ORÇAMENTO!E70,-1,0))),OFFSET(E70,-1,0))","v":2},3,0,0,0,48,{"$f":"IF(OR($C70=\"S\",$C70=0),0,MATCH(OFFSET($D70,0,$C70)+IF($C70<>1,1,COUNTIF(QCI!$A$13:$A$32,ORÇAMENTO!E70)),OFFSET($D70,1,$C70,ROW($C$850)-ROW($C70)),0))","v":5},"F","Nível 2","Nível 2","2.3.","SINAPI",null,"DEMOLIÇÕES E REMOÇÕES, REPOSIÇÕES E COMPLEMENTOS","-",{"$f":"OFFSET(CÁLCULO!H$15,ROW($T70)-ROW(T$15),0)","v":0},0,"BDI 1",{"$f":"IF($C70=\"S\",ROUND(IF(TIPOORCAMENTO=\"Proposto\",ORÇAMENTO.CustoUnitario*(1+$AH70),ORÇAMENTO.PrecoUnitarioLicitado),15-13*$AF$10),0)","v":0},584.14,"RA","",{"$f":"IF($C70=\"S\",IF($Z70=\"CP\",$X70,IF($Z70=\"RA\",(($X70)*QCI!$AA$3),0)),SomaAgrup)","v":584.1400000000001},0,{"$f":"IF($N70=\"\",\"\",IF(ORÇAMENTO.Descricao=\"\",\"DESCRIÇÃO\",IF(AND($C70=\"S\",ORÇAMENTO.Unidade=\"\"),\"UNIDADE\",IF($X70<0,\"VALOR NEGATIVO\",IF(OR(AND(TIPOORCAMENTO=\"Proposto\",$AG70<>\"\",$AG70>0,ORÇAMENTO.CustoUnitario>$AG70),AND(TIPOORCAMENTO=\"LICITADO\",ORÇAMENTO.PrecoUnitarioLicitado>$AN70)),\"ACIMA REF.\",\"\")))))","v":""},{"$f":"IF(C70<=CRONO.NivelExibicao,MAX($AD$15:OFFSET(AD70,-1,0))+IF($C70<>1,1,MAX(1,COUNTIF(QCI!$A$13:$A$32,OFFSET($E70,-1,0)))),\"\")","v":""},{"$f":"IF(AND($C70=\"S\",ORÇAMENTO.CodBarra<>\"\"),IF(ORÇAMENTO.Fonte=\"\",ORÇAMENTO.CodBarra,CONCATENATE(ORÇAMENTO.Fonte,\" \",ORÇAMENTO.CodBarra)))","v":false},{"$f":"IF(ISERROR(INDIRECT(ORÇAMENTO.BancoRef)),\"(abra o arquivo 'Referência \"&Excel_BuiltIn_Database&\".xls)\",IF(OR($C70<>\"S\",ORÇAMENTO.CodBarra=\"\"),\"(Sem Código)\",IF(ISERROR(MATCH($AE70,INDIRECT(ORÇAMENTO.BancoRef),0)),\"(Código não identificado nas referências)\",MATCH($AE70,INDIRECT(ORÇAMENTO.BancoRef),0))))","v":"(abra o arquivo 'Referência 06-2023.xls)"},{"$f":"ROUND(IF(DESONERACAO=\"sim\",REFERENCIA.Desonerado,REFERENCIA.NaoDesonerado),2)","v":0},0.23530000000000001,null,null,null,null,584.14,0]
[{"$f":"CHOOSE(1+LOG(1+2*(ORÇAMENTO.Nivel=\"Meta\")+4*(ORÇAMENTO.Nivel=\"Nível 2\")+8*(ORÇAMENTO.Nivel=\"Nível 3\")+16*(ORÇAMENTO.Nivel=\"Nível 4\")+32*(ORÇAMENTO.Nivel=\"Serviço\"),2),0,1,2,3,4,\"S\")","v":"S"},{"$f":"IF(OR(C71=\"s\",C71=0),OFFSET(B71,-1,0),C71)","v":2},{"$f":"IF(OFFSET(C71,-1,0)=\"L\",1,IF(OFFSET(C71,-1,0)=1,2,IF(OR(A71=\"s\",A71=0),\"S\",IF(AND(OFFSET(C71,-1,0)=2,A71=4),3,IF(AND(OR(OFFSET(C71,-1,0)=\"s\",OFFSET(C71,-1,0)=0),A71<>\"s\",A71>OFFSET(B71,-1,0)),OFFSET(B71,-1,0),A71)))))","v":"S"},{"$f":"IF(OR(C71=\"S\",C71=0),0,IF(ISERROR(K71),J71,SMALL(J71:K71,1)))","v":0},{"$f":"IF($C71=1,OFFSET(E71,-1,0)+MAX(1,COUNTIF(QCI!$A$13:$A$32,OFFSET(ORÇAMENTO!E71,-1,0))),OFFSET(E71,-1,0))","v":2},{"$f":"IF($C71=1,0,IF($C71=2,OFFSET(F71,-1,0)+1,OFFSET(F71,-1,0)))","v":3},{"$f":"IF(AND($C71<=2,$C71<>0),0,IF($C71=3,OFFSET(G71,-1,0)+1,OFFSET(G71,-1,0)))","v":0},{"$f":"IF(AND($C71<=3,$C71<>0),0,IF($C71=4,OFFSET(H71,-1,0)+1,OFFSET(H71,-1,0)))","v":0},{"$f":"IF(AND($C71<=4,$C71<>0),0,IF(AND($C71=\"S\",$X71>0),OFFSET(I71,-1,0)+1,OFFSET(I71,-1,0)))","v":1},0,{"$f":"IF(OR($C71=\"S\",$C71=0),0,MATCH(OFFSET($D71,0,$C71)+IF($C71<>1,1,COUNTIF(QCI!$A$13:$A$32,ORÇAMENTO!E71)),OFFSET($D71,1,$C71,ROW($C$850)-ROW($C71)),0))","v":0},{"$f":"IF(OR($X71>0,$C71=1,$C71=2,$C71=3,$C71=4),\"F\",\"\")","v":"F"},"Serviço",{"$f":"CHOOSE(1+LOG(1+2*(C71=1)+4*(C71=2)+8*(C71=3)+16*(C71=4)+32*(C71=\"S\"),2),\"\",\"Meta\",\"Nível 2\",\"Nível 3\",\"Nível 4\",\"Serviço\")","v":"Serviço"},{"$f":"IF(OR($C71=0,$L71=\"\"),\"-\",CONCATENATE(E71&\".\",IF(AND($A$5>=2,$C71>=2),F71&\".\",\"\"),IF(AND($A$5>=3,$C71>=3),G71&\".\",\"\"),IF(AND($A$5>=4,$C71>=4),H71&\".\",\"\"),IF($C71=\"S\",I71&\".\",\"\")))","v":"2.3.1."},"SINAPI",97636,"DEMOLIÇÃO DE LOMBADA ASFÁLTICA, DE FORMA MECANIZADA, SEM REAPROVEITAMENTO. AF_12/2017","M2",{"$f":"OFFSET(CÁLCULO!H$15,ROW($T71)-ROW(T$15),0)","v":23},18.399999999999999,"BDI 1",{"$f":"IF($C71=\"S\",ROUND(IF(TIPOORCAMENTO=\"Proposto\",ORÇAMENTO.CustoUnitario*(1+$AH71),ORÇAMENTO.PrecoUnitarioLicitado),15-13*$AF$10),0)","v":22.73},{"$f":"IF($C71=\"S\",VTOTAL1,IF($C71=0,0,ROUND(SomaAgrup,15-13*$AF$11)))","v":522.79},"RA",{"$f":"IF(AND($C71=\"S\",$X71>0),IF(ISBLANK($Y71),\"RA\",LEFT($Y71,2)),\"\")","v":"RA"},{"$f":"IF($C71=\"S\",IF($Z71=\"CP\",$X71,IF($Z71=\"RA\",(($X71)*QCI!$AA$3),0)),SomaAgrup)","v":522.79},{"$f":"IF($C71=\"S\",IF($Z71=\"OU\",ROUND($X71,2),0),SomaAgrup)","v":0},{"$f":"IF($N71=\"\",\"\",IF(ORÇAMENTO.Descricao=\"\",\"DESCRIÇÃO\",IF(AND($C71=\"S\",ORÇAMENTO.Unidade=\"\"),\"UNIDADE\",IF($X71<0,\"VALOR NEGATIVO\",IF(OR(AND(TIPOORCAMENTO=\"Proposto\",$AG71<>\"\",$AG71>0,ORÇAMENTO.CustoUnitario>$AG71),AND(TIPOORCAMENTO=\"LICITADO\",ORÇAMENTO.PrecoUnitarioLicitado>$AN71)),\"ACIMA REF.\",\"\")))))","v":""},{"$f":"IF(C71<=CRONO.NivelExibicao,MAX($AD$15:OFFSET(AD71,-1,0))+IF($C71<>1,1,MAX(1,COUNTIF(QCI!$A$13:$A$32,OFFSET($E71,-1,0)))),\"\")","v":""},{"$f":"IF(AND($C71=\"S\",ORÇAMENTO.CodBarra<>\"\"),IF(ORÇAMENTO.Fonte=\"\",ORÇAMENTO.CodBarra,CONCATENATE(ORÇAMENTO.Fonte,\" \",ORÇAMENTO.CodBarra)))","v":"SINAPI 97636"},{"$f":"IF(ISERROR(INDIRECT(ORÇAMENTO.BancoRef)),\"(abra o arquivo 'Referência \"&Excel_BuiltIn_Database&\".xls)\",IF(OR($C71<>\"S\",ORÇAMENTO.CodBarra=\"\"),\"(Sem Código)\",IF(ISERROR(MATCH($AE71,INDIRECT(ORÇAMENTO.BancoRef),0)),\"(Código não identificado nas referências)\",MATCH($AE71,INDIRECT(ORÇAMENTO.BancoRef),0))))","v":"(abra o arquivo 'Referência 06-2023.xls)"},{"$f":"ROUND(IF(DESONERACAO=\"sim\",REFERENCIA.Desonerado,REFERENCIA.NaoDesonerado),2)","v":0},{"$f":"ROUND(IF(ISNUMBER(ORÇAMENTO.OpcaoBDI),ORÇAMENTO.OpcaoBDI,IF(LEFT(ORÇAMENTO.OpcaoBDI,3)=\"BDI\",HLOOKUP(ORÇAMENTO.OpcaoBDI,$F$4:$H$5,2,FALSE),0)),15-11*$AF$9)","v":0.23530000000000001},null,23,null,null,522.79,{"$f":"ROUND(ORÇAMENTO.CustoUnitario*(1+$AH71),2)","v":22.73}]
["S",2,"S",0,{"$f":"IF($C72=1,OFFSET(E72,-1,0)+MAX(1,COUNTIF(QCI!$A$13:$A$32,OFFSET(ORÇAMENTO!E72,-1,0))),OFFSET(E72,-1,0))","v":2},3,0,0,2,0,{"$f":"IF(OR($C72=\"S\",$C72=0),0,MATCH(OFFSET($D72,0,$C72)+IF($C72<>1,1,COUNTIF(QCI!$A$13:$A$32,ORÇAMENTO!E72)),OFFSET($D72,1,$C72,ROW($C$850)-ROW($C72)),0))","v":0},"F","Serviço","Serviço","2.3.2.","SINAPI","97629","DEMOLIÇÃO DE PASSEIOS E ESTRUTURAS DE CONCRETO, DE FORMA MECANIZADA COM MARTELETE, SEM REAPROVEITAMENTO","M3",{"$f":"OFFSET(CÁLCULO!H$15,ROW($T72)-ROW(T$15),0)","v":0.17},135.44,"BDI 1",{"$f":"IF($C72=\"S\",ROUND(IF(TIPOORCAMENTO=\"Proposto\",ORÇAMENTO.CustoUnitario*(1+$AH72),ORÇAMENTO.PrecoUnitarioLicitado),15-13*$AF$10),0)","v":167.31},28.44,"RA","RA",{"$f":"IF($C72=\"S\",IF($Z72=\"CP\",$X72,IF($Z72=\"RA\",(($X72)*QCI!$AA$3),0)),SomaAgrup)","v":28.44},0,{"$f":"IF($N72=\"\",\"\",IF(ORÇAMENTO.Descricao=\"\",\"DESCRIÇÃO\",IF(AND($C72=\"S\",ORÇAMENTO.Unidade=\"\"),\"UNIDADE\",IF($X72<0,\"VALOR NEGATIVO\",IF(OR(AND(TIPOORCAMENTO=\"Proposto\",$AG72<>\"\",$AG72>0,ORÇAMENTO.CustoUnitario>$AG72),AND(TIPOORCAMENTO=\"LICITADO\",ORÇAMENTO.PrecoUnitarioLicitado>$AN72)),\"ACIMA REF.\",\"\")))))","v":""},{"$f":"IF(C72<=CRONO.NivelExibicao,MAX($AD$15:OFFSET(AD72,-1,0))+IF($C72<>1,1,MAX(1,COUNTIF(QCI!$A$13:$A$32,OFFSET($E72,-1,0)))),\"\")","v":""},{"$f":"IF(AND($C72=\"S\",ORÇAMENTO.CodBarra<>\"\"),IF(ORÇAMENTO.Fonte=\"\",ORÇAMENTO.CodBarra,CONCATENATE(ORÇAMENTO.Fonte,\" \",ORÇAMENTO.CodBarra)))","v":"SINAPI 97629"},{"$f":"IF(ISERROR(INDIRECT(ORÇAMENTO.BancoRef)),\"(abra o arquivo 'Referência \"&Excel_BuiltIn_Database&\".xls)\",IF(OR($C72<>\"S\",ORÇAMENTO.CodBarra=\"\"),\"(Sem Código)\",IF(ISERROR(MATCH($AE72,INDIRECT(ORÇAMENTO.BancoRef),0)),\"(Código não identificado nas referências)\",MATCH($AE72,INDIRECT(ORÇAMENTO.BancoRef),0))))","v":"(abra o arquivo 'Referência 06-2023.xls)"},{"$f":"ROUND(IF(DESONERACAO=\"sim\",REFERENCIA.Desonerado,REFERENCIA.NaoDesonerado),2)","v":0},0.23530000000000001,null,{"$f":"1.7*0.1","v":0.17},null,null,28.44,167.31]
["S",2,"S",0,{"$f":"IF($C73=1,OFFSET(E73,-1,0)+MAX(1,COUNTIF(QCI!$A$13:$A$32,OFFSET(ORÇAMENTO!E73,-1,0))),OFFSET(E73,-1,0))","v":2},3,0,0,3,0,{"$f":"IF(OR($C73=\"S\",$C73=0),0,MATCH(OFFSET($D73,0,$C73)+IF($C73<>1,1,COUNTIF(QCI!$A$13:$A$32,ORÇAMENTO!E73)),OFFSET($D73,1,$C73,ROW($C$850)-ROW($C73)),0))","v":0},"F","Serviço","Serviço","2.3.3.","SINAPI","100978","CARGA, MANOBRA E DESCARGA DE SOLOS E MATERIAIS GRANULARES EM CAMINHÃO BASCULANTE 10 M³ - CARGA COM ESCAVADEIRA HIDRÁULICA (CAÇAMBA DE 1,20 M³ / 155 HP) E DESCARGA LIVRE (UNIDADE: M3). AF_07/2020","M3",{"$f":"OFFSET(CÁLCULO!H$15,ROW($T73)-ROW(T$15),0)","v":2.4700000000000002},6.33,"BDI 1",{"$f":"IF($C73=\"S\",ROUND(IF(TIPOORCAMENTO=\"Proposto\",ORÇAMENTO.CustoUnitario*(1+$AH73),ORÇAMENTO.PrecoUnitarioLicitado),15-13*$AF$10),0)","v":7.82},19.32,"RA","RA",{"$f":"IF($C73=\"S\",IF($Z73=\"CP\",$X73,IF($Z73=\"RA\",(($X73)*QCI!$AA$3),0)),SomaAgrup)","v":19.32},0,{"$f":"IF($N73=\"\",\"\",IF(ORÇAMENTO.Descricao=\"\",\"DESCRIÇÃO\",IF(AND($C73=\"S\",ORÇAMENTO.Unidade=\"\"),\"UNIDADE\",IF($X73<0,\"VALOR NEGATIVO\",IF(OR(AND(TIPOORCAMENTO=\"Proposto\",$AG73<>\"\",$AG73>0,ORÇAMENTO.CustoUnitario>$AG73),AND(TIPOORCAMENTO=\"LICITADO\",ORÇAMENTO.PrecoUnitarioLicitado>$AN73)),\"ACIMA REF.\",\"\")))))","v":""},{"$f":"IF(C73<=CRONO.NivelExibicao,MAX($AD$15:OFFSET(AD73,-1,0))+IF($C73<>1,1,MAX(1,COUNTIF(QCI!$A$13:$A$32,OFFSET($E73,-1,0)))),\"\")","v":""},{"$f":"IF(AND($C73=\"S\",ORÇAMENTO.CodBarra<>\"\"),IF(ORÇAMENTO.Fonte=\"\",ORÇAMENTO.CodBarra,CONCATENATE(ORÇAMENTO.Fonte,\" \",ORÇAMENTO.CodBarra)))","v":"SINAPI 100978"},{"$f":"IF(ISERROR(INDIRECT(ORÇAMENTO.BancoRef)),\"(abra o arquivo 'Referência \"&Excel_BuiltIn_Database&\".xls)\",IF(OR($C73<>\"S\",ORÇAMENTO.CodBarra=\"\"),\"(Sem Código)\",IF(ISERROR(MATCH($AE73,INDIRECT(ORÇAMENTO.BancoRef),0)),\"(Código não identificado nas referências)\",MATCH($AE73,INDIRECT(ORÇAMENTO.BancoRef),0))))","v":"(abra o arquivo 'Referência 06-2023.xls)"},{"$f":"ROUND(IF(DESONERACAO=\"sim\",REFERENCIA.Desonerado,REFERENCIA.NaoDesonerado),2)","v":0},0.23530000000000001,null,{"$f":"AJ72+(AJ71*0.1)","v":2.4700000000000002},null,null,19.32,7.82]
["S",2,"S",0,{"$f":"IF($C74=1,OFFSET(E74,-1,0)+MAX(1,COUNTIF(QCI!$A$13:$A$32,OFFSET(ORÇAMENTO!E74,-1,0))),OFFSET(E74,-1,0))","v":2},3,0,0,4,0,{"$f":"IF(OR($C74=\"S\",$C74=0),0,MATCH(OFFSET($D74,0,$C74)+IF($C74<>1,1,COUNTIF(QCI!$A$13:$A$32,ORÇAMENTO!E74)),OFFSET($D74,1,$C74,ROW($C$850)-ROW($C74)),0))","v":0},"F","Serviço","Serviço","2.3.4.","SINAPI","95875","TRANSPORTE COM CAMINHÃO BASCULANTE DE 10 M³, EM VIA URBANA PAVIMENTADA, DMT ATÉ 30 KM (UNIDADE: M3XKM). AF_07/2020","M3XKM",{"$f":"OFFSET(CÁLCULO!H$15,ROW($T74)-ROW(T$15),0)","v":4.9400000000000004},2.23,"BDI 1",{"$f":"IF($C74=\"S\",ROUND(IF(TIPOORCAMENTO=\"Proposto\",ORÇAMENTO.CustoUnitario*(1+$AH74),ORÇAMENTO.PrecoUnitarioLicitado),15-13*$AF$10),0)","v":2.75},13.59,"RA","RA",{"$f":"IF($C74=\"S\",IF($Z74=\"CP\",$X74,IF($Z74=\"RA\",(($X74)*QCI!$AA$3),0)),SomaAgrup)","v":13.59},0,{"$f":"IF($N74=\"\",\"\",IF(ORÇAMENTO.Descricao=\"\",\"DESCRIÇÃO\",IF(AND($C74=\"S\",ORÇAMENTO.Unidade=\"\"),\"UNIDADE\",IF($X74<0,\"VALOR NEGATIVO\",IF(OR(AND(TIPOORCAMENTO=\"Proposto\",$AG74<>\"\",$AG74>0,ORÇAMENTO.CustoUnitario>$AG74),AND(TIPOORCAMENTO=\"LICITADO\",ORÇAMENTO.PrecoUnitarioLicitado>$AN74)),\"ACIMA REF.\",\"\")))))","v":""},{"$f":"IF(C74<=CRONO.NivelExibicao,MAX($AD$15:OFFSET(AD74,-1,0))+IF($C74<>1,1,MAX(1,COUNTIF(QCI!$A$13:$A$32,OFFSET($E74,-1,0)))),\"\")","v":""},{"$f":"IF(AND($C74=\"S\",ORÇAMENTO.CodBarra<>\"\"),IF(ORÇAMENTO.Fonte=\"\",ORÇAMENTO.CodBarra,CONCATENATE(ORÇAMENTO.Fonte,\" \",ORÇAMENTO.CodBarra)))","v":"SINAPI 95875"},{"$f":"IF(ISERROR(INDIRECT(ORÇAMENTO.BancoRef)),\"(abra o arquivo 'Referência \"&Excel_BuiltIn_Database&\".xls)\",IF(OR($C74<>\"S\",ORÇAMENTO.CodBarra=\"\"),\"(Sem Código)\",IF(ISERROR(MATCH($AE74,INDIRECT(ORÇAMENTO.BancoRef),0)),\"(Código não identificado nas referências)\",MATCH($AE74,INDIRECT(ORÇAMENTO.BancoRef),0))))","v":"(abra o arquivo 'Referência 06-2023.xls)"},{"$f":"ROUND(IF(DESONERACAO=\"sim\",REFERENCIA.Desonerado,REFERENCIA.NaoDesonerado),2)","v":0},0.23530000000000001,null,{"$f":"AJ73*2","v":4.9400000000000004},null,null,13.59,2.75]
[2,2,2,8,{"$f":"IF($C75=1,OFFSET(E75,-1,0)+MAX(1,COUNTIF(QCI!$A$13:$A$32,OFFSET(ORÇAMENTO!E75,-1,0))),OFFSET(E75,-1,0))","v":2},4,0,0,0,43,{"$f":"IF(OR($C75=\"S\",$C75=0),0,MATCH(OFFSET($D75,0,$C75)+IF($C75<>1,1,COUNTIF(QCI!$A$13:$A$32,ORÇAMENTO!E75)),OFFSET($D75,1,$C75,ROW($C$850)-ROW($C75)),0))","v":8},"F","Nível 2","Nível 2","2.4.","SINAPI",null,"ESCAVAÇÕES E MOVIMENTAÇÕES DE TERRA","-",{"$f":"OFFSET(CÁLCULO!H$15,ROW($T75)-ROW(T$15),0)","v":0},0,"BDI 1",{"$f":"IF($C75=\"S\",ROUND(IF(TIPOORCAMENTO=\"Proposto\",ORÇAMENTO.CustoUnitario*(1+$AH75),ORÇAMENTO.PrecoUnitarioLicitado),15-13*$AF$10),0)","v":0},4971.05,"RA","",{"$f":"IF($C75=\"S\",IF($Z75=\"CP\",$X75,IF($Z75=\"RA\",(($X75)*QCI!$AA$3),0)),SomaAgrup)","v":4971.0500000000011},0,{"$f":"IF($N75=\"\",\"\",IF(ORÇAMENTO.Descricao=\"\",\"DESCRIÇÃO\",IF(AND($C75=\"S\",ORÇAMENTO.Unidade=\"\"),\"UNIDADE\",IF($X75<0,\"VALOR NEGATIVO\",IF(OR(AND(TIPOORCAMENTO=\"Proposto\",$AG75<>\"\",$AG75>0,ORÇAMENTO.CustoUnitario>$AG75),AND(TIPOORCAMENTO=\"LICITADO\",ORÇAMENTO.PrecoUnitarioLicitado>$AN75)),\"ACIMA REF.\",\"\")))))","v":""},{"$f":"IF(C75<=CRONO.NivelExibicao,MAX($AD$15:OFFSET(AD75,-1,0))+IF($C75<>1,1,MAX(1,COUNTIF(QCI!$A$13:$A$32,OFFSET($E75,-1,0)))),\"\")","v":""},{"$f":"IF(AND($C75=\"S\",ORÇAMENTO.CodBarra<>\"\"),IF(ORÇAMENTO.Fonte=\"\",ORÇAMENTO.CodBarra,CONCATENATE(ORÇAMENTO.Fonte,\" \",ORÇAMENTO.CodBarra)))","v":false},{"$f":"IF(ISERROR(INDIRECT(ORÇAMENTO.BancoRef)),\"(abra o arquivo 'Referência \"&Excel_BuiltIn_Database&\".xls)\",IF(OR($C75<>\"S\",ORÇAMENTO.CodBarra=\"\"),\"(Sem Código)\",IF(ISERROR(MATCH($AE75,INDIRECT(ORÇAMENTO.BancoRef),0)),\"(Código não identificado nas referências)\",MATCH($AE75,INDIRECT(ORÇAMENTO.BancoRef),0))))","v":"(abra o arquivo 'Referência 06-2023.xls)"},{"$f":"ROUND(IF(DESONERACAO=\"sim\",REFERENCIA.Desonerado,REFERENCIA.NaoDesonerado),2)","v":0},0.23530000000000001,null,null,null,null,4971.05,0]
["S",2,"S",0,{"$f":"IF($C76=1,OFFSET(E76,-1,0)+MAX(1,COUNTIF(QCI!$A$13:$A$32,OFFSET(ORÇAMENTO!E76,-1,0))),OFFSET(E76,-1,0))","v":2},4,0,0,1,0,{"$f":"IF(OR($C76=\"S\",$C76=0),0,MATCH(OFFSET($D76,0,$C76)+IF($C76<>1,1,COUNTIF(QCI!$A$13:$A$32,ORÇAMENTO!E76)),OFFSET($D76,1,$C76,ROW($C$850)-ROW($C76)),0))","v":0},"F","Serviço","Serviço","2.4.1.","SINAPI","102276","ESCAVAÇÃO MECANIZADA DE VALA COM PROF. ATÉ 2 M, COM ESCAVADEIRA HIDRÁULICA, LARG. MENOR QUE  1,5 M, EM SOLO DE 2A CATEGORIA, EM LOCAIS COM ALTO NÍVEL DE INTERFERÊNCIA","M3",{"$f":"OFFSET(CÁLCULO!H$15,ROW($T76)-ROW(T$15),0)","v":99.94},12.08,"BDI 1",{"$f":"IF($C76=\"S\",ROUND(IF(TIPOORCAMENTO=\"Proposto\",ORÇAMENTO.CustoUnitario*(1+$AH76),ORÇAMENTO.PrecoUnitarioLicitado),15-13*$AF$10),0)","v":14.92},1491.1,"RA","RA",{"$f":"IF($C76=\"S\",IF($Z76=\"CP\",$X76,IF($Z76=\"RA\",(($X76)*QCI!$AA$3),0)),SomaAgrup)","v":1491.1},0,{"$f":"IF($N76=\"\",\"\",IF(ORÇAMENTO.Descricao=\"\",\"DESCRIÇÃO\",IF(AND($C76=\"S\",ORÇAMENTO.Unidade=\"\"),\"UNIDADE\",IF($X76<0,\"VALOR NEGATIVO\",IF(OR(AND(TIPOORCAMENTO=\"Proposto\",$AG76<>\"\",$AG76>0,ORÇAMENTO.CustoUnitario>$AG76),AND(TIPOORCAMENTO=\"LICITADO\",ORÇAMENTO.PrecoUnitarioLicitado>$AN76)),\"ACIMA REF.\",\"\")))))","v":""},{"$f":"IF(C76<=CRONO.NivelExibicao,MAX($AD$15:OFFSET(AD76,-1,0))+IF($C76<>1,1,MAX(1,COUNTIF(QCI!$A$13:$A$32,OFFSET($E76,-1,0)))),\"\")","v":""},{"$f":"IF(AND($C76=\"S\",ORÇAMENTO.CodBarra<>\"\"),IF(ORÇAMENTO.Fonte=\"\",ORÇAMENTO.CodBarra,CONCATENATE(ORÇAMENTO.Fonte,\" \",ORÇAMENTO.CodBarra)))","v":"SINAPI 102276"},{"$f":"IF(ISERROR(INDIRECT(ORÇAMENTO.BancoRef)),\"(abra o arquivo 'Referência \"&Excel_BuiltIn_Database&\".xls)\",IF(OR($C76<>\"S\",ORÇAMENTO.CodBarra=\"\"),\"(Sem Código)\",IF(ISERROR(MATCH($AE76,INDIRECT(ORÇAMENTO.BancoRef),0)),\"(Código não identificado nas referências)\",MATCH($AE76,INDIRECT(ORÇAMENTO.BancoRef),0))))","v":"(abra o arquivo 'Referência 06-2023.xls)"},{"$f":"ROUND(IF(DESONERACAO=\"sim\",REFERENCIA.Desonerado,REFERENCIA.NaoDesonerado),2)","v":0},0.23530000000000001,null,99.94,null,null,1491.1,14.92]
[{"$f":"CHOOSE(1+LOG(1+2*(ORÇAMENTO.Nivel=\"Meta\")+4*(ORÇAMENTO.Nivel=\"Nível 2\")+8*(ORÇAMENTO.Nivel=\"Nível 3\")+16*(ORÇAMENTO.Nivel=\"Nível 4\")+32*(ORÇAMENTO.Nivel=\"Serviço\"),2),0,1,2,3,4,\"S\")","v":"S"},{"$f":"IF(OR(C77=\"s\",C77=0),OFFSET(B77,-1,0),C77)","v":2},{"$f":"IF(OFFSET(C77,-1,0)=\"L\",1,IF(OFFSET(C77,-1,0)=1,2,IF(OR(A77=\"s\",A77=0),\"S\",IF(AND(OFFSET(C77,-1,0)=2,A77=4),3,IF(AND(OR(OFFSET(C77,-1,0)=\"s\",OFFSET(C77,-1,0)=0),A77<>\"s\",A77>OFFSET(B77,-1,0)),OFFSET(B77,-1,0),A77)))))","v":"S"},{"$f":"IF(OR(C77=\"S\",C77=0),0,IF(ISERROR(K77),J77,SMALL(J77:K77,1)))","v":0},{"$f":"IF($C77=1,OFFSET(E77,-1,0)+MAX(1,COUNTIF(QCI!$A$13:$A$32,OFFSET(ORÇAMENTO!E77,-1,0))),OFFSET(E77,-1,0))","v":2},{"$f":"IF($C77=1,0,IF($C77=2,OFFSET(F77,-1,0)+1,OFFSET(F77,-1,0)))","v":4},{"$f":"IF(AND($C77<=2,$C77<>0),0,IF($C77=3,OFFSET(G77,-1,0)+1,OFFSET(G77,-1,0)))","v":0},{"$f":"IF(AND($C77<=3,$C77<>0),0,IF($C77=4,OFFSET(H77,-1,0)+1,OFFSET(H77,-1,0)))","v":0},{"$f":"IF(AND($C77<=4,$C77<>0),0,IF(AND($C77=\"S\",$X77>0),OFFSET(I77,-1,0)+1,OFFSET(I77,-1,0)))","v":2},0,{"$f":"IF(OR($C77=\"S\",$C77=0),0,MATCH(OFFSET($D77,0,$C77)+IF($C77<>1,1,COUNTIF(QCI!$A$13:$A$32,ORÇAMENTO!E77)),OFFSET($D77,1,$C77,ROW($C$850)-ROW($C77)),0))","v":0},{"$f":"IF(OR($X77>0,$C77=1,$C77=2,$C77=3,$C77=4),\"F\",\"\")","v":"F"},"Serviço",{"$f":"CHOOSE(1+LOG(1+2*(C77=1)+4*(C77=2)+8*(C77=3)+16*(C77=4)+32*(C77=\"S\"),2),\"\",\"Meta\",\"Nível 2\",\"Nível 3\",\"Nível 4\",\"Serviço\")","v":"Serviço"},{"$f":"IF(OR($C77=0,$L77=\"\"),\"-\",CONCATENATE(E77&\".\",IF(AND($A$5>=2,$C77>=2),F77&\".\",\"\"),IF(AND($A$5>=3,$C77>=3),G77&\".\",\"\"),IF(AND($A$5>=4,$C77>=4),H77&\".\",\"\"),IF($C77=\"S\",I77&\".\",\"\")))","v":"2.4.2."},"SINAPI",101116,"ESCAVAÇÃO HORIZONTAL EM SOLO DE 1A CATEGORIA COM TRATOR DE ESTEIRAS (170HP/LÂMINA: 5,20M3). AF_07/2020","M3",{"$f":"OFFSET(CÁLCULO!H$15,ROW($T77)-ROW(T$15),0)","v":65.7},2.21,"BDI 1",{"$f":"IF($C77=\"S\",ROUND(IF(TIPOORCAMENTO=\"Proposto\",ORÇAMENTO.CustoUnitario*(1+$AH77),ORÇAMENTO.PrecoUnitarioLicitado),15-13*$AF$10),0)","v":2.73},{"$f":"IF($C77=\"S\",VTOTAL1,IF($C77=0,0,ROUND(SomaAgrup,15-13*$AF$11)))","v":179.36},"RA",{"$f":"IF(AND($C77=\"S\",$X77>0),IF(ISBLANK($Y77),\"RA\",LEFT($Y77,2)),\"\")","v":"RA"},{"$f":"IF($C77=\"S\",IF($Z77=\"CP\",$X77,IF($Z77=\"RA\",(($X77)*QCI!$AA$3),0)),SomaAgrup)","v":179.36},{"$f":"IF($C77=\"S\",IF($Z77=\"OU\",ROUND($X77,2),0),SomaAgrup)","v":0},{"$f":"IF($N77=\"\",\"\",IF(ORÇAMENTO.Descricao=\"\",\"DESCRIÇÃO\",IF(AND($C77=\"S\",ORÇAMENTO.Unidade=\"\"),\"UNIDADE\",IF($X77<0,\"VALOR NEGATIVO\",IF(OR(AND(TIPOORCAMENTO=\"Proposto\",$AG77<>\"\",$AG77>0,ORÇAMENTO.CustoUnitario>$AG77),AND(TIPOORCAMENTO=\"LICITADO\",ORÇAMENTO.PrecoUnitarioLicitado>$AN77)),\"ACIMA REF.\",\"\")))))","v":""},{"$f":"IF(C77<=CRONO.NivelExibicao,MAX($AD$15:OFFSET(AD77,-1,0))+IF($C77<>1,1,MAX(1,COUNTIF(QCI!$A$13:$A$32,OFFSET($E77,-1,0)))),\"\")","v":""},{"$f":"IF(AND($C77=\"S\",ORÇAMENTO.CodBarra<>\"\"),IF(ORÇAMENTO.Fonte=\"\",ORÇAMENTO.CodBarra,CONCATENATE(ORÇAMENTO.Fonte,\" \",ORÇAMENTO.CodBarra)))","v":"SINAPI 101116"},{"$f":"IF(ISERROR(INDIRECT(ORÇAMENTO.BancoRef)),\"(abra o arquivo 'Referência \"&Excel_BuiltIn_Database&\".xls)\",IF(OR($C77<>\"S\",ORÇAMENTO.CodBarra=\"\"),\"(Sem Código)\",IF(ISERROR(MATCH($AE77,INDIRECT(ORÇAMENTO.BancoRef),0)),\"(Código não identificado nas referências)\",MATCH($AE77,INDIRECT(ORÇAMENTO.BancoRef),0))))","v":"(abra o arquivo 'Referência 06-2023.xls)"},{"$f":"ROUND(IF(DESONERACAO=\"sim\",REFERENCIA.Desonerado,REFERENCIA.NaoDesonerado),2)","v":0},{"$f":"ROUND(IF(ISNUMBER(ORÇAMENTO.OpcaoBDI),ORÇAMENTO.OpcaoBDI,IF(LEFT(ORÇAMENTO.OpcaoBDI,3)=\"BDI\",HLOOKUP(ORÇAMENTO.OpcaoBDI,$F$4:$H$5,2,FALSE),0)),15-11*$AF$9)","v":0.23530000000000001},null,{"$f":"657*0.1","v":65.7},null,null,179.36,{"$f":"ROUND(ORÇAMENTO.CustoUnitario*(1+$AH77),2)","v":2.73}]
["S",2,"S",0,{"$f":"IF($C78=1,OFFSET(E78,-1,0)+MAX(1,COUNTIF(QCI!$A$13:$A$32,OFFSET(ORÇAMENTO!E78,-1,0))),OFFSET(E78,-1,0))","v":2},4,0,0,3,0,{"$f":"IF(OR($C78=\"S\",$C78=0),0,MATCH(OFFSET($D78,0,$C78)+IF($C78<>1,1,COUNTIF(QCI!$A$13:$A$32,ORÇAMENTO!E78)),OFFSET($D78,1,$C78,ROW($C$850)-ROW($C78)),0))","v":0},"F","Serviço","Serviço","2.4.3.","SINAPI","100978","CARGA, MANOBRA E DESCARGA DE MATERIAL REMOVIDO EM CAMINHÃO BASCULANTE - CARGA COM ESCAVADEIRA HIDRÁULICA","M3",{"$f":"OFFSET(CÁLCULO!H$15,ROW($T78)-ROW(T$15),0)","v":165.64},6.33,"BDI 1",{"$f":"IF($C78=\"S\",ROUND(IF(TIPOORCAMENTO=\"Proposto\",ORÇAMENTO.CustoUnitario*(1+$AH78),ORÇAMENTO.PrecoUnitarioLicitado),15-13*$AF$10),0)","v":7.82},1295.3,"RA","RA",{"$f":"IF($C78=\"S\",IF($Z78=\"CP\",$X78,IF($Z78=\"RA\",(($X78)*QCI!$AA$3),0)),SomaAgrup)","v":1295.3},0,{"$f":"IF($N78=\"\",\"\",IF(ORÇAMENTO.Descricao=\"\",\"DESCRIÇÃO\",IF(AND($C78=\"S\",ORÇAMENTO.Unidade=\"\"),\"UNIDADE\",IF($X78<0,\"VALOR NEGATIVO\",IF(OR(AND(TIPOORCAMENTO=\"Proposto\",$AG78<>\"\",$AG78>0,ORÇAMENTO.CustoUnitario>$AG78),AND(TIPOORCAMENTO=\"LICITADO\",ORÇAMENTO.PrecoUnitarioLicitado>$AN78)),\"ACIMA REF.\",\"\")))))","v":""},{"$f":"IF(C78<=CRONO.NivelExibicao,MAX($AD$15:OFFSET(AD78,-1,0))+IF($C78<>1,1,MAX(1,COUNTIF(QCI!$A$13:$A$32,OFFSET($E78,-1,0)))),\"\")","v":""},{"$f":"IF(AND($C78=\"S\",ORÇAMENTO.CodBarra<>\"\"),IF(ORÇAMENTO.Fonte=\"\",ORÇAMENTO.CodBarra,CONCATENATE(ORÇAMENTO.Fonte,\" \",ORÇAMENTO.CodBarra)))","v":"SINAPI 100978"},{"$f":"IF(ISERROR(INDIRECT(ORÇAMENTO.BancoRef)),\"(abra o arquivo 'Referência \"&Excel_BuiltIn_Database&\".xls)\",IF(OR($C78<>\"S\",ORÇAMENTO.CodBarra=\"\"),\"(Sem Código)\",IF(ISERROR(MATCH($AE78,INDIRECT(ORÇAMENTO.BancoRef),0)),\"(Código não identificado nas referências)\",MATCH($AE78,INDIRECT(ORÇAMENTO.BancoRef),0))))","v":"(abra o arquivo 'Referência 06-2023.xls)"},{"$f":"ROUND(IF(DESONERACAO=\"sim\",REFERENCIA.Desonerado,REFERENCIA.NaoDesonerado),2)","v":0},0.23530000000000001,null,{"$f":"AJ76+AJ77","v":165.64},null,null,1295.3,7.82]
["S",2,"S",0,{"$f":"IF($C79=1,OFFSET(E79,-1,0)+MAX(1,COUNTIF(QCI!$A$13:$A$32,OFFSET(ORÇAMENTO!E79,-1,0))),OFFSET(E79,-1,0))","v":2},4,0,0,4,0,{"$f":"IF(OR($C79=\"S\",$C79=0),0,MATCH(OFFSET($D79,0,$C79)+IF($C79<>1,1,COUNTIF(QCI!$A$13:$A$32,ORÇAMENTO!E79)),OFFSET($D79,1,$C79,ROW($C$850)-ROW($C79)),0))","v":0},"F","Serviço","Serviço","2.4.4.","SINAPI","95875","TRANSPORTE DE MATERIAL REMOVIDO COM CAMINHÃO BASCULANTE, DMT = 2 KM","M3XKM",{"$f":"OFFSET(CÁLCULO!H$15,ROW($T79)-ROW(T$15),0)","v":331.28},2.23,"BDI 1",{"$f":"IF($C79=\"S\",ROUND(IF(TIPOORCAMENTO=\"Proposto\",ORÇAMENTO.CustoUnitario*(1+$AH79),ORÇAMENTO.PrecoUnitarioLicitado),15-13*$AF$10),0)","v":2.75},911.02,"RA","RA",{"$f":"IF($C79=\"S\",IF($Z79=\"CP\",$X79,IF($Z79=\"RA\",(($X79)*QCI!$AA$3),0)),SomaAgrup)","v":911.02},0,{"$f":"IF($N79=\"\",\"\",IF(ORÇAMENTO.Descricao=\"\",\"DESCRIÇÃO\",IF(AND($C79=\"S\",ORÇAMENTO.Unidade=\"\"),\"UNIDADE\",IF($X79<0,\"VALOR NEGATIVO\",IF(OR(AND(TIPOORCAMENTO=\"Proposto\",$AG79<>\"\",$AG79>0,ORÇAMENTO.CustoUnitario>$AG79),AND(TIPOORCAMENTO=\"LICITADO\",ORÇAMENTO.PrecoUnitarioLicitado>$AN79)),\"ACIMA REF.\",\"\")))))","v":""},{"$f":"IF(C79<=CRONO.NivelExibicao,MAX($AD$15:OFFSET(AD79,-1,0))+IF($C79<>1,1,MAX(1,COUNTIF(QCI!$A$13:$A$32,OFFSET($E79,-1,0)))),\"\")","v":""},{"$f":"IF(AND($C79=\"S\",ORÇAMENTO.CodBarra<>\"\"),IF(ORÇAMENTO.Fonte=\"\",ORÇAMENTO.CodBarra,CONCATENATE(ORÇAMENTO.Fonte,\" \",ORÇAMENTO.CodBarra)))","v":"SINAPI 95875"},{"$f":"IF(ISERROR(INDIRECT(ORÇAMENTO.BancoRef)),\"(abra o arquivo 'Referência \"&Excel_BuiltIn_Database&\".xls)\",IF(OR($C79<>\"S\",ORÇAMENTO.CodBarra=\"\"),\"(Sem Código)\",IF(ISERROR(MATCH($AE79,INDIRECT(ORÇAMENTO.BancoRef),0)),\"(Código não identificado nas referências)\",MATCH($AE79,INDIRECT(ORÇAMENTO.BancoRef),0))))","v":"(abra o arquivo 'Referência 06-2023.xls)"},{"$f":"ROUND(IF(DESONERACAO=\"sim\",REFERENCIA.Desonerado,REFERENCIA.NaoDesonerado),2)","v":0},0.23530000000000001,null,{"$f":"AJ78*2","v":331.28},null,null,911.02,2.75]
["S",2,"S",0,{"$f":"IF($C80=1,OFFSET(E80,-1,0)+MAX(1,COUNTIF(QCI!$A$13:$A$32,OFFSET(ORÇAMENTO!E80,-1,0))),OFFSET(E80,-1,0))","v":2},4,0,0,5,{"$f":"IF(OR($C80=\"S\",$C80=0),0,MATCH(0,OFFSET($D80,1,$C80,ROW($C$850)-ROW($C80)),0))","v":0},{"$f":"IF(OR($C80=\"S\",$C80=0),0,MATCH(OFFSET($D80,0,$C80)+IF($C80<>1,1,COUNTIF(QCI!$A$13:$A$32,ORÇAMENTO!E80)),OFFSET($D80,1,$C80,ROW($C$850)-ROW($C80)),0))","v":0},"F","Serviço","Serviço","2.4.5.","SINAPI","102355","DESMONTE DE BLOCOS DE ROCHA COM MARTELETE PNEUMÁTICO","M3",{"$f":"OFFSET(CÁLCULO!H$15,ROW($T80)-ROW(T$15),0)","v":5},166.39,"BDI 1",{"$f":"IF($C80=\"S\",ROUND(IF(TIPOORCAMENTO=\"Proposto\",ORÇAMENTO.CustoUnitario*(1+$AH80),ORÇAMENTO.PrecoUnitarioLicitado),15-13*$AF$10),0)","v":205.54},1027.7,"RA","RA",{"$f":"IF($C80=\"S\",IF($Z80=\"CP\",$X80,IF($Z80=\"RA\",(($X80)*QCI!$AA$3),0)),SomaAgrup)","v":1027.7},0,{"$f":"IF($N80=\"\",\"\",IF(ORÇAMENTO.Descricao=\"\",\"DESCRIÇÃO\",IF(AND($C80=\"S\",ORÇAMENTO.Unidade=\"\"),\"UNIDADE\",IF($X80<0,\"VALOR NEGATIVO\",IF(OR(AND(TIPOORCAMENTO=\"Proposto\",$AG80<>\"\",$AG80>0,ORÇAMENTO.CustoUnitario>$AG80),AND(TIPOORCAMENTO=\"LICITADO\",ORÇAMENTO.PrecoUnitarioLicitado>$AN80)),\"ACIMA REF.\",\"\")))))","v":""},{"$f":"IF(C80<=CRONO.NivelExibicao,MAX($AD$15:OFFSET(AD80,-1,0))+IF($C80<>1,1,MAX(1,COUNTIF(QCI!$A$13:$A$32,OFFSET($E80,-1,0)))),\"\")","v":""},{"$f":"IF(AND($C80=\"S\",ORÇAMENTO.CodBarra<>\"\"),IF(ORÇAMENTO.Fonte=\"\",ORÇAMENTO.CodBarra,CONCATENATE(ORÇAMENTO.Fonte,\" \",ORÇAMENTO.CodBarra)))","v":"SINAPI 102355"},{"$f":"IF(ISERROR(INDIRECT(ORÇAMENTO.BancoRef)),\"(abra o arquivo 'Referência \"&Excel_BuiltIn_Database&\".xls)\",IF(OR($C80<>\"S\",ORÇAMENTO.CodBarra=\"\"),\"(Sem Código)\",IF(ISERROR(MATCH($AE80,INDIRECT(ORÇAMENTO.BancoRef),0)),\"(Código não identificado nas referências)\",MATCH($AE80,INDIRECT(ORÇAMENTO.BancoRef),0))))","v":"(abra o arquivo 'Referência 06-2023.xls)"},{"$f":"ROUND(IF(DESONERACAO=\"sim\",REFERENCIA.Desonerado,REFERENCIA.NaoDesonerado),2)","v":0},0.23530000000000001,null,{"$f":"AJ76*0.05","v":4.9969999999999999},null,null,1027.7,205.54]
["S",2,"S",0,{"$f":"IF($C81=1,OFFSET(E81,-1,0)+MAX(1,COUNTIF(QCI!$A$13:$A$32,OFFSET(ORÇAMENTO!E81,-1,0))),OFFSET(E81,-1,0))","v":2},4,0,0,6,0,{"$f":"IF(OR($C81=\"S\",$C81=0),0,MATCH(OFFSET($D81,0,$C81)+IF($C81<>1,1,COUNTIF(QCI!$A$13:$A$32,ORÇAMENTO!E81)),OFFSET($D81,1,$C81,ROW($C$850)-ROW($C81)),0))","v":0},"F","Serviço","Serviço","2.4.6.","SINAPI","100978","CARGA, MANOBRA E DESCARGA DE MATERIAL REMOVIDO EM CAMINHÃO BASCULANTE - CARGA COM ESCAVADEIRA HIDRÁULICA","M3",{"$f":"OFFSET(CÁLCULO!H$15,ROW($T81)-ROW(T$15),0)","v":5},6.33,"BDI 1",{"$f":"IF($C81=\"S\",ROUND(IF(TIPOORCAMENTO=\"Proposto\",ORÇAMENTO.CustoUnitario*(1+$AH81),ORÇAMENTO.PrecoUnitarioLicitado),15-13*$AF$10),0)","v":7.82},39.1,"RA","RA",{"$f":"IF($C81=\"S\",IF($Z81=\"CP\",$X81,IF($Z81=\"RA\",(($X81)*QCI!$AA$3),0)),SomaAgrup)","v":39.1},0,{"$f":"IF($N81=\"\",\"\",IF(ORÇAMENTO.Descricao=\"\",\"DESCRIÇÃO\",IF(AND($C81=\"S\",ORÇAMENTO.Unidade=\"\"),\"UNIDADE\",IF($X81<0,\"VALOR NEGATIVO\",IF(OR(AND(TIPOORCAMENTO=\"Proposto\",$AG81<>\"\",$AG81>0,ORÇAMENTO.CustoUnitario>$AG81),AND(TIPOORCAMENTO=\"LICITADO\",ORÇAMENTO.PrecoUnitarioLicitado>$AN81)),\"ACIMA REF.\",\"\")))))","v":""},{"$f":"IF(C81<=CRONO.NivelExibicao,MAX($AD$15:OFFSET(AD81,-1,0))+IF($C81<>1,1,MAX(1,COUNTIF(QCI!$A$13:$A$32,OFFSET($E81,-1,0)))),\"\")","v":""},{"$f":"IF(AND($C81=\"S\",ORÇAMENTO.CodBarra<>\"\"),IF(ORÇAMENTO.Fonte=\"\",ORÇAMENTO.CodBarra,CONCATENATE(ORÇAMENTO.Fonte,\" \",ORÇAMENTO.CodBarra)))","v":"SINAPI 100978"},{"$f":"IF(ISERROR(INDIRECT(ORÇAMENTO.BancoRef)),\"(abra o arquivo 'Referência \"&Excel_BuiltIn_Database&\".xls)\",IF(OR($C81<>\"S\",ORÇAMENTO.CodBarra=\"\"),\"(Sem Código)\",IF(ISERROR(MATCH($AE81,INDIRECT(ORÇAMENTO.BancoRef),0)),\"(Código não identificado nas referências)\",MATCH($AE81,INDIRECT(ORÇAMENTO.BancoRef),0))))","v":"(abra o arquivo 'Referência 06-2023.xls)"},{"$f":"ROUND(IF(DESONERACAO=\"sim\",REFERENCIA.Desonerado,REFERENCIA.NaoDesonerado),2)","v":0},0.23530000000000001,null,{"$f":"AJ80","v":4.9969999999999999},null,null,39.1,7.82]
["S",2,"S",0,{"$f":"IF($C82=1,OFFSET(E82,-1,0)+MAX(1,COUNTIF(QCI!$A$13:$A$32,OFFSET(ORÇAMENTO!E82,-1,0))),OFFSET(E82,-1,0))","v":2},4,0,0,7,0,{"$f":"IF(OR($C82=\"S\",$C82=0),0,MATCH(OFFSET($D82,0,$C82)+IF($C82<>1,1,COUNTIF(QCI!$A$13:$A$32,ORÇAMENTO!E82)),OFFSET($D82,1,$C82,ROW($C$850)-ROW($C82)),0))","v":0},"F","Serviço","Serviço","2.4.7.","SINAPI","95875","TRANSPORTE DE MATERIAL REMOVIDO COM CAMINHÃO BASCULANTE, DMT = 2 KM","M3XKM",{"$f":"OFFSET(CÁLCULO!H$15,ROW($T82)-ROW(T$15),0)","v":9.99},2.23,"BDI 1",{"$f":"IF($C82=\"S\",ROUND(IF(TIPOORCAMENTO=\"Proposto\",ORÇAMENTO.CustoUnitario*(1+$AH82),ORÇAMENTO.PrecoUnitarioLicitado),15-13*$AF$10),0)","v":2.75},27.47,"RA","RA",{"$f":"IF($C82=\"S\",IF($Z82=\"CP\",$X82,IF($Z82=\"RA\",(($X82)*QCI!$AA$3),0)),SomaAgrup)","v":27.47},0,{"$f":"IF($N82=\"\",\"\",IF(ORÇAMENTO.Descricao=\"\",\"DESCRIÇÃO\",IF(AND($C82=\"S\",ORÇAMENTO.Unidade=\"\"),\"UNIDADE\",IF($X82<0,\"VALOR NEGATIVO\",IF(OR(AND(TIPOORCAMENTO=\"Proposto\",$AG82<>\"\",$AG82>0,ORÇAMENTO.CustoUnitario>$AG82),AND(TIPOORCAMENTO=\"LICITADO\",ORÇAMENTO.PrecoUnitarioLicitado>$AN82)),\"ACIMA REF.\",\"\")))))","v":""},{"$f":"IF(C82<=CRONO.NivelExibicao,MAX($AD$15:OFFSET(AD82,-1,0))+IF($C82<>1,1,MAX(1,COUNTIF(QCI!$A$13:$A$32,OFFSET($E82,-1,0)))),\"\")","v":""},{"$f":"IF(AND($C82=\"S\",ORÇAMENTO.CodBarra<>\"\"),IF(ORÇAMENTO.Fonte=\"\",ORÇAMENTO.CodBarra,CONCATENATE(ORÇAMENTO.Fonte,\" \",ORÇAMENTO.CodBarra)))","v":"SINAPI 95875"},{"$f":"IF(ISERROR(INDIRECT(ORÇAMENTO.BancoRef)),\"(abra o arquivo 'Referência \"&Excel_BuiltIn_Database&\".xls)\",IF(OR($C82<>\"S\",ORÇAMENTO.CodBarra=\"\"),\"(Sem Código)\",IF(ISERROR(MATCH($AE82,INDIRECT(ORÇAMENTO.BancoRef),0)),\"(Código não identificado nas referências)\",MATCH($AE82,INDIRECT(ORÇAMENTO.BancoRef),0))))","v":"(abra o arquivo 'Referência 06-2023.xls)"},{"$f":"ROUND(IF(DESONERACAO=\"sim\",REFERENCIA.Desonerado,REFERENCIA.NaoDesonerado),2)","v":0},0.23530000000000001,null,{"$f":"AJ81*2","v":9.9939999999999998},null,null,27.47,2.75]
[2,2,2,8,{"$f":"IF($C83=1,OFFSET(E83,-1,0)+MAX(1,COUNTIF(QCI!$A$13:$A$32,OFFSET(ORÇAMENTO!E83,-1,0))),OFFSET(E83,-1,0))","v":2},5,0,0,0,35,{"$f":"IF(OR($C83=\"S\",$C83=0),0,MATCH(OFFSET($D83,0,$C83)+IF($C83<>1,1,COUNTIF(QCI!$A$13:$A$32,ORÇAMENTO!E83)),OFFSET($D83,1,$C83,ROW($C$850)-ROW($C83)),0))","v":8},"F","Nível 2","Nível 2","2.5.","SINAPI",null,"DRENAGEM","-",{"$f":"OFFSET(CÁLCULO!H$15,ROW($T83)-ROW(T$15),0)","v":0},0,"BDI 1",{"$f":"IF($C83=\"S\",ROUND(IF(TIPOORCAMENTO=\"Proposto\",ORÇAMENTO.CustoUnitario*(1+$AH83),ORÇAMENTO.PrecoUnitarioLicitado),15-13*$AF$10),0)","v":0},56629.09,"RA","",{"$f":"IF($C83=\"S\",IF($Z83=\"CP\",$X83,IF($Z83=\"RA\",(($X83)*QCI!$AA$3),0)),SomaAgrup)","v":56629.09},0,{"$f":"IF($N83=\"\",\"\",IF(ORÇAMENTO.Descricao=\"\",\"DESCRIÇÃO\",IF(AND($C83=\"S\",ORÇAMENTO.Unidade=\"\"),\"UNIDADE\",IF($X83<0,\"VALOR NEGATIVO\",IF(OR(AND(TIPOORCAMENTO=\"Proposto\",$AG83<>\"\",$AG83>0,ORÇAMENTO.CustoUnitario>$AG83),AND(TIPOORCAMENTO=\"LICITADO\",ORÇAMENTO.PrecoUnitarioLicitado>$AN83)),\"ACIMA REF.\",\"\")))))","v":""},{"$f":"IF(C83<=CRONO.NivelExibicao,MAX($AD$15:OFFSET(AD83,-1,0))+IF($C83<>1,1,MAX(1,COUNTIF(QCI!$A$13:$A$32,OFFSET($E83,-1,0)))),\"\")","v":""},{"$f":"IF(AND($C83=\"S\",ORÇAMENTO.CodBarra<>\"\"),IF(ORÇAMENTO.Fonte=\"\",ORÇAMENTO.CodBarra,CONCATENATE(ORÇAMENTO.Fonte,\" \",ORÇAMENTO.CodBarra)))","v":false},{"$f":"IF(ISERROR(INDIRECT(ORÇAMENTO.BancoRef)),\"(abra o arquivo 'Referência \"&Excel_BuiltIn_Database&\".xls)\",IF(OR($C83<>\"S\",ORÇAMENTO.CodBarra=\"\"),\"(Sem Código)\",IF(ISERROR(MATCH($AE83,INDIRECT(ORÇAMENTO.BancoRef),0)),\"(Código não identificado nas referências)\",MATCH($AE83,INDIRECT(ORÇAMENTO.BancoRef),0))))","v":"(abra o arquivo 'Referência 06-2023.xls)"},{"$f":"ROUND(IF(DESONERACAO=\"sim\",REFERENCIA.Desonerado,REFERENCIA.NaoDesonerado),2)","v":0},0.23530000000000001,null,null,null,null,56629.09,0]
[{"$f":"CHOOSE(1+LOG(1+2*(ORÇAMENTO.Nivel=\"Meta\")+4*(ORÇAMENTO.Nivel=\"Nível 2\")+8*(ORÇAMENTO.Nivel=\"Nível 3\")+16*(ORÇAMENTO.Nivel=\"Nível 4\")+32*(ORÇAMENTO.Nivel=\"Serviço\"),2),0,1,2,3,4,\"S\")","v":"S"},{"$f":"IF(OR(C84=\"s\",C84=0),OFFSET(B84,-1,0),C84)","v":2},{"$f":"IF(OFFSET(C84,-1,0)=\"L\",1,IF(OFFSET(C84,-1,0)=1,2,IF(OR(A84=\"s\",A84=0),\"S\",IF(AND(OFFSET(C84,-1,0)=2,A84=4),3,IF(AND(OR(OFFSET(C84,-1,0)=\"s\",OFFSET(C84,-1,0)=0),A84<>\"s\",A84>OFFSET(B84,-1,0)),OFFSET(B84,-1,0),A84)))))","v":"S"},{"$f":"IF(OR(C84=\"S\",C84=0),0,IF(ISERROR(K84),J84,SMALL(J84:K84,1)))","v":0},{"$f":"IF($C84=1,OFFSET(E84,-1,0)+MAX(1,COUNTIF(QCI!$A$13:$A$32,OFFSET(ORÇAMENTO!E84,-1,0))),OFFSET(E84,-1,0))","v":2},{"$f":"IF($C84=1,0,IF($C84=2,OFFSET(F84,-1,0)+1,OFFSET(F84,-1,0)))","v":5},{"$f":"IF(AND($C84<=2,$C84<>0),0,IF($C84=3,OFFSET(G84,-1,0)+1,OFFSET(G84,-1,0)))","v":0},{"$f":"IF(AND($C84<=3,$C84<>0),0,IF($C84=4,OFFSET(H84,-1,0)+1,OFFSET(H84,-1,0)))","v":0},{"$f":"IF(AND($C84<=4,$C84<>0),0,IF(AND($C84=\"S\",$X84>0),OFFSET(I84,-1,0)+1,OFFSET(I84,-1,0)))","v":1},0,{"$f":"IF(OR($C84=\"S\",$C84=0),0,MATCH(OFFSET($D84,0,$C84)+IF($C84<>1,1,COUNTIF(QCI!$A$13:$A$32,ORÇAMENTO!E84)),OFFSET($D84,1,$C84,ROW($C$850)-ROW($C84)),0))","v":0},{"$f":"IF(OR($X84>0,$C84=1,$C84=2,$C84=3,$C84=4),\"F\",\"\")","v":"F"},"Serviço",{"$f":"CHOOSE(1+LOG(1+2*(C84=1)+4*(C84=2)+8*(C84=3)+16*(C84=4)+32*(C84=\"S\"),2),\"\",\"Meta\",\"Nível 2\",\"Nível 3\",\"Nível 4\",\"Serviço\")","v":"Serviço"},{"$f":"IF(OR($C84=0,$L84=\"\"),\"-\",CONCATENATE(E84&\".\",IF(AND($A$5>=2,$C84>=2),F84&\".\",\"\"),IF(AND($A$5>=3,$C84>=3),G84&\".\",\"\"),IF(AND($A$5>=4,$C84>=4),H84&\".\",\"\"),IF($C84=\"S\",I84&\".\",\"\")))","v":"2.5.1."},"SINAPI",95566,"TUBO DE CONCRETO PARA REDES COLETORAS DE ÁGUAS PLUVIAIS, DIÂMETRO DE 300MM, JUNTA RÍGIDA, INSTALADO EM LOCAL COM ALTO NÍVEL DE INTERFERÊNCIAS - FORNECIMENTO E ASSENTAMENTO. AF_12/2015","M",{"$f":"OFFSET(CÁLCULO!H$15,ROW($T84)-ROW(T$15),0)","v":15},151.41,"BDI 1",{"$f":"IF($C84=\"S\",ROUND(IF(TIPOORCAMENTO=\"Proposto\",ORÇAMENTO.CustoUnitario*(1+$AH84),ORÇAMENTO.PrecoUnitarioLicitado),15-13*$AF$10),0)","v":187.04},{"$f":"IF($C84=\"S\",VTOTAL1,IF($C84=0,0,ROUND(SomaAgrup,15-13*$AF$11)))","v":2805.6},"RA",{"$f":"IF(AND($C84=\"S\",$X84>0),IF(ISBLANK($Y84),\"RA\",LEFT($Y84,2)),\"\")","v":"RA"},{"$f":"IF($C84=\"S\",IF($Z84=\"CP\",$X84,IF($Z84=\"RA\",(($X84)*QCI!$AA$3),0)),SomaAgrup)","v":2805.6},{"$f":"IF($C84=\"S\",IF($Z84=\"OU\",ROUND($X84,2),0),SomaAgrup)","v":0},{"$f":"IF($N84=\"\",\"\",IF(ORÇAMENTO.Descricao=\"\",\"DESCRIÇÃO\",IF(AND($C84=\"S\",ORÇAMENTO.Unidade=\"\"),\"UNIDADE\",IF($X84<0,\"VALOR NEGATIVO\",IF(OR(AND(TIPOORCAMENTO=\"Proposto\",$AG84<>\"\",$AG84>0,ORÇAMENTO.CustoUnitario>$AG84),AND(TIPOORCAMENTO=\"LICITADO\",ORÇAMENTO.PrecoUnitarioLicitado>$AN84)),\"ACIMA REF.\",\"\")))))","v":""},{"$f":"IF(C84<=CRONO.NivelExibicao,MAX($AD$15:OFFSET(AD84,-1,0))+IF($C84<>1,1,MAX(1,COUNTIF(QCI!$A$13:$A$32,OFFSET($E84,-1,0)))),\"\")","v":""},{"$f":"IF(AND($C84=\"S\",ORÇAMENTO.CodBarra<>\"\"),IF(ORÇAMENTO.Fonte=\"\",ORÇAMENTO.CodBarra,CONCATENATE(ORÇAMENTO.Fonte,\" \",ORÇAMENTO.CodBarra)))","v":"SINAPI 95566"},{"$f":"IF(ISERROR(INDIRECT(ORÇAMENTO.BancoRef)),\"(abra o arquivo 'Referência \"&Excel_BuiltIn_Database&\".xls)\",IF(OR($C84<>\"S\",ORÇAMENTO.CodBarra=\"\"),\"(Sem Código)\",IF(ISERROR(MATCH($AE84,INDIRECT(ORÇAMENTO.BancoRef),0)),\"(Código não identificado nas referências)\",MATCH($AE84,INDIRECT(ORÇAMENTO.BancoRef),0))))","v":"(abra o arquivo 'Referência 06-2023.xls)"},{"$f":"ROUND(IF(DESONERACAO=\"sim\",REFERENCIA.Desonerado,REFERENCIA.NaoDesonerado),2)","v":0},{"$f":"ROUND(IF(ISNUMBER(ORÇAMENTO.OpcaoBDI),ORÇAMENTO.OpcaoBDI,IF(LEFT(ORÇAMENTO.OpcaoBDI,3)=\"BDI\",HLOOKUP(ORÇAMENTO.OpcaoBDI,$F$4:$H$5,2,FALSE),0)),15-11*$AF$9)","v":0.23530000000000001},null,15,null,null,2805.6,{"$f":"ROUND(ORÇAMENTO.CustoUnitario*(1+$AH84),2)","v":187.04}]
["S",2,"S",0,{"$f":"IF($C85=1,OFFSET(E85,-1,0)+MAX(1,COUNTIF(QCI!$A$13:$A$32,OFFSET(ORÇAMENTO!E85,-1,0))),OFFSET(E85,-1,0))","v":2},5,0,0,2,0,{"$f":"IF(OR($C85=\"S\",$C85=0),0,MATCH(OFFSET($D85,0,$C85)+IF($C85<>1,1,COUNTIF(QCI!$A$13:$A$32,ORÇAMENTO!E85)),OFFSET($D85,1,$C85,ROW($C$850)-ROW($C85)),0))","v":0},"F","Serviço","Serviço","2.5.2.","SINAPI",92219,"TUBO DE CONCRETO PARA REDES COLETORAS DE ÁGUAS PLUVIAIS, DIÂMETRO DE 400 MM, JUNTA RÍGIDA, INSTALADO EM LOCAL COM ALTO NÍVEL DE INTERFERÊNCIAS - FORNECIMENTO E ASSENTAMENTO. AF_12/2015","M",{"$f":"OFFSET(CÁLCULO!H$15,ROW($T85)-ROW(T$15),0)","v":61},178.6,"BDI 1",{"$f":"IF($C85=\"S\",ROUND(IF(TIPOORCAMENTO=\"Proposto\",ORÇAMENTO.CustoUnitario*(1+$AH85),ORÇAMENTO.PrecoUnitarioLicitado),15-13*$AF$10),0)","v":220.62},13457.82,"RA","RA",{"$f":"IF($C85=\"S\",IF($Z85=\"CP\",$X85,IF($Z85=\"RA\",(($X85)*QCI!$AA$3),0)),SomaAgrup)","v":13457.82},0,{"$f":"IF($N85=\"\",\"\",IF(ORÇAMENTO.Descricao=\"\",\"DESCRIÇÃO\",IF(AND($C85=\"S\",ORÇAMENTO.Unidade=\"\"),\"UNIDADE\",IF($X85<0,\"VALOR NEGATIVO\",IF(OR(AND(TIPOORCAMENTO=\"Proposto\",$AG85<>\"\",$AG85>0,ORÇAMENTO.CustoUnitario>$AG85),AND(TIPOORCAMENTO=\"LICITADO\",ORÇAMENTO.PrecoUnitarioLicitado>$AN85)),\"ACIMA REF.\",\"\")))))","v":""},{"$f":"IF(C85<=CRONO.NivelExibicao,MAX($AD$15:OFFSET(AD85,-1,0))+IF($C85<>1,1,MAX(1,COUNTIF(QCI!$A$13:$A$32,OFFSET($E85,-1,0)))),\"\")","v":""},{"$f":"IF(AND($C85=\"S\",ORÇAMENTO.CodBarra<>\"\"),IF(ORÇAMENTO.Fonte=\"\",ORÇAMENTO.CodBarra,CONCATENATE(ORÇAMENTO.Fonte,\" \",ORÇAMENTO.CodBarra)))","v":"SINAPI 92219"},{"$f":"IF(ISERROR(INDIRECT(ORÇAMENTO.BancoRef)),\"(abra o arquivo 'Referência \"&Excel_BuiltIn_Database&\".xls)\",IF(OR($C85<>\"S\",ORÇAMENTO.CodBarra=\"\"),\"(Sem Código)\",IF(ISERROR(MATCH($AE85,INDIRECT(ORÇAMENTO.BancoRef),0)),\"(Código não identificado nas referências)\",MATCH($AE85,INDIRECT(ORÇAMENTO.BancoRef),0))))","v":"(abra o arquivo 'Referência 06-2023.xls)"},{"$f":"ROUND(IF(DESONERACAO=\"sim\",REFERENCIA.Desonerado,REFERENCIA.NaoDesonerado),2)","v":0},0.23530000000000001,null,61,null,null,13457.82,220.62]
["S",2,"S",0,{"$f":"IF($C86=1,OFFSET(E86,-1,0)+MAX(1,COUNTIF(QCI!$A$13:$A$32,OFFSET(ORÇAMENTO!E86,-1,0))),OFFSET(E86,-1,0))","v":2},5,0,0,3,0,{"$f":"IF(OR($C86=\"S\",$C86=0),0,MATCH(OFFSET($D86,0,$C86)+IF($C86<>1,1,COUNTIF(QCI!$A$13:$A$32,ORÇAMENTO!E86)),OFFSET($D86,1,$C86,ROW($C$850)-ROW($C86)),0))","v":0},"F","Serviço","Serviço","2.5.3.","AMMOC","BL01","BOCA DE LOBO EM CONCRETO ARMADO E GRADE DE AÇO EM BARRA DE FERRO CHATA 0,70M X 1,00M - TIPO 1 ","UND",{"$f":"OFFSET(CÁLCULO!H$15,ROW($T86)-ROW(T$15),0)","v":4},2617.0700000000002,"BDI 1",{"$f":"IF($C86=\"S\",ROUND(IF(TIPOORCAMENTO=\"Proposto\",ORÇAMENTO.CustoUnitario*(1+$AH86),ORÇAMENTO.PrecoUnitarioLicitado),15-13*$AF$10),0)","v":3232.87},12931.48,"RA","RA",{"$f":"IF($C86=\"S\",IF($Z86=\"CP\",$X86,IF($Z86=\"RA\",(($X86)*QCI!$AA$3),0)),SomaAgrup)","v":12931.48},0,{"$f":"IF($N86=\"\",\"\",IF(ORÇAMENTO.Descricao=\"\",\"DESCRIÇÃO\",IF(AND($C86=\"S\",ORÇAMENTO.Unidade=\"\"),\"UNIDADE\",IF($X86<0,\"VALOR NEGATIVO\",IF(OR(AND(TIPOORCAMENTO=\"Proposto\",$AG86<>\"\",$AG86>0,ORÇAMENTO.CustoUnitario>$AG86),AND(TIPOORCAMENTO=\"LICITADO\",ORÇAMENTO.PrecoUnitarioLicitado>$AN86)),\"ACIMA REF.\",\"\")))))","v":""},{"$f":"IF(C86<=CRONO.NivelExibicao,MAX($AD$15:OFFSET(AD86,-1,0))+IF($C86<>1,1,MAX(1,COUNTIF(QCI!$A$13:$A$32,OFFSET($E86,-1,0)))),\"\")","v":""},{"$f":"IF(AND($C86=\"S\",ORÇAMENTO.CodBarra<>\"\"),IF(ORÇAMENTO.Fonte=\"\",ORÇAMENTO.CodBarra,CONCATENATE(ORÇAMENTO.Fonte,\" \",ORÇAMENTO.CodBarra)))","v":"AMMOC BL01"},{"$f":"IF(ISERROR(INDIRECT(ORÇAMENTO.BancoRef)),\"(abra o arquivo 'Referência \"&Excel_BuiltIn_Database&\".xls)\",IF(OR($C86<>\"S\",ORÇAMENTO.CodBarra=\"\"),\"(Sem Código)\",IF(ISERROR(MATCH($AE86,INDIRECT(ORÇAMENTO.BancoRef),0)),\"(Código não identificado nas referências)\",MATCH($AE86,INDIRECT(ORÇAMENTO.BancoRef),0))))","v":"(abra o arquivo 'Referência 06-2023.xls)"},{"$f":"ROUND(IF(DESONERACAO=\"sim\",REFERENCIA.Desonerado,REFERENCIA.NaoDesonerado),2)","v":0},0.23530000000000001,null,4,null,null,12931.48,3232.87]
[{"$f":"CHOOSE(1+LOG(1+2*(ORÇAMENTO.Nivel=\"Meta\")+4*(ORÇAMENTO.Nivel=\"Nível 2\")+8*(ORÇAMENTO.Nivel=\"Nível 3\")+16*(ORÇAMENTO.Nivel=\"Nível 4\")+32*(ORÇAMENTO.Nivel=\"Serviço\"),2),0,1,2,3,4,\"S\")","v":"S"},{"$f":"IF(OR(C87=\"s\",C87=0),OFFSET(B87,-1,0),C87)","v":2},{"$f":"IF(OFFSET(C87,-1,0)=\"L\",1,IF(OFFSET(C87,-1,0)=1,2,IF(OR(A87=\"s\",A87=0),\"S\",IF(AND(OFFSET(C87,-1,0)=2,A87=4),3,IF(AND(OR(OFFSET(C87,-1,0)=\"s\",OFFSET(C87,-1,0)=0),A87<>\"s\",A87>OFFSET(B87,-1,0)),OFFSET(B87,-1,0),A87)))))","v":"S"},{"$f":"IF(OR(C87=\"S\",C87=0),0,IF(ISERROR(K87),J87,SMALL(J87:K87,1)))","v":0},{"$f":"IF($C87=1,OFFSET(E87,-1,0)+MAX(1,COUNTIF(QCI!$A$13:$A$32,OFFSET(ORÇAMENTO!E87,-1,0))),OFFSET(E87,-1,0))","v":2},{"$f":"IF($C87=1,0,IF($C87=2,OFFSET(F87,-1,0)+1,OFFSET(F87,-1,0)))","v":5},{"$f":"IF(AND($C87<=2,$C87<>0),0,IF($C87=3,OFFSET(G87,-1,0)+1,OFFSET(G87,-1,0)))","v":0},{"$f":"IF(AND($C87<=3,$C87<>0),0,IF($C87=4,OFFSET(H87,-1,0)+1,OFFSET(H87,-1,0)))","v":0},{"$f":"IF(AND($C87<=4,$C87<>0),0,IF(AND($C87=\"S\",$X87>0),OFFSET(I87,-1,0)+1,OFFSET(I87,-1,0)))","v":4},0,{"$f":"IF(OR($C87=\"S\",$C87=0),0,MATCH(OFFSET($D87,0,$C87)+IF($C87<>1,1,COUNTIF(QCI!$A$13:$A$32,ORÇAMENTO!E87)),OFFSET($D87,1,$C87,ROW($C$850)-ROW($C87)),0))","v":0},{"$f":"IF(OR($X87>0,$C87=1,$C87=2,$C87=3,$C87=4),\"F\",\"\")","v":"F"},"Serviço",{"$f":"CHOOSE(1+LOG(1+2*(C87=1)+4*(C87=2)+8*(C87=3)+16*(C87=4)+32*(C87=\"S\"),2),\"\",\"Meta\",\"Nível 2\",\"Nível 3\",\"Nível 4\",\"Serviço\")","v":"Serviço"},{"$f":"IF(OR($C87=0,$L87=\"\"),\"-\",CONCATENATE(E87&\".\",IF(AND($A$5>=2,$C87>=2),F87&\".\",\"\"),IF(AND($A$5>=3,$C87>=3),G87&\".\",\"\"),IF(AND($A$5>=4,$C87>=4),H87&\".\",\"\"),IF($C87=\"S\",I87&\".\",\"\")))","v":"2.5.4."},"AMMOC","CS01","CAIXA COLETORA DE SARJETA EM CONCRETO ARMADO E TAMPA EM CONCRETO ARMADO","UND",{"$f":"OFFSET(CÁLCULO!H$15,ROW($T87)-ROW(T$15),0)","v":4},1881.56,"BDI 1",{"$f":"IF($C87=\"S\",ROUND(IF(TIPOORCAMENTO=\"Proposto\",ORÇAMENTO.CustoUnitario*(1+$AH87),ORÇAMENTO.PrecoUnitarioLicitado),15-13*$AF$10),0)","v":2324.29},{"$f":"IF($C87=\"S\",VTOTAL1,IF($C87=0,0,ROUND(SomaAgrup,15-13*$AF$11)))","v":9297.16},"RA",{"$f":"IF(AND($C87=\"S\",$X87>0),IF(ISBLANK($Y87),\"RA\",LEFT($Y87,2)),\"\")","v":"RA"},{"$f":"IF($C87=\"S\",IF($Z87=\"CP\",$X87,IF($Z87=\"RA\",(($X87)*QCI!$AA$3),0)),SomaAgrup)","v":9297.16},{"$f":"IF($C87=\"S\",IF($Z87=\"OU\",ROUND($X87,2),0),SomaAgrup)","v":0},{"$f":"IF($N87=\"\",\"\",IF(ORÇAMENTO.Descricao=\"\",\"DESCRIÇÃO\",IF(AND($C87=\"S\",ORÇAMENTO.Unidade=\"\"),\"UNIDADE\",IF($X87<0,\"VALOR NEGATIVO\",IF(OR(AND(TIPOORCAMENTO=\"Proposto\",$AG87<>\"\",$AG87>0,ORÇAMENTO.CustoUnitario>$AG87),AND(TIPOORCAMENTO=\"LICITADO\",ORÇAMENTO.PrecoUnitarioLicitado>$AN87)),\"ACIMA REF.\",\"\")))))","v":""},{"$f":"IF(C87<=CRONO.NivelExibicao,MAX($AD$15:OFFSET(AD87,-1,0))+IF($C87<>1,1,MAX(1,COUNTIF(QCI!$A$13:$A$32,OFFSET($E87,-1,0)))),\"\")","v":""},{"$f":"IF(AND($C87=\"S\",ORÇAMENTO.CodBarra<>\"\"),IF(ORÇAMENTO.Fonte=\"\",ORÇAMENTO.CodBarra,CONCATENATE(ORÇAMENTO.Fonte,\" \",ORÇAMENTO.CodBarra)))","v":"AMMOC CS01"},{"$f":"IF(ISERROR(INDIRECT(ORÇAMENTO.BancoRef)),\"(abra o arquivo 'Referência \"&Excel_BuiltIn_Database&\".xls)\",IF(OR($C87<>\"S\",ORÇAMENTO.CodBarra=\"\"),\"(Sem Código)\",IF(ISERROR(MATCH($AE87,INDIRECT(ORÇAMENTO.BancoRef),0)),\"(Código não identificado nas referências)\",MATCH($AE87,INDIRECT(ORÇAMENTO.BancoRef),0))))","v":"(abra o arquivo 'Referência 06-2023.xls)"},{"$f":"ROUND(IF(DESONERACAO=\"sim\",REFERENCIA.Desonerado,REFERENCIA.NaoDesonerado),2)","v":0},{"$f":"ROUND(IF(ISNUMBER(ORÇAMENTO.OpcaoBDI),ORÇAMENTO.OpcaoBDI,IF(LEFT(ORÇAMENTO.OpcaoBDI,3)=\"BDI\",HLOOKUP(ORÇAMENTO.OpcaoBDI,$F$4:$H$5,2,FALSE),0)),15-11*$AF$9)","v":0.23530000000000001},null,4,null,null,9297.16,{"$f":"ROUND(ORÇAMENTO.CustoUnitario*(1+$AH87),2)","v":2324.29}]
[{"$f":"CHOOSE(1+LOG(1+2*(ORÇAMENTO.Nivel=\"Meta\")+4*(ORÇAMENTO.Nivel=\"Nível 2\")+8*(ORÇAMENTO.Nivel=\"Nível 3\")+16*(ORÇAMENTO.Nivel=\"Nível 4\")+32*(ORÇAMENTO.Nivel=\"Serviço\"),2),0,1,2,3,4,\"S\")","v":"S"},{"$f":"IF(OR(C88=\"s\",C88=0),OFFSET(B88,-1,0),C88)","v":2},{"$f":"IF(OFFSET(C88,-1,0)=\"L\",1,IF(OFFSET(C88,-1,0)=1,2,IF(OR(A88=\"s\",A88=0),\"S\",IF(AND(OFFSET(C88,-1,0)=2,A88=4),3,IF(AND(OR(OFFSET(C88,-1,0)=\"s\",OFFSET(C88,-1,0)=0),A88<>\"s\",A88>OFFSET(B88,-1,0)),OFFSET(B88,-1,0),A88)))))","v":"S"},{"$f":"IF(OR(C88=\"S\",C88=0),0,IF(ISERROR(K88),J88,SMALL(J88:K88,1)))","v":0},{"$f":"IF($C88=1,OFFSET(E88,-1,0)+MAX(1,COUNTIF(QCI!$A$13:$A$32,OFFSET(ORÇAMENTO!E88,-1,0))),OFFSET(E88,-1,0))","v":2},{"$f":"IF($C88=1,0,IF($C88=2,OFFSET(F88,-1,0)+1,OFFSET(F88,-1,0)))","v":5},{"$f":"IF(AND($C88<=2,$C88<>0),0,IF($C88=3,OFFSET(G88,-1,0)+1,OFFSET(G88,-1,0)))","v":0},{"$f":"IF(AND($C88<=3,$C88<>0),0,IF($C88=4,OFFSET(H88,-1,0)+1,OFFSET(H88,-1,0)))","v":0},{"$f":"IF(AND($C88<=4,$C88<>0),0,IF(AND($C88=\"S\",$X88>0),OFFSET(I88,-1,0)+1,OFFSET(I88,-1,0)))","v":5},0,{"$f":"IF(OR($C88=\"S\",$C88=0),0,MATCH(OFFSET($D88,0,$C88)+IF($C88<>1,1,COUNTIF(QCI!$A$13:$A$32,ORÇAMENTO!E88)),OFFSET($D88,1,$C88,ROW($C$850)-ROW($C88)),0))","v":0},{"$f":"IF(OR($X88>0,$C88=1,$C88=2,$C88=3,$C88=4),\"F\",\"\")","v":"F"},"Serviço",{"$f":"CHOOSE(1+LOG(1+2*(C88=1)+4*(C88=2)+8*(C88=3)+16*(C88=4)+32*(C88=\"S\"),2),\"\",\"Meta\",\"Nível 2\",\"Nível 3\",\"Nível 4\",\"Serviço\")","v":"Serviço"},{"$f":"IF(OR($C88=0,$L88=\"\"),\"-\",CONCATENATE(E88&\".\",IF(AND($A$5>=2,$C88>=2),F88&\".\",\"\"),IF(AND($A$5>=3,$C88>=3),G88&\".\",\"\"),IF(AND($A$5>=4,$C88>=4),H88&\".\",\"\"),IF($C88=\"S\",I88&\".\",\"\")))","v":"2.5.5."},"SINAPI",102737,"BOCA PARA BUEIRO SIMPLES TUBULAR D = 40 CM EM CONCRETO, ALAS COM ESCONSIDADE DE 0°, INCLUINDO FÔRMAS E MATERIAIS. AF_07/2021","UN",{"$f":"OFFSET(CÁLCULO!H$15,ROW($T88)-ROW(T$15),0)","v":4},1164.99,"BDI 1",{"$f":"IF($C88=\"S\",ROUND(IF(TIPOORCAMENTO=\"Proposto\",ORÇAMENTO.CustoUnitario*(1+$AH88),ORÇAMENTO.PrecoUnitarioLicitado),15-13*$AF$10),0)","v":1439.11},{"$f":"IF($C88=\"S\",VTOTAL1,IF($C88=0,0,ROUND(SomaAgrup,15-13*$AF$11)))","v":5756.44},"RA",{"$f":"IF(AND($C88=\"S\",$X88>0),IF(ISBLANK($Y88),\"RA\",LEFT($Y88,2)),\"\")","v":"RA"},{"$f":"IF($C88=\"S\",IF($Z88=\"CP\",$X88,IF($Z88=\"RA\",(($X88)*QCI!$AA$3),0)),SomaAgrup)","v":5756.44},{"$f":"IF($C88=\"S\",IF($Z88=\"OU\",ROUND($X88,2),0),SomaAgrup)","v":0},{"$f":"IF($N88=\"\",\"\",IF(ORÇAMENTO.Descricao=\"\",\"DESCRIÇÃO\",IF(AND($C88=\"S\",ORÇAMENTO.Unidade=\"\"),\"UNIDADE\",IF($X88<0,\"VALOR NEGATIVO\",IF(OR(AND(TIPOORCAMENTO=\"Proposto\",$AG88<>\"\",$AG88>0,ORÇAMENTO.CustoUnitario>$AG88),AND(TIPOORCAMENTO=\"LICITADO\",ORÇAMENTO.PrecoUnitarioLicitado>$AN88)),\"ACIMA REF.\",\"\")))))","v":""},{"$f":"IF(C88<=CRONO.NivelExibicao,MAX($AD$15:OFFSET(AD88,-1,0))+IF($C88<>1,1,MAX(1,COUNTIF(QCI!$A$13:$A$32,OFFSET($E88,-1,0)))),\"\")","v":""},{"$f":"IF(AND($C88=\"S\",ORÇAMENTO.CodBarra<>\"\"),IF(ORÇAMENTO.Fonte=\"\",ORÇAMENTO.CodBarra,CONCATENATE(ORÇAMENTO.Fonte,\" \",ORÇAMENTO.CodBarra)))","v":"SINAPI 102737"},{"$f":"IF(ISERROR(INDIRECT(ORÇAMENTO.BancoRef)),\"(abra o arquivo 'Referência \"&Excel_BuiltIn_Database&\".xls)\",IF(OR($C88<>\"S\",ORÇAMENTO.CodBarra=\"\"),\"(Sem Código)\",IF(ISERROR(MATCH($AE88,INDIRECT(ORÇAMENTO.BancoRef),0)),\"(Código não identificado nas referências)\",MATCH($AE88,INDIRECT(ORÇAMENTO.BancoRef),0))))","v":"(abra o arquivo 'Referência 06-2023.xls)"},{"$f":"ROUND(IF(DESONERACAO=\"sim\",REFERENCIA.Desonerado,REFERENCIA.NaoDesonerado),2)","v":0},{"$f":"ROUND(IF(ISNUMBER(ORÇAMENTO.OpcaoBDI),ORÇAMENTO.OpcaoBDI,IF(LEFT(ORÇAMENTO.OpcaoBDI,3)=\"BDI\",HLOOKUP(ORÇAMENTO.OpcaoBDI,$F$4:$H$5,2,FALSE),0)),15-11*$AF$9)","v":0.23530000000000001},null,4,null,null,5756.44,{"$f":"ROUND(ORÇAMENTO.CustoUnitario*(1+$AH88),2)","v":1439.11}]
[{"$f":"CHOOSE(1+LOG(1+2*(ORÇAMENTO.Nivel=\"Meta\")+4*(ORÇAMENTO.Nivel=\"Nível 2\")+8*(ORÇAMENTO.Nivel=\"Nível 3\")+16*(ORÇAMENTO.Nivel=\"Nível 4\")+32*(ORÇAMENTO.Nivel=\"Serviço\"),2),0,1,2,3,4,\"S\")","v":"S"},{"$f":"IF(OR(C89=\"s\",C89=0),OFFSET(B89,-1,0),C89)","v":2},{"$f":"IF(OFFSET(C89,-1,0)=\"L\",1,IF(OFFSET(C89,-1,0)=1,2,IF(OR(A89=\"s\",A89=0),\"S\",IF(AND(OFFSET(C89,-1,0)=2,A89=4),3,IF(AND(OR(OFFSET(C89,-1,0)=\"s\",OFFSET(C89,-1,0)=0),A89<>\"s\",A89>OFFSET(B89,-1,0)),OFFSET(B89,-1,0),A89)))))","v":"S"},{"$f":"IF(OR(C89=\"S\",C89=0),0,IF(ISERROR(K89),J89,SMALL(J89:K89,1)))","v":0},{"$f":"IF($C89=1,OFFSET(E89,-1,0)+MAX(1,COUNTIF(QCI!$A$13:$A$32,OFFSET(ORÇAMENTO!E89,-1,0))),OFFSET(E89,-1,0))","v":2},{"$f":"IF($C89=1,0,IF($C89=2,OFFSET(F89,-1,0)+1,OFFSET(F89,-1,0)))","v":5},{"$f":"IF(AND($C89<=2,$C89<>0),0,IF($C89=3,OFFSET(G89,-1,0)+1,OFFSET(G89,-1,0)))","v":0},{"$f":"IF(AND($C89<=3,$C89<>0),0,IF($C89=4,OFFSET(H89,-1,0)+1,OFFSET(H89,-1,0)))","v":0},{"$f":"IF(AND($C89<=4,$C89<>0),0,IF(AND($C89=\"S\",$X89>0),OFFSET(I89,-1,0)+1,OFFSET(I89,-1,0)))","v":6},0,{"$f":"IF(OR($C89=\"S\",$C89=0),0,MATCH(OFFSET($D89,0,$C89)+IF($C89<>1,1,COUNTIF(QCI!$A$13:$A$32,ORÇAMENTO!E89)),OFFSET($D89,1,$C89,ROW($C$850)-ROW($C89)),0))","v":0},{"$f":"IF(OR($X89>0,$C89=1,$C89=2,$C89=3,$C89=4),\"F\",\"\")","v":"F"},"Serviço",{"$f":"CHOOSE(1+LOG(1+2*(C89=1)+4*(C89=2)+8*(C89=3)+16*(C89=4)+32*(C89=\"S\"),2),\"\",\"Meta\",\"Nível 2\",\"Nível 3\",\"Nível 4\",\"Serviço\")","v":"Serviço"},{"$f":"IF(OR($C89=0,$L89=\"\"),\"-\",CONCATENATE(E89&\".\",IF(AND($A$5>=2,$C89>=2),F89&\".\",\"\"),IF(AND($A$5>=3,$C89>=3),G89&\".\",\"\"),IF(AND($A$5>=4,$C89>=4),H89&\".\",\"\"),IF($C89=\"S\",I89&\".\",\"\")))","v":"2.5.6."},"SINAPI","94289","EXECUÇÃO DE SARJETA DE CONCRETO USINADO, MOLDADA  IN LOCO, 45 CM BASE X 10 CM ALTURA. AF_06/2016","M",{"$f":"OFFSET(CÁLCULO!H$15,ROW($T89)-ROW(T$15),0)","v":132},61.31,"BDI 1",{"$f":"IF($C89=\"S\",ROUND(IF(TIPOORCAMENTO=\"Proposto\",ORÇAMENTO.CustoUnitario*(1+$AH89),ORÇAMENTO.PrecoUnitarioLicitado),15-13*$AF$10),0)","v":75.739999999999995},{"$f":"IF($C89=\"S\",VTOTAL1,IF($C89=0,0,ROUND(SomaAgrup,15-13*$AF$11)))","v":9997.68},"RA",{"$f":"IF(AND($C89=\"S\",$X89>0),IF(ISBLANK($Y89),\"RA\",LEFT($Y89,2)),\"\")","v":"RA"},{"$f":"IF($C89=\"S\",IF($Z89=\"CP\",$X89,IF($Z89=\"RA\",(($X89)*QCI!$AA$3),0)),SomaAgrup)","v":9997.68},{"$f":"IF($C89=\"S\",IF($Z89=\"OU\",ROUND($X89,2),0),SomaAgrup)","v":0},{"$f":"IF($N89=\"\",\"\",IF(ORÇAMENTO.Descricao=\"\",\"DESCRIÇÃO\",IF(AND($C89=\"S\",ORÇAMENTO.Unidade=\"\"),\"UNIDADE\",IF($X89<0,\"VALOR NEGATIVO\",IF(OR(AND(TIPOORCAMENTO=\"Proposto\",$AG89<>\"\",$AG89>0,ORÇAMENTO.CustoUnitario>$AG89),AND(TIPOORCAMENTO=\"LICITADO\",ORÇAMENTO.PrecoUnitarioLicitado>$AN89)),\"ACIMA REF.\",\"\")))))","v":""},{"$f":"IF(C89<=CRONO.NivelExibicao,MAX($AD$15:OFFSET(AD89,-1,0))+IF($C89<>1,1,MAX(1,COUNTIF(QCI!$A$13:$A$32,OFFSET($E89,-1,0)))),\"\")","v":""},{"$f":"IF(AND($C89=\"S\",ORÇAMENTO.CodBarra<>\"\"),IF(ORÇAMENTO.Fonte=\"\",ORÇAMENTO.CodBarra,CONCATENATE(ORÇAMENTO.Fonte,\" \",ORÇAMENTO.CodBarra)))","v":"SINAPI 94289"},{"$f":"IF(ISERROR(INDIRECT(ORÇAMENTO.BancoRef)),\"(abra o arquivo 'Referência \"&Excel_BuiltIn_Database&\".xls)\",IF(OR($C89<>\"S\",ORÇAMENTO.CodBarra=\"\"),\"(Sem Código)\",IF(ISERROR(MATCH($AE89,INDIRECT(ORÇAMENTO.BancoRef),0)),\"(Código não identificado nas referências)\",MATCH($AE89,INDIRECT(ORÇAMENTO.BancoRef),0))))","v":"(abra o arquivo 'Referência 06-2023.xls)"},{"$f":"ROUND(IF(DESONERACAO=\"sim\",REFERENCIA.Desonerado,REFERENCIA.NaoDesonerado),2)","v":0},{"$f":"ROUND(IF(ISNUMBER(ORÇAMENTO.OpcaoBDI),ORÇAMENTO.OpcaoBDI,IF(LEFT(ORÇAMENTO.OpcaoBDI,3)=\"BDI\",HLOOKUP(ORÇAMENTO.OpcaoBDI,$F$4:$H$5,2,FALSE),0)),15-11*$AF$9)","v":0.23530000000000001},null,132,null,null,9997.68,{"$f":"ROUND(ORÇAMENTO.CustoUnitario*(1+$AH89),2)","v":75.739999999999995}]
[{"$f":"CHOOSE(1+LOG(1+2*(ORÇAMENTO.Nivel=\"Meta\")+4*(ORÇAMENTO.Nivel=\"Nível 2\")+8*(ORÇAMENTO.Nivel=\"Nível 3\")+16*(ORÇAMENTO.Nivel=\"Nível 4\")+32*(ORÇAMENTO.Nivel=\"Serviço\"),2),0,1,2,3,4,\"S\")","v":"S"},{"$f":"IF(OR(C90=\"s\",C90=0),OFFSET(B90,-1,0),C90)","v":2},{"$f":"IF(OFFSET(C90,-1,0)=\"L\",1,IF(OFFSET(C90,-1,0)=1,2,IF(OR(A90=\"s\",A90=0),\"S\",IF(AND(OFFSET(C90,-1,0)=2,A90=4),3,IF(AND(OR(OFFSET(C90,-1,0)=\"s\",OFFSET(C90,-1,0)=0),A90<>\"s\",A90>OFFSET(B90,-1,0)),OFFSET(B90,-1,0),A90)))))","v":"S"},{"$f":"IF(OR(C90=\"S\",C90=0),0,IF(ISERROR(K90),J90,SMALL(J90:K90,1)))","v":0},{"$f":"IF($C90=1,OFFSET(E90,-1,0)+MAX(1,COUNTIF(QCI!$A$13:$A$32,OFFSET(ORÇAMENTO!E90,-1,0))),OFFSET(E90,-1,0))","v":2},{"$f":"IF($C90=1,0,IF($C90=2,OFFSET(F90,-1,0)+1,OFFSET(F90,-1,0)))","v":5},{"$f":"IF(AND($C90<=2,$C90<>0),0,IF($C90=3,OFFSET(G90,-1,0)+1,OFFSET(G90,-1,0)))","v":0},{"$f":"IF(AND($C90<=3,$C90<>0),0,IF($C90=4,OFFSET(H90,-1,0)+1,OFFSET(H90,-1,0)))","v":0},{"$f":"IF(AND($C90<=4,$C90<>0),0,IF(AND($C90=\"S\",$X90>0),OFFSET(I90,-1,0)+1,OFFSET(I90,-1,0)))","v":7},0,{"$f":"IF(OR($C90=\"S\",$C90=0),0,MATCH(OFFSET($D90,0,$C90)+IF($C90<>1,1,COUNTIF(QCI!$A$13:$A$32,ORÇAMENTO!E90)),OFFSET($D90,1,$C90,ROW($C$850)-ROW($C90)),0))","v":0},{"$f":"IF(OR($X90>0,$C90=1,$C90=2,$C90=3,$C90=4),\"F\",\"\")","v":"F"},"Serviço",{"$f":"CHOOSE(1+LOG(1+2*(C90=1)+4*(C90=2)+8*(C90=3)+16*(C90=4)+32*(C90=\"S\"),2),\"\",\"Meta\",\"Nível 2\",\"Nível 3\",\"Nível 4\",\"Serviço\")","v":"Serviço"},{"$f":"IF(OR($C90=0,$L90=\"\"),\"-\",CONCATENATE(E90&\".\",IF(AND($A$5>=2,$C90>=2),F90&\".\",\"\"),IF(AND($A$5>=3,$C90>=3),G90&\".\",\"\"),IF(AND($A$5>=4,$C90>=4),H90&\".\",\"\"),IF($C90=\"S\",I90&\".\",\"\")))","v":"2.5.7."},"AMMOC",232,"ENVELOPAMENTO DE TUBULAÇÃO DE REDE PLUVIAL COM CONCRETO USINADO, ACABAMENTO CONVENCIONAL","M3",{"$f":"OFFSET(CÁLCULO!H$15,ROW($T90)-ROW(T$15),0)","v":2.85},676.85,"BDI 1",{"$f":"IF($C90=\"S\",ROUND(IF(TIPOORCAMENTO=\"Proposto\",ORÇAMENTO.CustoUnitario*(1+$AH90),ORÇAMENTO.PrecoUnitarioLicitado),15-13*$AF$10),0)","v":836.11},{"$f":"IF($C90=\"S\",VTOTAL1,IF($C90=0,0,ROUND(SomaAgrup,15-13*$AF$11)))","v":2382.91},"RA",{"$f":"IF(AND($C90=\"S\",$X90>0),IF(ISBLANK($Y90),\"RA\",LEFT($Y90,2)),\"\")","v":"RA"},{"$f":"IF($C90=\"S\",IF($Z90=\"CP\",$X90,IF($Z90=\"RA\",(($X90)*QCI!$AA$3),0)),SomaAgrup)","v":2382.91},{"$f":"IF($C90=\"S\",IF($Z90=\"OU\",ROUND($X90,2),0),SomaAgrup)","v":0},{"$f":"IF($N90=\"\",\"\",IF(ORÇAMENTO.Descricao=\"\",\"DESCRIÇÃO\",IF(AND($C90=\"S\",ORÇAMENTO.Unidade=\"\"),\"UNIDADE\",IF($X90<0,\"VALOR NEGATIVO\",IF(OR(AND(TIPOORCAMENTO=\"Proposto\",$AG90<>\"\",$AG90>0,ORÇAMENTO.CustoUnitario>$AG90),AND(TIPOORCAMENTO=\"LICITADO\",ORÇAMENTO.PrecoUnitarioLicitado>$AN90)),\"ACIMA REF.\",\"\")))))","v":""},{"$f":"IF(C90<=CRONO.NivelExibicao,MAX($AD$15:OFFSET(AD90,-1,0))+IF($C90<>1,1,MAX(1,COUNTIF(QCI!$A$13:$A$32,OFFSET($E90,-1,0)))),\"\")","v":""},{"$f":"IF(AND($C90=\"S\",ORÇAMENTO.CodBarra<>\"\"),IF(ORÇAMENTO.Fonte=\"\",ORÇAMENTO.CodBarra,CONCATENATE(ORÇAMENTO.Fonte,\" \",ORÇAMENTO.CodBarra)))","v":"AMMOC 232"},{"$f":"IF(ISERROR(INDIRECT(ORÇAMENTO.BancoRef)),\"(abra o arquivo 'Referência \"&Excel_BuiltIn_Database&\".xls)\",IF(OR($C90<>\"S\",ORÇAMENTO.CodBarra=\"\"),\"(Sem Código)\",IF(ISERROR(MATCH($AE90,INDIRECT(ORÇAMENTO.BancoRef),0)),\"(Código não identificado nas referências)\",MATCH($AE90,INDIRECT(ORÇAMENTO.BancoRef),0))))","v":"(abra o arquivo 'Referência 06-2023.xls)"},{"$f":"ROUND(IF(DESONERACAO=\"sim\",REFERENCIA.Desonerado,REFERENCIA.NaoDesonerado),2)","v":0},{"$f":"ROUND(IF(ISNUMBER(ORÇAMENTO.OpcaoBDI),ORÇAMENTO.OpcaoBDI,IF(LEFT(ORÇAMENTO.OpcaoBDI,3)=\"BDI\",HLOOKUP(ORÇAMENTO.OpcaoBDI,$F$4:$H$5,2,FALSE),0)),15-11*$AF$9)","v":0.23530000000000001},null,2.85,null,null,2382.91,{"$f":"ROUND(ORÇAMENTO.CustoUnitario*(1+$AH90),2)","v":836.11}]
[2,2,2,4,{"$f":"IF($C91=1,OFFSET(E91,-1,0)+MAX(1,COUNTIF(QCI!$A$13:$A$32,OFFSET(ORÇAMENTO!E91,-1,0))),OFFSET(E91,-1,0))","v":2},6,0,0,0,27,{"$f":"IF(OR($C91=\"S\",$C91=0),0,MATCH(OFFSET($D91,0,$C91)+IF($C91<>1,1,COUNTIF(QCI!$A$13:$A$32,ORÇAMENTO!E91)),OFFSET($D91,1,$C91,ROW($C$850)-ROW($C91)),0))","v":4},"F","Nível 2","Nível 2","2.6.","SINAPI",null,"REATERROS","-",{"$f":"OFFSET(CÁLCULO!H$15,ROW($T91)-ROW(T$15),0)","v":0},0,"BDI 1",{"$f":"IF($C91=\"S\",ROUND(IF(TIPOORCAMENTO=\"Proposto\",ORÇAMENTO.CustoUnitario*(1+$AH91),ORÇAMENTO.PrecoUnitarioLicitado),15-13*$AF$10),0)","v":0},10023.06,"RA","",{"$f":"IF($C91=\"S\",IF($Z91=\"CP\",$X91,IF($Z91=\"RA\",(($X91)*QCI!$AA$3),0)),SomaAgrup)","v":10023.06},0,{"$f":"IF($N91=\"\",\"\",IF(ORÇAMENTO.Descricao=\"\",\"DESCRIÇÃO\",IF(AND($C91=\"S\",ORÇAMENTO.Unidade=\"\"),\"UNIDADE\",IF($X91<0,\"VALOR NEGATIVO\",IF(OR(AND(TIPOORCAMENTO=\"Proposto\",$AG91<>\"\",$AG91>0,ORÇAMENTO.CustoUnitario>$AG91),AND(TIPOORCAMENTO=\"LICITADO\",ORÇAMENTO.PrecoUnitarioLicitado>$AN91)),\"ACIMA REF.\",\"\")))))","v":""},{"$f":"IF(C91<=CRONO.NivelExibicao,MAX($AD$15:OFFSET(AD91,-1,0))+IF($C91<>1,1,MAX(1,COUNTIF(QCI!$A$13:$A$32,OFFSET($E91,-1,0)))),\"\")","v":""},{"$f":"IF(AND($C91=\"S\",ORÇAMENTO.CodBarra<>\"\"),IF(ORÇAMENTO.Fonte=\"\",ORÇAMENTO.CodBarra,CONCATENATE(ORÇAMENTO.Fonte,\" \",ORÇAMENTO.CodBarra)))","v":false},{"$f":"IF(ISERROR(INDIRECT(ORÇAMENTO.BancoRef)),\"(abra o arquivo 'Referência \"&Excel_BuiltIn_Database&\".xls)\",IF(OR($C91<>\"S\",ORÇAMENTO.CodBarra=\"\"),\"(Sem Código)\",IF(ISERROR(MATCH($AE91,INDIRECT(ORÇAMENTO.BancoRef),0)),\"(Código não identificado nas referências)\",MATCH($AE91,INDIRECT(ORÇAMENTO.BancoRef),0))))","v":"(abra o arquivo 'Referência 06-2023.xls)"},{"$f":"ROUND(IF(DESONERACAO=\"sim\",REFERENCIA.Desonerado,REFERENCIA.NaoDesonerado),2)","v":0},0.23530000000000001,null,null,null,null,10023.06,0]
["S",2,"S",0,{"$f":"IF($C92=1,OFFSET(E92,-1,0)+MAX(1,COUNTIF(QCI!$A$13:$A$32,OFFSET(ORÇAMENTO!E92,-1,0))),OFFSET(E92,-1,0))","v":2},6,0,0,1,0,{"$f":"IF(OR($C92=\"S\",$C92=0),0,MATCH(OFFSET($D92,0,$C92)+IF($C92<>1,1,COUNTIF(QCI!$A$13:$A$32,ORÇAMENTO!E92)),OFFSET($D92,1,$C92,ROW($C$850)-ROW($C92)),0))","v":0},"F","Serviço","Serviço","2.6.1.","SINAPI-I","4718","PEDRA BRITADA N. 2 (19 A 38 MM) PARA REATERRO DE VALAS","M3    ",{"$f":"OFFSET(CÁLCULO!H$15,ROW($T92)-ROW(T$15),0)","v":51.24},107.5,"BDI 1",{"$f":"IF($C92=\"S\",ROUND(IF(TIPOORCAMENTO=\"Proposto\",ORÇAMENTO.CustoUnitario*(1+$AH92),ORÇAMENTO.PrecoUnitarioLicitado),15-13*$AF$10),0)","v":132.79},6804.16,"RA","RA",{"$f":"IF($C92=\"S\",IF($Z92=\"CP\",$X92,IF($Z92=\"RA\",(($X92)*QCI!$AA$3),0)),SomaAgrup)","v":6804.16},0,{"$f":"IF($N92=\"\",\"\",IF(ORÇAMENTO.Descricao=\"\",\"DESCRIÇÃO\",IF(AND($C92=\"S\",ORÇAMENTO.Unidade=\"\"),\"UNIDADE\",IF($X92<0,\"VALOR NEGATIVO\",IF(OR(AND(TIPOORCAMENTO=\"Proposto\",$AG92<>\"\",$AG92>0,ORÇAMENTO.CustoUnitario>$AG92),AND(TIPOORCAMENTO=\"LICITADO\",ORÇAMENTO.PrecoUnitarioLicitado>$AN92)),\"ACIMA REF.\",\"\")))))","v":""},{"$f":"IF(C92<=CRONO.NivelExibicao,MAX($AD$15:OFFSET(AD92,-1,0))+IF($C92<>1,1,MAX(1,COUNTIF(QCI!$A$13:$A$32,OFFSET($E92,-1,0)))),\"\")","v":""},{"$f":"IF(AND($C92=\"S\",ORÇAMENTO.CodBarra<>\"\"),IF(ORÇAMENTO.Fonte=\"\",ORÇAMENTO.CodBarra,CONCATENATE(ORÇAMENTO.Fonte,\" \",ORÇAMENTO.CodBarra)))","v":"SINAPI-I 4718"},{"$f":"IF(ISERROR(INDIRECT(ORÇAMENTO.BancoRef)),\"(abra o arquivo 'Referência \"&Excel_BuiltIn_Database&\".xls)\",IF(OR($C92<>\"S\",ORÇAMENTO.CodBarra=\"\"),\"(Sem Código)\",IF(ISERROR(MATCH($AE92,INDIRECT(ORÇAMENTO.BancoRef),0)),\"(Código não identificado nas referências)\",MATCH($AE92,INDIRECT(ORÇAMENTO.BancoRef),0))))","v":"(abra o arquivo 'Referência 06-2023.xls)"},{"$f":"ROUND(IF(DESONERACAO=\"sim\",REFERENCIA.Desonerado,REFERENCIA.NaoDesonerado),2)","v":0},0.23530000000000001,null,51.24,null,null,6804.16,132.79]
["S",2,"S",0,{"$f":"IF($C93=1,OFFSET(E93,-1,0)+MAX(1,COUNTIF(QCI!$A$13:$A$32,OFFSET(ORÇAMENTO!E93,-1,0))),OFFSET(E93,-1,0))","v":2},6,0,0,2,0,{"$f":"IF(OR($C93=\"S\",$C93=0),0,MATCH(OFFSET($D93,0,$C93)+IF($C93<>1,1,COUNTIF(QCI!$A$13:$A$32,ORÇAMENTO!E93)),OFFSET($D93,1,$C93,ROW($C$850)-ROW($C93)),0))","v":0},"F","Serviço","Serviço","2.6.2.","SINAPI","100978","CARGA, MANOBRA E DESCARGA DE MATERIAL GRANULAR EM CAMINHÃO BASCULANTE - CARGA COM ESCAVADEIRA HIDRÁULICA","M3",{"$f":"OFFSET(CÁLCULO!H$15,ROW($T93)-ROW(T$15),0)","v":51.24},6.33,"BDI 1",{"$f":"IF($C93=\"S\",ROUND(IF(TIPOORCAMENTO=\"Proposto\",ORÇAMENTO.CustoUnitario*(1+$AH93),ORÇAMENTO.PrecoUnitarioLicitado),15-13*$AF$10),0)","v":7.82},400.7,"RA","RA",{"$f":"IF($C93=\"S\",IF($Z93=\"CP\",$X93,IF($Z93=\"RA\",(($X93)*QCI!$AA$3),0)),SomaAgrup)","v":400.7},0,{"$f":"IF($N93=\"\",\"\",IF(ORÇAMENTO.Descricao=\"\",\"DESCRIÇÃO\",IF(AND($C93=\"S\",ORÇAMENTO.Unidade=\"\"),\"UNIDADE\",IF($X93<0,\"VALOR NEGATIVO\",IF(OR(AND(TIPOORCAMENTO=\"Proposto\",$AG93<>\"\",$AG93>0,ORÇAMENTO.CustoUnitario>$AG93),AND(TIPOORCAMENTO=\"LICITADO\",ORÇAMENTO.PrecoUnitarioLicitado>$AN93)),\"ACIMA REF.\",\"\")))))","v":""},{"$f":"IF(C93<=CRONO.NivelExibicao,MAX($AD$15:OFFSET(AD93,-1,0))+IF($C93<>1,1,MAX(1,COUNTIF(QCI!$A$13:$A$32,OFFSET($E93,-1,0)))),\"\")","v":""},{"$f":"IF(AND($C93=\"S\",ORÇAMENTO.CodBarra<>\"\"),IF(ORÇAMENTO.Fonte=\"\",ORÇAMENTO.CodBarra,CONCATENATE(ORÇAMENTO.Fonte,\" \",ORÇAMENTO.CodBarra)))","v":"SINAPI 100978"},{"$f":"IF(ISERROR(INDIRECT(ORÇAMENTO.BancoRef)),\"(abra o arquivo 'Referência \"&Excel_BuiltIn_Database&\".xls)\",IF(OR($C93<>\"S\",ORÇAMENTO.CodBarra=\"\"),\"(Sem Código)\",IF(ISERROR(MATCH($AE93,INDIRECT(ORÇAMENTO.BancoRef),0)),\"(Código não identificado nas referências)\",MATCH($AE93,INDIRECT(ORÇAMENTO.BancoRef),0))))","v":"(abra o arquivo 'Referência 06-2023.xls)"},{"$f":"ROUND(IF(DESONERACAO=\"sim\",REFERENCIA.Desonerado,REFERENCIA.NaoDesonerado),2)","v":0},0.23530000000000001,null,{"$f":"AJ92","v":51.24},null,null,400.7,7.82]
["S",2,"S",0,{"$f":"IF($C94=1,OFFSET(E94,-1,0)+MAX(1,COUNTIF(QCI!$A$13:$A$32,OFFSET(ORÇAMENTO!E94,-1,0))),OFFSET(E94,-1,0))","v":2},6,0,0,3,0,{"$f":"IF(OR($C94=\"S\",$C94=0),0,MATCH(OFFSET($D94,0,$C94)+IF($C94<>1,1,COUNTIF(QCI!$A$13:$A$32,ORÇAMENTO!E94)),OFFSET($D94,1,$C94,ROW($C$850)-ROW($C94)),0))","v":0},"F","Serviço","Serviço","2.6.3.","SINAPI","95875","TRANSPORTE DE MATERIAL GRANULAR COM CAMINHÃO BASCULANTE, DMT = 20 KM","M3XKM",{"$f":"OFFSET(CÁLCULO!H$15,ROW($T94)-ROW(T$15),0)","v":1024.8},2.23,"BDI 1",{"$f":"IF($C94=\"S\",ROUND(IF(TIPOORCAMENTO=\"Proposto\",ORÇAMENTO.CustoUnitario*(1+$AH94),ORÇAMENTO.PrecoUnitarioLicitado),15-13*$AF$10),0)","v":2.75},2818.2,"RA","RA",{"$f":"IF($C94=\"S\",IF($Z94=\"CP\",$X94,IF($Z94=\"RA\",(($X94)*QCI!$AA$3),0)),SomaAgrup)","v":2818.2},0,{"$f":"IF($N94=\"\",\"\",IF(ORÇAMENTO.Descricao=\"\",\"DESCRIÇÃO\",IF(AND($C94=\"S\",ORÇAMENTO.Unidade=\"\"),\"UNIDADE\",IF($X94<0,\"VALOR NEGATIVO\",IF(OR(AND(TIPOORCAMENTO=\"Proposto\",$AG94<>\"\",$AG94>0,ORÇAMENTO.CustoUnitario>$AG94),AND(TIPOORCAMENTO=\"LICITADO\",ORÇAMENTO.PrecoUnitarioLicitado>$AN94)),\"ACIMA REF.\",\"\")))))","v":""},{"$f":"IF(C94<=CRONO.NivelExibicao,MAX($AD$15:OFFSET(AD94,-1,0))+IF($C94<>1,1,MAX(1,COUNTIF(QCI!$A$13:$A$32,OFFSET($E94,-1,0)))),\"\")","v":""},{"$f":"IF(AND($C94=\"S\",ORÇAMENTO.CodBarra<>\"\"),IF(ORÇAMENTO.Fonte=\"\",ORÇAMENTO.CodBarra,CONCATENATE(ORÇAMENTO.Fonte,\" \",ORÇAMENTO.CodBarra)))","v":"SINAPI 95875"},{"$f":"IF(ISERROR(INDIRECT(ORÇAMENTO.BancoRef)),\"(abra o arquivo 'Referência \"&Excel_BuiltIn_Database&\".xls)\",IF(OR($C94<>\"S\",ORÇAMENTO.CodBarra=\"\"),\"(Sem Código)\",IF(ISERROR(MATCH($AE94,INDIRECT(ORÇAMENTO.BancoRef),0)),\"(Código não identificado nas referências)\",MATCH($AE94,INDIRECT(ORÇAMENTO.BancoRef),0))))","v":"(abra o arquivo 'Referência 06-2023.xls)"},{"$f":"ROUND(IF(DESONERACAO=\"sim\",REFERENCIA.Desonerado,REFERENCIA.NaoDesonerado),2)","v":0},0.23530000000000001,null,{"$f":"AJ93*20","v":1024.8},null,null,2818.2,2.75]
[2,2,2,4,{"$f":"IF($C95=1,OFFSET(E95,-1,0)+MAX(1,COUNTIF(QCI!$A$13:$A$32,OFFSET(ORÇAMENTO!E95,-1,0))),OFFSET(E95,-1,0))","v":2},7,0,0,0,23,{"$f":"IF(OR($C95=\"S\",$C95=0),0,MATCH(OFFSET($D95,0,$C95)+IF($C95<>1,1,COUNTIF(QCI!$A$13:$A$32,ORÇAMENTO!E95)),OFFSET($D95,1,$C95,ROW($C$850)-ROW($C95)),0))","v":4},"F","Nível 2","Nível 2","2.7.","SINAPI",null,"BASE E SUB-BASE","-",{"$f":"OFFSET(CÁLCULO!H$15,ROW($T95)-ROW(T$15),0)","v":0},0,"BDI 1",{"$f":"IF($C95=\"S\",ROUND(IF(TIPOORCAMENTO=\"Proposto\",ORÇAMENTO.CustoUnitario*(1+$AH95),ORÇAMENTO.PrecoUnitarioLicitado),15-13*$AF$10),0)","v":0},18850.64,"RA","",{"$f":"IF($C95=\"S\",IF($Z95=\"CP\",$X95,IF($Z95=\"RA\",(($X95)*QCI!$AA$3),0)),SomaAgrup)","v":18850.64},0,{"$f":"IF($N95=\"\",\"\",IF(ORÇAMENTO.Descricao=\"\",\"DESCRIÇÃO\",IF(AND($C95=\"S\",ORÇAMENTO.Unidade=\"\"),\"UNIDADE\",IF($X95<0,\"VALOR NEGATIVO\",IF(OR(AND(TIPOORCAMENTO=\"Proposto\",$AG95<>\"\",$AG95>0,ORÇAMENTO.CustoUnitario>$AG95),AND(TIPOORCAMENTO=\"LICITADO\",ORÇAMENTO.PrecoUnitarioLicitado>$AN95)),\"ACIMA REF.\",\"\")))))","v":""},{"$f":"IF(C95<=CRONO.NivelExibicao,MAX($AD$15:OFFSET(AD95,-1,0))+IF($C95<>1,1,MAX(1,COUNTIF(QCI!$A$13:$A$32,OFFSET($E95,-1,0)))),\"\")","v":""},{"$f":"IF(AND($C95=\"S\",ORÇAMENTO.CodBarra<>\"\"),IF(ORÇAMENTO.Fonte=\"\",ORÇAMENTO.CodBarra,CONCATENATE(ORÇAMENTO.Fonte,\" \",ORÇAMENTO.CodBarra)))","v":false},{"$f":"IF(ISERROR(INDIRECT(ORÇAMENTO.BancoRef)),\"(abra o arquivo 'Referência \"&Excel_BuiltIn_Database&\".xls)\",IF(OR($C95<>\"S\",ORÇAMENTO.CodBarra=\"\"),\"(Sem Código)\",IF(ISERROR(MATCH($AE95,INDIRECT(ORÇAMENTO.BancoRef),0)),\"(Código não identificado nas referências)\",MATCH($AE95,INDIRECT(ORÇAMENTO.BancoRef),0))))","v":"(abra o arquivo 'Referência 06-2023.xls)"},{"$f":"ROUND(IF(DESONERACAO=\"sim\",REFERENCIA.Desonerado,REFERENCIA.NaoDesonerado),2)","v":0},0.23530000000000001,null,null,null,null,18850.64,0]
["S",2,"S",0,{"$f":"IF($C96=1,OFFSET(E96,-1,0)+MAX(1,COUNTIF(QCI!$A$13:$A$32,OFFSET(ORÇAMENTO!E96,-1,0))),OFFSET(E96,-1,0))","v":2},7,0,0,1,0,{"$f":"IF(OR($C96=\"S\",$C96=0),0,MATCH(OFFSET($D96,0,$C96)+IF($C96<>1,1,COUNTIF(QCI!$A$13:$A$32,ORÇAMENTO!E96)),OFFSET($D96,1,$C96,ROW($C$850)-ROW($C96)),0))","v":0},"F","Serviço","Serviço","2.7.1.","SINAPI","96396","EXECUÇÃO E COMPACTAÇÃO DE BASE E OU SUB BASE PARA PAVIMENTAÇÃO DE BRITA GRADUADA SIMPLES - EXCLUSIVE CARGA E TRANSPORTE. AF_11/2019","M3",{"$f":"OFFSET(CÁLCULO!H$15,ROW($T96)-ROW(T$15),0)","v":65.7},181.41,"BDI 1",{"$f":"IF($C96=\"S\",ROUND(IF(TIPOORCAMENTO=\"Proposto\",ORÇAMENTO.CustoUnitario*(1+$AH96),ORÇAMENTO.PrecoUnitarioLicitado),15-13*$AF$10),0)","v":224.1},14723.37,"RA","RA",{"$f":"IF($C96=\"S\",IF($Z96=\"CP\",$X96,IF($Z96=\"RA\",(($X96)*QCI!$AA$3),0)),SomaAgrup)","v":14723.37},0,{"$f":"IF($N96=\"\",\"\",IF(ORÇAMENTO.Descricao=\"\",\"DESCRIÇÃO\",IF(AND($C96=\"S\",ORÇAMENTO.Unidade=\"\"),\"UNIDADE\",IF($X96<0,\"VALOR NEGATIVO\",IF(OR(AND(TIPOORCAMENTO=\"Proposto\",$AG96<>\"\",$AG96>0,ORÇAMENTO.CustoUnitario>$AG96),AND(TIPOORCAMENTO=\"LICITADO\",ORÇAMENTO.PrecoUnitarioLicitado>$AN96)),\"ACIMA REF.\",\"\")))))","v":""},{"$f":"IF(C96<=CRONO.NivelExibicao,MAX($AD$15:OFFSET(AD96,-1,0))+IF($C96<>1,1,MAX(1,COUNTIF(QCI!$A$13:$A$32,OFFSET($E96,-1,0)))),\"\")","v":""},{"$f":"IF(AND($C96=\"S\",ORÇAMENTO.CodBarra<>\"\"),IF(ORÇAMENTO.Fonte=\"\",ORÇAMENTO.CodBarra,CONCATENATE(ORÇAMENTO.Fonte,\" \",ORÇAMENTO.CodBarra)))","v":"SINAPI 96396"},{"$f":"IF(ISERROR(INDIRECT(ORÇAMENTO.BancoRef)),\"(abra o arquivo 'Referência \"&Excel_BuiltIn_Database&\".xls)\",IF(OR($C96<>\"S\",ORÇAMENTO.CodBarra=\"\"),\"(Sem Código)\",IF(ISERROR(MATCH($AE96,INDIRECT(ORÇAMENTO.BancoRef),0)),\"(Código não identificado nas referências)\",MATCH($AE96,INDIRECT(ORÇAMENTO.BancoRef),0))))","v":"(abra o arquivo 'Referência 06-2023.xls)"},{"$f":"ROUND(IF(DESONERACAO=\"sim\",REFERENCIA.Desonerado,REFERENCIA.NaoDesonerado),2)","v":0},0.23530000000000001,null,{"$f":"AJ102*0.1","v":65.7},null,null,14723.37,224.1]
["S",2,"S",0,{"$f":"IF($C97=1,OFFSET(E97,-1,0)+MAX(1,COUNTIF(QCI!$A$13:$A$32,OFFSET(ORÇAMENTO!E97,-1,0))),OFFSET(E97,-1,0))","v":2},7,0,0,2,0,{"$f":"IF(OR($C97=\"S\",$C97=0),0,MATCH(OFFSET($D97,0,$C97)+IF($C97<>1,1,COUNTIF(QCI!$A$13:$A$32,ORÇAMENTO!E97)),OFFSET($D97,1,$C97,ROW($C$850)-ROW($C97)),0))","v":0},"F","Serviço","Serviço","2.7.2.","SINAPI","100978","CARGA, MANOBRA E DESCARGA DE MATERIAL GRANULAR EM CAMINHÃO BASCULANTE - CARGA COM ESCAVADEIRA HIDRÁULICA","M3",{"$f":"OFFSET(CÁLCULO!H$15,ROW($T97)-ROW(T$15),0)","v":65.7},6.33,"BDI 1",{"$f":"IF($C97=\"S\",ROUND(IF(TIPOORCAMENTO=\"Proposto\",ORÇAMENTO.CustoUnitario*(1+$AH97),ORÇAMENTO.PrecoUnitarioLicitado),15-13*$AF$10),0)","v":7.82},513.77,"RA","RA",{"$f":"IF($C97=\"S\",IF($Z97=\"CP\",$X97,IF($Z97=\"RA\",(($X97)*QCI!$AA$3),0)),SomaAgrup)","v":513.77},0,{"$f":"IF($N97=\"\",\"\",IF(ORÇAMENTO.Descricao=\"\",\"DESCRIÇÃO\",IF(AND($C97=\"S\",ORÇAMENTO.Unidade=\"\"),\"UNIDADE\",IF($X97<0,\"VALOR NEGATIVO\",IF(OR(AND(TIPOORCAMENTO=\"Proposto\",$AG97<>\"\",$AG97>0,ORÇAMENTO.CustoUnitario>$AG97),AND(TIPOORCAMENTO=\"LICITADO\",ORÇAMENTO.PrecoUnitarioLicitado>$AN97)),\"ACIMA REF.\",\"\")))))","v":""},{"$f":"IF(C97<=CRONO.NivelExibicao,MAX($AD$15:OFFSET(AD97,-1,0))+IF($C97<>1,1,MAX(1,COUNTIF(QCI!$A$13:$A$32,OFFSET($E97,-1,0)))),\"\")","v":""},{"$f":"IF(AND($C97=\"S\",ORÇAMENTO.CodBarra<>\"\"),IF(ORÇAMENTO.Fonte=\"\",ORÇAMENTO.CodBarra,CONCATENATE(ORÇAMENTO.Fonte,\" \",ORÇAMENTO.CodBarra)))","v":"SINAPI 100978"},{"$f":"IF(ISERROR(INDIRECT(ORÇAMENTO.BancoRef)),\"(abra o arquivo 'Referência \"&Excel_BuiltIn_Database&\".xls)\",IF(OR($C97<>\"S\",ORÇAMENTO.CodBarra=\"\"),\"(Sem Código)\",IF(ISERROR(MATCH($AE97,INDIRECT(ORÇAMENTO.BancoRef),0)),\"(Código não identificado nas referências)\",MATCH($AE97,INDIRECT(ORÇAMENTO.BancoRef),0))))","v":"(abra o arquivo 'Referência 06-2023.xls)"},{"$f":"ROUND(IF(DESONERACAO=\"sim\",REFERENCIA.Desonerado,REFERENCIA.NaoDesonerado),2)","v":0},0.23530000000000001,null,{"$f":"AJ96","v":65.7},null,null,513.77,7.82]
["S",2,"S",0,{"$f":"IF($C98=1,OFFSET(E98,-1,0)+MAX(1,COUNTIF(QCI!$A$13:$A$32,OFFSET(ORÇAMENTO!E98,-1,0))),OFFSET(E98,-1,0))","v":2},7,0,0,3,0,{"$f":"IF(OR($C98=\"S\",$C98=0),0,MATCH(OFFSET($D98,0,$C98)+IF($C98<>1,1,COUNTIF(QCI!$A$13:$A$32,ORÇAMENTO!E98)),OFFSET($D98,1,$C98,ROW($C$850)-ROW($C98)),0))","v":0},"F","Serviço","Serviço","2.7.3.","SINAPI","95875","TRANSPORTE DE MATERIAL GRANULAR COM CAMINHÃO BASCULANTE, DMT = 20 KM","M3XKM",{"$f":"OFFSET(CÁLCULO!H$15,ROW($T98)-ROW(T$15),0)","v":1314},2.23,"BDI 1",{"$f":"IF($C98=\"S\",ROUND(IF(TIPOORCAMENTO=\"Proposto\",ORÇAMENTO.CustoUnitario*(1+$AH98),ORÇAMENTO.PrecoUnitarioLicitado),15-13*$AF$10),0)","v":2.75},3613.5,"RA","RA",{"$f":"IF($C98=\"S\",IF($Z98=\"CP\",$X98,IF($Z98=\"RA\",(($X98)*QCI!$AA$3),0)),SomaAgrup)","v":3613.5},0,{"$f":"IF($N98=\"\",\"\",IF(ORÇAMENTO.Descricao=\"\",\"DESCRIÇÃO\",IF(AND($C98=\"S\",ORÇAMENTO.Unidade=\"\"),\"UNIDADE\",IF($X98<0,\"VALOR NEGATIVO\",IF(OR(AND(TIPOORCAMENTO=\"Proposto\",$AG98<>\"\",$AG98>0,ORÇAMENTO.CustoUnitario>$AG98),AND(TIPOORCAMENTO=\"LICITADO\",ORÇAMENTO.PrecoUnitarioLicitado>$AN98)),\"ACIMA REF.\",\"\")))))","v":""},{"$f":"IF(C98<=CRONO.NivelExibicao,MAX($AD$15:OFFSET(AD98,-1,0))+IF($C98<>1,1,MAX(1,COUNTIF(QCI!$A$13:$A$32,OFFSET($E98,-1,0)))),\"\")","v":""},{"$f":"IF(AND($C98=\"S\",ORÇAMENTO.CodBarra<>\"\"),IF(ORÇAMENTO.Fonte=\"\",ORÇAMENTO.CodBarra,CONCATENATE(ORÇAMENTO.Fonte,\" \",ORÇAMENTO.CodBarra)))","v":"SINAPI 95875"},{"$f":"IF(ISERROR(INDIRECT(ORÇAMENTO.BancoRef)),\"(abra o arquivo 'Referência \"&Excel_BuiltIn_Database&\".xls)\",IF(OR($C98<>\"S\",ORÇAMENTO.CodBarra=\"\"),\"(Sem Código)\",IF(ISERROR(MATCH($AE98,INDIRECT(ORÇAMENTO.BancoRef),0)),\"(Código não identificado nas referências)\",MATCH($AE98,INDIRECT(ORÇAMENTO.BancoRef),0))))","v":"(abra o arquivo 'Referência 06-2023.xls)"},{"$f":"ROUND(IF(DESONERACAO=\"sim\",REFERENCIA.Desonerado,REFERENCIA.NaoDesonerado),2)","v":0},0.23530000000000001,null,{"$f":"AJ97*20","v":1314},null,null,3613.5,2.75]
[2,2,2,8,{"$f":"IF($C99=1,OFFSET(E99,-1,0)+MAX(1,COUNTIF(QCI!$A$13:$A$32,OFFSET(ORÇAMENTO!E99,-1,0))),OFFSET(E99,-1,0))","v":2},8,0,0,0,19,{"$f":"IF(OR($C99=\"S\",$C99=0),0,MATCH(OFFSET($D99,0,$C99)+IF($C99<>1,1,COUNTIF(QCI!$A$13:$A$32,ORÇAMENTO!E99)),OFFSET($D99,1,$C99,ROW($C$850)-ROW($C99)),0))","v":8},"F","Nível 2","Nível 2","2.8.","SINAPI",null,"PAVIMENTAÇÃO EM CONCRETO","-",{"$f":"OFFSET(CÁLCULO!H$15,ROW($T99)-ROW(T$15),0)","v":0},0,"BDI 1",{"$f":"IF($C99=\"S\",ROUND(IF(TIPOORCAMENTO=\"Proposto\",ORÇAMENTO.CustoUnitario*(1+$AH99),ORÇAMENTO.PrecoUnitarioLicitado),15-13*$AF$10),0)","v":0},221505.64,"RA","",{"$f":"IF($C99=\"S\",IF($Z99=\"CP\",$X99,IF($Z99=\"RA\",(($X99)*QCI!$AA$3),0)),SomaAgrup)","v":221505.64},0,{"$f":"IF($N99=\"\",\"\",IF(ORÇAMENTO.Descricao=\"\",\"DESCRIÇÃO\",IF(AND($C99=\"S\",ORÇAMENTO.Unidade=\"\"),\"UNIDADE\",IF($X99<0,\"VALOR NEGATIVO\",IF(OR(AND(TIPOORCAMENTO=\"Proposto\",$AG99<>\"\",$AG99>0,ORÇAMENTO.CustoUnitario>$AG99),AND(TIPOORCAMENTO=\"LICITADO\",ORÇAMENTO.PrecoUnitarioLicitado>$AN99)),\"ACIMA REF.\",\"\")))))","v":""},{"$f":"IF(C99<=CRONO.NivelExibicao,MAX($AD$15:OFFSET(AD99,-1,0))+IF($C99<>1,1,MAX(1,COUNTIF(QCI!$A$13:$A$32,OFFSET($E99,-1,0)))),\"\")","v":""},{"$f":"IF(AND($C99=\"S\",ORÇAMENTO.CodBarra<>\"\"),IF(ORÇAMENTO.Fonte=\"\",ORÇAMENTO.CodBarra,CONCATENATE(ORÇAMENTO.Fonte,\" \",ORÇAMENTO.CodBarra)))","v":false},{"$f":"IF(ISERROR(INDIRECT(ORÇAMENTO.BancoRef)),\"(abra o arquivo 'Referência \"&Excel_BuiltIn_Database&\".xls)\",IF(OR($C99<>\"S\",ORÇAMENTO.CodBarra=\"\"),\"(Sem Código)\",IF(ISERROR(MATCH($AE99,INDIRECT(ORÇAMENTO.BancoRef),0)),\"(Código não identificado nas referências)\",MATCH($AE99,INDIRECT(ORÇAMENTO.BancoRef),0))))","v":"(abra o arquivo 'Referência 06-2023.xls)"},{"$f":"ROUND(IF(DESONERACAO=\"sim\",REFERENCIA.Desonerado,REFERENCIA.NaoDesonerado),2)","v":0},0.23530000000000001,null,null,null,null,221505.64,0]
["S",2,"S",0,{"$f":"IF($C100=1,OFFSET(E100,-1,0)+MAX(1,COUNTIF(QCI!$A$13:$A$32,OFFSET(ORÇAMENTO!E100,-1,0))),OFFSET(E100,-1,0))","v":2},8,0,0,1,0,{"$f":"IF(OR($C100=\"S\",$C100=0),0,MATCH(OFFSET($D100,0,$C100)+IF($C100<>1,1,COUNTIF(QCI!$A$13:$A$32,ORÇAMENTO!E100)),OFFSET($D100,1,$C100,ROW($C$850)-ROW($C100)),0))","v":0},"F","Serviço","Serviço","2.8.1.","SINAPI-I","1346","FABRICAÇÃO, MONTAGEM E DESMONTAGEM DE FORMA PARA PAVIMENTAÇÃO EM CONCRETO EM CHAPA DE COMPENSADO","M2    ",{"$f":"OFFSET(CÁLCULO!H$15,ROW($T100)-ROW(T$15),0)","v":48},57.57,"BDI 1",{"$f":"IF($C100=\"S\",ROUND(IF(TIPOORCAMENTO=\"Proposto\",ORÇAMENTO.CustoUnitario*(1+$AH100),ORÇAMENTO.PrecoUnitarioLicitado),15-13*$AF$10),0)","v":71.12},3413.76,"RA","RA",{"$f":"IF($C100=\"S\",IF($Z100=\"CP\",$X100,IF($Z100=\"RA\",(($X100)*QCI!$AA$3),0)),SomaAgrup)","v":3413.76},0,{"$f":"IF($N100=\"\",\"\",IF(ORÇAMENTO.Descricao=\"\",\"DESCRIÇÃO\",IF(AND($C100=\"S\",ORÇAMENTO.Unidade=\"\"),\"UNIDADE\",IF($X100<0,\"VALOR NEGATIVO\",IF(OR(AND(TIPOORCAMENTO=\"Proposto\",$AG100<>\"\",$AG100>0,ORÇAMENTO.CustoUnitario>$AG100),AND(TIPOORCAMENTO=\"LICITADO\",ORÇAMENTO.PrecoUnitarioLicitado>$AN100)),\"ACIMA REF.\",\"\")))))","v":""},{"$f":"IF(C100<=CRONO.NivelExibicao,MAX($AD$15:OFFSET(AD100,-1,0))+IF($C100<>1,1,MAX(1,COUNTIF(QCI!$A$13:$A$32,OFFSET($E100,-1,0)))),\"\")","v":""},{"$f":"IF(AND($C100=\"S\",ORÇAMENTO.CodBarra<>\"\"),IF(ORÇAMENTO.Fonte=\"\",ORÇAMENTO.CodBarra,CONCATENATE(ORÇAMENTO.Fonte,\" \",ORÇAMENTO.CodBarra)))","v":"SINAPI-I 1346"},{"$f":"IF(ISERROR(INDIRECT(ORÇAMENTO.BancoRef)),\"(abra o arquivo 'Referência \"&Excel_BuiltIn_Database&\".xls)\",IF(OR($C100<>\"S\",ORÇAMENTO.CodBarra=\"\"),\"(Sem Código)\",IF(ISERROR(MATCH($AE100,INDIRECT(ORÇAMENTO.BancoRef),0)),\"(Código não identificado nas referências)\",MATCH($AE100,INDIRECT(ORÇAMENTO.BancoRef),0))))","v":"(abra o arquivo 'Referência 06-2023.xls)"},{"$f":"ROUND(IF(DESONERACAO=\"sim\",REFERENCIA.Desonerado,REFERENCIA.NaoDesonerado),2)","v":0},0.23530000000000001,null,{"$f":"AJ67*0.12*2","v":48},null,null,3413.76,71.12]
["S",2,"S",0,{"$f":"IF($C101=1,OFFSET(E101,-1,0)+MAX(1,COUNTIF(QCI!$A$13:$A$32,OFFSET(ORÇAMENTO!E101,-1,0))),OFFSET(E101,-1,0))","v":2},8,0,0,2,0,{"$f":"IF(OR($C101=\"S\",$C101=0),0,MATCH(OFFSET($D101,0,$C101)+IF($C101<>1,1,COUNTIF(QCI!$A$13:$A$32,ORÇAMENTO!E101)),OFFSET($D101,1,$C101,ROW($C$850)-ROW($C101)),0))","v":0},"F","Serviço","Serviço","2.8.2.","SINAPI-I","7156","ARMAÇÃO PARA EXECUÇÃO DE PAVIMENTAÇÃO EM CONCRETO, COM USO DE TELA Q-196.","M2    ",{"$f":"OFFSET(CÁLCULO!H$15,ROW($T101)-ROW(T$15),0)","v":1264},29.25,"BDI 1",{"$f":"IF($C101=\"S\",ROUND(IF(TIPOORCAMENTO=\"Proposto\",ORÇAMENTO.CustoUnitario*(1+$AH101),ORÇAMENTO.PrecoUnitarioLicitado),15-13*$AF$10),0)","v":36.130000000000003},45668.32,"RA","RA",{"$f":"IF($C101=\"S\",IF($Z101=\"CP\",$X101,IF($Z101=\"RA\",(($X101)*QCI!$AA$3),0)),SomaAgrup)","v":45668.32},0,{"$f":"IF($N101=\"\",\"\",IF(ORÇAMENTO.Descricao=\"\",\"DESCRIÇÃO\",IF(AND($C101=\"S\",ORÇAMENTO.Unidade=\"\"),\"UNIDADE\",IF($X101<0,\"VALOR NEGATIVO\",IF(OR(AND(TIPOORCAMENTO=\"Proposto\",$AG101<>\"\",$AG101>0,ORÇAMENTO.CustoUnitario>$AG101),AND(TIPOORCAMENTO=\"LICITADO\",ORÇAMENTO.PrecoUnitarioLicitado>$AN101)),\"ACIMA REF.\",\"\")))))","v":""},{"$f":"IF(C101<=CRONO.NivelExibicao,MAX($AD$15:OFFSET(AD101,-1,0))+IF($C101<>1,1,MAX(1,COUNTIF(QCI!$A$13:$A$32,OFFSET($E101,-1,0)))),\"\")","v":""},{"$f":"IF(AND($C101=\"S\",ORÇAMENTO.CodBarra<>\"\"),IF(ORÇAMENTO.Fonte=\"\",ORÇAMENTO.CodBarra,CONCATENATE(ORÇAMENTO.Fonte,\" \",ORÇAMENTO.CodBarra)))","v":"SINAPI-I 7156"},{"$f":"IF(ISERROR(INDIRECT(ORÇAMENTO.BancoRef)),\"(abra o arquivo 'Referência \"&Excel_BuiltIn_Database&\".xls)\",IF(OR($C101<>\"S\",ORÇAMENTO.CodBarra=\"\"),\"(Sem Código)\",IF(ISERROR(MATCH($AE101,INDIRECT(ORÇAMENTO.BancoRef),0)),\"(Código não identificado nas referências)\",MATCH($AE101,INDIRECT(ORÇAMENTO.BancoRef),0))))","v":"(abra o arquivo 'Referência 06-2023.xls)"},{"$f":"ROUND(IF(DESONERACAO=\"sim\",REFERENCIA.Desonerado,REFERENCIA.NaoDesonerado),2)","v":0},0.23530000000000001,null,1264,null,null,45668.32,36.130000000000003]
[{"$f":"CHOOSE(1+LOG(1+2*(ORÇAMENTO.Nivel=\"Meta\")+4*(ORÇAMENTO.Nivel=\"Nível 2\")+8*(ORÇAMENTO.Nivel=\"Nível 3\")+16*(ORÇAMENTO.Nivel=\"Nível 4\")+32*(ORÇAMENTO.Nivel=\"Serviço\"),2),0,1,2,3,4,\"S\")","v":"S"},{"$f":"IF(OR(C102=\"s\",C102=0),OFFSET(B102,-1,0),C102)","v":2},{"$f":"IF(OFFSET(C102,-1,0)=\"L\",1,IF(OFFSET(C102,-1,0)=1,2,IF(OR(A102=\"s\",A102=0),\"S\",IF(AND(OFFSET(C102,-1,0)=2,A102=4),3,IF(AND(OR(OFFSET(C102,-1,0)=\"s\",OFFSET(C102,-1,0)=0),A102<>\"s\",A102>OFFSET(B102,-1,0)),OFFSET(B102,-1,0),A102)))))","v":"S"},{"$f":"IF(OR(C102=\"S\",C102=0),0,IF(ISERROR(K102),J102,SMALL(J102:K102,1)))","v":0},{"$f":"IF($C102=1,OFFSET(E102,-1,0)+MAX(1,COUNTIF(QCI!$A$13:$A$32,OFFSET(ORÇAMENTO!E102,-1,0))),OFFSET(E102,-1,0))","v":2},{"$f":"IF($C102=1,0,IF($C102=2,OFFSET(F102,-1,0)+1,OFFSET(F102,-1,0)))","v":8},{"$f":"IF(AND($C102<=2,$C102<>0),0,IF($C102=3,OFFSET(G102,-1,0)+1,OFFSET(G102,-1,0)))","v":0},{"$f":"IF(AND($C102<=3,$C102<>0),0,IF($C102=4,OFFSET(H102,-1,0)+1,OFFSET(H102,-1,0)))","v":0},{"$f":"IF(AND($C102<=4,$C102<>0),0,IF(AND($C102=\"S\",$X102>0),OFFSET(I102,-1,0)+1,OFFSET(I102,-1,0)))","v":3},0,{"$f":"IF(OR($C102=\"S\",$C102=0),0,MATCH(OFFSET($D102,0,$C102)+IF($C102<>1,1,COUNTIF(QCI!$A$13:$A$32,ORÇAMENTO!E102)),OFFSET($D102,1,$C102,ROW($C$850)-ROW($C102)),0))","v":0},{"$f":"IF(OR($X102>0,$C102=1,$C102=2,$C102=3,$C102=4),\"F\",\"\")","v":"F"},"Serviço",{"$f":"CHOOSE(1+LOG(1+2*(C102=1)+4*(C102=2)+8*(C102=3)+16*(C102=4)+32*(C102=\"S\"),2),\"\",\"Meta\",\"Nível 2\",\"Nível 3\",\"Nível 4\",\"Serviço\")","v":"Serviço"},{"$f":"IF(OR($C102=0,$L102=\"\"),\"-\",CONCATENATE(E102&\".\",IF(AND($A$5>=2,$C102>=2),F102&\".\",\"\"),IF(AND($A$5>=3,$C102>=3),G102&\".\",\"\"),IF(AND($A$5>=4,$C102>=4),H102&\".\",\"\"),IF($C102=\"S\",I102&\".\",\"\")))","v":"2.8.3."},"SINAPI",97113,"APLICAÇÃO DE LONA PLÁSTICA PARA EXECUÇÃO DE PAVIMENTOS DE CONCRETO. AF_04/2022","M2",{"$f":"OFFSET(CÁLCULO!H$15,ROW($T102)-ROW(T$15),0)","v":657},2.91,"BDI 1",{"$f":"IF($C102=\"S\",ROUND(IF(TIPOORCAMENTO=\"Proposto\",ORÇAMENTO.CustoUnitario*(1+$AH102),ORÇAMENTO.PrecoUnitarioLicitado),15-13*$AF$10),0)","v":3.59},{"$f":"IF($C102=\"S\",VTOTAL1,IF($C102=0,0,ROUND(SomaAgrup,15-13*$AF$11)))","v":2358.63},"RA",{"$f":"IF(AND($C102=\"S\",$X102>0),IF(ISBLANK($Y102),\"RA\",LEFT($Y102,2)),\"\")","v":"RA"},{"$f":"IF($C102=\"S\",IF($Z102=\"CP\",$X102,IF($Z102=\"RA\",(($X102)*QCI!$AA$3),0)),SomaAgrup)","v":2358.63},{"$f":"IF($C102=\"S\",IF($Z102=\"OU\",ROUND($X102,2),0),SomaAgrup)","v":0},{"$f":"IF($N102=\"\",\"\",IF(ORÇAMENTO.Descricao=\"\",\"DESCRIÇÃO\",IF(AND($C102=\"S\",ORÇAMENTO.Unidade=\"\"),\"UNIDADE\",IF($X102<0,\"VALOR NEGATIVO\",IF(OR(AND(TIPOORCAMENTO=\"Proposto\",$AG102<>\"\",$AG102>0,ORÇAMENTO.CustoUnitario>$AG102),AND(TIPOORCAMENTO=\"LICITADO\",ORÇAMENTO.PrecoUnitarioLicitado>$AN102)),\"ACIMA REF.\",\"\")))))","v":""},{"$f":"IF(C102<=CRONO.NivelExibicao,MAX($AD$15:OFFSET(AD102,-1,0))+IF($C102<>1,1,MAX(1,COUNTIF(QCI!$A$13:$A$32,OFFSET($E102,-1,0)))),\"\")","v":""},{"$f":"IF(AND($C102=\"S\",ORÇAMENTO.CodBarra<>\"\"),IF(ORÇAMENTO.Fonte=\"\",ORÇAMENTO.CodBarra,CONCATENATE(ORÇAMENTO.Fonte,\" \",ORÇAMENTO.CodBarra)))","v":"SINAPI 97113"},{"$f":"IF(ISERROR(INDIRECT(ORÇAMENTO.BancoRef)),\"(abra o arquivo 'Referência \"&Excel_BuiltIn_Database&\".xls)\",IF(OR($C102<>\"S\",ORÇAMENTO.CodBarra=\"\"),\"(Sem Código)\",IF(ISERROR(MATCH($AE102,INDIRECT(ORÇAMENTO.BancoRef),0)),\"(Código não identificado nas referências)\",MATCH($AE102,INDIRECT(ORÇAMENTO.BancoRef),0))))","v":"(abra o arquivo 'Referência 06-2023.xls)"},{"$f":"ROUND(IF(DESONERACAO=\"sim\",REFERENCIA.Desonerado,REFERENCIA.NaoDesonerado),2)","v":0},{"$f":"ROUND(IF(ISNUMBER(ORÇAMENTO.OpcaoBDI),ORÇAMENTO.OpcaoBDI,IF(LEFT(ORÇAMENTO.OpcaoBDI,3)=\"BDI\",HLOOKUP(ORÇAMENTO.OpcaoBDI,$F$4:$H$5,2,FALSE),0)),15-11*$AF$9)","v":0.23530000000000001},null,657,null,null,2358.63,{"$f":"ROUND(ORÇAMENTO.CustoUnitario*(1+$AH102),2)","v":3.59}]
["S",2,"S",0,{"$f":"IF($C103=1,OFFSET(E103,-1,0)+MAX(1,COUNTIF(QCI!$A$13:$A$32,OFFSET(ORÇAMENTO!E103,-1,0))),OFFSET(E103,-1,0))","v":2},8,0,0,4,0,{"$f":"IF(OR($C103=\"S\",$C103=0),0,MATCH(OFFSET($D103,0,$C103)+IF($C103<>1,1,COUNTIF(QCI!$A$13:$A$32,ORÇAMENTO!E103)),OFFSET($D103,1,$C103,ROW($C$850)-ROW($C103)),0))","v":0},"F","Serviço","Serviço","2.8.4.","SINAPI-I","34479","CONCRETO USINADO BOMBEAVEL, CLASSE DE RESISTENCIA C40, COM BRITA 0 E 1, SLUMP = 100 +/- 20 MM, INCLUI SERVICO DE BOMBEAMENTO (NBR 8953)","M3    ",{"$f":"OFFSET(CÁLCULO!H$15,ROW($T103)-ROW(T$15),0)","v":151.68},584,"BDI 1",{"$f":"IF($C103=\"S\",ROUND(IF(TIPOORCAMENTO=\"Proposto\",ORÇAMENTO.CustoUnitario*(1+$AH103),ORÇAMENTO.PrecoUnitarioLicitado),15-13*$AF$10),0)","v":721.42},109424.99,"RA","RA",{"$f":"IF($C103=\"S\",IF($Z103=\"CP\",$X103,IF($Z103=\"RA\",(($X103)*QCI!$AA$3),0)),SomaAgrup)","v":109424.99},0,{"$f":"IF($N103=\"\",\"\",IF(ORÇAMENTO.Descricao=\"\",\"DESCRIÇÃO\",IF(AND($C103=\"S\",ORÇAMENTO.Unidade=\"\"),\"UNIDADE\",IF($X103<0,\"VALOR NEGATIVO\",IF(OR(AND(TIPOORCAMENTO=\"Proposto\",$AG103<>\"\",$AG103>0,ORÇAMENTO.CustoUnitario>$AG103),AND(TIPOORCAMENTO=\"LICITADO\",ORÇAMENTO.PrecoUnitarioLicitado>$AN103)),\"ACIMA REF.\",\"\")))))","v":""},{"$f":"IF(C103<=CRONO.NivelExibicao,MAX($AD$15:OFFSET(AD103,-1,0))+IF($C103<>1,1,MAX(1,COUNTIF(QCI!$A$13:$A$32,OFFSET($E103,-1,0)))),\"\")","v":""},{"$f":"IF(AND($C103=\"S\",ORÇAMENTO.CodBarra<>\"\"),IF(ORÇAMENTO.Fonte=\"\",ORÇAMENTO.CodBarra,CONCATENATE(ORÇAMENTO.Fonte,\" \",ORÇAMENTO.CodBarra)))","v":"SINAPI-I 34479"},{"$f":"IF(ISERROR(INDIRECT(ORÇAMENTO.BancoRef)),\"(abra o arquivo 'Referência \"&Excel_BuiltIn_Database&\".xls)\",IF(OR($C103<>\"S\",ORÇAMENTO.CodBarra=\"\"),\"(Sem Código)\",IF(ISERROR(MATCH($AE103,INDIRECT(ORÇAMENTO.BancoRef),0)),\"(Código não identificado nas referências)\",MATCH($AE103,INDIRECT(ORÇAMENTO.BancoRef),0))))","v":"(abra o arquivo 'Referência 06-2023.xls)"},{"$f":"ROUND(IF(DESONERACAO=\"sim\",REFERENCIA.Desonerado,REFERENCIA.NaoDesonerado),2)","v":0},0.23530000000000001,null,{"$f":"AJ101*0.12","v":151.68},null,null,109424.99,721.42]
["S",2,"S",0,{"$f":"IF($C104=1,OFFSET(E104,-1,0)+MAX(1,COUNTIF(QCI!$A$13:$A$32,OFFSET(ORÇAMENTO!E104,-1,0))),OFFSET(E104,-1,0))","v":2},8,0,0,5,0,{"$f":"IF(OR($C104=\"S\",$C104=0),0,MATCH(OFFSET($D104,0,$C104)+IF($C104<>1,1,COUNTIF(QCI!$A$13:$A$32,ORÇAMENTO!E104)),OFFSET($D104,1,$C104,ROW($C$850)-ROW($C104)),0))","v":0},"F","Serviço","Serviço","2.8.5.","AMMOC","PAVCONC","LANÇAMENTO, ACABAMENTO, ADENSAMENTO PARA PAVIMENTAÇÃO EM CONCRETO","M3",{"$f":"OFFSET(CÁLCULO!H$15,ROW($T104)-ROW(T$15),0)","v":151.68},265.83,"BDI 1",{"$f":"IF($C104=\"S\",ROUND(IF(TIPOORCAMENTO=\"Proposto\",ORÇAMENTO.CustoUnitario*(1+$AH104),ORÇAMENTO.PrecoUnitarioLicitado),15-13*$AF$10),0)","v":328.38},49808.68,"RA","RA",{"$f":"IF($C104=\"S\",IF($Z104=\"CP\",$X104,IF($Z104=\"RA\",(($X104)*QCI!$AA$3),0)),SomaAgrup)","v":49808.68},0,{"$f":"IF($N104=\"\",\"\",IF(ORÇAMENTO.Descricao=\"\",\"DESCRIÇÃO\",IF(AND($C104=\"S\",ORÇAMENTO.Unidade=\"\"),\"UNIDADE\",IF($X104<0,\"VALOR NEGATIVO\",IF(OR(AND(TIPOORCAMENTO=\"Proposto\",$AG104<>\"\",$AG104>0,ORÇAMENTO.CustoUnitario>$AG104),AND(TIPOORCAMENTO=\"LICITADO\",ORÇAMENTO.PrecoUnitarioLicitado>$AN104)),\"ACIMA REF.\",\"\")))))","v":""},{"$f":"IF(C104<=CRONO.NivelExibicao,MAX($AD$15:OFFSET(AD104,-1,0))+IF($C104<>1,1,MAX(1,COUNTIF(QCI!$A$13:$A$32,OFFSET($E104,-1,0)))),\"\")","v":""},{"$f":"IF(AND($C104=\"S\",ORÇAMENTO.CodBarra<>\"\"),IF(ORÇAMENTO.Fonte=\"\",ORÇAMENTO.CodBarra,CONCATENATE(ORÇAMENTO.Fonte,\" \",ORÇAMENTO.CodBarra)))","v":"AMMOC PAVCONC"},{"$f":"IF(ISERROR(INDIRECT(ORÇAMENTO.BancoRef)),\"(abra o arquivo 'Referência \"&Excel_BuiltIn_Database&\".xls)\",IF(OR($C104<>\"S\",ORÇAMENTO.CodBarra=\"\"),\"(Sem Código)\",IF(ISERROR(MATCH($AE104,INDIRECT(ORÇAMENTO.BancoRef),0)),\"(Código não identificado nas referências)\",MATCH($AE104,INDIRECT(ORÇAMENTO.BancoRef),0))))","v":"(abra o arquivo 'Referência 06-2023.xls)"},{"$f":"ROUND(IF(DESONERACAO=\"sim\",REFERENCIA.Desonerado,REFERENCIA.NaoDesonerado),2)","v":0},0.23530000000000001,null,{"$f":"AJ103","v":151.68},null,null,49808.68,328.38]
["S",2,"S",0,{"$f":"IF($C105=1,OFFSET(E105,-1,0)+MAX(1,COUNTIF(QCI!$A$13:$A$32,OFFSET(ORÇAMENTO!E105,-1,0))),OFFSET(E105,-1,0))","v":2},8,0,0,6,0,{"$f":"IF(OR($C105=\"S\",$C105=0),0,MATCH(OFFSET($D105,0,$C105)+IF($C105<>1,1,COUNTIF(QCI!$A$13:$A$32,ORÇAMENTO!E105)),OFFSET($D105,1,$C105,ROW($C$850)-ROW($C105)),0))","v":0},"F","Serviço","Serviço","2.8.6.","AMMOC","192","CURA QUÍMICA PARA PAVIMENTO DE CONCRETO - APLICAÇÃO MANUAL COM BORRIFADOR DE BAIXA PRESSÃO","M2",{"$f":"OFFSET(CÁLCULO!H$15,ROW($T105)-ROW(T$15),0)","v":1264},6.73,"BDI 1",{"$f":"IF($C105=\"S\",ROUND(IF(TIPOORCAMENTO=\"Proposto\",ORÇAMENTO.CustoUnitario*(1+$AH105),ORÇAMENTO.PrecoUnitarioLicitado),15-13*$AF$10),0)","v":8.31},10503.84,"RA","RA",{"$f":"IF($C105=\"S\",IF($Z105=\"CP\",$X105,IF($Z105=\"RA\",(($X105)*QCI!$AA$3),0)),SomaAgrup)","v":10503.84},0,{"$f":"IF($N105=\"\",\"\",IF(ORÇAMENTO.Descricao=\"\",\"DESCRIÇÃO\",IF(AND($C105=\"S\",ORÇAMENTO.Unidade=\"\"),\"UNIDADE\",IF($X105<0,\"VALOR NEGATIVO\",IF(OR(AND(TIPOORCAMENTO=\"Proposto\",$AG105<>\"\",$AG105>0,ORÇAMENTO.CustoUnitario>$AG105),AND(TIPOORCAMENTO=\"LICITADO\",ORÇAMENTO.PrecoUnitarioLicitado>$AN105)),\"ACIMA REF.\",\"\")))))","v":""},{"$f":"IF(C105<=CRONO.NivelExibicao,MAX($AD$15:OFFSET(AD105,-1,0))+IF($C105<>1,1,MAX(1,COUNTIF(QCI!$A$13:$A$32,OFFSET($E105,-1,0)))),\"\")","v":""},{"$f":"IF(AND($C105=\"S\",ORÇAMENTO.CodBarra<>\"\"),IF(ORÇAMENTO.Fonte=\"\",ORÇAMENTO.CodBarra,CONCATENATE(ORÇAMENTO.Fonte,\" \",ORÇAMENTO.CodBarra)))","v":"AMMOC 192"},{"$f":"IF(ISERROR(INDIRECT(ORÇAMENTO.BancoRef)),\"(abra o arquivo 'Referência \"&Excel_BuiltIn_Database&\".xls)\",IF(OR($C105<>\"S\",ORÇAMENTO.CodBarra=\"\"),\"(Sem Código)\",IF(ISERROR(MATCH($AE105,INDIRECT(ORÇAMENTO.BancoRef),0)),\"(Código não identificado nas referências)\",MATCH($AE105,INDIRECT(ORÇAMENTO.BancoRef),0))))","v":"(abra o arquivo 'Referência 06-2023.xls)"},{"$f":"ROUND(IF(DESONERACAO=\"sim\",REFERENCIA.Desonerado,REFERENCIA.NaoDesonerado),2)","v":0},0.23530000000000001,null,{"$f":"AJ101","v":1264},null,null,10503.84,8.31]
["S",2,"S",0,{"$f":"IF($C106=1,OFFSET(E106,-1,0)+MAX(1,COUNTIF(QCI!$A$13:$A$32,OFFSET(ORÇAMENTO!E106,-1,0))),OFFSET(E106,-1,0))","v":2},8,0,0,7,0,{"$f":"IF(OR($C106=\"S\",$C106=0),0,MATCH(OFFSET($D106,0,$C106)+IF($C106<>1,1,COUNTIF(QCI!$A$13:$A$32,ORÇAMENTO!E106)),OFFSET($D106,1,$C106,ROW($C$850)-ROW($C106)),0))","v":0},"F","Serviço","Serviço","2.8.7.","SINAPI","97114","EXECUÇÃO DE JUNTAS DE DILATAÇÃO PARA PAVIMENTOS DE CONCRETO","M",{"$f":"OFFSET(CÁLCULO!H$15,ROW($T106)-ROW(T$15),0)","v":642},0.41,"BDI 1",{"$f":"IF($C106=\"S\",ROUND(IF(TIPOORCAMENTO=\"Proposto\",ORÇAMENTO.CustoUnitario*(1+$AH106),ORÇAMENTO.PrecoUnitarioLicitado),15-13*$AF$10),0)","v":0.51},327.42,"RA","RA",{"$f":"IF($C106=\"S\",IF($Z106=\"CP\",$X106,IF($Z106=\"RA\",(($X106)*QCI!$AA$3),0)),SomaAgrup)","v":327.42},0,{"$f":"IF($N106=\"\",\"\",IF(ORÇAMENTO.Descricao=\"\",\"DESCRIÇÃO\",IF(AND($C106=\"S\",ORÇAMENTO.Unidade=\"\"),\"UNIDADE\",IF($X106<0,\"VALOR NEGATIVO\",IF(OR(AND(TIPOORCAMENTO=\"Proposto\",$AG106<>\"\",$AG106>0,ORÇAMENTO.CustoUnitario>$AG106),AND(TIPOORCAMENTO=\"LICITADO\",ORÇAMENTO.PrecoUnitarioLicitado>$AN106)),\"ACIMA REF.\",\"\")))))","v":""},{"$f":"IF(C106<=CRONO.NivelExibicao,MAX($AD$15:OFFSET(AD106,-1,0))+IF($C106<>1,1,MAX(1,COUNTIF(QCI!$A$13:$A$32,OFFSET($E106,-1,0)))),\"\")","v":""},{"$f":"IF(AND($C106=\"S\",ORÇAMENTO.CodBarra<>\"\"),IF(ORÇAMENTO.Fonte=\"\",ORÇAMENTO.CodBarra,CONCATENATE(ORÇAMENTO.Fonte,\" \",ORÇAMENTO.CodBarra)))","v":"SINAPI 97114"},{"$f":"IF(ISERROR(INDIRECT(ORÇAMENTO.BancoRef)),\"(abra o arquivo 'Referência \"&Excel_BuiltIn_Database&\".xls)\",IF(OR($C106<>\"S\",ORÇAMENTO.CodBarra=\"\"),\"(Sem Código)\",IF(ISERROR(MATCH($AE106,INDIRECT(ORÇAMENTO.BancoRef),0)),\"(Código não identificado nas referências)\",MATCH($AE106,INDIRECT(ORÇAMENTO.BancoRef),0))))","v":"(abra o arquivo 'Referência 06-2023.xls)"},{"$f":"ROUND(IF(DESONERACAO=\"sim\",REFERENCIA.Desonerado,REFERENCIA.NaoDesonerado),2)","v":0},0.23530000000000001,null,642,null,null,327.42,0.51]
[2,2,2,2,{"$f":"IF($C107=1,OFFSET(E107,-1,0)+MAX(1,COUNTIF(QCI!$A$13:$A$32,OFFSET(ORÇAMENTO!E107,-1,0))),OFFSET(E107,-1,0))","v":2},9,0,0,0,11,{"$f":"IF(OR($C107=\"S\",$C107=0),0,MATCH(OFFSET($D107,0,$C107)+IF($C107<>1,1,COUNTIF(QCI!$A$13:$A$32,ORÇAMENTO!E107)),OFFSET($D107,1,$C107,ROW($C$850)-ROW($C107)),0))","v":2},"F","Nível 2","Nível 2","2.9.","SINAPI",null,"MEIO-FIO","-",{"$f":"OFFSET(CÁLCULO!H$15,ROW($T107)-ROW(T$15),0)","v":0},0,"BDI 1",{"$f":"IF($C107=\"S\",ROUND(IF(TIPOORCAMENTO=\"Proposto\",ORÇAMENTO.CustoUnitario*(1+$AH107),ORÇAMENTO.PrecoUnitarioLicitado),15-13*$AF$10),0)","v":0},12198.5,"RA","",{"$f":"IF($C107=\"S\",IF($Z107=\"CP\",$X107,IF($Z107=\"RA\",(($X107)*QCI!$AA$3),0)),SomaAgrup)","v":12198.5},0,{"$f":"IF($N107=\"\",\"\",IF(ORÇAMENTO.Descricao=\"\",\"DESCRIÇÃO\",IF(AND($C107=\"S\",ORÇAMENTO.Unidade=\"\"),\"UNIDADE\",IF($X107<0,\"VALOR NEGATIVO\",IF(OR(AND(TIPOORCAMENTO=\"Proposto\",$AG107<>\"\",$AG107>0,ORÇAMENTO.CustoUnitario>$AG107),AND(TIPOORCAMENTO=\"LICITADO\",ORÇAMENTO.PrecoUnitarioLicitado>$AN107)),\"ACIMA REF.\",\"\")))))","v":""},{"$f":"IF(C107<=CRONO.NivelExibicao,MAX($AD$15:OFFSET(AD107,-1,0))+IF($C107<>1,1,MAX(1,COUNTIF(QCI!$A$13:$A$32,OFFSET($E107,-1,0)))),\"\")","v":""},{"$f":"IF(AND($C107=\"S\",ORÇAMENTO.CodBarra<>\"\"),IF(ORÇAMENTO.Fonte=\"\",ORÇAMENTO.CodBarra,CONCATENATE(ORÇAMENTO.Fonte,\" \",ORÇAMENTO.CodBarra)))","v":false},{"$f":"IF(ISERROR(INDIRECT(ORÇAMENTO.BancoRef)),\"(abra o arquivo 'Referência \"&Excel_BuiltIn_Database&\".xls)\",IF(OR($C107<>\"S\",ORÇAMENTO.CodBarra=\"\"),\"(Sem Código)\",IF(ISERROR(MATCH($AE107,INDIRECT(ORÇAMENTO.BancoRef),0)),\"(Código não identificado nas referências)\",MATCH($AE107,INDIRECT(ORÇAMENTO.BancoRef),0))))","v":"(abra o arquivo 'Referência 06-2023.xls)"},{"$f":"ROUND(IF(DESONERACAO=\"sim\",REFERENCIA.Desonerado,REFERENCIA.NaoDesonerado),2)","v":0},0.23530000000000001,null,null,null,null,12198.5,0]
["S",2,"S",0,{"$f":"IF($C108=1,OFFSET(E108,-1,0)+MAX(1,COUNTIF(QCI!$A$13:$A$32,OFFSET(ORÇAMENTO!E108,-1,0))),OFFSET(E108,-1,0))","v":2},9,0,0,1,0,{"$f":"IF(OR($C108=\"S\",$C108=0),0,MATCH(OFFSET($D108,0,$C108)+IF($C108<>1,1,COUNTIF(QCI!$A$13:$A$32,ORÇAMENTO!E108)),OFFSET($D108,1,$C108,ROW($C$850)-ROW($C108)),0))","v":0},"F","Serviço","Serviço","2.9.1.","SINAPI","94263","GUIA (MEIO-FIO) CONCRETO, MOLDADA  IN LOCO COM EXTRUSORA, 13 CM BASE X 22 CM ALTURA.","M",{"$f":"OFFSET(CÁLCULO!H$15,ROW($T108)-ROW(T$15),0)","v":271.5},36.369999999999997,"BDI 1",{"$f":"IF($C108=\"S\",ROUND(IF(TIPOORCAMENTO=\"Proposto\",ORÇAMENTO.CustoUnitario*(1+$AH108),ORÇAMENTO.PrecoUnitarioLicitado),15-13*$AF$10),0)","v":44.93},12198.5,"RA","RA",{"$f":"IF($C108=\"S\",IF($Z108=\"CP\",$X108,IF($Z108=\"RA\",(($X108)*QCI!$AA$3),0)),SomaAgrup)","v":12198.5},0,{"$f":"IF($N108=\"\",\"\",IF(ORÇAMENTO.Descricao=\"\",\"DESCRIÇÃO\",IF(AND($C108=\"S\",ORÇAMENTO.Unidade=\"\"),\"UNIDADE\",IF($X108<0,\"VALOR NEGATIVO\",IF(OR(AND(TIPOORCAMENTO=\"Proposto\",$AG108<>\"\",$AG108>0,ORÇAMENTO.CustoUnitario>$AG108),AND(TIPOORCAMENTO=\"LICITADO\",ORÇAMENTO.PrecoUnitarioLicitado>$AN108)),\"ACIMA REF.\",\"\")))))","v":""},{"$f":"IF(C108<=CRONO.NivelExibicao,MAX($AD$15:OFFSET(AD108,-1,0))+IF($C108<>1,1,MAX(1,COUNTIF(QCI!$A$13:$A$32,OFFSET($E108,-1,0)))),\"\")","v":""},{"$f":"IF(AND($C108=\"S\",ORÇAMENTO.CodBarra<>\"\"),IF(ORÇAMENTO.Fonte=\"\",ORÇAMENTO.CodBarra,CONCATENATE(ORÇAMENTO.Fonte,\" \",ORÇAMENTO.CodBarra)))","v":"SINAPI 94263"},{"$f":"IF(ISERROR(INDIRECT(ORÇAMENTO.BancoRef)),\"(abra o arquivo 'Referência \"&Excel_BuiltIn_Database&\".xls)\",IF(OR($C108<>\"S\",ORÇAMENTO.CodBarra=\"\"),\"(Sem Código)\",IF(ISERROR(MATCH($AE108,INDIRECT(ORÇAMENTO.BancoRef),0)),\"(Código não identificado nas referências)\",MATCH($AE108,INDIRECT(ORÇAMENTO.BancoRef),0))))","v":"(abra o arquivo 'Referência 06-2023.xls)"},{"$f":"ROUND(IF(DESONERACAO=\"sim\",REFERENCIA.Desonerado,REFERENCIA.NaoDesonerado),2)","v":0},0.23530000000000001,null,271.5,null,null,12198.5,44.93]
[2,2,2,2,{"$f":"IF($C109=1,OFFSET(E109,-1,0)+MAX(1,COUNTIF(QCI!$A$13:$A$32,OFFSET(ORÇAMENTO!E109,-1,0))),OFFSET(E109,-1,0))","v":2},10,0,0,0,9,{"$f":"IF(OR($C109=\"S\",$C109=0),0,MATCH(OFFSET($D109,0,$C109)+IF($C109<>1,1,COUNTIF(QCI!$A$13:$A$32,ORÇAMENTO!E109)),OFFSET($D109,1,$C109,ROW($C$850)-ROW($C109)),0))","v":2},"F","Nível 2","Nível 2","2.10.","SINAPI",null,"LOMBADA","-",{"$f":"OFFSET(CÁLCULO!H$15,ROW($T109)-ROW(T$15),0)","v":0},0,"BDI 1",{"$f":"IF($C109=\"S\",ROUND(IF(TIPOORCAMENTO=\"Proposto\",ORÇAMENTO.CustoUnitario*(1+$AH109),ORÇAMENTO.PrecoUnitarioLicitado),15-13*$AF$10),0)","v":0},1529.41,"RA","",{"$f":"IF($C109=\"S\",IF($Z109=\"CP\",$X109,IF($Z109=\"RA\",(($X109)*QCI!$AA$3),0)),SomaAgrup)","v":1529.41},0,{"$f":"IF($N109=\"\",\"\",IF(ORÇAMENTO.Descricao=\"\",\"DESCRIÇÃO\",IF(AND($C109=\"S\",ORÇAMENTO.Unidade=\"\"),\"UNIDADE\",IF($X109<0,\"VALOR NEGATIVO\",IF(OR(AND(TIPOORCAMENTO=\"Proposto\",$AG109<>\"\",$AG109>0,ORÇAMENTO.CustoUnitario>$AG109),AND(TIPOORCAMENTO=\"LICITADO\",ORÇAMENTO.PrecoUnitarioLicitado>$AN109)),\"ACIMA REF.\",\"\")))))","v":""},{"$f":"IF(C109<=CRONO.NivelExibicao,MAX($AD$15:OFFSET(AD109,-1,0))+IF($C109<>1,1,MAX(1,COUNTIF(QCI!$A$13:$A$32,OFFSET($E109,-1,0)))),\"\")","v":""},{"$f":"IF(AND($C109=\"S\",ORÇAMENTO.CodBarra<>\"\"),IF(ORÇAMENTO.Fonte=\"\",ORÇAMENTO.CodBarra,CONCATENATE(ORÇAMENTO.Fonte,\" \",ORÇAMENTO.CodBarra)))","v":false},{"$f":"IF(ISERROR(INDIRECT(ORÇAMENTO.BancoRef)),\"(abra o arquivo 'Referência \"&Excel_BuiltIn_Database&\".xls)\",IF(OR($C109<>\"S\",ORÇAMENTO.CodBarra=\"\"),\"(Sem Código)\",IF(ISERROR(MATCH($AE109,INDIRECT(ORÇAMENTO.BancoRef),0)),\"(Código não identificado nas referências)\",MATCH($AE109,INDIRECT(ORÇAMENTO.BancoRef),0))))","v":"(abra o arquivo 'Referência 06-2023.xls)"},{"$f":"ROUND(IF(DESONERACAO=\"sim\",REFERENCIA.Desonerado,REFERENCIA.NaoDesonerado),2)","v":0},0.23530000000000001,null,null,null,null,1529.41,0]
["S",2,"S",0,{"$f":"IF($C110=1,OFFSET(E110,-1,0)+MAX(1,COUNTIF(QCI!$A$13:$A$32,OFFSET(ORÇAMENTO!E110,-1,0))),OFFSET(E110,-1,0))","v":2},10,0,0,1,0,{"$f":"IF(OR($C110=\"S\",$C110=0),0,MATCH(OFFSET($D110,0,$C110)+IF($C110<>1,1,COUNTIF(QCI!$A$13:$A$32,ORÇAMENTO!E110)),OFFSET($D110,1,$C110,ROW($C$850)-ROW($C110)),0))","v":0},"F","Serviço","Serviço","2.10.1.","SINAPI-I","34479","CONCRETO USINADO BOMBEAVEL, CLASSE DE RESISTENCIA C40, COM BRITA 0 E 1, SLUMP = 100 +/- 20 MM, INCLUI SERVICO DE BOMBEAMENTO (NBR 8953)","M3    ",{"$f":"OFFSET(CÁLCULO!H$15,ROW($T110)-ROW(T$15),0)","v":2.12},584,"BDI 1",{"$f":"IF($C110=\"S\",ROUND(IF(TIPOORCAMENTO=\"Proposto\",ORÇAMENTO.CustoUnitario*(1+$AH110),ORÇAMENTO.PrecoUnitarioLicitado),15-13*$AF$10),0)","v":721.42},1529.41,"RA","RA",{"$f":"IF($C110=\"S\",IF($Z110=\"CP\",$X110,IF($Z110=\"RA\",(($X110)*QCI!$AA$3),0)),SomaAgrup)","v":1529.41},0,{"$f":"IF($N110=\"\",\"\",IF(ORÇAMENTO.Descricao=\"\",\"DESCRIÇÃO\",IF(AND($C110=\"S\",ORÇAMENTO.Unidade=\"\"),\"UNIDADE\",IF($X110<0,\"VALOR NEGATIVO\",IF(OR(AND(TIPOORCAMENTO=\"Proposto\",$AG110<>\"\",$AG110>0,ORÇAMENTO.CustoUnitario>$AG110),AND(TIPOORCAMENTO=\"LICITADO\",ORÇAMENTO.PrecoUnitarioLicitado>$AN110)),\"ACIMA REF.\",\"\")))))","v":""},{"$f":"IF(C110<=CRONO.NivelExibicao,MAX($AD$15:OFFSET(AD110,-1,0))+IF($C110<>1,1,MAX(1,COUNTIF(QCI!$A$13:$A$32,OFFSET($E110,-1,0)))),\"\")","v":""},{"$f":"IF(AND($C110=\"S\",ORÇAMENTO.CodBarra<>\"\"),IF(ORÇAMENTO.Fonte=\"\",ORÇAMENTO.CodBarra,CONCATENATE(ORÇAMENTO.Fonte,\" \",ORÇAMENTO.CodBarra)))","v":"SINAPI-I 34479"},{"$f":"IF(ISERROR(INDIRECT(ORÇAMENTO.BancoRef)),\"(abra o arquivo 'Referência \"&Excel_BuiltIn_Database&\".xls)\",IF(OR($C110<>\"S\",ORÇAMENTO.CodBarra=\"\"),\"(Sem Código)\",IF(ISERROR(MATCH($AE110,INDIRECT(ORÇAMENTO.BancoRef),0)),\"(Código não identificado nas referências)\",MATCH($AE110,INDIRECT(ORÇAMENTO.BancoRef),0))))","v":"(abra o arquivo 'Referência 06-2023.xls)"},{"$f":"ROUND(IF(DESONERACAO=\"sim\",REFERENCIA.Desonerado,REFERENCIA.NaoDesonerado),2)","v":0},0.23530000000000001,null,{"$f":"8*0.2648","v":2.1183999999999998},null,null,1529.41,721.42]
[2,2,2,7,{"$f":"IF($C111=1,OFFSET(E111,-1,0)+MAX(1,COUNTIF(QCI!$A$13:$A$32,OFFSET(ORÇAMENTO!E111,-1,0))),OFFSET(E111,-1,0))","v":2},11,0,0,0,7,{"$f":"IF(OR($C111=\"S\",$C111=0),0,MATCH(OFFSET($D111,0,$C111)+IF($C111<>1,1,COUNTIF(QCI!$A$13:$A$32,ORÇAMENTO!E111)),OFFSET($D111,1,$C111,ROW($C$850)-ROW($C111)),0))","v":55},"F","Nível 2","Nível 2","2.11.","SINAPI",null,"SINALIZAÇÃO","-",{"$f":"OFFSET(CÁLCULO!H$15,ROW($T111)-ROW(T$15),0)","v":0},0,"BDI 1",{"$f":"IF($C111=\"S\",ROUND(IF(TIPOORCAMENTO=\"Proposto\",ORÇAMENTO.CustoUnitario*(1+$AH111),ORÇAMENTO.PrecoUnitarioLicitado),15-13*$AF$10),0)","v":0},10218.11,"RA","",{"$f":"IF($C111=\"S\",IF($Z111=\"CP\",$X111,IF($Z111=\"RA\",(($X111)*QCI!$AA$3),0)),SomaAgrup)","v":10218.11},0,{"$f":"IF($N111=\"\",\"\",IF(ORÇAMENTO.Descricao=\"\",\"DESCRIÇÃO\",IF(AND($C111=\"S\",ORÇAMENTO.Unidade=\"\"),\"UNIDADE\",IF($X111<0,\"VALOR NEGATIVO\",IF(OR(AND(TIPOORCAMENTO=\"Proposto\",$AG111<>\"\",$AG111>0,ORÇAMENTO.CustoUnitario>$AG111),AND(TIPOORCAMENTO=\"LICITADO\",ORÇAMENTO.PrecoUnitarioLicitado>$AN111)),\"ACIMA REF.\",\"\")))))","v":""},{"$f":"IF(C111<=CRONO.NivelExibicao,MAX($AD$15:OFFSET(AD111,-1,0))+IF($C111<>1,1,MAX(1,COUNTIF(QCI!$A$13:$A$32,OFFSET($E111,-1,0)))),\"\")","v":""},{"$f":"IF(AND($C111=\"S\",ORÇAMENTO.CodBarra<>\"\"),IF(ORÇAMENTO.Fonte=\"\",ORÇAMENTO.CodBarra,CONCATENATE(ORÇAMENTO.Fonte,\" \",ORÇAMENTO.CodBarra)))","v":false},{"$f":"IF(ISERROR(INDIRECT(ORÇAMENTO.BancoRef)),\"(abra o arquivo 'Referência \"&Excel_BuiltIn_Database&\".xls)\",IF(OR($C111<>\"S\",ORÇAMENTO.CodBarra=\"\"),\"(Sem Código)\",IF(ISERROR(MATCH($AE111,INDIRECT(ORÇAMENTO.BancoRef),0)),\"(Código não identificado nas referências)\",MATCH($AE111,INDIRECT(ORÇAMENTO.BancoRef),0))))","v":"(abra o arquivo 'Referência 06-2023.xls)"},{"$f":"ROUND(IF(DESONERACAO=\"sim\",REFERENCIA.Desonerado,REFERENCIA.NaoDesonerado),2)","v":0},0.23530000000000001,null,null,null,null,10218.11,0]
["S",2,"S",0,{"$f":"IF($C112=1,OFFSET(E112,-1,0)+MAX(1,COUNTIF(QCI!$A$13:$A$32,OFFSET(ORÇAMENTO!E112,-1,0))),OFFSET(E112,-1,0))","v":2},11,0,0,1,0,{"$f":"IF(OR($C112=\"S\",$C112=0),0,MATCH(OFFSET($D112,0,$C112)+IF($C112<>1,1,COUNTIF(QCI!$A$13:$A$32,ORÇAMENTO!E112)),OFFSET($D112,1,$C112,ROW($C$850)-ROW($C112)),0))","v":0},"F","Serviço","Serviço","2.11.1.","SINAPI","72947","SINALIZACAO HORIZONTAL COM TINTA RETRORREFLETIVA A BASE DE RESINA ACRILICA COM MICROESFERAS DE VIDRO - LINHA CONTÍNUA BRANCA","M2",{"$f":"OFFSET(CÁLCULO!H$15,ROW($T112)-ROW(T$15),0)","v":40.799999999999997},17.059999999999999,"BDI 1",{"$f":"IF($C112=\"S\",ROUND(IF(TIPOORCAMENTO=\"Proposto\",ORÇAMENTO.CustoUnitario*(1+$AH112),ORÇAMENTO.PrecoUnitarioLicitado),15-13*$AF$10),0)","v":21.07},859.66,"RA","RA",{"$f":"IF($C112=\"S\",IF($Z112=\"CP\",$X112,IF($Z112=\"RA\",(($X112)*QCI!$AA$3),0)),SomaAgrup)","v":859.66},0,{"$f":"IF($N112=\"\",\"\",IF(ORÇAMENTO.Descricao=\"\",\"DESCRIÇÃO\",IF(AND($C112=\"S\",ORÇAMENTO.Unidade=\"\"),\"UNIDADE\",IF($X112<0,\"VALOR NEGATIVO\",IF(OR(AND(TIPOORCAMENTO=\"Proposto\",$AG112<>\"\",$AG112>0,ORÇAMENTO.CustoUnitario>$AG112),AND(TIPOORCAMENTO=\"LICITADO\",ORÇAMENTO.PrecoUnitarioLicitado>$AN112)),\"ACIMA REF.\",\"\")))))","v":""},{"$f":"IF(C112<=CRONO.NivelExibicao,MAX($AD$15:OFFSET(AD112,-1,0))+IF($C112<>1,1,MAX(1,COUNTIF(QCI!$A$13:$A$32,OFFSET($E112,-1,0)))),\"\")","v":""},{"$f":"IF(AND($C112=\"S\",ORÇAMENTO.CodBarra<>\"\"),IF(ORÇAMENTO.Fonte=\"\",ORÇAMENTO.CodBarra,CONCATENATE(ORÇAMENTO.Fonte,\" \",ORÇAMENTO.CodBarra)))","v":"SINAPI 72947"},{"$f":"IF(ISERROR(INDIRECT(ORÇAMENTO.BancoRef)),\"(abra o arquivo 'Referência \"&Excel_BuiltIn_Database&\".xls)\",IF(OR($C112<>\"S\",ORÇAMENTO.CodBarra=\"\"),\"(Sem Código)\",IF(ISERROR(MATCH($AE112,INDIRECT(ORÇAMENTO.BancoRef),0)),\"(Código não identificado nas referências)\",MATCH($AE112,INDIRECT(ORÇAMENTO.BancoRef),0))))","v":"(abra o arquivo 'Referência 06-2023.xls)"},{"$f":"ROUND(IF(DESONERACAO=\"sim\",REFERENCIA.Desonerado,REFERENCIA.NaoDesonerado),2)","v":0},0.23530000000000001,null,40.799999999999997,null,null,859.66,21.07]
["S",2,"S",0,{"$f":"IF($C113=1,OFFSET(E113,-1,0)+MAX(1,COUNTIF(QCI!$A$13:$A$32,OFFSET(ORÇAMENTO!E113,-1,0))),OFFSET(E113,-1,0))","v":2},11,0,0,2,0,{"$f":"IF(OR($C113=\"S\",$C113=0),0,MATCH(OFFSET($D113,0,$C113)+IF($C113<>1,1,COUNTIF(QCI!$A$13:$A$32,ORÇAMENTO!E113)),OFFSET($D113,1,$C113,ROW($C$850)-ROW($C113)),0))","v":0},"F","Serviço","Serviço","2.11.2.","SINAPI","72947","SINALIZACAO HORIZONTAL COM TINTA RETRORREFLETIVA A BASE DE RESINA ACRILICA COM MICROESFERAS DE VIDRO - LINHA CONTÍNUA AMARELA","M2",{"$f":"OFFSET(CÁLCULO!H$15,ROW($T113)-ROW(T$15),0)","v":18.649999999999999},17.059999999999999,"BDI 1",{"$f":"IF($C113=\"S\",ROUND(IF(TIPOORCAMENTO=\"Proposto\",ORÇAMENTO.CustoUnitario*(1+$AH113),ORÇAMENTO.PrecoUnitarioLicitado),15-13*$AF$10),0)","v":21.07},392.96,"RA","RA",{"$f":"IF($C113=\"S\",IF($Z113=\"CP\",$X113,IF($Z113=\"RA\",(($X113)*QCI!$AA$3),0)),SomaAgrup)","v":392.96},0,{"$f":"IF($N113=\"\",\"\",IF(ORÇAMENTO.Descricao=\"\",\"DESCRIÇÃO\",IF(AND($C113=\"S\",ORÇAMENTO.Unidade=\"\"),\"UNIDADE\",IF($X113<0,\"VALOR NEGATIVO\",IF(OR(AND(TIPOORCAMENTO=\"Proposto\",$AG113<>\"\",$AG113>0,ORÇAMENTO.CustoUnitario>$AG113),AND(TIPOORCAMENTO=\"LICITADO\",ORÇAMENTO.PrecoUnitarioLicitado>$AN113)),\"ACIMA REF.\",\"\")))))","v":""},{"$f":"IF(C113<=CRONO.NivelExibicao,MAX($AD$15:OFFSET(AD113,-1,0))+IF($C113<>1,1,MAX(1,COUNTIF(QCI!$A$13:$A$32,OFFSET($E113,-1,0)))),\"\")","v":""},{"$f":"IF(AND($C113=\"S\",ORÇAMENTO.CodBarra<>\"\"),IF(ORÇAMENTO.Fonte=\"\",ORÇAMENTO.CodBarra,CONCATENATE(ORÇAMENTO.Fonte,\" \",ORÇAMENTO.CodBarra)))","v":"SINAPI 72947"},{"$f":"IF(ISERROR(INDIRECT(ORÇAMENTO.BancoRef)),\"(abra o arquivo 'Referência \"&Excel_BuiltIn_Database&\".xls)\",IF(OR($C113<>\"S\",ORÇAMENTO.CodBarra=\"\"),\"(Sem Código)\",IF(ISERROR(MATCH($AE113,INDIRECT(ORÇAMENTO.BancoRef),0)),\"(Código não identificado nas referências)\",MATCH($AE113,INDIRECT(ORÇAMENTO.BancoRef),0))))","v":"(abra o arquivo 'Referência 06-2023.xls)"},{"$f":"ROUND(IF(DESONERACAO=\"sim\",REFERENCIA.Desonerado,REFERENCIA.NaoDesonerado),2)","v":0},0.23530000000000001,null,18.649999999999999,null,null,392.96,21.07]
["S",2,"S",0,{"$f":"IF($C114=1,OFFSET(E114,-1,0)+MAX(1,COUNTIF(QCI!$A$13:$A$32,OFFSET(ORÇAMENTO!E114,-1,0))),OFFSET(E114,-1,0))","v":2},11,0,0,3,0,{"$f":"IF(OR($C114=\"S\",$C114=0),0,MATCH(OFFSET($D114,0,$C114)+IF($C114<>1,1,COUNTIF(QCI!$A$13:$A$32,ORÇAMENTO!E114)),OFFSET($D114,1,$C114,ROW($C$850)-ROW($C114)),0))","v":0},"F","Serviço","Serviço","2.11.3.","SINAPI","72947","SINALIZACAO HORIZONTAL COM TINTA RETRORREFLETIVA A BASE DE RESINA ACRILICA COM MICROESFERAS DE VIDRO - LINHA CONTÍNUA PRETA","M2",{"$f":"OFFSET(CÁLCULO!H$15,ROW($T114)-ROW(T$15),0)","v":118.8},17.059999999999999,"BDI 1",{"$f":"IF($C114=\"S\",ROUND(IF(TIPOORCAMENTO=\"Proposto\",ORÇAMENTO.CustoUnitario*(1+$AH114),ORÇAMENTO.PrecoUnitarioLicitado),15-13*$AF$10),0)","v":21.07},2503.12,"RA","RA",{"$f":"IF($C114=\"S\",IF($Z114=\"CP\",$X114,IF($Z114=\"RA\",(($X114)*QCI!$AA$3),0)),SomaAgrup)","v":2503.12},0,{"$f":"IF($N114=\"\",\"\",IF(ORÇAMENTO.Descricao=\"\",\"DESCRIÇÃO\",IF(AND($C114=\"S\",ORÇAMENTO.Unidade=\"\"),\"UNIDADE\",IF($X114<0,\"VALOR NEGATIVO\",IF(OR(AND(TIPOORCAMENTO=\"Proposto\",$AG114<>\"\",$AG114>0,ORÇAMENTO.CustoUnitario>$AG114),AND(TIPOORCAMENTO=\"LICITADO\",ORÇAMENTO.PrecoUnitarioLicitado>$AN114)),\"ACIMA REF.\",\"\")))))","v":""},{"$f":"IF(C114<=CRONO.NivelExibicao,MAX($AD$15:OFFSET(AD114,-1,0))+IF($C114<>1,1,MAX(1,COUNTIF(QCI!$A$13:$A$32,OFFSET($E114,-1,0)))),\"\")","v":""},{"$f":"IF(AND($C114=\"S\",ORÇAMENTO.CodBarra<>\"\"),IF(ORÇAMENTO.Fonte=\"\",ORÇAMENTO.CodBarra,CONCATENATE(ORÇAMENTO.Fonte,\" \",ORÇAMENTO.CodBarra)))","v":"SINAPI 72947"},{"$f":"IF(ISERROR(INDIRECT(ORÇAMENTO.BancoRef)),\"(abra o arquivo 'Referência \"&Excel_BuiltIn_Database&\".xls)\",IF(OR($C114<>\"S\",ORÇAMENTO.CodBarra=\"\"),\"(Sem Código)\",IF(ISERROR(MATCH($AE114,INDIRECT(ORÇAMENTO.BancoRef),0)),\"(Código não identificado nas referências)\",MATCH($AE114,INDIRECT(ORÇAMENTO.BancoRef),0))))","v":"(abra o arquivo 'Referência 06-2023.xls)"},{"$f":"ROUND(IF(DESONERACAO=\"sim\",REFERENCIA.Desonerado,REFERENCIA.NaoDesonerado),2)","v":0},0.23530000000000001,null,118.8,null,null,2503.12,21.07]
["S",2,"S",0,{"$f":"IF($C115=1,OFFSET(E115,-1,0)+MAX(1,COUNTIF(QCI!$A$13:$A$32,OFFSET(ORÇAMENTO!E115,-1,0))),OFFSET(E115,-1,0))","v":2},11,0,0,4,0,{"$f":"IF(OR($C115=\"S\",$C115=0),0,MATCH(OFFSET($D115,0,$C115)+IF($C115<>1,1,COUNTIF(QCI!$A$13:$A$32,ORÇAMENTO!E115)),OFFSET($D115,1,$C115,ROW($C$850)-ROW($C115)),0))","v":0},"F","Serviço","Serviço","2.11.4.","AMMOC",340,"PLACA DE SINALIZAÇÃO VIARIA CIRCULAR D = 50 CM, COM SUPORTE DE ACO GALVANIZADO D = 50 MM E ALTURA = 3M INCLUSIVE BASE DE CONCRETO MAGRO","UN",{"$f":"OFFSET(CÁLCULO!H$15,ROW($T115)-ROW(T$15),0)","v":5},365.01,"BDI 1",{"$f":"IF($C115=\"S\",ROUND(IF(TIPOORCAMENTO=\"Proposto\",ORÇAMENTO.CustoUnitario*(1+$AH115),ORÇAMENTO.PrecoUnitarioLicitado),15-13*$AF$10),0)","v":450.9},2254.5,"RA","RA",{"$f":"IF($C115=\"S\",IF($Z115=\"CP\",$X115,IF($Z115=\"RA\",(($X115)*QCI!$AA$3),0)),SomaAgrup)","v":2254.5},0,{"$f":"IF($N115=\"\",\"\",IF(ORÇAMENTO.Descricao=\"\",\"DESCRIÇÃO\",IF(AND($C115=\"S\",ORÇAMENTO.Unidade=\"\"),\"UNIDADE\",IF($X115<0,\"VALOR NEGATIVO\",IF(OR(AND(TIPOORCAMENTO=\"Proposto\",$AG115<>\"\",$AG115>0,ORÇAMENTO.CustoUnitario>$AG115),AND(TIPOORCAMENTO=\"LICITADO\",ORÇAMENTO.PrecoUnitarioLicitado>$AN115)),\"ACIMA REF.\",\"\")))))","v":""},{"$f":"IF(C115<=CRONO.NivelExibicao,MAX($AD$15:OFFSET(AD115,-1,0))+IF($C115<>1,1,MAX(1,COUNTIF(QCI!$A$13:$A$32,OFFSET($E115,-1,0)))),\"\")","v":""},{"$f":"IF(AND($C115=\"S\",ORÇAMENTO.CodBarra<>\"\"),IF(ORÇAMENTO.Fonte=\"\",ORÇAMENTO.CodBarra,CONCATENATE(ORÇAMENTO.Fonte,\" \",ORÇAMENTO.CodBarra)))","v":"AMMOC 340"},{"$f":"IF(ISERROR(INDIRECT(ORÇAMENTO.BancoRef)),\"(abra o arquivo 'Referência \"&Excel_BuiltIn_Database&\".xls)\",IF(OR($C115<>\"S\",ORÇAMENTO.CodBarra=\"\"),\"(Sem Código)\",IF(ISERROR(MATCH($AE115,INDIRECT(ORÇAMENTO.BancoRef),0)),\"(Código não identificado nas referências)\",MATCH($AE115,INDIRECT(ORÇAMENTO.BancoRef),0))))","v":"(abra o arquivo 'Referência 06-2023.xls)"},{"$f":"ROUND(IF(DESONERACAO=\"sim\",REFERENCIA.Desonerado,REFERENCIA.NaoDesonerado),2)","v":0},0.23530000000000001,null,5,null,null,2254.5,450.9]
["S",2,"S",0,{"$f":"IF($C116=1,OFFSET(E116,-1,0)+MAX(1,COUNTIF(QCI!$A$13:$A$32,OFFSET(ORÇAMENTO!E116,-1,0))),OFFSET(E116,-1,0))","v":2},11,0,0,5,0,{"$f":"IF(OR($C116=\"S\",$C116=0),0,MATCH(OFFSET($D116,0,$C116)+IF($C116<>1,1,COUNTIF(QCI!$A$13:$A$32,ORÇAMENTO!E116)),OFFSET($D116,1,$C116,ROW($C$850)-ROW($C116)),0))","v":0},"F","Serviço","Serviço","2.11.5.","AMMOC",215,"PLACA DE SINALIZACAO VIARIA OCTOGONAL A = 25 CM, COM SUPORTE DE AÇO GALVANIZADO D = 75 MM E ALTURA = 3 M, INCLUSIVE BASE DE CONCRETO MAGRO","UN ",{"$f":"OFFSET(CÁLCULO!H$15,ROW($T116)-ROW(T$15),0)","v":1},898.27,"BDI 1",{"$f":"IF($C116=\"S\",ROUND(IF(TIPOORCAMENTO=\"Proposto\",ORÇAMENTO.CustoUnitario*(1+$AH116),ORÇAMENTO.PrecoUnitarioLicitado),15-13*$AF$10),0)","v":1109.6300000000001},1109.6300000000001,"RA","RA",{"$f":"IF($C116=\"S\",IF($Z116=\"CP\",$X116,IF($Z116=\"RA\",(($X116)*QCI!$AA$3),0)),SomaAgrup)","v":1109.6300000000001},0,{"$f":"IF($N116=\"\",\"\",IF(ORÇAMENTO.Descricao=\"\",\"DESCRIÇÃO\",IF(AND($C116=\"S\",ORÇAMENTO.Unidade=\"\"),\"UNIDADE\",IF($X116<0,\"VALOR NEGATIVO\",IF(OR(AND(TIPOORCAMENTO=\"Proposto\",$AG116<>\"\",$AG116>0,ORÇAMENTO.CustoUnitario>$AG116),AND(TIPOORCAMENTO=\"LICITADO\",ORÇAMENTO.PrecoUnitarioLicitado>$AN116)),\"ACIMA REF.\",\"\")))))","v":""},{"$f":"IF(C116<=CRONO.NivelExibicao,MAX($AD$15:OFFSET(AD116,-1,0))+IF($C116<>1,1,MAX(1,COUNTIF(QCI!$A$13:$A$32,OFFSET($E116,-1,0)))),\"\")","v":""},{"$f":"IF(AND($C116=\"S\",ORÇAMENTO.CodBarra<>\"\"),IF(ORÇAMENTO.Fonte=\"\",ORÇAMENTO.CodBarra,CONCATENATE(ORÇAMENTO.Fonte,\" \",ORÇAMENTO.CodBarra)))","v":"AMMOC 215"},{"$f":"IF(ISERROR(INDIRECT(ORÇAMENTO.BancoRef)),\"(abra o arquivo 'Referência \"&Excel_BuiltIn_Database&\".xls)\",IF(OR($C116<>\"S\",ORÇAMENTO.CodBarra=\"\"),\"(Sem Código)\",IF(ISERROR(MATCH($AE116,INDIRECT(ORÇAMENTO.BancoRef),0)),\"(Código não identificado nas referências)\",MATCH($AE116,INDIRECT(ORÇAMENTO.BancoRef),0))))","v":"(abra o arquivo 'Referência 06-2023.xls)"},{"$f":"ROUND(IF(DESONERACAO=\"sim\",REFERENCIA.Desonerado,REFERENCIA.NaoDesonerado),2)","v":0},0.23530000000000001,null,1,null,null,1109.6300000000001,1109.6300000000001]
["S",2,"S",0,{"$f":"IF($C117=1,OFFSET(E117,-1,0)+MAX(1,COUNTIF(QCI!$A$13:$A$32,OFFSET(ORÇAMENTO!E117,-1,0))),OFFSET(E117,-1,0))","v":2},11,0,0,6,0,{"$f":"IF(OR($C117=\"S\",$C117=0),0,MATCH(OFFSET($D117,0,$C117)+IF($C117<>1,1,COUNTIF(QCI!$A$13:$A$32,ORÇAMENTO!E117)),OFFSET($D117,1,$C117,ROW($C$850)-ROW($C117)),0))","v":0},"F","Serviço","Serviço","2.11.6.","AMMOC","PL1","PLACA DE SINALIZACAO VIARIA RETANGULAR 65 CM X 100 CM COM SUPORTE DE ACO GALVANIZADO D = 50 MM E ALTURA = 3 M, INCLUSIVE BASE DE CONCRETO NAO ESTRUTURAL","UND",{"$f":"OFFSET(CÁLCULO!H$15,ROW($T117)-ROW(T$15),0)","v":4},627.02,"BDI 1",{"$f":"IF($C117=\"S\",ROUND(IF(TIPOORCAMENTO=\"Proposto\",ORÇAMENTO.CustoUnitario*(1+$AH117),ORÇAMENTO.PrecoUnitarioLicitado),15-13*$AF$10),0)","v":774.56},3098.24,"RA","RA",{"$f":"IF($C117=\"S\",IF($Z117=\"CP\",$X117,IF($Z117=\"RA\",(($X117)*QCI!$AA$3),0)),SomaAgrup)","v":3098.24},0,{"$f":"IF($N117=\"\",\"\",IF(ORÇAMENTO.Descricao=\"\",\"DESCRIÇÃO\",IF(AND($C117=\"S\",ORÇAMENTO.Unidade=\"\"),\"UNIDADE\",IF($X117<0,\"VALOR NEGATIVO\",IF(OR(AND(TIPOORCAMENTO=\"Proposto\",$AG117<>\"\",$AG117>0,ORÇAMENTO.CustoUnitario>$AG117),AND(TIPOORCAMENTO=\"LICITADO\",ORÇAMENTO.PrecoUnitarioLicitado>$AN117)),\"ACIMA REF.\",\"\")))))","v":""},{"$f":"IF(C117<=CRONO.NivelExibicao,MAX($AD$15:OFFSET(AD117,-1,0))+IF($C117<>1,1,MAX(1,COUNTIF(QCI!$A$13:$A$32,OFFSET($E117,-1,0)))),\"\")","v":""},{"$f":"IF(AND($C117=\"S\",ORÇAMENTO.CodBarra<>\"\"),IF(ORÇAMENTO.Fonte=\"\",ORÇAMENTO.CodBarra,CONCATENATE(ORÇAMENTO.Fonte,\" \",ORÇAMENTO.CodBarra)))","v":"AMMOC PL1"},{"$f":"IF(ISERROR(INDIRECT(ORÇAMENTO.BancoRef)),\"(abra o arquivo 'Referência \"&Excel_BuiltIn_Database&\".xls)\",IF(OR($C117<>\"S\",ORÇAMENTO.CodBarra=\"\"),\"(Sem Código)\",IF(ISERROR(MATCH($AE117,INDIRECT(ORÇAMENTO.BancoRef),0)),\"(Código não identificado nas referências)\",MATCH($AE117,INDIRECT(ORÇAMENTO.BancoRef),0))))","v":"(abra o arquivo 'Referência 06-2023.xls)"},{"$f":"ROUND(IF(DESONERACAO=\"sim\",REFERENCIA.Desonerado,REFERENCIA.NaoDesonerado),2)","v":0},0.23530000000000001,null,4,null,null,3098.24,774.56]
[{"$f":"CHOOSE(1+LOG(1+2*(ORÇAMENTO.Nivel=\"Meta\")+4*(ORÇAMENTO.Nivel=\"Nível 2\")+8*(ORÇAMENTO.Nivel=\"Nível 3\")+16*(ORÇAMENTO.Nivel=\"Nível 4\")+32*(ORÇAMENTO.Nivel=\"Serviço\"),2),0,1,2,3,4,\"S\")","v":1},{"$f":"IF(OR(C118=\"s\",C118=0),OFFSET(B118,-1,0),C118)","v":1},{"$f":"IF(OFFSET(C118,-1,0)=\"L\",1,IF(OFFSET(C118,-1,0)=1,2,IF(OR(A118=\"s\",A118=0),\"S\",IF(AND(OFFSET(C118,-1,0)=2,A118=4),3,IF(AND(OR(OFFSET(C118,-1,0)=\"s\",OFFSET(C118,-1,0)=0),A118<>\"s\",A118>OFFSET(B118,-1,0)),OFFSET(B118,-1,0),A118)))))","v":1},{"$f":"IF(OR(C118=\"S\",C118=0),0,IF(ISERROR(K118),J118,SMALL(J118:K118,1)))","v":58},{"$f":"IF($C118=1,OFFSET(E118,-1,0)+MAX(1,COUNTIF(QCI!$A$13:$A$32,OFFSET(ORÇAMENTO!E118,-1,0))),OFFSET(E118,-1,0))","v":3},{"$f":"IF($C118=1,0,IF($C118=2,OFFSET(F118,-1,0)+1,OFFSET(F118,-1,0)))","v":0},{"$f":"IF(AND($C118<=2,$C118<>0),0,IF($C118=3,OFFSET(G118,-1,0)+1,OFFSET(G118,-1,0)))","v":0},{"$f":"IF(AND($C118<=3,$C118<>0),0,IF($C118=4,OFFSET(H118,-1,0)+1,OFFSET(H118,-1,0)))","v":0},{"$f":"IF(AND($C118<=4,$C118<>0),0,IF(AND($C118=\"S\",$X118>0),OFFSET(I118,-1,0)+1,OFFSET(I118,-1,0)))","v":0},732,{"$f":"IF(OR($C118=\"S\",$C118=0),0,MATCH(OFFSET($D118,0,$C118)+IF($C118<>1,1,COUNTIF(QCI!$A$13:$A$32,ORÇAMENTO!E118)),OFFSET($D118,1,$C118,ROW($C$850)-ROW($C118)),0))","v":58},{"$f":"IF(OR($X118>0,$C118=1,$C118=2,$C118=3,$C118=4),\"F\",\"\")","v":"F"},"Meta",{"$f":"CHOOSE(1+LOG(1+2*(C118=1)+4*(C118=2)+8*(C118=3)+16*(C118=4)+32*(C118=\"S\"),2),\"\",\"Meta\",\"Nível 2\",\"Nível 3\",\"Nível 4\",\"Serviço\")","v":"Meta"},{"$f":"IF(OR($C118=0,$L118=\"\"),\"-\",CONCATENATE(E118&\".\",IF(AND($A$5>=2,$C118>=2),F118&\".\",\"\"),IF(AND($A$5>=3,$C118>=3),G118&\".\",\"\"),IF(AND($A$5>=4,$C118>=4),H118&\".\",\"\"),IF($C118=\"S\",I118&\".\",\"\")))","v":"3."},"SINAPI",null,"ESTACIONAMENTO ESTÁDIO MUNICIPAL","-",{"$f":"OFFSET(CÁLCULO!H$15,ROW($T118)-ROW(T$15),0)","v":0},0,"BDI 1",{"$f":"IF($C118=\"S\",ROUND(IF(TIPOORCAMENTO=\"Proposto\",ORÇAMENTO.CustoUnitario*(1+$AH118),ORÇAMENTO.PrecoUnitarioLicitado),15-13*$AF$10),0)","v":0},{"$f":"IF($C118=\"S\",VTOTAL1,IF($C118=0,0,ROUND(SomaAgrup,15-13*$AF$11)))","v":301015.52},"RA",{"$f":"IF(AND($C118=\"S\",$X118>0),IF(ISBLANK($Y118),\"RA\",LEFT($Y118,2)),\"\")","v":""},{"$f":"IF($C118=\"S\",IF($Z118=\"CP\",$X118,IF($Z118=\"RA\",(($X118)*QCI!$AA$3),0)),SomaAgrup)","v":301015.52000000008},{"$f":"IF($C118=\"S\",IF($Z118=\"OU\",ROUND($X118,2),0),SomaAgrup)","v":0},{"$f":"IF($N118=\"\",\"\",IF(ORÇAMENTO.Descricao=\"\",\"DESCRIÇÃO\",IF(AND($C118=\"S\",ORÇAMENTO.Unidade=\"\"),\"UNIDADE\",IF($X118<0,\"VALOR NEGATIVO\",IF(OR(AND(TIPOORCAMENTO=\"Proposto\",$AG118<>\"\",$AG118>0,ORÇAMENTO.CustoUnitario>$AG118),AND(TIPOORCAMENTO=\"LICITADO\",ORÇAMENTO.PrecoUnitarioLicitado>$AN118)),\"ACIMA REF.\",\"\")))))","v":""},{"$f":"IF(C118<=CRONO.NivelExibicao,MAX($AD$15:OFFSET(AD118,-1,0))+IF($C118<>1,1,MAX(1,COUNTIF(QCI!$A$13:$A$32,OFFSET($E118,-1,0)))),\"\")","v":3},{"$f":"IF(AND($C118=\"S\",ORÇAMENTO.CodBarra<>\"\"),IF(ORÇAMENTO.Fonte=\"\",ORÇAMENTO.CodBarra,CONCATENATE(ORÇAMENTO.Fonte,\" \",ORÇAMENTO.CodBarra)))","v":false},{"$f":"IF(ISERROR(INDIRECT(ORÇAMENTO.BancoRef)),\"(abra o arquivo 'Referência \"&Excel_BuiltIn_Database&\".xls)\",IF(OR($C118<>\"S\",ORÇAMENTO.CodBarra=\"\"),\"(Sem Código)\",IF(ISERROR(MATCH($AE118,INDIRECT(ORÇAMENTO.BancoRef),0)),\"(Código não identificado nas referências)\",MATCH($AE118,INDIRECT(ORÇAMENTO.BancoRef),0))))","v":"(abra o arquivo 'Referência 06-2023.xls)"},{"$f":"ROUND(IF(DESONERACAO=\"sim\",REFERENCIA.Desonerado,REFERENCIA.NaoDesonerado),2)","v":0},{"$f":"ROUND(IF(ISNUMBER(ORÇAMENTO.OpcaoBDI),ORÇAMENTO.OpcaoBDI,IF(LEFT(ORÇAMENTO.OpcaoBDI,3)=\"BDI\",HLOOKUP(ORÇAMENTO.OpcaoBDI,$F$4:$H$5,2,FALSE),0)),15-11*$AF$9)","v":0.23530000000000001},null,null,null,null,{"$f":"$X118","v":301015.52},{"$f":"ROUND(ORÇAMENTO.CustoUnitario*(1+$AH118),2)","v":0}]
[2,2,2,2,{"$f":"IF($C119=1,OFFSET(E119,-1,0)+MAX(1,COUNTIF(QCI!$A$13:$A$32,OFFSET(ORÇAMENTO!E119,-1,0))),OFFSET(E119,-1,0))","v":3},1,0,0,0,57,{"$f":"IF(OR($C119=\"S\",$C119=0),0,MATCH(OFFSET($D119,0,$C119)+IF($C119<>1,1,COUNTIF(QCI!$A$13:$A$32,ORÇAMENTO!E119)),OFFSET($D119,1,$C119,ROW($C$850)-ROW($C119)),0))","v":2},"F","Nível 2","Nível 2","3.1.","SINAPI",null,"SERVIÇOS INICIAIS E EVENTUAIS","-",{"$f":"OFFSET(CÁLCULO!H$15,ROW($T119)-ROW(T$15),0)","v":0},0,"BDI 1",{"$f":"IF($C119=\"S\",ROUND(IF(TIPOORCAMENTO=\"Proposto\",ORÇAMENTO.CustoUnitario*(1+$AH119),ORÇAMENTO.PrecoUnitarioLicitado),15-13*$AF$10),0)","v":0},2127.83,"RA","",{"$f":"IF($C119=\"S\",IF($Z119=\"CP\",$X119,IF($Z119=\"RA\",(($X119)*QCI!$AA$3),0)),SomaAgrup)","v":2127.83},0,{"$f":"IF($N119=\"\",\"\",IF(ORÇAMENTO.Descricao=\"\",\"DESCRIÇÃO\",IF(AND($C119=\"S\",ORÇAMENTO.Unidade=\"\"),\"UNIDADE\",IF($X119<0,\"VALOR NEGATIVO\",IF(OR(AND(TIPOORCAMENTO=\"Proposto\",$AG119<>\"\",$AG119>0,ORÇAMENTO.CustoUnitario>$AG119),AND(TIPOORCAMENTO=\"LICITADO\",ORÇAMENTO.PrecoUnitarioLicitado>$AN119)),\"ACIMA REF.\",\"\")))))","v":""},{"$f":"IF(C119<=CRONO.NivelExibicao,MAX($AD$15:OFFSET(AD119,-1,0))+IF($C119<>1,1,MAX(1,COUNTIF(QCI!$A$13:$A$32,OFFSET($E119,-1,0)))),\"\")","v":""},{"$f":"IF(AND($C119=\"S\",ORÇAMENTO.CodBarra<>\"\"),IF(ORÇAMENTO.Fonte=\"\",ORÇAMENTO.CodBarra,CONCATENATE(ORÇAMENTO.Fonte,\" \",ORÇAMENTO.CodBarra)))","v":false},{"$f":"IF(ISERROR(INDIRECT(ORÇAMENTO.BancoRef)),\"(abra o arquivo 'Referência \"&Excel_BuiltIn_Database&\".xls)\",IF(OR($C119<>\"S\",ORÇAMENTO.CodBarra=\"\"),\"(Sem Código)\",IF(ISERROR(MATCH($AE119,INDIRECT(ORÇAMENTO.BancoRef),0)),\"(Código não identificado nas referências)\",MATCH($AE119,INDIRECT(ORÇAMENTO.BancoRef),0))))","v":"(abra o arquivo 'Referência 06-2023.xls)"},{"$f":"ROUND(IF(DESONERACAO=\"sim\",REFERENCIA.Desonerado,REFERENCIA.NaoDesonerado),2)","v":0},0.23530000000000001,null,null,null,null,2127.83,0]
["S",2,"S",0,{"$f":"IF($C120=1,OFFSET(E120,-1,0)+MAX(1,COUNTIF(QCI!$A$13:$A$32,OFFSET(ORÇAMENTO!E120,-1,0))),OFFSET(E120,-1,0))","v":3},1,0,0,1,0,{"$f":"IF(OR($C120=\"S\",$C120=0),0,MATCH(OFFSET($D120,0,$C120)+IF($C120<>1,1,COUNTIF(QCI!$A$13:$A$32,ORÇAMENTO!E120)),OFFSET($D120,1,$C120,ROW($C$850)-ROW($C120)),0))","v":0},"F","Serviço","Serviço","3.1.1.","AMMOC","PLOBRA","PLACA DE OBRA EM CHAPA DE AÇO GALVANIZADO","M²",{"$f":"OFFSET(CÁLCULO!H$15,ROW($T120)-ROW(T$15),0)","v":4.5},382.78,"BDI 1",{"$f":"IF($C120=\"S\",ROUND(IF(TIPOORCAMENTO=\"Proposto\",ORÇAMENTO.CustoUnitario*(1+$AH120),ORÇAMENTO.PrecoUnitarioLicitado),15-13*$AF$10),0)","v":472.85},2127.83,"RA","RA",{"$f":"IF($C120=\"S\",IF($Z120=\"CP\",$X120,IF($Z120=\"RA\",(($X120)*QCI!$AA$3),0)),SomaAgrup)","v":2127.83},0,{"$f":"IF($N120=\"\",\"\",IF(ORÇAMENTO.Descricao=\"\",\"DESCRIÇÃO\",IF(AND($C120=\"S\",ORÇAMENTO.Unidade=\"\"),\"UNIDADE\",IF($X120<0,\"VALOR NEGATIVO\",IF(OR(AND(TIPOORCAMENTO=\"Proposto\",$AG120<>\"\",$AG120>0,ORÇAMENTO.CustoUnitario>$AG120),AND(TIPOORCAMENTO=\"LICITADO\",ORÇAMENTO.PrecoUnitarioLicitado>$AN120)),\"ACIMA REF.\",\"\")))))","v":""},{"$f":"IF(C120<=CRONO.NivelExibicao,MAX($AD$15:OFFSET(AD120,-1,0))+IF($C120<>1,1,MAX(1,COUNTIF(QCI!$A$13:$A$32,OFFSET($E120,-1,0)))),\"\")","v":""},{"$f":"IF(AND($C120=\"S\",ORÇAMENTO.CodBarra<>\"\"),IF(ORÇAMENTO.Fonte=\"\",ORÇAMENTO.CodBarra,CONCATENATE(ORÇAMENTO.Fonte,\" \",ORÇAMENTO.CodBarra)))","v":"AMMOC PLOBRA"},{"$f":"IF(ISERROR(INDIRECT(ORÇAMENTO.BancoRef)),\"(abra o arquivo 'Referência \"&Excel_BuiltIn_Database&\".xls)\",IF(OR($C120<>\"S\",ORÇAMENTO.CodBarra=\"\"),\"(Sem Código)\",IF(ISERROR(MATCH($AE120,INDIRECT(ORÇAMENTO.BancoRef),0)),\"(Código não identificado nas referências)\",MATCH($AE120,INDIRECT(ORÇAMENTO.BancoRef),0))))","v":"(abra o arquivo 'Referência 06-2023.xls)"},{"$f":"ROUND(IF(DESONERACAO=\"sim\",REFERENCIA.Desonerado,REFERENCIA.NaoDesonerado),2)","v":0},0.23530000000000001,null,4.5,null,null,2127.83,472.85]
[2,2,2,2,{"$f":"IF($C121=1,OFFSET(E121,-1,0)+MAX(1,COUNTIF(QCI!$A$13:$A$32,OFFSET(ORÇAMENTO!E121,-1,0))),OFFSET(E121,-1,0))","v":3},2,0,0,0,55,{"$f":"IF(OR($C121=\"S\",$C121=0),0,MATCH(OFFSET($D121,0,$C121)+IF($C121<>1,1,COUNTIF(QCI!$A$13:$A$32,ORÇAMENTO!E121)),OFFSET($D121,1,$C121,ROW($C$850)-ROW($C121)),0))","v":2},"F","Nível 2","Nível 2","3.2.","SINAPI",null,"SINALIZAÇÃO E SEGURANÇA","-",{"$f":"OFFSET(CÁLCULO!H$15,ROW($T121)-ROW(T$15),0)","v":0},0,"BDI 1",{"$f":"IF($C121=\"S\",ROUND(IF(TIPOORCAMENTO=\"Proposto\",ORÇAMENTO.CustoUnitario*(1+$AH121),ORÇAMENTO.PrecoUnitarioLicitado),15-13*$AF$10),0)","v":0},516.6,"RA","",{"$f":"IF($C121=\"S\",IF($Z121=\"CP\",$X121,IF($Z121=\"RA\",(($X121)*QCI!$AA$3),0)),SomaAgrup)","v":516.6},0,{"$f":"IF($N121=\"\",\"\",IF(ORÇAMENTO.Descricao=\"\",\"DESCRIÇÃO\",IF(AND($C121=\"S\",ORÇAMENTO.Unidade=\"\"),\"UNIDADE\",IF($X121<0,\"VALOR NEGATIVO\",IF(OR(AND(TIPOORCAMENTO=\"Proposto\",$AG121<>\"\",$AG121>0,ORÇAMENTO.CustoUnitario>$AG121),AND(TIPOORCAMENTO=\"LICITADO\",ORÇAMENTO.PrecoUnitarioLicitado>$AN121)),\"ACIMA REF.\",\"\")))))","v":""},{"$f":"IF(C121<=CRONO.NivelExibicao,MAX($AD$15:OFFSET(AD121,-1,0))+IF($C121<>1,1,MAX(1,COUNTIF(QCI!$A$13:$A$32,OFFSET($E121,-1,0)))),\"\")","v":""},{"$f":"IF(AND($C121=\"S\",ORÇAMENTO.CodBarra<>\"\"),IF(ORÇAMENTO.Fonte=\"\",ORÇAMENTO.CodBarra,CONCATENATE(ORÇAMENTO.Fonte,\" \",ORÇAMENTO.CodBarra)))","v":false},{"$f":"IF(ISERROR(INDIRECT(ORÇAMENTO.BancoRef)),\"(abra o arquivo 'Referência \"&Excel_BuiltIn_Database&\".xls)\",IF(OR($C121<>\"S\",ORÇAMENTO.CodBarra=\"\"),\"(Sem Código)\",IF(ISERROR(MATCH($AE121,INDIRECT(ORÇAMENTO.BancoRef),0)),\"(Código não identificado nas referências)\",MATCH($AE121,INDIRECT(ORÇAMENTO.BancoRef),0))))","v":"(abra o arquivo 'Referência 06-2023.xls)"},{"$f":"ROUND(IF(DESONERACAO=\"sim\",REFERENCIA.Desonerado,REFERENCIA.NaoDesonerado),2)","v":0},0.23530000000000001,null,null,null,null,516.6,0]
["S",2,"S",0,{"$f":"IF($C122=1,OFFSET(E122,-1,0)+MAX(1,COUNTIF(QCI!$A$13:$A$32,OFFSET(ORÇAMENTO!E122,-1,0))),OFFSET(E122,-1,0))","v":3},2,0,0,1,0,{"$f":"IF(OR($C122=\"S\",$C122=0),0,MATCH(OFFSET($D122,0,$C122)+IF($C122<>1,1,COUNTIF(QCI!$A$13:$A$32,ORÇAMENTO!E122)),OFFSET($D122,1,$C122,ROW($C$850)-ROW($C122)),0))","v":0},"F","Serviço","Serviço","3.2.1.","AMMOC","SIN","SINALIZAÇÃO COM FITA FIXADA EM CONE PLÁSTICO, INCLUINDO CONE","M",{"$f":"OFFSET(CÁLCULO!H$15,ROW($T122)-ROW(T$15),0)","v":30},13.94,"BDI 1",{"$f":"IF($C122=\"S\",ROUND(IF(TIPOORCAMENTO=\"Proposto\",ORÇAMENTO.CustoUnitario*(1+$AH122),ORÇAMENTO.PrecoUnitarioLicitado),15-13*$AF$10),0)","v":17.22},516.6,"RA","RA",{"$f":"IF($C122=\"S\",IF($Z122=\"CP\",$X122,IF($Z122=\"RA\",(($X122)*QCI!$AA$3),0)),SomaAgrup)","v":516.6},0,{"$f":"IF($N122=\"\",\"\",IF(ORÇAMENTO.Descricao=\"\",\"DESCRIÇÃO\",IF(AND($C122=\"S\",ORÇAMENTO.Unidade=\"\"),\"UNIDADE\",IF($X122<0,\"VALOR NEGATIVO\",IF(OR(AND(TIPOORCAMENTO=\"Proposto\",$AG122<>\"\",$AG122>0,ORÇAMENTO.CustoUnitario>$AG122),AND(TIPOORCAMENTO=\"LICITADO\",ORÇAMENTO.PrecoUnitarioLicitado>$AN122)),\"ACIMA REF.\",\"\")))))","v":""},{"$f":"IF(C122<=CRONO.NivelExibicao,MAX($AD$15:OFFSET(AD122,-1,0))+IF($C122<>1,1,MAX(1,COUNTIF(QCI!$A$13:$A$32,OFFSET($E122,-1,0)))),\"\")","v":""},{"$f":"IF(AND($C122=\"S\",ORÇAMENTO.CodBarra<>\"\"),IF(ORÇAMENTO.Fonte=\"\",ORÇAMENTO.CodBarra,CONCATENATE(ORÇAMENTO.Fonte,\" \",ORÇAMENTO.CodBarra)))","v":"AMMOC SIN"},{"$f":"IF(ISERROR(INDIRECT(ORÇAMENTO.BancoRef)),\"(abra o arquivo 'Referência \"&Excel_BuiltIn_Database&\".xls)\",IF(OR($C122<>\"S\",ORÇAMENTO.CodBarra=\"\"),\"(Sem Código)\",IF(ISERROR(MATCH($AE122,INDIRECT(ORÇAMENTO.BancoRef),0)),\"(Código não identificado nas referências)\",MATCH($AE122,INDIRECT(ORÇAMENTO.BancoRef),0))))","v":"(abra o arquivo 'Referência 06-2023.xls)"},{"$f":"ROUND(IF(DESONERACAO=\"sim\",REFERENCIA.Desonerado,REFERENCIA.NaoDesonerado),2)","v":0},0.23530000000000001,null,30,null,null,516.6,17.22]
[2,2,2,9,{"$f":"IF($C123=1,OFFSET(E123,-1,0)+MAX(1,COUNTIF(QCI!$A$13:$A$32,OFFSET(ORÇAMENTO!E123,-1,0))),OFFSET(E123,-1,0))","v":3},3,0,0,0,53,{"$f":"IF(OR($C123=\"S\",$C123=0),0,MATCH(OFFSET($D123,0,$C123)+IF($C123<>1,1,COUNTIF(QCI!$A$13:$A$32,ORÇAMENTO!E123)),OFFSET($D123,1,$C123,ROW($C$850)-ROW($C123)),0))","v":9},"F","Nível 2","Nível 2","3.3.","SINAPI",null,"ESCAVAÇÕES E MOVIMENTAÇÕES DE TERRA","-",{"$f":"OFFSET(CÁLCULO!H$15,ROW($T123)-ROW(T$15),0)","v":0},0,"BDI 1",{"$f":"IF($C123=\"S\",ROUND(IF(TIPOORCAMENTO=\"Proposto\",ORÇAMENTO.CustoUnitario*(1+$AH123),ORÇAMENTO.PrecoUnitarioLicitado),15-13*$AF$10),0)","v":0},6187.65,"RA","",{"$f":"IF($C123=\"S\",IF($Z123=\"CP\",$X123,IF($Z123=\"RA\",(($X123)*QCI!$AA$3),0)),SomaAgrup)","v":6187.65},0,{"$f":"IF($N123=\"\",\"\",IF(ORÇAMENTO.Descricao=\"\",\"DESCRIÇÃO\",IF(AND($C123=\"S\",ORÇAMENTO.Unidade=\"\"),\"UNIDADE\",IF($X123<0,\"VALOR NEGATIVO\",IF(OR(AND(TIPOORCAMENTO=\"Proposto\",$AG123<>\"\",$AG123>0,ORÇAMENTO.CustoUnitario>$AG123),AND(TIPOORCAMENTO=\"LICITADO\",ORÇAMENTO.PrecoUnitarioLicitado>$AN123)),\"ACIMA REF.\",\"\")))))","v":""},{"$f":"IF(C123<=CRONO.NivelExibicao,MAX($AD$15:OFFSET(AD123,-1,0))+IF($C123<>1,1,MAX(1,COUNTIF(QCI!$A$13:$A$32,OFFSET($E123,-1,0)))),\"\")","v":""},{"$f":"IF(AND($C123=\"S\",ORÇAMENTO.CodBarra<>\"\"),IF(ORÇAMENTO.Fonte=\"\",ORÇAMENTO.CodBarra,CONCATENATE(ORÇAMENTO.Fonte,\" \",ORÇAMENTO.CodBarra)))","v":false},{"$f":"IF(ISERROR(INDIRECT(ORÇAMENTO.BancoRef)),\"(abra o arquivo 'Referência \"&Excel_BuiltIn_Database&\".xls)\",IF(OR($C123<>\"S\",ORÇAMENTO.CodBarra=\"\"),\"(Sem Código)\",IF(ISERROR(MATCH($AE123,INDIRECT(ORÇAMENTO.BancoRef),0)),\"(Código não identificado nas referências)\",MATCH($AE123,INDIRECT(ORÇAMENTO.BancoRef),0))))","v":"(abra o arquivo 'Referência 06-2023.xls)"},{"$f":"ROUND(IF(DESONERACAO=\"sim\",REFERENCIA.Desonerado,REFERENCIA.NaoDesonerado),2)","v":0},0.23530000000000001,null,null,null,null,6187.65,0]
["S",2,"S",0,{"$f":"IF($C124=1,OFFSET(E124,-1,0)+MAX(1,COUNTIF(QCI!$A$13:$A$32,OFFSET(ORÇAMENTO!E124,-1,0))),OFFSET(E124,-1,0))","v":3},3,0,0,1,0,{"$f":"IF(OR($C124=\"S\",$C124=0),0,MATCH(OFFSET($D124,0,$C124)+IF($C124<>1,1,COUNTIF(QCI!$A$13:$A$32,ORÇAMENTO!E124)),OFFSET($D124,1,$C124,ROW($C$850)-ROW($C124)),0))","v":0},"F","Serviço","Serviço","3.3.1.","SINAPI",96385,"EXECUÇÃO E COMPACTAÇÃO DE ATERRO COM SOLO PREDOMINANTEMENTE ARGILOSO - EXCLUSIVE SOLO, ESCAVAÇÃO, CARGA E TRANSPORTE. AF_11/2019","M3",{"$f":"OFFSET(CÁLCULO!H$15,ROW($T124)-ROW(T$15),0)","v":8.65},11.05,"BDI 1",{"$f":"IF($C124=\"S\",ROUND(IF(TIPOORCAMENTO=\"Proposto\",ORÇAMENTO.CustoUnitario*(1+$AH124),ORÇAMENTO.PrecoUnitarioLicitado),15-13*$AF$10),0)","v":13.65},118.07,"RA","RA",{"$f":"IF($C124=\"S\",IF($Z124=\"CP\",$X124,IF($Z124=\"RA\",(($X124)*QCI!$AA$3),0)),SomaAgrup)","v":118.07},0,{"$f":"IF($N124=\"\",\"\",IF(ORÇAMENTO.Descricao=\"\",\"DESCRIÇÃO\",IF(AND($C124=\"S\",ORÇAMENTO.Unidade=\"\"),\"UNIDADE\",IF($X124<0,\"VALOR NEGATIVO\",IF(OR(AND(TIPOORCAMENTO=\"Proposto\",$AG124<>\"\",$AG124>0,ORÇAMENTO.CustoUnitario>$AG124),AND(TIPOORCAMENTO=\"LICITADO\",ORÇAMENTO.PrecoUnitarioLicitado>$AN124)),\"ACIMA REF.\",\"\")))))","v":""},{"$f":"IF(C124<=CRONO.NivelExibicao,MAX($AD$15:OFFSET(AD124,-1,0))+IF($C124<>1,1,MAX(1,COUNTIF(QCI!$A$13:$A$32,OFFSET($E124,-1,0)))),\"\")","v":""},{"$f":"IF(AND($C124=\"S\",ORÇAMENTO.CodBarra<>\"\"),IF(ORÇAMENTO.Fonte=\"\",ORÇAMENTO.CodBarra,CONCATENATE(ORÇAMENTO.Fonte,\" \",ORÇAMENTO.CodBarra)))","v":"SINAPI 96385"},{"$f":"IF(ISERROR(INDIRECT(ORÇAMENTO.BancoRef)),\"(abra o arquivo 'Referência \"&Excel_BuiltIn_Database&\".xls)\",IF(OR($C124<>\"S\",ORÇAMENTO.CodBarra=\"\"),\"(Sem Código)\",IF(ISERROR(MATCH($AE124,INDIRECT(ORÇAMENTO.BancoRef),0)),\"(Código não identificado nas referências)\",MATCH($AE124,INDIRECT(ORÇAMENTO.BancoRef),0))))","v":"(abra o arquivo 'Referência 06-2023.xls)"},{"$f":"ROUND(IF(DESONERACAO=\"sim\",REFERENCIA.Desonerado,REFERENCIA.NaoDesonerado),2)","v":0},0.23530000000000001,null,8.65,null,null,118.07,13.65]
["S",2,"S",0,{"$f":"IF($C125=1,OFFSET(E125,-1,0)+MAX(1,COUNTIF(QCI!$A$13:$A$32,OFFSET(ORÇAMENTO!E125,-1,0))),OFFSET(E125,-1,0))","v":3},3,0,0,2,0,{"$f":"IF(OR($C125=\"S\",$C125=0),0,MATCH(OFFSET($D125,0,$C125)+IF($C125<>1,1,COUNTIF(QCI!$A$13:$A$32,ORÇAMENTO!E125)),OFFSET($D125,1,$C125,ROW($C$850)-ROW($C125)),0))","v":0},"F","Serviço","Serviço","3.3.2.","SINAPI","102276","ESCAVAÇÃO MECANIZADA DE VALA COM PROF. ATÉ 2 M, COM ESCAVADEIRA HIDRÁULICA, LARG. MENOR QUE  1,5 M, EM SOLO DE 2A CATEGORIA, EM LOCAIS COM ALTO NÍVEL DE INTERFERÊNCIA","M3",{"$f":"OFFSET(CÁLCULO!H$15,ROW($T125)-ROW(T$15),0)","v":57.38},12.08,"BDI 1",{"$f":"IF($C125=\"S\",ROUND(IF(TIPOORCAMENTO=\"Proposto\",ORÇAMENTO.CustoUnitario*(1+$AH125),ORÇAMENTO.PrecoUnitarioLicitado),15-13*$AF$10),0)","v":14.92},856.11,"RA","RA",{"$f":"IF($C125=\"S\",IF($Z125=\"CP\",$X125,IF($Z125=\"RA\",(($X125)*QCI!$AA$3),0)),SomaAgrup)","v":856.11},0,{"$f":"IF($N125=\"\",\"\",IF(ORÇAMENTO.Descricao=\"\",\"DESCRIÇÃO\",IF(AND($C125=\"S\",ORÇAMENTO.Unidade=\"\"),\"UNIDADE\",IF($X125<0,\"VALOR NEGATIVO\",IF(OR(AND(TIPOORCAMENTO=\"Proposto\",$AG125<>\"\",$AG125>0,ORÇAMENTO.CustoUnitario>$AG125),AND(TIPOORCAMENTO=\"LICITADO\",ORÇAMENTO.PrecoUnitarioLicitado>$AN125)),\"ACIMA REF.\",\"\")))))","v":""},{"$f":"IF(C125<=CRONO.NivelExibicao,MAX($AD$15:OFFSET(AD125,-1,0))+IF($C125<>1,1,MAX(1,COUNTIF(QCI!$A$13:$A$32,OFFSET($E125,-1,0)))),\"\")","v":""},{"$f":"IF(AND($C125=\"S\",ORÇAMENTO.CodBarra<>\"\"),IF(ORÇAMENTO.Fonte=\"\",ORÇAMENTO.CodBarra,CONCATENATE(ORÇAMENTO.Fonte,\" \",ORÇAMENTO.CodBarra)))","v":"SINAPI 102276"},{"$f":"IF(ISERROR(INDIRECT(ORÇAMENTO.BancoRef)),\"(abra o arquivo 'Referência \"&Excel_BuiltIn_Database&\".xls)\",IF(OR($C125<>\"S\",ORÇAMENTO.CodBarra=\"\"),\"(Sem Código)\",IF(ISERROR(MATCH($AE125,INDIRECT(ORÇAMENTO.BancoRef),0)),\"(Código não identificado nas referências)\",MATCH($AE125,INDIRECT(ORÇAMENTO.BancoRef),0))))","v":"(abra o arquivo 'Referência 06-2023.xls)"},{"$f":"ROUND(IF(DESONERACAO=\"sim\",REFERENCIA.Desonerado,REFERENCIA.NaoDesonerado),2)","v":0},0.23530000000000001,null,57.38,null,null,856.11,14.92]
["S",2,"S",0,{"$f":"IF($C126=1,OFFSET(E126,-1,0)+MAX(1,COUNTIF(QCI!$A$13:$A$32,OFFSET(ORÇAMENTO!E126,-1,0))),OFFSET(E126,-1,0))","v":3},3,0,0,3,0,{"$f":"IF(OR($C126=\"S\",$C126=0),0,MATCH(OFFSET($D126,0,$C126)+IF($C126<>1,1,COUNTIF(QCI!$A$13:$A$32,ORÇAMENTO!E126)),OFFSET($D126,1,$C126,ROW($C$850)-ROW($C126)),0))","v":0},"F","Serviço","Serviço","3.3.3.","SINAPI",101116,"ESCAVAÇÃO HORIZONTAL EM SOLO DE 1A CATEGORIA COM TRATOR DE ESTEIRAS (170HP/LÂMINA: 5,20M3). AF_07/2020","M3",{"$f":"OFFSET(CÁLCULO!H$15,ROW($T126)-ROW(T$15),0)","v":245.25},2.21,"BDI 1",{"$f":"IF($C126=\"S\",ROUND(IF(TIPOORCAMENTO=\"Proposto\",ORÇAMENTO.CustoUnitario*(1+$AH126),ORÇAMENTO.PrecoUnitarioLicitado),15-13*$AF$10),0)","v":2.73},669.53,"RA","RA",{"$f":"IF($C126=\"S\",IF($Z126=\"CP\",$X126,IF($Z126=\"RA\",(($X126)*QCI!$AA$3),0)),SomaAgrup)","v":669.53},0,{"$f":"IF($N126=\"\",\"\",IF(ORÇAMENTO.Descricao=\"\",\"DESCRIÇÃO\",IF(AND($C126=\"S\",ORÇAMENTO.Unidade=\"\"),\"UNIDADE\",IF($X126<0,\"VALOR NEGATIVO\",IF(OR(AND(TIPOORCAMENTO=\"Proposto\",$AG126<>\"\",$AG126>0,ORÇAMENTO.CustoUnitario>$AG126),AND(TIPOORCAMENTO=\"LICITADO\",ORÇAMENTO.PrecoUnitarioLicitado>$AN126)),\"ACIMA REF.\",\"\")))))","v":""},{"$f":"IF(C126<=CRONO.NivelExibicao,MAX($AD$15:OFFSET(AD126,-1,0))+IF($C126<>1,1,MAX(1,COUNTIF(QCI!$A$13:$A$32,OFFSET($E126,-1,0)))),\"\")","v":""},{"$f":"IF(AND($C126=\"S\",ORÇAMENTO.CodBarra<>\"\"),IF(ORÇAMENTO.Fonte=\"\",ORÇAMENTO.CodBarra,CONCATENATE(ORÇAMENTO.Fonte,\" \",ORÇAMENTO.CodBarra)))","v":"SINAPI 101116"},{"$f":"IF(ISERROR(INDIRECT(ORÇAMENTO.BancoRef)),\"(abra o arquivo 'Referência \"&Excel_BuiltIn_Database&\".xls)\",IF(OR($C126<>\"S\",ORÇAMENTO.CodBarra=\"\"),\"(Sem Código)\",IF(ISERROR(MATCH($AE126,INDIRECT(ORÇAMENTO.BancoRef),0)),\"(Código não identificado nas referências)\",MATCH($AE126,INDIRECT(ORÇAMENTO.BancoRef),0))))","v":"(abra o arquivo 'Referência 06-2023.xls)"},{"$f":"ROUND(IF(DESONERACAO=\"sim\",REFERENCIA.Desonerado,REFERENCIA.NaoDesonerado),2)","v":0},0.23530000000000001,null,{"$f":"(AJ149*0.22)+9.85","v":245.25},null,null,669.53,2.73]
["S",2,"S",0,{"$f":"IF($C127=1,OFFSET(E127,-1,0)+MAX(1,COUNTIF(QCI!$A$13:$A$32,OFFSET(ORÇAMENTO!E127,-1,0))),OFFSET(E127,-1,0))","v":3},3,0,0,4,0,{"$f":"IF(OR($C127=\"S\",$C127=0),0,MATCH(OFFSET($D127,0,$C127)+IF($C127<>1,1,COUNTIF(QCI!$A$13:$A$32,ORÇAMENTO!E127)),OFFSET($D127,1,$C127,ROW($C$850)-ROW($C127)),0))","v":0},"F","Serviço","Serviço","3.3.4.","SINAPI","100978","CARGA, MANOBRA E DESCARGA DE MATERIAL REMOVIDO EM CAMINHÃO BASCULANTE - CARGA COM ESCAVADEIRA HIDRÁULICA","M3",{"$f":"OFFSET(CÁLCULO!H$15,ROW($T127)-ROW(T$15),0)","v":293.98},6.33,"BDI 1",{"$f":"IF($C127=\"S\",ROUND(IF(TIPOORCAMENTO=\"Proposto\",ORÇAMENTO.CustoUnitario*(1+$AH127),ORÇAMENTO.PrecoUnitarioLicitado),15-13*$AF$10),0)","v":7.82},2298.92,"RA","RA",{"$f":"IF($C127=\"S\",IF($Z127=\"CP\",$X127,IF($Z127=\"RA\",(($X127)*QCI!$AA$3),0)),SomaAgrup)","v":2298.92},0,{"$f":"IF($N127=\"\",\"\",IF(ORÇAMENTO.Descricao=\"\",\"DESCRIÇÃO\",IF(AND($C127=\"S\",ORÇAMENTO.Unidade=\"\"),\"UNIDADE\",IF($X127<0,\"VALOR NEGATIVO\",IF(OR(AND(TIPOORCAMENTO=\"Proposto\",$AG127<>\"\",$AG127>0,ORÇAMENTO.CustoUnitario>$AG127),AND(TIPOORCAMENTO=\"LICITADO\",ORÇAMENTO.PrecoUnitarioLicitado>$AN127)),\"ACIMA REF.\",\"\")))))","v":""},{"$f":"IF(C127<=CRONO.NivelExibicao,MAX($AD$15:OFFSET(AD127,-1,0))+IF($C127<>1,1,MAX(1,COUNTIF(QCI!$A$13:$A$32,OFFSET($E127,-1,0)))),\"\")","v":""},{"$f":"IF(AND($C127=\"S\",ORÇAMENTO.CodBarra<>\"\"),IF(ORÇAMENTO.Fonte=\"\",ORÇAMENTO.CodBarra,CONCATENATE(ORÇAMENTO.Fonte,\" \",ORÇAMENTO.CodBarra)))","v":"SINAPI 100978"},{"$f":"IF(ISERROR(INDIRECT(ORÇAMENTO.BancoRef)),\"(abra o arquivo 'Referência \"&Excel_BuiltIn_Database&\".xls)\",IF(OR($C127<>\"S\",ORÇAMENTO.CodBarra=\"\"),\"(Sem Código)\",IF(ISERROR(MATCH($AE127,INDIRECT(ORÇAMENTO.BancoRef),0)),\"(Código não identificado nas referências)\",MATCH($AE127,INDIRECT(ORÇAMENTO.BancoRef),0))))","v":"(abra o arquivo 'Referência 06-2023.xls)"},{"$f":"ROUND(IF(DESONERACAO=\"sim\",REFERENCIA.Desonerado,REFERENCIA.NaoDesonerado),2)","v":0},0.23530000000000001,null,{"$f":"AJ125+AJ126-AJ124","v":293.98},null,null,2298.92,7.82]
["S",2,"S",0,{"$f":"IF($C128=1,OFFSET(E128,-1,0)+MAX(1,COUNTIF(QCI!$A$13:$A$32,OFFSET(ORÇAMENTO!E128,-1,0))),OFFSET(E128,-1,0))","v":3},3,0,0,5,0,{"$f":"IF(OR($C128=\"S\",$C128=0),0,MATCH(OFFSET($D128,0,$C128)+IF($C128<>1,1,COUNTIF(QCI!$A$13:$A$32,ORÇAMENTO!E128)),OFFSET($D128,1,$C128,ROW($C$850)-ROW($C128)),0))","v":0},"F","Serviço","Serviço","3.3.5.","SINAPI","95875","TRANSPORTE DE MATERIAL REMOVIDO COM CAMINHÃO BASCULANTE, DMT = 2 KM","M3XKM",{"$f":"OFFSET(CÁLCULO!H$15,ROW($T128)-ROW(T$15),0)","v":587.96},2.23,"BDI 1",{"$f":"IF($C128=\"S\",ROUND(IF(TIPOORCAMENTO=\"Proposto\",ORÇAMENTO.CustoUnitario*(1+$AH128),ORÇAMENTO.PrecoUnitarioLicitado),15-13*$AF$10),0)","v":2.75},1616.89,"RA","RA",{"$f":"IF($C128=\"S\",IF($Z128=\"CP\",$X128,IF($Z128=\"RA\",(($X128)*QCI!$AA$3),0)),SomaAgrup)","v":1616.89},0,{"$f":"IF($N128=\"\",\"\",IF(ORÇAMENTO.Descricao=\"\",\"DESCRIÇÃO\",IF(AND($C128=\"S\",ORÇAMENTO.Unidade=\"\"),\"UNIDADE\",IF($X128<0,\"VALOR NEGATIVO\",IF(OR(AND(TIPOORCAMENTO=\"Proposto\",$AG128<>\"\",$AG128>0,ORÇAMENTO.CustoUnitario>$AG128),AND(TIPOORCAMENTO=\"LICITADO\",ORÇAMENTO.PrecoUnitarioLicitado>$AN128)),\"ACIMA REF.\",\"\")))))","v":""},{"$f":"IF(C128<=CRONO.NivelExibicao,MAX($AD$15:OFFSET(AD128,-1,0))+IF($C128<>1,1,MAX(1,COUNTIF(QCI!$A$13:$A$32,OFFSET($E128,-1,0)))),\"\")","v":""},{"$f":"IF(AND($C128=\"S\",ORÇAMENTO.CodBarra<>\"\"),IF(ORÇAMENTO.Fonte=\"\",ORÇAMENTO.CodBarra,CONCATENATE(ORÇAMENTO.Fonte,\" \",ORÇAMENTO.CodBarra)))","v":"SINAPI 95875"},{"$f":"IF(ISERROR(INDIRECT(ORÇAMENTO.BancoRef)),\"(abra o arquivo 'Referência \"&Excel_BuiltIn_Database&\".xls)\",IF(OR($C128<>\"S\",ORÇAMENTO.CodBarra=\"\"),\"(Sem Código)\",IF(ISERROR(MATCH($AE128,INDIRECT(ORÇAMENTO.BancoRef),0)),\"(Código não identificado nas referências)\",MATCH($AE128,INDIRECT(ORÇAMENTO.BancoRef),0))))","v":"(abra o arquivo 'Referência 06-2023.xls)"},{"$f":"ROUND(IF(DESONERACAO=\"sim\",REFERENCIA.Desonerado,REFERENCIA.NaoDesonerado),2)","v":0},0.23530000000000001,null,{"$f":"AJ127*2","v":587.96},null,null,1616.89,2.75]
["S",2,"S",0,{"$f":"IF($C129=1,OFFSET(E129,-1,0)+MAX(1,COUNTIF(QCI!$A$13:$A$32,OFFSET(ORÇAMENTO!E129,-1,0))),OFFSET(E129,-1,0))","v":3},3,0,0,6,0,{"$f":"IF(OR($C129=\"S\",$C129=0),0,MATCH(OFFSET($D129,0,$C129)+IF($C129<>1,1,COUNTIF(QCI!$A$13:$A$32,ORÇAMENTO!E129)),OFFSET($D129,1,$C129,ROW($C$850)-ROW($C129)),0))","v":0},"F","Serviço","Serviço","3.3.6.","SINAPI","102355","DESMONTE DE BLOCOS DE ROCHA COM MARTELETE PNEUMÁTICO","M3",{"$f":"OFFSET(CÁLCULO!H$15,ROW($T129)-ROW(T$15),0)","v":2.87},166.39,"BDI 1",{"$f":"IF($C129=\"S\",ROUND(IF(TIPOORCAMENTO=\"Proposto\",ORÇAMENTO.CustoUnitario*(1+$AH129),ORÇAMENTO.PrecoUnitarioLicitado),15-13*$AF$10),0)","v":205.54},589.9,"RA","RA",{"$f":"IF($C129=\"S\",IF($Z129=\"CP\",$X129,IF($Z129=\"RA\",(($X129)*QCI!$AA$3),0)),SomaAgrup)","v":589.9},0,{"$f":"IF($N129=\"\",\"\",IF(ORÇAMENTO.Descricao=\"\",\"DESCRIÇÃO\",IF(AND($C129=\"S\",ORÇAMENTO.Unidade=\"\"),\"UNIDADE\",IF($X129<0,\"VALOR NEGATIVO\",IF(OR(AND(TIPOORCAMENTO=\"Proposto\",$AG129<>\"\",$AG129>0,ORÇAMENTO.CustoUnitario>$AG129),AND(TIPOORCAMENTO=\"LICITADO\",ORÇAMENTO.PrecoUnitarioLicitado>$AN129)),\"ACIMA REF.\",\"\")))))","v":""},{"$f":"IF(C129<=CRONO.NivelExibicao,MAX($AD$15:OFFSET(AD129,-1,0))+IF($C129<>1,1,MAX(1,COUNTIF(QCI!$A$13:$A$32,OFFSET($E129,-1,0)))),\"\")","v":""},{"$f":"IF(AND($C129=\"S\",ORÇAMENTO.CodBarra<>\"\"),IF(ORÇAMENTO.Fonte=\"\",ORÇAMENTO.CodBarra,CONCATENATE(ORÇAMENTO.Fonte,\" \",ORÇAMENTO.CodBarra)))","v":"SINAPI 102355"},{"$f":"IF(ISERROR(INDIRECT(ORÇAMENTO.BancoRef)),\"(abra o arquivo 'Referência \"&Excel_BuiltIn_Database&\".xls)\",IF(OR($C129<>\"S\",ORÇAMENTO.CodBarra=\"\"),\"(Sem Código)\",IF(ISERROR(MATCH($AE129,INDIRECT(ORÇAMENTO.BancoRef),0)),\"(Código não identificado nas referências)\",MATCH($AE129,INDIRECT(ORÇAMENTO.BancoRef),0))))","v":"(abra o arquivo 'Referência 06-2023.xls)"},{"$f":"ROUND(IF(DESONERACAO=\"sim\",REFERENCIA.Desonerado,REFERENCIA.NaoDesonerado),2)","v":0},0.23530000000000001,null,{"$f":"AJ125*0.05","v":2.8690000000000002},null,null,589.9,205.54]
["S",2,"S",0,{"$f":"IF($C130=1,OFFSET(E130,-1,0)+MAX(1,COUNTIF(QCI!$A$13:$A$32,OFFSET(ORÇAMENTO!E130,-1,0))),OFFSET(E130,-1,0))","v":3},3,0,0,7,0,{"$f":"IF(OR($C130=\"S\",$C130=0),0,MATCH(OFFSET($D130,0,$C130)+IF($C130<>1,1,COUNTIF(QCI!$A$13:$A$32,ORÇAMENTO!E130)),OFFSET($D130,1,$C130,ROW($C$850)-ROW($C130)),0))","v":0},"F","Serviço","Serviço","3.3.7.","SINAPI","100978","CARGA, MANOBRA E DESCARGA DE MATERIAL REMOVIDO EM CAMINHÃO BASCULANTE - CARGA COM ESCAVADEIRA HIDRÁULICA","M3",{"$f":"OFFSET(CÁLCULO!H$15,ROW($T130)-ROW(T$15),0)","v":2.87},6.33,"BDI 1",{"$f":"IF($C130=\"S\",ROUND(IF(TIPOORCAMENTO=\"Proposto\",ORÇAMENTO.CustoUnitario*(1+$AH130),ORÇAMENTO.PrecoUnitarioLicitado),15-13*$AF$10),0)","v":7.82},22.44,"RA","RA",{"$f":"IF($C130=\"S\",IF($Z130=\"CP\",$X130,IF($Z130=\"RA\",(($X130)*QCI!$AA$3),0)),SomaAgrup)","v":22.44},0,{"$f":"IF($N130=\"\",\"\",IF(ORÇAMENTO.Descricao=\"\",\"DESCRIÇÃO\",IF(AND($C130=\"S\",ORÇAMENTO.Unidade=\"\"),\"UNIDADE\",IF($X130<0,\"VALOR NEGATIVO\",IF(OR(AND(TIPOORCAMENTO=\"Proposto\",$AG130<>\"\",$AG130>0,ORÇAMENTO.CustoUnitario>$AG130),AND(TIPOORCAMENTO=\"LICITADO\",ORÇAMENTO.PrecoUnitarioLicitado>$AN130)),\"ACIMA REF.\",\"\")))))","v":""},{"$f":"IF(C130<=CRONO.NivelExibicao,MAX($AD$15:OFFSET(AD130,-1,0))+IF($C130<>1,1,MAX(1,COUNTIF(QCI!$A$13:$A$32,OFFSET($E130,-1,0)))),\"\")","v":""},{"$f":"IF(AND($C130=\"S\",ORÇAMENTO.CodBarra<>\"\"),IF(ORÇAMENTO.Fonte=\"\",ORÇAMENTO.CodBarra,CONCATENATE(ORÇAMENTO.Fonte,\" \",ORÇAMENTO.CodBarra)))","v":"SINAPI 100978"},{"$f":"IF(ISERROR(INDIRECT(ORÇAMENTO.BancoRef)),\"(abra o arquivo 'Referência \"&Excel_BuiltIn_Database&\".xls)\",IF(OR($C130<>\"S\",ORÇAMENTO.CodBarra=\"\"),\"(Sem Código)\",IF(ISERROR(MATCH($AE130,INDIRECT(ORÇAMENTO.BancoRef),0)),\"(Código não identificado nas referências)\",MATCH($AE130,INDIRECT(ORÇAMENTO.BancoRef),0))))","v":"(abra o arquivo 'Referência 06-2023.xls)"},{"$f":"ROUND(IF(DESONERACAO=\"sim\",REFERENCIA.Desonerado,REFERENCIA.NaoDesonerado),2)","v":0},0.23530000000000001,null,{"$f":"AJ129","v":2.8690000000000002},null,null,22.44,7.82]
["S",2,"S",0,{"$f":"IF($C131=1,OFFSET(E131,-1,0)+MAX(1,COUNTIF(QCI!$A$13:$A$32,OFFSET(ORÇAMENTO!E131,-1,0))),OFFSET(E131,-1,0))","v":3},3,0,0,8,0,{"$f":"IF(OR($C131=\"S\",$C131=0),0,MATCH(OFFSET($D131,0,$C131)+IF($C131<>1,1,COUNTIF(QCI!$A$13:$A$32,ORÇAMENTO!E131)),OFFSET($D131,1,$C131,ROW($C$850)-ROW($C131)),0))","v":0},"F","Serviço","Serviço","3.3.8.","SINAPI","95875","TRANSPORTE DE MATERIAL REMOVIDO COM CAMINHÃO BASCULANTE, DMT = 2 KM","M3XKM",{"$f":"OFFSET(CÁLCULO!H$15,ROW($T131)-ROW(T$15),0)","v":5.74},2.23,"BDI 1",{"$f":"IF($C131=\"S\",ROUND(IF(TIPOORCAMENTO=\"Proposto\",ORÇAMENTO.CustoUnitario*(1+$AH131),ORÇAMENTO.PrecoUnitarioLicitado),15-13*$AF$10),0)","v":2.75},15.79,"RA","RA",{"$f":"IF($C131=\"S\",IF($Z131=\"CP\",$X131,IF($Z131=\"RA\",(($X131)*QCI!$AA$3),0)),SomaAgrup)","v":15.79},0,{"$f":"IF($N131=\"\",\"\",IF(ORÇAMENTO.Descricao=\"\",\"DESCRIÇÃO\",IF(AND($C131=\"S\",ORÇAMENTO.Unidade=\"\"),\"UNIDADE\",IF($X131<0,\"VALOR NEGATIVO\",IF(OR(AND(TIPOORCAMENTO=\"Proposto\",$AG131<>\"\",$AG131>0,ORÇAMENTO.CustoUnitario>$AG131),AND(TIPOORCAMENTO=\"LICITADO\",ORÇAMENTO.PrecoUnitarioLicitado>$AN131)),\"ACIMA REF.\",\"\")))))","v":""},{"$f":"IF(C131<=CRONO.NivelExibicao,MAX($AD$15:OFFSET(AD131,-1,0))+IF($C131<>1,1,MAX(1,COUNTIF(QCI!$A$13:$A$32,OFFSET($E131,-1,0)))),\"\")","v":""},{"$f":"IF(AND($C131=\"S\",ORÇAMENTO.CodBarra<>\"\"),IF(ORÇAMENTO.Fonte=\"\",ORÇAMENTO.CodBarra,CONCATENATE(ORÇAMENTO.Fonte,\" \",ORÇAMENTO.CodBarra)))","v":"SINAPI 95875"},{"$f":"IF(ISERROR(INDIRECT(ORÇAMENTO.BancoRef)),\"(abra o arquivo 'Referência \"&Excel_BuiltIn_Database&\".xls)\",IF(OR($C131<>\"S\",ORÇAMENTO.CodBarra=\"\"),\"(Sem Código)\",IF(ISERROR(MATCH($AE131,INDIRECT(ORÇAMENTO.BancoRef),0)),\"(Código não identificado nas referências)\",MATCH($AE131,INDIRECT(ORÇAMENTO.BancoRef),0))))","v":"(abra o arquivo 'Referência 06-2023.xls)"},{"$f":"ROUND(IF(DESONERACAO=\"sim\",REFERENCIA.Desonerado,REFERENCIA.NaoDesonerado),2)","v":0},0.23530000000000001,null,{"$f":"AJ130*2","v":5.7380000000000004},null,null,15.79,2.75]
[2,2,2,3,{"$f":"IF($C132=1,OFFSET(E132,-1,0)+MAX(1,COUNTIF(QCI!$A$13:$A$32,OFFSET(ORÇAMENTO!E132,-1,0))),OFFSET(E132,-1,0))","v":3},4,0,0,0,44,{"$f":"IF(OR($C132=\"S\",$C132=0),0,MATCH(OFFSET($D132,0,$C132)+IF($C132<>1,1,COUNTIF(QCI!$A$13:$A$32,ORÇAMENTO!E132)),OFFSET($D132,1,$C132,ROW($C$850)-ROW($C132)),0))","v":3},"F","Nível 2","Nível 2","3.4.","SINAPI",null,"DRENAGEM","-",{"$f":"OFFSET(CÁLCULO!H$15,ROW($T132)-ROW(T$15),0)","v":0},0,"BDI 1",{"$f":"IF($C132=\"S\",ROUND(IF(TIPOORCAMENTO=\"Proposto\",ORÇAMENTO.CustoUnitario*(1+$AH132),ORÇAMENTO.PrecoUnitarioLicitado),15-13*$AF$10),0)","v":0},25871.63,"RA","",{"$f":"IF($C132=\"S\",IF($Z132=\"CP\",$X132,IF($Z132=\"RA\",(($X132)*QCI!$AA$3),0)),SomaAgrup)","v":25871.63},0,{"$f":"IF($N132=\"\",\"\",IF(ORÇAMENTO.Descricao=\"\",\"DESCRIÇÃO\",IF(AND($C132=\"S\",ORÇAMENTO.Unidade=\"\"),\"UNIDADE\",IF($X132<0,\"VALOR NEGATIVO\",IF(OR(AND(TIPOORCAMENTO=\"Proposto\",$AG132<>\"\",$AG132>0,ORÇAMENTO.CustoUnitario>$AG132),AND(TIPOORCAMENTO=\"LICITADO\",ORÇAMENTO.PrecoUnitarioLicitado>$AN132)),\"ACIMA REF.\",\"\")))))","v":""},{"$f":"IF(C132<=CRONO.NivelExibicao,MAX($AD$15:OFFSET(AD132,-1,0))+IF($C132<>1,1,MAX(1,COUNTIF(QCI!$A$13:$A$32,OFFSET($E132,-1,0)))),\"\")","v":""},{"$f":"IF(AND($C132=\"S\",ORÇAMENTO.CodBarra<>\"\"),IF(ORÇAMENTO.Fonte=\"\",ORÇAMENTO.CodBarra,CONCATENATE(ORÇAMENTO.Fonte,\" \",ORÇAMENTO.CodBarra)))","v":false},{"$f":"IF(ISERROR(INDIRECT(ORÇAMENTO.BancoRef)),\"(abra o arquivo 'Referência \"&Excel_BuiltIn_Database&\".xls)\",IF(OR($C132<>\"S\",ORÇAMENTO.CodBarra=\"\"),\"(Sem Código)\",IF(ISERROR(MATCH($AE132,INDIRECT(ORÇAMENTO.BancoRef),0)),\"(Código não identificado nas referências)\",MATCH($AE132,INDIRECT(ORÇAMENTO.BancoRef),0))))","v":"(abra o arquivo 'Referência 06-2023.xls)"},{"$f":"ROUND(IF(DESONERACAO=\"sim\",REFERENCIA.Desonerado,REFERENCIA.NaoDesonerado),2)","v":0},0.23530000000000001,null,null,null,null,25871.63,0]
["S",2,"S",0,{"$f":"IF($C133=1,OFFSET(E133,-1,0)+MAX(1,COUNTIF(QCI!$A$13:$A$32,OFFSET(ORÇAMENTO!E133,-1,0))),OFFSET(E133,-1,0))","v":3},4,0,0,1,0,{"$f":"IF(OR($C133=\"S\",$C133=0),0,MATCH(OFFSET($D133,0,$C133)+IF($C133<>1,1,COUNTIF(QCI!$A$13:$A$32,ORÇAMENTO!E133)),OFFSET($D133,1,$C133,ROW($C$850)-ROW($C133)),0))","v":0},"F","Serviço","Serviço","3.4.1.","SINAPI",92219,"TUBO DE CONCRETO PARA REDES COLETORAS DE ÁGUAS PLUVIAIS, DIÂMETRO DE 400 MM, JUNTA RÍGIDA, INSTALADO EM LOCAL COM ALTO NÍVEL DE INTERFERÊNCIAS - FORNECIMENTO E ASSENTAMENTO. AF_12/2015","M",{"$f":"OFFSET(CÁLCULO!H$15,ROW($T133)-ROW(T$15),0)","v":44},178.6,"BDI 1",{"$f":"IF($C133=\"S\",ROUND(IF(TIPOORCAMENTO=\"Proposto\",ORÇAMENTO.CustoUnitario*(1+$AH133),ORÇAMENTO.PrecoUnitarioLicitado),15-13*$AF$10),0)","v":220.62},9707.2800000000007,"RA","RA",{"$f":"IF($C133=\"S\",IF($Z133=\"CP\",$X133,IF($Z133=\"RA\",(($X133)*QCI!$AA$3),0)),SomaAgrup)","v":9707.2800000000007},0,{"$f":"IF($N133=\"\",\"\",IF(ORÇAMENTO.Descricao=\"\",\"DESCRIÇÃO\",IF(AND($C133=\"S\",ORÇAMENTO.Unidade=\"\"),\"UNIDADE\",IF($X133<0,\"VALOR NEGATIVO\",IF(OR(AND(TIPOORCAMENTO=\"Proposto\",$AG133<>\"\",$AG133>0,ORÇAMENTO.CustoUnitario>$AG133),AND(TIPOORCAMENTO=\"LICITADO\",ORÇAMENTO.PrecoUnitarioLicitado>$AN133)),\"ACIMA REF.\",\"\")))))","v":""},{"$f":"IF(C133<=CRONO.NivelExibicao,MAX($AD$15:OFFSET(AD133,-1,0))+IF($C133<>1,1,MAX(1,COUNTIF(QCI!$A$13:$A$32,OFFSET($E133,-1,0)))),\"\")","v":""},{"$f":"IF(AND($C133=\"S\",ORÇAMENTO.CodBarra<>\"\"),IF(ORÇAMENTO.Fonte=\"\",ORÇAMENTO.CodBarra,CONCATENATE(ORÇAMENTO.Fonte,\" \",ORÇAMENTO.CodBarra)))","v":"SINAPI 92219"},{"$f":"IF(ISERROR(INDIRECT(ORÇAMENTO.BancoRef)),\"(abra o arquivo 'Referência \"&Excel_BuiltIn_Database&\".xls)\",IF(OR($C133<>\"S\",ORÇAMENTO.CodBarra=\"\"),\"(Sem Código)\",IF(ISERROR(MATCH($AE133,INDIRECT(ORÇAMENTO.BancoRef),0)),\"(Código não identificado nas referências)\",MATCH($AE133,INDIRECT(ORÇAMENTO.BancoRef),0))))","v":"(abra o arquivo 'Referência 06-2023.xls)"},{"$f":"ROUND(IF(DESONERACAO=\"sim\",REFERENCIA.Desonerado,REFERENCIA.NaoDesonerado),2)","v":0},0.23530000000000001,null,44,null,null,9707.2800000000007,220.62]
["S",2,"S",0,{"$f":"IF($C134=1,OFFSET(E134,-1,0)+MAX(1,COUNTIF(QCI!$A$13:$A$32,OFFSET(ORÇAMENTO!E134,-1,0))),OFFSET(E134,-1,0))","v":3},4,0,0,2,0,{"$f":"IF(OR($C134=\"S\",$C134=0),0,MATCH(OFFSET($D134,0,$C134)+IF($C134<>1,1,COUNTIF(QCI!$A$13:$A$32,ORÇAMENTO!E134)),OFFSET($D134,1,$C134,ROW($C$850)-ROW($C134)),0))","v":0},"F","Serviço","Serviço","3.4.2.","AMMOC","BL01","BOCA DE LOBO EM CONCRETO ARMADO E GRADE DE AÇO EM BARRA DE FERRO CHATA 0,70M X 1,00M - TIPO 1 ","UND",{"$f":"OFFSET(CÁLCULO!H$15,ROW($T134)-ROW(T$15),0)","v":5},2617.0700000000002,"BDI 1",{"$f":"IF($C134=\"S\",ROUND(IF(TIPOORCAMENTO=\"Proposto\",ORÇAMENTO.CustoUnitario*(1+$AH134),ORÇAMENTO.PrecoUnitarioLicitado),15-13*$AF$10),0)","v":3232.87},16164.35,"RA","RA",{"$f":"IF($C134=\"S\",IF($Z134=\"CP\",$X134,IF($Z134=\"RA\",(($X134)*QCI!$AA$3),0)),SomaAgrup)","v":16164.35},0,{"$f":"IF($N134=\"\",\"\",IF(ORÇAMENTO.Descricao=\"\",\"DESCRIÇÃO\",IF(AND($C134=\"S\",ORÇAMENTO.Unidade=\"\"),\"UNIDADE\",IF($X134<0,\"VALOR NEGATIVO\",IF(OR(AND(TIPOORCAMENTO=\"Proposto\",$AG134<>\"\",$AG134>0,ORÇAMENTO.CustoUnitario>$AG134),AND(TIPOORCAMENTO=\"LICITADO\",ORÇAMENTO.PrecoUnitarioLicitado>$AN134)),\"ACIMA REF.\",\"\")))))","v":""},{"$f":"IF(C134<=CRONO.NivelExibicao,MAX($AD$15:OFFSET(AD134,-1,0))+IF($C134<>1,1,MAX(1,COUNTIF(QCI!$A$13:$A$32,OFFSET($E134,-1,0)))),\"\")","v":""},{"$f":"IF(AND($C134=\"S\",ORÇAMENTO.CodBarra<>\"\"),IF(ORÇAMENTO.Fonte=\"\",ORÇAMENTO.CodBarra,CONCATENATE(ORÇAMENTO.Fonte,\" \",ORÇAMENTO.CodBarra)))","v":"AMMOC BL01"},{"$f":"IF(ISERROR(INDIRECT(ORÇAMENTO.BancoRef)),\"(abra o arquivo 'Referência \"&Excel_BuiltIn_Database&\".xls)\",IF(OR($C134<>\"S\",ORÇAMENTO.CodBarra=\"\"),\"(Sem Código)\",IF(ISERROR(MATCH($AE134,INDIRECT(ORÇAMENTO.BancoRef),0)),\"(Código não identificado nas referências)\",MATCH($AE134,INDIRECT(ORÇAMENTO.BancoRef),0))))","v":"(abra o arquivo 'Referência 06-2023.xls)"},{"$f":"ROUND(IF(DESONERACAO=\"sim\",REFERENCIA.Desonerado,REFERENCIA.NaoDesonerado),2)","v":0},0.23530000000000001,null,5,null,null,16164.35,3232.87]
[2,2,2,4,{"$f":"IF($C135=1,OFFSET(E135,-1,0)+MAX(1,COUNTIF(QCI!$A$13:$A$32,OFFSET(ORÇAMENTO!E135,-1,0))),OFFSET(E135,-1,0))","v":3},5,0,0,0,41,{"$f":"IF(OR($C135=\"S\",$C135=0),0,MATCH(OFFSET($D135,0,$C135)+IF($C135<>1,1,COUNTIF(QCI!$A$13:$A$32,ORÇAMENTO!E135)),OFFSET($D135,1,$C135,ROW($C$850)-ROW($C135)),0))","v":4},"F","Nível 2","Nível 2","3.5.","SINAPI",null,"REATERROS","-",{"$f":"OFFSET(CÁLCULO!H$15,ROW($T135)-ROW(T$15),0)","v":0},0,"BDI 1",{"$f":"IF($C135=\"S\",ROUND(IF(TIPOORCAMENTO=\"Proposto\",ORÇAMENTO.CustoUnitario*(1+$AH135),ORÇAMENTO.PrecoUnitarioLicitado),15-13*$AF$10),0)","v":0},7229.75,"RA","",{"$f":"IF($C135=\"S\",IF($Z135=\"CP\",$X135,IF($Z135=\"RA\",(($X135)*QCI!$AA$3),0)),SomaAgrup)","v":7229.75},0,{"$f":"IF($N135=\"\",\"\",IF(ORÇAMENTO.Descricao=\"\",\"DESCRIÇÃO\",IF(AND($C135=\"S\",ORÇAMENTO.Unidade=\"\"),\"UNIDADE\",IF($X135<0,\"VALOR NEGATIVO\",IF(OR(AND(TIPOORCAMENTO=\"Proposto\",$AG135<>\"\",$AG135>0,ORÇAMENTO.CustoUnitario>$AG135),AND(TIPOORCAMENTO=\"LICITADO\",ORÇAMENTO.PrecoUnitarioLicitado>$AN135)),\"ACIMA REF.\",\"\")))))","v":""},{"$f":"IF(C135<=CRONO.NivelExibicao,MAX($AD$15:OFFSET(AD135,-1,0))+IF($C135<>1,1,MAX(1,COUNTIF(QCI!$A$13:$A$32,OFFSET($E135,-1,0)))),\"\")","v":""},{"$f":"IF(AND($C135=\"S\",ORÇAMENTO.CodBarra<>\"\"),IF(ORÇAMENTO.Fonte=\"\",ORÇAMENTO.CodBarra,CONCATENATE(ORÇAMENTO.Fonte,\" \",ORÇAMENTO.CodBarra)))","v":false},{"$f":"IF(ISERROR(INDIRECT(ORÇAMENTO.BancoRef)),\"(abra o arquivo 'Referência \"&Excel_BuiltIn_Database&\".xls)\",IF(OR($C135<>\"S\",ORÇAMENTO.CodBarra=\"\"),\"(Sem Código)\",IF(ISERROR(MATCH($AE135,INDIRECT(ORÇAMENTO.BancoRef),0)),\"(Código não identificado nas referências)\",MATCH($AE135,INDIRECT(ORÇAMENTO.BancoRef),0))))","v":"(abra o arquivo 'Referência 06-2023.xls)"},{"$f":"ROUND(IF(DESONERACAO=\"sim\",REFERENCIA.Desonerado,REFERENCIA.NaoDesonerado),2)","v":0},0.23530000000000001,null,null,null,null,7229.75,0]
["S",2,"S",0,{"$f":"IF($C136=1,OFFSET(E136,-1,0)+MAX(1,COUNTIF(QCI!$A$13:$A$32,OFFSET(ORÇAMENTO!E136,-1,0))),OFFSET(E136,-1,0))","v":3},5,0,0,1,0,{"$f":"IF(OR($C136=\"S\",$C136=0),0,MATCH(OFFSET($D136,0,$C136)+IF($C136<>1,1,COUNTIF(QCI!$A$13:$A$32,ORÇAMENTO!E136)),OFFSET($D136,1,$C136,ROW($C$850)-ROW($C136)),0))","v":0},"F","Serviço","Serviço","3.5.1.","SINAPI-I","4718","PEDRA BRITADA N. 2 (19 A 38 MM) PARA REATERRO DE VALAS","M3    ",{"$f":"OFFSET(CÁLCULO!H$15,ROW($T136)-ROW(T$15),0)","v":36.96},107.5,"BDI 1",{"$f":"IF($C136=\"S\",ROUND(IF(TIPOORCAMENTO=\"Proposto\",ORÇAMENTO.CustoUnitario*(1+$AH136),ORÇAMENTO.PrecoUnitarioLicitado),15-13*$AF$10),0)","v":132.79},4907.92,"RA","RA",{"$f":"IF($C136=\"S\",IF($Z136=\"CP\",$X136,IF($Z136=\"RA\",(($X136)*QCI!$AA$3),0)),SomaAgrup)","v":4907.92},0,{"$f":"IF($N136=\"\",\"\",IF(ORÇAMENTO.Descricao=\"\",\"DESCRIÇÃO\",IF(AND($C136=\"S\",ORÇAMENTO.Unidade=\"\"),\"UNIDADE\",IF($X136<0,\"VALOR NEGATIVO\",IF(OR(AND(TIPOORCAMENTO=\"Proposto\",$AG136<>\"\",$AG136>0,ORÇAMENTO.CustoUnitario>$AG136),AND(TIPOORCAMENTO=\"LICITADO\",ORÇAMENTO.PrecoUnitarioLicitado>$AN136)),\"ACIMA REF.\",\"\")))))","v":""},{"$f":"IF(C136<=CRONO.NivelExibicao,MAX($AD$15:OFFSET(AD136,-1,0))+IF($C136<>1,1,MAX(1,COUNTIF(QCI!$A$13:$A$32,OFFSET($E136,-1,0)))),\"\")","v":""},{"$f":"IF(AND($C136=\"S\",ORÇAMENTO.CodBarra<>\"\"),IF(ORÇAMENTO.Fonte=\"\",ORÇAMENTO.CodBarra,CONCATENATE(ORÇAMENTO.Fonte,\" \",ORÇAMENTO.CodBarra)))","v":"SINAPI-I 4718"},{"$f":"IF(ISERROR(INDIRECT(ORÇAMENTO.BancoRef)),\"(abra o arquivo 'Referência \"&Excel_BuiltIn_Database&\".xls)\",IF(OR($C136<>\"S\",ORÇAMENTO.CodBarra=\"\"),\"(Sem Código)\",IF(ISERROR(MATCH($AE136,INDIRECT(ORÇAMENTO.BancoRef),0)),\"(Código não identificado nas referências)\",MATCH($AE136,INDIRECT(ORÇAMENTO.BancoRef),0))))","v":"(abra o arquivo 'Referência 06-2023.xls)"},{"$f":"ROUND(IF(DESONERACAO=\"sim\",REFERENCIA.Desonerado,REFERENCIA.NaoDesonerado),2)","v":0},0.23530000000000001,null,36.96,null,null,4907.92,132.79]
["S",2,"S",0,{"$f":"IF($C137=1,OFFSET(E137,-1,0)+MAX(1,COUNTIF(QCI!$A$13:$A$32,OFFSET(ORÇAMENTO!E137,-1,0))),OFFSET(E137,-1,0))","v":3},5,0,0,2,0,{"$f":"IF(OR($C137=\"S\",$C137=0),0,MATCH(OFFSET($D137,0,$C137)+IF($C137<>1,1,COUNTIF(QCI!$A$13:$A$32,ORÇAMENTO!E137)),OFFSET($D137,1,$C137,ROW($C$850)-ROW($C137)),0))","v":0},"F","Serviço","Serviço","3.5.2.","SINAPI","100978","CARGA, MANOBRA E DESCARGA DE MATERIAL GRANULAR EM CAMINHÃO BASCULANTE - CARGA COM ESCAVADEIRA HIDRÁULICA","M3",{"$f":"OFFSET(CÁLCULO!H$15,ROW($T137)-ROW(T$15),0)","v":36.96},6.33,"BDI 1",{"$f":"IF($C137=\"S\",ROUND(IF(TIPOORCAMENTO=\"Proposto\",ORÇAMENTO.CustoUnitario*(1+$AH137),ORÇAMENTO.PrecoUnitarioLicitado),15-13*$AF$10),0)","v":7.82},289.02999999999997,"RA","RA",{"$f":"IF($C137=\"S\",IF($Z137=\"CP\",$X137,IF($Z137=\"RA\",(($X137)*QCI!$AA$3),0)),SomaAgrup)","v":289.02999999999997},0,{"$f":"IF($N137=\"\",\"\",IF(ORÇAMENTO.Descricao=\"\",\"DESCRIÇÃO\",IF(AND($C137=\"S\",ORÇAMENTO.Unidade=\"\"),\"UNIDADE\",IF($X137<0,\"VALOR NEGATIVO\",IF(OR(AND(TIPOORCAMENTO=\"Proposto\",$AG137<>\"\",$AG137>0,ORÇAMENTO.CustoUnitario>$AG137),AND(TIPOORCAMENTO=\"LICITADO\",ORÇAMENTO.PrecoUnitarioLicitado>$AN137)),\"ACIMA REF.\",\"\")))))","v":""},{"$f":"IF(C137<=CRONO.NivelExibicao,MAX($AD$15:OFFSET(AD137,-1,0))+IF($C137<>1,1,MAX(1,COUNTIF(QCI!$A$13:$A$32,OFFSET($E137,-1,0)))),\"\")","v":""},{"$f":"IF(AND($C137=\"S\",ORÇAMENTO.CodBarra<>\"\"),IF(ORÇAMENTO.Fonte=\"\",ORÇAMENTO.CodBarra,CONCATENATE(ORÇAMENTO.Fonte,\" \",ORÇAMENTO.CodBarra)))","v":"SINAPI 100978"},{"$f":"IF(ISERROR(INDIRECT(ORÇAMENTO.BancoRef)),\"(abra o arquivo 'Referência \"&Excel_BuiltIn_Database&\".xls)\",IF(OR($C137<>\"S\",ORÇAMENTO.CodBarra=\"\"),\"(Sem Código)\",IF(ISERROR(MATCH($AE137,INDIRECT(ORÇAMENTO.BancoRef),0)),\"(Código não identificado nas referências)\",MATCH($AE137,INDIRECT(ORÇAMENTO.BancoRef),0))))","v":"(abra o arquivo 'Referência 06-2023.xls)"},{"$f":"ROUND(IF(DESONERACAO=\"sim\",REFERENCIA.Desonerado,REFERENCIA.NaoDesonerado),2)","v":0},0.23530000000000001,null,{"$f":"AJ136","v":36.96},null,null,289.02999999999997,7.82]
["S",2,"S",0,{"$f":"IF($C138=1,OFFSET(E138,-1,0)+MAX(1,COUNTIF(QCI!$A$13:$A$32,OFFSET(ORÇAMENTO!E138,-1,0))),OFFSET(E138,-1,0))","v":3},5,0,0,3,0,{"$f":"IF(OR($C138=\"S\",$C138=0),0,MATCH(OFFSET($D138,0,$C138)+IF($C138<>1,1,COUNTIF(QCI!$A$13:$A$32,ORÇAMENTO!E138)),OFFSET($D138,1,$C138,ROW($C$850)-ROW($C138)),0))","v":0},"F","Serviço","Serviço","3.5.3.","SINAPI","95875","TRANSPORTE DE MATERIAL GRANULAR COM CAMINHÃO BASCULANTE, DMT = 20 KM","M3XKM",{"$f":"OFFSET(CÁLCULO!H$15,ROW($T138)-ROW(T$15),0)","v":739.2},2.23,"BDI 1",{"$f":"IF($C138=\"S\",ROUND(IF(TIPOORCAMENTO=\"Proposto\",ORÇAMENTO.CustoUnitario*(1+$AH138),ORÇAMENTO.PrecoUnitarioLicitado),15-13*$AF$10),0)","v":2.75},2032.8,"RA","RA",{"$f":"IF($C138=\"S\",IF($Z138=\"CP\",$X138,IF($Z138=\"RA\",(($X138)*QCI!$AA$3),0)),SomaAgrup)","v":2032.8},0,{"$f":"IF($N138=\"\",\"\",IF(ORÇAMENTO.Descricao=\"\",\"DESCRIÇÃO\",IF(AND($C138=\"S\",ORÇAMENTO.Unidade=\"\"),\"UNIDADE\",IF($X138<0,\"VALOR NEGATIVO\",IF(OR(AND(TIPOORCAMENTO=\"Proposto\",$AG138<>\"\",$AG138>0,ORÇAMENTO.CustoUnitario>$AG138),AND(TIPOORCAMENTO=\"LICITADO\",ORÇAMENTO.PrecoUnitarioLicitado>$AN138)),\"ACIMA REF.\",\"\")))))","v":""},{"$f":"IF(C138<=CRONO.NivelExibicao,MAX($AD$15:OFFSET(AD138,-1,0))+IF($C138<>1,1,MAX(1,COUNTIF(QCI!$A$13:$A$32,OFFSET($E138,-1,0)))),\"\")","v":""},{"$f":"IF(AND($C138=\"S\",ORÇAMENTO.CodBarra<>\"\"),IF(ORÇAMENTO.Fonte=\"\",ORÇAMENTO.CodBarra,CONCATENATE(ORÇAMENTO.Fonte,\" \",ORÇAMENTO.CodBarra)))","v":"SINAPI 95875"},{"$f":"IF(ISERROR(INDIRECT(ORÇAMENTO.BancoRef)),\"(abra o arquivo 'Referência \"&Excel_BuiltIn_Database&\".xls)\",IF(OR($C138<>\"S\",ORÇAMENTO.CodBarra=\"\"),\"(Sem Código)\",IF(ISERROR(MATCH($AE138,INDIRECT(ORÇAMENTO.BancoRef),0)),\"(Código não identificado nas referências)\",MATCH($AE138,INDIRECT(ORÇAMENTO.BancoRef),0))))","v":"(abra o arquivo 'Referência 06-2023.xls)"},{"$f":"ROUND(IF(DESONERACAO=\"sim\",REFERENCIA.Desonerado,REFERENCIA.NaoDesonerado),2)","v":0},0.23530000000000001,null,{"$f":"AJ137*20","v":739.2},null,null,2032.8,2.75]
[2,2,2,4,{"$f":"IF($C139=1,OFFSET(E139,-1,0)+MAX(1,COUNTIF(QCI!$A$13:$A$32,OFFSET(ORÇAMENTO!E139,-1,0))),OFFSET(E139,-1,0))","v":3},6,0,0,0,37,{"$f":"IF(OR($C139=\"S\",$C139=0),0,MATCH(OFFSET($D139,0,$C139)+IF($C139<>1,1,COUNTIF(QCI!$A$13:$A$32,ORÇAMENTO!E139)),OFFSET($D139,1,$C139,ROW($C$850)-ROW($C139)),0))","v":4},"F","Nível 2","Nível 2","3.6.","SINAPI",null,"BASE E SUB-BASE","-",{"$f":"OFFSET(CÁLCULO!H$15,ROW($T139)-ROW(T$15),0)","v":0},0,"BDI 1",{"$f":"IF($C139=\"S\",ROUND(IF(TIPOORCAMENTO=\"Proposto\",ORÇAMENTO.CustoUnitario*(1+$AH139),ORÇAMENTO.PrecoUnitarioLicitado),15-13*$AF$10),0)","v":0},30700.44,"RA","",{"$f":"IF($C139=\"S\",IF($Z139=\"CP\",$X139,IF($Z139=\"RA\",(($X139)*QCI!$AA$3),0)),SomaAgrup)","v":30700.440000000002},0,{"$f":"IF($N139=\"\",\"\",IF(ORÇAMENTO.Descricao=\"\",\"DESCRIÇÃO\",IF(AND($C139=\"S\",ORÇAMENTO.Unidade=\"\"),\"UNIDADE\",IF($X139<0,\"VALOR NEGATIVO\",IF(OR(AND(TIPOORCAMENTO=\"Proposto\",$AG139<>\"\",$AG139>0,ORÇAMENTO.CustoUnitario>$AG139),AND(TIPOORCAMENTO=\"LICITADO\",ORÇAMENTO.PrecoUnitarioLicitado>$AN139)),\"ACIMA REF.\",\"\")))))","v":""},{"$f":"IF(C139<=CRONO.NivelExibicao,MAX($AD$15:OFFSET(AD139,-1,0))+IF($C139<>1,1,MAX(1,COUNTIF(QCI!$A$13:$A$32,OFFSET($E139,-1,0)))),\"\")","v":""},{"$f":"IF(AND($C139=\"S\",ORÇAMENTO.CodBarra<>\"\"),IF(ORÇAMENTO.Fonte=\"\",ORÇAMENTO.CodBarra,CONCATENATE(ORÇAMENTO.Fonte,\" \",ORÇAMENTO.CodBarra)))","v":false},{"$f":"IF(ISERROR(INDIRECT(ORÇAMENTO.BancoRef)),\"(abra o arquivo 'Referência \"&Excel_BuiltIn_Database&\".xls)\",IF(OR($C139<>\"S\",ORÇAMENTO.CodBarra=\"\"),\"(Sem Código)\",IF(ISERROR(MATCH($AE139,INDIRECT(ORÇAMENTO.BancoRef),0)),\"(Código não identificado nas referências)\",MATCH($AE139,INDIRECT(ORÇAMENTO.BancoRef),0))))","v":"(abra o arquivo 'Referência 06-2023.xls)"},{"$f":"ROUND(IF(DESONERACAO=\"sim\",REFERENCIA.Desonerado,REFERENCIA.NaoDesonerado),2)","v":0},0.23530000000000001,null,null,null,null,30700.44,0]
["S",2,"S",0,{"$f":"IF($C140=1,OFFSET(E140,-1,0)+MAX(1,COUNTIF(QCI!$A$13:$A$32,OFFSET(ORÇAMENTO!E140,-1,0))),OFFSET(E140,-1,0))","v":3},6,0,0,1,0,{"$f":"IF(OR($C140=\"S\",$C140=0),0,MATCH(OFFSET($D140,0,$C140)+IF($C140<>1,1,COUNTIF(QCI!$A$13:$A$32,ORÇAMENTO!E140)),OFFSET($D140,1,$C140,ROW($C$850)-ROW($C140)),0))","v":0},"F","Serviço","Serviço","3.6.1.","SINAPI","96396","EXECUÇÃO E COMPACTAÇÃO DE BASE E OU SUB BASE PARA PAVIMENTAÇÃO DE BRITA GRADUADA SIMPLES - EXCLUSIVE CARGA E TRANSPORTE. AF_11/2019","M3",{"$f":"OFFSET(CÁLCULO!H$15,ROW($T140)-ROW(T$15),0)","v":107},181.41,"BDI 1",{"$f":"IF($C140=\"S\",ROUND(IF(TIPOORCAMENTO=\"Proposto\",ORÇAMENTO.CustoUnitario*(1+$AH140),ORÇAMENTO.PrecoUnitarioLicitado),15-13*$AF$10),0)","v":224.1},23978.7,"RA","RA",{"$f":"IF($C140=\"S\",IF($Z140=\"CP\",$X140,IF($Z140=\"RA\",(($X140)*QCI!$AA$3),0)),SomaAgrup)","v":23978.7},0,{"$f":"IF($N140=\"\",\"\",IF(ORÇAMENTO.Descricao=\"\",\"DESCRIÇÃO\",IF(AND($C140=\"S\",ORÇAMENTO.Unidade=\"\"),\"UNIDADE\",IF($X140<0,\"VALOR NEGATIVO\",IF(OR(AND(TIPOORCAMENTO=\"Proposto\",$AG140<>\"\",$AG140>0,ORÇAMENTO.CustoUnitario>$AG140),AND(TIPOORCAMENTO=\"LICITADO\",ORÇAMENTO.PrecoUnitarioLicitado>$AN140)),\"ACIMA REF.\",\"\")))))","v":""},{"$f":"IF(C140<=CRONO.NivelExibicao,MAX($AD$15:OFFSET(AD140,-1,0))+IF($C140<>1,1,MAX(1,COUNTIF(QCI!$A$13:$A$32,OFFSET($E140,-1,0)))),\"\")","v":""},{"$f":"IF(AND($C140=\"S\",ORÇAMENTO.CodBarra<>\"\"),IF(ORÇAMENTO.Fonte=\"\",ORÇAMENTO.CodBarra,CONCATENATE(ORÇAMENTO.Fonte,\" \",ORÇAMENTO.CodBarra)))","v":"SINAPI 96396"},{"$f":"IF(ISERROR(INDIRECT(ORÇAMENTO.BancoRef)),\"(abra o arquivo 'Referência \"&Excel_BuiltIn_Database&\".xls)\",IF(OR($C140<>\"S\",ORÇAMENTO.CodBarra=\"\"),\"(Sem Código)\",IF(ISERROR(MATCH($AE140,INDIRECT(ORÇAMENTO.BancoRef),0)),\"(Código não identificado nas referências)\",MATCH($AE140,INDIRECT(ORÇAMENTO.BancoRef),0))))","v":"(abra o arquivo 'Referência 06-2023.xls)"},{"$f":"ROUND(IF(DESONERACAO=\"sim\",REFERENCIA.Desonerado,REFERENCIA.NaoDesonerado),2)","v":0},0.23530000000000001,null,{"$f":"AJ149*0.1","v":107},null,null,23978.7,224.1]
["S",2,"S",0,{"$f":"IF($C141=1,OFFSET(E141,-1,0)+MAX(1,COUNTIF(QCI!$A$13:$A$32,OFFSET(ORÇAMENTO!E141,-1,0))),OFFSET(E141,-1,0))","v":3},6,0,0,2,0,{"$f":"IF(OR($C141=\"S\",$C141=0),0,MATCH(OFFSET($D141,0,$C141)+IF($C141<>1,1,COUNTIF(QCI!$A$13:$A$32,ORÇAMENTO!E141)),OFFSET($D141,1,$C141,ROW($C$850)-ROW($C141)),0))","v":0},"F","Serviço","Serviço","3.6.2.","SINAPI","100978","CARGA, MANOBRA E DESCARGA DE MATERIAL GRANULAR EM CAMINHÃO BASCULANTE - CARGA COM ESCAVADEIRA HIDRÁULICA","M3",{"$f":"OFFSET(CÁLCULO!H$15,ROW($T141)-ROW(T$15),0)","v":107},6.33,"BDI 1",{"$f":"IF($C141=\"S\",ROUND(IF(TIPOORCAMENTO=\"Proposto\",ORÇAMENTO.CustoUnitario*(1+$AH141),ORÇAMENTO.PrecoUnitarioLicitado),15-13*$AF$10),0)","v":7.82},836.74,"RA","RA",{"$f":"IF($C141=\"S\",IF($Z141=\"CP\",$X141,IF($Z141=\"RA\",(($X141)*QCI!$AA$3),0)),SomaAgrup)","v":836.74},0,{"$f":"IF($N141=\"\",\"\",IF(ORÇAMENTO.Descricao=\"\",\"DESCRIÇÃO\",IF(AND($C141=\"S\",ORÇAMENTO.Unidade=\"\"),\"UNIDADE\",IF($X141<0,\"VALOR NEGATIVO\",IF(OR(AND(TIPOORCAMENTO=\"Proposto\",$AG141<>\"\",$AG141>0,ORÇAMENTO.CustoUnitario>$AG141),AND(TIPOORCAMENTO=\"LICITADO\",ORÇAMENTO.PrecoUnitarioLicitado>$AN141)),\"ACIMA REF.\",\"\")))))","v":""},{"$f":"IF(C141<=CRONO.NivelExibicao,MAX($AD$15:OFFSET(AD141,-1,0))+IF($C141<>1,1,MAX(1,COUNTIF(QCI!$A$13:$A$32,OFFSET($E141,-1,0)))),\"\")","v":""},{"$f":"IF(AND($C141=\"S\",ORÇAMENTO.CodBarra<>\"\"),IF(ORÇAMENTO.Fonte=\"\",ORÇAMENTO.CodBarra,CONCATENATE(ORÇAMENTO.Fonte,\" \",ORÇAMENTO.CodBarra)))","v":"SINAPI 100978"},{"$f":"IF(ISERROR(INDIRECT(ORÇAMENTO.BancoRef)),\"(abra o arquivo 'Referência \"&Excel_BuiltIn_Database&\".xls)\",IF(OR($C141<>\"S\",ORÇAMENTO.CodBarra=\"\"),\"(Sem Código)\",IF(ISERROR(MATCH($AE141,INDIRECT(ORÇAMENTO.BancoRef),0)),\"(Código não identificado nas referências)\",MATCH($AE141,INDIRECT(ORÇAMENTO.BancoRef),0))))","v":"(abra o arquivo 'Referência 06-2023.xls)"},{"$f":"ROUND(IF(DESONERACAO=\"sim\",REFERENCIA.Desonerado,REFERENCIA.NaoDesonerado),2)","v":0},0.23530000000000001,null,{"$f":"AJ140","v":107},null,null,836.74,7.82]
["S",2,"S",0,{"$f":"IF($C142=1,OFFSET(E142,-1,0)+MAX(1,COUNTIF(QCI!$A$13:$A$32,OFFSET(ORÇAMENTO!E142,-1,0))),OFFSET(E142,-1,0))","v":3},6,0,0,3,0,{"$f":"IF(OR($C142=\"S\",$C142=0),0,MATCH(OFFSET($D142,0,$C142)+IF($C142<>1,1,COUNTIF(QCI!$A$13:$A$32,ORÇAMENTO!E142)),OFFSET($D142,1,$C142,ROW($C$850)-ROW($C142)),0))","v":0},"F","Serviço","Serviço","3.6.3.","SINAPI","95875","TRANSPORTE DE MATERIAL GRANULAR COM CAMINHÃO BASCULANTE, DMT = 20 KM","M3XKM",{"$f":"OFFSET(CÁLCULO!H$15,ROW($T142)-ROW(T$15),0)","v":2140},2.23,"BDI 1",{"$f":"IF($C142=\"S\",ROUND(IF(TIPOORCAMENTO=\"Proposto\",ORÇAMENTO.CustoUnitario*(1+$AH142),ORÇAMENTO.PrecoUnitarioLicitado),15-13*$AF$10),0)","v":2.75},5885,"RA","RA",{"$f":"IF($C142=\"S\",IF($Z142=\"CP\",$X142,IF($Z142=\"RA\",(($X142)*QCI!$AA$3),0)),SomaAgrup)","v":5885},0,{"$f":"IF($N142=\"\",\"\",IF(ORÇAMENTO.Descricao=\"\",\"DESCRIÇÃO\",IF(AND($C142=\"S\",ORÇAMENTO.Unidade=\"\"),\"UNIDADE\",IF($X142<0,\"VALOR NEGATIVO\",IF(OR(AND(TIPOORCAMENTO=\"Proposto\",$AG142<>\"\",$AG142>0,ORÇAMENTO.CustoUnitario>$AG142),AND(TIPOORCAMENTO=\"LICITADO\",ORÇAMENTO.PrecoUnitarioLicitado>$AN142)),\"ACIMA REF.\",\"\")))))","v":""},{"$f":"IF(C142<=CRONO.NivelExibicao,MAX($AD$15:OFFSET(AD142,-1,0))+IF($C142<>1,1,MAX(1,COUNTIF(QCI!$A$13:$A$32,OFFSET($E142,-1,0)))),\"\")","v":""},{"$f":"IF(AND($C142=\"S\",ORÇAMENTO.CodBarra<>\"\"),IF(ORÇAMENTO.Fonte=\"\",ORÇAMENTO.CodBarra,CONCATENATE(ORÇAMENTO.Fonte,\" \",ORÇAMENTO.CodBarra)))","v":"SINAPI 95875"},{"$f":"IF(ISERROR(INDIRECT(ORÇAMENTO.BancoRef)),\"(abra o arquivo 'Referência \"&Excel_BuiltIn_Database&\".xls)\",IF(OR($C142<>\"S\",ORÇAMENTO.CodBarra=\"\"),\"(Sem Código)\",IF(ISERROR(MATCH($AE142,INDIRECT(ORÇAMENTO.BancoRef),0)),\"(Código não identificado nas referências)\",MATCH($AE142,INDIRECT(ORÇAMENTO.BancoRef),0))))","v":"(abra o arquivo 'Referência 06-2023.xls)"},{"$f":"ROUND(IF(DESONERACAO=\"sim\",REFERENCIA.Desonerado,REFERENCIA.NaoDesonerado),2)","v":0},0.23530000000000001,null,{"$f":"AJ141*20","v":2140},null,null,5885,2.75]
[2,2,2,8,{"$f":"IF($C143=1,OFFSET(E143,-1,0)+MAX(1,COUNTIF(QCI!$A$13:$A$32,OFFSET(ORÇAMENTO!E143,-1,0))),OFFSET(E143,-1,0))","v":3},7,0,0,0,33,{"$f":"IF(OR($C143=\"S\",$C143=0),0,MATCH(OFFSET($D143,0,$C143)+IF($C143<>1,1,COUNTIF(QCI!$A$13:$A$32,ORÇAMENTO!E143)),OFFSET($D143,1,$C143,ROW($C$850)-ROW($C143)),0))","v":8},"F","Nível 2","Nível 2","3.7.","SINAPI",null,"PAVIMENTAÇÃO EM CONCRETO","-",{"$f":"OFFSET(CÁLCULO!H$15,ROW($T143)-ROW(T$15),0)","v":0},0,"BDI 1",{"$f":"IF($C143=\"S\",ROUND(IF(TIPOORCAMENTO=\"Proposto\",ORÇAMENTO.CustoUnitario*(1+$AH143),ORÇAMENTO.PrecoUnitarioLicitado),15-13*$AF$10),0)","v":0},188065.25,"RA","",{"$f":"IF($C143=\"S\",IF($Z143=\"CP\",$X143,IF($Z143=\"RA\",(($X143)*QCI!$AA$3),0)),SomaAgrup)","v":188065.25},0,{"$f":"IF($N143=\"\",\"\",IF(ORÇAMENTO.Descricao=\"\",\"DESCRIÇÃO\",IF(AND($C143=\"S\",ORÇAMENTO.Unidade=\"\"),\"UNIDADE\",IF($X143<0,\"VALOR NEGATIVO\",IF(OR(AND(TIPOORCAMENTO=\"Proposto\",$AG143<>\"\",$AG143>0,ORÇAMENTO.CustoUnitario>$AG143),AND(TIPOORCAMENTO=\"LICITADO\",ORÇAMENTO.PrecoUnitarioLicitado>$AN143)),\"ACIMA REF.\",\"\")))))","v":""},{"$f":"IF(C143<=CRONO.NivelExibicao,MAX($AD$15:OFFSET(AD143,-1,0))+IF($C143<>1,1,MAX(1,COUNTIF(QCI!$A$13:$A$32,OFFSET($E143,-1,0)))),\"\")","v":""},{"$f":"IF(AND($C143=\"S\",ORÇAMENTO.CodBarra<>\"\"),IF(ORÇAMENTO.Fonte=\"\",ORÇAMENTO.CodBarra,CONCATENATE(ORÇAMENTO.Fonte,\" \",ORÇAMENTO.CodBarra)))","v":false},{"$f":"IF(ISERROR(INDIRECT(ORÇAMENTO.BancoRef)),\"(abra o arquivo 'Referência \"&Excel_BuiltIn_Database&\".xls)\",IF(OR($C143<>\"S\",ORÇAMENTO.CodBarra=\"\"),\"(Sem Código)\",IF(ISERROR(MATCH($AE143,INDIRECT(ORÇAMENTO.BancoRef),0)),\"(Código não identificado nas referências)\",MATCH($AE143,INDIRECT(ORÇAMENTO.BancoRef),0))))","v":"(abra o arquivo 'Referência 06-2023.xls)"},{"$f":"ROUND(IF(DESONERACAO=\"sim\",REFERENCIA.Desonerado,REFERENCIA.NaoDesonerado),2)","v":0},0.23530000000000001,null,null,null,null,188065.25,0]
["S",2,"S",0,{"$f":"IF($C144=1,OFFSET(E144,-1,0)+MAX(1,COUNTIF(QCI!$A$13:$A$32,OFFSET(ORÇAMENTO!E144,-1,0))),OFFSET(E144,-1,0))","v":3},7,0,0,1,{"$f":"IF(OR($C144=\"S\",$C144=0),0,MATCH(0,OFFSET($D144,1,$C144,ROW($C$850)-ROW($C144)),0))","v":0},{"$f":"IF(OR($C144=\"S\",$C144=0),0,MATCH(OFFSET($D144,0,$C144)+IF($C144<>1,1,COUNTIF(QCI!$A$13:$A$32,ORÇAMENTO!E144)),OFFSET($D144,1,$C144,ROW($C$850)-ROW($C144)),0))","v":0},"F","Serviço","Serviço","3.7.1.","SINAPI-I","1346","FABRICAÇÃO, MONTAGEM E DESMONTAGEM DE FORMA PARA PAVIMENTAÇÃO EM CONCRETO EM CHAPA DE COMPENSADO","M2    ",{"$f":"OFFSET(CÁLCULO!H$15,ROW($T144)-ROW(T$15),0)","v":21.9},57.57,"BDI 1",{"$f":"IF($C144=\"S\",ROUND(IF(TIPOORCAMENTO=\"Proposto\",ORÇAMENTO.CustoUnitario*(1+$AH144),ORÇAMENTO.PrecoUnitarioLicitado),15-13*$AF$10),0)","v":71.12},1557.53,"RA","RA",{"$f":"IF($C144=\"S\",IF($Z144=\"CP\",$X144,IF($Z144=\"RA\",(($X144)*QCI!$AA$3),0)),SomaAgrup)","v":1557.53},0,{"$f":"IF($N144=\"\",\"\",IF(ORÇAMENTO.Descricao=\"\",\"DESCRIÇÃO\",IF(AND($C144=\"S\",ORÇAMENTO.Unidade=\"\"),\"UNIDADE\",IF($X144<0,\"VALOR NEGATIVO\",IF(OR(AND(TIPOORCAMENTO=\"Proposto\",$AG144<>\"\",$AG144>0,ORÇAMENTO.CustoUnitario>$AG144),AND(TIPOORCAMENTO=\"LICITADO\",ORÇAMENTO.PrecoUnitarioLicitado>$AN144)),\"ACIMA REF.\",\"\")))))","v":""},{"$f":"IF(C144<=CRONO.NivelExibicao,MAX($AD$15:OFFSET(AD144,-1,0))+IF($C144<>1,1,MAX(1,COUNTIF(QCI!$A$13:$A$32,OFFSET($E144,-1,0)))),\"\")","v":""},{"$f":"IF(AND($C144=\"S\",ORÇAMENTO.CodBarra<>\"\"),IF(ORÇAMENTO.Fonte=\"\",ORÇAMENTO.CodBarra,CONCATENATE(ORÇAMENTO.Fonte,\" \",ORÇAMENTO.CodBarra)))","v":"SINAPI-I 1346"},{"$f":"IF(ISERROR(INDIRECT(ORÇAMENTO.BancoRef)),\"(abra o arquivo 'Referência \"&Excel_BuiltIn_Database&\".xls)\",IF(OR($C144<>\"S\",ORÇAMENTO.CodBarra=\"\"),\"(Sem Código)\",IF(ISERROR(MATCH($AE144,INDIRECT(ORÇAMENTO.BancoRef),0)),\"(Código não identificado nas referências)\",MATCH($AE144,INDIRECT(ORÇAMENTO.BancoRef),0))))","v":"(abra o arquivo 'Referência 06-2023.xls)"},{"$f":"ROUND(IF(DESONERACAO=\"sim\",REFERENCIA.Desonerado,REFERENCIA.NaoDesonerado),2)","v":0},0.23530000000000001,null,{"$f":"182.5*0.12","v":21.9},null,null,1557.53,71.12]
["S",2,"S",0,{"$f":"IF($C145=1,OFFSET(E145,-1,0)+MAX(1,COUNTIF(QCI!$A$13:$A$32,OFFSET(ORÇAMENTO!E145,-1,0))),OFFSET(E145,-1,0))","v":3},7,0,0,2,0,{"$f":"IF(OR($C145=\"S\",$C145=0),0,MATCH(OFFSET($D145,0,$C145)+IF($C145<>1,1,COUNTIF(QCI!$A$13:$A$32,ORÇAMENTO!E145)),OFFSET($D145,1,$C145,ROW($C$850)-ROW($C145)),0))","v":0},"F","Serviço","Serviço","3.7.2.","SINAPI-I","7156","ARMAÇÃO PARA EXECUÇÃO DE PAVIMENTAÇÃO EM CONCRETO, COM USO DE TELA Q-196.","M2    ",{"$f":"OFFSET(CÁLCULO!H$15,ROW($T145)-ROW(T$15),0)","v":1070},29.25,"BDI 1",{"$f":"IF($C145=\"S\",ROUND(IF(TIPOORCAMENTO=\"Proposto\",ORÇAMENTO.CustoUnitario*(1+$AH145),ORÇAMENTO.PrecoUnitarioLicitado),15-13*$AF$10),0)","v":36.130000000000003},38659.1,"RA","RA",{"$f":"IF($C145=\"S\",IF($Z145=\"CP\",$X145,IF($Z145=\"RA\",(($X145)*QCI!$AA$3),0)),SomaAgrup)","v":38659.1},0,{"$f":"IF($N145=\"\",\"\",IF(ORÇAMENTO.Descricao=\"\",\"DESCRIÇÃO\",IF(AND($C145=\"S\",ORÇAMENTO.Unidade=\"\"),\"UNIDADE\",IF($X145<0,\"VALOR NEGATIVO\",IF(OR(AND(TIPOORCAMENTO=\"Proposto\",$AG145<>\"\",$AG145>0,ORÇAMENTO.CustoUnitario>$AG145),AND(TIPOORCAMENTO=\"LICITADO\",ORÇAMENTO.PrecoUnitarioLicitado>$AN145)),\"ACIMA REF.\",\"\")))))","v":""},{"$f":"IF(C145<=CRONO.NivelExibicao,MAX($AD$15:OFFSET(AD145,-1,0))+IF($C145<>1,1,MAX(1,COUNTIF(QCI!$A$13:$A$32,OFFSET($E145,-1,0)))),\"\")","v":""},{"$f":"IF(AND($C145=\"S\",ORÇAMENTO.CodBarra<>\"\"),IF(ORÇAMENTO.Fonte=\"\",ORÇAMENTO.CodBarra,CONCATENATE(ORÇAMENTO.Fonte,\" \",ORÇAMENTO.CodBarra)))","v":"SINAPI-I 7156"},{"$f":"IF(ISERROR(INDIRECT(ORÇAMENTO.BancoRef)),\"(abra o arquivo 'Referência \"&Excel_BuiltIn_Database&\".xls)\",IF(OR($C145<>\"S\",ORÇAMENTO.CodBarra=\"\"),\"(Sem Código)\",IF(ISERROR(MATCH($AE145,INDIRECT(ORÇAMENTO.BancoRef),0)),\"(Código não identificado nas referências)\",MATCH($AE145,INDIRECT(ORÇAMENTO.BancoRef),0))))","v":"(abra o arquivo 'Referência 06-2023.xls)"},{"$f":"ROUND(IF(DESONERACAO=\"sim\",REFERENCIA.Desonerado,REFERENCIA.NaoDesonerado),2)","v":0},0.23530000000000001,null,{"$f":"AJ149","v":1070},null,null,38659.1,36.130000000000003]
[{"$f":"CHOOSE(1+LOG(1+2*(ORÇAMENTO.Nivel=\"Meta\")+4*(ORÇAMENTO.Nivel=\"Nível 2\")+8*(ORÇAMENTO.Nivel=\"Nível 3\")+16*(ORÇAMENTO.Nivel=\"Nível 4\")+32*(ORÇAMENTO.Nivel=\"Serviço\"),2),0,1,2,3,4,\"S\")","v":"S"},{"$f":"IF(OR(C146=\"s\",C146=0),OFFSET(B146,-1,0),C146)","v":2},{"$f":"IF(OFFSET(C146,-1,0)=\"L\",1,IF(OFFSET(C146,-1,0)=1,2,IF(OR(A146=\"s\",A146=0),\"S\",IF(AND(OFFSET(C146,-1,0)=2,A146=4),3,IF(AND(OR(OFFSET(C146,-1,0)=\"s\",OFFSET(C146,-1,0)=0),A146<>\"s\",A146>OFFSET(B146,-1,0)),OFFSET(B146,-1,0),A146)))))","v":"S"},{"$f":"IF(OR(C146=\"S\",C146=0),0,IF(ISERROR(K146),J146,SMALL(J146:K146,1)))","v":0},{"$f":"IF($C146=1,OFFSET(E146,-1,0)+MAX(1,COUNTIF(QCI!$A$13:$A$32,OFFSET(ORÇAMENTO!E146,-1,0))),OFFSET(E146,-1,0))","v":3},{"$f":"IF($C146=1,0,IF($C146=2,OFFSET(F146,-1,0)+1,OFFSET(F146,-1,0)))","v":7},{"$f":"IF(AND($C146<=2,$C146<>0),0,IF($C146=3,OFFSET(G146,-1,0)+1,OFFSET(G146,-1,0)))","v":0},{"$f":"IF(AND($C146<=3,$C146<>0),0,IF($C146=4,OFFSET(H146,-1,0)+1,OFFSET(H146,-1,0)))","v":0},{"$f":"IF(AND($C146<=4,$C146<>0),0,IF(AND($C146=\"S\",$X146>0),OFFSET(I146,-1,0)+1,OFFSET(I146,-1,0)))","v":3},0,{"$f":"IF(OR($C146=\"S\",$C146=0),0,MATCH(OFFSET($D146,0,$C146)+IF($C146<>1,1,COUNTIF(QCI!$A$13:$A$32,ORÇAMENTO!E146)),OFFSET($D146,1,$C146,ROW($C$850)-ROW($C146)),0))","v":0},{"$f":"IF(OR($X146>0,$C146=1,$C146=2,$C146=3,$C146=4),\"F\",\"\")","v":"F"},"Serviço",{"$f":"CHOOSE(1+LOG(1+2*(C146=1)+4*(C146=2)+8*(C146=3)+16*(C146=4)+32*(C146=\"S\"),2),\"\",\"Meta\",\"Nível 2\",\"Nível 3\",\"Nível 4\",\"Serviço\")","v":"Serviço"},{"$f":"IF(OR($C146=0,$L146=\"\"),\"-\",CONCATENATE(E146&\".\",IF(AND($A$5>=2,$C146>=2),F146&\".\",\"\"),IF(AND($A$5>=3,$C146>=3),G146&\".\",\"\"),IF(AND($A$5>=4,$C146>=4),H146&\".\",\"\"),IF($C146=\"S\",I146&\".\",\"\")))","v":"3.7.3."},"SINAPI",97113,"APLICAÇÃO DE LONA PLÁSTICA PARA EXECUÇÃO DE PAVIMENTOS DE CONCRETO. AF_04/2022","M2",{"$f":"OFFSET(CÁLCULO!H$15,ROW($T146)-ROW(T$15),0)","v":1070},2.91,"BDI 1",{"$f":"IF($C146=\"S\",ROUND(IF(TIPOORCAMENTO=\"Proposto\",ORÇAMENTO.CustoUnitario*(1+$AH146),ORÇAMENTO.PrecoUnitarioLicitado),15-13*$AF$10),0)","v":3.59},{"$f":"IF($C146=\"S\",VTOTAL1,IF($C146=0,0,ROUND(SomaAgrup,15-13*$AF$11)))","v":3841.3},"RA",{"$f":"IF(AND($C146=\"S\",$X146>0),IF(ISBLANK($Y146),\"RA\",LEFT($Y146,2)),\"\")","v":"RA"},{"$f":"IF($C146=\"S\",IF($Z146=\"CP\",$X146,IF($Z146=\"RA\",(($X146)*QCI!$AA$3),0)),SomaAgrup)","v":3841.3},{"$f":"IF($C146=\"S\",IF($Z146=\"OU\",ROUND($X146,2),0),SomaAgrup)","v":0},{"$f":"IF($N146=\"\",\"\",IF(ORÇAMENTO.Descricao=\"\",\"DESCRIÇÃO\",IF(AND($C146=\"S\",ORÇAMENTO.Unidade=\"\"),\"UNIDADE\",IF($X146<0,\"VALOR NEGATIVO\",IF(OR(AND(TIPOORCAMENTO=\"Proposto\",$AG146<>\"\",$AG146>0,ORÇAMENTO.CustoUnitario>$AG146),AND(TIPOORCAMENTO=\"LICITADO\",ORÇAMENTO.PrecoUnitarioLicitado>$AN146)),\"ACIMA REF.\",\"\")))))","v":""},{"$f":"IF(C146<=CRONO.NivelExibicao,MAX($AD$15:OFFSET(AD146,-1,0))+IF($C146<>1,1,MAX(1,COUNTIF(QCI!$A$13:$A$32,OFFSET($E146,-1,0)))),\"\")","v":""},{"$f":"IF(AND($C146=\"S\",ORÇAMENTO.CodBarra<>\"\"),IF(ORÇAMENTO.Fonte=\"\",ORÇAMENTO.CodBarra,CONCATENATE(ORÇAMENTO.Fonte,\" \",ORÇAMENTO.CodBarra)))","v":"SINAPI 97113"},{"$f":"IF(ISERROR(INDIRECT(ORÇAMENTO.BancoRef)),\"(abra o arquivo 'Referência \"&Excel_BuiltIn_Database&\".xls)\",IF(OR($C146<>\"S\",ORÇAMENTO.CodBarra=\"\"),\"(Sem Código)\",IF(ISERROR(MATCH($AE146,INDIRECT(ORÇAMENTO.BancoRef),0)),\"(Código não identificado nas referências)\",MATCH($AE146,INDIRECT(ORÇAMENTO.BancoRef),0))))","v":"(abra o arquivo 'Referência 06-2023.xls)"},{"$f":"ROUND(IF(DESONERACAO=\"sim\",REFERENCIA.Desonerado,REFERENCIA.NaoDesonerado),2)","v":0},{"$f":"ROUND(IF(ISNUMBER(ORÇAMENTO.OpcaoBDI),ORÇAMENTO.OpcaoBDI,IF(LEFT(ORÇAMENTO.OpcaoBDI,3)=\"BDI\",HLOOKUP(ORÇAMENTO.OpcaoBDI,$F$4:$H$5,2,FALSE),0)),15-11*$AF$9)","v":0.23530000000000001},null,{"$f":"AJ149","v":1070},null,null,3841.3,{"$f":"ROUND(ORÇAMENTO.CustoUnitario*(1+$AH146),2)","v":3.59}]
["S",2,"S",0,{"$f":"IF($C147=1,OFFSET(E147,-1,0)+MAX(1,COUNTIF(QCI!$A$13:$A$32,OFFSET(ORÇAMENTO!E147,-1,0))),OFFSET(E147,-1,0))","v":3},7,0,0,4,0,{"$f":"IF(OR($C147=\"S\",$C147=0),0,MATCH(OFFSET($D147,0,$C147)+IF($C147<>1,1,COUNTIF(QCI!$A$13:$A$32,ORÇAMENTO!E147)),OFFSET($D147,1,$C147,ROW($C$850)-ROW($C147)),0))","v":0},"F","Serviço","Serviço","3.7.4.","SINAPI-I","34479","CONCRETO USINADO BOMBEAVEL, CLASSE DE RESISTENCIA C40, COM BRITA 0 E 1, SLUMP = 100 +/- 20 MM, INCLUI SERVICO DE BOMBEAMENTO (NBR 8953)","M3    ",{"$f":"OFFSET(CÁLCULO!H$15,ROW($T147)-ROW(T$15),0)","v":128.4},584,"BDI 1",{"$f":"IF($C147=\"S\",ROUND(IF(TIPOORCAMENTO=\"Proposto\",ORÇAMENTO.CustoUnitario*(1+$AH147),ORÇAMENTO.PrecoUnitarioLicitado),15-13*$AF$10),0)","v":721.42},92630.33,"RA","RA",{"$f":"IF($C147=\"S\",IF($Z147=\"CP\",$X147,IF($Z147=\"RA\",(($X147)*QCI!$AA$3),0)),SomaAgrup)","v":92630.33},0,{"$f":"IF($N147=\"\",\"\",IF(ORÇAMENTO.Descricao=\"\",\"DESCRIÇÃO\",IF(AND($C147=\"S\",ORÇAMENTO.Unidade=\"\"),\"UNIDADE\",IF($X147<0,\"VALOR NEGATIVO\",IF(OR(AND(TIPOORCAMENTO=\"Proposto\",$AG147<>\"\",$AG147>0,ORÇAMENTO.CustoUnitario>$AG147),AND(TIPOORCAMENTO=\"LICITADO\",ORÇAMENTO.PrecoUnitarioLicitado>$AN147)),\"ACIMA REF.\",\"\")))))","v":""},{"$f":"IF(C147<=CRONO.NivelExibicao,MAX($AD$15:OFFSET(AD147,-1,0))+IF($C147<>1,1,MAX(1,COUNTIF(QCI!$A$13:$A$32,OFFSET($E147,-1,0)))),\"\")","v":""},{"$f":"IF(AND($C147=\"S\",ORÇAMENTO.CodBarra<>\"\"),IF(ORÇAMENTO.Fonte=\"\",ORÇAMENTO.CodBarra,CONCATENATE(ORÇAMENTO.Fonte,\" \",ORÇAMENTO.CodBarra)))","v":"SINAPI-I 34479"},{"$f":"IF(ISERROR(INDIRECT(ORÇAMENTO.BancoRef)),\"(abra o arquivo 'Referência \"&Excel_BuiltIn_Database&\".xls)\",IF(OR($C147<>\"S\",ORÇAMENTO.CodBarra=\"\"),\"(Sem Código)\",IF(ISERROR(MATCH($AE147,INDIRECT(ORÇAMENTO.BancoRef),0)),\"(Código não identificado nas referências)\",MATCH($AE147,INDIRECT(ORÇAMENTO.BancoRef),0))))","v":"(abra o arquivo 'Referência 06-2023.xls)"},{"$f":"ROUND(IF(DESONERACAO=\"sim\",REFERENCIA.Desonerado,REFERENCIA.NaoDesonerado),2)","v":0},0.23530000000000001,null,{"$f":"AJ145*0.12","v":128.4},null,null,92630.33,721.42]
["S",2,"S",0,{"$f":"IF($C148=1,OFFSET(E148,-1,0)+MAX(1,COUNTIF(QCI!$A$13:$A$32,OFFSET(ORÇAMENTO!E148,-1,0))),OFFSET(E148,-1,0))","v":3},7,0,0,5,0,{"$f":"IF(OR($C148=\"S\",$C148=0),0,MATCH(OFFSET($D148,0,$C148)+IF($C148<>1,1,COUNTIF(QCI!$A$13:$A$32,ORÇAMENTO!E148)),OFFSET($D148,1,$C148,ROW($C$850)-ROW($C148)),0))","v":0},"F","Serviço","Serviço","3.7.5.","AMMOC","PAVCONC","LANÇAMENTO, ACABAMENTO, ADENSAMENTO PARA PAVIMENTAÇÃO EM CONCRETO","M3",{"$f":"OFFSET(CÁLCULO!H$15,ROW($T148)-ROW(T$15),0)","v":128.4},265.83,"BDI 1",{"$f":"IF($C148=\"S\",ROUND(IF(TIPOORCAMENTO=\"Proposto\",ORÇAMENTO.CustoUnitario*(1+$AH148),ORÇAMENTO.PrecoUnitarioLicitado),15-13*$AF$10),0)","v":328.38},42163.99,"RA","RA",{"$f":"IF($C148=\"S\",IF($Z148=\"CP\",$X148,IF($Z148=\"RA\",(($X148)*QCI!$AA$3),0)),SomaAgrup)","v":42163.99},0,{"$f":"IF($N148=\"\",\"\",IF(ORÇAMENTO.Descricao=\"\",\"DESCRIÇÃO\",IF(AND($C148=\"S\",ORÇAMENTO.Unidade=\"\"),\"UNIDADE\",IF($X148<0,\"VALOR NEGATIVO\",IF(OR(AND(TIPOORCAMENTO=\"Proposto\",$AG148<>\"\",$AG148>0,ORÇAMENTO.CustoUnitario>$AG148),AND(TIPOORCAMENTO=\"LICITADO\",ORÇAMENTO.PrecoUnitarioLicitado>$AN148)),\"ACIMA REF.\",\"\")))))","v":""},{"$f":"IF(C148<=CRONO.NivelExibicao,MAX($AD$15:OFFSET(AD148,-1,0))+IF($C148<>1,1,MAX(1,COUNTIF(QCI!$A$13:$A$32,OFFSET($E148,-1,0)))),\"\")","v":""},{"$f":"IF(AND($C148=\"S\",ORÇAMENTO.CodBarra<>\"\"),IF(ORÇAMENTO.Fonte=\"\",ORÇAMENTO.CodBarra,CONCATENATE(ORÇAMENTO.Fonte,\" \",ORÇAMENTO.CodBarra)))","v":"AMMOC PAVCONC"},{"$f":"IF(ISERROR(INDIRECT(ORÇAMENTO.BancoRef)),\"(abra o arquivo 'Referência \"&Excel_BuiltIn_Database&\".xls)\",IF(OR($C148<>\"S\",ORÇAMENTO.CodBarra=\"\"),\"(Sem Código)\",IF(ISERROR(MATCH($AE148,INDIRECT(ORÇAMENTO.BancoRef),0)),\"(Código não identificado nas referências)\",MATCH($AE148,INDIRECT(ORÇAMENTO.BancoRef),0))))","v":"(abra o arquivo 'Referência 06-2023.xls)"},{"$f":"ROUND(IF(DESONERACAO=\"sim\",REFERENCIA.Desonerado,REFERENCIA.NaoDesonerado),2)","v":0},0.23530000000000001,null,{"$f":"AJ147","v":128.4},null,null,42163.99,328.38]
["S",2,"S",0,{"$f":"IF($C149=1,OFFSET(E149,-1,0)+MAX(1,COUNTIF(QCI!$A$13:$A$32,OFFSET(ORÇAMENTO!E149,-1,0))),OFFSET(E149,-1,0))","v":3},7,0,0,6,0,{"$f":"IF(OR($C149=\"S\",$C149=0),0,MATCH(OFFSET($D149,0,$C149)+IF($C149<>1,1,COUNTIF(QCI!$A$13:$A$32,ORÇAMENTO!E149)),OFFSET($D149,1,$C149,ROW($C$850)-ROW($C149)),0))","v":0},"F","Serviço","Serviço","3.7.6.","AMMOC","192","CURA QUÍMICA PARA PAVIMENTO DE CONCRETO - APLICAÇÃO MANUAL COM BORRIFADOR DE BAIXA PRESSÃO","M2",{"$f":"OFFSET(CÁLCULO!H$15,ROW($T149)-ROW(T$15),0)","v":1070},6.73,"BDI 1",{"$f":"IF($C149=\"S\",ROUND(IF(TIPOORCAMENTO=\"Proposto\",ORÇAMENTO.CustoUnitario*(1+$AH149),ORÇAMENTO.PrecoUnitarioLicitado),15-13*$AF$10),0)","v":8.31},8891.7000000000007,"RA","RA",{"$f":"IF($C149=\"S\",IF($Z149=\"CP\",$X149,IF($Z149=\"RA\",(($X149)*QCI!$AA$3),0)),SomaAgrup)","v":8891.7000000000007},0,{"$f":"IF($N149=\"\",\"\",IF(ORÇAMENTO.Descricao=\"\",\"DESCRIÇÃO\",IF(AND($C149=\"S\",ORÇAMENTO.Unidade=\"\"),\"UNIDADE\",IF($X149<0,\"VALOR NEGATIVO\",IF(OR(AND(TIPOORCAMENTO=\"Proposto\",$AG149<>\"\",$AG149>0,ORÇAMENTO.CustoUnitario>$AG149),AND(TIPOORCAMENTO=\"LICITADO\",ORÇAMENTO.PrecoUnitarioLicitado>$AN149)),\"ACIMA REF.\",\"\")))))","v":""},{"$f":"IF(C149<=CRONO.NivelExibicao,MAX($AD$15:OFFSET(AD149,-1,0))+IF($C149<>1,1,MAX(1,COUNTIF(QCI!$A$13:$A$32,OFFSET($E149,-1,0)))),\"\")","v":""},{"$f":"IF(AND($C149=\"S\",ORÇAMENTO.CodBarra<>\"\"),IF(ORÇAMENTO.Fonte=\"\",ORÇAMENTO.CodBarra,CONCATENATE(ORÇAMENTO.Fonte,\" \",ORÇAMENTO.CodBarra)))","v":"AMMOC 192"},{"$f":"IF(ISERROR(INDIRECT(ORÇAMENTO.BancoRef)),\"(abra o arquivo 'Referência \"&Excel_BuiltIn_Database&\".xls)\",IF(OR($C149<>\"S\",ORÇAMENTO.CodBarra=\"\"),\"(Sem Código)\",IF(ISERROR(MATCH($AE149,INDIRECT(ORÇAMENTO.BancoRef),0)),\"(Código não identificado nas referências)\",MATCH($AE149,INDIRECT(ORÇAMENTO.BancoRef),0))))","v":"(abra o arquivo 'Referência 06-2023.xls)"},{"$f":"ROUND(IF(DESONERACAO=\"sim\",REFERENCIA.Desonerado,REFERENCIA.NaoDesonerado),2)","v":0},0.23530000000000001,null,1070,null,null,8891.7000000000007,8.31]
["S",2,"S",0,{"$f":"IF($C150=1,OFFSET(E150,-1,0)+MAX(1,COUNTIF(QCI!$A$13:$A$32,OFFSET(ORÇAMENTO!E150,-1,0))),OFFSET(E150,-1,0))","v":3},7,0,0,7,0,{"$f":"IF(OR($C150=\"S\",$C150=0),0,MATCH(OFFSET($D150,0,$C150)+IF($C150<>1,1,COUNTIF(QCI!$A$13:$A$32,ORÇAMENTO!E150)),OFFSET($D150,1,$C150,ROW($C$850)-ROW($C150)),0))","v":0},"F","Serviço","Serviço","3.7.7.","SINAPI","97114","EXECUÇÃO DE JUNTAS DE DILATAÇÃO PARA PAVIMENTOS DE CONCRETO","M",{"$f":"OFFSET(CÁLCULO!H$15,ROW($T150)-ROW(T$15),0)","v":630},0.41,"BDI 1",{"$f":"IF($C150=\"S\",ROUND(IF(TIPOORCAMENTO=\"Proposto\",ORÇAMENTO.CustoUnitario*(1+$AH150),ORÇAMENTO.PrecoUnitarioLicitado),15-13*$AF$10),0)","v":0.51},321.3,"RA","RA",{"$f":"IF($C150=\"S\",IF($Z150=\"CP\",$X150,IF($Z150=\"RA\",(($X150)*QCI!$AA$3),0)),SomaAgrup)","v":321.3},0,{"$f":"IF($N150=\"\",\"\",IF(ORÇAMENTO.Descricao=\"\",\"DESCRIÇÃO\",IF(AND($C150=\"S\",ORÇAMENTO.Unidade=\"\"),\"UNIDADE\",IF($X150<0,\"VALOR NEGATIVO\",IF(OR(AND(TIPOORCAMENTO=\"Proposto\",$AG150<>\"\",$AG150>0,ORÇAMENTO.CustoUnitario>$AG150),AND(TIPOORCAMENTO=\"LICITADO\",ORÇAMENTO.PrecoUnitarioLicitado>$AN150)),\"ACIMA REF.\",\"\")))))","v":""},{"$f":"IF(C150<=CRONO.NivelExibicao,MAX($AD$15:OFFSET(AD150,-1,0))+IF($C150<>1,1,MAX(1,COUNTIF(QCI!$A$13:$A$32,OFFSET($E150,-1,0)))),\"\")","v":""},{"$f":"IF(AND($C150=\"S\",ORÇAMENTO.CodBarra<>\"\"),IF(ORÇAMENTO.Fonte=\"\",ORÇAMENTO.CodBarra,CONCATENATE(ORÇAMENTO.Fonte,\" \",ORÇAMENTO.CodBarra)))","v":"SINAPI 97114"},{"$f":"IF(ISERROR(INDIRECT(ORÇAMENTO.BancoRef)),\"(abra o arquivo 'Referência \"&Excel_BuiltIn_Database&\".xls)\",IF(OR($C150<>\"S\",ORÇAMENTO.CodBarra=\"\"),\"(Sem Código)\",IF(ISERROR(MATCH($AE150,INDIRECT(ORÇAMENTO.BancoRef),0)),\"(Código não identificado nas referências)\",MATCH($AE150,INDIRECT(ORÇAMENTO.BancoRef),0))))","v":"(abra o arquivo 'Referência 06-2023.xls)"},{"$f":"ROUND(IF(DESONERACAO=\"sim\",REFERENCIA.Desonerado,REFERENCIA.NaoDesonerado),2)","v":0},0.23530000000000001,null,630,null,null,321.3,0.51]
[{"$f":"CHOOSE(1+LOG(1+2*(ORÇAMENTO.Nivel=\"Meta\")+4*(ORÇAMENTO.Nivel=\"Nível 2\")+8*(ORÇAMENTO.Nivel=\"Nível 3\")+16*(ORÇAMENTO.Nivel=\"Nível 4\")+32*(ORÇAMENTO.Nivel=\"Serviço\"),2),0,1,2,3,4,\"S\")","v":2},2,2,3,{"$f":"IF($C151=1,OFFSET(E151,-1,0)+MAX(1,COUNTIF(QCI!$A$13:$A$32,OFFSET(ORÇAMENTO!E151,-1,0))),OFFSET(E151,-1,0))","v":3},8,0,0,0,25,{"$f":"IF(OR($C151=\"S\",$C151=0),0,MATCH(OFFSET($D151,0,$C151)+IF($C151<>1,1,COUNTIF(QCI!$A$13:$A$32,ORÇAMENTO!E151)),OFFSET($D151,1,$C151,ROW($C$850)-ROW($C151)),0))","v":3},"F","Nível 2","Nível 2","3.8.","SINAPI",null,"MEIO-FIO","-",{"$f":"OFFSET(CÁLCULO!H$15,ROW($T151)-ROW(T$15),0)","v":0},0,"BDI 1",{"$f":"IF($C151=\"S\",ROUND(IF(TIPOORCAMENTO=\"Proposto\",ORÇAMENTO.CustoUnitario*(1+$AH151),ORÇAMENTO.PrecoUnitarioLicitado),15-13*$AF$10),0)","v":0},{"$f":"IF($C151=\"S\",VTOTAL1,IF($C151=0,0,ROUND(SomaAgrup,15-13*$AF$11)))","v":6021.95},"RA","",{"$f":"IF($C151=\"S\",IF($Z151=\"CP\",$X151,IF($Z151=\"RA\",(($X151)*QCI!$AA$3),0)),SomaAgrup)","v":6021.9500000000007},{"$f":"IF($C151=\"S\",IF($Z151=\"OU\",ROUND($X151,2),0),SomaAgrup)","v":0},{"$f":"IF($N151=\"\",\"\",IF(ORÇAMENTO.Descricao=\"\",\"DESCRIÇÃO\",IF(AND($C151=\"S\",ORÇAMENTO.Unidade=\"\"),\"UNIDADE\",IF($X151<0,\"VALOR NEGATIVO\",IF(OR(AND(TIPOORCAMENTO=\"Proposto\",$AG151<>\"\",$AG151>0,ORÇAMENTO.CustoUnitario>$AG151),AND(TIPOORCAMENTO=\"LICITADO\",ORÇAMENTO.PrecoUnitarioLicitado>$AN151)),\"ACIMA REF.\",\"\")))))","v":""},{"$f":"IF(C151<=CRONO.NivelExibicao,MAX($AD$15:OFFSET(AD151,-1,0))+IF($C151<>1,1,MAX(1,COUNTIF(QCI!$A$13:$A$32,OFFSET($E151,-1,0)))),\"\")","v":""},{"$f":"IF(AND($C151=\"S\",ORÇAMENTO.CodBarra<>\"\"),IF(ORÇAMENTO.Fonte=\"\",ORÇAMENTO.CodBarra,CONCATENATE(ORÇAMENTO.Fonte,\" \",ORÇAMENTO.CodBarra)))","v":false},{"$f":"IF(ISERROR(INDIRECT(ORÇAMENTO.BancoRef)),\"(abra o arquivo 'Referência \"&Excel_BuiltIn_Database&\".xls)\",IF(OR($C151<>\"S\",ORÇAMENTO.CodBarra=\"\"),\"(Sem Código)\",IF(ISERROR(MATCH($AE151,INDIRECT(ORÇAMENTO.BancoRef),0)),\"(Código não identificado nas referências)\",MATCH($AE151,INDIRECT(ORÇAMENTO.BancoRef),0))))","v":"(abra o arquivo 'Referência 06-2023.xls)"},{"$f":"ROUND(IF(DESONERACAO=\"sim\",REFERENCIA.Desonerado,REFERENCIA.NaoDesonerado),2)","v":0},{"$f":"ROUND(IF(ISNUMBER(ORÇAMENTO.OpcaoBDI),ORÇAMENTO.OpcaoBDI,IF(LEFT(ORÇAMENTO.OpcaoBDI,3)=\"BDI\",HLOOKUP(ORÇAMENTO.OpcaoBDI,$F$4:$H$5,2,FALSE),0)),15-11*$AF$9)","v":0.23530000000000001},null,null,null,null,6021.95,{"$f":"ROUND(ORÇAMENTO.CustoUnitario*(1+$AH151),2)","v":0}]
["S",2,"S",0,{"$f":"IF($C152=1,OFFSET(E152,-1,0)+MAX(1,COUNTIF(QCI!$A$13:$A$32,OFFSET(ORÇAMENTO!E152,-1,0))),OFFSET(E152,-1,0))","v":3},8,0,0,1,0,{"$f":"IF(OR($C152=\"S\",$C152=0),0,MATCH(OFFSET($D152,0,$C152)+IF($C152<>1,1,COUNTIF(QCI!$A$13:$A$32,ORÇAMENTO!E152)),OFFSET($D152,1,$C152,ROW($C$850)-ROW($C152)),0))","v":0},"F","Serviço","Serviço","3.8.1.","SINAPI","94263","GUIA (MEIO-FIO) CONCRETO, MOLDADA  IN LOCO COM EXTRUSORA, 13 CM BASE X 22 CM ALTURA.","M",{"$f":"OFFSET(CÁLCULO!H$15,ROW($T152)-ROW(T$15),0)","v":23},36.369999999999997,"BDI 1",{"$f":"IF($C152=\"S\",ROUND(IF(TIPOORCAMENTO=\"Proposto\",ORÇAMENTO.CustoUnitario*(1+$AH152),ORÇAMENTO.PrecoUnitarioLicitado),15-13*$AF$10),0)","v":44.93},1033.3900000000001,"RA","RA",{"$f":"IF($C152=\"S\",IF($Z152=\"CP\",$X152,IF($Z152=\"RA\",(($X152)*QCI!$AA$3),0)),SomaAgrup)","v":1033.3900000000001},0,{"$f":"IF($N152=\"\",\"\",IF(ORÇAMENTO.Descricao=\"\",\"DESCRIÇÃO\",IF(AND($C152=\"S\",ORÇAMENTO.Unidade=\"\"),\"UNIDADE\",IF($X152<0,\"VALOR NEGATIVO\",IF(OR(AND(TIPOORCAMENTO=\"Proposto\",$AG152<>\"\",$AG152>0,ORÇAMENTO.CustoUnitario>$AG152),AND(TIPOORCAMENTO=\"LICITADO\",ORÇAMENTO.PrecoUnitarioLicitado>$AN152)),\"ACIMA REF.\",\"\")))))","v":""},{"$f":"IF(C152<=CRONO.NivelExibicao,MAX($AD$15:OFFSET(AD152,-1,0))+IF($C152<>1,1,MAX(1,COUNTIF(QCI!$A$13:$A$32,OFFSET($E152,-1,0)))),\"\")","v":""},{"$f":"IF(AND($C152=\"S\",ORÇAMENTO.CodBarra<>\"\"),IF(ORÇAMENTO.Fonte=\"\",ORÇAMENTO.CodBarra,CONCATENATE(ORÇAMENTO.Fonte,\" \",ORÇAMENTO.CodBarra)))","v":"SINAPI 94263"},{"$f":"IF(ISERROR(INDIRECT(ORÇAMENTO.BancoRef)),\"(abra o arquivo 'Referência \"&Excel_BuiltIn_Database&\".xls)\",IF(OR($C152<>\"S\",ORÇAMENTO.CodBarra=\"\"),\"(Sem Código)\",IF(ISERROR(MATCH($AE152,INDIRECT(ORÇAMENTO.BancoRef),0)),\"(Código não identificado nas referências)\",MATCH($AE152,INDIRECT(ORÇAMENTO.BancoRef),0))))","v":"(abra o arquivo 'Referência 06-2023.xls)"},{"$f":"ROUND(IF(DESONERACAO=\"sim\",REFERENCIA.Desonerado,REFERENCIA.NaoDesonerado),2)","v":0},0.23530000000000001,null,23,null,null,1033.3900000000001,44.93]
["S",{"$f":"IF(OR(C153=\"s\",C153=0),OFFSET(B153,-1,0),C153)","v":2},{"$f":"IF(OFFSET(C153,-1,0)=\"L\",1,IF(OFFSET(C153,-1,0)=1,2,IF(OR(A153=\"s\",A153=0),\"S\",IF(AND(OFFSET(C153,-1,0)=2,A153=4),3,IF(AND(OR(OFFSET(C153,-1,0)=\"s\",OFFSET(C153,-1,0)=0),A153<>\"s\",A153>OFFSET(B153,-1,0)),OFFSET(B153,-1,0),A153)))))","v":"S"},{"$f":"IF(OR(C153=\"S\",C153=0),0,IF(ISERROR(K153),J153,SMALL(J153:K153,1)))","v":0},{"$f":"IF($C153=1,OFFSET(E153,-1,0)+MAX(1,COUNTIF(QCI!$A$13:$A$32,OFFSET(ORÇAMENTO!E153,-1,0))),OFFSET(E153,-1,0))","v":3},{"$f":"IF($C153=1,0,IF($C153=2,OFFSET(F153,-1,0)+1,OFFSET(F153,-1,0)))","v":8},{"$f":"IF(AND($C153<=2,$C153<>0),0,IF($C153=3,OFFSET(G153,-1,0)+1,OFFSET(G153,-1,0)))","v":0},{"$f":"IF(AND($C153<=3,$C153<>0),0,IF($C153=4,OFFSET(H153,-1,0)+1,OFFSET(H153,-1,0)))","v":0},{"$f":"IF(AND($C153<=4,$C153<>0),0,IF(AND($C153=\"S\",$X153>0),OFFSET(I153,-1,0)+1,OFFSET(I153,-1,0)))","v":2},0,{"$f":"IF(OR($C153=\"S\",$C153=0),0,MATCH(OFFSET($D153,0,$C153)+IF($C153<>1,1,COUNTIF(QCI!$A$13:$A$32,ORÇAMENTO!E153)),OFFSET($D153,1,$C153,ROW($C$850)-ROW($C153)),0))","v":0},{"$f":"IF(OR($X153>0,$C153=1,$C153=2,$C153=3,$C153=4),\"F\",\"\")","v":"F"},"Serviço",{"$f":"CHOOSE(1+LOG(1+2*(C153=1)+4*(C153=2)+8*(C153=3)+16*(C153=4)+32*(C153=\"S\"),2),\"\",\"Meta\",\"Nível 2\",\"Nível 3\",\"Nível 4\",\"Serviço\")","v":"Serviço"},{"$f":"IF(OR($C153=0,$L153=\"\"),\"-\",CONCATENATE(E153&\".\",IF(AND($A$5>=2,$C153>=2),F153&\".\",\"\"),IF(AND($A$5>=3,$C153>=3),G153&\".\",\"\"),IF(AND($A$5>=4,$C153>=4),H153&\".\",\"\"),IF($C153=\"S\",I153&\".\",\"\")))","v":"3.8.2."},"AMMOC","MEIOFIO2","GUIA (MEIO-FIO) COM SARJETA CONJUGADA EM CONCRETO, MOLDADA  IN LOCO , 28 CM BASE X 22 CM ALTURA, CONFORME PROJETO","M",{"$f":"OFFSET(CÁLCULO!H$15,ROW($T153)-ROW(T$15),0)","v":71.5},56.48,"BDI 1",{"$f":"IF($C153=\"S\",ROUND(IF(TIPOORCAMENTO=\"Proposto\",ORÇAMENTO.CustoUnitario*(1+$AH153),ORÇAMENTO.PrecoUnitarioLicitado),15-13*$AF$10),0)","v":69.77},4988.5600000000004,"RA",{"$f":"IF(AND($C153=\"S\",$X153>0),IF(ISBLANK($Y153),\"RA\",LEFT($Y153,2)),\"\")","v":"RA"},{"$f":"IF($C153=\"S\",IF($Z153=\"CP\",$X153,IF($Z153=\"RA\",(($X153)*QCI!$AA$3),0)),SomaAgrup)","v":4988.5600000000004},0,{"$f":"IF($N153=\"\",\"\",IF(ORÇAMENTO.Descricao=\"\",\"DESCRIÇÃO\",IF(AND($C153=\"S\",ORÇAMENTO.Unidade=\"\"),\"UNIDADE\",IF($X153<0,\"VALOR NEGATIVO\",IF(OR(AND(TIPOORCAMENTO=\"Proposto\",$AG153<>\"\",$AG153>0,ORÇAMENTO.CustoUnitario>$AG153),AND(TIPOORCAMENTO=\"LICITADO\",ORÇAMENTO.PrecoUnitarioLicitado>$AN153)),\"ACIMA REF.\",\"\")))))","v":""},{"$f":"IF(C153<=CRONO.NivelExibicao,MAX($AD$15:OFFSET(AD153,-1,0))+IF($C153<>1,1,MAX(1,COUNTIF(QCI!$A$13:$A$32,OFFSET($E153,-1,0)))),\"\")","v":""},{"$f":"IF(AND($C153=\"S\",ORÇAMENTO.CodBarra<>\"\"),IF(ORÇAMENTO.Fonte=\"\",ORÇAMENTO.CodBarra,CONCATENATE(ORÇAMENTO.Fonte,\" \",ORÇAMENTO.CodBarra)))","v":"AMMOC MEIOFIO2"},{"$f":"IF(ISERROR(INDIRECT(ORÇAMENTO.BancoRef)),\"(abra o arquivo 'Referência \"&Excel_BuiltIn_Database&\".xls)\",IF(OR($C153<>\"S\",ORÇAMENTO.CodBarra=\"\"),\"(Sem Código)\",IF(ISERROR(MATCH($AE153,INDIRECT(ORÇAMENTO.BancoRef),0)),\"(Código não identificado nas referências)\",MATCH($AE153,INDIRECT(ORÇAMENTO.BancoRef),0))))","v":"(abra o arquivo 'Referência 06-2023.xls)"},{"$f":"ROUND(IF(DESONERACAO=\"sim\",REFERENCIA.Desonerado,REFERENCIA.NaoDesonerado),2)","v":0},0.23530000000000001,null,71.5,null,null,4988.5600000000004,69.77]
[2,{"$f":"IF(OR(C154=\"s\",C154=0),OFFSET(B154,-1,0),C154)","v":2},{"$f":"IF(OFFSET(C154,-1,0)=\"L\",1,IF(OFFSET(C154,-1,0)=1,2,IF(OR(A154=\"s\",A154=0),\"S\",IF(AND(OFFSET(C154,-1,0)=2,A154=4),3,IF(AND(OR(OFFSET(C154,-1,0)=\"s\",OFFSET(C154,-1,0)=0),A154<>\"s\",A154>OFFSET(B154,-1,0)),OFFSET(B154,-1,0),A154)))))","v":2},{"$f":"IF(OR(C154=\"S\",C154=0),0,IF(ISERROR(K154),J154,SMALL(J154:K154,1)))","v":2},{"$f":"IF($C154=1,OFFSET(E154,-1,0)+MAX(1,COUNTIF(QCI!$A$13:$A$32,OFFSET(ORÇAMENTO!E154,-1,0))),OFFSET(E154,-1,0))","v":3},{"$f":"IF($C154=1,0,IF($C154=2,OFFSET(F154,-1,0)+1,OFFSET(F154,-1,0)))","v":9},{"$f":"IF(AND($C154<=2,$C154<>0),0,IF($C154=3,OFFSET(G154,-1,0)+1,OFFSET(G154,-1,0)))","v":0},{"$f":"IF(AND($C154<=3,$C154<>0),0,IF($C154=4,OFFSET(H154,-1,0)+1,OFFSET(H154,-1,0)))","v":0},{"$f":"IF(AND($C154<=4,$C154<>0),0,IF(AND($C154=\"S\",$X154>0),OFFSET(I154,-1,0)+1,OFFSET(I154,-1,0)))","v":0},22,{"$f":"IF(OR($C154=\"S\",$C154=0),0,MATCH(OFFSET($D154,0,$C154)+IF($C154<>1,1,COUNTIF(QCI!$A$13:$A$32,ORÇAMENTO!E154)),OFFSET($D154,1,$C154,ROW($C$850)-ROW($C154)),0))","v":2},{"$f":"IF(OR($X154>0,$C154=1,$C154=2,$C154=3,$C154=4),\"F\",\"\")","v":"F"},"Nível 2",{"$f":"CHOOSE(1+LOG(1+2*(C154=1)+4*(C154=2)+8*(C154=3)+16*(C154=4)+32*(C154=\"S\"),2),\"\",\"Meta\",\"Nível 2\",\"Nível 3\",\"Nível 4\",\"Serviço\")","v":"Nível 2"},{"$f":"IF(OR($C154=0,$L154=\"\"),\"-\",CONCATENATE(E154&\".\",IF(AND($A$5>=2,$C154>=2),F154&\".\",\"\"),IF(AND($A$5>=3,$C154>=3),G154&\".\",\"\"),IF(AND($A$5>=4,$C154>=4),H154&\".\",\"\"),IF($C154=\"S\",I154&\".\",\"\")))","v":"3.9."},"SINAPI",null,"MURETA/CANTEIRO","-",{"$f":"OFFSET(CÁLCULO!H$15,ROW($T154)-ROW(T$15),0)","v":0},0,"BDI 1",{"$f":"IF($C154=\"S\",ROUND(IF(TIPOORCAMENTO=\"Proposto\",ORÇAMENTO.CustoUnitario*(1+$AH154),ORÇAMENTO.PrecoUnitarioLicitado),15-13*$AF$10),0)","v":0},5737.66,"RA",{"$f":"IF(AND($C154=\"S\",$X154>0),IF(ISBLANK($Y154),\"RA\",LEFT($Y154,2)),\"\")","v":""},{"$f":"IF($C154=\"S\",IF($Z154=\"CP\",$X154,IF($Z154=\"RA\",(($X154)*QCI!$AA$3),0)),SomaAgrup)","v":5737.66},0,{"$f":"IF($N154=\"\",\"\",IF(ORÇAMENTO.Descricao=\"\",\"DESCRIÇÃO\",IF(AND($C154=\"S\",ORÇAMENTO.Unidade=\"\"),\"UNIDADE\",IF($X154<0,\"VALOR NEGATIVO\",IF(OR(AND(TIPOORCAMENTO=\"Proposto\",$AG154<>\"\",$AG154>0,ORÇAMENTO.CustoUnitario>$AG154),AND(TIPOORCAMENTO=\"LICITADO\",ORÇAMENTO.PrecoUnitarioLicitado>$AN154)),\"ACIMA REF.\",\"\")))))","v":""},{"$f":"IF(C154<=CRONO.NivelExibicao,MAX($AD$15:OFFSET(AD154,-1,0))+IF($C154<>1,1,MAX(1,COUNTIF(QCI!$A$13:$A$32,OFFSET($E154,-1,0)))),\"\")","v":""},{"$f":"IF(AND($C154=\"S\",ORÇAMENTO.CodBarra<>\"\"),IF(ORÇAMENTO.Fonte=\"\",ORÇAMENTO.CodBarra,CONCATENATE(ORÇAMENTO.Fonte,\" \",ORÇAMENTO.CodBarra)))","v":false},{"$f":"IF(ISERROR(INDIRECT(ORÇAMENTO.BancoRef)),\"(abra o arquivo 'Referência \"&Excel_BuiltIn_Database&\".xls)\",IF(OR($C154<>\"S\",ORÇAMENTO.CodBarra=\"\"),\"(Sem Código)\",IF(ISERROR(MATCH($AE154,INDIRECT(ORÇAMENTO.BancoRef),0)),\"(Código não identificado nas referências)\",MATCH($AE154,INDIRECT(ORÇAMENTO.BancoRef),0))))","v":"(abra o arquivo 'Referência 06-2023.xls)"},{"$f":"ROUND(IF(DESONERACAO=\"sim\",REFERENCIA.Desonerado,REFERENCIA.NaoDesonerado),2)","v":0},0.23530000000000001,null,null,null,null,5737.66,0]
["S",2,"S",0,{"$f":"IF($C155=1,OFFSET(E155,-1,0)+MAX(1,COUNTIF(QCI!$A$13:$A$32,OFFSET(ORÇAMENTO!E155,-1,0))),OFFSET(E155,-1,0))","v":3},9,0,0,1,0,{"$f":"IF(OR($C155=\"S\",$C155=0),0,MATCH(OFFSET($D155,0,$C155)+IF($C155<>1,1,COUNTIF(QCI!$A$13:$A$32,ORÇAMENTO!E155)),OFFSET($D155,1,$C155,ROW($C$850)-ROW($C155)),0))","v":0},"F","Serviço","Serviço","3.9.1.","AMMOC",17,"MURETA PARA FLOREIRA H:35CM (20CM ENTERRADO), INCLUSO CHAPISCO, EMBOÇO E PINTURA","M",{"$f":"OFFSET(CÁLCULO!H$15,ROW($T155)-ROW(T$15),0)","v":61},76.14,"BDI 1",{"$f":"IF($C155=\"S\",ROUND(IF(TIPOORCAMENTO=\"Proposto\",ORÇAMENTO.CustoUnitario*(1+$AH155),ORÇAMENTO.PrecoUnitarioLicitado),15-13*$AF$10),0)","v":94.06},5737.66,"RA","RA",{"$f":"IF($C155=\"S\",IF($Z155=\"CP\",$X155,IF($Z155=\"RA\",(($X155)*QCI!$AA$3),0)),SomaAgrup)","v":5737.66},0,{"$f":"IF($N155=\"\",\"\",IF(ORÇAMENTO.Descricao=\"\",\"DESCRIÇÃO\",IF(AND($C155=\"S\",ORÇAMENTO.Unidade=\"\"),\"UNIDADE\",IF($X155<0,\"VALOR NEGATIVO\",IF(OR(AND(TIPOORCAMENTO=\"Proposto\",$AG155<>\"\",$AG155>0,ORÇAMENTO.CustoUnitario>$AG155),AND(TIPOORCAMENTO=\"LICITADO\",ORÇAMENTO.PrecoUnitarioLicitado>$AN155)),\"ACIMA REF.\",\"\")))))","v":""},{"$f":"IF(C155<=CRONO.NivelExibicao,MAX($AD$15:OFFSET(AD155,-1,0))+IF($C155<>1,1,MAX(1,COUNTIF(QCI!$A$13:$A$32,OFFSET($E155,-1,0)))),\"\")","v":""},{"$f":"IF(AND($C155=\"S\",ORÇAMENTO.CodBarra<>\"\"),IF(ORÇAMENTO.Fonte=\"\",ORÇAMENTO.CodBarra,CONCATENATE(ORÇAMENTO.Fonte,\" \",ORÇAMENTO.CodBarra)))","v":"AMMOC 17"},{"$f":"IF(ISERROR(INDIRECT(ORÇAMENTO.BancoRef)),\"(abra o arquivo 'Referência \"&Excel_BuiltIn_Database&\".xls)\",IF(OR($C155<>\"S\",ORÇAMENTO.CodBarra=\"\"),\"(Sem Código)\",IF(ISERROR(MATCH($AE155,INDIRECT(ORÇAMENTO.BancoRef),0)),\"(Código não identificado nas referências)\",MATCH($AE155,INDIRECT(ORÇAMENTO.BancoRef),0))))","v":"(abra o arquivo 'Referência 06-2023.xls)"},{"$f":"ROUND(IF(DESONERACAO=\"sim\",REFERENCIA.Desonerado,REFERENCIA.NaoDesonerado),2)","v":0},0.23530000000000001,null,61,null,null,5737.66,94.06]
[2,2,2,4,{"$f":"IF($C156=1,OFFSET(E156,-1,0)+MAX(1,COUNTIF(QCI!$A$13:$A$32,OFFSET(ORÇAMENTO!E156,-1,0))),OFFSET(E156,-1,0))","v":3},10,0,0,0,20,{"$f":"IF(OR($C156=\"S\",$C156=0),0,MATCH(OFFSET($D156,0,$C156)+IF($C156<>1,1,COUNTIF(QCI!$A$13:$A$32,ORÇAMENTO!E156)),OFFSET($D156,1,$C156,ROW($C$850)-ROW($C156)),0))","v":4},"F","Nível 2","Nível 2","3.10.","SINAPI",null,"PLANTIO DE GRAMA/ARBUSTO/ÁRVORE","-",{"$f":"OFFSET(CÁLCULO!H$15,ROW($T156)-ROW(T$15),0)","v":0},0,"BDI 1",{"$f":"IF($C156=\"S\",ROUND(IF(TIPOORCAMENTO=\"Proposto\",ORÇAMENTO.CustoUnitario*(1+$AH156),ORÇAMENTO.PrecoUnitarioLicitado),15-13*$AF$10),0)","v":0},1516.14,"RA","",{"$f":"IF($C156=\"S\",IF($Z156=\"CP\",$X156,IF($Z156=\"RA\",(($X156)*QCI!$AA$3),0)),SomaAgrup)","v":1516.1399999999999},0,{"$f":"IF($N156=\"\",\"\",IF(ORÇAMENTO.Descricao=\"\",\"DESCRIÇÃO\",IF(AND($C156=\"S\",ORÇAMENTO.Unidade=\"\"),\"UNIDADE\",IF($X156<0,\"VALOR NEGATIVO\",IF(OR(AND(TIPOORCAMENTO=\"Proposto\",$AG156<>\"\",$AG156>0,ORÇAMENTO.CustoUnitario>$AG156),AND(TIPOORCAMENTO=\"LICITADO\",ORÇAMENTO.PrecoUnitarioLicitado>$AN156)),\"ACIMA REF.\",\"\")))))","v":""},{"$f":"IF(C156<=CRONO.NivelExibicao,MAX($AD$15:OFFSET(AD156,-1,0))+IF($C156<>1,1,MAX(1,COUNTIF(QCI!$A$13:$A$32,OFFSET($E156,-1,0)))),\"\")","v":""},{"$f":"IF(AND($C156=\"S\",ORÇAMENTO.CodBarra<>\"\"),IF(ORÇAMENTO.Fonte=\"\",ORÇAMENTO.CodBarra,CONCATENATE(ORÇAMENTO.Fonte,\" \",ORÇAMENTO.CodBarra)))","v":false},{"$f":"IF(ISERROR(INDIRECT(ORÇAMENTO.BancoRef)),\"(abra o arquivo 'Referência \"&Excel_BuiltIn_Database&\".xls)\",IF(OR($C156<>\"S\",ORÇAMENTO.CodBarra=\"\"),\"(Sem Código)\",IF(ISERROR(MATCH($AE156,INDIRECT(ORÇAMENTO.BancoRef),0)),\"(Código não identificado nas referências)\",MATCH($AE156,INDIRECT(ORÇAMENTO.BancoRef),0))))","v":"(abra o arquivo 'Referência 06-2023.xls)"},{"$f":"ROUND(IF(DESONERACAO=\"sim\",REFERENCIA.Desonerado,REFERENCIA.NaoDesonerado),2)","v":0},0.23530000000000001,null,null,null,null,1516.14,0]
["S",2,"S",0,{"$f":"IF($C157=1,OFFSET(E157,-1,0)+MAX(1,COUNTIF(QCI!$A$13:$A$32,OFFSET(ORÇAMENTO!E157,-1,0))),OFFSET(E157,-1,0))","v":3},10,0,0,1,0,{"$f":"IF(OR($C157=\"S\",$C157=0),0,MATCH(OFFSET($D157,0,$C157)+IF($C157<>1,1,COUNTIF(QCI!$A$13:$A$32,ORÇAMENTO!E157)),OFFSET($D157,1,$C157,ROW($C$850)-ROW($C157)),0))","v":0},"F","Serviço","Serviço","3.10.1.","SINAPI",103946,"PLANTIO DE GRAMA ESMERALDA OU SÃO CARLOS OU CURITIBANA, EM PLACAS. AF_05/2022","M2",{"$f":"OFFSET(CÁLCULO!H$15,ROW($T157)-ROW(T$15),0)","v":27.5},16.48,"BDI 1",{"$f":"IF($C157=\"S\",ROUND(IF(TIPOORCAMENTO=\"Proposto\",ORÇAMENTO.CustoUnitario*(1+$AH157),ORÇAMENTO.PrecoUnitarioLicitado),15-13*$AF$10),0)","v":20.36},559.9,"RA","RA",{"$f":"IF($C157=\"S\",IF($Z157=\"CP\",$X157,IF($Z157=\"RA\",(($X157)*QCI!$AA$3),0)),SomaAgrup)","v":559.9},0,{"$f":"IF($N157=\"\",\"\",IF(ORÇAMENTO.Descricao=\"\",\"DESCRIÇÃO\",IF(AND($C157=\"S\",ORÇAMENTO.Unidade=\"\"),\"UNIDADE\",IF($X157<0,\"VALOR NEGATIVO\",IF(OR(AND(TIPOORCAMENTO=\"Proposto\",$AG157<>\"\",$AG157>0,ORÇAMENTO.CustoUnitario>$AG157),AND(TIPOORCAMENTO=\"LICITADO\",ORÇAMENTO.PrecoUnitarioLicitado>$AN157)),\"ACIMA REF.\",\"\")))))","v":""},{"$f":"IF(C157<=CRONO.NivelExibicao,MAX($AD$15:OFFSET(AD157,-1,0))+IF($C157<>1,1,MAX(1,COUNTIF(QCI!$A$13:$A$32,OFFSET($E157,-1,0)))),\"\")","v":""},{"$f":"IF(AND($C157=\"S\",ORÇAMENTO.CodBarra<>\"\"),IF(ORÇAMENTO.Fonte=\"\",ORÇAMENTO.CodBarra,CONCATENATE(ORÇAMENTO.Fonte,\" \",ORÇAMENTO.CodBarra)))","v":"SINAPI 103946"},{"$f":"IF(ISERROR(INDIRECT(ORÇAMENTO.BancoRef)),\"(abra o arquivo 'Referência \"&Excel_BuiltIn_Database&\".xls)\",IF(OR($C157<>\"S\",ORÇAMENTO.CodBarra=\"\"),\"(Sem Código)\",IF(ISERROR(MATCH($AE157,INDIRECT(ORÇAMENTO.BancoRef),0)),\"(Código não identificado nas referências)\",MATCH($AE157,INDIRECT(ORÇAMENTO.BancoRef),0))))","v":"(abra o arquivo 'Referência 06-2023.xls)"},{"$f":"ROUND(IF(DESONERACAO=\"sim\",REFERENCIA.Desonerado,REFERENCIA.NaoDesonerado),2)","v":0},0.23530000000000001,null,27.5,null,null,559.9,20.36]
["S",2,"S",0,{"$f":"IF($C158=1,OFFSET(E158,-1,0)+MAX(1,COUNTIF(QCI!$A$13:$A$32,OFFSET(ORÇAMENTO!E158,-1,0))),OFFSET(E158,-1,0))","v":3},10,0,0,2,0,{"$f":"IF(OR($C158=\"S\",$C158=0),0,MATCH(OFFSET($D158,0,$C158)+IF($C158<>1,1,COUNTIF(QCI!$A$13:$A$32,ORÇAMENTO!E158)),OFFSET($D158,1,$C158,ROW($C$850)-ROW($C158)),0))","v":0},"F","Serviço","Serviço","3.10.2.","SINAPI",98509,"PLANTIO DE ARBUSTO OU  CERCA VIVA. AF_05/2018","UN",{"$f":"OFFSET(CÁLCULO!H$15,ROW($T158)-ROW(T$15),0)","v":14},38.549999999999997,"BDI 1",{"$f":"IF($C158=\"S\",ROUND(IF(TIPOORCAMENTO=\"Proposto\",ORÇAMENTO.CustoUnitario*(1+$AH158),ORÇAMENTO.PrecoUnitarioLicitado),15-13*$AF$10),0)","v":47.62},666.68,"RA","RA",{"$f":"IF($C158=\"S\",IF($Z158=\"CP\",$X158,IF($Z158=\"RA\",(($X158)*QCI!$AA$3),0)),SomaAgrup)","v":666.68},0,{"$f":"IF($N158=\"\",\"\",IF(ORÇAMENTO.Descricao=\"\",\"DESCRIÇÃO\",IF(AND($C158=\"S\",ORÇAMENTO.Unidade=\"\"),\"UNIDADE\",IF($X158<0,\"VALOR NEGATIVO\",IF(OR(AND(TIPOORCAMENTO=\"Proposto\",$AG158<>\"\",$AG158>0,ORÇAMENTO.CustoUnitario>$AG158),AND(TIPOORCAMENTO=\"LICITADO\",ORÇAMENTO.PrecoUnitarioLicitado>$AN158)),\"ACIMA REF.\",\"\")))))","v":""},{"$f":"IF(C158<=CRONO.NivelExibicao,MAX($AD$15:OFFSET(AD158,-1,0))+IF($C158<>1,1,MAX(1,COUNTIF(QCI!$A$13:$A$32,OFFSET($E158,-1,0)))),\"\")","v":""},{"$f":"IF(AND($C158=\"S\",ORÇAMENTO.CodBarra<>\"\"),IF(ORÇAMENTO.Fonte=\"\",ORÇAMENTO.CodBarra,CONCATENATE(ORÇAMENTO.Fonte,\" \",ORÇAMENTO.CodBarra)))","v":"SINAPI 98509"},{"$f":"IF(ISERROR(INDIRECT(ORÇAMENTO.BancoRef)),\"(abra o arquivo 'Referência \"&Excel_BuiltIn_Database&\".xls)\",IF(OR($C158<>\"S\",ORÇAMENTO.CodBarra=\"\"),\"(Sem Código)\",IF(ISERROR(MATCH($AE158,INDIRECT(ORÇAMENTO.BancoRef),0)),\"(Código não identificado nas referências)\",MATCH($AE158,INDIRECT(ORÇAMENTO.BancoRef),0))))","v":"(abra o arquivo 'Referência 06-2023.xls)"},{"$f":"ROUND(IF(DESONERACAO=\"sim\",REFERENCIA.Desonerado,REFERENCIA.NaoDesonerado),2)","v":0},0.23530000000000001,null,14,null,null,666.68,47.62]
["S",2,"S",0,{"$f":"IF($C159=1,OFFSET(E159,-1,0)+MAX(1,COUNTIF(QCI!$A$13:$A$32,OFFSET(ORÇAMENTO!E159,-1,0))),OFFSET(E159,-1,0))","v":3},10,0,0,3,0,{"$f":"IF(OR($C159=\"S\",$C159=0),0,MATCH(OFFSET($D159,0,$C159)+IF($C159<>1,1,COUNTIF(QCI!$A$13:$A$32,ORÇAMENTO!E159)),OFFSET($D159,1,$C159,ROW($C$850)-ROW($C159)),0))","v":0},"F","Serviço","Serviço","3.10.3.","SINAPI",98511,"PLANTIO DE ÁRVORE ORNAMENTAL COM ALTURA DE MUDA MAIOR QUE 2,00 M E MENOR OU IGUAL A 4,00 M. AF_05/2018","UN",{"$f":"OFFSET(CÁLCULO!H$15,ROW($T159)-ROW(T$15),0)","v":2},117.2,"BDI 1",{"$f":"IF($C159=\"S\",ROUND(IF(TIPOORCAMENTO=\"Proposto\",ORÇAMENTO.CustoUnitario*(1+$AH159),ORÇAMENTO.PrecoUnitarioLicitado),15-13*$AF$10),0)","v":144.78},289.56,"RA","RA",{"$f":"IF($C159=\"S\",IF($Z159=\"CP\",$X159,IF($Z159=\"RA\",(($X159)*QCI!$AA$3),0)),SomaAgrup)","v":289.56},0,{"$f":"IF($N159=\"\",\"\",IF(ORÇAMENTO.Descricao=\"\",\"DESCRIÇÃO\",IF(AND($C159=\"S\",ORÇAMENTO.Unidade=\"\"),\"UNIDADE\",IF($X159<0,\"VALOR NEGATIVO\",IF(OR(AND(TIPOORCAMENTO=\"Proposto\",$AG159<>\"\",$AG159>0,ORÇAMENTO.CustoUnitario>$AG159),AND(TIPOORCAMENTO=\"LICITADO\",ORÇAMENTO.PrecoUnitarioLicitado>$AN159)),\"ACIMA REF.\",\"\")))))","v":""},{"$f":"IF(C159<=CRONO.NivelExibicao,MAX($AD$15:OFFSET(AD159,-1,0))+IF($C159<>1,1,MAX(1,COUNTIF(QCI!$A$13:$A$32,OFFSET($E159,-1,0)))),\"\")","v":""},{"$f":"IF(AND($C159=\"S\",ORÇAMENTO.CodBarra<>\"\"),IF(ORÇAMENTO.Fonte=\"\",ORÇAMENTO.CodBarra,CONCATENATE(ORÇAMENTO.Fonte,\" \",ORÇAMENTO.CodBarra)))","v":"SINAPI 98511"},{"$f":"IF(ISERROR(INDIRECT(ORÇAMENTO.BancoRef)),\"(abra o arquivo 'Referência \"&Excel_BuiltIn_Database&\".xls)\",IF(OR($C159<>\"S\",ORÇAMENTO.CodBarra=\"\"),\"(Sem Código)\",IF(ISERROR(MATCH($AE159,INDIRECT(ORÇAMENTO.BancoRef),0)),\"(Código não identificado nas referências)\",MATCH($AE159,INDIRECT(ORÇAMENTO.BancoRef),0))))","v":"(abra o arquivo 'Referência 06-2023.xls)"},{"$f":"ROUND(IF(DESONERACAO=\"sim\",REFERENCIA.Desonerado,REFERENCIA.NaoDesonerado),2)","v":0},0.23530000000000001,null,2,null,null,289.56,144.78]
[2,2,2,6,{"$f":"IF($C160=1,OFFSET(E160,-1,0)+MAX(1,COUNTIF(QCI!$A$13:$A$32,OFFSET(ORÇAMENTO!E160,-1,0))),OFFSET(E160,-1,0))","v":3},11,0,0,0,16,{"$f":"IF(OR($C160=\"S\",$C160=0),0,MATCH(OFFSET($D160,0,$C160)+IF($C160<>1,1,COUNTIF(QCI!$A$13:$A$32,ORÇAMENTO!E160)),OFFSET($D160,1,$C160,ROW($C$850)-ROW($C160)),0))","v":6},"F","Nível 2","Nível 2","3.11.","SINAPI",null,"SINALIZAÇÃO","-",{"$f":"OFFSET(CÁLCULO!H$15,ROW($T160)-ROW(T$15),0)","v":0},0,"BDI 1",{"$f":"IF($C160=\"S\",ROUND(IF(TIPOORCAMENTO=\"Proposto\",ORÇAMENTO.CustoUnitario*(1+$AH160),ORÇAMENTO.PrecoUnitarioLicitado),15-13*$AF$10),0)","v":0},1846.78,"RA","",{"$f":"IF($C160=\"S\",IF($Z160=\"CP\",$X160,IF($Z160=\"RA\",(($X160)*QCI!$AA$3),0)),SomaAgrup)","v":1846.78},0,{"$f":"IF($N160=\"\",\"\",IF(ORÇAMENTO.Descricao=\"\",\"DESCRIÇÃO\",IF(AND($C160=\"S\",ORÇAMENTO.Unidade=\"\"),\"UNIDADE\",IF($X160<0,\"VALOR NEGATIVO\",IF(OR(AND(TIPOORCAMENTO=\"Proposto\",$AG160<>\"\",$AG160>0,ORÇAMENTO.CustoUnitario>$AG160),AND(TIPOORCAMENTO=\"LICITADO\",ORÇAMENTO.PrecoUnitarioLicitado>$AN160)),\"ACIMA REF.\",\"\")))))","v":""},{"$f":"IF(C160<=CRONO.NivelExibicao,MAX($AD$15:OFFSET(AD160,-1,0))+IF($C160<>1,1,MAX(1,COUNTIF(QCI!$A$13:$A$32,OFFSET($E160,-1,0)))),\"\")","v":""},{"$f":"IF(AND($C160=\"S\",ORÇAMENTO.CodBarra<>\"\"),IF(ORÇAMENTO.Fonte=\"\",ORÇAMENTO.CodBarra,CONCATENATE(ORÇAMENTO.Fonte,\" \",ORÇAMENTO.CodBarra)))","v":false},{"$f":"IF(ISERROR(INDIRECT(ORÇAMENTO.BancoRef)),\"(abra o arquivo 'Referência \"&Excel_BuiltIn_Database&\".xls)\",IF(OR($C160<>\"S\",ORÇAMENTO.CodBarra=\"\"),\"(Sem Código)\",IF(ISERROR(MATCH($AE160,INDIRECT(ORÇAMENTO.BancoRef),0)),\"(Código não identificado nas referências)\",MATCH($AE160,INDIRECT(ORÇAMENTO.BancoRef),0))))","v":"(abra o arquivo 'Referência 06-2023.xls)"},{"$f":"ROUND(IF(DESONERACAO=\"sim\",REFERENCIA.Desonerado,REFERENCIA.NaoDesonerado),2)","v":0},0.23530000000000001,null,null,null,null,1846.78,0]
["S",2,"S",0,{"$f":"IF($C161=1,OFFSET(E161,-1,0)+MAX(1,COUNTIF(QCI!$A$13:$A$32,OFFSET(ORÇAMENTO!E161,-1,0))),OFFSET(E161,-1,0))","v":3},11,0,0,1,0,{"$f":"IF(OR($C161=\"S\",$C161=0),0,MATCH(OFFSET($D161,0,$C161)+IF($C161<>1,1,COUNTIF(QCI!$A$13:$A$32,ORÇAMENTO!E161)),OFFSET($D161,1,$C161,ROW($C$850)-ROW($C161)),0))","v":0},"F","Serviço","Serviço","3.11.1.","SINAPI","72947","SINALIZACAO HORIZONTAL COM TINTA RETRORREFLETIVA A BASE DE RESINA ACRILICA COM MICROESFERAS DE VIDRO - LINHA CONTÍNUA BRANCA","M2",{"$f":"OFFSET(CÁLCULO!H$15,ROW($T161)-ROW(T$15),0)","v":28},17.059999999999999,"BDI 1",{"$f":"IF($C161=\"S\",ROUND(IF(TIPOORCAMENTO=\"Proposto\",ORÇAMENTO.CustoUnitario*(1+$AH161),ORÇAMENTO.PrecoUnitarioLicitado),15-13*$AF$10),0)","v":21.07},589.96,"RA","RA",{"$f":"IF($C161=\"S\",IF($Z161=\"CP\",$X161,IF($Z161=\"RA\",(($X161)*QCI!$AA$3),0)),SomaAgrup)","v":589.96},0,{"$f":"IF($N161=\"\",\"\",IF(ORÇAMENTO.Descricao=\"\",\"DESCRIÇÃO\",IF(AND($C161=\"S\",ORÇAMENTO.Unidade=\"\"),\"UNIDADE\",IF($X161<0,\"VALOR NEGATIVO\",IF(OR(AND(TIPOORCAMENTO=\"Proposto\",$AG161<>\"\",$AG161>0,ORÇAMENTO.CustoUnitario>$AG161),AND(TIPOORCAMENTO=\"LICITADO\",ORÇAMENTO.PrecoUnitarioLicitado>$AN161)),\"ACIMA REF.\",\"\")))))","v":""},{"$f":"IF(C161<=CRONO.NivelExibicao,MAX($AD$15:OFFSET(AD161,-1,0))+IF($C161<>1,1,MAX(1,COUNTIF(QCI!$A$13:$A$32,OFFSET($E161,-1,0)))),\"\")","v":""},{"$f":"IF(AND($C161=\"S\",ORÇAMENTO.CodBarra<>\"\"),IF(ORÇAMENTO.Fonte=\"\",ORÇAMENTO.CodBarra,CONCATENATE(ORÇAMENTO.Fonte,\" \",ORÇAMENTO.CodBarra)))","v":"SINAPI 72947"},{"$f":"IF(ISERROR(INDIRECT(ORÇAMENTO.BancoRef)),\"(abra o arquivo 'Referência \"&Excel_BuiltIn_Database&\".xls)\",IF(OR($C161<>\"S\",ORÇAMENTO.CodBarra=\"\"),\"(Sem Código)\",IF(ISERROR(MATCH($AE161,INDIRECT(ORÇAMENTO.BancoRef),0)),\"(Código não identificado nas referências)\",MATCH($AE161,INDIRECT(ORÇAMENTO.BancoRef),0))))","v":"(abra o arquivo 'Referência 06-2023.xls)"},{"$f":"ROUND(IF(DESONERACAO=\"sim\",REFERENCIA.Desonerado,REFERENCIA.NaoDesonerado),2)","v":0},0.23530000000000001,null,28,null,null,589.96,21.07]
["S",2,"S",0,{"$f":"IF($C162=1,OFFSET(E162,-1,0)+MAX(1,COUNTIF(QCI!$A$13:$A$32,OFFSET(ORÇAMENTO!E162,-1,0))),OFFSET(E162,-1,0))","v":3},11,0,0,2,0,{"$f":"IF(OR($C162=\"S\",$C162=0),0,MATCH(OFFSET($D162,0,$C162)+IF($C162<>1,1,COUNTIF(QCI!$A$13:$A$32,ORÇAMENTO!E162)),OFFSET($D162,1,$C162,ROW($C$850)-ROW($C162)),0))","v":0},"F","Serviço","Serviço","3.11.2.","SINAPI","72947","SINALIZACAO HORIZONTAL COM TINTA RETRORREFLETIVA A BASE DE RESINA ACRILICA COM MICROESFERAS DE VIDRO - LINHA CONTÍNUA PRETA","M2",{"$f":"OFFSET(CÁLCULO!H$15,ROW($T162)-ROW(T$15),0)","v":53},17.059999999999999,"BDI 1",{"$f":"IF($C162=\"S\",ROUND(IF(TIPOORCAMENTO=\"Proposto\",ORÇAMENTO.CustoUnitario*(1+$AH162),ORÇAMENTO.PrecoUnitarioLicitado),15-13*$AF$10),0)","v":21.07},1116.71,"RA","RA",{"$f":"IF($C162=\"S\",IF($Z162=\"CP\",$X162,IF($Z162=\"RA\",(($X162)*QCI!$AA$3),0)),SomaAgrup)","v":1116.71},0,{"$f":"IF($N162=\"\",\"\",IF(ORÇAMENTO.Descricao=\"\",\"DESCRIÇÃO\",IF(AND($C162=\"S\",ORÇAMENTO.Unidade=\"\"),\"UNIDADE\",IF($X162<0,\"VALOR NEGATIVO\",IF(OR(AND(TIPOORCAMENTO=\"Proposto\",$AG162<>\"\",$AG162>0,ORÇAMENTO.CustoUnitario>$AG162),AND(TIPOORCAMENTO=\"LICITADO\",ORÇAMENTO.PrecoUnitarioLicitado>$AN162)),\"ACIMA REF.\",\"\")))))","v":""},{"$f":"IF(C162<=CRONO.NivelExibicao,MAX($AD$15:OFFSET(AD162,-1,0))+IF($C162<>1,1,MAX(1,COUNTIF(QCI!$A$13:$A$32,OFFSET($E162,-1,0)))),\"\")","v":""},{"$f":"IF(AND($C162=\"S\",ORÇAMENTO.CodBarra<>\"\"),IF(ORÇAMENTO.Fonte=\"\",ORÇAMENTO.CodBarra,CONCATENATE(ORÇAMENTO.Fonte,\" \",ORÇAMENTO.CodBarra)))","v":"SINAPI 72947"},{"$f":"IF(ISERROR(INDIRECT(ORÇAMENTO.BancoRef)),\"(abra o arquivo 'Referência \"&Excel_BuiltIn_Database&\".xls)\",IF(OR($C162<>\"S\",ORÇAMENTO.CodBarra=\"\"),\"(Sem Código)\",IF(ISERROR(MATCH($AE162,INDIRECT(ORÇAMENTO.BancoRef),0)),\"(Código não identificado nas referências)\",MATCH($AE162,INDIRECT(ORÇAMENTO.BancoRef),0))))","v":"(abra o arquivo 'Referência 06-2023.xls)"},{"$f":"ROUND(IF(DESONERACAO=\"sim\",REFERENCIA.Desonerado,REFERENCIA.NaoDesonerado),2)","v":0},0.23530000000000001,null,53,null,null,1116.71,21.07]
["S",2,"S",0,{"$f":"IF($C163=1,OFFSET(E163,-1,0)+MAX(1,COUNTIF(QCI!$A$13:$A$32,OFFSET(ORÇAMENTO!E163,-1,0))),OFFSET(E163,-1,0))","v":3},11,0,0,3,0,{"$f":"IF(OR($C163=\"S\",$C163=0),0,MATCH(OFFSET($D163,0,$C163)+IF($C163<>1,1,COUNTIF(QCI!$A$13:$A$32,ORÇAMENTO!E163)),OFFSET($D163,1,$C163,ROW($C$850)-ROW($C163)),0))","v":0},"F","Serviço","Serviço","3.11.3.","SINAPI","72947","SINALIZACAO HORIZONTAL COM TINTA RETRORREFLETIVA A BASE DE RESINA ACRILICA COM MICROESFERAS DE VIDRO - DEMARCAÇÕES BRANCAS","M2",{"$f":"OFFSET(CÁLCULO!H$15,ROW($T163)-ROW(T$15),0)","v":5},17.059999999999999,"BDI 1",{"$f":"IF($C163=\"S\",ROUND(IF(TIPOORCAMENTO=\"Proposto\",ORÇAMENTO.CustoUnitario*(1+$AH163),ORÇAMENTO.PrecoUnitarioLicitado),15-13*$AF$10),0)","v":21.07},105.35,"RA","RA",{"$f":"IF($C163=\"S\",IF($Z163=\"CP\",$X163,IF($Z163=\"RA\",(($X163)*QCI!$AA$3),0)),SomaAgrup)","v":105.35},0,{"$f":"IF($N163=\"\",\"\",IF(ORÇAMENTO.Descricao=\"\",\"DESCRIÇÃO\",IF(AND($C163=\"S\",ORÇAMENTO.Unidade=\"\"),\"UNIDADE\",IF($X163<0,\"VALOR NEGATIVO\",IF(OR(AND(TIPOORCAMENTO=\"Proposto\",$AG163<>\"\",$AG163>0,ORÇAMENTO.CustoUnitario>$AG163),AND(TIPOORCAMENTO=\"LICITADO\",ORÇAMENTO.PrecoUnitarioLicitado>$AN163)),\"ACIMA REF.\",\"\")))))","v":""},{"$f":"IF(C163<=CRONO.NivelExibicao,MAX($AD$15:OFFSET(AD163,-1,0))+IF($C163<>1,1,MAX(1,COUNTIF(QCI!$A$13:$A$32,OFFSET($E163,-1,0)))),\"\")","v":""},{"$f":"IF(AND($C163=\"S\",ORÇAMENTO.CodBarra<>\"\"),IF(ORÇAMENTO.Fonte=\"\",ORÇAMENTO.CodBarra,CONCATENATE(ORÇAMENTO.Fonte,\" \",ORÇAMENTO.CodBarra)))","v":"SINAPI 72947"},{"$f":"IF(ISERROR(INDIRECT(ORÇAMENTO.BancoRef)),\"(abra o arquivo 'Referência \"&Excel_BuiltIn_Database&\".xls)\",IF(OR($C163<>\"S\",ORÇAMENTO.CodBarra=\"\"),\"(Sem Código)\",IF(ISERROR(MATCH($AE163,INDIRECT(ORÇAMENTO.BancoRef),0)),\"(Código não identificado nas referências)\",MATCH($AE163,INDIRECT(ORÇAMENTO.BancoRef),0))))","v":"(abra o arquivo 'Referência 06-2023.xls)"},{"$f":"ROUND(IF(DESONERACAO=\"sim\",REFERENCIA.Desonerado,REFERENCIA.NaoDesonerado),2)","v":0},0.23530000000000001,null,5,null,null,105.35,21.07]
["S",2,"S",0,{"$f":"IF($C164=1,OFFSET(E164,-1,0)+MAX(1,COUNTIF(QCI!$A$13:$A$32,OFFSET(ORÇAMENTO!E164,-1,0))),OFFSET(E164,-1,0))","v":3},11,0,0,4,0,{"$f":"IF(OR($C164=\"S\",$C164=0),0,MATCH(OFFSET($D164,0,$C164)+IF($C164<>1,1,COUNTIF(QCI!$A$13:$A$32,ORÇAMENTO!E164)),OFFSET($D164,1,$C164,ROW($C$850)-ROW($C164)),0))","v":0},"F","Serviço","Serviço","3.11.4.","SINAPI","72947","SINALIZACAO HORIZONTAL COM TINTA RETRORREFLETIVA A BASE DE RESINA ACRILICA COM MICROESFERAS DE VIDRO - DEMARCAÇÕES VERMELHAS","M2",{"$f":"OFFSET(CÁLCULO!H$15,ROW($T164)-ROW(T$15),0)","v":0.45},17.059999999999999,"BDI 1",{"$f":"IF($C164=\"S\",ROUND(IF(TIPOORCAMENTO=\"Proposto\",ORÇAMENTO.CustoUnitario*(1+$AH164),ORÇAMENTO.PrecoUnitarioLicitado),15-13*$AF$10),0)","v":21.07},9.48,"RA","RA",{"$f":"IF($C164=\"S\",IF($Z164=\"CP\",$X164,IF($Z164=\"RA\",(($X164)*QCI!$AA$3),0)),SomaAgrup)","v":9.48},0,{"$f":"IF($N164=\"\",\"\",IF(ORÇAMENTO.Descricao=\"\",\"DESCRIÇÃO\",IF(AND($C164=\"S\",ORÇAMENTO.Unidade=\"\"),\"UNIDADE\",IF($X164<0,\"VALOR NEGATIVO\",IF(OR(AND(TIPOORCAMENTO=\"Proposto\",$AG164<>\"\",$AG164>0,ORÇAMENTO.CustoUnitario>$AG164),AND(TIPOORCAMENTO=\"LICITADO\",ORÇAMENTO.PrecoUnitarioLicitado>$AN164)),\"ACIMA REF.\",\"\")))))","v":""},{"$f":"IF(C164<=CRONO.NivelExibicao,MAX($AD$15:OFFSET(AD164,-1,0))+IF($C164<>1,1,MAX(1,COUNTIF(QCI!$A$13:$A$32,OFFSET($E164,-1,0)))),\"\")","v":""},{"$f":"IF(AND($C164=\"S\",ORÇAMENTO.CodBarra<>\"\"),IF(ORÇAMENTO.Fonte=\"\",ORÇAMENTO.CodBarra,CONCATENATE(ORÇAMENTO.Fonte,\" \",ORÇAMENTO.CodBarra)))","v":"SINAPI 72947"},{"$f":"IF(ISERROR(INDIRECT(ORÇAMENTO.BancoRef)),\"(abra o arquivo 'Referência \"&Excel_BuiltIn_Database&\".xls)\",IF(OR($C164<>\"S\",ORÇAMENTO.CodBarra=\"\"),\"(Sem Código)\",IF(ISERROR(MATCH($AE164,INDIRECT(ORÇAMENTO.BancoRef),0)),\"(Código não identificado nas referências)\",MATCH($AE164,INDIRECT(ORÇAMENTO.BancoRef),0))))","v":"(abra o arquivo 'Referência 06-2023.xls)"},{"$f":"ROUND(IF(DESONERACAO=\"sim\",REFERENCIA.Desonerado,REFERENCIA.NaoDesonerado),2)","v":0},0.23530000000000001,null,0.45,null,null,9.48,21.07]
["S",2,"S",0,{"$f":"IF($C165=1,OFFSET(E165,-1,0)+MAX(1,COUNTIF(QCI!$A$13:$A$32,OFFSET(ORÇAMENTO!E165,-1,0))),OFFSET(E165,-1,0))","v":3},11,0,0,5,0,{"$f":"IF(OR($C165=\"S\",$C165=0),0,MATCH(OFFSET($D165,0,$C165)+IF($C165<>1,1,COUNTIF(QCI!$A$13:$A$32,ORÇAMENTO!E165)),OFFSET($D165,1,$C165,ROW($C$850)-ROW($C165)),0))","v":0},"F","Serviço","Serviço","3.11.5.","SINAPI","72947","SINALIZACAO HORIZONTAL COM TINTA RETRORREFLETIVA A BASE DE RESINA ACRILICA COM MICROESFERAS DE VIDRO - DEMARCAÇÕES AZUIS","M2",{"$f":"OFFSET(CÁLCULO!H$15,ROW($T165)-ROW(T$15),0)","v":1.2},17.059999999999999,"BDI 1",{"$f":"IF($C165=\"S\",ROUND(IF(TIPOORCAMENTO=\"Proposto\",ORÇAMENTO.CustoUnitario*(1+$AH165),ORÇAMENTO.PrecoUnitarioLicitado),15-13*$AF$10),0)","v":21.07},25.28,"RA","RA",{"$f":"IF($C165=\"S\",IF($Z165=\"CP\",$X165,IF($Z165=\"RA\",(($X165)*QCI!$AA$3),0)),SomaAgrup)","v":25.28},0,{"$f":"IF($N165=\"\",\"\",IF(ORÇAMENTO.Descricao=\"\",\"DESCRIÇÃO\",IF(AND($C165=\"S\",ORÇAMENTO.Unidade=\"\"),\"UNIDADE\",IF($X165<0,\"VALOR NEGATIVO\",IF(OR(AND(TIPOORCAMENTO=\"Proposto\",$AG165<>\"\",$AG165>0,ORÇAMENTO.CustoUnitario>$AG165),AND(TIPOORCAMENTO=\"LICITADO\",ORÇAMENTO.PrecoUnitarioLicitado>$AN165)),\"ACIMA REF.\",\"\")))))","v":""},{"$f":"IF(C165<=CRONO.NivelExibicao,MAX($AD$15:OFFSET(AD165,-1,0))+IF($C165<>1,1,MAX(1,COUNTIF(QCI!$A$13:$A$32,OFFSET($E165,-1,0)))),\"\")","v":""},{"$f":"IF(AND($C165=\"S\",ORÇAMENTO.CodBarra<>\"\"),IF(ORÇAMENTO.Fonte=\"\",ORÇAMENTO.CodBarra,CONCATENATE(ORÇAMENTO.Fonte,\" \",ORÇAMENTO.CodBarra)))","v":"SINAPI 72947"},{"$f":"IF(ISERROR(INDIRECT(ORÇAMENTO.BancoRef)),\"(abra o arquivo 'Referência \"&Excel_BuiltIn_Database&\".xls)\",IF(OR($C165<>\"S\",ORÇAMENTO.CodBarra=\"\"),\"(Sem Código)\",IF(ISERROR(MATCH($AE165,INDIRECT(ORÇAMENTO.BancoRef),0)),\"(Código não identificado nas referências)\",MATCH($AE165,INDIRECT(ORÇAMENTO.BancoRef),0))))","v":"(abra o arquivo 'Referência 06-2023.xls)"},{"$f":"ROUND(IF(DESONERACAO=\"sim\",REFERENCIA.Desonerado,REFERENCIA.NaoDesonerado),2)","v":0},0.23530000000000001,null,1.2,null,null,25.28,21.07]
[2,2,2,10,{"$f":"IF($C166=1,OFFSET(E166,-1,0)+MAX(1,COUNTIF(QCI!$A$13:$A$32,OFFSET(ORÇAMENTO!E166,-1,0))),OFFSET(E166,-1,0))","v":3},12,0,0,0,10,{"$f":"IF(OR($C166=\"S\",$C166=0),0,MATCH(OFFSET($D166,0,$C166)+IF($C166<>1,1,COUNTIF(QCI!$A$13:$A$32,ORÇAMENTO!E166)),OFFSET($D166,1,$C166,ROW($C$850)-ROW($C166)),0))","v":{"$error":"#N/A"}},"F","Nível 2","Nível 2","3.12.","SINAPI",null,"CALÇADA","-",{"$f":"OFFSET(CÁLCULO!H$15,ROW($T166)-ROW(T$15),0)","v":0},0,"BDI 1",{"$f":"IF($C166=\"S\",ROUND(IF(TIPOORCAMENTO=\"Proposto\",ORÇAMENTO.CustoUnitario*(1+$AH166),ORÇAMENTO.PrecoUnitarioLicitado),15-13*$AF$10),0)","v":0},25193.84,"RA","",{"$f":"IF($C166=\"S\",IF($Z166=\"CP\",$X166,IF($Z166=\"RA\",(($X166)*QCI!$AA$3),0)),SomaAgrup)","v":25193.84},0,{"$f":"IF($N166=\"\",\"\",IF(ORÇAMENTO.Descricao=\"\",\"DESCRIÇÃO\",IF(AND($C166=\"S\",ORÇAMENTO.Unidade=\"\"),\"UNIDADE\",IF($X166<0,\"VALOR NEGATIVO\",IF(OR(AND(TIPOORCAMENTO=\"Proposto\",$AG166<>\"\",$AG166>0,ORÇAMENTO.CustoUnitario>$AG166),AND(TIPOORCAMENTO=\"LICITADO\",ORÇAMENTO.PrecoUnitarioLicitado>$AN166)),\"ACIMA REF.\",\"\")))))","v":""},{"$f":"IF(C166<=CRONO.NivelExibicao,MAX($AD$15:OFFSET(AD166,-1,0))+IF($C166<>1,1,MAX(1,COUNTIF(QCI!$A$13:$A$32,OFFSET($E166,-1,0)))),\"\")","v":""},{"$f":"IF(AND($C166=\"S\",ORÇAMENTO.CodBarra<>\"\"),IF(ORÇAMENTO.Fonte=\"\",ORÇAMENTO.CodBarra,CONCATENATE(ORÇAMENTO.Fonte,\" \",ORÇAMENTO.CodBarra)))","v":false},{"$f":"IF(ISERROR(INDIRECT(ORÇAMENTO.BancoRef)),\"(abra o arquivo 'Referência \"&Excel_BuiltIn_Database&\".xls)\",IF(OR($C166<>\"S\",ORÇAMENTO.CodBarra=\"\"),\"(Sem Código)\",IF(ISERROR(MATCH($AE166,INDIRECT(ORÇAMENTO.BancoRef),0)),\"(Código não identificado nas referências)\",MATCH($AE166,INDIRECT(ORÇAMENTO.BancoRef),0))))","v":"(abra o arquivo 'Referência 06-2023.xls)"},{"$f":"ROUND(IF(DESONERACAO=\"sim\",REFERENCIA.Desonerado,REFERENCIA.NaoDesonerado),2)","v":0},0.23530000000000001,null,null,null,null,25193.84,0]
["S",2,"S",0,{"$f":"IF($C167=1,OFFSET(E167,-1,0)+MAX(1,COUNTIF(QCI!$A$13:$A$32,OFFSET(ORÇAMENTO!E167,-1,0))),OFFSET(E167,-1,0))","v":3},12,0,0,1,0,{"$f":"IF(OR($C167=\"S\",$C167=0),0,MATCH(OFFSET($D167,0,$C167)+IF($C167<>1,1,COUNTIF(QCI!$A$13:$A$32,ORÇAMENTO!E167)),OFFSET($D167,1,$C167,ROW($C$850)-ROW($C167)),0))","v":0},"F","Serviço","Serviço","3.12.1.","SINAPI","100576","REGULARIZAÇÃO E COMPACTAÇÃO DE SUBLEITO DE SOLO ","M2",{"$f":"OFFSET(CÁLCULO!H$15,ROW($T167)-ROW(T$15),0)","v":147},2.39,"BDI 1",{"$f":"IF($C167=\"S\",ROUND(IF(TIPOORCAMENTO=\"Proposto\",ORÇAMENTO.CustoUnitario*(1+$AH167),ORÇAMENTO.PrecoUnitarioLicitado),15-13*$AF$10),0)","v":2.95},433.65,"RA","RA",{"$f":"IF($C167=\"S\",IF($Z167=\"CP\",$X167,IF($Z167=\"RA\",(($X167)*QCI!$AA$3),0)),SomaAgrup)","v":433.65},0,{"$f":"IF($N167=\"\",\"\",IF(ORÇAMENTO.Descricao=\"\",\"DESCRIÇÃO\",IF(AND($C167=\"S\",ORÇAMENTO.Unidade=\"\"),\"UNIDADE\",IF($X167<0,\"VALOR NEGATIVO\",IF(OR(AND(TIPOORCAMENTO=\"Proposto\",$AG167<>\"\",$AG167>0,ORÇAMENTO.CustoUnitario>$AG167),AND(TIPOORCAMENTO=\"LICITADO\",ORÇAMENTO.PrecoUnitarioLicitado>$AN167)),\"ACIMA REF.\",\"\")))))","v":""},{"$f":"IF(C167<=CRONO.NivelExibicao,MAX($AD$15:OFFSET(AD167,-1,0))+IF($C167<>1,1,MAX(1,COUNTIF(QCI!$A$13:$A$32,OFFSET($E167,-1,0)))),\"\")","v":""},{"$f":"IF(AND($C167=\"S\",ORÇAMENTO.CodBarra<>\"\"),IF(ORÇAMENTO.Fonte=\"\",ORÇAMENTO.CodBarra,CONCATENATE(ORÇAMENTO.Fonte,\" \",ORÇAMENTO.CodBarra)))","v":"SINAPI 100576"},{"$f":"IF(ISERROR(INDIRECT(ORÇAMENTO.BancoRef)),\"(abra o arquivo 'Referência \"&Excel_BuiltIn_Database&\".xls)\",IF(OR($C167<>\"S\",ORÇAMENTO.CodBarra=\"\"),\"(Sem Código)\",IF(ISERROR(MATCH($AE167,INDIRECT(ORÇAMENTO.BancoRef),0)),\"(Código não identificado nas referências)\",MATCH($AE167,INDIRECT(ORÇAMENTO.BancoRef),0))))","v":"(abra o arquivo 'Referência 06-2023.xls)"},{"$f":"ROUND(IF(DESONERACAO=\"sim\",REFERENCIA.Desonerado,REFERENCIA.NaoDesonerado),2)","v":0},0.23530000000000001,null,{"$f":"AJ170+AJ171+10.5","v":147},null,null,433.65,2.95]
["S",2,"S",0,{"$f":"IF($C168=1,OFFSET(E168,-1,0)+MAX(1,COUNTIF(QCI!$A$13:$A$32,OFFSET(ORÇAMENTO!E168,-1,0))),OFFSET(E168,-1,0))","v":3},12,0,0,2,0,{"$f":"IF(OR($C168=\"S\",$C168=0),0,MATCH(OFFSET($D168,0,$C168)+IF($C168<>1,1,COUNTIF(QCI!$A$13:$A$32,ORÇAMENTO!E168)),OFFSET($D168,1,$C168,ROW($C$850)-ROW($C168)),0))","v":0},"F","Serviço","Serviço","3.12.2.","SINAPI-I","4718","PEDRA BRITADA N. 2 (19 A 38 MM) PARA LASTRO DE FUNDO","M3    ",{"$f":"OFFSET(CÁLCULO!H$15,ROW($T168)-ROW(T$15),0)","v":8.82},107.5,"BDI 1",{"$f":"IF($C168=\"S\",ROUND(IF(TIPOORCAMENTO=\"Proposto\",ORÇAMENTO.CustoUnitario*(1+$AH168),ORÇAMENTO.PrecoUnitarioLicitado),15-13*$AF$10),0)","v":132.79},1171.21,"RA","RA",{"$f":"IF($C168=\"S\",IF($Z168=\"CP\",$X168,IF($Z168=\"RA\",(($X168)*QCI!$AA$3),0)),SomaAgrup)","v":1171.21},0,{"$f":"IF($N168=\"\",\"\",IF(ORÇAMENTO.Descricao=\"\",\"DESCRIÇÃO\",IF(AND($C168=\"S\",ORÇAMENTO.Unidade=\"\"),\"UNIDADE\",IF($X168<0,\"VALOR NEGATIVO\",IF(OR(AND(TIPOORCAMENTO=\"Proposto\",$AG168<>\"\",$AG168>0,ORÇAMENTO.CustoUnitario>$AG168),AND(TIPOORCAMENTO=\"LICITADO\",ORÇAMENTO.PrecoUnitarioLicitado>$AN168)),\"ACIMA REF.\",\"\")))))","v":""},{"$f":"IF(C168<=CRONO.NivelExibicao,MAX($AD$15:OFFSET(AD168,-1,0))+IF($C168<>1,1,MAX(1,COUNTIF(QCI!$A$13:$A$32,OFFSET($E168,-1,0)))),\"\")","v":""},{"$f":"IF(AND($C168=\"S\",ORÇAMENTO.CodBarra<>\"\"),IF(ORÇAMENTO.Fonte=\"\",ORÇAMENTO.CodBarra,CONCATENATE(ORÇAMENTO.Fonte,\" \",ORÇAMENTO.CodBarra)))","v":"SINAPI-I 4718"},{"$f":"IF(ISERROR(INDIRECT(ORÇAMENTO.BancoRef)),\"(abra o arquivo 'Referência \"&Excel_BuiltIn_Database&\".xls)\",IF(OR($C168<>\"S\",ORÇAMENTO.CodBarra=\"\"),\"(Sem Código)\",IF(ISERROR(MATCH($AE168,INDIRECT(ORÇAMENTO.BancoRef),0)),\"(Código não identificado nas referências)\",MATCH($AE168,INDIRECT(ORÇAMENTO.BancoRef),0))))","v":"(abra o arquivo 'Referência 06-2023.xls)"},{"$f":"ROUND(IF(DESONERACAO=\"sim\",REFERENCIA.Desonerado,REFERENCIA.NaoDesonerado),2)","v":0},0.23530000000000001,null,{"$f":"AJ167*0.06","v":8.82},null,null,1171.21,132.79]
["S",2,"S",0,{"$f":"IF($C169=1,OFFSET(E169,-1,0)+MAX(1,COUNTIF(QCI!$A$13:$A$32,OFFSET(ORÇAMENTO!E169,-1,0))),OFFSET(E169,-1,0))","v":3},12,0,0,3,0,{"$f":"IF(OR($C169=\"S\",$C169=0),0,MATCH(OFFSET($D169,0,$C169)+IF($C169<>1,1,COUNTIF(QCI!$A$13:$A$32,ORÇAMENTO!E169)),OFFSET($D169,1,$C169,ROW($C$850)-ROW($C169)),0))","v":0},"F","Serviço","Serviço","3.12.3.","SINAPI","100978","CARGA, MANOBRA E DESCARGA DE MATERIAL GRANULAR EM CAMINHÃO BASCULANTE - CARGA COM ESCAVADEIRA HIDRÁULICA","M3",{"$f":"OFFSET(CÁLCULO!H$15,ROW($T169)-ROW(T$15),0)","v":8.82},6.33,"BDI 1",{"$f":"IF($C169=\"S\",ROUND(IF(TIPOORCAMENTO=\"Proposto\",ORÇAMENTO.CustoUnitario*(1+$AH169),ORÇAMENTO.PrecoUnitarioLicitado),15-13*$AF$10),0)","v":7.82},68.97,"RA","RA",{"$f":"IF($C169=\"S\",IF($Z169=\"CP\",$X169,IF($Z169=\"RA\",(($X169)*QCI!$AA$3),0)),SomaAgrup)","v":68.97},0,{"$f":"IF($N169=\"\",\"\",IF(ORÇAMENTO.Descricao=\"\",\"DESCRIÇÃO\",IF(AND($C169=\"S\",ORÇAMENTO.Unidade=\"\"),\"UNIDADE\",IF($X169<0,\"VALOR NEGATIVO\",IF(OR(AND(TIPOORCAMENTO=\"Proposto\",$AG169<>\"\",$AG169>0,ORÇAMENTO.CustoUnitario>$AG169),AND(TIPOORCAMENTO=\"LICITADO\",ORÇAMENTO.PrecoUnitarioLicitado>$AN169)),\"ACIMA REF.\",\"\")))))","v":""},{"$f":"IF(C169<=CRONO.NivelExibicao,MAX($AD$15:OFFSET(AD169,-1,0))+IF($C169<>1,1,MAX(1,COUNTIF(QCI!$A$13:$A$32,OFFSET($E169,-1,0)))),\"\")","v":""},{"$f":"IF(AND($C169=\"S\",ORÇAMENTO.CodBarra<>\"\"),IF(ORÇAMENTO.Fonte=\"\",ORÇAMENTO.CodBarra,CONCATENATE(ORÇAMENTO.Fonte,\" \",ORÇAMENTO.CodBarra)))","v":"SINAPI 100978"},{"$f":"IF(ISERROR(INDIRECT(ORÇAMENTO.BancoRef)),\"(abra o arquivo 'Referência \"&Excel_BuiltIn_Database&\".xls)\",IF(OR($C169<>\"S\",ORÇAMENTO.CodBarra=\"\"),\"(Sem Código)\",IF(ISERROR(MATCH($AE169,INDIRECT(ORÇAMENTO.BancoRef),0)),\"(Código não identificado nas referências)\",MATCH($AE169,INDIRECT(ORÇAMENTO.BancoRef),0))))","v":"(abra o arquivo 'Referência 06-2023.xls)"},{"$f":"ROUND(IF(DESONERACAO=\"sim\",REFERENCIA.Desonerado,REFERENCIA.NaoDesonerado),2)","v":0},0.23530000000000001,null,{"$f":"AJ168","v":8.82},null,null,68.97,7.82]
["S",2,"S",0,{"$f":"IF($C170=1,OFFSET(E170,-1,0)+MAX(1,COUNTIF(QCI!$A$13:$A$32,OFFSET(ORÇAMENTO!E170,-1,0))),OFFSET(E170,-1,0))","v":3},12,0,0,4,0,{"$f":"IF(OR($C170=\"S\",$C170=0),0,MATCH(OFFSET($D170,0,$C170)+IF($C170<>1,1,COUNTIF(QCI!$A$13:$A$32,ORÇAMENTO!E170)),OFFSET($D170,1,$C170,ROW($C$850)-ROW($C170)),0))","v":0},"F","Serviço","Serviço","3.12.4.","AMMOC","PASS8","EXECUÇÃO DE PASSEIO COM CONCRETO USINADO 40 MPA, 8 CM, ACABAMENTO DESEMPENADO, INCLUSIVE JUNTAS DE DILTAÇÃO E CURA QUIMICA","M2",{"$f":"OFFSET(CÁLCULO!H$15,ROW($T170)-ROW(T$15),0)","v":95.5},73.69,"BDI 1",{"$f":"IF($C170=\"S\",ROUND(IF(TIPOORCAMENTO=\"Proposto\",ORÇAMENTO.CustoUnitario*(1+$AH170),ORÇAMENTO.PrecoUnitarioLicitado),15-13*$AF$10),0)","v":91.03},8693.3700000000008,"RA","RA",{"$f":"IF($C170=\"S\",IF($Z170=\"CP\",$X170,IF($Z170=\"RA\",(($X170)*QCI!$AA$3),0)),SomaAgrup)","v":8693.3700000000008},0,{"$f":"IF($N170=\"\",\"\",IF(ORÇAMENTO.Descricao=\"\",\"DESCRIÇÃO\",IF(AND($C170=\"S\",ORÇAMENTO.Unidade=\"\"),\"UNIDADE\",IF($X170<0,\"VALOR NEGATIVO\",IF(OR(AND(TIPOORCAMENTO=\"Proposto\",$AG170<>\"\",$AG170>0,ORÇAMENTO.CustoUnitario>$AG170),AND(TIPOORCAMENTO=\"LICITADO\",ORÇAMENTO.PrecoUnitarioLicitado>$AN170)),\"ACIMA REF.\",\"\")))))","v":""},{"$f":"IF(C170<=CRONO.NivelExibicao,MAX($AD$15:OFFSET(AD170,-1,0))+IF($C170<>1,1,MAX(1,COUNTIF(QCI!$A$13:$A$32,OFFSET($E170,-1,0)))),\"\")","v":""},{"$f":"IF(AND($C170=\"S\",ORÇAMENTO.CodBarra<>\"\"),IF(ORÇAMENTO.Fonte=\"\",ORÇAMENTO.CodBarra,CONCATENATE(ORÇAMENTO.Fonte,\" \",ORÇAMENTO.CodBarra)))","v":"AMMOC PASS8"},{"$f":"IF(ISERROR(INDIRECT(ORÇAMENTO.BancoRef)),\"(abra o arquivo 'Referência \"&Excel_BuiltIn_Database&\".xls)\",IF(OR($C170<>\"S\",ORÇAMENTO.CodBarra=\"\"),\"(Sem Código)\",IF(ISERROR(MATCH($AE170,INDIRECT(ORÇAMENTO.BancoRef),0)),\"(Código não identificado nas referências)\",MATCH($AE170,INDIRECT(ORÇAMENTO.BancoRef),0))))","v":"(abra o arquivo 'Referência 06-2023.xls)"},{"$f":"ROUND(IF(DESONERACAO=\"sim\",REFERENCIA.Desonerado,REFERENCIA.NaoDesonerado),2)","v":0},0.23530000000000001,null,95.5,null,null,8693.3700000000008,91.03]
["S",2,"S",0,{"$f":"IF($C171=1,OFFSET(E171,-1,0)+MAX(1,COUNTIF(QCI!$A$13:$A$32,OFFSET(ORÇAMENTO!E171,-1,0))),OFFSET(E171,-1,0))","v":3},12,0,0,5,0,{"$f":"IF(OR($C171=\"S\",$C171=0),0,MATCH(OFFSET($D171,0,$C171)+IF($C171<>1,1,COUNTIF(QCI!$A$13:$A$32,ORÇAMENTO!E171)),OFFSET($D171,1,$C171,ROW($C$850)-ROW($C171)),0))","v":0},"F","Serviço","Serviço","3.12.5.","AMMOC","PASS12","EXECUÇÃO DE PASSEIO COM CONCRETO USINADO 40 MPA, 12 CM, TELA Q196 15 x 15, ACABAMENTO DESEMPENADO, INCLUSIVE JUNTAS DE DILTAÇÃO E CURA QUIMICA","M2",{"$f":"OFFSET(CÁLCULO!H$15,ROW($T171)-ROW(T$15),0)","v":41},124.9,"BDI 1",{"$f":"IF($C171=\"S\",ROUND(IF(TIPOORCAMENTO=\"Proposto\",ORÇAMENTO.CustoUnitario*(1+$AH171),ORÇAMENTO.PrecoUnitarioLicitado),15-13*$AF$10),0)","v":154.29},6325.89,"RA","RA",{"$f":"IF($C171=\"S\",IF($Z171=\"CP\",$X171,IF($Z171=\"RA\",(($X171)*QCI!$AA$3),0)),SomaAgrup)","v":6325.89},0,{"$f":"IF($N171=\"\",\"\",IF(ORÇAMENTO.Descricao=\"\",\"DESCRIÇÃO\",IF(AND($C171=\"S\",ORÇAMENTO.Unidade=\"\"),\"UNIDADE\",IF($X171<0,\"VALOR NEGATIVO\",IF(OR(AND(TIPOORCAMENTO=\"Proposto\",$AG171<>\"\",$AG171>0,ORÇAMENTO.CustoUnitario>$AG171),AND(TIPOORCAMENTO=\"LICITADO\",ORÇAMENTO.PrecoUnitarioLicitado>$AN171)),\"ACIMA REF.\",\"\")))))","v":""},{"$f":"IF(C171<=CRONO.NivelExibicao,MAX($AD$15:OFFSET(AD171,-1,0))+IF($C171<>1,1,MAX(1,COUNTIF(QCI!$A$13:$A$32,OFFSET($E171,-1,0)))),\"\")","v":""},{"$f":"IF(AND($C171=\"S\",ORÇAMENTO.CodBarra<>\"\"),IF(ORÇAMENTO.Fonte=\"\",ORÇAMENTO.CodBarra,CONCATENATE(ORÇAMENTO.Fonte,\" \",ORÇAMENTO.CodBarra)))","v":"AMMOC PASS12"},{"$f":"IF(ISERROR(INDIRECT(ORÇAMENTO.BancoRef)),\"(abra o arquivo 'Referência \"&Excel_BuiltIn_Database&\".xls)\",IF(OR($C171<>\"S\",ORÇAMENTO.CodBarra=\"\"),\"(Sem Código)\",IF(ISERROR(MATCH($AE171,INDIRECT(ORÇAMENTO.BancoRef),0)),\"(Código não identificado nas referências)\",MATCH($AE171,INDIRECT(ORÇAMENTO.BancoRef),0))))","v":"(abra o arquivo 'Referência 06-2023.xls)"},{"$f":"ROUND(IF(DESONERACAO=\"sim\",REFERENCIA.Desonerado,REFERENCIA.NaoDesonerado),2)","v":0},0.23530000000000001,null,41,null,null,6325.89,154.29]
["S",2,"S",0,{"$f":"IF($C172=1,OFFSET(E172,-1,0)+MAX(1,COUNTIF(QCI!$A$13:$A$32,OFFSET(ORÇAMENTO!E172,-1,0))),OFFSET(E172,-1,0))","v":3},12,0,0,6,0,{"$f":"IF(OR($C172=\"S\",$C172=0),0,MATCH(OFFSET($D172,0,$C172)+IF($C172<>1,1,COUNTIF(QCI!$A$13:$A$32,ORÇAMENTO!E172)),OFFSET($D172,1,$C172,ROW($C$850)-ROW($C172)),0))","v":0},"F","Serviço","Serviço","3.12.6.","SINAPI","101094","PISO PODOTÁTIL, DIRECIONAL OU ALERTA, ASSENTADO SOBRE ARGAMASSA. AF_05/2020","M",{"$f":"OFFSET(CÁLCULO!H$15,ROW($T172)-ROW(T$15),0)","v":19.8},164.2,"BDI 1",{"$f":"IF($C172=\"S\",ROUND(IF(TIPOORCAMENTO=\"Proposto\",ORÇAMENTO.CustoUnitario*(1+$AH172),ORÇAMENTO.PrecoUnitarioLicitado),15-13*$AF$10),0)","v":202.84},4016.23,"RA","RA",{"$f":"IF($C172=\"S\",IF($Z172=\"CP\",$X172,IF($Z172=\"RA\",(($X172)*QCI!$AA$3),0)),SomaAgrup)","v":4016.23},0,{"$f":"IF($N172=\"\",\"\",IF(ORÇAMENTO.Descricao=\"\",\"DESCRIÇÃO\",IF(AND($C172=\"S\",ORÇAMENTO.Unidade=\"\"),\"UNIDADE\",IF($X172<0,\"VALOR NEGATIVO\",IF(OR(AND(TIPOORCAMENTO=\"Proposto\",$AG172<>\"\",$AG172>0,ORÇAMENTO.CustoUnitario>$AG172),AND(TIPOORCAMENTO=\"LICITADO\",ORÇAMENTO.PrecoUnitarioLicitado>$AN172)),\"ACIMA REF.\",\"\")))))","v":""},{"$f":"IF(C172<=CRONO.NivelExibicao,MAX($AD$15:OFFSET(AD172,-1,0))+IF($C172<>1,1,MAX(1,COUNTIF(QCI!$A$13:$A$32,OFFSET($E172,-1,0)))),\"\")","v":""},{"$f":"IF(AND($C172=\"S\",ORÇAMENTO.CodBarra<>\"\"),IF(ORÇAMENTO.Fonte=\"\",ORÇAMENTO.CodBarra,CONCATENATE(ORÇAMENTO.Fonte,\" \",ORÇAMENTO.CodBarra)))","v":"SINAPI 101094"},{"$f":"IF(ISERROR(INDIRECT(ORÇAMENTO.BancoRef)),\"(abra o arquivo 'Referência \"&Excel_BuiltIn_Database&\".xls)\",IF(OR($C172<>\"S\",ORÇAMENTO.CodBarra=\"\"),\"(Sem Código)\",IF(ISERROR(MATCH($AE172,INDIRECT(ORÇAMENTO.BancoRef),0)),\"(Código não identificado nas referências)\",MATCH($AE172,INDIRECT(ORÇAMENTO.BancoRef),0))))","v":"(abra o arquivo 'Referência 06-2023.xls)"},{"$f":"ROUND(IF(DESONERACAO=\"sim\",REFERENCIA.Desonerado,REFERENCIA.NaoDesonerado),2)","v":0},0.23530000000000001,null,19.8,null,null,4016.23,202.84]
["S",2,"S",0,{"$f":"IF($C173=1,OFFSET(E173,-1,0)+MAX(1,COUNTIF(QCI!$A$13:$A$32,OFFSET(ORÇAMENTO!E173,-1,0))),OFFSET(E173,-1,0))","v":3},12,0,0,7,0,{"$f":"IF(OR($C173=\"S\",$C173=0),0,MATCH(OFFSET($D173,0,$C173)+IF($C173<>1,1,COUNTIF(QCI!$A$13:$A$32,ORÇAMENTO!E173)),OFFSET($D173,1,$C173,ROW($C$850)-ROW($C173)),0))","v":0},"F","Serviço","Serviço","3.12.7.","AMMOC ","334","RAMPA DE ACESSIBILIDADE PARA PASSEIO COM MEIO-FIO H =15 CM E LARGURA 2,00 M, DE PISO DE CONCRETO E = 5 CM, INCLUSIVE FAIXAS DE 40 CM DE PISO PODOTATIL DE CONCRETO ALERTA/DIRECIONAL E COLCHAO DE PO DE PEDRA E = 5 CM","UN ",{"$f":"OFFSET(CÁLCULO!H$15,ROW($T173)-ROW(T$15),0)","v":1},695.31,"BDI 1",{"$f":"IF($C173=\"S\",ROUND(IF(TIPOORCAMENTO=\"Proposto\",ORÇAMENTO.CustoUnitario*(1+$AH173),ORÇAMENTO.PrecoUnitarioLicitado),15-13*$AF$10),0)","v":858.92},858.92,"RA","RA",{"$f":"IF($C173=\"S\",IF($Z173=\"CP\",$X173,IF($Z173=\"RA\",(($X173)*QCI!$AA$3),0)),SomaAgrup)","v":858.92},0,{"$f":"IF($N173=\"\",\"\",IF(ORÇAMENTO.Descricao=\"\",\"DESCRIÇÃO\",IF(AND($C173=\"S\",ORÇAMENTO.Unidade=\"\"),\"UNIDADE\",IF($X173<0,\"VALOR NEGATIVO\",IF(OR(AND(TIPOORCAMENTO=\"Proposto\",$AG173<>\"\",$AG173>0,ORÇAMENTO.CustoUnitario>$AG173),AND(TIPOORCAMENTO=\"LICITADO\",ORÇAMENTO.PrecoUnitarioLicitado>$AN173)),\"ACIMA REF.\",\"\")))))","v":""},{"$f":"IF(C173<=CRONO.NivelExibicao,MAX($AD$15:OFFSET(AD173,-1,0))+IF($C173<>1,1,MAX(1,COUNTIF(QCI!$A$13:$A$32,OFFSET($E173,-1,0)))),\"\")","v":""},{"$f":"IF(AND($C173=\"S\",ORÇAMENTO.CodBarra<>\"\"),IF(ORÇAMENTO.Fonte=\"\",ORÇAMENTO.CodBarra,CONCATENATE(ORÇAMENTO.Fonte,\" \",ORÇAMENTO.CodBarra)))","v":"AMMOC  334"},{"$f":"IF(ISERROR(INDIRECT(ORÇAMENTO.BancoRef)),\"(abra o arquivo 'Referência \"&Excel_BuiltIn_Database&\".xls)\",IF(OR($C173<>\"S\",ORÇAMENTO.CodBarra=\"\"),\"(Sem Código)\",IF(ISERROR(MATCH($AE173,INDIRECT(ORÇAMENTO.BancoRef),0)),\"(Código não identificado nas referências)\",MATCH($AE173,INDIRECT(ORÇAMENTO.BancoRef),0))))","v":"(abra o arquivo 'Referência 06-2023.xls)"},{"$f":"ROUND(IF(DESONERACAO=\"sim\",REFERENCIA.Desonerado,REFERENCIA.NaoDesonerado),2)","v":0},0.23530000000000001,null,1,null,null,858.92,858.92]
["S",2,"S",0,{"$f":"IF($C174=1,OFFSET(E174,-1,0)+MAX(1,COUNTIF(QCI!$A$13:$A$32,OFFSET(ORÇAMENTO!E174,-1,0))),OFFSET(E174,-1,0))","v":3},12,0,0,8,0,{"$f":"IF(OR($C174=\"S\",$C174=0),0,MATCH(OFFSET($D174,0,$C174)+IF($C174<>1,1,COUNTIF(QCI!$A$13:$A$32,ORÇAMENTO!E174)),OFFSET($D174,1,$C174,ROW($C$850)-ROW($C174)),0))","v":0},"F","Serviço","Serviço","3.12.8.","AMMOC","86","GUIA DE BALIZAMENTO  0,14x0,30CM,  EM CONCRETO FCK 20 MPA ARMADO COM TRELIÇA , MOLDADO IN LOCO, COM PINTURA ACRILICA 2 DEMÃOS PARA SINALIZAÇÃO HORIZONTAL EM COR CONTRASTANTE COM O PISO CONFORME NBR9050","M",{"$f":"OFFSET(CÁLCULO!H$15,ROW($T174)-ROW(T$15),0)","v":23.5},123.44,"BDI 1",{"$f":"IF($C174=\"S\",ROUND(IF(TIPOORCAMENTO=\"Proposto\",ORÇAMENTO.CustoUnitario*(1+$AH174),ORÇAMENTO.PrecoUnitarioLicitado),15-13*$AF$10),0)","v":152.49},3583.52,"RA","RA",{"$f":"IF($C174=\"S\",IF($Z174=\"CP\",$X174,IF($Z174=\"RA\",(($X174)*QCI!$AA$3),0)),SomaAgrup)","v":3583.52},0,{"$f":"IF($N174=\"\",\"\",IF(ORÇAMENTO.Descricao=\"\",\"DESCRIÇÃO\",IF(AND($C174=\"S\",ORÇAMENTO.Unidade=\"\"),\"UNIDADE\",IF($X174<0,\"VALOR NEGATIVO\",IF(OR(AND(TIPOORCAMENTO=\"Proposto\",$AG174<>\"\",$AG174>0,ORÇAMENTO.CustoUnitario>$AG174),AND(TIPOORCAMENTO=\"LICITADO\",ORÇAMENTO.PrecoUnitarioLicitado>$AN174)),\"ACIMA REF.\",\"\")))))","v":""},{"$f":"IF(C174<=CRONO.NivelExibicao,MAX($AD$15:OFFSET(AD174,-1,0))+IF($C174<>1,1,MAX(1,COUNTIF(QCI!$A$13:$A$32,OFFSET($E174,-1,0)))),\"\")","v":""},{"$f":"IF(AND($C174=\"S\",ORÇAMENTO.CodBarra<>\"\"),IF(ORÇAMENTO.Fonte=\"\",ORÇAMENTO.CodBarra,CONCATENATE(ORÇAMENTO.Fonte,\" \",ORÇAMENTO.CodBarra)))","v":"AMMOC 86"},{"$f":"IF(ISERROR(INDIRECT(ORÇAMENTO.BancoRef)),\"(abra o arquivo 'Referência \"&Excel_BuiltIn_Database&\".xls)\",IF(OR($C174<>\"S\",ORÇAMENTO.CodBarra=\"\"),\"(Sem Código)\",IF(ISERROR(MATCH($AE174,INDIRECT(ORÇAMENTO.BancoRef),0)),\"(Código não identificado nas referências)\",MATCH($AE174,INDIRECT(ORÇAMENTO.BancoRef),0))))","v":"(abra o arquivo 'Referência 06-2023.xls)"},{"$f":"ROUND(IF(DESONERACAO=\"sim\",REFERENCIA.Desonerado,REFERENCIA.NaoDesonerado),2)","v":0},0.23530000000000001,null,23.5,null,null,3583.52,152.49]
["S",2,"S",0,{"$f":"IF($C175=1,OFFSET(E175,-1,0)+MAX(1,COUNTIF(QCI!$A$13:$A$32,OFFSET(ORÇAMENTO!E175,-1,0))),OFFSET(E175,-1,0))","v":3},12,0,0,9,0,{"$f":"IF(OR($C175=\"S\",$C175=0),0,MATCH(OFFSET($D175,0,$C175)+IF($C175<>1,1,COUNTIF(QCI!$A$13:$A$32,ORÇAMENTO!E175)),OFFSET($D175,1,$C175,ROW($C$850)-ROW($C175)),0))","v":0},"F","Serviço","Serviço","3.12.9.","SINAPI","102491","PINTURA DE PISO COM TINTA ACRÍLICA, APLICAÇÃO MANUAL, 2 DEMÃOS, INCLUSO FUNDO PREPARADOR. AF_05/2021","M2",{"$f":"OFFSET(CÁLCULO!H$15,ROW($T175)-ROW(T$15),0)","v":1.65},20.64,"BDI 1",{"$f":"IF($C175=\"S\",ROUND(IF(TIPOORCAMENTO=\"Proposto\",ORÇAMENTO.CustoUnitario*(1+$AH175),ORÇAMENTO.PrecoUnitarioLicitado),15-13*$AF$10),0)","v":25.5},42.08,"RA","RA",{"$f":"IF($C175=\"S\",IF($Z175=\"CP\",$X175,IF($Z175=\"RA\",(($X175)*QCI!$AA$3),0)),SomaAgrup)","v":42.08},0,{"$f":"IF($N175=\"\",\"\",IF(ORÇAMENTO.Descricao=\"\",\"DESCRIÇÃO\",IF(AND($C175=\"S\",ORÇAMENTO.Unidade=\"\"),\"UNIDADE\",IF($X175<0,\"VALOR NEGATIVO\",IF(OR(AND(TIPOORCAMENTO=\"Proposto\",$AG175<>\"\",$AG175>0,ORÇAMENTO.CustoUnitario>$AG175),AND(TIPOORCAMENTO=\"LICITADO\",ORÇAMENTO.PrecoUnitarioLicitado>$AN175)),\"ACIMA REF.\",\"\")))))","v":""},{"$f":"IF(C175<=CRONO.NivelExibicao,MAX($AD$15:OFFSET(AD175,-1,0))+IF($C175<>1,1,MAX(1,COUNTIF(QCI!$A$13:$A$32,OFFSET($E175,-1,0)))),\"\")","v":""},{"$f":"IF(AND($C175=\"S\",ORÇAMENTO.CodBarra<>\"\"),IF(ORÇAMENTO.Fonte=\"\",ORÇAMENTO.CodBarra,CONCATENATE(ORÇAMENTO.Fonte,\" \",ORÇAMENTO.CodBarra)))","v":"SINAPI 102491"},{"$f":"IF(ISERROR(INDIRECT(ORÇAMENTO.BancoRef)),\"(abra o arquivo 'Referência \"&Excel_BuiltIn_Database&\".xls)\",IF(OR($C175<>\"S\",ORÇAMENTO.CodBarra=\"\"),\"(Sem Código)\",IF(ISERROR(MATCH($AE175,INDIRECT(ORÇAMENTO.BancoRef),0)),\"(Código não identificado nas referências)\",MATCH($AE175,INDIRECT(ORÇAMENTO.BancoRef),0))))","v":"(abra o arquivo 'Referência 06-2023.xls)"},{"$f":"ROUND(IF(DESONERACAO=\"sim\",REFERENCIA.Desonerado,REFERENCIA.NaoDesonerado),2)","v":0},0.23530000000000001,null,1.65,null,null,42.08,25.5]
[1,1,1,54,{"$f":"IF($C176=1,OFFSET(E176,-1,0)+MAX(1,COUNTIF(QCI!$A$13:$A$32,OFFSET(ORÇAMENTO!E176,-1,0))),OFFSET(E176,-1,0))","v":4},0,0,0,0,674,{"$f":"IF(OR($C176=\"S\",$C176=0),0,MATCH(OFFSET($D176,0,$C176)+IF($C176<>1,1,COUNTIF(QCI!$A$13:$A$32,ORÇAMENTO!E176)),OFFSET($D176,1,$C176,ROW($C$850)-ROW($C176)),0))","v":54},"F","Meta","Meta","4.","SINAPI",null,"RUA GUSTAVO ANTES","-",{"$f":"OFFSET(CÁLCULO!H$15,ROW($T176)-ROW(T$15),0)","v":0},0,"BDI 1",{"$f":"IF($C176=\"S\",ROUND(IF(TIPOORCAMENTO=\"Proposto\",ORÇAMENTO.CustoUnitario*(1+$AH176),ORÇAMENTO.PrecoUnitarioLicitado),15-13*$AF$10),0)","v":0},155484.70000000001,"RA","",{"$f":"IF($C176=\"S\",IF($Z176=\"CP\",$X176,IF($Z176=\"RA\",(($X176)*QCI!$AA$3),0)),SomaAgrup)","v":155484.70000000001},0,{"$f":"IF($N176=\"\",\"\",IF(ORÇAMENTO.Descricao=\"\",\"DESCRIÇÃO\",IF(AND($C176=\"S\",ORÇAMENTO.Unidade=\"\"),\"UNIDADE\",IF($X176<0,\"VALOR NEGATIVO\",IF(OR(AND(TIPOORCAMENTO=\"Proposto\",$AG176<>\"\",$AG176>0,ORÇAMENTO.CustoUnitario>$AG176),AND(TIPOORCAMENTO=\"LICITADO\",ORÇAMENTO.PrecoUnitarioLicitado>$AN176)),\"ACIMA REF.\",\"\")))))","v":""},{"$f":"IF(C176<=CRONO.NivelExibicao,MAX($AD$15:OFFSET(AD176,-1,0))+IF($C176<>1,1,MAX(1,COUNTIF(QCI!$A$13:$A$32,OFFSET($E176,-1,0)))),\"\")","v":4},{"$f":"IF(AND($C176=\"S\",ORÇAMENTO.CodBarra<>\"\"),IF(ORÇAMENTO.Fonte=\"\",ORÇAMENTO.CodBarra,CONCATENATE(ORÇAMENTO.Fonte,\" \",ORÇAMENTO.CodBarra)))","v":false},{"$f":"IF(ISERROR(INDIRECT(ORÇAMENTO.BancoRef)),\"(abra o arquivo 'Referência \"&Excel_BuiltIn_Database&\".xls)\",IF(OR($C176<>\"S\",ORÇAMENTO.CodBarra=\"\"),\"(Sem Código)\",IF(ISERROR(MATCH($AE176,INDIRECT(ORÇAMENTO.BancoRef),0)),\"(Código não identificado nas referências)\",MATCH($AE176,INDIRECT(ORÇAMENTO.BancoRef),0))))","v":"(abra o arquivo 'Referência 06-2023.xls)"},{"$f":"ROUND(IF(DESONERACAO=\"sim\",REFERENCIA.Desonerado,REFERENCIA.NaoDesonerado),2)","v":0},0.23530000000000001,null,null,null,null,155484.70000000001,0]
[2,2,2,3,{"$f":"IF($C177=1,OFFSET(E177,-1,0)+MAX(1,COUNTIF(QCI!$A$13:$A$32,OFFSET(ORÇAMENTO!E177,-1,0))),OFFSET(E177,-1,0))","v":4},1,0,0,0,53,{"$f":"IF(OR($C177=\"S\",$C177=0),0,MATCH(OFFSET($D177,0,$C177)+IF($C177<>1,1,COUNTIF(QCI!$A$13:$A$32,ORÇAMENTO!E177)),OFFSET($D177,1,$C177,ROW($C$850)-ROW($C177)),0))","v":3},"F","Nível 2","Nível 2","4.1.","SINAPI",null,"SERVIÇOS INICIAIS E EVENTUAIS","-",{"$f":"OFFSET(CÁLCULO!H$15,ROW($T177)-ROW(T$15),0)","v":0},0,"BDI 1",{"$f":"IF($C177=\"S\",ROUND(IF(TIPOORCAMENTO=\"Proposto\",ORÇAMENTO.CustoUnitario*(1+$AH177),ORÇAMENTO.PrecoUnitarioLicitado),15-13*$AF$10),0)","v":0},2167.35,"RA","",{"$f":"IF($C177=\"S\",IF($Z177=\"CP\",$X177,IF($Z177=\"RA\",(($X177)*QCI!$AA$3),0)),SomaAgrup)","v":2167.35},0,{"$f":"IF($N177=\"\",\"\",IF(ORÇAMENTO.Descricao=\"\",\"DESCRIÇÃO\",IF(AND($C177=\"S\",ORÇAMENTO.Unidade=\"\"),\"UNIDADE\",IF($X177<0,\"VALOR NEGATIVO\",IF(OR(AND(TIPOORCAMENTO=\"Proposto\",$AG177<>\"\",$AG177>0,ORÇAMENTO.CustoUnitario>$AG177),AND(TIPOORCAMENTO=\"LICITADO\",ORÇAMENTO.PrecoUnitarioLicitado>$AN177)),\"ACIMA REF.\",\"\")))))","v":""},{"$f":"IF(C177<=CRONO.NivelExibicao,MAX($AD$15:OFFSET(AD177,-1,0))+IF($C177<>1,1,MAX(1,COUNTIF(QCI!$A$13:$A$32,OFFSET($E177,-1,0)))),\"\")","v":""},{"$f":"IF(AND($C177=\"S\",ORÇAMENTO.CodBarra<>\"\"),IF(ORÇAMENTO.Fonte=\"\",ORÇAMENTO.CodBarra,CONCATENATE(ORÇAMENTO.Fonte,\" \",ORÇAMENTO.CodBarra)))","v":false},{"$f":"IF(ISERROR(INDIRECT(ORÇAMENTO.BancoRef)),\"(abra o arquivo 'Referência \"&Excel_BuiltIn_Database&\".xls)\",IF(OR($C177<>\"S\",ORÇAMENTO.CodBarra=\"\"),\"(Sem Código)\",IF(ISERROR(MATCH($AE177,INDIRECT(ORÇAMENTO.BancoRef),0)),\"(Código não identificado nas referências)\",MATCH($AE177,INDIRECT(ORÇAMENTO.BancoRef),0))))","v":"(abra o arquivo 'Referência 06-2023.xls)"},{"$f":"ROUND(IF(DESONERACAO=\"sim\",REFERENCIA.Desonerado,REFERENCIA.NaoDesonerado),2)","v":0},0.23530000000000001,null,null,null,null,2167.35,0]
[{"$f":"CHOOSE(1+LOG(1+2*(ORÇAMENTO.Nivel=\"Meta\")+4*(ORÇAMENTO.Nivel=\"Nível 2\")+8*(ORÇAMENTO.Nivel=\"Nível 3\")+16*(ORÇAMENTO.Nivel=\"Nível 4\")+32*(ORÇAMENTO.Nivel=\"Serviço\"),2),0,1,2,3,4,\"S\")","v":"S"},{"$f":"IF(OR(C178=\"s\",C178=0),OFFSET(B178,-1,0),C178)","v":2},{"$f":"IF(OFFSET(C178,-1,0)=\"L\",1,IF(OFFSET(C178,-1,0)=1,2,IF(OR(A178=\"s\",A178=0),\"S\",IF(AND(OFFSET(C178,-1,0)=2,A178=4),3,IF(AND(OR(OFFSET(C178,-1,0)=\"s\",OFFSET(C178,-1,0)=0),A178<>\"s\",A178>OFFSET(B178,-1,0)),OFFSET(B178,-1,0),A178)))))","v":"S"},{"$f":"IF(OR(C178=\"S\",C178=0),0,IF(ISERROR(K178),J178,SMALL(J178:K178,1)))","v":0},{"$f":"IF($C178=1,OFFSET(E178,-1,0)+MAX(1,COUNTIF(QCI!$A$13:$A$32,OFFSET(ORÇAMENTO!E178,-1,0))),OFFSET(E178,-1,0))","v":4},{"$f":"IF($C178=1,0,IF($C178=2,OFFSET(F178,-1,0)+1,OFFSET(F178,-1,0)))","v":1},{"$f":"IF(AND($C178<=2,$C178<>0),0,IF($C178=3,OFFSET(G178,-1,0)+1,OFFSET(G178,-1,0)))","v":0},{"$f":"IF(AND($C178<=3,$C178<>0),0,IF($C178=4,OFFSET(H178,-1,0)+1,OFFSET(H178,-1,0)))","v":0},{"$f":"IF(AND($C178<=4,$C178<>0),0,IF(AND($C178=\"S\",$X178>0),OFFSET(I178,-1,0)+1,OFFSET(I178,-1,0)))","v":1},0,{"$f":"IF(OR($C178=\"S\",$C178=0),0,MATCH(OFFSET($D178,0,$C178)+IF($C178<>1,1,COUNTIF(QCI!$A$13:$A$32,ORÇAMENTO!E178)),OFFSET($D178,1,$C178,ROW($C$850)-ROW($C178)),0))","v":0},{"$f":"IF(OR($X178>0,$C178=1,$C178=2,$C178=3,$C178=4),\"F\",\"\")","v":"F"},"Serviço",{"$f":"CHOOSE(1+LOG(1+2*(C178=1)+4*(C178=2)+8*(C178=3)+16*(C178=4)+32*(C178=\"S\"),2),\"\",\"Meta\",\"Nível 2\",\"Nível 3\",\"Nível 4\",\"Serviço\")","v":"Serviço"},{"$f":"IF(OR($C178=0,$L178=\"\"),\"-\",CONCATENATE(E178&\".\",IF(AND($A$5>=2,$C178>=2),F178&\".\",\"\"),IF(AND($A$5>=3,$C178>=3),G178&\".\",\"\"),IF(AND($A$5>=4,$C178>=4),H178&\".\",\"\"),IF($C178=\"S\",I178&\".\",\"\")))","v":"4.1.1."},"AMMOC","PLOBRA","PLACA DE OBRA EM CHAPA DE AÇO GALVANIZADO","M²",{"$f":"OFFSET(CÁLCULO!H$15,ROW($T178)-ROW(T$15),0)","v":4.5},382.78,"BDI 1",{"$f":"IF($C178=\"S\",ROUND(IF(TIPOORCAMENTO=\"Proposto\",ORÇAMENTO.CustoUnitario*(1+$AH178),ORÇAMENTO.PrecoUnitarioLicitado),15-13*$AF$10),0)","v":472.85},{"$f":"IF($C178=\"S\",VTOTAL1,IF($C178=0,0,ROUND(SomaAgrup,15-13*$AF$11)))","v":2127.83},"RA",{"$f":"IF(AND($C178=\"S\",$X178>0),IF(ISBLANK($Y178),\"RA\",LEFT($Y178,2)),\"\")","v":"RA"},{"$f":"IF($C178=\"S\",IF($Z178=\"CP\",$X178,IF($Z178=\"RA\",(($X178)*QCI!$AA$3),0)),SomaAgrup)","v":2127.83},{"$f":"IF($C178=\"S\",IF($Z178=\"OU\",ROUND($X178,2),0),SomaAgrup)","v":0},{"$f":"IF($N178=\"\",\"\",IF(ORÇAMENTO.Descricao=\"\",\"DESCRIÇÃO\",IF(AND($C178=\"S\",ORÇAMENTO.Unidade=\"\"),\"UNIDADE\",IF($X178<0,\"VALOR NEGATIVO\",IF(OR(AND(TIPOORCAMENTO=\"Proposto\",$AG178<>\"\",$AG178>0,ORÇAMENTO.CustoUnitario>$AG178),AND(TIPOORCAMENTO=\"LICITADO\",ORÇAMENTO.PrecoUnitarioLicitado>$AN178)),\"ACIMA REF.\",\"\")))))","v":""},{"$f":"IF(C178<=CRONO.NivelExibicao,MAX($AD$15:OFFSET(AD178,-1,0))+IF($C178<>1,1,MAX(1,COUNTIF(QCI!$A$13:$A$32,OFFSET($E178,-1,0)))),\"\")","v":""},{"$f":"IF(AND($C178=\"S\",ORÇAMENTO.CodBarra<>\"\"),IF(ORÇAMENTO.Fonte=\"\",ORÇAMENTO.CodBarra,CONCATENATE(ORÇAMENTO.Fonte,\" \",ORÇAMENTO.CodBarra)))","v":"AMMOC PLOBRA"},{"$f":"IF(ISERROR(INDIRECT(ORÇAMENTO.BancoRef)),\"(abra o arquivo 'Referência \"&Excel_BuiltIn_Database&\".xls)\",IF(OR($C178<>\"S\",ORÇAMENTO.CodBarra=\"\"),\"(Sem Código)\",IF(ISERROR(MATCH($AE178,INDIRECT(ORÇAMENTO.BancoRef),0)),\"(Código não identificado nas referências)\",MATCH($AE178,INDIRECT(ORÇAMENTO.BancoRef),0))))","v":"(abra o arquivo 'Referência 06-2023.xls)"},{"$f":"ROUND(IF(DESONERACAO=\"sim\",REFERENCIA.Desonerado,REFERENCIA.NaoDesonerado),2)","v":0},{"$f":"ROUND(IF(ISNUMBER(ORÇAMENTO.OpcaoBDI),ORÇAMENTO.OpcaoBDI,IF(LEFT(ORÇAMENTO.OpcaoBDI,3)=\"BDI\",HLOOKUP(ORÇAMENTO.OpcaoBDI,$F$4:$H$5,2,FALSE),0)),15-11*$AF$9)","v":0.23530000000000001},null,4.5,null,null,2127.83,{"$f":"ROUND(ORÇAMENTO.CustoUnitario*(1+$AH178),2)","v":472.85}]
["S",2,"S",0,{"$f":"IF($C179=1,OFFSET(E179,-1,0)+MAX(1,COUNTIF(QCI!$A$13:$A$32,OFFSET(ORÇAMENTO!E179,-1,0))),OFFSET(E179,-1,0))","v":4},1,0,0,2,0,{"$f":"IF(OR($C179=\"S\",$C179=0),0,MATCH(OFFSET($D179,0,$C179)+IF($C179<>1,1,COUNTIF(QCI!$A$13:$A$32,ORÇAMENTO!E179)),OFFSET($D179,1,$C179,ROW($C$850)-ROW($C179)),0))","v":0},"F","Serviço","Serviço","4.1.2.","SINAPI","99064","LOCAÇÃO DE PAVIMENTAÇÃO","M",{"$f":"OFFSET(CÁLCULO!H$15,ROW($T179)-ROW(T$15),0)","v":66.989999999999995},0.48,"BDI 1",{"$f":"IF($C179=\"S\",ROUND(IF(TIPOORCAMENTO=\"Proposto\",ORÇAMENTO.CustoUnitario*(1+$AH179),ORÇAMENTO.PrecoUnitarioLicitado),15-13*$AF$10),0)","v":0.59},39.520000000000003,"RA","RA",{"$f":"IF($C179=\"S\",IF($Z179=\"CP\",$X179,IF($Z179=\"RA\",(($X179)*QCI!$AA$3),0)),SomaAgrup)","v":39.520000000000003},0,{"$f":"IF($N179=\"\",\"\",IF(ORÇAMENTO.Descricao=\"\",\"DESCRIÇÃO\",IF(AND($C179=\"S\",ORÇAMENTO.Unidade=\"\"),\"UNIDADE\",IF($X179<0,\"VALOR NEGATIVO\",IF(OR(AND(TIPOORCAMENTO=\"Proposto\",$AG179<>\"\",$AG179>0,ORÇAMENTO.CustoUnitario>$AG179),AND(TIPOORCAMENTO=\"LICITADO\",ORÇAMENTO.PrecoUnitarioLicitado>$AN179)),\"ACIMA REF.\",\"\")))))","v":""},{"$f":"IF(C179<=CRONO.NivelExibicao,MAX($AD$15:OFFSET(AD179,-1,0))+IF($C179<>1,1,MAX(1,COUNTIF(QCI!$A$13:$A$32,OFFSET($E179,-1,0)))),\"\")","v":""},{"$f":"IF(AND($C179=\"S\",ORÇAMENTO.CodBarra<>\"\"),IF(ORÇAMENTO.Fonte=\"\",ORÇAMENTO.CodBarra,CONCATENATE(ORÇAMENTO.Fonte,\" \",ORÇAMENTO.CodBarra)))","v":"SINAPI 99064"},{"$f":"IF(ISERROR(INDIRECT(ORÇAMENTO.BancoRef)),\"(abra o arquivo 'Referência \"&Excel_BuiltIn_Database&\".xls)\",IF(OR($C179<>\"S\",ORÇAMENTO.CodBarra=\"\"),\"(Sem Código)\",IF(ISERROR(MATCH($AE179,INDIRECT(ORÇAMENTO.BancoRef),0)),\"(Código não identificado nas referências)\",MATCH($AE179,INDIRECT(ORÇAMENTO.BancoRef),0))))","v":"(abra o arquivo 'Referência 06-2023.xls)"},{"$f":"ROUND(IF(DESONERACAO=\"sim\",REFERENCIA.Desonerado,REFERENCIA.NaoDesonerado),2)","v":0},0.23530000000000001,null,66.989999999999995,null,null,39.520000000000003,0.59]
[2,2,2,2,{"$f":"IF($C180=1,OFFSET(E180,-1,0)+MAX(1,COUNTIF(QCI!$A$13:$A$32,OFFSET(ORÇAMENTO!E180,-1,0))),OFFSET(E180,-1,0))","v":4},2,0,0,0,50,{"$f":"IF(OR($C180=\"S\",$C180=0),0,MATCH(OFFSET($D180,0,$C180)+IF($C180<>1,1,COUNTIF(QCI!$A$13:$A$32,ORÇAMENTO!E180)),OFFSET($D180,1,$C180,ROW($C$850)-ROW($C180)),0))","v":2},"F","Nível 2","Nível 2","4.2.","SINAPI",null,"SINALIZAÇÃO E SEGURANÇA","-",{"$f":"OFFSET(CÁLCULO!H$15,ROW($T180)-ROW(T$15),0)","v":0},0,"BDI 1",{"$f":"IF($C180=\"S\",ROUND(IF(TIPOORCAMENTO=\"Proposto\",ORÇAMENTO.CustoUnitario*(1+$AH180),ORÇAMENTO.PrecoUnitarioLicitado),15-13*$AF$10),0)","v":0},2531,"RA","",{"$f":"IF($C180=\"S\",IF($Z180=\"CP\",$X180,IF($Z180=\"RA\",(($X180)*QCI!$AA$3),0)),SomaAgrup)","v":2531},0,{"$f":"IF($N180=\"\",\"\",IF(ORÇAMENTO.Descricao=\"\",\"DESCRIÇÃO\",IF(AND($C180=\"S\",ORÇAMENTO.Unidade=\"\"),\"UNIDADE\",IF($X180<0,\"VALOR NEGATIVO\",IF(OR(AND(TIPOORCAMENTO=\"Proposto\",$AG180<>\"\",$AG180>0,ORÇAMENTO.CustoUnitario>$AG180),AND(TIPOORCAMENTO=\"LICITADO\",ORÇAMENTO.PrecoUnitarioLicitado>$AN180)),\"ACIMA REF.\",\"\")))))","v":""},{"$f":"IF(C180<=CRONO.NivelExibicao,MAX($AD$15:OFFSET(AD180,-1,0))+IF($C180<>1,1,MAX(1,COUNTIF(QCI!$A$13:$A$32,OFFSET($E180,-1,0)))),\"\")","v":""},{"$f":"IF(AND($C180=\"S\",ORÇAMENTO.CodBarra<>\"\"),IF(ORÇAMENTO.Fonte=\"\",ORÇAMENTO.CodBarra,CONCATENATE(ORÇAMENTO.Fonte,\" \",ORÇAMENTO.CodBarra)))","v":false},{"$f":"IF(ISERROR(INDIRECT(ORÇAMENTO.BancoRef)),\"(abra o arquivo 'Referência \"&Excel_BuiltIn_Database&\".xls)\",IF(OR($C180<>\"S\",ORÇAMENTO.CodBarra=\"\"),\"(Sem Código)\",IF(ISERROR(MATCH($AE180,INDIRECT(ORÇAMENTO.BancoRef),0)),\"(Código não identificado nas referências)\",MATCH($AE180,INDIRECT(ORÇAMENTO.BancoRef),0))))","v":"(abra o arquivo 'Referência 06-2023.xls)"},{"$f":"ROUND(IF(DESONERACAO=\"sim\",REFERENCIA.Desonerado,REFERENCIA.NaoDesonerado),2)","v":0},0.23530000000000001,null,null,null,null,2531,0]
["S",2,"S",0,{"$f":"IF($C181=1,OFFSET(E181,-1,0)+MAX(1,COUNTIF(QCI!$A$13:$A$32,OFFSET(ORÇAMENTO!E181,-1,0))),OFFSET(E181,-1,0))","v":4},2,0,0,1,0,{"$f":"IF(OR($C181=\"S\",$C181=0),0,MATCH(OFFSET($D181,0,$C181)+IF($C181<>1,1,COUNTIF(QCI!$A$13:$A$32,ORÇAMENTO!E181)),OFFSET($D181,1,$C181,ROW($C$850)-ROW($C181)),0))","v":0},"F","Serviço","Serviço","4.2.1.","AMMOC","SIN","SINALIZAÇÃO COM FITA FIXADA EM CONE PLÁSTICO, INCLUINDO CONE","M",{"$f":"OFFSET(CÁLCULO!H$15,ROW($T181)-ROW(T$15),0)","v":146.97999999999999},13.94,"BDI 1",{"$f":"IF($C181=\"S\",ROUND(IF(TIPOORCAMENTO=\"Proposto\",ORÇAMENTO.CustoUnitario*(1+$AH181),ORÇAMENTO.PrecoUnitarioLicitado),15-13*$AF$10),0)","v":17.22},2531,"RA","RA",{"$f":"IF($C181=\"S\",IF($Z181=\"CP\",$X181,IF($Z181=\"RA\",(($X181)*QCI!$AA$3),0)),SomaAgrup)","v":2531},0,{"$f":"IF($N181=\"\",\"\",IF(ORÇAMENTO.Descricao=\"\",\"DESCRIÇÃO\",IF(AND($C181=\"S\",ORÇAMENTO.Unidade=\"\"),\"UNIDADE\",IF($X181<0,\"VALOR NEGATIVO\",IF(OR(AND(TIPOORCAMENTO=\"Proposto\",$AG181<>\"\",$AG181>0,ORÇAMENTO.CustoUnitario>$AG181),AND(TIPOORCAMENTO=\"LICITADO\",ORÇAMENTO.PrecoUnitarioLicitado>$AN181)),\"ACIMA REF.\",\"\")))))","v":""},{"$f":"IF(C181<=CRONO.NivelExibicao,MAX($AD$15:OFFSET(AD181,-1,0))+IF($C181<>1,1,MAX(1,COUNTIF(QCI!$A$13:$A$32,OFFSET($E181,-1,0)))),\"\")","v":""},{"$f":"IF(AND($C181=\"S\",ORÇAMENTO.CodBarra<>\"\"),IF(ORÇAMENTO.Fonte=\"\",ORÇAMENTO.CodBarra,CONCATENATE(ORÇAMENTO.Fonte,\" \",ORÇAMENTO.CodBarra)))","v":"AMMOC SIN"},{"$f":"IF(ISERROR(INDIRECT(ORÇAMENTO.BancoRef)),\"(abra o arquivo 'Referência \"&Excel_BuiltIn_Database&\".xls)\",IF(OR($C181<>\"S\",ORÇAMENTO.CodBarra=\"\"),\"(Sem Código)\",IF(ISERROR(MATCH($AE181,INDIRECT(ORÇAMENTO.BancoRef),0)),\"(Código não identificado nas referências)\",MATCH($AE181,INDIRECT(ORÇAMENTO.BancoRef),0))))","v":"(abra o arquivo 'Referência 06-2023.xls)"},{"$f":"ROUND(IF(DESONERACAO=\"sim\",REFERENCIA.Desonerado,REFERENCIA.NaoDesonerado),2)","v":0},0.23530000000000001,null,{"$f":"(AJ179*2)+13","v":146.97999999999999},null,null,2531,17.22]
[2,2,2,9,{"$f":"IF($C182=1,OFFSET(E182,-1,0)+MAX(1,COUNTIF(QCI!$A$13:$A$32,OFFSET(ORÇAMENTO!E182,-1,0))),OFFSET(E182,-1,0))","v":4},3,0,0,0,48,{"$f":"IF(OR($C182=\"S\",$C182=0),0,MATCH(OFFSET($D182,0,$C182)+IF($C182<>1,1,COUNTIF(QCI!$A$13:$A$32,ORÇAMENTO!E182)),OFFSET($D182,1,$C182,ROW($C$850)-ROW($C182)),0))","v":9},"F","Nível 2","Nível 2","4.3.","SINAPI",null,"ESCAVAÇÕES E MOVIMENTAÇÕES DE TERRA","-",{"$f":"OFFSET(CÁLCULO!H$15,ROW($T182)-ROW(T$15),0)","v":0},0,"BDI 1",{"$f":"IF($C182=\"S\",ROUND(IF(TIPOORCAMENTO=\"Proposto\",ORÇAMENTO.CustoUnitario*(1+$AH182),ORÇAMENTO.PrecoUnitarioLicitado),15-13*$AF$10),0)","v":0},3982.96,"RA","",{"$f":"IF($C182=\"S\",IF($Z182=\"CP\",$X182,IF($Z182=\"RA\",(($X182)*QCI!$AA$3),0)),SomaAgrup)","v":3982.9599999999991},0,{"$f":"IF($N182=\"\",\"\",IF(ORÇAMENTO.Descricao=\"\",\"DESCRIÇÃO\",IF(AND($C182=\"S\",ORÇAMENTO.Unidade=\"\"),\"UNIDADE\",IF($X182<0,\"VALOR NEGATIVO\",IF(OR(AND(TIPOORCAMENTO=\"Proposto\",$AG182<>\"\",$AG182>0,ORÇAMENTO.CustoUnitario>$AG182),AND(TIPOORCAMENTO=\"LICITADO\",ORÇAMENTO.PrecoUnitarioLicitado>$AN182)),\"ACIMA REF.\",\"\")))))","v":""},{"$f":"IF(C182<=CRONO.NivelExibicao,MAX($AD$15:OFFSET(AD182,-1,0))+IF($C182<>1,1,MAX(1,COUNTIF(QCI!$A$13:$A$32,OFFSET($E182,-1,0)))),\"\")","v":""},{"$f":"IF(AND($C182=\"S\",ORÇAMENTO.CodBarra<>\"\"),IF(ORÇAMENTO.Fonte=\"\",ORÇAMENTO.CodBarra,CONCATENATE(ORÇAMENTO.Fonte,\" \",ORÇAMENTO.CodBarra)))","v":false},{"$f":"IF(ISERROR(INDIRECT(ORÇAMENTO.BancoRef)),\"(abra o arquivo 'Referência \"&Excel_BuiltIn_Database&\".xls)\",IF(OR($C182<>\"S\",ORÇAMENTO.CodBarra=\"\"),\"(Sem Código)\",IF(ISERROR(MATCH($AE182,INDIRECT(ORÇAMENTO.BancoRef),0)),\"(Código não identificado nas referências)\",MATCH($AE182,INDIRECT(ORÇAMENTO.BancoRef),0))))","v":"(abra o arquivo 'Referência 06-2023.xls)"},{"$f":"ROUND(IF(DESONERACAO=\"sim\",REFERENCIA.Desonerado,REFERENCIA.NaoDesonerado),2)","v":0},0.23530000000000001,null,null,null,null,3982.96,0]
[{"$f":"CHOOSE(1+LOG(1+2*(ORÇAMENTO.Nivel=\"Meta\")+4*(ORÇAMENTO.Nivel=\"Nível 2\")+8*(ORÇAMENTO.Nivel=\"Nível 3\")+16*(ORÇAMENTO.Nivel=\"Nível 4\")+32*(ORÇAMENTO.Nivel=\"Serviço\"),2),0,1,2,3,4,\"S\")","v":"S"},{"$f":"IF(OR(C183=\"s\",C183=0),OFFSET(B183,-1,0),C183)","v":2},{"$f":"IF(OFFSET(C183,-1,0)=\"L\",1,IF(OFFSET(C183,-1,0)=1,2,IF(OR(A183=\"s\",A183=0),\"S\",IF(AND(OFFSET(C183,-1,0)=2,A183=4),3,IF(AND(OR(OFFSET(C183,-1,0)=\"s\",OFFSET(C183,-1,0)=0),A183<>\"s\",A183>OFFSET(B183,-1,0)),OFFSET(B183,-1,0),A183)))))","v":"S"},{"$f":"IF(OR(C183=\"S\",C183=0),0,IF(ISERROR(K183),J183,SMALL(J183:K183,1)))","v":0},{"$f":"IF($C183=1,OFFSET(E183,-1,0)+MAX(1,COUNTIF(QCI!$A$13:$A$32,OFFSET(ORÇAMENTO!E183,-1,0))),OFFSET(E183,-1,0))","v":4},{"$f":"IF($C183=1,0,IF($C183=2,OFFSET(F183,-1,0)+1,OFFSET(F183,-1,0)))","v":3},{"$f":"IF(AND($C183<=2,$C183<>0),0,IF($C183=3,OFFSET(G183,-1,0)+1,OFFSET(G183,-1,0)))","v":0},{"$f":"IF(AND($C183<=3,$C183<>0),0,IF($C183=4,OFFSET(H183,-1,0)+1,OFFSET(H183,-1,0)))","v":0},{"$f":"IF(AND($C183<=4,$C183<>0),0,IF(AND($C183=\"S\",$X183>0),OFFSET(I183,-1,0)+1,OFFSET(I183,-1,0)))","v":1},0,{"$f":"IF(OR($C183=\"S\",$C183=0),0,MATCH(OFFSET($D183,0,$C183)+IF($C183<>1,1,COUNTIF(QCI!$A$13:$A$32,ORÇAMENTO!E183)),OFFSET($D183,1,$C183,ROW($C$850)-ROW($C183)),0))","v":0},{"$f":"IF(OR($X183>0,$C183=1,$C183=2,$C183=3,$C183=4),\"F\",\"\")","v":"F"},"Serviço",{"$f":"CHOOSE(1+LOG(1+2*(C183=1)+4*(C183=2)+8*(C183=3)+16*(C183=4)+32*(C183=\"S\"),2),\"\",\"Meta\",\"Nível 2\",\"Nível 3\",\"Nível 4\",\"Serviço\")","v":"Serviço"},{"$f":"IF(OR($C183=0,$L183=\"\"),\"-\",CONCATENATE(E183&\".\",IF(AND($A$5>=2,$C183>=2),F183&\".\",\"\"),IF(AND($A$5>=3,$C183>=3),G183&\".\",\"\"),IF(AND($A$5>=4,$C183>=4),H183&\".\",\"\"),IF($C183=\"S\",I183&\".\",\"\")))","v":"4.3.1."},"SINAPI",96385,"EXECUÇÃO E COMPACTAÇÃO DE ATERRO COM SOLO PREDOMINANTEMENTE ARGILOSO - EXCLUSIVE SOLO, ESCAVAÇÃO, CARGA E TRANSPORTE. AF_11/2019","M3",{"$f":"OFFSET(CÁLCULO!H$15,ROW($T183)-ROW(T$15),0)","v":0.5},11.05,"BDI 1",{"$f":"IF($C183=\"S\",ROUND(IF(TIPOORCAMENTO=\"Proposto\",ORÇAMENTO.CustoUnitario*(1+$AH183),ORÇAMENTO.PrecoUnitarioLicitado),15-13*$AF$10),0)","v":13.65},{"$f":"IF($C183=\"S\",VTOTAL1,IF($C183=0,0,ROUND(SomaAgrup,15-13*$AF$11)))","v":6.83},"RA",{"$f":"IF(AND($C183=\"S\",$X183>0),IF(ISBLANK($Y183),\"RA\",LEFT($Y183,2)),\"\")","v":"RA"},{"$f":"IF($C183=\"S\",IF($Z183=\"CP\",$X183,IF($Z183=\"RA\",(($X183)*QCI!$AA$3),0)),SomaAgrup)","v":6.83},{"$f":"IF($C183=\"S\",IF($Z183=\"OU\",ROUND($X183,2),0),SomaAgrup)","v":0},{"$f":"IF($N183=\"\",\"\",IF(ORÇAMENTO.Descricao=\"\",\"DESCRIÇÃO\",IF(AND($C183=\"S\",ORÇAMENTO.Unidade=\"\"),\"UNIDADE\",IF($X183<0,\"VALOR NEGATIVO\",IF(OR(AND(TIPOORCAMENTO=\"Proposto\",$AG183<>\"\",$AG183>0,ORÇAMENTO.CustoUnitario>$AG183),AND(TIPOORCAMENTO=\"LICITADO\",ORÇAMENTO.PrecoUnitarioLicitado>$AN183)),\"ACIMA REF.\",\"\")))))","v":""},{"$f":"IF(C183<=CRONO.NivelExibicao,MAX($AD$15:OFFSET(AD183,-1,0))+IF($C183<>1,1,MAX(1,COUNTIF(QCI!$A$13:$A$32,OFFSET($E183,-1,0)))),\"\")","v":""},{"$f":"IF(AND($C183=\"S\",ORÇAMENTO.CodBarra<>\"\"),IF(ORÇAMENTO.Fonte=\"\",ORÇAMENTO.CodBarra,CONCATENATE(ORÇAMENTO.Fonte,\" \",ORÇAMENTO.CodBarra)))","v":"SINAPI 96385"},{"$f":"IF(ISERROR(INDIRECT(ORÇAMENTO.BancoRef)),\"(abra o arquivo 'Referência \"&Excel_BuiltIn_Database&\".xls)\",IF(OR($C183<>\"S\",ORÇAMENTO.CodBarra=\"\"),\"(Sem Código)\",IF(ISERROR(MATCH($AE183,INDIRECT(ORÇAMENTO.BancoRef),0)),\"(Código não identificado nas referências)\",MATCH($AE183,INDIRECT(ORÇAMENTO.BancoRef),0))))","v":"(abra o arquivo 'Referência 06-2023.xls)"},{"$f":"ROUND(IF(DESONERACAO=\"sim\",REFERENCIA.Desonerado,REFERENCIA.NaoDesonerado),2)","v":0},{"$f":"ROUND(IF(ISNUMBER(ORÇAMENTO.OpcaoBDI),ORÇAMENTO.OpcaoBDI,IF(LEFT(ORÇAMENTO.OpcaoBDI,3)=\"BDI\",HLOOKUP(ORÇAMENTO.OpcaoBDI,$F$4:$H$5,2,FALSE),0)),15-11*$AF$9)","v":0.23530000000000001},null,0.5,null,null,6.83,{"$f":"ROUND(ORÇAMENTO.CustoUnitario*(1+$AH183),2)","v":13.65}]
["S",2,"S",0,{"$f":"IF($C184=1,OFFSET(E184,-1,0)+MAX(1,COUNTIF(QCI!$A$13:$A$32,OFFSET(ORÇAMENTO!E184,-1,0))),OFFSET(E184,-1,0))","v":4},3,0,0,2,0,{"$f":"IF(OR($C184=\"S\",$C184=0),0,MATCH(OFFSET($D184,0,$C184)+IF($C184<>1,1,COUNTIF(QCI!$A$13:$A$32,ORÇAMENTO!E184)),OFFSET($D184,1,$C184,ROW($C$850)-ROW($C184)),0))","v":0},"F","Serviço","Serviço","4.3.2.","SINAPI","102276","ESCAVAÇÃO MECANIZADA DE VALA COM PROF. ATÉ 2 M, COM ESCAVADEIRA HIDRÁULICA, LARG. MENOR QUE  1,5 M, EM SOLO DE 2A CATEGORIA, EM LOCAIS COM ALTO NÍVEL DE INTERFERÊNCIA","M3",{"$f":"OFFSET(CÁLCULO!H$15,ROW($T184)-ROW(T$15),0)","v":81.66},12.08,"BDI 1",{"$f":"IF($C184=\"S\",ROUND(IF(TIPOORCAMENTO=\"Proposto\",ORÇAMENTO.CustoUnitario*(1+$AH184),ORÇAMENTO.PrecoUnitarioLicitado),15-13*$AF$10),0)","v":14.92},1218.3699999999999,"RA","RA",{"$f":"IF($C184=\"S\",IF($Z184=\"CP\",$X184,IF($Z184=\"RA\",(($X184)*QCI!$AA$3),0)),SomaAgrup)","v":1218.3699999999999},0,{"$f":"IF($N184=\"\",\"\",IF(ORÇAMENTO.Descricao=\"\",\"DESCRIÇÃO\",IF(AND($C184=\"S\",ORÇAMENTO.Unidade=\"\"),\"UNIDADE\",IF($X184<0,\"VALOR NEGATIVO\",IF(OR(AND(TIPOORCAMENTO=\"Proposto\",$AG184<>\"\",$AG184>0,ORÇAMENTO.CustoUnitario>$AG184),AND(TIPOORCAMENTO=\"LICITADO\",ORÇAMENTO.PrecoUnitarioLicitado>$AN184)),\"ACIMA REF.\",\"\")))))","v":""},{"$f":"IF(C184<=CRONO.NivelExibicao,MAX($AD$15:OFFSET(AD184,-1,0))+IF($C184<>1,1,MAX(1,COUNTIF(QCI!$A$13:$A$32,OFFSET($E184,-1,0)))),\"\")","v":""},{"$f":"IF(AND($C184=\"S\",ORÇAMENTO.CodBarra<>\"\"),IF(ORÇAMENTO.Fonte=\"\",ORÇAMENTO.CodBarra,CONCATENATE(ORÇAMENTO.Fonte,\" \",ORÇAMENTO.CodBarra)))","v":"SINAPI 102276"},{"$f":"IF(ISERROR(INDIRECT(ORÇAMENTO.BancoRef)),\"(abra o arquivo 'Referência \"&Excel_BuiltIn_Database&\".xls)\",IF(OR($C184<>\"S\",ORÇAMENTO.CodBarra=\"\"),\"(Sem Código)\",IF(ISERROR(MATCH($AE184,INDIRECT(ORÇAMENTO.BancoRef),0)),\"(Código não identificado nas referências)\",MATCH($AE184,INDIRECT(ORÇAMENTO.BancoRef),0))))","v":"(abra o arquivo 'Referência 06-2023.xls)"},{"$f":"ROUND(IF(DESONERACAO=\"sim\",REFERENCIA.Desonerado,REFERENCIA.NaoDesonerado),2)","v":0},0.23530000000000001,null,81.66,null,null,1218.3699999999999,14.92]
["S",2,"S",0,{"$f":"IF($C185=1,OFFSET(E185,-1,0)+MAX(1,COUNTIF(QCI!$A$13:$A$32,OFFSET(ORÇAMENTO!E185,-1,0))),OFFSET(E185,-1,0))","v":4},3,0,0,3,0,{"$f":"IF(OR($C185=\"S\",$C185=0),0,MATCH(OFFSET($D185,0,$C185)+IF($C185<>1,1,COUNTIF(QCI!$A$13:$A$32,ORÇAMENTO!E185)),OFFSET($D185,1,$C185,ROW($C$850)-ROW($C185)),0))","v":0},"F","Serviço","Serviço","4.3.3.","SINAPI",101116,"ESCAVAÇÃO HORIZONTAL EM SOLO DE 1A CATEGORIA COM TRATOR DE ESTEIRAS (170HP/LÂMINA: 5,20M3). AF_07/2020","M3",{"$f":"OFFSET(CÁLCULO!H$15,ROW($T185)-ROW(T$15),0)","v":48.83},2.21,"BDI 1",{"$f":"IF($C185=\"S\",ROUND(IF(TIPOORCAMENTO=\"Proposto\",ORÇAMENTO.CustoUnitario*(1+$AH185),ORÇAMENTO.PrecoUnitarioLicitado),15-13*$AF$10),0)","v":2.73},133.31,"RA","RA",{"$f":"IF($C185=\"S\",IF($Z185=\"CP\",$X185,IF($Z185=\"RA\",(($X185)*QCI!$AA$3),0)),SomaAgrup)","v":133.31},0,{"$f":"IF($N185=\"\",\"\",IF(ORÇAMENTO.Descricao=\"\",\"DESCRIÇÃO\",IF(AND($C185=\"S\",ORÇAMENTO.Unidade=\"\"),\"UNIDADE\",IF($X185<0,\"VALOR NEGATIVO\",IF(OR(AND(TIPOORCAMENTO=\"Proposto\",$AG185<>\"\",$AG185>0,ORÇAMENTO.CustoUnitario>$AG185),AND(TIPOORCAMENTO=\"LICITADO\",ORÇAMENTO.PrecoUnitarioLicitado>$AN185)),\"ACIMA REF.\",\"\")))))","v":""},{"$f":"IF(C185<=CRONO.NivelExibicao,MAX($AD$15:OFFSET(AD185,-1,0))+IF($C185<>1,1,MAX(1,COUNTIF(QCI!$A$13:$A$32,OFFSET($E185,-1,0)))),\"\")","v":""},{"$f":"IF(AND($C185=\"S\",ORÇAMENTO.CodBarra<>\"\"),IF(ORÇAMENTO.Fonte=\"\",ORÇAMENTO.CodBarra,CONCATENATE(ORÇAMENTO.Fonte,\" \",ORÇAMENTO.CodBarra)))","v":"SINAPI 101116"},{"$f":"IF(ISERROR(INDIRECT(ORÇAMENTO.BancoRef)),\"(abra o arquivo 'Referência \"&Excel_BuiltIn_Database&\".xls)\",IF(OR($C185<>\"S\",ORÇAMENTO.CodBarra=\"\"),\"(Sem Código)\",IF(ISERROR(MATCH($AE185,INDIRECT(ORÇAMENTO.BancoRef),0)),\"(Código não identificado nas referências)\",MATCH($AE185,INDIRECT(ORÇAMENTO.BancoRef),0))))","v":"(abra o arquivo 'Referência 06-2023.xls)"},{"$f":"ROUND(IF(DESONERACAO=\"sim\",REFERENCIA.Desonerado,REFERENCIA.NaoDesonerado),2)","v":0},0.23530000000000001,null,{"$f":"146*0.1+(34.23)","v":48.83},null,null,133.31,2.73]
["S",2,"S",0,{"$f":"IF($C186=1,OFFSET(E186,-1,0)+MAX(1,COUNTIF(QCI!$A$13:$A$32,OFFSET(ORÇAMENTO!E186,-1,0))),OFFSET(E186,-1,0))","v":4},3,0,0,4,0,{"$f":"IF(OR($C186=\"S\",$C186=0),0,MATCH(OFFSET($D186,0,$C186)+IF($C186<>1,1,COUNTIF(QCI!$A$13:$A$32,ORÇAMENTO!E186)),OFFSET($D186,1,$C186,ROW($C$850)-ROW($C186)),0))","v":0},"F","Serviço","Serviço","4.3.4.","SINAPI","100978","CARGA, MANOBRA E DESCARGA DE MATERIAL REMOVIDO EM CAMINHÃO BASCULANTE - CARGA COM ESCAVADEIRA HIDRÁULICA","M3",{"$f":"OFFSET(CÁLCULO!H$15,ROW($T186)-ROW(T$15),0)","v":129.99},6.33,"BDI 1",{"$f":"IF($C186=\"S\",ROUND(IF(TIPOORCAMENTO=\"Proposto\",ORÇAMENTO.CustoUnitario*(1+$AH186),ORÇAMENTO.PrecoUnitarioLicitado),15-13*$AF$10),0)","v":7.82},1016.52,"RA","RA",{"$f":"IF($C186=\"S\",IF($Z186=\"CP\",$X186,IF($Z186=\"RA\",(($X186)*QCI!$AA$3),0)),SomaAgrup)","v":1016.52},0,{"$f":"IF($N186=\"\",\"\",IF(ORÇAMENTO.Descricao=\"\",\"DESCRIÇÃO\",IF(AND($C186=\"S\",ORÇAMENTO.Unidade=\"\"),\"UNIDADE\",IF($X186<0,\"VALOR NEGATIVO\",IF(OR(AND(TIPOORCAMENTO=\"Proposto\",$AG186<>\"\",$AG186>0,ORÇAMENTO.CustoUnitario>$AG186),AND(TIPOORCAMENTO=\"LICITADO\",ORÇAMENTO.PrecoUnitarioLicitado>$AN186)),\"ACIMA REF.\",\"\")))))","v":""},{"$f":"IF(C186<=CRONO.NivelExibicao,MAX($AD$15:OFFSET(AD186,-1,0))+IF($C186<>1,1,MAX(1,COUNTIF(QCI!$A$13:$A$32,OFFSET($E186,-1,0)))),\"\")","v":""},{"$f":"IF(AND($C186=\"S\",ORÇAMENTO.CodBarra<>\"\"),IF(ORÇAMENTO.Fonte=\"\",ORÇAMENTO.CodBarra,CONCATENATE(ORÇAMENTO.Fonte,\" \",ORÇAMENTO.CodBarra)))","v":"SINAPI 100978"},{"$f":"IF(ISERROR(INDIRECT(ORÇAMENTO.BancoRef)),\"(abra o arquivo 'Referência \"&Excel_BuiltIn_Database&\".xls)\",IF(OR($C186<>\"S\",ORÇAMENTO.CodBarra=\"\"),\"(Sem Código)\",IF(ISERROR(MATCH($AE186,INDIRECT(ORÇAMENTO.BancoRef),0)),\"(Código não identificado nas referências)\",MATCH($AE186,INDIRECT(ORÇAMENTO.BancoRef),0))))","v":"(abra o arquivo 'Referência 06-2023.xls)"},{"$f":"ROUND(IF(DESONERACAO=\"sim\",REFERENCIA.Desonerado,REFERENCIA.NaoDesonerado),2)","v":0},0.23530000000000001,null,{"$f":"AJ184+AJ185-AJ183","v":129.99},null,null,1016.52,7.82]
["S",2,"S",0,{"$f":"IF($C187=1,OFFSET(E187,-1,0)+MAX(1,COUNTIF(QCI!$A$13:$A$32,OFFSET(ORÇAMENTO!E187,-1,0))),OFFSET(E187,-1,0))","v":4},3,0,0,5,0,{"$f":"IF(OR($C187=\"S\",$C187=0),0,MATCH(OFFSET($D187,0,$C187)+IF($C187<>1,1,COUNTIF(QCI!$A$13:$A$32,ORÇAMENTO!E187)),OFFSET($D187,1,$C187,ROW($C$850)-ROW($C187)),0))","v":0},"F","Serviço","Serviço","4.3.5.","SINAPI","95875","TRANSPORTE DE MATERIAL REMOVIDO COM CAMINHÃO BASCULANTE, DMT = 2 KM","M3XKM",{"$f":"OFFSET(CÁLCULO!H$15,ROW($T187)-ROW(T$15),0)","v":259.98},2.23,"BDI 1",{"$f":"IF($C187=\"S\",ROUND(IF(TIPOORCAMENTO=\"Proposto\",ORÇAMENTO.CustoUnitario*(1+$AH187),ORÇAMENTO.PrecoUnitarioLicitado),15-13*$AF$10),0)","v":2.75},714.95,"RA","RA",{"$f":"IF($C187=\"S\",IF($Z187=\"CP\",$X187,IF($Z187=\"RA\",(($X187)*QCI!$AA$3),0)),SomaAgrup)","v":714.95},0,{"$f":"IF($N187=\"\",\"\",IF(ORÇAMENTO.Descricao=\"\",\"DESCRIÇÃO\",IF(AND($C187=\"S\",ORÇAMENTO.Unidade=\"\"),\"UNIDADE\",IF($X187<0,\"VALOR NEGATIVO\",IF(OR(AND(TIPOORCAMENTO=\"Proposto\",$AG187<>\"\",$AG187>0,ORÇAMENTO.CustoUnitario>$AG187),AND(TIPOORCAMENTO=\"LICITADO\",ORÇAMENTO.PrecoUnitarioLicitado>$AN187)),\"ACIMA REF.\",\"\")))))","v":""},{"$f":"IF(C187<=CRONO.NivelExibicao,MAX($AD$15:OFFSET(AD187,-1,0))+IF($C187<>1,1,MAX(1,COUNTIF(QCI!$A$13:$A$32,OFFSET($E187,-1,0)))),\"\")","v":""},{"$f":"IF(AND($C187=\"S\",ORÇAMENTO.CodBarra<>\"\"),IF(ORÇAMENTO.Fonte=\"\",ORÇAMENTO.CodBarra,CONCATENATE(ORÇAMENTO.Fonte,\" \",ORÇAMENTO.CodBarra)))","v":"SINAPI 95875"},{"$f":"IF(ISERROR(INDIRECT(ORÇAMENTO.BancoRef)),\"(abra o arquivo 'Referência \"&Excel_BuiltIn_Database&\".xls)\",IF(OR($C187<>\"S\",ORÇAMENTO.CodBarra=\"\"),\"(Sem Código)\",IF(ISERROR(MATCH($AE187,INDIRECT(ORÇAMENTO.BancoRef),0)),\"(Código não identificado nas referências)\",MATCH($AE187,INDIRECT(ORÇAMENTO.BancoRef),0))))","v":"(abra o arquivo 'Referência 06-2023.xls)"},{"$f":"ROUND(IF(DESONERACAO=\"sim\",REFERENCIA.Desonerado,REFERENCIA.NaoDesonerado),2)","v":0},0.23530000000000001,null,{"$f":"AJ186*2","v":259.98},null,null,714.95,2.75]
["S",2,"S",0,{"$f":"IF($C188=1,OFFSET(E188,-1,0)+MAX(1,COUNTIF(QCI!$A$13:$A$32,OFFSET(ORÇAMENTO!E188,-1,0))),OFFSET(E188,-1,0))","v":4},3,0,0,6,0,{"$f":"IF(OR($C188=\"S\",$C188=0),0,MATCH(OFFSET($D188,0,$C188)+IF($C188<>1,1,COUNTIF(QCI!$A$13:$A$32,ORÇAMENTO!E188)),OFFSET($D188,1,$C188,ROW($C$850)-ROW($C188)),0))","v":0},"F","Serviço","Serviço","4.3.6.","SINAPI","102355","DESMONTE DE BLOCOS DE ROCHA COM MARTELETE PNEUMÁTICO","M3",{"$f":"OFFSET(CÁLCULO!H$15,ROW($T188)-ROW(T$15),0)","v":4.08},166.39,"BDI 1",{"$f":"IF($C188=\"S\",ROUND(IF(TIPOORCAMENTO=\"Proposto\",ORÇAMENTO.CustoUnitario*(1+$AH188),ORÇAMENTO.PrecoUnitarioLicitado),15-13*$AF$10),0)","v":205.54},838.6,"RA","RA",{"$f":"IF($C188=\"S\",IF($Z188=\"CP\",$X188,IF($Z188=\"RA\",(($X188)*QCI!$AA$3),0)),SomaAgrup)","v":838.6},0,{"$f":"IF($N188=\"\",\"\",IF(ORÇAMENTO.Descricao=\"\",\"DESCRIÇÃO\",IF(AND($C188=\"S\",ORÇAMENTO.Unidade=\"\"),\"UNIDADE\",IF($X188<0,\"VALOR NEGATIVO\",IF(OR(AND(TIPOORCAMENTO=\"Proposto\",$AG188<>\"\",$AG188>0,ORÇAMENTO.CustoUnitario>$AG188),AND(TIPOORCAMENTO=\"LICITADO\",ORÇAMENTO.PrecoUnitarioLicitado>$AN188)),\"ACIMA REF.\",\"\")))))","v":""},{"$f":"IF(C188<=CRONO.NivelExibicao,MAX($AD$15:OFFSET(AD188,-1,0))+IF($C188<>1,1,MAX(1,COUNTIF(QCI!$A$13:$A$32,OFFSET($E188,-1,0)))),\"\")","v":""},{"$f":"IF(AND($C188=\"S\",ORÇAMENTO.CodBarra<>\"\"),IF(ORÇAMENTO.Fonte=\"\",ORÇAMENTO.CodBarra,CONCATENATE(ORÇAMENTO.Fonte,\" \",ORÇAMENTO.CodBarra)))","v":"SINAPI 102355"},{"$f":"IF(ISERROR(INDIRECT(ORÇAMENTO.BancoRef)),\"(abra o arquivo 'Referência \"&Excel_BuiltIn_Database&\".xls)\",IF(OR($C188<>\"S\",ORÇAMENTO.CodBarra=\"\"),\"(Sem Código)\",IF(ISERROR(MATCH($AE188,INDIRECT(ORÇAMENTO.BancoRef),0)),\"(Código não identificado nas referências)\",MATCH($AE188,INDIRECT(ORÇAMENTO.BancoRef),0))))","v":"(abra o arquivo 'Referência 06-2023.xls)"},{"$f":"ROUND(IF(DESONERACAO=\"sim\",REFERENCIA.Desonerado,REFERENCIA.NaoDesonerado),2)","v":0},0.23530000000000001,null,{"$f":"AJ184*0.05","v":4.0830000000000002},null,null,838.6,205.54]
["S",2,"S",0,{"$f":"IF($C189=1,OFFSET(E189,-1,0)+MAX(1,COUNTIF(QCI!$A$13:$A$32,OFFSET(ORÇAMENTO!E189,-1,0))),OFFSET(E189,-1,0))","v":4},3,0,0,7,0,{"$f":"IF(OR($C189=\"S\",$C189=0),0,MATCH(OFFSET($D189,0,$C189)+IF($C189<>1,1,COUNTIF(QCI!$A$13:$A$32,ORÇAMENTO!E189)),OFFSET($D189,1,$C189,ROW($C$850)-ROW($C189)),0))","v":0},"F","Serviço","Serviço","4.3.7.","SINAPI","100978","CARGA, MANOBRA E DESCARGA DE MATERIAL REMOVIDO EM CAMINHÃO BASCULANTE - CARGA COM ESCAVADEIRA HIDRÁULICA","M3",{"$f":"OFFSET(CÁLCULO!H$15,ROW($T189)-ROW(T$15),0)","v":4.08},6.33,"BDI 1",{"$f":"IF($C189=\"S\",ROUND(IF(TIPOORCAMENTO=\"Proposto\",ORÇAMENTO.CustoUnitario*(1+$AH189),ORÇAMENTO.PrecoUnitarioLicitado),15-13*$AF$10),0)","v":7.82},31.91,"RA","RA",{"$f":"IF($C189=\"S\",IF($Z189=\"CP\",$X189,IF($Z189=\"RA\",(($X189)*QCI!$AA$3),0)),SomaAgrup)","v":31.91},0,{"$f":"IF($N189=\"\",\"\",IF(ORÇAMENTO.Descricao=\"\",\"DESCRIÇÃO\",IF(AND($C189=\"S\",ORÇAMENTO.Unidade=\"\"),\"UNIDADE\",IF($X189<0,\"VALOR NEGATIVO\",IF(OR(AND(TIPOORCAMENTO=\"Proposto\",$AG189<>\"\",$AG189>0,ORÇAMENTO.CustoUnitario>$AG189),AND(TIPOORCAMENTO=\"LICITADO\",ORÇAMENTO.PrecoUnitarioLicitado>$AN189)),\"ACIMA REF.\",\"\")))))","v":""},{"$f":"IF(C189<=CRONO.NivelExibicao,MAX($AD$15:OFFSET(AD189,-1,0))+IF($C189<>1,1,MAX(1,COUNTIF(QCI!$A$13:$A$32,OFFSET($E189,-1,0)))),\"\")","v":""},{"$f":"IF(AND($C189=\"S\",ORÇAMENTO.CodBarra<>\"\"),IF(ORÇAMENTO.Fonte=\"\",ORÇAMENTO.CodBarra,CONCATENATE(ORÇAMENTO.Fonte,\" \",ORÇAMENTO.CodBarra)))","v":"SINAPI 100978"},{"$f":"IF(ISERROR(INDIRECT(ORÇAMENTO.BancoRef)),\"(abra o arquivo 'Referência \"&Excel_BuiltIn_Database&\".xls)\",IF(OR($C189<>\"S\",ORÇAMENTO.CodBarra=\"\"),\"(Sem Código)\",IF(ISERROR(MATCH($AE189,INDIRECT(ORÇAMENTO.BancoRef),0)),\"(Código não identificado nas referências)\",MATCH($AE189,INDIRECT(ORÇAMENTO.BancoRef),0))))","v":"(abra o arquivo 'Referência 06-2023.xls)"},{"$f":"ROUND(IF(DESONERACAO=\"sim\",REFERENCIA.Desonerado,REFERENCIA.NaoDesonerado),2)","v":0},0.23530000000000001,null,{"$f":"AJ188","v":4.0830000000000002},null,null,31.91,7.82]
["S",2,"S",0,{"$f":"IF($C190=1,OFFSET(E190,-1,0)+MAX(1,COUNTIF(QCI!$A$13:$A$32,OFFSET(ORÇAMENTO!E190,-1,0))),OFFSET(E190,-1,0))","v":4},3,0,0,8,0,{"$f":"IF(OR($C190=\"S\",$C190=0),0,MATCH(OFFSET($D190,0,$C190)+IF($C190<>1,1,COUNTIF(QCI!$A$13:$A$32,ORÇAMENTO!E190)),OFFSET($D190,1,$C190,ROW($C$850)-ROW($C190)),0))","v":0},"F","Serviço","Serviço","4.3.8.","SINAPI","95875","TRANSPORTE DE MATERIAL REMOVIDO COM CAMINHÃO BASCULANTE, DMT = 2 KM","M3XKM",{"$f":"OFFSET(CÁLCULO!H$15,ROW($T190)-ROW(T$15),0)","v":8.17},2.23,"BDI 1",{"$f":"IF($C190=\"S\",ROUND(IF(TIPOORCAMENTO=\"Proposto\",ORÇAMENTO.CustoUnitario*(1+$AH190),ORÇAMENTO.PrecoUnitarioLicitado),15-13*$AF$10),0)","v":2.75},22.47,"RA","RA",{"$f":"IF($C190=\"S\",IF($Z190=\"CP\",$X190,IF($Z190=\"RA\",(($X190)*QCI!$AA$3),0)),SomaAgrup)","v":22.47},0,{"$f":"IF($N190=\"\",\"\",IF(ORÇAMENTO.Descricao=\"\",\"DESCRIÇÃO\",IF(AND($C190=\"S\",ORÇAMENTO.Unidade=\"\"),\"UNIDADE\",IF($X190<0,\"VALOR NEGATIVO\",IF(OR(AND(TIPOORCAMENTO=\"Proposto\",$AG190<>\"\",$AG190>0,ORÇAMENTO.CustoUnitario>$AG190),AND(TIPOORCAMENTO=\"LICITADO\",ORÇAMENTO.PrecoUnitarioLicitado>$AN190)),\"ACIMA REF.\",\"\")))))","v":""},{"$f":"IF(C190<=CRONO.NivelExibicao,MAX($AD$15:OFFSET(AD190,-1,0))+IF($C190<>1,1,MAX(1,COUNTIF(QCI!$A$13:$A$32,OFFSET($E190,-1,0)))),\"\")","v":""},{"$f":"IF(AND($C190=\"S\",ORÇAMENTO.CodBarra<>\"\"),IF(ORÇAMENTO.Fonte=\"\",ORÇAMENTO.CodBarra,CONCATENATE(ORÇAMENTO.Fonte,\" \",ORÇAMENTO.CodBarra)))","v":"SINAPI 95875"},{"$f":"IF(ISERROR(INDIRECT(ORÇAMENTO.BancoRef)),\"(abra o arquivo 'Referência \"&Excel_BuiltIn_Database&\".xls)\",IF(OR($C190<>\"S\",ORÇAMENTO.CodBarra=\"\"),\"(Sem Código)\",IF(ISERROR(MATCH($AE190,INDIRECT(ORÇAMENTO.BancoRef),0)),\"(Código não identificado nas referências)\",MATCH($AE190,INDIRECT(ORÇAMENTO.BancoRef),0))))","v":"(abra o arquivo 'Referência 06-2023.xls)"},{"$f":"ROUND(IF(DESONERACAO=\"sim\",REFERENCIA.Desonerado,REFERENCIA.NaoDesonerado),2)","v":0},0.23530000000000001,null,{"$f":"AJ189*2","v":8.1660000000000004},null,null,22.47,2.75]
[2,2,2,4,{"$f":"IF($C191=1,OFFSET(E191,-1,0)+MAX(1,COUNTIF(QCI!$A$13:$A$32,OFFSET(ORÇAMENTO!E191,-1,0))),OFFSET(E191,-1,0))","v":4},4,0,0,0,39,{"$f":"IF(OR($C191=\"S\",$C191=0),0,MATCH(OFFSET($D191,0,$C191)+IF($C191<>1,1,COUNTIF(QCI!$A$13:$A$32,ORÇAMENTO!E191)),OFFSET($D191,1,$C191,ROW($C$850)-ROW($C191)),0))","v":4},"F","Nível 2","Nível 2","4.4.","SINAPI",null,"DRENAGEM","-",{"$f":"OFFSET(CÁLCULO!H$15,ROW($T191)-ROW(T$15),0)","v":0},0,"BDI 1",{"$f":"IF($C191=\"S\",ROUND(IF(TIPOORCAMENTO=\"Proposto\",ORÇAMENTO.CustoUnitario*(1+$AH191),ORÇAMENTO.PrecoUnitarioLicitado),15-13*$AF$10),0)","v":0},34208.870000000003,"RA","",{"$f":"IF($C191=\"S\",IF($Z191=\"CP\",$X191,IF($Z191=\"RA\",(($X191)*QCI!$AA$3),0)),SomaAgrup)","v":34208.870000000003},0,{"$f":"IF($N191=\"\",\"\",IF(ORÇAMENTO.Descricao=\"\",\"DESCRIÇÃO\",IF(AND($C191=\"S\",ORÇAMENTO.Unidade=\"\"),\"UNIDADE\",IF($X191<0,\"VALOR NEGATIVO\",IF(OR(AND(TIPOORCAMENTO=\"Proposto\",$AG191<>\"\",$AG191>0,ORÇAMENTO.CustoUnitario>$AG191),AND(TIPOORCAMENTO=\"LICITADO\",ORÇAMENTO.PrecoUnitarioLicitado>$AN191)),\"ACIMA REF.\",\"\")))))","v":""},{"$f":"IF(C191<=CRONO.NivelExibicao,MAX($AD$15:OFFSET(AD191,-1,0))+IF($C191<>1,1,MAX(1,COUNTIF(QCI!$A$13:$A$32,OFFSET($E191,-1,0)))),\"\")","v":""},{"$f":"IF(AND($C191=\"S\",ORÇAMENTO.CodBarra<>\"\"),IF(ORÇAMENTO.Fonte=\"\",ORÇAMENTO.CodBarra,CONCATENATE(ORÇAMENTO.Fonte,\" \",ORÇAMENTO.CodBarra)))","v":false},{"$f":"IF(ISERROR(INDIRECT(ORÇAMENTO.BancoRef)),\"(abra o arquivo 'Referência \"&Excel_BuiltIn_Database&\".xls)\",IF(OR($C191<>\"S\",ORÇAMENTO.CodBarra=\"\"),\"(Sem Código)\",IF(ISERROR(MATCH($AE191,INDIRECT(ORÇAMENTO.BancoRef),0)),\"(Código não identificado nas referências)\",MATCH($AE191,INDIRECT(ORÇAMENTO.BancoRef),0))))","v":"(abra o arquivo 'Referência 06-2023.xls)"},{"$f":"ROUND(IF(DESONERACAO=\"sim\",REFERENCIA.Desonerado,REFERENCIA.NaoDesonerado),2)","v":0},0.23530000000000001,null,null,null,null,34208.870000000003,0]
["S",2,"S",0,{"$f":"IF($C192=1,OFFSET(E192,-1,0)+MAX(1,COUNTIF(QCI!$A$13:$A$32,OFFSET(ORÇAMENTO!E192,-1,0))),OFFSET(E192,-1,0))","v":4},4,0,0,1,0,{"$f":"IF(OR($C192=\"S\",$C192=0),0,MATCH(OFFSET($D192,0,$C192)+IF($C192<>1,1,COUNTIF(QCI!$A$13:$A$32,ORÇAMENTO!E192)),OFFSET($D192,1,$C192,ROW($C$850)-ROW($C192)),0))","v":0},"F","Serviço","Serviço","4.4.1.","SINAPI",92219,"TUBO DE CONCRETO PARA REDES COLETORAS DE ÁGUAS PLUVIAIS, DIÂMETRO DE 400 MM, JUNTA RÍGIDA, INSTALADO EM LOCAL COM ALTO NÍVEL DE INTERFERÊNCIAS - FORNECIMENTO E ASSENTAMENTO. AF_12/2015","M",{"$f":"OFFSET(CÁLCULO!H$15,ROW($T192)-ROW(T$15),0)","v":63},178.6,"BDI 1",{"$f":"IF($C192=\"S\",ROUND(IF(TIPOORCAMENTO=\"Proposto\",ORÇAMENTO.CustoUnitario*(1+$AH192),ORÇAMENTO.PrecoUnitarioLicitado),15-13*$AF$10),0)","v":220.62},13899.06,"RA","RA",{"$f":"IF($C192=\"S\",IF($Z192=\"CP\",$X192,IF($Z192=\"RA\",(($X192)*QCI!$AA$3),0)),SomaAgrup)","v":13899.06},0,{"$f":"IF($N192=\"\",\"\",IF(ORÇAMENTO.Descricao=\"\",\"DESCRIÇÃO\",IF(AND($C192=\"S\",ORÇAMENTO.Unidade=\"\"),\"UNIDADE\",IF($X192<0,\"VALOR NEGATIVO\",IF(OR(AND(TIPOORCAMENTO=\"Proposto\",$AG192<>\"\",$AG192>0,ORÇAMENTO.CustoUnitario>$AG192),AND(TIPOORCAMENTO=\"LICITADO\",ORÇAMENTO.PrecoUnitarioLicitado>$AN192)),\"ACIMA REF.\",\"\")))))","v":""},{"$f":"IF(C192<=CRONO.NivelExibicao,MAX($AD$15:OFFSET(AD192,-1,0))+IF($C192<>1,1,MAX(1,COUNTIF(QCI!$A$13:$A$32,OFFSET($E192,-1,0)))),\"\")","v":""},{"$f":"IF(AND($C192=\"S\",ORÇAMENTO.CodBarra<>\"\"),IF(ORÇAMENTO.Fonte=\"\",ORÇAMENTO.CodBarra,CONCATENATE(ORÇAMENTO.Fonte,\" \",ORÇAMENTO.CodBarra)))","v":"SINAPI 92219"},{"$f":"IF(ISERROR(INDIRECT(ORÇAMENTO.BancoRef)),\"(abra o arquivo 'Referência \"&Excel_BuiltIn_Database&\".xls)\",IF(OR($C192<>\"S\",ORÇAMENTO.CodBarra=\"\"),\"(Sem Código)\",IF(ISERROR(MATCH($AE192,INDIRECT(ORÇAMENTO.BancoRef),0)),\"(Código não identificado nas referências)\",MATCH($AE192,INDIRECT(ORÇAMENTO.BancoRef),0))))","v":"(abra o arquivo 'Referência 06-2023.xls)"},{"$f":"ROUND(IF(DESONERACAO=\"sim\",REFERENCIA.Desonerado,REFERENCIA.NaoDesonerado),2)","v":0},0.23530000000000001,null,63,null,null,13899.06,220.62]
["S",2,"S",0,{"$f":"IF($C193=1,OFFSET(E193,-1,0)+MAX(1,COUNTIF(QCI!$A$13:$A$32,OFFSET(ORÇAMENTO!E193,-1,0))),OFFSET(E193,-1,0))","v":4},4,0,0,2,0,{"$f":"IF(OR($C193=\"S\",$C193=0),0,MATCH(OFFSET($D193,0,$C193)+IF($C193<>1,1,COUNTIF(QCI!$A$13:$A$32,ORÇAMENTO!E193)),OFFSET($D193,1,$C193,ROW($C$850)-ROW($C193)),0))","v":0},"F","Serviço","Serviço","4.4.2.","AMMOC","BL01","BOCA DE LOBO EM CONCRETO ARMADO E GRADE DE AÇO EM BARRA DE FERRO CHATA 0,70M X 1,00M - TIPO 1 ","UND",{"$f":"OFFSET(CÁLCULO!H$15,ROW($T193)-ROW(T$15),0)","v":5},2617.0700000000002,"BDI 1",{"$f":"IF($C193=\"S\",ROUND(IF(TIPOORCAMENTO=\"Proposto\",ORÇAMENTO.CustoUnitario*(1+$AH193),ORÇAMENTO.PrecoUnitarioLicitado),15-13*$AF$10),0)","v":3232.87},16164.35,"RA","RA",{"$f":"IF($C193=\"S\",IF($Z193=\"CP\",$X193,IF($Z193=\"RA\",(($X193)*QCI!$AA$3),0)),SomaAgrup)","v":16164.35},0,{"$f":"IF($N193=\"\",\"\",IF(ORÇAMENTO.Descricao=\"\",\"DESCRIÇÃO\",IF(AND($C193=\"S\",ORÇAMENTO.Unidade=\"\"),\"UNIDADE\",IF($X193<0,\"VALOR NEGATIVO\",IF(OR(AND(TIPOORCAMENTO=\"Proposto\",$AG193<>\"\",$AG193>0,ORÇAMENTO.CustoUnitario>$AG193),AND(TIPOORCAMENTO=\"LICITADO\",ORÇAMENTO.PrecoUnitarioLicitado>$AN193)),\"ACIMA REF.\",\"\")))))","v":""},{"$f":"IF(C193<=CRONO.NivelExibicao,MAX($AD$15:OFFSET(AD193,-1,0))+IF($C193<>1,1,MAX(1,COUNTIF(QCI!$A$13:$A$32,OFFSET($E193,-1,0)))),\"\")","v":""},{"$f":"IF(AND($C193=\"S\",ORÇAMENTO.CodBarra<>\"\"),IF(ORÇAMENTO.Fonte=\"\",ORÇAMENTO.CodBarra,CONCATENATE(ORÇAMENTO.Fonte,\" \",ORÇAMENTO.CodBarra)))","v":"AMMOC BL01"},{"$f":"IF(ISERROR(INDIRECT(ORÇAMENTO.BancoRef)),\"(abra o arquivo 'Referência \"&Excel_BuiltIn_Database&\".xls)\",IF(OR($C193<>\"S\",ORÇAMENTO.CodBarra=\"\"),\"(Sem Código)\",IF(ISERROR(MATCH($AE193,INDIRECT(ORÇAMENTO.BancoRef),0)),\"(Código não identificado nas referências)\",MATCH($AE193,INDIRECT(ORÇAMENTO.BancoRef),0))))","v":"(abra o arquivo 'Referência 06-2023.xls)"},{"$f":"ROUND(IF(DESONERACAO=\"sim\",REFERENCIA.Desonerado,REFERENCIA.NaoDesonerado),2)","v":0},0.23530000000000001,null,5,null,null,16164.35,3232.87]
["S",2,"S",0,{"$f":"IF($C194=1,OFFSET(E194,-1,0)+MAX(1,COUNTIF(QCI!$A$13:$A$32,OFFSET(ORÇAMENTO!E194,-1,0))),OFFSET(E194,-1,0))","v":4},4,0,0,3,0,{"$f":"IF(OR($C194=\"S\",$C194=0),0,MATCH(OFFSET($D194,0,$C194)+IF($C194<>1,1,COUNTIF(QCI!$A$13:$A$32,ORÇAMENTO!E194)),OFFSET($D194,1,$C194,ROW($C$850)-ROW($C194)),0))","v":0},"F","Serviço","Serviço","4.4.3.","AMMOC","CC01","CAIXA CEGA EM CONCRETO ARMADO, INCLUSIVE TAMPA EM CONCRETO ARMADO - TIPO 1 ","UND",{"$f":"OFFSET(CÁLCULO!H$15,ROW($T194)-ROW(T$15),0)","v":2},1677.92,"BDI 1",{"$f":"IF($C194=\"S\",ROUND(IF(TIPOORCAMENTO=\"Proposto\",ORÇAMENTO.CustoUnitario*(1+$AH194),ORÇAMENTO.PrecoUnitarioLicitado),15-13*$AF$10),0)","v":2072.73},4145.46,"RA","RA",{"$f":"IF($C194=\"S\",IF($Z194=\"CP\",$X194,IF($Z194=\"RA\",(($X194)*QCI!$AA$3),0)),SomaAgrup)","v":4145.46},0,{"$f":"IF($N194=\"\",\"\",IF(ORÇAMENTO.Descricao=\"\",\"DESCRIÇÃO\",IF(AND($C194=\"S\",ORÇAMENTO.Unidade=\"\"),\"UNIDADE\",IF($X194<0,\"VALOR NEGATIVO\",IF(OR(AND(TIPOORCAMENTO=\"Proposto\",$AG194<>\"\",$AG194>0,ORÇAMENTO.CustoUnitario>$AG194),AND(TIPOORCAMENTO=\"LICITADO\",ORÇAMENTO.PrecoUnitarioLicitado>$AN194)),\"ACIMA REF.\",\"\")))))","v":""},{"$f":"IF(C194<=CRONO.NivelExibicao,MAX($AD$15:OFFSET(AD194,-1,0))+IF($C194<>1,1,MAX(1,COUNTIF(QCI!$A$13:$A$32,OFFSET($E194,-1,0)))),\"\")","v":""},{"$f":"IF(AND($C194=\"S\",ORÇAMENTO.CodBarra<>\"\"),IF(ORÇAMENTO.Fonte=\"\",ORÇAMENTO.CodBarra,CONCATENATE(ORÇAMENTO.Fonte,\" \",ORÇAMENTO.CodBarra)))","v":"AMMOC CC01"},{"$f":"IF(ISERROR(INDIRECT(ORÇAMENTO.BancoRef)),\"(abra o arquivo 'Referência \"&Excel_BuiltIn_Database&\".xls)\",IF(OR($C194<>\"S\",ORÇAMENTO.CodBarra=\"\"),\"(Sem Código)\",IF(ISERROR(MATCH($AE194,INDIRECT(ORÇAMENTO.BancoRef),0)),\"(Código não identificado nas referências)\",MATCH($AE194,INDIRECT(ORÇAMENTO.BancoRef),0))))","v":"(abra o arquivo 'Referência 06-2023.xls)"},{"$f":"ROUND(IF(DESONERACAO=\"sim\",REFERENCIA.Desonerado,REFERENCIA.NaoDesonerado),2)","v":0},0.23530000000000001,null,2,null,null,4145.46,2072.73]
[2,2,2,4,{"$f":"IF($C195=1,OFFSET(E195,-1,0)+MAX(1,COUNTIF(QCI!$A$13:$A$32,OFFSET(ORÇAMENTO!E195,-1,0))),OFFSET(E195,-1,0))","v":4},5,0,0,0,35,{"$f":"IF(OR($C195=\"S\",$C195=0),0,MATCH(OFFSET($D195,0,$C195)+IF($C195<>1,1,COUNTIF(QCI!$A$13:$A$32,ORÇAMENTO!E195)),OFFSET($D195,1,$C195,ROW($C$850)-ROW($C195)),0))","v":4},"F","Nível 2","Nível 2","4.5.","SINAPI",null,"REATERROS","-",{"$f":"OFFSET(CÁLCULO!H$15,ROW($T195)-ROW(T$15),0)","v":0},0,"BDI 1",{"$f":"IF($C195=\"S\",ROUND(IF(TIPOORCAMENTO=\"Proposto\",ORÇAMENTO.CustoUnitario*(1+$AH195),ORÇAMENTO.PrecoUnitarioLicitado),15-13*$AF$10),0)","v":0},10547.29,"RA","",{"$f":"IF($C195=\"S\",IF($Z195=\"CP\",$X195,IF($Z195=\"RA\",(($X195)*QCI!$AA$3),0)),SomaAgrup)","v":10547.289999999999},0,{"$f":"IF($N195=\"\",\"\",IF(ORÇAMENTO.Descricao=\"\",\"DESCRIÇÃO\",IF(AND($C195=\"S\",ORÇAMENTO.Unidade=\"\"),\"UNIDADE\",IF($X195<0,\"VALOR NEGATIVO\",IF(OR(AND(TIPOORCAMENTO=\"Proposto\",$AG195<>\"\",$AG195>0,ORÇAMENTO.CustoUnitario>$AG195),AND(TIPOORCAMENTO=\"LICITADO\",ORÇAMENTO.PrecoUnitarioLicitado>$AN195)),\"ACIMA REF.\",\"\")))))","v":""},{"$f":"IF(C195<=CRONO.NivelExibicao,MAX($AD$15:OFFSET(AD195,-1,0))+IF($C195<>1,1,MAX(1,COUNTIF(QCI!$A$13:$A$32,OFFSET($E195,-1,0)))),\"\")","v":""},{"$f":"IF(AND($C195=\"S\",ORÇAMENTO.CodBarra<>\"\"),IF(ORÇAMENTO.Fonte=\"\",ORÇAMENTO.CodBarra,CONCATENATE(ORÇAMENTO.Fonte,\" \",ORÇAMENTO.CodBarra)))","v":false},{"$f":"IF(ISERROR(INDIRECT(ORÇAMENTO.BancoRef)),\"(abra o arquivo 'Referência \"&Excel_BuiltIn_Database&\".xls)\",IF(OR($C195<>\"S\",ORÇAMENTO.CodBarra=\"\"),\"(Sem Código)\",IF(ISERROR(MATCH($AE195,INDIRECT(ORÇAMENTO.BancoRef),0)),\"(Código não identificado nas referências)\",MATCH($AE195,INDIRECT(ORÇAMENTO.BancoRef),0))))","v":"(abra o arquivo 'Referência 06-2023.xls)"},{"$f":"ROUND(IF(DESONERACAO=\"sim\",REFERENCIA.Desonerado,REFERENCIA.NaoDesonerado),2)","v":0},0.23530000000000001,null,null,null,null,10547.29,0]
["S",2,"S",0,{"$f":"IF($C196=1,OFFSET(E196,-1,0)+MAX(1,COUNTIF(QCI!$A$13:$A$32,OFFSET(ORÇAMENTO!E196,-1,0))),OFFSET(E196,-1,0))","v":4},5,0,0,1,0,{"$f":"IF(OR($C196=\"S\",$C196=0),0,MATCH(OFFSET($D196,0,$C196)+IF($C196<>1,1,COUNTIF(QCI!$A$13:$A$32,ORÇAMENTO!E196)),OFFSET($D196,1,$C196,ROW($C$850)-ROW($C196)),0))","v":0},"F","Serviço","Serviço","4.5.1.","SINAPI-I","4718","PEDRA BRITADA N. 2 (19 A 38 MM) PARA REATERRO DE VALAS","M3    ",{"$f":"OFFSET(CÁLCULO!H$15,ROW($T196)-ROW(T$15),0)","v":53.92},107.5,"BDI 1",{"$f":"IF($C196=\"S\",ROUND(IF(TIPOORCAMENTO=\"Proposto\",ORÇAMENTO.CustoUnitario*(1+$AH196),ORÇAMENTO.PrecoUnitarioLicitado),15-13*$AF$10),0)","v":132.79},7160.04,"RA","RA",{"$f":"IF($C196=\"S\",IF($Z196=\"CP\",$X196,IF($Z196=\"RA\",(($X196)*QCI!$AA$3),0)),SomaAgrup)","v":7160.04},0,{"$f":"IF($N196=\"\",\"\",IF(ORÇAMENTO.Descricao=\"\",\"DESCRIÇÃO\",IF(AND($C196=\"S\",ORÇAMENTO.Unidade=\"\"),\"UNIDADE\",IF($X196<0,\"VALOR NEGATIVO\",IF(OR(AND(TIPOORCAMENTO=\"Proposto\",$AG196<>\"\",$AG196>0,ORÇAMENTO.CustoUnitario>$AG196),AND(TIPOORCAMENTO=\"LICITADO\",ORÇAMENTO.PrecoUnitarioLicitado>$AN196)),\"ACIMA REF.\",\"\")))))","v":""},{"$f":"IF(C196<=CRONO.NivelExibicao,MAX($AD$15:OFFSET(AD196,-1,0))+IF($C196<>1,1,MAX(1,COUNTIF(QCI!$A$13:$A$32,OFFSET($E196,-1,0)))),\"\")","v":""},{"$f":"IF(AND($C196=\"S\",ORÇAMENTO.CodBarra<>\"\"),IF(ORÇAMENTO.Fonte=\"\",ORÇAMENTO.CodBarra,CONCATENATE(ORÇAMENTO.Fonte,\" \",ORÇAMENTO.CodBarra)))","v":"SINAPI-I 4718"},{"$f":"IF(ISERROR(INDIRECT(ORÇAMENTO.BancoRef)),\"(abra o arquivo 'Referência \"&Excel_BuiltIn_Database&\".xls)\",IF(OR($C196<>\"S\",ORÇAMENTO.CodBarra=\"\"),\"(Sem Código)\",IF(ISERROR(MATCH($AE196,INDIRECT(ORÇAMENTO.BancoRef),0)),\"(Código não identificado nas referências)\",MATCH($AE196,INDIRECT(ORÇAMENTO.BancoRef),0))))","v":"(abra o arquivo 'Referência 06-2023.xls)"},{"$f":"ROUND(IF(DESONERACAO=\"sim\",REFERENCIA.Desonerado,REFERENCIA.NaoDesonerado),2)","v":0},0.23530000000000001,null,53.92,null,null,7160.04,132.79]
["S",2,"S",0,{"$f":"IF($C197=1,OFFSET(E197,-1,0)+MAX(1,COUNTIF(QCI!$A$13:$A$32,OFFSET(ORÇAMENTO!E197,-1,0))),OFFSET(E197,-1,0))","v":4},5,0,0,2,0,{"$f":"IF(OR($C197=\"S\",$C197=0),0,MATCH(OFFSET($D197,0,$C197)+IF($C197<>1,1,COUNTIF(QCI!$A$13:$A$32,ORÇAMENTO!E197)),OFFSET($D197,1,$C197,ROW($C$850)-ROW($C197)),0))","v":0},"F","Serviço","Serviço","4.5.2.","SINAPI","100978","CARGA, MANOBRA E DESCARGA DE MATERIAL GRANULAR EM CAMINHÃO BASCULANTE - CARGA COM ESCAVADEIRA HIDRÁULICA","M3",{"$f":"OFFSET(CÁLCULO!H$15,ROW($T197)-ROW(T$15),0)","v":53.92},6.33,"BDI 1",{"$f":"IF($C197=\"S\",ROUND(IF(TIPOORCAMENTO=\"Proposto\",ORÇAMENTO.CustoUnitario*(1+$AH197),ORÇAMENTO.PrecoUnitarioLicitado),15-13*$AF$10),0)","v":7.82},421.65,"RA","RA",{"$f":"IF($C197=\"S\",IF($Z197=\"CP\",$X197,IF($Z197=\"RA\",(($X197)*QCI!$AA$3),0)),SomaAgrup)","v":421.65},0,{"$f":"IF($N197=\"\",\"\",IF(ORÇAMENTO.Descricao=\"\",\"DESCRIÇÃO\",IF(AND($C197=\"S\",ORÇAMENTO.Unidade=\"\"),\"UNIDADE\",IF($X197<0,\"VALOR NEGATIVO\",IF(OR(AND(TIPOORCAMENTO=\"Proposto\",$AG197<>\"\",$AG197>0,ORÇAMENTO.CustoUnitario>$AG197),AND(TIPOORCAMENTO=\"LICITADO\",ORÇAMENTO.PrecoUnitarioLicitado>$AN197)),\"ACIMA REF.\",\"\")))))","v":""},{"$f":"IF(C197<=CRONO.NivelExibicao,MAX($AD$15:OFFSET(AD197,-1,0))+IF($C197<>1,1,MAX(1,COUNTIF(QCI!$A$13:$A$32,OFFSET($E197,-1,0)))),\"\")","v":""},{"$f":"IF(AND($C197=\"S\",ORÇAMENTO.CodBarra<>\"\"),IF(ORÇAMENTO.Fonte=\"\",ORÇAMENTO.CodBarra,CONCATENATE(ORÇAMENTO.Fonte,\" \",ORÇAMENTO.CodBarra)))","v":"SINAPI 100978"},{"$f":"IF(ISERROR(INDIRECT(ORÇAMENTO.BancoRef)),\"(abra o arquivo 'Referência \"&Excel_BuiltIn_Database&\".xls)\",IF(OR($C197<>\"S\",ORÇAMENTO.CodBarra=\"\"),\"(Sem Código)\",IF(ISERROR(MATCH($AE197,INDIRECT(ORÇAMENTO.BancoRef),0)),\"(Código não identificado nas referências)\",MATCH($AE197,INDIRECT(ORÇAMENTO.BancoRef),0))))","v":"(abra o arquivo 'Referência 06-2023.xls)"},{"$f":"ROUND(IF(DESONERACAO=\"sim\",REFERENCIA.Desonerado,REFERENCIA.NaoDesonerado),2)","v":0},0.23530000000000001,null,{"$f":"AJ196","v":53.92},null,null,421.65,7.82]
["S",2,"S",0,{"$f":"IF($C198=1,OFFSET(E198,-1,0)+MAX(1,COUNTIF(QCI!$A$13:$A$32,OFFSET(ORÇAMENTO!E198,-1,0))),OFFSET(E198,-1,0))","v":4},5,0,0,3,0,{"$f":"IF(OR($C198=\"S\",$C198=0),0,MATCH(OFFSET($D198,0,$C198)+IF($C198<>1,1,COUNTIF(QCI!$A$13:$A$32,ORÇAMENTO!E198)),OFFSET($D198,1,$C198,ROW($C$850)-ROW($C198)),0))","v":0},"F","Serviço","Serviço","4.5.3.","SINAPI","95875","TRANSPORTE DE MATERIAL GRANULAR COM CAMINHÃO BASCULANTE, DMT = 20 KM","M3XKM",{"$f":"OFFSET(CÁLCULO!H$15,ROW($T198)-ROW(T$15),0)","v":1078.4000000000001},2.23,"BDI 1",{"$f":"IF($C198=\"S\",ROUND(IF(TIPOORCAMENTO=\"Proposto\",ORÇAMENTO.CustoUnitario*(1+$AH198),ORÇAMENTO.PrecoUnitarioLicitado),15-13*$AF$10),0)","v":2.75},2965.6,"RA","RA",{"$f":"IF($C198=\"S\",IF($Z198=\"CP\",$X198,IF($Z198=\"RA\",(($X198)*QCI!$AA$3),0)),SomaAgrup)","v":2965.6},0,{"$f":"IF($N198=\"\",\"\",IF(ORÇAMENTO.Descricao=\"\",\"DESCRIÇÃO\",IF(AND($C198=\"S\",ORÇAMENTO.Unidade=\"\"),\"UNIDADE\",IF($X198<0,\"VALOR NEGATIVO\",IF(OR(AND(TIPOORCAMENTO=\"Proposto\",$AG198<>\"\",$AG198>0,ORÇAMENTO.CustoUnitario>$AG198),AND(TIPOORCAMENTO=\"LICITADO\",ORÇAMENTO.PrecoUnitarioLicitado>$AN198)),\"ACIMA REF.\",\"\")))))","v":""},{"$f":"IF(C198<=CRONO.NivelExibicao,MAX($AD$15:OFFSET(AD198,-1,0))+IF($C198<>1,1,MAX(1,COUNTIF(QCI!$A$13:$A$32,OFFSET($E198,-1,0)))),\"\")","v":""},{"$f":"IF(AND($C198=\"S\",ORÇAMENTO.CodBarra<>\"\"),IF(ORÇAMENTO.Fonte=\"\",ORÇAMENTO.CodBarra,CONCATENATE(ORÇAMENTO.Fonte,\" \",ORÇAMENTO.CodBarra)))","v":"SINAPI 95875"},{"$f":"IF(ISERROR(INDIRECT(ORÇAMENTO.BancoRef)),\"(abra o arquivo 'Referência \"&Excel_BuiltIn_Database&\".xls)\",IF(OR($C198<>\"S\",ORÇAMENTO.CodBarra=\"\"),\"(Sem Código)\",IF(ISERROR(MATCH($AE198,INDIRECT(ORÇAMENTO.BancoRef),0)),\"(Código não identificado nas referências)\",MATCH($AE198,INDIRECT(ORÇAMENTO.BancoRef),0))))","v":"(abra o arquivo 'Referência 06-2023.xls)"},{"$f":"ROUND(IF(DESONERACAO=\"sim\",REFERENCIA.Desonerado,REFERENCIA.NaoDesonerado),2)","v":0},0.23530000000000001,null,{"$f":"AJ197*20","v":1078.4000000000001},null,null,2965.6,2.75]
[2,2,2,4,{"$f":"IF($C199=1,OFFSET(E199,-1,0)+MAX(1,COUNTIF(QCI!$A$13:$A$32,OFFSET(ORÇAMENTO!E199,-1,0))),OFFSET(E199,-1,0))","v":4},6,0,0,0,31,{"$f":"IF(OR($C199=\"S\",$C199=0),0,MATCH(OFFSET($D199,0,$C199)+IF($C199<>1,1,COUNTIF(QCI!$A$13:$A$32,ORÇAMENTO!E199)),OFFSET($D199,1,$C199,ROW($C$850)-ROW($C199)),0))","v":4},"F","Nível 2","Nível 2","4.6.","SINAPI",null,"BASE E SUB-BASE","-",{"$f":"OFFSET(CÁLCULO!H$15,ROW($T199)-ROW(T$15),0)","v":0},0,"BDI 1",{"$f":"IF($C199=\"S\",ROUND(IF(TIPOORCAMENTO=\"Proposto\",ORÇAMENTO.CustoUnitario*(1+$AH199),ORÇAMENTO.PrecoUnitarioLicitado),15-13*$AF$10),0)","v":0},4189.03,"RA","",{"$f":"IF($C199=\"S\",IF($Z199=\"CP\",$X199,IF($Z199=\"RA\",(($X199)*QCI!$AA$3),0)),SomaAgrup)","v":4189.0300000000007},0,{"$f":"IF($N199=\"\",\"\",IF(ORÇAMENTO.Descricao=\"\",\"DESCRIÇÃO\",IF(AND($C199=\"S\",ORÇAMENTO.Unidade=\"\"),\"UNIDADE\",IF($X199<0,\"VALOR NEGATIVO\",IF(OR(AND(TIPOORCAMENTO=\"Proposto\",$AG199<>\"\",$AG199>0,ORÇAMENTO.CustoUnitario>$AG199),AND(TIPOORCAMENTO=\"LICITADO\",ORÇAMENTO.PrecoUnitarioLicitado>$AN199)),\"ACIMA REF.\",\"\")))))","v":""},{"$f":"IF(C199<=CRONO.NivelExibicao,MAX($AD$15:OFFSET(AD199,-1,0))+IF($C199<>1,1,MAX(1,COUNTIF(QCI!$A$13:$A$32,OFFSET($E199,-1,0)))),\"\")","v":""},{"$f":"IF(AND($C199=\"S\",ORÇAMENTO.CodBarra<>\"\"),IF(ORÇAMENTO.Fonte=\"\",ORÇAMENTO.CodBarra,CONCATENATE(ORÇAMENTO.Fonte,\" \",ORÇAMENTO.CodBarra)))","v":false},{"$f":"IF(ISERROR(INDIRECT(ORÇAMENTO.BancoRef)),\"(abra o arquivo 'Referência \"&Excel_BuiltIn_Database&\".xls)\",IF(OR($C199<>\"S\",ORÇAMENTO.CodBarra=\"\"),\"(Sem Código)\",IF(ISERROR(MATCH($AE199,INDIRECT(ORÇAMENTO.BancoRef),0)),\"(Código não identificado nas referências)\",MATCH($AE199,INDIRECT(ORÇAMENTO.BancoRef),0))))","v":"(abra o arquivo 'Referência 06-2023.xls)"},{"$f":"ROUND(IF(DESONERACAO=\"sim\",REFERENCIA.Desonerado,REFERENCIA.NaoDesonerado),2)","v":0},0.23530000000000001,null,null,null,null,4189.03,0]
["S",2,"S",0,{"$f":"IF($C200=1,OFFSET(E200,-1,0)+MAX(1,COUNTIF(QCI!$A$13:$A$32,OFFSET(ORÇAMENTO!E200,-1,0))),OFFSET(E200,-1,0))","v":4},6,0,0,1,0,{"$f":"IF(OR($C200=\"S\",$C200=0),0,MATCH(OFFSET($D200,0,$C200)+IF($C200<>1,1,COUNTIF(QCI!$A$13:$A$32,ORÇAMENTO!E200)),OFFSET($D200,1,$C200,ROW($C$850)-ROW($C200)),0))","v":0},"F","Serviço","Serviço","4.6.1.","SINAPI","96396","EXECUÇÃO E COMPACTAÇÃO DE BASE E OU SUB BASE PARA PAVIMENTAÇÃO DE BRITA GRADUADA SIMPLES - EXCLUSIVE CARGA E TRANSPORTE. AF_11/2019","M3",{"$f":"OFFSET(CÁLCULO!H$15,ROW($T200)-ROW(T$15),0)","v":14.6},181.41,"BDI 1",{"$f":"IF($C200=\"S\",ROUND(IF(TIPOORCAMENTO=\"Proposto\",ORÇAMENTO.CustoUnitario*(1+$AH200),ORÇAMENTO.PrecoUnitarioLicitado),15-13*$AF$10),0)","v":224.1},3271.86,"RA","RA",{"$f":"IF($C200=\"S\",IF($Z200=\"CP\",$X200,IF($Z200=\"RA\",(($X200)*QCI!$AA$3),0)),SomaAgrup)","v":3271.86},0,{"$f":"IF($N200=\"\",\"\",IF(ORÇAMENTO.Descricao=\"\",\"DESCRIÇÃO\",IF(AND($C200=\"S\",ORÇAMENTO.Unidade=\"\"),\"UNIDADE\",IF($X200<0,\"VALOR NEGATIVO\",IF(OR(AND(TIPOORCAMENTO=\"Proposto\",$AG200<>\"\",$AG200>0,ORÇAMENTO.CustoUnitario>$AG200),AND(TIPOORCAMENTO=\"LICITADO\",ORÇAMENTO.PrecoUnitarioLicitado>$AN200)),\"ACIMA REF.\",\"\")))))","v":""},{"$f":"IF(C200<=CRONO.NivelExibicao,MAX($AD$15:OFFSET(AD200,-1,0))+IF($C200<>1,1,MAX(1,COUNTIF(QCI!$A$13:$A$32,OFFSET($E200,-1,0)))),\"\")","v":""},{"$f":"IF(AND($C200=\"S\",ORÇAMENTO.CodBarra<>\"\"),IF(ORÇAMENTO.Fonte=\"\",ORÇAMENTO.CodBarra,CONCATENATE(ORÇAMENTO.Fonte,\" \",ORÇAMENTO.CodBarra)))","v":"SINAPI 96396"},{"$f":"IF(ISERROR(INDIRECT(ORÇAMENTO.BancoRef)),\"(abra o arquivo 'Referência \"&Excel_BuiltIn_Database&\".xls)\",IF(OR($C200<>\"S\",ORÇAMENTO.CodBarra=\"\"),\"(Sem Código)\",IF(ISERROR(MATCH($AE200,INDIRECT(ORÇAMENTO.BancoRef),0)),\"(Código não identificado nas referências)\",MATCH($AE200,INDIRECT(ORÇAMENTO.BancoRef),0))))","v":"(abra o arquivo 'Referência 06-2023.xls)"},{"$f":"ROUND(IF(DESONERACAO=\"sim\",REFERENCIA.Desonerado,REFERENCIA.NaoDesonerado),2)","v":0},0.23530000000000001,null,{"$f":"146*0.1","v":14.600000000000001},null,null,3271.86,224.1]
["S",2,"S",0,{"$f":"IF($C201=1,OFFSET(E201,-1,0)+MAX(1,COUNTIF(QCI!$A$13:$A$32,OFFSET(ORÇAMENTO!E201,-1,0))),OFFSET(E201,-1,0))","v":4},6,0,0,2,0,{"$f":"IF(OR($C201=\"S\",$C201=0),0,MATCH(OFFSET($D201,0,$C201)+IF($C201<>1,1,COUNTIF(QCI!$A$13:$A$32,ORÇAMENTO!E201)),OFFSET($D201,1,$C201,ROW($C$850)-ROW($C201)),0))","v":0},"F","Serviço","Serviço","4.6.2.","SINAPI","100978","CARGA, MANOBRA E DESCARGA DE MATERIAL GRANULAR EM CAMINHÃO BASCULANTE - CARGA COM ESCAVADEIRA HIDRÁULICA","M3",{"$f":"OFFSET(CÁLCULO!H$15,ROW($T201)-ROW(T$15),0)","v":14.6},6.33,"BDI 1",{"$f":"IF($C201=\"S\",ROUND(IF(TIPOORCAMENTO=\"Proposto\",ORÇAMENTO.CustoUnitario*(1+$AH201),ORÇAMENTO.PrecoUnitarioLicitado),15-13*$AF$10),0)","v":7.82},114.17,"RA","RA",{"$f":"IF($C201=\"S\",IF($Z201=\"CP\",$X201,IF($Z201=\"RA\",(($X201)*QCI!$AA$3),0)),SomaAgrup)","v":114.17},0,{"$f":"IF($N201=\"\",\"\",IF(ORÇAMENTO.Descricao=\"\",\"DESCRIÇÃO\",IF(AND($C201=\"S\",ORÇAMENTO.Unidade=\"\"),\"UNIDADE\",IF($X201<0,\"VALOR NEGATIVO\",IF(OR(AND(TIPOORCAMENTO=\"Proposto\",$AG201<>\"\",$AG201>0,ORÇAMENTO.CustoUnitario>$AG201),AND(TIPOORCAMENTO=\"LICITADO\",ORÇAMENTO.PrecoUnitarioLicitado>$AN201)),\"ACIMA REF.\",\"\")))))","v":""},{"$f":"IF(C201<=CRONO.NivelExibicao,MAX($AD$15:OFFSET(AD201,-1,0))+IF($C201<>1,1,MAX(1,COUNTIF(QCI!$A$13:$A$32,OFFSET($E201,-1,0)))),\"\")","v":""},{"$f":"IF(AND($C201=\"S\",ORÇAMENTO.CodBarra<>\"\"),IF(ORÇAMENTO.Fonte=\"\",ORÇAMENTO.CodBarra,CONCATENATE(ORÇAMENTO.Fonte,\" \",ORÇAMENTO.CodBarra)))","v":"SINAPI 100978"},{"$f":"IF(ISERROR(INDIRECT(ORÇAMENTO.BancoRef)),\"(abra o arquivo 'Referência \"&Excel_BuiltIn_Database&\".xls)\",IF(OR($C201<>\"S\",ORÇAMENTO.CodBarra=\"\"),\"(Sem Código)\",IF(ISERROR(MATCH($AE201,INDIRECT(ORÇAMENTO.BancoRef),0)),\"(Código não identificado nas referências)\",MATCH($AE201,INDIRECT(ORÇAMENTO.BancoRef),0))))","v":"(abra o arquivo 'Referência 06-2023.xls)"},{"$f":"ROUND(IF(DESONERACAO=\"sim\",REFERENCIA.Desonerado,REFERENCIA.NaoDesonerado),2)","v":0},0.23530000000000001,null,{"$f":"AJ200","v":14.600000000000001},null,null,114.17,7.82]
["S",2,"S",0,{"$f":"IF($C202=1,OFFSET(E202,-1,0)+MAX(1,COUNTIF(QCI!$A$13:$A$32,OFFSET(ORÇAMENTO!E202,-1,0))),OFFSET(E202,-1,0))","v":4},6,0,0,3,0,{"$f":"IF(OR($C202=\"S\",$C202=0),0,MATCH(OFFSET($D202,0,$C202)+IF($C202<>1,1,COUNTIF(QCI!$A$13:$A$32,ORÇAMENTO!E202)),OFFSET($D202,1,$C202,ROW($C$850)-ROW($C202)),0))","v":0},"F","Serviço","Serviço","4.6.3.","SINAPI","95875","TRANSPORTE DE MATERIAL GRANULAR COM CAMINHÃO BASCULANTE, DMT = 20 KM","M3XKM",{"$f":"OFFSET(CÁLCULO!H$15,ROW($T202)-ROW(T$15),0)","v":292},2.23,"BDI 1",{"$f":"IF($C202=\"S\",ROUND(IF(TIPOORCAMENTO=\"Proposto\",ORÇAMENTO.CustoUnitario*(1+$AH202),ORÇAMENTO.PrecoUnitarioLicitado),15-13*$AF$10),0)","v":2.75},803,"RA","RA",{"$f":"IF($C202=\"S\",IF($Z202=\"CP\",$X202,IF($Z202=\"RA\",(($X202)*QCI!$AA$3),0)),SomaAgrup)","v":803},0,{"$f":"IF($N202=\"\",\"\",IF(ORÇAMENTO.Descricao=\"\",\"DESCRIÇÃO\",IF(AND($C202=\"S\",ORÇAMENTO.Unidade=\"\"),\"UNIDADE\",IF($X202<0,\"VALOR NEGATIVO\",IF(OR(AND(TIPOORCAMENTO=\"Proposto\",$AG202<>\"\",$AG202>0,ORÇAMENTO.CustoUnitario>$AG202),AND(TIPOORCAMENTO=\"LICITADO\",ORÇAMENTO.PrecoUnitarioLicitado>$AN202)),\"ACIMA REF.\",\"\")))))","v":""},{"$f":"IF(C202<=CRONO.NivelExibicao,MAX($AD$15:OFFSET(AD202,-1,0))+IF($C202<>1,1,MAX(1,COUNTIF(QCI!$A$13:$A$32,OFFSET($E202,-1,0)))),\"\")","v":""},{"$f":"IF(AND($C202=\"S\",ORÇAMENTO.CodBarra<>\"\"),IF(ORÇAMENTO.Fonte=\"\",ORÇAMENTO.CodBarra,CONCATENATE(ORÇAMENTO.Fonte,\" \",ORÇAMENTO.CodBarra)))","v":"SINAPI 95875"},{"$f":"IF(ISERROR(INDIRECT(ORÇAMENTO.BancoRef)),\"(abra o arquivo 'Referência \"&Excel_BuiltIn_Database&\".xls)\",IF(OR($C202<>\"S\",ORÇAMENTO.CodBarra=\"\"),\"(Sem Código)\",IF(ISERROR(MATCH($AE202,INDIRECT(ORÇAMENTO.BancoRef),0)),\"(Código não identificado nas referências)\",MATCH($AE202,INDIRECT(ORÇAMENTO.BancoRef),0))))","v":"(abra o arquivo 'Referência 06-2023.xls)"},{"$f":"ROUND(IF(DESONERACAO=\"sim\",REFERENCIA.Desonerado,REFERENCIA.NaoDesonerado),2)","v":0},0.23530000000000001,null,{"$f":"AJ201*20","v":292},null,null,803,2.75]
[2,2,2,8,{"$f":"IF($C203=1,OFFSET(E203,-1,0)+MAX(1,COUNTIF(QCI!$A$13:$A$32,OFFSET(ORÇAMENTO!E203,-1,0))),OFFSET(E203,-1,0))","v":4},7,0,0,0,27,{"$f":"IF(OR($C203=\"S\",$C203=0),0,MATCH(OFFSET($D203,0,$C203)+IF($C203<>1,1,COUNTIF(QCI!$A$13:$A$32,ORÇAMENTO!E203)),OFFSET($D203,1,$C203,ROW($C$850)-ROW($C203)),0))","v":8},"F","Nível 2","Nível 2","4.7.","SINAPI",null,"PAVIMENTAÇÃO EM CONCRETO","-",{"$f":"OFFSET(CÁLCULO!H$15,ROW($T203)-ROW(T$15),0)","v":0},0,"BDI 1",{"$f":"IF($C203=\"S\",ROUND(IF(TIPOORCAMENTO=\"Proposto\",ORÇAMENTO.CustoUnitario*(1+$AH203),ORÇAMENTO.PrecoUnitarioLicitado),15-13*$AF$10),0)","v":0},77726.36,"RA","",{"$f":"IF($C203=\"S\",IF($Z203=\"CP\",$X203,IF($Z203=\"RA\",(($X203)*QCI!$AA$3),0)),SomaAgrup)","v":77726.36},0,{"$f":"IF($N203=\"\",\"\",IF(ORÇAMENTO.Descricao=\"\",\"DESCRIÇÃO\",IF(AND($C203=\"S\",ORÇAMENTO.Unidade=\"\"),\"UNIDADE\",IF($X203<0,\"VALOR NEGATIVO\",IF(OR(AND(TIPOORCAMENTO=\"Proposto\",$AG203<>\"\",$AG203>0,ORÇAMENTO.CustoUnitario>$AG203),AND(TIPOORCAMENTO=\"LICITADO\",ORÇAMENTO.PrecoUnitarioLicitado>$AN203)),\"ACIMA REF.\",\"\")))))","v":""},{"$f":"IF(C203<=CRONO.NivelExibicao,MAX($AD$15:OFFSET(AD203,-1,0))+IF($C203<>1,1,MAX(1,COUNTIF(QCI!$A$13:$A$32,OFFSET($E203,-1,0)))),\"\")","v":""},{"$f":"IF(AND($C203=\"S\",ORÇAMENTO.CodBarra<>\"\"),IF(ORÇAMENTO.Fonte=\"\",ORÇAMENTO.CodBarra,CONCATENATE(ORÇAMENTO.Fonte,\" \",ORÇAMENTO.CodBarra)))","v":false},{"$f":"IF(ISERROR(INDIRECT(ORÇAMENTO.BancoRef)),\"(abra o arquivo 'Referência \"&Excel_BuiltIn_Database&\".xls)\",IF(OR($C203<>\"S\",ORÇAMENTO.CodBarra=\"\"),\"(Sem Código)\",IF(ISERROR(MATCH($AE203,INDIRECT(ORÇAMENTO.BancoRef),0)),\"(Código não identificado nas referências)\",MATCH($AE203,INDIRECT(ORÇAMENTO.BancoRef),0))))","v":"(abra o arquivo 'Referência 06-2023.xls)"},{"$f":"ROUND(IF(DESONERACAO=\"sim\",REFERENCIA.Desonerado,REFERENCIA.NaoDesonerado),2)","v":0},0.23530000000000001,null,null,null,null,77726.36,0]
["S",2,"S",0,{"$f":"IF($C204=1,OFFSET(E204,-1,0)+MAX(1,COUNTIF(QCI!$A$13:$A$32,OFFSET(ORÇAMENTO!E204,-1,0))),OFFSET(E204,-1,0))","v":4},7,0,0,1,0,{"$f":"IF(OR($C204=\"S\",$C204=0),0,MATCH(OFFSET($D204,0,$C204)+IF($C204<>1,1,COUNTIF(QCI!$A$13:$A$32,ORÇAMENTO!E204)),OFFSET($D204,1,$C204,ROW($C$850)-ROW($C204)),0))","v":0},"F","Serviço","Serviço","4.7.1.","SINAPI-I","1346","FABRICAÇÃO, MONTAGEM E DESMONTAGEM DE FORMA PARA PAVIMENTAÇÃO EM CONCRETO EM CHAPA DE COMPENSADO","M2    ",{"$f":"OFFSET(CÁLCULO!H$15,ROW($T204)-ROW(T$15),0)","v":16.079999999999998},57.57,"BDI 1",{"$f":"IF($C204=\"S\",ROUND(IF(TIPOORCAMENTO=\"Proposto\",ORÇAMENTO.CustoUnitario*(1+$AH204),ORÇAMENTO.PrecoUnitarioLicitado),15-13*$AF$10),0)","v":71.12},1143.6099999999999,"RA","RA",{"$f":"IF($C204=\"S\",IF($Z204=\"CP\",$X204,IF($Z204=\"RA\",(($X204)*QCI!$AA$3),0)),SomaAgrup)","v":1143.6099999999999},0,{"$f":"IF($N204=\"\",\"\",IF(ORÇAMENTO.Descricao=\"\",\"DESCRIÇÃO\",IF(AND($C204=\"S\",ORÇAMENTO.Unidade=\"\"),\"UNIDADE\",IF($X204<0,\"VALOR NEGATIVO\",IF(OR(AND(TIPOORCAMENTO=\"Proposto\",$AG204<>\"\",$AG204>0,ORÇAMENTO.CustoUnitario>$AG204),AND(TIPOORCAMENTO=\"LICITADO\",ORÇAMENTO.PrecoUnitarioLicitado>$AN204)),\"ACIMA REF.\",\"\")))))","v":""},{"$f":"IF(C204<=CRONO.NivelExibicao,MAX($AD$15:OFFSET(AD204,-1,0))+IF($C204<>1,1,MAX(1,COUNTIF(QCI!$A$13:$A$32,OFFSET($E204,-1,0)))),\"\")","v":""},{"$f":"IF(AND($C204=\"S\",ORÇAMENTO.CodBarra<>\"\"),IF(ORÇAMENTO.Fonte=\"\",ORÇAMENTO.CodBarra,CONCATENATE(ORÇAMENTO.Fonte,\" \",ORÇAMENTO.CodBarra)))","v":"SINAPI-I 1346"},{"$f":"IF(ISERROR(INDIRECT(ORÇAMENTO.BancoRef)),\"(abra o arquivo 'Referência \"&Excel_BuiltIn_Database&\".xls)\",IF(OR($C204<>\"S\",ORÇAMENTO.CodBarra=\"\"),\"(Sem Código)\",IF(ISERROR(MATCH($AE204,INDIRECT(ORÇAMENTO.BancoRef),0)),\"(Código não identificado nas referências)\",MATCH($AE204,INDIRECT(ORÇAMENTO.BancoRef),0))))","v":"(abra o arquivo 'Referência 06-2023.xls)"},{"$f":"ROUND(IF(DESONERACAO=\"sim\",REFERENCIA.Desonerado,REFERENCIA.NaoDesonerado),2)","v":0},0.23530000000000001,null,{"$f":"AJ179*0.12*2","v":16.077599999999997},null,null,1143.6099999999999,71.12]
["S",2,"S",0,{"$f":"IF($C205=1,OFFSET(E205,-1,0)+MAX(1,COUNTIF(QCI!$A$13:$A$32,OFFSET(ORÇAMENTO!E205,-1,0))),OFFSET(E205,-1,0))","v":4},7,0,0,2,0,{"$f":"IF(OR($C205=\"S\",$C205=0),0,MATCH(OFFSET($D205,0,$C205)+IF($C205<>1,1,COUNTIF(QCI!$A$13:$A$32,ORÇAMENTO!E205)),OFFSET($D205,1,$C205,ROW($C$850)-ROW($C205)),0))","v":0},"F","Serviço","Serviço","4.7.2.","SINAPI-I","7156","ARMAÇÃO PARA EXECUÇÃO DE PAVIMENTAÇÃO EM CONCRETO, COM USO DE TELA Q-196.","M2    ",{"$f":"OFFSET(CÁLCULO!H$15,ROW($T205)-ROW(T$15),0)","v":439.5},29.25,"BDI 1",{"$f":"IF($C205=\"S\",ROUND(IF(TIPOORCAMENTO=\"Proposto\",ORÇAMENTO.CustoUnitario*(1+$AH205),ORÇAMENTO.PrecoUnitarioLicitado),15-13*$AF$10),0)","v":36.130000000000003},15879.14,"RA","RA",{"$f":"IF($C205=\"S\",IF($Z205=\"CP\",$X205,IF($Z205=\"RA\",(($X205)*QCI!$AA$3),0)),SomaAgrup)","v":15879.14},0,{"$f":"IF($N205=\"\",\"\",IF(ORÇAMENTO.Descricao=\"\",\"DESCRIÇÃO\",IF(AND($C205=\"S\",ORÇAMENTO.Unidade=\"\"),\"UNIDADE\",IF($X205<0,\"VALOR NEGATIVO\",IF(OR(AND(TIPOORCAMENTO=\"Proposto\",$AG205<>\"\",$AG205>0,ORÇAMENTO.CustoUnitario>$AG205),AND(TIPOORCAMENTO=\"LICITADO\",ORÇAMENTO.PrecoUnitarioLicitado>$AN205)),\"ACIMA REF.\",\"\")))))","v":""},{"$f":"IF(C205<=CRONO.NivelExibicao,MAX($AD$15:OFFSET(AD205,-1,0))+IF($C205<>1,1,MAX(1,COUNTIF(QCI!$A$13:$A$32,OFFSET($E205,-1,0)))),\"\")","v":""},{"$f":"IF(AND($C205=\"S\",ORÇAMENTO.CodBarra<>\"\"),IF(ORÇAMENTO.Fonte=\"\",ORÇAMENTO.CodBarra,CONCATENATE(ORÇAMENTO.Fonte,\" \",ORÇAMENTO.CodBarra)))","v":"SINAPI-I 7156"},{"$f":"IF(ISERROR(INDIRECT(ORÇAMENTO.BancoRef)),\"(abra o arquivo 'Referência \"&Excel_BuiltIn_Database&\".xls)\",IF(OR($C205<>\"S\",ORÇAMENTO.CodBarra=\"\"),\"(Sem Código)\",IF(ISERROR(MATCH($AE205,INDIRECT(ORÇAMENTO.BancoRef),0)),\"(Código não identificado nas referências)\",MATCH($AE205,INDIRECT(ORÇAMENTO.BancoRef),0))))","v":"(abra o arquivo 'Referência 06-2023.xls)"},{"$f":"ROUND(IF(DESONERACAO=\"sim\",REFERENCIA.Desonerado,REFERENCIA.NaoDesonerado),2)","v":0},0.23530000000000001,null,439.5,null,null,15879.14,36.130000000000003]
["S",2,"S",0,{"$f":"IF($C206=1,OFFSET(E206,-1,0)+MAX(1,COUNTIF(QCI!$A$13:$A$32,OFFSET(ORÇAMENTO!E206,-1,0))),OFFSET(E206,-1,0))","v":4},7,0,0,3,0,{"$f":"IF(OR($C206=\"S\",$C206=0),0,MATCH(OFFSET($D206,0,$C206)+IF($C206<>1,1,COUNTIF(QCI!$A$13:$A$32,ORÇAMENTO!E206)),OFFSET($D206,1,$C206,ROW($C$850)-ROW($C206)),0))","v":0},"F","Serviço","Serviço","4.7.3.","SINAPI",97113,"APLICAÇÃO DE LONA PLÁSTICA PARA EXECUÇÃO DE PAVIMENTOS DE CONCRETO. AF_04/2022","M2",{"$f":"OFFSET(CÁLCULO!H$15,ROW($T206)-ROW(T$15),0)","v":439.5},2.91,"BDI 1",{"$f":"IF($C206=\"S\",ROUND(IF(TIPOORCAMENTO=\"Proposto\",ORÇAMENTO.CustoUnitario*(1+$AH206),ORÇAMENTO.PrecoUnitarioLicitado),15-13*$AF$10),0)","v":3.59},1577.81,"RA","RA",{"$f":"IF($C206=\"S\",IF($Z206=\"CP\",$X206,IF($Z206=\"RA\",(($X206)*QCI!$AA$3),0)),SomaAgrup)","v":1577.81},0,{"$f":"IF($N206=\"\",\"\",IF(ORÇAMENTO.Descricao=\"\",\"DESCRIÇÃO\",IF(AND($C206=\"S\",ORÇAMENTO.Unidade=\"\"),\"UNIDADE\",IF($X206<0,\"VALOR NEGATIVO\",IF(OR(AND(TIPOORCAMENTO=\"Proposto\",$AG206<>\"\",$AG206>0,ORÇAMENTO.CustoUnitario>$AG206),AND(TIPOORCAMENTO=\"LICITADO\",ORÇAMENTO.PrecoUnitarioLicitado>$AN206)),\"ACIMA REF.\",\"\")))))","v":""},{"$f":"IF(C206<=CRONO.NivelExibicao,MAX($AD$15:OFFSET(AD206,-1,0))+IF($C206<>1,1,MAX(1,COUNTIF(QCI!$A$13:$A$32,OFFSET($E206,-1,0)))),\"\")","v":""},{"$f":"IF(AND($C206=\"S\",ORÇAMENTO.CodBarra<>\"\"),IF(ORÇAMENTO.Fonte=\"\",ORÇAMENTO.CodBarra,CONCATENATE(ORÇAMENTO.Fonte,\" \",ORÇAMENTO.CodBarra)))","v":"SINAPI 97113"},{"$f":"IF(ISERROR(INDIRECT(ORÇAMENTO.BancoRef)),\"(abra o arquivo 'Referência \"&Excel_BuiltIn_Database&\".xls)\",IF(OR($C206<>\"S\",ORÇAMENTO.CodBarra=\"\"),\"(Sem Código)\",IF(ISERROR(MATCH($AE206,INDIRECT(ORÇAMENTO.BancoRef),0)),\"(Código não identificado nas referências)\",MATCH($AE206,INDIRECT(ORÇAMENTO.BancoRef),0))))","v":"(abra o arquivo 'Referência 06-2023.xls)"},{"$f":"ROUND(IF(DESONERACAO=\"sim\",REFERENCIA.Desonerado,REFERENCIA.NaoDesonerado),2)","v":0},0.23530000000000001,null,{"$f":"AJ205","v":439.5},null,null,1577.81,3.59]
["S",2,"S",0,{"$f":"IF($C207=1,OFFSET(E207,-1,0)+MAX(1,COUNTIF(QCI!$A$13:$A$32,OFFSET(ORÇAMENTO!E207,-1,0))),OFFSET(E207,-1,0))","v":4},7,0,0,4,0,{"$f":"IF(OR($C207=\"S\",$C207=0),0,MATCH(OFFSET($D207,0,$C207)+IF($C207<>1,1,COUNTIF(QCI!$A$13:$A$32,ORÇAMENTO!E207)),OFFSET($D207,1,$C207,ROW($C$850)-ROW($C207)),0))","v":0},"F","Serviço","Serviço","4.7.4.","SINAPI-I","34479","CONCRETO USINADO BOMBEAVEL, CLASSE DE RESISTENCIA C40, COM BRITA 0 E 1, SLUMP = 100 +/- 20 MM, INCLUI SERVICO DE BOMBEAMENTO (NBR 8953)","M3    ",{"$f":"OFFSET(CÁLCULO!H$15,ROW($T207)-ROW(T$15),0)","v":52.74},584,"BDI 1",{"$f":"IF($C207=\"S\",ROUND(IF(TIPOORCAMENTO=\"Proposto\",ORÇAMENTO.CustoUnitario*(1+$AH207),ORÇAMENTO.PrecoUnitarioLicitado),15-13*$AF$10),0)","v":721.42},38047.69,"RA","RA",{"$f":"IF($C207=\"S\",IF($Z207=\"CP\",$X207,IF($Z207=\"RA\",(($X207)*QCI!$AA$3),0)),SomaAgrup)","v":38047.69},0,{"$f":"IF($N207=\"\",\"\",IF(ORÇAMENTO.Descricao=\"\",\"DESCRIÇÃO\",IF(AND($C207=\"S\",ORÇAMENTO.Unidade=\"\"),\"UNIDADE\",IF($X207<0,\"VALOR NEGATIVO\",IF(OR(AND(TIPOORCAMENTO=\"Proposto\",$AG207<>\"\",$AG207>0,ORÇAMENTO.CustoUnitario>$AG207),AND(TIPOORCAMENTO=\"LICITADO\",ORÇAMENTO.PrecoUnitarioLicitado>$AN207)),\"ACIMA REF.\",\"\")))))","v":""},{"$f":"IF(C207<=CRONO.NivelExibicao,MAX($AD$15:OFFSET(AD207,-1,0))+IF($C207<>1,1,MAX(1,COUNTIF(QCI!$A$13:$A$32,OFFSET($E207,-1,0)))),\"\")","v":""},{"$f":"IF(AND($C207=\"S\",ORÇAMENTO.CodBarra<>\"\"),IF(ORÇAMENTO.Fonte=\"\",ORÇAMENTO.CodBarra,CONCATENATE(ORÇAMENTO.Fonte,\" \",ORÇAMENTO.CodBarra)))","v":"SINAPI-I 34479"},{"$f":"IF(ISERROR(INDIRECT(ORÇAMENTO.BancoRef)),\"(abra o arquivo 'Referência \"&Excel_BuiltIn_Database&\".xls)\",IF(OR($C207<>\"S\",ORÇAMENTO.CodBarra=\"\"),\"(Sem Código)\",IF(ISERROR(MATCH($AE207,INDIRECT(ORÇAMENTO.BancoRef),0)),\"(Código não identificado nas referências)\",MATCH($AE207,INDIRECT(ORÇAMENTO.BancoRef),0))))","v":"(abra o arquivo 'Referência 06-2023.xls)"},{"$f":"ROUND(IF(DESONERACAO=\"sim\",REFERENCIA.Desonerado,REFERENCIA.NaoDesonerado),2)","v":0},0.23530000000000001,null,{"$f":"AJ205*0.12","v":52.739999999999995},null,null,38047.69,721.42]
["S",2,"S",0,{"$f":"IF($C208=1,OFFSET(E208,-1,0)+MAX(1,COUNTIF(QCI!$A$13:$A$32,OFFSET(ORÇAMENTO!E208,-1,0))),OFFSET(E208,-1,0))","v":4},7,0,0,5,{"$f":"IF(OR($C208=\"S\",$C208=0),0,MATCH(0,OFFSET($D208,1,$C208,ROW($C$850)-ROW($C208)),0))","v":0},{"$f":"IF(OR($C208=\"S\",$C208=0),0,MATCH(OFFSET($D208,0,$C208)+IF($C208<>1,1,COUNTIF(QCI!$A$13:$A$32,ORÇAMENTO!E208)),OFFSET($D208,1,$C208,ROW($C$850)-ROW($C208)),0))","v":0},"F","Serviço","Serviço","4.7.5.","AMMOC","PAVCONC","LANÇAMENTO, ACABAMENTO, ADENSAMENTO PARA PAVIMENTAÇÃO EM CONCRETO","M3",{"$f":"OFFSET(CÁLCULO!H$15,ROW($T208)-ROW(T$15),0)","v":52.74},265.83,"BDI 1",{"$f":"IF($C208=\"S\",ROUND(IF(TIPOORCAMENTO=\"Proposto\",ORÇAMENTO.CustoUnitario*(1+$AH208),ORÇAMENTO.PrecoUnitarioLicitado),15-13*$AF$10),0)","v":328.38},17318.759999999998,"RA","RA",{"$f":"IF($C208=\"S\",IF($Z208=\"CP\",$X208,IF($Z208=\"RA\",(($X208)*QCI!$AA$3),0)),SomaAgrup)","v":17318.759999999998},0,{"$f":"IF($N208=\"\",\"\",IF(ORÇAMENTO.Descricao=\"\",\"DESCRIÇÃO\",IF(AND($C208=\"S\",ORÇAMENTO.Unidade=\"\"),\"UNIDADE\",IF($X208<0,\"VALOR NEGATIVO\",IF(OR(AND(TIPOORCAMENTO=\"Proposto\",$AG208<>\"\",$AG208>0,ORÇAMENTO.CustoUnitario>$AG208),AND(TIPOORCAMENTO=\"LICITADO\",ORÇAMENTO.PrecoUnitarioLicitado>$AN208)),\"ACIMA REF.\",\"\")))))","v":""},{"$f":"IF(C208<=CRONO.NivelExibicao,MAX($AD$15:OFFSET(AD208,-1,0))+IF($C208<>1,1,MAX(1,COUNTIF(QCI!$A$13:$A$32,OFFSET($E208,-1,0)))),\"\")","v":""},{"$f":"IF(AND($C208=\"S\",ORÇAMENTO.CodBarra<>\"\"),IF(ORÇAMENTO.Fonte=\"\",ORÇAMENTO.CodBarra,CONCATENATE(ORÇAMENTO.Fonte,\" \",ORÇAMENTO.CodBarra)))","v":"AMMOC PAVCONC"},{"$f":"IF(ISERROR(INDIRECT(ORÇAMENTO.BancoRef)),\"(abra o arquivo 'Referência \"&Excel_BuiltIn_Database&\".xls)\",IF(OR($C208<>\"S\",ORÇAMENTO.CodBarra=\"\"),\"(Sem Código)\",IF(ISERROR(MATCH($AE208,INDIRECT(ORÇAMENTO.BancoRef),0)),\"(Código não identificado nas referências)\",MATCH($AE208,INDIRECT(ORÇAMENTO.BancoRef),0))))","v":"(abra o arquivo 'Referência 06-2023.xls)"},{"$f":"ROUND(IF(DESONERACAO=\"sim\",REFERENCIA.Desonerado,REFERENCIA.NaoDesonerado),2)","v":0},0.23530000000000001,null,{"$f":"AJ207","v":52.739999999999995},null,null,17318.759999999998,328.38]
["S",2,"S",0,{"$f":"IF($C209=1,OFFSET(E209,-1,0)+MAX(1,COUNTIF(QCI!$A$13:$A$32,OFFSET(ORÇAMENTO!E209,-1,0))),OFFSET(E209,-1,0))","v":4},7,0,0,6,0,{"$f":"IF(OR($C209=\"S\",$C209=0),0,MATCH(OFFSET($D209,0,$C209)+IF($C209<>1,1,COUNTIF(QCI!$A$13:$A$32,ORÇAMENTO!E209)),OFFSET($D209,1,$C209,ROW($C$850)-ROW($C209)),0))","v":0},"F","Serviço","Serviço","4.7.6.","AMMOC","192","CURA QUÍMICA PARA PAVIMENTO DE CONCRETO - APLICAÇÃO MANUAL COM BORRIFADOR DE BAIXA PRESSÃO","M2",{"$f":"OFFSET(CÁLCULO!H$15,ROW($T209)-ROW(T$15),0)","v":439.5},6.73,"BDI 1",{"$f":"IF($C209=\"S\",ROUND(IF(TIPOORCAMENTO=\"Proposto\",ORÇAMENTO.CustoUnitario*(1+$AH209),ORÇAMENTO.PrecoUnitarioLicitado),15-13*$AF$10),0)","v":8.31},3652.25,"RA","RA",{"$f":"IF($C209=\"S\",IF($Z209=\"CP\",$X209,IF($Z209=\"RA\",(($X209)*QCI!$AA$3),0)),SomaAgrup)","v":3652.25},0,{"$f":"IF($N209=\"\",\"\",IF(ORÇAMENTO.Descricao=\"\",\"DESCRIÇÃO\",IF(AND($C209=\"S\",ORÇAMENTO.Unidade=\"\"),\"UNIDADE\",IF($X209<0,\"VALOR NEGATIVO\",IF(OR(AND(TIPOORCAMENTO=\"Proposto\",$AG209<>\"\",$AG209>0,ORÇAMENTO.CustoUnitario>$AG209),AND(TIPOORCAMENTO=\"LICITADO\",ORÇAMENTO.PrecoUnitarioLicitado>$AN209)),\"ACIMA REF.\",\"\")))))","v":""},{"$f":"IF(C209<=CRONO.NivelExibicao,MAX($AD$15:OFFSET(AD209,-1,0))+IF($C209<>1,1,MAX(1,COUNTIF(QCI!$A$13:$A$32,OFFSET($E209,-1,0)))),\"\")","v":""},{"$f":"IF(AND($C209=\"S\",ORÇAMENTO.CodBarra<>\"\"),IF(ORÇAMENTO.Fonte=\"\",ORÇAMENTO.CodBarra,CONCATENATE(ORÇAMENTO.Fonte,\" \",ORÇAMENTO.CodBarra)))","v":"AMMOC 192"},{"$f":"IF(ISERROR(INDIRECT(ORÇAMENTO.BancoRef)),\"(abra o arquivo 'Referência \"&Excel_BuiltIn_Database&\".xls)\",IF(OR($C209<>\"S\",ORÇAMENTO.CodBarra=\"\"),\"(Sem Código)\",IF(ISERROR(MATCH($AE209,INDIRECT(ORÇAMENTO.BancoRef),0)),\"(Código não identificado nas referências)\",MATCH($AE209,INDIRECT(ORÇAMENTO.BancoRef),0))))","v":"(abra o arquivo 'Referência 06-2023.xls)"},{"$f":"ROUND(IF(DESONERACAO=\"sim\",REFERENCIA.Desonerado,REFERENCIA.NaoDesonerado),2)","v":0},0.23530000000000001,null,{"$f":"AJ205","v":439.5},null,null,3652.25,8.31]
["S",2,"S",0,{"$f":"IF($C210=1,OFFSET(E210,-1,0)+MAX(1,COUNTIF(QCI!$A$13:$A$32,OFFSET(ORÇAMENTO!E210,-1,0))),OFFSET(E210,-1,0))","v":4},7,0,0,7,0,{"$f":"IF(OR($C210=\"S\",$C210=0),0,MATCH(OFFSET($D210,0,$C210)+IF($C210<>1,1,COUNTIF(QCI!$A$13:$A$32,ORÇAMENTO!E210)),OFFSET($D210,1,$C210,ROW($C$850)-ROW($C210)),0))","v":0},"F","Serviço","Serviço","4.7.7.","SINAPI","97114","EXECUÇÃO DE JUNTAS DE DILATAÇÃO PARA PAVIMENTOS DE CONCRETO","M",{"$f":"OFFSET(CÁLCULO!H$15,ROW($T210)-ROW(T$15),0)","v":210},0.41,"BDI 1",{"$f":"IF($C210=\"S\",ROUND(IF(TIPOORCAMENTO=\"Proposto\",ORÇAMENTO.CustoUnitario*(1+$AH210),ORÇAMENTO.PrecoUnitarioLicitado),15-13*$AF$10),0)","v":0.51},107.1,"RA","RA",{"$f":"IF($C210=\"S\",IF($Z210=\"CP\",$X210,IF($Z210=\"RA\",(($X210)*QCI!$AA$3),0)),SomaAgrup)","v":107.1},0,{"$f":"IF($N210=\"\",\"\",IF(ORÇAMENTO.Descricao=\"\",\"DESCRIÇÃO\",IF(AND($C210=\"S\",ORÇAMENTO.Unidade=\"\"),\"UNIDADE\",IF($X210<0,\"VALOR NEGATIVO\",IF(OR(AND(TIPOORCAMENTO=\"Proposto\",$AG210<>\"\",$AG210>0,ORÇAMENTO.CustoUnitario>$AG210),AND(TIPOORCAMENTO=\"LICITADO\",ORÇAMENTO.PrecoUnitarioLicitado>$AN210)),\"ACIMA REF.\",\"\")))))","v":""},{"$f":"IF(C210<=CRONO.NivelExibicao,MAX($AD$15:OFFSET(AD210,-1,0))+IF($C210<>1,1,MAX(1,COUNTIF(QCI!$A$13:$A$32,OFFSET($E210,-1,0)))),\"\")","v":""},{"$f":"IF(AND($C210=\"S\",ORÇAMENTO.CodBarra<>\"\"),IF(ORÇAMENTO.Fonte=\"\",ORÇAMENTO.CodBarra,CONCATENATE(ORÇAMENTO.Fonte,\" \",ORÇAMENTO.CodBarra)))","v":"SINAPI 97114"},{"$f":"IF(ISERROR(INDIRECT(ORÇAMENTO.BancoRef)),\"(abra o arquivo 'Referência \"&Excel_BuiltIn_Database&\".xls)\",IF(OR($C210<>\"S\",ORÇAMENTO.CodBarra=\"\"),\"(Sem Código)\",IF(ISERROR(MATCH($AE210,INDIRECT(ORÇAMENTO.BancoRef),0)),\"(Código não identificado nas referências)\",MATCH($AE210,INDIRECT(ORÇAMENTO.BancoRef),0))))","v":"(abra o arquivo 'Referência 06-2023.xls)"},{"$f":"ROUND(IF(DESONERACAO=\"sim\",REFERENCIA.Desonerado,REFERENCIA.NaoDesonerado),2)","v":0},0.23530000000000001,null,210,null,null,107.1,0.51]
[2,2,2,2,{"$f":"IF($C211=1,OFFSET(E211,-1,0)+MAX(1,COUNTIF(QCI!$A$13:$A$32,OFFSET(ORÇAMENTO!E211,-1,0))),OFFSET(E211,-1,0))","v":4},8,0,0,0,19,{"$f":"IF(OR($C211=\"S\",$C211=0),0,MATCH(OFFSET($D211,0,$C211)+IF($C211<>1,1,COUNTIF(QCI!$A$13:$A$32,ORÇAMENTO!E211)),OFFSET($D211,1,$C211,ROW($C$850)-ROW($C211)),0))","v":2},"F","Nível 2","Nível 2","4.8.","SINAPI",null,"MEIO-FIO","-",{"$f":"OFFSET(CÁLCULO!H$15,ROW($T211)-ROW(T$15),0)","v":0},0,"BDI 1",{"$f":"IF($C211=\"S\",ROUND(IF(TIPOORCAMENTO=\"Proposto\",ORÇAMENTO.CustoUnitario*(1+$AH211),ORÇAMENTO.PrecoUnitarioLicitado),15-13*$AF$10),0)","v":0},5301.74,"RA","",{"$f":"IF($C211=\"S\",IF($Z211=\"CP\",$X211,IF($Z211=\"RA\",(($X211)*QCI!$AA$3),0)),SomaAgrup)","v":5301.74},0,{"$f":"IF($N211=\"\",\"\",IF(ORÇAMENTO.Descricao=\"\",\"DESCRIÇÃO\",IF(AND($C211=\"S\",ORÇAMENTO.Unidade=\"\"),\"UNIDADE\",IF($X211<0,\"VALOR NEGATIVO\",IF(OR(AND(TIPOORCAMENTO=\"Proposto\",$AG211<>\"\",$AG211>0,ORÇAMENTO.CustoUnitario>$AG211),AND(TIPOORCAMENTO=\"LICITADO\",ORÇAMENTO.PrecoUnitarioLicitado>$AN211)),\"ACIMA REF.\",\"\")))))","v":""},{"$f":"IF(C211<=CRONO.NivelExibicao,MAX($AD$15:OFFSET(AD211,-1,0))+IF($C211<>1,1,MAX(1,COUNTIF(QCI!$A$13:$A$32,OFFSET($E211,-1,0)))),\"\")","v":""},{"$f":"IF(AND($C211=\"S\",ORÇAMENTO.CodBarra<>\"\"),IF(ORÇAMENTO.Fonte=\"\",ORÇAMENTO.CodBarra,CONCATENATE(ORÇAMENTO.Fonte,\" \",ORÇAMENTO.CodBarra)))","v":false},{"$f":"IF(ISERROR(INDIRECT(ORÇAMENTO.BancoRef)),\"(abra o arquivo 'Referência \"&Excel_BuiltIn_Database&\".xls)\",IF(OR($C211<>\"S\",ORÇAMENTO.CodBarra=\"\"),\"(Sem Código)\",IF(ISERROR(MATCH($AE211,INDIRECT(ORÇAMENTO.BancoRef),0)),\"(Código não identificado nas referências)\",MATCH($AE211,INDIRECT(ORÇAMENTO.BancoRef),0))))","v":"(abra o arquivo 'Referência 06-2023.xls)"},{"$f":"ROUND(IF(DESONERACAO=\"sim\",REFERENCIA.Desonerado,REFERENCIA.NaoDesonerado),2)","v":0},0.23530000000000001,null,null,null,null,5301.74,0]
["S",2,"S",0,{"$f":"IF($C212=1,OFFSET(E212,-1,0)+MAX(1,COUNTIF(QCI!$A$13:$A$32,OFFSET(ORÇAMENTO!E212,-1,0))),OFFSET(E212,-1,0))","v":4},8,0,0,1,0,{"$f":"IF(OR($C212=\"S\",$C212=0),0,MATCH(OFFSET($D212,0,$C212)+IF($C212<>1,1,COUNTIF(QCI!$A$13:$A$32,ORÇAMENTO!E212)),OFFSET($D212,1,$C212,ROW($C$850)-ROW($C212)),0))","v":0},"F","Serviço","Serviço","4.8.1.","SINAPI","94263","GUIA (MEIO-FIO) CONCRETO, MOLDADA  IN LOCO COM EXTRUSORA, 13 CM BASE X 22 CM ALTURA.","M",{"$f":"OFFSET(CÁLCULO!H$15,ROW($T212)-ROW(T$15),0)","v":118},36.369999999999997,"BDI 1",{"$f":"IF($C212=\"S\",ROUND(IF(TIPOORCAMENTO=\"Proposto\",ORÇAMENTO.CustoUnitario*(1+$AH212),ORÇAMENTO.PrecoUnitarioLicitado),15-13*$AF$10),0)","v":44.93},5301.74,"RA","RA",{"$f":"IF($C212=\"S\",IF($Z212=\"CP\",$X212,IF($Z212=\"RA\",(($X212)*QCI!$AA$3),0)),SomaAgrup)","v":5301.74},0,{"$f":"IF($N212=\"\",\"\",IF(ORÇAMENTO.Descricao=\"\",\"DESCRIÇÃO\",IF(AND($C212=\"S\",ORÇAMENTO.Unidade=\"\"),\"UNIDADE\",IF($X212<0,\"VALOR NEGATIVO\",IF(OR(AND(TIPOORCAMENTO=\"Proposto\",$AG212<>\"\",$AG212>0,ORÇAMENTO.CustoUnitario>$AG212),AND(TIPOORCAMENTO=\"LICITADO\",ORÇAMENTO.PrecoUnitarioLicitado>$AN212)),\"ACIMA REF.\",\"\")))))","v":""},{"$f":"IF(C212<=CRONO.NivelExibicao,MAX($AD$15:OFFSET(AD212,-1,0))+IF($C212<>1,1,MAX(1,COUNTIF(QCI!$A$13:$A$32,OFFSET($E212,-1,0)))),\"\")","v":""},{"$f":"IF(AND($C212=\"S\",ORÇAMENTO.CodBarra<>\"\"),IF(ORÇAMENTO.Fonte=\"\",ORÇAMENTO.CodBarra,CONCATENATE(ORÇAMENTO.Fonte,\" \",ORÇAMENTO.CodBarra)))","v":"SINAPI 94263"},{"$f":"IF(ISERROR(INDIRECT(ORÇAMENTO.BancoRef)),\"(abra o arquivo 'Referência \"&Excel_BuiltIn_Database&\".xls)\",IF(OR($C212<>\"S\",ORÇAMENTO.CodBarra=\"\"),\"(Sem Código)\",IF(ISERROR(MATCH($AE212,INDIRECT(ORÇAMENTO.BancoRef),0)),\"(Código não identificado nas referências)\",MATCH($AE212,INDIRECT(ORÇAMENTO.BancoRef),0))))","v":"(abra o arquivo 'Referência 06-2023.xls)"},{"$f":"ROUND(IF(DESONERACAO=\"sim\",REFERENCIA.Desonerado,REFERENCIA.NaoDesonerado),2)","v":0},0.23530000000000001,null,118,null,null,5301.74,44.93]
[2,{"$f":"IF(OR(C213=\"s\",C213=0),OFFSET(B213,-1,0),C213)","v":2},{"$f":"IF(OFFSET(C213,-1,0)=\"L\",1,IF(OFFSET(C213,-1,0)=1,2,IF(OR(A213=\"s\",A213=0),\"S\",IF(AND(OFFSET(C213,-1,0)=2,A213=4),3,IF(AND(OR(OFFSET(C213,-1,0)=\"s\",OFFSET(C213,-1,0)=0),A213<>\"s\",A213>OFFSET(B213,-1,0)),OFFSET(B213,-1,0),A213)))))","v":2},{"$f":"IF(OR(C213=\"S\",C213=0),0,IF(ISERROR(K213),J213,SMALL(J213:K213,1)))","v":8},{"$f":"IF($C213=1,OFFSET(E213,-1,0)+MAX(1,COUNTIF(QCI!$A$13:$A$32,OFFSET(ORÇAMENTO!E213,-1,0))),OFFSET(E213,-1,0))","v":4},{"$f":"IF($C213=1,0,IF($C213=2,OFFSET(F213,-1,0)+1,OFFSET(F213,-1,0)))","v":9},{"$f":"IF(AND($C213<=2,$C213<>0),0,IF($C213=3,OFFSET(G213,-1,0)+1,OFFSET(G213,-1,0)))","v":0},{"$f":"IF(AND($C213<=3,$C213<>0),0,IF($C213=4,OFFSET(H213,-1,0)+1,OFFSET(H213,-1,0)))","v":0},{"$f":"IF(AND($C213<=4,$C213<>0),0,IF(AND($C213=\"S\",$X213>0),OFFSET(I213,-1,0)+1,OFFSET(I213,-1,0)))","v":0},17,{"$f":"IF(OR($C213=\"S\",$C213=0),0,MATCH(OFFSET($D213,0,$C213)+IF($C213<>1,1,COUNTIF(QCI!$A$13:$A$32,ORÇAMENTO!E213)),OFFSET($D213,1,$C213,ROW($C$850)-ROW($C213)),0))","v":8},{"$f":"IF(OR($X213>0,$C213=1,$C213=2,$C213=3,$C213=4),\"F\",\"\")","v":"F"},"Nível 2",{"$f":"CHOOSE(1+LOG(1+2*(C213=1)+4*(C213=2)+8*(C213=3)+16*(C213=4)+32*(C213=\"S\"),2),\"\",\"Meta\",\"Nível 2\",\"Nível 3\",\"Nível 4\",\"Serviço\")","v":"Nível 2"},{"$f":"IF(OR($C213=0,$L213=\"\"),\"-\",CONCATENATE(E213&\".\",IF(AND($A$5>=2,$C213>=2),F213&\".\",\"\"),IF(AND($A$5>=3,$C213>=3),G213&\".\",\"\"),IF(AND($A$5>=4,$C213>=4),H213&\".\",\"\"),IF($C213=\"S\",I213&\".\",\"\")))","v":"4.9."},"SINAPI",null,"SINALIZAÇÃO","-",{"$f":"OFFSET(CÁLCULO!H$15,ROW($T213)-ROW(T$15),0)","v":0},0,"BDI 1",{"$f":"IF($C213=\"S\",ROUND(IF(TIPOORCAMENTO=\"Proposto\",ORÇAMENTO.CustoUnitario*(1+$AH213),ORÇAMENTO.PrecoUnitarioLicitado),15-13*$AF$10),0)","v":0},4796.6499999999996,"RA",{"$f":"IF(AND($C213=\"S\",$X213>0),IF(ISBLANK($Y213),\"RA\",LEFT($Y213,2)),\"\")","v":""},{"$f":"IF($C213=\"S\",IF($Z213=\"CP\",$X213,IF($Z213=\"RA\",(($X213)*QCI!$AA$3),0)),SomaAgrup)","v":4796.6500000000005},0,{"$f":"IF($N213=\"\",\"\",IF(ORÇAMENTO.Descricao=\"\",\"DESCRIÇÃO\",IF(AND($C213=\"S\",ORÇAMENTO.Unidade=\"\"),\"UNIDADE\",IF($X213<0,\"VALOR NEGATIVO\",IF(OR(AND(TIPOORCAMENTO=\"Proposto\",$AG213<>\"\",$AG213>0,ORÇAMENTO.CustoUnitario>$AG213),AND(TIPOORCAMENTO=\"LICITADO\",ORÇAMENTO.PrecoUnitarioLicitado>$AN213)),\"ACIMA REF.\",\"\")))))","v":""},{"$f":"IF(C213<=CRONO.NivelExibicao,MAX($AD$15:OFFSET(AD213,-1,0))+IF($C213<>1,1,MAX(1,COUNTIF(QCI!$A$13:$A$32,OFFSET($E213,-1,0)))),\"\")","v":""},{"$f":"IF(AND($C213=\"S\",ORÇAMENTO.CodBarra<>\"\"),IF(ORÇAMENTO.Fonte=\"\",ORÇAMENTO.CodBarra,CONCATENATE(ORÇAMENTO.Fonte,\" \",ORÇAMENTO.CodBarra)))","v":false},{"$f":"IF(ISERROR(INDIRECT(ORÇAMENTO.BancoRef)),\"(abra o arquivo 'Referência \"&Excel_BuiltIn_Database&\".xls)\",IF(OR($C213<>\"S\",ORÇAMENTO.CodBarra=\"\"),\"(Sem Código)\",IF(ISERROR(MATCH($AE213,INDIRECT(ORÇAMENTO.BancoRef),0)),\"(Código não identificado nas referências)\",MATCH($AE213,INDIRECT(ORÇAMENTO.BancoRef),0))))","v":"(abra o arquivo 'Referência 06-2023.xls)"},{"$f":"ROUND(IF(DESONERACAO=\"sim\",REFERENCIA.Desonerado,REFERENCIA.NaoDesonerado),2)","v":0},0.23530000000000001,null,null,null,null,{"$f":"$X213","v":4796.6499999999996},0]
["S",2,"S",0,{"$f":"IF($C214=1,OFFSET(E214,-1,0)+MAX(1,COUNTIF(QCI!$A$13:$A$32,OFFSET(ORÇAMENTO!E214,-1,0))),OFFSET(E214,-1,0))","v":4},9,0,0,1,0,{"$f":"IF(OR($C214=\"S\",$C214=0),0,MATCH(OFFSET($D214,0,$C214)+IF($C214<>1,1,COUNTIF(QCI!$A$13:$A$32,ORÇAMENTO!E214)),OFFSET($D214,1,$C214,ROW($C$850)-ROW($C214)),0))","v":0},"F","Serviço","Serviço","4.9.1.","SINAPI","72947","SINALIZACAO HORIZONTAL COM TINTA RETRORREFLETIVA A BASE DE RESINA ACRILICA COM MICROESFERAS DE VIDRO - LINHA CONTÍNUA BRANCA","M2",{"$f":"OFFSET(CÁLCULO!H$15,ROW($T214)-ROW(T$15),0)","v":12.25},17.059999999999999,"BDI 1",{"$f":"IF($C214=\"S\",ROUND(IF(TIPOORCAMENTO=\"Proposto\",ORÇAMENTO.CustoUnitario*(1+$AH214),ORÇAMENTO.PrecoUnitarioLicitado),15-13*$AF$10),0)","v":21.07},258.11,"RA","RA",{"$f":"IF($C214=\"S\",IF($Z214=\"CP\",$X214,IF($Z214=\"RA\",(($X214)*QCI!$AA$3),0)),SomaAgrup)","v":258.11},0,{"$f":"IF($N214=\"\",\"\",IF(ORÇAMENTO.Descricao=\"\",\"DESCRIÇÃO\",IF(AND($C214=\"S\",ORÇAMENTO.Unidade=\"\"),\"UNIDADE\",IF($X214<0,\"VALOR NEGATIVO\",IF(OR(AND(TIPOORCAMENTO=\"Proposto\",$AG214<>\"\",$AG214>0,ORÇAMENTO.CustoUnitario>$AG214),AND(TIPOORCAMENTO=\"LICITADO\",ORÇAMENTO.PrecoUnitarioLicitado>$AN214)),\"ACIMA REF.\",\"\")))))","v":""},{"$f":"IF(C214<=CRONO.NivelExibicao,MAX($AD$15:OFFSET(AD214,-1,0))+IF($C214<>1,1,MAX(1,COUNTIF(QCI!$A$13:$A$32,OFFSET($E214,-1,0)))),\"\")","v":""},{"$f":"IF(AND($C214=\"S\",ORÇAMENTO.CodBarra<>\"\"),IF(ORÇAMENTO.Fonte=\"\",ORÇAMENTO.CodBarra,CONCATENATE(ORÇAMENTO.Fonte,\" \",ORÇAMENTO.CodBarra)))","v":"SINAPI 72947"},{"$f":"IF(ISERROR(INDIRECT(ORÇAMENTO.BancoRef)),\"(abra o arquivo 'Referência \"&Excel_BuiltIn_Database&\".xls)\",IF(OR($C214<>\"S\",ORÇAMENTO.CodBarra=\"\"),\"(Sem Código)\",IF(ISERROR(MATCH($AE214,INDIRECT(ORÇAMENTO.BancoRef),0)),\"(Código não identificado nas referências)\",MATCH($AE214,INDIRECT(ORÇAMENTO.BancoRef),0))))","v":"(abra o arquivo 'Referência 06-2023.xls)"},{"$f":"ROUND(IF(DESONERACAO=\"sim\",REFERENCIA.Desonerado,REFERENCIA.NaoDesonerado),2)","v":0},0.23530000000000001,null,12.25,null,null,258.11,21.07]
["S",2,"S",0,{"$f":"IF($C215=1,OFFSET(E215,-1,0)+MAX(1,COUNTIF(QCI!$A$13:$A$32,OFFSET(ORÇAMENTO!E215,-1,0))),OFFSET(E215,-1,0))","v":4},9,0,0,2,0,{"$f":"IF(OR($C215=\"S\",$C215=0),0,MATCH(OFFSET($D215,0,$C215)+IF($C215<>1,1,COUNTIF(QCI!$A$13:$A$32,ORÇAMENTO!E215)),OFFSET($D215,1,$C215,ROW($C$850)-ROW($C215)),0))","v":0},"F","Serviço","Serviço","4.9.2.","SINAPI","72947","SINALIZACAO HORIZONTAL COM TINTA RETRORREFLETIVA A BASE DE RESINA ACRILICA COM MICROESFERAS DE VIDRO - LINHA CONTÍNUA AMARELA","M2",{"$f":"OFFSET(CÁLCULO!H$15,ROW($T215)-ROW(T$15),0)","v":5.53},17.059999999999999,"BDI 1",{"$f":"IF($C215=\"S\",ROUND(IF(TIPOORCAMENTO=\"Proposto\",ORÇAMENTO.CustoUnitario*(1+$AH215),ORÇAMENTO.PrecoUnitarioLicitado),15-13*$AF$10),0)","v":21.07},116.52,"RA","RA",{"$f":"IF($C215=\"S\",IF($Z215=\"CP\",$X215,IF($Z215=\"RA\",(($X215)*QCI!$AA$3),0)),SomaAgrup)","v":116.52},0,{"$f":"IF($N215=\"\",\"\",IF(ORÇAMENTO.Descricao=\"\",\"DESCRIÇÃO\",IF(AND($C215=\"S\",ORÇAMENTO.Unidade=\"\"),\"UNIDADE\",IF($X215<0,\"VALOR NEGATIVO\",IF(OR(AND(TIPOORCAMENTO=\"Proposto\",$AG215<>\"\",$AG215>0,ORÇAMENTO.CustoUnitario>$AG215),AND(TIPOORCAMENTO=\"LICITADO\",ORÇAMENTO.PrecoUnitarioLicitado>$AN215)),\"ACIMA REF.\",\"\")))))","v":""},{"$f":"IF(C215<=CRONO.NivelExibicao,MAX($AD$15:OFFSET(AD215,-1,0))+IF($C215<>1,1,MAX(1,COUNTIF(QCI!$A$13:$A$32,OFFSET($E215,-1,0)))),\"\")","v":""},{"$f":"IF(AND($C215=\"S\",ORÇAMENTO.CodBarra<>\"\"),IF(ORÇAMENTO.Fonte=\"\",ORÇAMENTO.CodBarra,CONCATENATE(ORÇAMENTO.Fonte,\" \",ORÇAMENTO.CodBarra)))","v":"SINAPI 72947"},{"$f":"IF(ISERROR(INDIRECT(ORÇAMENTO.BancoRef)),\"(abra o arquivo 'Referência \"&Excel_BuiltIn_Database&\".xls)\",IF(OR($C215<>\"S\",ORÇAMENTO.CodBarra=\"\"),\"(Sem Código)\",IF(ISERROR(MATCH($AE215,INDIRECT(ORÇAMENTO.BancoRef),0)),\"(Código não identificado nas referências)\",MATCH($AE215,INDIRECT(ORÇAMENTO.BancoRef),0))))","v":"(abra o arquivo 'Referência 06-2023.xls)"},{"$f":"ROUND(IF(DESONERACAO=\"sim\",REFERENCIA.Desonerado,REFERENCIA.NaoDesonerado),2)","v":0},0.23530000000000001,null,5.53,null,null,116.52,21.07]
["S",2,"S",0,{"$f":"IF($C216=1,OFFSET(E216,-1,0)+MAX(1,COUNTIF(QCI!$A$13:$A$32,OFFSET(ORÇAMENTO!E216,-1,0))),OFFSET(E216,-1,0))","v":4},9,0,0,3,0,{"$f":"IF(OR($C216=\"S\",$C216=0),0,MATCH(OFFSET($D216,0,$C216)+IF($C216<>1,1,COUNTIF(QCI!$A$13:$A$32,ORÇAMENTO!E216)),OFFSET($D216,1,$C216,ROW($C$850)-ROW($C216)),0))","v":0},"F","Serviço","Serviço","4.9.3.","SINAPI","72947","SINALIZACAO HORIZONTAL COM TINTA RETRORREFLETIVA A BASE DE RESINA ACRILICA COM MICROESFERAS DE VIDRO - LINHA CONTÍNUA PRETA","M2",{"$f":"OFFSET(CÁLCULO!H$15,ROW($T216)-ROW(T$15),0)","v":42.6},17.059999999999999,"BDI 1",{"$f":"IF($C216=\"S\",ROUND(IF(TIPOORCAMENTO=\"Proposto\",ORÇAMENTO.CustoUnitario*(1+$AH216),ORÇAMENTO.PrecoUnitarioLicitado),15-13*$AF$10),0)","v":21.07},897.58,"RA","RA",{"$f":"IF($C216=\"S\",IF($Z216=\"CP\",$X216,IF($Z216=\"RA\",(($X216)*QCI!$AA$3),0)),SomaAgrup)","v":897.58},0,{"$f":"IF($N216=\"\",\"\",IF(ORÇAMENTO.Descricao=\"\",\"DESCRIÇÃO\",IF(AND($C216=\"S\",ORÇAMENTO.Unidade=\"\"),\"UNIDADE\",IF($X216<0,\"VALOR NEGATIVO\",IF(OR(AND(TIPOORCAMENTO=\"Proposto\",$AG216<>\"\",$AG216>0,ORÇAMENTO.CustoUnitario>$AG216),AND(TIPOORCAMENTO=\"LICITADO\",ORÇAMENTO.PrecoUnitarioLicitado>$AN216)),\"ACIMA REF.\",\"\")))))","v":""},{"$f":"IF(C216<=CRONO.NivelExibicao,MAX($AD$15:OFFSET(AD216,-1,0))+IF($C216<>1,1,MAX(1,COUNTIF(QCI!$A$13:$A$32,OFFSET($E216,-1,0)))),\"\")","v":""},{"$f":"IF(AND($C216=\"S\",ORÇAMENTO.CodBarra<>\"\"),IF(ORÇAMENTO.Fonte=\"\",ORÇAMENTO.CodBarra,CONCATENATE(ORÇAMENTO.Fonte,\" \",ORÇAMENTO.CodBarra)))","v":"SINAPI 72947"},{"$f":"IF(ISERROR(INDIRECT(ORÇAMENTO.BancoRef)),\"(abra o arquivo 'Referência \"&Excel_BuiltIn_Database&\".xls)\",IF(OR($C216<>\"S\",ORÇAMENTO.CodBarra=\"\"),\"(Sem Código)\",IF(ISERROR(MATCH($AE216,INDIRECT(ORÇAMENTO.BancoRef),0)),\"(Código não identificado nas referências)\",MATCH($AE216,INDIRECT(ORÇAMENTO.BancoRef),0))))","v":"(abra o arquivo 'Referência 06-2023.xls)"},{"$f":"ROUND(IF(DESONERACAO=\"sim\",REFERENCIA.Desonerado,REFERENCIA.NaoDesonerado),2)","v":0},0.23530000000000001,null,42.6,null,null,897.58,21.07]
[{"$f":"CHOOSE(1+LOG(1+2*(ORÇAMENTO.Nivel=\"Meta\")+4*(ORÇAMENTO.Nivel=\"Nível 2\")+8*(ORÇAMENTO.Nivel=\"Nível 3\")+16*(ORÇAMENTO.Nivel=\"Nível 4\")+32*(ORÇAMENTO.Nivel=\"Serviço\"),2),0,1,2,3,4,\"S\")","v":"S"},{"$f":"IF(OR(C217=\"s\",C217=0),OFFSET(B217,-1,0),C217)","v":2},{"$f":"IF(OFFSET(C217,-1,0)=\"L\",1,IF(OFFSET(C217,-1,0)=1,2,IF(OR(A217=\"s\",A217=0),\"S\",IF(AND(OFFSET(C217,-1,0)=2,A217=4),3,IF(AND(OR(OFFSET(C217,-1,0)=\"s\",OFFSET(C217,-1,0)=0),A217<>\"s\",A217>OFFSET(B217,-1,0)),OFFSET(B217,-1,0),A217)))))","v":"S"},{"$f":"IF(OR(C217=\"S\",C217=0),0,IF(ISERROR(K217),J217,SMALL(J217:K217,1)))","v":0},{"$f":"IF($C217=1,OFFSET(E217,-1,0)+MAX(1,COUNTIF(QCI!$A$13:$A$32,OFFSET(ORÇAMENTO!E217,-1,0))),OFFSET(E217,-1,0))","v":4},{"$f":"IF($C217=1,0,IF($C217=2,OFFSET(F217,-1,0)+1,OFFSET(F217,-1,0)))","v":9},{"$f":"IF(AND($C217<=2,$C217<>0),0,IF($C217=3,OFFSET(G217,-1,0)+1,OFFSET(G217,-1,0)))","v":0},{"$f":"IF(AND($C217<=3,$C217<>0),0,IF($C217=4,OFFSET(H217,-1,0)+1,OFFSET(H217,-1,0)))","v":0},{"$f":"IF(AND($C217<=4,$C217<>0),0,IF(AND($C217=\"S\",$X217>0),OFFSET(I217,-1,0)+1,OFFSET(I217,-1,0)))","v":4},0,{"$f":"IF(OR($C217=\"S\",$C217=0),0,MATCH(OFFSET($D217,0,$C217)+IF($C217<>1,1,COUNTIF(QCI!$A$13:$A$32,ORÇAMENTO!E217)),OFFSET($D217,1,$C217,ROW($C$850)-ROW($C217)),0))","v":0},{"$f":"IF(OR($X217>0,$C217=1,$C217=2,$C217=3,$C217=4),\"F\",\"\")","v":"F"},"Serviço",{"$f":"CHOOSE(1+LOG(1+2*(C217=1)+4*(C217=2)+8*(C217=3)+16*(C217=4)+32*(C217=\"S\"),2),\"\",\"Meta\",\"Nível 2\",\"Nível 3\",\"Nível 4\",\"Serviço\")","v":"Serviço"},{"$f":"IF(OR($C217=0,$L217=\"\"),\"-\",CONCATENATE(E217&\".\",IF(AND($A$5>=2,$C217>=2),F217&\".\",\"\"),IF(AND($A$5>=3,$C217>=3),G217&\".\",\"\"),IF(AND($A$5>=4,$C217>=4),H217&\".\",\"\"),IF($C217=\"S\",I217&\".\",\"\")))","v":"4.9.4."},"SINAPI",102509,"PINTURA DE FAIXA DE PEDESTRE OU ZEBRADA TINTA RETRORREFLETIVA A BASE DE RESINA ACRÍLICA COM MICROESFERAS DE VIDRO, E = 30 CM, APLICAÇÃO MANUAL. AF_05/2021","M2",{"$f":"OFFSET(CÁLCULO!H$15,ROW($T217)-ROW(T$15),0)","v":10.9},25.08,"BDI 1",{"$f":"IF($C217=\"S\",ROUND(IF(TIPOORCAMENTO=\"Proposto\",ORÇAMENTO.CustoUnitario*(1+$AH217),ORÇAMENTO.PrecoUnitarioLicitado),15-13*$AF$10),0)","v":30.98},{"$f":"IF($C217=\"S\",VTOTAL1,IF($C217=0,0,ROUND(SomaAgrup,15-13*$AF$11)))","v":337.68},"RA",{"$f":"IF(AND($C217=\"S\",$X217>0),IF(ISBLANK($Y217),\"RA\",LEFT($Y217,2)),\"\")","v":"RA"},{"$f":"IF($C217=\"S\",IF($Z217=\"CP\",$X217,IF($Z217=\"RA\",(($X217)*QCI!$AA$3),0)),SomaAgrup)","v":337.68},{"$f":"IF($C217=\"S\",IF($Z217=\"OU\",ROUND($X217,2),0),SomaAgrup)","v":0},{"$f":"IF($N217=\"\",\"\",IF(ORÇAMENTO.Descricao=\"\",\"DESCRIÇÃO\",IF(AND($C217=\"S\",ORÇAMENTO.Unidade=\"\"),\"UNIDADE\",IF($X217<0,\"VALOR NEGATIVO\",IF(OR(AND(TIPOORCAMENTO=\"Proposto\",$AG217<>\"\",$AG217>0,ORÇAMENTO.CustoUnitario>$AG217),AND(TIPOORCAMENTO=\"LICITADO\",ORÇAMENTO.PrecoUnitarioLicitado>$AN217)),\"ACIMA REF.\",\"\")))))","v":""},{"$f":"IF(C217<=CRONO.NivelExibicao,MAX($AD$15:OFFSET(AD217,-1,0))+IF($C217<>1,1,MAX(1,COUNTIF(QCI!$A$13:$A$32,OFFSET($E217,-1,0)))),\"\")","v":""},{"$f":"IF(AND($C217=\"S\",ORÇAMENTO.CodBarra<>\"\"),IF(ORÇAMENTO.Fonte=\"\",ORÇAMENTO.CodBarra,CONCATENATE(ORÇAMENTO.Fonte,\" \",ORÇAMENTO.CodBarra)))","v":"SINAPI 102509"},{"$f":"IF(ISERROR(INDIRECT(ORÇAMENTO.BancoRef)),\"(abra o arquivo 'Referência \"&Excel_BuiltIn_Database&\".xls)\",IF(OR($C217<>\"S\",ORÇAMENTO.CodBarra=\"\"),\"(Sem Código)\",IF(ISERROR(MATCH($AE217,INDIRECT(ORÇAMENTO.BancoRef),0)),\"(Código não identificado nas referências)\",MATCH($AE217,INDIRECT(ORÇAMENTO.BancoRef),0))))","v":"(abra o arquivo 'Referência 06-2023.xls)"},{"$f":"ROUND(IF(DESONERACAO=\"sim\",REFERENCIA.Desonerado,REFERENCIA.NaoDesonerado),2)","v":0},{"$f":"ROUND(IF(ISNUMBER(ORÇAMENTO.OpcaoBDI),ORÇAMENTO.OpcaoBDI,IF(LEFT(ORÇAMENTO.OpcaoBDI,3)=\"BDI\",HLOOKUP(ORÇAMENTO.OpcaoBDI,$F$4:$H$5,2,FALSE),0)),15-11*$AF$9)","v":0.23530000000000001},null,10.9,null,null,337.68,{"$f":"ROUND(ORÇAMENTO.CustoUnitario*(1+$AH217),2)","v":30.98}]
["S",2,"S",0,{"$f":"IF($C218=1,OFFSET(E218,-1,0)+MAX(1,COUNTIF(QCI!$A$13:$A$32,OFFSET(ORÇAMENTO!E218,-1,0))),OFFSET(E218,-1,0))","v":4},9,0,0,5,0,{"$f":"IF(OR($C218=\"S\",$C218=0),0,MATCH(OFFSET($D218,0,$C218)+IF($C218<>1,1,COUNTIF(QCI!$A$13:$A$32,ORÇAMENTO!E218)),OFFSET($D218,1,$C218,ROW($C$850)-ROW($C218)),0))","v":0},"F","Serviço","Serviço","4.9.5.","AMMOC",340,"PLACA DE SINALIZAÇÃO VIARIA CIRCULAR D = 50 CM, COM SUPORTE DE ACO GALVANIZADO D = 50 MM E ALTURA = 3M INCLUSIVE BASE DE CONCRETO MAGRO","UN",{"$f":"OFFSET(CÁLCULO!H$15,ROW($T218)-ROW(T$15),0)","v":1},365.01,"BDI 1",{"$f":"IF($C218=\"S\",ROUND(IF(TIPOORCAMENTO=\"Proposto\",ORÇAMENTO.CustoUnitario*(1+$AH218),ORÇAMENTO.PrecoUnitarioLicitado),15-13*$AF$10),0)","v":450.9},450.9,"RA","RA",{"$f":"IF($C218=\"S\",IF($Z218=\"CP\",$X218,IF($Z218=\"RA\",(($X218)*QCI!$AA$3),0)),SomaAgrup)","v":450.9},0,{"$f":"IF($N218=\"\",\"\",IF(ORÇAMENTO.Descricao=\"\",\"DESCRIÇÃO\",IF(AND($C218=\"S\",ORÇAMENTO.Unidade=\"\"),\"UNIDADE\",IF($X218<0,\"VALOR NEGATIVO\",IF(OR(AND(TIPOORCAMENTO=\"Proposto\",$AG218<>\"\",$AG218>0,ORÇAMENTO.CustoUnitario>$AG218),AND(TIPOORCAMENTO=\"LICITADO\",ORÇAMENTO.PrecoUnitarioLicitado>$AN218)),\"ACIMA REF.\",\"\")))))","v":""},{"$f":"IF(C218<=CRONO.NivelExibicao,MAX($AD$15:OFFSET(AD218,-1,0))+IF($C218<>1,1,MAX(1,COUNTIF(QCI!$A$13:$A$32,OFFSET($E218,-1,0)))),\"\")","v":""},{"$f":"IF(AND($C218=\"S\",ORÇAMENTO.CodBarra<>\"\"),IF(ORÇAMENTO.Fonte=\"\",ORÇAMENTO.CodBarra,CONCATENATE(ORÇAMENTO.Fonte,\" \",ORÇAMENTO.CodBarra)))","v":"AMMOC 340"},{"$f":"IF(ISERROR(INDIRECT(ORÇAMENTO.BancoRef)),\"(abra o arquivo 'Referência \"&Excel_BuiltIn_Database&\".xls)\",IF(OR($C218<>\"S\",ORÇAMENTO.CodBarra=\"\"),\"(Sem Código)\",IF(ISERROR(MATCH($AE218,INDIRECT(ORÇAMENTO.BancoRef),0)),\"(Código não identificado nas referências)\",MATCH($AE218,INDIRECT(ORÇAMENTO.BancoRef),0))))","v":"(abra o arquivo 'Referência 06-2023.xls)"},{"$f":"ROUND(IF(DESONERACAO=\"sim\",REFERENCIA.Desonerado,REFERENCIA.NaoDesonerado),2)","v":0},0.23530000000000001,null,1,null,null,450.9,450.9]
["S",2,"S",0,{"$f":"IF($C219=1,OFFSET(E219,-1,0)+MAX(1,COUNTIF(QCI!$A$13:$A$32,OFFSET(ORÇAMENTO!E219,-1,0))),OFFSET(E219,-1,0))","v":4},9,0,0,6,0,{"$f":"IF(OR($C219=\"S\",$C219=0),0,MATCH(OFFSET($D219,0,$C219)+IF($C219<>1,1,COUNTIF(QCI!$A$13:$A$32,ORÇAMENTO!E219)),OFFSET($D219,1,$C219,ROW($C$850)-ROW($C219)),0))","v":0},"F","Serviço","Serviço","4.9.6.","AMMOC",215,"PLACA DE SINALIZACAO VIARIA OCTOGONAL A = 25 CM, COM SUPORTE DE AÇO GALVANIZADO D = 75 MM E ALTURA = 3 M, INCLUSIVE BASE DE CONCRETO MAGRO","UN ",{"$f":"OFFSET(CÁLCULO!H$15,ROW($T219)-ROW(T$15),0)","v":2},898.27,"BDI 1",{"$f":"IF($C219=\"S\",ROUND(IF(TIPOORCAMENTO=\"Proposto\",ORÇAMENTO.CustoUnitario*(1+$AH219),ORÇAMENTO.PrecoUnitarioLicitado),15-13*$AF$10),0)","v":1109.6300000000001},2219.2600000000002,"RA","RA",{"$f":"IF($C219=\"S\",IF($Z219=\"CP\",$X219,IF($Z219=\"RA\",(($X219)*QCI!$AA$3),0)),SomaAgrup)","v":2219.2600000000002},0,{"$f":"IF($N219=\"\",\"\",IF(ORÇAMENTO.Descricao=\"\",\"DESCRIÇÃO\",IF(AND($C219=\"S\",ORÇAMENTO.Unidade=\"\"),\"UNIDADE\",IF($X219<0,\"VALOR NEGATIVO\",IF(OR(AND(TIPOORCAMENTO=\"Proposto\",$AG219<>\"\",$AG219>0,ORÇAMENTO.CustoUnitario>$AG219),AND(TIPOORCAMENTO=\"LICITADO\",ORÇAMENTO.PrecoUnitarioLicitado>$AN219)),\"ACIMA REF.\",\"\")))))","v":""},{"$f":"IF(C219<=CRONO.NivelExibicao,MAX($AD$15:OFFSET(AD219,-1,0))+IF($C219<>1,1,MAX(1,COUNTIF(QCI!$A$13:$A$32,OFFSET($E219,-1,0)))),\"\")","v":""},{"$f":"IF(AND($C219=\"S\",ORÇAMENTO.CodBarra<>\"\"),IF(ORÇAMENTO.Fonte=\"\",ORÇAMENTO.CodBarra,CONCATENATE(ORÇAMENTO.Fonte,\" \",ORÇAMENTO.CodBarra)))","v":"AMMOC 215"},{"$f":"IF(ISERROR(INDIRECT(ORÇAMENTO.BancoRef)),\"(abra o arquivo 'Referência \"&Excel_BuiltIn_Database&\".xls)\",IF(OR($C219<>\"S\",ORÇAMENTO.CodBarra=\"\"),\"(Sem Código)\",IF(ISERROR(MATCH($AE219,INDIRECT(ORÇAMENTO.BancoRef),0)),\"(Código não identificado nas referências)\",MATCH($AE219,INDIRECT(ORÇAMENTO.BancoRef),0))))","v":"(abra o arquivo 'Referência 06-2023.xls)"},{"$f":"ROUND(IF(DESONERACAO=\"sim\",REFERENCIA.Desonerado,REFERENCIA.NaoDesonerado),2)","v":0},0.23530000000000001,null,2,null,null,2219.2600000000002,1109.6300000000001]
["S",2,"S",0,{"$f":"IF($C220=1,OFFSET(E220,-1,0)+MAX(1,COUNTIF(QCI!$A$13:$A$32,OFFSET(ORÇAMENTO!E220,-1,0))),OFFSET(E220,-1,0))","v":4},9,0,0,7,0,{"$f":"IF(OR($C220=\"S\",$C220=0),0,MATCH(OFFSET($D220,0,$C220)+IF($C220<>1,1,COUNTIF(QCI!$A$13:$A$32,ORÇAMENTO!E220)),OFFSET($D220,1,$C220,ROW($C$850)-ROW($C220)),0))","v":0},"F","Serviço","Serviço","4.9.7.","AMMOC","PLRUA2","PLACA DE IDENTIFICACAO DE RUA (2 PLACA 45 CM X 20 CM), COM SUPORTE DE ACO GALVANIZADO D = 50 MM E ALTURA = 3 M, INCLUSIVE BASE DE CONCRETO MAGRO","UND",{"$f":"OFFSET(CÁLCULO!H$15,ROW($T220)-ROW(T$15),0)","v":1},418.2,"BDI 1",{"$f":"IF($C220=\"S\",ROUND(IF(TIPOORCAMENTO=\"Proposto\",ORÇAMENTO.CustoUnitario*(1+$AH220),ORÇAMENTO.PrecoUnitarioLicitado),15-13*$AF$10),0)","v":516.6},516.6,"RA","RA",{"$f":"IF($C220=\"S\",IF($Z220=\"CP\",$X220,IF($Z220=\"RA\",(($X220)*QCI!$AA$3),0)),SomaAgrup)","v":516.6},0,{"$f":"IF($N220=\"\",\"\",IF(ORÇAMENTO.Descricao=\"\",\"DESCRIÇÃO\",IF(AND($C220=\"S\",ORÇAMENTO.Unidade=\"\"),\"UNIDADE\",IF($X220<0,\"VALOR NEGATIVO\",IF(OR(AND(TIPOORCAMENTO=\"Proposto\",$AG220<>\"\",$AG220>0,ORÇAMENTO.CustoUnitario>$AG220),AND(TIPOORCAMENTO=\"LICITADO\",ORÇAMENTO.PrecoUnitarioLicitado>$AN220)),\"ACIMA REF.\",\"\")))))","v":""},{"$f":"IF(C220<=CRONO.NivelExibicao,MAX($AD$15:OFFSET(AD220,-1,0))+IF($C220<>1,1,MAX(1,COUNTIF(QCI!$A$13:$A$32,OFFSET($E220,-1,0)))),\"\")","v":""},{"$f":"IF(AND($C220=\"S\",ORÇAMENTO.CodBarra<>\"\"),IF(ORÇAMENTO.Fonte=\"\",ORÇAMENTO.CodBarra,CONCATENATE(ORÇAMENTO.Fonte,\" \",ORÇAMENTO.CodBarra)))","v":"AMMOC PLRUA2"},{"$f":"IF(ISERROR(INDIRECT(ORÇAMENTO.BancoRef)),\"(abra o arquivo 'Referência \"&Excel_BuiltIn_Database&\".xls)\",IF(OR($C220<>\"S\",ORÇAMENTO.CodBarra=\"\"),\"(Sem Código)\",IF(ISERROR(MATCH($AE220,INDIRECT(ORÇAMENTO.BancoRef),0)),\"(Código não identificado nas referências)\",MATCH($AE220,INDIRECT(ORÇAMENTO.BancoRef),0))))","v":"(abra o arquivo 'Referência 06-2023.xls)"},{"$f":"ROUND(IF(DESONERACAO=\"sim\",REFERENCIA.Desonerado,REFERENCIA.NaoDesonerado),2)","v":0},0.23530000000000001,null,1,null,null,516.6,516.6]
[2,2,2,9,{"$f":"IF($C221=1,OFFSET(E221,-1,0)+MAX(1,COUNTIF(QCI!$A$13:$A$32,OFFSET(ORÇAMENTO!E221,-1,0))),OFFSET(E221,-1,0))","v":4},10,0,0,0,9,{"$f":"IF(OR($C221=\"S\",$C221=0),0,MATCH(OFFSET($D221,0,$C221)+IF($C221<>1,1,COUNTIF(QCI!$A$13:$A$32,ORÇAMENTO!E221)),OFFSET($D221,1,$C221,ROW($C$850)-ROW($C221)),0))","v":358},"F","Nível 2","Nível 2","4.10.","SINAPI",null,"CALÇADA","-",{"$f":"OFFSET(CÁLCULO!H$15,ROW($T221)-ROW(T$15),0)","v":0},0,"BDI 1",{"$f":"IF($C221=\"S\",ROUND(IF(TIPOORCAMENTO=\"Proposto\",ORÇAMENTO.CustoUnitario*(1+$AH221),ORÇAMENTO.PrecoUnitarioLicitado),15-13*$AF$10),0)","v":0},10033.450000000001,"RA","",{"$f":"IF($C221=\"S\",IF($Z221=\"CP\",$X221,IF($Z221=\"RA\",(($X221)*QCI!$AA$3),0)),SomaAgrup)","v":10033.450000000001},0,{"$f":"IF($N221=\"\",\"\",IF(ORÇAMENTO.Descricao=\"\",\"DESCRIÇÃO\",IF(AND($C221=\"S\",ORÇAMENTO.Unidade=\"\"),\"UNIDADE\",IF($X221<0,\"VALOR NEGATIVO\",IF(OR(AND(TIPOORCAMENTO=\"Proposto\",$AG221<>\"\",$AG221>0,ORÇAMENTO.CustoUnitario>$AG221),AND(TIPOORCAMENTO=\"LICITADO\",ORÇAMENTO.PrecoUnitarioLicitado>$AN221)),\"ACIMA REF.\",\"\")))))","v":""},{"$f":"IF(C221<=CRONO.NivelExibicao,MAX($AD$15:OFFSET(AD221,-1,0))+IF($C221<>1,1,MAX(1,COUNTIF(QCI!$A$13:$A$32,OFFSET($E221,-1,0)))),\"\")","v":""},{"$f":"IF(AND($C221=\"S\",ORÇAMENTO.CodBarra<>\"\"),IF(ORÇAMENTO.Fonte=\"\",ORÇAMENTO.CodBarra,CONCATENATE(ORÇAMENTO.Fonte,\" \",ORÇAMENTO.CodBarra)))","v":false},{"$f":"IF(ISERROR(INDIRECT(ORÇAMENTO.BancoRef)),\"(abra o arquivo 'Referência \"&Excel_BuiltIn_Database&\".xls)\",IF(OR($C221<>\"S\",ORÇAMENTO.CodBarra=\"\"),\"(Sem Código)\",IF(ISERROR(MATCH($AE221,INDIRECT(ORÇAMENTO.BancoRef),0)),\"(Código não identificado nas referências)\",MATCH($AE221,INDIRECT(ORÇAMENTO.BancoRef),0))))","v":"(abra o arquivo 'Referência 06-2023.xls)"},{"$f":"ROUND(IF(DESONERACAO=\"sim\",REFERENCIA.Desonerado,REFERENCIA.NaoDesonerado),2)","v":0},0.23530000000000001,null,null,null,null,10033.450000000001,0]
["S",2,"S",0,{"$f":"IF($C222=1,OFFSET(E222,-1,0)+MAX(1,COUNTIF(QCI!$A$13:$A$32,OFFSET(ORÇAMENTO!E222,-1,0))),OFFSET(E222,-1,0))","v":4},10,0,0,1,0,{"$f":"IF(OR($C222=\"S\",$C222=0),0,MATCH(OFFSET($D222,0,$C222)+IF($C222<>1,1,COUNTIF(QCI!$A$13:$A$32,ORÇAMENTO!E222)),OFFSET($D222,1,$C222,ROW($C$850)-ROW($C222)),0))","v":0},"F","Serviço","Serviço","4.10.1.","SINAPI","100576","REGULARIZAÇÃO E COMPACTAÇÃO DE SUBLEITO DE SOLO ","M2",{"$f":"OFFSET(CÁLCULO!H$15,ROW($T222)-ROW(T$15),0)","v":71.55},2.39,"BDI 1",{"$f":"IF($C222=\"S\",ROUND(IF(TIPOORCAMENTO=\"Proposto\",ORÇAMENTO.CustoUnitario*(1+$AH222),ORÇAMENTO.PrecoUnitarioLicitado),15-13*$AF$10),0)","v":2.95},211.07,"RA","RA",{"$f":"IF($C222=\"S\",IF($Z222=\"CP\",$X222,IF($Z222=\"RA\",(($X222)*QCI!$AA$3),0)),SomaAgrup)","v":211.07},0,{"$f":"IF($N222=\"\",\"\",IF(ORÇAMENTO.Descricao=\"\",\"DESCRIÇÃO\",IF(AND($C222=\"S\",ORÇAMENTO.Unidade=\"\"),\"UNIDADE\",IF($X222<0,\"VALOR NEGATIVO\",IF(OR(AND(TIPOORCAMENTO=\"Proposto\",$AG222<>\"\",$AG222>0,ORÇAMENTO.CustoUnitario>$AG222),AND(TIPOORCAMENTO=\"LICITADO\",ORÇAMENTO.PrecoUnitarioLicitado>$AN222)),\"ACIMA REF.\",\"\")))))","v":""},{"$f":"IF(C222<=CRONO.NivelExibicao,MAX($AD$15:OFFSET(AD222,-1,0))+IF($C222<>1,1,MAX(1,COUNTIF(QCI!$A$13:$A$32,OFFSET($E222,-1,0)))),\"\")","v":""},{"$f":"IF(AND($C222=\"S\",ORÇAMENTO.CodBarra<>\"\"),IF(ORÇAMENTO.Fonte=\"\",ORÇAMENTO.CodBarra,CONCATENATE(ORÇAMENTO.Fonte,\" \",ORÇAMENTO.CodBarra)))","v":"SINAPI 100576"},{"$f":"IF(ISERROR(INDIRECT(ORÇAMENTO.BancoRef)),\"(abra o arquivo 'Referência \"&Excel_BuiltIn_Database&\".xls)\",IF(OR($C222<>\"S\",ORÇAMENTO.CodBarra=\"\"),\"(Sem Código)\",IF(ISERROR(MATCH($AE222,INDIRECT(ORÇAMENTO.BancoRef),0)),\"(Código não identificado nas referências)\",MATCH($AE222,INDIRECT(ORÇAMENTO.BancoRef),0))))","v":"(abra o arquivo 'Referência 06-2023.xls)"},{"$f":"ROUND(IF(DESONERACAO=\"sim\",REFERENCIA.Desonerado,REFERENCIA.NaoDesonerado),2)","v":0},0.23530000000000001,null,71.55,null,null,211.07,2.95]
["S",2,"S",0,{"$f":"IF($C223=1,OFFSET(E223,-1,0)+MAX(1,COUNTIF(QCI!$A$13:$A$32,OFFSET(ORÇAMENTO!E223,-1,0))),OFFSET(E223,-1,0))","v":4},10,0,0,2,0,{"$f":"IF(OR($C223=\"S\",$C223=0),0,MATCH(OFFSET($D223,0,$C223)+IF($C223<>1,1,COUNTIF(QCI!$A$13:$A$32,ORÇAMENTO!E223)),OFFSET($D223,1,$C223,ROW($C$850)-ROW($C223)),0))","v":0},"F","Serviço","Serviço","4.10.2.","SINAPI-I","4718","PEDRA BRITADA N. 2 (19 A 38 MM) PARA LASTRO DE FUNDO","M3    ",{"$f":"OFFSET(CÁLCULO!H$15,ROW($T223)-ROW(T$15),0)","v":4.29},107.5,"BDI 1",{"$f":"IF($C223=\"S\",ROUND(IF(TIPOORCAMENTO=\"Proposto\",ORÇAMENTO.CustoUnitario*(1+$AH223),ORÇAMENTO.PrecoUnitarioLicitado),15-13*$AF$10),0)","v":132.79},569.66999999999996,"RA","RA",{"$f":"IF($C223=\"S\",IF($Z223=\"CP\",$X223,IF($Z223=\"RA\",(($X223)*QCI!$AA$3),0)),SomaAgrup)","v":569.66999999999996},0,{"$f":"IF($N223=\"\",\"\",IF(ORÇAMENTO.Descricao=\"\",\"DESCRIÇÃO\",IF(AND($C223=\"S\",ORÇAMENTO.Unidade=\"\"),\"UNIDADE\",IF($X223<0,\"VALOR NEGATIVO\",IF(OR(AND(TIPOORCAMENTO=\"Proposto\",$AG223<>\"\",$AG223>0,ORÇAMENTO.CustoUnitario>$AG223),AND(TIPOORCAMENTO=\"LICITADO\",ORÇAMENTO.PrecoUnitarioLicitado>$AN223)),\"ACIMA REF.\",\"\")))))","v":""},{"$f":"IF(C223<=CRONO.NivelExibicao,MAX($AD$15:OFFSET(AD223,-1,0))+IF($C223<>1,1,MAX(1,COUNTIF(QCI!$A$13:$A$32,OFFSET($E223,-1,0)))),\"\")","v":""},{"$f":"IF(AND($C223=\"S\",ORÇAMENTO.CodBarra<>\"\"),IF(ORÇAMENTO.Fonte=\"\",ORÇAMENTO.CodBarra,CONCATENATE(ORÇAMENTO.Fonte,\" \",ORÇAMENTO.CodBarra)))","v":"SINAPI-I 4718"},{"$f":"IF(ISERROR(INDIRECT(ORÇAMENTO.BancoRef)),\"(abra o arquivo 'Referência \"&Excel_BuiltIn_Database&\".xls)\",IF(OR($C223<>\"S\",ORÇAMENTO.CodBarra=\"\"),\"(Sem Código)\",IF(ISERROR(MATCH($AE223,INDIRECT(ORÇAMENTO.BancoRef),0)),\"(Código não identificado nas referências)\",MATCH($AE223,INDIRECT(ORÇAMENTO.BancoRef),0))))","v":"(abra o arquivo 'Referência 06-2023.xls)"},{"$f":"ROUND(IF(DESONERACAO=\"sim\",REFERENCIA.Desonerado,REFERENCIA.NaoDesonerado),2)","v":0},0.23530000000000001,null,{"$f":"AJ222*0.06","v":4.2929999999999993},null,null,569.66999999999996,132.79]
["S",2,"S",0,{"$f":"IF($C224=1,OFFSET(E224,-1,0)+MAX(1,COUNTIF(QCI!$A$13:$A$32,OFFSET(ORÇAMENTO!E224,-1,0))),OFFSET(E224,-1,0))","v":4},10,0,0,3,0,{"$f":"IF(OR($C224=\"S\",$C224=0),0,MATCH(OFFSET($D224,0,$C224)+IF($C224<>1,1,COUNTIF(QCI!$A$13:$A$32,ORÇAMENTO!E224)),OFFSET($D224,1,$C224,ROW($C$850)-ROW($C224)),0))","v":0},"F","Serviço","Serviço","4.10.3.","SINAPI","100978","CARGA, MANOBRA E DESCARGA DE MATERIAL GRANULAR EM CAMINHÃO BASCULANTE - CARGA COM ESCAVADEIRA HIDRÁULICA","M3",{"$f":"OFFSET(CÁLCULO!H$15,ROW($T224)-ROW(T$15),0)","v":4.29},6.33,"BDI 1",{"$f":"IF($C224=\"S\",ROUND(IF(TIPOORCAMENTO=\"Proposto\",ORÇAMENTO.CustoUnitario*(1+$AH224),ORÇAMENTO.PrecoUnitarioLicitado),15-13*$AF$10),0)","v":7.82},33.549999999999997,"RA","RA",{"$f":"IF($C224=\"S\",IF($Z224=\"CP\",$X224,IF($Z224=\"RA\",(($X224)*QCI!$AA$3),0)),SomaAgrup)","v":33.549999999999997},0,{"$f":"IF($N224=\"\",\"\",IF(ORÇAMENTO.Descricao=\"\",\"DESCRIÇÃO\",IF(AND($C224=\"S\",ORÇAMENTO.Unidade=\"\"),\"UNIDADE\",IF($X224<0,\"VALOR NEGATIVO\",IF(OR(AND(TIPOORCAMENTO=\"Proposto\",$AG224<>\"\",$AG224>0,ORÇAMENTO.CustoUnitario>$AG224),AND(TIPOORCAMENTO=\"LICITADO\",ORÇAMENTO.PrecoUnitarioLicitado>$AN224)),\"ACIMA REF.\",\"\")))))","v":""},{"$f":"IF(C224<=CRONO.NivelExibicao,MAX($AD$15:OFFSET(AD224,-1,0))+IF($C224<>1,1,MAX(1,COUNTIF(QCI!$A$13:$A$32,OFFSET($E224,-1,0)))),\"\")","v":""},{"$f":"IF(AND($C224=\"S\",ORÇAMENTO.CodBarra<>\"\"),IF(ORÇAMENTO.Fonte=\"\",ORÇAMENTO.CodBarra,CONCATENATE(ORÇAMENTO.Fonte,\" \",ORÇAMENTO.CodBarra)))","v":"SINAPI 100978"},{"$f":"IF(ISERROR(INDIRECT(ORÇAMENTO.BancoRef)),\"(abra o arquivo 'Referência \"&Excel_BuiltIn_Database&\".xls)\",IF(OR($C224<>\"S\",ORÇAMENTO.CodBarra=\"\"),\"(Sem Código)\",IF(ISERROR(MATCH($AE224,INDIRECT(ORÇAMENTO.BancoRef),0)),\"(Código não identificado nas referências)\",MATCH($AE224,INDIRECT(ORÇAMENTO.BancoRef),0))))","v":"(abra o arquivo 'Referência 06-2023.xls)"},{"$f":"ROUND(IF(DESONERACAO=\"sim\",REFERENCIA.Desonerado,REFERENCIA.NaoDesonerado),2)","v":0},0.23530000000000001,null,{"$f":"AJ223","v":4.2929999999999993},null,null,33.549999999999997,7.82]
["S",2,"S",0,{"$f":"IF($C225=1,OFFSET(E225,-1,0)+MAX(1,COUNTIF(QCI!$A$13:$A$32,OFFSET(ORÇAMENTO!E225,-1,0))),OFFSET(E225,-1,0))","v":4},10,0,0,4,0,{"$f":"IF(OR($C225=\"S\",$C225=0),0,MATCH(OFFSET($D225,0,$C225)+IF($C225<>1,1,COUNTIF(QCI!$A$13:$A$32,ORÇAMENTO!E225)),OFFSET($D225,1,$C225,ROW($C$850)-ROW($C225)),0))","v":0},"F","Serviço","Serviço","4.10.4.","AMMOC","PASS8","EXECUÇÃO DE PASSEIO COM CONCRETO USINADO 40 MPA, 8 CM, ACABAMENTO DESEMPENADO, INCLUSIVE JUNTAS DE DILTAÇÃO E CURA QUIMICA","M2",{"$f":"OFFSET(CÁLCULO!H$15,ROW($T225)-ROW(T$15),0)","v":63},73.69,"BDI 1",{"$f":"IF($C225=\"S\",ROUND(IF(TIPOORCAMENTO=\"Proposto\",ORÇAMENTO.CustoUnitario*(1+$AH225),ORÇAMENTO.PrecoUnitarioLicitado),15-13*$AF$10),0)","v":91.03},5734.89,"RA","RA",{"$f":"IF($C225=\"S\",IF($Z225=\"CP\",$X225,IF($Z225=\"RA\",(($X225)*QCI!$AA$3),0)),SomaAgrup)","v":5734.89},0,{"$f":"IF($N225=\"\",\"\",IF(ORÇAMENTO.Descricao=\"\",\"DESCRIÇÃO\",IF(AND($C225=\"S\",ORÇAMENTO.Unidade=\"\"),\"UNIDADE\",IF($X225<0,\"VALOR NEGATIVO\",IF(OR(AND(TIPOORCAMENTO=\"Proposto\",$AG225<>\"\",$AG225>0,ORÇAMENTO.CustoUnitario>$AG225),AND(TIPOORCAMENTO=\"LICITADO\",ORÇAMENTO.PrecoUnitarioLicitado>$AN225)),\"ACIMA REF.\",\"\")))))","v":""},{"$f":"IF(C225<=CRONO.NivelExibicao,MAX($AD$15:OFFSET(AD225,-1,0))+IF($C225<>1,1,MAX(1,COUNTIF(QCI!$A$13:$A$32,OFFSET($E225,-1,0)))),\"\")","v":""},{"$f":"IF(AND($C225=\"S\",ORÇAMENTO.CodBarra<>\"\"),IF(ORÇAMENTO.Fonte=\"\",ORÇAMENTO.CodBarra,CONCATENATE(ORÇAMENTO.Fonte,\" \",ORÇAMENTO.CodBarra)))","v":"AMMOC PASS8"},{"$f":"IF(ISERROR(INDIRECT(ORÇAMENTO.BancoRef)),\"(abra o arquivo 'Referência \"&Excel_BuiltIn_Database&\".xls)\",IF(OR($C225<>\"S\",ORÇAMENTO.CodBarra=\"\"),\"(Sem Código)\",IF(ISERROR(MATCH($AE225,INDIRECT(ORÇAMENTO.BancoRef),0)),\"(Código não identificado nas referências)\",MATCH($AE225,INDIRECT(ORÇAMENTO.BancoRef),0))))","v":"(abra o arquivo 'Referência 06-2023.xls)"},{"$f":"ROUND(IF(DESONERACAO=\"sim\",REFERENCIA.Desonerado,REFERENCIA.NaoDesonerado),2)","v":0},0.23530000000000001,null,63,null,null,5734.89,91.03]
[{"$f":"CHOOSE(1+LOG(1+2*(ORÇAMENTO.Nivel=\"Meta\")+4*(ORÇAMENTO.Nivel=\"Nível 2\")+8*(ORÇAMENTO.Nivel=\"Nível 3\")+16*(ORÇAMENTO.Nivel=\"Nível 4\")+32*(ORÇAMENTO.Nivel=\"Serviço\"),2),0,1,2,3,4,\"S\")","v":"S"},{"$f":"IF(OR(C226=\"s\",C226=0),OFFSET(B226,-1,0),C226)","v":2},{"$f":"IF(OFFSET(C226,-1,0)=\"L\",1,IF(OFFSET(C226,-1,0)=1,2,IF(OR(A226=\"s\",A226=0),\"S\",IF(AND(OFFSET(C226,-1,0)=2,A226=4),3,IF(AND(OR(OFFSET(C226,-1,0)=\"s\",OFFSET(C226,-1,0)=0),A226<>\"s\",A226>OFFSET(B226,-1,0)),OFFSET(B226,-1,0),A226)))))","v":"S"},{"$f":"IF(OR(C226=\"S\",C226=0),0,IF(ISERROR(K226),J226,SMALL(J226:K226,1)))","v":0},{"$f":"IF($C226=1,OFFSET(E226,-1,0)+MAX(1,COUNTIF(QCI!$A$13:$A$32,OFFSET(ORÇAMENTO!E226,-1,0))),OFFSET(E226,-1,0))","v":4},{"$f":"IF($C226=1,0,IF($C226=2,OFFSET(F226,-1,0)+1,OFFSET(F226,-1,0)))","v":10},{"$f":"IF(AND($C226<=2,$C226<>0),0,IF($C226=3,OFFSET(G226,-1,0)+1,OFFSET(G226,-1,0)))","v":0},{"$f":"IF(AND($C226<=3,$C226<>0),0,IF($C226=4,OFFSET(H226,-1,0)+1,OFFSET(H226,-1,0)))","v":0},{"$f":"IF(AND($C226<=4,$C226<>0),0,IF(AND($C226=\"S\",$X226>0),OFFSET(I226,-1,0)+1,OFFSET(I226,-1,0)))","v":5},0,{"$f":"IF(OR($C226=\"S\",$C226=0),0,MATCH(OFFSET($D226,0,$C226)+IF($C226<>1,1,COUNTIF(QCI!$A$13:$A$32,ORÇAMENTO!E226)),OFFSET($D226,1,$C226,ROW($C$850)-ROW($C226)),0))","v":0},{"$f":"IF(OR($X226>0,$C226=1,$C226=2,$C226=3,$C226=4),\"F\",\"\")","v":"F"},"Serviço",{"$f":"CHOOSE(1+LOG(1+2*(C226=1)+4*(C226=2)+8*(C226=3)+16*(C226=4)+32*(C226=\"S\"),2),\"\",\"Meta\",\"Nível 2\",\"Nível 3\",\"Nível 4\",\"Serviço\")","v":"Serviço"},{"$f":"IF(OR($C226=0,$L226=\"\"),\"-\",CONCATENATE(E226&\".\",IF(AND($A$5>=2,$C226>=2),F226&\".\",\"\"),IF(AND($A$5>=3,$C226>=3),G226&\".\",\"\"),IF(AND($A$5>=4,$C226>=4),H226&\".\",\"\"),IF($C226=\"S\",I226&\".\",\"\")))","v":"4.10.5."},"AMMOC","PASS12","EXECUÇÃO DE PASSEIO COM CONCRETO USINADO 40 MPA, 12 CM, TELA Q196 15 x 15, ACABAMENTO DESEMPENADO, INCLUSIVE JUNTAS DE DILTAÇÃO E CURA QUIMICA","M2",{"$f":"OFFSET(CÁLCULO!H$15,ROW($T226)-ROW(T$15),0)","v":8.5500000000000007},124.9,"BDI 1",{"$f":"IF($C226=\"S\",ROUND(IF(TIPOORCAMENTO=\"Proposto\",ORÇAMENTO.CustoUnitario*(1+$AH226),ORÇAMENTO.PrecoUnitarioLicitado),15-13*$AF$10),0)","v":154.29},{"$f":"IF($C226=\"S\",VTOTAL1,IF($C226=0,0,ROUND(SomaAgrup,15-13*$AF$11)))","v":1319.18},"RA",{"$f":"IF(AND($C226=\"S\",$X226>0),IF(ISBLANK($Y226),\"RA\",LEFT($Y226,2)),\"\")","v":"RA"},{"$f":"IF($C226=\"S\",IF($Z226=\"CP\",$X226,IF($Z226=\"RA\",(($X226)*QCI!$AA$3),0)),SomaAgrup)","v":1319.18},{"$f":"IF($C226=\"S\",IF($Z226=\"OU\",ROUND($X226,2),0),SomaAgrup)","v":0},{"$f":"IF($N226=\"\",\"\",IF(ORÇAMENTO.Descricao=\"\",\"DESCRIÇÃO\",IF(AND($C226=\"S\",ORÇAMENTO.Unidade=\"\"),\"UNIDADE\",IF($X226<0,\"VALOR NEGATIVO\",IF(OR(AND(TIPOORCAMENTO=\"Proposto\",$AG226<>\"\",$AG226>0,ORÇAMENTO.CustoUnitario>$AG226),AND(TIPOORCAMENTO=\"LICITADO\",ORÇAMENTO.PrecoUnitarioLicitado>$AN226)),\"ACIMA REF.\",\"\")))))","v":""},{"$f":"IF(C226<=CRONO.NivelExibicao,MAX($AD$15:OFFSET(AD226,-1,0))+IF($C226<>1,1,MAX(1,COUNTIF(QCI!$A$13:$A$32,OFFSET($E226,-1,0)))),\"\")","v":""},{"$f":"IF(AND($C226=\"S\",ORÇAMENTO.CodBarra<>\"\"),IF(ORÇAMENTO.Fonte=\"\",ORÇAMENTO.CodBarra,CONCATENATE(ORÇAMENTO.Fonte,\" \",ORÇAMENTO.CodBarra)))","v":"AMMOC PASS12"},{"$f":"IF(ISERROR(INDIRECT(ORÇAMENTO.BancoRef)),\"(abra o arquivo 'Referência \"&Excel_BuiltIn_Database&\".xls)\",IF(OR($C226<>\"S\",ORÇAMENTO.CodBarra=\"\"),\"(Sem Código)\",IF(ISERROR(MATCH($AE226,INDIRECT(ORÇAMENTO.BancoRef),0)),\"(Código não identificado nas referências)\",MATCH($AE226,INDIRECT(ORÇAMENTO.BancoRef),0))))","v":"(abra o arquivo 'Referência 06-2023.xls)"},{"$f":"ROUND(IF(DESONERACAO=\"sim\",REFERENCIA.Desonerado,REFERENCIA.NaoDesonerado),2)","v":0},{"$f":"ROUND(IF(ISNUMBER(ORÇAMENTO.OpcaoBDI),ORÇAMENTO.OpcaoBDI,IF(LEFT(ORÇAMENTO.OpcaoBDI,3)=\"BDI\",HLOOKUP(ORÇAMENTO.OpcaoBDI,$F$4:$H$5,2,FALSE),0)),15-11*$AF$9)","v":0.23530000000000001},null,8.5500000000000007,null,null,1319.18,{"$f":"ROUND(ORÇAMENTO.CustoUnitario*(1+$AH226),2)","v":154.29}]
["S",2,"S",0,{"$f":"IF($C227=1,OFFSET(E227,-1,0)+MAX(1,COUNTIF(QCI!$A$13:$A$32,OFFSET(ORÇAMENTO!E227,-1,0))),OFFSET(E227,-1,0))","v":4},10,0,0,6,0,{"$f":"IF(OR($C227=\"S\",$C227=0),0,MATCH(OFFSET($D227,0,$C227)+IF($C227<>1,1,COUNTIF(QCI!$A$13:$A$32,ORÇAMENTO!E227)),OFFSET($D227,1,$C227,ROW($C$850)-ROW($C227)),0))","v":0},"F","Serviço","Serviço","4.10.6.","SINAPI","101094","PISO PODOTÁTIL, DIRECIONAL OU ALERTA, ASSENTADO SOBRE ARGAMASSA. AF_05/2020","M",{"$f":"OFFSET(CÁLCULO!H$15,ROW($T227)-ROW(T$15),0)","v":6.1},164.2,"BDI 1",{"$f":"IF($C227=\"S\",ROUND(IF(TIPOORCAMENTO=\"Proposto\",ORÇAMENTO.CustoUnitario*(1+$AH227),ORÇAMENTO.PrecoUnitarioLicitado),15-13*$AF$10),0)","v":202.84},1237.32,"RA","RA",{"$f":"IF($C227=\"S\",IF($Z227=\"CP\",$X227,IF($Z227=\"RA\",(($X227)*QCI!$AA$3),0)),SomaAgrup)","v":1237.32},0,{"$f":"IF($N227=\"\",\"\",IF(ORÇAMENTO.Descricao=\"\",\"DESCRIÇÃO\",IF(AND($C227=\"S\",ORÇAMENTO.Unidade=\"\"),\"UNIDADE\",IF($X227<0,\"VALOR NEGATIVO\",IF(OR(AND(TIPOORCAMENTO=\"Proposto\",$AG227<>\"\",$AG227>0,ORÇAMENTO.CustoUnitario>$AG227),AND(TIPOORCAMENTO=\"LICITADO\",ORÇAMENTO.PrecoUnitarioLicitado>$AN227)),\"ACIMA REF.\",\"\")))))","v":""},{"$f":"IF(C227<=CRONO.NivelExibicao,MAX($AD$15:OFFSET(AD227,-1,0))+IF($C227<>1,1,MAX(1,COUNTIF(QCI!$A$13:$A$32,OFFSET($E227,-1,0)))),\"\")","v":""},{"$f":"IF(AND($C227=\"S\",ORÇAMENTO.CodBarra<>\"\"),IF(ORÇAMENTO.Fonte=\"\",ORÇAMENTO.CodBarra,CONCATENATE(ORÇAMENTO.Fonte,\" \",ORÇAMENTO.CodBarra)))","v":"SINAPI 101094"},{"$f":"IF(ISERROR(INDIRECT(ORÇAMENTO.BancoRef)),\"(abra o arquivo 'Referência \"&Excel_BuiltIn_Database&\".xls)\",IF(OR($C227<>\"S\",ORÇAMENTO.CodBarra=\"\"),\"(Sem Código)\",IF(ISERROR(MATCH($AE227,INDIRECT(ORÇAMENTO.BancoRef),0)),\"(Código não identificado nas referências)\",MATCH($AE227,INDIRECT(ORÇAMENTO.BancoRef),0))))","v":"(abra o arquivo 'Referência 06-2023.xls)"},{"$f":"ROUND(IF(DESONERACAO=\"sim\",REFERENCIA.Desonerado,REFERENCIA.NaoDesonerado),2)","v":0},0.23530000000000001,null,6.1,null,null,1237.32,202.84]
["S",2,"S",0,{"$f":"IF($C228=1,OFFSET(E228,-1,0)+MAX(1,COUNTIF(QCI!$A$13:$A$32,OFFSET(ORÇAMENTO!E228,-1,0))),OFFSET(E228,-1,0))","v":4},10,0,0,7,0,{"$f":"IF(OR($C228=\"S\",$C228=0),0,MATCH(OFFSET($D228,0,$C228)+IF($C228<>1,1,COUNTIF(QCI!$A$13:$A$32,ORÇAMENTO!E228)),OFFSET($D228,1,$C228,ROW($C$850)-ROW($C228)),0))","v":0},"F","Serviço","Serviço","4.10.7.","AMMOC ","334","RAMPA DE ACESSIBILIDADE PARA PASSEIO COM MEIO-FIO H =15 CM E LARGURA 2,00 M, DE PISO DE CONCRETO E = 5 CM, INCLUSIVE FAIXAS DE 40 CM DE PISO PODOTATIL DE CONCRETO ALERTA/DIRECIONAL E COLCHAO DE PO DE PEDRA E = 5 CM","UN ",{"$f":"OFFSET(CÁLCULO!H$15,ROW($T228)-ROW(T$15),0)","v":1},695.31,"BDI 1",{"$f":"IF($C228=\"S\",ROUND(IF(TIPOORCAMENTO=\"Proposto\",ORÇAMENTO.CustoUnitario*(1+$AH228),ORÇAMENTO.PrecoUnitarioLicitado),15-13*$AF$10),0)","v":858.92},858.92,"RA","RA",{"$f":"IF($C228=\"S\",IF($Z228=\"CP\",$X228,IF($Z228=\"RA\",(($X228)*QCI!$AA$3),0)),SomaAgrup)","v":858.92},0,{"$f":"IF($N228=\"\",\"\",IF(ORÇAMENTO.Descricao=\"\",\"DESCRIÇÃO\",IF(AND($C228=\"S\",ORÇAMENTO.Unidade=\"\"),\"UNIDADE\",IF($X228<0,\"VALOR NEGATIVO\",IF(OR(AND(TIPOORCAMENTO=\"Proposto\",$AG228<>\"\",$AG228>0,ORÇAMENTO.CustoUnitario>$AG228),AND(TIPOORCAMENTO=\"LICITADO\",ORÇAMENTO.PrecoUnitarioLicitado>$AN228)),\"ACIMA REF.\",\"\")))))","v":""},{"$f":"IF(C228<=CRONO.NivelExibicao,MAX($AD$15:OFFSET(AD228,-1,0))+IF($C228<>1,1,MAX(1,COUNTIF(QCI!$A$13:$A$32,OFFSET($E228,-1,0)))),\"\")","v":""},{"$f":"IF(AND($C228=\"S\",ORÇAMENTO.CodBarra<>\"\"),IF(ORÇAMENTO.Fonte=\"\",ORÇAMENTO.CodBarra,CONCATENATE(ORÇAMENTO.Fonte,\" \",ORÇAMENTO.CodBarra)))","v":"AMMOC  334"},{"$f":"IF(ISERROR(INDIRECT(ORÇAMENTO.BancoRef)),\"(abra o arquivo 'Referência \"&Excel_BuiltIn_Database&\".xls)\",IF(OR($C228<>\"S\",ORÇAMENTO.CodBarra=\"\"),\"(Sem Código)\",IF(ISERROR(MATCH($AE228,INDIRECT(ORÇAMENTO.BancoRef),0)),\"(Código não identificado nas referências)\",MATCH($AE228,INDIRECT(ORÇAMENTO.BancoRef),0))))","v":"(abra o arquivo 'Referência 06-2023.xls)"},{"$f":"ROUND(IF(DESONERACAO=\"sim\",REFERENCIA.Desonerado,REFERENCIA.NaoDesonerado),2)","v":0},0.23530000000000001,null,1,null,null,858.92,858.92]
["S",2,"S",0,{"$f":"IF($C229=1,OFFSET(E229,-1,0)+MAX(1,COUNTIF(QCI!$A$13:$A$32,OFFSET(ORÇAMENTO!E229,-1,0))),OFFSET(E229,-1,0))","v":4},10,0,0,8,0,{"$f":"IF(OR($C229=\"S\",$C229=0),0,MATCH(OFFSET($D229,0,$C229)+IF($C229<>1,1,COUNTIF(QCI!$A$13:$A$32,ORÇAMENTO!E229)),OFFSET($D229,1,$C229,ROW($C$850)-ROW($C229)),0))","v":0},"F","Serviço","Serviço","4.10.8.","SINAPI","102491","PINTURA DE PISO COM TINTA ACRÍLICA, APLICAÇÃO MANUAL, 2 DEMÃOS, INCLUSO FUNDO PREPARADOR. AF_05/2021","M2",{"$f":"OFFSET(CÁLCULO!H$15,ROW($T229)-ROW(T$15),0)","v":2.7},20.64,"BDI 1",{"$f":"IF($C229=\"S\",ROUND(IF(TIPOORCAMENTO=\"Proposto\",ORÇAMENTO.CustoUnitario*(1+$AH229),ORÇAMENTO.PrecoUnitarioLicitado),15-13*$AF$10),0)","v":25.5},68.849999999999994,"RA","RA",{"$f":"IF($C229=\"S\",IF($Z229=\"CP\",$X229,IF($Z229=\"RA\",(($X229)*QCI!$AA$3),0)),SomaAgrup)","v":68.849999999999994},0,{"$f":"IF($N229=\"\",\"\",IF(ORÇAMENTO.Descricao=\"\",\"DESCRIÇÃO\",IF(AND($C229=\"S\",ORÇAMENTO.Unidade=\"\"),\"UNIDADE\",IF($X229<0,\"VALOR NEGATIVO\",IF(OR(AND(TIPOORCAMENTO=\"Proposto\",$AG229<>\"\",$AG229>0,ORÇAMENTO.CustoUnitario>$AG229),AND(TIPOORCAMENTO=\"LICITADO\",ORÇAMENTO.PrecoUnitarioLicitado>$AN229)),\"ACIMA REF.\",\"\")))))","v":""},{"$f":"IF(C229<=CRONO.NivelExibicao,MAX($AD$15:OFFSET(AD229,-1,0))+IF($C229<>1,1,MAX(1,COUNTIF(QCI!$A$13:$A$32,OFFSET($E229,-1,0)))),\"\")","v":""},{"$f":"IF(AND($C229=\"S\",ORÇAMENTO.CodBarra<>\"\"),IF(ORÇAMENTO.Fonte=\"\",ORÇAMENTO.CodBarra,CONCATENATE(ORÇAMENTO.Fonte,\" \",ORÇAMENTO.CodBarra)))","v":"SINAPI 102491"},{"$f":"IF(ISERROR(INDIRECT(ORÇAMENTO.BancoRef)),\"(abra o arquivo 'Referência \"&Excel_BuiltIn_Database&\".xls)\",IF(OR($C229<>\"S\",ORÇAMENTO.CodBarra=\"\"),\"(Sem Código)\",IF(ISERROR(MATCH($AE229,INDIRECT(ORÇAMENTO.BancoRef),0)),\"(Código não identificado nas referências)\",MATCH($AE229,INDIRECT(ORÇAMENTO.BancoRef),0))))","v":"(abra o arquivo 'Referência 06-2023.xls)"},{"$f":"ROUND(IF(DESONERACAO=\"sim\",REFERENCIA.Desonerado,REFERENCIA.NaoDesonerado),2)","v":0},0.23530000000000001,null,2.7,null,null,68.849999999999994,25.5]
[{"$f":"CHOOSE(1+LOG(1+2*(ORÇAMENTO.Nivel=\"Meta\")+4*(ORÇAMENTO.Nivel=\"Nível 2\")+8*(ORÇAMENTO.Nivel=\"Nível 3\")+16*(ORÇAMENTO.Nivel=\"Nível 4\")+32*(ORÇAMENTO.Nivel=\"Serviço\"),2),0,1,2,3,4,\"S\")","v":1},1,1,43,{"$f":"IF($C230=1,OFFSET(E230,-1,0)+MAX(1,COUNTIF(QCI!$A$13:$A$32,OFFSET(ORÇAMENTO!E230,-1,0))),OFFSET(E230,-1,0))","v":5},0,0,0,0,620,{"$f":"IF(OR($C230=\"S\",$C230=0),0,MATCH(OFFSET($D230,0,$C230)+IF($C230<>1,1,COUNTIF(QCI!$A$13:$A$32,ORÇAMENTO!E230)),OFFSET($D230,1,$C230,ROW($C$850)-ROW($C230)),0))","v":43},"F","Meta","Meta","5.","SINAPI",null,"PAVIMENTAÇÃO ASFÁLTICA SOBRE PARALELEPÍPEDOS DA RUA HERCÍLIO LUZ","-",{"$f":"OFFSET(CÁLCULO!H$15,ROW($T230)-ROW(T$15),0)","v":0},0,"BDI 1",{"$f":"IF($C230=\"S\",ROUND(IF(TIPOORCAMENTO=\"Proposto\",ORÇAMENTO.CustoUnitario*(1+$AH230),ORÇAMENTO.PrecoUnitarioLicitado),15-13*$AF$10),0)","v":0},{"$f":"IF($C230=\"S\",VTOTAL1,IF($C230=0,0,ROUND(SomaAgrup,15-13*$AF$11)))","v":160537.31},"RA","",{"$f":"IF($C230=\"S\",IF($Z230=\"CP\",$X230,IF($Z230=\"RA\",(($X230)*QCI!$AA$3),0)),SomaAgrup)","v":160537.30999999997},{"$f":"IF($C230=\"S\",IF($Z230=\"OU\",ROUND($X230,2),0),SomaAgrup)","v":0},{"$f":"IF($N230=\"\",\"\",IF(ORÇAMENTO.Descricao=\"\",\"DESCRIÇÃO\",IF(AND($C230=\"S\",ORÇAMENTO.Unidade=\"\"),\"UNIDADE\",IF($X230<0,\"VALOR NEGATIVO\",IF(OR(AND(TIPOORCAMENTO=\"Proposto\",$AG230<>\"\",$AG230>0,ORÇAMENTO.CustoUnitario>$AG230),AND(TIPOORCAMENTO=\"LICITADO\",ORÇAMENTO.PrecoUnitarioLicitado>$AN230)),\"ACIMA REF.\",\"\")))))","v":""},{"$f":"IF(C230<=CRONO.NivelExibicao,MAX($AD$15:OFFSET(AD230,-1,0))+IF($C230<>1,1,MAX(1,COUNTIF(QCI!$A$13:$A$32,OFFSET($E230,-1,0)))),\"\")","v":5},{"$f":"IF(AND($C230=\"S\",ORÇAMENTO.CodBarra<>\"\"),IF(ORÇAMENTO.Fonte=\"\",ORÇAMENTO.CodBarra,CONCATENATE(ORÇAMENTO.Fonte,\" \",ORÇAMENTO.CodBarra)))","v":false},{"$f":"IF(ISERROR(INDIRECT(ORÇAMENTO.BancoRef)),\"(abra o arquivo 'Referência \"&Excel_BuiltIn_Database&\".xls)\",IF(OR($C230<>\"S\",ORÇAMENTO.CodBarra=\"\"),\"(Sem Código)\",IF(ISERROR(MATCH($AE230,INDIRECT(ORÇAMENTO.BancoRef),0)),\"(Código não identificado nas referências)\",MATCH($AE230,INDIRECT(ORÇAMENTO.BancoRef),0))))","v":"(abra o arquivo 'Referência 06-2023.xls)"},{"$f":"ROUND(IF(DESONERACAO=\"sim\",REFERENCIA.Desonerado,REFERENCIA.NaoDesonerado),2)","v":0},{"$f":"ROUND(IF(ISNUMBER(ORÇAMENTO.OpcaoBDI),ORÇAMENTO.OpcaoBDI,IF(LEFT(ORÇAMENTO.OpcaoBDI,3)=\"BDI\",HLOOKUP(ORÇAMENTO.OpcaoBDI,$F$4:$H$5,2,FALSE),0)),15-11*$AF$9)","v":0.23530000000000001},null,null,null,null,160537.31,{"$f":"ROUND(ORÇAMENTO.CustoUnitario*(1+$AH230),2)","v":0}]
[2,2,2,3,{"$f":"IF($C231=1,OFFSET(E231,-1,0)+MAX(1,COUNTIF(QCI!$A$13:$A$32,OFFSET(ORÇAMENTO!E231,-1,0))),OFFSET(E231,-1,0))","v":5},1,0,0,0,42,{"$f":"IF(OR($C231=\"S\",$C231=0),0,MATCH(OFFSET($D231,0,$C231)+IF($C231<>1,1,COUNTIF(QCI!$A$13:$A$32,ORÇAMENTO!E231)),OFFSET($D231,1,$C231,ROW($C$850)-ROW($C231)),0))","v":3},"F","Nível 2","Nível 2","5.1.","SINAPI",null,"SERVIÇOS INICIAIS","-",{"$f":"OFFSET(CÁLCULO!H$15,ROW($T231)-ROW(T$15),0)","v":0},0,"BDI 1",{"$f":"IF($C231=\"S\",ROUND(IF(TIPOORCAMENTO=\"Proposto\",ORÇAMENTO.CustoUnitario*(1+$AH231),ORÇAMENTO.PrecoUnitarioLicitado),15-13*$AF$10),0)","v":0},2191.77,"RA","",{"$f":"IF($C231=\"S\",IF($Z231=\"CP\",$X231,IF($Z231=\"RA\",(($X231)*QCI!$AA$3),0)),SomaAgrup)","v":2191.77},0,{"$f":"IF($N231=\"\",\"\",IF(ORÇAMENTO.Descricao=\"\",\"DESCRIÇÃO\",IF(AND($C231=\"S\",ORÇAMENTO.Unidade=\"\"),\"UNIDADE\",IF($X231<0,\"VALOR NEGATIVO\",IF(OR(AND(TIPOORCAMENTO=\"Proposto\",$AG231<>\"\",$AG231>0,ORÇAMENTO.CustoUnitario>$AG231),AND(TIPOORCAMENTO=\"LICITADO\",ORÇAMENTO.PrecoUnitarioLicitado>$AN231)),\"ACIMA REF.\",\"\")))))","v":""},{"$f":"IF(C231<=CRONO.NivelExibicao,MAX($AD$15:OFFSET(AD231,-1,0))+IF($C231<>1,1,MAX(1,COUNTIF(QCI!$A$13:$A$32,OFFSET($E231,-1,0)))),\"\")","v":""},{"$f":"IF(AND($C231=\"S\",ORÇAMENTO.CodBarra<>\"\"),IF(ORÇAMENTO.Fonte=\"\",ORÇAMENTO.CodBarra,CONCATENATE(ORÇAMENTO.Fonte,\" \",ORÇAMENTO.CodBarra)))","v":false},{"$f":"IF(ISERROR(INDIRECT(ORÇAMENTO.BancoRef)),\"(abra o arquivo 'Referência \"&Excel_BuiltIn_Database&\".xls)\",IF(OR($C231<>\"S\",ORÇAMENTO.CodBarra=\"\"),\"(Sem Código)\",IF(ISERROR(MATCH($AE231,INDIRECT(ORÇAMENTO.BancoRef),0)),\"(Código não identificado nas referências)\",MATCH($AE231,INDIRECT(ORÇAMENTO.BancoRef),0))))","v":"(abra o arquivo 'Referência 06-2023.xls)"},{"$f":"ROUND(IF(DESONERACAO=\"sim\",REFERENCIA.Desonerado,REFERENCIA.NaoDesonerado),2)","v":0},0.23530000000000001,null,null,null,null,2191.77,0]
["S",2,"S",0,{"$f":"IF($C232=1,OFFSET(E232,-1,0)+MAX(1,COUNTIF(QCI!$A$13:$A$32,OFFSET(ORÇAMENTO!E232,-1,0))),OFFSET(E232,-1,0))","v":5},1,0,0,1,0,{"$f":"IF(OR($C232=\"S\",$C232=0),0,MATCH(OFFSET($D232,0,$C232)+IF($C232<>1,1,COUNTIF(QCI!$A$13:$A$32,ORÇAMENTO!E232)),OFFSET($D232,1,$C232,ROW($C$850)-ROW($C232)),0))","v":0},"F","Serviço","Serviço","5.1.1.","SINAPI","99064","LOCAÇÃO DE PAVIMENTAÇÃO","M",{"$f":"OFFSET(CÁLCULO!H$15,ROW($T232)-ROW(T$15),0)","v":108.37},0.48,"BDI 1",{"$f":"IF($C232=\"S\",ROUND(IF(TIPOORCAMENTO=\"Proposto\",ORÇAMENTO.CustoUnitario*(1+$AH232),ORÇAMENTO.PrecoUnitarioLicitado),15-13*$AF$10),0)","v":0.59},63.94,"RA","RA",{"$f":"IF($C232=\"S\",IF($Z232=\"CP\",$X232,IF($Z232=\"RA\",(($X232)*QCI!$AA$3),0)),SomaAgrup)","v":63.94},0,{"$f":"IF($N232=\"\",\"\",IF(ORÇAMENTO.Descricao=\"\",\"DESCRIÇÃO\",IF(AND($C232=\"S\",ORÇAMENTO.Unidade=\"\"),\"UNIDADE\",IF($X232<0,\"VALOR NEGATIVO\",IF(OR(AND(TIPOORCAMENTO=\"Proposto\",$AG232<>\"\",$AG232>0,ORÇAMENTO.CustoUnitario>$AG232),AND(TIPOORCAMENTO=\"LICITADO\",ORÇAMENTO.PrecoUnitarioLicitado>$AN232)),\"ACIMA REF.\",\"\")))))","v":""},{"$f":"IF(C232<=CRONO.NivelExibicao,MAX($AD$15:OFFSET(AD232,-1,0))+IF($C232<>1,1,MAX(1,COUNTIF(QCI!$A$13:$A$32,OFFSET($E232,-1,0)))),\"\")","v":""},{"$f":"IF(AND($C232=\"S\",ORÇAMENTO.CodBarra<>\"\"),IF(ORÇAMENTO.Fonte=\"\",ORÇAMENTO.CodBarra,CONCATENATE(ORÇAMENTO.Fonte,\" \",ORÇAMENTO.CodBarra)))","v":"SINAPI 99064"},{"$f":"IF(ISERROR(INDIRECT(ORÇAMENTO.BancoRef)),\"(abra o arquivo 'Referência \"&Excel_BuiltIn_Database&\".xls)\",IF(OR($C232<>\"S\",ORÇAMENTO.CodBarra=\"\"),\"(Sem Código)\",IF(ISERROR(MATCH($AE232,INDIRECT(ORÇAMENTO.BancoRef),0)),\"(Código não identificado nas referências)\",MATCH($AE232,INDIRECT(ORÇAMENTO.BancoRef),0))))","v":"(abra o arquivo 'Referência 06-2023.xls)"},{"$f":"ROUND(IF(DESONERACAO=\"sim\",REFERENCIA.Desonerado,REFERENCIA.NaoDesonerado),2)","v":0},0.23530000000000001,null,108.37,null,null,63.94,0.59]
["S",2,"S",0,{"$f":"IF($C233=1,OFFSET(E233,-1,0)+MAX(1,COUNTIF(QCI!$A$13:$A$32,OFFSET(ORÇAMENTO!E233,-1,0))),OFFSET(E233,-1,0))","v":5},1,0,0,2,0,{"$f":"IF(OR($C233=\"S\",$C233=0),0,MATCH(OFFSET($D233,0,$C233)+IF($C233<>1,1,COUNTIF(QCI!$A$13:$A$32,ORÇAMENTO!E233)),OFFSET($D233,1,$C233,ROW($C$850)-ROW($C233)),0))","v":0},"F","Serviço","Serviço","5.1.2.","AMMOC","PLOBRA","PLACA DE OBRA EM CHAPA DE AÇO GALVANIZADO","M²",{"$f":"OFFSET(CÁLCULO!H$15,ROW($T233)-ROW(T$15),0)","v":4.5},382.78,"BDI 1",{"$f":"IF($C233=\"S\",ROUND(IF(TIPOORCAMENTO=\"Proposto\",ORÇAMENTO.CustoUnitario*(1+$AH233),ORÇAMENTO.PrecoUnitarioLicitado),15-13*$AF$10),0)","v":472.85},2127.83,"RA","RA",{"$f":"IF($C233=\"S\",IF($Z233=\"CP\",$X233,IF($Z233=\"RA\",(($X233)*QCI!$AA$3),0)),SomaAgrup)","v":2127.83},0,{"$f":"IF($N233=\"\",\"\",IF(ORÇAMENTO.Descricao=\"\",\"DESCRIÇÃO\",IF(AND($C233=\"S\",ORÇAMENTO.Unidade=\"\"),\"UNIDADE\",IF($X233<0,\"VALOR NEGATIVO\",IF(OR(AND(TIPOORCAMENTO=\"Proposto\",$AG233<>\"\",$AG233>0,ORÇAMENTO.CustoUnitario>$AG233),AND(TIPOORCAMENTO=\"LICITADO\",ORÇAMENTO.PrecoUnitarioLicitado>$AN233)),\"ACIMA REF.\",\"\")))))","v":""},{"$f":"IF(C233<=CRONO.NivelExibicao,MAX($AD$15:OFFSET(AD233,-1,0))+IF($C233<>1,1,MAX(1,COUNTIF(QCI!$A$13:$A$32,OFFSET($E233,-1,0)))),\"\")","v":""},{"$f":"IF(AND($C233=\"S\",ORÇAMENTO.CodBarra<>\"\"),IF(ORÇAMENTO.Fonte=\"\",ORÇAMENTO.CodBarra,CONCATENATE(ORÇAMENTO.Fonte,\" \",ORÇAMENTO.CodBarra)))","v":"AMMOC PLOBRA"},{"$f":"IF(ISERROR(INDIRECT(ORÇAMENTO.BancoRef)),\"(abra o arquivo 'Referência \"&Excel_BuiltIn_Database&\".xls)\",IF(OR($C233<>\"S\",ORÇAMENTO.CodBarra=\"\"),\"(Sem Código)\",IF(ISERROR(MATCH($AE233,INDIRECT(ORÇAMENTO.BancoRef),0)),\"(Código não identificado nas referências)\",MATCH($AE233,INDIRECT(ORÇAMENTO.BancoRef),0))))","v":"(abra o arquivo 'Referência 06-2023.xls)"},{"$f":"ROUND(IF(DESONERACAO=\"sim\",REFERENCIA.Desonerado,REFERENCIA.NaoDesonerado),2)","v":0},0.23530000000000001,null,4.5,null,null,2127.83,472.85]
[2,2,2,4,{"$f":"IF($C234=1,OFFSET(E234,-1,0)+MAX(1,COUNTIF(QCI!$A$13:$A$32,OFFSET(ORÇAMENTO!E234,-1,0))),OFFSET(E234,-1,0))","v":5},2,0,0,0,39,{"$f":"IF(OR($C234=\"S\",$C234=0),0,MATCH(OFFSET($D234,0,$C234)+IF($C234<>1,1,COUNTIF(QCI!$A$13:$A$32,ORÇAMENTO!E234)),OFFSET($D234,1,$C234,ROW($C$850)-ROW($C234)),0))","v":4},"F","Nível 2","Nível 2","5.2.","SINAPI",null,"DEMOLIÇÕES E REMOÇÕES","-",{"$f":"OFFSET(CÁLCULO!H$15,ROW($T234)-ROW(T$15),0)","v":0},0,"BDI 1",{"$f":"IF($C234=\"S\",ROUND(IF(TIPOORCAMENTO=\"Proposto\",ORÇAMENTO.CustoUnitario*(1+$AH234),ORÇAMENTO.PrecoUnitarioLicitado),15-13*$AF$10),0)","v":0},91.8,"RA","",{"$f":"IF($C234=\"S\",IF($Z234=\"CP\",$X234,IF($Z234=\"RA\",(($X234)*QCI!$AA$3),0)),SomaAgrup)","v":91.8},0,{"$f":"IF($N234=\"\",\"\",IF(ORÇAMENTO.Descricao=\"\",\"DESCRIÇÃO\",IF(AND($C234=\"S\",ORÇAMENTO.Unidade=\"\"),\"UNIDADE\",IF($X234<0,\"VALOR NEGATIVO\",IF(OR(AND(TIPOORCAMENTO=\"Proposto\",$AG234<>\"\",$AG234>0,ORÇAMENTO.CustoUnitario>$AG234),AND(TIPOORCAMENTO=\"LICITADO\",ORÇAMENTO.PrecoUnitarioLicitado>$AN234)),\"ACIMA REF.\",\"\")))))","v":""},{"$f":"IF(C234<=CRONO.NivelExibicao,MAX($AD$15:OFFSET(AD234,-1,0))+IF($C234<>1,1,MAX(1,COUNTIF(QCI!$A$13:$A$32,OFFSET($E234,-1,0)))),\"\")","v":""},{"$f":"IF(AND($C234=\"S\",ORÇAMENTO.CodBarra<>\"\"),IF(ORÇAMENTO.Fonte=\"\",ORÇAMENTO.CodBarra,CONCATENATE(ORÇAMENTO.Fonte,\" \",ORÇAMENTO.CodBarra)))","v":false},{"$f":"IF(ISERROR(INDIRECT(ORÇAMENTO.BancoRef)),\"(abra o arquivo 'Referência \"&Excel_BuiltIn_Database&\".xls)\",IF(OR($C234<>\"S\",ORÇAMENTO.CodBarra=\"\"),\"(Sem Código)\",IF(ISERROR(MATCH($AE234,INDIRECT(ORÇAMENTO.BancoRef),0)),\"(Código não identificado nas referências)\",MATCH($AE234,INDIRECT(ORÇAMENTO.BancoRef),0))))","v":"(abra o arquivo 'Referência 06-2023.xls)"},{"$f":"ROUND(IF(DESONERACAO=\"sim\",REFERENCIA.Desonerado,REFERENCIA.NaoDesonerado),2)","v":0},0.23530000000000001,null,null,null,null,91.8,0]
["S",2,"S",0,{"$f":"IF($C235=1,OFFSET(E235,-1,0)+MAX(1,COUNTIF(QCI!$A$13:$A$32,OFFSET(ORÇAMENTO!E235,-1,0))),OFFSET(E235,-1,0))","v":5},2,0,0,1,0,{"$f":"IF(OR($C235=\"S\",$C235=0),0,MATCH(OFFSET($D235,0,$C235)+IF($C235<>1,1,COUNTIF(QCI!$A$13:$A$32,ORÇAMENTO!E235)),OFFSET($D235,1,$C235,ROW($C$850)-ROW($C235)),0))","v":0},"F","Serviço","Serviço","5.2.1.","SINAPI","97629","DEMOLIÇÃO DE PASSEIOS E ESTRUTURAS DE CONCRETO, DE FORMA MECANIZADA COM MARTELETE, SEM REAPROVEITAMENTO","M3",{"$f":"OFFSET(CÁLCULO!H$15,ROW($T235)-ROW(T$15),0)","v":3.81},17.89,"BDI 1",{"$f":"IF($C235=\"S\",ROUND(IF(TIPOORCAMENTO=\"Proposto\",ORÇAMENTO.CustoUnitario*(1+$AH235),ORÇAMENTO.PrecoUnitarioLicitado),15-13*$AF$10),0)","v":22.1},84.2,"RA","RA",{"$f":"IF($C235=\"S\",IF($Z235=\"CP\",$X235,IF($Z235=\"RA\",(($X235)*QCI!$AA$3),0)),SomaAgrup)","v":84.2},0,{"$f":"IF($N235=\"\",\"\",IF(ORÇAMENTO.Descricao=\"\",\"DESCRIÇÃO\",IF(AND($C235=\"S\",ORÇAMENTO.Unidade=\"\"),\"UNIDADE\",IF($X235<0,\"VALOR NEGATIVO\",IF(OR(AND(TIPOORCAMENTO=\"Proposto\",$AG235<>\"\",$AG235>0,ORÇAMENTO.CustoUnitario>$AG235),AND(TIPOORCAMENTO=\"LICITADO\",ORÇAMENTO.PrecoUnitarioLicitado>$AN235)),\"ACIMA REF.\",\"\")))))","v":""},{"$f":"IF(C235<=CRONO.NivelExibicao,MAX($AD$15:OFFSET(AD235,-1,0))+IF($C235<>1,1,MAX(1,COUNTIF(QCI!$A$13:$A$32,OFFSET($E235,-1,0)))),\"\")","v":""},{"$f":"IF(AND($C235=\"S\",ORÇAMENTO.CodBarra<>\"\"),IF(ORÇAMENTO.Fonte=\"\",ORÇAMENTO.CodBarra,CONCATENATE(ORÇAMENTO.Fonte,\" \",ORÇAMENTO.CodBarra)))","v":"SINAPI 97629"},{"$f":"IF(ISERROR(INDIRECT(ORÇAMENTO.BancoRef)),\"(abra o arquivo 'Referência \"&Excel_BuiltIn_Database&\".xls)\",IF(OR($C235<>\"S\",ORÇAMENTO.CodBarra=\"\"),\"(Sem Código)\",IF(ISERROR(MATCH($AE235,INDIRECT(ORÇAMENTO.BancoRef),0)),\"(Código não identificado nas referências)\",MATCH($AE235,INDIRECT(ORÇAMENTO.BancoRef),0))))","v":"(abra o arquivo 'Referência 06-2023.xls)"},{"$f":"ROUND(IF(DESONERACAO=\"sim\",REFERENCIA.Desonerado,REFERENCIA.NaoDesonerado),2)","v":0},0.23530000000000001,null,{"$f":"12.7*0.3","v":3.8099999999999996},null,null,84.2,22.1]
["S",2,"S",0,{"$f":"IF($C236=1,OFFSET(E236,-1,0)+MAX(1,COUNTIF(QCI!$A$13:$A$32,OFFSET(ORÇAMENTO!E236,-1,0))),OFFSET(E236,-1,0))","v":5},2,0,0,2,0,{"$f":"IF(OR($C236=\"S\",$C236=0),0,MATCH(OFFSET($D236,0,$C236)+IF($C236<>1,1,COUNTIF(QCI!$A$13:$A$32,ORÇAMENTO!E236)),OFFSET($D236,1,$C236,ROW($C$850)-ROW($C236)),0))","v":0},"F","Serviço","Serviço","5.2.2.","SINAPI","100978","CARGA, MANOBRA E DESCARGA DE MATERIAL REMOVIDO EM CAMINHÃO BASCULANTE - CARGA COM ESCAVADEIRA HIDRÁULICA","M3",{"$f":"OFFSET(CÁLCULO!H$15,ROW($T236)-ROW(T$15),0)","v":0.56999999999999995},6.33,"BDI 1",{"$f":"IF($C236=\"S\",ROUND(IF(TIPOORCAMENTO=\"Proposto\",ORÇAMENTO.CustoUnitario*(1+$AH236),ORÇAMENTO.PrecoUnitarioLicitado),15-13*$AF$10),0)","v":7.82},4.46,"RA","RA",{"$f":"IF($C236=\"S\",IF($Z236=\"CP\",$X236,IF($Z236=\"RA\",(($X236)*QCI!$AA$3),0)),SomaAgrup)","v":4.46},0,{"$f":"IF($N236=\"\",\"\",IF(ORÇAMENTO.Descricao=\"\",\"DESCRIÇÃO\",IF(AND($C236=\"S\",ORÇAMENTO.Unidade=\"\"),\"UNIDADE\",IF($X236<0,\"VALOR NEGATIVO\",IF(OR(AND(TIPOORCAMENTO=\"Proposto\",$AG236<>\"\",$AG236>0,ORÇAMENTO.CustoUnitario>$AG236),AND(TIPOORCAMENTO=\"LICITADO\",ORÇAMENTO.PrecoUnitarioLicitado>$AN236)),\"ACIMA REF.\",\"\")))))","v":""},{"$f":"IF(C236<=CRONO.NivelExibicao,MAX($AD$15:OFFSET(AD236,-1,0))+IF($C236<>1,1,MAX(1,COUNTIF(QCI!$A$13:$A$32,OFFSET($E236,-1,0)))),\"\")","v":""},{"$f":"IF(AND($C236=\"S\",ORÇAMENTO.CodBarra<>\"\"),IF(ORÇAMENTO.Fonte=\"\",ORÇAMENTO.CodBarra,CONCATENATE(ORÇAMENTO.Fonte,\" \",ORÇAMENTO.CodBarra)))","v":"SINAPI 100978"},{"$f":"IF(ISERROR(INDIRECT(ORÇAMENTO.BancoRef)),\"(abra o arquivo 'Referência \"&Excel_BuiltIn_Database&\".xls)\",IF(OR($C236<>\"S\",ORÇAMENTO.CodBarra=\"\"),\"(Sem Código)\",IF(ISERROR(MATCH($AE236,INDIRECT(ORÇAMENTO.BancoRef),0)),\"(Código não identificado nas referências)\",MATCH($AE236,INDIRECT(ORÇAMENTO.BancoRef),0))))","v":"(abra o arquivo 'Referência 06-2023.xls)"},{"$f":"ROUND(IF(DESONERACAO=\"sim\",REFERENCIA.Desonerado,REFERENCIA.NaoDesonerado),2)","v":0},0.23530000000000001,null,{"$f":"AJ235*0.15","v":0.5714999999999999},null,null,4.46,7.82]
["S",2,"S",0,{"$f":"IF($C237=1,OFFSET(E237,-1,0)+MAX(1,COUNTIF(QCI!$A$13:$A$32,OFFSET(ORÇAMENTO!E237,-1,0))),OFFSET(E237,-1,0))","v":5},2,0,0,3,0,{"$f":"IF(OR($C237=\"S\",$C237=0),0,MATCH(OFFSET($D237,0,$C237)+IF($C237<>1,1,COUNTIF(QCI!$A$13:$A$32,ORÇAMENTO!E237)),OFFSET($D237,1,$C237,ROW($C$850)-ROW($C237)),0))","v":0},"F","Serviço","Serviço","5.2.3.","SINAPI","95875","TRANSPORTE DE MATERIAL REMOVIDO COM CAMINHÃO BASCULANTE, DMT = 2 KM","M3XKM",{"$f":"OFFSET(CÁLCULO!H$15,ROW($T237)-ROW(T$15),0)","v":1.1399999999999999},2.23,"BDI 1",{"$f":"IF($C237=\"S\",ROUND(IF(TIPOORCAMENTO=\"Proposto\",ORÇAMENTO.CustoUnitario*(1+$AH237),ORÇAMENTO.PrecoUnitarioLicitado),15-13*$AF$10),0)","v":2.75},3.14,"RA","RA",{"$f":"IF($C237=\"S\",IF($Z237=\"CP\",$X237,IF($Z237=\"RA\",(($X237)*QCI!$AA$3),0)),SomaAgrup)","v":3.14},0,{"$f":"IF($N237=\"\",\"\",IF(ORÇAMENTO.Descricao=\"\",\"DESCRIÇÃO\",IF(AND($C237=\"S\",ORÇAMENTO.Unidade=\"\"),\"UNIDADE\",IF($X237<0,\"VALOR NEGATIVO\",IF(OR(AND(TIPOORCAMENTO=\"Proposto\",$AG237<>\"\",$AG237>0,ORÇAMENTO.CustoUnitario>$AG237),AND(TIPOORCAMENTO=\"LICITADO\",ORÇAMENTO.PrecoUnitarioLicitado>$AN237)),\"ACIMA REF.\",\"\")))))","v":""},{"$f":"IF(C237<=CRONO.NivelExibicao,MAX($AD$15:OFFSET(AD237,-1,0))+IF($C237<>1,1,MAX(1,COUNTIF(QCI!$A$13:$A$32,OFFSET($E237,-1,0)))),\"\")","v":""},{"$f":"IF(AND($C237=\"S\",ORÇAMENTO.CodBarra<>\"\"),IF(ORÇAMENTO.Fonte=\"\",ORÇAMENTO.CodBarra,CONCATENATE(ORÇAMENTO.Fonte,\" \",ORÇAMENTO.CodBarra)))","v":"SINAPI 95875"},{"$f":"IF(ISERROR(INDIRECT(ORÇAMENTO.BancoRef)),\"(abra o arquivo 'Referência \"&Excel_BuiltIn_Database&\".xls)\",IF(OR($C237<>\"S\",ORÇAMENTO.CodBarra=\"\"),\"(Sem Código)\",IF(ISERROR(MATCH($AE237,INDIRECT(ORÇAMENTO.BancoRef),0)),\"(Código não identificado nas referências)\",MATCH($AE237,INDIRECT(ORÇAMENTO.BancoRef),0))))","v":"(abra o arquivo 'Referência 06-2023.xls)"},{"$f":"ROUND(IF(DESONERACAO=\"sim\",REFERENCIA.Desonerado,REFERENCIA.NaoDesonerado),2)","v":0},0.23530000000000001,null,{"$f":"AJ236*2","v":1.1429999999999998},null,null,3.14,2.75]
[2,2,2,7,{"$f":"IF($C238=1,OFFSET(E238,-1,0)+MAX(1,COUNTIF(QCI!$A$13:$A$32,OFFSET(ORÇAMENTO!E238,-1,0))),OFFSET(E238,-1,0))","v":5},3,0,0,0,35,{"$f":"IF(OR($C238=\"S\",$C238=0),0,MATCH(OFFSET($D238,0,$C238)+IF($C238<>1,1,COUNTIF(QCI!$A$13:$A$32,ORÇAMENTO!E238)),OFFSET($D238,1,$C238,ROW($C$850)-ROW($C238)),0))","v":7},"F","Nível 2","Nível 2","5.3.","SINAPI",null,"ESCAVAÇÕES E MOVIMENTAÇÕES DE TERRA","-",{"$f":"OFFSET(CÁLCULO!H$15,ROW($T238)-ROW(T$15),0)","v":0},0,"BDI 1",{"$f":"IF($C238=\"S\",ROUND(IF(TIPOORCAMENTO=\"Proposto\",ORÇAMENTO.CustoUnitario*(1+$AH238),ORÇAMENTO.PrecoUnitarioLicitado),15-13*$AF$10),0)","v":0},2584.9499999999998,"RA","",{"$f":"IF($C238=\"S\",IF($Z238=\"CP\",$X238,IF($Z238=\"RA\",(($X238)*QCI!$AA$3),0)),SomaAgrup)","v":2584.9499999999998},0,{"$f":"IF($N238=\"\",\"\",IF(ORÇAMENTO.Descricao=\"\",\"DESCRIÇÃO\",IF(AND($C238=\"S\",ORÇAMENTO.Unidade=\"\"),\"UNIDADE\",IF($X238<0,\"VALOR NEGATIVO\",IF(OR(AND(TIPOORCAMENTO=\"Proposto\",$AG238<>\"\",$AG238>0,ORÇAMENTO.CustoUnitario>$AG238),AND(TIPOORCAMENTO=\"LICITADO\",ORÇAMENTO.PrecoUnitarioLicitado>$AN238)),\"ACIMA REF.\",\"\")))))","v":""},{"$f":"IF(C238<=CRONO.NivelExibicao,MAX($AD$15:OFFSET(AD238,-1,0))+IF($C238<>1,1,MAX(1,COUNTIF(QCI!$A$13:$A$32,OFFSET($E238,-1,0)))),\"\")","v":""},{"$f":"IF(AND($C238=\"S\",ORÇAMENTO.CodBarra<>\"\"),IF(ORÇAMENTO.Fonte=\"\",ORÇAMENTO.CodBarra,CONCATENATE(ORÇAMENTO.Fonte,\" \",ORÇAMENTO.CodBarra)))","v":false},{"$f":"IF(ISERROR(INDIRECT(ORÇAMENTO.BancoRef)),\"(abra o arquivo 'Referência \"&Excel_BuiltIn_Database&\".xls)\",IF(OR($C238<>\"S\",ORÇAMENTO.CodBarra=\"\"),\"(Sem Código)\",IF(ISERROR(MATCH($AE238,INDIRECT(ORÇAMENTO.BancoRef),0)),\"(Código não identificado nas referências)\",MATCH($AE238,INDIRECT(ORÇAMENTO.BancoRef),0))))","v":"(abra o arquivo 'Referência 06-2023.xls)"},{"$f":"ROUND(IF(DESONERACAO=\"sim\",REFERENCIA.Desonerado,REFERENCIA.NaoDesonerado),2)","v":0},0.23530000000000001,null,null,null,null,2584.9499999999998,0]
["S",2,"S",0,{"$f":"IF($C239=1,OFFSET(E239,-1,0)+MAX(1,COUNTIF(QCI!$A$13:$A$32,OFFSET(ORÇAMENTO!E239,-1,0))),OFFSET(E239,-1,0))","v":5},3,0,0,1,0,{"$f":"IF(OR($C239=\"S\",$C239=0),0,MATCH(OFFSET($D239,0,$C239)+IF($C239<>1,1,COUNTIF(QCI!$A$13:$A$32,ORÇAMENTO!E239)),OFFSET($D239,1,$C239,ROW($C$850)-ROW($C239)),0))","v":0},"F","Serviço","Serviço","5.3.1.","SINAPI","102276","ESCAVAÇÃO MECANIZADA DE VALA E TALUDES EM SOLO DE 2A CATEGORIA, EM LOCAIS COM ALTO NÍVEL DE INTERFERÊNCIA","M3",{"$f":"OFFSET(CÁLCULO!H$15,ROW($T239)-ROW(T$15),0)","v":65.959999999999994},12.08,"BDI 1",{"$f":"IF($C239=\"S\",ROUND(IF(TIPOORCAMENTO=\"Proposto\",ORÇAMENTO.CustoUnitario*(1+$AH239),ORÇAMENTO.PrecoUnitarioLicitado),15-13*$AF$10),0)","v":14.92},984.12,"RA","RA",{"$f":"IF($C239=\"S\",IF($Z239=\"CP\",$X239,IF($Z239=\"RA\",(($X239)*QCI!$AA$3),0)),SomaAgrup)","v":984.12},0,{"$f":"IF($N239=\"\",\"\",IF(ORÇAMENTO.Descricao=\"\",\"DESCRIÇÃO\",IF(AND($C239=\"S\",ORÇAMENTO.Unidade=\"\"),\"UNIDADE\",IF($X239<0,\"VALOR NEGATIVO\",IF(OR(AND(TIPOORCAMENTO=\"Proposto\",$AG239<>\"\",$AG239>0,ORÇAMENTO.CustoUnitario>$AG239),AND(TIPOORCAMENTO=\"LICITADO\",ORÇAMENTO.PrecoUnitarioLicitado>$AN239)),\"ACIMA REF.\",\"\")))))","v":""},{"$f":"IF(C239<=CRONO.NivelExibicao,MAX($AD$15:OFFSET(AD239,-1,0))+IF($C239<>1,1,MAX(1,COUNTIF(QCI!$A$13:$A$32,OFFSET($E239,-1,0)))),\"\")","v":""},{"$f":"IF(AND($C239=\"S\",ORÇAMENTO.CodBarra<>\"\"),IF(ORÇAMENTO.Fonte=\"\",ORÇAMENTO.CodBarra,CONCATENATE(ORÇAMENTO.Fonte,\" \",ORÇAMENTO.CodBarra)))","v":"SINAPI 102276"},{"$f":"IF(ISERROR(INDIRECT(ORÇAMENTO.BancoRef)),\"(abra o arquivo 'Referência \"&Excel_BuiltIn_Database&\".xls)\",IF(OR($C239<>\"S\",ORÇAMENTO.CodBarra=\"\"),\"(Sem Código)\",IF(ISERROR(MATCH($AE239,INDIRECT(ORÇAMENTO.BancoRef),0)),\"(Código não identificado nas referências)\",MATCH($AE239,INDIRECT(ORÇAMENTO.BancoRef),0))))","v":"(abra o arquivo 'Referência 06-2023.xls)"},{"$f":"ROUND(IF(DESONERACAO=\"sim\",REFERENCIA.Desonerado,REFERENCIA.NaoDesonerado),2)","v":0},0.23530000000000001,null,{"$f":"(9*0.4)+62.36","v":65.959999999999994},null,null,984.12,14.92]
["S",2,"S",0,{"$f":"IF($C240=1,OFFSET(E240,-1,0)+MAX(1,COUNTIF(QCI!$A$13:$A$32,OFFSET(ORÇAMENTO!E240,-1,0))),OFFSET(E240,-1,0))","v":5},3,0,0,2,0,{"$f":"IF(OR($C240=\"S\",$C240=0),0,MATCH(OFFSET($D240,0,$C240)+IF($C240<>1,1,COUNTIF(QCI!$A$13:$A$32,ORÇAMENTO!E240)),OFFSET($D240,1,$C240,ROW($C$850)-ROW($C240)),0))","v":0},"F","Serviço","Serviço","5.3.2.","SINAPI","100978","CARGA, MANOBRA E DESCARGA DE MATERIAL REMOVIDO EM CAMINHÃO BASCULANTE - CARGA COM ESCAVADEIRA HIDRÁULICA","M3",{"$f":"OFFSET(CÁLCULO!H$15,ROW($T240)-ROW(T$15),0)","v":65.959999999999994},6.33,"BDI 1",{"$f":"IF($C240=\"S\",ROUND(IF(TIPOORCAMENTO=\"Proposto\",ORÇAMENTO.CustoUnitario*(1+$AH240),ORÇAMENTO.PrecoUnitarioLicitado),15-13*$AF$10),0)","v":7.82},515.80999999999995,"RA","RA",{"$f":"IF($C240=\"S\",IF($Z240=\"CP\",$X240,IF($Z240=\"RA\",(($X240)*QCI!$AA$3),0)),SomaAgrup)","v":515.80999999999995},0,{"$f":"IF($N240=\"\",\"\",IF(ORÇAMENTO.Descricao=\"\",\"DESCRIÇÃO\",IF(AND($C240=\"S\",ORÇAMENTO.Unidade=\"\"),\"UNIDADE\",IF($X240<0,\"VALOR NEGATIVO\",IF(OR(AND(TIPOORCAMENTO=\"Proposto\",$AG240<>\"\",$AG240>0,ORÇAMENTO.CustoUnitario>$AG240),AND(TIPOORCAMENTO=\"LICITADO\",ORÇAMENTO.PrecoUnitarioLicitado>$AN240)),\"ACIMA REF.\",\"\")))))","v":""},{"$f":"IF(C240<=CRONO.NivelExibicao,MAX($AD$15:OFFSET(AD240,-1,0))+IF($C240<>1,1,MAX(1,COUNTIF(QCI!$A$13:$A$32,OFFSET($E240,-1,0)))),\"\")","v":""},{"$f":"IF(AND($C240=\"S\",ORÇAMENTO.CodBarra<>\"\"),IF(ORÇAMENTO.Fonte=\"\",ORÇAMENTO.CodBarra,CONCATENATE(ORÇAMENTO.Fonte,\" \",ORÇAMENTO.CodBarra)))","v":"SINAPI 100978"},{"$f":"IF(ISERROR(INDIRECT(ORÇAMENTO.BancoRef)),\"(abra o arquivo 'Referência \"&Excel_BuiltIn_Database&\".xls)\",IF(OR($C240<>\"S\",ORÇAMENTO.CodBarra=\"\"),\"(Sem Código)\",IF(ISERROR(MATCH($AE240,INDIRECT(ORÇAMENTO.BancoRef),0)),\"(Código não identificado nas referências)\",MATCH($AE240,INDIRECT(ORÇAMENTO.BancoRef),0))))","v":"(abra o arquivo 'Referência 06-2023.xls)"},{"$f":"ROUND(IF(DESONERACAO=\"sim\",REFERENCIA.Desonerado,REFERENCIA.NaoDesonerado),2)","v":0},0.23530000000000001,null,{"$f":"AJ239","v":65.959999999999994},null,null,515.80999999999995,7.82]
["S",2,"S",0,{"$f":"IF($C241=1,OFFSET(E241,-1,0)+MAX(1,COUNTIF(QCI!$A$13:$A$32,OFFSET(ORÇAMENTO!E241,-1,0))),OFFSET(E241,-1,0))","v":5},3,0,0,3,0,{"$f":"IF(OR($C241=\"S\",$C241=0),0,MATCH(OFFSET($D241,0,$C241)+IF($C241<>1,1,COUNTIF(QCI!$A$13:$A$32,ORÇAMENTO!E241)),OFFSET($D241,1,$C241,ROW($C$850)-ROW($C241)),0))","v":0},"F","Serviço","Serviço","5.3.3.","SINAPI","95875","TRANSPORTE DE MATERIAL REMOVIDO COM CAMINHÃO BASCULANTE, DMT = 2 KM","M3XKM",{"$f":"OFFSET(CÁLCULO!H$15,ROW($T241)-ROW(T$15),0)","v":131.91999999999999},2.23,"BDI 1",{"$f":"IF($C241=\"S\",ROUND(IF(TIPOORCAMENTO=\"Proposto\",ORÇAMENTO.CustoUnitario*(1+$AH241),ORÇAMENTO.PrecoUnitarioLicitado),15-13*$AF$10),0)","v":2.75},362.78,"RA","RA",{"$f":"IF($C241=\"S\",IF($Z241=\"CP\",$X241,IF($Z241=\"RA\",(($X241)*QCI!$AA$3),0)),SomaAgrup)","v":362.78},0,{"$f":"IF($N241=\"\",\"\",IF(ORÇAMENTO.Descricao=\"\",\"DESCRIÇÃO\",IF(AND($C241=\"S\",ORÇAMENTO.Unidade=\"\"),\"UNIDADE\",IF($X241<0,\"VALOR NEGATIVO\",IF(OR(AND(TIPOORCAMENTO=\"Proposto\",$AG241<>\"\",$AG241>0,ORÇAMENTO.CustoUnitario>$AG241),AND(TIPOORCAMENTO=\"LICITADO\",ORÇAMENTO.PrecoUnitarioLicitado>$AN241)),\"ACIMA REF.\",\"\")))))","v":""},{"$f":"IF(C241<=CRONO.NivelExibicao,MAX($AD$15:OFFSET(AD241,-1,0))+IF($C241<>1,1,MAX(1,COUNTIF(QCI!$A$13:$A$32,OFFSET($E241,-1,0)))),\"\")","v":""},{"$f":"IF(AND($C241=\"S\",ORÇAMENTO.CodBarra<>\"\"),IF(ORÇAMENTO.Fonte=\"\",ORÇAMENTO.CodBarra,CONCATENATE(ORÇAMENTO.Fonte,\" \",ORÇAMENTO.CodBarra)))","v":"SINAPI 95875"},{"$f":"IF(ISERROR(INDIRECT(ORÇAMENTO.BancoRef)),\"(abra o arquivo 'Referência \"&Excel_BuiltIn_Database&\".xls)\",IF(OR($C241<>\"S\",ORÇAMENTO.CodBarra=\"\"),\"(Sem Código)\",IF(ISERROR(MATCH($AE241,INDIRECT(ORÇAMENTO.BancoRef),0)),\"(Código não identificado nas referências)\",MATCH($AE241,INDIRECT(ORÇAMENTO.BancoRef),0))))","v":"(abra o arquivo 'Referência 06-2023.xls)"},{"$f":"ROUND(IF(DESONERACAO=\"sim\",REFERENCIA.Desonerado,REFERENCIA.NaoDesonerado),2)","v":0},0.23530000000000001,null,{"$f":"AJ240*2","v":131.91999999999999},null,null,362.78,2.75]
["S",2,"S",0,{"$f":"IF($C242=1,OFFSET(E242,-1,0)+MAX(1,COUNTIF(QCI!$A$13:$A$32,OFFSET(ORÇAMENTO!E242,-1,0))),OFFSET(E242,-1,0))","v":5},3,0,0,4,0,{"$f":"IF(OR($C242=\"S\",$C242=0),0,MATCH(OFFSET($D242,0,$C242)+IF($C242<>1,1,COUNTIF(QCI!$A$13:$A$32,ORÇAMENTO!E242)),OFFSET($D242,1,$C242,ROW($C$850)-ROW($C242)),0))","v":0},"F","Serviço","Serviço","5.3.4.","SINAPI","102355","DESMONTE DE BLOCOS DE ROCHA COM MARTELETE PNEUMÁTICO","M3",{"$f":"OFFSET(CÁLCULO!H$15,ROW($T242)-ROW(T$15),0)","v":3.3},166.39,"BDI 1",{"$f":"IF($C242=\"S\",ROUND(IF(TIPOORCAMENTO=\"Proposto\",ORÇAMENTO.CustoUnitario*(1+$AH242),ORÇAMENTO.PrecoUnitarioLicitado),15-13*$AF$10),0)","v":205.54},678.28,"RA","RA",{"$f":"IF($C242=\"S\",IF($Z242=\"CP\",$X242,IF($Z242=\"RA\",(($X242)*QCI!$AA$3),0)),SomaAgrup)","v":678.28},0,{"$f":"IF($N242=\"\",\"\",IF(ORÇAMENTO.Descricao=\"\",\"DESCRIÇÃO\",IF(AND($C242=\"S\",ORÇAMENTO.Unidade=\"\"),\"UNIDADE\",IF($X242<0,\"VALOR NEGATIVO\",IF(OR(AND(TIPOORCAMENTO=\"Proposto\",$AG242<>\"\",$AG242>0,ORÇAMENTO.CustoUnitario>$AG242),AND(TIPOORCAMENTO=\"LICITADO\",ORÇAMENTO.PrecoUnitarioLicitado>$AN242)),\"ACIMA REF.\",\"\")))))","v":""},{"$f":"IF(C242<=CRONO.NivelExibicao,MAX($AD$15:OFFSET(AD242,-1,0))+IF($C242<>1,1,MAX(1,COUNTIF(QCI!$A$13:$A$32,OFFSET($E242,-1,0)))),\"\")","v":""},{"$f":"IF(AND($C242=\"S\",ORÇAMENTO.CodBarra<>\"\"),IF(ORÇAMENTO.Fonte=\"\",ORÇAMENTO.CodBarra,CONCATENATE(ORÇAMENTO.Fonte,\" \",ORÇAMENTO.CodBarra)))","v":"SINAPI 102355"},{"$f":"IF(ISERROR(INDIRECT(ORÇAMENTO.BancoRef)),\"(abra o arquivo 'Referência \"&Excel_BuiltIn_Database&\".xls)\",IF(OR($C242<>\"S\",ORÇAMENTO.CodBarra=\"\"),\"(Sem Código)\",IF(ISERROR(MATCH($AE242,INDIRECT(ORÇAMENTO.BancoRef),0)),\"(Código não identificado nas referências)\",MATCH($AE242,INDIRECT(ORÇAMENTO.BancoRef),0))))","v":"(abra o arquivo 'Referência 06-2023.xls)"},{"$f":"ROUND(IF(DESONERACAO=\"sim\",REFERENCIA.Desonerado,REFERENCIA.NaoDesonerado),2)","v":0},0.23530000000000001,null,{"$f":"AJ239*0.05","v":3.298},null,null,678.28,205.54]
["S",2,"S",0,{"$f":"IF($C243=1,OFFSET(E243,-1,0)+MAX(1,COUNTIF(QCI!$A$13:$A$32,OFFSET(ORÇAMENTO!E243,-1,0))),OFFSET(E243,-1,0))","v":5},3,0,0,5,0,{"$f":"IF(OR($C243=\"S\",$C243=0),0,MATCH(OFFSET($D243,0,$C243)+IF($C243<>1,1,COUNTIF(QCI!$A$13:$A$32,ORÇAMENTO!E243)),OFFSET($D243,1,$C243,ROW($C$850)-ROW($C243)),0))","v":0},"F","Serviço","Serviço","5.3.5.","SINAPI","100978","CARGA, MANOBRA E DESCARGA DE MATERIAL REMOVIDO EM CAMINHÃO BASCULANTE - CARGA COM ESCAVADEIRA HIDRÁULICA","M3",{"$f":"OFFSET(CÁLCULO!H$15,ROW($T243)-ROW(T$15),0)","v":3.3},6.33,"BDI 1",{"$f":"IF($C243=\"S\",ROUND(IF(TIPOORCAMENTO=\"Proposto\",ORÇAMENTO.CustoUnitario*(1+$AH243),ORÇAMENTO.PrecoUnitarioLicitado),15-13*$AF$10),0)","v":7.82},25.81,"RA","RA",{"$f":"IF($C243=\"S\",IF($Z243=\"CP\",$X243,IF($Z243=\"RA\",(($X243)*QCI!$AA$3),0)),SomaAgrup)","v":25.81},0,{"$f":"IF($N243=\"\",\"\",IF(ORÇAMENTO.Descricao=\"\",\"DESCRIÇÃO\",IF(AND($C243=\"S\",ORÇAMENTO.Unidade=\"\"),\"UNIDADE\",IF($X243<0,\"VALOR NEGATIVO\",IF(OR(AND(TIPOORCAMENTO=\"Proposto\",$AG243<>\"\",$AG243>0,ORÇAMENTO.CustoUnitario>$AG243),AND(TIPOORCAMENTO=\"LICITADO\",ORÇAMENTO.PrecoUnitarioLicitado>$AN243)),\"ACIMA REF.\",\"\")))))","v":""},{"$f":"IF(C243<=CRONO.NivelExibicao,MAX($AD$15:OFFSET(AD243,-1,0))+IF($C243<>1,1,MAX(1,COUNTIF(QCI!$A$13:$A$32,OFFSET($E243,-1,0)))),\"\")","v":""},{"$f":"IF(AND($C243=\"S\",ORÇAMENTO.CodBarra<>\"\"),IF(ORÇAMENTO.Fonte=\"\",ORÇAMENTO.CodBarra,CONCATENATE(ORÇAMENTO.Fonte,\" \",ORÇAMENTO.CodBarra)))","v":"SINAPI 100978"},{"$f":"IF(ISERROR(INDIRECT(ORÇAMENTO.BancoRef)),\"(abra o arquivo 'Referência \"&Excel_BuiltIn_Database&\".xls)\",IF(OR($C243<>\"S\",ORÇAMENTO.CodBarra=\"\"),\"(Sem Código)\",IF(ISERROR(MATCH($AE243,INDIRECT(ORÇAMENTO.BancoRef),0)),\"(Código não identificado nas referências)\",MATCH($AE243,INDIRECT(ORÇAMENTO.BancoRef),0))))","v":"(abra o arquivo 'Referência 06-2023.xls)"},{"$f":"ROUND(IF(DESONERACAO=\"sim\",REFERENCIA.Desonerado,REFERENCIA.NaoDesonerado),2)","v":0},0.23530000000000001,null,{"$f":"AJ242","v":3.298},null,null,25.81,7.82]
["S",2,"S",0,{"$f":"IF($C244=1,OFFSET(E244,-1,0)+MAX(1,COUNTIF(QCI!$A$13:$A$32,OFFSET(ORÇAMENTO!E244,-1,0))),OFFSET(E244,-1,0))","v":5},3,0,0,6,0,{"$f":"IF(OR($C244=\"S\",$C244=0),0,MATCH(OFFSET($D244,0,$C244)+IF($C244<>1,1,COUNTIF(QCI!$A$13:$A$32,ORÇAMENTO!E244)),OFFSET($D244,1,$C244,ROW($C$850)-ROW($C244)),0))","v":0},"F","Serviço","Serviço","5.3.6.","SINAPI","95875","TRANSPORTE DE MATERIAL REMOVIDO COM CAMINHÃO BASCULANTE, DMT = 2 KM","M3XKM",{"$f":"OFFSET(CÁLCULO!H$15,ROW($T244)-ROW(T$15),0)","v":6.6},2.23,"BDI 1",{"$f":"IF($C244=\"S\",ROUND(IF(TIPOORCAMENTO=\"Proposto\",ORÇAMENTO.CustoUnitario*(1+$AH244),ORÇAMENTO.PrecoUnitarioLicitado),15-13*$AF$10),0)","v":2.75},18.149999999999999,"RA","RA",{"$f":"IF($C244=\"S\",IF($Z244=\"CP\",$X244,IF($Z244=\"RA\",(($X244)*QCI!$AA$3),0)),SomaAgrup)","v":18.149999999999999},0,{"$f":"IF($N244=\"\",\"\",IF(ORÇAMENTO.Descricao=\"\",\"DESCRIÇÃO\",IF(AND($C244=\"S\",ORÇAMENTO.Unidade=\"\"),\"UNIDADE\",IF($X244<0,\"VALOR NEGATIVO\",IF(OR(AND(TIPOORCAMENTO=\"Proposto\",$AG244<>\"\",$AG244>0,ORÇAMENTO.CustoUnitario>$AG244),AND(TIPOORCAMENTO=\"LICITADO\",ORÇAMENTO.PrecoUnitarioLicitado>$AN244)),\"ACIMA REF.\",\"\")))))","v":""},{"$f":"IF(C244<=CRONO.NivelExibicao,MAX($AD$15:OFFSET(AD244,-1,0))+IF($C244<>1,1,MAX(1,COUNTIF(QCI!$A$13:$A$32,OFFSET($E244,-1,0)))),\"\")","v":""},{"$f":"IF(AND($C244=\"S\",ORÇAMENTO.CodBarra<>\"\"),IF(ORÇAMENTO.Fonte=\"\",ORÇAMENTO.CodBarra,CONCATENATE(ORÇAMENTO.Fonte,\" \",ORÇAMENTO.CodBarra)))","v":"SINAPI 95875"},{"$f":"IF(ISERROR(INDIRECT(ORÇAMENTO.BancoRef)),\"(abra o arquivo 'Referência \"&Excel_BuiltIn_Database&\".xls)\",IF(OR($C244<>\"S\",ORÇAMENTO.CodBarra=\"\"),\"(Sem Código)\",IF(ISERROR(MATCH($AE244,INDIRECT(ORÇAMENTO.BancoRef),0)),\"(Código não identificado nas referências)\",MATCH($AE244,INDIRECT(ORÇAMENTO.BancoRef),0))))","v":"(abra o arquivo 'Referência 06-2023.xls)"},{"$f":"ROUND(IF(DESONERACAO=\"sim\",REFERENCIA.Desonerado,REFERENCIA.NaoDesonerado),2)","v":0},0.23530000000000001,null,{"$f":"AJ243*2","v":6.5960000000000001},null,null,18.149999999999999,2.75]
[2,2,2,3,{"$f":"IF($C245=1,OFFSET(E245,-1,0)+MAX(1,COUNTIF(QCI!$A$13:$A$32,OFFSET(ORÇAMENTO!E245,-1,0))),OFFSET(E245,-1,0))","v":5},4,0,0,0,28,{"$f":"IF(OR($C245=\"S\",$C245=0),0,MATCH(OFFSET($D245,0,$C245)+IF($C245<>1,1,COUNTIF(QCI!$A$13:$A$32,ORÇAMENTO!E245)),OFFSET($D245,1,$C245,ROW($C$850)-ROW($C245)),0))","v":3},"F","Nível 2","Nível 2","5.4.","SINAPI",null,"DRENAGEM","-",{"$f":"OFFSET(CÁLCULO!H$15,ROW($T245)-ROW(T$15),0)","v":0},0,"BDI 1",{"$f":"IF($C245=\"S\",ROUND(IF(TIPOORCAMENTO=\"Proposto\",ORÇAMENTO.CustoUnitario*(1+$AH245),ORÇAMENTO.PrecoUnitarioLicitado),15-13*$AF$10),0)","v":0},29766.36,"RA","",{"$f":"IF($C245=\"S\",IF($Z245=\"CP\",$X245,IF($Z245=\"RA\",(($X245)*QCI!$AA$3),0)),SomaAgrup)","v":29766.36},0,{"$f":"IF($N245=\"\",\"\",IF(ORÇAMENTO.Descricao=\"\",\"DESCRIÇÃO\",IF(AND($C245=\"S\",ORÇAMENTO.Unidade=\"\"),\"UNIDADE\",IF($X245<0,\"VALOR NEGATIVO\",IF(OR(AND(TIPOORCAMENTO=\"Proposto\",$AG245<>\"\",$AG245>0,ORÇAMENTO.CustoUnitario>$AG245),AND(TIPOORCAMENTO=\"LICITADO\",ORÇAMENTO.PrecoUnitarioLicitado>$AN245)),\"ACIMA REF.\",\"\")))))","v":""},{"$f":"IF(C245<=CRONO.NivelExibicao,MAX($AD$15:OFFSET(AD245,-1,0))+IF($C245<>1,1,MAX(1,COUNTIF(QCI!$A$13:$A$32,OFFSET($E245,-1,0)))),\"\")","v":""},{"$f":"IF(AND($C245=\"S\",ORÇAMENTO.CodBarra<>\"\"),IF(ORÇAMENTO.Fonte=\"\",ORÇAMENTO.CodBarra,CONCATENATE(ORÇAMENTO.Fonte,\" \",ORÇAMENTO.CodBarra)))","v":false},{"$f":"IF(ISERROR(INDIRECT(ORÇAMENTO.BancoRef)),\"(abra o arquivo 'Referência \"&Excel_BuiltIn_Database&\".xls)\",IF(OR($C245<>\"S\",ORÇAMENTO.CodBarra=\"\"),\"(Sem Código)\",IF(ISERROR(MATCH($AE245,INDIRECT(ORÇAMENTO.BancoRef),0)),\"(Código não identificado nas referências)\",MATCH($AE245,INDIRECT(ORÇAMENTO.BancoRef),0))))","v":"(abra o arquivo 'Referência 06-2023.xls)"},{"$f":"ROUND(IF(DESONERACAO=\"sim\",REFERENCIA.Desonerado,REFERENCIA.NaoDesonerado),2)","v":0},0.23530000000000001,null,null,null,null,29766.36,0]
["S",2,"S",0,{"$f":"IF($C246=1,OFFSET(E246,-1,0)+MAX(1,COUNTIF(QCI!$A$13:$A$32,OFFSET(ORÇAMENTO!E246,-1,0))),OFFSET(E246,-1,0))","v":5},4,0,0,1,0,{"$f":"IF(OR($C246=\"S\",$C246=0),0,MATCH(OFFSET($D246,0,$C246)+IF($C246<>1,1,COUNTIF(QCI!$A$13:$A$32,ORÇAMENTO!E246)),OFFSET($D246,1,$C246,ROW($C$850)-ROW($C246)),0))","v":0},"F","Serviço","Serviço","5.4.1.","AMMOC","BL01","BOCA DE LOBO EM CONCRETO ARMADO E GRADE DE AÇO EM BARRA DE FERRO CHATA 0,70M X 1,00M - TIPO 1 ","UND",{"$f":"OFFSET(CÁLCULO!H$15,ROW($T246)-ROW(T$15),0)","v":6},2617.0700000000002,"BDI 1",{"$f":"IF($C246=\"S\",ROUND(IF(TIPOORCAMENTO=\"Proposto\",ORÇAMENTO.CustoUnitario*(1+$AH246),ORÇAMENTO.PrecoUnitarioLicitado),15-13*$AF$10),0)","v":3232.87},19397.22,"RA","RA",{"$f":"IF($C246=\"S\",IF($Z246=\"CP\",$X246,IF($Z246=\"RA\",(($X246)*QCI!$AA$3),0)),SomaAgrup)","v":19397.22},0,{"$f":"IF($N246=\"\",\"\",IF(ORÇAMENTO.Descricao=\"\",\"DESCRIÇÃO\",IF(AND($C246=\"S\",ORÇAMENTO.Unidade=\"\"),\"UNIDADE\",IF($X246<0,\"VALOR NEGATIVO\",IF(OR(AND(TIPOORCAMENTO=\"Proposto\",$AG246<>\"\",$AG246>0,ORÇAMENTO.CustoUnitario>$AG246),AND(TIPOORCAMENTO=\"LICITADO\",ORÇAMENTO.PrecoUnitarioLicitado>$AN246)),\"ACIMA REF.\",\"\")))))","v":""},{"$f":"IF(C246<=CRONO.NivelExibicao,MAX($AD$15:OFFSET(AD246,-1,0))+IF($C246<>1,1,MAX(1,COUNTIF(QCI!$A$13:$A$32,OFFSET($E246,-1,0)))),\"\")","v":""},{"$f":"IF(AND($C246=\"S\",ORÇAMENTO.CodBarra<>\"\"),IF(ORÇAMENTO.Fonte=\"\",ORÇAMENTO.CodBarra,CONCATENATE(ORÇAMENTO.Fonte,\" \",ORÇAMENTO.CodBarra)))","v":"AMMOC BL01"},{"$f":"IF(ISERROR(INDIRECT(ORÇAMENTO.BancoRef)),\"(abra o arquivo 'Referência \"&Excel_BuiltIn_Database&\".xls)\",IF(OR($C246<>\"S\",ORÇAMENTO.CodBarra=\"\"),\"(Sem Código)\",IF(ISERROR(MATCH($AE246,INDIRECT(ORÇAMENTO.BancoRef),0)),\"(Código não identificado nas referências)\",MATCH($AE246,INDIRECT(ORÇAMENTO.BancoRef),0))))","v":"(abra o arquivo 'Referência 06-2023.xls)"},{"$f":"ROUND(IF(DESONERACAO=\"sim\",REFERENCIA.Desonerado,REFERENCIA.NaoDesonerado),2)","v":0},0.23530000000000001,null,6,null,null,19397.22,3232.87]
["S",2,"S",0,{"$f":"IF($C247=1,OFFSET(E247,-1,0)+MAX(1,COUNTIF(QCI!$A$13:$A$32,OFFSET(ORÇAMENTO!E247,-1,0))),OFFSET(E247,-1,0))","v":5},4,0,0,2,0,{"$f":"IF(OR($C247=\"S\",$C247=0),0,MATCH(OFFSET($D247,0,$C247)+IF($C247<>1,1,COUNTIF(QCI!$A$13:$A$32,ORÇAMENTO!E247)),OFFSET($D247,1,$C247,ROW($C$850)-ROW($C247)),0))","v":0},"F","Serviço","Serviço","5.4.2.","SINAPI","92219","TUBO DE CONCRETO PARA REDES COLETORAS DE ÁGUAS PLUVIAIS, DIÂMETRO DE 400 MM, JUNTA ENVOLTA EM MANTA GEOTÊXTIL, INSTALADO EM LOCAL COM ALTO NÍVEL DE INTERFERÊNCIAS - FORNECIMENTO E ASSENTAMENTO","M",{"$f":"OFFSET(CÁLCULO!H$15,ROW($T247)-ROW(T$15),0)","v":47},178.6,"BDI 1",{"$f":"IF($C247=\"S\",ROUND(IF(TIPOORCAMENTO=\"Proposto\",ORÇAMENTO.CustoUnitario*(1+$AH247),ORÇAMENTO.PrecoUnitarioLicitado),15-13*$AF$10),0)","v":220.62},10369.14,"RA","RA",{"$f":"IF($C247=\"S\",IF($Z247=\"CP\",$X247,IF($Z247=\"RA\",(($X247)*QCI!$AA$3),0)),SomaAgrup)","v":10369.14},0,{"$f":"IF($N247=\"\",\"\",IF(ORÇAMENTO.Descricao=\"\",\"DESCRIÇÃO\",IF(AND($C247=\"S\",ORÇAMENTO.Unidade=\"\"),\"UNIDADE\",IF($X247<0,\"VALOR NEGATIVO\",IF(OR(AND(TIPOORCAMENTO=\"Proposto\",$AG247<>\"\",$AG247>0,ORÇAMENTO.CustoUnitario>$AG247),AND(TIPOORCAMENTO=\"LICITADO\",ORÇAMENTO.PrecoUnitarioLicitado>$AN247)),\"ACIMA REF.\",\"\")))))","v":""},{"$f":"IF(C247<=CRONO.NivelExibicao,MAX($AD$15:OFFSET(AD247,-1,0))+IF($C247<>1,1,MAX(1,COUNTIF(QCI!$A$13:$A$32,OFFSET($E247,-1,0)))),\"\")","v":""},{"$f":"IF(AND($C247=\"S\",ORÇAMENTO.CodBarra<>\"\"),IF(ORÇAMENTO.Fonte=\"\",ORÇAMENTO.CodBarra,CONCATENATE(ORÇAMENTO.Fonte,\" \",ORÇAMENTO.CodBarra)))","v":"SINAPI 92219"},{"$f":"IF(ISERROR(INDIRECT(ORÇAMENTO.BancoRef)),\"(abra o arquivo 'Referência \"&Excel_BuiltIn_Database&\".xls)\",IF(OR($C247<>\"S\",ORÇAMENTO.CodBarra=\"\"),\"(Sem Código)\",IF(ISERROR(MATCH($AE247,INDIRECT(ORÇAMENTO.BancoRef),0)),\"(Código não identificado nas referências)\",MATCH($AE247,INDIRECT(ORÇAMENTO.BancoRef),0))))","v":"(abra o arquivo 'Referência 06-2023.xls)"},{"$f":"ROUND(IF(DESONERACAO=\"sim\",REFERENCIA.Desonerado,REFERENCIA.NaoDesonerado),2)","v":0},0.23530000000000001,null,47,null,null,10369.14,220.62]
[2,2,2,4,{"$f":"IF($C248=1,OFFSET(E248,-1,0)+MAX(1,COUNTIF(QCI!$A$13:$A$32,OFFSET(ORÇAMENTO!E248,-1,0))),OFFSET(E248,-1,0))","v":5},5,0,0,0,25,{"$f":"IF(OR($C248=\"S\",$C248=0),0,MATCH(OFFSET($D248,0,$C248)+IF($C248<>1,1,COUNTIF(QCI!$A$13:$A$32,ORÇAMENTO!E248)),OFFSET($D248,1,$C248,ROW($C$850)-ROW($C248)),0))","v":4},"F","Nível 2","Nível 2","5.5.","SINAPI",null,"REATERROS","-",{"$f":"OFFSET(CÁLCULO!H$15,ROW($T248)-ROW(T$15),0)","v":0},0,"BDI 1",{"$f":"IF($C248=\"S\",ROUND(IF(TIPOORCAMENTO=\"Proposto\",ORÇAMENTO.CustoUnitario*(1+$AH248),ORÇAMENTO.PrecoUnitarioLicitado),15-13*$AF$10),0)","v":0},5516.2,"RA","",{"$f":"IF($C248=\"S\",IF($Z248=\"CP\",$X248,IF($Z248=\"RA\",(($X248)*QCI!$AA$3),0)),SomaAgrup)","v":5516.2},0,{"$f":"IF($N248=\"\",\"\",IF(ORÇAMENTO.Descricao=\"\",\"DESCRIÇÃO\",IF(AND($C248=\"S\",ORÇAMENTO.Unidade=\"\"),\"UNIDADE\",IF($X248<0,\"VALOR NEGATIVO\",IF(OR(AND(TIPOORCAMENTO=\"Proposto\",$AG248<>\"\",$AG248>0,ORÇAMENTO.CustoUnitario>$AG248),AND(TIPOORCAMENTO=\"LICITADO\",ORÇAMENTO.PrecoUnitarioLicitado>$AN248)),\"ACIMA REF.\",\"\")))))","v":""},{"$f":"IF(C248<=CRONO.NivelExibicao,MAX($AD$15:OFFSET(AD248,-1,0))+IF($C248<>1,1,MAX(1,COUNTIF(QCI!$A$13:$A$32,OFFSET($E248,-1,0)))),\"\")","v":""},{"$f":"IF(AND($C248=\"S\",ORÇAMENTO.CodBarra<>\"\"),IF(ORÇAMENTO.Fonte=\"\",ORÇAMENTO.CodBarra,CONCATENATE(ORÇAMENTO.Fonte,\" \",ORÇAMENTO.CodBarra)))","v":false},{"$f":"IF(ISERROR(INDIRECT(ORÇAMENTO.BancoRef)),\"(abra o arquivo 'Referência \"&Excel_BuiltIn_Database&\".xls)\",IF(OR($C248<>\"S\",ORÇAMENTO.CodBarra=\"\"),\"(Sem Código)\",IF(ISERROR(MATCH($AE248,INDIRECT(ORÇAMENTO.BancoRef),0)),\"(Código não identificado nas referências)\",MATCH($AE248,INDIRECT(ORÇAMENTO.BancoRef),0))))","v":"(abra o arquivo 'Referência 06-2023.xls)"},{"$f":"ROUND(IF(DESONERACAO=\"sim\",REFERENCIA.Desonerado,REFERENCIA.NaoDesonerado),2)","v":0},0.23530000000000001,null,null,null,null,5516.2,0]
["S",2,"S",0,{"$f":"IF($C249=1,OFFSET(E249,-1,0)+MAX(1,COUNTIF(QCI!$A$13:$A$32,OFFSET(ORÇAMENTO!E249,-1,0))),OFFSET(E249,-1,0))","v":5},5,0,0,1,0,{"$f":"IF(OR($C249=\"S\",$C249=0),0,MATCH(OFFSET($D249,0,$C249)+IF($C249<>1,1,COUNTIF(QCI!$A$13:$A$32,ORÇAMENTO!E249)),OFFSET($D249,1,$C249,ROW($C$850)-ROW($C249)),0))","v":0},"F","Serviço","Serviço","5.5.1.","SINAPI-I","4718","PEDRA BRITADA N. 2 (19 A 38 MM) PARA REATERRO DE VALAS","M3    ",{"$f":"OFFSET(CÁLCULO!H$15,ROW($T249)-ROW(T$15),0)","v":28.2},107.5,"BDI 1",{"$f":"IF($C249=\"S\",ROUND(IF(TIPOORCAMENTO=\"Proposto\",ORÇAMENTO.CustoUnitario*(1+$AH249),ORÇAMENTO.PrecoUnitarioLicitado),15-13*$AF$10),0)","v":132.79},3744.68,"RA","RA",{"$f":"IF($C249=\"S\",IF($Z249=\"CP\",$X249,IF($Z249=\"RA\",(($X249)*QCI!$AA$3),0)),SomaAgrup)","v":3744.68},0,{"$f":"IF($N249=\"\",\"\",IF(ORÇAMENTO.Descricao=\"\",\"DESCRIÇÃO\",IF(AND($C249=\"S\",ORÇAMENTO.Unidade=\"\"),\"UNIDADE\",IF($X249<0,\"VALOR NEGATIVO\",IF(OR(AND(TIPOORCAMENTO=\"Proposto\",$AG249<>\"\",$AG249>0,ORÇAMENTO.CustoUnitario>$AG249),AND(TIPOORCAMENTO=\"LICITADO\",ORÇAMENTO.PrecoUnitarioLicitado>$AN249)),\"ACIMA REF.\",\"\")))))","v":""},{"$f":"IF(C249<=CRONO.NivelExibicao,MAX($AD$15:OFFSET(AD249,-1,0))+IF($C249<>1,1,MAX(1,COUNTIF(QCI!$A$13:$A$32,OFFSET($E249,-1,0)))),\"\")","v":""},{"$f":"IF(AND($C249=\"S\",ORÇAMENTO.CodBarra<>\"\"),IF(ORÇAMENTO.Fonte=\"\",ORÇAMENTO.CodBarra,CONCATENATE(ORÇAMENTO.Fonte,\" \",ORÇAMENTO.CodBarra)))","v":"SINAPI-I 4718"},{"$f":"IF(ISERROR(INDIRECT(ORÇAMENTO.BancoRef)),\"(abra o arquivo 'Referência \"&Excel_BuiltIn_Database&\".xls)\",IF(OR($C249<>\"S\",ORÇAMENTO.CodBarra=\"\"),\"(Sem Código)\",IF(ISERROR(MATCH($AE249,INDIRECT(ORÇAMENTO.BancoRef),0)),\"(Código não identificado nas referências)\",MATCH($AE249,INDIRECT(ORÇAMENTO.BancoRef),0))))","v":"(abra o arquivo 'Referência 06-2023.xls)"},{"$f":"ROUND(IF(DESONERACAO=\"sim\",REFERENCIA.Desonerado,REFERENCIA.NaoDesonerado),2)","v":0},0.23530000000000001,null,28.2,null,null,3744.68,132.79]
["S",2,"S",0,{"$f":"IF($C250=1,OFFSET(E250,-1,0)+MAX(1,COUNTIF(QCI!$A$13:$A$32,OFFSET(ORÇAMENTO!E250,-1,0))),OFFSET(E250,-1,0))","v":5},5,0,0,2,0,{"$f":"IF(OR($C250=\"S\",$C250=0),0,MATCH(OFFSET($D250,0,$C250)+IF($C250<>1,1,COUNTIF(QCI!$A$13:$A$32,ORÇAMENTO!E250)),OFFSET($D250,1,$C250,ROW($C$850)-ROW($C250)),0))","v":0},"F","Serviço","Serviço","5.5.2.","SINAPI","100978","CARGA, MANOBRA E DESCARGA DE MATERIAL GRANULAR EM CAMINHÃO BASCULANTE - CARGA COM ESCAVADEIRA HIDRÁULICA","M3",{"$f":"OFFSET(CÁLCULO!H$15,ROW($T250)-ROW(T$15),0)","v":28.2},6.33,"BDI 1",{"$f":"IF($C250=\"S\",ROUND(IF(TIPOORCAMENTO=\"Proposto\",ORÇAMENTO.CustoUnitario*(1+$AH250),ORÇAMENTO.PrecoUnitarioLicitado),15-13*$AF$10),0)","v":7.82},220.52,"RA","RA",{"$f":"IF($C250=\"S\",IF($Z250=\"CP\",$X250,IF($Z250=\"RA\",(($X250)*QCI!$AA$3),0)),SomaAgrup)","v":220.52},0,{"$f":"IF($N250=\"\",\"\",IF(ORÇAMENTO.Descricao=\"\",\"DESCRIÇÃO\",IF(AND($C250=\"S\",ORÇAMENTO.Unidade=\"\"),\"UNIDADE\",IF($X250<0,\"VALOR NEGATIVO\",IF(OR(AND(TIPOORCAMENTO=\"Proposto\",$AG250<>\"\",$AG250>0,ORÇAMENTO.CustoUnitario>$AG250),AND(TIPOORCAMENTO=\"LICITADO\",ORÇAMENTO.PrecoUnitarioLicitado>$AN250)),\"ACIMA REF.\",\"\")))))","v":""},{"$f":"IF(C250<=CRONO.NivelExibicao,MAX($AD$15:OFFSET(AD250,-1,0))+IF($C250<>1,1,MAX(1,COUNTIF(QCI!$A$13:$A$32,OFFSET($E250,-1,0)))),\"\")","v":""},{"$f":"IF(AND($C250=\"S\",ORÇAMENTO.CodBarra<>\"\"),IF(ORÇAMENTO.Fonte=\"\",ORÇAMENTO.CodBarra,CONCATENATE(ORÇAMENTO.Fonte,\" \",ORÇAMENTO.CodBarra)))","v":"SINAPI 100978"},{"$f":"IF(ISERROR(INDIRECT(ORÇAMENTO.BancoRef)),\"(abra o arquivo 'Referência \"&Excel_BuiltIn_Database&\".xls)\",IF(OR($C250<>\"S\",ORÇAMENTO.CodBarra=\"\"),\"(Sem Código)\",IF(ISERROR(MATCH($AE250,INDIRECT(ORÇAMENTO.BancoRef),0)),\"(Código não identificado nas referências)\",MATCH($AE250,INDIRECT(ORÇAMENTO.BancoRef),0))))","v":"(abra o arquivo 'Referência 06-2023.xls)"},{"$f":"ROUND(IF(DESONERACAO=\"sim\",REFERENCIA.Desonerado,REFERENCIA.NaoDesonerado),2)","v":0},0.23530000000000001,null,{"$f":"AJ249","v":28.2},null,null,220.52,7.82]
["S",2,"S",0,{"$f":"IF($C251=1,OFFSET(E251,-1,0)+MAX(1,COUNTIF(QCI!$A$13:$A$32,OFFSET(ORÇAMENTO!E251,-1,0))),OFFSET(E251,-1,0))","v":5},5,0,0,3,0,{"$f":"IF(OR($C251=\"S\",$C251=0),0,MATCH(OFFSET($D251,0,$C251)+IF($C251<>1,1,COUNTIF(QCI!$A$13:$A$32,ORÇAMENTO!E251)),OFFSET($D251,1,$C251,ROW($C$850)-ROW($C251)),0))","v":0},"F","Serviço","Serviço","5.5.3.","SINAPI","95875","TRANSPORTE DE MATERIAL GRANULAR COM CAMINHÃO BASCULANTE, DMT = 20 KM","M3XKM",{"$f":"OFFSET(CÁLCULO!H$15,ROW($T251)-ROW(T$15),0)","v":564},2.23,"BDI 1",{"$f":"IF($C251=\"S\",ROUND(IF(TIPOORCAMENTO=\"Proposto\",ORÇAMENTO.CustoUnitario*(1+$AH251),ORÇAMENTO.PrecoUnitarioLicitado),15-13*$AF$10),0)","v":2.75},1551,"RA","RA",{"$f":"IF($C251=\"S\",IF($Z251=\"CP\",$X251,IF($Z251=\"RA\",(($X251)*QCI!$AA$3),0)),SomaAgrup)","v":1551},0,{"$f":"IF($N251=\"\",\"\",IF(ORÇAMENTO.Descricao=\"\",\"DESCRIÇÃO\",IF(AND($C251=\"S\",ORÇAMENTO.Unidade=\"\"),\"UNIDADE\",IF($X251<0,\"VALOR NEGATIVO\",IF(OR(AND(TIPOORCAMENTO=\"Proposto\",$AG251<>\"\",$AG251>0,ORÇAMENTO.CustoUnitario>$AG251),AND(TIPOORCAMENTO=\"LICITADO\",ORÇAMENTO.PrecoUnitarioLicitado>$AN251)),\"ACIMA REF.\",\"\")))))","v":""},{"$f":"IF(C251<=CRONO.NivelExibicao,MAX($AD$15:OFFSET(AD251,-1,0))+IF($C251<>1,1,MAX(1,COUNTIF(QCI!$A$13:$A$32,OFFSET($E251,-1,0)))),\"\")","v":""},{"$f":"IF(AND($C251=\"S\",ORÇAMENTO.CodBarra<>\"\"),IF(ORÇAMENTO.Fonte=\"\",ORÇAMENTO.CodBarra,CONCATENATE(ORÇAMENTO.Fonte,\" \",ORÇAMENTO.CodBarra)))","v":"SINAPI 95875"},{"$f":"IF(ISERROR(INDIRECT(ORÇAMENTO.BancoRef)),\"(abra o arquivo 'Referência \"&Excel_BuiltIn_Database&\".xls)\",IF(OR($C251<>\"S\",ORÇAMENTO.CodBarra=\"\"),\"(Sem Código)\",IF(ISERROR(MATCH($AE251,INDIRECT(ORÇAMENTO.BancoRef),0)),\"(Código não identificado nas referências)\",MATCH($AE251,INDIRECT(ORÇAMENTO.BancoRef),0))))","v":"(abra o arquivo 'Referência 06-2023.xls)"},{"$f":"ROUND(IF(DESONERACAO=\"sim\",REFERENCIA.Desonerado,REFERENCIA.NaoDesonerado),2)","v":0},0.23530000000000001,null,{"$f":"AJ250*20","v":564},null,null,1551,2.75]
[2,2,2,7,{"$f":"IF($C252=1,OFFSET(E252,-1,0)+MAX(1,COUNTIF(QCI!$A$13:$A$32,OFFSET(ORÇAMENTO!E252,-1,0))),OFFSET(E252,-1,0))","v":5},6,0,0,0,21,{"$f":"IF(OR($C252=\"S\",$C252=0),0,MATCH(OFFSET($D252,0,$C252)+IF($C252<>1,1,COUNTIF(QCI!$A$13:$A$32,ORÇAMENTO!E252)),OFFSET($D252,1,$C252,ROW($C$850)-ROW($C252)),0))","v":7},"F","Nível 2","Nível 2","5.6.","SINAPI",null,"BASE E SUB-BASE","-",{"$f":"OFFSET(CÁLCULO!H$15,ROW($T252)-ROW(T$15),0)","v":0},0,"BDI 1",{"$f":"IF($C252=\"S\",ROUND(IF(TIPOORCAMENTO=\"Proposto\",ORÇAMENTO.CustoUnitario*(1+$AH252),ORÇAMENTO.PrecoUnitarioLicitado),15-13*$AF$10),0)","v":0},7500.84,"RA","",{"$f":"IF($C252=\"S\",IF($Z252=\"CP\",$X252,IF($Z252=\"RA\",(($X252)*QCI!$AA$3),0)),SomaAgrup)","v":7500.8400000000011},0,{"$f":"IF($N252=\"\",\"\",IF(ORÇAMENTO.Descricao=\"\",\"DESCRIÇÃO\",IF(AND($C252=\"S\",ORÇAMENTO.Unidade=\"\"),\"UNIDADE\",IF($X252<0,\"VALOR NEGATIVO\",IF(OR(AND(TIPOORCAMENTO=\"Proposto\",$AG252<>\"\",$AG252>0,ORÇAMENTO.CustoUnitario>$AG252),AND(TIPOORCAMENTO=\"LICITADO\",ORÇAMENTO.PrecoUnitarioLicitado>$AN252)),\"ACIMA REF.\",\"\")))))","v":""},{"$f":"IF(C252<=CRONO.NivelExibicao,MAX($AD$15:OFFSET(AD252,-1,0))+IF($C252<>1,1,MAX(1,COUNTIF(QCI!$A$13:$A$32,OFFSET($E252,-1,0)))),\"\")","v":""},{"$f":"IF(AND($C252=\"S\",ORÇAMENTO.CodBarra<>\"\"),IF(ORÇAMENTO.Fonte=\"\",ORÇAMENTO.CodBarra,CONCATENATE(ORÇAMENTO.Fonte,\" \",ORÇAMENTO.CodBarra)))","v":false},{"$f":"IF(ISERROR(INDIRECT(ORÇAMENTO.BancoRef)),\"(abra o arquivo 'Referência \"&Excel_BuiltIn_Database&\".xls)\",IF(OR($C252<>\"S\",ORÇAMENTO.CodBarra=\"\"),\"(Sem Código)\",IF(ISERROR(MATCH($AE252,INDIRECT(ORÇAMENTO.BancoRef),0)),\"(Código não identificado nas referências)\",MATCH($AE252,INDIRECT(ORÇAMENTO.BancoRef),0))))","v":"(abra o arquivo 'Referência 06-2023.xls)"},{"$f":"ROUND(IF(DESONERACAO=\"sim\",REFERENCIA.Desonerado,REFERENCIA.NaoDesonerado),2)","v":0},0.23530000000000001,null,null,null,null,7500.84,0]
["S",2,"S",0,{"$f":"IF($C253=1,OFFSET(E253,-1,0)+MAX(1,COUNTIF(QCI!$A$13:$A$32,OFFSET(ORÇAMENTO!E253,-1,0))),OFFSET(E253,-1,0))","v":5},6,0,0,1,0,{"$f":"IF(OR($C253=\"S\",$C253=0),0,MATCH(OFFSET($D253,0,$C253)+IF($C253<>1,1,COUNTIF(QCI!$A$13:$A$32,ORÇAMENTO!E253)),OFFSET($D253,1,$C253,ROW($C$850)-ROW($C253)),0))","v":0},"F","Serviço","Serviço","5.6.1.","SINAPI","96396","EXECUÇÃO E COMPACTAÇÃO DE BASE PARA PAVIMENTAÇÃO, DE BRITA GRADUADA SIMPLES - EXCLUSIVE CARGA E TRANSPORTE","M3",{"$f":"OFFSET(CÁLCULO!H$15,ROW($T253)-ROW(T$15),0)","v":19.14},181.41,"BDI 1",{"$f":"IF($C253=\"S\",ROUND(IF(TIPOORCAMENTO=\"Proposto\",ORÇAMENTO.CustoUnitario*(1+$AH253),ORÇAMENTO.PrecoUnitarioLicitado),15-13*$AF$10),0)","v":224.1},4289.2700000000004,"RA","RA",{"$f":"IF($C253=\"S\",IF($Z253=\"CP\",$X253,IF($Z253=\"RA\",(($X253)*QCI!$AA$3),0)),SomaAgrup)","v":4289.2700000000004},0,{"$f":"IF($N253=\"\",\"\",IF(ORÇAMENTO.Descricao=\"\",\"DESCRIÇÃO\",IF(AND($C253=\"S\",ORÇAMENTO.Unidade=\"\"),\"UNIDADE\",IF($X253<0,\"VALOR NEGATIVO\",IF(OR(AND(TIPOORCAMENTO=\"Proposto\",$AG253<>\"\",$AG253>0,ORÇAMENTO.CustoUnitario>$AG253),AND(TIPOORCAMENTO=\"LICITADO\",ORÇAMENTO.PrecoUnitarioLicitado>$AN253)),\"ACIMA REF.\",\"\")))))","v":""},{"$f":"IF(C253<=CRONO.NivelExibicao,MAX($AD$15:OFFSET(AD253,-1,0))+IF($C253<>1,1,MAX(1,COUNTIF(QCI!$A$13:$A$32,OFFSET($E253,-1,0)))),\"\")","v":""},{"$f":"IF(AND($C253=\"S\",ORÇAMENTO.CodBarra<>\"\"),IF(ORÇAMENTO.Fonte=\"\",ORÇAMENTO.CodBarra,CONCATENATE(ORÇAMENTO.Fonte,\" \",ORÇAMENTO.CodBarra)))","v":"SINAPI 96396"},{"$f":"IF(ISERROR(INDIRECT(ORÇAMENTO.BancoRef)),\"(abra o arquivo 'Referência \"&Excel_BuiltIn_Database&\".xls)\",IF(OR($C253<>\"S\",ORÇAMENTO.CodBarra=\"\"),\"(Sem Código)\",IF(ISERROR(MATCH($AE253,INDIRECT(ORÇAMENTO.BancoRef),0)),\"(Código não identificado nas referências)\",MATCH($AE253,INDIRECT(ORÇAMENTO.BancoRef),0))))","v":"(abra o arquivo 'Referência 06-2023.xls)"},{"$f":"ROUND(IF(DESONERACAO=\"sim\",REFERENCIA.Desonerado,REFERENCIA.NaoDesonerado),2)","v":0},0.23530000000000001,null,{"$f":"(90*0.15)+5.64","v":19.14},null,null,4289.2700000000004,224.1]
["S",2,"S",0,{"$f":"IF($C254=1,OFFSET(E254,-1,0)+MAX(1,COUNTIF(QCI!$A$13:$A$32,OFFSET(ORÇAMENTO!E254,-1,0))),OFFSET(E254,-1,0))","v":5},6,0,0,2,0,{"$f":"IF(OR($C254=\"S\",$C254=0),0,MATCH(OFFSET($D254,0,$C254)+IF($C254<>1,1,COUNTIF(QCI!$A$13:$A$32,ORÇAMENTO!E254)),OFFSET($D254,1,$C254,ROW($C$850)-ROW($C254)),0))","v":0},"F","Serviço","Serviço","5.6.2.","SINAPI","100978","CARGA, MANOBRA E DESCARGA DE MATERIAL GRANULAR EM CAMINHÃO BASCULANTE - CARGA COM ESCAVADEIRA HIDRÁULICA","M3",{"$f":"OFFSET(CÁLCULO!H$15,ROW($T254)-ROW(T$15),0)","v":19.14},6.33,"BDI 1",{"$f":"IF($C254=\"S\",ROUND(IF(TIPOORCAMENTO=\"Proposto\",ORÇAMENTO.CustoUnitario*(1+$AH254),ORÇAMENTO.PrecoUnitarioLicitado),15-13*$AF$10),0)","v":7.82},149.66999999999999,"RA","RA",{"$f":"IF($C254=\"S\",IF($Z254=\"CP\",$X254,IF($Z254=\"RA\",(($X254)*QCI!$AA$3),0)),SomaAgrup)","v":149.66999999999999},0,{"$f":"IF($N254=\"\",\"\",IF(ORÇAMENTO.Descricao=\"\",\"DESCRIÇÃO\",IF(AND($C254=\"S\",ORÇAMENTO.Unidade=\"\"),\"UNIDADE\",IF($X254<0,\"VALOR NEGATIVO\",IF(OR(AND(TIPOORCAMENTO=\"Proposto\",$AG254<>\"\",$AG254>0,ORÇAMENTO.CustoUnitario>$AG254),AND(TIPOORCAMENTO=\"LICITADO\",ORÇAMENTO.PrecoUnitarioLicitado>$AN254)),\"ACIMA REF.\",\"\")))))","v":""},{"$f":"IF(C254<=CRONO.NivelExibicao,MAX($AD$15:OFFSET(AD254,-1,0))+IF($C254<>1,1,MAX(1,COUNTIF(QCI!$A$13:$A$32,OFFSET($E254,-1,0)))),\"\")","v":""},{"$f":"IF(AND($C254=\"S\",ORÇAMENTO.CodBarra<>\"\"),IF(ORÇAMENTO.Fonte=\"\",ORÇAMENTO.CodBarra,CONCATENATE(ORÇAMENTO.Fonte,\" \",ORÇAMENTO.CodBarra)))","v":"SINAPI 100978"},{"$f":"IF(ISERROR(INDIRECT(ORÇAMENTO.BancoRef)),\"(abra o arquivo 'Referência \"&Excel_BuiltIn_Database&\".xls)\",IF(OR($C254<>\"S\",ORÇAMENTO.CodBarra=\"\"),\"(Sem Código)\",IF(ISERROR(MATCH($AE254,INDIRECT(ORÇAMENTO.BancoRef),0)),\"(Código não identificado nas referências)\",MATCH($AE254,INDIRECT(ORÇAMENTO.BancoRef),0))))","v":"(abra o arquivo 'Referência 06-2023.xls)"},{"$f":"ROUND(IF(DESONERACAO=\"sim\",REFERENCIA.Desonerado,REFERENCIA.NaoDesonerado),2)","v":0},0.23530000000000001,null,{"$f":"AJ253","v":19.14},null,null,149.66999999999999,7.82]
["S",2,"S",0,{"$f":"IF($C255=1,OFFSET(E255,-1,0)+MAX(1,COUNTIF(QCI!$A$13:$A$32,OFFSET(ORÇAMENTO!E255,-1,0))),OFFSET(E255,-1,0))","v":5},6,0,0,3,0,{"$f":"IF(OR($C255=\"S\",$C255=0),0,MATCH(OFFSET($D255,0,$C255)+IF($C255<>1,1,COUNTIF(QCI!$A$13:$A$32,ORÇAMENTO!E255)),OFFSET($D255,1,$C255,ROW($C$850)-ROW($C255)),0))","v":0},"F","Serviço","Serviço","5.6.3.","SINAPI","95875","TRANSPORTE DE MATERIAL GRANULAR COM CAMINHÃO BASCULANTE, DMT = 20 KM","M3XKM",{"$f":"OFFSET(CÁLCULO!H$15,ROW($T255)-ROW(T$15),0)","v":382.8},2.23,"BDI 1",{"$f":"IF($C255=\"S\",ROUND(IF(TIPOORCAMENTO=\"Proposto\",ORÇAMENTO.CustoUnitario*(1+$AH255),ORÇAMENTO.PrecoUnitarioLicitado),15-13*$AF$10),0)","v":2.75},1052.7,"RA","RA",{"$f":"IF($C255=\"S\",IF($Z255=\"CP\",$X255,IF($Z255=\"RA\",(($X255)*QCI!$AA$3),0)),SomaAgrup)","v":1052.7},0,{"$f":"IF($N255=\"\",\"\",IF(ORÇAMENTO.Descricao=\"\",\"DESCRIÇÃO\",IF(AND($C255=\"S\",ORÇAMENTO.Unidade=\"\"),\"UNIDADE\",IF($X255<0,\"VALOR NEGATIVO\",IF(OR(AND(TIPOORCAMENTO=\"Proposto\",$AG255<>\"\",$AG255>0,ORÇAMENTO.CustoUnitario>$AG255),AND(TIPOORCAMENTO=\"LICITADO\",ORÇAMENTO.PrecoUnitarioLicitado>$AN255)),\"ACIMA REF.\",\"\")))))","v":""},{"$f":"IF(C255<=CRONO.NivelExibicao,MAX($AD$15:OFFSET(AD255,-1,0))+IF($C255<>1,1,MAX(1,COUNTIF(QCI!$A$13:$A$32,OFFSET($E255,-1,0)))),\"\")","v":""},{"$f":"IF(AND($C255=\"S\",ORÇAMENTO.CodBarra<>\"\"),IF(ORÇAMENTO.Fonte=\"\",ORÇAMENTO.CodBarra,CONCATENATE(ORÇAMENTO.Fonte,\" \",ORÇAMENTO.CodBarra)))","v":"SINAPI 95875"},{"$f":"IF(ISERROR(INDIRECT(ORÇAMENTO.BancoRef)),\"(abra o arquivo 'Referência \"&Excel_BuiltIn_Database&\".xls)\",IF(OR($C255<>\"S\",ORÇAMENTO.CodBarra=\"\"),\"(Sem Código)\",IF(ISERROR(MATCH($AE255,INDIRECT(ORÇAMENTO.BancoRef),0)),\"(Código não identificado nas referências)\",MATCH($AE255,INDIRECT(ORÇAMENTO.BancoRef),0))))","v":"(abra o arquivo 'Referência 06-2023.xls)"},{"$f":"ROUND(IF(DESONERACAO=\"sim\",REFERENCIA.Desonerado,REFERENCIA.NaoDesonerado),2)","v":0},0.23530000000000001,null,{"$f":"AJ254*20","v":382.8},null,null,1052.7,2.75]
["S",2,"S",0,{"$f":"IF($C256=1,OFFSET(E256,-1,0)+MAX(1,COUNTIF(QCI!$A$13:$A$32,OFFSET(ORÇAMENTO!E256,-1,0))),OFFSET(E256,-1,0))","v":5},6,0,0,4,0,{"$f":"IF(OR($C256=\"S\",$C256=0),0,MATCH(OFFSET($D256,0,$C256)+IF($C256<>1,1,COUNTIF(QCI!$A$13:$A$32,ORÇAMENTO!E256)),OFFSET($D256,1,$C256,ROW($C$850)-ROW($C256)),0))","v":0},"F","Serviço","Serviço","5.6.4.","SINAPI","96399","EXECUÇÃO E COMPACTAÇÃO DE BASE E OU SUB BASE PARA PAVIMENTAÇÃO DE PEDRA RACHÃO  - EXCLUSIVE CARGA E TRANSPORTE. AF_11/2019","M3",{"$f":"OFFSET(CÁLCULO!H$15,ROW($T256)-ROW(T$15),0)","v":9.32},123.66,"BDI 1",{"$f":"IF($C256=\"S\",ROUND(IF(TIPOORCAMENTO=\"Proposto\",ORÇAMENTO.CustoUnitario*(1+$AH256),ORÇAMENTO.PrecoUnitarioLicitado),15-13*$AF$10),0)","v":152.76},1423.72,"RA","RA",{"$f":"IF($C256=\"S\",IF($Z256=\"CP\",$X256,IF($Z256=\"RA\",(($X256)*QCI!$AA$3),0)),SomaAgrup)","v":1423.72},0,{"$f":"IF($N256=\"\",\"\",IF(ORÇAMENTO.Descricao=\"\",\"DESCRIÇÃO\",IF(AND($C256=\"S\",ORÇAMENTO.Unidade=\"\"),\"UNIDADE\",IF($X256<0,\"VALOR NEGATIVO\",IF(OR(AND(TIPOORCAMENTO=\"Proposto\",$AG256<>\"\",$AG256>0,ORÇAMENTO.CustoUnitario>$AG256),AND(TIPOORCAMENTO=\"LICITADO\",ORÇAMENTO.PrecoUnitarioLicitado>$AN256)),\"ACIMA REF.\",\"\")))))","v":""},{"$f":"IF(C256<=CRONO.NivelExibicao,MAX($AD$15:OFFSET(AD256,-1,0))+IF($C256<>1,1,MAX(1,COUNTIF(QCI!$A$13:$A$32,OFFSET($E256,-1,0)))),\"\")","v":""},{"$f":"IF(AND($C256=\"S\",ORÇAMENTO.CodBarra<>\"\"),IF(ORÇAMENTO.Fonte=\"\",ORÇAMENTO.CodBarra,CONCATENATE(ORÇAMENTO.Fonte,\" \",ORÇAMENTO.CodBarra)))","v":"SINAPI 96399"},{"$f":"IF(ISERROR(INDIRECT(ORÇAMENTO.BancoRef)),\"(abra o arquivo 'Referência \"&Excel_BuiltIn_Database&\".xls)\",IF(OR($C256<>\"S\",ORÇAMENTO.CodBarra=\"\"),\"(Sem Código)\",IF(ISERROR(MATCH($AE256,INDIRECT(ORÇAMENTO.BancoRef),0)),\"(Código não identificado nas referências)\",MATCH($AE256,INDIRECT(ORÇAMENTO.BancoRef),0))))","v":"(abra o arquivo 'Referência 06-2023.xls)"},{"$f":"ROUND(IF(DESONERACAO=\"sim\",REFERENCIA.Desonerado,REFERENCIA.NaoDesonerado),2)","v":0},0.23530000000000001,null,{"$f":"(9*0.2)+7.52","v":9.32},null,null,1423.72,152.76]
["S",2,"S",0,{"$f":"IF($C257=1,OFFSET(E257,-1,0)+MAX(1,COUNTIF(QCI!$A$13:$A$32,OFFSET(ORÇAMENTO!E257,-1,0))),OFFSET(E257,-1,0))","v":5},6,0,0,5,0,{"$f":"IF(OR($C257=\"S\",$C257=0),0,MATCH(OFFSET($D257,0,$C257)+IF($C257<>1,1,COUNTIF(QCI!$A$13:$A$32,ORÇAMENTO!E257)),OFFSET($D257,1,$C257,ROW($C$850)-ROW($C257)),0))","v":0},"F","Serviço","Serviço","5.6.5.","SINAPI","100978","CARGA, MANOBRA E DESCARGA DE MATERIAL GRANULAR EM CAMINHÃO BASCULANTE - CARGA COM ESCAVADEIRA HIDRÁULICA","M3",{"$f":"OFFSET(CÁLCULO!H$15,ROW($T257)-ROW(T$15),0)","v":9.32},6.33,"BDI 1",{"$f":"IF($C257=\"S\",ROUND(IF(TIPOORCAMENTO=\"Proposto\",ORÇAMENTO.CustoUnitario*(1+$AH257),ORÇAMENTO.PrecoUnitarioLicitado),15-13*$AF$10),0)","v":7.82},72.88,"RA","RA",{"$f":"IF($C257=\"S\",IF($Z257=\"CP\",$X257,IF($Z257=\"RA\",(($X257)*QCI!$AA$3),0)),SomaAgrup)","v":72.88},0,{"$f":"IF($N257=\"\",\"\",IF(ORÇAMENTO.Descricao=\"\",\"DESCRIÇÃO\",IF(AND($C257=\"S\",ORÇAMENTO.Unidade=\"\"),\"UNIDADE\",IF($X257<0,\"VALOR NEGATIVO\",IF(OR(AND(TIPOORCAMENTO=\"Proposto\",$AG257<>\"\",$AG257>0,ORÇAMENTO.CustoUnitario>$AG257),AND(TIPOORCAMENTO=\"LICITADO\",ORÇAMENTO.PrecoUnitarioLicitado>$AN257)),\"ACIMA REF.\",\"\")))))","v":""},{"$f":"IF(C257<=CRONO.NivelExibicao,MAX($AD$15:OFFSET(AD257,-1,0))+IF($C257<>1,1,MAX(1,COUNTIF(QCI!$A$13:$A$32,OFFSET($E257,-1,0)))),\"\")","v":""},{"$f":"IF(AND($C257=\"S\",ORÇAMENTO.CodBarra<>\"\"),IF(ORÇAMENTO.Fonte=\"\",ORÇAMENTO.CodBarra,CONCATENATE(ORÇAMENTO.Fonte,\" \",ORÇAMENTO.CodBarra)))","v":"SINAPI 100978"},{"$f":"IF(ISERROR(INDIRECT(ORÇAMENTO.BancoRef)),\"(abra o arquivo 'Referência \"&Excel_BuiltIn_Database&\".xls)\",IF(OR($C257<>\"S\",ORÇAMENTO.CodBarra=\"\"),\"(Sem Código)\",IF(ISERROR(MATCH($AE257,INDIRECT(ORÇAMENTO.BancoRef),0)),\"(Código não identificado nas referências)\",MATCH($AE257,INDIRECT(ORÇAMENTO.BancoRef),0))))","v":"(abra o arquivo 'Referência 06-2023.xls)"},{"$f":"ROUND(IF(DESONERACAO=\"sim\",REFERENCIA.Desonerado,REFERENCIA.NaoDesonerado),2)","v":0},0.23530000000000001,null,{"$f":"AJ256","v":9.32},null,null,72.88,7.82]
["S",2,"S",0,{"$f":"IF($C258=1,OFFSET(E258,-1,0)+MAX(1,COUNTIF(QCI!$A$13:$A$32,OFFSET(ORÇAMENTO!E258,-1,0))),OFFSET(E258,-1,0))","v":5},6,0,0,6,0,{"$f":"IF(OR($C258=\"S\",$C258=0),0,MATCH(OFFSET($D258,0,$C258)+IF($C258<>1,1,COUNTIF(QCI!$A$13:$A$32,ORÇAMENTO!E258)),OFFSET($D258,1,$C258,ROW($C$850)-ROW($C258)),0))","v":0},"F","Serviço","Serviço","5.6.6.","SINAPI","95875","TRANSPORTE DE MATERIAL GRANULAR COM CAMINHÃO BASCULANTE, DMT = 20 KM","M3XKM",{"$f":"OFFSET(CÁLCULO!H$15,ROW($T258)-ROW(T$15),0)","v":186.4},2.23,"BDI 1",{"$f":"IF($C258=\"S\",ROUND(IF(TIPOORCAMENTO=\"Proposto\",ORÇAMENTO.CustoUnitario*(1+$AH258),ORÇAMENTO.PrecoUnitarioLicitado),15-13*$AF$10),0)","v":2.75},512.6,"RA","RA",{"$f":"IF($C258=\"S\",IF($Z258=\"CP\",$X258,IF($Z258=\"RA\",(($X258)*QCI!$AA$3),0)),SomaAgrup)","v":512.6},0,{"$f":"IF($N258=\"\",\"\",IF(ORÇAMENTO.Descricao=\"\",\"DESCRIÇÃO\",IF(AND($C258=\"S\",ORÇAMENTO.Unidade=\"\"),\"UNIDADE\",IF($X258<0,\"VALOR NEGATIVO\",IF(OR(AND(TIPOORCAMENTO=\"Proposto\",$AG258<>\"\",$AG258>0,ORÇAMENTO.CustoUnitario>$AG258),AND(TIPOORCAMENTO=\"LICITADO\",ORÇAMENTO.PrecoUnitarioLicitado>$AN258)),\"ACIMA REF.\",\"\")))))","v":""},{"$f":"IF(C258<=CRONO.NivelExibicao,MAX($AD$15:OFFSET(AD258,-1,0))+IF($C258<>1,1,MAX(1,COUNTIF(QCI!$A$13:$A$32,OFFSET($E258,-1,0)))),\"\")","v":""},{"$f":"IF(AND($C258=\"S\",ORÇAMENTO.CodBarra<>\"\"),IF(ORÇAMENTO.Fonte=\"\",ORÇAMENTO.CodBarra,CONCATENATE(ORÇAMENTO.Fonte,\" \",ORÇAMENTO.CodBarra)))","v":"SINAPI 95875"},{"$f":"IF(ISERROR(INDIRECT(ORÇAMENTO.BancoRef)),\"(abra o arquivo 'Referência \"&Excel_BuiltIn_Database&\".xls)\",IF(OR($C258<>\"S\",ORÇAMENTO.CodBarra=\"\"),\"(Sem Código)\",IF(ISERROR(MATCH($AE258,INDIRECT(ORÇAMENTO.BancoRef),0)),\"(Código não identificado nas referências)\",MATCH($AE258,INDIRECT(ORÇAMENTO.BancoRef),0))))","v":"(abra o arquivo 'Referência 06-2023.xls)"},{"$f":"ROUND(IF(DESONERACAO=\"sim\",REFERENCIA.Desonerado,REFERENCIA.NaoDesonerado),2)","v":0},0.23530000000000001,null,{"$f":"AJ257*20","v":186.4},null,null,512.6,2.75]
[2,2,2,8,{"$f":"IF($C259=1,OFFSET(E259,-1,0)+MAX(1,COUNTIF(QCI!$A$13:$A$32,OFFSET(ORÇAMENTO!E259,-1,0))),OFFSET(E259,-1,0))","v":5},7,0,0,0,14,{"$f":"IF(OR($C259=\"S\",$C259=0),0,MATCH(OFFSET($D259,0,$C259)+IF($C259<>1,1,COUNTIF(QCI!$A$13:$A$32,ORÇAMENTO!E259)),OFFSET($D259,1,$C259,ROW($C$850)-ROW($C259)),0))","v":8},"F","Nível 2","Nível 2","5.7.","SINAPI",null,"PAVIMENTAÇÕES","-",{"$f":"OFFSET(CÁLCULO!H$15,ROW($T259)-ROW(T$15),0)","v":0},0,"BDI 1",{"$f":"IF($C259=\"S\",ROUND(IF(TIPOORCAMENTO=\"Proposto\",ORÇAMENTO.CustoUnitario*(1+$AH259),ORÇAMENTO.PrecoUnitarioLicitado),15-13*$AF$10),0)","v":0},107660.29,"RA","",{"$f":"IF($C259=\"S\",IF($Z259=\"CP\",$X259,IF($Z259=\"RA\",(($X259)*QCI!$AA$3),0)),SomaAgrup)","v":107660.29000000001},0,{"$f":"IF($N259=\"\",\"\",IF(ORÇAMENTO.Descricao=\"\",\"DESCRIÇÃO\",IF(AND($C259=\"S\",ORÇAMENTO.Unidade=\"\"),\"UNIDADE\",IF($X259<0,\"VALOR NEGATIVO\",IF(OR(AND(TIPOORCAMENTO=\"Proposto\",$AG259<>\"\",$AG259>0,ORÇAMENTO.CustoUnitario>$AG259),AND(TIPOORCAMENTO=\"LICITADO\",ORÇAMENTO.PrecoUnitarioLicitado>$AN259)),\"ACIMA REF.\",\"\")))))","v":""},{"$f":"IF(C259<=CRONO.NivelExibicao,MAX($AD$15:OFFSET(AD259,-1,0))+IF($C259<>1,1,MAX(1,COUNTIF(QCI!$A$13:$A$32,OFFSET($E259,-1,0)))),\"\")","v":""},{"$f":"IF(AND($C259=\"S\",ORÇAMENTO.CodBarra<>\"\"),IF(ORÇAMENTO.Fonte=\"\",ORÇAMENTO.CodBarra,CONCATENATE(ORÇAMENTO.Fonte,\" \",ORÇAMENTO.CodBarra)))","v":false},{"$f":"IF(ISERROR(INDIRECT(ORÇAMENTO.BancoRef)),\"(abra o arquivo 'Referência \"&Excel_BuiltIn_Database&\".xls)\",IF(OR($C259<>\"S\",ORÇAMENTO.CodBarra=\"\"),\"(Sem Código)\",IF(ISERROR(MATCH($AE259,INDIRECT(ORÇAMENTO.BancoRef),0)),\"(Código não identificado nas referências)\",MATCH($AE259,INDIRECT(ORÇAMENTO.BancoRef),0))))","v":"(abra o arquivo 'Referência 06-2023.xls)"},{"$f":"ROUND(IF(DESONERACAO=\"sim\",REFERENCIA.Desonerado,REFERENCIA.NaoDesonerado),2)","v":0},0.23530000000000001,null,null,null,null,107660.29,0]
["S",2,"S",0,{"$f":"IF($C260=1,OFFSET(E260,-1,0)+MAX(1,COUNTIF(QCI!$A$13:$A$32,OFFSET(ORÇAMENTO!E260,-1,0))),OFFSET(E260,-1,0))","v":5},7,0,0,1,0,{"$f":"IF(OR($C260=\"S\",$C260=0),0,MATCH(OFFSET($D260,0,$C260)+IF($C260<>1,1,COUNTIF(QCI!$A$13:$A$32,ORÇAMENTO!E260)),OFFSET($D260,1,$C260,ROW($C$850)-ROW($C260)),0))","v":0},"F","Serviço","Serviço","5.7.1.","AMMOC","CM30","EXECUÇÃO DE IMPRIMAÇÃO COM ASFALTO DILUÍDO CM-30","M2",{"$f":"OFFSET(CÁLCULO!H$15,ROW($T260)-ROW(T$15),0)","v":50},7.48,"BDI 1",{"$f":"IF($C260=\"S\",ROUND(IF(TIPOORCAMENTO=\"Proposto\",ORÇAMENTO.CustoUnitario*(1+$AH260),ORÇAMENTO.PrecoUnitarioLicitado),15-13*$AF$10),0)","v":9.24},462,"RA","RA",{"$f":"IF($C260=\"S\",IF($Z260=\"CP\",$X260,IF($Z260=\"RA\",(($X260)*QCI!$AA$3),0)),SomaAgrup)","v":462},0,{"$f":"IF($N260=\"\",\"\",IF(ORÇAMENTO.Descricao=\"\",\"DESCRIÇÃO\",IF(AND($C260=\"S\",ORÇAMENTO.Unidade=\"\"),\"UNIDADE\",IF($X260<0,\"VALOR NEGATIVO\",IF(OR(AND(TIPOORCAMENTO=\"Proposto\",$AG260<>\"\",$AG260>0,ORÇAMENTO.CustoUnitario>$AG260),AND(TIPOORCAMENTO=\"LICITADO\",ORÇAMENTO.PrecoUnitarioLicitado>$AN260)),\"ACIMA REF.\",\"\")))))","v":""},{"$f":"IF(C260<=CRONO.NivelExibicao,MAX($AD$15:OFFSET(AD260,-1,0))+IF($C260<>1,1,MAX(1,COUNTIF(QCI!$A$13:$A$32,OFFSET($E260,-1,0)))),\"\")","v":""},{"$f":"IF(AND($C260=\"S\",ORÇAMENTO.CodBarra<>\"\"),IF(ORÇAMENTO.Fonte=\"\",ORÇAMENTO.CodBarra,CONCATENATE(ORÇAMENTO.Fonte,\" \",ORÇAMENTO.CodBarra)))","v":"AMMOC CM30"},{"$f":"IF(ISERROR(INDIRECT(ORÇAMENTO.BancoRef)),\"(abra o arquivo 'Referência \"&Excel_BuiltIn_Database&\".xls)\",IF(OR($C260<>\"S\",ORÇAMENTO.CodBarra=\"\"),\"(Sem Código)\",IF(ISERROR(MATCH($AE260,INDIRECT(ORÇAMENTO.BancoRef),0)),\"(Código não identificado nas referências)\",MATCH($AE260,INDIRECT(ORÇAMENTO.BancoRef),0))))","v":"(abra o arquivo 'Referência 06-2023.xls)"},{"$f":"ROUND(IF(DESONERACAO=\"sim\",REFERENCIA.Desonerado,REFERENCIA.NaoDesonerado),2)","v":0},0.23530000000000001,null,50,null,null,462,9.24]
["S",2,"S",0,{"$f":"IF($C261=1,OFFSET(E261,-1,0)+MAX(1,COUNTIF(QCI!$A$13:$A$32,OFFSET(ORÇAMENTO!E261,-1,0))),OFFSET(E261,-1,0))","v":5},7,0,0,2,0,{"$f":"IF(OR($C261=\"S\",$C261=0),0,MATCH(OFFSET($D261,0,$C261)+IF($C261<>1,1,COUNTIF(QCI!$A$13:$A$32,ORÇAMENTO!E261)),OFFSET($D261,1,$C261,ROW($C$850)-ROW($C261)),0))","v":0},"F","Serviço","Serviço","5.7.2.","SINAPI","102332","TRANSPORTE COM CAMINHÃO TANQUE DE MATERIAL ASFÁLTICO, DMT = 20 KM","TXKM",{"$f":"OFFSET(CÁLCULO!H$15,ROW($T261)-ROW(T$15),0)","v":1},1.64,"BDI 1",{"$f":"IF($C261=\"S\",ROUND(IF(TIPOORCAMENTO=\"Proposto\",ORÇAMENTO.CustoUnitario*(1+$AH261),ORÇAMENTO.PrecoUnitarioLicitado),15-13*$AF$10),0)","v":2.0299999999999998},2.0299999999999998,"RA","RA",{"$f":"IF($C261=\"S\",IF($Z261=\"CP\",$X261,IF($Z261=\"RA\",(($X261)*QCI!$AA$3),0)),SomaAgrup)","v":2.0299999999999998},0,{"$f":"IF($N261=\"\",\"\",IF(ORÇAMENTO.Descricao=\"\",\"DESCRIÇÃO\",IF(AND($C261=\"S\",ORÇAMENTO.Unidade=\"\"),\"UNIDADE\",IF($X261<0,\"VALOR NEGATIVO\",IF(OR(AND(TIPOORCAMENTO=\"Proposto\",$AG261<>\"\",$AG261>0,ORÇAMENTO.CustoUnitario>$AG261),AND(TIPOORCAMENTO=\"LICITADO\",ORÇAMENTO.PrecoUnitarioLicitado>$AN261)),\"ACIMA REF.\",\"\")))))","v":""},{"$f":"IF(C261<=CRONO.NivelExibicao,MAX($AD$15:OFFSET(AD261,-1,0))+IF($C261<>1,1,MAX(1,COUNTIF(QCI!$A$13:$A$32,OFFSET($E261,-1,0)))),\"\")","v":""},{"$f":"IF(AND($C261=\"S\",ORÇAMENTO.CodBarra<>\"\"),IF(ORÇAMENTO.Fonte=\"\",ORÇAMENTO.CodBarra,CONCATENATE(ORÇAMENTO.Fonte,\" \",ORÇAMENTO.CodBarra)))","v":"SINAPI 102332"},{"$f":"IF(ISERROR(INDIRECT(ORÇAMENTO.BancoRef)),\"(abra o arquivo 'Referência \"&Excel_BuiltIn_Database&\".xls)\",IF(OR($C261<>\"S\",ORÇAMENTO.CodBarra=\"\"),\"(Sem Código)\",IF(ISERROR(MATCH($AE261,INDIRECT(ORÇAMENTO.BancoRef),0)),\"(Código não identificado nas referências)\",MATCH($AE261,INDIRECT(ORÇAMENTO.BancoRef),0))))","v":"(abra o arquivo 'Referência 06-2023.xls)"},{"$f":"ROUND(IF(DESONERACAO=\"sim\",REFERENCIA.Desonerado,REFERENCIA.NaoDesonerado),2)","v":0},0.23530000000000001,null,{"$f":"AJ260*20/1000","v":1},null,null,2.0299999999999998,2.0299999999999998]
["S",2,"S",0,{"$f":"IF($C262=1,OFFSET(E262,-1,0)+MAX(1,COUNTIF(QCI!$A$13:$A$32,OFFSET(ORÇAMENTO!E262,-1,0))),OFFSET(E262,-1,0))","v":5},7,0,0,3,0,{"$f":"IF(OR($C262=\"S\",$C262=0),0,MATCH(OFFSET($D262,0,$C262)+IF($C262<>1,1,COUNTIF(QCI!$A$13:$A$32,ORÇAMENTO!E262)),OFFSET($D262,1,$C262,ROW($C$850)-ROW($C262)),0))","v":0},"F","Serviço","Serviço","5.7.3.","AMMOC","RR-2C","PINTURA DE LIGAÇÃO COM EMULSÃO RR-2C","M2",{"$f":"OFFSET(CÁLCULO!H$15,ROW($T262)-ROW(T$15),0)","v":1680},2.54,"BDI 1",{"$f":"IF($C262=\"S\",ROUND(IF(TIPOORCAMENTO=\"Proposto\",ORÇAMENTO.CustoUnitario*(1+$AH262),ORÇAMENTO.PrecoUnitarioLicitado),15-13*$AF$10),0)","v":3.14},5275.2,"RA","RA",{"$f":"IF($C262=\"S\",IF($Z262=\"CP\",$X262,IF($Z262=\"RA\",(($X262)*QCI!$AA$3),0)),SomaAgrup)","v":5275.2},0,{"$f":"IF($N262=\"\",\"\",IF(ORÇAMENTO.Descricao=\"\",\"DESCRIÇÃO\",IF(AND($C262=\"S\",ORÇAMENTO.Unidade=\"\"),\"UNIDADE\",IF($X262<0,\"VALOR NEGATIVO\",IF(OR(AND(TIPOORCAMENTO=\"Proposto\",$AG262<>\"\",$AG262>0,ORÇAMENTO.CustoUnitario>$AG262),AND(TIPOORCAMENTO=\"LICITADO\",ORÇAMENTO.PrecoUnitarioLicitado>$AN262)),\"ACIMA REF.\",\"\")))))","v":""},{"$f":"IF(C262<=CRONO.NivelExibicao,MAX($AD$15:OFFSET(AD262,-1,0))+IF($C262<>1,1,MAX(1,COUNTIF(QCI!$A$13:$A$32,OFFSET($E262,-1,0)))),\"\")","v":""},{"$f":"IF(AND($C262=\"S\",ORÇAMENTO.CodBarra<>\"\"),IF(ORÇAMENTO.Fonte=\"\",ORÇAMENTO.CodBarra,CONCATENATE(ORÇAMENTO.Fonte,\" \",ORÇAMENTO.CodBarra)))","v":"AMMOC RR-2C"},{"$f":"IF(ISERROR(INDIRECT(ORÇAMENTO.BancoRef)),\"(abra o arquivo 'Referência \"&Excel_BuiltIn_Database&\".xls)\",IF(OR($C262<>\"S\",ORÇAMENTO.CodBarra=\"\"),\"(Sem Código)\",IF(ISERROR(MATCH($AE262,INDIRECT(ORÇAMENTO.BancoRef),0)),\"(Código não identificado nas referências)\",MATCH($AE262,INDIRECT(ORÇAMENTO.BancoRef),0))))","v":"(abra o arquivo 'Referência 06-2023.xls)"},{"$f":"ROUND(IF(DESONERACAO=\"sim\",REFERENCIA.Desonerado,REFERENCIA.NaoDesonerado),2)","v":0},0.23530000000000001,null,{"$f":"819+861","v":1680},null,null,5275.2,3.14]
["S",2,"S",0,{"$f":"IF($C263=1,OFFSET(E263,-1,0)+MAX(1,COUNTIF(QCI!$A$13:$A$32,OFFSET(ORÇAMENTO!E263,-1,0))),OFFSET(E263,-1,0))","v":5},7,0,0,4,0,{"$f":"IF(OR($C263=\"S\",$C263=0),0,MATCH(OFFSET($D263,0,$C263)+IF($C263<>1,1,COUNTIF(QCI!$A$13:$A$32,ORÇAMENTO!E263)),OFFSET($D263,1,$C263,ROW($C$850)-ROW($C263)),0))","v":0},"F","Serviço","Serviço","5.7.4.","SINAPI","102332","TRANSPORTE COM CAMINHÃO TANQUE DE MATERIAL ASFÁLTICO, DMT = 20 KM","TXKM",{"$f":"OFFSET(CÁLCULO!H$15,ROW($T263)-ROW(T$15),0)","v":33.6},1.64,"BDI 1",{"$f":"IF($C263=\"S\",ROUND(IF(TIPOORCAMENTO=\"Proposto\",ORÇAMENTO.CustoUnitario*(1+$AH263),ORÇAMENTO.PrecoUnitarioLicitado),15-13*$AF$10),0)","v":2.0299999999999998},68.209999999999994,"RA","RA",{"$f":"IF($C263=\"S\",IF($Z263=\"CP\",$X263,IF($Z263=\"RA\",(($X263)*QCI!$AA$3),0)),SomaAgrup)","v":68.209999999999994},0,{"$f":"IF($N263=\"\",\"\",IF(ORÇAMENTO.Descricao=\"\",\"DESCRIÇÃO\",IF(AND($C263=\"S\",ORÇAMENTO.Unidade=\"\"),\"UNIDADE\",IF($X263<0,\"VALOR NEGATIVO\",IF(OR(AND(TIPOORCAMENTO=\"Proposto\",$AG263<>\"\",$AG263>0,ORÇAMENTO.CustoUnitario>$AG263),AND(TIPOORCAMENTO=\"LICITADO\",ORÇAMENTO.PrecoUnitarioLicitado>$AN263)),\"ACIMA REF.\",\"\")))))","v":""},{"$f":"IF(C263<=CRONO.NivelExibicao,MAX($AD$15:OFFSET(AD263,-1,0))+IF($C263<>1,1,MAX(1,COUNTIF(QCI!$A$13:$A$32,OFFSET($E263,-1,0)))),\"\")","v":""},{"$f":"IF(AND($C263=\"S\",ORÇAMENTO.CodBarra<>\"\"),IF(ORÇAMENTO.Fonte=\"\",ORÇAMENTO.CodBarra,CONCATENATE(ORÇAMENTO.Fonte,\" \",ORÇAMENTO.CodBarra)))","v":"SINAPI 102332"},{"$f":"IF(ISERROR(INDIRECT(ORÇAMENTO.BancoRef)),\"(abra o arquivo 'Referência \"&Excel_BuiltIn_Database&\".xls)\",IF(OR($C263<>\"S\",ORÇAMENTO.CodBarra=\"\"),\"(Sem Código)\",IF(ISERROR(MATCH($AE263,INDIRECT(ORÇAMENTO.BancoRef),0)),\"(Código não identificado nas referências)\",MATCH($AE263,INDIRECT(ORÇAMENTO.BancoRef),0))))","v":"(abra o arquivo 'Referência 06-2023.xls)"},{"$f":"ROUND(IF(DESONERACAO=\"sim\",REFERENCIA.Desonerado,REFERENCIA.NaoDesonerado),2)","v":0},0.23530000000000001,null,{"$f":"AJ262*20/1000","v":33.6},null,null,68.209999999999994,2.0299999999999998]
["S",2,"S",0,{"$f":"IF($C264=1,OFFSET(E264,-1,0)+MAX(1,COUNTIF(QCI!$A$13:$A$32,OFFSET(ORÇAMENTO!E264,-1,0))),OFFSET(E264,-1,0))","v":5},7,0,0,5,0,{"$f":"IF(OR($C264=\"S\",$C264=0),0,MATCH(OFFSET($D264,0,$C264)+IF($C264<>1,1,COUNTIF(QCI!$A$13:$A$32,ORÇAMENTO!E264)),OFFSET($D264,1,$C264,ROW($C$850)-ROW($C264)),0))","v":0},"F","Serviço","Serviço","5.7.5.","AMMOC","PAVASF","EXECUÇÃO DE PAVIMENTO COM APLICAÇÃO DE CONCRETO ASFÁLTICO, CAMADA DE ROLAMENTO - EXCLUSIVE CARGA E TRANSPORTE. AF_11/2019","M3",{"$f":"OFFSET(CÁLCULO!H$15,ROW($T264)-ROW(T$15),0)","v":66.78},1198.32,"BDI 1",{"$f":"IF($C264=\"S\",ROUND(IF(TIPOORCAMENTO=\"Proposto\",ORÇAMENTO.CustoUnitario*(1+$AH264),ORÇAMENTO.PrecoUnitarioLicitado),15-13*$AF$10),0)","v":1480.28},98853.1,"RA","RA",{"$f":"IF($C264=\"S\",IF($Z264=\"CP\",$X264,IF($Z264=\"RA\",(($X264)*QCI!$AA$3),0)),SomaAgrup)","v":98853.1},0,{"$f":"IF($N264=\"\",\"\",IF(ORÇAMENTO.Descricao=\"\",\"DESCRIÇÃO\",IF(AND($C264=\"S\",ORÇAMENTO.Unidade=\"\"),\"UNIDADE\",IF($X264<0,\"VALOR NEGATIVO\",IF(OR(AND(TIPOORCAMENTO=\"Proposto\",$AG264<>\"\",$AG264>0,ORÇAMENTO.CustoUnitario>$AG264),AND(TIPOORCAMENTO=\"LICITADO\",ORÇAMENTO.PrecoUnitarioLicitado>$AN264)),\"ACIMA REF.\",\"\")))))","v":""},{"$f":"IF(C264<=CRONO.NivelExibicao,MAX($AD$15:OFFSET(AD264,-1,0))+IF($C264<>1,1,MAX(1,COUNTIF(QCI!$A$13:$A$32,OFFSET($E264,-1,0)))),\"\")","v":""},{"$f":"IF(AND($C264=\"S\",ORÇAMENTO.CodBarra<>\"\"),IF(ORÇAMENTO.Fonte=\"\",ORÇAMENTO.CodBarra,CONCATENATE(ORÇAMENTO.Fonte,\" \",ORÇAMENTO.CodBarra)))","v":"AMMOC PAVASF"},{"$f":"IF(ISERROR(INDIRECT(ORÇAMENTO.BancoRef)),\"(abra o arquivo 'Referência \"&Excel_BuiltIn_Database&\".xls)\",IF(OR($C264<>\"S\",ORÇAMENTO.CodBarra=\"\"),\"(Sem Código)\",IF(ISERROR(MATCH($AE264,INDIRECT(ORÇAMENTO.BancoRef),0)),\"(Código não identificado nas referências)\",MATCH($AE264,INDIRECT(ORÇAMENTO.BancoRef),0))))","v":"(abra o arquivo 'Referência 06-2023.xls)"},{"$f":"ROUND(IF(DESONERACAO=\"sim\",REFERENCIA.Desonerado,REFERENCIA.NaoDesonerado),2)","v":0},0.23530000000000001,null,{"$f":"(819*0.05)+(861*0.03)","v":66.78},null,null,98853.1,1480.28]
["S",2,"S",0,{"$f":"IF($C265=1,OFFSET(E265,-1,0)+MAX(1,COUNTIF(QCI!$A$13:$A$32,OFFSET(ORÇAMENTO!E265,-1,0))),OFFSET(E265,-1,0))","v":5},7,0,0,6,0,{"$f":"IF(OR($C265=\"S\",$C265=0),0,MATCH(OFFSET($D265,0,$C265)+IF($C265<>1,1,COUNTIF(QCI!$A$13:$A$32,ORÇAMENTO!E265)),OFFSET($D265,1,$C265,ROW($C$850)-ROW($C265)),0))","v":0},"F","Serviço","Serviço","5.7.6.","SINAPI","100986","CARGA DE MISTURA ASFÁLTICA EM CAMINHÃO BASCULANTE","M3",{"$f":"OFFSET(CÁLCULO!H$15,ROW($T265)-ROW(T$15),0)","v":66.78},8.19,"BDI 1",{"$f":"IF($C265=\"S\",ROUND(IF(TIPOORCAMENTO=\"Proposto\",ORÇAMENTO.CustoUnitario*(1+$AH265),ORÇAMENTO.PrecoUnitarioLicitado),15-13*$AF$10),0)","v":10.119999999999999},675.81,"RA","RA",{"$f":"IF($C265=\"S\",IF($Z265=\"CP\",$X265,IF($Z265=\"RA\",(($X265)*QCI!$AA$3),0)),SomaAgrup)","v":675.81},0,{"$f":"IF($N265=\"\",\"\",IF(ORÇAMENTO.Descricao=\"\",\"DESCRIÇÃO\",IF(AND($C265=\"S\",ORÇAMENTO.Unidade=\"\"),\"UNIDADE\",IF($X265<0,\"VALOR NEGATIVO\",IF(OR(AND(TIPOORCAMENTO=\"Proposto\",$AG265<>\"\",$AG265>0,ORÇAMENTO.CustoUnitario>$AG265),AND(TIPOORCAMENTO=\"LICITADO\",ORÇAMENTO.PrecoUnitarioLicitado>$AN265)),\"ACIMA REF.\",\"\")))))","v":""},{"$f":"IF(C265<=CRONO.NivelExibicao,MAX($AD$15:OFFSET(AD265,-1,0))+IF($C265<>1,1,MAX(1,COUNTIF(QCI!$A$13:$A$32,OFFSET($E265,-1,0)))),\"\")","v":""},{"$f":"IF(AND($C265=\"S\",ORÇAMENTO.CodBarra<>\"\"),IF(ORÇAMENTO.Fonte=\"\",ORÇAMENTO.CodBarra,CONCATENATE(ORÇAMENTO.Fonte,\" \",ORÇAMENTO.CodBarra)))","v":"SINAPI 100986"},{"$f":"IF(ISERROR(INDIRECT(ORÇAMENTO.BancoRef)),\"(abra o arquivo 'Referência \"&Excel_BuiltIn_Database&\".xls)\",IF(OR($C265<>\"S\",ORÇAMENTO.CodBarra=\"\"),\"(Sem Código)\",IF(ISERROR(MATCH($AE265,INDIRECT(ORÇAMENTO.BancoRef),0)),\"(Código não identificado nas referências)\",MATCH($AE265,INDIRECT(ORÇAMENTO.BancoRef),0))))","v":"(abra o arquivo 'Referência 06-2023.xls)"},{"$f":"ROUND(IF(DESONERACAO=\"sim\",REFERENCIA.Desonerado,REFERENCIA.NaoDesonerado),2)","v":0},0.23530000000000001,null,{"$f":"AJ264","v":66.78},null,null,675.81,10.119999999999999]
["S",2,"S",0,{"$f":"IF($C266=1,OFFSET(E266,-1,0)+MAX(1,COUNTIF(QCI!$A$13:$A$32,OFFSET(ORÇAMENTO!E266,-1,0))),OFFSET(E266,-1,0))","v":5},7,0,0,7,0,{"$f":"IF(OR($C266=\"S\",$C266=0),0,MATCH(OFFSET($D266,0,$C266)+IF($C266<>1,1,COUNTIF(QCI!$A$13:$A$32,ORÇAMENTO!E266)),OFFSET($D266,1,$C266,ROW($C$850)-ROW($C266)),0))","v":0},"F","Serviço","Serviço","5.7.7.","SINAPI","95303","TRANSPORTE COM CAMINHÃO BASCULANTE DE MASSA ASFALTICA PARA PAVIMENTAÇÃO URBANA, DMT = 20 KM","M3XKM",{"$f":"OFFSET(CÁLCULO!H$15,ROW($T266)-ROW(T$15),0)","v":1335.6},1.41,"BDI 1",{"$f":"IF($C266=\"S\",ROUND(IF(TIPOORCAMENTO=\"Proposto\",ORÇAMENTO.CustoUnitario*(1+$AH266),ORÇAMENTO.PrecoUnitarioLicitado),15-13*$AF$10),0)","v":1.74},2323.94,"RA","RA",{"$f":"IF($C266=\"S\",IF($Z266=\"CP\",$X266,IF($Z266=\"RA\",(($X266)*QCI!$AA$3),0)),SomaAgrup)","v":2323.94},0,{"$f":"IF($N266=\"\",\"\",IF(ORÇAMENTO.Descricao=\"\",\"DESCRIÇÃO\",IF(AND($C266=\"S\",ORÇAMENTO.Unidade=\"\"),\"UNIDADE\",IF($X266<0,\"VALOR NEGATIVO\",IF(OR(AND(TIPOORCAMENTO=\"Proposto\",$AG266<>\"\",$AG266>0,ORÇAMENTO.CustoUnitario>$AG266),AND(TIPOORCAMENTO=\"LICITADO\",ORÇAMENTO.PrecoUnitarioLicitado>$AN266)),\"ACIMA REF.\",\"\")))))","v":""},{"$f":"IF(C266<=CRONO.NivelExibicao,MAX($AD$15:OFFSET(AD266,-1,0))+IF($C266<>1,1,MAX(1,COUNTIF(QCI!$A$13:$A$32,OFFSET($E266,-1,0)))),\"\")","v":""},{"$f":"IF(AND($C266=\"S\",ORÇAMENTO.CodBarra<>\"\"),IF(ORÇAMENTO.Fonte=\"\",ORÇAMENTO.CodBarra,CONCATENATE(ORÇAMENTO.Fonte,\" \",ORÇAMENTO.CodBarra)))","v":"SINAPI 95303"},{"$f":"IF(ISERROR(INDIRECT(ORÇAMENTO.BancoRef)),\"(abra o arquivo 'Referência \"&Excel_BuiltIn_Database&\".xls)\",IF(OR($C266<>\"S\",ORÇAMENTO.CodBarra=\"\"),\"(Sem Código)\",IF(ISERROR(MATCH($AE266,INDIRECT(ORÇAMENTO.BancoRef),0)),\"(Código não identificado nas referências)\",MATCH($AE266,INDIRECT(ORÇAMENTO.BancoRef),0))))","v":"(abra o arquivo 'Referência 06-2023.xls)"},{"$f":"ROUND(IF(DESONERACAO=\"sim\",REFERENCIA.Desonerado,REFERENCIA.NaoDesonerado),2)","v":0},0.23530000000000001,null,{"$f":"AJ265*20","v":1335.6},null,null,2323.94,1.74]
[2,2,2,2,{"$f":"IF($C267=1,OFFSET(E267,-1,0)+MAX(1,COUNTIF(QCI!$A$13:$A$32,OFFSET(ORÇAMENTO!E267,-1,0))),OFFSET(E267,-1,0))","v":5},8,0,0,0,6,{"$f":"IF(OR($C267=\"S\",$C267=0),0,MATCH(OFFSET($D267,0,$C267)+IF($C267<>1,1,COUNTIF(QCI!$A$13:$A$32,ORÇAMENTO!E267)),OFFSET($D267,1,$C267,ROW($C$850)-ROW($C267)),0))","v":2},"F","Nível 2","Nível 2","5.8.","SINAPI",null,"MEIO FIO","-",{"$f":"OFFSET(CÁLCULO!H$15,ROW($T267)-ROW(T$15),0)","v":0},0,"BDI 1",{"$f":"IF($C267=\"S\",ROUND(IF(TIPOORCAMENTO=\"Proposto\",ORÇAMENTO.CustoUnitario*(1+$AH267),ORÇAMENTO.PrecoUnitarioLicitado),15-13*$AF$10),0)","v":0},3863.98,"RA","",{"$f":"IF($C267=\"S\",IF($Z267=\"CP\",$X267,IF($Z267=\"RA\",(($X267)*QCI!$AA$3),0)),SomaAgrup)","v":3863.98},0,{"$f":"IF($N267=\"\",\"\",IF(ORÇAMENTO.Descricao=\"\",\"DESCRIÇÃO\",IF(AND($C267=\"S\",ORÇAMENTO.Unidade=\"\"),\"UNIDADE\",IF($X267<0,\"VALOR NEGATIVO\",IF(OR(AND(TIPOORCAMENTO=\"Proposto\",$AG267<>\"\",$AG267>0,ORÇAMENTO.CustoUnitario>$AG267),AND(TIPOORCAMENTO=\"LICITADO\",ORÇAMENTO.PrecoUnitarioLicitado>$AN267)),\"ACIMA REF.\",\"\")))))","v":""},{"$f":"IF(C267<=CRONO.NivelExibicao,MAX($AD$15:OFFSET(AD267,-1,0))+IF($C267<>1,1,MAX(1,COUNTIF(QCI!$A$13:$A$32,OFFSET($E267,-1,0)))),\"\")","v":""},{"$f":"IF(AND($C267=\"S\",ORÇAMENTO.CodBarra<>\"\"),IF(ORÇAMENTO.Fonte=\"\",ORÇAMENTO.CodBarra,CONCATENATE(ORÇAMENTO.Fonte,\" \",ORÇAMENTO.CodBarra)))","v":false},{"$f":"IF(ISERROR(INDIRECT(ORÇAMENTO.BancoRef)),\"(abra o arquivo 'Referência \"&Excel_BuiltIn_Database&\".xls)\",IF(OR($C267<>\"S\",ORÇAMENTO.CodBarra=\"\"),\"(Sem Código)\",IF(ISERROR(MATCH($AE267,INDIRECT(ORÇAMENTO.BancoRef),0)),\"(Código não identificado nas referências)\",MATCH($AE267,INDIRECT(ORÇAMENTO.BancoRef),0))))","v":"(abra o arquivo 'Referência 06-2023.xls)"},{"$f":"ROUND(IF(DESONERACAO=\"sim\",REFERENCIA.Desonerado,REFERENCIA.NaoDesonerado),2)","v":0},0.23530000000000001,null,null,null,null,3863.98,0]
["S",2,"S",0,{"$f":"IF($C268=1,OFFSET(E268,-1,0)+MAX(1,COUNTIF(QCI!$A$13:$A$32,OFFSET(ORÇAMENTO!E268,-1,0))),OFFSET(E268,-1,0))","v":5},8,0,0,1,0,{"$f":"IF(OR($C268=\"S\",$C268=0),0,MATCH(OFFSET($D268,0,$C268)+IF($C268<>1,1,COUNTIF(QCI!$A$13:$A$32,ORÇAMENTO!E268)),OFFSET($D268,1,$C268,ROW($C$850)-ROW($C268)),0))","v":0},"F","Serviço","Serviço","5.8.1.","SINAPI","94263","GUIA (MEIO-FIO) CONCRETO, MOLDADA  IN LOCO  EM TRECHO RETO COM EXTRUSORA, 13 CM BASE X 22 CM ALTURA. AF_06/2016","M",{"$f":"OFFSET(CÁLCULO!H$15,ROW($T268)-ROW(T$15),0)","v":86},36.369999999999997,"BDI 1",{"$f":"IF($C268=\"S\",ROUND(IF(TIPOORCAMENTO=\"Proposto\",ORÇAMENTO.CustoUnitario*(1+$AH268),ORÇAMENTO.PrecoUnitarioLicitado),15-13*$AF$10),0)","v":44.93},3863.98,"RA","RA",{"$f":"IF($C268=\"S\",IF($Z268=\"CP\",$X268,IF($Z268=\"RA\",(($X268)*QCI!$AA$3),0)),SomaAgrup)","v":3863.98},0,{"$f":"IF($N268=\"\",\"\",IF(ORÇAMENTO.Descricao=\"\",\"DESCRIÇÃO\",IF(AND($C268=\"S\",ORÇAMENTO.Unidade=\"\"),\"UNIDADE\",IF($X268<0,\"VALOR NEGATIVO\",IF(OR(AND(TIPOORCAMENTO=\"Proposto\",$AG268<>\"\",$AG268>0,ORÇAMENTO.CustoUnitario>$AG268),AND(TIPOORCAMENTO=\"LICITADO\",ORÇAMENTO.PrecoUnitarioLicitado>$AN268)),\"ACIMA REF.\",\"\")))))","v":""},{"$f":"IF(C268<=CRONO.NivelExibicao,MAX($AD$15:OFFSET(AD268,-1,0))+IF($C268<>1,1,MAX(1,COUNTIF(QCI!$A$13:$A$32,OFFSET($E268,-1,0)))),\"\")","v":""},{"$f":"IF(AND($C268=\"S\",ORÇAMENTO.CodBarra<>\"\"),IF(ORÇAMENTO.Fonte=\"\",ORÇAMENTO.CodBarra,CONCATENATE(ORÇAMENTO.Fonte,\" \",ORÇAMENTO.CodBarra)))","v":"SINAPI 94263"},{"$f":"IF(ISERROR(INDIRECT(ORÇAMENTO.BancoRef)),\"(abra o arquivo 'Referência \"&Excel_BuiltIn_Database&\".xls)\",IF(OR($C268<>\"S\",ORÇAMENTO.CodBarra=\"\"),\"(Sem Código)\",IF(ISERROR(MATCH($AE268,INDIRECT(ORÇAMENTO.BancoRef),0)),\"(Código não identificado nas referências)\",MATCH($AE268,INDIRECT(ORÇAMENTO.BancoRef),0))))","v":"(abra o arquivo 'Referência 06-2023.xls)"},{"$f":"ROUND(IF(DESONERACAO=\"sim\",REFERENCIA.Desonerado,REFERENCIA.NaoDesonerado),2)","v":0},0.23530000000000001,null,86,null,null,3863.98,44.93]
[2,2,2,4,{"$f":"IF($C269=1,OFFSET(E269,-1,0)+MAX(1,COUNTIF(QCI!$A$13:$A$32,OFFSET(ORÇAMENTO!E269,-1,0))),OFFSET(E269,-1,0))","v":5},9,0,0,0,4,{"$f":"IF(OR($C269=\"S\",$C269=0),0,MATCH(OFFSET($D269,0,$C269)+IF($C269<>1,1,COUNTIF(QCI!$A$13:$A$32,ORÇAMENTO!E269)),OFFSET($D269,1,$C269,ROW($C$850)-ROW($C269)),0))","v":162},"F","Nível 2","Nível 2","5.9.","SINAPI",null,"SINALIZAÇÃO","-",{"$f":"OFFSET(CÁLCULO!H$15,ROW($T269)-ROW(T$15),0)","v":0},0,"BDI 1",{"$f":"IF($C269=\"S\",ROUND(IF(TIPOORCAMENTO=\"Proposto\",ORÇAMENTO.CustoUnitario*(1+$AH269),ORÇAMENTO.PrecoUnitarioLicitado),15-13*$AF$10),0)","v":0},1361.12,"RA","",{"$f":"IF($C269=\"S\",IF($Z269=\"CP\",$X269,IF($Z269=\"RA\",(($X269)*QCI!$AA$3),0)),SomaAgrup)","v":1361.12},0,{"$f":"IF($N269=\"\",\"\",IF(ORÇAMENTO.Descricao=\"\",\"DESCRIÇÃO\",IF(AND($C269=\"S\",ORÇAMENTO.Unidade=\"\"),\"UNIDADE\",IF($X269<0,\"VALOR NEGATIVO\",IF(OR(AND(TIPOORCAMENTO=\"Proposto\",$AG269<>\"\",$AG269>0,ORÇAMENTO.CustoUnitario>$AG269),AND(TIPOORCAMENTO=\"LICITADO\",ORÇAMENTO.PrecoUnitarioLicitado>$AN269)),\"ACIMA REF.\",\"\")))))","v":""},{"$f":"IF(C269<=CRONO.NivelExibicao,MAX($AD$15:OFFSET(AD269,-1,0))+IF($C269<>1,1,MAX(1,COUNTIF(QCI!$A$13:$A$32,OFFSET($E269,-1,0)))),\"\")","v":""},{"$f":"IF(AND($C269=\"S\",ORÇAMENTO.CodBarra<>\"\"),IF(ORÇAMENTO.Fonte=\"\",ORÇAMENTO.CodBarra,CONCATENATE(ORÇAMENTO.Fonte,\" \",ORÇAMENTO.CodBarra)))","v":false},{"$f":"IF(ISERROR(INDIRECT(ORÇAMENTO.BancoRef)),\"(abra o arquivo 'Referência \"&Excel_BuiltIn_Database&\".xls)\",IF(OR($C269<>\"S\",ORÇAMENTO.CodBarra=\"\"),\"(Sem Código)\",IF(ISERROR(MATCH($AE269,INDIRECT(ORÇAMENTO.BancoRef),0)),\"(Código não identificado nas referências)\",MATCH($AE269,INDIRECT(ORÇAMENTO.BancoRef),0))))","v":"(abra o arquivo 'Referência 06-2023.xls)"},{"$f":"ROUND(IF(DESONERACAO=\"sim\",REFERENCIA.Desonerado,REFERENCIA.NaoDesonerado),2)","v":0},0.23530000000000001,null,null,null,null,1361.12,0]
["S",2,"S",0,{"$f":"IF($C270=1,OFFSET(E270,-1,0)+MAX(1,COUNTIF(QCI!$A$13:$A$32,OFFSET(ORÇAMENTO!E270,-1,0))),OFFSET(E270,-1,0))","v":5},9,0,0,1,0,{"$f":"IF(OR($C270=\"S\",$C270=0),0,MATCH(OFFSET($D270,0,$C270)+IF($C270<>1,1,COUNTIF(QCI!$A$13:$A$32,ORÇAMENTO!E270)),OFFSET($D270,1,$C270,ROW($C$850)-ROW($C270)),0))","v":0},"F","Serviço","Serviço","5.9.1.","SINAPI","72947","SINALIZACAO HORIZONTAL COM TINTA RETRORREFLETIVA A BASE DE RESINA ACRILICA COM MICROESFERAS DE VIDRO - LINHA CONTÍNUA AMARELA","M2",{"$f":"OFFSET(CÁLCULO!H$15,ROW($T270)-ROW(T$15),0)","v":21.6},17.059999999999999,"BDI 1",{"$f":"IF($C270=\"S\",ROUND(IF(TIPOORCAMENTO=\"Proposto\",ORÇAMENTO.CustoUnitario*(1+$AH270),ORÇAMENTO.PrecoUnitarioLicitado),15-13*$AF$10),0)","v":21.07},455.11,"RA","RA",{"$f":"IF($C270=\"S\",IF($Z270=\"CP\",$X270,IF($Z270=\"RA\",(($X270)*QCI!$AA$3),0)),SomaAgrup)","v":455.11},0,{"$f":"IF($N270=\"\",\"\",IF(ORÇAMENTO.Descricao=\"\",\"DESCRIÇÃO\",IF(AND($C270=\"S\",ORÇAMENTO.Unidade=\"\"),\"UNIDADE\",IF($X270<0,\"VALOR NEGATIVO\",IF(OR(AND(TIPOORCAMENTO=\"Proposto\",$AG270<>\"\",$AG270>0,ORÇAMENTO.CustoUnitario>$AG270),AND(TIPOORCAMENTO=\"LICITADO\",ORÇAMENTO.PrecoUnitarioLicitado>$AN270)),\"ACIMA REF.\",\"\")))))","v":""},{"$f":"IF(C270<=CRONO.NivelExibicao,MAX($AD$15:OFFSET(AD270,-1,0))+IF($C270<>1,1,MAX(1,COUNTIF(QCI!$A$13:$A$32,OFFSET($E270,-1,0)))),\"\")","v":""},{"$f":"IF(AND($C270=\"S\",ORÇAMENTO.CodBarra<>\"\"),IF(ORÇAMENTO.Fonte=\"\",ORÇAMENTO.CodBarra,CONCATENATE(ORÇAMENTO.Fonte,\" \",ORÇAMENTO.CodBarra)))","v":"SINAPI 72947"},{"$f":"IF(ISERROR(INDIRECT(ORÇAMENTO.BancoRef)),\"(abra o arquivo 'Referência \"&Excel_BuiltIn_Database&\".xls)\",IF(OR($C270<>\"S\",ORÇAMENTO.CodBarra=\"\"),\"(Sem Código)\",IF(ISERROR(MATCH($AE270,INDIRECT(ORÇAMENTO.BancoRef),0)),\"(Código não identificado nas referências)\",MATCH($AE270,INDIRECT(ORÇAMENTO.BancoRef),0))))","v":"(abra o arquivo 'Referência 06-2023.xls)"},{"$f":"ROUND(IF(DESONERACAO=\"sim\",REFERENCIA.Desonerado,REFERENCIA.NaoDesonerado),2)","v":0},0.23530000000000001,null,21.6,null,null,455.11,21.07]
["S",2,"S",0,{"$f":"IF($C271=1,OFFSET(E271,-1,0)+MAX(1,COUNTIF(QCI!$A$13:$A$32,OFFSET(ORÇAMENTO!E271,-1,0))),OFFSET(E271,-1,0))","v":5},9,0,0,2,0,{"$f":"IF(OR($C271=\"S\",$C271=0),0,MATCH(OFFSET($D271,0,$C271)+IF($C271<>1,1,COUNTIF(QCI!$A$13:$A$32,ORÇAMENTO!E271)),OFFSET($D271,1,$C271,ROW($C$850)-ROW($C271)),0))","v":0},"F","Serviço","Serviço","5.9.2.","SINAPI","72947","SINALIZACAO HORIZONTAL COM TINTA RETRORREFLETIVA A BASE DE RESINA ACRILICA COM MICROESFERAS DE VIDRO - LINHA CONTÍNUA BRANCA","M2",{"$f":"OFFSET(CÁLCULO!H$15,ROW($T271)-ROW(T$15),0)","v":21.6},17.059999999999999,"BDI 1",{"$f":"IF($C271=\"S\",ROUND(IF(TIPOORCAMENTO=\"Proposto\",ORÇAMENTO.CustoUnitario*(1+$AH271),ORÇAMENTO.PrecoUnitarioLicitado),15-13*$AF$10),0)","v":21.07},455.11,"RA","RA",{"$f":"IF($C271=\"S\",IF($Z271=\"CP\",$X271,IF($Z271=\"RA\",(($X271)*QCI!$AA$3),0)),SomaAgrup)","v":455.11},0,{"$f":"IF($N271=\"\",\"\",IF(ORÇAMENTO.Descricao=\"\",\"DESCRIÇÃO\",IF(AND($C271=\"S\",ORÇAMENTO.Unidade=\"\"),\"UNIDADE\",IF($X271<0,\"VALOR NEGATIVO\",IF(OR(AND(TIPOORCAMENTO=\"Proposto\",$AG271<>\"\",$AG271>0,ORÇAMENTO.CustoUnitario>$AG271),AND(TIPOORCAMENTO=\"LICITADO\",ORÇAMENTO.PrecoUnitarioLicitado>$AN271)),\"ACIMA REF.\",\"\")))))","v":""},{"$f":"IF(C271<=CRONO.NivelExibicao,MAX($AD$15:OFFSET(AD271,-1,0))+IF($C271<>1,1,MAX(1,COUNTIF(QCI!$A$13:$A$32,OFFSET($E271,-1,0)))),\"\")","v":""},{"$f":"IF(AND($C271=\"S\",ORÇAMENTO.CodBarra<>\"\"),IF(ORÇAMENTO.Fonte=\"\",ORÇAMENTO.CodBarra,CONCATENATE(ORÇAMENTO.Fonte,\" \",ORÇAMENTO.CodBarra)))","v":"SINAPI 72947"},{"$f":"IF(ISERROR(INDIRECT(ORÇAMENTO.BancoRef)),\"(abra o arquivo 'Referência \"&Excel_BuiltIn_Database&\".xls)\",IF(OR($C271<>\"S\",ORÇAMENTO.CodBarra=\"\"),\"(Sem Código)\",IF(ISERROR(MATCH($AE271,INDIRECT(ORÇAMENTO.BancoRef),0)),\"(Código não identificado nas referências)\",MATCH($AE271,INDIRECT(ORÇAMENTO.BancoRef),0))))","v":"(abra o arquivo 'Referência 06-2023.xls)"},{"$f":"ROUND(IF(DESONERACAO=\"sim\",REFERENCIA.Desonerado,REFERENCIA.NaoDesonerado),2)","v":0},0.23530000000000001,null,21.6,null,null,455.11,21.07]
["S",2,"S",0,{"$f":"IF($C272=1,OFFSET(E272,-1,0)+MAX(1,COUNTIF(QCI!$A$13:$A$32,OFFSET(ORÇAMENTO!E272,-1,0))),OFFSET(E272,-1,0))","v":5},9,0,0,3,{"$f":"IF(OR($C272=\"S\",$C272=0),0,MATCH(0,OFFSET($D272,1,$C272,ROW($C$850)-ROW($C272)),0))","v":0},{"$f":"IF(OR($C272=\"S\",$C272=0),0,MATCH(OFFSET($D272,0,$C272)+IF($C272<>1,1,COUNTIF(QCI!$A$13:$A$32,ORÇAMENTO!E272)),OFFSET($D272,1,$C272,ROW($C$850)-ROW($C272)),0))","v":0},"F","Serviço","Serviço","5.9.3.","AMMOC","340","PLACA DE SINALIZACAO VIARIA CIRCULAR D = 50 CM, COM SUPORTE DE ACO GALVANIZADO D = 50 MM E ALTURA = 3 M INCLUSIVE BASE DE CONCRETO MAGRO","UND",{"$f":"OFFSET(CÁLCULO!H$15,ROW($T272)-ROW(T$15),0)","v":1},365.01,"BDI 1",{"$f":"IF($C272=\"S\",ROUND(IF(TIPOORCAMENTO=\"Proposto\",ORÇAMENTO.CustoUnitario*(1+$AH272),ORÇAMENTO.PrecoUnitarioLicitado),15-13*$AF$10),0)","v":450.9},450.9,"RA","RA",{"$f":"IF($C272=\"S\",IF($Z272=\"CP\",$X272,IF($Z272=\"RA\",(($X272)*QCI!$AA$3),0)),SomaAgrup)","v":450.9},0,{"$f":"IF($N272=\"\",\"\",IF(ORÇAMENTO.Descricao=\"\",\"DESCRIÇÃO\",IF(AND($C272=\"S\",ORÇAMENTO.Unidade=\"\"),\"UNIDADE\",IF($X272<0,\"VALOR NEGATIVO\",IF(OR(AND(TIPOORCAMENTO=\"Proposto\",$AG272<>\"\",$AG272>0,ORÇAMENTO.CustoUnitario>$AG272),AND(TIPOORCAMENTO=\"LICITADO\",ORÇAMENTO.PrecoUnitarioLicitado>$AN272)),\"ACIMA REF.\",\"\")))))","v":""},{"$f":"IF(C272<=CRONO.NivelExibicao,MAX($AD$15:OFFSET(AD272,-1,0))+IF($C272<>1,1,MAX(1,COUNTIF(QCI!$A$13:$A$32,OFFSET($E272,-1,0)))),\"\")","v":""},{"$f":"IF(AND($C272=\"S\",ORÇAMENTO.CodBarra<>\"\"),IF(ORÇAMENTO.Fonte=\"\",ORÇAMENTO.CodBarra,CONCATENATE(ORÇAMENTO.Fonte,\" \",ORÇAMENTO.CodBarra)))","v":"AMMOC 340"},{"$f":"IF(ISERROR(INDIRECT(ORÇAMENTO.BancoRef)),\"(abra o arquivo 'Referência \"&Excel_BuiltIn_Database&\".xls)\",IF(OR($C272<>\"S\",ORÇAMENTO.CodBarra=\"\"),\"(Sem Código)\",IF(ISERROR(MATCH($AE272,INDIRECT(ORÇAMENTO.BancoRef),0)),\"(Código não identificado nas referências)\",MATCH($AE272,INDIRECT(ORÇAMENTO.BancoRef),0))))","v":"(abra o arquivo 'Referência 06-2023.xls)"},{"$f":"ROUND(IF(DESONERACAO=\"sim\",REFERENCIA.Desonerado,REFERENCIA.NaoDesonerado),2)","v":0},0.23530000000000001,null,1,null,null,450.9,450.9]
[1,1,1,38,{"$f":"IF($C273=1,OFFSET(E273,-1,0)+MAX(1,COUNTIF(QCI!$A$13:$A$32,OFFSET(ORÇAMENTO!E273,-1,0))),OFFSET(E273,-1,0))","v":6},0,0,0,0,577,{"$f":"IF(OR($C273=\"S\",$C273=0),0,MATCH(OFFSET($D273,0,$C273)+IF($C273<>1,1,COUNTIF(QCI!$A$13:$A$32,ORÇAMENTO!E273)),OFFSET($D273,1,$C273,ROW($C$850)-ROW($C273)),0))","v":38},"F","Meta","Meta","6.","SINAPI",null,"RUA GERÔNIMO FESTUGATTO","-",{"$f":"OFFSET(CÁLCULO!H$15,ROW($T273)-ROW(T$15),0)","v":0},0,"BDI 1",{"$f":"IF($C273=\"S\",ROUND(IF(TIPOORCAMENTO=\"Proposto\",ORÇAMENTO.CustoUnitario*(1+$AH273),ORÇAMENTO.PrecoUnitarioLicitado),15-13*$AF$10),0)","v":0},107238.62,"RA","",{"$f":"IF($C273=\"S\",IF($Z273=\"CP\",$X273,IF($Z273=\"RA\",(($X273)*QCI!$AA$3),0)),SomaAgrup)","v":107238.62},0,{"$f":"IF($N273=\"\",\"\",IF(ORÇAMENTO.Descricao=\"\",\"DESCRIÇÃO\",IF(AND($C273=\"S\",ORÇAMENTO.Unidade=\"\"),\"UNIDADE\",IF($X273<0,\"VALOR NEGATIVO\",IF(OR(AND(TIPOORCAMENTO=\"Proposto\",$AG273<>\"\",$AG273>0,ORÇAMENTO.CustoUnitario>$AG273),AND(TIPOORCAMENTO=\"LICITADO\",ORÇAMENTO.PrecoUnitarioLicitado>$AN273)),\"ACIMA REF.\",\"\")))))","v":""},{"$f":"IF(C273<=CRONO.NivelExibicao,MAX($AD$15:OFFSET(AD273,-1,0))+IF($C273<>1,1,MAX(1,COUNTIF(QCI!$A$13:$A$32,OFFSET($E273,-1,0)))),\"\")","v":6},{"$f":"IF(AND($C273=\"S\",ORÇAMENTO.CodBarra<>\"\"),IF(ORÇAMENTO.Fonte=\"\",ORÇAMENTO.CodBarra,CONCATENATE(ORÇAMENTO.Fonte,\" \",ORÇAMENTO.CodBarra)))","v":false},{"$f":"IF(ISERROR(INDIRECT(ORÇAMENTO.BancoRef)),\"(abra o arquivo 'Referência \"&Excel_BuiltIn_Database&\".xls)\",IF(OR($C273<>\"S\",ORÇAMENTO.CodBarra=\"\"),\"(Sem Código)\",IF(ISERROR(MATCH($AE273,INDIRECT(ORÇAMENTO.BancoRef),0)),\"(Código não identificado nas referências)\",MATCH($AE273,INDIRECT(ORÇAMENTO.BancoRef),0))))","v":"(abra o arquivo 'Referência 06-2023.xls)"},{"$f":"ROUND(IF(DESONERACAO=\"sim\",REFERENCIA.Desonerado,REFERENCIA.NaoDesonerado),2)","v":0},0.23530000000000001,null,null,null,null,107238.62,0]
[2,2,2,2,{"$f":"IF($C274=1,OFFSET(E274,-1,0)+MAX(1,COUNTIF(QCI!$A$13:$A$32,OFFSET(ORÇAMENTO!E274,-1,0))),OFFSET(E274,-1,0))","v":6},1,0,0,0,37,{"$f":"IF(OR($C274=\"S\",$C274=0),0,MATCH(OFFSET($D274,0,$C274)+IF($C274<>1,1,COUNTIF(QCI!$A$13:$A$32,ORÇAMENTO!E274)),OFFSET($D274,1,$C274,ROW($C$850)-ROW($C274)),0))","v":2},"F","Nível 2","Nível 2","6.1.","SINAPI",null,"SERVIÇOS INICIAIS","-",{"$f":"OFFSET(CÁLCULO!H$15,ROW($T274)-ROW(T$15),0)","v":0},0,"BDI 1",{"$f":"IF($C274=\"S\",ROUND(IF(TIPOORCAMENTO=\"Proposto\",ORÇAMENTO.CustoUnitario*(1+$AH274),ORÇAMENTO.PrecoUnitarioLicitado),15-13*$AF$10),0)","v":0},47.5,"RA","",{"$f":"IF($C274=\"S\",IF($Z274=\"CP\",$X274,IF($Z274=\"RA\",(($X274)*QCI!$AA$3),0)),SomaAgrup)","v":47.5},0,{"$f":"IF($N274=\"\",\"\",IF(ORÇAMENTO.Descricao=\"\",\"DESCRIÇÃO\",IF(AND($C274=\"S\",ORÇAMENTO.Unidade=\"\"),\"UNIDADE\",IF($X274<0,\"VALOR NEGATIVO\",IF(OR(AND(TIPOORCAMENTO=\"Proposto\",$AG274<>\"\",$AG274>0,ORÇAMENTO.CustoUnitario>$AG274),AND(TIPOORCAMENTO=\"LICITADO\",ORÇAMENTO.PrecoUnitarioLicitado>$AN274)),\"ACIMA REF.\",\"\")))))","v":""},{"$f":"IF(C274<=CRONO.NivelExibicao,MAX($AD$15:OFFSET(AD274,-1,0))+IF($C274<>1,1,MAX(1,COUNTIF(QCI!$A$13:$A$32,OFFSET($E274,-1,0)))),\"\")","v":""},{"$f":"IF(AND($C274=\"S\",ORÇAMENTO.CodBarra<>\"\"),IF(ORÇAMENTO.Fonte=\"\",ORÇAMENTO.CodBarra,CONCATENATE(ORÇAMENTO.Fonte,\" \",ORÇAMENTO.CodBarra)))","v":false},{"$f":"IF(ISERROR(INDIRECT(ORÇAMENTO.BancoRef)),\"(abra o arquivo 'Referência \"&Excel_BuiltIn_Database&\".xls)\",IF(OR($C274<>\"S\",ORÇAMENTO.CodBarra=\"\"),\"(Sem Código)\",IF(ISERROR(MATCH($AE274,INDIRECT(ORÇAMENTO.BancoRef),0)),\"(Código não identificado nas referências)\",MATCH($AE274,INDIRECT(ORÇAMENTO.BancoRef),0))))","v":"(abra o arquivo 'Referência 06-2023.xls)"},{"$f":"ROUND(IF(DESONERACAO=\"sim\",REFERENCIA.Desonerado,REFERENCIA.NaoDesonerado),2)","v":0},0.23530000000000001,null,null,null,null,47.5,0]
["S",2,"S",0,{"$f":"IF($C275=1,OFFSET(E275,-1,0)+MAX(1,COUNTIF(QCI!$A$13:$A$32,OFFSET(ORÇAMENTO!E275,-1,0))),OFFSET(E275,-1,0))","v":6},1,0,0,1,0,{"$f":"IF(OR($C275=\"S\",$C275=0),0,MATCH(OFFSET($D275,0,$C275)+IF($C275<>1,1,COUNTIF(QCI!$A$13:$A$32,ORÇAMENTO!E275)),OFFSET($D275,1,$C275,ROW($C$850)-ROW($C275)),0))","v":0},"F","Serviço","Serviço","6.1.1.","SINAPI","99064","LOCAÇÃO DE PAVIMENTAÇÃO","M",{"$f":"OFFSET(CÁLCULO!H$15,ROW($T275)-ROW(T$15),0)","v":80.5},0.48,"BDI 1",{"$f":"IF($C275=\"S\",ROUND(IF(TIPOORCAMENTO=\"Proposto\",ORÇAMENTO.CustoUnitario*(1+$AH275),ORÇAMENTO.PrecoUnitarioLicitado),15-13*$AF$10),0)","v":0.59},47.5,"RA","RA",{"$f":"IF($C275=\"S\",IF($Z275=\"CP\",$X275,IF($Z275=\"RA\",(($X275)*QCI!$AA$3),0)),SomaAgrup)","v":47.5},0,{"$f":"IF($N275=\"\",\"\",IF(ORÇAMENTO.Descricao=\"\",\"DESCRIÇÃO\",IF(AND($C275=\"S\",ORÇAMENTO.Unidade=\"\"),\"UNIDADE\",IF($X275<0,\"VALOR NEGATIVO\",IF(OR(AND(TIPOORCAMENTO=\"Proposto\",$AG275<>\"\",$AG275>0,ORÇAMENTO.CustoUnitario>$AG275),AND(TIPOORCAMENTO=\"LICITADO\",ORÇAMENTO.PrecoUnitarioLicitado>$AN275)),\"ACIMA REF.\",\"\")))))","v":""},{"$f":"IF(C275<=CRONO.NivelExibicao,MAX($AD$15:OFFSET(AD275,-1,0))+IF($C275<>1,1,MAX(1,COUNTIF(QCI!$A$13:$A$32,OFFSET($E275,-1,0)))),\"\")","v":""},{"$f":"IF(AND($C275=\"S\",ORÇAMENTO.CodBarra<>\"\"),IF(ORÇAMENTO.Fonte=\"\",ORÇAMENTO.CodBarra,CONCATENATE(ORÇAMENTO.Fonte,\" \",ORÇAMENTO.CodBarra)))","v":"SINAPI 99064"},{"$f":"IF(ISERROR(INDIRECT(ORÇAMENTO.BancoRef)),\"(abra o arquivo 'Referência \"&Excel_BuiltIn_Database&\".xls)\",IF(OR($C275<>\"S\",ORÇAMENTO.CodBarra=\"\"),\"(Sem Código)\",IF(ISERROR(MATCH($AE275,INDIRECT(ORÇAMENTO.BancoRef),0)),\"(Código não identificado nas referências)\",MATCH($AE275,INDIRECT(ORÇAMENTO.BancoRef),0))))","v":"(abra o arquivo 'Referência 06-2023.xls)"},{"$f":"ROUND(IF(DESONERACAO=\"sim\",REFERENCIA.Desonerado,REFERENCIA.NaoDesonerado),2)","v":0},0.23530000000000001,null,80.5,null,null,47.5,0.59]
[2,2,2,7,{"$f":"IF($C276=1,OFFSET(E276,-1,0)+MAX(1,COUNTIF(QCI!$A$13:$A$32,OFFSET(ORÇAMENTO!E276,-1,0))),OFFSET(E276,-1,0))","v":6},2,0,0,0,35,{"$f":"IF(OR($C276=\"S\",$C276=0),0,MATCH(OFFSET($D276,0,$C276)+IF($C276<>1,1,COUNTIF(QCI!$A$13:$A$32,ORÇAMENTO!E276)),OFFSET($D276,1,$C276,ROW($C$850)-ROW($C276)),0))","v":7},"F","Nível 2","Nível 2","6.2.","SINAPI",null,"ESCAVAÇÕES E MOVIMENTAÇÕES DE TERRA","-",{"$f":"OFFSET(CÁLCULO!H$15,ROW($T276)-ROW(T$15),0)","v":0},0,"BDI 1",{"$f":"IF($C276=\"S\",ROUND(IF(TIPOORCAMENTO=\"Proposto\",ORÇAMENTO.CustoUnitario*(1+$AH276),ORÇAMENTO.PrecoUnitarioLicitado),15-13*$AF$10),0)","v":0},5813.63,"RA","",{"$f":"IF($C276=\"S\",IF($Z276=\"CP\",$X276,IF($Z276=\"RA\",(($X276)*QCI!$AA$3),0)),SomaAgrup)","v":5813.630000000001},0,{"$f":"IF($N276=\"\",\"\",IF(ORÇAMENTO.Descricao=\"\",\"DESCRIÇÃO\",IF(AND($C276=\"S\",ORÇAMENTO.Unidade=\"\"),\"UNIDADE\",IF($X276<0,\"VALOR NEGATIVO\",IF(OR(AND(TIPOORCAMENTO=\"Proposto\",$AG276<>\"\",$AG276>0,ORÇAMENTO.CustoUnitario>$AG276),AND(TIPOORCAMENTO=\"LICITADO\",ORÇAMENTO.PrecoUnitarioLicitado>$AN276)),\"ACIMA REF.\",\"\")))))","v":""},{"$f":"IF(C276<=CRONO.NivelExibicao,MAX($AD$15:OFFSET(AD276,-1,0))+IF($C276<>1,1,MAX(1,COUNTIF(QCI!$A$13:$A$32,OFFSET($E276,-1,0)))),\"\")","v":""},{"$f":"IF(AND($C276=\"S\",ORÇAMENTO.CodBarra<>\"\"),IF(ORÇAMENTO.Fonte=\"\",ORÇAMENTO.CodBarra,CONCATENATE(ORÇAMENTO.Fonte,\" \",ORÇAMENTO.CodBarra)))","v":false},{"$f":"IF(ISERROR(INDIRECT(ORÇAMENTO.BancoRef)),\"(abra o arquivo 'Referência \"&Excel_BuiltIn_Database&\".xls)\",IF(OR($C276<>\"S\",ORÇAMENTO.CodBarra=\"\"),\"(Sem Código)\",IF(ISERROR(MATCH($AE276,INDIRECT(ORÇAMENTO.BancoRef),0)),\"(Código não identificado nas referências)\",MATCH($AE276,INDIRECT(ORÇAMENTO.BancoRef),0))))","v":"(abra o arquivo 'Referência 06-2023.xls)"},{"$f":"ROUND(IF(DESONERACAO=\"sim\",REFERENCIA.Desonerado,REFERENCIA.NaoDesonerado),2)","v":0},0.23530000000000001,null,null,null,null,5813.63,0]
["S",2,"S",0,{"$f":"IF($C277=1,OFFSET(E277,-1,0)+MAX(1,COUNTIF(QCI!$A$13:$A$32,OFFSET(ORÇAMENTO!E277,-1,0))),OFFSET(E277,-1,0))","v":6},2,0,0,1,0,{"$f":"IF(OR($C277=\"S\",$C277=0),0,MATCH(OFFSET($D277,0,$C277)+IF($C277<>1,1,COUNTIF(QCI!$A$13:$A$32,ORÇAMENTO!E277)),OFFSET($D277,1,$C277,ROW($C$850)-ROW($C277)),0))","v":0},"F","Serviço","Serviço","6.2.1.","SINAPI","102276","ESCAVAÇÃO MECANIZADA DE VALA E TALUDES EM SOLO DE 2A CATEGORIA, EM LOCAIS COM ALTO NÍVEL DE INTERFERÊNCIA","M3",{"$f":"OFFSET(CÁLCULO!H$15,ROW($T277)-ROW(T$15),0)","v":148.36000000000001},12.08,"BDI 1",{"$f":"IF($C277=\"S\",ROUND(IF(TIPOORCAMENTO=\"Proposto\",ORÇAMENTO.CustoUnitario*(1+$AH277),ORÇAMENTO.PrecoUnitarioLicitado),15-13*$AF$10),0)","v":14.92},2213.5300000000002,"RA","RA",{"$f":"IF($C277=\"S\",IF($Z277=\"CP\",$X277,IF($Z277=\"RA\",(($X277)*QCI!$AA$3),0)),SomaAgrup)","v":2213.5300000000002},0,{"$f":"IF($N277=\"\",\"\",IF(ORÇAMENTO.Descricao=\"\",\"DESCRIÇÃO\",IF(AND($C277=\"S\",ORÇAMENTO.Unidade=\"\"),\"UNIDADE\",IF($X277<0,\"VALOR NEGATIVO\",IF(OR(AND(TIPOORCAMENTO=\"Proposto\",$AG277<>\"\",$AG277>0,ORÇAMENTO.CustoUnitario>$AG277),AND(TIPOORCAMENTO=\"LICITADO\",ORÇAMENTO.PrecoUnitarioLicitado>$AN277)),\"ACIMA REF.\",\"\")))))","v":""},{"$f":"IF(C277<=CRONO.NivelExibicao,MAX($AD$15:OFFSET(AD277,-1,0))+IF($C277<>1,1,MAX(1,COUNTIF(QCI!$A$13:$A$32,OFFSET($E277,-1,0)))),\"\")","v":""},{"$f":"IF(AND($C277=\"S\",ORÇAMENTO.CodBarra<>\"\"),IF(ORÇAMENTO.Fonte=\"\",ORÇAMENTO.CodBarra,CONCATENATE(ORÇAMENTO.Fonte,\" \",ORÇAMENTO.CodBarra)))","v":"SINAPI 102276"},{"$f":"IF(ISERROR(INDIRECT(ORÇAMENTO.BancoRef)),\"(abra o arquivo 'Referência \"&Excel_BuiltIn_Database&\".xls)\",IF(OR($C277<>\"S\",ORÇAMENTO.CodBarra=\"\"),\"(Sem Código)\",IF(ISERROR(MATCH($AE277,INDIRECT(ORÇAMENTO.BancoRef),0)),\"(Código não identificado nas referências)\",MATCH($AE277,INDIRECT(ORÇAMENTO.BancoRef),0))))","v":"(abra o arquivo 'Referência 06-2023.xls)"},{"$f":"ROUND(IF(DESONERACAO=\"sim\",REFERENCIA.Desonerado,REFERENCIA.NaoDesonerado),2)","v":0},0.23530000000000001,null,{"$f":"(0.4*234)+54.76","v":148.36000000000001},null,null,2213.5300000000002,14.92]
["S",2,"S",0,{"$f":"IF($C278=1,OFFSET(E278,-1,0)+MAX(1,COUNTIF(QCI!$A$13:$A$32,OFFSET(ORÇAMENTO!E278,-1,0))),OFFSET(E278,-1,0))","v":6},2,0,0,2,0,{"$f":"IF(OR($C278=\"S\",$C278=0),0,MATCH(OFFSET($D278,0,$C278)+IF($C278<>1,1,COUNTIF(QCI!$A$13:$A$32,ORÇAMENTO!E278)),OFFSET($D278,1,$C278,ROW($C$850)-ROW($C278)),0))","v":0},"F","Serviço","Serviço","6.2.2.","SINAPI","100978","CARGA, MANOBRA E DESCARGA DE MATERIAL REMOVIDO EM CAMINHÃO BASCULANTE - CARGA COM ESCAVADEIRA HIDRÁULICA","M3",{"$f":"OFFSET(CÁLCULO!H$15,ROW($T278)-ROW(T$15),0)","v":148.36000000000001},6.33,"BDI 1",{"$f":"IF($C278=\"S\",ROUND(IF(TIPOORCAMENTO=\"Proposto\",ORÇAMENTO.CustoUnitario*(1+$AH278),ORÇAMENTO.PrecoUnitarioLicitado),15-13*$AF$10),0)","v":7.82},1160.18,"RA","RA",{"$f":"IF($C278=\"S\",IF($Z278=\"CP\",$X278,IF($Z278=\"RA\",(($X278)*QCI!$AA$3),0)),SomaAgrup)","v":1160.18},0,{"$f":"IF($N278=\"\",\"\",IF(ORÇAMENTO.Descricao=\"\",\"DESCRIÇÃO\",IF(AND($C278=\"S\",ORÇAMENTO.Unidade=\"\"),\"UNIDADE\",IF($X278<0,\"VALOR NEGATIVO\",IF(OR(AND(TIPOORCAMENTO=\"Proposto\",$AG278<>\"\",$AG278>0,ORÇAMENTO.CustoUnitario>$AG278),AND(TIPOORCAMENTO=\"LICITADO\",ORÇAMENTO.PrecoUnitarioLicitado>$AN278)),\"ACIMA REF.\",\"\")))))","v":""},{"$f":"IF(C278<=CRONO.NivelExibicao,MAX($AD$15:OFFSET(AD278,-1,0))+IF($C278<>1,1,MAX(1,COUNTIF(QCI!$A$13:$A$32,OFFSET($E278,-1,0)))),\"\")","v":""},{"$f":"IF(AND($C278=\"S\",ORÇAMENTO.CodBarra<>\"\"),IF(ORÇAMENTO.Fonte=\"\",ORÇAMENTO.CodBarra,CONCATENATE(ORÇAMENTO.Fonte,\" \",ORÇAMENTO.CodBarra)))","v":"SINAPI 100978"},{"$f":"IF(ISERROR(INDIRECT(ORÇAMENTO.BancoRef)),\"(abra o arquivo 'Referência \"&Excel_BuiltIn_Database&\".xls)\",IF(OR($C278<>\"S\",ORÇAMENTO.CodBarra=\"\"),\"(Sem Código)\",IF(ISERROR(MATCH($AE278,INDIRECT(ORÇAMENTO.BancoRef),0)),\"(Código não identificado nas referências)\",MATCH($AE278,INDIRECT(ORÇAMENTO.BancoRef),0))))","v":"(abra o arquivo 'Referência 06-2023.xls)"},{"$f":"ROUND(IF(DESONERACAO=\"sim\",REFERENCIA.Desonerado,REFERENCIA.NaoDesonerado),2)","v":0},0.23530000000000001,null,{"$f":"AJ277","v":148.36000000000001},null,null,1160.18,7.82]
["S",2,"S",0,{"$f":"IF($C279=1,OFFSET(E279,-1,0)+MAX(1,COUNTIF(QCI!$A$13:$A$32,OFFSET(ORÇAMENTO!E279,-1,0))),OFFSET(E279,-1,0))","v":6},2,0,0,3,0,{"$f":"IF(OR($C279=\"S\",$C279=0),0,MATCH(OFFSET($D279,0,$C279)+IF($C279<>1,1,COUNTIF(QCI!$A$13:$A$32,ORÇAMENTO!E279)),OFFSET($D279,1,$C279,ROW($C$850)-ROW($C279)),0))","v":0},"F","Serviço","Serviço","6.2.3.","SINAPI","95875","TRANSPORTE DE MATERIAL REMOVIDO COM CAMINHÃO BASCULANTE, DMT = 2 KM","M3XKM",{"$f":"OFFSET(CÁLCULO!H$15,ROW($T279)-ROW(T$15),0)","v":296.72000000000003},2.23,"BDI 1",{"$f":"IF($C279=\"S\",ROUND(IF(TIPOORCAMENTO=\"Proposto\",ORÇAMENTO.CustoUnitario*(1+$AH279),ORÇAMENTO.PrecoUnitarioLicitado),15-13*$AF$10),0)","v":2.75},815.98,"RA","RA",{"$f":"IF($C279=\"S\",IF($Z279=\"CP\",$X279,IF($Z279=\"RA\",(($X279)*QCI!$AA$3),0)),SomaAgrup)","v":815.98},0,{"$f":"IF($N279=\"\",\"\",IF(ORÇAMENTO.Descricao=\"\",\"DESCRIÇÃO\",IF(AND($C279=\"S\",ORÇAMENTO.Unidade=\"\"),\"UNIDADE\",IF($X279<0,\"VALOR NEGATIVO\",IF(OR(AND(TIPOORCAMENTO=\"Proposto\",$AG279<>\"\",$AG279>0,ORÇAMENTO.CustoUnitario>$AG279),AND(TIPOORCAMENTO=\"LICITADO\",ORÇAMENTO.PrecoUnitarioLicitado>$AN279)),\"ACIMA REF.\",\"\")))))","v":""},{"$f":"IF(C279<=CRONO.NivelExibicao,MAX($AD$15:OFFSET(AD279,-1,0))+IF($C279<>1,1,MAX(1,COUNTIF(QCI!$A$13:$A$32,OFFSET($E279,-1,0)))),\"\")","v":""},{"$f":"IF(AND($C279=\"S\",ORÇAMENTO.CodBarra<>\"\"),IF(ORÇAMENTO.Fonte=\"\",ORÇAMENTO.CodBarra,CONCATENATE(ORÇAMENTO.Fonte,\" \",ORÇAMENTO.CodBarra)))","v":"SINAPI 95875"},{"$f":"IF(ISERROR(INDIRECT(ORÇAMENTO.BancoRef)),\"(abra o arquivo 'Referência \"&Excel_BuiltIn_Database&\".xls)\",IF(OR($C279<>\"S\",ORÇAMENTO.CodBarra=\"\"),\"(Sem Código)\",IF(ISERROR(MATCH($AE279,INDIRECT(ORÇAMENTO.BancoRef),0)),\"(Código não identificado nas referências)\",MATCH($AE279,INDIRECT(ORÇAMENTO.BancoRef),0))))","v":"(abra o arquivo 'Referência 06-2023.xls)"},{"$f":"ROUND(IF(DESONERACAO=\"sim\",REFERENCIA.Desonerado,REFERENCIA.NaoDesonerado),2)","v":0},0.23530000000000001,null,{"$f":"AJ278*2","v":296.72000000000003},null,null,815.98,2.75]
["S",2,"S",0,{"$f":"IF($C280=1,OFFSET(E280,-1,0)+MAX(1,COUNTIF(QCI!$A$13:$A$32,OFFSET(ORÇAMENTO!E280,-1,0))),OFFSET(E280,-1,0))","v":6},2,0,0,4,0,{"$f":"IF(OR($C280=\"S\",$C280=0),0,MATCH(OFFSET($D280,0,$C280)+IF($C280<>1,1,COUNTIF(QCI!$A$13:$A$32,ORÇAMENTO!E280)),OFFSET($D280,1,$C280,ROW($C$850)-ROW($C280)),0))","v":0},"F","Serviço","Serviço","6.2.4.","SINAPI","102355","DESMONTE DE BLOCOS DE ROCHA COM MARTELETE PNEUMÁTICO","M3",{"$f":"OFFSET(CÁLCULO!H$15,ROW($T280)-ROW(T$15),0)","v":7.42},166.39,"BDI 1",{"$f":"IF($C280=\"S\",ROUND(IF(TIPOORCAMENTO=\"Proposto\",ORÇAMENTO.CustoUnitario*(1+$AH280),ORÇAMENTO.PrecoUnitarioLicitado),15-13*$AF$10),0)","v":205.54},1525.11,"RA","RA",{"$f":"IF($C280=\"S\",IF($Z280=\"CP\",$X280,IF($Z280=\"RA\",(($X280)*QCI!$AA$3),0)),SomaAgrup)","v":1525.11},0,{"$f":"IF($N280=\"\",\"\",IF(ORÇAMENTO.Descricao=\"\",\"DESCRIÇÃO\",IF(AND($C280=\"S\",ORÇAMENTO.Unidade=\"\"),\"UNIDADE\",IF($X280<0,\"VALOR NEGATIVO\",IF(OR(AND(TIPOORCAMENTO=\"Proposto\",$AG280<>\"\",$AG280>0,ORÇAMENTO.CustoUnitario>$AG280),AND(TIPOORCAMENTO=\"LICITADO\",ORÇAMENTO.PrecoUnitarioLicitado>$AN280)),\"ACIMA REF.\",\"\")))))","v":""},{"$f":"IF(C280<=CRONO.NivelExibicao,MAX($AD$15:OFFSET(AD280,-1,0))+IF($C280<>1,1,MAX(1,COUNTIF(QCI!$A$13:$A$32,OFFSET($E280,-1,0)))),\"\")","v":""},{"$f":"IF(AND($C280=\"S\",ORÇAMENTO.CodBarra<>\"\"),IF(ORÇAMENTO.Fonte=\"\",ORÇAMENTO.CodBarra,CONCATENATE(ORÇAMENTO.Fonte,\" \",ORÇAMENTO.CodBarra)))","v":"SINAPI 102355"},{"$f":"IF(ISERROR(INDIRECT(ORÇAMENTO.BancoRef)),\"(abra o arquivo 'Referência \"&Excel_BuiltIn_Database&\".xls)\",IF(OR($C280<>\"S\",ORÇAMENTO.CodBarra=\"\"),\"(Sem Código)\",IF(ISERROR(MATCH($AE280,INDIRECT(ORÇAMENTO.BancoRef),0)),\"(Código não identificado nas referências)\",MATCH($AE280,INDIRECT(ORÇAMENTO.BancoRef),0))))","v":"(abra o arquivo 'Referência 06-2023.xls)"},{"$f":"ROUND(IF(DESONERACAO=\"sim\",REFERENCIA.Desonerado,REFERENCIA.NaoDesonerado),2)","v":0},0.23530000000000001,null,{"$f":"AJ277*0.05","v":7.418000000000001},null,null,1525.11,205.54]
["S",2,"S",0,{"$f":"IF($C281=1,OFFSET(E281,-1,0)+MAX(1,COUNTIF(QCI!$A$13:$A$32,OFFSET(ORÇAMENTO!E281,-1,0))),OFFSET(E281,-1,0))","v":6},2,0,0,5,0,{"$f":"IF(OR($C281=\"S\",$C281=0),0,MATCH(OFFSET($D281,0,$C281)+IF($C281<>1,1,COUNTIF(QCI!$A$13:$A$32,ORÇAMENTO!E281)),OFFSET($D281,1,$C281,ROW($C$850)-ROW($C281)),0))","v":0},"F","Serviço","Serviço","6.2.5.","SINAPI","100978","CARGA, MANOBRA E DESCARGA DE MATERIAL REMOVIDO EM CAMINHÃO BASCULANTE - CARGA COM ESCAVADEIRA HIDRÁULICA","M3",{"$f":"OFFSET(CÁLCULO!H$15,ROW($T281)-ROW(T$15),0)","v":7.42},6.33,"BDI 1",{"$f":"IF($C281=\"S\",ROUND(IF(TIPOORCAMENTO=\"Proposto\",ORÇAMENTO.CustoUnitario*(1+$AH281),ORÇAMENTO.PrecoUnitarioLicitado),15-13*$AF$10),0)","v":7.82},58.02,"RA","RA",{"$f":"IF($C281=\"S\",IF($Z281=\"CP\",$X281,IF($Z281=\"RA\",(($X281)*QCI!$AA$3),0)),SomaAgrup)","v":58.02},0,{"$f":"IF($N281=\"\",\"\",IF(ORÇAMENTO.Descricao=\"\",\"DESCRIÇÃO\",IF(AND($C281=\"S\",ORÇAMENTO.Unidade=\"\"),\"UNIDADE\",IF($X281<0,\"VALOR NEGATIVO\",IF(OR(AND(TIPOORCAMENTO=\"Proposto\",$AG281<>\"\",$AG281>0,ORÇAMENTO.CustoUnitario>$AG281),AND(TIPOORCAMENTO=\"LICITADO\",ORÇAMENTO.PrecoUnitarioLicitado>$AN281)),\"ACIMA REF.\",\"\")))))","v":""},{"$f":"IF(C281<=CRONO.NivelExibicao,MAX($AD$15:OFFSET(AD281,-1,0))+IF($C281<>1,1,MAX(1,COUNTIF(QCI!$A$13:$A$32,OFFSET($E281,-1,0)))),\"\")","v":""},{"$f":"IF(AND($C281=\"S\",ORÇAMENTO.CodBarra<>\"\"),IF(ORÇAMENTO.Fonte=\"\",ORÇAMENTO.CodBarra,CONCATENATE(ORÇAMENTO.Fonte,\" \",ORÇAMENTO.CodBarra)))","v":"SINAPI 100978"},{"$f":"IF(ISERROR(INDIRECT(ORÇAMENTO.BancoRef)),\"(abra o arquivo 'Referência \"&Excel_BuiltIn_Database&\".xls)\",IF(OR($C281<>\"S\",ORÇAMENTO.CodBarra=\"\"),\"(Sem Código)\",IF(ISERROR(MATCH($AE281,INDIRECT(ORÇAMENTO.BancoRef),0)),\"(Código não identificado nas referências)\",MATCH($AE281,INDIRECT(ORÇAMENTO.BancoRef),0))))","v":"(abra o arquivo 'Referência 06-2023.xls)"},{"$f":"ROUND(IF(DESONERACAO=\"sim\",REFERENCIA.Desonerado,REFERENCIA.NaoDesonerado),2)","v":0},0.23530000000000001,null,{"$f":"AJ280","v":7.418000000000001},null,null,58.02,7.82]
["S",2,"S",0,{"$f":"IF($C282=1,OFFSET(E282,-1,0)+MAX(1,COUNTIF(QCI!$A$13:$A$32,OFFSET(ORÇAMENTO!E282,-1,0))),OFFSET(E282,-1,0))","v":6},2,0,0,6,0,{"$f":"IF(OR($C282=\"S\",$C282=0),0,MATCH(OFFSET($D282,0,$C282)+IF($C282<>1,1,COUNTIF(QCI!$A$13:$A$32,ORÇAMENTO!E282)),OFFSET($D282,1,$C282,ROW($C$850)-ROW($C282)),0))","v":0},"F","Serviço","Serviço","6.2.6.","SINAPI","95875","TRANSPORTE DE MATERIAL REMOVIDO COM CAMINHÃO BASCULANTE, DMT = 2 KM","M3XKM",{"$f":"OFFSET(CÁLCULO!H$15,ROW($T282)-ROW(T$15),0)","v":14.84},2.23,"BDI 1",{"$f":"IF($C282=\"S\",ROUND(IF(TIPOORCAMENTO=\"Proposto\",ORÇAMENTO.CustoUnitario*(1+$AH282),ORÇAMENTO.PrecoUnitarioLicitado),15-13*$AF$10),0)","v":2.75},40.81,"RA","RA",{"$f":"IF($C282=\"S\",IF($Z282=\"CP\",$X282,IF($Z282=\"RA\",(($X282)*QCI!$AA$3),0)),SomaAgrup)","v":40.81},0,{"$f":"IF($N282=\"\",\"\",IF(ORÇAMENTO.Descricao=\"\",\"DESCRIÇÃO\",IF(AND($C282=\"S\",ORÇAMENTO.Unidade=\"\"),\"UNIDADE\",IF($X282<0,\"VALOR NEGATIVO\",IF(OR(AND(TIPOORCAMENTO=\"Proposto\",$AG282<>\"\",$AG282>0,ORÇAMENTO.CustoUnitario>$AG282),AND(TIPOORCAMENTO=\"LICITADO\",ORÇAMENTO.PrecoUnitarioLicitado>$AN282)),\"ACIMA REF.\",\"\")))))","v":""},{"$f":"IF(C282<=CRONO.NivelExibicao,MAX($AD$15:OFFSET(AD282,-1,0))+IF($C282<>1,1,MAX(1,COUNTIF(QCI!$A$13:$A$32,OFFSET($E282,-1,0)))),\"\")","v":""},{"$f":"IF(AND($C282=\"S\",ORÇAMENTO.CodBarra<>\"\"),IF(ORÇAMENTO.Fonte=\"\",ORÇAMENTO.CodBarra,CONCATENATE(ORÇAMENTO.Fonte,\" \",ORÇAMENTO.CodBarra)))","v":"SINAPI 95875"},{"$f":"IF(ISERROR(INDIRECT(ORÇAMENTO.BancoRef)),\"(abra o arquivo 'Referência \"&Excel_BuiltIn_Database&\".xls)\",IF(OR($C282<>\"S\",ORÇAMENTO.CodBarra=\"\"),\"(Sem Código)\",IF(ISERROR(MATCH($AE282,INDIRECT(ORÇAMENTO.BancoRef),0)),\"(Código não identificado nas referências)\",MATCH($AE282,INDIRECT(ORÇAMENTO.BancoRef),0))))","v":"(abra o arquivo 'Referência 06-2023.xls)"},{"$f":"ROUND(IF(DESONERACAO=\"sim\",REFERENCIA.Desonerado,REFERENCIA.NaoDesonerado),2)","v":0},0.23530000000000001,null,{"$f":"AJ281*2","v":14.836000000000002},null,null,40.81,2.75]
[2,2,2,3,{"$f":"IF($C283=1,OFFSET(E283,-1,0)+MAX(1,COUNTIF(QCI!$A$13:$A$32,OFFSET(ORÇAMENTO!E283,-1,0))),OFFSET(E283,-1,0))","v":6},3,0,0,0,28,{"$f":"IF(OR($C283=\"S\",$C283=0),0,MATCH(OFFSET($D283,0,$C283)+IF($C283<>1,1,COUNTIF(QCI!$A$13:$A$32,ORÇAMENTO!E283)),OFFSET($D283,1,$C283,ROW($C$850)-ROW($C283)),0))","v":3},"F","Nível 2","Nível 2","6.3.","SINAPI",null,"DRENAGEM","-",{"$f":"OFFSET(CÁLCULO!H$15,ROW($T283)-ROW(T$15),0)","v":0},0,"BDI 1",{"$f":"IF($C283=\"S\",ROUND(IF(TIPOORCAMENTO=\"Proposto\",ORÇAMENTO.CustoUnitario*(1+$AH283),ORÇAMENTO.PrecoUnitarioLicitado),15-13*$AF$10),0)","v":0},16614.259999999998,"RA","",{"$f":"IF($C283=\"S\",IF($Z283=\"CP\",$X283,IF($Z283=\"RA\",(($X283)*QCI!$AA$3),0)),SomaAgrup)","v":16614.260000000002},0,{"$f":"IF($N283=\"\",\"\",IF(ORÇAMENTO.Descricao=\"\",\"DESCRIÇÃO\",IF(AND($C283=\"S\",ORÇAMENTO.Unidade=\"\"),\"UNIDADE\",IF($X283<0,\"VALOR NEGATIVO\",IF(OR(AND(TIPOORCAMENTO=\"Proposto\",$AG283<>\"\",$AG283>0,ORÇAMENTO.CustoUnitario>$AG283),AND(TIPOORCAMENTO=\"LICITADO\",ORÇAMENTO.PrecoUnitarioLicitado>$AN283)),\"ACIMA REF.\",\"\")))))","v":""},{"$f":"IF(C283<=CRONO.NivelExibicao,MAX($AD$15:OFFSET(AD283,-1,0))+IF($C283<>1,1,MAX(1,COUNTIF(QCI!$A$13:$A$32,OFFSET($E283,-1,0)))),\"\")","v":""},{"$f":"IF(AND($C283=\"S\",ORÇAMENTO.CodBarra<>\"\"),IF(ORÇAMENTO.Fonte=\"\",ORÇAMENTO.CodBarra,CONCATENATE(ORÇAMENTO.Fonte,\" \",ORÇAMENTO.CodBarra)))","v":false},{"$f":"IF(ISERROR(INDIRECT(ORÇAMENTO.BancoRef)),\"(abra o arquivo 'Referência \"&Excel_BuiltIn_Database&\".xls)\",IF(OR($C283<>\"S\",ORÇAMENTO.CodBarra=\"\"),\"(Sem Código)\",IF(ISERROR(MATCH($AE283,INDIRECT(ORÇAMENTO.BancoRef),0)),\"(Código não identificado nas referências)\",MATCH($AE283,INDIRECT(ORÇAMENTO.BancoRef),0))))","v":"(abra o arquivo 'Referência 06-2023.xls)"},{"$f":"ROUND(IF(DESONERACAO=\"sim\",REFERENCIA.Desonerado,REFERENCIA.NaoDesonerado),2)","v":0},0.23530000000000001,null,null,null,null,16614.259999999998,0]
["S",2,"S",0,{"$f":"IF($C284=1,OFFSET(E284,-1,0)+MAX(1,COUNTIF(QCI!$A$13:$A$32,OFFSET(ORÇAMENTO!E284,-1,0))),OFFSET(E284,-1,0))","v":6},3,0,0,1,0,{"$f":"IF(OR($C284=\"S\",$C284=0),0,MATCH(OFFSET($D284,0,$C284)+IF($C284<>1,1,COUNTIF(QCI!$A$13:$A$32,ORÇAMENTO!E284)),OFFSET($D284,1,$C284,ROW($C$850)-ROW($C284)),0))","v":0},"F","Serviço","Serviço","6.3.1.","AMMOC","BL01","BOCA DE LOBO EM CONCRETO ARMADO E GRADE DE AÇO EM BARRA DE FERRO CHATA 0,70M X 1,00M - TIPO 1 ","UND",{"$f":"OFFSET(CÁLCULO!H$15,ROW($T284)-ROW(T$15),0)","v":2},2617.0700000000002,"BDI 1",{"$f":"IF($C284=\"S\",ROUND(IF(TIPOORCAMENTO=\"Proposto\",ORÇAMENTO.CustoUnitario*(1+$AH284),ORÇAMENTO.PrecoUnitarioLicitado),15-13*$AF$10),0)","v":3232.87},6465.74,"RA","RA",{"$f":"IF($C284=\"S\",IF($Z284=\"CP\",$X284,IF($Z284=\"RA\",(($X284)*QCI!$AA$3),0)),SomaAgrup)","v":6465.74},0,{"$f":"IF($N284=\"\",\"\",IF(ORÇAMENTO.Descricao=\"\",\"DESCRIÇÃO\",IF(AND($C284=\"S\",ORÇAMENTO.Unidade=\"\"),\"UNIDADE\",IF($X284<0,\"VALOR NEGATIVO\",IF(OR(AND(TIPOORCAMENTO=\"Proposto\",$AG284<>\"\",$AG284>0,ORÇAMENTO.CustoUnitario>$AG284),AND(TIPOORCAMENTO=\"LICITADO\",ORÇAMENTO.PrecoUnitarioLicitado>$AN284)),\"ACIMA REF.\",\"\")))))","v":""},{"$f":"IF(C284<=CRONO.NivelExibicao,MAX($AD$15:OFFSET(AD284,-1,0))+IF($C284<>1,1,MAX(1,COUNTIF(QCI!$A$13:$A$32,OFFSET($E284,-1,0)))),\"\")","v":""},{"$f":"IF(AND($C284=\"S\",ORÇAMENTO.CodBarra<>\"\"),IF(ORÇAMENTO.Fonte=\"\",ORÇAMENTO.CodBarra,CONCATENATE(ORÇAMENTO.Fonte,\" \",ORÇAMENTO.CodBarra)))","v":"AMMOC BL01"},{"$f":"IF(ISERROR(INDIRECT(ORÇAMENTO.BancoRef)),\"(abra o arquivo 'Referência \"&Excel_BuiltIn_Database&\".xls)\",IF(OR($C284<>\"S\",ORÇAMENTO.CodBarra=\"\"),\"(Sem Código)\",IF(ISERROR(MATCH($AE284,INDIRECT(ORÇAMENTO.BancoRef),0)),\"(Código não identificado nas referências)\",MATCH($AE284,INDIRECT(ORÇAMENTO.BancoRef),0))))","v":"(abra o arquivo 'Referência 06-2023.xls)"},{"$f":"ROUND(IF(DESONERACAO=\"sim\",REFERENCIA.Desonerado,REFERENCIA.NaoDesonerado),2)","v":0},0.23530000000000001,null,2,null,null,6465.74,3232.87]
["S",2,"S",0,{"$f":"IF($C285=1,OFFSET(E285,-1,0)+MAX(1,COUNTIF(QCI!$A$13:$A$32,OFFSET(ORÇAMENTO!E285,-1,0))),OFFSET(E285,-1,0))","v":6},3,0,0,2,0,{"$f":"IF(OR($C285=\"S\",$C285=0),0,MATCH(OFFSET($D285,0,$C285)+IF($C285<>1,1,COUNTIF(QCI!$A$13:$A$32,ORÇAMENTO!E285)),OFFSET($D285,1,$C285,ROW($C$850)-ROW($C285)),0))","v":0},"F","Serviço","Serviço","6.3.2.","SINAPI","92219","TUBO DE CONCRETO PARA REDES COLETORAS DE ÁGUAS PLUVIAIS, DIÂMETRO DE 400 MM, JUNTA ENVOLTA EM MANTA GEOTÊXTIL, INSTALADO EM LOCAL COM ALTO NÍVEL DE INTERFERÊNCIAS - FORNECIMENTO E ASSENTAMENTO","M",{"$f":"OFFSET(CÁLCULO!H$15,ROW($T285)-ROW(T$15),0)","v":46},178.6,"BDI 1",{"$f":"IF($C285=\"S\",ROUND(IF(TIPOORCAMENTO=\"Proposto\",ORÇAMENTO.CustoUnitario*(1+$AH285),ORÇAMENTO.PrecoUnitarioLicitado),15-13*$AF$10),0)","v":220.62},10148.52,"RA","RA",{"$f":"IF($C285=\"S\",IF($Z285=\"CP\",$X285,IF($Z285=\"RA\",(($X285)*QCI!$AA$3),0)),SomaAgrup)","v":10148.52},0,{"$f":"IF($N285=\"\",\"\",IF(ORÇAMENTO.Descricao=\"\",\"DESCRIÇÃO\",IF(AND($C285=\"S\",ORÇAMENTO.Unidade=\"\"),\"UNIDADE\",IF($X285<0,\"VALOR NEGATIVO\",IF(OR(AND(TIPOORCAMENTO=\"Proposto\",$AG285<>\"\",$AG285>0,ORÇAMENTO.CustoUnitario>$AG285),AND(TIPOORCAMENTO=\"LICITADO\",ORÇAMENTO.PrecoUnitarioLicitado>$AN285)),\"ACIMA REF.\",\"\")))))","v":""},{"$f":"IF(C285<=CRONO.NivelExibicao,MAX($AD$15:OFFSET(AD285,-1,0))+IF($C285<>1,1,MAX(1,COUNTIF(QCI!$A$13:$A$32,OFFSET($E285,-1,0)))),\"\")","v":""},{"$f":"IF(AND($C285=\"S\",ORÇAMENTO.CodBarra<>\"\"),IF(ORÇAMENTO.Fonte=\"\",ORÇAMENTO.CodBarra,CONCATENATE(ORÇAMENTO.Fonte,\" \",ORÇAMENTO.CodBarra)))","v":"SINAPI 92219"},{"$f":"IF(ISERROR(INDIRECT(ORÇAMENTO.BancoRef)),\"(abra o arquivo 'Referência \"&Excel_BuiltIn_Database&\".xls)\",IF(OR($C285<>\"S\",ORÇAMENTO.CodBarra=\"\"),\"(Sem Código)\",IF(ISERROR(MATCH($AE285,INDIRECT(ORÇAMENTO.BancoRef),0)),\"(Código não identificado nas referências)\",MATCH($AE285,INDIRECT(ORÇAMENTO.BancoRef),0))))","v":"(abra o arquivo 'Referência 06-2023.xls)"},{"$f":"ROUND(IF(DESONERACAO=\"sim\",REFERENCIA.Desonerado,REFERENCIA.NaoDesonerado),2)","v":0},0.23530000000000001,null,46,null,null,10148.52,220.62]
[2,2,2,4,{"$f":"IF($C286=1,OFFSET(E286,-1,0)+MAX(1,COUNTIF(QCI!$A$13:$A$32,OFFSET(ORÇAMENTO!E286,-1,0))),OFFSET(E286,-1,0))","v":6},4,0,0,0,25,{"$f":"IF(OR($C286=\"S\",$C286=0),0,MATCH(OFFSET($D286,0,$C286)+IF($C286<>1,1,COUNTIF(QCI!$A$13:$A$32,ORÇAMENTO!E286)),OFFSET($D286,1,$C286,ROW($C$850)-ROW($C286)),0))","v":4},"F","Nível 2","Nível 2","6.4.","SINAPI",null,"REATERROS","-",{"$f":"OFFSET(CÁLCULO!H$15,ROW($T286)-ROW(T$15),0)","v":0},0,"BDI 1",{"$f":"IF($C286=\"S\",ROUND(IF(TIPOORCAMENTO=\"Proposto\",ORÇAMENTO.CustoUnitario*(1+$AH286),ORÇAMENTO.PrecoUnitarioLicitado),15-13*$AF$10),0)","v":0},5398.83,"RA","",{"$f":"IF($C286=\"S\",IF($Z286=\"CP\",$X286,IF($Z286=\"RA\",(($X286)*QCI!$AA$3),0)),SomaAgrup)","v":5398.83},0,{"$f":"IF($N286=\"\",\"\",IF(ORÇAMENTO.Descricao=\"\",\"DESCRIÇÃO\",IF(AND($C286=\"S\",ORÇAMENTO.Unidade=\"\"),\"UNIDADE\",IF($X286<0,\"VALOR NEGATIVO\",IF(OR(AND(TIPOORCAMENTO=\"Proposto\",$AG286<>\"\",$AG286>0,ORÇAMENTO.CustoUnitario>$AG286),AND(TIPOORCAMENTO=\"LICITADO\",ORÇAMENTO.PrecoUnitarioLicitado>$AN286)),\"ACIMA REF.\",\"\")))))","v":""},{"$f":"IF(C286<=CRONO.NivelExibicao,MAX($AD$15:OFFSET(AD286,-1,0))+IF($C286<>1,1,MAX(1,COUNTIF(QCI!$A$13:$A$32,OFFSET($E286,-1,0)))),\"\")","v":""},{"$f":"IF(AND($C286=\"S\",ORÇAMENTO.CodBarra<>\"\"),IF(ORÇAMENTO.Fonte=\"\",ORÇAMENTO.CodBarra,CONCATENATE(ORÇAMENTO.Fonte,\" \",ORÇAMENTO.CodBarra)))","v":false},{"$f":"IF(ISERROR(INDIRECT(ORÇAMENTO.BancoRef)),\"(abra o arquivo 'Referência \"&Excel_BuiltIn_Database&\".xls)\",IF(OR($C286<>\"S\",ORÇAMENTO.CodBarra=\"\"),\"(Sem Código)\",IF(ISERROR(MATCH($AE286,INDIRECT(ORÇAMENTO.BancoRef),0)),\"(Código não identificado nas referências)\",MATCH($AE286,INDIRECT(ORÇAMENTO.BancoRef),0))))","v":"(abra o arquivo 'Referência 06-2023.xls)"},{"$f":"ROUND(IF(DESONERACAO=\"sim\",REFERENCIA.Desonerado,REFERENCIA.NaoDesonerado),2)","v":0},0.23530000000000001,null,null,null,null,5398.83,0]
["S",2,"S",0,{"$f":"IF($C287=1,OFFSET(E287,-1,0)+MAX(1,COUNTIF(QCI!$A$13:$A$32,OFFSET(ORÇAMENTO!E287,-1,0))),OFFSET(E287,-1,0))","v":6},4,0,0,1,0,{"$f":"IF(OR($C287=\"S\",$C287=0),0,MATCH(OFFSET($D287,0,$C287)+IF($C287<>1,1,COUNTIF(QCI!$A$13:$A$32,ORÇAMENTO!E287)),OFFSET($D287,1,$C287,ROW($C$850)-ROW($C287)),0))","v":0},"F","Serviço","Serviço","6.4.1.","SINAPI-I","4718","PEDRA BRITADA N. 2 (19 A 38 MM) PARA REATERRO DE VALAS","M3    ",{"$f":"OFFSET(CÁLCULO!H$15,ROW($T287)-ROW(T$15),0)","v":27.6},107.5,"BDI 1",{"$f":"IF($C287=\"S\",ROUND(IF(TIPOORCAMENTO=\"Proposto\",ORÇAMENTO.CustoUnitario*(1+$AH287),ORÇAMENTO.PrecoUnitarioLicitado),15-13*$AF$10),0)","v":132.79},3665,"RA","RA",{"$f":"IF($C287=\"S\",IF($Z287=\"CP\",$X287,IF($Z287=\"RA\",(($X287)*QCI!$AA$3),0)),SomaAgrup)","v":3665},0,{"$f":"IF($N287=\"\",\"\",IF(ORÇAMENTO.Descricao=\"\",\"DESCRIÇÃO\",IF(AND($C287=\"S\",ORÇAMENTO.Unidade=\"\"),\"UNIDADE\",IF($X287<0,\"VALOR NEGATIVO\",IF(OR(AND(TIPOORCAMENTO=\"Proposto\",$AG287<>\"\",$AG287>0,ORÇAMENTO.CustoUnitario>$AG287),AND(TIPOORCAMENTO=\"LICITADO\",ORÇAMENTO.PrecoUnitarioLicitado>$AN287)),\"ACIMA REF.\",\"\")))))","v":""},{"$f":"IF(C287<=CRONO.NivelExibicao,MAX($AD$15:OFFSET(AD287,-1,0))+IF($C287<>1,1,MAX(1,COUNTIF(QCI!$A$13:$A$32,OFFSET($E287,-1,0)))),\"\")","v":""},{"$f":"IF(AND($C287=\"S\",ORÇAMENTO.CodBarra<>\"\"),IF(ORÇAMENTO.Fonte=\"\",ORÇAMENTO.CodBarra,CONCATENATE(ORÇAMENTO.Fonte,\" \",ORÇAMENTO.CodBarra)))","v":"SINAPI-I 4718"},{"$f":"IF(ISERROR(INDIRECT(ORÇAMENTO.BancoRef)),\"(abra o arquivo 'Referência \"&Excel_BuiltIn_Database&\".xls)\",IF(OR($C287<>\"S\",ORÇAMENTO.CodBarra=\"\"),\"(Sem Código)\",IF(ISERROR(MATCH($AE287,INDIRECT(ORÇAMENTO.BancoRef),0)),\"(Código não identificado nas referências)\",MATCH($AE287,INDIRECT(ORÇAMENTO.BancoRef),0))))","v":"(abra o arquivo 'Referência 06-2023.xls)"},{"$f":"ROUND(IF(DESONERACAO=\"sim\",REFERENCIA.Desonerado,REFERENCIA.NaoDesonerado),2)","v":0},0.23530000000000001,null,27.6,null,null,3665,132.79]
["S",2,"S",0,{"$f":"IF($C288=1,OFFSET(E288,-1,0)+MAX(1,COUNTIF(QCI!$A$13:$A$32,OFFSET(ORÇAMENTO!E288,-1,0))),OFFSET(E288,-1,0))","v":6},4,0,0,2,0,{"$f":"IF(OR($C288=\"S\",$C288=0),0,MATCH(OFFSET($D288,0,$C288)+IF($C288<>1,1,COUNTIF(QCI!$A$13:$A$32,ORÇAMENTO!E288)),OFFSET($D288,1,$C288,ROW($C$850)-ROW($C288)),0))","v":0},"F","Serviço","Serviço","6.4.2.","SINAPI","100978","CARGA, MANOBRA E DESCARGA DE MATERIAL GRANULAR EM CAMINHÃO BASCULANTE - CARGA COM ESCAVADEIRA HIDRÁULICA","M3",{"$f":"OFFSET(CÁLCULO!H$15,ROW($T288)-ROW(T$15),0)","v":27.6},6.33,"BDI 1",{"$f":"IF($C288=\"S\",ROUND(IF(TIPOORCAMENTO=\"Proposto\",ORÇAMENTO.CustoUnitario*(1+$AH288),ORÇAMENTO.PrecoUnitarioLicitado),15-13*$AF$10),0)","v":7.82},215.83,"RA","RA",{"$f":"IF($C288=\"S\",IF($Z288=\"CP\",$X288,IF($Z288=\"RA\",(($X288)*QCI!$AA$3),0)),SomaAgrup)","v":215.83},0,{"$f":"IF($N288=\"\",\"\",IF(ORÇAMENTO.Descricao=\"\",\"DESCRIÇÃO\",IF(AND($C288=\"S\",ORÇAMENTO.Unidade=\"\"),\"UNIDADE\",IF($X288<0,\"VALOR NEGATIVO\",IF(OR(AND(TIPOORCAMENTO=\"Proposto\",$AG288<>\"\",$AG288>0,ORÇAMENTO.CustoUnitario>$AG288),AND(TIPOORCAMENTO=\"LICITADO\",ORÇAMENTO.PrecoUnitarioLicitado>$AN288)),\"ACIMA REF.\",\"\")))))","v":""},{"$f":"IF(C288<=CRONO.NivelExibicao,MAX($AD$15:OFFSET(AD288,-1,0))+IF($C288<>1,1,MAX(1,COUNTIF(QCI!$A$13:$A$32,OFFSET($E288,-1,0)))),\"\")","v":""},{"$f":"IF(AND($C288=\"S\",ORÇAMENTO.CodBarra<>\"\"),IF(ORÇAMENTO.Fonte=\"\",ORÇAMENTO.CodBarra,CONCATENATE(ORÇAMENTO.Fonte,\" \",ORÇAMENTO.CodBarra)))","v":"SINAPI 100978"},{"$f":"IF(ISERROR(INDIRECT(ORÇAMENTO.BancoRef)),\"(abra o arquivo 'Referência \"&Excel_BuiltIn_Database&\".xls)\",IF(OR($C288<>\"S\",ORÇAMENTO.CodBarra=\"\"),\"(Sem Código)\",IF(ISERROR(MATCH($AE288,INDIRECT(ORÇAMENTO.BancoRef),0)),\"(Código não identificado nas referências)\",MATCH($AE288,INDIRECT(ORÇAMENTO.BancoRef),0))))","v":"(abra o arquivo 'Referência 06-2023.xls)"},{"$f":"ROUND(IF(DESONERACAO=\"sim\",REFERENCIA.Desonerado,REFERENCIA.NaoDesonerado),2)","v":0},0.23530000000000001,null,{"$f":"AJ287","v":27.6},null,null,215.83,7.82]
["S",2,"S",0,{"$f":"IF($C289=1,OFFSET(E289,-1,0)+MAX(1,COUNTIF(QCI!$A$13:$A$32,OFFSET(ORÇAMENTO!E289,-1,0))),OFFSET(E289,-1,0))","v":6},4,0,0,3,0,{"$f":"IF(OR($C289=\"S\",$C289=0),0,MATCH(OFFSET($D289,0,$C289)+IF($C289<>1,1,COUNTIF(QCI!$A$13:$A$32,ORÇAMENTO!E289)),OFFSET($D289,1,$C289,ROW($C$850)-ROW($C289)),0))","v":0},"F","Serviço","Serviço","6.4.3.","SINAPI","95875","TRANSPORTE DE MATERIAL GRANULAR COM CAMINHÃO BASCULANTE, DMT = 20 KM","M3XKM",{"$f":"OFFSET(CÁLCULO!H$15,ROW($T289)-ROW(T$15),0)","v":552},2.23,"BDI 1",{"$f":"IF($C289=\"S\",ROUND(IF(TIPOORCAMENTO=\"Proposto\",ORÇAMENTO.CustoUnitario*(1+$AH289),ORÇAMENTO.PrecoUnitarioLicitado),15-13*$AF$10),0)","v":2.75},1518,"RA","RA",{"$f":"IF($C289=\"S\",IF($Z289=\"CP\",$X289,IF($Z289=\"RA\",(($X289)*QCI!$AA$3),0)),SomaAgrup)","v":1518},0,{"$f":"IF($N289=\"\",\"\",IF(ORÇAMENTO.Descricao=\"\",\"DESCRIÇÃO\",IF(AND($C289=\"S\",ORÇAMENTO.Unidade=\"\"),\"UNIDADE\",IF($X289<0,\"VALOR NEGATIVO\",IF(OR(AND(TIPOORCAMENTO=\"Proposto\",$AG289<>\"\",$AG289>0,ORÇAMENTO.CustoUnitario>$AG289),AND(TIPOORCAMENTO=\"LICITADO\",ORÇAMENTO.PrecoUnitarioLicitado>$AN289)),\"ACIMA REF.\",\"\")))))","v":""},{"$f":"IF(C289<=CRONO.NivelExibicao,MAX($AD$15:OFFSET(AD289,-1,0))+IF($C289<>1,1,MAX(1,COUNTIF(QCI!$A$13:$A$32,OFFSET($E289,-1,0)))),\"\")","v":""},{"$f":"IF(AND($C289=\"S\",ORÇAMENTO.CodBarra<>\"\"),IF(ORÇAMENTO.Fonte=\"\",ORÇAMENTO.CodBarra,CONCATENATE(ORÇAMENTO.Fonte,\" \",ORÇAMENTO.CodBarra)))","v":"SINAPI 95875"},{"$f":"IF(ISERROR(INDIRECT(ORÇAMENTO.BancoRef)),\"(abra o arquivo 'Referência \"&Excel_BuiltIn_Database&\".xls)\",IF(OR($C289<>\"S\",ORÇAMENTO.CodBarra=\"\"),\"(Sem Código)\",IF(ISERROR(MATCH($AE289,INDIRECT(ORÇAMENTO.BancoRef),0)),\"(Código não identificado nas referências)\",MATCH($AE289,INDIRECT(ORÇAMENTO.BancoRef),0))))","v":"(abra o arquivo 'Referência 06-2023.xls)"},{"$f":"ROUND(IF(DESONERACAO=\"sim\",REFERENCIA.Desonerado,REFERENCIA.NaoDesonerado),2)","v":0},0.23530000000000001,null,{"$f":"AJ288*20","v":552},null,null,1518,2.75]
[{"$f":"CHOOSE(1+LOG(1+2*(ORÇAMENTO.Nivel=\"Meta\")+4*(ORÇAMENTO.Nivel=\"Nível 2\")+8*(ORÇAMENTO.Nivel=\"Nível 3\")+16*(ORÇAMENTO.Nivel=\"Nível 4\")+32*(ORÇAMENTO.Nivel=\"Serviço\"),2),0,1,2,3,4,\"S\")","v":2},2,2,7,{"$f":"IF($C290=1,OFFSET(E290,-1,0)+MAX(1,COUNTIF(QCI!$A$13:$A$32,OFFSET(ORÇAMENTO!E290,-1,0))),OFFSET(E290,-1,0))","v":6},5,0,0,0,21,{"$f":"IF(OR($C290=\"S\",$C290=0),0,MATCH(OFFSET($D290,0,$C290)+IF($C290<>1,1,COUNTIF(QCI!$A$13:$A$32,ORÇAMENTO!E290)),OFFSET($D290,1,$C290,ROW($C$850)-ROW($C290)),0))","v":7},"F","Nível 2","Nível 2","6.5.","SINAPI",null,"BASE E SUB-BASE","-",{"$f":"OFFSET(CÁLCULO!H$15,ROW($T290)-ROW(T$15),0)","v":0},0,"BDI 1",{"$f":"IF($C290=\"S\",ROUND(IF(TIPOORCAMENTO=\"Proposto\",ORÇAMENTO.CustoUnitario*(1+$AH290),ORÇAMENTO.PrecoUnitarioLicitado),15-13*$AF$10),0)","v":0},{"$f":"IF($C290=\"S\",VTOTAL1,IF($C290=0,0,ROUND(SomaAgrup,15-13*$AF$11)))","v":20307.400000000001},"RA","",{"$f":"IF($C290=\"S\",IF($Z290=\"CP\",$X290,IF($Z290=\"RA\",(($X290)*QCI!$AA$3),0)),SomaAgrup)","v":20307.400000000001},{"$f":"IF($C290=\"S\",IF($Z290=\"OU\",ROUND($X290,2),0),SomaAgrup)","v":0},{"$f":"IF($N290=\"\",\"\",IF(ORÇAMENTO.Descricao=\"\",\"DESCRIÇÃO\",IF(AND($C290=\"S\",ORÇAMENTO.Unidade=\"\"),\"UNIDADE\",IF($X290<0,\"VALOR NEGATIVO\",IF(OR(AND(TIPOORCAMENTO=\"Proposto\",$AG290<>\"\",$AG290>0,ORÇAMENTO.CustoUnitario>$AG290),AND(TIPOORCAMENTO=\"LICITADO\",ORÇAMENTO.PrecoUnitarioLicitado>$AN290)),\"ACIMA REF.\",\"\")))))","v":""},{"$f":"IF(C290<=CRONO.NivelExibicao,MAX($AD$15:OFFSET(AD290,-1,0))+IF($C290<>1,1,MAX(1,COUNTIF(QCI!$A$13:$A$32,OFFSET($E290,-1,0)))),\"\")","v":""},{"$f":"IF(AND($C290=\"S\",ORÇAMENTO.CodBarra<>\"\"),IF(ORÇAMENTO.Fonte=\"\",ORÇAMENTO.CodBarra,CONCATENATE(ORÇAMENTO.Fonte,\" \",ORÇAMENTO.CodBarra)))","v":false},{"$f":"IF(ISERROR(INDIRECT(ORÇAMENTO.BancoRef)),\"(abra o arquivo 'Referência \"&Excel_BuiltIn_Database&\".xls)\",IF(OR($C290<>\"S\",ORÇAMENTO.CodBarra=\"\"),\"(Sem Código)\",IF(ISERROR(MATCH($AE290,INDIRECT(ORÇAMENTO.BancoRef),0)),\"(Código não identificado nas referências)\",MATCH($AE290,INDIRECT(ORÇAMENTO.BancoRef),0))))","v":"(abra o arquivo 'Referência 06-2023.xls)"},{"$f":"ROUND(IF(DESONERACAO=\"sim\",REFERENCIA.Desonerado,REFERENCIA.NaoDesonerado),2)","v":0},{"$f":"ROUND(IF(ISNUMBER(ORÇAMENTO.OpcaoBDI),ORÇAMENTO.OpcaoBDI,IF(LEFT(ORÇAMENTO.OpcaoBDI,3)=\"BDI\",HLOOKUP(ORÇAMENTO.OpcaoBDI,$F$4:$H$5,2,FALSE),0)),15-11*$AF$9)","v":0.23530000000000001},null,null,null,null,20307.400000000001,{"$f":"ROUND(ORÇAMENTO.CustoUnitario*(1+$AH290),2)","v":0}]
["S",2,"S",0,{"$f":"IF($C291=1,OFFSET(E291,-1,0)+MAX(1,COUNTIF(QCI!$A$13:$A$32,OFFSET(ORÇAMENTO!E291,-1,0))),OFFSET(E291,-1,0))","v":6},5,0,0,1,0,{"$f":"IF(OR($C291=\"S\",$C291=0),0,MATCH(OFFSET($D291,0,$C291)+IF($C291<>1,1,COUNTIF(QCI!$A$13:$A$32,ORÇAMENTO!E291)),OFFSET($D291,1,$C291,ROW($C$850)-ROW($C291)),0))","v":0},"F","Serviço","Serviço","6.5.1.","SINAPI","96396","EXECUÇÃO E COMPACTAÇÃO DE BASE PARA PAVIMENTAÇÃO, DE BRITA GRADUADA SIMPLES - EXCLUSIVE CARGA E TRANSPORTE","M3",{"$f":"OFFSET(CÁLCULO!H$15,ROW($T291)-ROW(T$15),0)","v":33.6},181.41,"BDI 1",{"$f":"IF($C291=\"S\",ROUND(IF(TIPOORCAMENTO=\"Proposto\",ORÇAMENTO.CustoUnitario*(1+$AH291),ORÇAMENTO.PrecoUnitarioLicitado),15-13*$AF$10),0)","v":224.1},7529.76,"RA","RA",{"$f":"IF($C291=\"S\",IF($Z291=\"CP\",$X291,IF($Z291=\"RA\",(($X291)*QCI!$AA$3),0)),SomaAgrup)","v":7529.76},0,{"$f":"IF($N291=\"\",\"\",IF(ORÇAMENTO.Descricao=\"\",\"DESCRIÇÃO\",IF(AND($C291=\"S\",ORÇAMENTO.Unidade=\"\"),\"UNIDADE\",IF($X291<0,\"VALOR NEGATIVO\",IF(OR(AND(TIPOORCAMENTO=\"Proposto\",$AG291<>\"\",$AG291>0,ORÇAMENTO.CustoUnitario>$AG291),AND(TIPOORCAMENTO=\"LICITADO\",ORÇAMENTO.PrecoUnitarioLicitado>$AN291)),\"ACIMA REF.\",\"\")))))","v":""},{"$f":"IF(C291<=CRONO.NivelExibicao,MAX($AD$15:OFFSET(AD291,-1,0))+IF($C291<>1,1,MAX(1,COUNTIF(QCI!$A$13:$A$32,OFFSET($E291,-1,0)))),\"\")","v":""},{"$f":"IF(AND($C291=\"S\",ORÇAMENTO.CodBarra<>\"\"),IF(ORÇAMENTO.Fonte=\"\",ORÇAMENTO.CodBarra,CONCATENATE(ORÇAMENTO.Fonte,\" \",ORÇAMENTO.CodBarra)))","v":"SINAPI 96396"},{"$f":"IF(ISERROR(INDIRECT(ORÇAMENTO.BancoRef)),\"(abra o arquivo 'Referência \"&Excel_BuiltIn_Database&\".xls)\",IF(OR($C291<>\"S\",ORÇAMENTO.CodBarra=\"\"),\"(Sem Código)\",IF(ISERROR(MATCH($AE291,INDIRECT(ORÇAMENTO.BancoRef),0)),\"(Código não identificado nas referências)\",MATCH($AE291,INDIRECT(ORÇAMENTO.BancoRef),0))))","v":"(abra o arquivo 'Referência 06-2023.xls)"},{"$f":"ROUND(IF(DESONERACAO=\"sim\",REFERENCIA.Desonerado,REFERENCIA.NaoDesonerado),2)","v":0},0.23530000000000001,null,{"$f":"(234*0.12)+5.52","v":33.599999999999994},null,null,7529.76,224.1]
["S",2,"S",0,{"$f":"IF($C292=1,OFFSET(E292,-1,0)+MAX(1,COUNTIF(QCI!$A$13:$A$32,OFFSET(ORÇAMENTO!E292,-1,0))),OFFSET(E292,-1,0))","v":6},5,0,0,2,0,{"$f":"IF(OR($C292=\"S\",$C292=0),0,MATCH(OFFSET($D292,0,$C292)+IF($C292<>1,1,COUNTIF(QCI!$A$13:$A$32,ORÇAMENTO!E292)),OFFSET($D292,1,$C292,ROW($C$850)-ROW($C292)),0))","v":0},"F","Serviço","Serviço","6.5.2.","SINAPI","100978","CARGA, MANOBRA E DESCARGA DE MATERIAL GRANULAR EM CAMINHÃO BASCULANTE - CARGA COM ESCAVADEIRA HIDRÁULICA","M3",{"$f":"OFFSET(CÁLCULO!H$15,ROW($T292)-ROW(T$15),0)","v":33.6},6.33,"BDI 1",{"$f":"IF($C292=\"S\",ROUND(IF(TIPOORCAMENTO=\"Proposto\",ORÇAMENTO.CustoUnitario*(1+$AH292),ORÇAMENTO.PrecoUnitarioLicitado),15-13*$AF$10),0)","v":7.82},262.75,"RA","RA",{"$f":"IF($C292=\"S\",IF($Z292=\"CP\",$X292,IF($Z292=\"RA\",(($X292)*QCI!$AA$3),0)),SomaAgrup)","v":262.75},0,{"$f":"IF($N292=\"\",\"\",IF(ORÇAMENTO.Descricao=\"\",\"DESCRIÇÃO\",IF(AND($C292=\"S\",ORÇAMENTO.Unidade=\"\"),\"UNIDADE\",IF($X292<0,\"VALOR NEGATIVO\",IF(OR(AND(TIPOORCAMENTO=\"Proposto\",$AG292<>\"\",$AG292>0,ORÇAMENTO.CustoUnitario>$AG292),AND(TIPOORCAMENTO=\"LICITADO\",ORÇAMENTO.PrecoUnitarioLicitado>$AN292)),\"ACIMA REF.\",\"\")))))","v":""},{"$f":"IF(C292<=CRONO.NivelExibicao,MAX($AD$15:OFFSET(AD292,-1,0))+IF($C292<>1,1,MAX(1,COUNTIF(QCI!$A$13:$A$32,OFFSET($E292,-1,0)))),\"\")","v":""},{"$f":"IF(AND($C292=\"S\",ORÇAMENTO.CodBarra<>\"\"),IF(ORÇAMENTO.Fonte=\"\",ORÇAMENTO.CodBarra,CONCATENATE(ORÇAMENTO.Fonte,\" \",ORÇAMENTO.CodBarra)))","v":"SINAPI 100978"},{"$f":"IF(ISERROR(INDIRECT(ORÇAMENTO.BancoRef)),\"(abra o arquivo 'Referência \"&Excel_BuiltIn_Database&\".xls)\",IF(OR($C292<>\"S\",ORÇAMENTO.CodBarra=\"\"),\"(Sem Código)\",IF(ISERROR(MATCH($AE292,INDIRECT(ORÇAMENTO.BancoRef),0)),\"(Código não identificado nas referências)\",MATCH($AE292,INDIRECT(ORÇAMENTO.BancoRef),0))))","v":"(abra o arquivo 'Referência 06-2023.xls)"},{"$f":"ROUND(IF(DESONERACAO=\"sim\",REFERENCIA.Desonerado,REFERENCIA.NaoDesonerado),2)","v":0},0.23530000000000001,null,{"$f":"AJ291","v":33.599999999999994},null,null,262.75,7.82]
["S",2,"S",0,{"$f":"IF($C293=1,OFFSET(E293,-1,0)+MAX(1,COUNTIF(QCI!$A$13:$A$32,OFFSET(ORÇAMENTO!E293,-1,0))),OFFSET(E293,-1,0))","v":6},5,0,0,3,0,{"$f":"IF(OR($C293=\"S\",$C293=0),0,MATCH(OFFSET($D293,0,$C293)+IF($C293<>1,1,COUNTIF(QCI!$A$13:$A$32,ORÇAMENTO!E293)),OFFSET($D293,1,$C293,ROW($C$850)-ROW($C293)),0))","v":0},"F","Serviço","Serviço","6.5.3.","SINAPI","95875","TRANSPORTE DE MATERIAL GRANULAR COM CAMINHÃO BASCULANTE, DMT = 20 KM","M3XKM",{"$f":"OFFSET(CÁLCULO!H$15,ROW($T293)-ROW(T$15),0)","v":672},2.23,"BDI 1",{"$f":"IF($C293=\"S\",ROUND(IF(TIPOORCAMENTO=\"Proposto\",ORÇAMENTO.CustoUnitario*(1+$AH293),ORÇAMENTO.PrecoUnitarioLicitado),15-13*$AF$10),0)","v":2.75},1848,"RA","RA",{"$f":"IF($C293=\"S\",IF($Z293=\"CP\",$X293,IF($Z293=\"RA\",(($X293)*QCI!$AA$3),0)),SomaAgrup)","v":1848},0,{"$f":"IF($N293=\"\",\"\",IF(ORÇAMENTO.Descricao=\"\",\"DESCRIÇÃO\",IF(AND($C293=\"S\",ORÇAMENTO.Unidade=\"\"),\"UNIDADE\",IF($X293<0,\"VALOR NEGATIVO\",IF(OR(AND(TIPOORCAMENTO=\"Proposto\",$AG293<>\"\",$AG293>0,ORÇAMENTO.CustoUnitario>$AG293),AND(TIPOORCAMENTO=\"LICITADO\",ORÇAMENTO.PrecoUnitarioLicitado>$AN293)),\"ACIMA REF.\",\"\")))))","v":""},{"$f":"IF(C293<=CRONO.NivelExibicao,MAX($AD$15:OFFSET(AD293,-1,0))+IF($C293<>1,1,MAX(1,COUNTIF(QCI!$A$13:$A$32,OFFSET($E293,-1,0)))),\"\")","v":""},{"$f":"IF(AND($C293=\"S\",ORÇAMENTO.CodBarra<>\"\"),IF(ORÇAMENTO.Fonte=\"\",ORÇAMENTO.CodBarra,CONCATENATE(ORÇAMENTO.Fonte,\" \",ORÇAMENTO.CodBarra)))","v":"SINAPI 95875"},{"$f":"IF(ISERROR(INDIRECT(ORÇAMENTO.BancoRef)),\"(abra o arquivo 'Referência \"&Excel_BuiltIn_Database&\".xls)\",IF(OR($C293<>\"S\",ORÇAMENTO.CodBarra=\"\"),\"(Sem Código)\",IF(ISERROR(MATCH($AE293,INDIRECT(ORÇAMENTO.BancoRef),0)),\"(Código não identificado nas referências)\",MATCH($AE293,INDIRECT(ORÇAMENTO.BancoRef),0))))","v":"(abra o arquivo 'Referência 06-2023.xls)"},{"$f":"ROUND(IF(DESONERACAO=\"sim\",REFERENCIA.Desonerado,REFERENCIA.NaoDesonerado),2)","v":0},0.23530000000000001,null,{"$f":"AJ292*20","v":671.99999999999989},null,null,1848,2.75]
["S",2,"S",0,{"$f":"IF($C294=1,OFFSET(E294,-1,0)+MAX(1,COUNTIF(QCI!$A$13:$A$32,OFFSET(ORÇAMENTO!E294,-1,0))),OFFSET(E294,-1,0))","v":6},5,0,0,4,0,{"$f":"IF(OR($C294=\"S\",$C294=0),0,MATCH(OFFSET($D294,0,$C294)+IF($C294<>1,1,COUNTIF(QCI!$A$13:$A$32,ORÇAMENTO!E294)),OFFSET($D294,1,$C294,ROW($C$850)-ROW($C294)),0))","v":0},"F","Serviço","Serviço","6.5.4.","SINAPI","96399","EXECUÇÃO E COMPACTAÇÃO DE BASE E OU SUB BASE PARA PAVIMENTAÇÃO DE PEDRA RACHÃO  - EXCLUSIVE CARGA E TRANSPORTE. AF_11/2019","M3",{"$f":"OFFSET(CÁLCULO!H$15,ROW($T294)-ROW(T$15),0)","v":49.48},123.66,"BDI 1",{"$f":"IF($C294=\"S\",ROUND(IF(TIPOORCAMENTO=\"Proposto\",ORÇAMENTO.CustoUnitario*(1+$AH294),ORÇAMENTO.PrecoUnitarioLicitado),15-13*$AF$10),0)","v":152.76},7558.56,"RA","RA",{"$f":"IF($C294=\"S\",IF($Z294=\"CP\",$X294,IF($Z294=\"RA\",(($X294)*QCI!$AA$3),0)),SomaAgrup)","v":7558.56},0,{"$f":"IF($N294=\"\",\"\",IF(ORÇAMENTO.Descricao=\"\",\"DESCRIÇÃO\",IF(AND($C294=\"S\",ORÇAMENTO.Unidade=\"\"),\"UNIDADE\",IF($X294<0,\"VALOR NEGATIVO\",IF(OR(AND(TIPOORCAMENTO=\"Proposto\",$AG294<>\"\",$AG294>0,ORÇAMENTO.CustoUnitario>$AG294),AND(TIPOORCAMENTO=\"LICITADO\",ORÇAMENTO.PrecoUnitarioLicitado>$AN294)),\"ACIMA REF.\",\"\")))))","v":""},{"$f":"IF(C294<=CRONO.NivelExibicao,MAX($AD$15:OFFSET(AD294,-1,0))+IF($C294<>1,1,MAX(1,COUNTIF(QCI!$A$13:$A$32,OFFSET($E294,-1,0)))),\"\")","v":""},{"$f":"IF(AND($C294=\"S\",ORÇAMENTO.CodBarra<>\"\"),IF(ORÇAMENTO.Fonte=\"\",ORÇAMENTO.CodBarra,CONCATENATE(ORÇAMENTO.Fonte,\" \",ORÇAMENTO.CodBarra)))","v":"SINAPI 96399"},{"$f":"IF(ISERROR(INDIRECT(ORÇAMENTO.BancoRef)),\"(abra o arquivo 'Referência \"&Excel_BuiltIn_Database&\".xls)\",IF(OR($C294<>\"S\",ORÇAMENTO.CodBarra=\"\"),\"(Sem Código)\",IF(ISERROR(MATCH($AE294,INDIRECT(ORÇAMENTO.BancoRef),0)),\"(Código não identificado nas referências)\",MATCH($AE294,INDIRECT(ORÇAMENTO.BancoRef),0))))","v":"(abra o arquivo 'Referência 06-2023.xls)"},{"$f":"ROUND(IF(DESONERACAO=\"sim\",REFERENCIA.Desonerado,REFERENCIA.NaoDesonerado),2)","v":0},0.23530000000000001,null,{"$f":"(234*0.18)+7.36","v":49.48},null,null,7558.56,152.76]
["S",2,"S",0,{"$f":"IF($C295=1,OFFSET(E295,-1,0)+MAX(1,COUNTIF(QCI!$A$13:$A$32,OFFSET(ORÇAMENTO!E295,-1,0))),OFFSET(E295,-1,0))","v":6},5,0,0,5,0,{"$f":"IF(OR($C295=\"S\",$C295=0),0,MATCH(OFFSET($D295,0,$C295)+IF($C295<>1,1,COUNTIF(QCI!$A$13:$A$32,ORÇAMENTO!E295)),OFFSET($D295,1,$C295,ROW($C$850)-ROW($C295)),0))","v":0},"F","Serviço","Serviço","6.5.5.","SINAPI","100978","CARGA, MANOBRA E DESCARGA DE MATERIAL GRANULAR EM CAMINHÃO BASCULANTE - CARGA COM ESCAVADEIRA HIDRÁULICA","M3",{"$f":"OFFSET(CÁLCULO!H$15,ROW($T295)-ROW(T$15),0)","v":49.48},6.33,"BDI 1",{"$f":"IF($C295=\"S\",ROUND(IF(TIPOORCAMENTO=\"Proposto\",ORÇAMENTO.CustoUnitario*(1+$AH295),ORÇAMENTO.PrecoUnitarioLicitado),15-13*$AF$10),0)","v":7.82},386.93,"RA","RA",{"$f":"IF($C295=\"S\",IF($Z295=\"CP\",$X295,IF($Z295=\"RA\",(($X295)*QCI!$AA$3),0)),SomaAgrup)","v":386.93},0,{"$f":"IF($N295=\"\",\"\",IF(ORÇAMENTO.Descricao=\"\",\"DESCRIÇÃO\",IF(AND($C295=\"S\",ORÇAMENTO.Unidade=\"\"),\"UNIDADE\",IF($X295<0,\"VALOR NEGATIVO\",IF(OR(AND(TIPOORCAMENTO=\"Proposto\",$AG295<>\"\",$AG295>0,ORÇAMENTO.CustoUnitario>$AG295),AND(TIPOORCAMENTO=\"LICITADO\",ORÇAMENTO.PrecoUnitarioLicitado>$AN295)),\"ACIMA REF.\",\"\")))))","v":""},{"$f":"IF(C295<=CRONO.NivelExibicao,MAX($AD$15:OFFSET(AD295,-1,0))+IF($C295<>1,1,MAX(1,COUNTIF(QCI!$A$13:$A$32,OFFSET($E295,-1,0)))),\"\")","v":""},{"$f":"IF(AND($C295=\"S\",ORÇAMENTO.CodBarra<>\"\"),IF(ORÇAMENTO.Fonte=\"\",ORÇAMENTO.CodBarra,CONCATENATE(ORÇAMENTO.Fonte,\" \",ORÇAMENTO.CodBarra)))","v":"SINAPI 100978"},{"$f":"IF(ISERROR(INDIRECT(ORÇAMENTO.BancoRef)),\"(abra o arquivo 'Referência \"&Excel_BuiltIn_Database&\".xls)\",IF(OR($C295<>\"S\",ORÇAMENTO.CodBarra=\"\"),\"(Sem Código)\",IF(ISERROR(MATCH($AE295,INDIRECT(ORÇAMENTO.BancoRef),0)),\"(Código não identificado nas referências)\",MATCH($AE295,INDIRECT(ORÇAMENTO.BancoRef),0))))","v":"(abra o arquivo 'Referência 06-2023.xls)"},{"$f":"ROUND(IF(DESONERACAO=\"sim\",REFERENCIA.Desonerado,REFERENCIA.NaoDesonerado),2)","v":0},0.23530000000000001,null,{"$f":"AJ294","v":49.48},null,null,386.93,7.82]
["S",2,"S",0,{"$f":"IF($C296=1,OFFSET(E296,-1,0)+MAX(1,COUNTIF(QCI!$A$13:$A$32,OFFSET(ORÇAMENTO!E296,-1,0))),OFFSET(E296,-1,0))","v":6},5,0,0,6,0,{"$f":"IF(OR($C296=\"S\",$C296=0),0,MATCH(OFFSET($D296,0,$C296)+IF($C296<>1,1,COUNTIF(QCI!$A$13:$A$32,ORÇAMENTO!E296)),OFFSET($D296,1,$C296,ROW($C$850)-ROW($C296)),0))","v":0},"F","Serviço","Serviço","6.5.6.","SINAPI","95875","TRANSPORTE DE MATERIAL GRANULAR COM CAMINHÃO BASCULANTE, DMT = 20 KM","M3XKM",{"$f":"OFFSET(CÁLCULO!H$15,ROW($T296)-ROW(T$15),0)","v":989.6},2.23,"BDI 1",{"$f":"IF($C296=\"S\",ROUND(IF(TIPOORCAMENTO=\"Proposto\",ORÇAMENTO.CustoUnitario*(1+$AH296),ORÇAMENTO.PrecoUnitarioLicitado),15-13*$AF$10),0)","v":2.75},2721.4,"RA","RA",{"$f":"IF($C296=\"S\",IF($Z296=\"CP\",$X296,IF($Z296=\"RA\",(($X296)*QCI!$AA$3),0)),SomaAgrup)","v":2721.4},0,{"$f":"IF($N296=\"\",\"\",IF(ORÇAMENTO.Descricao=\"\",\"DESCRIÇÃO\",IF(AND($C296=\"S\",ORÇAMENTO.Unidade=\"\"),\"UNIDADE\",IF($X296<0,\"VALOR NEGATIVO\",IF(OR(AND(TIPOORCAMENTO=\"Proposto\",$AG296<>\"\",$AG296>0,ORÇAMENTO.CustoUnitario>$AG296),AND(TIPOORCAMENTO=\"LICITADO\",ORÇAMENTO.PrecoUnitarioLicitado>$AN296)),\"ACIMA REF.\",\"\")))))","v":""},{"$f":"IF(C296<=CRONO.NivelExibicao,MAX($AD$15:OFFSET(AD296,-1,0))+IF($C296<>1,1,MAX(1,COUNTIF(QCI!$A$13:$A$32,OFFSET($E296,-1,0)))),\"\")","v":""},{"$f":"IF(AND($C296=\"S\",ORÇAMENTO.CodBarra<>\"\"),IF(ORÇAMENTO.Fonte=\"\",ORÇAMENTO.CodBarra,CONCATENATE(ORÇAMENTO.Fonte,\" \",ORÇAMENTO.CodBarra)))","v":"SINAPI 95875"},{"$f":"IF(ISERROR(INDIRECT(ORÇAMENTO.BancoRef)),\"(abra o arquivo 'Referência \"&Excel_BuiltIn_Database&\".xls)\",IF(OR($C296<>\"S\",ORÇAMENTO.CodBarra=\"\"),\"(Sem Código)\",IF(ISERROR(MATCH($AE296,INDIRECT(ORÇAMENTO.BancoRef),0)),\"(Código não identificado nas referências)\",MATCH($AE296,INDIRECT(ORÇAMENTO.BancoRef),0))))","v":"(abra o arquivo 'Referência 06-2023.xls)"},{"$f":"ROUND(IF(DESONERACAO=\"sim\",REFERENCIA.Desonerado,REFERENCIA.NaoDesonerado),2)","v":0},0.23530000000000001,null,{"$f":"AJ295*20","v":989.59999999999991},null,null,2721.4,2.75]
[2,2,2,8,{"$f":"IF($C297=1,OFFSET(E297,-1,0)+MAX(1,COUNTIF(QCI!$A$13:$A$32,OFFSET(ORÇAMENTO!E297,-1,0))),OFFSET(E297,-1,0))","v":6},6,0,0,0,14,{"$f":"IF(OR($C297=\"S\",$C297=0),0,MATCH(OFFSET($D297,0,$C297)+IF($C297<>1,1,COUNTIF(QCI!$A$13:$A$32,ORÇAMENTO!E297)),OFFSET($D297,1,$C297,ROW($C$850)-ROW($C297)),0))","v":8},"F","Nível 2","Nível 2","6.6.","SINAPI",null,"PAVIMENTAÇÕES","-",{"$f":"OFFSET(CÁLCULO!H$15,ROW($T297)-ROW(T$15),0)","v":0},0,"BDI 1",{"$f":"IF($C297=\"S\",ROUND(IF(TIPOORCAMENTO=\"Proposto\",ORÇAMENTO.CustoUnitario*(1+$AH297),ORÇAMENTO.PrecoUnitarioLicitado),15-13*$AF$10),0)","v":0},52403.21,"RA","",{"$f":"IF($C297=\"S\",IF($Z297=\"CP\",$X297,IF($Z297=\"RA\",(($X297)*QCI!$AA$3),0)),SomaAgrup)","v":52403.21},0,{"$f":"IF($N297=\"\",\"\",IF(ORÇAMENTO.Descricao=\"\",\"DESCRIÇÃO\",IF(AND($C297=\"S\",ORÇAMENTO.Unidade=\"\"),\"UNIDADE\",IF($X297<0,\"VALOR NEGATIVO\",IF(OR(AND(TIPOORCAMENTO=\"Proposto\",$AG297<>\"\",$AG297>0,ORÇAMENTO.CustoUnitario>$AG297),AND(TIPOORCAMENTO=\"LICITADO\",ORÇAMENTO.PrecoUnitarioLicitado>$AN297)),\"ACIMA REF.\",\"\")))))","v":""},{"$f":"IF(C297<=CRONO.NivelExibicao,MAX($AD$15:OFFSET(AD297,-1,0))+IF($C297<>1,1,MAX(1,COUNTIF(QCI!$A$13:$A$32,OFFSET($E297,-1,0)))),\"\")","v":""},{"$f":"IF(AND($C297=\"S\",ORÇAMENTO.CodBarra<>\"\"),IF(ORÇAMENTO.Fonte=\"\",ORÇAMENTO.CodBarra,CONCATENATE(ORÇAMENTO.Fonte,\" \",ORÇAMENTO.CodBarra)))","v":false},{"$f":"IF(ISERROR(INDIRECT(ORÇAMENTO.BancoRef)),\"(abra o arquivo 'Referência \"&Excel_BuiltIn_Database&\".xls)\",IF(OR($C297<>\"S\",ORÇAMENTO.CodBarra=\"\"),\"(Sem Código)\",IF(ISERROR(MATCH($AE297,INDIRECT(ORÇAMENTO.BancoRef),0)),\"(Código não identificado nas referências)\",MATCH($AE297,INDIRECT(ORÇAMENTO.BancoRef),0))))","v":"(abra o arquivo 'Referência 06-2023.xls)"},{"$f":"ROUND(IF(DESONERACAO=\"sim\",REFERENCIA.Desonerado,REFERENCIA.NaoDesonerado),2)","v":0},0.23530000000000001,null,null,null,null,52403.21,0]
["S",2,"S",0,{"$f":"IF($C298=1,OFFSET(E298,-1,0)+MAX(1,COUNTIF(QCI!$A$13:$A$32,OFFSET(ORÇAMENTO!E298,-1,0))),OFFSET(E298,-1,0))","v":6},6,0,0,1,0,{"$f":"IF(OR($C298=\"S\",$C298=0),0,MATCH(OFFSET($D298,0,$C298)+IF($C298<>1,1,COUNTIF(QCI!$A$13:$A$32,ORÇAMENTO!E298)),OFFSET($D298,1,$C298,ROW($C$850)-ROW($C298)),0))","v":0},"F","Serviço","Serviço","6.6.1.","AMMOC","CM30","EXECUÇÃO DE IMPRIMAÇÃO COM ASFALTO DILUÍDO CM-30","M2",{"$f":"OFFSET(CÁLCULO!H$15,ROW($T298)-ROW(T$15),0)","v":234},7.48,"BDI 1",{"$f":"IF($C298=\"S\",ROUND(IF(TIPOORCAMENTO=\"Proposto\",ORÇAMENTO.CustoUnitario*(1+$AH298),ORÇAMENTO.PrecoUnitarioLicitado),15-13*$AF$10),0)","v":9.24},2162.16,"RA","RA",{"$f":"IF($C298=\"S\",IF($Z298=\"CP\",$X298,IF($Z298=\"RA\",(($X298)*QCI!$AA$3),0)),SomaAgrup)","v":2162.16},0,{"$f":"IF($N298=\"\",\"\",IF(ORÇAMENTO.Descricao=\"\",\"DESCRIÇÃO\",IF(AND($C298=\"S\",ORÇAMENTO.Unidade=\"\"),\"UNIDADE\",IF($X298<0,\"VALOR NEGATIVO\",IF(OR(AND(TIPOORCAMENTO=\"Proposto\",$AG298<>\"\",$AG298>0,ORÇAMENTO.CustoUnitario>$AG298),AND(TIPOORCAMENTO=\"LICITADO\",ORÇAMENTO.PrecoUnitarioLicitado>$AN298)),\"ACIMA REF.\",\"\")))))","v":""},{"$f":"IF(C298<=CRONO.NivelExibicao,MAX($AD$15:OFFSET(AD298,-1,0))+IF($C298<>1,1,MAX(1,COUNTIF(QCI!$A$13:$A$32,OFFSET($E298,-1,0)))),\"\")","v":""},{"$f":"IF(AND($C298=\"S\",ORÇAMENTO.CodBarra<>\"\"),IF(ORÇAMENTO.Fonte=\"\",ORÇAMENTO.CodBarra,CONCATENATE(ORÇAMENTO.Fonte,\" \",ORÇAMENTO.CodBarra)))","v":"AMMOC CM30"},{"$f":"IF(ISERROR(INDIRECT(ORÇAMENTO.BancoRef)),\"(abra o arquivo 'Referência \"&Excel_BuiltIn_Database&\".xls)\",IF(OR($C298<>\"S\",ORÇAMENTO.CodBarra=\"\"),\"(Sem Código)\",IF(ISERROR(MATCH($AE298,INDIRECT(ORÇAMENTO.BancoRef),0)),\"(Código não identificado nas referências)\",MATCH($AE298,INDIRECT(ORÇAMENTO.BancoRef),0))))","v":"(abra o arquivo 'Referência 06-2023.xls)"},{"$f":"ROUND(IF(DESONERACAO=\"sim\",REFERENCIA.Desonerado,REFERENCIA.NaoDesonerado),2)","v":0},0.23530000000000001,null,234,null,null,2162.16,9.24]
["S",2,"S",0,{"$f":"IF($C299=1,OFFSET(E299,-1,0)+MAX(1,COUNTIF(QCI!$A$13:$A$32,OFFSET(ORÇAMENTO!E299,-1,0))),OFFSET(E299,-1,0))","v":6},6,0,0,2,0,{"$f":"IF(OR($C299=\"S\",$C299=0),0,MATCH(OFFSET($D299,0,$C299)+IF($C299<>1,1,COUNTIF(QCI!$A$13:$A$32,ORÇAMENTO!E299)),OFFSET($D299,1,$C299,ROW($C$850)-ROW($C299)),0))","v":0},"F","Serviço","Serviço","6.6.2.","SINAPI","102332","TRANSPORTE COM CAMINHÃO TANQUE DE MATERIAL ASFÁLTICO, DMT = 20 KM","TXKM",{"$f":"OFFSET(CÁLCULO!H$15,ROW($T299)-ROW(T$15),0)","v":4.68},1.64,"BDI 1",{"$f":"IF($C299=\"S\",ROUND(IF(TIPOORCAMENTO=\"Proposto\",ORÇAMENTO.CustoUnitario*(1+$AH299),ORÇAMENTO.PrecoUnitarioLicitado),15-13*$AF$10),0)","v":2.0299999999999998},9.5,"RA","RA",{"$f":"IF($C299=\"S\",IF($Z299=\"CP\",$X299,IF($Z299=\"RA\",(($X299)*QCI!$AA$3),0)),SomaAgrup)","v":9.5},0,{"$f":"IF($N299=\"\",\"\",IF(ORÇAMENTO.Descricao=\"\",\"DESCRIÇÃO\",IF(AND($C299=\"S\",ORÇAMENTO.Unidade=\"\"),\"UNIDADE\",IF($X299<0,\"VALOR NEGATIVO\",IF(OR(AND(TIPOORCAMENTO=\"Proposto\",$AG299<>\"\",$AG299>0,ORÇAMENTO.CustoUnitario>$AG299),AND(TIPOORCAMENTO=\"LICITADO\",ORÇAMENTO.PrecoUnitarioLicitado>$AN299)),\"ACIMA REF.\",\"\")))))","v":""},{"$f":"IF(C299<=CRONO.NivelExibicao,MAX($AD$15:OFFSET(AD299,-1,0))+IF($C299<>1,1,MAX(1,COUNTIF(QCI!$A$13:$A$32,OFFSET($E299,-1,0)))),\"\")","v":""},{"$f":"IF(AND($C299=\"S\",ORÇAMENTO.CodBarra<>\"\"),IF(ORÇAMENTO.Fonte=\"\",ORÇAMENTO.CodBarra,CONCATENATE(ORÇAMENTO.Fonte,\" \",ORÇAMENTO.CodBarra)))","v":"SINAPI 102332"},{"$f":"IF(ISERROR(INDIRECT(ORÇAMENTO.BancoRef)),\"(abra o arquivo 'Referência \"&Excel_BuiltIn_Database&\".xls)\",IF(OR($C299<>\"S\",ORÇAMENTO.CodBarra=\"\"),\"(Sem Código)\",IF(ISERROR(MATCH($AE299,INDIRECT(ORÇAMENTO.BancoRef),0)),\"(Código não identificado nas referências)\",MATCH($AE299,INDIRECT(ORÇAMENTO.BancoRef),0))))","v":"(abra o arquivo 'Referência 06-2023.xls)"},{"$f":"ROUND(IF(DESONERACAO=\"sim\",REFERENCIA.Desonerado,REFERENCIA.NaoDesonerado),2)","v":0},0.23530000000000001,null,{"$f":"AJ298*20/1000","v":4.68},null,null,9.5,2.0299999999999998]
["S",2,"S",0,{"$f":"IF($C300=1,OFFSET(E300,-1,0)+MAX(1,COUNTIF(QCI!$A$13:$A$32,OFFSET(ORÇAMENTO!E300,-1,0))),OFFSET(E300,-1,0))","v":6},6,0,0,3,0,{"$f":"IF(OR($C300=\"S\",$C300=0),0,MATCH(OFFSET($D300,0,$C300)+IF($C300<>1,1,COUNTIF(QCI!$A$13:$A$32,ORÇAMENTO!E300)),OFFSET($D300,1,$C300,ROW($C$850)-ROW($C300)),0))","v":0},"F","Serviço","Serviço","6.6.3.","AMMOC","RR-2C","PINTURA DE LIGAÇÃO COM EMULSÃO RR-2C","M2",{"$f":"OFFSET(CÁLCULO!H$15,ROW($T300)-ROW(T$15),0)","v":731},2.54,"BDI 1",{"$f":"IF($C300=\"S\",ROUND(IF(TIPOORCAMENTO=\"Proposto\",ORÇAMENTO.CustoUnitario*(1+$AH300),ORÇAMENTO.PrecoUnitarioLicitado),15-13*$AF$10),0)","v":3.14},2295.34,"RA","RA",{"$f":"IF($C300=\"S\",IF($Z300=\"CP\",$X300,IF($Z300=\"RA\",(($X300)*QCI!$AA$3),0)),SomaAgrup)","v":2295.34},0,{"$f":"IF($N300=\"\",\"\",IF(ORÇAMENTO.Descricao=\"\",\"DESCRIÇÃO\",IF(AND($C300=\"S\",ORÇAMENTO.Unidade=\"\"),\"UNIDADE\",IF($X300<0,\"VALOR NEGATIVO\",IF(OR(AND(TIPOORCAMENTO=\"Proposto\",$AG300<>\"\",$AG300>0,ORÇAMENTO.CustoUnitario>$AG300),AND(TIPOORCAMENTO=\"LICITADO\",ORÇAMENTO.PrecoUnitarioLicitado>$AN300)),\"ACIMA REF.\",\"\")))))","v":""},{"$f":"IF(C300<=CRONO.NivelExibicao,MAX($AD$15:OFFSET(AD300,-1,0))+IF($C300<>1,1,MAX(1,COUNTIF(QCI!$A$13:$A$32,OFFSET($E300,-1,0)))),\"\")","v":""},{"$f":"IF(AND($C300=\"S\",ORÇAMENTO.CodBarra<>\"\"),IF(ORÇAMENTO.Fonte=\"\",ORÇAMENTO.CodBarra,CONCATENATE(ORÇAMENTO.Fonte,\" \",ORÇAMENTO.CodBarra)))","v":"AMMOC RR-2C"},{"$f":"IF(ISERROR(INDIRECT(ORÇAMENTO.BancoRef)),\"(abra o arquivo 'Referência \"&Excel_BuiltIn_Database&\".xls)\",IF(OR($C300<>\"S\",ORÇAMENTO.CodBarra=\"\"),\"(Sem Código)\",IF(ISERROR(MATCH($AE300,INDIRECT(ORÇAMENTO.BancoRef),0)),\"(Código não identificado nas referências)\",MATCH($AE300,INDIRECT(ORÇAMENTO.BancoRef),0))))","v":"(abra o arquivo 'Referência 06-2023.xls)"},{"$f":"ROUND(IF(DESONERACAO=\"sim\",REFERENCIA.Desonerado,REFERENCIA.NaoDesonerado),2)","v":0},0.23530000000000001,null,{"$f":"257+474","v":731},null,null,2295.34,3.14]
["S",2,"S",0,{"$f":"IF($C301=1,OFFSET(E301,-1,0)+MAX(1,COUNTIF(QCI!$A$13:$A$32,OFFSET(ORÇAMENTO!E301,-1,0))),OFFSET(E301,-1,0))","v":6},6,0,0,4,0,{"$f":"IF(OR($C301=\"S\",$C301=0),0,MATCH(OFFSET($D301,0,$C301)+IF($C301<>1,1,COUNTIF(QCI!$A$13:$A$32,ORÇAMENTO!E301)),OFFSET($D301,1,$C301,ROW($C$850)-ROW($C301)),0))","v":0},"F","Serviço","Serviço","6.6.4.","SINAPI","102332","TRANSPORTE COM CAMINHÃO TANQUE DE MATERIAL ASFÁLTICO, DMT = 20 KM","TXKM",{"$f":"OFFSET(CÁLCULO!H$15,ROW($T301)-ROW(T$15),0)","v":14.62},1.64,"BDI 1",{"$f":"IF($C301=\"S\",ROUND(IF(TIPOORCAMENTO=\"Proposto\",ORÇAMENTO.CustoUnitario*(1+$AH301),ORÇAMENTO.PrecoUnitarioLicitado),15-13*$AF$10),0)","v":2.0299999999999998},29.68,"RA","RA",{"$f":"IF($C301=\"S\",IF($Z301=\"CP\",$X301,IF($Z301=\"RA\",(($X301)*QCI!$AA$3),0)),SomaAgrup)","v":29.68},0,{"$f":"IF($N301=\"\",\"\",IF(ORÇAMENTO.Descricao=\"\",\"DESCRIÇÃO\",IF(AND($C301=\"S\",ORÇAMENTO.Unidade=\"\"),\"UNIDADE\",IF($X301<0,\"VALOR NEGATIVO\",IF(OR(AND(TIPOORCAMENTO=\"Proposto\",$AG301<>\"\",$AG301>0,ORÇAMENTO.CustoUnitario>$AG301),AND(TIPOORCAMENTO=\"LICITADO\",ORÇAMENTO.PrecoUnitarioLicitado>$AN301)),\"ACIMA REF.\",\"\")))))","v":""},{"$f":"IF(C301<=CRONO.NivelExibicao,MAX($AD$15:OFFSET(AD301,-1,0))+IF($C301<>1,1,MAX(1,COUNTIF(QCI!$A$13:$A$32,OFFSET($E301,-1,0)))),\"\")","v":""},{"$f":"IF(AND($C301=\"S\",ORÇAMENTO.CodBarra<>\"\"),IF(ORÇAMENTO.Fonte=\"\",ORÇAMENTO.CodBarra,CONCATENATE(ORÇAMENTO.Fonte,\" \",ORÇAMENTO.CodBarra)))","v":"SINAPI 102332"},{"$f":"IF(ISERROR(INDIRECT(ORÇAMENTO.BancoRef)),\"(abra o arquivo 'Referência \"&Excel_BuiltIn_Database&\".xls)\",IF(OR($C301<>\"S\",ORÇAMENTO.CodBarra=\"\"),\"(Sem Código)\",IF(ISERROR(MATCH($AE301,INDIRECT(ORÇAMENTO.BancoRef),0)),\"(Código não identificado nas referências)\",MATCH($AE301,INDIRECT(ORÇAMENTO.BancoRef),0))))","v":"(abra o arquivo 'Referência 06-2023.xls)"},{"$f":"ROUND(IF(DESONERACAO=\"sim\",REFERENCIA.Desonerado,REFERENCIA.NaoDesonerado),2)","v":0},0.23530000000000001,null,{"$f":"AJ300*20/1000","v":14.62},null,null,29.68,2.0299999999999998]
["S",2,"S",0,{"$f":"IF($C302=1,OFFSET(E302,-1,0)+MAX(1,COUNTIF(QCI!$A$13:$A$32,OFFSET(ORÇAMENTO!E302,-1,0))),OFFSET(E302,-1,0))","v":6},6,0,0,5,0,{"$f":"IF(OR($C302=\"S\",$C302=0),0,MATCH(OFFSET($D302,0,$C302)+IF($C302<>1,1,COUNTIF(QCI!$A$13:$A$32,ORÇAMENTO!E302)),OFFSET($D302,1,$C302,ROW($C$850)-ROW($C302)),0))","v":0},"F","Serviço","Serviço","6.6.5.","AMMOC","PAVASF","EXECUÇÃO DE PAVIMENTO COM APLICAÇÃO DE CONCRETO ASFÁLTICO, CAMADA DE ROLAMENTO - EXCLUSIVE CARGA E TRANSPORTE. AF_11/2019","M3",{"$f":"OFFSET(CÁLCULO!H$15,ROW($T302)-ROW(T$15),0)","v":31.41},1198.32,"BDI 1",{"$f":"IF($C302=\"S\",ROUND(IF(TIPOORCAMENTO=\"Proposto\",ORÇAMENTO.CustoUnitario*(1+$AH302),ORÇAMENTO.PrecoUnitarioLicitado),15-13*$AF$10),0)","v":1480.28},46495.59,"RA","RA",{"$f":"IF($C302=\"S\",IF($Z302=\"CP\",$X302,IF($Z302=\"RA\",(($X302)*QCI!$AA$3),0)),SomaAgrup)","v":46495.59},0,{"$f":"IF($N302=\"\",\"\",IF(ORÇAMENTO.Descricao=\"\",\"DESCRIÇÃO\",IF(AND($C302=\"S\",ORÇAMENTO.Unidade=\"\"),\"UNIDADE\",IF($X302<0,\"VALOR NEGATIVO\",IF(OR(AND(TIPOORCAMENTO=\"Proposto\",$AG302<>\"\",$AG302>0,ORÇAMENTO.CustoUnitario>$AG302),AND(TIPOORCAMENTO=\"LICITADO\",ORÇAMENTO.PrecoUnitarioLicitado>$AN302)),\"ACIMA REF.\",\"\")))))","v":""},{"$f":"IF(C302<=CRONO.NivelExibicao,MAX($AD$15:OFFSET(AD302,-1,0))+IF($C302<>1,1,MAX(1,COUNTIF(QCI!$A$13:$A$32,OFFSET($E302,-1,0)))),\"\")","v":""},{"$f":"IF(AND($C302=\"S\",ORÇAMENTO.CodBarra<>\"\"),IF(ORÇAMENTO.Fonte=\"\",ORÇAMENTO.CodBarra,CONCATENATE(ORÇAMENTO.Fonte,\" \",ORÇAMENTO.CodBarra)))","v":"AMMOC PAVASF"},{"$f":"IF(ISERROR(INDIRECT(ORÇAMENTO.BancoRef)),\"(abra o arquivo 'Referência \"&Excel_BuiltIn_Database&\".xls)\",IF(OR($C302<>\"S\",ORÇAMENTO.CodBarra=\"\"),\"(Sem Código)\",IF(ISERROR(MATCH($AE302,INDIRECT(ORÇAMENTO.BancoRef),0)),\"(Código não identificado nas referências)\",MATCH($AE302,INDIRECT(ORÇAMENTO.BancoRef),0))))","v":"(abra o arquivo 'Referência 06-2023.xls)"},{"$f":"ROUND(IF(DESONERACAO=\"sim\",REFERENCIA.Desonerado,REFERENCIA.NaoDesonerado),2)","v":0},0.23530000000000001,null,{"$f":"(257*0.03)+(474*0.05)","v":31.410000000000004},null,null,46495.59,1480.28]
["S",2,"S",0,{"$f":"IF($C303=1,OFFSET(E303,-1,0)+MAX(1,COUNTIF(QCI!$A$13:$A$32,OFFSET(ORÇAMENTO!E303,-1,0))),OFFSET(E303,-1,0))","v":6},6,0,0,6,0,{"$f":"IF(OR($C303=\"S\",$C303=0),0,MATCH(OFFSET($D303,0,$C303)+IF($C303<>1,1,COUNTIF(QCI!$A$13:$A$32,ORÇAMENTO!E303)),OFFSET($D303,1,$C303,ROW($C$850)-ROW($C303)),0))","v":0},"F","Serviço","Serviço","6.6.6.","SINAPI","100986","CARGA DE MISTURA ASFÁLTICA EM CAMINHÃO BASCULANTE","M3",{"$f":"OFFSET(CÁLCULO!H$15,ROW($T303)-ROW(T$15),0)","v":31.41},8.19,"BDI 1",{"$f":"IF($C303=\"S\",ROUND(IF(TIPOORCAMENTO=\"Proposto\",ORÇAMENTO.CustoUnitario*(1+$AH303),ORÇAMENTO.PrecoUnitarioLicitado),15-13*$AF$10),0)","v":10.119999999999999},317.87,"RA","RA",{"$f":"IF($C303=\"S\",IF($Z303=\"CP\",$X303,IF($Z303=\"RA\",(($X303)*QCI!$AA$3),0)),SomaAgrup)","v":317.87},0,{"$f":"IF($N303=\"\",\"\",IF(ORÇAMENTO.Descricao=\"\",\"DESCRIÇÃO\",IF(AND($C303=\"S\",ORÇAMENTO.Unidade=\"\"),\"UNIDADE\",IF($X303<0,\"VALOR NEGATIVO\",IF(OR(AND(TIPOORCAMENTO=\"Proposto\",$AG303<>\"\",$AG303>0,ORÇAMENTO.CustoUnitario>$AG303),AND(TIPOORCAMENTO=\"LICITADO\",ORÇAMENTO.PrecoUnitarioLicitado>$AN303)),\"ACIMA REF.\",\"\")))))","v":""},{"$f":"IF(C303<=CRONO.NivelExibicao,MAX($AD$15:OFFSET(AD303,-1,0))+IF($C303<>1,1,MAX(1,COUNTIF(QCI!$A$13:$A$32,OFFSET($E303,-1,0)))),\"\")","v":""},{"$f":"IF(AND($C303=\"S\",ORÇAMENTO.CodBarra<>\"\"),IF(ORÇAMENTO.Fonte=\"\",ORÇAMENTO.CodBarra,CONCATENATE(ORÇAMENTO.Fonte,\" \",ORÇAMENTO.CodBarra)))","v":"SINAPI 100986"},{"$f":"IF(ISERROR(INDIRECT(ORÇAMENTO.BancoRef)),\"(abra o arquivo 'Referência \"&Excel_BuiltIn_Database&\".xls)\",IF(OR($C303<>\"S\",ORÇAMENTO.CodBarra=\"\"),\"(Sem Código)\",IF(ISERROR(MATCH($AE303,INDIRECT(ORÇAMENTO.BancoRef),0)),\"(Código não identificado nas referências)\",MATCH($AE303,INDIRECT(ORÇAMENTO.BancoRef),0))))","v":"(abra o arquivo 'Referência 06-2023.xls)"},{"$f":"ROUND(IF(DESONERACAO=\"sim\",REFERENCIA.Desonerado,REFERENCIA.NaoDesonerado),2)","v":0},0.23530000000000001,null,{"$f":"AJ302","v":31.410000000000004},null,null,317.87,10.119999999999999]
["S",2,"S",0,{"$f":"IF($C304=1,OFFSET(E304,-1,0)+MAX(1,COUNTIF(QCI!$A$13:$A$32,OFFSET(ORÇAMENTO!E304,-1,0))),OFFSET(E304,-1,0))","v":6},6,0,0,7,0,{"$f":"IF(OR($C304=\"S\",$C304=0),0,MATCH(OFFSET($D304,0,$C304)+IF($C304<>1,1,COUNTIF(QCI!$A$13:$A$32,ORÇAMENTO!E304)),OFFSET($D304,1,$C304,ROW($C$850)-ROW($C304)),0))","v":0},"F","Serviço","Serviço","6.6.7.","SINAPI","95303","TRANSPORTE COM CAMINHÃO BASCULANTE DE MASSA ASFALTICA PARA PAVIMENTAÇÃO URBANA, DMT = 20 KM","M3XKM",{"$f":"OFFSET(CÁLCULO!H$15,ROW($T304)-ROW(T$15),0)","v":628.20000000000005},1.41,"BDI 1",{"$f":"IF($C304=\"S\",ROUND(IF(TIPOORCAMENTO=\"Proposto\",ORÇAMENTO.CustoUnitario*(1+$AH304),ORÇAMENTO.PrecoUnitarioLicitado),15-13*$AF$10),0)","v":1.74},1093.07,"RA","RA",{"$f":"IF($C304=\"S\",IF($Z304=\"CP\",$X304,IF($Z304=\"RA\",(($X304)*QCI!$AA$3),0)),SomaAgrup)","v":1093.07},0,{"$f":"IF($N304=\"\",\"\",IF(ORÇAMENTO.Descricao=\"\",\"DESCRIÇÃO\",IF(AND($C304=\"S\",ORÇAMENTO.Unidade=\"\"),\"UNIDADE\",IF($X304<0,\"VALOR NEGATIVO\",IF(OR(AND(TIPOORCAMENTO=\"Proposto\",$AG304<>\"\",$AG304>0,ORÇAMENTO.CustoUnitario>$AG304),AND(TIPOORCAMENTO=\"LICITADO\",ORÇAMENTO.PrecoUnitarioLicitado>$AN304)),\"ACIMA REF.\",\"\")))))","v":""},{"$f":"IF(C304<=CRONO.NivelExibicao,MAX($AD$15:OFFSET(AD304,-1,0))+IF($C304<>1,1,MAX(1,COUNTIF(QCI!$A$13:$A$32,OFFSET($E304,-1,0)))),\"\")","v":""},{"$f":"IF(AND($C304=\"S\",ORÇAMENTO.CodBarra<>\"\"),IF(ORÇAMENTO.Fonte=\"\",ORÇAMENTO.CodBarra,CONCATENATE(ORÇAMENTO.Fonte,\" \",ORÇAMENTO.CodBarra)))","v":"SINAPI 95303"},{"$f":"IF(ISERROR(INDIRECT(ORÇAMENTO.BancoRef)),\"(abra o arquivo 'Referência \"&Excel_BuiltIn_Database&\".xls)\",IF(OR($C304<>\"S\",ORÇAMENTO.CodBarra=\"\"),\"(Sem Código)\",IF(ISERROR(MATCH($AE304,INDIRECT(ORÇAMENTO.BancoRef),0)),\"(Código não identificado nas referências)\",MATCH($AE304,INDIRECT(ORÇAMENTO.BancoRef),0))))","v":"(abra o arquivo 'Referência 06-2023.xls)"},{"$f":"ROUND(IF(DESONERACAO=\"sim\",REFERENCIA.Desonerado,REFERENCIA.NaoDesonerado),2)","v":0},0.23530000000000001,null,{"$f":"AJ303*20","v":628.20000000000005},null,null,1093.07,1.74]
[2,2,2,2,{"$f":"IF($C305=1,OFFSET(E305,-1,0)+MAX(1,COUNTIF(QCI!$A$13:$A$32,OFFSET(ORÇAMENTO!E305,-1,0))),OFFSET(E305,-1,0))","v":6},7,0,0,0,6,{"$f":"IF(OR($C305=\"S\",$C305=0),0,MATCH(OFFSET($D305,0,$C305)+IF($C305<>1,1,COUNTIF(QCI!$A$13:$A$32,ORÇAMENTO!E305)),OFFSET($D305,1,$C305,ROW($C$850)-ROW($C305)),0))","v":2},"F","Nível 2","Nível 2","6.7.","SINAPI",null,"MEIO FIO","-",{"$f":"OFFSET(CÁLCULO!H$15,ROW($T305)-ROW(T$15),0)","v":0},0,"BDI 1",{"$f":"IF($C305=\"S\",ROUND(IF(TIPOORCAMENTO=\"Proposto\",ORÇAMENTO.CustoUnitario*(1+$AH305),ORÇAMENTO.PrecoUnitarioLicitado),15-13*$AF$10),0)","v":0},5032.16,"RA","",{"$f":"IF($C305=\"S\",IF($Z305=\"CP\",$X305,IF($Z305=\"RA\",(($X305)*QCI!$AA$3),0)),SomaAgrup)","v":5032.16},0,{"$f":"IF($N305=\"\",\"\",IF(ORÇAMENTO.Descricao=\"\",\"DESCRIÇÃO\",IF(AND($C305=\"S\",ORÇAMENTO.Unidade=\"\"),\"UNIDADE\",IF($X305<0,\"VALOR NEGATIVO\",IF(OR(AND(TIPOORCAMENTO=\"Proposto\",$AG305<>\"\",$AG305>0,ORÇAMENTO.CustoUnitario>$AG305),AND(TIPOORCAMENTO=\"LICITADO\",ORÇAMENTO.PrecoUnitarioLicitado>$AN305)),\"ACIMA REF.\",\"\")))))","v":""},{"$f":"IF(C305<=CRONO.NivelExibicao,MAX($AD$15:OFFSET(AD305,-1,0))+IF($C305<>1,1,MAX(1,COUNTIF(QCI!$A$13:$A$32,OFFSET($E305,-1,0)))),\"\")","v":""},{"$f":"IF(AND($C305=\"S\",ORÇAMENTO.CodBarra<>\"\"),IF(ORÇAMENTO.Fonte=\"\",ORÇAMENTO.CodBarra,CONCATENATE(ORÇAMENTO.Fonte,\" \",ORÇAMENTO.CodBarra)))","v":false},{"$f":"IF(ISERROR(INDIRECT(ORÇAMENTO.BancoRef)),\"(abra o arquivo 'Referência \"&Excel_BuiltIn_Database&\".xls)\",IF(OR($C305<>\"S\",ORÇAMENTO.CodBarra=\"\"),\"(Sem Código)\",IF(ISERROR(MATCH($AE305,INDIRECT(ORÇAMENTO.BancoRef),0)),\"(Código não identificado nas referências)\",MATCH($AE305,INDIRECT(ORÇAMENTO.BancoRef),0))))","v":"(abra o arquivo 'Referência 06-2023.xls)"},{"$f":"ROUND(IF(DESONERACAO=\"sim\",REFERENCIA.Desonerado,REFERENCIA.NaoDesonerado),2)","v":0},0.23530000000000001,null,null,null,null,5032.16,0]
["S",2,"S",0,{"$f":"IF($C306=1,OFFSET(E306,-1,0)+MAX(1,COUNTIF(QCI!$A$13:$A$32,OFFSET(ORÇAMENTO!E306,-1,0))),OFFSET(E306,-1,0))","v":6},7,0,0,1,0,{"$f":"IF(OR($C306=\"S\",$C306=0),0,MATCH(OFFSET($D306,0,$C306)+IF($C306<>1,1,COUNTIF(QCI!$A$13:$A$32,ORÇAMENTO!E306)),OFFSET($D306,1,$C306,ROW($C$850)-ROW($C306)),0))","v":0},"F","Serviço","Serviço","6.7.1.","SINAPI","94263","GUIA (MEIO-FIO) CONCRETO, MOLDADA  IN LOCO  EM TRECHO RETO COM EXTRUSORA, 13 CM BASE X 22 CM ALTURA. AF_06/2016","M",{"$f":"OFFSET(CÁLCULO!H$15,ROW($T306)-ROW(T$15),0)","v":112},36.369999999999997,"BDI 1",{"$f":"IF($C306=\"S\",ROUND(IF(TIPOORCAMENTO=\"Proposto\",ORÇAMENTO.CustoUnitario*(1+$AH306),ORÇAMENTO.PrecoUnitarioLicitado),15-13*$AF$10),0)","v":44.93},5032.16,"RA","RA",{"$f":"IF($C306=\"S\",IF($Z306=\"CP\",$X306,IF($Z306=\"RA\",(($X306)*QCI!$AA$3),0)),SomaAgrup)","v":5032.16},0,{"$f":"IF($N306=\"\",\"\",IF(ORÇAMENTO.Descricao=\"\",\"DESCRIÇÃO\",IF(AND($C306=\"S\",ORÇAMENTO.Unidade=\"\"),\"UNIDADE\",IF($X306<0,\"VALOR NEGATIVO\",IF(OR(AND(TIPOORCAMENTO=\"Proposto\",$AG306<>\"\",$AG306>0,ORÇAMENTO.CustoUnitario>$AG306),AND(TIPOORCAMENTO=\"LICITADO\",ORÇAMENTO.PrecoUnitarioLicitado>$AN306)),\"ACIMA REF.\",\"\")))))","v":""},{"$f":"IF(C306<=CRONO.NivelExibicao,MAX($AD$15:OFFSET(AD306,-1,0))+IF($C306<>1,1,MAX(1,COUNTIF(QCI!$A$13:$A$32,OFFSET($E306,-1,0)))),\"\")","v":""},{"$f":"IF(AND($C306=\"S\",ORÇAMENTO.CodBarra<>\"\"),IF(ORÇAMENTO.Fonte=\"\",ORÇAMENTO.CodBarra,CONCATENATE(ORÇAMENTO.Fonte,\" \",ORÇAMENTO.CodBarra)))","v":"SINAPI 94263"},{"$f":"IF(ISERROR(INDIRECT(ORÇAMENTO.BancoRef)),\"(abra o arquivo 'Referência \"&Excel_BuiltIn_Database&\".xls)\",IF(OR($C306<>\"S\",ORÇAMENTO.CodBarra=\"\"),\"(Sem Código)\",IF(ISERROR(MATCH($AE306,INDIRECT(ORÇAMENTO.BancoRef),0)),\"(Código não identificado nas referências)\",MATCH($AE306,INDIRECT(ORÇAMENTO.BancoRef),0))))","v":"(abra o arquivo 'Referência 06-2023.xls)"},{"$f":"ROUND(IF(DESONERACAO=\"sim\",REFERENCIA.Desonerado,REFERENCIA.NaoDesonerado),2)","v":0},0.23530000000000001,null,112,null,null,5032.16,44.93]
[2,2,2,4,{"$f":"IF($C307=1,OFFSET(E307,-1,0)+MAX(1,COUNTIF(QCI!$A$13:$A$32,OFFSET(ORÇAMENTO!E307,-1,0))),OFFSET(E307,-1,0))","v":6},8,0,0,0,4,{"$f":"IF(OR($C307=\"S\",$C307=0),0,MATCH(OFFSET($D307,0,$C307)+IF($C307<>1,1,COUNTIF(QCI!$A$13:$A$32,ORÇAMENTO!E307)),OFFSET($D307,1,$C307,ROW($C$850)-ROW($C307)),0))","v":122},"F","Nível 2","Nível 2","6.8.","SINAPI",null,"SINALIZAÇÃO","-",{"$f":"OFFSET(CÁLCULO!H$15,ROW($T307)-ROW(T$15),0)","v":0},0,"BDI 1",{"$f":"IF($C307=\"S\",ROUND(IF(TIPOORCAMENTO=\"Proposto\",ORÇAMENTO.CustoUnitario*(1+$AH307),ORÇAMENTO.PrecoUnitarioLicitado),15-13*$AF$10),0)","v":0},1621.63,"RA","",{"$f":"IF($C307=\"S\",IF($Z307=\"CP\",$X307,IF($Z307=\"RA\",(($X307)*QCI!$AA$3),0)),SomaAgrup)","v":1621.63},0,{"$f":"IF($N307=\"\",\"\",IF(ORÇAMENTO.Descricao=\"\",\"DESCRIÇÃO\",IF(AND($C307=\"S\",ORÇAMENTO.Unidade=\"\"),\"UNIDADE\",IF($X307<0,\"VALOR NEGATIVO\",IF(OR(AND(TIPOORCAMENTO=\"Proposto\",$AG307<>\"\",$AG307>0,ORÇAMENTO.CustoUnitario>$AG307),AND(TIPOORCAMENTO=\"LICITADO\",ORÇAMENTO.PrecoUnitarioLicitado>$AN307)),\"ACIMA REF.\",\"\")))))","v":""},{"$f":"IF(C307<=CRONO.NivelExibicao,MAX($AD$15:OFFSET(AD307,-1,0))+IF($C307<>1,1,MAX(1,COUNTIF(QCI!$A$13:$A$32,OFFSET($E307,-1,0)))),\"\")","v":""},{"$f":"IF(AND($C307=\"S\",ORÇAMENTO.CodBarra<>\"\"),IF(ORÇAMENTO.Fonte=\"\",ORÇAMENTO.CodBarra,CONCATENATE(ORÇAMENTO.Fonte,\" \",ORÇAMENTO.CodBarra)))","v":false},{"$f":"IF(ISERROR(INDIRECT(ORÇAMENTO.BancoRef)),\"(abra o arquivo 'Referência \"&Excel_BuiltIn_Database&\".xls)\",IF(OR($C307<>\"S\",ORÇAMENTO.CodBarra=\"\"),\"(Sem Código)\",IF(ISERROR(MATCH($AE307,INDIRECT(ORÇAMENTO.BancoRef),0)),\"(Código não identificado nas referências)\",MATCH($AE307,INDIRECT(ORÇAMENTO.BancoRef),0))))","v":"(abra o arquivo 'Referência 06-2023.xls)"},{"$f":"ROUND(IF(DESONERACAO=\"sim\",REFERENCIA.Desonerado,REFERENCIA.NaoDesonerado),2)","v":0},0.23530000000000001,null,null,null,null,1621.63,0]
["S",2,"S",0,{"$f":"IF($C308=1,OFFSET(E308,-1,0)+MAX(1,COUNTIF(QCI!$A$13:$A$32,OFFSET(ORÇAMENTO!E308,-1,0))),OFFSET(E308,-1,0))","v":6},8,0,0,1,0,{"$f":"IF(OR($C308=\"S\",$C308=0),0,MATCH(OFFSET($D308,0,$C308)+IF($C308<>1,1,COUNTIF(QCI!$A$13:$A$32,ORÇAMENTO!E308)),OFFSET($D308,1,$C308,ROW($C$850)-ROW($C308)),0))","v":0},"F","Serviço","Serviço","6.8.1.","SINAPI","72947","SINALIZACAO HORIZONTAL COM TINTA RETRORREFLETIVA A BASE DE RESINA ACRILICA COM MICROESFERAS DE VIDRO - LINHA CONTÍNUA AMARELA","M2",{"$f":"OFFSET(CÁLCULO!H$15,ROW($T308)-ROW(T$15),0)","v":7.96},17.059999999999999,"BDI 1",{"$f":"IF($C308=\"S\",ROUND(IF(TIPOORCAMENTO=\"Proposto\",ORÇAMENTO.CustoUnitario*(1+$AH308),ORÇAMENTO.PrecoUnitarioLicitado),15-13*$AF$10),0)","v":21.07},167.72,"RA","RA",{"$f":"IF($C308=\"S\",IF($Z308=\"CP\",$X308,IF($Z308=\"RA\",(($X308)*QCI!$AA$3),0)),SomaAgrup)","v":167.72},0,{"$f":"IF($N308=\"\",\"\",IF(ORÇAMENTO.Descricao=\"\",\"DESCRIÇÃO\",IF(AND($C308=\"S\",ORÇAMENTO.Unidade=\"\"),\"UNIDADE\",IF($X308<0,\"VALOR NEGATIVO\",IF(OR(AND(TIPOORCAMENTO=\"Proposto\",$AG308<>\"\",$AG308>0,ORÇAMENTO.CustoUnitario>$AG308),AND(TIPOORCAMENTO=\"LICITADO\",ORÇAMENTO.PrecoUnitarioLicitado>$AN308)),\"ACIMA REF.\",\"\")))))","v":""},{"$f":"IF(C308<=CRONO.NivelExibicao,MAX($AD$15:OFFSET(AD308,-1,0))+IF($C308<>1,1,MAX(1,COUNTIF(QCI!$A$13:$A$32,OFFSET($E308,-1,0)))),\"\")","v":""},{"$f":"IF(AND($C308=\"S\",ORÇAMENTO.CodBarra<>\"\"),IF(ORÇAMENTO.Fonte=\"\",ORÇAMENTO.CodBarra,CONCATENATE(ORÇAMENTO.Fonte,\" \",ORÇAMENTO.CodBarra)))","v":"SINAPI 72947"},{"$f":"IF(ISERROR(INDIRECT(ORÇAMENTO.BancoRef)),\"(abra o arquivo 'Referência \"&Excel_BuiltIn_Database&\".xls)\",IF(OR($C308<>\"S\",ORÇAMENTO.CodBarra=\"\"),\"(Sem Código)\",IF(ISERROR(MATCH($AE308,INDIRECT(ORÇAMENTO.BancoRef),0)),\"(Código não identificado nas referências)\",MATCH($AE308,INDIRECT(ORÇAMENTO.BancoRef),0))))","v":"(abra o arquivo 'Referência 06-2023.xls)"},{"$f":"ROUND(IF(DESONERACAO=\"sim\",REFERENCIA.Desonerado,REFERENCIA.NaoDesonerado),2)","v":0},0.23530000000000001,null,7.96,null,null,167.72,21.07]
["S",2,"S",0,{"$f":"IF($C309=1,OFFSET(E309,-1,0)+MAX(1,COUNTIF(QCI!$A$13:$A$32,OFFSET(ORÇAMENTO!E309,-1,0))),OFFSET(E309,-1,0))","v":6},8,0,0,2,0,{"$f":"IF(OR($C309=\"S\",$C309=0),0,MATCH(OFFSET($D309,0,$C309)+IF($C309<>1,1,COUNTIF(QCI!$A$13:$A$32,ORÇAMENTO!E309)),OFFSET($D309,1,$C309,ROW($C$850)-ROW($C309)),0))","v":0},"F","Serviço","Serviço","6.8.2.","SINAPI","72947","SINALIZACAO HORIZONTAL COM TINTA RETRORREFLETIVA A BASE DE RESINA ACRILICA COM MICROESFERAS DE VIDRO - LINHA CONTÍNUA BRANCA","M2",{"$f":"OFFSET(CÁLCULO!H$15,ROW($T309)-ROW(T$15),0)","v":16.34},17.059999999999999,"BDI 1",{"$f":"IF($C309=\"S\",ROUND(IF(TIPOORCAMENTO=\"Proposto\",ORÇAMENTO.CustoUnitario*(1+$AH309),ORÇAMENTO.PrecoUnitarioLicitado),15-13*$AF$10),0)","v":21.07},344.28,"RA","RA",{"$f":"IF($C309=\"S\",IF($Z309=\"CP\",$X309,IF($Z309=\"RA\",(($X309)*QCI!$AA$3),0)),SomaAgrup)","v":344.28},0,{"$f":"IF($N309=\"\",\"\",IF(ORÇAMENTO.Descricao=\"\",\"DESCRIÇÃO\",IF(AND($C309=\"S\",ORÇAMENTO.Unidade=\"\"),\"UNIDADE\",IF($X309<0,\"VALOR NEGATIVO\",IF(OR(AND(TIPOORCAMENTO=\"Proposto\",$AG309<>\"\",$AG309>0,ORÇAMENTO.CustoUnitario>$AG309),AND(TIPOORCAMENTO=\"LICITADO\",ORÇAMENTO.PrecoUnitarioLicitado>$AN309)),\"ACIMA REF.\",\"\")))))","v":""},{"$f":"IF(C309<=CRONO.NivelExibicao,MAX($AD$15:OFFSET(AD309,-1,0))+IF($C309<>1,1,MAX(1,COUNTIF(QCI!$A$13:$A$32,OFFSET($E309,-1,0)))),\"\")","v":""},{"$f":"IF(AND($C309=\"S\",ORÇAMENTO.CodBarra<>\"\"),IF(ORÇAMENTO.Fonte=\"\",ORÇAMENTO.CodBarra,CONCATENATE(ORÇAMENTO.Fonte,\" \",ORÇAMENTO.CodBarra)))","v":"SINAPI 72947"},{"$f":"IF(ISERROR(INDIRECT(ORÇAMENTO.BancoRef)),\"(abra o arquivo 'Referência \"&Excel_BuiltIn_Database&\".xls)\",IF(OR($C309<>\"S\",ORÇAMENTO.CodBarra=\"\"),\"(Sem Código)\",IF(ISERROR(MATCH($AE309,INDIRECT(ORÇAMENTO.BancoRef),0)),\"(Código não identificado nas referências)\",MATCH($AE309,INDIRECT(ORÇAMENTO.BancoRef),0))))","v":"(abra o arquivo 'Referência 06-2023.xls)"},{"$f":"ROUND(IF(DESONERACAO=\"sim\",REFERENCIA.Desonerado,REFERENCIA.NaoDesonerado),2)","v":0},0.23530000000000001,null,16.34,null,null,344.28,21.07]
["S",2,"S",0,{"$f":"IF($C310=1,OFFSET(E310,-1,0)+MAX(1,COUNTIF(QCI!$A$13:$A$32,OFFSET(ORÇAMENTO!E310,-1,0))),OFFSET(E310,-1,0))","v":6},8,0,0,3,0,{"$f":"IF(OR($C310=\"S\",$C310=0),0,MATCH(OFFSET($D310,0,$C310)+IF($C310<>1,1,COUNTIF(QCI!$A$13:$A$32,ORÇAMENTO!E310)),OFFSET($D310,1,$C310,ROW($C$850)-ROW($C310)),0))","v":0},"F","Serviço","Serviço","6.8.3.","AMMOC","215","PLACA DE SINALIZACAO VIARIA OCTOGONAL L = 25 CM, COM SUPORTE DE ACO GALVANIZADO D = 50 MM E ALTURA = 3 M, INCLUSIVE BASE DE CONCRETO MAGRO","UND",{"$f":"OFFSET(CÁLCULO!H$15,ROW($T310)-ROW(T$15),0)","v":1},898.27,"BDI 1",{"$f":"IF($C310=\"S\",ROUND(IF(TIPOORCAMENTO=\"Proposto\",ORÇAMENTO.CustoUnitario*(1+$AH310),ORÇAMENTO.PrecoUnitarioLicitado),15-13*$AF$10),0)","v":1109.6300000000001},1109.6300000000001,"RA","RA",{"$f":"IF($C310=\"S\",IF($Z310=\"CP\",$X310,IF($Z310=\"RA\",(($X310)*QCI!$AA$3),0)),SomaAgrup)","v":1109.6300000000001},0,{"$f":"IF($N310=\"\",\"\",IF(ORÇAMENTO.Descricao=\"\",\"DESCRIÇÃO\",IF(AND($C310=\"S\",ORÇAMENTO.Unidade=\"\"),\"UNIDADE\",IF($X310<0,\"VALOR NEGATIVO\",IF(OR(AND(TIPOORCAMENTO=\"Proposto\",$AG310<>\"\",$AG310>0,ORÇAMENTO.CustoUnitario>$AG310),AND(TIPOORCAMENTO=\"LICITADO\",ORÇAMENTO.PrecoUnitarioLicitado>$AN310)),\"ACIMA REF.\",\"\")))))","v":""},{"$f":"IF(C310<=CRONO.NivelExibicao,MAX($AD$15:OFFSET(AD310,-1,0))+IF($C310<>1,1,MAX(1,COUNTIF(QCI!$A$13:$A$32,OFFSET($E310,-1,0)))),\"\")","v":""},{"$f":"IF(AND($C310=\"S\",ORÇAMENTO.CodBarra<>\"\"),IF(ORÇAMENTO.Fonte=\"\",ORÇAMENTO.CodBarra,CONCATENATE(ORÇAMENTO.Fonte,\" \",ORÇAMENTO.CodBarra)))","v":"AMMOC 215"},{"$f":"IF(ISERROR(INDIRECT(ORÇAMENTO.BancoRef)),\"(abra o arquivo 'Referência \"&Excel_BuiltIn_Database&\".xls)\",IF(OR($C310<>\"S\",ORÇAMENTO.CodBarra=\"\"),\"(Sem Código)\",IF(ISERROR(MATCH($AE310,INDIRECT(ORÇAMENTO.BancoRef),0)),\"(Código não identificado nas referências)\",MATCH($AE310,INDIRECT(ORÇAMENTO.BancoRef),0))))","v":"(abra o arquivo 'Referência 06-2023.xls)"},{"$f":"ROUND(IF(DESONERACAO=\"sim\",REFERENCIA.Desonerado,REFERENCIA.NaoDesonerado),2)","v":0},0.23530000000000001,null,1,null,null,1109.6300000000001,1109.6300000000001]
[1,1,1,35,{"$f":"IF($C311=1,OFFSET(E311,-1,0)+MAX(1,COUNTIF(QCI!$A$13:$A$32,OFFSET(ORÇAMENTO!E311,-1,0))),OFFSET(E311,-1,0))","v":7},0,0,0,0,539,{"$f":"IF(OR($C311=\"S\",$C311=0),0,MATCH(OFFSET($D311,0,$C311)+IF($C311<>1,1,COUNTIF(QCI!$A$13:$A$32,ORÇAMENTO!E311)),OFFSET($D311,1,$C311,ROW($C$850)-ROW($C311)),0))","v":35},"F","Meta","Meta","7.","SINAPI",null,"RUA MERCEDES SIMON","-",{"$f":"OFFSET(CÁLCULO!H$15,ROW($T311)-ROW(T$15),0)","v":0},0,"BDI 1",{"$f":"IF($C311=\"S\",ROUND(IF(TIPOORCAMENTO=\"Proposto\",ORÇAMENTO.CustoUnitario*(1+$AH311),ORÇAMENTO.PrecoUnitarioLicitado),15-13*$AF$10),0)","v":0},272888.86,"RA","",{"$f":"IF($C311=\"S\",IF($Z311=\"CP\",$X311,IF($Z311=\"RA\",(($X311)*QCI!$AA$3),0)),SomaAgrup)","v":272888.86000000004},0,{"$f":"IF($N311=\"\",\"\",IF(ORÇAMENTO.Descricao=\"\",\"DESCRIÇÃO\",IF(AND($C311=\"S\",ORÇAMENTO.Unidade=\"\"),\"UNIDADE\",IF($X311<0,\"VALOR NEGATIVO\",IF(OR(AND(TIPOORCAMENTO=\"Proposto\",$AG311<>\"\",$AG311>0,ORÇAMENTO.CustoUnitario>$AG311),AND(TIPOORCAMENTO=\"LICITADO\",ORÇAMENTO.PrecoUnitarioLicitado>$AN311)),\"ACIMA REF.\",\"\")))))","v":""},{"$f":"IF(C311<=CRONO.NivelExibicao,MAX($AD$15:OFFSET(AD311,-1,0))+IF($C311<>1,1,MAX(1,COUNTIF(QCI!$A$13:$A$32,OFFSET($E311,-1,0)))),\"\")","v":7},{"$f":"IF(AND($C311=\"S\",ORÇAMENTO.CodBarra<>\"\"),IF(ORÇAMENTO.Fonte=\"\",ORÇAMENTO.CodBarra,CONCATENATE(ORÇAMENTO.Fonte,\" \",ORÇAMENTO.CodBarra)))","v":false},{"$f":"IF(ISERROR(INDIRECT(ORÇAMENTO.BancoRef)),\"(abra o arquivo 'Referência \"&Excel_BuiltIn_Database&\".xls)\",IF(OR($C311<>\"S\",ORÇAMENTO.CodBarra=\"\"),\"(Sem Código)\",IF(ISERROR(MATCH($AE311,INDIRECT(ORÇAMENTO.BancoRef),0)),\"(Código não identificado nas referências)\",MATCH($AE311,INDIRECT(ORÇAMENTO.BancoRef),0))))","v":"(abra o arquivo 'Referência 06-2023.xls)"},{"$f":"ROUND(IF(DESONERACAO=\"sim\",REFERENCIA.Desonerado,REFERENCIA.NaoDesonerado),2)","v":0},0.23530000000000001,null,null,null,null,272888.86,0]
[2,2,2,3,{"$f":"IF($C312=1,OFFSET(E312,-1,0)+MAX(1,COUNTIF(QCI!$A$13:$A$32,OFFSET(ORÇAMENTO!E312,-1,0))),OFFSET(E312,-1,0))","v":7},1,0,0,0,34,{"$f":"IF(OR($C312=\"S\",$C312=0),0,MATCH(OFFSET($D312,0,$C312)+IF($C312<>1,1,COUNTIF(QCI!$A$13:$A$32,ORÇAMENTO!E312)),OFFSET($D312,1,$C312,ROW($C$850)-ROW($C312)),0))","v":3},"F","Nível 2","Nível 2","7.1.","SINAPI",null,"SERVIÇOS INICIAIS","-",{"$f":"OFFSET(CÁLCULO!H$15,ROW($T312)-ROW(T$15),0)","v":0},0,"BDI 1",{"$f":"IF($C312=\"S\",ROUND(IF(TIPOORCAMENTO=\"Proposto\",ORÇAMENTO.CustoUnitario*(1+$AH312),ORÇAMENTO.PrecoUnitarioLicitado),15-13*$AF$10),0)","v":0},2268.15,"RA","",{"$f":"IF($C312=\"S\",IF($Z312=\"CP\",$X312,IF($Z312=\"RA\",(($X312)*QCI!$AA$3),0)),SomaAgrup)","v":2268.15},0,{"$f":"IF($N312=\"\",\"\",IF(ORÇAMENTO.Descricao=\"\",\"DESCRIÇÃO\",IF(AND($C312=\"S\",ORÇAMENTO.Unidade=\"\"),\"UNIDADE\",IF($X312<0,\"VALOR NEGATIVO\",IF(OR(AND(TIPOORCAMENTO=\"Proposto\",$AG312<>\"\",$AG312>0,ORÇAMENTO.CustoUnitario>$AG312),AND(TIPOORCAMENTO=\"LICITADO\",ORÇAMENTO.PrecoUnitarioLicitado>$AN312)),\"ACIMA REF.\",\"\")))))","v":""},{"$f":"IF(C312<=CRONO.NivelExibicao,MAX($AD$15:OFFSET(AD312,-1,0))+IF($C312<>1,1,MAX(1,COUNTIF(QCI!$A$13:$A$32,OFFSET($E312,-1,0)))),\"\")","v":""},{"$f":"IF(AND($C312=\"S\",ORÇAMENTO.CodBarra<>\"\"),IF(ORÇAMENTO.Fonte=\"\",ORÇAMENTO.CodBarra,CONCATENATE(ORÇAMENTO.Fonte,\" \",ORÇAMENTO.CodBarra)))","v":false},{"$f":"IF(ISERROR(INDIRECT(ORÇAMENTO.BancoRef)),\"(abra o arquivo 'Referência \"&Excel_BuiltIn_Database&\".xls)\",IF(OR($C312<>\"S\",ORÇAMENTO.CodBarra=\"\"),\"(Sem Código)\",IF(ISERROR(MATCH($AE312,INDIRECT(ORÇAMENTO.BancoRef),0)),\"(Código não identificado nas referências)\",MATCH($AE312,INDIRECT(ORÇAMENTO.BancoRef),0))))","v":"(abra o arquivo 'Referência 06-2023.xls)"},{"$f":"ROUND(IF(DESONERACAO=\"sim\",REFERENCIA.Desonerado,REFERENCIA.NaoDesonerado),2)","v":0},0.23530000000000001,null,null,null,null,2268.15,0]
["S",2,"S",0,{"$f":"IF($C313=1,OFFSET(E313,-1,0)+MAX(1,COUNTIF(QCI!$A$13:$A$32,OFFSET(ORÇAMENTO!E313,-1,0))),OFFSET(E313,-1,0))","v":7},1,0,0,1,0,{"$f":"IF(OR($C313=\"S\",$C313=0),0,MATCH(OFFSET($D313,0,$C313)+IF($C313<>1,1,COUNTIF(QCI!$A$13:$A$32,ORÇAMENTO!E313)),OFFSET($D313,1,$C313,ROW($C$850)-ROW($C313)),0))","v":0},"F","Serviço","Serviço","7.1.1.","SINAPI","99064","LOCAÇÃO DE PAVIMENTAÇÃO","M",{"$f":"OFFSET(CÁLCULO!H$15,ROW($T313)-ROW(T$15),0)","v":237.83},0.48,"BDI 1",{"$f":"IF($C313=\"S\",ROUND(IF(TIPOORCAMENTO=\"Proposto\",ORÇAMENTO.CustoUnitario*(1+$AH313),ORÇAMENTO.PrecoUnitarioLicitado),15-13*$AF$10),0)","v":0.59},140.32,"RA","RA",{"$f":"IF($C313=\"S\",IF($Z313=\"CP\",$X313,IF($Z313=\"RA\",(($X313)*QCI!$AA$3),0)),SomaAgrup)","v":140.32},0,{"$f":"IF($N313=\"\",\"\",IF(ORÇAMENTO.Descricao=\"\",\"DESCRIÇÃO\",IF(AND($C313=\"S\",ORÇAMENTO.Unidade=\"\"),\"UNIDADE\",IF($X313<0,\"VALOR NEGATIVO\",IF(OR(AND(TIPOORCAMENTO=\"Proposto\",$AG313<>\"\",$AG313>0,ORÇAMENTO.CustoUnitario>$AG313),AND(TIPOORCAMENTO=\"LICITADO\",ORÇAMENTO.PrecoUnitarioLicitado>$AN313)),\"ACIMA REF.\",\"\")))))","v":""},{"$f":"IF(C313<=CRONO.NivelExibicao,MAX($AD$15:OFFSET(AD313,-1,0))+IF($C313<>1,1,MAX(1,COUNTIF(QCI!$A$13:$A$32,OFFSET($E313,-1,0)))),\"\")","v":""},{"$f":"IF(AND($C313=\"S\",ORÇAMENTO.CodBarra<>\"\"),IF(ORÇAMENTO.Fonte=\"\",ORÇAMENTO.CodBarra,CONCATENATE(ORÇAMENTO.Fonte,\" \",ORÇAMENTO.CodBarra)))","v":"SINAPI 99064"},{"$f":"IF(ISERROR(INDIRECT(ORÇAMENTO.BancoRef)),\"(abra o arquivo 'Referência \"&Excel_BuiltIn_Database&\".xls)\",IF(OR($C313<>\"S\",ORÇAMENTO.CodBarra=\"\"),\"(Sem Código)\",IF(ISERROR(MATCH($AE313,INDIRECT(ORÇAMENTO.BancoRef),0)),\"(Código não identificado nas referências)\",MATCH($AE313,INDIRECT(ORÇAMENTO.BancoRef),0))))","v":"(abra o arquivo 'Referência 06-2023.xls)"},{"$f":"ROUND(IF(DESONERACAO=\"sim\",REFERENCIA.Desonerado,REFERENCIA.NaoDesonerado),2)","v":0},0.23530000000000001,null,237.83,null,null,140.32,0.59]
["S",2,"S",0,{"$f":"IF($C314=1,OFFSET(E314,-1,0)+MAX(1,COUNTIF(QCI!$A$13:$A$32,OFFSET(ORÇAMENTO!E314,-1,0))),OFFSET(E314,-1,0))","v":7},1,0,0,2,0,{"$f":"IF(OR($C314=\"S\",$C314=0),0,MATCH(OFFSET($D314,0,$C314)+IF($C314<>1,1,COUNTIF(QCI!$A$13:$A$32,ORÇAMENTO!E314)),OFFSET($D314,1,$C314,ROW($C$850)-ROW($C314)),0))","v":0},"F","Serviço","Serviço","7.1.2.","AMMOC","PLOBRA","PLACA DE OBRA EM CHAPA DE AÇO GALVANIZADO","M²",{"$f":"OFFSET(CÁLCULO!H$15,ROW($T314)-ROW(T$15),0)","v":4.5},382.78,"BDI 1",{"$f":"IF($C314=\"S\",ROUND(IF(TIPOORCAMENTO=\"Proposto\",ORÇAMENTO.CustoUnitario*(1+$AH314),ORÇAMENTO.PrecoUnitarioLicitado),15-13*$AF$10),0)","v":472.85},2127.83,"RA","RA",{"$f":"IF($C314=\"S\",IF($Z314=\"CP\",$X314,IF($Z314=\"RA\",(($X314)*QCI!$AA$3),0)),SomaAgrup)","v":2127.83},0,{"$f":"IF($N314=\"\",\"\",IF(ORÇAMENTO.Descricao=\"\",\"DESCRIÇÃO\",IF(AND($C314=\"S\",ORÇAMENTO.Unidade=\"\"),\"UNIDADE\",IF($X314<0,\"VALOR NEGATIVO\",IF(OR(AND(TIPOORCAMENTO=\"Proposto\",$AG314<>\"\",$AG314>0,ORÇAMENTO.CustoUnitario>$AG314),AND(TIPOORCAMENTO=\"LICITADO\",ORÇAMENTO.PrecoUnitarioLicitado>$AN314)),\"ACIMA REF.\",\"\")))))","v":""},{"$f":"IF(C314<=CRONO.NivelExibicao,MAX($AD$15:OFFSET(AD314,-1,0))+IF($C314<>1,1,MAX(1,COUNTIF(QCI!$A$13:$A$32,OFFSET($E314,-1,0)))),\"\")","v":""},{"$f":"IF(AND($C314=\"S\",ORÇAMENTO.CodBarra<>\"\"),IF(ORÇAMENTO.Fonte=\"\",ORÇAMENTO.CodBarra,CONCATENATE(ORÇAMENTO.Fonte,\" \",ORÇAMENTO.CodBarra)))","v":"AMMOC PLOBRA"},{"$f":"IF(ISERROR(INDIRECT(ORÇAMENTO.BancoRef)),\"(abra o arquivo 'Referência \"&Excel_BuiltIn_Database&\".xls)\",IF(OR($C314<>\"S\",ORÇAMENTO.CodBarra=\"\"),\"(Sem Código)\",IF(ISERROR(MATCH($AE314,INDIRECT(ORÇAMENTO.BancoRef),0)),\"(Código não identificado nas referências)\",MATCH($AE314,INDIRECT(ORÇAMENTO.BancoRef),0))))","v":"(abra o arquivo 'Referência 06-2023.xls)"},{"$f":"ROUND(IF(DESONERACAO=\"sim\",REFERENCIA.Desonerado,REFERENCIA.NaoDesonerado),2)","v":0},0.23530000000000001,null,4.5,null,null,2127.83,472.85]
[2,2,2,7,{"$f":"IF($C315=1,OFFSET(E315,-1,0)+MAX(1,COUNTIF(QCI!$A$13:$A$32,OFFSET(ORÇAMENTO!E315,-1,0))),OFFSET(E315,-1,0))","v":7},2,0,0,0,31,{"$f":"IF(OR($C315=\"S\",$C315=0),0,MATCH(OFFSET($D315,0,$C315)+IF($C315<>1,1,COUNTIF(QCI!$A$13:$A$32,ORÇAMENTO!E315)),OFFSET($D315,1,$C315,ROW($C$850)-ROW($C315)),0))","v":7},"F","Nível 2","Nível 2","7.2.","SINAPI",null,"ESCAVAÇÕES E MOVIMENTAÇÕES DE TERRA","-",{"$f":"OFFSET(CÁLCULO!H$15,ROW($T315)-ROW(T$15),0)","v":0},0,"BDI 1",{"$f":"IF($C315=\"S\",ROUND(IF(TIPOORCAMENTO=\"Proposto\",ORÇAMENTO.CustoUnitario*(1+$AH315),ORÇAMENTO.PrecoUnitarioLicitado),15-13*$AF$10),0)","v":0},2220.0500000000002,"RA","",{"$f":"IF($C315=\"S\",IF($Z315=\"CP\",$X315,IF($Z315=\"RA\",(($X315)*QCI!$AA$3),0)),SomaAgrup)","v":2220.0500000000002},0,{"$f":"IF($N315=\"\",\"\",IF(ORÇAMENTO.Descricao=\"\",\"DESCRIÇÃO\",IF(AND($C315=\"S\",ORÇAMENTO.Unidade=\"\"),\"UNIDADE\",IF($X315<0,\"VALOR NEGATIVO\",IF(OR(AND(TIPOORCAMENTO=\"Proposto\",$AG315<>\"\",$AG315>0,ORÇAMENTO.CustoUnitario>$AG315),AND(TIPOORCAMENTO=\"LICITADO\",ORÇAMENTO.PrecoUnitarioLicitado>$AN315)),\"ACIMA REF.\",\"\")))))","v":""},{"$f":"IF(C315<=CRONO.NivelExibicao,MAX($AD$15:OFFSET(AD315,-1,0))+IF($C315<>1,1,MAX(1,COUNTIF(QCI!$A$13:$A$32,OFFSET($E315,-1,0)))),\"\")","v":""},{"$f":"IF(AND($C315=\"S\",ORÇAMENTO.CodBarra<>\"\"),IF(ORÇAMENTO.Fonte=\"\",ORÇAMENTO.CodBarra,CONCATENATE(ORÇAMENTO.Fonte,\" \",ORÇAMENTO.CodBarra)))","v":false},{"$f":"IF(ISERROR(INDIRECT(ORÇAMENTO.BancoRef)),\"(abra o arquivo 'Referência \"&Excel_BuiltIn_Database&\".xls)\",IF(OR($C315<>\"S\",ORÇAMENTO.CodBarra=\"\"),\"(Sem Código)\",IF(ISERROR(MATCH($AE315,INDIRECT(ORÇAMENTO.BancoRef),0)),\"(Código não identificado nas referências)\",MATCH($AE315,INDIRECT(ORÇAMENTO.BancoRef),0))))","v":"(abra o arquivo 'Referência 06-2023.xls)"},{"$f":"ROUND(IF(DESONERACAO=\"sim\",REFERENCIA.Desonerado,REFERENCIA.NaoDesonerado),2)","v":0},0.23530000000000001,null,null,null,null,2220.0500000000002,0]
["S",2,"S",0,{"$f":"IF($C316=1,OFFSET(E316,-1,0)+MAX(1,COUNTIF(QCI!$A$13:$A$32,OFFSET(ORÇAMENTO!E316,-1,0))),OFFSET(E316,-1,0))","v":7},2,0,0,1,0,{"$f":"IF(OR($C316=\"S\",$C316=0),0,MATCH(OFFSET($D316,0,$C316)+IF($C316<>1,1,COUNTIF(QCI!$A$13:$A$32,ORÇAMENTO!E316)),OFFSET($D316,1,$C316,ROW($C$850)-ROW($C316)),0))","v":0},"F","Serviço","Serviço","7.2.1.","SINAPI","102276","ESCAVAÇÃO MECANIZADA DE VALA E TALUDES EM SOLO DE 2A CATEGORIA, EM LOCAIS COM ALTO NÍVEL DE INTERFERÊNCIA","M3",{"$f":"OFFSET(CÁLCULO!H$15,ROW($T316)-ROW(T$15),0)","v":56.68},12.08,"BDI 1",{"$f":"IF($C316=\"S\",ROUND(IF(TIPOORCAMENTO=\"Proposto\",ORÇAMENTO.CustoUnitario*(1+$AH316),ORÇAMENTO.PrecoUnitarioLicitado),15-13*$AF$10),0)","v":14.92},845.67,"RA","RA",{"$f":"IF($C316=\"S\",IF($Z316=\"CP\",$X316,IF($Z316=\"RA\",(($X316)*QCI!$AA$3),0)),SomaAgrup)","v":845.67},0,{"$f":"IF($N316=\"\",\"\",IF(ORÇAMENTO.Descricao=\"\",\"DESCRIÇÃO\",IF(AND($C316=\"S\",ORÇAMENTO.Unidade=\"\"),\"UNIDADE\",IF($X316<0,\"VALOR NEGATIVO\",IF(OR(AND(TIPOORCAMENTO=\"Proposto\",$AG316<>\"\",$AG316>0,ORÇAMENTO.CustoUnitario>$AG316),AND(TIPOORCAMENTO=\"LICITADO\",ORÇAMENTO.PrecoUnitarioLicitado>$AN316)),\"ACIMA REF.\",\"\")))))","v":""},{"$f":"IF(C316<=CRONO.NivelExibicao,MAX($AD$15:OFFSET(AD316,-1,0))+IF($C316<>1,1,MAX(1,COUNTIF(QCI!$A$13:$A$32,OFFSET($E316,-1,0)))),\"\")","v":""},{"$f":"IF(AND($C316=\"S\",ORÇAMENTO.CodBarra<>\"\"),IF(ORÇAMENTO.Fonte=\"\",ORÇAMENTO.CodBarra,CONCATENATE(ORÇAMENTO.Fonte,\" \",ORÇAMENTO.CodBarra)))","v":"SINAPI 102276"},{"$f":"IF(ISERROR(INDIRECT(ORÇAMENTO.BancoRef)),\"(abra o arquivo 'Referência \"&Excel_BuiltIn_Database&\".xls)\",IF(OR($C316<>\"S\",ORÇAMENTO.CodBarra=\"\"),\"(Sem Código)\",IF(ISERROR(MATCH($AE316,INDIRECT(ORÇAMENTO.BancoRef),0)),\"(Código não identificado nas referências)\",MATCH($AE316,INDIRECT(ORÇAMENTO.BancoRef),0))))","v":"(abra o arquivo 'Referência 06-2023.xls)"},{"$f":"ROUND(IF(DESONERACAO=\"sim\",REFERENCIA.Desonerado,REFERENCIA.NaoDesonerado),2)","v":0},0.23530000000000001,null,56.68,null,null,845.67,14.92]
["S",2,"S",0,{"$f":"IF($C317=1,OFFSET(E317,-1,0)+MAX(1,COUNTIF(QCI!$A$13:$A$32,OFFSET(ORÇAMENTO!E317,-1,0))),OFFSET(E317,-1,0))","v":7},2,0,0,2,0,{"$f":"IF(OR($C317=\"S\",$C317=0),0,MATCH(OFFSET($D317,0,$C317)+IF($C317<>1,1,COUNTIF(QCI!$A$13:$A$32,ORÇAMENTO!E317)),OFFSET($D317,1,$C317,ROW($C$850)-ROW($C317)),0))","v":0},"F","Serviço","Serviço","7.2.2.","SINAPI","100978","CARGA, MANOBRA E DESCARGA DE MATERIAL REMOVIDO EM CAMINHÃO BASCULANTE - CARGA COM ESCAVADEIRA HIDRÁULICA","M3",{"$f":"OFFSET(CÁLCULO!H$15,ROW($T317)-ROW(T$15),0)","v":56.68},6.33,"BDI 1",{"$f":"IF($C317=\"S\",ROUND(IF(TIPOORCAMENTO=\"Proposto\",ORÇAMENTO.CustoUnitario*(1+$AH317),ORÇAMENTO.PrecoUnitarioLicitado),15-13*$AF$10),0)","v":7.82},443.24,"RA","RA",{"$f":"IF($C317=\"S\",IF($Z317=\"CP\",$X317,IF($Z317=\"RA\",(($X317)*QCI!$AA$3),0)),SomaAgrup)","v":443.24},0,{"$f":"IF($N317=\"\",\"\",IF(ORÇAMENTO.Descricao=\"\",\"DESCRIÇÃO\",IF(AND($C317=\"S\",ORÇAMENTO.Unidade=\"\"),\"UNIDADE\",IF($X317<0,\"VALOR NEGATIVO\",IF(OR(AND(TIPOORCAMENTO=\"Proposto\",$AG317<>\"\",$AG317>0,ORÇAMENTO.CustoUnitario>$AG317),AND(TIPOORCAMENTO=\"LICITADO\",ORÇAMENTO.PrecoUnitarioLicitado>$AN317)),\"ACIMA REF.\",\"\")))))","v":""},{"$f":"IF(C317<=CRONO.NivelExibicao,MAX($AD$15:OFFSET(AD317,-1,0))+IF($C317<>1,1,MAX(1,COUNTIF(QCI!$A$13:$A$32,OFFSET($E317,-1,0)))),\"\")","v":""},{"$f":"IF(AND($C317=\"S\",ORÇAMENTO.CodBarra<>\"\"),IF(ORÇAMENTO.Fonte=\"\",ORÇAMENTO.CodBarra,CONCATENATE(ORÇAMENTO.Fonte,\" \",ORÇAMENTO.CodBarra)))","v":"SINAPI 100978"},{"$f":"IF(ISERROR(INDIRECT(ORÇAMENTO.BancoRef)),\"(abra o arquivo 'Referência \"&Excel_BuiltIn_Database&\".xls)\",IF(OR($C317<>\"S\",ORÇAMENTO.CodBarra=\"\"),\"(Sem Código)\",IF(ISERROR(MATCH($AE317,INDIRECT(ORÇAMENTO.BancoRef),0)),\"(Código não identificado nas referências)\",MATCH($AE317,INDIRECT(ORÇAMENTO.BancoRef),0))))","v":"(abra o arquivo 'Referência 06-2023.xls)"},{"$f":"ROUND(IF(DESONERACAO=\"sim\",REFERENCIA.Desonerado,REFERENCIA.NaoDesonerado),2)","v":0},0.23530000000000001,null,{"$f":"AJ316","v":56.68},null,null,443.24,7.82]
["S",2,"S",0,{"$f":"IF($C318=1,OFFSET(E318,-1,0)+MAX(1,COUNTIF(QCI!$A$13:$A$32,OFFSET(ORÇAMENTO!E318,-1,0))),OFFSET(E318,-1,0))","v":7},2,0,0,3,0,{"$f":"IF(OR($C318=\"S\",$C318=0),0,MATCH(OFFSET($D318,0,$C318)+IF($C318<>1,1,COUNTIF(QCI!$A$13:$A$32,ORÇAMENTO!E318)),OFFSET($D318,1,$C318,ROW($C$850)-ROW($C318)),0))","v":0},"F","Serviço","Serviço","7.2.3.","SINAPI","95875","TRANSPORTE DE MATERIAL REMOVIDO COM CAMINHÃO BASCULANTE, DMT = 5 KM","M3XKM",{"$f":"OFFSET(CÁLCULO!H$15,ROW($T318)-ROW(T$15),0)","v":113.36},2.23,"BDI 1",{"$f":"IF($C318=\"S\",ROUND(IF(TIPOORCAMENTO=\"Proposto\",ORÇAMENTO.CustoUnitario*(1+$AH318),ORÇAMENTO.PrecoUnitarioLicitado),15-13*$AF$10),0)","v":2.75},311.74,"RA","RA",{"$f":"IF($C318=\"S\",IF($Z318=\"CP\",$X318,IF($Z318=\"RA\",(($X318)*QCI!$AA$3),0)),SomaAgrup)","v":311.74},0,{"$f":"IF($N318=\"\",\"\",IF(ORÇAMENTO.Descricao=\"\",\"DESCRIÇÃO\",IF(AND($C318=\"S\",ORÇAMENTO.Unidade=\"\"),\"UNIDADE\",IF($X318<0,\"VALOR NEGATIVO\",IF(OR(AND(TIPOORCAMENTO=\"Proposto\",$AG318<>\"\",$AG318>0,ORÇAMENTO.CustoUnitario>$AG318),AND(TIPOORCAMENTO=\"LICITADO\",ORÇAMENTO.PrecoUnitarioLicitado>$AN318)),\"ACIMA REF.\",\"\")))))","v":""},{"$f":"IF(C318<=CRONO.NivelExibicao,MAX($AD$15:OFFSET(AD318,-1,0))+IF($C318<>1,1,MAX(1,COUNTIF(QCI!$A$13:$A$32,OFFSET($E318,-1,0)))),\"\")","v":""},{"$f":"IF(AND($C318=\"S\",ORÇAMENTO.CodBarra<>\"\"),IF(ORÇAMENTO.Fonte=\"\",ORÇAMENTO.CodBarra,CONCATENATE(ORÇAMENTO.Fonte,\" \",ORÇAMENTO.CodBarra)))","v":"SINAPI 95875"},{"$f":"IF(ISERROR(INDIRECT(ORÇAMENTO.BancoRef)),\"(abra o arquivo 'Referência \"&Excel_BuiltIn_Database&\".xls)\",IF(OR($C318<>\"S\",ORÇAMENTO.CodBarra=\"\"),\"(Sem Código)\",IF(ISERROR(MATCH($AE318,INDIRECT(ORÇAMENTO.BancoRef),0)),\"(Código não identificado nas referências)\",MATCH($AE318,INDIRECT(ORÇAMENTO.BancoRef),0))))","v":"(abra o arquivo 'Referência 06-2023.xls)"},{"$f":"ROUND(IF(DESONERACAO=\"sim\",REFERENCIA.Desonerado,REFERENCIA.NaoDesonerado),2)","v":0},0.23530000000000001,null,{"$f":"AJ317*2","v":113.36},null,null,311.74,2.75]
["S",2,"S",0,{"$f":"IF($C319=1,OFFSET(E319,-1,0)+MAX(1,COUNTIF(QCI!$A$13:$A$32,OFFSET(ORÇAMENTO!E319,-1,0))),OFFSET(E319,-1,0))","v":7},2,0,0,4,0,{"$f":"IF(OR($C319=\"S\",$C319=0),0,MATCH(OFFSET($D319,0,$C319)+IF($C319<>1,1,COUNTIF(QCI!$A$13:$A$32,ORÇAMENTO!E319)),OFFSET($D319,1,$C319,ROW($C$850)-ROW($C319)),0))","v":0},"F","Serviço","Serviço","7.2.4.","SINAPI","102355","DESMONTE DE BLOCOS DE ROCHA COM MARTELETE PNEUMÁTICO","M3",{"$f":"OFFSET(CÁLCULO!H$15,ROW($T319)-ROW(T$15),0)","v":2.83},166.39,"BDI 1",{"$f":"IF($C319=\"S\",ROUND(IF(TIPOORCAMENTO=\"Proposto\",ORÇAMENTO.CustoUnitario*(1+$AH319),ORÇAMENTO.PrecoUnitarioLicitado),15-13*$AF$10),0)","v":205.54},581.67999999999995,"RA","RA",{"$f":"IF($C319=\"S\",IF($Z319=\"CP\",$X319,IF($Z319=\"RA\",(($X319)*QCI!$AA$3),0)),SomaAgrup)","v":581.67999999999995},0,{"$f":"IF($N319=\"\",\"\",IF(ORÇAMENTO.Descricao=\"\",\"DESCRIÇÃO\",IF(AND($C319=\"S\",ORÇAMENTO.Unidade=\"\"),\"UNIDADE\",IF($X319<0,\"VALOR NEGATIVO\",IF(OR(AND(TIPOORCAMENTO=\"Proposto\",$AG319<>\"\",$AG319>0,ORÇAMENTO.CustoUnitario>$AG319),AND(TIPOORCAMENTO=\"LICITADO\",ORÇAMENTO.PrecoUnitarioLicitado>$AN319)),\"ACIMA REF.\",\"\")))))","v":""},{"$f":"IF(C319<=CRONO.NivelExibicao,MAX($AD$15:OFFSET(AD319,-1,0))+IF($C319<>1,1,MAX(1,COUNTIF(QCI!$A$13:$A$32,OFFSET($E319,-1,0)))),\"\")","v":""},{"$f":"IF(AND($C319=\"S\",ORÇAMENTO.CodBarra<>\"\"),IF(ORÇAMENTO.Fonte=\"\",ORÇAMENTO.CodBarra,CONCATENATE(ORÇAMENTO.Fonte,\" \",ORÇAMENTO.CodBarra)))","v":"SINAPI 102355"},{"$f":"IF(ISERROR(INDIRECT(ORÇAMENTO.BancoRef)),\"(abra o arquivo 'Referência \"&Excel_BuiltIn_Database&\".xls)\",IF(OR($C319<>\"S\",ORÇAMENTO.CodBarra=\"\"),\"(Sem Código)\",IF(ISERROR(MATCH($AE319,INDIRECT(ORÇAMENTO.BancoRef),0)),\"(Código não identificado nas referências)\",MATCH($AE319,INDIRECT(ORÇAMENTO.BancoRef),0))))","v":"(abra o arquivo 'Referência 06-2023.xls)"},{"$f":"ROUND(IF(DESONERACAO=\"sim\",REFERENCIA.Desonerado,REFERENCIA.NaoDesonerado),2)","v":0},0.23530000000000001,null,{"$f":"AJ316*0.05","v":2.8340000000000001},null,null,581.67999999999995,205.54]
["S",2,"S",0,{"$f":"IF($C320=1,OFFSET(E320,-1,0)+MAX(1,COUNTIF(QCI!$A$13:$A$32,OFFSET(ORÇAMENTO!E320,-1,0))),OFFSET(E320,-1,0))","v":7},2,0,0,5,0,{"$f":"IF(OR($C320=\"S\",$C320=0),0,MATCH(OFFSET($D320,0,$C320)+IF($C320<>1,1,COUNTIF(QCI!$A$13:$A$32,ORÇAMENTO!E320)),OFFSET($D320,1,$C320,ROW($C$850)-ROW($C320)),0))","v":0},"F","Serviço","Serviço","7.2.5.","SINAPI","100978","CARGA, MANOBRA E DESCARGA DE MATERIAL REMOVIDO EM CAMINHÃO BASCULANTE - CARGA COM ESCAVADEIRA HIDRÁULICA","M3",{"$f":"OFFSET(CÁLCULO!H$15,ROW($T320)-ROW(T$15),0)","v":2.83},6.33,"BDI 1",{"$f":"IF($C320=\"S\",ROUND(IF(TIPOORCAMENTO=\"Proposto\",ORÇAMENTO.CustoUnitario*(1+$AH320),ORÇAMENTO.PrecoUnitarioLicitado),15-13*$AF$10),0)","v":7.82},22.13,"RA","RA",{"$f":"IF($C320=\"S\",IF($Z320=\"CP\",$X320,IF($Z320=\"RA\",(($X320)*QCI!$AA$3),0)),SomaAgrup)","v":22.13},0,{"$f":"IF($N320=\"\",\"\",IF(ORÇAMENTO.Descricao=\"\",\"DESCRIÇÃO\",IF(AND($C320=\"S\",ORÇAMENTO.Unidade=\"\"),\"UNIDADE\",IF($X320<0,\"VALOR NEGATIVO\",IF(OR(AND(TIPOORCAMENTO=\"Proposto\",$AG320<>\"\",$AG320>0,ORÇAMENTO.CustoUnitario>$AG320),AND(TIPOORCAMENTO=\"LICITADO\",ORÇAMENTO.PrecoUnitarioLicitado>$AN320)),\"ACIMA REF.\",\"\")))))","v":""},{"$f":"IF(C320<=CRONO.NivelExibicao,MAX($AD$15:OFFSET(AD320,-1,0))+IF($C320<>1,1,MAX(1,COUNTIF(QCI!$A$13:$A$32,OFFSET($E320,-1,0)))),\"\")","v":""},{"$f":"IF(AND($C320=\"S\",ORÇAMENTO.CodBarra<>\"\"),IF(ORÇAMENTO.Fonte=\"\",ORÇAMENTO.CodBarra,CONCATENATE(ORÇAMENTO.Fonte,\" \",ORÇAMENTO.CodBarra)))","v":"SINAPI 100978"},{"$f":"IF(ISERROR(INDIRECT(ORÇAMENTO.BancoRef)),\"(abra o arquivo 'Referência \"&Excel_BuiltIn_Database&\".xls)\",IF(OR($C320<>\"S\",ORÇAMENTO.CodBarra=\"\"),\"(Sem Código)\",IF(ISERROR(MATCH($AE320,INDIRECT(ORÇAMENTO.BancoRef),0)),\"(Código não identificado nas referências)\",MATCH($AE320,INDIRECT(ORÇAMENTO.BancoRef),0))))","v":"(abra o arquivo 'Referência 06-2023.xls)"},{"$f":"ROUND(IF(DESONERACAO=\"sim\",REFERENCIA.Desonerado,REFERENCIA.NaoDesonerado),2)","v":0},0.23530000000000001,null,{"$f":"AJ319","v":2.8340000000000001},null,null,22.13,7.82]
["S",2,"S",0,{"$f":"IF($C321=1,OFFSET(E321,-1,0)+MAX(1,COUNTIF(QCI!$A$13:$A$32,OFFSET(ORÇAMENTO!E321,-1,0))),OFFSET(E321,-1,0))","v":7},2,0,0,6,0,{"$f":"IF(OR($C321=\"S\",$C321=0),0,MATCH(OFFSET($D321,0,$C321)+IF($C321<>1,1,COUNTIF(QCI!$A$13:$A$32,ORÇAMENTO!E321)),OFFSET($D321,1,$C321,ROW($C$850)-ROW($C321)),0))","v":0},"F","Serviço","Serviço","7.2.6.","SINAPI","95875","TRANSPORTE DE MATERIAL REMOVIDO COM CAMINHÃO BASCULANTE, DMT = 2 KM","M3XKM",{"$f":"OFFSET(CÁLCULO!H$15,ROW($T321)-ROW(T$15),0)","v":5.67},2.23,"BDI 1",{"$f":"IF($C321=\"S\",ROUND(IF(TIPOORCAMENTO=\"Proposto\",ORÇAMENTO.CustoUnitario*(1+$AH321),ORÇAMENTO.PrecoUnitarioLicitado),15-13*$AF$10),0)","v":2.75},15.59,"RA","RA",{"$f":"IF($C321=\"S\",IF($Z321=\"CP\",$X321,IF($Z321=\"RA\",(($X321)*QCI!$AA$3),0)),SomaAgrup)","v":15.59},0,{"$f":"IF($N321=\"\",\"\",IF(ORÇAMENTO.Descricao=\"\",\"DESCRIÇÃO\",IF(AND($C321=\"S\",ORÇAMENTO.Unidade=\"\"),\"UNIDADE\",IF($X321<0,\"VALOR NEGATIVO\",IF(OR(AND(TIPOORCAMENTO=\"Proposto\",$AG321<>\"\",$AG321>0,ORÇAMENTO.CustoUnitario>$AG321),AND(TIPOORCAMENTO=\"LICITADO\",ORÇAMENTO.PrecoUnitarioLicitado>$AN321)),\"ACIMA REF.\",\"\")))))","v":""},{"$f":"IF(C321<=CRONO.NivelExibicao,MAX($AD$15:OFFSET(AD321,-1,0))+IF($C321<>1,1,MAX(1,COUNTIF(QCI!$A$13:$A$32,OFFSET($E321,-1,0)))),\"\")","v":""},{"$f":"IF(AND($C321=\"S\",ORÇAMENTO.CodBarra<>\"\"),IF(ORÇAMENTO.Fonte=\"\",ORÇAMENTO.CodBarra,CONCATENATE(ORÇAMENTO.Fonte,\" \",ORÇAMENTO.CodBarra)))","v":"SINAPI 95875"},{"$f":"IF(ISERROR(INDIRECT(ORÇAMENTO.BancoRef)),\"(abra o arquivo 'Referência \"&Excel_BuiltIn_Database&\".xls)\",IF(OR($C321<>\"S\",ORÇAMENTO.CodBarra=\"\"),\"(Sem Código)\",IF(ISERROR(MATCH($AE321,INDIRECT(ORÇAMENTO.BancoRef),0)),\"(Código não identificado nas referências)\",MATCH($AE321,INDIRECT(ORÇAMENTO.BancoRef),0))))","v":"(abra o arquivo 'Referência 06-2023.xls)"},{"$f":"ROUND(IF(DESONERACAO=\"sim\",REFERENCIA.Desonerado,REFERENCIA.NaoDesonerado),2)","v":0},0.23530000000000001,null,{"$f":"AJ320*2","v":5.6680000000000001},null,null,15.59,2.75]
[2,2,2,5,{"$f":"IF($C322=1,OFFSET(E322,-1,0)+MAX(1,COUNTIF(QCI!$A$13:$A$32,OFFSET(ORÇAMENTO!E322,-1,0))),OFFSET(E322,-1,0))","v":7},3,0,0,0,24,{"$f":"IF(OR($C322=\"S\",$C322=0),0,MATCH(OFFSET($D322,0,$C322)+IF($C322<>1,1,COUNTIF(QCI!$A$13:$A$32,ORÇAMENTO!E322)),OFFSET($D322,1,$C322,ROW($C$850)-ROW($C322)),0))","v":5},"F","Nível 2","Nível 2","7.3.","SINAPI",null,"DRENAGEM","-",{"$f":"OFFSET(CÁLCULO!H$15,ROW($T322)-ROW(T$15),0)","v":0},0,"BDI 1",{"$f":"IF($C322=\"S\",ROUND(IF(TIPOORCAMENTO=\"Proposto\",ORÇAMENTO.CustoUnitario*(1+$AH322),ORÇAMENTO.PrecoUnitarioLicitado),15-13*$AF$10),0)","v":0},25929.83,"RA","",{"$f":"IF($C322=\"S\",IF($Z322=\"CP\",$X322,IF($Z322=\"RA\",(($X322)*QCI!$AA$3),0)),SomaAgrup)","v":25929.829999999998},0,{"$f":"IF($N322=\"\",\"\",IF(ORÇAMENTO.Descricao=\"\",\"DESCRIÇÃO\",IF(AND($C322=\"S\",ORÇAMENTO.Unidade=\"\"),\"UNIDADE\",IF($X322<0,\"VALOR NEGATIVO\",IF(OR(AND(TIPOORCAMENTO=\"Proposto\",$AG322<>\"\",$AG322>0,ORÇAMENTO.CustoUnitario>$AG322),AND(TIPOORCAMENTO=\"LICITADO\",ORÇAMENTO.PrecoUnitarioLicitado>$AN322)),\"ACIMA REF.\",\"\")))))","v":""},{"$f":"IF(C322<=CRONO.NivelExibicao,MAX($AD$15:OFFSET(AD322,-1,0))+IF($C322<>1,1,MAX(1,COUNTIF(QCI!$A$13:$A$32,OFFSET($E322,-1,0)))),\"\")","v":""},{"$f":"IF(AND($C322=\"S\",ORÇAMENTO.CodBarra<>\"\"),IF(ORÇAMENTO.Fonte=\"\",ORÇAMENTO.CodBarra,CONCATENATE(ORÇAMENTO.Fonte,\" \",ORÇAMENTO.CodBarra)))","v":false},{"$f":"IF(ISERROR(INDIRECT(ORÇAMENTO.BancoRef)),\"(abra o arquivo 'Referência \"&Excel_BuiltIn_Database&\".xls)\",IF(OR($C322<>\"S\",ORÇAMENTO.CodBarra=\"\"),\"(Sem Código)\",IF(ISERROR(MATCH($AE322,INDIRECT(ORÇAMENTO.BancoRef),0)),\"(Código não identificado nas referências)\",MATCH($AE322,INDIRECT(ORÇAMENTO.BancoRef),0))))","v":"(abra o arquivo 'Referência 06-2023.xls)"},{"$f":"ROUND(IF(DESONERACAO=\"sim\",REFERENCIA.Desonerado,REFERENCIA.NaoDesonerado),2)","v":0},0.23530000000000001,null,null,null,null,25929.83,0]
["S",2,"S",0,{"$f":"IF($C323=1,OFFSET(E323,-1,0)+MAX(1,COUNTIF(QCI!$A$13:$A$32,OFFSET(ORÇAMENTO!E323,-1,0))),OFFSET(E323,-1,0))","v":7},3,0,0,1,0,{"$f":"IF(OR($C323=\"S\",$C323=0),0,MATCH(OFFSET($D323,0,$C323)+IF($C323<>1,1,COUNTIF(QCI!$A$13:$A$32,ORÇAMENTO!E323)),OFFSET($D323,1,$C323,ROW($C$850)-ROW($C323)),0))","v":0},"F","Serviço","Serviço","7.3.1.","AMMOC","BL01","BOCA DE LOBO EM CONCRETO ARMADO E GRADE DE AÇO EM BARRA DE FERRO CHATA 0,70M X 1,00M - TIPO 1 ","UND",{"$f":"OFFSET(CÁLCULO!H$15,ROW($T323)-ROW(T$15),0)","v":2},2617.0700000000002,"BDI 1",{"$f":"IF($C323=\"S\",ROUND(IF(TIPOORCAMENTO=\"Proposto\",ORÇAMENTO.CustoUnitario*(1+$AH323),ORÇAMENTO.PrecoUnitarioLicitado),15-13*$AF$10),0)","v":3232.87},6465.74,"RA","RA",{"$f":"IF($C323=\"S\",IF($Z323=\"CP\",$X323,IF($Z323=\"RA\",(($X323)*QCI!$AA$3),0)),SomaAgrup)","v":6465.74},0,{"$f":"IF($N323=\"\",\"\",IF(ORÇAMENTO.Descricao=\"\",\"DESCRIÇÃO\",IF(AND($C323=\"S\",ORÇAMENTO.Unidade=\"\"),\"UNIDADE\",IF($X323<0,\"VALOR NEGATIVO\",IF(OR(AND(TIPOORCAMENTO=\"Proposto\",$AG323<>\"\",$AG323>0,ORÇAMENTO.CustoUnitario>$AG323),AND(TIPOORCAMENTO=\"LICITADO\",ORÇAMENTO.PrecoUnitarioLicitado>$AN323)),\"ACIMA REF.\",\"\")))))","v":""},{"$f":"IF(C323<=CRONO.NivelExibicao,MAX($AD$15:OFFSET(AD323,-1,0))+IF($C323<>1,1,MAX(1,COUNTIF(QCI!$A$13:$A$32,OFFSET($E323,-1,0)))),\"\")","v":""},{"$f":"IF(AND($C323=\"S\",ORÇAMENTO.CodBarra<>\"\"),IF(ORÇAMENTO.Fonte=\"\",ORÇAMENTO.CodBarra,CONCATENATE(ORÇAMENTO.Fonte,\" \",ORÇAMENTO.CodBarra)))","v":"AMMOC BL01"},{"$f":"IF(ISERROR(INDIRECT(ORÇAMENTO.BancoRef)),\"(abra o arquivo 'Referência \"&Excel_BuiltIn_Database&\".xls)\",IF(OR($C323<>\"S\",ORÇAMENTO.CodBarra=\"\"),\"(Sem Código)\",IF(ISERROR(MATCH($AE323,INDIRECT(ORÇAMENTO.BancoRef),0)),\"(Código não identificado nas referências)\",MATCH($AE323,INDIRECT(ORÇAMENTO.BancoRef),0))))","v":"(abra o arquivo 'Referência 06-2023.xls)"},{"$f":"ROUND(IF(DESONERACAO=\"sim\",REFERENCIA.Desonerado,REFERENCIA.NaoDesonerado),2)","v":0},0.23530000000000001,null,2,null,null,6465.74,3232.87]
["S",2,"S",0,{"$f":"IF($C324=1,OFFSET(E324,-1,0)+MAX(1,COUNTIF(QCI!$A$13:$A$32,OFFSET(ORÇAMENTO!E324,-1,0))),OFFSET(E324,-1,0))","v":7},3,0,0,2,0,{"$f":"IF(OR($C324=\"S\",$C324=0),0,MATCH(OFFSET($D324,0,$C324)+IF($C324<>1,1,COUNTIF(QCI!$A$13:$A$32,ORÇAMENTO!E324)),OFFSET($D324,1,$C324,ROW($C$850)-ROW($C324)),0))","v":0},"F","Serviço","Serviço","7.3.2.","SINAPI","92219","TUBO DE CONCRETO PARA REDES COLETORAS DE ÁGUAS PLUVIAIS, DIÂMETRO DE 400 MM, JUNTA ENVOLTA EM MANTA GEOTÊXTIL, INSTALADO EM LOCAL COM ALTO NÍVEL DE INTERFERÊNCIAS - FORNECIMENTO E ASSENTAMENTO","M",{"$f":"OFFSET(CÁLCULO!H$15,ROW($T324)-ROW(T$15),0)","v":50},178.6,"BDI 1",{"$f":"IF($C324=\"S\",ROUND(IF(TIPOORCAMENTO=\"Proposto\",ORÇAMENTO.CustoUnitario*(1+$AH324),ORÇAMENTO.PrecoUnitarioLicitado),15-13*$AF$10),0)","v":220.62},11031,"RA","RA",{"$f":"IF($C324=\"S\",IF($Z324=\"CP\",$X324,IF($Z324=\"RA\",(($X324)*QCI!$AA$3),0)),SomaAgrup)","v":11031},0,{"$f":"IF($N324=\"\",\"\",IF(ORÇAMENTO.Descricao=\"\",\"DESCRIÇÃO\",IF(AND($C324=\"S\",ORÇAMENTO.Unidade=\"\"),\"UNIDADE\",IF($X324<0,\"VALOR NEGATIVO\",IF(OR(AND(TIPOORCAMENTO=\"Proposto\",$AG324<>\"\",$AG324>0,ORÇAMENTO.CustoUnitario>$AG324),AND(TIPOORCAMENTO=\"LICITADO\",ORÇAMENTO.PrecoUnitarioLicitado>$AN324)),\"ACIMA REF.\",\"\")))))","v":""},{"$f":"IF(C324<=CRONO.NivelExibicao,MAX($AD$15:OFFSET(AD324,-1,0))+IF($C324<>1,1,MAX(1,COUNTIF(QCI!$A$13:$A$32,OFFSET($E324,-1,0)))),\"\")","v":""},{"$f":"IF(AND($C324=\"S\",ORÇAMENTO.CodBarra<>\"\"),IF(ORÇAMENTO.Fonte=\"\",ORÇAMENTO.CodBarra,CONCATENATE(ORÇAMENTO.Fonte,\" \",ORÇAMENTO.CodBarra)))","v":"SINAPI 92219"},{"$f":"IF(ISERROR(INDIRECT(ORÇAMENTO.BancoRef)),\"(abra o arquivo 'Referência \"&Excel_BuiltIn_Database&\".xls)\",IF(OR($C324<>\"S\",ORÇAMENTO.CodBarra=\"\"),\"(Sem Código)\",IF(ISERROR(MATCH($AE324,INDIRECT(ORÇAMENTO.BancoRef),0)),\"(Código não identificado nas referências)\",MATCH($AE324,INDIRECT(ORÇAMENTO.BancoRef),0))))","v":"(abra o arquivo 'Referência 06-2023.xls)"},{"$f":"ROUND(IF(DESONERACAO=\"sim\",REFERENCIA.Desonerado,REFERENCIA.NaoDesonerado),2)","v":0},0.23530000000000001,null,50,null,null,11031,220.62]
["S",2,"S",0,{"$f":"IF($C325=1,OFFSET(E325,-1,0)+MAX(1,COUNTIF(QCI!$A$13:$A$32,OFFSET(ORÇAMENTO!E325,-1,0))),OFFSET(E325,-1,0))","v":7},3,0,0,3,0,{"$f":"IF(OR($C325=\"S\",$C325=0),0,MATCH(OFFSET($D325,0,$C325)+IF($C325<>1,1,COUNTIF(QCI!$A$13:$A$32,ORÇAMENTO!E325)),OFFSET($D325,1,$C325,ROW($C$850)-ROW($C325)),0))","v":0},"F","Serviço","Serviço","7.3.3.","SINAPI","102737","BOCA PARA BUEIRO SIMPLES TUBULAR D = 40 CM EM CONCRETO, ALAS COM ESCONSIDADE DE 0°, INCLUINDO FÔRMAS E MATERIAIS. AF_07/2021","UN",{"$f":"OFFSET(CÁLCULO!H$15,ROW($T325)-ROW(T$15),0)","v":1},1164.99,"BDI 1",{"$f":"IF($C325=\"S\",ROUND(IF(TIPOORCAMENTO=\"Proposto\",ORÇAMENTO.CustoUnitario*(1+$AH325),ORÇAMENTO.PrecoUnitarioLicitado),15-13*$AF$10),0)","v":1439.11},1439.11,"RA","RA",{"$f":"IF($C325=\"S\",IF($Z325=\"CP\",$X325,IF($Z325=\"RA\",(($X325)*QCI!$AA$3),0)),SomaAgrup)","v":1439.11},0,{"$f":"IF($N325=\"\",\"\",IF(ORÇAMENTO.Descricao=\"\",\"DESCRIÇÃO\",IF(AND($C325=\"S\",ORÇAMENTO.Unidade=\"\"),\"UNIDADE\",IF($X325<0,\"VALOR NEGATIVO\",IF(OR(AND(TIPOORCAMENTO=\"Proposto\",$AG325<>\"\",$AG325>0,ORÇAMENTO.CustoUnitario>$AG325),AND(TIPOORCAMENTO=\"LICITADO\",ORÇAMENTO.PrecoUnitarioLicitado>$AN325)),\"ACIMA REF.\",\"\")))))","v":""},{"$f":"IF(C325<=CRONO.NivelExibicao,MAX($AD$15:OFFSET(AD325,-1,0))+IF($C325<>1,1,MAX(1,COUNTIF(QCI!$A$13:$A$32,OFFSET($E325,-1,0)))),\"\")","v":""},{"$f":"IF(AND($C325=\"S\",ORÇAMENTO.CodBarra<>\"\"),IF(ORÇAMENTO.Fonte=\"\",ORÇAMENTO.CodBarra,CONCATENATE(ORÇAMENTO.Fonte,\" \",ORÇAMENTO.CodBarra)))","v":"SINAPI 102737"},{"$f":"IF(ISERROR(INDIRECT(ORÇAMENTO.BancoRef)),\"(abra o arquivo 'Referência \"&Excel_BuiltIn_Database&\".xls)\",IF(OR($C325<>\"S\",ORÇAMENTO.CodBarra=\"\"),\"(Sem Código)\",IF(ISERROR(MATCH($AE325,INDIRECT(ORÇAMENTO.BancoRef),0)),\"(Código não identificado nas referências)\",MATCH($AE325,INDIRECT(ORÇAMENTO.BancoRef),0))))","v":"(abra o arquivo 'Referência 06-2023.xls)"},{"$f":"ROUND(IF(DESONERACAO=\"sim\",REFERENCIA.Desonerado,REFERENCIA.NaoDesonerado),2)","v":0},0.23530000000000001,null,1,null,null,1439.11,1439.11]
["S",2,"S",0,{"$f":"IF($C326=1,OFFSET(E326,-1,0)+MAX(1,COUNTIF(QCI!$A$13:$A$32,OFFSET(ORÇAMENTO!E326,-1,0))),OFFSET(E326,-1,0))","v":7},3,0,0,4,0,{"$f":"IF(OR($C326=\"S\",$C326=0),0,MATCH(OFFSET($D326,0,$C326)+IF($C326<>1,1,COUNTIF(QCI!$A$13:$A$32,ORÇAMENTO!E326)),OFFSET($D326,1,$C326,ROW($C$850)-ROW($C326)),0))","v":0},"F","Serviço","Serviço","7.3.4.","AMMOC",15,"ELEVAÇÃO OU REPARO DE BOCA DE LOBO, CONSIDERANDO O REAPROVEITAMENTO DA GRADE","M",{"$f":"OFFSET(CÁLCULO!H$15,ROW($T326)-ROW(T$15),0)","v":7},808.82,"BDI 1",{"$f":"IF($C326=\"S\",ROUND(IF(TIPOORCAMENTO=\"Proposto\",ORÇAMENTO.CustoUnitario*(1+$AH326),ORÇAMENTO.PrecoUnitarioLicitado),15-13*$AF$10),0)","v":999.14},6993.98,"RA","RA",{"$f":"IF($C326=\"S\",IF($Z326=\"CP\",$X326,IF($Z326=\"RA\",(($X326)*QCI!$AA$3),0)),SomaAgrup)","v":6993.98},0,{"$f":"IF($N326=\"\",\"\",IF(ORÇAMENTO.Descricao=\"\",\"DESCRIÇÃO\",IF(AND($C326=\"S\",ORÇAMENTO.Unidade=\"\"),\"UNIDADE\",IF($X326<0,\"VALOR NEGATIVO\",IF(OR(AND(TIPOORCAMENTO=\"Proposto\",$AG326<>\"\",$AG326>0,ORÇAMENTO.CustoUnitario>$AG326),AND(TIPOORCAMENTO=\"LICITADO\",ORÇAMENTO.PrecoUnitarioLicitado>$AN326)),\"ACIMA REF.\",\"\")))))","v":""},{"$f":"IF(C326<=CRONO.NivelExibicao,MAX($AD$15:OFFSET(AD326,-1,0))+IF($C326<>1,1,MAX(1,COUNTIF(QCI!$A$13:$A$32,OFFSET($E326,-1,0)))),\"\")","v":""},{"$f":"IF(AND($C326=\"S\",ORÇAMENTO.CodBarra<>\"\"),IF(ORÇAMENTO.Fonte=\"\",ORÇAMENTO.CodBarra,CONCATENATE(ORÇAMENTO.Fonte,\" \",ORÇAMENTO.CodBarra)))","v":"AMMOC 15"},{"$f":"IF(ISERROR(INDIRECT(ORÇAMENTO.BancoRef)),\"(abra o arquivo 'Referência \"&Excel_BuiltIn_Database&\".xls)\",IF(OR($C326<>\"S\",ORÇAMENTO.CodBarra=\"\"),\"(Sem Código)\",IF(ISERROR(MATCH($AE326,INDIRECT(ORÇAMENTO.BancoRef),0)),\"(Código não identificado nas referências)\",MATCH($AE326,INDIRECT(ORÇAMENTO.BancoRef),0))))","v":"(abra o arquivo 'Referência 06-2023.xls)"},{"$f":"ROUND(IF(DESONERACAO=\"sim\",REFERENCIA.Desonerado,REFERENCIA.NaoDesonerado),2)","v":0},0.23530000000000001,null,7,null,null,6993.98,999.14]
[2,2,2,6,{"$f":"IF($C327=1,OFFSET(E327,-1,0)+MAX(1,COUNTIF(QCI!$A$13:$A$32,OFFSET(ORÇAMENTO!E327,-1,0))),OFFSET(E327,-1,0))","v":7},4,0,0,0,19,{"$f":"IF(OR($C327=\"S\",$C327=0),0,MATCH(OFFSET($D327,0,$C327)+IF($C327<>1,1,COUNTIF(QCI!$A$13:$A$32,ORÇAMENTO!E327)),OFFSET($D327,1,$C327,ROW($C$850)-ROW($C327)),0))","v":6},"F","Nível 2","Nível 2","7.4.","SINAPI",null,"REATERROS","-",{"$f":"OFFSET(CÁLCULO!H$15,ROW($T327)-ROW(T$15),0)","v":0},0,"BDI 1",{"$f":"IF($C327=\"S\",ROUND(IF(TIPOORCAMENTO=\"Proposto\",ORÇAMENTO.CustoUnitario*(1+$AH327),ORÇAMENTO.PrecoUnitarioLicitado),15-13*$AF$10),0)","v":0},8005.33,"RA","",{"$f":"IF($C327=\"S\",IF($Z327=\"CP\",$X327,IF($Z327=\"RA\",(($X327)*QCI!$AA$3),0)),SomaAgrup)","v":8005.33},0,{"$f":"IF($N327=\"\",\"\",IF(ORÇAMENTO.Descricao=\"\",\"DESCRIÇÃO\",IF(AND($C327=\"S\",ORÇAMENTO.Unidade=\"\"),\"UNIDADE\",IF($X327<0,\"VALOR NEGATIVO\",IF(OR(AND(TIPOORCAMENTO=\"Proposto\",$AG327<>\"\",$AG327>0,ORÇAMENTO.CustoUnitario>$AG327),AND(TIPOORCAMENTO=\"LICITADO\",ORÇAMENTO.PrecoUnitarioLicitado>$AN327)),\"ACIMA REF.\",\"\")))))","v":""},{"$f":"IF(C327<=CRONO.NivelExibicao,MAX($AD$15:OFFSET(AD327,-1,0))+IF($C327<>1,1,MAX(1,COUNTIF(QCI!$A$13:$A$32,OFFSET($E327,-1,0)))),\"\")","v":""},{"$f":"IF(AND($C327=\"S\",ORÇAMENTO.CodBarra<>\"\"),IF(ORÇAMENTO.Fonte=\"\",ORÇAMENTO.CodBarra,CONCATENATE(ORÇAMENTO.Fonte,\" \",ORÇAMENTO.CodBarra)))","v":false},{"$f":"IF(ISERROR(INDIRECT(ORÇAMENTO.BancoRef)),\"(abra o arquivo 'Referência \"&Excel_BuiltIn_Database&\".xls)\",IF(OR($C327<>\"S\",ORÇAMENTO.CodBarra=\"\"),\"(Sem Código)\",IF(ISERROR(MATCH($AE327,INDIRECT(ORÇAMENTO.BancoRef),0)),\"(Código não identificado nas referências)\",MATCH($AE327,INDIRECT(ORÇAMENTO.BancoRef),0))))","v":"(abra o arquivo 'Referência 06-2023.xls)"},{"$f":"ROUND(IF(DESONERACAO=\"sim\",REFERENCIA.Desonerado,REFERENCIA.NaoDesonerado),2)","v":0},0.23530000000000001,null,null,null,null,8005.33,0]
["S",2,"S",0,{"$f":"IF($C328=1,OFFSET(E328,-1,0)+MAX(1,COUNTIF(QCI!$A$13:$A$32,OFFSET(ORÇAMENTO!E328,-1,0))),OFFSET(E328,-1,0))","v":7},4,0,0,1,0,{"$f":"IF(OR($C328=\"S\",$C328=0),0,MATCH(OFFSET($D328,0,$C328)+IF($C328<>1,1,COUNTIF(QCI!$A$13:$A$32,ORÇAMENTO!E328)),OFFSET($D328,1,$C328,ROW($C$850)-ROW($C328)),0))","v":0},"F","Serviço","Serviço","7.4.1.","SINAPI-I","4718","PEDRA BRITADA N. 2 (19 A 38 MM) PARA REATERRO DE VALAS","M3    ",{"$f":"OFFSET(CÁLCULO!H$15,ROW($T328)-ROW(T$15),0)","v":30},107.5,"BDI 1",{"$f":"IF($C328=\"S\",ROUND(IF(TIPOORCAMENTO=\"Proposto\",ORÇAMENTO.CustoUnitario*(1+$AH328),ORÇAMENTO.PrecoUnitarioLicitado),15-13*$AF$10),0)","v":132.79},3983.7,"RA","RA",{"$f":"IF($C328=\"S\",IF($Z328=\"CP\",$X328,IF($Z328=\"RA\",(($X328)*QCI!$AA$3),0)),SomaAgrup)","v":3983.7},0,{"$f":"IF($N328=\"\",\"\",IF(ORÇAMENTO.Descricao=\"\",\"DESCRIÇÃO\",IF(AND($C328=\"S\",ORÇAMENTO.Unidade=\"\"),\"UNIDADE\",IF($X328<0,\"VALOR NEGATIVO\",IF(OR(AND(TIPOORCAMENTO=\"Proposto\",$AG328<>\"\",$AG328>0,ORÇAMENTO.CustoUnitario>$AG328),AND(TIPOORCAMENTO=\"LICITADO\",ORÇAMENTO.PrecoUnitarioLicitado>$AN328)),\"ACIMA REF.\",\"\")))))","v":""},{"$f":"IF(C328<=CRONO.NivelExibicao,MAX($AD$15:OFFSET(AD328,-1,0))+IF($C328<>1,1,MAX(1,COUNTIF(QCI!$A$13:$A$32,OFFSET($E328,-1,0)))),\"\")","v":""},{"$f":"IF(AND($C328=\"S\",ORÇAMENTO.CodBarra<>\"\"),IF(ORÇAMENTO.Fonte=\"\",ORÇAMENTO.CodBarra,CONCATENATE(ORÇAMENTO.Fonte,\" \",ORÇAMENTO.CodBarra)))","v":"SINAPI-I 4718"},{"$f":"IF(ISERROR(INDIRECT(ORÇAMENTO.BancoRef)),\"(abra o arquivo 'Referência \"&Excel_BuiltIn_Database&\".xls)\",IF(OR($C328<>\"S\",ORÇAMENTO.CodBarra=\"\"),\"(Sem Código)\",IF(ISERROR(MATCH($AE328,INDIRECT(ORÇAMENTO.BancoRef),0)),\"(Código não identificado nas referências)\",MATCH($AE328,INDIRECT(ORÇAMENTO.BancoRef),0))))","v":"(abra o arquivo 'Referência 06-2023.xls)"},{"$f":"ROUND(IF(DESONERACAO=\"sim\",REFERENCIA.Desonerado,REFERENCIA.NaoDesonerado),2)","v":0},0.23530000000000001,null,30,null,null,3983.7,132.79]
["S",2,"S",0,{"$f":"IF($C329=1,OFFSET(E329,-1,0)+MAX(1,COUNTIF(QCI!$A$13:$A$32,OFFSET(ORÇAMENTO!E329,-1,0))),OFFSET(E329,-1,0))","v":7},4,0,0,2,0,{"$f":"IF(OR($C329=\"S\",$C329=0),0,MATCH(OFFSET($D329,0,$C329)+IF($C329<>1,1,COUNTIF(QCI!$A$13:$A$32,ORÇAMENTO!E329)),OFFSET($D329,1,$C329,ROW($C$850)-ROW($C329)),0))","v":0},"F","Serviço","Serviço","7.4.2.","SINAPI-I",4730,"PEDRA RACHAO PARA REATERRO DE VALAS                                                                                                                                                                                                                                                                                                                                                                                     ","M3    ",{"$f":"OFFSET(CÁLCULO!H$15,ROW($T329)-ROW(T$15),0)","v":6.4},100.51,"BDI 1",{"$f":"IF($C329=\"S\",ROUND(IF(TIPOORCAMENTO=\"Proposto\",ORÇAMENTO.CustoUnitario*(1+$AH329),ORÇAMENTO.PrecoUnitarioLicitado),15-13*$AF$10),0)","v":124.16},794.62,"RA","RA",{"$f":"IF($C329=\"S\",IF($Z329=\"CP\",$X329,IF($Z329=\"RA\",(($X329)*QCI!$AA$3),0)),SomaAgrup)","v":794.62},0,{"$f":"IF($N329=\"\",\"\",IF(ORÇAMENTO.Descricao=\"\",\"DESCRIÇÃO\",IF(AND($C329=\"S\",ORÇAMENTO.Unidade=\"\"),\"UNIDADE\",IF($X329<0,\"VALOR NEGATIVO\",IF(OR(AND(TIPOORCAMENTO=\"Proposto\",$AG329<>\"\",$AG329>0,ORÇAMENTO.CustoUnitario>$AG329),AND(TIPOORCAMENTO=\"LICITADO\",ORÇAMENTO.PrecoUnitarioLicitado>$AN329)),\"ACIMA REF.\",\"\")))))","v":""},{"$f":"IF(C329<=CRONO.NivelExibicao,MAX($AD$15:OFFSET(AD329,-1,0))+IF($C329<>1,1,MAX(1,COUNTIF(QCI!$A$13:$A$32,OFFSET($E329,-1,0)))),\"\")","v":""},{"$f":"IF(AND($C329=\"S\",ORÇAMENTO.CodBarra<>\"\"),IF(ORÇAMENTO.Fonte=\"\",ORÇAMENTO.CodBarra,CONCATENATE(ORÇAMENTO.Fonte,\" \",ORÇAMENTO.CodBarra)))","v":"SINAPI-I 4730"},{"$f":"IF(ISERROR(INDIRECT(ORÇAMENTO.BancoRef)),\"(abra o arquivo 'Referência \"&Excel_BuiltIn_Database&\".xls)\",IF(OR($C329<>\"S\",ORÇAMENTO.CodBarra=\"\"),\"(Sem Código)\",IF(ISERROR(MATCH($AE329,INDIRECT(ORÇAMENTO.BancoRef),0)),\"(Código não identificado nas referências)\",MATCH($AE329,INDIRECT(ORÇAMENTO.BancoRef),0))))","v":"(abra o arquivo 'Referência 06-2023.xls)"},{"$f":"ROUND(IF(DESONERACAO=\"sim\",REFERENCIA.Desonerado,REFERENCIA.NaoDesonerado),2)","v":0},0.23530000000000001,null,6.4,null,null,794.62,124.16]
["S",2,"S",0,{"$f":"IF($C330=1,OFFSET(E330,-1,0)+MAX(1,COUNTIF(QCI!$A$13:$A$32,OFFSET(ORÇAMENTO!E330,-1,0))),OFFSET(E330,-1,0))","v":7},4,0,0,3,0,{"$f":"IF(OR($C330=\"S\",$C330=0),0,MATCH(OFFSET($D330,0,$C330)+IF($C330<>1,1,COUNTIF(QCI!$A$13:$A$32,ORÇAMENTO!E330)),OFFSET($D330,1,$C330,ROW($C$850)-ROW($C330)),0))","v":0},"F","Serviço","Serviço","7.4.3.","SINAPI-I",4729,"PEDRA BRITADA GRADUADA PARA REATERRO DE VALAS                                                                                                                                                                                                                                                                                                                                                                                                                          ","M3    ",{"$f":"OFFSET(CÁLCULO!H$15,ROW($T330)-ROW(T$15),0)","v":4.8},107.74,"BDI 1",{"$f":"IF($C330=\"S\",ROUND(IF(TIPOORCAMENTO=\"Proposto\",ORÇAMENTO.CustoUnitario*(1+$AH330),ORÇAMENTO.PrecoUnitarioLicitado),15-13*$AF$10),0)","v":133.09},638.83000000000004,"RA","RA",{"$f":"IF($C330=\"S\",IF($Z330=\"CP\",$X330,IF($Z330=\"RA\",(($X330)*QCI!$AA$3),0)),SomaAgrup)","v":638.83000000000004},0,{"$f":"IF($N330=\"\",\"\",IF(ORÇAMENTO.Descricao=\"\",\"DESCRIÇÃO\",IF(AND($C330=\"S\",ORÇAMENTO.Unidade=\"\"),\"UNIDADE\",IF($X330<0,\"VALOR NEGATIVO\",IF(OR(AND(TIPOORCAMENTO=\"Proposto\",$AG330<>\"\",$AG330>0,ORÇAMENTO.CustoUnitario>$AG330),AND(TIPOORCAMENTO=\"LICITADO\",ORÇAMENTO.PrecoUnitarioLicitado>$AN330)),\"ACIMA REF.\",\"\")))))","v":""},{"$f":"IF(C330<=CRONO.NivelExibicao,MAX($AD$15:OFFSET(AD330,-1,0))+IF($C330<>1,1,MAX(1,COUNTIF(QCI!$A$13:$A$32,OFFSET($E330,-1,0)))),\"\")","v":""},{"$f":"IF(AND($C330=\"S\",ORÇAMENTO.CodBarra<>\"\"),IF(ORÇAMENTO.Fonte=\"\",ORÇAMENTO.CodBarra,CONCATENATE(ORÇAMENTO.Fonte,\" \",ORÇAMENTO.CodBarra)))","v":"SINAPI-I 4729"},{"$f":"IF(ISERROR(INDIRECT(ORÇAMENTO.BancoRef)),\"(abra o arquivo 'Referência \"&Excel_BuiltIn_Database&\".xls)\",IF(OR($C330<>\"S\",ORÇAMENTO.CodBarra=\"\"),\"(Sem Código)\",IF(ISERROR(MATCH($AE330,INDIRECT(ORÇAMENTO.BancoRef),0)),\"(Código não identificado nas referências)\",MATCH($AE330,INDIRECT(ORÇAMENTO.BancoRef),0))))","v":"(abra o arquivo 'Referência 06-2023.xls)"},{"$f":"ROUND(IF(DESONERACAO=\"sim\",REFERENCIA.Desonerado,REFERENCIA.NaoDesonerado),2)","v":0},0.23530000000000001,null,4.8,null,null,638.83000000000004,133.09]
["S",2,"S",0,{"$f":"IF($C331=1,OFFSET(E331,-1,0)+MAX(1,COUNTIF(QCI!$A$13:$A$32,OFFSET(ORÇAMENTO!E331,-1,0))),OFFSET(E331,-1,0))","v":7},4,0,0,4,0,{"$f":"IF(OR($C331=\"S\",$C331=0),0,MATCH(OFFSET($D331,0,$C331)+IF($C331<>1,1,COUNTIF(QCI!$A$13:$A$32,ORÇAMENTO!E331)),OFFSET($D331,1,$C331,ROW($C$850)-ROW($C331)),0))","v":0},"F","Serviço","Serviço","7.4.4.","SINAPI","100978","CARGA, MANOBRA E DESCARGA DE MATERIAL GRANULAR EM CAMINHÃO BASCULANTE - CARGA COM ESCAVADEIRA HIDRÁULICA","M3",{"$f":"OFFSET(CÁLCULO!H$15,ROW($T331)-ROW(T$15),0)","v":41.2},6.33,"BDI 1",{"$f":"IF($C331=\"S\",ROUND(IF(TIPOORCAMENTO=\"Proposto\",ORÇAMENTO.CustoUnitario*(1+$AH331),ORÇAMENTO.PrecoUnitarioLicitado),15-13*$AF$10),0)","v":7.82},322.18,"RA","RA",{"$f":"IF($C331=\"S\",IF($Z331=\"CP\",$X331,IF($Z331=\"RA\",(($X331)*QCI!$AA$3),0)),SomaAgrup)","v":322.18},0,{"$f":"IF($N331=\"\",\"\",IF(ORÇAMENTO.Descricao=\"\",\"DESCRIÇÃO\",IF(AND($C331=\"S\",ORÇAMENTO.Unidade=\"\"),\"UNIDADE\",IF($X331<0,\"VALOR NEGATIVO\",IF(OR(AND(TIPOORCAMENTO=\"Proposto\",$AG331<>\"\",$AG331>0,ORÇAMENTO.CustoUnitario>$AG331),AND(TIPOORCAMENTO=\"LICITADO\",ORÇAMENTO.PrecoUnitarioLicitado>$AN331)),\"ACIMA REF.\",\"\")))))","v":""},{"$f":"IF(C331<=CRONO.NivelExibicao,MAX($AD$15:OFFSET(AD331,-1,0))+IF($C331<>1,1,MAX(1,COUNTIF(QCI!$A$13:$A$32,OFFSET($E331,-1,0)))),\"\")","v":""},{"$f":"IF(AND($C331=\"S\",ORÇAMENTO.CodBarra<>\"\"),IF(ORÇAMENTO.Fonte=\"\",ORÇAMENTO.CodBarra,CONCATENATE(ORÇAMENTO.Fonte,\" \",ORÇAMENTO.CodBarra)))","v":"SINAPI 100978"},{"$f":"IF(ISERROR(INDIRECT(ORÇAMENTO.BancoRef)),\"(abra o arquivo 'Referência \"&Excel_BuiltIn_Database&\".xls)\",IF(OR($C331<>\"S\",ORÇAMENTO.CodBarra=\"\"),\"(Sem Código)\",IF(ISERROR(MATCH($AE331,INDIRECT(ORÇAMENTO.BancoRef),0)),\"(Código não identificado nas referências)\",MATCH($AE331,INDIRECT(ORÇAMENTO.BancoRef),0))))","v":"(abra o arquivo 'Referência 06-2023.xls)"},{"$f":"ROUND(IF(DESONERACAO=\"sim\",REFERENCIA.Desonerado,REFERENCIA.NaoDesonerado),2)","v":0},0.23530000000000001,null,{"$f":"AJ328+AJ329+AJ330","v":41.199999999999996},null,null,322.18,7.82]
["S",2,"S",0,{"$f":"IF($C332=1,OFFSET(E332,-1,0)+MAX(1,COUNTIF(QCI!$A$13:$A$32,OFFSET(ORÇAMENTO!E332,-1,0))),OFFSET(E332,-1,0))","v":7},4,0,0,5,0,{"$f":"IF(OR($C332=\"S\",$C332=0),0,MATCH(OFFSET($D332,0,$C332)+IF($C332<>1,1,COUNTIF(QCI!$A$13:$A$32,ORÇAMENTO!E332)),OFFSET($D332,1,$C332,ROW($C$850)-ROW($C332)),0))","v":0},"F","Serviço","Serviço","7.4.5.","SINAPI","95875","TRANSPORTE DE MATERIAL GRANULAR COM CAMINHÃO BASCULANTE, DMT = 20 KM","M3XKM",{"$f":"OFFSET(CÁLCULO!H$15,ROW($T332)-ROW(T$15),0)","v":824},2.23,"BDI 1",{"$f":"IF($C332=\"S\",ROUND(IF(TIPOORCAMENTO=\"Proposto\",ORÇAMENTO.CustoUnitario*(1+$AH332),ORÇAMENTO.PrecoUnitarioLicitado),15-13*$AF$10),0)","v":2.75},2266,"RA","RA",{"$f":"IF($C332=\"S\",IF($Z332=\"CP\",$X332,IF($Z332=\"RA\",(($X332)*QCI!$AA$3),0)),SomaAgrup)","v":2266},0,{"$f":"IF($N332=\"\",\"\",IF(ORÇAMENTO.Descricao=\"\",\"DESCRIÇÃO\",IF(AND($C332=\"S\",ORÇAMENTO.Unidade=\"\"),\"UNIDADE\",IF($X332<0,\"VALOR NEGATIVO\",IF(OR(AND(TIPOORCAMENTO=\"Proposto\",$AG332<>\"\",$AG332>0,ORÇAMENTO.CustoUnitario>$AG332),AND(TIPOORCAMENTO=\"LICITADO\",ORÇAMENTO.PrecoUnitarioLicitado>$AN332)),\"ACIMA REF.\",\"\")))))","v":""},{"$f":"IF(C332<=CRONO.NivelExibicao,MAX($AD$15:OFFSET(AD332,-1,0))+IF($C332<>1,1,MAX(1,COUNTIF(QCI!$A$13:$A$32,OFFSET($E332,-1,0)))),\"\")","v":""},{"$f":"IF(AND($C332=\"S\",ORÇAMENTO.CodBarra<>\"\"),IF(ORÇAMENTO.Fonte=\"\",ORÇAMENTO.CodBarra,CONCATENATE(ORÇAMENTO.Fonte,\" \",ORÇAMENTO.CodBarra)))","v":"SINAPI 95875"},{"$f":"IF(ISERROR(INDIRECT(ORÇAMENTO.BancoRef)),\"(abra o arquivo 'Referência \"&Excel_BuiltIn_Database&\".xls)\",IF(OR($C332<>\"S\",ORÇAMENTO.CodBarra=\"\"),\"(Sem Código)\",IF(ISERROR(MATCH($AE332,INDIRECT(ORÇAMENTO.BancoRef),0)),\"(Código não identificado nas referências)\",MATCH($AE332,INDIRECT(ORÇAMENTO.BancoRef),0))))","v":"(abra o arquivo 'Referência 06-2023.xls)"},{"$f":"ROUND(IF(DESONERACAO=\"sim\",REFERENCIA.Desonerado,REFERENCIA.NaoDesonerado),2)","v":0},0.23530000000000001,null,{"$f":"AJ331*20","v":823.99999999999989},null,null,2266,2.75]
[2,2,2,8,{"$f":"IF($C333=1,OFFSET(E333,-1,0)+MAX(1,COUNTIF(QCI!$A$13:$A$32,OFFSET(ORÇAMENTO!E333,-1,0))),OFFSET(E333,-1,0))","v":7},5,0,0,0,13,{"$f":"IF(OR($C333=\"S\",$C333=0),0,MATCH(OFFSET($D333,0,$C333)+IF($C333<>1,1,COUNTIF(QCI!$A$13:$A$32,ORÇAMENTO!E333)),OFFSET($D333,1,$C333,ROW($C$850)-ROW($C333)),0))","v":8},"F","Nível 2","Nível 2","7.5.","SINAPI",null,"PAVIMENTAÇÃO EM ASFALTO C.A.U.Q.","-",{"$f":"OFFSET(CÁLCULO!H$15,ROW($T333)-ROW(T$15),0)","v":0},0,"BDI 1",{"$f":"IF($C333=\"S\",ROUND(IF(TIPOORCAMENTO=\"Proposto\",ORÇAMENTO.CustoUnitario*(1+$AH333),ORÇAMENTO.PrecoUnitarioLicitado),15-13*$AF$10),0)","v":0},231464.23,"RA","",{"$f":"IF($C333=\"S\",IF($Z333=\"CP\",$X333,IF($Z333=\"RA\",(($X333)*QCI!$AA$3),0)),SomaAgrup)","v":231464.22999999998},0,{"$f":"IF($N333=\"\",\"\",IF(ORÇAMENTO.Descricao=\"\",\"DESCRIÇÃO\",IF(AND($C333=\"S\",ORÇAMENTO.Unidade=\"\"),\"UNIDADE\",IF($X333<0,\"VALOR NEGATIVO\",IF(OR(AND(TIPOORCAMENTO=\"Proposto\",$AG333<>\"\",$AG333>0,ORÇAMENTO.CustoUnitario>$AG333),AND(TIPOORCAMENTO=\"LICITADO\",ORÇAMENTO.PrecoUnitarioLicitado>$AN333)),\"ACIMA REF.\",\"\")))))","v":""},{"$f":"IF(C333<=CRONO.NivelExibicao,MAX($AD$15:OFFSET(AD333,-1,0))+IF($C333<>1,1,MAX(1,COUNTIF(QCI!$A$13:$A$32,OFFSET($E333,-1,0)))),\"\")","v":""},{"$f":"IF(AND($C333=\"S\",ORÇAMENTO.CodBarra<>\"\"),IF(ORÇAMENTO.Fonte=\"\",ORÇAMENTO.CodBarra,CONCATENATE(ORÇAMENTO.Fonte,\" \",ORÇAMENTO.CodBarra)))","v":false},{"$f":"IF(ISERROR(INDIRECT(ORÇAMENTO.BancoRef)),\"(abra o arquivo 'Referência \"&Excel_BuiltIn_Database&\".xls)\",IF(OR($C333<>\"S\",ORÇAMENTO.CodBarra=\"\"),\"(Sem Código)\",IF(ISERROR(MATCH($AE333,INDIRECT(ORÇAMENTO.BancoRef),0)),\"(Código não identificado nas referências)\",MATCH($AE333,INDIRECT(ORÇAMENTO.BancoRef),0))))","v":"(abra o arquivo 'Referência 06-2023.xls)"},{"$f":"ROUND(IF(DESONERACAO=\"sim\",REFERENCIA.Desonerado,REFERENCIA.NaoDesonerado),2)","v":0},0.23530000000000001,null,null,null,null,231464.23,0]
["S",2,"S",0,{"$f":"IF($C334=1,OFFSET(E334,-1,0)+MAX(1,COUNTIF(QCI!$A$13:$A$32,OFFSET(ORÇAMENTO!E334,-1,0))),OFFSET(E334,-1,0))","v":7},5,0,0,1,0,{"$f":"IF(OR($C334=\"S\",$C334=0),0,MATCH(OFFSET($D334,0,$C334)+IF($C334<>1,1,COUNTIF(QCI!$A$13:$A$32,ORÇAMENTO!E334)),OFFSET($D334,1,$C334,ROW($C$850)-ROW($C334)),0))","v":0},"F","Serviço","Serviço","7.5.1.","AMMOC","CM30","EXECUÇÃO DE IMPRIMAÇÃO COM ASFALTO DILUÍDO CM-30","M2",{"$f":"OFFSET(CÁLCULO!H$15,ROW($T334)-ROW(T$15),0)","v":40},7.48,"BDI 1",{"$f":"IF($C334=\"S\",ROUND(IF(TIPOORCAMENTO=\"Proposto\",ORÇAMENTO.CustoUnitario*(1+$AH334),ORÇAMENTO.PrecoUnitarioLicitado),15-13*$AF$10),0)","v":9.24},369.6,"RA","RA",{"$f":"IF($C334=\"S\",IF($Z334=\"CP\",$X334,IF($Z334=\"RA\",(($X334)*QCI!$AA$3),0)),SomaAgrup)","v":369.6},0,{"$f":"IF($N334=\"\",\"\",IF(ORÇAMENTO.Descricao=\"\",\"DESCRIÇÃO\",IF(AND($C334=\"S\",ORÇAMENTO.Unidade=\"\"),\"UNIDADE\",IF($X334<0,\"VALOR NEGATIVO\",IF(OR(AND(TIPOORCAMENTO=\"Proposto\",$AG334<>\"\",$AG334>0,ORÇAMENTO.CustoUnitario>$AG334),AND(TIPOORCAMENTO=\"LICITADO\",ORÇAMENTO.PrecoUnitarioLicitado>$AN334)),\"ACIMA REF.\",\"\")))))","v":""},{"$f":"IF(C334<=CRONO.NivelExibicao,MAX($AD$15:OFFSET(AD334,-1,0))+IF($C334<>1,1,MAX(1,COUNTIF(QCI!$A$13:$A$32,OFFSET($E334,-1,0)))),\"\")","v":""},{"$f":"IF(AND($C334=\"S\",ORÇAMENTO.CodBarra<>\"\"),IF(ORÇAMENTO.Fonte=\"\",ORÇAMENTO.CodBarra,CONCATENATE(ORÇAMENTO.Fonte,\" \",ORÇAMENTO.CodBarra)))","v":"AMMOC CM30"},{"$f":"IF(ISERROR(INDIRECT(ORÇAMENTO.BancoRef)),\"(abra o arquivo 'Referência \"&Excel_BuiltIn_Database&\".xls)\",IF(OR($C334<>\"S\",ORÇAMENTO.CodBarra=\"\"),\"(Sem Código)\",IF(ISERROR(MATCH($AE334,INDIRECT(ORÇAMENTO.BancoRef),0)),\"(Código não identificado nas referências)\",MATCH($AE334,INDIRECT(ORÇAMENTO.BancoRef),0))))","v":"(abra o arquivo 'Referência 06-2023.xls)"},{"$f":"ROUND(IF(DESONERACAO=\"sim\",REFERENCIA.Desonerado,REFERENCIA.NaoDesonerado),2)","v":0},0.23530000000000001,null,{"$f":"AJ324*0.8","v":40},null,null,369.6,9.24]
["S",2,"S",0,{"$f":"IF($C335=1,OFFSET(E335,-1,0)+MAX(1,COUNTIF(QCI!$A$13:$A$32,OFFSET(ORÇAMENTO!E335,-1,0))),OFFSET(E335,-1,0))","v":7},5,0,0,2,0,{"$f":"IF(OR($C335=\"S\",$C335=0),0,MATCH(OFFSET($D335,0,$C335)+IF($C335<>1,1,COUNTIF(QCI!$A$13:$A$32,ORÇAMENTO!E335)),OFFSET($D335,1,$C335,ROW($C$850)-ROW($C335)),0))","v":0},"F","Serviço","Serviço","7.5.2.","SINAPI","102332","TRANSPORTE COM CAMINHÃO TANQUE DE MATERIAL ASFÁLTICO, DMT = 20 KM","TXKM",{"$f":"OFFSET(CÁLCULO!H$15,ROW($T335)-ROW(T$15),0)","v":0.8},1.64,"BDI 1",{"$f":"IF($C335=\"S\",ROUND(IF(TIPOORCAMENTO=\"Proposto\",ORÇAMENTO.CustoUnitario*(1+$AH335),ORÇAMENTO.PrecoUnitarioLicitado),15-13*$AF$10),0)","v":2.0299999999999998},1.62,"RA","RA",{"$f":"IF($C335=\"S\",IF($Z335=\"CP\",$X335,IF($Z335=\"RA\",(($X335)*QCI!$AA$3),0)),SomaAgrup)","v":1.62},0,{"$f":"IF($N335=\"\",\"\",IF(ORÇAMENTO.Descricao=\"\",\"DESCRIÇÃO\",IF(AND($C335=\"S\",ORÇAMENTO.Unidade=\"\"),\"UNIDADE\",IF($X335<0,\"VALOR NEGATIVO\",IF(OR(AND(TIPOORCAMENTO=\"Proposto\",$AG335<>\"\",$AG335>0,ORÇAMENTO.CustoUnitario>$AG335),AND(TIPOORCAMENTO=\"LICITADO\",ORÇAMENTO.PrecoUnitarioLicitado>$AN335)),\"ACIMA REF.\",\"\")))))","v":""},{"$f":"IF(C335<=CRONO.NivelExibicao,MAX($AD$15:OFFSET(AD335,-1,0))+IF($C335<>1,1,MAX(1,COUNTIF(QCI!$A$13:$A$32,OFFSET($E335,-1,0)))),\"\")","v":""},{"$f":"IF(AND($C335=\"S\",ORÇAMENTO.CodBarra<>\"\"),IF(ORÇAMENTO.Fonte=\"\",ORÇAMENTO.CodBarra,CONCATENATE(ORÇAMENTO.Fonte,\" \",ORÇAMENTO.CodBarra)))","v":"SINAPI 102332"},{"$f":"IF(ISERROR(INDIRECT(ORÇAMENTO.BancoRef)),\"(abra o arquivo 'Referência \"&Excel_BuiltIn_Database&\".xls)\",IF(OR($C335<>\"S\",ORÇAMENTO.CodBarra=\"\"),\"(Sem Código)\",IF(ISERROR(MATCH($AE335,INDIRECT(ORÇAMENTO.BancoRef),0)),\"(Código não identificado nas referências)\",MATCH($AE335,INDIRECT(ORÇAMENTO.BancoRef),0))))","v":"(abra o arquivo 'Referência 06-2023.xls)"},{"$f":"ROUND(IF(DESONERACAO=\"sim\",REFERENCIA.Desonerado,REFERENCIA.NaoDesonerado),2)","v":0},0.23530000000000001,null,{"$f":"AJ334*20/1000","v":0.8},null,null,1.62,2.0299999999999998]
["S",2,"S",0,{"$f":"IF($C336=1,OFFSET(E336,-1,0)+MAX(1,COUNTIF(QCI!$A$13:$A$32,OFFSET(ORÇAMENTO!E336,-1,0))),OFFSET(E336,-1,0))","v":7},5,0,0,3,{"$f":"IF(OR($C336=\"S\",$C336=0),0,MATCH(0,OFFSET($D336,1,$C336,ROW($C$850)-ROW($C336)),0))","v":0},{"$f":"IF(OR($C336=\"S\",$C336=0),0,MATCH(OFFSET($D336,0,$C336)+IF($C336<>1,1,COUNTIF(QCI!$A$13:$A$32,ORÇAMENTO!E336)),OFFSET($D336,1,$C336,ROW($C$850)-ROW($C336)),0))","v":0},"F","Serviço","Serviço","7.5.3.","AMMOC","RR-2C","PINTURA DE LIGAÇÃO COM EMULSÃO RR-2C","M2",{"$f":"OFFSET(CÁLCULO!H$15,ROW($T336)-ROW(T$15),0)","v":3623.65},2.54,"BDI 1",{"$f":"IF($C336=\"S\",ROUND(IF(TIPOORCAMENTO=\"Proposto\",ORÇAMENTO.CustoUnitario*(1+$AH336),ORÇAMENTO.PrecoUnitarioLicitado),15-13*$AF$10),0)","v":3.14},11378.26,"RA","RA",{"$f":"IF($C336=\"S\",IF($Z336=\"CP\",$X336,IF($Z336=\"RA\",(($X336)*QCI!$AA$3),0)),SomaAgrup)","v":11378.26},0,{"$f":"IF($N336=\"\",\"\",IF(ORÇAMENTO.Descricao=\"\",\"DESCRIÇÃO\",IF(AND($C336=\"S\",ORÇAMENTO.Unidade=\"\"),\"UNIDADE\",IF($X336<0,\"VALOR NEGATIVO\",IF(OR(AND(TIPOORCAMENTO=\"Proposto\",$AG336<>\"\",$AG336>0,ORÇAMENTO.CustoUnitario>$AG336),AND(TIPOORCAMENTO=\"LICITADO\",ORÇAMENTO.PrecoUnitarioLicitado>$AN336)),\"ACIMA REF.\",\"\")))))","v":""},{"$f":"IF(C336<=CRONO.NivelExibicao,MAX($AD$15:OFFSET(AD336,-1,0))+IF($C336<>1,1,MAX(1,COUNTIF(QCI!$A$13:$A$32,OFFSET($E336,-1,0)))),\"\")","v":""},{"$f":"IF(AND($C336=\"S\",ORÇAMENTO.CodBarra<>\"\"),IF(ORÇAMENTO.Fonte=\"\",ORÇAMENTO.CodBarra,CONCATENATE(ORÇAMENTO.Fonte,\" \",ORÇAMENTO.CodBarra)))","v":"AMMOC RR-2C"},{"$f":"IF(ISERROR(INDIRECT(ORÇAMENTO.BancoRef)),\"(abra o arquivo 'Referência \"&Excel_BuiltIn_Database&\".xls)\",IF(OR($C336<>\"S\",ORÇAMENTO.CodBarra=\"\"),\"(Sem Código)\",IF(ISERROR(MATCH($AE336,INDIRECT(ORÇAMENTO.BancoRef),0)),\"(Código não identificado nas referências)\",MATCH($AE336,INDIRECT(ORÇAMENTO.BancoRef),0))))","v":"(abra o arquivo 'Referência 06-2023.xls)"},{"$f":"ROUND(IF(DESONERACAO=\"sim\",REFERENCIA.Desonerado,REFERENCIA.NaoDesonerado),2)","v":0},0.23530000000000001,null,{"$f":"1762.3+1861.35","v":3623.6499999999996},null,null,11378.26,3.14]
["S",2,"S",0,{"$f":"IF($C337=1,OFFSET(E337,-1,0)+MAX(1,COUNTIF(QCI!$A$13:$A$32,OFFSET(ORÇAMENTO!E337,-1,0))),OFFSET(E337,-1,0))","v":7},5,0,0,4,0,{"$f":"IF(OR($C337=\"S\",$C337=0),0,MATCH(OFFSET($D337,0,$C337)+IF($C337<>1,1,COUNTIF(QCI!$A$13:$A$32,ORÇAMENTO!E337)),OFFSET($D337,1,$C337,ROW($C$850)-ROW($C337)),0))","v":0},"F","Serviço","Serviço","7.5.4.","SINAPI","102332","TRANSPORTE COM CAMINHÃO TANQUE DE MATERIAL ASFÁLTICO, DMT = 20 KM","TXKM",{"$f":"OFFSET(CÁLCULO!H$15,ROW($T337)-ROW(T$15),0)","v":72.47},1.64,"BDI 1",{"$f":"IF($C337=\"S\",ROUND(IF(TIPOORCAMENTO=\"Proposto\",ORÇAMENTO.CustoUnitario*(1+$AH337),ORÇAMENTO.PrecoUnitarioLicitado),15-13*$AF$10),0)","v":2.0299999999999998},147.11000000000001,"RA","RA",{"$f":"IF($C337=\"S\",IF($Z337=\"CP\",$X337,IF($Z337=\"RA\",(($X337)*QCI!$AA$3),0)),SomaAgrup)","v":147.11000000000001},0,{"$f":"IF($N337=\"\",\"\",IF(ORÇAMENTO.Descricao=\"\",\"DESCRIÇÃO\",IF(AND($C337=\"S\",ORÇAMENTO.Unidade=\"\"),\"UNIDADE\",IF($X337<0,\"VALOR NEGATIVO\",IF(OR(AND(TIPOORCAMENTO=\"Proposto\",$AG337<>\"\",$AG337>0,ORÇAMENTO.CustoUnitario>$AG337),AND(TIPOORCAMENTO=\"LICITADO\",ORÇAMENTO.PrecoUnitarioLicitado>$AN337)),\"ACIMA REF.\",\"\")))))","v":""},{"$f":"IF(C337<=CRONO.NivelExibicao,MAX($AD$15:OFFSET(AD337,-1,0))+IF($C337<>1,1,MAX(1,COUNTIF(QCI!$A$13:$A$32,OFFSET($E337,-1,0)))),\"\")","v":""},{"$f":"IF(AND($C337=\"S\",ORÇAMENTO.CodBarra<>\"\"),IF(ORÇAMENTO.Fonte=\"\",ORÇAMENTO.CodBarra,CONCATENATE(ORÇAMENTO.Fonte,\" \",ORÇAMENTO.CodBarra)))","v":"SINAPI 102332"},{"$f":"IF(ISERROR(INDIRECT(ORÇAMENTO.BancoRef)),\"(abra o arquivo 'Referência \"&Excel_BuiltIn_Database&\".xls)\",IF(OR($C337<>\"S\",ORÇAMENTO.CodBarra=\"\"),\"(Sem Código)\",IF(ISERROR(MATCH($AE337,INDIRECT(ORÇAMENTO.BancoRef),0)),\"(Código não identificado nas referências)\",MATCH($AE337,INDIRECT(ORÇAMENTO.BancoRef),0))))","v":"(abra o arquivo 'Referência 06-2023.xls)"},{"$f":"ROUND(IF(DESONERACAO=\"sim\",REFERENCIA.Desonerado,REFERENCIA.NaoDesonerado),2)","v":0},0.23530000000000001,null,{"$f":"AJ336*20/1000","v":72.472999999999999},null,null,147.11000000000001,2.0299999999999998]
["S",2,"S",0,{"$f":"IF($C338=1,OFFSET(E338,-1,0)+MAX(1,COUNTIF(QCI!$A$13:$A$32,OFFSET(ORÇAMENTO!E338,-1,0))),OFFSET(E338,-1,0))","v":7},5,0,0,5,0,{"$f":"IF(OR($C338=\"S\",$C338=0),0,MATCH(OFFSET($D338,0,$C338)+IF($C338<>1,1,COUNTIF(QCI!$A$13:$A$32,ORÇAMENTO!E338)),OFFSET($D338,1,$C338,ROW($C$850)-ROW($C338)),0))","v":0},"F","Serviço","Serviço","7.5.5.","AMMOC","PAVASF","EXECUÇÃO DE PAVIMENTO COM APLICAÇÃO DE CONCRETO ASFÁLTICO, CAMADA DE ROLAMENTO - EXCLUSIVE CARGA E TRANSPORTE. AF_11/2019","M3",{"$f":"OFFSET(CÁLCULO!H$15,ROW($T338)-ROW(T$15),0)","v":143.96},1198.32,"BDI 1",{"$f":"IF($C338=\"S\",ROUND(IF(TIPOORCAMENTO=\"Proposto\",ORÇAMENTO.CustoUnitario*(1+$AH338),ORÇAMENTO.PrecoUnitarioLicitado),15-13*$AF$10),0)","v":1480.28},213101.11,"RA","RA",{"$f":"IF($C338=\"S\",IF($Z338=\"CP\",$X338,IF($Z338=\"RA\",(($X338)*QCI!$AA$3),0)),SomaAgrup)","v":213101.11},0,{"$f":"IF($N338=\"\",\"\",IF(ORÇAMENTO.Descricao=\"\",\"DESCRIÇÃO\",IF(AND($C338=\"S\",ORÇAMENTO.Unidade=\"\"),\"UNIDADE\",IF($X338<0,\"VALOR NEGATIVO\",IF(OR(AND(TIPOORCAMENTO=\"Proposto\",$AG338<>\"\",$AG338>0,ORÇAMENTO.CustoUnitario>$AG338),AND(TIPOORCAMENTO=\"LICITADO\",ORÇAMENTO.PrecoUnitarioLicitado>$AN338)),\"ACIMA REF.\",\"\")))))","v":""},{"$f":"IF(C338<=CRONO.NivelExibicao,MAX($AD$15:OFFSET(AD338,-1,0))+IF($C338<>1,1,MAX(1,COUNTIF(QCI!$A$13:$A$32,OFFSET($E338,-1,0)))),\"\")","v":""},{"$f":"IF(AND($C338=\"S\",ORÇAMENTO.CodBarra<>\"\"),IF(ORÇAMENTO.Fonte=\"\",ORÇAMENTO.CodBarra,CONCATENATE(ORÇAMENTO.Fonte,\" \",ORÇAMENTO.CodBarra)))","v":"AMMOC PAVASF"},{"$f":"IF(ISERROR(INDIRECT(ORÇAMENTO.BancoRef)),\"(abra o arquivo 'Referência \"&Excel_BuiltIn_Database&\".xls)\",IF(OR($C338<>\"S\",ORÇAMENTO.CodBarra=\"\"),\"(Sem Código)\",IF(ISERROR(MATCH($AE338,INDIRECT(ORÇAMENTO.BancoRef),0)),\"(Código não identificado nas referências)\",MATCH($AE338,INDIRECT(ORÇAMENTO.BancoRef),0))))","v":"(abra o arquivo 'Referência 06-2023.xls)"},{"$f":"ROUND(IF(DESONERACAO=\"sim\",REFERENCIA.Desonerado,REFERENCIA.NaoDesonerado),2)","v":0},0.23530000000000001,null,{"$f":"(1861.35*0.03)+(1762.3*0.05)","v":143.9555},null,null,213101.11,1480.28]
["S",2,"S",0,{"$f":"IF($C339=1,OFFSET(E339,-1,0)+MAX(1,COUNTIF(QCI!$A$13:$A$32,OFFSET(ORÇAMENTO!E339,-1,0))),OFFSET(E339,-1,0))","v":7},5,0,0,6,0,{"$f":"IF(OR($C339=\"S\",$C339=0),0,MATCH(OFFSET($D339,0,$C339)+IF($C339<>1,1,COUNTIF(QCI!$A$13:$A$32,ORÇAMENTO!E339)),OFFSET($D339,1,$C339,ROW($C$850)-ROW($C339)),0))","v":0},"F","Serviço","Serviço","7.5.6.","SINAPI","100986","CARGA DE MISTURA ASFÁLTICA EM CAMINHÃO BASCULANTE","M3",{"$f":"OFFSET(CÁLCULO!H$15,ROW($T339)-ROW(T$15),0)","v":143.96},8.19,"BDI 1",{"$f":"IF($C339=\"S\",ROUND(IF(TIPOORCAMENTO=\"Proposto\",ORÇAMENTO.CustoUnitario*(1+$AH339),ORÇAMENTO.PrecoUnitarioLicitado),15-13*$AF$10),0)","v":10.119999999999999},1456.88,"RA","RA",{"$f":"IF($C339=\"S\",IF($Z339=\"CP\",$X339,IF($Z339=\"RA\",(($X339)*QCI!$AA$3),0)),SomaAgrup)","v":1456.88},0,{"$f":"IF($N339=\"\",\"\",IF(ORÇAMENTO.Descricao=\"\",\"DESCRIÇÃO\",IF(AND($C339=\"S\",ORÇAMENTO.Unidade=\"\"),\"UNIDADE\",IF($X339<0,\"VALOR NEGATIVO\",IF(OR(AND(TIPOORCAMENTO=\"Proposto\",$AG339<>\"\",$AG339>0,ORÇAMENTO.CustoUnitario>$AG339),AND(TIPOORCAMENTO=\"LICITADO\",ORÇAMENTO.PrecoUnitarioLicitado>$AN339)),\"ACIMA REF.\",\"\")))))","v":""},{"$f":"IF(C339<=CRONO.NivelExibicao,MAX($AD$15:OFFSET(AD339,-1,0))+IF($C339<>1,1,MAX(1,COUNTIF(QCI!$A$13:$A$32,OFFSET($E339,-1,0)))),\"\")","v":""},{"$f":"IF(AND($C339=\"S\",ORÇAMENTO.CodBarra<>\"\"),IF(ORÇAMENTO.Fonte=\"\",ORÇAMENTO.CodBarra,CONCATENATE(ORÇAMENTO.Fonte,\" \",ORÇAMENTO.CodBarra)))","v":"SINAPI 100986"},{"$f":"IF(ISERROR(INDIRECT(ORÇAMENTO.BancoRef)),\"(abra o arquivo 'Referência \"&Excel_BuiltIn_Database&\".xls)\",IF(OR($C339<>\"S\",ORÇAMENTO.CodBarra=\"\"),\"(Sem Código)\",IF(ISERROR(MATCH($AE339,INDIRECT(ORÇAMENTO.BancoRef),0)),\"(Código não identificado nas referências)\",MATCH($AE339,INDIRECT(ORÇAMENTO.BancoRef),0))))","v":"(abra o arquivo 'Referência 06-2023.xls)"},{"$f":"ROUND(IF(DESONERACAO=\"sim\",REFERENCIA.Desonerado,REFERENCIA.NaoDesonerado),2)","v":0},0.23530000000000001,null,{"$f":"AJ338","v":143.9555},null,null,1456.88,10.119999999999999]
["S",2,"S",0,{"$f":"IF($C340=1,OFFSET(E340,-1,0)+MAX(1,COUNTIF(QCI!$A$13:$A$32,OFFSET(ORÇAMENTO!E340,-1,0))),OFFSET(E340,-1,0))","v":7},5,0,0,7,0,{"$f":"IF(OR($C340=\"S\",$C340=0),0,MATCH(OFFSET($D340,0,$C340)+IF($C340<>1,1,COUNTIF(QCI!$A$13:$A$32,ORÇAMENTO!E340)),OFFSET($D340,1,$C340,ROW($C$850)-ROW($C340)),0))","v":0},"F","Serviço","Serviço","7.5.7.","SINAPI","95303","TRANSPORTE COM CAMINHÃO BASCULANTE DE MASSA ASFALTICA PARA PAVIMENTAÇÃO URBANA, DMT = 20 KM","M3XKM",{"$f":"OFFSET(CÁLCULO!H$15,ROW($T340)-ROW(T$15),0)","v":2879.11},1.41,"BDI 1",{"$f":"IF($C340=\"S\",ROUND(IF(TIPOORCAMENTO=\"Proposto\",ORÇAMENTO.CustoUnitario*(1+$AH340),ORÇAMENTO.PrecoUnitarioLicitado),15-13*$AF$10),0)","v":1.74},5009.6499999999996,"RA","RA",{"$f":"IF($C340=\"S\",IF($Z340=\"CP\",$X340,IF($Z340=\"RA\",(($X340)*QCI!$AA$3),0)),SomaAgrup)","v":5009.6499999999996},0,{"$f":"IF($N340=\"\",\"\",IF(ORÇAMENTO.Descricao=\"\",\"DESCRIÇÃO\",IF(AND($C340=\"S\",ORÇAMENTO.Unidade=\"\"),\"UNIDADE\",IF($X340<0,\"VALOR NEGATIVO\",IF(OR(AND(TIPOORCAMENTO=\"Proposto\",$AG340<>\"\",$AG340>0,ORÇAMENTO.CustoUnitario>$AG340),AND(TIPOORCAMENTO=\"LICITADO\",ORÇAMENTO.PrecoUnitarioLicitado>$AN340)),\"ACIMA REF.\",\"\")))))","v":""},{"$f":"IF(C340<=CRONO.NivelExibicao,MAX($AD$15:OFFSET(AD340,-1,0))+IF($C340<>1,1,MAX(1,COUNTIF(QCI!$A$13:$A$32,OFFSET($E340,-1,0)))),\"\")","v":""},{"$f":"IF(AND($C340=\"S\",ORÇAMENTO.CodBarra<>\"\"),IF(ORÇAMENTO.Fonte=\"\",ORÇAMENTO.CodBarra,CONCATENATE(ORÇAMENTO.Fonte,\" \",ORÇAMENTO.CodBarra)))","v":"SINAPI 95303"},{"$f":"IF(ISERROR(INDIRECT(ORÇAMENTO.BancoRef)),\"(abra o arquivo 'Referência \"&Excel_BuiltIn_Database&\".xls)\",IF(OR($C340<>\"S\",ORÇAMENTO.CodBarra=\"\"),\"(Sem Código)\",IF(ISERROR(MATCH($AE340,INDIRECT(ORÇAMENTO.BancoRef),0)),\"(Código não identificado nas referências)\",MATCH($AE340,INDIRECT(ORÇAMENTO.BancoRef),0))))","v":"(abra o arquivo 'Referência 06-2023.xls)"},{"$f":"ROUND(IF(DESONERACAO=\"sim\",REFERENCIA.Desonerado,REFERENCIA.NaoDesonerado),2)","v":0},0.23530000000000001,null,{"$f":"AJ339*20","v":2879.11},null,null,5009.6499999999996,1.74]
[2,2,2,5,{"$f":"IF($C341=1,OFFSET(E341,-1,0)+MAX(1,COUNTIF(QCI!$A$13:$A$32,OFFSET(ORÇAMENTO!E341,-1,0))),OFFSET(E341,-1,0))","v":7},6,0,0,0,5,{"$f":"IF(OR($C341=\"S\",$C341=0),0,MATCH(OFFSET($D341,0,$C341)+IF($C341<>1,1,COUNTIF(QCI!$A$13:$A$32,ORÇAMENTO!E341)),OFFSET($D341,1,$C341,ROW($C$850)-ROW($C341)),0))","v":37},"F","Nível 2","Nível 2","7.6.","SINAPI",null,"SINALIZAÇÃO","-",{"$f":"OFFSET(CÁLCULO!H$15,ROW($T341)-ROW(T$15),0)","v":0},0,"BDI 1",{"$f":"IF($C341=\"S\",ROUND(IF(TIPOORCAMENTO=\"Proposto\",ORÇAMENTO.CustoUnitario*(1+$AH341),ORÇAMENTO.PrecoUnitarioLicitado),15-13*$AF$10),0)","v":0},3001.27,"RA","",{"$f":"IF($C341=\"S\",IF($Z341=\"CP\",$X341,IF($Z341=\"RA\",(($X341)*QCI!$AA$3),0)),SomaAgrup)","v":3001.27},0,{"$f":"IF($N341=\"\",\"\",IF(ORÇAMENTO.Descricao=\"\",\"DESCRIÇÃO\",IF(AND($C341=\"S\",ORÇAMENTO.Unidade=\"\"),\"UNIDADE\",IF($X341<0,\"VALOR NEGATIVO\",IF(OR(AND(TIPOORCAMENTO=\"Proposto\",$AG341<>\"\",$AG341>0,ORÇAMENTO.CustoUnitario>$AG341),AND(TIPOORCAMENTO=\"LICITADO\",ORÇAMENTO.PrecoUnitarioLicitado>$AN341)),\"ACIMA REF.\",\"\")))))","v":""},{"$f":"IF(C341<=CRONO.NivelExibicao,MAX($AD$15:OFFSET(AD341,-1,0))+IF($C341<>1,1,MAX(1,COUNTIF(QCI!$A$13:$A$32,OFFSET($E341,-1,0)))),\"\")","v":""},{"$f":"IF(AND($C341=\"S\",ORÇAMENTO.CodBarra<>\"\"),IF(ORÇAMENTO.Fonte=\"\",ORÇAMENTO.CodBarra,CONCATENATE(ORÇAMENTO.Fonte,\" \",ORÇAMENTO.CodBarra)))","v":false},{"$f":"IF(ISERROR(INDIRECT(ORÇAMENTO.BancoRef)),\"(abra o arquivo 'Referência \"&Excel_BuiltIn_Database&\".xls)\",IF(OR($C341<>\"S\",ORÇAMENTO.CodBarra=\"\"),\"(Sem Código)\",IF(ISERROR(MATCH($AE341,INDIRECT(ORÇAMENTO.BancoRef),0)),\"(Código não identificado nas referências)\",MATCH($AE341,INDIRECT(ORÇAMENTO.BancoRef),0))))","v":"(abra o arquivo 'Referência 06-2023.xls)"},{"$f":"ROUND(IF(DESONERACAO=\"sim\",REFERENCIA.Desonerado,REFERENCIA.NaoDesonerado),2)","v":0},0.23530000000000001,null,null,null,null,3001.27,0]
["S",2,"S",0,{"$f":"IF($C342=1,OFFSET(E342,-1,0)+MAX(1,COUNTIF(QCI!$A$13:$A$32,OFFSET(ORÇAMENTO!E342,-1,0))),OFFSET(E342,-1,0))","v":7},6,0,0,1,0,{"$f":"IF(OR($C342=\"S\",$C342=0),0,MATCH(OFFSET($D342,0,$C342)+IF($C342<>1,1,COUNTIF(QCI!$A$13:$A$32,ORÇAMENTO!E342)),OFFSET($D342,1,$C342,ROW($C$850)-ROW($C342)),0))","v":0},"F","Serviço","Serviço","7.6.1.","SINAPI","72947","SINALIZACAO HORIZONTAL COM TINTA RETRORREFLETIVA A BASE DE RESINA ACRILICA COM MICROESFERAS DE VIDRO - LINHA CONTÍNUA AMARELA","M2",{"$f":"OFFSET(CÁLCULO!H$15,ROW($T342)-ROW(T$15),0)","v":22.5},17.059999999999999,"BDI 1",{"$f":"IF($C342=\"S\",ROUND(IF(TIPOORCAMENTO=\"Proposto\",ORÇAMENTO.CustoUnitario*(1+$AH342),ORÇAMENTO.PrecoUnitarioLicitado),15-13*$AF$10),0)","v":21.07},474.08,"RA","RA",{"$f":"IF($C342=\"S\",IF($Z342=\"CP\",$X342,IF($Z342=\"RA\",(($X342)*QCI!$AA$3),0)),SomaAgrup)","v":474.08},0,{"$f":"IF($N342=\"\",\"\",IF(ORÇAMENTO.Descricao=\"\",\"DESCRIÇÃO\",IF(AND($C342=\"S\",ORÇAMENTO.Unidade=\"\"),\"UNIDADE\",IF($X342<0,\"VALOR NEGATIVO\",IF(OR(AND(TIPOORCAMENTO=\"Proposto\",$AG342<>\"\",$AG342>0,ORÇAMENTO.CustoUnitario>$AG342),AND(TIPOORCAMENTO=\"LICITADO\",ORÇAMENTO.PrecoUnitarioLicitado>$AN342)),\"ACIMA REF.\",\"\")))))","v":""},{"$f":"IF(C342<=CRONO.NivelExibicao,MAX($AD$15:OFFSET(AD342,-1,0))+IF($C342<>1,1,MAX(1,COUNTIF(QCI!$A$13:$A$32,OFFSET($E342,-1,0)))),\"\")","v":""},{"$f":"IF(AND($C342=\"S\",ORÇAMENTO.CodBarra<>\"\"),IF(ORÇAMENTO.Fonte=\"\",ORÇAMENTO.CodBarra,CONCATENATE(ORÇAMENTO.Fonte,\" \",ORÇAMENTO.CodBarra)))","v":"SINAPI 72947"},{"$f":"IF(ISERROR(INDIRECT(ORÇAMENTO.BancoRef)),\"(abra o arquivo 'Referência \"&Excel_BuiltIn_Database&\".xls)\",IF(OR($C342<>\"S\",ORÇAMENTO.CodBarra=\"\"),\"(Sem Código)\",IF(ISERROR(MATCH($AE342,INDIRECT(ORÇAMENTO.BancoRef),0)),\"(Código não identificado nas referências)\",MATCH($AE342,INDIRECT(ORÇAMENTO.BancoRef),0))))","v":"(abra o arquivo 'Referência 06-2023.xls)"},{"$f":"ROUND(IF(DESONERACAO=\"sim\",REFERENCIA.Desonerado,REFERENCIA.NaoDesonerado),2)","v":0},0.23530000000000001,null,22.5,null,null,474.08,21.07]
["S",2,"S",0,{"$f":"IF($C343=1,OFFSET(E343,-1,0)+MAX(1,COUNTIF(QCI!$A$13:$A$32,OFFSET(ORÇAMENTO!E343,-1,0))),OFFSET(E343,-1,0))","v":7},6,0,0,2,0,{"$f":"IF(OR($C343=\"S\",$C343=0),0,MATCH(OFFSET($D343,0,$C343)+IF($C343<>1,1,COUNTIF(QCI!$A$13:$A$32,ORÇAMENTO!E343)),OFFSET($D343,1,$C343,ROW($C$850)-ROW($C343)),0))","v":0},"F","Serviço","Serviço","7.6.2.","SINAPI","72947","SINALIZACAO HORIZONTAL COM TINTA RETRORREFLETIVA A BASE DE RESINA ACRILICA COM MICROESFERAS DE VIDRO - LINHA CONTÍNUA BRANCA","M2",{"$f":"OFFSET(CÁLCULO!H$15,ROW($T343)-ROW(T$15),0)","v":50.2},17.059999999999999,"BDI 1",{"$f":"IF($C343=\"S\",ROUND(IF(TIPOORCAMENTO=\"Proposto\",ORÇAMENTO.CustoUnitario*(1+$AH343),ORÇAMENTO.PrecoUnitarioLicitado),15-13*$AF$10),0)","v":21.07},1057.71,"RA","RA",{"$f":"IF($C343=\"S\",IF($Z343=\"CP\",$X343,IF($Z343=\"RA\",(($X343)*QCI!$AA$3),0)),SomaAgrup)","v":1057.71},0,{"$f":"IF($N343=\"\",\"\",IF(ORÇAMENTO.Descricao=\"\",\"DESCRIÇÃO\",IF(AND($C343=\"S\",ORÇAMENTO.Unidade=\"\"),\"UNIDADE\",IF($X343<0,\"VALOR NEGATIVO\",IF(OR(AND(TIPOORCAMENTO=\"Proposto\",$AG343<>\"\",$AG343>0,ORÇAMENTO.CustoUnitario>$AG343),AND(TIPOORCAMENTO=\"LICITADO\",ORÇAMENTO.PrecoUnitarioLicitado>$AN343)),\"ACIMA REF.\",\"\")))))","v":""},{"$f":"IF(C343<=CRONO.NivelExibicao,MAX($AD$15:OFFSET(AD343,-1,0))+IF($C343<>1,1,MAX(1,COUNTIF(QCI!$A$13:$A$32,OFFSET($E343,-1,0)))),\"\")","v":""},{"$f":"IF(AND($C343=\"S\",ORÇAMENTO.CodBarra<>\"\"),IF(ORÇAMENTO.Fonte=\"\",ORÇAMENTO.CodBarra,CONCATENATE(ORÇAMENTO.Fonte,\" \",ORÇAMENTO.CodBarra)))","v":"SINAPI 72947"},{"$f":"IF(ISERROR(INDIRECT(ORÇAMENTO.BancoRef)),\"(abra o arquivo 'Referência \"&Excel_BuiltIn_Database&\".xls)\",IF(OR($C343<>\"S\",ORÇAMENTO.CodBarra=\"\"),\"(Sem Código)\",IF(ISERROR(MATCH($AE343,INDIRECT(ORÇAMENTO.BancoRef),0)),\"(Código não identificado nas referências)\",MATCH($AE343,INDIRECT(ORÇAMENTO.BancoRef),0))))","v":"(abra o arquivo 'Referência 06-2023.xls)"},{"$f":"ROUND(IF(DESONERACAO=\"sim\",REFERENCIA.Desonerado,REFERENCIA.NaoDesonerado),2)","v":0},0.23530000000000001,null,50.2,null,null,1057.71,21.07]
["S",2,"S",0,{"$f":"IF($C344=1,OFFSET(E344,-1,0)+MAX(1,COUNTIF(QCI!$A$13:$A$32,OFFSET(ORÇAMENTO!E344,-1,0))),OFFSET(E344,-1,0))","v":7},6,0,0,3,0,{"$f":"IF(OR($C344=\"S\",$C344=0),0,MATCH(OFFSET($D344,0,$C344)+IF($C344<>1,1,COUNTIF(QCI!$A$13:$A$32,ORÇAMENTO!E344)),OFFSET($D344,1,$C344,ROW($C$850)-ROW($C344)),0))","v":0},"F","Serviço","Serviço","7.6.3.","AMMOC",340,"PLACA DE SINALIZAÇÃO VIARIA CIRCULAR D = 50 CM, COM SUPORTE DE ACO GALVANIZADO D = 50 MM E ALTURA = 3M INCLUSIVE BASE DE CONCRETO MAGRO","UN",{"$f":"OFFSET(CÁLCULO!H$15,ROW($T344)-ROW(T$15),0)","v":2},365.01,"BDI 1",{"$f":"IF($C344=\"S\",ROUND(IF(TIPOORCAMENTO=\"Proposto\",ORÇAMENTO.CustoUnitario*(1+$AH344),ORÇAMENTO.PrecoUnitarioLicitado),15-13*$AF$10),0)","v":450.9},901.8,"RA","RA",{"$f":"IF($C344=\"S\",IF($Z344=\"CP\",$X344,IF($Z344=\"RA\",(($X344)*QCI!$AA$3),0)),SomaAgrup)","v":901.8},0,{"$f":"IF($N344=\"\",\"\",IF(ORÇAMENTO.Descricao=\"\",\"DESCRIÇÃO\",IF(AND($C344=\"S\",ORÇAMENTO.Unidade=\"\"),\"UNIDADE\",IF($X344<0,\"VALOR NEGATIVO\",IF(OR(AND(TIPOORCAMENTO=\"Proposto\",$AG344<>\"\",$AG344>0,ORÇAMENTO.CustoUnitario>$AG344),AND(TIPOORCAMENTO=\"LICITADO\",ORÇAMENTO.PrecoUnitarioLicitado>$AN344)),\"ACIMA REF.\",\"\")))))","v":""},{"$f":"IF(C344<=CRONO.NivelExibicao,MAX($AD$15:OFFSET(AD344,-1,0))+IF($C344<>1,1,MAX(1,COUNTIF(QCI!$A$13:$A$32,OFFSET($E344,-1,0)))),\"\")","v":""},{"$f":"IF(AND($C344=\"S\",ORÇAMENTO.CodBarra<>\"\"),IF(ORÇAMENTO.Fonte=\"\",ORÇAMENTO.CodBarra,CONCATENATE(ORÇAMENTO.Fonte,\" \",ORÇAMENTO.CodBarra)))","v":"AMMOC 340"},{"$f":"IF(ISERROR(INDIRECT(ORÇAMENTO.BancoRef)),\"(abra o arquivo 'Referência \"&Excel_BuiltIn_Database&\".xls)\",IF(OR($C344<>\"S\",ORÇAMENTO.CodBarra=\"\"),\"(Sem Código)\",IF(ISERROR(MATCH($AE344,INDIRECT(ORÇAMENTO.BancoRef),0)),\"(Código não identificado nas referências)\",MATCH($AE344,INDIRECT(ORÇAMENTO.BancoRef),0))))","v":"(abra o arquivo 'Referência 06-2023.xls)"},{"$f":"ROUND(IF(DESONERACAO=\"sim\",REFERENCIA.Desonerado,REFERENCIA.NaoDesonerado),2)","v":0},0.23530000000000001,null,2,null,null,901.8,450.9]
["S",2,"S",0,{"$f":"IF($C345=1,OFFSET(E345,-1,0)+MAX(1,COUNTIF(QCI!$A$13:$A$32,OFFSET(ORÇAMENTO!E345,-1,0))),OFFSET(E345,-1,0))","v":7},6,0,0,4,0,{"$f":"IF(OR($C345=\"S\",$C345=0),0,MATCH(OFFSET($D345,0,$C345)+IF($C345<>1,1,COUNTIF(QCI!$A$13:$A$32,ORÇAMENTO!E345)),OFFSET($D345,1,$C345,ROW($C$850)-ROW($C345)),0))","v":0},"F","Serviço","Serviço","7.6.4.","AMMOC",337,"PLACA DE SINALIZACAO VIARIA QUADRADA L = 60 CM, COM SUPORTE DE ACO GALVANIZADO D = 50 MM E ALTURA = 3 M, INCLUSIVE BASE DE CONCRETO MAGRO","UN ",{"$f":"OFFSET(CÁLCULO!H$15,ROW($T345)-ROW(T$15),0)","v":1},459.55,"BDI 1",{"$f":"IF($C345=\"S\",ROUND(IF(TIPOORCAMENTO=\"Proposto\",ORÇAMENTO.CustoUnitario*(1+$AH345),ORÇAMENTO.PrecoUnitarioLicitado),15-13*$AF$10),0)","v":567.67999999999995},567.67999999999995,"RA","RA",{"$f":"IF($C345=\"S\",IF($Z345=\"CP\",$X345,IF($Z345=\"RA\",(($X345)*QCI!$AA$3),0)),SomaAgrup)","v":567.67999999999995},0,{"$f":"IF($N345=\"\",\"\",IF(ORÇAMENTO.Descricao=\"\",\"DESCRIÇÃO\",IF(AND($C345=\"S\",ORÇAMENTO.Unidade=\"\"),\"UNIDADE\",IF($X345<0,\"VALOR NEGATIVO\",IF(OR(AND(TIPOORCAMENTO=\"Proposto\",$AG345<>\"\",$AG345>0,ORÇAMENTO.CustoUnitario>$AG345),AND(TIPOORCAMENTO=\"LICITADO\",ORÇAMENTO.PrecoUnitarioLicitado>$AN345)),\"ACIMA REF.\",\"\")))))","v":""},{"$f":"IF(C345<=CRONO.NivelExibicao,MAX($AD$15:OFFSET(AD345,-1,0))+IF($C345<>1,1,MAX(1,COUNTIF(QCI!$A$13:$A$32,OFFSET($E345,-1,0)))),\"\")","v":""},{"$f":"IF(AND($C345=\"S\",ORÇAMENTO.CodBarra<>\"\"),IF(ORÇAMENTO.Fonte=\"\",ORÇAMENTO.CodBarra,CONCATENATE(ORÇAMENTO.Fonte,\" \",ORÇAMENTO.CodBarra)))","v":"AMMOC 337"},{"$f":"IF(ISERROR(INDIRECT(ORÇAMENTO.BancoRef)),\"(abra o arquivo 'Referência \"&Excel_BuiltIn_Database&\".xls)\",IF(OR($C345<>\"S\",ORÇAMENTO.CodBarra=\"\"),\"(Sem Código)\",IF(ISERROR(MATCH($AE345,INDIRECT(ORÇAMENTO.BancoRef),0)),\"(Código não identificado nas referências)\",MATCH($AE345,INDIRECT(ORÇAMENTO.BancoRef),0))))","v":"(abra o arquivo 'Referência 06-2023.xls)"},{"$f":"ROUND(IF(DESONERACAO=\"sim\",REFERENCIA.Desonerado,REFERENCIA.NaoDesonerado),2)","v":0},0.23530000000000001,null,1,null,null,567.67999999999995,567.67999999999995]
[1,1,1,37,{"$f":"IF($C346=1,OFFSET(E346,-1,0)+MAX(1,COUNTIF(QCI!$A$13:$A$32,OFFSET(ORÇAMENTO!E346,-1,0))),OFFSET(E346,-1,0))","v":8},0,0,0,0,504,{"$f":"IF(OR($C346=\"S\",$C346=0),0,MATCH(OFFSET($D346,0,$C346)+IF($C346<>1,1,COUNTIF(QCI!$A$13:$A$32,ORÇAMENTO!E346)),OFFSET($D346,1,$C346,ROW($C$850)-ROW($C346)),0))","v":37},"F","Meta","Meta","8.","SINAPI",null,"RUA PRESIDENTE GETÚLIO","-",{"$f":"OFFSET(CÁLCULO!H$15,ROW($T346)-ROW(T$15),0)","v":0},0,"BDI 1",{"$f":"IF($C346=\"S\",ROUND(IF(TIPOORCAMENTO=\"Proposto\",ORÇAMENTO.CustoUnitario*(1+$AH346),ORÇAMENTO.PrecoUnitarioLicitado),15-13*$AF$10),0)","v":0},303764.3,"RA","",{"$f":"IF($C346=\"S\",IF($Z346=\"CP\",$X346,IF($Z346=\"RA\",(($X346)*QCI!$AA$3),0)),SomaAgrup)","v":303764.3},0,{"$f":"IF($N346=\"\",\"\",IF(ORÇAMENTO.Descricao=\"\",\"DESCRIÇÃO\",IF(AND($C346=\"S\",ORÇAMENTO.Unidade=\"\"),\"UNIDADE\",IF($X346<0,\"VALOR NEGATIVO\",IF(OR(AND(TIPOORCAMENTO=\"Proposto\",$AG346<>\"\",$AG346>0,ORÇAMENTO.CustoUnitario>$AG346),AND(TIPOORCAMENTO=\"LICITADO\",ORÇAMENTO.PrecoUnitarioLicitado>$AN346)),\"ACIMA REF.\",\"\")))))","v":""},{"$f":"IF(C346<=CRONO.NivelExibicao,MAX($AD$15:OFFSET(AD346,-1,0))+IF($C346<>1,1,MAX(1,COUNTIF(QCI!$A$13:$A$32,OFFSET($E346,-1,0)))),\"\")","v":8},{"$f":"IF(AND($C346=\"S\",ORÇAMENTO.CodBarra<>\"\"),IF(ORÇAMENTO.Fonte=\"\",ORÇAMENTO.CodBarra,CONCATENATE(ORÇAMENTO.Fonte,\" \",ORÇAMENTO.CodBarra)))","v":false},{"$f":"IF(ISERROR(INDIRECT(ORÇAMENTO.BancoRef)),\"(abra o arquivo 'Referência \"&Excel_BuiltIn_Database&\".xls)\",IF(OR($C346<>\"S\",ORÇAMENTO.CodBarra=\"\"),\"(Sem Código)\",IF(ISERROR(MATCH($AE346,INDIRECT(ORÇAMENTO.BancoRef),0)),\"(Código não identificado nas referências)\",MATCH($AE346,INDIRECT(ORÇAMENTO.BancoRef),0))))","v":"(abra o arquivo 'Referência 06-2023.xls)"},{"$f":"ROUND(IF(DESONERACAO=\"sim\",REFERENCIA.Desonerado,REFERENCIA.NaoDesonerado),2)","v":0},0.23530000000000001,null,null,null,null,303764.3,0]
[2,2,2,2,{"$f":"IF($C347=1,OFFSET(E347,-1,0)+MAX(1,COUNTIF(QCI!$A$13:$A$32,OFFSET(ORÇAMENTO!E347,-1,0))),OFFSET(E347,-1,0))","v":8},1,0,0,0,36,{"$f":"IF(OR($C347=\"S\",$C347=0),0,MATCH(OFFSET($D347,0,$C347)+IF($C347<>1,1,COUNTIF(QCI!$A$13:$A$32,ORÇAMENTO!E347)),OFFSET($D347,1,$C347,ROW($C$850)-ROW($C347)),0))","v":2},"F","Nível 2","Nível 2","8.1.","SINAPI",null,"SERVIÇOS INICIAIS","-",{"$f":"OFFSET(CÁLCULO!H$15,ROW($T347)-ROW(T$15),0)","v":0},0,"BDI 1",{"$f":"IF($C347=\"S\",ROUND(IF(TIPOORCAMENTO=\"Proposto\",ORÇAMENTO.CustoUnitario*(1+$AH347),ORÇAMENTO.PrecoUnitarioLicitado),15-13*$AF$10),0)","v":0},136.34,"RA","",{"$f":"IF($C347=\"S\",IF($Z347=\"CP\",$X347,IF($Z347=\"RA\",(($X347)*QCI!$AA$3),0)),SomaAgrup)","v":136.34},0,{"$f":"IF($N347=\"\",\"\",IF(ORÇAMENTO.Descricao=\"\",\"DESCRIÇÃO\",IF(AND($C347=\"S\",ORÇAMENTO.Unidade=\"\"),\"UNIDADE\",IF($X347<0,\"VALOR NEGATIVO\",IF(OR(AND(TIPOORCAMENTO=\"Proposto\",$AG347<>\"\",$AG347>0,ORÇAMENTO.CustoUnitario>$AG347),AND(TIPOORCAMENTO=\"LICITADO\",ORÇAMENTO.PrecoUnitarioLicitado>$AN347)),\"ACIMA REF.\",\"\")))))","v":""},{"$f":"IF(C347<=CRONO.NivelExibicao,MAX($AD$15:OFFSET(AD347,-1,0))+IF($C347<>1,1,MAX(1,COUNTIF(QCI!$A$13:$A$32,OFFSET($E347,-1,0)))),\"\")","v":""},{"$f":"IF(AND($C347=\"S\",ORÇAMENTO.CodBarra<>\"\"),IF(ORÇAMENTO.Fonte=\"\",ORÇAMENTO.CodBarra,CONCATENATE(ORÇAMENTO.Fonte,\" \",ORÇAMENTO.CodBarra)))","v":false},{"$f":"IF(ISERROR(INDIRECT(ORÇAMENTO.BancoRef)),\"(abra o arquivo 'Referência \"&Excel_BuiltIn_Database&\".xls)\",IF(OR($C347<>\"S\",ORÇAMENTO.CodBarra=\"\"),\"(Sem Código)\",IF(ISERROR(MATCH($AE347,INDIRECT(ORÇAMENTO.BancoRef),0)),\"(Código não identificado nas referências)\",MATCH($AE347,INDIRECT(ORÇAMENTO.BancoRef),0))))","v":"(abra o arquivo 'Referência 06-2023.xls)"},{"$f":"ROUND(IF(DESONERACAO=\"sim\",REFERENCIA.Desonerado,REFERENCIA.NaoDesonerado),2)","v":0},0.23530000000000001,null,null,null,null,136.34,0]
["S",2,"S",0,{"$f":"IF($C348=1,OFFSET(E348,-1,0)+MAX(1,COUNTIF(QCI!$A$13:$A$32,OFFSET(ORÇAMENTO!E348,-1,0))),OFFSET(E348,-1,0))","v":8},1,0,0,1,0,{"$f":"IF(OR($C348=\"S\",$C348=0),0,MATCH(OFFSET($D348,0,$C348)+IF($C348<>1,1,COUNTIF(QCI!$A$13:$A$32,ORÇAMENTO!E348)),OFFSET($D348,1,$C348,ROW($C$850)-ROW($C348)),0))","v":0},"F","Serviço","Serviço","8.1.1.","SINAPI","99064","LOCAÇÃO DE PAVIMENTAÇÃO","M",{"$f":"OFFSET(CÁLCULO!H$15,ROW($T348)-ROW(T$15),0)","v":231.08},0.48,"BDI 1",{"$f":"IF($C348=\"S\",ROUND(IF(TIPOORCAMENTO=\"Proposto\",ORÇAMENTO.CustoUnitario*(1+$AH348),ORÇAMENTO.PrecoUnitarioLicitado),15-13*$AF$10),0)","v":0.59},136.34,"RA","RA",{"$f":"IF($C348=\"S\",IF($Z348=\"CP\",$X348,IF($Z348=\"RA\",(($X348)*QCI!$AA$3),0)),SomaAgrup)","v":136.34},0,{"$f":"IF($N348=\"\",\"\",IF(ORÇAMENTO.Descricao=\"\",\"DESCRIÇÃO\",IF(AND($C348=\"S\",ORÇAMENTO.Unidade=\"\"),\"UNIDADE\",IF($X348<0,\"VALOR NEGATIVO\",IF(OR(AND(TIPOORCAMENTO=\"Proposto\",$AG348<>\"\",$AG348>0,ORÇAMENTO.CustoUnitario>$AG348),AND(TIPOORCAMENTO=\"LICITADO\",ORÇAMENTO.PrecoUnitarioLicitado>$AN348)),\"ACIMA REF.\",\"\")))))","v":""},{"$f":"IF(C348<=CRONO.NivelExibicao,MAX($AD$15:OFFSET(AD348,-1,0))+IF($C348<>1,1,MAX(1,COUNTIF(QCI!$A$13:$A$32,OFFSET($E348,-1,0)))),\"\")","v":""},{"$f":"IF(AND($C348=\"S\",ORÇAMENTO.CodBarra<>\"\"),IF(ORÇAMENTO.Fonte=\"\",ORÇAMENTO.CodBarra,CONCATENATE(ORÇAMENTO.Fonte,\" \",ORÇAMENTO.CodBarra)))","v":"SINAPI 99064"},{"$f":"IF(ISERROR(INDIRECT(ORÇAMENTO.BancoRef)),\"(abra o arquivo 'Referência \"&Excel_BuiltIn_Database&\".xls)\",IF(OR($C348<>\"S\",ORÇAMENTO.CodBarra=\"\"),\"(Sem Código)\",IF(ISERROR(MATCH($AE348,INDIRECT(ORÇAMENTO.BancoRef),0)),\"(Código não identificado nas referências)\",MATCH($AE348,INDIRECT(ORÇAMENTO.BancoRef),0))))","v":"(abra o arquivo 'Referência 06-2023.xls)"},{"$f":"ROUND(IF(DESONERACAO=\"sim\",REFERENCIA.Desonerado,REFERENCIA.NaoDesonerado),2)","v":0},0.23530000000000001,null,231.08,null,null,136.34,0.59]
[{"$f":"CHOOSE(1+LOG(1+2*(ORÇAMENTO.Nivel=\"Meta\")+4*(ORÇAMENTO.Nivel=\"Nível 2\")+8*(ORÇAMENTO.Nivel=\"Nível 3\")+16*(ORÇAMENTO.Nivel=\"Nível 4\")+32*(ORÇAMENTO.Nivel=\"Serviço\"),2),0,1,2,3,4,\"S\")","v":2},2,2,7,{"$f":"IF($C349=1,OFFSET(E349,-1,0)+MAX(1,COUNTIF(QCI!$A$13:$A$32,OFFSET(ORÇAMENTO!E349,-1,0))),OFFSET(E349,-1,0))","v":8},2,0,0,0,34,{"$f":"IF(OR($C349=\"S\",$C349=0),0,MATCH(OFFSET($D349,0,$C349)+IF($C349<>1,1,COUNTIF(QCI!$A$13:$A$32,ORÇAMENTO!E349)),OFFSET($D349,1,$C349,ROW($C$850)-ROW($C349)),0))","v":7},"F","Nível 2","Nível 2","8.2.","SINAPI",null,"ESCAVAÇÕES E MOVIMENTAÇÕES DE TERRA","-",{"$f":"OFFSET(CÁLCULO!H$15,ROW($T349)-ROW(T$15),0)","v":0},0,"BDI 1",{"$f":"IF($C349=\"S\",ROUND(IF(TIPOORCAMENTO=\"Proposto\",ORÇAMENTO.CustoUnitario*(1+$AH349),ORÇAMENTO.PrecoUnitarioLicitado),15-13*$AF$10),0)","v":0},{"$f":"IF($C349=\"S\",VTOTAL1,IF($C349=0,0,ROUND(SomaAgrup,15-13*$AF$11)))","v":6793.21},"RA","",{"$f":"IF($C349=\"S\",IF($Z349=\"CP\",$X349,IF($Z349=\"RA\",(($X349)*QCI!$AA$3),0)),SomaAgrup)","v":6793.21},{"$f":"IF($C349=\"S\",IF($Z349=\"OU\",ROUND($X349,2),0),SomaAgrup)","v":0},{"$f":"IF($N349=\"\",\"\",IF(ORÇAMENTO.Descricao=\"\",\"DESCRIÇÃO\",IF(AND($C349=\"S\",ORÇAMENTO.Unidade=\"\"),\"UNIDADE\",IF($X349<0,\"VALOR NEGATIVO\",IF(OR(AND(TIPOORCAMENTO=\"Proposto\",$AG349<>\"\",$AG349>0,ORÇAMENTO.CustoUnitario>$AG349),AND(TIPOORCAMENTO=\"LICITADO\",ORÇAMENTO.PrecoUnitarioLicitado>$AN349)),\"ACIMA REF.\",\"\")))))","v":""},{"$f":"IF(C349<=CRONO.NivelExibicao,MAX($AD$15:OFFSET(AD349,-1,0))+IF($C349<>1,1,MAX(1,COUNTIF(QCI!$A$13:$A$32,OFFSET($E349,-1,0)))),\"\")","v":""},{"$f":"IF(AND($C349=\"S\",ORÇAMENTO.CodBarra<>\"\"),IF(ORÇAMENTO.Fonte=\"\",ORÇAMENTO.CodBarra,CONCATENATE(ORÇAMENTO.Fonte,\" \",ORÇAMENTO.CodBarra)))","v":false},{"$f":"IF(ISERROR(INDIRECT(ORÇAMENTO.BancoRef)),\"(abra o arquivo 'Referência \"&Excel_BuiltIn_Database&\".xls)\",IF(OR($C349<>\"S\",ORÇAMENTO.CodBarra=\"\"),\"(Sem Código)\",IF(ISERROR(MATCH($AE349,INDIRECT(ORÇAMENTO.BancoRef),0)),\"(Código não identificado nas referências)\",MATCH($AE349,INDIRECT(ORÇAMENTO.BancoRef),0))))","v":"(abra o arquivo 'Referência 06-2023.xls)"},{"$f":"ROUND(IF(DESONERACAO=\"sim\",REFERENCIA.Desonerado,REFERENCIA.NaoDesonerado),2)","v":0},{"$f":"ROUND(IF(ISNUMBER(ORÇAMENTO.OpcaoBDI),ORÇAMENTO.OpcaoBDI,IF(LEFT(ORÇAMENTO.OpcaoBDI,3)=\"BDI\",HLOOKUP(ORÇAMENTO.OpcaoBDI,$F$4:$H$5,2,FALSE),0)),15-11*$AF$9)","v":0.23530000000000001},null,null,null,null,6793.21,{"$f":"ROUND(ORÇAMENTO.CustoUnitario*(1+$AH349),2)","v":0}]
["S",2,"S",0,{"$f":"IF($C350=1,OFFSET(E350,-1,0)+MAX(1,COUNTIF(QCI!$A$13:$A$32,OFFSET(ORÇAMENTO!E350,-1,0))),OFFSET(E350,-1,0))","v":8},2,0,0,1,0,{"$f":"IF(OR($C350=\"S\",$C350=0),0,MATCH(OFFSET($D350,0,$C350)+IF($C350<>1,1,COUNTIF(QCI!$A$13:$A$32,ORÇAMENTO!E350)),OFFSET($D350,1,$C350,ROW($C$850)-ROW($C350)),0))","v":0},"F","Serviço","Serviço","8.2.1.","SINAPI","102276","ESCAVAÇÃO MECANIZADA DE VALA E TALUDES EM SOLO DE 2A CATEGORIA, EM LOCAIS COM ALTO NÍVEL DE INTERFERÊNCIA","M3",{"$f":"OFFSET(CÁLCULO!H$15,ROW($T350)-ROW(T$15),0)","v":173.36},12.08,"BDI 1",{"$f":"IF($C350=\"S\",ROUND(IF(TIPOORCAMENTO=\"Proposto\",ORÇAMENTO.CustoUnitario*(1+$AH350),ORÇAMENTO.PrecoUnitarioLicitado),15-13*$AF$10),0)","v":14.92},2586.5300000000002,"RA","RA",{"$f":"IF($C350=\"S\",IF($Z350=\"CP\",$X350,IF($Z350=\"RA\",(($X350)*QCI!$AA$3),0)),SomaAgrup)","v":2586.5300000000002},0,{"$f":"IF($N350=\"\",\"\",IF(ORÇAMENTO.Descricao=\"\",\"DESCRIÇÃO\",IF(AND($C350=\"S\",ORÇAMENTO.Unidade=\"\"),\"UNIDADE\",IF($X350<0,\"VALOR NEGATIVO\",IF(OR(AND(TIPOORCAMENTO=\"Proposto\",$AG350<>\"\",$AG350>0,ORÇAMENTO.CustoUnitario>$AG350),AND(TIPOORCAMENTO=\"LICITADO\",ORÇAMENTO.PrecoUnitarioLicitado>$AN350)),\"ACIMA REF.\",\"\")))))","v":""},{"$f":"IF(C350<=CRONO.NivelExibicao,MAX($AD$15:OFFSET(AD350,-1,0))+IF($C350<>1,1,MAX(1,COUNTIF(QCI!$A$13:$A$32,OFFSET($E350,-1,0)))),\"\")","v":""},{"$f":"IF(AND($C350=\"S\",ORÇAMENTO.CodBarra<>\"\"),IF(ORÇAMENTO.Fonte=\"\",ORÇAMENTO.CodBarra,CONCATENATE(ORÇAMENTO.Fonte,\" \",ORÇAMENTO.CodBarra)))","v":"SINAPI 102276"},{"$f":"IF(ISERROR(INDIRECT(ORÇAMENTO.BancoRef)),\"(abra o arquivo 'Referência \"&Excel_BuiltIn_Database&\".xls)\",IF(OR($C350<>\"S\",ORÇAMENTO.CodBarra=\"\"),\"(Sem Código)\",IF(ISERROR(MATCH($AE350,INDIRECT(ORÇAMENTO.BancoRef),0)),\"(Código não identificado nas referências)\",MATCH($AE350,INDIRECT(ORÇAMENTO.BancoRef),0))))","v":"(abra o arquivo 'Referência 06-2023.xls)"},{"$f":"ROUND(IF(DESONERACAO=\"sim\",REFERENCIA.Desonerado,REFERENCIA.NaoDesonerado),2)","v":0},0.23530000000000001,null,173.36,null,null,2586.5300000000002,14.92]
["S",2,"S",0,{"$f":"IF($C351=1,OFFSET(E351,-1,0)+MAX(1,COUNTIF(QCI!$A$13:$A$32,OFFSET(ORÇAMENTO!E351,-1,0))),OFFSET(E351,-1,0))","v":8},2,0,0,2,0,{"$f":"IF(OR($C351=\"S\",$C351=0),0,MATCH(OFFSET($D351,0,$C351)+IF($C351<>1,1,COUNTIF(QCI!$A$13:$A$32,ORÇAMENTO!E351)),OFFSET($D351,1,$C351,ROW($C$850)-ROW($C351)),0))","v":0},"F","Serviço","Serviço","8.2.2.","SINAPI","100978","CARGA, MANOBRA E DESCARGA DE MATERIAL REMOVIDO EM CAMINHÃO BASCULANTE - CARGA COM ESCAVADEIRA HIDRÁULICA","M3",{"$f":"OFFSET(CÁLCULO!H$15,ROW($T351)-ROW(T$15),0)","v":173.36},6.33,"BDI 1",{"$f":"IF($C351=\"S\",ROUND(IF(TIPOORCAMENTO=\"Proposto\",ORÇAMENTO.CustoUnitario*(1+$AH351),ORÇAMENTO.PrecoUnitarioLicitado),15-13*$AF$10),0)","v":7.82},1355.68,"RA","RA",{"$f":"IF($C351=\"S\",IF($Z351=\"CP\",$X351,IF($Z351=\"RA\",(($X351)*QCI!$AA$3),0)),SomaAgrup)","v":1355.68},0,{"$f":"IF($N351=\"\",\"\",IF(ORÇAMENTO.Descricao=\"\",\"DESCRIÇÃO\",IF(AND($C351=\"S\",ORÇAMENTO.Unidade=\"\"),\"UNIDADE\",IF($X351<0,\"VALOR NEGATIVO\",IF(OR(AND(TIPOORCAMENTO=\"Proposto\",$AG351<>\"\",$AG351>0,ORÇAMENTO.CustoUnitario>$AG351),AND(TIPOORCAMENTO=\"LICITADO\",ORÇAMENTO.PrecoUnitarioLicitado>$AN351)),\"ACIMA REF.\",\"\")))))","v":""},{"$f":"IF(C351<=CRONO.NivelExibicao,MAX($AD$15:OFFSET(AD351,-1,0))+IF($C351<>1,1,MAX(1,COUNTIF(QCI!$A$13:$A$32,OFFSET($E351,-1,0)))),\"\")","v":""},{"$f":"IF(AND($C351=\"S\",ORÇAMENTO.CodBarra<>\"\"),IF(ORÇAMENTO.Fonte=\"\",ORÇAMENTO.CodBarra,CONCATENATE(ORÇAMENTO.Fonte,\" \",ORÇAMENTO.CodBarra)))","v":"SINAPI 100978"},{"$f":"IF(ISERROR(INDIRECT(ORÇAMENTO.BancoRef)),\"(abra o arquivo 'Referência \"&Excel_BuiltIn_Database&\".xls)\",IF(OR($C351<>\"S\",ORÇAMENTO.CodBarra=\"\"),\"(Sem Código)\",IF(ISERROR(MATCH($AE351,INDIRECT(ORÇAMENTO.BancoRef),0)),\"(Código não identificado nas referências)\",MATCH($AE351,INDIRECT(ORÇAMENTO.BancoRef),0))))","v":"(abra o arquivo 'Referência 06-2023.xls)"},{"$f":"ROUND(IF(DESONERACAO=\"sim\",REFERENCIA.Desonerado,REFERENCIA.NaoDesonerado),2)","v":0},0.23530000000000001,null,{"$f":"AJ350","v":173.36},null,null,1355.68,7.82]
["S",2,"S",0,{"$f":"IF($C352=1,OFFSET(E352,-1,0)+MAX(1,COUNTIF(QCI!$A$13:$A$32,OFFSET(ORÇAMENTO!E352,-1,0))),OFFSET(E352,-1,0))","v":8},2,0,0,3,0,{"$f":"IF(OR($C352=\"S\",$C352=0),0,MATCH(OFFSET($D352,0,$C352)+IF($C352<>1,1,COUNTIF(QCI!$A$13:$A$32,ORÇAMENTO!E352)),OFFSET($D352,1,$C352,ROW($C$850)-ROW($C352)),0))","v":0},"F","Serviço","Serviço","8.2.3.","SINAPI","95875","TRANSPORTE DE MATERIAL REMOVIDO COM CAMINHÃO BASCULANTE, DMT = 5 KM","M3XKM",{"$f":"OFFSET(CÁLCULO!H$15,ROW($T352)-ROW(T$15),0)","v":346.72},2.23,"BDI 1",{"$f":"IF($C352=\"S\",ROUND(IF(TIPOORCAMENTO=\"Proposto\",ORÇAMENTO.CustoUnitario*(1+$AH352),ORÇAMENTO.PrecoUnitarioLicitado),15-13*$AF$10),0)","v":2.75},953.48,"RA","RA",{"$f":"IF($C352=\"S\",IF($Z352=\"CP\",$X352,IF($Z352=\"RA\",(($X352)*QCI!$AA$3),0)),SomaAgrup)","v":953.48},0,{"$f":"IF($N352=\"\",\"\",IF(ORÇAMENTO.Descricao=\"\",\"DESCRIÇÃO\",IF(AND($C352=\"S\",ORÇAMENTO.Unidade=\"\"),\"UNIDADE\",IF($X352<0,\"VALOR NEGATIVO\",IF(OR(AND(TIPOORCAMENTO=\"Proposto\",$AG352<>\"\",$AG352>0,ORÇAMENTO.CustoUnitario>$AG352),AND(TIPOORCAMENTO=\"LICITADO\",ORÇAMENTO.PrecoUnitarioLicitado>$AN352)),\"ACIMA REF.\",\"\")))))","v":""},{"$f":"IF(C352<=CRONO.NivelExibicao,MAX($AD$15:OFFSET(AD352,-1,0))+IF($C352<>1,1,MAX(1,COUNTIF(QCI!$A$13:$A$32,OFFSET($E352,-1,0)))),\"\")","v":""},{"$f":"IF(AND($C352=\"S\",ORÇAMENTO.CodBarra<>\"\"),IF(ORÇAMENTO.Fonte=\"\",ORÇAMENTO.CodBarra,CONCATENATE(ORÇAMENTO.Fonte,\" \",ORÇAMENTO.CodBarra)))","v":"SINAPI 95875"},{"$f":"IF(ISERROR(INDIRECT(ORÇAMENTO.BancoRef)),\"(abra o arquivo 'Referência \"&Excel_BuiltIn_Database&\".xls)\",IF(OR($C352<>\"S\",ORÇAMENTO.CodBarra=\"\"),\"(Sem Código)\",IF(ISERROR(MATCH($AE352,INDIRECT(ORÇAMENTO.BancoRef),0)),\"(Código não identificado nas referências)\",MATCH($AE352,INDIRECT(ORÇAMENTO.BancoRef),0))))","v":"(abra o arquivo 'Referência 06-2023.xls)"},{"$f":"ROUND(IF(DESONERACAO=\"sim\",REFERENCIA.Desonerado,REFERENCIA.NaoDesonerado),2)","v":0},0.23530000000000001,null,{"$f":"AJ351*2","v":346.72},null,null,953.48,2.75]
["S",2,"S",0,{"$f":"IF($C353=1,OFFSET(E353,-1,0)+MAX(1,COUNTIF(QCI!$A$13:$A$32,OFFSET(ORÇAMENTO!E353,-1,0))),OFFSET(E353,-1,0))","v":8},2,0,0,4,0,{"$f":"IF(OR($C353=\"S\",$C353=0),0,MATCH(OFFSET($D353,0,$C353)+IF($C353<>1,1,COUNTIF(QCI!$A$13:$A$32,ORÇAMENTO!E353)),OFFSET($D353,1,$C353,ROW($C$850)-ROW($C353)),0))","v":0},"F","Serviço","Serviço","8.2.4.","SINAPI","102355","DESMONTE DE BLOCOS DE ROCHA COM MARTELETE PNEUMÁTICO","M3",{"$f":"OFFSET(CÁLCULO!H$15,ROW($T353)-ROW(T$15),0)","v":8.67},166.39,"BDI 1",{"$f":"IF($C353=\"S\",ROUND(IF(TIPOORCAMENTO=\"Proposto\",ORÇAMENTO.CustoUnitario*(1+$AH353),ORÇAMENTO.PrecoUnitarioLicitado),15-13*$AF$10),0)","v":205.54},1782.03,"RA","RA",{"$f":"IF($C353=\"S\",IF($Z353=\"CP\",$X353,IF($Z353=\"RA\",(($X353)*QCI!$AA$3),0)),SomaAgrup)","v":1782.03},0,{"$f":"IF($N353=\"\",\"\",IF(ORÇAMENTO.Descricao=\"\",\"DESCRIÇÃO\",IF(AND($C353=\"S\",ORÇAMENTO.Unidade=\"\"),\"UNIDADE\",IF($X353<0,\"VALOR NEGATIVO\",IF(OR(AND(TIPOORCAMENTO=\"Proposto\",$AG353<>\"\",$AG353>0,ORÇAMENTO.CustoUnitario>$AG353),AND(TIPOORCAMENTO=\"LICITADO\",ORÇAMENTO.PrecoUnitarioLicitado>$AN353)),\"ACIMA REF.\",\"\")))))","v":""},{"$f":"IF(C353<=CRONO.NivelExibicao,MAX($AD$15:OFFSET(AD353,-1,0))+IF($C353<>1,1,MAX(1,COUNTIF(QCI!$A$13:$A$32,OFFSET($E353,-1,0)))),\"\")","v":""},{"$f":"IF(AND($C353=\"S\",ORÇAMENTO.CodBarra<>\"\"),IF(ORÇAMENTO.Fonte=\"\",ORÇAMENTO.CodBarra,CONCATENATE(ORÇAMENTO.Fonte,\" \",ORÇAMENTO.CodBarra)))","v":"SINAPI 102355"},{"$f":"IF(ISERROR(INDIRECT(ORÇAMENTO.BancoRef)),\"(abra o arquivo 'Referência \"&Excel_BuiltIn_Database&\".xls)\",IF(OR($C353<>\"S\",ORÇAMENTO.CodBarra=\"\"),\"(Sem Código)\",IF(ISERROR(MATCH($AE353,INDIRECT(ORÇAMENTO.BancoRef),0)),\"(Código não identificado nas referências)\",MATCH($AE353,INDIRECT(ORÇAMENTO.BancoRef),0))))","v":"(abra o arquivo 'Referência 06-2023.xls)"},{"$f":"ROUND(IF(DESONERACAO=\"sim\",REFERENCIA.Desonerado,REFERENCIA.NaoDesonerado),2)","v":0},0.23530000000000001,null,{"$f":"AJ350*0.05","v":8.668000000000001},null,null,1782.03,205.54]
["S",2,"S",0,{"$f":"IF($C354=1,OFFSET(E354,-1,0)+MAX(1,COUNTIF(QCI!$A$13:$A$32,OFFSET(ORÇAMENTO!E354,-1,0))),OFFSET(E354,-1,0))","v":8},2,0,0,5,0,{"$f":"IF(OR($C354=\"S\",$C354=0),0,MATCH(OFFSET($D354,0,$C354)+IF($C354<>1,1,COUNTIF(QCI!$A$13:$A$32,ORÇAMENTO!E354)),OFFSET($D354,1,$C354,ROW($C$850)-ROW($C354)),0))","v":0},"F","Serviço","Serviço","8.2.5.","SINAPI","100978","CARGA, MANOBRA E DESCARGA DE MATERIAL REMOVIDO EM CAMINHÃO BASCULANTE - CARGA COM ESCAVADEIRA HIDRÁULICA","M3",{"$f":"OFFSET(CÁLCULO!H$15,ROW($T354)-ROW(T$15),0)","v":8.67},6.33,"BDI 1",{"$f":"IF($C354=\"S\",ROUND(IF(TIPOORCAMENTO=\"Proposto\",ORÇAMENTO.CustoUnitario*(1+$AH354),ORÇAMENTO.PrecoUnitarioLicitado),15-13*$AF$10),0)","v":7.82},67.8,"RA","RA",{"$f":"IF($C354=\"S\",IF($Z354=\"CP\",$X354,IF($Z354=\"RA\",(($X354)*QCI!$AA$3),0)),SomaAgrup)","v":67.8},0,{"$f":"IF($N354=\"\",\"\",IF(ORÇAMENTO.Descricao=\"\",\"DESCRIÇÃO\",IF(AND($C354=\"S\",ORÇAMENTO.Unidade=\"\"),\"UNIDADE\",IF($X354<0,\"VALOR NEGATIVO\",IF(OR(AND(TIPOORCAMENTO=\"Proposto\",$AG354<>\"\",$AG354>0,ORÇAMENTO.CustoUnitario>$AG354),AND(TIPOORCAMENTO=\"LICITADO\",ORÇAMENTO.PrecoUnitarioLicitado>$AN354)),\"ACIMA REF.\",\"\")))))","v":""},{"$f":"IF(C354<=CRONO.NivelExibicao,MAX($AD$15:OFFSET(AD354,-1,0))+IF($C354<>1,1,MAX(1,COUNTIF(QCI!$A$13:$A$32,OFFSET($E354,-1,0)))),\"\")","v":""},{"$f":"IF(AND($C354=\"S\",ORÇAMENTO.CodBarra<>\"\"),IF(ORÇAMENTO.Fonte=\"\",ORÇAMENTO.CodBarra,CONCATENATE(ORÇAMENTO.Fonte,\" \",ORÇAMENTO.CodBarra)))","v":"SINAPI 100978"},{"$f":"IF(ISERROR(INDIRECT(ORÇAMENTO.BancoRef)),\"(abra o arquivo 'Referência \"&Excel_BuiltIn_Database&\".xls)\",IF(OR($C354<>\"S\",ORÇAMENTO.CodBarra=\"\"),\"(Sem Código)\",IF(ISERROR(MATCH($AE354,INDIRECT(ORÇAMENTO.BancoRef),0)),\"(Código não identificado nas referências)\",MATCH($AE354,INDIRECT(ORÇAMENTO.BancoRef),0))))","v":"(abra o arquivo 'Referência 06-2023.xls)"},{"$f":"ROUND(IF(DESONERACAO=\"sim\",REFERENCIA.Desonerado,REFERENCIA.NaoDesonerado),2)","v":0},0.23530000000000001,null,{"$f":"AJ353","v":8.668000000000001},null,null,67.8,7.82]
["S",2,"S",0,{"$f":"IF($C355=1,OFFSET(E355,-1,0)+MAX(1,COUNTIF(QCI!$A$13:$A$32,OFFSET(ORÇAMENTO!E355,-1,0))),OFFSET(E355,-1,0))","v":8},2,0,0,6,0,{"$f":"IF(OR($C355=\"S\",$C355=0),0,MATCH(OFFSET($D355,0,$C355)+IF($C355<>1,1,COUNTIF(QCI!$A$13:$A$32,ORÇAMENTO!E355)),OFFSET($D355,1,$C355,ROW($C$850)-ROW($C355)),0))","v":0},"F","Serviço","Serviço","8.2.6.","SINAPI","95875","TRANSPORTE DE MATERIAL REMOVIDO COM CAMINHÃO BASCULANTE, DMT = 2 KM","M3XKM",{"$f":"OFFSET(CÁLCULO!H$15,ROW($T355)-ROW(T$15),0)","v":17.34},2.23,"BDI 1",{"$f":"IF($C355=\"S\",ROUND(IF(TIPOORCAMENTO=\"Proposto\",ORÇAMENTO.CustoUnitario*(1+$AH355),ORÇAMENTO.PrecoUnitarioLicitado),15-13*$AF$10),0)","v":2.75},47.69,"RA","RA",{"$f":"IF($C355=\"S\",IF($Z355=\"CP\",$X355,IF($Z355=\"RA\",(($X355)*QCI!$AA$3),0)),SomaAgrup)","v":47.69},0,{"$f":"IF($N355=\"\",\"\",IF(ORÇAMENTO.Descricao=\"\",\"DESCRIÇÃO\",IF(AND($C355=\"S\",ORÇAMENTO.Unidade=\"\"),\"UNIDADE\",IF($X355<0,\"VALOR NEGATIVO\",IF(OR(AND(TIPOORCAMENTO=\"Proposto\",$AG355<>\"\",$AG355>0,ORÇAMENTO.CustoUnitario>$AG355),AND(TIPOORCAMENTO=\"LICITADO\",ORÇAMENTO.PrecoUnitarioLicitado>$AN355)),\"ACIMA REF.\",\"\")))))","v":""},{"$f":"IF(C355<=CRONO.NivelExibicao,MAX($AD$15:OFFSET(AD355,-1,0))+IF($C355<>1,1,MAX(1,COUNTIF(QCI!$A$13:$A$32,OFFSET($E355,-1,0)))),\"\")","v":""},{"$f":"IF(AND($C355=\"S\",ORÇAMENTO.CodBarra<>\"\"),IF(ORÇAMENTO.Fonte=\"\",ORÇAMENTO.CodBarra,CONCATENATE(ORÇAMENTO.Fonte,\" \",ORÇAMENTO.CodBarra)))","v":"SINAPI 95875"},{"$f":"IF(ISERROR(INDIRECT(ORÇAMENTO.BancoRef)),\"(abra o arquivo 'Referência \"&Excel_BuiltIn_Database&\".xls)\",IF(OR($C355<>\"S\",ORÇAMENTO.CodBarra=\"\"),\"(Sem Código)\",IF(ISERROR(MATCH($AE355,INDIRECT(ORÇAMENTO.BancoRef),0)),\"(Código não identificado nas referências)\",MATCH($AE355,INDIRECT(ORÇAMENTO.BancoRef),0))))","v":"(abra o arquivo 'Referência 06-2023.xls)"},{"$f":"ROUND(IF(DESONERACAO=\"sim\",REFERENCIA.Desonerado,REFERENCIA.NaoDesonerado),2)","v":0},0.23530000000000001,null,{"$f":"AJ354*2","v":17.336000000000002},null,null,47.69,2.75]
[2,2,2,6,{"$f":"IF($C356=1,OFFSET(E356,-1,0)+MAX(1,COUNTIF(QCI!$A$13:$A$32,OFFSET(ORÇAMENTO!E356,-1,0))),OFFSET(E356,-1,0))","v":8},3,0,0,0,27,{"$f":"IF(OR($C356=\"S\",$C356=0),0,MATCH(OFFSET($D356,0,$C356)+IF($C356<>1,1,COUNTIF(QCI!$A$13:$A$32,ORÇAMENTO!E356)),OFFSET($D356,1,$C356,ROW($C$850)-ROW($C356)),0))","v":6},"F","Nível 2","Nível 2","8.3.","SINAPI",null,"DRENAGEM","-",{"$f":"OFFSET(CÁLCULO!H$15,ROW($T356)-ROW(T$15),0)","v":0},0,"BDI 1",{"$f":"IF($C356=\"S\",ROUND(IF(TIPOORCAMENTO=\"Proposto\",ORÇAMENTO.CustoUnitario*(1+$AH356),ORÇAMENTO.PrecoUnitarioLicitado),15-13*$AF$10),0)","v":0},60528.14,"RA","",{"$f":"IF($C356=\"S\",IF($Z356=\"CP\",$X356,IF($Z356=\"RA\",(($X356)*QCI!$AA$3),0)),SomaAgrup)","v":60528.140000000007},0,{"$f":"IF($N356=\"\",\"\",IF(ORÇAMENTO.Descricao=\"\",\"DESCRIÇÃO\",IF(AND($C356=\"S\",ORÇAMENTO.Unidade=\"\"),\"UNIDADE\",IF($X356<0,\"VALOR NEGATIVO\",IF(OR(AND(TIPOORCAMENTO=\"Proposto\",$AG356<>\"\",$AG356>0,ORÇAMENTO.CustoUnitario>$AG356),AND(TIPOORCAMENTO=\"LICITADO\",ORÇAMENTO.PrecoUnitarioLicitado>$AN356)),\"ACIMA REF.\",\"\")))))","v":""},{"$f":"IF(C356<=CRONO.NivelExibicao,MAX($AD$15:OFFSET(AD356,-1,0))+IF($C356<>1,1,MAX(1,COUNTIF(QCI!$A$13:$A$32,OFFSET($E356,-1,0)))),\"\")","v":""},{"$f":"IF(AND($C356=\"S\",ORÇAMENTO.CodBarra<>\"\"),IF(ORÇAMENTO.Fonte=\"\",ORÇAMENTO.CodBarra,CONCATENATE(ORÇAMENTO.Fonte,\" \",ORÇAMENTO.CodBarra)))","v":false},{"$f":"IF(ISERROR(INDIRECT(ORÇAMENTO.BancoRef)),\"(abra o arquivo 'Referência \"&Excel_BuiltIn_Database&\".xls)\",IF(OR($C356<>\"S\",ORÇAMENTO.CodBarra=\"\"),\"(Sem Código)\",IF(ISERROR(MATCH($AE356,INDIRECT(ORÇAMENTO.BancoRef),0)),\"(Código não identificado nas referências)\",MATCH($AE356,INDIRECT(ORÇAMENTO.BancoRef),0))))","v":"(abra o arquivo 'Referência 06-2023.xls)"},{"$f":"ROUND(IF(DESONERACAO=\"sim\",REFERENCIA.Desonerado,REFERENCIA.NaoDesonerado),2)","v":0},0.23530000000000001,null,null,null,null,60528.14,0]
["S",2,"S",0,{"$f":"IF($C357=1,OFFSET(E357,-1,0)+MAX(1,COUNTIF(QCI!$A$13:$A$32,OFFSET(ORÇAMENTO!E357,-1,0))),OFFSET(E357,-1,0))","v":8},3,0,0,1,0,{"$f":"IF(OR($C357=\"S\",$C357=0),0,MATCH(OFFSET($D357,0,$C357)+IF($C357<>1,1,COUNTIF(QCI!$A$13:$A$32,ORÇAMENTO!E357)),OFFSET($D357,1,$C357,ROW($C$850)-ROW($C357)),0))","v":0},"F","Serviço","Serviço","8.3.1.","AMMOC","BL01","BOCA DE LOBO EM CONCRETO ARMADO E GRADE DE AÇO EM BARRA DE FERRO CHATA 0,70M X 1,00M - TIPO 1 ","UND",{"$f":"OFFSET(CÁLCULO!H$15,ROW($T357)-ROW(T$15),0)","v":5},2617.0700000000002,"BDI 1",{"$f":"IF($C357=\"S\",ROUND(IF(TIPOORCAMENTO=\"Proposto\",ORÇAMENTO.CustoUnitario*(1+$AH357),ORÇAMENTO.PrecoUnitarioLicitado),15-13*$AF$10),0)","v":3232.87},16164.35,"RA","RA",{"$f":"IF($C357=\"S\",IF($Z357=\"CP\",$X357,IF($Z357=\"RA\",(($X357)*QCI!$AA$3),0)),SomaAgrup)","v":16164.35},0,{"$f":"IF($N357=\"\",\"\",IF(ORÇAMENTO.Descricao=\"\",\"DESCRIÇÃO\",IF(AND($C357=\"S\",ORÇAMENTO.Unidade=\"\"),\"UNIDADE\",IF($X357<0,\"VALOR NEGATIVO\",IF(OR(AND(TIPOORCAMENTO=\"Proposto\",$AG357<>\"\",$AG357>0,ORÇAMENTO.CustoUnitario>$AG357),AND(TIPOORCAMENTO=\"LICITADO\",ORÇAMENTO.PrecoUnitarioLicitado>$AN357)),\"ACIMA REF.\",\"\")))))","v":""},{"$f":"IF(C357<=CRONO.NivelExibicao,MAX($AD$15:OFFSET(AD357,-1,0))+IF($C357<>1,1,MAX(1,COUNTIF(QCI!$A$13:$A$32,OFFSET($E357,-1,0)))),\"\")","v":""},{"$f":"IF(AND($C357=\"S\",ORÇAMENTO.CodBarra<>\"\"),IF(ORÇAMENTO.Fonte=\"\",ORÇAMENTO.CodBarra,CONCATENATE(ORÇAMENTO.Fonte,\" \",ORÇAMENTO.CodBarra)))","v":"AMMOC BL01"},{"$f":"IF(ISERROR(INDIRECT(ORÇAMENTO.BancoRef)),\"(abra o arquivo 'Referência \"&Excel_BuiltIn_Database&\".xls)\",IF(OR($C357<>\"S\",ORÇAMENTO.CodBarra=\"\"),\"(Sem Código)\",IF(ISERROR(MATCH($AE357,INDIRECT(ORÇAMENTO.BancoRef),0)),\"(Código não identificado nas referências)\",MATCH($AE357,INDIRECT(ORÇAMENTO.BancoRef),0))))","v":"(abra o arquivo 'Referência 06-2023.xls)"},{"$f":"ROUND(IF(DESONERACAO=\"sim\",REFERENCIA.Desonerado,REFERENCIA.NaoDesonerado),2)","v":0},0.23530000000000001,null,5,null,null,16164.35,3232.87]
["S",2,"S",0,{"$f":"IF($C358=1,OFFSET(E358,-1,0)+MAX(1,COUNTIF(QCI!$A$13:$A$32,OFFSET(ORÇAMENTO!E358,-1,0))),OFFSET(E358,-1,0))","v":8},3,0,0,2,0,{"$f":"IF(OR($C358=\"S\",$C358=0),0,MATCH(OFFSET($D358,0,$C358)+IF($C358<>1,1,COUNTIF(QCI!$A$13:$A$32,ORÇAMENTO!E358)),OFFSET($D358,1,$C358,ROW($C$850)-ROW($C358)),0))","v":0},"F","Serviço","Serviço","8.3.2.","AMMOC","BL02","BOCA DE LOBO EM CONCRETO ARMADO E GRADE DE AÇO EM BARRA DE FERRO CHATA 0,70M X 1,00M - TIPO 2","UND",{"$f":"OFFSET(CÁLCULO!H$15,ROW($T358)-ROW(T$15),0)","v":4},2879.91,"BDI 1",{"$f":"IF($C358=\"S\",ROUND(IF(TIPOORCAMENTO=\"Proposto\",ORÇAMENTO.CustoUnitario*(1+$AH358),ORÇAMENTO.PrecoUnitarioLicitado),15-13*$AF$10),0)","v":3557.55},14230.2,"RA","RA",{"$f":"IF($C358=\"S\",IF($Z358=\"CP\",$X358,IF($Z358=\"RA\",(($X358)*QCI!$AA$3),0)),SomaAgrup)","v":14230.2},0,{"$f":"IF($N358=\"\",\"\",IF(ORÇAMENTO.Descricao=\"\",\"DESCRIÇÃO\",IF(AND($C358=\"S\",ORÇAMENTO.Unidade=\"\"),\"UNIDADE\",IF($X358<0,\"VALOR NEGATIVO\",IF(OR(AND(TIPOORCAMENTO=\"Proposto\",$AG358<>\"\",$AG358>0,ORÇAMENTO.CustoUnitario>$AG358),AND(TIPOORCAMENTO=\"LICITADO\",ORÇAMENTO.PrecoUnitarioLicitado>$AN358)),\"ACIMA REF.\",\"\")))))","v":""},{"$f":"IF(C358<=CRONO.NivelExibicao,MAX($AD$15:OFFSET(AD358,-1,0))+IF($C358<>1,1,MAX(1,COUNTIF(QCI!$A$13:$A$32,OFFSET($E358,-1,0)))),\"\")","v":""},{"$f":"IF(AND($C358=\"S\",ORÇAMENTO.CodBarra<>\"\"),IF(ORÇAMENTO.Fonte=\"\",ORÇAMENTO.CodBarra,CONCATENATE(ORÇAMENTO.Fonte,\" \",ORÇAMENTO.CodBarra)))","v":"AMMOC BL02"},{"$f":"IF(ISERROR(INDIRECT(ORÇAMENTO.BancoRef)),\"(abra o arquivo 'Referência \"&Excel_BuiltIn_Database&\".xls)\",IF(OR($C358<>\"S\",ORÇAMENTO.CodBarra=\"\"),\"(Sem Código)\",IF(ISERROR(MATCH($AE358,INDIRECT(ORÇAMENTO.BancoRef),0)),\"(Código não identificado nas referências)\",MATCH($AE358,INDIRECT(ORÇAMENTO.BancoRef),0))))","v":"(abra o arquivo 'Referência 06-2023.xls)"},{"$f":"ROUND(IF(DESONERACAO=\"sim\",REFERENCIA.Desonerado,REFERENCIA.NaoDesonerado),2)","v":0},0.23530000000000001,null,4,null,null,14230.2,3557.55]
["S",2,"S",0,{"$f":"IF($C359=1,OFFSET(E359,-1,0)+MAX(1,COUNTIF(QCI!$A$13:$A$32,OFFSET(ORÇAMENTO!E359,-1,0))),OFFSET(E359,-1,0))","v":8},3,0,0,3,0,{"$f":"IF(OR($C359=\"S\",$C359=0),0,MATCH(OFFSET($D359,0,$C359)+IF($C359<>1,1,COUNTIF(QCI!$A$13:$A$32,ORÇAMENTO!E359)),OFFSET($D359,1,$C359,ROW($C$850)-ROW($C359)),0))","v":0},"F","Serviço","Serviço","8.3.3.","SINAPI-I",38054,"TUBO DRENO, CORRUGADO, ESPIRALADO, FLEXIVEL, PERFURADO, EM POLIETILENO DE ALTA DENSIDADE (PEAD), DN *200* MM, (8\") PARA DRENAGEM - EM BARRA (NORMA DNIT 093/2006 - EM)                                                                                                                                                                                                                                                                                                                                    ","M     ",{"$f":"OFFSET(CÁLCULO!H$15,ROW($T359)-ROW(T$15),0)","v":127},42.35,"BDI 1",{"$f":"IF($C359=\"S\",ROUND(IF(TIPOORCAMENTO=\"Proposto\",ORÇAMENTO.CustoUnitario*(1+$AH359),ORÇAMENTO.PrecoUnitarioLicitado),15-13*$AF$10),0)","v":52.31},6643.37,"RA","RA",{"$f":"IF($C359=\"S\",IF($Z359=\"CP\",$X359,IF($Z359=\"RA\",(($X359)*QCI!$AA$3),0)),SomaAgrup)","v":6643.37},0,{"$f":"IF($N359=\"\",\"\",IF(ORÇAMENTO.Descricao=\"\",\"DESCRIÇÃO\",IF(AND($C359=\"S\",ORÇAMENTO.Unidade=\"\"),\"UNIDADE\",IF($X359<0,\"VALOR NEGATIVO\",IF(OR(AND(TIPOORCAMENTO=\"Proposto\",$AG359<>\"\",$AG359>0,ORÇAMENTO.CustoUnitario>$AG359),AND(TIPOORCAMENTO=\"LICITADO\",ORÇAMENTO.PrecoUnitarioLicitado>$AN359)),\"ACIMA REF.\",\"\")))))","v":""},{"$f":"IF(C359<=CRONO.NivelExibicao,MAX($AD$15:OFFSET(AD359,-1,0))+IF($C359<>1,1,MAX(1,COUNTIF(QCI!$A$13:$A$32,OFFSET($E359,-1,0)))),\"\")","v":""},{"$f":"IF(AND($C359=\"S\",ORÇAMENTO.CodBarra<>\"\"),IF(ORÇAMENTO.Fonte=\"\",ORÇAMENTO.CodBarra,CONCATENATE(ORÇAMENTO.Fonte,\" \",ORÇAMENTO.CodBarra)))","v":"SINAPI-I 38054"},{"$f":"IF(ISERROR(INDIRECT(ORÇAMENTO.BancoRef)),\"(abra o arquivo 'Referência \"&Excel_BuiltIn_Database&\".xls)\",IF(OR($C359<>\"S\",ORÇAMENTO.CodBarra=\"\"),\"(Sem Código)\",IF(ISERROR(MATCH($AE359,INDIRECT(ORÇAMENTO.BancoRef),0)),\"(Código não identificado nas referências)\",MATCH($AE359,INDIRECT(ORÇAMENTO.BancoRef),0))))","v":"(abra o arquivo 'Referência 06-2023.xls)"},{"$f":"ROUND(IF(DESONERACAO=\"sim\",REFERENCIA.Desonerado,REFERENCIA.NaoDesonerado),2)","v":0},0.23530000000000001,null,127,null,null,6643.37,52.31]
["S",2,"S",0,{"$f":"IF($C360=1,OFFSET(E360,-1,0)+MAX(1,COUNTIF(QCI!$A$13:$A$32,OFFSET(ORÇAMENTO!E360,-1,0))),OFFSET(E360,-1,0))","v":8},3,0,0,4,0,{"$f":"IF(OR($C360=\"S\",$C360=0),0,MATCH(OFFSET($D360,0,$C360)+IF($C360<>1,1,COUNTIF(QCI!$A$13:$A$32,ORÇAMENTO!E360)),OFFSET($D360,1,$C360,ROW($C$850)-ROW($C360)),0))","v":0},"F","Serviço","Serviço","8.3.4.","SINAPI",94870,"ASSENTAMENTO DE TUBO DE PEAD CORRUGADO","M",{"$f":"OFFSET(CÁLCULO!H$15,ROW($T360)-ROW(T$15),0)","v":127},2.0699999999999998,"BDI 1",{"$f":"IF($C360=\"S\",ROUND(IF(TIPOORCAMENTO=\"Proposto\",ORÇAMENTO.CustoUnitario*(1+$AH360),ORÇAMENTO.PrecoUnitarioLicitado),15-13*$AF$10),0)","v":2.56},325.12,"RA","RA",{"$f":"IF($C360=\"S\",IF($Z360=\"CP\",$X360,IF($Z360=\"RA\",(($X360)*QCI!$AA$3),0)),SomaAgrup)","v":325.12},0,{"$f":"IF($N360=\"\",\"\",IF(ORÇAMENTO.Descricao=\"\",\"DESCRIÇÃO\",IF(AND($C360=\"S\",ORÇAMENTO.Unidade=\"\"),\"UNIDADE\",IF($X360<0,\"VALOR NEGATIVO\",IF(OR(AND(TIPOORCAMENTO=\"Proposto\",$AG360<>\"\",$AG360>0,ORÇAMENTO.CustoUnitario>$AG360),AND(TIPOORCAMENTO=\"LICITADO\",ORÇAMENTO.PrecoUnitarioLicitado>$AN360)),\"ACIMA REF.\",\"\")))))","v":""},{"$f":"IF(C360<=CRONO.NivelExibicao,MAX($AD$15:OFFSET(AD360,-1,0))+IF($C360<>1,1,MAX(1,COUNTIF(QCI!$A$13:$A$32,OFFSET($E360,-1,0)))),\"\")","v":""},{"$f":"IF(AND($C360=\"S\",ORÇAMENTO.CodBarra<>\"\"),IF(ORÇAMENTO.Fonte=\"\",ORÇAMENTO.CodBarra,CONCATENATE(ORÇAMENTO.Fonte,\" \",ORÇAMENTO.CodBarra)))","v":"SINAPI 94870"},{"$f":"IF(ISERROR(INDIRECT(ORÇAMENTO.BancoRef)),\"(abra o arquivo 'Referência \"&Excel_BuiltIn_Database&\".xls)\",IF(OR($C360<>\"S\",ORÇAMENTO.CodBarra=\"\"),\"(Sem Código)\",IF(ISERROR(MATCH($AE360,INDIRECT(ORÇAMENTO.BancoRef),0)),\"(Código não identificado nas referências)\",MATCH($AE360,INDIRECT(ORÇAMENTO.BancoRef),0))))","v":"(abra o arquivo 'Referência 06-2023.xls)"},{"$f":"ROUND(IF(DESONERACAO=\"sim\",REFERENCIA.Desonerado,REFERENCIA.NaoDesonerado),2)","v":0},0.23530000000000001,null,127,null,null,325.12,2.56]
["S",2,"S",0,{"$f":"IF($C361=1,OFFSET(E361,-1,0)+MAX(1,COUNTIF(QCI!$A$13:$A$32,OFFSET(ORÇAMENTO!E361,-1,0))),OFFSET(E361,-1,0))","v":8},3,0,0,5,0,{"$f":"IF(OR($C361=\"S\",$C361=0),0,MATCH(OFFSET($D361,0,$C361)+IF($C361<>1,1,COUNTIF(QCI!$A$13:$A$32,ORÇAMENTO!E361)),OFFSET($D361,1,$C361,ROW($C$850)-ROW($C361)),0))","v":0},"F","Serviço","Serviço","8.3.5.","SINAPI","92219","TUBO DE CONCRETO PARA REDES COLETORAS DE ÁGUAS PLUVIAIS, DIÂMETRO DE 400 MM, JUNTA ENVOLTA EM MANTA GEOTÊXTIL, INSTALADO EM LOCAL COM ALTO NÍVEL DE INTERFERÊNCIAS - FORNECIMENTO E ASSENTAMENTO","M",{"$f":"OFFSET(CÁLCULO!H$15,ROW($T361)-ROW(T$15),0)","v":105},178.6,"BDI 1",{"$f":"IF($C361=\"S\",ROUND(IF(TIPOORCAMENTO=\"Proposto\",ORÇAMENTO.CustoUnitario*(1+$AH361),ORÇAMENTO.PrecoUnitarioLicitado),15-13*$AF$10),0)","v":220.62},23165.1,"RA","RA",{"$f":"IF($C361=\"S\",IF($Z361=\"CP\",$X361,IF($Z361=\"RA\",(($X361)*QCI!$AA$3),0)),SomaAgrup)","v":23165.1},0,{"$f":"IF($N361=\"\",\"\",IF(ORÇAMENTO.Descricao=\"\",\"DESCRIÇÃO\",IF(AND($C361=\"S\",ORÇAMENTO.Unidade=\"\"),\"UNIDADE\",IF($X361<0,\"VALOR NEGATIVO\",IF(OR(AND(TIPOORCAMENTO=\"Proposto\",$AG361<>\"\",$AG361>0,ORÇAMENTO.CustoUnitario>$AG361),AND(TIPOORCAMENTO=\"LICITADO\",ORÇAMENTO.PrecoUnitarioLicitado>$AN361)),\"ACIMA REF.\",\"\")))))","v":""},{"$f":"IF(C361<=CRONO.NivelExibicao,MAX($AD$15:OFFSET(AD361,-1,0))+IF($C361<>1,1,MAX(1,COUNTIF(QCI!$A$13:$A$32,OFFSET($E361,-1,0)))),\"\")","v":""},{"$f":"IF(AND($C361=\"S\",ORÇAMENTO.CodBarra<>\"\"),IF(ORÇAMENTO.Fonte=\"\",ORÇAMENTO.CodBarra,CONCATENATE(ORÇAMENTO.Fonte,\" \",ORÇAMENTO.CodBarra)))","v":"SINAPI 92219"},{"$f":"IF(ISERROR(INDIRECT(ORÇAMENTO.BancoRef)),\"(abra o arquivo 'Referência \"&Excel_BuiltIn_Database&\".xls)\",IF(OR($C361<>\"S\",ORÇAMENTO.CodBarra=\"\"),\"(Sem Código)\",IF(ISERROR(MATCH($AE361,INDIRECT(ORÇAMENTO.BancoRef),0)),\"(Código não identificado nas referências)\",MATCH($AE361,INDIRECT(ORÇAMENTO.BancoRef),0))))","v":"(abra o arquivo 'Referência 06-2023.xls)"},{"$f":"ROUND(IF(DESONERACAO=\"sim\",REFERENCIA.Desonerado,REFERENCIA.NaoDesonerado),2)","v":0},0.23530000000000001,null,105,null,null,23165.1,220.62]
[2,2,2,6,{"$f":"IF($C362=1,OFFSET(E362,-1,0)+MAX(1,COUNTIF(QCI!$A$13:$A$32,OFFSET(ORÇAMENTO!E362,-1,0))),OFFSET(E362,-1,0))","v":8},4,0,0,0,21,{"$f":"IF(OR($C362=\"S\",$C362=0),0,MATCH(OFFSET($D362,0,$C362)+IF($C362<>1,1,COUNTIF(QCI!$A$13:$A$32,ORÇAMENTO!E362)),OFFSET($D362,1,$C362,ROW($C$850)-ROW($C362)),0))","v":6},"F","Nível 2","Nível 2","8.4.","SINAPI",null,"REATERROS","-",{"$f":"OFFSET(CÁLCULO!H$15,ROW($T362)-ROW(T$15),0)","v":0},0,"BDI 1",{"$f":"IF($C362=\"S\",ROUND(IF(TIPOORCAMENTO=\"Proposto\",ORÇAMENTO.CustoUnitario*(1+$AH362),ORÇAMENTO.PrecoUnitarioLicitado),15-13*$AF$10),0)","v":0},25655.87,"RA","",{"$f":"IF($C362=\"S\",IF($Z362=\"CP\",$X362,IF($Z362=\"RA\",(($X362)*QCI!$AA$3),0)),SomaAgrup)","v":25655.870000000003},0,{"$f":"IF($N362=\"\",\"\",IF(ORÇAMENTO.Descricao=\"\",\"DESCRIÇÃO\",IF(AND($C362=\"S\",ORÇAMENTO.Unidade=\"\"),\"UNIDADE\",IF($X362<0,\"VALOR NEGATIVO\",IF(OR(AND(TIPOORCAMENTO=\"Proposto\",$AG362<>\"\",$AG362>0,ORÇAMENTO.CustoUnitario>$AG362),AND(TIPOORCAMENTO=\"LICITADO\",ORÇAMENTO.PrecoUnitarioLicitado>$AN362)),\"ACIMA REF.\",\"\")))))","v":""},{"$f":"IF(C362<=CRONO.NivelExibicao,MAX($AD$15:OFFSET(AD362,-1,0))+IF($C362<>1,1,MAX(1,COUNTIF(QCI!$A$13:$A$32,OFFSET($E362,-1,0)))),\"\")","v":""},{"$f":"IF(AND($C362=\"S\",ORÇAMENTO.CodBarra<>\"\"),IF(ORÇAMENTO.Fonte=\"\",ORÇAMENTO.CodBarra,CONCATENATE(ORÇAMENTO.Fonte,\" \",ORÇAMENTO.CodBarra)))","v":false},{"$f":"IF(ISERROR(INDIRECT(ORÇAMENTO.BancoRef)),\"(abra o arquivo 'Referência \"&Excel_BuiltIn_Database&\".xls)\",IF(OR($C362<>\"S\",ORÇAMENTO.CodBarra=\"\"),\"(Sem Código)\",IF(ISERROR(MATCH($AE362,INDIRECT(ORÇAMENTO.BancoRef),0)),\"(Código não identificado nas referências)\",MATCH($AE362,INDIRECT(ORÇAMENTO.BancoRef),0))))","v":"(abra o arquivo 'Referência 06-2023.xls)"},{"$f":"ROUND(IF(DESONERACAO=\"sim\",REFERENCIA.Desonerado,REFERENCIA.NaoDesonerado),2)","v":0},0.23530000000000001,null,null,null,null,25655.87,0]
["S",2,"S",0,{"$f":"IF($C363=1,OFFSET(E363,-1,0)+MAX(1,COUNTIF(QCI!$A$13:$A$32,OFFSET(ORÇAMENTO!E363,-1,0))),OFFSET(E363,-1,0))","v":8},4,0,0,1,0,{"$f":"IF(OR($C363=\"S\",$C363=0),0,MATCH(OFFSET($D363,0,$C363)+IF($C363<>1,1,COUNTIF(QCI!$A$13:$A$32,ORÇAMENTO!E363)),OFFSET($D363,1,$C363,ROW($C$850)-ROW($C363)),0))","v":0},"F","Serviço","Serviço","8.4.1.","SINAPI-I","4718","PEDRA BRITADA N. 2 (19 A 38 MM) PARA REATERRO DE VALAS","M3    ",{"$f":"OFFSET(CÁLCULO!H$15,ROW($T363)-ROW(T$15),0)","v":86.78},107.5,"BDI 1",{"$f":"IF($C363=\"S\",ROUND(IF(TIPOORCAMENTO=\"Proposto\",ORÇAMENTO.CustoUnitario*(1+$AH363),ORÇAMENTO.PrecoUnitarioLicitado),15-13*$AF$10),0)","v":132.79},11523.52,"RA","RA",{"$f":"IF($C363=\"S\",IF($Z363=\"CP\",$X363,IF($Z363=\"RA\",(($X363)*QCI!$AA$3),0)),SomaAgrup)","v":11523.52},0,{"$f":"IF($N363=\"\",\"\",IF(ORÇAMENTO.Descricao=\"\",\"DESCRIÇÃO\",IF(AND($C363=\"S\",ORÇAMENTO.Unidade=\"\"),\"UNIDADE\",IF($X363<0,\"VALOR NEGATIVO\",IF(OR(AND(TIPOORCAMENTO=\"Proposto\",$AG363<>\"\",$AG363>0,ORÇAMENTO.CustoUnitario>$AG363),AND(TIPOORCAMENTO=\"LICITADO\",ORÇAMENTO.PrecoUnitarioLicitado>$AN363)),\"ACIMA REF.\",\"\")))))","v":""},{"$f":"IF(C363<=CRONO.NivelExibicao,MAX($AD$15:OFFSET(AD363,-1,0))+IF($C363<>1,1,MAX(1,COUNTIF(QCI!$A$13:$A$32,OFFSET($E363,-1,0)))),\"\")","v":""},{"$f":"IF(AND($C363=\"S\",ORÇAMENTO.CodBarra<>\"\"),IF(ORÇAMENTO.Fonte=\"\",ORÇAMENTO.CodBarra,CONCATENATE(ORÇAMENTO.Fonte,\" \",ORÇAMENTO.CodBarra)))","v":"SINAPI-I 4718"},{"$f":"IF(ISERROR(INDIRECT(ORÇAMENTO.BancoRef)),\"(abra o arquivo 'Referência \"&Excel_BuiltIn_Database&\".xls)\",IF(OR($C363<>\"S\",ORÇAMENTO.CodBarra=\"\"),\"(Sem Código)\",IF(ISERROR(MATCH($AE363,INDIRECT(ORÇAMENTO.BancoRef),0)),\"(Código não identificado nas referências)\",MATCH($AE363,INDIRECT(ORÇAMENTO.BancoRef),0))))","v":"(abra o arquivo 'Referência 06-2023.xls)"},{"$f":"ROUND(IF(DESONERACAO=\"sim\",REFERENCIA.Desonerado,REFERENCIA.NaoDesonerado),2)","v":0},0.23530000000000001,null,86.78,null,null,11523.52,132.79]
["S",2,"S",0,{"$f":"IF($C364=1,OFFSET(E364,-1,0)+MAX(1,COUNTIF(QCI!$A$13:$A$32,OFFSET(ORÇAMENTO!E364,-1,0))),OFFSET(E364,-1,0))","v":8},4,0,0,2,0,{"$f":"IF(OR($C364=\"S\",$C364=0),0,MATCH(OFFSET($D364,0,$C364)+IF($C364<>1,1,COUNTIF(QCI!$A$13:$A$32,ORÇAMENTO!E364)),OFFSET($D364,1,$C364,ROW($C$850)-ROW($C364)),0))","v":0},"F","Serviço","Serviço","8.4.2.","SINAPI-I",4730,"PEDRA RACHAO PARA REATERRO DE VALAS                                                                                                                                                                                                                                                                                                                                                                                     ","M3    ",{"$f":"OFFSET(CÁLCULO!H$15,ROW($T364)-ROW(T$15),0)","v":25.88},100.51,"BDI 1",{"$f":"IF($C364=\"S\",ROUND(IF(TIPOORCAMENTO=\"Proposto\",ORÇAMENTO.CustoUnitario*(1+$AH364),ORÇAMENTO.PrecoUnitarioLicitado),15-13*$AF$10),0)","v":124.16},3213.26,"RA","RA",{"$f":"IF($C364=\"S\",IF($Z364=\"CP\",$X364,IF($Z364=\"RA\",(($X364)*QCI!$AA$3),0)),SomaAgrup)","v":3213.26},0,{"$f":"IF($N364=\"\",\"\",IF(ORÇAMENTO.Descricao=\"\",\"DESCRIÇÃO\",IF(AND($C364=\"S\",ORÇAMENTO.Unidade=\"\"),\"UNIDADE\",IF($X364<0,\"VALOR NEGATIVO\",IF(OR(AND(TIPOORCAMENTO=\"Proposto\",$AG364<>\"\",$AG364>0,ORÇAMENTO.CustoUnitario>$AG364),AND(TIPOORCAMENTO=\"LICITADO\",ORÇAMENTO.PrecoUnitarioLicitado>$AN364)),\"ACIMA REF.\",\"\")))))","v":""},{"$f":"IF(C364<=CRONO.NivelExibicao,MAX($AD$15:OFFSET(AD364,-1,0))+IF($C364<>1,1,MAX(1,COUNTIF(QCI!$A$13:$A$32,OFFSET($E364,-1,0)))),\"\")","v":""},{"$f":"IF(AND($C364=\"S\",ORÇAMENTO.CodBarra<>\"\"),IF(ORÇAMENTO.Fonte=\"\",ORÇAMENTO.CodBarra,CONCATENATE(ORÇAMENTO.Fonte,\" \",ORÇAMENTO.CodBarra)))","v":"SINAPI-I 4730"},{"$f":"IF(ISERROR(INDIRECT(ORÇAMENTO.BancoRef)),\"(abra o arquivo 'Referência \"&Excel_BuiltIn_Database&\".xls)\",IF(OR($C364<>\"S\",ORÇAMENTO.CodBarra=\"\"),\"(Sem Código)\",IF(ISERROR(MATCH($AE364,INDIRECT(ORÇAMENTO.BancoRef),0)),\"(Código não identificado nas referências)\",MATCH($AE364,INDIRECT(ORÇAMENTO.BancoRef),0))))","v":"(abra o arquivo 'Referência 06-2023.xls)"},{"$f":"ROUND(IF(DESONERACAO=\"sim\",REFERENCIA.Desonerado,REFERENCIA.NaoDesonerado),2)","v":0},0.23530000000000001,null,25.88,null,null,3213.26,124.16]
["S",2,"S",0,{"$f":"IF($C365=1,OFFSET(E365,-1,0)+MAX(1,COUNTIF(QCI!$A$13:$A$32,OFFSET(ORÇAMENTO!E365,-1,0))),OFFSET(E365,-1,0))","v":8},4,0,0,3,0,{"$f":"IF(OR($C365=\"S\",$C365=0),0,MATCH(OFFSET($D365,0,$C365)+IF($C365<>1,1,COUNTIF(QCI!$A$13:$A$32,ORÇAMENTO!E365)),OFFSET($D365,1,$C365,ROW($C$850)-ROW($C365)),0))","v":0},"F","Serviço","Serviço","8.4.3.","SINAPI-I",4729,"PEDRA BRITADA GRADUADA PARA REATERRO DE VALAS                                                                                                                                                                                                                                                                                                                                                                                                                          ","M3    ",{"$f":"OFFSET(CÁLCULO!H$15,ROW($T365)-ROW(T$15),0)","v":19.61},107.74,"BDI 1",{"$f":"IF($C365=\"S\",ROUND(IF(TIPOORCAMENTO=\"Proposto\",ORÇAMENTO.CustoUnitario*(1+$AH365),ORÇAMENTO.PrecoUnitarioLicitado),15-13*$AF$10),0)","v":133.09},2609.89,"RA","RA",{"$f":"IF($C365=\"S\",IF($Z365=\"CP\",$X365,IF($Z365=\"RA\",(($X365)*QCI!$AA$3),0)),SomaAgrup)","v":2609.89},0,{"$f":"IF($N365=\"\",\"\",IF(ORÇAMENTO.Descricao=\"\",\"DESCRIÇÃO\",IF(AND($C365=\"S\",ORÇAMENTO.Unidade=\"\"),\"UNIDADE\",IF($X365<0,\"VALOR NEGATIVO\",IF(OR(AND(TIPOORCAMENTO=\"Proposto\",$AG365<>\"\",$AG365>0,ORÇAMENTO.CustoUnitario>$AG365),AND(TIPOORCAMENTO=\"LICITADO\",ORÇAMENTO.PrecoUnitarioLicitado>$AN365)),\"ACIMA REF.\",\"\")))))","v":""},{"$f":"IF(C365<=CRONO.NivelExibicao,MAX($AD$15:OFFSET(AD365,-1,0))+IF($C365<>1,1,MAX(1,COUNTIF(QCI!$A$13:$A$32,OFFSET($E365,-1,0)))),\"\")","v":""},{"$f":"IF(AND($C365=\"S\",ORÇAMENTO.CodBarra<>\"\"),IF(ORÇAMENTO.Fonte=\"\",ORÇAMENTO.CodBarra,CONCATENATE(ORÇAMENTO.Fonte,\" \",ORÇAMENTO.CodBarra)))","v":"SINAPI-I 4729"},{"$f":"IF(ISERROR(INDIRECT(ORÇAMENTO.BancoRef)),\"(abra o arquivo 'Referência \"&Excel_BuiltIn_Database&\".xls)\",IF(OR($C365<>\"S\",ORÇAMENTO.CodBarra=\"\"),\"(Sem Código)\",IF(ISERROR(MATCH($AE365,INDIRECT(ORÇAMENTO.BancoRef),0)),\"(Código não identificado nas referências)\",MATCH($AE365,INDIRECT(ORÇAMENTO.BancoRef),0))))","v":"(abra o arquivo 'Referência 06-2023.xls)"},{"$f":"ROUND(IF(DESONERACAO=\"sim\",REFERENCIA.Desonerado,REFERENCIA.NaoDesonerado),2)","v":0},0.23530000000000001,null,19.61,null,null,2609.89,133.09]
["S",2,"S",0,{"$f":"IF($C366=1,OFFSET(E366,-1,0)+MAX(1,COUNTIF(QCI!$A$13:$A$32,OFFSET(ORÇAMENTO!E366,-1,0))),OFFSET(E366,-1,0))","v":8},4,0,0,4,0,{"$f":"IF(OR($C366=\"S\",$C366=0),0,MATCH(OFFSET($D366,0,$C366)+IF($C366<>1,1,COUNTIF(QCI!$A$13:$A$32,ORÇAMENTO!E366)),OFFSET($D366,1,$C366,ROW($C$850)-ROW($C366)),0))","v":0},"F","Serviço","Serviço","8.4.4.","SINAPI","100978","CARGA, MANOBRA E DESCARGA DE MATERIAL GRANULAR EM CAMINHÃO BASCULANTE - CARGA COM ESCAVADEIRA HIDRÁULICA","M3",{"$f":"OFFSET(CÁLCULO!H$15,ROW($T366)-ROW(T$15),0)","v":132.27000000000001},6.33,"BDI 1",{"$f":"IF($C366=\"S\",ROUND(IF(TIPOORCAMENTO=\"Proposto\",ORÇAMENTO.CustoUnitario*(1+$AH366),ORÇAMENTO.PrecoUnitarioLicitado),15-13*$AF$10),0)","v":7.82},1034.3499999999999,"RA","RA",{"$f":"IF($C366=\"S\",IF($Z366=\"CP\",$X366,IF($Z366=\"RA\",(($X366)*QCI!$AA$3),0)),SomaAgrup)","v":1034.3499999999999},0,{"$f":"IF($N366=\"\",\"\",IF(ORÇAMENTO.Descricao=\"\",\"DESCRIÇÃO\",IF(AND($C366=\"S\",ORÇAMENTO.Unidade=\"\"),\"UNIDADE\",IF($X366<0,\"VALOR NEGATIVO\",IF(OR(AND(TIPOORCAMENTO=\"Proposto\",$AG366<>\"\",$AG366>0,ORÇAMENTO.CustoUnitario>$AG366),AND(TIPOORCAMENTO=\"LICITADO\",ORÇAMENTO.PrecoUnitarioLicitado>$AN366)),\"ACIMA REF.\",\"\")))))","v":""},{"$f":"IF(C366<=CRONO.NivelExibicao,MAX($AD$15:OFFSET(AD366,-1,0))+IF($C366<>1,1,MAX(1,COUNTIF(QCI!$A$13:$A$32,OFFSET($E366,-1,0)))),\"\")","v":""},{"$f":"IF(AND($C366=\"S\",ORÇAMENTO.CodBarra<>\"\"),IF(ORÇAMENTO.Fonte=\"\",ORÇAMENTO.CodBarra,CONCATENATE(ORÇAMENTO.Fonte,\" \",ORÇAMENTO.CodBarra)))","v":"SINAPI 100978"},{"$f":"IF(ISERROR(INDIRECT(ORÇAMENTO.BancoRef)),\"(abra o arquivo 'Referência \"&Excel_BuiltIn_Database&\".xls)\",IF(OR($C366<>\"S\",ORÇAMENTO.CodBarra=\"\"),\"(Sem Código)\",IF(ISERROR(MATCH($AE366,INDIRECT(ORÇAMENTO.BancoRef),0)),\"(Código não identificado nas referências)\",MATCH($AE366,INDIRECT(ORÇAMENTO.BancoRef),0))))","v":"(abra o arquivo 'Referência 06-2023.xls)"},{"$f":"ROUND(IF(DESONERACAO=\"sim\",REFERENCIA.Desonerado,REFERENCIA.NaoDesonerado),2)","v":0},0.23530000000000001,null,{"$f":"AJ363+AJ364+AJ365","v":132.26999999999998},null,null,1034.3499999999999,7.82]
["S",2,"S",0,{"$f":"IF($C367=1,OFFSET(E367,-1,0)+MAX(1,COUNTIF(QCI!$A$13:$A$32,OFFSET(ORÇAMENTO!E367,-1,0))),OFFSET(E367,-1,0))","v":8},4,0,0,5,0,{"$f":"IF(OR($C367=\"S\",$C367=0),0,MATCH(OFFSET($D367,0,$C367)+IF($C367<>1,1,COUNTIF(QCI!$A$13:$A$32,ORÇAMENTO!E367)),OFFSET($D367,1,$C367,ROW($C$850)-ROW($C367)),0))","v":0},"F","Serviço","Serviço","8.4.5.","SINAPI","95875","TRANSPORTE DE MATERIAL GRANULAR COM CAMINHÃO BASCULANTE, DMT = 20 KM","M3XKM",{"$f":"OFFSET(CÁLCULO!H$15,ROW($T367)-ROW(T$15),0)","v":2645.4},2.23,"BDI 1",{"$f":"IF($C367=\"S\",ROUND(IF(TIPOORCAMENTO=\"Proposto\",ORÇAMENTO.CustoUnitario*(1+$AH367),ORÇAMENTO.PrecoUnitarioLicitado),15-13*$AF$10),0)","v":2.75},7274.85,"RA","RA",{"$f":"IF($C367=\"S\",IF($Z367=\"CP\",$X367,IF($Z367=\"RA\",(($X367)*QCI!$AA$3),0)),SomaAgrup)","v":7274.85},0,{"$f":"IF($N367=\"\",\"\",IF(ORÇAMENTO.Descricao=\"\",\"DESCRIÇÃO\",IF(AND($C367=\"S\",ORÇAMENTO.Unidade=\"\"),\"UNIDADE\",IF($X367<0,\"VALOR NEGATIVO\",IF(OR(AND(TIPOORCAMENTO=\"Proposto\",$AG367<>\"\",$AG367>0,ORÇAMENTO.CustoUnitario>$AG367),AND(TIPOORCAMENTO=\"LICITADO\",ORÇAMENTO.PrecoUnitarioLicitado>$AN367)),\"ACIMA REF.\",\"\")))))","v":""},{"$f":"IF(C367<=CRONO.NivelExibicao,MAX($AD$15:OFFSET(AD367,-1,0))+IF($C367<>1,1,MAX(1,COUNTIF(QCI!$A$13:$A$32,OFFSET($E367,-1,0)))),\"\")","v":""},{"$f":"IF(AND($C367=\"S\",ORÇAMENTO.CodBarra<>\"\"),IF(ORÇAMENTO.Fonte=\"\",ORÇAMENTO.CodBarra,CONCATENATE(ORÇAMENTO.Fonte,\" \",ORÇAMENTO.CodBarra)))","v":"SINAPI 95875"},{"$f":"IF(ISERROR(INDIRECT(ORÇAMENTO.BancoRef)),\"(abra o arquivo 'Referência \"&Excel_BuiltIn_Database&\".xls)\",IF(OR($C367<>\"S\",ORÇAMENTO.CodBarra=\"\"),\"(Sem Código)\",IF(ISERROR(MATCH($AE367,INDIRECT(ORÇAMENTO.BancoRef),0)),\"(Código não identificado nas referências)\",MATCH($AE367,INDIRECT(ORÇAMENTO.BancoRef),0))))","v":"(abra o arquivo 'Referência 06-2023.xls)"},{"$f":"ROUND(IF(DESONERACAO=\"sim\",REFERENCIA.Desonerado,REFERENCIA.NaoDesonerado),2)","v":0},0.23530000000000001,null,{"$f":"AJ366*20","v":2645.3999999999996},null,null,7274.85,2.75]
[2,2,2,8,{"$f":"IF($C368=1,OFFSET(E368,-1,0)+MAX(1,COUNTIF(QCI!$A$13:$A$32,OFFSET(ORÇAMENTO!E368,-1,0))),OFFSET(E368,-1,0))","v":8},5,0,0,0,15,{"$f":"IF(OR($C368=\"S\",$C368=0),0,MATCH(OFFSET($D368,0,$C368)+IF($C368<>1,1,COUNTIF(QCI!$A$13:$A$32,ORÇAMENTO!E368)),OFFSET($D368,1,$C368,ROW($C$850)-ROW($C368)),0))","v":8},"F","Nível 2","Nível 2","8.5.","SINAPI",null,"PAVIMENTAÇÃO EM ASFALTO C.A.U.Q.","-",{"$f":"OFFSET(CÁLCULO!H$15,ROW($T368)-ROW(T$15),0)","v":0},0,"BDI 1",{"$f":"IF($C368=\"S\",ROUND(IF(TIPOORCAMENTO=\"Proposto\",ORÇAMENTO.CustoUnitario*(1+$AH368),ORÇAMENTO.PrecoUnitarioLicitado),15-13*$AF$10),0)","v":0},201911.76,"RA","",{"$f":"IF($C368=\"S\",IF($Z368=\"CP\",$X368,IF($Z368=\"RA\",(($X368)*QCI!$AA$3),0)),SomaAgrup)","v":201911.76},0,{"$f":"IF($N368=\"\",\"\",IF(ORÇAMENTO.Descricao=\"\",\"DESCRIÇÃO\",IF(AND($C368=\"S\",ORÇAMENTO.Unidade=\"\"),\"UNIDADE\",IF($X368<0,\"VALOR NEGATIVO\",IF(OR(AND(TIPOORCAMENTO=\"Proposto\",$AG368<>\"\",$AG368>0,ORÇAMENTO.CustoUnitario>$AG368),AND(TIPOORCAMENTO=\"LICITADO\",ORÇAMENTO.PrecoUnitarioLicitado>$AN368)),\"ACIMA REF.\",\"\")))))","v":""},{"$f":"IF(C368<=CRONO.NivelExibicao,MAX($AD$15:OFFSET(AD368,-1,0))+IF($C368<>1,1,MAX(1,COUNTIF(QCI!$A$13:$A$32,OFFSET($E368,-1,0)))),\"\")","v":""},{"$f":"IF(AND($C368=\"S\",ORÇAMENTO.CodBarra<>\"\"),IF(ORÇAMENTO.Fonte=\"\",ORÇAMENTO.CodBarra,CONCATENATE(ORÇAMENTO.Fonte,\" \",ORÇAMENTO.CodBarra)))","v":false},{"$f":"IF(ISERROR(INDIRECT(ORÇAMENTO.BancoRef)),\"(abra o arquivo 'Referência \"&Excel_BuiltIn_Database&\".xls)\",IF(OR($C368<>\"S\",ORÇAMENTO.CodBarra=\"\"),\"(Sem Código)\",IF(ISERROR(MATCH($AE368,INDIRECT(ORÇAMENTO.BancoRef),0)),\"(Código não identificado nas referências)\",MATCH($AE368,INDIRECT(ORÇAMENTO.BancoRef),0))))","v":"(abra o arquivo 'Referência 06-2023.xls)"},{"$f":"ROUND(IF(DESONERACAO=\"sim\",REFERENCIA.Desonerado,REFERENCIA.NaoDesonerado),2)","v":0},0.23530000000000001,null,null,null,null,201911.76,0]
["S",2,"S",0,{"$f":"IF($C369=1,OFFSET(E369,-1,0)+MAX(1,COUNTIF(QCI!$A$13:$A$32,OFFSET(ORÇAMENTO!E369,-1,0))),OFFSET(E369,-1,0))","v":8},5,0,0,1,0,{"$f":"IF(OR($C369=\"S\",$C369=0),0,MATCH(OFFSET($D369,0,$C369)+IF($C369<>1,1,COUNTIF(QCI!$A$13:$A$32,ORÇAMENTO!E369)),OFFSET($D369,1,$C369,ROW($C$850)-ROW($C369)),0))","v":0},"F","Serviço","Serviço","8.5.1.","AMMOC","CM30","EXECUÇÃO DE IMPRIMAÇÃO COM ASFALTO DILUÍDO CM-30","M2",{"$f":"OFFSET(CÁLCULO!H$15,ROW($T369)-ROW(T$15),0)","v":145},7.48,"BDI 1",{"$f":"IF($C369=\"S\",ROUND(IF(TIPOORCAMENTO=\"Proposto\",ORÇAMENTO.CustoUnitario*(1+$AH369),ORÇAMENTO.PrecoUnitarioLicitado),15-13*$AF$10),0)","v":9.24},1339.8,"RA","RA",{"$f":"IF($C369=\"S\",IF($Z369=\"CP\",$X369,IF($Z369=\"RA\",(($X369)*QCI!$AA$3),0)),SomaAgrup)","v":1339.8},0,{"$f":"IF($N369=\"\",\"\",IF(ORÇAMENTO.Descricao=\"\",\"DESCRIÇÃO\",IF(AND($C369=\"S\",ORÇAMENTO.Unidade=\"\"),\"UNIDADE\",IF($X369<0,\"VALOR NEGATIVO\",IF(OR(AND(TIPOORCAMENTO=\"Proposto\",$AG369<>\"\",$AG369>0,ORÇAMENTO.CustoUnitario>$AG369),AND(TIPOORCAMENTO=\"LICITADO\",ORÇAMENTO.PrecoUnitarioLicitado>$AN369)),\"ACIMA REF.\",\"\")))))","v":""},{"$f":"IF(C369<=CRONO.NivelExibicao,MAX($AD$15:OFFSET(AD369,-1,0))+IF($C369<>1,1,MAX(1,COUNTIF(QCI!$A$13:$A$32,OFFSET($E369,-1,0)))),\"\")","v":""},{"$f":"IF(AND($C369=\"S\",ORÇAMENTO.CodBarra<>\"\"),IF(ORÇAMENTO.Fonte=\"\",ORÇAMENTO.CodBarra,CONCATENATE(ORÇAMENTO.Fonte,\" \",ORÇAMENTO.CodBarra)))","v":"AMMOC CM30"},{"$f":"IF(ISERROR(INDIRECT(ORÇAMENTO.BancoRef)),\"(abra o arquivo 'Referência \"&Excel_BuiltIn_Database&\".xls)\",IF(OR($C369<>\"S\",ORÇAMENTO.CodBarra=\"\"),\"(Sem Código)\",IF(ISERROR(MATCH($AE369,INDIRECT(ORÇAMENTO.BancoRef),0)),\"(Código não identificado nas referências)\",MATCH($AE369,INDIRECT(ORÇAMENTO.BancoRef),0))))","v":"(abra o arquivo 'Referência 06-2023.xls)"},{"$f":"ROUND(IF(DESONERACAO=\"sim\",REFERENCIA.Desonerado,REFERENCIA.NaoDesonerado),2)","v":0},0.23530000000000001,null,{"$f":"(AJ361+40)*1","v":145},null,null,1339.8,9.24]
["S",2,"S",0,{"$f":"IF($C370=1,OFFSET(E370,-1,0)+MAX(1,COUNTIF(QCI!$A$13:$A$32,OFFSET(ORÇAMENTO!E370,-1,0))),OFFSET(E370,-1,0))","v":8},5,0,0,2,0,{"$f":"IF(OR($C370=\"S\",$C370=0),0,MATCH(OFFSET($D370,0,$C370)+IF($C370<>1,1,COUNTIF(QCI!$A$13:$A$32,ORÇAMENTO!E370)),OFFSET($D370,1,$C370,ROW($C$850)-ROW($C370)),0))","v":0},"F","Serviço","Serviço","8.5.2.","SINAPI","102332","TRANSPORTE COM CAMINHÃO TANQUE DE MATERIAL ASFÁLTICO, DMT = 20 KM","TXKM",{"$f":"OFFSET(CÁLCULO!H$15,ROW($T370)-ROW(T$15),0)","v":2.9},1.64,"BDI 1",{"$f":"IF($C370=\"S\",ROUND(IF(TIPOORCAMENTO=\"Proposto\",ORÇAMENTO.CustoUnitario*(1+$AH370),ORÇAMENTO.PrecoUnitarioLicitado),15-13*$AF$10),0)","v":2.0299999999999998},5.89,"RA","RA",{"$f":"IF($C370=\"S\",IF($Z370=\"CP\",$X370,IF($Z370=\"RA\",(($X370)*QCI!$AA$3),0)),SomaAgrup)","v":5.89},0,{"$f":"IF($N370=\"\",\"\",IF(ORÇAMENTO.Descricao=\"\",\"DESCRIÇÃO\",IF(AND($C370=\"S\",ORÇAMENTO.Unidade=\"\"),\"UNIDADE\",IF($X370<0,\"VALOR NEGATIVO\",IF(OR(AND(TIPOORCAMENTO=\"Proposto\",$AG370<>\"\",$AG370>0,ORÇAMENTO.CustoUnitario>$AG370),AND(TIPOORCAMENTO=\"LICITADO\",ORÇAMENTO.PrecoUnitarioLicitado>$AN370)),\"ACIMA REF.\",\"\")))))","v":""},{"$f":"IF(C370<=CRONO.NivelExibicao,MAX($AD$15:OFFSET(AD370,-1,0))+IF($C370<>1,1,MAX(1,COUNTIF(QCI!$A$13:$A$32,OFFSET($E370,-1,0)))),\"\")","v":""},{"$f":"IF(AND($C370=\"S\",ORÇAMENTO.CodBarra<>\"\"),IF(ORÇAMENTO.Fonte=\"\",ORÇAMENTO.CodBarra,CONCATENATE(ORÇAMENTO.Fonte,\" \",ORÇAMENTO.CodBarra)))","v":"SINAPI 102332"},{"$f":"IF(ISERROR(INDIRECT(ORÇAMENTO.BancoRef)),\"(abra o arquivo 'Referência \"&Excel_BuiltIn_Database&\".xls)\",IF(OR($C370<>\"S\",ORÇAMENTO.CodBarra=\"\"),\"(Sem Código)\",IF(ISERROR(MATCH($AE370,INDIRECT(ORÇAMENTO.BancoRef),0)),\"(Código não identificado nas referências)\",MATCH($AE370,INDIRECT(ORÇAMENTO.BancoRef),0))))","v":"(abra o arquivo 'Referência 06-2023.xls)"},{"$f":"ROUND(IF(DESONERACAO=\"sim\",REFERENCIA.Desonerado,REFERENCIA.NaoDesonerado),2)","v":0},0.23530000000000001,null,{"$f":"AJ369*20/1000","v":2.9},null,null,5.89,2.0299999999999998]
["S",2,"S",0,{"$f":"IF($C371=1,OFFSET(E371,-1,0)+MAX(1,COUNTIF(QCI!$A$13:$A$32,OFFSET(ORÇAMENTO!E371,-1,0))),OFFSET(E371,-1,0))","v":8},5,0,0,3,0,{"$f":"IF(OR($C371=\"S\",$C371=0),0,MATCH(OFFSET($D371,0,$C371)+IF($C371<>1,1,COUNTIF(QCI!$A$13:$A$32,ORÇAMENTO!E371)),OFFSET($D371,1,$C371,ROW($C$850)-ROW($C371)),0))","v":0},"F","Serviço","Serviço","8.5.3.","AMMOC","RR-2C","PINTURA DE LIGAÇÃO COM EMULSÃO RR-2C","M2",{"$f":"OFFSET(CÁLCULO!H$15,ROW($T371)-ROW(T$15),0)","v":3146.5},2.54,"BDI 1",{"$f":"IF($C371=\"S\",ROUND(IF(TIPOORCAMENTO=\"Proposto\",ORÇAMENTO.CustoUnitario*(1+$AH371),ORÇAMENTO.PrecoUnitarioLicitado),15-13*$AF$10),0)","v":3.14},9880.01,"RA","RA",{"$f":"IF($C371=\"S\",IF($Z371=\"CP\",$X371,IF($Z371=\"RA\",(($X371)*QCI!$AA$3),0)),SomaAgrup)","v":9880.01},0,{"$f":"IF($N371=\"\",\"\",IF(ORÇAMENTO.Descricao=\"\",\"DESCRIÇÃO\",IF(AND($C371=\"S\",ORÇAMENTO.Unidade=\"\"),\"UNIDADE\",IF($X371<0,\"VALOR NEGATIVO\",IF(OR(AND(TIPOORCAMENTO=\"Proposto\",$AG371<>\"\",$AG371>0,ORÇAMENTO.CustoUnitario>$AG371),AND(TIPOORCAMENTO=\"LICITADO\",ORÇAMENTO.PrecoUnitarioLicitado>$AN371)),\"ACIMA REF.\",\"\")))))","v":""},{"$f":"IF(C371<=CRONO.NivelExibicao,MAX($AD$15:OFFSET(AD371,-1,0))+IF($C371<>1,1,MAX(1,COUNTIF(QCI!$A$13:$A$32,OFFSET($E371,-1,0)))),\"\")","v":""},{"$f":"IF(AND($C371=\"S\",ORÇAMENTO.CodBarra<>\"\"),IF(ORÇAMENTO.Fonte=\"\",ORÇAMENTO.CodBarra,CONCATENATE(ORÇAMENTO.Fonte,\" \",ORÇAMENTO.CodBarra)))","v":"AMMOC RR-2C"},{"$f":"IF(ISERROR(INDIRECT(ORÇAMENTO.BancoRef)),\"(abra o arquivo 'Referência \"&Excel_BuiltIn_Database&\".xls)\",IF(OR($C371<>\"S\",ORÇAMENTO.CodBarra=\"\"),\"(Sem Código)\",IF(ISERROR(MATCH($AE371,INDIRECT(ORÇAMENTO.BancoRef),0)),\"(Código não identificado nas referências)\",MATCH($AE371,INDIRECT(ORÇAMENTO.BancoRef),0))))","v":"(abra o arquivo 'Referência 06-2023.xls)"},{"$f":"ROUND(IF(DESONERACAO=\"sim\",REFERENCIA.Desonerado,REFERENCIA.NaoDesonerado),2)","v":0},0.23530000000000001,null,{"$f":"1527+1619.5","v":3146.5},null,null,9880.01,3.14]
["S",2,"S",0,{"$f":"IF($C372=1,OFFSET(E372,-1,0)+MAX(1,COUNTIF(QCI!$A$13:$A$32,OFFSET(ORÇAMENTO!E372,-1,0))),OFFSET(E372,-1,0))","v":8},5,0,0,4,0,{"$f":"IF(OR($C372=\"S\",$C372=0),0,MATCH(OFFSET($D372,0,$C372)+IF($C372<>1,1,COUNTIF(QCI!$A$13:$A$32,ORÇAMENTO!E372)),OFFSET($D372,1,$C372,ROW($C$850)-ROW($C372)),0))","v":0},"F","Serviço","Serviço","8.5.4.","SINAPI","102332","TRANSPORTE COM CAMINHÃO TANQUE DE MATERIAL ASFÁLTICO, DMT = 20 KM","TXKM",{"$f":"OFFSET(CÁLCULO!H$15,ROW($T372)-ROW(T$15),0)","v":62.93},1.64,"BDI 1",{"$f":"IF($C372=\"S\",ROUND(IF(TIPOORCAMENTO=\"Proposto\",ORÇAMENTO.CustoUnitario*(1+$AH372),ORÇAMENTO.PrecoUnitarioLicitado),15-13*$AF$10),0)","v":2.0299999999999998},127.75,"RA","RA",{"$f":"IF($C372=\"S\",IF($Z372=\"CP\",$X372,IF($Z372=\"RA\",(($X372)*QCI!$AA$3),0)),SomaAgrup)","v":127.75},0,{"$f":"IF($N372=\"\",\"\",IF(ORÇAMENTO.Descricao=\"\",\"DESCRIÇÃO\",IF(AND($C372=\"S\",ORÇAMENTO.Unidade=\"\"),\"UNIDADE\",IF($X372<0,\"VALOR NEGATIVO\",IF(OR(AND(TIPOORCAMENTO=\"Proposto\",$AG372<>\"\",$AG372>0,ORÇAMENTO.CustoUnitario>$AG372),AND(TIPOORCAMENTO=\"LICITADO\",ORÇAMENTO.PrecoUnitarioLicitado>$AN372)),\"ACIMA REF.\",\"\")))))","v":""},{"$f":"IF(C372<=CRONO.NivelExibicao,MAX($AD$15:OFFSET(AD372,-1,0))+IF($C372<>1,1,MAX(1,COUNTIF(QCI!$A$13:$A$32,OFFSET($E372,-1,0)))),\"\")","v":""},{"$f":"IF(AND($C372=\"S\",ORÇAMENTO.CodBarra<>\"\"),IF(ORÇAMENTO.Fonte=\"\",ORÇAMENTO.CodBarra,CONCATENATE(ORÇAMENTO.Fonte,\" \",ORÇAMENTO.CodBarra)))","v":"SINAPI 102332"},{"$f":"IF(ISERROR(INDIRECT(ORÇAMENTO.BancoRef)),\"(abra o arquivo 'Referência \"&Excel_BuiltIn_Database&\".xls)\",IF(OR($C372<>\"S\",ORÇAMENTO.CodBarra=\"\"),\"(Sem Código)\",IF(ISERROR(MATCH($AE372,INDIRECT(ORÇAMENTO.BancoRef),0)),\"(Código não identificado nas referências)\",MATCH($AE372,INDIRECT(ORÇAMENTO.BancoRef),0))))","v":"(abra o arquivo 'Referência 06-2023.xls)"},{"$f":"ROUND(IF(DESONERACAO=\"sim\",REFERENCIA.Desonerado,REFERENCIA.NaoDesonerado),2)","v":0},0.23530000000000001,null,{"$f":"AJ371*20/1000","v":62.93},null,null,127.75,2.0299999999999998]
["S",2,"S",0,{"$f":"IF($C373=1,OFFSET(E373,-1,0)+MAX(1,COUNTIF(QCI!$A$13:$A$32,OFFSET(ORÇAMENTO!E373,-1,0))),OFFSET(E373,-1,0))","v":8},5,0,0,5,0,{"$f":"IF(OR($C373=\"S\",$C373=0),0,MATCH(OFFSET($D373,0,$C373)+IF($C373<>1,1,COUNTIF(QCI!$A$13:$A$32,ORÇAMENTO!E373)),OFFSET($D373,1,$C373,ROW($C$850)-ROW($C373)),0))","v":0},"F","Serviço","Serviço","8.5.5.","AMMOC","PAVASF","EXECUÇÃO DE PAVIMENTO COM APLICAÇÃO DE CONCRETO ASFÁLTICO, CAMADA DE ROLAMENTO - EXCLUSIVE CARGA E TRANSPORTE. AF_11/2019","M3",{"$f":"OFFSET(CÁLCULO!H$15,ROW($T373)-ROW(T$15),0)","v":124.94},1198.32,"BDI 1",{"$f":"IF($C373=\"S\",ROUND(IF(TIPOORCAMENTO=\"Proposto\",ORÇAMENTO.CustoUnitario*(1+$AH373),ORÇAMENTO.PrecoUnitarioLicitado),15-13*$AF$10),0)","v":1480.28},184946.18,"RA","RA",{"$f":"IF($C373=\"S\",IF($Z373=\"CP\",$X373,IF($Z373=\"RA\",(($X373)*QCI!$AA$3),0)),SomaAgrup)","v":184946.18},0,{"$f":"IF($N373=\"\",\"\",IF(ORÇAMENTO.Descricao=\"\",\"DESCRIÇÃO\",IF(AND($C373=\"S\",ORÇAMENTO.Unidade=\"\"),\"UNIDADE\",IF($X373<0,\"VALOR NEGATIVO\",IF(OR(AND(TIPOORCAMENTO=\"Proposto\",$AG373<>\"\",$AG373>0,ORÇAMENTO.CustoUnitario>$AG373),AND(TIPOORCAMENTO=\"LICITADO\",ORÇAMENTO.PrecoUnitarioLicitado>$AN373)),\"ACIMA REF.\",\"\")))))","v":""},{"$f":"IF(C373<=CRONO.NivelExibicao,MAX($AD$15:OFFSET(AD373,-1,0))+IF($C373<>1,1,MAX(1,COUNTIF(QCI!$A$13:$A$32,OFFSET($E373,-1,0)))),\"\")","v":""},{"$f":"IF(AND($C373=\"S\",ORÇAMENTO.CodBarra<>\"\"),IF(ORÇAMENTO.Fonte=\"\",ORÇAMENTO.CodBarra,CONCATENATE(ORÇAMENTO.Fonte,\" \",ORÇAMENTO.CodBarra)))","v":"AMMOC PAVASF"},{"$f":"IF(ISERROR(INDIRECT(ORÇAMENTO.BancoRef)),\"(abra o arquivo 'Referência \"&Excel_BuiltIn_Database&\".xls)\",IF(OR($C373<>\"S\",ORÇAMENTO.CodBarra=\"\"),\"(Sem Código)\",IF(ISERROR(MATCH($AE373,INDIRECT(ORÇAMENTO.BancoRef),0)),\"(Código não identificado nas referências)\",MATCH($AE373,INDIRECT(ORÇAMENTO.BancoRef),0))))","v":"(abra o arquivo 'Referência 06-2023.xls)"},{"$f":"ROUND(IF(DESONERACAO=\"sim\",REFERENCIA.Desonerado,REFERENCIA.NaoDesonerado),2)","v":0},0.23530000000000001,null,{"$f":"(1619.5*0.03)+(1527*0.05)","v":124.935},null,null,184946.18,1480.28]
["S",2,"S",0,{"$f":"IF($C374=1,OFFSET(E374,-1,0)+MAX(1,COUNTIF(QCI!$A$13:$A$32,OFFSET(ORÇAMENTO!E374,-1,0))),OFFSET(E374,-1,0))","v":8},5,0,0,6,0,{"$f":"IF(OR($C374=\"S\",$C374=0),0,MATCH(OFFSET($D374,0,$C374)+IF($C374<>1,1,COUNTIF(QCI!$A$13:$A$32,ORÇAMENTO!E374)),OFFSET($D374,1,$C374,ROW($C$850)-ROW($C374)),0))","v":0},"F","Serviço","Serviço","8.5.6.","SINAPI","100986","CARGA DE MISTURA ASFÁLTICA EM CAMINHÃO BASCULANTE","M3",{"$f":"OFFSET(CÁLCULO!H$15,ROW($T374)-ROW(T$15),0)","v":124.94},8.19,"BDI 1",{"$f":"IF($C374=\"S\",ROUND(IF(TIPOORCAMENTO=\"Proposto\",ORÇAMENTO.CustoUnitario*(1+$AH374),ORÇAMENTO.PrecoUnitarioLicitado),15-13*$AF$10),0)","v":10.119999999999999},1264.3900000000001,"RA","RA",{"$f":"IF($C374=\"S\",IF($Z374=\"CP\",$X374,IF($Z374=\"RA\",(($X374)*QCI!$AA$3),0)),SomaAgrup)","v":1264.3900000000001},0,{"$f":"IF($N374=\"\",\"\",IF(ORÇAMENTO.Descricao=\"\",\"DESCRIÇÃO\",IF(AND($C374=\"S\",ORÇAMENTO.Unidade=\"\"),\"UNIDADE\",IF($X374<0,\"VALOR NEGATIVO\",IF(OR(AND(TIPOORCAMENTO=\"Proposto\",$AG374<>\"\",$AG374>0,ORÇAMENTO.CustoUnitario>$AG374),AND(TIPOORCAMENTO=\"LICITADO\",ORÇAMENTO.PrecoUnitarioLicitado>$AN374)),\"ACIMA REF.\",\"\")))))","v":""},{"$f":"IF(C374<=CRONO.NivelExibicao,MAX($AD$15:OFFSET(AD374,-1,0))+IF($C374<>1,1,MAX(1,COUNTIF(QCI!$A$13:$A$32,OFFSET($E374,-1,0)))),\"\")","v":""},{"$f":"IF(AND($C374=\"S\",ORÇAMENTO.CodBarra<>\"\"),IF(ORÇAMENTO.Fonte=\"\",ORÇAMENTO.CodBarra,CONCATENATE(ORÇAMENTO.Fonte,\" \",ORÇAMENTO.CodBarra)))","v":"SINAPI 100986"},{"$f":"IF(ISERROR(INDIRECT(ORÇAMENTO.BancoRef)),\"(abra o arquivo 'Referência \"&Excel_BuiltIn_Database&\".xls)\",IF(OR($C374<>\"S\",ORÇAMENTO.CodBarra=\"\"),\"(Sem Código)\",IF(ISERROR(MATCH($AE374,INDIRECT(ORÇAMENTO.BancoRef),0)),\"(Código não identificado nas referências)\",MATCH($AE374,INDIRECT(ORÇAMENTO.BancoRef),0))))","v":"(abra o arquivo 'Referência 06-2023.xls)"},{"$f":"ROUND(IF(DESONERACAO=\"sim\",REFERENCIA.Desonerado,REFERENCIA.NaoDesonerado),2)","v":0},0.23530000000000001,null,{"$f":"AJ373","v":124.935},null,null,1264.3900000000001,10.119999999999999]
["S",2,"S",0,{"$f":"IF($C375=1,OFFSET(E375,-1,0)+MAX(1,COUNTIF(QCI!$A$13:$A$32,OFFSET(ORÇAMENTO!E375,-1,0))),OFFSET(E375,-1,0))","v":8},5,0,0,7,0,{"$f":"IF(OR($C375=\"S\",$C375=0),0,MATCH(OFFSET($D375,0,$C375)+IF($C375<>1,1,COUNTIF(QCI!$A$13:$A$32,ORÇAMENTO!E375)),OFFSET($D375,1,$C375,ROW($C$850)-ROW($C375)),0))","v":0},"F","Serviço","Serviço","8.5.7.","SINAPI","95303","TRANSPORTE COM CAMINHÃO BASCULANTE DE MASSA ASFALTICA PARA PAVIMENTAÇÃO URBANA, DMT = 20 KM","M3XKM",{"$f":"OFFSET(CÁLCULO!H$15,ROW($T375)-ROW(T$15),0)","v":2498.6999999999998},1.41,"BDI 1",{"$f":"IF($C375=\"S\",ROUND(IF(TIPOORCAMENTO=\"Proposto\",ORÇAMENTO.CustoUnitario*(1+$AH375),ORÇAMENTO.PrecoUnitarioLicitado),15-13*$AF$10),0)","v":1.74},4347.74,"RA","RA",{"$f":"IF($C375=\"S\",IF($Z375=\"CP\",$X375,IF($Z375=\"RA\",(($X375)*QCI!$AA$3),0)),SomaAgrup)","v":4347.74},0,{"$f":"IF($N375=\"\",\"\",IF(ORÇAMENTO.Descricao=\"\",\"DESCRIÇÃO\",IF(AND($C375=\"S\",ORÇAMENTO.Unidade=\"\"),\"UNIDADE\",IF($X375<0,\"VALOR NEGATIVO\",IF(OR(AND(TIPOORCAMENTO=\"Proposto\",$AG375<>\"\",$AG375>0,ORÇAMENTO.CustoUnitario>$AG375),AND(TIPOORCAMENTO=\"LICITADO\",ORÇAMENTO.PrecoUnitarioLicitado>$AN375)),\"ACIMA REF.\",\"\")))))","v":""},{"$f":"IF(C375<=CRONO.NivelExibicao,MAX($AD$15:OFFSET(AD375,-1,0))+IF($C375<>1,1,MAX(1,COUNTIF(QCI!$A$13:$A$32,OFFSET($E375,-1,0)))),\"\")","v":""},{"$f":"IF(AND($C375=\"S\",ORÇAMENTO.CodBarra<>\"\"),IF(ORÇAMENTO.Fonte=\"\",ORÇAMENTO.CodBarra,CONCATENATE(ORÇAMENTO.Fonte,\" \",ORÇAMENTO.CodBarra)))","v":"SINAPI 95303"},{"$f":"IF(ISERROR(INDIRECT(ORÇAMENTO.BancoRef)),\"(abra o arquivo 'Referência \"&Excel_BuiltIn_Database&\".xls)\",IF(OR($C375<>\"S\",ORÇAMENTO.CodBarra=\"\"),\"(Sem Código)\",IF(ISERROR(MATCH($AE375,INDIRECT(ORÇAMENTO.BancoRef),0)),\"(Código não identificado nas referências)\",MATCH($AE375,INDIRECT(ORÇAMENTO.BancoRef),0))))","v":"(abra o arquivo 'Referência 06-2023.xls)"},{"$f":"ROUND(IF(DESONERACAO=\"sim\",REFERENCIA.Desonerado,REFERENCIA.NaoDesonerado),2)","v":0},0.23530000000000001,null,{"$f":"AJ374*20","v":2498.6999999999998},null,null,4347.74,1.74]
[2,2,2,2,{"$f":"IF($C376=1,OFFSET(E376,-1,0)+MAX(1,COUNTIF(QCI!$A$13:$A$32,OFFSET(ORÇAMENTO!E376,-1,0))),OFFSET(E376,-1,0))","v":8},6,0,0,0,7,{"$f":"IF(OR($C376=\"S\",$C376=0),0,MATCH(OFFSET($D376,0,$C376)+IF($C376<>1,1,COUNTIF(QCI!$A$13:$A$32,ORÇAMENTO!E376)),OFFSET($D376,1,$C376,ROW($C$850)-ROW($C376)),0))","v":2},"F","Nível 2","Nível 2","8.6.","SINAPI",null,"MEIO-FIO","-",{"$f":"OFFSET(CÁLCULO!H$15,ROW($T376)-ROW(T$15),0)","v":0},0,"BDI 1",{"$f":"IF($C376=\"S\",ROUND(IF(TIPOORCAMENTO=\"Proposto\",ORÇAMENTO.CustoUnitario*(1+$AH376),ORÇAMENTO.PrecoUnitarioLicitado),15-13*$AF$10),0)","v":0},5998.16,"RA","",{"$f":"IF($C376=\"S\",IF($Z376=\"CP\",$X376,IF($Z376=\"RA\",(($X376)*QCI!$AA$3),0)),SomaAgrup)","v":5998.16},0,{"$f":"IF($N376=\"\",\"\",IF(ORÇAMENTO.Descricao=\"\",\"DESCRIÇÃO\",IF(AND($C376=\"S\",ORÇAMENTO.Unidade=\"\"),\"UNIDADE\",IF($X376<0,\"VALOR NEGATIVO\",IF(OR(AND(TIPOORCAMENTO=\"Proposto\",$AG376<>\"\",$AG376>0,ORÇAMENTO.CustoUnitario>$AG376),AND(TIPOORCAMENTO=\"LICITADO\",ORÇAMENTO.PrecoUnitarioLicitado>$AN376)),\"ACIMA REF.\",\"\")))))","v":""},{"$f":"IF(C376<=CRONO.NivelExibicao,MAX($AD$15:OFFSET(AD376,-1,0))+IF($C376<>1,1,MAX(1,COUNTIF(QCI!$A$13:$A$32,OFFSET($E376,-1,0)))),\"\")","v":""},{"$f":"IF(AND($C376=\"S\",ORÇAMENTO.CodBarra<>\"\"),IF(ORÇAMENTO.Fonte=\"\",ORÇAMENTO.CodBarra,CONCATENATE(ORÇAMENTO.Fonte,\" \",ORÇAMENTO.CodBarra)))","v":false},{"$f":"IF(ISERROR(INDIRECT(ORÇAMENTO.BancoRef)),\"(abra o arquivo 'Referência \"&Excel_BuiltIn_Database&\".xls)\",IF(OR($C376<>\"S\",ORÇAMENTO.CodBarra=\"\"),\"(Sem Código)\",IF(ISERROR(MATCH($AE376,INDIRECT(ORÇAMENTO.BancoRef),0)),\"(Código não identificado nas referências)\",MATCH($AE376,INDIRECT(ORÇAMENTO.BancoRef),0))))","v":"(abra o arquivo 'Referência 06-2023.xls)"},{"$f":"ROUND(IF(DESONERACAO=\"sim\",REFERENCIA.Desonerado,REFERENCIA.NaoDesonerado),2)","v":0},0.23530000000000001,null,null,null,null,5998.16,0]
["S",2,"S",0,{"$f":"IF($C377=1,OFFSET(E377,-1,0)+MAX(1,COUNTIF(QCI!$A$13:$A$32,OFFSET(ORÇAMENTO!E377,-1,0))),OFFSET(E377,-1,0))","v":8},6,0,0,1,0,{"$f":"IF(OR($C377=\"S\",$C377=0),0,MATCH(OFFSET($D377,0,$C377)+IF($C377<>1,1,COUNTIF(QCI!$A$13:$A$32,ORÇAMENTO!E377)),OFFSET($D377,1,$C377,ROW($C$850)-ROW($C377)),0))","v":0},"F","Serviço","Serviço","8.6.1.","SINAPI","94263","GUIA (MEIO-FIO) CONCRETO, MOLDADA  IN LOCO COM EXTRUSORA, 13 CM BASE X 22 CM ALTURA.","M",{"$f":"OFFSET(CÁLCULO!H$15,ROW($T377)-ROW(T$15),0)","v":133.5},36.369999999999997,"BDI 1",{"$f":"IF($C377=\"S\",ROUND(IF(TIPOORCAMENTO=\"Proposto\",ORÇAMENTO.CustoUnitario*(1+$AH377),ORÇAMENTO.PrecoUnitarioLicitado),15-13*$AF$10),0)","v":44.93},5998.16,"RA","RA",{"$f":"IF($C377=\"S\",IF($Z377=\"CP\",$X377,IF($Z377=\"RA\",(($X377)*QCI!$AA$3),0)),SomaAgrup)","v":5998.16},0,{"$f":"IF($N377=\"\",\"\",IF(ORÇAMENTO.Descricao=\"\",\"DESCRIÇÃO\",IF(AND($C377=\"S\",ORÇAMENTO.Unidade=\"\"),\"UNIDADE\",IF($X377<0,\"VALOR NEGATIVO\",IF(OR(AND(TIPOORCAMENTO=\"Proposto\",$AG377<>\"\",$AG377>0,ORÇAMENTO.CustoUnitario>$AG377),AND(TIPOORCAMENTO=\"LICITADO\",ORÇAMENTO.PrecoUnitarioLicitado>$AN377)),\"ACIMA REF.\",\"\")))))","v":""},{"$f":"IF(C377<=CRONO.NivelExibicao,MAX($AD$15:OFFSET(AD377,-1,0))+IF($C377<>1,1,MAX(1,COUNTIF(QCI!$A$13:$A$32,OFFSET($E377,-1,0)))),\"\")","v":""},{"$f":"IF(AND($C377=\"S\",ORÇAMENTO.CodBarra<>\"\"),IF(ORÇAMENTO.Fonte=\"\",ORÇAMENTO.CodBarra,CONCATENATE(ORÇAMENTO.Fonte,\" \",ORÇAMENTO.CodBarra)))","v":"SINAPI 94263"},{"$f":"IF(ISERROR(INDIRECT(ORÇAMENTO.BancoRef)),\"(abra o arquivo 'Referência \"&Excel_BuiltIn_Database&\".xls)\",IF(OR($C377<>\"S\",ORÇAMENTO.CodBarra=\"\"),\"(Sem Código)\",IF(ISERROR(MATCH($AE377,INDIRECT(ORÇAMENTO.BancoRef),0)),\"(Código não identificado nas referências)\",MATCH($AE377,INDIRECT(ORÇAMENTO.BancoRef),0))))","v":"(abra o arquivo 'Referência 06-2023.xls)"},{"$f":"ROUND(IF(DESONERACAO=\"sim\",REFERENCIA.Desonerado,REFERENCIA.NaoDesonerado),2)","v":0},0.23530000000000001,null,133.5,null,null,5998.16,44.93]
[2,2,2,5,{"$f":"IF($C378=1,OFFSET(E378,-1,0)+MAX(1,COUNTIF(QCI!$A$13:$A$32,OFFSET(ORÇAMENTO!E378,-1,0))),OFFSET(E378,-1,0))","v":8},7,0,0,0,5,{"$f":"IF(OR($C378=\"S\",$C378=0),0,MATCH(OFFSET($D378,0,$C378)+IF($C378<>1,1,COUNTIF(QCI!$A$13:$A$32,ORÇAMENTO!E378)),OFFSET($D378,1,$C378,ROW($C$850)-ROW($C378)),0))","v":43},"F","Nível 2","Nível 2","8.7.","SINAPI",null,"SINALIZAÇÃO","-",{"$f":"OFFSET(CÁLCULO!H$15,ROW($T378)-ROW(T$15),0)","v":0},0,"BDI 1",{"$f":"IF($C378=\"S\",ROUND(IF(TIPOORCAMENTO=\"Proposto\",ORÇAMENTO.CustoUnitario*(1+$AH378),ORÇAMENTO.PrecoUnitarioLicitado),15-13*$AF$10),0)","v":0},2740.82,"RA","",{"$f":"IF($C378=\"S\",IF($Z378=\"CP\",$X378,IF($Z378=\"RA\",(($X378)*QCI!$AA$3),0)),SomaAgrup)","v":2740.82},0,{"$f":"IF($N378=\"\",\"\",IF(ORÇAMENTO.Descricao=\"\",\"DESCRIÇÃO\",IF(AND($C378=\"S\",ORÇAMENTO.Unidade=\"\"),\"UNIDADE\",IF($X378<0,\"VALOR NEGATIVO\",IF(OR(AND(TIPOORCAMENTO=\"Proposto\",$AG378<>\"\",$AG378>0,ORÇAMENTO.CustoUnitario>$AG378),AND(TIPOORCAMENTO=\"LICITADO\",ORÇAMENTO.PrecoUnitarioLicitado>$AN378)),\"ACIMA REF.\",\"\")))))","v":""},{"$f":"IF(C378<=CRONO.NivelExibicao,MAX($AD$15:OFFSET(AD378,-1,0))+IF($C378<>1,1,MAX(1,COUNTIF(QCI!$A$13:$A$32,OFFSET($E378,-1,0)))),\"\")","v":""},{"$f":"IF(AND($C378=\"S\",ORÇAMENTO.CodBarra<>\"\"),IF(ORÇAMENTO.Fonte=\"\",ORÇAMENTO.CodBarra,CONCATENATE(ORÇAMENTO.Fonte,\" \",ORÇAMENTO.CodBarra)))","v":false},{"$f":"IF(ISERROR(INDIRECT(ORÇAMENTO.BancoRef)),\"(abra o arquivo 'Referência \"&Excel_BuiltIn_Database&\".xls)\",IF(OR($C378<>\"S\",ORÇAMENTO.CodBarra=\"\"),\"(Sem Código)\",IF(ISERROR(MATCH($AE378,INDIRECT(ORÇAMENTO.BancoRef),0)),\"(Código não identificado nas referências)\",MATCH($AE378,INDIRECT(ORÇAMENTO.BancoRef),0))))","v":"(abra o arquivo 'Referência 06-2023.xls)"},{"$f":"ROUND(IF(DESONERACAO=\"sim\",REFERENCIA.Desonerado,REFERENCIA.NaoDesonerado),2)","v":0},0.23530000000000001,null,null,null,null,2740.82,0]
["S",2,"S",0,{"$f":"IF($C379=1,OFFSET(E379,-1,0)+MAX(1,COUNTIF(QCI!$A$13:$A$32,OFFSET(ORÇAMENTO!E379,-1,0))),OFFSET(E379,-1,0))","v":8},7,0,0,1,0,{"$f":"IF(OR($C379=\"S\",$C379=0),0,MATCH(OFFSET($D379,0,$C379)+IF($C379<>1,1,COUNTIF(QCI!$A$13:$A$32,ORÇAMENTO!E379)),OFFSET($D379,1,$C379,ROW($C$850)-ROW($C379)),0))","v":0},"F","Serviço","Serviço","8.7.1.","SINAPI","72947","SINALIZACAO HORIZONTAL COM TINTA RETRORREFLETIVA A BASE DE RESINA ACRILICA COM MICROESFERAS DE VIDRO - LINHA CONTÍNUA AMARELA","M2",{"$f":"OFFSET(CÁLCULO!H$15,ROW($T379)-ROW(T$15),0)","v":21.35},17.059999999999999,"BDI 1",{"$f":"IF($C379=\"S\",ROUND(IF(TIPOORCAMENTO=\"Proposto\",ORÇAMENTO.CustoUnitario*(1+$AH379),ORÇAMENTO.PrecoUnitarioLicitado),15-13*$AF$10),0)","v":21.07},449.84,"RA","RA",{"$f":"IF($C379=\"S\",IF($Z379=\"CP\",$X379,IF($Z379=\"RA\",(($X379)*QCI!$AA$3),0)),SomaAgrup)","v":449.84},0,{"$f":"IF($N379=\"\",\"\",IF(ORÇAMENTO.Descricao=\"\",\"DESCRIÇÃO\",IF(AND($C379=\"S\",ORÇAMENTO.Unidade=\"\"),\"UNIDADE\",IF($X379<0,\"VALOR NEGATIVO\",IF(OR(AND(TIPOORCAMENTO=\"Proposto\",$AG379<>\"\",$AG379>0,ORÇAMENTO.CustoUnitario>$AG379),AND(TIPOORCAMENTO=\"LICITADO\",ORÇAMENTO.PrecoUnitarioLicitado>$AN379)),\"ACIMA REF.\",\"\")))))","v":""},{"$f":"IF(C379<=CRONO.NivelExibicao,MAX($AD$15:OFFSET(AD379,-1,0))+IF($C379<>1,1,MAX(1,COUNTIF(QCI!$A$13:$A$32,OFFSET($E379,-1,0)))),\"\")","v":""},{"$f":"IF(AND($C379=\"S\",ORÇAMENTO.CodBarra<>\"\"),IF(ORÇAMENTO.Fonte=\"\",ORÇAMENTO.CodBarra,CONCATENATE(ORÇAMENTO.Fonte,\" \",ORÇAMENTO.CodBarra)))","v":"SINAPI 72947"},{"$f":"IF(ISERROR(INDIRECT(ORÇAMENTO.BancoRef)),\"(abra o arquivo 'Referência \"&Excel_BuiltIn_Database&\".xls)\",IF(OR($C379<>\"S\",ORÇAMENTO.CodBarra=\"\"),\"(Sem Código)\",IF(ISERROR(MATCH($AE379,INDIRECT(ORÇAMENTO.BancoRef),0)),\"(Código não identificado nas referências)\",MATCH($AE379,INDIRECT(ORÇAMENTO.BancoRef),0))))","v":"(abra o arquivo 'Referência 06-2023.xls)"},{"$f":"ROUND(IF(DESONERACAO=\"sim\",REFERENCIA.Desonerado,REFERENCIA.NaoDesonerado),2)","v":0},0.23530000000000001,null,21.35,null,null,449.84,21.07]
["S",2,"S",0,{"$f":"IF($C380=1,OFFSET(E380,-1,0)+MAX(1,COUNTIF(QCI!$A$13:$A$32,OFFSET(ORÇAMENTO!E380,-1,0))),OFFSET(E380,-1,0))","v":8},7,0,0,2,0,{"$f":"IF(OR($C380=\"S\",$C380=0),0,MATCH(OFFSET($D380,0,$C380)+IF($C380<>1,1,COUNTIF(QCI!$A$13:$A$32,ORÇAMENTO!E380)),OFFSET($D380,1,$C380,ROW($C$850)-ROW($C380)),0))","v":0},"F","Serviço","Serviço","8.7.2.","SINAPI","72947","SINALIZACAO HORIZONTAL COM TINTA RETRORREFLETIVA A BASE DE RESINA ACRILICA COM MICROESFERAS DE VIDRO - LINHA CONTÍNUA BRANCA","M2",{"$f":"OFFSET(CÁLCULO!H$15,ROW($T380)-ROW(T$15),0)","v":46.25},17.059999999999999,"BDI 1",{"$f":"IF($C380=\"S\",ROUND(IF(TIPOORCAMENTO=\"Proposto\",ORÇAMENTO.CustoUnitario*(1+$AH380),ORÇAMENTO.PrecoUnitarioLicitado),15-13*$AF$10),0)","v":21.07},974.49,"RA","RA",{"$f":"IF($C380=\"S\",IF($Z380=\"CP\",$X380,IF($Z380=\"RA\",(($X380)*QCI!$AA$3),0)),SomaAgrup)","v":974.49},0,{"$f":"IF($N380=\"\",\"\",IF(ORÇAMENTO.Descricao=\"\",\"DESCRIÇÃO\",IF(AND($C380=\"S\",ORÇAMENTO.Unidade=\"\"),\"UNIDADE\",IF($X380<0,\"VALOR NEGATIVO\",IF(OR(AND(TIPOORCAMENTO=\"Proposto\",$AG380<>\"\",$AG380>0,ORÇAMENTO.CustoUnitario>$AG380),AND(TIPOORCAMENTO=\"LICITADO\",ORÇAMENTO.PrecoUnitarioLicitado>$AN380)),\"ACIMA REF.\",\"\")))))","v":""},{"$f":"IF(C380<=CRONO.NivelExibicao,MAX($AD$15:OFFSET(AD380,-1,0))+IF($C380<>1,1,MAX(1,COUNTIF(QCI!$A$13:$A$32,OFFSET($E380,-1,0)))),\"\")","v":""},{"$f":"IF(AND($C380=\"S\",ORÇAMENTO.CodBarra<>\"\"),IF(ORÇAMENTO.Fonte=\"\",ORÇAMENTO.CodBarra,CONCATENATE(ORÇAMENTO.Fonte,\" \",ORÇAMENTO.CodBarra)))","v":"SINAPI 72947"},{"$f":"IF(ISERROR(INDIRECT(ORÇAMENTO.BancoRef)),\"(abra o arquivo 'Referência \"&Excel_BuiltIn_Database&\".xls)\",IF(OR($C380<>\"S\",ORÇAMENTO.CodBarra=\"\"),\"(Sem Código)\",IF(ISERROR(MATCH($AE380,INDIRECT(ORÇAMENTO.BancoRef),0)),\"(Código não identificado nas referências)\",MATCH($AE380,INDIRECT(ORÇAMENTO.BancoRef),0))))","v":"(abra o arquivo 'Referência 06-2023.xls)"},{"$f":"ROUND(IF(DESONERACAO=\"sim\",REFERENCIA.Desonerado,REFERENCIA.NaoDesonerado),2)","v":0},0.23530000000000001,null,46.25,null,null,974.49,21.07]
["S",2,"S",0,{"$f":"IF($C381=1,OFFSET(E381,-1,0)+MAX(1,COUNTIF(QCI!$A$13:$A$32,OFFSET(ORÇAMENTO!E381,-1,0))),OFFSET(E381,-1,0))","v":8},7,0,0,3,0,{"$f":"IF(OR($C381=\"S\",$C381=0),0,MATCH(OFFSET($D381,0,$C381)+IF($C381<>1,1,COUNTIF(QCI!$A$13:$A$32,ORÇAMENTO!E381)),OFFSET($D381,1,$C381,ROW($C$850)-ROW($C381)),0))","v":0},"F","Serviço","Serviço","8.7.3.","AMMOC",340,"PLACA DE SINALIZAÇÃO VIARIA CIRCULAR D = 50 CM, COM SUPORTE DE ACO GALVANIZADO D = 50 MM E ALTURA = 3M INCLUSIVE BASE DE CONCRETO MAGRO","UN",{"$f":"OFFSET(CÁLCULO!H$15,ROW($T381)-ROW(T$15),0)","v":2},365.01,"BDI 1",{"$f":"IF($C381=\"S\",ROUND(IF(TIPOORCAMENTO=\"Proposto\",ORÇAMENTO.CustoUnitario*(1+$AH381),ORÇAMENTO.PrecoUnitarioLicitado),15-13*$AF$10),0)","v":450.9},901.8,"RA","RA",{"$f":"IF($C381=\"S\",IF($Z381=\"CP\",$X381,IF($Z381=\"RA\",(($X381)*QCI!$AA$3),0)),SomaAgrup)","v":901.8},0,{"$f":"IF($N381=\"\",\"\",IF(ORÇAMENTO.Descricao=\"\",\"DESCRIÇÃO\",IF(AND($C381=\"S\",ORÇAMENTO.Unidade=\"\"),\"UNIDADE\",IF($X381<0,\"VALOR NEGATIVO\",IF(OR(AND(TIPOORCAMENTO=\"Proposto\",$AG381<>\"\",$AG381>0,ORÇAMENTO.CustoUnitario>$AG381),AND(TIPOORCAMENTO=\"LICITADO\",ORÇAMENTO.PrecoUnitarioLicitado>$AN381)),\"ACIMA REF.\",\"\")))))","v":""},{"$f":"IF(C381<=CRONO.NivelExibicao,MAX($AD$15:OFFSET(AD381,-1,0))+IF($C381<>1,1,MAX(1,COUNTIF(QCI!$A$13:$A$32,OFFSET($E381,-1,0)))),\"\")","v":""},{"$f":"IF(AND($C381=\"S\",ORÇAMENTO.CodBarra<>\"\"),IF(ORÇAMENTO.Fonte=\"\",ORÇAMENTO.CodBarra,CONCATENATE(ORÇAMENTO.Fonte,\" \",ORÇAMENTO.CodBarra)))","v":"AMMOC 340"},{"$f":"IF(ISERROR(INDIRECT(ORÇAMENTO.BancoRef)),\"(abra o arquivo 'Referência \"&Excel_BuiltIn_Database&\".xls)\",IF(OR($C381<>\"S\",ORÇAMENTO.CodBarra=\"\"),\"(Sem Código)\",IF(ISERROR(MATCH($AE381,INDIRECT(ORÇAMENTO.BancoRef),0)),\"(Código não identificado nas referências)\",MATCH($AE381,INDIRECT(ORÇAMENTO.BancoRef),0))))","v":"(abra o arquivo 'Referência 06-2023.xls)"},{"$f":"ROUND(IF(DESONERACAO=\"sim\",REFERENCIA.Desonerado,REFERENCIA.NaoDesonerado),2)","v":0},0.23530000000000001,null,2,null,null,901.8,450.9]
["S",2,"S",0,{"$f":"IF($C382=1,OFFSET(E382,-1,0)+MAX(1,COUNTIF(QCI!$A$13:$A$32,OFFSET(ORÇAMENTO!E382,-1,0))),OFFSET(E382,-1,0))","v":8},7,0,0,4,0,{"$f":"IF(OR($C382=\"S\",$C382=0),0,MATCH(OFFSET($D382,0,$C382)+IF($C382<>1,1,COUNTIF(QCI!$A$13:$A$32,ORÇAMENTO!E382)),OFFSET($D382,1,$C382,ROW($C$850)-ROW($C382)),0))","v":0},"F","Serviço","Serviço","8.7.4.","AMMOC","PLRUA","PLACA DE IDENTIFICACAO DE RUA (1 PLACA 45 CM X 20 CM), COM SUPORTE DE ACO GALVANIZADO D = 50 MM E ALTURA = 3 M, INCLUSIVE BASE DE CONCRETO MAGRO","UND",{"$f":"OFFSET(CÁLCULO!H$15,ROW($T382)-ROW(T$15),0)","v":1},335.7,"BDI 1",{"$f":"IF($C382=\"S\",ROUND(IF(TIPOORCAMENTO=\"Proposto\",ORÇAMENTO.CustoUnitario*(1+$AH382),ORÇAMENTO.PrecoUnitarioLicitado),15-13*$AF$10),0)","v":414.69},414.69,"RA","RA",{"$f":"IF($C382=\"S\",IF($Z382=\"CP\",$X382,IF($Z382=\"RA\",(($X382)*QCI!$AA$3),0)),SomaAgrup)","v":414.69},0,{"$f":"IF($N382=\"\",\"\",IF(ORÇAMENTO.Descricao=\"\",\"DESCRIÇÃO\",IF(AND($C382=\"S\",ORÇAMENTO.Unidade=\"\"),\"UNIDADE\",IF($X382<0,\"VALOR NEGATIVO\",IF(OR(AND(TIPOORCAMENTO=\"Proposto\",$AG382<>\"\",$AG382>0,ORÇAMENTO.CustoUnitario>$AG382),AND(TIPOORCAMENTO=\"LICITADO\",ORÇAMENTO.PrecoUnitarioLicitado>$AN382)),\"ACIMA REF.\",\"\")))))","v":""},{"$f":"IF(C382<=CRONO.NivelExibicao,MAX($AD$15:OFFSET(AD382,-1,0))+IF($C382<>1,1,MAX(1,COUNTIF(QCI!$A$13:$A$32,OFFSET($E382,-1,0)))),\"\")","v":""},{"$f":"IF(AND($C382=\"S\",ORÇAMENTO.CodBarra<>\"\"),IF(ORÇAMENTO.Fonte=\"\",ORÇAMENTO.CodBarra,CONCATENATE(ORÇAMENTO.Fonte,\" \",ORÇAMENTO.CodBarra)))","v":"AMMOC PLRUA"},{"$f":"IF(ISERROR(INDIRECT(ORÇAMENTO.BancoRef)),\"(abra o arquivo 'Referência \"&Excel_BuiltIn_Database&\".xls)\",IF(OR($C382<>\"S\",ORÇAMENTO.CodBarra=\"\"),\"(Sem Código)\",IF(ISERROR(MATCH($AE382,INDIRECT(ORÇAMENTO.BancoRef),0)),\"(Código não identificado nas referências)\",MATCH($AE382,INDIRECT(ORÇAMENTO.BancoRef),0))))","v":"(abra o arquivo 'Referência 06-2023.xls)"},{"$f":"ROUND(IF(DESONERACAO=\"sim\",REFERENCIA.Desonerado,REFERENCIA.NaoDesonerado),2)","v":0},0.23530000000000001,null,1,null,null,414.69,414.69]
[1,1,1,55,{"$f":"IF($C383=1,OFFSET(E383,-1,0)+MAX(1,COUNTIF(QCI!$A$13:$A$32,OFFSET(ORÇAMENTO!E383,-1,0))),OFFSET(E383,-1,0))","v":9},0,0,0,0,467,{"$f":"IF(OR($C383=\"S\",$C383=0),0,MATCH(OFFSET($D383,0,$C383)+IF($C383<>1,1,COUNTIF(QCI!$A$13:$A$32,ORÇAMENTO!E383)),OFFSET($D383,1,$C383,ROW($C$850)-ROW($C383)),0))","v":55},"F","Meta","Meta","9.","SINAPI",null,"RUA JOSE A SCHNEIDER","-",{"$f":"OFFSET(CÁLCULO!H$15,ROW($T383)-ROW(T$15),0)","v":0},0,"BDI 1",{"$f":"IF($C383=\"S\",ROUND(IF(TIPOORCAMENTO=\"Proposto\",ORÇAMENTO.CustoUnitario*(1+$AH383),ORÇAMENTO.PrecoUnitarioLicitado),15-13*$AF$10),0)","v":0},275602.67,"RA","",{"$f":"IF($C383=\"S\",IF($Z383=\"CP\",$X383,IF($Z383=\"RA\",(($X383)*QCI!$AA$3),0)),SomaAgrup)","v":275602.67},0,{"$f":"IF($N383=\"\",\"\",IF(ORÇAMENTO.Descricao=\"\",\"DESCRIÇÃO\",IF(AND($C383=\"S\",ORÇAMENTO.Unidade=\"\"),\"UNIDADE\",IF($X383<0,\"VALOR NEGATIVO\",IF(OR(AND(TIPOORCAMENTO=\"Proposto\",$AG383<>\"\",$AG383>0,ORÇAMENTO.CustoUnitario>$AG383),AND(TIPOORCAMENTO=\"LICITADO\",ORÇAMENTO.PrecoUnitarioLicitado>$AN383)),\"ACIMA REF.\",\"\")))))","v":""},{"$f":"IF(C383<=CRONO.NivelExibicao,MAX($AD$15:OFFSET(AD383,-1,0))+IF($C383<>1,1,MAX(1,COUNTIF(QCI!$A$13:$A$32,OFFSET($E383,-1,0)))),\"\")","v":9},{"$f":"IF(AND($C383=\"S\",ORÇAMENTO.CodBarra<>\"\"),IF(ORÇAMENTO.Fonte=\"\",ORÇAMENTO.CodBarra,CONCATENATE(ORÇAMENTO.Fonte,\" \",ORÇAMENTO.CodBarra)))","v":false},{"$f":"IF(ISERROR(INDIRECT(ORÇAMENTO.BancoRef)),\"(abra o arquivo 'Referência \"&Excel_BuiltIn_Database&\".xls)\",IF(OR($C383<>\"S\",ORÇAMENTO.CodBarra=\"\"),\"(Sem Código)\",IF(ISERROR(MATCH($AE383,INDIRECT(ORÇAMENTO.BancoRef),0)),\"(Código não identificado nas referências)\",MATCH($AE383,INDIRECT(ORÇAMENTO.BancoRef),0))))","v":"(abra o arquivo 'Referência 06-2023.xls)"},{"$f":"ROUND(IF(DESONERACAO=\"sim\",REFERENCIA.Desonerado,REFERENCIA.NaoDesonerado),2)","v":0},0.23530000000000001,null,null,null,null,275602.67,0]
[2,2,2,2,{"$f":"IF($C384=1,OFFSET(E384,-1,0)+MAX(1,COUNTIF(QCI!$A$13:$A$32,OFFSET(ORÇAMENTO!E384,-1,0))),OFFSET(E384,-1,0))","v":9},1,0,0,0,54,{"$f":"IF(OR($C384=\"S\",$C384=0),0,MATCH(OFFSET($D384,0,$C384)+IF($C384<>1,1,COUNTIF(QCI!$A$13:$A$32,ORÇAMENTO!E384)),OFFSET($D384,1,$C384,ROW($C$850)-ROW($C384)),0))","v":2},"F","Nível 2","Nível 2","9.1.","SINAPI",null,"SERVIÇOS INICIAIS","-",{"$f":"OFFSET(CÁLCULO!H$15,ROW($T384)-ROW(T$15),0)","v":0},0,"BDI 1",{"$f":"IF($C384=\"S\",ROUND(IF(TIPOORCAMENTO=\"Proposto\",ORÇAMENTO.CustoUnitario*(1+$AH384),ORÇAMENTO.PrecoUnitarioLicitado),15-13*$AF$10),0)","v":0},153.52000000000001,"RA","",{"$f":"IF($C384=\"S\",IF($Z384=\"CP\",$X384,IF($Z384=\"RA\",(($X384)*QCI!$AA$3),0)),SomaAgrup)","v":153.52000000000001},0,{"$f":"IF($N384=\"\",\"\",IF(ORÇAMENTO.Descricao=\"\",\"DESCRIÇÃO\",IF(AND($C384=\"S\",ORÇAMENTO.Unidade=\"\"),\"UNIDADE\",IF($X384<0,\"VALOR NEGATIVO\",IF(OR(AND(TIPOORCAMENTO=\"Proposto\",$AG384<>\"\",$AG384>0,ORÇAMENTO.CustoUnitario>$AG384),AND(TIPOORCAMENTO=\"LICITADO\",ORÇAMENTO.PrecoUnitarioLicitado>$AN384)),\"ACIMA REF.\",\"\")))))","v":""},{"$f":"IF(C384<=CRONO.NivelExibicao,MAX($AD$15:OFFSET(AD384,-1,0))+IF($C384<>1,1,MAX(1,COUNTIF(QCI!$A$13:$A$32,OFFSET($E384,-1,0)))),\"\")","v":""},{"$f":"IF(AND($C384=\"S\",ORÇAMENTO.CodBarra<>\"\"),IF(ORÇAMENTO.Fonte=\"\",ORÇAMENTO.CodBarra,CONCATENATE(ORÇAMENTO.Fonte,\" \",ORÇAMENTO.CodBarra)))","v":false},{"$f":"IF(ISERROR(INDIRECT(ORÇAMENTO.BancoRef)),\"(abra o arquivo 'Referência \"&Excel_BuiltIn_Database&\".xls)\",IF(OR($C384<>\"S\",ORÇAMENTO.CodBarra=\"\"),\"(Sem Código)\",IF(ISERROR(MATCH($AE384,INDIRECT(ORÇAMENTO.BancoRef),0)),\"(Código não identificado nas referências)\",MATCH($AE384,INDIRECT(ORÇAMENTO.BancoRef),0))))","v":"(abra o arquivo 'Referência 06-2023.xls)"},{"$f":"ROUND(IF(DESONERACAO=\"sim\",REFERENCIA.Desonerado,REFERENCIA.NaoDesonerado),2)","v":0},0.23530000000000001,null,null,null,null,153.52000000000001,0]
["S",2,"S",0,{"$f":"IF($C385=1,OFFSET(E385,-1,0)+MAX(1,COUNTIF(QCI!$A$13:$A$32,OFFSET(ORÇAMENTO!E385,-1,0))),OFFSET(E385,-1,0))","v":9},1,0,0,1,0,{"$f":"IF(OR($C385=\"S\",$C385=0),0,MATCH(OFFSET($D385,0,$C385)+IF($C385<>1,1,COUNTIF(QCI!$A$13:$A$32,ORÇAMENTO!E385)),OFFSET($D385,1,$C385,ROW($C$850)-ROW($C385)),0))","v":0},"F","Serviço","Serviço","9.1.1.","SINAPI","99064","LOCAÇÃO DE PAVIMENTAÇÃO","M",{"$f":"OFFSET(CÁLCULO!H$15,ROW($T385)-ROW(T$15),0)","v":260.20999999999998},0.48,"BDI 1",{"$f":"IF($C385=\"S\",ROUND(IF(TIPOORCAMENTO=\"Proposto\",ORÇAMENTO.CustoUnitario*(1+$AH385),ORÇAMENTO.PrecoUnitarioLicitado),15-13*$AF$10),0)","v":0.59},153.52000000000001,"RA","RA",{"$f":"IF($C385=\"S\",IF($Z385=\"CP\",$X385,IF($Z385=\"RA\",(($X385)*QCI!$AA$3),0)),SomaAgrup)","v":153.52000000000001},0,{"$f":"IF($N385=\"\",\"\",IF(ORÇAMENTO.Descricao=\"\",\"DESCRIÇÃO\",IF(AND($C385=\"S\",ORÇAMENTO.Unidade=\"\"),\"UNIDADE\",IF($X385<0,\"VALOR NEGATIVO\",IF(OR(AND(TIPOORCAMENTO=\"Proposto\",$AG385<>\"\",$AG385>0,ORÇAMENTO.CustoUnitario>$AG385),AND(TIPOORCAMENTO=\"LICITADO\",ORÇAMENTO.PrecoUnitarioLicitado>$AN385)),\"ACIMA REF.\",\"\")))))","v":""},{"$f":"IF(C385<=CRONO.NivelExibicao,MAX($AD$15:OFFSET(AD385,-1,0))+IF($C385<>1,1,MAX(1,COUNTIF(QCI!$A$13:$A$32,OFFSET($E385,-1,0)))),\"\")","v":""},{"$f":"IF(AND($C385=\"S\",ORÇAMENTO.CodBarra<>\"\"),IF(ORÇAMENTO.Fonte=\"\",ORÇAMENTO.CodBarra,CONCATENATE(ORÇAMENTO.Fonte,\" \",ORÇAMENTO.CodBarra)))","v":"SINAPI 99064"},{"$f":"IF(ISERROR(INDIRECT(ORÇAMENTO.BancoRef)),\"(abra o arquivo 'Referência \"&Excel_BuiltIn_Database&\".xls)\",IF(OR($C385<>\"S\",ORÇAMENTO.CodBarra=\"\"),\"(Sem Código)\",IF(ISERROR(MATCH($AE385,INDIRECT(ORÇAMENTO.BancoRef),0)),\"(Código não identificado nas referências)\",MATCH($AE385,INDIRECT(ORÇAMENTO.BancoRef),0))))","v":"(abra o arquivo 'Referência 06-2023.xls)"},{"$f":"ROUND(IF(DESONERACAO=\"sim\",REFERENCIA.Desonerado,REFERENCIA.NaoDesonerado),2)","v":0},0.23530000000000001,null,260.20999999999998,null,null,153.52000000000001,0.59]
[2,2,2,2,{"$f":"IF($C386=1,OFFSET(E386,-1,0)+MAX(1,COUNTIF(QCI!$A$13:$A$32,OFFSET(ORÇAMENTO!E386,-1,0))),OFFSET(E386,-1,0))","v":9},2,0,0,0,52,{"$f":"IF(OR($C386=\"S\",$C386=0),0,MATCH(OFFSET($D386,0,$C386)+IF($C386<>1,1,COUNTIF(QCI!$A$13:$A$32,ORÇAMENTO!E386)),OFFSET($D386,1,$C386,ROW($C$850)-ROW($C386)),0))","v":2},"F","Nível 2","Nível 2","9.2.","SINAPI",null,"SINALIZAÇÃO E SEGURANÇA","-",{"$f":"OFFSET(CÁLCULO!H$15,ROW($T386)-ROW(T$15),0)","v":0},0,"BDI 1",{"$f":"IF($C386=\"S\",ROUND(IF(TIPOORCAMENTO=\"Proposto\",ORÇAMENTO.CustoUnitario*(1+$AH386),ORÇAMENTO.PrecoUnitarioLicitado),15-13*$AF$10),0)","v":0},1752.14,"RA","",{"$f":"IF($C386=\"S\",IF($Z386=\"CP\",$X386,IF($Z386=\"RA\",(($X386)*QCI!$AA$3),0)),SomaAgrup)","v":1752.14},0,{"$f":"IF($N386=\"\",\"\",IF(ORÇAMENTO.Descricao=\"\",\"DESCRIÇÃO\",IF(AND($C386=\"S\",ORÇAMENTO.Unidade=\"\"),\"UNIDADE\",IF($X386<0,\"VALOR NEGATIVO\",IF(OR(AND(TIPOORCAMENTO=\"Proposto\",$AG386<>\"\",$AG386>0,ORÇAMENTO.CustoUnitario>$AG386),AND(TIPOORCAMENTO=\"LICITADO\",ORÇAMENTO.PrecoUnitarioLicitado>$AN386)),\"ACIMA REF.\",\"\")))))","v":""},{"$f":"IF(C386<=CRONO.NivelExibicao,MAX($AD$15:OFFSET(AD386,-1,0))+IF($C386<>1,1,MAX(1,COUNTIF(QCI!$A$13:$A$32,OFFSET($E386,-1,0)))),\"\")","v":""},{"$f":"IF(AND($C386=\"S\",ORÇAMENTO.CodBarra<>\"\"),IF(ORÇAMENTO.Fonte=\"\",ORÇAMENTO.CodBarra,CONCATENATE(ORÇAMENTO.Fonte,\" \",ORÇAMENTO.CodBarra)))","v":false},{"$f":"IF(ISERROR(INDIRECT(ORÇAMENTO.BancoRef)),\"(abra o arquivo 'Referência \"&Excel_BuiltIn_Database&\".xls)\",IF(OR($C386<>\"S\",ORÇAMENTO.CodBarra=\"\"),\"(Sem Código)\",IF(ISERROR(MATCH($AE386,INDIRECT(ORÇAMENTO.BancoRef),0)),\"(Código não identificado nas referências)\",MATCH($AE386,INDIRECT(ORÇAMENTO.BancoRef),0))))","v":"(abra o arquivo 'Referência 06-2023.xls)"},{"$f":"ROUND(IF(DESONERACAO=\"sim\",REFERENCIA.Desonerado,REFERENCIA.NaoDesonerado),2)","v":0},0.23530000000000001,null,null,null,null,1752.14,0]
["S",{"$f":"IF(OR(C387=\"s\",C387=0),OFFSET(B387,-1,0),C387)","v":2},{"$f":"IF(OFFSET(C387,-1,0)=\"L\",1,IF(OFFSET(C387,-1,0)=1,2,IF(OR(A387=\"s\",A387=0),\"S\",IF(AND(OFFSET(C387,-1,0)=2,A387=4),3,IF(AND(OR(OFFSET(C387,-1,0)=\"s\",OFFSET(C387,-1,0)=0),A387<>\"s\",A387>OFFSET(B387,-1,0)),OFFSET(B387,-1,0),A387)))))","v":"S"},{"$f":"IF(OR(C387=\"S\",C387=0),0,IF(ISERROR(K387),J387,SMALL(J387:K387,1)))","v":0},{"$f":"IF($C387=1,OFFSET(E387,-1,0)+MAX(1,COUNTIF(QCI!$A$13:$A$32,OFFSET(ORÇAMENTO!E387,-1,0))),OFFSET(E387,-1,0))","v":9},{"$f":"IF($C387=1,0,IF($C387=2,OFFSET(F387,-1,0)+1,OFFSET(F387,-1,0)))","v":2},{"$f":"IF(AND($C387<=2,$C387<>0),0,IF($C387=3,OFFSET(G387,-1,0)+1,OFFSET(G387,-1,0)))","v":0},{"$f":"IF(AND($C387<=3,$C387<>0),0,IF($C387=4,OFFSET(H387,-1,0)+1,OFFSET(H387,-1,0)))","v":0},{"$f":"IF(AND($C387<=4,$C387<>0),0,IF(AND($C387=\"S\",$X387>0),OFFSET(I387,-1,0)+1,OFFSET(I387,-1,0)))","v":1},0,{"$f":"IF(OR($C387=\"S\",$C387=0),0,MATCH(OFFSET($D387,0,$C387)+IF($C387<>1,1,COUNTIF(QCI!$A$13:$A$32,ORÇAMENTO!E387)),OFFSET($D387,1,$C387,ROW($C$850)-ROW($C387)),0))","v":0},{"$f":"IF(OR($X387>0,$C387=1,$C387=2,$C387=3,$C387=4),\"F\",\"\")","v":"F"},"Serviço",{"$f":"CHOOSE(1+LOG(1+2*(C387=1)+4*(C387=2)+8*(C387=3)+16*(C387=4)+32*(C387=\"S\"),2),\"\",\"Meta\",\"Nível 2\",\"Nível 3\",\"Nível 4\",\"Serviço\")","v":"Serviço"},{"$f":"IF(OR($C387=0,$L387=\"\"),\"-\",CONCATENATE(E387&\".\",IF(AND($A$5>=2,$C387>=2),F387&\".\",\"\"),IF(AND($A$5>=3,$C387>=3),G387&\".\",\"\"),IF(AND($A$5>=4,$C387>=4),H387&\".\",\"\"),IF($C387=\"S\",I387&\".\",\"\")))","v":"9.2.1."},"AMMOC","SIN","SINALIZAÇÃO COM TELA PLASTICA TIPO TAPUME FIXADA EM CONE PLÁSTICO, INCLUINDO CONE","M",{"$f":"OFFSET(CÁLCULO!H$15,ROW($T387)-ROW(T$15),0)","v":101.75},13.94,"BDI 1",{"$f":"IF($C387=\"S\",ROUND(IF(TIPOORCAMENTO=\"Proposto\",ORÇAMENTO.CustoUnitario*(1+$AH387),ORÇAMENTO.PrecoUnitarioLicitado),15-13*$AF$10),0)","v":17.22},1752.14,"RA",{"$f":"IF(AND($C387=\"S\",$X387>0),IF(ISBLANK($Y387),\"RA\",LEFT($Y387,2)),\"\")","v":"RA"},{"$f":"IF($C387=\"S\",IF($Z387=\"CP\",$X387,IF($Z387=\"RA\",(($X387)*QCI!$AA$3),0)),SomaAgrup)","v":1752.14},0,{"$f":"IF($N387=\"\",\"\",IF(ORÇAMENTO.Descricao=\"\",\"DESCRIÇÃO\",IF(AND($C387=\"S\",ORÇAMENTO.Unidade=\"\"),\"UNIDADE\",IF($X387<0,\"VALOR NEGATIVO\",IF(OR(AND(TIPOORCAMENTO=\"Proposto\",$AG387<>\"\",$AG387>0,ORÇAMENTO.CustoUnitario>$AG387),AND(TIPOORCAMENTO=\"LICITADO\",ORÇAMENTO.PrecoUnitarioLicitado>$AN387)),\"ACIMA REF.\",\"\")))))","v":""},{"$f":"IF(C387<=CRONO.NivelExibicao,MAX($AD$15:OFFSET(AD387,-1,0))+IF($C387<>1,1,MAX(1,COUNTIF(QCI!$A$13:$A$32,OFFSET($E387,-1,0)))),\"\")","v":""},{"$f":"IF(AND($C387=\"S\",ORÇAMENTO.CodBarra<>\"\"),IF(ORÇAMENTO.Fonte=\"\",ORÇAMENTO.CodBarra,CONCATENATE(ORÇAMENTO.Fonte,\" \",ORÇAMENTO.CodBarra)))","v":"AMMOC SIN"},{"$f":"IF(ISERROR(INDIRECT(ORÇAMENTO.BancoRef)),\"(abra o arquivo 'Referência \"&Excel_BuiltIn_Database&\".xls)\",IF(OR($C387<>\"S\",ORÇAMENTO.CodBarra=\"\"),\"(Sem Código)\",IF(ISERROR(MATCH($AE387,INDIRECT(ORÇAMENTO.BancoRef),0)),\"(Código não identificado nas referências)\",MATCH($AE387,INDIRECT(ORÇAMENTO.BancoRef),0))))","v":"(abra o arquivo 'Referência 06-2023.xls)"},{"$f":"ROUND(IF(DESONERACAO=\"sim\",REFERENCIA.Desonerado,REFERENCIA.NaoDesonerado),2)","v":0},0.23530000000000001,null,101.75,null,null,{"$f":"$X387","v":1752.14},17.22]
[2,2,2,4,{"$f":"IF($C388=1,OFFSET(E388,-1,0)+MAX(1,COUNTIF(QCI!$A$13:$A$32,OFFSET(ORÇAMENTO!E388,-1,0))),OFFSET(E388,-1,0))","v":9},3,0,0,0,50,{"$f":"IF(OR($C388=\"S\",$C388=0),0,MATCH(OFFSET($D388,0,$C388)+IF($C388<>1,1,COUNTIF(QCI!$A$13:$A$32,ORÇAMENTO!E388)),OFFSET($D388,1,$C388,ROW($C$850)-ROW($C388)),0))","v":4},"F","Nível 2","Nível 2","9.3.","SINAPI",null,"DEMOLIÇÕES E REMOÇÕES","-",{"$f":"OFFSET(CÁLCULO!H$15,ROW($T388)-ROW(T$15),0)","v":0},0,"BDI 1",{"$f":"IF($C388=\"S\",ROUND(IF(TIPOORCAMENTO=\"Proposto\",ORÇAMENTO.CustoUnitario*(1+$AH388),ORÇAMENTO.PrecoUnitarioLicitado),15-13*$AF$10),0)","v":0},140.88999999999999,"RA","",{"$f":"IF($C388=\"S\",IF($Z388=\"CP\",$X388,IF($Z388=\"RA\",(($X388)*QCI!$AA$3),0)),SomaAgrup)","v":140.88999999999999},0,{"$f":"IF($N388=\"\",\"\",IF(ORÇAMENTO.Descricao=\"\",\"DESCRIÇÃO\",IF(AND($C388=\"S\",ORÇAMENTO.Unidade=\"\"),\"UNIDADE\",IF($X388<0,\"VALOR NEGATIVO\",IF(OR(AND(TIPOORCAMENTO=\"Proposto\",$AG388<>\"\",$AG388>0,ORÇAMENTO.CustoUnitario>$AG388),AND(TIPOORCAMENTO=\"LICITADO\",ORÇAMENTO.PrecoUnitarioLicitado>$AN388)),\"ACIMA REF.\",\"\")))))","v":""},{"$f":"IF(C388<=CRONO.NivelExibicao,MAX($AD$15:OFFSET(AD388,-1,0))+IF($C388<>1,1,MAX(1,COUNTIF(QCI!$A$13:$A$32,OFFSET($E388,-1,0)))),\"\")","v":""},{"$f":"IF(AND($C388=\"S\",ORÇAMENTO.CodBarra<>\"\"),IF(ORÇAMENTO.Fonte=\"\",ORÇAMENTO.CodBarra,CONCATENATE(ORÇAMENTO.Fonte,\" \",ORÇAMENTO.CodBarra)))","v":false},{"$f":"IF(ISERROR(INDIRECT(ORÇAMENTO.BancoRef)),\"(abra o arquivo 'Referência \"&Excel_BuiltIn_Database&\".xls)\",IF(OR($C388<>\"S\",ORÇAMENTO.CodBarra=\"\"),\"(Sem Código)\",IF(ISERROR(MATCH($AE388,INDIRECT(ORÇAMENTO.BancoRef),0)),\"(Código não identificado nas referências)\",MATCH($AE388,INDIRECT(ORÇAMENTO.BancoRef),0))))","v":"(abra o arquivo 'Referência 06-2023.xls)"},{"$f":"ROUND(IF(DESONERACAO=\"sim\",REFERENCIA.Desonerado,REFERENCIA.NaoDesonerado),2)","v":0},0.23530000000000001,null,null,null,null,140.88999999999999,0]
["S",{"$f":"IF(OR(C389=\"s\",C389=0),OFFSET(B389,-1,0),C389)","v":2},{"$f":"IF(OFFSET(C389,-1,0)=\"L\",1,IF(OFFSET(C389,-1,0)=1,2,IF(OR(A389=\"s\",A389=0),\"S\",IF(AND(OFFSET(C389,-1,0)=2,A389=4),3,IF(AND(OR(OFFSET(C389,-1,0)=\"s\",OFFSET(C389,-1,0)=0),A389<>\"s\",A389>OFFSET(B389,-1,0)),OFFSET(B389,-1,0),A389)))))","v":"S"},{"$f":"IF(OR(C389=\"S\",C389=0),0,IF(ISERROR(K389),J389,SMALL(J389:K389,1)))","v":0},{"$f":"IF($C389=1,OFFSET(E389,-1,0)+MAX(1,COUNTIF(QCI!$A$13:$A$32,OFFSET(ORÇAMENTO!E389,-1,0))),OFFSET(E389,-1,0))","v":9},{"$f":"IF($C389=1,0,IF($C389=2,OFFSET(F389,-1,0)+1,OFFSET(F389,-1,0)))","v":3},{"$f":"IF(AND($C389<=2,$C389<>0),0,IF($C389=3,OFFSET(G389,-1,0)+1,OFFSET(G389,-1,0)))","v":0},{"$f":"IF(AND($C389<=3,$C389<>0),0,IF($C389=4,OFFSET(H389,-1,0)+1,OFFSET(H389,-1,0)))","v":0},{"$f":"IF(AND($C389<=4,$C389<>0),0,IF(AND($C389=\"S\",$X389>0),OFFSET(I389,-1,0)+1,OFFSET(I389,-1,0)))","v":1},0,{"$f":"IF(OR($C389=\"S\",$C389=0),0,MATCH(OFFSET($D389,0,$C389)+IF($C389<>1,1,COUNTIF(QCI!$A$13:$A$32,ORÇAMENTO!E389)),OFFSET($D389,1,$C389,ROW($C$850)-ROW($C389)),0))","v":0},{"$f":"IF(OR($X389>0,$C389=1,$C389=2,$C389=3,$C389=4),\"F\",\"\")","v":"F"},"Serviço",{"$f":"CHOOSE(1+LOG(1+2*(C389=1)+4*(C389=2)+8*(C389=3)+16*(C389=4)+32*(C389=\"S\"),2),\"\",\"Meta\",\"Nível 2\",\"Nível 3\",\"Nível 4\",\"Serviço\")","v":"Serviço"},{"$f":"IF(OR($C389=0,$L389=\"\"),\"-\",CONCATENATE(E389&\".\",IF(AND($A$5>=2,$C389>=2),F389&\".\",\"\"),IF(AND($A$5>=3,$C389>=3),G389&\".\",\"\"),IF(AND($A$5>=4,$C389>=4),H389&\".\",\"\"),IF($C389=\"S\",I389&\".\",\"\")))","v":"9.3.1."},"SINAPI","97629","DEMOLIÇÃO DE PASSEIOS E ESTRUTURAS DE CONCRETO, DE FORMA MECANIZADA COM MARTELETE, SEM REAPROVEITAMENTO","M3",{"$f":"OFFSET(CÁLCULO!H$15,ROW($T389)-ROW(T$15),0)","v":0.78},135.44,"BDI 1",{"$f":"IF($C389=\"S\",ROUND(IF(TIPOORCAMENTO=\"Proposto\",ORÇAMENTO.CustoUnitario*(1+$AH389),ORÇAMENTO.PrecoUnitarioLicitado),15-13*$AF$10),0)","v":167.31},130.5,"RA",{"$f":"IF(AND($C389=\"S\",$X389>0),IF(ISBLANK($Y389),\"RA\",LEFT($Y389,2)),\"\")","v":"RA"},{"$f":"IF($C389=\"S\",IF($Z389=\"CP\",$X389,IF($Z389=\"RA\",(($X389)*QCI!$AA$3),0)),SomaAgrup)","v":130.5},0,{"$f":"IF($N389=\"\",\"\",IF(ORÇAMENTO.Descricao=\"\",\"DESCRIÇÃO\",IF(AND($C389=\"S\",ORÇAMENTO.Unidade=\"\"),\"UNIDADE\",IF($X389<0,\"VALOR NEGATIVO\",IF(OR(AND(TIPOORCAMENTO=\"Proposto\",$AG389<>\"\",$AG389>0,ORÇAMENTO.CustoUnitario>$AG389),AND(TIPOORCAMENTO=\"LICITADO\",ORÇAMENTO.PrecoUnitarioLicitado>$AN389)),\"ACIMA REF.\",\"\")))))","v":""},{"$f":"IF(C389<=CRONO.NivelExibicao,MAX($AD$15:OFFSET(AD389,-1,0))+IF($C389<>1,1,MAX(1,COUNTIF(QCI!$A$13:$A$32,OFFSET($E389,-1,0)))),\"\")","v":""},{"$f":"IF(AND($C389=\"S\",ORÇAMENTO.CodBarra<>\"\"),IF(ORÇAMENTO.Fonte=\"\",ORÇAMENTO.CodBarra,CONCATENATE(ORÇAMENTO.Fonte,\" \",ORÇAMENTO.CodBarra)))","v":"SINAPI 97629"},{"$f":"IF(ISERROR(INDIRECT(ORÇAMENTO.BancoRef)),\"(abra o arquivo 'Referência \"&Excel_BuiltIn_Database&\".xls)\",IF(OR($C389<>\"S\",ORÇAMENTO.CodBarra=\"\"),\"(Sem Código)\",IF(ISERROR(MATCH($AE389,INDIRECT(ORÇAMENTO.BancoRef),0)),\"(Código não identificado nas referências)\",MATCH($AE389,INDIRECT(ORÇAMENTO.BancoRef),0))))","v":"(abra o arquivo 'Referência 06-2023.xls)"},{"$f":"ROUND(IF(DESONERACAO=\"sim\",REFERENCIA.Desonerado,REFERENCIA.NaoDesonerado),2)","v":0},0.23530000000000001,null,0.78,null,null,{"$f":"$X389","v":130.5},167.31]
["S",2,"S",0,{"$f":"IF($C390=1,OFFSET(E390,-1,0)+MAX(1,COUNTIF(QCI!$A$13:$A$32,OFFSET(ORÇAMENTO!E390,-1,0))),OFFSET(E390,-1,0))","v":9},3,0,0,2,0,{"$f":"IF(OR($C390=\"S\",$C390=0),0,MATCH(OFFSET($D390,0,$C390)+IF($C390<>1,1,COUNTIF(QCI!$A$13:$A$32,ORÇAMENTO!E390)),OFFSET($D390,1,$C390,ROW($C$850)-ROW($C390)),0))","v":0},"F","Serviço","Serviço","9.3.2.","SINAPI","100978","CARGA, MANOBRA E DESCARGA DE MATERIAL REMOVIDO EM CAMINHÃO BASCULANTE - CARGA COM ESCAVADEIRA HIDRÁULICA","M3",{"$f":"OFFSET(CÁLCULO!H$15,ROW($T390)-ROW(T$15),0)","v":0.78},6.33,"BDI 1",{"$f":"IF($C390=\"S\",ROUND(IF(TIPOORCAMENTO=\"Proposto\",ORÇAMENTO.CustoUnitario*(1+$AH390),ORÇAMENTO.PrecoUnitarioLicitado),15-13*$AF$10),0)","v":7.82},6.1,"RA","RA",{"$f":"IF($C390=\"S\",IF($Z390=\"CP\",$X390,IF($Z390=\"RA\",(($X390)*QCI!$AA$3),0)),SomaAgrup)","v":6.1},0,{"$f":"IF($N390=\"\",\"\",IF(ORÇAMENTO.Descricao=\"\",\"DESCRIÇÃO\",IF(AND($C390=\"S\",ORÇAMENTO.Unidade=\"\"),\"UNIDADE\",IF($X390<0,\"VALOR NEGATIVO\",IF(OR(AND(TIPOORCAMENTO=\"Proposto\",$AG390<>\"\",$AG390>0,ORÇAMENTO.CustoUnitario>$AG390),AND(TIPOORCAMENTO=\"LICITADO\",ORÇAMENTO.PrecoUnitarioLicitado>$AN390)),\"ACIMA REF.\",\"\")))))","v":""},{"$f":"IF(C390<=CRONO.NivelExibicao,MAX($AD$15:OFFSET(AD390,-1,0))+IF($C390<>1,1,MAX(1,COUNTIF(QCI!$A$13:$A$32,OFFSET($E390,-1,0)))),\"\")","v":""},{"$f":"IF(AND($C390=\"S\",ORÇAMENTO.CodBarra<>\"\"),IF(ORÇAMENTO.Fonte=\"\",ORÇAMENTO.CodBarra,CONCATENATE(ORÇAMENTO.Fonte,\" \",ORÇAMENTO.CodBarra)))","v":"SINAPI 100978"},{"$f":"IF(ISERROR(INDIRECT(ORÇAMENTO.BancoRef)),\"(abra o arquivo 'Referência \"&Excel_BuiltIn_Database&\".xls)\",IF(OR($C390<>\"S\",ORÇAMENTO.CodBarra=\"\"),\"(Sem Código)\",IF(ISERROR(MATCH($AE390,INDIRECT(ORÇAMENTO.BancoRef),0)),\"(Código não identificado nas referências)\",MATCH($AE390,INDIRECT(ORÇAMENTO.BancoRef),0))))","v":"(abra o arquivo 'Referência 06-2023.xls)"},{"$f":"ROUND(IF(DESONERACAO=\"sim\",REFERENCIA.Desonerado,REFERENCIA.NaoDesonerado),2)","v":0},0.23530000000000001,null,{"$f":"AJ389","v":0.78},null,null,6.1,7.82]
["S",2,"S",0,{"$f":"IF($C391=1,OFFSET(E391,-1,0)+MAX(1,COUNTIF(QCI!$A$13:$A$32,OFFSET(ORÇAMENTO!E391,-1,0))),OFFSET(E391,-1,0))","v":9},3,0,0,3,0,{"$f":"IF(OR($C391=\"S\",$C391=0),0,MATCH(OFFSET($D391,0,$C391)+IF($C391<>1,1,COUNTIF(QCI!$A$13:$A$32,ORÇAMENTO!E391)),OFFSET($D391,1,$C391,ROW($C$850)-ROW($C391)),0))","v":0},"F","Serviço","Serviço","9.3.3.","SINAPI","95875","TRANSPORTE DE MATERIAL REMOVIDO COM CAMINHÃO BASCULANTE, DMT = 2 KM","M3XKM",{"$f":"OFFSET(CÁLCULO!H$15,ROW($T391)-ROW(T$15),0)","v":1.56},2.23,"BDI 1",{"$f":"IF($C391=\"S\",ROUND(IF(TIPOORCAMENTO=\"Proposto\",ORÇAMENTO.CustoUnitario*(1+$AH391),ORÇAMENTO.PrecoUnitarioLicitado),15-13*$AF$10),0)","v":2.75},4.29,"RA","RA",{"$f":"IF($C391=\"S\",IF($Z391=\"CP\",$X391,IF($Z391=\"RA\",(($X391)*QCI!$AA$3),0)),SomaAgrup)","v":4.29},0,{"$f":"IF($N391=\"\",\"\",IF(ORÇAMENTO.Descricao=\"\",\"DESCRIÇÃO\",IF(AND($C391=\"S\",ORÇAMENTO.Unidade=\"\"),\"UNIDADE\",IF($X391<0,\"VALOR NEGATIVO\",IF(OR(AND(TIPOORCAMENTO=\"Proposto\",$AG391<>\"\",$AG391>0,ORÇAMENTO.CustoUnitario>$AG391),AND(TIPOORCAMENTO=\"LICITADO\",ORÇAMENTO.PrecoUnitarioLicitado>$AN391)),\"ACIMA REF.\",\"\")))))","v":""},{"$f":"IF(C391<=CRONO.NivelExibicao,MAX($AD$15:OFFSET(AD391,-1,0))+IF($C391<>1,1,MAX(1,COUNTIF(QCI!$A$13:$A$32,OFFSET($E391,-1,0)))),\"\")","v":""},{"$f":"IF(AND($C391=\"S\",ORÇAMENTO.CodBarra<>\"\"),IF(ORÇAMENTO.Fonte=\"\",ORÇAMENTO.CodBarra,CONCATENATE(ORÇAMENTO.Fonte,\" \",ORÇAMENTO.CodBarra)))","v":"SINAPI 95875"},{"$f":"IF(ISERROR(INDIRECT(ORÇAMENTO.BancoRef)),\"(abra o arquivo 'Referência \"&Excel_BuiltIn_Database&\".xls)\",IF(OR($C391<>\"S\",ORÇAMENTO.CodBarra=\"\"),\"(Sem Código)\",IF(ISERROR(MATCH($AE391,INDIRECT(ORÇAMENTO.BancoRef),0)),\"(Código não identificado nas referências)\",MATCH($AE391,INDIRECT(ORÇAMENTO.BancoRef),0))))","v":"(abra o arquivo 'Referência 06-2023.xls)"},{"$f":"ROUND(IF(DESONERACAO=\"sim\",REFERENCIA.Desonerado,REFERENCIA.NaoDesonerado),2)","v":0},0.23530000000000001,null,{"$f":"AJ390*2","v":1.56},null,null,4.29,2.75]
[2,2,2,7,{"$f":"IF($C392=1,OFFSET(E392,-1,0)+MAX(1,COUNTIF(QCI!$A$13:$A$32,OFFSET(ORÇAMENTO!E392,-1,0))),OFFSET(E392,-1,0))","v":9},4,0,0,0,46,{"$f":"IF(OR($C392=\"S\",$C392=0),0,MATCH(OFFSET($D392,0,$C392)+IF($C392<>1,1,COUNTIF(QCI!$A$13:$A$32,ORÇAMENTO!E392)),OFFSET($D392,1,$C392,ROW($C$850)-ROW($C392)),0))","v":7},"F","Nível 2","Nível 2","9.4.","SINAPI",null,"ESCAVAÇÕES E MOVIMENTAÇÕES DE TERRA","-",{"$f":"OFFSET(CÁLCULO!H$15,ROW($T392)-ROW(T$15),0)","v":0},0,"BDI 1",{"$f":"IF($C392=\"S\",ROUND(IF(TIPOORCAMENTO=\"Proposto\",ORÇAMENTO.CustoUnitario*(1+$AH392),ORÇAMENTO.PrecoUnitarioLicitado),15-13*$AF$10),0)","v":0},639.75,"RA","",{"$f":"IF($C392=\"S\",IF($Z392=\"CP\",$X392,IF($Z392=\"RA\",(($X392)*QCI!$AA$3),0)),SomaAgrup)","v":639.74999999999989},0,{"$f":"IF($N392=\"\",\"\",IF(ORÇAMENTO.Descricao=\"\",\"DESCRIÇÃO\",IF(AND($C392=\"S\",ORÇAMENTO.Unidade=\"\"),\"UNIDADE\",IF($X392<0,\"VALOR NEGATIVO\",IF(OR(AND(TIPOORCAMENTO=\"Proposto\",$AG392<>\"\",$AG392>0,ORÇAMENTO.CustoUnitario>$AG392),AND(TIPOORCAMENTO=\"LICITADO\",ORÇAMENTO.PrecoUnitarioLicitado>$AN392)),\"ACIMA REF.\",\"\")))))","v":""},{"$f":"IF(C392<=CRONO.NivelExibicao,MAX($AD$15:OFFSET(AD392,-1,0))+IF($C392<>1,1,MAX(1,COUNTIF(QCI!$A$13:$A$32,OFFSET($E392,-1,0)))),\"\")","v":""},{"$f":"IF(AND($C392=\"S\",ORÇAMENTO.CodBarra<>\"\"),IF(ORÇAMENTO.Fonte=\"\",ORÇAMENTO.CodBarra,CONCATENATE(ORÇAMENTO.Fonte,\" \",ORÇAMENTO.CodBarra)))","v":false},{"$f":"IF(ISERROR(INDIRECT(ORÇAMENTO.BancoRef)),\"(abra o arquivo 'Referência \"&Excel_BuiltIn_Database&\".xls)\",IF(OR($C392<>\"S\",ORÇAMENTO.CodBarra=\"\"),\"(Sem Código)\",IF(ISERROR(MATCH($AE392,INDIRECT(ORÇAMENTO.BancoRef),0)),\"(Código não identificado nas referências)\",MATCH($AE392,INDIRECT(ORÇAMENTO.BancoRef),0))))","v":"(abra o arquivo 'Referência 06-2023.xls)"},{"$f":"ROUND(IF(DESONERACAO=\"sim\",REFERENCIA.Desonerado,REFERENCIA.NaoDesonerado),2)","v":0},0.23530000000000001,null,null,null,null,639.75,0]
["S",2,"S",0,{"$f":"IF($C393=1,OFFSET(E393,-1,0)+MAX(1,COUNTIF(QCI!$A$13:$A$32,OFFSET(ORÇAMENTO!E393,-1,0))),OFFSET(E393,-1,0))","v":9},4,0,0,1,0,{"$f":"IF(OR($C393=\"S\",$C393=0),0,MATCH(OFFSET($D393,0,$C393)+IF($C393<>1,1,COUNTIF(QCI!$A$13:$A$32,ORÇAMENTO!E393)),OFFSET($D393,1,$C393,ROW($C$850)-ROW($C393)),0))","v":0},"F","Serviço","Serviço","9.4.1.","SINAPI","102276","ESCAVAÇÃO MECANIZADA DE VALA E TALUDES EM SOLO DE 2A CATEGORIA, EM LOCAIS COM ALTO NÍVEL DE INTERFERÊNCIA","M3",{"$f":"OFFSET(CÁLCULO!H$15,ROW($T393)-ROW(T$15),0)","v":16.3},12.08,"BDI 1",{"$f":"IF($C393=\"S\",ROUND(IF(TIPOORCAMENTO=\"Proposto\",ORÇAMENTO.CustoUnitario*(1+$AH393),ORÇAMENTO.PrecoUnitarioLicitado),15-13*$AF$10),0)","v":14.92},243.2,"RA","RA",{"$f":"IF($C393=\"S\",IF($Z393=\"CP\",$X393,IF($Z393=\"RA\",(($X393)*QCI!$AA$3),0)),SomaAgrup)","v":243.2},0,{"$f":"IF($N393=\"\",\"\",IF(ORÇAMENTO.Descricao=\"\",\"DESCRIÇÃO\",IF(AND($C393=\"S\",ORÇAMENTO.Unidade=\"\"),\"UNIDADE\",IF($X393<0,\"VALOR NEGATIVO\",IF(OR(AND(TIPOORCAMENTO=\"Proposto\",$AG393<>\"\",$AG393>0,ORÇAMENTO.CustoUnitario>$AG393),AND(TIPOORCAMENTO=\"LICITADO\",ORÇAMENTO.PrecoUnitarioLicitado>$AN393)),\"ACIMA REF.\",\"\")))))","v":""},{"$f":"IF(C393<=CRONO.NivelExibicao,MAX($AD$15:OFFSET(AD393,-1,0))+IF($C393<>1,1,MAX(1,COUNTIF(QCI!$A$13:$A$32,OFFSET($E393,-1,0)))),\"\")","v":""},{"$f":"IF(AND($C393=\"S\",ORÇAMENTO.CodBarra<>\"\"),IF(ORÇAMENTO.Fonte=\"\",ORÇAMENTO.CodBarra,CONCATENATE(ORÇAMENTO.Fonte,\" \",ORÇAMENTO.CodBarra)))","v":"SINAPI 102276"},{"$f":"IF(ISERROR(INDIRECT(ORÇAMENTO.BancoRef)),\"(abra o arquivo 'Referência \"&Excel_BuiltIn_Database&\".xls)\",IF(OR($C393<>\"S\",ORÇAMENTO.CodBarra=\"\"),\"(Sem Código)\",IF(ISERROR(MATCH($AE393,INDIRECT(ORÇAMENTO.BancoRef),0)),\"(Código não identificado nas referências)\",MATCH($AE393,INDIRECT(ORÇAMENTO.BancoRef),0))))","v":"(abra o arquivo 'Referência 06-2023.xls)"},{"$f":"ROUND(IF(DESONERACAO=\"sim\",REFERENCIA.Desonerado,REFERENCIA.NaoDesonerado),2)","v":0},0.23530000000000001,null,16.3,null,null,243.2,14.92]
["S",2,"S",0,{"$f":"IF($C394=1,OFFSET(E394,-1,0)+MAX(1,COUNTIF(QCI!$A$13:$A$32,OFFSET(ORÇAMENTO!E394,-1,0))),OFFSET(E394,-1,0))","v":9},4,0,0,2,0,{"$f":"IF(OR($C394=\"S\",$C394=0),0,MATCH(OFFSET($D394,0,$C394)+IF($C394<>1,1,COUNTIF(QCI!$A$13:$A$32,ORÇAMENTO!E394)),OFFSET($D394,1,$C394,ROW($C$850)-ROW($C394)),0))","v":0},"F","Serviço","Serviço","9.4.2.","SINAPI","100978","CARGA, MANOBRA E DESCARGA DE MATERIAL REMOVIDO EM CAMINHÃO BASCULANTE - CARGA COM ESCAVADEIRA HIDRÁULICA","M3",{"$f":"OFFSET(CÁLCULO!H$15,ROW($T394)-ROW(T$15),0)","v":16.3},6.33,"BDI 1",{"$f":"IF($C394=\"S\",ROUND(IF(TIPOORCAMENTO=\"Proposto\",ORÇAMENTO.CustoUnitario*(1+$AH394),ORÇAMENTO.PrecoUnitarioLicitado),15-13*$AF$10),0)","v":7.82},127.47,"RA","RA",{"$f":"IF($C394=\"S\",IF($Z394=\"CP\",$X394,IF($Z394=\"RA\",(($X394)*QCI!$AA$3),0)),SomaAgrup)","v":127.47},0,{"$f":"IF($N394=\"\",\"\",IF(ORÇAMENTO.Descricao=\"\",\"DESCRIÇÃO\",IF(AND($C394=\"S\",ORÇAMENTO.Unidade=\"\"),\"UNIDADE\",IF($X394<0,\"VALOR NEGATIVO\",IF(OR(AND(TIPOORCAMENTO=\"Proposto\",$AG394<>\"\",$AG394>0,ORÇAMENTO.CustoUnitario>$AG394),AND(TIPOORCAMENTO=\"LICITADO\",ORÇAMENTO.PrecoUnitarioLicitado>$AN394)),\"ACIMA REF.\",\"\")))))","v":""},{"$f":"IF(C394<=CRONO.NivelExibicao,MAX($AD$15:OFFSET(AD394,-1,0))+IF($C394<>1,1,MAX(1,COUNTIF(QCI!$A$13:$A$32,OFFSET($E394,-1,0)))),\"\")","v":""},{"$f":"IF(AND($C394=\"S\",ORÇAMENTO.CodBarra<>\"\"),IF(ORÇAMENTO.Fonte=\"\",ORÇAMENTO.CodBarra,CONCATENATE(ORÇAMENTO.Fonte,\" \",ORÇAMENTO.CodBarra)))","v":"SINAPI 100978"},{"$f":"IF(ISERROR(INDIRECT(ORÇAMENTO.BancoRef)),\"(abra o arquivo 'Referência \"&Excel_BuiltIn_Database&\".xls)\",IF(OR($C394<>\"S\",ORÇAMENTO.CodBarra=\"\"),\"(Sem Código)\",IF(ISERROR(MATCH($AE394,INDIRECT(ORÇAMENTO.BancoRef),0)),\"(Código não identificado nas referências)\",MATCH($AE394,INDIRECT(ORÇAMENTO.BancoRef),0))))","v":"(abra o arquivo 'Referência 06-2023.xls)"},{"$f":"ROUND(IF(DESONERACAO=\"sim\",REFERENCIA.Desonerado,REFERENCIA.NaoDesonerado),2)","v":0},0.23530000000000001,null,{"$f":"AJ393","v":16.3},null,null,127.47,7.82]
["S",2,"S",0,{"$f":"IF($C395=1,OFFSET(E395,-1,0)+MAX(1,COUNTIF(QCI!$A$13:$A$32,OFFSET(ORÇAMENTO!E395,-1,0))),OFFSET(E395,-1,0))","v":9},4,0,0,3,0,{"$f":"IF(OR($C395=\"S\",$C395=0),0,MATCH(OFFSET($D395,0,$C395)+IF($C395<>1,1,COUNTIF(QCI!$A$13:$A$32,ORÇAMENTO!E395)),OFFSET($D395,1,$C395,ROW($C$850)-ROW($C395)),0))","v":0},"F","Serviço","Serviço","9.4.3.","SINAPI","95875","TRANSPORTE DE MATERIAL REMOVIDO COM CAMINHÃO BASCULANTE, DMT = 2 KM","M3XKM",{"$f":"OFFSET(CÁLCULO!H$15,ROW($T395)-ROW(T$15),0)","v":32.6},2.23,"BDI 1",{"$f":"IF($C395=\"S\",ROUND(IF(TIPOORCAMENTO=\"Proposto\",ORÇAMENTO.CustoUnitario*(1+$AH395),ORÇAMENTO.PrecoUnitarioLicitado),15-13*$AF$10),0)","v":2.75},89.65,"RA","RA",{"$f":"IF($C395=\"S\",IF($Z395=\"CP\",$X395,IF($Z395=\"RA\",(($X395)*QCI!$AA$3),0)),SomaAgrup)","v":89.65},0,{"$f":"IF($N395=\"\",\"\",IF(ORÇAMENTO.Descricao=\"\",\"DESCRIÇÃO\",IF(AND($C395=\"S\",ORÇAMENTO.Unidade=\"\"),\"UNIDADE\",IF($X395<0,\"VALOR NEGATIVO\",IF(OR(AND(TIPOORCAMENTO=\"Proposto\",$AG395<>\"\",$AG395>0,ORÇAMENTO.CustoUnitario>$AG395),AND(TIPOORCAMENTO=\"LICITADO\",ORÇAMENTO.PrecoUnitarioLicitado>$AN395)),\"ACIMA REF.\",\"\")))))","v":""},{"$f":"IF(C395<=CRONO.NivelExibicao,MAX($AD$15:OFFSET(AD395,-1,0))+IF($C395<>1,1,MAX(1,COUNTIF(QCI!$A$13:$A$32,OFFSET($E395,-1,0)))),\"\")","v":""},{"$f":"IF(AND($C395=\"S\",ORÇAMENTO.CodBarra<>\"\"),IF(ORÇAMENTO.Fonte=\"\",ORÇAMENTO.CodBarra,CONCATENATE(ORÇAMENTO.Fonte,\" \",ORÇAMENTO.CodBarra)))","v":"SINAPI 95875"},{"$f":"IF(ISERROR(INDIRECT(ORÇAMENTO.BancoRef)),\"(abra o arquivo 'Referência \"&Excel_BuiltIn_Database&\".xls)\",IF(OR($C395<>\"S\",ORÇAMENTO.CodBarra=\"\"),\"(Sem Código)\",IF(ISERROR(MATCH($AE395,INDIRECT(ORÇAMENTO.BancoRef),0)),\"(Código não identificado nas referências)\",MATCH($AE395,INDIRECT(ORÇAMENTO.BancoRef),0))))","v":"(abra o arquivo 'Referência 06-2023.xls)"},{"$f":"ROUND(IF(DESONERACAO=\"sim\",REFERENCIA.Desonerado,REFERENCIA.NaoDesonerado),2)","v":0},0.23530000000000001,null,{"$f":"AJ394*2","v":32.6},null,null,89.65,2.75]
["S",2,"S",0,{"$f":"IF($C396=1,OFFSET(E396,-1,0)+MAX(1,COUNTIF(QCI!$A$13:$A$32,OFFSET(ORÇAMENTO!E396,-1,0))),OFFSET(E396,-1,0))","v":9},4,0,0,4,0,{"$f":"IF(OR($C396=\"S\",$C396=0),0,MATCH(OFFSET($D396,0,$C396)+IF($C396<>1,1,COUNTIF(QCI!$A$13:$A$32,ORÇAMENTO!E396)),OFFSET($D396,1,$C396,ROW($C$850)-ROW($C396)),0))","v":0},"F","Serviço","Serviço","9.4.4.","SINAPI","102355","DESMONTE DE BLOCOS DE ROCHA COM MARTELETE PNEUMÁTICO","M3",{"$f":"OFFSET(CÁLCULO!H$15,ROW($T396)-ROW(T$15),0)","v":0.82},166.39,"BDI 1",{"$f":"IF($C396=\"S\",ROUND(IF(TIPOORCAMENTO=\"Proposto\",ORÇAMENTO.CustoUnitario*(1+$AH396),ORÇAMENTO.PrecoUnitarioLicitado),15-13*$AF$10),0)","v":205.54},168.54,"RA","RA",{"$f":"IF($C396=\"S\",IF($Z396=\"CP\",$X396,IF($Z396=\"RA\",(($X396)*QCI!$AA$3),0)),SomaAgrup)","v":168.54},0,{"$f":"IF($N396=\"\",\"\",IF(ORÇAMENTO.Descricao=\"\",\"DESCRIÇÃO\",IF(AND($C396=\"S\",ORÇAMENTO.Unidade=\"\"),\"UNIDADE\",IF($X396<0,\"VALOR NEGATIVO\",IF(OR(AND(TIPOORCAMENTO=\"Proposto\",$AG396<>\"\",$AG396>0,ORÇAMENTO.CustoUnitario>$AG396),AND(TIPOORCAMENTO=\"LICITADO\",ORÇAMENTO.PrecoUnitarioLicitado>$AN396)),\"ACIMA REF.\",\"\")))))","v":""},{"$f":"IF(C396<=CRONO.NivelExibicao,MAX($AD$15:OFFSET(AD396,-1,0))+IF($C396<>1,1,MAX(1,COUNTIF(QCI!$A$13:$A$32,OFFSET($E396,-1,0)))),\"\")","v":""},{"$f":"IF(AND($C396=\"S\",ORÇAMENTO.CodBarra<>\"\"),IF(ORÇAMENTO.Fonte=\"\",ORÇAMENTO.CodBarra,CONCATENATE(ORÇAMENTO.Fonte,\" \",ORÇAMENTO.CodBarra)))","v":"SINAPI 102355"},{"$f":"IF(ISERROR(INDIRECT(ORÇAMENTO.BancoRef)),\"(abra o arquivo 'Referência \"&Excel_BuiltIn_Database&\".xls)\",IF(OR($C396<>\"S\",ORÇAMENTO.CodBarra=\"\"),\"(Sem Código)\",IF(ISERROR(MATCH($AE396,INDIRECT(ORÇAMENTO.BancoRef),0)),\"(Código não identificado nas referências)\",MATCH($AE396,INDIRECT(ORÇAMENTO.BancoRef),0))))","v":"(abra o arquivo 'Referência 06-2023.xls)"},{"$f":"ROUND(IF(DESONERACAO=\"sim\",REFERENCIA.Desonerado,REFERENCIA.NaoDesonerado),2)","v":0},0.23530000000000001,null,{"$f":"AJ393*0.05","v":0.81500000000000006},null,null,168.54,205.54]
["S",2,"S",0,{"$f":"IF($C397=1,OFFSET(E397,-1,0)+MAX(1,COUNTIF(QCI!$A$13:$A$32,OFFSET(ORÇAMENTO!E397,-1,0))),OFFSET(E397,-1,0))","v":9},4,0,0,5,0,{"$f":"IF(OR($C397=\"S\",$C397=0),0,MATCH(OFFSET($D397,0,$C397)+IF($C397<>1,1,COUNTIF(QCI!$A$13:$A$32,ORÇAMENTO!E397)),OFFSET($D397,1,$C397,ROW($C$850)-ROW($C397)),0))","v":0},"F","Serviço","Serviço","9.4.5.","SINAPI","100978","CARGA, MANOBRA E DESCARGA DE MATERIAL REMOVIDO EM CAMINHÃO BASCULANTE - CARGA COM ESCAVADEIRA HIDRÁULICA","M3",{"$f":"OFFSET(CÁLCULO!H$15,ROW($T397)-ROW(T$15),0)","v":0.82},6.33,"BDI 1",{"$f":"IF($C397=\"S\",ROUND(IF(TIPOORCAMENTO=\"Proposto\",ORÇAMENTO.CustoUnitario*(1+$AH397),ORÇAMENTO.PrecoUnitarioLicitado),15-13*$AF$10),0)","v":7.82},6.41,"RA","RA",{"$f":"IF($C397=\"S\",IF($Z397=\"CP\",$X397,IF($Z397=\"RA\",(($X397)*QCI!$AA$3),0)),SomaAgrup)","v":6.41},0,{"$f":"IF($N397=\"\",\"\",IF(ORÇAMENTO.Descricao=\"\",\"DESCRIÇÃO\",IF(AND($C397=\"S\",ORÇAMENTO.Unidade=\"\"),\"UNIDADE\",IF($X397<0,\"VALOR NEGATIVO\",IF(OR(AND(TIPOORCAMENTO=\"Proposto\",$AG397<>\"\",$AG397>0,ORÇAMENTO.CustoUnitario>$AG397),AND(TIPOORCAMENTO=\"LICITADO\",ORÇAMENTO.PrecoUnitarioLicitado>$AN397)),\"ACIMA REF.\",\"\")))))","v":""},{"$f":"IF(C397<=CRONO.NivelExibicao,MAX($AD$15:OFFSET(AD397,-1,0))+IF($C397<>1,1,MAX(1,COUNTIF(QCI!$A$13:$A$32,OFFSET($E397,-1,0)))),\"\")","v":""},{"$f":"IF(AND($C397=\"S\",ORÇAMENTO.CodBarra<>\"\"),IF(ORÇAMENTO.Fonte=\"\",ORÇAMENTO.CodBarra,CONCATENATE(ORÇAMENTO.Fonte,\" \",ORÇAMENTO.CodBarra)))","v":"SINAPI 100978"},{"$f":"IF(ISERROR(INDIRECT(ORÇAMENTO.BancoRef)),\"(abra o arquivo 'Referência \"&Excel_BuiltIn_Database&\".xls)\",IF(OR($C397<>\"S\",ORÇAMENTO.CodBarra=\"\"),\"(Sem Código)\",IF(ISERROR(MATCH($AE397,INDIRECT(ORÇAMENTO.BancoRef),0)),\"(Código não identificado nas referências)\",MATCH($AE397,INDIRECT(ORÇAMENTO.BancoRef),0))))","v":"(abra o arquivo 'Referência 06-2023.xls)"},{"$f":"ROUND(IF(DESONERACAO=\"sim\",REFERENCIA.Desonerado,REFERENCIA.NaoDesonerado),2)","v":0},0.23530000000000001,null,{"$f":"AJ396","v":0.81500000000000006},null,null,6.41,7.82]
["S",2,"S",0,{"$f":"IF($C398=1,OFFSET(E398,-1,0)+MAX(1,COUNTIF(QCI!$A$13:$A$32,OFFSET(ORÇAMENTO!E398,-1,0))),OFFSET(E398,-1,0))","v":9},4,0,0,6,0,{"$f":"IF(OR($C398=\"S\",$C398=0),0,MATCH(OFFSET($D398,0,$C398)+IF($C398<>1,1,COUNTIF(QCI!$A$13:$A$32,ORÇAMENTO!E398)),OFFSET($D398,1,$C398,ROW($C$850)-ROW($C398)),0))","v":0},"F","Serviço","Serviço","9.4.6.","SINAPI","95875","TRANSPORTE DE MATERIAL REMOVIDO COM CAMINHÃO BASCULANTE, DMT = 2 KM","M3XKM",{"$f":"OFFSET(CÁLCULO!H$15,ROW($T398)-ROW(T$15),0)","v":1.63},2.23,"BDI 1",{"$f":"IF($C398=\"S\",ROUND(IF(TIPOORCAMENTO=\"Proposto\",ORÇAMENTO.CustoUnitario*(1+$AH398),ORÇAMENTO.PrecoUnitarioLicitado),15-13*$AF$10),0)","v":2.75},4.4800000000000004,"RA","RA",{"$f":"IF($C398=\"S\",IF($Z398=\"CP\",$X398,IF($Z398=\"RA\",(($X398)*QCI!$AA$3),0)),SomaAgrup)","v":4.4800000000000004},0,{"$f":"IF($N398=\"\",\"\",IF(ORÇAMENTO.Descricao=\"\",\"DESCRIÇÃO\",IF(AND($C398=\"S\",ORÇAMENTO.Unidade=\"\"),\"UNIDADE\",IF($X398<0,\"VALOR NEGATIVO\",IF(OR(AND(TIPOORCAMENTO=\"Proposto\",$AG398<>\"\",$AG398>0,ORÇAMENTO.CustoUnitario>$AG398),AND(TIPOORCAMENTO=\"LICITADO\",ORÇAMENTO.PrecoUnitarioLicitado>$AN398)),\"ACIMA REF.\",\"\")))))","v":""},{"$f":"IF(C398<=CRONO.NivelExibicao,MAX($AD$15:OFFSET(AD398,-1,0))+IF($C398<>1,1,MAX(1,COUNTIF(QCI!$A$13:$A$32,OFFSET($E398,-1,0)))),\"\")","v":""},{"$f":"IF(AND($C398=\"S\",ORÇAMENTO.CodBarra<>\"\"),IF(ORÇAMENTO.Fonte=\"\",ORÇAMENTO.CodBarra,CONCATENATE(ORÇAMENTO.Fonte,\" \",ORÇAMENTO.CodBarra)))","v":"SINAPI 95875"},{"$f":"IF(ISERROR(INDIRECT(ORÇAMENTO.BancoRef)),\"(abra o arquivo 'Referência \"&Excel_BuiltIn_Database&\".xls)\",IF(OR($C398<>\"S\",ORÇAMENTO.CodBarra=\"\"),\"(Sem Código)\",IF(ISERROR(MATCH($AE398,INDIRECT(ORÇAMENTO.BancoRef),0)),\"(Código não identificado nas referências)\",MATCH($AE398,INDIRECT(ORÇAMENTO.BancoRef),0))))","v":"(abra o arquivo 'Referência 06-2023.xls)"},{"$f":"ROUND(IF(DESONERACAO=\"sim\",REFERENCIA.Desonerado,REFERENCIA.NaoDesonerado),2)","v":0},0.23530000000000001,null,{"$f":"AJ397*2","v":1.6300000000000001},null,null,4.4800000000000004,2.75]
[2,2,2,3,{"$f":"IF($C399=1,OFFSET(E399,-1,0)+MAX(1,COUNTIF(QCI!$A$13:$A$32,OFFSET(ORÇAMENTO!E399,-1,0))),OFFSET(E399,-1,0))","v":9},5,0,0,0,39,{"$f":"IF(OR($C399=\"S\",$C399=0),0,MATCH(OFFSET($D399,0,$C399)+IF($C399<>1,1,COUNTIF(QCI!$A$13:$A$32,ORÇAMENTO!E399)),OFFSET($D399,1,$C399,ROW($C$850)-ROW($C399)),0))","v":3},"F","Nível 2","Nível 2","9.5.","SINAPI",null,"DRENAGEM","-",{"$f":"OFFSET(CÁLCULO!H$15,ROW($T399)-ROW(T$15),0)","v":0},0,"BDI 1",{"$f":"IF($C399=\"S\",ROUND(IF(TIPOORCAMENTO=\"Proposto\",ORÇAMENTO.CustoUnitario*(1+$AH399),ORÇAMENTO.PrecoUnitarioLicitado),15-13*$AF$10),0)","v":0},12125.43,"RA","",{"$f":"IF($C399=\"S\",IF($Z399=\"CP\",$X399,IF($Z399=\"RA\",(($X399)*QCI!$AA$3),0)),SomaAgrup)","v":12125.43},0,{"$f":"IF($N399=\"\",\"\",IF(ORÇAMENTO.Descricao=\"\",\"DESCRIÇÃO\",IF(AND($C399=\"S\",ORÇAMENTO.Unidade=\"\"),\"UNIDADE\",IF($X399<0,\"VALOR NEGATIVO\",IF(OR(AND(TIPOORCAMENTO=\"Proposto\",$AG399<>\"\",$AG399>0,ORÇAMENTO.CustoUnitario>$AG399),AND(TIPOORCAMENTO=\"LICITADO\",ORÇAMENTO.PrecoUnitarioLicitado>$AN399)),\"ACIMA REF.\",\"\")))))","v":""},{"$f":"IF(C399<=CRONO.NivelExibicao,MAX($AD$15:OFFSET(AD399,-1,0))+IF($C399<>1,1,MAX(1,COUNTIF(QCI!$A$13:$A$32,OFFSET($E399,-1,0)))),\"\")","v":""},{"$f":"IF(AND($C399=\"S\",ORÇAMENTO.CodBarra<>\"\"),IF(ORÇAMENTO.Fonte=\"\",ORÇAMENTO.CodBarra,CONCATENATE(ORÇAMENTO.Fonte,\" \",ORÇAMENTO.CodBarra)))","v":false},{"$f":"IF(ISERROR(INDIRECT(ORÇAMENTO.BancoRef)),\"(abra o arquivo 'Referência \"&Excel_BuiltIn_Database&\".xls)\",IF(OR($C399<>\"S\",ORÇAMENTO.CodBarra=\"\"),\"(Sem Código)\",IF(ISERROR(MATCH($AE399,INDIRECT(ORÇAMENTO.BancoRef),0)),\"(Código não identificado nas referências)\",MATCH($AE399,INDIRECT(ORÇAMENTO.BancoRef),0))))","v":"(abra o arquivo 'Referência 06-2023.xls)"},{"$f":"ROUND(IF(DESONERACAO=\"sim\",REFERENCIA.Desonerado,REFERENCIA.NaoDesonerado),2)","v":0},0.23530000000000001,null,null,null,null,12125.43,0]
["S",2,"S",0,{"$f":"IF($C400=1,OFFSET(E400,-1,0)+MAX(1,COUNTIF(QCI!$A$13:$A$32,OFFSET(ORÇAMENTO!E400,-1,0))),OFFSET(E400,-1,0))","v":9},5,0,0,1,{"$f":"IF(OR($C400=\"S\",$C400=0),0,MATCH(0,OFFSET($D400,1,$C400,ROW($C$850)-ROW($C400)),0))","v":0},{"$f":"IF(OR($C400=\"S\",$C400=0),0,MATCH(OFFSET($D400,0,$C400)+IF($C400<>1,1,COUNTIF(QCI!$A$13:$A$32,ORÇAMENTO!E400)),OFFSET($D400,1,$C400,ROW($C$850)-ROW($C400)),0))","v":0},"F","Serviço","Serviço","9.5.1.","AMMOC","BL01","BOCA DE LOBO EM CONCRETO ARMADO E GRADE DE AÇO EM BARRA DE FERRO CHATA 0,70M X 1,00M - TIPO 1 ","UND",{"$f":"OFFSET(CÁLCULO!H$15,ROW($T400)-ROW(T$15),0)","v":3},2617.0700000000002,"BDI 1",{"$f":"IF($C400=\"S\",ROUND(IF(TIPOORCAMENTO=\"Proposto\",ORÇAMENTO.CustoUnitario*(1+$AH400),ORÇAMENTO.PrecoUnitarioLicitado),15-13*$AF$10),0)","v":3232.87},9698.61,"RA","RA",{"$f":"IF($C400=\"S\",IF($Z400=\"CP\",$X400,IF($Z400=\"RA\",(($X400)*QCI!$AA$3),0)),SomaAgrup)","v":9698.61},0,{"$f":"IF($N400=\"\",\"\",IF(ORÇAMENTO.Descricao=\"\",\"DESCRIÇÃO\",IF(AND($C400=\"S\",ORÇAMENTO.Unidade=\"\"),\"UNIDADE\",IF($X400<0,\"VALOR NEGATIVO\",IF(OR(AND(TIPOORCAMENTO=\"Proposto\",$AG400<>\"\",$AG400>0,ORÇAMENTO.CustoUnitario>$AG400),AND(TIPOORCAMENTO=\"LICITADO\",ORÇAMENTO.PrecoUnitarioLicitado>$AN400)),\"ACIMA REF.\",\"\")))))","v":""},{"$f":"IF(C400<=CRONO.NivelExibicao,MAX($AD$15:OFFSET(AD400,-1,0))+IF($C400<>1,1,MAX(1,COUNTIF(QCI!$A$13:$A$32,OFFSET($E400,-1,0)))),\"\")","v":""},{"$f":"IF(AND($C400=\"S\",ORÇAMENTO.CodBarra<>\"\"),IF(ORÇAMENTO.Fonte=\"\",ORÇAMENTO.CodBarra,CONCATENATE(ORÇAMENTO.Fonte,\" \",ORÇAMENTO.CodBarra)))","v":"AMMOC BL01"},{"$f":"IF(ISERROR(INDIRECT(ORÇAMENTO.BancoRef)),\"(abra o arquivo 'Referência \"&Excel_BuiltIn_Database&\".xls)\",IF(OR($C400<>\"S\",ORÇAMENTO.CodBarra=\"\"),\"(Sem Código)\",IF(ISERROR(MATCH($AE400,INDIRECT(ORÇAMENTO.BancoRef),0)),\"(Código não identificado nas referências)\",MATCH($AE400,INDIRECT(ORÇAMENTO.BancoRef),0))))","v":"(abra o arquivo 'Referência 06-2023.xls)"},{"$f":"ROUND(IF(DESONERACAO=\"sim\",REFERENCIA.Desonerado,REFERENCIA.NaoDesonerado),2)","v":0},0.23530000000000001,null,3,null,null,9698.61,3232.87]
["S",2,"S",0,{"$f":"IF($C401=1,OFFSET(E401,-1,0)+MAX(1,COUNTIF(QCI!$A$13:$A$32,OFFSET(ORÇAMENTO!E401,-1,0))),OFFSET(E401,-1,0))","v":9},5,0,0,2,0,{"$f":"IF(OR($C401=\"S\",$C401=0),0,MATCH(OFFSET($D401,0,$C401)+IF($C401<>1,1,COUNTIF(QCI!$A$13:$A$32,ORÇAMENTO!E401)),OFFSET($D401,1,$C401,ROW($C$850)-ROW($C401)),0))","v":0},"F","Serviço","Serviço","9.5.2.","SINAPI","92219","TUBO DE CONCRETO PARA REDES COLETORAS DE ÁGUAS PLUVIAIS, DIÂMETRO DE 400 MM, JUNTA ENVOLTA EM MANTA GEOTÊXTIL, INSTALADO EM LOCAL COM ALTO NÍVEL DE INTERFERÊNCIAS - FORNECIMENTO E ASSENTAMENTO","M",{"$f":"OFFSET(CÁLCULO!H$15,ROW($T401)-ROW(T$15),0)","v":11},178.6,"BDI 1",{"$f":"IF($C401=\"S\",ROUND(IF(TIPOORCAMENTO=\"Proposto\",ORÇAMENTO.CustoUnitario*(1+$AH401),ORÇAMENTO.PrecoUnitarioLicitado),15-13*$AF$10),0)","v":220.62},2426.8200000000002,"RA","RA",{"$f":"IF($C401=\"S\",IF($Z401=\"CP\",$X401,IF($Z401=\"RA\",(($X401)*QCI!$AA$3),0)),SomaAgrup)","v":2426.8200000000002},0,{"$f":"IF($N401=\"\",\"\",IF(ORÇAMENTO.Descricao=\"\",\"DESCRIÇÃO\",IF(AND($C401=\"S\",ORÇAMENTO.Unidade=\"\"),\"UNIDADE\",IF($X401<0,\"VALOR NEGATIVO\",IF(OR(AND(TIPOORCAMENTO=\"Proposto\",$AG401<>\"\",$AG401>0,ORÇAMENTO.CustoUnitario>$AG401),AND(TIPOORCAMENTO=\"LICITADO\",ORÇAMENTO.PrecoUnitarioLicitado>$AN401)),\"ACIMA REF.\",\"\")))))","v":""},{"$f":"IF(C401<=CRONO.NivelExibicao,MAX($AD$15:OFFSET(AD401,-1,0))+IF($C401<>1,1,MAX(1,COUNTIF(QCI!$A$13:$A$32,OFFSET($E401,-1,0)))),\"\")","v":""},{"$f":"IF(AND($C401=\"S\",ORÇAMENTO.CodBarra<>\"\"),IF(ORÇAMENTO.Fonte=\"\",ORÇAMENTO.CodBarra,CONCATENATE(ORÇAMENTO.Fonte,\" \",ORÇAMENTO.CodBarra)))","v":"SINAPI 92219"},{"$f":"IF(ISERROR(INDIRECT(ORÇAMENTO.BancoRef)),\"(abra o arquivo 'Referência \"&Excel_BuiltIn_Database&\".xls)\",IF(OR($C401<>\"S\",ORÇAMENTO.CodBarra=\"\"),\"(Sem Código)\",IF(ISERROR(MATCH($AE401,INDIRECT(ORÇAMENTO.BancoRef),0)),\"(Código não identificado nas referências)\",MATCH($AE401,INDIRECT(ORÇAMENTO.BancoRef),0))))","v":"(abra o arquivo 'Referência 06-2023.xls)"},{"$f":"ROUND(IF(DESONERACAO=\"sim\",REFERENCIA.Desonerado,REFERENCIA.NaoDesonerado),2)","v":0},0.23530000000000001,null,11,null,null,2426.8200000000002,220.62]
[2,2,2,6,{"$f":"IF($C402=1,OFFSET(E402,-1,0)+MAX(1,COUNTIF(QCI!$A$13:$A$32,OFFSET(ORÇAMENTO!E402,-1,0))),OFFSET(E402,-1,0))","v":9},6,0,0,0,36,{"$f":"IF(OR($C402=\"S\",$C402=0),0,MATCH(OFFSET($D402,0,$C402)+IF($C402<>1,1,COUNTIF(QCI!$A$13:$A$32,ORÇAMENTO!E402)),OFFSET($D402,1,$C402,ROW($C$850)-ROW($C402)),0))","v":6},"F","Nível 2","Nível 2","9.6.","SINAPI",null,"REATERROS","-",{"$f":"OFFSET(CÁLCULO!H$15,ROW($T402)-ROW(T$15),0)","v":0},0,"BDI 1",{"$f":"IF($C402=\"S\",ROUND(IF(TIPOORCAMENTO=\"Proposto\",ORÇAMENTO.CustoUnitario*(1+$AH402),ORÇAMENTO.PrecoUnitarioLicitado),15-13*$AF$10),0)","v":0},1774.11,"RA","",{"$f":"IF($C402=\"S\",IF($Z402=\"CP\",$X402,IF($Z402=\"RA\",(($X402)*QCI!$AA$3),0)),SomaAgrup)","v":1774.1099999999997},0,{"$f":"IF($N402=\"\",\"\",IF(ORÇAMENTO.Descricao=\"\",\"DESCRIÇÃO\",IF(AND($C402=\"S\",ORÇAMENTO.Unidade=\"\"),\"UNIDADE\",IF($X402<0,\"VALOR NEGATIVO\",IF(OR(AND(TIPOORCAMENTO=\"Proposto\",$AG402<>\"\",$AG402>0,ORÇAMENTO.CustoUnitario>$AG402),AND(TIPOORCAMENTO=\"LICITADO\",ORÇAMENTO.PrecoUnitarioLicitado>$AN402)),\"ACIMA REF.\",\"\")))))","v":""},{"$f":"IF(C402<=CRONO.NivelExibicao,MAX($AD$15:OFFSET(AD402,-1,0))+IF($C402<>1,1,MAX(1,COUNTIF(QCI!$A$13:$A$32,OFFSET($E402,-1,0)))),\"\")","v":""},{"$f":"IF(AND($C402=\"S\",ORÇAMENTO.CodBarra<>\"\"),IF(ORÇAMENTO.Fonte=\"\",ORÇAMENTO.CodBarra,CONCATENATE(ORÇAMENTO.Fonte,\" \",ORÇAMENTO.CodBarra)))","v":false},{"$f":"IF(ISERROR(INDIRECT(ORÇAMENTO.BancoRef)),\"(abra o arquivo 'Referência \"&Excel_BuiltIn_Database&\".xls)\",IF(OR($C402<>\"S\",ORÇAMENTO.CodBarra=\"\"),\"(Sem Código)\",IF(ISERROR(MATCH($AE402,INDIRECT(ORÇAMENTO.BancoRef),0)),\"(Código não identificado nas referências)\",MATCH($AE402,INDIRECT(ORÇAMENTO.BancoRef),0))))","v":"(abra o arquivo 'Referência 06-2023.xls)"},{"$f":"ROUND(IF(DESONERACAO=\"sim\",REFERENCIA.Desonerado,REFERENCIA.NaoDesonerado),2)","v":0},0.23530000000000001,null,null,null,null,1774.11,0]
["S",2,"S",0,{"$f":"IF($C403=1,OFFSET(E403,-1,0)+MAX(1,COUNTIF(QCI!$A$13:$A$32,OFFSET(ORÇAMENTO!E403,-1,0))),OFFSET(E403,-1,0))","v":9},6,0,0,1,0,{"$f":"IF(OR($C403=\"S\",$C403=0),0,MATCH(OFFSET($D403,0,$C403)+IF($C403<>1,1,COUNTIF(QCI!$A$13:$A$32,ORÇAMENTO!E403)),OFFSET($D403,1,$C403,ROW($C$850)-ROW($C403)),0))","v":0},"F","Serviço","Serviço","9.6.1.","SINAPI-I","4718","PEDRA BRITADA N. 2 (19 A 38 MM) PARA REATERRO DE VALAS","M3    ",{"$f":"OFFSET(CÁLCULO!H$15,ROW($T403)-ROW(T$15),0)","v":8.52},107.5,"BDI 1",{"$f":"IF($C403=\"S\",ROUND(IF(TIPOORCAMENTO=\"Proposto\",ORÇAMENTO.CustoUnitario*(1+$AH403),ORÇAMENTO.PrecoUnitarioLicitado),15-13*$AF$10),0)","v":132.79},1131.3699999999999,"RA","RA",{"$f":"IF($C403=\"S\",IF($Z403=\"CP\",$X403,IF($Z403=\"RA\",(($X403)*QCI!$AA$3),0)),SomaAgrup)","v":1131.3699999999999},0,{"$f":"IF($N403=\"\",\"\",IF(ORÇAMENTO.Descricao=\"\",\"DESCRIÇÃO\",IF(AND($C403=\"S\",ORÇAMENTO.Unidade=\"\"),\"UNIDADE\",IF($X403<0,\"VALOR NEGATIVO\",IF(OR(AND(TIPOORCAMENTO=\"Proposto\",$AG403<>\"\",$AG403>0,ORÇAMENTO.CustoUnitario>$AG403),AND(TIPOORCAMENTO=\"LICITADO\",ORÇAMENTO.PrecoUnitarioLicitado>$AN403)),\"ACIMA REF.\",\"\")))))","v":""},{"$f":"IF(C403<=CRONO.NivelExibicao,MAX($AD$15:OFFSET(AD403,-1,0))+IF($C403<>1,1,MAX(1,COUNTIF(QCI!$A$13:$A$32,OFFSET($E403,-1,0)))),\"\")","v":""},{"$f":"IF(AND($C403=\"S\",ORÇAMENTO.CodBarra<>\"\"),IF(ORÇAMENTO.Fonte=\"\",ORÇAMENTO.CodBarra,CONCATENATE(ORÇAMENTO.Fonte,\" \",ORÇAMENTO.CodBarra)))","v":"SINAPI-I 4718"},{"$f":"IF(ISERROR(INDIRECT(ORÇAMENTO.BancoRef)),\"(abra o arquivo 'Referência \"&Excel_BuiltIn_Database&\".xls)\",IF(OR($C403<>\"S\",ORÇAMENTO.CodBarra=\"\"),\"(Sem Código)\",IF(ISERROR(MATCH($AE403,INDIRECT(ORÇAMENTO.BancoRef),0)),\"(Código não identificado nas referências)\",MATCH($AE403,INDIRECT(ORÇAMENTO.BancoRef),0))))","v":"(abra o arquivo 'Referência 06-2023.xls)"},{"$f":"ROUND(IF(DESONERACAO=\"sim\",REFERENCIA.Desonerado,REFERENCIA.NaoDesonerado),2)","v":0},0.23530000000000001,null,8.52,null,null,1131.3699999999999,132.79]
["S",2,"S",0,{"$f":"IF($C404=1,OFFSET(E404,-1,0)+MAX(1,COUNTIF(QCI!$A$13:$A$32,OFFSET(ORÇAMENTO!E404,-1,0))),OFFSET(E404,-1,0))","v":9},6,0,0,2,0,{"$f":"IF(OR($C404=\"S\",$C404=0),0,MATCH(OFFSET($D404,0,$C404)+IF($C404<>1,1,COUNTIF(QCI!$A$13:$A$32,ORÇAMENTO!E404)),OFFSET($D404,1,$C404,ROW($C$850)-ROW($C404)),0))","v":0},"F","Serviço","Serviço","9.6.2.","SINAPI-I",4730,"PEDRA RACHAO PARA REATERRO DE VALAS                                                                                                                                                                                                                                                                                                                                                                                     ","M3    ",{"$f":"OFFSET(CÁLCULO!H$15,ROW($T404)-ROW(T$15),0)","v":0.48},100.51,"BDI 1",{"$f":"IF($C404=\"S\",ROUND(IF(TIPOORCAMENTO=\"Proposto\",ORÇAMENTO.CustoUnitario*(1+$AH404),ORÇAMENTO.PrecoUnitarioLicitado),15-13*$AF$10),0)","v":124.16},59.6,"RA","RA",{"$f":"IF($C404=\"S\",IF($Z404=\"CP\",$X404,IF($Z404=\"RA\",(($X404)*QCI!$AA$3),0)),SomaAgrup)","v":59.6},0,{"$f":"IF($N404=\"\",\"\",IF(ORÇAMENTO.Descricao=\"\",\"DESCRIÇÃO\",IF(AND($C404=\"S\",ORÇAMENTO.Unidade=\"\"),\"UNIDADE\",IF($X404<0,\"VALOR NEGATIVO\",IF(OR(AND(TIPOORCAMENTO=\"Proposto\",$AG404<>\"\",$AG404>0,ORÇAMENTO.CustoUnitario>$AG404),AND(TIPOORCAMENTO=\"LICITADO\",ORÇAMENTO.PrecoUnitarioLicitado>$AN404)),\"ACIMA REF.\",\"\")))))","v":""},{"$f":"IF(C404<=CRONO.NivelExibicao,MAX($AD$15:OFFSET(AD404,-1,0))+IF($C404<>1,1,MAX(1,COUNTIF(QCI!$A$13:$A$32,OFFSET($E404,-1,0)))),\"\")","v":""},{"$f":"IF(AND($C404=\"S\",ORÇAMENTO.CodBarra<>\"\"),IF(ORÇAMENTO.Fonte=\"\",ORÇAMENTO.CodBarra,CONCATENATE(ORÇAMENTO.Fonte,\" \",ORÇAMENTO.CodBarra)))","v":"SINAPI-I 4730"},{"$f":"IF(ISERROR(INDIRECT(ORÇAMENTO.BancoRef)),\"(abra o arquivo 'Referência \"&Excel_BuiltIn_Database&\".xls)\",IF(OR($C404<>\"S\",ORÇAMENTO.CodBarra=\"\"),\"(Sem Código)\",IF(ISERROR(MATCH($AE404,INDIRECT(ORÇAMENTO.BancoRef),0)),\"(Código não identificado nas referências)\",MATCH($AE404,INDIRECT(ORÇAMENTO.BancoRef),0))))","v":"(abra o arquivo 'Referência 06-2023.xls)"},{"$f":"ROUND(IF(DESONERACAO=\"sim\",REFERENCIA.Desonerado,REFERENCIA.NaoDesonerado),2)","v":0},0.23530000000000001,null,0.48,null,null,59.6,124.16]
["S",2,"S",0,{"$f":"IF($C405=1,OFFSET(E405,-1,0)+MAX(1,COUNTIF(QCI!$A$13:$A$32,OFFSET(ORÇAMENTO!E405,-1,0))),OFFSET(E405,-1,0))","v":9},6,0,0,3,0,{"$f":"IF(OR($C405=\"S\",$C405=0),0,MATCH(OFFSET($D405,0,$C405)+IF($C405<>1,1,COUNTIF(QCI!$A$13:$A$32,ORÇAMENTO!E405)),OFFSET($D405,1,$C405,ROW($C$850)-ROW($C405)),0))","v":0},"F","Serviço","Serviço","9.6.3.","SINAPI-I",4729,"PEDRA BRITADA GRADUADA PARA REATERRO DE VALAS                                                                                                                                                                                                                                                                                                                                                                                                                          ","M3    ",{"$f":"OFFSET(CÁLCULO!H$15,ROW($T405)-ROW(T$15),0)","v":0.36},107.74,"BDI 1",{"$f":"IF($C405=\"S\",ROUND(IF(TIPOORCAMENTO=\"Proposto\",ORÇAMENTO.CustoUnitario*(1+$AH405),ORÇAMENTO.PrecoUnitarioLicitado),15-13*$AF$10),0)","v":133.09},47.91,"RA","RA",{"$f":"IF($C405=\"S\",IF($Z405=\"CP\",$X405,IF($Z405=\"RA\",(($X405)*QCI!$AA$3),0)),SomaAgrup)","v":47.91},0,{"$f":"IF($N405=\"\",\"\",IF(ORÇAMENTO.Descricao=\"\",\"DESCRIÇÃO\",IF(AND($C405=\"S\",ORÇAMENTO.Unidade=\"\"),\"UNIDADE\",IF($X405<0,\"VALOR NEGATIVO\",IF(OR(AND(TIPOORCAMENTO=\"Proposto\",$AG405<>\"\",$AG405>0,ORÇAMENTO.CustoUnitario>$AG405),AND(TIPOORCAMENTO=\"LICITADO\",ORÇAMENTO.PrecoUnitarioLicitado>$AN405)),\"ACIMA REF.\",\"\")))))","v":""},{"$f":"IF(C405<=CRONO.NivelExibicao,MAX($AD$15:OFFSET(AD405,-1,0))+IF($C405<>1,1,MAX(1,COUNTIF(QCI!$A$13:$A$32,OFFSET($E405,-1,0)))),\"\")","v":""},{"$f":"IF(AND($C405=\"S\",ORÇAMENTO.CodBarra<>\"\"),IF(ORÇAMENTO.Fonte=\"\",ORÇAMENTO.CodBarra,CONCATENATE(ORÇAMENTO.Fonte,\" \",ORÇAMENTO.CodBarra)))","v":"SINAPI-I 4729"},{"$f":"IF(ISERROR(INDIRECT(ORÇAMENTO.BancoRef)),\"(abra o arquivo 'Referência \"&Excel_BuiltIn_Database&\".xls)\",IF(OR($C405<>\"S\",ORÇAMENTO.CodBarra=\"\"),\"(Sem Código)\",IF(ISERROR(MATCH($AE405,INDIRECT(ORÇAMENTO.BancoRef),0)),\"(Código não identificado nas referências)\",MATCH($AE405,INDIRECT(ORÇAMENTO.BancoRef),0))))","v":"(abra o arquivo 'Referência 06-2023.xls)"},{"$f":"ROUND(IF(DESONERACAO=\"sim\",REFERENCIA.Desonerado,REFERENCIA.NaoDesonerado),2)","v":0},0.23530000000000001,null,0.36,null,null,47.91,133.09]
["S",2,"S",0,{"$f":"IF($C406=1,OFFSET(E406,-1,0)+MAX(1,COUNTIF(QCI!$A$13:$A$32,OFFSET(ORÇAMENTO!E406,-1,0))),OFFSET(E406,-1,0))","v":9},6,0,0,4,0,{"$f":"IF(OR($C406=\"S\",$C406=0),0,MATCH(OFFSET($D406,0,$C406)+IF($C406<>1,1,COUNTIF(QCI!$A$13:$A$32,ORÇAMENTO!E406)),OFFSET($D406,1,$C406,ROW($C$850)-ROW($C406)),0))","v":0},"F","Serviço","Serviço","9.6.4.","SINAPI","100978","CARGA, MANOBRA E DESCARGA DE MATERIAL GRANULAR EM CAMINHÃO BASCULANTE - CARGA COM ESCAVADEIRA HIDRÁULICA","M3",{"$f":"OFFSET(CÁLCULO!H$15,ROW($T406)-ROW(T$15),0)","v":8.52},6.33,"BDI 1",{"$f":"IF($C406=\"S\",ROUND(IF(TIPOORCAMENTO=\"Proposto\",ORÇAMENTO.CustoUnitario*(1+$AH406),ORÇAMENTO.PrecoUnitarioLicitado),15-13*$AF$10),0)","v":7.82},66.63,"RA","RA",{"$f":"IF($C406=\"S\",IF($Z406=\"CP\",$X406,IF($Z406=\"RA\",(($X406)*QCI!$AA$3),0)),SomaAgrup)","v":66.63},0,{"$f":"IF($N406=\"\",\"\",IF(ORÇAMENTO.Descricao=\"\",\"DESCRIÇÃO\",IF(AND($C406=\"S\",ORÇAMENTO.Unidade=\"\"),\"UNIDADE\",IF($X406<0,\"VALOR NEGATIVO\",IF(OR(AND(TIPOORCAMENTO=\"Proposto\",$AG406<>\"\",$AG406>0,ORÇAMENTO.CustoUnitario>$AG406),AND(TIPOORCAMENTO=\"LICITADO\",ORÇAMENTO.PrecoUnitarioLicitado>$AN406)),\"ACIMA REF.\",\"\")))))","v":""},{"$f":"IF(C406<=CRONO.NivelExibicao,MAX($AD$15:OFFSET(AD406,-1,0))+IF($C406<>1,1,MAX(1,COUNTIF(QCI!$A$13:$A$32,OFFSET($E406,-1,0)))),\"\")","v":""},{"$f":"IF(AND($C406=\"S\",ORÇAMENTO.CodBarra<>\"\"),IF(ORÇAMENTO.Fonte=\"\",ORÇAMENTO.CodBarra,CONCATENATE(ORÇAMENTO.Fonte,\" \",ORÇAMENTO.CodBarra)))","v":"SINAPI 100978"},{"$f":"IF(ISERROR(INDIRECT(ORÇAMENTO.BancoRef)),\"(abra o arquivo 'Referência \"&Excel_BuiltIn_Database&\".xls)\",IF(OR($C406<>\"S\",ORÇAMENTO.CodBarra=\"\"),\"(Sem Código)\",IF(ISERROR(MATCH($AE406,INDIRECT(ORÇAMENTO.BancoRef),0)),\"(Código não identificado nas referências)\",MATCH($AE406,INDIRECT(ORÇAMENTO.BancoRef),0))))","v":"(abra o arquivo 'Referência 06-2023.xls)"},{"$f":"ROUND(IF(DESONERACAO=\"sim\",REFERENCIA.Desonerado,REFERENCIA.NaoDesonerado),2)","v":0},0.23530000000000001,null,{"$f":"AJ403","v":8.52},null,null,66.63,7.82]
[{"$f":"CHOOSE(1+LOG(1+2*(ORÇAMENTO.Nivel=\"Meta\")+4*(ORÇAMENTO.Nivel=\"Nível 2\")+8*(ORÇAMENTO.Nivel=\"Nível 3\")+16*(ORÇAMENTO.Nivel=\"Nível 4\")+32*(ORÇAMENTO.Nivel=\"Serviço\"),2),0,1,2,3,4,\"S\")","v":"S"},2,"S",0,{"$f":"IF($C407=1,OFFSET(E407,-1,0)+MAX(1,COUNTIF(QCI!$A$13:$A$32,OFFSET(ORÇAMENTO!E407,-1,0))),OFFSET(E407,-1,0))","v":9},6,0,0,5,0,{"$f":"IF(OR($C407=\"S\",$C407=0),0,MATCH(OFFSET($D407,0,$C407)+IF($C407<>1,1,COUNTIF(QCI!$A$13:$A$32,ORÇAMENTO!E407)),OFFSET($D407,1,$C407,ROW($C$850)-ROW($C407)),0))","v":0},"F","Serviço","Serviço","9.6.5.","SINAPI","95875","TRANSPORTE DE MATERIAL GRANULAR COM CAMINHÃO BASCULANTE, DMT = 20 KM","M3XKM",{"$f":"OFFSET(CÁLCULO!H$15,ROW($T407)-ROW(T$15),0)","v":170.4},2.23,"BDI 1",{"$f":"IF($C407=\"S\",ROUND(IF(TIPOORCAMENTO=\"Proposto\",ORÇAMENTO.CustoUnitario*(1+$AH407),ORÇAMENTO.PrecoUnitarioLicitado),15-13*$AF$10),0)","v":2.75},{"$f":"IF($C407=\"S\",VTOTAL1,IF($C407=0,0,ROUND(SomaAgrup,15-13*$AF$11)))","v":468.6},"RA","RA",{"$f":"IF($C407=\"S\",IF($Z407=\"CP\",$X407,IF($Z407=\"RA\",(($X407)*QCI!$AA$3),0)),SomaAgrup)","v":468.6},{"$f":"IF($C407=\"S\",IF($Z407=\"OU\",ROUND($X407,2),0),SomaAgrup)","v":0},{"$f":"IF($N407=\"\",\"\",IF(ORÇAMENTO.Descricao=\"\",\"DESCRIÇÃO\",IF(AND($C407=\"S\",ORÇAMENTO.Unidade=\"\"),\"UNIDADE\",IF($X407<0,\"VALOR NEGATIVO\",IF(OR(AND(TIPOORCAMENTO=\"Proposto\",$AG407<>\"\",$AG407>0,ORÇAMENTO.CustoUnitario>$AG407),AND(TIPOORCAMENTO=\"LICITADO\",ORÇAMENTO.PrecoUnitarioLicitado>$AN407)),\"ACIMA REF.\",\"\")))))","v":""},{"$f":"IF(C407<=CRONO.NivelExibicao,MAX($AD$15:OFFSET(AD407,-1,0))+IF($C407<>1,1,MAX(1,COUNTIF(QCI!$A$13:$A$32,OFFSET($E407,-1,0)))),\"\")","v":""},{"$f":"IF(AND($C407=\"S\",ORÇAMENTO.CodBarra<>\"\"),IF(ORÇAMENTO.Fonte=\"\",ORÇAMENTO.CodBarra,CONCATENATE(ORÇAMENTO.Fonte,\" \",ORÇAMENTO.CodBarra)))","v":"SINAPI 95875"},{"$f":"IF(ISERROR(INDIRECT(ORÇAMENTO.BancoRef)),\"(abra o arquivo 'Referência \"&Excel_BuiltIn_Database&\".xls)\",IF(OR($C407<>\"S\",ORÇAMENTO.CodBarra=\"\"),\"(Sem Código)\",IF(ISERROR(MATCH($AE407,INDIRECT(ORÇAMENTO.BancoRef),0)),\"(Código não identificado nas referências)\",MATCH($AE407,INDIRECT(ORÇAMENTO.BancoRef),0))))","v":"(abra o arquivo 'Referência 06-2023.xls)"},{"$f":"ROUND(IF(DESONERACAO=\"sim\",REFERENCIA.Desonerado,REFERENCIA.NaoDesonerado),2)","v":0},{"$f":"ROUND(IF(ISNUMBER(ORÇAMENTO.OpcaoBDI),ORÇAMENTO.OpcaoBDI,IF(LEFT(ORÇAMENTO.OpcaoBDI,3)=\"BDI\",HLOOKUP(ORÇAMENTO.OpcaoBDI,$F$4:$H$5,2,FALSE),0)),15-11*$AF$9)","v":0.23530000000000001},null,{"$f":"AJ406*20","v":170.39999999999998},null,null,468.6,{"$f":"ROUND(ORÇAMENTO.CustoUnitario*(1+$AH407),2)","v":2.75}]
[2,{"$f":"IF(OR(C408=\"s\",C408=0),OFFSET(B408,-1,0),C408)","v":2},{"$f":"IF(OFFSET(C408,-1,0)=\"L\",1,IF(OFFSET(C408,-1,0)=1,2,IF(OR(A408=\"s\",A408=0),\"S\",IF(AND(OFFSET(C408,-1,0)=2,A408=4),3,IF(AND(OR(OFFSET(C408,-1,0)=\"s\",OFFSET(C408,-1,0)=0),A408<>\"s\",A408>OFFSET(B408,-1,0)),OFFSET(B408,-1,0),A408)))))","v":2},{"$f":"IF(OR(C408=\"S\",C408=0),0,IF(ISERROR(K408),J408,SMALL(J408:K408,1)))","v":13},{"$f":"IF($C408=1,OFFSET(E408,-1,0)+MAX(1,COUNTIF(QCI!$A$13:$A$32,OFFSET(ORÇAMENTO!E408,-1,0))),OFFSET(E408,-1,0))","v":9},{"$f":"IF($C408=1,0,IF($C408=2,OFFSET(F408,-1,0)+1,OFFSET(F408,-1,0)))","v":7},{"$f":"IF(AND($C408<=2,$C408<>0),0,IF($C408=3,OFFSET(G408,-1,0)+1,OFFSET(G408,-1,0)))","v":0},{"$f":"IF(AND($C408<=3,$C408<>0),0,IF($C408=4,OFFSET(H408,-1,0)+1,OFFSET(H408,-1,0)))","v":0},{"$f":"IF(AND($C408<=4,$C408<>0),0,IF(AND($C408=\"S\",$X408>0),OFFSET(I408,-1,0)+1,OFFSET(I408,-1,0)))","v":0},30,{"$f":"IF(OR($C408=\"S\",$C408=0),0,MATCH(OFFSET($D408,0,$C408)+IF($C408<>1,1,COUNTIF(QCI!$A$13:$A$32,ORÇAMENTO!E408)),OFFSET($D408,1,$C408,ROW($C$850)-ROW($C408)),0))","v":13},{"$f":"IF(OR($X408>0,$C408=1,$C408=2,$C408=3,$C408=4),\"F\",\"\")","v":"F"},"Nível 2",{"$f":"CHOOSE(1+LOG(1+2*(C408=1)+4*(C408=2)+8*(C408=3)+16*(C408=4)+32*(C408=\"S\"),2),\"\",\"Meta\",\"Nível 2\",\"Nível 3\",\"Nível 4\",\"Serviço\")","v":"Nível 2"},{"$f":"IF(OR($C408=0,$L408=\"\"),\"-\",CONCATENATE(E408&\".\",IF(AND($A$5>=2,$C408>=2),F408&\".\",\"\"),IF(AND($A$5>=3,$C408>=3),G408&\".\",\"\"),IF(AND($A$5>=4,$C408>=4),H408&\".\",\"\"),IF($C408=\"S\",I408&\".\",\"\")))","v":"9.7."},"SINAPI",null,"PAVIMENTAÇÃO EM CONCRETO","-",{"$f":"OFFSET(CÁLCULO!H$15,ROW($T408)-ROW(T$15),0)","v":0},0,"BDI 1",{"$f":"IF($C408=\"S\",ROUND(IF(TIPOORCAMENTO=\"Proposto\",ORÇAMENTO.CustoUnitario*(1+$AH408),ORÇAMENTO.PrecoUnitarioLicitado),15-13*$AF$10),0)","v":0},55359.05,"RA",{"$f":"IF(AND($C408=\"S\",$X408>0),IF(ISBLANK($Y408),\"RA\",LEFT($Y408,2)),\"\")","v":""},{"$f":"IF($C408=\"S\",IF($Z408=\"CP\",$X408,IF($Z408=\"RA\",(($X408)*QCI!$AA$3),0)),SomaAgrup)","v":55359.049999999996},0,{"$f":"IF($N408=\"\",\"\",IF(ORÇAMENTO.Descricao=\"\",\"DESCRIÇÃO\",IF(AND($C408=\"S\",ORÇAMENTO.Unidade=\"\"),\"UNIDADE\",IF($X408<0,\"VALOR NEGATIVO\",IF(OR(AND(TIPOORCAMENTO=\"Proposto\",$AG408<>\"\",$AG408>0,ORÇAMENTO.CustoUnitario>$AG408),AND(TIPOORCAMENTO=\"LICITADO\",ORÇAMENTO.PrecoUnitarioLicitado>$AN408)),\"ACIMA REF.\",\"\")))))","v":""},{"$f":"IF(C408<=CRONO.NivelExibicao,MAX($AD$15:OFFSET(AD408,-1,0))+IF($C408<>1,1,MAX(1,COUNTIF(QCI!$A$13:$A$32,OFFSET($E408,-1,0)))),\"\")","v":""},{"$f":"IF(AND($C408=\"S\",ORÇAMENTO.CodBarra<>\"\"),IF(ORÇAMENTO.Fonte=\"\",ORÇAMENTO.CodBarra,CONCATENATE(ORÇAMENTO.Fonte,\" \",ORÇAMENTO.CodBarra)))","v":false},{"$f":"IF(ISERROR(INDIRECT(ORÇAMENTO.BancoRef)),\"(abra o arquivo 'Referência \"&Excel_BuiltIn_Database&\".xls)\",IF(OR($C408<>\"S\",ORÇAMENTO.CodBarra=\"\"),\"(Sem Código)\",IF(ISERROR(MATCH($AE408,INDIRECT(ORÇAMENTO.BancoRef),0)),\"(Código não identificado nas referências)\",MATCH($AE408,INDIRECT(ORÇAMENTO.BancoRef),0))))","v":"(abra o arquivo 'Referência 06-2023.xls)"},{"$f":"ROUND(IF(DESONERACAO=\"sim\",REFERENCIA.Desonerado,REFERENCIA.NaoDesonerado),2)","v":0},0.23530000000000001,null,null,null,null,{"$f":"$X408","v":55359.05},0]
["S",2,"S",0,{"$f":"IF($C409=1,OFFSET(E409,-1,0)+MAX(1,COUNTIF(QCI!$A$13:$A$32,OFFSET(ORÇAMENTO!E409,-1,0))),OFFSET(E409,-1,0))","v":9},7,0,0,1,0,{"$f":"IF(OR($C409=\"S\",$C409=0),0,MATCH(OFFSET($D409,0,$C409)+IF($C409<>1,1,COUNTIF(QCI!$A$13:$A$32,ORÇAMENTO!E409)),OFFSET($D409,1,$C409,ROW($C$850)-ROW($C409)),0))","v":0},"F","Serviço","Serviço","9.7.1.","SINAPI-I","4741","PO DE PEDRA (POSTO PEDREIRA/FORNECEDOR, SEM FRETE)                                                                                                                                                                                                                                                                                                                                                                                                                                                        ","M3    ",{"$f":"OFFSET(CÁLCULO!H$15,ROW($T409)-ROW(T$15),0)","v":8.7899999999999991},101.01,"BDI 1",{"$f":"IF($C409=\"S\",ROUND(IF(TIPOORCAMENTO=\"Proposto\",ORÇAMENTO.CustoUnitario*(1+$AH409),ORÇAMENTO.PrecoUnitarioLicitado),15-13*$AF$10),0)","v":124.78},1096.82,"RA","RA",{"$f":"IF($C409=\"S\",IF($Z409=\"CP\",$X409,IF($Z409=\"RA\",(($X409)*QCI!$AA$3),0)),SomaAgrup)","v":1096.82},0,{"$f":"IF($N409=\"\",\"\",IF(ORÇAMENTO.Descricao=\"\",\"DESCRIÇÃO\",IF(AND($C409=\"S\",ORÇAMENTO.Unidade=\"\"),\"UNIDADE\",IF($X409<0,\"VALOR NEGATIVO\",IF(OR(AND(TIPOORCAMENTO=\"Proposto\",$AG409<>\"\",$AG409>0,ORÇAMENTO.CustoUnitario>$AG409),AND(TIPOORCAMENTO=\"LICITADO\",ORÇAMENTO.PrecoUnitarioLicitado>$AN409)),\"ACIMA REF.\",\"\")))))","v":""},{"$f":"IF(C409<=CRONO.NivelExibicao,MAX($AD$15:OFFSET(AD409,-1,0))+IF($C409<>1,1,MAX(1,COUNTIF(QCI!$A$13:$A$32,OFFSET($E409,-1,0)))),\"\")","v":""},{"$f":"IF(AND($C409=\"S\",ORÇAMENTO.CodBarra<>\"\"),IF(ORÇAMENTO.Fonte=\"\",ORÇAMENTO.CodBarra,CONCATENATE(ORÇAMENTO.Fonte,\" \",ORÇAMENTO.CodBarra)))","v":"SINAPI-I 4741"},{"$f":"IF(ISERROR(INDIRECT(ORÇAMENTO.BancoRef)),\"(abra o arquivo 'Referência \"&Excel_BuiltIn_Database&\".xls)\",IF(OR($C409<>\"S\",ORÇAMENTO.CodBarra=\"\"),\"(Sem Código)\",IF(ISERROR(MATCH($AE409,INDIRECT(ORÇAMENTO.BancoRef),0)),\"(Código não identificado nas referências)\",MATCH($AE409,INDIRECT(ORÇAMENTO.BancoRef),0))))","v":"(abra o arquivo 'Referência 06-2023.xls)"},{"$f":"ROUND(IF(DESONERACAO=\"sim\",REFERENCIA.Desonerado,REFERENCIA.NaoDesonerado),2)","v":0},0.23530000000000001,null,{"$f":"293*0.03","v":8.7899999999999991},null,null,1096.82,124.78]
["S",2,"S",0,{"$f":"IF($C410=1,OFFSET(E410,-1,0)+MAX(1,COUNTIF(QCI!$A$13:$A$32,OFFSET(ORÇAMENTO!E410,-1,0))),OFFSET(E410,-1,0))","v":9},7,0,0,2,0,{"$f":"IF(OR($C410=\"S\",$C410=0),0,MATCH(OFFSET($D410,0,$C410)+IF($C410<>1,1,COUNTIF(QCI!$A$13:$A$32,ORÇAMENTO!E410)),OFFSET($D410,1,$C410,ROW($C$850)-ROW($C410)),0))","v":0},"F","Serviço","Serviço","9.7.2.","SINAPI","100978","CARGA, MANOBRA E DESCARGA DE MATERIAL GRANULAR EM CAMINHÃO BASCULANTE - CARGA COM ESCAVADEIRA HIDRÁULICA","M3",{"$f":"OFFSET(CÁLCULO!H$15,ROW($T410)-ROW(T$15),0)","v":8.7899999999999991},6.33,"BDI 1",{"$f":"IF($C410=\"S\",ROUND(IF(TIPOORCAMENTO=\"Proposto\",ORÇAMENTO.CustoUnitario*(1+$AH410),ORÇAMENTO.PrecoUnitarioLicitado),15-13*$AF$10),0)","v":7.82},68.739999999999995,"RA","RA",{"$f":"IF($C410=\"S\",IF($Z410=\"CP\",$X410,IF($Z410=\"RA\",(($X410)*QCI!$AA$3),0)),SomaAgrup)","v":68.739999999999995},0,{"$f":"IF($N410=\"\",\"\",IF(ORÇAMENTO.Descricao=\"\",\"DESCRIÇÃO\",IF(AND($C410=\"S\",ORÇAMENTO.Unidade=\"\"),\"UNIDADE\",IF($X410<0,\"VALOR NEGATIVO\",IF(OR(AND(TIPOORCAMENTO=\"Proposto\",$AG410<>\"\",$AG410>0,ORÇAMENTO.CustoUnitario>$AG410),AND(TIPOORCAMENTO=\"LICITADO\",ORÇAMENTO.PrecoUnitarioLicitado>$AN410)),\"ACIMA REF.\",\"\")))))","v":""},{"$f":"IF(C410<=CRONO.NivelExibicao,MAX($AD$15:OFFSET(AD410,-1,0))+IF($C410<>1,1,MAX(1,COUNTIF(QCI!$A$13:$A$32,OFFSET($E410,-1,0)))),\"\")","v":""},{"$f":"IF(AND($C410=\"S\",ORÇAMENTO.CodBarra<>\"\"),IF(ORÇAMENTO.Fonte=\"\",ORÇAMENTO.CodBarra,CONCATENATE(ORÇAMENTO.Fonte,\" \",ORÇAMENTO.CodBarra)))","v":"SINAPI 100978"},{"$f":"IF(ISERROR(INDIRECT(ORÇAMENTO.BancoRef)),\"(abra o arquivo 'Referência \"&Excel_BuiltIn_Database&\".xls)\",IF(OR($C410<>\"S\",ORÇAMENTO.CodBarra=\"\"),\"(Sem Código)\",IF(ISERROR(MATCH($AE410,INDIRECT(ORÇAMENTO.BancoRef),0)),\"(Código não identificado nas referências)\",MATCH($AE410,INDIRECT(ORÇAMENTO.BancoRef),0))))","v":"(abra o arquivo 'Referência 06-2023.xls)"},{"$f":"ROUND(IF(DESONERACAO=\"sim\",REFERENCIA.Desonerado,REFERENCIA.NaoDesonerado),2)","v":0},0.23530000000000001,null,{"$f":"AJ409","v":8.7899999999999991},null,null,68.739999999999995,7.82]
["S",{"$f":"IF(OR(C411=\"s\",C411=0),OFFSET(B411,-1,0),C411)","v":2},{"$f":"IF(OFFSET(C411,-1,0)=\"L\",1,IF(OFFSET(C411,-1,0)=1,2,IF(OR(A411=\"s\",A411=0),\"S\",IF(AND(OFFSET(C411,-1,0)=2,A411=4),3,IF(AND(OR(OFFSET(C411,-1,0)=\"s\",OFFSET(C411,-1,0)=0),A411<>\"s\",A411>OFFSET(B411,-1,0)),OFFSET(B411,-1,0),A411)))))","v":"S"},{"$f":"IF(OR(C411=\"S\",C411=0),0,IF(ISERROR(K411),J411,SMALL(J411:K411,1)))","v":0},{"$f":"IF($C411=1,OFFSET(E411,-1,0)+MAX(1,COUNTIF(QCI!$A$13:$A$32,OFFSET(ORÇAMENTO!E411,-1,0))),OFFSET(E411,-1,0))","v":9},{"$f":"IF($C411=1,0,IF($C411=2,OFFSET(F411,-1,0)+1,OFFSET(F411,-1,0)))","v":7},{"$f":"IF(AND($C411<=2,$C411<>0),0,IF($C411=3,OFFSET(G411,-1,0)+1,OFFSET(G411,-1,0)))","v":0},{"$f":"IF(AND($C411<=3,$C411<>0),0,IF($C411=4,OFFSET(H411,-1,0)+1,OFFSET(H411,-1,0)))","v":0},{"$f":"IF(AND($C411<=4,$C411<>0),0,IF(AND($C411=\"S\",$X411>0),OFFSET(I411,-1,0)+1,OFFSET(I411,-1,0)))","v":3},0,{"$f":"IF(OR($C411=\"S\",$C411=0),0,MATCH(OFFSET($D411,0,$C411)+IF($C411<>1,1,COUNTIF(QCI!$A$13:$A$32,ORÇAMENTO!E411)),OFFSET($D411,1,$C411,ROW($C$850)-ROW($C411)),0))","v":0},{"$f":"IF(OR($X411>0,$C411=1,$C411=2,$C411=3,$C411=4),\"F\",\"\")","v":"F"},"Serviço",{"$f":"CHOOSE(1+LOG(1+2*(C411=1)+4*(C411=2)+8*(C411=3)+16*(C411=4)+32*(C411=\"S\"),2),\"\",\"Meta\",\"Nível 2\",\"Nível 3\",\"Nível 4\",\"Serviço\")","v":"Serviço"},{"$f":"IF(OR($C411=0,$L411=\"\"),\"-\",CONCATENATE(E411&\".\",IF(AND($A$5>=2,$C411>=2),F411&\".\",\"\"),IF(AND($A$5>=3,$C411>=3),G411&\".\",\"\"),IF(AND($A$5>=4,$C411>=4),H411&\".\",\"\"),IF($C411=\"S\",I411&\".\",\"\")))","v":"9.7.3."},"SINAPI","95875","TRANSPORTE DE MATERIAL GRANULAR COM CAMINHÃO BASCULANTE, DMT = 20 KM","M3XKM",{"$f":"OFFSET(CÁLCULO!H$15,ROW($T411)-ROW(T$15),0)","v":175.8},2.23,"BDI 1",{"$f":"IF($C411=\"S\",ROUND(IF(TIPOORCAMENTO=\"Proposto\",ORÇAMENTO.CustoUnitario*(1+$AH411),ORÇAMENTO.PrecoUnitarioLicitado),15-13*$AF$10),0)","v":2.75},483.45,"RA",{"$f":"IF(AND($C411=\"S\",$X411>0),IF(ISBLANK($Y411),\"RA\",LEFT($Y411,2)),\"\")","v":"RA"},{"$f":"IF($C411=\"S\",IF($Z411=\"CP\",$X411,IF($Z411=\"RA\",(($X411)*QCI!$AA$3),0)),SomaAgrup)","v":483.45},0,{"$f":"IF($N411=\"\",\"\",IF(ORÇAMENTO.Descricao=\"\",\"DESCRIÇÃO\",IF(AND($C411=\"S\",ORÇAMENTO.Unidade=\"\"),\"UNIDADE\",IF($X411<0,\"VALOR NEGATIVO\",IF(OR(AND(TIPOORCAMENTO=\"Proposto\",$AG411<>\"\",$AG411>0,ORÇAMENTO.CustoUnitario>$AG411),AND(TIPOORCAMENTO=\"LICITADO\",ORÇAMENTO.PrecoUnitarioLicitado>$AN411)),\"ACIMA REF.\",\"\")))))","v":""},{"$f":"IF(C411<=CRONO.NivelExibicao,MAX($AD$15:OFFSET(AD411,-1,0))+IF($C411<>1,1,MAX(1,COUNTIF(QCI!$A$13:$A$32,OFFSET($E411,-1,0)))),\"\")","v":""},{"$f":"IF(AND($C411=\"S\",ORÇAMENTO.CodBarra<>\"\"),IF(ORÇAMENTO.Fonte=\"\",ORÇAMENTO.CodBarra,CONCATENATE(ORÇAMENTO.Fonte,\" \",ORÇAMENTO.CodBarra)))","v":"SINAPI 95875"},{"$f":"IF(ISERROR(INDIRECT(ORÇAMENTO.BancoRef)),\"(abra o arquivo 'Referência \"&Excel_BuiltIn_Database&\".xls)\",IF(OR($C411<>\"S\",ORÇAMENTO.CodBarra=\"\"),\"(Sem Código)\",IF(ISERROR(MATCH($AE411,INDIRECT(ORÇAMENTO.BancoRef),0)),\"(Código não identificado nas referências)\",MATCH($AE411,INDIRECT(ORÇAMENTO.BancoRef),0))))","v":"(abra o arquivo 'Referência 06-2023.xls)"},{"$f":"ROUND(IF(DESONERACAO=\"sim\",REFERENCIA.Desonerado,REFERENCIA.NaoDesonerado),2)","v":0},0.23530000000000001,null,{"$f":"AJ410*20","v":175.79999999999998},null,null,483.45,2.75]
["S",2,"S",0,{"$f":"IF($C412=1,OFFSET(E412,-1,0)+MAX(1,COUNTIF(QCI!$A$13:$A$32,OFFSET(ORÇAMENTO!E412,-1,0))),OFFSET(E412,-1,0))","v":9},7,0,0,4,0,{"$f":"IF(OR($C412=\"S\",$C412=0),0,MATCH(OFFSET($D412,0,$C412)+IF($C412<>1,1,COUNTIF(QCI!$A$13:$A$32,ORÇAMENTO!E412)),OFFSET($D412,1,$C412,ROW($C$850)-ROW($C412)),0))","v":0},"F","Serviço","Serviço","9.7.4.","SINAPI-I","1346","FABRICAÇÃO, MONTAGEM E DESMONTAGEM DE FORMA PARA PAVIMENTAÇÃO EM CONCRETO EM CHAPA DE COMPENSADO","M2    ",{"$f":"OFFSET(CÁLCULO!H$15,ROW($T412)-ROW(T$15),0)","v":14.58},57.57,"BDI 1",{"$f":"IF($C412=\"S\",ROUND(IF(TIPOORCAMENTO=\"Proposto\",ORÇAMENTO.CustoUnitario*(1+$AH412),ORÇAMENTO.PrecoUnitarioLicitado),15-13*$AF$10),0)","v":71.12},1036.93,"RA","RA",{"$f":"IF($C412=\"S\",IF($Z412=\"CP\",$X412,IF($Z412=\"RA\",(($X412)*QCI!$AA$3),0)),SomaAgrup)","v":1036.93},0,{"$f":"IF($N412=\"\",\"\",IF(ORÇAMENTO.Descricao=\"\",\"DESCRIÇÃO\",IF(AND($C412=\"S\",ORÇAMENTO.Unidade=\"\"),\"UNIDADE\",IF($X412<0,\"VALOR NEGATIVO\",IF(OR(AND(TIPOORCAMENTO=\"Proposto\",$AG412<>\"\",$AG412>0,ORÇAMENTO.CustoUnitario>$AG412),AND(TIPOORCAMENTO=\"LICITADO\",ORÇAMENTO.PrecoUnitarioLicitado>$AN412)),\"ACIMA REF.\",\"\")))))","v":""},{"$f":"IF(C412<=CRONO.NivelExibicao,MAX($AD$15:OFFSET(AD412,-1,0))+IF($C412<>1,1,MAX(1,COUNTIF(QCI!$A$13:$A$32,OFFSET($E412,-1,0)))),\"\")","v":""},{"$f":"IF(AND($C412=\"S\",ORÇAMENTO.CodBarra<>\"\"),IF(ORÇAMENTO.Fonte=\"\",ORÇAMENTO.CodBarra,CONCATENATE(ORÇAMENTO.Fonte,\" \",ORÇAMENTO.CodBarra)))","v":"SINAPI-I 1346"},{"$f":"IF(ISERROR(INDIRECT(ORÇAMENTO.BancoRef)),\"(abra o arquivo 'Referência \"&Excel_BuiltIn_Database&\".xls)\",IF(OR($C412<>\"S\",ORÇAMENTO.CodBarra=\"\"),\"(Sem Código)\",IF(ISERROR(MATCH($AE412,INDIRECT(ORÇAMENTO.BancoRef),0)),\"(Código não identificado nas referências)\",MATCH($AE412,INDIRECT(ORÇAMENTO.BancoRef),0))))","v":"(abra o arquivo 'Referência 06-2023.xls)"},{"$f":"ROUND(IF(DESONERACAO=\"sim\",REFERENCIA.Desonerado,REFERENCIA.NaoDesonerado),2)","v":0},0.23530000000000001,null,{"$f":"40.5*0.12*3","v":14.579999999999998},null,null,1036.93,71.12]
["S",2,"S",0,{"$f":"IF($C413=1,OFFSET(E413,-1,0)+MAX(1,COUNTIF(QCI!$A$13:$A$32,OFFSET(ORÇAMENTO!E413,-1,0))),OFFSET(E413,-1,0))","v":9},7,0,0,5,0,{"$f":"IF(OR($C413=\"S\",$C413=0),0,MATCH(OFFSET($D413,0,$C413)+IF($C413<>1,1,COUNTIF(QCI!$A$13:$A$32,ORÇAMENTO!E413)),OFFSET($D413,1,$C413,ROW($C$850)-ROW($C413)),0))","v":0},"F","Serviço","Serviço","9.7.5.","SINAPI-I","7156","ARMAÇÃO PARA EXECUÇÃO DE PAVIMENTAÇÃO EM CONCRETO, COM USO DE TELA Q-196.","M2    ",{"$f":"OFFSET(CÁLCULO!H$15,ROW($T413)-ROW(T$15),0)","v":293},29.25,"BDI 1",{"$f":"IF($C413=\"S\",ROUND(IF(TIPOORCAMENTO=\"Proposto\",ORÇAMENTO.CustoUnitario*(1+$AH413),ORÇAMENTO.PrecoUnitarioLicitado),15-13*$AF$10),0)","v":36.130000000000003},10586.09,"RA","RA",{"$f":"IF($C413=\"S\",IF($Z413=\"CP\",$X413,IF($Z413=\"RA\",(($X413)*QCI!$AA$3),0)),SomaAgrup)","v":10586.09},0,{"$f":"IF($N413=\"\",\"\",IF(ORÇAMENTO.Descricao=\"\",\"DESCRIÇÃO\",IF(AND($C413=\"S\",ORÇAMENTO.Unidade=\"\"),\"UNIDADE\",IF($X413<0,\"VALOR NEGATIVO\",IF(OR(AND(TIPOORCAMENTO=\"Proposto\",$AG413<>\"\",$AG413>0,ORÇAMENTO.CustoUnitario>$AG413),AND(TIPOORCAMENTO=\"LICITADO\",ORÇAMENTO.PrecoUnitarioLicitado>$AN413)),\"ACIMA REF.\",\"\")))))","v":""},{"$f":"IF(C413<=CRONO.NivelExibicao,MAX($AD$15:OFFSET(AD413,-1,0))+IF($C413<>1,1,MAX(1,COUNTIF(QCI!$A$13:$A$32,OFFSET($E413,-1,0)))),\"\")","v":""},{"$f":"IF(AND($C413=\"S\",ORÇAMENTO.CodBarra<>\"\"),IF(ORÇAMENTO.Fonte=\"\",ORÇAMENTO.CodBarra,CONCATENATE(ORÇAMENTO.Fonte,\" \",ORÇAMENTO.CodBarra)))","v":"SINAPI-I 7156"},{"$f":"IF(ISERROR(INDIRECT(ORÇAMENTO.BancoRef)),\"(abra o arquivo 'Referência \"&Excel_BuiltIn_Database&\".xls)\",IF(OR($C413<>\"S\",ORÇAMENTO.CodBarra=\"\"),\"(Sem Código)\",IF(ISERROR(MATCH($AE413,INDIRECT(ORÇAMENTO.BancoRef),0)),\"(Código não identificado nas referências)\",MATCH($AE413,INDIRECT(ORÇAMENTO.BancoRef),0))))","v":"(abra o arquivo 'Referência 06-2023.xls)"},{"$f":"ROUND(IF(DESONERACAO=\"sim\",REFERENCIA.Desonerado,REFERENCIA.NaoDesonerado),2)","v":0},0.23530000000000001,null,293,null,null,10586.09,36.130000000000003]
["S",2,"S",0,{"$f":"IF($C414=1,OFFSET(E414,-1,0)+MAX(1,COUNTIF(QCI!$A$13:$A$32,OFFSET(ORÇAMENTO!E414,-1,0))),OFFSET(E414,-1,0))","v":9},7,0,0,6,0,{"$f":"IF(OR($C414=\"S\",$C414=0),0,MATCH(OFFSET($D414,0,$C414)+IF($C414<>1,1,COUNTIF(QCI!$A$13:$A$32,ORÇAMENTO!E414)),OFFSET($D414,1,$C414,ROW($C$850)-ROW($C414)),0))","v":0},"F","Serviço","Serviço","9.7.6.","SINAPI",97113,"APLICAÇÃO DE LONA PLÁSTICA PARA EXECUÇÃO DE PAVIMENTOS DE CONCRETO. AF_04/2022","M2",{"$f":"OFFSET(CÁLCULO!H$15,ROW($T414)-ROW(T$15),0)","v":293},2.91,"BDI 1",{"$f":"IF($C414=\"S\",ROUND(IF(TIPOORCAMENTO=\"Proposto\",ORÇAMENTO.CustoUnitario*(1+$AH414),ORÇAMENTO.PrecoUnitarioLicitado),15-13*$AF$10),0)","v":3.59},1051.8699999999999,"RA","RA",{"$f":"IF($C414=\"S\",IF($Z414=\"CP\",$X414,IF($Z414=\"RA\",(($X414)*QCI!$AA$3),0)),SomaAgrup)","v":1051.8699999999999},0,{"$f":"IF($N414=\"\",\"\",IF(ORÇAMENTO.Descricao=\"\",\"DESCRIÇÃO\",IF(AND($C414=\"S\",ORÇAMENTO.Unidade=\"\"),\"UNIDADE\",IF($X414<0,\"VALOR NEGATIVO\",IF(OR(AND(TIPOORCAMENTO=\"Proposto\",$AG414<>\"\",$AG414>0,ORÇAMENTO.CustoUnitario>$AG414),AND(TIPOORCAMENTO=\"LICITADO\",ORÇAMENTO.PrecoUnitarioLicitado>$AN414)),\"ACIMA REF.\",\"\")))))","v":""},{"$f":"IF(C414<=CRONO.NivelExibicao,MAX($AD$15:OFFSET(AD414,-1,0))+IF($C414<>1,1,MAX(1,COUNTIF(QCI!$A$13:$A$32,OFFSET($E414,-1,0)))),\"\")","v":""},{"$f":"IF(AND($C414=\"S\",ORÇAMENTO.CodBarra<>\"\"),IF(ORÇAMENTO.Fonte=\"\",ORÇAMENTO.CodBarra,CONCATENATE(ORÇAMENTO.Fonte,\" \",ORÇAMENTO.CodBarra)))","v":"SINAPI 97113"},{"$f":"IF(ISERROR(INDIRECT(ORÇAMENTO.BancoRef)),\"(abra o arquivo 'Referência \"&Excel_BuiltIn_Database&\".xls)\",IF(OR($C414<>\"S\",ORÇAMENTO.CodBarra=\"\"),\"(Sem Código)\",IF(ISERROR(MATCH($AE414,INDIRECT(ORÇAMENTO.BancoRef),0)),\"(Código não identificado nas referências)\",MATCH($AE414,INDIRECT(ORÇAMENTO.BancoRef),0))))","v":"(abra o arquivo 'Referência 06-2023.xls)"},{"$f":"ROUND(IF(DESONERACAO=\"sim\",REFERENCIA.Desonerado,REFERENCIA.NaoDesonerado),2)","v":0},0.23530000000000001,null,293,null,null,1051.8699999999999,3.59]
["S",2,"S",0,{"$f":"IF($C415=1,OFFSET(E415,-1,0)+MAX(1,COUNTIF(QCI!$A$13:$A$32,OFFSET(ORÇAMENTO!E415,-1,0))),OFFSET(E415,-1,0))","v":9},7,0,0,7,0,{"$f":"IF(OR($C415=\"S\",$C415=0),0,MATCH(OFFSET($D415,0,$C415)+IF($C415<>1,1,COUNTIF(QCI!$A$13:$A$32,ORÇAMENTO!E415)),OFFSET($D415,1,$C415,ROW($C$850)-ROW($C415)),0))","v":0},"F","Serviço","Serviço","9.7.7.","SINAPI-I","34479","CONCRETO USINADO BOMBEAVEL, CLASSE DE RESISTENCIA C40, COM BRITA 0 E 1, SLUMP = 100 +/- 20 MM, INCLUI SERVICO DE BOMBEAMENTO (NBR 8953)","M3    ",{"$f":"OFFSET(CÁLCULO!H$15,ROW($T415)-ROW(T$15),0)","v":35.159999999999997},584,"BDI 1",{"$f":"IF($C415=\"S\",ROUND(IF(TIPOORCAMENTO=\"Proposto\",ORÇAMENTO.CustoUnitario*(1+$AH415),ORÇAMENTO.PrecoUnitarioLicitado),15-13*$AF$10),0)","v":721.42},25365.13,"RA","RA",{"$f":"IF($C415=\"S\",IF($Z415=\"CP\",$X415,IF($Z415=\"RA\",(($X415)*QCI!$AA$3),0)),SomaAgrup)","v":25365.13},0,{"$f":"IF($N415=\"\",\"\",IF(ORÇAMENTO.Descricao=\"\",\"DESCRIÇÃO\",IF(AND($C415=\"S\",ORÇAMENTO.Unidade=\"\"),\"UNIDADE\",IF($X415<0,\"VALOR NEGATIVO\",IF(OR(AND(TIPOORCAMENTO=\"Proposto\",$AG415<>\"\",$AG415>0,ORÇAMENTO.CustoUnitario>$AG415),AND(TIPOORCAMENTO=\"LICITADO\",ORÇAMENTO.PrecoUnitarioLicitado>$AN415)),\"ACIMA REF.\",\"\")))))","v":""},{"$f":"IF(C415<=CRONO.NivelExibicao,MAX($AD$15:OFFSET(AD415,-1,0))+IF($C415<>1,1,MAX(1,COUNTIF(QCI!$A$13:$A$32,OFFSET($E415,-1,0)))),\"\")","v":""},{"$f":"IF(AND($C415=\"S\",ORÇAMENTO.CodBarra<>\"\"),IF(ORÇAMENTO.Fonte=\"\",ORÇAMENTO.CodBarra,CONCATENATE(ORÇAMENTO.Fonte,\" \",ORÇAMENTO.CodBarra)))","v":"SINAPI-I 34479"},{"$f":"IF(ISERROR(INDIRECT(ORÇAMENTO.BancoRef)),\"(abra o arquivo 'Referência \"&Excel_BuiltIn_Database&\".xls)\",IF(OR($C415<>\"S\",ORÇAMENTO.CodBarra=\"\"),\"(Sem Código)\",IF(ISERROR(MATCH($AE415,INDIRECT(ORÇAMENTO.BancoRef),0)),\"(Código não identificado nas referências)\",MATCH($AE415,INDIRECT(ORÇAMENTO.BancoRef),0))))","v":"(abra o arquivo 'Referência 06-2023.xls)"},{"$f":"ROUND(IF(DESONERACAO=\"sim\",REFERENCIA.Desonerado,REFERENCIA.NaoDesonerado),2)","v":0},0.23530000000000001,null,{"$f":"AJ414*0.12","v":35.159999999999997},null,null,25365.13,721.42]
["S",2,"S",0,{"$f":"IF($C416=1,OFFSET(E416,-1,0)+MAX(1,COUNTIF(QCI!$A$13:$A$32,OFFSET(ORÇAMENTO!E416,-1,0))),OFFSET(E416,-1,0))","v":9},7,0,0,8,0,{"$f":"IF(OR($C416=\"S\",$C416=0),0,MATCH(OFFSET($D416,0,$C416)+IF($C416<>1,1,COUNTIF(QCI!$A$13:$A$32,ORÇAMENTO!E416)),OFFSET($D416,1,$C416,ROW($C$850)-ROW($C416)),0))","v":0},"F","Serviço","Serviço","9.7.8.","AMMOC","PAVCONC","LANÇAMENTO, ACABAMENTO, ADENSAMENTO PARA PAVIMENTAÇÃO EM CONCRETO","M3",{"$f":"OFFSET(CÁLCULO!H$15,ROW($T416)-ROW(T$15),0)","v":35.159999999999997},265.83,"BDI 1",{"$f":"IF($C416=\"S\",ROUND(IF(TIPOORCAMENTO=\"Proposto\",ORÇAMENTO.CustoUnitario*(1+$AH416),ORÇAMENTO.PrecoUnitarioLicitado),15-13*$AF$10),0)","v":328.38},11545.84,"RA","RA",{"$f":"IF($C416=\"S\",IF($Z416=\"CP\",$X416,IF($Z416=\"RA\",(($X416)*QCI!$AA$3),0)),SomaAgrup)","v":11545.84},0,{"$f":"IF($N416=\"\",\"\",IF(ORÇAMENTO.Descricao=\"\",\"DESCRIÇÃO\",IF(AND($C416=\"S\",ORÇAMENTO.Unidade=\"\"),\"UNIDADE\",IF($X416<0,\"VALOR NEGATIVO\",IF(OR(AND(TIPOORCAMENTO=\"Proposto\",$AG416<>\"\",$AG416>0,ORÇAMENTO.CustoUnitario>$AG416),AND(TIPOORCAMENTO=\"LICITADO\",ORÇAMENTO.PrecoUnitarioLicitado>$AN416)),\"ACIMA REF.\",\"\")))))","v":""},{"$f":"IF(C416<=CRONO.NivelExibicao,MAX($AD$15:OFFSET(AD416,-1,0))+IF($C416<>1,1,MAX(1,COUNTIF(QCI!$A$13:$A$32,OFFSET($E416,-1,0)))),\"\")","v":""},{"$f":"IF(AND($C416=\"S\",ORÇAMENTO.CodBarra<>\"\"),IF(ORÇAMENTO.Fonte=\"\",ORÇAMENTO.CodBarra,CONCATENATE(ORÇAMENTO.Fonte,\" \",ORÇAMENTO.CodBarra)))","v":"AMMOC PAVCONC"},{"$f":"IF(ISERROR(INDIRECT(ORÇAMENTO.BancoRef)),\"(abra o arquivo 'Referência \"&Excel_BuiltIn_Database&\".xls)\",IF(OR($C416<>\"S\",ORÇAMENTO.CodBarra=\"\"),\"(Sem Código)\",IF(ISERROR(MATCH($AE416,INDIRECT(ORÇAMENTO.BancoRef),0)),\"(Código não identificado nas referências)\",MATCH($AE416,INDIRECT(ORÇAMENTO.BancoRef),0))))","v":"(abra o arquivo 'Referência 06-2023.xls)"},{"$f":"ROUND(IF(DESONERACAO=\"sim\",REFERENCIA.Desonerado,REFERENCIA.NaoDesonerado),2)","v":0},0.23530000000000001,null,{"$f":"AJ415","v":35.159999999999997},null,null,11545.84,328.38]
["S",2,"S",0,{"$f":"IF($C417=1,OFFSET(E417,-1,0)+MAX(1,COUNTIF(QCI!$A$13:$A$32,OFFSET(ORÇAMENTO!E417,-1,0))),OFFSET(E417,-1,0))","v":9},7,0,0,9,0,{"$f":"IF(OR($C417=\"S\",$C417=0),0,MATCH(OFFSET($D417,0,$C417)+IF($C417<>1,1,COUNTIF(QCI!$A$13:$A$32,ORÇAMENTO!E417)),OFFSET($D417,1,$C417,ROW($C$850)-ROW($C417)),0))","v":0},"F","Serviço","Serviço","9.7.9.","AMMOC","192","CURA QUÍMICA PARA PAVIMENTO DE CONCRETO - APLICAÇÃO MANUAL COM BORRIFADOR DE BAIXA PRESSÃO","M2",{"$f":"OFFSET(CÁLCULO!H$15,ROW($T417)-ROW(T$15),0)","v":293},6.73,"BDI 1",{"$f":"IF($C417=\"S\",ROUND(IF(TIPOORCAMENTO=\"Proposto\",ORÇAMENTO.CustoUnitario*(1+$AH417),ORÇAMENTO.PrecoUnitarioLicitado),15-13*$AF$10),0)","v":8.31},2434.83,"RA","RA",{"$f":"IF($C417=\"S\",IF($Z417=\"CP\",$X417,IF($Z417=\"RA\",(($X417)*QCI!$AA$3),0)),SomaAgrup)","v":2434.83},0,{"$f":"IF($N417=\"\",\"\",IF(ORÇAMENTO.Descricao=\"\",\"DESCRIÇÃO\",IF(AND($C417=\"S\",ORÇAMENTO.Unidade=\"\"),\"UNIDADE\",IF($X417<0,\"VALOR NEGATIVO\",IF(OR(AND(TIPOORCAMENTO=\"Proposto\",$AG417<>\"\",$AG417>0,ORÇAMENTO.CustoUnitario>$AG417),AND(TIPOORCAMENTO=\"LICITADO\",ORÇAMENTO.PrecoUnitarioLicitado>$AN417)),\"ACIMA REF.\",\"\")))))","v":""},{"$f":"IF(C417<=CRONO.NivelExibicao,MAX($AD$15:OFFSET(AD417,-1,0))+IF($C417<>1,1,MAX(1,COUNTIF(QCI!$A$13:$A$32,OFFSET($E417,-1,0)))),\"\")","v":""},{"$f":"IF(AND($C417=\"S\",ORÇAMENTO.CodBarra<>\"\"),IF(ORÇAMENTO.Fonte=\"\",ORÇAMENTO.CodBarra,CONCATENATE(ORÇAMENTO.Fonte,\" \",ORÇAMENTO.CodBarra)))","v":"AMMOC 192"},{"$f":"IF(ISERROR(INDIRECT(ORÇAMENTO.BancoRef)),\"(abra o arquivo 'Referência \"&Excel_BuiltIn_Database&\".xls)\",IF(OR($C417<>\"S\",ORÇAMENTO.CodBarra=\"\"),\"(Sem Código)\",IF(ISERROR(MATCH($AE417,INDIRECT(ORÇAMENTO.BancoRef),0)),\"(Código não identificado nas referências)\",MATCH($AE417,INDIRECT(ORÇAMENTO.BancoRef),0))))","v":"(abra o arquivo 'Referência 06-2023.xls)"},{"$f":"ROUND(IF(DESONERACAO=\"sim\",REFERENCIA.Desonerado,REFERENCIA.NaoDesonerado),2)","v":0},0.23530000000000001,null,293,null,null,2434.83,8.31]
["S",2,"S",0,{"$f":"IF($C418=1,OFFSET(E418,-1,0)+MAX(1,COUNTIF(QCI!$A$13:$A$32,OFFSET(ORÇAMENTO!E418,-1,0))),OFFSET(E418,-1,0))","v":9},7,0,0,10,0,{"$f":"IF(OR($C418=\"S\",$C418=0),0,MATCH(OFFSET($D418,0,$C418)+IF($C418<>1,1,COUNTIF(QCI!$A$13:$A$32,ORÇAMENTO!E418)),OFFSET($D418,1,$C418,ROW($C$850)-ROW($C418)),0))","v":0},"F","Serviço","Serviço","9.7.10.","SINAPI","97114","EXECUÇÃO DE JUNTAS DE DILATAÇÃO PARA PAVIMENTOS DE CONCRETO","M",{"$f":"OFFSET(CÁLCULO!H$15,ROW($T418)-ROW(T$15),0)","v":124.3},0.41,"BDI 1",{"$f":"IF($C418=\"S\",ROUND(IF(TIPOORCAMENTO=\"Proposto\",ORÇAMENTO.CustoUnitario*(1+$AH418),ORÇAMENTO.PrecoUnitarioLicitado),15-13*$AF$10),0)","v":0.51},63.39,"RA","RA",{"$f":"IF($C418=\"S\",IF($Z418=\"CP\",$X418,IF($Z418=\"RA\",(($X418)*QCI!$AA$3),0)),SomaAgrup)","v":63.39},0,{"$f":"IF($N418=\"\",\"\",IF(ORÇAMENTO.Descricao=\"\",\"DESCRIÇÃO\",IF(AND($C418=\"S\",ORÇAMENTO.Unidade=\"\"),\"UNIDADE\",IF($X418<0,\"VALOR NEGATIVO\",IF(OR(AND(TIPOORCAMENTO=\"Proposto\",$AG418<>\"\",$AG418>0,ORÇAMENTO.CustoUnitario>$AG418),AND(TIPOORCAMENTO=\"LICITADO\",ORÇAMENTO.PrecoUnitarioLicitado>$AN418)),\"ACIMA REF.\",\"\")))))","v":""},{"$f":"IF(C418<=CRONO.NivelExibicao,MAX($AD$15:OFFSET(AD418,-1,0))+IF($C418<>1,1,MAX(1,COUNTIF(QCI!$A$13:$A$32,OFFSET($E418,-1,0)))),\"\")","v":""},{"$f":"IF(AND($C418=\"S\",ORÇAMENTO.CodBarra<>\"\"),IF(ORÇAMENTO.Fonte=\"\",ORÇAMENTO.CodBarra,CONCATENATE(ORÇAMENTO.Fonte,\" \",ORÇAMENTO.CodBarra)))","v":"SINAPI 97114"},{"$f":"IF(ISERROR(INDIRECT(ORÇAMENTO.BancoRef)),\"(abra o arquivo 'Referência \"&Excel_BuiltIn_Database&\".xls)\",IF(OR($C418<>\"S\",ORÇAMENTO.CodBarra=\"\"),\"(Sem Código)\",IF(ISERROR(MATCH($AE418,INDIRECT(ORÇAMENTO.BancoRef),0)),\"(Código não identificado nas referências)\",MATCH($AE418,INDIRECT(ORÇAMENTO.BancoRef),0))))","v":"(abra o arquivo 'Referência 06-2023.xls)"},{"$f":"ROUND(IF(DESONERACAO=\"sim\",REFERENCIA.Desonerado,REFERENCIA.NaoDesonerado),2)","v":0},0.23530000000000001,null,124.3,null,null,63.39,0.51]
["S",2,"S",0,{"$f":"IF($C419=1,OFFSET(E419,-1,0)+MAX(1,COUNTIF(QCI!$A$13:$A$32,OFFSET(ORÇAMENTO!E419,-1,0))),OFFSET(E419,-1,0))","v":9},7,0,0,11,0,{"$f":"IF(OR($C419=\"S\",$C419=0),0,MATCH(OFFSET($D419,0,$C419)+IF($C419<>1,1,COUNTIF(QCI!$A$13:$A$32,ORÇAMENTO!E419)),OFFSET($D419,1,$C419,ROW($C$850)-ROW($C419)),0))","v":0},"F","Serviço","Serviço","9.7.11.","SINAPI-I","34","ACO CA-50, 10,0 MM, VERGALHAO                                                                                                                                                                                                                                                                                                                                                                                                                                                                             ","KG    ",{"$f":"OFFSET(CÁLCULO!H$15,ROW($T419)-ROW(T$15),0)","v":3.95},9.44,"BDI 1",{"$f":"IF($C419=\"S\",ROUND(IF(TIPOORCAMENTO=\"Proposto\",ORÇAMENTO.CustoUnitario*(1+$AH419),ORÇAMENTO.PrecoUnitarioLicitado),15-13*$AF$10),0)","v":11.66},46.06,"RA","RA",{"$f":"IF($C419=\"S\",IF($Z419=\"CP\",$X419,IF($Z419=\"RA\",(($X419)*QCI!$AA$3),0)),SomaAgrup)","v":46.06},0,{"$f":"IF($N419=\"\",\"\",IF(ORÇAMENTO.Descricao=\"\",\"DESCRIÇÃO\",IF(AND($C419=\"S\",ORÇAMENTO.Unidade=\"\"),\"UNIDADE\",IF($X419<0,\"VALOR NEGATIVO\",IF(OR(AND(TIPOORCAMENTO=\"Proposto\",$AG419<>\"\",$AG419>0,ORÇAMENTO.CustoUnitario>$AG419),AND(TIPOORCAMENTO=\"LICITADO\",ORÇAMENTO.PrecoUnitarioLicitado>$AN419)),\"ACIMA REF.\",\"\")))))","v":""},{"$f":"IF(C419<=CRONO.NivelExibicao,MAX($AD$15:OFFSET(AD419,-1,0))+IF($C419<>1,1,MAX(1,COUNTIF(QCI!$A$13:$A$32,OFFSET($E419,-1,0)))),\"\")","v":""},{"$f":"IF(AND($C419=\"S\",ORÇAMENTO.CodBarra<>\"\"),IF(ORÇAMENTO.Fonte=\"\",ORÇAMENTO.CodBarra,CONCATENATE(ORÇAMENTO.Fonte,\" \",ORÇAMENTO.CodBarra)))","v":"SINAPI-I 34"},{"$f":"IF(ISERROR(INDIRECT(ORÇAMENTO.BancoRef)),\"(abra o arquivo 'Referência \"&Excel_BuiltIn_Database&\".xls)\",IF(OR($C419<>\"S\",ORÇAMENTO.CodBarra=\"\"),\"(Sem Código)\",IF(ISERROR(MATCH($AE419,INDIRECT(ORÇAMENTO.BancoRef),0)),\"(Código não identificado nas referências)\",MATCH($AE419,INDIRECT(ORÇAMENTO.BancoRef),0))))","v":"(abra o arquivo 'Referência 06-2023.xls)"},{"$f":"ROUND(IF(DESONERACAO=\"sim\",REFERENCIA.Desonerado,REFERENCIA.NaoDesonerado),2)","v":0},0.23530000000000001,null,{"$f":"6.4*0.617","v":3.9488000000000003},null,null,46.06,11.66]
["S",2,"S",0,{"$f":"IF($C420=1,OFFSET(E420,-1,0)+MAX(1,COUNTIF(QCI!$A$13:$A$32,OFFSET(ORÇAMENTO!E420,-1,0))),OFFSET(E420,-1,0))","v":9},7,0,0,12,0,{"$f":"IF(OR($C420=\"S\",$C420=0),0,MATCH(OFFSET($D420,0,$C420)+IF($C420<>1,1,COUNTIF(QCI!$A$13:$A$32,ORÇAMENTO!E420)),OFFSET($D420,1,$C420,ROW($C$850)-ROW($C420)),0))","v":0},"F","Serviço","Serviço","9.7.12.","AMMOC","354","VIGA DE CONSTRUÇÃO EM CONCRETO ARMADO","M",{"$f":"OFFSET(CÁLCULO!H$15,ROW($T420)-ROW(T$15),0)","v":18.25},70.08,"BDI 1",{"$f":"IF($C420=\"S\",ROUND(IF(TIPOORCAMENTO=\"Proposto\",ORÇAMENTO.CustoUnitario*(1+$AH420),ORÇAMENTO.PrecoUnitarioLicitado),15-13*$AF$10),0)","v":86.57},1579.9,"RA","RA",{"$f":"IF($C420=\"S\",IF($Z420=\"CP\",$X420,IF($Z420=\"RA\",(($X420)*QCI!$AA$3),0)),SomaAgrup)","v":1579.9},0,{"$f":"IF($N420=\"\",\"\",IF(ORÇAMENTO.Descricao=\"\",\"DESCRIÇÃO\",IF(AND($C420=\"S\",ORÇAMENTO.Unidade=\"\"),\"UNIDADE\",IF($X420<0,\"VALOR NEGATIVO\",IF(OR(AND(TIPOORCAMENTO=\"Proposto\",$AG420<>\"\",$AG420>0,ORÇAMENTO.CustoUnitario>$AG420),AND(TIPOORCAMENTO=\"LICITADO\",ORÇAMENTO.PrecoUnitarioLicitado>$AN420)),\"ACIMA REF.\",\"\")))))","v":""},{"$f":"IF(C420<=CRONO.NivelExibicao,MAX($AD$15:OFFSET(AD420,-1,0))+IF($C420<>1,1,MAX(1,COUNTIF(QCI!$A$13:$A$32,OFFSET($E420,-1,0)))),\"\")","v":""},{"$f":"IF(AND($C420=\"S\",ORÇAMENTO.CodBarra<>\"\"),IF(ORÇAMENTO.Fonte=\"\",ORÇAMENTO.CodBarra,CONCATENATE(ORÇAMENTO.Fonte,\" \",ORÇAMENTO.CodBarra)))","v":"AMMOC 354"},{"$f":"IF(ISERROR(INDIRECT(ORÇAMENTO.BancoRef)),\"(abra o arquivo 'Referência \"&Excel_BuiltIn_Database&\".xls)\",IF(OR($C420<>\"S\",ORÇAMENTO.CodBarra=\"\"),\"(Sem Código)\",IF(ISERROR(MATCH($AE420,INDIRECT(ORÇAMENTO.BancoRef),0)),\"(Código não identificado nas referências)\",MATCH($AE420,INDIRECT(ORÇAMENTO.BancoRef),0))))","v":"(abra o arquivo 'Referência 06-2023.xls)"},{"$f":"ROUND(IF(DESONERACAO=\"sim\",REFERENCIA.Desonerado,REFERENCIA.NaoDesonerado),2)","v":0},0.23530000000000001,null,18.25,null,null,1579.9,86.57]
[2,2,2,8,{"$f":"IF($C421=1,OFFSET(E421,-1,0)+MAX(1,COUNTIF(QCI!$A$13:$A$32,OFFSET(ORÇAMENTO!E421,-1,0))),OFFSET(E421,-1,0))","v":9},8,0,0,0,17,{"$f":"IF(OR($C421=\"S\",$C421=0),0,MATCH(OFFSET($D421,0,$C421)+IF($C421<>1,1,COUNTIF(QCI!$A$13:$A$32,ORÇAMENTO!E421)),OFFSET($D421,1,$C421,ROW($C$850)-ROW($C421)),0))","v":8},"F","Nível 2","Nível 2","9.8.","SINAPI",null,"PAVIMENTAÇÃO EM ASFALTO C.A.U.Q.","-",{"$f":"OFFSET(CÁLCULO!H$15,ROW($T421)-ROW(T$15),0)","v":0},0,"BDI 1",{"$f":"IF($C421=\"S\",ROUND(IF(TIPOORCAMENTO=\"Proposto\",ORÇAMENTO.CustoUnitario*(1+$AH421),ORÇAMENTO.PrecoUnitarioLicitado),15-13*$AF$10),0)","v":0},193295.41,"RA","",{"$f":"IF($C421=\"S\",IF($Z421=\"CP\",$X421,IF($Z421=\"RA\",(($X421)*QCI!$AA$3),0)),SomaAgrup)","v":193295.41},0,{"$f":"IF($N421=\"\",\"\",IF(ORÇAMENTO.Descricao=\"\",\"DESCRIÇÃO\",IF(AND($C421=\"S\",ORÇAMENTO.Unidade=\"\"),\"UNIDADE\",IF($X421<0,\"VALOR NEGATIVO\",IF(OR(AND(TIPOORCAMENTO=\"Proposto\",$AG421<>\"\",$AG421>0,ORÇAMENTO.CustoUnitario>$AG421),AND(TIPOORCAMENTO=\"LICITADO\",ORÇAMENTO.PrecoUnitarioLicitado>$AN421)),\"ACIMA REF.\",\"\")))))","v":""},{"$f":"IF(C421<=CRONO.NivelExibicao,MAX($AD$15:OFFSET(AD421,-1,0))+IF($C421<>1,1,MAX(1,COUNTIF(QCI!$A$13:$A$32,OFFSET($E421,-1,0)))),\"\")","v":""},{"$f":"IF(AND($C421=\"S\",ORÇAMENTO.CodBarra<>\"\"),IF(ORÇAMENTO.Fonte=\"\",ORÇAMENTO.CodBarra,CONCATENATE(ORÇAMENTO.Fonte,\" \",ORÇAMENTO.CodBarra)))","v":false},{"$f":"IF(ISERROR(INDIRECT(ORÇAMENTO.BancoRef)),\"(abra o arquivo 'Referência \"&Excel_BuiltIn_Database&\".xls)\",IF(OR($C421<>\"S\",ORÇAMENTO.CodBarra=\"\"),\"(Sem Código)\",IF(ISERROR(MATCH($AE421,INDIRECT(ORÇAMENTO.BancoRef),0)),\"(Código não identificado nas referências)\",MATCH($AE421,INDIRECT(ORÇAMENTO.BancoRef),0))))","v":"(abra o arquivo 'Referência 06-2023.xls)"},{"$f":"ROUND(IF(DESONERACAO=\"sim\",REFERENCIA.Desonerado,REFERENCIA.NaoDesonerado),2)","v":0},0.23530000000000001,null,null,null,null,{"$f":"$X421","v":193295.41},0]
["S",2,"S",0,{"$f":"IF($C422=1,OFFSET(E422,-1,0)+MAX(1,COUNTIF(QCI!$A$13:$A$32,OFFSET(ORÇAMENTO!E422,-1,0))),OFFSET(E422,-1,0))","v":9},8,0,0,1,0,{"$f":"IF(OR($C422=\"S\",$C422=0),0,MATCH(OFFSET($D422,0,$C422)+IF($C422<>1,1,COUNTIF(QCI!$A$13:$A$32,ORÇAMENTO!E422)),OFFSET($D422,1,$C422,ROW($C$850)-ROW($C422)),0))","v":0},"F","Serviço","Serviço","9.8.1.","AMMOC","CM30","EXECUÇÃO DE IMPRIMAÇÃO COM ASFALTO DILUÍDO CM-30","M2",{"$f":"OFFSET(CÁLCULO!H$15,ROW($T422)-ROW(T$15),0)","v":8.8000000000000007},7.48,"BDI 1",{"$f":"IF($C422=\"S\",ROUND(IF(TIPOORCAMENTO=\"Proposto\",ORÇAMENTO.CustoUnitario*(1+$AH422),ORÇAMENTO.PrecoUnitarioLicitado),15-13*$AF$10),0)","v":9.24},81.31,"RA","RA",{"$f":"IF($C422=\"S\",IF($Z422=\"CP\",$X422,IF($Z422=\"RA\",(($X422)*QCI!$AA$3),0)),SomaAgrup)","v":81.31},0,{"$f":"IF($N422=\"\",\"\",IF(ORÇAMENTO.Descricao=\"\",\"DESCRIÇÃO\",IF(AND($C422=\"S\",ORÇAMENTO.Unidade=\"\"),\"UNIDADE\",IF($X422<0,\"VALOR NEGATIVO\",IF(OR(AND(TIPOORCAMENTO=\"Proposto\",$AG422<>\"\",$AG422>0,ORÇAMENTO.CustoUnitario>$AG422),AND(TIPOORCAMENTO=\"LICITADO\",ORÇAMENTO.PrecoUnitarioLicitado>$AN422)),\"ACIMA REF.\",\"\")))))","v":""},{"$f":"IF(C422<=CRONO.NivelExibicao,MAX($AD$15:OFFSET(AD422,-1,0))+IF($C422<>1,1,MAX(1,COUNTIF(QCI!$A$13:$A$32,OFFSET($E422,-1,0)))),\"\")","v":""},{"$f":"IF(AND($C422=\"S\",ORÇAMENTO.CodBarra<>\"\"),IF(ORÇAMENTO.Fonte=\"\",ORÇAMENTO.CodBarra,CONCATENATE(ORÇAMENTO.Fonte,\" \",ORÇAMENTO.CodBarra)))","v":"AMMOC CM30"},{"$f":"IF(ISERROR(INDIRECT(ORÇAMENTO.BancoRef)),\"(abra o arquivo 'Referência \"&Excel_BuiltIn_Database&\".xls)\",IF(OR($C422<>\"S\",ORÇAMENTO.CodBarra=\"\"),\"(Sem Código)\",IF(ISERROR(MATCH($AE422,INDIRECT(ORÇAMENTO.BancoRef),0)),\"(Código não identificado nas referências)\",MATCH($AE422,INDIRECT(ORÇAMENTO.BancoRef),0))))","v":"(abra o arquivo 'Referência 06-2023.xls)"},{"$f":"ROUND(IF(DESONERACAO=\"sim\",REFERENCIA.Desonerado,REFERENCIA.NaoDesonerado),2)","v":0},0.23530000000000001,null,8.8000000000000007,null,null,81.31,9.24]
["S",2,"S",0,{"$f":"IF($C423=1,OFFSET(E423,-1,0)+MAX(1,COUNTIF(QCI!$A$13:$A$32,OFFSET(ORÇAMENTO!E423,-1,0))),OFFSET(E423,-1,0))","v":9},8,0,0,2,0,{"$f":"IF(OR($C423=\"S\",$C423=0),0,MATCH(OFFSET($D423,0,$C423)+IF($C423<>1,1,COUNTIF(QCI!$A$13:$A$32,ORÇAMENTO!E423)),OFFSET($D423,1,$C423,ROW($C$850)-ROW($C423)),0))","v":0},"F","Serviço","Serviço","9.8.2.","SINAPI","102332","TRANSPORTE COM CAMINHÃO TANQUE DE MATERIAL ASFÁLTICO, DMT = 20 KM","TXKM",{"$f":"OFFSET(CÁLCULO!H$15,ROW($T423)-ROW(T$15),0)","v":0.18},1.64,"BDI 1",{"$f":"IF($C423=\"S\",ROUND(IF(TIPOORCAMENTO=\"Proposto\",ORÇAMENTO.CustoUnitario*(1+$AH423),ORÇAMENTO.PrecoUnitarioLicitado),15-13*$AF$10),0)","v":2.0299999999999998},0.37,"RA","RA",{"$f":"IF($C423=\"S\",IF($Z423=\"CP\",$X423,IF($Z423=\"RA\",(($X423)*QCI!$AA$3),0)),SomaAgrup)","v":0.37},0,{"$f":"IF($N423=\"\",\"\",IF(ORÇAMENTO.Descricao=\"\",\"DESCRIÇÃO\",IF(AND($C423=\"S\",ORÇAMENTO.Unidade=\"\"),\"UNIDADE\",IF($X423<0,\"VALOR NEGATIVO\",IF(OR(AND(TIPOORCAMENTO=\"Proposto\",$AG423<>\"\",$AG423>0,ORÇAMENTO.CustoUnitario>$AG423),AND(TIPOORCAMENTO=\"LICITADO\",ORÇAMENTO.PrecoUnitarioLicitado>$AN423)),\"ACIMA REF.\",\"\")))))","v":""},{"$f":"IF(C423<=CRONO.NivelExibicao,MAX($AD$15:OFFSET(AD423,-1,0))+IF($C423<>1,1,MAX(1,COUNTIF(QCI!$A$13:$A$32,OFFSET($E423,-1,0)))),\"\")","v":""},{"$f":"IF(AND($C423=\"S\",ORÇAMENTO.CodBarra<>\"\"),IF(ORÇAMENTO.Fonte=\"\",ORÇAMENTO.CodBarra,CONCATENATE(ORÇAMENTO.Fonte,\" \",ORÇAMENTO.CodBarra)))","v":"SINAPI 102332"},{"$f":"IF(ISERROR(INDIRECT(ORÇAMENTO.BancoRef)),\"(abra o arquivo 'Referência \"&Excel_BuiltIn_Database&\".xls)\",IF(OR($C423<>\"S\",ORÇAMENTO.CodBarra=\"\"),\"(Sem Código)\",IF(ISERROR(MATCH($AE423,INDIRECT(ORÇAMENTO.BancoRef),0)),\"(Código não identificado nas referências)\",MATCH($AE423,INDIRECT(ORÇAMENTO.BancoRef),0))))","v":"(abra o arquivo 'Referência 06-2023.xls)"},{"$f":"ROUND(IF(DESONERACAO=\"sim\",REFERENCIA.Desonerado,REFERENCIA.NaoDesonerado),2)","v":0},0.23530000000000001,null,{"$f":"AJ422*20/1000","v":0.17599999999999999},null,null,0.37,2.0299999999999998]
["S",2,"S",0,{"$f":"IF($C424=1,OFFSET(E424,-1,0)+MAX(1,COUNTIF(QCI!$A$13:$A$32,OFFSET(ORÇAMENTO!E424,-1,0))),OFFSET(E424,-1,0))","v":9},8,0,0,3,0,{"$f":"IF(OR($C424=\"S\",$C424=0),0,MATCH(OFFSET($D424,0,$C424)+IF($C424<>1,1,COUNTIF(QCI!$A$13:$A$32,ORÇAMENTO!E424)),OFFSET($D424,1,$C424,ROW($C$850)-ROW($C424)),0))","v":0},"F","Serviço","Serviço","9.8.3.","AMMOC","RR-2C","PINTURA DE LIGAÇÃO COM EMULSÃO RR-2C","M2",{"$f":"OFFSET(CÁLCULO!H$15,ROW($T424)-ROW(T$15),0)","v":3031.06},2.54,"BDI 1",{"$f":"IF($C424=\"S\",ROUND(IF(TIPOORCAMENTO=\"Proposto\",ORÇAMENTO.CustoUnitario*(1+$AH424),ORÇAMENTO.PrecoUnitarioLicitado),15-13*$AF$10),0)","v":3.14},9517.5300000000007,"RA","RA",{"$f":"IF($C424=\"S\",IF($Z424=\"CP\",$X424,IF($Z424=\"RA\",(($X424)*QCI!$AA$3),0)),SomaAgrup)","v":9517.5300000000007},0,{"$f":"IF($N424=\"\",\"\",IF(ORÇAMENTO.Descricao=\"\",\"DESCRIÇÃO\",IF(AND($C424=\"S\",ORÇAMENTO.Unidade=\"\"),\"UNIDADE\",IF($X424<0,\"VALOR NEGATIVO\",IF(OR(AND(TIPOORCAMENTO=\"Proposto\",$AG424<>\"\",$AG424>0,ORÇAMENTO.CustoUnitario>$AG424),AND(TIPOORCAMENTO=\"LICITADO\",ORÇAMENTO.PrecoUnitarioLicitado>$AN424)),\"ACIMA REF.\",\"\")))))","v":""},{"$f":"IF(C424<=CRONO.NivelExibicao,MAX($AD$15:OFFSET(AD424,-1,0))+IF($C424<>1,1,MAX(1,COUNTIF(QCI!$A$13:$A$32,OFFSET($E424,-1,0)))),\"\")","v":""},{"$f":"IF(AND($C424=\"S\",ORÇAMENTO.CodBarra<>\"\"),IF(ORÇAMENTO.Fonte=\"\",ORÇAMENTO.CodBarra,CONCATENATE(ORÇAMENTO.Fonte,\" \",ORÇAMENTO.CodBarra)))","v":"AMMOC RR-2C"},{"$f":"IF(ISERROR(INDIRECT(ORÇAMENTO.BancoRef)),\"(abra o arquivo 'Referência \"&Excel_BuiltIn_Database&\".xls)\",IF(OR($C424<>\"S\",ORÇAMENTO.CodBarra=\"\"),\"(Sem Código)\",IF(ISERROR(MATCH($AE424,INDIRECT(ORÇAMENTO.BancoRef),0)),\"(Código não identificado nas referências)\",MATCH($AE424,INDIRECT(ORÇAMENTO.BancoRef),0))))","v":"(abra o arquivo 'Referência 06-2023.xls)"},{"$f":"ROUND(IF(DESONERACAO=\"sim\",REFERENCIA.Desonerado,REFERENCIA.NaoDesonerado),2)","v":0},0.23530000000000001,null,{"$f":"1471.52+1559.54","v":3031.06},null,null,9517.5300000000007,3.14]
["S",2,"S",0,{"$f":"IF($C425=1,OFFSET(E425,-1,0)+MAX(1,COUNTIF(QCI!$A$13:$A$32,OFFSET(ORÇAMENTO!E425,-1,0))),OFFSET(E425,-1,0))","v":9},8,0,0,4,0,{"$f":"IF(OR($C425=\"S\",$C425=0),0,MATCH(OFFSET($D425,0,$C425)+IF($C425<>1,1,COUNTIF(QCI!$A$13:$A$32,ORÇAMENTO!E425)),OFFSET($D425,1,$C425,ROW($C$850)-ROW($C425)),0))","v":0},"F","Serviço","Serviço","9.8.4.","SINAPI","102332","TRANSPORTE COM CAMINHÃO TANQUE DE MATERIAL ASFÁLTICO, DMT = 20 KM","TXKM",{"$f":"OFFSET(CÁLCULO!H$15,ROW($T425)-ROW(T$15),0)","v":60.62},1.64,"BDI 1",{"$f":"IF($C425=\"S\",ROUND(IF(TIPOORCAMENTO=\"Proposto\",ORÇAMENTO.CustoUnitario*(1+$AH425),ORÇAMENTO.PrecoUnitarioLicitado),15-13*$AF$10),0)","v":2.0299999999999998},123.06,"RA","RA",{"$f":"IF($C425=\"S\",IF($Z425=\"CP\",$X425,IF($Z425=\"RA\",(($X425)*QCI!$AA$3),0)),SomaAgrup)","v":123.06},0,{"$f":"IF($N425=\"\",\"\",IF(ORÇAMENTO.Descricao=\"\",\"DESCRIÇÃO\",IF(AND($C425=\"S\",ORÇAMENTO.Unidade=\"\"),\"UNIDADE\",IF($X425<0,\"VALOR NEGATIVO\",IF(OR(AND(TIPOORCAMENTO=\"Proposto\",$AG425<>\"\",$AG425>0,ORÇAMENTO.CustoUnitario>$AG425),AND(TIPOORCAMENTO=\"LICITADO\",ORÇAMENTO.PrecoUnitarioLicitado>$AN425)),\"ACIMA REF.\",\"\")))))","v":""},{"$f":"IF(C425<=CRONO.NivelExibicao,MAX($AD$15:OFFSET(AD425,-1,0))+IF($C425<>1,1,MAX(1,COUNTIF(QCI!$A$13:$A$32,OFFSET($E425,-1,0)))),\"\")","v":""},{"$f":"IF(AND($C425=\"S\",ORÇAMENTO.CodBarra<>\"\"),IF(ORÇAMENTO.Fonte=\"\",ORÇAMENTO.CodBarra,CONCATENATE(ORÇAMENTO.Fonte,\" \",ORÇAMENTO.CodBarra)))","v":"SINAPI 102332"},{"$f":"IF(ISERROR(INDIRECT(ORÇAMENTO.BancoRef)),\"(abra o arquivo 'Referência \"&Excel_BuiltIn_Database&\".xls)\",IF(OR($C425<>\"S\",ORÇAMENTO.CodBarra=\"\"),\"(Sem Código)\",IF(ISERROR(MATCH($AE425,INDIRECT(ORÇAMENTO.BancoRef),0)),\"(Código não identificado nas referências)\",MATCH($AE425,INDIRECT(ORÇAMENTO.BancoRef),0))))","v":"(abra o arquivo 'Referência 06-2023.xls)"},{"$f":"ROUND(IF(DESONERACAO=\"sim\",REFERENCIA.Desonerado,REFERENCIA.NaoDesonerado),2)","v":0},0.23530000000000001,null,{"$f":"AJ424*20/1000","v":60.621199999999995},null,null,123.06,2.0299999999999998]
["S",2,"S",0,{"$f":"IF($C426=1,OFFSET(E426,-1,0)+MAX(1,COUNTIF(QCI!$A$13:$A$32,OFFSET(ORÇAMENTO!E426,-1,0))),OFFSET(E426,-1,0))","v":9},8,0,0,5,0,{"$f":"IF(OR($C426=\"S\",$C426=0),0,MATCH(OFFSET($D426,0,$C426)+IF($C426<>1,1,COUNTIF(QCI!$A$13:$A$32,ORÇAMENTO!E426)),OFFSET($D426,1,$C426,ROW($C$850)-ROW($C426)),0))","v":0},"F","Serviço","Serviço","9.8.5.","AMMOC","PAVASF","EXECUÇÃO DE PAVIMENTO COM APLICAÇÃO DE CONCRETO ASFÁLTICO, CAMADA DE ROLAMENTO - EXCLUSIVE CARGA E TRANSPORTE. AF_11/2019","M3",{"$f":"OFFSET(CÁLCULO!H$15,ROW($T426)-ROW(T$15),0)","v":120.36},1198.32,"BDI 1",{"$f":"IF($C426=\"S\",ROUND(IF(TIPOORCAMENTO=\"Proposto\",ORÇAMENTO.CustoUnitario*(1+$AH426),ORÇAMENTO.PrecoUnitarioLicitado),15-13*$AF$10),0)","v":1480.28},178166.5,"RA","RA",{"$f":"IF($C426=\"S\",IF($Z426=\"CP\",$X426,IF($Z426=\"RA\",(($X426)*QCI!$AA$3),0)),SomaAgrup)","v":178166.5},0,{"$f":"IF($N426=\"\",\"\",IF(ORÇAMENTO.Descricao=\"\",\"DESCRIÇÃO\",IF(AND($C426=\"S\",ORÇAMENTO.Unidade=\"\"),\"UNIDADE\",IF($X426<0,\"VALOR NEGATIVO\",IF(OR(AND(TIPOORCAMENTO=\"Proposto\",$AG426<>\"\",$AG426>0,ORÇAMENTO.CustoUnitario>$AG426),AND(TIPOORCAMENTO=\"LICITADO\",ORÇAMENTO.PrecoUnitarioLicitado>$AN426)),\"ACIMA REF.\",\"\")))))","v":""},{"$f":"IF(C426<=CRONO.NivelExibicao,MAX($AD$15:OFFSET(AD426,-1,0))+IF($C426<>1,1,MAX(1,COUNTIF(QCI!$A$13:$A$32,OFFSET($E426,-1,0)))),\"\")","v":""},{"$f":"IF(AND($C426=\"S\",ORÇAMENTO.CodBarra<>\"\"),IF(ORÇAMENTO.Fonte=\"\",ORÇAMENTO.CodBarra,CONCATENATE(ORÇAMENTO.Fonte,\" \",ORÇAMENTO.CodBarra)))","v":"AMMOC PAVASF"},{"$f":"IF(ISERROR(INDIRECT(ORÇAMENTO.BancoRef)),\"(abra o arquivo 'Referência \"&Excel_BuiltIn_Database&\".xls)\",IF(OR($C426<>\"S\",ORÇAMENTO.CodBarra=\"\"),\"(Sem Código)\",IF(ISERROR(MATCH($AE426,INDIRECT(ORÇAMENTO.BancoRef),0)),\"(Código não identificado nas referências)\",MATCH($AE426,INDIRECT(ORÇAMENTO.BancoRef),0))))","v":"(abra o arquivo 'Referência 06-2023.xls)"},{"$f":"ROUND(IF(DESONERACAO=\"sim\",REFERENCIA.Desonerado,REFERENCIA.NaoDesonerado),2)","v":0},0.23530000000000001,null,{"$f":"(1471.52*0.05)+(1559.54*0.03)","v":120.3622},null,null,178166.5,1480.28]
["S",2,"S",0,{"$f":"IF($C427=1,OFFSET(E427,-1,0)+MAX(1,COUNTIF(QCI!$A$13:$A$32,OFFSET(ORÇAMENTO!E427,-1,0))),OFFSET(E427,-1,0))","v":9},8,0,0,6,0,{"$f":"IF(OR($C427=\"S\",$C427=0),0,MATCH(OFFSET($D427,0,$C427)+IF($C427<>1,1,COUNTIF(QCI!$A$13:$A$32,ORÇAMENTO!E427)),OFFSET($D427,1,$C427,ROW($C$850)-ROW($C427)),0))","v":0},"F","Serviço","Serviço","9.8.6.","SINAPI","100986","CARGA DE MISTURA ASFÁLTICA EM CAMINHÃO BASCULANTE","M3",{"$f":"OFFSET(CÁLCULO!H$15,ROW($T427)-ROW(T$15),0)","v":120.36},8.19,"BDI 1",{"$f":"IF($C427=\"S\",ROUND(IF(TIPOORCAMENTO=\"Proposto\",ORÇAMENTO.CustoUnitario*(1+$AH427),ORÇAMENTO.PrecoUnitarioLicitado),15-13*$AF$10),0)","v":10.119999999999999},1218.04,"RA","RA",{"$f":"IF($C427=\"S\",IF($Z427=\"CP\",$X427,IF($Z427=\"RA\",(($X427)*QCI!$AA$3),0)),SomaAgrup)","v":1218.04},0,{"$f":"IF($N427=\"\",\"\",IF(ORÇAMENTO.Descricao=\"\",\"DESCRIÇÃO\",IF(AND($C427=\"S\",ORÇAMENTO.Unidade=\"\"),\"UNIDADE\",IF($X427<0,\"VALOR NEGATIVO\",IF(OR(AND(TIPOORCAMENTO=\"Proposto\",$AG427<>\"\",$AG427>0,ORÇAMENTO.CustoUnitario>$AG427),AND(TIPOORCAMENTO=\"LICITADO\",ORÇAMENTO.PrecoUnitarioLicitado>$AN427)),\"ACIMA REF.\",\"\")))))","v":""},{"$f":"IF(C427<=CRONO.NivelExibicao,MAX($AD$15:OFFSET(AD427,-1,0))+IF($C427<>1,1,MAX(1,COUNTIF(QCI!$A$13:$A$32,OFFSET($E427,-1,0)))),\"\")","v":""},{"$f":"IF(AND($C427=\"S\",ORÇAMENTO.CodBarra<>\"\"),IF(ORÇAMENTO.Fonte=\"\",ORÇAMENTO.CodBarra,CONCATENATE(ORÇAMENTO.Fonte,\" \",ORÇAMENTO.CodBarra)))","v":"SINAPI 100986"},{"$f":"IF(ISERROR(INDIRECT(ORÇAMENTO.BancoRef)),\"(abra o arquivo 'Referência \"&Excel_BuiltIn_Database&\".xls)\",IF(OR($C427<>\"S\",ORÇAMENTO.CodBarra=\"\"),\"(Sem Código)\",IF(ISERROR(MATCH($AE427,INDIRECT(ORÇAMENTO.BancoRef),0)),\"(Código não identificado nas referências)\",MATCH($AE427,INDIRECT(ORÇAMENTO.BancoRef),0))))","v":"(abra o arquivo 'Referência 06-2023.xls)"},{"$f":"ROUND(IF(DESONERACAO=\"sim\",REFERENCIA.Desonerado,REFERENCIA.NaoDesonerado),2)","v":0},0.23530000000000001,null,{"$f":"AJ426","v":120.3622},null,null,1218.04,10.119999999999999]
["S",2,"S",0,{"$f":"IF($C428=1,OFFSET(E428,-1,0)+MAX(1,COUNTIF(QCI!$A$13:$A$32,OFFSET(ORÇAMENTO!E428,-1,0))),OFFSET(E428,-1,0))","v":9},8,0,0,7,0,{"$f":"IF(OR($C428=\"S\",$C428=0),0,MATCH(OFFSET($D428,0,$C428)+IF($C428<>1,1,COUNTIF(QCI!$A$13:$A$32,ORÇAMENTO!E428)),OFFSET($D428,1,$C428,ROW($C$850)-ROW($C428)),0))","v":0},"F","Serviço","Serviço","9.8.7.","SINAPI","95303","TRANSPORTE COM CAMINHÃO BASCULANTE DE MASSA ASFALTICA PARA PAVIMENTAÇÃO URBANA, DMT = 20 KM","M3XKM",{"$f":"OFFSET(CÁLCULO!H$15,ROW($T428)-ROW(T$15),0)","v":2407.2399999999998},1.41,"BDI 1",{"$f":"IF($C428=\"S\",ROUND(IF(TIPOORCAMENTO=\"Proposto\",ORÇAMENTO.CustoUnitario*(1+$AH428),ORÇAMENTO.PrecoUnitarioLicitado),15-13*$AF$10),0)","v":1.74},4188.6000000000004,"RA","RA",{"$f":"IF($C428=\"S\",IF($Z428=\"CP\",$X428,IF($Z428=\"RA\",(($X428)*QCI!$AA$3),0)),SomaAgrup)","v":4188.6000000000004},0,{"$f":"IF($N428=\"\",\"\",IF(ORÇAMENTO.Descricao=\"\",\"DESCRIÇÃO\",IF(AND($C428=\"S\",ORÇAMENTO.Unidade=\"\"),\"UNIDADE\",IF($X428<0,\"VALOR NEGATIVO\",IF(OR(AND(TIPOORCAMENTO=\"Proposto\",$AG428<>\"\",$AG428>0,ORÇAMENTO.CustoUnitario>$AG428),AND(TIPOORCAMENTO=\"LICITADO\",ORÇAMENTO.PrecoUnitarioLicitado>$AN428)),\"ACIMA REF.\",\"\")))))","v":""},{"$f":"IF(C428<=CRONO.NivelExibicao,MAX($AD$15:OFFSET(AD428,-1,0))+IF($C428<>1,1,MAX(1,COUNTIF(QCI!$A$13:$A$32,OFFSET($E428,-1,0)))),\"\")","v":""},{"$f":"IF(AND($C428=\"S\",ORÇAMENTO.CodBarra<>\"\"),IF(ORÇAMENTO.Fonte=\"\",ORÇAMENTO.CodBarra,CONCATENATE(ORÇAMENTO.Fonte,\" \",ORÇAMENTO.CodBarra)))","v":"SINAPI 95303"},{"$f":"IF(ISERROR(INDIRECT(ORÇAMENTO.BancoRef)),\"(abra o arquivo 'Referência \"&Excel_BuiltIn_Database&\".xls)\",IF(OR($C428<>\"S\",ORÇAMENTO.CodBarra=\"\"),\"(Sem Código)\",IF(ISERROR(MATCH($AE428,INDIRECT(ORÇAMENTO.BancoRef),0)),\"(Código não identificado nas referências)\",MATCH($AE428,INDIRECT(ORÇAMENTO.BancoRef),0))))","v":"(abra o arquivo 'Referência 06-2023.xls)"},{"$f":"ROUND(IF(DESONERACAO=\"sim\",REFERENCIA.Desonerado,REFERENCIA.NaoDesonerado),2)","v":0},0.23530000000000001,null,{"$f":"AJ427*20","v":2407.2440000000001},null,null,4188.6000000000004,1.74]
[2,2,2,2,{"$f":"IF($C429=1,OFFSET(E429,-1,0)+MAX(1,COUNTIF(QCI!$A$13:$A$32,OFFSET(ORÇAMENTO!E429,-1,0))),OFFSET(E429,-1,0))","v":9},9,0,0,0,9,{"$f":"IF(OR($C429=\"S\",$C429=0),0,MATCH(OFFSET($D429,0,$C429)+IF($C429<>1,1,COUNTIF(QCI!$A$13:$A$32,ORÇAMENTO!E429)),OFFSET($D429,1,$C429,ROW($C$850)-ROW($C429)),0))","v":2},"F","Nível 2","Nível 2","9.9.","SINAPI",null,"MEIO-FIO","-",{"$f":"OFFSET(CÁLCULO!H$15,ROW($T429)-ROW(T$15),0)","v":0},0,"BDI 1",{"$f":"IF($C429=\"S\",ROUND(IF(TIPOORCAMENTO=\"Proposto\",ORÇAMENTO.CustoUnitario*(1+$AH429),ORÇAMENTO.PrecoUnitarioLicitado),15-13*$AF$10),0)","v":0},4740.12,"RA","",{"$f":"IF($C429=\"S\",IF($Z429=\"CP\",$X429,IF($Z429=\"RA\",(($X429)*QCI!$AA$3),0)),SomaAgrup)","v":4740.12},0,{"$f":"IF($N429=\"\",\"\",IF(ORÇAMENTO.Descricao=\"\",\"DESCRIÇÃO\",IF(AND($C429=\"S\",ORÇAMENTO.Unidade=\"\"),\"UNIDADE\",IF($X429<0,\"VALOR NEGATIVO\",IF(OR(AND(TIPOORCAMENTO=\"Proposto\",$AG429<>\"\",$AG429>0,ORÇAMENTO.CustoUnitario>$AG429),AND(TIPOORCAMENTO=\"LICITADO\",ORÇAMENTO.PrecoUnitarioLicitado>$AN429)),\"ACIMA REF.\",\"\")))))","v":""},{"$f":"IF(C429<=CRONO.NivelExibicao,MAX($AD$15:OFFSET(AD429,-1,0))+IF($C429<>1,1,MAX(1,COUNTIF(QCI!$A$13:$A$32,OFFSET($E429,-1,0)))),\"\")","v":""},{"$f":"IF(AND($C429=\"S\",ORÇAMENTO.CodBarra<>\"\"),IF(ORÇAMENTO.Fonte=\"\",ORÇAMENTO.CodBarra,CONCATENATE(ORÇAMENTO.Fonte,\" \",ORÇAMENTO.CodBarra)))","v":false},{"$f":"IF(ISERROR(INDIRECT(ORÇAMENTO.BancoRef)),\"(abra o arquivo 'Referência \"&Excel_BuiltIn_Database&\".xls)\",IF(OR($C429<>\"S\",ORÇAMENTO.CodBarra=\"\"),\"(Sem Código)\",IF(ISERROR(MATCH($AE429,INDIRECT(ORÇAMENTO.BancoRef),0)),\"(Código não identificado nas referências)\",MATCH($AE429,INDIRECT(ORÇAMENTO.BancoRef),0))))","v":"(abra o arquivo 'Referência 06-2023.xls)"},{"$f":"ROUND(IF(DESONERACAO=\"sim\",REFERENCIA.Desonerado,REFERENCIA.NaoDesonerado),2)","v":0},0.23530000000000001,null,null,null,null,4740.12,0]
["S",2,"S",0,{"$f":"IF($C430=1,OFFSET(E430,-1,0)+MAX(1,COUNTIF(QCI!$A$13:$A$32,OFFSET(ORÇAMENTO!E430,-1,0))),OFFSET(E430,-1,0))","v":9},9,0,0,1,0,{"$f":"IF(OR($C430=\"S\",$C430=0),0,MATCH(OFFSET($D430,0,$C430)+IF($C430<>1,1,COUNTIF(QCI!$A$13:$A$32,ORÇAMENTO!E430)),OFFSET($D430,1,$C430,ROW($C$850)-ROW($C430)),0))","v":0},"F","Serviço","Serviço","9.9.1.","SINAPI","94263","GUIA (MEIO-FIO) CONCRETO, MOLDADA  IN LOCO COM EXTRUSORA, 13 CM BASE X 22 CM ALTURA.","M",{"$f":"OFFSET(CÁLCULO!H$15,ROW($T430)-ROW(T$15),0)","v":105.5},36.369999999999997,"BDI 1",{"$f":"IF($C430=\"S\",ROUND(IF(TIPOORCAMENTO=\"Proposto\",ORÇAMENTO.CustoUnitario*(1+$AH430),ORÇAMENTO.PrecoUnitarioLicitado),15-13*$AF$10),0)","v":44.93},4740.12,"RA","RA",{"$f":"IF($C430=\"S\",IF($Z430=\"CP\",$X430,IF($Z430=\"RA\",(($X430)*QCI!$AA$3),0)),SomaAgrup)","v":4740.12},0,{"$f":"IF($N430=\"\",\"\",IF(ORÇAMENTO.Descricao=\"\",\"DESCRIÇÃO\",IF(AND($C430=\"S\",ORÇAMENTO.Unidade=\"\"),\"UNIDADE\",IF($X430<0,\"VALOR NEGATIVO\",IF(OR(AND(TIPOORCAMENTO=\"Proposto\",$AG430<>\"\",$AG430>0,ORÇAMENTO.CustoUnitario>$AG430),AND(TIPOORCAMENTO=\"LICITADO\",ORÇAMENTO.PrecoUnitarioLicitado>$AN430)),\"ACIMA REF.\",\"\")))))","v":""},{"$f":"IF(C430<=CRONO.NivelExibicao,MAX($AD$15:OFFSET(AD430,-1,0))+IF($C430<>1,1,MAX(1,COUNTIF(QCI!$A$13:$A$32,OFFSET($E430,-1,0)))),\"\")","v":""},{"$f":"IF(AND($C430=\"S\",ORÇAMENTO.CodBarra<>\"\"),IF(ORÇAMENTO.Fonte=\"\",ORÇAMENTO.CodBarra,CONCATENATE(ORÇAMENTO.Fonte,\" \",ORÇAMENTO.CodBarra)))","v":"SINAPI 94263"},{"$f":"IF(ISERROR(INDIRECT(ORÇAMENTO.BancoRef)),\"(abra o arquivo 'Referência \"&Excel_BuiltIn_Database&\".xls)\",IF(OR($C430<>\"S\",ORÇAMENTO.CodBarra=\"\"),\"(Sem Código)\",IF(ISERROR(MATCH($AE430,INDIRECT(ORÇAMENTO.BancoRef),0)),\"(Código não identificado nas referências)\",MATCH($AE430,INDIRECT(ORÇAMENTO.BancoRef),0))))","v":"(abra o arquivo 'Referência 06-2023.xls)"},{"$f":"ROUND(IF(DESONERACAO=\"sim\",REFERENCIA.Desonerado,REFERENCIA.NaoDesonerado),2)","v":0},0.23530000000000001,null,105.5,null,null,4740.12,44.93]
[2,2,2,7,{"$f":"IF($C431=1,OFFSET(E431,-1,0)+MAX(1,COUNTIF(QCI!$A$13:$A$32,OFFSET(ORÇAMENTO!E431,-1,0))),OFFSET(E431,-1,0))","v":9},10,0,0,0,7,{"$f":"IF(OR($C431=\"S\",$C431=0),0,MATCH(OFFSET($D431,0,$C431)+IF($C431<>1,1,COUNTIF(QCI!$A$13:$A$32,ORÇAMENTO!E431)),OFFSET($D431,1,$C431,ROW($C$850)-ROW($C431)),0))","v":148},"F","Nível 2","Nível 2","9.10.","SINAPI",null,"SINALIZAÇÃO","-",{"$f":"OFFSET(CÁLCULO!H$15,ROW($T431)-ROW(T$15),0)","v":0},0,"BDI 1",{"$f":"IF($C431=\"S\",ROUND(IF(TIPOORCAMENTO=\"Proposto\",ORÇAMENTO.CustoUnitario*(1+$AH431),ORÇAMENTO.PrecoUnitarioLicitado),15-13*$AF$10),0)","v":0},5622.25,"RA","",{"$f":"IF($C431=\"S\",IF($Z431=\"CP\",$X431,IF($Z431=\"RA\",(($X431)*QCI!$AA$3),0)),SomaAgrup)","v":5622.25},0,{"$f":"IF($N431=\"\",\"\",IF(ORÇAMENTO.Descricao=\"\",\"DESCRIÇÃO\",IF(AND($C431=\"S\",ORÇAMENTO.Unidade=\"\"),\"UNIDADE\",IF($X431<0,\"VALOR NEGATIVO\",IF(OR(AND(TIPOORCAMENTO=\"Proposto\",$AG431<>\"\",$AG431>0,ORÇAMENTO.CustoUnitario>$AG431),AND(TIPOORCAMENTO=\"LICITADO\",ORÇAMENTO.PrecoUnitarioLicitado>$AN431)),\"ACIMA REF.\",\"\")))))","v":""},{"$f":"IF(C431<=CRONO.NivelExibicao,MAX($AD$15:OFFSET(AD431,-1,0))+IF($C431<>1,1,MAX(1,COUNTIF(QCI!$A$13:$A$32,OFFSET($E431,-1,0)))),\"\")","v":""},{"$f":"IF(AND($C431=\"S\",ORÇAMENTO.CodBarra<>\"\"),IF(ORÇAMENTO.Fonte=\"\",ORÇAMENTO.CodBarra,CONCATENATE(ORÇAMENTO.Fonte,\" \",ORÇAMENTO.CodBarra)))","v":false},{"$f":"IF(ISERROR(INDIRECT(ORÇAMENTO.BancoRef)),\"(abra o arquivo 'Referência \"&Excel_BuiltIn_Database&\".xls)\",IF(OR($C431<>\"S\",ORÇAMENTO.CodBarra=\"\"),\"(Sem Código)\",IF(ISERROR(MATCH($AE431,INDIRECT(ORÇAMENTO.BancoRef),0)),\"(Código não identificado nas referências)\",MATCH($AE431,INDIRECT(ORÇAMENTO.BancoRef),0))))","v":"(abra o arquivo 'Referência 06-2023.xls)"},{"$f":"ROUND(IF(DESONERACAO=\"sim\",REFERENCIA.Desonerado,REFERENCIA.NaoDesonerado),2)","v":0},0.23530000000000001,null,null,null,null,5622.25,0]
["S",2,"S",0,{"$f":"IF($C432=1,OFFSET(E432,-1,0)+MAX(1,COUNTIF(QCI!$A$13:$A$32,OFFSET(ORÇAMENTO!E432,-1,0))),OFFSET(E432,-1,0))","v":9},10,0,0,1,0,{"$f":"IF(OR($C432=\"S\",$C432=0),0,MATCH(OFFSET($D432,0,$C432)+IF($C432<>1,1,COUNTIF(QCI!$A$13:$A$32,ORÇAMENTO!E432)),OFFSET($D432,1,$C432,ROW($C$850)-ROW($C432)),0))","v":0},"F","Serviço","Serviço","9.10.1.","SINAPI","72947","SINALIZACAO HORIZONTAL COM TINTA RETRORREFLETIVA A BASE DE RESINA ACRILICA COM MICROESFERAS DE VIDRO - LINHA CONTÍNUA AMARELA","M2",{"$f":"OFFSET(CÁLCULO!H$15,ROW($T432)-ROW(T$15),0)","v":25.06},17.059999999999999,"BDI 1",{"$f":"IF($C432=\"S\",ROUND(IF(TIPOORCAMENTO=\"Proposto\",ORÇAMENTO.CustoUnitario*(1+$AH432),ORÇAMENTO.PrecoUnitarioLicitado),15-13*$AF$10),0)","v":21.07},528.01,"RA","RA",{"$f":"IF($C432=\"S\",IF($Z432=\"CP\",$X432,IF($Z432=\"RA\",(($X432)*QCI!$AA$3),0)),SomaAgrup)","v":528.01},0,{"$f":"IF($N432=\"\",\"\",IF(ORÇAMENTO.Descricao=\"\",\"DESCRIÇÃO\",IF(AND($C432=\"S\",ORÇAMENTO.Unidade=\"\"),\"UNIDADE\",IF($X432<0,\"VALOR NEGATIVO\",IF(OR(AND(TIPOORCAMENTO=\"Proposto\",$AG432<>\"\",$AG432>0,ORÇAMENTO.CustoUnitario>$AG432),AND(TIPOORCAMENTO=\"LICITADO\",ORÇAMENTO.PrecoUnitarioLicitado>$AN432)),\"ACIMA REF.\",\"\")))))","v":""},{"$f":"IF(C432<=CRONO.NivelExibicao,MAX($AD$15:OFFSET(AD432,-1,0))+IF($C432<>1,1,MAX(1,COUNTIF(QCI!$A$13:$A$32,OFFSET($E432,-1,0)))),\"\")","v":""},{"$f":"IF(AND($C432=\"S\",ORÇAMENTO.CodBarra<>\"\"),IF(ORÇAMENTO.Fonte=\"\",ORÇAMENTO.CodBarra,CONCATENATE(ORÇAMENTO.Fonte,\" \",ORÇAMENTO.CodBarra)))","v":"SINAPI 72947"},{"$f":"IF(ISERROR(INDIRECT(ORÇAMENTO.BancoRef)),\"(abra o arquivo 'Referência \"&Excel_BuiltIn_Database&\".xls)\",IF(OR($C432<>\"S\",ORÇAMENTO.CodBarra=\"\"),\"(Sem Código)\",IF(ISERROR(MATCH($AE432,INDIRECT(ORÇAMENTO.BancoRef),0)),\"(Código não identificado nas referências)\",MATCH($AE432,INDIRECT(ORÇAMENTO.BancoRef),0))))","v":"(abra o arquivo 'Referência 06-2023.xls)"},{"$f":"ROUND(IF(DESONERACAO=\"sim\",REFERENCIA.Desonerado,REFERENCIA.NaoDesonerado),2)","v":0},0.23530000000000001,null,25.06,null,null,528.01,21.07]
["S",2,"S",0,{"$f":"IF($C433=1,OFFSET(E433,-1,0)+MAX(1,COUNTIF(QCI!$A$13:$A$32,OFFSET(ORÇAMENTO!E433,-1,0))),OFFSET(E433,-1,0))","v":9},10,0,0,2,0,{"$f":"IF(OR($C433=\"S\",$C433=0),0,MATCH(OFFSET($D433,0,$C433)+IF($C433<>1,1,COUNTIF(QCI!$A$13:$A$32,ORÇAMENTO!E433)),OFFSET($D433,1,$C433,ROW($C$850)-ROW($C433)),0))","v":0},"F","Serviço","Serviço","9.10.2.","SINAPI","72947","SINALIZACAO HORIZONTAL COM TINTA RETRORREFLETIVA A BASE DE RESINA ACRILICA COM MICROESFERAS DE VIDRO - LINHA CONTÍNUA BRANCA","M2",{"$f":"OFFSET(CÁLCULO!H$15,ROW($T433)-ROW(T$15),0)","v":52.29},17.059999999999999,"BDI 1",{"$f":"IF($C433=\"S\",ROUND(IF(TIPOORCAMENTO=\"Proposto\",ORÇAMENTO.CustoUnitario*(1+$AH433),ORÇAMENTO.PrecoUnitarioLicitado),15-13*$AF$10),0)","v":21.07},1101.75,"RA","RA",{"$f":"IF($C433=\"S\",IF($Z433=\"CP\",$X433,IF($Z433=\"RA\",(($X433)*QCI!$AA$3),0)),SomaAgrup)","v":1101.75},0,{"$f":"IF($N433=\"\",\"\",IF(ORÇAMENTO.Descricao=\"\",\"DESCRIÇÃO\",IF(AND($C433=\"S\",ORÇAMENTO.Unidade=\"\"),\"UNIDADE\",IF($X433<0,\"VALOR NEGATIVO\",IF(OR(AND(TIPOORCAMENTO=\"Proposto\",$AG433<>\"\",$AG433>0,ORÇAMENTO.CustoUnitario>$AG433),AND(TIPOORCAMENTO=\"LICITADO\",ORÇAMENTO.PrecoUnitarioLicitado>$AN433)),\"ACIMA REF.\",\"\")))))","v":""},{"$f":"IF(C433<=CRONO.NivelExibicao,MAX($AD$15:OFFSET(AD433,-1,0))+IF($C433<>1,1,MAX(1,COUNTIF(QCI!$A$13:$A$32,OFFSET($E433,-1,0)))),\"\")","v":""},{"$f":"IF(AND($C433=\"S\",ORÇAMENTO.CodBarra<>\"\"),IF(ORÇAMENTO.Fonte=\"\",ORÇAMENTO.CodBarra,CONCATENATE(ORÇAMENTO.Fonte,\" \",ORÇAMENTO.CodBarra)))","v":"SINAPI 72947"},{"$f":"IF(ISERROR(INDIRECT(ORÇAMENTO.BancoRef)),\"(abra o arquivo 'Referência \"&Excel_BuiltIn_Database&\".xls)\",IF(OR($C433<>\"S\",ORÇAMENTO.CodBarra=\"\"),\"(Sem Código)\",IF(ISERROR(MATCH($AE433,INDIRECT(ORÇAMENTO.BancoRef),0)),\"(Código não identificado nas referências)\",MATCH($AE433,INDIRECT(ORÇAMENTO.BancoRef),0))))","v":"(abra o arquivo 'Referência 06-2023.xls)"},{"$f":"ROUND(IF(DESONERACAO=\"sim\",REFERENCIA.Desonerado,REFERENCIA.NaoDesonerado),2)","v":0},0.23530000000000001,null,52.29,null,null,1101.75,21.07]
[{"$f":"CHOOSE(1+LOG(1+2*(ORÇAMENTO.Nivel=\"Meta\")+4*(ORÇAMENTO.Nivel=\"Nível 2\")+8*(ORÇAMENTO.Nivel=\"Nível 3\")+16*(ORÇAMENTO.Nivel=\"Nível 4\")+32*(ORÇAMENTO.Nivel=\"Serviço\"),2),0,1,2,3,4,\"S\")","v":"S"},{"$f":"IF(OR(C434=\"s\",C434=0),OFFSET(B434,-1,0),C434)","v":2},{"$f":"IF(OFFSET(C434,-1,0)=\"L\",1,IF(OFFSET(C434,-1,0)=1,2,IF(OR(A434=\"s\",A434=0),\"S\",IF(AND(OFFSET(C434,-1,0)=2,A434=4),3,IF(AND(OR(OFFSET(C434,-1,0)=\"s\",OFFSET(C434,-1,0)=0),A434<>\"s\",A434>OFFSET(B434,-1,0)),OFFSET(B434,-1,0),A434)))))","v":"S"},{"$f":"IF(OR(C434=\"S\",C434=0),0,IF(ISERROR(K434),J434,SMALL(J434:K434,1)))","v":0},{"$f":"IF($C434=1,OFFSET(E434,-1,0)+MAX(1,COUNTIF(QCI!$A$13:$A$32,OFFSET(ORÇAMENTO!E434,-1,0))),OFFSET(E434,-1,0))","v":9},{"$f":"IF($C434=1,0,IF($C434=2,OFFSET(F434,-1,0)+1,OFFSET(F434,-1,0)))","v":10},{"$f":"IF(AND($C434<=2,$C434<>0),0,IF($C434=3,OFFSET(G434,-1,0)+1,OFFSET(G434,-1,0)))","v":0},{"$f":"IF(AND($C434<=3,$C434<>0),0,IF($C434=4,OFFSET(H434,-1,0)+1,OFFSET(H434,-1,0)))","v":0},{"$f":"IF(AND($C434<=4,$C434<>0),0,IF(AND($C434=\"S\",$X434>0),OFFSET(I434,-1,0)+1,OFFSET(I434,-1,0)))","v":3},0,{"$f":"IF(OR($C434=\"S\",$C434=0),0,MATCH(OFFSET($D434,0,$C434)+IF($C434<>1,1,COUNTIF(QCI!$A$13:$A$32,ORÇAMENTO!E434)),OFFSET($D434,1,$C434,ROW($C$850)-ROW($C434)),0))","v":0},{"$f":"IF(OR($X434>0,$C434=1,$C434=2,$C434=3,$C434=4),\"F\",\"\")","v":"F"},"Serviço",{"$f":"CHOOSE(1+LOG(1+2*(C434=1)+4*(C434=2)+8*(C434=3)+16*(C434=4)+32*(C434=\"S\"),2),\"\",\"Meta\",\"Nível 2\",\"Nível 3\",\"Nível 4\",\"Serviço\")","v":"Serviço"},{"$f":"IF(OR($C434=0,$L434=\"\"),\"-\",CONCATENATE(E434&\".\",IF(AND($A$5>=2,$C434>=2),F434&\".\",\"\"),IF(AND($A$5>=3,$C434>=3),G434&\".\",\"\"),IF(AND($A$5>=4,$C434>=4),H434&\".\",\"\"),IF($C434=\"S\",I434&\".\",\"\")))","v":"9.10.3."},"SINAPI","72947","SINALIZACAO HORIZONTAL COM TINTA RETRORREFLETIVA A BASE DE RESINA ACRILICA COM MICROESFERAS DE VIDRO - LINHA CONTÍNUA BRANCA","M2",{"$f":"OFFSET(CÁLCULO!H$15,ROW($T434)-ROW(T$15),0)","v":24.28},17.059999999999999,"BDI 1",{"$f":"IF($C434=\"S\",ROUND(IF(TIPOORCAMENTO=\"Proposto\",ORÇAMENTO.CustoUnitario*(1+$AH434),ORÇAMENTO.PrecoUnitarioLicitado),15-13*$AF$10),0)","v":21.07},{"$f":"IF($C434=\"S\",VTOTAL1,IF($C434=0,0,ROUND(SomaAgrup,15-13*$AF$11)))","v":511.58},"RA",{"$f":"IF(AND($C434=\"S\",$X434>0),IF(ISBLANK($Y434),\"RA\",LEFT($Y434,2)),\"\")","v":"RA"},{"$f":"IF($C434=\"S\",IF($Z434=\"CP\",$X434,IF($Z434=\"RA\",(($X434)*QCI!$AA$3),0)),SomaAgrup)","v":511.58},{"$f":"IF($C434=\"S\",IF($Z434=\"OU\",ROUND($X434,2),0),SomaAgrup)","v":0},{"$f":"IF($N434=\"\",\"\",IF(ORÇAMENTO.Descricao=\"\",\"DESCRIÇÃO\",IF(AND($C434=\"S\",ORÇAMENTO.Unidade=\"\"),\"UNIDADE\",IF($X434<0,\"VALOR NEGATIVO\",IF(OR(AND(TIPOORCAMENTO=\"Proposto\",$AG434<>\"\",$AG434>0,ORÇAMENTO.CustoUnitario>$AG434),AND(TIPOORCAMENTO=\"LICITADO\",ORÇAMENTO.PrecoUnitarioLicitado>$AN434)),\"ACIMA REF.\",\"\")))))","v":""},{"$f":"IF(C434<=CRONO.NivelExibicao,MAX($AD$15:OFFSET(AD434,-1,0))+IF($C434<>1,1,MAX(1,COUNTIF(QCI!$A$13:$A$32,OFFSET($E434,-1,0)))),\"\")","v":""},{"$f":"IF(AND($C434=\"S\",ORÇAMENTO.CodBarra<>\"\"),IF(ORÇAMENTO.Fonte=\"\",ORÇAMENTO.CodBarra,CONCATENATE(ORÇAMENTO.Fonte,\" \",ORÇAMENTO.CodBarra)))","v":"SINAPI 72947"},{"$f":"IF(ISERROR(INDIRECT(ORÇAMENTO.BancoRef)),\"(abra o arquivo 'Referência \"&Excel_BuiltIn_Database&\".xls)\",IF(OR($C434<>\"S\",ORÇAMENTO.CodBarra=\"\"),\"(Sem Código)\",IF(ISERROR(MATCH($AE434,INDIRECT(ORÇAMENTO.BancoRef),0)),\"(Código não identificado nas referências)\",MATCH($AE434,INDIRECT(ORÇAMENTO.BancoRef),0))))","v":"(abra o arquivo 'Referência 06-2023.xls)"},{"$f":"ROUND(IF(DESONERACAO=\"sim\",REFERENCIA.Desonerado,REFERENCIA.NaoDesonerado),2)","v":0},{"$f":"ROUND(IF(ISNUMBER(ORÇAMENTO.OpcaoBDI),ORÇAMENTO.OpcaoBDI,IF(LEFT(ORÇAMENTO.OpcaoBDI,3)=\"BDI\",HLOOKUP(ORÇAMENTO.OpcaoBDI,$F$4:$H$5,2,FALSE),0)),15-11*$AF$9)","v":0.23530000000000001},null,24.28,null,null,511.58,{"$f":"ROUND(ORÇAMENTO.CustoUnitario*(1+$AH434),2)","v":21.07}]
["S",2,"S",0,{"$f":"IF($C435=1,OFFSET(E435,-1,0)+MAX(1,COUNTIF(QCI!$A$13:$A$32,OFFSET(ORÇAMENTO!E435,-1,0))),OFFSET(E435,-1,0))","v":9},10,0,0,4,0,{"$f":"IF(OR($C435=\"S\",$C435=0),0,MATCH(OFFSET($D435,0,$C435)+IF($C435<>1,1,COUNTIF(QCI!$A$13:$A$32,ORÇAMENTO!E435)),OFFSET($D435,1,$C435,ROW($C$850)-ROW($C435)),0))","v":0},"F","Serviço","Serviço","9.10.4.","AMMOC",340,"PLACA DE SINALIZAÇÃO VIARIA CIRCULAR D = 50 CM, COM SUPORTE DE ACO GALVANIZADO D = 50 MM E ALTURA = 3M INCLUSIVE BASE DE CONCRETO MAGRO","UN",{"$f":"OFFSET(CÁLCULO!H$15,ROW($T435)-ROW(T$15),0)","v":4},365.01,"BDI 1",{"$f":"IF($C435=\"S\",ROUND(IF(TIPOORCAMENTO=\"Proposto\",ORÇAMENTO.CustoUnitario*(1+$AH435),ORÇAMENTO.PrecoUnitarioLicitado),15-13*$AF$10),0)","v":450.9},1803.6,"RA","RA",{"$f":"IF($C435=\"S\",IF($Z435=\"CP\",$X435,IF($Z435=\"RA\",(($X435)*QCI!$AA$3),0)),SomaAgrup)","v":1803.6},0,{"$f":"IF($N435=\"\",\"\",IF(ORÇAMENTO.Descricao=\"\",\"DESCRIÇÃO\",IF(AND($C435=\"S\",ORÇAMENTO.Unidade=\"\"),\"UNIDADE\",IF($X435<0,\"VALOR NEGATIVO\",IF(OR(AND(TIPOORCAMENTO=\"Proposto\",$AG435<>\"\",$AG435>0,ORÇAMENTO.CustoUnitario>$AG435),AND(TIPOORCAMENTO=\"LICITADO\",ORÇAMENTO.PrecoUnitarioLicitado>$AN435)),\"ACIMA REF.\",\"\")))))","v":""},{"$f":"IF(C435<=CRONO.NivelExibicao,MAX($AD$15:OFFSET(AD435,-1,0))+IF($C435<>1,1,MAX(1,COUNTIF(QCI!$A$13:$A$32,OFFSET($E435,-1,0)))),\"\")","v":""},{"$f":"IF(AND($C435=\"S\",ORÇAMENTO.CodBarra<>\"\"),IF(ORÇAMENTO.Fonte=\"\",ORÇAMENTO.CodBarra,CONCATENATE(ORÇAMENTO.Fonte,\" \",ORÇAMENTO.CodBarra)))","v":"AMMOC 340"},{"$f":"IF(ISERROR(INDIRECT(ORÇAMENTO.BancoRef)),\"(abra o arquivo 'Referência \"&Excel_BuiltIn_Database&\".xls)\",IF(OR($C435<>\"S\",ORÇAMENTO.CodBarra=\"\"),\"(Sem Código)\",IF(ISERROR(MATCH($AE435,INDIRECT(ORÇAMENTO.BancoRef),0)),\"(Código não identificado nas referências)\",MATCH($AE435,INDIRECT(ORÇAMENTO.BancoRef),0))))","v":"(abra o arquivo 'Referência 06-2023.xls)"},{"$f":"ROUND(IF(DESONERACAO=\"sim\",REFERENCIA.Desonerado,REFERENCIA.NaoDesonerado),2)","v":0},0.23530000000000001,null,4,null,null,1803.6,450.9]
["S",2,"S",0,{"$f":"IF($C436=1,OFFSET(E436,-1,0)+MAX(1,COUNTIF(QCI!$A$13:$A$32,OFFSET(ORÇAMENTO!E436,-1,0))),OFFSET(E436,-1,0))","v":9},10,0,0,5,0,{"$f":"IF(OR($C436=\"S\",$C436=0),0,MATCH(OFFSET($D436,0,$C436)+IF($C436<>1,1,COUNTIF(QCI!$A$13:$A$32,ORÇAMENTO!E436)),OFFSET($D436,1,$C436,ROW($C$850)-ROW($C436)),0))","v":0},"F","Serviço","Serviço","9.10.5.","AMMOC","215","PLACA DE SINALIZACAO VIARIA OCTOGONAL A = 25 CM, COM SUPORTE DE AÇO GALVANIZADO D = 75 MM E ALTURA = 3 M, INCLUSIVE BASE DE CONCRETO MAGRO","UN ",{"$f":"OFFSET(CÁLCULO!H$15,ROW($T436)-ROW(T$15),0)","v":1},898.27,"BDI 1",{"$f":"IF($C436=\"S\",ROUND(IF(TIPOORCAMENTO=\"Proposto\",ORÇAMENTO.CustoUnitario*(1+$AH436),ORÇAMENTO.PrecoUnitarioLicitado),15-13*$AF$10),0)","v":1109.6300000000001},1109.6300000000001,"RA","RA",{"$f":"IF($C436=\"S\",IF($Z436=\"CP\",$X436,IF($Z436=\"RA\",(($X436)*QCI!$AA$3),0)),SomaAgrup)","v":1109.6300000000001},0,{"$f":"IF($N436=\"\",\"\",IF(ORÇAMENTO.Descricao=\"\",\"DESCRIÇÃO\",IF(AND($C436=\"S\",ORÇAMENTO.Unidade=\"\"),\"UNIDADE\",IF($X436<0,\"VALOR NEGATIVO\",IF(OR(AND(TIPOORCAMENTO=\"Proposto\",$AG436<>\"\",$AG436>0,ORÇAMENTO.CustoUnitario>$AG436),AND(TIPOORCAMENTO=\"LICITADO\",ORÇAMENTO.PrecoUnitarioLicitado>$AN436)),\"ACIMA REF.\",\"\")))))","v":""},{"$f":"IF(C436<=CRONO.NivelExibicao,MAX($AD$15:OFFSET(AD436,-1,0))+IF($C436<>1,1,MAX(1,COUNTIF(QCI!$A$13:$A$32,OFFSET($E436,-1,0)))),\"\")","v":""},{"$f":"IF(AND($C436=\"S\",ORÇAMENTO.CodBarra<>\"\"),IF(ORÇAMENTO.Fonte=\"\",ORÇAMENTO.CodBarra,CONCATENATE(ORÇAMENTO.Fonte,\" \",ORÇAMENTO.CodBarra)))","v":"AMMOC 215"},{"$f":"IF(ISERROR(INDIRECT(ORÇAMENTO.BancoRef)),\"(abra o arquivo 'Referência \"&Excel_BuiltIn_Database&\".xls)\",IF(OR($C436<>\"S\",ORÇAMENTO.CodBarra=\"\"),\"(Sem Código)\",IF(ISERROR(MATCH($AE436,INDIRECT(ORÇAMENTO.BancoRef),0)),\"(Código não identificado nas referências)\",MATCH($AE436,INDIRECT(ORÇAMENTO.BancoRef),0))))","v":"(abra o arquivo 'Referência 06-2023.xls)"},{"$f":"ROUND(IF(DESONERACAO=\"sim\",REFERENCIA.Desonerado,REFERENCIA.NaoDesonerado),2)","v":0},0.23530000000000001,null,1,null,null,1109.6300000000001,1109.6300000000001]
["S",2,"S",0,{"$f":"IF($C437=1,OFFSET(E437,-1,0)+MAX(1,COUNTIF(QCI!$A$13:$A$32,OFFSET(ORÇAMENTO!E437,-1,0))),OFFSET(E437,-1,0))","v":9},10,0,0,6,0,{"$f":"IF(OR($C437=\"S\",$C437=0),0,MATCH(OFFSET($D437,0,$C437)+IF($C437<>1,1,COUNTIF(QCI!$A$13:$A$32,ORÇAMENTO!E437)),OFFSET($D437,1,$C437,ROW($C$850)-ROW($C437)),0))","v":0},"F","Serviço","Serviço","9.10.6.","AMMOC","337","PLACA DE SINALIZACAO VIARIA QUADRADA L = 60 CM, COM SUPORTE DE ACO GALVANIZADO D = 50 MM E ALTURA = 3 M, INCLUSIVE BASE DE CONCRETO MAGRO","UN ",{"$f":"OFFSET(CÁLCULO!H$15,ROW($T437)-ROW(T$15),0)","v":1},459.55,"BDI 1",{"$f":"IF($C437=\"S\",ROUND(IF(TIPOORCAMENTO=\"Proposto\",ORÇAMENTO.CustoUnitario*(1+$AH437),ORÇAMENTO.PrecoUnitarioLicitado),15-13*$AF$10),0)","v":567.67999999999995},567.67999999999995,"RA","RA",{"$f":"IF($C437=\"S\",IF($Z437=\"CP\",$X437,IF($Z437=\"RA\",(($X437)*QCI!$AA$3),0)),SomaAgrup)","v":567.67999999999995},0,{"$f":"IF($N437=\"\",\"\",IF(ORÇAMENTO.Descricao=\"\",\"DESCRIÇÃO\",IF(AND($C437=\"S\",ORÇAMENTO.Unidade=\"\"),\"UNIDADE\",IF($X437<0,\"VALOR NEGATIVO\",IF(OR(AND(TIPOORCAMENTO=\"Proposto\",$AG437<>\"\",$AG437>0,ORÇAMENTO.CustoUnitario>$AG437),AND(TIPOORCAMENTO=\"LICITADO\",ORÇAMENTO.PrecoUnitarioLicitado>$AN437)),\"ACIMA REF.\",\"\")))))","v":""},{"$f":"IF(C437<=CRONO.NivelExibicao,MAX($AD$15:OFFSET(AD437,-1,0))+IF($C437<>1,1,MAX(1,COUNTIF(QCI!$A$13:$A$32,OFFSET($E437,-1,0)))),\"\")","v":""},{"$f":"IF(AND($C437=\"S\",ORÇAMENTO.CodBarra<>\"\"),IF(ORÇAMENTO.Fonte=\"\",ORÇAMENTO.CodBarra,CONCATENATE(ORÇAMENTO.Fonte,\" \",ORÇAMENTO.CodBarra)))","v":"AMMOC 337"},{"$f":"IF(ISERROR(INDIRECT(ORÇAMENTO.BancoRef)),\"(abra o arquivo 'Referência \"&Excel_BuiltIn_Database&\".xls)\",IF(OR($C437<>\"S\",ORÇAMENTO.CodBarra=\"\"),\"(Sem Código)\",IF(ISERROR(MATCH($AE437,INDIRECT(ORÇAMENTO.BancoRef),0)),\"(Código não identificado nas referências)\",MATCH($AE437,INDIRECT(ORÇAMENTO.BancoRef),0))))","v":"(abra o arquivo 'Referência 06-2023.xls)"},{"$f":"ROUND(IF(DESONERACAO=\"sim\",REFERENCIA.Desonerado,REFERENCIA.NaoDesonerado),2)","v":0},0.23530000000000001,null,1,null,null,567.67999999999995,567.67999999999995]
[1,1,1,47,{"$f":"IF($C438=1,OFFSET(E438,-1,0)+MAX(1,COUNTIF(QCI!$A$13:$A$32,OFFSET(ORÇAMENTO!E438,-1,0))),OFFSET(E438,-1,0))","v":10},0,0,0,0,412,{"$f":"IF(OR($C438=\"S\",$C438=0),0,MATCH(OFFSET($D438,0,$C438)+IF($C438<>1,1,COUNTIF(QCI!$A$13:$A$32,ORÇAMENTO!E438)),OFFSET($D438,1,$C438,ROW($C$850)-ROW($C438)),0))","v":47},"F","Meta","Meta","10.","SINAPI",null,"RUA MIGUEL A DEVES","-",{"$f":"OFFSET(CÁLCULO!H$15,ROW($T438)-ROW(T$15),0)","v":0},0,"BDI 1",{"$f":"IF($C438=\"S\",ROUND(IF(TIPOORCAMENTO=\"Proposto\",ORÇAMENTO.CustoUnitario*(1+$AH438),ORÇAMENTO.PrecoUnitarioLicitado),15-13*$AF$10),0)","v":0},507471.25,"RA","",{"$f":"IF($C438=\"S\",IF($Z438=\"CP\",$X438,IF($Z438=\"RA\",(($X438)*QCI!$AA$3),0)),SomaAgrup)","v":507471.24999999988},0,{"$f":"IF($N438=\"\",\"\",IF(ORÇAMENTO.Descricao=\"\",\"DESCRIÇÃO\",IF(AND($C438=\"S\",ORÇAMENTO.Unidade=\"\"),\"UNIDADE\",IF($X438<0,\"VALOR NEGATIVO\",IF(OR(AND(TIPOORCAMENTO=\"Proposto\",$AG438<>\"\",$AG438>0,ORÇAMENTO.CustoUnitario>$AG438),AND(TIPOORCAMENTO=\"LICITADO\",ORÇAMENTO.PrecoUnitarioLicitado>$AN438)),\"ACIMA REF.\",\"\")))))","v":""},{"$f":"IF(C438<=CRONO.NivelExibicao,MAX($AD$15:OFFSET(AD438,-1,0))+IF($C438<>1,1,MAX(1,COUNTIF(QCI!$A$13:$A$32,OFFSET($E438,-1,0)))),\"\")","v":10},{"$f":"IF(AND($C438=\"S\",ORÇAMENTO.CodBarra<>\"\"),IF(ORÇAMENTO.Fonte=\"\",ORÇAMENTO.CodBarra,CONCATENATE(ORÇAMENTO.Fonte,\" \",ORÇAMENTO.CodBarra)))","v":false},{"$f":"IF(ISERROR(INDIRECT(ORÇAMENTO.BancoRef)),\"(abra o arquivo 'Referência \"&Excel_BuiltIn_Database&\".xls)\",IF(OR($C438<>\"S\",ORÇAMENTO.CodBarra=\"\"),\"(Sem Código)\",IF(ISERROR(MATCH($AE438,INDIRECT(ORÇAMENTO.BancoRef),0)),\"(Código não identificado nas referências)\",MATCH($AE438,INDIRECT(ORÇAMENTO.BancoRef),0))))","v":"(abra o arquivo 'Referência 06-2023.xls)"},{"$f":"ROUND(IF(DESONERACAO=\"sim\",REFERENCIA.Desonerado,REFERENCIA.NaoDesonerado),2)","v":0},0.23530000000000001,null,null,null,null,507471.25,0]
[2,2,2,2,{"$f":"IF($C439=1,OFFSET(E439,-1,0)+MAX(1,COUNTIF(QCI!$A$13:$A$32,OFFSET(ORÇAMENTO!E439,-1,0))),OFFSET(E439,-1,0))","v":10},1,0,0,0,46,{"$f":"IF(OR($C439=\"S\",$C439=0),0,MATCH(OFFSET($D439,0,$C439)+IF($C439<>1,1,COUNTIF(QCI!$A$13:$A$32,ORÇAMENTO!E439)),OFFSET($D439,1,$C439,ROW($C$850)-ROW($C439)),0))","v":2},"F","Nível 2","Nível 2","10.1.","SINAPI",null,"SERVIÇOS INICIAIS","-",{"$f":"OFFSET(CÁLCULO!H$15,ROW($T439)-ROW(T$15),0)","v":0},0,"BDI 1",{"$f":"IF($C439=\"S\",ROUND(IF(TIPOORCAMENTO=\"Proposto\",ORÇAMENTO.CustoUnitario*(1+$AH439),ORÇAMENTO.PrecoUnitarioLicitado),15-13*$AF$10),0)","v":0},285.98,"RA","",{"$f":"IF($C439=\"S\",IF($Z439=\"CP\",$X439,IF($Z439=\"RA\",(($X439)*QCI!$AA$3),0)),SomaAgrup)","v":285.98},0,{"$f":"IF($N439=\"\",\"\",IF(ORÇAMENTO.Descricao=\"\",\"DESCRIÇÃO\",IF(AND($C439=\"S\",ORÇAMENTO.Unidade=\"\"),\"UNIDADE\",IF($X439<0,\"VALOR NEGATIVO\",IF(OR(AND(TIPOORCAMENTO=\"Proposto\",$AG439<>\"\",$AG439>0,ORÇAMENTO.CustoUnitario>$AG439),AND(TIPOORCAMENTO=\"LICITADO\",ORÇAMENTO.PrecoUnitarioLicitado>$AN439)),\"ACIMA REF.\",\"\")))))","v":""},{"$f":"IF(C439<=CRONO.NivelExibicao,MAX($AD$15:OFFSET(AD439,-1,0))+IF($C439<>1,1,MAX(1,COUNTIF(QCI!$A$13:$A$32,OFFSET($E439,-1,0)))),\"\")","v":""},{"$f":"IF(AND($C439=\"S\",ORÇAMENTO.CodBarra<>\"\"),IF(ORÇAMENTO.Fonte=\"\",ORÇAMENTO.CodBarra,CONCATENATE(ORÇAMENTO.Fonte,\" \",ORÇAMENTO.CodBarra)))","v":false},{"$f":"IF(ISERROR(INDIRECT(ORÇAMENTO.BancoRef)),\"(abra o arquivo 'Referência \"&Excel_BuiltIn_Database&\".xls)\",IF(OR($C439<>\"S\",ORÇAMENTO.CodBarra=\"\"),\"(Sem Código)\",IF(ISERROR(MATCH($AE439,INDIRECT(ORÇAMENTO.BancoRef),0)),\"(Código não identificado nas referências)\",MATCH($AE439,INDIRECT(ORÇAMENTO.BancoRef),0))))","v":"(abra o arquivo 'Referência 06-2023.xls)"},{"$f":"ROUND(IF(DESONERACAO=\"sim\",REFERENCIA.Desonerado,REFERENCIA.NaoDesonerado),2)","v":0},0.23530000000000001,null,null,null,null,285.98,0]
["S",2,"S",0,{"$f":"IF($C440=1,OFFSET(E440,-1,0)+MAX(1,COUNTIF(QCI!$A$13:$A$32,OFFSET(ORÇAMENTO!E440,-1,0))),OFFSET(E440,-1,0))","v":10},1,0,0,1,0,{"$f":"IF(OR($C440=\"S\",$C440=0),0,MATCH(OFFSET($D440,0,$C440)+IF($C440<>1,1,COUNTIF(QCI!$A$13:$A$32,ORÇAMENTO!E440)),OFFSET($D440,1,$C440,ROW($C$850)-ROW($C440)),0))","v":0},"F","Serviço","Serviço","10.1.1.","SINAPI","99064","LOCAÇÃO DE PAVIMENTAÇÃO","M",{"$f":"OFFSET(CÁLCULO!H$15,ROW($T440)-ROW(T$15),0)","v":484.72},0.48,"BDI 1",{"$f":"IF($C440=\"S\",ROUND(IF(TIPOORCAMENTO=\"Proposto\",ORÇAMENTO.CustoUnitario*(1+$AH440),ORÇAMENTO.PrecoUnitarioLicitado),15-13*$AF$10),0)","v":0.59},285.98,"RA","RA",{"$f":"IF($C440=\"S\",IF($Z440=\"CP\",$X440,IF($Z440=\"RA\",(($X440)*QCI!$AA$3),0)),SomaAgrup)","v":285.98},0,{"$f":"IF($N440=\"\",\"\",IF(ORÇAMENTO.Descricao=\"\",\"DESCRIÇÃO\",IF(AND($C440=\"S\",ORÇAMENTO.Unidade=\"\"),\"UNIDADE\",IF($X440<0,\"VALOR NEGATIVO\",IF(OR(AND(TIPOORCAMENTO=\"Proposto\",$AG440<>\"\",$AG440>0,ORÇAMENTO.CustoUnitario>$AG440),AND(TIPOORCAMENTO=\"LICITADO\",ORÇAMENTO.PrecoUnitarioLicitado>$AN440)),\"ACIMA REF.\",\"\")))))","v":""},{"$f":"IF(C440<=CRONO.NivelExibicao,MAX($AD$15:OFFSET(AD440,-1,0))+IF($C440<>1,1,MAX(1,COUNTIF(QCI!$A$13:$A$32,OFFSET($E440,-1,0)))),\"\")","v":""},{"$f":"IF(AND($C440=\"S\",ORÇAMENTO.CodBarra<>\"\"),IF(ORÇAMENTO.Fonte=\"\",ORÇAMENTO.CodBarra,CONCATENATE(ORÇAMENTO.Fonte,\" \",ORÇAMENTO.CodBarra)))","v":"SINAPI 99064"},{"$f":"IF(ISERROR(INDIRECT(ORÇAMENTO.BancoRef)),\"(abra o arquivo 'Referência \"&Excel_BuiltIn_Database&\".xls)\",IF(OR($C440<>\"S\",ORÇAMENTO.CodBarra=\"\"),\"(Sem Código)\",IF(ISERROR(MATCH($AE440,INDIRECT(ORÇAMENTO.BancoRef),0)),\"(Código não identificado nas referências)\",MATCH($AE440,INDIRECT(ORÇAMENTO.BancoRef),0))))","v":"(abra o arquivo 'Referência 06-2023.xls)"},{"$f":"ROUND(IF(DESONERACAO=\"sim\",REFERENCIA.Desonerado,REFERENCIA.NaoDesonerado),2)","v":0},0.23530000000000001,null,484.72,null,null,285.98,0.59]
[2,2,2,4,{"$f":"IF($C441=1,OFFSET(E441,-1,0)+MAX(1,COUNTIF(QCI!$A$13:$A$32,OFFSET(ORÇAMENTO!E441,-1,0))),OFFSET(E441,-1,0))","v":10},2,0,0,0,44,{"$f":"IF(OR($C441=\"S\",$C441=0),0,MATCH(OFFSET($D441,0,$C441)+IF($C441<>1,1,COUNTIF(QCI!$A$13:$A$32,ORÇAMENTO!E441)),OFFSET($D441,1,$C441,ROW($C$850)-ROW($C441)),0))","v":4},"F","Nível 2","Nível 2","10.2.","SINAPI",null,"DEMOLIÇÕES E REMOÇÕES","-",{"$f":"OFFSET(CÁLCULO!H$15,ROW($T441)-ROW(T$15),0)","v":0},0,"BDI 1",{"$f":"IF($C441=\"S\",ROUND(IF(TIPOORCAMENTO=\"Proposto\",ORÇAMENTO.CustoUnitario*(1+$AH441),ORÇAMENTO.PrecoUnitarioLicitado),15-13*$AF$10),0)","v":0},50.58,"RA","",{"$f":"IF($C441=\"S\",IF($Z441=\"CP\",$X441,IF($Z441=\"RA\",(($X441)*QCI!$AA$3),0)),SomaAgrup)","v":50.58},0,{"$f":"IF($N441=\"\",\"\",IF(ORÇAMENTO.Descricao=\"\",\"DESCRIÇÃO\",IF(AND($C441=\"S\",ORÇAMENTO.Unidade=\"\"),\"UNIDADE\",IF($X441<0,\"VALOR NEGATIVO\",IF(OR(AND(TIPOORCAMENTO=\"Proposto\",$AG441<>\"\",$AG441>0,ORÇAMENTO.CustoUnitario>$AG441),AND(TIPOORCAMENTO=\"LICITADO\",ORÇAMENTO.PrecoUnitarioLicitado>$AN441)),\"ACIMA REF.\",\"\")))))","v":""},{"$f":"IF(C441<=CRONO.NivelExibicao,MAX($AD$15:OFFSET(AD441,-1,0))+IF($C441<>1,1,MAX(1,COUNTIF(QCI!$A$13:$A$32,OFFSET($E441,-1,0)))),\"\")","v":""},{"$f":"IF(AND($C441=\"S\",ORÇAMENTO.CodBarra<>\"\"),IF(ORÇAMENTO.Fonte=\"\",ORÇAMENTO.CodBarra,CONCATENATE(ORÇAMENTO.Fonte,\" \",ORÇAMENTO.CodBarra)))","v":false},{"$f":"IF(ISERROR(INDIRECT(ORÇAMENTO.BancoRef)),\"(abra o arquivo 'Referência \"&Excel_BuiltIn_Database&\".xls)\",IF(OR($C441<>\"S\",ORÇAMENTO.CodBarra=\"\"),\"(Sem Código)\",IF(ISERROR(MATCH($AE441,INDIRECT(ORÇAMENTO.BancoRef),0)),\"(Código não identificado nas referências)\",MATCH($AE441,INDIRECT(ORÇAMENTO.BancoRef),0))))","v":"(abra o arquivo 'Referência 06-2023.xls)"},{"$f":"ROUND(IF(DESONERACAO=\"sim\",REFERENCIA.Desonerado,REFERENCIA.NaoDesonerado),2)","v":0},0.23530000000000001,null,null,null,null,50.58,0]
["S",2,"S",0,{"$f":"IF($C442=1,OFFSET(E442,-1,0)+MAX(1,COUNTIF(QCI!$A$13:$A$32,OFFSET(ORÇAMENTO!E442,-1,0))),OFFSET(E442,-1,0))","v":10},2,0,0,1,0,{"$f":"IF(OR($C442=\"S\",$C442=0),0,MATCH(OFFSET($D442,0,$C442)+IF($C442<>1,1,COUNTIF(QCI!$A$13:$A$32,ORÇAMENTO!E442)),OFFSET($D442,1,$C442,ROW($C$850)-ROW($C442)),0))","v":0},"F","Serviço","Serviço","10.2.1.","SINAPI","97629","DEMOLIÇÃO DE PASSEIOS E ESTRUTURAS DE CONCRETO, DE FORMA MECANIZADA COM MARTELETE, SEM REAPROVEITAMENTO","M3",{"$f":"OFFSET(CÁLCULO!H$15,ROW($T442)-ROW(T$15),0)","v":0.28000000000000003},135.44,"BDI 1",{"$f":"IF($C442=\"S\",ROUND(IF(TIPOORCAMENTO=\"Proposto\",ORÇAMENTO.CustoUnitario*(1+$AH442),ORÇAMENTO.PrecoUnitarioLicitado),15-13*$AF$10),0)","v":167.31},46.85,"RA","RA",{"$f":"IF($C442=\"S\",IF($Z442=\"CP\",$X442,IF($Z442=\"RA\",(($X442)*QCI!$AA$3),0)),SomaAgrup)","v":46.85},0,{"$f":"IF($N442=\"\",\"\",IF(ORÇAMENTO.Descricao=\"\",\"DESCRIÇÃO\",IF(AND($C442=\"S\",ORÇAMENTO.Unidade=\"\"),\"UNIDADE\",IF($X442<0,\"VALOR NEGATIVO\",IF(OR(AND(TIPOORCAMENTO=\"Proposto\",$AG442<>\"\",$AG442>0,ORÇAMENTO.CustoUnitario>$AG442),AND(TIPOORCAMENTO=\"LICITADO\",ORÇAMENTO.PrecoUnitarioLicitado>$AN442)),\"ACIMA REF.\",\"\")))))","v":""},{"$f":"IF(C442<=CRONO.NivelExibicao,MAX($AD$15:OFFSET(AD442,-1,0))+IF($C442<>1,1,MAX(1,COUNTIF(QCI!$A$13:$A$32,OFFSET($E442,-1,0)))),\"\")","v":""},{"$f":"IF(AND($C442=\"S\",ORÇAMENTO.CodBarra<>\"\"),IF(ORÇAMENTO.Fonte=\"\",ORÇAMENTO.CodBarra,CONCATENATE(ORÇAMENTO.Fonte,\" \",ORÇAMENTO.CodBarra)))","v":"SINAPI 97629"},{"$f":"IF(ISERROR(INDIRECT(ORÇAMENTO.BancoRef)),\"(abra o arquivo 'Referência \"&Excel_BuiltIn_Database&\".xls)\",IF(OR($C442<>\"S\",ORÇAMENTO.CodBarra=\"\"),\"(Sem Código)\",IF(ISERROR(MATCH($AE442,INDIRECT(ORÇAMENTO.BancoRef),0)),\"(Código não identificado nas referências)\",MATCH($AE442,INDIRECT(ORÇAMENTO.BancoRef),0))))","v":"(abra o arquivo 'Referência 06-2023.xls)"},{"$f":"ROUND(IF(DESONERACAO=\"sim\",REFERENCIA.Desonerado,REFERENCIA.NaoDesonerado),2)","v":0},0.23530000000000001,null,{"$f":"0.08+0.2","v":0.28000000000000003},null,null,46.85,167.31]
["S",2,"S",0,{"$f":"IF($C443=1,OFFSET(E443,-1,0)+MAX(1,COUNTIF(QCI!$A$13:$A$32,OFFSET(ORÇAMENTO!E443,-1,0))),OFFSET(E443,-1,0))","v":10},2,0,0,2,0,{"$f":"IF(OR($C443=\"S\",$C443=0),0,MATCH(OFFSET($D443,0,$C443)+IF($C443<>1,1,COUNTIF(QCI!$A$13:$A$32,ORÇAMENTO!E443)),OFFSET($D443,1,$C443,ROW($C$850)-ROW($C443)),0))","v":0},"F","Serviço","Serviço","10.2.2.","SINAPI","100978","CARGA, MANOBRA E DESCARGA DE MATERIAL REMOVIDO EM CAMINHÃO BASCULANTE - CARGA COM ESCAVADEIRA HIDRÁULICA","M3",{"$f":"OFFSET(CÁLCULO!H$15,ROW($T443)-ROW(T$15),0)","v":0.28000000000000003},6.33,"BDI 1",{"$f":"IF($C443=\"S\",ROUND(IF(TIPOORCAMENTO=\"Proposto\",ORÇAMENTO.CustoUnitario*(1+$AH443),ORÇAMENTO.PrecoUnitarioLicitado),15-13*$AF$10),0)","v":7.82},2.19,"RA","RA",{"$f":"IF($C443=\"S\",IF($Z443=\"CP\",$X443,IF($Z443=\"RA\",(($X443)*QCI!$AA$3),0)),SomaAgrup)","v":2.19},0,{"$f":"IF($N443=\"\",\"\",IF(ORÇAMENTO.Descricao=\"\",\"DESCRIÇÃO\",IF(AND($C443=\"S\",ORÇAMENTO.Unidade=\"\"),\"UNIDADE\",IF($X443<0,\"VALOR NEGATIVO\",IF(OR(AND(TIPOORCAMENTO=\"Proposto\",$AG443<>\"\",$AG443>0,ORÇAMENTO.CustoUnitario>$AG443),AND(TIPOORCAMENTO=\"LICITADO\",ORÇAMENTO.PrecoUnitarioLicitado>$AN443)),\"ACIMA REF.\",\"\")))))","v":""},{"$f":"IF(C443<=CRONO.NivelExibicao,MAX($AD$15:OFFSET(AD443,-1,0))+IF($C443<>1,1,MAX(1,COUNTIF(QCI!$A$13:$A$32,OFFSET($E443,-1,0)))),\"\")","v":""},{"$f":"IF(AND($C443=\"S\",ORÇAMENTO.CodBarra<>\"\"),IF(ORÇAMENTO.Fonte=\"\",ORÇAMENTO.CodBarra,CONCATENATE(ORÇAMENTO.Fonte,\" \",ORÇAMENTO.CodBarra)))","v":"SINAPI 100978"},{"$f":"IF(ISERROR(INDIRECT(ORÇAMENTO.BancoRef)),\"(abra o arquivo 'Referência \"&Excel_BuiltIn_Database&\".xls)\",IF(OR($C443<>\"S\",ORÇAMENTO.CodBarra=\"\"),\"(Sem Código)\",IF(ISERROR(MATCH($AE443,INDIRECT(ORÇAMENTO.BancoRef),0)),\"(Código não identificado nas referências)\",MATCH($AE443,INDIRECT(ORÇAMENTO.BancoRef),0))))","v":"(abra o arquivo 'Referência 06-2023.xls)"},{"$f":"ROUND(IF(DESONERACAO=\"sim\",REFERENCIA.Desonerado,REFERENCIA.NaoDesonerado),2)","v":0},0.23530000000000001,null,{"$f":"AJ442","v":0.28000000000000003},null,null,{"$f":"$X443","v":2.19},7.82]
["S",{"$f":"IF(OR(C444=\"s\",C444=0),OFFSET(B444,-1,0),C444)","v":2},{"$f":"IF(OFFSET(C444,-1,0)=\"L\",1,IF(OFFSET(C444,-1,0)=1,2,IF(OR(A444=\"s\",A444=0),\"S\",IF(AND(OFFSET(C444,-1,0)=2,A444=4),3,IF(AND(OR(OFFSET(C444,-1,0)=\"s\",OFFSET(C444,-1,0)=0),A444<>\"s\",A444>OFFSET(B444,-1,0)),OFFSET(B444,-1,0),A444)))))","v":"S"},{"$f":"IF(OR(C444=\"S\",C444=0),0,IF(ISERROR(K444),J444,SMALL(J444:K444,1)))","v":0},{"$f":"IF($C444=1,OFFSET(E444,-1,0)+MAX(1,COUNTIF(QCI!$A$13:$A$32,OFFSET(ORÇAMENTO!E444,-1,0))),OFFSET(E444,-1,0))","v":10},{"$f":"IF($C444=1,0,IF($C444=2,OFFSET(F444,-1,0)+1,OFFSET(F444,-1,0)))","v":2},{"$f":"IF(AND($C444<=2,$C444<>0),0,IF($C444=3,OFFSET(G444,-1,0)+1,OFFSET(G444,-1,0)))","v":0},{"$f":"IF(AND($C444<=3,$C444<>0),0,IF($C444=4,OFFSET(H444,-1,0)+1,OFFSET(H444,-1,0)))","v":0},{"$f":"IF(AND($C444<=4,$C444<>0),0,IF(AND($C444=\"S\",$X444>0),OFFSET(I444,-1,0)+1,OFFSET(I444,-1,0)))","v":3},0,{"$f":"IF(OR($C444=\"S\",$C444=0),0,MATCH(OFFSET($D444,0,$C444)+IF($C444<>1,1,COUNTIF(QCI!$A$13:$A$32,ORÇAMENTO!E444)),OFFSET($D444,1,$C444,ROW($C$850)-ROW($C444)),0))","v":0},{"$f":"IF(OR($X444>0,$C444=1,$C444=2,$C444=3,$C444=4),\"F\",\"\")","v":"F"},"Serviço",{"$f":"CHOOSE(1+LOG(1+2*(C444=1)+4*(C444=2)+8*(C444=3)+16*(C444=4)+32*(C444=\"S\"),2),\"\",\"Meta\",\"Nível 2\",\"Nível 3\",\"Nível 4\",\"Serviço\")","v":"Serviço"},{"$f":"IF(OR($C444=0,$L444=\"\"),\"-\",CONCATENATE(E444&\".\",IF(AND($A$5>=2,$C444>=2),F444&\".\",\"\"),IF(AND($A$5>=3,$C444>=3),G444&\".\",\"\"),IF(AND($A$5>=4,$C444>=4),H444&\".\",\"\"),IF($C444=\"S\",I444&\".\",\"\")))","v":"10.2.3."},"SINAPI","95875","TRANSPORTE DE MATERIAL REMOVIDO COM CAMINHÃO BASCULANTE, DMT = 2 KM","M3XKM",{"$f":"OFFSET(CÁLCULO!H$15,ROW($T444)-ROW(T$15),0)","v":0.56000000000000005},2.23,"BDI 1",{"$f":"IF($C444=\"S\",ROUND(IF(TIPOORCAMENTO=\"Proposto\",ORÇAMENTO.CustoUnitario*(1+$AH444),ORÇAMENTO.PrecoUnitarioLicitado),15-13*$AF$10),0)","v":2.75},1.54,"RA",{"$f":"IF(AND($C444=\"S\",$X444>0),IF(ISBLANK($Y444),\"RA\",LEFT($Y444,2)),\"\")","v":"RA"},{"$f":"IF($C444=\"S\",IF($Z444=\"CP\",$X444,IF($Z444=\"RA\",(($X444)*QCI!$AA$3),0)),SomaAgrup)","v":1.54},0,{"$f":"IF($N444=\"\",\"\",IF(ORÇAMENTO.Descricao=\"\",\"DESCRIÇÃO\",IF(AND($C444=\"S\",ORÇAMENTO.Unidade=\"\"),\"UNIDADE\",IF($X444<0,\"VALOR NEGATIVO\",IF(OR(AND(TIPOORCAMENTO=\"Proposto\",$AG444<>\"\",$AG444>0,ORÇAMENTO.CustoUnitario>$AG444),AND(TIPOORCAMENTO=\"LICITADO\",ORÇAMENTO.PrecoUnitarioLicitado>$AN444)),\"ACIMA REF.\",\"\")))))","v":""},{"$f":"IF(C444<=CRONO.NivelExibicao,MAX($AD$15:OFFSET(AD444,-1,0))+IF($C444<>1,1,MAX(1,COUNTIF(QCI!$A$13:$A$32,OFFSET($E444,-1,0)))),\"\")","v":""},{"$f":"IF(AND($C444=\"S\",ORÇAMENTO.CodBarra<>\"\"),IF(ORÇAMENTO.Fonte=\"\",ORÇAMENTO.CodBarra,CONCATENATE(ORÇAMENTO.Fonte,\" \",ORÇAMENTO.CodBarra)))","v":"SINAPI 95875"},{"$f":"IF(ISERROR(INDIRECT(ORÇAMENTO.BancoRef)),\"(abra o arquivo 'Referência \"&Excel_BuiltIn_Database&\".xls)\",IF(OR($C444<>\"S\",ORÇAMENTO.CodBarra=\"\"),\"(Sem Código)\",IF(ISERROR(MATCH($AE444,INDIRECT(ORÇAMENTO.BancoRef),0)),\"(Código não identificado nas referências)\",MATCH($AE444,INDIRECT(ORÇAMENTO.BancoRef),0))))","v":"(abra o arquivo 'Referência 06-2023.xls)"},{"$f":"ROUND(IF(DESONERACAO=\"sim\",REFERENCIA.Desonerado,REFERENCIA.NaoDesonerado),2)","v":0},0.23530000000000001,null,{"$f":"AJ443*2","v":0.56000000000000005},null,null,1.54,2.75]
[2,2,2,7,{"$f":"IF($C445=1,OFFSET(E445,-1,0)+MAX(1,COUNTIF(QCI!$A$13:$A$32,OFFSET(ORÇAMENTO!E445,-1,0))),OFFSET(E445,-1,0))","v":10},3,0,0,0,40,{"$f":"IF(OR($C445=\"S\",$C445=0),0,MATCH(OFFSET($D445,0,$C445)+IF($C445<>1,1,COUNTIF(QCI!$A$13:$A$32,ORÇAMENTO!E445)),OFFSET($D445,1,$C445,ROW($C$850)-ROW($C445)),0))","v":7},"F","Nível 2","Nível 2","10.3.","SINAPI",null,"ESCAVAÇÕES E MOVIMENTAÇÕES DE TERRA","-",{"$f":"OFFSET(CÁLCULO!H$15,ROW($T445)-ROW(T$15),0)","v":0},0,"BDI 1",{"$f":"IF($C445=\"S\",ROUND(IF(TIPOORCAMENTO=\"Proposto\",ORÇAMENTO.CustoUnitario*(1+$AH445),ORÇAMENTO.PrecoUnitarioLicitado),15-13*$AF$10),0)","v":0},2936.45,"RA","",{"$f":"IF($C445=\"S\",IF($Z445=\"CP\",$X445,IF($Z445=\"RA\",(($X445)*QCI!$AA$3),0)),SomaAgrup)","v":2936.4499999999994},0,{"$f":"IF($N445=\"\",\"\",IF(ORÇAMENTO.Descricao=\"\",\"DESCRIÇÃO\",IF(AND($C445=\"S\",ORÇAMENTO.Unidade=\"\"),\"UNIDADE\",IF($X445<0,\"VALOR NEGATIVO\",IF(OR(AND(TIPOORCAMENTO=\"Proposto\",$AG445<>\"\",$AG445>0,ORÇAMENTO.CustoUnitario>$AG445),AND(TIPOORCAMENTO=\"LICITADO\",ORÇAMENTO.PrecoUnitarioLicitado>$AN445)),\"ACIMA REF.\",\"\")))))","v":""},{"$f":"IF(C445<=CRONO.NivelExibicao,MAX($AD$15:OFFSET(AD445,-1,0))+IF($C445<>1,1,MAX(1,COUNTIF(QCI!$A$13:$A$32,OFFSET($E445,-1,0)))),\"\")","v":""},{"$f":"IF(AND($C445=\"S\",ORÇAMENTO.CodBarra<>\"\"),IF(ORÇAMENTO.Fonte=\"\",ORÇAMENTO.CodBarra,CONCATENATE(ORÇAMENTO.Fonte,\" \",ORÇAMENTO.CodBarra)))","v":false},{"$f":"IF(ISERROR(INDIRECT(ORÇAMENTO.BancoRef)),\"(abra o arquivo 'Referência \"&Excel_BuiltIn_Database&\".xls)\",IF(OR($C445<>\"S\",ORÇAMENTO.CodBarra=\"\"),\"(Sem Código)\",IF(ISERROR(MATCH($AE445,INDIRECT(ORÇAMENTO.BancoRef),0)),\"(Código não identificado nas referências)\",MATCH($AE445,INDIRECT(ORÇAMENTO.BancoRef),0))))","v":"(abra o arquivo 'Referência 06-2023.xls)"},{"$f":"ROUND(IF(DESONERACAO=\"sim\",REFERENCIA.Desonerado,REFERENCIA.NaoDesonerado),2)","v":0},0.23530000000000001,null,null,null,null,2936.45,0]
["S",2,"S",0,{"$f":"IF($C446=1,OFFSET(E446,-1,0)+MAX(1,COUNTIF(QCI!$A$13:$A$32,OFFSET(ORÇAMENTO!E446,-1,0))),OFFSET(E446,-1,0))","v":10},3,0,0,1,0,{"$f":"IF(OR($C446=\"S\",$C446=0),0,MATCH(OFFSET($D446,0,$C446)+IF($C446<>1,1,COUNTIF(QCI!$A$13:$A$32,ORÇAMENTO!E446)),OFFSET($D446,1,$C446,ROW($C$850)-ROW($C446)),0))","v":0},"F","Serviço","Serviço","10.3.1.","SINAPI","102276","ESCAVAÇÃO MECANIZADA DE VALA E TALUDES EM SOLO DE 2A CATEGORIA, EM LOCAIS COM ALTO NÍVEL DE INTERFERÊNCIA","M3",{"$f":"OFFSET(CÁLCULO!H$15,ROW($T446)-ROW(T$15),0)","v":74.92},12.08,"BDI 1",{"$f":"IF($C446=\"S\",ROUND(IF(TIPOORCAMENTO=\"Proposto\",ORÇAMENTO.CustoUnitario*(1+$AH446),ORÇAMENTO.PrecoUnitarioLicitado),15-13*$AF$10),0)","v":14.92},1117.81,"RA","RA",{"$f":"IF($C446=\"S\",IF($Z446=\"CP\",$X446,IF($Z446=\"RA\",(($X446)*QCI!$AA$3),0)),SomaAgrup)","v":1117.81},0,{"$f":"IF($N446=\"\",\"\",IF(ORÇAMENTO.Descricao=\"\",\"DESCRIÇÃO\",IF(AND($C446=\"S\",ORÇAMENTO.Unidade=\"\"),\"UNIDADE\",IF($X446<0,\"VALOR NEGATIVO\",IF(OR(AND(TIPOORCAMENTO=\"Proposto\",$AG446<>\"\",$AG446>0,ORÇAMENTO.CustoUnitario>$AG446),AND(TIPOORCAMENTO=\"LICITADO\",ORÇAMENTO.PrecoUnitarioLicitado>$AN446)),\"ACIMA REF.\",\"\")))))","v":""},{"$f":"IF(C446<=CRONO.NivelExibicao,MAX($AD$15:OFFSET(AD446,-1,0))+IF($C446<>1,1,MAX(1,COUNTIF(QCI!$A$13:$A$32,OFFSET($E446,-1,0)))),\"\")","v":""},{"$f":"IF(AND($C446=\"S\",ORÇAMENTO.CodBarra<>\"\"),IF(ORÇAMENTO.Fonte=\"\",ORÇAMENTO.CodBarra,CONCATENATE(ORÇAMENTO.Fonte,\" \",ORÇAMENTO.CodBarra)))","v":"SINAPI 102276"},{"$f":"IF(ISERROR(INDIRECT(ORÇAMENTO.BancoRef)),\"(abra o arquivo 'Referência \"&Excel_BuiltIn_Database&\".xls)\",IF(OR($C446<>\"S\",ORÇAMENTO.CodBarra=\"\"),\"(Sem Código)\",IF(ISERROR(MATCH($AE446,INDIRECT(ORÇAMENTO.BancoRef),0)),\"(Código não identificado nas referências)\",MATCH($AE446,INDIRECT(ORÇAMENTO.BancoRef),0))))","v":"(abra o arquivo 'Referência 06-2023.xls)"},{"$f":"ROUND(IF(DESONERACAO=\"sim\",REFERENCIA.Desonerado,REFERENCIA.NaoDesonerado),2)","v":0},0.23530000000000001,null,74.92,null,null,1117.81,14.92]
["S",2,"S",0,{"$f":"IF($C447=1,OFFSET(E447,-1,0)+MAX(1,COUNTIF(QCI!$A$13:$A$32,OFFSET(ORÇAMENTO!E447,-1,0))),OFFSET(E447,-1,0))","v":10},3,0,0,2,0,{"$f":"IF(OR($C447=\"S\",$C447=0),0,MATCH(OFFSET($D447,0,$C447)+IF($C447<>1,1,COUNTIF(QCI!$A$13:$A$32,ORÇAMENTO!E447)),OFFSET($D447,1,$C447,ROW($C$850)-ROW($C447)),0))","v":0},"F","Serviço","Serviço","10.3.2.","SINAPI","100978","CARGA, MANOBRA E DESCARGA DE MATERIAL REMOVIDO EM CAMINHÃO BASCULANTE - CARGA COM ESCAVADEIRA HIDRÁULICA","M3",{"$f":"OFFSET(CÁLCULO!H$15,ROW($T447)-ROW(T$15),0)","v":74.92},6.33,"BDI 1",{"$f":"IF($C447=\"S\",ROUND(IF(TIPOORCAMENTO=\"Proposto\",ORÇAMENTO.CustoUnitario*(1+$AH447),ORÇAMENTO.PrecoUnitarioLicitado),15-13*$AF$10),0)","v":7.82},585.87,"RA","RA",{"$f":"IF($C447=\"S\",IF($Z447=\"CP\",$X447,IF($Z447=\"RA\",(($X447)*QCI!$AA$3),0)),SomaAgrup)","v":585.87},0,{"$f":"IF($N447=\"\",\"\",IF(ORÇAMENTO.Descricao=\"\",\"DESCRIÇÃO\",IF(AND($C447=\"S\",ORÇAMENTO.Unidade=\"\"),\"UNIDADE\",IF($X447<0,\"VALOR NEGATIVO\",IF(OR(AND(TIPOORCAMENTO=\"Proposto\",$AG447<>\"\",$AG447>0,ORÇAMENTO.CustoUnitario>$AG447),AND(TIPOORCAMENTO=\"LICITADO\",ORÇAMENTO.PrecoUnitarioLicitado>$AN447)),\"ACIMA REF.\",\"\")))))","v":""},{"$f":"IF(C447<=CRONO.NivelExibicao,MAX($AD$15:OFFSET(AD447,-1,0))+IF($C447<>1,1,MAX(1,COUNTIF(QCI!$A$13:$A$32,OFFSET($E447,-1,0)))),\"\")","v":""},{"$f":"IF(AND($C447=\"S\",ORÇAMENTO.CodBarra<>\"\"),IF(ORÇAMENTO.Fonte=\"\",ORÇAMENTO.CodBarra,CONCATENATE(ORÇAMENTO.Fonte,\" \",ORÇAMENTO.CodBarra)))","v":"SINAPI 100978"},{"$f":"IF(ISERROR(INDIRECT(ORÇAMENTO.BancoRef)),\"(abra o arquivo 'Referência \"&Excel_BuiltIn_Database&\".xls)\",IF(OR($C447<>\"S\",ORÇAMENTO.CodBarra=\"\"),\"(Sem Código)\",IF(ISERROR(MATCH($AE447,INDIRECT(ORÇAMENTO.BancoRef),0)),\"(Código não identificado nas referências)\",MATCH($AE447,INDIRECT(ORÇAMENTO.BancoRef),0))))","v":"(abra o arquivo 'Referência 06-2023.xls)"},{"$f":"ROUND(IF(DESONERACAO=\"sim\",REFERENCIA.Desonerado,REFERENCIA.NaoDesonerado),2)","v":0},0.23530000000000001,null,{"$f":"AJ446","v":74.92},null,null,585.87,7.82]
["S",2,"S",0,{"$f":"IF($C448=1,OFFSET(E448,-1,0)+MAX(1,COUNTIF(QCI!$A$13:$A$32,OFFSET(ORÇAMENTO!E448,-1,0))),OFFSET(E448,-1,0))","v":10},3,0,0,3,0,{"$f":"IF(OR($C448=\"S\",$C448=0),0,MATCH(OFFSET($D448,0,$C448)+IF($C448<>1,1,COUNTIF(QCI!$A$13:$A$32,ORÇAMENTO!E448)),OFFSET($D448,1,$C448,ROW($C$850)-ROW($C448)),0))","v":0},"F","Serviço","Serviço","10.3.3.","SINAPI","95875","TRANSPORTE DE MATERIAL REMOVIDO COM CAMINHÃO BASCULANTE, DMT = 5 KM","M3XKM",{"$f":"OFFSET(CÁLCULO!H$15,ROW($T448)-ROW(T$15),0)","v":149.84},2.23,"BDI 1",{"$f":"IF($C448=\"S\",ROUND(IF(TIPOORCAMENTO=\"Proposto\",ORÇAMENTO.CustoUnitario*(1+$AH448),ORÇAMENTO.PrecoUnitarioLicitado),15-13*$AF$10),0)","v":2.75},412.06,"RA","RA",{"$f":"IF($C448=\"S\",IF($Z448=\"CP\",$X448,IF($Z448=\"RA\",(($X448)*QCI!$AA$3),0)),SomaAgrup)","v":412.06},0,{"$f":"IF($N448=\"\",\"\",IF(ORÇAMENTO.Descricao=\"\",\"DESCRIÇÃO\",IF(AND($C448=\"S\",ORÇAMENTO.Unidade=\"\"),\"UNIDADE\",IF($X448<0,\"VALOR NEGATIVO\",IF(OR(AND(TIPOORCAMENTO=\"Proposto\",$AG448<>\"\",$AG448>0,ORÇAMENTO.CustoUnitario>$AG448),AND(TIPOORCAMENTO=\"LICITADO\",ORÇAMENTO.PrecoUnitarioLicitado>$AN448)),\"ACIMA REF.\",\"\")))))","v":""},{"$f":"IF(C448<=CRONO.NivelExibicao,MAX($AD$15:OFFSET(AD448,-1,0))+IF($C448<>1,1,MAX(1,COUNTIF(QCI!$A$13:$A$32,OFFSET($E448,-1,0)))),\"\")","v":""},{"$f":"IF(AND($C448=\"S\",ORÇAMENTO.CodBarra<>\"\"),IF(ORÇAMENTO.Fonte=\"\",ORÇAMENTO.CodBarra,CONCATENATE(ORÇAMENTO.Fonte,\" \",ORÇAMENTO.CodBarra)))","v":"SINAPI 95875"},{"$f":"IF(ISERROR(INDIRECT(ORÇAMENTO.BancoRef)),\"(abra o arquivo 'Referência \"&Excel_BuiltIn_Database&\".xls)\",IF(OR($C448<>\"S\",ORÇAMENTO.CodBarra=\"\"),\"(Sem Código)\",IF(ISERROR(MATCH($AE448,INDIRECT(ORÇAMENTO.BancoRef),0)),\"(Código não identificado nas referências)\",MATCH($AE448,INDIRECT(ORÇAMENTO.BancoRef),0))))","v":"(abra o arquivo 'Referência 06-2023.xls)"},{"$f":"ROUND(IF(DESONERACAO=\"sim\",REFERENCIA.Desonerado,REFERENCIA.NaoDesonerado),2)","v":0},0.23530000000000001,null,{"$f":"AJ447*2","v":149.84},null,null,412.06,2.75]
["S",2,"S",0,{"$f":"IF($C449=1,OFFSET(E449,-1,0)+MAX(1,COUNTIF(QCI!$A$13:$A$32,OFFSET(ORÇAMENTO!E449,-1,0))),OFFSET(E449,-1,0))","v":10},3,0,0,4,0,{"$f":"IF(OR($C449=\"S\",$C449=0),0,MATCH(OFFSET($D449,0,$C449)+IF($C449<>1,1,COUNTIF(QCI!$A$13:$A$32,ORÇAMENTO!E449)),OFFSET($D449,1,$C449,ROW($C$850)-ROW($C449)),0))","v":0},"F","Serviço","Serviço","10.3.4.","SINAPI","102355","DESMONTE DE BLOCOS DE ROCHA COM MARTELETE PNEUMÁTICO","M3",{"$f":"OFFSET(CÁLCULO!H$15,ROW($T449)-ROW(T$15),0)","v":3.75},166.39,"BDI 1",{"$f":"IF($C449=\"S\",ROUND(IF(TIPOORCAMENTO=\"Proposto\",ORÇAMENTO.CustoUnitario*(1+$AH449),ORÇAMENTO.PrecoUnitarioLicitado),15-13*$AF$10),0)","v":205.54},770.78,"RA","RA",{"$f":"IF($C449=\"S\",IF($Z449=\"CP\",$X449,IF($Z449=\"RA\",(($X449)*QCI!$AA$3),0)),SomaAgrup)","v":770.78},0,{"$f":"IF($N449=\"\",\"\",IF(ORÇAMENTO.Descricao=\"\",\"DESCRIÇÃO\",IF(AND($C449=\"S\",ORÇAMENTO.Unidade=\"\"),\"UNIDADE\",IF($X449<0,\"VALOR NEGATIVO\",IF(OR(AND(TIPOORCAMENTO=\"Proposto\",$AG449<>\"\",$AG449>0,ORÇAMENTO.CustoUnitario>$AG449),AND(TIPOORCAMENTO=\"LICITADO\",ORÇAMENTO.PrecoUnitarioLicitado>$AN449)),\"ACIMA REF.\",\"\")))))","v":""},{"$f":"IF(C449<=CRONO.NivelExibicao,MAX($AD$15:OFFSET(AD449,-1,0))+IF($C449<>1,1,MAX(1,COUNTIF(QCI!$A$13:$A$32,OFFSET($E449,-1,0)))),\"\")","v":""},{"$f":"IF(AND($C449=\"S\",ORÇAMENTO.CodBarra<>\"\"),IF(ORÇAMENTO.Fonte=\"\",ORÇAMENTO.CodBarra,CONCATENATE(ORÇAMENTO.Fonte,\" \",ORÇAMENTO.CodBarra)))","v":"SINAPI 102355"},{"$f":"IF(ISERROR(INDIRECT(ORÇAMENTO.BancoRef)),\"(abra o arquivo 'Referência \"&Excel_BuiltIn_Database&\".xls)\",IF(OR($C449<>\"S\",ORÇAMENTO.CodBarra=\"\"),\"(Sem Código)\",IF(ISERROR(MATCH($AE449,INDIRECT(ORÇAMENTO.BancoRef),0)),\"(Código não identificado nas referências)\",MATCH($AE449,INDIRECT(ORÇAMENTO.BancoRef),0))))","v":"(abra o arquivo 'Referência 06-2023.xls)"},{"$f":"ROUND(IF(DESONERACAO=\"sim\",REFERENCIA.Desonerado,REFERENCIA.NaoDesonerado),2)","v":0},0.23530000000000001,null,{"$f":"AJ446*0.05","v":3.7460000000000004},null,null,770.78,205.54]
["S",{"$f":"IF(OR(C450=\"s\",C450=0),OFFSET(B450,-1,0),C450)","v":2},{"$f":"IF(OFFSET(C450,-1,0)=\"L\",1,IF(OFFSET(C450,-1,0)=1,2,IF(OR(A450=\"s\",A450=0),\"S\",IF(AND(OFFSET(C450,-1,0)=2,A450=4),3,IF(AND(OR(OFFSET(C450,-1,0)=\"s\",OFFSET(C450,-1,0)=0),A450<>\"s\",A450>OFFSET(B450,-1,0)),OFFSET(B450,-1,0),A450)))))","v":"S"},{"$f":"IF(OR(C450=\"S\",C450=0),0,IF(ISERROR(K450),J450,SMALL(J450:K450,1)))","v":0},{"$f":"IF($C450=1,OFFSET(E450,-1,0)+MAX(1,COUNTIF(QCI!$A$13:$A$32,OFFSET(ORÇAMENTO!E450,-1,0))),OFFSET(E450,-1,0))","v":10},{"$f":"IF($C450=1,0,IF($C450=2,OFFSET(F450,-1,0)+1,OFFSET(F450,-1,0)))","v":3},{"$f":"IF(AND($C450<=2,$C450<>0),0,IF($C450=3,OFFSET(G450,-1,0)+1,OFFSET(G450,-1,0)))","v":0},{"$f":"IF(AND($C450<=3,$C450<>0),0,IF($C450=4,OFFSET(H450,-1,0)+1,OFFSET(H450,-1,0)))","v":0},{"$f":"IF(AND($C450<=4,$C450<>0),0,IF(AND($C450=\"S\",$X450>0),OFFSET(I450,-1,0)+1,OFFSET(I450,-1,0)))","v":5},0,{"$f":"IF(OR($C450=\"S\",$C450=0),0,MATCH(OFFSET($D450,0,$C450)+IF($C450<>1,1,COUNTIF(QCI!$A$13:$A$32,ORÇAMENTO!E450)),OFFSET($D450,1,$C450,ROW($C$850)-ROW($C450)),0))","v":0},{"$f":"IF(OR($X450>0,$C450=1,$C450=2,$C450=3,$C450=4),\"F\",\"\")","v":"F"},"Serviço",{"$f":"CHOOSE(1+LOG(1+2*(C450=1)+4*(C450=2)+8*(C450=3)+16*(C450=4)+32*(C450=\"S\"),2),\"\",\"Meta\",\"Nível 2\",\"Nível 3\",\"Nível 4\",\"Serviço\")","v":"Serviço"},{"$f":"IF(OR($C450=0,$L450=\"\"),\"-\",CONCATENATE(E450&\".\",IF(AND($A$5>=2,$C450>=2),F450&\".\",\"\"),IF(AND($A$5>=3,$C450>=3),G450&\".\",\"\"),IF(AND($A$5>=4,$C450>=4),H450&\".\",\"\"),IF($C450=\"S\",I450&\".\",\"\")))","v":"10.3.5."},"SINAPI","100978","CARGA, MANOBRA E DESCARGA DE MATERIAL REMOVIDO EM CAMINHÃO BASCULANTE - CARGA COM ESCAVADEIRA HIDRÁULICA","M3",{"$f":"OFFSET(CÁLCULO!H$15,ROW($T450)-ROW(T$15),0)","v":3.75},6.33,"BDI 1",{"$f":"IF($C450=\"S\",ROUND(IF(TIPOORCAMENTO=\"Proposto\",ORÇAMENTO.CustoUnitario*(1+$AH450),ORÇAMENTO.PrecoUnitarioLicitado),15-13*$AF$10),0)","v":7.82},29.33,"RA",{"$f":"IF(AND($C450=\"S\",$X450>0),IF(ISBLANK($Y450),\"RA\",LEFT($Y450,2)),\"\")","v":"RA"},{"$f":"IF($C450=\"S\",IF($Z450=\"CP\",$X450,IF($Z450=\"RA\",(($X450)*QCI!$AA$3),0)),SomaAgrup)","v":29.33},0,{"$f":"IF($N450=\"\",\"\",IF(ORÇAMENTO.Descricao=\"\",\"DESCRIÇÃO\",IF(AND($C450=\"S\",ORÇAMENTO.Unidade=\"\"),\"UNIDADE\",IF($X450<0,\"VALOR NEGATIVO\",IF(OR(AND(TIPOORCAMENTO=\"Proposto\",$AG450<>\"\",$AG450>0,ORÇAMENTO.CustoUnitario>$AG450),AND(TIPOORCAMENTO=\"LICITADO\",ORÇAMENTO.PrecoUnitarioLicitado>$AN450)),\"ACIMA REF.\",\"\")))))","v":""},{"$f":"IF(C450<=CRONO.NivelExibicao,MAX($AD$15:OFFSET(AD450,-1,0))+IF($C450<>1,1,MAX(1,COUNTIF(QCI!$A$13:$A$32,OFFSET($E450,-1,0)))),\"\")","v":""},{"$f":"IF(AND($C450=\"S\",ORÇAMENTO.CodBarra<>\"\"),IF(ORÇAMENTO.Fonte=\"\",ORÇAMENTO.CodBarra,CONCATENATE(ORÇAMENTO.Fonte,\" \",ORÇAMENTO.CodBarra)))","v":"SINAPI 100978"},{"$f":"IF(ISERROR(INDIRECT(ORÇAMENTO.BancoRef)),\"(abra o arquivo 'Referência \"&Excel_BuiltIn_Database&\".xls)\",IF(OR($C450<>\"S\",ORÇAMENTO.CodBarra=\"\"),\"(Sem Código)\",IF(ISERROR(MATCH($AE450,INDIRECT(ORÇAMENTO.BancoRef),0)),\"(Código não identificado nas referências)\",MATCH($AE450,INDIRECT(ORÇAMENTO.BancoRef),0))))","v":"(abra o arquivo 'Referência 06-2023.xls)"},{"$f":"ROUND(IF(DESONERACAO=\"sim\",REFERENCIA.Desonerado,REFERENCIA.NaoDesonerado),2)","v":0},0.23530000000000001,null,{"$f":"AJ449","v":3.7460000000000004},null,null,{"$f":"$X450","v":29.33},7.82]
["S",2,"S",0,{"$f":"IF($C451=1,OFFSET(E451,-1,0)+MAX(1,COUNTIF(QCI!$A$13:$A$32,OFFSET(ORÇAMENTO!E451,-1,0))),OFFSET(E451,-1,0))","v":10},3,0,0,6,0,{"$f":"IF(OR($C451=\"S\",$C451=0),0,MATCH(OFFSET($D451,0,$C451)+IF($C451<>1,1,COUNTIF(QCI!$A$13:$A$32,ORÇAMENTO!E451)),OFFSET($D451,1,$C451,ROW($C$850)-ROW($C451)),0))","v":0},"F","Serviço","Serviço","10.3.6.","SINAPI","95875","TRANSPORTE DE MATERIAL REMOVIDO COM CAMINHÃO BASCULANTE, DMT = 2 KM","M3XKM",{"$f":"OFFSET(CÁLCULO!H$15,ROW($T451)-ROW(T$15),0)","v":7.49},2.23,"BDI 1",{"$f":"IF($C451=\"S\",ROUND(IF(TIPOORCAMENTO=\"Proposto\",ORÇAMENTO.CustoUnitario*(1+$AH451),ORÇAMENTO.PrecoUnitarioLicitado),15-13*$AF$10),0)","v":2.75},20.6,"RA","RA",{"$f":"IF($C451=\"S\",IF($Z451=\"CP\",$X451,IF($Z451=\"RA\",(($X451)*QCI!$AA$3),0)),SomaAgrup)","v":20.6},0,{"$f":"IF($N451=\"\",\"\",IF(ORÇAMENTO.Descricao=\"\",\"DESCRIÇÃO\",IF(AND($C451=\"S\",ORÇAMENTO.Unidade=\"\"),\"UNIDADE\",IF($X451<0,\"VALOR NEGATIVO\",IF(OR(AND(TIPOORCAMENTO=\"Proposto\",$AG451<>\"\",$AG451>0,ORÇAMENTO.CustoUnitario>$AG451),AND(TIPOORCAMENTO=\"LICITADO\",ORÇAMENTO.PrecoUnitarioLicitado>$AN451)),\"ACIMA REF.\",\"\")))))","v":""},{"$f":"IF(C451<=CRONO.NivelExibicao,MAX($AD$15:OFFSET(AD451,-1,0))+IF($C451<>1,1,MAX(1,COUNTIF(QCI!$A$13:$A$32,OFFSET($E451,-1,0)))),\"\")","v":""},{"$f":"IF(AND($C451=\"S\",ORÇAMENTO.CodBarra<>\"\"),IF(ORÇAMENTO.Fonte=\"\",ORÇAMENTO.CodBarra,CONCATENATE(ORÇAMENTO.Fonte,\" \",ORÇAMENTO.CodBarra)))","v":"SINAPI 95875"},{"$f":"IF(ISERROR(INDIRECT(ORÇAMENTO.BancoRef)),\"(abra o arquivo 'Referência \"&Excel_BuiltIn_Database&\".xls)\",IF(OR($C451<>\"S\",ORÇAMENTO.CodBarra=\"\"),\"(Sem Código)\",IF(ISERROR(MATCH($AE451,INDIRECT(ORÇAMENTO.BancoRef),0)),\"(Código não identificado nas referências)\",MATCH($AE451,INDIRECT(ORÇAMENTO.BancoRef),0))))","v":"(abra o arquivo 'Referência 06-2023.xls)"},{"$f":"ROUND(IF(DESONERACAO=\"sim\",REFERENCIA.Desonerado,REFERENCIA.NaoDesonerado),2)","v":0},0.23530000000000001,null,{"$f":"AJ450*2","v":7.4920000000000009},null,null,20.6,2.75]
[2,2,2,3,{"$f":"IF($C452=1,OFFSET(E452,-1,0)+MAX(1,COUNTIF(QCI!$A$13:$A$32,OFFSET(ORÇAMENTO!E452,-1,0))),OFFSET(E452,-1,0))","v":10},4,0,0,0,33,{"$f":"IF(OR($C452=\"S\",$C452=0),0,MATCH(OFFSET($D452,0,$C452)+IF($C452<>1,1,COUNTIF(QCI!$A$13:$A$32,ORÇAMENTO!E452)),OFFSET($D452,1,$C452,ROW($C$850)-ROW($C452)),0))","v":3},"F","Nível 2","Nível 2","10.4.","SINAPI",null,"DRENAGEM","-",{"$f":"OFFSET(CÁLCULO!H$15,ROW($T452)-ROW(T$15),0)","v":0},0,"BDI 1",{"$f":"IF($C452=\"S\",ROUND(IF(TIPOORCAMENTO=\"Proposto\",ORÇAMENTO.CustoUnitario*(1+$AH452),ORÇAMENTO.PrecoUnitarioLicitado),15-13*$AF$10),0)","v":0},53278.93,"RA","",{"$f":"IF($C452=\"S\",IF($Z452=\"CP\",$X452,IF($Z452=\"RA\",(($X452)*QCI!$AA$3),0)),SomaAgrup)","v":53278.93},0,{"$f":"IF($N452=\"\",\"\",IF(ORÇAMENTO.Descricao=\"\",\"DESCRIÇÃO\",IF(AND($C452=\"S\",ORÇAMENTO.Unidade=\"\"),\"UNIDADE\",IF($X452<0,\"VALOR NEGATIVO\",IF(OR(AND(TIPOORCAMENTO=\"Proposto\",$AG452<>\"\",$AG452>0,ORÇAMENTO.CustoUnitario>$AG452),AND(TIPOORCAMENTO=\"LICITADO\",ORÇAMENTO.PrecoUnitarioLicitado>$AN452)),\"ACIMA REF.\",\"\")))))","v":""},{"$f":"IF(C452<=CRONO.NivelExibicao,MAX($AD$15:OFFSET(AD452,-1,0))+IF($C452<>1,1,MAX(1,COUNTIF(QCI!$A$13:$A$32,OFFSET($E452,-1,0)))),\"\")","v":""},{"$f":"IF(AND($C452=\"S\",ORÇAMENTO.CodBarra<>\"\"),IF(ORÇAMENTO.Fonte=\"\",ORÇAMENTO.CodBarra,CONCATENATE(ORÇAMENTO.Fonte,\" \",ORÇAMENTO.CodBarra)))","v":false},{"$f":"IF(ISERROR(INDIRECT(ORÇAMENTO.BancoRef)),\"(abra o arquivo 'Referência \"&Excel_BuiltIn_Database&\".xls)\",IF(OR($C452<>\"S\",ORÇAMENTO.CodBarra=\"\"),\"(Sem Código)\",IF(ISERROR(MATCH($AE452,INDIRECT(ORÇAMENTO.BancoRef),0)),\"(Código não identificado nas referências)\",MATCH($AE452,INDIRECT(ORÇAMENTO.BancoRef),0))))","v":"(abra o arquivo 'Referência 06-2023.xls)"},{"$f":"ROUND(IF(DESONERACAO=\"sim\",REFERENCIA.Desonerado,REFERENCIA.NaoDesonerado),2)","v":0},0.23530000000000001,null,null,null,null,53278.93,0]
["S",2,"S",0,{"$f":"IF($C453=1,OFFSET(E453,-1,0)+MAX(1,COUNTIF(QCI!$A$13:$A$32,OFFSET(ORÇAMENTO!E453,-1,0))),OFFSET(E453,-1,0))","v":10},4,0,0,1,0,{"$f":"IF(OR($C453=\"S\",$C453=0),0,MATCH(OFFSET($D453,0,$C453)+IF($C453<>1,1,COUNTIF(QCI!$A$13:$A$32,ORÇAMENTO!E453)),OFFSET($D453,1,$C453,ROW($C$850)-ROW($C453)),0))","v":0},"F","Serviço","Serviço","10.4.1.","AMMOC","BL01","BOCA DE LOBO EM CONCRETO ARMADO E GRADE DE AÇO EM BARRA DE FERRO CHATA 0,70M X 1,00M - TIPO 1 ","UND",{"$f":"OFFSET(CÁLCULO!H$15,ROW($T453)-ROW(T$15),0)","v":13},2617.0700000000002,"BDI 1",{"$f":"IF($C453=\"S\",ROUND(IF(TIPOORCAMENTO=\"Proposto\",ORÇAMENTO.CustoUnitario*(1+$AH453),ORÇAMENTO.PrecoUnitarioLicitado),15-13*$AF$10),0)","v":3232.87},42027.31,"RA","RA",{"$f":"IF($C453=\"S\",IF($Z453=\"CP\",$X453,IF($Z453=\"RA\",(($X453)*QCI!$AA$3),0)),SomaAgrup)","v":42027.31},0,{"$f":"IF($N453=\"\",\"\",IF(ORÇAMENTO.Descricao=\"\",\"DESCRIÇÃO\",IF(AND($C453=\"S\",ORÇAMENTO.Unidade=\"\"),\"UNIDADE\",IF($X453<0,\"VALOR NEGATIVO\",IF(OR(AND(TIPOORCAMENTO=\"Proposto\",$AG453<>\"\",$AG453>0,ORÇAMENTO.CustoUnitario>$AG453),AND(TIPOORCAMENTO=\"LICITADO\",ORÇAMENTO.PrecoUnitarioLicitado>$AN453)),\"ACIMA REF.\",\"\")))))","v":""},{"$f":"IF(C453<=CRONO.NivelExibicao,MAX($AD$15:OFFSET(AD453,-1,0))+IF($C453<>1,1,MAX(1,COUNTIF(QCI!$A$13:$A$32,OFFSET($E453,-1,0)))),\"\")","v":""},{"$f":"IF(AND($C453=\"S\",ORÇAMENTO.CodBarra<>\"\"),IF(ORÇAMENTO.Fonte=\"\",ORÇAMENTO.CodBarra,CONCATENATE(ORÇAMENTO.Fonte,\" \",ORÇAMENTO.CodBarra)))","v":"AMMOC BL01"},{"$f":"IF(ISERROR(INDIRECT(ORÇAMENTO.BancoRef)),\"(abra o arquivo 'Referência \"&Excel_BuiltIn_Database&\".xls)\",IF(OR($C453<>\"S\",ORÇAMENTO.CodBarra=\"\"),\"(Sem Código)\",IF(ISERROR(MATCH($AE453,INDIRECT(ORÇAMENTO.BancoRef),0)),\"(Código não identificado nas referências)\",MATCH($AE453,INDIRECT(ORÇAMENTO.BancoRef),0))))","v":"(abra o arquivo 'Referência 06-2023.xls)"},{"$f":"ROUND(IF(DESONERACAO=\"sim\",REFERENCIA.Desonerado,REFERENCIA.NaoDesonerado),2)","v":0},0.23530000000000001,null,13,null,null,42027.31,3232.87]
["S",2,"S",0,{"$f":"IF($C454=1,OFFSET(E454,-1,0)+MAX(1,COUNTIF(QCI!$A$13:$A$32,OFFSET(ORÇAMENTO!E454,-1,0))),OFFSET(E454,-1,0))","v":10},4,0,0,2,0,{"$f":"IF(OR($C454=\"S\",$C454=0),0,MATCH(OFFSET($D454,0,$C454)+IF($C454<>1,1,COUNTIF(QCI!$A$13:$A$32,ORÇAMENTO!E454)),OFFSET($D454,1,$C454,ROW($C$850)-ROW($C454)),0))","v":0},"F","Serviço","Serviço","10.4.2.","SINAPI","92219","TUBO DE CONCRETO PARA REDES COLETORAS DE ÁGUAS PLUVIAIS, DIÂMETRO DE 400 MM, JUNTA ENVOLTA EM MANTA GEOTÊXTIL, INSTALADO EM LOCAL COM ALTO NÍVEL DE INTERFERÊNCIAS - FORNECIMENTO E ASSENTAMENTO","M",{"$f":"OFFSET(CÁLCULO!H$15,ROW($T454)-ROW(T$15),0)","v":51},178.6,"BDI 1",{"$f":"IF($C454=\"S\",ROUND(IF(TIPOORCAMENTO=\"Proposto\",ORÇAMENTO.CustoUnitario*(1+$AH454),ORÇAMENTO.PrecoUnitarioLicitado),15-13*$AF$10),0)","v":220.62},11251.62,"RA","RA",{"$f":"IF($C454=\"S\",IF($Z454=\"CP\",$X454,IF($Z454=\"RA\",(($X454)*QCI!$AA$3),0)),SomaAgrup)","v":11251.62},0,{"$f":"IF($N454=\"\",\"\",IF(ORÇAMENTO.Descricao=\"\",\"DESCRIÇÃO\",IF(AND($C454=\"S\",ORÇAMENTO.Unidade=\"\"),\"UNIDADE\",IF($X454<0,\"VALOR NEGATIVO\",IF(OR(AND(TIPOORCAMENTO=\"Proposto\",$AG454<>\"\",$AG454>0,ORÇAMENTO.CustoUnitario>$AG454),AND(TIPOORCAMENTO=\"LICITADO\",ORÇAMENTO.PrecoUnitarioLicitado>$AN454)),\"ACIMA REF.\",\"\")))))","v":""},{"$f":"IF(C454<=CRONO.NivelExibicao,MAX($AD$15:OFFSET(AD454,-1,0))+IF($C454<>1,1,MAX(1,COUNTIF(QCI!$A$13:$A$32,OFFSET($E454,-1,0)))),\"\")","v":""},{"$f":"IF(AND($C454=\"S\",ORÇAMENTO.CodBarra<>\"\"),IF(ORÇAMENTO.Fonte=\"\",ORÇAMENTO.CodBarra,CONCATENATE(ORÇAMENTO.Fonte,\" \",ORÇAMENTO.CodBarra)))","v":"SINAPI 92219"},{"$f":"IF(ISERROR(INDIRECT(ORÇAMENTO.BancoRef)),\"(abra o arquivo 'Referência \"&Excel_BuiltIn_Database&\".xls)\",IF(OR($C454<>\"S\",ORÇAMENTO.CodBarra=\"\"),\"(Sem Código)\",IF(ISERROR(MATCH($AE454,INDIRECT(ORÇAMENTO.BancoRef),0)),\"(Código não identificado nas referências)\",MATCH($AE454,INDIRECT(ORÇAMENTO.BancoRef),0))))","v":"(abra o arquivo 'Referência 06-2023.xls)"},{"$f":"ROUND(IF(DESONERACAO=\"sim\",REFERENCIA.Desonerado,REFERENCIA.NaoDesonerado),2)","v":0},0.23530000000000001,null,51,null,null,11251.62,220.62]
[2,2,2,6,{"$f":"IF($C455=1,OFFSET(E455,-1,0)+MAX(1,COUNTIF(QCI!$A$13:$A$32,OFFSET(ORÇAMENTO!E455,-1,0))),OFFSET(E455,-1,0))","v":10},5,0,0,0,30,{"$f":"IF(OR($C455=\"S\",$C455=0),0,MATCH(OFFSET($D455,0,$C455)+IF($C455<>1,1,COUNTIF(QCI!$A$13:$A$32,ORÇAMENTO!E455)),OFFSET($D455,1,$C455,ROW($C$850)-ROW($C455)),0))","v":6},"F","Nível 2","Nível 2","10.5.","SINAPI",null,"REATERROS","-",{"$f":"OFFSET(CÁLCULO!H$15,ROW($T455)-ROW(T$15),0)","v":0},0,"BDI 1",{"$f":"IF($C455=\"S\",ROUND(IF(TIPOORCAMENTO=\"Proposto\",ORÇAMENTO.CustoUnitario*(1+$AH455),ORÇAMENTO.PrecoUnitarioLicitado),15-13*$AF$10),0)","v":0},8710.39,"RA","",{"$f":"IF($C455=\"S\",IF($Z455=\"CP\",$X455,IF($Z455=\"RA\",(($X455)*QCI!$AA$3),0)),SomaAgrup)","v":8710.39},0,{"$f":"IF($N455=\"\",\"\",IF(ORÇAMENTO.Descricao=\"\",\"DESCRIÇÃO\",IF(AND($C455=\"S\",ORÇAMENTO.Unidade=\"\"),\"UNIDADE\",IF($X455<0,\"VALOR NEGATIVO\",IF(OR(AND(TIPOORCAMENTO=\"Proposto\",$AG455<>\"\",$AG455>0,ORÇAMENTO.CustoUnitario>$AG455),AND(TIPOORCAMENTO=\"LICITADO\",ORÇAMENTO.PrecoUnitarioLicitado>$AN455)),\"ACIMA REF.\",\"\")))))","v":""},{"$f":"IF(C455<=CRONO.NivelExibicao,MAX($AD$15:OFFSET(AD455,-1,0))+IF($C455<>1,1,MAX(1,COUNTIF(QCI!$A$13:$A$32,OFFSET($E455,-1,0)))),\"\")","v":""},{"$f":"IF(AND($C455=\"S\",ORÇAMENTO.CodBarra<>\"\"),IF(ORÇAMENTO.Fonte=\"\",ORÇAMENTO.CodBarra,CONCATENATE(ORÇAMENTO.Fonte,\" \",ORÇAMENTO.CodBarra)))","v":false},{"$f":"IF(ISERROR(INDIRECT(ORÇAMENTO.BancoRef)),\"(abra o arquivo 'Referência \"&Excel_BuiltIn_Database&\".xls)\",IF(OR($C455<>\"S\",ORÇAMENTO.CodBarra=\"\"),\"(Sem Código)\",IF(ISERROR(MATCH($AE455,INDIRECT(ORÇAMENTO.BancoRef),0)),\"(Código não identificado nas referências)\",MATCH($AE455,INDIRECT(ORÇAMENTO.BancoRef),0))))","v":"(abra o arquivo 'Referência 06-2023.xls)"},{"$f":"ROUND(IF(DESONERACAO=\"sim\",REFERENCIA.Desonerado,REFERENCIA.NaoDesonerado),2)","v":0},0.23530000000000001,null,null,null,null,8710.39,0]
["S",2,"S",0,{"$f":"IF($C456=1,OFFSET(E456,-1,0)+MAX(1,COUNTIF(QCI!$A$13:$A$32,OFFSET(ORÇAMENTO!E456,-1,0))),OFFSET(E456,-1,0))","v":10},5,0,0,1,0,{"$f":"IF(OR($C456=\"S\",$C456=0),0,MATCH(OFFSET($D456,0,$C456)+IF($C456<>1,1,COUNTIF(QCI!$A$13:$A$32,ORÇAMENTO!E456)),OFFSET($D456,1,$C456,ROW($C$850)-ROW($C456)),0))","v":0},"F","Serviço","Serviço","10.5.1.","SINAPI-I","4718","PEDRA BRITADA N. 2 (19 A 38 MM) PARA REATERRO DE VALAS","M3    ",{"$f":"OFFSET(CÁLCULO!H$15,ROW($T456)-ROW(T$15),0)","v":30.6},107.5,"BDI 1",{"$f":"IF($C456=\"S\",ROUND(IF(TIPOORCAMENTO=\"Proposto\",ORÇAMENTO.CustoUnitario*(1+$AH456),ORÇAMENTO.PrecoUnitarioLicitado),15-13*$AF$10),0)","v":132.79},4063.37,"RA","RA",{"$f":"IF($C456=\"S\",IF($Z456=\"CP\",$X456,IF($Z456=\"RA\",(($X456)*QCI!$AA$3),0)),SomaAgrup)","v":4063.37},0,{"$f":"IF($N456=\"\",\"\",IF(ORÇAMENTO.Descricao=\"\",\"DESCRIÇÃO\",IF(AND($C456=\"S\",ORÇAMENTO.Unidade=\"\"),\"UNIDADE\",IF($X456<0,\"VALOR NEGATIVO\",IF(OR(AND(TIPOORCAMENTO=\"Proposto\",$AG456<>\"\",$AG456>0,ORÇAMENTO.CustoUnitario>$AG456),AND(TIPOORCAMENTO=\"LICITADO\",ORÇAMENTO.PrecoUnitarioLicitado>$AN456)),\"ACIMA REF.\",\"\")))))","v":""},{"$f":"IF(C456<=CRONO.NivelExibicao,MAX($AD$15:OFFSET(AD456,-1,0))+IF($C456<>1,1,MAX(1,COUNTIF(QCI!$A$13:$A$32,OFFSET($E456,-1,0)))),\"\")","v":""},{"$f":"IF(AND($C456=\"S\",ORÇAMENTO.CodBarra<>\"\"),IF(ORÇAMENTO.Fonte=\"\",ORÇAMENTO.CodBarra,CONCATENATE(ORÇAMENTO.Fonte,\" \",ORÇAMENTO.CodBarra)))","v":"SINAPI-I 4718"},{"$f":"IF(ISERROR(INDIRECT(ORÇAMENTO.BancoRef)),\"(abra o arquivo 'Referência \"&Excel_BuiltIn_Database&\".xls)\",IF(OR($C456<>\"S\",ORÇAMENTO.CodBarra=\"\"),\"(Sem Código)\",IF(ISERROR(MATCH($AE456,INDIRECT(ORÇAMENTO.BancoRef),0)),\"(Código não identificado nas referências)\",MATCH($AE456,INDIRECT(ORÇAMENTO.BancoRef),0))))","v":"(abra o arquivo 'Referência 06-2023.xls)"},{"$f":"ROUND(IF(DESONERACAO=\"sim\",REFERENCIA.Desonerado,REFERENCIA.NaoDesonerado),2)","v":0},0.23530000000000001,null,30.6,null,null,4063.37,132.79]
["S",2,"S",0,{"$f":"IF($C457=1,OFFSET(E457,-1,0)+MAX(1,COUNTIF(QCI!$A$13:$A$32,OFFSET(ORÇAMENTO!E457,-1,0))),OFFSET(E457,-1,0))","v":10},5,0,0,2,0,{"$f":"IF(OR($C457=\"S\",$C457=0),0,MATCH(OFFSET($D457,0,$C457)+IF($C457<>1,1,COUNTIF(QCI!$A$13:$A$32,ORÇAMENTO!E457)),OFFSET($D457,1,$C457,ROW($C$850)-ROW($C457)),0))","v":0},"F","Serviço","Serviço","10.5.2.","SINAPI-I",4730,"PEDRA RACHAO PARA REATERRO DE VALAS                                                                                                                                                                                                                                                                                                                                                                                     ","M3    ",{"$f":"OFFSET(CÁLCULO!H$15,ROW($T457)-ROW(T$15),0)","v":8.16},100.51,"BDI 1",{"$f":"IF($C457=\"S\",ROUND(IF(TIPOORCAMENTO=\"Proposto\",ORÇAMENTO.CustoUnitario*(1+$AH457),ORÇAMENTO.PrecoUnitarioLicitado),15-13*$AF$10),0)","v":124.16},1013.15,"RA","RA",{"$f":"IF($C457=\"S\",IF($Z457=\"CP\",$X457,IF($Z457=\"RA\",(($X457)*QCI!$AA$3),0)),SomaAgrup)","v":1013.15},0,{"$f":"IF($N457=\"\",\"\",IF(ORÇAMENTO.Descricao=\"\",\"DESCRIÇÃO\",IF(AND($C457=\"S\",ORÇAMENTO.Unidade=\"\"),\"UNIDADE\",IF($X457<0,\"VALOR NEGATIVO\",IF(OR(AND(TIPOORCAMENTO=\"Proposto\",$AG457<>\"\",$AG457>0,ORÇAMENTO.CustoUnitario>$AG457),AND(TIPOORCAMENTO=\"LICITADO\",ORÇAMENTO.PrecoUnitarioLicitado>$AN457)),\"ACIMA REF.\",\"\")))))","v":""},{"$f":"IF(C457<=CRONO.NivelExibicao,MAX($AD$15:OFFSET(AD457,-1,0))+IF($C457<>1,1,MAX(1,COUNTIF(QCI!$A$13:$A$32,OFFSET($E457,-1,0)))),\"\")","v":""},{"$f":"IF(AND($C457=\"S\",ORÇAMENTO.CodBarra<>\"\"),IF(ORÇAMENTO.Fonte=\"\",ORÇAMENTO.CodBarra,CONCATENATE(ORÇAMENTO.Fonte,\" \",ORÇAMENTO.CodBarra)))","v":"SINAPI-I 4730"},{"$f":"IF(ISERROR(INDIRECT(ORÇAMENTO.BancoRef)),\"(abra o arquivo 'Referência \"&Excel_BuiltIn_Database&\".xls)\",IF(OR($C457<>\"S\",ORÇAMENTO.CodBarra=\"\"),\"(Sem Código)\",IF(ISERROR(MATCH($AE457,INDIRECT(ORÇAMENTO.BancoRef),0)),\"(Código não identificado nas referências)\",MATCH($AE457,INDIRECT(ORÇAMENTO.BancoRef),0))))","v":"(abra o arquivo 'Referência 06-2023.xls)"},{"$f":"ROUND(IF(DESONERACAO=\"sim\",REFERENCIA.Desonerado,REFERENCIA.NaoDesonerado),2)","v":0},0.23530000000000001,null,8.16,null,null,1013.15,124.16]
["S",2,"S",0,{"$f":"IF($C458=1,OFFSET(E458,-1,0)+MAX(1,COUNTIF(QCI!$A$13:$A$32,OFFSET(ORÇAMENTO!E458,-1,0))),OFFSET(E458,-1,0))","v":10},5,0,0,3,0,{"$f":"IF(OR($C458=\"S\",$C458=0),0,MATCH(OFFSET($D458,0,$C458)+IF($C458<>1,1,COUNTIF(QCI!$A$13:$A$32,ORÇAMENTO!E458)),OFFSET($D458,1,$C458,ROW($C$850)-ROW($C458)),0))","v":0},"F","Serviço","Serviço","10.5.3.","SINAPI-I",4729,"PEDRA BRITADA GRADUADA PARA REATERRO DE VALAS                                                                                                                                                                                                                                                                                                                                                                                                                          ","M3    ",{"$f":"OFFSET(CÁLCULO!H$15,ROW($T458)-ROW(T$15),0)","v":6.12},107.74,"BDI 1",{"$f":"IF($C458=\"S\",ROUND(IF(TIPOORCAMENTO=\"Proposto\",ORÇAMENTO.CustoUnitario*(1+$AH458),ORÇAMENTO.PrecoUnitarioLicitado),15-13*$AF$10),0)","v":133.09},814.51,"RA","RA",{"$f":"IF($C458=\"S\",IF($Z458=\"CP\",$X458,IF($Z458=\"RA\",(($X458)*QCI!$AA$3),0)),SomaAgrup)","v":814.51},0,{"$f":"IF($N458=\"\",\"\",IF(ORÇAMENTO.Descricao=\"\",\"DESCRIÇÃO\",IF(AND($C458=\"S\",ORÇAMENTO.Unidade=\"\"),\"UNIDADE\",IF($X458<0,\"VALOR NEGATIVO\",IF(OR(AND(TIPOORCAMENTO=\"Proposto\",$AG458<>\"\",$AG458>0,ORÇAMENTO.CustoUnitario>$AG458),AND(TIPOORCAMENTO=\"LICITADO\",ORÇAMENTO.PrecoUnitarioLicitado>$AN458)),\"ACIMA REF.\",\"\")))))","v":""},{"$f":"IF(C458<=CRONO.NivelExibicao,MAX($AD$15:OFFSET(AD458,-1,0))+IF($C458<>1,1,MAX(1,COUNTIF(QCI!$A$13:$A$32,OFFSET($E458,-1,0)))),\"\")","v":""},{"$f":"IF(AND($C458=\"S\",ORÇAMENTO.CodBarra<>\"\"),IF(ORÇAMENTO.Fonte=\"\",ORÇAMENTO.CodBarra,CONCATENATE(ORÇAMENTO.Fonte,\" \",ORÇAMENTO.CodBarra)))","v":"SINAPI-I 4729"},{"$f":"IF(ISERROR(INDIRECT(ORÇAMENTO.BancoRef)),\"(abra o arquivo 'Referência \"&Excel_BuiltIn_Database&\".xls)\",IF(OR($C458<>\"S\",ORÇAMENTO.CodBarra=\"\"),\"(Sem Código)\",IF(ISERROR(MATCH($AE458,INDIRECT(ORÇAMENTO.BancoRef),0)),\"(Código não identificado nas referências)\",MATCH($AE458,INDIRECT(ORÇAMENTO.BancoRef),0))))","v":"(abra o arquivo 'Referência 06-2023.xls)"},{"$f":"ROUND(IF(DESONERACAO=\"sim\",REFERENCIA.Desonerado,REFERENCIA.NaoDesonerado),2)","v":0},0.23530000000000001,null,6.12,null,null,814.51,133.09]
["S",2,"S",0,{"$f":"IF($C459=1,OFFSET(E459,-1,0)+MAX(1,COUNTIF(QCI!$A$13:$A$32,OFFSET(ORÇAMENTO!E459,-1,0))),OFFSET(E459,-1,0))","v":10},5,0,0,4,0,{"$f":"IF(OR($C459=\"S\",$C459=0),0,MATCH(OFFSET($D459,0,$C459)+IF($C459<>1,1,COUNTIF(QCI!$A$13:$A$32,ORÇAMENTO!E459)),OFFSET($D459,1,$C459,ROW($C$850)-ROW($C459)),0))","v":0},"F","Serviço","Serviço","10.5.4.","SINAPI","100978","CARGA, MANOBRA E DESCARGA DE MATERIAL GRANULAR EM CAMINHÃO BASCULANTE - CARGA COM ESCAVADEIRA HIDRÁULICA","M3",{"$f":"OFFSET(CÁLCULO!H$15,ROW($T459)-ROW(T$15),0)","v":44.88},6.33,"BDI 1",{"$f":"IF($C459=\"S\",ROUND(IF(TIPOORCAMENTO=\"Proposto\",ORÇAMENTO.CustoUnitario*(1+$AH459),ORÇAMENTO.PrecoUnitarioLicitado),15-13*$AF$10),0)","v":7.82},350.96,"RA","RA",{"$f":"IF($C459=\"S\",IF($Z459=\"CP\",$X459,IF($Z459=\"RA\",(($X459)*QCI!$AA$3),0)),SomaAgrup)","v":350.96},0,{"$f":"IF($N459=\"\",\"\",IF(ORÇAMENTO.Descricao=\"\",\"DESCRIÇÃO\",IF(AND($C459=\"S\",ORÇAMENTO.Unidade=\"\"),\"UNIDADE\",IF($X459<0,\"VALOR NEGATIVO\",IF(OR(AND(TIPOORCAMENTO=\"Proposto\",$AG459<>\"\",$AG459>0,ORÇAMENTO.CustoUnitario>$AG459),AND(TIPOORCAMENTO=\"LICITADO\",ORÇAMENTO.PrecoUnitarioLicitado>$AN459)),\"ACIMA REF.\",\"\")))))","v":""},{"$f":"IF(C459<=CRONO.NivelExibicao,MAX($AD$15:OFFSET(AD459,-1,0))+IF($C459<>1,1,MAX(1,COUNTIF(QCI!$A$13:$A$32,OFFSET($E459,-1,0)))),\"\")","v":""},{"$f":"IF(AND($C459=\"S\",ORÇAMENTO.CodBarra<>\"\"),IF(ORÇAMENTO.Fonte=\"\",ORÇAMENTO.CodBarra,CONCATENATE(ORÇAMENTO.Fonte,\" \",ORÇAMENTO.CodBarra)))","v":"SINAPI 100978"},{"$f":"IF(ISERROR(INDIRECT(ORÇAMENTO.BancoRef)),\"(abra o arquivo 'Referência \"&Excel_BuiltIn_Database&\".xls)\",IF(OR($C459<>\"S\",ORÇAMENTO.CodBarra=\"\"),\"(Sem Código)\",IF(ISERROR(MATCH($AE459,INDIRECT(ORÇAMENTO.BancoRef),0)),\"(Código não identificado nas referências)\",MATCH($AE459,INDIRECT(ORÇAMENTO.BancoRef),0))))","v":"(abra o arquivo 'Referência 06-2023.xls)"},{"$f":"ROUND(IF(DESONERACAO=\"sim\",REFERENCIA.Desonerado,REFERENCIA.NaoDesonerado),2)","v":0},0.23530000000000001,null,{"$f":"AJ456+AJ457+AJ458","v":44.88},null,null,350.96,7.82]
["S",2,"S",0,{"$f":"IF($C460=1,OFFSET(E460,-1,0)+MAX(1,COUNTIF(QCI!$A$13:$A$32,OFFSET(ORÇAMENTO!E460,-1,0))),OFFSET(E460,-1,0))","v":10},5,0,0,5,0,{"$f":"IF(OR($C460=\"S\",$C460=0),0,MATCH(OFFSET($D460,0,$C460)+IF($C460<>1,1,COUNTIF(QCI!$A$13:$A$32,ORÇAMENTO!E460)),OFFSET($D460,1,$C460,ROW($C$850)-ROW($C460)),0))","v":0},"F","Serviço","Serviço","10.5.5.","SINAPI","95875","TRANSPORTE DE MATERIAL GRANULAR COM CAMINHÃO BASCULANTE, DMT = 20 KM","M3XKM",{"$f":"OFFSET(CÁLCULO!H$15,ROW($T460)-ROW(T$15),0)","v":897.6},2.23,"BDI 1",{"$f":"IF($C460=\"S\",ROUND(IF(TIPOORCAMENTO=\"Proposto\",ORÇAMENTO.CustoUnitario*(1+$AH460),ORÇAMENTO.PrecoUnitarioLicitado),15-13*$AF$10),0)","v":2.75},2468.4,"RA","RA",{"$f":"IF($C460=\"S\",IF($Z460=\"CP\",$X460,IF($Z460=\"RA\",(($X460)*QCI!$AA$3),0)),SomaAgrup)","v":2468.4},0,{"$f":"IF($N460=\"\",\"\",IF(ORÇAMENTO.Descricao=\"\",\"DESCRIÇÃO\",IF(AND($C460=\"S\",ORÇAMENTO.Unidade=\"\"),\"UNIDADE\",IF($X460<0,\"VALOR NEGATIVO\",IF(OR(AND(TIPOORCAMENTO=\"Proposto\",$AG460<>\"\",$AG460>0,ORÇAMENTO.CustoUnitario>$AG460),AND(TIPOORCAMENTO=\"LICITADO\",ORÇAMENTO.PrecoUnitarioLicitado>$AN460)),\"ACIMA REF.\",\"\")))))","v":""},{"$f":"IF(C460<=CRONO.NivelExibicao,MAX($AD$15:OFFSET(AD460,-1,0))+IF($C460<>1,1,MAX(1,COUNTIF(QCI!$A$13:$A$32,OFFSET($E460,-1,0)))),\"\")","v":""},{"$f":"IF(AND($C460=\"S\",ORÇAMENTO.CodBarra<>\"\"),IF(ORÇAMENTO.Fonte=\"\",ORÇAMENTO.CodBarra,CONCATENATE(ORÇAMENTO.Fonte,\" \",ORÇAMENTO.CodBarra)))","v":"SINAPI 95875"},{"$f":"IF(ISERROR(INDIRECT(ORÇAMENTO.BancoRef)),\"(abra o arquivo 'Referência \"&Excel_BuiltIn_Database&\".xls)\",IF(OR($C460<>\"S\",ORÇAMENTO.CodBarra=\"\"),\"(Sem Código)\",IF(ISERROR(MATCH($AE460,INDIRECT(ORÇAMENTO.BancoRef),0)),\"(Código não identificado nas referências)\",MATCH($AE460,INDIRECT(ORÇAMENTO.BancoRef),0))))","v":"(abra o arquivo 'Referência 06-2023.xls)"},{"$f":"ROUND(IF(DESONERACAO=\"sim\",REFERENCIA.Desonerado,REFERENCIA.NaoDesonerado),2)","v":0},0.23530000000000001,null,{"$f":"AJ459*20","v":897.6},null,null,2468.4,2.75]
[2,2,2,7,{"$f":"IF($C461=1,OFFSET(E461,-1,0)+MAX(1,COUNTIF(QCI!$A$13:$A$32,OFFSET(ORÇAMENTO!E461,-1,0))),OFFSET(E461,-1,0))","v":10},6,0,0,0,24,{"$f":"IF(OR($C461=\"S\",$C461=0),0,MATCH(OFFSET($D461,0,$C461)+IF($C461<>1,1,COUNTIF(QCI!$A$13:$A$32,ORÇAMENTO!E461)),OFFSET($D461,1,$C461,ROW($C$850)-ROW($C461)),0))","v":7},"F","Nível 2","Nível 2","10.6.","SINAPI",null,"BASE E SUB-BASE","-",{"$f":"OFFSET(CÁLCULO!H$15,ROW($T461)-ROW(T$15),0)","v":0},0,"BDI 1",{"$f":"IF($C461=\"S\",ROUND(IF(TIPOORCAMENTO=\"Proposto\",ORÇAMENTO.CustoUnitario*(1+$AH461),ORÇAMENTO.PrecoUnitarioLicitado),15-13*$AF$10),0)","v":0},7453.49,"RA","",{"$f":"IF($C461=\"S\",IF($Z461=\"CP\",$X461,IF($Z461=\"RA\",(($X461)*QCI!$AA$3),0)),SomaAgrup)","v":7453.4900000000007},0,{"$f":"IF($N461=\"\",\"\",IF(ORÇAMENTO.Descricao=\"\",\"DESCRIÇÃO\",IF(AND($C461=\"S\",ORÇAMENTO.Unidade=\"\"),\"UNIDADE\",IF($X461<0,\"VALOR NEGATIVO\",IF(OR(AND(TIPOORCAMENTO=\"Proposto\",$AG461<>\"\",$AG461>0,ORÇAMENTO.CustoUnitario>$AG461),AND(TIPOORCAMENTO=\"LICITADO\",ORÇAMENTO.PrecoUnitarioLicitado>$AN461)),\"ACIMA REF.\",\"\")))))","v":""},{"$f":"IF(C461<=CRONO.NivelExibicao,MAX($AD$15:OFFSET(AD461,-1,0))+IF($C461<>1,1,MAX(1,COUNTIF(QCI!$A$13:$A$32,OFFSET($E461,-1,0)))),\"\")","v":""},{"$f":"IF(AND($C461=\"S\",ORÇAMENTO.CodBarra<>\"\"),IF(ORÇAMENTO.Fonte=\"\",ORÇAMENTO.CodBarra,CONCATENATE(ORÇAMENTO.Fonte,\" \",ORÇAMENTO.CodBarra)))","v":false},{"$f":"IF(ISERROR(INDIRECT(ORÇAMENTO.BancoRef)),\"(abra o arquivo 'Referência \"&Excel_BuiltIn_Database&\".xls)\",IF(OR($C461<>\"S\",ORÇAMENTO.CodBarra=\"\"),\"(Sem Código)\",IF(ISERROR(MATCH($AE461,INDIRECT(ORÇAMENTO.BancoRef),0)),\"(Código não identificado nas referências)\",MATCH($AE461,INDIRECT(ORÇAMENTO.BancoRef),0))))","v":"(abra o arquivo 'Referência 06-2023.xls)"},{"$f":"ROUND(IF(DESONERACAO=\"sim\",REFERENCIA.Desonerado,REFERENCIA.NaoDesonerado),2)","v":0},0.23530000000000001,null,null,null,null,7453.49,0]
["S",2,"S",0,{"$f":"IF($C462=1,OFFSET(E462,-1,0)+MAX(1,COUNTIF(QCI!$A$13:$A$32,OFFSET(ORÇAMENTO!E462,-1,0))),OFFSET(E462,-1,0))","v":10},6,0,0,1,0,{"$f":"IF(OR($C462=\"S\",$C462=0),0,MATCH(OFFSET($D462,0,$C462)+IF($C462<>1,1,COUNTIF(QCI!$A$13:$A$32,ORÇAMENTO!E462)),OFFSET($D462,1,$C462,ROW($C$850)-ROW($C462)),0))","v":0},"F","Serviço","Serviço","10.6.1.","SINAPI","96396","EXECUÇÃO E COMPACTAÇÃO DE BASE PARA PAVIMENTAÇÃO, DE BRITA GRADUADA SIMPLES - EXCLUSIVE CARGA E TRANSPORTE","M3",{"$f":"OFFSET(CÁLCULO!H$15,ROW($T462)-ROW(T$15),0)","v":12.98},181.41,"BDI 1",{"$f":"IF($C462=\"S\",ROUND(IF(TIPOORCAMENTO=\"Proposto\",ORÇAMENTO.CustoUnitario*(1+$AH462),ORÇAMENTO.PrecoUnitarioLicitado),15-13*$AF$10),0)","v":224.1},2908.82,"RA","RA",{"$f":"IF($C462=\"S\",IF($Z462=\"CP\",$X462,IF($Z462=\"RA\",(($X462)*QCI!$AA$3),0)),SomaAgrup)","v":2908.82},0,{"$f":"IF($N462=\"\",\"\",IF(ORÇAMENTO.Descricao=\"\",\"DESCRIÇÃO\",IF(AND($C462=\"S\",ORÇAMENTO.Unidade=\"\"),\"UNIDADE\",IF($X462<0,\"VALOR NEGATIVO\",IF(OR(AND(TIPOORCAMENTO=\"Proposto\",$AG462<>\"\",$AG462>0,ORÇAMENTO.CustoUnitario>$AG462),AND(TIPOORCAMENTO=\"LICITADO\",ORÇAMENTO.PrecoUnitarioLicitado>$AN462)),\"ACIMA REF.\",\"\")))))","v":""},{"$f":"IF(C462<=CRONO.NivelExibicao,MAX($AD$15:OFFSET(AD462,-1,0))+IF($C462<>1,1,MAX(1,COUNTIF(QCI!$A$13:$A$32,OFFSET($E462,-1,0)))),\"\")","v":""},{"$f":"IF(AND($C462=\"S\",ORÇAMENTO.CodBarra<>\"\"),IF(ORÇAMENTO.Fonte=\"\",ORÇAMENTO.CodBarra,CONCATENATE(ORÇAMENTO.Fonte,\" \",ORÇAMENTO.CodBarra)))","v":"SINAPI 96396"},{"$f":"IF(ISERROR(INDIRECT(ORÇAMENTO.BancoRef)),\"(abra o arquivo 'Referência \"&Excel_BuiltIn_Database&\".xls)\",IF(OR($C462<>\"S\",ORÇAMENTO.CodBarra=\"\"),\"(Sem Código)\",IF(ISERROR(MATCH($AE462,INDIRECT(ORÇAMENTO.BancoRef),0)),\"(Código não identificado nas referências)\",MATCH($AE462,INDIRECT(ORÇAMENTO.BancoRef),0))))","v":"(abra o arquivo 'Referência 06-2023.xls)"},{"$f":"ROUND(IF(DESONERACAO=\"sim\",REFERENCIA.Desonerado,REFERENCIA.NaoDesonerado),2)","v":0},0.23530000000000001,null,{"$f":"86.5*0.15","v":12.975},null,null,2908.82,224.1]
["S",2,"S",0,{"$f":"IF($C463=1,OFFSET(E463,-1,0)+MAX(1,COUNTIF(QCI!$A$13:$A$32,OFFSET(ORÇAMENTO!E463,-1,0))),OFFSET(E463,-1,0))","v":10},6,0,0,2,0,{"$f":"IF(OR($C463=\"S\",$C463=0),0,MATCH(OFFSET($D463,0,$C463)+IF($C463<>1,1,COUNTIF(QCI!$A$13:$A$32,ORÇAMENTO!E463)),OFFSET($D463,1,$C463,ROW($C$850)-ROW($C463)),0))","v":0},"F","Serviço","Serviço","10.6.2.","SINAPI","100978","CARGA, MANOBRA E DESCARGA DE MATERIAL GRANULAR EM CAMINHÃO BASCULANTE - CARGA COM ESCAVADEIRA HIDRÁULICA","M3",{"$f":"OFFSET(CÁLCULO!H$15,ROW($T463)-ROW(T$15),0)","v":12.98},6.33,"BDI 1",{"$f":"IF($C463=\"S\",ROUND(IF(TIPOORCAMENTO=\"Proposto\",ORÇAMENTO.CustoUnitario*(1+$AH463),ORÇAMENTO.PrecoUnitarioLicitado),15-13*$AF$10),0)","v":7.82},101.5,"RA","RA",{"$f":"IF($C463=\"S\",IF($Z463=\"CP\",$X463,IF($Z463=\"RA\",(($X463)*QCI!$AA$3),0)),SomaAgrup)","v":101.5},0,{"$f":"IF($N463=\"\",\"\",IF(ORÇAMENTO.Descricao=\"\",\"DESCRIÇÃO\",IF(AND($C463=\"S\",ORÇAMENTO.Unidade=\"\"),\"UNIDADE\",IF($X463<0,\"VALOR NEGATIVO\",IF(OR(AND(TIPOORCAMENTO=\"Proposto\",$AG463<>\"\",$AG463>0,ORÇAMENTO.CustoUnitario>$AG463),AND(TIPOORCAMENTO=\"LICITADO\",ORÇAMENTO.PrecoUnitarioLicitado>$AN463)),\"ACIMA REF.\",\"\")))))","v":""},{"$f":"IF(C463<=CRONO.NivelExibicao,MAX($AD$15:OFFSET(AD463,-1,0))+IF($C463<>1,1,MAX(1,COUNTIF(QCI!$A$13:$A$32,OFFSET($E463,-1,0)))),\"\")","v":""},{"$f":"IF(AND($C463=\"S\",ORÇAMENTO.CodBarra<>\"\"),IF(ORÇAMENTO.Fonte=\"\",ORÇAMENTO.CodBarra,CONCATENATE(ORÇAMENTO.Fonte,\" \",ORÇAMENTO.CodBarra)))","v":"SINAPI 100978"},{"$f":"IF(ISERROR(INDIRECT(ORÇAMENTO.BancoRef)),\"(abra o arquivo 'Referência \"&Excel_BuiltIn_Database&\".xls)\",IF(OR($C463<>\"S\",ORÇAMENTO.CodBarra=\"\"),\"(Sem Código)\",IF(ISERROR(MATCH($AE463,INDIRECT(ORÇAMENTO.BancoRef),0)),\"(Código não identificado nas referências)\",MATCH($AE463,INDIRECT(ORÇAMENTO.BancoRef),0))))","v":"(abra o arquivo 'Referência 06-2023.xls)"},{"$f":"ROUND(IF(DESONERACAO=\"sim\",REFERENCIA.Desonerado,REFERENCIA.NaoDesonerado),2)","v":0},0.23530000000000001,null,{"$f":"AJ462","v":12.975},null,null,101.5,7.82]
["S",2,"S",0,{"$f":"IF($C464=1,OFFSET(E464,-1,0)+MAX(1,COUNTIF(QCI!$A$13:$A$32,OFFSET(ORÇAMENTO!E464,-1,0))),OFFSET(E464,-1,0))","v":10},6,0,0,3,{"$f":"IF(OR($C464=\"S\",$C464=0),0,MATCH(0,OFFSET($D464,1,$C464,ROW($C$850)-ROW($C464)),0))","v":0},{"$f":"IF(OR($C464=\"S\",$C464=0),0,MATCH(OFFSET($D464,0,$C464)+IF($C464<>1,1,COUNTIF(QCI!$A$13:$A$32,ORÇAMENTO!E464)),OFFSET($D464,1,$C464,ROW($C$850)-ROW($C464)),0))","v":0},"F","Serviço","Serviço","10.6.3.","SINAPI","95875","TRANSPORTE DE MATERIAL GRANULAR COM CAMINHÃO BASCULANTE, DMT = 20 KM","M3XKM",{"$f":"OFFSET(CÁLCULO!H$15,ROW($T464)-ROW(T$15),0)","v":259.5},2.23,"BDI 1",{"$f":"IF($C464=\"S\",ROUND(IF(TIPOORCAMENTO=\"Proposto\",ORÇAMENTO.CustoUnitario*(1+$AH464),ORÇAMENTO.PrecoUnitarioLicitado),15-13*$AF$10),0)","v":2.75},713.63,"RA","RA",{"$f":"IF($C464=\"S\",IF($Z464=\"CP\",$X464,IF($Z464=\"RA\",(($X464)*QCI!$AA$3),0)),SomaAgrup)","v":713.63},0,{"$f":"IF($N464=\"\",\"\",IF(ORÇAMENTO.Descricao=\"\",\"DESCRIÇÃO\",IF(AND($C464=\"S\",ORÇAMENTO.Unidade=\"\"),\"UNIDADE\",IF($X464<0,\"VALOR NEGATIVO\",IF(OR(AND(TIPOORCAMENTO=\"Proposto\",$AG464<>\"\",$AG464>0,ORÇAMENTO.CustoUnitario>$AG464),AND(TIPOORCAMENTO=\"LICITADO\",ORÇAMENTO.PrecoUnitarioLicitado>$AN464)),\"ACIMA REF.\",\"\")))))","v":""},{"$f":"IF(C464<=CRONO.NivelExibicao,MAX($AD$15:OFFSET(AD464,-1,0))+IF($C464<>1,1,MAX(1,COUNTIF(QCI!$A$13:$A$32,OFFSET($E464,-1,0)))),\"\")","v":""},{"$f":"IF(AND($C464=\"S\",ORÇAMENTO.CodBarra<>\"\"),IF(ORÇAMENTO.Fonte=\"\",ORÇAMENTO.CodBarra,CONCATENATE(ORÇAMENTO.Fonte,\" \",ORÇAMENTO.CodBarra)))","v":"SINAPI 95875"},{"$f":"IF(ISERROR(INDIRECT(ORÇAMENTO.BancoRef)),\"(abra o arquivo 'Referência \"&Excel_BuiltIn_Database&\".xls)\",IF(OR($C464<>\"S\",ORÇAMENTO.CodBarra=\"\"),\"(Sem Código)\",IF(ISERROR(MATCH($AE464,INDIRECT(ORÇAMENTO.BancoRef),0)),\"(Código não identificado nas referências)\",MATCH($AE464,INDIRECT(ORÇAMENTO.BancoRef),0))))","v":"(abra o arquivo 'Referência 06-2023.xls)"},{"$f":"ROUND(IF(DESONERACAO=\"sim\",REFERENCIA.Desonerado,REFERENCIA.NaoDesonerado),2)","v":0},0.23530000000000001,null,{"$f":"AJ463*20","v":259.5},null,null,713.63,2.75]
["S",2,"S",0,{"$f":"IF($C465=1,OFFSET(E465,-1,0)+MAX(1,COUNTIF(QCI!$A$13:$A$32,OFFSET(ORÇAMENTO!E465,-1,0))),OFFSET(E465,-1,0))","v":10},6,0,0,4,0,{"$f":"IF(OR($C465=\"S\",$C465=0),0,MATCH(OFFSET($D465,0,$C465)+IF($C465<>1,1,COUNTIF(QCI!$A$13:$A$32,ORÇAMENTO!E465)),OFFSET($D465,1,$C465,ROW($C$850)-ROW($C465)),0))","v":0},"F","Serviço","Serviço","10.6.4.","SINAPI","96399","EXECUÇÃO E COMPACTAÇÃO DE BASE E OU SUB BASE PARA PAVIMENTAÇÃO DE PEDRA RACHÃO  - EXCLUSIVE CARGA E TRANSPORTE. AF_11/2019","M3",{"$f":"OFFSET(CÁLCULO!H$15,ROW($T465)-ROW(T$15),0)","v":17.3},123.66,"BDI 1",{"$f":"IF($C465=\"S\",ROUND(IF(TIPOORCAMENTO=\"Proposto\",ORÇAMENTO.CustoUnitario*(1+$AH465),ORÇAMENTO.PrecoUnitarioLicitado),15-13*$AF$10),0)","v":152.76},2642.75,"RA","RA",{"$f":"IF($C465=\"S\",IF($Z465=\"CP\",$X465,IF($Z465=\"RA\",(($X465)*QCI!$AA$3),0)),SomaAgrup)","v":2642.75},0,{"$f":"IF($N465=\"\",\"\",IF(ORÇAMENTO.Descricao=\"\",\"DESCRIÇÃO\",IF(AND($C465=\"S\",ORÇAMENTO.Unidade=\"\"),\"UNIDADE\",IF($X465<0,\"VALOR NEGATIVO\",IF(OR(AND(TIPOORCAMENTO=\"Proposto\",$AG465<>\"\",$AG465>0,ORÇAMENTO.CustoUnitario>$AG465),AND(TIPOORCAMENTO=\"LICITADO\",ORÇAMENTO.PrecoUnitarioLicitado>$AN465)),\"ACIMA REF.\",\"\")))))","v":""},{"$f":"IF(C465<=CRONO.NivelExibicao,MAX($AD$15:OFFSET(AD465,-1,0))+IF($C465<>1,1,MAX(1,COUNTIF(QCI!$A$13:$A$32,OFFSET($E465,-1,0)))),\"\")","v":""},{"$f":"IF(AND($C465=\"S\",ORÇAMENTO.CodBarra<>\"\"),IF(ORÇAMENTO.Fonte=\"\",ORÇAMENTO.CodBarra,CONCATENATE(ORÇAMENTO.Fonte,\" \",ORÇAMENTO.CodBarra)))","v":"SINAPI 96399"},{"$f":"IF(ISERROR(INDIRECT(ORÇAMENTO.BancoRef)),\"(abra o arquivo 'Referência \"&Excel_BuiltIn_Database&\".xls)\",IF(OR($C465<>\"S\",ORÇAMENTO.CodBarra=\"\"),\"(Sem Código)\",IF(ISERROR(MATCH($AE465,INDIRECT(ORÇAMENTO.BancoRef),0)),\"(Código não identificado nas referências)\",MATCH($AE465,INDIRECT(ORÇAMENTO.BancoRef),0))))","v":"(abra o arquivo 'Referência 06-2023.xls)"},{"$f":"ROUND(IF(DESONERACAO=\"sim\",REFERENCIA.Desonerado,REFERENCIA.NaoDesonerado),2)","v":0},0.23530000000000001,null,{"$f":"86.5*0.2","v":17.3},null,null,2642.75,152.76]
["S",2,"S",0,{"$f":"IF($C466=1,OFFSET(E466,-1,0)+MAX(1,COUNTIF(QCI!$A$13:$A$32,OFFSET(ORÇAMENTO!E466,-1,0))),OFFSET(E466,-1,0))","v":10},6,0,0,5,0,{"$f":"IF(OR($C466=\"S\",$C466=0),0,MATCH(OFFSET($D466,0,$C466)+IF($C466<>1,1,COUNTIF(QCI!$A$13:$A$32,ORÇAMENTO!E466)),OFFSET($D466,1,$C466,ROW($C$850)-ROW($C466)),0))","v":0},"F","Serviço","Serviço","10.6.5.","SINAPI","100978","CARGA, MANOBRA E DESCARGA DE MATERIAL GRANULAR EM CAMINHÃO BASCULANTE - CARGA COM ESCAVADEIRA HIDRÁULICA","M3",{"$f":"OFFSET(CÁLCULO!H$15,ROW($T466)-ROW(T$15),0)","v":17.3},6.33,"BDI 1",{"$f":"IF($C466=\"S\",ROUND(IF(TIPOORCAMENTO=\"Proposto\",ORÇAMENTO.CustoUnitario*(1+$AH466),ORÇAMENTO.PrecoUnitarioLicitado),15-13*$AF$10),0)","v":7.82},135.29,"RA","RA",{"$f":"IF($C466=\"S\",IF($Z466=\"CP\",$X466,IF($Z466=\"RA\",(($X466)*QCI!$AA$3),0)),SomaAgrup)","v":135.29},0,{"$f":"IF($N466=\"\",\"\",IF(ORÇAMENTO.Descricao=\"\",\"DESCRIÇÃO\",IF(AND($C466=\"S\",ORÇAMENTO.Unidade=\"\"),\"UNIDADE\",IF($X466<0,\"VALOR NEGATIVO\",IF(OR(AND(TIPOORCAMENTO=\"Proposto\",$AG466<>\"\",$AG466>0,ORÇAMENTO.CustoUnitario>$AG466),AND(TIPOORCAMENTO=\"LICITADO\",ORÇAMENTO.PrecoUnitarioLicitado>$AN466)),\"ACIMA REF.\",\"\")))))","v":""},{"$f":"IF(C466<=CRONO.NivelExibicao,MAX($AD$15:OFFSET(AD466,-1,0))+IF($C466<>1,1,MAX(1,COUNTIF(QCI!$A$13:$A$32,OFFSET($E466,-1,0)))),\"\")","v":""},{"$f":"IF(AND($C466=\"S\",ORÇAMENTO.CodBarra<>\"\"),IF(ORÇAMENTO.Fonte=\"\",ORÇAMENTO.CodBarra,CONCATENATE(ORÇAMENTO.Fonte,\" \",ORÇAMENTO.CodBarra)))","v":"SINAPI 100978"},{"$f":"IF(ISERROR(INDIRECT(ORÇAMENTO.BancoRef)),\"(abra o arquivo 'Referência \"&Excel_BuiltIn_Database&\".xls)\",IF(OR($C466<>\"S\",ORÇAMENTO.CodBarra=\"\"),\"(Sem Código)\",IF(ISERROR(MATCH($AE466,INDIRECT(ORÇAMENTO.BancoRef),0)),\"(Código não identificado nas referências)\",MATCH($AE466,INDIRECT(ORÇAMENTO.BancoRef),0))))","v":"(abra o arquivo 'Referência 06-2023.xls)"},{"$f":"ROUND(IF(DESONERACAO=\"sim\",REFERENCIA.Desonerado,REFERENCIA.NaoDesonerado),2)","v":0},0.23530000000000001,null,{"$f":"AJ465","v":17.3},null,null,135.29,7.82]
["S",2,"S",0,{"$f":"IF($C467=1,OFFSET(E467,-1,0)+MAX(1,COUNTIF(QCI!$A$13:$A$32,OFFSET(ORÇAMENTO!E467,-1,0))),OFFSET(E467,-1,0))","v":10},6,0,0,6,0,{"$f":"IF(OR($C467=\"S\",$C467=0),0,MATCH(OFFSET($D467,0,$C467)+IF($C467<>1,1,COUNTIF(QCI!$A$13:$A$32,ORÇAMENTO!E467)),OFFSET($D467,1,$C467,ROW($C$850)-ROW($C467)),0))","v":0},"F","Serviço","Serviço","10.6.6.","SINAPI","95875","TRANSPORTE DE MATERIAL GRANULAR COM CAMINHÃO BASCULANTE, DMT = 20 KM","M3XKM",{"$f":"OFFSET(CÁLCULO!H$15,ROW($T467)-ROW(T$15),0)","v":346},2.23,"BDI 1",{"$f":"IF($C467=\"S\",ROUND(IF(TIPOORCAMENTO=\"Proposto\",ORÇAMENTO.CustoUnitario*(1+$AH467),ORÇAMENTO.PrecoUnitarioLicitado),15-13*$AF$10),0)","v":2.75},951.5,"RA","RA",{"$f":"IF($C467=\"S\",IF($Z467=\"CP\",$X467,IF($Z467=\"RA\",(($X467)*QCI!$AA$3),0)),SomaAgrup)","v":951.5},0,{"$f":"IF($N467=\"\",\"\",IF(ORÇAMENTO.Descricao=\"\",\"DESCRIÇÃO\",IF(AND($C467=\"S\",ORÇAMENTO.Unidade=\"\"),\"UNIDADE\",IF($X467<0,\"VALOR NEGATIVO\",IF(OR(AND(TIPOORCAMENTO=\"Proposto\",$AG467<>\"\",$AG467>0,ORÇAMENTO.CustoUnitario>$AG467),AND(TIPOORCAMENTO=\"LICITADO\",ORÇAMENTO.PrecoUnitarioLicitado>$AN467)),\"ACIMA REF.\",\"\")))))","v":""},{"$f":"IF(C467<=CRONO.NivelExibicao,MAX($AD$15:OFFSET(AD467,-1,0))+IF($C467<>1,1,MAX(1,COUNTIF(QCI!$A$13:$A$32,OFFSET($E467,-1,0)))),\"\")","v":""},{"$f":"IF(AND($C467=\"S\",ORÇAMENTO.CodBarra<>\"\"),IF(ORÇAMENTO.Fonte=\"\",ORÇAMENTO.CodBarra,CONCATENATE(ORÇAMENTO.Fonte,\" \",ORÇAMENTO.CodBarra)))","v":"SINAPI 95875"},{"$f":"IF(ISERROR(INDIRECT(ORÇAMENTO.BancoRef)),\"(abra o arquivo 'Referência \"&Excel_BuiltIn_Database&\".xls)\",IF(OR($C467<>\"S\",ORÇAMENTO.CodBarra=\"\"),\"(Sem Código)\",IF(ISERROR(MATCH($AE467,INDIRECT(ORÇAMENTO.BancoRef),0)),\"(Código não identificado nas referências)\",MATCH($AE467,INDIRECT(ORÇAMENTO.BancoRef),0))))","v":"(abra o arquivo 'Referência 06-2023.xls)"},{"$f":"ROUND(IF(DESONERACAO=\"sim\",REFERENCIA.Desonerado,REFERENCIA.NaoDesonerado),2)","v":0},0.23530000000000001,null,{"$f":"AJ466*20","v":346},null,null,951.5,2.75]
[2,2,2,8,{"$f":"IF($C468=1,OFFSET(E468,-1,0)+MAX(1,COUNTIF(QCI!$A$13:$A$32,OFFSET(ORÇAMENTO!E468,-1,0))),OFFSET(E468,-1,0))","v":10},7,0,0,0,17,{"$f":"IF(OR($C468=\"S\",$C468=0),0,MATCH(OFFSET($D468,0,$C468)+IF($C468<>1,1,COUNTIF(QCI!$A$13:$A$32,ORÇAMENTO!E468)),OFFSET($D468,1,$C468,ROW($C$850)-ROW($C468)),0))","v":8},"F","Nível 2","Nível 2","10.7.","SINAPI",null,"PAVIMENTAÇÃO EM ASFALTO C.A.U.Q.","-",{"$f":"OFFSET(CÁLCULO!H$15,ROW($T468)-ROW(T$15),0)","v":0},0,"BDI 1",{"$f":"IF($C468=\"S\",ROUND(IF(TIPOORCAMENTO=\"Proposto\",ORÇAMENTO.CustoUnitario*(1+$AH468),ORÇAMENTO.PrecoUnitarioLicitado),15-13*$AF$10),0)","v":0},414286.21,"RA","",{"$f":"IF($C468=\"S\",IF($Z468=\"CP\",$X468,IF($Z468=\"RA\",(($X468)*QCI!$AA$3),0)),SomaAgrup)","v":414286.2099999999},0,{"$f":"IF($N468=\"\",\"\",IF(ORÇAMENTO.Descricao=\"\",\"DESCRIÇÃO\",IF(AND($C468=\"S\",ORÇAMENTO.Unidade=\"\"),\"UNIDADE\",IF($X468<0,\"VALOR NEGATIVO\",IF(OR(AND(TIPOORCAMENTO=\"Proposto\",$AG468<>\"\",$AG468>0,ORÇAMENTO.CustoUnitario>$AG468),AND(TIPOORCAMENTO=\"LICITADO\",ORÇAMENTO.PrecoUnitarioLicitado>$AN468)),\"ACIMA REF.\",\"\")))))","v":""},{"$f":"IF(C468<=CRONO.NivelExibicao,MAX($AD$15:OFFSET(AD468,-1,0))+IF($C468<>1,1,MAX(1,COUNTIF(QCI!$A$13:$A$32,OFFSET($E468,-1,0)))),\"\")","v":""},{"$f":"IF(AND($C468=\"S\",ORÇAMENTO.CodBarra<>\"\"),IF(ORÇAMENTO.Fonte=\"\",ORÇAMENTO.CodBarra,CONCATENATE(ORÇAMENTO.Fonte,\" \",ORÇAMENTO.CodBarra)))","v":false},{"$f":"IF(ISERROR(INDIRECT(ORÇAMENTO.BancoRef)),\"(abra o arquivo 'Referência \"&Excel_BuiltIn_Database&\".xls)\",IF(OR($C468<>\"S\",ORÇAMENTO.CodBarra=\"\"),\"(Sem Código)\",IF(ISERROR(MATCH($AE468,INDIRECT(ORÇAMENTO.BancoRef),0)),\"(Código não identificado nas referências)\",MATCH($AE468,INDIRECT(ORÇAMENTO.BancoRef),0))))","v":"(abra o arquivo 'Referência 06-2023.xls)"},{"$f":"ROUND(IF(DESONERACAO=\"sim\",REFERENCIA.Desonerado,REFERENCIA.NaoDesonerado),2)","v":0},0.23530000000000001,null,{"$f":"AJ467*20","v":6920},null,null,414286.21,0]
["S",2,"S",0,{"$f":"IF($C469=1,OFFSET(E469,-1,0)+MAX(1,COUNTIF(QCI!$A$13:$A$32,OFFSET(ORÇAMENTO!E469,-1,0))),OFFSET(E469,-1,0))","v":10},7,0,0,1,0,{"$f":"IF(OR($C469=\"S\",$C469=0),0,MATCH(OFFSET($D469,0,$C469)+IF($C469<>1,1,COUNTIF(QCI!$A$13:$A$32,ORÇAMENTO!E469)),OFFSET($D469,1,$C469,ROW($C$850)-ROW($C469)),0))","v":0},"F","Serviço","Serviço","10.7.1.","AMMOC","CM30","EXECUÇÃO DE IMPRIMAÇÃO COM ASFALTO DILUÍDO CM-30","M2",{"$f":"OFFSET(CÁLCULO!H$15,ROW($T469)-ROW(T$15),0)","v":86.5},7.48,"BDI 1",{"$f":"IF($C469=\"S\",ROUND(IF(TIPOORCAMENTO=\"Proposto\",ORÇAMENTO.CustoUnitario*(1+$AH469),ORÇAMENTO.PrecoUnitarioLicitado),15-13*$AF$10),0)","v":9.24},799.26,"RA","RA",{"$f":"IF($C469=\"S\",IF($Z469=\"CP\",$X469,IF($Z469=\"RA\",(($X469)*QCI!$AA$3),0)),SomaAgrup)","v":799.26},0,{"$f":"IF($N469=\"\",\"\",IF(ORÇAMENTO.Descricao=\"\",\"DESCRIÇÃO\",IF(AND($C469=\"S\",ORÇAMENTO.Unidade=\"\"),\"UNIDADE\",IF($X469<0,\"VALOR NEGATIVO\",IF(OR(AND(TIPOORCAMENTO=\"Proposto\",$AG469<>\"\",$AG469>0,ORÇAMENTO.CustoUnitario>$AG469),AND(TIPOORCAMENTO=\"LICITADO\",ORÇAMENTO.PrecoUnitarioLicitado>$AN469)),\"ACIMA REF.\",\"\")))))","v":""},{"$f":"IF(C469<=CRONO.NivelExibicao,MAX($AD$15:OFFSET(AD469,-1,0))+IF($C469<>1,1,MAX(1,COUNTIF(QCI!$A$13:$A$32,OFFSET($E469,-1,0)))),\"\")","v":""},{"$f":"IF(AND($C469=\"S\",ORÇAMENTO.CodBarra<>\"\"),IF(ORÇAMENTO.Fonte=\"\",ORÇAMENTO.CodBarra,CONCATENATE(ORÇAMENTO.Fonte,\" \",ORÇAMENTO.CodBarra)))","v":"AMMOC CM30"},{"$f":"IF(ISERROR(INDIRECT(ORÇAMENTO.BancoRef)),\"(abra o arquivo 'Referência \"&Excel_BuiltIn_Database&\".xls)\",IF(OR($C469<>\"S\",ORÇAMENTO.CodBarra=\"\"),\"(Sem Código)\",IF(ISERROR(MATCH($AE469,INDIRECT(ORÇAMENTO.BancoRef),0)),\"(Código não identificado nas referências)\",MATCH($AE469,INDIRECT(ORÇAMENTO.BancoRef),0))))","v":"(abra o arquivo 'Referência 06-2023.xls)"},{"$f":"ROUND(IF(DESONERACAO=\"sim\",REFERENCIA.Desonerado,REFERENCIA.NaoDesonerado),2)","v":0},0.23530000000000001,null,86.5,null,null,799.26,9.24]
["S",2,"S",0,{"$f":"IF($C470=1,OFFSET(E470,-1,0)+MAX(1,COUNTIF(QCI!$A$13:$A$32,OFFSET(ORÇAMENTO!E470,-1,0))),OFFSET(E470,-1,0))","v":10},7,0,0,2,0,{"$f":"IF(OR($C470=\"S\",$C470=0),0,MATCH(OFFSET($D470,0,$C470)+IF($C470<>1,1,COUNTIF(QCI!$A$13:$A$32,ORÇAMENTO!E470)),OFFSET($D470,1,$C470,ROW($C$850)-ROW($C470)),0))","v":0},"F","Serviço","Serviço","10.7.2.","SINAPI","102332","TRANSPORTE COM CAMINHÃO TANQUE DE MATERIAL ASFÁLTICO, DMT = 20 KM","TXKM",{"$f":"OFFSET(CÁLCULO!H$15,ROW($T470)-ROW(T$15),0)","v":1.73},1.64,"BDI 1",{"$f":"IF($C470=\"S\",ROUND(IF(TIPOORCAMENTO=\"Proposto\",ORÇAMENTO.CustoUnitario*(1+$AH470),ORÇAMENTO.PrecoUnitarioLicitado),15-13*$AF$10),0)","v":2.0299999999999998},3.51,"RA","RA",{"$f":"IF($C470=\"S\",IF($Z470=\"CP\",$X470,IF($Z470=\"RA\",(($X470)*QCI!$AA$3),0)),SomaAgrup)","v":3.51},0,{"$f":"IF($N470=\"\",\"\",IF(ORÇAMENTO.Descricao=\"\",\"DESCRIÇÃO\",IF(AND($C470=\"S\",ORÇAMENTO.Unidade=\"\"),\"UNIDADE\",IF($X470<0,\"VALOR NEGATIVO\",IF(OR(AND(TIPOORCAMENTO=\"Proposto\",$AG470<>\"\",$AG470>0,ORÇAMENTO.CustoUnitario>$AG470),AND(TIPOORCAMENTO=\"LICITADO\",ORÇAMENTO.PrecoUnitarioLicitado>$AN470)),\"ACIMA REF.\",\"\")))))","v":""},{"$f":"IF(C470<=CRONO.NivelExibicao,MAX($AD$15:OFFSET(AD470,-1,0))+IF($C470<>1,1,MAX(1,COUNTIF(QCI!$A$13:$A$32,OFFSET($E470,-1,0)))),\"\")","v":""},{"$f":"IF(AND($C470=\"S\",ORÇAMENTO.CodBarra<>\"\"),IF(ORÇAMENTO.Fonte=\"\",ORÇAMENTO.CodBarra,CONCATENATE(ORÇAMENTO.Fonte,\" \",ORÇAMENTO.CodBarra)))","v":"SINAPI 102332"},{"$f":"IF(ISERROR(INDIRECT(ORÇAMENTO.BancoRef)),\"(abra o arquivo 'Referência \"&Excel_BuiltIn_Database&\".xls)\",IF(OR($C470<>\"S\",ORÇAMENTO.CodBarra=\"\"),\"(Sem Código)\",IF(ISERROR(MATCH($AE470,INDIRECT(ORÇAMENTO.BancoRef),0)),\"(Código não identificado nas referências)\",MATCH($AE470,INDIRECT(ORÇAMENTO.BancoRef),0))))","v":"(abra o arquivo 'Referência 06-2023.xls)"},{"$f":"ROUND(IF(DESONERACAO=\"sim\",REFERENCIA.Desonerado,REFERENCIA.NaoDesonerado),2)","v":0},0.23530000000000001,null,{"$f":"AJ469*20/1000","v":1.73},null,null,3.51,2.0299999999999998]
["S",2,"S",0,{"$f":"IF($C471=1,OFFSET(E471,-1,0)+MAX(1,COUNTIF(QCI!$A$13:$A$32,OFFSET(ORÇAMENTO!E471,-1,0))),OFFSET(E471,-1,0))","v":10},7,0,0,3,0,{"$f":"IF(OR($C471=\"S\",$C471=0),0,MATCH(OFFSET($D471,0,$C471)+IF($C471<>1,1,COUNTIF(QCI!$A$13:$A$32,ORÇAMENTO!E471)),OFFSET($D471,1,$C471,ROW($C$850)-ROW($C471)),0))","v":0},"F","Serviço","Serviço","10.7.3.","AMMOC","RR-2C","PINTURA DE LIGAÇÃO COM EMULSÃO RR-2C","M2",{"$f":"OFFSET(CÁLCULO!H$15,ROW($T471)-ROW(T$15),0)","v":6459.85},2.54,"BDI 1",{"$f":"IF($C471=\"S\",ROUND(IF(TIPOORCAMENTO=\"Proposto\",ORÇAMENTO.CustoUnitario*(1+$AH471),ORÇAMENTO.PrecoUnitarioLicitado),15-13*$AF$10),0)","v":3.14},20283.93,"RA","RA",{"$f":"IF($C471=\"S\",IF($Z471=\"CP\",$X471,IF($Z471=\"RA\",(($X471)*QCI!$AA$3),0)),SomaAgrup)","v":20283.93},0,{"$f":"IF($N471=\"\",\"\",IF(ORÇAMENTO.Descricao=\"\",\"DESCRIÇÃO\",IF(AND($C471=\"S\",ORÇAMENTO.Unidade=\"\"),\"UNIDADE\",IF($X471<0,\"VALOR NEGATIVO\",IF(OR(AND(TIPOORCAMENTO=\"Proposto\",$AG471<>\"\",$AG471>0,ORÇAMENTO.CustoUnitario>$AG471),AND(TIPOORCAMENTO=\"LICITADO\",ORÇAMENTO.PrecoUnitarioLicitado>$AN471)),\"ACIMA REF.\",\"\")))))","v":""},{"$f":"IF(C471<=CRONO.NivelExibicao,MAX($AD$15:OFFSET(AD471,-1,0))+IF($C471<>1,1,MAX(1,COUNTIF(QCI!$A$13:$A$32,OFFSET($E471,-1,0)))),\"\")","v":""},{"$f":"IF(AND($C471=\"S\",ORÇAMENTO.CodBarra<>\"\"),IF(ORÇAMENTO.Fonte=\"\",ORÇAMENTO.CodBarra,CONCATENATE(ORÇAMENTO.Fonte,\" \",ORÇAMENTO.CodBarra)))","v":"AMMOC RR-2C"},{"$f":"IF(ISERROR(INDIRECT(ORÇAMENTO.BancoRef)),\"(abra o arquivo 'Referência \"&Excel_BuiltIn_Database&\".xls)\",IF(OR($C471<>\"S\",ORÇAMENTO.CodBarra=\"\"),\"(Sem Código)\",IF(ISERROR(MATCH($AE471,INDIRECT(ORÇAMENTO.BancoRef),0)),\"(Código não identificado nas referências)\",MATCH($AE471,INDIRECT(ORÇAMENTO.BancoRef),0))))","v":"(abra o arquivo 'Referência 06-2023.xls)"},{"$f":"ROUND(IF(DESONERACAO=\"sim\",REFERENCIA.Desonerado,REFERENCIA.NaoDesonerado),2)","v":0},0.23530000000000001,null,{"$f":"3191.66+3268.19","v":6459.85},null,null,20283.93,3.14]
["S",2,"S",0,{"$f":"IF($C472=1,OFFSET(E472,-1,0)+MAX(1,COUNTIF(QCI!$A$13:$A$32,OFFSET(ORÇAMENTO!E472,-1,0))),OFFSET(E472,-1,0))","v":10},7,0,0,4,0,{"$f":"IF(OR($C472=\"S\",$C472=0),0,MATCH(OFFSET($D472,0,$C472)+IF($C472<>1,1,COUNTIF(QCI!$A$13:$A$32,ORÇAMENTO!E472)),OFFSET($D472,1,$C472,ROW($C$850)-ROW($C472)),0))","v":0},"F","Serviço","Serviço","10.7.4.","SINAPI","102332","TRANSPORTE COM CAMINHÃO TANQUE DE MATERIAL ASFÁLTICO, DMT = 20 KM","TXKM",{"$f":"OFFSET(CÁLCULO!H$15,ROW($T472)-ROW(T$15),0)","v":129.19999999999999},1.64,"BDI 1",{"$f":"IF($C472=\"S\",ROUND(IF(TIPOORCAMENTO=\"Proposto\",ORÇAMENTO.CustoUnitario*(1+$AH472),ORÇAMENTO.PrecoUnitarioLicitado),15-13*$AF$10),0)","v":2.0299999999999998},262.27999999999997,"RA","RA",{"$f":"IF($C472=\"S\",IF($Z472=\"CP\",$X472,IF($Z472=\"RA\",(($X472)*QCI!$AA$3),0)),SomaAgrup)","v":262.27999999999997},0,{"$f":"IF($N472=\"\",\"\",IF(ORÇAMENTO.Descricao=\"\",\"DESCRIÇÃO\",IF(AND($C472=\"S\",ORÇAMENTO.Unidade=\"\"),\"UNIDADE\",IF($X472<0,\"VALOR NEGATIVO\",IF(OR(AND(TIPOORCAMENTO=\"Proposto\",$AG472<>\"\",$AG472>0,ORÇAMENTO.CustoUnitario>$AG472),AND(TIPOORCAMENTO=\"LICITADO\",ORÇAMENTO.PrecoUnitarioLicitado>$AN472)),\"ACIMA REF.\",\"\")))))","v":""},{"$f":"IF(C472<=CRONO.NivelExibicao,MAX($AD$15:OFFSET(AD472,-1,0))+IF($C472<>1,1,MAX(1,COUNTIF(QCI!$A$13:$A$32,OFFSET($E472,-1,0)))),\"\")","v":""},{"$f":"IF(AND($C472=\"S\",ORÇAMENTO.CodBarra<>\"\"),IF(ORÇAMENTO.Fonte=\"\",ORÇAMENTO.CodBarra,CONCATENATE(ORÇAMENTO.Fonte,\" \",ORÇAMENTO.CodBarra)))","v":"SINAPI 102332"},{"$f":"IF(ISERROR(INDIRECT(ORÇAMENTO.BancoRef)),\"(abra o arquivo 'Referência \"&Excel_BuiltIn_Database&\".xls)\",IF(OR($C472<>\"S\",ORÇAMENTO.CodBarra=\"\"),\"(Sem Código)\",IF(ISERROR(MATCH($AE472,INDIRECT(ORÇAMENTO.BancoRef),0)),\"(Código não identificado nas referências)\",MATCH($AE472,INDIRECT(ORÇAMENTO.BancoRef),0))))","v":"(abra o arquivo 'Referência 06-2023.xls)"},{"$f":"ROUND(IF(DESONERACAO=\"sim\",REFERENCIA.Desonerado,REFERENCIA.NaoDesonerado),2)","v":0},0.23530000000000001,null,{"$f":"AJ471*20/1000","v":129.197},null,null,262.27999999999997,2.0299999999999998]
["S",2,"S",0,{"$f":"IF($C473=1,OFFSET(E473,-1,0)+MAX(1,COUNTIF(QCI!$A$13:$A$32,OFFSET(ORÇAMENTO!E473,-1,0))),OFFSET(E473,-1,0))","v":10},7,0,0,5,0,{"$f":"IF(OR($C473=\"S\",$C473=0),0,MATCH(OFFSET($D473,0,$C473)+IF($C473<>1,1,COUNTIF(QCI!$A$13:$A$32,ORÇAMENTO!E473)),OFFSET($D473,1,$C473,ROW($C$850)-ROW($C473)),0))","v":0},"F","Serviço","Serviço","10.7.5.","AMMOC","PAVASF","EXECUÇÃO DE PAVIMENTO COM APLICAÇÃO DE CONCRETO ASFÁLTICO, CAMADA DE ROLAMENTO - EXCLUSIVE CARGA E TRANSPORTE. AF_11/2019","M3",{"$f":"OFFSET(CÁLCULO!H$15,ROW($T473)-ROW(T$15),0)","v":257.63},1198.32,"BDI 1",{"$f":"IF($C473=\"S\",ROUND(IF(TIPOORCAMENTO=\"Proposto\",ORÇAMENTO.CustoUnitario*(1+$AH473),ORÇAMENTO.PrecoUnitarioLicitado),15-13*$AF$10),0)","v":1480.28},381364.54,"RA","RA",{"$f":"IF($C473=\"S\",IF($Z473=\"CP\",$X473,IF($Z473=\"RA\",(($X473)*QCI!$AA$3),0)),SomaAgrup)","v":381364.54},0,{"$f":"IF($N473=\"\",\"\",IF(ORÇAMENTO.Descricao=\"\",\"DESCRIÇÃO\",IF(AND($C473=\"S\",ORÇAMENTO.Unidade=\"\"),\"UNIDADE\",IF($X473<0,\"VALOR NEGATIVO\",IF(OR(AND(TIPOORCAMENTO=\"Proposto\",$AG473<>\"\",$AG473>0,ORÇAMENTO.CustoUnitario>$AG473),AND(TIPOORCAMENTO=\"LICITADO\",ORÇAMENTO.PrecoUnitarioLicitado>$AN473)),\"ACIMA REF.\",\"\")))))","v":""},{"$f":"IF(C473<=CRONO.NivelExibicao,MAX($AD$15:OFFSET(AD473,-1,0))+IF($C473<>1,1,MAX(1,COUNTIF(QCI!$A$13:$A$32,OFFSET($E473,-1,0)))),\"\")","v":""},{"$f":"IF(AND($C473=\"S\",ORÇAMENTO.CodBarra<>\"\"),IF(ORÇAMENTO.Fonte=\"\",ORÇAMENTO.CodBarra,CONCATENATE(ORÇAMENTO.Fonte,\" \",ORÇAMENTO.CodBarra)))","v":"AMMOC PAVASF"},{"$f":"IF(ISERROR(INDIRECT(ORÇAMENTO.BancoRef)),\"(abra o arquivo 'Referência \"&Excel_BuiltIn_Database&\".xls)\",IF(OR($C473<>\"S\",ORÇAMENTO.CodBarra=\"\"),\"(Sem Código)\",IF(ISERROR(MATCH($AE473,INDIRECT(ORÇAMENTO.BancoRef),0)),\"(Código não identificado nas referências)\",MATCH($AE473,INDIRECT(ORÇAMENTO.BancoRef),0))))","v":"(abra o arquivo 'Referência 06-2023.xls)"},{"$f":"ROUND(IF(DESONERACAO=\"sim\",REFERENCIA.Desonerado,REFERENCIA.NaoDesonerado),2)","v":0},0.23530000000000001,null,{"$f":"(3191.66*0.05)+(3268.19*0.03)","v":257.62869999999998},null,null,381364.54,1480.28]
["S",2,"S",0,{"$f":"IF($C474=1,OFFSET(E474,-1,0)+MAX(1,COUNTIF(QCI!$A$13:$A$32,OFFSET(ORÇAMENTO!E474,-1,0))),OFFSET(E474,-1,0))","v":10},7,0,0,6,0,{"$f":"IF(OR($C474=\"S\",$C474=0),0,MATCH(OFFSET($D474,0,$C474)+IF($C474<>1,1,COUNTIF(QCI!$A$13:$A$32,ORÇAMENTO!E474)),OFFSET($D474,1,$C474,ROW($C$850)-ROW($C474)),0))","v":0},"F","Serviço","Serviço","10.7.6.","SINAPI","100986","CARGA DE MISTURA ASFÁLTICA EM CAMINHÃO BASCULANTE","M3",{"$f":"OFFSET(CÁLCULO!H$15,ROW($T474)-ROW(T$15),0)","v":257.63},8.19,"BDI 1",{"$f":"IF($C474=\"S\",ROUND(IF(TIPOORCAMENTO=\"Proposto\",ORÇAMENTO.CustoUnitario*(1+$AH474),ORÇAMENTO.PrecoUnitarioLicitado),15-13*$AF$10),0)","v":10.119999999999999},2607.2199999999998,"RA","RA",{"$f":"IF($C474=\"S\",IF($Z474=\"CP\",$X474,IF($Z474=\"RA\",(($X474)*QCI!$AA$3),0)),SomaAgrup)","v":2607.2199999999998},0,{"$f":"IF($N474=\"\",\"\",IF(ORÇAMENTO.Descricao=\"\",\"DESCRIÇÃO\",IF(AND($C474=\"S\",ORÇAMENTO.Unidade=\"\"),\"UNIDADE\",IF($X474<0,\"VALOR NEGATIVO\",IF(OR(AND(TIPOORCAMENTO=\"Proposto\",$AG474<>\"\",$AG474>0,ORÇAMENTO.CustoUnitario>$AG474),AND(TIPOORCAMENTO=\"LICITADO\",ORÇAMENTO.PrecoUnitarioLicitado>$AN474)),\"ACIMA REF.\",\"\")))))","v":""},{"$f":"IF(C474<=CRONO.NivelExibicao,MAX($AD$15:OFFSET(AD474,-1,0))+IF($C474<>1,1,MAX(1,COUNTIF(QCI!$A$13:$A$32,OFFSET($E474,-1,0)))),\"\")","v":""},{"$f":"IF(AND($C474=\"S\",ORÇAMENTO.CodBarra<>\"\"),IF(ORÇAMENTO.Fonte=\"\",ORÇAMENTO.CodBarra,CONCATENATE(ORÇAMENTO.Fonte,\" \",ORÇAMENTO.CodBarra)))","v":"SINAPI 100986"},{"$f":"IF(ISERROR(INDIRECT(ORÇAMENTO.BancoRef)),\"(abra o arquivo 'Referência \"&Excel_BuiltIn_Database&\".xls)\",IF(OR($C474<>\"S\",ORÇAMENTO.CodBarra=\"\"),\"(Sem Código)\",IF(ISERROR(MATCH($AE474,INDIRECT(ORÇAMENTO.BancoRef),0)),\"(Código não identificado nas referências)\",MATCH($AE474,INDIRECT(ORÇAMENTO.BancoRef),0))))","v":"(abra o arquivo 'Referência 06-2023.xls)"},{"$f":"ROUND(IF(DESONERACAO=\"sim\",REFERENCIA.Desonerado,REFERENCIA.NaoDesonerado),2)","v":0},0.23530000000000001,null,{"$f":"AJ473","v":257.62869999999998},null,null,2607.2199999999998,10.119999999999999]
["S",2,"S",0,{"$f":"IF($C475=1,OFFSET(E475,-1,0)+MAX(1,COUNTIF(QCI!$A$13:$A$32,OFFSET(ORÇAMENTO!E475,-1,0))),OFFSET(E475,-1,0))","v":10},7,0,0,7,0,{"$f":"IF(OR($C475=\"S\",$C475=0),0,MATCH(OFFSET($D475,0,$C475)+IF($C475<>1,1,COUNTIF(QCI!$A$13:$A$32,ORÇAMENTO!E475)),OFFSET($D475,1,$C475,ROW($C$850)-ROW($C475)),0))","v":0},"F","Serviço","Serviço","10.7.7.","SINAPI","95303","TRANSPORTE COM CAMINHÃO BASCULANTE DE MASSA ASFALTICA PARA PAVIMENTAÇÃO URBANA, DMT = 20 KM","M3XKM",{"$f":"OFFSET(CÁLCULO!H$15,ROW($T475)-ROW(T$15),0)","v":5152.57},1.41,"BDI 1",{"$f":"IF($C475=\"S\",ROUND(IF(TIPOORCAMENTO=\"Proposto\",ORÇAMENTO.CustoUnitario*(1+$AH475),ORÇAMENTO.PrecoUnitarioLicitado),15-13*$AF$10),0)","v":1.74},8965.4699999999993,"RA","RA",{"$f":"IF($C475=\"S\",IF($Z475=\"CP\",$X475,IF($Z475=\"RA\",(($X475)*QCI!$AA$3),0)),SomaAgrup)","v":8965.4699999999993},0,{"$f":"IF($N475=\"\",\"\",IF(ORÇAMENTO.Descricao=\"\",\"DESCRIÇÃO\",IF(AND($C475=\"S\",ORÇAMENTO.Unidade=\"\"),\"UNIDADE\",IF($X475<0,\"VALOR NEGATIVO\",IF(OR(AND(TIPOORCAMENTO=\"Proposto\",$AG475<>\"\",$AG475>0,ORÇAMENTO.CustoUnitario>$AG475),AND(TIPOORCAMENTO=\"LICITADO\",ORÇAMENTO.PrecoUnitarioLicitado>$AN475)),\"ACIMA REF.\",\"\")))))","v":""},{"$f":"IF(C475<=CRONO.NivelExibicao,MAX($AD$15:OFFSET(AD475,-1,0))+IF($C475<>1,1,MAX(1,COUNTIF(QCI!$A$13:$A$32,OFFSET($E475,-1,0)))),\"\")","v":""},{"$f":"IF(AND($C475=\"S\",ORÇAMENTO.CodBarra<>\"\"),IF(ORÇAMENTO.Fonte=\"\",ORÇAMENTO.CodBarra,CONCATENATE(ORÇAMENTO.Fonte,\" \",ORÇAMENTO.CodBarra)))","v":"SINAPI 95303"},{"$f":"IF(ISERROR(INDIRECT(ORÇAMENTO.BancoRef)),\"(abra o arquivo 'Referência \"&Excel_BuiltIn_Database&\".xls)\",IF(OR($C475<>\"S\",ORÇAMENTO.CodBarra=\"\"),\"(Sem Código)\",IF(ISERROR(MATCH($AE475,INDIRECT(ORÇAMENTO.BancoRef),0)),\"(Código não identificado nas referências)\",MATCH($AE475,INDIRECT(ORÇAMENTO.BancoRef),0))))","v":"(abra o arquivo 'Referência 06-2023.xls)"},{"$f":"ROUND(IF(DESONERACAO=\"sim\",REFERENCIA.Desonerado,REFERENCIA.NaoDesonerado),2)","v":0},0.23530000000000001,null,{"$f":"AJ474*20","v":5152.5739999999996},null,null,8965.4699999999993,1.74]
[2,2,2,2,{"$f":"IF($C476=1,OFFSET(E476,-1,0)+MAX(1,COUNTIF(QCI!$A$13:$A$32,OFFSET(ORÇAMENTO!E476,-1,0))),OFFSET(E476,-1,0))","v":10},8,0,0,0,9,{"$f":"IF(OR($C476=\"S\",$C476=0),0,MATCH(OFFSET($D476,0,$C476)+IF($C476<>1,1,COUNTIF(QCI!$A$13:$A$32,ORÇAMENTO!E476)),OFFSET($D476,1,$C476,ROW($C$850)-ROW($C476)),0))","v":2},"F","Nível 2","Nível 2","10.8.","SINAPI",null,"MEIO-FIO","-",{"$f":"OFFSET(CÁLCULO!H$15,ROW($T476)-ROW(T$15),0)","v":0},0,"BDI 1",{"$f":"IF($C476=\"S\",ROUND(IF(TIPOORCAMENTO=\"Proposto\",ORÇAMENTO.CustoUnitario*(1+$AH476),ORÇAMENTO.PrecoUnitarioLicitado),15-13*$AF$10),0)","v":0},12692.73,"RA","",{"$f":"IF($C476=\"S\",IF($Z476=\"CP\",$X476,IF($Z476=\"RA\",(($X476)*QCI!$AA$3),0)),SomaAgrup)","v":12692.73},0,{"$f":"IF($N476=\"\",\"\",IF(ORÇAMENTO.Descricao=\"\",\"DESCRIÇÃO\",IF(AND($C476=\"S\",ORÇAMENTO.Unidade=\"\"),\"UNIDADE\",IF($X476<0,\"VALOR NEGATIVO\",IF(OR(AND(TIPOORCAMENTO=\"Proposto\",$AG476<>\"\",$AG476>0,ORÇAMENTO.CustoUnitario>$AG476),AND(TIPOORCAMENTO=\"LICITADO\",ORÇAMENTO.PrecoUnitarioLicitado>$AN476)),\"ACIMA REF.\",\"\")))))","v":""},{"$f":"IF(C476<=CRONO.NivelExibicao,MAX($AD$15:OFFSET(AD476,-1,0))+IF($C476<>1,1,MAX(1,COUNTIF(QCI!$A$13:$A$32,OFFSET($E476,-1,0)))),\"\")","v":""},{"$f":"IF(AND($C476=\"S\",ORÇAMENTO.CodBarra<>\"\"),IF(ORÇAMENTO.Fonte=\"\",ORÇAMENTO.CodBarra,CONCATENATE(ORÇAMENTO.Fonte,\" \",ORÇAMENTO.CodBarra)))","v":false},{"$f":"IF(ISERROR(INDIRECT(ORÇAMENTO.BancoRef)),\"(abra o arquivo 'Referência \"&Excel_BuiltIn_Database&\".xls)\",IF(OR($C476<>\"S\",ORÇAMENTO.CodBarra=\"\"),\"(Sem Código)\",IF(ISERROR(MATCH($AE476,INDIRECT(ORÇAMENTO.BancoRef),0)),\"(Código não identificado nas referências)\",MATCH($AE476,INDIRECT(ORÇAMENTO.BancoRef),0))))","v":"(abra o arquivo 'Referência 06-2023.xls)"},{"$f":"ROUND(IF(DESONERACAO=\"sim\",REFERENCIA.Desonerado,REFERENCIA.NaoDesonerado),2)","v":0},0.23530000000000001,null,null,null,null,12692.73,0]
[{"$f":"CHOOSE(1+LOG(1+2*(ORÇAMENTO.Nivel=\"Meta\")+4*(ORÇAMENTO.Nivel=\"Nível 2\")+8*(ORÇAMENTO.Nivel=\"Nível 3\")+16*(ORÇAMENTO.Nivel=\"Nível 4\")+32*(ORÇAMENTO.Nivel=\"Serviço\"),2),0,1,2,3,4,\"S\")","v":"S"},2,"S",0,{"$f":"IF($C477=1,OFFSET(E477,-1,0)+MAX(1,COUNTIF(QCI!$A$13:$A$32,OFFSET(ORÇAMENTO!E477,-1,0))),OFFSET(E477,-1,0))","v":10},8,0,0,1,0,{"$f":"IF(OR($C477=\"S\",$C477=0),0,MATCH(OFFSET($D477,0,$C477)+IF($C477<>1,1,COUNTIF(QCI!$A$13:$A$32,ORÇAMENTO!E477)),OFFSET($D477,1,$C477,ROW($C$850)-ROW($C477)),0))","v":0},"F","Serviço","Serviço","10.8.1.","SINAPI","94263","GUIA (MEIO-FIO) CONCRETO, MOLDADA  IN LOCO COM EXTRUSORA, 13 CM BASE X 22 CM ALTURA.","M",{"$f":"OFFSET(CÁLCULO!H$15,ROW($T477)-ROW(T$15),0)","v":282.5},36.369999999999997,"BDI 1",{"$f":"IF($C477=\"S\",ROUND(IF(TIPOORCAMENTO=\"Proposto\",ORÇAMENTO.CustoUnitario*(1+$AH477),ORÇAMENTO.PrecoUnitarioLicitado),15-13*$AF$10),0)","v":44.93},{"$f":"IF($C477=\"S\",VTOTAL1,IF($C477=0,0,ROUND(SomaAgrup,15-13*$AF$11)))","v":12692.73},"RA","RA",{"$f":"IF($C477=\"S\",IF($Z477=\"CP\",$X477,IF($Z477=\"RA\",(($X477)*QCI!$AA$3),0)),SomaAgrup)","v":12692.73},{"$f":"IF($C477=\"S\",IF($Z477=\"OU\",ROUND($X477,2),0),SomaAgrup)","v":0},{"$f":"IF($N477=\"\",\"\",IF(ORÇAMENTO.Descricao=\"\",\"DESCRIÇÃO\",IF(AND($C477=\"S\",ORÇAMENTO.Unidade=\"\"),\"UNIDADE\",IF($X477<0,\"VALOR NEGATIVO\",IF(OR(AND(TIPOORCAMENTO=\"Proposto\",$AG477<>\"\",$AG477>0,ORÇAMENTO.CustoUnitario>$AG477),AND(TIPOORCAMENTO=\"LICITADO\",ORÇAMENTO.PrecoUnitarioLicitado>$AN477)),\"ACIMA REF.\",\"\")))))","v":""},{"$f":"IF(C477<=CRONO.NivelExibicao,MAX($AD$15:OFFSET(AD477,-1,0))+IF($C477<>1,1,MAX(1,COUNTIF(QCI!$A$13:$A$32,OFFSET($E477,-1,0)))),\"\")","v":""},{"$f":"IF(AND($C477=\"S\",ORÇAMENTO.CodBarra<>\"\"),IF(ORÇAMENTO.Fonte=\"\",ORÇAMENTO.CodBarra,CONCATENATE(ORÇAMENTO.Fonte,\" \",ORÇAMENTO.CodBarra)))","v":"SINAPI 94263"},{"$f":"IF(ISERROR(INDIRECT(ORÇAMENTO.BancoRef)),\"(abra o arquivo 'Referência \"&Excel_BuiltIn_Database&\".xls)\",IF(OR($C477<>\"S\",ORÇAMENTO.CodBarra=\"\"),\"(Sem Código)\",IF(ISERROR(MATCH($AE477,INDIRECT(ORÇAMENTO.BancoRef),0)),\"(Código não identificado nas referências)\",MATCH($AE477,INDIRECT(ORÇAMENTO.BancoRef),0))))","v":"(abra o arquivo 'Referência 06-2023.xls)"},{"$f":"ROUND(IF(DESONERACAO=\"sim\",REFERENCIA.Desonerado,REFERENCIA.NaoDesonerado),2)","v":0},{"$f":"ROUND(IF(ISNUMBER(ORÇAMENTO.OpcaoBDI),ORÇAMENTO.OpcaoBDI,IF(LEFT(ORÇAMENTO.OpcaoBDI,3)=\"BDI\",HLOOKUP(ORÇAMENTO.OpcaoBDI,$F$4:$H$5,2,FALSE),0)),15-11*$AF$9)","v":0.23530000000000001},null,282.5,null,null,12692.73,{"$f":"ROUND(ORÇAMENTO.CustoUnitario*(1+$AH477),2)","v":44.93}]
[2,2,2,7,{"$f":"IF($C478=1,OFFSET(E478,-1,0)+MAX(1,COUNTIF(QCI!$A$13:$A$32,OFFSET(ORÇAMENTO!E478,-1,0))),OFFSET(E478,-1,0))","v":10},9,0,0,0,7,{"$f":"IF(OR($C478=\"S\",$C478=0),0,MATCH(OFFSET($D478,0,$C478)+IF($C478<>1,1,COUNTIF(QCI!$A$13:$A$32,ORÇAMENTO!E478)),OFFSET($D478,1,$C478,ROW($C$850)-ROW($C478)),0))","v":99},"F","Nível 2","Nível 2","10.9.","SINAPI",null,"SINALIZAÇÃO","-",{"$f":"OFFSET(CÁLCULO!H$15,ROW($T478)-ROW(T$15),0)","v":0},0,"BDI 1",{"$f":"IF($C478=\"S\",ROUND(IF(TIPOORCAMENTO=\"Proposto\",ORÇAMENTO.CustoUnitario*(1+$AH478),ORÇAMENTO.PrecoUnitarioLicitado),15-13*$AF$10),0)","v":0},7776.49,"RA","",{"$f":"IF($C478=\"S\",IF($Z478=\"CP\",$X478,IF($Z478=\"RA\",(($X478)*QCI!$AA$3),0)),SomaAgrup)","v":7776.49},0,{"$f":"IF($N478=\"\",\"\",IF(ORÇAMENTO.Descricao=\"\",\"DESCRIÇÃO\",IF(AND($C478=\"S\",ORÇAMENTO.Unidade=\"\"),\"UNIDADE\",IF($X478<0,\"VALOR NEGATIVO\",IF(OR(AND(TIPOORCAMENTO=\"Proposto\",$AG478<>\"\",$AG478>0,ORÇAMENTO.CustoUnitario>$AG478),AND(TIPOORCAMENTO=\"LICITADO\",ORÇAMENTO.PrecoUnitarioLicitado>$AN478)),\"ACIMA REF.\",\"\")))))","v":""},{"$f":"IF(C478<=CRONO.NivelExibicao,MAX($AD$15:OFFSET(AD478,-1,0))+IF($C478<>1,1,MAX(1,COUNTIF(QCI!$A$13:$A$32,OFFSET($E478,-1,0)))),\"\")","v":""},{"$f":"IF(AND($C478=\"S\",ORÇAMENTO.CodBarra<>\"\"),IF(ORÇAMENTO.Fonte=\"\",ORÇAMENTO.CodBarra,CONCATENATE(ORÇAMENTO.Fonte,\" \",ORÇAMENTO.CodBarra)))","v":false},{"$f":"IF(ISERROR(INDIRECT(ORÇAMENTO.BancoRef)),\"(abra o arquivo 'Referência \"&Excel_BuiltIn_Database&\".xls)\",IF(OR($C478<>\"S\",ORÇAMENTO.CodBarra=\"\"),\"(Sem Código)\",IF(ISERROR(MATCH($AE478,INDIRECT(ORÇAMENTO.BancoRef),0)),\"(Código não identificado nas referências)\",MATCH($AE478,INDIRECT(ORÇAMENTO.BancoRef),0))))","v":"(abra o arquivo 'Referência 06-2023.xls)"},{"$f":"ROUND(IF(DESONERACAO=\"sim\",REFERENCIA.Desonerado,REFERENCIA.NaoDesonerado),2)","v":0},0.23530000000000001,null,null,null,null,7776.49,0]
["S",2,"S",0,{"$f":"IF($C479=1,OFFSET(E479,-1,0)+MAX(1,COUNTIF(QCI!$A$13:$A$32,OFFSET(ORÇAMENTO!E479,-1,0))),OFFSET(E479,-1,0))","v":10},9,0,0,1,0,{"$f":"IF(OR($C479=\"S\",$C479=0),0,MATCH(OFFSET($D479,0,$C479)+IF($C479<>1,1,COUNTIF(QCI!$A$13:$A$32,ORÇAMENTO!E479)),OFFSET($D479,1,$C479,ROW($C$850)-ROW($C479)),0))","v":0},"F","Serviço","Serviço","10.9.1.","SINAPI","72947","SINALIZACAO HORIZONTAL COM TINTA RETRORREFLETIVA A BASE DE RESINA ACRILICA COM MICROESFERAS DE VIDRO - LINHA CONTÍNUA AMARELA","M2",{"$f":"OFFSET(CÁLCULO!H$15,ROW($T479)-ROW(T$15),0)","v":44.82},17.059999999999999,"BDI 1",{"$f":"IF($C479=\"S\",ROUND(IF(TIPOORCAMENTO=\"Proposto\",ORÇAMENTO.CustoUnitario*(1+$AH479),ORÇAMENTO.PrecoUnitarioLicitado),15-13*$AF$10),0)","v":21.07},944.36,"RA","RA",{"$f":"IF($C479=\"S\",IF($Z479=\"CP\",$X479,IF($Z479=\"RA\",(($X479)*QCI!$AA$3),0)),SomaAgrup)","v":944.36},0,{"$f":"IF($N479=\"\",\"\",IF(ORÇAMENTO.Descricao=\"\",\"DESCRIÇÃO\",IF(AND($C479=\"S\",ORÇAMENTO.Unidade=\"\"),\"UNIDADE\",IF($X479<0,\"VALOR NEGATIVO\",IF(OR(AND(TIPOORCAMENTO=\"Proposto\",$AG479<>\"\",$AG479>0,ORÇAMENTO.CustoUnitario>$AG479),AND(TIPOORCAMENTO=\"LICITADO\",ORÇAMENTO.PrecoUnitarioLicitado>$AN479)),\"ACIMA REF.\",\"\")))))","v":""},{"$f":"IF(C479<=CRONO.NivelExibicao,MAX($AD$15:OFFSET(AD479,-1,0))+IF($C479<>1,1,MAX(1,COUNTIF(QCI!$A$13:$A$32,OFFSET($E479,-1,0)))),\"\")","v":""},{"$f":"IF(AND($C479=\"S\",ORÇAMENTO.CodBarra<>\"\"),IF(ORÇAMENTO.Fonte=\"\",ORÇAMENTO.CodBarra,CONCATENATE(ORÇAMENTO.Fonte,\" \",ORÇAMENTO.CodBarra)))","v":"SINAPI 72947"},{"$f":"IF(ISERROR(INDIRECT(ORÇAMENTO.BancoRef)),\"(abra o arquivo 'Referência \"&Excel_BuiltIn_Database&\".xls)\",IF(OR($C479<>\"S\",ORÇAMENTO.CodBarra=\"\"),\"(Sem Código)\",IF(ISERROR(MATCH($AE479,INDIRECT(ORÇAMENTO.BancoRef),0)),\"(Código não identificado nas referências)\",MATCH($AE479,INDIRECT(ORÇAMENTO.BancoRef),0))))","v":"(abra o arquivo 'Referência 06-2023.xls)"},{"$f":"ROUND(IF(DESONERACAO=\"sim\",REFERENCIA.Desonerado,REFERENCIA.NaoDesonerado),2)","v":0},0.23530000000000001,null,44.82,null,null,944.36,21.07]
["S",2,"S",0,{"$f":"IF($C480=1,OFFSET(E480,-1,0)+MAX(1,COUNTIF(QCI!$A$13:$A$32,OFFSET(ORÇAMENTO!E480,-1,0))),OFFSET(E480,-1,0))","v":10},9,0,0,2,0,{"$f":"IF(OR($C480=\"S\",$C480=0),0,MATCH(OFFSET($D480,0,$C480)+IF($C480<>1,1,COUNTIF(QCI!$A$13:$A$32,ORÇAMENTO!E480)),OFFSET($D480,1,$C480,ROW($C$850)-ROW($C480)),0))","v":0},"F","Serviço","Serviço","10.9.2.","SINAPI","72947","SINALIZACAO HORIZONTAL COM TINTA RETRORREFLETIVA A BASE DE RESINA ACRILICA COM MICROESFERAS DE VIDRO - LINHA CONTÍNUA BRANCA","M2",{"$f":"OFFSET(CÁLCULO!H$15,ROW($T480)-ROW(T$15),0)","v":96.57},17.059999999999999,"BDI 1",{"$f":"IF($C480=\"S\",ROUND(IF(TIPOORCAMENTO=\"Proposto\",ORÇAMENTO.CustoUnitario*(1+$AH480),ORÇAMENTO.PrecoUnitarioLicitado),15-13*$AF$10),0)","v":21.07},2034.73,"RA","RA",{"$f":"IF($C480=\"S\",IF($Z480=\"CP\",$X480,IF($Z480=\"RA\",(($X480)*QCI!$AA$3),0)),SomaAgrup)","v":2034.73},0,{"$f":"IF($N480=\"\",\"\",IF(ORÇAMENTO.Descricao=\"\",\"DESCRIÇÃO\",IF(AND($C480=\"S\",ORÇAMENTO.Unidade=\"\"),\"UNIDADE\",IF($X480<0,\"VALOR NEGATIVO\",IF(OR(AND(TIPOORCAMENTO=\"Proposto\",$AG480<>\"\",$AG480>0,ORÇAMENTO.CustoUnitario>$AG480),AND(TIPOORCAMENTO=\"LICITADO\",ORÇAMENTO.PrecoUnitarioLicitado>$AN480)),\"ACIMA REF.\",\"\")))))","v":""},{"$f":"IF(C480<=CRONO.NivelExibicao,MAX($AD$15:OFFSET(AD480,-1,0))+IF($C480<>1,1,MAX(1,COUNTIF(QCI!$A$13:$A$32,OFFSET($E480,-1,0)))),\"\")","v":""},{"$f":"IF(AND($C480=\"S\",ORÇAMENTO.CodBarra<>\"\"),IF(ORÇAMENTO.Fonte=\"\",ORÇAMENTO.CodBarra,CONCATENATE(ORÇAMENTO.Fonte,\" \",ORÇAMENTO.CodBarra)))","v":"SINAPI 72947"},{"$f":"IF(ISERROR(INDIRECT(ORÇAMENTO.BancoRef)),\"(abra o arquivo 'Referência \"&Excel_BuiltIn_Database&\".xls)\",IF(OR($C480<>\"S\",ORÇAMENTO.CodBarra=\"\"),\"(Sem Código)\",IF(ISERROR(MATCH($AE480,INDIRECT(ORÇAMENTO.BancoRef),0)),\"(Código não identificado nas referências)\",MATCH($AE480,INDIRECT(ORÇAMENTO.BancoRef),0))))","v":"(abra o arquivo 'Referência 06-2023.xls)"},{"$f":"ROUND(IF(DESONERACAO=\"sim\",REFERENCIA.Desonerado,REFERENCIA.NaoDesonerado),2)","v":0},0.23530000000000001,null,96.57,null,null,2034.73,21.07]
["S",{"$f":"IF(OR(C481=\"s\",C481=0),OFFSET(B481,-1,0),C481)","v":2},{"$f":"IF(OFFSET(C481,-1,0)=\"L\",1,IF(OFFSET(C481,-1,0)=1,2,IF(OR(A481=\"s\",A481=0),\"S\",IF(AND(OFFSET(C481,-1,0)=2,A481=4),3,IF(AND(OR(OFFSET(C481,-1,0)=\"s\",OFFSET(C481,-1,0)=0),A481<>\"s\",A481>OFFSET(B481,-1,0)),OFFSET(B481,-1,0),A481)))))","v":"S"},{"$f":"IF(OR(C481=\"S\",C481=0),0,IF(ISERROR(K481),J481,SMALL(J481:K481,1)))","v":0},{"$f":"IF($C481=1,OFFSET(E481,-1,0)+MAX(1,COUNTIF(QCI!$A$13:$A$32,OFFSET(ORÇAMENTO!E481,-1,0))),OFFSET(E481,-1,0))","v":10},{"$f":"IF($C481=1,0,IF($C481=2,OFFSET(F481,-1,0)+1,OFFSET(F481,-1,0)))","v":9},{"$f":"IF(AND($C481<=2,$C481<>0),0,IF($C481=3,OFFSET(G481,-1,0)+1,OFFSET(G481,-1,0)))","v":0},{"$f":"IF(AND($C481<=3,$C481<>0),0,IF($C481=4,OFFSET(H481,-1,0)+1,OFFSET(H481,-1,0)))","v":0},{"$f":"IF(AND($C481<=4,$C481<>0),0,IF(AND($C481=\"S\",$X481>0),OFFSET(I481,-1,0)+1,OFFSET(I481,-1,0)))","v":3},0,{"$f":"IF(OR($C481=\"S\",$C481=0),0,MATCH(OFFSET($D481,0,$C481)+IF($C481<>1,1,COUNTIF(QCI!$A$13:$A$32,ORÇAMENTO!E481)),OFFSET($D481,1,$C481,ROW($C$850)-ROW($C481)),0))","v":0},{"$f":"IF(OR($X481>0,$C481=1,$C481=2,$C481=3,$C481=4),\"F\",\"\")","v":"F"},"Serviço",{"$f":"CHOOSE(1+LOG(1+2*(C481=1)+4*(C481=2)+8*(C481=3)+16*(C481=4)+32*(C481=\"S\"),2),\"\",\"Meta\",\"Nível 2\",\"Nível 3\",\"Nível 4\",\"Serviço\")","v":"Serviço"},{"$f":"IF(OR($C481=0,$L481=\"\"),\"-\",CONCATENATE(E481&\".\",IF(AND($A$5>=2,$C481>=2),F481&\".\",\"\"),IF(AND($A$5>=3,$C481>=3),G481&\".\",\"\"),IF(AND($A$5>=4,$C481>=4),H481&\".\",\"\"),IF($C481=\"S\",I481&\".\",\"\")))","v":"10.9.3."},"AMMOC",340,"PLACA DE SINALIZAÇÃO VIARIA CIRCULAR D = 50 CM, COM SUPORTE DE ACO GALVANIZADO D = 50 MM E ALTURA = 3M INCLUSIVE BASE DE CONCRETO MAGRO","UN",{"$f":"OFFSET(CÁLCULO!H$15,ROW($T481)-ROW(T$15),0)","v":6},365.01,"BDI 1",{"$f":"IF($C481=\"S\",ROUND(IF(TIPOORCAMENTO=\"Proposto\",ORÇAMENTO.CustoUnitario*(1+$AH481),ORÇAMENTO.PrecoUnitarioLicitado),15-13*$AF$10),0)","v":450.9},2705.4,"RA",{"$f":"IF(AND($C481=\"S\",$X481>0),IF(ISBLANK($Y481),\"RA\",LEFT($Y481,2)),\"\")","v":"RA"},{"$f":"IF($C481=\"S\",IF($Z481=\"CP\",$X481,IF($Z481=\"RA\",(($X481)*QCI!$AA$3),0)),SomaAgrup)","v":2705.4},0,{"$f":"IF($N481=\"\",\"\",IF(ORÇAMENTO.Descricao=\"\",\"DESCRIÇÃO\",IF(AND($C481=\"S\",ORÇAMENTO.Unidade=\"\"),\"UNIDADE\",IF($X481<0,\"VALOR NEGATIVO\",IF(OR(AND(TIPOORCAMENTO=\"Proposto\",$AG481<>\"\",$AG481>0,ORÇAMENTO.CustoUnitario>$AG481),AND(TIPOORCAMENTO=\"LICITADO\",ORÇAMENTO.PrecoUnitarioLicitado>$AN481)),\"ACIMA REF.\",\"\")))))","v":""},{"$f":"IF(C481<=CRONO.NivelExibicao,MAX($AD$15:OFFSET(AD481,-1,0))+IF($C481<>1,1,MAX(1,COUNTIF(QCI!$A$13:$A$32,OFFSET($E481,-1,0)))),\"\")","v":""},{"$f":"IF(AND($C481=\"S\",ORÇAMENTO.CodBarra<>\"\"),IF(ORÇAMENTO.Fonte=\"\",ORÇAMENTO.CodBarra,CONCATENATE(ORÇAMENTO.Fonte,\" \",ORÇAMENTO.CodBarra)))","v":"AMMOC 340"},{"$f":"IF(ISERROR(INDIRECT(ORÇAMENTO.BancoRef)),\"(abra o arquivo 'Referência \"&Excel_BuiltIn_Database&\".xls)\",IF(OR($C481<>\"S\",ORÇAMENTO.CodBarra=\"\"),\"(Sem Código)\",IF(ISERROR(MATCH($AE481,INDIRECT(ORÇAMENTO.BancoRef),0)),\"(Código não identificado nas referências)\",MATCH($AE481,INDIRECT(ORÇAMENTO.BancoRef),0))))","v":"(abra o arquivo 'Referência 06-2023.xls)"},{"$f":"ROUND(IF(DESONERACAO=\"sim\",REFERENCIA.Desonerado,REFERENCIA.NaoDesonerado),2)","v":0},0.23530000000000001,null,6,null,null,{"$f":"$X481","v":2705.4},450.9]
[{"$f":"CHOOSE(1+LOG(1+2*(ORÇAMENTO.Nivel=\"Meta\")+4*(ORÇAMENTO.Nivel=\"Nível 2\")+8*(ORÇAMENTO.Nivel=\"Nível 3\")+16*(ORÇAMENTO.Nivel=\"Nível 4\")+32*(ORÇAMENTO.Nivel=\"Serviço\"),2),0,1,2,3,4,\"S\")","v":"S"},{"$f":"IF(OR(C482=\"s\",C482=0),OFFSET(B482,-1,0),C482)","v":2},{"$f":"IF(OFFSET(C482,-1,0)=\"L\",1,IF(OFFSET(C482,-1,0)=1,2,IF(OR(A482=\"s\",A482=0),\"S\",IF(AND(OFFSET(C482,-1,0)=2,A482=4),3,IF(AND(OR(OFFSET(C482,-1,0)=\"s\",OFFSET(C482,-1,0)=0),A482<>\"s\",A482>OFFSET(B482,-1,0)),OFFSET(B482,-1,0),A482)))))","v":"S"},{"$f":"IF(OR(C482=\"S\",C482=0),0,IF(ISERROR(K482),J482,SMALL(J482:K482,1)))","v":0},{"$f":"IF($C482=1,OFFSET(E482,-1,0)+MAX(1,COUNTIF(QCI!$A$13:$A$32,OFFSET(ORÇAMENTO!E482,-1,0))),OFFSET(E482,-1,0))","v":10},{"$f":"IF($C482=1,0,IF($C482=2,OFFSET(F482,-1,0)+1,OFFSET(F482,-1,0)))","v":9},{"$f":"IF(AND($C482<=2,$C482<>0),0,IF($C482=3,OFFSET(G482,-1,0)+1,OFFSET(G482,-1,0)))","v":0},{"$f":"IF(AND($C482<=3,$C482<>0),0,IF($C482=4,OFFSET(H482,-1,0)+1,OFFSET(H482,-1,0)))","v":0},{"$f":"IF(AND($C482<=4,$C482<>0),0,IF(AND($C482=\"S\",$X482>0),OFFSET(I482,-1,0)+1,OFFSET(I482,-1,0)))","v":4},0,{"$f":"IF(OR($C482=\"S\",$C482=0),0,MATCH(OFFSET($D482,0,$C482)+IF($C482<>1,1,COUNTIF(QCI!$A$13:$A$32,ORÇAMENTO!E482)),OFFSET($D482,1,$C482,ROW($C$850)-ROW($C482)),0))","v":0},{"$f":"IF(OR($X482>0,$C482=1,$C482=2,$C482=3,$C482=4),\"F\",\"\")","v":"F"},"Serviço",{"$f":"CHOOSE(1+LOG(1+2*(C482=1)+4*(C482=2)+8*(C482=3)+16*(C482=4)+32*(C482=\"S\"),2),\"\",\"Meta\",\"Nível 2\",\"Nível 3\",\"Nível 4\",\"Serviço\")","v":"Serviço"},{"$f":"IF(OR($C482=0,$L482=\"\"),\"-\",CONCATENATE(E482&\".\",IF(AND($A$5>=2,$C482>=2),F482&\".\",\"\"),IF(AND($A$5>=3,$C482>=3),G482&\".\",\"\"),IF(AND($A$5>=4,$C482>=4),H482&\".\",\"\"),IF($C482=\"S\",I482&\".\",\"\")))","v":"10.9.4."},"AMMOC","337","PLACA DE SINALIZACAO VIARIA QUADRADA L = 60 CM, COM SUPORTE DE ACO GALVANIZADO D = 50 MM E ALTURA = 3 M, INCLUSIVE BASE DE CONCRETO MAGRO","UN ",{"$f":"OFFSET(CÁLCULO!H$15,ROW($T482)-ROW(T$15),0)","v":1},459.55,"BDI 1",{"$f":"IF($C482=\"S\",ROUND(IF(TIPOORCAMENTO=\"Proposto\",ORÇAMENTO.CustoUnitario*(1+$AH482),ORÇAMENTO.PrecoUnitarioLicitado),15-13*$AF$10),0)","v":567.67999999999995},{"$f":"IF($C482=\"S\",VTOTAL1,IF($C482=0,0,ROUND(SomaAgrup,15-13*$AF$11)))","v":567.67999999999995},"RA",{"$f":"IF(AND($C482=\"S\",$X482>0),IF(ISBLANK($Y482),\"RA\",LEFT($Y482,2)),\"\")","v":"RA"},{"$f":"IF($C482=\"S\",IF($Z482=\"CP\",$X482,IF($Z482=\"RA\",(($X482)*QCI!$AA$3),0)),SomaAgrup)","v":567.67999999999995},{"$f":"IF($C482=\"S\",IF($Z482=\"OU\",ROUND($X482,2),0),SomaAgrup)","v":0},{"$f":"IF($N482=\"\",\"\",IF(ORÇAMENTO.Descricao=\"\",\"DESCRIÇÃO\",IF(AND($C482=\"S\",ORÇAMENTO.Unidade=\"\"),\"UNIDADE\",IF($X482<0,\"VALOR NEGATIVO\",IF(OR(AND(TIPOORCAMENTO=\"Proposto\",$AG482<>\"\",$AG482>0,ORÇAMENTO.CustoUnitario>$AG482),AND(TIPOORCAMENTO=\"LICITADO\",ORÇAMENTO.PrecoUnitarioLicitado>$AN482)),\"ACIMA REF.\",\"\")))))","v":""},{"$f":"IF(C482<=CRONO.NivelExibicao,MAX($AD$15:OFFSET(AD482,-1,0))+IF($C482<>1,1,MAX(1,COUNTIF(QCI!$A$13:$A$32,OFFSET($E482,-1,0)))),\"\")","v":""},{"$f":"IF(AND($C482=\"S\",ORÇAMENTO.CodBarra<>\"\"),IF(ORÇAMENTO.Fonte=\"\",ORÇAMENTO.CodBarra,CONCATENATE(ORÇAMENTO.Fonte,\" \",ORÇAMENTO.CodBarra)))","v":"AMMOC 337"},{"$f":"IF(ISERROR(INDIRECT(ORÇAMENTO.BancoRef)),\"(abra o arquivo 'Referência \"&Excel_BuiltIn_Database&\".xls)\",IF(OR($C482<>\"S\",ORÇAMENTO.CodBarra=\"\"),\"(Sem Código)\",IF(ISERROR(MATCH($AE482,INDIRECT(ORÇAMENTO.BancoRef),0)),\"(Código não identificado nas referências)\",MATCH($AE482,INDIRECT(ORÇAMENTO.BancoRef),0))))","v":"(abra o arquivo 'Referência 06-2023.xls)"},{"$f":"ROUND(IF(DESONERACAO=\"sim\",REFERENCIA.Desonerado,REFERENCIA.NaoDesonerado),2)","v":0},{"$f":"ROUND(IF(ISNUMBER(ORÇAMENTO.OpcaoBDI),ORÇAMENTO.OpcaoBDI,IF(LEFT(ORÇAMENTO.OpcaoBDI,3)=\"BDI\",HLOOKUP(ORÇAMENTO.OpcaoBDI,$F$4:$H$5,2,FALSE),0)),15-11*$AF$9)","v":0.23530000000000001},null,1,null,null,567.67999999999995,{"$f":"ROUND(ORÇAMENTO.CustoUnitario*(1+$AH482),2)","v":567.67999999999995}]
["S",2,"S",0,{"$f":"IF($C483=1,OFFSET(E483,-1,0)+MAX(1,COUNTIF(QCI!$A$13:$A$32,OFFSET(ORÇAMENTO!E483,-1,0))),OFFSET(E483,-1,0))","v":10},9,0,0,5,0,{"$f":"IF(OR($C483=\"S\",$C483=0),0,MATCH(OFFSET($D483,0,$C483)+IF($C483<>1,1,COUNTIF(QCI!$A$13:$A$32,ORÇAMENTO!E483)),OFFSET($D483,1,$C483,ROW($C$850)-ROW($C483)),0))","v":0},"F","Serviço","Serviço","10.9.5.","AMMOC","PLRUA","PLACA DE IDENTIFICACAO DE RUA (1 PLACA 45 CM X 20 CM), COM SUPORTE DE ACO GALVANIZADO D = 50 MM E ALTURA = 3 M, INCLUSIVE BASE DE CONCRETO MAGRO","UND",{"$f":"OFFSET(CÁLCULO!H$15,ROW($T483)-ROW(T$15),0)","v":1},335.7,"BDI 1",{"$f":"IF($C483=\"S\",ROUND(IF(TIPOORCAMENTO=\"Proposto\",ORÇAMENTO.CustoUnitario*(1+$AH483),ORÇAMENTO.PrecoUnitarioLicitado),15-13*$AF$10),0)","v":414.69},414.69,"RA","RA",{"$f":"IF($C483=\"S\",IF($Z483=\"CP\",$X483,IF($Z483=\"RA\",(($X483)*QCI!$AA$3),0)),SomaAgrup)","v":414.69},0,{"$f":"IF($N483=\"\",\"\",IF(ORÇAMENTO.Descricao=\"\",\"DESCRIÇÃO\",IF(AND($C483=\"S\",ORÇAMENTO.Unidade=\"\"),\"UNIDADE\",IF($X483<0,\"VALOR NEGATIVO\",IF(OR(AND(TIPOORCAMENTO=\"Proposto\",$AG483<>\"\",$AG483>0,ORÇAMENTO.CustoUnitario>$AG483),AND(TIPOORCAMENTO=\"LICITADO\",ORÇAMENTO.PrecoUnitarioLicitado>$AN483)),\"ACIMA REF.\",\"\")))))","v":""},{"$f":"IF(C483<=CRONO.NivelExibicao,MAX($AD$15:OFFSET(AD483,-1,0))+IF($C483<>1,1,MAX(1,COUNTIF(QCI!$A$13:$A$32,OFFSET($E483,-1,0)))),\"\")","v":""},{"$f":"IF(AND($C483=\"S\",ORÇAMENTO.CodBarra<>\"\"),IF(ORÇAMENTO.Fonte=\"\",ORÇAMENTO.CodBarra,CONCATENATE(ORÇAMENTO.Fonte,\" \",ORÇAMENTO.CodBarra)))","v":"AMMOC PLRUA"},{"$f":"IF(ISERROR(INDIRECT(ORÇAMENTO.BancoRef)),\"(abra o arquivo 'Referência \"&Excel_BuiltIn_Database&\".xls)\",IF(OR($C483<>\"S\",ORÇAMENTO.CodBarra=\"\"),\"(Sem Código)\",IF(ISERROR(MATCH($AE483,INDIRECT(ORÇAMENTO.BancoRef),0)),\"(Código não identificado nas referências)\",MATCH($AE483,INDIRECT(ORÇAMENTO.BancoRef),0))))","v":"(abra o arquivo 'Referência 06-2023.xls)"},{"$f":"ROUND(IF(DESONERACAO=\"sim\",REFERENCIA.Desonerado,REFERENCIA.NaoDesonerado),2)","v":0},0.23530000000000001,null,1,null,null,414.69,414.69]
[{"$f":"CHOOSE(1+LOG(1+2*(ORÇAMENTO.Nivel=\"Meta\")+4*(ORÇAMENTO.Nivel=\"Nível 2\")+8*(ORÇAMENTO.Nivel=\"Nível 3\")+16*(ORÇAMENTO.Nivel=\"Nível 4\")+32*(ORÇAMENTO.Nivel=\"Serviço\"),2),0,1,2,3,4,\"S\")","v":"S"},{"$f":"IF(OR(C484=\"s\",C484=0),OFFSET(B484,-1,0),C484)","v":2},{"$f":"IF(OFFSET(C484,-1,0)=\"L\",1,IF(OFFSET(C484,-1,0)=1,2,IF(OR(A484=\"s\",A484=0),\"S\",IF(AND(OFFSET(C484,-1,0)=2,A484=4),3,IF(AND(OR(OFFSET(C484,-1,0)=\"s\",OFFSET(C484,-1,0)=0),A484<>\"s\",A484>OFFSET(B484,-1,0)),OFFSET(B484,-1,0),A484)))))","v":"S"},{"$f":"IF(OR(C484=\"S\",C484=0),0,IF(ISERROR(K484),J484,SMALL(J484:K484,1)))","v":0},{"$f":"IF($C484=1,OFFSET(E484,-1,0)+MAX(1,COUNTIF(QCI!$A$13:$A$32,OFFSET(ORÇAMENTO!E484,-1,0))),OFFSET(E484,-1,0))","v":10},{"$f":"IF($C484=1,0,IF($C484=2,OFFSET(F484,-1,0)+1,OFFSET(F484,-1,0)))","v":9},{"$f":"IF(AND($C484<=2,$C484<>0),0,IF($C484=3,OFFSET(G484,-1,0)+1,OFFSET(G484,-1,0)))","v":0},{"$f":"IF(AND($C484<=3,$C484<>0),0,IF($C484=4,OFFSET(H484,-1,0)+1,OFFSET(H484,-1,0)))","v":0},{"$f":"IF(AND($C484<=4,$C484<>0),0,IF(AND($C484=\"S\",$X484>0),OFFSET(I484,-1,0)+1,OFFSET(I484,-1,0)))","v":6},0,{"$f":"IF(OR($C484=\"S\",$C484=0),0,MATCH(OFFSET($D484,0,$C484)+IF($C484<>1,1,COUNTIF(QCI!$A$13:$A$32,ORÇAMENTO!E484)),OFFSET($D484,1,$C484,ROW($C$850)-ROW($C484)),0))","v":0},{"$f":"IF(OR($X484>0,$C484=1,$C484=2,$C484=3,$C484=4),\"F\",\"\")","v":"F"},"Serviço",{"$f":"CHOOSE(1+LOG(1+2*(C484=1)+4*(C484=2)+8*(C484=3)+16*(C484=4)+32*(C484=\"S\"),2),\"\",\"Meta\",\"Nível 2\",\"Nível 3\",\"Nível 4\",\"Serviço\")","v":"Serviço"},{"$f":"IF(OR($C484=0,$L484=\"\"),\"-\",CONCATENATE(E484&\".\",IF(AND($A$5>=2,$C484>=2),F484&\".\",\"\"),IF(AND($A$5>=3,$C484>=3),G484&\".\",\"\"),IF(AND($A$5>=4,$C484>=4),H484&\".\",\"\"),IF($C484=\"S\",I484&\".\",\"\")))","v":"10.9.6."},"AMMOC",215,"PLACA DE SINALIZACAO VIARIA OCTOGONAL A = 25 CM, COM SUPORTE DE AÇO GALVANIZADO D = 75 MM E ALTURA = 3 M, INCLUSIVE BASE DE CONCRETO MAGRO","UN ",{"$f":"OFFSET(CÁLCULO!H$15,ROW($T484)-ROW(T$15),0)","v":1},898.27,"BDI 1",{"$f":"IF($C484=\"S\",ROUND(IF(TIPOORCAMENTO=\"Proposto\",ORÇAMENTO.CustoUnitario*(1+$AH484),ORÇAMENTO.PrecoUnitarioLicitado),15-13*$AF$10),0)","v":1109.6300000000001},{"$f":"IF($C484=\"S\",VTOTAL1,IF($C484=0,0,ROUND(SomaAgrup,15-13*$AF$11)))","v":1109.6300000000001},"RA",{"$f":"IF(AND($C484=\"S\",$X484>0),IF(ISBLANK($Y484),\"RA\",LEFT($Y484,2)),\"\")","v":"RA"},{"$f":"IF($C484=\"S\",IF($Z484=\"CP\",$X484,IF($Z484=\"RA\",(($X484)*QCI!$AA$3),0)),SomaAgrup)","v":1109.6300000000001},{"$f":"IF($C484=\"S\",IF($Z484=\"OU\",ROUND($X484,2),0),SomaAgrup)","v":0},{"$f":"IF($N484=\"\",\"\",IF(ORÇAMENTO.Descricao=\"\",\"DESCRIÇÃO\",IF(AND($C484=\"S\",ORÇAMENTO.Unidade=\"\"),\"UNIDADE\",IF($X484<0,\"VALOR NEGATIVO\",IF(OR(AND(TIPOORCAMENTO=\"Proposto\",$AG484<>\"\",$AG484>0,ORÇAMENTO.CustoUnitario>$AG484),AND(TIPOORCAMENTO=\"LICITADO\",ORÇAMENTO.PrecoUnitarioLicitado>$AN484)),\"ACIMA REF.\",\"\")))))","v":""},{"$f":"IF(C484<=CRONO.NivelExibicao,MAX($AD$15:OFFSET(AD484,-1,0))+IF($C484<>1,1,MAX(1,COUNTIF(QCI!$A$13:$A$32,OFFSET($E484,-1,0)))),\"\")","v":""},{"$f":"IF(AND($C484=\"S\",ORÇAMENTO.CodBarra<>\"\"),IF(ORÇAMENTO.Fonte=\"\",ORÇAMENTO.CodBarra,CONCATENATE(ORÇAMENTO.Fonte,\" \",ORÇAMENTO.CodBarra)))","v":"AMMOC 215"},{"$f":"IF(ISERROR(INDIRECT(ORÇAMENTO.BancoRef)),\"(abra o arquivo 'Referência \"&Excel_BuiltIn_Database&\".xls)\",IF(OR($C484<>\"S\",ORÇAMENTO.CodBarra=\"\"),\"(Sem Código)\",IF(ISERROR(MATCH($AE484,INDIRECT(ORÇAMENTO.BancoRef),0)),\"(Código não identificado nas referências)\",MATCH($AE484,INDIRECT(ORÇAMENTO.BancoRef),0))))","v":"(abra o arquivo 'Referência 06-2023.xls)"},{"$f":"ROUND(IF(DESONERACAO=\"sim\",REFERENCIA.Desonerado,REFERENCIA.NaoDesonerado),2)","v":0},{"$f":"ROUND(IF(ISNUMBER(ORÇAMENTO.OpcaoBDI),ORÇAMENTO.OpcaoBDI,IF(LEFT(ORÇAMENTO.OpcaoBDI,3)=\"BDI\",HLOOKUP(ORÇAMENTO.OpcaoBDI,$F$4:$H$5,2,FALSE),0)),15-11*$AF$9)","v":0.23530000000000001},null,1,null,null,1109.6300000000001,{"$f":"ROUND(ORÇAMENTO.CustoUnitario*(1+$AH484),2)","v":1109.6300000000001}]
[1,1,1,47,{"$f":"IF($C485=1,OFFSET(E485,-1,0)+MAX(1,COUNTIF(QCI!$A$13:$A$32,OFFSET(ORÇAMENTO!E485,-1,0))),OFFSET(E485,-1,0))","v":11},0,0,0,0,365,{"$f":"IF(OR($C485=\"S\",$C485=0),0,MATCH(OFFSET($D485,0,$C485)+IF($C485<>1,1,COUNTIF(QCI!$A$13:$A$32,ORÇAMENTO!E485)),OFFSET($D485,1,$C485,ROW($C$850)-ROW($C485)),0))","v":47},"F","Meta","Meta","11.","SINAPI",null,"RUA ULISSES GUIMARÃES","-",{"$f":"OFFSET(CÁLCULO!H$15,ROW($T485)-ROW(T$15),0)","v":0},0,"BDI 1",{"$f":"IF($C485=\"S\",ROUND(IF(TIPOORCAMENTO=\"Proposto\",ORÇAMENTO.CustoUnitario*(1+$AH485),ORÇAMENTO.PrecoUnitarioLicitado),15-13*$AF$10),0)","v":0},444305.03,"RA","",{"$f":"IF($C485=\"S\",IF($Z485=\"CP\",$X485,IF($Z485=\"RA\",(($X485)*QCI!$AA$3),0)),SomaAgrup)","v":444305.02999999991},0,{"$f":"IF($N485=\"\",\"\",IF(ORÇAMENTO.Descricao=\"\",\"DESCRIÇÃO\",IF(AND($C485=\"S\",ORÇAMENTO.Unidade=\"\"),\"UNIDADE\",IF($X485<0,\"VALOR NEGATIVO\",IF(OR(AND(TIPOORCAMENTO=\"Proposto\",$AG485<>\"\",$AG485>0,ORÇAMENTO.CustoUnitario>$AG485),AND(TIPOORCAMENTO=\"LICITADO\",ORÇAMENTO.PrecoUnitarioLicitado>$AN485)),\"ACIMA REF.\",\"\")))))","v":""},{"$f":"IF(C485<=CRONO.NivelExibicao,MAX($AD$15:OFFSET(AD485,-1,0))+IF($C485<>1,1,MAX(1,COUNTIF(QCI!$A$13:$A$32,OFFSET($E485,-1,0)))),\"\")","v":11},{"$f":"IF(AND($C485=\"S\",ORÇAMENTO.CodBarra<>\"\"),IF(ORÇAMENTO.Fonte=\"\",ORÇAMENTO.CodBarra,CONCATENATE(ORÇAMENTO.Fonte,\" \",ORÇAMENTO.CodBarra)))","v":false},{"$f":"IF(ISERROR(INDIRECT(ORÇAMENTO.BancoRef)),\"(abra o arquivo 'Referência \"&Excel_BuiltIn_Database&\".xls)\",IF(OR($C485<>\"S\",ORÇAMENTO.CodBarra=\"\"),\"(Sem Código)\",IF(ISERROR(MATCH($AE485,INDIRECT(ORÇAMENTO.BancoRef),0)),\"(Código não identificado nas referências)\",MATCH($AE485,INDIRECT(ORÇAMENTO.BancoRef),0))))","v":"(abra o arquivo 'Referência 06-2023.xls)"},{"$f":"ROUND(IF(DESONERACAO=\"sim\",REFERENCIA.Desonerado,REFERENCIA.NaoDesonerado),2)","v":0},0.23530000000000001,null,null,null,null,444305.03,0]
[2,2,2,2,{"$f":"IF($C486=1,OFFSET(E486,-1,0)+MAX(1,COUNTIF(QCI!$A$13:$A$32,OFFSET(ORÇAMENTO!E486,-1,0))),OFFSET(E486,-1,0))","v":11},1,0,0,0,46,{"$f":"IF(OR($C486=\"S\",$C486=0),0,MATCH(OFFSET($D486,0,$C486)+IF($C486<>1,1,COUNTIF(QCI!$A$13:$A$32,ORÇAMENTO!E486)),OFFSET($D486,1,$C486,ROW($C$850)-ROW($C486)),0))","v":2},"F","Nível 2","Nível 2","11.1.","SINAPI",null,"SERVIÇOS INICIAIS","-",{"$f":"OFFSET(CÁLCULO!H$15,ROW($T486)-ROW(T$15),0)","v":0},0,"BDI 1",{"$f":"IF($C486=\"S\",ROUND(IF(TIPOORCAMENTO=\"Proposto\",ORÇAMENTO.CustoUnitario*(1+$AH486),ORÇAMENTO.PrecoUnitarioLicitado),15-13*$AF$10),0)","v":0},228.67,"RA","",{"$f":"IF($C486=\"S\",IF($Z486=\"CP\",$X486,IF($Z486=\"RA\",(($X486)*QCI!$AA$3),0)),SomaAgrup)","v":228.67},0,{"$f":"IF($N486=\"\",\"\",IF(ORÇAMENTO.Descricao=\"\",\"DESCRIÇÃO\",IF(AND($C486=\"S\",ORÇAMENTO.Unidade=\"\"),\"UNIDADE\",IF($X486<0,\"VALOR NEGATIVO\",IF(OR(AND(TIPOORCAMENTO=\"Proposto\",$AG486<>\"\",$AG486>0,ORÇAMENTO.CustoUnitario>$AG486),AND(TIPOORCAMENTO=\"LICITADO\",ORÇAMENTO.PrecoUnitarioLicitado>$AN486)),\"ACIMA REF.\",\"\")))))","v":""},{"$f":"IF(C486<=CRONO.NivelExibicao,MAX($AD$15:OFFSET(AD486,-1,0))+IF($C486<>1,1,MAX(1,COUNTIF(QCI!$A$13:$A$32,OFFSET($E486,-1,0)))),\"\")","v":""},{"$f":"IF(AND($C486=\"S\",ORÇAMENTO.CodBarra<>\"\"),IF(ORÇAMENTO.Fonte=\"\",ORÇAMENTO.CodBarra,CONCATENATE(ORÇAMENTO.Fonte,\" \",ORÇAMENTO.CodBarra)))","v":false},{"$f":"IF(ISERROR(INDIRECT(ORÇAMENTO.BancoRef)),\"(abra o arquivo 'Referência \"&Excel_BuiltIn_Database&\".xls)\",IF(OR($C486<>\"S\",ORÇAMENTO.CodBarra=\"\"),\"(Sem Código)\",IF(ISERROR(MATCH($AE486,INDIRECT(ORÇAMENTO.BancoRef),0)),\"(Código não identificado nas referências)\",MATCH($AE486,INDIRECT(ORÇAMENTO.BancoRef),0))))","v":"(abra o arquivo 'Referência 06-2023.xls)"},{"$f":"ROUND(IF(DESONERACAO=\"sim\",REFERENCIA.Desonerado,REFERENCIA.NaoDesonerado),2)","v":0},0.23530000000000001,null,null,null,null,228.67,0]
["S",2,"S",0,{"$f":"IF($C487=1,OFFSET(E487,-1,0)+MAX(1,COUNTIF(QCI!$A$13:$A$32,OFFSET(ORÇAMENTO!E487,-1,0))),OFFSET(E487,-1,0))","v":11},1,0,0,1,0,{"$f":"IF(OR($C487=\"S\",$C487=0),0,MATCH(OFFSET($D487,0,$C487)+IF($C487<>1,1,COUNTIF(QCI!$A$13:$A$32,ORÇAMENTO!E487)),OFFSET($D487,1,$C487,ROW($C$850)-ROW($C487)),0))","v":0},"F","Serviço","Serviço","11.1.1.","SINAPI","99064","LOCAÇÃO DE PAVIMENTAÇÃO","M",{"$f":"OFFSET(CÁLCULO!H$15,ROW($T487)-ROW(T$15),0)","v":387.57},0.48,"BDI 1",{"$f":"IF($C487=\"S\",ROUND(IF(TIPOORCAMENTO=\"Proposto\",ORÇAMENTO.CustoUnitario*(1+$AH487),ORÇAMENTO.PrecoUnitarioLicitado),15-13*$AF$10),0)","v":0.59},228.67,"RA","RA",{"$f":"IF($C487=\"S\",IF($Z487=\"CP\",$X487,IF($Z487=\"RA\",(($X487)*QCI!$AA$3),0)),SomaAgrup)","v":228.67},0,{"$f":"IF($N487=\"\",\"\",IF(ORÇAMENTO.Descricao=\"\",\"DESCRIÇÃO\",IF(AND($C487=\"S\",ORÇAMENTO.Unidade=\"\"),\"UNIDADE\",IF($X487<0,\"VALOR NEGATIVO\",IF(OR(AND(TIPOORCAMENTO=\"Proposto\",$AG487<>\"\",$AG487>0,ORÇAMENTO.CustoUnitario>$AG487),AND(TIPOORCAMENTO=\"LICITADO\",ORÇAMENTO.PrecoUnitarioLicitado>$AN487)),\"ACIMA REF.\",\"\")))))","v":""},{"$f":"IF(C487<=CRONO.NivelExibicao,MAX($AD$15:OFFSET(AD487,-1,0))+IF($C487<>1,1,MAX(1,COUNTIF(QCI!$A$13:$A$32,OFFSET($E487,-1,0)))),\"\")","v":""},{"$f":"IF(AND($C487=\"S\",ORÇAMENTO.CodBarra<>\"\"),IF(ORÇAMENTO.Fonte=\"\",ORÇAMENTO.CodBarra,CONCATENATE(ORÇAMENTO.Fonte,\" \",ORÇAMENTO.CodBarra)))","v":"SINAPI 99064"},{"$f":"IF(ISERROR(INDIRECT(ORÇAMENTO.BancoRef)),\"(abra o arquivo 'Referência \"&Excel_BuiltIn_Database&\".xls)\",IF(OR($C487<>\"S\",ORÇAMENTO.CodBarra=\"\"),\"(Sem Código)\",IF(ISERROR(MATCH($AE487,INDIRECT(ORÇAMENTO.BancoRef),0)),\"(Código não identificado nas referências)\",MATCH($AE487,INDIRECT(ORÇAMENTO.BancoRef),0))))","v":"(abra o arquivo 'Referência 06-2023.xls)"},{"$f":"ROUND(IF(DESONERACAO=\"sim\",REFERENCIA.Desonerado,REFERENCIA.NaoDesonerado),2)","v":0},0.23530000000000001,null,387.57,null,null,228.67,0.59]
[2,2,2,4,{"$f":"IF($C488=1,OFFSET(E488,-1,0)+MAX(1,COUNTIF(QCI!$A$13:$A$32,OFFSET(ORÇAMENTO!E488,-1,0))),OFFSET(E488,-1,0))","v":11},2,0,0,0,44,{"$f":"IF(OR($C488=\"S\",$C488=0),0,MATCH(OFFSET($D488,0,$C488)+IF($C488<>1,1,COUNTIF(QCI!$A$13:$A$32,ORÇAMENTO!E488)),OFFSET($D488,1,$C488,ROW($C$850)-ROW($C488)),0))","v":4},"F","Nível 2","Nível 2","11.2.","SINAPI",null,"DEMOLIÇÕES E REMOÇÕES","-",{"$f":"OFFSET(CÁLCULO!H$15,ROW($T488)-ROW(T$15),0)","v":0},0,"BDI 1",{"$f":"IF($C488=\"S\",ROUND(IF(TIPOORCAMENTO=\"Proposto\",ORÇAMENTO.CustoUnitario*(1+$AH488),ORÇAMENTO.PrecoUnitarioLicitado),15-13*$AF$10),0)","v":0},231.21,"RA","",{"$f":"IF($C488=\"S\",IF($Z488=\"CP\",$X488,IF($Z488=\"RA\",(($X488)*QCI!$AA$3),0)),SomaAgrup)","v":231.20999999999998},0,{"$f":"IF($N488=\"\",\"\",IF(ORÇAMENTO.Descricao=\"\",\"DESCRIÇÃO\",IF(AND($C488=\"S\",ORÇAMENTO.Unidade=\"\"),\"UNIDADE\",IF($X488<0,\"VALOR NEGATIVO\",IF(OR(AND(TIPOORCAMENTO=\"Proposto\",$AG488<>\"\",$AG488>0,ORÇAMENTO.CustoUnitario>$AG488),AND(TIPOORCAMENTO=\"LICITADO\",ORÇAMENTO.PrecoUnitarioLicitado>$AN488)),\"ACIMA REF.\",\"\")))))","v":""},{"$f":"IF(C488<=CRONO.NivelExibicao,MAX($AD$15:OFFSET(AD488,-1,0))+IF($C488<>1,1,MAX(1,COUNTIF(QCI!$A$13:$A$32,OFFSET($E488,-1,0)))),\"\")","v":""},{"$f":"IF(AND($C488=\"S\",ORÇAMENTO.CodBarra<>\"\"),IF(ORÇAMENTO.Fonte=\"\",ORÇAMENTO.CodBarra,CONCATENATE(ORÇAMENTO.Fonte,\" \",ORÇAMENTO.CodBarra)))","v":false},{"$f":"IF(ISERROR(INDIRECT(ORÇAMENTO.BancoRef)),\"(abra o arquivo 'Referência \"&Excel_BuiltIn_Database&\".xls)\",IF(OR($C488<>\"S\",ORÇAMENTO.CodBarra=\"\"),\"(Sem Código)\",IF(ISERROR(MATCH($AE488,INDIRECT(ORÇAMENTO.BancoRef),0)),\"(Código não identificado nas referências)\",MATCH($AE488,INDIRECT(ORÇAMENTO.BancoRef),0))))","v":"(abra o arquivo 'Referência 06-2023.xls)"},{"$f":"ROUND(IF(DESONERACAO=\"sim\",REFERENCIA.Desonerado,REFERENCIA.NaoDesonerado),2)","v":0},0.23530000000000001,null,null,null,null,231.21,0]
["S",2,"S",0,{"$f":"IF($C489=1,OFFSET(E489,-1,0)+MAX(1,COUNTIF(QCI!$A$13:$A$32,OFFSET(ORÇAMENTO!E489,-1,0))),OFFSET(E489,-1,0))","v":11},2,0,0,1,0,{"$f":"IF(OR($C489=\"S\",$C489=0),0,MATCH(OFFSET($D489,0,$C489)+IF($C489<>1,1,COUNTIF(QCI!$A$13:$A$32,ORÇAMENTO!E489)),OFFSET($D489,1,$C489,ROW($C$850)-ROW($C489)),0))","v":0},"F","Serviço","Serviço","11.2.1.","SINAPI","97629","DEMOLIÇÃO DE PASSEIOS E ESTRUTURAS DE CONCRETO, DE FORMA MECANIZADA COM MARTELETE, SEM REAPROVEITAMENTO","M3",{"$f":"OFFSET(CÁLCULO!H$15,ROW($T489)-ROW(T$15),0)","v":1.28},135.44,"BDI 1",{"$f":"IF($C489=\"S\",ROUND(IF(TIPOORCAMENTO=\"Proposto\",ORÇAMENTO.CustoUnitario*(1+$AH489),ORÇAMENTO.PrecoUnitarioLicitado),15-13*$AF$10),0)","v":167.31},214.16,"RA","RA",{"$f":"IF($C489=\"S\",IF($Z489=\"CP\",$X489,IF($Z489=\"RA\",(($X489)*QCI!$AA$3),0)),SomaAgrup)","v":214.16},0,{"$f":"IF($N489=\"\",\"\",IF(ORÇAMENTO.Descricao=\"\",\"DESCRIÇÃO\",IF(AND($C489=\"S\",ORÇAMENTO.Unidade=\"\"),\"UNIDADE\",IF($X489<0,\"VALOR NEGATIVO\",IF(OR(AND(TIPOORCAMENTO=\"Proposto\",$AG489<>\"\",$AG489>0,ORÇAMENTO.CustoUnitario>$AG489),AND(TIPOORCAMENTO=\"LICITADO\",ORÇAMENTO.PrecoUnitarioLicitado>$AN489)),\"ACIMA REF.\",\"\")))))","v":""},{"$f":"IF(C489<=CRONO.NivelExibicao,MAX($AD$15:OFFSET(AD489,-1,0))+IF($C489<>1,1,MAX(1,COUNTIF(QCI!$A$13:$A$32,OFFSET($E489,-1,0)))),\"\")","v":""},{"$f":"IF(AND($C489=\"S\",ORÇAMENTO.CodBarra<>\"\"),IF(ORÇAMENTO.Fonte=\"\",ORÇAMENTO.CodBarra,CONCATENATE(ORÇAMENTO.Fonte,\" \",ORÇAMENTO.CodBarra)))","v":"SINAPI 97629"},{"$f":"IF(ISERROR(INDIRECT(ORÇAMENTO.BancoRef)),\"(abra o arquivo 'Referência \"&Excel_BuiltIn_Database&\".xls)\",IF(OR($C489<>\"S\",ORÇAMENTO.CodBarra=\"\"),\"(Sem Código)\",IF(ISERROR(MATCH($AE489,INDIRECT(ORÇAMENTO.BancoRef),0)),\"(Código não identificado nas referências)\",MATCH($AE489,INDIRECT(ORÇAMENTO.BancoRef),0))))","v":"(abra o arquivo 'Referência 06-2023.xls)"},{"$f":"ROUND(IF(DESONERACAO=\"sim\",REFERENCIA.Desonerado,REFERENCIA.NaoDesonerado),2)","v":0},0.23530000000000001,null,1.28,null,null,214.16,167.31]
["S",2,"S",0,{"$f":"IF($C490=1,OFFSET(E490,-1,0)+MAX(1,COUNTIF(QCI!$A$13:$A$32,OFFSET(ORÇAMENTO!E490,-1,0))),OFFSET(E490,-1,0))","v":11},2,0,0,2,0,{"$f":"IF(OR($C490=\"S\",$C490=0),0,MATCH(OFFSET($D490,0,$C490)+IF($C490<>1,1,COUNTIF(QCI!$A$13:$A$32,ORÇAMENTO!E490)),OFFSET($D490,1,$C490,ROW($C$850)-ROW($C490)),0))","v":0},"F","Serviço","Serviço","11.2.2.","SINAPI","100978","CARGA, MANOBRA E DESCARGA DE MATERIAL REMOVIDO EM CAMINHÃO BASCULANTE - CARGA COM ESCAVADEIRA HIDRÁULICA","M3",{"$f":"OFFSET(CÁLCULO!H$15,ROW($T490)-ROW(T$15),0)","v":1.28},6.33,"BDI 1",{"$f":"IF($C490=\"S\",ROUND(IF(TIPOORCAMENTO=\"Proposto\",ORÇAMENTO.CustoUnitario*(1+$AH490),ORÇAMENTO.PrecoUnitarioLicitado),15-13*$AF$10),0)","v":7.82},10.01,"RA","RA",{"$f":"IF($C490=\"S\",IF($Z490=\"CP\",$X490,IF($Z490=\"RA\",(($X490)*QCI!$AA$3),0)),SomaAgrup)","v":10.01},0,{"$f":"IF($N490=\"\",\"\",IF(ORÇAMENTO.Descricao=\"\",\"DESCRIÇÃO\",IF(AND($C490=\"S\",ORÇAMENTO.Unidade=\"\"),\"UNIDADE\",IF($X490<0,\"VALOR NEGATIVO\",IF(OR(AND(TIPOORCAMENTO=\"Proposto\",$AG490<>\"\",$AG490>0,ORÇAMENTO.CustoUnitario>$AG490),AND(TIPOORCAMENTO=\"LICITADO\",ORÇAMENTO.PrecoUnitarioLicitado>$AN490)),\"ACIMA REF.\",\"\")))))","v":""},{"$f":"IF(C490<=CRONO.NivelExibicao,MAX($AD$15:OFFSET(AD490,-1,0))+IF($C490<>1,1,MAX(1,COUNTIF(QCI!$A$13:$A$32,OFFSET($E490,-1,0)))),\"\")","v":""},{"$f":"IF(AND($C490=\"S\",ORÇAMENTO.CodBarra<>\"\"),IF(ORÇAMENTO.Fonte=\"\",ORÇAMENTO.CodBarra,CONCATENATE(ORÇAMENTO.Fonte,\" \",ORÇAMENTO.CodBarra)))","v":"SINAPI 100978"},{"$f":"IF(ISERROR(INDIRECT(ORÇAMENTO.BancoRef)),\"(abra o arquivo 'Referência \"&Excel_BuiltIn_Database&\".xls)\",IF(OR($C490<>\"S\",ORÇAMENTO.CodBarra=\"\"),\"(Sem Código)\",IF(ISERROR(MATCH($AE490,INDIRECT(ORÇAMENTO.BancoRef),0)),\"(Código não identificado nas referências)\",MATCH($AE490,INDIRECT(ORÇAMENTO.BancoRef),0))))","v":"(abra o arquivo 'Referência 06-2023.xls)"},{"$f":"ROUND(IF(DESONERACAO=\"sim\",REFERENCIA.Desonerado,REFERENCIA.NaoDesonerado),2)","v":0},0.23530000000000001,null,{"$f":"AJ489","v":1.28},null,null,10.01,7.82]
["S",2,"S",0,{"$f":"IF($C491=1,OFFSET(E491,-1,0)+MAX(1,COUNTIF(QCI!$A$13:$A$32,OFFSET(ORÇAMENTO!E491,-1,0))),OFFSET(E491,-1,0))","v":11},2,0,0,3,0,{"$f":"IF(OR($C491=\"S\",$C491=0),0,MATCH(OFFSET($D491,0,$C491)+IF($C491<>1,1,COUNTIF(QCI!$A$13:$A$32,ORÇAMENTO!E491)),OFFSET($D491,1,$C491,ROW($C$850)-ROW($C491)),0))","v":0},"F","Serviço","Serviço","11.2.3.","SINAPI","95875","TRANSPORTE DE MATERIAL REMOVIDO COM CAMINHÃO BASCULANTE, DMT = 2 KM","M3XKM",{"$f":"OFFSET(CÁLCULO!H$15,ROW($T491)-ROW(T$15),0)","v":2.56},2.23,"BDI 1",{"$f":"IF($C491=\"S\",ROUND(IF(TIPOORCAMENTO=\"Proposto\",ORÇAMENTO.CustoUnitario*(1+$AH491),ORÇAMENTO.PrecoUnitarioLicitado),15-13*$AF$10),0)","v":2.75},7.04,"RA","RA",{"$f":"IF($C491=\"S\",IF($Z491=\"CP\",$X491,IF($Z491=\"RA\",(($X491)*QCI!$AA$3),0)),SomaAgrup)","v":7.04},0,{"$f":"IF($N491=\"\",\"\",IF(ORÇAMENTO.Descricao=\"\",\"DESCRIÇÃO\",IF(AND($C491=\"S\",ORÇAMENTO.Unidade=\"\"),\"UNIDADE\",IF($X491<0,\"VALOR NEGATIVO\",IF(OR(AND(TIPOORCAMENTO=\"Proposto\",$AG491<>\"\",$AG491>0,ORÇAMENTO.CustoUnitario>$AG491),AND(TIPOORCAMENTO=\"LICITADO\",ORÇAMENTO.PrecoUnitarioLicitado>$AN491)),\"ACIMA REF.\",\"\")))))","v":""},{"$f":"IF(C491<=CRONO.NivelExibicao,MAX($AD$15:OFFSET(AD491,-1,0))+IF($C491<>1,1,MAX(1,COUNTIF(QCI!$A$13:$A$32,OFFSET($E491,-1,0)))),\"\")","v":""},{"$f":"IF(AND($C491=\"S\",ORÇAMENTO.CodBarra<>\"\"),IF(ORÇAMENTO.Fonte=\"\",ORÇAMENTO.CodBarra,CONCATENATE(ORÇAMENTO.Fonte,\" \",ORÇAMENTO.CodBarra)))","v":"SINAPI 95875"},{"$f":"IF(ISERROR(INDIRECT(ORÇAMENTO.BancoRef)),\"(abra o arquivo 'Referência \"&Excel_BuiltIn_Database&\".xls)\",IF(OR($C491<>\"S\",ORÇAMENTO.CodBarra=\"\"),\"(Sem Código)\",IF(ISERROR(MATCH($AE491,INDIRECT(ORÇAMENTO.BancoRef),0)),\"(Código não identificado nas referências)\",MATCH($AE491,INDIRECT(ORÇAMENTO.BancoRef),0))))","v":"(abra o arquivo 'Referência 06-2023.xls)"},{"$f":"ROUND(IF(DESONERACAO=\"sim\",REFERENCIA.Desonerado,REFERENCIA.NaoDesonerado),2)","v":0},0.23530000000000001,null,{"$f":"AJ490*2","v":2.56},null,null,7.04,2.75]
[2,2,2,7,{"$f":"IF($C492=1,OFFSET(E492,-1,0)+MAX(1,COUNTIF(QCI!$A$13:$A$32,OFFSET(ORÇAMENTO!E492,-1,0))),OFFSET(E492,-1,0))","v":11},3,0,0,0,40,{"$f":"IF(OR($C492=\"S\",$C492=0),0,MATCH(OFFSET($D492,0,$C492)+IF($C492<>1,1,COUNTIF(QCI!$A$13:$A$32,ORÇAMENTO!E492)),OFFSET($D492,1,$C492,ROW($C$850)-ROW($C492)),0))","v":7},"F","Nível 2","Nível 2","11.3.","SINAPI",null,"ESCAVAÇÕES E MOVIMENTAÇÕES DE TERRA","-",{"$f":"OFFSET(CÁLCULO!H$15,ROW($T492)-ROW(T$15),0)","v":0},0,"BDI 1",{"$f":"IF($C492=\"S\",ROUND(IF(TIPOORCAMENTO=\"Proposto\",ORÇAMENTO.CustoUnitario*(1+$AH492),ORÇAMENTO.PrecoUnitarioLicitado),15-13*$AF$10),0)","v":0},3118.12,"RA","",{"$f":"IF($C492=\"S\",IF($Z492=\"CP\",$X492,IF($Z492=\"RA\",(($X492)*QCI!$AA$3),0)),SomaAgrup)","v":3118.1199999999994},0,{"$f":"IF($N492=\"\",\"\",IF(ORÇAMENTO.Descricao=\"\",\"DESCRIÇÃO\",IF(AND($C492=\"S\",ORÇAMENTO.Unidade=\"\"),\"UNIDADE\",IF($X492<0,\"VALOR NEGATIVO\",IF(OR(AND(TIPOORCAMENTO=\"Proposto\",$AG492<>\"\",$AG492>0,ORÇAMENTO.CustoUnitario>$AG492),AND(TIPOORCAMENTO=\"LICITADO\",ORÇAMENTO.PrecoUnitarioLicitado>$AN492)),\"ACIMA REF.\",\"\")))))","v":""},{"$f":"IF(C492<=CRONO.NivelExibicao,MAX($AD$15:OFFSET(AD492,-1,0))+IF($C492<>1,1,MAX(1,COUNTIF(QCI!$A$13:$A$32,OFFSET($E492,-1,0)))),\"\")","v":""},{"$f":"IF(AND($C492=\"S\",ORÇAMENTO.CodBarra<>\"\"),IF(ORÇAMENTO.Fonte=\"\",ORÇAMENTO.CodBarra,CONCATENATE(ORÇAMENTO.Fonte,\" \",ORÇAMENTO.CodBarra)))","v":false},{"$f":"IF(ISERROR(INDIRECT(ORÇAMENTO.BancoRef)),\"(abra o arquivo 'Referência \"&Excel_BuiltIn_Database&\".xls)\",IF(OR($C492<>\"S\",ORÇAMENTO.CodBarra=\"\"),\"(Sem Código)\",IF(ISERROR(MATCH($AE492,INDIRECT(ORÇAMENTO.BancoRef),0)),\"(Código não identificado nas referências)\",MATCH($AE492,INDIRECT(ORÇAMENTO.BancoRef),0))))","v":"(abra o arquivo 'Referência 06-2023.xls)"},{"$f":"ROUND(IF(DESONERACAO=\"sim\",REFERENCIA.Desonerado,REFERENCIA.NaoDesonerado),2)","v":0},0.23530000000000001,null,null,null,null,3118.12,0]
["S",2,"S",0,{"$f":"IF($C493=1,OFFSET(E493,-1,0)+MAX(1,COUNTIF(QCI!$A$13:$A$32,OFFSET(ORÇAMENTO!E493,-1,0))),OFFSET(E493,-1,0))","v":11},3,0,0,1,0,{"$f":"IF(OR($C493=\"S\",$C493=0),0,MATCH(OFFSET($D493,0,$C493)+IF($C493<>1,1,COUNTIF(QCI!$A$13:$A$32,ORÇAMENTO!E493)),OFFSET($D493,1,$C493,ROW($C$850)-ROW($C493)),0))","v":0},"F","Serviço","Serviço","11.3.1.","SINAPI","102276","ESCAVAÇÃO MECANIZADA DE VALA E TALUDES EM SOLO DE 2A CATEGORIA, EM LOCAIS COM ALTO NÍVEL DE INTERFERÊNCIA","M3",{"$f":"OFFSET(CÁLCULO!H$15,ROW($T493)-ROW(T$15),0)","v":79.569999999999993},12.08,"BDI 1",{"$f":"IF($C493=\"S\",ROUND(IF(TIPOORCAMENTO=\"Proposto\",ORÇAMENTO.CustoUnitario*(1+$AH493),ORÇAMENTO.PrecoUnitarioLicitado),15-13*$AF$10),0)","v":14.92},1187.18,"RA","RA",{"$f":"IF($C493=\"S\",IF($Z493=\"CP\",$X493,IF($Z493=\"RA\",(($X493)*QCI!$AA$3),0)),SomaAgrup)","v":1187.18},0,{"$f":"IF($N493=\"\",\"\",IF(ORÇAMENTO.Descricao=\"\",\"DESCRIÇÃO\",IF(AND($C493=\"S\",ORÇAMENTO.Unidade=\"\"),\"UNIDADE\",IF($X493<0,\"VALOR NEGATIVO\",IF(OR(AND(TIPOORCAMENTO=\"Proposto\",$AG493<>\"\",$AG493>0,ORÇAMENTO.CustoUnitario>$AG493),AND(TIPOORCAMENTO=\"LICITADO\",ORÇAMENTO.PrecoUnitarioLicitado>$AN493)),\"ACIMA REF.\",\"\")))))","v":""},{"$f":"IF(C493<=CRONO.NivelExibicao,MAX($AD$15:OFFSET(AD493,-1,0))+IF($C493<>1,1,MAX(1,COUNTIF(QCI!$A$13:$A$32,OFFSET($E493,-1,0)))),\"\")","v":""},{"$f":"IF(AND($C493=\"S\",ORÇAMENTO.CodBarra<>\"\"),IF(ORÇAMENTO.Fonte=\"\",ORÇAMENTO.CodBarra,CONCATENATE(ORÇAMENTO.Fonte,\" \",ORÇAMENTO.CodBarra)))","v":"SINAPI 102276"},{"$f":"IF(ISERROR(INDIRECT(ORÇAMENTO.BancoRef)),\"(abra o arquivo 'Referência \"&Excel_BuiltIn_Database&\".xls)\",IF(OR($C493<>\"S\",ORÇAMENTO.CodBarra=\"\"),\"(Sem Código)\",IF(ISERROR(MATCH($AE493,INDIRECT(ORÇAMENTO.BancoRef),0)),\"(Código não identificado nas referências)\",MATCH($AE493,INDIRECT(ORÇAMENTO.BancoRef),0))))","v":"(abra o arquivo 'Referência 06-2023.xls)"},{"$f":"ROUND(IF(DESONERACAO=\"sim\",REFERENCIA.Desonerado,REFERENCIA.NaoDesonerado),2)","v":0},0.23530000000000001,null,79.569999999999993,null,null,1187.18,14.92]
["S",2,"S",0,{"$f":"IF($C494=1,OFFSET(E494,-1,0)+MAX(1,COUNTIF(QCI!$A$13:$A$32,OFFSET(ORÇAMENTO!E494,-1,0))),OFFSET(E494,-1,0))","v":11},3,0,0,2,0,{"$f":"IF(OR($C494=\"S\",$C494=0),0,MATCH(OFFSET($D494,0,$C494)+IF($C494<>1,1,COUNTIF(QCI!$A$13:$A$32,ORÇAMENTO!E494)),OFFSET($D494,1,$C494,ROW($C$850)-ROW($C494)),0))","v":0},"F","Serviço","Serviço","11.3.2.","SINAPI","100978","CARGA, MANOBRA E DESCARGA DE MATERIAL REMOVIDO EM CAMINHÃO BASCULANTE - CARGA COM ESCAVADEIRA HIDRÁULICA","M3",{"$f":"OFFSET(CÁLCULO!H$15,ROW($T494)-ROW(T$15),0)","v":79.569999999999993},6.33,"BDI 1",{"$f":"IF($C494=\"S\",ROUND(IF(TIPOORCAMENTO=\"Proposto\",ORÇAMENTO.CustoUnitario*(1+$AH494),ORÇAMENTO.PrecoUnitarioLicitado),15-13*$AF$10),0)","v":7.82},622.24,"RA","RA",{"$f":"IF($C494=\"S\",IF($Z494=\"CP\",$X494,IF($Z494=\"RA\",(($X494)*QCI!$AA$3),0)),SomaAgrup)","v":622.24},0,{"$f":"IF($N494=\"\",\"\",IF(ORÇAMENTO.Descricao=\"\",\"DESCRIÇÃO\",IF(AND($C494=\"S\",ORÇAMENTO.Unidade=\"\"),\"UNIDADE\",IF($X494<0,\"VALOR NEGATIVO\",IF(OR(AND(TIPOORCAMENTO=\"Proposto\",$AG494<>\"\",$AG494>0,ORÇAMENTO.CustoUnitario>$AG494),AND(TIPOORCAMENTO=\"LICITADO\",ORÇAMENTO.PrecoUnitarioLicitado>$AN494)),\"ACIMA REF.\",\"\")))))","v":""},{"$f":"IF(C494<=CRONO.NivelExibicao,MAX($AD$15:OFFSET(AD494,-1,0))+IF($C494<>1,1,MAX(1,COUNTIF(QCI!$A$13:$A$32,OFFSET($E494,-1,0)))),\"\")","v":""},{"$f":"IF(AND($C494=\"S\",ORÇAMENTO.CodBarra<>\"\"),IF(ORÇAMENTO.Fonte=\"\",ORÇAMENTO.CodBarra,CONCATENATE(ORÇAMENTO.Fonte,\" \",ORÇAMENTO.CodBarra)))","v":"SINAPI 100978"},{"$f":"IF(ISERROR(INDIRECT(ORÇAMENTO.BancoRef)),\"(abra o arquivo 'Referência \"&Excel_BuiltIn_Database&\".xls)\",IF(OR($C494<>\"S\",ORÇAMENTO.CodBarra=\"\"),\"(Sem Código)\",IF(ISERROR(MATCH($AE494,INDIRECT(ORÇAMENTO.BancoRef),0)),\"(Código não identificado nas referências)\",MATCH($AE494,INDIRECT(ORÇAMENTO.BancoRef),0))))","v":"(abra o arquivo 'Referência 06-2023.xls)"},{"$f":"ROUND(IF(DESONERACAO=\"sim\",REFERENCIA.Desonerado,REFERENCIA.NaoDesonerado),2)","v":0},0.23530000000000001,null,{"$f":"AJ493","v":79.569999999999993},null,null,622.24,7.82]
["S",2,"S",0,{"$f":"IF($C495=1,OFFSET(E495,-1,0)+MAX(1,COUNTIF(QCI!$A$13:$A$32,OFFSET(ORÇAMENTO!E495,-1,0))),OFFSET(E495,-1,0))","v":11},3,0,0,3,0,{"$f":"IF(OR($C495=\"S\",$C495=0),0,MATCH(OFFSET($D495,0,$C495)+IF($C495<>1,1,COUNTIF(QCI!$A$13:$A$32,ORÇAMENTO!E495)),OFFSET($D495,1,$C495,ROW($C$850)-ROW($C495)),0))","v":0},"F","Serviço","Serviço","11.3.3.","SINAPI","95875","TRANSPORTE DE MATERIAL REMOVIDO COM CAMINHÃO BASCULANTE, DMT = 5 KM","M3XKM",{"$f":"OFFSET(CÁLCULO!H$15,ROW($T495)-ROW(T$15),0)","v":159.13999999999999},2.23,"BDI 1",{"$f":"IF($C495=\"S\",ROUND(IF(TIPOORCAMENTO=\"Proposto\",ORÇAMENTO.CustoUnitario*(1+$AH495),ORÇAMENTO.PrecoUnitarioLicitado),15-13*$AF$10),0)","v":2.75},437.64,"RA","RA",{"$f":"IF($C495=\"S\",IF($Z495=\"CP\",$X495,IF($Z495=\"RA\",(($X495)*QCI!$AA$3),0)),SomaAgrup)","v":437.64},0,{"$f":"IF($N495=\"\",\"\",IF(ORÇAMENTO.Descricao=\"\",\"DESCRIÇÃO\",IF(AND($C495=\"S\",ORÇAMENTO.Unidade=\"\"),\"UNIDADE\",IF($X495<0,\"VALOR NEGATIVO\",IF(OR(AND(TIPOORCAMENTO=\"Proposto\",$AG495<>\"\",$AG495>0,ORÇAMENTO.CustoUnitario>$AG495),AND(TIPOORCAMENTO=\"LICITADO\",ORÇAMENTO.PrecoUnitarioLicitado>$AN495)),\"ACIMA REF.\",\"\")))))","v":""},{"$f":"IF(C495<=CRONO.NivelExibicao,MAX($AD$15:OFFSET(AD495,-1,0))+IF($C495<>1,1,MAX(1,COUNTIF(QCI!$A$13:$A$32,OFFSET($E495,-1,0)))),\"\")","v":""},{"$f":"IF(AND($C495=\"S\",ORÇAMENTO.CodBarra<>\"\"),IF(ORÇAMENTO.Fonte=\"\",ORÇAMENTO.CodBarra,CONCATENATE(ORÇAMENTO.Fonte,\" \",ORÇAMENTO.CodBarra)))","v":"SINAPI 95875"},{"$f":"IF(ISERROR(INDIRECT(ORÇAMENTO.BancoRef)),\"(abra o arquivo 'Referência \"&Excel_BuiltIn_Database&\".xls)\",IF(OR($C495<>\"S\",ORÇAMENTO.CodBarra=\"\"),\"(Sem Código)\",IF(ISERROR(MATCH($AE495,INDIRECT(ORÇAMENTO.BancoRef),0)),\"(Código não identificado nas referências)\",MATCH($AE495,INDIRECT(ORÇAMENTO.BancoRef),0))))","v":"(abra o arquivo 'Referência 06-2023.xls)"},{"$f":"ROUND(IF(DESONERACAO=\"sim\",REFERENCIA.Desonerado,REFERENCIA.NaoDesonerado),2)","v":0},0.23530000000000001,null,{"$f":"AJ494*2","v":159.13999999999999},null,null,437.64,2.75]
["S",2,"S",0,{"$f":"IF($C496=1,OFFSET(E496,-1,0)+MAX(1,COUNTIF(QCI!$A$13:$A$32,OFFSET(ORÇAMENTO!E496,-1,0))),OFFSET(E496,-1,0))","v":11},3,0,0,4,0,{"$f":"IF(OR($C496=\"S\",$C496=0),0,MATCH(OFFSET($D496,0,$C496)+IF($C496<>1,1,COUNTIF(QCI!$A$13:$A$32,ORÇAMENTO!E496)),OFFSET($D496,1,$C496,ROW($C$850)-ROW($C496)),0))","v":0},"F","Serviço","Serviço","11.3.4.","SINAPI","102355","DESMONTE DE BLOCOS DE ROCHA COM MARTELETE PNEUMÁTICO","M3",{"$f":"OFFSET(CÁLCULO!H$15,ROW($T496)-ROW(T$15),0)","v":3.98},166.39,"BDI 1",{"$f":"IF($C496=\"S\",ROUND(IF(TIPOORCAMENTO=\"Proposto\",ORÇAMENTO.CustoUnitario*(1+$AH496),ORÇAMENTO.PrecoUnitarioLicitado),15-13*$AF$10),0)","v":205.54},818.05,"RA","RA",{"$f":"IF($C496=\"S\",IF($Z496=\"CP\",$X496,IF($Z496=\"RA\",(($X496)*QCI!$AA$3),0)),SomaAgrup)","v":818.05},0,{"$f":"IF($N496=\"\",\"\",IF(ORÇAMENTO.Descricao=\"\",\"DESCRIÇÃO\",IF(AND($C496=\"S\",ORÇAMENTO.Unidade=\"\"),\"UNIDADE\",IF($X496<0,\"VALOR NEGATIVO\",IF(OR(AND(TIPOORCAMENTO=\"Proposto\",$AG496<>\"\",$AG496>0,ORÇAMENTO.CustoUnitario>$AG496),AND(TIPOORCAMENTO=\"LICITADO\",ORÇAMENTO.PrecoUnitarioLicitado>$AN496)),\"ACIMA REF.\",\"\")))))","v":""},{"$f":"IF(C496<=CRONO.NivelExibicao,MAX($AD$15:OFFSET(AD496,-1,0))+IF($C496<>1,1,MAX(1,COUNTIF(QCI!$A$13:$A$32,OFFSET($E496,-1,0)))),\"\")","v":""},{"$f":"IF(AND($C496=\"S\",ORÇAMENTO.CodBarra<>\"\"),IF(ORÇAMENTO.Fonte=\"\",ORÇAMENTO.CodBarra,CONCATENATE(ORÇAMENTO.Fonte,\" \",ORÇAMENTO.CodBarra)))","v":"SINAPI 102355"},{"$f":"IF(ISERROR(INDIRECT(ORÇAMENTO.BancoRef)),\"(abra o arquivo 'Referência \"&Excel_BuiltIn_Database&\".xls)\",IF(OR($C496<>\"S\",ORÇAMENTO.CodBarra=\"\"),\"(Sem Código)\",IF(ISERROR(MATCH($AE496,INDIRECT(ORÇAMENTO.BancoRef),0)),\"(Código não identificado nas referências)\",MATCH($AE496,INDIRECT(ORÇAMENTO.BancoRef),0))))","v":"(abra o arquivo 'Referência 06-2023.xls)"},{"$f":"ROUND(IF(DESONERACAO=\"sim\",REFERENCIA.Desonerado,REFERENCIA.NaoDesonerado),2)","v":0},0.23530000000000001,null,{"$f":"AJ493*0.05","v":3.9784999999999999},null,null,818.05,205.54]
["S",2,"S",0,{"$f":"IF($C497=1,OFFSET(E497,-1,0)+MAX(1,COUNTIF(QCI!$A$13:$A$32,OFFSET(ORÇAMENTO!E497,-1,0))),OFFSET(E497,-1,0))","v":11},3,0,0,5,0,{"$f":"IF(OR($C497=\"S\",$C497=0),0,MATCH(OFFSET($D497,0,$C497)+IF($C497<>1,1,COUNTIF(QCI!$A$13:$A$32,ORÇAMENTO!E497)),OFFSET($D497,1,$C497,ROW($C$850)-ROW($C497)),0))","v":0},"F","Serviço","Serviço","11.3.5.","SINAPI","100978","CARGA, MANOBRA E DESCARGA DE MATERIAL REMOVIDO EM CAMINHÃO BASCULANTE - CARGA COM ESCAVADEIRA HIDRÁULICA","M3",{"$f":"OFFSET(CÁLCULO!H$15,ROW($T497)-ROW(T$15),0)","v":3.98},6.33,"BDI 1",{"$f":"IF($C497=\"S\",ROUND(IF(TIPOORCAMENTO=\"Proposto\",ORÇAMENTO.CustoUnitario*(1+$AH497),ORÇAMENTO.PrecoUnitarioLicitado),15-13*$AF$10),0)","v":7.82},31.12,"RA","RA",{"$f":"IF($C497=\"S\",IF($Z497=\"CP\",$X497,IF($Z497=\"RA\",(($X497)*QCI!$AA$3),0)),SomaAgrup)","v":31.12},0,{"$f":"IF($N497=\"\",\"\",IF(ORÇAMENTO.Descricao=\"\",\"DESCRIÇÃO\",IF(AND($C497=\"S\",ORÇAMENTO.Unidade=\"\"),\"UNIDADE\",IF($X497<0,\"VALOR NEGATIVO\",IF(OR(AND(TIPOORCAMENTO=\"Proposto\",$AG497<>\"\",$AG497>0,ORÇAMENTO.CustoUnitario>$AG497),AND(TIPOORCAMENTO=\"LICITADO\",ORÇAMENTO.PrecoUnitarioLicitado>$AN497)),\"ACIMA REF.\",\"\")))))","v":""},{"$f":"IF(C497<=CRONO.NivelExibicao,MAX($AD$15:OFFSET(AD497,-1,0))+IF($C497<>1,1,MAX(1,COUNTIF(QCI!$A$13:$A$32,OFFSET($E497,-1,0)))),\"\")","v":""},{"$f":"IF(AND($C497=\"S\",ORÇAMENTO.CodBarra<>\"\"),IF(ORÇAMENTO.Fonte=\"\",ORÇAMENTO.CodBarra,CONCATENATE(ORÇAMENTO.Fonte,\" \",ORÇAMENTO.CodBarra)))","v":"SINAPI 100978"},{"$f":"IF(ISERROR(INDIRECT(ORÇAMENTO.BancoRef)),\"(abra o arquivo 'Referência \"&Excel_BuiltIn_Database&\".xls)\",IF(OR($C497<>\"S\",ORÇAMENTO.CodBarra=\"\"),\"(Sem Código)\",IF(ISERROR(MATCH($AE497,INDIRECT(ORÇAMENTO.BancoRef),0)),\"(Código não identificado nas referências)\",MATCH($AE497,INDIRECT(ORÇAMENTO.BancoRef),0))))","v":"(abra o arquivo 'Referência 06-2023.xls)"},{"$f":"ROUND(IF(DESONERACAO=\"sim\",REFERENCIA.Desonerado,REFERENCIA.NaoDesonerado),2)","v":0},0.23530000000000001,null,{"$f":"AJ496","v":3.9784999999999999},null,null,31.12,7.82]
["S",2,"S",0,{"$f":"IF($C498=1,OFFSET(E498,-1,0)+MAX(1,COUNTIF(QCI!$A$13:$A$32,OFFSET(ORÇAMENTO!E498,-1,0))),OFFSET(E498,-1,0))","v":11},3,0,0,6,0,{"$f":"IF(OR($C498=\"S\",$C498=0),0,MATCH(OFFSET($D498,0,$C498)+IF($C498<>1,1,COUNTIF(QCI!$A$13:$A$32,ORÇAMENTO!E498)),OFFSET($D498,1,$C498,ROW($C$850)-ROW($C498)),0))","v":0},"F","Serviço","Serviço","11.3.6.","SINAPI","95875","TRANSPORTE DE MATERIAL REMOVIDO COM CAMINHÃO BASCULANTE, DMT = 2 KM","M3XKM",{"$f":"OFFSET(CÁLCULO!H$15,ROW($T498)-ROW(T$15),0)","v":7.96},2.23,"BDI 1",{"$f":"IF($C498=\"S\",ROUND(IF(TIPOORCAMENTO=\"Proposto\",ORÇAMENTO.CustoUnitario*(1+$AH498),ORÇAMENTO.PrecoUnitarioLicitado),15-13*$AF$10),0)","v":2.75},21.89,"RA","RA",{"$f":"IF($C498=\"S\",IF($Z498=\"CP\",$X498,IF($Z498=\"RA\",(($X498)*QCI!$AA$3),0)),SomaAgrup)","v":21.89},0,{"$f":"IF($N498=\"\",\"\",IF(ORÇAMENTO.Descricao=\"\",\"DESCRIÇÃO\",IF(AND($C498=\"S\",ORÇAMENTO.Unidade=\"\"),\"UNIDADE\",IF($X498<0,\"VALOR NEGATIVO\",IF(OR(AND(TIPOORCAMENTO=\"Proposto\",$AG498<>\"\",$AG498>0,ORÇAMENTO.CustoUnitario>$AG498),AND(TIPOORCAMENTO=\"LICITADO\",ORÇAMENTO.PrecoUnitarioLicitado>$AN498)),\"ACIMA REF.\",\"\")))))","v":""},{"$f":"IF(C498<=CRONO.NivelExibicao,MAX($AD$15:OFFSET(AD498,-1,0))+IF($C498<>1,1,MAX(1,COUNTIF(QCI!$A$13:$A$32,OFFSET($E498,-1,0)))),\"\")","v":""},{"$f":"IF(AND($C498=\"S\",ORÇAMENTO.CodBarra<>\"\"),IF(ORÇAMENTO.Fonte=\"\",ORÇAMENTO.CodBarra,CONCATENATE(ORÇAMENTO.Fonte,\" \",ORÇAMENTO.CodBarra)))","v":"SINAPI 95875"},{"$f":"IF(ISERROR(INDIRECT(ORÇAMENTO.BancoRef)),\"(abra o arquivo 'Referência \"&Excel_BuiltIn_Database&\".xls)\",IF(OR($C498<>\"S\",ORÇAMENTO.CodBarra=\"\"),\"(Sem Código)\",IF(ISERROR(MATCH($AE498,INDIRECT(ORÇAMENTO.BancoRef),0)),\"(Código não identificado nas referências)\",MATCH($AE498,INDIRECT(ORÇAMENTO.BancoRef),0))))","v":"(abra o arquivo 'Referência 06-2023.xls)"},{"$f":"ROUND(IF(DESONERACAO=\"sim\",REFERENCIA.Desonerado,REFERENCIA.NaoDesonerado),2)","v":0},0.23530000000000001,null,{"$f":"AJ497*2","v":7.9569999999999999},null,null,21.89,2.75]
[2,2,2,3,{"$f":"IF($C499=1,OFFSET(E499,-1,0)+MAX(1,COUNTIF(QCI!$A$13:$A$32,OFFSET(ORÇAMENTO!E499,-1,0))),OFFSET(E499,-1,0))","v":11},4,0,0,0,33,{"$f":"IF(OR($C499=\"S\",$C499=0),0,MATCH(OFFSET($D499,0,$C499)+IF($C499<>1,1,COUNTIF(QCI!$A$13:$A$32,ORÇAMENTO!E499)),OFFSET($D499,1,$C499,ROW($C$850)-ROW($C499)),0))","v":3},"F","Nível 2","Nível 2","11.4.","SINAPI",null,"DRENAGEM","-",{"$f":"OFFSET(CÁLCULO!H$15,ROW($T499)-ROW(T$15),0)","v":0},0,"BDI 1",{"$f":"IF($C499=\"S\",ROUND(IF(TIPOORCAMENTO=\"Proposto\",ORÇAMENTO.CustoUnitario*(1+$AH499),ORÇAMENTO.PrecoUnitarioLicitado),15-13*$AF$10),0)","v":0},88984.69,"RA","",{"$f":"IF($C499=\"S\",IF($Z499=\"CP\",$X499,IF($Z499=\"RA\",(($X499)*QCI!$AA$3),0)),SomaAgrup)","v":88984.69},0,{"$f":"IF($N499=\"\",\"\",IF(ORÇAMENTO.Descricao=\"\",\"DESCRIÇÃO\",IF(AND($C499=\"S\",ORÇAMENTO.Unidade=\"\"),\"UNIDADE\",IF($X499<0,\"VALOR NEGATIVO\",IF(OR(AND(TIPOORCAMENTO=\"Proposto\",$AG499<>\"\",$AG499>0,ORÇAMENTO.CustoUnitario>$AG499),AND(TIPOORCAMENTO=\"LICITADO\",ORÇAMENTO.PrecoUnitarioLicitado>$AN499)),\"ACIMA REF.\",\"\")))))","v":""},{"$f":"IF(C499<=CRONO.NivelExibicao,MAX($AD$15:OFFSET(AD499,-1,0))+IF($C499<>1,1,MAX(1,COUNTIF(QCI!$A$13:$A$32,OFFSET($E499,-1,0)))),\"\")","v":""},{"$f":"IF(AND($C499=\"S\",ORÇAMENTO.CodBarra<>\"\"),IF(ORÇAMENTO.Fonte=\"\",ORÇAMENTO.CodBarra,CONCATENATE(ORÇAMENTO.Fonte,\" \",ORÇAMENTO.CodBarra)))","v":false},{"$f":"IF(ISERROR(INDIRECT(ORÇAMENTO.BancoRef)),\"(abra o arquivo 'Referência \"&Excel_BuiltIn_Database&\".xls)\",IF(OR($C499<>\"S\",ORÇAMENTO.CodBarra=\"\"),\"(Sem Código)\",IF(ISERROR(MATCH($AE499,INDIRECT(ORÇAMENTO.BancoRef),0)),\"(Código não identificado nas referências)\",MATCH($AE499,INDIRECT(ORÇAMENTO.BancoRef),0))))","v":"(abra o arquivo 'Referência 06-2023.xls)"},{"$f":"ROUND(IF(DESONERACAO=\"sim\",REFERENCIA.Desonerado,REFERENCIA.NaoDesonerado),2)","v":0},0.23530000000000001,null,null,null,null,88984.69,0]
["S",2,"S",0,{"$f":"IF($C500=1,OFFSET(E500,-1,0)+MAX(1,COUNTIF(QCI!$A$13:$A$32,OFFSET(ORÇAMENTO!E500,-1,0))),OFFSET(E500,-1,0))","v":11},4,0,0,1,0,{"$f":"IF(OR($C500=\"S\",$C500=0),0,MATCH(OFFSET($D500,0,$C500)+IF($C500<>1,1,COUNTIF(QCI!$A$13:$A$32,ORÇAMENTO!E500)),OFFSET($D500,1,$C500,ROW($C$850)-ROW($C500)),0))","v":0},"F","Serviço","Serviço","11.4.1.","AMMOC","BL01","BOCA DE LOBO EM CONCRETO ARMADO E GRADE DE AÇO EM BARRA DE FERRO CHATA 0,70M X 1,00M - TIPO 1 ","UND",{"$f":"OFFSET(CÁLCULO!H$15,ROW($T500)-ROW(T$15),0)","v":25},2617.0700000000002,"BDI 1",{"$f":"IF($C500=\"S\",ROUND(IF(TIPOORCAMENTO=\"Proposto\",ORÇAMENTO.CustoUnitario*(1+$AH500),ORÇAMENTO.PrecoUnitarioLicitado),15-13*$AF$10),0)","v":3232.87},80821.75,"RA","RA",{"$f":"IF($C500=\"S\",IF($Z500=\"CP\",$X500,IF($Z500=\"RA\",(($X500)*QCI!$AA$3),0)),SomaAgrup)","v":80821.75},0,{"$f":"IF($N500=\"\",\"\",IF(ORÇAMENTO.Descricao=\"\",\"DESCRIÇÃO\",IF(AND($C500=\"S\",ORÇAMENTO.Unidade=\"\"),\"UNIDADE\",IF($X500<0,\"VALOR NEGATIVO\",IF(OR(AND(TIPOORCAMENTO=\"Proposto\",$AG500<>\"\",$AG500>0,ORÇAMENTO.CustoUnitario>$AG500),AND(TIPOORCAMENTO=\"LICITADO\",ORÇAMENTO.PrecoUnitarioLicitado>$AN500)),\"ACIMA REF.\",\"\")))))","v":""},{"$f":"IF(C500<=CRONO.NivelExibicao,MAX($AD$15:OFFSET(AD500,-1,0))+IF($C500<>1,1,MAX(1,COUNTIF(QCI!$A$13:$A$32,OFFSET($E500,-1,0)))),\"\")","v":""},{"$f":"IF(AND($C500=\"S\",ORÇAMENTO.CodBarra<>\"\"),IF(ORÇAMENTO.Fonte=\"\",ORÇAMENTO.CodBarra,CONCATENATE(ORÇAMENTO.Fonte,\" \",ORÇAMENTO.CodBarra)))","v":"AMMOC BL01"},{"$f":"IF(ISERROR(INDIRECT(ORÇAMENTO.BancoRef)),\"(abra o arquivo 'Referência \"&Excel_BuiltIn_Database&\".xls)\",IF(OR($C500<>\"S\",ORÇAMENTO.CodBarra=\"\"),\"(Sem Código)\",IF(ISERROR(MATCH($AE500,INDIRECT(ORÇAMENTO.BancoRef),0)),\"(Código não identificado nas referências)\",MATCH($AE500,INDIRECT(ORÇAMENTO.BancoRef),0))))","v":"(abra o arquivo 'Referência 06-2023.xls)"},{"$f":"ROUND(IF(DESONERACAO=\"sim\",REFERENCIA.Desonerado,REFERENCIA.NaoDesonerado),2)","v":0},0.23530000000000001,null,25,null,null,80821.75,3232.87]
["S",2,"S",0,{"$f":"IF($C501=1,OFFSET(E501,-1,0)+MAX(1,COUNTIF(QCI!$A$13:$A$32,OFFSET(ORÇAMENTO!E501,-1,0))),OFFSET(E501,-1,0))","v":11},4,0,0,2,0,{"$f":"IF(OR($C501=\"S\",$C501=0),0,MATCH(OFFSET($D501,0,$C501)+IF($C501<>1,1,COUNTIF(QCI!$A$13:$A$32,ORÇAMENTO!E501)),OFFSET($D501,1,$C501,ROW($C$850)-ROW($C501)),0))","v":0},"F","Serviço","Serviço","11.4.2.","SINAPI","92219","TUBO DE CONCRETO PARA REDES COLETORAS DE ÁGUAS PLUVIAIS, DIÂMETRO DE 400 MM, JUNTA ENVOLTA EM MANTA GEOTÊXTIL, INSTALADO EM LOCAL COM ALTO NÍVEL DE INTERFERÊNCIAS - FORNECIMENTO E ASSENTAMENTO","M",{"$f":"OFFSET(CÁLCULO!H$15,ROW($T501)-ROW(T$15),0)","v":37},178.6,"BDI 1",{"$f":"IF($C501=\"S\",ROUND(IF(TIPOORCAMENTO=\"Proposto\",ORÇAMENTO.CustoUnitario*(1+$AH501),ORÇAMENTO.PrecoUnitarioLicitado),15-13*$AF$10),0)","v":220.62},8162.94,"RA","RA",{"$f":"IF($C501=\"S\",IF($Z501=\"CP\",$X501,IF($Z501=\"RA\",(($X501)*QCI!$AA$3),0)),SomaAgrup)","v":8162.94},0,{"$f":"IF($N501=\"\",\"\",IF(ORÇAMENTO.Descricao=\"\",\"DESCRIÇÃO\",IF(AND($C501=\"S\",ORÇAMENTO.Unidade=\"\"),\"UNIDADE\",IF($X501<0,\"VALOR NEGATIVO\",IF(OR(AND(TIPOORCAMENTO=\"Proposto\",$AG501<>\"\",$AG501>0,ORÇAMENTO.CustoUnitario>$AG501),AND(TIPOORCAMENTO=\"LICITADO\",ORÇAMENTO.PrecoUnitarioLicitado>$AN501)),\"ACIMA REF.\",\"\")))))","v":""},{"$f":"IF(C501<=CRONO.NivelExibicao,MAX($AD$15:OFFSET(AD501,-1,0))+IF($C501<>1,1,MAX(1,COUNTIF(QCI!$A$13:$A$32,OFFSET($E501,-1,0)))),\"\")","v":""},{"$f":"IF(AND($C501=\"S\",ORÇAMENTO.CodBarra<>\"\"),IF(ORÇAMENTO.Fonte=\"\",ORÇAMENTO.CodBarra,CONCATENATE(ORÇAMENTO.Fonte,\" \",ORÇAMENTO.CodBarra)))","v":"SINAPI 92219"},{"$f":"IF(ISERROR(INDIRECT(ORÇAMENTO.BancoRef)),\"(abra o arquivo 'Referência \"&Excel_BuiltIn_Database&\".xls)\",IF(OR($C501<>\"S\",ORÇAMENTO.CodBarra=\"\"),\"(Sem Código)\",IF(ISERROR(MATCH($AE501,INDIRECT(ORÇAMENTO.BancoRef),0)),\"(Código não identificado nas referências)\",MATCH($AE501,INDIRECT(ORÇAMENTO.BancoRef),0))))","v":"(abra o arquivo 'Referência 06-2023.xls)"},{"$f":"ROUND(IF(DESONERACAO=\"sim\",REFERENCIA.Desonerado,REFERENCIA.NaoDesonerado),2)","v":0},0.23530000000000001,null,37,null,null,8162.94,220.62]
[2,2,2,6,{"$f":"IF($C502=1,OFFSET(E502,-1,0)+MAX(1,COUNTIF(QCI!$A$13:$A$32,OFFSET(ORÇAMENTO!E502,-1,0))),OFFSET(E502,-1,0))","v":11},5,0,0,0,30,{"$f":"IF(OR($C502=\"S\",$C502=0),0,MATCH(OFFSET($D502,0,$C502)+IF($C502<>1,1,COUNTIF(QCI!$A$13:$A$32,ORÇAMENTO!E502)),OFFSET($D502,1,$C502,ROW($C$850)-ROW($C502)),0))","v":6},"F","Nível 2","Nível 2","11.5.","SINAPI",null,"REATERROS","-",{"$f":"OFFSET(CÁLCULO!H$15,ROW($T502)-ROW(T$15),0)","v":0},0,"BDI 1",{"$f":"IF($C502=\"S\",ROUND(IF(TIPOORCAMENTO=\"Proposto\",ORÇAMENTO.CustoUnitario*(1+$AH502),ORÇAMENTO.PrecoUnitarioLicitado),15-13*$AF$10),0)","v":0},6319.31,"RA","",{"$f":"IF($C502=\"S\",IF($Z502=\"CP\",$X502,IF($Z502=\"RA\",(($X502)*QCI!$AA$3),0)),SomaAgrup)","v":6319.31},0,{"$f":"IF($N502=\"\",\"\",IF(ORÇAMENTO.Descricao=\"\",\"DESCRIÇÃO\",IF(AND($C502=\"S\",ORÇAMENTO.Unidade=\"\"),\"UNIDADE\",IF($X502<0,\"VALOR NEGATIVO\",IF(OR(AND(TIPOORCAMENTO=\"Proposto\",$AG502<>\"\",$AG502>0,ORÇAMENTO.CustoUnitario>$AG502),AND(TIPOORCAMENTO=\"LICITADO\",ORÇAMENTO.PrecoUnitarioLicitado>$AN502)),\"ACIMA REF.\",\"\")))))","v":""},{"$f":"IF(C502<=CRONO.NivelExibicao,MAX($AD$15:OFFSET(AD502,-1,0))+IF($C502<>1,1,MAX(1,COUNTIF(QCI!$A$13:$A$32,OFFSET($E502,-1,0)))),\"\")","v":""},{"$f":"IF(AND($C502=\"S\",ORÇAMENTO.CodBarra<>\"\"),IF(ORÇAMENTO.Fonte=\"\",ORÇAMENTO.CodBarra,CONCATENATE(ORÇAMENTO.Fonte,\" \",ORÇAMENTO.CodBarra)))","v":false},{"$f":"IF(ISERROR(INDIRECT(ORÇAMENTO.BancoRef)),\"(abra o arquivo 'Referência \"&Excel_BuiltIn_Database&\".xls)\",IF(OR($C502<>\"S\",ORÇAMENTO.CodBarra=\"\"),\"(Sem Código)\",IF(ISERROR(MATCH($AE502,INDIRECT(ORÇAMENTO.BancoRef),0)),\"(Código não identificado nas referências)\",MATCH($AE502,INDIRECT(ORÇAMENTO.BancoRef),0))))","v":"(abra o arquivo 'Referência 06-2023.xls)"},{"$f":"ROUND(IF(DESONERACAO=\"sim\",REFERENCIA.Desonerado,REFERENCIA.NaoDesonerado),2)","v":0},0.23530000000000001,null,null,null,null,6319.31,0]
["S",2,"S",0,{"$f":"IF($C503=1,OFFSET(E503,-1,0)+MAX(1,COUNTIF(QCI!$A$13:$A$32,OFFSET(ORÇAMENTO!E503,-1,0))),OFFSET(E503,-1,0))","v":11},5,0,0,1,0,{"$f":"IF(OR($C503=\"S\",$C503=0),0,MATCH(OFFSET($D503,0,$C503)+IF($C503<>1,1,COUNTIF(QCI!$A$13:$A$32,ORÇAMENTO!E503)),OFFSET($D503,1,$C503,ROW($C$850)-ROW($C503)),0))","v":0},"F","Serviço","Serviço","11.5.1.","SINAPI-I","4718","PEDRA BRITADA N. 2 (19 A 38 MM) PARA REATERRO DE VALAS","M3    ",{"$f":"OFFSET(CÁLCULO!H$15,ROW($T503)-ROW(T$15),0)","v":22.2},107.5,"BDI 1",{"$f":"IF($C503=\"S\",ROUND(IF(TIPOORCAMENTO=\"Proposto\",ORÇAMENTO.CustoUnitario*(1+$AH503),ORÇAMENTO.PrecoUnitarioLicitado),15-13*$AF$10),0)","v":132.79},2947.94,"RA","RA",{"$f":"IF($C503=\"S\",IF($Z503=\"CP\",$X503,IF($Z503=\"RA\",(($X503)*QCI!$AA$3),0)),SomaAgrup)","v":2947.94},0,{"$f":"IF($N503=\"\",\"\",IF(ORÇAMENTO.Descricao=\"\",\"DESCRIÇÃO\",IF(AND($C503=\"S\",ORÇAMENTO.Unidade=\"\"),\"UNIDADE\",IF($X503<0,\"VALOR NEGATIVO\",IF(OR(AND(TIPOORCAMENTO=\"Proposto\",$AG503<>\"\",$AG503>0,ORÇAMENTO.CustoUnitario>$AG503),AND(TIPOORCAMENTO=\"LICITADO\",ORÇAMENTO.PrecoUnitarioLicitado>$AN503)),\"ACIMA REF.\",\"\")))))","v":""},{"$f":"IF(C503<=CRONO.NivelExibicao,MAX($AD$15:OFFSET(AD503,-1,0))+IF($C503<>1,1,MAX(1,COUNTIF(QCI!$A$13:$A$32,OFFSET($E503,-1,0)))),\"\")","v":""},{"$f":"IF(AND($C503=\"S\",ORÇAMENTO.CodBarra<>\"\"),IF(ORÇAMENTO.Fonte=\"\",ORÇAMENTO.CodBarra,CONCATENATE(ORÇAMENTO.Fonte,\" \",ORÇAMENTO.CodBarra)))","v":"SINAPI-I 4718"},{"$f":"IF(ISERROR(INDIRECT(ORÇAMENTO.BancoRef)),\"(abra o arquivo 'Referência \"&Excel_BuiltIn_Database&\".xls)\",IF(OR($C503<>\"S\",ORÇAMENTO.CodBarra=\"\"),\"(Sem Código)\",IF(ISERROR(MATCH($AE503,INDIRECT(ORÇAMENTO.BancoRef),0)),\"(Código não identificado nas referências)\",MATCH($AE503,INDIRECT(ORÇAMENTO.BancoRef),0))))","v":"(abra o arquivo 'Referência 06-2023.xls)"},{"$f":"ROUND(IF(DESONERACAO=\"sim\",REFERENCIA.Desonerado,REFERENCIA.NaoDesonerado),2)","v":0},0.23530000000000001,null,22.2,null,null,2947.94,132.79]
["S",2,"S",0,{"$f":"IF($C504=1,OFFSET(E504,-1,0)+MAX(1,COUNTIF(QCI!$A$13:$A$32,OFFSET(ORÇAMENTO!E504,-1,0))),OFFSET(E504,-1,0))","v":11},5,0,0,2,0,{"$f":"IF(OR($C504=\"S\",$C504=0),0,MATCH(OFFSET($D504,0,$C504)+IF($C504<>1,1,COUNTIF(QCI!$A$13:$A$32,ORÇAMENTO!E504)),OFFSET($D504,1,$C504,ROW($C$850)-ROW($C504)),0))","v":0},"F","Serviço","Serviço","11.5.2.","SINAPI-I",4730,"PEDRA RACHAO PARA REATERRO DE VALAS                                                                                                                                                                                                                                                                                                                                                                                     ","M3    ",{"$f":"OFFSET(CÁLCULO!H$15,ROW($T504)-ROW(T$15),0)","v":5.92},100.51,"BDI 1",{"$f":"IF($C504=\"S\",ROUND(IF(TIPOORCAMENTO=\"Proposto\",ORÇAMENTO.CustoUnitario*(1+$AH504),ORÇAMENTO.PrecoUnitarioLicitado),15-13*$AF$10),0)","v":124.16},735.03,"RA","RA",{"$f":"IF($C504=\"S\",IF($Z504=\"CP\",$X504,IF($Z504=\"RA\",(($X504)*QCI!$AA$3),0)),SomaAgrup)","v":735.03},0,{"$f":"IF($N504=\"\",\"\",IF(ORÇAMENTO.Descricao=\"\",\"DESCRIÇÃO\",IF(AND($C504=\"S\",ORÇAMENTO.Unidade=\"\"),\"UNIDADE\",IF($X504<0,\"VALOR NEGATIVO\",IF(OR(AND(TIPOORCAMENTO=\"Proposto\",$AG504<>\"\",$AG504>0,ORÇAMENTO.CustoUnitario>$AG504),AND(TIPOORCAMENTO=\"LICITADO\",ORÇAMENTO.PrecoUnitarioLicitado>$AN504)),\"ACIMA REF.\",\"\")))))","v":""},{"$f":"IF(C504<=CRONO.NivelExibicao,MAX($AD$15:OFFSET(AD504,-1,0))+IF($C504<>1,1,MAX(1,COUNTIF(QCI!$A$13:$A$32,OFFSET($E504,-1,0)))),\"\")","v":""},{"$f":"IF(AND($C504=\"S\",ORÇAMENTO.CodBarra<>\"\"),IF(ORÇAMENTO.Fonte=\"\",ORÇAMENTO.CodBarra,CONCATENATE(ORÇAMENTO.Fonte,\" \",ORÇAMENTO.CodBarra)))","v":"SINAPI-I 4730"},{"$f":"IF(ISERROR(INDIRECT(ORÇAMENTO.BancoRef)),\"(abra o arquivo 'Referência \"&Excel_BuiltIn_Database&\".xls)\",IF(OR($C504<>\"S\",ORÇAMENTO.CodBarra=\"\"),\"(Sem Código)\",IF(ISERROR(MATCH($AE504,INDIRECT(ORÇAMENTO.BancoRef),0)),\"(Código não identificado nas referências)\",MATCH($AE504,INDIRECT(ORÇAMENTO.BancoRef),0))))","v":"(abra o arquivo 'Referência 06-2023.xls)"},{"$f":"ROUND(IF(DESONERACAO=\"sim\",REFERENCIA.Desonerado,REFERENCIA.NaoDesonerado),2)","v":0},0.23530000000000001,null,5.92,null,null,735.03,124.16]
["S",2,"S",0,{"$f":"IF($C505=1,OFFSET(E505,-1,0)+MAX(1,COUNTIF(QCI!$A$13:$A$32,OFFSET(ORÇAMENTO!E505,-1,0))),OFFSET(E505,-1,0))","v":11},5,0,0,3,0,{"$f":"IF(OR($C505=\"S\",$C505=0),0,MATCH(OFFSET($D505,0,$C505)+IF($C505<>1,1,COUNTIF(QCI!$A$13:$A$32,ORÇAMENTO!E505)),OFFSET($D505,1,$C505,ROW($C$850)-ROW($C505)),0))","v":0},"F","Serviço","Serviço","11.5.3.","SINAPI-I",4729,"PEDRA BRITADA GRADUADA PARA REATERRO DE VALAS                                                                                                                                                                                                                                                                                                                                                                                                                          ","M3    ",{"$f":"OFFSET(CÁLCULO!H$15,ROW($T505)-ROW(T$15),0)","v":4.4400000000000004},107.74,"BDI 1",{"$f":"IF($C505=\"S\",ROUND(IF(TIPOORCAMENTO=\"Proposto\",ORÇAMENTO.CustoUnitario*(1+$AH505),ORÇAMENTO.PrecoUnitarioLicitado),15-13*$AF$10),0)","v":133.09},590.91999999999996,"RA","RA",{"$f":"IF($C505=\"S\",IF($Z505=\"CP\",$X505,IF($Z505=\"RA\",(($X505)*QCI!$AA$3),0)),SomaAgrup)","v":590.91999999999996},0,{"$f":"IF($N505=\"\",\"\",IF(ORÇAMENTO.Descricao=\"\",\"DESCRIÇÃO\",IF(AND($C505=\"S\",ORÇAMENTO.Unidade=\"\"),\"UNIDADE\",IF($X505<0,\"VALOR NEGATIVO\",IF(OR(AND(TIPOORCAMENTO=\"Proposto\",$AG505<>\"\",$AG505>0,ORÇAMENTO.CustoUnitario>$AG505),AND(TIPOORCAMENTO=\"LICITADO\",ORÇAMENTO.PrecoUnitarioLicitado>$AN505)),\"ACIMA REF.\",\"\")))))","v":""},{"$f":"IF(C505<=CRONO.NivelExibicao,MAX($AD$15:OFFSET(AD505,-1,0))+IF($C505<>1,1,MAX(1,COUNTIF(QCI!$A$13:$A$32,OFFSET($E505,-1,0)))),\"\")","v":""},{"$f":"IF(AND($C505=\"S\",ORÇAMENTO.CodBarra<>\"\"),IF(ORÇAMENTO.Fonte=\"\",ORÇAMENTO.CodBarra,CONCATENATE(ORÇAMENTO.Fonte,\" \",ORÇAMENTO.CodBarra)))","v":"SINAPI-I 4729"},{"$f":"IF(ISERROR(INDIRECT(ORÇAMENTO.BancoRef)),\"(abra o arquivo 'Referência \"&Excel_BuiltIn_Database&\".xls)\",IF(OR($C505<>\"S\",ORÇAMENTO.CodBarra=\"\"),\"(Sem Código)\",IF(ISERROR(MATCH($AE505,INDIRECT(ORÇAMENTO.BancoRef),0)),\"(Código não identificado nas referências)\",MATCH($AE505,INDIRECT(ORÇAMENTO.BancoRef),0))))","v":"(abra o arquivo 'Referência 06-2023.xls)"},{"$f":"ROUND(IF(DESONERACAO=\"sim\",REFERENCIA.Desonerado,REFERENCIA.NaoDesonerado),2)","v":0},0.23530000000000001,null,4.4400000000000004,null,null,590.91999999999996,133.09]
["S",2,"S",0,{"$f":"IF($C506=1,OFFSET(E506,-1,0)+MAX(1,COUNTIF(QCI!$A$13:$A$32,OFFSET(ORÇAMENTO!E506,-1,0))),OFFSET(E506,-1,0))","v":11},5,0,0,4,0,{"$f":"IF(OR($C506=\"S\",$C506=0),0,MATCH(OFFSET($D506,0,$C506)+IF($C506<>1,1,COUNTIF(QCI!$A$13:$A$32,ORÇAMENTO!E506)),OFFSET($D506,1,$C506,ROW($C$850)-ROW($C506)),0))","v":0},"F","Serviço","Serviço","11.5.4.","SINAPI","100978","CARGA, MANOBRA E DESCARGA DE MATERIAL GRANULAR EM CAMINHÃO BASCULANTE - CARGA COM ESCAVADEIRA HIDRÁULICA","M3",{"$f":"OFFSET(CÁLCULO!H$15,ROW($T506)-ROW(T$15),0)","v":32.56},6.33,"BDI 1",{"$f":"IF($C506=\"S\",ROUND(IF(TIPOORCAMENTO=\"Proposto\",ORÇAMENTO.CustoUnitario*(1+$AH506),ORÇAMENTO.PrecoUnitarioLicitado),15-13*$AF$10),0)","v":7.82},254.62,"RA","RA",{"$f":"IF($C506=\"S\",IF($Z506=\"CP\",$X506,IF($Z506=\"RA\",(($X506)*QCI!$AA$3),0)),SomaAgrup)","v":254.62},0,{"$f":"IF($N506=\"\",\"\",IF(ORÇAMENTO.Descricao=\"\",\"DESCRIÇÃO\",IF(AND($C506=\"S\",ORÇAMENTO.Unidade=\"\"),\"UNIDADE\",IF($X506<0,\"VALOR NEGATIVO\",IF(OR(AND(TIPOORCAMENTO=\"Proposto\",$AG506<>\"\",$AG506>0,ORÇAMENTO.CustoUnitario>$AG506),AND(TIPOORCAMENTO=\"LICITADO\",ORÇAMENTO.PrecoUnitarioLicitado>$AN506)),\"ACIMA REF.\",\"\")))))","v":""},{"$f":"IF(C506<=CRONO.NivelExibicao,MAX($AD$15:OFFSET(AD506,-1,0))+IF($C506<>1,1,MAX(1,COUNTIF(QCI!$A$13:$A$32,OFFSET($E506,-1,0)))),\"\")","v":""},{"$f":"IF(AND($C506=\"S\",ORÇAMENTO.CodBarra<>\"\"),IF(ORÇAMENTO.Fonte=\"\",ORÇAMENTO.CodBarra,CONCATENATE(ORÇAMENTO.Fonte,\" \",ORÇAMENTO.CodBarra)))","v":"SINAPI 100978"},{"$f":"IF(ISERROR(INDIRECT(ORÇAMENTO.BancoRef)),\"(abra o arquivo 'Referência \"&Excel_BuiltIn_Database&\".xls)\",IF(OR($C506<>\"S\",ORÇAMENTO.CodBarra=\"\"),\"(Sem Código)\",IF(ISERROR(MATCH($AE506,INDIRECT(ORÇAMENTO.BancoRef),0)),\"(Código não identificado nas referências)\",MATCH($AE506,INDIRECT(ORÇAMENTO.BancoRef),0))))","v":"(abra o arquivo 'Referência 06-2023.xls)"},{"$f":"ROUND(IF(DESONERACAO=\"sim\",REFERENCIA.Desonerado,REFERENCIA.NaoDesonerado),2)","v":0},0.23530000000000001,null,{"$f":"AJ503+AJ504+AJ505","v":32.559999999999995},null,null,254.62,7.82]
["S",2,"S",0,{"$f":"IF($C507=1,OFFSET(E507,-1,0)+MAX(1,COUNTIF(QCI!$A$13:$A$32,OFFSET(ORÇAMENTO!E507,-1,0))),OFFSET(E507,-1,0))","v":11},5,0,0,5,0,{"$f":"IF(OR($C507=\"S\",$C507=0),0,MATCH(OFFSET($D507,0,$C507)+IF($C507<>1,1,COUNTIF(QCI!$A$13:$A$32,ORÇAMENTO!E507)),OFFSET($D507,1,$C507,ROW($C$850)-ROW($C507)),0))","v":0},"F","Serviço","Serviço","11.5.5.","SINAPI","95875","TRANSPORTE DE MATERIAL GRANULAR COM CAMINHÃO BASCULANTE, DMT = 20 KM","M3XKM",{"$f":"OFFSET(CÁLCULO!H$15,ROW($T507)-ROW(T$15),0)","v":651.20000000000005},2.23,"BDI 1",{"$f":"IF($C507=\"S\",ROUND(IF(TIPOORCAMENTO=\"Proposto\",ORÇAMENTO.CustoUnitario*(1+$AH507),ORÇAMENTO.PrecoUnitarioLicitado),15-13*$AF$10),0)","v":2.75},1790.8,"RA","RA",{"$f":"IF($C507=\"S\",IF($Z507=\"CP\",$X507,IF($Z507=\"RA\",(($X507)*QCI!$AA$3),0)),SomaAgrup)","v":1790.8},0,{"$f":"IF($N507=\"\",\"\",IF(ORÇAMENTO.Descricao=\"\",\"DESCRIÇÃO\",IF(AND($C507=\"S\",ORÇAMENTO.Unidade=\"\"),\"UNIDADE\",IF($X507<0,\"VALOR NEGATIVO\",IF(OR(AND(TIPOORCAMENTO=\"Proposto\",$AG507<>\"\",$AG507>0,ORÇAMENTO.CustoUnitario>$AG507),AND(TIPOORCAMENTO=\"LICITADO\",ORÇAMENTO.PrecoUnitarioLicitado>$AN507)),\"ACIMA REF.\",\"\")))))","v":""},{"$f":"IF(C507<=CRONO.NivelExibicao,MAX($AD$15:OFFSET(AD507,-1,0))+IF($C507<>1,1,MAX(1,COUNTIF(QCI!$A$13:$A$32,OFFSET($E507,-1,0)))),\"\")","v":""},{"$f":"IF(AND($C507=\"S\",ORÇAMENTO.CodBarra<>\"\"),IF(ORÇAMENTO.Fonte=\"\",ORÇAMENTO.CodBarra,CONCATENATE(ORÇAMENTO.Fonte,\" \",ORÇAMENTO.CodBarra)))","v":"SINAPI 95875"},{"$f":"IF(ISERROR(INDIRECT(ORÇAMENTO.BancoRef)),\"(abra o arquivo 'Referência \"&Excel_BuiltIn_Database&\".xls)\",IF(OR($C507<>\"S\",ORÇAMENTO.CodBarra=\"\"),\"(Sem Código)\",IF(ISERROR(MATCH($AE507,INDIRECT(ORÇAMENTO.BancoRef),0)),\"(Código não identificado nas referências)\",MATCH($AE507,INDIRECT(ORÇAMENTO.BancoRef),0))))","v":"(abra o arquivo 'Referência 06-2023.xls)"},{"$f":"ROUND(IF(DESONERACAO=\"sim\",REFERENCIA.Desonerado,REFERENCIA.NaoDesonerado),2)","v":0},0.23530000000000001,null,{"$f":"AJ506*20","v":651.19999999999993},null,null,1790.8,2.75]
[2,2,2,8,{"$f":"IF($C508=1,OFFSET(E508,-1,0)+MAX(1,COUNTIF(QCI!$A$13:$A$32,OFFSET(ORÇAMENTO!E508,-1,0))),OFFSET(E508,-1,0))","v":11},6,0,0,0,24,{"$f":"IF(OR($C508=\"S\",$C508=0),0,MATCH(OFFSET($D508,0,$C508)+IF($C508<>1,1,COUNTIF(QCI!$A$13:$A$32,ORÇAMENTO!E508)),OFFSET($D508,1,$C508,ROW($C$850)-ROW($C508)),0))","v":8},"F","Nível 2","Nível 2","11.6.","SINAPI",null,"PAVIMENTAÇÃO EM ASFALTO C.A.U.Q.","-",{"$f":"OFFSET(CÁLCULO!H$15,ROW($T508)-ROW(T$15),0)","v":0},0,"BDI 1",{"$f":"IF($C508=\"S\",ROUND(IF(TIPOORCAMENTO=\"Proposto\",ORÇAMENTO.CustoUnitario*(1+$AH508),ORÇAMENTO.PrecoUnitarioLicitado),15-13*$AF$10),0)","v":0},316298.71999999997,"RA","",{"$f":"IF($C508=\"S\",IF($Z508=\"CP\",$X508,IF($Z508=\"RA\",(($X508)*QCI!$AA$3),0)),SomaAgrup)","v":316298.71999999997},0,{"$f":"IF($N508=\"\",\"\",IF(ORÇAMENTO.Descricao=\"\",\"DESCRIÇÃO\",IF(AND($C508=\"S\",ORÇAMENTO.Unidade=\"\"),\"UNIDADE\",IF($X508<0,\"VALOR NEGATIVO\",IF(OR(AND(TIPOORCAMENTO=\"Proposto\",$AG508<>\"\",$AG508>0,ORÇAMENTO.CustoUnitario>$AG508),AND(TIPOORCAMENTO=\"LICITADO\",ORÇAMENTO.PrecoUnitarioLicitado>$AN508)),\"ACIMA REF.\",\"\")))))","v":""},{"$f":"IF(C508<=CRONO.NivelExibicao,MAX($AD$15:OFFSET(AD508,-1,0))+IF($C508<>1,1,MAX(1,COUNTIF(QCI!$A$13:$A$32,OFFSET($E508,-1,0)))),\"\")","v":""},{"$f":"IF(AND($C508=\"S\",ORÇAMENTO.CodBarra<>\"\"),IF(ORÇAMENTO.Fonte=\"\",ORÇAMENTO.CodBarra,CONCATENATE(ORÇAMENTO.Fonte,\" \",ORÇAMENTO.CodBarra)))","v":false},{"$f":"IF(ISERROR(INDIRECT(ORÇAMENTO.BancoRef)),\"(abra o arquivo 'Referência \"&Excel_BuiltIn_Database&\".xls)\",IF(OR($C508<>\"S\",ORÇAMENTO.CodBarra=\"\"),\"(Sem Código)\",IF(ISERROR(MATCH($AE508,INDIRECT(ORÇAMENTO.BancoRef),0)),\"(Código não identificado nas referências)\",MATCH($AE508,INDIRECT(ORÇAMENTO.BancoRef),0))))","v":"(abra o arquivo 'Referência 06-2023.xls)"},{"$f":"ROUND(IF(DESONERACAO=\"sim\",REFERENCIA.Desonerado,REFERENCIA.NaoDesonerado),2)","v":0},0.23530000000000001,null,null,null,null,316298.71999999997,0]
["S",2,"S",0,{"$f":"IF($C509=1,OFFSET(E509,-1,0)+MAX(1,COUNTIF(QCI!$A$13:$A$32,OFFSET(ORÇAMENTO!E509,-1,0))),OFFSET(E509,-1,0))","v":11},6,0,0,1,0,{"$f":"IF(OR($C509=\"S\",$C509=0),0,MATCH(OFFSET($D509,0,$C509)+IF($C509<>1,1,COUNTIF(QCI!$A$13:$A$32,ORÇAMENTO!E509)),OFFSET($D509,1,$C509,ROW($C$850)-ROW($C509)),0))","v":0},"F","Serviço","Serviço","11.6.1.","AMMOC","CM30","EXECUÇÃO DE IMPRIMAÇÃO COM ASFALTO DILUÍDO CM-30","M2",{"$f":"OFFSET(CÁLCULO!H$15,ROW($T509)-ROW(T$15),0)","v":29.6},7.48,"BDI 1",{"$f":"IF($C509=\"S\",ROUND(IF(TIPOORCAMENTO=\"Proposto\",ORÇAMENTO.CustoUnitario*(1+$AH509),ORÇAMENTO.PrecoUnitarioLicitado),15-13*$AF$10),0)","v":9.24},273.5,"RA","RA",{"$f":"IF($C509=\"S\",IF($Z509=\"CP\",$X509,IF($Z509=\"RA\",(($X509)*QCI!$AA$3),0)),SomaAgrup)","v":273.5},0,{"$f":"IF($N509=\"\",\"\",IF(ORÇAMENTO.Descricao=\"\",\"DESCRIÇÃO\",IF(AND($C509=\"S\",ORÇAMENTO.Unidade=\"\"),\"UNIDADE\",IF($X509<0,\"VALOR NEGATIVO\",IF(OR(AND(TIPOORCAMENTO=\"Proposto\",$AG509<>\"\",$AG509>0,ORÇAMENTO.CustoUnitario>$AG509),AND(TIPOORCAMENTO=\"LICITADO\",ORÇAMENTO.PrecoUnitarioLicitado>$AN509)),\"ACIMA REF.\",\"\")))))","v":""},{"$f":"IF(C509<=CRONO.NivelExibicao,MAX($AD$15:OFFSET(AD509,-1,0))+IF($C509<>1,1,MAX(1,COUNTIF(QCI!$A$13:$A$32,OFFSET($E509,-1,0)))),\"\")","v":""},{"$f":"IF(AND($C509=\"S\",ORÇAMENTO.CodBarra<>\"\"),IF(ORÇAMENTO.Fonte=\"\",ORÇAMENTO.CodBarra,CONCATENATE(ORÇAMENTO.Fonte,\" \",ORÇAMENTO.CodBarra)))","v":"AMMOC CM30"},{"$f":"IF(ISERROR(INDIRECT(ORÇAMENTO.BancoRef)),\"(abra o arquivo 'Referência \"&Excel_BuiltIn_Database&\".xls)\",IF(OR($C509<>\"S\",ORÇAMENTO.CodBarra=\"\"),\"(Sem Código)\",IF(ISERROR(MATCH($AE509,INDIRECT(ORÇAMENTO.BancoRef),0)),\"(Código não identificado nas referências)\",MATCH($AE509,INDIRECT(ORÇAMENTO.BancoRef),0))))","v":"(abra o arquivo 'Referência 06-2023.xls)"},{"$f":"ROUND(IF(DESONERACAO=\"sim\",REFERENCIA.Desonerado,REFERENCIA.NaoDesonerado),2)","v":0},0.23530000000000001,null,29.6,null,null,273.5,9.24]
["S",2,"S",0,{"$f":"IF($C510=1,OFFSET(E510,-1,0)+MAX(1,COUNTIF(QCI!$A$13:$A$32,OFFSET(ORÇAMENTO!E510,-1,0))),OFFSET(E510,-1,0))","v":11},6,0,0,2,0,{"$f":"IF(OR($C510=\"S\",$C510=0),0,MATCH(OFFSET($D510,0,$C510)+IF($C510<>1,1,COUNTIF(QCI!$A$13:$A$32,ORÇAMENTO!E510)),OFFSET($D510,1,$C510,ROW($C$850)-ROW($C510)),0))","v":0},"F","Serviço","Serviço","11.6.2.","SINAPI","102332","TRANSPORTE COM CAMINHÃO TANQUE DE MATERIAL ASFÁLTICO, DMT = 20 KM","TXKM",{"$f":"OFFSET(CÁLCULO!H$15,ROW($T510)-ROW(T$15),0)","v":0.59},1.64,"BDI 1",{"$f":"IF($C510=\"S\",ROUND(IF(TIPOORCAMENTO=\"Proposto\",ORÇAMENTO.CustoUnitario*(1+$AH510),ORÇAMENTO.PrecoUnitarioLicitado),15-13*$AF$10),0)","v":2.0299999999999998},1.2,"RA","RA",{"$f":"IF($C510=\"S\",IF($Z510=\"CP\",$X510,IF($Z510=\"RA\",(($X510)*QCI!$AA$3),0)),SomaAgrup)","v":1.2},0,{"$f":"IF($N510=\"\",\"\",IF(ORÇAMENTO.Descricao=\"\",\"DESCRIÇÃO\",IF(AND($C510=\"S\",ORÇAMENTO.Unidade=\"\"),\"UNIDADE\",IF($X510<0,\"VALOR NEGATIVO\",IF(OR(AND(TIPOORCAMENTO=\"Proposto\",$AG510<>\"\",$AG510>0,ORÇAMENTO.CustoUnitario>$AG510),AND(TIPOORCAMENTO=\"LICITADO\",ORÇAMENTO.PrecoUnitarioLicitado>$AN510)),\"ACIMA REF.\",\"\")))))","v":""},{"$f":"IF(C510<=CRONO.NivelExibicao,MAX($AD$15:OFFSET(AD510,-1,0))+IF($C510<>1,1,MAX(1,COUNTIF(QCI!$A$13:$A$32,OFFSET($E510,-1,0)))),\"\")","v":""},{"$f":"IF(AND($C510=\"S\",ORÇAMENTO.CodBarra<>\"\"),IF(ORÇAMENTO.Fonte=\"\",ORÇAMENTO.CodBarra,CONCATENATE(ORÇAMENTO.Fonte,\" \",ORÇAMENTO.CodBarra)))","v":"SINAPI 102332"},{"$f":"IF(ISERROR(INDIRECT(ORÇAMENTO.BancoRef)),\"(abra o arquivo 'Referência \"&Excel_BuiltIn_Database&\".xls)\",IF(OR($C510<>\"S\",ORÇAMENTO.CodBarra=\"\"),\"(Sem Código)\",IF(ISERROR(MATCH($AE510,INDIRECT(ORÇAMENTO.BancoRef),0)),\"(Código não identificado nas referências)\",MATCH($AE510,INDIRECT(ORÇAMENTO.BancoRef),0))))","v":"(abra o arquivo 'Referência 06-2023.xls)"},{"$f":"ROUND(IF(DESONERACAO=\"sim\",REFERENCIA.Desonerado,REFERENCIA.NaoDesonerado),2)","v":0},0.23530000000000001,null,{"$f":"AJ509*20/1000","v":0.59199999999999997},null,null,1.2,2.0299999999999998]
["S",2,"S",0,{"$f":"IF($C511=1,OFFSET(E511,-1,0)+MAX(1,COUNTIF(QCI!$A$13:$A$32,OFFSET(ORÇAMENTO!E511,-1,0))),OFFSET(E511,-1,0))","v":11},6,0,0,3,0,{"$f":"IF(OR($C511=\"S\",$C511=0),0,MATCH(OFFSET($D511,0,$C511)+IF($C511<>1,1,COUNTIF(QCI!$A$13:$A$32,ORÇAMENTO!E511)),OFFSET($D511,1,$C511,ROW($C$850)-ROW($C511)),0))","v":0},"F","Serviço","Serviço","11.6.3.","AMMOC","RR-2C","PINTURA DE LIGAÇÃO COM EMULSÃO RR-2C","M2",{"$f":"OFFSET(CÁLCULO!H$15,ROW($T511)-ROW(T$15),0)","v":4959.22},2.54,"BDI 1",{"$f":"IF($C511=\"S\",ROUND(IF(TIPOORCAMENTO=\"Proposto\",ORÇAMENTO.CustoUnitario*(1+$AH511),ORÇAMENTO.PrecoUnitarioLicitado),15-13*$AF$10),0)","v":3.14},15571.95,"RA","RA",{"$f":"IF($C511=\"S\",IF($Z511=\"CP\",$X511,IF($Z511=\"RA\",(($X511)*QCI!$AA$3),0)),SomaAgrup)","v":15571.95},0,{"$f":"IF($N511=\"\",\"\",IF(ORÇAMENTO.Descricao=\"\",\"DESCRIÇÃO\",IF(AND($C511=\"S\",ORÇAMENTO.Unidade=\"\"),\"UNIDADE\",IF($X511<0,\"VALOR NEGATIVO\",IF(OR(AND(TIPOORCAMENTO=\"Proposto\",$AG511<>\"\",$AG511>0,ORÇAMENTO.CustoUnitario>$AG511),AND(TIPOORCAMENTO=\"LICITADO\",ORÇAMENTO.PrecoUnitarioLicitado>$AN511)),\"ACIMA REF.\",\"\")))))","v":""},{"$f":"IF(C511<=CRONO.NivelExibicao,MAX($AD$15:OFFSET(AD511,-1,0))+IF($C511<>1,1,MAX(1,COUNTIF(QCI!$A$13:$A$32,OFFSET($E511,-1,0)))),\"\")","v":""},{"$f":"IF(AND($C511=\"S\",ORÇAMENTO.CodBarra<>\"\"),IF(ORÇAMENTO.Fonte=\"\",ORÇAMENTO.CodBarra,CONCATENATE(ORÇAMENTO.Fonte,\" \",ORÇAMENTO.CodBarra)))","v":"AMMOC RR-2C"},{"$f":"IF(ISERROR(INDIRECT(ORÇAMENTO.BancoRef)),\"(abra o arquivo 'Referência \"&Excel_BuiltIn_Database&\".xls)\",IF(OR($C511<>\"S\",ORÇAMENTO.CodBarra=\"\"),\"(Sem Código)\",IF(ISERROR(MATCH($AE511,INDIRECT(ORÇAMENTO.BancoRef),0)),\"(Código não identificado nas referências)\",MATCH($AE511,INDIRECT(ORÇAMENTO.BancoRef),0))))","v":"(abra o arquivo 'Referência 06-2023.xls)"},{"$f":"ROUND(IF(DESONERACAO=\"sim\",REFERENCIA.Desonerado,REFERENCIA.NaoDesonerado),2)","v":0},0.23530000000000001,null,{"$f":"2403.97+2555.25","v":4959.2199999999993},null,null,15571.95,3.14]
["S",2,"S",0,{"$f":"IF($C512=1,OFFSET(E512,-1,0)+MAX(1,COUNTIF(QCI!$A$13:$A$32,OFFSET(ORÇAMENTO!E512,-1,0))),OFFSET(E512,-1,0))","v":11},6,0,0,4,0,{"$f":"IF(OR($C512=\"S\",$C512=0),0,MATCH(OFFSET($D512,0,$C512)+IF($C512<>1,1,COUNTIF(QCI!$A$13:$A$32,ORÇAMENTO!E512)),OFFSET($D512,1,$C512,ROW($C$850)-ROW($C512)),0))","v":0},"F","Serviço","Serviço","11.6.4.","SINAPI","102332","TRANSPORTE COM CAMINHÃO TANQUE DE MATERIAL ASFÁLTICO, DMT = 20 KM","TXKM",{"$f":"OFFSET(CÁLCULO!H$15,ROW($T512)-ROW(T$15),0)","v":99.18},1.64,"BDI 1",{"$f":"IF($C512=\"S\",ROUND(IF(TIPOORCAMENTO=\"Proposto\",ORÇAMENTO.CustoUnitario*(1+$AH512),ORÇAMENTO.PrecoUnitarioLicitado),15-13*$AF$10),0)","v":2.0299999999999998},201.34,"RA","RA",{"$f":"IF($C512=\"S\",IF($Z512=\"CP\",$X512,IF($Z512=\"RA\",(($X512)*QCI!$AA$3),0)),SomaAgrup)","v":201.34},0,{"$f":"IF($N512=\"\",\"\",IF(ORÇAMENTO.Descricao=\"\",\"DESCRIÇÃO\",IF(AND($C512=\"S\",ORÇAMENTO.Unidade=\"\"),\"UNIDADE\",IF($X512<0,\"VALOR NEGATIVO\",IF(OR(AND(TIPOORCAMENTO=\"Proposto\",$AG512<>\"\",$AG512>0,ORÇAMENTO.CustoUnitario>$AG512),AND(TIPOORCAMENTO=\"LICITADO\",ORÇAMENTO.PrecoUnitarioLicitado>$AN512)),\"ACIMA REF.\",\"\")))))","v":""},{"$f":"IF(C512<=CRONO.NivelExibicao,MAX($AD$15:OFFSET(AD512,-1,0))+IF($C512<>1,1,MAX(1,COUNTIF(QCI!$A$13:$A$32,OFFSET($E512,-1,0)))),\"\")","v":""},{"$f":"IF(AND($C512=\"S\",ORÇAMENTO.CodBarra<>\"\"),IF(ORÇAMENTO.Fonte=\"\",ORÇAMENTO.CodBarra,CONCATENATE(ORÇAMENTO.Fonte,\" \",ORÇAMENTO.CodBarra)))","v":"SINAPI 102332"},{"$f":"IF(ISERROR(INDIRECT(ORÇAMENTO.BancoRef)),\"(abra o arquivo 'Referência \"&Excel_BuiltIn_Database&\".xls)\",IF(OR($C512<>\"S\",ORÇAMENTO.CodBarra=\"\"),\"(Sem Código)\",IF(ISERROR(MATCH($AE512,INDIRECT(ORÇAMENTO.BancoRef),0)),\"(Código não identificado nas referências)\",MATCH($AE512,INDIRECT(ORÇAMENTO.BancoRef),0))))","v":"(abra o arquivo 'Referência 06-2023.xls)"},{"$f":"ROUND(IF(DESONERACAO=\"sim\",REFERENCIA.Desonerado,REFERENCIA.NaoDesonerado),2)","v":0},0.23530000000000001,null,{"$f":"AJ511*20/1000","v":99.184399999999997},null,null,201.34,2.0299999999999998]
["S",2,"S",0,{"$f":"IF($C513=1,OFFSET(E513,-1,0)+MAX(1,COUNTIF(QCI!$A$13:$A$32,OFFSET(ORÇAMENTO!E513,-1,0))),OFFSET(E513,-1,0))","v":11},6,0,0,5,0,{"$f":"IF(OR($C513=\"S\",$C513=0),0,MATCH(OFFSET($D513,0,$C513)+IF($C513<>1,1,COUNTIF(QCI!$A$13:$A$32,ORÇAMENTO!E513)),OFFSET($D513,1,$C513,ROW($C$850)-ROW($C513)),0))","v":0},"F","Serviço","Serviço","11.6.5.","AMMOC","PAVASF","EXECUÇÃO DE PAVIMENTO COM APLICAÇÃO DE CONCRETO ASFÁLTICO, CAMADA DE ROLAMENTO - EXCLUSIVE CARGA E TRANSPORTE. AF_11/2019","M3",{"$f":"OFFSET(CÁLCULO!H$15,ROW($T513)-ROW(T$15),0)","v":196.86},1198.32,"BDI 1",{"$f":"IF($C513=\"S\",ROUND(IF(TIPOORCAMENTO=\"Proposto\",ORÇAMENTO.CustoUnitario*(1+$AH513),ORÇAMENTO.PrecoUnitarioLicitado),15-13*$AF$10),0)","v":1480.28},291407.92,"RA","RA",{"$f":"IF($C513=\"S\",IF($Z513=\"CP\",$X513,IF($Z513=\"RA\",(($X513)*QCI!$AA$3),0)),SomaAgrup)","v":291407.92},0,{"$f":"IF($N513=\"\",\"\",IF(ORÇAMENTO.Descricao=\"\",\"DESCRIÇÃO\",IF(AND($C513=\"S\",ORÇAMENTO.Unidade=\"\"),\"UNIDADE\",IF($X513<0,\"VALOR NEGATIVO\",IF(OR(AND(TIPOORCAMENTO=\"Proposto\",$AG513<>\"\",$AG513>0,ORÇAMENTO.CustoUnitario>$AG513),AND(TIPOORCAMENTO=\"LICITADO\",ORÇAMENTO.PrecoUnitarioLicitado>$AN513)),\"ACIMA REF.\",\"\")))))","v":""},{"$f":"IF(C513<=CRONO.NivelExibicao,MAX($AD$15:OFFSET(AD513,-1,0))+IF($C513<>1,1,MAX(1,COUNTIF(QCI!$A$13:$A$32,OFFSET($E513,-1,0)))),\"\")","v":""},{"$f":"IF(AND($C513=\"S\",ORÇAMENTO.CodBarra<>\"\"),IF(ORÇAMENTO.Fonte=\"\",ORÇAMENTO.CodBarra,CONCATENATE(ORÇAMENTO.Fonte,\" \",ORÇAMENTO.CodBarra)))","v":"AMMOC PAVASF"},{"$f":"IF(ISERROR(INDIRECT(ORÇAMENTO.BancoRef)),\"(abra o arquivo 'Referência \"&Excel_BuiltIn_Database&\".xls)\",IF(OR($C513<>\"S\",ORÇAMENTO.CodBarra=\"\"),\"(Sem Código)\",IF(ISERROR(MATCH($AE513,INDIRECT(ORÇAMENTO.BancoRef),0)),\"(Código não identificado nas referências)\",MATCH($AE513,INDIRECT(ORÇAMENTO.BancoRef),0))))","v":"(abra o arquivo 'Referência 06-2023.xls)"},{"$f":"ROUND(IF(DESONERACAO=\"sim\",REFERENCIA.Desonerado,REFERENCIA.NaoDesonerado),2)","v":0},0.23530000000000001,null,{"$f":"(2555.25*0.03)+(2403.97*0.05)","v":196.85599999999999},null,null,291407.92,1480.28]
["S",2,"S",0,{"$f":"IF($C514=1,OFFSET(E514,-1,0)+MAX(1,COUNTIF(QCI!$A$13:$A$32,OFFSET(ORÇAMENTO!E514,-1,0))),OFFSET(E514,-1,0))","v":11},6,0,0,6,0,{"$f":"IF(OR($C514=\"S\",$C514=0),0,MATCH(OFFSET($D514,0,$C514)+IF($C514<>1,1,COUNTIF(QCI!$A$13:$A$32,ORÇAMENTO!E514)),OFFSET($D514,1,$C514,ROW($C$850)-ROW($C514)),0))","v":0},"F","Serviço","Serviço","11.6.6.","SINAPI","100986","CARGA DE MISTURA ASFÁLTICA EM CAMINHÃO BASCULANTE","M3",{"$f":"OFFSET(CÁLCULO!H$15,ROW($T514)-ROW(T$15),0)","v":196.86},8.19,"BDI 1",{"$f":"IF($C514=\"S\",ROUND(IF(TIPOORCAMENTO=\"Proposto\",ORÇAMENTO.CustoUnitario*(1+$AH514),ORÇAMENTO.PrecoUnitarioLicitado),15-13*$AF$10),0)","v":10.119999999999999},1992.22,"RA","RA",{"$f":"IF($C514=\"S\",IF($Z514=\"CP\",$X514,IF($Z514=\"RA\",(($X514)*QCI!$AA$3),0)),SomaAgrup)","v":1992.22},0,{"$f":"IF($N514=\"\",\"\",IF(ORÇAMENTO.Descricao=\"\",\"DESCRIÇÃO\",IF(AND($C514=\"S\",ORÇAMENTO.Unidade=\"\"),\"UNIDADE\",IF($X514<0,\"VALOR NEGATIVO\",IF(OR(AND(TIPOORCAMENTO=\"Proposto\",$AG514<>\"\",$AG514>0,ORÇAMENTO.CustoUnitario>$AG514),AND(TIPOORCAMENTO=\"LICITADO\",ORÇAMENTO.PrecoUnitarioLicitado>$AN514)),\"ACIMA REF.\",\"\")))))","v":""},{"$f":"IF(C514<=CRONO.NivelExibicao,MAX($AD$15:OFFSET(AD514,-1,0))+IF($C514<>1,1,MAX(1,COUNTIF(QCI!$A$13:$A$32,OFFSET($E514,-1,0)))),\"\")","v":""},{"$f":"IF(AND($C514=\"S\",ORÇAMENTO.CodBarra<>\"\"),IF(ORÇAMENTO.Fonte=\"\",ORÇAMENTO.CodBarra,CONCATENATE(ORÇAMENTO.Fonte,\" \",ORÇAMENTO.CodBarra)))","v":"SINAPI 100986"},{"$f":"IF(ISERROR(INDIRECT(ORÇAMENTO.BancoRef)),\"(abra o arquivo 'Referência \"&Excel_BuiltIn_Database&\".xls)\",IF(OR($C514<>\"S\",ORÇAMENTO.CodBarra=\"\"),\"(Sem Código)\",IF(ISERROR(MATCH($AE514,INDIRECT(ORÇAMENTO.BancoRef),0)),\"(Código não identificado nas referências)\",MATCH($AE514,INDIRECT(ORÇAMENTO.BancoRef),0))))","v":"(abra o arquivo 'Referência 06-2023.xls)"},{"$f":"ROUND(IF(DESONERACAO=\"sim\",REFERENCIA.Desonerado,REFERENCIA.NaoDesonerado),2)","v":0},0.23530000000000001,null,{"$f":"AJ513","v":196.85599999999999},null,null,1992.22,10.119999999999999]
["S",2,"S",0,{"$f":"IF($C515=1,OFFSET(E515,-1,0)+MAX(1,COUNTIF(QCI!$A$13:$A$32,OFFSET(ORÇAMENTO!E515,-1,0))),OFFSET(E515,-1,0))","v":11},6,0,0,7,0,{"$f":"IF(OR($C515=\"S\",$C515=0),0,MATCH(OFFSET($D515,0,$C515)+IF($C515<>1,1,COUNTIF(QCI!$A$13:$A$32,ORÇAMENTO!E515)),OFFSET($D515,1,$C515,ROW($C$850)-ROW($C515)),0))","v":0},"F","Serviço","Serviço","11.6.7.","SINAPI","95303","TRANSPORTE COM CAMINHÃO BASCULANTE DE MASSA ASFALTICA PARA PAVIMENTAÇÃO URBANA, DMT = 20 KM","M3XKM",{"$f":"OFFSET(CÁLCULO!H$15,ROW($T515)-ROW(T$15),0)","v":3937.12},1.41,"BDI 1",{"$f":"IF($C515=\"S\",ROUND(IF(TIPOORCAMENTO=\"Proposto\",ORÇAMENTO.CustoUnitario*(1+$AH515),ORÇAMENTO.PrecoUnitarioLicitado),15-13*$AF$10),0)","v":1.74},6850.59,"RA","RA",{"$f":"IF($C515=\"S\",IF($Z515=\"CP\",$X515,IF($Z515=\"RA\",(($X515)*QCI!$AA$3),0)),SomaAgrup)","v":6850.59},0,{"$f":"IF($N515=\"\",\"\",IF(ORÇAMENTO.Descricao=\"\",\"DESCRIÇÃO\",IF(AND($C515=\"S\",ORÇAMENTO.Unidade=\"\"),\"UNIDADE\",IF($X515<0,\"VALOR NEGATIVO\",IF(OR(AND(TIPOORCAMENTO=\"Proposto\",$AG515<>\"\",$AG515>0,ORÇAMENTO.CustoUnitario>$AG515),AND(TIPOORCAMENTO=\"LICITADO\",ORÇAMENTO.PrecoUnitarioLicitado>$AN515)),\"ACIMA REF.\",\"\")))))","v":""},{"$f":"IF(C515<=CRONO.NivelExibicao,MAX($AD$15:OFFSET(AD515,-1,0))+IF($C515<>1,1,MAX(1,COUNTIF(QCI!$A$13:$A$32,OFFSET($E515,-1,0)))),\"\")","v":""},{"$f":"IF(AND($C515=\"S\",ORÇAMENTO.CodBarra<>\"\"),IF(ORÇAMENTO.Fonte=\"\",ORÇAMENTO.CodBarra,CONCATENATE(ORÇAMENTO.Fonte,\" \",ORÇAMENTO.CodBarra)))","v":"SINAPI 95303"},{"$f":"IF(ISERROR(INDIRECT(ORÇAMENTO.BancoRef)),\"(abra o arquivo 'Referência \"&Excel_BuiltIn_Database&\".xls)\",IF(OR($C515<>\"S\",ORÇAMENTO.CodBarra=\"\"),\"(Sem Código)\",IF(ISERROR(MATCH($AE515,INDIRECT(ORÇAMENTO.BancoRef),0)),\"(Código não identificado nas referências)\",MATCH($AE515,INDIRECT(ORÇAMENTO.BancoRef),0))))","v":"(abra o arquivo 'Referência 06-2023.xls)"},{"$f":"ROUND(IF(DESONERACAO=\"sim\",REFERENCIA.Desonerado,REFERENCIA.NaoDesonerado),2)","v":0},0.23530000000000001,null,{"$f":"AJ514*20","v":3937.12},null,null,6850.59,1.74]
[2,2,2,6,{"$f":"IF($C516=1,OFFSET(E516,-1,0)+MAX(1,COUNTIF(QCI!$A$13:$A$32,OFFSET(ORÇAMENTO!E516,-1,0))),OFFSET(E516,-1,0))","v":11},7,0,0,0,16,{"$f":"IF(OR($C516=\"S\",$C516=0),0,MATCH(OFFSET($D516,0,$C516)+IF($C516<>1,1,COUNTIF(QCI!$A$13:$A$32,ORÇAMENTO!E516)),OFFSET($D516,1,$C516,ROW($C$850)-ROW($C516)),0))","v":6},"F","Nível 2","Nível 2","11.7.","SINAPI",null,"LOMBADA","-",{"$f":"OFFSET(CÁLCULO!H$15,ROW($T516)-ROW(T$15),0)","v":0},0,"BDI 1",{"$f":"IF($C516=\"S\",ROUND(IF(TIPOORCAMENTO=\"Proposto\",ORÇAMENTO.CustoUnitario*(1+$AH516),ORÇAMENTO.PrecoUnitarioLicitado),15-13*$AF$10),0)","v":0},5161.3,"RA","",{"$f":"IF($C516=\"S\",IF($Z516=\"CP\",$X516,IF($Z516=\"RA\",(($X516)*QCI!$AA$3),0)),SomaAgrup)","v":5161.3},0,{"$f":"IF($N516=\"\",\"\",IF(ORÇAMENTO.Descricao=\"\",\"DESCRIÇÃO\",IF(AND($C516=\"S\",ORÇAMENTO.Unidade=\"\"),\"UNIDADE\",IF($X516<0,\"VALOR NEGATIVO\",IF(OR(AND(TIPOORCAMENTO=\"Proposto\",$AG516<>\"\",$AG516>0,ORÇAMENTO.CustoUnitario>$AG516),AND(TIPOORCAMENTO=\"LICITADO\",ORÇAMENTO.PrecoUnitarioLicitado>$AN516)),\"ACIMA REF.\",\"\")))))","v":""},{"$f":"IF(C516<=CRONO.NivelExibicao,MAX($AD$15:OFFSET(AD516,-1,0))+IF($C516<>1,1,MAX(1,COUNTIF(QCI!$A$13:$A$32,OFFSET($E516,-1,0)))),\"\")","v":""},{"$f":"IF(AND($C516=\"S\",ORÇAMENTO.CodBarra<>\"\"),IF(ORÇAMENTO.Fonte=\"\",ORÇAMENTO.CodBarra,CONCATENATE(ORÇAMENTO.Fonte,\" \",ORÇAMENTO.CodBarra)))","v":false},{"$f":"IF(ISERROR(INDIRECT(ORÇAMENTO.BancoRef)),\"(abra o arquivo 'Referência \"&Excel_BuiltIn_Database&\".xls)\",IF(OR($C516<>\"S\",ORÇAMENTO.CodBarra=\"\"),\"(Sem Código)\",IF(ISERROR(MATCH($AE516,INDIRECT(ORÇAMENTO.BancoRef),0)),\"(Código não identificado nas referências)\",MATCH($AE516,INDIRECT(ORÇAMENTO.BancoRef),0))))","v":"(abra o arquivo 'Referência 06-2023.xls)"},{"$f":"ROUND(IF(DESONERACAO=\"sim\",REFERENCIA.Desonerado,REFERENCIA.NaoDesonerado),2)","v":0},0.23530000000000001,null,null,null,null,5161.3,0]
["S",2,"S",0,{"$f":"IF($C517=1,OFFSET(E517,-1,0)+MAX(1,COUNTIF(QCI!$A$13:$A$32,OFFSET(ORÇAMENTO!E517,-1,0))),OFFSET(E517,-1,0))","v":11},7,0,0,1,0,{"$f":"IF(OR($C517=\"S\",$C517=0),0,MATCH(OFFSET($D517,0,$C517)+IF($C517<>1,1,COUNTIF(QCI!$A$13:$A$32,ORÇAMENTO!E517)),OFFSET($D517,1,$C517,ROW($C$850)-ROW($C517)),0))","v":0},"F","Serviço","Serviço","11.7.1.","AMMOC","RR-2C","PINTURA DE LIGAÇÃO COM EMULSÃO RR-2C","M2",{"$f":"OFFSET(CÁLCULO!H$15,ROW($T517)-ROW(T$15),0)","v":25.9},2.54,"BDI 1",{"$f":"IF($C517=\"S\",ROUND(IF(TIPOORCAMENTO=\"Proposto\",ORÇAMENTO.CustoUnitario*(1+$AH517),ORÇAMENTO.PrecoUnitarioLicitado),15-13*$AF$10),0)","v":3.14},81.33,"RA","RA",{"$f":"IF($C517=\"S\",IF($Z517=\"CP\",$X517,IF($Z517=\"RA\",(($X517)*QCI!$AA$3),0)),SomaAgrup)","v":81.33},0,{"$f":"IF($N517=\"\",\"\",IF(ORÇAMENTO.Descricao=\"\",\"DESCRIÇÃO\",IF(AND($C517=\"S\",ORÇAMENTO.Unidade=\"\"),\"UNIDADE\",IF($X517<0,\"VALOR NEGATIVO\",IF(OR(AND(TIPOORCAMENTO=\"Proposto\",$AG517<>\"\",$AG517>0,ORÇAMENTO.CustoUnitario>$AG517),AND(TIPOORCAMENTO=\"LICITADO\",ORÇAMENTO.PrecoUnitarioLicitado>$AN517)),\"ACIMA REF.\",\"\")))))","v":""},{"$f":"IF(C517<=CRONO.NivelExibicao,MAX($AD$15:OFFSET(AD517,-1,0))+IF($C517<>1,1,MAX(1,COUNTIF(QCI!$A$13:$A$32,OFFSET($E517,-1,0)))),\"\")","v":""},{"$f":"IF(AND($C517=\"S\",ORÇAMENTO.CodBarra<>\"\"),IF(ORÇAMENTO.Fonte=\"\",ORÇAMENTO.CodBarra,CONCATENATE(ORÇAMENTO.Fonte,\" \",ORÇAMENTO.CodBarra)))","v":"AMMOC RR-2C"},{"$f":"IF(ISERROR(INDIRECT(ORÇAMENTO.BancoRef)),\"(abra o arquivo 'Referência \"&Excel_BuiltIn_Database&\".xls)\",IF(OR($C517<>\"S\",ORÇAMENTO.CodBarra=\"\"),\"(Sem Código)\",IF(ISERROR(MATCH($AE517,INDIRECT(ORÇAMENTO.BancoRef),0)),\"(Código não identificado nas referências)\",MATCH($AE517,INDIRECT(ORÇAMENTO.BancoRef),0))))","v":"(abra o arquivo 'Referência 06-2023.xls)"},{"$f":"ROUND(IF(DESONERACAO=\"sim\",REFERENCIA.Desonerado,REFERENCIA.NaoDesonerado),2)","v":0},0.23530000000000001,null,{"$f":"3.7*7","v":25.900000000000002},null,null,81.33,3.14]
["S",2,"S",0,{"$f":"IF($C518=1,OFFSET(E518,-1,0)+MAX(1,COUNTIF(QCI!$A$13:$A$32,OFFSET(ORÇAMENTO!E518,-1,0))),OFFSET(E518,-1,0))","v":11},7,0,0,2,0,{"$f":"IF(OR($C518=\"S\",$C518=0),0,MATCH(OFFSET($D518,0,$C518)+IF($C518<>1,1,COUNTIF(QCI!$A$13:$A$32,ORÇAMENTO!E518)),OFFSET($D518,1,$C518,ROW($C$850)-ROW($C518)),0))","v":0},"F","Serviço","Serviço","11.7.2.","SINAPI","102332","TRANSPORTE COM CAMINHÃO TANQUE DE MATERIAL ASFÁLTICO, DMT = 20 KM","TXKM",{"$f":"OFFSET(CÁLCULO!H$15,ROW($T518)-ROW(T$15),0)","v":0.52},1.64,"BDI 1",{"$f":"IF($C518=\"S\",ROUND(IF(TIPOORCAMENTO=\"Proposto\",ORÇAMENTO.CustoUnitario*(1+$AH518),ORÇAMENTO.PrecoUnitarioLicitado),15-13*$AF$10),0)","v":2.0299999999999998},1.06,"RA","RA",{"$f":"IF($C518=\"S\",IF($Z518=\"CP\",$X518,IF($Z518=\"RA\",(($X518)*QCI!$AA$3),0)),SomaAgrup)","v":1.06},0,{"$f":"IF($N518=\"\",\"\",IF(ORÇAMENTO.Descricao=\"\",\"DESCRIÇÃO\",IF(AND($C518=\"S\",ORÇAMENTO.Unidade=\"\"),\"UNIDADE\",IF($X518<0,\"VALOR NEGATIVO\",IF(OR(AND(TIPOORCAMENTO=\"Proposto\",$AG518<>\"\",$AG518>0,ORÇAMENTO.CustoUnitario>$AG518),AND(TIPOORCAMENTO=\"LICITADO\",ORÇAMENTO.PrecoUnitarioLicitado>$AN518)),\"ACIMA REF.\",\"\")))))","v":""},{"$f":"IF(C518<=CRONO.NivelExibicao,MAX($AD$15:OFFSET(AD518,-1,0))+IF($C518<>1,1,MAX(1,COUNTIF(QCI!$A$13:$A$32,OFFSET($E518,-1,0)))),\"\")","v":""},{"$f":"IF(AND($C518=\"S\",ORÇAMENTO.CodBarra<>\"\"),IF(ORÇAMENTO.Fonte=\"\",ORÇAMENTO.CodBarra,CONCATENATE(ORÇAMENTO.Fonte,\" \",ORÇAMENTO.CodBarra)))","v":"SINAPI 102332"},{"$f":"IF(ISERROR(INDIRECT(ORÇAMENTO.BancoRef)),\"(abra o arquivo 'Referência \"&Excel_BuiltIn_Database&\".xls)\",IF(OR($C518<>\"S\",ORÇAMENTO.CodBarra=\"\"),\"(Sem Código)\",IF(ISERROR(MATCH($AE518,INDIRECT(ORÇAMENTO.BancoRef),0)),\"(Código não identificado nas referências)\",MATCH($AE518,INDIRECT(ORÇAMENTO.BancoRef),0))))","v":"(abra o arquivo 'Referência 06-2023.xls)"},{"$f":"ROUND(IF(DESONERACAO=\"sim\",REFERENCIA.Desonerado,REFERENCIA.NaoDesonerado),2)","v":0},0.23530000000000001,null,{"$f":"AJ517*20/1000","v":0.51800000000000002},null,null,1.06,2.0299999999999998]
[{"$f":"CHOOSE(1+LOG(1+2*(ORÇAMENTO.Nivel=\"Meta\")+4*(ORÇAMENTO.Nivel=\"Nível 2\")+8*(ORÇAMENTO.Nivel=\"Nível 3\")+16*(ORÇAMENTO.Nivel=\"Nível 4\")+32*(ORÇAMENTO.Nivel=\"Serviço\"),2),0,1,2,3,4,\"S\")","v":"S"},{"$f":"IF(OR(C519=\"s\",C519=0),OFFSET(B519,-1,0),C519)","v":2},{"$f":"IF(OFFSET(C519,-1,0)=\"L\",1,IF(OFFSET(C519,-1,0)=1,2,IF(OR(A519=\"s\",A519=0),\"S\",IF(AND(OFFSET(C519,-1,0)=2,A519=4),3,IF(AND(OR(OFFSET(C519,-1,0)=\"s\",OFFSET(C519,-1,0)=0),A519<>\"s\",A519>OFFSET(B519,-1,0)),OFFSET(B519,-1,0),A519)))))","v":"S"},{"$f":"IF(OR(C519=\"S\",C519=0),0,IF(ISERROR(K519),J519,SMALL(J519:K519,1)))","v":0},{"$f":"IF($C519=1,OFFSET(E519,-1,0)+MAX(1,COUNTIF(QCI!$A$13:$A$32,OFFSET(ORÇAMENTO!E519,-1,0))),OFFSET(E519,-1,0))","v":11},{"$f":"IF($C519=1,0,IF($C519=2,OFFSET(F519,-1,0)+1,OFFSET(F519,-1,0)))","v":7},{"$f":"IF(AND($C519<=2,$C519<>0),0,IF($C519=3,OFFSET(G519,-1,0)+1,OFFSET(G519,-1,0)))","v":0},{"$f":"IF(AND($C519<=3,$C519<>0),0,IF($C519=4,OFFSET(H519,-1,0)+1,OFFSET(H519,-1,0)))","v":0},{"$f":"IF(AND($C519<=4,$C519<>0),0,IF(AND($C519=\"S\",$X519>0),OFFSET(I519,-1,0)+1,OFFSET(I519,-1,0)))","v":3},0,{"$f":"IF(OR($C519=\"S\",$C519=0),0,MATCH(OFFSET($D519,0,$C519)+IF($C519<>1,1,COUNTIF(QCI!$A$13:$A$32,ORÇAMENTO!E519)),OFFSET($D519,1,$C519,ROW($C$850)-ROW($C519)),0))","v":0},{"$f":"IF(OR($X519>0,$C519=1,$C519=2,$C519=3,$C519=4),\"F\",\"\")","v":"F"},"Serviço",{"$f":"CHOOSE(1+LOG(1+2*(C519=1)+4*(C519=2)+8*(C519=3)+16*(C519=4)+32*(C519=\"S\"),2),\"\",\"Meta\",\"Nível 2\",\"Nível 3\",\"Nível 4\",\"Serviço\")","v":"Serviço"},{"$f":"IF(OR($C519=0,$L519=\"\"),\"-\",CONCATENATE(E519&\".\",IF(AND($A$5>=2,$C519>=2),F519&\".\",\"\"),IF(AND($A$5>=3,$C519>=3),G519&\".\",\"\"),IF(AND($A$5>=4,$C519>=4),H519&\".\",\"\"),IF($C519=\"S\",I519&\".\",\"\")))","v":"11.7.3."},"AMMOC","PAVASF","EXECUÇÃO DE LOMBADACOM APLICAÇÃO DE CONCRETO ASFÁLTICO, CAMADA DE ROLAMENTO - EXCLUSIVE CARGA E TRANSPORTE. AF_11/2019","M3",{"$f":"OFFSET(CÁLCULO!H$15,ROW($T519)-ROW(T$15),0)","v":3.33},1198.32,"BDI 1",{"$f":"IF($C519=\"S\",ROUND(IF(TIPOORCAMENTO=\"Proposto\",ORÇAMENTO.CustoUnitario*(1+$AH519),ORÇAMENTO.PrecoUnitarioLicitado),15-13*$AF$10),0)","v":1480.28},{"$f":"IF($C519=\"S\",VTOTAL1,IF($C519=0,0,ROUND(SomaAgrup,15-13*$AF$11)))","v":4929.33},"RA",{"$f":"IF(AND($C519=\"S\",$X519>0),IF(ISBLANK($Y519),\"RA\",LEFT($Y519,2)),\"\")","v":"RA"},{"$f":"IF($C519=\"S\",IF($Z519=\"CP\",$X519,IF($Z519=\"RA\",(($X519)*QCI!$AA$3),0)),SomaAgrup)","v":4929.33},{"$f":"IF($C519=\"S\",IF($Z519=\"OU\",ROUND($X519,2),0),SomaAgrup)","v":0},{"$f":"IF($N519=\"\",\"\",IF(ORÇAMENTO.Descricao=\"\",\"DESCRIÇÃO\",IF(AND($C519=\"S\",ORÇAMENTO.Unidade=\"\"),\"UNIDADE\",IF($X519<0,\"VALOR NEGATIVO\",IF(OR(AND(TIPOORCAMENTO=\"Proposto\",$AG519<>\"\",$AG519>0,ORÇAMENTO.CustoUnitario>$AG519),AND(TIPOORCAMENTO=\"LICITADO\",ORÇAMENTO.PrecoUnitarioLicitado>$AN519)),\"ACIMA REF.\",\"\")))))","v":""},{"$f":"IF(C519<=CRONO.NivelExibicao,MAX($AD$15:OFFSET(AD519,-1,0))+IF($C519<>1,1,MAX(1,COUNTIF(QCI!$A$13:$A$32,OFFSET($E519,-1,0)))),\"\")","v":""},{"$f":"IF(AND($C519=\"S\",ORÇAMENTO.CodBarra<>\"\"),IF(ORÇAMENTO.Fonte=\"\",ORÇAMENTO.CodBarra,CONCATENATE(ORÇAMENTO.Fonte,\" \",ORÇAMENTO.CodBarra)))","v":"AMMOC PAVASF"},{"$f":"IF(ISERROR(INDIRECT(ORÇAMENTO.BancoRef)),\"(abra o arquivo 'Referência \"&Excel_BuiltIn_Database&\".xls)\",IF(OR($C519<>\"S\",ORÇAMENTO.CodBarra=\"\"),\"(Sem Código)\",IF(ISERROR(MATCH($AE519,INDIRECT(ORÇAMENTO.BancoRef),0)),\"(Código não identificado nas referências)\",MATCH($AE519,INDIRECT(ORÇAMENTO.BancoRef),0))))","v":"(abra o arquivo 'Referência 06-2023.xls)"},{"$f":"ROUND(IF(DESONERACAO=\"sim\",REFERENCIA.Desonerado,REFERENCIA.NaoDesonerado),2)","v":0},{"$f":"ROUND(IF(ISNUMBER(ORÇAMENTO.OpcaoBDI),ORÇAMENTO.OpcaoBDI,IF(LEFT(ORÇAMENTO.OpcaoBDI,3)=\"BDI\",HLOOKUP(ORÇAMENTO.OpcaoBDI,$F$4:$H$5,2,FALSE),0)),15-11*$AF$9)","v":0.23530000000000001},null,3.33,null,null,4929.33,{"$f":"ROUND(ORÇAMENTO.CustoUnitario*(1+$AH519),2)","v":1480.28}]
["S",2,"S",0,{"$f":"IF($C520=1,OFFSET(E520,-1,0)+MAX(1,COUNTIF(QCI!$A$13:$A$32,OFFSET(ORÇAMENTO!E520,-1,0))),OFFSET(E520,-1,0))","v":11},7,0,0,4,0,{"$f":"IF(OR($C520=\"S\",$C520=0),0,MATCH(OFFSET($D520,0,$C520)+IF($C520<>1,1,COUNTIF(QCI!$A$13:$A$32,ORÇAMENTO!E520)),OFFSET($D520,1,$C520,ROW($C$850)-ROW($C520)),0))","v":0},"F","Serviço","Serviço","11.7.4.","SINAPI","100986","CARGA DE MISTURA ASFÁLTICA EM CAMINHÃO BASCULANTE","M3",{"$f":"OFFSET(CÁLCULO!H$15,ROW($T520)-ROW(T$15),0)","v":3.33},8.19,"BDI 1",{"$f":"IF($C520=\"S\",ROUND(IF(TIPOORCAMENTO=\"Proposto\",ORÇAMENTO.CustoUnitario*(1+$AH520),ORÇAMENTO.PrecoUnitarioLicitado),15-13*$AF$10),0)","v":10.119999999999999},33.700000000000003,"RA","RA",{"$f":"IF($C520=\"S\",IF($Z520=\"CP\",$X520,IF($Z520=\"RA\",(($X520)*QCI!$AA$3),0)),SomaAgrup)","v":33.700000000000003},0,{"$f":"IF($N520=\"\",\"\",IF(ORÇAMENTO.Descricao=\"\",\"DESCRIÇÃO\",IF(AND($C520=\"S\",ORÇAMENTO.Unidade=\"\"),\"UNIDADE\",IF($X520<0,\"VALOR NEGATIVO\",IF(OR(AND(TIPOORCAMENTO=\"Proposto\",$AG520<>\"\",$AG520>0,ORÇAMENTO.CustoUnitario>$AG520),AND(TIPOORCAMENTO=\"LICITADO\",ORÇAMENTO.PrecoUnitarioLicitado>$AN520)),\"ACIMA REF.\",\"\")))))","v":""},{"$f":"IF(C520<=CRONO.NivelExibicao,MAX($AD$15:OFFSET(AD520,-1,0))+IF($C520<>1,1,MAX(1,COUNTIF(QCI!$A$13:$A$32,OFFSET($E520,-1,0)))),\"\")","v":""},{"$f":"IF(AND($C520=\"S\",ORÇAMENTO.CodBarra<>\"\"),IF(ORÇAMENTO.Fonte=\"\",ORÇAMENTO.CodBarra,CONCATENATE(ORÇAMENTO.Fonte,\" \",ORÇAMENTO.CodBarra)))","v":"SINAPI 100986"},{"$f":"IF(ISERROR(INDIRECT(ORÇAMENTO.BancoRef)),\"(abra o arquivo 'Referência \"&Excel_BuiltIn_Database&\".xls)\",IF(OR($C520<>\"S\",ORÇAMENTO.CodBarra=\"\"),\"(Sem Código)\",IF(ISERROR(MATCH($AE520,INDIRECT(ORÇAMENTO.BancoRef),0)),\"(Código não identificado nas referências)\",MATCH($AE520,INDIRECT(ORÇAMENTO.BancoRef),0))))","v":"(abra o arquivo 'Referência 06-2023.xls)"},{"$f":"ROUND(IF(DESONERACAO=\"sim\",REFERENCIA.Desonerado,REFERENCIA.NaoDesonerado),2)","v":0},0.23530000000000001,null,{"$f":"AJ519","v":3.33},null,null,33.700000000000003,10.119999999999999]
["S",2,"S",0,{"$f":"IF($C521=1,OFFSET(E521,-1,0)+MAX(1,COUNTIF(QCI!$A$13:$A$32,OFFSET(ORÇAMENTO!E521,-1,0))),OFFSET(E521,-1,0))","v":11},7,0,0,5,0,{"$f":"IF(OR($C521=\"S\",$C521=0),0,MATCH(OFFSET($D521,0,$C521)+IF($C521<>1,1,COUNTIF(QCI!$A$13:$A$32,ORÇAMENTO!E521)),OFFSET($D521,1,$C521,ROW($C$850)-ROW($C521)),0))","v":0},"F","Serviço","Serviço","11.7.5.","SINAPI","95303","TRANSPORTE COM CAMINHÃO BASCULANTE DE MASSA ASFALTICA PARA PAVIMENTAÇÃO URBANA, DMT = 20 KM","M3XKM",{"$f":"OFFSET(CÁLCULO!H$15,ROW($T521)-ROW(T$15),0)","v":66.599999999999994},1.41,"BDI 1",{"$f":"IF($C521=\"S\",ROUND(IF(TIPOORCAMENTO=\"Proposto\",ORÇAMENTO.CustoUnitario*(1+$AH521),ORÇAMENTO.PrecoUnitarioLicitado),15-13*$AF$10),0)","v":1.74},115.88,"RA","RA",{"$f":"IF($C521=\"S\",IF($Z521=\"CP\",$X521,IF($Z521=\"RA\",(($X521)*QCI!$AA$3),0)),SomaAgrup)","v":115.88},0,{"$f":"IF($N521=\"\",\"\",IF(ORÇAMENTO.Descricao=\"\",\"DESCRIÇÃO\",IF(AND($C521=\"S\",ORÇAMENTO.Unidade=\"\"),\"UNIDADE\",IF($X521<0,\"VALOR NEGATIVO\",IF(OR(AND(TIPOORCAMENTO=\"Proposto\",$AG521<>\"\",$AG521>0,ORÇAMENTO.CustoUnitario>$AG521),AND(TIPOORCAMENTO=\"LICITADO\",ORÇAMENTO.PrecoUnitarioLicitado>$AN521)),\"ACIMA REF.\",\"\")))))","v":""},{"$f":"IF(C521<=CRONO.NivelExibicao,MAX($AD$15:OFFSET(AD521,-1,0))+IF($C521<>1,1,MAX(1,COUNTIF(QCI!$A$13:$A$32,OFFSET($E521,-1,0)))),\"\")","v":""},{"$f":"IF(AND($C521=\"S\",ORÇAMENTO.CodBarra<>\"\"),IF(ORÇAMENTO.Fonte=\"\",ORÇAMENTO.CodBarra,CONCATENATE(ORÇAMENTO.Fonte,\" \",ORÇAMENTO.CodBarra)))","v":"SINAPI 95303"},{"$f":"IF(ISERROR(INDIRECT(ORÇAMENTO.BancoRef)),\"(abra o arquivo 'Referência \"&Excel_BuiltIn_Database&\".xls)\",IF(OR($C521<>\"S\",ORÇAMENTO.CodBarra=\"\"),\"(Sem Código)\",IF(ISERROR(MATCH($AE521,INDIRECT(ORÇAMENTO.BancoRef),0)),\"(Código não identificado nas referências)\",MATCH($AE521,INDIRECT(ORÇAMENTO.BancoRef),0))))","v":"(abra o arquivo 'Referência 06-2023.xls)"},{"$f":"ROUND(IF(DESONERACAO=\"sim\",REFERENCIA.Desonerado,REFERENCIA.NaoDesonerado),2)","v":0},0.23530000000000001,null,{"$f":"AJ520*20","v":66.599999999999994},null,null,115.88,1.74]
[2,2,2,2,{"$f":"IF($C522=1,OFFSET(E522,-1,0)+MAX(1,COUNTIF(QCI!$A$13:$A$32,OFFSET(ORÇAMENTO!E522,-1,0))),OFFSET(E522,-1,0))","v":11},8,0,0,0,10,{"$f":"IF(OR($C522=\"S\",$C522=0),0,MATCH(OFFSET($D522,0,$C522)+IF($C522<>1,1,COUNTIF(QCI!$A$13:$A$32,ORÇAMENTO!E522)),OFFSET($D522,1,$C522,ROW($C$850)-ROW($C522)),0))","v":2},"F","Nível 2","Nível 2","11.8.","SINAPI",null,"MEIO-FIO","-",{"$f":"OFFSET(CÁLCULO!H$15,ROW($T522)-ROW(T$15),0)","v":0},0,"BDI 1",{"$f":"IF($C522=\"S\",ROUND(IF(TIPOORCAMENTO=\"Proposto\",ORÇAMENTO.CustoUnitario*(1+$AH522),ORÇAMENTO.PrecoUnitarioLicitado),15-13*$AF$10),0)","v":0},9817.2099999999991,"RA","",{"$f":"IF($C522=\"S\",IF($Z522=\"CP\",$X522,IF($Z522=\"RA\",(($X522)*QCI!$AA$3),0)),SomaAgrup)","v":9817.2099999999991},0,{"$f":"IF($N522=\"\",\"\",IF(ORÇAMENTO.Descricao=\"\",\"DESCRIÇÃO\",IF(AND($C522=\"S\",ORÇAMENTO.Unidade=\"\"),\"UNIDADE\",IF($X522<0,\"VALOR NEGATIVO\",IF(OR(AND(TIPOORCAMENTO=\"Proposto\",$AG522<>\"\",$AG522>0,ORÇAMENTO.CustoUnitario>$AG522),AND(TIPOORCAMENTO=\"LICITADO\",ORÇAMENTO.PrecoUnitarioLicitado>$AN522)),\"ACIMA REF.\",\"\")))))","v":""},{"$f":"IF(C522<=CRONO.NivelExibicao,MAX($AD$15:OFFSET(AD522,-1,0))+IF($C522<>1,1,MAX(1,COUNTIF(QCI!$A$13:$A$32,OFFSET($E522,-1,0)))),\"\")","v":""},{"$f":"IF(AND($C522=\"S\",ORÇAMENTO.CodBarra<>\"\"),IF(ORÇAMENTO.Fonte=\"\",ORÇAMENTO.CodBarra,CONCATENATE(ORÇAMENTO.Fonte,\" \",ORÇAMENTO.CodBarra)))","v":false},{"$f":"IF(ISERROR(INDIRECT(ORÇAMENTO.BancoRef)),\"(abra o arquivo 'Referência \"&Excel_BuiltIn_Database&\".xls)\",IF(OR($C522<>\"S\",ORÇAMENTO.CodBarra=\"\"),\"(Sem Código)\",IF(ISERROR(MATCH($AE522,INDIRECT(ORÇAMENTO.BancoRef),0)),\"(Código não identificado nas referências)\",MATCH($AE522,INDIRECT(ORÇAMENTO.BancoRef),0))))","v":"(abra o arquivo 'Referência 06-2023.xls)"},{"$f":"ROUND(IF(DESONERACAO=\"sim\",REFERENCIA.Desonerado,REFERENCIA.NaoDesonerado),2)","v":0},0.23530000000000001,null,null,null,null,9817.2099999999991,0]
["S",2,"S",0,{"$f":"IF($C523=1,OFFSET(E523,-1,0)+MAX(1,COUNTIF(QCI!$A$13:$A$32,OFFSET(ORÇAMENTO!E523,-1,0))),OFFSET(E523,-1,0))","v":11},8,0,0,1,0,{"$f":"IF(OR($C523=\"S\",$C523=0),0,MATCH(OFFSET($D523,0,$C523)+IF($C523<>1,1,COUNTIF(QCI!$A$13:$A$32,ORÇAMENTO!E523)),OFFSET($D523,1,$C523,ROW($C$850)-ROW($C523)),0))","v":0},"F","Serviço","Serviço","11.8.1.","SINAPI","94263","GUIA (MEIO-FIO) CONCRETO, MOLDADA  IN LOCO COM EXTRUSORA, 13 CM BASE X 22 CM ALTURA.","M",{"$f":"OFFSET(CÁLCULO!H$15,ROW($T523)-ROW(T$15),0)","v":218.5},36.369999999999997,"BDI 1",{"$f":"IF($C523=\"S\",ROUND(IF(TIPOORCAMENTO=\"Proposto\",ORÇAMENTO.CustoUnitario*(1+$AH523),ORÇAMENTO.PrecoUnitarioLicitado),15-13*$AF$10),0)","v":44.93},9817.2099999999991,"RA","RA",{"$f":"IF($C523=\"S\",IF($Z523=\"CP\",$X523,IF($Z523=\"RA\",(($X523)*QCI!$AA$3),0)),SomaAgrup)","v":9817.2099999999991},0,{"$f":"IF($N523=\"\",\"\",IF(ORÇAMENTO.Descricao=\"\",\"DESCRIÇÃO\",IF(AND($C523=\"S\",ORÇAMENTO.Unidade=\"\"),\"UNIDADE\",IF($X523<0,\"VALOR NEGATIVO\",IF(OR(AND(TIPOORCAMENTO=\"Proposto\",$AG523<>\"\",$AG523>0,ORÇAMENTO.CustoUnitario>$AG523),AND(TIPOORCAMENTO=\"LICITADO\",ORÇAMENTO.PrecoUnitarioLicitado>$AN523)),\"ACIMA REF.\",\"\")))))","v":""},{"$f":"IF(C523<=CRONO.NivelExibicao,MAX($AD$15:OFFSET(AD523,-1,0))+IF($C523<>1,1,MAX(1,COUNTIF(QCI!$A$13:$A$32,OFFSET($E523,-1,0)))),\"\")","v":""},{"$f":"IF(AND($C523=\"S\",ORÇAMENTO.CodBarra<>\"\"),IF(ORÇAMENTO.Fonte=\"\",ORÇAMENTO.CodBarra,CONCATENATE(ORÇAMENTO.Fonte,\" \",ORÇAMENTO.CodBarra)))","v":"SINAPI 94263"},{"$f":"IF(ISERROR(INDIRECT(ORÇAMENTO.BancoRef)),\"(abra o arquivo 'Referência \"&Excel_BuiltIn_Database&\".xls)\",IF(OR($C523<>\"S\",ORÇAMENTO.CodBarra=\"\"),\"(Sem Código)\",IF(ISERROR(MATCH($AE523,INDIRECT(ORÇAMENTO.BancoRef),0)),\"(Código não identificado nas referências)\",MATCH($AE523,INDIRECT(ORÇAMENTO.BancoRef),0))))","v":"(abra o arquivo 'Referência 06-2023.xls)"},{"$f":"ROUND(IF(DESONERACAO=\"sim\",REFERENCIA.Desonerado,REFERENCIA.NaoDesonerado),2)","v":0},0.23530000000000001,null,218.5,null,null,9817.2099999999991,44.93]
[2,2,2,8,{"$f":"IF($C524=1,OFFSET(E524,-1,0)+MAX(1,COUNTIF(QCI!$A$13:$A$32,OFFSET(ORÇAMENTO!E524,-1,0))),OFFSET(E524,-1,0))","v":11},9,0,0,0,8,{"$f":"IF(OR($C524=\"S\",$C524=0),0,MATCH(OFFSET($D524,0,$C524)+IF($C524<>1,1,COUNTIF(QCI!$A$13:$A$32,ORÇAMENTO!E524)),OFFSET($D524,1,$C524,ROW($C$850)-ROW($C524)),0))","v":53},"F","Nível 2","Nível 2","11.9.","SINAPI",null,"SINALIZAÇÃO","-",{"$f":"OFFSET(CÁLCULO!H$15,ROW($T524)-ROW(T$15),0)","v":0},0,"BDI 1",{"$f":"IF($C524=\"S\",ROUND(IF(TIPOORCAMENTO=\"Proposto\",ORÇAMENTO.CustoUnitario*(1+$AH524),ORÇAMENTO.PrecoUnitarioLicitado),15-13*$AF$10),0)","v":0},14145.8,"RA","",{"$f":"IF($C524=\"S\",IF($Z524=\"CP\",$X524,IF($Z524=\"RA\",(($X524)*QCI!$AA$3),0)),SomaAgrup)","v":14145.800000000001},0,{"$f":"IF($N524=\"\",\"\",IF(ORÇAMENTO.Descricao=\"\",\"DESCRIÇÃO\",IF(AND($C524=\"S\",ORÇAMENTO.Unidade=\"\"),\"UNIDADE\",IF($X524<0,\"VALOR NEGATIVO\",IF(OR(AND(TIPOORCAMENTO=\"Proposto\",$AG524<>\"\",$AG524>0,ORÇAMENTO.CustoUnitario>$AG524),AND(TIPOORCAMENTO=\"LICITADO\",ORÇAMENTO.PrecoUnitarioLicitado>$AN524)),\"ACIMA REF.\",\"\")))))","v":""},{"$f":"IF(C524<=CRONO.NivelExibicao,MAX($AD$15:OFFSET(AD524,-1,0))+IF($C524<>1,1,MAX(1,COUNTIF(QCI!$A$13:$A$32,OFFSET($E524,-1,0)))),\"\")","v":""},{"$f":"IF(AND($C524=\"S\",ORÇAMENTO.CodBarra<>\"\"),IF(ORÇAMENTO.Fonte=\"\",ORÇAMENTO.CodBarra,CONCATENATE(ORÇAMENTO.Fonte,\" \",ORÇAMENTO.CodBarra)))","v":false},{"$f":"IF(ISERROR(INDIRECT(ORÇAMENTO.BancoRef)),\"(abra o arquivo 'Referência \"&Excel_BuiltIn_Database&\".xls)\",IF(OR($C524<>\"S\",ORÇAMENTO.CodBarra=\"\"),\"(Sem Código)\",IF(ISERROR(MATCH($AE524,INDIRECT(ORÇAMENTO.BancoRef),0)),\"(Código não identificado nas referências)\",MATCH($AE524,INDIRECT(ORÇAMENTO.BancoRef),0))))","v":"(abra o arquivo 'Referência 06-2023.xls)"},{"$f":"ROUND(IF(DESONERACAO=\"sim\",REFERENCIA.Desonerado,REFERENCIA.NaoDesonerado),2)","v":0},0.23530000000000001,null,null,null,null,14145.8,0]
["S",2,"S",0,{"$f":"IF($C525=1,OFFSET(E525,-1,0)+MAX(1,COUNTIF(QCI!$A$13:$A$32,OFFSET(ORÇAMENTO!E525,-1,0))),OFFSET(E525,-1,0))","v":11},9,0,0,1,0,{"$f":"IF(OR($C525=\"S\",$C525=0),0,MATCH(OFFSET($D525,0,$C525)+IF($C525<>1,1,COUNTIF(QCI!$A$13:$A$32,ORÇAMENTO!E525)),OFFSET($D525,1,$C525,ROW($C$850)-ROW($C525)),0))","v":0},"F","Serviço","Serviço","11.9.1.","SINAPI","72947","SINALIZACAO HORIZONTAL COM TINTA RETRORREFLETIVA A BASE DE RESINA ACRILICA COM MICROESFERAS DE VIDRO - LINHA CONTÍNUA AMARELA","M2",{"$f":"OFFSET(CÁLCULO!H$15,ROW($T525)-ROW(T$15),0)","v":34.74},17.059999999999999,"BDI 1",{"$f":"IF($C525=\"S\",ROUND(IF(TIPOORCAMENTO=\"Proposto\",ORÇAMENTO.CustoUnitario*(1+$AH525),ORÇAMENTO.PrecoUnitarioLicitado),15-13*$AF$10),0)","v":21.07},731.97,"RA","RA",{"$f":"IF($C525=\"S\",IF($Z525=\"CP\",$X525,IF($Z525=\"RA\",(($X525)*QCI!$AA$3),0)),SomaAgrup)","v":731.97},0,{"$f":"IF($N525=\"\",\"\",IF(ORÇAMENTO.Descricao=\"\",\"DESCRIÇÃO\",IF(AND($C525=\"S\",ORÇAMENTO.Unidade=\"\"),\"UNIDADE\",IF($X525<0,\"VALOR NEGATIVO\",IF(OR(AND(TIPOORCAMENTO=\"Proposto\",$AG525<>\"\",$AG525>0,ORÇAMENTO.CustoUnitario>$AG525),AND(TIPOORCAMENTO=\"LICITADO\",ORÇAMENTO.PrecoUnitarioLicitado>$AN525)),\"ACIMA REF.\",\"\")))))","v":""},{"$f":"IF(C525<=CRONO.NivelExibicao,MAX($AD$15:OFFSET(AD525,-1,0))+IF($C525<>1,1,MAX(1,COUNTIF(QCI!$A$13:$A$32,OFFSET($E525,-1,0)))),\"\")","v":""},{"$f":"IF(AND($C525=\"S\",ORÇAMENTO.CodBarra<>\"\"),IF(ORÇAMENTO.Fonte=\"\",ORÇAMENTO.CodBarra,CONCATENATE(ORÇAMENTO.Fonte,\" \",ORÇAMENTO.CodBarra)))","v":"SINAPI 72947"},{"$f":"IF(ISERROR(INDIRECT(ORÇAMENTO.BancoRef)),\"(abra o arquivo 'Referência \"&Excel_BuiltIn_Database&\".xls)\",IF(OR($C525<>\"S\",ORÇAMENTO.CodBarra=\"\"),\"(Sem Código)\",IF(ISERROR(MATCH($AE525,INDIRECT(ORÇAMENTO.BancoRef),0)),\"(Código não identificado nas referências)\",MATCH($AE525,INDIRECT(ORÇAMENTO.BancoRef),0))))","v":"(abra o arquivo 'Referência 06-2023.xls)"},{"$f":"ROUND(IF(DESONERACAO=\"sim\",REFERENCIA.Desonerado,REFERENCIA.NaoDesonerado),2)","v":0},0.23530000000000001,null,34.74,null,null,731.97,21.07]
["S",2,"S",0,{"$f":"IF($C526=1,OFFSET(E526,-1,0)+MAX(1,COUNTIF(QCI!$A$13:$A$32,OFFSET(ORÇAMENTO!E526,-1,0))),OFFSET(E526,-1,0))","v":11},9,0,0,2,0,{"$f":"IF(OR($C526=\"S\",$C526=0),0,MATCH(OFFSET($D526,0,$C526)+IF($C526<>1,1,COUNTIF(QCI!$A$13:$A$32,ORÇAMENTO!E526)),OFFSET($D526,1,$C526,ROW($C$850)-ROW($C526)),0))","v":0},"F","Serviço","Serviço","11.9.2.","SINAPI","72947","SINALIZACAO HORIZONTAL COM TINTA RETRORREFLETIVA A BASE DE RESINA ACRILICA COM MICROESFERAS DE VIDRO - LINHA CONTÍNUA BRANCA","M2",{"$f":"OFFSET(CÁLCULO!H$15,ROW($T526)-ROW(T$15),0)","v":74.180000000000007},17.059999999999999,"BDI 1",{"$f":"IF($C526=\"S\",ROUND(IF(TIPOORCAMENTO=\"Proposto\",ORÇAMENTO.CustoUnitario*(1+$AH526),ORÇAMENTO.PrecoUnitarioLicitado),15-13*$AF$10),0)","v":21.07},1562.97,"RA","RA",{"$f":"IF($C526=\"S\",IF($Z526=\"CP\",$X526,IF($Z526=\"RA\",(($X526)*QCI!$AA$3),0)),SomaAgrup)","v":1562.97},0,{"$f":"IF($N526=\"\",\"\",IF(ORÇAMENTO.Descricao=\"\",\"DESCRIÇÃO\",IF(AND($C526=\"S\",ORÇAMENTO.Unidade=\"\"),\"UNIDADE\",IF($X526<0,\"VALOR NEGATIVO\",IF(OR(AND(TIPOORCAMENTO=\"Proposto\",$AG526<>\"\",$AG526>0,ORÇAMENTO.CustoUnitario>$AG526),AND(TIPOORCAMENTO=\"LICITADO\",ORÇAMENTO.PrecoUnitarioLicitado>$AN526)),\"ACIMA REF.\",\"\")))))","v":""},{"$f":"IF(C526<=CRONO.NivelExibicao,MAX($AD$15:OFFSET(AD526,-1,0))+IF($C526<>1,1,MAX(1,COUNTIF(QCI!$A$13:$A$32,OFFSET($E526,-1,0)))),\"\")","v":""},{"$f":"IF(AND($C526=\"S\",ORÇAMENTO.CodBarra<>\"\"),IF(ORÇAMENTO.Fonte=\"\",ORÇAMENTO.CodBarra,CONCATENATE(ORÇAMENTO.Fonte,\" \",ORÇAMENTO.CodBarra)))","v":"SINAPI 72947"},{"$f":"IF(ISERROR(INDIRECT(ORÇAMENTO.BancoRef)),\"(abra o arquivo 'Referência \"&Excel_BuiltIn_Database&\".xls)\",IF(OR($C526<>\"S\",ORÇAMENTO.CodBarra=\"\"),\"(Sem Código)\",IF(ISERROR(MATCH($AE526,INDIRECT(ORÇAMENTO.BancoRef),0)),\"(Código não identificado nas referências)\",MATCH($AE526,INDIRECT(ORÇAMENTO.BancoRef),0))))","v":"(abra o arquivo 'Referência 06-2023.xls)"},{"$f":"ROUND(IF(DESONERACAO=\"sim\",REFERENCIA.Desonerado,REFERENCIA.NaoDesonerado),2)","v":0},0.23530000000000001,null,74.180000000000007,null,null,1562.97,21.07]
["S",2,"S",0,{"$f":"IF($C527=1,OFFSET(E527,-1,0)+MAX(1,COUNTIF(QCI!$A$13:$A$32,OFFSET(ORÇAMENTO!E527,-1,0))),OFFSET(E527,-1,0))","v":11},9,0,0,3,0,{"$f":"IF(OR($C527=\"S\",$C527=0),0,MATCH(OFFSET($D527,0,$C527)+IF($C527<>1,1,COUNTIF(QCI!$A$13:$A$32,ORÇAMENTO!E527)),OFFSET($D527,1,$C527,ROW($C$850)-ROW($C527)),0))","v":0},"F","Serviço","Serviço","11.9.3.","SINAPI","72947","SINALIZACAO HORIZONTAL COM TINTA RETRORREFLETIVA A BASE DE RESINA ACRILICA COM MICROESFERAS DE VIDRO - LOMBADA","M2",{"$f":"OFFSET(CÁLCULO!H$15,ROW($T527)-ROW(T$15),0)","v":24.3},17.059999999999999,"BDI 1",{"$f":"IF($C527=\"S\",ROUND(IF(TIPOORCAMENTO=\"Proposto\",ORÇAMENTO.CustoUnitario*(1+$AH527),ORÇAMENTO.PrecoUnitarioLicitado),15-13*$AF$10),0)","v":21.07},512,"RA","RA",{"$f":"IF($C527=\"S\",IF($Z527=\"CP\",$X527,IF($Z527=\"RA\",(($X527)*QCI!$AA$3),0)),SomaAgrup)","v":512},0,{"$f":"IF($N527=\"\",\"\",IF(ORÇAMENTO.Descricao=\"\",\"DESCRIÇÃO\",IF(AND($C527=\"S\",ORÇAMENTO.Unidade=\"\"),\"UNIDADE\",IF($X527<0,\"VALOR NEGATIVO\",IF(OR(AND(TIPOORCAMENTO=\"Proposto\",$AG527<>\"\",$AG527>0,ORÇAMENTO.CustoUnitario>$AG527),AND(TIPOORCAMENTO=\"LICITADO\",ORÇAMENTO.PrecoUnitarioLicitado>$AN527)),\"ACIMA REF.\",\"\")))))","v":""},{"$f":"IF(C527<=CRONO.NivelExibicao,MAX($AD$15:OFFSET(AD527,-1,0))+IF($C527<>1,1,MAX(1,COUNTIF(QCI!$A$13:$A$32,OFFSET($E527,-1,0)))),\"\")","v":""},{"$f":"IF(AND($C527=\"S\",ORÇAMENTO.CodBarra<>\"\"),IF(ORÇAMENTO.Fonte=\"\",ORÇAMENTO.CodBarra,CONCATENATE(ORÇAMENTO.Fonte,\" \",ORÇAMENTO.CodBarra)))","v":"SINAPI 72947"},{"$f":"IF(ISERROR(INDIRECT(ORÇAMENTO.BancoRef)),\"(abra o arquivo 'Referência \"&Excel_BuiltIn_Database&\".xls)\",IF(OR($C527<>\"S\",ORÇAMENTO.CodBarra=\"\"),\"(Sem Código)\",IF(ISERROR(MATCH($AE527,INDIRECT(ORÇAMENTO.BancoRef),0)),\"(Código não identificado nas referências)\",MATCH($AE527,INDIRECT(ORÇAMENTO.BancoRef),0))))","v":"(abra o arquivo 'Referência 06-2023.xls)"},{"$f":"ROUND(IF(DESONERACAO=\"sim\",REFERENCIA.Desonerado,REFERENCIA.NaoDesonerado),2)","v":0},0.23530000000000001,null,24.3,null,null,512,21.07]
["S",2,"S",0,{"$f":"IF($C528=1,OFFSET(E528,-1,0)+MAX(1,COUNTIF(QCI!$A$13:$A$32,OFFSET(ORÇAMENTO!E528,-1,0))),OFFSET(E528,-1,0))","v":11},9,0,0,4,{"$f":"IF(OR($C528=\"S\",$C528=0),0,MATCH(0,OFFSET($D528,1,$C528,ROW($C$850)-ROW($C528)),0))","v":0},{"$f":"IF(OR($C528=\"S\",$C528=0),0,MATCH(OFFSET($D528,0,$C528)+IF($C528<>1,1,COUNTIF(QCI!$A$13:$A$32,ORÇAMENTO!E528)),OFFSET($D528,1,$C528,ROW($C$850)-ROW($C528)),0))","v":0},"F","Serviço","Serviço","11.9.4.","AMMOC",340,"PLACA DE SINALIZAÇÃO VIARIA CIRCULAR D = 50 CM, COM SUPORTE DE ACO GALVANIZADO D = 50 MM E ALTURA = 3M INCLUSIVE BASE DE CONCRETO MAGRO","UN",{"$f":"OFFSET(CÁLCULO!H$15,ROW($T528)-ROW(T$15),0)","v":9},365.01,"BDI 1",{"$f":"IF($C528=\"S\",ROUND(IF(TIPOORCAMENTO=\"Proposto\",ORÇAMENTO.CustoUnitario*(1+$AH528),ORÇAMENTO.PrecoUnitarioLicitado),15-13*$AF$10),0)","v":450.9},4058.1,"RA","RA",{"$f":"IF($C528=\"S\",IF($Z528=\"CP\",$X528,IF($Z528=\"RA\",(($X528)*QCI!$AA$3),0)),SomaAgrup)","v":4058.1},0,{"$f":"IF($N528=\"\",\"\",IF(ORÇAMENTO.Descricao=\"\",\"DESCRIÇÃO\",IF(AND($C528=\"S\",ORÇAMENTO.Unidade=\"\"),\"UNIDADE\",IF($X528<0,\"VALOR NEGATIVO\",IF(OR(AND(TIPOORCAMENTO=\"Proposto\",$AG528<>\"\",$AG528>0,ORÇAMENTO.CustoUnitario>$AG528),AND(TIPOORCAMENTO=\"LICITADO\",ORÇAMENTO.PrecoUnitarioLicitado>$AN528)),\"ACIMA REF.\",\"\")))))","v":""},{"$f":"IF(C528<=CRONO.NivelExibicao,MAX($AD$15:OFFSET(AD528,-1,0))+IF($C528<>1,1,MAX(1,COUNTIF(QCI!$A$13:$A$32,OFFSET($E528,-1,0)))),\"\")","v":""},{"$f":"IF(AND($C528=\"S\",ORÇAMENTO.CodBarra<>\"\"),IF(ORÇAMENTO.Fonte=\"\",ORÇAMENTO.CodBarra,CONCATENATE(ORÇAMENTO.Fonte,\" \",ORÇAMENTO.CodBarra)))","v":"AMMOC 340"},{"$f":"IF(ISERROR(INDIRECT(ORÇAMENTO.BancoRef)),\"(abra o arquivo 'Referência \"&Excel_BuiltIn_Database&\".xls)\",IF(OR($C528<>\"S\",ORÇAMENTO.CodBarra=\"\"),\"(Sem Código)\",IF(ISERROR(MATCH($AE528,INDIRECT(ORÇAMENTO.BancoRef),0)),\"(Código não identificado nas referências)\",MATCH($AE528,INDIRECT(ORÇAMENTO.BancoRef),0))))","v":"(abra o arquivo 'Referência 06-2023.xls)"},{"$f":"ROUND(IF(DESONERACAO=\"sim\",REFERENCIA.Desonerado,REFERENCIA.NaoDesonerado),2)","v":0},0.23530000000000001,null,9,null,null,4058.1,450.9]
["S",2,"S",0,{"$f":"IF($C529=1,OFFSET(E529,-1,0)+MAX(1,COUNTIF(QCI!$A$13:$A$32,OFFSET(ORÇAMENTO!E529,-1,0))),OFFSET(E529,-1,0))","v":11},9,0,0,5,0,{"$f":"IF(OR($C529=\"S\",$C529=0),0,MATCH(OFFSET($D529,0,$C529)+IF($C529<>1,1,COUNTIF(QCI!$A$13:$A$32,ORÇAMENTO!E529)),OFFSET($D529,1,$C529,ROW($C$850)-ROW($C529)),0))","v":0},"F","Serviço","Serviço","11.9.5.","AMMOC","PL1","PLACA DE SINALIZACAO VIARIA RETANGULAR 65 CM X 100 CM COM SUPORTE DE ACO GALVANIZADO D = 50 MM E ALTURA = 3 M, INCLUSIVE BASE DE CONCRETO NAO ESTRUTURAL","UND",{"$f":"OFFSET(CÁLCULO!H$15,ROW($T529)-ROW(T$15),0)","v":8},627.02,"BDI 1",{"$f":"IF($C529=\"S\",ROUND(IF(TIPOORCAMENTO=\"Proposto\",ORÇAMENTO.CustoUnitario*(1+$AH529),ORÇAMENTO.PrecoUnitarioLicitado),15-13*$AF$10),0)","v":774.56},6196.48,"RA","RA",{"$f":"IF($C529=\"S\",IF($Z529=\"CP\",$X529,IF($Z529=\"RA\",(($X529)*QCI!$AA$3),0)),SomaAgrup)","v":6196.48},0,{"$f":"IF($N529=\"\",\"\",IF(ORÇAMENTO.Descricao=\"\",\"DESCRIÇÃO\",IF(AND($C529=\"S\",ORÇAMENTO.Unidade=\"\"),\"UNIDADE\",IF($X529<0,\"VALOR NEGATIVO\",IF(OR(AND(TIPOORCAMENTO=\"Proposto\",$AG529<>\"\",$AG529>0,ORÇAMENTO.CustoUnitario>$AG529),AND(TIPOORCAMENTO=\"LICITADO\",ORÇAMENTO.PrecoUnitarioLicitado>$AN529)),\"ACIMA REF.\",\"\")))))","v":""},{"$f":"IF(C529<=CRONO.NivelExibicao,MAX($AD$15:OFFSET(AD529,-1,0))+IF($C529<>1,1,MAX(1,COUNTIF(QCI!$A$13:$A$32,OFFSET($E529,-1,0)))),\"\")","v":""},{"$f":"IF(AND($C529=\"S\",ORÇAMENTO.CodBarra<>\"\"),IF(ORÇAMENTO.Fonte=\"\",ORÇAMENTO.CodBarra,CONCATENATE(ORÇAMENTO.Fonte,\" \",ORÇAMENTO.CodBarra)))","v":"AMMOC PL1"},{"$f":"IF(ISERROR(INDIRECT(ORÇAMENTO.BancoRef)),\"(abra o arquivo 'Referência \"&Excel_BuiltIn_Database&\".xls)\",IF(OR($C529<>\"S\",ORÇAMENTO.CodBarra=\"\"),\"(Sem Código)\",IF(ISERROR(MATCH($AE529,INDIRECT(ORÇAMENTO.BancoRef),0)),\"(Código não identificado nas referências)\",MATCH($AE529,INDIRECT(ORÇAMENTO.BancoRef),0))))","v":"(abra o arquivo 'Referência 06-2023.xls)"},{"$f":"ROUND(IF(DESONERACAO=\"sim\",REFERENCIA.Desonerado,REFERENCIA.NaoDesonerado),2)","v":0},0.23530000000000001,null,8,null,null,6196.48,774.56]
["S",2,"S",0,{"$f":"IF($C530=1,OFFSET(E530,-1,0)+MAX(1,COUNTIF(QCI!$A$13:$A$32,OFFSET(ORÇAMENTO!E530,-1,0))),OFFSET(E530,-1,0))","v":11},9,0,0,6,0,{"$f":"IF(OR($C530=\"S\",$C530=0),0,MATCH(OFFSET($D530,0,$C530)+IF($C530<>1,1,COUNTIF(QCI!$A$13:$A$32,ORÇAMENTO!E530)),OFFSET($D530,1,$C530,ROW($C$850)-ROW($C530)),0))","v":0},"F","Serviço","Serviço","11.9.6.","AMMOC","337","PLACA DE SINALIZACAO VIARIA QUADRADA L = 60 CM, COM SUPORTE DE ACO GALVANIZADO D = 50 MM E ALTURA = 3 M, INCLUSIVE BASE DE CONCRETO MAGRO","UN ",{"$f":"OFFSET(CÁLCULO!H$15,ROW($T530)-ROW(T$15),0)","v":1},459.55,"BDI 1",{"$f":"IF($C530=\"S\",ROUND(IF(TIPOORCAMENTO=\"Proposto\",ORÇAMENTO.CustoUnitario*(1+$AH530),ORÇAMENTO.PrecoUnitarioLicitado),15-13*$AF$10),0)","v":567.67999999999995},567.67999999999995,"RA","RA",{"$f":"IF($C530=\"S\",IF($Z530=\"CP\",$X530,IF($Z530=\"RA\",(($X530)*QCI!$AA$3),0)),SomaAgrup)","v":567.67999999999995},0,{"$f":"IF($N530=\"\",\"\",IF(ORÇAMENTO.Descricao=\"\",\"DESCRIÇÃO\",IF(AND($C530=\"S\",ORÇAMENTO.Unidade=\"\"),\"UNIDADE\",IF($X530<0,\"VALOR NEGATIVO\",IF(OR(AND(TIPOORCAMENTO=\"Proposto\",$AG530<>\"\",$AG530>0,ORÇAMENTO.CustoUnitario>$AG530),AND(TIPOORCAMENTO=\"LICITADO\",ORÇAMENTO.PrecoUnitarioLicitado>$AN530)),\"ACIMA REF.\",\"\")))))","v":""},{"$f":"IF(C530<=CRONO.NivelExibicao,MAX($AD$15:OFFSET(AD530,-1,0))+IF($C530<>1,1,MAX(1,COUNTIF(QCI!$A$13:$A$32,OFFSET($E530,-1,0)))),\"\")","v":""},{"$f":"IF(AND($C530=\"S\",ORÇAMENTO.CodBarra<>\"\"),IF(ORÇAMENTO.Fonte=\"\",ORÇAMENTO.CodBarra,CONCATENATE(ORÇAMENTO.Fonte,\" \",ORÇAMENTO.CodBarra)))","v":"AMMOC 337"},{"$f":"IF(ISERROR(INDIRECT(ORÇAMENTO.BancoRef)),\"(abra o arquivo 'Referência \"&Excel_BuiltIn_Database&\".xls)\",IF(OR($C530<>\"S\",ORÇAMENTO.CodBarra=\"\"),\"(Sem Código)\",IF(ISERROR(MATCH($AE530,INDIRECT(ORÇAMENTO.BancoRef),0)),\"(Código não identificado nas referências)\",MATCH($AE530,INDIRECT(ORÇAMENTO.BancoRef),0))))","v":"(abra o arquivo 'Referência 06-2023.xls)"},{"$f":"ROUND(IF(DESONERACAO=\"sim\",REFERENCIA.Desonerado,REFERENCIA.NaoDesonerado),2)","v":0},0.23530000000000001,null,1,null,null,567.67999999999995,567.67999999999995]
["S",2,"S",0,{"$f":"IF($C531=1,OFFSET(E531,-1,0)+MAX(1,COUNTIF(QCI!$A$13:$A$32,OFFSET(ORÇAMENTO!E531,-1,0))),OFFSET(E531,-1,0))","v":11},9,0,0,7,0,{"$f":"IF(OR($C531=\"S\",$C531=0),0,MATCH(OFFSET($D531,0,$C531)+IF($C531<>1,1,COUNTIF(QCI!$A$13:$A$32,ORÇAMENTO!E531)),OFFSET($D531,1,$C531,ROW($C$850)-ROW($C531)),0))","v":0},"F","Serviço","Serviço","11.9.7.","AMMOC","PLRUA2","PLACA DE IDENTIFICACAO DE RUA (2 PLACA 45 CM X 20 CM), COM SUPORTE DE ACO GALVANIZADO D = 50 MM E ALTURA = 3 M, INCLUSIVE BASE DE CONCRETO MAGRO","UND",{"$f":"OFFSET(CÁLCULO!H$15,ROW($T531)-ROW(T$15),0)","v":1},418.2,"BDI 1",{"$f":"IF($C531=\"S\",ROUND(IF(TIPOORCAMENTO=\"Proposto\",ORÇAMENTO.CustoUnitario*(1+$AH531),ORÇAMENTO.PrecoUnitarioLicitado),15-13*$AF$10),0)","v":516.6},516.6,"RA","RA",{"$f":"IF($C531=\"S\",IF($Z531=\"CP\",$X531,IF($Z531=\"RA\",(($X531)*QCI!$AA$3),0)),SomaAgrup)","v":516.6},0,{"$f":"IF($N531=\"\",\"\",IF(ORÇAMENTO.Descricao=\"\",\"DESCRIÇÃO\",IF(AND($C531=\"S\",ORÇAMENTO.Unidade=\"\"),\"UNIDADE\",IF($X531<0,\"VALOR NEGATIVO\",IF(OR(AND(TIPOORCAMENTO=\"Proposto\",$AG531<>\"\",$AG531>0,ORÇAMENTO.CustoUnitario>$AG531),AND(TIPOORCAMENTO=\"LICITADO\",ORÇAMENTO.PrecoUnitarioLicitado>$AN531)),\"ACIMA REF.\",\"\")))))","v":""},{"$f":"IF(C531<=CRONO.NivelExibicao,MAX($AD$15:OFFSET(AD531,-1,0))+IF($C531<>1,1,MAX(1,COUNTIF(QCI!$A$13:$A$32,OFFSET($E531,-1,0)))),\"\")","v":""},{"$f":"IF(AND($C531=\"S\",ORÇAMENTO.CodBarra<>\"\"),IF(ORÇAMENTO.Fonte=\"\",ORÇAMENTO.CodBarra,CONCATENATE(ORÇAMENTO.Fonte,\" \",ORÇAMENTO.CodBarra)))","v":"AMMOC PLRUA2"},{"$f":"IF(ISERROR(INDIRECT(ORÇAMENTO.BancoRef)),\"(abra o arquivo 'Referência \"&Excel_BuiltIn_Database&\".xls)\",IF(OR($C531<>\"S\",ORÇAMENTO.CodBarra=\"\"),\"(Sem Código)\",IF(ISERROR(MATCH($AE531,INDIRECT(ORÇAMENTO.BancoRef),0)),\"(Código não identificado nas referências)\",MATCH($AE531,INDIRECT(ORÇAMENTO.BancoRef),0))))","v":"(abra o arquivo 'Referência 06-2023.xls)"},{"$f":"ROUND(IF(DESONERACAO=\"sim\",REFERENCIA.Desonerado,REFERENCIA.NaoDesonerado),2)","v":0},0.23530000000000001,null,1,null,null,516.6,516.6]
[1,1,1,56,{"$f":"IF($C532=1,OFFSET(E532,-1,0)+MAX(1,COUNTIF(QCI!$A$13:$A$32,OFFSET(ORÇAMENTO!E532,-1,0))),OFFSET(E532,-1,0))","v":12},0,0,0,0,318,{"$f":"IF(OR($C532=\"S\",$C532=0),0,MATCH(OFFSET($D532,0,$C532)+IF($C532<>1,1,COUNTIF(QCI!$A$13:$A$32,ORÇAMENTO!E532)),OFFSET($D532,1,$C532,ROW($C$850)-ROW($C532)),0))","v":56},"F","Meta","Meta","12.","SINAPI",null,"RUA PEDRO I CAMPOS","-",{"$f":"OFFSET(CÁLCULO!H$15,ROW($T532)-ROW(T$15),0)","v":0},0,"BDI 1",{"$f":"IF($C532=\"S\",ROUND(IF(TIPOORCAMENTO=\"Proposto\",ORÇAMENTO.CustoUnitario*(1+$AH532),ORÇAMENTO.PrecoUnitarioLicitado),15-13*$AF$10),0)","v":0},664464.23,"RA","",{"$f":"IF($C532=\"S\",IF($Z532=\"CP\",$X532,IF($Z532=\"RA\",(($X532)*QCI!$AA$3),0)),SomaAgrup)","v":664464.2300000001},0,{"$f":"IF($N532=\"\",\"\",IF(ORÇAMENTO.Descricao=\"\",\"DESCRIÇÃO\",IF(AND($C532=\"S\",ORÇAMENTO.Unidade=\"\"),\"UNIDADE\",IF($X532<0,\"VALOR NEGATIVO\",IF(OR(AND(TIPOORCAMENTO=\"Proposto\",$AG532<>\"\",$AG532>0,ORÇAMENTO.CustoUnitario>$AG532),AND(TIPOORCAMENTO=\"LICITADO\",ORÇAMENTO.PrecoUnitarioLicitado>$AN532)),\"ACIMA REF.\",\"\")))))","v":""},{"$f":"IF(C532<=CRONO.NivelExibicao,MAX($AD$15:OFFSET(AD532,-1,0))+IF($C532<>1,1,MAX(1,COUNTIF(QCI!$A$13:$A$32,OFFSET($E532,-1,0)))),\"\")","v":12},{"$f":"IF(AND($C532=\"S\",ORÇAMENTO.CodBarra<>\"\"),IF(ORÇAMENTO.Fonte=\"\",ORÇAMENTO.CodBarra,CONCATENATE(ORÇAMENTO.Fonte,\" \",ORÇAMENTO.CodBarra)))","v":false},{"$f":"IF(ISERROR(INDIRECT(ORÇAMENTO.BancoRef)),\"(abra o arquivo 'Referência \"&Excel_BuiltIn_Database&\".xls)\",IF(OR($C532<>\"S\",ORÇAMENTO.CodBarra=\"\"),\"(Sem Código)\",IF(ISERROR(MATCH($AE532,INDIRECT(ORÇAMENTO.BancoRef),0)),\"(Código não identificado nas referências)\",MATCH($AE532,INDIRECT(ORÇAMENTO.BancoRef),0))))","v":"(abra o arquivo 'Referência 06-2023.xls)"},{"$f":"ROUND(IF(DESONERACAO=\"sim\",REFERENCIA.Desonerado,REFERENCIA.NaoDesonerado),2)","v":0},0.23530000000000001,null,null,null,null,664464.23,0]
[2,2,2,2,{"$f":"IF($C533=1,OFFSET(E533,-1,0)+MAX(1,COUNTIF(QCI!$A$13:$A$32,OFFSET(ORÇAMENTO!E533,-1,0))),OFFSET(E533,-1,0))","v":12},1,0,0,0,55,{"$f":"IF(OR($C533=\"S\",$C533=0),0,MATCH(OFFSET($D533,0,$C533)+IF($C533<>1,1,COUNTIF(QCI!$A$13:$A$32,ORÇAMENTO!E533)),OFFSET($D533,1,$C533,ROW($C$850)-ROW($C533)),0))","v":2},"F","Nível 2","Nível 2","12.1.","SINAPI",null,"SERVIÇOS INICIAIS","-",{"$f":"OFFSET(CÁLCULO!H$15,ROW($T533)-ROW(T$15),0)","v":0},0,"BDI 1",{"$f":"IF($C533=\"S\",ROUND(IF(TIPOORCAMENTO=\"Proposto\",ORÇAMENTO.CustoUnitario*(1+$AH533),ORÇAMENTO.PrecoUnitarioLicitado),15-13*$AF$10),0)","v":0},326.25,"RA","",{"$f":"IF($C533=\"S\",IF($Z533=\"CP\",$X533,IF($Z533=\"RA\",(($X533)*QCI!$AA$3),0)),SomaAgrup)","v":326.25},0,{"$f":"IF($N533=\"\",\"\",IF(ORÇAMENTO.Descricao=\"\",\"DESCRIÇÃO\",IF(AND($C533=\"S\",ORÇAMENTO.Unidade=\"\"),\"UNIDADE\",IF($X533<0,\"VALOR NEGATIVO\",IF(OR(AND(TIPOORCAMENTO=\"Proposto\",$AG533<>\"\",$AG533>0,ORÇAMENTO.CustoUnitario>$AG533),AND(TIPOORCAMENTO=\"LICITADO\",ORÇAMENTO.PrecoUnitarioLicitado>$AN533)),\"ACIMA REF.\",\"\")))))","v":""},{"$f":"IF(C533<=CRONO.NivelExibicao,MAX($AD$15:OFFSET(AD533,-1,0))+IF($C533<>1,1,MAX(1,COUNTIF(QCI!$A$13:$A$32,OFFSET($E533,-1,0)))),\"\")","v":""},{"$f":"IF(AND($C533=\"S\",ORÇAMENTO.CodBarra<>\"\"),IF(ORÇAMENTO.Fonte=\"\",ORÇAMENTO.CodBarra,CONCATENATE(ORÇAMENTO.Fonte,\" \",ORÇAMENTO.CodBarra)))","v":false},{"$f":"IF(ISERROR(INDIRECT(ORÇAMENTO.BancoRef)),\"(abra o arquivo 'Referência \"&Excel_BuiltIn_Database&\".xls)\",IF(OR($C533<>\"S\",ORÇAMENTO.CodBarra=\"\"),\"(Sem Código)\",IF(ISERROR(MATCH($AE533,INDIRECT(ORÇAMENTO.BancoRef),0)),\"(Código não identificado nas referências)\",MATCH($AE533,INDIRECT(ORÇAMENTO.BancoRef),0))))","v":"(abra o arquivo 'Referência 06-2023.xls)"},{"$f":"ROUND(IF(DESONERACAO=\"sim\",REFERENCIA.Desonerado,REFERENCIA.NaoDesonerado),2)","v":0},0.23530000000000001,null,null,null,null,326.25,0]
["S",2,"S",0,{"$f":"IF($C534=1,OFFSET(E534,-1,0)+MAX(1,COUNTIF(QCI!$A$13:$A$32,OFFSET(ORÇAMENTO!E534,-1,0))),OFFSET(E534,-1,0))","v":12},1,0,0,1,0,{"$f":"IF(OR($C534=\"S\",$C534=0),0,MATCH(OFFSET($D534,0,$C534)+IF($C534<>1,1,COUNTIF(QCI!$A$13:$A$32,ORÇAMENTO!E534)),OFFSET($D534,1,$C534,ROW($C$850)-ROW($C534)),0))","v":0},"F","Serviço","Serviço","12.1.1.","SINAPI","99064","LOCAÇÃO DE PAVIMENTAÇÃO","M",{"$f":"OFFSET(CÁLCULO!H$15,ROW($T534)-ROW(T$15),0)","v":552.96},0.48,"BDI 1",{"$f":"IF($C534=\"S\",ROUND(IF(TIPOORCAMENTO=\"Proposto\",ORÇAMENTO.CustoUnitario*(1+$AH534),ORÇAMENTO.PrecoUnitarioLicitado),15-13*$AF$10),0)","v":0.59},326.25,"RA","RA",{"$f":"IF($C534=\"S\",IF($Z534=\"CP\",$X534,IF($Z534=\"RA\",(($X534)*QCI!$AA$3),0)),SomaAgrup)","v":326.25},0,{"$f":"IF($N534=\"\",\"\",IF(ORÇAMENTO.Descricao=\"\",\"DESCRIÇÃO\",IF(AND($C534=\"S\",ORÇAMENTO.Unidade=\"\"),\"UNIDADE\",IF($X534<0,\"VALOR NEGATIVO\",IF(OR(AND(TIPOORCAMENTO=\"Proposto\",$AG534<>\"\",$AG534>0,ORÇAMENTO.CustoUnitario>$AG534),AND(TIPOORCAMENTO=\"LICITADO\",ORÇAMENTO.PrecoUnitarioLicitado>$AN534)),\"ACIMA REF.\",\"\")))))","v":""},{"$f":"IF(C534<=CRONO.NivelExibicao,MAX($AD$15:OFFSET(AD534,-1,0))+IF($C534<>1,1,MAX(1,COUNTIF(QCI!$A$13:$A$32,OFFSET($E534,-1,0)))),\"\")","v":""},{"$f":"IF(AND($C534=\"S\",ORÇAMENTO.CodBarra<>\"\"),IF(ORÇAMENTO.Fonte=\"\",ORÇAMENTO.CodBarra,CONCATENATE(ORÇAMENTO.Fonte,\" \",ORÇAMENTO.CodBarra)))","v":"SINAPI 99064"},{"$f":"IF(ISERROR(INDIRECT(ORÇAMENTO.BancoRef)),\"(abra o arquivo 'Referência \"&Excel_BuiltIn_Database&\".xls)\",IF(OR($C534<>\"S\",ORÇAMENTO.CodBarra=\"\"),\"(Sem Código)\",IF(ISERROR(MATCH($AE534,INDIRECT(ORÇAMENTO.BancoRef),0)),\"(Código não identificado nas referências)\",MATCH($AE534,INDIRECT(ORÇAMENTO.BancoRef),0))))","v":"(abra o arquivo 'Referência 06-2023.xls)"},{"$f":"ROUND(IF(DESONERACAO=\"sim\",REFERENCIA.Desonerado,REFERENCIA.NaoDesonerado),2)","v":0},0.23530000000000001,null,552.96,null,null,326.25,0.59]
[2,2,2,4,{"$f":"IF($C535=1,OFFSET(E535,-1,0)+MAX(1,COUNTIF(QCI!$A$13:$A$32,OFFSET(ORÇAMENTO!E535,-1,0))),OFFSET(E535,-1,0))","v":12},2,0,0,0,53,{"$f":"IF(OR($C535=\"S\",$C535=0),0,MATCH(OFFSET($D535,0,$C535)+IF($C535<>1,1,COUNTIF(QCI!$A$13:$A$32,ORÇAMENTO!E535)),OFFSET($D535,1,$C535,ROW($C$850)-ROW($C535)),0))","v":4},"F","Nível 2","Nível 2","12.2.","SINAPI",null,"DEMOLIÇÕES E REMOÇÕES","-",{"$f":"OFFSET(CÁLCULO!H$15,ROW($T535)-ROW(T$15),0)","v":0},0,"BDI 1",{"$f":"IF($C535=\"S\",ROUND(IF(TIPOORCAMENTO=\"Proposto\",ORÇAMENTO.CustoUnitario*(1+$AH535),ORÇAMENTO.PrecoUnitarioLicitado),15-13*$AF$10),0)","v":0},1180.77,"RA","",{"$f":"IF($C535=\"S\",IF($Z535=\"CP\",$X535,IF($Z535=\"RA\",(($X535)*QCI!$AA$3),0)),SomaAgrup)","v":1180.77},0,{"$f":"IF($N535=\"\",\"\",IF(ORÇAMENTO.Descricao=\"\",\"DESCRIÇÃO\",IF(AND($C535=\"S\",ORÇAMENTO.Unidade=\"\"),\"UNIDADE\",IF($X535<0,\"VALOR NEGATIVO\",IF(OR(AND(TIPOORCAMENTO=\"Proposto\",$AG535<>\"\",$AG535>0,ORÇAMENTO.CustoUnitario>$AG535),AND(TIPOORCAMENTO=\"LICITADO\",ORÇAMENTO.PrecoUnitarioLicitado>$AN535)),\"ACIMA REF.\",\"\")))))","v":""},{"$f":"IF(C535<=CRONO.NivelExibicao,MAX($AD$15:OFFSET(AD535,-1,0))+IF($C535<>1,1,MAX(1,COUNTIF(QCI!$A$13:$A$32,OFFSET($E535,-1,0)))),\"\")","v":""},{"$f":"IF(AND($C535=\"S\",ORÇAMENTO.CodBarra<>\"\"),IF(ORÇAMENTO.Fonte=\"\",ORÇAMENTO.CodBarra,CONCATENATE(ORÇAMENTO.Fonte,\" \",ORÇAMENTO.CodBarra)))","v":false},{"$f":"IF(ISERROR(INDIRECT(ORÇAMENTO.BancoRef)),\"(abra o arquivo 'Referência \"&Excel_BuiltIn_Database&\".xls)\",IF(OR($C535<>\"S\",ORÇAMENTO.CodBarra=\"\"),\"(Sem Código)\",IF(ISERROR(MATCH($AE535,INDIRECT(ORÇAMENTO.BancoRef),0)),\"(Código não identificado nas referências)\",MATCH($AE535,INDIRECT(ORÇAMENTO.BancoRef),0))))","v":"(abra o arquivo 'Referência 06-2023.xls)"},{"$f":"ROUND(IF(DESONERACAO=\"sim\",REFERENCIA.Desonerado,REFERENCIA.NaoDesonerado),2)","v":0},0.23530000000000001,null,null,null,null,1180.77,0]
["S",2,"S",0,{"$f":"IF($C536=1,OFFSET(E536,-1,0)+MAX(1,COUNTIF(QCI!$A$13:$A$32,OFFSET(ORÇAMENTO!E536,-1,0))),OFFSET(E536,-1,0))","v":12},2,0,0,1,0,{"$f":"IF(OR($C536=\"S\",$C536=0),0,MATCH(OFFSET($D536,0,$C536)+IF($C536<>1,1,COUNTIF(QCI!$A$13:$A$32,ORÇAMENTO!E536)),OFFSET($D536,1,$C536,ROW($C$850)-ROW($C536)),0))","v":0},"F","Serviço","Serviço","12.2.1.","SINAPI","97636","DEMOLIÇÃO PARCIAL DE PAVIMENTO ASFÁLTICO, DE FORMA MECANIZADA, SEM REAPROVEITAMENTO. AF_12/2017","M2",{"$f":"OFFSET(CÁLCULO!H$15,ROW($T536)-ROW(T$15),0)","v":49},18.399999999999999,"BDI 1",{"$f":"IF($C536=\"S\",ROUND(IF(TIPOORCAMENTO=\"Proposto\",ORÇAMENTO.CustoUnitario*(1+$AH536),ORÇAMENTO.PrecoUnitarioLicitado),15-13*$AF$10),0)","v":22.73},1113.77,"RA","RA",{"$f":"IF($C536=\"S\",IF($Z536=\"CP\",$X536,IF($Z536=\"RA\",(($X536)*QCI!$AA$3),0)),SomaAgrup)","v":1113.77},0,{"$f":"IF($N536=\"\",\"\",IF(ORÇAMENTO.Descricao=\"\",\"DESCRIÇÃO\",IF(AND($C536=\"S\",ORÇAMENTO.Unidade=\"\"),\"UNIDADE\",IF($X536<0,\"VALOR NEGATIVO\",IF(OR(AND(TIPOORCAMENTO=\"Proposto\",$AG536<>\"\",$AG536>0,ORÇAMENTO.CustoUnitario>$AG536),AND(TIPOORCAMENTO=\"LICITADO\",ORÇAMENTO.PrecoUnitarioLicitado>$AN536)),\"ACIMA REF.\",\"\")))))","v":""},{"$f":"IF(C536<=CRONO.NivelExibicao,MAX($AD$15:OFFSET(AD536,-1,0))+IF($C536<>1,1,MAX(1,COUNTIF(QCI!$A$13:$A$32,OFFSET($E536,-1,0)))),\"\")","v":""},{"$f":"IF(AND($C536=\"S\",ORÇAMENTO.CodBarra<>\"\"),IF(ORÇAMENTO.Fonte=\"\",ORÇAMENTO.CodBarra,CONCATENATE(ORÇAMENTO.Fonte,\" \",ORÇAMENTO.CodBarra)))","v":"SINAPI 97636"},{"$f":"IF(ISERROR(INDIRECT(ORÇAMENTO.BancoRef)),\"(abra o arquivo 'Referência \"&Excel_BuiltIn_Database&\".xls)\",IF(OR($C536<>\"S\",ORÇAMENTO.CodBarra=\"\"),\"(Sem Código)\",IF(ISERROR(MATCH($AE536,INDIRECT(ORÇAMENTO.BancoRef),0)),\"(Código não identificado nas referências)\",MATCH($AE536,INDIRECT(ORÇAMENTO.BancoRef),0))))","v":"(abra o arquivo 'Referência 06-2023.xls)"},{"$f":"ROUND(IF(DESONERACAO=\"sim\",REFERENCIA.Desonerado,REFERENCIA.NaoDesonerado),2)","v":0},0.23530000000000001,null,{"$f":"7*7","v":49},null,null,1113.77,22.73]
["S",2,"S",0,{"$f":"IF($C537=1,OFFSET(E537,-1,0)+MAX(1,COUNTIF(QCI!$A$13:$A$32,OFFSET(ORÇAMENTO!E537,-1,0))),OFFSET(E537,-1,0))","v":12},2,0,0,2,0,{"$f":"IF(OR($C537=\"S\",$C537=0),0,MATCH(OFFSET($D537,0,$C537)+IF($C537<>1,1,COUNTIF(QCI!$A$13:$A$32,ORÇAMENTO!E537)),OFFSET($D537,1,$C537,ROW($C$850)-ROW($C537)),0))","v":0},"F","Serviço","Serviço","12.2.2.","SINAPI","100978","CARGA, MANOBRA E DESCARGA DE SOLOS E MATERIAIS GRANULARES EM CAMINHÃO BASCULANTE 10 M³ - CARGA COM ESCAVADEIRA HIDRÁULICA (CAÇAMBA DE 1,20 M³ / 155 HP) E DESCARGA LIVRE (UNIDADE: M3). AF_07/2020","M3",{"$f":"OFFSET(CÁLCULO!H$15,ROW($T537)-ROW(T$15),0)","v":5.03},6.33,"BDI 1",{"$f":"IF($C537=\"S\",ROUND(IF(TIPOORCAMENTO=\"Proposto\",ORÇAMENTO.CustoUnitario*(1+$AH537),ORÇAMENTO.PrecoUnitarioLicitado),15-13*$AF$10),0)","v":7.82},39.33,"RA","RA",{"$f":"IF($C537=\"S\",IF($Z537=\"CP\",$X537,IF($Z537=\"RA\",(($X537)*QCI!$AA$3),0)),SomaAgrup)","v":39.33},0,{"$f":"IF($N537=\"\",\"\",IF(ORÇAMENTO.Descricao=\"\",\"DESCRIÇÃO\",IF(AND($C537=\"S\",ORÇAMENTO.Unidade=\"\"),\"UNIDADE\",IF($X537<0,\"VALOR NEGATIVO\",IF(OR(AND(TIPOORCAMENTO=\"Proposto\",$AG537<>\"\",$AG537>0,ORÇAMENTO.CustoUnitario>$AG537),AND(TIPOORCAMENTO=\"LICITADO\",ORÇAMENTO.PrecoUnitarioLicitado>$AN537)),\"ACIMA REF.\",\"\")))))","v":""},{"$f":"IF(C537<=CRONO.NivelExibicao,MAX($AD$15:OFFSET(AD537,-1,0))+IF($C537<>1,1,MAX(1,COUNTIF(QCI!$A$13:$A$32,OFFSET($E537,-1,0)))),\"\")","v":""},{"$f":"IF(AND($C537=\"S\",ORÇAMENTO.CodBarra<>\"\"),IF(ORÇAMENTO.Fonte=\"\",ORÇAMENTO.CodBarra,CONCATENATE(ORÇAMENTO.Fonte,\" \",ORÇAMENTO.CodBarra)))","v":"SINAPI 100978"},{"$f":"IF(ISERROR(INDIRECT(ORÇAMENTO.BancoRef)),\"(abra o arquivo 'Referência \"&Excel_BuiltIn_Database&\".xls)\",IF(OR($C537<>\"S\",ORÇAMENTO.CodBarra=\"\"),\"(Sem Código)\",IF(ISERROR(MATCH($AE537,INDIRECT(ORÇAMENTO.BancoRef),0)),\"(Código não identificado nas referências)\",MATCH($AE537,INDIRECT(ORÇAMENTO.BancoRef),0))))","v":"(abra o arquivo 'Referência 06-2023.xls)"},{"$f":"ROUND(IF(DESONERACAO=\"sim\",REFERENCIA.Desonerado,REFERENCIA.NaoDesonerado),2)","v":0},0.23530000000000001,null,5.03,null,null,39.33,7.82]
["S",2,"S",0,{"$f":"IF($C538=1,OFFSET(E538,-1,0)+MAX(1,COUNTIF(QCI!$A$13:$A$32,OFFSET(ORÇAMENTO!E538,-1,0))),OFFSET(E538,-1,0))","v":12},2,0,0,3,0,{"$f":"IF(OR($C538=\"S\",$C538=0),0,MATCH(OFFSET($D538,0,$C538)+IF($C538<>1,1,COUNTIF(QCI!$A$13:$A$32,ORÇAMENTO!E538)),OFFSET($D538,1,$C538,ROW($C$850)-ROW($C538)),0))","v":0},"F","Serviço","Serviço","12.2.3.","SINAPI","95875","TRANSPORTE COM CAMINHÃO BASCULANTE DE 10 M³, EM VIA URBANA PAVIMENTADA, DMT ATÉ 30 KM (UNIDADE: M3XKM). AF_07/2020","M3XKM",{"$f":"OFFSET(CÁLCULO!H$15,ROW($T538)-ROW(T$15),0)","v":10.06},2.23,"BDI 1",{"$f":"IF($C538=\"S\",ROUND(IF(TIPOORCAMENTO=\"Proposto\",ORÇAMENTO.CustoUnitario*(1+$AH538),ORÇAMENTO.PrecoUnitarioLicitado),15-13*$AF$10),0)","v":2.75},27.67,"RA","RA",{"$f":"IF($C538=\"S\",IF($Z538=\"CP\",$X538,IF($Z538=\"RA\",(($X538)*QCI!$AA$3),0)),SomaAgrup)","v":27.67},0,{"$f":"IF($N538=\"\",\"\",IF(ORÇAMENTO.Descricao=\"\",\"DESCRIÇÃO\",IF(AND($C538=\"S\",ORÇAMENTO.Unidade=\"\"),\"UNIDADE\",IF($X538<0,\"VALOR NEGATIVO\",IF(OR(AND(TIPOORCAMENTO=\"Proposto\",$AG538<>\"\",$AG538>0,ORÇAMENTO.CustoUnitario>$AG538),AND(TIPOORCAMENTO=\"LICITADO\",ORÇAMENTO.PrecoUnitarioLicitado>$AN538)),\"ACIMA REF.\",\"\")))))","v":""},{"$f":"IF(C538<=CRONO.NivelExibicao,MAX($AD$15:OFFSET(AD538,-1,0))+IF($C538<>1,1,MAX(1,COUNTIF(QCI!$A$13:$A$32,OFFSET($E538,-1,0)))),\"\")","v":""},{"$f":"IF(AND($C538=\"S\",ORÇAMENTO.CodBarra<>\"\"),IF(ORÇAMENTO.Fonte=\"\",ORÇAMENTO.CodBarra,CONCATENATE(ORÇAMENTO.Fonte,\" \",ORÇAMENTO.CodBarra)))","v":"SINAPI 95875"},{"$f":"IF(ISERROR(INDIRECT(ORÇAMENTO.BancoRef)),\"(abra o arquivo 'Referência \"&Excel_BuiltIn_Database&\".xls)\",IF(OR($C538<>\"S\",ORÇAMENTO.CodBarra=\"\"),\"(Sem Código)\",IF(ISERROR(MATCH($AE538,INDIRECT(ORÇAMENTO.BancoRef),0)),\"(Código não identificado nas referências)\",MATCH($AE538,INDIRECT(ORÇAMENTO.BancoRef),0))))","v":"(abra o arquivo 'Referência 06-2023.xls)"},{"$f":"ROUND(IF(DESONERACAO=\"sim\",REFERENCIA.Desonerado,REFERENCIA.NaoDesonerado),2)","v":0},0.23530000000000001,null,{"$f":"AJ537*2","v":10.06},null,null,27.67,2.75]
[2,2,2,7,{"$f":"IF($C539=1,OFFSET(E539,-1,0)+MAX(1,COUNTIF(QCI!$A$13:$A$32,OFFSET(ORÇAMENTO!E539,-1,0))),OFFSET(E539,-1,0))","v":12},3,0,0,0,49,{"$f":"IF(OR($C539=\"S\",$C539=0),0,MATCH(OFFSET($D539,0,$C539)+IF($C539<>1,1,COUNTIF(QCI!$A$13:$A$32,ORÇAMENTO!E539)),OFFSET($D539,1,$C539,ROW($C$850)-ROW($C539)),0))","v":7},"F","Nível 2","Nível 2","12.3.","SINAPI",null,"ESCAVAÇÕES E MOVIMENTAÇÕES DE TERRA","-",{"$f":"OFFSET(CÁLCULO!H$15,ROW($T539)-ROW(T$15),0)","v":0},0,"BDI 1",{"$f":"IF($C539=\"S\",ROUND(IF(TIPOORCAMENTO=\"Proposto\",ORÇAMENTO.CustoUnitario*(1+$AH539),ORÇAMENTO.PrecoUnitarioLicitado),15-13*$AF$10),0)","v":0},4483.1000000000004,"RA","",{"$f":"IF($C539=\"S\",IF($Z539=\"CP\",$X539,IF($Z539=\"RA\",(($X539)*QCI!$AA$3),0)),SomaAgrup)","v":4483.0999999999995},0,{"$f":"IF($N539=\"\",\"\",IF(ORÇAMENTO.Descricao=\"\",\"DESCRIÇÃO\",IF(AND($C539=\"S\",ORÇAMENTO.Unidade=\"\"),\"UNIDADE\",IF($X539<0,\"VALOR NEGATIVO\",IF(OR(AND(TIPOORCAMENTO=\"Proposto\",$AG539<>\"\",$AG539>0,ORÇAMENTO.CustoUnitario>$AG539),AND(TIPOORCAMENTO=\"LICITADO\",ORÇAMENTO.PrecoUnitarioLicitado>$AN539)),\"ACIMA REF.\",\"\")))))","v":""},{"$f":"IF(C539<=CRONO.NivelExibicao,MAX($AD$15:OFFSET(AD539,-1,0))+IF($C539<>1,1,MAX(1,COUNTIF(QCI!$A$13:$A$32,OFFSET($E539,-1,0)))),\"\")","v":""},{"$f":"IF(AND($C539=\"S\",ORÇAMENTO.CodBarra<>\"\"),IF(ORÇAMENTO.Fonte=\"\",ORÇAMENTO.CodBarra,CONCATENATE(ORÇAMENTO.Fonte,\" \",ORÇAMENTO.CodBarra)))","v":false},{"$f":"IF(ISERROR(INDIRECT(ORÇAMENTO.BancoRef)),\"(abra o arquivo 'Referência \"&Excel_BuiltIn_Database&\".xls)\",IF(OR($C539<>\"S\",ORÇAMENTO.CodBarra=\"\"),\"(Sem Código)\",IF(ISERROR(MATCH($AE539,INDIRECT(ORÇAMENTO.BancoRef),0)),\"(Código não identificado nas referências)\",MATCH($AE539,INDIRECT(ORÇAMENTO.BancoRef),0))))","v":"(abra o arquivo 'Referência 06-2023.xls)"},{"$f":"ROUND(IF(DESONERACAO=\"sim\",REFERENCIA.Desonerado,REFERENCIA.NaoDesonerado),2)","v":0},0.23530000000000001,null,null,null,null,4483.1000000000004,0]
["S",2,"S",0,{"$f":"IF($C540=1,OFFSET(E540,-1,0)+MAX(1,COUNTIF(QCI!$A$13:$A$32,OFFSET(ORÇAMENTO!E540,-1,0))),OFFSET(E540,-1,0))","v":12},3,0,0,1,0,{"$f":"IF(OR($C540=\"S\",$C540=0),0,MATCH(OFFSET($D540,0,$C540)+IF($C540<>1,1,COUNTIF(QCI!$A$13:$A$32,ORÇAMENTO!E540)),OFFSET($D540,1,$C540,ROW($C$850)-ROW($C540)),0))","v":0},"F","Serviço","Serviço","12.3.1.","SINAPI","102276","ESCAVAÇÃO MECANIZADA DE VALA E TALUDES EM SOLO DE 2A CATEGORIA, EM LOCAIS COM ALTO NÍVEL DE INTERFERÊNCIA","M3",{"$f":"OFFSET(CÁLCULO!H$15,ROW($T540)-ROW(T$15),0)","v":114.42},12.08,"BDI 1",{"$f":"IF($C540=\"S\",ROUND(IF(TIPOORCAMENTO=\"Proposto\",ORÇAMENTO.CustoUnitario*(1+$AH540),ORÇAMENTO.PrecoUnitarioLicitado),15-13*$AF$10),0)","v":14.92},1707.15,"RA","RA",{"$f":"IF($C540=\"S\",IF($Z540=\"CP\",$X540,IF($Z540=\"RA\",(($X540)*QCI!$AA$3),0)),SomaAgrup)","v":1707.15},0,{"$f":"IF($N540=\"\",\"\",IF(ORÇAMENTO.Descricao=\"\",\"DESCRIÇÃO\",IF(AND($C540=\"S\",ORÇAMENTO.Unidade=\"\"),\"UNIDADE\",IF($X540<0,\"VALOR NEGATIVO\",IF(OR(AND(TIPOORCAMENTO=\"Proposto\",$AG540<>\"\",$AG540>0,ORÇAMENTO.CustoUnitario>$AG540),AND(TIPOORCAMENTO=\"LICITADO\",ORÇAMENTO.PrecoUnitarioLicitado>$AN540)),\"ACIMA REF.\",\"\")))))","v":""},{"$f":"IF(C540<=CRONO.NivelExibicao,MAX($AD$15:OFFSET(AD540,-1,0))+IF($C540<>1,1,MAX(1,COUNTIF(QCI!$A$13:$A$32,OFFSET($E540,-1,0)))),\"\")","v":""},{"$f":"IF(AND($C540=\"S\",ORÇAMENTO.CodBarra<>\"\"),IF(ORÇAMENTO.Fonte=\"\",ORÇAMENTO.CodBarra,CONCATENATE(ORÇAMENTO.Fonte,\" \",ORÇAMENTO.CodBarra)))","v":"SINAPI 102276"},{"$f":"IF(ISERROR(INDIRECT(ORÇAMENTO.BancoRef)),\"(abra o arquivo 'Referência \"&Excel_BuiltIn_Database&\".xls)\",IF(OR($C540<>\"S\",ORÇAMENTO.CodBarra=\"\"),\"(Sem Código)\",IF(ISERROR(MATCH($AE540,INDIRECT(ORÇAMENTO.BancoRef),0)),\"(Código não identificado nas referências)\",MATCH($AE540,INDIRECT(ORÇAMENTO.BancoRef),0))))","v":"(abra o arquivo 'Referência 06-2023.xls)"},{"$f":"ROUND(IF(DESONERACAO=\"sim\",REFERENCIA.Desonerado,REFERENCIA.NaoDesonerado),2)","v":0},0.23530000000000001,null,114.42,null,null,1707.15,14.92]
["S",2,"S",0,{"$f":"IF($C541=1,OFFSET(E541,-1,0)+MAX(1,COUNTIF(QCI!$A$13:$A$32,OFFSET(ORÇAMENTO!E541,-1,0))),OFFSET(E541,-1,0))","v":12},3,0,0,2,0,{"$f":"IF(OR($C541=\"S\",$C541=0),0,MATCH(OFFSET($D541,0,$C541)+IF($C541<>1,1,COUNTIF(QCI!$A$13:$A$32,ORÇAMENTO!E541)),OFFSET($D541,1,$C541,ROW($C$850)-ROW($C541)),0))","v":0},"F","Serviço","Serviço","12.3.2.","SINAPI","100978","CARGA, MANOBRA E DESCARGA DE MATERIAL REMOVIDO EM CAMINHÃO BASCULANTE - CARGA COM ESCAVADEIRA HIDRÁULICA","M3",{"$f":"OFFSET(CÁLCULO!H$15,ROW($T541)-ROW(T$15),0)","v":114.42},6.33,"BDI 1",{"$f":"IF($C541=\"S\",ROUND(IF(TIPOORCAMENTO=\"Proposto\",ORÇAMENTO.CustoUnitario*(1+$AH541),ORÇAMENTO.PrecoUnitarioLicitado),15-13*$AF$10),0)","v":7.82},894.76,"RA","RA",{"$f":"IF($C541=\"S\",IF($Z541=\"CP\",$X541,IF($Z541=\"RA\",(($X541)*QCI!$AA$3),0)),SomaAgrup)","v":894.76},0,{"$f":"IF($N541=\"\",\"\",IF(ORÇAMENTO.Descricao=\"\",\"DESCRIÇÃO\",IF(AND($C541=\"S\",ORÇAMENTO.Unidade=\"\"),\"UNIDADE\",IF($X541<0,\"VALOR NEGATIVO\",IF(OR(AND(TIPOORCAMENTO=\"Proposto\",$AG541<>\"\",$AG541>0,ORÇAMENTO.CustoUnitario>$AG541),AND(TIPOORCAMENTO=\"LICITADO\",ORÇAMENTO.PrecoUnitarioLicitado>$AN541)),\"ACIMA REF.\",\"\")))))","v":""},{"$f":"IF(C541<=CRONO.NivelExibicao,MAX($AD$15:OFFSET(AD541,-1,0))+IF($C541<>1,1,MAX(1,COUNTIF(QCI!$A$13:$A$32,OFFSET($E541,-1,0)))),\"\")","v":""},{"$f":"IF(AND($C541=\"S\",ORÇAMENTO.CodBarra<>\"\"),IF(ORÇAMENTO.Fonte=\"\",ORÇAMENTO.CodBarra,CONCATENATE(ORÇAMENTO.Fonte,\" \",ORÇAMENTO.CodBarra)))","v":"SINAPI 100978"},{"$f":"IF(ISERROR(INDIRECT(ORÇAMENTO.BancoRef)),\"(abra o arquivo 'Referência \"&Excel_BuiltIn_Database&\".xls)\",IF(OR($C541<>\"S\",ORÇAMENTO.CodBarra=\"\"),\"(Sem Código)\",IF(ISERROR(MATCH($AE541,INDIRECT(ORÇAMENTO.BancoRef),0)),\"(Código não identificado nas referências)\",MATCH($AE541,INDIRECT(ORÇAMENTO.BancoRef),0))))","v":"(abra o arquivo 'Referência 06-2023.xls)"},{"$f":"ROUND(IF(DESONERACAO=\"sim\",REFERENCIA.Desonerado,REFERENCIA.NaoDesonerado),2)","v":0},0.23530000000000001,null,{"$f":"AJ540","v":114.42},null,null,894.76,7.82]
["S",2,"S",0,{"$f":"IF($C542=1,OFFSET(E542,-1,0)+MAX(1,COUNTIF(QCI!$A$13:$A$32,OFFSET(ORÇAMENTO!E542,-1,0))),OFFSET(E542,-1,0))","v":12},3,0,0,3,0,{"$f":"IF(OR($C542=\"S\",$C542=0),0,MATCH(OFFSET($D542,0,$C542)+IF($C542<>1,1,COUNTIF(QCI!$A$13:$A$32,ORÇAMENTO!E542)),OFFSET($D542,1,$C542,ROW($C$850)-ROW($C542)),0))","v":0},"F","Serviço","Serviço","12.3.3.","SINAPI","95875","TRANSPORTE DE MATERIAL REMOVIDO COM CAMINHÃO BASCULANTE, DMT = 2 KM","M3XKM",{"$f":"OFFSET(CÁLCULO!H$15,ROW($T542)-ROW(T$15),0)","v":228.84},2.23,"BDI 1",{"$f":"IF($C542=\"S\",ROUND(IF(TIPOORCAMENTO=\"Proposto\",ORÇAMENTO.CustoUnitario*(1+$AH542),ORÇAMENTO.PrecoUnitarioLicitado),15-13*$AF$10),0)","v":2.75},629.30999999999995,"RA","RA",{"$f":"IF($C542=\"S\",IF($Z542=\"CP\",$X542,IF($Z542=\"RA\",(($X542)*QCI!$AA$3),0)),SomaAgrup)","v":629.30999999999995},0,{"$f":"IF($N542=\"\",\"\",IF(ORÇAMENTO.Descricao=\"\",\"DESCRIÇÃO\",IF(AND($C542=\"S\",ORÇAMENTO.Unidade=\"\"),\"UNIDADE\",IF($X542<0,\"VALOR NEGATIVO\",IF(OR(AND(TIPOORCAMENTO=\"Proposto\",$AG542<>\"\",$AG542>0,ORÇAMENTO.CustoUnitario>$AG542),AND(TIPOORCAMENTO=\"LICITADO\",ORÇAMENTO.PrecoUnitarioLicitado>$AN542)),\"ACIMA REF.\",\"\")))))","v":""},{"$f":"IF(C542<=CRONO.NivelExibicao,MAX($AD$15:OFFSET(AD542,-1,0))+IF($C542<>1,1,MAX(1,COUNTIF(QCI!$A$13:$A$32,OFFSET($E542,-1,0)))),\"\")","v":""},{"$f":"IF(AND($C542=\"S\",ORÇAMENTO.CodBarra<>\"\"),IF(ORÇAMENTO.Fonte=\"\",ORÇAMENTO.CodBarra,CONCATENATE(ORÇAMENTO.Fonte,\" \",ORÇAMENTO.CodBarra)))","v":"SINAPI 95875"},{"$f":"IF(ISERROR(INDIRECT(ORÇAMENTO.BancoRef)),\"(abra o arquivo 'Referência \"&Excel_BuiltIn_Database&\".xls)\",IF(OR($C542<>\"S\",ORÇAMENTO.CodBarra=\"\"),\"(Sem Código)\",IF(ISERROR(MATCH($AE542,INDIRECT(ORÇAMENTO.BancoRef),0)),\"(Código não identificado nas referências)\",MATCH($AE542,INDIRECT(ORÇAMENTO.BancoRef),0))))","v":"(abra o arquivo 'Referência 06-2023.xls)"},{"$f":"ROUND(IF(DESONERACAO=\"sim\",REFERENCIA.Desonerado,REFERENCIA.NaoDesonerado),2)","v":0},0.23530000000000001,null,{"$f":"AJ541*2","v":228.84},null,null,629.30999999999995,2.75]
["S",2,"S",0,{"$f":"IF($C543=1,OFFSET(E543,-1,0)+MAX(1,COUNTIF(QCI!$A$13:$A$32,OFFSET(ORÇAMENTO!E543,-1,0))),OFFSET(E543,-1,0))","v":12},3,0,0,4,0,{"$f":"IF(OR($C543=\"S\",$C543=0),0,MATCH(OFFSET($D543,0,$C543)+IF($C543<>1,1,COUNTIF(QCI!$A$13:$A$32,ORÇAMENTO!E543)),OFFSET($D543,1,$C543,ROW($C$850)-ROW($C543)),0))","v":0},"F","Serviço","Serviço","12.3.4.","SINAPI","102355","DESMONTE DE BLOCOS DE ROCHA COM MARTELETE PNEUMÁTICO","M3",{"$f":"OFFSET(CÁLCULO!H$15,ROW($T543)-ROW(T$15),0)","v":5.72},166.39,"BDI 1",{"$f":"IF($C543=\"S\",ROUND(IF(TIPOORCAMENTO=\"Proposto\",ORÇAMENTO.CustoUnitario*(1+$AH543),ORÇAMENTO.PrecoUnitarioLicitado),15-13*$AF$10),0)","v":205.54},1175.69,"RA","RA",{"$f":"IF($C543=\"S\",IF($Z543=\"CP\",$X543,IF($Z543=\"RA\",(($X543)*QCI!$AA$3),0)),SomaAgrup)","v":1175.69},0,{"$f":"IF($N543=\"\",\"\",IF(ORÇAMENTO.Descricao=\"\",\"DESCRIÇÃO\",IF(AND($C543=\"S\",ORÇAMENTO.Unidade=\"\"),\"UNIDADE\",IF($X543<0,\"VALOR NEGATIVO\",IF(OR(AND(TIPOORCAMENTO=\"Proposto\",$AG543<>\"\",$AG543>0,ORÇAMENTO.CustoUnitario>$AG543),AND(TIPOORCAMENTO=\"LICITADO\",ORÇAMENTO.PrecoUnitarioLicitado>$AN543)),\"ACIMA REF.\",\"\")))))","v":""},{"$f":"IF(C543<=CRONO.NivelExibicao,MAX($AD$15:OFFSET(AD543,-1,0))+IF($C543<>1,1,MAX(1,COUNTIF(QCI!$A$13:$A$32,OFFSET($E543,-1,0)))),\"\")","v":""},{"$f":"IF(AND($C543=\"S\",ORÇAMENTO.CodBarra<>\"\"),IF(ORÇAMENTO.Fonte=\"\",ORÇAMENTO.CodBarra,CONCATENATE(ORÇAMENTO.Fonte,\" \",ORÇAMENTO.CodBarra)))","v":"SINAPI 102355"},{"$f":"IF(ISERROR(INDIRECT(ORÇAMENTO.BancoRef)),\"(abra o arquivo 'Referência \"&Excel_BuiltIn_Database&\".xls)\",IF(OR($C543<>\"S\",ORÇAMENTO.CodBarra=\"\"),\"(Sem Código)\",IF(ISERROR(MATCH($AE543,INDIRECT(ORÇAMENTO.BancoRef),0)),\"(Código não identificado nas referências)\",MATCH($AE543,INDIRECT(ORÇAMENTO.BancoRef),0))))","v":"(abra o arquivo 'Referência 06-2023.xls)"},{"$f":"ROUND(IF(DESONERACAO=\"sim\",REFERENCIA.Desonerado,REFERENCIA.NaoDesonerado),2)","v":0},0.23530000000000001,null,{"$f":"AJ540*0.05","v":5.7210000000000001},null,null,1175.69,205.54]
["S",2,"S",0,{"$f":"IF($C544=1,OFFSET(E544,-1,0)+MAX(1,COUNTIF(QCI!$A$13:$A$32,OFFSET(ORÇAMENTO!E544,-1,0))),OFFSET(E544,-1,0))","v":12},3,0,0,5,0,{"$f":"IF(OR($C544=\"S\",$C544=0),0,MATCH(OFFSET($D544,0,$C544)+IF($C544<>1,1,COUNTIF(QCI!$A$13:$A$32,ORÇAMENTO!E544)),OFFSET($D544,1,$C544,ROW($C$850)-ROW($C544)),0))","v":0},"F","Serviço","Serviço","12.3.5.","SINAPI","100978","CARGA, MANOBRA E DESCARGA DE MATERIAL REMOVIDO EM CAMINHÃO BASCULANTE - CARGA COM ESCAVADEIRA HIDRÁULICA","M3",{"$f":"OFFSET(CÁLCULO!H$15,ROW($T544)-ROW(T$15),0)","v":5.72},6.33,"BDI 1",{"$f":"IF($C544=\"S\",ROUND(IF(TIPOORCAMENTO=\"Proposto\",ORÇAMENTO.CustoUnitario*(1+$AH544),ORÇAMENTO.PrecoUnitarioLicitado),15-13*$AF$10),0)","v":7.82},44.73,"RA","RA",{"$f":"IF($C544=\"S\",IF($Z544=\"CP\",$X544,IF($Z544=\"RA\",(($X544)*QCI!$AA$3),0)),SomaAgrup)","v":44.73},0,{"$f":"IF($N544=\"\",\"\",IF(ORÇAMENTO.Descricao=\"\",\"DESCRIÇÃO\",IF(AND($C544=\"S\",ORÇAMENTO.Unidade=\"\"),\"UNIDADE\",IF($X544<0,\"VALOR NEGATIVO\",IF(OR(AND(TIPOORCAMENTO=\"Proposto\",$AG544<>\"\",$AG544>0,ORÇAMENTO.CustoUnitario>$AG544),AND(TIPOORCAMENTO=\"LICITADO\",ORÇAMENTO.PrecoUnitarioLicitado>$AN544)),\"ACIMA REF.\",\"\")))))","v":""},{"$f":"IF(C544<=CRONO.NivelExibicao,MAX($AD$15:OFFSET(AD544,-1,0))+IF($C544<>1,1,MAX(1,COUNTIF(QCI!$A$13:$A$32,OFFSET($E544,-1,0)))),\"\")","v":""},{"$f":"IF(AND($C544=\"S\",ORÇAMENTO.CodBarra<>\"\"),IF(ORÇAMENTO.Fonte=\"\",ORÇAMENTO.CodBarra,CONCATENATE(ORÇAMENTO.Fonte,\" \",ORÇAMENTO.CodBarra)))","v":"SINAPI 100978"},{"$f":"IF(ISERROR(INDIRECT(ORÇAMENTO.BancoRef)),\"(abra o arquivo 'Referência \"&Excel_BuiltIn_Database&\".xls)\",IF(OR($C544<>\"S\",ORÇAMENTO.CodBarra=\"\"),\"(Sem Código)\",IF(ISERROR(MATCH($AE544,INDIRECT(ORÇAMENTO.BancoRef),0)),\"(Código não identificado nas referências)\",MATCH($AE544,INDIRECT(ORÇAMENTO.BancoRef),0))))","v":"(abra o arquivo 'Referência 06-2023.xls)"},{"$f":"ROUND(IF(DESONERACAO=\"sim\",REFERENCIA.Desonerado,REFERENCIA.NaoDesonerado),2)","v":0},0.23530000000000001,null,{"$f":"AJ543","v":5.7210000000000001},null,null,44.73,7.82]
["S",2,"S",0,{"$f":"IF($C545=1,OFFSET(E545,-1,0)+MAX(1,COUNTIF(QCI!$A$13:$A$32,OFFSET(ORÇAMENTO!E545,-1,0))),OFFSET(E545,-1,0))","v":12},3,0,0,6,0,{"$f":"IF(OR($C545=\"S\",$C545=0),0,MATCH(OFFSET($D545,0,$C545)+IF($C545<>1,1,COUNTIF(QCI!$A$13:$A$32,ORÇAMENTO!E545)),OFFSET($D545,1,$C545,ROW($C$850)-ROW($C545)),0))","v":0},"F","Serviço","Serviço","12.3.6.","SINAPI","95875","TRANSPORTE DE MATERIAL REMOVIDO COM CAMINHÃO BASCULANTE, DMT = 2 KM","M3XKM",{"$f":"OFFSET(CÁLCULO!H$15,ROW($T545)-ROW(T$15),0)","v":11.44},2.23,"BDI 1",{"$f":"IF($C545=\"S\",ROUND(IF(TIPOORCAMENTO=\"Proposto\",ORÇAMENTO.CustoUnitario*(1+$AH545),ORÇAMENTO.PrecoUnitarioLicitado),15-13*$AF$10),0)","v":2.75},31.46,"RA","RA",{"$f":"IF($C545=\"S\",IF($Z545=\"CP\",$X545,IF($Z545=\"RA\",(($X545)*QCI!$AA$3),0)),SomaAgrup)","v":31.46},0,{"$f":"IF($N545=\"\",\"\",IF(ORÇAMENTO.Descricao=\"\",\"DESCRIÇÃO\",IF(AND($C545=\"S\",ORÇAMENTO.Unidade=\"\"),\"UNIDADE\",IF($X545<0,\"VALOR NEGATIVO\",IF(OR(AND(TIPOORCAMENTO=\"Proposto\",$AG545<>\"\",$AG545>0,ORÇAMENTO.CustoUnitario>$AG545),AND(TIPOORCAMENTO=\"LICITADO\",ORÇAMENTO.PrecoUnitarioLicitado>$AN545)),\"ACIMA REF.\",\"\")))))","v":""},{"$f":"IF(C545<=CRONO.NivelExibicao,MAX($AD$15:OFFSET(AD545,-1,0))+IF($C545<>1,1,MAX(1,COUNTIF(QCI!$A$13:$A$32,OFFSET($E545,-1,0)))),\"\")","v":""},{"$f":"IF(AND($C545=\"S\",ORÇAMENTO.CodBarra<>\"\"),IF(ORÇAMENTO.Fonte=\"\",ORÇAMENTO.CodBarra,CONCATENATE(ORÇAMENTO.Fonte,\" \",ORÇAMENTO.CodBarra)))","v":"SINAPI 95875"},{"$f":"IF(ISERROR(INDIRECT(ORÇAMENTO.BancoRef)),\"(abra o arquivo 'Referência \"&Excel_BuiltIn_Database&\".xls)\",IF(OR($C545<>\"S\",ORÇAMENTO.CodBarra=\"\"),\"(Sem Código)\",IF(ISERROR(MATCH($AE545,INDIRECT(ORÇAMENTO.BancoRef),0)),\"(Código não identificado nas referências)\",MATCH($AE545,INDIRECT(ORÇAMENTO.BancoRef),0))))","v":"(abra o arquivo 'Referência 06-2023.xls)"},{"$f":"ROUND(IF(DESONERACAO=\"sim\",REFERENCIA.Desonerado,REFERENCIA.NaoDesonerado),2)","v":0},0.23530000000000001,null,{"$f":"AJ544*2","v":11.442},null,null,31.46,2.75]
[2,2,2,3,{"$f":"IF($C546=1,OFFSET(E546,-1,0)+MAX(1,COUNTIF(QCI!$A$13:$A$32,OFFSET(ORÇAMENTO!E546,-1,0))),OFFSET(E546,-1,0))","v":12},4,0,0,0,42,{"$f":"IF(OR($C546=\"S\",$C546=0),0,MATCH(OFFSET($D546,0,$C546)+IF($C546<>1,1,COUNTIF(QCI!$A$13:$A$32,ORÇAMENTO!E546)),OFFSET($D546,1,$C546,ROW($C$850)-ROW($C546)),0))","v":3},"F","Nível 2","Nível 2","12.4.","SINAPI",null,"DRENAGEM","-",{"$f":"OFFSET(CÁLCULO!H$15,ROW($T546)-ROW(T$15),0)","v":0},0,"BDI 1",{"$f":"IF($C546=\"S\",ROUND(IF(TIPOORCAMENTO=\"Proposto\",ORÇAMENTO.CustoUnitario*(1+$AH546),ORÇAMENTO.PrecoUnitarioLicitado),15-13*$AF$10),0)","v":0},96265.15,"RA","",{"$f":"IF($C546=\"S\",IF($Z546=\"CP\",$X546,IF($Z546=\"RA\",(($X546)*QCI!$AA$3),0)),SomaAgrup)","v":96265.15},0,{"$f":"IF($N546=\"\",\"\",IF(ORÇAMENTO.Descricao=\"\",\"DESCRIÇÃO\",IF(AND($C546=\"S\",ORÇAMENTO.Unidade=\"\"),\"UNIDADE\",IF($X546<0,\"VALOR NEGATIVO\",IF(OR(AND(TIPOORCAMENTO=\"Proposto\",$AG546<>\"\",$AG546>0,ORÇAMENTO.CustoUnitario>$AG546),AND(TIPOORCAMENTO=\"LICITADO\",ORÇAMENTO.PrecoUnitarioLicitado>$AN546)),\"ACIMA REF.\",\"\")))))","v":""},{"$f":"IF(C546<=CRONO.NivelExibicao,MAX($AD$15:OFFSET(AD546,-1,0))+IF($C546<>1,1,MAX(1,COUNTIF(QCI!$A$13:$A$32,OFFSET($E546,-1,0)))),\"\")","v":""},{"$f":"IF(AND($C546=\"S\",ORÇAMENTO.CodBarra<>\"\"),IF(ORÇAMENTO.Fonte=\"\",ORÇAMENTO.CodBarra,CONCATENATE(ORÇAMENTO.Fonte,\" \",ORÇAMENTO.CodBarra)))","v":false},{"$f":"IF(ISERROR(INDIRECT(ORÇAMENTO.BancoRef)),\"(abra o arquivo 'Referência \"&Excel_BuiltIn_Database&\".xls)\",IF(OR($C546<>\"S\",ORÇAMENTO.CodBarra=\"\"),\"(Sem Código)\",IF(ISERROR(MATCH($AE546,INDIRECT(ORÇAMENTO.BancoRef),0)),\"(Código não identificado nas referências)\",MATCH($AE546,INDIRECT(ORÇAMENTO.BancoRef),0))))","v":"(abra o arquivo 'Referência 06-2023.xls)"},{"$f":"ROUND(IF(DESONERACAO=\"sim\",REFERENCIA.Desonerado,REFERENCIA.NaoDesonerado),2)","v":0},0.23530000000000001,null,null,null,null,96265.15,0]
["S",2,"S",0,{"$f":"IF($C547=1,OFFSET(E547,-1,0)+MAX(1,COUNTIF(QCI!$A$13:$A$32,OFFSET(ORÇAMENTO!E547,-1,0))),OFFSET(E547,-1,0))","v":12},4,0,0,1,0,{"$f":"IF(OR($C547=\"S\",$C547=0),0,MATCH(OFFSET($D547,0,$C547)+IF($C547<>1,1,COUNTIF(QCI!$A$13:$A$32,ORÇAMENTO!E547)),OFFSET($D547,1,$C547,ROW($C$850)-ROW($C547)),0))","v":0},"F","Serviço","Serviço","12.4.1.","AMMOC","BL01","BOCA DE LOBO EM CONCRETO ARMADO E GRADE DE AÇO EM BARRA DE FERRO CHATA 0,70M X 1,00M - TIPO 1 ","UND",{"$f":"OFFSET(CÁLCULO!H$15,ROW($T547)-ROW(T$15),0)","v":25},2617.0700000000002,"BDI 1",{"$f":"IF($C547=\"S\",ROUND(IF(TIPOORCAMENTO=\"Proposto\",ORÇAMENTO.CustoUnitario*(1+$AH547),ORÇAMENTO.PrecoUnitarioLicitado),15-13*$AF$10),0)","v":3232.87},80821.75,"RA","RA",{"$f":"IF($C547=\"S\",IF($Z547=\"CP\",$X547,IF($Z547=\"RA\",(($X547)*QCI!$AA$3),0)),SomaAgrup)","v":80821.75},0,{"$f":"IF($N547=\"\",\"\",IF(ORÇAMENTO.Descricao=\"\",\"DESCRIÇÃO\",IF(AND($C547=\"S\",ORÇAMENTO.Unidade=\"\"),\"UNIDADE\",IF($X547<0,\"VALOR NEGATIVO\",IF(OR(AND(TIPOORCAMENTO=\"Proposto\",$AG547<>\"\",$AG547>0,ORÇAMENTO.CustoUnitario>$AG547),AND(TIPOORCAMENTO=\"LICITADO\",ORÇAMENTO.PrecoUnitarioLicitado>$AN547)),\"ACIMA REF.\",\"\")))))","v":""},{"$f":"IF(C547<=CRONO.NivelExibicao,MAX($AD$15:OFFSET(AD547,-1,0))+IF($C547<>1,1,MAX(1,COUNTIF(QCI!$A$13:$A$32,OFFSET($E547,-1,0)))),\"\")","v":""},{"$f":"IF(AND($C547=\"S\",ORÇAMENTO.CodBarra<>\"\"),IF(ORÇAMENTO.Fonte=\"\",ORÇAMENTO.CodBarra,CONCATENATE(ORÇAMENTO.Fonte,\" \",ORÇAMENTO.CodBarra)))","v":"AMMOC BL01"},{"$f":"IF(ISERROR(INDIRECT(ORÇAMENTO.BancoRef)),\"(abra o arquivo 'Referência \"&Excel_BuiltIn_Database&\".xls)\",IF(OR($C547<>\"S\",ORÇAMENTO.CodBarra=\"\"),\"(Sem Código)\",IF(ISERROR(MATCH($AE547,INDIRECT(ORÇAMENTO.BancoRef),0)),\"(Código não identificado nas referências)\",MATCH($AE547,INDIRECT(ORÇAMENTO.BancoRef),0))))","v":"(abra o arquivo 'Referência 06-2023.xls)"},{"$f":"ROUND(IF(DESONERACAO=\"sim\",REFERENCIA.Desonerado,REFERENCIA.NaoDesonerado),2)","v":0},0.23530000000000001,null,25,null,null,80821.75,3232.87]
[{"$f":"CHOOSE(1+LOG(1+2*(ORÇAMENTO.Nivel=\"Meta\")+4*(ORÇAMENTO.Nivel=\"Nível 2\")+8*(ORÇAMENTO.Nivel=\"Nível 3\")+16*(ORÇAMENTO.Nivel=\"Nível 4\")+32*(ORÇAMENTO.Nivel=\"Serviço\"),2),0,1,2,3,4,\"S\")","v":"S"},2,"S",0,{"$f":"IF($C548=1,OFFSET(E548,-1,0)+MAX(1,COUNTIF(QCI!$A$13:$A$32,OFFSET(ORÇAMENTO!E548,-1,0))),OFFSET(E548,-1,0))","v":12},4,0,0,2,0,{"$f":"IF(OR($C548=\"S\",$C548=0),0,MATCH(OFFSET($D548,0,$C548)+IF($C548<>1,1,COUNTIF(QCI!$A$13:$A$32,ORÇAMENTO!E548)),OFFSET($D548,1,$C548,ROW($C$850)-ROW($C548)),0))","v":0},"F","Serviço","Serviço","12.4.2.","SINAPI","92219","TUBO DE CONCRETO PARA REDES COLETORAS DE ÁGUAS PLUVIAIS, DIÂMETRO DE 400 MM, JUNTA ENVOLTA EM MANTA GEOTÊXTIL, INSTALADO EM LOCAL COM ALTO NÍVEL DE INTERFERÊNCIAS - FORNECIMENTO E ASSENTAMENTO","M",{"$f":"OFFSET(CÁLCULO!H$15,ROW($T548)-ROW(T$15),0)","v":70},178.6,"BDI 1",{"$f":"IF($C548=\"S\",ROUND(IF(TIPOORCAMENTO=\"Proposto\",ORÇAMENTO.CustoUnitario*(1+$AH548),ORÇAMENTO.PrecoUnitarioLicitado),15-13*$AF$10),0)","v":220.62},{"$f":"IF($C548=\"S\",VTOTAL1,IF($C548=0,0,ROUND(SomaAgrup,15-13*$AF$11)))","v":15443.4},"RA","RA",{"$f":"IF($C548=\"S\",IF($Z548=\"CP\",$X548,IF($Z548=\"RA\",(($X548)*QCI!$AA$3),0)),SomaAgrup)","v":15443.4},{"$f":"IF($C548=\"S\",IF($Z548=\"OU\",ROUND($X548,2),0),SomaAgrup)","v":0},{"$f":"IF($N548=\"\",\"\",IF(ORÇAMENTO.Descricao=\"\",\"DESCRIÇÃO\",IF(AND($C548=\"S\",ORÇAMENTO.Unidade=\"\"),\"UNIDADE\",IF($X548<0,\"VALOR NEGATIVO\",IF(OR(AND(TIPOORCAMENTO=\"Proposto\",$AG548<>\"\",$AG548>0,ORÇAMENTO.CustoUnitario>$AG548),AND(TIPOORCAMENTO=\"LICITADO\",ORÇAMENTO.PrecoUnitarioLicitado>$AN548)),\"ACIMA REF.\",\"\")))))","v":""},{"$f":"IF(C548<=CRONO.NivelExibicao,MAX($AD$15:OFFSET(AD548,-1,0))+IF($C548<>1,1,MAX(1,COUNTIF(QCI!$A$13:$A$32,OFFSET($E548,-1,0)))),\"\")","v":""},{"$f":"IF(AND($C548=\"S\",ORÇAMENTO.CodBarra<>\"\"),IF(ORÇAMENTO.Fonte=\"\",ORÇAMENTO.CodBarra,CONCATENATE(ORÇAMENTO.Fonte,\" \",ORÇAMENTO.CodBarra)))","v":"SINAPI 92219"},{"$f":"IF(ISERROR(INDIRECT(ORÇAMENTO.BancoRef)),\"(abra o arquivo 'Referência \"&Excel_BuiltIn_Database&\".xls)\",IF(OR($C548<>\"S\",ORÇAMENTO.CodBarra=\"\"),\"(Sem Código)\",IF(ISERROR(MATCH($AE548,INDIRECT(ORÇAMENTO.BancoRef),0)),\"(Código não identificado nas referências)\",MATCH($AE548,INDIRECT(ORÇAMENTO.BancoRef),0))))","v":"(abra o arquivo 'Referência 06-2023.xls)"},{"$f":"ROUND(IF(DESONERACAO=\"sim\",REFERENCIA.Desonerado,REFERENCIA.NaoDesonerado),2)","v":0},{"$f":"ROUND(IF(ISNUMBER(ORÇAMENTO.OpcaoBDI),ORÇAMENTO.OpcaoBDI,IF(LEFT(ORÇAMENTO.OpcaoBDI,3)=\"BDI\",HLOOKUP(ORÇAMENTO.OpcaoBDI,$F$4:$H$5,2,FALSE),0)),15-11*$AF$9)","v":0.23530000000000001},null,70,null,null,15443.4,{"$f":"ROUND(ORÇAMENTO.CustoUnitario*(1+$AH548),2)","v":220.62}]
[2,2,2,6,{"$f":"IF($C549=1,OFFSET(E549,-1,0)+MAX(1,COUNTIF(QCI!$A$13:$A$32,OFFSET(ORÇAMENTO!E549,-1,0))),OFFSET(E549,-1,0))","v":12},5,0,0,0,39,{"$f":"IF(OR($C549=\"S\",$C549=0),0,MATCH(OFFSET($D549,0,$C549)+IF($C549<>1,1,COUNTIF(QCI!$A$13:$A$32,ORÇAMENTO!E549)),OFFSET($D549,1,$C549,ROW($C$850)-ROW($C549)),0))","v":6},"F","Nível 2","Nível 2","12.5.","SINAPI",null,"REATERROS","-",{"$f":"OFFSET(CÁLCULO!H$15,ROW($T549)-ROW(T$15),0)","v":0},0,"BDI 1",{"$f":"IF($C549=\"S\",ROUND(IF(TIPOORCAMENTO=\"Proposto\",ORÇAMENTO.CustoUnitario*(1+$AH549),ORÇAMENTO.PrecoUnitarioLicitado),15-13*$AF$10),0)","v":0},9497.84,"RA","",{"$f":"IF($C549=\"S\",IF($Z549=\"CP\",$X549,IF($Z549=\"RA\",(($X549)*QCI!$AA$3),0)),SomaAgrup)","v":9497.84},0,{"$f":"IF($N549=\"\",\"\",IF(ORÇAMENTO.Descricao=\"\",\"DESCRIÇÃO\",IF(AND($C549=\"S\",ORÇAMENTO.Unidade=\"\"),\"UNIDADE\",IF($X549<0,\"VALOR NEGATIVO\",IF(OR(AND(TIPOORCAMENTO=\"Proposto\",$AG549<>\"\",$AG549>0,ORÇAMENTO.CustoUnitario>$AG549),AND(TIPOORCAMENTO=\"LICITADO\",ORÇAMENTO.PrecoUnitarioLicitado>$AN549)),\"ACIMA REF.\",\"\")))))","v":""},{"$f":"IF(C549<=CRONO.NivelExibicao,MAX($AD$15:OFFSET(AD549,-1,0))+IF($C549<>1,1,MAX(1,COUNTIF(QCI!$A$13:$A$32,OFFSET($E549,-1,0)))),\"\")","v":""},{"$f":"IF(AND($C549=\"S\",ORÇAMENTO.CodBarra<>\"\"),IF(ORÇAMENTO.Fonte=\"\",ORÇAMENTO.CodBarra,CONCATENATE(ORÇAMENTO.Fonte,\" \",ORÇAMENTO.CodBarra)))","v":false},{"$f":"IF(ISERROR(INDIRECT(ORÇAMENTO.BancoRef)),\"(abra o arquivo 'Referência \"&Excel_BuiltIn_Database&\".xls)\",IF(OR($C549<>\"S\",ORÇAMENTO.CodBarra=\"\"),\"(Sem Código)\",IF(ISERROR(MATCH($AE549,INDIRECT(ORÇAMENTO.BancoRef),0)),\"(Código não identificado nas referências)\",MATCH($AE549,INDIRECT(ORÇAMENTO.BancoRef),0))))","v":"(abra o arquivo 'Referência 06-2023.xls)"},{"$f":"ROUND(IF(DESONERACAO=\"sim\",REFERENCIA.Desonerado,REFERENCIA.NaoDesonerado),2)","v":0},0.23530000000000001,null,null,null,null,9497.84,0]
["S",2,"S",0,{"$f":"IF($C550=1,OFFSET(E550,-1,0)+MAX(1,COUNTIF(QCI!$A$13:$A$32,OFFSET(ORÇAMENTO!E550,-1,0))),OFFSET(E550,-1,0))","v":12},5,0,0,1,0,{"$f":"IF(OR($C550=\"S\",$C550=0),0,MATCH(OFFSET($D550,0,$C550)+IF($C550<>1,1,COUNTIF(QCI!$A$13:$A$32,ORÇAMENTO!E550)),OFFSET($D550,1,$C550,ROW($C$850)-ROW($C550)),0))","v":0},"F","Serviço","Serviço","12.5.1.","SINAPI-I","4718","PEDRA BRITADA N. 2 (19 A 38 MM) PARA REATERRO DE VALAS","M3    ",{"$f":"OFFSET(CÁLCULO!H$15,ROW($T550)-ROW(T$15),0)","v":42},107.5,"BDI 1",{"$f":"IF($C550=\"S\",ROUND(IF(TIPOORCAMENTO=\"Proposto\",ORÇAMENTO.CustoUnitario*(1+$AH550),ORÇAMENTO.PrecoUnitarioLicitado),15-13*$AF$10),0)","v":132.79},5577.18,"RA","RA",{"$f":"IF($C550=\"S\",IF($Z550=\"CP\",$X550,IF($Z550=\"RA\",(($X550)*QCI!$AA$3),0)),SomaAgrup)","v":5577.18},0,{"$f":"IF($N550=\"\",\"\",IF(ORÇAMENTO.Descricao=\"\",\"DESCRIÇÃO\",IF(AND($C550=\"S\",ORÇAMENTO.Unidade=\"\"),\"UNIDADE\",IF($X550<0,\"VALOR NEGATIVO\",IF(OR(AND(TIPOORCAMENTO=\"Proposto\",$AG550<>\"\",$AG550>0,ORÇAMENTO.CustoUnitario>$AG550),AND(TIPOORCAMENTO=\"LICITADO\",ORÇAMENTO.PrecoUnitarioLicitado>$AN550)),\"ACIMA REF.\",\"\")))))","v":""},{"$f":"IF(C550<=CRONO.NivelExibicao,MAX($AD$15:OFFSET(AD550,-1,0))+IF($C550<>1,1,MAX(1,COUNTIF(QCI!$A$13:$A$32,OFFSET($E550,-1,0)))),\"\")","v":""},{"$f":"IF(AND($C550=\"S\",ORÇAMENTO.CodBarra<>\"\"),IF(ORÇAMENTO.Fonte=\"\",ORÇAMENTO.CodBarra,CONCATENATE(ORÇAMENTO.Fonte,\" \",ORÇAMENTO.CodBarra)))","v":"SINAPI-I 4718"},{"$f":"IF(ISERROR(INDIRECT(ORÇAMENTO.BancoRef)),\"(abra o arquivo 'Referência \"&Excel_BuiltIn_Database&\".xls)\",IF(OR($C550<>\"S\",ORÇAMENTO.CodBarra=\"\"),\"(Sem Código)\",IF(ISERROR(MATCH($AE550,INDIRECT(ORÇAMENTO.BancoRef),0)),\"(Código não identificado nas referências)\",MATCH($AE550,INDIRECT(ORÇAMENTO.BancoRef),0))))","v":"(abra o arquivo 'Referência 06-2023.xls)"},{"$f":"ROUND(IF(DESONERACAO=\"sim\",REFERENCIA.Desonerado,REFERENCIA.NaoDesonerado),2)","v":0},0.23530000000000001,null,42,null,null,5577.18,132.79]
["S",2,"S",0,{"$f":"IF($C551=1,OFFSET(E551,-1,0)+MAX(1,COUNTIF(QCI!$A$13:$A$32,OFFSET(ORÇAMENTO!E551,-1,0))),OFFSET(E551,-1,0))","v":12},5,0,0,2,0,{"$f":"IF(OR($C551=\"S\",$C551=0),0,MATCH(OFFSET($D551,0,$C551)+IF($C551<>1,1,COUNTIF(QCI!$A$13:$A$32,ORÇAMENTO!E551)),OFFSET($D551,1,$C551,ROW($C$850)-ROW($C551)),0))","v":0},"F","Serviço","Serviço","12.5.2.","SINAPI-I",4730,"PEDRA RACHAO PARA REATERRO DE VALAS                                                                                                                                                                                                                                                                                                                                                                                     ","M3    ",{"$f":"OFFSET(CÁLCULO!H$15,ROW($T551)-ROW(T$15),0)","v":3.84},100.51,"BDI 1",{"$f":"IF($C551=\"S\",ROUND(IF(TIPOORCAMENTO=\"Proposto\",ORÇAMENTO.CustoUnitario*(1+$AH551),ORÇAMENTO.PrecoUnitarioLicitado),15-13*$AF$10),0)","v":124.16},476.77,"RA","RA",{"$f":"IF($C551=\"S\",IF($Z551=\"CP\",$X551,IF($Z551=\"RA\",(($X551)*QCI!$AA$3),0)),SomaAgrup)","v":476.77},0,{"$f":"IF($N551=\"\",\"\",IF(ORÇAMENTO.Descricao=\"\",\"DESCRIÇÃO\",IF(AND($C551=\"S\",ORÇAMENTO.Unidade=\"\"),\"UNIDADE\",IF($X551<0,\"VALOR NEGATIVO\",IF(OR(AND(TIPOORCAMENTO=\"Proposto\",$AG551<>\"\",$AG551>0,ORÇAMENTO.CustoUnitario>$AG551),AND(TIPOORCAMENTO=\"LICITADO\",ORÇAMENTO.PrecoUnitarioLicitado>$AN551)),\"ACIMA REF.\",\"\")))))","v":""},{"$f":"IF(C551<=CRONO.NivelExibicao,MAX($AD$15:OFFSET(AD551,-1,0))+IF($C551<>1,1,MAX(1,COUNTIF(QCI!$A$13:$A$32,OFFSET($E551,-1,0)))),\"\")","v":""},{"$f":"IF(AND($C551=\"S\",ORÇAMENTO.CodBarra<>\"\"),IF(ORÇAMENTO.Fonte=\"\",ORÇAMENTO.CodBarra,CONCATENATE(ORÇAMENTO.Fonte,\" \",ORÇAMENTO.CodBarra)))","v":"SINAPI-I 4730"},{"$f":"IF(ISERROR(INDIRECT(ORÇAMENTO.BancoRef)),\"(abra o arquivo 'Referência \"&Excel_BuiltIn_Database&\".xls)\",IF(OR($C551<>\"S\",ORÇAMENTO.CodBarra=\"\"),\"(Sem Código)\",IF(ISERROR(MATCH($AE551,INDIRECT(ORÇAMENTO.BancoRef),0)),\"(Código não identificado nas referências)\",MATCH($AE551,INDIRECT(ORÇAMENTO.BancoRef),0))))","v":"(abra o arquivo 'Referência 06-2023.xls)"},{"$f":"ROUND(IF(DESONERACAO=\"sim\",REFERENCIA.Desonerado,REFERENCIA.NaoDesonerado),2)","v":0},0.23530000000000001,null,3.84,null,null,476.77,124.16]
["S",2,"S",0,{"$f":"IF($C552=1,OFFSET(E552,-1,0)+MAX(1,COUNTIF(QCI!$A$13:$A$32,OFFSET(ORÇAMENTO!E552,-1,0))),OFFSET(E552,-1,0))","v":12},5,0,0,3,0,{"$f":"IF(OR($C552=\"S\",$C552=0),0,MATCH(OFFSET($D552,0,$C552)+IF($C552<>1,1,COUNTIF(QCI!$A$13:$A$32,ORÇAMENTO!E552)),OFFSET($D552,1,$C552,ROW($C$850)-ROW($C552)),0))","v":0},"F","Serviço","Serviço","12.5.3.","SINAPI-I",4729,"PEDRA BRITADA GRADUADA PARA REATERRO DE VALAS                                                                                                                                                                                                                                                                                                                                                                                                                          ","M3    ",{"$f":"OFFSET(CÁLCULO!H$15,ROW($T552)-ROW(T$15),0)","v":2.88},107.74,"BDI 1",{"$f":"IF($C552=\"S\",ROUND(IF(TIPOORCAMENTO=\"Proposto\",ORÇAMENTO.CustoUnitario*(1+$AH552),ORÇAMENTO.PrecoUnitarioLicitado),15-13*$AF$10),0)","v":133.09},383.3,"RA","RA",{"$f":"IF($C552=\"S\",IF($Z552=\"CP\",$X552,IF($Z552=\"RA\",(($X552)*QCI!$AA$3),0)),SomaAgrup)","v":383.3},0,{"$f":"IF($N552=\"\",\"\",IF(ORÇAMENTO.Descricao=\"\",\"DESCRIÇÃO\",IF(AND($C552=\"S\",ORÇAMENTO.Unidade=\"\"),\"UNIDADE\",IF($X552<0,\"VALOR NEGATIVO\",IF(OR(AND(TIPOORCAMENTO=\"Proposto\",$AG552<>\"\",$AG552>0,ORÇAMENTO.CustoUnitario>$AG552),AND(TIPOORCAMENTO=\"LICITADO\",ORÇAMENTO.PrecoUnitarioLicitado>$AN552)),\"ACIMA REF.\",\"\")))))","v":""},{"$f":"IF(C552<=CRONO.NivelExibicao,MAX($AD$15:OFFSET(AD552,-1,0))+IF($C552<>1,1,MAX(1,COUNTIF(QCI!$A$13:$A$32,OFFSET($E552,-1,0)))),\"\")","v":""},{"$f":"IF(AND($C552=\"S\",ORÇAMENTO.CodBarra<>\"\"),IF(ORÇAMENTO.Fonte=\"\",ORÇAMENTO.CodBarra,CONCATENATE(ORÇAMENTO.Fonte,\" \",ORÇAMENTO.CodBarra)))","v":"SINAPI-I 4729"},{"$f":"IF(ISERROR(INDIRECT(ORÇAMENTO.BancoRef)),\"(abra o arquivo 'Referência \"&Excel_BuiltIn_Database&\".xls)\",IF(OR($C552<>\"S\",ORÇAMENTO.CodBarra=\"\"),\"(Sem Código)\",IF(ISERROR(MATCH($AE552,INDIRECT(ORÇAMENTO.BancoRef),0)),\"(Código não identificado nas referências)\",MATCH($AE552,INDIRECT(ORÇAMENTO.BancoRef),0))))","v":"(abra o arquivo 'Referência 06-2023.xls)"},{"$f":"ROUND(IF(DESONERACAO=\"sim\",REFERENCIA.Desonerado,REFERENCIA.NaoDesonerado),2)","v":0},0.23530000000000001,null,2.88,null,null,383.3,133.09]
["S",2,"S",0,{"$f":"IF($C553=1,OFFSET(E553,-1,0)+MAX(1,COUNTIF(QCI!$A$13:$A$32,OFFSET(ORÇAMENTO!E553,-1,0))),OFFSET(E553,-1,0))","v":12},5,0,0,4,0,{"$f":"IF(OR($C553=\"S\",$C553=0),0,MATCH(OFFSET($D553,0,$C553)+IF($C553<>1,1,COUNTIF(QCI!$A$13:$A$32,ORÇAMENTO!E553)),OFFSET($D553,1,$C553,ROW($C$850)-ROW($C553)),0))","v":0},"F","Serviço","Serviço","12.5.4.","SINAPI","100978","CARGA, MANOBRA E DESCARGA DE MATERIAL GRANULAR EM CAMINHÃO BASCULANTE - CARGA COM ESCAVADEIRA HIDRÁULICA","M3",{"$f":"OFFSET(CÁLCULO!H$15,ROW($T553)-ROW(T$15),0)","v":48.72},6.33,"BDI 1",{"$f":"IF($C553=\"S\",ROUND(IF(TIPOORCAMENTO=\"Proposto\",ORÇAMENTO.CustoUnitario*(1+$AH553),ORÇAMENTO.PrecoUnitarioLicitado),15-13*$AF$10),0)","v":7.82},380.99,"RA","RA",{"$f":"IF($C553=\"S\",IF($Z553=\"CP\",$X553,IF($Z553=\"RA\",(($X553)*QCI!$AA$3),0)),SomaAgrup)","v":380.99},0,{"$f":"IF($N553=\"\",\"\",IF(ORÇAMENTO.Descricao=\"\",\"DESCRIÇÃO\",IF(AND($C553=\"S\",ORÇAMENTO.Unidade=\"\"),\"UNIDADE\",IF($X553<0,\"VALOR NEGATIVO\",IF(OR(AND(TIPOORCAMENTO=\"Proposto\",$AG553<>\"\",$AG553>0,ORÇAMENTO.CustoUnitario>$AG553),AND(TIPOORCAMENTO=\"LICITADO\",ORÇAMENTO.PrecoUnitarioLicitado>$AN553)),\"ACIMA REF.\",\"\")))))","v":""},{"$f":"IF(C553<=CRONO.NivelExibicao,MAX($AD$15:OFFSET(AD553,-1,0))+IF($C553<>1,1,MAX(1,COUNTIF(QCI!$A$13:$A$32,OFFSET($E553,-1,0)))),\"\")","v":""},{"$f":"IF(AND($C553=\"S\",ORÇAMENTO.CodBarra<>\"\"),IF(ORÇAMENTO.Fonte=\"\",ORÇAMENTO.CodBarra,CONCATENATE(ORÇAMENTO.Fonte,\" \",ORÇAMENTO.CodBarra)))","v":"SINAPI 100978"},{"$f":"IF(ISERROR(INDIRECT(ORÇAMENTO.BancoRef)),\"(abra o arquivo 'Referência \"&Excel_BuiltIn_Database&\".xls)\",IF(OR($C553<>\"S\",ORÇAMENTO.CodBarra=\"\"),\"(Sem Código)\",IF(ISERROR(MATCH($AE553,INDIRECT(ORÇAMENTO.BancoRef),0)),\"(Código não identificado nas referências)\",MATCH($AE553,INDIRECT(ORÇAMENTO.BancoRef),0))))","v":"(abra o arquivo 'Referência 06-2023.xls)"},{"$f":"ROUND(IF(DESONERACAO=\"sim\",REFERENCIA.Desonerado,REFERENCIA.NaoDesonerado),2)","v":0},0.23530000000000001,null,{"$f":"AJ550+AJ551+AJ552","v":48.720000000000006},null,null,380.99,7.82]
["S",2,"S",0,{"$f":"IF($C554=1,OFFSET(E554,-1,0)+MAX(1,COUNTIF(QCI!$A$13:$A$32,OFFSET(ORÇAMENTO!E554,-1,0))),OFFSET(E554,-1,0))","v":12},5,0,0,5,0,{"$f":"IF(OR($C554=\"S\",$C554=0),0,MATCH(OFFSET($D554,0,$C554)+IF($C554<>1,1,COUNTIF(QCI!$A$13:$A$32,ORÇAMENTO!E554)),OFFSET($D554,1,$C554,ROW($C$850)-ROW($C554)),0))","v":0},"F","Serviço","Serviço","12.5.5.","SINAPI","95875","TRANSPORTE DE MATERIAL GRANULAR COM CAMINHÃO BASCULANTE, DMT = 20 KM","M3XKM",{"$f":"OFFSET(CÁLCULO!H$15,ROW($T554)-ROW(T$15),0)","v":974.4},2.23,"BDI 1",{"$f":"IF($C554=\"S\",ROUND(IF(TIPOORCAMENTO=\"Proposto\",ORÇAMENTO.CustoUnitario*(1+$AH554),ORÇAMENTO.PrecoUnitarioLicitado),15-13*$AF$10),0)","v":2.75},2679.6,"RA","RA",{"$f":"IF($C554=\"S\",IF($Z554=\"CP\",$X554,IF($Z554=\"RA\",(($X554)*QCI!$AA$3),0)),SomaAgrup)","v":2679.6},0,{"$f":"IF($N554=\"\",\"\",IF(ORÇAMENTO.Descricao=\"\",\"DESCRIÇÃO\",IF(AND($C554=\"S\",ORÇAMENTO.Unidade=\"\"),\"UNIDADE\",IF($X554<0,\"VALOR NEGATIVO\",IF(OR(AND(TIPOORCAMENTO=\"Proposto\",$AG554<>\"\",$AG554>0,ORÇAMENTO.CustoUnitario>$AG554),AND(TIPOORCAMENTO=\"LICITADO\",ORÇAMENTO.PrecoUnitarioLicitado>$AN554)),\"ACIMA REF.\",\"\")))))","v":""},{"$f":"IF(C554<=CRONO.NivelExibicao,MAX($AD$15:OFFSET(AD554,-1,0))+IF($C554<>1,1,MAX(1,COUNTIF(QCI!$A$13:$A$32,OFFSET($E554,-1,0)))),\"\")","v":""},{"$f":"IF(AND($C554=\"S\",ORÇAMENTO.CodBarra<>\"\"),IF(ORÇAMENTO.Fonte=\"\",ORÇAMENTO.CodBarra,CONCATENATE(ORÇAMENTO.Fonte,\" \",ORÇAMENTO.CodBarra)))","v":"SINAPI 95875"},{"$f":"IF(ISERROR(INDIRECT(ORÇAMENTO.BancoRef)),\"(abra o arquivo 'Referência \"&Excel_BuiltIn_Database&\".xls)\",IF(OR($C554<>\"S\",ORÇAMENTO.CodBarra=\"\"),\"(Sem Código)\",IF(ISERROR(MATCH($AE554,INDIRECT(ORÇAMENTO.BancoRef),0)),\"(Código não identificado nas referências)\",MATCH($AE554,INDIRECT(ORÇAMENTO.BancoRef),0))))","v":"(abra o arquivo 'Referência 06-2023.xls)"},{"$f":"ROUND(IF(DESONERACAO=\"sim\",REFERENCIA.Desonerado,REFERENCIA.NaoDesonerado),2)","v":0},0.23530000000000001,null,{"$f":"AJ553*20","v":974.40000000000009},null,null,2679.6,2.75]
[2,2,2,8,{"$f":"IF($C555=1,OFFSET(E555,-1,0)+MAX(1,COUNTIF(QCI!$A$13:$A$32,OFFSET(ORÇAMENTO!E555,-1,0))),OFFSET(E555,-1,0))","v":12},6,0,0,0,33,{"$f":"IF(OR($C555=\"S\",$C555=0),0,MATCH(OFFSET($D555,0,$C555)+IF($C555<>1,1,COUNTIF(QCI!$A$13:$A$32,ORÇAMENTO!E555)),OFFSET($D555,1,$C555,ROW($C$850)-ROW($C555)),0))","v":8},"F","Nível 2","Nível 2","12.6.","SINAPI",null,"PAVIMENTAÇÃO EM ASFALTO C.A.U.Q.","-",{"$f":"OFFSET(CÁLCULO!H$15,ROW($T555)-ROW(T$15),0)","v":0},0,"BDI 1",{"$f":"IF($C555=\"S\",ROUND(IF(TIPOORCAMENTO=\"Proposto\",ORÇAMENTO.CustoUnitario*(1+$AH555),ORÇAMENTO.PrecoUnitarioLicitado),15-13*$AF$10),0)","v":0},495366.28,"RA","",{"$f":"IF($C555=\"S\",IF($Z555=\"CP\",$X555,IF($Z555=\"RA\",(($X555)*QCI!$AA$3),0)),SomaAgrup)","v":495366.27999999997},0,{"$f":"IF($N555=\"\",\"\",IF(ORÇAMENTO.Descricao=\"\",\"DESCRIÇÃO\",IF(AND($C555=\"S\",ORÇAMENTO.Unidade=\"\"),\"UNIDADE\",IF($X555<0,\"VALOR NEGATIVO\",IF(OR(AND(TIPOORCAMENTO=\"Proposto\",$AG555<>\"\",$AG555>0,ORÇAMENTO.CustoUnitario>$AG555),AND(TIPOORCAMENTO=\"LICITADO\",ORÇAMENTO.PrecoUnitarioLicitado>$AN555)),\"ACIMA REF.\",\"\")))))","v":""},{"$f":"IF(C555<=CRONO.NivelExibicao,MAX($AD$15:OFFSET(AD555,-1,0))+IF($C555<>1,1,MAX(1,COUNTIF(QCI!$A$13:$A$32,OFFSET($E555,-1,0)))),\"\")","v":""},{"$f":"IF(AND($C555=\"S\",ORÇAMENTO.CodBarra<>\"\"),IF(ORÇAMENTO.Fonte=\"\",ORÇAMENTO.CodBarra,CONCATENATE(ORÇAMENTO.Fonte,\" \",ORÇAMENTO.CodBarra)))","v":false},{"$f":"IF(ISERROR(INDIRECT(ORÇAMENTO.BancoRef)),\"(abra o arquivo 'Referência \"&Excel_BuiltIn_Database&\".xls)\",IF(OR($C555<>\"S\",ORÇAMENTO.CodBarra=\"\"),\"(Sem Código)\",IF(ISERROR(MATCH($AE555,INDIRECT(ORÇAMENTO.BancoRef),0)),\"(Código não identificado nas referências)\",MATCH($AE555,INDIRECT(ORÇAMENTO.BancoRef),0))))","v":"(abra o arquivo 'Referência 06-2023.xls)"},{"$f":"ROUND(IF(DESONERACAO=\"sim\",REFERENCIA.Desonerado,REFERENCIA.NaoDesonerado),2)","v":0},0.23530000000000001,null,null,null,null,495366.28,0]
["S",2,"S",0,{"$f":"IF($C556=1,OFFSET(E556,-1,0)+MAX(1,COUNTIF(QCI!$A$13:$A$32,OFFSET(ORÇAMENTO!E556,-1,0))),OFFSET(E556,-1,0))","v":12},6,0,0,1,0,{"$f":"IF(OR($C556=\"S\",$C556=0),0,MATCH(OFFSET($D556,0,$C556)+IF($C556<>1,1,COUNTIF(QCI!$A$13:$A$32,ORÇAMENTO!E556)),OFFSET($D556,1,$C556,ROW($C$850)-ROW($C556)),0))","v":0},"F","Serviço","Serviço","12.6.1.","AMMOC","CM30","EXECUÇÃO DE IMPRIMAÇÃO COM ASFALTO DILUÍDO CM-30","M2",{"$f":"OFFSET(CÁLCULO!H$15,ROW($T556)-ROW(T$15),0)","v":48},7.48,"BDI 1",{"$f":"IF($C556=\"S\",ROUND(IF(TIPOORCAMENTO=\"Proposto\",ORÇAMENTO.CustoUnitario*(1+$AH556),ORÇAMENTO.PrecoUnitarioLicitado),15-13*$AF$10),0)","v":9.24},443.52,"RA","RA",{"$f":"IF($C556=\"S\",IF($Z556=\"CP\",$X556,IF($Z556=\"RA\",(($X556)*QCI!$AA$3),0)),SomaAgrup)","v":443.52},0,{"$f":"IF($N556=\"\",\"\",IF(ORÇAMENTO.Descricao=\"\",\"DESCRIÇÃO\",IF(AND($C556=\"S\",ORÇAMENTO.Unidade=\"\"),\"UNIDADE\",IF($X556<0,\"VALOR NEGATIVO\",IF(OR(AND(TIPOORCAMENTO=\"Proposto\",$AG556<>\"\",$AG556>0,ORÇAMENTO.CustoUnitario>$AG556),AND(TIPOORCAMENTO=\"LICITADO\",ORÇAMENTO.PrecoUnitarioLicitado>$AN556)),\"ACIMA REF.\",\"\")))))","v":""},{"$f":"IF(C556<=CRONO.NivelExibicao,MAX($AD$15:OFFSET(AD556,-1,0))+IF($C556<>1,1,MAX(1,COUNTIF(QCI!$A$13:$A$32,OFFSET($E556,-1,0)))),\"\")","v":""},{"$f":"IF(AND($C556=\"S\",ORÇAMENTO.CodBarra<>\"\"),IF(ORÇAMENTO.Fonte=\"\",ORÇAMENTO.CodBarra,CONCATENATE(ORÇAMENTO.Fonte,\" \",ORÇAMENTO.CodBarra)))","v":"AMMOC CM30"},{"$f":"IF(ISERROR(INDIRECT(ORÇAMENTO.BancoRef)),\"(abra o arquivo 'Referência \"&Excel_BuiltIn_Database&\".xls)\",IF(OR($C556<>\"S\",ORÇAMENTO.CodBarra=\"\"),\"(Sem Código)\",IF(ISERROR(MATCH($AE556,INDIRECT(ORÇAMENTO.BancoRef),0)),\"(Código não identificado nas referências)\",MATCH($AE556,INDIRECT(ORÇAMENTO.BancoRef),0))))","v":"(abra o arquivo 'Referência 06-2023.xls)"},{"$f":"ROUND(IF(DESONERACAO=\"sim\",REFERENCIA.Desonerado,REFERENCIA.NaoDesonerado),2)","v":0},0.23530000000000001,null,48,null,null,443.52,9.24]
["S",2,"S",0,{"$f":"IF($C557=1,OFFSET(E557,-1,0)+MAX(1,COUNTIF(QCI!$A$13:$A$32,OFFSET(ORÇAMENTO!E557,-1,0))),OFFSET(E557,-1,0))","v":12},6,0,0,2,0,{"$f":"IF(OR($C557=\"S\",$C557=0),0,MATCH(OFFSET($D557,0,$C557)+IF($C557<>1,1,COUNTIF(QCI!$A$13:$A$32,ORÇAMENTO!E557)),OFFSET($D557,1,$C557,ROW($C$850)-ROW($C557)),0))","v":0},"F","Serviço","Serviço","12.6.2.","SINAPI","102332","TRANSPORTE COM CAMINHÃO TANQUE DE MATERIAL ASFÁLTICO, DMT = 20 KM","TXKM",{"$f":"OFFSET(CÁLCULO!H$15,ROW($T557)-ROW(T$15),0)","v":0.96},1.64,"BDI 1",{"$f":"IF($C557=\"S\",ROUND(IF(TIPOORCAMENTO=\"Proposto\",ORÇAMENTO.CustoUnitario*(1+$AH557),ORÇAMENTO.PrecoUnitarioLicitado),15-13*$AF$10),0)","v":2.0299999999999998},1.95,"RA","RA",{"$f":"IF($C557=\"S\",IF($Z557=\"CP\",$X557,IF($Z557=\"RA\",(($X557)*QCI!$AA$3),0)),SomaAgrup)","v":1.95},0,{"$f":"IF($N557=\"\",\"\",IF(ORÇAMENTO.Descricao=\"\",\"DESCRIÇÃO\",IF(AND($C557=\"S\",ORÇAMENTO.Unidade=\"\"),\"UNIDADE\",IF($X557<0,\"VALOR NEGATIVO\",IF(OR(AND(TIPOORCAMENTO=\"Proposto\",$AG557<>\"\",$AG557>0,ORÇAMENTO.CustoUnitario>$AG557),AND(TIPOORCAMENTO=\"LICITADO\",ORÇAMENTO.PrecoUnitarioLicitado>$AN557)),\"ACIMA REF.\",\"\")))))","v":""},{"$f":"IF(C557<=CRONO.NivelExibicao,MAX($AD$15:OFFSET(AD557,-1,0))+IF($C557<>1,1,MAX(1,COUNTIF(QCI!$A$13:$A$32,OFFSET($E557,-1,0)))),\"\")","v":""},{"$f":"IF(AND($C557=\"S\",ORÇAMENTO.CodBarra<>\"\"),IF(ORÇAMENTO.Fonte=\"\",ORÇAMENTO.CodBarra,CONCATENATE(ORÇAMENTO.Fonte,\" \",ORÇAMENTO.CodBarra)))","v":"SINAPI 102332"},{"$f":"IF(ISERROR(INDIRECT(ORÇAMENTO.BancoRef)),\"(abra o arquivo 'Referência \"&Excel_BuiltIn_Database&\".xls)\",IF(OR($C557<>\"S\",ORÇAMENTO.CodBarra=\"\"),\"(Sem Código)\",IF(ISERROR(MATCH($AE557,INDIRECT(ORÇAMENTO.BancoRef),0)),\"(Código não identificado nas referências)\",MATCH($AE557,INDIRECT(ORÇAMENTO.BancoRef),0))))","v":"(abra o arquivo 'Referência 06-2023.xls)"},{"$f":"ROUND(IF(DESONERACAO=\"sim\",REFERENCIA.Desonerado,REFERENCIA.NaoDesonerado),2)","v":0},0.23530000000000001,null,{"$f":"AJ556*20/1000","v":0.96},null,null,1.95,2.0299999999999998]
["S",2,"S",0,{"$f":"IF($C558=1,OFFSET(E558,-1,0)+MAX(1,COUNTIF(QCI!$A$13:$A$32,OFFSET(ORÇAMENTO!E558,-1,0))),OFFSET(E558,-1,0))","v":12},6,0,0,3,0,{"$f":"IF(OR($C558=\"S\",$C558=0),0,MATCH(OFFSET($D558,0,$C558)+IF($C558<>1,1,COUNTIF(QCI!$A$13:$A$32,ORÇAMENTO!E558)),OFFSET($D558,1,$C558,ROW($C$850)-ROW($C558)),0))","v":0},"F","Serviço","Serviço","12.6.3.","AMMOC","RR-2C","PINTURA DE LIGAÇÃO COM EMULSÃO RR-2C","M2",{"$f":"OFFSET(CÁLCULO!H$15,ROW($T558)-ROW(T$15),0)","v":7761.52},2.54,"BDI 1",{"$f":"IF($C558=\"S\",ROUND(IF(TIPOORCAMENTO=\"Proposto\",ORÇAMENTO.CustoUnitario*(1+$AH558),ORÇAMENTO.PrecoUnitarioLicitado),15-13*$AF$10),0)","v":3.14},24371.17,"RA","RA",{"$f":"IF($C558=\"S\",IF($Z558=\"CP\",$X558,IF($Z558=\"RA\",(($X558)*QCI!$AA$3),0)),SomaAgrup)","v":24371.17},0,{"$f":"IF($N558=\"\",\"\",IF(ORÇAMENTO.Descricao=\"\",\"DESCRIÇÃO\",IF(AND($C558=\"S\",ORÇAMENTO.Unidade=\"\"),\"UNIDADE\",IF($X558<0,\"VALOR NEGATIVO\",IF(OR(AND(TIPOORCAMENTO=\"Proposto\",$AG558<>\"\",$AG558>0,ORÇAMENTO.CustoUnitario>$AG558),AND(TIPOORCAMENTO=\"LICITADO\",ORÇAMENTO.PrecoUnitarioLicitado>$AN558)),\"ACIMA REF.\",\"\")))))","v":""},{"$f":"IF(C558<=CRONO.NivelExibicao,MAX($AD$15:OFFSET(AD558,-1,0))+IF($C558<>1,1,MAX(1,COUNTIF(QCI!$A$13:$A$32,OFFSET($E558,-1,0)))),\"\")","v":""},{"$f":"IF(AND($C558=\"S\",ORÇAMENTO.CodBarra<>\"\"),IF(ORÇAMENTO.Fonte=\"\",ORÇAMENTO.CodBarra,CONCATENATE(ORÇAMENTO.Fonte,\" \",ORÇAMENTO.CodBarra)))","v":"AMMOC RR-2C"},{"$f":"IF(ISERROR(INDIRECT(ORÇAMENTO.BancoRef)),\"(abra o arquivo 'Referência \"&Excel_BuiltIn_Database&\".xls)\",IF(OR($C558<>\"S\",ORÇAMENTO.CodBarra=\"\"),\"(Sem Código)\",IF(ISERROR(MATCH($AE558,INDIRECT(ORÇAMENTO.BancoRef),0)),\"(Código não identificado nas referências)\",MATCH($AE558,INDIRECT(ORÇAMENTO.BancoRef),0))))","v":"(abra o arquivo 'Referência 06-2023.xls)"},{"$f":"ROUND(IF(DESONERACAO=\"sim\",REFERENCIA.Desonerado,REFERENCIA.NaoDesonerado),2)","v":0},0.23530000000000001,null,{"$f":"(3773.37+3988.15)","v":7761.52},null,null,24371.17,3.14]
["S",2,"S",0,{"$f":"IF($C559=1,OFFSET(E559,-1,0)+MAX(1,COUNTIF(QCI!$A$13:$A$32,OFFSET(ORÇAMENTO!E559,-1,0))),OFFSET(E559,-1,0))","v":12},6,0,0,4,0,{"$f":"IF(OR($C559=\"S\",$C559=0),0,MATCH(OFFSET($D559,0,$C559)+IF($C559<>1,1,COUNTIF(QCI!$A$13:$A$32,ORÇAMENTO!E559)),OFFSET($D559,1,$C559,ROW($C$850)-ROW($C559)),0))","v":0},"F","Serviço","Serviço","12.6.4.","SINAPI","102332","TRANSPORTE COM CAMINHÃO TANQUE DE MATERIAL ASFÁLTICO, DMT = 20 KM","TXKM",{"$f":"OFFSET(CÁLCULO!H$15,ROW($T559)-ROW(T$15),0)","v":155.22999999999999},1.64,"BDI 1",{"$f":"IF($C559=\"S\",ROUND(IF(TIPOORCAMENTO=\"Proposto\",ORÇAMENTO.CustoUnitario*(1+$AH559),ORÇAMENTO.PrecoUnitarioLicitado),15-13*$AF$10),0)","v":2.0299999999999998},315.12,"RA","RA",{"$f":"IF($C559=\"S\",IF($Z559=\"CP\",$X559,IF($Z559=\"RA\",(($X559)*QCI!$AA$3),0)),SomaAgrup)","v":315.12},0,{"$f":"IF($N559=\"\",\"\",IF(ORÇAMENTO.Descricao=\"\",\"DESCRIÇÃO\",IF(AND($C559=\"S\",ORÇAMENTO.Unidade=\"\"),\"UNIDADE\",IF($X559<0,\"VALOR NEGATIVO\",IF(OR(AND(TIPOORCAMENTO=\"Proposto\",$AG559<>\"\",$AG559>0,ORÇAMENTO.CustoUnitario>$AG559),AND(TIPOORCAMENTO=\"LICITADO\",ORÇAMENTO.PrecoUnitarioLicitado>$AN559)),\"ACIMA REF.\",\"\")))))","v":""},{"$f":"IF(C559<=CRONO.NivelExibicao,MAX($AD$15:OFFSET(AD559,-1,0))+IF($C559<>1,1,MAX(1,COUNTIF(QCI!$A$13:$A$32,OFFSET($E559,-1,0)))),\"\")","v":""},{"$f":"IF(AND($C559=\"S\",ORÇAMENTO.CodBarra<>\"\"),IF(ORÇAMENTO.Fonte=\"\",ORÇAMENTO.CodBarra,CONCATENATE(ORÇAMENTO.Fonte,\" \",ORÇAMENTO.CodBarra)))","v":"SINAPI 102332"},{"$f":"IF(ISERROR(INDIRECT(ORÇAMENTO.BancoRef)),\"(abra o arquivo 'Referência \"&Excel_BuiltIn_Database&\".xls)\",IF(OR($C559<>\"S\",ORÇAMENTO.CodBarra=\"\"),\"(Sem Código)\",IF(ISERROR(MATCH($AE559,INDIRECT(ORÇAMENTO.BancoRef),0)),\"(Código não identificado nas referências)\",MATCH($AE559,INDIRECT(ORÇAMENTO.BancoRef),0))))","v":"(abra o arquivo 'Referência 06-2023.xls)"},{"$f":"ROUND(IF(DESONERACAO=\"sim\",REFERENCIA.Desonerado,REFERENCIA.NaoDesonerado),2)","v":0},0.23530000000000001,null,{"$f":"AJ558*20/1000","v":155.23040000000003},null,null,315.12,2.0299999999999998]
["S",2,"S",0,{"$f":"IF($C560=1,OFFSET(E560,-1,0)+MAX(1,COUNTIF(QCI!$A$13:$A$32,OFFSET(ORÇAMENTO!E560,-1,0))),OFFSET(E560,-1,0))","v":12},6,0,0,5,0,{"$f":"IF(OR($C560=\"S\",$C560=0),0,MATCH(OFFSET($D560,0,$C560)+IF($C560<>1,1,COUNTIF(QCI!$A$13:$A$32,ORÇAMENTO!E560)),OFFSET($D560,1,$C560,ROW($C$850)-ROW($C560)),0))","v":0},"F","Serviço","Serviço","12.6.5.","AMMOC","PAVASF","EXECUÇÃO DE PAVIMENTO COM APLICAÇÃO DE CONCRETO ASFÁLTICO, CAMADA DE ROLAMENTO - EXCLUSIVE CARGA E TRANSPORTE. AF_11/2019","M3",{"$f":"OFFSET(CÁLCULO!H$15,ROW($T560)-ROW(T$15),0)","v":308.31},1198.32,"BDI 1",{"$f":"IF($C560=\"S\",ROUND(IF(TIPOORCAMENTO=\"Proposto\",ORÇAMENTO.CustoUnitario*(1+$AH560),ORÇAMENTO.PrecoUnitarioLicitado),15-13*$AF$10),0)","v":1480.28},456385.13,"RA","RA",{"$f":"IF($C560=\"S\",IF($Z560=\"CP\",$X560,IF($Z560=\"RA\",(($X560)*QCI!$AA$3),0)),SomaAgrup)","v":456385.13},0,{"$f":"IF($N560=\"\",\"\",IF(ORÇAMENTO.Descricao=\"\",\"DESCRIÇÃO\",IF(AND($C560=\"S\",ORÇAMENTO.Unidade=\"\"),\"UNIDADE\",IF($X560<0,\"VALOR NEGATIVO\",IF(OR(AND(TIPOORCAMENTO=\"Proposto\",$AG560<>\"\",$AG560>0,ORÇAMENTO.CustoUnitario>$AG560),AND(TIPOORCAMENTO=\"LICITADO\",ORÇAMENTO.PrecoUnitarioLicitado>$AN560)),\"ACIMA REF.\",\"\")))))","v":""},{"$f":"IF(C560<=CRONO.NivelExibicao,MAX($AD$15:OFFSET(AD560,-1,0))+IF($C560<>1,1,MAX(1,COUNTIF(QCI!$A$13:$A$32,OFFSET($E560,-1,0)))),\"\")","v":""},{"$f":"IF(AND($C560=\"S\",ORÇAMENTO.CodBarra<>\"\"),IF(ORÇAMENTO.Fonte=\"\",ORÇAMENTO.CodBarra,CONCATENATE(ORÇAMENTO.Fonte,\" \",ORÇAMENTO.CodBarra)))","v":"AMMOC PAVASF"},{"$f":"IF(ISERROR(INDIRECT(ORÇAMENTO.BancoRef)),\"(abra o arquivo 'Referência \"&Excel_BuiltIn_Database&\".xls)\",IF(OR($C560<>\"S\",ORÇAMENTO.CodBarra=\"\"),\"(Sem Código)\",IF(ISERROR(MATCH($AE560,INDIRECT(ORÇAMENTO.BancoRef),0)),\"(Código não identificado nas referências)\",MATCH($AE560,INDIRECT(ORÇAMENTO.BancoRef),0))))","v":"(abra o arquivo 'Referência 06-2023.xls)"},{"$f":"ROUND(IF(DESONERACAO=\"sim\",REFERENCIA.Desonerado,REFERENCIA.NaoDesonerado),2)","v":0},0.23530000000000001,null,{"$f":"(3988.15*0.03)+(3773.37*0.05)","v":308.31299999999999},null,null,456385.13,1480.28]
["S",2,"S",0,{"$f":"IF($C561=1,OFFSET(E561,-1,0)+MAX(1,COUNTIF(QCI!$A$13:$A$32,OFFSET(ORÇAMENTO!E561,-1,0))),OFFSET(E561,-1,0))","v":12},6,0,0,6,0,{"$f":"IF(OR($C561=\"S\",$C561=0),0,MATCH(OFFSET($D561,0,$C561)+IF($C561<>1,1,COUNTIF(QCI!$A$13:$A$32,ORÇAMENTO!E561)),OFFSET($D561,1,$C561,ROW($C$850)-ROW($C561)),0))","v":0},"F","Serviço","Serviço","12.6.6.","SINAPI","100986","CARGA DE MISTURA ASFÁLTICA EM CAMINHÃO BASCULANTE","M3",{"$f":"OFFSET(CÁLCULO!H$15,ROW($T561)-ROW(T$15),0)","v":308.31},8.19,"BDI 1",{"$f":"IF($C561=\"S\",ROUND(IF(TIPOORCAMENTO=\"Proposto\",ORÇAMENTO.CustoUnitario*(1+$AH561),ORÇAMENTO.PrecoUnitarioLicitado),15-13*$AF$10),0)","v":10.119999999999999},3120.1,"RA","RA",{"$f":"IF($C561=\"S\",IF($Z561=\"CP\",$X561,IF($Z561=\"RA\",(($X561)*QCI!$AA$3),0)),SomaAgrup)","v":3120.1},0,{"$f":"IF($N561=\"\",\"\",IF(ORÇAMENTO.Descricao=\"\",\"DESCRIÇÃO\",IF(AND($C561=\"S\",ORÇAMENTO.Unidade=\"\"),\"UNIDADE\",IF($X561<0,\"VALOR NEGATIVO\",IF(OR(AND(TIPOORCAMENTO=\"Proposto\",$AG561<>\"\",$AG561>0,ORÇAMENTO.CustoUnitario>$AG561),AND(TIPOORCAMENTO=\"LICITADO\",ORÇAMENTO.PrecoUnitarioLicitado>$AN561)),\"ACIMA REF.\",\"\")))))","v":""},{"$f":"IF(C561<=CRONO.NivelExibicao,MAX($AD$15:OFFSET(AD561,-1,0))+IF($C561<>1,1,MAX(1,COUNTIF(QCI!$A$13:$A$32,OFFSET($E561,-1,0)))),\"\")","v":""},{"$f":"IF(AND($C561=\"S\",ORÇAMENTO.CodBarra<>\"\"),IF(ORÇAMENTO.Fonte=\"\",ORÇAMENTO.CodBarra,CONCATENATE(ORÇAMENTO.Fonte,\" \",ORÇAMENTO.CodBarra)))","v":"SINAPI 100986"},{"$f":"IF(ISERROR(INDIRECT(ORÇAMENTO.BancoRef)),\"(abra o arquivo 'Referência \"&Excel_BuiltIn_Database&\".xls)\",IF(OR($C561<>\"S\",ORÇAMENTO.CodBarra=\"\"),\"(Sem Código)\",IF(ISERROR(MATCH($AE561,INDIRECT(ORÇAMENTO.BancoRef),0)),\"(Código não identificado nas referências)\",MATCH($AE561,INDIRECT(ORÇAMENTO.BancoRef),0))))","v":"(abra o arquivo 'Referência 06-2023.xls)"},{"$f":"ROUND(IF(DESONERACAO=\"sim\",REFERENCIA.Desonerado,REFERENCIA.NaoDesonerado),2)","v":0},0.23530000000000001,null,{"$f":"AJ560","v":308.31299999999999},null,null,3120.1,10.119999999999999]
["S",2,"S",0,{"$f":"IF($C562=1,OFFSET(E562,-1,0)+MAX(1,COUNTIF(QCI!$A$13:$A$32,OFFSET(ORÇAMENTO!E562,-1,0))),OFFSET(E562,-1,0))","v":12},6,0,0,7,0,{"$f":"IF(OR($C562=\"S\",$C562=0),0,MATCH(OFFSET($D562,0,$C562)+IF($C562<>1,1,COUNTIF(QCI!$A$13:$A$32,ORÇAMENTO!E562)),OFFSET($D562,1,$C562,ROW($C$850)-ROW($C562)),0))","v":0},"F","Serviço","Serviço","12.6.7.","SINAPI","95303","TRANSPORTE COM CAMINHÃO BASCULANTE DE MASSA ASFALTICA PARA PAVIMENTAÇÃO URBANA, DMT = 20 KM","M3XKM",{"$f":"OFFSET(CÁLCULO!H$15,ROW($T562)-ROW(T$15),0)","v":6166.26},1.41,"BDI 1",{"$f":"IF($C562=\"S\",ROUND(IF(TIPOORCAMENTO=\"Proposto\",ORÇAMENTO.CustoUnitario*(1+$AH562),ORÇAMENTO.PrecoUnitarioLicitado),15-13*$AF$10),0)","v":1.74},10729.29,"RA","RA",{"$f":"IF($C562=\"S\",IF($Z562=\"CP\",$X562,IF($Z562=\"RA\",(($X562)*QCI!$AA$3),0)),SomaAgrup)","v":10729.29},0,{"$f":"IF($N562=\"\",\"\",IF(ORÇAMENTO.Descricao=\"\",\"DESCRIÇÃO\",IF(AND($C562=\"S\",ORÇAMENTO.Unidade=\"\"),\"UNIDADE\",IF($X562<0,\"VALOR NEGATIVO\",IF(OR(AND(TIPOORCAMENTO=\"Proposto\",$AG562<>\"\",$AG562>0,ORÇAMENTO.CustoUnitario>$AG562),AND(TIPOORCAMENTO=\"LICITADO\",ORÇAMENTO.PrecoUnitarioLicitado>$AN562)),\"ACIMA REF.\",\"\")))))","v":""},{"$f":"IF(C562<=CRONO.NivelExibicao,MAX($AD$15:OFFSET(AD562,-1,0))+IF($C562<>1,1,MAX(1,COUNTIF(QCI!$A$13:$A$32,OFFSET($E562,-1,0)))),\"\")","v":""},{"$f":"IF(AND($C562=\"S\",ORÇAMENTO.CodBarra<>\"\"),IF(ORÇAMENTO.Fonte=\"\",ORÇAMENTO.CodBarra,CONCATENATE(ORÇAMENTO.Fonte,\" \",ORÇAMENTO.CodBarra)))","v":"SINAPI 95303"},{"$f":"IF(ISERROR(INDIRECT(ORÇAMENTO.BancoRef)),\"(abra o arquivo 'Referência \"&Excel_BuiltIn_Database&\".xls)\",IF(OR($C562<>\"S\",ORÇAMENTO.CodBarra=\"\"),\"(Sem Código)\",IF(ISERROR(MATCH($AE562,INDIRECT(ORÇAMENTO.BancoRef),0)),\"(Código não identificado nas referências)\",MATCH($AE562,INDIRECT(ORÇAMENTO.BancoRef),0))))","v":"(abra o arquivo 'Referência 06-2023.xls)"},{"$f":"ROUND(IF(DESONERACAO=\"sim\",REFERENCIA.Desonerado,REFERENCIA.NaoDesonerado),2)","v":0},0.23530000000000001,null,{"$f":"AJ561*20","v":6166.26},null,null,10729.29,1.74]
[2,2,2,2,{"$f":"IF($C563=1,OFFSET(E563,-1,0)+MAX(1,COUNTIF(QCI!$A$13:$A$32,OFFSET(ORÇAMENTO!E563,-1,0))),OFFSET(E563,-1,0))","v":12},7,0,0,0,25,{"$f":"IF(OR($C563=\"S\",$C563=0),0,MATCH(OFFSET($D563,0,$C563)+IF($C563<>1,1,COUNTIF(QCI!$A$13:$A$32,ORÇAMENTO!E563)),OFFSET($D563,1,$C563,ROW($C$850)-ROW($C563)),0))","v":2},"F","Nível 2","Nível 2","12.7.","SINAPI",null,"MEIO-FIO","-",{"$f":"OFFSET(CÁLCULO!H$15,ROW($T563)-ROW(T$15),0)","v":0},0,"BDI 1",{"$f":"IF($C563=\"S\",ROUND(IF(TIPOORCAMENTO=\"Proposto\",ORÇAMENTO.CustoUnitario*(1+$AH563),ORÇAMENTO.PrecoUnitarioLicitado),15-13*$AF$10),0)","v":0},12535.47,"RA","",{"$f":"IF($C563=\"S\",IF($Z563=\"CP\",$X563,IF($Z563=\"RA\",(($X563)*QCI!$AA$3),0)),SomaAgrup)","v":12535.47},0,{"$f":"IF($N563=\"\",\"\",IF(ORÇAMENTO.Descricao=\"\",\"DESCRIÇÃO\",IF(AND($C563=\"S\",ORÇAMENTO.Unidade=\"\"),\"UNIDADE\",IF($X563<0,\"VALOR NEGATIVO\",IF(OR(AND(TIPOORCAMENTO=\"Proposto\",$AG563<>\"\",$AG563>0,ORÇAMENTO.CustoUnitario>$AG563),AND(TIPOORCAMENTO=\"LICITADO\",ORÇAMENTO.PrecoUnitarioLicitado>$AN563)),\"ACIMA REF.\",\"\")))))","v":""},{"$f":"IF(C563<=CRONO.NivelExibicao,MAX($AD$15:OFFSET(AD563,-1,0))+IF($C563<>1,1,MAX(1,COUNTIF(QCI!$A$13:$A$32,OFFSET($E563,-1,0)))),\"\")","v":""},{"$f":"IF(AND($C563=\"S\",ORÇAMENTO.CodBarra<>\"\"),IF(ORÇAMENTO.Fonte=\"\",ORÇAMENTO.CodBarra,CONCATENATE(ORÇAMENTO.Fonte,\" \",ORÇAMENTO.CodBarra)))","v":false},{"$f":"IF(ISERROR(INDIRECT(ORÇAMENTO.BancoRef)),\"(abra o arquivo 'Referência \"&Excel_BuiltIn_Database&\".xls)\",IF(OR($C563<>\"S\",ORÇAMENTO.CodBarra=\"\"),\"(Sem Código)\",IF(ISERROR(MATCH($AE563,INDIRECT(ORÇAMENTO.BancoRef),0)),\"(Código não identificado nas referências)\",MATCH($AE563,INDIRECT(ORÇAMENTO.BancoRef),0))))","v":"(abra o arquivo 'Referência 06-2023.xls)"},{"$f":"ROUND(IF(DESONERACAO=\"sim\",REFERENCIA.Desonerado,REFERENCIA.NaoDesonerado),2)","v":0},0.23530000000000001,null,null,null,null,12535.47,0]
["S",2,"S",0,{"$f":"IF($C564=1,OFFSET(E564,-1,0)+MAX(1,COUNTIF(QCI!$A$13:$A$32,OFFSET(ORÇAMENTO!E564,-1,0))),OFFSET(E564,-1,0))","v":12},7,0,0,1,0,{"$f":"IF(OR($C564=\"S\",$C564=0),0,MATCH(OFFSET($D564,0,$C564)+IF($C564<>1,1,COUNTIF(QCI!$A$13:$A$32,ORÇAMENTO!E564)),OFFSET($D564,1,$C564,ROW($C$850)-ROW($C564)),0))","v":0},"F","Serviço","Serviço","12.7.1.","SINAPI","94263","GUIA (MEIO-FIO) CONCRETO, MOLDADA  IN LOCO COM EXTRUSORA, 13 CM BASE X 22 CM ALTURA.","M",{"$f":"OFFSET(CÁLCULO!H$15,ROW($T564)-ROW(T$15),0)","v":279},36.369999999999997,"BDI 1",{"$f":"IF($C564=\"S\",ROUND(IF(TIPOORCAMENTO=\"Proposto\",ORÇAMENTO.CustoUnitario*(1+$AH564),ORÇAMENTO.PrecoUnitarioLicitado),15-13*$AF$10),0)","v":44.93},12535.47,"RA","RA",{"$f":"IF($C564=\"S\",IF($Z564=\"CP\",$X564,IF($Z564=\"RA\",(($X564)*QCI!$AA$3),0)),SomaAgrup)","v":12535.47},0,{"$f":"IF($N564=\"\",\"\",IF(ORÇAMENTO.Descricao=\"\",\"DESCRIÇÃO\",IF(AND($C564=\"S\",ORÇAMENTO.Unidade=\"\"),\"UNIDADE\",IF($X564<0,\"VALOR NEGATIVO\",IF(OR(AND(TIPOORCAMENTO=\"Proposto\",$AG564<>\"\",$AG564>0,ORÇAMENTO.CustoUnitario>$AG564),AND(TIPOORCAMENTO=\"LICITADO\",ORÇAMENTO.PrecoUnitarioLicitado>$AN564)),\"ACIMA REF.\",\"\")))))","v":""},{"$f":"IF(C564<=CRONO.NivelExibicao,MAX($AD$15:OFFSET(AD564,-1,0))+IF($C564<>1,1,MAX(1,COUNTIF(QCI!$A$13:$A$32,OFFSET($E564,-1,0)))),\"\")","v":""},{"$f":"IF(AND($C564=\"S\",ORÇAMENTO.CodBarra<>\"\"),IF(ORÇAMENTO.Fonte=\"\",ORÇAMENTO.CodBarra,CONCATENATE(ORÇAMENTO.Fonte,\" \",ORÇAMENTO.CodBarra)))","v":"SINAPI 94263"},{"$f":"IF(ISERROR(INDIRECT(ORÇAMENTO.BancoRef)),\"(abra o arquivo 'Referência \"&Excel_BuiltIn_Database&\".xls)\",IF(OR($C564<>\"S\",ORÇAMENTO.CodBarra=\"\"),\"(Sem Código)\",IF(ISERROR(MATCH($AE564,INDIRECT(ORÇAMENTO.BancoRef),0)),\"(Código não identificado nas referências)\",MATCH($AE564,INDIRECT(ORÇAMENTO.BancoRef),0))))","v":"(abra o arquivo 'Referência 06-2023.xls)"},{"$f":"ROUND(IF(DESONERACAO=\"sim\",REFERENCIA.Desonerado,REFERENCIA.NaoDesonerado),2)","v":0},0.23530000000000001,null,279,null,null,12535.47,44.93]
[2,2,2,6,{"$f":"IF($C565=1,OFFSET(E565,-1,0)+MAX(1,COUNTIF(QCI!$A$13:$A$32,OFFSET(ORÇAMENTO!E565,-1,0))),OFFSET(E565,-1,0))","v":12},8,0,0,0,23,{"$f":"IF(OR($C565=\"S\",$C565=0),0,MATCH(OFFSET($D565,0,$C565)+IF($C565<>1,1,COUNTIF(QCI!$A$13:$A$32,ORÇAMENTO!E565)),OFFSET($D565,1,$C565,ROW($C$850)-ROW($C565)),0))","v":6},"F","Nível 2","Nível 2","12.8.","SINAPI",null,"FAIXA ELEVADA","-",{"$f":"OFFSET(CÁLCULO!H$15,ROW($T565)-ROW(T$15),0)","v":0},0,"BDI 1",{"$f":"IF($C565=\"S\",ROUND(IF(TIPOORCAMENTO=\"Proposto\",ORÇAMENTO.CustoUnitario*(1+$AH565),ORÇAMENTO.PrecoUnitarioLicitado),15-13*$AF$10),0)","v":0},11431.2,"RA","",{"$f":"IF($C565=\"S\",IF($Z565=\"CP\",$X565,IF($Z565=\"RA\",(($X565)*QCI!$AA$3),0)),SomaAgrup)","v":11431.199999999999},0,{"$f":"IF($N565=\"\",\"\",IF(ORÇAMENTO.Descricao=\"\",\"DESCRIÇÃO\",IF(AND($C565=\"S\",ORÇAMENTO.Unidade=\"\"),\"UNIDADE\",IF($X565<0,\"VALOR NEGATIVO\",IF(OR(AND(TIPOORCAMENTO=\"Proposto\",$AG565<>\"\",$AG565>0,ORÇAMENTO.CustoUnitario>$AG565),AND(TIPOORCAMENTO=\"LICITADO\",ORÇAMENTO.PrecoUnitarioLicitado>$AN565)),\"ACIMA REF.\",\"\")))))","v":""},{"$f":"IF(C565<=CRONO.NivelExibicao,MAX($AD$15:OFFSET(AD565,-1,0))+IF($C565<>1,1,MAX(1,COUNTIF(QCI!$A$13:$A$32,OFFSET($E565,-1,0)))),\"\")","v":""},{"$f":"IF(AND($C565=\"S\",ORÇAMENTO.CodBarra<>\"\"),IF(ORÇAMENTO.Fonte=\"\",ORÇAMENTO.CodBarra,CONCATENATE(ORÇAMENTO.Fonte,\" \",ORÇAMENTO.CodBarra)))","v":false},{"$f":"IF(ISERROR(INDIRECT(ORÇAMENTO.BancoRef)),\"(abra o arquivo 'Referência \"&Excel_BuiltIn_Database&\".xls)\",IF(OR($C565<>\"S\",ORÇAMENTO.CodBarra=\"\"),\"(Sem Código)\",IF(ISERROR(MATCH($AE565,INDIRECT(ORÇAMENTO.BancoRef),0)),\"(Código não identificado nas referências)\",MATCH($AE565,INDIRECT(ORÇAMENTO.BancoRef),0))))","v":"(abra o arquivo 'Referência 06-2023.xls)"},{"$f":"ROUND(IF(DESONERACAO=\"sim\",REFERENCIA.Desonerado,REFERENCIA.NaoDesonerado),2)","v":0},0.23530000000000001,null,null,null,null,11431.2,0]
["S",2,"S",0,{"$f":"IF($C566=1,OFFSET(E566,-1,0)+MAX(1,COUNTIF(QCI!$A$13:$A$32,OFFSET(ORÇAMENTO!E566,-1,0))),OFFSET(E566,-1,0))","v":12},8,0,0,1,0,{"$f":"IF(OR($C566=\"S\",$C566=0),0,MATCH(OFFSET($D566,0,$C566)+IF($C566<>1,1,COUNTIF(QCI!$A$13:$A$32,ORÇAMENTO!E566)),OFFSET($D566,1,$C566,ROW($C$850)-ROW($C566)),0))","v":0},"F","Serviço","Serviço","12.8.1.","AMMOC","RR-2C","PINTURA DE LIGAÇÃO COM EMULSÃO RR-2C","M2",{"$f":"OFFSET(CÁLCULO!H$15,ROW($T566)-ROW(T$15),0)","v":45.5},2.54,"BDI 1",{"$f":"IF($C566=\"S\",ROUND(IF(TIPOORCAMENTO=\"Proposto\",ORÇAMENTO.CustoUnitario*(1+$AH566),ORÇAMENTO.PrecoUnitarioLicitado),15-13*$AF$10),0)","v":3.14},142.87,"RA","RA",{"$f":"IF($C566=\"S\",IF($Z566=\"CP\",$X566,IF($Z566=\"RA\",(($X566)*QCI!$AA$3),0)),SomaAgrup)","v":142.87},0,{"$f":"IF($N566=\"\",\"\",IF(ORÇAMENTO.Descricao=\"\",\"DESCRIÇÃO\",IF(AND($C566=\"S\",ORÇAMENTO.Unidade=\"\"),\"UNIDADE\",IF($X566<0,\"VALOR NEGATIVO\",IF(OR(AND(TIPOORCAMENTO=\"Proposto\",$AG566<>\"\",$AG566>0,ORÇAMENTO.CustoUnitario>$AG566),AND(TIPOORCAMENTO=\"LICITADO\",ORÇAMENTO.PrecoUnitarioLicitado>$AN566)),\"ACIMA REF.\",\"\")))))","v":""},{"$f":"IF(C566<=CRONO.NivelExibicao,MAX($AD$15:OFFSET(AD566,-1,0))+IF($C566<>1,1,MAX(1,COUNTIF(QCI!$A$13:$A$32,OFFSET($E566,-1,0)))),\"\")","v":""},{"$f":"IF(AND($C566=\"S\",ORÇAMENTO.CodBarra<>\"\"),IF(ORÇAMENTO.Fonte=\"\",ORÇAMENTO.CodBarra,CONCATENATE(ORÇAMENTO.Fonte,\" \",ORÇAMENTO.CodBarra)))","v":"AMMOC RR-2C"},{"$f":"IF(ISERROR(INDIRECT(ORÇAMENTO.BancoRef)),\"(abra o arquivo 'Referência \"&Excel_BuiltIn_Database&\".xls)\",IF(OR($C566<>\"S\",ORÇAMENTO.CodBarra=\"\"),\"(Sem Código)\",IF(ISERROR(MATCH($AE566,INDIRECT(ORÇAMENTO.BancoRef),0)),\"(Código não identificado nas referências)\",MATCH($AE566,INDIRECT(ORÇAMENTO.BancoRef),0))))","v":"(abra o arquivo 'Referência 06-2023.xls)"},{"$f":"ROUND(IF(DESONERACAO=\"sim\",REFERENCIA.Desonerado,REFERENCIA.NaoDesonerado),2)","v":0},0.23530000000000001,null,{"$f":"6.5*7","v":45.5},null,null,142.87,3.14]
["S",2,"S",0,{"$f":"IF($C567=1,OFFSET(E567,-1,0)+MAX(1,COUNTIF(QCI!$A$13:$A$32,OFFSET(ORÇAMENTO!E567,-1,0))),OFFSET(E567,-1,0))","v":12},8,0,0,2,0,{"$f":"IF(OR($C567=\"S\",$C567=0),0,MATCH(OFFSET($D567,0,$C567)+IF($C567<>1,1,COUNTIF(QCI!$A$13:$A$32,ORÇAMENTO!E567)),OFFSET($D567,1,$C567,ROW($C$850)-ROW($C567)),0))","v":0},"F","Serviço","Serviço","12.8.2.","SINAPI","102332","TRANSPORTE COM CAMINHÃO TANQUE DE MATERIAL ASFÁLTICO, DMT = 20 KM","TXKM",{"$f":"OFFSET(CÁLCULO!H$15,ROW($T567)-ROW(T$15),0)","v":0.91},1.64,"BDI 1",{"$f":"IF($C567=\"S\",ROUND(IF(TIPOORCAMENTO=\"Proposto\",ORÇAMENTO.CustoUnitario*(1+$AH567),ORÇAMENTO.PrecoUnitarioLicitado),15-13*$AF$10),0)","v":2.0299999999999998},1.85,"RA","RA",{"$f":"IF($C567=\"S\",IF($Z567=\"CP\",$X567,IF($Z567=\"RA\",(($X567)*QCI!$AA$3),0)),SomaAgrup)","v":1.85},0,{"$f":"IF($N567=\"\",\"\",IF(ORÇAMENTO.Descricao=\"\",\"DESCRIÇÃO\",IF(AND($C567=\"S\",ORÇAMENTO.Unidade=\"\"),\"UNIDADE\",IF($X567<0,\"VALOR NEGATIVO\",IF(OR(AND(TIPOORCAMENTO=\"Proposto\",$AG567<>\"\",$AG567>0,ORÇAMENTO.CustoUnitario>$AG567),AND(TIPOORCAMENTO=\"LICITADO\",ORÇAMENTO.PrecoUnitarioLicitado>$AN567)),\"ACIMA REF.\",\"\")))))","v":""},{"$f":"IF(C567<=CRONO.NivelExibicao,MAX($AD$15:OFFSET(AD567,-1,0))+IF($C567<>1,1,MAX(1,COUNTIF(QCI!$A$13:$A$32,OFFSET($E567,-1,0)))),\"\")","v":""},{"$f":"IF(AND($C567=\"S\",ORÇAMENTO.CodBarra<>\"\"),IF(ORÇAMENTO.Fonte=\"\",ORÇAMENTO.CodBarra,CONCATENATE(ORÇAMENTO.Fonte,\" \",ORÇAMENTO.CodBarra)))","v":"SINAPI 102332"},{"$f":"IF(ISERROR(INDIRECT(ORÇAMENTO.BancoRef)),\"(abra o arquivo 'Referência \"&Excel_BuiltIn_Database&\".xls)\",IF(OR($C567<>\"S\",ORÇAMENTO.CodBarra=\"\"),\"(Sem Código)\",IF(ISERROR(MATCH($AE567,INDIRECT(ORÇAMENTO.BancoRef),0)),\"(Código não identificado nas referências)\",MATCH($AE567,INDIRECT(ORÇAMENTO.BancoRef),0))))","v":"(abra o arquivo 'Referência 06-2023.xls)"},{"$f":"ROUND(IF(DESONERACAO=\"sim\",REFERENCIA.Desonerado,REFERENCIA.NaoDesonerado),2)","v":0},0.23530000000000001,null,{"$f":"AJ566*20/1000","v":0.91},null,null,1.85,2.0299999999999998]
["S",2,"S",0,{"$f":"IF($C568=1,OFFSET(E568,-1,0)+MAX(1,COUNTIF(QCI!$A$13:$A$32,OFFSET(ORÇAMENTO!E568,-1,0))),OFFSET(E568,-1,0))","v":12},8,0,0,3,0,{"$f":"IF(OR($C568=\"S\",$C568=0),0,MATCH(OFFSET($D568,0,$C568)+IF($C568<>1,1,COUNTIF(QCI!$A$13:$A$32,ORÇAMENTO!E568)),OFFSET($D568,1,$C568,ROW($C$850)-ROW($C568)),0))","v":0},"F","Serviço","Serviço","12.8.3.","AMMOC","PAVASF","EXECUÇÃO DE LOMBADACOM APLICAÇÃO DE CONCRETO ASFÁLTICO, CAMADA DE ROLAMENTO - EXCLUSIVE CARGA E TRANSPORTE. AF_11/2019","M3",{"$f":"OFFSET(CÁLCULO!H$15,ROW($T568)-ROW(T$15),0)","v":7.4},1198.32,"BDI 1",{"$f":"IF($C568=\"S\",ROUND(IF(TIPOORCAMENTO=\"Proposto\",ORÇAMENTO.CustoUnitario*(1+$AH568),ORÇAMENTO.PrecoUnitarioLicitado),15-13*$AF$10),0)","v":1480.28},10954.07,"RA","RA",{"$f":"IF($C568=\"S\",IF($Z568=\"CP\",$X568,IF($Z568=\"RA\",(($X568)*QCI!$AA$3),0)),SomaAgrup)","v":10954.07},0,{"$f":"IF($N568=\"\",\"\",IF(ORÇAMENTO.Descricao=\"\",\"DESCRIÇÃO\",IF(AND($C568=\"S\",ORÇAMENTO.Unidade=\"\"),\"UNIDADE\",IF($X568<0,\"VALOR NEGATIVO\",IF(OR(AND(TIPOORCAMENTO=\"Proposto\",$AG568<>\"\",$AG568>0,ORÇAMENTO.CustoUnitario>$AG568),AND(TIPOORCAMENTO=\"LICITADO\",ORÇAMENTO.PrecoUnitarioLicitado>$AN568)),\"ACIMA REF.\",\"\")))))","v":""},{"$f":"IF(C568<=CRONO.NivelExibicao,MAX($AD$15:OFFSET(AD568,-1,0))+IF($C568<>1,1,MAX(1,COUNTIF(QCI!$A$13:$A$32,OFFSET($E568,-1,0)))),\"\")","v":""},{"$f":"IF(AND($C568=\"S\",ORÇAMENTO.CodBarra<>\"\"),IF(ORÇAMENTO.Fonte=\"\",ORÇAMENTO.CodBarra,CONCATENATE(ORÇAMENTO.Fonte,\" \",ORÇAMENTO.CodBarra)))","v":"AMMOC PAVASF"},{"$f":"IF(ISERROR(INDIRECT(ORÇAMENTO.BancoRef)),\"(abra o arquivo 'Referência \"&Excel_BuiltIn_Database&\".xls)\",IF(OR($C568<>\"S\",ORÇAMENTO.CodBarra=\"\"),\"(Sem Código)\",IF(ISERROR(MATCH($AE568,INDIRECT(ORÇAMENTO.BancoRef),0)),\"(Código não identificado nas referências)\",MATCH($AE568,INDIRECT(ORÇAMENTO.BancoRef),0))))","v":"(abra o arquivo 'Referência 06-2023.xls)"},{"$f":"ROUND(IF(DESONERACAO=\"sim\",REFERENCIA.Desonerado,REFERENCIA.NaoDesonerado),2)","v":0},0.23530000000000001,null,7.4,null,null,10954.07,1480.28]
["S",2,"S",0,{"$f":"IF($C569=1,OFFSET(E569,-1,0)+MAX(1,COUNTIF(QCI!$A$13:$A$32,OFFSET(ORÇAMENTO!E569,-1,0))),OFFSET(E569,-1,0))","v":12},8,0,0,4,0,{"$f":"IF(OR($C569=\"S\",$C569=0),0,MATCH(OFFSET($D569,0,$C569)+IF($C569<>1,1,COUNTIF(QCI!$A$13:$A$32,ORÇAMENTO!E569)),OFFSET($D569,1,$C569,ROW($C$850)-ROW($C569)),0))","v":0},"F","Serviço","Serviço","12.8.4.","SINAPI","100986","CARGA DE MISTURA ASFÁLTICA EM CAMINHÃO BASCULANTE","M3",{"$f":"OFFSET(CÁLCULO!H$15,ROW($T569)-ROW(T$15),0)","v":7.4},8.19,"BDI 1",{"$f":"IF($C569=\"S\",ROUND(IF(TIPOORCAMENTO=\"Proposto\",ORÇAMENTO.CustoUnitario*(1+$AH569),ORÇAMENTO.PrecoUnitarioLicitado),15-13*$AF$10),0)","v":10.119999999999999},74.89,"RA","RA",{"$f":"IF($C569=\"S\",IF($Z569=\"CP\",$X569,IF($Z569=\"RA\",(($X569)*QCI!$AA$3),0)),SomaAgrup)","v":74.89},0,{"$f":"IF($N569=\"\",\"\",IF(ORÇAMENTO.Descricao=\"\",\"DESCRIÇÃO\",IF(AND($C569=\"S\",ORÇAMENTO.Unidade=\"\"),\"UNIDADE\",IF($X569<0,\"VALOR NEGATIVO\",IF(OR(AND(TIPOORCAMENTO=\"Proposto\",$AG569<>\"\",$AG569>0,ORÇAMENTO.CustoUnitario>$AG569),AND(TIPOORCAMENTO=\"LICITADO\",ORÇAMENTO.PrecoUnitarioLicitado>$AN569)),\"ACIMA REF.\",\"\")))))","v":""},{"$f":"IF(C569<=CRONO.NivelExibicao,MAX($AD$15:OFFSET(AD569,-1,0))+IF($C569<>1,1,MAX(1,COUNTIF(QCI!$A$13:$A$32,OFFSET($E569,-1,0)))),\"\")","v":""},{"$f":"IF(AND($C569=\"S\",ORÇAMENTO.CodBarra<>\"\"),IF(ORÇAMENTO.Fonte=\"\",ORÇAMENTO.CodBarra,CONCATENATE(ORÇAMENTO.Fonte,\" \",ORÇAMENTO.CodBarra)))","v":"SINAPI 100986"},{"$f":"IF(ISERROR(INDIRECT(ORÇAMENTO.BancoRef)),\"(abra o arquivo 'Referência \"&Excel_BuiltIn_Database&\".xls)\",IF(OR($C569<>\"S\",ORÇAMENTO.CodBarra=\"\"),\"(Sem Código)\",IF(ISERROR(MATCH($AE569,INDIRECT(ORÇAMENTO.BancoRef),0)),\"(Código não identificado nas referências)\",MATCH($AE569,INDIRECT(ORÇAMENTO.BancoRef),0))))","v":"(abra o arquivo 'Referência 06-2023.xls)"},{"$f":"ROUND(IF(DESONERACAO=\"sim\",REFERENCIA.Desonerado,REFERENCIA.NaoDesonerado),2)","v":0},0.23530000000000001,null,{"$f":"AJ568","v":7.4},null,null,74.89,10.119999999999999]
["S",2,"S",0,{"$f":"IF($C570=1,OFFSET(E570,-1,0)+MAX(1,COUNTIF(QCI!$A$13:$A$32,OFFSET(ORÇAMENTO!E570,-1,0))),OFFSET(E570,-1,0))","v":12},8,0,0,5,0,{"$f":"IF(OR($C570=\"S\",$C570=0),0,MATCH(OFFSET($D570,0,$C570)+IF($C570<>1,1,COUNTIF(QCI!$A$13:$A$32,ORÇAMENTO!E570)),OFFSET($D570,1,$C570,ROW($C$850)-ROW($C570)),0))","v":0},"F","Serviço","Serviço","12.8.5.","SINAPI","95303","TRANSPORTE COM CAMINHÃO BASCULANTE DE MASSA ASFALTICA PARA PAVIMENTAÇÃO URBANA, DMT = 20 KM","M3XKM",{"$f":"OFFSET(CÁLCULO!H$15,ROW($T570)-ROW(T$15),0)","v":148},1.41,"BDI 1",{"$f":"IF($C570=\"S\",ROUND(IF(TIPOORCAMENTO=\"Proposto\",ORÇAMENTO.CustoUnitario*(1+$AH570),ORÇAMENTO.PrecoUnitarioLicitado),15-13*$AF$10),0)","v":1.74},257.52,"RA","RA",{"$f":"IF($C570=\"S\",IF($Z570=\"CP\",$X570,IF($Z570=\"RA\",(($X570)*QCI!$AA$3),0)),SomaAgrup)","v":257.52},0,{"$f":"IF($N570=\"\",\"\",IF(ORÇAMENTO.Descricao=\"\",\"DESCRIÇÃO\",IF(AND($C570=\"S\",ORÇAMENTO.Unidade=\"\"),\"UNIDADE\",IF($X570<0,\"VALOR NEGATIVO\",IF(OR(AND(TIPOORCAMENTO=\"Proposto\",$AG570<>\"\",$AG570>0,ORÇAMENTO.CustoUnitario>$AG570),AND(TIPOORCAMENTO=\"LICITADO\",ORÇAMENTO.PrecoUnitarioLicitado>$AN570)),\"ACIMA REF.\",\"\")))))","v":""},{"$f":"IF(C570<=CRONO.NivelExibicao,MAX($AD$15:OFFSET(AD570,-1,0))+IF($C570<>1,1,MAX(1,COUNTIF(QCI!$A$13:$A$32,OFFSET($E570,-1,0)))),\"\")","v":""},{"$f":"IF(AND($C570=\"S\",ORÇAMENTO.CodBarra<>\"\"),IF(ORÇAMENTO.Fonte=\"\",ORÇAMENTO.CodBarra,CONCATENATE(ORÇAMENTO.Fonte,\" \",ORÇAMENTO.CodBarra)))","v":"SINAPI 95303"},{"$f":"IF(ISERROR(INDIRECT(ORÇAMENTO.BancoRef)),\"(abra o arquivo 'Referência \"&Excel_BuiltIn_Database&\".xls)\",IF(OR($C570<>\"S\",ORÇAMENTO.CodBarra=\"\"),\"(Sem Código)\",IF(ISERROR(MATCH($AE570,INDIRECT(ORÇAMENTO.BancoRef),0)),\"(Código não identificado nas referências)\",MATCH($AE570,INDIRECT(ORÇAMENTO.BancoRef),0))))","v":"(abra o arquivo 'Referência 06-2023.xls)"},{"$f":"ROUND(IF(DESONERACAO=\"sim\",REFERENCIA.Desonerado,REFERENCIA.NaoDesonerado),2)","v":0},0.23530000000000001,null,{"$f":"AJ569*20","v":148},null,null,257.52,1.74]
[2,2,2,6,{"$f":"IF($C571=1,OFFSET(E571,-1,0)+MAX(1,COUNTIF(QCI!$A$13:$A$32,OFFSET(ORÇAMENTO!E571,-1,0))),OFFSET(E571,-1,0))","v":12},9,0,0,0,17,{"$f":"IF(OR($C571=\"S\",$C571=0),0,MATCH(OFFSET($D571,0,$C571)+IF($C571<>1,1,COUNTIF(QCI!$A$13:$A$32,ORÇAMENTO!E571)),OFFSET($D571,1,$C571,ROW($C$850)-ROW($C571)),0))","v":6},"F","Nível 2","Nível 2","12.9.","SINAPI",null,"LOMBADA","-",{"$f":"OFFSET(CÁLCULO!H$15,ROW($T571)-ROW(T$15),0)","v":0},0,"BDI 1",{"$f":"IF($C571=\"S\",ROUND(IF(TIPOORCAMENTO=\"Proposto\",ORÇAMENTO.CustoUnitario*(1+$AH571),ORÇAMENTO.PrecoUnitarioLicitado),15-13*$AF$10),0)","v":0},2725.54,"RA","",{"$f":"IF($C571=\"S\",IF($Z571=\"CP\",$X571,IF($Z571=\"RA\",(($X571)*QCI!$AA$3),0)),SomaAgrup)","v":2725.54},0,{"$f":"IF($N571=\"\",\"\",IF(ORÇAMENTO.Descricao=\"\",\"DESCRIÇÃO\",IF(AND($C571=\"S\",ORÇAMENTO.Unidade=\"\"),\"UNIDADE\",IF($X571<0,\"VALOR NEGATIVO\",IF(OR(AND(TIPOORCAMENTO=\"Proposto\",$AG571<>\"\",$AG571>0,ORÇAMENTO.CustoUnitario>$AG571),AND(TIPOORCAMENTO=\"LICITADO\",ORÇAMENTO.PrecoUnitarioLicitado>$AN571)),\"ACIMA REF.\",\"\")))))","v":""},{"$f":"IF(C571<=CRONO.NivelExibicao,MAX($AD$15:OFFSET(AD571,-1,0))+IF($C571<>1,1,MAX(1,COUNTIF(QCI!$A$13:$A$32,OFFSET($E571,-1,0)))),\"\")","v":""},{"$f":"IF(AND($C571=\"S\",ORÇAMENTO.CodBarra<>\"\"),IF(ORÇAMENTO.Fonte=\"\",ORÇAMENTO.CodBarra,CONCATENATE(ORÇAMENTO.Fonte,\" \",ORÇAMENTO.CodBarra)))","v":false},{"$f":"IF(ISERROR(INDIRECT(ORÇAMENTO.BancoRef)),\"(abra o arquivo 'Referência \"&Excel_BuiltIn_Database&\".xls)\",IF(OR($C571<>\"S\",ORÇAMENTO.CodBarra=\"\"),\"(Sem Código)\",IF(ISERROR(MATCH($AE571,INDIRECT(ORÇAMENTO.BancoRef),0)),\"(Código não identificado nas referências)\",MATCH($AE571,INDIRECT(ORÇAMENTO.BancoRef),0))))","v":"(abra o arquivo 'Referência 06-2023.xls)"},{"$f":"ROUND(IF(DESONERACAO=\"sim\",REFERENCIA.Desonerado,REFERENCIA.NaoDesonerado),2)","v":0},0.23530000000000001,null,null,null,null,2725.54,0]
["S",2,"S",0,{"$f":"IF($C572=1,OFFSET(E572,-1,0)+MAX(1,COUNTIF(QCI!$A$13:$A$32,OFFSET(ORÇAMENTO!E572,-1,0))),OFFSET(E572,-1,0))","v":12},9,0,0,1,0,{"$f":"IF(OR($C572=\"S\",$C572=0),0,MATCH(OFFSET($D572,0,$C572)+IF($C572<>1,1,COUNTIF(QCI!$A$13:$A$32,ORÇAMENTO!E572)),OFFSET($D572,1,$C572,ROW($C$850)-ROW($C572)),0))","v":0},"F","Serviço","Serviço","12.9.1.","AMMOC","RR-2C","PINTURA DE LIGAÇÃO COM EMULSÃO RR-2C","M2",{"$f":"OFFSET(CÁLCULO!H$15,ROW($T572)-ROW(T$15),0)","v":12.95},2.54,"BDI 1",{"$f":"IF($C572=\"S\",ROUND(IF(TIPOORCAMENTO=\"Proposto\",ORÇAMENTO.CustoUnitario*(1+$AH572),ORÇAMENTO.PrecoUnitarioLicitado),15-13*$AF$10),0)","v":3.14},40.659999999999997,"RA","RA",{"$f":"IF($C572=\"S\",IF($Z572=\"CP\",$X572,IF($Z572=\"RA\",(($X572)*QCI!$AA$3),0)),SomaAgrup)","v":40.659999999999997},0,{"$f":"IF($N572=\"\",\"\",IF(ORÇAMENTO.Descricao=\"\",\"DESCRIÇÃO\",IF(AND($C572=\"S\",ORÇAMENTO.Unidade=\"\"),\"UNIDADE\",IF($X572<0,\"VALOR NEGATIVO\",IF(OR(AND(TIPOORCAMENTO=\"Proposto\",$AG572<>\"\",$AG572>0,ORÇAMENTO.CustoUnitario>$AG572),AND(TIPOORCAMENTO=\"LICITADO\",ORÇAMENTO.PrecoUnitarioLicitado>$AN572)),\"ACIMA REF.\",\"\")))))","v":""},{"$f":"IF(C572<=CRONO.NivelExibicao,MAX($AD$15:OFFSET(AD572,-1,0))+IF($C572<>1,1,MAX(1,COUNTIF(QCI!$A$13:$A$32,OFFSET($E572,-1,0)))),\"\")","v":""},{"$f":"IF(AND($C572=\"S\",ORÇAMENTO.CodBarra<>\"\"),IF(ORÇAMENTO.Fonte=\"\",ORÇAMENTO.CodBarra,CONCATENATE(ORÇAMENTO.Fonte,\" \",ORÇAMENTO.CodBarra)))","v":"AMMOC RR-2C"},{"$f":"IF(ISERROR(INDIRECT(ORÇAMENTO.BancoRef)),\"(abra o arquivo 'Referência \"&Excel_BuiltIn_Database&\".xls)\",IF(OR($C572<>\"S\",ORÇAMENTO.CodBarra=\"\"),\"(Sem Código)\",IF(ISERROR(MATCH($AE572,INDIRECT(ORÇAMENTO.BancoRef),0)),\"(Código não identificado nas referências)\",MATCH($AE572,INDIRECT(ORÇAMENTO.BancoRef),0))))","v":"(abra o arquivo 'Referência 06-2023.xls)"},{"$f":"ROUND(IF(DESONERACAO=\"sim\",REFERENCIA.Desonerado,REFERENCIA.NaoDesonerado),2)","v":0},0.23530000000000001,null,{"$f":"3.5*3.7","v":12.950000000000001},null,null,40.659999999999997,3.14]
["S",2,"S",0,{"$f":"IF($C573=1,OFFSET(E573,-1,0)+MAX(1,COUNTIF(QCI!$A$13:$A$32,OFFSET(ORÇAMENTO!E573,-1,0))),OFFSET(E573,-1,0))","v":12},9,0,0,2,0,{"$f":"IF(OR($C573=\"S\",$C573=0),0,MATCH(OFFSET($D573,0,$C573)+IF($C573<>1,1,COUNTIF(QCI!$A$13:$A$32,ORÇAMENTO!E573)),OFFSET($D573,1,$C573,ROW($C$850)-ROW($C573)),0))","v":0},"F","Serviço","Serviço","12.9.2.","SINAPI","102332","TRANSPORTE COM CAMINHÃO TANQUE DE MATERIAL ASFÁLTICO, DMT = 20 KM","TXKM",{"$f":"OFFSET(CÁLCULO!H$15,ROW($T573)-ROW(T$15),0)","v":0.26},1.64,"BDI 1",{"$f":"IF($C573=\"S\",ROUND(IF(TIPOORCAMENTO=\"Proposto\",ORÇAMENTO.CustoUnitario*(1+$AH573),ORÇAMENTO.PrecoUnitarioLicitado),15-13*$AF$10),0)","v":2.0299999999999998},0.53,"RA","RA",{"$f":"IF($C573=\"S\",IF($Z573=\"CP\",$X573,IF($Z573=\"RA\",(($X573)*QCI!$AA$3),0)),SomaAgrup)","v":0.53},0,{"$f":"IF($N573=\"\",\"\",IF(ORÇAMENTO.Descricao=\"\",\"DESCRIÇÃO\",IF(AND($C573=\"S\",ORÇAMENTO.Unidade=\"\"),\"UNIDADE\",IF($X573<0,\"VALOR NEGATIVO\",IF(OR(AND(TIPOORCAMENTO=\"Proposto\",$AG573<>\"\",$AG573>0,ORÇAMENTO.CustoUnitario>$AG573),AND(TIPOORCAMENTO=\"LICITADO\",ORÇAMENTO.PrecoUnitarioLicitado>$AN573)),\"ACIMA REF.\",\"\")))))","v":""},{"$f":"IF(C573<=CRONO.NivelExibicao,MAX($AD$15:OFFSET(AD573,-1,0))+IF($C573<>1,1,MAX(1,COUNTIF(QCI!$A$13:$A$32,OFFSET($E573,-1,0)))),\"\")","v":""},{"$f":"IF(AND($C573=\"S\",ORÇAMENTO.CodBarra<>\"\"),IF(ORÇAMENTO.Fonte=\"\",ORÇAMENTO.CodBarra,CONCATENATE(ORÇAMENTO.Fonte,\" \",ORÇAMENTO.CodBarra)))","v":"SINAPI 102332"},{"$f":"IF(ISERROR(INDIRECT(ORÇAMENTO.BancoRef)),\"(abra o arquivo 'Referência \"&Excel_BuiltIn_Database&\".xls)\",IF(OR($C573<>\"S\",ORÇAMENTO.CodBarra=\"\"),\"(Sem Código)\",IF(ISERROR(MATCH($AE573,INDIRECT(ORÇAMENTO.BancoRef),0)),\"(Código não identificado nas referências)\",MATCH($AE573,INDIRECT(ORÇAMENTO.BancoRef),0))))","v":"(abra o arquivo 'Referência 06-2023.xls)"},{"$f":"ROUND(IF(DESONERACAO=\"sim\",REFERENCIA.Desonerado,REFERENCIA.NaoDesonerado),2)","v":0},0.23530000000000001,null,{"$f":"AJ572*20/1000","v":0.25900000000000001},null,null,0.53,2.0299999999999998]
["S",2,"S",0,{"$f":"IF($C574=1,OFFSET(E574,-1,0)+MAX(1,COUNTIF(QCI!$A$13:$A$32,OFFSET(ORÇAMENTO!E574,-1,0))),OFFSET(E574,-1,0))","v":12},9,0,0,3,0,{"$f":"IF(OR($C574=\"S\",$C574=0),0,MATCH(OFFSET($D574,0,$C574)+IF($C574<>1,1,COUNTIF(QCI!$A$13:$A$32,ORÇAMENTO!E574)),OFFSET($D574,1,$C574,ROW($C$850)-ROW($C574)),0))","v":0},"F","Serviço","Serviço","12.9.3.","AMMOC","PAVASF","EXECUÇÃO DE LOMBADACOM APLICAÇÃO DE CONCRETO ASFÁLTICO, CAMADA DE ROLAMENTO - EXCLUSIVE CARGA E TRANSPORTE. AF_11/2019","M3",{"$f":"OFFSET(CÁLCULO!H$15,ROW($T574)-ROW(T$15),0)","v":1.76},1198.32,"BDI 1",{"$f":"IF($C574=\"S\",ROUND(IF(TIPOORCAMENTO=\"Proposto\",ORÇAMENTO.CustoUnitario*(1+$AH574),ORÇAMENTO.PrecoUnitarioLicitado),15-13*$AF$10),0)","v":1480.28},2605.29,"RA","RA",{"$f":"IF($C574=\"S\",IF($Z574=\"CP\",$X574,IF($Z574=\"RA\",(($X574)*QCI!$AA$3),0)),SomaAgrup)","v":2605.29},0,{"$f":"IF($N574=\"\",\"\",IF(ORÇAMENTO.Descricao=\"\",\"DESCRIÇÃO\",IF(AND($C574=\"S\",ORÇAMENTO.Unidade=\"\"),\"UNIDADE\",IF($X574<0,\"VALOR NEGATIVO\",IF(OR(AND(TIPOORCAMENTO=\"Proposto\",$AG574<>\"\",$AG574>0,ORÇAMENTO.CustoUnitario>$AG574),AND(TIPOORCAMENTO=\"LICITADO\",ORÇAMENTO.PrecoUnitarioLicitado>$AN574)),\"ACIMA REF.\",\"\")))))","v":""},{"$f":"IF(C574<=CRONO.NivelExibicao,MAX($AD$15:OFFSET(AD574,-1,0))+IF($C574<>1,1,MAX(1,COUNTIF(QCI!$A$13:$A$32,OFFSET($E574,-1,0)))),\"\")","v":""},{"$f":"IF(AND($C574=\"S\",ORÇAMENTO.CodBarra<>\"\"),IF(ORÇAMENTO.Fonte=\"\",ORÇAMENTO.CodBarra,CONCATENATE(ORÇAMENTO.Fonte,\" \",ORÇAMENTO.CodBarra)))","v":"AMMOC PAVASF"},{"$f":"IF(ISERROR(INDIRECT(ORÇAMENTO.BancoRef)),\"(abra o arquivo 'Referência \"&Excel_BuiltIn_Database&\".xls)\",IF(OR($C574<>\"S\",ORÇAMENTO.CodBarra=\"\"),\"(Sem Código)\",IF(ISERROR(MATCH($AE574,INDIRECT(ORÇAMENTO.BancoRef),0)),\"(Código não identificado nas referências)\",MATCH($AE574,INDIRECT(ORÇAMENTO.BancoRef),0))))","v":"(abra o arquivo 'Referência 06-2023.xls)"},{"$f":"ROUND(IF(DESONERACAO=\"sim\",REFERENCIA.Desonerado,REFERENCIA.NaoDesonerado),2)","v":0},0.23530000000000001,null,1.76,null,null,2605.29,1480.28]
["S",2,"S",0,{"$f":"IF($C575=1,OFFSET(E575,-1,0)+MAX(1,COUNTIF(QCI!$A$13:$A$32,OFFSET(ORÇAMENTO!E575,-1,0))),OFFSET(E575,-1,0))","v":12},9,0,0,4,0,{"$f":"IF(OR($C575=\"S\",$C575=0),0,MATCH(OFFSET($D575,0,$C575)+IF($C575<>1,1,COUNTIF(QCI!$A$13:$A$32,ORÇAMENTO!E575)),OFFSET($D575,1,$C575,ROW($C$850)-ROW($C575)),0))","v":0},"F","Serviço","Serviço","12.9.4.","SINAPI","100986","CARGA DE MISTURA ASFÁLTICA EM CAMINHÃO BASCULANTE","M3",{"$f":"OFFSET(CÁLCULO!H$15,ROW($T575)-ROW(T$15),0)","v":1.76},8.19,"BDI 1",{"$f":"IF($C575=\"S\",ROUND(IF(TIPOORCAMENTO=\"Proposto\",ORÇAMENTO.CustoUnitario*(1+$AH575),ORÇAMENTO.PrecoUnitarioLicitado),15-13*$AF$10),0)","v":10.119999999999999},17.809999999999999,"RA","RA",{"$f":"IF($C575=\"S\",IF($Z575=\"CP\",$X575,IF($Z575=\"RA\",(($X575)*QCI!$AA$3),0)),SomaAgrup)","v":17.809999999999999},0,{"$f":"IF($N575=\"\",\"\",IF(ORÇAMENTO.Descricao=\"\",\"DESCRIÇÃO\",IF(AND($C575=\"S\",ORÇAMENTO.Unidade=\"\"),\"UNIDADE\",IF($X575<0,\"VALOR NEGATIVO\",IF(OR(AND(TIPOORCAMENTO=\"Proposto\",$AG575<>\"\",$AG575>0,ORÇAMENTO.CustoUnitario>$AG575),AND(TIPOORCAMENTO=\"LICITADO\",ORÇAMENTO.PrecoUnitarioLicitado>$AN575)),\"ACIMA REF.\",\"\")))))","v":""},{"$f":"IF(C575<=CRONO.NivelExibicao,MAX($AD$15:OFFSET(AD575,-1,0))+IF($C575<>1,1,MAX(1,COUNTIF(QCI!$A$13:$A$32,OFFSET($E575,-1,0)))),\"\")","v":""},{"$f":"IF(AND($C575=\"S\",ORÇAMENTO.CodBarra<>\"\"),IF(ORÇAMENTO.Fonte=\"\",ORÇAMENTO.CodBarra,CONCATENATE(ORÇAMENTO.Fonte,\" \",ORÇAMENTO.CodBarra)))","v":"SINAPI 100986"},{"$f":"IF(ISERROR(INDIRECT(ORÇAMENTO.BancoRef)),\"(abra o arquivo 'Referência \"&Excel_BuiltIn_Database&\".xls)\",IF(OR($C575<>\"S\",ORÇAMENTO.CodBarra=\"\"),\"(Sem Código)\",IF(ISERROR(MATCH($AE575,INDIRECT(ORÇAMENTO.BancoRef),0)),\"(Código não identificado nas referências)\",MATCH($AE575,INDIRECT(ORÇAMENTO.BancoRef),0))))","v":"(abra o arquivo 'Referência 06-2023.xls)"},{"$f":"ROUND(IF(DESONERACAO=\"sim\",REFERENCIA.Desonerado,REFERENCIA.NaoDesonerado),2)","v":0},0.23530000000000001,null,{"$f":"AJ574","v":1.76},null,null,17.809999999999999,10.119999999999999]
["S",2,"S",0,{"$f":"IF($C576=1,OFFSET(E576,-1,0)+MAX(1,COUNTIF(QCI!$A$13:$A$32,OFFSET(ORÇAMENTO!E576,-1,0))),OFFSET(E576,-1,0))","v":12},9,0,0,5,0,{"$f":"IF(OR($C576=\"S\",$C576=0),0,MATCH(OFFSET($D576,0,$C576)+IF($C576<>1,1,COUNTIF(QCI!$A$13:$A$32,ORÇAMENTO!E576)),OFFSET($D576,1,$C576,ROW($C$850)-ROW($C576)),0))","v":0},"F","Serviço","Serviço","12.9.5.","SINAPI","95303","TRANSPORTE COM CAMINHÃO BASCULANTE DE MASSA ASFALTICA PARA PAVIMENTAÇÃO URBANA, DMT = 20 KM","M3XKM",{"$f":"OFFSET(CÁLCULO!H$15,ROW($T576)-ROW(T$15),0)","v":35.200000000000003},1.41,"BDI 1",{"$f":"IF($C576=\"S\",ROUND(IF(TIPOORCAMENTO=\"Proposto\",ORÇAMENTO.CustoUnitario*(1+$AH576),ORÇAMENTO.PrecoUnitarioLicitado),15-13*$AF$10),0)","v":1.74},61.25,"RA","RA",{"$f":"IF($C576=\"S\",IF($Z576=\"CP\",$X576,IF($Z576=\"RA\",(($X576)*QCI!$AA$3),0)),SomaAgrup)","v":61.25},0,{"$f":"IF($N576=\"\",\"\",IF(ORÇAMENTO.Descricao=\"\",\"DESCRIÇÃO\",IF(AND($C576=\"S\",ORÇAMENTO.Unidade=\"\"),\"UNIDADE\",IF($X576<0,\"VALOR NEGATIVO\",IF(OR(AND(TIPOORCAMENTO=\"Proposto\",$AG576<>\"\",$AG576>0,ORÇAMENTO.CustoUnitario>$AG576),AND(TIPOORCAMENTO=\"LICITADO\",ORÇAMENTO.PrecoUnitarioLicitado>$AN576)),\"ACIMA REF.\",\"\")))))","v":""},{"$f":"IF(C576<=CRONO.NivelExibicao,MAX($AD$15:OFFSET(AD576,-1,0))+IF($C576<>1,1,MAX(1,COUNTIF(QCI!$A$13:$A$32,OFFSET($E576,-1,0)))),\"\")","v":""},{"$f":"IF(AND($C576=\"S\",ORÇAMENTO.CodBarra<>\"\"),IF(ORÇAMENTO.Fonte=\"\",ORÇAMENTO.CodBarra,CONCATENATE(ORÇAMENTO.Fonte,\" \",ORÇAMENTO.CodBarra)))","v":"SINAPI 95303"},{"$f":"IF(ISERROR(INDIRECT(ORÇAMENTO.BancoRef)),\"(abra o arquivo 'Referência \"&Excel_BuiltIn_Database&\".xls)\",IF(OR($C576<>\"S\",ORÇAMENTO.CodBarra=\"\"),\"(Sem Código)\",IF(ISERROR(MATCH($AE576,INDIRECT(ORÇAMENTO.BancoRef),0)),\"(Código não identificado nas referências)\",MATCH($AE576,INDIRECT(ORÇAMENTO.BancoRef),0))))","v":"(abra o arquivo 'Referência 06-2023.xls)"},{"$f":"ROUND(IF(DESONERACAO=\"sim\",REFERENCIA.Desonerado,REFERENCIA.NaoDesonerado),2)","v":0},0.23530000000000001,null,{"$f":"AJ575*20","v":35.200000000000003},null,null,61.25,1.74]
[2,2,2,2,{"$f":"IF($C577=1,OFFSET(E577,-1,0)+MAX(1,COUNTIF(QCI!$A$13:$A$32,OFFSET(ORÇAMENTO!E577,-1,0))),OFFSET(E577,-1,0))","v":12},10,0,0,0,11,{"$f":"IF(OR($C577=\"S\",$C577=0),0,MATCH(OFFSET($D577,0,$C577)+IF($C577<>1,1,COUNTIF(QCI!$A$13:$A$32,ORÇAMENTO!E577)),OFFSET($D577,1,$C577,ROW($C$850)-ROW($C577)),0))","v":2},"F","Nível 2","Nível 2","12.10.","SINAPI",null,"MEIO-FIO","-",{"$f":"OFFSET(CÁLCULO!H$15,ROW($T577)-ROW(T$15),0)","v":0},0,"BDI 1",{"$f":"IF($C577=\"S\",ROUND(IF(TIPOORCAMENTO=\"Proposto\",ORÇAMENTO.CustoUnitario*(1+$AH577),ORÇAMENTO.PrecoUnitarioLicitado),15-13*$AF$10),0)","v":0},12535.47,"RA","",{"$f":"IF($C577=\"S\",IF($Z577=\"CP\",$X577,IF($Z577=\"RA\",(($X577)*QCI!$AA$3),0)),SomaAgrup)","v":12535.47},0,{"$f":"IF($N577=\"\",\"\",IF(ORÇAMENTO.Descricao=\"\",\"DESCRIÇÃO\",IF(AND($C577=\"S\",ORÇAMENTO.Unidade=\"\"),\"UNIDADE\",IF($X577<0,\"VALOR NEGATIVO\",IF(OR(AND(TIPOORCAMENTO=\"Proposto\",$AG577<>\"\",$AG577>0,ORÇAMENTO.CustoUnitario>$AG577),AND(TIPOORCAMENTO=\"LICITADO\",ORÇAMENTO.PrecoUnitarioLicitado>$AN577)),\"ACIMA REF.\",\"\")))))","v":""},{"$f":"IF(C577<=CRONO.NivelExibicao,MAX($AD$15:OFFSET(AD577,-1,0))+IF($C577<>1,1,MAX(1,COUNTIF(QCI!$A$13:$A$32,OFFSET($E577,-1,0)))),\"\")","v":""},{"$f":"IF(AND($C577=\"S\",ORÇAMENTO.CodBarra<>\"\"),IF(ORÇAMENTO.Fonte=\"\",ORÇAMENTO.CodBarra,CONCATENATE(ORÇAMENTO.Fonte,\" \",ORÇAMENTO.CodBarra)))","v":false},{"$f":"IF(ISERROR(INDIRECT(ORÇAMENTO.BancoRef)),\"(abra o arquivo 'Referência \"&Excel_BuiltIn_Database&\".xls)\",IF(OR($C577<>\"S\",ORÇAMENTO.CodBarra=\"\"),\"(Sem Código)\",IF(ISERROR(MATCH($AE577,INDIRECT(ORÇAMENTO.BancoRef),0)),\"(Código não identificado nas referências)\",MATCH($AE577,INDIRECT(ORÇAMENTO.BancoRef),0))))","v":"(abra o arquivo 'Referência 06-2023.xls)"},{"$f":"ROUND(IF(DESONERACAO=\"sim\",REFERENCIA.Desonerado,REFERENCIA.NaoDesonerado),2)","v":0},0.23530000000000001,null,null,null,null,12535.47,0]
["S",2,"S",0,{"$f":"IF($C578=1,OFFSET(E578,-1,0)+MAX(1,COUNTIF(QCI!$A$13:$A$32,OFFSET(ORÇAMENTO!E578,-1,0))),OFFSET(E578,-1,0))","v":12},10,0,0,1,0,{"$f":"IF(OR($C578=\"S\",$C578=0),0,MATCH(OFFSET($D578,0,$C578)+IF($C578<>1,1,COUNTIF(QCI!$A$13:$A$32,ORÇAMENTO!E578)),OFFSET($D578,1,$C578,ROW($C$850)-ROW($C578)),0))","v":0},"F","Serviço","Serviço","12.10.1.","SINAPI","94263","GUIA (MEIO-FIO) CONCRETO, MOLDADA  IN LOCO COM EXTRUSORA, 13 CM BASE X 22 CM ALTURA.","M",{"$f":"OFFSET(CÁLCULO!H$15,ROW($T578)-ROW(T$15),0)","v":279},36.369999999999997,"BDI 1",{"$f":"IF($C578=\"S\",ROUND(IF(TIPOORCAMENTO=\"Proposto\",ORÇAMENTO.CustoUnitario*(1+$AH578),ORÇAMENTO.PrecoUnitarioLicitado),15-13*$AF$10),0)","v":44.93},12535.47,"RA","RA",{"$f":"IF($C578=\"S\",IF($Z578=\"CP\",$X578,IF($Z578=\"RA\",(($X578)*QCI!$AA$3),0)),SomaAgrup)","v":12535.47},0,{"$f":"IF($N578=\"\",\"\",IF(ORÇAMENTO.Descricao=\"\",\"DESCRIÇÃO\",IF(AND($C578=\"S\",ORÇAMENTO.Unidade=\"\"),\"UNIDADE\",IF($X578<0,\"VALOR NEGATIVO\",IF(OR(AND(TIPOORCAMENTO=\"Proposto\",$AG578<>\"\",$AG578>0,ORÇAMENTO.CustoUnitario>$AG578),AND(TIPOORCAMENTO=\"LICITADO\",ORÇAMENTO.PrecoUnitarioLicitado>$AN578)),\"ACIMA REF.\",\"\")))))","v":""},{"$f":"IF(C578<=CRONO.NivelExibicao,MAX($AD$15:OFFSET(AD578,-1,0))+IF($C578<>1,1,MAX(1,COUNTIF(QCI!$A$13:$A$32,OFFSET($E578,-1,0)))),\"\")","v":""},{"$f":"IF(AND($C578=\"S\",ORÇAMENTO.CodBarra<>\"\"),IF(ORÇAMENTO.Fonte=\"\",ORÇAMENTO.CodBarra,CONCATENATE(ORÇAMENTO.Fonte,\" \",ORÇAMENTO.CodBarra)))","v":"SINAPI 94263"},{"$f":"IF(ISERROR(INDIRECT(ORÇAMENTO.BancoRef)),\"(abra o arquivo 'Referência \"&Excel_BuiltIn_Database&\".xls)\",IF(OR($C578<>\"S\",ORÇAMENTO.CodBarra=\"\"),\"(Sem Código)\",IF(ISERROR(MATCH($AE578,INDIRECT(ORÇAMENTO.BancoRef),0)),\"(Código não identificado nas referências)\",MATCH($AE578,INDIRECT(ORÇAMENTO.BancoRef),0))))","v":"(abra o arquivo 'Referência 06-2023.xls)"},{"$f":"ROUND(IF(DESONERACAO=\"sim\",REFERENCIA.Desonerado,REFERENCIA.NaoDesonerado),2)","v":0},0.23530000000000001,null,279,null,null,12535.47,44.93]
[2,2,2,9,{"$f":"IF($C579=1,OFFSET(E579,-1,0)+MAX(1,COUNTIF(QCI!$A$13:$A$32,OFFSET(ORÇAMENTO!E579,-1,0))),OFFSET(E579,-1,0))","v":12},11,0,0,0,9,{"$f":"IF(OR($C579=\"S\",$C579=0),0,MATCH(OFFSET($D579,0,$C579)+IF($C579<>1,1,COUNTIF(QCI!$A$13:$A$32,ORÇAMENTO!E579)),OFFSET($D579,1,$C579,ROW($C$850)-ROW($C579)),0))","v":{"$error":"#N/A"}},"F","Nível 2","Nível 2","12.11.","SINAPI",null,"SINALIZAÇÃO","-",{"$f":"OFFSET(CÁLCULO!H$15,ROW($T579)-ROW(T$15),0)","v":0},0,"BDI 1",{"$f":"IF($C579=\"S\",ROUND(IF(TIPOORCAMENTO=\"Proposto\",ORÇAMENTO.CustoUnitario*(1+$AH579),ORÇAMENTO.PrecoUnitarioLicitado),15-13*$AF$10),0)","v":0},18117.16,"RA","",{"$f":"IF($C579=\"S\",IF($Z579=\"CP\",$X579,IF($Z579=\"RA\",(($X579)*QCI!$AA$3),0)),SomaAgrup)","v":18117.16},0,{"$f":"IF($N579=\"\",\"\",IF(ORÇAMENTO.Descricao=\"\",\"DESCRIÇÃO\",IF(AND($C579=\"S\",ORÇAMENTO.Unidade=\"\"),\"UNIDADE\",IF($X579<0,\"VALOR NEGATIVO\",IF(OR(AND(TIPOORCAMENTO=\"Proposto\",$AG579<>\"\",$AG579>0,ORÇAMENTO.CustoUnitario>$AG579),AND(TIPOORCAMENTO=\"LICITADO\",ORÇAMENTO.PrecoUnitarioLicitado>$AN579)),\"ACIMA REF.\",\"\")))))","v":""},{"$f":"IF(C579<=CRONO.NivelExibicao,MAX($AD$15:OFFSET(AD579,-1,0))+IF($C579<>1,1,MAX(1,COUNTIF(QCI!$A$13:$A$32,OFFSET($E579,-1,0)))),\"\")","v":""},{"$f":"IF(AND($C579=\"S\",ORÇAMENTO.CodBarra<>\"\"),IF(ORÇAMENTO.Fonte=\"\",ORÇAMENTO.CodBarra,CONCATENATE(ORÇAMENTO.Fonte,\" \",ORÇAMENTO.CodBarra)))","v":false},{"$f":"IF(ISERROR(INDIRECT(ORÇAMENTO.BancoRef)),\"(abra o arquivo 'Referência \"&Excel_BuiltIn_Database&\".xls)\",IF(OR($C579<>\"S\",ORÇAMENTO.CodBarra=\"\"),\"(Sem Código)\",IF(ISERROR(MATCH($AE579,INDIRECT(ORÇAMENTO.BancoRef),0)),\"(Código não identificado nas referências)\",MATCH($AE579,INDIRECT(ORÇAMENTO.BancoRef),0))))","v":"(abra o arquivo 'Referência 06-2023.xls)"},{"$f":"ROUND(IF(DESONERACAO=\"sim\",REFERENCIA.Desonerado,REFERENCIA.NaoDesonerado),2)","v":0},0.23530000000000001,null,null,null,null,18117.16,0]
["S",2,"S",0,{"$f":"IF($C580=1,OFFSET(E580,-1,0)+MAX(1,COUNTIF(QCI!$A$13:$A$32,OFFSET(ORÇAMENTO!E580,-1,0))),OFFSET(E580,-1,0))","v":12},11,0,0,1,0,{"$f":"IF(OR($C580=\"S\",$C580=0),0,MATCH(OFFSET($D580,0,$C580)+IF($C580<>1,1,COUNTIF(QCI!$A$13:$A$32,ORÇAMENTO!E580)),OFFSET($D580,1,$C580,ROW($C$850)-ROW($C580)),0))","v":0},"F","Serviço","Serviço","12.11.1.","SINAPI","72947","SINALIZACAO HORIZONTAL COM TINTA RETRORREFLETIVA A BASE DE RESINA ACRILICA COM MICROESFERAS DE VIDRO - LINHA CONTÍNUA AMARELA","M2",{"$f":"OFFSET(CÁLCULO!H$15,ROW($T580)-ROW(T$15),0)","v":48.63},17.059999999999999,"BDI 1",{"$f":"IF($C580=\"S\",ROUND(IF(TIPOORCAMENTO=\"Proposto\",ORÇAMENTO.CustoUnitario*(1+$AH580),ORÇAMENTO.PrecoUnitarioLicitado),15-13*$AF$10),0)","v":21.07},1024.6300000000001,"RA","RA",{"$f":"IF($C580=\"S\",IF($Z580=\"CP\",$X580,IF($Z580=\"RA\",(($X580)*QCI!$AA$3),0)),SomaAgrup)","v":1024.6300000000001},0,{"$f":"IF($N580=\"\",\"\",IF(ORÇAMENTO.Descricao=\"\",\"DESCRIÇÃO\",IF(AND($C580=\"S\",ORÇAMENTO.Unidade=\"\"),\"UNIDADE\",IF($X580<0,\"VALOR NEGATIVO\",IF(OR(AND(TIPOORCAMENTO=\"Proposto\",$AG580<>\"\",$AG580>0,ORÇAMENTO.CustoUnitario>$AG580),AND(TIPOORCAMENTO=\"LICITADO\",ORÇAMENTO.PrecoUnitarioLicitado>$AN580)),\"ACIMA REF.\",\"\")))))","v":""},{"$f":"IF(C580<=CRONO.NivelExibicao,MAX($AD$15:OFFSET(AD580,-1,0))+IF($C580<>1,1,MAX(1,COUNTIF(QCI!$A$13:$A$32,OFFSET($E580,-1,0)))),\"\")","v":""},{"$f":"IF(AND($C580=\"S\",ORÇAMENTO.CodBarra<>\"\"),IF(ORÇAMENTO.Fonte=\"\",ORÇAMENTO.CodBarra,CONCATENATE(ORÇAMENTO.Fonte,\" \",ORÇAMENTO.CodBarra)))","v":"SINAPI 72947"},{"$f":"IF(ISERROR(INDIRECT(ORÇAMENTO.BancoRef)),\"(abra o arquivo 'Referência \"&Excel_BuiltIn_Database&\".xls)\",IF(OR($C580<>\"S\",ORÇAMENTO.CodBarra=\"\"),\"(Sem Código)\",IF(ISERROR(MATCH($AE580,INDIRECT(ORÇAMENTO.BancoRef),0)),\"(Código não identificado nas referências)\",MATCH($AE580,INDIRECT(ORÇAMENTO.BancoRef),0))))","v":"(abra o arquivo 'Referência 06-2023.xls)"},{"$f":"ROUND(IF(DESONERACAO=\"sim\",REFERENCIA.Desonerado,REFERENCIA.NaoDesonerado),2)","v":0},0.23530000000000001,null,48.63,null,null,1024.6300000000001,21.07]
["S",2,"S",0,{"$f":"IF($C581=1,OFFSET(E581,-1,0)+MAX(1,COUNTIF(QCI!$A$13:$A$32,OFFSET(ORÇAMENTO!E581,-1,0))),OFFSET(E581,-1,0))","v":12},11,0,0,2,0,{"$f":"IF(OR($C581=\"S\",$C581=0),0,MATCH(OFFSET($D581,0,$C581)+IF($C581<>1,1,COUNTIF(QCI!$A$13:$A$32,ORÇAMENTO!E581)),OFFSET($D581,1,$C581,ROW($C$850)-ROW($C581)),0))","v":0},"F","Serviço","Serviço","12.11.2.","SINAPI","72947","SINALIZACAO HORIZONTAL COM TINTA RETRORREFLETIVA A BASE DE RESINA ACRILICA COM MICROESFERAS DE VIDRO - LINHA CONTÍNUA BRANCA","M2",{"$f":"OFFSET(CÁLCULO!H$15,ROW($T581)-ROW(T$15),0)","v":104.61},17.059999999999999,"BDI 1",{"$f":"IF($C581=\"S\",ROUND(IF(TIPOORCAMENTO=\"Proposto\",ORÇAMENTO.CustoUnitario*(1+$AH581),ORÇAMENTO.PrecoUnitarioLicitado),15-13*$AF$10),0)","v":21.07},2204.13,"RA","RA",{"$f":"IF($C581=\"S\",IF($Z581=\"CP\",$X581,IF($Z581=\"RA\",(($X581)*QCI!$AA$3),0)),SomaAgrup)","v":2204.13},0,{"$f":"IF($N581=\"\",\"\",IF(ORÇAMENTO.Descricao=\"\",\"DESCRIÇÃO\",IF(AND($C581=\"S\",ORÇAMENTO.Unidade=\"\"),\"UNIDADE\",IF($X581<0,\"VALOR NEGATIVO\",IF(OR(AND(TIPOORCAMENTO=\"Proposto\",$AG581<>\"\",$AG581>0,ORÇAMENTO.CustoUnitario>$AG581),AND(TIPOORCAMENTO=\"LICITADO\",ORÇAMENTO.PrecoUnitarioLicitado>$AN581)),\"ACIMA REF.\",\"\")))))","v":""},{"$f":"IF(C581<=CRONO.NivelExibicao,MAX($AD$15:OFFSET(AD581,-1,0))+IF($C581<>1,1,MAX(1,COUNTIF(QCI!$A$13:$A$32,OFFSET($E581,-1,0)))),\"\")","v":""},{"$f":"IF(AND($C581=\"S\",ORÇAMENTO.CodBarra<>\"\"),IF(ORÇAMENTO.Fonte=\"\",ORÇAMENTO.CodBarra,CONCATENATE(ORÇAMENTO.Fonte,\" \",ORÇAMENTO.CodBarra)))","v":"SINAPI 72947"},{"$f":"IF(ISERROR(INDIRECT(ORÇAMENTO.BancoRef)),\"(abra o arquivo 'Referência \"&Excel_BuiltIn_Database&\".xls)\",IF(OR($C581<>\"S\",ORÇAMENTO.CodBarra=\"\"),\"(Sem Código)\",IF(ISERROR(MATCH($AE581,INDIRECT(ORÇAMENTO.BancoRef),0)),\"(Código não identificado nas referências)\",MATCH($AE581,INDIRECT(ORÇAMENTO.BancoRef),0))))","v":"(abra o arquivo 'Referência 06-2023.xls)"},{"$f":"ROUND(IF(DESONERACAO=\"sim\",REFERENCIA.Desonerado,REFERENCIA.NaoDesonerado),2)","v":0},0.23530000000000001,null,104.61,null,null,2204.13,21.07]
[{"$f":"CHOOSE(1+LOG(1+2*(ORÇAMENTO.Nivel=\"Meta\")+4*(ORÇAMENTO.Nivel=\"Nível 2\")+8*(ORÇAMENTO.Nivel=\"Nível 3\")+16*(ORÇAMENTO.Nivel=\"Nível 4\")+32*(ORÇAMENTO.Nivel=\"Serviço\"),2),0,1,2,3,4,\"S\")","v":"S"},{"$f":"IF(OR(C582=\"s\",C582=0),OFFSET(B582,-1,0),C582)","v":2},{"$f":"IF(OFFSET(C582,-1,0)=\"L\",1,IF(OFFSET(C582,-1,0)=1,2,IF(OR(A582=\"s\",A582=0),\"S\",IF(AND(OFFSET(C582,-1,0)=2,A582=4),3,IF(AND(OR(OFFSET(C582,-1,0)=\"s\",OFFSET(C582,-1,0)=0),A582<>\"s\",A582>OFFSET(B582,-1,0)),OFFSET(B582,-1,0),A582)))))","v":"S"},{"$f":"IF(OR(C582=\"S\",C582=0),0,IF(ISERROR(K582),J582,SMALL(J582:K582,1)))","v":0},{"$f":"IF($C582=1,OFFSET(E582,-1,0)+MAX(1,COUNTIF(QCI!$A$13:$A$32,OFFSET(ORÇAMENTO!E582,-1,0))),OFFSET(E582,-1,0))","v":12},{"$f":"IF($C582=1,0,IF($C582=2,OFFSET(F582,-1,0)+1,OFFSET(F582,-1,0)))","v":11},{"$f":"IF(AND($C582<=2,$C582<>0),0,IF($C582=3,OFFSET(G582,-1,0)+1,OFFSET(G582,-1,0)))","v":0},{"$f":"IF(AND($C582<=3,$C582<>0),0,IF($C582=4,OFFSET(H582,-1,0)+1,OFFSET(H582,-1,0)))","v":0},{"$f":"IF(AND($C582<=4,$C582<>0),0,IF(AND($C582=\"S\",$X582>0),OFFSET(I582,-1,0)+1,OFFSET(I582,-1,0)))","v":3},0,{"$f":"IF(OR($C582=\"S\",$C582=0),0,MATCH(OFFSET($D582,0,$C582)+IF($C582<>1,1,COUNTIF(QCI!$A$13:$A$32,ORÇAMENTO!E582)),OFFSET($D582,1,$C582,ROW($C$850)-ROW($C582)),0))","v":0},{"$f":"IF(OR($X582>0,$C582=1,$C582=2,$C582=3,$C582=4),\"F\",\"\")","v":"F"},"Serviço",{"$f":"CHOOSE(1+LOG(1+2*(C582=1)+4*(C582=2)+8*(C582=3)+16*(C582=4)+32*(C582=\"S\"),2),\"\",\"Meta\",\"Nível 2\",\"Nível 3\",\"Nível 4\",\"Serviço\")","v":"Serviço"},{"$f":"IF(OR($C582=0,$L582=\"\"),\"-\",CONCATENATE(E582&\".\",IF(AND($A$5>=2,$C582>=2),F582&\".\",\"\"),IF(AND($A$5>=3,$C582>=3),G582&\".\",\"\"),IF(AND($A$5>=4,$C582>=4),H582&\".\",\"\"),IF($C582=\"S\",I582&\".\",\"\")))","v":"12.11.3."},"SINAPI","72947","SINALIZACAO HORIZONTAL COM TINTA RETRORREFLETIVA A BASE DE RESINA ACRILICA COM MICROESFERAS DE VIDRO - LINHA CONTÍNUA BRANCA","M2",{"$f":"OFFSET(CÁLCULO!H$15,ROW($T582)-ROW(T$15),0)","v":30.2},17.059999999999999,"BDI 1",{"$f":"IF($C582=\"S\",ROUND(IF(TIPOORCAMENTO=\"Proposto\",ORÇAMENTO.CustoUnitario*(1+$AH582),ORÇAMENTO.PrecoUnitarioLicitado),15-13*$AF$10),0)","v":21.07},{"$f":"IF($C582=\"S\",VTOTAL1,IF($C582=0,0,ROUND(SomaAgrup,15-13*$AF$11)))","v":636.30999999999995},"RA",{"$f":"IF(AND($C582=\"S\",$X582>0),IF(ISBLANK($Y582),\"RA\",LEFT($Y582,2)),\"\")","v":"RA"},{"$f":"IF($C582=\"S\",IF($Z582=\"CP\",$X582,IF($Z582=\"RA\",(($X582)*QCI!$AA$3),0)),SomaAgrup)","v":636.30999999999995},{"$f":"IF($C582=\"S\",IF($Z582=\"OU\",ROUND($X582,2),0),SomaAgrup)","v":0},{"$f":"IF($N582=\"\",\"\",IF(ORÇAMENTO.Descricao=\"\",\"DESCRIÇÃO\",IF(AND($C582=\"S\",ORÇAMENTO.Unidade=\"\"),\"UNIDADE\",IF($X582<0,\"VALOR NEGATIVO\",IF(OR(AND(TIPOORCAMENTO=\"Proposto\",$AG582<>\"\",$AG582>0,ORÇAMENTO.CustoUnitario>$AG582),AND(TIPOORCAMENTO=\"LICITADO\",ORÇAMENTO.PrecoUnitarioLicitado>$AN582)),\"ACIMA REF.\",\"\")))))","v":""},{"$f":"IF(C582<=CRONO.NivelExibicao,MAX($AD$15:OFFSET(AD582,-1,0))+IF($C582<>1,1,MAX(1,COUNTIF(QCI!$A$13:$A$32,OFFSET($E582,-1,0)))),\"\")","v":""},{"$f":"IF(AND($C582=\"S\",ORÇAMENTO.CodBarra<>\"\"),IF(ORÇAMENTO.Fonte=\"\",ORÇAMENTO.CodBarra,CONCATENATE(ORÇAMENTO.Fonte,\" \",ORÇAMENTO.CodBarra)))","v":"SINAPI 72947"},{"$f":"IF(ISERROR(INDIRECT(ORÇAMENTO.BancoRef)),\"(abra o arquivo 'Referência \"&Excel_BuiltIn_Database&\".xls)\",IF(OR($C582<>\"S\",ORÇAMENTO.CodBarra=\"\"),\"(Sem Código)\",IF(ISERROR(MATCH($AE582,INDIRECT(ORÇAMENTO.BancoRef),0)),\"(Código não identificado nas referências)\",MATCH($AE582,INDIRECT(ORÇAMENTO.BancoRef),0))))","v":"(abra o arquivo 'Referência 06-2023.xls)"},{"$f":"ROUND(IF(DESONERACAO=\"sim\",REFERENCIA.Desonerado,REFERENCIA.NaoDesonerado),2)","v":0},{"$f":"ROUND(IF(ISNUMBER(ORÇAMENTO.OpcaoBDI),ORÇAMENTO.OpcaoBDI,IF(LEFT(ORÇAMENTO.OpcaoBDI,3)=\"BDI\",HLOOKUP(ORÇAMENTO.OpcaoBDI,$F$4:$H$5,2,FALSE),0)),15-11*$AF$9)","v":0.23530000000000001},null,{"$f":"17.2+13","v":30.2},null,null,{"$f":"$X582","v":636.30999999999995},{"$f":"ROUND(ORÇAMENTO.CustoUnitario*(1+$AH582),2)","v":21.07}]
["S",2,"S",0,{"$f":"IF($C583=1,OFFSET(E583,-1,0)+MAX(1,COUNTIF(QCI!$A$13:$A$32,OFFSET(ORÇAMENTO!E583,-1,0))),OFFSET(E583,-1,0))","v":12},11,0,0,4,0,{"$f":"IF(OR($C583=\"S\",$C583=0),0,MATCH(OFFSET($D583,0,$C583)+IF($C583<>1,1,COUNTIF(QCI!$A$13:$A$32,ORÇAMENTO!E583)),OFFSET($D583,1,$C583,ROW($C$850)-ROW($C583)),0))","v":0},"F","Serviço","Serviço","12.11.4.","AMMOC",340,"PLACA DE SINALIZAÇÃO VIARIA CIRCULAR D = 50 CM, COM SUPORTE DE ACO GALVANIZADO D = 50 MM E ALTURA = 3M INCLUSIVE BASE DE CONCRETO MAGRO","UN",{"$f":"OFFSET(CÁLCULO!H$15,ROW($T583)-ROW(T$15),0)","v":13},365.01,"BDI 1",{"$f":"IF($C583=\"S\",ROUND(IF(TIPOORCAMENTO=\"Proposto\",ORÇAMENTO.CustoUnitario*(1+$AH583),ORÇAMENTO.PrecoUnitarioLicitado),15-13*$AF$10),0)","v":450.9},5861.7,"RA","RA",{"$f":"IF($C583=\"S\",IF($Z583=\"CP\",$X583,IF($Z583=\"RA\",(($X583)*QCI!$AA$3),0)),SomaAgrup)","v":5861.7},0,{"$f":"IF($N583=\"\",\"\",IF(ORÇAMENTO.Descricao=\"\",\"DESCRIÇÃO\",IF(AND($C583=\"S\",ORÇAMENTO.Unidade=\"\"),\"UNIDADE\",IF($X583<0,\"VALOR NEGATIVO\",IF(OR(AND(TIPOORCAMENTO=\"Proposto\",$AG583<>\"\",$AG583>0,ORÇAMENTO.CustoUnitario>$AG583),AND(TIPOORCAMENTO=\"LICITADO\",ORÇAMENTO.PrecoUnitarioLicitado>$AN583)),\"ACIMA REF.\",\"\")))))","v":""},{"$f":"IF(C583<=CRONO.NivelExibicao,MAX($AD$15:OFFSET(AD583,-1,0))+IF($C583<>1,1,MAX(1,COUNTIF(QCI!$A$13:$A$32,OFFSET($E583,-1,0)))),\"\")","v":""},{"$f":"IF(AND($C583=\"S\",ORÇAMENTO.CodBarra<>\"\"),IF(ORÇAMENTO.Fonte=\"\",ORÇAMENTO.CodBarra,CONCATENATE(ORÇAMENTO.Fonte,\" \",ORÇAMENTO.CodBarra)))","v":"AMMOC 340"},{"$f":"IF(ISERROR(INDIRECT(ORÇAMENTO.BancoRef)),\"(abra o arquivo 'Referência \"&Excel_BuiltIn_Database&\".xls)\",IF(OR($C583<>\"S\",ORÇAMENTO.CodBarra=\"\"),\"(Sem Código)\",IF(ISERROR(MATCH($AE583,INDIRECT(ORÇAMENTO.BancoRef),0)),\"(Código não identificado nas referências)\",MATCH($AE583,INDIRECT(ORÇAMENTO.BancoRef),0))))","v":"(abra o arquivo 'Referência 06-2023.xls)"},{"$f":"ROUND(IF(DESONERACAO=\"sim\",REFERENCIA.Desonerado,REFERENCIA.NaoDesonerado),2)","v":0},0.23530000000000001,null,13,null,null,5861.7,450.9]
["S",{"$f":"IF(OR(C584=\"s\",C584=0),OFFSET(B584,-1,0),C584)","v":2},{"$f":"IF(OFFSET(C584,-1,0)=\"L\",1,IF(OFFSET(C584,-1,0)=1,2,IF(OR(A584=\"s\",A584=0),\"S\",IF(AND(OFFSET(C584,-1,0)=2,A584=4),3,IF(AND(OR(OFFSET(C584,-1,0)=\"s\",OFFSET(C584,-1,0)=0),A584<>\"s\",A584>OFFSET(B584,-1,0)),OFFSET(B584,-1,0),A584)))))","v":"S"},{"$f":"IF(OR(C584=\"S\",C584=0),0,IF(ISERROR(K584),J584,SMALL(J584:K584,1)))","v":0},{"$f":"IF($C584=1,OFFSET(E584,-1,0)+MAX(1,COUNTIF(QCI!$A$13:$A$32,OFFSET(ORÇAMENTO!E584,-1,0))),OFFSET(E584,-1,0))","v":12},{"$f":"IF($C584=1,0,IF($C584=2,OFFSET(F584,-1,0)+1,OFFSET(F584,-1,0)))","v":11},{"$f":"IF(AND($C584<=2,$C584<>0),0,IF($C584=3,OFFSET(G584,-1,0)+1,OFFSET(G584,-1,0)))","v":0},{"$f":"IF(AND($C584<=3,$C584<>0),0,IF($C584=4,OFFSET(H584,-1,0)+1,OFFSET(H584,-1,0)))","v":0},{"$f":"IF(AND($C584<=4,$C584<>0),0,IF(AND($C584=\"S\",$X584>0),OFFSET(I584,-1,0)+1,OFFSET(I584,-1,0)))","v":5},0,{"$f":"IF(OR($C584=\"S\",$C584=0),0,MATCH(OFFSET($D584,0,$C584)+IF($C584<>1,1,COUNTIF(QCI!$A$13:$A$32,ORÇAMENTO!E584)),OFFSET($D584,1,$C584,ROW($C$850)-ROW($C584)),0))","v":0},{"$f":"IF(OR($X584>0,$C584=1,$C584=2,$C584=3,$C584=4),\"F\",\"\")","v":"F"},"Serviço",{"$f":"CHOOSE(1+LOG(1+2*(C584=1)+4*(C584=2)+8*(C584=3)+16*(C584=4)+32*(C584=\"S\"),2),\"\",\"Meta\",\"Nível 2\",\"Nível 3\",\"Nível 4\",\"Serviço\")","v":"Serviço"},{"$f":"IF(OR($C584=0,$L584=\"\"),\"-\",CONCATENATE(E584&\".\",IF(AND($A$5>=2,$C584>=2),F584&\".\",\"\"),IF(AND($A$5>=3,$C584>=3),G584&\".\",\"\"),IF(AND($A$5>=4,$C584>=4),H584&\".\",\"\"),IF($C584=\"S\",I584&\".\",\"\")))","v":"12.11.5."},"AMMOC","215","PLACA DE SINALIZACAO VIARIA OCTOGONAL A = 25 CM, COM SUPORTE DE AÇO GALVANIZADO D = 75 MM E ALTURA = 3 M, INCLUSIVE BASE DE CONCRETO MAGRO","UN ",{"$f":"OFFSET(CÁLCULO!H$15,ROW($T584)-ROW(T$15),0)","v":1},898.27,"BDI 1",{"$f":"IF($C584=\"S\",ROUND(IF(TIPOORCAMENTO=\"Proposto\",ORÇAMENTO.CustoUnitario*(1+$AH584),ORÇAMENTO.PrecoUnitarioLicitado),15-13*$AF$10),0)","v":1109.6300000000001},1109.6300000000001,"RA",{"$f":"IF(AND($C584=\"S\",$X584>0),IF(ISBLANK($Y584),\"RA\",LEFT($Y584,2)),\"\")","v":"RA"},{"$f":"IF($C584=\"S\",IF($Z584=\"CP\",$X584,IF($Z584=\"RA\",(($X584)*QCI!$AA$3),0)),SomaAgrup)","v":1109.6300000000001},0,{"$f":"IF($N584=\"\",\"\",IF(ORÇAMENTO.Descricao=\"\",\"DESCRIÇÃO\",IF(AND($C584=\"S\",ORÇAMENTO.Unidade=\"\"),\"UNIDADE\",IF($X584<0,\"VALOR NEGATIVO\",IF(OR(AND(TIPOORCAMENTO=\"Proposto\",$AG584<>\"\",$AG584>0,ORÇAMENTO.CustoUnitario>$AG584),AND(TIPOORCAMENTO=\"LICITADO\",ORÇAMENTO.PrecoUnitarioLicitado>$AN584)),\"ACIMA REF.\",\"\")))))","v":""},{"$f":"IF(C584<=CRONO.NivelExibicao,MAX($AD$15:OFFSET(AD584,-1,0))+IF($C584<>1,1,MAX(1,COUNTIF(QCI!$A$13:$A$32,OFFSET($E584,-1,0)))),\"\")","v":""},{"$f":"IF(AND($C584=\"S\",ORÇAMENTO.CodBarra<>\"\"),IF(ORÇAMENTO.Fonte=\"\",ORÇAMENTO.CodBarra,CONCATENATE(ORÇAMENTO.Fonte,\" \",ORÇAMENTO.CodBarra)))","v":"AMMOC 215"},{"$f":"IF(ISERROR(INDIRECT(ORÇAMENTO.BancoRef)),\"(abra o arquivo 'Referência \"&Excel_BuiltIn_Database&\".xls)\",IF(OR($C584<>\"S\",ORÇAMENTO.CodBarra=\"\"),\"(Sem Código)\",IF(ISERROR(MATCH($AE584,INDIRECT(ORÇAMENTO.BancoRef),0)),\"(Código não identificado nas referências)\",MATCH($AE584,INDIRECT(ORÇAMENTO.BancoRef),0))))","v":"(abra o arquivo 'Referência 06-2023.xls)"},{"$f":"ROUND(IF(DESONERACAO=\"sim\",REFERENCIA.Desonerado,REFERENCIA.NaoDesonerado),2)","v":0},0.23530000000000001,null,1,null,null,{"$f":"$X584","v":1109.6300000000001},1109.6300000000001]
["S",2,"S",0,{"$f":"IF($C585=1,OFFSET(E585,-1,0)+MAX(1,COUNTIF(QCI!$A$13:$A$32,OFFSET(ORÇAMENTO!E585,-1,0))),OFFSET(E585,-1,0))","v":12},11,0,0,6,0,{"$f":"IF(OR($C585=\"S\",$C585=0),0,MATCH(OFFSET($D585,0,$C585)+IF($C585<>1,1,COUNTIF(QCI!$A$13:$A$32,ORÇAMENTO!E585)),OFFSET($D585,1,$C585,ROW($C$850)-ROW($C585)),0))","v":0},"F","Serviço","Serviço","12.11.6.","AMMOC","PL1","PLACA DE SINALIZACAO VIARIA RETANGULAR 65 CM X 100 CM COM SUPORTE DE ACO GALVANIZADO D = 50 MM E ALTURA = 3 M, INCLUSIVE BASE DE CONCRETO NAO ESTRUTURAL","UND",{"$f":"OFFSET(CÁLCULO!H$15,ROW($T585)-ROW(T$15),0)","v":8},627.02,"BDI 1",{"$f":"IF($C585=\"S\",ROUND(IF(TIPOORCAMENTO=\"Proposto\",ORÇAMENTO.CustoUnitario*(1+$AH585),ORÇAMENTO.PrecoUnitarioLicitado),15-13*$AF$10),0)","v":774.56},6196.48,"RA","RA",{"$f":"IF($C585=\"S\",IF($Z585=\"CP\",$X585,IF($Z585=\"RA\",(($X585)*QCI!$AA$3),0)),SomaAgrup)","v":6196.48},0,{"$f":"IF($N585=\"\",\"\",IF(ORÇAMENTO.Descricao=\"\",\"DESCRIÇÃO\",IF(AND($C585=\"S\",ORÇAMENTO.Unidade=\"\"),\"UNIDADE\",IF($X585<0,\"VALOR NEGATIVO\",IF(OR(AND(TIPOORCAMENTO=\"Proposto\",$AG585<>\"\",$AG585>0,ORÇAMENTO.CustoUnitario>$AG585),AND(TIPOORCAMENTO=\"LICITADO\",ORÇAMENTO.PrecoUnitarioLicitado>$AN585)),\"ACIMA REF.\",\"\")))))","v":""},{"$f":"IF(C585<=CRONO.NivelExibicao,MAX($AD$15:OFFSET(AD585,-1,0))+IF($C585<>1,1,MAX(1,COUNTIF(QCI!$A$13:$A$32,OFFSET($E585,-1,0)))),\"\")","v":""},{"$f":"IF(AND($C585=\"S\",ORÇAMENTO.CodBarra<>\"\"),IF(ORÇAMENTO.Fonte=\"\",ORÇAMENTO.CodBarra,CONCATENATE(ORÇAMENTO.Fonte,\" \",ORÇAMENTO.CodBarra)))","v":"AMMOC PL1"},{"$f":"IF(ISERROR(INDIRECT(ORÇAMENTO.BancoRef)),\"(abra o arquivo 'Referência \"&Excel_BuiltIn_Database&\".xls)\",IF(OR($C585<>\"S\",ORÇAMENTO.CodBarra=\"\"),\"(Sem Código)\",IF(ISERROR(MATCH($AE585,INDIRECT(ORÇAMENTO.BancoRef),0)),\"(Código não identificado nas referências)\",MATCH($AE585,INDIRECT(ORÇAMENTO.BancoRef),0))))","v":"(abra o arquivo 'Referência 06-2023.xls)"},{"$f":"ROUND(IF(DESONERACAO=\"sim\",REFERENCIA.Desonerado,REFERENCIA.NaoDesonerado),2)","v":0},0.23530000000000001,null,8,null,null,6196.48,774.56]
["S",2,"S",0,{"$f":"IF($C586=1,OFFSET(E586,-1,0)+MAX(1,COUNTIF(QCI!$A$13:$A$32,OFFSET(ORÇAMENTO!E586,-1,0))),OFFSET(E586,-1,0))","v":12},11,0,0,7,0,{"$f":"IF(OR($C586=\"S\",$C586=0),0,MATCH(OFFSET($D586,0,$C586)+IF($C586<>1,1,COUNTIF(QCI!$A$13:$A$32,ORÇAMENTO!E586)),OFFSET($D586,1,$C586,ROW($C$850)-ROW($C586)),0))","v":0},"F","Serviço","Serviço","12.11.7.","AMMOC","337","PLACA DE SINALIZACAO VIARIA QUADRADA L = 60 CM, COM SUPORTE DE ACO GALVANIZADO D = 50 MM E ALTURA = 3 M, INCLUSIVE BASE DE CONCRETO MAGRO","UN ",{"$f":"OFFSET(CÁLCULO!H$15,ROW($T586)-ROW(T$15),0)","v":1},459.55,"BDI 1",{"$f":"IF($C586=\"S\",ROUND(IF(TIPOORCAMENTO=\"Proposto\",ORÇAMENTO.CustoUnitario*(1+$AH586),ORÇAMENTO.PrecoUnitarioLicitado),15-13*$AF$10),0)","v":567.67999999999995},567.67999999999995,"RA","RA",{"$f":"IF($C586=\"S\",IF($Z586=\"CP\",$X586,IF($Z586=\"RA\",(($X586)*QCI!$AA$3),0)),SomaAgrup)","v":567.67999999999995},0,{"$f":"IF($N586=\"\",\"\",IF(ORÇAMENTO.Descricao=\"\",\"DESCRIÇÃO\",IF(AND($C586=\"S\",ORÇAMENTO.Unidade=\"\"),\"UNIDADE\",IF($X586<0,\"VALOR NEGATIVO\",IF(OR(AND(TIPOORCAMENTO=\"Proposto\",$AG586<>\"\",$AG586>0,ORÇAMENTO.CustoUnitario>$AG586),AND(TIPOORCAMENTO=\"LICITADO\",ORÇAMENTO.PrecoUnitarioLicitado>$AN586)),\"ACIMA REF.\",\"\")))))","v":""},{"$f":"IF(C586<=CRONO.NivelExibicao,MAX($AD$15:OFFSET(AD586,-1,0))+IF($C586<>1,1,MAX(1,COUNTIF(QCI!$A$13:$A$32,OFFSET($E586,-1,0)))),\"\")","v":""},{"$f":"IF(AND($C586=\"S\",ORÇAMENTO.CodBarra<>\"\"),IF(ORÇAMENTO.Fonte=\"\",ORÇAMENTO.CodBarra,CONCATENATE(ORÇAMENTO.Fonte,\" \",ORÇAMENTO.CodBarra)))","v":"AMMOC 337"},{"$f":"IF(ISERROR(INDIRECT(ORÇAMENTO.BancoRef)),\"(abra o arquivo 'Referência \"&Excel_BuiltIn_Database&\".xls)\",IF(OR($C586<>\"S\",ORÇAMENTO.CodBarra=\"\"),\"(Sem Código)\",IF(ISERROR(MATCH($AE586,INDIRECT(ORÇAMENTO.BancoRef),0)),\"(Código não identificado nas referências)\",MATCH($AE586,INDIRECT(ORÇAMENTO.BancoRef),0))))","v":"(abra o arquivo 'Referência 06-2023.xls)"},{"$f":"ROUND(IF(DESONERACAO=\"sim\",REFERENCIA.Desonerado,REFERENCIA.NaoDesonerado),2)","v":0},0.23530000000000001,null,1,null,null,567.67999999999995,567.67999999999995]
["S",2,"S",0,{"$f":"IF($C587=1,OFFSET(E587,-1,0)+MAX(1,COUNTIF(QCI!$A$13:$A$32,OFFSET(ORÇAMENTO!E587,-1,0))),OFFSET(E587,-1,0))","v":12},11,0,0,8,0,{"$f":"IF(OR($C587=\"S\",$C587=0),0,MATCH(OFFSET($D587,0,$C587)+IF($C587<>1,1,COUNTIF(QCI!$A$13:$A$32,ORÇAMENTO!E587)),OFFSET($D587,1,$C587,ROW($C$850)-ROW($C587)),0))","v":0},"F","Serviço","Serviço","12.11.8.","AMMOC","PLRUA2","PLACA DE IDENTIFICACAO DE RUA (2 PLACA 45 CM X 20 CM), COM SUPORTE DE ACO GALVANIZADO D = 50 MM E ALTURA = 3 M, INCLUSIVE BASE DE CONCRETO MAGRO","UND",{"$f":"OFFSET(CÁLCULO!H$15,ROW($T587)-ROW(T$15),0)","v":1},418.2,"BDI 1",{"$f":"IF($C587=\"S\",ROUND(IF(TIPOORCAMENTO=\"Proposto\",ORÇAMENTO.CustoUnitario*(1+$AH587),ORÇAMENTO.PrecoUnitarioLicitado),15-13*$AF$10),0)","v":516.6},516.6,"RA","RA",{"$f":"IF($C587=\"S\",IF($Z587=\"CP\",$X587,IF($Z587=\"RA\",(($X587)*QCI!$AA$3),0)),SomaAgrup)","v":516.6},0,{"$f":"IF($N587=\"\",\"\",IF(ORÇAMENTO.Descricao=\"\",\"DESCRIÇÃO\",IF(AND($C587=\"S\",ORÇAMENTO.Unidade=\"\"),\"UNIDADE\",IF($X587<0,\"VALOR NEGATIVO\",IF(OR(AND(TIPOORCAMENTO=\"Proposto\",$AG587<>\"\",$AG587>0,ORÇAMENTO.CustoUnitario>$AG587),AND(TIPOORCAMENTO=\"LICITADO\",ORÇAMENTO.PrecoUnitarioLicitado>$AN587)),\"ACIMA REF.\",\"\")))))","v":""},{"$f":"IF(C587<=CRONO.NivelExibicao,MAX($AD$15:OFFSET(AD587,-1,0))+IF($C587<>1,1,MAX(1,COUNTIF(QCI!$A$13:$A$32,OFFSET($E587,-1,0)))),\"\")","v":""},{"$f":"IF(AND($C587=\"S\",ORÇAMENTO.CodBarra<>\"\"),IF(ORÇAMENTO.Fonte=\"\",ORÇAMENTO.CodBarra,CONCATENATE(ORÇAMENTO.Fonte,\" \",ORÇAMENTO.CodBarra)))","v":"AMMOC PLRUA2"},{"$f":"IF(ISERROR(INDIRECT(ORÇAMENTO.BancoRef)),\"(abra o arquivo 'Referência \"&Excel_BuiltIn_Database&\".xls)\",IF(OR($C587<>\"S\",ORÇAMENTO.CodBarra=\"\"),\"(Sem Código)\",IF(ISERROR(MATCH($AE587,INDIRECT(ORÇAMENTO.BancoRef),0)),\"(Código não identificado nas referências)\",MATCH($AE587,INDIRECT(ORÇAMENTO.BancoRef),0))))","v":"(abra o arquivo 'Referência 06-2023.xls)"},{"$f":"ROUND(IF(DESONERACAO=\"sim\",REFERENCIA.Desonerado,REFERENCIA.NaoDesonerado),2)","v":0},0.23530000000000001,null,1,null,null,516.6,516.6]
[1,1,1,41,{"$f":"IF($C588=1,OFFSET(E588,-1,0)+MAX(1,COUNTIF(QCI!$A$13:$A$32,OFFSET(ORÇAMENTO!E588,-1,0))),OFFSET(E588,-1,0))","v":13},0,0,0,0,262,{"$f":"IF(OR($C588=\"S\",$C588=0),0,MATCH(OFFSET($D588,0,$C588)+IF($C588<>1,1,COUNTIF(QCI!$A$13:$A$32,ORÇAMENTO!E588)),OFFSET($D588,1,$C588,ROW($C$850)-ROW($C588)),0))","v":41},"F","Meta","Meta","13.","SINAPI",null,"RUA VIDAL RAMOS","-",{"$f":"OFFSET(CÁLCULO!H$15,ROW($T588)-ROW(T$15),0)","v":0},0,"BDI 1",{"$f":"IF($C588=\"S\",ROUND(IF(TIPOORCAMENTO=\"Proposto\",ORÇAMENTO.CustoUnitario*(1+$AH588),ORÇAMENTO.PrecoUnitarioLicitado),15-13*$AF$10),0)","v":0},101085.32,"RA","",{"$f":"IF($C588=\"S\",IF($Z588=\"CP\",$X588,IF($Z588=\"RA\",(($X588)*QCI!$AA$3),0)),SomaAgrup)","v":101085.31999999999},0,{"$f":"IF($N588=\"\",\"\",IF(ORÇAMENTO.Descricao=\"\",\"DESCRIÇÃO\",IF(AND($C588=\"S\",ORÇAMENTO.Unidade=\"\"),\"UNIDADE\",IF($X588<0,\"VALOR NEGATIVO\",IF(OR(AND(TIPOORCAMENTO=\"Proposto\",$AG588<>\"\",$AG588>0,ORÇAMENTO.CustoUnitario>$AG588),AND(TIPOORCAMENTO=\"LICITADO\",ORÇAMENTO.PrecoUnitarioLicitado>$AN588)),\"ACIMA REF.\",\"\")))))","v":""},{"$f":"IF(C588<=CRONO.NivelExibicao,MAX($AD$15:OFFSET(AD588,-1,0))+IF($C588<>1,1,MAX(1,COUNTIF(QCI!$A$13:$A$32,OFFSET($E588,-1,0)))),\"\")","v":13},{"$f":"IF(AND($C588=\"S\",ORÇAMENTO.CodBarra<>\"\"),IF(ORÇAMENTO.Fonte=\"\",ORÇAMENTO.CodBarra,CONCATENATE(ORÇAMENTO.Fonte,\" \",ORÇAMENTO.CodBarra)))","v":false},{"$f":"IF(ISERROR(INDIRECT(ORÇAMENTO.BancoRef)),\"(abra o arquivo 'Referência \"&Excel_BuiltIn_Database&\".xls)\",IF(OR($C588<>\"S\",ORÇAMENTO.CodBarra=\"\"),\"(Sem Código)\",IF(ISERROR(MATCH($AE588,INDIRECT(ORÇAMENTO.BancoRef),0)),\"(Código não identificado nas referências)\",MATCH($AE588,INDIRECT(ORÇAMENTO.BancoRef),0))))","v":"(abra o arquivo 'Referência 06-2023.xls)"},{"$f":"ROUND(IF(DESONERACAO=\"sim\",REFERENCIA.Desonerado,REFERENCIA.NaoDesonerado),2)","v":0},0.23530000000000001,null,null,null,null,101085.32,0]
[2,2,2,2,{"$f":"IF($C589=1,OFFSET(E589,-1,0)+MAX(1,COUNTIF(QCI!$A$13:$A$32,OFFSET(ORÇAMENTO!E589,-1,0))),OFFSET(E589,-1,0))","v":13},1,0,0,0,40,{"$f":"IF(OR($C589=\"S\",$C589=0),0,MATCH(OFFSET($D589,0,$C589)+IF($C589<>1,1,COUNTIF(QCI!$A$13:$A$32,ORÇAMENTO!E589)),OFFSET($D589,1,$C589,ROW($C$850)-ROW($C589)),0))","v":2},"F","Nível 2","Nível 2","13.1.","SINAPI",null,"SERVIÇOS INICIAIS","-",{"$f":"OFFSET(CÁLCULO!H$15,ROW($T589)-ROW(T$15),0)","v":0},0,"BDI 1",{"$f":"IF($C589=\"S\",ROUND(IF(TIPOORCAMENTO=\"Proposto\",ORÇAMENTO.CustoUnitario*(1+$AH589),ORÇAMENTO.PrecoUnitarioLicitado),15-13*$AF$10),0)","v":0},33.15,"RA","",{"$f":"IF($C589=\"S\",IF($Z589=\"CP\",$X589,IF($Z589=\"RA\",(($X589)*QCI!$AA$3),0)),SomaAgrup)","v":33.15},0,{"$f":"IF($N589=\"\",\"\",IF(ORÇAMENTO.Descricao=\"\",\"DESCRIÇÃO\",IF(AND($C589=\"S\",ORÇAMENTO.Unidade=\"\"),\"UNIDADE\",IF($X589<0,\"VALOR NEGATIVO\",IF(OR(AND(TIPOORCAMENTO=\"Proposto\",$AG589<>\"\",$AG589>0,ORÇAMENTO.CustoUnitario>$AG589),AND(TIPOORCAMENTO=\"LICITADO\",ORÇAMENTO.PrecoUnitarioLicitado>$AN589)),\"ACIMA REF.\",\"\")))))","v":""},{"$f":"IF(C589<=CRONO.NivelExibicao,MAX($AD$15:OFFSET(AD589,-1,0))+IF($C589<>1,1,MAX(1,COUNTIF(QCI!$A$13:$A$32,OFFSET($E589,-1,0)))),\"\")","v":""},{"$f":"IF(AND($C589=\"S\",ORÇAMENTO.CodBarra<>\"\"),IF(ORÇAMENTO.Fonte=\"\",ORÇAMENTO.CodBarra,CONCATENATE(ORÇAMENTO.Fonte,\" \",ORÇAMENTO.CodBarra)))","v":false},{"$f":"IF(ISERROR(INDIRECT(ORÇAMENTO.BancoRef)),\"(abra o arquivo 'Referência \"&Excel_BuiltIn_Database&\".xls)\",IF(OR($C589<>\"S\",ORÇAMENTO.CodBarra=\"\"),\"(Sem Código)\",IF(ISERROR(MATCH($AE589,INDIRECT(ORÇAMENTO.BancoRef),0)),\"(Código não identificado nas referências)\",MATCH($AE589,INDIRECT(ORÇAMENTO.BancoRef),0))))","v":"(abra o arquivo 'Referência 06-2023.xls)"},{"$f":"ROUND(IF(DESONERACAO=\"sim\",REFERENCIA.Desonerado,REFERENCIA.NaoDesonerado),2)","v":0},0.23530000000000001,null,null,null,null,33.15,0]
["S",2,"S",0,{"$f":"IF($C590=1,OFFSET(E590,-1,0)+MAX(1,COUNTIF(QCI!$A$13:$A$32,OFFSET(ORÇAMENTO!E590,-1,0))),OFFSET(E590,-1,0))","v":13},1,0,0,1,0,{"$f":"IF(OR($C590=\"S\",$C590=0),0,MATCH(OFFSET($D590,0,$C590)+IF($C590<>1,1,COUNTIF(QCI!$A$13:$A$32,ORÇAMENTO!E590)),OFFSET($D590,1,$C590,ROW($C$850)-ROW($C590)),0))","v":0},"F","Serviço","Serviço","13.1.1.","SINAPI","99064","LOCAÇÃO DE PAVIMENTAÇÃO","M",{"$f":"OFFSET(CÁLCULO!H$15,ROW($T590)-ROW(T$15),0)","v":56.19},0.48,"BDI 1",{"$f":"IF($C590=\"S\",ROUND(IF(TIPOORCAMENTO=\"Proposto\",ORÇAMENTO.CustoUnitario*(1+$AH590),ORÇAMENTO.PrecoUnitarioLicitado),15-13*$AF$10),0)","v":0.59},33.15,"RA","RA",{"$f":"IF($C590=\"S\",IF($Z590=\"CP\",$X590,IF($Z590=\"RA\",(($X590)*QCI!$AA$3),0)),SomaAgrup)","v":33.15},0,{"$f":"IF($N590=\"\",\"\",IF(ORÇAMENTO.Descricao=\"\",\"DESCRIÇÃO\",IF(AND($C590=\"S\",ORÇAMENTO.Unidade=\"\"),\"UNIDADE\",IF($X590<0,\"VALOR NEGATIVO\",IF(OR(AND(TIPOORCAMENTO=\"Proposto\",$AG590<>\"\",$AG590>0,ORÇAMENTO.CustoUnitario>$AG590),AND(TIPOORCAMENTO=\"LICITADO\",ORÇAMENTO.PrecoUnitarioLicitado>$AN590)),\"ACIMA REF.\",\"\")))))","v":""},{"$f":"IF(C590<=CRONO.NivelExibicao,MAX($AD$15:OFFSET(AD590,-1,0))+IF($C590<>1,1,MAX(1,COUNTIF(QCI!$A$13:$A$32,OFFSET($E590,-1,0)))),\"\")","v":""},{"$f":"IF(AND($C590=\"S\",ORÇAMENTO.CodBarra<>\"\"),IF(ORÇAMENTO.Fonte=\"\",ORÇAMENTO.CodBarra,CONCATENATE(ORÇAMENTO.Fonte,\" \",ORÇAMENTO.CodBarra)))","v":"SINAPI 99064"},{"$f":"IF(ISERROR(INDIRECT(ORÇAMENTO.BancoRef)),\"(abra o arquivo 'Referência \"&Excel_BuiltIn_Database&\".xls)\",IF(OR($C590<>\"S\",ORÇAMENTO.CodBarra=\"\"),\"(Sem Código)\",IF(ISERROR(MATCH($AE590,INDIRECT(ORÇAMENTO.BancoRef),0)),\"(Código não identificado nas referências)\",MATCH($AE590,INDIRECT(ORÇAMENTO.BancoRef),0))))","v":"(abra o arquivo 'Referência 06-2023.xls)"},{"$f":"ROUND(IF(DESONERACAO=\"sim\",REFERENCIA.Desonerado,REFERENCIA.NaoDesonerado),2)","v":0},0.23530000000000001,null,56.19,null,null,33.15,0.59]
[2,2,2,2,{"$f":"IF($C591=1,OFFSET(E591,-1,0)+MAX(1,COUNTIF(QCI!$A$13:$A$32,OFFSET(ORÇAMENTO!E591,-1,0))),OFFSET(E591,-1,0))","v":13},2,0,0,0,38,{"$f":"IF(OR($C591=\"S\",$C591=0),0,MATCH(OFFSET($D591,0,$C591)+IF($C591<>1,1,COUNTIF(QCI!$A$13:$A$32,ORÇAMENTO!E591)),OFFSET($D591,1,$C591,ROW($C$850)-ROW($C591)),0))","v":2},"F","Nível 2","Nível 2","13.2.","SINAPI",null,"SINALIZAÇÃO E SEGURANÇA","-",{"$f":"OFFSET(CÁLCULO!H$15,ROW($T591)-ROW(T$15),0)","v":0},0,"BDI 1",{"$f":"IF($C591=\"S\",ROUND(IF(TIPOORCAMENTO=\"Proposto\",ORÇAMENTO.CustoUnitario*(1+$AH591),ORÇAMENTO.PrecoUnitarioLicitado),15-13*$AF$10),0)","v":0},2257.37,"RA","",{"$f":"IF($C591=\"S\",IF($Z591=\"CP\",$X591,IF($Z591=\"RA\",(($X591)*QCI!$AA$3),0)),SomaAgrup)","v":2257.37},0,{"$f":"IF($N591=\"\",\"\",IF(ORÇAMENTO.Descricao=\"\",\"DESCRIÇÃO\",IF(AND($C591=\"S\",ORÇAMENTO.Unidade=\"\"),\"UNIDADE\",IF($X591<0,\"VALOR NEGATIVO\",IF(OR(AND(TIPOORCAMENTO=\"Proposto\",$AG591<>\"\",$AG591>0,ORÇAMENTO.CustoUnitario>$AG591),AND(TIPOORCAMENTO=\"LICITADO\",ORÇAMENTO.PrecoUnitarioLicitado>$AN591)),\"ACIMA REF.\",\"\")))))","v":""},{"$f":"IF(C591<=CRONO.NivelExibicao,MAX($AD$15:OFFSET(AD591,-1,0))+IF($C591<>1,1,MAX(1,COUNTIF(QCI!$A$13:$A$32,OFFSET($E591,-1,0)))),\"\")","v":""},{"$f":"IF(AND($C591=\"S\",ORÇAMENTO.CodBarra<>\"\"),IF(ORÇAMENTO.Fonte=\"\",ORÇAMENTO.CodBarra,CONCATENATE(ORÇAMENTO.Fonte,\" \",ORÇAMENTO.CodBarra)))","v":false},{"$f":"IF(ISERROR(INDIRECT(ORÇAMENTO.BancoRef)),\"(abra o arquivo 'Referência \"&Excel_BuiltIn_Database&\".xls)\",IF(OR($C591<>\"S\",ORÇAMENTO.CodBarra=\"\"),\"(Sem Código)\",IF(ISERROR(MATCH($AE591,INDIRECT(ORÇAMENTO.BancoRef),0)),\"(Código não identificado nas referências)\",MATCH($AE591,INDIRECT(ORÇAMENTO.BancoRef),0))))","v":"(abra o arquivo 'Referência 06-2023.xls)"},{"$f":"ROUND(IF(DESONERACAO=\"sim\",REFERENCIA.Desonerado,REFERENCIA.NaoDesonerado),2)","v":0},0.23530000000000001,null,null,null,null,2257.37,0]
["S",2,"S",0,{"$f":"IF($C592=1,OFFSET(E592,-1,0)+MAX(1,COUNTIF(QCI!$A$13:$A$32,OFFSET(ORÇAMENTO!E592,-1,0))),OFFSET(E592,-1,0))","v":13},2,0,0,1,{"$f":"IF(OR($C592=\"S\",$C592=0),0,MATCH(0,OFFSET($D592,1,$C592,ROW($C$850)-ROW($C592)),0))","v":0},{"$f":"IF(OR($C592=\"S\",$C592=0),0,MATCH(OFFSET($D592,0,$C592)+IF($C592<>1,1,COUNTIF(QCI!$A$13:$A$32,ORÇAMENTO!E592)),OFFSET($D592,1,$C592,ROW($C$850)-ROW($C592)),0))","v":0},"F","Serviço","Serviço","13.2.1.","AMMOC","SIN","SINALIZAÇÃO COM TELA PLASTICA TIPO TAPUME FIXADA EM CONE PLÁSTICO, INCLUINDO CONE","M",{"$f":"OFFSET(CÁLCULO!H$15,ROW($T592)-ROW(T$15),0)","v":131.09},13.94,"BDI 1",{"$f":"IF($C592=\"S\",ROUND(IF(TIPOORCAMENTO=\"Proposto\",ORÇAMENTO.CustoUnitario*(1+$AH592),ORÇAMENTO.PrecoUnitarioLicitado),15-13*$AF$10),0)","v":17.22},2257.37,"RA","RA",{"$f":"IF($C592=\"S\",IF($Z592=\"CP\",$X592,IF($Z592=\"RA\",(($X592)*QCI!$AA$3),0)),SomaAgrup)","v":2257.37},0,{"$f":"IF($N592=\"\",\"\",IF(ORÇAMENTO.Descricao=\"\",\"DESCRIÇÃO\",IF(AND($C592=\"S\",ORÇAMENTO.Unidade=\"\"),\"UNIDADE\",IF($X592<0,\"VALOR NEGATIVO\",IF(OR(AND(TIPOORCAMENTO=\"Proposto\",$AG592<>\"\",$AG592>0,ORÇAMENTO.CustoUnitario>$AG592),AND(TIPOORCAMENTO=\"LICITADO\",ORÇAMENTO.PrecoUnitarioLicitado>$AN592)),\"ACIMA REF.\",\"\")))))","v":""},{"$f":"IF(C592<=CRONO.NivelExibicao,MAX($AD$15:OFFSET(AD592,-1,0))+IF($C592<>1,1,MAX(1,COUNTIF(QCI!$A$13:$A$32,OFFSET($E592,-1,0)))),\"\")","v":""},{"$f":"IF(AND($C592=\"S\",ORÇAMENTO.CodBarra<>\"\"),IF(ORÇAMENTO.Fonte=\"\",ORÇAMENTO.CodBarra,CONCATENATE(ORÇAMENTO.Fonte,\" \",ORÇAMENTO.CodBarra)))","v":"AMMOC SIN"},{"$f":"IF(ISERROR(INDIRECT(ORÇAMENTO.BancoRef)),\"(abra o arquivo 'Referência \"&Excel_BuiltIn_Database&\".xls)\",IF(OR($C592<>\"S\",ORÇAMENTO.CodBarra=\"\"),\"(Sem Código)\",IF(ISERROR(MATCH($AE592,INDIRECT(ORÇAMENTO.BancoRef),0)),\"(Código não identificado nas referências)\",MATCH($AE592,INDIRECT(ORÇAMENTO.BancoRef),0))))","v":"(abra o arquivo 'Referência 06-2023.xls)"},{"$f":"ROUND(IF(DESONERACAO=\"sim\",REFERENCIA.Desonerado,REFERENCIA.NaoDesonerado),2)","v":0},0.23530000000000001,null,131.09,null,null,2257.37,17.22]
[2,{"$f":"IF(OR(C593=\"s\",C593=0),OFFSET(B593,-1,0),C593)","v":2},{"$f":"IF(OFFSET(C593,-1,0)=\"L\",1,IF(OFFSET(C593,-1,0)=1,2,IF(OR(A593=\"s\",A593=0),\"S\",IF(AND(OFFSET(C593,-1,0)=2,A593=4),3,IF(AND(OR(OFFSET(C593,-1,0)=\"s\",OFFSET(C593,-1,0)=0),A593<>\"s\",A593>OFFSET(B593,-1,0)),OFFSET(B593,-1,0),A593)))))","v":2},{"$f":"IF(OR(C593=\"S\",C593=0),0,IF(ISERROR(K593),J593,SMALL(J593:K593,1)))","v":7},{"$f":"IF($C593=1,OFFSET(E593,-1,0)+MAX(1,COUNTIF(QCI!$A$13:$A$32,OFFSET(ORÇAMENTO!E593,-1,0))),OFFSET(E593,-1,0))","v":13},{"$f":"IF($C593=1,0,IF($C593=2,OFFSET(F593,-1,0)+1,OFFSET(F593,-1,0)))","v":3},{"$f":"IF(AND($C593<=2,$C593<>0),0,IF($C593=3,OFFSET(G593,-1,0)+1,OFFSET(G593,-1,0)))","v":0},{"$f":"IF(AND($C593<=3,$C593<>0),0,IF($C593=4,OFFSET(H593,-1,0)+1,OFFSET(H593,-1,0)))","v":0},{"$f":"IF(AND($C593<=4,$C593<>0),0,IF(AND($C593=\"S\",$X593>0),OFFSET(I593,-1,0)+1,OFFSET(I593,-1,0)))","v":0},36,{"$f":"IF(OR($C593=\"S\",$C593=0),0,MATCH(OFFSET($D593,0,$C593)+IF($C593<>1,1,COUNTIF(QCI!$A$13:$A$32,ORÇAMENTO!E593)),OFFSET($D593,1,$C593,ROW($C$850)-ROW($C593)),0))","v":7},{"$f":"IF(OR($X593>0,$C593=1,$C593=2,$C593=3,$C593=4),\"F\",\"\")","v":"F"},"Nível 2",{"$f":"CHOOSE(1+LOG(1+2*(C593=1)+4*(C593=2)+8*(C593=3)+16*(C593=4)+32*(C593=\"S\"),2),\"\",\"Meta\",\"Nível 2\",\"Nível 3\",\"Nível 4\",\"Serviço\")","v":"Nível 2"},{"$f":"IF(OR($C593=0,$L593=\"\"),\"-\",CONCATENATE(E593&\".\",IF(AND($A$5>=2,$C593>=2),F593&\".\",\"\"),IF(AND($A$5>=3,$C593>=3),G593&\".\",\"\"),IF(AND($A$5>=4,$C593>=4),H593&\".\",\"\"),IF($C593=\"S\",I593&\".\",\"\")))","v":"13.3."},"SINAPI",null,"ESCAVAÇÕES E MOVIMENTAÇÕES DE TERRA","-",{"$f":"OFFSET(CÁLCULO!H$15,ROW($T593)-ROW(T$15),0)","v":0},0,"BDI 1",{"$f":"IF($C593=\"S\",ROUND(IF(TIPOORCAMENTO=\"Proposto\",ORÇAMENTO.CustoUnitario*(1+$AH593),ORÇAMENTO.PrecoUnitarioLicitado),15-13*$AF$10),0)","v":0},792.07,"RA",{"$f":"IF(AND($C593=\"S\",$X593>0),IF(ISBLANK($Y593),\"RA\",LEFT($Y593,2)),\"\")","v":""},{"$f":"IF($C593=\"S\",IF($Z593=\"CP\",$X593,IF($Z593=\"RA\",(($X593)*QCI!$AA$3),0)),SomaAgrup)","v":792.06999999999994},0,{"$f":"IF($N593=\"\",\"\",IF(ORÇAMENTO.Descricao=\"\",\"DESCRIÇÃO\",IF(AND($C593=\"S\",ORÇAMENTO.Unidade=\"\"),\"UNIDADE\",IF($X593<0,\"VALOR NEGATIVO\",IF(OR(AND(TIPOORCAMENTO=\"Proposto\",$AG593<>\"\",$AG593>0,ORÇAMENTO.CustoUnitario>$AG593),AND(TIPOORCAMENTO=\"LICITADO\",ORÇAMENTO.PrecoUnitarioLicitado>$AN593)),\"ACIMA REF.\",\"\")))))","v":""},{"$f":"IF(C593<=CRONO.NivelExibicao,MAX($AD$15:OFFSET(AD593,-1,0))+IF($C593<>1,1,MAX(1,COUNTIF(QCI!$A$13:$A$32,OFFSET($E593,-1,0)))),\"\")","v":""},{"$f":"IF(AND($C593=\"S\",ORÇAMENTO.CodBarra<>\"\"),IF(ORÇAMENTO.Fonte=\"\",ORÇAMENTO.CodBarra,CONCATENATE(ORÇAMENTO.Fonte,\" \",ORÇAMENTO.CodBarra)))","v":false},{"$f":"IF(ISERROR(INDIRECT(ORÇAMENTO.BancoRef)),\"(abra o arquivo 'Referência \"&Excel_BuiltIn_Database&\".xls)\",IF(OR($C593<>\"S\",ORÇAMENTO.CodBarra=\"\"),\"(Sem Código)\",IF(ISERROR(MATCH($AE593,INDIRECT(ORÇAMENTO.BancoRef),0)),\"(Código não identificado nas referências)\",MATCH($AE593,INDIRECT(ORÇAMENTO.BancoRef),0))))","v":"(abra o arquivo 'Referência 06-2023.xls)"},{"$f":"ROUND(IF(DESONERACAO=\"sim\",REFERENCIA.Desonerado,REFERENCIA.NaoDesonerado),2)","v":0},0.23530000000000001,null,null,null,null,{"$f":"$X593","v":792.07},0]
["S",2,"S",0,{"$f":"IF($C594=1,OFFSET(E594,-1,0)+MAX(1,COUNTIF(QCI!$A$13:$A$32,OFFSET(ORÇAMENTO!E594,-1,0))),OFFSET(E594,-1,0))","v":13},3,0,0,1,0,{"$f":"IF(OR($C594=\"S\",$C594=0),0,MATCH(OFFSET($D594,0,$C594)+IF($C594<>1,1,COUNTIF(QCI!$A$13:$A$32,ORÇAMENTO!E594)),OFFSET($D594,1,$C594,ROW($C$850)-ROW($C594)),0))","v":0},"F","Serviço","Serviço","13.3.1.","SINAPI","102276","ESCAVAÇÃO MECANIZADA DE VALA E TALUDES EM SOLO DE 2A CATEGORIA, EM LOCAIS COM ALTO NÍVEL DE INTERFERÊNCIA","M3",{"$f":"OFFSET(CÁLCULO!H$15,ROW($T594)-ROW(T$15),0)","v":20.22},12.08,"BDI 1",{"$f":"IF($C594=\"S\",ROUND(IF(TIPOORCAMENTO=\"Proposto\",ORÇAMENTO.CustoUnitario*(1+$AH594),ORÇAMENTO.PrecoUnitarioLicitado),15-13*$AF$10),0)","v":14.92},301.68,"RA","RA",{"$f":"IF($C594=\"S\",IF($Z594=\"CP\",$X594,IF($Z594=\"RA\",(($X594)*QCI!$AA$3),0)),SomaAgrup)","v":301.68},0,{"$f":"IF($N594=\"\",\"\",IF(ORÇAMENTO.Descricao=\"\",\"DESCRIÇÃO\",IF(AND($C594=\"S\",ORÇAMENTO.Unidade=\"\"),\"UNIDADE\",IF($X594<0,\"VALOR NEGATIVO\",IF(OR(AND(TIPOORCAMENTO=\"Proposto\",$AG594<>\"\",$AG594>0,ORÇAMENTO.CustoUnitario>$AG594),AND(TIPOORCAMENTO=\"LICITADO\",ORÇAMENTO.PrecoUnitarioLicitado>$AN594)),\"ACIMA REF.\",\"\")))))","v":""},{"$f":"IF(C594<=CRONO.NivelExibicao,MAX($AD$15:OFFSET(AD594,-1,0))+IF($C594<>1,1,MAX(1,COUNTIF(QCI!$A$13:$A$32,OFFSET($E594,-1,0)))),\"\")","v":""},{"$f":"IF(AND($C594=\"S\",ORÇAMENTO.CodBarra<>\"\"),IF(ORÇAMENTO.Fonte=\"\",ORÇAMENTO.CodBarra,CONCATENATE(ORÇAMENTO.Fonte,\" \",ORÇAMENTO.CodBarra)))","v":"SINAPI 102276"},{"$f":"IF(ISERROR(INDIRECT(ORÇAMENTO.BancoRef)),\"(abra o arquivo 'Referência \"&Excel_BuiltIn_Database&\".xls)\",IF(OR($C594<>\"S\",ORÇAMENTO.CodBarra=\"\"),\"(Sem Código)\",IF(ISERROR(MATCH($AE594,INDIRECT(ORÇAMENTO.BancoRef),0)),\"(Código não identificado nas referências)\",MATCH($AE594,INDIRECT(ORÇAMENTO.BancoRef),0))))","v":"(abra o arquivo 'Referência 06-2023.xls)"},{"$f":"ROUND(IF(DESONERACAO=\"sim\",REFERENCIA.Desonerado,REFERENCIA.NaoDesonerado),2)","v":0},0.23530000000000001,null,20.22,null,null,301.68,14.92]
["S",2,"S",0,{"$f":"IF($C595=1,OFFSET(E595,-1,0)+MAX(1,COUNTIF(QCI!$A$13:$A$32,OFFSET(ORÇAMENTO!E595,-1,0))),OFFSET(E595,-1,0))","v":13},3,0,0,2,0,{"$f":"IF(OR($C595=\"S\",$C595=0),0,MATCH(OFFSET($D595,0,$C595)+IF($C595<>1,1,COUNTIF(QCI!$A$13:$A$32,ORÇAMENTO!E595)),OFFSET($D595,1,$C595,ROW($C$850)-ROW($C595)),0))","v":0},"F","Serviço","Serviço","13.3.2.","SINAPI","100978","CARGA, MANOBRA E DESCARGA DE MATERIAL REMOVIDO EM CAMINHÃO BASCULANTE - CARGA COM ESCAVADEIRA HIDRÁULICA","M3",{"$f":"OFFSET(CÁLCULO!H$15,ROW($T595)-ROW(T$15),0)","v":20.22},6.33,"BDI 1",{"$f":"IF($C595=\"S\",ROUND(IF(TIPOORCAMENTO=\"Proposto\",ORÇAMENTO.CustoUnitario*(1+$AH595),ORÇAMENTO.PrecoUnitarioLicitado),15-13*$AF$10),0)","v":7.82},158.12,"RA","RA",{"$f":"IF($C595=\"S\",IF($Z595=\"CP\",$X595,IF($Z595=\"RA\",(($X595)*QCI!$AA$3),0)),SomaAgrup)","v":158.12},0,{"$f":"IF($N595=\"\",\"\",IF(ORÇAMENTO.Descricao=\"\",\"DESCRIÇÃO\",IF(AND($C595=\"S\",ORÇAMENTO.Unidade=\"\"),\"UNIDADE\",IF($X595<0,\"VALOR NEGATIVO\",IF(OR(AND(TIPOORCAMENTO=\"Proposto\",$AG595<>\"\",$AG595>0,ORÇAMENTO.CustoUnitario>$AG595),AND(TIPOORCAMENTO=\"LICITADO\",ORÇAMENTO.PrecoUnitarioLicitado>$AN595)),\"ACIMA REF.\",\"\")))))","v":""},{"$f":"IF(C595<=CRONO.NivelExibicao,MAX($AD$15:OFFSET(AD595,-1,0))+IF($C595<>1,1,MAX(1,COUNTIF(QCI!$A$13:$A$32,OFFSET($E595,-1,0)))),\"\")","v":""},{"$f":"IF(AND($C595=\"S\",ORÇAMENTO.CodBarra<>\"\"),IF(ORÇAMENTO.Fonte=\"\",ORÇAMENTO.CodBarra,CONCATENATE(ORÇAMENTO.Fonte,\" \",ORÇAMENTO.CodBarra)))","v":"SINAPI 100978"},{"$f":"IF(ISERROR(INDIRECT(ORÇAMENTO.BancoRef)),\"(abra o arquivo 'Referência \"&Excel_BuiltIn_Database&\".xls)\",IF(OR($C595<>\"S\",ORÇAMENTO.CodBarra=\"\"),\"(Sem Código)\",IF(ISERROR(MATCH($AE595,INDIRECT(ORÇAMENTO.BancoRef),0)),\"(Código não identificado nas referências)\",MATCH($AE595,INDIRECT(ORÇAMENTO.BancoRef),0))))","v":"(abra o arquivo 'Referência 06-2023.xls)"},{"$f":"ROUND(IF(DESONERACAO=\"sim\",REFERENCIA.Desonerado,REFERENCIA.NaoDesonerado),2)","v":0},0.23530000000000001,null,{"$f":"AJ594","v":20.22},null,null,158.12,7.82]
["S",2,"S",0,{"$f":"IF($C596=1,OFFSET(E596,-1,0)+MAX(1,COUNTIF(QCI!$A$13:$A$32,OFFSET(ORÇAMENTO!E596,-1,0))),OFFSET(E596,-1,0))","v":13},3,0,0,3,0,{"$f":"IF(OR($C596=\"S\",$C596=0),0,MATCH(OFFSET($D596,0,$C596)+IF($C596<>1,1,COUNTIF(QCI!$A$13:$A$32,ORÇAMENTO!E596)),OFFSET($D596,1,$C596,ROW($C$850)-ROW($C596)),0))","v":0},"F","Serviço","Serviço","13.3.3.","SINAPI","95875","TRANSPORTE DE MATERIAL REMOVIDO COM CAMINHÃO BASCULANTE, DMT = 5 KM","M3XKM",{"$f":"OFFSET(CÁLCULO!H$15,ROW($T596)-ROW(T$15),0)","v":40.44},2.23,"BDI 1",{"$f":"IF($C596=\"S\",ROUND(IF(TIPOORCAMENTO=\"Proposto\",ORÇAMENTO.CustoUnitario*(1+$AH596),ORÇAMENTO.PrecoUnitarioLicitado),15-13*$AF$10),0)","v":2.75},111.21,"RA","RA",{"$f":"IF($C596=\"S\",IF($Z596=\"CP\",$X596,IF($Z596=\"RA\",(($X596)*QCI!$AA$3),0)),SomaAgrup)","v":111.21},0,{"$f":"IF($N596=\"\",\"\",IF(ORÇAMENTO.Descricao=\"\",\"DESCRIÇÃO\",IF(AND($C596=\"S\",ORÇAMENTO.Unidade=\"\"),\"UNIDADE\",IF($X596<0,\"VALOR NEGATIVO\",IF(OR(AND(TIPOORCAMENTO=\"Proposto\",$AG596<>\"\",$AG596>0,ORÇAMENTO.CustoUnitario>$AG596),AND(TIPOORCAMENTO=\"LICITADO\",ORÇAMENTO.PrecoUnitarioLicitado>$AN596)),\"ACIMA REF.\",\"\")))))","v":""},{"$f":"IF(C596<=CRONO.NivelExibicao,MAX($AD$15:OFFSET(AD596,-1,0))+IF($C596<>1,1,MAX(1,COUNTIF(QCI!$A$13:$A$32,OFFSET($E596,-1,0)))),\"\")","v":""},{"$f":"IF(AND($C596=\"S\",ORÇAMENTO.CodBarra<>\"\"),IF(ORÇAMENTO.Fonte=\"\",ORÇAMENTO.CodBarra,CONCATENATE(ORÇAMENTO.Fonte,\" \",ORÇAMENTO.CodBarra)))","v":"SINAPI 95875"},{"$f":"IF(ISERROR(INDIRECT(ORÇAMENTO.BancoRef)),\"(abra o arquivo 'Referência \"&Excel_BuiltIn_Database&\".xls)\",IF(OR($C596<>\"S\",ORÇAMENTO.CodBarra=\"\"),\"(Sem Código)\",IF(ISERROR(MATCH($AE596,INDIRECT(ORÇAMENTO.BancoRef),0)),\"(Código não identificado nas referências)\",MATCH($AE596,INDIRECT(ORÇAMENTO.BancoRef),0))))","v":"(abra o arquivo 'Referência 06-2023.xls)"},{"$f":"ROUND(IF(DESONERACAO=\"sim\",REFERENCIA.Desonerado,REFERENCIA.NaoDesonerado),2)","v":0},0.23530000000000001,null,{"$f":"AJ595*2","v":40.44},null,null,111.21,2.75]
["S",2,"S",0,{"$f":"IF($C597=1,OFFSET(E597,-1,0)+MAX(1,COUNTIF(QCI!$A$13:$A$32,OFFSET(ORÇAMENTO!E597,-1,0))),OFFSET(E597,-1,0))","v":13},3,0,0,4,0,{"$f":"IF(OR($C597=\"S\",$C597=0),0,MATCH(OFFSET($D597,0,$C597)+IF($C597<>1,1,COUNTIF(QCI!$A$13:$A$32,ORÇAMENTO!E597)),OFFSET($D597,1,$C597,ROW($C$850)-ROW($C597)),0))","v":0},"F","Serviço","Serviço","13.3.4.","SINAPI","102355","DESMONTE DE BLOCOS DE ROCHA COM MARTELETE PNEUMÁTICO","M3",{"$f":"OFFSET(CÁLCULO!H$15,ROW($T597)-ROW(T$15),0)","v":1.01},166.39,"BDI 1",{"$f":"IF($C597=\"S\",ROUND(IF(TIPOORCAMENTO=\"Proposto\",ORÇAMENTO.CustoUnitario*(1+$AH597),ORÇAMENTO.PrecoUnitarioLicitado),15-13*$AF$10),0)","v":205.54},207.6,"RA","RA",{"$f":"IF($C597=\"S\",IF($Z597=\"CP\",$X597,IF($Z597=\"RA\",(($X597)*QCI!$AA$3),0)),SomaAgrup)","v":207.6},0,{"$f":"IF($N597=\"\",\"\",IF(ORÇAMENTO.Descricao=\"\",\"DESCRIÇÃO\",IF(AND($C597=\"S\",ORÇAMENTO.Unidade=\"\"),\"UNIDADE\",IF($X597<0,\"VALOR NEGATIVO\",IF(OR(AND(TIPOORCAMENTO=\"Proposto\",$AG597<>\"\",$AG597>0,ORÇAMENTO.CustoUnitario>$AG597),AND(TIPOORCAMENTO=\"LICITADO\",ORÇAMENTO.PrecoUnitarioLicitado>$AN597)),\"ACIMA REF.\",\"\")))))","v":""},{"$f":"IF(C597<=CRONO.NivelExibicao,MAX($AD$15:OFFSET(AD597,-1,0))+IF($C597<>1,1,MAX(1,COUNTIF(QCI!$A$13:$A$32,OFFSET($E597,-1,0)))),\"\")","v":""},{"$f":"IF(AND($C597=\"S\",ORÇAMENTO.CodBarra<>\"\"),IF(ORÇAMENTO.Fonte=\"\",ORÇAMENTO.CodBarra,CONCATENATE(ORÇAMENTO.Fonte,\" \",ORÇAMENTO.CodBarra)))","v":"SINAPI 102355"},{"$f":"IF(ISERROR(INDIRECT(ORÇAMENTO.BancoRef)),\"(abra o arquivo 'Referência \"&Excel_BuiltIn_Database&\".xls)\",IF(OR($C597<>\"S\",ORÇAMENTO.CodBarra=\"\"),\"(Sem Código)\",IF(ISERROR(MATCH($AE597,INDIRECT(ORÇAMENTO.BancoRef),0)),\"(Código não identificado nas referências)\",MATCH($AE597,INDIRECT(ORÇAMENTO.BancoRef),0))))","v":"(abra o arquivo 'Referência 06-2023.xls)"},{"$f":"ROUND(IF(DESONERACAO=\"sim\",REFERENCIA.Desonerado,REFERENCIA.NaoDesonerado),2)","v":0},0.23530000000000001,null,{"$f":"AJ594*0.05","v":1.0109999999999999},null,null,207.6,205.54]
["S",2,"S",0,{"$f":"IF($C598=1,OFFSET(E598,-1,0)+MAX(1,COUNTIF(QCI!$A$13:$A$32,OFFSET(ORÇAMENTO!E598,-1,0))),OFFSET(E598,-1,0))","v":13},3,0,0,5,0,{"$f":"IF(OR($C598=\"S\",$C598=0),0,MATCH(OFFSET($D598,0,$C598)+IF($C598<>1,1,COUNTIF(QCI!$A$13:$A$32,ORÇAMENTO!E598)),OFFSET($D598,1,$C598,ROW($C$850)-ROW($C598)),0))","v":0},"F","Serviço","Serviço","13.3.5.","SINAPI","100978","CARGA, MANOBRA E DESCARGA DE MATERIAL REMOVIDO EM CAMINHÃO BASCULANTE - CARGA COM ESCAVADEIRA HIDRÁULICA","M3",{"$f":"OFFSET(CÁLCULO!H$15,ROW($T598)-ROW(T$15),0)","v":1.01},6.33,"BDI 1",{"$f":"IF($C598=\"S\",ROUND(IF(TIPOORCAMENTO=\"Proposto\",ORÇAMENTO.CustoUnitario*(1+$AH598),ORÇAMENTO.PrecoUnitarioLicitado),15-13*$AF$10),0)","v":7.82},7.9,"RA","RA",{"$f":"IF($C598=\"S\",IF($Z598=\"CP\",$X598,IF($Z598=\"RA\",(($X598)*QCI!$AA$3),0)),SomaAgrup)","v":7.9},0,{"$f":"IF($N598=\"\",\"\",IF(ORÇAMENTO.Descricao=\"\",\"DESCRIÇÃO\",IF(AND($C598=\"S\",ORÇAMENTO.Unidade=\"\"),\"UNIDADE\",IF($X598<0,\"VALOR NEGATIVO\",IF(OR(AND(TIPOORCAMENTO=\"Proposto\",$AG598<>\"\",$AG598>0,ORÇAMENTO.CustoUnitario>$AG598),AND(TIPOORCAMENTO=\"LICITADO\",ORÇAMENTO.PrecoUnitarioLicitado>$AN598)),\"ACIMA REF.\",\"\")))))","v":""},{"$f":"IF(C598<=CRONO.NivelExibicao,MAX($AD$15:OFFSET(AD598,-1,0))+IF($C598<>1,1,MAX(1,COUNTIF(QCI!$A$13:$A$32,OFFSET($E598,-1,0)))),\"\")","v":""},{"$f":"IF(AND($C598=\"S\",ORÇAMENTO.CodBarra<>\"\"),IF(ORÇAMENTO.Fonte=\"\",ORÇAMENTO.CodBarra,CONCATENATE(ORÇAMENTO.Fonte,\" \",ORÇAMENTO.CodBarra)))","v":"SINAPI 100978"},{"$f":"IF(ISERROR(INDIRECT(ORÇAMENTO.BancoRef)),\"(abra o arquivo 'Referência \"&Excel_BuiltIn_Database&\".xls)\",IF(OR($C598<>\"S\",ORÇAMENTO.CodBarra=\"\"),\"(Sem Código)\",IF(ISERROR(MATCH($AE598,INDIRECT(ORÇAMENTO.BancoRef),0)),\"(Código não identificado nas referências)\",MATCH($AE598,INDIRECT(ORÇAMENTO.BancoRef),0))))","v":"(abra o arquivo 'Referência 06-2023.xls)"},{"$f":"ROUND(IF(DESONERACAO=\"sim\",REFERENCIA.Desonerado,REFERENCIA.NaoDesonerado),2)","v":0},0.23530000000000001,null,{"$f":"AJ597","v":1.0109999999999999},null,null,7.9,7.82]
["S",2,"S",0,{"$f":"IF($C599=1,OFFSET(E599,-1,0)+MAX(1,COUNTIF(QCI!$A$13:$A$32,OFFSET(ORÇAMENTO!E599,-1,0))),OFFSET(E599,-1,0))","v":13},3,0,0,6,0,{"$f":"IF(OR($C599=\"S\",$C599=0),0,MATCH(OFFSET($D599,0,$C599)+IF($C599<>1,1,COUNTIF(QCI!$A$13:$A$32,ORÇAMENTO!E599)),OFFSET($D599,1,$C599,ROW($C$850)-ROW($C599)),0))","v":0},"F","Serviço","Serviço","13.3.6.","SINAPI","95875","TRANSPORTE DE MATERIAL REMOVIDO COM CAMINHÃO BASCULANTE, DMT = 2 KM","M3XKM",{"$f":"OFFSET(CÁLCULO!H$15,ROW($T599)-ROW(T$15),0)","v":2.02},2.23,"BDI 1",{"$f":"IF($C599=\"S\",ROUND(IF(TIPOORCAMENTO=\"Proposto\",ORÇAMENTO.CustoUnitario*(1+$AH599),ORÇAMENTO.PrecoUnitarioLicitado),15-13*$AF$10),0)","v":2.75},5.56,"RA","RA",{"$f":"IF($C599=\"S\",IF($Z599=\"CP\",$X599,IF($Z599=\"RA\",(($X599)*QCI!$AA$3),0)),SomaAgrup)","v":5.56},0,{"$f":"IF($N599=\"\",\"\",IF(ORÇAMENTO.Descricao=\"\",\"DESCRIÇÃO\",IF(AND($C599=\"S\",ORÇAMENTO.Unidade=\"\"),\"UNIDADE\",IF($X599<0,\"VALOR NEGATIVO\",IF(OR(AND(TIPOORCAMENTO=\"Proposto\",$AG599<>\"\",$AG599>0,ORÇAMENTO.CustoUnitario>$AG599),AND(TIPOORCAMENTO=\"LICITADO\",ORÇAMENTO.PrecoUnitarioLicitado>$AN599)),\"ACIMA REF.\",\"\")))))","v":""},{"$f":"IF(C599<=CRONO.NivelExibicao,MAX($AD$15:OFFSET(AD599,-1,0))+IF($C599<>1,1,MAX(1,COUNTIF(QCI!$A$13:$A$32,OFFSET($E599,-1,0)))),\"\")","v":""},{"$f":"IF(AND($C599=\"S\",ORÇAMENTO.CodBarra<>\"\"),IF(ORÇAMENTO.Fonte=\"\",ORÇAMENTO.CodBarra,CONCATENATE(ORÇAMENTO.Fonte,\" \",ORÇAMENTO.CodBarra)))","v":"SINAPI 95875"},{"$f":"IF(ISERROR(INDIRECT(ORÇAMENTO.BancoRef)),\"(abra o arquivo 'Referência \"&Excel_BuiltIn_Database&\".xls)\",IF(OR($C599<>\"S\",ORÇAMENTO.CodBarra=\"\"),\"(Sem Código)\",IF(ISERROR(MATCH($AE599,INDIRECT(ORÇAMENTO.BancoRef),0)),\"(Código não identificado nas referências)\",MATCH($AE599,INDIRECT(ORÇAMENTO.BancoRef),0))))","v":"(abra o arquivo 'Referência 06-2023.xls)"},{"$f":"ROUND(IF(DESONERACAO=\"sim\",REFERENCIA.Desonerado,REFERENCIA.NaoDesonerado),2)","v":0},0.23530000000000001,null,{"$f":"AJ598*2","v":2.0219999999999998},null,null,5.56,2.75]
[2,2,2,3,{"$f":"IF($C600=1,OFFSET(E600,-1,0)+MAX(1,COUNTIF(QCI!$A$13:$A$32,OFFSET(ORÇAMENTO!E600,-1,0))),OFFSET(E600,-1,0))","v":13},4,0,0,0,29,{"$f":"IF(OR($C600=\"S\",$C600=0),0,MATCH(OFFSET($D600,0,$C600)+IF($C600<>1,1,COUNTIF(QCI!$A$13:$A$32,ORÇAMENTO!E600)),OFFSET($D600,1,$C600,ROW($C$850)-ROW($C600)),0))","v":3},"F","Nível 2","Nível 2","13.4.","SINAPI",null,"DRENAGEM","-",{"$f":"OFFSET(CÁLCULO!H$15,ROW($T600)-ROW(T$15),0)","v":0},0,"BDI 1",{"$f":"IF($C600=\"S\",ROUND(IF(TIPOORCAMENTO=\"Proposto\",ORÇAMENTO.CustoUnitario*(1+$AH600),ORÇAMENTO.PrecoUnitarioLicitado),15-13*$AF$10),0)","v":0},13007.91,"RA","",{"$f":"IF($C600=\"S\",IF($Z600=\"CP\",$X600,IF($Z600=\"RA\",(($X600)*QCI!$AA$3),0)),SomaAgrup)","v":13007.91},0,{"$f":"IF($N600=\"\",\"\",IF(ORÇAMENTO.Descricao=\"\",\"DESCRIÇÃO\",IF(AND($C600=\"S\",ORÇAMENTO.Unidade=\"\"),\"UNIDADE\",IF($X600<0,\"VALOR NEGATIVO\",IF(OR(AND(TIPOORCAMENTO=\"Proposto\",$AG600<>\"\",$AG600>0,ORÇAMENTO.CustoUnitario>$AG600),AND(TIPOORCAMENTO=\"LICITADO\",ORÇAMENTO.PrecoUnitarioLicitado>$AN600)),\"ACIMA REF.\",\"\")))))","v":""},{"$f":"IF(C600<=CRONO.NivelExibicao,MAX($AD$15:OFFSET(AD600,-1,0))+IF($C600<>1,1,MAX(1,COUNTIF(QCI!$A$13:$A$32,OFFSET($E600,-1,0)))),\"\")","v":""},{"$f":"IF(AND($C600=\"S\",ORÇAMENTO.CodBarra<>\"\"),IF(ORÇAMENTO.Fonte=\"\",ORÇAMENTO.CodBarra,CONCATENATE(ORÇAMENTO.Fonte,\" \",ORÇAMENTO.CodBarra)))","v":false},{"$f":"IF(ISERROR(INDIRECT(ORÇAMENTO.BancoRef)),\"(abra o arquivo 'Referência \"&Excel_BuiltIn_Database&\".xls)\",IF(OR($C600<>\"S\",ORÇAMENTO.CodBarra=\"\"),\"(Sem Código)\",IF(ISERROR(MATCH($AE600,INDIRECT(ORÇAMENTO.BancoRef),0)),\"(Código não identificado nas referências)\",MATCH($AE600,INDIRECT(ORÇAMENTO.BancoRef),0))))","v":"(abra o arquivo 'Referência 06-2023.xls)"},{"$f":"ROUND(IF(DESONERACAO=\"sim\",REFERENCIA.Desonerado,REFERENCIA.NaoDesonerado),2)","v":0},0.23530000000000001,null,null,null,null,13007.91,0]
["S",2,"S",0,{"$f":"IF($C601=1,OFFSET(E601,-1,0)+MAX(1,COUNTIF(QCI!$A$13:$A$32,OFFSET(ORÇAMENTO!E601,-1,0))),OFFSET(E601,-1,0))","v":13},4,0,0,1,0,{"$f":"IF(OR($C601=\"S\",$C601=0),0,MATCH(OFFSET($D601,0,$C601)+IF($C601<>1,1,COUNTIF(QCI!$A$13:$A$32,ORÇAMENTO!E601)),OFFSET($D601,1,$C601,ROW($C$850)-ROW($C601)),0))","v":0},"F","Serviço","Serviço","13.4.1.","AMMOC","BL01","BOCA DE LOBO EM CONCRETO ARMADO E GRADE DE AÇO EM BARRA DE FERRO CHATA 0,70M X 1,00M - TIPO 1 ","UND",{"$f":"OFFSET(CÁLCULO!H$15,ROW($T601)-ROW(T$15),0)","v":3},2617.0700000000002,"BDI 1",{"$f":"IF($C601=\"S\",ROUND(IF(TIPOORCAMENTO=\"Proposto\",ORÇAMENTO.CustoUnitario*(1+$AH601),ORÇAMENTO.PrecoUnitarioLicitado),15-13*$AF$10),0)","v":3232.87},9698.61,"RA","RA",{"$f":"IF($C601=\"S\",IF($Z601=\"CP\",$X601,IF($Z601=\"RA\",(($X601)*QCI!$AA$3),0)),SomaAgrup)","v":9698.61},0,{"$f":"IF($N601=\"\",\"\",IF(ORÇAMENTO.Descricao=\"\",\"DESCRIÇÃO\",IF(AND($C601=\"S\",ORÇAMENTO.Unidade=\"\"),\"UNIDADE\",IF($X601<0,\"VALOR NEGATIVO\",IF(OR(AND(TIPOORCAMENTO=\"Proposto\",$AG601<>\"\",$AG601>0,ORÇAMENTO.CustoUnitario>$AG601),AND(TIPOORCAMENTO=\"LICITADO\",ORÇAMENTO.PrecoUnitarioLicitado>$AN601)),\"ACIMA REF.\",\"\")))))","v":""},{"$f":"IF(C601<=CRONO.NivelExibicao,MAX($AD$15:OFFSET(AD601,-1,0))+IF($C601<>1,1,MAX(1,COUNTIF(QCI!$A$13:$A$32,OFFSET($E601,-1,0)))),\"\")","v":""},{"$f":"IF(AND($C601=\"S\",ORÇAMENTO.CodBarra<>\"\"),IF(ORÇAMENTO.Fonte=\"\",ORÇAMENTO.CodBarra,CONCATENATE(ORÇAMENTO.Fonte,\" \",ORÇAMENTO.CodBarra)))","v":"AMMOC BL01"},{"$f":"IF(ISERROR(INDIRECT(ORÇAMENTO.BancoRef)),\"(abra o arquivo 'Referência \"&Excel_BuiltIn_Database&\".xls)\",IF(OR($C601<>\"S\",ORÇAMENTO.CodBarra=\"\"),\"(Sem Código)\",IF(ISERROR(MATCH($AE601,INDIRECT(ORÇAMENTO.BancoRef),0)),\"(Código não identificado nas referências)\",MATCH($AE601,INDIRECT(ORÇAMENTO.BancoRef),0))))","v":"(abra o arquivo 'Referência 06-2023.xls)"},{"$f":"ROUND(IF(DESONERACAO=\"sim\",REFERENCIA.Desonerado,REFERENCIA.NaoDesonerado),2)","v":0},0.23530000000000001,null,3,null,null,9698.61,3232.87]
["S",2,"S",0,{"$f":"IF($C602=1,OFFSET(E602,-1,0)+MAX(1,COUNTIF(QCI!$A$13:$A$32,OFFSET(ORÇAMENTO!E602,-1,0))),OFFSET(E602,-1,0))","v":13},4,0,0,2,0,{"$f":"IF(OR($C602=\"S\",$C602=0),0,MATCH(OFFSET($D602,0,$C602)+IF($C602<>1,1,COUNTIF(QCI!$A$13:$A$32,ORÇAMENTO!E602)),OFFSET($D602,1,$C602,ROW($C$850)-ROW($C602)),0))","v":0},"F","Serviço","Serviço","13.4.2.","SINAPI","92219","TUBO DE CONCRETO PARA REDES COLETORAS DE ÁGUAS PLUVIAIS, DIÂMETRO DE 400 MM, JUNTA ENVOLTA EM MANTA GEOTÊXTIL, INSTALADO EM LOCAL COM ALTO NÍVEL DE INTERFERÊNCIAS - FORNECIMENTO E ASSENTAMENTO","M",{"$f":"OFFSET(CÁLCULO!H$15,ROW($T602)-ROW(T$15),0)","v":15},178.6,"BDI 1",{"$f":"IF($C602=\"S\",ROUND(IF(TIPOORCAMENTO=\"Proposto\",ORÇAMENTO.CustoUnitario*(1+$AH602),ORÇAMENTO.PrecoUnitarioLicitado),15-13*$AF$10),0)","v":220.62},3309.3,"RA","RA",{"$f":"IF($C602=\"S\",IF($Z602=\"CP\",$X602,IF($Z602=\"RA\",(($X602)*QCI!$AA$3),0)),SomaAgrup)","v":3309.3},0,{"$f":"IF($N602=\"\",\"\",IF(ORÇAMENTO.Descricao=\"\",\"DESCRIÇÃO\",IF(AND($C602=\"S\",ORÇAMENTO.Unidade=\"\"),\"UNIDADE\",IF($X602<0,\"VALOR NEGATIVO\",IF(OR(AND(TIPOORCAMENTO=\"Proposto\",$AG602<>\"\",$AG602>0,ORÇAMENTO.CustoUnitario>$AG602),AND(TIPOORCAMENTO=\"LICITADO\",ORÇAMENTO.PrecoUnitarioLicitado>$AN602)),\"ACIMA REF.\",\"\")))))","v":""},{"$f":"IF(C602<=CRONO.NivelExibicao,MAX($AD$15:OFFSET(AD602,-1,0))+IF($C602<>1,1,MAX(1,COUNTIF(QCI!$A$13:$A$32,OFFSET($E602,-1,0)))),\"\")","v":""},{"$f":"IF(AND($C602=\"S\",ORÇAMENTO.CodBarra<>\"\"),IF(ORÇAMENTO.Fonte=\"\",ORÇAMENTO.CodBarra,CONCATENATE(ORÇAMENTO.Fonte,\" \",ORÇAMENTO.CodBarra)))","v":"SINAPI 92219"},{"$f":"IF(ISERROR(INDIRECT(ORÇAMENTO.BancoRef)),\"(abra o arquivo 'Referência \"&Excel_BuiltIn_Database&\".xls)\",IF(OR($C602<>\"S\",ORÇAMENTO.CodBarra=\"\"),\"(Sem Código)\",IF(ISERROR(MATCH($AE602,INDIRECT(ORÇAMENTO.BancoRef),0)),\"(Código não identificado nas referências)\",MATCH($AE602,INDIRECT(ORÇAMENTO.BancoRef),0))))","v":"(abra o arquivo 'Referência 06-2023.xls)"},{"$f":"ROUND(IF(DESONERACAO=\"sim\",REFERENCIA.Desonerado,REFERENCIA.NaoDesonerado),2)","v":0},0.23530000000000001,null,15,null,null,3309.3,220.62]
[2,2,2,4,{"$f":"IF($C603=1,OFFSET(E603,-1,0)+MAX(1,COUNTIF(QCI!$A$13:$A$32,OFFSET(ORÇAMENTO!E603,-1,0))),OFFSET(E603,-1,0))","v":13},5,0,0,0,26,{"$f":"IF(OR($C603=\"S\",$C603=0),0,MATCH(OFFSET($D603,0,$C603)+IF($C603<>1,1,COUNTIF(QCI!$A$13:$A$32,ORÇAMENTO!E603)),OFFSET($D603,1,$C603,ROW($C$850)-ROW($C603)),0))","v":4},"F","Nível 2","Nível 2","13.5.","SINAPI",null,"REATERROS","-",{"$f":"OFFSET(CÁLCULO!H$15,ROW($T603)-ROW(T$15),0)","v":0},0,"BDI 1",{"$f":"IF($C603=\"S\",ROUND(IF(TIPOORCAMENTO=\"Proposto\",ORÇAMENTO.CustoUnitario*(1+$AH603),ORÇAMENTO.PrecoUnitarioLicitado),15-13*$AF$10),0)","v":0},2464.6799999999998,"RA","",{"$f":"IF($C603=\"S\",IF($Z603=\"CP\",$X603,IF($Z603=\"RA\",(($X603)*QCI!$AA$3),0)),SomaAgrup)","v":2464.6800000000003},0,{"$f":"IF($N603=\"\",\"\",IF(ORÇAMENTO.Descricao=\"\",\"DESCRIÇÃO\",IF(AND($C603=\"S\",ORÇAMENTO.Unidade=\"\"),\"UNIDADE\",IF($X603<0,\"VALOR NEGATIVO\",IF(OR(AND(TIPOORCAMENTO=\"Proposto\",$AG603<>\"\",$AG603>0,ORÇAMENTO.CustoUnitario>$AG603),AND(TIPOORCAMENTO=\"LICITADO\",ORÇAMENTO.PrecoUnitarioLicitado>$AN603)),\"ACIMA REF.\",\"\")))))","v":""},{"$f":"IF(C603<=CRONO.NivelExibicao,MAX($AD$15:OFFSET(AD603,-1,0))+IF($C603<>1,1,MAX(1,COUNTIF(QCI!$A$13:$A$32,OFFSET($E603,-1,0)))),\"\")","v":""},{"$f":"IF(AND($C603=\"S\",ORÇAMENTO.CodBarra<>\"\"),IF(ORÇAMENTO.Fonte=\"\",ORÇAMENTO.CodBarra,CONCATENATE(ORÇAMENTO.Fonte,\" \",ORÇAMENTO.CodBarra)))","v":false},{"$f":"IF(ISERROR(INDIRECT(ORÇAMENTO.BancoRef)),\"(abra o arquivo 'Referência \"&Excel_BuiltIn_Database&\".xls)\",IF(OR($C603<>\"S\",ORÇAMENTO.CodBarra=\"\"),\"(Sem Código)\",IF(ISERROR(MATCH($AE603,INDIRECT(ORÇAMENTO.BancoRef),0)),\"(Código não identificado nas referências)\",MATCH($AE603,INDIRECT(ORÇAMENTO.BancoRef),0))))","v":"(abra o arquivo 'Referência 06-2023.xls)"},{"$f":"ROUND(IF(DESONERACAO=\"sim\",REFERENCIA.Desonerado,REFERENCIA.NaoDesonerado),2)","v":0},0.23530000000000001,null,null,null,null,2464.6799999999998,0]
["S",2,"S",0,{"$f":"IF($C604=1,OFFSET(E604,-1,0)+MAX(1,COUNTIF(QCI!$A$13:$A$32,OFFSET(ORÇAMENTO!E604,-1,0))),OFFSET(E604,-1,0))","v":13},5,0,0,1,0,{"$f":"IF(OR($C604=\"S\",$C604=0),0,MATCH(OFFSET($D604,0,$C604)+IF($C604<>1,1,COUNTIF(QCI!$A$13:$A$32,ORÇAMENTO!E604)),OFFSET($D604,1,$C604,ROW($C$850)-ROW($C604)),0))","v":0},"F","Serviço","Serviço","13.5.1.","SINAPI-I","4718","PEDRA BRITADA N. 2 (19 A 38 MM) PARA REATERRO DE VALAS","M3    ",{"$f":"OFFSET(CÁLCULO!H$15,ROW($T604)-ROW(T$15),0)","v":12.6},107.5,"BDI 1",{"$f":"IF($C604=\"S\",ROUND(IF(TIPOORCAMENTO=\"Proposto\",ORÇAMENTO.CustoUnitario*(1+$AH604),ORÇAMENTO.PrecoUnitarioLicitado),15-13*$AF$10),0)","v":132.79},1673.15,"RA","RA",{"$f":"IF($C604=\"S\",IF($Z604=\"CP\",$X604,IF($Z604=\"RA\",(($X604)*QCI!$AA$3),0)),SomaAgrup)","v":1673.15},0,{"$f":"IF($N604=\"\",\"\",IF(ORÇAMENTO.Descricao=\"\",\"DESCRIÇÃO\",IF(AND($C604=\"S\",ORÇAMENTO.Unidade=\"\"),\"UNIDADE\",IF($X604<0,\"VALOR NEGATIVO\",IF(OR(AND(TIPOORCAMENTO=\"Proposto\",$AG604<>\"\",$AG604>0,ORÇAMENTO.CustoUnitario>$AG604),AND(TIPOORCAMENTO=\"LICITADO\",ORÇAMENTO.PrecoUnitarioLicitado>$AN604)),\"ACIMA REF.\",\"\")))))","v":""},{"$f":"IF(C604<=CRONO.NivelExibicao,MAX($AD$15:OFFSET(AD604,-1,0))+IF($C604<>1,1,MAX(1,COUNTIF(QCI!$A$13:$A$32,OFFSET($E604,-1,0)))),\"\")","v":""},{"$f":"IF(AND($C604=\"S\",ORÇAMENTO.CodBarra<>\"\"),IF(ORÇAMENTO.Fonte=\"\",ORÇAMENTO.CodBarra,CONCATENATE(ORÇAMENTO.Fonte,\" \",ORÇAMENTO.CodBarra)))","v":"SINAPI-I 4718"},{"$f":"IF(ISERROR(INDIRECT(ORÇAMENTO.BancoRef)),\"(abra o arquivo 'Referência \"&Excel_BuiltIn_Database&\".xls)\",IF(OR($C604<>\"S\",ORÇAMENTO.CodBarra=\"\"),\"(Sem Código)\",IF(ISERROR(MATCH($AE604,INDIRECT(ORÇAMENTO.BancoRef),0)),\"(Código não identificado nas referências)\",MATCH($AE604,INDIRECT(ORÇAMENTO.BancoRef),0))))","v":"(abra o arquivo 'Referência 06-2023.xls)"},{"$f":"ROUND(IF(DESONERACAO=\"sim\",REFERENCIA.Desonerado,REFERENCIA.NaoDesonerado),2)","v":0},0.23530000000000001,null,12.6,null,null,1673.15,132.79]
["S",2,"S",0,{"$f":"IF($C605=1,OFFSET(E605,-1,0)+MAX(1,COUNTIF(QCI!$A$13:$A$32,OFFSET(ORÇAMENTO!E605,-1,0))),OFFSET(E605,-1,0))","v":13},5,0,0,2,0,{"$f":"IF(OR($C605=\"S\",$C605=0),0,MATCH(OFFSET($D605,0,$C605)+IF($C605<>1,1,COUNTIF(QCI!$A$13:$A$32,ORÇAMENTO!E605)),OFFSET($D605,1,$C605,ROW($C$850)-ROW($C605)),0))","v":0},"F","Serviço","Serviço","13.5.2.","SINAPI","100978","CARGA, MANOBRA E DESCARGA DE MATERIAL GRANULAR EM CAMINHÃO BASCULANTE - CARGA COM ESCAVADEIRA HIDRÁULICA","M3",{"$f":"OFFSET(CÁLCULO!H$15,ROW($T605)-ROW(T$15),0)","v":12.6},6.33,"BDI 1",{"$f":"IF($C605=\"S\",ROUND(IF(TIPOORCAMENTO=\"Proposto\",ORÇAMENTO.CustoUnitario*(1+$AH605),ORÇAMENTO.PrecoUnitarioLicitado),15-13*$AF$10),0)","v":7.82},98.53,"RA","RA",{"$f":"IF($C605=\"S\",IF($Z605=\"CP\",$X605,IF($Z605=\"RA\",(($X605)*QCI!$AA$3),0)),SomaAgrup)","v":98.53},0,{"$f":"IF($N605=\"\",\"\",IF(ORÇAMENTO.Descricao=\"\",\"DESCRIÇÃO\",IF(AND($C605=\"S\",ORÇAMENTO.Unidade=\"\"),\"UNIDADE\",IF($X605<0,\"VALOR NEGATIVO\",IF(OR(AND(TIPOORCAMENTO=\"Proposto\",$AG605<>\"\",$AG605>0,ORÇAMENTO.CustoUnitario>$AG605),AND(TIPOORCAMENTO=\"LICITADO\",ORÇAMENTO.PrecoUnitarioLicitado>$AN605)),\"ACIMA REF.\",\"\")))))","v":""},{"$f":"IF(C605<=CRONO.NivelExibicao,MAX($AD$15:OFFSET(AD605,-1,0))+IF($C605<>1,1,MAX(1,COUNTIF(QCI!$A$13:$A$32,OFFSET($E605,-1,0)))),\"\")","v":""},{"$f":"IF(AND($C605=\"S\",ORÇAMENTO.CodBarra<>\"\"),IF(ORÇAMENTO.Fonte=\"\",ORÇAMENTO.CodBarra,CONCATENATE(ORÇAMENTO.Fonte,\" \",ORÇAMENTO.CodBarra)))","v":"SINAPI 100978"},{"$f":"IF(ISERROR(INDIRECT(ORÇAMENTO.BancoRef)),\"(abra o arquivo 'Referência \"&Excel_BuiltIn_Database&\".xls)\",IF(OR($C605<>\"S\",ORÇAMENTO.CodBarra=\"\"),\"(Sem Código)\",IF(ISERROR(MATCH($AE605,INDIRECT(ORÇAMENTO.BancoRef),0)),\"(Código não identificado nas referências)\",MATCH($AE605,INDIRECT(ORÇAMENTO.BancoRef),0))))","v":"(abra o arquivo 'Referência 06-2023.xls)"},{"$f":"ROUND(IF(DESONERACAO=\"sim\",REFERENCIA.Desonerado,REFERENCIA.NaoDesonerado),2)","v":0},0.23530000000000001,null,{"$f":"AJ604","v":12.6},null,null,98.53,7.82]
["S",2,"S",0,{"$f":"IF($C606=1,OFFSET(E606,-1,0)+MAX(1,COUNTIF(QCI!$A$13:$A$32,OFFSET(ORÇAMENTO!E606,-1,0))),OFFSET(E606,-1,0))","v":13},5,0,0,3,0,{"$f":"IF(OR($C606=\"S\",$C606=0),0,MATCH(OFFSET($D606,0,$C606)+IF($C606<>1,1,COUNTIF(QCI!$A$13:$A$32,ORÇAMENTO!E606)),OFFSET($D606,1,$C606,ROW($C$850)-ROW($C606)),0))","v":0},"F","Serviço","Serviço","13.5.3.","SINAPI","95875","TRANSPORTE DE MATERIAL GRANULAR COM CAMINHÃO BASCULANTE, DMT = 20 KM","M3XKM",{"$f":"OFFSET(CÁLCULO!H$15,ROW($T606)-ROW(T$15),0)","v":252},2.23,"BDI 1",{"$f":"IF($C606=\"S\",ROUND(IF(TIPOORCAMENTO=\"Proposto\",ORÇAMENTO.CustoUnitario*(1+$AH606),ORÇAMENTO.PrecoUnitarioLicitado),15-13*$AF$10),0)","v":2.75},693,"RA","RA",{"$f":"IF($C606=\"S\",IF($Z606=\"CP\",$X606,IF($Z606=\"RA\",(($X606)*QCI!$AA$3),0)),SomaAgrup)","v":693},0,{"$f":"IF($N606=\"\",\"\",IF(ORÇAMENTO.Descricao=\"\",\"DESCRIÇÃO\",IF(AND($C606=\"S\",ORÇAMENTO.Unidade=\"\"),\"UNIDADE\",IF($X606<0,\"VALOR NEGATIVO\",IF(OR(AND(TIPOORCAMENTO=\"Proposto\",$AG606<>\"\",$AG606>0,ORÇAMENTO.CustoUnitario>$AG606),AND(TIPOORCAMENTO=\"LICITADO\",ORÇAMENTO.PrecoUnitarioLicitado>$AN606)),\"ACIMA REF.\",\"\")))))","v":""},{"$f":"IF(C606<=CRONO.NivelExibicao,MAX($AD$15:OFFSET(AD606,-1,0))+IF($C606<>1,1,MAX(1,COUNTIF(QCI!$A$13:$A$32,OFFSET($E606,-1,0)))),\"\")","v":""},{"$f":"IF(AND($C606=\"S\",ORÇAMENTO.CodBarra<>\"\"),IF(ORÇAMENTO.Fonte=\"\",ORÇAMENTO.CodBarra,CONCATENATE(ORÇAMENTO.Fonte,\" \",ORÇAMENTO.CodBarra)))","v":"SINAPI 95875"},{"$f":"IF(ISERROR(INDIRECT(ORÇAMENTO.BancoRef)),\"(abra o arquivo 'Referência \"&Excel_BuiltIn_Database&\".xls)\",IF(OR($C606<>\"S\",ORÇAMENTO.CodBarra=\"\"),\"(Sem Código)\",IF(ISERROR(MATCH($AE606,INDIRECT(ORÇAMENTO.BancoRef),0)),\"(Código não identificado nas referências)\",MATCH($AE606,INDIRECT(ORÇAMENTO.BancoRef),0))))","v":"(abra o arquivo 'Referência 06-2023.xls)"},{"$f":"ROUND(IF(DESONERACAO=\"sim\",REFERENCIA.Desonerado,REFERENCIA.NaoDesonerado),2)","v":0},0.23530000000000001,null,{"$f":"AJ605*20","v":252},null,null,693,2.75]
[2,2,2,13,{"$f":"IF($C607=1,OFFSET(E607,-1,0)+MAX(1,COUNTIF(QCI!$A$13:$A$32,OFFSET(ORÇAMENTO!E607,-1,0))),OFFSET(E607,-1,0))","v":13},6,0,0,0,22,{"$f":"IF(OR($C607=\"S\",$C607=0),0,MATCH(OFFSET($D607,0,$C607)+IF($C607<>1,1,COUNTIF(QCI!$A$13:$A$32,ORÇAMENTO!E607)),OFFSET($D607,1,$C607,ROW($C$850)-ROW($C607)),0))","v":13},"F","Nível 2","Nível 2","13.6.","SINAPI",null,"PAVIMENTAÇÃO EM CONCRETO","-",{"$f":"OFFSET(CÁLCULO!H$15,ROW($T607)-ROW(T$15),0)","v":0},0,"BDI 1",{"$f":"IF($C607=\"S\",ROUND(IF(TIPOORCAMENTO=\"Proposto\",ORÇAMENTO.CustoUnitario*(1+$AH607),ORÇAMENTO.PrecoUnitarioLicitado),15-13*$AF$10),0)","v":0},77002.7,"RA","",{"$f":"IF($C607=\"S\",IF($Z607=\"CP\",$X607,IF($Z607=\"RA\",(($X607)*QCI!$AA$3),0)),SomaAgrup)","v":77002.700000000012},0,{"$f":"IF($N607=\"\",\"\",IF(ORÇAMENTO.Descricao=\"\",\"DESCRIÇÃO\",IF(AND($C607=\"S\",ORÇAMENTO.Unidade=\"\"),\"UNIDADE\",IF($X607<0,\"VALOR NEGATIVO\",IF(OR(AND(TIPOORCAMENTO=\"Proposto\",$AG607<>\"\",$AG607>0,ORÇAMENTO.CustoUnitario>$AG607),AND(TIPOORCAMENTO=\"LICITADO\",ORÇAMENTO.PrecoUnitarioLicitado>$AN607)),\"ACIMA REF.\",\"\")))))","v":""},{"$f":"IF(C607<=CRONO.NivelExibicao,MAX($AD$15:OFFSET(AD607,-1,0))+IF($C607<>1,1,MAX(1,COUNTIF(QCI!$A$13:$A$32,OFFSET($E607,-1,0)))),\"\")","v":""},{"$f":"IF(AND($C607=\"S\",ORÇAMENTO.CodBarra<>\"\"),IF(ORÇAMENTO.Fonte=\"\",ORÇAMENTO.CodBarra,CONCATENATE(ORÇAMENTO.Fonte,\" \",ORÇAMENTO.CodBarra)))","v":false},{"$f":"IF(ISERROR(INDIRECT(ORÇAMENTO.BancoRef)),\"(abra o arquivo 'Referência \"&Excel_BuiltIn_Database&\".xls)\",IF(OR($C607<>\"S\",ORÇAMENTO.CodBarra=\"\"),\"(Sem Código)\",IF(ISERROR(MATCH($AE607,INDIRECT(ORÇAMENTO.BancoRef),0)),\"(Código não identificado nas referências)\",MATCH($AE607,INDIRECT(ORÇAMENTO.BancoRef),0))))","v":"(abra o arquivo 'Referência 06-2023.xls)"},{"$f":"ROUND(IF(DESONERACAO=\"sim\",REFERENCIA.Desonerado,REFERENCIA.NaoDesonerado),2)","v":0},0.23530000000000001,null,null,null,null,77002.7,0]
["S",2,"S",0,{"$f":"IF($C608=1,OFFSET(E608,-1,0)+MAX(1,COUNTIF(QCI!$A$13:$A$32,OFFSET(ORÇAMENTO!E608,-1,0))),OFFSET(E608,-1,0))","v":13},6,0,0,1,0,{"$f":"IF(OR($C608=\"S\",$C608=0),0,MATCH(OFFSET($D608,0,$C608)+IF($C608<>1,1,COUNTIF(QCI!$A$13:$A$32,ORÇAMENTO!E608)),OFFSET($D608,1,$C608,ROW($C$850)-ROW($C608)),0))","v":0},"F","Serviço","Serviço","13.6.1.","SINAPI-I","4741","PO DE PEDRA (POSTO PEDREIRA/FORNECEDOR, SEM FRETE)                                                                                                                                                                                                                                                                                                                                                                                                                                                        ","M3    ",{"$f":"OFFSET(CÁLCULO!H$15,ROW($T608)-ROW(T$15),0)","v":12.33},101.01,"BDI 1",{"$f":"IF($C608=\"S\",ROUND(IF(TIPOORCAMENTO=\"Proposto\",ORÇAMENTO.CustoUnitario*(1+$AH608),ORÇAMENTO.PrecoUnitarioLicitado),15-13*$AF$10),0)","v":124.78},1538.54,"RA","RA",{"$f":"IF($C608=\"S\",IF($Z608=\"CP\",$X608,IF($Z608=\"RA\",(($X608)*QCI!$AA$3),0)),SomaAgrup)","v":1538.54},0,{"$f":"IF($N608=\"\",\"\",IF(ORÇAMENTO.Descricao=\"\",\"DESCRIÇÃO\",IF(AND($C608=\"S\",ORÇAMENTO.Unidade=\"\"),\"UNIDADE\",IF($X608<0,\"VALOR NEGATIVO\",IF(OR(AND(TIPOORCAMENTO=\"Proposto\",$AG608<>\"\",$AG608>0,ORÇAMENTO.CustoUnitario>$AG608),AND(TIPOORCAMENTO=\"LICITADO\",ORÇAMENTO.PrecoUnitarioLicitado>$AN608)),\"ACIMA REF.\",\"\")))))","v":""},{"$f":"IF(C608<=CRONO.NivelExibicao,MAX($AD$15:OFFSET(AD608,-1,0))+IF($C608<>1,1,MAX(1,COUNTIF(QCI!$A$13:$A$32,OFFSET($E608,-1,0)))),\"\")","v":""},{"$f":"IF(AND($C608=\"S\",ORÇAMENTO.CodBarra<>\"\"),IF(ORÇAMENTO.Fonte=\"\",ORÇAMENTO.CodBarra,CONCATENATE(ORÇAMENTO.Fonte,\" \",ORÇAMENTO.CodBarra)))","v":"SINAPI-I 4741"},{"$f":"IF(ISERROR(INDIRECT(ORÇAMENTO.BancoRef)),\"(abra o arquivo 'Referência \"&Excel_BuiltIn_Database&\".xls)\",IF(OR($C608<>\"S\",ORÇAMENTO.CodBarra=\"\"),\"(Sem Código)\",IF(ISERROR(MATCH($AE608,INDIRECT(ORÇAMENTO.BancoRef),0)),\"(Código não identificado nas referências)\",MATCH($AE608,INDIRECT(ORÇAMENTO.BancoRef),0))))","v":"(abra o arquivo 'Referência 06-2023.xls)"},{"$f":"ROUND(IF(DESONERACAO=\"sim\",REFERENCIA.Desonerado,REFERENCIA.NaoDesonerado),2)","v":0},0.23530000000000001,null,{"$f":"410.93*0.03","v":12.3279},null,null,1538.54,124.78]
["S",2,"S",0,{"$f":"IF($C609=1,OFFSET(E609,-1,0)+MAX(1,COUNTIF(QCI!$A$13:$A$32,OFFSET(ORÇAMENTO!E609,-1,0))),OFFSET(E609,-1,0))","v":13},6,0,0,2,0,{"$f":"IF(OR($C609=\"S\",$C609=0),0,MATCH(OFFSET($D609,0,$C609)+IF($C609<>1,1,COUNTIF(QCI!$A$13:$A$32,ORÇAMENTO!E609)),OFFSET($D609,1,$C609,ROW($C$850)-ROW($C609)),0))","v":0},"F","Serviço","Serviço","13.6.2.","SINAPI","100978","CARGA, MANOBRA E DESCARGA DE MATERIAL GRANULAR EM CAMINHÃO BASCULANTE - CARGA COM ESCAVADEIRA HIDRÁULICA","M3",{"$f":"OFFSET(CÁLCULO!H$15,ROW($T609)-ROW(T$15),0)","v":12.33},6.33,"BDI 1",{"$f":"IF($C609=\"S\",ROUND(IF(TIPOORCAMENTO=\"Proposto\",ORÇAMENTO.CustoUnitario*(1+$AH609),ORÇAMENTO.PrecoUnitarioLicitado),15-13*$AF$10),0)","v":7.82},96.42,"RA","RA",{"$f":"IF($C609=\"S\",IF($Z609=\"CP\",$X609,IF($Z609=\"RA\",(($X609)*QCI!$AA$3),0)),SomaAgrup)","v":96.42},0,{"$f":"IF($N609=\"\",\"\",IF(ORÇAMENTO.Descricao=\"\",\"DESCRIÇÃO\",IF(AND($C609=\"S\",ORÇAMENTO.Unidade=\"\"),\"UNIDADE\",IF($X609<0,\"VALOR NEGATIVO\",IF(OR(AND(TIPOORCAMENTO=\"Proposto\",$AG609<>\"\",$AG609>0,ORÇAMENTO.CustoUnitario>$AG609),AND(TIPOORCAMENTO=\"LICITADO\",ORÇAMENTO.PrecoUnitarioLicitado>$AN609)),\"ACIMA REF.\",\"\")))))","v":""},{"$f":"IF(C609<=CRONO.NivelExibicao,MAX($AD$15:OFFSET(AD609,-1,0))+IF($C609<>1,1,MAX(1,COUNTIF(QCI!$A$13:$A$32,OFFSET($E609,-1,0)))),\"\")","v":""},{"$f":"IF(AND($C609=\"S\",ORÇAMENTO.CodBarra<>\"\"),IF(ORÇAMENTO.Fonte=\"\",ORÇAMENTO.CodBarra,CONCATENATE(ORÇAMENTO.Fonte,\" \",ORÇAMENTO.CodBarra)))","v":"SINAPI 100978"},{"$f":"IF(ISERROR(INDIRECT(ORÇAMENTO.BancoRef)),\"(abra o arquivo 'Referência \"&Excel_BuiltIn_Database&\".xls)\",IF(OR($C609<>\"S\",ORÇAMENTO.CodBarra=\"\"),\"(Sem Código)\",IF(ISERROR(MATCH($AE609,INDIRECT(ORÇAMENTO.BancoRef),0)),\"(Código não identificado nas referências)\",MATCH($AE609,INDIRECT(ORÇAMENTO.BancoRef),0))))","v":"(abra o arquivo 'Referência 06-2023.xls)"},{"$f":"ROUND(IF(DESONERACAO=\"sim\",REFERENCIA.Desonerado,REFERENCIA.NaoDesonerado),2)","v":0},0.23530000000000001,null,{"$f":"AJ608","v":12.3279},null,null,96.42,7.82]
["S",2,"S",0,{"$f":"IF($C610=1,OFFSET(E610,-1,0)+MAX(1,COUNTIF(QCI!$A$13:$A$32,OFFSET(ORÇAMENTO!E610,-1,0))),OFFSET(E610,-1,0))","v":13},6,0,0,3,0,{"$f":"IF(OR($C610=\"S\",$C610=0),0,MATCH(OFFSET($D610,0,$C610)+IF($C610<>1,1,COUNTIF(QCI!$A$13:$A$32,ORÇAMENTO!E610)),OFFSET($D610,1,$C610,ROW($C$850)-ROW($C610)),0))","v":0},"F","Serviço","Serviço","13.6.3.","SINAPI","95875","TRANSPORTE DE MATERIAL GRANULAR COM CAMINHÃO BASCULANTE, DMT = 20 KM","M3XKM",{"$f":"OFFSET(CÁLCULO!H$15,ROW($T610)-ROW(T$15),0)","v":246.56},2.23,"BDI 1",{"$f":"IF($C610=\"S\",ROUND(IF(TIPOORCAMENTO=\"Proposto\",ORÇAMENTO.CustoUnitario*(1+$AH610),ORÇAMENTO.PrecoUnitarioLicitado),15-13*$AF$10),0)","v":2.75},678.04,"RA","RA",{"$f":"IF($C610=\"S\",IF($Z610=\"CP\",$X610,IF($Z610=\"RA\",(($X610)*QCI!$AA$3),0)),SomaAgrup)","v":678.04},0,{"$f":"IF($N610=\"\",\"\",IF(ORÇAMENTO.Descricao=\"\",\"DESCRIÇÃO\",IF(AND($C610=\"S\",ORÇAMENTO.Unidade=\"\"),\"UNIDADE\",IF($X610<0,\"VALOR NEGATIVO\",IF(OR(AND(TIPOORCAMENTO=\"Proposto\",$AG610<>\"\",$AG610>0,ORÇAMENTO.CustoUnitario>$AG610),AND(TIPOORCAMENTO=\"LICITADO\",ORÇAMENTO.PrecoUnitarioLicitado>$AN610)),\"ACIMA REF.\",\"\")))))","v":""},{"$f":"IF(C610<=CRONO.NivelExibicao,MAX($AD$15:OFFSET(AD610,-1,0))+IF($C610<>1,1,MAX(1,COUNTIF(QCI!$A$13:$A$32,OFFSET($E610,-1,0)))),\"\")","v":""},{"$f":"IF(AND($C610=\"S\",ORÇAMENTO.CodBarra<>\"\"),IF(ORÇAMENTO.Fonte=\"\",ORÇAMENTO.CodBarra,CONCATENATE(ORÇAMENTO.Fonte,\" \",ORÇAMENTO.CodBarra)))","v":"SINAPI 95875"},{"$f":"IF(ISERROR(INDIRECT(ORÇAMENTO.BancoRef)),\"(abra o arquivo 'Referência \"&Excel_BuiltIn_Database&\".xls)\",IF(OR($C610<>\"S\",ORÇAMENTO.CodBarra=\"\"),\"(Sem Código)\",IF(ISERROR(MATCH($AE610,INDIRECT(ORÇAMENTO.BancoRef),0)),\"(Código não identificado nas referências)\",MATCH($AE610,INDIRECT(ORÇAMENTO.BancoRef),0))))","v":"(abra o arquivo 'Referência 06-2023.xls)"},{"$f":"ROUND(IF(DESONERACAO=\"sim\",REFERENCIA.Desonerado,REFERENCIA.NaoDesonerado),2)","v":0},0.23530000000000001,null,{"$f":"AJ609*20","v":246.55799999999999},null,null,678.04,2.75]
["S",2,"S",0,{"$f":"IF($C611=1,OFFSET(E611,-1,0)+MAX(1,COUNTIF(QCI!$A$13:$A$32,OFFSET(ORÇAMENTO!E611,-1,0))),OFFSET(E611,-1,0))","v":13},6,0,0,4,0,{"$f":"IF(OR($C611=\"S\",$C611=0),0,MATCH(OFFSET($D611,0,$C611)+IF($C611<>1,1,COUNTIF(QCI!$A$13:$A$32,ORÇAMENTO!E611)),OFFSET($D611,1,$C611,ROW($C$850)-ROW($C611)),0))","v":0},"F","Serviço","Serviço","13.6.4.","SINAPI-I","1346","FABRICAÇÃO, MONTAGEM E DESMONTAGEM DE FORMA PARA PAVIMENTAÇÃO EM CONCRETO EM CHAPA DE COMPENSADO","M2    ",{"$f":"OFFSET(CÁLCULO!H$15,ROW($T611)-ROW(T$15),0)","v":20.23},57.57,"BDI 1",{"$f":"IF($C611=\"S\",ROUND(IF(TIPOORCAMENTO=\"Proposto\",ORÇAMENTO.CustoUnitario*(1+$AH611),ORÇAMENTO.PrecoUnitarioLicitado),15-13*$AF$10),0)","v":71.12},1438.76,"RA","RA",{"$f":"IF($C611=\"S\",IF($Z611=\"CP\",$X611,IF($Z611=\"RA\",(($X611)*QCI!$AA$3),0)),SomaAgrup)","v":1438.76},0,{"$f":"IF($N611=\"\",\"\",IF(ORÇAMENTO.Descricao=\"\",\"DESCRIÇÃO\",IF(AND($C611=\"S\",ORÇAMENTO.Unidade=\"\"),\"UNIDADE\",IF($X611<0,\"VALOR NEGATIVO\",IF(OR(AND(TIPOORCAMENTO=\"Proposto\",$AG611<>\"\",$AG611>0,ORÇAMENTO.CustoUnitario>$AG611),AND(TIPOORCAMENTO=\"LICITADO\",ORÇAMENTO.PrecoUnitarioLicitado>$AN611)),\"ACIMA REF.\",\"\")))))","v":""},{"$f":"IF(C611<=CRONO.NivelExibicao,MAX($AD$15:OFFSET(AD611,-1,0))+IF($C611<>1,1,MAX(1,COUNTIF(QCI!$A$13:$A$32,OFFSET($E611,-1,0)))),\"\")","v":""},{"$f":"IF(AND($C611=\"S\",ORÇAMENTO.CodBarra<>\"\"),IF(ORÇAMENTO.Fonte=\"\",ORÇAMENTO.CodBarra,CONCATENATE(ORÇAMENTO.Fonte,\" \",ORÇAMENTO.CodBarra)))","v":"SINAPI-I 1346"},{"$f":"IF(ISERROR(INDIRECT(ORÇAMENTO.BancoRef)),\"(abra o arquivo 'Referência \"&Excel_BuiltIn_Database&\".xls)\",IF(OR($C611<>\"S\",ORÇAMENTO.CodBarra=\"\"),\"(Sem Código)\",IF(ISERROR(MATCH($AE611,INDIRECT(ORÇAMENTO.BancoRef),0)),\"(Código não identificado nas referências)\",MATCH($AE611,INDIRECT(ORÇAMENTO.BancoRef),0))))","v":"(abra o arquivo 'Referência 06-2023.xls)"},{"$f":"ROUND(IF(DESONERACAO=\"sim\",REFERENCIA.Desonerado,REFERENCIA.NaoDesonerado),2)","v":0},0.23530000000000001,null,{"$f":"56.19*0.12*3","v":20.228400000000001},null,null,1438.76,71.12]
["S",2,"S",0,{"$f":"IF($C612=1,OFFSET(E612,-1,0)+MAX(1,COUNTIF(QCI!$A$13:$A$32,OFFSET(ORÇAMENTO!E612,-1,0))),OFFSET(E612,-1,0))","v":13},6,0,0,5,0,{"$f":"IF(OR($C612=\"S\",$C612=0),0,MATCH(OFFSET($D612,0,$C612)+IF($C612<>1,1,COUNTIF(QCI!$A$13:$A$32,ORÇAMENTO!E612)),OFFSET($D612,1,$C612,ROW($C$850)-ROW($C612)),0))","v":0},"F","Serviço","Serviço","13.6.5.","SINAPI-I","7156","ARMAÇÃO PARA EXECUÇÃO DE PAVIMENTAÇÃO EM CONCRETO, COM USO DE TELA Q-196.","M2    ",{"$f":"OFFSET(CÁLCULO!H$15,ROW($T612)-ROW(T$15),0)","v":410.93},29.25,"BDI 1",{"$f":"IF($C612=\"S\",ROUND(IF(TIPOORCAMENTO=\"Proposto\",ORÇAMENTO.CustoUnitario*(1+$AH612),ORÇAMENTO.PrecoUnitarioLicitado),15-13*$AF$10),0)","v":36.130000000000003},14846.9,"RA","RA",{"$f":"IF($C612=\"S\",IF($Z612=\"CP\",$X612,IF($Z612=\"RA\",(($X612)*QCI!$AA$3),0)),SomaAgrup)","v":14846.9},0,{"$f":"IF($N612=\"\",\"\",IF(ORÇAMENTO.Descricao=\"\",\"DESCRIÇÃO\",IF(AND($C612=\"S\",ORÇAMENTO.Unidade=\"\"),\"UNIDADE\",IF($X612<0,\"VALOR NEGATIVO\",IF(OR(AND(TIPOORCAMENTO=\"Proposto\",$AG612<>\"\",$AG612>0,ORÇAMENTO.CustoUnitario>$AG612),AND(TIPOORCAMENTO=\"LICITADO\",ORÇAMENTO.PrecoUnitarioLicitado>$AN612)),\"ACIMA REF.\",\"\")))))","v":""},{"$f":"IF(C612<=CRONO.NivelExibicao,MAX($AD$15:OFFSET(AD612,-1,0))+IF($C612<>1,1,MAX(1,COUNTIF(QCI!$A$13:$A$32,OFFSET($E612,-1,0)))),\"\")","v":""},{"$f":"IF(AND($C612=\"S\",ORÇAMENTO.CodBarra<>\"\"),IF(ORÇAMENTO.Fonte=\"\",ORÇAMENTO.CodBarra,CONCATENATE(ORÇAMENTO.Fonte,\" \",ORÇAMENTO.CodBarra)))","v":"SINAPI-I 7156"},{"$f":"IF(ISERROR(INDIRECT(ORÇAMENTO.BancoRef)),\"(abra o arquivo 'Referência \"&Excel_BuiltIn_Database&\".xls)\",IF(OR($C612<>\"S\",ORÇAMENTO.CodBarra=\"\"),\"(Sem Código)\",IF(ISERROR(MATCH($AE612,INDIRECT(ORÇAMENTO.BancoRef),0)),\"(Código não identificado nas referências)\",MATCH($AE612,INDIRECT(ORÇAMENTO.BancoRef),0))))","v":"(abra o arquivo 'Referência 06-2023.xls)"},{"$f":"ROUND(IF(DESONERACAO=\"sim\",REFERENCIA.Desonerado,REFERENCIA.NaoDesonerado),2)","v":0},0.23530000000000001,null,410.93,null,null,14846.9,36.130000000000003]
["S",2,"S",0,{"$f":"IF($C613=1,OFFSET(E613,-1,0)+MAX(1,COUNTIF(QCI!$A$13:$A$32,OFFSET(ORÇAMENTO!E613,-1,0))),OFFSET(E613,-1,0))","v":13},6,0,0,6,0,{"$f":"IF(OR($C613=\"S\",$C613=0),0,MATCH(OFFSET($D613,0,$C613)+IF($C613<>1,1,COUNTIF(QCI!$A$13:$A$32,ORÇAMENTO!E613)),OFFSET($D613,1,$C613,ROW($C$850)-ROW($C613)),0))","v":0},"F","Serviço","Serviço","13.6.6.","SINAPI",97113,"APLICAÇÃO DE LONA PLÁSTICA PARA EXECUÇÃO DE PAVIMENTOS DE CONCRETO. AF_04/2022","M2",{"$f":"OFFSET(CÁLCULO!H$15,ROW($T613)-ROW(T$15),0)","v":410.93},2.91,"BDI 1",{"$f":"IF($C613=\"S\",ROUND(IF(TIPOORCAMENTO=\"Proposto\",ORÇAMENTO.CustoUnitario*(1+$AH613),ORÇAMENTO.PrecoUnitarioLicitado),15-13*$AF$10),0)","v":3.59},1475.24,"RA","RA",{"$f":"IF($C613=\"S\",IF($Z613=\"CP\",$X613,IF($Z613=\"RA\",(($X613)*QCI!$AA$3),0)),SomaAgrup)","v":1475.24},0,{"$f":"IF($N613=\"\",\"\",IF(ORÇAMENTO.Descricao=\"\",\"DESCRIÇÃO\",IF(AND($C613=\"S\",ORÇAMENTO.Unidade=\"\"),\"UNIDADE\",IF($X613<0,\"VALOR NEGATIVO\",IF(OR(AND(TIPOORCAMENTO=\"Proposto\",$AG613<>\"\",$AG613>0,ORÇAMENTO.CustoUnitario>$AG613),AND(TIPOORCAMENTO=\"LICITADO\",ORÇAMENTO.PrecoUnitarioLicitado>$AN613)),\"ACIMA REF.\",\"\")))))","v":""},{"$f":"IF(C613<=CRONO.NivelExibicao,MAX($AD$15:OFFSET(AD613,-1,0))+IF($C613<>1,1,MAX(1,COUNTIF(QCI!$A$13:$A$32,OFFSET($E613,-1,0)))),\"\")","v":""},{"$f":"IF(AND($C613=\"S\",ORÇAMENTO.CodBarra<>\"\"),IF(ORÇAMENTO.Fonte=\"\",ORÇAMENTO.CodBarra,CONCATENATE(ORÇAMENTO.Fonte,\" \",ORÇAMENTO.CodBarra)))","v":"SINAPI 97113"},{"$f":"IF(ISERROR(INDIRECT(ORÇAMENTO.BancoRef)),\"(abra o arquivo 'Referência \"&Excel_BuiltIn_Database&\".xls)\",IF(OR($C613<>\"S\",ORÇAMENTO.CodBarra=\"\"),\"(Sem Código)\",IF(ISERROR(MATCH($AE613,INDIRECT(ORÇAMENTO.BancoRef),0)),\"(Código não identificado nas referências)\",MATCH($AE613,INDIRECT(ORÇAMENTO.BancoRef),0))))","v":"(abra o arquivo 'Referência 06-2023.xls)"},{"$f":"ROUND(IF(DESONERACAO=\"sim\",REFERENCIA.Desonerado,REFERENCIA.NaoDesonerado),2)","v":0},0.23530000000000001,null,410.93,null,null,1475.24,3.59]
["S",2,"S",0,{"$f":"IF($C614=1,OFFSET(E614,-1,0)+MAX(1,COUNTIF(QCI!$A$13:$A$32,OFFSET(ORÇAMENTO!E614,-1,0))),OFFSET(E614,-1,0))","v":13},6,0,0,7,0,{"$f":"IF(OR($C614=\"S\",$C614=0),0,MATCH(OFFSET($D614,0,$C614)+IF($C614<>1,1,COUNTIF(QCI!$A$13:$A$32,ORÇAMENTO!E614)),OFFSET($D614,1,$C614,ROW($C$850)-ROW($C614)),0))","v":0},"F","Serviço","Serviço","13.6.7.","SINAPI-I","34479","CONCRETO USINADO BOMBEAVEL, CLASSE DE RESISTENCIA C40, COM BRITA 0 E 1, SLUMP = 100 +/- 20 MM, INCLUI SERVICO DE BOMBEAMENTO (NBR 8953)","M3    ",{"$f":"OFFSET(CÁLCULO!H$15,ROW($T614)-ROW(T$15),0)","v":49.31},584,"BDI 1",{"$f":"IF($C614=\"S\",ROUND(IF(TIPOORCAMENTO=\"Proposto\",ORÇAMENTO.CustoUnitario*(1+$AH614),ORÇAMENTO.PrecoUnitarioLicitado),15-13*$AF$10),0)","v":721.42},35573.22,"RA","RA",{"$f":"IF($C614=\"S\",IF($Z614=\"CP\",$X614,IF($Z614=\"RA\",(($X614)*QCI!$AA$3),0)),SomaAgrup)","v":35573.22},0,{"$f":"IF($N614=\"\",\"\",IF(ORÇAMENTO.Descricao=\"\",\"DESCRIÇÃO\",IF(AND($C614=\"S\",ORÇAMENTO.Unidade=\"\"),\"UNIDADE\",IF($X614<0,\"VALOR NEGATIVO\",IF(OR(AND(TIPOORCAMENTO=\"Proposto\",$AG614<>\"\",$AG614>0,ORÇAMENTO.CustoUnitario>$AG614),AND(TIPOORCAMENTO=\"LICITADO\",ORÇAMENTO.PrecoUnitarioLicitado>$AN614)),\"ACIMA REF.\",\"\")))))","v":""},{"$f":"IF(C614<=CRONO.NivelExibicao,MAX($AD$15:OFFSET(AD614,-1,0))+IF($C614<>1,1,MAX(1,COUNTIF(QCI!$A$13:$A$32,OFFSET($E614,-1,0)))),\"\")","v":""},{"$f":"IF(AND($C614=\"S\",ORÇAMENTO.CodBarra<>\"\"),IF(ORÇAMENTO.Fonte=\"\",ORÇAMENTO.CodBarra,CONCATENATE(ORÇAMENTO.Fonte,\" \",ORÇAMENTO.CodBarra)))","v":"SINAPI-I 34479"},{"$f":"IF(ISERROR(INDIRECT(ORÇAMENTO.BancoRef)),\"(abra o arquivo 'Referência \"&Excel_BuiltIn_Database&\".xls)\",IF(OR($C614<>\"S\",ORÇAMENTO.CodBarra=\"\"),\"(Sem Código)\",IF(ISERROR(MATCH($AE614,INDIRECT(ORÇAMENTO.BancoRef),0)),\"(Código não identificado nas referências)\",MATCH($AE614,INDIRECT(ORÇAMENTO.BancoRef),0))))","v":"(abra o arquivo 'Referência 06-2023.xls)"},{"$f":"ROUND(IF(DESONERACAO=\"sim\",REFERENCIA.Desonerado,REFERENCIA.NaoDesonerado),2)","v":0},0.23530000000000001,null,{"$f":"AJ613*0.12","v":49.311599999999999},null,null,35573.22,721.42]
["S",2,"S",0,{"$f":"IF($C615=1,OFFSET(E615,-1,0)+MAX(1,COUNTIF(QCI!$A$13:$A$32,OFFSET(ORÇAMENTO!E615,-1,0))),OFFSET(E615,-1,0))","v":13},6,0,0,8,0,{"$f":"IF(OR($C615=\"S\",$C615=0),0,MATCH(OFFSET($D615,0,$C615)+IF($C615<>1,1,COUNTIF(QCI!$A$13:$A$32,ORÇAMENTO!E615)),OFFSET($D615,1,$C615,ROW($C$850)-ROW($C615)),0))","v":0},"F","Serviço","Serviço","13.6.8.","AMMOC","PAVCONC","LANÇAMENTO, ACABAMENTO, ADENSAMENTO PARA PAVIMENTAÇÃO EM CONCRETO","M3",{"$f":"OFFSET(CÁLCULO!H$15,ROW($T615)-ROW(T$15),0)","v":49.31},265.83,"BDI 1",{"$f":"IF($C615=\"S\",ROUND(IF(TIPOORCAMENTO=\"Proposto\",ORÇAMENTO.CustoUnitario*(1+$AH615),ORÇAMENTO.PrecoUnitarioLicitado),15-13*$AF$10),0)","v":328.38},16192.42,"RA","RA",{"$f":"IF($C615=\"S\",IF($Z615=\"CP\",$X615,IF($Z615=\"RA\",(($X615)*QCI!$AA$3),0)),SomaAgrup)","v":16192.42},0,{"$f":"IF($N615=\"\",\"\",IF(ORÇAMENTO.Descricao=\"\",\"DESCRIÇÃO\",IF(AND($C615=\"S\",ORÇAMENTO.Unidade=\"\"),\"UNIDADE\",IF($X615<0,\"VALOR NEGATIVO\",IF(OR(AND(TIPOORCAMENTO=\"Proposto\",$AG615<>\"\",$AG615>0,ORÇAMENTO.CustoUnitario>$AG615),AND(TIPOORCAMENTO=\"LICITADO\",ORÇAMENTO.PrecoUnitarioLicitado>$AN615)),\"ACIMA REF.\",\"\")))))","v":""},{"$f":"IF(C615<=CRONO.NivelExibicao,MAX($AD$15:OFFSET(AD615,-1,0))+IF($C615<>1,1,MAX(1,COUNTIF(QCI!$A$13:$A$32,OFFSET($E615,-1,0)))),\"\")","v":""},{"$f":"IF(AND($C615=\"S\",ORÇAMENTO.CodBarra<>\"\"),IF(ORÇAMENTO.Fonte=\"\",ORÇAMENTO.CodBarra,CONCATENATE(ORÇAMENTO.Fonte,\" \",ORÇAMENTO.CodBarra)))","v":"AMMOC PAVCONC"},{"$f":"IF(ISERROR(INDIRECT(ORÇAMENTO.BancoRef)),\"(abra o arquivo 'Referência \"&Excel_BuiltIn_Database&\".xls)\",IF(OR($C615<>\"S\",ORÇAMENTO.CodBarra=\"\"),\"(Sem Código)\",IF(ISERROR(MATCH($AE615,INDIRECT(ORÇAMENTO.BancoRef),0)),\"(Código não identificado nas referências)\",MATCH($AE615,INDIRECT(ORÇAMENTO.BancoRef),0))))","v":"(abra o arquivo 'Referência 06-2023.xls)"},{"$f":"ROUND(IF(DESONERACAO=\"sim\",REFERENCIA.Desonerado,REFERENCIA.NaoDesonerado),2)","v":0},0.23530000000000001,null,{"$f":"AJ614","v":49.311599999999999},null,null,16192.42,328.38]
["S",2,"S",0,{"$f":"IF($C616=1,OFFSET(E616,-1,0)+MAX(1,COUNTIF(QCI!$A$13:$A$32,OFFSET(ORÇAMENTO!E616,-1,0))),OFFSET(E616,-1,0))","v":13},6,0,0,9,0,{"$f":"IF(OR($C616=\"S\",$C616=0),0,MATCH(OFFSET($D616,0,$C616)+IF($C616<>1,1,COUNTIF(QCI!$A$13:$A$32,ORÇAMENTO!E616)),OFFSET($D616,1,$C616,ROW($C$850)-ROW($C616)),0))","v":0},"F","Serviço","Serviço","13.6.9.","AMMOC","192","CURA QUÍMICA PARA PAVIMENTO DE CONCRETO - APLICAÇÃO MANUAL COM BORRIFADOR DE BAIXA PRESSÃO","M2",{"$f":"OFFSET(CÁLCULO!H$15,ROW($T616)-ROW(T$15),0)","v":410.93},6.73,"BDI 1",{"$f":"IF($C616=\"S\",ROUND(IF(TIPOORCAMENTO=\"Proposto\",ORÇAMENTO.CustoUnitario*(1+$AH616),ORÇAMENTO.PrecoUnitarioLicitado),15-13*$AF$10),0)","v":8.31},3414.83,"RA","RA",{"$f":"IF($C616=\"S\",IF($Z616=\"CP\",$X616,IF($Z616=\"RA\",(($X616)*QCI!$AA$3),0)),SomaAgrup)","v":3414.83},0,{"$f":"IF($N616=\"\",\"\",IF(ORÇAMENTO.Descricao=\"\",\"DESCRIÇÃO\",IF(AND($C616=\"S\",ORÇAMENTO.Unidade=\"\"),\"UNIDADE\",IF($X616<0,\"VALOR NEGATIVO\",IF(OR(AND(TIPOORCAMENTO=\"Proposto\",$AG616<>\"\",$AG616>0,ORÇAMENTO.CustoUnitario>$AG616),AND(TIPOORCAMENTO=\"LICITADO\",ORÇAMENTO.PrecoUnitarioLicitado>$AN616)),\"ACIMA REF.\",\"\")))))","v":""},{"$f":"IF(C616<=CRONO.NivelExibicao,MAX($AD$15:OFFSET(AD616,-1,0))+IF($C616<>1,1,MAX(1,COUNTIF(QCI!$A$13:$A$32,OFFSET($E616,-1,0)))),\"\")","v":""},{"$f":"IF(AND($C616=\"S\",ORÇAMENTO.CodBarra<>\"\"),IF(ORÇAMENTO.Fonte=\"\",ORÇAMENTO.CodBarra,CONCATENATE(ORÇAMENTO.Fonte,\" \",ORÇAMENTO.CodBarra)))","v":"AMMOC 192"},{"$f":"IF(ISERROR(INDIRECT(ORÇAMENTO.BancoRef)),\"(abra o arquivo 'Referência \"&Excel_BuiltIn_Database&\".xls)\",IF(OR($C616<>\"S\",ORÇAMENTO.CodBarra=\"\"),\"(Sem Código)\",IF(ISERROR(MATCH($AE616,INDIRECT(ORÇAMENTO.BancoRef),0)),\"(Código não identificado nas referências)\",MATCH($AE616,INDIRECT(ORÇAMENTO.BancoRef),0))))","v":"(abra o arquivo 'Referência 06-2023.xls)"},{"$f":"ROUND(IF(DESONERACAO=\"sim\",REFERENCIA.Desonerado,REFERENCIA.NaoDesonerado),2)","v":0},0.23530000000000001,null,{"$f":"AJ613","v":410.93},null,null,3414.83,8.31]
["S",2,"S",0,{"$f":"IF($C617=1,OFFSET(E617,-1,0)+MAX(1,COUNTIF(QCI!$A$13:$A$32,OFFSET(ORÇAMENTO!E617,-1,0))),OFFSET(E617,-1,0))","v":13},6,0,0,10,0,{"$f":"IF(OR($C617=\"S\",$C617=0),0,MATCH(OFFSET($D617,0,$C617)+IF($C617<>1,1,COUNTIF(QCI!$A$13:$A$32,ORÇAMENTO!E617)),OFFSET($D617,1,$C617,ROW($C$850)-ROW($C617)),0))","v":0},"F","Serviço","Serviço","13.6.10.","SINAPI","97114","EXECUÇÃO DE JUNTAS DE DILATAÇÃO PARA PAVIMENTOS DE CONCRETO","M",{"$f":"OFFSET(CÁLCULO!H$15,ROW($T617)-ROW(T$15),0)","v":169.67},0.41,"BDI 1",{"$f":"IF($C617=\"S\",ROUND(IF(TIPOORCAMENTO=\"Proposto\",ORÇAMENTO.CustoUnitario*(1+$AH617),ORÇAMENTO.PrecoUnitarioLicitado),15-13*$AF$10),0)","v":0.51},86.53,"RA","RA",{"$f":"IF($C617=\"S\",IF($Z617=\"CP\",$X617,IF($Z617=\"RA\",(($X617)*QCI!$AA$3),0)),SomaAgrup)","v":86.53},0,{"$f":"IF($N617=\"\",\"\",IF(ORÇAMENTO.Descricao=\"\",\"DESCRIÇÃO\",IF(AND($C617=\"S\",ORÇAMENTO.Unidade=\"\"),\"UNIDADE\",IF($X617<0,\"VALOR NEGATIVO\",IF(OR(AND(TIPOORCAMENTO=\"Proposto\",$AG617<>\"\",$AG617>0,ORÇAMENTO.CustoUnitario>$AG617),AND(TIPOORCAMENTO=\"LICITADO\",ORÇAMENTO.PrecoUnitarioLicitado>$AN617)),\"ACIMA REF.\",\"\")))))","v":""},{"$f":"IF(C617<=CRONO.NivelExibicao,MAX($AD$15:OFFSET(AD617,-1,0))+IF($C617<>1,1,MAX(1,COUNTIF(QCI!$A$13:$A$32,OFFSET($E617,-1,0)))),\"\")","v":""},{"$f":"IF(AND($C617=\"S\",ORÇAMENTO.CodBarra<>\"\"),IF(ORÇAMENTO.Fonte=\"\",ORÇAMENTO.CodBarra,CONCATENATE(ORÇAMENTO.Fonte,\" \",ORÇAMENTO.CodBarra)))","v":"SINAPI 97114"},{"$f":"IF(ISERROR(INDIRECT(ORÇAMENTO.BancoRef)),\"(abra o arquivo 'Referência \"&Excel_BuiltIn_Database&\".xls)\",IF(OR($C617<>\"S\",ORÇAMENTO.CodBarra=\"\"),\"(Sem Código)\",IF(ISERROR(MATCH($AE617,INDIRECT(ORÇAMENTO.BancoRef),0)),\"(Código não identificado nas referências)\",MATCH($AE617,INDIRECT(ORÇAMENTO.BancoRef),0))))","v":"(abra o arquivo 'Referência 06-2023.xls)"},{"$f":"ROUND(IF(DESONERACAO=\"sim\",REFERENCIA.Desonerado,REFERENCIA.NaoDesonerado),2)","v":0},0.23530000000000001,null,169.67,null,null,86.53,0.51]
["S",2,"S",0,{"$f":"IF($C618=1,OFFSET(E618,-1,0)+MAX(1,COUNTIF(QCI!$A$13:$A$32,OFFSET(ORÇAMENTO!E618,-1,0))),OFFSET(E618,-1,0))","v":13},6,0,0,11,0,{"$f":"IF(OR($C618=\"S\",$C618=0),0,MATCH(OFFSET($D618,0,$C618)+IF($C618<>1,1,COUNTIF(QCI!$A$13:$A$32,ORÇAMENTO!E618)),OFFSET($D618,1,$C618,ROW($C$850)-ROW($C618)),0))","v":0},"F","Serviço","Serviço","13.6.11.","SINAPI-I","34","ACO CA-50, 10,0 MM, VERGALHAO                                                                                                                                                                                                                                                                                                                                                                                                                                                                             ","KG    ",{"$f":"OFFSET(CÁLCULO!H$15,ROW($T618)-ROW(T$15),0)","v":11.85},9.44,"BDI 1",{"$f":"IF($C618=\"S\",ROUND(IF(TIPOORCAMENTO=\"Proposto\",ORÇAMENTO.CustoUnitario*(1+$AH618),ORÇAMENTO.PrecoUnitarioLicitado),15-13*$AF$10),0)","v":11.66},138.16999999999999,"RA","RA",{"$f":"IF($C618=\"S\",IF($Z618=\"CP\",$X618,IF($Z618=\"RA\",(($X618)*QCI!$AA$3),0)),SomaAgrup)","v":138.16999999999999},0,{"$f":"IF($N618=\"\",\"\",IF(ORÇAMENTO.Descricao=\"\",\"DESCRIÇÃO\",IF(AND($C618=\"S\",ORÇAMENTO.Unidade=\"\"),\"UNIDADE\",IF($X618<0,\"VALOR NEGATIVO\",IF(OR(AND(TIPOORCAMENTO=\"Proposto\",$AG618<>\"\",$AG618>0,ORÇAMENTO.CustoUnitario>$AG618),AND(TIPOORCAMENTO=\"LICITADO\",ORÇAMENTO.PrecoUnitarioLicitado>$AN618)),\"ACIMA REF.\",\"\")))))","v":""},{"$f":"IF(C618<=CRONO.NivelExibicao,MAX($AD$15:OFFSET(AD618,-1,0))+IF($C618<>1,1,MAX(1,COUNTIF(QCI!$A$13:$A$32,OFFSET($E618,-1,0)))),\"\")","v":""},{"$f":"IF(AND($C618=\"S\",ORÇAMENTO.CodBarra<>\"\"),IF(ORÇAMENTO.Fonte=\"\",ORÇAMENTO.CodBarra,CONCATENATE(ORÇAMENTO.Fonte,\" \",ORÇAMENTO.CodBarra)))","v":"SINAPI-I 34"},{"$f":"IF(ISERROR(INDIRECT(ORÇAMENTO.BancoRef)),\"(abra o arquivo 'Referência \"&Excel_BuiltIn_Database&\".xls)\",IF(OR($C618<>\"S\",ORÇAMENTO.CodBarra=\"\"),\"(Sem Código)\",IF(ISERROR(MATCH($AE618,INDIRECT(ORÇAMENTO.BancoRef),0)),\"(Código não identificado nas referências)\",MATCH($AE618,INDIRECT(ORÇAMENTO.BancoRef),0))))","v":"(abra o arquivo 'Referência 06-2023.xls)"},{"$f":"ROUND(IF(DESONERACAO=\"sim\",REFERENCIA.Desonerado,REFERENCIA.NaoDesonerado),2)","v":0},0.23530000000000001,null,{"$f":"0.617*19.2","v":11.846399999999999},null,null,138.16999999999999,11.66]
["S",2,"S",0,{"$f":"IF($C619=1,OFFSET(E619,-1,0)+MAX(1,COUNTIF(QCI!$A$13:$A$32,OFFSET(ORÇAMENTO!E619,-1,0))),OFFSET(E619,-1,0))","v":13},6,0,0,12,0,{"$f":"IF(OR($C619=\"S\",$C619=0),0,MATCH(OFFSET($D619,0,$C619)+IF($C619<>1,1,COUNTIF(QCI!$A$13:$A$32,ORÇAMENTO!E619)),OFFSET($D619,1,$C619,ROW($C$850)-ROW($C619)),0))","v":0},"F","Serviço","Serviço","13.6.12.","AMMOC","354","VIGA DE CONSTRUÇÃO EM CONCRETO ARMADO","M",{"$f":"OFFSET(CÁLCULO!H$15,ROW($T619)-ROW(T$15),0)","v":17.600000000000001},70.08,"BDI 1",{"$f":"IF($C619=\"S\",ROUND(IF(TIPOORCAMENTO=\"Proposto\",ORÇAMENTO.CustoUnitario*(1+$AH619),ORÇAMENTO.PrecoUnitarioLicitado),15-13*$AF$10),0)","v":86.57},1523.63,"RA","RA",{"$f":"IF($C619=\"S\",IF($Z619=\"CP\",$X619,IF($Z619=\"RA\",(($X619)*QCI!$AA$3),0)),SomaAgrup)","v":1523.63},0,{"$f":"IF($N619=\"\",\"\",IF(ORÇAMENTO.Descricao=\"\",\"DESCRIÇÃO\",IF(AND($C619=\"S\",ORÇAMENTO.Unidade=\"\"),\"UNIDADE\",IF($X619<0,\"VALOR NEGATIVO\",IF(OR(AND(TIPOORCAMENTO=\"Proposto\",$AG619<>\"\",$AG619>0,ORÇAMENTO.CustoUnitario>$AG619),AND(TIPOORCAMENTO=\"LICITADO\",ORÇAMENTO.PrecoUnitarioLicitado>$AN619)),\"ACIMA REF.\",\"\")))))","v":""},{"$f":"IF(C619<=CRONO.NivelExibicao,MAX($AD$15:OFFSET(AD619,-1,0))+IF($C619<>1,1,MAX(1,COUNTIF(QCI!$A$13:$A$32,OFFSET($E619,-1,0)))),\"\")","v":""},{"$f":"IF(AND($C619=\"S\",ORÇAMENTO.CodBarra<>\"\"),IF(ORÇAMENTO.Fonte=\"\",ORÇAMENTO.CodBarra,CONCATENATE(ORÇAMENTO.Fonte,\" \",ORÇAMENTO.CodBarra)))","v":"AMMOC 354"},{"$f":"IF(ISERROR(INDIRECT(ORÇAMENTO.BancoRef)),\"(abra o arquivo 'Referência \"&Excel_BuiltIn_Database&\".xls)\",IF(OR($C619<>\"S\",ORÇAMENTO.CodBarra=\"\"),\"(Sem Código)\",IF(ISERROR(MATCH($AE619,INDIRECT(ORÇAMENTO.BancoRef),0)),\"(Código não identificado nas referências)\",MATCH($AE619,INDIRECT(ORÇAMENTO.BancoRef),0))))","v":"(abra o arquivo 'Referência 06-2023.xls)"},{"$f":"ROUND(IF(DESONERACAO=\"sim\",REFERENCIA.Desonerado,REFERENCIA.NaoDesonerado),2)","v":0},0.23530000000000001,null,17.600000000000001,null,null,1523.63,86.57]
[2,2,2,2,{"$f":"IF($C620=1,OFFSET(E620,-1,0)+MAX(1,COUNTIF(QCI!$A$13:$A$32,OFFSET(ORÇAMENTO!E620,-1,0))),OFFSET(E620,-1,0))","v":13},7,0,0,0,9,{"$f":"IF(OR($C620=\"S\",$C620=0),0,MATCH(OFFSET($D620,0,$C620)+IF($C620<>1,1,COUNTIF(QCI!$A$13:$A$32,ORÇAMENTO!E620)),OFFSET($D620,1,$C620,ROW($C$850)-ROW($C620)),0))","v":2},"F","Nível 2","Nível 2","13.7.","SINAPI",null,"MEIO-FIO","-",{"$f":"OFFSET(CÁLCULO!H$15,ROW($T620)-ROW(T$15),0)","v":0},0,"BDI 1",{"$f":"IF($C620=\"S\",ROUND(IF(TIPOORCAMENTO=\"Proposto\",ORÇAMENTO.CustoUnitario*(1+$AH620),ORÇAMENTO.PrecoUnitarioLicitado),15-13*$AF$10),0)","v":0},2403.7600000000002,"RA","",{"$f":"IF($C620=\"S\",IF($Z620=\"CP\",$X620,IF($Z620=\"RA\",(($X620)*QCI!$AA$3),0)),SomaAgrup)","v":2403.7600000000002},0,{"$f":"IF($N620=\"\",\"\",IF(ORÇAMENTO.Descricao=\"\",\"DESCRIÇÃO\",IF(AND($C620=\"S\",ORÇAMENTO.Unidade=\"\"),\"UNIDADE\",IF($X620<0,\"VALOR NEGATIVO\",IF(OR(AND(TIPOORCAMENTO=\"Proposto\",$AG620<>\"\",$AG620>0,ORÇAMENTO.CustoUnitario>$AG620),AND(TIPOORCAMENTO=\"LICITADO\",ORÇAMENTO.PrecoUnitarioLicitado>$AN620)),\"ACIMA REF.\",\"\")))))","v":""},{"$f":"IF(C620<=CRONO.NivelExibicao,MAX($AD$15:OFFSET(AD620,-1,0))+IF($C620<>1,1,MAX(1,COUNTIF(QCI!$A$13:$A$32,OFFSET($E620,-1,0)))),\"\")","v":""},{"$f":"IF(AND($C620=\"S\",ORÇAMENTO.CodBarra<>\"\"),IF(ORÇAMENTO.Fonte=\"\",ORÇAMENTO.CodBarra,CONCATENATE(ORÇAMENTO.Fonte,\" \",ORÇAMENTO.CodBarra)))","v":false},{"$f":"IF(ISERROR(INDIRECT(ORÇAMENTO.BancoRef)),\"(abra o arquivo 'Referência \"&Excel_BuiltIn_Database&\".xls)\",IF(OR($C620<>\"S\",ORÇAMENTO.CodBarra=\"\"),\"(Sem Código)\",IF(ISERROR(MATCH($AE620,INDIRECT(ORÇAMENTO.BancoRef),0)),\"(Código não identificado nas referências)\",MATCH($AE620,INDIRECT(ORÇAMENTO.BancoRef),0))))","v":"(abra o arquivo 'Referência 06-2023.xls)"},{"$f":"ROUND(IF(DESONERACAO=\"sim\",REFERENCIA.Desonerado,REFERENCIA.NaoDesonerado),2)","v":0},0.23530000000000001,null,null,null,null,2403.7600000000002,0]
["S",2,"S",0,{"$f":"IF($C621=1,OFFSET(E621,-1,0)+MAX(1,COUNTIF(QCI!$A$13:$A$32,OFFSET(ORÇAMENTO!E621,-1,0))),OFFSET(E621,-1,0))","v":13},7,0,0,1,0,{"$f":"IF(OR($C621=\"S\",$C621=0),0,MATCH(OFFSET($D621,0,$C621)+IF($C621<>1,1,COUNTIF(QCI!$A$13:$A$32,ORÇAMENTO!E621)),OFFSET($D621,1,$C621,ROW($C$850)-ROW($C621)),0))","v":0},"F","Serviço","Serviço","13.7.1.","SINAPI","94263","GUIA (MEIO-FIO) CONCRETO, MOLDADA  IN LOCO COM EXTRUSORA, 13 CM BASE X 22 CM ALTURA.","M",{"$f":"OFFSET(CÁLCULO!H$15,ROW($T621)-ROW(T$15),0)","v":53.5},36.369999999999997,"BDI 1",{"$f":"IF($C621=\"S\",ROUND(IF(TIPOORCAMENTO=\"Proposto\",ORÇAMENTO.CustoUnitario*(1+$AH621),ORÇAMENTO.PrecoUnitarioLicitado),15-13*$AF$10),0)","v":44.93},2403.7600000000002,"RA","RA",{"$f":"IF($C621=\"S\",IF($Z621=\"CP\",$X621,IF($Z621=\"RA\",(($X621)*QCI!$AA$3),0)),SomaAgrup)","v":2403.7600000000002},0,{"$f":"IF($N621=\"\",\"\",IF(ORÇAMENTO.Descricao=\"\",\"DESCRIÇÃO\",IF(AND($C621=\"S\",ORÇAMENTO.Unidade=\"\"),\"UNIDADE\",IF($X621<0,\"VALOR NEGATIVO\",IF(OR(AND(TIPOORCAMENTO=\"Proposto\",$AG621<>\"\",$AG621>0,ORÇAMENTO.CustoUnitario>$AG621),AND(TIPOORCAMENTO=\"LICITADO\",ORÇAMENTO.PrecoUnitarioLicitado>$AN621)),\"ACIMA REF.\",\"\")))))","v":""},{"$f":"IF(C621<=CRONO.NivelExibicao,MAX($AD$15:OFFSET(AD621,-1,0))+IF($C621<>1,1,MAX(1,COUNTIF(QCI!$A$13:$A$32,OFFSET($E621,-1,0)))),\"\")","v":""},{"$f":"IF(AND($C621=\"S\",ORÇAMENTO.CodBarra<>\"\"),IF(ORÇAMENTO.Fonte=\"\",ORÇAMENTO.CodBarra,CONCATENATE(ORÇAMENTO.Fonte,\" \",ORÇAMENTO.CodBarra)))","v":"SINAPI 94263"},{"$f":"IF(ISERROR(INDIRECT(ORÇAMENTO.BancoRef)),\"(abra o arquivo 'Referência \"&Excel_BuiltIn_Database&\".xls)\",IF(OR($C621<>\"S\",ORÇAMENTO.CodBarra=\"\"),\"(Sem Código)\",IF(ISERROR(MATCH($AE621,INDIRECT(ORÇAMENTO.BancoRef),0)),\"(Código não identificado nas referências)\",MATCH($AE621,INDIRECT(ORÇAMENTO.BancoRef),0))))","v":"(abra o arquivo 'Referência 06-2023.xls)"},{"$f":"ROUND(IF(DESONERACAO=\"sim\",REFERENCIA.Desonerado,REFERENCIA.NaoDesonerado),2)","v":0},0.23530000000000001,null,53.5,null,null,2403.7600000000002,44.93]
[2,2,2,7,{"$f":"IF($C622=1,OFFSET(E622,-1,0)+MAX(1,COUNTIF(QCI!$A$13:$A$32,OFFSET(ORÇAMENTO!E622,-1,0))),OFFSET(E622,-1,0))","v":13},8,0,0,0,7,{"$f":"IF(OR($C622=\"S\",$C622=0),0,MATCH(OFFSET($D622,0,$C622)+IF($C622<>1,1,COUNTIF(QCI!$A$13:$A$32,ORÇAMENTO!E622)),OFFSET($D622,1,$C622,ROW($C$850)-ROW($C622)),0))","v":45},"F","Nível 2","Nível 2","13.8.","SINAPI",null,"SINALIZAÇÃO","-",{"$f":"OFFSET(CÁLCULO!H$15,ROW($T622)-ROW(T$15),0)","v":0},0,"BDI 1",{"$f":"IF($C622=\"S\",ROUND(IF(TIPOORCAMENTO=\"Proposto\",ORÇAMENTO.CustoUnitario*(1+$AH622),ORÇAMENTO.PrecoUnitarioLicitado),15-13*$AF$10),0)","v":0},3123.68,"RA","",{"$f":"IF($C622=\"S\",IF($Z622=\"CP\",$X622,IF($Z622=\"RA\",(($X622)*QCI!$AA$3),0)),SomaAgrup)","v":3123.68},0,{"$f":"IF($N622=\"\",\"\",IF(ORÇAMENTO.Descricao=\"\",\"DESCRIÇÃO\",IF(AND($C622=\"S\",ORÇAMENTO.Unidade=\"\"),\"UNIDADE\",IF($X622<0,\"VALOR NEGATIVO\",IF(OR(AND(TIPOORCAMENTO=\"Proposto\",$AG622<>\"\",$AG622>0,ORÇAMENTO.CustoUnitario>$AG622),AND(TIPOORCAMENTO=\"LICITADO\",ORÇAMENTO.PrecoUnitarioLicitado>$AN622)),\"ACIMA REF.\",\"\")))))","v":""},{"$f":"IF(C622<=CRONO.NivelExibicao,MAX($AD$15:OFFSET(AD622,-1,0))+IF($C622<>1,1,MAX(1,COUNTIF(QCI!$A$13:$A$32,OFFSET($E622,-1,0)))),\"\")","v":""},{"$f":"IF(AND($C622=\"S\",ORÇAMENTO.CodBarra<>\"\"),IF(ORÇAMENTO.Fonte=\"\",ORÇAMENTO.CodBarra,CONCATENATE(ORÇAMENTO.Fonte,\" \",ORÇAMENTO.CodBarra)))","v":false},{"$f":"IF(ISERROR(INDIRECT(ORÇAMENTO.BancoRef)),\"(abra o arquivo 'Referência \"&Excel_BuiltIn_Database&\".xls)\",IF(OR($C622<>\"S\",ORÇAMENTO.CodBarra=\"\"),\"(Sem Código)\",IF(ISERROR(MATCH($AE622,INDIRECT(ORÇAMENTO.BancoRef),0)),\"(Código não identificado nas referências)\",MATCH($AE622,INDIRECT(ORÇAMENTO.BancoRef),0))))","v":"(abra o arquivo 'Referência 06-2023.xls)"},{"$f":"ROUND(IF(DESONERACAO=\"sim\",REFERENCIA.Desonerado,REFERENCIA.NaoDesonerado),2)","v":0},0.23530000000000001,null,null,null,null,3123.68,0]
["S",2,"S",0,{"$f":"IF($C623=1,OFFSET(E623,-1,0)+MAX(1,COUNTIF(QCI!$A$13:$A$32,OFFSET(ORÇAMENTO!E623,-1,0))),OFFSET(E623,-1,0))","v":13},8,0,0,1,0,{"$f":"IF(OR($C623=\"S\",$C623=0),0,MATCH(OFFSET($D623,0,$C623)+IF($C623<>1,1,COUNTIF(QCI!$A$13:$A$32,ORÇAMENTO!E623)),OFFSET($D623,1,$C623,ROW($C$850)-ROW($C623)),0))","v":0},"F","Serviço","Serviço","13.8.1.","SINAPI","72947","SINALIZACAO HORIZONTAL COM TINTA RETRORREFLETIVA A BASE DE RESINA ACRILICA COM MICROESFERAS DE VIDRO - LINHA CONTÍNUA AMARELA","M2",{"$f":"OFFSET(CÁLCULO!H$15,ROW($T623)-ROW(T$15),0)","v":5.28},17.059999999999999,"BDI 1",{"$f":"IF($C623=\"S\",ROUND(IF(TIPOORCAMENTO=\"Proposto\",ORÇAMENTO.CustoUnitario*(1+$AH623),ORÇAMENTO.PrecoUnitarioLicitado),15-13*$AF$10),0)","v":21.07},111.25,"RA","RA",{"$f":"IF($C623=\"S\",IF($Z623=\"CP\",$X623,IF($Z623=\"RA\",(($X623)*QCI!$AA$3),0)),SomaAgrup)","v":111.25},0,{"$f":"IF($N623=\"\",\"\",IF(ORÇAMENTO.Descricao=\"\",\"DESCRIÇÃO\",IF(AND($C623=\"S\",ORÇAMENTO.Unidade=\"\"),\"UNIDADE\",IF($X623<0,\"VALOR NEGATIVO\",IF(OR(AND(TIPOORCAMENTO=\"Proposto\",$AG623<>\"\",$AG623>0,ORÇAMENTO.CustoUnitario>$AG623),AND(TIPOORCAMENTO=\"LICITADO\",ORÇAMENTO.PrecoUnitarioLicitado>$AN623)),\"ACIMA REF.\",\"\")))))","v":""},{"$f":"IF(C623<=CRONO.NivelExibicao,MAX($AD$15:OFFSET(AD623,-1,0))+IF($C623<>1,1,MAX(1,COUNTIF(QCI!$A$13:$A$32,OFFSET($E623,-1,0)))),\"\")","v":""},{"$f":"IF(AND($C623=\"S\",ORÇAMENTO.CodBarra<>\"\"),IF(ORÇAMENTO.Fonte=\"\",ORÇAMENTO.CodBarra,CONCATENATE(ORÇAMENTO.Fonte,\" \",ORÇAMENTO.CodBarra)))","v":"SINAPI 72947"},{"$f":"IF(ISERROR(INDIRECT(ORÇAMENTO.BancoRef)),\"(abra o arquivo 'Referência \"&Excel_BuiltIn_Database&\".xls)\",IF(OR($C623<>\"S\",ORÇAMENTO.CodBarra=\"\"),\"(Sem Código)\",IF(ISERROR(MATCH($AE623,INDIRECT(ORÇAMENTO.BancoRef),0)),\"(Código não identificado nas referências)\",MATCH($AE623,INDIRECT(ORÇAMENTO.BancoRef),0))))","v":"(abra o arquivo 'Referência 06-2023.xls)"},{"$f":"ROUND(IF(DESONERACAO=\"sim\",REFERENCIA.Desonerado,REFERENCIA.NaoDesonerado),2)","v":0},0.23530000000000001,null,5.28,null,null,111.25,21.07]
["S",2,"S",0,{"$f":"IF($C624=1,OFFSET(E624,-1,0)+MAX(1,COUNTIF(QCI!$A$13:$A$32,OFFSET(ORÇAMENTO!E624,-1,0))),OFFSET(E624,-1,0))","v":13},8,0,0,2,0,{"$f":"IF(OR($C624=\"S\",$C624=0),0,MATCH(OFFSET($D624,0,$C624)+IF($C624<>1,1,COUNTIF(QCI!$A$13:$A$32,ORÇAMENTO!E624)),OFFSET($D624,1,$C624,ROW($C$850)-ROW($C624)),0))","v":0},"F","Serviço","Serviço","13.8.2.","SINAPI","72947","SINALIZACAO HORIZONTAL COM TINTA RETRORREFLETIVA A BASE DE RESINA ACRILICA COM MICROESFERAS DE VIDRO - LINHA CONTÍNUA BRANCA","M2",{"$f":"OFFSET(CÁLCULO!H$15,ROW($T624)-ROW(T$15),0)","v":11.28},17.059999999999999,"BDI 1",{"$f":"IF($C624=\"S\",ROUND(IF(TIPOORCAMENTO=\"Proposto\",ORÇAMENTO.CustoUnitario*(1+$AH624),ORÇAMENTO.PrecoUnitarioLicitado),15-13*$AF$10),0)","v":21.07},237.67,"RA","RA",{"$f":"IF($C624=\"S\",IF($Z624=\"CP\",$X624,IF($Z624=\"RA\",(($X624)*QCI!$AA$3),0)),SomaAgrup)","v":237.67},0,{"$f":"IF($N624=\"\",\"\",IF(ORÇAMENTO.Descricao=\"\",\"DESCRIÇÃO\",IF(AND($C624=\"S\",ORÇAMENTO.Unidade=\"\"),\"UNIDADE\",IF($X624<0,\"VALOR NEGATIVO\",IF(OR(AND(TIPOORCAMENTO=\"Proposto\",$AG624<>\"\",$AG624>0,ORÇAMENTO.CustoUnitario>$AG624),AND(TIPOORCAMENTO=\"LICITADO\",ORÇAMENTO.PrecoUnitarioLicitado>$AN624)),\"ACIMA REF.\",\"\")))))","v":""},{"$f":"IF(C624<=CRONO.NivelExibicao,MAX($AD$15:OFFSET(AD624,-1,0))+IF($C624<>1,1,MAX(1,COUNTIF(QCI!$A$13:$A$32,OFFSET($E624,-1,0)))),\"\")","v":""},{"$f":"IF(AND($C624=\"S\",ORÇAMENTO.CodBarra<>\"\"),IF(ORÇAMENTO.Fonte=\"\",ORÇAMENTO.CodBarra,CONCATENATE(ORÇAMENTO.Fonte,\" \",ORÇAMENTO.CodBarra)))","v":"SINAPI 72947"},{"$f":"IF(ISERROR(INDIRECT(ORÇAMENTO.BancoRef)),\"(abra o arquivo 'Referência \"&Excel_BuiltIn_Database&\".xls)\",IF(OR($C624<>\"S\",ORÇAMENTO.CodBarra=\"\"),\"(Sem Código)\",IF(ISERROR(MATCH($AE624,INDIRECT(ORÇAMENTO.BancoRef),0)),\"(Código não identificado nas referências)\",MATCH($AE624,INDIRECT(ORÇAMENTO.BancoRef),0))))","v":"(abra o arquivo 'Referência 06-2023.xls)"},{"$f":"ROUND(IF(DESONERACAO=\"sim\",REFERENCIA.Desonerado,REFERENCIA.NaoDesonerado),2)","v":0},0.23530000000000001,null,11.28,null,null,237.67,21.07]
[{"$f":"CHOOSE(1+LOG(1+2*(ORÇAMENTO.Nivel=\"Meta\")+4*(ORÇAMENTO.Nivel=\"Nível 2\")+8*(ORÇAMENTO.Nivel=\"Nível 3\")+16*(ORÇAMENTO.Nivel=\"Nível 4\")+32*(ORÇAMENTO.Nivel=\"Serviço\"),2),0,1,2,3,4,\"S\")","v":"S"},{"$f":"IF(OR(C625=\"s\",C625=0),OFFSET(B625,-1,0),C625)","v":2},{"$f":"IF(OFFSET(C625,-1,0)=\"L\",1,IF(OFFSET(C625,-1,0)=1,2,IF(OR(A625=\"s\",A625=0),\"S\",IF(AND(OFFSET(C625,-1,0)=2,A625=4),3,IF(AND(OR(OFFSET(C625,-1,0)=\"s\",OFFSET(C625,-1,0)=0),A625<>\"s\",A625>OFFSET(B625,-1,0)),OFFSET(B625,-1,0),A625)))))","v":"S"},{"$f":"IF(OR(C625=\"S\",C625=0),0,IF(ISERROR(K625),J625,SMALL(J625:K625,1)))","v":0},{"$f":"IF($C625=1,OFFSET(E625,-1,0)+MAX(1,COUNTIF(QCI!$A$13:$A$32,OFFSET(ORÇAMENTO!E625,-1,0))),OFFSET(E625,-1,0))","v":13},{"$f":"IF($C625=1,0,IF($C625=2,OFFSET(F625,-1,0)+1,OFFSET(F625,-1,0)))","v":8},{"$f":"IF(AND($C625<=2,$C625<>0),0,IF($C625=3,OFFSET(G625,-1,0)+1,OFFSET(G625,-1,0)))","v":0},{"$f":"IF(AND($C625<=3,$C625<>0),0,IF($C625=4,OFFSET(H625,-1,0)+1,OFFSET(H625,-1,0)))","v":0},{"$f":"IF(AND($C625<=4,$C625<>0),0,IF(AND($C625=\"S\",$X625>0),OFFSET(I625,-1,0)+1,OFFSET(I625,-1,0)))","v":3},0,{"$f":"IF(OR($C625=\"S\",$C625=0),0,MATCH(OFFSET($D625,0,$C625)+IF($C625<>1,1,COUNTIF(QCI!$A$13:$A$32,ORÇAMENTO!E625)),OFFSET($D625,1,$C625,ROW($C$850)-ROW($C625)),0))","v":0},{"$f":"IF(OR($X625>0,$C625=1,$C625=2,$C625=3,$C625=4),\"F\",\"\")","v":"F"},"Serviço",{"$f":"CHOOSE(1+LOG(1+2*(C625=1)+4*(C625=2)+8*(C625=3)+16*(C625=4)+32*(C625=\"S\"),2),\"\",\"Meta\",\"Nível 2\",\"Nível 3\",\"Nível 4\",\"Serviço\")","v":"Serviço"},{"$f":"IF(OR($C625=0,$L625=\"\"),\"-\",CONCATENATE(E625&\".\",IF(AND($A$5>=2,$C625>=2),F625&\".\",\"\"),IF(AND($A$5>=3,$C625>=3),G625&\".\",\"\"),IF(AND($A$5>=4,$C625>=4),H625&\".\",\"\"),IF($C625=\"S\",I625&\".\",\"\")))","v":"13.8.3."},"SINAPI","72947","SINALIZACAO HORIZONTAL COM TINTA RETRORREFLETIVA A BASE DE RESINA ACRILICA COM MICROESFERAS DE VIDRO - LINHA CONTÍNUA BRANCA","M2",{"$f":"OFFSET(CÁLCULO!H$15,ROW($T625)-ROW(T$15),0)","v":33.11},17.059999999999999,"BDI 1",{"$f":"IF($C625=\"S\",ROUND(IF(TIPOORCAMENTO=\"Proposto\",ORÇAMENTO.CustoUnitario*(1+$AH625),ORÇAMENTO.PrecoUnitarioLicitado),15-13*$AF$10),0)","v":21.07},{"$f":"IF($C625=\"S\",VTOTAL1,IF($C625=0,0,ROUND(SomaAgrup,15-13*$AF$11)))","v":697.63},"RA",{"$f":"IF(AND($C625=\"S\",$X625>0),IF(ISBLANK($Y625),\"RA\",LEFT($Y625,2)),\"\")","v":"RA"},{"$f":"IF($C625=\"S\",IF($Z625=\"CP\",$X625,IF($Z625=\"RA\",(($X625)*QCI!$AA$3),0)),SomaAgrup)","v":697.63},{"$f":"IF($C625=\"S\",IF($Z625=\"OU\",ROUND($X625,2),0),SomaAgrup)","v":0},{"$f":"IF($N625=\"\",\"\",IF(ORÇAMENTO.Descricao=\"\",\"DESCRIÇÃO\",IF(AND($C625=\"S\",ORÇAMENTO.Unidade=\"\"),\"UNIDADE\",IF($X625<0,\"VALOR NEGATIVO\",IF(OR(AND(TIPOORCAMENTO=\"Proposto\",$AG625<>\"\",$AG625>0,ORÇAMENTO.CustoUnitario>$AG625),AND(TIPOORCAMENTO=\"LICITADO\",ORÇAMENTO.PrecoUnitarioLicitado>$AN625)),\"ACIMA REF.\",\"\")))))","v":""},{"$f":"IF(C625<=CRONO.NivelExibicao,MAX($AD$15:OFFSET(AD625,-1,0))+IF($C625<>1,1,MAX(1,COUNTIF(QCI!$A$13:$A$32,OFFSET($E625,-1,0)))),\"\")","v":""},{"$f":"IF(AND($C625=\"S\",ORÇAMENTO.CodBarra<>\"\"),IF(ORÇAMENTO.Fonte=\"\",ORÇAMENTO.CodBarra,CONCATENATE(ORÇAMENTO.Fonte,\" \",ORÇAMENTO.CodBarra)))","v":"SINAPI 72947"},{"$f":"IF(ISERROR(INDIRECT(ORÇAMENTO.BancoRef)),\"(abra o arquivo 'Referência \"&Excel_BuiltIn_Database&\".xls)\",IF(OR($C625<>\"S\",ORÇAMENTO.CodBarra=\"\"),\"(Sem Código)\",IF(ISERROR(MATCH($AE625,INDIRECT(ORÇAMENTO.BancoRef),0)),\"(Código não identificado nas referências)\",MATCH($AE625,INDIRECT(ORÇAMENTO.BancoRef),0))))","v":"(abra o arquivo 'Referência 06-2023.xls)"},{"$f":"ROUND(IF(DESONERACAO=\"sim\",REFERENCIA.Desonerado,REFERENCIA.NaoDesonerado),2)","v":0},{"$f":"ROUND(IF(ISNUMBER(ORÇAMENTO.OpcaoBDI),ORÇAMENTO.OpcaoBDI,IF(LEFT(ORÇAMENTO.OpcaoBDI,3)=\"BDI\",HLOOKUP(ORÇAMENTO.OpcaoBDI,$F$4:$H$5,2,FALSE),0)),15-11*$AF$9)","v":0.23530000000000001},null,33.11,null,null,697.63,{"$f":"ROUND(ORÇAMENTO.CustoUnitario*(1+$AH625),2)","v":21.07}]
["S",2,"S",0,{"$f":"IF($C626=1,OFFSET(E626,-1,0)+MAX(1,COUNTIF(QCI!$A$13:$A$32,OFFSET(ORÇAMENTO!E626,-1,0))),OFFSET(E626,-1,0))","v":13},8,0,0,4,0,{"$f":"IF(OR($C626=\"S\",$C626=0),0,MATCH(OFFSET($D626,0,$C626)+IF($C626<>1,1,COUNTIF(QCI!$A$13:$A$32,ORÇAMENTO!E626)),OFFSET($D626,1,$C626,ROW($C$850)-ROW($C626)),0))","v":0},"F","Serviço","Serviço","13.8.4.","AMMOC",340,"PLACA DE SINALIZAÇÃO VIARIA CIRCULAR D = 50 CM, COM SUPORTE DE ACO GALVANIZADO D = 50 MM E ALTURA = 3M INCLUSIVE BASE DE CONCRETO MAGRO","UN",{"$f":"OFFSET(CÁLCULO!H$15,ROW($T626)-ROW(T$15),0)","v":1},365.01,"BDI 1",{"$f":"IF($C626=\"S\",ROUND(IF(TIPOORCAMENTO=\"Proposto\",ORÇAMENTO.CustoUnitario*(1+$AH626),ORÇAMENTO.PrecoUnitarioLicitado),15-13*$AF$10),0)","v":450.9},450.9,"RA","RA",{"$f":"IF($C626=\"S\",IF($Z626=\"CP\",$X626,IF($Z626=\"RA\",(($X626)*QCI!$AA$3),0)),SomaAgrup)","v":450.9},0,{"$f":"IF($N626=\"\",\"\",IF(ORÇAMENTO.Descricao=\"\",\"DESCRIÇÃO\",IF(AND($C626=\"S\",ORÇAMENTO.Unidade=\"\"),\"UNIDADE\",IF($X626<0,\"VALOR NEGATIVO\",IF(OR(AND(TIPOORCAMENTO=\"Proposto\",$AG626<>\"\",$AG626>0,ORÇAMENTO.CustoUnitario>$AG626),AND(TIPOORCAMENTO=\"LICITADO\",ORÇAMENTO.PrecoUnitarioLicitado>$AN626)),\"ACIMA REF.\",\"\")))))","v":""},{"$f":"IF(C626<=CRONO.NivelExibicao,MAX($AD$15:OFFSET(AD626,-1,0))+IF($C626<>1,1,MAX(1,COUNTIF(QCI!$A$13:$A$32,OFFSET($E626,-1,0)))),\"\")","v":""},{"$f":"IF(AND($C626=\"S\",ORÇAMENTO.CodBarra<>\"\"),IF(ORÇAMENTO.Fonte=\"\",ORÇAMENTO.CodBarra,CONCATENATE(ORÇAMENTO.Fonte,\" \",ORÇAMENTO.CodBarra)))","v":"AMMOC 340"},{"$f":"IF(ISERROR(INDIRECT(ORÇAMENTO.BancoRef)),\"(abra o arquivo 'Referência \"&Excel_BuiltIn_Database&\".xls)\",IF(OR($C626<>\"S\",ORÇAMENTO.CodBarra=\"\"),\"(Sem Código)\",IF(ISERROR(MATCH($AE626,INDIRECT(ORÇAMENTO.BancoRef),0)),\"(Código não identificado nas referências)\",MATCH($AE626,INDIRECT(ORÇAMENTO.BancoRef),0))))","v":"(abra o arquivo 'Referência 06-2023.xls)"},{"$f":"ROUND(IF(DESONERACAO=\"sim\",REFERENCIA.Desonerado,REFERENCIA.NaoDesonerado),2)","v":0},0.23530000000000001,null,1,null,null,450.9,450.9]
[{"$f":"CHOOSE(1+LOG(1+2*(ORÇAMENTO.Nivel=\"Meta\")+4*(ORÇAMENTO.Nivel=\"Nível 2\")+8*(ORÇAMENTO.Nivel=\"Nível 3\")+16*(ORÇAMENTO.Nivel=\"Nível 4\")+32*(ORÇAMENTO.Nivel=\"Serviço\"),2),0,1,2,3,4,\"S\")","v":"S"},2,"S",0,{"$f":"IF($C627=1,OFFSET(E627,-1,0)+MAX(1,COUNTIF(QCI!$A$13:$A$32,OFFSET(ORÇAMENTO!E627,-1,0))),OFFSET(E627,-1,0))","v":13},8,0,0,5,0,{"$f":"IF(OR($C627=\"S\",$C627=0),0,MATCH(OFFSET($D627,0,$C627)+IF($C627<>1,1,COUNTIF(QCI!$A$13:$A$32,ORÇAMENTO!E627)),OFFSET($D627,1,$C627,ROW($C$850)-ROW($C627)),0))","v":0},"F","Serviço","Serviço","13.8.5.","AMMOC","215","PLACA DE SINALIZACAO VIARIA OCTOGONAL A = 25 CM, COM SUPORTE DE AÇO GALVANIZADO D = 75 MM E ALTURA = 3 M, INCLUSIVE BASE DE CONCRETO MAGRO","UN ",{"$f":"OFFSET(CÁLCULO!H$15,ROW($T627)-ROW(T$15),0)","v":1},898.27,"BDI 1",{"$f":"IF($C627=\"S\",ROUND(IF(TIPOORCAMENTO=\"Proposto\",ORÇAMENTO.CustoUnitario*(1+$AH627),ORÇAMENTO.PrecoUnitarioLicitado),15-13*$AF$10),0)","v":1109.6300000000001},{"$f":"IF($C627=\"S\",VTOTAL1,IF($C627=0,0,ROUND(SomaAgrup,15-13*$AF$11)))","v":1109.6300000000001},"RA","RA",{"$f":"IF($C627=\"S\",IF($Z627=\"CP\",$X627,IF($Z627=\"RA\",(($X627)*QCI!$AA$3),0)),SomaAgrup)","v":1109.6300000000001},{"$f":"IF($C627=\"S\",IF($Z627=\"OU\",ROUND($X627,2),0),SomaAgrup)","v":0},{"$f":"IF($N627=\"\",\"\",IF(ORÇAMENTO.Descricao=\"\",\"DESCRIÇÃO\",IF(AND($C627=\"S\",ORÇAMENTO.Unidade=\"\"),\"UNIDADE\",IF($X627<0,\"VALOR NEGATIVO\",IF(OR(AND(TIPOORCAMENTO=\"Proposto\",$AG627<>\"\",$AG627>0,ORÇAMENTO.CustoUnitario>$AG627),AND(TIPOORCAMENTO=\"LICITADO\",ORÇAMENTO.PrecoUnitarioLicitado>$AN627)),\"ACIMA REF.\",\"\")))))","v":""},{"$f":"IF(C627<=CRONO.NivelExibicao,MAX($AD$15:OFFSET(AD627,-1,0))+IF($C627<>1,1,MAX(1,COUNTIF(QCI!$A$13:$A$32,OFFSET($E627,-1,0)))),\"\")","v":""},{"$f":"IF(AND($C627=\"S\",ORÇAMENTO.CodBarra<>\"\"),IF(ORÇAMENTO.Fonte=\"\",ORÇAMENTO.CodBarra,CONCATENATE(ORÇAMENTO.Fonte,\" \",ORÇAMENTO.CodBarra)))","v":"AMMOC 215"},{"$f":"IF(ISERROR(INDIRECT(ORÇAMENTO.BancoRef)),\"(abra o arquivo 'Referência \"&Excel_BuiltIn_Database&\".xls)\",IF(OR($C627<>\"S\",ORÇAMENTO.CodBarra=\"\"),\"(Sem Código)\",IF(ISERROR(MATCH($AE627,INDIRECT(ORÇAMENTO.BancoRef),0)),\"(Código não identificado nas referências)\",MATCH($AE627,INDIRECT(ORÇAMENTO.BancoRef),0))))","v":"(abra o arquivo 'Referência 06-2023.xls)"},{"$f":"ROUND(IF(DESONERACAO=\"sim\",REFERENCIA.Desonerado,REFERENCIA.NaoDesonerado),2)","v":0},{"$f":"ROUND(IF(ISNUMBER(ORÇAMENTO.OpcaoBDI),ORÇAMENTO.OpcaoBDI,IF(LEFT(ORÇAMENTO.OpcaoBDI,3)=\"BDI\",HLOOKUP(ORÇAMENTO.OpcaoBDI,$F$4:$H$5,2,FALSE),0)),15-11*$AF$9)","v":0.23530000000000001},null,1,null,null,1109.6300000000001,{"$f":"ROUND(ORÇAMENTO.CustoUnitario*(1+$AH627),2)","v":1109.6300000000001}]
[{"$f":"CHOOSE(1+LOG(1+2*(ORÇAMENTO.Nivel=\"Meta\")+4*(ORÇAMENTO.Nivel=\"Nível 2\")+8*(ORÇAMENTO.Nivel=\"Nível 3\")+16*(ORÇAMENTO.Nivel=\"Nível 4\")+32*(ORÇAMENTO.Nivel=\"Serviço\"),2),0,1,2,3,4,\"S\")","v":"S"},2,"S",0,{"$f":"IF($C628=1,OFFSET(E628,-1,0)+MAX(1,COUNTIF(QCI!$A$13:$A$32,OFFSET(ORÇAMENTO!E628,-1,0))),OFFSET(E628,-1,0))","v":13},8,0,0,6,0,{"$f":"IF(OR($C628=\"S\",$C628=0),0,MATCH(OFFSET($D628,0,$C628)+IF($C628<>1,1,COUNTIF(QCI!$A$13:$A$32,ORÇAMENTO!E628)),OFFSET($D628,1,$C628,ROW($C$850)-ROW($C628)),0))","v":0},"F","Serviço","Serviço","13.8.6.","AMMOC","PLRUA2","PLACA DE IDENTIFICACAO DE RUA (2 PLACA 45 CM X 20 CM), COM SUPORTE DE ACO GALVANIZADO D = 50 MM E ALTURA = 3 M, INCLUSIVE BASE DE CONCRETO MAGRO","UND",{"$f":"OFFSET(CÁLCULO!H$15,ROW($T628)-ROW(T$15),0)","v":1},418.2,"BDI 1",{"$f":"IF($C628=\"S\",ROUND(IF(TIPOORCAMENTO=\"Proposto\",ORÇAMENTO.CustoUnitario*(1+$AH628),ORÇAMENTO.PrecoUnitarioLicitado),15-13*$AF$10),0)","v":516.6},{"$f":"IF($C628=\"S\",VTOTAL1,IF($C628=0,0,ROUND(SomaAgrup,15-13*$AF$11)))","v":516.6},"RA","RA",{"$f":"IF($C628=\"S\",IF($Z628=\"CP\",$X628,IF($Z628=\"RA\",(($X628)*QCI!$AA$3),0)),SomaAgrup)","v":516.6},{"$f":"IF($C628=\"S\",IF($Z628=\"OU\",ROUND($X628,2),0),SomaAgrup)","v":0},{"$f":"IF($N628=\"\",\"\",IF(ORÇAMENTO.Descricao=\"\",\"DESCRIÇÃO\",IF(AND($C628=\"S\",ORÇAMENTO.Unidade=\"\"),\"UNIDADE\",IF($X628<0,\"VALOR NEGATIVO\",IF(OR(AND(TIPOORCAMENTO=\"Proposto\",$AG628<>\"\",$AG628>0,ORÇAMENTO.CustoUnitario>$AG628),AND(TIPOORCAMENTO=\"LICITADO\",ORÇAMENTO.PrecoUnitarioLicitado>$AN628)),\"ACIMA REF.\",\"\")))))","v":""},{"$f":"IF(C628<=CRONO.NivelExibicao,MAX($AD$15:OFFSET(AD628,-1,0))+IF($C628<>1,1,MAX(1,COUNTIF(QCI!$A$13:$A$32,OFFSET($E628,-1,0)))),\"\")","v":""},{"$f":"IF(AND($C628=\"S\",ORÇAMENTO.CodBarra<>\"\"),IF(ORÇAMENTO.Fonte=\"\",ORÇAMENTO.CodBarra,CONCATENATE(ORÇAMENTO.Fonte,\" \",ORÇAMENTO.CodBarra)))","v":"AMMOC PLRUA2"},{"$f":"IF(ISERROR(INDIRECT(ORÇAMENTO.BancoRef)),\"(abra o arquivo 'Referência \"&Excel_BuiltIn_Database&\".xls)\",IF(OR($C628<>\"S\",ORÇAMENTO.CodBarra=\"\"),\"(Sem Código)\",IF(ISERROR(MATCH($AE628,INDIRECT(ORÇAMENTO.BancoRef),0)),\"(Código não identificado nas referências)\",MATCH($AE628,INDIRECT(ORÇAMENTO.BancoRef),0))))","v":"(abra o arquivo 'Referência 06-2023.xls)"},{"$f":"ROUND(IF(DESONERACAO=\"sim\",REFERENCIA.Desonerado,REFERENCIA.NaoDesonerado),2)","v":0},{"$f":"ROUND(IF(ISNUMBER(ORÇAMENTO.OpcaoBDI),ORÇAMENTO.OpcaoBDI,IF(LEFT(ORÇAMENTO.OpcaoBDI,3)=\"BDI\",HLOOKUP(ORÇAMENTO.OpcaoBDI,$F$4:$H$5,2,FALSE),0)),15-11*$AF$9)","v":0.23530000000000001},null,1,null,null,516.6,{"$f":"ROUND(ORÇAMENTO.CustoUnitario*(1+$AH628),2)","v":516.6}]
[{"$f":"CHOOSE(1+LOG(1+2*(ORÇAMENTO.Nivel=\"Meta\")+4*(ORÇAMENTO.Nivel=\"Nível 2\")+8*(ORÇAMENTO.Nivel=\"Nível 3\")+16*(ORÇAMENTO.Nivel=\"Nível 4\")+32*(ORÇAMENTO.Nivel=\"Serviço\"),2),0,1,2,3,4,\"S\")","v":1},1,1,45,{"$f":"IF($C629=1,OFFSET(E629,-1,0)+MAX(1,COUNTIF(QCI!$A$13:$A$32,OFFSET(ORÇAMENTO!E629,-1,0))),OFFSET(E629,-1,0))","v":14},0,0,0,0,221,{"$f":"IF(OR($C629=\"S\",$C629=0),0,MATCH(OFFSET($D629,0,$C629)+IF($C629<>1,1,COUNTIF(QCI!$A$13:$A$32,ORÇAMENTO!E629)),OFFSET($D629,1,$C629,ROW($C$850)-ROW($C629)),0))","v":45},"F","Meta","Meta","14.","SINAPI",null,"RUA ANTONIO LONDERO","-",{"$f":"OFFSET(CÁLCULO!H$15,ROW($T629)-ROW(T$15),0)","v":0},0,"BDI 1",{"$f":"IF($C629=\"S\",ROUND(IF(TIPOORCAMENTO=\"Proposto\",ORÇAMENTO.CustoUnitario*(1+$AH629),ORÇAMENTO.PrecoUnitarioLicitado),15-13*$AF$10),0)","v":0},{"$f":"IF($C629=\"S\",VTOTAL1,IF($C629=0,0,ROUND(SomaAgrup,15-13*$AF$11)))","v":90537.85},"RA","",{"$f":"IF($C629=\"S\",IF($Z629=\"CP\",$X629,IF($Z629=\"RA\",(($X629)*QCI!$AA$3),0)),SomaAgrup)","v":90537.849999999991},{"$f":"IF($C629=\"S\",IF($Z629=\"OU\",ROUND($X629,2),0),SomaAgrup)","v":0},{"$f":"IF($N629=\"\",\"\",IF(ORÇAMENTO.Descricao=\"\",\"DESCRIÇÃO\",IF(AND($C629=\"S\",ORÇAMENTO.Unidade=\"\"),\"UNIDADE\",IF($X629<0,\"VALOR NEGATIVO\",IF(OR(AND(TIPOORCAMENTO=\"Proposto\",$AG629<>\"\",$AG629>0,ORÇAMENTO.CustoUnitario>$AG629),AND(TIPOORCAMENTO=\"LICITADO\",ORÇAMENTO.PrecoUnitarioLicitado>$AN629)),\"ACIMA REF.\",\"\")))))","v":""},{"$f":"IF(C629<=CRONO.NivelExibicao,MAX($AD$15:OFFSET(AD629,-1,0))+IF($C629<>1,1,MAX(1,COUNTIF(QCI!$A$13:$A$32,OFFSET($E629,-1,0)))),\"\")","v":14},{"$f":"IF(AND($C629=\"S\",ORÇAMENTO.CodBarra<>\"\"),IF(ORÇAMENTO.Fonte=\"\",ORÇAMENTO.CodBarra,CONCATENATE(ORÇAMENTO.Fonte,\" \",ORÇAMENTO.CodBarra)))","v":false},{"$f":"IF(ISERROR(INDIRECT(ORÇAMENTO.BancoRef)),\"(abra o arquivo 'Referência \"&Excel_BuiltIn_Database&\".xls)\",IF(OR($C629<>\"S\",ORÇAMENTO.CodBarra=\"\"),\"(Sem Código)\",IF(ISERROR(MATCH($AE629,INDIRECT(ORÇAMENTO.BancoRef),0)),\"(Código não identificado nas referências)\",MATCH($AE629,INDIRECT(ORÇAMENTO.BancoRef),0))))","v":"(abra o arquivo 'Referência 06-2023.xls)"},{"$f":"ROUND(IF(DESONERACAO=\"sim\",REFERENCIA.Desonerado,REFERENCIA.NaoDesonerado),2)","v":0},{"$f":"ROUND(IF(ISNUMBER(ORÇAMENTO.OpcaoBDI),ORÇAMENTO.OpcaoBDI,IF(LEFT(ORÇAMENTO.OpcaoBDI,3)=\"BDI\",HLOOKUP(ORÇAMENTO.OpcaoBDI,$F$4:$H$5,2,FALSE),0)),15-11*$AF$9)","v":0.23530000000000001},null,null,null,null,90537.85,{"$f":"ROUND(ORÇAMENTO.CustoUnitario*(1+$AH629),2)","v":0}]
[2,2,2,2,{"$f":"IF($C630=1,OFFSET(E630,-1,0)+MAX(1,COUNTIF(QCI!$A$13:$A$32,OFFSET(ORÇAMENTO!E630,-1,0))),OFFSET(E630,-1,0))","v":14},1,0,0,0,44,{"$f":"IF(OR($C630=\"S\",$C630=0),0,MATCH(OFFSET($D630,0,$C630)+IF($C630<>1,1,COUNTIF(QCI!$A$13:$A$32,ORÇAMENTO!E630)),OFFSET($D630,1,$C630,ROW($C$850)-ROW($C630)),0))","v":2},"F","Nível 2","Nível 2","14.1.","SINAPI",null,"SERVIÇOS INICIAIS","-",{"$f":"OFFSET(CÁLCULO!H$15,ROW($T630)-ROW(T$15),0)","v":0},0,"BDI 1",{"$f":"IF($C630=\"S\",ROUND(IF(TIPOORCAMENTO=\"Proposto\",ORÇAMENTO.CustoUnitario*(1+$AH630),ORÇAMENTO.PrecoUnitarioLicitado),15-13*$AF$10),0)","v":0},30.27,"RA","",{"$f":"IF($C630=\"S\",IF($Z630=\"CP\",$X630,IF($Z630=\"RA\",(($X630)*QCI!$AA$3),0)),SomaAgrup)","v":30.27},0,{"$f":"IF($N630=\"\",\"\",IF(ORÇAMENTO.Descricao=\"\",\"DESCRIÇÃO\",IF(AND($C630=\"S\",ORÇAMENTO.Unidade=\"\"),\"UNIDADE\",IF($X630<0,\"VALOR NEGATIVO\",IF(OR(AND(TIPOORCAMENTO=\"Proposto\",$AG630<>\"\",$AG630>0,ORÇAMENTO.CustoUnitario>$AG630),AND(TIPOORCAMENTO=\"LICITADO\",ORÇAMENTO.PrecoUnitarioLicitado>$AN630)),\"ACIMA REF.\",\"\")))))","v":""},{"$f":"IF(C630<=CRONO.NivelExibicao,MAX($AD$15:OFFSET(AD630,-1,0))+IF($C630<>1,1,MAX(1,COUNTIF(QCI!$A$13:$A$32,OFFSET($E630,-1,0)))),\"\")","v":""},{"$f":"IF(AND($C630=\"S\",ORÇAMENTO.CodBarra<>\"\"),IF(ORÇAMENTO.Fonte=\"\",ORÇAMENTO.CodBarra,CONCATENATE(ORÇAMENTO.Fonte,\" \",ORÇAMENTO.CodBarra)))","v":false},{"$f":"IF(ISERROR(INDIRECT(ORÇAMENTO.BancoRef)),\"(abra o arquivo 'Referência \"&Excel_BuiltIn_Database&\".xls)\",IF(OR($C630<>\"S\",ORÇAMENTO.CodBarra=\"\"),\"(Sem Código)\",IF(ISERROR(MATCH($AE630,INDIRECT(ORÇAMENTO.BancoRef),0)),\"(Código não identificado nas referências)\",MATCH($AE630,INDIRECT(ORÇAMENTO.BancoRef),0))))","v":"(abra o arquivo 'Referência 06-2023.xls)"},{"$f":"ROUND(IF(DESONERACAO=\"sim\",REFERENCIA.Desonerado,REFERENCIA.NaoDesonerado),2)","v":0},0.23530000000000001,null,null,null,null,30.27,0]
["S",2,"S",0,{"$f":"IF($C631=1,OFFSET(E631,-1,0)+MAX(1,COUNTIF(QCI!$A$13:$A$32,OFFSET(ORÇAMENTO!E631,-1,0))),OFFSET(E631,-1,0))","v":14},1,0,0,1,0,{"$f":"IF(OR($C631=\"S\",$C631=0),0,MATCH(OFFSET($D631,0,$C631)+IF($C631<>1,1,COUNTIF(QCI!$A$13:$A$32,ORÇAMENTO!E631)),OFFSET($D631,1,$C631,ROW($C$850)-ROW($C631)),0))","v":0},"F","Serviço","Serviço","14.1.1.","SINAPI","99064","LOCAÇÃO DE PAVIMENTAÇÃO","M",{"$f":"OFFSET(CÁLCULO!H$15,ROW($T631)-ROW(T$15),0)","v":51.31},0.48,"BDI 1",{"$f":"IF($C631=\"S\",ROUND(IF(TIPOORCAMENTO=\"Proposto\",ORÇAMENTO.CustoUnitario*(1+$AH631),ORÇAMENTO.PrecoUnitarioLicitado),15-13*$AF$10),0)","v":0.59},30.27,"RA","RA",{"$f":"IF($C631=\"S\",IF($Z631=\"CP\",$X631,IF($Z631=\"RA\",(($X631)*QCI!$AA$3),0)),SomaAgrup)","v":30.27},0,{"$f":"IF($N631=\"\",\"\",IF(ORÇAMENTO.Descricao=\"\",\"DESCRIÇÃO\",IF(AND($C631=\"S\",ORÇAMENTO.Unidade=\"\"),\"UNIDADE\",IF($X631<0,\"VALOR NEGATIVO\",IF(OR(AND(TIPOORCAMENTO=\"Proposto\",$AG631<>\"\",$AG631>0,ORÇAMENTO.CustoUnitario>$AG631),AND(TIPOORCAMENTO=\"LICITADO\",ORÇAMENTO.PrecoUnitarioLicitado>$AN631)),\"ACIMA REF.\",\"\")))))","v":""},{"$f":"IF(C631<=CRONO.NivelExibicao,MAX($AD$15:OFFSET(AD631,-1,0))+IF($C631<>1,1,MAX(1,COUNTIF(QCI!$A$13:$A$32,OFFSET($E631,-1,0)))),\"\")","v":""},{"$f":"IF(AND($C631=\"S\",ORÇAMENTO.CodBarra<>\"\"),IF(ORÇAMENTO.Fonte=\"\",ORÇAMENTO.CodBarra,CONCATENATE(ORÇAMENTO.Fonte,\" \",ORÇAMENTO.CodBarra)))","v":"SINAPI 99064"},{"$f":"IF(ISERROR(INDIRECT(ORÇAMENTO.BancoRef)),\"(abra o arquivo 'Referência \"&Excel_BuiltIn_Database&\".xls)\",IF(OR($C631<>\"S\",ORÇAMENTO.CodBarra=\"\"),\"(Sem Código)\",IF(ISERROR(MATCH($AE631,INDIRECT(ORÇAMENTO.BancoRef),0)),\"(Código não identificado nas referências)\",MATCH($AE631,INDIRECT(ORÇAMENTO.BancoRef),0))))","v":"(abra o arquivo 'Referência 06-2023.xls)"},{"$f":"ROUND(IF(DESONERACAO=\"sim\",REFERENCIA.Desonerado,REFERENCIA.NaoDesonerado),2)","v":0},0.23530000000000001,null,51.31,null,null,30.27,0.59]
[2,2,2,2,{"$f":"IF($C632=1,OFFSET(E632,-1,0)+MAX(1,COUNTIF(QCI!$A$13:$A$32,OFFSET(ORÇAMENTO!E632,-1,0))),OFFSET(E632,-1,0))","v":14},2,0,0,0,42,{"$f":"IF(OR($C632=\"S\",$C632=0),0,MATCH(OFFSET($D632,0,$C632)+IF($C632<>1,1,COUNTIF(QCI!$A$13:$A$32,ORÇAMENTO!E632)),OFFSET($D632,1,$C632,ROW($C$850)-ROW($C632)),0))","v":2},"F","Nível 2","Nível 2","14.2.","SINAPI",null,"SINALIZAÇÃO E SEGURANÇA","-",{"$f":"OFFSET(CÁLCULO!H$15,ROW($T632)-ROW(T$15),0)","v":0},0,"BDI 1",{"$f":"IF($C632=\"S\",ROUND(IF(TIPOORCAMENTO=\"Proposto\",ORÇAMENTO.CustoUnitario*(1+$AH632),ORÇAMENTO.PrecoUnitarioLicitado),15-13*$AF$10),0)","v":0},2325.2199999999998,"RA","",{"$f":"IF($C632=\"S\",IF($Z632=\"CP\",$X632,IF($Z632=\"RA\",(($X632)*QCI!$AA$3),0)),SomaAgrup)","v":2325.2199999999998},0,{"$f":"IF($N632=\"\",\"\",IF(ORÇAMENTO.Descricao=\"\",\"DESCRIÇÃO\",IF(AND($C632=\"S\",ORÇAMENTO.Unidade=\"\"),\"UNIDADE\",IF($X632<0,\"VALOR NEGATIVO\",IF(OR(AND(TIPOORCAMENTO=\"Proposto\",$AG632<>\"\",$AG632>0,ORÇAMENTO.CustoUnitario>$AG632),AND(TIPOORCAMENTO=\"LICITADO\",ORÇAMENTO.PrecoUnitarioLicitado>$AN632)),\"ACIMA REF.\",\"\")))))","v":""},{"$f":"IF(C632<=CRONO.NivelExibicao,MAX($AD$15:OFFSET(AD632,-1,0))+IF($C632<>1,1,MAX(1,COUNTIF(QCI!$A$13:$A$32,OFFSET($E632,-1,0)))),\"\")","v":""},{"$f":"IF(AND($C632=\"S\",ORÇAMENTO.CodBarra<>\"\"),IF(ORÇAMENTO.Fonte=\"\",ORÇAMENTO.CodBarra,CONCATENATE(ORÇAMENTO.Fonte,\" \",ORÇAMENTO.CodBarra)))","v":false},{"$f":"IF(ISERROR(INDIRECT(ORÇAMENTO.BancoRef)),\"(abra o arquivo 'Referência \"&Excel_BuiltIn_Database&\".xls)\",IF(OR($C632<>\"S\",ORÇAMENTO.CodBarra=\"\"),\"(Sem Código)\",IF(ISERROR(MATCH($AE632,INDIRECT(ORÇAMENTO.BancoRef),0)),\"(Código não identificado nas referências)\",MATCH($AE632,INDIRECT(ORÇAMENTO.BancoRef),0))))","v":"(abra o arquivo 'Referência 06-2023.xls)"},{"$f":"ROUND(IF(DESONERACAO=\"sim\",REFERENCIA.Desonerado,REFERENCIA.NaoDesonerado),2)","v":0},0.23530000000000001,null,null,null,null,2325.2199999999998,0]
["S",2,"S",0,{"$f":"IF($C633=1,OFFSET(E633,-1,0)+MAX(1,COUNTIF(QCI!$A$13:$A$32,OFFSET(ORÇAMENTO!E633,-1,0))),OFFSET(E633,-1,0))","v":14},2,0,0,1,0,{"$f":"IF(OR($C633=\"S\",$C633=0),0,MATCH(OFFSET($D633,0,$C633)+IF($C633<>1,1,COUNTIF(QCI!$A$13:$A$32,ORÇAMENTO!E633)),OFFSET($D633,1,$C633,ROW($C$850)-ROW($C633)),0))","v":0},"F","Serviço","Serviço","14.2.1.","AMMOC","SIN","SINALIZAÇÃO COM TELA PLASTICA TIPO TAPUME FIXADA EM CONE PLÁSTICO, INCLUINDO CONE","M",{"$f":"OFFSET(CÁLCULO!H$15,ROW($T633)-ROW(T$15),0)","v":135.03},13.94,"BDI 1",{"$f":"IF($C633=\"S\",ROUND(IF(TIPOORCAMENTO=\"Proposto\",ORÇAMENTO.CustoUnitario*(1+$AH633),ORÇAMENTO.PrecoUnitarioLicitado),15-13*$AF$10),0)","v":17.22},2325.2199999999998,"RA","RA",{"$f":"IF($C633=\"S\",IF($Z633=\"CP\",$X633,IF($Z633=\"RA\",(($X633)*QCI!$AA$3),0)),SomaAgrup)","v":2325.2199999999998},0,{"$f":"IF($N633=\"\",\"\",IF(ORÇAMENTO.Descricao=\"\",\"DESCRIÇÃO\",IF(AND($C633=\"S\",ORÇAMENTO.Unidade=\"\"),\"UNIDADE\",IF($X633<0,\"VALOR NEGATIVO\",IF(OR(AND(TIPOORCAMENTO=\"Proposto\",$AG633<>\"\",$AG633>0,ORÇAMENTO.CustoUnitario>$AG633),AND(TIPOORCAMENTO=\"LICITADO\",ORÇAMENTO.PrecoUnitarioLicitado>$AN633)),\"ACIMA REF.\",\"\")))))","v":""},{"$f":"IF(C633<=CRONO.NivelExibicao,MAX($AD$15:OFFSET(AD633,-1,0))+IF($C633<>1,1,MAX(1,COUNTIF(QCI!$A$13:$A$32,OFFSET($E633,-1,0)))),\"\")","v":""},{"$f":"IF(AND($C633=\"S\",ORÇAMENTO.CodBarra<>\"\"),IF(ORÇAMENTO.Fonte=\"\",ORÇAMENTO.CodBarra,CONCATENATE(ORÇAMENTO.Fonte,\" \",ORÇAMENTO.CodBarra)))","v":"AMMOC SIN"},{"$f":"IF(ISERROR(INDIRECT(ORÇAMENTO.BancoRef)),\"(abra o arquivo 'Referência \"&Excel_BuiltIn_Database&\".xls)\",IF(OR($C633<>\"S\",ORÇAMENTO.CodBarra=\"\"),\"(Sem Código)\",IF(ISERROR(MATCH($AE633,INDIRECT(ORÇAMENTO.BancoRef),0)),\"(Código não identificado nas referências)\",MATCH($AE633,INDIRECT(ORÇAMENTO.BancoRef),0))))","v":"(abra o arquivo 'Referência 06-2023.xls)"},{"$f":"ROUND(IF(DESONERACAO=\"sim\",REFERENCIA.Desonerado,REFERENCIA.NaoDesonerado),2)","v":0},0.23530000000000001,null,135.03,null,null,2325.2199999999998,17.22]
[2,2,2,4,{"$f":"IF($C634=1,OFFSET(E634,-1,0)+MAX(1,COUNTIF(QCI!$A$13:$A$32,OFFSET(ORÇAMENTO!E634,-1,0))),OFFSET(E634,-1,0))","v":14},3,0,0,0,40,{"$f":"IF(OR($C634=\"S\",$C634=0),0,MATCH(OFFSET($D634,0,$C634)+IF($C634<>1,1,COUNTIF(QCI!$A$13:$A$32,ORÇAMENTO!E634)),OFFSET($D634,1,$C634,ROW($C$850)-ROW($C634)),0))","v":4},"F","Nível 2","Nível 2","14.3.","SINAPI",null,"DEMOLIÇÕES E REMOÇÕES","-",{"$f":"OFFSET(CÁLCULO!H$15,ROW($T634)-ROW(T$15),0)","v":0},0,"BDI 1",{"$f":"IF($C634=\"S\",ROUND(IF(TIPOORCAMENTO=\"Proposto\",ORÇAMENTO.CustoUnitario*(1+$AH634),ORÇAMENTO.PrecoUnitarioLicitado),15-13*$AF$10),0)","v":0},27.1,"RA","",{"$f":"IF($C634=\"S\",IF($Z634=\"CP\",$X634,IF($Z634=\"RA\",(($X634)*QCI!$AA$3),0)),SomaAgrup)","v":27.1},0,{"$f":"IF($N634=\"\",\"\",IF(ORÇAMENTO.Descricao=\"\",\"DESCRIÇÃO\",IF(AND($C634=\"S\",ORÇAMENTO.Unidade=\"\"),\"UNIDADE\",IF($X634<0,\"VALOR NEGATIVO\",IF(OR(AND(TIPOORCAMENTO=\"Proposto\",$AG634<>\"\",$AG634>0,ORÇAMENTO.CustoUnitario>$AG634),AND(TIPOORCAMENTO=\"LICITADO\",ORÇAMENTO.PrecoUnitarioLicitado>$AN634)),\"ACIMA REF.\",\"\")))))","v":""},{"$f":"IF(C634<=CRONO.NivelExibicao,MAX($AD$15:OFFSET(AD634,-1,0))+IF($C634<>1,1,MAX(1,COUNTIF(QCI!$A$13:$A$32,OFFSET($E634,-1,0)))),\"\")","v":""},{"$f":"IF(AND($C634=\"S\",ORÇAMENTO.CodBarra<>\"\"),IF(ORÇAMENTO.Fonte=\"\",ORÇAMENTO.CodBarra,CONCATENATE(ORÇAMENTO.Fonte,\" \",ORÇAMENTO.CodBarra)))","v":false},{"$f":"IF(ISERROR(INDIRECT(ORÇAMENTO.BancoRef)),\"(abra o arquivo 'Referência \"&Excel_BuiltIn_Database&\".xls)\",IF(OR($C634<>\"S\",ORÇAMENTO.CodBarra=\"\"),\"(Sem Código)\",IF(ISERROR(MATCH($AE634,INDIRECT(ORÇAMENTO.BancoRef),0)),\"(Código não identificado nas referências)\",MATCH($AE634,INDIRECT(ORÇAMENTO.BancoRef),0))))","v":"(abra o arquivo 'Referência 06-2023.xls)"},{"$f":"ROUND(IF(DESONERACAO=\"sim\",REFERENCIA.Desonerado,REFERENCIA.NaoDesonerado),2)","v":0},0.23530000000000001,null,null,null,null,27.1,0]
["S",2,"S",0,{"$f":"IF($C635=1,OFFSET(E635,-1,0)+MAX(1,COUNTIF(QCI!$A$13:$A$32,OFFSET(ORÇAMENTO!E635,-1,0))),OFFSET(E635,-1,0))","v":14},3,0,0,1,0,{"$f":"IF(OR($C635=\"S\",$C635=0),0,MATCH(OFFSET($D635,0,$C635)+IF($C635<>1,1,COUNTIF(QCI!$A$13:$A$32,ORÇAMENTO!E635)),OFFSET($D635,1,$C635,ROW($C$850)-ROW($C635)),0))","v":0},"F","Serviço","Serviço","14.3.1.","SINAPI","97629","DEMOLIÇÃO DE PASSEIOS E ESTRUTURAS DE CONCRETO, DE FORMA MECANIZADA COM MARTELETE, SEM REAPROVEITAMENTO","M3",{"$f":"OFFSET(CÁLCULO!H$15,ROW($T635)-ROW(T$15),0)","v":0.15},135.44,"BDI 1",{"$f":"IF($C635=\"S\",ROUND(IF(TIPOORCAMENTO=\"Proposto\",ORÇAMENTO.CustoUnitario*(1+$AH635),ORÇAMENTO.PrecoUnitarioLicitado),15-13*$AF$10),0)","v":167.31},25.1,"RA","RA",{"$f":"IF($C635=\"S\",IF($Z635=\"CP\",$X635,IF($Z635=\"RA\",(($X635)*QCI!$AA$3),0)),SomaAgrup)","v":25.1},0,{"$f":"IF($N635=\"\",\"\",IF(ORÇAMENTO.Descricao=\"\",\"DESCRIÇÃO\",IF(AND($C635=\"S\",ORÇAMENTO.Unidade=\"\"),\"UNIDADE\",IF($X635<0,\"VALOR NEGATIVO\",IF(OR(AND(TIPOORCAMENTO=\"Proposto\",$AG635<>\"\",$AG635>0,ORÇAMENTO.CustoUnitario>$AG635),AND(TIPOORCAMENTO=\"LICITADO\",ORÇAMENTO.PrecoUnitarioLicitado>$AN635)),\"ACIMA REF.\",\"\")))))","v":""},{"$f":"IF(C635<=CRONO.NivelExibicao,MAX($AD$15:OFFSET(AD635,-1,0))+IF($C635<>1,1,MAX(1,COUNTIF(QCI!$A$13:$A$32,OFFSET($E635,-1,0)))),\"\")","v":""},{"$f":"IF(AND($C635=\"S\",ORÇAMENTO.CodBarra<>\"\"),IF(ORÇAMENTO.Fonte=\"\",ORÇAMENTO.CodBarra,CONCATENATE(ORÇAMENTO.Fonte,\" \",ORÇAMENTO.CodBarra)))","v":"SINAPI 97629"},{"$f":"IF(ISERROR(INDIRECT(ORÇAMENTO.BancoRef)),\"(abra o arquivo 'Referência \"&Excel_BuiltIn_Database&\".xls)\",IF(OR($C635<>\"S\",ORÇAMENTO.CodBarra=\"\"),\"(Sem Código)\",IF(ISERROR(MATCH($AE635,INDIRECT(ORÇAMENTO.BancoRef),0)),\"(Código não identificado nas referências)\",MATCH($AE635,INDIRECT(ORÇAMENTO.BancoRef),0))))","v":"(abra o arquivo 'Referência 06-2023.xls)"},{"$f":"ROUND(IF(DESONERACAO=\"sim\",REFERENCIA.Desonerado,REFERENCIA.NaoDesonerado),2)","v":0},0.23530000000000001,null,0.15,null,null,25.1,167.31]
["S",2,"S",0,{"$f":"IF($C636=1,OFFSET(E636,-1,0)+MAX(1,COUNTIF(QCI!$A$13:$A$32,OFFSET(ORÇAMENTO!E636,-1,0))),OFFSET(E636,-1,0))","v":14},3,0,0,2,0,{"$f":"IF(OR($C636=\"S\",$C636=0),0,MATCH(OFFSET($D636,0,$C636)+IF($C636<>1,1,COUNTIF(QCI!$A$13:$A$32,ORÇAMENTO!E636)),OFFSET($D636,1,$C636,ROW($C$850)-ROW($C636)),0))","v":0},"F","Serviço","Serviço","14.3.2.","SINAPI","100978","CARGA, MANOBRA E DESCARGA DE MATERIAL REMOVIDO EM CAMINHÃO BASCULANTE - CARGA COM ESCAVADEIRA HIDRÁULICA","M3",{"$f":"OFFSET(CÁLCULO!H$15,ROW($T636)-ROW(T$15),0)","v":0.15},6.33,"BDI 1",{"$f":"IF($C636=\"S\",ROUND(IF(TIPOORCAMENTO=\"Proposto\",ORÇAMENTO.CustoUnitario*(1+$AH636),ORÇAMENTO.PrecoUnitarioLicitado),15-13*$AF$10),0)","v":7.82},1.17,"RA","RA",{"$f":"IF($C636=\"S\",IF($Z636=\"CP\",$X636,IF($Z636=\"RA\",(($X636)*QCI!$AA$3),0)),SomaAgrup)","v":1.17},0,{"$f":"IF($N636=\"\",\"\",IF(ORÇAMENTO.Descricao=\"\",\"DESCRIÇÃO\",IF(AND($C636=\"S\",ORÇAMENTO.Unidade=\"\"),\"UNIDADE\",IF($X636<0,\"VALOR NEGATIVO\",IF(OR(AND(TIPOORCAMENTO=\"Proposto\",$AG636<>\"\",$AG636>0,ORÇAMENTO.CustoUnitario>$AG636),AND(TIPOORCAMENTO=\"LICITADO\",ORÇAMENTO.PrecoUnitarioLicitado>$AN636)),\"ACIMA REF.\",\"\")))))","v":""},{"$f":"IF(C636<=CRONO.NivelExibicao,MAX($AD$15:OFFSET(AD636,-1,0))+IF($C636<>1,1,MAX(1,COUNTIF(QCI!$A$13:$A$32,OFFSET($E636,-1,0)))),\"\")","v":""},{"$f":"IF(AND($C636=\"S\",ORÇAMENTO.CodBarra<>\"\"),IF(ORÇAMENTO.Fonte=\"\",ORÇAMENTO.CodBarra,CONCATENATE(ORÇAMENTO.Fonte,\" \",ORÇAMENTO.CodBarra)))","v":"SINAPI 100978"},{"$f":"IF(ISERROR(INDIRECT(ORÇAMENTO.BancoRef)),\"(abra o arquivo 'Referência \"&Excel_BuiltIn_Database&\".xls)\",IF(OR($C636<>\"S\",ORÇAMENTO.CodBarra=\"\"),\"(Sem Código)\",IF(ISERROR(MATCH($AE636,INDIRECT(ORÇAMENTO.BancoRef),0)),\"(Código não identificado nas referências)\",MATCH($AE636,INDIRECT(ORÇAMENTO.BancoRef),0))))","v":"(abra o arquivo 'Referência 06-2023.xls)"},{"$f":"ROUND(IF(DESONERACAO=\"sim\",REFERENCIA.Desonerado,REFERENCIA.NaoDesonerado),2)","v":0},0.23530000000000001,null,{"$f":"AJ635","v":0.15},null,null,1.17,7.82]
["S",2,"S",0,{"$f":"IF($C637=1,OFFSET(E637,-1,0)+MAX(1,COUNTIF(QCI!$A$13:$A$32,OFFSET(ORÇAMENTO!E637,-1,0))),OFFSET(E637,-1,0))","v":14},3,0,0,3,0,{"$f":"IF(OR($C637=\"S\",$C637=0),0,MATCH(OFFSET($D637,0,$C637)+IF($C637<>1,1,COUNTIF(QCI!$A$13:$A$32,ORÇAMENTO!E637)),OFFSET($D637,1,$C637,ROW($C$850)-ROW($C637)),0))","v":0},"F","Serviço","Serviço","14.3.3.","SINAPI","95875","TRANSPORTE DE MATERIAL REMOVIDO COM CAMINHÃO BASCULANTE, DMT = 2 KM","M3XKM",{"$f":"OFFSET(CÁLCULO!H$15,ROW($T637)-ROW(T$15),0)","v":0.3},2.23,"BDI 1",{"$f":"IF($C637=\"S\",ROUND(IF(TIPOORCAMENTO=\"Proposto\",ORÇAMENTO.CustoUnitario*(1+$AH637),ORÇAMENTO.PrecoUnitarioLicitado),15-13*$AF$10),0)","v":2.75},0.83,"RA","RA",{"$f":"IF($C637=\"S\",IF($Z637=\"CP\",$X637,IF($Z637=\"RA\",(($X637)*QCI!$AA$3),0)),SomaAgrup)","v":0.83},0,{"$f":"IF($N637=\"\",\"\",IF(ORÇAMENTO.Descricao=\"\",\"DESCRIÇÃO\",IF(AND($C637=\"S\",ORÇAMENTO.Unidade=\"\"),\"UNIDADE\",IF($X637<0,\"VALOR NEGATIVO\",IF(OR(AND(TIPOORCAMENTO=\"Proposto\",$AG637<>\"\",$AG637>0,ORÇAMENTO.CustoUnitario>$AG637),AND(TIPOORCAMENTO=\"LICITADO\",ORÇAMENTO.PrecoUnitarioLicitado>$AN637)),\"ACIMA REF.\",\"\")))))","v":""},{"$f":"IF(C637<=CRONO.NivelExibicao,MAX($AD$15:OFFSET(AD637,-1,0))+IF($C637<>1,1,MAX(1,COUNTIF(QCI!$A$13:$A$32,OFFSET($E637,-1,0)))),\"\")","v":""},{"$f":"IF(AND($C637=\"S\",ORÇAMENTO.CodBarra<>\"\"),IF(ORÇAMENTO.Fonte=\"\",ORÇAMENTO.CodBarra,CONCATENATE(ORÇAMENTO.Fonte,\" \",ORÇAMENTO.CodBarra)))","v":"SINAPI 95875"},{"$f":"IF(ISERROR(INDIRECT(ORÇAMENTO.BancoRef)),\"(abra o arquivo 'Referência \"&Excel_BuiltIn_Database&\".xls)\",IF(OR($C637<>\"S\",ORÇAMENTO.CodBarra=\"\"),\"(Sem Código)\",IF(ISERROR(MATCH($AE637,INDIRECT(ORÇAMENTO.BancoRef),0)),\"(Código não identificado nas referências)\",MATCH($AE637,INDIRECT(ORÇAMENTO.BancoRef),0))))","v":"(abra o arquivo 'Referência 06-2023.xls)"},{"$f":"ROUND(IF(DESONERACAO=\"sim\",REFERENCIA.Desonerado,REFERENCIA.NaoDesonerado),2)","v":0},0.23530000000000001,null,{"$f":"AJ636*2","v":0.3},null,null,0.83,2.75]
[2,2,2,7,{"$f":"IF($C638=1,OFFSET(E638,-1,0)+MAX(1,COUNTIF(QCI!$A$13:$A$32,OFFSET(ORÇAMENTO!E638,-1,0))),OFFSET(E638,-1,0))","v":14},4,0,0,0,36,{"$f":"IF(OR($C638=\"S\",$C638=0),0,MATCH(OFFSET($D638,0,$C638)+IF($C638<>1,1,COUNTIF(QCI!$A$13:$A$32,ORÇAMENTO!E638)),OFFSET($D638,1,$C638,ROW($C$850)-ROW($C638)),0))","v":7},"F","Nível 2","Nível 2","14.4.","SINAPI",null,"ESCAVAÇÕES E MOVIMENTAÇÕES DE TERRA","-",{"$f":"OFFSET(CÁLCULO!H$15,ROW($T638)-ROW(T$15),0)","v":0},0,"BDI 1",{"$f":"IF($C638=\"S\",ROUND(IF(TIPOORCAMENTO=\"Proposto\",ORÇAMENTO.CustoUnitario*(1+$AH638),ORÇAMENTO.PrecoUnitarioLicitado),15-13*$AF$10),0)","v":0},609.25,"RA","",{"$f":"IF($C638=\"S\",IF($Z638=\"CP\",$X638,IF($Z638=\"RA\",(($X638)*QCI!$AA$3),0)),SomaAgrup)","v":609.25},0,{"$f":"IF($N638=\"\",\"\",IF(ORÇAMENTO.Descricao=\"\",\"DESCRIÇÃO\",IF(AND($C638=\"S\",ORÇAMENTO.Unidade=\"\"),\"UNIDADE\",IF($X638<0,\"VALOR NEGATIVO\",IF(OR(AND(TIPOORCAMENTO=\"Proposto\",$AG638<>\"\",$AG638>0,ORÇAMENTO.CustoUnitario>$AG638),AND(TIPOORCAMENTO=\"LICITADO\",ORÇAMENTO.PrecoUnitarioLicitado>$AN638)),\"ACIMA REF.\",\"\")))))","v":""},{"$f":"IF(C638<=CRONO.NivelExibicao,MAX($AD$15:OFFSET(AD638,-1,0))+IF($C638<>1,1,MAX(1,COUNTIF(QCI!$A$13:$A$32,OFFSET($E638,-1,0)))),\"\")","v":""},{"$f":"IF(AND($C638=\"S\",ORÇAMENTO.CodBarra<>\"\"),IF(ORÇAMENTO.Fonte=\"\",ORÇAMENTO.CodBarra,CONCATENATE(ORÇAMENTO.Fonte,\" \",ORÇAMENTO.CodBarra)))","v":false},{"$f":"IF(ISERROR(INDIRECT(ORÇAMENTO.BancoRef)),\"(abra o arquivo 'Referência \"&Excel_BuiltIn_Database&\".xls)\",IF(OR($C638<>\"S\",ORÇAMENTO.CodBarra=\"\"),\"(Sem Código)\",IF(ISERROR(MATCH($AE638,INDIRECT(ORÇAMENTO.BancoRef),0)),\"(Código não identificado nas referências)\",MATCH($AE638,INDIRECT(ORÇAMENTO.BancoRef),0))))","v":"(abra o arquivo 'Referência 06-2023.xls)"},{"$f":"ROUND(IF(DESONERACAO=\"sim\",REFERENCIA.Desonerado,REFERENCIA.NaoDesonerado),2)","v":0},0.23530000000000001,null,null,null,null,609.25,0]
["S",2,"S",0,{"$f":"IF($C639=1,OFFSET(E639,-1,0)+MAX(1,COUNTIF(QCI!$A$13:$A$32,OFFSET(ORÇAMENTO!E639,-1,0))),OFFSET(E639,-1,0))","v":14},4,0,0,1,0,{"$f":"IF(OR($C639=\"S\",$C639=0),0,MATCH(OFFSET($D639,0,$C639)+IF($C639<>1,1,COUNTIF(QCI!$A$13:$A$32,ORÇAMENTO!E639)),OFFSET($D639,1,$C639,ROW($C$850)-ROW($C639)),0))","v":0},"F","Serviço","Serviço","14.4.1.","SINAPI","102276","ESCAVAÇÃO MECANIZADA DE VALA E TALUDES EM SOLO DE 2A CATEGORIA, EM LOCAIS COM ALTO NÍVEL DE INTERFERÊNCIA","M3",{"$f":"OFFSET(CÁLCULO!H$15,ROW($T639)-ROW(T$15),0)","v":15.53},12.08,"BDI 1",{"$f":"IF($C639=\"S\",ROUND(IF(TIPOORCAMENTO=\"Proposto\",ORÇAMENTO.CustoUnitario*(1+$AH639),ORÇAMENTO.PrecoUnitarioLicitado),15-13*$AF$10),0)","v":14.92},231.71,"RA","RA",{"$f":"IF($C639=\"S\",IF($Z639=\"CP\",$X639,IF($Z639=\"RA\",(($X639)*QCI!$AA$3),0)),SomaAgrup)","v":231.71},0,{"$f":"IF($N639=\"\",\"\",IF(ORÇAMENTO.Descricao=\"\",\"DESCRIÇÃO\",IF(AND($C639=\"S\",ORÇAMENTO.Unidade=\"\"),\"UNIDADE\",IF($X639<0,\"VALOR NEGATIVO\",IF(OR(AND(TIPOORCAMENTO=\"Proposto\",$AG639<>\"\",$AG639>0,ORÇAMENTO.CustoUnitario>$AG639),AND(TIPOORCAMENTO=\"LICITADO\",ORÇAMENTO.PrecoUnitarioLicitado>$AN639)),\"ACIMA REF.\",\"\")))))","v":""},{"$f":"IF(C639<=CRONO.NivelExibicao,MAX($AD$15:OFFSET(AD639,-1,0))+IF($C639<>1,1,MAX(1,COUNTIF(QCI!$A$13:$A$32,OFFSET($E639,-1,0)))),\"\")","v":""},{"$f":"IF(AND($C639=\"S\",ORÇAMENTO.CodBarra<>\"\"),IF(ORÇAMENTO.Fonte=\"\",ORÇAMENTO.CodBarra,CONCATENATE(ORÇAMENTO.Fonte,\" \",ORÇAMENTO.CodBarra)))","v":"SINAPI 102276"},{"$f":"IF(ISERROR(INDIRECT(ORÇAMENTO.BancoRef)),\"(abra o arquivo 'Referência \"&Excel_BuiltIn_Database&\".xls)\",IF(OR($C639<>\"S\",ORÇAMENTO.CodBarra=\"\"),\"(Sem Código)\",IF(ISERROR(MATCH($AE639,INDIRECT(ORÇAMENTO.BancoRef),0)),\"(Código não identificado nas referências)\",MATCH($AE639,INDIRECT(ORÇAMENTO.BancoRef),0))))","v":"(abra o arquivo 'Referência 06-2023.xls)"},{"$f":"ROUND(IF(DESONERACAO=\"sim\",REFERENCIA.Desonerado,REFERENCIA.NaoDesonerado),2)","v":0},0.23530000000000001,null,15.53,null,null,231.71,14.92]
["S",2,"S",0,{"$f":"IF($C640=1,OFFSET(E640,-1,0)+MAX(1,COUNTIF(QCI!$A$13:$A$32,OFFSET(ORÇAMENTO!E640,-1,0))),OFFSET(E640,-1,0))","v":14},4,0,0,2,0,{"$f":"IF(OR($C640=\"S\",$C640=0),0,MATCH(OFFSET($D640,0,$C640)+IF($C640<>1,1,COUNTIF(QCI!$A$13:$A$32,ORÇAMENTO!E640)),OFFSET($D640,1,$C640,ROW($C$850)-ROW($C640)),0))","v":0},"F","Serviço","Serviço","14.4.2.","SINAPI","100978","CARGA, MANOBRA E DESCARGA DE MATERIAL REMOVIDO EM CAMINHÃO BASCULANTE - CARGA COM ESCAVADEIRA HIDRÁULICA","M3",{"$f":"OFFSET(CÁLCULO!H$15,ROW($T640)-ROW(T$15),0)","v":15.53},6.33,"BDI 1",{"$f":"IF($C640=\"S\",ROUND(IF(TIPOORCAMENTO=\"Proposto\",ORÇAMENTO.CustoUnitario*(1+$AH640),ORÇAMENTO.PrecoUnitarioLicitado),15-13*$AF$10),0)","v":7.82},121.44,"RA","RA",{"$f":"IF($C640=\"S\",IF($Z640=\"CP\",$X640,IF($Z640=\"RA\",(($X640)*QCI!$AA$3),0)),SomaAgrup)","v":121.44},0,{"$f":"IF($N640=\"\",\"\",IF(ORÇAMENTO.Descricao=\"\",\"DESCRIÇÃO\",IF(AND($C640=\"S\",ORÇAMENTO.Unidade=\"\"),\"UNIDADE\",IF($X640<0,\"VALOR NEGATIVO\",IF(OR(AND(TIPOORCAMENTO=\"Proposto\",$AG640<>\"\",$AG640>0,ORÇAMENTO.CustoUnitario>$AG640),AND(TIPOORCAMENTO=\"LICITADO\",ORÇAMENTO.PrecoUnitarioLicitado>$AN640)),\"ACIMA REF.\",\"\")))))","v":""},{"$f":"IF(C640<=CRONO.NivelExibicao,MAX($AD$15:OFFSET(AD640,-1,0))+IF($C640<>1,1,MAX(1,COUNTIF(QCI!$A$13:$A$32,OFFSET($E640,-1,0)))),\"\")","v":""},{"$f":"IF(AND($C640=\"S\",ORÇAMENTO.CodBarra<>\"\"),IF(ORÇAMENTO.Fonte=\"\",ORÇAMENTO.CodBarra,CONCATENATE(ORÇAMENTO.Fonte,\" \",ORÇAMENTO.CodBarra)))","v":"SINAPI 100978"},{"$f":"IF(ISERROR(INDIRECT(ORÇAMENTO.BancoRef)),\"(abra o arquivo 'Referência \"&Excel_BuiltIn_Database&\".xls)\",IF(OR($C640<>\"S\",ORÇAMENTO.CodBarra=\"\"),\"(Sem Código)\",IF(ISERROR(MATCH($AE640,INDIRECT(ORÇAMENTO.BancoRef),0)),\"(Código não identificado nas referências)\",MATCH($AE640,INDIRECT(ORÇAMENTO.BancoRef),0))))","v":"(abra o arquivo 'Referência 06-2023.xls)"},{"$f":"ROUND(IF(DESONERACAO=\"sim\",REFERENCIA.Desonerado,REFERENCIA.NaoDesonerado),2)","v":0},0.23530000000000001,null,{"$f":"AJ639","v":15.53},null,null,121.44,7.82]
["S",2,"S",0,{"$f":"IF($C641=1,OFFSET(E641,-1,0)+MAX(1,COUNTIF(QCI!$A$13:$A$32,OFFSET(ORÇAMENTO!E641,-1,0))),OFFSET(E641,-1,0))","v":14},4,0,0,3,0,{"$f":"IF(OR($C641=\"S\",$C641=0),0,MATCH(OFFSET($D641,0,$C641)+IF($C641<>1,1,COUNTIF(QCI!$A$13:$A$32,ORÇAMENTO!E641)),OFFSET($D641,1,$C641,ROW($C$850)-ROW($C641)),0))","v":0},"F","Serviço","Serviço","14.4.3.","SINAPI","95875","TRANSPORTE DE MATERIAL REMOVIDO COM CAMINHÃO BASCULANTE, DMT = 5 KM","M3XKM",{"$f":"OFFSET(CÁLCULO!H$15,ROW($T641)-ROW(T$15),0)","v":31.06},2.23,"BDI 1",{"$f":"IF($C641=\"S\",ROUND(IF(TIPOORCAMENTO=\"Proposto\",ORÇAMENTO.CustoUnitario*(1+$AH641),ORÇAMENTO.PrecoUnitarioLicitado),15-13*$AF$10),0)","v":2.75},85.42,"RA","RA",{"$f":"IF($C641=\"S\",IF($Z641=\"CP\",$X641,IF($Z641=\"RA\",(($X641)*QCI!$AA$3),0)),SomaAgrup)","v":85.42},0,{"$f":"IF($N641=\"\",\"\",IF(ORÇAMENTO.Descricao=\"\",\"DESCRIÇÃO\",IF(AND($C641=\"S\",ORÇAMENTO.Unidade=\"\"),\"UNIDADE\",IF($X641<0,\"VALOR NEGATIVO\",IF(OR(AND(TIPOORCAMENTO=\"Proposto\",$AG641<>\"\",$AG641>0,ORÇAMENTO.CustoUnitario>$AG641),AND(TIPOORCAMENTO=\"LICITADO\",ORÇAMENTO.PrecoUnitarioLicitado>$AN641)),\"ACIMA REF.\",\"\")))))","v":""},{"$f":"IF(C641<=CRONO.NivelExibicao,MAX($AD$15:OFFSET(AD641,-1,0))+IF($C641<>1,1,MAX(1,COUNTIF(QCI!$A$13:$A$32,OFFSET($E641,-1,0)))),\"\")","v":""},{"$f":"IF(AND($C641=\"S\",ORÇAMENTO.CodBarra<>\"\"),IF(ORÇAMENTO.Fonte=\"\",ORÇAMENTO.CodBarra,CONCATENATE(ORÇAMENTO.Fonte,\" \",ORÇAMENTO.CodBarra)))","v":"SINAPI 95875"},{"$f":"IF(ISERROR(INDIRECT(ORÇAMENTO.BancoRef)),\"(abra o arquivo 'Referência \"&Excel_BuiltIn_Database&\".xls)\",IF(OR($C641<>\"S\",ORÇAMENTO.CodBarra=\"\"),\"(Sem Código)\",IF(ISERROR(MATCH($AE641,INDIRECT(ORÇAMENTO.BancoRef),0)),\"(Código não identificado nas referências)\",MATCH($AE641,INDIRECT(ORÇAMENTO.BancoRef),0))))","v":"(abra o arquivo 'Referência 06-2023.xls)"},{"$f":"ROUND(IF(DESONERACAO=\"sim\",REFERENCIA.Desonerado,REFERENCIA.NaoDesonerado),2)","v":0},0.23530000000000001,null,{"$f":"AJ640*2","v":31.06},null,null,85.42,2.75]
["S",2,"S",0,{"$f":"IF($C642=1,OFFSET(E642,-1,0)+MAX(1,COUNTIF(QCI!$A$13:$A$32,OFFSET(ORÇAMENTO!E642,-1,0))),OFFSET(E642,-1,0))","v":14},4,0,0,4,0,{"$f":"IF(OR($C642=\"S\",$C642=0),0,MATCH(OFFSET($D642,0,$C642)+IF($C642<>1,1,COUNTIF(QCI!$A$13:$A$32,ORÇAMENTO!E642)),OFFSET($D642,1,$C642,ROW($C$850)-ROW($C642)),0))","v":0},"F","Serviço","Serviço","14.4.4.","SINAPI","102355","DESMONTE DE BLOCOS DE ROCHA COM MARTELETE PNEUMÁTICO","M3",{"$f":"OFFSET(CÁLCULO!H$15,ROW($T642)-ROW(T$15),0)","v":0.78},166.39,"BDI 1",{"$f":"IF($C642=\"S\",ROUND(IF(TIPOORCAMENTO=\"Proposto\",ORÇAMENTO.CustoUnitario*(1+$AH642),ORÇAMENTO.PrecoUnitarioLicitado),15-13*$AF$10),0)","v":205.54},160.32,"RA","RA",{"$f":"IF($C642=\"S\",IF($Z642=\"CP\",$X642,IF($Z642=\"RA\",(($X642)*QCI!$AA$3),0)),SomaAgrup)","v":160.32},0,{"$f":"IF($N642=\"\",\"\",IF(ORÇAMENTO.Descricao=\"\",\"DESCRIÇÃO\",IF(AND($C642=\"S\",ORÇAMENTO.Unidade=\"\"),\"UNIDADE\",IF($X642<0,\"VALOR NEGATIVO\",IF(OR(AND(TIPOORCAMENTO=\"Proposto\",$AG642<>\"\",$AG642>0,ORÇAMENTO.CustoUnitario>$AG642),AND(TIPOORCAMENTO=\"LICITADO\",ORÇAMENTO.PrecoUnitarioLicitado>$AN642)),\"ACIMA REF.\",\"\")))))","v":""},{"$f":"IF(C642<=CRONO.NivelExibicao,MAX($AD$15:OFFSET(AD642,-1,0))+IF($C642<>1,1,MAX(1,COUNTIF(QCI!$A$13:$A$32,OFFSET($E642,-1,0)))),\"\")","v":""},{"$f":"IF(AND($C642=\"S\",ORÇAMENTO.CodBarra<>\"\"),IF(ORÇAMENTO.Fonte=\"\",ORÇAMENTO.CodBarra,CONCATENATE(ORÇAMENTO.Fonte,\" \",ORÇAMENTO.CodBarra)))","v":"SINAPI 102355"},{"$f":"IF(ISERROR(INDIRECT(ORÇAMENTO.BancoRef)),\"(abra o arquivo 'Referência \"&Excel_BuiltIn_Database&\".xls)\",IF(OR($C642<>\"S\",ORÇAMENTO.CodBarra=\"\"),\"(Sem Código)\",IF(ISERROR(MATCH($AE642,INDIRECT(ORÇAMENTO.BancoRef),0)),\"(Código não identificado nas referências)\",MATCH($AE642,INDIRECT(ORÇAMENTO.BancoRef),0))))","v":"(abra o arquivo 'Referência 06-2023.xls)"},{"$f":"ROUND(IF(DESONERACAO=\"sim\",REFERENCIA.Desonerado,REFERENCIA.NaoDesonerado),2)","v":0},0.23530000000000001,null,{"$f":"AJ639*0.05","v":0.77649999999999997},null,null,160.32,205.54]
["S",2,"S",0,{"$f":"IF($C643=1,OFFSET(E643,-1,0)+MAX(1,COUNTIF(QCI!$A$13:$A$32,OFFSET(ORÇAMENTO!E643,-1,0))),OFFSET(E643,-1,0))","v":14},4,0,0,5,0,{"$f":"IF(OR($C643=\"S\",$C643=0),0,MATCH(OFFSET($D643,0,$C643)+IF($C643<>1,1,COUNTIF(QCI!$A$13:$A$32,ORÇAMENTO!E643)),OFFSET($D643,1,$C643,ROW($C$850)-ROW($C643)),0))","v":0},"F","Serviço","Serviço","14.4.5.","SINAPI","100978","CARGA, MANOBRA E DESCARGA DE MATERIAL REMOVIDO EM CAMINHÃO BASCULANTE - CARGA COM ESCAVADEIRA HIDRÁULICA","M3",{"$f":"OFFSET(CÁLCULO!H$15,ROW($T643)-ROW(T$15),0)","v":0.78},6.33,"BDI 1",{"$f":"IF($C643=\"S\",ROUND(IF(TIPOORCAMENTO=\"Proposto\",ORÇAMENTO.CustoUnitario*(1+$AH643),ORÇAMENTO.PrecoUnitarioLicitado),15-13*$AF$10),0)","v":7.82},6.1,"RA","RA",{"$f":"IF($C643=\"S\",IF($Z643=\"CP\",$X643,IF($Z643=\"RA\",(($X643)*QCI!$AA$3),0)),SomaAgrup)","v":6.1},0,{"$f":"IF($N643=\"\",\"\",IF(ORÇAMENTO.Descricao=\"\",\"DESCRIÇÃO\",IF(AND($C643=\"S\",ORÇAMENTO.Unidade=\"\"),\"UNIDADE\",IF($X643<0,\"VALOR NEGATIVO\",IF(OR(AND(TIPOORCAMENTO=\"Proposto\",$AG643<>\"\",$AG643>0,ORÇAMENTO.CustoUnitario>$AG643),AND(TIPOORCAMENTO=\"LICITADO\",ORÇAMENTO.PrecoUnitarioLicitado>$AN643)),\"ACIMA REF.\",\"\")))))","v":""},{"$f":"IF(C643<=CRONO.NivelExibicao,MAX($AD$15:OFFSET(AD643,-1,0))+IF($C643<>1,1,MAX(1,COUNTIF(QCI!$A$13:$A$32,OFFSET($E643,-1,0)))),\"\")","v":""},{"$f":"IF(AND($C643=\"S\",ORÇAMENTO.CodBarra<>\"\"),IF(ORÇAMENTO.Fonte=\"\",ORÇAMENTO.CodBarra,CONCATENATE(ORÇAMENTO.Fonte,\" \",ORÇAMENTO.CodBarra)))","v":"SINAPI 100978"},{"$f":"IF(ISERROR(INDIRECT(ORÇAMENTO.BancoRef)),\"(abra o arquivo 'Referência \"&Excel_BuiltIn_Database&\".xls)\",IF(OR($C643<>\"S\",ORÇAMENTO.CodBarra=\"\"),\"(Sem Código)\",IF(ISERROR(MATCH($AE643,INDIRECT(ORÇAMENTO.BancoRef),0)),\"(Código não identificado nas referências)\",MATCH($AE643,INDIRECT(ORÇAMENTO.BancoRef),0))))","v":"(abra o arquivo 'Referência 06-2023.xls)"},{"$f":"ROUND(IF(DESONERACAO=\"sim\",REFERENCIA.Desonerado,REFERENCIA.NaoDesonerado),2)","v":0},0.23530000000000001,null,{"$f":"AJ642","v":0.77649999999999997},null,null,6.1,7.82]
["S",2,"S",0,{"$f":"IF($C644=1,OFFSET(E644,-1,0)+MAX(1,COUNTIF(QCI!$A$13:$A$32,OFFSET(ORÇAMENTO!E644,-1,0))),OFFSET(E644,-1,0))","v":14},4,0,0,6,0,{"$f":"IF(OR($C644=\"S\",$C644=0),0,MATCH(OFFSET($D644,0,$C644)+IF($C644<>1,1,COUNTIF(QCI!$A$13:$A$32,ORÇAMENTO!E644)),OFFSET($D644,1,$C644,ROW($C$850)-ROW($C644)),0))","v":0},"F","Serviço","Serviço","14.4.6.","SINAPI","95875","TRANSPORTE DE MATERIAL REMOVIDO COM CAMINHÃO BASCULANTE, DMT = 2 KM","M3XKM",{"$f":"OFFSET(CÁLCULO!H$15,ROW($T644)-ROW(T$15),0)","v":1.55},2.23,"BDI 1",{"$f":"IF($C644=\"S\",ROUND(IF(TIPOORCAMENTO=\"Proposto\",ORÇAMENTO.CustoUnitario*(1+$AH644),ORÇAMENTO.PrecoUnitarioLicitado),15-13*$AF$10),0)","v":2.75},4.26,"RA","RA",{"$f":"IF($C644=\"S\",IF($Z644=\"CP\",$X644,IF($Z644=\"RA\",(($X644)*QCI!$AA$3),0)),SomaAgrup)","v":4.26},0,{"$f":"IF($N644=\"\",\"\",IF(ORÇAMENTO.Descricao=\"\",\"DESCRIÇÃO\",IF(AND($C644=\"S\",ORÇAMENTO.Unidade=\"\"),\"UNIDADE\",IF($X644<0,\"VALOR NEGATIVO\",IF(OR(AND(TIPOORCAMENTO=\"Proposto\",$AG644<>\"\",$AG644>0,ORÇAMENTO.CustoUnitario>$AG644),AND(TIPOORCAMENTO=\"LICITADO\",ORÇAMENTO.PrecoUnitarioLicitado>$AN644)),\"ACIMA REF.\",\"\")))))","v":""},{"$f":"IF(C644<=CRONO.NivelExibicao,MAX($AD$15:OFFSET(AD644,-1,0))+IF($C644<>1,1,MAX(1,COUNTIF(QCI!$A$13:$A$32,OFFSET($E644,-1,0)))),\"\")","v":""},{"$f":"IF(AND($C644=\"S\",ORÇAMENTO.CodBarra<>\"\"),IF(ORÇAMENTO.Fonte=\"\",ORÇAMENTO.CodBarra,CONCATENATE(ORÇAMENTO.Fonte,\" \",ORÇAMENTO.CodBarra)))","v":"SINAPI 95875"},{"$f":"IF(ISERROR(INDIRECT(ORÇAMENTO.BancoRef)),\"(abra o arquivo 'Referência \"&Excel_BuiltIn_Database&\".xls)\",IF(OR($C644<>\"S\",ORÇAMENTO.CodBarra=\"\"),\"(Sem Código)\",IF(ISERROR(MATCH($AE644,INDIRECT(ORÇAMENTO.BancoRef),0)),\"(Código não identificado nas referências)\",MATCH($AE644,INDIRECT(ORÇAMENTO.BancoRef),0))))","v":"(abra o arquivo 'Referência 06-2023.xls)"},{"$f":"ROUND(IF(DESONERACAO=\"sim\",REFERENCIA.Desonerado,REFERENCIA.NaoDesonerado),2)","v":0},0.23530000000000001,null,{"$f":"AJ643*2","v":1.5529999999999999},null,null,4.26,2.75]
[2,2,2,3,{"$f":"IF($C645=1,OFFSET(E645,-1,0)+MAX(1,COUNTIF(QCI!$A$13:$A$32,OFFSET(ORÇAMENTO!E645,-1,0))),OFFSET(E645,-1,0))","v":14},5,0,0,0,29,{"$f":"IF(OR($C645=\"S\",$C645=0),0,MATCH(OFFSET($D645,0,$C645)+IF($C645<>1,1,COUNTIF(QCI!$A$13:$A$32,ORÇAMENTO!E645)),OFFSET($D645,1,$C645,ROW($C$850)-ROW($C645)),0))","v":3},"F","Nível 2","Nível 2","14.5.","SINAPI",null,"DRENAGEM","-",{"$f":"OFFSET(CÁLCULO!H$15,ROW($T645)-ROW(T$15),0)","v":0},0,"BDI 1",{"$f":"IF($C645=\"S\",ROUND(IF(TIPOORCAMENTO=\"Proposto\",ORÇAMENTO.CustoUnitario*(1+$AH645),ORÇAMENTO.PrecoUnitarioLicitado),15-13*$AF$10),0)","v":0},9113.18,"RA","",{"$f":"IF($C645=\"S\",IF($Z645=\"CP\",$X645,IF($Z645=\"RA\",(($X645)*QCI!$AA$3),0)),SomaAgrup)","v":9113.18},0,{"$f":"IF($N645=\"\",\"\",IF(ORÇAMENTO.Descricao=\"\",\"DESCRIÇÃO\",IF(AND($C645=\"S\",ORÇAMENTO.Unidade=\"\"),\"UNIDADE\",IF($X645<0,\"VALOR NEGATIVO\",IF(OR(AND(TIPOORCAMENTO=\"Proposto\",$AG645<>\"\",$AG645>0,ORÇAMENTO.CustoUnitario>$AG645),AND(TIPOORCAMENTO=\"LICITADO\",ORÇAMENTO.PrecoUnitarioLicitado>$AN645)),\"ACIMA REF.\",\"\")))))","v":""},{"$f":"IF(C645<=CRONO.NivelExibicao,MAX($AD$15:OFFSET(AD645,-1,0))+IF($C645<>1,1,MAX(1,COUNTIF(QCI!$A$13:$A$32,OFFSET($E645,-1,0)))),\"\")","v":""},{"$f":"IF(AND($C645=\"S\",ORÇAMENTO.CodBarra<>\"\"),IF(ORÇAMENTO.Fonte=\"\",ORÇAMENTO.CodBarra,CONCATENATE(ORÇAMENTO.Fonte,\" \",ORÇAMENTO.CodBarra)))","v":false},{"$f":"IF(ISERROR(INDIRECT(ORÇAMENTO.BancoRef)),\"(abra o arquivo 'Referência \"&Excel_BuiltIn_Database&\".xls)\",IF(OR($C645<>\"S\",ORÇAMENTO.CodBarra=\"\"),\"(Sem Código)\",IF(ISERROR(MATCH($AE645,INDIRECT(ORÇAMENTO.BancoRef),0)),\"(Código não identificado nas referências)\",MATCH($AE645,INDIRECT(ORÇAMENTO.BancoRef),0))))","v":"(abra o arquivo 'Referência 06-2023.xls)"},{"$f":"ROUND(IF(DESONERACAO=\"sim\",REFERENCIA.Desonerado,REFERENCIA.NaoDesonerado),2)","v":0},0.23530000000000001,null,null,null,null,9113.18,0]
["S",2,"S",0,{"$f":"IF($C646=1,OFFSET(E646,-1,0)+MAX(1,COUNTIF(QCI!$A$13:$A$32,OFFSET(ORÇAMENTO!E646,-1,0))),OFFSET(E646,-1,0))","v":14},5,0,0,1,0,{"$f":"IF(OR($C646=\"S\",$C646=0),0,MATCH(OFFSET($D646,0,$C646)+IF($C646<>1,1,COUNTIF(QCI!$A$13:$A$32,ORÇAMENTO!E646)),OFFSET($D646,1,$C646,ROW($C$850)-ROW($C646)),0))","v":0},"F","Serviço","Serviço","14.5.1.","AMMOC","BL01","BOCA DE LOBO EM CONCRETO ARMADO E GRADE DE AÇO EM BARRA DE FERRO CHATA 0,70M X 1,00M - TIPO 1 ","UND",{"$f":"OFFSET(CÁLCULO!H$15,ROW($T646)-ROW(T$15),0)","v":2},2617.0700000000002,"BDI 1",{"$f":"IF($C646=\"S\",ROUND(IF(TIPOORCAMENTO=\"Proposto\",ORÇAMENTO.CustoUnitario*(1+$AH646),ORÇAMENTO.PrecoUnitarioLicitado),15-13*$AF$10),0)","v":3232.87},6465.74,"RA","RA",{"$f":"IF($C646=\"S\",IF($Z646=\"CP\",$X646,IF($Z646=\"RA\",(($X646)*QCI!$AA$3),0)),SomaAgrup)","v":6465.74},0,{"$f":"IF($N646=\"\",\"\",IF(ORÇAMENTO.Descricao=\"\",\"DESCRIÇÃO\",IF(AND($C646=\"S\",ORÇAMENTO.Unidade=\"\"),\"UNIDADE\",IF($X646<0,\"VALOR NEGATIVO\",IF(OR(AND(TIPOORCAMENTO=\"Proposto\",$AG646<>\"\",$AG646>0,ORÇAMENTO.CustoUnitario>$AG646),AND(TIPOORCAMENTO=\"LICITADO\",ORÇAMENTO.PrecoUnitarioLicitado>$AN646)),\"ACIMA REF.\",\"\")))))","v":""},{"$f":"IF(C646<=CRONO.NivelExibicao,MAX($AD$15:OFFSET(AD646,-1,0))+IF($C646<>1,1,MAX(1,COUNTIF(QCI!$A$13:$A$32,OFFSET($E646,-1,0)))),\"\")","v":""},{"$f":"IF(AND($C646=\"S\",ORÇAMENTO.CodBarra<>\"\"),IF(ORÇAMENTO.Fonte=\"\",ORÇAMENTO.CodBarra,CONCATENATE(ORÇAMENTO.Fonte,\" \",ORÇAMENTO.CodBarra)))","v":"AMMOC BL01"},{"$f":"IF(ISERROR(INDIRECT(ORÇAMENTO.BancoRef)),\"(abra o arquivo 'Referência \"&Excel_BuiltIn_Database&\".xls)\",IF(OR($C646<>\"S\",ORÇAMENTO.CodBarra=\"\"),\"(Sem Código)\",IF(ISERROR(MATCH($AE646,INDIRECT(ORÇAMENTO.BancoRef),0)),\"(Código não identificado nas referências)\",MATCH($AE646,INDIRECT(ORÇAMENTO.BancoRef),0))))","v":"(abra o arquivo 'Referência 06-2023.xls)"},{"$f":"ROUND(IF(DESONERACAO=\"sim\",REFERENCIA.Desonerado,REFERENCIA.NaoDesonerado),2)","v":0},0.23530000000000001,null,2,null,null,6465.74,3232.87]
["S",2,"S",0,{"$f":"IF($C647=1,OFFSET(E647,-1,0)+MAX(1,COUNTIF(QCI!$A$13:$A$32,OFFSET(ORÇAMENTO!E647,-1,0))),OFFSET(E647,-1,0))","v":14},5,0,0,2,0,{"$f":"IF(OR($C647=\"S\",$C647=0),0,MATCH(OFFSET($D647,0,$C647)+IF($C647<>1,1,COUNTIF(QCI!$A$13:$A$32,ORÇAMENTO!E647)),OFFSET($D647,1,$C647,ROW($C$850)-ROW($C647)),0))","v":0},"F","Serviço","Serviço","14.5.2.","SINAPI","92219","TUBO DE CONCRETO PARA REDES COLETORAS DE ÁGUAS PLUVIAIS, DIÂMETRO DE 400 MM, JUNTA ENVOLTA EM MANTA GEOTÊXTIL, INSTALADO EM LOCAL COM ALTO NÍVEL DE INTERFERÊNCIAS - FORNECIMENTO E ASSENTAMENTO","M",{"$f":"OFFSET(CÁLCULO!H$15,ROW($T647)-ROW(T$15),0)","v":12},178.6,"BDI 1",{"$f":"IF($C647=\"S\",ROUND(IF(TIPOORCAMENTO=\"Proposto\",ORÇAMENTO.CustoUnitario*(1+$AH647),ORÇAMENTO.PrecoUnitarioLicitado),15-13*$AF$10),0)","v":220.62},2647.44,"RA","RA",{"$f":"IF($C647=\"S\",IF($Z647=\"CP\",$X647,IF($Z647=\"RA\",(($X647)*QCI!$AA$3),0)),SomaAgrup)","v":2647.44},0,{"$f":"IF($N647=\"\",\"\",IF(ORÇAMENTO.Descricao=\"\",\"DESCRIÇÃO\",IF(AND($C647=\"S\",ORÇAMENTO.Unidade=\"\"),\"UNIDADE\",IF($X647<0,\"VALOR NEGATIVO\",IF(OR(AND(TIPOORCAMENTO=\"Proposto\",$AG647<>\"\",$AG647>0,ORÇAMENTO.CustoUnitario>$AG647),AND(TIPOORCAMENTO=\"LICITADO\",ORÇAMENTO.PrecoUnitarioLicitado>$AN647)),\"ACIMA REF.\",\"\")))))","v":""},{"$f":"IF(C647<=CRONO.NivelExibicao,MAX($AD$15:OFFSET(AD647,-1,0))+IF($C647<>1,1,MAX(1,COUNTIF(QCI!$A$13:$A$32,OFFSET($E647,-1,0)))),\"\")","v":""},{"$f":"IF(AND($C647=\"S\",ORÇAMENTO.CodBarra<>\"\"),IF(ORÇAMENTO.Fonte=\"\",ORÇAMENTO.CodBarra,CONCATENATE(ORÇAMENTO.Fonte,\" \",ORÇAMENTO.CodBarra)))","v":"SINAPI 92219"},{"$f":"IF(ISERROR(INDIRECT(ORÇAMENTO.BancoRef)),\"(abra o arquivo 'Referência \"&Excel_BuiltIn_Database&\".xls)\",IF(OR($C647<>\"S\",ORÇAMENTO.CodBarra=\"\"),\"(Sem Código)\",IF(ISERROR(MATCH($AE647,INDIRECT(ORÇAMENTO.BancoRef),0)),\"(Código não identificado nas referências)\",MATCH($AE647,INDIRECT(ORÇAMENTO.BancoRef),0))))","v":"(abra o arquivo 'Referência 06-2023.xls)"},{"$f":"ROUND(IF(DESONERACAO=\"sim\",REFERENCIA.Desonerado,REFERENCIA.NaoDesonerado),2)","v":0},0.23530000000000001,null,12,null,null,2647.44,220.62]
[2,2,2,4,{"$f":"IF($C648=1,OFFSET(E648,-1,0)+MAX(1,COUNTIF(QCI!$A$13:$A$32,OFFSET(ORÇAMENTO!E648,-1,0))),OFFSET(E648,-1,0))","v":14},6,0,0,0,26,{"$f":"IF(OR($C648=\"S\",$C648=0),0,MATCH(OFFSET($D648,0,$C648)+IF($C648<>1,1,COUNTIF(QCI!$A$13:$A$32,ORÇAMENTO!E648)),OFFSET($D648,1,$C648,ROW($C$850)-ROW($C648)),0))","v":4},"F","Nível 2","Nível 2","14.6.","SINAPI",null,"REATERROS","-",{"$f":"OFFSET(CÁLCULO!H$15,ROW($T648)-ROW(T$15),0)","v":0},0,"BDI 1",{"$f":"IF($C648=\"S\",ROUND(IF(TIPOORCAMENTO=\"Proposto\",ORÇAMENTO.CustoUnitario*(1+$AH648),ORÇAMENTO.PrecoUnitarioLicitado),15-13*$AF$10),0)","v":0},2130.19,"RA","",{"$f":"IF($C648=\"S\",IF($Z648=\"CP\",$X648,IF($Z648=\"RA\",(($X648)*QCI!$AA$3),0)),SomaAgrup)","v":2130.19},0,{"$f":"IF($N648=\"\",\"\",IF(ORÇAMENTO.Descricao=\"\",\"DESCRIÇÃO\",IF(AND($C648=\"S\",ORÇAMENTO.Unidade=\"\"),\"UNIDADE\",IF($X648<0,\"VALOR NEGATIVO\",IF(OR(AND(TIPOORCAMENTO=\"Proposto\",$AG648<>\"\",$AG648>0,ORÇAMENTO.CustoUnitario>$AG648),AND(TIPOORCAMENTO=\"LICITADO\",ORÇAMENTO.PrecoUnitarioLicitado>$AN648)),\"ACIMA REF.\",\"\")))))","v":""},{"$f":"IF(C648<=CRONO.NivelExibicao,MAX($AD$15:OFFSET(AD648,-1,0))+IF($C648<>1,1,MAX(1,COUNTIF(QCI!$A$13:$A$32,OFFSET($E648,-1,0)))),\"\")","v":""},{"$f":"IF(AND($C648=\"S\",ORÇAMENTO.CodBarra<>\"\"),IF(ORÇAMENTO.Fonte=\"\",ORÇAMENTO.CodBarra,CONCATENATE(ORÇAMENTO.Fonte,\" \",ORÇAMENTO.CodBarra)))","v":false},{"$f":"IF(ISERROR(INDIRECT(ORÇAMENTO.BancoRef)),\"(abra o arquivo 'Referência \"&Excel_BuiltIn_Database&\".xls)\",IF(OR($C648<>\"S\",ORÇAMENTO.CodBarra=\"\"),\"(Sem Código)\",IF(ISERROR(MATCH($AE648,INDIRECT(ORÇAMENTO.BancoRef),0)),\"(Código não identificado nas referências)\",MATCH($AE648,INDIRECT(ORÇAMENTO.BancoRef),0))))","v":"(abra o arquivo 'Referência 06-2023.xls)"},{"$f":"ROUND(IF(DESONERACAO=\"sim\",REFERENCIA.Desonerado,REFERENCIA.NaoDesonerado),2)","v":0},0.23530000000000001,null,null,null,null,2130.19,0]
["S",2,"S",0,{"$f":"IF($C649=1,OFFSET(E649,-1,0)+MAX(1,COUNTIF(QCI!$A$13:$A$32,OFFSET(ORÇAMENTO!E649,-1,0))),OFFSET(E649,-1,0))","v":14},6,0,0,1,0,{"$f":"IF(OR($C649=\"S\",$C649=0),0,MATCH(OFFSET($D649,0,$C649)+IF($C649<>1,1,COUNTIF(QCI!$A$13:$A$32,ORÇAMENTO!E649)),OFFSET($D649,1,$C649,ROW($C$850)-ROW($C649)),0))","v":0},"F","Serviço","Serviço","14.6.1.","SINAPI-I","4718","PEDRA BRITADA N. 2 (19 A 38 MM) PARA REATERRO DE VALAS","M3    ",{"$f":"OFFSET(CÁLCULO!H$15,ROW($T649)-ROW(T$15),0)","v":10.89},107.5,"BDI 1",{"$f":"IF($C649=\"S\",ROUND(IF(TIPOORCAMENTO=\"Proposto\",ORÇAMENTO.CustoUnitario*(1+$AH649),ORÇAMENTO.PrecoUnitarioLicitado),15-13*$AF$10),0)","v":132.79},1446.08,"RA","RA",{"$f":"IF($C649=\"S\",IF($Z649=\"CP\",$X649,IF($Z649=\"RA\",(($X649)*QCI!$AA$3),0)),SomaAgrup)","v":1446.08},0,{"$f":"IF($N649=\"\",\"\",IF(ORÇAMENTO.Descricao=\"\",\"DESCRIÇÃO\",IF(AND($C649=\"S\",ORÇAMENTO.Unidade=\"\"),\"UNIDADE\",IF($X649<0,\"VALOR NEGATIVO\",IF(OR(AND(TIPOORCAMENTO=\"Proposto\",$AG649<>\"\",$AG649>0,ORÇAMENTO.CustoUnitario>$AG649),AND(TIPOORCAMENTO=\"LICITADO\",ORÇAMENTO.PrecoUnitarioLicitado>$AN649)),\"ACIMA REF.\",\"\")))))","v":""},{"$f":"IF(C649<=CRONO.NivelExibicao,MAX($AD$15:OFFSET(AD649,-1,0))+IF($C649<>1,1,MAX(1,COUNTIF(QCI!$A$13:$A$32,OFFSET($E649,-1,0)))),\"\")","v":""},{"$f":"IF(AND($C649=\"S\",ORÇAMENTO.CodBarra<>\"\"),IF(ORÇAMENTO.Fonte=\"\",ORÇAMENTO.CodBarra,CONCATENATE(ORÇAMENTO.Fonte,\" \",ORÇAMENTO.CodBarra)))","v":"SINAPI-I 4718"},{"$f":"IF(ISERROR(INDIRECT(ORÇAMENTO.BancoRef)),\"(abra o arquivo 'Referência \"&Excel_BuiltIn_Database&\".xls)\",IF(OR($C649<>\"S\",ORÇAMENTO.CodBarra=\"\"),\"(Sem Código)\",IF(ISERROR(MATCH($AE649,INDIRECT(ORÇAMENTO.BancoRef),0)),\"(Código não identificado nas referências)\",MATCH($AE649,INDIRECT(ORÇAMENTO.BancoRef),0))))","v":"(abra o arquivo 'Referência 06-2023.xls)"},{"$f":"ROUND(IF(DESONERACAO=\"sim\",REFERENCIA.Desonerado,REFERENCIA.NaoDesonerado),2)","v":0},0.23530000000000001,null,10.89,null,null,1446.08,132.79]
["S",2,"S",0,{"$f":"IF($C650=1,OFFSET(E650,-1,0)+MAX(1,COUNTIF(QCI!$A$13:$A$32,OFFSET(ORÇAMENTO!E650,-1,0))),OFFSET(E650,-1,0))","v":14},6,0,0,2,0,{"$f":"IF(OR($C650=\"S\",$C650=0),0,MATCH(OFFSET($D650,0,$C650)+IF($C650<>1,1,COUNTIF(QCI!$A$13:$A$32,ORÇAMENTO!E650)),OFFSET($D650,1,$C650,ROW($C$850)-ROW($C650)),0))","v":0},"F","Serviço","Serviço","14.6.2.","SINAPI","100978","CARGA, MANOBRA E DESCARGA DE MATERIAL GRANULAR EM CAMINHÃO BASCULANTE - CARGA COM ESCAVADEIRA HIDRÁULICA","M3",{"$f":"OFFSET(CÁLCULO!H$15,ROW($T650)-ROW(T$15),0)","v":10.89},6.33,"BDI 1",{"$f":"IF($C650=\"S\",ROUND(IF(TIPOORCAMENTO=\"Proposto\",ORÇAMENTO.CustoUnitario*(1+$AH650),ORÇAMENTO.PrecoUnitarioLicitado),15-13*$AF$10),0)","v":7.82},85.16,"RA","RA",{"$f":"IF($C650=\"S\",IF($Z650=\"CP\",$X650,IF($Z650=\"RA\",(($X650)*QCI!$AA$3),0)),SomaAgrup)","v":85.16},0,{"$f":"IF($N650=\"\",\"\",IF(ORÇAMENTO.Descricao=\"\",\"DESCRIÇÃO\",IF(AND($C650=\"S\",ORÇAMENTO.Unidade=\"\"),\"UNIDADE\",IF($X650<0,\"VALOR NEGATIVO\",IF(OR(AND(TIPOORCAMENTO=\"Proposto\",$AG650<>\"\",$AG650>0,ORÇAMENTO.CustoUnitario>$AG650),AND(TIPOORCAMENTO=\"LICITADO\",ORÇAMENTO.PrecoUnitarioLicitado>$AN650)),\"ACIMA REF.\",\"\")))))","v":""},{"$f":"IF(C650<=CRONO.NivelExibicao,MAX($AD$15:OFFSET(AD650,-1,0))+IF($C650<>1,1,MAX(1,COUNTIF(QCI!$A$13:$A$32,OFFSET($E650,-1,0)))),\"\")","v":""},{"$f":"IF(AND($C650=\"S\",ORÇAMENTO.CodBarra<>\"\"),IF(ORÇAMENTO.Fonte=\"\",ORÇAMENTO.CodBarra,CONCATENATE(ORÇAMENTO.Fonte,\" \",ORÇAMENTO.CodBarra)))","v":"SINAPI 100978"},{"$f":"IF(ISERROR(INDIRECT(ORÇAMENTO.BancoRef)),\"(abra o arquivo 'Referência \"&Excel_BuiltIn_Database&\".xls)\",IF(OR($C650<>\"S\",ORÇAMENTO.CodBarra=\"\"),\"(Sem Código)\",IF(ISERROR(MATCH($AE650,INDIRECT(ORÇAMENTO.BancoRef),0)),\"(Código não identificado nas referências)\",MATCH($AE650,INDIRECT(ORÇAMENTO.BancoRef),0))))","v":"(abra o arquivo 'Referência 06-2023.xls)"},{"$f":"ROUND(IF(DESONERACAO=\"sim\",REFERENCIA.Desonerado,REFERENCIA.NaoDesonerado),2)","v":0},0.23530000000000001,null,{"$f":"AJ649","v":10.89},null,null,85.16,7.82]
["S",2,"S",0,{"$f":"IF($C651=1,OFFSET(E651,-1,0)+MAX(1,COUNTIF(QCI!$A$13:$A$32,OFFSET(ORÇAMENTO!E651,-1,0))),OFFSET(E651,-1,0))","v":14},6,0,0,3,0,{"$f":"IF(OR($C651=\"S\",$C651=0),0,MATCH(OFFSET($D651,0,$C651)+IF($C651<>1,1,COUNTIF(QCI!$A$13:$A$32,ORÇAMENTO!E651)),OFFSET($D651,1,$C651,ROW($C$850)-ROW($C651)),0))","v":0},"F","Serviço","Serviço","14.6.3.","SINAPI","95875","TRANSPORTE DE MATERIAL GRANULAR COM CAMINHÃO BASCULANTE, DMT = 20 KM","M3XKM",{"$f":"OFFSET(CÁLCULO!H$15,ROW($T651)-ROW(T$15),0)","v":217.8},2.23,"BDI 1",{"$f":"IF($C651=\"S\",ROUND(IF(TIPOORCAMENTO=\"Proposto\",ORÇAMENTO.CustoUnitario*(1+$AH651),ORÇAMENTO.PrecoUnitarioLicitado),15-13*$AF$10),0)","v":2.75},598.95000000000005,"RA","RA",{"$f":"IF($C651=\"S\",IF($Z651=\"CP\",$X651,IF($Z651=\"RA\",(($X651)*QCI!$AA$3),0)),SomaAgrup)","v":598.95000000000005},0,{"$f":"IF($N651=\"\",\"\",IF(ORÇAMENTO.Descricao=\"\",\"DESCRIÇÃO\",IF(AND($C651=\"S\",ORÇAMENTO.Unidade=\"\"),\"UNIDADE\",IF($X651<0,\"VALOR NEGATIVO\",IF(OR(AND(TIPOORCAMENTO=\"Proposto\",$AG651<>\"\",$AG651>0,ORÇAMENTO.CustoUnitario>$AG651),AND(TIPOORCAMENTO=\"LICITADO\",ORÇAMENTO.PrecoUnitarioLicitado>$AN651)),\"ACIMA REF.\",\"\")))))","v":""},{"$f":"IF(C651<=CRONO.NivelExibicao,MAX($AD$15:OFFSET(AD651,-1,0))+IF($C651<>1,1,MAX(1,COUNTIF(QCI!$A$13:$A$32,OFFSET($E651,-1,0)))),\"\")","v":""},{"$f":"IF(AND($C651=\"S\",ORÇAMENTO.CodBarra<>\"\"),IF(ORÇAMENTO.Fonte=\"\",ORÇAMENTO.CodBarra,CONCATENATE(ORÇAMENTO.Fonte,\" \",ORÇAMENTO.CodBarra)))","v":"SINAPI 95875"},{"$f":"IF(ISERROR(INDIRECT(ORÇAMENTO.BancoRef)),\"(abra o arquivo 'Referência \"&Excel_BuiltIn_Database&\".xls)\",IF(OR($C651<>\"S\",ORÇAMENTO.CodBarra=\"\"),\"(Sem Código)\",IF(ISERROR(MATCH($AE651,INDIRECT(ORÇAMENTO.BancoRef),0)),\"(Código não identificado nas referências)\",MATCH($AE651,INDIRECT(ORÇAMENTO.BancoRef),0))))","v":"(abra o arquivo 'Referência 06-2023.xls)"},{"$f":"ROUND(IF(DESONERACAO=\"sim\",REFERENCIA.Desonerado,REFERENCIA.NaoDesonerado),2)","v":0},0.23530000000000001,null,{"$f":"AJ650*20","v":217.8},null,null,598.95000000000005,2.75]
[2,2,2,13,{"$f":"IF($C652=1,OFFSET(E652,-1,0)+MAX(1,COUNTIF(QCI!$A$13:$A$32,OFFSET(ORÇAMENTO!E652,-1,0))),OFFSET(E652,-1,0))","v":14},7,0,0,0,22,{"$f":"IF(OR($C652=\"S\",$C652=0),0,MATCH(OFFSET($D652,0,$C652)+IF($C652<>1,1,COUNTIF(QCI!$A$13:$A$32,ORÇAMENTO!E652)),OFFSET($D652,1,$C652,ROW($C$850)-ROW($C652)),0))","v":13},"F","Nível 2","Nível 2","14.7.","SINAPI",null,"PAVIMENTAÇÃO EM CONCRETO","-",{"$f":"OFFSET(CÁLCULO!H$15,ROW($T652)-ROW(T$15),0)","v":0},0,"BDI 1",{"$f":"IF($C652=\"S\",ROUND(IF(TIPOORCAMENTO=\"Proposto\",ORÇAMENTO.CustoUnitario*(1+$AH652),ORÇAMENTO.PrecoUnitarioLicitado),15-13*$AF$10),0)","v":0},71360.06,"RA","",{"$f":"IF($C652=\"S\",IF($Z652=\"CP\",$X652,IF($Z652=\"RA\",(($X652)*QCI!$AA$3),0)),SomaAgrup)","v":71360.06},0,{"$f":"IF($N652=\"\",\"\",IF(ORÇAMENTO.Descricao=\"\",\"DESCRIÇÃO\",IF(AND($C652=\"S\",ORÇAMENTO.Unidade=\"\"),\"UNIDADE\",IF($X652<0,\"VALOR NEGATIVO\",IF(OR(AND(TIPOORCAMENTO=\"Proposto\",$AG652<>\"\",$AG652>0,ORÇAMENTO.CustoUnitario>$AG652),AND(TIPOORCAMENTO=\"LICITADO\",ORÇAMENTO.PrecoUnitarioLicitado>$AN652)),\"ACIMA REF.\",\"\")))))","v":""},{"$f":"IF(C652<=CRONO.NivelExibicao,MAX($AD$15:OFFSET(AD652,-1,0))+IF($C652<>1,1,MAX(1,COUNTIF(QCI!$A$13:$A$32,OFFSET($E652,-1,0)))),\"\")","v":""},{"$f":"IF(AND($C652=\"S\",ORÇAMENTO.CodBarra<>\"\"),IF(ORÇAMENTO.Fonte=\"\",ORÇAMENTO.CodBarra,CONCATENATE(ORÇAMENTO.Fonte,\" \",ORÇAMENTO.CodBarra)))","v":false},{"$f":"IF(ISERROR(INDIRECT(ORÇAMENTO.BancoRef)),\"(abra o arquivo 'Referência \"&Excel_BuiltIn_Database&\".xls)\",IF(OR($C652<>\"S\",ORÇAMENTO.CodBarra=\"\"),\"(Sem Código)\",IF(ISERROR(MATCH($AE652,INDIRECT(ORÇAMENTO.BancoRef),0)),\"(Código não identificado nas referências)\",MATCH($AE652,INDIRECT(ORÇAMENTO.BancoRef),0))))","v":"(abra o arquivo 'Referência 06-2023.xls)"},{"$f":"ROUND(IF(DESONERACAO=\"sim\",REFERENCIA.Desonerado,REFERENCIA.NaoDesonerado),2)","v":0},0.23530000000000001,null,null,null,null,71360.06,0]
["S",2,"S",0,{"$f":"IF($C653=1,OFFSET(E653,-1,0)+MAX(1,COUNTIF(QCI!$A$13:$A$32,OFFSET(ORÇAMENTO!E653,-1,0))),OFFSET(E653,-1,0))","v":14},7,0,0,1,0,{"$f":"IF(OR($C653=\"S\",$C653=0),0,MATCH(OFFSET($D653,0,$C653)+IF($C653<>1,1,COUNTIF(QCI!$A$13:$A$32,ORÇAMENTO!E653)),OFFSET($D653,1,$C653,ROW($C$850)-ROW($C653)),0))","v":0},"F","Serviço","Serviço","14.7.1.","SINAPI-I","4741","PO DE PEDRA (POSTO PEDREIRA/FORNECEDOR, SEM FRETE)                                                                                                                                                                                                                                                                                                                                                                                                                                                        ","M3    ",{"$f":"OFFSET(CÁLCULO!H$15,ROW($T653)-ROW(T$15),0)","v":11.32},101.01,"BDI 1",{"$f":"IF($C653=\"S\",ROUND(IF(TIPOORCAMENTO=\"Proposto\",ORÇAMENTO.CustoUnitario*(1+$AH653),ORÇAMENTO.PrecoUnitarioLicitado),15-13*$AF$10),0)","v":124.78},1412.51,"RA","RA",{"$f":"IF($C653=\"S\",IF($Z653=\"CP\",$X653,IF($Z653=\"RA\",(($X653)*QCI!$AA$3),0)),SomaAgrup)","v":1412.51},0,{"$f":"IF($N653=\"\",\"\",IF(ORÇAMENTO.Descricao=\"\",\"DESCRIÇÃO\",IF(AND($C653=\"S\",ORÇAMENTO.Unidade=\"\"),\"UNIDADE\",IF($X653<0,\"VALOR NEGATIVO\",IF(OR(AND(TIPOORCAMENTO=\"Proposto\",$AG653<>\"\",$AG653>0,ORÇAMENTO.CustoUnitario>$AG653),AND(TIPOORCAMENTO=\"LICITADO\",ORÇAMENTO.PrecoUnitarioLicitado>$AN653)),\"ACIMA REF.\",\"\")))))","v":""},{"$f":"IF(C653<=CRONO.NivelExibicao,MAX($AD$15:OFFSET(AD653,-1,0))+IF($C653<>1,1,MAX(1,COUNTIF(QCI!$A$13:$A$32,OFFSET($E653,-1,0)))),\"\")","v":""},{"$f":"IF(AND($C653=\"S\",ORÇAMENTO.CodBarra<>\"\"),IF(ORÇAMENTO.Fonte=\"\",ORÇAMENTO.CodBarra,CONCATENATE(ORÇAMENTO.Fonte,\" \",ORÇAMENTO.CodBarra)))","v":"SINAPI-I 4741"},{"$f":"IF(ISERROR(INDIRECT(ORÇAMENTO.BancoRef)),\"(abra o arquivo 'Referência \"&Excel_BuiltIn_Database&\".xls)\",IF(OR($C653<>\"S\",ORÇAMENTO.CodBarra=\"\"),\"(Sem Código)\",IF(ISERROR(MATCH($AE653,INDIRECT(ORÇAMENTO.BancoRef),0)),\"(Código não identificado nas referências)\",MATCH($AE653,INDIRECT(ORÇAMENTO.BancoRef),0))))","v":"(abra o arquivo 'Referência 06-2023.xls)"},{"$f":"ROUND(IF(DESONERACAO=\"sim\",REFERENCIA.Desonerado,REFERENCIA.NaoDesonerado),2)","v":0},0.23530000000000001,null,{"$f":"377.19*0.03","v":11.3157},null,null,1412.51,124.78]
["S",2,"S",0,{"$f":"IF($C654=1,OFFSET(E654,-1,0)+MAX(1,COUNTIF(QCI!$A$13:$A$32,OFFSET(ORÇAMENTO!E654,-1,0))),OFFSET(E654,-1,0))","v":14},7,0,0,2,0,{"$f":"IF(OR($C654=\"S\",$C654=0),0,MATCH(OFFSET($D654,0,$C654)+IF($C654<>1,1,COUNTIF(QCI!$A$13:$A$32,ORÇAMENTO!E654)),OFFSET($D654,1,$C654,ROW($C$850)-ROW($C654)),0))","v":0},"F","Serviço","Serviço","14.7.2.","SINAPI","100978","CARGA, MANOBRA E DESCARGA DE MATERIAL GRANULAR EM CAMINHÃO BASCULANTE - CARGA COM ESCAVADEIRA HIDRÁULICA","M3",{"$f":"OFFSET(CÁLCULO!H$15,ROW($T654)-ROW(T$15),0)","v":11.32},6.33,"BDI 1",{"$f":"IF($C654=\"S\",ROUND(IF(TIPOORCAMENTO=\"Proposto\",ORÇAMENTO.CustoUnitario*(1+$AH654),ORÇAMENTO.PrecoUnitarioLicitado),15-13*$AF$10),0)","v":7.82},88.52,"RA","RA",{"$f":"IF($C654=\"S\",IF($Z654=\"CP\",$X654,IF($Z654=\"RA\",(($X654)*QCI!$AA$3),0)),SomaAgrup)","v":88.52},0,{"$f":"IF($N654=\"\",\"\",IF(ORÇAMENTO.Descricao=\"\",\"DESCRIÇÃO\",IF(AND($C654=\"S\",ORÇAMENTO.Unidade=\"\"),\"UNIDADE\",IF($X654<0,\"VALOR NEGATIVO\",IF(OR(AND(TIPOORCAMENTO=\"Proposto\",$AG654<>\"\",$AG654>0,ORÇAMENTO.CustoUnitario>$AG654),AND(TIPOORCAMENTO=\"LICITADO\",ORÇAMENTO.PrecoUnitarioLicitado>$AN654)),\"ACIMA REF.\",\"\")))))","v":""},{"$f":"IF(C654<=CRONO.NivelExibicao,MAX($AD$15:OFFSET(AD654,-1,0))+IF($C654<>1,1,MAX(1,COUNTIF(QCI!$A$13:$A$32,OFFSET($E654,-1,0)))),\"\")","v":""},{"$f":"IF(AND($C654=\"S\",ORÇAMENTO.CodBarra<>\"\"),IF(ORÇAMENTO.Fonte=\"\",ORÇAMENTO.CodBarra,CONCATENATE(ORÇAMENTO.Fonte,\" \",ORÇAMENTO.CodBarra)))","v":"SINAPI 100978"},{"$f":"IF(ISERROR(INDIRECT(ORÇAMENTO.BancoRef)),\"(abra o arquivo 'Referência \"&Excel_BuiltIn_Database&\".xls)\",IF(OR($C654<>\"S\",ORÇAMENTO.CodBarra=\"\"),\"(Sem Código)\",IF(ISERROR(MATCH($AE654,INDIRECT(ORÇAMENTO.BancoRef),0)),\"(Código não identificado nas referências)\",MATCH($AE654,INDIRECT(ORÇAMENTO.BancoRef),0))))","v":"(abra o arquivo 'Referência 06-2023.xls)"},{"$f":"ROUND(IF(DESONERACAO=\"sim\",REFERENCIA.Desonerado,REFERENCIA.NaoDesonerado),2)","v":0},0.23530000000000001,null,{"$f":"AJ653","v":11.3157},null,null,88.52,7.82]
["S",2,"S",0,{"$f":"IF($C655=1,OFFSET(E655,-1,0)+MAX(1,COUNTIF(QCI!$A$13:$A$32,OFFSET(ORÇAMENTO!E655,-1,0))),OFFSET(E655,-1,0))","v":14},7,0,0,3,0,{"$f":"IF(OR($C655=\"S\",$C655=0),0,MATCH(OFFSET($D655,0,$C655)+IF($C655<>1,1,COUNTIF(QCI!$A$13:$A$32,ORÇAMENTO!E655)),OFFSET($D655,1,$C655,ROW($C$850)-ROW($C655)),0))","v":0},"F","Serviço","Serviço","14.7.3.","SINAPI","95875","TRANSPORTE DE MATERIAL GRANULAR COM CAMINHÃO BASCULANTE, DMT = 20 KM","M3XKM",{"$f":"OFFSET(CÁLCULO!H$15,ROW($T655)-ROW(T$15),0)","v":226.31},2.23,"BDI 1",{"$f":"IF($C655=\"S\",ROUND(IF(TIPOORCAMENTO=\"Proposto\",ORÇAMENTO.CustoUnitario*(1+$AH655),ORÇAMENTO.PrecoUnitarioLicitado),15-13*$AF$10),0)","v":2.75},622.35,"RA","RA",{"$f":"IF($C655=\"S\",IF($Z655=\"CP\",$X655,IF($Z655=\"RA\",(($X655)*QCI!$AA$3),0)),SomaAgrup)","v":622.35},0,{"$f":"IF($N655=\"\",\"\",IF(ORÇAMENTO.Descricao=\"\",\"DESCRIÇÃO\",IF(AND($C655=\"S\",ORÇAMENTO.Unidade=\"\"),\"UNIDADE\",IF($X655<0,\"VALOR NEGATIVO\",IF(OR(AND(TIPOORCAMENTO=\"Proposto\",$AG655<>\"\",$AG655>0,ORÇAMENTO.CustoUnitario>$AG655),AND(TIPOORCAMENTO=\"LICITADO\",ORÇAMENTO.PrecoUnitarioLicitado>$AN655)),\"ACIMA REF.\",\"\")))))","v":""},{"$f":"IF(C655<=CRONO.NivelExibicao,MAX($AD$15:OFFSET(AD655,-1,0))+IF($C655<>1,1,MAX(1,COUNTIF(QCI!$A$13:$A$32,OFFSET($E655,-1,0)))),\"\")","v":""},{"$f":"IF(AND($C655=\"S\",ORÇAMENTO.CodBarra<>\"\"),IF(ORÇAMENTO.Fonte=\"\",ORÇAMENTO.CodBarra,CONCATENATE(ORÇAMENTO.Fonte,\" \",ORÇAMENTO.CodBarra)))","v":"SINAPI 95875"},{"$f":"IF(ISERROR(INDIRECT(ORÇAMENTO.BancoRef)),\"(abra o arquivo 'Referência \"&Excel_BuiltIn_Database&\".xls)\",IF(OR($C655<>\"S\",ORÇAMENTO.CodBarra=\"\"),\"(Sem Código)\",IF(ISERROR(MATCH($AE655,INDIRECT(ORÇAMENTO.BancoRef),0)),\"(Código não identificado nas referências)\",MATCH($AE655,INDIRECT(ORÇAMENTO.BancoRef),0))))","v":"(abra o arquivo 'Referência 06-2023.xls)"},{"$f":"ROUND(IF(DESONERACAO=\"sim\",REFERENCIA.Desonerado,REFERENCIA.NaoDesonerado),2)","v":0},0.23530000000000001,null,{"$f":"AJ654*20","v":226.31399999999999},null,null,622.35,2.75]
["S",2,"S",0,{"$f":"IF($C656=1,OFFSET(E656,-1,0)+MAX(1,COUNTIF(QCI!$A$13:$A$32,OFFSET(ORÇAMENTO!E656,-1,0))),OFFSET(E656,-1,0))","v":14},7,0,0,4,{"$f":"IF(OR($C656=\"S\",$C656=0),0,MATCH(0,OFFSET($D656,1,$C656,ROW($C$850)-ROW($C656)),0))","v":0},{"$f":"IF(OR($C656=\"S\",$C656=0),0,MATCH(OFFSET($D656,0,$C656)+IF($C656<>1,1,COUNTIF(QCI!$A$13:$A$32,ORÇAMENTO!E656)),OFFSET($D656,1,$C656,ROW($C$850)-ROW($C656)),0))","v":0},"F","Serviço","Serviço","14.7.4.","SINAPI-I","1346","FABRICAÇÃO, MONTAGEM E DESMONTAGEM DE FORMA PARA PAVIMENTAÇÃO EM CONCRETO EM CHAPA DE COMPENSADO","M2    ",{"$f":"OFFSET(CÁLCULO!H$15,ROW($T656)-ROW(T$15),0)","v":18.47},57.57,"BDI 1",{"$f":"IF($C656=\"S\",ROUND(IF(TIPOORCAMENTO=\"Proposto\",ORÇAMENTO.CustoUnitario*(1+$AH656),ORÇAMENTO.PrecoUnitarioLicitado),15-13*$AF$10),0)","v":71.12},1313.59,"RA","RA",{"$f":"IF($C656=\"S\",IF($Z656=\"CP\",$X656,IF($Z656=\"RA\",(($X656)*QCI!$AA$3),0)),SomaAgrup)","v":1313.59},0,{"$f":"IF($N656=\"\",\"\",IF(ORÇAMENTO.Descricao=\"\",\"DESCRIÇÃO\",IF(AND($C656=\"S\",ORÇAMENTO.Unidade=\"\"),\"UNIDADE\",IF($X656<0,\"VALOR NEGATIVO\",IF(OR(AND(TIPOORCAMENTO=\"Proposto\",$AG656<>\"\",$AG656>0,ORÇAMENTO.CustoUnitario>$AG656),AND(TIPOORCAMENTO=\"LICITADO\",ORÇAMENTO.PrecoUnitarioLicitado>$AN656)),\"ACIMA REF.\",\"\")))))","v":""},{"$f":"IF(C656<=CRONO.NivelExibicao,MAX($AD$15:OFFSET(AD656,-1,0))+IF($C656<>1,1,MAX(1,COUNTIF(QCI!$A$13:$A$32,OFFSET($E656,-1,0)))),\"\")","v":""},{"$f":"IF(AND($C656=\"S\",ORÇAMENTO.CodBarra<>\"\"),IF(ORÇAMENTO.Fonte=\"\",ORÇAMENTO.CodBarra,CONCATENATE(ORÇAMENTO.Fonte,\" \",ORÇAMENTO.CodBarra)))","v":"SINAPI-I 1346"},{"$f":"IF(ISERROR(INDIRECT(ORÇAMENTO.BancoRef)),\"(abra o arquivo 'Referência \"&Excel_BuiltIn_Database&\".xls)\",IF(OR($C656<>\"S\",ORÇAMENTO.CodBarra=\"\"),\"(Sem Código)\",IF(ISERROR(MATCH($AE656,INDIRECT(ORÇAMENTO.BancoRef),0)),\"(Código não identificado nas referências)\",MATCH($AE656,INDIRECT(ORÇAMENTO.BancoRef),0))))","v":"(abra o arquivo 'Referência 06-2023.xls)"},{"$f":"ROUND(IF(DESONERACAO=\"sim\",REFERENCIA.Desonerado,REFERENCIA.NaoDesonerado),2)","v":0},0.23530000000000001,null,{"$f":"51.31*0.12*3","v":18.471600000000002},null,null,1313.59,71.12]
["S",2,"S",0,{"$f":"IF($C657=1,OFFSET(E657,-1,0)+MAX(1,COUNTIF(QCI!$A$13:$A$32,OFFSET(ORÇAMENTO!E657,-1,0))),OFFSET(E657,-1,0))","v":14},7,0,0,5,0,{"$f":"IF(OR($C657=\"S\",$C657=0),0,MATCH(OFFSET($D657,0,$C657)+IF($C657<>1,1,COUNTIF(QCI!$A$13:$A$32,ORÇAMENTO!E657)),OFFSET($D657,1,$C657,ROW($C$850)-ROW($C657)),0))","v":0},"F","Serviço","Serviço","14.7.5.","SINAPI-I","7156","ARMAÇÃO PARA EXECUÇÃO DE PAVIMENTAÇÃO EM CONCRETO, COM USO DE TELA Q-196.","M2    ",{"$f":"OFFSET(CÁLCULO!H$15,ROW($T657)-ROW(T$15),0)","v":377.19},29.25,"BDI 1",{"$f":"IF($C657=\"S\",ROUND(IF(TIPOORCAMENTO=\"Proposto\",ORÇAMENTO.CustoUnitario*(1+$AH657),ORÇAMENTO.PrecoUnitarioLicitado),15-13*$AF$10),0)","v":36.130000000000003},13627.87,"RA","RA",{"$f":"IF($C657=\"S\",IF($Z657=\"CP\",$X657,IF($Z657=\"RA\",(($X657)*QCI!$AA$3),0)),SomaAgrup)","v":13627.87},0,{"$f":"IF($N657=\"\",\"\",IF(ORÇAMENTO.Descricao=\"\",\"DESCRIÇÃO\",IF(AND($C657=\"S\",ORÇAMENTO.Unidade=\"\"),\"UNIDADE\",IF($X657<0,\"VALOR NEGATIVO\",IF(OR(AND(TIPOORCAMENTO=\"Proposto\",$AG657<>\"\",$AG657>0,ORÇAMENTO.CustoUnitario>$AG657),AND(TIPOORCAMENTO=\"LICITADO\",ORÇAMENTO.PrecoUnitarioLicitado>$AN657)),\"ACIMA REF.\",\"\")))))","v":""},{"$f":"IF(C657<=CRONO.NivelExibicao,MAX($AD$15:OFFSET(AD657,-1,0))+IF($C657<>1,1,MAX(1,COUNTIF(QCI!$A$13:$A$32,OFFSET($E657,-1,0)))),\"\")","v":""},{"$f":"IF(AND($C657=\"S\",ORÇAMENTO.CodBarra<>\"\"),IF(ORÇAMENTO.Fonte=\"\",ORÇAMENTO.CodBarra,CONCATENATE(ORÇAMENTO.Fonte,\" \",ORÇAMENTO.CodBarra)))","v":"SINAPI-I 7156"},{"$f":"IF(ISERROR(INDIRECT(ORÇAMENTO.BancoRef)),\"(abra o arquivo 'Referência \"&Excel_BuiltIn_Database&\".xls)\",IF(OR($C657<>\"S\",ORÇAMENTO.CodBarra=\"\"),\"(Sem Código)\",IF(ISERROR(MATCH($AE657,INDIRECT(ORÇAMENTO.BancoRef),0)),\"(Código não identificado nas referências)\",MATCH($AE657,INDIRECT(ORÇAMENTO.BancoRef),0))))","v":"(abra o arquivo 'Referência 06-2023.xls)"},{"$f":"ROUND(IF(DESONERACAO=\"sim\",REFERENCIA.Desonerado,REFERENCIA.NaoDesonerado),2)","v":0},0.23530000000000001,null,377.19,null,null,13627.87,36.130000000000003]
["S",2,"S",0,{"$f":"IF($C658=1,OFFSET(E658,-1,0)+MAX(1,COUNTIF(QCI!$A$13:$A$32,OFFSET(ORÇAMENTO!E658,-1,0))),OFFSET(E658,-1,0))","v":14},7,0,0,6,0,{"$f":"IF(OR($C658=\"S\",$C658=0),0,MATCH(OFFSET($D658,0,$C658)+IF($C658<>1,1,COUNTIF(QCI!$A$13:$A$32,ORÇAMENTO!E658)),OFFSET($D658,1,$C658,ROW($C$850)-ROW($C658)),0))","v":0},"F","Serviço","Serviço","14.7.6.","SINAPI",97113,"APLICAÇÃO DE LONA PLÁSTICA PARA EXECUÇÃO DE PAVIMENTOS DE CONCRETO. AF_04/2022","M2",{"$f":"OFFSET(CÁLCULO!H$15,ROW($T658)-ROW(T$15),0)","v":377.19},2.91,"BDI 1",{"$f":"IF($C658=\"S\",ROUND(IF(TIPOORCAMENTO=\"Proposto\",ORÇAMENTO.CustoUnitario*(1+$AH658),ORÇAMENTO.PrecoUnitarioLicitado),15-13*$AF$10),0)","v":3.59},1354.11,"RA","RA",{"$f":"IF($C658=\"S\",IF($Z658=\"CP\",$X658,IF($Z658=\"RA\",(($X658)*QCI!$AA$3),0)),SomaAgrup)","v":1354.11},0,{"$f":"IF($N658=\"\",\"\",IF(ORÇAMENTO.Descricao=\"\",\"DESCRIÇÃO\",IF(AND($C658=\"S\",ORÇAMENTO.Unidade=\"\"),\"UNIDADE\",IF($X658<0,\"VALOR NEGATIVO\",IF(OR(AND(TIPOORCAMENTO=\"Proposto\",$AG658<>\"\",$AG658>0,ORÇAMENTO.CustoUnitario>$AG658),AND(TIPOORCAMENTO=\"LICITADO\",ORÇAMENTO.PrecoUnitarioLicitado>$AN658)),\"ACIMA REF.\",\"\")))))","v":""},{"$f":"IF(C658<=CRONO.NivelExibicao,MAX($AD$15:OFFSET(AD658,-1,0))+IF($C658<>1,1,MAX(1,COUNTIF(QCI!$A$13:$A$32,OFFSET($E658,-1,0)))),\"\")","v":""},{"$f":"IF(AND($C658=\"S\",ORÇAMENTO.CodBarra<>\"\"),IF(ORÇAMENTO.Fonte=\"\",ORÇAMENTO.CodBarra,CONCATENATE(ORÇAMENTO.Fonte,\" \",ORÇAMENTO.CodBarra)))","v":"SINAPI 97113"},{"$f":"IF(ISERROR(INDIRECT(ORÇAMENTO.BancoRef)),\"(abra o arquivo 'Referência \"&Excel_BuiltIn_Database&\".xls)\",IF(OR($C658<>\"S\",ORÇAMENTO.CodBarra=\"\"),\"(Sem Código)\",IF(ISERROR(MATCH($AE658,INDIRECT(ORÇAMENTO.BancoRef),0)),\"(Código não identificado nas referências)\",MATCH($AE658,INDIRECT(ORÇAMENTO.BancoRef),0))))","v":"(abra o arquivo 'Referência 06-2023.xls)"},{"$f":"ROUND(IF(DESONERACAO=\"sim\",REFERENCIA.Desonerado,REFERENCIA.NaoDesonerado),2)","v":0},0.23530000000000001,null,377.19,null,null,1354.11,3.59]
["S",2,"S",0,{"$f":"IF($C659=1,OFFSET(E659,-1,0)+MAX(1,COUNTIF(QCI!$A$13:$A$32,OFFSET(ORÇAMENTO!E659,-1,0))),OFFSET(E659,-1,0))","v":14},7,0,0,7,0,{"$f":"IF(OR($C659=\"S\",$C659=0),0,MATCH(OFFSET($D659,0,$C659)+IF($C659<>1,1,COUNTIF(QCI!$A$13:$A$32,ORÇAMENTO!E659)),OFFSET($D659,1,$C659,ROW($C$850)-ROW($C659)),0))","v":0},"F","Serviço","Serviço","14.7.7.","SINAPI-I","34479","CONCRETO USINADO BOMBEAVEL, CLASSE DE RESISTENCIA C40, COM BRITA 0 E 1, SLUMP = 100 +/- 20 MM, INCLUI SERVICO DE BOMBEAMENTO (NBR 8953)","M3    ",{"$f":"OFFSET(CÁLCULO!H$15,ROW($T659)-ROW(T$15),0)","v":45.26},584,"BDI 1",{"$f":"IF($C659=\"S\",ROUND(IF(TIPOORCAMENTO=\"Proposto\",ORÇAMENTO.CustoUnitario*(1+$AH659),ORÇAMENTO.PrecoUnitarioLicitado),15-13*$AF$10),0)","v":721.42},32651.47,"RA","RA",{"$f":"IF($C659=\"S\",IF($Z659=\"CP\",$X659,IF($Z659=\"RA\",(($X659)*QCI!$AA$3),0)),SomaAgrup)","v":32651.47},0,{"$f":"IF($N659=\"\",\"\",IF(ORÇAMENTO.Descricao=\"\",\"DESCRIÇÃO\",IF(AND($C659=\"S\",ORÇAMENTO.Unidade=\"\"),\"UNIDADE\",IF($X659<0,\"VALOR NEGATIVO\",IF(OR(AND(TIPOORCAMENTO=\"Proposto\",$AG659<>\"\",$AG659>0,ORÇAMENTO.CustoUnitario>$AG659),AND(TIPOORCAMENTO=\"LICITADO\",ORÇAMENTO.PrecoUnitarioLicitado>$AN659)),\"ACIMA REF.\",\"\")))))","v":""},{"$f":"IF(C659<=CRONO.NivelExibicao,MAX($AD$15:OFFSET(AD659,-1,0))+IF($C659<>1,1,MAX(1,COUNTIF(QCI!$A$13:$A$32,OFFSET($E659,-1,0)))),\"\")","v":""},{"$f":"IF(AND($C659=\"S\",ORÇAMENTO.CodBarra<>\"\"),IF(ORÇAMENTO.Fonte=\"\",ORÇAMENTO.CodBarra,CONCATENATE(ORÇAMENTO.Fonte,\" \",ORÇAMENTO.CodBarra)))","v":"SINAPI-I 34479"},{"$f":"IF(ISERROR(INDIRECT(ORÇAMENTO.BancoRef)),\"(abra o arquivo 'Referência \"&Excel_BuiltIn_Database&\".xls)\",IF(OR($C659<>\"S\",ORÇAMENTO.CodBarra=\"\"),\"(Sem Código)\",IF(ISERROR(MATCH($AE659,INDIRECT(ORÇAMENTO.BancoRef),0)),\"(Código não identificado nas referências)\",MATCH($AE659,INDIRECT(ORÇAMENTO.BancoRef),0))))","v":"(abra o arquivo 'Referência 06-2023.xls)"},{"$f":"ROUND(IF(DESONERACAO=\"sim\",REFERENCIA.Desonerado,REFERENCIA.NaoDesonerado),2)","v":0},0.23530000000000001,null,{"$f":"AJ658*0.12","v":45.262799999999999},null,null,32651.47,721.42]
["S",2,"S",0,{"$f":"IF($C660=1,OFFSET(E660,-1,0)+MAX(1,COUNTIF(QCI!$A$13:$A$32,OFFSET(ORÇAMENTO!E660,-1,0))),OFFSET(E660,-1,0))","v":14},7,0,0,8,0,{"$f":"IF(OR($C660=\"S\",$C660=0),0,MATCH(OFFSET($D660,0,$C660)+IF($C660<>1,1,COUNTIF(QCI!$A$13:$A$32,ORÇAMENTO!E660)),OFFSET($D660,1,$C660,ROW($C$850)-ROW($C660)),0))","v":0},"F","Serviço","Serviço","14.7.8.","AMMOC","PAVCONC","LANÇAMENTO, ACABAMENTO, ADENSAMENTO PARA PAVIMENTAÇÃO EM CONCRETO","M3",{"$f":"OFFSET(CÁLCULO!H$15,ROW($T660)-ROW(T$15),0)","v":45.26},265.83,"BDI 1",{"$f":"IF($C660=\"S\",ROUND(IF(TIPOORCAMENTO=\"Proposto\",ORÇAMENTO.CustoUnitario*(1+$AH660),ORÇAMENTO.PrecoUnitarioLicitado),15-13*$AF$10),0)","v":328.38},14862.48,"RA","RA",{"$f":"IF($C660=\"S\",IF($Z660=\"CP\",$X660,IF($Z660=\"RA\",(($X660)*QCI!$AA$3),0)),SomaAgrup)","v":14862.48},0,{"$f":"IF($N660=\"\",\"\",IF(ORÇAMENTO.Descricao=\"\",\"DESCRIÇÃO\",IF(AND($C660=\"S\",ORÇAMENTO.Unidade=\"\"),\"UNIDADE\",IF($X660<0,\"VALOR NEGATIVO\",IF(OR(AND(TIPOORCAMENTO=\"Proposto\",$AG660<>\"\",$AG660>0,ORÇAMENTO.CustoUnitario>$AG660),AND(TIPOORCAMENTO=\"LICITADO\",ORÇAMENTO.PrecoUnitarioLicitado>$AN660)),\"ACIMA REF.\",\"\")))))","v":""},{"$f":"IF(C660<=CRONO.NivelExibicao,MAX($AD$15:OFFSET(AD660,-1,0))+IF($C660<>1,1,MAX(1,COUNTIF(QCI!$A$13:$A$32,OFFSET($E660,-1,0)))),\"\")","v":""},{"$f":"IF(AND($C660=\"S\",ORÇAMENTO.CodBarra<>\"\"),IF(ORÇAMENTO.Fonte=\"\",ORÇAMENTO.CodBarra,CONCATENATE(ORÇAMENTO.Fonte,\" \",ORÇAMENTO.CodBarra)))","v":"AMMOC PAVCONC"},{"$f":"IF(ISERROR(INDIRECT(ORÇAMENTO.BancoRef)),\"(abra o arquivo 'Referência \"&Excel_BuiltIn_Database&\".xls)\",IF(OR($C660<>\"S\",ORÇAMENTO.CodBarra=\"\"),\"(Sem Código)\",IF(ISERROR(MATCH($AE660,INDIRECT(ORÇAMENTO.BancoRef),0)),\"(Código não identificado nas referências)\",MATCH($AE660,INDIRECT(ORÇAMENTO.BancoRef),0))))","v":"(abra o arquivo 'Referência 06-2023.xls)"},{"$f":"ROUND(IF(DESONERACAO=\"sim\",REFERENCIA.Desonerado,REFERENCIA.NaoDesonerado),2)","v":0},0.23530000000000001,null,{"$f":"AJ659","v":45.262799999999999},null,null,14862.48,328.38]
["S",2,"S",0,{"$f":"IF($C661=1,OFFSET(E661,-1,0)+MAX(1,COUNTIF(QCI!$A$13:$A$32,OFFSET(ORÇAMENTO!E661,-1,0))),OFFSET(E661,-1,0))","v":14},7,0,0,9,0,{"$f":"IF(OR($C661=\"S\",$C661=0),0,MATCH(OFFSET($D661,0,$C661)+IF($C661<>1,1,COUNTIF(QCI!$A$13:$A$32,ORÇAMENTO!E661)),OFFSET($D661,1,$C661,ROW($C$850)-ROW($C661)),0))","v":0},"F","Serviço","Serviço","14.7.9.","AMMOC","192","CURA QUÍMICA PARA PAVIMENTO DE CONCRETO - APLICAÇÃO MANUAL COM BORRIFADOR DE BAIXA PRESSÃO","M2",{"$f":"OFFSET(CÁLCULO!H$15,ROW($T661)-ROW(T$15),0)","v":377.19},6.73,"BDI 1",{"$f":"IF($C661=\"S\",ROUND(IF(TIPOORCAMENTO=\"Proposto\",ORÇAMENTO.CustoUnitario*(1+$AH661),ORÇAMENTO.PrecoUnitarioLicitado),15-13*$AF$10),0)","v":8.31},3134.45,"RA","RA",{"$f":"IF($C661=\"S\",IF($Z661=\"CP\",$X661,IF($Z661=\"RA\",(($X661)*QCI!$AA$3),0)),SomaAgrup)","v":3134.45},0,{"$f":"IF($N661=\"\",\"\",IF(ORÇAMENTO.Descricao=\"\",\"DESCRIÇÃO\",IF(AND($C661=\"S\",ORÇAMENTO.Unidade=\"\"),\"UNIDADE\",IF($X661<0,\"VALOR NEGATIVO\",IF(OR(AND(TIPOORCAMENTO=\"Proposto\",$AG661<>\"\",$AG661>0,ORÇAMENTO.CustoUnitario>$AG661),AND(TIPOORCAMENTO=\"LICITADO\",ORÇAMENTO.PrecoUnitarioLicitado>$AN661)),\"ACIMA REF.\",\"\")))))","v":""},{"$f":"IF(C661<=CRONO.NivelExibicao,MAX($AD$15:OFFSET(AD661,-1,0))+IF($C661<>1,1,MAX(1,COUNTIF(QCI!$A$13:$A$32,OFFSET($E661,-1,0)))),\"\")","v":""},{"$f":"IF(AND($C661=\"S\",ORÇAMENTO.CodBarra<>\"\"),IF(ORÇAMENTO.Fonte=\"\",ORÇAMENTO.CodBarra,CONCATENATE(ORÇAMENTO.Fonte,\" \",ORÇAMENTO.CodBarra)))","v":"AMMOC 192"},{"$f":"IF(ISERROR(INDIRECT(ORÇAMENTO.BancoRef)),\"(abra o arquivo 'Referência \"&Excel_BuiltIn_Database&\".xls)\",IF(OR($C661<>\"S\",ORÇAMENTO.CodBarra=\"\"),\"(Sem Código)\",IF(ISERROR(MATCH($AE661,INDIRECT(ORÇAMENTO.BancoRef),0)),\"(Código não identificado nas referências)\",MATCH($AE661,INDIRECT(ORÇAMENTO.BancoRef),0))))","v":"(abra o arquivo 'Referência 06-2023.xls)"},{"$f":"ROUND(IF(DESONERACAO=\"sim\",REFERENCIA.Desonerado,REFERENCIA.NaoDesonerado),2)","v":0},0.23530000000000001,null,377.19,null,null,3134.45,8.31]
["S",2,"S",0,{"$f":"IF($C662=1,OFFSET(E662,-1,0)+MAX(1,COUNTIF(QCI!$A$13:$A$32,OFFSET(ORÇAMENTO!E662,-1,0))),OFFSET(E662,-1,0))","v":14},7,0,0,10,0,{"$f":"IF(OR($C662=\"S\",$C662=0),0,MATCH(OFFSET($D662,0,$C662)+IF($C662<>1,1,COUNTIF(QCI!$A$13:$A$32,ORÇAMENTO!E662)),OFFSET($D662,1,$C662,ROW($C$850)-ROW($C662)),0))","v":0},"F","Serviço","Serviço","14.7.10.","SINAPI","97114","EXECUÇÃO DE JUNTAS DE DILATAÇÃO PARA PAVIMENTOS DE CONCRETO","M",{"$f":"OFFSET(CÁLCULO!H$15,ROW($T662)-ROW(T$15),0)","v":156.13},0.41,"BDI 1",{"$f":"IF($C662=\"S\",ROUND(IF(TIPOORCAMENTO=\"Proposto\",ORÇAMENTO.CustoUnitario*(1+$AH662),ORÇAMENTO.PrecoUnitarioLicitado),15-13*$AF$10),0)","v":0.51},79.63,"RA","RA",{"$f":"IF($C662=\"S\",IF($Z662=\"CP\",$X662,IF($Z662=\"RA\",(($X662)*QCI!$AA$3),0)),SomaAgrup)","v":79.63},0,{"$f":"IF($N662=\"\",\"\",IF(ORÇAMENTO.Descricao=\"\",\"DESCRIÇÃO\",IF(AND($C662=\"S\",ORÇAMENTO.Unidade=\"\"),\"UNIDADE\",IF($X662<0,\"VALOR NEGATIVO\",IF(OR(AND(TIPOORCAMENTO=\"Proposto\",$AG662<>\"\",$AG662>0,ORÇAMENTO.CustoUnitario>$AG662),AND(TIPOORCAMENTO=\"LICITADO\",ORÇAMENTO.PrecoUnitarioLicitado>$AN662)),\"ACIMA REF.\",\"\")))))","v":""},{"$f":"IF(C662<=CRONO.NivelExibicao,MAX($AD$15:OFFSET(AD662,-1,0))+IF($C662<>1,1,MAX(1,COUNTIF(QCI!$A$13:$A$32,OFFSET($E662,-1,0)))),\"\")","v":""},{"$f":"IF(AND($C662=\"S\",ORÇAMENTO.CodBarra<>\"\"),IF(ORÇAMENTO.Fonte=\"\",ORÇAMENTO.CodBarra,CONCATENATE(ORÇAMENTO.Fonte,\" \",ORÇAMENTO.CodBarra)))","v":"SINAPI 97114"},{"$f":"IF(ISERROR(INDIRECT(ORÇAMENTO.BancoRef)),\"(abra o arquivo 'Referência \"&Excel_BuiltIn_Database&\".xls)\",IF(OR($C662<>\"S\",ORÇAMENTO.CodBarra=\"\"),\"(Sem Código)\",IF(ISERROR(MATCH($AE662,INDIRECT(ORÇAMENTO.BancoRef),0)),\"(Código não identificado nas referências)\",MATCH($AE662,INDIRECT(ORÇAMENTO.BancoRef),0))))","v":"(abra o arquivo 'Referência 06-2023.xls)"},{"$f":"ROUND(IF(DESONERACAO=\"sim\",REFERENCIA.Desonerado,REFERENCIA.NaoDesonerado),2)","v":0},0.23530000000000001,null,156.13,null,null,79.63,0.51]
["S",2,"S",0,{"$f":"IF($C663=1,OFFSET(E663,-1,0)+MAX(1,COUNTIF(QCI!$A$13:$A$32,OFFSET(ORÇAMENTO!E663,-1,0))),OFFSET(E663,-1,0))","v":14},7,0,0,11,0,{"$f":"IF(OR($C663=\"S\",$C663=0),0,MATCH(OFFSET($D663,0,$C663)+IF($C663<>1,1,COUNTIF(QCI!$A$13:$A$32,ORÇAMENTO!E663)),OFFSET($D663,1,$C663,ROW($C$850)-ROW($C663)),0))","v":0},"F","Serviço","Serviço","14.7.11.","SINAPI-I","34","ACO CA-50, 10,0 MM, VERGALHAO                                                                                                                                                                                                                                                                                                                                                                                                                                                                             ","KG    ",{"$f":"OFFSET(CÁLCULO!H$15,ROW($T663)-ROW(T$15),0)","v":7.9},9.44,"BDI 1",{"$f":"IF($C663=\"S\",ROUND(IF(TIPOORCAMENTO=\"Proposto\",ORÇAMENTO.CustoUnitario*(1+$AH663),ORÇAMENTO.PrecoUnitarioLicitado),15-13*$AF$10),0)","v":11.66},92.11,"RA","RA",{"$f":"IF($C663=\"S\",IF($Z663=\"CP\",$X663,IF($Z663=\"RA\",(($X663)*QCI!$AA$3),0)),SomaAgrup)","v":92.11},0,{"$f":"IF($N663=\"\",\"\",IF(ORÇAMENTO.Descricao=\"\",\"DESCRIÇÃO\",IF(AND($C663=\"S\",ORÇAMENTO.Unidade=\"\"),\"UNIDADE\",IF($X663<0,\"VALOR NEGATIVO\",IF(OR(AND(TIPOORCAMENTO=\"Proposto\",$AG663<>\"\",$AG663>0,ORÇAMENTO.CustoUnitario>$AG663),AND(TIPOORCAMENTO=\"LICITADO\",ORÇAMENTO.PrecoUnitarioLicitado>$AN663)),\"ACIMA REF.\",\"\")))))","v":""},{"$f":"IF(C663<=CRONO.NivelExibicao,MAX($AD$15:OFFSET(AD663,-1,0))+IF($C663<>1,1,MAX(1,COUNTIF(QCI!$A$13:$A$32,OFFSET($E663,-1,0)))),\"\")","v":""},{"$f":"IF(AND($C663=\"S\",ORÇAMENTO.CodBarra<>\"\"),IF(ORÇAMENTO.Fonte=\"\",ORÇAMENTO.CodBarra,CONCATENATE(ORÇAMENTO.Fonte,\" \",ORÇAMENTO.CodBarra)))","v":"SINAPI-I 34"},{"$f":"IF(ISERROR(INDIRECT(ORÇAMENTO.BancoRef)),\"(abra o arquivo 'Referência \"&Excel_BuiltIn_Database&\".xls)\",IF(OR($C663<>\"S\",ORÇAMENTO.CodBarra=\"\"),\"(Sem Código)\",IF(ISERROR(MATCH($AE663,INDIRECT(ORÇAMENTO.BancoRef),0)),\"(Código não identificado nas referências)\",MATCH($AE663,INDIRECT(ORÇAMENTO.BancoRef),0))))","v":"(abra o arquivo 'Referência 06-2023.xls)"},{"$f":"ROUND(IF(DESONERACAO=\"sim\",REFERENCIA.Desonerado,REFERENCIA.NaoDesonerado),2)","v":0},0.23530000000000001,null,{"$f":"0.617*12.8","v":7.8976000000000006},null,null,92.11,11.66]
["S",2,"S",0,{"$f":"IF($C664=1,OFFSET(E664,-1,0)+MAX(1,COUNTIF(QCI!$A$13:$A$32,OFFSET(ORÇAMENTO!E664,-1,0))),OFFSET(E664,-1,0))","v":14},7,0,0,12,0,{"$f":"IF(OR($C664=\"S\",$C664=0),0,MATCH(OFFSET($D664,0,$C664)+IF($C664<>1,1,COUNTIF(QCI!$A$13:$A$32,ORÇAMENTO!E664)),OFFSET($D664,1,$C664,ROW($C$850)-ROW($C664)),0))","v":0},"F","Serviço","Serviço","14.7.12.","AMMOC","354","VIGA DE CONSTRUÇÃO EM CONCRETO ARMADO","M",{"$f":"OFFSET(CÁLCULO!H$15,ROW($T664)-ROW(T$15),0)","v":24.5},70.08,"BDI 1",{"$f":"IF($C664=\"S\",ROUND(IF(TIPOORCAMENTO=\"Proposto\",ORÇAMENTO.CustoUnitario*(1+$AH664),ORÇAMENTO.PrecoUnitarioLicitado),15-13*$AF$10),0)","v":86.57},2120.9699999999998,"RA","RA",{"$f":"IF($C664=\"S\",IF($Z664=\"CP\",$X664,IF($Z664=\"RA\",(($X664)*QCI!$AA$3),0)),SomaAgrup)","v":2120.9699999999998},0,{"$f":"IF($N664=\"\",\"\",IF(ORÇAMENTO.Descricao=\"\",\"DESCRIÇÃO\",IF(AND($C664=\"S\",ORÇAMENTO.Unidade=\"\"),\"UNIDADE\",IF($X664<0,\"VALOR NEGATIVO\",IF(OR(AND(TIPOORCAMENTO=\"Proposto\",$AG664<>\"\",$AG664>0,ORÇAMENTO.CustoUnitario>$AG664),AND(TIPOORCAMENTO=\"LICITADO\",ORÇAMENTO.PrecoUnitarioLicitado>$AN664)),\"ACIMA REF.\",\"\")))))","v":""},{"$f":"IF(C664<=CRONO.NivelExibicao,MAX($AD$15:OFFSET(AD664,-1,0))+IF($C664<>1,1,MAX(1,COUNTIF(QCI!$A$13:$A$32,OFFSET($E664,-1,0)))),\"\")","v":""},{"$f":"IF(AND($C664=\"S\",ORÇAMENTO.CodBarra<>\"\"),IF(ORÇAMENTO.Fonte=\"\",ORÇAMENTO.CodBarra,CONCATENATE(ORÇAMENTO.Fonte,\" \",ORÇAMENTO.CodBarra)))","v":"AMMOC 354"},{"$f":"IF(ISERROR(INDIRECT(ORÇAMENTO.BancoRef)),\"(abra o arquivo 'Referência \"&Excel_BuiltIn_Database&\".xls)\",IF(OR($C664<>\"S\",ORÇAMENTO.CodBarra=\"\"),\"(Sem Código)\",IF(ISERROR(MATCH($AE664,INDIRECT(ORÇAMENTO.BancoRef),0)),\"(Código não identificado nas referências)\",MATCH($AE664,INDIRECT(ORÇAMENTO.BancoRef),0))))","v":"(abra o arquivo 'Referência 06-2023.xls)"},{"$f":"ROUND(IF(DESONERACAO=\"sim\",REFERENCIA.Desonerado,REFERENCIA.NaoDesonerado),2)","v":0},0.23530000000000001,null,24.5,null,null,2120.9699999999998,86.57]
[2,2,2,2,{"$f":"IF($C665=1,OFFSET(E665,-1,0)+MAX(1,COUNTIF(QCI!$A$13:$A$32,OFFSET(ORÇAMENTO!E665,-1,0))),OFFSET(E665,-1,0))","v":14},8,0,0,0,9,{"$f":"IF(OR($C665=\"S\",$C665=0),0,MATCH(OFFSET($D665,0,$C665)+IF($C665<>1,1,COUNTIF(QCI!$A$13:$A$32,ORÇAMENTO!E665)),OFFSET($D665,1,$C665,ROW($C$850)-ROW($C665)),0))","v":2},"F","Nível 2","Nível 2","14.8.","SINAPI",null,"MEIO-FIO","-",{"$f":"OFFSET(CÁLCULO!H$15,ROW($T665)-ROW(T$15),0)","v":0},0,"BDI 1",{"$f":"IF($C665=\"S\",ROUND(IF(TIPOORCAMENTO=\"Proposto\",ORÇAMENTO.CustoUnitario*(1+$AH665),ORÇAMENTO.PrecoUnitarioLicitado),15-13*$AF$10),0)","v":0},269.58,"RA","",{"$f":"IF($C665=\"S\",IF($Z665=\"CP\",$X665,IF($Z665=\"RA\",(($X665)*QCI!$AA$3),0)),SomaAgrup)","v":269.58},0,{"$f":"IF($N665=\"\",\"\",IF(ORÇAMENTO.Descricao=\"\",\"DESCRIÇÃO\",IF(AND($C665=\"S\",ORÇAMENTO.Unidade=\"\"),\"UNIDADE\",IF($X665<0,\"VALOR NEGATIVO\",IF(OR(AND(TIPOORCAMENTO=\"Proposto\",$AG665<>\"\",$AG665>0,ORÇAMENTO.CustoUnitario>$AG665),AND(TIPOORCAMENTO=\"LICITADO\",ORÇAMENTO.PrecoUnitarioLicitado>$AN665)),\"ACIMA REF.\",\"\")))))","v":""},{"$f":"IF(C665<=CRONO.NivelExibicao,MAX($AD$15:OFFSET(AD665,-1,0))+IF($C665<>1,1,MAX(1,COUNTIF(QCI!$A$13:$A$32,OFFSET($E665,-1,0)))),\"\")","v":""},{"$f":"IF(AND($C665=\"S\",ORÇAMENTO.CodBarra<>\"\"),IF(ORÇAMENTO.Fonte=\"\",ORÇAMENTO.CodBarra,CONCATENATE(ORÇAMENTO.Fonte,\" \",ORÇAMENTO.CodBarra)))","v":false},{"$f":"IF(ISERROR(INDIRECT(ORÇAMENTO.BancoRef)),\"(abra o arquivo 'Referência \"&Excel_BuiltIn_Database&\".xls)\",IF(OR($C665<>\"S\",ORÇAMENTO.CodBarra=\"\"),\"(Sem Código)\",IF(ISERROR(MATCH($AE665,INDIRECT(ORÇAMENTO.BancoRef),0)),\"(Código não identificado nas referências)\",MATCH($AE665,INDIRECT(ORÇAMENTO.BancoRef),0))))","v":"(abra o arquivo 'Referência 06-2023.xls)"},{"$f":"ROUND(IF(DESONERACAO=\"sim\",REFERENCIA.Desonerado,REFERENCIA.NaoDesonerado),2)","v":0},0.23530000000000001,null,null,null,null,269.58,0]
["S",2,"S",0,{"$f":"IF($C666=1,OFFSET(E666,-1,0)+MAX(1,COUNTIF(QCI!$A$13:$A$32,OFFSET(ORÇAMENTO!E666,-1,0))),OFFSET(E666,-1,0))","v":14},8,0,0,1,0,{"$f":"IF(OR($C666=\"S\",$C666=0),0,MATCH(OFFSET($D666,0,$C666)+IF($C666<>1,1,COUNTIF(QCI!$A$13:$A$32,ORÇAMENTO!E666)),OFFSET($D666,1,$C666,ROW($C$850)-ROW($C666)),0))","v":0},"F","Serviço","Serviço","14.8.1.","SINAPI","94263","GUIA (MEIO-FIO) CONCRETO, MOLDADA  IN LOCO COM EXTRUSORA, 13 CM BASE X 22 CM ALTURA.","M",{"$f":"OFFSET(CÁLCULO!H$15,ROW($T666)-ROW(T$15),0)","v":6},36.369999999999997,"BDI 1",{"$f":"IF($C666=\"S\",ROUND(IF(TIPOORCAMENTO=\"Proposto\",ORÇAMENTO.CustoUnitario*(1+$AH666),ORÇAMENTO.PrecoUnitarioLicitado),15-13*$AF$10),0)","v":44.93},269.58,"RA","RA",{"$f":"IF($C666=\"S\",IF($Z666=\"CP\",$X666,IF($Z666=\"RA\",(($X666)*QCI!$AA$3),0)),SomaAgrup)","v":269.58},0,{"$f":"IF($N666=\"\",\"\",IF(ORÇAMENTO.Descricao=\"\",\"DESCRIÇÃO\",IF(AND($C666=\"S\",ORÇAMENTO.Unidade=\"\"),\"UNIDADE\",IF($X666<0,\"VALOR NEGATIVO\",IF(OR(AND(TIPOORCAMENTO=\"Proposto\",$AG666<>\"\",$AG666>0,ORÇAMENTO.CustoUnitario>$AG666),AND(TIPOORCAMENTO=\"LICITADO\",ORÇAMENTO.PrecoUnitarioLicitado>$AN666)),\"ACIMA REF.\",\"\")))))","v":""},{"$f":"IF(C666<=CRONO.NivelExibicao,MAX($AD$15:OFFSET(AD666,-1,0))+IF($C666<>1,1,MAX(1,COUNTIF(QCI!$A$13:$A$32,OFFSET($E666,-1,0)))),\"\")","v":""},{"$f":"IF(AND($C666=\"S\",ORÇAMENTO.CodBarra<>\"\"),IF(ORÇAMENTO.Fonte=\"\",ORÇAMENTO.CodBarra,CONCATENATE(ORÇAMENTO.Fonte,\" \",ORÇAMENTO.CodBarra)))","v":"SINAPI 94263"},{"$f":"IF(ISERROR(INDIRECT(ORÇAMENTO.BancoRef)),\"(abra o arquivo 'Referência \"&Excel_BuiltIn_Database&\".xls)\",IF(OR($C666<>\"S\",ORÇAMENTO.CodBarra=\"\"),\"(Sem Código)\",IF(ISERROR(MATCH($AE666,INDIRECT(ORÇAMENTO.BancoRef),0)),\"(Código não identificado nas referências)\",MATCH($AE666,INDIRECT(ORÇAMENTO.BancoRef),0))))","v":"(abra o arquivo 'Referência 06-2023.xls)"},{"$f":"ROUND(IF(DESONERACAO=\"sim\",REFERENCIA.Desonerado,REFERENCIA.NaoDesonerado),2)","v":0},0.23530000000000001,null,6,null,null,269.58,44.93]
[2,2,2,7,{"$f":"IF($C667=1,OFFSET(E667,-1,0)+MAX(1,COUNTIF(QCI!$A$13:$A$32,OFFSET(ORÇAMENTO!E667,-1,0))),OFFSET(E667,-1,0))","v":14},9,0,0,0,7,{"$f":"IF(OR($C667=\"S\",$C667=0),0,MATCH(OFFSET($D667,0,$C667)+IF($C667<>1,1,COUNTIF(QCI!$A$13:$A$32,ORÇAMENTO!E667)),OFFSET($D667,1,$C667,ROW($C$850)-ROW($C667)),0))","v":172},"F","Nível 2","Nível 2","14.9.","SINAPI",null,"SINALIZAÇÃO","-",{"$f":"OFFSET(CÁLCULO!H$15,ROW($T667)-ROW(T$15),0)","v":0},0,"BDI 1",{"$f":"IF($C667=\"S\",ROUND(IF(TIPOORCAMENTO=\"Proposto\",ORÇAMENTO.CustoUnitario*(1+$AH667),ORÇAMENTO.PrecoUnitarioLicitado),15-13*$AF$10),0)","v":0},4673,"RA","",{"$f":"IF($C667=\"S\",IF($Z667=\"CP\",$X667,IF($Z667=\"RA\",(($X667)*QCI!$AA$3),0)),SomaAgrup)","v":4673},0,{"$f":"IF($N667=\"\",\"\",IF(ORÇAMENTO.Descricao=\"\",\"DESCRIÇÃO\",IF(AND($C667=\"S\",ORÇAMENTO.Unidade=\"\"),\"UNIDADE\",IF($X667<0,\"VALOR NEGATIVO\",IF(OR(AND(TIPOORCAMENTO=\"Proposto\",$AG667<>\"\",$AG667>0,ORÇAMENTO.CustoUnitario>$AG667),AND(TIPOORCAMENTO=\"LICITADO\",ORÇAMENTO.PrecoUnitarioLicitado>$AN667)),\"ACIMA REF.\",\"\")))))","v":""},{"$f":"IF(C667<=CRONO.NivelExibicao,MAX($AD$15:OFFSET(AD667,-1,0))+IF($C667<>1,1,MAX(1,COUNTIF(QCI!$A$13:$A$32,OFFSET($E667,-1,0)))),\"\")","v":""},{"$f":"IF(AND($C667=\"S\",ORÇAMENTO.CodBarra<>\"\"),IF(ORÇAMENTO.Fonte=\"\",ORÇAMENTO.CodBarra,CONCATENATE(ORÇAMENTO.Fonte,\" \",ORÇAMENTO.CodBarra)))","v":false},{"$f":"IF(ISERROR(INDIRECT(ORÇAMENTO.BancoRef)),\"(abra o arquivo 'Referência \"&Excel_BuiltIn_Database&\".xls)\",IF(OR($C667<>\"S\",ORÇAMENTO.CodBarra=\"\"),\"(Sem Código)\",IF(ISERROR(MATCH($AE667,INDIRECT(ORÇAMENTO.BancoRef),0)),\"(Código não identificado nas referências)\",MATCH($AE667,INDIRECT(ORÇAMENTO.BancoRef),0))))","v":"(abra o arquivo 'Referência 06-2023.xls)"},{"$f":"ROUND(IF(DESONERACAO=\"sim\",REFERENCIA.Desonerado,REFERENCIA.NaoDesonerado),2)","v":0},0.23530000000000001,null,null,null,null,4673,0]
["S",2,"S",0,{"$f":"IF($C668=1,OFFSET(E668,-1,0)+MAX(1,COUNTIF(QCI!$A$13:$A$32,OFFSET(ORÇAMENTO!E668,-1,0))),OFFSET(E668,-1,0))","v":14},9,0,0,1,0,{"$f":"IF(OR($C668=\"S\",$C668=0),0,MATCH(OFFSET($D668,0,$C668)+IF($C668<>1,1,COUNTIF(QCI!$A$13:$A$32,ORÇAMENTO!E668)),OFFSET($D668,1,$C668,ROW($C$850)-ROW($C668)),0))","v":0},"F","Serviço","Serviço","14.9.1.","SINAPI","72947","SINALIZACAO HORIZONTAL COM TINTA RETRORREFLETIVA A BASE DE RESINA ACRILICA COM MICROESFERAS DE VIDRO - LINHA CONTÍNUA AMARELA","M2",{"$f":"OFFSET(CÁLCULO!H$15,ROW($T668)-ROW(T$15),0)","v":4.49},17.059999999999999,"BDI 1",{"$f":"IF($C668=\"S\",ROUND(IF(TIPOORCAMENTO=\"Proposto\",ORÇAMENTO.CustoUnitario*(1+$AH668),ORÇAMENTO.PrecoUnitarioLicitado),15-13*$AF$10),0)","v":21.07},94.6,"RA","RA",{"$f":"IF($C668=\"S\",IF($Z668=\"CP\",$X668,IF($Z668=\"RA\",(($X668)*QCI!$AA$3),0)),SomaAgrup)","v":94.6},0,{"$f":"IF($N668=\"\",\"\",IF(ORÇAMENTO.Descricao=\"\",\"DESCRIÇÃO\",IF(AND($C668=\"S\",ORÇAMENTO.Unidade=\"\"),\"UNIDADE\",IF($X668<0,\"VALOR NEGATIVO\",IF(OR(AND(TIPOORCAMENTO=\"Proposto\",$AG668<>\"\",$AG668>0,ORÇAMENTO.CustoUnitario>$AG668),AND(TIPOORCAMENTO=\"LICITADO\",ORÇAMENTO.PrecoUnitarioLicitado>$AN668)),\"ACIMA REF.\",\"\")))))","v":""},{"$f":"IF(C668<=CRONO.NivelExibicao,MAX($AD$15:OFFSET(AD668,-1,0))+IF($C668<>1,1,MAX(1,COUNTIF(QCI!$A$13:$A$32,OFFSET($E668,-1,0)))),\"\")","v":""},{"$f":"IF(AND($C668=\"S\",ORÇAMENTO.CodBarra<>\"\"),IF(ORÇAMENTO.Fonte=\"\",ORÇAMENTO.CodBarra,CONCATENATE(ORÇAMENTO.Fonte,\" \",ORÇAMENTO.CodBarra)))","v":"SINAPI 72947"},{"$f":"IF(ISERROR(INDIRECT(ORÇAMENTO.BancoRef)),\"(abra o arquivo 'Referência \"&Excel_BuiltIn_Database&\".xls)\",IF(OR($C668<>\"S\",ORÇAMENTO.CodBarra=\"\"),\"(Sem Código)\",IF(ISERROR(MATCH($AE668,INDIRECT(ORÇAMENTO.BancoRef),0)),\"(Código não identificado nas referências)\",MATCH($AE668,INDIRECT(ORÇAMENTO.BancoRef),0))))","v":"(abra o arquivo 'Referência 06-2023.xls)"},{"$f":"ROUND(IF(DESONERACAO=\"sim\",REFERENCIA.Desonerado,REFERENCIA.NaoDesonerado),2)","v":0},0.23530000000000001,null,4.49,null,null,94.6,21.07]
["S",2,"S",0,{"$f":"IF($C669=1,OFFSET(E669,-1,0)+MAX(1,COUNTIF(QCI!$A$13:$A$32,OFFSET(ORÇAMENTO!E669,-1,0))),OFFSET(E669,-1,0))","v":14},9,0,0,2,0,{"$f":"IF(OR($C669=\"S\",$C669=0),0,MATCH(OFFSET($D669,0,$C669)+IF($C669<>1,1,COUNTIF(QCI!$A$13:$A$32,ORÇAMENTO!E669)),OFFSET($D669,1,$C669,ROW($C$850)-ROW($C669)),0))","v":0},"F","Serviço","Serviço","14.9.2.","SINAPI","72947","SINALIZACAO HORIZONTAL COM TINTA RETRORREFLETIVA A BASE DE RESINA ACRILICA COM MICROESFERAS DE VIDRO - LINHA CONTÍNUA BRANCA","M2",{"$f":"OFFSET(CÁLCULO!H$15,ROW($T669)-ROW(T$15),0)","v":10.85},17.059999999999999,"BDI 1",{"$f":"IF($C669=\"S\",ROUND(IF(TIPOORCAMENTO=\"Proposto\",ORÇAMENTO.CustoUnitario*(1+$AH669),ORÇAMENTO.PrecoUnitarioLicitado),15-13*$AF$10),0)","v":21.07},228.61,"RA","RA",{"$f":"IF($C669=\"S\",IF($Z669=\"CP\",$X669,IF($Z669=\"RA\",(($X669)*QCI!$AA$3),0)),SomaAgrup)","v":228.61},0,{"$f":"IF($N669=\"\",\"\",IF(ORÇAMENTO.Descricao=\"\",\"DESCRIÇÃO\",IF(AND($C669=\"S\",ORÇAMENTO.Unidade=\"\"),\"UNIDADE\",IF($X669<0,\"VALOR NEGATIVO\",IF(OR(AND(TIPOORCAMENTO=\"Proposto\",$AG669<>\"\",$AG669>0,ORÇAMENTO.CustoUnitario>$AG669),AND(TIPOORCAMENTO=\"LICITADO\",ORÇAMENTO.PrecoUnitarioLicitado>$AN669)),\"ACIMA REF.\",\"\")))))","v":""},{"$f":"IF(C669<=CRONO.NivelExibicao,MAX($AD$15:OFFSET(AD669,-1,0))+IF($C669<>1,1,MAX(1,COUNTIF(QCI!$A$13:$A$32,OFFSET($E669,-1,0)))),\"\")","v":""},{"$f":"IF(AND($C669=\"S\",ORÇAMENTO.CodBarra<>\"\"),IF(ORÇAMENTO.Fonte=\"\",ORÇAMENTO.CodBarra,CONCATENATE(ORÇAMENTO.Fonte,\" \",ORÇAMENTO.CodBarra)))","v":"SINAPI 72947"},{"$f":"IF(ISERROR(INDIRECT(ORÇAMENTO.BancoRef)),\"(abra o arquivo 'Referência \"&Excel_BuiltIn_Database&\".xls)\",IF(OR($C669<>\"S\",ORÇAMENTO.CodBarra=\"\"),\"(Sem Código)\",IF(ISERROR(MATCH($AE669,INDIRECT(ORÇAMENTO.BancoRef),0)),\"(Código não identificado nas referências)\",MATCH($AE669,INDIRECT(ORÇAMENTO.BancoRef),0))))","v":"(abra o arquivo 'Referência 06-2023.xls)"},{"$f":"ROUND(IF(DESONERACAO=\"sim\",REFERENCIA.Desonerado,REFERENCIA.NaoDesonerado),2)","v":0},0.23530000000000001,null,10.85,null,null,228.61,21.07]
["S",2,"S",0,{"$f":"IF($C670=1,OFFSET(E670,-1,0)+MAX(1,COUNTIF(QCI!$A$13:$A$32,OFFSET(ORÇAMENTO!E670,-1,0))),OFFSET(E670,-1,0))","v":14},9,0,0,3,0,{"$f":"IF(OR($C670=\"S\",$C670=0),0,MATCH(OFFSET($D670,0,$C670)+IF($C670<>1,1,COUNTIF(QCI!$A$13:$A$32,ORÇAMENTO!E670)),OFFSET($D670,1,$C670,ROW($C$850)-ROW($C670)),0))","v":0},"F","Serviço","Serviço","14.9.3.","SINAPI","72947","SINALIZACAO HORIZONTAL COM TINTA RETRORREFLETIVA A BASE DE RESINA ACRILICA COM MICROESFERAS DE VIDRO - LINHA CONTÍNUA BRANCA","M2",{"$f":"OFFSET(CÁLCULO!H$15,ROW($T670)-ROW(T$15),0)","v":30.68},17.059999999999999,"BDI 1",{"$f":"IF($C670=\"S\",ROUND(IF(TIPOORCAMENTO=\"Proposto\",ORÇAMENTO.CustoUnitario*(1+$AH670),ORÇAMENTO.PrecoUnitarioLicitado),15-13*$AF$10),0)","v":21.07},646.42999999999995,"RA","RA",{"$f":"IF($C670=\"S\",IF($Z670=\"CP\",$X670,IF($Z670=\"RA\",(($X670)*QCI!$AA$3),0)),SomaAgrup)","v":646.42999999999995},0,{"$f":"IF($N670=\"\",\"\",IF(ORÇAMENTO.Descricao=\"\",\"DESCRIÇÃO\",IF(AND($C670=\"S\",ORÇAMENTO.Unidade=\"\"),\"UNIDADE\",IF($X670<0,\"VALOR NEGATIVO\",IF(OR(AND(TIPOORCAMENTO=\"Proposto\",$AG670<>\"\",$AG670>0,ORÇAMENTO.CustoUnitario>$AG670),AND(TIPOORCAMENTO=\"LICITADO\",ORÇAMENTO.PrecoUnitarioLicitado>$AN670)),\"ACIMA REF.\",\"\")))))","v":""},{"$f":"IF(C670<=CRONO.NivelExibicao,MAX($AD$15:OFFSET(AD670,-1,0))+IF($C670<>1,1,MAX(1,COUNTIF(QCI!$A$13:$A$32,OFFSET($E670,-1,0)))),\"\")","v":""},{"$f":"IF(AND($C670=\"S\",ORÇAMENTO.CodBarra<>\"\"),IF(ORÇAMENTO.Fonte=\"\",ORÇAMENTO.CodBarra,CONCATENATE(ORÇAMENTO.Fonte,\" \",ORÇAMENTO.CodBarra)))","v":"SINAPI 72947"},{"$f":"IF(ISERROR(INDIRECT(ORÇAMENTO.BancoRef)),\"(abra o arquivo 'Referência \"&Excel_BuiltIn_Database&\".xls)\",IF(OR($C670<>\"S\",ORÇAMENTO.CodBarra=\"\"),\"(Sem Código)\",IF(ISERROR(MATCH($AE670,INDIRECT(ORÇAMENTO.BancoRef),0)),\"(Código não identificado nas referências)\",MATCH($AE670,INDIRECT(ORÇAMENTO.BancoRef),0))))","v":"(abra o arquivo 'Referência 06-2023.xls)"},{"$f":"ROUND(IF(DESONERACAO=\"sim\",REFERENCIA.Desonerado,REFERENCIA.NaoDesonerado),2)","v":0},0.23530000000000001,null,30.68,null,null,646.42999999999995,21.07]
["S",2,"S",0,{"$f":"IF($C671=1,OFFSET(E671,-1,0)+MAX(1,COUNTIF(QCI!$A$13:$A$32,OFFSET(ORÇAMENTO!E671,-1,0))),OFFSET(E671,-1,0))","v":14},9,0,0,4,0,{"$f":"IF(OR($C671=\"S\",$C671=0),0,MATCH(OFFSET($D671,0,$C671)+IF($C671<>1,1,COUNTIF(QCI!$A$13:$A$32,ORÇAMENTO!E671)),OFFSET($D671,1,$C671,ROW($C$850)-ROW($C671)),0))","v":0},"F","Serviço","Serviço","14.9.4.","AMMOC",340,"PLACA DE SINALIZAÇÃO VIARIA CIRCULAR D = 50 CM, COM SUPORTE DE ACO GALVANIZADO D = 50 MM E ALTURA = 3M INCLUSIVE BASE DE CONCRETO MAGRO","UN",{"$f":"OFFSET(CÁLCULO!H$15,ROW($T671)-ROW(T$15),0)","v":1},365.01,"BDI 1",{"$f":"IF($C671=\"S\",ROUND(IF(TIPOORCAMENTO=\"Proposto\",ORÇAMENTO.CustoUnitario*(1+$AH671),ORÇAMENTO.PrecoUnitarioLicitado),15-13*$AF$10),0)","v":450.9},450.9,"RA","RA",{"$f":"IF($C671=\"S\",IF($Z671=\"CP\",$X671,IF($Z671=\"RA\",(($X671)*QCI!$AA$3),0)),SomaAgrup)","v":450.9},0,{"$f":"IF($N671=\"\",\"\",IF(ORÇAMENTO.Descricao=\"\",\"DESCRIÇÃO\",IF(AND($C671=\"S\",ORÇAMENTO.Unidade=\"\"),\"UNIDADE\",IF($X671<0,\"VALOR NEGATIVO\",IF(OR(AND(TIPOORCAMENTO=\"Proposto\",$AG671<>\"\",$AG671>0,ORÇAMENTO.CustoUnitario>$AG671),AND(TIPOORCAMENTO=\"LICITADO\",ORÇAMENTO.PrecoUnitarioLicitado>$AN671)),\"ACIMA REF.\",\"\")))))","v":""},{"$f":"IF(C671<=CRONO.NivelExibicao,MAX($AD$15:OFFSET(AD671,-1,0))+IF($C671<>1,1,MAX(1,COUNTIF(QCI!$A$13:$A$32,OFFSET($E671,-1,0)))),\"\")","v":""},{"$f":"IF(AND($C671=\"S\",ORÇAMENTO.CodBarra<>\"\"),IF(ORÇAMENTO.Fonte=\"\",ORÇAMENTO.CodBarra,CONCATENATE(ORÇAMENTO.Fonte,\" \",ORÇAMENTO.CodBarra)))","v":"AMMOC 340"},{"$f":"IF(ISERROR(INDIRECT(ORÇAMENTO.BancoRef)),\"(abra o arquivo 'Referência \"&Excel_BuiltIn_Database&\".xls)\",IF(OR($C671<>\"S\",ORÇAMENTO.CodBarra=\"\"),\"(Sem Código)\",IF(ISERROR(MATCH($AE671,INDIRECT(ORÇAMENTO.BancoRef),0)),\"(Código não identificado nas referências)\",MATCH($AE671,INDIRECT(ORÇAMENTO.BancoRef),0))))","v":"(abra o arquivo 'Referência 06-2023.xls)"},{"$f":"ROUND(IF(DESONERACAO=\"sim\",REFERENCIA.Desonerado,REFERENCIA.NaoDesonerado),2)","v":0},0.23530000000000001,null,1,null,null,450.9,450.9]
["S",2,"S",0,{"$f":"IF($C672=1,OFFSET(E672,-1,0)+MAX(1,COUNTIF(QCI!$A$13:$A$32,OFFSET(ORÇAMENTO!E672,-1,0))),OFFSET(E672,-1,0))","v":14},9,0,0,5,0,{"$f":"IF(OR($C672=\"S\",$C672=0),0,MATCH(OFFSET($D672,0,$C672)+IF($C672<>1,1,COUNTIF(QCI!$A$13:$A$32,ORÇAMENTO!E672)),OFFSET($D672,1,$C672,ROW($C$850)-ROW($C672)),0))","v":0},"F","Serviço","Serviço","14.9.5.","AMMOC","215","PLACA DE SINALIZACAO VIARIA OCTOGONAL A = 25 CM, COM SUPORTE DE AÇO GALVANIZADO D = 75 MM E ALTURA = 3 M, INCLUSIVE BASE DE CONCRETO MAGRO","UN ",{"$f":"OFFSET(CÁLCULO!H$15,ROW($T672)-ROW(T$15),0)","v":2},898.27,"BDI 1",{"$f":"IF($C672=\"S\",ROUND(IF(TIPOORCAMENTO=\"Proposto\",ORÇAMENTO.CustoUnitario*(1+$AH672),ORÇAMENTO.PrecoUnitarioLicitado),15-13*$AF$10),0)","v":1109.6300000000001},2219.2600000000002,"RA","RA",{"$f":"IF($C672=\"S\",IF($Z672=\"CP\",$X672,IF($Z672=\"RA\",(($X672)*QCI!$AA$3),0)),SomaAgrup)","v":2219.2600000000002},0,{"$f":"IF($N672=\"\",\"\",IF(ORÇAMENTO.Descricao=\"\",\"DESCRIÇÃO\",IF(AND($C672=\"S\",ORÇAMENTO.Unidade=\"\"),\"UNIDADE\",IF($X672<0,\"VALOR NEGATIVO\",IF(OR(AND(TIPOORCAMENTO=\"Proposto\",$AG672<>\"\",$AG672>0,ORÇAMENTO.CustoUnitario>$AG672),AND(TIPOORCAMENTO=\"LICITADO\",ORÇAMENTO.PrecoUnitarioLicitado>$AN672)),\"ACIMA REF.\",\"\")))))","v":""},{"$f":"IF(C672<=CRONO.NivelExibicao,MAX($AD$15:OFFSET(AD672,-1,0))+IF($C672<>1,1,MAX(1,COUNTIF(QCI!$A$13:$A$32,OFFSET($E672,-1,0)))),\"\")","v":""},{"$f":"IF(AND($C672=\"S\",ORÇAMENTO.CodBarra<>\"\"),IF(ORÇAMENTO.Fonte=\"\",ORÇAMENTO.CodBarra,CONCATENATE(ORÇAMENTO.Fonte,\" \",ORÇAMENTO.CodBarra)))","v":"AMMOC 215"},{"$f":"IF(ISERROR(INDIRECT(ORÇAMENTO.BancoRef)),\"(abra o arquivo 'Referência \"&Excel_BuiltIn_Database&\".xls)\",IF(OR($C672<>\"S\",ORÇAMENTO.CodBarra=\"\"),\"(Sem Código)\",IF(ISERROR(MATCH($AE672,INDIRECT(ORÇAMENTO.BancoRef),0)),\"(Código não identificado nas referências)\",MATCH($AE672,INDIRECT(ORÇAMENTO.BancoRef),0))))","v":"(abra o arquivo 'Referência 06-2023.xls)"},{"$f":"ROUND(IF(DESONERACAO=\"sim\",REFERENCIA.Desonerado,REFERENCIA.NaoDesonerado),2)","v":0},0.23530000000000001,null,2,null,null,2219.2600000000002,1109.6300000000001]
["S",2,"S",0,{"$f":"IF($C673=1,OFFSET(E673,-1,0)+MAX(1,COUNTIF(QCI!$A$13:$A$32,OFFSET(ORÇAMENTO!E673,-1,0))),OFFSET(E673,-1,0))","v":14},9,0,0,6,0,{"$f":"IF(OR($C673=\"S\",$C673=0),0,MATCH(OFFSET($D673,0,$C673)+IF($C673<>1,1,COUNTIF(QCI!$A$13:$A$32,ORÇAMENTO!E673)),OFFSET($D673,1,$C673,ROW($C$850)-ROW($C673)),0))","v":0},"F","Serviço","Serviço","14.9.6.","AMMOC","PLRUA2","PLACA DE IDENTIFICACAO DE RUA (2 PLACA 45 CM X 20 CM), COM SUPORTE DE ACO GALVANIZADO D = 50 MM E ALTURA = 3 M, INCLUSIVE BASE DE CONCRETO MAGRO","UND",{"$f":"OFFSET(CÁLCULO!H$15,ROW($T673)-ROW(T$15),0)","v":2},418.2,"BDI 1",{"$f":"IF($C673=\"S\",ROUND(IF(TIPOORCAMENTO=\"Proposto\",ORÇAMENTO.CustoUnitario*(1+$AH673),ORÇAMENTO.PrecoUnitarioLicitado),15-13*$AF$10),0)","v":516.6},1033.2,"RA","RA",{"$f":"IF($C673=\"S\",IF($Z673=\"CP\",$X673,IF($Z673=\"RA\",(($X673)*QCI!$AA$3),0)),SomaAgrup)","v":1033.2},0,{"$f":"IF($N673=\"\",\"\",IF(ORÇAMENTO.Descricao=\"\",\"DESCRIÇÃO\",IF(AND($C673=\"S\",ORÇAMENTO.Unidade=\"\"),\"UNIDADE\",IF($X673<0,\"VALOR NEGATIVO\",IF(OR(AND(TIPOORCAMENTO=\"Proposto\",$AG673<>\"\",$AG673>0,ORÇAMENTO.CustoUnitario>$AG673),AND(TIPOORCAMENTO=\"LICITADO\",ORÇAMENTO.PrecoUnitarioLicitado>$AN673)),\"ACIMA REF.\",\"\")))))","v":""},{"$f":"IF(C673<=CRONO.NivelExibicao,MAX($AD$15:OFFSET(AD673,-1,0))+IF($C673<>1,1,MAX(1,COUNTIF(QCI!$A$13:$A$32,OFFSET($E673,-1,0)))),\"\")","v":""},{"$f":"IF(AND($C673=\"S\",ORÇAMENTO.CodBarra<>\"\"),IF(ORÇAMENTO.Fonte=\"\",ORÇAMENTO.CodBarra,CONCATENATE(ORÇAMENTO.Fonte,\" \",ORÇAMENTO.CodBarra)))","v":"AMMOC PLRUA2"},{"$f":"IF(ISERROR(INDIRECT(ORÇAMENTO.BancoRef)),\"(abra o arquivo 'Referência \"&Excel_BuiltIn_Database&\".xls)\",IF(OR($C673<>\"S\",ORÇAMENTO.CodBarra=\"\"),\"(Sem Código)\",IF(ISERROR(MATCH($AE673,INDIRECT(ORÇAMENTO.BancoRef),0)),\"(Código não identificado nas referências)\",MATCH($AE673,INDIRECT(ORÇAMENTO.BancoRef),0))))","v":"(abra o arquivo 'Referência 06-2023.xls)"},{"$f":"ROUND(IF(DESONERACAO=\"sim\",REFERENCIA.Desonerado,REFERENCIA.NaoDesonerado),2)","v":0},0.23530000000000001,null,2,null,null,1033.2,516.6]
[1,1,1,39,{"$f":"IF($C674=1,OFFSET(E674,-1,0)+MAX(1,COUNTIF(QCI!$A$13:$A$32,OFFSET(ORÇAMENTO!E674,-1,0))),OFFSET(E674,-1,0))","v":15},0,0,0,0,176,{"$f":"IF(OR($C674=\"S\",$C674=0),0,MATCH(OFFSET($D674,0,$C674)+IF($C674<>1,1,COUNTIF(QCI!$A$13:$A$32,ORÇAMENTO!E674)),OFFSET($D674,1,$C674,ROW($C$850)-ROW($C674)),0))","v":39},"F","Meta","Meta","15.","SINAPI",null,"RUA ELIAS CALIARI","-",{"$f":"OFFSET(CÁLCULO!H$15,ROW($T674)-ROW(T$15),0)","v":0},0,"BDI 1",{"$f":"IF($C674=\"S\",ROUND(IF(TIPOORCAMENTO=\"Proposto\",ORÇAMENTO.CustoUnitario*(1+$AH674),ORÇAMENTO.PrecoUnitarioLicitado),15-13*$AF$10),0)","v":0},101984.96000000001,"RA","",{"$f":"IF($C674=\"S\",IF($Z674=\"CP\",$X674,IF($Z674=\"RA\",(($X674)*QCI!$AA$3),0)),SomaAgrup)","v":101984.95999999999},0,{"$f":"IF($N674=\"\",\"\",IF(ORÇAMENTO.Descricao=\"\",\"DESCRIÇÃO\",IF(AND($C674=\"S\",ORÇAMENTO.Unidade=\"\"),\"UNIDADE\",IF($X674<0,\"VALOR NEGATIVO\",IF(OR(AND(TIPOORCAMENTO=\"Proposto\",$AG674<>\"\",$AG674>0,ORÇAMENTO.CustoUnitario>$AG674),AND(TIPOORCAMENTO=\"LICITADO\",ORÇAMENTO.PrecoUnitarioLicitado>$AN674)),\"ACIMA REF.\",\"\")))))","v":""},{"$f":"IF(C674<=CRONO.NivelExibicao,MAX($AD$15:OFFSET(AD674,-1,0))+IF($C674<>1,1,MAX(1,COUNTIF(QCI!$A$13:$A$32,OFFSET($E674,-1,0)))),\"\")","v":15},{"$f":"IF(AND($C674=\"S\",ORÇAMENTO.CodBarra<>\"\"),IF(ORÇAMENTO.Fonte=\"\",ORÇAMENTO.CodBarra,CONCATENATE(ORÇAMENTO.Fonte,\" \",ORÇAMENTO.CodBarra)))","v":false},{"$f":"IF(ISERROR(INDIRECT(ORÇAMENTO.BancoRef)),\"(abra o arquivo 'Referência \"&Excel_BuiltIn_Database&\".xls)\",IF(OR($C674<>\"S\",ORÇAMENTO.CodBarra=\"\"),\"(Sem Código)\",IF(ISERROR(MATCH($AE674,INDIRECT(ORÇAMENTO.BancoRef),0)),\"(Código não identificado nas referências)\",MATCH($AE674,INDIRECT(ORÇAMENTO.BancoRef),0))))","v":"(abra o arquivo 'Referência 06-2023.xls)"},{"$f":"ROUND(IF(DESONERACAO=\"sim\",REFERENCIA.Desonerado,REFERENCIA.NaoDesonerado),2)","v":0},0.23530000000000001,null,null,null,null,101984.96000000001,0]
[2,2,2,2,{"$f":"IF($C675=1,OFFSET(E675,-1,0)+MAX(1,COUNTIF(QCI!$A$13:$A$32,OFFSET(ORÇAMENTO!E675,-1,0))),OFFSET(E675,-1,0))","v":15},1,0,0,0,38,{"$f":"IF(OR($C675=\"S\",$C675=0),0,MATCH(OFFSET($D675,0,$C675)+IF($C675<>1,1,COUNTIF(QCI!$A$13:$A$32,ORÇAMENTO!E675)),OFFSET($D675,1,$C675,ROW($C$850)-ROW($C675)),0))","v":2},"F","Nível 2","Nível 2","15.1.","SINAPI",null,"SERVIÇOS INICIAIS","-",{"$f":"OFFSET(CÁLCULO!H$15,ROW($T675)-ROW(T$15),0)","v":0},0,"BDI 1",{"$f":"IF($C675=\"S\",ROUND(IF(TIPOORCAMENTO=\"Proposto\",ORÇAMENTO.CustoUnitario*(1+$AH675),ORÇAMENTO.PrecoUnitarioLicitado),15-13*$AF$10),0)","v":0},34.909999999999997,"RA","",{"$f":"IF($C675=\"S\",IF($Z675=\"CP\",$X675,IF($Z675=\"RA\",(($X675)*QCI!$AA$3),0)),SomaAgrup)","v":34.909999999999997},0,{"$f":"IF($N675=\"\",\"\",IF(ORÇAMENTO.Descricao=\"\",\"DESCRIÇÃO\",IF(AND($C675=\"S\",ORÇAMENTO.Unidade=\"\"),\"UNIDADE\",IF($X675<0,\"VALOR NEGATIVO\",IF(OR(AND(TIPOORCAMENTO=\"Proposto\",$AG675<>\"\",$AG675>0,ORÇAMENTO.CustoUnitario>$AG675),AND(TIPOORCAMENTO=\"LICITADO\",ORÇAMENTO.PrecoUnitarioLicitado>$AN675)),\"ACIMA REF.\",\"\")))))","v":""},{"$f":"IF(C675<=CRONO.NivelExibicao,MAX($AD$15:OFFSET(AD675,-1,0))+IF($C675<>1,1,MAX(1,COUNTIF(QCI!$A$13:$A$32,OFFSET($E675,-1,0)))),\"\")","v":""},{"$f":"IF(AND($C675=\"S\",ORÇAMENTO.CodBarra<>\"\"),IF(ORÇAMENTO.Fonte=\"\",ORÇAMENTO.CodBarra,CONCATENATE(ORÇAMENTO.Fonte,\" \",ORÇAMENTO.CodBarra)))","v":false},{"$f":"IF(ISERROR(INDIRECT(ORÇAMENTO.BancoRef)),\"(abra o arquivo 'Referência \"&Excel_BuiltIn_Database&\".xls)\",IF(OR($C675<>\"S\",ORÇAMENTO.CodBarra=\"\"),\"(Sem Código)\",IF(ISERROR(MATCH($AE675,INDIRECT(ORÇAMENTO.BancoRef),0)),\"(Código não identificado nas referências)\",MATCH($AE675,INDIRECT(ORÇAMENTO.BancoRef),0))))","v":"(abra o arquivo 'Referência 06-2023.xls)"},{"$f":"ROUND(IF(DESONERACAO=\"sim\",REFERENCIA.Desonerado,REFERENCIA.NaoDesonerado),2)","v":0},0.23530000000000001,null,null,null,null,34.909999999999997,0]
["S",2,"S",0,{"$f":"IF($C676=1,OFFSET(E676,-1,0)+MAX(1,COUNTIF(QCI!$A$13:$A$32,OFFSET(ORÇAMENTO!E676,-1,0))),OFFSET(E676,-1,0))","v":15},1,0,0,1,0,{"$f":"IF(OR($C676=\"S\",$C676=0),0,MATCH(OFFSET($D676,0,$C676)+IF($C676<>1,1,COUNTIF(QCI!$A$13:$A$32,ORÇAMENTO!E676)),OFFSET($D676,1,$C676,ROW($C$850)-ROW($C676)),0))","v":0},"F","Serviço","Serviço","15.1.1.","SINAPI","99064","LOCAÇÃO DE PAVIMENTAÇÃO","M",{"$f":"OFFSET(CÁLCULO!H$15,ROW($T676)-ROW(T$15),0)","v":59.17},0.48,"BDI 1",{"$f":"IF($C676=\"S\",ROUND(IF(TIPOORCAMENTO=\"Proposto\",ORÇAMENTO.CustoUnitario*(1+$AH676),ORÇAMENTO.PrecoUnitarioLicitado),15-13*$AF$10),0)","v":0.59},34.909999999999997,"RA","RA",{"$f":"IF($C676=\"S\",IF($Z676=\"CP\",$X676,IF($Z676=\"RA\",(($X676)*QCI!$AA$3),0)),SomaAgrup)","v":34.909999999999997},0,{"$f":"IF($N676=\"\",\"\",IF(ORÇAMENTO.Descricao=\"\",\"DESCRIÇÃO\",IF(AND($C676=\"S\",ORÇAMENTO.Unidade=\"\"),\"UNIDADE\",IF($X676<0,\"VALOR NEGATIVO\",IF(OR(AND(TIPOORCAMENTO=\"Proposto\",$AG676<>\"\",$AG676>0,ORÇAMENTO.CustoUnitario>$AG676),AND(TIPOORCAMENTO=\"LICITADO\",ORÇAMENTO.PrecoUnitarioLicitado>$AN676)),\"ACIMA REF.\",\"\")))))","v":""},{"$f":"IF(C676<=CRONO.NivelExibicao,MAX($AD$15:OFFSET(AD676,-1,0))+IF($C676<>1,1,MAX(1,COUNTIF(QCI!$A$13:$A$32,OFFSET($E676,-1,0)))),\"\")","v":""},{"$f":"IF(AND($C676=\"S\",ORÇAMENTO.CodBarra<>\"\"),IF(ORÇAMENTO.Fonte=\"\",ORÇAMENTO.CodBarra,CONCATENATE(ORÇAMENTO.Fonte,\" \",ORÇAMENTO.CodBarra)))","v":"SINAPI 99064"},{"$f":"IF(ISERROR(INDIRECT(ORÇAMENTO.BancoRef)),\"(abra o arquivo 'Referência \"&Excel_BuiltIn_Database&\".xls)\",IF(OR($C676<>\"S\",ORÇAMENTO.CodBarra=\"\"),\"(Sem Código)\",IF(ISERROR(MATCH($AE676,INDIRECT(ORÇAMENTO.BancoRef),0)),\"(Código não identificado nas referências)\",MATCH($AE676,INDIRECT(ORÇAMENTO.BancoRef),0))))","v":"(abra o arquivo 'Referência 06-2023.xls)"},{"$f":"ROUND(IF(DESONERACAO=\"sim\",REFERENCIA.Desonerado,REFERENCIA.NaoDesonerado),2)","v":0},0.23530000000000001,null,59.17,null,null,34.909999999999997,0.59]
[2,2,2,2,{"$f":"IF($C677=1,OFFSET(E677,-1,0)+MAX(1,COUNTIF(QCI!$A$13:$A$32,OFFSET(ORÇAMENTO!E677,-1,0))),OFFSET(E677,-1,0))","v":15},2,0,0,0,36,{"$f":"IF(OR($C677=\"S\",$C677=0),0,MATCH(OFFSET($D677,0,$C677)+IF($C677<>1,1,COUNTIF(QCI!$A$13:$A$32,ORÇAMENTO!E677)),OFFSET($D677,1,$C677,ROW($C$850)-ROW($C677)),0))","v":2},"F","Nível 2","Nível 2","15.2.","SINAPI",null,"SINALIZAÇÃO E SEGURANÇA","-",{"$f":"OFFSET(CÁLCULO!H$15,ROW($T677)-ROW(T$15),0)","v":0},0,"BDI 1",{"$f":"IF($C677=\"S\",ROUND(IF(TIPOORCAMENTO=\"Proposto\",ORÇAMENTO.CustoUnitario*(1+$AH677),ORÇAMENTO.PrecoUnitarioLicitado),15-13*$AF$10),0)","v":0},2477.44,"RA","",{"$f":"IF($C677=\"S\",IF($Z677=\"CP\",$X677,IF($Z677=\"RA\",(($X677)*QCI!$AA$3),0)),SomaAgrup)","v":2477.44},0,{"$f":"IF($N677=\"\",\"\",IF(ORÇAMENTO.Descricao=\"\",\"DESCRIÇÃO\",IF(AND($C677=\"S\",ORÇAMENTO.Unidade=\"\"),\"UNIDADE\",IF($X677<0,\"VALOR NEGATIVO\",IF(OR(AND(TIPOORCAMENTO=\"Proposto\",$AG677<>\"\",$AG677>0,ORÇAMENTO.CustoUnitario>$AG677),AND(TIPOORCAMENTO=\"LICITADO\",ORÇAMENTO.PrecoUnitarioLicitado>$AN677)),\"ACIMA REF.\",\"\")))))","v":""},{"$f":"IF(C677<=CRONO.NivelExibicao,MAX($AD$15:OFFSET(AD677,-1,0))+IF($C677<>1,1,MAX(1,COUNTIF(QCI!$A$13:$A$32,OFFSET($E677,-1,0)))),\"\")","v":""},{"$f":"IF(AND($C677=\"S\",ORÇAMENTO.CodBarra<>\"\"),IF(ORÇAMENTO.Fonte=\"\",ORÇAMENTO.CodBarra,CONCATENATE(ORÇAMENTO.Fonte,\" \",ORÇAMENTO.CodBarra)))","v":false},{"$f":"IF(ISERROR(INDIRECT(ORÇAMENTO.BancoRef)),\"(abra o arquivo 'Referência \"&Excel_BuiltIn_Database&\".xls)\",IF(OR($C677<>\"S\",ORÇAMENTO.CodBarra=\"\"),\"(Sem Código)\",IF(ISERROR(MATCH($AE677,INDIRECT(ORÇAMENTO.BancoRef),0)),\"(Código não identificado nas referências)\",MATCH($AE677,INDIRECT(ORÇAMENTO.BancoRef),0))))","v":"(abra o arquivo 'Referência 06-2023.xls)"},{"$f":"ROUND(IF(DESONERACAO=\"sim\",REFERENCIA.Desonerado,REFERENCIA.NaoDesonerado),2)","v":0},0.23530000000000001,null,null,null,null,2477.44,0]
["S",{"$f":"IF(OR(C678=\"s\",C678=0),OFFSET(B678,-1,0),C678)","v":2},{"$f":"IF(OFFSET(C678,-1,0)=\"L\",1,IF(OFFSET(C678,-1,0)=1,2,IF(OR(A678=\"s\",A678=0),\"S\",IF(AND(OFFSET(C678,-1,0)=2,A678=4),3,IF(AND(OR(OFFSET(C678,-1,0)=\"s\",OFFSET(C678,-1,0)=0),A678<>\"s\",A678>OFFSET(B678,-1,0)),OFFSET(B678,-1,0),A678)))))","v":"S"},{"$f":"IF(OR(C678=\"S\",C678=0),0,IF(ISERROR(K678),J678,SMALL(J678:K678,1)))","v":0},{"$f":"IF($C678=1,OFFSET(E678,-1,0)+MAX(1,COUNTIF(QCI!$A$13:$A$32,OFFSET(ORÇAMENTO!E678,-1,0))),OFFSET(E678,-1,0))","v":15},{"$f":"IF($C678=1,0,IF($C678=2,OFFSET(F678,-1,0)+1,OFFSET(F678,-1,0)))","v":2},{"$f":"IF(AND($C678<=2,$C678<>0),0,IF($C678=3,OFFSET(G678,-1,0)+1,OFFSET(G678,-1,0)))","v":0},{"$f":"IF(AND($C678<=3,$C678<>0),0,IF($C678=4,OFFSET(H678,-1,0)+1,OFFSET(H678,-1,0)))","v":0},{"$f":"IF(AND($C678<=4,$C678<>0),0,IF(AND($C678=\"S\",$X678>0),OFFSET(I678,-1,0)+1,OFFSET(I678,-1,0)))","v":1},0,{"$f":"IF(OR($C678=\"S\",$C678=0),0,MATCH(OFFSET($D678,0,$C678)+IF($C678<>1,1,COUNTIF(QCI!$A$13:$A$32,ORÇAMENTO!E678)),OFFSET($D678,1,$C678,ROW($C$850)-ROW($C678)),0))","v":0},{"$f":"IF(OR($X678>0,$C678=1,$C678=2,$C678=3,$C678=4),\"F\",\"\")","v":"F"},"Serviço",{"$f":"CHOOSE(1+LOG(1+2*(C678=1)+4*(C678=2)+8*(C678=3)+16*(C678=4)+32*(C678=\"S\"),2),\"\",\"Meta\",\"Nível 2\",\"Nível 3\",\"Nível 4\",\"Serviço\")","v":"Serviço"},{"$f":"IF(OR($C678=0,$L678=\"\"),\"-\",CONCATENATE(E678&\".\",IF(AND($A$5>=2,$C678>=2),F678&\".\",\"\"),IF(AND($A$5>=3,$C678>=3),G678&\".\",\"\"),IF(AND($A$5>=4,$C678>=4),H678&\".\",\"\"),IF($C678=\"S\",I678&\".\",\"\")))","v":"15.2.1."},"AMMOC","SIN","SINALIZAÇÃO COM TELA PLASTICA TIPO TAPUME FIXADA EM CONE PLÁSTICO, INCLUINDO CONE","M",{"$f":"OFFSET(CÁLCULO!H$15,ROW($T678)-ROW(T$15),0)","v":143.87},13.94,"BDI 1",{"$f":"IF($C678=\"S\",ROUND(IF(TIPOORCAMENTO=\"Proposto\",ORÇAMENTO.CustoUnitario*(1+$AH678),ORÇAMENTO.PrecoUnitarioLicitado),15-13*$AF$10),0)","v":17.22},2477.44,"RA",{"$f":"IF(AND($C678=\"S\",$X678>0),IF(ISBLANK($Y678),\"RA\",LEFT($Y678,2)),\"\")","v":"RA"},{"$f":"IF($C678=\"S\",IF($Z678=\"CP\",$X678,IF($Z678=\"RA\",(($X678)*QCI!$AA$3),0)),SomaAgrup)","v":2477.44},0,{"$f":"IF($N678=\"\",\"\",IF(ORÇAMENTO.Descricao=\"\",\"DESCRIÇÃO\",IF(AND($C678=\"S\",ORÇAMENTO.Unidade=\"\"),\"UNIDADE\",IF($X678<0,\"VALOR NEGATIVO\",IF(OR(AND(TIPOORCAMENTO=\"Proposto\",$AG678<>\"\",$AG678>0,ORÇAMENTO.CustoUnitario>$AG678),AND(TIPOORCAMENTO=\"LICITADO\",ORÇAMENTO.PrecoUnitarioLicitado>$AN678)),\"ACIMA REF.\",\"\")))))","v":""},{"$f":"IF(C678<=CRONO.NivelExibicao,MAX($AD$15:OFFSET(AD678,-1,0))+IF($C678<>1,1,MAX(1,COUNTIF(QCI!$A$13:$A$32,OFFSET($E678,-1,0)))),\"\")","v":""},{"$f":"IF(AND($C678=\"S\",ORÇAMENTO.CodBarra<>\"\"),IF(ORÇAMENTO.Fonte=\"\",ORÇAMENTO.CodBarra,CONCATENATE(ORÇAMENTO.Fonte,\" \",ORÇAMENTO.CodBarra)))","v":"AMMOC SIN"},{"$f":"IF(ISERROR(INDIRECT(ORÇAMENTO.BancoRef)),\"(abra o arquivo 'Referência \"&Excel_BuiltIn_Database&\".xls)\",IF(OR($C678<>\"S\",ORÇAMENTO.CodBarra=\"\"),\"(Sem Código)\",IF(ISERROR(MATCH($AE678,INDIRECT(ORÇAMENTO.BancoRef),0)),\"(Código não identificado nas referências)\",MATCH($AE678,INDIRECT(ORÇAMENTO.BancoRef),0))))","v":"(abra o arquivo 'Referência 06-2023.xls)"},{"$f":"ROUND(IF(DESONERACAO=\"sim\",REFERENCIA.Desonerado,REFERENCIA.NaoDesonerado),2)","v":0},0.23530000000000001,null,143.87,null,null,{"$f":"$X678","v":2477.44},17.22]
[2,2,2,7,{"$f":"IF($C679=1,OFFSET(E679,-1,0)+MAX(1,COUNTIF(QCI!$A$13:$A$32,OFFSET(ORÇAMENTO!E679,-1,0))),OFFSET(E679,-1,0))","v":15},3,0,0,0,34,{"$f":"IF(OR($C679=\"S\",$C679=0),0,MATCH(OFFSET($D679,0,$C679)+IF($C679<>1,1,COUNTIF(QCI!$A$13:$A$32,ORÇAMENTO!E679)),OFFSET($D679,1,$C679,ROW($C$850)-ROW($C679)),0))","v":7},"F","Nível 2","Nível 2","15.3.","SINAPI",null,"ESCAVAÇÕES E MOVIMENTAÇÕES DE TERRA","-",{"$f":"OFFSET(CÁLCULO!H$15,ROW($T679)-ROW(T$15),0)","v":0},0,"BDI 1",{"$f":"IF($C679=\"S\",ROUND(IF(TIPOORCAMENTO=\"Proposto\",ORÇAMENTO.CustoUnitario*(1+$AH679),ORÇAMENTO.PrecoUnitarioLicitado),15-13*$AF$10),0)","v":0},550.85,"RA","",{"$f":"IF($C679=\"S\",IF($Z679=\"CP\",$X679,IF($Z679=\"RA\",(($X679)*QCI!$AA$3),0)),SomaAgrup)","v":550.85},0,{"$f":"IF($N679=\"\",\"\",IF(ORÇAMENTO.Descricao=\"\",\"DESCRIÇÃO\",IF(AND($C679=\"S\",ORÇAMENTO.Unidade=\"\"),\"UNIDADE\",IF($X679<0,\"VALOR NEGATIVO\",IF(OR(AND(TIPOORCAMENTO=\"Proposto\",$AG679<>\"\",$AG679>0,ORÇAMENTO.CustoUnitario>$AG679),AND(TIPOORCAMENTO=\"LICITADO\",ORÇAMENTO.PrecoUnitarioLicitado>$AN679)),\"ACIMA REF.\",\"\")))))","v":""},{"$f":"IF(C679<=CRONO.NivelExibicao,MAX($AD$15:OFFSET(AD679,-1,0))+IF($C679<>1,1,MAX(1,COUNTIF(QCI!$A$13:$A$32,OFFSET($E679,-1,0)))),\"\")","v":""},{"$f":"IF(AND($C679=\"S\",ORÇAMENTO.CodBarra<>\"\"),IF(ORÇAMENTO.Fonte=\"\",ORÇAMENTO.CodBarra,CONCATENATE(ORÇAMENTO.Fonte,\" \",ORÇAMENTO.CodBarra)))","v":false},{"$f":"IF(ISERROR(INDIRECT(ORÇAMENTO.BancoRef)),\"(abra o arquivo 'Referência \"&Excel_BuiltIn_Database&\".xls)\",IF(OR($C679<>\"S\",ORÇAMENTO.CodBarra=\"\"),\"(Sem Código)\",IF(ISERROR(MATCH($AE679,INDIRECT(ORÇAMENTO.BancoRef),0)),\"(Código não identificado nas referências)\",MATCH($AE679,INDIRECT(ORÇAMENTO.BancoRef),0))))","v":"(abra o arquivo 'Referência 06-2023.xls)"},{"$f":"ROUND(IF(DESONERACAO=\"sim\",REFERENCIA.Desonerado,REFERENCIA.NaoDesonerado),2)","v":0},0.23530000000000001,null,null,null,null,550.85,0]
["S",2,"S",0,{"$f":"IF($C680=1,OFFSET(E680,-1,0)+MAX(1,COUNTIF(QCI!$A$13:$A$32,OFFSET(ORÇAMENTO!E680,-1,0))),OFFSET(E680,-1,0))","v":15},3,0,0,1,0,{"$f":"IF(OR($C680=\"S\",$C680=0),0,MATCH(OFFSET($D680,0,$C680)+IF($C680<>1,1,COUNTIF(QCI!$A$13:$A$32,ORÇAMENTO!E680)),OFFSET($D680,1,$C680,ROW($C$850)-ROW($C680)),0))","v":0},"F","Serviço","Serviço","15.3.1.","SINAPI","102276","ESCAVAÇÃO MECANIZADA DE VALA E TALUDES EM SOLO DE 2A CATEGORIA, EM LOCAIS COM ALTO NÍVEL DE INTERFERÊNCIA","M3",{"$f":"OFFSET(CÁLCULO!H$15,ROW($T680)-ROW(T$15),0)","v":14.08},12.08,"BDI 1",{"$f":"IF($C680=\"S\",ROUND(IF(TIPOORCAMENTO=\"Proposto\",ORÇAMENTO.CustoUnitario*(1+$AH680),ORÇAMENTO.PrecoUnitarioLicitado),15-13*$AF$10),0)","v":14.92},210.07,"RA","RA",{"$f":"IF($C680=\"S\",IF($Z680=\"CP\",$X680,IF($Z680=\"RA\",(($X680)*QCI!$AA$3),0)),SomaAgrup)","v":210.07},0,{"$f":"IF($N680=\"\",\"\",IF(ORÇAMENTO.Descricao=\"\",\"DESCRIÇÃO\",IF(AND($C680=\"S\",ORÇAMENTO.Unidade=\"\"),\"UNIDADE\",IF($X680<0,\"VALOR NEGATIVO\",IF(OR(AND(TIPOORCAMENTO=\"Proposto\",$AG680<>\"\",$AG680>0,ORÇAMENTO.CustoUnitario>$AG680),AND(TIPOORCAMENTO=\"LICITADO\",ORÇAMENTO.PrecoUnitarioLicitado>$AN680)),\"ACIMA REF.\",\"\")))))","v":""},{"$f":"IF(C680<=CRONO.NivelExibicao,MAX($AD$15:OFFSET(AD680,-1,0))+IF($C680<>1,1,MAX(1,COUNTIF(QCI!$A$13:$A$32,OFFSET($E680,-1,0)))),\"\")","v":""},{"$f":"IF(AND($C680=\"S\",ORÇAMENTO.CodBarra<>\"\"),IF(ORÇAMENTO.Fonte=\"\",ORÇAMENTO.CodBarra,CONCATENATE(ORÇAMENTO.Fonte,\" \",ORÇAMENTO.CodBarra)))","v":"SINAPI 102276"},{"$f":"IF(ISERROR(INDIRECT(ORÇAMENTO.BancoRef)),\"(abra o arquivo 'Referência \"&Excel_BuiltIn_Database&\".xls)\",IF(OR($C680<>\"S\",ORÇAMENTO.CodBarra=\"\"),\"(Sem Código)\",IF(ISERROR(MATCH($AE680,INDIRECT(ORÇAMENTO.BancoRef),0)),\"(Código não identificado nas referências)\",MATCH($AE680,INDIRECT(ORÇAMENTO.BancoRef),0))))","v":"(abra o arquivo 'Referência 06-2023.xls)"},{"$f":"ROUND(IF(DESONERACAO=\"sim\",REFERENCIA.Desonerado,REFERENCIA.NaoDesonerado),2)","v":0},0.23530000000000001,null,14.08,null,null,210.07,14.92]
["S",2,"S",0,{"$f":"IF($C681=1,OFFSET(E681,-1,0)+MAX(1,COUNTIF(QCI!$A$13:$A$32,OFFSET(ORÇAMENTO!E681,-1,0))),OFFSET(E681,-1,0))","v":15},3,0,0,2,0,{"$f":"IF(OR($C681=\"S\",$C681=0),0,MATCH(OFFSET($D681,0,$C681)+IF($C681<>1,1,COUNTIF(QCI!$A$13:$A$32,ORÇAMENTO!E681)),OFFSET($D681,1,$C681,ROW($C$850)-ROW($C681)),0))","v":0},"F","Serviço","Serviço","15.3.2.","SINAPI","100978","CARGA, MANOBRA E DESCARGA DE MATERIAL REMOVIDO EM CAMINHÃO BASCULANTE - CARGA COM ESCAVADEIRA HIDRÁULICA","M3",{"$f":"OFFSET(CÁLCULO!H$15,ROW($T681)-ROW(T$15),0)","v":14.08},6.33,"BDI 1",{"$f":"IF($C681=\"S\",ROUND(IF(TIPOORCAMENTO=\"Proposto\",ORÇAMENTO.CustoUnitario*(1+$AH681),ORÇAMENTO.PrecoUnitarioLicitado),15-13*$AF$10),0)","v":7.82},110.11,"RA","RA",{"$f":"IF($C681=\"S\",IF($Z681=\"CP\",$X681,IF($Z681=\"RA\",(($X681)*QCI!$AA$3),0)),SomaAgrup)","v":110.11},0,{"$f":"IF($N681=\"\",\"\",IF(ORÇAMENTO.Descricao=\"\",\"DESCRIÇÃO\",IF(AND($C681=\"S\",ORÇAMENTO.Unidade=\"\"),\"UNIDADE\",IF($X681<0,\"VALOR NEGATIVO\",IF(OR(AND(TIPOORCAMENTO=\"Proposto\",$AG681<>\"\",$AG681>0,ORÇAMENTO.CustoUnitario>$AG681),AND(TIPOORCAMENTO=\"LICITADO\",ORÇAMENTO.PrecoUnitarioLicitado>$AN681)),\"ACIMA REF.\",\"\")))))","v":""},{"$f":"IF(C681<=CRONO.NivelExibicao,MAX($AD$15:OFFSET(AD681,-1,0))+IF($C681<>1,1,MAX(1,COUNTIF(QCI!$A$13:$A$32,OFFSET($E681,-1,0)))),\"\")","v":""},{"$f":"IF(AND($C681=\"S\",ORÇAMENTO.CodBarra<>\"\"),IF(ORÇAMENTO.Fonte=\"\",ORÇAMENTO.CodBarra,CONCATENATE(ORÇAMENTO.Fonte,\" \",ORÇAMENTO.CodBarra)))","v":"SINAPI 100978"},{"$f":"IF(ISERROR(INDIRECT(ORÇAMENTO.BancoRef)),\"(abra o arquivo 'Referência \"&Excel_BuiltIn_Database&\".xls)\",IF(OR($C681<>\"S\",ORÇAMENTO.CodBarra=\"\"),\"(Sem Código)\",IF(ISERROR(MATCH($AE681,INDIRECT(ORÇAMENTO.BancoRef),0)),\"(Código não identificado nas referências)\",MATCH($AE681,INDIRECT(ORÇAMENTO.BancoRef),0))))","v":"(abra o arquivo 'Referência 06-2023.xls)"},{"$f":"ROUND(IF(DESONERACAO=\"sim\",REFERENCIA.Desonerado,REFERENCIA.NaoDesonerado),2)","v":0},0.23530000000000001,null,{"$f":"AJ680","v":14.08},null,null,110.11,7.82]
["S",2,"S",0,{"$f":"IF($C682=1,OFFSET(E682,-1,0)+MAX(1,COUNTIF(QCI!$A$13:$A$32,OFFSET(ORÇAMENTO!E682,-1,0))),OFFSET(E682,-1,0))","v":15},3,0,0,3,0,{"$f":"IF(OR($C682=\"S\",$C682=0),0,MATCH(OFFSET($D682,0,$C682)+IF($C682<>1,1,COUNTIF(QCI!$A$13:$A$32,ORÇAMENTO!E682)),OFFSET($D682,1,$C682,ROW($C$850)-ROW($C682)),0))","v":0},"F","Serviço","Serviço","15.3.3.","SINAPI","95875","TRANSPORTE DE MATERIAL REMOVIDO COM CAMINHÃO BASCULANTE, DMT = 2 KM","M3XKM",{"$f":"OFFSET(CÁLCULO!H$15,ROW($T682)-ROW(T$15),0)","v":28.16},2.23,"BDI 1",{"$f":"IF($C682=\"S\",ROUND(IF(TIPOORCAMENTO=\"Proposto\",ORÇAMENTO.CustoUnitario*(1+$AH682),ORÇAMENTO.PrecoUnitarioLicitado),15-13*$AF$10),0)","v":2.75},77.44,"RA","RA",{"$f":"IF($C682=\"S\",IF($Z682=\"CP\",$X682,IF($Z682=\"RA\",(($X682)*QCI!$AA$3),0)),SomaAgrup)","v":77.44},0,{"$f":"IF($N682=\"\",\"\",IF(ORÇAMENTO.Descricao=\"\",\"DESCRIÇÃO\",IF(AND($C682=\"S\",ORÇAMENTO.Unidade=\"\"),\"UNIDADE\",IF($X682<0,\"VALOR NEGATIVO\",IF(OR(AND(TIPOORCAMENTO=\"Proposto\",$AG682<>\"\",$AG682>0,ORÇAMENTO.CustoUnitario>$AG682),AND(TIPOORCAMENTO=\"LICITADO\",ORÇAMENTO.PrecoUnitarioLicitado>$AN682)),\"ACIMA REF.\",\"\")))))","v":""},{"$f":"IF(C682<=CRONO.NivelExibicao,MAX($AD$15:OFFSET(AD682,-1,0))+IF($C682<>1,1,MAX(1,COUNTIF(QCI!$A$13:$A$32,OFFSET($E682,-1,0)))),\"\")","v":""},{"$f":"IF(AND($C682=\"S\",ORÇAMENTO.CodBarra<>\"\"),IF(ORÇAMENTO.Fonte=\"\",ORÇAMENTO.CodBarra,CONCATENATE(ORÇAMENTO.Fonte,\" \",ORÇAMENTO.CodBarra)))","v":"SINAPI 95875"},{"$f":"IF(ISERROR(INDIRECT(ORÇAMENTO.BancoRef)),\"(abra o arquivo 'Referência \"&Excel_BuiltIn_Database&\".xls)\",IF(OR($C682<>\"S\",ORÇAMENTO.CodBarra=\"\"),\"(Sem Código)\",IF(ISERROR(MATCH($AE682,INDIRECT(ORÇAMENTO.BancoRef),0)),\"(Código não identificado nas referências)\",MATCH($AE682,INDIRECT(ORÇAMENTO.BancoRef),0))))","v":"(abra o arquivo 'Referência 06-2023.xls)"},{"$f":"ROUND(IF(DESONERACAO=\"sim\",REFERENCIA.Desonerado,REFERENCIA.NaoDesonerado),2)","v":0},0.23530000000000001,null,{"$f":"AJ681*2","v":28.16},null,null,77.44,2.75]
["S",2,"S",0,{"$f":"IF($C683=1,OFFSET(E683,-1,0)+MAX(1,COUNTIF(QCI!$A$13:$A$32,OFFSET(ORÇAMENTO!E683,-1,0))),OFFSET(E683,-1,0))","v":15},3,0,0,4,0,{"$f":"IF(OR($C683=\"S\",$C683=0),0,MATCH(OFFSET($D683,0,$C683)+IF($C683<>1,1,COUNTIF(QCI!$A$13:$A$32,ORÇAMENTO!E683)),OFFSET($D683,1,$C683,ROW($C$850)-ROW($C683)),0))","v":0},"F","Serviço","Serviço","15.3.4.","SINAPI","102355","DESMONTE DE BLOCOS DE ROCHA COM MARTELETE PNEUMÁTICO","M3",{"$f":"OFFSET(CÁLCULO!H$15,ROW($T683)-ROW(T$15),0)","v":0.7},166.39,"BDI 1",{"$f":"IF($C683=\"S\",ROUND(IF(TIPOORCAMENTO=\"Proposto\",ORÇAMENTO.CustoUnitario*(1+$AH683),ORÇAMENTO.PrecoUnitarioLicitado),15-13*$AF$10),0)","v":205.54},143.88,"RA","RA",{"$f":"IF($C683=\"S\",IF($Z683=\"CP\",$X683,IF($Z683=\"RA\",(($X683)*QCI!$AA$3),0)),SomaAgrup)","v":143.88},0,{"$f":"IF($N683=\"\",\"\",IF(ORÇAMENTO.Descricao=\"\",\"DESCRIÇÃO\",IF(AND($C683=\"S\",ORÇAMENTO.Unidade=\"\"),\"UNIDADE\",IF($X683<0,\"VALOR NEGATIVO\",IF(OR(AND(TIPOORCAMENTO=\"Proposto\",$AG683<>\"\",$AG683>0,ORÇAMENTO.CustoUnitario>$AG683),AND(TIPOORCAMENTO=\"LICITADO\",ORÇAMENTO.PrecoUnitarioLicitado>$AN683)),\"ACIMA REF.\",\"\")))))","v":""},{"$f":"IF(C683<=CRONO.NivelExibicao,MAX($AD$15:OFFSET(AD683,-1,0))+IF($C683<>1,1,MAX(1,COUNTIF(QCI!$A$13:$A$32,OFFSET($E683,-1,0)))),\"\")","v":""},{"$f":"IF(AND($C683=\"S\",ORÇAMENTO.CodBarra<>\"\"),IF(ORÇAMENTO.Fonte=\"\",ORÇAMENTO.CodBarra,CONCATENATE(ORÇAMENTO.Fonte,\" \",ORÇAMENTO.CodBarra)))","v":"SINAPI 102355"},{"$f":"IF(ISERROR(INDIRECT(ORÇAMENTO.BancoRef)),\"(abra o arquivo 'Referência \"&Excel_BuiltIn_Database&\".xls)\",IF(OR($C683<>\"S\",ORÇAMENTO.CodBarra=\"\"),\"(Sem Código)\",IF(ISERROR(MATCH($AE683,INDIRECT(ORÇAMENTO.BancoRef),0)),\"(Código não identificado nas referências)\",MATCH($AE683,INDIRECT(ORÇAMENTO.BancoRef),0))))","v":"(abra o arquivo 'Referência 06-2023.xls)"},{"$f":"ROUND(IF(DESONERACAO=\"sim\",REFERENCIA.Desonerado,REFERENCIA.NaoDesonerado),2)","v":0},0.23530000000000001,null,{"$f":"AJ680*0.05","v":0.70400000000000007},null,null,143.88,205.54]
["S",2,"S",0,{"$f":"IF($C684=1,OFFSET(E684,-1,0)+MAX(1,COUNTIF(QCI!$A$13:$A$32,OFFSET(ORÇAMENTO!E684,-1,0))),OFFSET(E684,-1,0))","v":15},3,0,0,5,0,{"$f":"IF(OR($C684=\"S\",$C684=0),0,MATCH(OFFSET($D684,0,$C684)+IF($C684<>1,1,COUNTIF(QCI!$A$13:$A$32,ORÇAMENTO!E684)),OFFSET($D684,1,$C684,ROW($C$850)-ROW($C684)),0))","v":0},"F","Serviço","Serviço","15.3.5.","SINAPI","100978","CARGA, MANOBRA E DESCARGA DE MATERIAL REMOVIDO EM CAMINHÃO BASCULANTE - CARGA COM ESCAVADEIRA HIDRÁULICA","M3",{"$f":"OFFSET(CÁLCULO!H$15,ROW($T684)-ROW(T$15),0)","v":0.7},6.33,"BDI 1",{"$f":"IF($C684=\"S\",ROUND(IF(TIPOORCAMENTO=\"Proposto\",ORÇAMENTO.CustoUnitario*(1+$AH684),ORÇAMENTO.PrecoUnitarioLicitado),15-13*$AF$10),0)","v":7.82},5.47,"RA","RA",{"$f":"IF($C684=\"S\",IF($Z684=\"CP\",$X684,IF($Z684=\"RA\",(($X684)*QCI!$AA$3),0)),SomaAgrup)","v":5.47},0,{"$f":"IF($N684=\"\",\"\",IF(ORÇAMENTO.Descricao=\"\",\"DESCRIÇÃO\",IF(AND($C684=\"S\",ORÇAMENTO.Unidade=\"\"),\"UNIDADE\",IF($X684<0,\"VALOR NEGATIVO\",IF(OR(AND(TIPOORCAMENTO=\"Proposto\",$AG684<>\"\",$AG684>0,ORÇAMENTO.CustoUnitario>$AG684),AND(TIPOORCAMENTO=\"LICITADO\",ORÇAMENTO.PrecoUnitarioLicitado>$AN684)),\"ACIMA REF.\",\"\")))))","v":""},{"$f":"IF(C684<=CRONO.NivelExibicao,MAX($AD$15:OFFSET(AD684,-1,0))+IF($C684<>1,1,MAX(1,COUNTIF(QCI!$A$13:$A$32,OFFSET($E684,-1,0)))),\"\")","v":""},{"$f":"IF(AND($C684=\"S\",ORÇAMENTO.CodBarra<>\"\"),IF(ORÇAMENTO.Fonte=\"\",ORÇAMENTO.CodBarra,CONCATENATE(ORÇAMENTO.Fonte,\" \",ORÇAMENTO.CodBarra)))","v":"SINAPI 100978"},{"$f":"IF(ISERROR(INDIRECT(ORÇAMENTO.BancoRef)),\"(abra o arquivo 'Referência \"&Excel_BuiltIn_Database&\".xls)\",IF(OR($C684<>\"S\",ORÇAMENTO.CodBarra=\"\"),\"(Sem Código)\",IF(ISERROR(MATCH($AE684,INDIRECT(ORÇAMENTO.BancoRef),0)),\"(Código não identificado nas referências)\",MATCH($AE684,INDIRECT(ORÇAMENTO.BancoRef),0))))","v":"(abra o arquivo 'Referência 06-2023.xls)"},{"$f":"ROUND(IF(DESONERACAO=\"sim\",REFERENCIA.Desonerado,REFERENCIA.NaoDesonerado),2)","v":0},0.23530000000000001,null,{"$f":"AJ683","v":0.70400000000000007},null,null,5.47,7.82]
["S",2,"S",0,{"$f":"IF($C685=1,OFFSET(E685,-1,0)+MAX(1,COUNTIF(QCI!$A$13:$A$32,OFFSET(ORÇAMENTO!E685,-1,0))),OFFSET(E685,-1,0))","v":15},3,0,0,6,0,{"$f":"IF(OR($C685=\"S\",$C685=0),0,MATCH(OFFSET($D685,0,$C685)+IF($C685<>1,1,COUNTIF(QCI!$A$13:$A$32,ORÇAMENTO!E685)),OFFSET($D685,1,$C685,ROW($C$850)-ROW($C685)),0))","v":0},"F","Serviço","Serviço","15.3.6.","SINAPI","95875","TRANSPORTE DE MATERIAL REMOVIDO COM CAMINHÃO BASCULANTE, DMT = 2 KM","M3XKM",{"$f":"OFFSET(CÁLCULO!H$15,ROW($T685)-ROW(T$15),0)","v":1.41},2.23,"BDI 1",{"$f":"IF($C685=\"S\",ROUND(IF(TIPOORCAMENTO=\"Proposto\",ORÇAMENTO.CustoUnitario*(1+$AH685),ORÇAMENTO.PrecoUnitarioLicitado),15-13*$AF$10),0)","v":2.75},3.88,"RA","RA",{"$f":"IF($C685=\"S\",IF($Z685=\"CP\",$X685,IF($Z685=\"RA\",(($X685)*QCI!$AA$3),0)),SomaAgrup)","v":3.88},0,{"$f":"IF($N685=\"\",\"\",IF(ORÇAMENTO.Descricao=\"\",\"DESCRIÇÃO\",IF(AND($C685=\"S\",ORÇAMENTO.Unidade=\"\"),\"UNIDADE\",IF($X685<0,\"VALOR NEGATIVO\",IF(OR(AND(TIPOORCAMENTO=\"Proposto\",$AG685<>\"\",$AG685>0,ORÇAMENTO.CustoUnitario>$AG685),AND(TIPOORCAMENTO=\"LICITADO\",ORÇAMENTO.PrecoUnitarioLicitado>$AN685)),\"ACIMA REF.\",\"\")))))","v":""},{"$f":"IF(C685<=CRONO.NivelExibicao,MAX($AD$15:OFFSET(AD685,-1,0))+IF($C685<>1,1,MAX(1,COUNTIF(QCI!$A$13:$A$32,OFFSET($E685,-1,0)))),\"\")","v":""},{"$f":"IF(AND($C685=\"S\",ORÇAMENTO.CodBarra<>\"\"),IF(ORÇAMENTO.Fonte=\"\",ORÇAMENTO.CodBarra,CONCATENATE(ORÇAMENTO.Fonte,\" \",ORÇAMENTO.CodBarra)))","v":"SINAPI 95875"},{"$f":"IF(ISERROR(INDIRECT(ORÇAMENTO.BancoRef)),\"(abra o arquivo 'Referência \"&Excel_BuiltIn_Database&\".xls)\",IF(OR($C685<>\"S\",ORÇAMENTO.CodBarra=\"\"),\"(Sem Código)\",IF(ISERROR(MATCH($AE685,INDIRECT(ORÇAMENTO.BancoRef),0)),\"(Código não identificado nas referências)\",MATCH($AE685,INDIRECT(ORÇAMENTO.BancoRef),0))))","v":"(abra o arquivo 'Referência 06-2023.xls)"},{"$f":"ROUND(IF(DESONERACAO=\"sim\",REFERENCIA.Desonerado,REFERENCIA.NaoDesonerado),2)","v":0},0.23530000000000001,null,{"$f":"AJ684*2","v":1.4080000000000001},null,null,3.88,2.75]
[2,2,2,3,{"$f":"IF($C686=1,OFFSET(E686,-1,0)+MAX(1,COUNTIF(QCI!$A$13:$A$32,OFFSET(ORÇAMENTO!E686,-1,0))),OFFSET(E686,-1,0))","v":15},4,0,0,0,27,{"$f":"IF(OR($C686=\"S\",$C686=0),0,MATCH(OFFSET($D686,0,$C686)+IF($C686<>1,1,COUNTIF(QCI!$A$13:$A$32,ORÇAMENTO!E686)),OFFSET($D686,1,$C686,ROW($C$850)-ROW($C686)),0))","v":3},"F","Nível 2","Nível 2","15.4.","SINAPI",null,"DRENAGEM","-",{"$f":"OFFSET(CÁLCULO!H$15,ROW($T686)-ROW(T$15),0)","v":0},0,"BDI 1",{"$f":"IF($C686=\"S\",ROUND(IF(TIPOORCAMENTO=\"Proposto\",ORÇAMENTO.CustoUnitario*(1+$AH686),ORÇAMENTO.PrecoUnitarioLicitado),15-13*$AF$10),0)","v":0},11684.19,"RA","",{"$f":"IF($C686=\"S\",IF($Z686=\"CP\",$X686,IF($Z686=\"RA\",(($X686)*QCI!$AA$3),0)),SomaAgrup)","v":11684.19},0,{"$f":"IF($N686=\"\",\"\",IF(ORÇAMENTO.Descricao=\"\",\"DESCRIÇÃO\",IF(AND($C686=\"S\",ORÇAMENTO.Unidade=\"\"),\"UNIDADE\",IF($X686<0,\"VALOR NEGATIVO\",IF(OR(AND(TIPOORCAMENTO=\"Proposto\",$AG686<>\"\",$AG686>0,ORÇAMENTO.CustoUnitario>$AG686),AND(TIPOORCAMENTO=\"LICITADO\",ORÇAMENTO.PrecoUnitarioLicitado>$AN686)),\"ACIMA REF.\",\"\")))))","v":""},{"$f":"IF(C686<=CRONO.NivelExibicao,MAX($AD$15:OFFSET(AD686,-1,0))+IF($C686<>1,1,MAX(1,COUNTIF(QCI!$A$13:$A$32,OFFSET($E686,-1,0)))),\"\")","v":""},{"$f":"IF(AND($C686=\"S\",ORÇAMENTO.CodBarra<>\"\"),IF(ORÇAMENTO.Fonte=\"\",ORÇAMENTO.CodBarra,CONCATENATE(ORÇAMENTO.Fonte,\" \",ORÇAMENTO.CodBarra)))","v":false},{"$f":"IF(ISERROR(INDIRECT(ORÇAMENTO.BancoRef)),\"(abra o arquivo 'Referência \"&Excel_BuiltIn_Database&\".xls)\",IF(OR($C686<>\"S\",ORÇAMENTO.CodBarra=\"\"),\"(Sem Código)\",IF(ISERROR(MATCH($AE686,INDIRECT(ORÇAMENTO.BancoRef),0)),\"(Código não identificado nas referências)\",MATCH($AE686,INDIRECT(ORÇAMENTO.BancoRef),0))))","v":"(abra o arquivo 'Referência 06-2023.xls)"},{"$f":"ROUND(IF(DESONERACAO=\"sim\",REFERENCIA.Desonerado,REFERENCIA.NaoDesonerado),2)","v":0},0.23530000000000001,null,null,null,null,11684.19,0]
["S",2,"S",0,{"$f":"IF($C687=1,OFFSET(E687,-1,0)+MAX(1,COUNTIF(QCI!$A$13:$A$32,OFFSET(ORÇAMENTO!E687,-1,0))),OFFSET(E687,-1,0))","v":15},4,0,0,1,0,{"$f":"IF(OR($C687=\"S\",$C687=0),0,MATCH(OFFSET($D687,0,$C687)+IF($C687<>1,1,COUNTIF(QCI!$A$13:$A$32,ORÇAMENTO!E687)),OFFSET($D687,1,$C687,ROW($C$850)-ROW($C687)),0))","v":0},"F","Serviço","Serviço","15.4.1.","AMMOC","BL01","BOCA DE LOBO EM CONCRETO ARMADO E GRADE DE AÇO EM BARRA DE FERRO CHATA 0,70M X 1,00M - TIPO 1 ","UND",{"$f":"OFFSET(CÁLCULO!H$15,ROW($T687)-ROW(T$15),0)","v":3},2617.0700000000002,"BDI 1",{"$f":"IF($C687=\"S\",ROUND(IF(TIPOORCAMENTO=\"Proposto\",ORÇAMENTO.CustoUnitario*(1+$AH687),ORÇAMENTO.PrecoUnitarioLicitado),15-13*$AF$10),0)","v":3232.87},9698.61,"RA","RA",{"$f":"IF($C687=\"S\",IF($Z687=\"CP\",$X687,IF($Z687=\"RA\",(($X687)*QCI!$AA$3),0)),SomaAgrup)","v":9698.61},0,{"$f":"IF($N687=\"\",\"\",IF(ORÇAMENTO.Descricao=\"\",\"DESCRIÇÃO\",IF(AND($C687=\"S\",ORÇAMENTO.Unidade=\"\"),\"UNIDADE\",IF($X687<0,\"VALOR NEGATIVO\",IF(OR(AND(TIPOORCAMENTO=\"Proposto\",$AG687<>\"\",$AG687>0,ORÇAMENTO.CustoUnitario>$AG687),AND(TIPOORCAMENTO=\"LICITADO\",ORÇAMENTO.PrecoUnitarioLicitado>$AN687)),\"ACIMA REF.\",\"\")))))","v":""},{"$f":"IF(C687<=CRONO.NivelExibicao,MAX($AD$15:OFFSET(AD687,-1,0))+IF($C687<>1,1,MAX(1,COUNTIF(QCI!$A$13:$A$32,OFFSET($E687,-1,0)))),\"\")","v":""},{"$f":"IF(AND($C687=\"S\",ORÇAMENTO.CodBarra<>\"\"),IF(ORÇAMENTO.Fonte=\"\",ORÇAMENTO.CodBarra,CONCATENATE(ORÇAMENTO.Fonte,\" \",ORÇAMENTO.CodBarra)))","v":"AMMOC BL01"},{"$f":"IF(ISERROR(INDIRECT(ORÇAMENTO.BancoRef)),\"(abra o arquivo 'Referência \"&Excel_BuiltIn_Database&\".xls)\",IF(OR($C687<>\"S\",ORÇAMENTO.CodBarra=\"\"),\"(Sem Código)\",IF(ISERROR(MATCH($AE687,INDIRECT(ORÇAMENTO.BancoRef),0)),\"(Código não identificado nas referências)\",MATCH($AE687,INDIRECT(ORÇAMENTO.BancoRef),0))))","v":"(abra o arquivo 'Referência 06-2023.xls)"},{"$f":"ROUND(IF(DESONERACAO=\"sim\",REFERENCIA.Desonerado,REFERENCIA.NaoDesonerado),2)","v":0},0.23530000000000001,null,3,null,null,9698.61,3232.87]
["S",2,"S",0,{"$f":"IF($C688=1,OFFSET(E688,-1,0)+MAX(1,COUNTIF(QCI!$A$13:$A$32,OFFSET(ORÇAMENTO!E688,-1,0))),OFFSET(E688,-1,0))","v":15},4,0,0,2,0,{"$f":"IF(OR($C688=\"S\",$C688=0),0,MATCH(OFFSET($D688,0,$C688)+IF($C688<>1,1,COUNTIF(QCI!$A$13:$A$32,ORÇAMENTO!E688)),OFFSET($D688,1,$C688,ROW($C$850)-ROW($C688)),0))","v":0},"F","Serviço","Serviço","15.4.2.","SINAPI","92219","TUBO DE CONCRETO PARA REDES COLETORAS DE ÁGUAS PLUVIAIS, DIÂMETRO DE 400 MM, JUNTA ENVOLTA EM MANTA GEOTÊXTIL, INSTALADO EM LOCAL COM ALTO NÍVEL DE INTERFERÊNCIAS - FORNECIMENTO E ASSENTAMENTO","M",{"$f":"OFFSET(CÁLCULO!H$15,ROW($T688)-ROW(T$15),0)","v":9},178.6,"BDI 1",{"$f":"IF($C688=\"S\",ROUND(IF(TIPOORCAMENTO=\"Proposto\",ORÇAMENTO.CustoUnitario*(1+$AH688),ORÇAMENTO.PrecoUnitarioLicitado),15-13*$AF$10),0)","v":220.62},1985.58,"RA","RA",{"$f":"IF($C688=\"S\",IF($Z688=\"CP\",$X688,IF($Z688=\"RA\",(($X688)*QCI!$AA$3),0)),SomaAgrup)","v":1985.58},0,{"$f":"IF($N688=\"\",\"\",IF(ORÇAMENTO.Descricao=\"\",\"DESCRIÇÃO\",IF(AND($C688=\"S\",ORÇAMENTO.Unidade=\"\"),\"UNIDADE\",IF($X688<0,\"VALOR NEGATIVO\",IF(OR(AND(TIPOORCAMENTO=\"Proposto\",$AG688<>\"\",$AG688>0,ORÇAMENTO.CustoUnitario>$AG688),AND(TIPOORCAMENTO=\"LICITADO\",ORÇAMENTO.PrecoUnitarioLicitado>$AN688)),\"ACIMA REF.\",\"\")))))","v":""},{"$f":"IF(C688<=CRONO.NivelExibicao,MAX($AD$15:OFFSET(AD688,-1,0))+IF($C688<>1,1,MAX(1,COUNTIF(QCI!$A$13:$A$32,OFFSET($E688,-1,0)))),\"\")","v":""},{"$f":"IF(AND($C688=\"S\",ORÇAMENTO.CodBarra<>\"\"),IF(ORÇAMENTO.Fonte=\"\",ORÇAMENTO.CodBarra,CONCATENATE(ORÇAMENTO.Fonte,\" \",ORÇAMENTO.CodBarra)))","v":"SINAPI 92219"},{"$f":"IF(ISERROR(INDIRECT(ORÇAMENTO.BancoRef)),\"(abra o arquivo 'Referência \"&Excel_BuiltIn_Database&\".xls)\",IF(OR($C688<>\"S\",ORÇAMENTO.CodBarra=\"\"),\"(Sem Código)\",IF(ISERROR(MATCH($AE688,INDIRECT(ORÇAMENTO.BancoRef),0)),\"(Código não identificado nas referências)\",MATCH($AE688,INDIRECT(ORÇAMENTO.BancoRef),0))))","v":"(abra o arquivo 'Referência 06-2023.xls)"},{"$f":"ROUND(IF(DESONERACAO=\"sim\",REFERENCIA.Desonerado,REFERENCIA.NaoDesonerado),2)","v":0},0.23530000000000001,null,9,null,null,1985.58,220.62]
[{"$f":"CHOOSE(1+LOG(1+2*(ORÇAMENTO.Nivel=\"Meta\")+4*(ORÇAMENTO.Nivel=\"Nível 2\")+8*(ORÇAMENTO.Nivel=\"Nível 3\")+16*(ORÇAMENTO.Nivel=\"Nível 4\")+32*(ORÇAMENTO.Nivel=\"Serviço\"),2),0,1,2,3,4,\"S\")","v":2},2,2,4,{"$f":"IF($C689=1,OFFSET(E689,-1,0)+MAX(1,COUNTIF(QCI!$A$13:$A$32,OFFSET(ORÇAMENTO!E689,-1,0))),OFFSET(E689,-1,0))","v":15},5,0,0,0,24,{"$f":"IF(OR($C689=\"S\",$C689=0),0,MATCH(OFFSET($D689,0,$C689)+IF($C689<>1,1,COUNTIF(QCI!$A$13:$A$32,ORÇAMENTO!E689)),OFFSET($D689,1,$C689,ROW($C$850)-ROW($C689)),0))","v":4},"F","Nível 2","Nível 2","15.5.","SINAPI",null,"REATERROS","-",{"$f":"OFFSET(CÁLCULO!H$15,ROW($T689)-ROW(T$15),0)","v":0},0,"BDI 1",{"$f":"IF($C689=\"S\",ROUND(IF(TIPOORCAMENTO=\"Proposto\",ORÇAMENTO.CustoUnitario*(1+$AH689),ORÇAMENTO.PrecoUnitarioLicitado),15-13*$AF$10),0)","v":0},{"$f":"IF($C689=\"S\",VTOTAL1,IF($C689=0,0,ROUND(SomaAgrup,15-13*$AF$11)))","v":1478.81},"RA","",{"$f":"IF($C689=\"S\",IF($Z689=\"CP\",$X689,IF($Z689=\"RA\",(($X689)*QCI!$AA$3),0)),SomaAgrup)","v":1478.81},{"$f":"IF($C689=\"S\",IF($Z689=\"OU\",ROUND($X689,2),0),SomaAgrup)","v":0},{"$f":"IF($N689=\"\",\"\",IF(ORÇAMENTO.Descricao=\"\",\"DESCRIÇÃO\",IF(AND($C689=\"S\",ORÇAMENTO.Unidade=\"\"),\"UNIDADE\",IF($X689<0,\"VALOR NEGATIVO\",IF(OR(AND(TIPOORCAMENTO=\"Proposto\",$AG689<>\"\",$AG689>0,ORÇAMENTO.CustoUnitario>$AG689),AND(TIPOORCAMENTO=\"LICITADO\",ORÇAMENTO.PrecoUnitarioLicitado>$AN689)),\"ACIMA REF.\",\"\")))))","v":""},{"$f":"IF(C689<=CRONO.NivelExibicao,MAX($AD$15:OFFSET(AD689,-1,0))+IF($C689<>1,1,MAX(1,COUNTIF(QCI!$A$13:$A$32,OFFSET($E689,-1,0)))),\"\")","v":""},{"$f":"IF(AND($C689=\"S\",ORÇAMENTO.CodBarra<>\"\"),IF(ORÇAMENTO.Fonte=\"\",ORÇAMENTO.CodBarra,CONCATENATE(ORÇAMENTO.Fonte,\" \",ORÇAMENTO.CodBarra)))","v":false},{"$f":"IF(ISERROR(INDIRECT(ORÇAMENTO.BancoRef)),\"(abra o arquivo 'Referência \"&Excel_BuiltIn_Database&\".xls)\",IF(OR($C689<>\"S\",ORÇAMENTO.CodBarra=\"\"),\"(Sem Código)\",IF(ISERROR(MATCH($AE689,INDIRECT(ORÇAMENTO.BancoRef),0)),\"(Código não identificado nas referências)\",MATCH($AE689,INDIRECT(ORÇAMENTO.BancoRef),0))))","v":"(abra o arquivo 'Referência 06-2023.xls)"},{"$f":"ROUND(IF(DESONERACAO=\"sim\",REFERENCIA.Desonerado,REFERENCIA.NaoDesonerado),2)","v":0},{"$f":"ROUND(IF(ISNUMBER(ORÇAMENTO.OpcaoBDI),ORÇAMENTO.OpcaoBDI,IF(LEFT(ORÇAMENTO.OpcaoBDI,3)=\"BDI\",HLOOKUP(ORÇAMENTO.OpcaoBDI,$F$4:$H$5,2,FALSE),0)),15-11*$AF$9)","v":0.23530000000000001},null,null,null,null,1478.81,{"$f":"ROUND(ORÇAMENTO.CustoUnitario*(1+$AH689),2)","v":0}]
["S",2,"S",0,{"$f":"IF($C690=1,OFFSET(E690,-1,0)+MAX(1,COUNTIF(QCI!$A$13:$A$32,OFFSET(ORÇAMENTO!E690,-1,0))),OFFSET(E690,-1,0))","v":15},5,0,0,1,0,{"$f":"IF(OR($C690=\"S\",$C690=0),0,MATCH(OFFSET($D690,0,$C690)+IF($C690<>1,1,COUNTIF(QCI!$A$13:$A$32,ORÇAMENTO!E690)),OFFSET($D690,1,$C690,ROW($C$850)-ROW($C690)),0))","v":0},"F","Serviço","Serviço","15.5.1.","SINAPI-I","4718","PEDRA BRITADA N. 2 (19 A 38 MM) PARA REATERRO DE VALAS","M3    ",{"$f":"OFFSET(CÁLCULO!H$15,ROW($T690)-ROW(T$15),0)","v":7.56},107.5,"BDI 1",{"$f":"IF($C690=\"S\",ROUND(IF(TIPOORCAMENTO=\"Proposto\",ORÇAMENTO.CustoUnitario*(1+$AH690),ORÇAMENTO.PrecoUnitarioLicitado),15-13*$AF$10),0)","v":132.79},1003.89,"RA","RA",{"$f":"IF($C690=\"S\",IF($Z690=\"CP\",$X690,IF($Z690=\"RA\",(($X690)*QCI!$AA$3),0)),SomaAgrup)","v":1003.89},0,{"$f":"IF($N690=\"\",\"\",IF(ORÇAMENTO.Descricao=\"\",\"DESCRIÇÃO\",IF(AND($C690=\"S\",ORÇAMENTO.Unidade=\"\"),\"UNIDADE\",IF($X690<0,\"VALOR NEGATIVO\",IF(OR(AND(TIPOORCAMENTO=\"Proposto\",$AG690<>\"\",$AG690>0,ORÇAMENTO.CustoUnitario>$AG690),AND(TIPOORCAMENTO=\"LICITADO\",ORÇAMENTO.PrecoUnitarioLicitado>$AN690)),\"ACIMA REF.\",\"\")))))","v":""},{"$f":"IF(C690<=CRONO.NivelExibicao,MAX($AD$15:OFFSET(AD690,-1,0))+IF($C690<>1,1,MAX(1,COUNTIF(QCI!$A$13:$A$32,OFFSET($E690,-1,0)))),\"\")","v":""},{"$f":"IF(AND($C690=\"S\",ORÇAMENTO.CodBarra<>\"\"),IF(ORÇAMENTO.Fonte=\"\",ORÇAMENTO.CodBarra,CONCATENATE(ORÇAMENTO.Fonte,\" \",ORÇAMENTO.CodBarra)))","v":"SINAPI-I 4718"},{"$f":"IF(ISERROR(INDIRECT(ORÇAMENTO.BancoRef)),\"(abra o arquivo 'Referência \"&Excel_BuiltIn_Database&\".xls)\",IF(OR($C690<>\"S\",ORÇAMENTO.CodBarra=\"\"),\"(Sem Código)\",IF(ISERROR(MATCH($AE690,INDIRECT(ORÇAMENTO.BancoRef),0)),\"(Código não identificado nas referências)\",MATCH($AE690,INDIRECT(ORÇAMENTO.BancoRef),0))))","v":"(abra o arquivo 'Referência 06-2023.xls)"},{"$f":"ROUND(IF(DESONERACAO=\"sim\",REFERENCIA.Desonerado,REFERENCIA.NaoDesonerado),2)","v":0},0.23530000000000001,null,7.56,null,null,1003.89,132.79]
["S",{"$f":"IF(OR(C691=\"s\",C691=0),OFFSET(B691,-1,0),C691)","v":2},{"$f":"IF(OFFSET(C691,-1,0)=\"L\",1,IF(OFFSET(C691,-1,0)=1,2,IF(OR(A691=\"s\",A691=0),\"S\",IF(AND(OFFSET(C691,-1,0)=2,A691=4),3,IF(AND(OR(OFFSET(C691,-1,0)=\"s\",OFFSET(C691,-1,0)=0),A691<>\"s\",A691>OFFSET(B691,-1,0)),OFFSET(B691,-1,0),A691)))))","v":"S"},{"$f":"IF(OR(C691=\"S\",C691=0),0,IF(ISERROR(K691),J691,SMALL(J691:K691,1)))","v":0},{"$f":"IF($C691=1,OFFSET(E691,-1,0)+MAX(1,COUNTIF(QCI!$A$13:$A$32,OFFSET(ORÇAMENTO!E691,-1,0))),OFFSET(E691,-1,0))","v":15},{"$f":"IF($C691=1,0,IF($C691=2,OFFSET(F691,-1,0)+1,OFFSET(F691,-1,0)))","v":5},{"$f":"IF(AND($C691<=2,$C691<>0),0,IF($C691=3,OFFSET(G691,-1,0)+1,OFFSET(G691,-1,0)))","v":0},{"$f":"IF(AND($C691<=3,$C691<>0),0,IF($C691=4,OFFSET(H691,-1,0)+1,OFFSET(H691,-1,0)))","v":0},{"$f":"IF(AND($C691<=4,$C691<>0),0,IF(AND($C691=\"S\",$X691>0),OFFSET(I691,-1,0)+1,OFFSET(I691,-1,0)))","v":2},0,{"$f":"IF(OR($C691=\"S\",$C691=0),0,MATCH(OFFSET($D691,0,$C691)+IF($C691<>1,1,COUNTIF(QCI!$A$13:$A$32,ORÇAMENTO!E691)),OFFSET($D691,1,$C691,ROW($C$850)-ROW($C691)),0))","v":0},{"$f":"IF(OR($X691>0,$C691=1,$C691=2,$C691=3,$C691=4),\"F\",\"\")","v":"F"},"Serviço",{"$f":"CHOOSE(1+LOG(1+2*(C691=1)+4*(C691=2)+8*(C691=3)+16*(C691=4)+32*(C691=\"S\"),2),\"\",\"Meta\",\"Nível 2\",\"Nível 3\",\"Nível 4\",\"Serviço\")","v":"Serviço"},{"$f":"IF(OR($C691=0,$L691=\"\"),\"-\",CONCATENATE(E691&\".\",IF(AND($A$5>=2,$C691>=2),F691&\".\",\"\"),IF(AND($A$5>=3,$C691>=3),G691&\".\",\"\"),IF(AND($A$5>=4,$C691>=4),H691&\".\",\"\"),IF($C691=\"S\",I691&\".\",\"\")))","v":"15.5.2."},"SINAPI","100978","CARGA, MANOBRA E DESCARGA DE MATERIAL GRANULAR EM CAMINHÃO BASCULANTE - CARGA COM ESCAVADEIRA HIDRÁULICA","M3",{"$f":"OFFSET(CÁLCULO!H$15,ROW($T691)-ROW(T$15),0)","v":7.56},6.33,"BDI 1",{"$f":"IF($C691=\"S\",ROUND(IF(TIPOORCAMENTO=\"Proposto\",ORÇAMENTO.CustoUnitario*(1+$AH691),ORÇAMENTO.PrecoUnitarioLicitado),15-13*$AF$10),0)","v":7.82},59.12,"RA",{"$f":"IF(AND($C691=\"S\",$X691>0),IF(ISBLANK($Y691),\"RA\",LEFT($Y691,2)),\"\")","v":"RA"},{"$f":"IF($C691=\"S\",IF($Z691=\"CP\",$X691,IF($Z691=\"RA\",(($X691)*QCI!$AA$3),0)),SomaAgrup)","v":59.12},0,{"$f":"IF($N691=\"\",\"\",IF(ORÇAMENTO.Descricao=\"\",\"DESCRIÇÃO\",IF(AND($C691=\"S\",ORÇAMENTO.Unidade=\"\"),\"UNIDADE\",IF($X691<0,\"VALOR NEGATIVO\",IF(OR(AND(TIPOORCAMENTO=\"Proposto\",$AG691<>\"\",$AG691>0,ORÇAMENTO.CustoUnitario>$AG691),AND(TIPOORCAMENTO=\"LICITADO\",ORÇAMENTO.PrecoUnitarioLicitado>$AN691)),\"ACIMA REF.\",\"\")))))","v":""},{"$f":"IF(C691<=CRONO.NivelExibicao,MAX($AD$15:OFFSET(AD691,-1,0))+IF($C691<>1,1,MAX(1,COUNTIF(QCI!$A$13:$A$32,OFFSET($E691,-1,0)))),\"\")","v":""},{"$f":"IF(AND($C691=\"S\",ORÇAMENTO.CodBarra<>\"\"),IF(ORÇAMENTO.Fonte=\"\",ORÇAMENTO.CodBarra,CONCATENATE(ORÇAMENTO.Fonte,\" \",ORÇAMENTO.CodBarra)))","v":"SINAPI 100978"},{"$f":"IF(ISERROR(INDIRECT(ORÇAMENTO.BancoRef)),\"(abra o arquivo 'Referência \"&Excel_BuiltIn_Database&\".xls)\",IF(OR($C691<>\"S\",ORÇAMENTO.CodBarra=\"\"),\"(Sem Código)\",IF(ISERROR(MATCH($AE691,INDIRECT(ORÇAMENTO.BancoRef),0)),\"(Código não identificado nas referências)\",MATCH($AE691,INDIRECT(ORÇAMENTO.BancoRef),0))))","v":"(abra o arquivo 'Referência 06-2023.xls)"},{"$f":"ROUND(IF(DESONERACAO=\"sim\",REFERENCIA.Desonerado,REFERENCIA.NaoDesonerado),2)","v":0},0.23530000000000001,null,{"$f":"AJ690","v":7.56},null,null,{"$f":"$X691","v":59.12},7.82]
["S",2,"S",0,{"$f":"IF($C692=1,OFFSET(E692,-1,0)+MAX(1,COUNTIF(QCI!$A$13:$A$32,OFFSET(ORÇAMENTO!E692,-1,0))),OFFSET(E692,-1,0))","v":15},5,0,0,3,0,{"$f":"IF(OR($C692=\"S\",$C692=0),0,MATCH(OFFSET($D692,0,$C692)+IF($C692<>1,1,COUNTIF(QCI!$A$13:$A$32,ORÇAMENTO!E692)),OFFSET($D692,1,$C692,ROW($C$850)-ROW($C692)),0))","v":0},"F","Serviço","Serviço","15.5.3.","SINAPI","95875","TRANSPORTE DE MATERIAL GRANULAR COM CAMINHÃO BASCULANTE, DMT = 20 KM","M3XKM",{"$f":"OFFSET(CÁLCULO!H$15,ROW($T692)-ROW(T$15),0)","v":151.19999999999999},2.23,"BDI 1",{"$f":"IF($C692=\"S\",ROUND(IF(TIPOORCAMENTO=\"Proposto\",ORÇAMENTO.CustoUnitario*(1+$AH692),ORÇAMENTO.PrecoUnitarioLicitado),15-13*$AF$10),0)","v":2.75},415.8,"RA","RA",{"$f":"IF($C692=\"S\",IF($Z692=\"CP\",$X692,IF($Z692=\"RA\",(($X692)*QCI!$AA$3),0)),SomaAgrup)","v":415.8},0,{"$f":"IF($N692=\"\",\"\",IF(ORÇAMENTO.Descricao=\"\",\"DESCRIÇÃO\",IF(AND($C692=\"S\",ORÇAMENTO.Unidade=\"\"),\"UNIDADE\",IF($X692<0,\"VALOR NEGATIVO\",IF(OR(AND(TIPOORCAMENTO=\"Proposto\",$AG692<>\"\",$AG692>0,ORÇAMENTO.CustoUnitario>$AG692),AND(TIPOORCAMENTO=\"LICITADO\",ORÇAMENTO.PrecoUnitarioLicitado>$AN692)),\"ACIMA REF.\",\"\")))))","v":""},{"$f":"IF(C692<=CRONO.NivelExibicao,MAX($AD$15:OFFSET(AD692,-1,0))+IF($C692<>1,1,MAX(1,COUNTIF(QCI!$A$13:$A$32,OFFSET($E692,-1,0)))),\"\")","v":""},{"$f":"IF(AND($C692=\"S\",ORÇAMENTO.CodBarra<>\"\"),IF(ORÇAMENTO.Fonte=\"\",ORÇAMENTO.CodBarra,CONCATENATE(ORÇAMENTO.Fonte,\" \",ORÇAMENTO.CodBarra)))","v":"SINAPI 95875"},{"$f":"IF(ISERROR(INDIRECT(ORÇAMENTO.BancoRef)),\"(abra o arquivo 'Referência \"&Excel_BuiltIn_Database&\".xls)\",IF(OR($C692<>\"S\",ORÇAMENTO.CodBarra=\"\"),\"(Sem Código)\",IF(ISERROR(MATCH($AE692,INDIRECT(ORÇAMENTO.BancoRef),0)),\"(Código não identificado nas referências)\",MATCH($AE692,INDIRECT(ORÇAMENTO.BancoRef),0))))","v":"(abra o arquivo 'Referência 06-2023.xls)"},{"$f":"ROUND(IF(DESONERACAO=\"sim\",REFERENCIA.Desonerado,REFERENCIA.NaoDesonerado),2)","v":0},0.23530000000000001,null,{"$f":"AJ691*20","v":151.19999999999999},null,null,415.8,2.75]
[2,2,2,13,{"$f":"IF($C693=1,OFFSET(E693,-1,0)+MAX(1,COUNTIF(QCI!$A$13:$A$32,OFFSET(ORÇAMENTO!E693,-1,0))),OFFSET(E693,-1,0))","v":15},6,0,0,0,20,{"$f":"IF(OR($C693=\"S\",$C693=0),0,MATCH(OFFSET($D693,0,$C693)+IF($C693<>1,1,COUNTIF(QCI!$A$13:$A$32,ORÇAMENTO!E693)),OFFSET($D693,1,$C693,ROW($C$850)-ROW($C693)),0))","v":13},"F","Nível 2","Nível 2","15.6.","SINAPI",null,"PAVIMENTAÇÃO EM CONCRETO","-",{"$f":"OFFSET(CÁLCULO!H$15,ROW($T693)-ROW(T$15),0)","v":0},0,"BDI 1",{"$f":"IF($C693=\"S\",ROUND(IF(TIPOORCAMENTO=\"Proposto\",ORÇAMENTO.CustoUnitario*(1+$AH693),ORÇAMENTO.PrecoUnitarioLicitado),15-13*$AF$10),0)","v":0},80929.210000000006,"RA","",{"$f":"IF($C693=\"S\",IF($Z693=\"CP\",$X693,IF($Z693=\"RA\",(($X693)*QCI!$AA$3),0)),SomaAgrup)","v":80929.210000000006},0,{"$f":"IF($N693=\"\",\"\",IF(ORÇAMENTO.Descricao=\"\",\"DESCRIÇÃO\",IF(AND($C693=\"S\",ORÇAMENTO.Unidade=\"\"),\"UNIDADE\",IF($X693<0,\"VALOR NEGATIVO\",IF(OR(AND(TIPOORCAMENTO=\"Proposto\",$AG693<>\"\",$AG693>0,ORÇAMENTO.CustoUnitario>$AG693),AND(TIPOORCAMENTO=\"LICITADO\",ORÇAMENTO.PrecoUnitarioLicitado>$AN693)),\"ACIMA REF.\",\"\")))))","v":""},{"$f":"IF(C693<=CRONO.NivelExibicao,MAX($AD$15:OFFSET(AD693,-1,0))+IF($C693<>1,1,MAX(1,COUNTIF(QCI!$A$13:$A$32,OFFSET($E693,-1,0)))),\"\")","v":""},{"$f":"IF(AND($C693=\"S\",ORÇAMENTO.CodBarra<>\"\"),IF(ORÇAMENTO.Fonte=\"\",ORÇAMENTO.CodBarra,CONCATENATE(ORÇAMENTO.Fonte,\" \",ORÇAMENTO.CodBarra)))","v":false},{"$f":"IF(ISERROR(INDIRECT(ORÇAMENTO.BancoRef)),\"(abra o arquivo 'Referência \"&Excel_BuiltIn_Database&\".xls)\",IF(OR($C693<>\"S\",ORÇAMENTO.CodBarra=\"\"),\"(Sem Código)\",IF(ISERROR(MATCH($AE693,INDIRECT(ORÇAMENTO.BancoRef),0)),\"(Código não identificado nas referências)\",MATCH($AE693,INDIRECT(ORÇAMENTO.BancoRef),0))))","v":"(abra o arquivo 'Referência 06-2023.xls)"},{"$f":"ROUND(IF(DESONERACAO=\"sim\",REFERENCIA.Desonerado,REFERENCIA.NaoDesonerado),2)","v":0},0.23530000000000001,null,null,null,null,80929.210000000006,0]
["S",2,"S",0,{"$f":"IF($C694=1,OFFSET(E694,-1,0)+MAX(1,COUNTIF(QCI!$A$13:$A$32,OFFSET(ORÇAMENTO!E694,-1,0))),OFFSET(E694,-1,0))","v":15},6,0,0,1,0,{"$f":"IF(OR($C694=\"S\",$C694=0),0,MATCH(OFFSET($D694,0,$C694)+IF($C694<>1,1,COUNTIF(QCI!$A$13:$A$32,ORÇAMENTO!E694)),OFFSET($D694,1,$C694,ROW($C$850)-ROW($C694)),0))","v":0},"F","Serviço","Serviço","15.6.1.","SINAPI-I","4741","PO DE PEDRA (POSTO PEDREIRA/FORNECEDOR, SEM FRETE)                                                                                                                                                                                                                                                                                                                                                                                                                                                        ","M3    ",{"$f":"OFFSET(CÁLCULO!H$15,ROW($T694)-ROW(T$15),0)","v":12.93},101.01,"BDI 1",{"$f":"IF($C694=\"S\",ROUND(IF(TIPOORCAMENTO=\"Proposto\",ORÇAMENTO.CustoUnitario*(1+$AH694),ORÇAMENTO.PrecoUnitarioLicitado),15-13*$AF$10),0)","v":124.78},1613.41,"RA","RA",{"$f":"IF($C694=\"S\",IF($Z694=\"CP\",$X694,IF($Z694=\"RA\",(($X694)*QCI!$AA$3),0)),SomaAgrup)","v":1613.41},0,{"$f":"IF($N694=\"\",\"\",IF(ORÇAMENTO.Descricao=\"\",\"DESCRIÇÃO\",IF(AND($C694=\"S\",ORÇAMENTO.Unidade=\"\"),\"UNIDADE\",IF($X694<0,\"VALOR NEGATIVO\",IF(OR(AND(TIPOORCAMENTO=\"Proposto\",$AG694<>\"\",$AG694>0,ORÇAMENTO.CustoUnitario>$AG694),AND(TIPOORCAMENTO=\"LICITADO\",ORÇAMENTO.PrecoUnitarioLicitado>$AN694)),\"ACIMA REF.\",\"\")))))","v":""},{"$f":"IF(C694<=CRONO.NivelExibicao,MAX($AD$15:OFFSET(AD694,-1,0))+IF($C694<>1,1,MAX(1,COUNTIF(QCI!$A$13:$A$32,OFFSET($E694,-1,0)))),\"\")","v":""},{"$f":"IF(AND($C694=\"S\",ORÇAMENTO.CodBarra<>\"\"),IF(ORÇAMENTO.Fonte=\"\",ORÇAMENTO.CodBarra,CONCATENATE(ORÇAMENTO.Fonte,\" \",ORÇAMENTO.CodBarra)))","v":"SINAPI-I 4741"},{"$f":"IF(ISERROR(INDIRECT(ORÇAMENTO.BancoRef)),\"(abra o arquivo 'Referência \"&Excel_BuiltIn_Database&\".xls)\",IF(OR($C694<>\"S\",ORÇAMENTO.CodBarra=\"\"),\"(Sem Código)\",IF(ISERROR(MATCH($AE694,INDIRECT(ORÇAMENTO.BancoRef),0)),\"(Código não identificado nas referências)\",MATCH($AE694,INDIRECT(ORÇAMENTO.BancoRef),0))))","v":"(abra o arquivo 'Referência 06-2023.xls)"},{"$f":"ROUND(IF(DESONERACAO=\"sim\",REFERENCIA.Desonerado,REFERENCIA.NaoDesonerado),2)","v":0},0.23530000000000001,null,{"$f":"431.16*0.03","v":12.934800000000001},null,null,1613.41,124.78]
["S",2,"S",0,{"$f":"IF($C695=1,OFFSET(E695,-1,0)+MAX(1,COUNTIF(QCI!$A$13:$A$32,OFFSET(ORÇAMENTO!E695,-1,0))),OFFSET(E695,-1,0))","v":15},6,0,0,2,0,{"$f":"IF(OR($C695=\"S\",$C695=0),0,MATCH(OFFSET($D695,0,$C695)+IF($C695<>1,1,COUNTIF(QCI!$A$13:$A$32,ORÇAMENTO!E695)),OFFSET($D695,1,$C695,ROW($C$850)-ROW($C695)),0))","v":0},"F","Serviço","Serviço","15.6.2.","SINAPI","100978","CARGA, MANOBRA E DESCARGA DE MATERIAL GRANULAR EM CAMINHÃO BASCULANTE - CARGA COM ESCAVADEIRA HIDRÁULICA","M3",{"$f":"OFFSET(CÁLCULO!H$15,ROW($T695)-ROW(T$15),0)","v":12.93},6.33,"BDI 1",{"$f":"IF($C695=\"S\",ROUND(IF(TIPOORCAMENTO=\"Proposto\",ORÇAMENTO.CustoUnitario*(1+$AH695),ORÇAMENTO.PrecoUnitarioLicitado),15-13*$AF$10),0)","v":7.82},101.11,"RA","RA",{"$f":"IF($C695=\"S\",IF($Z695=\"CP\",$X695,IF($Z695=\"RA\",(($X695)*QCI!$AA$3),0)),SomaAgrup)","v":101.11},0,{"$f":"IF($N695=\"\",\"\",IF(ORÇAMENTO.Descricao=\"\",\"DESCRIÇÃO\",IF(AND($C695=\"S\",ORÇAMENTO.Unidade=\"\"),\"UNIDADE\",IF($X695<0,\"VALOR NEGATIVO\",IF(OR(AND(TIPOORCAMENTO=\"Proposto\",$AG695<>\"\",$AG695>0,ORÇAMENTO.CustoUnitario>$AG695),AND(TIPOORCAMENTO=\"LICITADO\",ORÇAMENTO.PrecoUnitarioLicitado>$AN695)),\"ACIMA REF.\",\"\")))))","v":""},{"$f":"IF(C695<=CRONO.NivelExibicao,MAX($AD$15:OFFSET(AD695,-1,0))+IF($C695<>1,1,MAX(1,COUNTIF(QCI!$A$13:$A$32,OFFSET($E695,-1,0)))),\"\")","v":""},{"$f":"IF(AND($C695=\"S\",ORÇAMENTO.CodBarra<>\"\"),IF(ORÇAMENTO.Fonte=\"\",ORÇAMENTO.CodBarra,CONCATENATE(ORÇAMENTO.Fonte,\" \",ORÇAMENTO.CodBarra)))","v":"SINAPI 100978"},{"$f":"IF(ISERROR(INDIRECT(ORÇAMENTO.BancoRef)),\"(abra o arquivo 'Referência \"&Excel_BuiltIn_Database&\".xls)\",IF(OR($C695<>\"S\",ORÇAMENTO.CodBarra=\"\"),\"(Sem Código)\",IF(ISERROR(MATCH($AE695,INDIRECT(ORÇAMENTO.BancoRef),0)),\"(Código não identificado nas referências)\",MATCH($AE695,INDIRECT(ORÇAMENTO.BancoRef),0))))","v":"(abra o arquivo 'Referência 06-2023.xls)"},{"$f":"ROUND(IF(DESONERACAO=\"sim\",REFERENCIA.Desonerado,REFERENCIA.NaoDesonerado),2)","v":0},0.23530000000000001,null,{"$f":"AJ694","v":12.934800000000001},null,null,101.11,7.82]
["S",2,"S",0,{"$f":"IF($C696=1,OFFSET(E696,-1,0)+MAX(1,COUNTIF(QCI!$A$13:$A$32,OFFSET(ORÇAMENTO!E696,-1,0))),OFFSET(E696,-1,0))","v":15},6,0,0,3,0,{"$f":"IF(OR($C696=\"S\",$C696=0),0,MATCH(OFFSET($D696,0,$C696)+IF($C696<>1,1,COUNTIF(QCI!$A$13:$A$32,ORÇAMENTO!E696)),OFFSET($D696,1,$C696,ROW($C$850)-ROW($C696)),0))","v":0},"F","Serviço","Serviço","15.6.3.","SINAPI","95875","TRANSPORTE DE MATERIAL GRANULAR COM CAMINHÃO BASCULANTE, DMT = 20 KM","M3XKM",{"$f":"OFFSET(CÁLCULO!H$15,ROW($T696)-ROW(T$15),0)","v":258.7},2.23,"BDI 1",{"$f":"IF($C696=\"S\",ROUND(IF(TIPOORCAMENTO=\"Proposto\",ORÇAMENTO.CustoUnitario*(1+$AH696),ORÇAMENTO.PrecoUnitarioLicitado),15-13*$AF$10),0)","v":2.75},711.43,"RA","RA",{"$f":"IF($C696=\"S\",IF($Z696=\"CP\",$X696,IF($Z696=\"RA\",(($X696)*QCI!$AA$3),0)),SomaAgrup)","v":711.43},0,{"$f":"IF($N696=\"\",\"\",IF(ORÇAMENTO.Descricao=\"\",\"DESCRIÇÃO\",IF(AND($C696=\"S\",ORÇAMENTO.Unidade=\"\"),\"UNIDADE\",IF($X696<0,\"VALOR NEGATIVO\",IF(OR(AND(TIPOORCAMENTO=\"Proposto\",$AG696<>\"\",$AG696>0,ORÇAMENTO.CustoUnitario>$AG696),AND(TIPOORCAMENTO=\"LICITADO\",ORÇAMENTO.PrecoUnitarioLicitado>$AN696)),\"ACIMA REF.\",\"\")))))","v":""},{"$f":"IF(C696<=CRONO.NivelExibicao,MAX($AD$15:OFFSET(AD696,-1,0))+IF($C696<>1,1,MAX(1,COUNTIF(QCI!$A$13:$A$32,OFFSET($E696,-1,0)))),\"\")","v":""},{"$f":"IF(AND($C696=\"S\",ORÇAMENTO.CodBarra<>\"\"),IF(ORÇAMENTO.Fonte=\"\",ORÇAMENTO.CodBarra,CONCATENATE(ORÇAMENTO.Fonte,\" \",ORÇAMENTO.CodBarra)))","v":"SINAPI 95875"},{"$f":"IF(ISERROR(INDIRECT(ORÇAMENTO.BancoRef)),\"(abra o arquivo 'Referência \"&Excel_BuiltIn_Database&\".xls)\",IF(OR($C696<>\"S\",ORÇAMENTO.CodBarra=\"\"),\"(Sem Código)\",IF(ISERROR(MATCH($AE696,INDIRECT(ORÇAMENTO.BancoRef),0)),\"(Código não identificado nas referências)\",MATCH($AE696,INDIRECT(ORÇAMENTO.BancoRef),0))))","v":"(abra o arquivo 'Referência 06-2023.xls)"},{"$f":"ROUND(IF(DESONERACAO=\"sim\",REFERENCIA.Desonerado,REFERENCIA.NaoDesonerado),2)","v":0},0.23530000000000001,null,{"$f":"AJ695*20","v":258.69600000000003},null,null,711.43,2.75]
["S",2,"S",0,{"$f":"IF($C697=1,OFFSET(E697,-1,0)+MAX(1,COUNTIF(QCI!$A$13:$A$32,OFFSET(ORÇAMENTO!E697,-1,0))),OFFSET(E697,-1,0))","v":15},6,0,0,4,0,{"$f":"IF(OR($C697=\"S\",$C697=0),0,MATCH(OFFSET($D697,0,$C697)+IF($C697<>1,1,COUNTIF(QCI!$A$13:$A$32,ORÇAMENTO!E697)),OFFSET($D697,1,$C697,ROW($C$850)-ROW($C697)),0))","v":0},"F","Serviço","Serviço","15.6.4.","SINAPI-I","1346","FABRICAÇÃO, MONTAGEM E DESMONTAGEM DE FORMA PARA PAVIMENTAÇÃO EM CONCRETO EM CHAPA DE COMPENSADO","M2    ",{"$f":"OFFSET(CÁLCULO!H$15,ROW($T697)-ROW(T$15),0)","v":21.3},57.57,"BDI 1",{"$f":"IF($C697=\"S\",ROUND(IF(TIPOORCAMENTO=\"Proposto\",ORÇAMENTO.CustoUnitario*(1+$AH697),ORÇAMENTO.PrecoUnitarioLicitado),15-13*$AF$10),0)","v":71.12},1514.86,"RA","RA",{"$f":"IF($C697=\"S\",IF($Z697=\"CP\",$X697,IF($Z697=\"RA\",(($X697)*QCI!$AA$3),0)),SomaAgrup)","v":1514.86},0,{"$f":"IF($N697=\"\",\"\",IF(ORÇAMENTO.Descricao=\"\",\"DESCRIÇÃO\",IF(AND($C697=\"S\",ORÇAMENTO.Unidade=\"\"),\"UNIDADE\",IF($X697<0,\"VALOR NEGATIVO\",IF(OR(AND(TIPOORCAMENTO=\"Proposto\",$AG697<>\"\",$AG697>0,ORÇAMENTO.CustoUnitario>$AG697),AND(TIPOORCAMENTO=\"LICITADO\",ORÇAMENTO.PrecoUnitarioLicitado>$AN697)),\"ACIMA REF.\",\"\")))))","v":""},{"$f":"IF(C697<=CRONO.NivelExibicao,MAX($AD$15:OFFSET(AD697,-1,0))+IF($C697<>1,1,MAX(1,COUNTIF(QCI!$A$13:$A$32,OFFSET($E697,-1,0)))),\"\")","v":""},{"$f":"IF(AND($C697=\"S\",ORÇAMENTO.CodBarra<>\"\"),IF(ORÇAMENTO.Fonte=\"\",ORÇAMENTO.CodBarra,CONCATENATE(ORÇAMENTO.Fonte,\" \",ORÇAMENTO.CodBarra)))","v":"SINAPI-I 1346"},{"$f":"IF(ISERROR(INDIRECT(ORÇAMENTO.BancoRef)),\"(abra o arquivo 'Referência \"&Excel_BuiltIn_Database&\".xls)\",IF(OR($C697<>\"S\",ORÇAMENTO.CodBarra=\"\"),\"(Sem Código)\",IF(ISERROR(MATCH($AE697,INDIRECT(ORÇAMENTO.BancoRef),0)),\"(Código não identificado nas referências)\",MATCH($AE697,INDIRECT(ORÇAMENTO.BancoRef),0))))","v":"(abra o arquivo 'Referência 06-2023.xls)"},{"$f":"ROUND(IF(DESONERACAO=\"sim\",REFERENCIA.Desonerado,REFERENCIA.NaoDesonerado),2)","v":0},0.23530000000000001,null,{"$f":"59.17*0.12*3","v":21.301199999999998},null,null,1514.86,71.12]
["S",2,"S",0,{"$f":"IF($C698=1,OFFSET(E698,-1,0)+MAX(1,COUNTIF(QCI!$A$13:$A$32,OFFSET(ORÇAMENTO!E698,-1,0))),OFFSET(E698,-1,0))","v":15},6,0,0,5,0,{"$f":"IF(OR($C698=\"S\",$C698=0),0,MATCH(OFFSET($D698,0,$C698)+IF($C698<>1,1,COUNTIF(QCI!$A$13:$A$32,ORÇAMENTO!E698)),OFFSET($D698,1,$C698,ROW($C$850)-ROW($C698)),0))","v":0},"F","Serviço","Serviço","15.6.5.","SINAPI-I","7156","ARMAÇÃO PARA EXECUÇÃO DE PAVIMENTAÇÃO EM CONCRETO, COM USO DE TELA Q-196.","M2    ",{"$f":"OFFSET(CÁLCULO!H$15,ROW($T698)-ROW(T$15),0)","v":431.16},29.25,"BDI 1",{"$f":"IF($C698=\"S\",ROUND(IF(TIPOORCAMENTO=\"Proposto\",ORÇAMENTO.CustoUnitario*(1+$AH698),ORÇAMENTO.PrecoUnitarioLicitado),15-13*$AF$10),0)","v":36.130000000000003},15577.81,"RA","RA",{"$f":"IF($C698=\"S\",IF($Z698=\"CP\",$X698,IF($Z698=\"RA\",(($X698)*QCI!$AA$3),0)),SomaAgrup)","v":15577.81},0,{"$f":"IF($N698=\"\",\"\",IF(ORÇAMENTO.Descricao=\"\",\"DESCRIÇÃO\",IF(AND($C698=\"S\",ORÇAMENTO.Unidade=\"\"),\"UNIDADE\",IF($X698<0,\"VALOR NEGATIVO\",IF(OR(AND(TIPOORCAMENTO=\"Proposto\",$AG698<>\"\",$AG698>0,ORÇAMENTO.CustoUnitario>$AG698),AND(TIPOORCAMENTO=\"LICITADO\",ORÇAMENTO.PrecoUnitarioLicitado>$AN698)),\"ACIMA REF.\",\"\")))))","v":""},{"$f":"IF(C698<=CRONO.NivelExibicao,MAX($AD$15:OFFSET(AD698,-1,0))+IF($C698<>1,1,MAX(1,COUNTIF(QCI!$A$13:$A$32,OFFSET($E698,-1,0)))),\"\")","v":""},{"$f":"IF(AND($C698=\"S\",ORÇAMENTO.CodBarra<>\"\"),IF(ORÇAMENTO.Fonte=\"\",ORÇAMENTO.CodBarra,CONCATENATE(ORÇAMENTO.Fonte,\" \",ORÇAMENTO.CodBarra)))","v":"SINAPI-I 7156"},{"$f":"IF(ISERROR(INDIRECT(ORÇAMENTO.BancoRef)),\"(abra o arquivo 'Referência \"&Excel_BuiltIn_Database&\".xls)\",IF(OR($C698<>\"S\",ORÇAMENTO.CodBarra=\"\"),\"(Sem Código)\",IF(ISERROR(MATCH($AE698,INDIRECT(ORÇAMENTO.BancoRef),0)),\"(Código não identificado nas referências)\",MATCH($AE698,INDIRECT(ORÇAMENTO.BancoRef),0))))","v":"(abra o arquivo 'Referência 06-2023.xls)"},{"$f":"ROUND(IF(DESONERACAO=\"sim\",REFERENCIA.Desonerado,REFERENCIA.NaoDesonerado),2)","v":0},0.23530000000000001,null,431.16,null,null,15577.81,36.130000000000003]
["S",2,"S",0,{"$f":"IF($C699=1,OFFSET(E699,-1,0)+MAX(1,COUNTIF(QCI!$A$13:$A$32,OFFSET(ORÇAMENTO!E699,-1,0))),OFFSET(E699,-1,0))","v":15},6,0,0,6,0,{"$f":"IF(OR($C699=\"S\",$C699=0),0,MATCH(OFFSET($D699,0,$C699)+IF($C699<>1,1,COUNTIF(QCI!$A$13:$A$32,ORÇAMENTO!E699)),OFFSET($D699,1,$C699,ROW($C$850)-ROW($C699)),0))","v":0},"F","Serviço","Serviço","15.6.6.","SINAPI",97113,"APLICAÇÃO DE LONA PLÁSTICA PARA EXECUÇÃO DE PAVIMENTOS DE CONCRETO. AF_04/2022","M2",{"$f":"OFFSET(CÁLCULO!H$15,ROW($T699)-ROW(T$15),0)","v":431.16},2.91,"BDI 1",{"$f":"IF($C699=\"S\",ROUND(IF(TIPOORCAMENTO=\"Proposto\",ORÇAMENTO.CustoUnitario*(1+$AH699),ORÇAMENTO.PrecoUnitarioLicitado),15-13*$AF$10),0)","v":3.59},1547.86,"RA","RA",{"$f":"IF($C699=\"S\",IF($Z699=\"CP\",$X699,IF($Z699=\"RA\",(($X699)*QCI!$AA$3),0)),SomaAgrup)","v":1547.86},0,{"$f":"IF($N699=\"\",\"\",IF(ORÇAMENTO.Descricao=\"\",\"DESCRIÇÃO\",IF(AND($C699=\"S\",ORÇAMENTO.Unidade=\"\"),\"UNIDADE\",IF($X699<0,\"VALOR NEGATIVO\",IF(OR(AND(TIPOORCAMENTO=\"Proposto\",$AG699<>\"\",$AG699>0,ORÇAMENTO.CustoUnitario>$AG699),AND(TIPOORCAMENTO=\"LICITADO\",ORÇAMENTO.PrecoUnitarioLicitado>$AN699)),\"ACIMA REF.\",\"\")))))","v":""},{"$f":"IF(C699<=CRONO.NivelExibicao,MAX($AD$15:OFFSET(AD699,-1,0))+IF($C699<>1,1,MAX(1,COUNTIF(QCI!$A$13:$A$32,OFFSET($E699,-1,0)))),\"\")","v":""},{"$f":"IF(AND($C699=\"S\",ORÇAMENTO.CodBarra<>\"\"),IF(ORÇAMENTO.Fonte=\"\",ORÇAMENTO.CodBarra,CONCATENATE(ORÇAMENTO.Fonte,\" \",ORÇAMENTO.CodBarra)))","v":"SINAPI 97113"},{"$f":"IF(ISERROR(INDIRECT(ORÇAMENTO.BancoRef)),\"(abra o arquivo 'Referência \"&Excel_BuiltIn_Database&\".xls)\",IF(OR($C699<>\"S\",ORÇAMENTO.CodBarra=\"\"),\"(Sem Código)\",IF(ISERROR(MATCH($AE699,INDIRECT(ORÇAMENTO.BancoRef),0)),\"(Código não identificado nas referências)\",MATCH($AE699,INDIRECT(ORÇAMENTO.BancoRef),0))))","v":"(abra o arquivo 'Referência 06-2023.xls)"},{"$f":"ROUND(IF(DESONERACAO=\"sim\",REFERENCIA.Desonerado,REFERENCIA.NaoDesonerado),2)","v":0},0.23530000000000001,null,431.16,null,null,1547.86,3.59]
["S",2,"S",0,{"$f":"IF($C700=1,OFFSET(E700,-1,0)+MAX(1,COUNTIF(QCI!$A$13:$A$32,OFFSET(ORÇAMENTO!E700,-1,0))),OFFSET(E700,-1,0))","v":15},6,0,0,7,0,{"$f":"IF(OR($C700=\"S\",$C700=0),0,MATCH(OFFSET($D700,0,$C700)+IF($C700<>1,1,COUNTIF(QCI!$A$13:$A$32,ORÇAMENTO!E700)),OFFSET($D700,1,$C700,ROW($C$850)-ROW($C700)),0))","v":0},"F","Serviço","Serviço","15.6.7.","SINAPI-I","34479","CONCRETO USINADO BOMBEAVEL, CLASSE DE RESISTENCIA C40, COM BRITA 0 E 1, SLUMP = 100 +/- 20 MM, INCLUI SERVICO DE BOMBEAMENTO (NBR 8953)","M3    ",{"$f":"OFFSET(CÁLCULO!H$15,ROW($T700)-ROW(T$15),0)","v":51.74},584,"BDI 1",{"$f":"IF($C700=\"S\",ROUND(IF(TIPOORCAMENTO=\"Proposto\",ORÇAMENTO.CustoUnitario*(1+$AH700),ORÇAMENTO.PrecoUnitarioLicitado),15-13*$AF$10),0)","v":721.42},37326.269999999997,"RA","RA",{"$f":"IF($C700=\"S\",IF($Z700=\"CP\",$X700,IF($Z700=\"RA\",(($X700)*QCI!$AA$3),0)),SomaAgrup)","v":37326.269999999997},0,{"$f":"IF($N700=\"\",\"\",IF(ORÇAMENTO.Descricao=\"\",\"DESCRIÇÃO\",IF(AND($C700=\"S\",ORÇAMENTO.Unidade=\"\"),\"UNIDADE\",IF($X700<0,\"VALOR NEGATIVO\",IF(OR(AND(TIPOORCAMENTO=\"Proposto\",$AG700<>\"\",$AG700>0,ORÇAMENTO.CustoUnitario>$AG700),AND(TIPOORCAMENTO=\"LICITADO\",ORÇAMENTO.PrecoUnitarioLicitado>$AN700)),\"ACIMA REF.\",\"\")))))","v":""},{"$f":"IF(C700<=CRONO.NivelExibicao,MAX($AD$15:OFFSET(AD700,-1,0))+IF($C700<>1,1,MAX(1,COUNTIF(QCI!$A$13:$A$32,OFFSET($E700,-1,0)))),\"\")","v":""},{"$f":"IF(AND($C700=\"S\",ORÇAMENTO.CodBarra<>\"\"),IF(ORÇAMENTO.Fonte=\"\",ORÇAMENTO.CodBarra,CONCATENATE(ORÇAMENTO.Fonte,\" \",ORÇAMENTO.CodBarra)))","v":"SINAPI-I 34479"},{"$f":"IF(ISERROR(INDIRECT(ORÇAMENTO.BancoRef)),\"(abra o arquivo 'Referência \"&Excel_BuiltIn_Database&\".xls)\",IF(OR($C700<>\"S\",ORÇAMENTO.CodBarra=\"\"),\"(Sem Código)\",IF(ISERROR(MATCH($AE700,INDIRECT(ORÇAMENTO.BancoRef),0)),\"(Código não identificado nas referências)\",MATCH($AE700,INDIRECT(ORÇAMENTO.BancoRef),0))))","v":"(abra o arquivo 'Referência 06-2023.xls)"},{"$f":"ROUND(IF(DESONERACAO=\"sim\",REFERENCIA.Desonerado,REFERENCIA.NaoDesonerado),2)","v":0},0.23530000000000001,null,{"$f":"AJ699*0.12","v":51.739200000000004},null,null,37326.269999999997,721.42]
["S",2,"S",0,{"$f":"IF($C701=1,OFFSET(E701,-1,0)+MAX(1,COUNTIF(QCI!$A$13:$A$32,OFFSET(ORÇAMENTO!E701,-1,0))),OFFSET(E701,-1,0))","v":15},6,0,0,8,0,{"$f":"IF(OR($C701=\"S\",$C701=0),0,MATCH(OFFSET($D701,0,$C701)+IF($C701<>1,1,COUNTIF(QCI!$A$13:$A$32,ORÇAMENTO!E701)),OFFSET($D701,1,$C701,ROW($C$850)-ROW($C701)),0))","v":0},"F","Serviço","Serviço","15.6.8.","AMMOC","PAVCONC","LANÇAMENTO, ACABAMENTO, ADENSAMENTO PARA PAVIMENTAÇÃO EM CONCRETO","M3",{"$f":"OFFSET(CÁLCULO!H$15,ROW($T701)-ROW(T$15),0)","v":51.74},265.83,"BDI 1",{"$f":"IF($C701=\"S\",ROUND(IF(TIPOORCAMENTO=\"Proposto\",ORÇAMENTO.CustoUnitario*(1+$AH701),ORÇAMENTO.PrecoUnitarioLicitado),15-13*$AF$10),0)","v":328.38},16990.38,"RA","RA",{"$f":"IF($C701=\"S\",IF($Z701=\"CP\",$X701,IF($Z701=\"RA\",(($X701)*QCI!$AA$3),0)),SomaAgrup)","v":16990.38},0,{"$f":"IF($N701=\"\",\"\",IF(ORÇAMENTO.Descricao=\"\",\"DESCRIÇÃO\",IF(AND($C701=\"S\",ORÇAMENTO.Unidade=\"\"),\"UNIDADE\",IF($X701<0,\"VALOR NEGATIVO\",IF(OR(AND(TIPOORCAMENTO=\"Proposto\",$AG701<>\"\",$AG701>0,ORÇAMENTO.CustoUnitario>$AG701),AND(TIPOORCAMENTO=\"LICITADO\",ORÇAMENTO.PrecoUnitarioLicitado>$AN701)),\"ACIMA REF.\",\"\")))))","v":""},{"$f":"IF(C701<=CRONO.NivelExibicao,MAX($AD$15:OFFSET(AD701,-1,0))+IF($C701<>1,1,MAX(1,COUNTIF(QCI!$A$13:$A$32,OFFSET($E701,-1,0)))),\"\")","v":""},{"$f":"IF(AND($C701=\"S\",ORÇAMENTO.CodBarra<>\"\"),IF(ORÇAMENTO.Fonte=\"\",ORÇAMENTO.CodBarra,CONCATENATE(ORÇAMENTO.Fonte,\" \",ORÇAMENTO.CodBarra)))","v":"AMMOC PAVCONC"},{"$f":"IF(ISERROR(INDIRECT(ORÇAMENTO.BancoRef)),\"(abra o arquivo 'Referência \"&Excel_BuiltIn_Database&\".xls)\",IF(OR($C701<>\"S\",ORÇAMENTO.CodBarra=\"\"),\"(Sem Código)\",IF(ISERROR(MATCH($AE701,INDIRECT(ORÇAMENTO.BancoRef),0)),\"(Código não identificado nas referências)\",MATCH($AE701,INDIRECT(ORÇAMENTO.BancoRef),0))))","v":"(abra o arquivo 'Referência 06-2023.xls)"},{"$f":"ROUND(IF(DESONERACAO=\"sim\",REFERENCIA.Desonerado,REFERENCIA.NaoDesonerado),2)","v":0},0.23530000000000001,null,{"$f":"AJ700","v":51.739200000000004},null,null,16990.38,328.38]
["S",2,"S",0,{"$f":"IF($C702=1,OFFSET(E702,-1,0)+MAX(1,COUNTIF(QCI!$A$13:$A$32,OFFSET(ORÇAMENTO!E702,-1,0))),OFFSET(E702,-1,0))","v":15},6,0,0,9,0,{"$f":"IF(OR($C702=\"S\",$C702=0),0,MATCH(OFFSET($D702,0,$C702)+IF($C702<>1,1,COUNTIF(QCI!$A$13:$A$32,ORÇAMENTO!E702)),OFFSET($D702,1,$C702,ROW($C$850)-ROW($C702)),0))","v":0},"F","Serviço","Serviço","15.6.9.","AMMOC","192","CURA QUÍMICA PARA PAVIMENTO DE CONCRETO - APLICAÇÃO MANUAL COM BORRIFADOR DE BAIXA PRESSÃO","M2",{"$f":"OFFSET(CÁLCULO!H$15,ROW($T702)-ROW(T$15),0)","v":431.16},6.73,"BDI 1",{"$f":"IF($C702=\"S\",ROUND(IF(TIPOORCAMENTO=\"Proposto\",ORÇAMENTO.CustoUnitario*(1+$AH702),ORÇAMENTO.PrecoUnitarioLicitado),15-13*$AF$10),0)","v":8.31},3582.94,"RA","RA",{"$f":"IF($C702=\"S\",IF($Z702=\"CP\",$X702,IF($Z702=\"RA\",(($X702)*QCI!$AA$3),0)),SomaAgrup)","v":3582.94},0,{"$f":"IF($N702=\"\",\"\",IF(ORÇAMENTO.Descricao=\"\",\"DESCRIÇÃO\",IF(AND($C702=\"S\",ORÇAMENTO.Unidade=\"\"),\"UNIDADE\",IF($X702<0,\"VALOR NEGATIVO\",IF(OR(AND(TIPOORCAMENTO=\"Proposto\",$AG702<>\"\",$AG702>0,ORÇAMENTO.CustoUnitario>$AG702),AND(TIPOORCAMENTO=\"LICITADO\",ORÇAMENTO.PrecoUnitarioLicitado>$AN702)),\"ACIMA REF.\",\"\")))))","v":""},{"$f":"IF(C702<=CRONO.NivelExibicao,MAX($AD$15:OFFSET(AD702,-1,0))+IF($C702<>1,1,MAX(1,COUNTIF(QCI!$A$13:$A$32,OFFSET($E702,-1,0)))),\"\")","v":""},{"$f":"IF(AND($C702=\"S\",ORÇAMENTO.CodBarra<>\"\"),IF(ORÇAMENTO.Fonte=\"\",ORÇAMENTO.CodBarra,CONCATENATE(ORÇAMENTO.Fonte,\" \",ORÇAMENTO.CodBarra)))","v":"AMMOC 192"},{"$f":"IF(ISERROR(INDIRECT(ORÇAMENTO.BancoRef)),\"(abra o arquivo 'Referência \"&Excel_BuiltIn_Database&\".xls)\",IF(OR($C702<>\"S\",ORÇAMENTO.CodBarra=\"\"),\"(Sem Código)\",IF(ISERROR(MATCH($AE702,INDIRECT(ORÇAMENTO.BancoRef),0)),\"(Código não identificado nas referências)\",MATCH($AE702,INDIRECT(ORÇAMENTO.BancoRef),0))))","v":"(abra o arquivo 'Referência 06-2023.xls)"},{"$f":"ROUND(IF(DESONERACAO=\"sim\",REFERENCIA.Desonerado,REFERENCIA.NaoDesonerado),2)","v":0},0.23530000000000001,null,431.16,null,null,3582.94,8.31]
["S",2,"S",0,{"$f":"IF($C703=1,OFFSET(E703,-1,0)+MAX(1,COUNTIF(QCI!$A$13:$A$32,OFFSET(ORÇAMENTO!E703,-1,0))),OFFSET(E703,-1,0))","v":15},6,0,0,10,0,{"$f":"IF(OR($C703=\"S\",$C703=0),0,MATCH(OFFSET($D703,0,$C703)+IF($C703<>1,1,COUNTIF(QCI!$A$13:$A$32,ORÇAMENTO!E703)),OFFSET($D703,1,$C703,ROW($C$850)-ROW($C703)),0))","v":0},"F","Serviço","Serviço","15.6.10.","SINAPI","97114","EXECUÇÃO DE JUNTAS DE DILATAÇÃO PARA PAVIMENTOS DE CONCRETO","M",{"$f":"OFFSET(CÁLCULO!H$15,ROW($T703)-ROW(T$15),0)","v":183.48},0.41,"BDI 1",{"$f":"IF($C703=\"S\",ROUND(IF(TIPOORCAMENTO=\"Proposto\",ORÇAMENTO.CustoUnitario*(1+$AH703),ORÇAMENTO.PrecoUnitarioLicitado),15-13*$AF$10),0)","v":0.51},93.57,"RA","RA",{"$f":"IF($C703=\"S\",IF($Z703=\"CP\",$X703,IF($Z703=\"RA\",(($X703)*QCI!$AA$3),0)),SomaAgrup)","v":93.57},0,{"$f":"IF($N703=\"\",\"\",IF(ORÇAMENTO.Descricao=\"\",\"DESCRIÇÃO\",IF(AND($C703=\"S\",ORÇAMENTO.Unidade=\"\"),\"UNIDADE\",IF($X703<0,\"VALOR NEGATIVO\",IF(OR(AND(TIPOORCAMENTO=\"Proposto\",$AG703<>\"\",$AG703>0,ORÇAMENTO.CustoUnitario>$AG703),AND(TIPOORCAMENTO=\"LICITADO\",ORÇAMENTO.PrecoUnitarioLicitado>$AN703)),\"ACIMA REF.\",\"\")))))","v":""},{"$f":"IF(C703<=CRONO.NivelExibicao,MAX($AD$15:OFFSET(AD703,-1,0))+IF($C703<>1,1,MAX(1,COUNTIF(QCI!$A$13:$A$32,OFFSET($E703,-1,0)))),\"\")","v":""},{"$f":"IF(AND($C703=\"S\",ORÇAMENTO.CodBarra<>\"\"),IF(ORÇAMENTO.Fonte=\"\",ORÇAMENTO.CodBarra,CONCATENATE(ORÇAMENTO.Fonte,\" \",ORÇAMENTO.CodBarra)))","v":"SINAPI 97114"},{"$f":"IF(ISERROR(INDIRECT(ORÇAMENTO.BancoRef)),\"(abra o arquivo 'Referência \"&Excel_BuiltIn_Database&\".xls)\",IF(OR($C703<>\"S\",ORÇAMENTO.CodBarra=\"\"),\"(Sem Código)\",IF(ISERROR(MATCH($AE703,INDIRECT(ORÇAMENTO.BancoRef),0)),\"(Código não identificado nas referências)\",MATCH($AE703,INDIRECT(ORÇAMENTO.BancoRef),0))))","v":"(abra o arquivo 'Referência 06-2023.xls)"},{"$f":"ROUND(IF(DESONERACAO=\"sim\",REFERENCIA.Desonerado,REFERENCIA.NaoDesonerado),2)","v":0},0.23530000000000001,null,183.48,null,null,93.57,0.51]
["S",2,"S",0,{"$f":"IF($C704=1,OFFSET(E704,-1,0)+MAX(1,COUNTIF(QCI!$A$13:$A$32,OFFSET(ORÇAMENTO!E704,-1,0))),OFFSET(E704,-1,0))","v":15},6,0,0,11,0,{"$f":"IF(OR($C704=\"S\",$C704=0),0,MATCH(OFFSET($D704,0,$C704)+IF($C704<>1,1,COUNTIF(QCI!$A$13:$A$32,ORÇAMENTO!E704)),OFFSET($D704,1,$C704,ROW($C$850)-ROW($C704)),0))","v":0},"F","Serviço","Serviço","15.6.11.","SINAPI-I","34","ACO CA-50, 10,0 MM, VERGALHAO                                                                                                                                                                                                                                                                                                                                                                                                                                                                             ","KG    ",{"$f":"OFFSET(CÁLCULO!H$15,ROW($T704)-ROW(T$15),0)","v":11.85},9.44,"BDI 1",{"$f":"IF($C704=\"S\",ROUND(IF(TIPOORCAMENTO=\"Proposto\",ORÇAMENTO.CustoUnitario*(1+$AH704),ORÇAMENTO.PrecoUnitarioLicitado),15-13*$AF$10),0)","v":11.66},138.16999999999999,"RA","RA",{"$f":"IF($C704=\"S\",IF($Z704=\"CP\",$X704,IF($Z704=\"RA\",(($X704)*QCI!$AA$3),0)),SomaAgrup)","v":138.16999999999999},0,{"$f":"IF($N704=\"\",\"\",IF(ORÇAMENTO.Descricao=\"\",\"DESCRIÇÃO\",IF(AND($C704=\"S\",ORÇAMENTO.Unidade=\"\"),\"UNIDADE\",IF($X704<0,\"VALOR NEGATIVO\",IF(OR(AND(TIPOORCAMENTO=\"Proposto\",$AG704<>\"\",$AG704>0,ORÇAMENTO.CustoUnitario>$AG704),AND(TIPOORCAMENTO=\"LICITADO\",ORÇAMENTO.PrecoUnitarioLicitado>$AN704)),\"ACIMA REF.\",\"\")))))","v":""},{"$f":"IF(C704<=CRONO.NivelExibicao,MAX($AD$15:OFFSET(AD704,-1,0))+IF($C704<>1,1,MAX(1,COUNTIF(QCI!$A$13:$A$32,OFFSET($E704,-1,0)))),\"\")","v":""},{"$f":"IF(AND($C704=\"S\",ORÇAMENTO.CodBarra<>\"\"),IF(ORÇAMENTO.Fonte=\"\",ORÇAMENTO.CodBarra,CONCATENATE(ORÇAMENTO.Fonte,\" \",ORÇAMENTO.CodBarra)))","v":"SINAPI-I 34"},{"$f":"IF(ISERROR(INDIRECT(ORÇAMENTO.BancoRef)),\"(abra o arquivo 'Referência \"&Excel_BuiltIn_Database&\".xls)\",IF(OR($C704<>\"S\",ORÇAMENTO.CodBarra=\"\"),\"(Sem Código)\",IF(ISERROR(MATCH($AE704,INDIRECT(ORÇAMENTO.BancoRef),0)),\"(Código não identificado nas referências)\",MATCH($AE704,INDIRECT(ORÇAMENTO.BancoRef),0))))","v":"(abra o arquivo 'Referência 06-2023.xls)"},{"$f":"ROUND(IF(DESONERACAO=\"sim\",REFERENCIA.Desonerado,REFERENCIA.NaoDesonerado),2)","v":0},0.23530000000000001,null,{"$f":"19.2*0.617","v":11.846399999999999},null,null,138.16999999999999,11.66]
["S",2,"S",0,{"$f":"IF($C705=1,OFFSET(E705,-1,0)+MAX(1,COUNTIF(QCI!$A$13:$A$32,OFFSET(ORÇAMENTO!E705,-1,0))),OFFSET(E705,-1,0))","v":15},6,0,0,12,0,{"$f":"IF(OR($C705=\"S\",$C705=0),0,MATCH(OFFSET($D705,0,$C705)+IF($C705<>1,1,COUNTIF(QCI!$A$13:$A$32,ORÇAMENTO!E705)),OFFSET($D705,1,$C705,ROW($C$850)-ROW($C705)),0))","v":0},"F","Serviço","Serviço","15.6.12.","AMMOC","354","VIGA DE CONSTRUÇÃO EM CONCRETO ARMADO","M",{"$f":"OFFSET(CÁLCULO!H$15,ROW($T705)-ROW(T$15),0)","v":20},70.08,"BDI 1",{"$f":"IF($C705=\"S\",ROUND(IF(TIPOORCAMENTO=\"Proposto\",ORÇAMENTO.CustoUnitario*(1+$AH705),ORÇAMENTO.PrecoUnitarioLicitado),15-13*$AF$10),0)","v":86.57},1731.4,"RA","RA",{"$f":"IF($C705=\"S\",IF($Z705=\"CP\",$X705,IF($Z705=\"RA\",(($X705)*QCI!$AA$3),0)),SomaAgrup)","v":1731.4},0,{"$f":"IF($N705=\"\",\"\",IF(ORÇAMENTO.Descricao=\"\",\"DESCRIÇÃO\",IF(AND($C705=\"S\",ORÇAMENTO.Unidade=\"\"),\"UNIDADE\",IF($X705<0,\"VALOR NEGATIVO\",IF(OR(AND(TIPOORCAMENTO=\"Proposto\",$AG705<>\"\",$AG705>0,ORÇAMENTO.CustoUnitario>$AG705),AND(TIPOORCAMENTO=\"LICITADO\",ORÇAMENTO.PrecoUnitarioLicitado>$AN705)),\"ACIMA REF.\",\"\")))))","v":""},{"$f":"IF(C705<=CRONO.NivelExibicao,MAX($AD$15:OFFSET(AD705,-1,0))+IF($C705<>1,1,MAX(1,COUNTIF(QCI!$A$13:$A$32,OFFSET($E705,-1,0)))),\"\")","v":""},{"$f":"IF(AND($C705=\"S\",ORÇAMENTO.CodBarra<>\"\"),IF(ORÇAMENTO.Fonte=\"\",ORÇAMENTO.CodBarra,CONCATENATE(ORÇAMENTO.Fonte,\" \",ORÇAMENTO.CodBarra)))","v":"AMMOC 354"},{"$f":"IF(ISERROR(INDIRECT(ORÇAMENTO.BancoRef)),\"(abra o arquivo 'Referência \"&Excel_BuiltIn_Database&\".xls)\",IF(OR($C705<>\"S\",ORÇAMENTO.CodBarra=\"\"),\"(Sem Código)\",IF(ISERROR(MATCH($AE705,INDIRECT(ORÇAMENTO.BancoRef),0)),\"(Código não identificado nas referências)\",MATCH($AE705,INDIRECT(ORÇAMENTO.BancoRef),0))))","v":"(abra o arquivo 'Referência 06-2023.xls)"},{"$f":"ROUND(IF(DESONERACAO=\"sim\",REFERENCIA.Desonerado,REFERENCIA.NaoDesonerado),2)","v":0},0.23530000000000001,null,20,null,null,1731.4,86.57]
[2,2,2,7,{"$f":"IF($C706=1,OFFSET(E706,-1,0)+MAX(1,COUNTIF(QCI!$A$13:$A$32,OFFSET(ORÇAMENTO!E706,-1,0))),OFFSET(E706,-1,0))","v":15},7,0,0,0,7,{"$f":"IF(OR($C706=\"S\",$C706=0),0,MATCH(OFFSET($D706,0,$C706)+IF($C706<>1,1,COUNTIF(QCI!$A$13:$A$32,ORÇAMENTO!E706)),OFFSET($D706,1,$C706,ROW($C$850)-ROW($C706)),0))","v":41},"F","Nível 2","Nível 2","15.7.","SINAPI",null,"SINALIZAÇÃO","-",{"$f":"OFFSET(CÁLCULO!H$15,ROW($T706)-ROW(T$15),0)","v":0},0,"BDI 1",{"$f":"IF($C706=\"S\",ROUND(IF(TIPOORCAMENTO=\"Proposto\",ORÇAMENTO.CustoUnitario*(1+$AH706),ORÇAMENTO.PrecoUnitarioLicitado),15-13*$AF$10),0)","v":0},4829.55,"RA","",{"$f":"IF($C706=\"S\",IF($Z706=\"CP\",$X706,IF($Z706=\"RA\",(($X706)*QCI!$AA$3),0)),SomaAgrup)","v":4829.55},0,{"$f":"IF($N706=\"\",\"\",IF(ORÇAMENTO.Descricao=\"\",\"DESCRIÇÃO\",IF(AND($C706=\"S\",ORÇAMENTO.Unidade=\"\"),\"UNIDADE\",IF($X706<0,\"VALOR NEGATIVO\",IF(OR(AND(TIPOORCAMENTO=\"Proposto\",$AG706<>\"\",$AG706>0,ORÇAMENTO.CustoUnitario>$AG706),AND(TIPOORCAMENTO=\"LICITADO\",ORÇAMENTO.PrecoUnitarioLicitado>$AN706)),\"ACIMA REF.\",\"\")))))","v":""},{"$f":"IF(C706<=CRONO.NivelExibicao,MAX($AD$15:OFFSET(AD706,-1,0))+IF($C706<>1,1,MAX(1,COUNTIF(QCI!$A$13:$A$32,OFFSET($E706,-1,0)))),\"\")","v":""},{"$f":"IF(AND($C706=\"S\",ORÇAMENTO.CodBarra<>\"\"),IF(ORÇAMENTO.Fonte=\"\",ORÇAMENTO.CodBarra,CONCATENATE(ORÇAMENTO.Fonte,\" \",ORÇAMENTO.CodBarra)))","v":false},{"$f":"IF(ISERROR(INDIRECT(ORÇAMENTO.BancoRef)),\"(abra o arquivo 'Referência \"&Excel_BuiltIn_Database&\".xls)\",IF(OR($C706<>\"S\",ORÇAMENTO.CodBarra=\"\"),\"(Sem Código)\",IF(ISERROR(MATCH($AE706,INDIRECT(ORÇAMENTO.BancoRef),0)),\"(Código não identificado nas referências)\",MATCH($AE706,INDIRECT(ORÇAMENTO.BancoRef),0))))","v":"(abra o arquivo 'Referência 06-2023.xls)"},{"$f":"ROUND(IF(DESONERACAO=\"sim\",REFERENCIA.Desonerado,REFERENCIA.NaoDesonerado),2)","v":0},0.23530000000000001,null,null,null,null,4829.55,0]
["S",2,"S",0,{"$f":"IF($C707=1,OFFSET(E707,-1,0)+MAX(1,COUNTIF(QCI!$A$13:$A$32,OFFSET(ORÇAMENTO!E707,-1,0))),OFFSET(E707,-1,0))","v":15},7,0,0,1,0,{"$f":"IF(OR($C707=\"S\",$C707=0),0,MATCH(OFFSET($D707,0,$C707)+IF($C707<>1,1,COUNTIF(QCI!$A$13:$A$32,ORÇAMENTO!E707)),OFFSET($D707,1,$C707,ROW($C$850)-ROW($C707)),0))","v":0},"F","Serviço","Serviço","15.7.1.","SINAPI","72947","SINALIZACAO HORIZONTAL COM TINTA RETRORREFLETIVA A BASE DE RESINA ACRILICA COM MICROESFERAS DE VIDRO - LINHA CONTÍNUA AMARELA","M2",{"$f":"OFFSET(CÁLCULO!H$15,ROW($T707)-ROW(T$15),0)","v":5.52},17.059999999999999,"BDI 1",{"$f":"IF($C707=\"S\",ROUND(IF(TIPOORCAMENTO=\"Proposto\",ORÇAMENTO.CustoUnitario*(1+$AH707),ORÇAMENTO.PrecoUnitarioLicitado),15-13*$AF$10),0)","v":21.07},116.31,"RA","RA",{"$f":"IF($C707=\"S\",IF($Z707=\"CP\",$X707,IF($Z707=\"RA\",(($X707)*QCI!$AA$3),0)),SomaAgrup)","v":116.31},0,{"$f":"IF($N707=\"\",\"\",IF(ORÇAMENTO.Descricao=\"\",\"DESCRIÇÃO\",IF(AND($C707=\"S\",ORÇAMENTO.Unidade=\"\"),\"UNIDADE\",IF($X707<0,\"VALOR NEGATIVO\",IF(OR(AND(TIPOORCAMENTO=\"Proposto\",$AG707<>\"\",$AG707>0,ORÇAMENTO.CustoUnitario>$AG707),AND(TIPOORCAMENTO=\"LICITADO\",ORÇAMENTO.PrecoUnitarioLicitado>$AN707)),\"ACIMA REF.\",\"\")))))","v":""},{"$f":"IF(C707<=CRONO.NivelExibicao,MAX($AD$15:OFFSET(AD707,-1,0))+IF($C707<>1,1,MAX(1,COUNTIF(QCI!$A$13:$A$32,OFFSET($E707,-1,0)))),\"\")","v":""},{"$f":"IF(AND($C707=\"S\",ORÇAMENTO.CodBarra<>\"\"),IF(ORÇAMENTO.Fonte=\"\",ORÇAMENTO.CodBarra,CONCATENATE(ORÇAMENTO.Fonte,\" \",ORÇAMENTO.CodBarra)))","v":"SINAPI 72947"},{"$f":"IF(ISERROR(INDIRECT(ORÇAMENTO.BancoRef)),\"(abra o arquivo 'Referência \"&Excel_BuiltIn_Database&\".xls)\",IF(OR($C707<>\"S\",ORÇAMENTO.CodBarra=\"\"),\"(Sem Código)\",IF(ISERROR(MATCH($AE707,INDIRECT(ORÇAMENTO.BancoRef),0)),\"(Código não identificado nas referências)\",MATCH($AE707,INDIRECT(ORÇAMENTO.BancoRef),0))))","v":"(abra o arquivo 'Referência 06-2023.xls)"},{"$f":"ROUND(IF(DESONERACAO=\"sim\",REFERENCIA.Desonerado,REFERENCIA.NaoDesonerado),2)","v":0},0.23530000000000001,null,5.52,null,null,116.31,21.07]
["S",2,"S",0,{"$f":"IF($C708=1,OFFSET(E708,-1,0)+MAX(1,COUNTIF(QCI!$A$13:$A$32,OFFSET(ORÇAMENTO!E708,-1,0))),OFFSET(E708,-1,0))","v":15},7,0,0,2,0,{"$f":"IF(OR($C708=\"S\",$C708=0),0,MATCH(OFFSET($D708,0,$C708)+IF($C708<>1,1,COUNTIF(QCI!$A$13:$A$32,ORÇAMENTO!E708)),OFFSET($D708,1,$C708,ROW($C$850)-ROW($C708)),0))","v":0},"F","Serviço","Serviço","15.7.2.","SINAPI","72947","SINALIZACAO HORIZONTAL COM TINTA RETRORREFLETIVA A BASE DE RESINA ACRILICA COM MICROESFERAS DE VIDRO - LINHA CONTÍNUA BRANCA","M2",{"$f":"OFFSET(CÁLCULO!H$15,ROW($T708)-ROW(T$15),0)","v":12.3},17.059999999999999,"BDI 1",{"$f":"IF($C708=\"S\",ROUND(IF(TIPOORCAMENTO=\"Proposto\",ORÇAMENTO.CustoUnitario*(1+$AH708),ORÇAMENTO.PrecoUnitarioLicitado),15-13*$AF$10),0)","v":21.07},259.16000000000003,"RA","RA",{"$f":"IF($C708=\"S\",IF($Z708=\"CP\",$X708,IF($Z708=\"RA\",(($X708)*QCI!$AA$3),0)),SomaAgrup)","v":259.16000000000003},0,{"$f":"IF($N708=\"\",\"\",IF(ORÇAMENTO.Descricao=\"\",\"DESCRIÇÃO\",IF(AND($C708=\"S\",ORÇAMENTO.Unidade=\"\"),\"UNIDADE\",IF($X708<0,\"VALOR NEGATIVO\",IF(OR(AND(TIPOORCAMENTO=\"Proposto\",$AG708<>\"\",$AG708>0,ORÇAMENTO.CustoUnitario>$AG708),AND(TIPOORCAMENTO=\"LICITADO\",ORÇAMENTO.PrecoUnitarioLicitado>$AN708)),\"ACIMA REF.\",\"\")))))","v":""},{"$f":"IF(C708<=CRONO.NivelExibicao,MAX($AD$15:OFFSET(AD708,-1,0))+IF($C708<>1,1,MAX(1,COUNTIF(QCI!$A$13:$A$32,OFFSET($E708,-1,0)))),\"\")","v":""},{"$f":"IF(AND($C708=\"S\",ORÇAMENTO.CodBarra<>\"\"),IF(ORÇAMENTO.Fonte=\"\",ORÇAMENTO.CodBarra,CONCATENATE(ORÇAMENTO.Fonte,\" \",ORÇAMENTO.CodBarra)))","v":"SINAPI 72947"},{"$f":"IF(ISERROR(INDIRECT(ORÇAMENTO.BancoRef)),\"(abra o arquivo 'Referência \"&Excel_BuiltIn_Database&\".xls)\",IF(OR($C708<>\"S\",ORÇAMENTO.CodBarra=\"\"),\"(Sem Código)\",IF(ISERROR(MATCH($AE708,INDIRECT(ORÇAMENTO.BancoRef),0)),\"(Código não identificado nas referências)\",MATCH($AE708,INDIRECT(ORÇAMENTO.BancoRef),0))))","v":"(abra o arquivo 'Referência 06-2023.xls)"},{"$f":"ROUND(IF(DESONERACAO=\"sim\",REFERENCIA.Desonerado,REFERENCIA.NaoDesonerado),2)","v":0},0.23530000000000001,null,12.3,null,null,259.16000000000003,21.07]
["S",2,"S",0,{"$f":"IF($C709=1,OFFSET(E709,-1,0)+MAX(1,COUNTIF(QCI!$A$13:$A$32,OFFSET(ORÇAMENTO!E709,-1,0))),OFFSET(E709,-1,0))","v":15},7,0,0,3,0,{"$f":"IF(OR($C709=\"S\",$C709=0),0,MATCH(OFFSET($D709,0,$C709)+IF($C709<>1,1,COUNTIF(QCI!$A$13:$A$32,ORÇAMENTO!E709)),OFFSET($D709,1,$C709,ROW($C$850)-ROW($C709)),0))","v":0},"F","Serviço","Serviço","15.7.3.","SINAPI","72947","SINALIZACAO HORIZONTAL COM TINTA RETRORREFLETIVA A BASE DE RESINA ACRILICA COM MICROESFERAS DE VIDRO - LINHA CONTÍNUA BRANCA","M2",{"$f":"OFFSET(CÁLCULO!H$15,ROW($T709)-ROW(T$15),0)","v":35.630000000000003},17.059999999999999,"BDI 1",{"$f":"IF($C709=\"S\",ROUND(IF(TIPOORCAMENTO=\"Proposto\",ORÇAMENTO.CustoUnitario*(1+$AH709),ORÇAMENTO.PrecoUnitarioLicitado),15-13*$AF$10),0)","v":21.07},750.72,"RA","RA",{"$f":"IF($C709=\"S\",IF($Z709=\"CP\",$X709,IF($Z709=\"RA\",(($X709)*QCI!$AA$3),0)),SomaAgrup)","v":750.72},0,{"$f":"IF($N709=\"\",\"\",IF(ORÇAMENTO.Descricao=\"\",\"DESCRIÇÃO\",IF(AND($C709=\"S\",ORÇAMENTO.Unidade=\"\"),\"UNIDADE\",IF($X709<0,\"VALOR NEGATIVO\",IF(OR(AND(TIPOORCAMENTO=\"Proposto\",$AG709<>\"\",$AG709>0,ORÇAMENTO.CustoUnitario>$AG709),AND(TIPOORCAMENTO=\"LICITADO\",ORÇAMENTO.PrecoUnitarioLicitado>$AN709)),\"ACIMA REF.\",\"\")))))","v":""},{"$f":"IF(C709<=CRONO.NivelExibicao,MAX($AD$15:OFFSET(AD709,-1,0))+IF($C709<>1,1,MAX(1,COUNTIF(QCI!$A$13:$A$32,OFFSET($E709,-1,0)))),\"\")","v":""},{"$f":"IF(AND($C709=\"S\",ORÇAMENTO.CodBarra<>\"\"),IF(ORÇAMENTO.Fonte=\"\",ORÇAMENTO.CodBarra,CONCATENATE(ORÇAMENTO.Fonte,\" \",ORÇAMENTO.CodBarra)))","v":"SINAPI 72947"},{"$f":"IF(ISERROR(INDIRECT(ORÇAMENTO.BancoRef)),\"(abra o arquivo 'Referência \"&Excel_BuiltIn_Database&\".xls)\",IF(OR($C709<>\"S\",ORÇAMENTO.CodBarra=\"\"),\"(Sem Código)\",IF(ISERROR(MATCH($AE709,INDIRECT(ORÇAMENTO.BancoRef),0)),\"(Código não identificado nas referências)\",MATCH($AE709,INDIRECT(ORÇAMENTO.BancoRef),0))))","v":"(abra o arquivo 'Referência 06-2023.xls)"},{"$f":"ROUND(IF(DESONERACAO=\"sim\",REFERENCIA.Desonerado,REFERENCIA.NaoDesonerado),2)","v":0},0.23530000000000001,null,35.630000000000003,null,null,750.72,21.07]
["S",2,"S",0,{"$f":"IF($C710=1,OFFSET(E710,-1,0)+MAX(1,COUNTIF(QCI!$A$13:$A$32,OFFSET(ORÇAMENTO!E710,-1,0))),OFFSET(E710,-1,0))","v":15},7,0,0,4,0,{"$f":"IF(OR($C710=\"S\",$C710=0),0,MATCH(OFFSET($D710,0,$C710)+IF($C710<>1,1,COUNTIF(QCI!$A$13:$A$32,ORÇAMENTO!E710)),OFFSET($D710,1,$C710,ROW($C$850)-ROW($C710)),0))","v":0},"F","Serviço","Serviço","15.7.4.","AMMOC",340,"PLACA DE SINALIZAÇÃO VIARIA CIRCULAR D = 50 CM, COM SUPORTE DE ACO GALVANIZADO D = 50 MM E ALTURA = 3M INCLUSIVE BASE DE CONCRETO MAGRO","UN",{"$f":"OFFSET(CÁLCULO!H$15,ROW($T710)-ROW(T$15),0)","v":1},365.01,"BDI 1",{"$f":"IF($C710=\"S\",ROUND(IF(TIPOORCAMENTO=\"Proposto\",ORÇAMENTO.CustoUnitario*(1+$AH710),ORÇAMENTO.PrecoUnitarioLicitado),15-13*$AF$10),0)","v":450.9},450.9,"RA","RA",{"$f":"IF($C710=\"S\",IF($Z710=\"CP\",$X710,IF($Z710=\"RA\",(($X710)*QCI!$AA$3),0)),SomaAgrup)","v":450.9},0,{"$f":"IF($N710=\"\",\"\",IF(ORÇAMENTO.Descricao=\"\",\"DESCRIÇÃO\",IF(AND($C710=\"S\",ORÇAMENTO.Unidade=\"\"),\"UNIDADE\",IF($X710<0,\"VALOR NEGATIVO\",IF(OR(AND(TIPOORCAMENTO=\"Proposto\",$AG710<>\"\",$AG710>0,ORÇAMENTO.CustoUnitario>$AG710),AND(TIPOORCAMENTO=\"LICITADO\",ORÇAMENTO.PrecoUnitarioLicitado>$AN710)),\"ACIMA REF.\",\"\")))))","v":""},{"$f":"IF(C710<=CRONO.NivelExibicao,MAX($AD$15:OFFSET(AD710,-1,0))+IF($C710<>1,1,MAX(1,COUNTIF(QCI!$A$13:$A$32,OFFSET($E710,-1,0)))),\"\")","v":""},{"$f":"IF(AND($C710=\"S\",ORÇAMENTO.CodBarra<>\"\"),IF(ORÇAMENTO.Fonte=\"\",ORÇAMENTO.CodBarra,CONCATENATE(ORÇAMENTO.Fonte,\" \",ORÇAMENTO.CodBarra)))","v":"AMMOC 340"},{"$f":"IF(ISERROR(INDIRECT(ORÇAMENTO.BancoRef)),\"(abra o arquivo 'Referência \"&Excel_BuiltIn_Database&\".xls)\",IF(OR($C710<>\"S\",ORÇAMENTO.CodBarra=\"\"),\"(Sem Código)\",IF(ISERROR(MATCH($AE710,INDIRECT(ORÇAMENTO.BancoRef),0)),\"(Código não identificado nas referências)\",MATCH($AE710,INDIRECT(ORÇAMENTO.BancoRef),0))))","v":"(abra o arquivo 'Referência 06-2023.xls)"},{"$f":"ROUND(IF(DESONERACAO=\"sim\",REFERENCIA.Desonerado,REFERENCIA.NaoDesonerado),2)","v":0},0.23530000000000001,null,1,null,null,450.9,450.9]
["S",2,"S",0,{"$f":"IF($C711=1,OFFSET(E711,-1,0)+MAX(1,COUNTIF(QCI!$A$13:$A$32,OFFSET(ORÇAMENTO!E711,-1,0))),OFFSET(E711,-1,0))","v":15},7,0,0,5,0,{"$f":"IF(OR($C711=\"S\",$C711=0),0,MATCH(OFFSET($D711,0,$C711)+IF($C711<>1,1,COUNTIF(QCI!$A$13:$A$32,ORÇAMENTO!E711)),OFFSET($D711,1,$C711,ROW($C$850)-ROW($C711)),0))","v":0},"F","Serviço","Serviço","15.7.5.","AMMOC","215","PLACA DE SINALIZACAO VIARIA OCTOGONAL A = 25 CM, COM SUPORTE DE AÇO GALVANIZADO D = 75 MM E ALTURA = 3 M, INCLUSIVE BASE DE CONCRETO MAGRO","UN ",{"$f":"OFFSET(CÁLCULO!H$15,ROW($T711)-ROW(T$15),0)","v":2},898.27,"BDI 1",{"$f":"IF($C711=\"S\",ROUND(IF(TIPOORCAMENTO=\"Proposto\",ORÇAMENTO.CustoUnitario*(1+$AH711),ORÇAMENTO.PrecoUnitarioLicitado),15-13*$AF$10),0)","v":1109.6300000000001},2219.2600000000002,"RA","RA",{"$f":"IF($C711=\"S\",IF($Z711=\"CP\",$X711,IF($Z711=\"RA\",(($X711)*QCI!$AA$3),0)),SomaAgrup)","v":2219.2600000000002},0,{"$f":"IF($N711=\"\",\"\",IF(ORÇAMENTO.Descricao=\"\",\"DESCRIÇÃO\",IF(AND($C711=\"S\",ORÇAMENTO.Unidade=\"\"),\"UNIDADE\",IF($X711<0,\"VALOR NEGATIVO\",IF(OR(AND(TIPOORCAMENTO=\"Proposto\",$AG711<>\"\",$AG711>0,ORÇAMENTO.CustoUnitario>$AG711),AND(TIPOORCAMENTO=\"LICITADO\",ORÇAMENTO.PrecoUnitarioLicitado>$AN711)),\"ACIMA REF.\",\"\")))))","v":""},{"$f":"IF(C711<=CRONO.NivelExibicao,MAX($AD$15:OFFSET(AD711,-1,0))+IF($C711<>1,1,MAX(1,COUNTIF(QCI!$A$13:$A$32,OFFSET($E711,-1,0)))),\"\")","v":""},{"$f":"IF(AND($C711=\"S\",ORÇAMENTO.CodBarra<>\"\"),IF(ORÇAMENTO.Fonte=\"\",ORÇAMENTO.CodBarra,CONCATENATE(ORÇAMENTO.Fonte,\" \",ORÇAMENTO.CodBarra)))","v":"AMMOC 215"},{"$f":"IF(ISERROR(INDIRECT(ORÇAMENTO.BancoRef)),\"(abra o arquivo 'Referência \"&Excel_BuiltIn_Database&\".xls)\",IF(OR($C711<>\"S\",ORÇAMENTO.CodBarra=\"\"),\"(Sem Código)\",IF(ISERROR(MATCH($AE711,INDIRECT(ORÇAMENTO.BancoRef),0)),\"(Código não identificado nas referências)\",MATCH($AE711,INDIRECT(ORÇAMENTO.BancoRef),0))))","v":"(abra o arquivo 'Referência 06-2023.xls)"},{"$f":"ROUND(IF(DESONERACAO=\"sim\",REFERENCIA.Desonerado,REFERENCIA.NaoDesonerado),2)","v":0},0.23530000000000001,null,2,null,null,2219.2600000000002,1109.6300000000001]
["S",2,"S",0,{"$f":"IF($C712=1,OFFSET(E712,-1,0)+MAX(1,COUNTIF(QCI!$A$13:$A$32,OFFSET(ORÇAMENTO!E712,-1,0))),OFFSET(E712,-1,0))","v":15},7,0,0,6,0,{"$f":"IF(OR($C712=\"S\",$C712=0),0,MATCH(OFFSET($D712,0,$C712)+IF($C712<>1,1,COUNTIF(QCI!$A$13:$A$32,ORÇAMENTO!E712)),OFFSET($D712,1,$C712,ROW($C$850)-ROW($C712)),0))","v":0},"F","Serviço","Serviço","15.7.6.","AMMOC","PLRUA2","PLACA DE IDENTIFICACAO DE RUA (2 PLACA 45 CM X 20 CM), COM SUPORTE DE ACO GALVANIZADO D = 50 MM E ALTURA = 3 M, INCLUSIVE BASE DE CONCRETO MAGRO","UND",{"$f":"OFFSET(CÁLCULO!H$15,ROW($T712)-ROW(T$15),0)","v":2},418.2,"BDI 1",{"$f":"IF($C712=\"S\",ROUND(IF(TIPOORCAMENTO=\"Proposto\",ORÇAMENTO.CustoUnitario*(1+$AH712),ORÇAMENTO.PrecoUnitarioLicitado),15-13*$AF$10),0)","v":516.6},1033.2,"RA","RA",{"$f":"IF($C712=\"S\",IF($Z712=\"CP\",$X712,IF($Z712=\"RA\",(($X712)*QCI!$AA$3),0)),SomaAgrup)","v":1033.2},0,{"$f":"IF($N712=\"\",\"\",IF(ORÇAMENTO.Descricao=\"\",\"DESCRIÇÃO\",IF(AND($C712=\"S\",ORÇAMENTO.Unidade=\"\"),\"UNIDADE\",IF($X712<0,\"VALOR NEGATIVO\",IF(OR(AND(TIPOORCAMENTO=\"Proposto\",$AG712<>\"\",$AG712>0,ORÇAMENTO.CustoUnitario>$AG712),AND(TIPOORCAMENTO=\"LICITADO\",ORÇAMENTO.PrecoUnitarioLicitado>$AN712)),\"ACIMA REF.\",\"\")))))","v":""},{"$f":"IF(C712<=CRONO.NivelExibicao,MAX($AD$15:OFFSET(AD712,-1,0))+IF($C712<>1,1,MAX(1,COUNTIF(QCI!$A$13:$A$32,OFFSET($E712,-1,0)))),\"\")","v":""},{"$f":"IF(AND($C712=\"S\",ORÇAMENTO.CodBarra<>\"\"),IF(ORÇAMENTO.Fonte=\"\",ORÇAMENTO.CodBarra,CONCATENATE(ORÇAMENTO.Fonte,\" \",ORÇAMENTO.CodBarra)))","v":"AMMOC PLRUA2"},{"$f":"IF(ISERROR(INDIRECT(ORÇAMENTO.BancoRef)),\"(abra o arquivo 'Referência \"&Excel_BuiltIn_Database&\".xls)\",IF(OR($C712<>\"S\",ORÇAMENTO.CodBarra=\"\"),\"(Sem Código)\",IF(ISERROR(MATCH($AE712,INDIRECT(ORÇAMENTO.BancoRef),0)),\"(Código não identificado nas referências)\",MATCH($AE712,INDIRECT(ORÇAMENTO.BancoRef),0))))","v":"(abra o arquivo 'Referência 06-2023.xls)"},{"$f":"ROUND(IF(DESONERACAO=\"sim\",REFERENCIA.Desonerado,REFERENCIA.NaoDesonerado),2)","v":0},0.23530000000000001,null,2,null,null,1033.2,516.6]
[1,{"$f":"IF(OR(C713=\"s\",C713=0),OFFSET(B713,-1,0),C713)","v":1},{"$f":"IF(OFFSET(C713,-1,0)=\"L\",1,IF(OFFSET(C713,-1,0)=1,2,IF(OR(A713=\"s\",A713=0),\"S\",IF(AND(OFFSET(C713,-1,0)=2,A713=4),3,IF(AND(OR(OFFSET(C713,-1,0)=\"s\",OFFSET(C713,-1,0)=0),A713<>\"s\",A713>OFFSET(B713,-1,0)),OFFSET(B713,-1,0),A713)))))","v":1},{"$f":"IF(OR(C713=\"S\",C713=0),0,IF(ISERROR(K713),J713,SMALL(J713:K713,1)))","v":38},{"$f":"IF($C713=1,OFFSET(E713,-1,0)+MAX(1,COUNTIF(QCI!$A$13:$A$32,OFFSET(ORÇAMENTO!E713,-1,0))),OFFSET(E713,-1,0))","v":16},{"$f":"IF($C713=1,0,IF($C713=2,OFFSET(F713,-1,0)+1,OFFSET(F713,-1,0)))","v":0},{"$f":"IF(AND($C713<=2,$C713<>0),0,IF($C713=3,OFFSET(G713,-1,0)+1,OFFSET(G713,-1,0)))","v":0},{"$f":"IF(AND($C713<=3,$C713<>0),0,IF($C713=4,OFFSET(H713,-1,0)+1,OFFSET(H713,-1,0)))","v":0},{"$f":"IF(AND($C713<=4,$C713<>0),0,IF(AND($C713=\"S\",$X713>0),OFFSET(I713,-1,0)+1,OFFSET(I713,-1,0)))","v":0},137,{"$f":"IF(OR($C713=\"S\",$C713=0),0,MATCH(OFFSET($D713,0,$C713)+IF($C713<>1,1,COUNTIF(QCI!$A$13:$A$32,ORÇAMENTO!E713)),OFFSET($D713,1,$C713,ROW($C$850)-ROW($C713)),0))","v":38},{"$f":"IF(OR($X713>0,$C713=1,$C713=2,$C713=3,$C713=4),\"F\",\"\")","v":"F"},"Meta",{"$f":"CHOOSE(1+LOG(1+2*(C713=1)+4*(C713=2)+8*(C713=3)+16*(C713=4)+32*(C713=\"S\"),2),\"\",\"Meta\",\"Nível 2\",\"Nível 3\",\"Nível 4\",\"Serviço\")","v":"Meta"},{"$f":"IF(OR($C713=0,$L713=\"\"),\"-\",CONCATENATE(E713&\".\",IF(AND($A$5>=2,$C713>=2),F713&\".\",\"\"),IF(AND($A$5>=3,$C713>=3),G713&\".\",\"\"),IF(AND($A$5>=4,$C713>=4),H713&\".\",\"\"),IF($C713=\"S\",I713&\".\",\"\")))","v":"16."},"SINAPI",null,"RUA EGON MULLER","-",{"$f":"OFFSET(CÁLCULO!H$15,ROW($T713)-ROW(T$15),0)","v":0},0,"BDI 1",{"$f":"IF($C713=\"S\",ROUND(IF(TIPOORCAMENTO=\"Proposto\",ORÇAMENTO.CustoUnitario*(1+$AH713),ORÇAMENTO.PrecoUnitarioLicitado),15-13*$AF$10),0)","v":0},122714.85,"RA",{"$f":"IF(AND($C713=\"S\",$X713>0),IF(ISBLANK($Y713),\"RA\",LEFT($Y713,2)),\"\")","v":""},{"$f":"IF($C713=\"S\",IF($Z713=\"CP\",$X713,IF($Z713=\"RA\",(($X713)*QCI!$AA$3),0)),SomaAgrup)","v":122714.84999999998},0,{"$f":"IF($N713=\"\",\"\",IF(ORÇAMENTO.Descricao=\"\",\"DESCRIÇÃO\",IF(AND($C713=\"S\",ORÇAMENTO.Unidade=\"\"),\"UNIDADE\",IF($X713<0,\"VALOR NEGATIVO\",IF(OR(AND(TIPOORCAMENTO=\"Proposto\",$AG713<>\"\",$AG713>0,ORÇAMENTO.CustoUnitario>$AG713),AND(TIPOORCAMENTO=\"LICITADO\",ORÇAMENTO.PrecoUnitarioLicitado>$AN713)),\"ACIMA REF.\",\"\")))))","v":""},{"$f":"IF(C713<=CRONO.NivelExibicao,MAX($AD$15:OFFSET(AD713,-1,0))+IF($C713<>1,1,MAX(1,COUNTIF(QCI!$A$13:$A$32,OFFSET($E713,-1,0)))),\"\")","v":16},{"$f":"IF(AND($C713=\"S\",ORÇAMENTO.CodBarra<>\"\"),IF(ORÇAMENTO.Fonte=\"\",ORÇAMENTO.CodBarra,CONCATENATE(ORÇAMENTO.Fonte,\" \",ORÇAMENTO.CodBarra)))","v":false},{"$f":"IF(ISERROR(INDIRECT(ORÇAMENTO.BancoRef)),\"(abra o arquivo 'Referência \"&Excel_BuiltIn_Database&\".xls)\",IF(OR($C713<>\"S\",ORÇAMENTO.CodBarra=\"\"),\"(Sem Código)\",IF(ISERROR(MATCH($AE713,INDIRECT(ORÇAMENTO.BancoRef),0)),\"(Código não identificado nas referências)\",MATCH($AE713,INDIRECT(ORÇAMENTO.BancoRef),0))))","v":"(abra o arquivo 'Referência 06-2023.xls)"},{"$f":"ROUND(IF(DESONERACAO=\"sim\",REFERENCIA.Desonerado,REFERENCIA.NaoDesonerado),2)","v":0},0.23530000000000001,null,null,null,null,{"$f":"$X713","v":122714.85},0]
[2,2,2,2,{"$f":"IF($C714=1,OFFSET(E714,-1,0)+MAX(1,COUNTIF(QCI!$A$13:$A$32,OFFSET(ORÇAMENTO!E714,-1,0))),OFFSET(E714,-1,0))","v":16},1,0,0,0,37,{"$f":"IF(OR($C714=\"S\",$C714=0),0,MATCH(OFFSET($D714,0,$C714)+IF($C714<>1,1,COUNTIF(QCI!$A$13:$A$32,ORÇAMENTO!E714)),OFFSET($D714,1,$C714,ROW($C$850)-ROW($C714)),0))","v":2},"F","Nível 2","Nível 2","16.1.","SINAPI",null,"SERVIÇOS INICIAIS","-",{"$f":"OFFSET(CÁLCULO!H$15,ROW($T714)-ROW(T$15),0)","v":0},0,"BDI 1",{"$f":"IF($C714=\"S\",ROUND(IF(TIPOORCAMENTO=\"Proposto\",ORÇAMENTO.CustoUnitario*(1+$AH714),ORÇAMENTO.PrecoUnitarioLicitado),15-13*$AF$10),0)","v":0},38.31,"RA","",{"$f":"IF($C714=\"S\",IF($Z714=\"CP\",$X714,IF($Z714=\"RA\",(($X714)*QCI!$AA$3),0)),SomaAgrup)","v":38.31},0,{"$f":"IF($N714=\"\",\"\",IF(ORÇAMENTO.Descricao=\"\",\"DESCRIÇÃO\",IF(AND($C714=\"S\",ORÇAMENTO.Unidade=\"\"),\"UNIDADE\",IF($X714<0,\"VALOR NEGATIVO\",IF(OR(AND(TIPOORCAMENTO=\"Proposto\",$AG714<>\"\",$AG714>0,ORÇAMENTO.CustoUnitario>$AG714),AND(TIPOORCAMENTO=\"LICITADO\",ORÇAMENTO.PrecoUnitarioLicitado>$AN714)),\"ACIMA REF.\",\"\")))))","v":""},{"$f":"IF(C714<=CRONO.NivelExibicao,MAX($AD$15:OFFSET(AD714,-1,0))+IF($C714<>1,1,MAX(1,COUNTIF(QCI!$A$13:$A$32,OFFSET($E714,-1,0)))),\"\")","v":""},{"$f":"IF(AND($C714=\"S\",ORÇAMENTO.CodBarra<>\"\"),IF(ORÇAMENTO.Fonte=\"\",ORÇAMENTO.CodBarra,CONCATENATE(ORÇAMENTO.Fonte,\" \",ORÇAMENTO.CodBarra)))","v":false},{"$f":"IF(ISERROR(INDIRECT(ORÇAMENTO.BancoRef)),\"(abra o arquivo 'Referência \"&Excel_BuiltIn_Database&\".xls)\",IF(OR($C714<>\"S\",ORÇAMENTO.CodBarra=\"\"),\"(Sem Código)\",IF(ISERROR(MATCH($AE714,INDIRECT(ORÇAMENTO.BancoRef),0)),\"(Código não identificado nas referências)\",MATCH($AE714,INDIRECT(ORÇAMENTO.BancoRef),0))))","v":"(abra o arquivo 'Referência 06-2023.xls)"},{"$f":"ROUND(IF(DESONERACAO=\"sim\",REFERENCIA.Desonerado,REFERENCIA.NaoDesonerado),2)","v":0},0.23530000000000001,null,null,null,null,38.31,0]
["S",2,"S",0,{"$f":"IF($C715=1,OFFSET(E715,-1,0)+MAX(1,COUNTIF(QCI!$A$13:$A$32,OFFSET(ORÇAMENTO!E715,-1,0))),OFFSET(E715,-1,0))","v":16},1,0,0,1,0,{"$f":"IF(OR($C715=\"S\",$C715=0),0,MATCH(OFFSET($D715,0,$C715)+IF($C715<>1,1,COUNTIF(QCI!$A$13:$A$32,ORÇAMENTO!E715)),OFFSET($D715,1,$C715,ROW($C$850)-ROW($C715)),0))","v":0},"F","Serviço","Serviço","16.1.1.","SINAPI","99064","LOCAÇÃO DE PAVIMENTAÇÃO","M",{"$f":"OFFSET(CÁLCULO!H$15,ROW($T715)-ROW(T$15),0)","v":64.930000000000007},0.48,"BDI 1",{"$f":"IF($C715=\"S\",ROUND(IF(TIPOORCAMENTO=\"Proposto\",ORÇAMENTO.CustoUnitario*(1+$AH715),ORÇAMENTO.PrecoUnitarioLicitado),15-13*$AF$10),0)","v":0.59},38.31,"RA","RA",{"$f":"IF($C715=\"S\",IF($Z715=\"CP\",$X715,IF($Z715=\"RA\",(($X715)*QCI!$AA$3),0)),SomaAgrup)","v":38.31},0,{"$f":"IF($N715=\"\",\"\",IF(ORÇAMENTO.Descricao=\"\",\"DESCRIÇÃO\",IF(AND($C715=\"S\",ORÇAMENTO.Unidade=\"\"),\"UNIDADE\",IF($X715<0,\"VALOR NEGATIVO\",IF(OR(AND(TIPOORCAMENTO=\"Proposto\",$AG715<>\"\",$AG715>0,ORÇAMENTO.CustoUnitario>$AG715),AND(TIPOORCAMENTO=\"LICITADO\",ORÇAMENTO.PrecoUnitarioLicitado>$AN715)),\"ACIMA REF.\",\"\")))))","v":""},{"$f":"IF(C715<=CRONO.NivelExibicao,MAX($AD$15:OFFSET(AD715,-1,0))+IF($C715<>1,1,MAX(1,COUNTIF(QCI!$A$13:$A$32,OFFSET($E715,-1,0)))),\"\")","v":""},{"$f":"IF(AND($C715=\"S\",ORÇAMENTO.CodBarra<>\"\"),IF(ORÇAMENTO.Fonte=\"\",ORÇAMENTO.CodBarra,CONCATENATE(ORÇAMENTO.Fonte,\" \",ORÇAMENTO.CodBarra)))","v":"SINAPI 99064"},{"$f":"IF(ISERROR(INDIRECT(ORÇAMENTO.BancoRef)),\"(abra o arquivo 'Referência \"&Excel_BuiltIn_Database&\".xls)\",IF(OR($C715<>\"S\",ORÇAMENTO.CodBarra=\"\"),\"(Sem Código)\",IF(ISERROR(MATCH($AE715,INDIRECT(ORÇAMENTO.BancoRef),0)),\"(Código não identificado nas referências)\",MATCH($AE715,INDIRECT(ORÇAMENTO.BancoRef),0))))","v":"(abra o arquivo 'Referência 06-2023.xls)"},{"$f":"ROUND(IF(DESONERACAO=\"sim\",REFERENCIA.Desonerado,REFERENCIA.NaoDesonerado),2)","v":0},0.23530000000000001,null,64.930000000000007,null,null,38.31,0.59]
[2,2,2,2,{"$f":"IF($C716=1,OFFSET(E716,-1,0)+MAX(1,COUNTIF(QCI!$A$13:$A$32,OFFSET(ORÇAMENTO!E716,-1,0))),OFFSET(E716,-1,0))","v":16},2,0,0,0,35,{"$f":"IF(OR($C716=\"S\",$C716=0),0,MATCH(OFFSET($D716,0,$C716)+IF($C716<>1,1,COUNTIF(QCI!$A$13:$A$32,ORÇAMENTO!E716)),OFFSET($D716,1,$C716,ROW($C$850)-ROW($C716)),0))","v":2},"F","Nível 2","Nível 2","16.2.","SINAPI",null,"SINALIZAÇÃO E SEGURANÇA","-",{"$f":"OFFSET(CÁLCULO!H$15,ROW($T716)-ROW(T$15),0)","v":0},0,"BDI 1",{"$f":"IF($C716=\"S\",ROUND(IF(TIPOORCAMENTO=\"Proposto\",ORÇAMENTO.CustoUnitario*(1+$AH716),ORÇAMENTO.PrecoUnitarioLicitado),15-13*$AF$10),0)","v":0},2236.19,"RA","",{"$f":"IF($C716=\"S\",IF($Z716=\"CP\",$X716,IF($Z716=\"RA\",(($X716)*QCI!$AA$3),0)),SomaAgrup)","v":2236.19},0,{"$f":"IF($N716=\"\",\"\",IF(ORÇAMENTO.Descricao=\"\",\"DESCRIÇÃO\",IF(AND($C716=\"S\",ORÇAMENTO.Unidade=\"\"),\"UNIDADE\",IF($X716<0,\"VALOR NEGATIVO\",IF(OR(AND(TIPOORCAMENTO=\"Proposto\",$AG716<>\"\",$AG716>0,ORÇAMENTO.CustoUnitario>$AG716),AND(TIPOORCAMENTO=\"LICITADO\",ORÇAMENTO.PrecoUnitarioLicitado>$AN716)),\"ACIMA REF.\",\"\")))))","v":""},{"$f":"IF(C716<=CRONO.NivelExibicao,MAX($AD$15:OFFSET(AD716,-1,0))+IF($C716<>1,1,MAX(1,COUNTIF(QCI!$A$13:$A$32,OFFSET($E716,-1,0)))),\"\")","v":""},{"$f":"IF(AND($C716=\"S\",ORÇAMENTO.CodBarra<>\"\"),IF(ORÇAMENTO.Fonte=\"\",ORÇAMENTO.CodBarra,CONCATENATE(ORÇAMENTO.Fonte,\" \",ORÇAMENTO.CodBarra)))","v":false},{"$f":"IF(ISERROR(INDIRECT(ORÇAMENTO.BancoRef)),\"(abra o arquivo 'Referência \"&Excel_BuiltIn_Database&\".xls)\",IF(OR($C716<>\"S\",ORÇAMENTO.CodBarra=\"\"),\"(Sem Código)\",IF(ISERROR(MATCH($AE716,INDIRECT(ORÇAMENTO.BancoRef),0)),\"(Código não identificado nas referências)\",MATCH($AE716,INDIRECT(ORÇAMENTO.BancoRef),0))))","v":"(abra o arquivo 'Referência 06-2023.xls)"},{"$f":"ROUND(IF(DESONERACAO=\"sim\",REFERENCIA.Desonerado,REFERENCIA.NaoDesonerado),2)","v":0},0.23530000000000001,null,null,null,null,2236.19,0]
["S",2,"S",0,{"$f":"IF($C717=1,OFFSET(E717,-1,0)+MAX(1,COUNTIF(QCI!$A$13:$A$32,OFFSET(ORÇAMENTO!E717,-1,0))),OFFSET(E717,-1,0))","v":16},2,0,0,1,0,{"$f":"IF(OR($C717=\"S\",$C717=0),0,MATCH(OFFSET($D717,0,$C717)+IF($C717<>1,1,COUNTIF(QCI!$A$13:$A$32,ORÇAMENTO!E717)),OFFSET($D717,1,$C717,ROW($C$850)-ROW($C717)),0))","v":0},"F","Serviço","Serviço","16.2.1.","AMMOC","SIN","SINALIZAÇÃO COM TELA PLASTICA TIPO TAPUME FIXADA EM CONE PLÁSTICO, INCLUINDO CONE","M",{"$f":"OFFSET(CÁLCULO!H$15,ROW($T717)-ROW(T$15),0)","v":129.86000000000001},13.94,"BDI 1",{"$f":"IF($C717=\"S\",ROUND(IF(TIPOORCAMENTO=\"Proposto\",ORÇAMENTO.CustoUnitario*(1+$AH717),ORÇAMENTO.PrecoUnitarioLicitado),15-13*$AF$10),0)","v":17.22},2236.19,"RA","RA",{"$f":"IF($C717=\"S\",IF($Z717=\"CP\",$X717,IF($Z717=\"RA\",(($X717)*QCI!$AA$3),0)),SomaAgrup)","v":2236.19},0,{"$f":"IF($N717=\"\",\"\",IF(ORÇAMENTO.Descricao=\"\",\"DESCRIÇÃO\",IF(AND($C717=\"S\",ORÇAMENTO.Unidade=\"\"),\"UNIDADE\",IF($X717<0,\"VALOR NEGATIVO\",IF(OR(AND(TIPOORCAMENTO=\"Proposto\",$AG717<>\"\",$AG717>0,ORÇAMENTO.CustoUnitario>$AG717),AND(TIPOORCAMENTO=\"LICITADO\",ORÇAMENTO.PrecoUnitarioLicitado>$AN717)),\"ACIMA REF.\",\"\")))))","v":""},{"$f":"IF(C717<=CRONO.NivelExibicao,MAX($AD$15:OFFSET(AD717,-1,0))+IF($C717<>1,1,MAX(1,COUNTIF(QCI!$A$13:$A$32,OFFSET($E717,-1,0)))),\"\")","v":""},{"$f":"IF(AND($C717=\"S\",ORÇAMENTO.CodBarra<>\"\"),IF(ORÇAMENTO.Fonte=\"\",ORÇAMENTO.CodBarra,CONCATENATE(ORÇAMENTO.Fonte,\" \",ORÇAMENTO.CodBarra)))","v":"AMMOC SIN"},{"$f":"IF(ISERROR(INDIRECT(ORÇAMENTO.BancoRef)),\"(abra o arquivo 'Referência \"&Excel_BuiltIn_Database&\".xls)\",IF(OR($C717<>\"S\",ORÇAMENTO.CodBarra=\"\"),\"(Sem Código)\",IF(ISERROR(MATCH($AE717,INDIRECT(ORÇAMENTO.BancoRef),0)),\"(Código não identificado nas referências)\",MATCH($AE717,INDIRECT(ORÇAMENTO.BancoRef),0))))","v":"(abra o arquivo 'Referência 06-2023.xls)"},{"$f":"ROUND(IF(DESONERACAO=\"sim\",REFERENCIA.Desonerado,REFERENCIA.NaoDesonerado),2)","v":0},0.23530000000000001,null,{"$f":"AJ715*2","v":129.86000000000001},null,null,2236.19,17.22]
[2,2,2,7,{"$f":"IF($C718=1,OFFSET(E718,-1,0)+MAX(1,COUNTIF(QCI!$A$13:$A$32,OFFSET(ORÇAMENTO!E718,-1,0))),OFFSET(E718,-1,0))","v":16},3,0,0,0,33,{"$f":"IF(OR($C718=\"S\",$C718=0),0,MATCH(OFFSET($D718,0,$C718)+IF($C718<>1,1,COUNTIF(QCI!$A$13:$A$32,ORÇAMENTO!E718)),OFFSET($D718,1,$C718,ROW($C$850)-ROW($C718)),0))","v":7},"F","Nível 2","Nível 2","16.3.","SINAPI",null,"ESCAVAÇÕES E MOVIMENTAÇÕES DE TERRA","-",{"$f":"OFFSET(CÁLCULO!H$15,ROW($T718)-ROW(T$15),0)","v":0},0,"BDI 1",{"$f":"IF($C718=\"S\",ROUND(IF(TIPOORCAMENTO=\"Proposto\",ORÇAMENTO.CustoUnitario*(1+$AH718),ORÇAMENTO.PrecoUnitarioLicitado),15-13*$AF$10),0)","v":0},1756.53,"RA","",{"$f":"IF($C718=\"S\",IF($Z718=\"CP\",$X718,IF($Z718=\"RA\",(($X718)*QCI!$AA$3),0)),SomaAgrup)","v":1756.53},0,{"$f":"IF($N718=\"\",\"\",IF(ORÇAMENTO.Descricao=\"\",\"DESCRIÇÃO\",IF(AND($C718=\"S\",ORÇAMENTO.Unidade=\"\"),\"UNIDADE\",IF($X718<0,\"VALOR NEGATIVO\",IF(OR(AND(TIPOORCAMENTO=\"Proposto\",$AG718<>\"\",$AG718>0,ORÇAMENTO.CustoUnitario>$AG718),AND(TIPOORCAMENTO=\"LICITADO\",ORÇAMENTO.PrecoUnitarioLicitado>$AN718)),\"ACIMA REF.\",\"\")))))","v":""},{"$f":"IF(C718<=CRONO.NivelExibicao,MAX($AD$15:OFFSET(AD718,-1,0))+IF($C718<>1,1,MAX(1,COUNTIF(QCI!$A$13:$A$32,OFFSET($E718,-1,0)))),\"\")","v":""},{"$f":"IF(AND($C718=\"S\",ORÇAMENTO.CodBarra<>\"\"),IF(ORÇAMENTO.Fonte=\"\",ORÇAMENTO.CodBarra,CONCATENATE(ORÇAMENTO.Fonte,\" \",ORÇAMENTO.CodBarra)))","v":false},{"$f":"IF(ISERROR(INDIRECT(ORÇAMENTO.BancoRef)),\"(abra o arquivo 'Referência \"&Excel_BuiltIn_Database&\".xls)\",IF(OR($C718<>\"S\",ORÇAMENTO.CodBarra=\"\"),\"(Sem Código)\",IF(ISERROR(MATCH($AE718,INDIRECT(ORÇAMENTO.BancoRef),0)),\"(Código não identificado nas referências)\",MATCH($AE718,INDIRECT(ORÇAMENTO.BancoRef),0))))","v":"(abra o arquivo 'Referência 06-2023.xls)"},{"$f":"ROUND(IF(DESONERACAO=\"sim\",REFERENCIA.Desonerado,REFERENCIA.NaoDesonerado),2)","v":0},0.23530000000000001,null,null,null,null,1756.53,0]
["S",2,"S",0,{"$f":"IF($C719=1,OFFSET(E719,-1,0)+MAX(1,COUNTIF(QCI!$A$13:$A$32,OFFSET(ORÇAMENTO!E719,-1,0))),OFFSET(E719,-1,0))","v":16},3,0,0,1,0,{"$f":"IF(OR($C719=\"S\",$C719=0),0,MATCH(OFFSET($D719,0,$C719)+IF($C719<>1,1,COUNTIF(QCI!$A$13:$A$32,ORÇAMENTO!E719)),OFFSET($D719,1,$C719,ROW($C$850)-ROW($C719)),0))","v":0},"F","Serviço","Serviço","16.3.1.","SINAPI","102276","ESCAVAÇÃO MECANIZADA DE VALA E TALUDES EM SOLO DE 2A CATEGORIA, EM LOCAIS COM ALTO NÍVEL DE INTERFERÊNCIA","M3",{"$f":"OFFSET(CÁLCULO!H$15,ROW($T719)-ROW(T$15),0)","v":44.84},12.08,"BDI 1",{"$f":"IF($C719=\"S\",ROUND(IF(TIPOORCAMENTO=\"Proposto\",ORÇAMENTO.CustoUnitario*(1+$AH719),ORÇAMENTO.PrecoUnitarioLicitado),15-13*$AF$10),0)","v":14.92},669.01,"RA","RA",{"$f":"IF($C719=\"S\",IF($Z719=\"CP\",$X719,IF($Z719=\"RA\",(($X719)*QCI!$AA$3),0)),SomaAgrup)","v":669.01},0,{"$f":"IF($N719=\"\",\"\",IF(ORÇAMENTO.Descricao=\"\",\"DESCRIÇÃO\",IF(AND($C719=\"S\",ORÇAMENTO.Unidade=\"\"),\"UNIDADE\",IF($X719<0,\"VALOR NEGATIVO\",IF(OR(AND(TIPOORCAMENTO=\"Proposto\",$AG719<>\"\",$AG719>0,ORÇAMENTO.CustoUnitario>$AG719),AND(TIPOORCAMENTO=\"LICITADO\",ORÇAMENTO.PrecoUnitarioLicitado>$AN719)),\"ACIMA REF.\",\"\")))))","v":""},{"$f":"IF(C719<=CRONO.NivelExibicao,MAX($AD$15:OFFSET(AD719,-1,0))+IF($C719<>1,1,MAX(1,COUNTIF(QCI!$A$13:$A$32,OFFSET($E719,-1,0)))),\"\")","v":""},{"$f":"IF(AND($C719=\"S\",ORÇAMENTO.CodBarra<>\"\"),IF(ORÇAMENTO.Fonte=\"\",ORÇAMENTO.CodBarra,CONCATENATE(ORÇAMENTO.Fonte,\" \",ORÇAMENTO.CodBarra)))","v":"SINAPI 102276"},{"$f":"IF(ISERROR(INDIRECT(ORÇAMENTO.BancoRef)),\"(abra o arquivo 'Referência \"&Excel_BuiltIn_Database&\".xls)\",IF(OR($C719<>\"S\",ORÇAMENTO.CodBarra=\"\"),\"(Sem Código)\",IF(ISERROR(MATCH($AE719,INDIRECT(ORÇAMENTO.BancoRef),0)),\"(Código não identificado nas referências)\",MATCH($AE719,INDIRECT(ORÇAMENTO.BancoRef),0))))","v":"(abra o arquivo 'Referência 06-2023.xls)"},{"$f":"ROUND(IF(DESONERACAO=\"sim\",REFERENCIA.Desonerado,REFERENCIA.NaoDesonerado),2)","v":0},0.23530000000000001,null,44.84,null,null,669.01,14.92]
["S",2,"S",0,{"$f":"IF($C720=1,OFFSET(E720,-1,0)+MAX(1,COUNTIF(QCI!$A$13:$A$32,OFFSET(ORÇAMENTO!E720,-1,0))),OFFSET(E720,-1,0))","v":16},3,0,0,2,{"$f":"IF(OR($C720=\"S\",$C720=0),0,MATCH(0,OFFSET($D720,1,$C720,ROW($C$850)-ROW($C720)),0))","v":0},{"$f":"IF(OR($C720=\"S\",$C720=0),0,MATCH(OFFSET($D720,0,$C720)+IF($C720<>1,1,COUNTIF(QCI!$A$13:$A$32,ORÇAMENTO!E720)),OFFSET($D720,1,$C720,ROW($C$850)-ROW($C720)),0))","v":0},"F","Serviço","Serviço","16.3.2.","SINAPI","100978","CARGA, MANOBRA E DESCARGA DE MATERIAL REMOVIDO EM CAMINHÃO BASCULANTE - CARGA COM ESCAVADEIRA HIDRÁULICA","M3",{"$f":"OFFSET(CÁLCULO!H$15,ROW($T720)-ROW(T$15),0)","v":44.84},6.33,"BDI 1",{"$f":"IF($C720=\"S\",ROUND(IF(TIPOORCAMENTO=\"Proposto\",ORÇAMENTO.CustoUnitario*(1+$AH720),ORÇAMENTO.PrecoUnitarioLicitado),15-13*$AF$10),0)","v":7.82},350.65,"RA","RA",{"$f":"IF($C720=\"S\",IF($Z720=\"CP\",$X720,IF($Z720=\"RA\",(($X720)*QCI!$AA$3),0)),SomaAgrup)","v":350.65},0,{"$f":"IF($N720=\"\",\"\",IF(ORÇAMENTO.Descricao=\"\",\"DESCRIÇÃO\",IF(AND($C720=\"S\",ORÇAMENTO.Unidade=\"\"),\"UNIDADE\",IF($X720<0,\"VALOR NEGATIVO\",IF(OR(AND(TIPOORCAMENTO=\"Proposto\",$AG720<>\"\",$AG720>0,ORÇAMENTO.CustoUnitario>$AG720),AND(TIPOORCAMENTO=\"LICITADO\",ORÇAMENTO.PrecoUnitarioLicitado>$AN720)),\"ACIMA REF.\",\"\")))))","v":""},{"$f":"IF(C720<=CRONO.NivelExibicao,MAX($AD$15:OFFSET(AD720,-1,0))+IF($C720<>1,1,MAX(1,COUNTIF(QCI!$A$13:$A$32,OFFSET($E720,-1,0)))),\"\")","v":""},{"$f":"IF(AND($C720=\"S\",ORÇAMENTO.CodBarra<>\"\"),IF(ORÇAMENTO.Fonte=\"\",ORÇAMENTO.CodBarra,CONCATENATE(ORÇAMENTO.Fonte,\" \",ORÇAMENTO.CodBarra)))","v":"SINAPI 100978"},{"$f":"IF(ISERROR(INDIRECT(ORÇAMENTO.BancoRef)),\"(abra o arquivo 'Referência \"&Excel_BuiltIn_Database&\".xls)\",IF(OR($C720<>\"S\",ORÇAMENTO.CodBarra=\"\"),\"(Sem Código)\",IF(ISERROR(MATCH($AE720,INDIRECT(ORÇAMENTO.BancoRef),0)),\"(Código não identificado nas referências)\",MATCH($AE720,INDIRECT(ORÇAMENTO.BancoRef),0))))","v":"(abra o arquivo 'Referência 06-2023.xls)"},{"$f":"ROUND(IF(DESONERACAO=\"sim\",REFERENCIA.Desonerado,REFERENCIA.NaoDesonerado),2)","v":0},0.23530000000000001,null,{"$f":"AJ719","v":44.84},null,null,350.65,7.82]
["S",2,"S",0,{"$f":"IF($C721=1,OFFSET(E721,-1,0)+MAX(1,COUNTIF(QCI!$A$13:$A$32,OFFSET(ORÇAMENTO!E721,-1,0))),OFFSET(E721,-1,0))","v":16},3,0,0,3,0,{"$f":"IF(OR($C721=\"S\",$C721=0),0,MATCH(OFFSET($D721,0,$C721)+IF($C721<>1,1,COUNTIF(QCI!$A$13:$A$32,ORÇAMENTO!E721)),OFFSET($D721,1,$C721,ROW($C$850)-ROW($C721)),0))","v":0},"F","Serviço","Serviço","16.3.3.","SINAPI","95875","TRANSPORTE DE MATERIAL REMOVIDO COM CAMINHÃO BASCULANTE, DMT = 2 KM","M3XKM",{"$f":"OFFSET(CÁLCULO!H$15,ROW($T721)-ROW(T$15),0)","v":89.68},2.23,"BDI 1",{"$f":"IF($C721=\"S\",ROUND(IF(TIPOORCAMENTO=\"Proposto\",ORÇAMENTO.CustoUnitario*(1+$AH721),ORÇAMENTO.PrecoUnitarioLicitado),15-13*$AF$10),0)","v":2.75},246.62,"RA","RA",{"$f":"IF($C721=\"S\",IF($Z721=\"CP\",$X721,IF($Z721=\"RA\",(($X721)*QCI!$AA$3),0)),SomaAgrup)","v":246.62},0,{"$f":"IF($N721=\"\",\"\",IF(ORÇAMENTO.Descricao=\"\",\"DESCRIÇÃO\",IF(AND($C721=\"S\",ORÇAMENTO.Unidade=\"\"),\"UNIDADE\",IF($X721<0,\"VALOR NEGATIVO\",IF(OR(AND(TIPOORCAMENTO=\"Proposto\",$AG721<>\"\",$AG721>0,ORÇAMENTO.CustoUnitario>$AG721),AND(TIPOORCAMENTO=\"LICITADO\",ORÇAMENTO.PrecoUnitarioLicitado>$AN721)),\"ACIMA REF.\",\"\")))))","v":""},{"$f":"IF(C721<=CRONO.NivelExibicao,MAX($AD$15:OFFSET(AD721,-1,0))+IF($C721<>1,1,MAX(1,COUNTIF(QCI!$A$13:$A$32,OFFSET($E721,-1,0)))),\"\")","v":""},{"$f":"IF(AND($C721=\"S\",ORÇAMENTO.CodBarra<>\"\"),IF(ORÇAMENTO.Fonte=\"\",ORÇAMENTO.CodBarra,CONCATENATE(ORÇAMENTO.Fonte,\" \",ORÇAMENTO.CodBarra)))","v":"SINAPI 95875"},{"$f":"IF(ISERROR(INDIRECT(ORÇAMENTO.BancoRef)),\"(abra o arquivo 'Referência \"&Excel_BuiltIn_Database&\".xls)\",IF(OR($C721<>\"S\",ORÇAMENTO.CodBarra=\"\"),\"(Sem Código)\",IF(ISERROR(MATCH($AE721,INDIRECT(ORÇAMENTO.BancoRef),0)),\"(Código não identificado nas referências)\",MATCH($AE721,INDIRECT(ORÇAMENTO.BancoRef),0))))","v":"(abra o arquivo 'Referência 06-2023.xls)"},{"$f":"ROUND(IF(DESONERACAO=\"sim\",REFERENCIA.Desonerado,REFERENCIA.NaoDesonerado),2)","v":0},0.23530000000000001,null,{"$f":"AJ720*2","v":89.68},null,null,246.62,2.75]
["S",2,"S",0,{"$f":"IF($C722=1,OFFSET(E722,-1,0)+MAX(1,COUNTIF(QCI!$A$13:$A$32,OFFSET(ORÇAMENTO!E722,-1,0))),OFFSET(E722,-1,0))","v":16},3,0,0,4,0,{"$f":"IF(OR($C722=\"S\",$C722=0),0,MATCH(OFFSET($D722,0,$C722)+IF($C722<>1,1,COUNTIF(QCI!$A$13:$A$32,ORÇAMENTO!E722)),OFFSET($D722,1,$C722,ROW($C$850)-ROW($C722)),0))","v":0},"F","Serviço","Serviço","16.3.4.","SINAPI","102355","DESMONTE DE BLOCOS DE ROCHA COM MARTELETE PNEUMÁTICO","M3",{"$f":"OFFSET(CÁLCULO!H$15,ROW($T722)-ROW(T$15),0)","v":2.2400000000000002},166.39,"BDI 1",{"$f":"IF($C722=\"S\",ROUND(IF(TIPOORCAMENTO=\"Proposto\",ORÇAMENTO.CustoUnitario*(1+$AH722),ORÇAMENTO.PrecoUnitarioLicitado),15-13*$AF$10),0)","v":205.54},460.41,"RA","RA",{"$f":"IF($C722=\"S\",IF($Z722=\"CP\",$X722,IF($Z722=\"RA\",(($X722)*QCI!$AA$3),0)),SomaAgrup)","v":460.41},0,{"$f":"IF($N722=\"\",\"\",IF(ORÇAMENTO.Descricao=\"\",\"DESCRIÇÃO\",IF(AND($C722=\"S\",ORÇAMENTO.Unidade=\"\"),\"UNIDADE\",IF($X722<0,\"VALOR NEGATIVO\",IF(OR(AND(TIPOORCAMENTO=\"Proposto\",$AG722<>\"\",$AG722>0,ORÇAMENTO.CustoUnitario>$AG722),AND(TIPOORCAMENTO=\"LICITADO\",ORÇAMENTO.PrecoUnitarioLicitado>$AN722)),\"ACIMA REF.\",\"\")))))","v":""},{"$f":"IF(C722<=CRONO.NivelExibicao,MAX($AD$15:OFFSET(AD722,-1,0))+IF($C722<>1,1,MAX(1,COUNTIF(QCI!$A$13:$A$32,OFFSET($E722,-1,0)))),\"\")","v":""},{"$f":"IF(AND($C722=\"S\",ORÇAMENTO.CodBarra<>\"\"),IF(ORÇAMENTO.Fonte=\"\",ORÇAMENTO.CodBarra,CONCATENATE(ORÇAMENTO.Fonte,\" \",ORÇAMENTO.CodBarra)))","v":"SINAPI 102355"},{"$f":"IF(ISERROR(INDIRECT(ORÇAMENTO.BancoRef)),\"(abra o arquivo 'Referência \"&Excel_BuiltIn_Database&\".xls)\",IF(OR($C722<>\"S\",ORÇAMENTO.CodBarra=\"\"),\"(Sem Código)\",IF(ISERROR(MATCH($AE722,INDIRECT(ORÇAMENTO.BancoRef),0)),\"(Código não identificado nas referências)\",MATCH($AE722,INDIRECT(ORÇAMENTO.BancoRef),0))))","v":"(abra o arquivo 'Referência 06-2023.xls)"},{"$f":"ROUND(IF(DESONERACAO=\"sim\",REFERENCIA.Desonerado,REFERENCIA.NaoDesonerado),2)","v":0},0.23530000000000001,null,{"$f":"AJ719*0.05","v":2.2420000000000004},null,null,460.41,205.54]
["S",2,"S",0,{"$f":"IF($C723=1,OFFSET(E723,-1,0)+MAX(1,COUNTIF(QCI!$A$13:$A$32,OFFSET(ORÇAMENTO!E723,-1,0))),OFFSET(E723,-1,0))","v":16},3,0,0,5,0,{"$f":"IF(OR($C723=\"S\",$C723=0),0,MATCH(OFFSET($D723,0,$C723)+IF($C723<>1,1,COUNTIF(QCI!$A$13:$A$32,ORÇAMENTO!E723)),OFFSET($D723,1,$C723,ROW($C$850)-ROW($C723)),0))","v":0},"F","Serviço","Serviço","16.3.5.","SINAPI","100978","CARGA, MANOBRA E DESCARGA DE MATERIAL REMOVIDO EM CAMINHÃO BASCULANTE - CARGA COM ESCAVADEIRA HIDRÁULICA","M3",{"$f":"OFFSET(CÁLCULO!H$15,ROW($T723)-ROW(T$15),0)","v":2.2400000000000002},6.33,"BDI 1",{"$f":"IF($C723=\"S\",ROUND(IF(TIPOORCAMENTO=\"Proposto\",ORÇAMENTO.CustoUnitario*(1+$AH723),ORÇAMENTO.PrecoUnitarioLicitado),15-13*$AF$10),0)","v":7.82},17.52,"RA","RA",{"$f":"IF($C723=\"S\",IF($Z723=\"CP\",$X723,IF($Z723=\"RA\",(($X723)*QCI!$AA$3),0)),SomaAgrup)","v":17.52},0,{"$f":"IF($N723=\"\",\"\",IF(ORÇAMENTO.Descricao=\"\",\"DESCRIÇÃO\",IF(AND($C723=\"S\",ORÇAMENTO.Unidade=\"\"),\"UNIDADE\",IF($X723<0,\"VALOR NEGATIVO\",IF(OR(AND(TIPOORCAMENTO=\"Proposto\",$AG723<>\"\",$AG723>0,ORÇAMENTO.CustoUnitario>$AG723),AND(TIPOORCAMENTO=\"LICITADO\",ORÇAMENTO.PrecoUnitarioLicitado>$AN723)),\"ACIMA REF.\",\"\")))))","v":""},{"$f":"IF(C723<=CRONO.NivelExibicao,MAX($AD$15:OFFSET(AD723,-1,0))+IF($C723<>1,1,MAX(1,COUNTIF(QCI!$A$13:$A$32,OFFSET($E723,-1,0)))),\"\")","v":""},{"$f":"IF(AND($C723=\"S\",ORÇAMENTO.CodBarra<>\"\"),IF(ORÇAMENTO.Fonte=\"\",ORÇAMENTO.CodBarra,CONCATENATE(ORÇAMENTO.Fonte,\" \",ORÇAMENTO.CodBarra)))","v":"SINAPI 100978"},{"$f":"IF(ISERROR(INDIRECT(ORÇAMENTO.BancoRef)),\"(abra o arquivo 'Referência \"&Excel_BuiltIn_Database&\".xls)\",IF(OR($C723<>\"S\",ORÇAMENTO.CodBarra=\"\"),\"(Sem Código)\",IF(ISERROR(MATCH($AE723,INDIRECT(ORÇAMENTO.BancoRef),0)),\"(Código não identificado nas referências)\",MATCH($AE723,INDIRECT(ORÇAMENTO.BancoRef),0))))","v":"(abra o arquivo 'Referência 06-2023.xls)"},{"$f":"ROUND(IF(DESONERACAO=\"sim\",REFERENCIA.Desonerado,REFERENCIA.NaoDesonerado),2)","v":0},0.23530000000000001,null,{"$f":"AJ722","v":2.2420000000000004},null,null,17.52,7.82]
["S",2,"S",0,{"$f":"IF($C724=1,OFFSET(E724,-1,0)+MAX(1,COUNTIF(QCI!$A$13:$A$32,OFFSET(ORÇAMENTO!E724,-1,0))),OFFSET(E724,-1,0))","v":16},3,0,0,6,0,{"$f":"IF(OR($C724=\"S\",$C724=0),0,MATCH(OFFSET($D724,0,$C724)+IF($C724<>1,1,COUNTIF(QCI!$A$13:$A$32,ORÇAMENTO!E724)),OFFSET($D724,1,$C724,ROW($C$850)-ROW($C724)),0))","v":0},"F","Serviço","Serviço","16.3.6.","SINAPI","95875","TRANSPORTE DE MATERIAL REMOVIDO COM CAMINHÃO BASCULANTE, DMT = 2 KM","M3XKM",{"$f":"OFFSET(CÁLCULO!H$15,ROW($T724)-ROW(T$15),0)","v":4.4800000000000004},2.23,"BDI 1",{"$f":"IF($C724=\"S\",ROUND(IF(TIPOORCAMENTO=\"Proposto\",ORÇAMENTO.CustoUnitario*(1+$AH724),ORÇAMENTO.PrecoUnitarioLicitado),15-13*$AF$10),0)","v":2.75},12.32,"RA","RA",{"$f":"IF($C724=\"S\",IF($Z724=\"CP\",$X724,IF($Z724=\"RA\",(($X724)*QCI!$AA$3),0)),SomaAgrup)","v":12.32},0,{"$f":"IF($N724=\"\",\"\",IF(ORÇAMENTO.Descricao=\"\",\"DESCRIÇÃO\",IF(AND($C724=\"S\",ORÇAMENTO.Unidade=\"\"),\"UNIDADE\",IF($X724<0,\"VALOR NEGATIVO\",IF(OR(AND(TIPOORCAMENTO=\"Proposto\",$AG724<>\"\",$AG724>0,ORÇAMENTO.CustoUnitario>$AG724),AND(TIPOORCAMENTO=\"LICITADO\",ORÇAMENTO.PrecoUnitarioLicitado>$AN724)),\"ACIMA REF.\",\"\")))))","v":""},{"$f":"IF(C724<=CRONO.NivelExibicao,MAX($AD$15:OFFSET(AD724,-1,0))+IF($C724<>1,1,MAX(1,COUNTIF(QCI!$A$13:$A$32,OFFSET($E724,-1,0)))),\"\")","v":""},{"$f":"IF(AND($C724=\"S\",ORÇAMENTO.CodBarra<>\"\"),IF(ORÇAMENTO.Fonte=\"\",ORÇAMENTO.CodBarra,CONCATENATE(ORÇAMENTO.Fonte,\" \",ORÇAMENTO.CodBarra)))","v":"SINAPI 95875"},{"$f":"IF(ISERROR(INDIRECT(ORÇAMENTO.BancoRef)),\"(abra o arquivo 'Referência \"&Excel_BuiltIn_Database&\".xls)\",IF(OR($C724<>\"S\",ORÇAMENTO.CodBarra=\"\"),\"(Sem Código)\",IF(ISERROR(MATCH($AE724,INDIRECT(ORÇAMENTO.BancoRef),0)),\"(Código não identificado nas referências)\",MATCH($AE724,INDIRECT(ORÇAMENTO.BancoRef),0))))","v":"(abra o arquivo 'Referência 06-2023.xls)"},{"$f":"ROUND(IF(DESONERACAO=\"sim\",REFERENCIA.Desonerado,REFERENCIA.NaoDesonerado),2)","v":0},0.23530000000000001,null,{"$f":"AJ723*2","v":4.4840000000000009},null,null,12.32,2.75]
[2,2,2,3,{"$f":"IF($C725=1,OFFSET(E725,-1,0)+MAX(1,COUNTIF(QCI!$A$13:$A$32,OFFSET(ORÇAMENTO!E725,-1,0))),OFFSET(E725,-1,0))","v":16},4,0,0,0,26,{"$f":"IF(OR($C725=\"S\",$C725=0),0,MATCH(OFFSET($D725,0,$C725)+IF($C725<>1,1,COUNTIF(QCI!$A$13:$A$32,ORÇAMENTO!E725)),OFFSET($D725,1,$C725,ROW($C$850)-ROW($C725)),0))","v":3},"F","Nível 2","Nível 2","16.4.","SINAPI",null,"DRENAGEM","-",{"$f":"OFFSET(CÁLCULO!H$15,ROW($T725)-ROW(T$15),0)","v":0},0,"BDI 1",{"$f":"IF($C725=\"S\",ROUND(IF(TIPOORCAMENTO=\"Proposto\",ORÇAMENTO.CustoUnitario*(1+$AH725),ORÇAMENTO.PrecoUnitarioLicitado),15-13*$AF$10),0)","v":0},15290.54,"RA","",{"$f":"IF($C725=\"S\",IF($Z725=\"CP\",$X725,IF($Z725=\"RA\",(($X725)*QCI!$AA$3),0)),SomaAgrup)","v":15290.539999999999},0,{"$f":"IF($N725=\"\",\"\",IF(ORÇAMENTO.Descricao=\"\",\"DESCRIÇÃO\",IF(AND($C725=\"S\",ORÇAMENTO.Unidade=\"\"),\"UNIDADE\",IF($X725<0,\"VALOR NEGATIVO\",IF(OR(AND(TIPOORCAMENTO=\"Proposto\",$AG725<>\"\",$AG725>0,ORÇAMENTO.CustoUnitario>$AG725),AND(TIPOORCAMENTO=\"LICITADO\",ORÇAMENTO.PrecoUnitarioLicitado>$AN725)),\"ACIMA REF.\",\"\")))))","v":""},{"$f":"IF(C725<=CRONO.NivelExibicao,MAX($AD$15:OFFSET(AD725,-1,0))+IF($C725<>1,1,MAX(1,COUNTIF(QCI!$A$13:$A$32,OFFSET($E725,-1,0)))),\"\")","v":""},{"$f":"IF(AND($C725=\"S\",ORÇAMENTO.CodBarra<>\"\"),IF(ORÇAMENTO.Fonte=\"\",ORÇAMENTO.CodBarra,CONCATENATE(ORÇAMENTO.Fonte,\" \",ORÇAMENTO.CodBarra)))","v":false},{"$f":"IF(ISERROR(INDIRECT(ORÇAMENTO.BancoRef)),\"(abra o arquivo 'Referência \"&Excel_BuiltIn_Database&\".xls)\",IF(OR($C725<>\"S\",ORÇAMENTO.CodBarra=\"\"),\"(Sem Código)\",IF(ISERROR(MATCH($AE725,INDIRECT(ORÇAMENTO.BancoRef),0)),\"(Código não identificado nas referências)\",MATCH($AE725,INDIRECT(ORÇAMENTO.BancoRef),0))))","v":"(abra o arquivo 'Referência 06-2023.xls)"},{"$f":"ROUND(IF(DESONERACAO=\"sim\",REFERENCIA.Desonerado,REFERENCIA.NaoDesonerado),2)","v":0},0.23530000000000001,null,null,null,null,15290.54,0]
["S",2,"S",0,{"$f":"IF($C726=1,OFFSET(E726,-1,0)+MAX(1,COUNTIF(QCI!$A$13:$A$32,OFFSET(ORÇAMENTO!E726,-1,0))),OFFSET(E726,-1,0))","v":16},4,0,0,1,0,{"$f":"IF(OR($C726=\"S\",$C726=0),0,MATCH(OFFSET($D726,0,$C726)+IF($C726<>1,1,COUNTIF(QCI!$A$13:$A$32,ORÇAMENTO!E726)),OFFSET($D726,1,$C726,ROW($C$850)-ROW($C726)),0))","v":0},"F","Serviço","Serviço","16.4.1.","AMMOC","BL01","BOCA DE LOBO EM CONCRETO ARMADO E GRADE DE AÇO EM BARRA DE FERRO CHATA 0,70M X 1,00M - TIPO 1 ","UND",{"$f":"OFFSET(CÁLCULO!H$15,ROW($T726)-ROW(T$15),0)","v":2},2617.0700000000002,"BDI 1",{"$f":"IF($C726=\"S\",ROUND(IF(TIPOORCAMENTO=\"Proposto\",ORÇAMENTO.CustoUnitario*(1+$AH726),ORÇAMENTO.PrecoUnitarioLicitado),15-13*$AF$10),0)","v":3232.87},6465.74,"RA","RA",{"$f":"IF($C726=\"S\",IF($Z726=\"CP\",$X726,IF($Z726=\"RA\",(($X726)*QCI!$AA$3),0)),SomaAgrup)","v":6465.74},0,{"$f":"IF($N726=\"\",\"\",IF(ORÇAMENTO.Descricao=\"\",\"DESCRIÇÃO\",IF(AND($C726=\"S\",ORÇAMENTO.Unidade=\"\"),\"UNIDADE\",IF($X726<0,\"VALOR NEGATIVO\",IF(OR(AND(TIPOORCAMENTO=\"Proposto\",$AG726<>\"\",$AG726>0,ORÇAMENTO.CustoUnitario>$AG726),AND(TIPOORCAMENTO=\"LICITADO\",ORÇAMENTO.PrecoUnitarioLicitado>$AN726)),\"ACIMA REF.\",\"\")))))","v":""},{"$f":"IF(C726<=CRONO.NivelExibicao,MAX($AD$15:OFFSET(AD726,-1,0))+IF($C726<>1,1,MAX(1,COUNTIF(QCI!$A$13:$A$32,OFFSET($E726,-1,0)))),\"\")","v":""},{"$f":"IF(AND($C726=\"S\",ORÇAMENTO.CodBarra<>\"\"),IF(ORÇAMENTO.Fonte=\"\",ORÇAMENTO.CodBarra,CONCATENATE(ORÇAMENTO.Fonte,\" \",ORÇAMENTO.CodBarra)))","v":"AMMOC BL01"},{"$f":"IF(ISERROR(INDIRECT(ORÇAMENTO.BancoRef)),\"(abra o arquivo 'Referência \"&Excel_BuiltIn_Database&\".xls)\",IF(OR($C726<>\"S\",ORÇAMENTO.CodBarra=\"\"),\"(Sem Código)\",IF(ISERROR(MATCH($AE726,INDIRECT(ORÇAMENTO.BancoRef),0)),\"(Código não identificado nas referências)\",MATCH($AE726,INDIRECT(ORÇAMENTO.BancoRef),0))))","v":"(abra o arquivo 'Referência 06-2023.xls)"},{"$f":"ROUND(IF(DESONERACAO=\"sim\",REFERENCIA.Desonerado,REFERENCIA.NaoDesonerado),2)","v":0},0.23530000000000001,null,2,null,null,6465.74,3232.87]
["S",2,"S",0,{"$f":"IF($C727=1,OFFSET(E727,-1,0)+MAX(1,COUNTIF(QCI!$A$13:$A$32,OFFSET(ORÇAMENTO!E727,-1,0))),OFFSET(E727,-1,0))","v":16},4,0,0,2,0,{"$f":"IF(OR($C727=\"S\",$C727=0),0,MATCH(OFFSET($D727,0,$C727)+IF($C727<>1,1,COUNTIF(QCI!$A$13:$A$32,ORÇAMENTO!E727)),OFFSET($D727,1,$C727,ROW($C$850)-ROW($C727)),0))","v":0},"F","Serviço","Serviço","16.4.2.","SINAPI","92219","TUBO DE CONCRETO PARA REDES COLETORAS DE ÁGUAS PLUVIAIS, DIÂMETRO DE 400 MM, JUNTA ENVOLTA EM MANTA GEOTÊXTIL, INSTALADO EM LOCAL COM ALTO NÍVEL DE INTERFERÊNCIAS - FORNECIMENTO E ASSENTAMENTO","M",{"$f":"OFFSET(CÁLCULO!H$15,ROW($T727)-ROW(T$15),0)","v":40},178.6,"BDI 1",{"$f":"IF($C727=\"S\",ROUND(IF(TIPOORCAMENTO=\"Proposto\",ORÇAMENTO.CustoUnitario*(1+$AH727),ORÇAMENTO.PrecoUnitarioLicitado),15-13*$AF$10),0)","v":220.62},8824.7999999999993,"RA","RA",{"$f":"IF($C727=\"S\",IF($Z727=\"CP\",$X727,IF($Z727=\"RA\",(($X727)*QCI!$AA$3),0)),SomaAgrup)","v":8824.7999999999993},0,{"$f":"IF($N727=\"\",\"\",IF(ORÇAMENTO.Descricao=\"\",\"DESCRIÇÃO\",IF(AND($C727=\"S\",ORÇAMENTO.Unidade=\"\"),\"UNIDADE\",IF($X727<0,\"VALOR NEGATIVO\",IF(OR(AND(TIPOORCAMENTO=\"Proposto\",$AG727<>\"\",$AG727>0,ORÇAMENTO.CustoUnitario>$AG727),AND(TIPOORCAMENTO=\"LICITADO\",ORÇAMENTO.PrecoUnitarioLicitado>$AN727)),\"ACIMA REF.\",\"\")))))","v":""},{"$f":"IF(C727<=CRONO.NivelExibicao,MAX($AD$15:OFFSET(AD727,-1,0))+IF($C727<>1,1,MAX(1,COUNTIF(QCI!$A$13:$A$32,OFFSET($E727,-1,0)))),\"\")","v":""},{"$f":"IF(AND($C727=\"S\",ORÇAMENTO.CodBarra<>\"\"),IF(ORÇAMENTO.Fonte=\"\",ORÇAMENTO.CodBarra,CONCATENATE(ORÇAMENTO.Fonte,\" \",ORÇAMENTO.CodBarra)))","v":"SINAPI 92219"},{"$f":"IF(ISERROR(INDIRECT(ORÇAMENTO.BancoRef)),\"(abra o arquivo 'Referência \"&Excel_BuiltIn_Database&\".xls)\",IF(OR($C727<>\"S\",ORÇAMENTO.CodBarra=\"\"),\"(Sem Código)\",IF(ISERROR(MATCH($AE727,INDIRECT(ORÇAMENTO.BancoRef),0)),\"(Código não identificado nas referências)\",MATCH($AE727,INDIRECT(ORÇAMENTO.BancoRef),0))))","v":"(abra o arquivo 'Referência 06-2023.xls)"},{"$f":"ROUND(IF(DESONERACAO=\"sim\",REFERENCIA.Desonerado,REFERENCIA.NaoDesonerado),2)","v":0},0.23530000000000001,null,40,null,null,8824.7999999999993,220.62]
[2,2,2,4,{"$f":"IF($C728=1,OFFSET(E728,-1,0)+MAX(1,COUNTIF(QCI!$A$13:$A$32,OFFSET(ORÇAMENTO!E728,-1,0))),OFFSET(E728,-1,0))","v":16},5,0,0,0,23,{"$f":"IF(OR($C728=\"S\",$C728=0),0,MATCH(OFFSET($D728,0,$C728)+IF($C728<>1,1,COUNTIF(QCI!$A$13:$A$32,ORÇAMENTO!E728)),OFFSET($D728,1,$C728,ROW($C$850)-ROW($C728)),0))","v":4},"F","Nível 2","Nível 2","16.5.","SINAPI",null,"REATERROS","-",{"$f":"OFFSET(CÁLCULO!H$15,ROW($T728)-ROW(T$15),0)","v":0},0,"BDI 1",{"$f":"IF($C728=\"S\",ROUND(IF(TIPOORCAMENTO=\"Proposto\",ORÇAMENTO.CustoUnitario*(1+$AH728),ORÇAMENTO.PrecoUnitarioLicitado),15-13*$AF$10),0)","v":0},6572.49,"RA","",{"$f":"IF($C728=\"S\",IF($Z728=\"CP\",$X728,IF($Z728=\"RA\",(($X728)*QCI!$AA$3),0)),SomaAgrup)","v":6572.49},0,{"$f":"IF($N728=\"\",\"\",IF(ORÇAMENTO.Descricao=\"\",\"DESCRIÇÃO\",IF(AND($C728=\"S\",ORÇAMENTO.Unidade=\"\"),\"UNIDADE\",IF($X728<0,\"VALOR NEGATIVO\",IF(OR(AND(TIPOORCAMENTO=\"Proposto\",$AG728<>\"\",$AG728>0,ORÇAMENTO.CustoUnitario>$AG728),AND(TIPOORCAMENTO=\"LICITADO\",ORÇAMENTO.PrecoUnitarioLicitado>$AN728)),\"ACIMA REF.\",\"\")))))","v":""},{"$f":"IF(C728<=CRONO.NivelExibicao,MAX($AD$15:OFFSET(AD728,-1,0))+IF($C728<>1,1,MAX(1,COUNTIF(QCI!$A$13:$A$32,OFFSET($E728,-1,0)))),\"\")","v":""},{"$f":"IF(AND($C728=\"S\",ORÇAMENTO.CodBarra<>\"\"),IF(ORÇAMENTO.Fonte=\"\",ORÇAMENTO.CodBarra,CONCATENATE(ORÇAMENTO.Fonte,\" \",ORÇAMENTO.CodBarra)))","v":false},{"$f":"IF(ISERROR(INDIRECT(ORÇAMENTO.BancoRef)),\"(abra o arquivo 'Referência \"&Excel_BuiltIn_Database&\".xls)\",IF(OR($C728<>\"S\",ORÇAMENTO.CodBarra=\"\"),\"(Sem Código)\",IF(ISERROR(MATCH($AE728,INDIRECT(ORÇAMENTO.BancoRef),0)),\"(Código não identificado nas referências)\",MATCH($AE728,INDIRECT(ORÇAMENTO.BancoRef),0))))","v":"(abra o arquivo 'Referência 06-2023.xls)"},{"$f":"ROUND(IF(DESONERACAO=\"sim\",REFERENCIA.Desonerado,REFERENCIA.NaoDesonerado),2)","v":0},0.23530000000000001,null,null,null,null,6572.49,0]
["S",2,"S",0,{"$f":"IF($C729=1,OFFSET(E729,-1,0)+MAX(1,COUNTIF(QCI!$A$13:$A$32,OFFSET(ORÇAMENTO!E729,-1,0))),OFFSET(E729,-1,0))","v":16},5,0,0,1,0,{"$f":"IF(OR($C729=\"S\",$C729=0),0,MATCH(OFFSET($D729,0,$C729)+IF($C729<>1,1,COUNTIF(QCI!$A$13:$A$32,ORÇAMENTO!E729)),OFFSET($D729,1,$C729,ROW($C$850)-ROW($C729)),0))","v":0},"F","Serviço","Serviço","16.5.1.","SINAPI-I","4718","PEDRA BRITADA N. 2 (19 A 38 MM) PARA REATERRO DE VALAS","M3    ",{"$f":"OFFSET(CÁLCULO!H$15,ROW($T729)-ROW(T$15),0)","v":33.6},107.5,"BDI 1",{"$f":"IF($C729=\"S\",ROUND(IF(TIPOORCAMENTO=\"Proposto\",ORÇAMENTO.CustoUnitario*(1+$AH729),ORÇAMENTO.PrecoUnitarioLicitado),15-13*$AF$10),0)","v":132.79},4461.74,"RA","RA",{"$f":"IF($C729=\"S\",IF($Z729=\"CP\",$X729,IF($Z729=\"RA\",(($X729)*QCI!$AA$3),0)),SomaAgrup)","v":4461.74},0,{"$f":"IF($N729=\"\",\"\",IF(ORÇAMENTO.Descricao=\"\",\"DESCRIÇÃO\",IF(AND($C729=\"S\",ORÇAMENTO.Unidade=\"\"),\"UNIDADE\",IF($X729<0,\"VALOR NEGATIVO\",IF(OR(AND(TIPOORCAMENTO=\"Proposto\",$AG729<>\"\",$AG729>0,ORÇAMENTO.CustoUnitario>$AG729),AND(TIPOORCAMENTO=\"LICITADO\",ORÇAMENTO.PrecoUnitarioLicitado>$AN729)),\"ACIMA REF.\",\"\")))))","v":""},{"$f":"IF(C729<=CRONO.NivelExibicao,MAX($AD$15:OFFSET(AD729,-1,0))+IF($C729<>1,1,MAX(1,COUNTIF(QCI!$A$13:$A$32,OFFSET($E729,-1,0)))),\"\")","v":""},{"$f":"IF(AND($C729=\"S\",ORÇAMENTO.CodBarra<>\"\"),IF(ORÇAMENTO.Fonte=\"\",ORÇAMENTO.CodBarra,CONCATENATE(ORÇAMENTO.Fonte,\" \",ORÇAMENTO.CodBarra)))","v":"SINAPI-I 4718"},{"$f":"IF(ISERROR(INDIRECT(ORÇAMENTO.BancoRef)),\"(abra o arquivo 'Referência \"&Excel_BuiltIn_Database&\".xls)\",IF(OR($C729<>\"S\",ORÇAMENTO.CodBarra=\"\"),\"(Sem Código)\",IF(ISERROR(MATCH($AE729,INDIRECT(ORÇAMENTO.BancoRef),0)),\"(Código não identificado nas referências)\",MATCH($AE729,INDIRECT(ORÇAMENTO.BancoRef),0))))","v":"(abra o arquivo 'Referência 06-2023.xls)"},{"$f":"ROUND(IF(DESONERACAO=\"sim\",REFERENCIA.Desonerado,REFERENCIA.NaoDesonerado),2)","v":0},0.23530000000000001,null,33.6,null,null,4461.74,132.79]
["S",2,"S",0,{"$f":"IF($C730=1,OFFSET(E730,-1,0)+MAX(1,COUNTIF(QCI!$A$13:$A$32,OFFSET(ORÇAMENTO!E730,-1,0))),OFFSET(E730,-1,0))","v":16},5,0,0,2,0,{"$f":"IF(OR($C730=\"S\",$C730=0),0,MATCH(OFFSET($D730,0,$C730)+IF($C730<>1,1,COUNTIF(QCI!$A$13:$A$32,ORÇAMENTO!E730)),OFFSET($D730,1,$C730,ROW($C$850)-ROW($C730)),0))","v":0},"F","Serviço","Serviço","16.5.2.","SINAPI","100978","CARGA, MANOBRA E DESCARGA DE MATERIAL GRANULAR EM CAMINHÃO BASCULANTE - CARGA COM ESCAVADEIRA HIDRÁULICA","M3",{"$f":"OFFSET(CÁLCULO!H$15,ROW($T730)-ROW(T$15),0)","v":33.6},6.33,"BDI 1",{"$f":"IF($C730=\"S\",ROUND(IF(TIPOORCAMENTO=\"Proposto\",ORÇAMENTO.CustoUnitario*(1+$AH730),ORÇAMENTO.PrecoUnitarioLicitado),15-13*$AF$10),0)","v":7.82},262.75,"RA","RA",{"$f":"IF($C730=\"S\",IF($Z730=\"CP\",$X730,IF($Z730=\"RA\",(($X730)*QCI!$AA$3),0)),SomaAgrup)","v":262.75},0,{"$f":"IF($N730=\"\",\"\",IF(ORÇAMENTO.Descricao=\"\",\"DESCRIÇÃO\",IF(AND($C730=\"S\",ORÇAMENTO.Unidade=\"\"),\"UNIDADE\",IF($X730<0,\"VALOR NEGATIVO\",IF(OR(AND(TIPOORCAMENTO=\"Proposto\",$AG730<>\"\",$AG730>0,ORÇAMENTO.CustoUnitario>$AG730),AND(TIPOORCAMENTO=\"LICITADO\",ORÇAMENTO.PrecoUnitarioLicitado>$AN730)),\"ACIMA REF.\",\"\")))))","v":""},{"$f":"IF(C730<=CRONO.NivelExibicao,MAX($AD$15:OFFSET(AD730,-1,0))+IF($C730<>1,1,MAX(1,COUNTIF(QCI!$A$13:$A$32,OFFSET($E730,-1,0)))),\"\")","v":""},{"$f":"IF(AND($C730=\"S\",ORÇAMENTO.CodBarra<>\"\"),IF(ORÇAMENTO.Fonte=\"\",ORÇAMENTO.CodBarra,CONCATENATE(ORÇAMENTO.Fonte,\" \",ORÇAMENTO.CodBarra)))","v":"SINAPI 100978"},{"$f":"IF(ISERROR(INDIRECT(ORÇAMENTO.BancoRef)),\"(abra o arquivo 'Referência \"&Excel_BuiltIn_Database&\".xls)\",IF(OR($C730<>\"S\",ORÇAMENTO.CodBarra=\"\"),\"(Sem Código)\",IF(ISERROR(MATCH($AE730,INDIRECT(ORÇAMENTO.BancoRef),0)),\"(Código não identificado nas referências)\",MATCH($AE730,INDIRECT(ORÇAMENTO.BancoRef),0))))","v":"(abra o arquivo 'Referência 06-2023.xls)"},{"$f":"ROUND(IF(DESONERACAO=\"sim\",REFERENCIA.Desonerado,REFERENCIA.NaoDesonerado),2)","v":0},0.23530000000000001,null,{"$f":"AJ729","v":33.6},null,null,262.75,7.82]
["S",2,"S",0,{"$f":"IF($C731=1,OFFSET(E731,-1,0)+MAX(1,COUNTIF(QCI!$A$13:$A$32,OFFSET(ORÇAMENTO!E731,-1,0))),OFFSET(E731,-1,0))","v":16},5,0,0,3,0,{"$f":"IF(OR($C731=\"S\",$C731=0),0,MATCH(OFFSET($D731,0,$C731)+IF($C731<>1,1,COUNTIF(QCI!$A$13:$A$32,ORÇAMENTO!E731)),OFFSET($D731,1,$C731,ROW($C$850)-ROW($C731)),0))","v":0},"F","Serviço","Serviço","16.5.3.","SINAPI","95875","TRANSPORTE DE MATERIAL GRANULAR COM CAMINHÃO BASCULANTE, DMT = 20 KM","M3XKM",{"$f":"OFFSET(CÁLCULO!H$15,ROW($T731)-ROW(T$15),0)","v":672},2.23,"BDI 1",{"$f":"IF($C731=\"S\",ROUND(IF(TIPOORCAMENTO=\"Proposto\",ORÇAMENTO.CustoUnitario*(1+$AH731),ORÇAMENTO.PrecoUnitarioLicitado),15-13*$AF$10),0)","v":2.75},1848,"RA","RA",{"$f":"IF($C731=\"S\",IF($Z731=\"CP\",$X731,IF($Z731=\"RA\",(($X731)*QCI!$AA$3),0)),SomaAgrup)","v":1848},0,{"$f":"IF($N731=\"\",\"\",IF(ORÇAMENTO.Descricao=\"\",\"DESCRIÇÃO\",IF(AND($C731=\"S\",ORÇAMENTO.Unidade=\"\"),\"UNIDADE\",IF($X731<0,\"VALOR NEGATIVO\",IF(OR(AND(TIPOORCAMENTO=\"Proposto\",$AG731<>\"\",$AG731>0,ORÇAMENTO.CustoUnitario>$AG731),AND(TIPOORCAMENTO=\"LICITADO\",ORÇAMENTO.PrecoUnitarioLicitado>$AN731)),\"ACIMA REF.\",\"\")))))","v":""},{"$f":"IF(C731<=CRONO.NivelExibicao,MAX($AD$15:OFFSET(AD731,-1,0))+IF($C731<>1,1,MAX(1,COUNTIF(QCI!$A$13:$A$32,OFFSET($E731,-1,0)))),\"\")","v":""},{"$f":"IF(AND($C731=\"S\",ORÇAMENTO.CodBarra<>\"\"),IF(ORÇAMENTO.Fonte=\"\",ORÇAMENTO.CodBarra,CONCATENATE(ORÇAMENTO.Fonte,\" \",ORÇAMENTO.CodBarra)))","v":"SINAPI 95875"},{"$f":"IF(ISERROR(INDIRECT(ORÇAMENTO.BancoRef)),\"(abra o arquivo 'Referência \"&Excel_BuiltIn_Database&\".xls)\",IF(OR($C731<>\"S\",ORÇAMENTO.CodBarra=\"\"),\"(Sem Código)\",IF(ISERROR(MATCH($AE731,INDIRECT(ORÇAMENTO.BancoRef),0)),\"(Código não identificado nas referências)\",MATCH($AE731,INDIRECT(ORÇAMENTO.BancoRef),0))))","v":"(abra o arquivo 'Referência 06-2023.xls)"},{"$f":"ROUND(IF(DESONERACAO=\"sim\",REFERENCIA.Desonerado,REFERENCIA.NaoDesonerado),2)","v":0},0.23530000000000001,null,{"$f":"AJ730*20","v":672},null,null,1848,2.75]
[2,2,2,13,{"$f":"IF($C732=1,OFFSET(E732,-1,0)+MAX(1,COUNTIF(QCI!$A$13:$A$32,OFFSET(ORÇAMENTO!E732,-1,0))),OFFSET(E732,-1,0))","v":16},6,0,0,0,19,{"$f":"IF(OR($C732=\"S\",$C732=0),0,MATCH(OFFSET($D732,0,$C732)+IF($C732<>1,1,COUNTIF(QCI!$A$13:$A$32,ORÇAMENTO!E732)),OFFSET($D732,1,$C732,ROW($C$850)-ROW($C732)),0))","v":13},"F","Nível 2","Nível 2","16.6.","SINAPI",null,"PAVIMENTAÇÃO EM CONCRETO","-",{"$f":"OFFSET(CÁLCULO!H$15,ROW($T732)-ROW(T$15),0)","v":0},0,"BDI 1",{"$f":"IF($C732=\"S\",ROUND(IF(TIPOORCAMENTO=\"Proposto\",ORÇAMENTO.CustoUnitario*(1+$AH732),ORÇAMENTO.PrecoUnitarioLicitado),15-13*$AF$10),0)","v":0},89236.89,"RA","",{"$f":"IF($C732=\"S\",IF($Z732=\"CP\",$X732,IF($Z732=\"RA\",(($X732)*QCI!$AA$3),0)),SomaAgrup)","v":89236.89},0,{"$f":"IF($N732=\"\",\"\",IF(ORÇAMENTO.Descricao=\"\",\"DESCRIÇÃO\",IF(AND($C732=\"S\",ORÇAMENTO.Unidade=\"\"),\"UNIDADE\",IF($X732<0,\"VALOR NEGATIVO\",IF(OR(AND(TIPOORCAMENTO=\"Proposto\",$AG732<>\"\",$AG732>0,ORÇAMENTO.CustoUnitario>$AG732),AND(TIPOORCAMENTO=\"LICITADO\",ORÇAMENTO.PrecoUnitarioLicitado>$AN732)),\"ACIMA REF.\",\"\")))))","v":""},{"$f":"IF(C732<=CRONO.NivelExibicao,MAX($AD$15:OFFSET(AD732,-1,0))+IF($C732<>1,1,MAX(1,COUNTIF(QCI!$A$13:$A$32,OFFSET($E732,-1,0)))),\"\")","v":""},{"$f":"IF(AND($C732=\"S\",ORÇAMENTO.CodBarra<>\"\"),IF(ORÇAMENTO.Fonte=\"\",ORÇAMENTO.CodBarra,CONCATENATE(ORÇAMENTO.Fonte,\" \",ORÇAMENTO.CodBarra)))","v":false},{"$f":"IF(ISERROR(INDIRECT(ORÇAMENTO.BancoRef)),\"(abra o arquivo 'Referência \"&Excel_BuiltIn_Database&\".xls)\",IF(OR($C732<>\"S\",ORÇAMENTO.CodBarra=\"\"),\"(Sem Código)\",IF(ISERROR(MATCH($AE732,INDIRECT(ORÇAMENTO.BancoRef),0)),\"(Código não identificado nas referências)\",MATCH($AE732,INDIRECT(ORÇAMENTO.BancoRef),0))))","v":"(abra o arquivo 'Referência 06-2023.xls)"},{"$f":"ROUND(IF(DESONERACAO=\"sim\",REFERENCIA.Desonerado,REFERENCIA.NaoDesonerado),2)","v":0},0.23530000000000001,null,null,null,null,89236.89,0]
["S",2,"S",0,{"$f":"IF($C733=1,OFFSET(E733,-1,0)+MAX(1,COUNTIF(QCI!$A$13:$A$32,OFFSET(ORÇAMENTO!E733,-1,0))),OFFSET(E733,-1,0))","v":16},6,0,0,1,0,{"$f":"IF(OR($C733=\"S\",$C733=0),0,MATCH(OFFSET($D733,0,$C733)+IF($C733<>1,1,COUNTIF(QCI!$A$13:$A$32,ORÇAMENTO!E733)),OFFSET($D733,1,$C733,ROW($C$850)-ROW($C733)),0))","v":0},"F","Serviço","Serviço","16.6.1.","SINAPI-I","4741","PO DE PEDRA (POSTO PEDREIRA/FORNECEDOR, SEM FRETE)                                                                                                                                                                                                                                                                                                                                                                                                                                                        ","M3    ",{"$f":"OFFSET(CÁLCULO!H$15,ROW($T733)-ROW(T$15),0)","v":14.3},101.01,"BDI 1",{"$f":"IF($C733=\"S\",ROUND(IF(TIPOORCAMENTO=\"Proposto\",ORÇAMENTO.CustoUnitario*(1+$AH733),ORÇAMENTO.PrecoUnitarioLicitado),15-13*$AF$10),0)","v":124.78},1784.35,"RA","RA",{"$f":"IF($C733=\"S\",IF($Z733=\"CP\",$X733,IF($Z733=\"RA\",(($X733)*QCI!$AA$3),0)),SomaAgrup)","v":1784.35},0,{"$f":"IF($N733=\"\",\"\",IF(ORÇAMENTO.Descricao=\"\",\"DESCRIÇÃO\",IF(AND($C733=\"S\",ORÇAMENTO.Unidade=\"\"),\"UNIDADE\",IF($X733<0,\"VALOR NEGATIVO\",IF(OR(AND(TIPOORCAMENTO=\"Proposto\",$AG733<>\"\",$AG733>0,ORÇAMENTO.CustoUnitario>$AG733),AND(TIPOORCAMENTO=\"LICITADO\",ORÇAMENTO.PrecoUnitarioLicitado>$AN733)),\"ACIMA REF.\",\"\")))))","v":""},{"$f":"IF(C733<=CRONO.NivelExibicao,MAX($AD$15:OFFSET(AD733,-1,0))+IF($C733<>1,1,MAX(1,COUNTIF(QCI!$A$13:$A$32,OFFSET($E733,-1,0)))),\"\")","v":""},{"$f":"IF(AND($C733=\"S\",ORÇAMENTO.CodBarra<>\"\"),IF(ORÇAMENTO.Fonte=\"\",ORÇAMENTO.CodBarra,CONCATENATE(ORÇAMENTO.Fonte,\" \",ORÇAMENTO.CodBarra)))","v":"SINAPI-I 4741"},{"$f":"IF(ISERROR(INDIRECT(ORÇAMENTO.BancoRef)),\"(abra o arquivo 'Referência \"&Excel_BuiltIn_Database&\".xls)\",IF(OR($C733<>\"S\",ORÇAMENTO.CodBarra=\"\"),\"(Sem Código)\",IF(ISERROR(MATCH($AE733,INDIRECT(ORÇAMENTO.BancoRef),0)),\"(Código não identificado nas referências)\",MATCH($AE733,INDIRECT(ORÇAMENTO.BancoRef),0))))","v":"(abra o arquivo 'Referência 06-2023.xls)"},{"$f":"ROUND(IF(DESONERACAO=\"sim\",REFERENCIA.Desonerado,REFERENCIA.NaoDesonerado),2)","v":0},0.23530000000000001,null,{"$f":"AJ737*0.03","v":14.300999999999998},null,null,1784.35,124.78]
["S",2,"S",0,{"$f":"IF($C734=1,OFFSET(E734,-1,0)+MAX(1,COUNTIF(QCI!$A$13:$A$32,OFFSET(ORÇAMENTO!E734,-1,0))),OFFSET(E734,-1,0))","v":16},6,0,0,2,0,{"$f":"IF(OR($C734=\"S\",$C734=0),0,MATCH(OFFSET($D734,0,$C734)+IF($C734<>1,1,COUNTIF(QCI!$A$13:$A$32,ORÇAMENTO!E734)),OFFSET($D734,1,$C734,ROW($C$850)-ROW($C734)),0))","v":0},"F","Serviço","Serviço","16.6.2.","SINAPI","100978","CARGA, MANOBRA E DESCARGA DE MATERIAL GRANULAR EM CAMINHÃO BASCULANTE - CARGA COM ESCAVADEIRA HIDRÁULICA","M3",{"$f":"OFFSET(CÁLCULO!H$15,ROW($T734)-ROW(T$15),0)","v":14.3},6.33,"BDI 1",{"$f":"IF($C734=\"S\",ROUND(IF(TIPOORCAMENTO=\"Proposto\",ORÇAMENTO.CustoUnitario*(1+$AH734),ORÇAMENTO.PrecoUnitarioLicitado),15-13*$AF$10),0)","v":7.82},111.83,"RA","RA",{"$f":"IF($C734=\"S\",IF($Z734=\"CP\",$X734,IF($Z734=\"RA\",(($X734)*QCI!$AA$3),0)),SomaAgrup)","v":111.83},0,{"$f":"IF($N734=\"\",\"\",IF(ORÇAMENTO.Descricao=\"\",\"DESCRIÇÃO\",IF(AND($C734=\"S\",ORÇAMENTO.Unidade=\"\"),\"UNIDADE\",IF($X734<0,\"VALOR NEGATIVO\",IF(OR(AND(TIPOORCAMENTO=\"Proposto\",$AG734<>\"\",$AG734>0,ORÇAMENTO.CustoUnitario>$AG734),AND(TIPOORCAMENTO=\"LICITADO\",ORÇAMENTO.PrecoUnitarioLicitado>$AN734)),\"ACIMA REF.\",\"\")))))","v":""},{"$f":"IF(C734<=CRONO.NivelExibicao,MAX($AD$15:OFFSET(AD734,-1,0))+IF($C734<>1,1,MAX(1,COUNTIF(QCI!$A$13:$A$32,OFFSET($E734,-1,0)))),\"\")","v":""},{"$f":"IF(AND($C734=\"S\",ORÇAMENTO.CodBarra<>\"\"),IF(ORÇAMENTO.Fonte=\"\",ORÇAMENTO.CodBarra,CONCATENATE(ORÇAMENTO.Fonte,\" \",ORÇAMENTO.CodBarra)))","v":"SINAPI 100978"},{"$f":"IF(ISERROR(INDIRECT(ORÇAMENTO.BancoRef)),\"(abra o arquivo 'Referência \"&Excel_BuiltIn_Database&\".xls)\",IF(OR($C734<>\"S\",ORÇAMENTO.CodBarra=\"\"),\"(Sem Código)\",IF(ISERROR(MATCH($AE734,INDIRECT(ORÇAMENTO.BancoRef),0)),\"(Código não identificado nas referências)\",MATCH($AE734,INDIRECT(ORÇAMENTO.BancoRef),0))))","v":"(abra o arquivo 'Referência 06-2023.xls)"},{"$f":"ROUND(IF(DESONERACAO=\"sim\",REFERENCIA.Desonerado,REFERENCIA.NaoDesonerado),2)","v":0},0.23530000000000001,null,{"$f":"AJ733","v":14.300999999999998},null,null,111.83,7.82]
["S",2,"S",0,{"$f":"IF($C735=1,OFFSET(E735,-1,0)+MAX(1,COUNTIF(QCI!$A$13:$A$32,OFFSET(ORÇAMENTO!E735,-1,0))),OFFSET(E735,-1,0))","v":16},6,0,0,3,0,{"$f":"IF(OR($C735=\"S\",$C735=0),0,MATCH(OFFSET($D735,0,$C735)+IF($C735<>1,1,COUNTIF(QCI!$A$13:$A$32,ORÇAMENTO!E735)),OFFSET($D735,1,$C735,ROW($C$850)-ROW($C735)),0))","v":0},"F","Serviço","Serviço","16.6.3.","SINAPI","95875","TRANSPORTE DE MATERIAL GRANULAR COM CAMINHÃO BASCULANTE, DMT = 20 KM","M3XKM",{"$f":"OFFSET(CÁLCULO!H$15,ROW($T735)-ROW(T$15),0)","v":286.02},2.23,"BDI 1",{"$f":"IF($C735=\"S\",ROUND(IF(TIPOORCAMENTO=\"Proposto\",ORÇAMENTO.CustoUnitario*(1+$AH735),ORÇAMENTO.PrecoUnitarioLicitado),15-13*$AF$10),0)","v":2.75},786.56,"RA","RA",{"$f":"IF($C735=\"S\",IF($Z735=\"CP\",$X735,IF($Z735=\"RA\",(($X735)*QCI!$AA$3),0)),SomaAgrup)","v":786.56},0,{"$f":"IF($N735=\"\",\"\",IF(ORÇAMENTO.Descricao=\"\",\"DESCRIÇÃO\",IF(AND($C735=\"S\",ORÇAMENTO.Unidade=\"\"),\"UNIDADE\",IF($X735<0,\"VALOR NEGATIVO\",IF(OR(AND(TIPOORCAMENTO=\"Proposto\",$AG735<>\"\",$AG735>0,ORÇAMENTO.CustoUnitario>$AG735),AND(TIPOORCAMENTO=\"LICITADO\",ORÇAMENTO.PrecoUnitarioLicitado>$AN735)),\"ACIMA REF.\",\"\")))))","v":""},{"$f":"IF(C735<=CRONO.NivelExibicao,MAX($AD$15:OFFSET(AD735,-1,0))+IF($C735<>1,1,MAX(1,COUNTIF(QCI!$A$13:$A$32,OFFSET($E735,-1,0)))),\"\")","v":""},{"$f":"IF(AND($C735=\"S\",ORÇAMENTO.CodBarra<>\"\"),IF(ORÇAMENTO.Fonte=\"\",ORÇAMENTO.CodBarra,CONCATENATE(ORÇAMENTO.Fonte,\" \",ORÇAMENTO.CodBarra)))","v":"SINAPI 95875"},{"$f":"IF(ISERROR(INDIRECT(ORÇAMENTO.BancoRef)),\"(abra o arquivo 'Referência \"&Excel_BuiltIn_Database&\".xls)\",IF(OR($C735<>\"S\",ORÇAMENTO.CodBarra=\"\"),\"(Sem Código)\",IF(ISERROR(MATCH($AE735,INDIRECT(ORÇAMENTO.BancoRef),0)),\"(Código não identificado nas referências)\",MATCH($AE735,INDIRECT(ORÇAMENTO.BancoRef),0))))","v":"(abra o arquivo 'Referência 06-2023.xls)"},{"$f":"ROUND(IF(DESONERACAO=\"sim\",REFERENCIA.Desonerado,REFERENCIA.NaoDesonerado),2)","v":0},0.23530000000000001,null,{"$f":"AJ734*20","v":286.02},null,null,786.56,2.75]
["S",2,"S",0,{"$f":"IF($C736=1,OFFSET(E736,-1,0)+MAX(1,COUNTIF(QCI!$A$13:$A$32,OFFSET(ORÇAMENTO!E736,-1,0))),OFFSET(E736,-1,0))","v":16},6,0,0,4,0,{"$f":"IF(OR($C736=\"S\",$C736=0),0,MATCH(OFFSET($D736,0,$C736)+IF($C736<>1,1,COUNTIF(QCI!$A$13:$A$32,ORÇAMENTO!E736)),OFFSET($D736,1,$C736,ROW($C$850)-ROW($C736)),0))","v":0},"F","Serviço","Serviço","16.6.4.","SINAPI-I","1346","FABRICAÇÃO, MONTAGEM E DESMONTAGEM DE FORMA PARA PAVIMENTAÇÃO EM CONCRETO EM CHAPA DE COMPENSADO","M2    ",{"$f":"OFFSET(CÁLCULO!H$15,ROW($T736)-ROW(T$15),0)","v":23.37},57.57,"BDI 1",{"$f":"IF($C736=\"S\",ROUND(IF(TIPOORCAMENTO=\"Proposto\",ORÇAMENTO.CustoUnitario*(1+$AH736),ORÇAMENTO.PrecoUnitarioLicitado),15-13*$AF$10),0)","v":71.12},1662.07,"RA","RA",{"$f":"IF($C736=\"S\",IF($Z736=\"CP\",$X736,IF($Z736=\"RA\",(($X736)*QCI!$AA$3),0)),SomaAgrup)","v":1662.07},0,{"$f":"IF($N736=\"\",\"\",IF(ORÇAMENTO.Descricao=\"\",\"DESCRIÇÃO\",IF(AND($C736=\"S\",ORÇAMENTO.Unidade=\"\"),\"UNIDADE\",IF($X736<0,\"VALOR NEGATIVO\",IF(OR(AND(TIPOORCAMENTO=\"Proposto\",$AG736<>\"\",$AG736>0,ORÇAMENTO.CustoUnitario>$AG736),AND(TIPOORCAMENTO=\"LICITADO\",ORÇAMENTO.PrecoUnitarioLicitado>$AN736)),\"ACIMA REF.\",\"\")))))","v":""},{"$f":"IF(C736<=CRONO.NivelExibicao,MAX($AD$15:OFFSET(AD736,-1,0))+IF($C736<>1,1,MAX(1,COUNTIF(QCI!$A$13:$A$32,OFFSET($E736,-1,0)))),\"\")","v":""},{"$f":"IF(AND($C736=\"S\",ORÇAMENTO.CodBarra<>\"\"),IF(ORÇAMENTO.Fonte=\"\",ORÇAMENTO.CodBarra,CONCATENATE(ORÇAMENTO.Fonte,\" \",ORÇAMENTO.CodBarra)))","v":"SINAPI-I 1346"},{"$f":"IF(ISERROR(INDIRECT(ORÇAMENTO.BancoRef)),\"(abra o arquivo 'Referência \"&Excel_BuiltIn_Database&\".xls)\",IF(OR($C736<>\"S\",ORÇAMENTO.CodBarra=\"\"),\"(Sem Código)\",IF(ISERROR(MATCH($AE736,INDIRECT(ORÇAMENTO.BancoRef),0)),\"(Código não identificado nas referências)\",MATCH($AE736,INDIRECT(ORÇAMENTO.BancoRef),0))))","v":"(abra o arquivo 'Referência 06-2023.xls)"},{"$f":"ROUND(IF(DESONERACAO=\"sim\",REFERENCIA.Desonerado,REFERENCIA.NaoDesonerado),2)","v":0},0.23530000000000001,null,{"$f":"64.93*0.12*3","v":23.3748},null,null,1662.07,71.12]
["S",2,"S",0,{"$f":"IF($C737=1,OFFSET(E737,-1,0)+MAX(1,COUNTIF(QCI!$A$13:$A$32,OFFSET(ORÇAMENTO!E737,-1,0))),OFFSET(E737,-1,0))","v":16},6,0,0,5,0,{"$f":"IF(OR($C737=\"S\",$C737=0),0,MATCH(OFFSET($D737,0,$C737)+IF($C737<>1,1,COUNTIF(QCI!$A$13:$A$32,ORÇAMENTO!E737)),OFFSET($D737,1,$C737,ROW($C$850)-ROW($C737)),0))","v":0},"F","Serviço","Serviço","16.6.5.","SINAPI-I","7156","ARMAÇÃO PARA EXECUÇÃO DE PAVIMENTAÇÃO EM CONCRETO, COM USO DE TELA Q-196.","M2    ",{"$f":"OFFSET(CÁLCULO!H$15,ROW($T737)-ROW(T$15),0)","v":476.7},29.25,"BDI 1",{"$f":"IF($C737=\"S\",ROUND(IF(TIPOORCAMENTO=\"Proposto\",ORÇAMENTO.CustoUnitario*(1+$AH737),ORÇAMENTO.PrecoUnitarioLicitado),15-13*$AF$10),0)","v":36.130000000000003},17223.169999999998,"RA","RA",{"$f":"IF($C737=\"S\",IF($Z737=\"CP\",$X737,IF($Z737=\"RA\",(($X737)*QCI!$AA$3),0)),SomaAgrup)","v":17223.169999999998},0,{"$f":"IF($N737=\"\",\"\",IF(ORÇAMENTO.Descricao=\"\",\"DESCRIÇÃO\",IF(AND($C737=\"S\",ORÇAMENTO.Unidade=\"\"),\"UNIDADE\",IF($X737<0,\"VALOR NEGATIVO\",IF(OR(AND(TIPOORCAMENTO=\"Proposto\",$AG737<>\"\",$AG737>0,ORÇAMENTO.CustoUnitario>$AG737),AND(TIPOORCAMENTO=\"LICITADO\",ORÇAMENTO.PrecoUnitarioLicitado>$AN737)),\"ACIMA REF.\",\"\")))))","v":""},{"$f":"IF(C737<=CRONO.NivelExibicao,MAX($AD$15:OFFSET(AD737,-1,0))+IF($C737<>1,1,MAX(1,COUNTIF(QCI!$A$13:$A$32,OFFSET($E737,-1,0)))),\"\")","v":""},{"$f":"IF(AND($C737=\"S\",ORÇAMENTO.CodBarra<>\"\"),IF(ORÇAMENTO.Fonte=\"\",ORÇAMENTO.CodBarra,CONCATENATE(ORÇAMENTO.Fonte,\" \",ORÇAMENTO.CodBarra)))","v":"SINAPI-I 7156"},{"$f":"IF(ISERROR(INDIRECT(ORÇAMENTO.BancoRef)),\"(abra o arquivo 'Referência \"&Excel_BuiltIn_Database&\".xls)\",IF(OR($C737<>\"S\",ORÇAMENTO.CodBarra=\"\"),\"(Sem Código)\",IF(ISERROR(MATCH($AE737,INDIRECT(ORÇAMENTO.BancoRef),0)),\"(Código não identificado nas referências)\",MATCH($AE737,INDIRECT(ORÇAMENTO.BancoRef),0))))","v":"(abra o arquivo 'Referência 06-2023.xls)"},{"$f":"ROUND(IF(DESONERACAO=\"sim\",REFERENCIA.Desonerado,REFERENCIA.NaoDesonerado),2)","v":0},0.23530000000000001,null,476.7,null,null,17223.169999999998,36.130000000000003]
["S",2,"S",0,{"$f":"IF($C738=1,OFFSET(E738,-1,0)+MAX(1,COUNTIF(QCI!$A$13:$A$32,OFFSET(ORÇAMENTO!E738,-1,0))),OFFSET(E738,-1,0))","v":16},6,0,0,6,0,{"$f":"IF(OR($C738=\"S\",$C738=0),0,MATCH(OFFSET($D738,0,$C738)+IF($C738<>1,1,COUNTIF(QCI!$A$13:$A$32,ORÇAMENTO!E738)),OFFSET($D738,1,$C738,ROW($C$850)-ROW($C738)),0))","v":0},"F","Serviço","Serviço","16.6.6.","SINAPI",97113,"APLICAÇÃO DE LONA PLÁSTICA PARA EXECUÇÃO DE PAVIMENTOS DE CONCRETO. AF_04/2022","M2",{"$f":"OFFSET(CÁLCULO!H$15,ROW($T738)-ROW(T$15),0)","v":476.7},2.91,"BDI 1",{"$f":"IF($C738=\"S\",ROUND(IF(TIPOORCAMENTO=\"Proposto\",ORÇAMENTO.CustoUnitario*(1+$AH738),ORÇAMENTO.PrecoUnitarioLicitado),15-13*$AF$10),0)","v":3.59},1711.35,"RA","RA",{"$f":"IF($C738=\"S\",IF($Z738=\"CP\",$X738,IF($Z738=\"RA\",(($X738)*QCI!$AA$3),0)),SomaAgrup)","v":1711.35},0,{"$f":"IF($N738=\"\",\"\",IF(ORÇAMENTO.Descricao=\"\",\"DESCRIÇÃO\",IF(AND($C738=\"S\",ORÇAMENTO.Unidade=\"\"),\"UNIDADE\",IF($X738<0,\"VALOR NEGATIVO\",IF(OR(AND(TIPOORCAMENTO=\"Proposto\",$AG738<>\"\",$AG738>0,ORÇAMENTO.CustoUnitario>$AG738),AND(TIPOORCAMENTO=\"LICITADO\",ORÇAMENTO.PrecoUnitarioLicitado>$AN738)),\"ACIMA REF.\",\"\")))))","v":""},{"$f":"IF(C738<=CRONO.NivelExibicao,MAX($AD$15:OFFSET(AD738,-1,0))+IF($C738<>1,1,MAX(1,COUNTIF(QCI!$A$13:$A$32,OFFSET($E738,-1,0)))),\"\")","v":""},{"$f":"IF(AND($C738=\"S\",ORÇAMENTO.CodBarra<>\"\"),IF(ORÇAMENTO.Fonte=\"\",ORÇAMENTO.CodBarra,CONCATENATE(ORÇAMENTO.Fonte,\" \",ORÇAMENTO.CodBarra)))","v":"SINAPI 97113"},{"$f":"IF(ISERROR(INDIRECT(ORÇAMENTO.BancoRef)),\"(abra o arquivo 'Referência \"&Excel_BuiltIn_Database&\".xls)\",IF(OR($C738<>\"S\",ORÇAMENTO.CodBarra=\"\"),\"(Sem Código)\",IF(ISERROR(MATCH($AE738,INDIRECT(ORÇAMENTO.BancoRef),0)),\"(Código não identificado nas referências)\",MATCH($AE738,INDIRECT(ORÇAMENTO.BancoRef),0))))","v":"(abra o arquivo 'Referência 06-2023.xls)"},{"$f":"ROUND(IF(DESONERACAO=\"sim\",REFERENCIA.Desonerado,REFERENCIA.NaoDesonerado),2)","v":0},0.23530000000000001,null,{"$f":"AJ737","v":476.7},null,null,1711.35,3.59]
["S",2,"S",0,{"$f":"IF($C739=1,OFFSET(E739,-1,0)+MAX(1,COUNTIF(QCI!$A$13:$A$32,OFFSET(ORÇAMENTO!E739,-1,0))),OFFSET(E739,-1,0))","v":16},6,0,0,7,0,{"$f":"IF(OR($C739=\"S\",$C739=0),0,MATCH(OFFSET($D739,0,$C739)+IF($C739<>1,1,COUNTIF(QCI!$A$13:$A$32,ORÇAMENTO!E739)),OFFSET($D739,1,$C739,ROW($C$850)-ROW($C739)),0))","v":0},"F","Serviço","Serviço","16.6.7.","SINAPI-I","34479","CONCRETO USINADO BOMBEAVEL, CLASSE DE RESISTENCIA C40, COM BRITA 0 E 1, SLUMP = 100 +/- 20 MM, INCLUI SERVICO DE BOMBEAMENTO (NBR 8953)","M3    ",{"$f":"OFFSET(CÁLCULO!H$15,ROW($T739)-ROW(T$15),0)","v":57.2},584,"BDI 1",{"$f":"IF($C739=\"S\",ROUND(IF(TIPOORCAMENTO=\"Proposto\",ORÇAMENTO.CustoUnitario*(1+$AH739),ORÇAMENTO.PrecoUnitarioLicitado),15-13*$AF$10),0)","v":721.42},41265.22,"RA","RA",{"$f":"IF($C739=\"S\",IF($Z739=\"CP\",$X739,IF($Z739=\"RA\",(($X739)*QCI!$AA$3),0)),SomaAgrup)","v":41265.22},0,{"$f":"IF($N739=\"\",\"\",IF(ORÇAMENTO.Descricao=\"\",\"DESCRIÇÃO\",IF(AND($C739=\"S\",ORÇAMENTO.Unidade=\"\"),\"UNIDADE\",IF($X739<0,\"VALOR NEGATIVO\",IF(OR(AND(TIPOORCAMENTO=\"Proposto\",$AG739<>\"\",$AG739>0,ORÇAMENTO.CustoUnitario>$AG739),AND(TIPOORCAMENTO=\"LICITADO\",ORÇAMENTO.PrecoUnitarioLicitado>$AN739)),\"ACIMA REF.\",\"\")))))","v":""},{"$f":"IF(C739<=CRONO.NivelExibicao,MAX($AD$15:OFFSET(AD739,-1,0))+IF($C739<>1,1,MAX(1,COUNTIF(QCI!$A$13:$A$32,OFFSET($E739,-1,0)))),\"\")","v":""},{"$f":"IF(AND($C739=\"S\",ORÇAMENTO.CodBarra<>\"\"),IF(ORÇAMENTO.Fonte=\"\",ORÇAMENTO.CodBarra,CONCATENATE(ORÇAMENTO.Fonte,\" \",ORÇAMENTO.CodBarra)))","v":"SINAPI-I 34479"},{"$f":"IF(ISERROR(INDIRECT(ORÇAMENTO.BancoRef)),\"(abra o arquivo 'Referência \"&Excel_BuiltIn_Database&\".xls)\",IF(OR($C739<>\"S\",ORÇAMENTO.CodBarra=\"\"),\"(Sem Código)\",IF(ISERROR(MATCH($AE739,INDIRECT(ORÇAMENTO.BancoRef),0)),\"(Código não identificado nas referências)\",MATCH($AE739,INDIRECT(ORÇAMENTO.BancoRef),0))))","v":"(abra o arquivo 'Referência 06-2023.xls)"},{"$f":"ROUND(IF(DESONERACAO=\"sim\",REFERENCIA.Desonerado,REFERENCIA.NaoDesonerado),2)","v":0},0.23530000000000001,null,{"$f":"AJ738*0.12","v":57.203999999999994},null,null,41265.22,721.42]
["S",2,"S",0,{"$f":"IF($C740=1,OFFSET(E740,-1,0)+MAX(1,COUNTIF(QCI!$A$13:$A$32,OFFSET(ORÇAMENTO!E740,-1,0))),OFFSET(E740,-1,0))","v":16},6,0,0,8,0,{"$f":"IF(OR($C740=\"S\",$C740=0),0,MATCH(OFFSET($D740,0,$C740)+IF($C740<>1,1,COUNTIF(QCI!$A$13:$A$32,ORÇAMENTO!E740)),OFFSET($D740,1,$C740,ROW($C$850)-ROW($C740)),0))","v":0},"F","Serviço","Serviço","16.6.8.","AMMOC","PAVCONC","LANÇAMENTO, ACABAMENTO, ADENSAMENTO PARA PAVIMENTAÇÃO EM CONCRETO","M3",{"$f":"OFFSET(CÁLCULO!H$15,ROW($T740)-ROW(T$15),0)","v":57.2},265.83,"BDI 1",{"$f":"IF($C740=\"S\",ROUND(IF(TIPOORCAMENTO=\"Proposto\",ORÇAMENTO.CustoUnitario*(1+$AH740),ORÇAMENTO.PrecoUnitarioLicitado),15-13*$AF$10),0)","v":328.38},18783.34,"RA","RA",{"$f":"IF($C740=\"S\",IF($Z740=\"CP\",$X740,IF($Z740=\"RA\",(($X740)*QCI!$AA$3),0)),SomaAgrup)","v":18783.34},0,{"$f":"IF($N740=\"\",\"\",IF(ORÇAMENTO.Descricao=\"\",\"DESCRIÇÃO\",IF(AND($C740=\"S\",ORÇAMENTO.Unidade=\"\"),\"UNIDADE\",IF($X740<0,\"VALOR NEGATIVO\",IF(OR(AND(TIPOORCAMENTO=\"Proposto\",$AG740<>\"\",$AG740>0,ORÇAMENTO.CustoUnitario>$AG740),AND(TIPOORCAMENTO=\"LICITADO\",ORÇAMENTO.PrecoUnitarioLicitado>$AN740)),\"ACIMA REF.\",\"\")))))","v":""},{"$f":"IF(C740<=CRONO.NivelExibicao,MAX($AD$15:OFFSET(AD740,-1,0))+IF($C740<>1,1,MAX(1,COUNTIF(QCI!$A$13:$A$32,OFFSET($E740,-1,0)))),\"\")","v":""},{"$f":"IF(AND($C740=\"S\",ORÇAMENTO.CodBarra<>\"\"),IF(ORÇAMENTO.Fonte=\"\",ORÇAMENTO.CodBarra,CONCATENATE(ORÇAMENTO.Fonte,\" \",ORÇAMENTO.CodBarra)))","v":"AMMOC PAVCONC"},{"$f":"IF(ISERROR(INDIRECT(ORÇAMENTO.BancoRef)),\"(abra o arquivo 'Referência \"&Excel_BuiltIn_Database&\".xls)\",IF(OR($C740<>\"S\",ORÇAMENTO.CodBarra=\"\"),\"(Sem Código)\",IF(ISERROR(MATCH($AE740,INDIRECT(ORÇAMENTO.BancoRef),0)),\"(Código não identificado nas referências)\",MATCH($AE740,INDIRECT(ORÇAMENTO.BancoRef),0))))","v":"(abra o arquivo 'Referência 06-2023.xls)"},{"$f":"ROUND(IF(DESONERACAO=\"sim\",REFERENCIA.Desonerado,REFERENCIA.NaoDesonerado),2)","v":0},0.23530000000000001,null,{"$f":"AJ739","v":57.203999999999994},null,null,18783.34,328.38]
["S",2,"S",0,{"$f":"IF($C741=1,OFFSET(E741,-1,0)+MAX(1,COUNTIF(QCI!$A$13:$A$32,OFFSET(ORÇAMENTO!E741,-1,0))),OFFSET(E741,-1,0))","v":16},6,0,0,9,0,{"$f":"IF(OR($C741=\"S\",$C741=0),0,MATCH(OFFSET($D741,0,$C741)+IF($C741<>1,1,COUNTIF(QCI!$A$13:$A$32,ORÇAMENTO!E741)),OFFSET($D741,1,$C741,ROW($C$850)-ROW($C741)),0))","v":0},"F","Serviço","Serviço","16.6.9.","AMMOC","192","CURA QUÍMICA PARA PAVIMENTO DE CONCRETO - APLICAÇÃO MANUAL COM BORRIFADOR DE BAIXA PRESSÃO","M2",{"$f":"OFFSET(CÁLCULO!H$15,ROW($T741)-ROW(T$15),0)","v":476.7},6.73,"BDI 1",{"$f":"IF($C741=\"S\",ROUND(IF(TIPOORCAMENTO=\"Proposto\",ORÇAMENTO.CustoUnitario*(1+$AH741),ORÇAMENTO.PrecoUnitarioLicitado),15-13*$AF$10),0)","v":8.31},3961.38,"RA","RA",{"$f":"IF($C741=\"S\",IF($Z741=\"CP\",$X741,IF($Z741=\"RA\",(($X741)*QCI!$AA$3),0)),SomaAgrup)","v":3961.38},0,{"$f":"IF($N741=\"\",\"\",IF(ORÇAMENTO.Descricao=\"\",\"DESCRIÇÃO\",IF(AND($C741=\"S\",ORÇAMENTO.Unidade=\"\"),\"UNIDADE\",IF($X741<0,\"VALOR NEGATIVO\",IF(OR(AND(TIPOORCAMENTO=\"Proposto\",$AG741<>\"\",$AG741>0,ORÇAMENTO.CustoUnitario>$AG741),AND(TIPOORCAMENTO=\"LICITADO\",ORÇAMENTO.PrecoUnitarioLicitado>$AN741)),\"ACIMA REF.\",\"\")))))","v":""},{"$f":"IF(C741<=CRONO.NivelExibicao,MAX($AD$15:OFFSET(AD741,-1,0))+IF($C741<>1,1,MAX(1,COUNTIF(QCI!$A$13:$A$32,OFFSET($E741,-1,0)))),\"\")","v":""},{"$f":"IF(AND($C741=\"S\",ORÇAMENTO.CodBarra<>\"\"),IF(ORÇAMENTO.Fonte=\"\",ORÇAMENTO.CodBarra,CONCATENATE(ORÇAMENTO.Fonte,\" \",ORÇAMENTO.CodBarra)))","v":"AMMOC 192"},{"$f":"IF(ISERROR(INDIRECT(ORÇAMENTO.BancoRef)),\"(abra o arquivo 'Referência \"&Excel_BuiltIn_Database&\".xls)\",IF(OR($C741<>\"S\",ORÇAMENTO.CodBarra=\"\"),\"(Sem Código)\",IF(ISERROR(MATCH($AE741,INDIRECT(ORÇAMENTO.BancoRef),0)),\"(Código não identificado nas referências)\",MATCH($AE741,INDIRECT(ORÇAMENTO.BancoRef),0))))","v":"(abra o arquivo 'Referência 06-2023.xls)"},{"$f":"ROUND(IF(DESONERACAO=\"sim\",REFERENCIA.Desonerado,REFERENCIA.NaoDesonerado),2)","v":0},0.23530000000000001,null,476.7,null,null,3961.38,8.31]
["S",2,"S",0,{"$f":"IF($C742=1,OFFSET(E742,-1,0)+MAX(1,COUNTIF(QCI!$A$13:$A$32,OFFSET(ORÇAMENTO!E742,-1,0))),OFFSET(E742,-1,0))","v":16},6,0,0,10,0,{"$f":"IF(OR($C742=\"S\",$C742=0),0,MATCH(OFFSET($D742,0,$C742)+IF($C742<>1,1,COUNTIF(QCI!$A$13:$A$32,ORÇAMENTO!E742)),OFFSET($D742,1,$C742,ROW($C$850)-ROW($C742)),0))","v":0},"F","Serviço","Serviço","16.6.10.","SINAPI","97114","EXECUÇÃO DE JUNTAS DE DILATAÇÃO PARA PAVIMENTOS DE CONCRETO","M",{"$f":"OFFSET(CÁLCULO!H$15,ROW($T742)-ROW(T$15),0)","v":141.5},0.41,"BDI 1",{"$f":"IF($C742=\"S\",ROUND(IF(TIPOORCAMENTO=\"Proposto\",ORÇAMENTO.CustoUnitario*(1+$AH742),ORÇAMENTO.PrecoUnitarioLicitado),15-13*$AF$10),0)","v":0.51},72.17,"RA","RA",{"$f":"IF($C742=\"S\",IF($Z742=\"CP\",$X742,IF($Z742=\"RA\",(($X742)*QCI!$AA$3),0)),SomaAgrup)","v":72.17},0,{"$f":"IF($N742=\"\",\"\",IF(ORÇAMENTO.Descricao=\"\",\"DESCRIÇÃO\",IF(AND($C742=\"S\",ORÇAMENTO.Unidade=\"\"),\"UNIDADE\",IF($X742<0,\"VALOR NEGATIVO\",IF(OR(AND(TIPOORCAMENTO=\"Proposto\",$AG742<>\"\",$AG742>0,ORÇAMENTO.CustoUnitario>$AG742),AND(TIPOORCAMENTO=\"LICITADO\",ORÇAMENTO.PrecoUnitarioLicitado>$AN742)),\"ACIMA REF.\",\"\")))))","v":""},{"$f":"IF(C742<=CRONO.NivelExibicao,MAX($AD$15:OFFSET(AD742,-1,0))+IF($C742<>1,1,MAX(1,COUNTIF(QCI!$A$13:$A$32,OFFSET($E742,-1,0)))),\"\")","v":""},{"$f":"IF(AND($C742=\"S\",ORÇAMENTO.CodBarra<>\"\"),IF(ORÇAMENTO.Fonte=\"\",ORÇAMENTO.CodBarra,CONCATENATE(ORÇAMENTO.Fonte,\" \",ORÇAMENTO.CodBarra)))","v":"SINAPI 97114"},{"$f":"IF(ISERROR(INDIRECT(ORÇAMENTO.BancoRef)),\"(abra o arquivo 'Referência \"&Excel_BuiltIn_Database&\".xls)\",IF(OR($C742<>\"S\",ORÇAMENTO.CodBarra=\"\"),\"(Sem Código)\",IF(ISERROR(MATCH($AE742,INDIRECT(ORÇAMENTO.BancoRef),0)),\"(Código não identificado nas referências)\",MATCH($AE742,INDIRECT(ORÇAMENTO.BancoRef),0))))","v":"(abra o arquivo 'Referência 06-2023.xls)"},{"$f":"ROUND(IF(DESONERACAO=\"sim\",REFERENCIA.Desonerado,REFERENCIA.NaoDesonerado),2)","v":0},0.23530000000000001,null,141.5,null,null,72.17,0.51]
["S",2,"S",0,{"$f":"IF($C743=1,OFFSET(E743,-1,0)+MAX(1,COUNTIF(QCI!$A$13:$A$32,OFFSET(ORÇAMENTO!E743,-1,0))),OFFSET(E743,-1,0))","v":16},6,0,0,11,0,{"$f":"IF(OR($C743=\"S\",$C743=0),0,MATCH(OFFSET($D743,0,$C743)+IF($C743<>1,1,COUNTIF(QCI!$A$13:$A$32,ORÇAMENTO!E743)),OFFSET($D743,1,$C743,ROW($C$850)-ROW($C743)),0))","v":0},"F","Serviço","Serviço","16.6.11.","SINAPI-I","34","ACO CA-50, 10,0 MM, VERGALHAO                                                                                                                                                                                                                                                                                                                                                                                                                                                                             ","KG    ",{"$f":"OFFSET(CÁLCULO!H$15,ROW($T743)-ROW(T$15),0)","v":7.9},9.44,"BDI 1",{"$f":"IF($C743=\"S\",ROUND(IF(TIPOORCAMENTO=\"Proposto\",ORÇAMENTO.CustoUnitario*(1+$AH743),ORÇAMENTO.PrecoUnitarioLicitado),15-13*$AF$10),0)","v":11.66},92.11,"RA","RA",{"$f":"IF($C743=\"S\",IF($Z743=\"CP\",$X743,IF($Z743=\"RA\",(($X743)*QCI!$AA$3),0)),SomaAgrup)","v":92.11},0,{"$f":"IF($N743=\"\",\"\",IF(ORÇAMENTO.Descricao=\"\",\"DESCRIÇÃO\",IF(AND($C743=\"S\",ORÇAMENTO.Unidade=\"\"),\"UNIDADE\",IF($X743<0,\"VALOR NEGATIVO\",IF(OR(AND(TIPOORCAMENTO=\"Proposto\",$AG743<>\"\",$AG743>0,ORÇAMENTO.CustoUnitario>$AG743),AND(TIPOORCAMENTO=\"LICITADO\",ORÇAMENTO.PrecoUnitarioLicitado>$AN743)),\"ACIMA REF.\",\"\")))))","v":""},{"$f":"IF(C743<=CRONO.NivelExibicao,MAX($AD$15:OFFSET(AD743,-1,0))+IF($C743<>1,1,MAX(1,COUNTIF(QCI!$A$13:$A$32,OFFSET($E743,-1,0)))),\"\")","v":""},{"$f":"IF(AND($C743=\"S\",ORÇAMENTO.CodBarra<>\"\"),IF(ORÇAMENTO.Fonte=\"\",ORÇAMENTO.CodBarra,CONCATENATE(ORÇAMENTO.Fonte,\" \",ORÇAMENTO.CodBarra)))","v":"SINAPI-I 34"},{"$f":"IF(ISERROR(INDIRECT(ORÇAMENTO.BancoRef)),\"(abra o arquivo 'Referência \"&Excel_BuiltIn_Database&\".xls)\",IF(OR($C743<>\"S\",ORÇAMENTO.CodBarra=\"\"),\"(Sem Código)\",IF(ISERROR(MATCH($AE743,INDIRECT(ORÇAMENTO.BancoRef),0)),\"(Código não identificado nas referências)\",MATCH($AE743,INDIRECT(ORÇAMENTO.BancoRef),0))))","v":"(abra o arquivo 'Referência 06-2023.xls)"},{"$f":"ROUND(IF(DESONERACAO=\"sim\",REFERENCIA.Desonerado,REFERENCIA.NaoDesonerado),2)","v":0},0.23530000000000001,null,{"$f":"12.8*0.617","v":7.8976000000000006},null,null,92.11,11.66]
["S",2,"S",0,{"$f":"IF($C744=1,OFFSET(E744,-1,0)+MAX(1,COUNTIF(QCI!$A$13:$A$32,OFFSET(ORÇAMENTO!E744,-1,0))),OFFSET(E744,-1,0))","v":16},6,0,0,12,0,{"$f":"IF(OR($C744=\"S\",$C744=0),0,MATCH(OFFSET($D744,0,$C744)+IF($C744<>1,1,COUNTIF(QCI!$A$13:$A$32,ORÇAMENTO!E744)),OFFSET($D744,1,$C744,ROW($C$850)-ROW($C744)),0))","v":0},"F","Serviço","Serviço","16.6.12.","AMMOC","354","VIGA DE CONSTRUÇÃO EM CONCRETO ARMADO","M",{"$f":"OFFSET(CÁLCULO!H$15,ROW($T744)-ROW(T$15),0)","v":20.6},70.08,"BDI 1",{"$f":"IF($C744=\"S\",ROUND(IF(TIPOORCAMENTO=\"Proposto\",ORÇAMENTO.CustoUnitario*(1+$AH744),ORÇAMENTO.PrecoUnitarioLicitado),15-13*$AF$10),0)","v":86.57},1783.34,"RA","RA",{"$f":"IF($C744=\"S\",IF($Z744=\"CP\",$X744,IF($Z744=\"RA\",(($X744)*QCI!$AA$3),0)),SomaAgrup)","v":1783.34},0,{"$f":"IF($N744=\"\",\"\",IF(ORÇAMENTO.Descricao=\"\",\"DESCRIÇÃO\",IF(AND($C744=\"S\",ORÇAMENTO.Unidade=\"\"),\"UNIDADE\",IF($X744<0,\"VALOR NEGATIVO\",IF(OR(AND(TIPOORCAMENTO=\"Proposto\",$AG744<>\"\",$AG744>0,ORÇAMENTO.CustoUnitario>$AG744),AND(TIPOORCAMENTO=\"LICITADO\",ORÇAMENTO.PrecoUnitarioLicitado>$AN744)),\"ACIMA REF.\",\"\")))))","v":""},{"$f":"IF(C744<=CRONO.NivelExibicao,MAX($AD$15:OFFSET(AD744,-1,0))+IF($C744<>1,1,MAX(1,COUNTIF(QCI!$A$13:$A$32,OFFSET($E744,-1,0)))),\"\")","v":""},{"$f":"IF(AND($C744=\"S\",ORÇAMENTO.CodBarra<>\"\"),IF(ORÇAMENTO.Fonte=\"\",ORÇAMENTO.CodBarra,CONCATENATE(ORÇAMENTO.Fonte,\" \",ORÇAMENTO.CodBarra)))","v":"AMMOC 354"},{"$f":"IF(ISERROR(INDIRECT(ORÇAMENTO.BancoRef)),\"(abra o arquivo 'Referência \"&Excel_BuiltIn_Database&\".xls)\",IF(OR($C744<>\"S\",ORÇAMENTO.CodBarra=\"\"),\"(Sem Código)\",IF(ISERROR(MATCH($AE744,INDIRECT(ORÇAMENTO.BancoRef),0)),\"(Código não identificado nas referências)\",MATCH($AE744,INDIRECT(ORÇAMENTO.BancoRef),0))))","v":"(abra o arquivo 'Referência 06-2023.xls)"},{"$f":"ROUND(IF(DESONERACAO=\"sim\",REFERENCIA.Desonerado,REFERENCIA.NaoDesonerado),2)","v":0},0.23530000000000001,null,20.6,null,null,1783.34,86.57]
[2,2,2,2,{"$f":"IF($C745=1,OFFSET(E745,-1,0)+MAX(1,COUNTIF(QCI!$A$13:$A$32,OFFSET(ORÇAMENTO!E745,-1,0))),OFFSET(E745,-1,0))","v":16},7,0,0,0,6,{"$f":"IF(OR($C745=\"S\",$C745=0),0,MATCH(OFFSET($D745,0,$C745)+IF($C745<>1,1,COUNTIF(QCI!$A$13:$A$32,ORÇAMENTO!E745)),OFFSET($D745,1,$C745,ROW($C$850)-ROW($C745)),0))","v":2},"F","Nível 2","Nível 2","16.7.","SINAPI",null,"MEIO-FIO","-",{"$f":"OFFSET(CÁLCULO!H$15,ROW($T745)-ROW(T$15),0)","v":0},0,"BDI 1",{"$f":"IF($C745=\"S\",ROUND(IF(TIPOORCAMENTO=\"Proposto\",ORÇAMENTO.CustoUnitario*(1+$AH745),ORÇAMENTO.PrecoUnitarioLicitado),15-13*$AF$10),0)","v":0},6110.48,"RA","",{"$f":"IF($C745=\"S\",IF($Z745=\"CP\",$X745,IF($Z745=\"RA\",(($X745)*QCI!$AA$3),0)),SomaAgrup)","v":6110.48},0,{"$f":"IF($N745=\"\",\"\",IF(ORÇAMENTO.Descricao=\"\",\"DESCRIÇÃO\",IF(AND($C745=\"S\",ORÇAMENTO.Unidade=\"\"),\"UNIDADE\",IF($X745<0,\"VALOR NEGATIVO\",IF(OR(AND(TIPOORCAMENTO=\"Proposto\",$AG745<>\"\",$AG745>0,ORÇAMENTO.CustoUnitario>$AG745),AND(TIPOORCAMENTO=\"LICITADO\",ORÇAMENTO.PrecoUnitarioLicitado>$AN745)),\"ACIMA REF.\",\"\")))))","v":""},{"$f":"IF(C745<=CRONO.NivelExibicao,MAX($AD$15:OFFSET(AD745,-1,0))+IF($C745<>1,1,MAX(1,COUNTIF(QCI!$A$13:$A$32,OFFSET($E745,-1,0)))),\"\")","v":""},{"$f":"IF(AND($C745=\"S\",ORÇAMENTO.CodBarra<>\"\"),IF(ORÇAMENTO.Fonte=\"\",ORÇAMENTO.CodBarra,CONCATENATE(ORÇAMENTO.Fonte,\" \",ORÇAMENTO.CodBarra)))","v":false},{"$f":"IF(ISERROR(INDIRECT(ORÇAMENTO.BancoRef)),\"(abra o arquivo 'Referência \"&Excel_BuiltIn_Database&\".xls)\",IF(OR($C745<>\"S\",ORÇAMENTO.CodBarra=\"\"),\"(Sem Código)\",IF(ISERROR(MATCH($AE745,INDIRECT(ORÇAMENTO.BancoRef),0)),\"(Código não identificado nas referências)\",MATCH($AE745,INDIRECT(ORÇAMENTO.BancoRef),0))))","v":"(abra o arquivo 'Referência 06-2023.xls)"},{"$f":"ROUND(IF(DESONERACAO=\"sim\",REFERENCIA.Desonerado,REFERENCIA.NaoDesonerado),2)","v":0},0.23530000000000001,null,null,null,null,6110.48,0]
["S",2,"S",0,{"$f":"IF($C746=1,OFFSET(E746,-1,0)+MAX(1,COUNTIF(QCI!$A$13:$A$32,OFFSET(ORÇAMENTO!E746,-1,0))),OFFSET(E746,-1,0))","v":16},7,0,0,1,0,{"$f":"IF(OR($C746=\"S\",$C746=0),0,MATCH(OFFSET($D746,0,$C746)+IF($C746<>1,1,COUNTIF(QCI!$A$13:$A$32,ORÇAMENTO!E746)),OFFSET($D746,1,$C746,ROW($C$850)-ROW($C746)),0))","v":0},"F","Serviço","Serviço","16.7.1.","SINAPI","94263","GUIA (MEIO-FIO) CONCRETO, MOLDADA  IN LOCO COM EXTRUSORA, 13 CM BASE X 22 CM ALTURA.","M",{"$f":"OFFSET(CÁLCULO!H$15,ROW($T746)-ROW(T$15),0)","v":136},36.369999999999997,"BDI 1",{"$f":"IF($C746=\"S\",ROUND(IF(TIPOORCAMENTO=\"Proposto\",ORÇAMENTO.CustoUnitario*(1+$AH746),ORÇAMENTO.PrecoUnitarioLicitado),15-13*$AF$10),0)","v":44.93},6110.48,"RA","RA",{"$f":"IF($C746=\"S\",IF($Z746=\"CP\",$X746,IF($Z746=\"RA\",(($X746)*QCI!$AA$3),0)),SomaAgrup)","v":6110.48},0,{"$f":"IF($N746=\"\",\"\",IF(ORÇAMENTO.Descricao=\"\",\"DESCRIÇÃO\",IF(AND($C746=\"S\",ORÇAMENTO.Unidade=\"\"),\"UNIDADE\",IF($X746<0,\"VALOR NEGATIVO\",IF(OR(AND(TIPOORCAMENTO=\"Proposto\",$AG746<>\"\",$AG746>0,ORÇAMENTO.CustoUnitario>$AG746),AND(TIPOORCAMENTO=\"LICITADO\",ORÇAMENTO.PrecoUnitarioLicitado>$AN746)),\"ACIMA REF.\",\"\")))))","v":""},{"$f":"IF(C746<=CRONO.NivelExibicao,MAX($AD$15:OFFSET(AD746,-1,0))+IF($C746<>1,1,MAX(1,COUNTIF(QCI!$A$13:$A$32,OFFSET($E746,-1,0)))),\"\")","v":""},{"$f":"IF(AND($C746=\"S\",ORÇAMENTO.CodBarra<>\"\"),IF(ORÇAMENTO.Fonte=\"\",ORÇAMENTO.CodBarra,CONCATENATE(ORÇAMENTO.Fonte,\" \",ORÇAMENTO.CodBarra)))","v":"SINAPI 94263"},{"$f":"IF(ISERROR(INDIRECT(ORÇAMENTO.BancoRef)),\"(abra o arquivo 'Referência \"&Excel_BuiltIn_Database&\".xls)\",IF(OR($C746<>\"S\",ORÇAMENTO.CodBarra=\"\"),\"(Sem Código)\",IF(ISERROR(MATCH($AE746,INDIRECT(ORÇAMENTO.BancoRef),0)),\"(Código não identificado nas referências)\",MATCH($AE746,INDIRECT(ORÇAMENTO.BancoRef),0))))","v":"(abra o arquivo 'Referência 06-2023.xls)"},{"$f":"ROUND(IF(DESONERACAO=\"sim\",REFERENCIA.Desonerado,REFERENCIA.NaoDesonerado),2)","v":0},0.23530000000000001,null,136,null,null,6110.48,44.93]
[2,2,2,4,{"$f":"IF($C747=1,OFFSET(E747,-1,0)+MAX(1,COUNTIF(QCI!$A$13:$A$32,OFFSET(ORÇAMENTO!E747,-1,0))),OFFSET(E747,-1,0))","v":16},8,0,0,0,4,{"$f":"IF(OR($C747=\"S\",$C747=0),0,MATCH(OFFSET($D747,0,$C747)+IF($C747<>1,1,COUNTIF(QCI!$A$13:$A$32,ORÇAMENTO!E747)),OFFSET($D747,1,$C747,ROW($C$850)-ROW($C747)),0))","v":86},"F","Nível 2","Nível 2","16.8.","SINAPI",null,"SINALIZAÇÃO","-",{"$f":"OFFSET(CÁLCULO!H$15,ROW($T747)-ROW(T$15),0)","v":0},0,"BDI 1",{"$f":"IF($C747=\"S\",ROUND(IF(TIPOORCAMENTO=\"Proposto\",ORÇAMENTO.CustoUnitario*(1+$AH747),ORÇAMENTO.PrecoUnitarioLicitado),15-13*$AF$10),0)","v":0},1473.42,"RA","",{"$f":"IF($C747=\"S\",IF($Z747=\"CP\",$X747,IF($Z747=\"RA\",(($X747)*QCI!$AA$3),0)),SomaAgrup)","v":1473.42},0,{"$f":"IF($N747=\"\",\"\",IF(ORÇAMENTO.Descricao=\"\",\"DESCRIÇÃO\",IF(AND($C747=\"S\",ORÇAMENTO.Unidade=\"\"),\"UNIDADE\",IF($X747<0,\"VALOR NEGATIVO\",IF(OR(AND(TIPOORCAMENTO=\"Proposto\",$AG747<>\"\",$AG747>0,ORÇAMENTO.CustoUnitario>$AG747),AND(TIPOORCAMENTO=\"LICITADO\",ORÇAMENTO.PrecoUnitarioLicitado>$AN747)),\"ACIMA REF.\",\"\")))))","v":""},{"$f":"IF(C747<=CRONO.NivelExibicao,MAX($AD$15:OFFSET(AD747,-1,0))+IF($C747<>1,1,MAX(1,COUNTIF(QCI!$A$13:$A$32,OFFSET($E747,-1,0)))),\"\")","v":""},{"$f":"IF(AND($C747=\"S\",ORÇAMENTO.CodBarra<>\"\"),IF(ORÇAMENTO.Fonte=\"\",ORÇAMENTO.CodBarra,CONCATENATE(ORÇAMENTO.Fonte,\" \",ORÇAMENTO.CodBarra)))","v":false},{"$f":"IF(ISERROR(INDIRECT(ORÇAMENTO.BancoRef)),\"(abra o arquivo 'Referência \"&Excel_BuiltIn_Database&\".xls)\",IF(OR($C747<>\"S\",ORÇAMENTO.CodBarra=\"\"),\"(Sem Código)\",IF(ISERROR(MATCH($AE747,INDIRECT(ORÇAMENTO.BancoRef),0)),\"(Código não identificado nas referências)\",MATCH($AE747,INDIRECT(ORÇAMENTO.BancoRef),0))))","v":"(abra o arquivo 'Referência 06-2023.xls)"},{"$f":"ROUND(IF(DESONERACAO=\"sim\",REFERENCIA.Desonerado,REFERENCIA.NaoDesonerado),2)","v":0},0.23530000000000001,null,null,null,null,1473.42,0]
["S",2,"S",0,{"$f":"IF($C748=1,OFFSET(E748,-1,0)+MAX(1,COUNTIF(QCI!$A$13:$A$32,OFFSET(ORÇAMENTO!E748,-1,0))),OFFSET(E748,-1,0))","v":16},8,0,0,1,0,{"$f":"IF(OR($C748=\"S\",$C748=0),0,MATCH(OFFSET($D748,0,$C748)+IF($C748<>1,1,COUNTIF(QCI!$A$13:$A$32,ORÇAMENTO!E748)),OFFSET($D748,1,$C748,ROW($C$850)-ROW($C748)),0))","v":0},"F","Serviço","Serviço","16.8.1.","SINAPI","72947","SINALIZACAO HORIZONTAL COM TINTA RETRORREFLETIVA A BASE DE RESINA ACRILICA COM MICROESFERAS DE VIDRO - LINHA CONTÍNUA AMARELA","M2",{"$f":"OFFSET(CÁLCULO!H$15,ROW($T748)-ROW(T$15),0)","v":11.73},17.059999999999999,"BDI 1",{"$f":"IF($C748=\"S\",ROUND(IF(TIPOORCAMENTO=\"Proposto\",ORÇAMENTO.CustoUnitario*(1+$AH748),ORÇAMENTO.PrecoUnitarioLicitado),15-13*$AF$10),0)","v":21.07},247.15,"RA","RA",{"$f":"IF($C748=\"S\",IF($Z748=\"CP\",$X748,IF($Z748=\"RA\",(($X748)*QCI!$AA$3),0)),SomaAgrup)","v":247.15},0,{"$f":"IF($N748=\"\",\"\",IF(ORÇAMENTO.Descricao=\"\",\"DESCRIÇÃO\",IF(AND($C748=\"S\",ORÇAMENTO.Unidade=\"\"),\"UNIDADE\",IF($X748<0,\"VALOR NEGATIVO\",IF(OR(AND(TIPOORCAMENTO=\"Proposto\",$AG748<>\"\",$AG748>0,ORÇAMENTO.CustoUnitario>$AG748),AND(TIPOORCAMENTO=\"LICITADO\",ORÇAMENTO.PrecoUnitarioLicitado>$AN748)),\"ACIMA REF.\",\"\")))))","v":""},{"$f":"IF(C748<=CRONO.NivelExibicao,MAX($AD$15:OFFSET(AD748,-1,0))+IF($C748<>1,1,MAX(1,COUNTIF(QCI!$A$13:$A$32,OFFSET($E748,-1,0)))),\"\")","v":""},{"$f":"IF(AND($C748=\"S\",ORÇAMENTO.CodBarra<>\"\"),IF(ORÇAMENTO.Fonte=\"\",ORÇAMENTO.CodBarra,CONCATENATE(ORÇAMENTO.Fonte,\" \",ORÇAMENTO.CodBarra)))","v":"SINAPI 72947"},{"$f":"IF(ISERROR(INDIRECT(ORÇAMENTO.BancoRef)),\"(abra o arquivo 'Referência \"&Excel_BuiltIn_Database&\".xls)\",IF(OR($C748<>\"S\",ORÇAMENTO.CodBarra=\"\"),\"(Sem Código)\",IF(ISERROR(MATCH($AE748,INDIRECT(ORÇAMENTO.BancoRef),0)),\"(Código não identificado nas referências)\",MATCH($AE748,INDIRECT(ORÇAMENTO.BancoRef),0))))","v":"(abra o arquivo 'Referência 06-2023.xls)"},{"$f":"ROUND(IF(DESONERACAO=\"sim\",REFERENCIA.Desonerado,REFERENCIA.NaoDesonerado),2)","v":0},0.23530000000000001,null,11.73,null,null,247.15,21.07]
["S",2,"S",0,{"$f":"IF($C749=1,OFFSET(E749,-1,0)+MAX(1,COUNTIF(QCI!$A$13:$A$32,OFFSET(ORÇAMENTO!E749,-1,0))),OFFSET(E749,-1,0))","v":16},8,0,0,2,0,{"$f":"IF(OR($C749=\"S\",$C749=0),0,MATCH(OFFSET($D749,0,$C749)+IF($C749<>1,1,COUNTIF(QCI!$A$13:$A$32,ORÇAMENTO!E749)),OFFSET($D749,1,$C749,ROW($C$850)-ROW($C749)),0))","v":0},"F","Serviço","Serviço","16.8.2.","SINAPI","72947","SINALIZACAO HORIZONTAL COM TINTA RETRORREFLETIVA A BASE DE RESINA ACRILICA COM MICROESFERAS DE VIDRO - LINHA CONTÍNUA BRANCA","M2",{"$f":"OFFSET(CÁLCULO!H$15,ROW($T749)-ROW(T$15),0)","v":13.6},17.059999999999999,"BDI 1",{"$f":"IF($C749=\"S\",ROUND(IF(TIPOORCAMENTO=\"Proposto\",ORÇAMENTO.CustoUnitario*(1+$AH749),ORÇAMENTO.PrecoUnitarioLicitado),15-13*$AF$10),0)","v":21.07},286.55,"RA","RA",{"$f":"IF($C749=\"S\",IF($Z749=\"CP\",$X749,IF($Z749=\"RA\",(($X749)*QCI!$AA$3),0)),SomaAgrup)","v":286.55},0,{"$f":"IF($N749=\"\",\"\",IF(ORÇAMENTO.Descricao=\"\",\"DESCRIÇÃO\",IF(AND($C749=\"S\",ORÇAMENTO.Unidade=\"\"),\"UNIDADE\",IF($X749<0,\"VALOR NEGATIVO\",IF(OR(AND(TIPOORCAMENTO=\"Proposto\",$AG749<>\"\",$AG749>0,ORÇAMENTO.CustoUnitario>$AG749),AND(TIPOORCAMENTO=\"LICITADO\",ORÇAMENTO.PrecoUnitarioLicitado>$AN749)),\"ACIMA REF.\",\"\")))))","v":""},{"$f":"IF(C749<=CRONO.NivelExibicao,MAX($AD$15:OFFSET(AD749,-1,0))+IF($C749<>1,1,MAX(1,COUNTIF(QCI!$A$13:$A$32,OFFSET($E749,-1,0)))),\"\")","v":""},{"$f":"IF(AND($C749=\"S\",ORÇAMENTO.CodBarra<>\"\"),IF(ORÇAMENTO.Fonte=\"\",ORÇAMENTO.CodBarra,CONCATENATE(ORÇAMENTO.Fonte,\" \",ORÇAMENTO.CodBarra)))","v":"SINAPI 72947"},{"$f":"IF(ISERROR(INDIRECT(ORÇAMENTO.BancoRef)),\"(abra o arquivo 'Referência \"&Excel_BuiltIn_Database&\".xls)\",IF(OR($C749<>\"S\",ORÇAMENTO.CodBarra=\"\"),\"(Sem Código)\",IF(ISERROR(MATCH($AE749,INDIRECT(ORÇAMENTO.BancoRef),0)),\"(Código não identificado nas referências)\",MATCH($AE749,INDIRECT(ORÇAMENTO.BancoRef),0))))","v":"(abra o arquivo 'Referência 06-2023.xls)"},{"$f":"ROUND(IF(DESONERACAO=\"sim\",REFERENCIA.Desonerado,REFERENCIA.NaoDesonerado),2)","v":0},0.23530000000000001,null,13.6,null,null,286.55,21.07]
["S",2,"S",0,{"$f":"IF($C750=1,OFFSET(E750,-1,0)+MAX(1,COUNTIF(QCI!$A$13:$A$32,OFFSET(ORÇAMENTO!E750,-1,0))),OFFSET(E750,-1,0))","v":16},8,0,0,3,0,{"$f":"IF(OR($C750=\"S\",$C750=0),0,MATCH(OFFSET($D750,0,$C750)+IF($C750<>1,1,COUNTIF(QCI!$A$13:$A$32,ORÇAMENTO!E750)),OFFSET($D750,1,$C750,ROW($C$850)-ROW($C750)),0))","v":0},"F","Serviço","Serviço","16.8.3.","SINAPI","72947","SINALIZACAO HORIZONTAL COM TINTA RETRORREFLETIVA A BASE DE RESINA ACRILICA COM MICROESFERAS DE VIDRO - LINHA PRETA","M2",{"$f":"OFFSET(CÁLCULO!H$15,ROW($T750)-ROW(T$15),0)","v":44.6},17.059999999999999,"BDI 1",{"$f":"IF($C750=\"S\",ROUND(IF(TIPOORCAMENTO=\"Proposto\",ORÇAMENTO.CustoUnitario*(1+$AH750),ORÇAMENTO.PrecoUnitarioLicitado),15-13*$AF$10),0)","v":21.07},939.72,"RA","RA",{"$f":"IF($C750=\"S\",IF($Z750=\"CP\",$X750,IF($Z750=\"RA\",(($X750)*QCI!$AA$3),0)),SomaAgrup)","v":939.72},0,{"$f":"IF($N750=\"\",\"\",IF(ORÇAMENTO.Descricao=\"\",\"DESCRIÇÃO\",IF(AND($C750=\"S\",ORÇAMENTO.Unidade=\"\"),\"UNIDADE\",IF($X750<0,\"VALOR NEGATIVO\",IF(OR(AND(TIPOORCAMENTO=\"Proposto\",$AG750<>\"\",$AG750>0,ORÇAMENTO.CustoUnitario>$AG750),AND(TIPOORCAMENTO=\"LICITADO\",ORÇAMENTO.PrecoUnitarioLicitado>$AN750)),\"ACIMA REF.\",\"\")))))","v":""},{"$f":"IF(C750<=CRONO.NivelExibicao,MAX($AD$15:OFFSET(AD750,-1,0))+IF($C750<>1,1,MAX(1,COUNTIF(QCI!$A$13:$A$32,OFFSET($E750,-1,0)))),\"\")","v":""},{"$f":"IF(AND($C750=\"S\",ORÇAMENTO.CodBarra<>\"\"),IF(ORÇAMENTO.Fonte=\"\",ORÇAMENTO.CodBarra,CONCATENATE(ORÇAMENTO.Fonte,\" \",ORÇAMENTO.CodBarra)))","v":"SINAPI 72947"},{"$f":"IF(ISERROR(INDIRECT(ORÇAMENTO.BancoRef)),\"(abra o arquivo 'Referência \"&Excel_BuiltIn_Database&\".xls)\",IF(OR($C750<>\"S\",ORÇAMENTO.CodBarra=\"\"),\"(Sem Código)\",IF(ISERROR(MATCH($AE750,INDIRECT(ORÇAMENTO.BancoRef),0)),\"(Código não identificado nas referências)\",MATCH($AE750,INDIRECT(ORÇAMENTO.BancoRef),0))))","v":"(abra o arquivo 'Referência 06-2023.xls)"},{"$f":"ROUND(IF(DESONERACAO=\"sim\",REFERENCIA.Desonerado,REFERENCIA.NaoDesonerado),2)","v":0},0.23530000000000001,null,44.6,null,null,939.72,21.07]
[1,1,1,39,{"$f":"IF($C751=1,OFFSET(E751,-1,0)+MAX(1,COUNTIF(QCI!$A$13:$A$32,OFFSET(ORÇAMENTO!E751,-1,0))),OFFSET(E751,-1,0))","v":17},0,0,0,0,99,{"$f":"IF(OR($C751=\"S\",$C751=0),0,MATCH(OFFSET($D751,0,$C751)+IF($C751<>1,1,COUNTIF(QCI!$A$13:$A$32,ORÇAMENTO!E751)),OFFSET($D751,1,$C751,ROW($C$850)-ROW($C751)),0))","v":39},"F","Meta","Meta","17.","SINAPI",null,"RUA MACHADO DE ASSIS","-",{"$f":"OFFSET(CÁLCULO!H$15,ROW($T751)-ROW(T$15),0)","v":0},0,"BDI 1",{"$f":"IF($C751=\"S\",ROUND(IF(TIPOORCAMENTO=\"Proposto\",ORÇAMENTO.CustoUnitario*(1+$AH751),ORÇAMENTO.PrecoUnitarioLicitado),15-13*$AF$10),0)","v":0},113222.92,"RA","",{"$f":"IF($C751=\"S\",IF($Z751=\"CP\",$X751,IF($Z751=\"RA\",(($X751)*QCI!$AA$3),0)),SomaAgrup)","v":113222.91999999998},0,{"$f":"IF($N751=\"\",\"\",IF(ORÇAMENTO.Descricao=\"\",\"DESCRIÇÃO\",IF(AND($C751=\"S\",ORÇAMENTO.Unidade=\"\"),\"UNIDADE\",IF($X751<0,\"VALOR NEGATIVO\",IF(OR(AND(TIPOORCAMENTO=\"Proposto\",$AG751<>\"\",$AG751>0,ORÇAMENTO.CustoUnitario>$AG751),AND(TIPOORCAMENTO=\"LICITADO\",ORÇAMENTO.PrecoUnitarioLicitado>$AN751)),\"ACIMA REF.\",\"\")))))","v":""},{"$f":"IF(C751<=CRONO.NivelExibicao,MAX($AD$15:OFFSET(AD751,-1,0))+IF($C751<>1,1,MAX(1,COUNTIF(QCI!$A$13:$A$32,OFFSET($E751,-1,0)))),\"\")","v":17},{"$f":"IF(AND($C751=\"S\",ORÇAMENTO.CodBarra<>\"\"),IF(ORÇAMENTO.Fonte=\"\",ORÇAMENTO.CodBarra,CONCATENATE(ORÇAMENTO.Fonte,\" \",ORÇAMENTO.CodBarra)))","v":false},{"$f":"IF(ISERROR(INDIRECT(ORÇAMENTO.BancoRef)),\"(abra o arquivo 'Referência \"&Excel_BuiltIn_Database&\".xls)\",IF(OR($C751<>\"S\",ORÇAMENTO.CodBarra=\"\"),\"(Sem Código)\",IF(ISERROR(MATCH($AE751,INDIRECT(ORÇAMENTO.BancoRef),0)),\"(Código não identificado nas referências)\",MATCH($AE751,INDIRECT(ORÇAMENTO.BancoRef),0))))","v":"(abra o arquivo 'Referência 06-2023.xls)"},{"$f":"ROUND(IF(DESONERACAO=\"sim\",REFERENCIA.Desonerado,REFERENCIA.NaoDesonerado),2)","v":0},0.23530000000000001,null,null,null,null,113222.92,0]
[2,2,2,2,{"$f":"IF($C752=1,OFFSET(E752,-1,0)+MAX(1,COUNTIF(QCI!$A$13:$A$32,OFFSET(ORÇAMENTO!E752,-1,0))),OFFSET(E752,-1,0))","v":17},1,0,0,0,38,{"$f":"IF(OR($C752=\"S\",$C752=0),0,MATCH(OFFSET($D752,0,$C752)+IF($C752<>1,1,COUNTIF(QCI!$A$13:$A$32,ORÇAMENTO!E752)),OFFSET($D752,1,$C752,ROW($C$850)-ROW($C752)),0))","v":2},"F","Nível 2","Nível 2","17.1.","SINAPI",null,"SERVIÇOS INICIAIS","-",{"$f":"OFFSET(CÁLCULO!H$15,ROW($T752)-ROW(T$15),0)","v":0},0,"BDI 1",{"$f":"IF($C752=\"S\",ROUND(IF(TIPOORCAMENTO=\"Proposto\",ORÇAMENTO.CustoUnitario*(1+$AH752),ORÇAMENTO.PrecoUnitarioLicitado),15-13*$AF$10),0)","v":0},35.590000000000003,"RA","",{"$f":"IF($C752=\"S\",IF($Z752=\"CP\",$X752,IF($Z752=\"RA\",(($X752)*QCI!$AA$3),0)),SomaAgrup)","v":35.590000000000003},0,{"$f":"IF($N752=\"\",\"\",IF(ORÇAMENTO.Descricao=\"\",\"DESCRIÇÃO\",IF(AND($C752=\"S\",ORÇAMENTO.Unidade=\"\"),\"UNIDADE\",IF($X752<0,\"VALOR NEGATIVO\",IF(OR(AND(TIPOORCAMENTO=\"Proposto\",$AG752<>\"\",$AG752>0,ORÇAMENTO.CustoUnitario>$AG752),AND(TIPOORCAMENTO=\"LICITADO\",ORÇAMENTO.PrecoUnitarioLicitado>$AN752)),\"ACIMA REF.\",\"\")))))","v":""},{"$f":"IF(C752<=CRONO.NivelExibicao,MAX($AD$15:OFFSET(AD752,-1,0))+IF($C752<>1,1,MAX(1,COUNTIF(QCI!$A$13:$A$32,OFFSET($E752,-1,0)))),\"\")","v":""},{"$f":"IF(AND($C752=\"S\",ORÇAMENTO.CodBarra<>\"\"),IF(ORÇAMENTO.Fonte=\"\",ORÇAMENTO.CodBarra,CONCATENATE(ORÇAMENTO.Fonte,\" \",ORÇAMENTO.CodBarra)))","v":false},{"$f":"IF(ISERROR(INDIRECT(ORÇAMENTO.BancoRef)),\"(abra o arquivo 'Referência \"&Excel_BuiltIn_Database&\".xls)\",IF(OR($C752<>\"S\",ORÇAMENTO.CodBarra=\"\"),\"(Sem Código)\",IF(ISERROR(MATCH($AE752,INDIRECT(ORÇAMENTO.BancoRef),0)),\"(Código não identificado nas referências)\",MATCH($AE752,INDIRECT(ORÇAMENTO.BancoRef),0))))","v":"(abra o arquivo 'Referência 06-2023.xls)"},{"$f":"ROUND(IF(DESONERACAO=\"sim\",REFERENCIA.Desonerado,REFERENCIA.NaoDesonerado),2)","v":0},0.23530000000000001,null,null,null,null,35.590000000000003,0]
["S",2,"S",0,{"$f":"IF($C753=1,OFFSET(E753,-1,0)+MAX(1,COUNTIF(QCI!$A$13:$A$32,OFFSET(ORÇAMENTO!E753,-1,0))),OFFSET(E753,-1,0))","v":17},1,0,0,1,0,{"$f":"IF(OR($C753=\"S\",$C753=0),0,MATCH(OFFSET($D753,0,$C753)+IF($C753<>1,1,COUNTIF(QCI!$A$13:$A$32,ORÇAMENTO!E753)),OFFSET($D753,1,$C753,ROW($C$850)-ROW($C753)),0))","v":0},"F","Serviço","Serviço","17.1.1.","SINAPI","99064","LOCAÇÃO DE PAVIMENTAÇÃO","M",{"$f":"OFFSET(CÁLCULO!H$15,ROW($T753)-ROW(T$15),0)","v":60.33},0.48,"BDI 1",{"$f":"IF($C753=\"S\",ROUND(IF(TIPOORCAMENTO=\"Proposto\",ORÇAMENTO.CustoUnitario*(1+$AH753),ORÇAMENTO.PrecoUnitarioLicitado),15-13*$AF$10),0)","v":0.59},35.590000000000003,"RA","RA",{"$f":"IF($C753=\"S\",IF($Z753=\"CP\",$X753,IF($Z753=\"RA\",(($X753)*QCI!$AA$3),0)),SomaAgrup)","v":35.590000000000003},0,{"$f":"IF($N753=\"\",\"\",IF(ORÇAMENTO.Descricao=\"\",\"DESCRIÇÃO\",IF(AND($C753=\"S\",ORÇAMENTO.Unidade=\"\"),\"UNIDADE\",IF($X753<0,\"VALOR NEGATIVO\",IF(OR(AND(TIPOORCAMENTO=\"Proposto\",$AG753<>\"\",$AG753>0,ORÇAMENTO.CustoUnitario>$AG753),AND(TIPOORCAMENTO=\"LICITADO\",ORÇAMENTO.PrecoUnitarioLicitado>$AN753)),\"ACIMA REF.\",\"\")))))","v":""},{"$f":"IF(C753<=CRONO.NivelExibicao,MAX($AD$15:OFFSET(AD753,-1,0))+IF($C753<>1,1,MAX(1,COUNTIF(QCI!$A$13:$A$32,OFFSET($E753,-1,0)))),\"\")","v":""},{"$f":"IF(AND($C753=\"S\",ORÇAMENTO.CodBarra<>\"\"),IF(ORÇAMENTO.Fonte=\"\",ORÇAMENTO.CodBarra,CONCATENATE(ORÇAMENTO.Fonte,\" \",ORÇAMENTO.CodBarra)))","v":"SINAPI 99064"},{"$f":"IF(ISERROR(INDIRECT(ORÇAMENTO.BancoRef)),\"(abra o arquivo 'Referência \"&Excel_BuiltIn_Database&\".xls)\",IF(OR($C753<>\"S\",ORÇAMENTO.CodBarra=\"\"),\"(Sem Código)\",IF(ISERROR(MATCH($AE753,INDIRECT(ORÇAMENTO.BancoRef),0)),\"(Código não identificado nas referências)\",MATCH($AE753,INDIRECT(ORÇAMENTO.BancoRef),0))))","v":"(abra o arquivo 'Referência 06-2023.xls)"},{"$f":"ROUND(IF(DESONERACAO=\"sim\",REFERENCIA.Desonerado,REFERENCIA.NaoDesonerado),2)","v":0},0.23530000000000001,null,60.33,null,null,35.590000000000003,0.59]
[2,2,2,2,{"$f":"IF($C754=1,OFFSET(E754,-1,0)+MAX(1,COUNTIF(QCI!$A$13:$A$32,OFFSET(ORÇAMENTO!E754,-1,0))),OFFSET(E754,-1,0))","v":17},2,0,0,0,36,{"$f":"IF(OR($C754=\"S\",$C754=0),0,MATCH(OFFSET($D754,0,$C754)+IF($C754<>1,1,COUNTIF(QCI!$A$13:$A$32,ORÇAMENTO!E754)),OFFSET($D754,1,$C754,ROW($C$850)-ROW($C754)),0))","v":2},"F","Nível 2","Nível 2","17.2.","SINAPI",null,"SINALIZAÇÃO E SEGURANÇA","-",{"$f":"OFFSET(CÁLCULO!H$15,ROW($T754)-ROW(T$15),0)","v":0},0,"BDI 1",{"$f":"IF($C754=\"S\",ROUND(IF(TIPOORCAMENTO=\"Proposto\",ORÇAMENTO.CustoUnitario*(1+$AH754),ORÇAMENTO.PrecoUnitarioLicitado),15-13*$AF$10),0)","v":0},2077.77,"RA","",{"$f":"IF($C754=\"S\",IF($Z754=\"CP\",$X754,IF($Z754=\"RA\",(($X754)*QCI!$AA$3),0)),SomaAgrup)","v":2077.77},0,{"$f":"IF($N754=\"\",\"\",IF(ORÇAMENTO.Descricao=\"\",\"DESCRIÇÃO\",IF(AND($C754=\"S\",ORÇAMENTO.Unidade=\"\"),\"UNIDADE\",IF($X754<0,\"VALOR NEGATIVO\",IF(OR(AND(TIPOORCAMENTO=\"Proposto\",$AG754<>\"\",$AG754>0,ORÇAMENTO.CustoUnitario>$AG754),AND(TIPOORCAMENTO=\"LICITADO\",ORÇAMENTO.PrecoUnitarioLicitado>$AN754)),\"ACIMA REF.\",\"\")))))","v":""},{"$f":"IF(C754<=CRONO.NivelExibicao,MAX($AD$15:OFFSET(AD754,-1,0))+IF($C754<>1,1,MAX(1,COUNTIF(QCI!$A$13:$A$32,OFFSET($E754,-1,0)))),\"\")","v":""},{"$f":"IF(AND($C754=\"S\",ORÇAMENTO.CodBarra<>\"\"),IF(ORÇAMENTO.Fonte=\"\",ORÇAMENTO.CodBarra,CONCATENATE(ORÇAMENTO.Fonte,\" \",ORÇAMENTO.CodBarra)))","v":false},{"$f":"IF(ISERROR(INDIRECT(ORÇAMENTO.BancoRef)),\"(abra o arquivo 'Referência \"&Excel_BuiltIn_Database&\".xls)\",IF(OR($C754<>\"S\",ORÇAMENTO.CodBarra=\"\"),\"(Sem Código)\",IF(ISERROR(MATCH($AE754,INDIRECT(ORÇAMENTO.BancoRef),0)),\"(Código não identificado nas referências)\",MATCH($AE754,INDIRECT(ORÇAMENTO.BancoRef),0))))","v":"(abra o arquivo 'Referência 06-2023.xls)"},{"$f":"ROUND(IF(DESONERACAO=\"sim\",REFERENCIA.Desonerado,REFERENCIA.NaoDesonerado),2)","v":0},0.23530000000000001,null,null,null,null,2077.77,0]
["S",2,"S",0,{"$f":"IF($C755=1,OFFSET(E755,-1,0)+MAX(1,COUNTIF(QCI!$A$13:$A$32,OFFSET(ORÇAMENTO!E755,-1,0))),OFFSET(E755,-1,0))","v":17},2,0,0,1,0,{"$f":"IF(OR($C755=\"S\",$C755=0),0,MATCH(OFFSET($D755,0,$C755)+IF($C755<>1,1,COUNTIF(QCI!$A$13:$A$32,ORÇAMENTO!E755)),OFFSET($D755,1,$C755,ROW($C$850)-ROW($C755)),0))","v":0},"F","Serviço","Serviço","17.2.1.","AMMOC","SIN","SINALIZAÇÃO COM TELA PLASTICA TIPO TAPUME FIXADA EM CONE PLÁSTICO, INCLUINDO CONE","M",{"$f":"OFFSET(CÁLCULO!H$15,ROW($T755)-ROW(T$15),0)","v":120.66},13.94,"BDI 1",{"$f":"IF($C755=\"S\",ROUND(IF(TIPOORCAMENTO=\"Proposto\",ORÇAMENTO.CustoUnitario*(1+$AH755),ORÇAMENTO.PrecoUnitarioLicitado),15-13*$AF$10),0)","v":17.22},2077.77,"RA","RA",{"$f":"IF($C755=\"S\",IF($Z755=\"CP\",$X755,IF($Z755=\"RA\",(($X755)*QCI!$AA$3),0)),SomaAgrup)","v":2077.77},0,{"$f":"IF($N755=\"\",\"\",IF(ORÇAMENTO.Descricao=\"\",\"DESCRIÇÃO\",IF(AND($C755=\"S\",ORÇAMENTO.Unidade=\"\"),\"UNIDADE\",IF($X755<0,\"VALOR NEGATIVO\",IF(OR(AND(TIPOORCAMENTO=\"Proposto\",$AG755<>\"\",$AG755>0,ORÇAMENTO.CustoUnitario>$AG755),AND(TIPOORCAMENTO=\"LICITADO\",ORÇAMENTO.PrecoUnitarioLicitado>$AN755)),\"ACIMA REF.\",\"\")))))","v":""},{"$f":"IF(C755<=CRONO.NivelExibicao,MAX($AD$15:OFFSET(AD755,-1,0))+IF($C755<>1,1,MAX(1,COUNTIF(QCI!$A$13:$A$32,OFFSET($E755,-1,0)))),\"\")","v":""},{"$f":"IF(AND($C755=\"S\",ORÇAMENTO.CodBarra<>\"\"),IF(ORÇAMENTO.Fonte=\"\",ORÇAMENTO.CodBarra,CONCATENATE(ORÇAMENTO.Fonte,\" \",ORÇAMENTO.CodBarra)))","v":"AMMOC SIN"},{"$f":"IF(ISERROR(INDIRECT(ORÇAMENTO.BancoRef)),\"(abra o arquivo 'Referência \"&Excel_BuiltIn_Database&\".xls)\",IF(OR($C755<>\"S\",ORÇAMENTO.CodBarra=\"\"),\"(Sem Código)\",IF(ISERROR(MATCH($AE755,INDIRECT(ORÇAMENTO.BancoRef),0)),\"(Código não identificado nas referências)\",MATCH($AE755,INDIRECT(ORÇAMENTO.BancoRef),0))))","v":"(abra o arquivo 'Referência 06-2023.xls)"},{"$f":"ROUND(IF(DESONERACAO=\"sim\",REFERENCIA.Desonerado,REFERENCIA.NaoDesonerado),2)","v":0},0.23530000000000001,null,{"$f":"AJ753*2","v":120.66},null,null,2077.77,17.22]
[2,2,2,7,{"$f":"IF($C756=1,OFFSET(E756,-1,0)+MAX(1,COUNTIF(QCI!$A$13:$A$32,OFFSET(ORÇAMENTO!E756,-1,0))),OFFSET(E756,-1,0))","v":17},3,0,0,0,34,{"$f":"IF(OR($C756=\"S\",$C756=0),0,MATCH(OFFSET($D756,0,$C756)+IF($C756<>1,1,COUNTIF(QCI!$A$13:$A$32,ORÇAMENTO!E756)),OFFSET($D756,1,$C756,ROW($C$850)-ROW($C756)),0))","v":7},"F","Nível 2","Nível 2","17.3.","SINAPI",null,"ESCAVAÇÕES E MOVIMENTAÇÕES DE TERRA","-",{"$f":"OFFSET(CÁLCULO!H$15,ROW($T756)-ROW(T$15),0)","v":0},0,"BDI 1",{"$f":"IF($C756=\"S\",ROUND(IF(TIPOORCAMENTO=\"Proposto\",ORÇAMENTO.CustoUnitario*(1+$AH756),ORÇAMENTO.PrecoUnitarioLicitado),15-13*$AF$10),0)","v":0},1616.06,"RA","",{"$f":"IF($C756=\"S\",IF($Z756=\"CP\",$X756,IF($Z756=\"RA\",(($X756)*QCI!$AA$3),0)),SomaAgrup)","v":1616.06},0,{"$f":"IF($N756=\"\",\"\",IF(ORÇAMENTO.Descricao=\"\",\"DESCRIÇÃO\",IF(AND($C756=\"S\",ORÇAMENTO.Unidade=\"\"),\"UNIDADE\",IF($X756<0,\"VALOR NEGATIVO\",IF(OR(AND(TIPOORCAMENTO=\"Proposto\",$AG756<>\"\",$AG756>0,ORÇAMENTO.CustoUnitario>$AG756),AND(TIPOORCAMENTO=\"LICITADO\",ORÇAMENTO.PrecoUnitarioLicitado>$AN756)),\"ACIMA REF.\",\"\")))))","v":""},{"$f":"IF(C756<=CRONO.NivelExibicao,MAX($AD$15:OFFSET(AD756,-1,0))+IF($C756<>1,1,MAX(1,COUNTIF(QCI!$A$13:$A$32,OFFSET($E756,-1,0)))),\"\")","v":""},{"$f":"IF(AND($C756=\"S\",ORÇAMENTO.CodBarra<>\"\"),IF(ORÇAMENTO.Fonte=\"\",ORÇAMENTO.CodBarra,CONCATENATE(ORÇAMENTO.Fonte,\" \",ORÇAMENTO.CodBarra)))","v":false},{"$f":"IF(ISERROR(INDIRECT(ORÇAMENTO.BancoRef)),\"(abra o arquivo 'Referência \"&Excel_BuiltIn_Database&\".xls)\",IF(OR($C756<>\"S\",ORÇAMENTO.CodBarra=\"\"),\"(Sem Código)\",IF(ISERROR(MATCH($AE756,INDIRECT(ORÇAMENTO.BancoRef),0)),\"(Código não identificado nas referências)\",MATCH($AE756,INDIRECT(ORÇAMENTO.BancoRef),0))))","v":"(abra o arquivo 'Referência 06-2023.xls)"},{"$f":"ROUND(IF(DESONERACAO=\"sim\",REFERENCIA.Desonerado,REFERENCIA.NaoDesonerado),2)","v":0},0.23530000000000001,null,null,null,null,1616.06,0]
["S",2,"S",0,{"$f":"IF($C757=1,OFFSET(E757,-1,0)+MAX(1,COUNTIF(QCI!$A$13:$A$32,OFFSET(ORÇAMENTO!E757,-1,0))),OFFSET(E757,-1,0))","v":17},3,0,0,1,0,{"$f":"IF(OR($C757=\"S\",$C757=0),0,MATCH(OFFSET($D757,0,$C757)+IF($C757<>1,1,COUNTIF(QCI!$A$13:$A$32,ORÇAMENTO!E757)),OFFSET($D757,1,$C757,ROW($C$850)-ROW($C757)),0))","v":0},"F","Serviço","Serviço","17.3.1.","SINAPI","102276","ESCAVAÇÃO MECANIZADA DE VALA E TALUDES EM SOLO DE 2A CATEGORIA, EM LOCAIS COM ALTO NÍVEL DE INTERFERÊNCIA","M3",{"$f":"OFFSET(CÁLCULO!H$15,ROW($T757)-ROW(T$15),0)","v":41.26},12.08,"BDI 1",{"$f":"IF($C757=\"S\",ROUND(IF(TIPOORCAMENTO=\"Proposto\",ORÇAMENTO.CustoUnitario*(1+$AH757),ORÇAMENTO.PrecoUnitarioLicitado),15-13*$AF$10),0)","v":14.92},615.6,"RA","RA",{"$f":"IF($C757=\"S\",IF($Z757=\"CP\",$X757,IF($Z757=\"RA\",(($X757)*QCI!$AA$3),0)),SomaAgrup)","v":615.6},0,{"$f":"IF($N757=\"\",\"\",IF(ORÇAMENTO.Descricao=\"\",\"DESCRIÇÃO\",IF(AND($C757=\"S\",ORÇAMENTO.Unidade=\"\"),\"UNIDADE\",IF($X757<0,\"VALOR NEGATIVO\",IF(OR(AND(TIPOORCAMENTO=\"Proposto\",$AG757<>\"\",$AG757>0,ORÇAMENTO.CustoUnitario>$AG757),AND(TIPOORCAMENTO=\"LICITADO\",ORÇAMENTO.PrecoUnitarioLicitado>$AN757)),\"ACIMA REF.\",\"\")))))","v":""},{"$f":"IF(C757<=CRONO.NivelExibicao,MAX($AD$15:OFFSET(AD757,-1,0))+IF($C757<>1,1,MAX(1,COUNTIF(QCI!$A$13:$A$32,OFFSET($E757,-1,0)))),\"\")","v":""},{"$f":"IF(AND($C757=\"S\",ORÇAMENTO.CodBarra<>\"\"),IF(ORÇAMENTO.Fonte=\"\",ORÇAMENTO.CodBarra,CONCATENATE(ORÇAMENTO.Fonte,\" \",ORÇAMENTO.CodBarra)))","v":"SINAPI 102276"},{"$f":"IF(ISERROR(INDIRECT(ORÇAMENTO.BancoRef)),\"(abra o arquivo 'Referência \"&Excel_BuiltIn_Database&\".xls)\",IF(OR($C757<>\"S\",ORÇAMENTO.CodBarra=\"\"),\"(Sem Código)\",IF(ISERROR(MATCH($AE757,INDIRECT(ORÇAMENTO.BancoRef),0)),\"(Código não identificado nas referências)\",MATCH($AE757,INDIRECT(ORÇAMENTO.BancoRef),0))))","v":"(abra o arquivo 'Referência 06-2023.xls)"},{"$f":"ROUND(IF(DESONERACAO=\"sim\",REFERENCIA.Desonerado,REFERENCIA.NaoDesonerado),2)","v":0},0.23530000000000001,null,41.26,null,null,615.6,14.92]
["S",2,"S",0,{"$f":"IF($C758=1,OFFSET(E758,-1,0)+MAX(1,COUNTIF(QCI!$A$13:$A$32,OFFSET(ORÇAMENTO!E758,-1,0))),OFFSET(E758,-1,0))","v":17},3,0,0,2,0,{"$f":"IF(OR($C758=\"S\",$C758=0),0,MATCH(OFFSET($D758,0,$C758)+IF($C758<>1,1,COUNTIF(QCI!$A$13:$A$32,ORÇAMENTO!E758)),OFFSET($D758,1,$C758,ROW($C$850)-ROW($C758)),0))","v":0},"F","Serviço","Serviço","17.3.2.","SINAPI","100978","CARGA, MANOBRA E DESCARGA DE MATERIAL REMOVIDO EM CAMINHÃO BASCULANTE - CARGA COM ESCAVADEIRA HIDRÁULICA","M3",{"$f":"OFFSET(CÁLCULO!H$15,ROW($T758)-ROW(T$15),0)","v":41.26},6.33,"BDI 1",{"$f":"IF($C758=\"S\",ROUND(IF(TIPOORCAMENTO=\"Proposto\",ORÇAMENTO.CustoUnitario*(1+$AH758),ORÇAMENTO.PrecoUnitarioLicitado),15-13*$AF$10),0)","v":7.82},322.64999999999998,"RA","RA",{"$f":"IF($C758=\"S\",IF($Z758=\"CP\",$X758,IF($Z758=\"RA\",(($X758)*QCI!$AA$3),0)),SomaAgrup)","v":322.64999999999998},0,{"$f":"IF($N758=\"\",\"\",IF(ORÇAMENTO.Descricao=\"\",\"DESCRIÇÃO\",IF(AND($C758=\"S\",ORÇAMENTO.Unidade=\"\"),\"UNIDADE\",IF($X758<0,\"VALOR NEGATIVO\",IF(OR(AND(TIPOORCAMENTO=\"Proposto\",$AG758<>\"\",$AG758>0,ORÇAMENTO.CustoUnitario>$AG758),AND(TIPOORCAMENTO=\"LICITADO\",ORÇAMENTO.PrecoUnitarioLicitado>$AN758)),\"ACIMA REF.\",\"\")))))","v":""},{"$f":"IF(C758<=CRONO.NivelExibicao,MAX($AD$15:OFFSET(AD758,-1,0))+IF($C758<>1,1,MAX(1,COUNTIF(QCI!$A$13:$A$32,OFFSET($E758,-1,0)))),\"\")","v":""},{"$f":"IF(AND($C758=\"S\",ORÇAMENTO.CodBarra<>\"\"),IF(ORÇAMENTO.Fonte=\"\",ORÇAMENTO.CodBarra,CONCATENATE(ORÇAMENTO.Fonte,\" \",ORÇAMENTO.CodBarra)))","v":"SINAPI 100978"},{"$f":"IF(ISERROR(INDIRECT(ORÇAMENTO.BancoRef)),\"(abra o arquivo 'Referência \"&Excel_BuiltIn_Database&\".xls)\",IF(OR($C758<>\"S\",ORÇAMENTO.CodBarra=\"\"),\"(Sem Código)\",IF(ISERROR(MATCH($AE758,INDIRECT(ORÇAMENTO.BancoRef),0)),\"(Código não identificado nas referências)\",MATCH($AE758,INDIRECT(ORÇAMENTO.BancoRef),0))))","v":"(abra o arquivo 'Referência 06-2023.xls)"},{"$f":"ROUND(IF(DESONERACAO=\"sim\",REFERENCIA.Desonerado,REFERENCIA.NaoDesonerado),2)","v":0},0.23530000000000001,null,{"$f":"AJ757","v":41.26},null,null,322.64999999999998,7.82]
["S",2,"S",0,{"$f":"IF($C759=1,OFFSET(E759,-1,0)+MAX(1,COUNTIF(QCI!$A$13:$A$32,OFFSET(ORÇAMENTO!E759,-1,0))),OFFSET(E759,-1,0))","v":17},3,0,0,3,0,{"$f":"IF(OR($C759=\"S\",$C759=0),0,MATCH(OFFSET($D759,0,$C759)+IF($C759<>1,1,COUNTIF(QCI!$A$13:$A$32,ORÇAMENTO!E759)),OFFSET($D759,1,$C759,ROW($C$850)-ROW($C759)),0))","v":0},"F","Serviço","Serviço","17.3.3.","SINAPI","95875","TRANSPORTE DE MATERIAL REMOVIDO COM CAMINHÃO BASCULANTE, DMT = 2 KM","M3XKM",{"$f":"OFFSET(CÁLCULO!H$15,ROW($T759)-ROW(T$15),0)","v":82.52},2.23,"BDI 1",{"$f":"IF($C759=\"S\",ROUND(IF(TIPOORCAMENTO=\"Proposto\",ORÇAMENTO.CustoUnitario*(1+$AH759),ORÇAMENTO.PrecoUnitarioLicitado),15-13*$AF$10),0)","v":2.75},226.93,"RA","RA",{"$f":"IF($C759=\"S\",IF($Z759=\"CP\",$X759,IF($Z759=\"RA\",(($X759)*QCI!$AA$3),0)),SomaAgrup)","v":226.93},0,{"$f":"IF($N759=\"\",\"\",IF(ORÇAMENTO.Descricao=\"\",\"DESCRIÇÃO\",IF(AND($C759=\"S\",ORÇAMENTO.Unidade=\"\"),\"UNIDADE\",IF($X759<0,\"VALOR NEGATIVO\",IF(OR(AND(TIPOORCAMENTO=\"Proposto\",$AG759<>\"\",$AG759>0,ORÇAMENTO.CustoUnitario>$AG759),AND(TIPOORCAMENTO=\"LICITADO\",ORÇAMENTO.PrecoUnitarioLicitado>$AN759)),\"ACIMA REF.\",\"\")))))","v":""},{"$f":"IF(C759<=CRONO.NivelExibicao,MAX($AD$15:OFFSET(AD759,-1,0))+IF($C759<>1,1,MAX(1,COUNTIF(QCI!$A$13:$A$32,OFFSET($E759,-1,0)))),\"\")","v":""},{"$f":"IF(AND($C759=\"S\",ORÇAMENTO.CodBarra<>\"\"),IF(ORÇAMENTO.Fonte=\"\",ORÇAMENTO.CodBarra,CONCATENATE(ORÇAMENTO.Fonte,\" \",ORÇAMENTO.CodBarra)))","v":"SINAPI 95875"},{"$f":"IF(ISERROR(INDIRECT(ORÇAMENTO.BancoRef)),\"(abra o arquivo 'Referência \"&Excel_BuiltIn_Database&\".xls)\",IF(OR($C759<>\"S\",ORÇAMENTO.CodBarra=\"\"),\"(Sem Código)\",IF(ISERROR(MATCH($AE759,INDIRECT(ORÇAMENTO.BancoRef),0)),\"(Código não identificado nas referências)\",MATCH($AE759,INDIRECT(ORÇAMENTO.BancoRef),0))))","v":"(abra o arquivo 'Referência 06-2023.xls)"},{"$f":"ROUND(IF(DESONERACAO=\"sim\",REFERENCIA.Desonerado,REFERENCIA.NaoDesonerado),2)","v":0},0.23530000000000001,null,{"$f":"AJ758*2","v":82.52},null,null,226.93,2.75]
["S",2,"S",0,{"$f":"IF($C760=1,OFFSET(E760,-1,0)+MAX(1,COUNTIF(QCI!$A$13:$A$32,OFFSET(ORÇAMENTO!E760,-1,0))),OFFSET(E760,-1,0))","v":17},3,0,0,4,0,{"$f":"IF(OR($C760=\"S\",$C760=0),0,MATCH(OFFSET($D760,0,$C760)+IF($C760<>1,1,COUNTIF(QCI!$A$13:$A$32,ORÇAMENTO!E760)),OFFSET($D760,1,$C760,ROW($C$850)-ROW($C760)),0))","v":0},"F","Serviço","Serviço","17.3.4.","SINAPI","102355","DESMONTE DE BLOCOS DE ROCHA COM MARTELETE PNEUMÁTICO","M3",{"$f":"OFFSET(CÁLCULO!H$15,ROW($T760)-ROW(T$15),0)","v":2.06},166.39,"BDI 1",{"$f":"IF($C760=\"S\",ROUND(IF(TIPOORCAMENTO=\"Proposto\",ORÇAMENTO.CustoUnitario*(1+$AH760),ORÇAMENTO.PrecoUnitarioLicitado),15-13*$AF$10),0)","v":205.54},423.41,"RA","RA",{"$f":"IF($C760=\"S\",IF($Z760=\"CP\",$X760,IF($Z760=\"RA\",(($X760)*QCI!$AA$3),0)),SomaAgrup)","v":423.41},0,{"$f":"IF($N760=\"\",\"\",IF(ORÇAMENTO.Descricao=\"\",\"DESCRIÇÃO\",IF(AND($C760=\"S\",ORÇAMENTO.Unidade=\"\"),\"UNIDADE\",IF($X760<0,\"VALOR NEGATIVO\",IF(OR(AND(TIPOORCAMENTO=\"Proposto\",$AG760<>\"\",$AG760>0,ORÇAMENTO.CustoUnitario>$AG760),AND(TIPOORCAMENTO=\"LICITADO\",ORÇAMENTO.PrecoUnitarioLicitado>$AN760)),\"ACIMA REF.\",\"\")))))","v":""},{"$f":"IF(C760<=CRONO.NivelExibicao,MAX($AD$15:OFFSET(AD760,-1,0))+IF($C760<>1,1,MAX(1,COUNTIF(QCI!$A$13:$A$32,OFFSET($E760,-1,0)))),\"\")","v":""},{"$f":"IF(AND($C760=\"S\",ORÇAMENTO.CodBarra<>\"\"),IF(ORÇAMENTO.Fonte=\"\",ORÇAMENTO.CodBarra,CONCATENATE(ORÇAMENTO.Fonte,\" \",ORÇAMENTO.CodBarra)))","v":"SINAPI 102355"},{"$f":"IF(ISERROR(INDIRECT(ORÇAMENTO.BancoRef)),\"(abra o arquivo 'Referência \"&Excel_BuiltIn_Database&\".xls)\",IF(OR($C760<>\"S\",ORÇAMENTO.CodBarra=\"\"),\"(Sem Código)\",IF(ISERROR(MATCH($AE760,INDIRECT(ORÇAMENTO.BancoRef),0)),\"(Código não identificado nas referências)\",MATCH($AE760,INDIRECT(ORÇAMENTO.BancoRef),0))))","v":"(abra o arquivo 'Referência 06-2023.xls)"},{"$f":"ROUND(IF(DESONERACAO=\"sim\",REFERENCIA.Desonerado,REFERENCIA.NaoDesonerado),2)","v":0},0.23530000000000001,null,{"$f":"AJ757*0.05","v":2.0630000000000002},null,null,423.41,205.54]
["S",2,"S",0,{"$f":"IF($C761=1,OFFSET(E761,-1,0)+MAX(1,COUNTIF(QCI!$A$13:$A$32,OFFSET(ORÇAMENTO!E761,-1,0))),OFFSET(E761,-1,0))","v":17},3,0,0,5,0,{"$f":"IF(OR($C761=\"S\",$C761=0),0,MATCH(OFFSET($D761,0,$C761)+IF($C761<>1,1,COUNTIF(QCI!$A$13:$A$32,ORÇAMENTO!E761)),OFFSET($D761,1,$C761,ROW($C$850)-ROW($C761)),0))","v":0},"F","Serviço","Serviço","17.3.5.","SINAPI","100978","CARGA, MANOBRA E DESCARGA DE MATERIAL REMOVIDO EM CAMINHÃO BASCULANTE - CARGA COM ESCAVADEIRA HIDRÁULICA","M3",{"$f":"OFFSET(CÁLCULO!H$15,ROW($T761)-ROW(T$15),0)","v":2.06},6.33,"BDI 1",{"$f":"IF($C761=\"S\",ROUND(IF(TIPOORCAMENTO=\"Proposto\",ORÇAMENTO.CustoUnitario*(1+$AH761),ORÇAMENTO.PrecoUnitarioLicitado),15-13*$AF$10),0)","v":7.82},16.11,"RA","RA",{"$f":"IF($C761=\"S\",IF($Z761=\"CP\",$X761,IF($Z761=\"RA\",(($X761)*QCI!$AA$3),0)),SomaAgrup)","v":16.11},0,{"$f":"IF($N761=\"\",\"\",IF(ORÇAMENTO.Descricao=\"\",\"DESCRIÇÃO\",IF(AND($C761=\"S\",ORÇAMENTO.Unidade=\"\"),\"UNIDADE\",IF($X761<0,\"VALOR NEGATIVO\",IF(OR(AND(TIPOORCAMENTO=\"Proposto\",$AG761<>\"\",$AG761>0,ORÇAMENTO.CustoUnitario>$AG761),AND(TIPOORCAMENTO=\"LICITADO\",ORÇAMENTO.PrecoUnitarioLicitado>$AN761)),\"ACIMA REF.\",\"\")))))","v":""},{"$f":"IF(C761<=CRONO.NivelExibicao,MAX($AD$15:OFFSET(AD761,-1,0))+IF($C761<>1,1,MAX(1,COUNTIF(QCI!$A$13:$A$32,OFFSET($E761,-1,0)))),\"\")","v":""},{"$f":"IF(AND($C761=\"S\",ORÇAMENTO.CodBarra<>\"\"),IF(ORÇAMENTO.Fonte=\"\",ORÇAMENTO.CodBarra,CONCATENATE(ORÇAMENTO.Fonte,\" \",ORÇAMENTO.CodBarra)))","v":"SINAPI 100978"},{"$f":"IF(ISERROR(INDIRECT(ORÇAMENTO.BancoRef)),\"(abra o arquivo 'Referência \"&Excel_BuiltIn_Database&\".xls)\",IF(OR($C761<>\"S\",ORÇAMENTO.CodBarra=\"\"),\"(Sem Código)\",IF(ISERROR(MATCH($AE761,INDIRECT(ORÇAMENTO.BancoRef),0)),\"(Código não identificado nas referências)\",MATCH($AE761,INDIRECT(ORÇAMENTO.BancoRef),0))))","v":"(abra o arquivo 'Referência 06-2023.xls)"},{"$f":"ROUND(IF(DESONERACAO=\"sim\",REFERENCIA.Desonerado,REFERENCIA.NaoDesonerado),2)","v":0},0.23530000000000001,null,{"$f":"AJ760","v":2.0630000000000002},null,null,16.11,7.82]
["S",2,"S",0,{"$f":"IF($C762=1,OFFSET(E762,-1,0)+MAX(1,COUNTIF(QCI!$A$13:$A$32,OFFSET(ORÇAMENTO!E762,-1,0))),OFFSET(E762,-1,0))","v":17},3,0,0,6,0,{"$f":"IF(OR($C762=\"S\",$C762=0),0,MATCH(OFFSET($D762,0,$C762)+IF($C762<>1,1,COUNTIF(QCI!$A$13:$A$32,ORÇAMENTO!E762)),OFFSET($D762,1,$C762,ROW($C$850)-ROW($C762)),0))","v":0},"F","Serviço","Serviço","17.3.6.","SINAPI","95875","TRANSPORTE DE MATERIAL REMOVIDO COM CAMINHÃO BASCULANTE, DMT = 2 KM","M3XKM",{"$f":"OFFSET(CÁLCULO!H$15,ROW($T762)-ROW(T$15),0)","v":4.13},2.23,"BDI 1",{"$f":"IF($C762=\"S\",ROUND(IF(TIPOORCAMENTO=\"Proposto\",ORÇAMENTO.CustoUnitario*(1+$AH762),ORÇAMENTO.PrecoUnitarioLicitado),15-13*$AF$10),0)","v":2.75},11.36,"RA","RA",{"$f":"IF($C762=\"S\",IF($Z762=\"CP\",$X762,IF($Z762=\"RA\",(($X762)*QCI!$AA$3),0)),SomaAgrup)","v":11.36},0,{"$f":"IF($N762=\"\",\"\",IF(ORÇAMENTO.Descricao=\"\",\"DESCRIÇÃO\",IF(AND($C762=\"S\",ORÇAMENTO.Unidade=\"\"),\"UNIDADE\",IF($X762<0,\"VALOR NEGATIVO\",IF(OR(AND(TIPOORCAMENTO=\"Proposto\",$AG762<>\"\",$AG762>0,ORÇAMENTO.CustoUnitario>$AG762),AND(TIPOORCAMENTO=\"LICITADO\",ORÇAMENTO.PrecoUnitarioLicitado>$AN762)),\"ACIMA REF.\",\"\")))))","v":""},{"$f":"IF(C762<=CRONO.NivelExibicao,MAX($AD$15:OFFSET(AD762,-1,0))+IF($C762<>1,1,MAX(1,COUNTIF(QCI!$A$13:$A$32,OFFSET($E762,-1,0)))),\"\")","v":""},{"$f":"IF(AND($C762=\"S\",ORÇAMENTO.CodBarra<>\"\"),IF(ORÇAMENTO.Fonte=\"\",ORÇAMENTO.CodBarra,CONCATENATE(ORÇAMENTO.Fonte,\" \",ORÇAMENTO.CodBarra)))","v":"SINAPI 95875"},{"$f":"IF(ISERROR(INDIRECT(ORÇAMENTO.BancoRef)),\"(abra o arquivo 'Referência \"&Excel_BuiltIn_Database&\".xls)\",IF(OR($C762<>\"S\",ORÇAMENTO.CodBarra=\"\"),\"(Sem Código)\",IF(ISERROR(MATCH($AE762,INDIRECT(ORÇAMENTO.BancoRef),0)),\"(Código não identificado nas referências)\",MATCH($AE762,INDIRECT(ORÇAMENTO.BancoRef),0))))","v":"(abra o arquivo 'Referência 06-2023.xls)"},{"$f":"ROUND(IF(DESONERACAO=\"sim\",REFERENCIA.Desonerado,REFERENCIA.NaoDesonerado),2)","v":0},0.23530000000000001,null,{"$f":"AJ761*2","v":4.1260000000000003},null,null,11.36,2.75]
[2,2,2,3,{"$f":"IF($C763=1,OFFSET(E763,-1,0)+MAX(1,COUNTIF(QCI!$A$13:$A$32,OFFSET(ORÇAMENTO!E763,-1,0))),OFFSET(E763,-1,0))","v":17},4,0,0,0,27,{"$f":"IF(OR($C763=\"S\",$C763=0),0,MATCH(OFFSET($D763,0,$C763)+IF($C763<>1,1,COUNTIF(QCI!$A$13:$A$32,ORÇAMENTO!E763)),OFFSET($D763,1,$C763,ROW($C$850)-ROW($C763)),0))","v":3},"F","Nível 2","Nível 2","17.4.","SINAPI",null,"DRENAGEM","-",{"$f":"OFFSET(CÁLCULO!H$15,ROW($T763)-ROW(T$15),0)","v":0},0,"BDI 1",{"$f":"IF($C763=\"S\",ROUND(IF(TIPOORCAMENTO=\"Proposto\",ORÇAMENTO.CustoUnitario*(1+$AH763),ORÇAMENTO.PrecoUnitarioLicitado),15-13*$AF$10),0)","v":0},14408.06,"RA","",{"$f":"IF($C763=\"S\",IF($Z763=\"CP\",$X763,IF($Z763=\"RA\",(($X763)*QCI!$AA$3),0)),SomaAgrup)","v":14408.06},0,{"$f":"IF($N763=\"\",\"\",IF(ORÇAMENTO.Descricao=\"\",\"DESCRIÇÃO\",IF(AND($C763=\"S\",ORÇAMENTO.Unidade=\"\"),\"UNIDADE\",IF($X763<0,\"VALOR NEGATIVO\",IF(OR(AND(TIPOORCAMENTO=\"Proposto\",$AG763<>\"\",$AG763>0,ORÇAMENTO.CustoUnitario>$AG763),AND(TIPOORCAMENTO=\"LICITADO\",ORÇAMENTO.PrecoUnitarioLicitado>$AN763)),\"ACIMA REF.\",\"\")))))","v":""},{"$f":"IF(C763<=CRONO.NivelExibicao,MAX($AD$15:OFFSET(AD763,-1,0))+IF($C763<>1,1,MAX(1,COUNTIF(QCI!$A$13:$A$32,OFFSET($E763,-1,0)))),\"\")","v":""},{"$f":"IF(AND($C763=\"S\",ORÇAMENTO.CodBarra<>\"\"),IF(ORÇAMENTO.Fonte=\"\",ORÇAMENTO.CodBarra,CONCATENATE(ORÇAMENTO.Fonte,\" \",ORÇAMENTO.CodBarra)))","v":false},{"$f":"IF(ISERROR(INDIRECT(ORÇAMENTO.BancoRef)),\"(abra o arquivo 'Referência \"&Excel_BuiltIn_Database&\".xls)\",IF(OR($C763<>\"S\",ORÇAMENTO.CodBarra=\"\"),\"(Sem Código)\",IF(ISERROR(MATCH($AE763,INDIRECT(ORÇAMENTO.BancoRef),0)),\"(Código não identificado nas referências)\",MATCH($AE763,INDIRECT(ORÇAMENTO.BancoRef),0))))","v":"(abra o arquivo 'Referência 06-2023.xls)"},{"$f":"ROUND(IF(DESONERACAO=\"sim\",REFERENCIA.Desonerado,REFERENCIA.NaoDesonerado),2)","v":0},0.23530000000000001,null,null,null,null,14408.06,0]
["S",2,"S",0,{"$f":"IF($C764=1,OFFSET(E764,-1,0)+MAX(1,COUNTIF(QCI!$A$13:$A$32,OFFSET(ORÇAMENTO!E764,-1,0))),OFFSET(E764,-1,0))","v":17},4,0,0,1,0,{"$f":"IF(OR($C764=\"S\",$C764=0),0,MATCH(OFFSET($D764,0,$C764)+IF($C764<>1,1,COUNTIF(QCI!$A$13:$A$32,ORÇAMENTO!E764)),OFFSET($D764,1,$C764,ROW($C$850)-ROW($C764)),0))","v":0},"F","Serviço","Serviço","17.4.1.","AMMOC","BL01","BOCA DE LOBO EM CONCRETO ARMADO E GRADE DE AÇO EM BARRA DE FERRO CHATA 0,70M X 1,00M - TIPO 1 ","UND",{"$f":"OFFSET(CÁLCULO!H$15,ROW($T764)-ROW(T$15),0)","v":2},2617.0700000000002,"BDI 1",{"$f":"IF($C764=\"S\",ROUND(IF(TIPOORCAMENTO=\"Proposto\",ORÇAMENTO.CustoUnitario*(1+$AH764),ORÇAMENTO.PrecoUnitarioLicitado),15-13*$AF$10),0)","v":3232.87},6465.74,"RA","RA",{"$f":"IF($C764=\"S\",IF($Z764=\"CP\",$X764,IF($Z764=\"RA\",(($X764)*QCI!$AA$3),0)),SomaAgrup)","v":6465.74},0,{"$f":"IF($N764=\"\",\"\",IF(ORÇAMENTO.Descricao=\"\",\"DESCRIÇÃO\",IF(AND($C764=\"S\",ORÇAMENTO.Unidade=\"\"),\"UNIDADE\",IF($X764<0,\"VALOR NEGATIVO\",IF(OR(AND(TIPOORCAMENTO=\"Proposto\",$AG764<>\"\",$AG764>0,ORÇAMENTO.CustoUnitario>$AG764),AND(TIPOORCAMENTO=\"LICITADO\",ORÇAMENTO.PrecoUnitarioLicitado>$AN764)),\"ACIMA REF.\",\"\")))))","v":""},{"$f":"IF(C764<=CRONO.NivelExibicao,MAX($AD$15:OFFSET(AD764,-1,0))+IF($C764<>1,1,MAX(1,COUNTIF(QCI!$A$13:$A$32,OFFSET($E764,-1,0)))),\"\")","v":""},{"$f":"IF(AND($C764=\"S\",ORÇAMENTO.CodBarra<>\"\"),IF(ORÇAMENTO.Fonte=\"\",ORÇAMENTO.CodBarra,CONCATENATE(ORÇAMENTO.Fonte,\" \",ORÇAMENTO.CodBarra)))","v":"AMMOC BL01"},{"$f":"IF(ISERROR(INDIRECT(ORÇAMENTO.BancoRef)),\"(abra o arquivo 'Referência \"&Excel_BuiltIn_Database&\".xls)\",IF(OR($C764<>\"S\",ORÇAMENTO.CodBarra=\"\"),\"(Sem Código)\",IF(ISERROR(MATCH($AE764,INDIRECT(ORÇAMENTO.BancoRef),0)),\"(Código não identificado nas referências)\",MATCH($AE764,INDIRECT(ORÇAMENTO.BancoRef),0))))","v":"(abra o arquivo 'Referência 06-2023.xls)"},{"$f":"ROUND(IF(DESONERACAO=\"sim\",REFERENCIA.Desonerado,REFERENCIA.NaoDesonerado),2)","v":0},0.23530000000000001,null,2,null,null,6465.74,3232.87]
["S",2,"S",0,{"$f":"IF($C765=1,OFFSET(E765,-1,0)+MAX(1,COUNTIF(QCI!$A$13:$A$32,OFFSET(ORÇAMENTO!E765,-1,0))),OFFSET(E765,-1,0))","v":17},4,0,0,2,0,{"$f":"IF(OR($C765=\"S\",$C765=0),0,MATCH(OFFSET($D765,0,$C765)+IF($C765<>1,1,COUNTIF(QCI!$A$13:$A$32,ORÇAMENTO!E765)),OFFSET($D765,1,$C765,ROW($C$850)-ROW($C765)),0))","v":0},"F","Serviço","Serviço","17.4.2.","SINAPI","92219","TUBO DE CONCRETO PARA REDES COLETORAS DE ÁGUAS PLUVIAIS, DIÂMETRO DE 400 MM, JUNTA ENVOLTA EM MANTA GEOTÊXTIL, INSTALADO EM LOCAL COM ALTO NÍVEL DE INTERFERÊNCIAS - FORNECIMENTO E ASSENTAMENTO","M",{"$f":"OFFSET(CÁLCULO!H$15,ROW($T765)-ROW(T$15),0)","v":36},178.6,"BDI 1",{"$f":"IF($C765=\"S\",ROUND(IF(TIPOORCAMENTO=\"Proposto\",ORÇAMENTO.CustoUnitario*(1+$AH765),ORÇAMENTO.PrecoUnitarioLicitado),15-13*$AF$10),0)","v":220.62},7942.32,"RA","RA",{"$f":"IF($C765=\"S\",IF($Z765=\"CP\",$X765,IF($Z765=\"RA\",(($X765)*QCI!$AA$3),0)),SomaAgrup)","v":7942.32},0,{"$f":"IF($N765=\"\",\"\",IF(ORÇAMENTO.Descricao=\"\",\"DESCRIÇÃO\",IF(AND($C765=\"S\",ORÇAMENTO.Unidade=\"\"),\"UNIDADE\",IF($X765<0,\"VALOR NEGATIVO\",IF(OR(AND(TIPOORCAMENTO=\"Proposto\",$AG765<>\"\",$AG765>0,ORÇAMENTO.CustoUnitario>$AG765),AND(TIPOORCAMENTO=\"LICITADO\",ORÇAMENTO.PrecoUnitarioLicitado>$AN765)),\"ACIMA REF.\",\"\")))))","v":""},{"$f":"IF(C765<=CRONO.NivelExibicao,MAX($AD$15:OFFSET(AD765,-1,0))+IF($C765<>1,1,MAX(1,COUNTIF(QCI!$A$13:$A$32,OFFSET($E765,-1,0)))),\"\")","v":""},{"$f":"IF(AND($C765=\"S\",ORÇAMENTO.CodBarra<>\"\"),IF(ORÇAMENTO.Fonte=\"\",ORÇAMENTO.CodBarra,CONCATENATE(ORÇAMENTO.Fonte,\" \",ORÇAMENTO.CodBarra)))","v":"SINAPI 92219"},{"$f":"IF(ISERROR(INDIRECT(ORÇAMENTO.BancoRef)),\"(abra o arquivo 'Referência \"&Excel_BuiltIn_Database&\".xls)\",IF(OR($C765<>\"S\",ORÇAMENTO.CodBarra=\"\"),\"(Sem Código)\",IF(ISERROR(MATCH($AE765,INDIRECT(ORÇAMENTO.BancoRef),0)),\"(Código não identificado nas referências)\",MATCH($AE765,INDIRECT(ORÇAMENTO.BancoRef),0))))","v":"(abra o arquivo 'Referência 06-2023.xls)"},{"$f":"ROUND(IF(DESONERACAO=\"sim\",REFERENCIA.Desonerado,REFERENCIA.NaoDesonerado),2)","v":0},0.23530000000000001,null,36,null,null,7942.32,220.62]
[2,2,2,4,{"$f":"IF($C766=1,OFFSET(E766,-1,0)+MAX(1,COUNTIF(QCI!$A$13:$A$32,OFFSET(ORÇAMENTO!E766,-1,0))),OFFSET(E766,-1,0))","v":17},5,0,0,0,24,{"$f":"IF(OR($C766=\"S\",$C766=0),0,MATCH(OFFSET($D766,0,$C766)+IF($C766<>1,1,COUNTIF(QCI!$A$13:$A$32,ORÇAMENTO!E766)),OFFSET($D766,1,$C766,ROW($C$850)-ROW($C766)),0))","v":4},"F","Nível 2","Nível 2","17.5.","SINAPI",null,"REATERROS","-",{"$f":"OFFSET(CÁLCULO!H$15,ROW($T766)-ROW(T$15),0)","v":0},0,"BDI 1",{"$f":"IF($C766=\"S\",ROUND(IF(TIPOORCAMENTO=\"Proposto\",ORÇAMENTO.CustoUnitario*(1+$AH766),ORÇAMENTO.PrecoUnitarioLicitado),15-13*$AF$10),0)","v":0},5915.25,"RA","",{"$f":"IF($C766=\"S\",IF($Z766=\"CP\",$X766,IF($Z766=\"RA\",(($X766)*QCI!$AA$3),0)),SomaAgrup)","v":5915.25},0,{"$f":"IF($N766=\"\",\"\",IF(ORÇAMENTO.Descricao=\"\",\"DESCRIÇÃO\",IF(AND($C766=\"S\",ORÇAMENTO.Unidade=\"\"),\"UNIDADE\",IF($X766<0,\"VALOR NEGATIVO\",IF(OR(AND(TIPOORCAMENTO=\"Proposto\",$AG766<>\"\",$AG766>0,ORÇAMENTO.CustoUnitario>$AG766),AND(TIPOORCAMENTO=\"LICITADO\",ORÇAMENTO.PrecoUnitarioLicitado>$AN766)),\"ACIMA REF.\",\"\")))))","v":""},{"$f":"IF(C766<=CRONO.NivelExibicao,MAX($AD$15:OFFSET(AD766,-1,0))+IF($C766<>1,1,MAX(1,COUNTIF(QCI!$A$13:$A$32,OFFSET($E766,-1,0)))),\"\")","v":""},{"$f":"IF(AND($C766=\"S\",ORÇAMENTO.CodBarra<>\"\"),IF(ORÇAMENTO.Fonte=\"\",ORÇAMENTO.CodBarra,CONCATENATE(ORÇAMENTO.Fonte,\" \",ORÇAMENTO.CodBarra)))","v":false},{"$f":"IF(ISERROR(INDIRECT(ORÇAMENTO.BancoRef)),\"(abra o arquivo 'Referência \"&Excel_BuiltIn_Database&\".xls)\",IF(OR($C766<>\"S\",ORÇAMENTO.CodBarra=\"\"),\"(Sem Código)\",IF(ISERROR(MATCH($AE766,INDIRECT(ORÇAMENTO.BancoRef),0)),\"(Código não identificado nas referências)\",MATCH($AE766,INDIRECT(ORÇAMENTO.BancoRef),0))))","v":"(abra o arquivo 'Referência 06-2023.xls)"},{"$f":"ROUND(IF(DESONERACAO=\"sim\",REFERENCIA.Desonerado,REFERENCIA.NaoDesonerado),2)","v":0},0.23530000000000001,null,null,null,null,5915.25,0]
["S",2,"S",0,{"$f":"IF($C767=1,OFFSET(E767,-1,0)+MAX(1,COUNTIF(QCI!$A$13:$A$32,OFFSET(ORÇAMENTO!E767,-1,0))),OFFSET(E767,-1,0))","v":17},5,0,0,1,0,{"$f":"IF(OR($C767=\"S\",$C767=0),0,MATCH(OFFSET($D767,0,$C767)+IF($C767<>1,1,COUNTIF(QCI!$A$13:$A$32,ORÇAMENTO!E767)),OFFSET($D767,1,$C767,ROW($C$850)-ROW($C767)),0))","v":0},"F","Serviço","Serviço","17.5.1.","SINAPI-I","4718","PEDRA BRITADA N. 2 (19 A 38 MM) PARA REATERRO DE VALAS","M3    ",{"$f":"OFFSET(CÁLCULO!H$15,ROW($T767)-ROW(T$15),0)","v":30.24},107.5,"BDI 1",{"$f":"IF($C767=\"S\",ROUND(IF(TIPOORCAMENTO=\"Proposto\",ORÇAMENTO.CustoUnitario*(1+$AH767),ORÇAMENTO.PrecoUnitarioLicitado),15-13*$AF$10),0)","v":132.79},4015.57,"RA","RA",{"$f":"IF($C767=\"S\",IF($Z767=\"CP\",$X767,IF($Z767=\"RA\",(($X767)*QCI!$AA$3),0)),SomaAgrup)","v":4015.57},0,{"$f":"IF($N767=\"\",\"\",IF(ORÇAMENTO.Descricao=\"\",\"DESCRIÇÃO\",IF(AND($C767=\"S\",ORÇAMENTO.Unidade=\"\"),\"UNIDADE\",IF($X767<0,\"VALOR NEGATIVO\",IF(OR(AND(TIPOORCAMENTO=\"Proposto\",$AG767<>\"\",$AG767>0,ORÇAMENTO.CustoUnitario>$AG767),AND(TIPOORCAMENTO=\"LICITADO\",ORÇAMENTO.PrecoUnitarioLicitado>$AN767)),\"ACIMA REF.\",\"\")))))","v":""},{"$f":"IF(C767<=CRONO.NivelExibicao,MAX($AD$15:OFFSET(AD767,-1,0))+IF($C767<>1,1,MAX(1,COUNTIF(QCI!$A$13:$A$32,OFFSET($E767,-1,0)))),\"\")","v":""},{"$f":"IF(AND($C767=\"S\",ORÇAMENTO.CodBarra<>\"\"),IF(ORÇAMENTO.Fonte=\"\",ORÇAMENTO.CodBarra,CONCATENATE(ORÇAMENTO.Fonte,\" \",ORÇAMENTO.CodBarra)))","v":"SINAPI-I 4718"},{"$f":"IF(ISERROR(INDIRECT(ORÇAMENTO.BancoRef)),\"(abra o arquivo 'Referência \"&Excel_BuiltIn_Database&\".xls)\",IF(OR($C767<>\"S\",ORÇAMENTO.CodBarra=\"\"),\"(Sem Código)\",IF(ISERROR(MATCH($AE767,INDIRECT(ORÇAMENTO.BancoRef),0)),\"(Código não identificado nas referências)\",MATCH($AE767,INDIRECT(ORÇAMENTO.BancoRef),0))))","v":"(abra o arquivo 'Referência 06-2023.xls)"},{"$f":"ROUND(IF(DESONERACAO=\"sim\",REFERENCIA.Desonerado,REFERENCIA.NaoDesonerado),2)","v":0},0.23530000000000001,null,30.24,null,null,4015.57,132.79]
["S",2,"S",0,{"$f":"IF($C768=1,OFFSET(E768,-1,0)+MAX(1,COUNTIF(QCI!$A$13:$A$32,OFFSET(ORÇAMENTO!E768,-1,0))),OFFSET(E768,-1,0))","v":17},5,0,0,2,0,{"$f":"IF(OR($C768=\"S\",$C768=0),0,MATCH(OFFSET($D768,0,$C768)+IF($C768<>1,1,COUNTIF(QCI!$A$13:$A$32,ORÇAMENTO!E768)),OFFSET($D768,1,$C768,ROW($C$850)-ROW($C768)),0))","v":0},"F","Serviço","Serviço","17.5.2.","SINAPI","100978","CARGA, MANOBRA E DESCARGA DE MATERIAL GRANULAR EM CAMINHÃO BASCULANTE - CARGA COM ESCAVADEIRA HIDRÁULICA","M3",{"$f":"OFFSET(CÁLCULO!H$15,ROW($T768)-ROW(T$15),0)","v":30.24},6.33,"BDI 1",{"$f":"IF($C768=\"S\",ROUND(IF(TIPOORCAMENTO=\"Proposto\",ORÇAMENTO.CustoUnitario*(1+$AH768),ORÇAMENTO.PrecoUnitarioLicitado),15-13*$AF$10),0)","v":7.82},236.48,"RA","RA",{"$f":"IF($C768=\"S\",IF($Z768=\"CP\",$X768,IF($Z768=\"RA\",(($X768)*QCI!$AA$3),0)),SomaAgrup)","v":236.48},0,{"$f":"IF($N768=\"\",\"\",IF(ORÇAMENTO.Descricao=\"\",\"DESCRIÇÃO\",IF(AND($C768=\"S\",ORÇAMENTO.Unidade=\"\"),\"UNIDADE\",IF($X768<0,\"VALOR NEGATIVO\",IF(OR(AND(TIPOORCAMENTO=\"Proposto\",$AG768<>\"\",$AG768>0,ORÇAMENTO.CustoUnitario>$AG768),AND(TIPOORCAMENTO=\"LICITADO\",ORÇAMENTO.PrecoUnitarioLicitado>$AN768)),\"ACIMA REF.\",\"\")))))","v":""},{"$f":"IF(C768<=CRONO.NivelExibicao,MAX($AD$15:OFFSET(AD768,-1,0))+IF($C768<>1,1,MAX(1,COUNTIF(QCI!$A$13:$A$32,OFFSET($E768,-1,0)))),\"\")","v":""},{"$f":"IF(AND($C768=\"S\",ORÇAMENTO.CodBarra<>\"\"),IF(ORÇAMENTO.Fonte=\"\",ORÇAMENTO.CodBarra,CONCATENATE(ORÇAMENTO.Fonte,\" \",ORÇAMENTO.CodBarra)))","v":"SINAPI 100978"},{"$f":"IF(ISERROR(INDIRECT(ORÇAMENTO.BancoRef)),\"(abra o arquivo 'Referência \"&Excel_BuiltIn_Database&\".xls)\",IF(OR($C768<>\"S\",ORÇAMENTO.CodBarra=\"\"),\"(Sem Código)\",IF(ISERROR(MATCH($AE768,INDIRECT(ORÇAMENTO.BancoRef),0)),\"(Código não identificado nas referências)\",MATCH($AE768,INDIRECT(ORÇAMENTO.BancoRef),0))))","v":"(abra o arquivo 'Referência 06-2023.xls)"},{"$f":"ROUND(IF(DESONERACAO=\"sim\",REFERENCIA.Desonerado,REFERENCIA.NaoDesonerado),2)","v":0},0.23530000000000001,null,{"$f":"AJ767","v":30.24},null,null,236.48,7.82]
["S",2,"S",0,{"$f":"IF($C769=1,OFFSET(E769,-1,0)+MAX(1,COUNTIF(QCI!$A$13:$A$32,OFFSET(ORÇAMENTO!E769,-1,0))),OFFSET(E769,-1,0))","v":17},5,0,0,3,0,{"$f":"IF(OR($C769=\"S\",$C769=0),0,MATCH(OFFSET($D769,0,$C769)+IF($C769<>1,1,COUNTIF(QCI!$A$13:$A$32,ORÇAMENTO!E769)),OFFSET($D769,1,$C769,ROW($C$850)-ROW($C769)),0))","v":0},"F","Serviço","Serviço","17.5.3.","SINAPI","95875","TRANSPORTE DE MATERIAL GRANULAR COM CAMINHÃO BASCULANTE, DMT = 20 KM","M3XKM",{"$f":"OFFSET(CÁLCULO!H$15,ROW($T769)-ROW(T$15),0)","v":604.79999999999995},2.23,"BDI 1",{"$f":"IF($C769=\"S\",ROUND(IF(TIPOORCAMENTO=\"Proposto\",ORÇAMENTO.CustoUnitario*(1+$AH769),ORÇAMENTO.PrecoUnitarioLicitado),15-13*$AF$10),0)","v":2.75},1663.2,"RA","RA",{"$f":"IF($C769=\"S\",IF($Z769=\"CP\",$X769,IF($Z769=\"RA\",(($X769)*QCI!$AA$3),0)),SomaAgrup)","v":1663.2},0,{"$f":"IF($N769=\"\",\"\",IF(ORÇAMENTO.Descricao=\"\",\"DESCRIÇÃO\",IF(AND($C769=\"S\",ORÇAMENTO.Unidade=\"\"),\"UNIDADE\",IF($X769<0,\"VALOR NEGATIVO\",IF(OR(AND(TIPOORCAMENTO=\"Proposto\",$AG769<>\"\",$AG769>0,ORÇAMENTO.CustoUnitario>$AG769),AND(TIPOORCAMENTO=\"LICITADO\",ORÇAMENTO.PrecoUnitarioLicitado>$AN769)),\"ACIMA REF.\",\"\")))))","v":""},{"$f":"IF(C769<=CRONO.NivelExibicao,MAX($AD$15:OFFSET(AD769,-1,0))+IF($C769<>1,1,MAX(1,COUNTIF(QCI!$A$13:$A$32,OFFSET($E769,-1,0)))),\"\")","v":""},{"$f":"IF(AND($C769=\"S\",ORÇAMENTO.CodBarra<>\"\"),IF(ORÇAMENTO.Fonte=\"\",ORÇAMENTO.CodBarra,CONCATENATE(ORÇAMENTO.Fonte,\" \",ORÇAMENTO.CodBarra)))","v":"SINAPI 95875"},{"$f":"IF(ISERROR(INDIRECT(ORÇAMENTO.BancoRef)),\"(abra o arquivo 'Referência \"&Excel_BuiltIn_Database&\".xls)\",IF(OR($C769<>\"S\",ORÇAMENTO.CodBarra=\"\"),\"(Sem Código)\",IF(ISERROR(MATCH($AE769,INDIRECT(ORÇAMENTO.BancoRef),0)),\"(Código não identificado nas referências)\",MATCH($AE769,INDIRECT(ORÇAMENTO.BancoRef),0))))","v":"(abra o arquivo 'Referência 06-2023.xls)"},{"$f":"ROUND(IF(DESONERACAO=\"sim\",REFERENCIA.Desonerado,REFERENCIA.NaoDesonerado),2)","v":0},0.23530000000000001,null,{"$f":"AJ768*20","v":604.79999999999995},null,null,1663.2,2.75]
[2,2,2,13,{"$f":"IF($C770=1,OFFSET(E770,-1,0)+MAX(1,COUNTIF(QCI!$A$13:$A$32,OFFSET(ORÇAMENTO!E770,-1,0))),OFFSET(E770,-1,0))","v":17},6,0,0,0,20,{"$f":"IF(OR($C770=\"S\",$C770=0),0,MATCH(OFFSET($D770,0,$C770)+IF($C770<>1,1,COUNTIF(QCI!$A$13:$A$32,ORÇAMENTO!E770)),OFFSET($D770,1,$C770,ROW($C$850)-ROW($C770)),0))","v":13},"F","Nível 2","Nível 2","17.6.","SINAPI",null,"PAVIMENTAÇÃO EM CONCRETO","-",{"$f":"OFFSET(CÁLCULO!H$15,ROW($T770)-ROW(T$15),0)","v":0},0,"BDI 1",{"$f":"IF($C770=\"S\",ROUND(IF(TIPOORCAMENTO=\"Proposto\",ORÇAMENTO.CustoUnitario*(1+$AH770),ORÇAMENTO.PrecoUnitarioLicitado),15-13*$AF$10),0)","v":0},81075.69,"RA","",{"$f":"IF($C770=\"S\",IF($Z770=\"CP\",$X770,IF($Z770=\"RA\",(($X770)*QCI!$AA$3),0)),SomaAgrup)","v":81075.69},0,{"$f":"IF($N770=\"\",\"\",IF(ORÇAMENTO.Descricao=\"\",\"DESCRIÇÃO\",IF(AND($C770=\"S\",ORÇAMENTO.Unidade=\"\"),\"UNIDADE\",IF($X770<0,\"VALOR NEGATIVO\",IF(OR(AND(TIPOORCAMENTO=\"Proposto\",$AG770<>\"\",$AG770>0,ORÇAMENTO.CustoUnitario>$AG770),AND(TIPOORCAMENTO=\"LICITADO\",ORÇAMENTO.PrecoUnitarioLicitado>$AN770)),\"ACIMA REF.\",\"\")))))","v":""},{"$f":"IF(C770<=CRONO.NivelExibicao,MAX($AD$15:OFFSET(AD770,-1,0))+IF($C770<>1,1,MAX(1,COUNTIF(QCI!$A$13:$A$32,OFFSET($E770,-1,0)))),\"\")","v":""},{"$f":"IF(AND($C770=\"S\",ORÇAMENTO.CodBarra<>\"\"),IF(ORÇAMENTO.Fonte=\"\",ORÇAMENTO.CodBarra,CONCATENATE(ORÇAMENTO.Fonte,\" \",ORÇAMENTO.CodBarra)))","v":false},{"$f":"IF(ISERROR(INDIRECT(ORÇAMENTO.BancoRef)),\"(abra o arquivo 'Referência \"&Excel_BuiltIn_Database&\".xls)\",IF(OR($C770<>\"S\",ORÇAMENTO.CodBarra=\"\"),\"(Sem Código)\",IF(ISERROR(MATCH($AE770,INDIRECT(ORÇAMENTO.BancoRef),0)),\"(Código não identificado nas referências)\",MATCH($AE770,INDIRECT(ORÇAMENTO.BancoRef),0))))","v":"(abra o arquivo 'Referência 06-2023.xls)"},{"$f":"ROUND(IF(DESONERACAO=\"sim\",REFERENCIA.Desonerado,REFERENCIA.NaoDesonerado),2)","v":0},0.23530000000000001,null,null,null,null,81075.69,0]
["S",2,"S",0,{"$f":"IF($C771=1,OFFSET(E771,-1,0)+MAX(1,COUNTIF(QCI!$A$13:$A$32,OFFSET(ORÇAMENTO!E771,-1,0))),OFFSET(E771,-1,0))","v":17},6,0,0,1,0,{"$f":"IF(OR($C771=\"S\",$C771=0),0,MATCH(OFFSET($D771,0,$C771)+IF($C771<>1,1,COUNTIF(QCI!$A$13:$A$32,ORÇAMENTO!E771)),OFFSET($D771,1,$C771,ROW($C$850)-ROW($C771)),0))","v":0},"F","Serviço","Serviço","17.6.1.","SINAPI-I","4741","PO DE PEDRA (POSTO PEDREIRA/FORNECEDOR, SEM FRETE)                                                                                                                                                                                                                                                                                                                                                                                                                                                        ","M3    ",{"$f":"OFFSET(CÁLCULO!H$15,ROW($T771)-ROW(T$15),0)","v":12.96},101.01,"BDI 1",{"$f":"IF($C771=\"S\",ROUND(IF(TIPOORCAMENTO=\"Proposto\",ORÇAMENTO.CustoUnitario*(1+$AH771),ORÇAMENTO.PrecoUnitarioLicitado),15-13*$AF$10),0)","v":124.78},1617.15,"RA","RA",{"$f":"IF($C771=\"S\",IF($Z771=\"CP\",$X771,IF($Z771=\"RA\",(($X771)*QCI!$AA$3),0)),SomaAgrup)","v":1617.15},0,{"$f":"IF($N771=\"\",\"\",IF(ORÇAMENTO.Descricao=\"\",\"DESCRIÇÃO\",IF(AND($C771=\"S\",ORÇAMENTO.Unidade=\"\"),\"UNIDADE\",IF($X771<0,\"VALOR NEGATIVO\",IF(OR(AND(TIPOORCAMENTO=\"Proposto\",$AG771<>\"\",$AG771>0,ORÇAMENTO.CustoUnitario>$AG771),AND(TIPOORCAMENTO=\"LICITADO\",ORÇAMENTO.PrecoUnitarioLicitado>$AN771)),\"ACIMA REF.\",\"\")))))","v":""},{"$f":"IF(C771<=CRONO.NivelExibicao,MAX($AD$15:OFFSET(AD771,-1,0))+IF($C771<>1,1,MAX(1,COUNTIF(QCI!$A$13:$A$32,OFFSET($E771,-1,0)))),\"\")","v":""},{"$f":"IF(AND($C771=\"S\",ORÇAMENTO.CodBarra<>\"\"),IF(ORÇAMENTO.Fonte=\"\",ORÇAMENTO.CodBarra,CONCATENATE(ORÇAMENTO.Fonte,\" \",ORÇAMENTO.CodBarra)))","v":"SINAPI-I 4741"},{"$f":"IF(ISERROR(INDIRECT(ORÇAMENTO.BancoRef)),\"(abra o arquivo 'Referência \"&Excel_BuiltIn_Database&\".xls)\",IF(OR($C771<>\"S\",ORÇAMENTO.CodBarra=\"\"),\"(Sem Código)\",IF(ISERROR(MATCH($AE771,INDIRECT(ORÇAMENTO.BancoRef),0)),\"(Código não identificado nas referências)\",MATCH($AE771,INDIRECT(ORÇAMENTO.BancoRef),0))))","v":"(abra o arquivo 'Referência 06-2023.xls)"},{"$f":"ROUND(IF(DESONERACAO=\"sim\",REFERENCIA.Desonerado,REFERENCIA.NaoDesonerado),2)","v":0},0.23530000000000001,null,{"$f":"AJ775*0.03","v":12.959999999999999},null,null,1617.15,124.78]
["S",2,"S",0,{"$f":"IF($C772=1,OFFSET(E772,-1,0)+MAX(1,COUNTIF(QCI!$A$13:$A$32,OFFSET(ORÇAMENTO!E772,-1,0))),OFFSET(E772,-1,0))","v":17},6,0,0,2,0,{"$f":"IF(OR($C772=\"S\",$C772=0),0,MATCH(OFFSET($D772,0,$C772)+IF($C772<>1,1,COUNTIF(QCI!$A$13:$A$32,ORÇAMENTO!E772)),OFFSET($D772,1,$C772,ROW($C$850)-ROW($C772)),0))","v":0},"F","Serviço","Serviço","17.6.2.","SINAPI","100978","CARGA, MANOBRA E DESCARGA DE MATERIAL GRANULAR EM CAMINHÃO BASCULANTE - CARGA COM ESCAVADEIRA HIDRÁULICA","M3",{"$f":"OFFSET(CÁLCULO!H$15,ROW($T772)-ROW(T$15),0)","v":12.96},6.33,"BDI 1",{"$f":"IF($C772=\"S\",ROUND(IF(TIPOORCAMENTO=\"Proposto\",ORÇAMENTO.CustoUnitario*(1+$AH772),ORÇAMENTO.PrecoUnitarioLicitado),15-13*$AF$10),0)","v":7.82},101.35,"RA","RA",{"$f":"IF($C772=\"S\",IF($Z772=\"CP\",$X772,IF($Z772=\"RA\",(($X772)*QCI!$AA$3),0)),SomaAgrup)","v":101.35},0,{"$f":"IF($N772=\"\",\"\",IF(ORÇAMENTO.Descricao=\"\",\"DESCRIÇÃO\",IF(AND($C772=\"S\",ORÇAMENTO.Unidade=\"\"),\"UNIDADE\",IF($X772<0,\"VALOR NEGATIVO\",IF(OR(AND(TIPOORCAMENTO=\"Proposto\",$AG772<>\"\",$AG772>0,ORÇAMENTO.CustoUnitario>$AG772),AND(TIPOORCAMENTO=\"LICITADO\",ORÇAMENTO.PrecoUnitarioLicitado>$AN772)),\"ACIMA REF.\",\"\")))))","v":""},{"$f":"IF(C772<=CRONO.NivelExibicao,MAX($AD$15:OFFSET(AD772,-1,0))+IF($C772<>1,1,MAX(1,COUNTIF(QCI!$A$13:$A$32,OFFSET($E772,-1,0)))),\"\")","v":""},{"$f":"IF(AND($C772=\"S\",ORÇAMENTO.CodBarra<>\"\"),IF(ORÇAMENTO.Fonte=\"\",ORÇAMENTO.CodBarra,CONCATENATE(ORÇAMENTO.Fonte,\" \",ORÇAMENTO.CodBarra)))","v":"SINAPI 100978"},{"$f":"IF(ISERROR(INDIRECT(ORÇAMENTO.BancoRef)),\"(abra o arquivo 'Referência \"&Excel_BuiltIn_Database&\".xls)\",IF(OR($C772<>\"S\",ORÇAMENTO.CodBarra=\"\"),\"(Sem Código)\",IF(ISERROR(MATCH($AE772,INDIRECT(ORÇAMENTO.BancoRef),0)),\"(Código não identificado nas referências)\",MATCH($AE772,INDIRECT(ORÇAMENTO.BancoRef),0))))","v":"(abra o arquivo 'Referência 06-2023.xls)"},{"$f":"ROUND(IF(DESONERACAO=\"sim\",REFERENCIA.Desonerado,REFERENCIA.NaoDesonerado),2)","v":0},0.23530000000000001,null,{"$f":"AJ771","v":12.959999999999999},null,null,101.35,7.82]
["S",2,"S",0,{"$f":"IF($C773=1,OFFSET(E773,-1,0)+MAX(1,COUNTIF(QCI!$A$13:$A$32,OFFSET(ORÇAMENTO!E773,-1,0))),OFFSET(E773,-1,0))","v":17},6,0,0,3,0,{"$f":"IF(OR($C773=\"S\",$C773=0),0,MATCH(OFFSET($D773,0,$C773)+IF($C773<>1,1,COUNTIF(QCI!$A$13:$A$32,ORÇAMENTO!E773)),OFFSET($D773,1,$C773,ROW($C$850)-ROW($C773)),0))","v":0},"F","Serviço","Serviço","17.6.3.","SINAPI","95875","TRANSPORTE DE MATERIAL GRANULAR COM CAMINHÃO BASCULANTE, DMT = 20 KM","M3XKM",{"$f":"OFFSET(CÁLCULO!H$15,ROW($T773)-ROW(T$15),0)","v":259.2},2.23,"BDI 1",{"$f":"IF($C773=\"S\",ROUND(IF(TIPOORCAMENTO=\"Proposto\",ORÇAMENTO.CustoUnitario*(1+$AH773),ORÇAMENTO.PrecoUnitarioLicitado),15-13*$AF$10),0)","v":2.75},712.8,"RA","RA",{"$f":"IF($C773=\"S\",IF($Z773=\"CP\",$X773,IF($Z773=\"RA\",(($X773)*QCI!$AA$3),0)),SomaAgrup)","v":712.8},0,{"$f":"IF($N773=\"\",\"\",IF(ORÇAMENTO.Descricao=\"\",\"DESCRIÇÃO\",IF(AND($C773=\"S\",ORÇAMENTO.Unidade=\"\"),\"UNIDADE\",IF($X773<0,\"VALOR NEGATIVO\",IF(OR(AND(TIPOORCAMENTO=\"Proposto\",$AG773<>\"\",$AG773>0,ORÇAMENTO.CustoUnitario>$AG773),AND(TIPOORCAMENTO=\"LICITADO\",ORÇAMENTO.PrecoUnitarioLicitado>$AN773)),\"ACIMA REF.\",\"\")))))","v":""},{"$f":"IF(C773<=CRONO.NivelExibicao,MAX($AD$15:OFFSET(AD773,-1,0))+IF($C773<>1,1,MAX(1,COUNTIF(QCI!$A$13:$A$32,OFFSET($E773,-1,0)))),\"\")","v":""},{"$f":"IF(AND($C773=\"S\",ORÇAMENTO.CodBarra<>\"\"),IF(ORÇAMENTO.Fonte=\"\",ORÇAMENTO.CodBarra,CONCATENATE(ORÇAMENTO.Fonte,\" \",ORÇAMENTO.CodBarra)))","v":"SINAPI 95875"},{"$f":"IF(ISERROR(INDIRECT(ORÇAMENTO.BancoRef)),\"(abra o arquivo 'Referência \"&Excel_BuiltIn_Database&\".xls)\",IF(OR($C773<>\"S\",ORÇAMENTO.CodBarra=\"\"),\"(Sem Código)\",IF(ISERROR(MATCH($AE773,INDIRECT(ORÇAMENTO.BancoRef),0)),\"(Código não identificado nas referências)\",MATCH($AE773,INDIRECT(ORÇAMENTO.BancoRef),0))))","v":"(abra o arquivo 'Referência 06-2023.xls)"},{"$f":"ROUND(IF(DESONERACAO=\"sim\",REFERENCIA.Desonerado,REFERENCIA.NaoDesonerado),2)","v":0},0.23530000000000001,null,{"$f":"AJ772*20","v":259.2},null,null,712.8,2.75]
["S",2,"S",0,{"$f":"IF($C774=1,OFFSET(E774,-1,0)+MAX(1,COUNTIF(QCI!$A$13:$A$32,OFFSET(ORÇAMENTO!E774,-1,0))),OFFSET(E774,-1,0))","v":17},6,0,0,4,0,{"$f":"IF(OR($C774=\"S\",$C774=0),0,MATCH(OFFSET($D774,0,$C774)+IF($C774<>1,1,COUNTIF(QCI!$A$13:$A$32,ORÇAMENTO!E774)),OFFSET($D774,1,$C774,ROW($C$850)-ROW($C774)),0))","v":0},"F","Serviço","Serviço","17.6.4.","SINAPI-I","1346","FABRICAÇÃO, MONTAGEM E DESMONTAGEM DE FORMA PARA PAVIMENTAÇÃO EM CONCRETO EM CHAPA DE COMPENSADO","M2    ",{"$f":"OFFSET(CÁLCULO!H$15,ROW($T774)-ROW(T$15),0)","v":21.72},57.57,"BDI 1",{"$f":"IF($C774=\"S\",ROUND(IF(TIPOORCAMENTO=\"Proposto\",ORÇAMENTO.CustoUnitario*(1+$AH774),ORÇAMENTO.PrecoUnitarioLicitado),15-13*$AF$10),0)","v":71.12},1544.73,"RA","RA",{"$f":"IF($C774=\"S\",IF($Z774=\"CP\",$X774,IF($Z774=\"RA\",(($X774)*QCI!$AA$3),0)),SomaAgrup)","v":1544.73},0,{"$f":"IF($N774=\"\",\"\",IF(ORÇAMENTO.Descricao=\"\",\"DESCRIÇÃO\",IF(AND($C774=\"S\",ORÇAMENTO.Unidade=\"\"),\"UNIDADE\",IF($X774<0,\"VALOR NEGATIVO\",IF(OR(AND(TIPOORCAMENTO=\"Proposto\",$AG774<>\"\",$AG774>0,ORÇAMENTO.CustoUnitario>$AG774),AND(TIPOORCAMENTO=\"LICITADO\",ORÇAMENTO.PrecoUnitarioLicitado>$AN774)),\"ACIMA REF.\",\"\")))))","v":""},{"$f":"IF(C774<=CRONO.NivelExibicao,MAX($AD$15:OFFSET(AD774,-1,0))+IF($C774<>1,1,MAX(1,COUNTIF(QCI!$A$13:$A$32,OFFSET($E774,-1,0)))),\"\")","v":""},{"$f":"IF(AND($C774=\"S\",ORÇAMENTO.CodBarra<>\"\"),IF(ORÇAMENTO.Fonte=\"\",ORÇAMENTO.CodBarra,CONCATENATE(ORÇAMENTO.Fonte,\" \",ORÇAMENTO.CodBarra)))","v":"SINAPI-I 1346"},{"$f":"IF(ISERROR(INDIRECT(ORÇAMENTO.BancoRef)),\"(abra o arquivo 'Referência \"&Excel_BuiltIn_Database&\".xls)\",IF(OR($C774<>\"S\",ORÇAMENTO.CodBarra=\"\"),\"(Sem Código)\",IF(ISERROR(MATCH($AE774,INDIRECT(ORÇAMENTO.BancoRef),0)),\"(Código não identificado nas referências)\",MATCH($AE774,INDIRECT(ORÇAMENTO.BancoRef),0))))","v":"(abra o arquivo 'Referência 06-2023.xls)"},{"$f":"ROUND(IF(DESONERACAO=\"sim\",REFERENCIA.Desonerado,REFERENCIA.NaoDesonerado),2)","v":0},0.23530000000000001,null,{"$f":"60.33*0.12*3","v":21.718799999999998},null,null,1544.73,71.12]
["S",2,"S",0,{"$f":"IF($C775=1,OFFSET(E775,-1,0)+MAX(1,COUNTIF(QCI!$A$13:$A$32,OFFSET(ORÇAMENTO!E775,-1,0))),OFFSET(E775,-1,0))","v":17},6,0,0,5,0,{"$f":"IF(OR($C775=\"S\",$C775=0),0,MATCH(OFFSET($D775,0,$C775)+IF($C775<>1,1,COUNTIF(QCI!$A$13:$A$32,ORÇAMENTO!E775)),OFFSET($D775,1,$C775,ROW($C$850)-ROW($C775)),0))","v":0},"F","Serviço","Serviço","17.6.5.","SINAPI-I","7156","ARMAÇÃO PARA EXECUÇÃO DE PAVIMENTAÇÃO EM CONCRETO, COM USO DE TELA Q-196.","M2    ",{"$f":"OFFSET(CÁLCULO!H$15,ROW($T775)-ROW(T$15),0)","v":432},29.25,"BDI 1",{"$f":"IF($C775=\"S\",ROUND(IF(TIPOORCAMENTO=\"Proposto\",ORÇAMENTO.CustoUnitario*(1+$AH775),ORÇAMENTO.PrecoUnitarioLicitado),15-13*$AF$10),0)","v":36.130000000000003},15608.16,"RA","RA",{"$f":"IF($C775=\"S\",IF($Z775=\"CP\",$X775,IF($Z775=\"RA\",(($X775)*QCI!$AA$3),0)),SomaAgrup)","v":15608.16},0,{"$f":"IF($N775=\"\",\"\",IF(ORÇAMENTO.Descricao=\"\",\"DESCRIÇÃO\",IF(AND($C775=\"S\",ORÇAMENTO.Unidade=\"\"),\"UNIDADE\",IF($X775<0,\"VALOR NEGATIVO\",IF(OR(AND(TIPOORCAMENTO=\"Proposto\",$AG775<>\"\",$AG775>0,ORÇAMENTO.CustoUnitario>$AG775),AND(TIPOORCAMENTO=\"LICITADO\",ORÇAMENTO.PrecoUnitarioLicitado>$AN775)),\"ACIMA REF.\",\"\")))))","v":""},{"$f":"IF(C775<=CRONO.NivelExibicao,MAX($AD$15:OFFSET(AD775,-1,0))+IF($C775<>1,1,MAX(1,COUNTIF(QCI!$A$13:$A$32,OFFSET($E775,-1,0)))),\"\")","v":""},{"$f":"IF(AND($C775=\"S\",ORÇAMENTO.CodBarra<>\"\"),IF(ORÇAMENTO.Fonte=\"\",ORÇAMENTO.CodBarra,CONCATENATE(ORÇAMENTO.Fonte,\" \",ORÇAMENTO.CodBarra)))","v":"SINAPI-I 7156"},{"$f":"IF(ISERROR(INDIRECT(ORÇAMENTO.BancoRef)),\"(abra o arquivo 'Referência \"&Excel_BuiltIn_Database&\".xls)\",IF(OR($C775<>\"S\",ORÇAMENTO.CodBarra=\"\"),\"(Sem Código)\",IF(ISERROR(MATCH($AE775,INDIRECT(ORÇAMENTO.BancoRef),0)),\"(Código não identificado nas referências)\",MATCH($AE775,INDIRECT(ORÇAMENTO.BancoRef),0))))","v":"(abra o arquivo 'Referência 06-2023.xls)"},{"$f":"ROUND(IF(DESONERACAO=\"sim\",REFERENCIA.Desonerado,REFERENCIA.NaoDesonerado),2)","v":0},0.23530000000000001,null,432,null,null,15608.16,36.130000000000003]
["S",2,"S",0,{"$f":"IF($C776=1,OFFSET(E776,-1,0)+MAX(1,COUNTIF(QCI!$A$13:$A$32,OFFSET(ORÇAMENTO!E776,-1,0))),OFFSET(E776,-1,0))","v":17},6,0,0,6,0,{"$f":"IF(OR($C776=\"S\",$C776=0),0,MATCH(OFFSET($D776,0,$C776)+IF($C776<>1,1,COUNTIF(QCI!$A$13:$A$32,ORÇAMENTO!E776)),OFFSET($D776,1,$C776,ROW($C$850)-ROW($C776)),0))","v":0},"F","Serviço","Serviço","17.6.6.","SINAPI",97113,"APLICAÇÃO DE LONA PLÁSTICA PARA EXECUÇÃO DE PAVIMENTOS DE CONCRETO. AF_04/2022","M2",{"$f":"OFFSET(CÁLCULO!H$15,ROW($T776)-ROW(T$15),0)","v":432},2.91,"BDI 1",{"$f":"IF($C776=\"S\",ROUND(IF(TIPOORCAMENTO=\"Proposto\",ORÇAMENTO.CustoUnitario*(1+$AH776),ORÇAMENTO.PrecoUnitarioLicitado),15-13*$AF$10),0)","v":3.59},1550.88,"RA","RA",{"$f":"IF($C776=\"S\",IF($Z776=\"CP\",$X776,IF($Z776=\"RA\",(($X776)*QCI!$AA$3),0)),SomaAgrup)","v":1550.88},0,{"$f":"IF($N776=\"\",\"\",IF(ORÇAMENTO.Descricao=\"\",\"DESCRIÇÃO\",IF(AND($C776=\"S\",ORÇAMENTO.Unidade=\"\"),\"UNIDADE\",IF($X776<0,\"VALOR NEGATIVO\",IF(OR(AND(TIPOORCAMENTO=\"Proposto\",$AG776<>\"\",$AG776>0,ORÇAMENTO.CustoUnitario>$AG776),AND(TIPOORCAMENTO=\"LICITADO\",ORÇAMENTO.PrecoUnitarioLicitado>$AN776)),\"ACIMA REF.\",\"\")))))","v":""},{"$f":"IF(C776<=CRONO.NivelExibicao,MAX($AD$15:OFFSET(AD776,-1,0))+IF($C776<>1,1,MAX(1,COUNTIF(QCI!$A$13:$A$32,OFFSET($E776,-1,0)))),\"\")","v":""},{"$f":"IF(AND($C776=\"S\",ORÇAMENTO.CodBarra<>\"\"),IF(ORÇAMENTO.Fonte=\"\",ORÇAMENTO.CodBarra,CONCATENATE(ORÇAMENTO.Fonte,\" \",ORÇAMENTO.CodBarra)))","v":"SINAPI 97113"},{"$f":"IF(ISERROR(INDIRECT(ORÇAMENTO.BancoRef)),\"(abra o arquivo 'Referência \"&Excel_BuiltIn_Database&\".xls)\",IF(OR($C776<>\"S\",ORÇAMENTO.CodBarra=\"\"),\"(Sem Código)\",IF(ISERROR(MATCH($AE776,INDIRECT(ORÇAMENTO.BancoRef),0)),\"(Código não identificado nas referências)\",MATCH($AE776,INDIRECT(ORÇAMENTO.BancoRef),0))))","v":"(abra o arquivo 'Referência 06-2023.xls)"},{"$f":"ROUND(IF(DESONERACAO=\"sim\",REFERENCIA.Desonerado,REFERENCIA.NaoDesonerado),2)","v":0},0.23530000000000001,null,432,null,null,1550.88,3.59]
["S",2,"S",0,{"$f":"IF($C777=1,OFFSET(E777,-1,0)+MAX(1,COUNTIF(QCI!$A$13:$A$32,OFFSET(ORÇAMENTO!E777,-1,0))),OFFSET(E777,-1,0))","v":17},6,0,0,7,0,{"$f":"IF(OR($C777=\"S\",$C777=0),0,MATCH(OFFSET($D777,0,$C777)+IF($C777<>1,1,COUNTIF(QCI!$A$13:$A$32,ORÇAMENTO!E777)),OFFSET($D777,1,$C777,ROW($C$850)-ROW($C777)),0))","v":0},"F","Serviço","Serviço","17.6.7.","SINAPI-I","34479","CONCRETO USINADO BOMBEAVEL, CLASSE DE RESISTENCIA C40, COM BRITA 0 E 1, SLUMP = 100 +/- 20 MM, INCLUI SERVICO DE BOMBEAMENTO (NBR 8953)","M3    ",{"$f":"OFFSET(CÁLCULO!H$15,ROW($T777)-ROW(T$15),0)","v":51.84},584,"BDI 1",{"$f":"IF($C777=\"S\",ROUND(IF(TIPOORCAMENTO=\"Proposto\",ORÇAMENTO.CustoUnitario*(1+$AH777),ORÇAMENTO.PrecoUnitarioLicitado),15-13*$AF$10),0)","v":721.42},37398.410000000003,"RA","RA",{"$f":"IF($C777=\"S\",IF($Z777=\"CP\",$X777,IF($Z777=\"RA\",(($X777)*QCI!$AA$3),0)),SomaAgrup)","v":37398.410000000003},0,{"$f":"IF($N777=\"\",\"\",IF(ORÇAMENTO.Descricao=\"\",\"DESCRIÇÃO\",IF(AND($C777=\"S\",ORÇAMENTO.Unidade=\"\"),\"UNIDADE\",IF($X777<0,\"VALOR NEGATIVO\",IF(OR(AND(TIPOORCAMENTO=\"Proposto\",$AG777<>\"\",$AG777>0,ORÇAMENTO.CustoUnitario>$AG777),AND(TIPOORCAMENTO=\"LICITADO\",ORÇAMENTO.PrecoUnitarioLicitado>$AN777)),\"ACIMA REF.\",\"\")))))","v":""},{"$f":"IF(C777<=CRONO.NivelExibicao,MAX($AD$15:OFFSET(AD777,-1,0))+IF($C777<>1,1,MAX(1,COUNTIF(QCI!$A$13:$A$32,OFFSET($E777,-1,0)))),\"\")","v":""},{"$f":"IF(AND($C777=\"S\",ORÇAMENTO.CodBarra<>\"\"),IF(ORÇAMENTO.Fonte=\"\",ORÇAMENTO.CodBarra,CONCATENATE(ORÇAMENTO.Fonte,\" \",ORÇAMENTO.CodBarra)))","v":"SINAPI-I 34479"},{"$f":"IF(ISERROR(INDIRECT(ORÇAMENTO.BancoRef)),\"(abra o arquivo 'Referência \"&Excel_BuiltIn_Database&\".xls)\",IF(OR($C777<>\"S\",ORÇAMENTO.CodBarra=\"\"),\"(Sem Código)\",IF(ISERROR(MATCH($AE777,INDIRECT(ORÇAMENTO.BancoRef),0)),\"(Código não identificado nas referências)\",MATCH($AE777,INDIRECT(ORÇAMENTO.BancoRef),0))))","v":"(abra o arquivo 'Referência 06-2023.xls)"},{"$f":"ROUND(IF(DESONERACAO=\"sim\",REFERENCIA.Desonerado,REFERENCIA.NaoDesonerado),2)","v":0},0.23530000000000001,null,{"$f":"AJ776*0.12","v":51.839999999999996},null,null,37398.410000000003,721.42]
["S",2,"S",0,{"$f":"IF($C778=1,OFFSET(E778,-1,0)+MAX(1,COUNTIF(QCI!$A$13:$A$32,OFFSET(ORÇAMENTO!E778,-1,0))),OFFSET(E778,-1,0))","v":17},6,0,0,8,0,{"$f":"IF(OR($C778=\"S\",$C778=0),0,MATCH(OFFSET($D778,0,$C778)+IF($C778<>1,1,COUNTIF(QCI!$A$13:$A$32,ORÇAMENTO!E778)),OFFSET($D778,1,$C778,ROW($C$850)-ROW($C778)),0))","v":0},"F","Serviço","Serviço","17.6.8.","AMMOC","PAVCONC","LANÇAMENTO, ACABAMENTO, ADENSAMENTO PARA PAVIMENTAÇÃO EM CONCRETO","M3",{"$f":"OFFSET(CÁLCULO!H$15,ROW($T778)-ROW(T$15),0)","v":51.84},265.83,"BDI 1",{"$f":"IF($C778=\"S\",ROUND(IF(TIPOORCAMENTO=\"Proposto\",ORÇAMENTO.CustoUnitario*(1+$AH778),ORÇAMENTO.PrecoUnitarioLicitado),15-13*$AF$10),0)","v":328.38},17023.22,"RA","RA",{"$f":"IF($C778=\"S\",IF($Z778=\"CP\",$X778,IF($Z778=\"RA\",(($X778)*QCI!$AA$3),0)),SomaAgrup)","v":17023.22},0,{"$f":"IF($N778=\"\",\"\",IF(ORÇAMENTO.Descricao=\"\",\"DESCRIÇÃO\",IF(AND($C778=\"S\",ORÇAMENTO.Unidade=\"\"),\"UNIDADE\",IF($X778<0,\"VALOR NEGATIVO\",IF(OR(AND(TIPOORCAMENTO=\"Proposto\",$AG778<>\"\",$AG778>0,ORÇAMENTO.CustoUnitario>$AG778),AND(TIPOORCAMENTO=\"LICITADO\",ORÇAMENTO.PrecoUnitarioLicitado>$AN778)),\"ACIMA REF.\",\"\")))))","v":""},{"$f":"IF(C778<=CRONO.NivelExibicao,MAX($AD$15:OFFSET(AD778,-1,0))+IF($C778<>1,1,MAX(1,COUNTIF(QCI!$A$13:$A$32,OFFSET($E778,-1,0)))),\"\")","v":""},{"$f":"IF(AND($C778=\"S\",ORÇAMENTO.CodBarra<>\"\"),IF(ORÇAMENTO.Fonte=\"\",ORÇAMENTO.CodBarra,CONCATENATE(ORÇAMENTO.Fonte,\" \",ORÇAMENTO.CodBarra)))","v":"AMMOC PAVCONC"},{"$f":"IF(ISERROR(INDIRECT(ORÇAMENTO.BancoRef)),\"(abra o arquivo 'Referência \"&Excel_BuiltIn_Database&\".xls)\",IF(OR($C778<>\"S\",ORÇAMENTO.CodBarra=\"\"),\"(Sem Código)\",IF(ISERROR(MATCH($AE778,INDIRECT(ORÇAMENTO.BancoRef),0)),\"(Código não identificado nas referências)\",MATCH($AE778,INDIRECT(ORÇAMENTO.BancoRef),0))))","v":"(abra o arquivo 'Referência 06-2023.xls)"},{"$f":"ROUND(IF(DESONERACAO=\"sim\",REFERENCIA.Desonerado,REFERENCIA.NaoDesonerado),2)","v":0},0.23530000000000001,null,{"$f":"AJ777","v":51.839999999999996},null,null,17023.22,328.38]
["S",2,"S",0,{"$f":"IF($C779=1,OFFSET(E779,-1,0)+MAX(1,COUNTIF(QCI!$A$13:$A$32,OFFSET(ORÇAMENTO!E779,-1,0))),OFFSET(E779,-1,0))","v":17},6,0,0,9,{"$f":"IF(OR($C779=\"S\",$C779=0),0,MATCH(0,OFFSET($D779,1,$C779,ROW($C$850)-ROW($C779)),0))","v":0},{"$f":"IF(OR($C779=\"S\",$C779=0),0,MATCH(OFFSET($D779,0,$C779)+IF($C779<>1,1,COUNTIF(QCI!$A$13:$A$32,ORÇAMENTO!E779)),OFFSET($D779,1,$C779,ROW($C$850)-ROW($C779)),0))","v":0},"F","Serviço","Serviço","17.6.9.","AMMOC","192","CURA QUÍMICA PARA PAVIMENTO DE CONCRETO - APLICAÇÃO MANUAL COM BORRIFADOR DE BAIXA PRESSÃO","M2",{"$f":"OFFSET(CÁLCULO!H$15,ROW($T779)-ROW(T$15),0)","v":432},6.73,"BDI 1",{"$f":"IF($C779=\"S\",ROUND(IF(TIPOORCAMENTO=\"Proposto\",ORÇAMENTO.CustoUnitario*(1+$AH779),ORÇAMENTO.PrecoUnitarioLicitado),15-13*$AF$10),0)","v":8.31},3589.92,"RA","RA",{"$f":"IF($C779=\"S\",IF($Z779=\"CP\",$X779,IF($Z779=\"RA\",(($X779)*QCI!$AA$3),0)),SomaAgrup)","v":3589.92},0,{"$f":"IF($N779=\"\",\"\",IF(ORÇAMENTO.Descricao=\"\",\"DESCRIÇÃO\",IF(AND($C779=\"S\",ORÇAMENTO.Unidade=\"\"),\"UNIDADE\",IF($X779<0,\"VALOR NEGATIVO\",IF(OR(AND(TIPOORCAMENTO=\"Proposto\",$AG779<>\"\",$AG779>0,ORÇAMENTO.CustoUnitario>$AG779),AND(TIPOORCAMENTO=\"LICITADO\",ORÇAMENTO.PrecoUnitarioLicitado>$AN779)),\"ACIMA REF.\",\"\")))))","v":""},{"$f":"IF(C779<=CRONO.NivelExibicao,MAX($AD$15:OFFSET(AD779,-1,0))+IF($C779<>1,1,MAX(1,COUNTIF(QCI!$A$13:$A$32,OFFSET($E779,-1,0)))),\"\")","v":""},{"$f":"IF(AND($C779=\"S\",ORÇAMENTO.CodBarra<>\"\"),IF(ORÇAMENTO.Fonte=\"\",ORÇAMENTO.CodBarra,CONCATENATE(ORÇAMENTO.Fonte,\" \",ORÇAMENTO.CodBarra)))","v":"AMMOC 192"},{"$f":"IF(ISERROR(INDIRECT(ORÇAMENTO.BancoRef)),\"(abra o arquivo 'Referência \"&Excel_BuiltIn_Database&\".xls)\",IF(OR($C779<>\"S\",ORÇAMENTO.CodBarra=\"\"),\"(Sem Código)\",IF(ISERROR(MATCH($AE779,INDIRECT(ORÇAMENTO.BancoRef),0)),\"(Código não identificado nas referências)\",MATCH($AE779,INDIRECT(ORÇAMENTO.BancoRef),0))))","v":"(abra o arquivo 'Referência 06-2023.xls)"},{"$f":"ROUND(IF(DESONERACAO=\"sim\",REFERENCIA.Desonerado,REFERENCIA.NaoDesonerado),2)","v":0},0.23530000000000001,null,432,null,null,3589.92,8.31]
["S",2,"S",0,{"$f":"IF($C780=1,OFFSET(E780,-1,0)+MAX(1,COUNTIF(QCI!$A$13:$A$32,OFFSET(ORÇAMENTO!E780,-1,0))),OFFSET(E780,-1,0))","v":17},6,0,0,10,0,{"$f":"IF(OR($C780=\"S\",$C780=0),0,MATCH(OFFSET($D780,0,$C780)+IF($C780<>1,1,COUNTIF(QCI!$A$13:$A$32,ORÇAMENTO!E780)),OFFSET($D780,1,$C780,ROW($C$850)-ROW($C780)),0))","v":0},"F","Serviço","Serviço","17.6.10.","SINAPI","97114","EXECUÇÃO DE JUNTAS DE DILATAÇÃO PARA PAVIMENTOS DE CONCRETO","M",{"$f":"OFFSET(CÁLCULO!H$15,ROW($T780)-ROW(T$15),0)","v":190},0.41,"BDI 1",{"$f":"IF($C780=\"S\",ROUND(IF(TIPOORCAMENTO=\"Proposto\",ORÇAMENTO.CustoUnitario*(1+$AH780),ORÇAMENTO.PrecoUnitarioLicitado),15-13*$AF$10),0)","v":0.51},96.9,"RA","RA",{"$f":"IF($C780=\"S\",IF($Z780=\"CP\",$X780,IF($Z780=\"RA\",(($X780)*QCI!$AA$3),0)),SomaAgrup)","v":96.9},0,{"$f":"IF($N780=\"\",\"\",IF(ORÇAMENTO.Descricao=\"\",\"DESCRIÇÃO\",IF(AND($C780=\"S\",ORÇAMENTO.Unidade=\"\"),\"UNIDADE\",IF($X780<0,\"VALOR NEGATIVO\",IF(OR(AND(TIPOORCAMENTO=\"Proposto\",$AG780<>\"\",$AG780>0,ORÇAMENTO.CustoUnitario>$AG780),AND(TIPOORCAMENTO=\"LICITADO\",ORÇAMENTO.PrecoUnitarioLicitado>$AN780)),\"ACIMA REF.\",\"\")))))","v":""},{"$f":"IF(C780<=CRONO.NivelExibicao,MAX($AD$15:OFFSET(AD780,-1,0))+IF($C780<>1,1,MAX(1,COUNTIF(QCI!$A$13:$A$32,OFFSET($E780,-1,0)))),\"\")","v":""},{"$f":"IF(AND($C780=\"S\",ORÇAMENTO.CodBarra<>\"\"),IF(ORÇAMENTO.Fonte=\"\",ORÇAMENTO.CodBarra,CONCATENATE(ORÇAMENTO.Fonte,\" \",ORÇAMENTO.CodBarra)))","v":"SINAPI 97114"},{"$f":"IF(ISERROR(INDIRECT(ORÇAMENTO.BancoRef)),\"(abra o arquivo 'Referência \"&Excel_BuiltIn_Database&\".xls)\",IF(OR($C780<>\"S\",ORÇAMENTO.CodBarra=\"\"),\"(Sem Código)\",IF(ISERROR(MATCH($AE780,INDIRECT(ORÇAMENTO.BancoRef),0)),\"(Código não identificado nas referências)\",MATCH($AE780,INDIRECT(ORÇAMENTO.BancoRef),0))))","v":"(abra o arquivo 'Referência 06-2023.xls)"},{"$f":"ROUND(IF(DESONERACAO=\"sim\",REFERENCIA.Desonerado,REFERENCIA.NaoDesonerado),2)","v":0},0.23530000000000001,null,190,null,null,96.9,0.51]
["S",2,"S",0,{"$f":"IF($C781=1,OFFSET(E781,-1,0)+MAX(1,COUNTIF(QCI!$A$13:$A$32,OFFSET(ORÇAMENTO!E781,-1,0))),OFFSET(E781,-1,0))","v":17},6,0,0,11,0,{"$f":"IF(OR($C781=\"S\",$C781=0),0,MATCH(OFFSET($D781,0,$C781)+IF($C781<>1,1,COUNTIF(QCI!$A$13:$A$32,ORÇAMENTO!E781)),OFFSET($D781,1,$C781,ROW($C$850)-ROW($C781)),0))","v":0},"F","Serviço","Serviço","17.6.11.","SINAPI-I","34","ACO CA-50, 10,0 MM, VERGALHAO                                                                                                                                                                                                                                                                                                                                                                                                                                                                             ","KG    ",{"$f":"OFFSET(CÁLCULO!H$15,ROW($T781)-ROW(T$15),0)","v":7.9},9.44,"BDI 1",{"$f":"IF($C781=\"S\",ROUND(IF(TIPOORCAMENTO=\"Proposto\",ORÇAMENTO.CustoUnitario*(1+$AH781),ORÇAMENTO.PrecoUnitarioLicitado),15-13*$AF$10),0)","v":11.66},92.11,"RA","RA",{"$f":"IF($C781=\"S\",IF($Z781=\"CP\",$X781,IF($Z781=\"RA\",(($X781)*QCI!$AA$3),0)),SomaAgrup)","v":92.11},0,{"$f":"IF($N781=\"\",\"\",IF(ORÇAMENTO.Descricao=\"\",\"DESCRIÇÃO\",IF(AND($C781=\"S\",ORÇAMENTO.Unidade=\"\"),\"UNIDADE\",IF($X781<0,\"VALOR NEGATIVO\",IF(OR(AND(TIPOORCAMENTO=\"Proposto\",$AG781<>\"\",$AG781>0,ORÇAMENTO.CustoUnitario>$AG781),AND(TIPOORCAMENTO=\"LICITADO\",ORÇAMENTO.PrecoUnitarioLicitado>$AN781)),\"ACIMA REF.\",\"\")))))","v":""},{"$f":"IF(C781<=CRONO.NivelExibicao,MAX($AD$15:OFFSET(AD781,-1,0))+IF($C781<>1,1,MAX(1,COUNTIF(QCI!$A$13:$A$32,OFFSET($E781,-1,0)))),\"\")","v":""},{"$f":"IF(AND($C781=\"S\",ORÇAMENTO.CodBarra<>\"\"),IF(ORÇAMENTO.Fonte=\"\",ORÇAMENTO.CodBarra,CONCATENATE(ORÇAMENTO.Fonte,\" \",ORÇAMENTO.CodBarra)))","v":"SINAPI-I 34"},{"$f":"IF(ISERROR(INDIRECT(ORÇAMENTO.BancoRef)),\"(abra o arquivo 'Referência \"&Excel_BuiltIn_Database&\".xls)\",IF(OR($C781<>\"S\",ORÇAMENTO.CodBarra=\"\"),\"(Sem Código)\",IF(ISERROR(MATCH($AE781,INDIRECT(ORÇAMENTO.BancoRef),0)),\"(Código não identificado nas referências)\",MATCH($AE781,INDIRECT(ORÇAMENTO.BancoRef),0))))","v":"(abra o arquivo 'Referência 06-2023.xls)"},{"$f":"ROUND(IF(DESONERACAO=\"sim\",REFERENCIA.Desonerado,REFERENCIA.NaoDesonerado),2)","v":0},0.23530000000000001,null,{"$f":"12.8*0.617","v":7.8976000000000006},null,null,92.11,11.66]
["S",2,"S",0,{"$f":"IF($C782=1,OFFSET(E782,-1,0)+MAX(1,COUNTIF(QCI!$A$13:$A$32,OFFSET(ORÇAMENTO!E782,-1,0))),OFFSET(E782,-1,0))","v":17},6,0,0,12,0,{"$f":"IF(OR($C782=\"S\",$C782=0),0,MATCH(OFFSET($D782,0,$C782)+IF($C782<>1,1,COUNTIF(QCI!$A$13:$A$32,ORÇAMENTO!E782)),OFFSET($D782,1,$C782,ROW($C$850)-ROW($C782)),0))","v":0},"F","Serviço","Serviço","17.6.12.","AMMOC","354","VIGA DE CONSTRUÇÃO EM CONCRETO ARMADO","M",{"$f":"OFFSET(CÁLCULO!H$15,ROW($T782)-ROW(T$15),0)","v":20.100000000000001},70.08,"BDI 1",{"$f":"IF($C782=\"S\",ROUND(IF(TIPOORCAMENTO=\"Proposto\",ORÇAMENTO.CustoUnitario*(1+$AH782),ORÇAMENTO.PrecoUnitarioLicitado),15-13*$AF$10),0)","v":86.57},1740.06,"RA","RA",{"$f":"IF($C782=\"S\",IF($Z782=\"CP\",$X782,IF($Z782=\"RA\",(($X782)*QCI!$AA$3),0)),SomaAgrup)","v":1740.06},0,{"$f":"IF($N782=\"\",\"\",IF(ORÇAMENTO.Descricao=\"\",\"DESCRIÇÃO\",IF(AND($C782=\"S\",ORÇAMENTO.Unidade=\"\"),\"UNIDADE\",IF($X782<0,\"VALOR NEGATIVO\",IF(OR(AND(TIPOORCAMENTO=\"Proposto\",$AG782<>\"\",$AG782>0,ORÇAMENTO.CustoUnitario>$AG782),AND(TIPOORCAMENTO=\"LICITADO\",ORÇAMENTO.PrecoUnitarioLicitado>$AN782)),\"ACIMA REF.\",\"\")))))","v":""},{"$f":"IF(C782<=CRONO.NivelExibicao,MAX($AD$15:OFFSET(AD782,-1,0))+IF($C782<>1,1,MAX(1,COUNTIF(QCI!$A$13:$A$32,OFFSET($E782,-1,0)))),\"\")","v":""},{"$f":"IF(AND($C782=\"S\",ORÇAMENTO.CodBarra<>\"\"),IF(ORÇAMENTO.Fonte=\"\",ORÇAMENTO.CodBarra,CONCATENATE(ORÇAMENTO.Fonte,\" \",ORÇAMENTO.CodBarra)))","v":"AMMOC 354"},{"$f":"IF(ISERROR(INDIRECT(ORÇAMENTO.BancoRef)),\"(abra o arquivo 'Referência \"&Excel_BuiltIn_Database&\".xls)\",IF(OR($C782<>\"S\",ORÇAMENTO.CodBarra=\"\"),\"(Sem Código)\",IF(ISERROR(MATCH($AE782,INDIRECT(ORÇAMENTO.BancoRef),0)),\"(Código não identificado nas referências)\",MATCH($AE782,INDIRECT(ORÇAMENTO.BancoRef),0))))","v":"(abra o arquivo 'Referência 06-2023.xls)"},{"$f":"ROUND(IF(DESONERACAO=\"sim\",REFERENCIA.Desonerado,REFERENCIA.NaoDesonerado),2)","v":0},0.23530000000000001,null,20.100000000000001,null,null,1740.06,86.57]
[2,2,2,2,{"$f":"IF($C783=1,OFFSET(E783,-1,0)+MAX(1,COUNTIF(QCI!$A$13:$A$32,OFFSET(ORÇAMENTO!E783,-1,0))),OFFSET(E783,-1,0))","v":17},7,0,0,0,7,{"$f":"IF(OR($C783=\"S\",$C783=0),0,MATCH(OFFSET($D783,0,$C783)+IF($C783<>1,1,COUNTIF(QCI!$A$13:$A$32,ORÇAMENTO!E783)),OFFSET($D783,1,$C783,ROW($C$850)-ROW($C783)),0))","v":2},"F","Nível 2","Nível 2","17.7.","SINAPI",null,"MEIO-FIO","-",{"$f":"OFFSET(CÁLCULO!H$15,ROW($T783)-ROW(T$15),0)","v":0},0,"BDI 1",{"$f":"IF($C783=\"S\",ROUND(IF(TIPOORCAMENTO=\"Proposto\",ORÇAMENTO.CustoUnitario*(1+$AH783),ORÇAMENTO.PrecoUnitarioLicitado),15-13*$AF$10),0)","v":0},5804.96,"RA","",{"$f":"IF($C783=\"S\",IF($Z783=\"CP\",$X783,IF($Z783=\"RA\",(($X783)*QCI!$AA$3),0)),SomaAgrup)","v":5804.96},0,{"$f":"IF($N783=\"\",\"\",IF(ORÇAMENTO.Descricao=\"\",\"DESCRIÇÃO\",IF(AND($C783=\"S\",ORÇAMENTO.Unidade=\"\"),\"UNIDADE\",IF($X783<0,\"VALOR NEGATIVO\",IF(OR(AND(TIPOORCAMENTO=\"Proposto\",$AG783<>\"\",$AG783>0,ORÇAMENTO.CustoUnitario>$AG783),AND(TIPOORCAMENTO=\"LICITADO\",ORÇAMENTO.PrecoUnitarioLicitado>$AN783)),\"ACIMA REF.\",\"\")))))","v":""},{"$f":"IF(C783<=CRONO.NivelExibicao,MAX($AD$15:OFFSET(AD783,-1,0))+IF($C783<>1,1,MAX(1,COUNTIF(QCI!$A$13:$A$32,OFFSET($E783,-1,0)))),\"\")","v":""},{"$f":"IF(AND($C783=\"S\",ORÇAMENTO.CodBarra<>\"\"),IF(ORÇAMENTO.Fonte=\"\",ORÇAMENTO.CodBarra,CONCATENATE(ORÇAMENTO.Fonte,\" \",ORÇAMENTO.CodBarra)))","v":false},{"$f":"IF(ISERROR(INDIRECT(ORÇAMENTO.BancoRef)),\"(abra o arquivo 'Referência \"&Excel_BuiltIn_Database&\".xls)\",IF(OR($C783<>\"S\",ORÇAMENTO.CodBarra=\"\"),\"(Sem Código)\",IF(ISERROR(MATCH($AE783,INDIRECT(ORÇAMENTO.BancoRef),0)),\"(Código não identificado nas referências)\",MATCH($AE783,INDIRECT(ORÇAMENTO.BancoRef),0))))","v":"(abra o arquivo 'Referência 06-2023.xls)"},{"$f":"ROUND(IF(DESONERACAO=\"sim\",REFERENCIA.Desonerado,REFERENCIA.NaoDesonerado),2)","v":0},0.23530000000000001,null,null,null,null,5804.96,0]
["S",2,"S",0,{"$f":"IF($C784=1,OFFSET(E784,-1,0)+MAX(1,COUNTIF(QCI!$A$13:$A$32,OFFSET(ORÇAMENTO!E784,-1,0))),OFFSET(E784,-1,0))","v":17},7,0,0,1,0,{"$f":"IF(OR($C784=\"S\",$C784=0),0,MATCH(OFFSET($D784,0,$C784)+IF($C784<>1,1,COUNTIF(QCI!$A$13:$A$32,ORÇAMENTO!E784)),OFFSET($D784,1,$C784,ROW($C$850)-ROW($C784)),0))","v":0},"F","Serviço","Serviço","17.7.1.","SINAPI","94263","GUIA (MEIO-FIO) CONCRETO, MOLDADA  IN LOCO COM EXTRUSORA, 13 CM BASE X 22 CM ALTURA.","M",{"$f":"OFFSET(CÁLCULO!H$15,ROW($T784)-ROW(T$15),0)","v":129.19999999999999},36.369999999999997,"BDI 1",{"$f":"IF($C784=\"S\",ROUND(IF(TIPOORCAMENTO=\"Proposto\",ORÇAMENTO.CustoUnitario*(1+$AH784),ORÇAMENTO.PrecoUnitarioLicitado),15-13*$AF$10),0)","v":44.93},5804.96,"RA","RA",{"$f":"IF($C784=\"S\",IF($Z784=\"CP\",$X784,IF($Z784=\"RA\",(($X784)*QCI!$AA$3),0)),SomaAgrup)","v":5804.96},0,{"$f":"IF($N784=\"\",\"\",IF(ORÇAMENTO.Descricao=\"\",\"DESCRIÇÃO\",IF(AND($C784=\"S\",ORÇAMENTO.Unidade=\"\"),\"UNIDADE\",IF($X784<0,\"VALOR NEGATIVO\",IF(OR(AND(TIPOORCAMENTO=\"Proposto\",$AG784<>\"\",$AG784>0,ORÇAMENTO.CustoUnitario>$AG784),AND(TIPOORCAMENTO=\"LICITADO\",ORÇAMENTO.PrecoUnitarioLicitado>$AN784)),\"ACIMA REF.\",\"\")))))","v":""},{"$f":"IF(C784<=CRONO.NivelExibicao,MAX($AD$15:OFFSET(AD784,-1,0))+IF($C784<>1,1,MAX(1,COUNTIF(QCI!$A$13:$A$32,OFFSET($E784,-1,0)))),\"\")","v":""},{"$f":"IF(AND($C784=\"S\",ORÇAMENTO.CodBarra<>\"\"),IF(ORÇAMENTO.Fonte=\"\",ORÇAMENTO.CodBarra,CONCATENATE(ORÇAMENTO.Fonte,\" \",ORÇAMENTO.CodBarra)))","v":"SINAPI 94263"},{"$f":"IF(ISERROR(INDIRECT(ORÇAMENTO.BancoRef)),\"(abra o arquivo 'Referência \"&Excel_BuiltIn_Database&\".xls)\",IF(OR($C784<>\"S\",ORÇAMENTO.CodBarra=\"\"),\"(Sem Código)\",IF(ISERROR(MATCH($AE784,INDIRECT(ORÇAMENTO.BancoRef),0)),\"(Código não identificado nas referências)\",MATCH($AE784,INDIRECT(ORÇAMENTO.BancoRef),0))))","v":"(abra o arquivo 'Referência 06-2023.xls)"},{"$f":"ROUND(IF(DESONERACAO=\"sim\",REFERENCIA.Desonerado,REFERENCIA.NaoDesonerado),2)","v":0},0.23530000000000001,null,129.19999999999999,null,null,5804.96,44.93]
[2,2,2,5,{"$f":"IF($C785=1,OFFSET(E785,-1,0)+MAX(1,COUNTIF(QCI!$A$13:$A$32,OFFSET(ORÇAMENTO!E785,-1,0))),OFFSET(E785,-1,0))","v":17},8,0,0,0,5,{"$f":"IF(OR($C785=\"S\",$C785=0),0,MATCH(OFFSET($D785,0,$C785)+IF($C785<>1,1,COUNTIF(QCI!$A$13:$A$32,ORÇAMENTO!E785)),OFFSET($D785,1,$C785,ROW($C$850)-ROW($C785)),0))","v":48},"F","Nível 2","Nível 2","17.8.","SINAPI",null,"SINALIZAÇÃO","-",{"$f":"OFFSET(CÁLCULO!H$15,ROW($T785)-ROW(T$15),0)","v":0},0,"BDI 1",{"$f":"IF($C785=\"S\",ROUND(IF(TIPOORCAMENTO=\"Proposto\",ORÇAMENTO.CustoUnitario*(1+$AH785),ORÇAMENTO.PrecoUnitarioLicitado),15-13*$AF$10),0)","v":0},2289.54,"RA","",{"$f":"IF($C785=\"S\",IF($Z785=\"CP\",$X785,IF($Z785=\"RA\",(($X785)*QCI!$AA$3),0)),SomaAgrup)","v":2289.54},0,{"$f":"IF($N785=\"\",\"\",IF(ORÇAMENTO.Descricao=\"\",\"DESCRIÇÃO\",IF(AND($C785=\"S\",ORÇAMENTO.Unidade=\"\"),\"UNIDADE\",IF($X785<0,\"VALOR NEGATIVO\",IF(OR(AND(TIPOORCAMENTO=\"Proposto\",$AG785<>\"\",$AG785>0,ORÇAMENTO.CustoUnitario>$AG785),AND(TIPOORCAMENTO=\"LICITADO\",ORÇAMENTO.PrecoUnitarioLicitado>$AN785)),\"ACIMA REF.\",\"\")))))","v":""},{"$f":"IF(C785<=CRONO.NivelExibicao,MAX($AD$15:OFFSET(AD785,-1,0))+IF($C785<>1,1,MAX(1,COUNTIF(QCI!$A$13:$A$32,OFFSET($E785,-1,0)))),\"\")","v":""},{"$f":"IF(AND($C785=\"S\",ORÇAMENTO.CodBarra<>\"\"),IF(ORÇAMENTO.Fonte=\"\",ORÇAMENTO.CodBarra,CONCATENATE(ORÇAMENTO.Fonte,\" \",ORÇAMENTO.CodBarra)))","v":false},{"$f":"IF(ISERROR(INDIRECT(ORÇAMENTO.BancoRef)),\"(abra o arquivo 'Referência \"&Excel_BuiltIn_Database&\".xls)\",IF(OR($C785<>\"S\",ORÇAMENTO.CodBarra=\"\"),\"(Sem Código)\",IF(ISERROR(MATCH($AE785,INDIRECT(ORÇAMENTO.BancoRef),0)),\"(Código não identificado nas referências)\",MATCH($AE785,INDIRECT(ORÇAMENTO.BancoRef),0))))","v":"(abra o arquivo 'Referência 06-2023.xls)"},{"$f":"ROUND(IF(DESONERACAO=\"sim\",REFERENCIA.Desonerado,REFERENCIA.NaoDesonerado),2)","v":0},0.23530000000000001,null,null,null,null,2289.54,0]
["S",2,"S",0,{"$f":"IF($C786=1,OFFSET(E786,-1,0)+MAX(1,COUNTIF(QCI!$A$13:$A$32,OFFSET(ORÇAMENTO!E786,-1,0))),OFFSET(E786,-1,0))","v":17},8,0,0,1,0,{"$f":"IF(OR($C786=\"S\",$C786=0),0,MATCH(OFFSET($D786,0,$C786)+IF($C786<>1,1,COUNTIF(QCI!$A$13:$A$32,ORÇAMENTO!E786)),OFFSET($D786,1,$C786,ROW($C$850)-ROW($C786)),0))","v":0},"F","Serviço","Serviço","17.8.1.","SINAPI","72947","SINALIZACAO HORIZONTAL COM TINTA RETRORREFLETIVA A BASE DE RESINA ACRILICA COM MICROESFERAS DE VIDRO - LINHA CONTÍNUA AMARELA","M2",{"$f":"OFFSET(CÁLCULO!H$15,ROW($T786)-ROW(T$15),0)","v":6.05},17.059999999999999,"BDI 1",{"$f":"IF($C786=\"S\",ROUND(IF(TIPOORCAMENTO=\"Proposto\",ORÇAMENTO.CustoUnitario*(1+$AH786),ORÇAMENTO.PrecoUnitarioLicitado),15-13*$AF$10),0)","v":21.07},127.47,"RA","RA",{"$f":"IF($C786=\"S\",IF($Z786=\"CP\",$X786,IF($Z786=\"RA\",(($X786)*QCI!$AA$3),0)),SomaAgrup)","v":127.47},0,{"$f":"IF($N786=\"\",\"\",IF(ORÇAMENTO.Descricao=\"\",\"DESCRIÇÃO\",IF(AND($C786=\"S\",ORÇAMENTO.Unidade=\"\"),\"UNIDADE\",IF($X786<0,\"VALOR NEGATIVO\",IF(OR(AND(TIPOORCAMENTO=\"Proposto\",$AG786<>\"\",$AG786>0,ORÇAMENTO.CustoUnitario>$AG786),AND(TIPOORCAMENTO=\"LICITADO\",ORÇAMENTO.PrecoUnitarioLicitado>$AN786)),\"ACIMA REF.\",\"\")))))","v":""},{"$f":"IF(C786<=CRONO.NivelExibicao,MAX($AD$15:OFFSET(AD786,-1,0))+IF($C786<>1,1,MAX(1,COUNTIF(QCI!$A$13:$A$32,OFFSET($E786,-1,0)))),\"\")","v":""},{"$f":"IF(AND($C786=\"S\",ORÇAMENTO.CodBarra<>\"\"),IF(ORÇAMENTO.Fonte=\"\",ORÇAMENTO.CodBarra,CONCATENATE(ORÇAMENTO.Fonte,\" \",ORÇAMENTO.CodBarra)))","v":"SINAPI 72947"},{"$f":"IF(ISERROR(INDIRECT(ORÇAMENTO.BancoRef)),\"(abra o arquivo 'Referência \"&Excel_BuiltIn_Database&\".xls)\",IF(OR($C786<>\"S\",ORÇAMENTO.CodBarra=\"\"),\"(Sem Código)\",IF(ISERROR(MATCH($AE786,INDIRECT(ORÇAMENTO.BancoRef),0)),\"(Código não identificado nas referências)\",MATCH($AE786,INDIRECT(ORÇAMENTO.BancoRef),0))))","v":"(abra o arquivo 'Referência 06-2023.xls)"},{"$f":"ROUND(IF(DESONERACAO=\"sim\",REFERENCIA.Desonerado,REFERENCIA.NaoDesonerado),2)","v":0},0.23530000000000001,null,6.05,null,null,127.47,21.07]
["S",2,"S",0,{"$f":"IF($C787=1,OFFSET(E787,-1,0)+MAX(1,COUNTIF(QCI!$A$13:$A$32,OFFSET(ORÇAMENTO!E787,-1,0))),OFFSET(E787,-1,0))","v":17},8,0,0,2,0,{"$f":"IF(OR($C787=\"S\",$C787=0),0,MATCH(OFFSET($D787,0,$C787)+IF($C787<>1,1,COUNTIF(QCI!$A$13:$A$32,ORÇAMENTO!E787)),OFFSET($D787,1,$C787,ROW($C$850)-ROW($C787)),0))","v":0},"F","Serviço","Serviço","17.8.2.","SINAPI","72947","SINALIZACAO HORIZONTAL COM TINTA RETRORREFLETIVA A BASE DE RESINA ACRILICA COM MICROESFERAS DE VIDRO - LINHA CONTÍNUA BRANCA","M2",{"$f":"OFFSET(CÁLCULO!H$15,ROW($T787)-ROW(T$15),0)","v":12.74},17.059999999999999,"BDI 1",{"$f":"IF($C787=\"S\",ROUND(IF(TIPOORCAMENTO=\"Proposto\",ORÇAMENTO.CustoUnitario*(1+$AH787),ORÇAMENTO.PrecoUnitarioLicitado),15-13*$AF$10),0)","v":21.07},268.43,"RA","RA",{"$f":"IF($C787=\"S\",IF($Z787=\"CP\",$X787,IF($Z787=\"RA\",(($X787)*QCI!$AA$3),0)),SomaAgrup)","v":268.43},0,{"$f":"IF($N787=\"\",\"\",IF(ORÇAMENTO.Descricao=\"\",\"DESCRIÇÃO\",IF(AND($C787=\"S\",ORÇAMENTO.Unidade=\"\"),\"UNIDADE\",IF($X787<0,\"VALOR NEGATIVO\",IF(OR(AND(TIPOORCAMENTO=\"Proposto\",$AG787<>\"\",$AG787>0,ORÇAMENTO.CustoUnitario>$AG787),AND(TIPOORCAMENTO=\"LICITADO\",ORÇAMENTO.PrecoUnitarioLicitado>$AN787)),\"ACIMA REF.\",\"\")))))","v":""},{"$f":"IF(C787<=CRONO.NivelExibicao,MAX($AD$15:OFFSET(AD787,-1,0))+IF($C787<>1,1,MAX(1,COUNTIF(QCI!$A$13:$A$32,OFFSET($E787,-1,0)))),\"\")","v":""},{"$f":"IF(AND($C787=\"S\",ORÇAMENTO.CodBarra<>\"\"),IF(ORÇAMENTO.Fonte=\"\",ORÇAMENTO.CodBarra,CONCATENATE(ORÇAMENTO.Fonte,\" \",ORÇAMENTO.CodBarra)))","v":"SINAPI 72947"},{"$f":"IF(ISERROR(INDIRECT(ORÇAMENTO.BancoRef)),\"(abra o arquivo 'Referência \"&Excel_BuiltIn_Database&\".xls)\",IF(OR($C787<>\"S\",ORÇAMENTO.CodBarra=\"\"),\"(Sem Código)\",IF(ISERROR(MATCH($AE787,INDIRECT(ORÇAMENTO.BancoRef),0)),\"(Código não identificado nas referências)\",MATCH($AE787,INDIRECT(ORÇAMENTO.BancoRef),0))))","v":"(abra o arquivo 'Referência 06-2023.xls)"},{"$f":"ROUND(IF(DESONERACAO=\"sim\",REFERENCIA.Desonerado,REFERENCIA.NaoDesonerado),2)","v":0},0.23530000000000001,null,12.74,null,null,268.43,21.07]
["S",2,"S",0,{"$f":"IF($C788=1,OFFSET(E788,-1,0)+MAX(1,COUNTIF(QCI!$A$13:$A$32,OFFSET(ORÇAMENTO!E788,-1,0))),OFFSET(E788,-1,0))","v":17},8,0,0,3,0,{"$f":"IF(OR($C788=\"S\",$C788=0),0,MATCH(OFFSET($D788,0,$C788)+IF($C788<>1,1,COUNTIF(QCI!$A$13:$A$32,ORÇAMENTO!E788)),OFFSET($D788,1,$C788,ROW($C$850)-ROW($C788)),0))","v":0},"F","Serviço","Serviço","17.8.3.","SINAPI","72947","SINALIZACAO HORIZONTAL COM TINTA RETRORREFLETIVA A BASE DE RESINA ACRILICA COM MICROESFERAS DE VIDRO - LINHA CONTÍNUA BRANCA","M2",{"$f":"OFFSET(CÁLCULO!H$15,ROW($T788)-ROW(T$15),0)","v":37.21},17.059999999999999,"BDI 1",{"$f":"IF($C788=\"S\",ROUND(IF(TIPOORCAMENTO=\"Proposto\",ORÇAMENTO.CustoUnitario*(1+$AH788),ORÇAMENTO.PrecoUnitarioLicitado),15-13*$AF$10),0)","v":21.07},784.01,"RA","RA",{"$f":"IF($C788=\"S\",IF($Z788=\"CP\",$X788,IF($Z788=\"RA\",(($X788)*QCI!$AA$3),0)),SomaAgrup)","v":784.01},0,{"$f":"IF($N788=\"\",\"\",IF(ORÇAMENTO.Descricao=\"\",\"DESCRIÇÃO\",IF(AND($C788=\"S\",ORÇAMENTO.Unidade=\"\"),\"UNIDADE\",IF($X788<0,\"VALOR NEGATIVO\",IF(OR(AND(TIPOORCAMENTO=\"Proposto\",$AG788<>\"\",$AG788>0,ORÇAMENTO.CustoUnitario>$AG788),AND(TIPOORCAMENTO=\"LICITADO\",ORÇAMENTO.PrecoUnitarioLicitado>$AN788)),\"ACIMA REF.\",\"\")))))","v":""},{"$f":"IF(C788<=CRONO.NivelExibicao,MAX($AD$15:OFFSET(AD788,-1,0))+IF($C788<>1,1,MAX(1,COUNTIF(QCI!$A$13:$A$32,OFFSET($E788,-1,0)))),\"\")","v":""},{"$f":"IF(AND($C788=\"S\",ORÇAMENTO.CodBarra<>\"\"),IF(ORÇAMENTO.Fonte=\"\",ORÇAMENTO.CodBarra,CONCATENATE(ORÇAMENTO.Fonte,\" \",ORÇAMENTO.CodBarra)))","v":"SINAPI 72947"},{"$f":"IF(ISERROR(INDIRECT(ORÇAMENTO.BancoRef)),\"(abra o arquivo 'Referência \"&Excel_BuiltIn_Database&\".xls)\",IF(OR($C788<>\"S\",ORÇAMENTO.CodBarra=\"\"),\"(Sem Código)\",IF(ISERROR(MATCH($AE788,INDIRECT(ORÇAMENTO.BancoRef),0)),\"(Código não identificado nas referências)\",MATCH($AE788,INDIRECT(ORÇAMENTO.BancoRef),0))))","v":"(abra o arquivo 'Referência 06-2023.xls)"},{"$f":"ROUND(IF(DESONERACAO=\"sim\",REFERENCIA.Desonerado,REFERENCIA.NaoDesonerado),2)","v":0},0.23530000000000001,null,37.21,null,null,784.01,21.07]
["S",2,"S",0,{"$f":"IF($C789=1,OFFSET(E789,-1,0)+MAX(1,COUNTIF(QCI!$A$13:$A$32,OFFSET(ORÇAMENTO!E789,-1,0))),OFFSET(E789,-1,0))","v":17},8,0,0,4,0,{"$f":"IF(OR($C789=\"S\",$C789=0),0,MATCH(OFFSET($D789,0,$C789)+IF($C789<>1,1,COUNTIF(QCI!$A$13:$A$32,ORÇAMENTO!E789)),OFFSET($D789,1,$C789,ROW($C$850)-ROW($C789)),0))","v":0},"F","Serviço","Serviço","17.8.4.","AMMOC","215","PLACA DE SINALIZACAO VIARIA OCTOGONAL A = 25 CM, COM SUPORTE DE AÇO GALVANIZADO D = 75 MM E ALTURA = 3 M, INCLUSIVE BASE DE CONCRETO MAGRO","UN ",{"$f":"OFFSET(CÁLCULO!H$15,ROW($T789)-ROW(T$15),0)","v":1},898.27,"BDI 1",{"$f":"IF($C789=\"S\",ROUND(IF(TIPOORCAMENTO=\"Proposto\",ORÇAMENTO.CustoUnitario*(1+$AH789),ORÇAMENTO.PrecoUnitarioLicitado),15-13*$AF$10),0)","v":1109.6300000000001},1109.6300000000001,"RA","RA",{"$f":"IF($C789=\"S\",IF($Z789=\"CP\",$X789,IF($Z789=\"RA\",(($X789)*QCI!$AA$3),0)),SomaAgrup)","v":1109.6300000000001},0,{"$f":"IF($N789=\"\",\"\",IF(ORÇAMENTO.Descricao=\"\",\"DESCRIÇÃO\",IF(AND($C789=\"S\",ORÇAMENTO.Unidade=\"\"),\"UNIDADE\",IF($X789<0,\"VALOR NEGATIVO\",IF(OR(AND(TIPOORCAMENTO=\"Proposto\",$AG789<>\"\",$AG789>0,ORÇAMENTO.CustoUnitario>$AG789),AND(TIPOORCAMENTO=\"LICITADO\",ORÇAMENTO.PrecoUnitarioLicitado>$AN789)),\"ACIMA REF.\",\"\")))))","v":""},{"$f":"IF(C789<=CRONO.NivelExibicao,MAX($AD$15:OFFSET(AD789,-1,0))+IF($C789<>1,1,MAX(1,COUNTIF(QCI!$A$13:$A$32,OFFSET($E789,-1,0)))),\"\")","v":""},{"$f":"IF(AND($C789=\"S\",ORÇAMENTO.CodBarra<>\"\"),IF(ORÇAMENTO.Fonte=\"\",ORÇAMENTO.CodBarra,CONCATENATE(ORÇAMENTO.Fonte,\" \",ORÇAMENTO.CodBarra)))","v":"AMMOC 215"},{"$f":"IF(ISERROR(INDIRECT(ORÇAMENTO.BancoRef)),\"(abra o arquivo 'Referência \"&Excel_BuiltIn_Database&\".xls)\",IF(OR($C789<>\"S\",ORÇAMENTO.CodBarra=\"\"),\"(Sem Código)\",IF(ISERROR(MATCH($AE789,INDIRECT(ORÇAMENTO.BancoRef),0)),\"(Código não identificado nas referências)\",MATCH($AE789,INDIRECT(ORÇAMENTO.BancoRef),0))))","v":"(abra o arquivo 'Referência 06-2023.xls)"},{"$f":"ROUND(IF(DESONERACAO=\"sim\",REFERENCIA.Desonerado,REFERENCIA.NaoDesonerado),2)","v":0},0.23530000000000001,null,1,null,null,1109.6300000000001,1109.6300000000001]
[{"$f":"CHOOSE(1+LOG(1+2*(ORÇAMENTO.Nivel=\"Meta\")+4*(ORÇAMENTO.Nivel=\"Nível 2\")+8*(ORÇAMENTO.Nivel=\"Nível 3\")+16*(ORÇAMENTO.Nivel=\"Nível 4\")+32*(ORÇAMENTO.Nivel=\"Serviço\"),2),0,1,2,3,4,\"S\")","v":1},{"$f":"IF(OR(C790=\"s\",C790=0),OFFSET(B790,-1,0),C790)","v":1},{"$f":"IF(OFFSET(C790,-1,0)=\"L\",1,IF(OFFSET(C790,-1,0)=1,2,IF(OR(A790=\"s\",A790=0),\"S\",IF(AND(OFFSET(C790,-1,0)=2,A790=4),3,IF(AND(OR(OFFSET(C790,-1,0)=\"s\",OFFSET(C790,-1,0)=0),A790<>\"s\",A790>OFFSET(B790,-1,0)),OFFSET(B790,-1,0),A790)))))","v":1},{"$f":"IF(OR(C790=\"S\",C790=0),0,IF(ISERROR(K790),J790,SMALL(J790:K790,1)))","v":60},{"$f":"IF($C790=1,OFFSET(E790,-1,0)+MAX(1,COUNTIF(QCI!$A$13:$A$32,OFFSET(ORÇAMENTO!E790,-1,0))),OFFSET(E790,-1,0))","v":18},{"$f":"IF($C790=1,0,IF($C790=2,OFFSET(F790,-1,0)+1,OFFSET(F790,-1,0)))","v":0},{"$f":"IF(AND($C790<=2,$C790<>0),0,IF($C790=3,OFFSET(G790,-1,0)+1,OFFSET(G790,-1,0)))","v":0},{"$f":"IF(AND($C790<=3,$C790<>0),0,IF($C790=4,OFFSET(H790,-1,0)+1,OFFSET(H790,-1,0)))","v":0},{"$f":"IF(AND($C790<=4,$C790<>0),0,IF(AND($C790=\"S\",$X790>0),OFFSET(I790,-1,0)+1,OFFSET(I790,-1,0)))","v":0},60,{"$f":"IF(OR($C790=\"S\",$C790=0),0,MATCH(OFFSET($D790,0,$C790)+IF($C790<>1,1,COUNTIF(QCI!$A$13:$A$32,ORÇAMENTO!E790)),OFFSET($D790,1,$C790,ROW($C$850)-ROW($C790)),0))","v":{"$error":"#N/A"}},{"$f":"IF(OR($X790>0,$C790=1,$C790=2,$C790=3,$C790=4),\"F\",\"\")","v":"F"},"Meta",{"$f":"CHOOSE(1+LOG(1+2*(C790=1)+4*(C790=2)+8*(C790=3)+16*(C790=4)+32*(C790=\"S\"),2),\"\",\"Meta\",\"Nível 2\",\"Nível 3\",\"Nível 4\",\"Serviço\")","v":"Meta"},{"$f":"IF(OR($C790=0,$L790=\"\"),\"-\",CONCATENATE(E790&\".\",IF(AND($A$5>=2,$C790>=2),F790&\".\",\"\"),IF(AND($A$5>=3,$C790>=3),G790&\".\",\"\"),IF(AND($A$5>=4,$C790>=4),H790&\".\",\"\"),IF($C790=\"S\",I790&\".\",\"\")))","v":"18."},"SINAPI",null,"ESTRADA MUNICIPAL  EUCLIDES PIVETA","-",{"$f":"OFFSET(CÁLCULO!H$15,ROW($T790)-ROW(T$15),0)","v":0},null,"BDI 1",{"$f":"IF($C790=\"S\",ROUND(IF(TIPOORCAMENTO=\"Proposto\",ORÇAMENTO.CustoUnitario*(1+$AH790),ORÇAMENTO.PrecoUnitarioLicitado),15-13*$AF$10),0)","v":0},{"$f":"IF($C790=\"S\",VTOTAL1,IF($C790=0,0,ROUND(SomaAgrup,15-13*$AF$11)))","v":838733.32},"RA",{"$f":"IF(AND($C790=\"S\",$X790>0),IF(ISBLANK($Y790),\"RA\",LEFT($Y790,2)),\"\")","v":""},{"$f":"IF($C790=\"S\",IF($Z790=\"CP\",$X790,IF($Z790=\"RA\",(($X790)*QCI!$AA$3),0)),SomaAgrup)","v":838733.32000000007},{"$f":"IF($C790=\"S\",IF($Z790=\"OU\",ROUND($X790,2),0),SomaAgrup)","v":0},{"$f":"IF($N790=\"\",\"\",IF(ORÇAMENTO.Descricao=\"\",\"DESCRIÇÃO\",IF(AND($C790=\"S\",ORÇAMENTO.Unidade=\"\"),\"UNIDADE\",IF($X790<0,\"VALOR NEGATIVO\",IF(OR(AND(TIPOORCAMENTO=\"Proposto\",$AG790<>\"\",$AG790>0,ORÇAMENTO.CustoUnitario>$AG790),AND(TIPOORCAMENTO=\"LICITADO\",ORÇAMENTO.PrecoUnitarioLicitado>$AN790)),\"ACIMA REF.\",\"\")))))","v":""},{"$f":"IF(C790<=CRONO.NivelExibicao,MAX($AD$15:OFFSET(AD790,-1,0))+IF($C790<>1,1,MAX(1,COUNTIF(QCI!$A$13:$A$32,OFFSET($E790,-1,0)))),\"\")","v":18},{"$f":"IF(AND($C790=\"S\",ORÇAMENTO.CodBarra<>\"\"),IF(ORÇAMENTO.Fonte=\"\",ORÇAMENTO.CodBarra,CONCATENATE(ORÇAMENTO.Fonte,\" \",ORÇAMENTO.CodBarra)))","v":false},{"$f":"IF(ISERROR(INDIRECT(ORÇAMENTO.BancoRef)),\"(abra o arquivo 'Referência \"&Excel_BuiltIn_Database&\".xls)\",IF(OR($C790<>\"S\",ORÇAMENTO.CodBarra=\"\"),\"(Sem Código)\",IF(ISERROR(MATCH($AE790,INDIRECT(ORÇAMENTO.BancoRef),0)),\"(Código não identificado nas referências)\",MATCH($AE790,INDIRECT(ORÇAMENTO.BancoRef),0))))","v":"(abra o arquivo 'Referência 06-2023.xls)"},{"$f":"ROUND(IF(DESONERACAO=\"sim\",REFERENCIA.Desonerado,REFERENCIA.NaoDesonerado),2)","v":0},{"$f":"ROUND(IF(ISNUMBER(ORÇAMENTO.OpcaoBDI),ORÇAMENTO.OpcaoBDI,IF(LEFT(ORÇAMENTO.OpcaoBDI,3)=\"BDI\",HLOOKUP(ORÇAMENTO.OpcaoBDI,$F$4:$H$5,2,FALSE),0)),15-11*$AF$9)","v":0.23530000000000001},null,null,null,null,{"$f":"$X790","v":838733.32},{"$f":"ROUND(ORÇAMENTO.CustoUnitario*(1+$AH790),2)","v":0}]
[2,2,2,3,{"$f":"IF($C791=1,OFFSET(E791,-1,0)+MAX(1,COUNTIF(QCI!$A$13:$A$32,OFFSET(ORÇAMENTO!E791,-1,0))),OFFSET(E791,-1,0))","v":18},1,0,0,0,59,{"$f":"IF(OR($C791=\"S\",$C791=0),0,MATCH(OFFSET($D791,0,$C791)+IF($C791<>1,1,COUNTIF(QCI!$A$13:$A$32,ORÇAMENTO!E791)),OFFSET($D791,1,$C791,ROW($C$850)-ROW($C791)),0))","v":3},"F","Nível 2","Nível 2","18.1.","SINAPI",null,"SERVIÇOS INICIAIS E EVENTUAIS","-",{"$f":"OFFSET(CÁLCULO!H$15,ROW($T791)-ROW(T$15),0)","v":0},null,"BDI 1",{"$f":"IF($C791=\"S\",ROUND(IF(TIPOORCAMENTO=\"Proposto\",ORÇAMENTO.CustoUnitario*(1+$AH791),ORÇAMENTO.PrecoUnitarioLicitado),15-13*$AF$10),0)","v":0},2387.4299999999998,"RA","",{"$f":"IF($C791=\"S\",IF($Z791=\"CP\",$X791,IF($Z791=\"RA\",(($X791)*QCI!$AA$3),0)),SomaAgrup)","v":2387.4299999999998},0,{"$f":"IF($N791=\"\",\"\",IF(ORÇAMENTO.Descricao=\"\",\"DESCRIÇÃO\",IF(AND($C791=\"S\",ORÇAMENTO.Unidade=\"\"),\"UNIDADE\",IF($X791<0,\"VALOR NEGATIVO\",IF(OR(AND(TIPOORCAMENTO=\"Proposto\",$AG791<>\"\",$AG791>0,ORÇAMENTO.CustoUnitario>$AG791),AND(TIPOORCAMENTO=\"LICITADO\",ORÇAMENTO.PrecoUnitarioLicitado>$AN791)),\"ACIMA REF.\",\"\")))))","v":""},{"$f":"IF(C791<=CRONO.NivelExibicao,MAX($AD$15:OFFSET(AD791,-1,0))+IF($C791<>1,1,MAX(1,COUNTIF(QCI!$A$13:$A$32,OFFSET($E791,-1,0)))),\"\")","v":""},{"$f":"IF(AND($C791=\"S\",ORÇAMENTO.CodBarra<>\"\"),IF(ORÇAMENTO.Fonte=\"\",ORÇAMENTO.CodBarra,CONCATENATE(ORÇAMENTO.Fonte,\" \",ORÇAMENTO.CodBarra)))","v":false},{"$f":"IF(ISERROR(INDIRECT(ORÇAMENTO.BancoRef)),\"(abra o arquivo 'Referência \"&Excel_BuiltIn_Database&\".xls)\",IF(OR($C791<>\"S\",ORÇAMENTO.CodBarra=\"\"),\"(Sem Código)\",IF(ISERROR(MATCH($AE791,INDIRECT(ORÇAMENTO.BancoRef),0)),\"(Código não identificado nas referências)\",MATCH($AE791,INDIRECT(ORÇAMENTO.BancoRef),0))))","v":"(abra o arquivo 'Referência 06-2023.xls)"},{"$f":"ROUND(IF(DESONERACAO=\"sim\",REFERENCIA.Desonerado,REFERENCIA.NaoDesonerado),2)","v":0},0.23530000000000001,null,null,null,null,2387.4299999999998,0]
["S",2,"S",0,{"$f":"IF($C792=1,OFFSET(E792,-1,0)+MAX(1,COUNTIF(QCI!$A$13:$A$32,OFFSET(ORÇAMENTO!E792,-1,0))),OFFSET(E792,-1,0))","v":18},1,0,0,1,0,{"$f":"IF(OR($C792=\"S\",$C792=0),0,MATCH(OFFSET($D792,0,$C792)+IF($C792<>1,1,COUNTIF(QCI!$A$13:$A$32,ORÇAMENTO!E792)),OFFSET($D792,1,$C792,ROW($C$850)-ROW($C792)),0))","v":0},"F","Serviço","Serviço","18.1.1.","AMMOC","PLOBRA","PLACA DE OBRA EM CHAPA GALVANIZADA *N. 22*, ADESIVADA","M2    ",{"$f":"OFFSET(CÁLCULO!H$15,ROW($T792)-ROW(T$15),0)","v":4.5},382.78,"BDI 1",{"$f":"IF($C792=\"S\",ROUND(IF(TIPOORCAMENTO=\"Proposto\",ORÇAMENTO.CustoUnitario*(1+$AH792),ORÇAMENTO.PrecoUnitarioLicitado),15-13*$AF$10),0)","v":472.85},2127.83,"RA","RA",{"$f":"IF($C792=\"S\",IF($Z792=\"CP\",$X792,IF($Z792=\"RA\",(($X792)*QCI!$AA$3),0)),SomaAgrup)","v":2127.83},0,{"$f":"IF($N792=\"\",\"\",IF(ORÇAMENTO.Descricao=\"\",\"DESCRIÇÃO\",IF(AND($C792=\"S\",ORÇAMENTO.Unidade=\"\"),\"UNIDADE\",IF($X792<0,\"VALOR NEGATIVO\",IF(OR(AND(TIPOORCAMENTO=\"Proposto\",$AG792<>\"\",$AG792>0,ORÇAMENTO.CustoUnitario>$AG792),AND(TIPOORCAMENTO=\"LICITADO\",ORÇAMENTO.PrecoUnitarioLicitado>$AN792)),\"ACIMA REF.\",\"\")))))","v":""},{"$f":"IF(C792<=CRONO.NivelExibicao,MAX($AD$15:OFFSET(AD792,-1,0))+IF($C792<>1,1,MAX(1,COUNTIF(QCI!$A$13:$A$32,OFFSET($E792,-1,0)))),\"\")","v":""},{"$f":"IF(AND($C792=\"S\",ORÇAMENTO.CodBarra<>\"\"),IF(ORÇAMENTO.Fonte=\"\",ORÇAMENTO.CodBarra,CONCATENATE(ORÇAMENTO.Fonte,\" \",ORÇAMENTO.CodBarra)))","v":"AMMOC PLOBRA"},{"$f":"IF(ISERROR(INDIRECT(ORÇAMENTO.BancoRef)),\"(abra o arquivo 'Referência \"&Excel_BuiltIn_Database&\".xls)\",IF(OR($C792<>\"S\",ORÇAMENTO.CodBarra=\"\"),\"(Sem Código)\",IF(ISERROR(MATCH($AE792,INDIRECT(ORÇAMENTO.BancoRef),0)),\"(Código não identificado nas referências)\",MATCH($AE792,INDIRECT(ORÇAMENTO.BancoRef),0))))","v":"(abra o arquivo 'Referência 06-2023.xls)"},{"$f":"ROUND(IF(DESONERACAO=\"sim\",REFERENCIA.Desonerado,REFERENCIA.NaoDesonerado),2)","v":0},0.23530000000000001,null,4.5,null,null,2127.83,472.85]
["S",2,"S",0,{"$f":"IF($C793=1,OFFSET(E793,-1,0)+MAX(1,COUNTIF(QCI!$A$13:$A$32,OFFSET(ORÇAMENTO!E793,-1,0))),OFFSET(E793,-1,0))","v":18},1,0,0,2,0,{"$f":"IF(OR($C793=\"S\",$C793=0),0,MATCH(OFFSET($D793,0,$C793)+IF($C793<>1,1,COUNTIF(QCI!$A$13:$A$32,ORÇAMENTO!E793)),OFFSET($D793,1,$C793,ROW($C$850)-ROW($C793)),0))","v":0},"F","Serviço","Serviço","18.1.2.","SINAPI","99064","LOCAÇÃO DE PAVIMENTAÇÃO","M",{"$f":"OFFSET(CÁLCULO!H$15,ROW($T793)-ROW(T$15),0)","v":440},0.48,"BDI 1",{"$f":"IF($C793=\"S\",ROUND(IF(TIPOORCAMENTO=\"Proposto\",ORÇAMENTO.CustoUnitario*(1+$AH793),ORÇAMENTO.PrecoUnitarioLicitado),15-13*$AF$10),0)","v":0.59},259.60000000000002,"RA","RA",{"$f":"IF($C793=\"S\",IF($Z793=\"CP\",$X793,IF($Z793=\"RA\",(($X793)*QCI!$AA$3),0)),SomaAgrup)","v":259.60000000000002},0,{"$f":"IF($N793=\"\",\"\",IF(ORÇAMENTO.Descricao=\"\",\"DESCRIÇÃO\",IF(AND($C793=\"S\",ORÇAMENTO.Unidade=\"\"),\"UNIDADE\",IF($X793<0,\"VALOR NEGATIVO\",IF(OR(AND(TIPOORCAMENTO=\"Proposto\",$AG793<>\"\",$AG793>0,ORÇAMENTO.CustoUnitario>$AG793),AND(TIPOORCAMENTO=\"LICITADO\",ORÇAMENTO.PrecoUnitarioLicitado>$AN793)),\"ACIMA REF.\",\"\")))))","v":""},{"$f":"IF(C793<=CRONO.NivelExibicao,MAX($AD$15:OFFSET(AD793,-1,0))+IF($C793<>1,1,MAX(1,COUNTIF(QCI!$A$13:$A$32,OFFSET($E793,-1,0)))),\"\")","v":""},{"$f":"IF(AND($C793=\"S\",ORÇAMENTO.CodBarra<>\"\"),IF(ORÇAMENTO.Fonte=\"\",ORÇAMENTO.CodBarra,CONCATENATE(ORÇAMENTO.Fonte,\" \",ORÇAMENTO.CodBarra)))","v":"SINAPI 99064"},{"$f":"IF(ISERROR(INDIRECT(ORÇAMENTO.BancoRef)),\"(abra o arquivo 'Referência \"&Excel_BuiltIn_Database&\".xls)\",IF(OR($C793<>\"S\",ORÇAMENTO.CodBarra=\"\"),\"(Sem Código)\",IF(ISERROR(MATCH($AE793,INDIRECT(ORÇAMENTO.BancoRef),0)),\"(Código não identificado nas referências)\",MATCH($AE793,INDIRECT(ORÇAMENTO.BancoRef),0))))","v":"(abra o arquivo 'Referência 06-2023.xls)"},{"$f":"ROUND(IF(DESONERACAO=\"sim\",REFERENCIA.Desonerado,REFERENCIA.NaoDesonerado),2)","v":0},0.23530000000000001,null,440,null,null,259.60000000000002,0.59]
[2,2,2,2,{"$f":"IF($C794=1,OFFSET(E794,-1,0)+MAX(1,COUNTIF(QCI!$A$13:$A$32,OFFSET(ORÇAMENTO!E794,-1,0))),OFFSET(E794,-1,0))","v":18},2,0,0,0,56,{"$f":"IF(OR($C794=\"S\",$C794=0),0,MATCH(OFFSET($D794,0,$C794)+IF($C794<>1,1,COUNTIF(QCI!$A$13:$A$32,ORÇAMENTO!E794)),OFFSET($D794,1,$C794,ROW($C$850)-ROW($C794)),0))","v":2},"F","Nível 2","Nível 2","18.2.","SINAPI",null,"SINALIZAÇÃO E SEGURANÇA","-",{"$f":"OFFSET(CÁLCULO!H$15,ROW($T794)-ROW(T$15),0)","v":0},0,"BDI 1",{"$f":"IF($C794=\"S\",ROUND(IF(TIPOORCAMENTO=\"Proposto\",ORÇAMENTO.CustoUnitario*(1+$AH794),ORÇAMENTO.PrecoUnitarioLicitado),15-13*$AF$10),0)","v":0},1136.52,"RA","",{"$f":"IF($C794=\"S\",IF($Z794=\"CP\",$X794,IF($Z794=\"RA\",(($X794)*QCI!$AA$3),0)),SomaAgrup)","v":1136.52},0,{"$f":"IF($N794=\"\",\"\",IF(ORÇAMENTO.Descricao=\"\",\"DESCRIÇÃO\",IF(AND($C794=\"S\",ORÇAMENTO.Unidade=\"\"),\"UNIDADE\",IF($X794<0,\"VALOR NEGATIVO\",IF(OR(AND(TIPOORCAMENTO=\"Proposto\",$AG794<>\"\",$AG794>0,ORÇAMENTO.CustoUnitario>$AG794),AND(TIPOORCAMENTO=\"LICITADO\",ORÇAMENTO.PrecoUnitarioLicitado>$AN794)),\"ACIMA REF.\",\"\")))))","v":""},{"$f":"IF(C794<=CRONO.NivelExibicao,MAX($AD$15:OFFSET(AD794,-1,0))+IF($C794<>1,1,MAX(1,COUNTIF(QCI!$A$13:$A$32,OFFSET($E794,-1,0)))),\"\")","v":""},{"$f":"IF(AND($C794=\"S\",ORÇAMENTO.CodBarra<>\"\"),IF(ORÇAMENTO.Fonte=\"\",ORÇAMENTO.CodBarra,CONCATENATE(ORÇAMENTO.Fonte,\" \",ORÇAMENTO.CodBarra)))","v":false},{"$f":"IF(ISERROR(INDIRECT(ORÇAMENTO.BancoRef)),\"(abra o arquivo 'Referência \"&Excel_BuiltIn_Database&\".xls)\",IF(OR($C794<>\"S\",ORÇAMENTO.CodBarra=\"\"),\"(Sem Código)\",IF(ISERROR(MATCH($AE794,INDIRECT(ORÇAMENTO.BancoRef),0)),\"(Código não identificado nas referências)\",MATCH($AE794,INDIRECT(ORÇAMENTO.BancoRef),0))))","v":"(abra o arquivo 'Referência 06-2023.xls)"},{"$f":"ROUND(IF(DESONERACAO=\"sim\",REFERENCIA.Desonerado,REFERENCIA.NaoDesonerado),2)","v":0},0.23530000000000001,null,null,null,null,1136.52,0]
["S",2,"S",0,{"$f":"IF($C795=1,OFFSET(E795,-1,0)+MAX(1,COUNTIF(QCI!$A$13:$A$32,OFFSET(ORÇAMENTO!E795,-1,0))),OFFSET(E795,-1,0))","v":18},2,0,0,1,0,{"$f":"IF(OR($C795=\"S\",$C795=0),0,MATCH(OFFSET($D795,0,$C795)+IF($C795<>1,1,COUNTIF(QCI!$A$13:$A$32,ORÇAMENTO!E795)),OFFSET($D795,1,$C795,ROW($C$850)-ROW($C795)),0))","v":0},"F","Serviço","Serviço","18.2.1.","AMMOC","SIN","SINALIZAÇÃO COM FITA FIXADA EM CONE PLÁSTICO, INCLUINDO CONE","M",{"$f":"OFFSET(CÁLCULO!H$15,ROW($T795)-ROW(T$15),0)","v":66},13.94,"BDI 1",{"$f":"IF($C795=\"S\",ROUND(IF(TIPOORCAMENTO=\"Proposto\",ORÇAMENTO.CustoUnitario*(1+$AH795),ORÇAMENTO.PrecoUnitarioLicitado),15-13*$AF$10),0)","v":17.22},1136.52,"RA","RA",{"$f":"IF($C795=\"S\",IF($Z795=\"CP\",$X795,IF($Z795=\"RA\",(($X795)*QCI!$AA$3),0)),SomaAgrup)","v":1136.52},0,{"$f":"IF($N795=\"\",\"\",IF(ORÇAMENTO.Descricao=\"\",\"DESCRIÇÃO\",IF(AND($C795=\"S\",ORÇAMENTO.Unidade=\"\"),\"UNIDADE\",IF($X795<0,\"VALOR NEGATIVO\",IF(OR(AND(TIPOORCAMENTO=\"Proposto\",$AG795<>\"\",$AG795>0,ORÇAMENTO.CustoUnitario>$AG795),AND(TIPOORCAMENTO=\"LICITADO\",ORÇAMENTO.PrecoUnitarioLicitado>$AN795)),\"ACIMA REF.\",\"\")))))","v":""},{"$f":"IF(C795<=CRONO.NivelExibicao,MAX($AD$15:OFFSET(AD795,-1,0))+IF($C795<>1,1,MAX(1,COUNTIF(QCI!$A$13:$A$32,OFFSET($E795,-1,0)))),\"\")","v":""},{"$f":"IF(AND($C795=\"S\",ORÇAMENTO.CodBarra<>\"\"),IF(ORÇAMENTO.Fonte=\"\",ORÇAMENTO.CodBarra,CONCATENATE(ORÇAMENTO.Fonte,\" \",ORÇAMENTO.CodBarra)))","v":"AMMOC SIN"},{"$f":"IF(ISERROR(INDIRECT(ORÇAMENTO.BancoRef)),\"(abra o arquivo 'Referência \"&Excel_BuiltIn_Database&\".xls)\",IF(OR($C795<>\"S\",ORÇAMENTO.CodBarra=\"\"),\"(Sem Código)\",IF(ISERROR(MATCH($AE795,INDIRECT(ORÇAMENTO.BancoRef),0)),\"(Código não identificado nas referências)\",MATCH($AE795,INDIRECT(ORÇAMENTO.BancoRef),0))))","v":"(abra o arquivo 'Referência 06-2023.xls)"},{"$f":"ROUND(IF(DESONERACAO=\"sim\",REFERENCIA.Desonerado,REFERENCIA.NaoDesonerado),2)","v":0},0.23530000000000001,null,{"$f":"AJ793*0.15","v":66},null,null,1136.52,17.22]
[2,2,2,3,{"$f":"IF($C796=1,OFFSET(E796,-1,0)+MAX(1,COUNTIF(QCI!$A$13:$A$32,OFFSET(ORÇAMENTO!E796,-1,0))),OFFSET(E796,-1,0))","v":18},3,0,0,0,54,{"$f":"IF(OR($C796=\"S\",$C796=0),0,MATCH(OFFSET($D796,0,$C796)+IF($C796<>1,1,COUNTIF(QCI!$A$13:$A$32,ORÇAMENTO!E796)),OFFSET($D796,1,$C796,ROW($C$850)-ROW($C796)),0))","v":3},"F","Nível 2","Nível 2","18.3.","SINAPI",null,"DEMOLIÇÕES E REMOÇÕES, REPOSIÇÕES E COMPLEMENTOS","-",{"$f":"OFFSET(CÁLCULO!H$15,ROW($T796)-ROW(T$15),0)","v":0},0,"BDI 1",{"$f":"IF($C796=\"S\",ROUND(IF(TIPOORCAMENTO=\"Proposto\",ORÇAMENTO.CustoUnitario*(1+$AH796),ORÇAMENTO.PrecoUnitarioLicitado),15-13*$AF$10),0)","v":0},933.21,"RA","",{"$f":"IF($C796=\"S\",IF($Z796=\"CP\",$X796,IF($Z796=\"RA\",(($X796)*QCI!$AA$3),0)),SomaAgrup)","v":933.21},0,{"$f":"IF($N796=\"\",\"\",IF(ORÇAMENTO.Descricao=\"\",\"DESCRIÇÃO\",IF(AND($C796=\"S\",ORÇAMENTO.Unidade=\"\"),\"UNIDADE\",IF($X796<0,\"VALOR NEGATIVO\",IF(OR(AND(TIPOORCAMENTO=\"Proposto\",$AG796<>\"\",$AG796>0,ORÇAMENTO.CustoUnitario>$AG796),AND(TIPOORCAMENTO=\"LICITADO\",ORÇAMENTO.PrecoUnitarioLicitado>$AN796)),\"ACIMA REF.\",\"\")))))","v":""},{"$f":"IF(C796<=CRONO.NivelExibicao,MAX($AD$15:OFFSET(AD796,-1,0))+IF($C796<>1,1,MAX(1,COUNTIF(QCI!$A$13:$A$32,OFFSET($E796,-1,0)))),\"\")","v":""},{"$f":"IF(AND($C796=\"S\",ORÇAMENTO.CodBarra<>\"\"),IF(ORÇAMENTO.Fonte=\"\",ORÇAMENTO.CodBarra,CONCATENATE(ORÇAMENTO.Fonte,\" \",ORÇAMENTO.CodBarra)))","v":false},{"$f":"IF(ISERROR(INDIRECT(ORÇAMENTO.BancoRef)),\"(abra o arquivo 'Referência \"&Excel_BuiltIn_Database&\".xls)\",IF(OR($C796<>\"S\",ORÇAMENTO.CodBarra=\"\"),\"(Sem Código)\",IF(ISERROR(MATCH($AE796,INDIRECT(ORÇAMENTO.BancoRef),0)),\"(Código não identificado nas referências)\",MATCH($AE796,INDIRECT(ORÇAMENTO.BancoRef),0))))","v":"(abra o arquivo 'Referência 06-2023.xls)"},{"$f":"ROUND(IF(DESONERACAO=\"sim\",REFERENCIA.Desonerado,REFERENCIA.NaoDesonerado),2)","v":0},0.23530000000000001,null,null,null,null,933.21,0]
["S",2,"S",0,{"$f":"IF($C797=1,OFFSET(E797,-1,0)+MAX(1,COUNTIF(QCI!$A$13:$A$32,OFFSET(ORÇAMENTO!E797,-1,0))),OFFSET(E797,-1,0))","v":18},3,0,0,0,0,{"$f":"IF(OR($C797=\"S\",$C797=0),0,MATCH(OFFSET($D797,0,$C797)+IF($C797<>1,1,COUNTIF(QCI!$A$13:$A$32,ORÇAMENTO!E797)),OFFSET($D797,1,$C797,ROW($C$850)-ROW($C797)),0))","v":0},"","Serviço","Serviço","-","SINAPI","97636","DEMOLIÇÃO PARCIAL DE PAVIMENTO ASFÁLTICO, DE FORMA MECANIZADA, SEM REAPROVEITAMENTO. AF_12/2017","M2",{"$f":"OFFSET(CÁLCULO!H$15,ROW($T797)-ROW(T$15),0)","v":25.9},null,"BDI 1",{"$f":"IF($C797=\"S\",ROUND(IF(TIPOORCAMENTO=\"Proposto\",ORÇAMENTO.CustoUnitario*(1+$AH797),ORÇAMENTO.PrecoUnitarioLicitado),15-13*$AF$10),0)","v":0},0,"RA","",{"$f":"IF($C797=\"S\",IF($Z797=\"CP\",$X797,IF($Z797=\"RA\",(($X797)*QCI!$AA$3),0)),SomaAgrup)","v":0},0,{"$f":"IF($N797=\"\",\"\",IF(ORÇAMENTO.Descricao=\"\",\"DESCRIÇÃO\",IF(AND($C797=\"S\",ORÇAMENTO.Unidade=\"\"),\"UNIDADE\",IF($X797<0,\"VALOR NEGATIVO\",IF(OR(AND(TIPOORCAMENTO=\"Proposto\",$AG797<>\"\",$AG797>0,ORÇAMENTO.CustoUnitario>$AG797),AND(TIPOORCAMENTO=\"LICITADO\",ORÇAMENTO.PrecoUnitarioLicitado>$AN797)),\"ACIMA REF.\",\"\")))))","v":""},{"$f":"IF(C797<=CRONO.NivelExibicao,MAX($AD$15:OFFSET(AD797,-1,0))+IF($C797<>1,1,MAX(1,COUNTIF(QCI!$A$13:$A$32,OFFSET($E797,-1,0)))),\"\")","v":""},{"$f":"IF(AND($C797=\"S\",ORÇAMENTO.CodBarra<>\"\"),IF(ORÇAMENTO.Fonte=\"\",ORÇAMENTO.CodBarra,CONCATENATE(ORÇAMENTO.Fonte,\" \",ORÇAMENTO.CodBarra)))","v":"SINAPI 97636"},{"$f":"IF(ISERROR(INDIRECT(ORÇAMENTO.BancoRef)),\"(abra o arquivo 'Referência \"&Excel_BuiltIn_Database&\".xls)\",IF(OR($C797<>\"S\",ORÇAMENTO.CodBarra=\"\"),\"(Sem Código)\",IF(ISERROR(MATCH($AE797,INDIRECT(ORÇAMENTO.BancoRef),0)),\"(Código não identificado nas referências)\",MATCH($AE797,INDIRECT(ORÇAMENTO.BancoRef),0))))","v":"(abra o arquivo 'Referência 06-2023.xls)"},{"$f":"ROUND(IF(DESONERACAO=\"sim\",REFERENCIA.Desonerado,REFERENCIA.NaoDesonerado),2)","v":0},0.23530000000000001,null,{"$f":"7*3.7","v":25.900000000000002},null,null,0,0]
["S",2,"S",0,{"$f":"IF($C798=1,OFFSET(E798,-1,0)+MAX(1,COUNTIF(QCI!$A$13:$A$32,OFFSET(ORÇAMENTO!E798,-1,0))),OFFSET(E798,-1,0))","v":18},3,0,0,1,0,{"$f":"IF(OR($C798=\"S\",$C798=0),0,MATCH(OFFSET($D798,0,$C798)+IF($C798<>1,1,COUNTIF(QCI!$A$13:$A$32,ORÇAMENTO!E798)),OFFSET($D798,1,$C798,ROW($C$850)-ROW($C798)),0))","v":0},"F","Serviço","Serviço","18.3.1.","SINAPI","98525","LIMPEZA MECANIZADA DE CAMADA VEGETAL, VEGETAÇÃO E PEQUENAS ÁRVORES (DIÂMETRO DE TRONCO MENOR QUE 0,20 M), COM TRATOR DE ESTEIRAS.AF_05/2018","M2",{"$f":"OFFSET(CÁLCULO!H$15,ROW($T798)-ROW(T$15),0)","v":1829.82},0.41,"BDI 1",{"$f":"IF($C798=\"S\",ROUND(IF(TIPOORCAMENTO=\"Proposto\",ORÇAMENTO.CustoUnitario*(1+$AH798),ORÇAMENTO.PrecoUnitarioLicitado),15-13*$AF$10),0)","v":0.51},933.21,"RA","RA",{"$f":"IF($C798=\"S\",IF($Z798=\"CP\",$X798,IF($Z798=\"RA\",(($X798)*QCI!$AA$3),0)),SomaAgrup)","v":933.21},0,{"$f":"IF($N798=\"\",\"\",IF(ORÇAMENTO.Descricao=\"\",\"DESCRIÇÃO\",IF(AND($C798=\"S\",ORÇAMENTO.Unidade=\"\"),\"UNIDADE\",IF($X798<0,\"VALOR NEGATIVO\",IF(OR(AND(TIPOORCAMENTO=\"Proposto\",$AG798<>\"\",$AG798>0,ORÇAMENTO.CustoUnitario>$AG798),AND(TIPOORCAMENTO=\"LICITADO\",ORÇAMENTO.PrecoUnitarioLicitado>$AN798)),\"ACIMA REF.\",\"\")))))","v":""},{"$f":"IF(C798<=CRONO.NivelExibicao,MAX($AD$15:OFFSET(AD798,-1,0))+IF($C798<>1,1,MAX(1,COUNTIF(QCI!$A$13:$A$32,OFFSET($E798,-1,0)))),\"\")","v":""},{"$f":"IF(AND($C798=\"S\",ORÇAMENTO.CodBarra<>\"\"),IF(ORÇAMENTO.Fonte=\"\",ORÇAMENTO.CodBarra,CONCATENATE(ORÇAMENTO.Fonte,\" \",ORÇAMENTO.CodBarra)))","v":"SINAPI 98525"},{"$f":"IF(ISERROR(INDIRECT(ORÇAMENTO.BancoRef)),\"(abra o arquivo 'Referência \"&Excel_BuiltIn_Database&\".xls)\",IF(OR($C798<>\"S\",ORÇAMENTO.CodBarra=\"\"),\"(Sem Código)\",IF(ISERROR(MATCH($AE798,INDIRECT(ORÇAMENTO.BancoRef),0)),\"(Código não identificado nas referências)\",MATCH($AE798,INDIRECT(ORÇAMENTO.BancoRef),0))))","v":"(abra o arquivo 'Referência 06-2023.xls)"},{"$f":"ROUND(IF(DESONERACAO=\"sim\",REFERENCIA.Desonerado,REFERENCIA.NaoDesonerado),2)","v":0},0.23530000000000001,null,1829.82,null,null,933.21,0.51]
[2,2,2,6,{"$f":"IF($C799=1,OFFSET(E799,-1,0)+MAX(1,COUNTIF(QCI!$A$13:$A$32,OFFSET(ORÇAMENTO!E799,-1,0))),OFFSET(E799,-1,0))","v":18},4,0,0,0,51,{"$f":"IF(OR($C799=\"S\",$C799=0),0,MATCH(OFFSET($D799,0,$C799)+IF($C799<>1,1,COUNTIF(QCI!$A$13:$A$32,ORÇAMENTO!E799)),OFFSET($D799,1,$C799,ROW($C$850)-ROW($C799)),0))","v":6},"F","Nível 2","Nível 2","18.4.","SINAPI",null,"ESCAVAÇÕES E MOVIMENTAÇÕES DE TERRA","-",{"$f":"OFFSET(CÁLCULO!H$15,ROW($T799)-ROW(T$15),0)","v":0},0,"BDI 1",{"$f":"IF($C799=\"S\",ROUND(IF(TIPOORCAMENTO=\"Proposto\",ORÇAMENTO.CustoUnitario*(1+$AH799),ORÇAMENTO.PrecoUnitarioLicitado),15-13*$AF$10),0)","v":0},49200.78,"RA","",{"$f":"IF($C799=\"S\",IF($Z799=\"CP\",$X799,IF($Z799=\"RA\",(($X799)*QCI!$AA$3),0)),SomaAgrup)","v":49200.78},0,{"$f":"IF($N799=\"\",\"\",IF(ORÇAMENTO.Descricao=\"\",\"DESCRIÇÃO\",IF(AND($C799=\"S\",ORÇAMENTO.Unidade=\"\"),\"UNIDADE\",IF($X799<0,\"VALOR NEGATIVO\",IF(OR(AND(TIPOORCAMENTO=\"Proposto\",$AG799<>\"\",$AG799>0,ORÇAMENTO.CustoUnitario>$AG799),AND(TIPOORCAMENTO=\"LICITADO\",ORÇAMENTO.PrecoUnitarioLicitado>$AN799)),\"ACIMA REF.\",\"\")))))","v":""},{"$f":"IF(C799<=CRONO.NivelExibicao,MAX($AD$15:OFFSET(AD799,-1,0))+IF($C799<>1,1,MAX(1,COUNTIF(QCI!$A$13:$A$32,OFFSET($E799,-1,0)))),\"\")","v":""},{"$f":"IF(AND($C799=\"S\",ORÇAMENTO.CodBarra<>\"\"),IF(ORÇAMENTO.Fonte=\"\",ORÇAMENTO.CodBarra,CONCATENATE(ORÇAMENTO.Fonte,\" \",ORÇAMENTO.CodBarra)))","v":false},{"$f":"IF(ISERROR(INDIRECT(ORÇAMENTO.BancoRef)),\"(abra o arquivo 'Referência \"&Excel_BuiltIn_Database&\".xls)\",IF(OR($C799<>\"S\",ORÇAMENTO.CodBarra=\"\"),\"(Sem Código)\",IF(ISERROR(MATCH($AE799,INDIRECT(ORÇAMENTO.BancoRef),0)),\"(Código não identificado nas referências)\",MATCH($AE799,INDIRECT(ORÇAMENTO.BancoRef),0))))","v":"(abra o arquivo 'Referência 06-2023.xls)"},{"$f":"ROUND(IF(DESONERACAO=\"sim\",REFERENCIA.Desonerado,REFERENCIA.NaoDesonerado),2)","v":0},0.23530000000000001,null,null,null,null,49200.78,0]
["S",2,"S",0,{"$f":"IF($C800=1,OFFSET(E800,-1,0)+MAX(1,COUNTIF(QCI!$A$13:$A$32,OFFSET(ORÇAMENTO!E800,-1,0))),OFFSET(E800,-1,0))","v":18},4,0,0,1,0,{"$f":"IF(OR($C800=\"S\",$C800=0),0,MATCH(OFFSET($D800,0,$C800)+IF($C800<>1,1,COUNTIF(QCI!$A$13:$A$32,ORÇAMENTO!E800)),OFFSET($D800,1,$C800,ROW($C$850)-ROW($C800)),0))","v":0},"F","Serviço","Serviço","18.4.1.","SINAPI",101114,"ESCAVAÇÃO  EM SOLO DE 1A CATEGORIA COM TRATOR DE ESTEIRAS E ESCAVADEIRA HIDRAULICA ","M3",{"$f":"OFFSET(CÁLCULO!H$15,ROW($T800)-ROW(T$15),0)","v":1539.7},4.2699999999999996,"BDI 1",{"$f":"IF($C800=\"S\",ROUND(IF(TIPOORCAMENTO=\"Proposto\",ORÇAMENTO.CustoUnitario*(1+$AH800),ORÇAMENTO.PrecoUnitarioLicitado),15-13*$AF$10),0)","v":5.27},8114.22,"RA","RA",{"$f":"IF($C800=\"S\",IF($Z800=\"CP\",$X800,IF($Z800=\"RA\",(($X800)*QCI!$AA$3),0)),SomaAgrup)","v":8114.22},0,{"$f":"IF($N800=\"\",\"\",IF(ORÇAMENTO.Descricao=\"\",\"DESCRIÇÃO\",IF(AND($C800=\"S\",ORÇAMENTO.Unidade=\"\"),\"UNIDADE\",IF($X800<0,\"VALOR NEGATIVO\",IF(OR(AND(TIPOORCAMENTO=\"Proposto\",$AG800<>\"\",$AG800>0,ORÇAMENTO.CustoUnitario>$AG800),AND(TIPOORCAMENTO=\"LICITADO\",ORÇAMENTO.PrecoUnitarioLicitado>$AN800)),\"ACIMA REF.\",\"\")))))","v":""},{"$f":"IF(C800<=CRONO.NivelExibicao,MAX($AD$15:OFFSET(AD800,-1,0))+IF($C800<>1,1,MAX(1,COUNTIF(QCI!$A$13:$A$32,OFFSET($E800,-1,0)))),\"\")","v":""},{"$f":"IF(AND($C800=\"S\",ORÇAMENTO.CodBarra<>\"\"),IF(ORÇAMENTO.Fonte=\"\",ORÇAMENTO.CodBarra,CONCATENATE(ORÇAMENTO.Fonte,\" \",ORÇAMENTO.CodBarra)))","v":"SINAPI 101114"},{"$f":"IF(ISERROR(INDIRECT(ORÇAMENTO.BancoRef)),\"(abra o arquivo 'Referência \"&Excel_BuiltIn_Database&\".xls)\",IF(OR($C800<>\"S\",ORÇAMENTO.CodBarra=\"\"),\"(Sem Código)\",IF(ISERROR(MATCH($AE800,INDIRECT(ORÇAMENTO.BancoRef),0)),\"(Código não identificado nas referências)\",MATCH($AE800,INDIRECT(ORÇAMENTO.BancoRef),0))))","v":"(abra o arquivo 'Referência 06-2023.xls)"},{"$f":"ROUND(IF(DESONERACAO=\"sim\",REFERENCIA.Desonerado,REFERENCIA.NaoDesonerado),2)","v":0},0.23530000000000001,null,1539.7,null,null,8114.22,5.27]
["S",2,"S",0,{"$f":"IF($C801=1,OFFSET(E801,-1,0)+MAX(1,COUNTIF(QCI!$A$13:$A$32,OFFSET(ORÇAMENTO!E801,-1,0))),OFFSET(E801,-1,0))","v":18},4,0,0,2,0,{"$f":"IF(OR($C801=\"S\",$C801=0),0,MATCH(OFFSET($D801,0,$C801)+IF($C801<>1,1,COUNTIF(QCI!$A$13:$A$32,ORÇAMENTO!E801)),OFFSET($D801,1,$C801,ROW($C$850)-ROW($C801)),0))","v":0},"F","Serviço","Serviço","18.4.2.","SINAPI","96385","EXECUÇÃO E COMPACTAÇÃO DE ATERRO COM SOLO PREDOMINANTEMENTE ARGILOSO - EXCLUSIVE SOLO, ESCAVAÇÃO, CARGA E TRANSPORTE. AF_11/2019","M3",{"$f":"OFFSET(CÁLCULO!H$15,ROW($T801)-ROW(T$15),0)","v":1228.6400000000001},11.05,"BDI 1",{"$f":"IF($C801=\"S\",ROUND(IF(TIPOORCAMENTO=\"Proposto\",ORÇAMENTO.CustoUnitario*(1+$AH801),ORÇAMENTO.PrecoUnitarioLicitado),15-13*$AF$10),0)","v":13.65},16770.939999999999,"RA","RA",{"$f":"IF($C801=\"S\",IF($Z801=\"CP\",$X801,IF($Z801=\"RA\",(($X801)*QCI!$AA$3),0)),SomaAgrup)","v":16770.939999999999},0,{"$f":"IF($N801=\"\",\"\",IF(ORÇAMENTO.Descricao=\"\",\"DESCRIÇÃO\",IF(AND($C801=\"S\",ORÇAMENTO.Unidade=\"\"),\"UNIDADE\",IF($X801<0,\"VALOR NEGATIVO\",IF(OR(AND(TIPOORCAMENTO=\"Proposto\",$AG801<>\"\",$AG801>0,ORÇAMENTO.CustoUnitario>$AG801),AND(TIPOORCAMENTO=\"LICITADO\",ORÇAMENTO.PrecoUnitarioLicitado>$AN801)),\"ACIMA REF.\",\"\")))))","v":""},{"$f":"IF(C801<=CRONO.NivelExibicao,MAX($AD$15:OFFSET(AD801,-1,0))+IF($C801<>1,1,MAX(1,COUNTIF(QCI!$A$13:$A$32,OFFSET($E801,-1,0)))),\"\")","v":""},{"$f":"IF(AND($C801=\"S\",ORÇAMENTO.CodBarra<>\"\"),IF(ORÇAMENTO.Fonte=\"\",ORÇAMENTO.CodBarra,CONCATENATE(ORÇAMENTO.Fonte,\" \",ORÇAMENTO.CodBarra)))","v":"SINAPI 96385"},{"$f":"IF(ISERROR(INDIRECT(ORÇAMENTO.BancoRef)),\"(abra o arquivo 'Referência \"&Excel_BuiltIn_Database&\".xls)\",IF(OR($C801<>\"S\",ORÇAMENTO.CodBarra=\"\"),\"(Sem Código)\",IF(ISERROR(MATCH($AE801,INDIRECT(ORÇAMENTO.BancoRef),0)),\"(Código não identificado nas referências)\",MATCH($AE801,INDIRECT(ORÇAMENTO.BancoRef),0))))","v":"(abra o arquivo 'Referência 06-2023.xls)"},{"$f":"ROUND(IF(DESONERACAO=\"sim\",REFERENCIA.Desonerado,REFERENCIA.NaoDesonerado),2)","v":0},0.23530000000000001,null,1228.6400000000001,null,null,16770.939999999999,13.65]
["S",2,"S",0,{"$f":"IF($C802=1,OFFSET(E802,-1,0)+MAX(1,COUNTIF(QCI!$A$13:$A$32,OFFSET(ORÇAMENTO!E802,-1,0))),OFFSET(E802,-1,0))","v":18},4,0,0,3,0,{"$f":"IF(OR($C802=\"S\",$C802=0),0,MATCH(OFFSET($D802,0,$C802)+IF($C802<>1,1,COUNTIF(QCI!$A$13:$A$32,ORÇAMENTO!E802)),OFFSET($D802,1,$C802,ROW($C$850)-ROW($C802)),0))","v":0},"F","Serviço","Serviço","18.4.3.","SINAPI","102314","ESCAVAÇÃO MECANIZADA DE VALA COM PROF. ATÉ 1,5 M (MÉDIA MONTANTE E JUSANTE/UMA COMPOSIÇÃO POR TRECHO),COM ESCAVADEIRA (0,8 M3), LARG. MENOR QUE 1,5 M, EM SOLO DE 2A CATEGORIA, LOCAIS COM BAIXO NÍVEL DE INTERFERÊNCIA","M3",{"$f":"OFFSET(CÁLCULO!H$15,ROW($T802)-ROW(T$15),0)","v":182.78},8.34,"BDI 1",{"$f":"IF($C802=\"S\",ROUND(IF(TIPOORCAMENTO=\"Proposto\",ORÇAMENTO.CustoUnitario*(1+$AH802),ORÇAMENTO.PrecoUnitarioLicitado),15-13*$AF$10),0)","v":10.3},1882.63,"RA","RA",{"$f":"IF($C802=\"S\",IF($Z802=\"CP\",$X802,IF($Z802=\"RA\",(($X802)*QCI!$AA$3),0)),SomaAgrup)","v":1882.63},0,{"$f":"IF($N802=\"\",\"\",IF(ORÇAMENTO.Descricao=\"\",\"DESCRIÇÃO\",IF(AND($C802=\"S\",ORÇAMENTO.Unidade=\"\"),\"UNIDADE\",IF($X802<0,\"VALOR NEGATIVO\",IF(OR(AND(TIPOORCAMENTO=\"Proposto\",$AG802<>\"\",$AG802>0,ORÇAMENTO.CustoUnitario>$AG802),AND(TIPOORCAMENTO=\"LICITADO\",ORÇAMENTO.PrecoUnitarioLicitado>$AN802)),\"ACIMA REF.\",\"\")))))","v":""},{"$f":"IF(C802<=CRONO.NivelExibicao,MAX($AD$15:OFFSET(AD802,-1,0))+IF($C802<>1,1,MAX(1,COUNTIF(QCI!$A$13:$A$32,OFFSET($E802,-1,0)))),\"\")","v":""},{"$f":"IF(AND($C802=\"S\",ORÇAMENTO.CodBarra<>\"\"),IF(ORÇAMENTO.Fonte=\"\",ORÇAMENTO.CodBarra,CONCATENATE(ORÇAMENTO.Fonte,\" \",ORÇAMENTO.CodBarra)))","v":"SINAPI 102314"},{"$f":"IF(ISERROR(INDIRECT(ORÇAMENTO.BancoRef)),\"(abra o arquivo 'Referência \"&Excel_BuiltIn_Database&\".xls)\",IF(OR($C802<>\"S\",ORÇAMENTO.CodBarra=\"\"),\"(Sem Código)\",IF(ISERROR(MATCH($AE802,INDIRECT(ORÇAMENTO.BancoRef),0)),\"(Código não identificado nas referências)\",MATCH($AE802,INDIRECT(ORÇAMENTO.BancoRef),0))))","v":"(abra o arquivo 'Referência 06-2023.xls)"},{"$f":"ROUND(IF(DESONERACAO=\"sim\",REFERENCIA.Desonerado,REFERENCIA.NaoDesonerado),2)","v":0},0.23530000000000001,null,182.78,null,null,1882.63,10.3]
["S",2,"S",0,{"$f":"IF($C803=1,OFFSET(E803,-1,0)+MAX(1,COUNTIF(QCI!$A$13:$A$32,OFFSET(ORÇAMENTO!E803,-1,0))),OFFSET(E803,-1,0))","v":18},4,0,0,4,0,{"$f":"IF(OR($C803=\"S\",$C803=0),0,MATCH(OFFSET($D803,0,$C803)+IF($C803<>1,1,COUNTIF(QCI!$A$13:$A$32,ORÇAMENTO!E803)),OFFSET($D803,1,$C803,ROW($C$850)-ROW($C803)),0))","v":0},"F","Serviço","Serviço","18.4.4.","SINAPI","102354","DESMONTE DE MATERIAL DE 3ª CATEGORIA (BLOCOS DE ROCHAS OU MATACOS), EM VALA, COM MARTELETE PNEUMÁTICO MANUAL \u0096  EXCLUSIVE RETIRADA, CARGA E TRANSPORTE. AF_03/2021","M3",{"$f":"OFFSET(CÁLCULO!H$15,ROW($T803)-ROW(T$15),0)","v":76.989999999999995},140.34,"BDI 1",{"$f":"IF($C803=\"S\",ROUND(IF(TIPOORCAMENTO=\"Proposto\",ORÇAMENTO.CustoUnitario*(1+$AH803),ORÇAMENTO.PrecoUnitarioLicitado),15-13*$AF$10),0)","v":173.36},13346.99,"RA","RA",{"$f":"IF($C803=\"S\",IF($Z803=\"CP\",$X803,IF($Z803=\"RA\",(($X803)*QCI!$AA$3),0)),SomaAgrup)","v":13346.99},0,{"$f":"IF($N803=\"\",\"\",IF(ORÇAMENTO.Descricao=\"\",\"DESCRIÇÃO\",IF(AND($C803=\"S\",ORÇAMENTO.Unidade=\"\"),\"UNIDADE\",IF($X803<0,\"VALOR NEGATIVO\",IF(OR(AND(TIPOORCAMENTO=\"Proposto\",$AG803<>\"\",$AG803>0,ORÇAMENTO.CustoUnitario>$AG803),AND(TIPOORCAMENTO=\"LICITADO\",ORÇAMENTO.PrecoUnitarioLicitado>$AN803)),\"ACIMA REF.\",\"\")))))","v":""},{"$f":"IF(C803<=CRONO.NivelExibicao,MAX($AD$15:OFFSET(AD803,-1,0))+IF($C803<>1,1,MAX(1,COUNTIF(QCI!$A$13:$A$32,OFFSET($E803,-1,0)))),\"\")","v":""},{"$f":"IF(AND($C803=\"S\",ORÇAMENTO.CodBarra<>\"\"),IF(ORÇAMENTO.Fonte=\"\",ORÇAMENTO.CodBarra,CONCATENATE(ORÇAMENTO.Fonte,\" \",ORÇAMENTO.CodBarra)))","v":"SINAPI 102354"},{"$f":"IF(ISERROR(INDIRECT(ORÇAMENTO.BancoRef)),\"(abra o arquivo 'Referência \"&Excel_BuiltIn_Database&\".xls)\",IF(OR($C803<>\"S\",ORÇAMENTO.CodBarra=\"\"),\"(Sem Código)\",IF(ISERROR(MATCH($AE803,INDIRECT(ORÇAMENTO.BancoRef),0)),\"(Código não identificado nas referências)\",MATCH($AE803,INDIRECT(ORÇAMENTO.BancoRef),0))))","v":"(abra o arquivo 'Referência 06-2023.xls)"},{"$f":"ROUND(IF(DESONERACAO=\"sim\",REFERENCIA.Desonerado,REFERENCIA.NaoDesonerado),2)","v":0},0.23530000000000001,null,{"$f":"AJ800*0.05","v":76.985000000000014},null,null,13346.99,173.36]
["S",2,"S",0,{"$f":"IF($C804=1,OFFSET(E804,-1,0)+MAX(1,COUNTIF(QCI!$A$13:$A$32,OFFSET(ORÇAMENTO!E804,-1,0))),OFFSET(E804,-1,0))","v":18},4,0,0,5,0,{"$f":"IF(OR($C804=\"S\",$C804=0),0,MATCH(OFFSET($D804,0,$C804)+IF($C804<>1,1,COUNTIF(QCI!$A$13:$A$32,ORÇAMENTO!E804)),OFFSET($D804,1,$C804,ROW($C$850)-ROW($C804)),0))","v":0},"F","Serviço","Serviço","18.4.5.","SINAPI","100576","REGULARIZAÇÃO E COMPACTAÇÃO DE SUBLEITO DE SOLO  PREDOMINANTEMENTE ARGILOSO","M2",{"$f":"OFFSET(CÁLCULO!H$15,ROW($T804)-ROW(T$15),0)","v":3080},2.39,"BDI 1",{"$f":"IF($C804=\"S\",ROUND(IF(TIPOORCAMENTO=\"Proposto\",ORÇAMENTO.CustoUnitario*(1+$AH804),ORÇAMENTO.PrecoUnitarioLicitado),15-13*$AF$10),0)","v":2.95},9086,"RA","RA",{"$f":"IF($C804=\"S\",IF($Z804=\"CP\",$X804,IF($Z804=\"RA\",(($X804)*QCI!$AA$3),0)),SomaAgrup)","v":9086},0,{"$f":"IF($N804=\"\",\"\",IF(ORÇAMENTO.Descricao=\"\",\"DESCRIÇÃO\",IF(AND($C804=\"S\",ORÇAMENTO.Unidade=\"\"),\"UNIDADE\",IF($X804<0,\"VALOR NEGATIVO\",IF(OR(AND(TIPOORCAMENTO=\"Proposto\",$AG804<>\"\",$AG804>0,ORÇAMENTO.CustoUnitario>$AG804),AND(TIPOORCAMENTO=\"LICITADO\",ORÇAMENTO.PrecoUnitarioLicitado>$AN804)),\"ACIMA REF.\",\"\")))))","v":""},{"$f":"IF(C804<=CRONO.NivelExibicao,MAX($AD$15:OFFSET(AD804,-1,0))+IF($C804<>1,1,MAX(1,COUNTIF(QCI!$A$13:$A$32,OFFSET($E804,-1,0)))),\"\")","v":""},{"$f":"IF(AND($C804=\"S\",ORÇAMENTO.CodBarra<>\"\"),IF(ORÇAMENTO.Fonte=\"\",ORÇAMENTO.CodBarra,CONCATENATE(ORÇAMENTO.Fonte,\" \",ORÇAMENTO.CodBarra)))","v":"SINAPI 100576"},{"$f":"IF(ISERROR(INDIRECT(ORÇAMENTO.BancoRef)),\"(abra o arquivo 'Referência \"&Excel_BuiltIn_Database&\".xls)\",IF(OR($C804<>\"S\",ORÇAMENTO.CodBarra=\"\"),\"(Sem Código)\",IF(ISERROR(MATCH($AE804,INDIRECT(ORÇAMENTO.BancoRef),0)),\"(Código não identificado nas referências)\",MATCH($AE804,INDIRECT(ORÇAMENTO.BancoRef),0))))","v":"(abra o arquivo 'Referência 06-2023.xls)"},{"$f":"ROUND(IF(DESONERACAO=\"sim\",REFERENCIA.Desonerado,REFERENCIA.NaoDesonerado),2)","v":0},0.23530000000000001,null,{"$f":"440*7","v":3080},null,null,9086,2.95]
[2,2,2,6,{"$f":"IF($C805=1,OFFSET(E805,-1,0)+MAX(1,COUNTIF(QCI!$A$13:$A$32,OFFSET(ORÇAMENTO!E805,-1,0))),OFFSET(E805,-1,0))","v":18},5,0,0,0,45,{"$f":"IF(OR($C805=\"S\",$C805=0),0,MATCH(OFFSET($D805,0,$C805)+IF($C805<>1,1,COUNTIF(QCI!$A$13:$A$32,ORÇAMENTO!E805)),OFFSET($D805,1,$C805,ROW($C$850)-ROW($C805)),0))","v":6},"F","Nível 2","Nível 2","18.5.","SINAPI",null,"DRENAGEM","-",{"$f":"OFFSET(CÁLCULO!H$15,ROW($T805)-ROW(T$15),0)","v":0},0,"BDI 1",{"$f":"IF($C805=\"S\",ROUND(IF(TIPOORCAMENTO=\"Proposto\",ORÇAMENTO.CustoUnitario*(1+$AH805),ORÇAMENTO.PrecoUnitarioLicitado),15-13*$AF$10),0)","v":0},169445.89,"RA","",{"$f":"IF($C805=\"S\",IF($Z805=\"CP\",$X805,IF($Z805=\"RA\",(($X805)*QCI!$AA$3),0)),SomaAgrup)","v":169445.88999999998},0,{"$f":"IF($N805=\"\",\"\",IF(ORÇAMENTO.Descricao=\"\",\"DESCRIÇÃO\",IF(AND($C805=\"S\",ORÇAMENTO.Unidade=\"\"),\"UNIDADE\",IF($X805<0,\"VALOR NEGATIVO\",IF(OR(AND(TIPOORCAMENTO=\"Proposto\",$AG805<>\"\",$AG805>0,ORÇAMENTO.CustoUnitario>$AG805),AND(TIPOORCAMENTO=\"LICITADO\",ORÇAMENTO.PrecoUnitarioLicitado>$AN805)),\"ACIMA REF.\",\"\")))))","v":""},{"$f":"IF(C805<=CRONO.NivelExibicao,MAX($AD$15:OFFSET(AD805,-1,0))+IF($C805<>1,1,MAX(1,COUNTIF(QCI!$A$13:$A$32,OFFSET($E805,-1,0)))),\"\")","v":""},{"$f":"IF(AND($C805=\"S\",ORÇAMENTO.CodBarra<>\"\"),IF(ORÇAMENTO.Fonte=\"\",ORÇAMENTO.CodBarra,CONCATENATE(ORÇAMENTO.Fonte,\" \",ORÇAMENTO.CodBarra)))","v":false},{"$f":"IF(ISERROR(INDIRECT(ORÇAMENTO.BancoRef)),\"(abra o arquivo 'Referência \"&Excel_BuiltIn_Database&\".xls)\",IF(OR($C805<>\"S\",ORÇAMENTO.CodBarra=\"\"),\"(Sem Código)\",IF(ISERROR(MATCH($AE805,INDIRECT(ORÇAMENTO.BancoRef),0)),\"(Código não identificado nas referências)\",MATCH($AE805,INDIRECT(ORÇAMENTO.BancoRef),0))))","v":"(abra o arquivo 'Referência 06-2023.xls)"},{"$f":"ROUND(IF(DESONERACAO=\"sim\",REFERENCIA.Desonerado,REFERENCIA.NaoDesonerado),2)","v":0},0.23530000000000001,null,null,null,null,169445.89,0]
["S",2,"S",0,{"$f":"IF($C806=1,OFFSET(E806,-1,0)+MAX(1,COUNTIF(QCI!$A$13:$A$32,OFFSET(ORÇAMENTO!E806,-1,0))),OFFSET(E806,-1,0))","v":18},5,0,0,1,0,{"$f":"IF(OR($C806=\"S\",$C806=0),0,MATCH(OFFSET($D806,0,$C806)+IF($C806<>1,1,COUNTIF(QCI!$A$13:$A$32,ORÇAMENTO!E806)),OFFSET($D806,1,$C806,ROW($C$850)-ROW($C806)),0))","v":0},"F","Serviço","Serviço","18.5.1.","AMMOC","CS02","CAIXA COLETORA DE SARJETA EM BLOCO ESTRUTURAL DE CONCRETO, PRENCHIDA COM CONCRETO ARMADO, COM FACE INTERNA ARGAMASSADA E TAMPA EM CONCRETO ARMADO - TIPO II","UND",{"$f":"OFFSET(CÁLCULO!H$15,ROW($T806)-ROW(T$15),0)","v":6},2007.04,"BDI 1",{"$f":"IF($C806=\"S\",ROUND(IF(TIPOORCAMENTO=\"Proposto\",ORÇAMENTO.CustoUnitario*(1+$AH806),ORÇAMENTO.PrecoUnitarioLicitado),15-13*$AF$10),0)","v":2479.3000000000002},14875.8,"RA","RA",{"$f":"IF($C806=\"S\",IF($Z806=\"CP\",$X806,IF($Z806=\"RA\",(($X806)*QCI!$AA$3),0)),SomaAgrup)","v":14875.8},0,{"$f":"IF($N806=\"\",\"\",IF(ORÇAMENTO.Descricao=\"\",\"DESCRIÇÃO\",IF(AND($C806=\"S\",ORÇAMENTO.Unidade=\"\"),\"UNIDADE\",IF($X806<0,\"VALOR NEGATIVO\",IF(OR(AND(TIPOORCAMENTO=\"Proposto\",$AG806<>\"\",$AG806>0,ORÇAMENTO.CustoUnitario>$AG806),AND(TIPOORCAMENTO=\"LICITADO\",ORÇAMENTO.PrecoUnitarioLicitado>$AN806)),\"ACIMA REF.\",\"\")))))","v":""},{"$f":"IF(C806<=CRONO.NivelExibicao,MAX($AD$15:OFFSET(AD806,-1,0))+IF($C806<>1,1,MAX(1,COUNTIF(QCI!$A$13:$A$32,OFFSET($E806,-1,0)))),\"\")","v":""},{"$f":"IF(AND($C806=\"S\",ORÇAMENTO.CodBarra<>\"\"),IF(ORÇAMENTO.Fonte=\"\",ORÇAMENTO.CodBarra,CONCATENATE(ORÇAMENTO.Fonte,\" \",ORÇAMENTO.CodBarra)))","v":"AMMOC CS02"},{"$f":"IF(ISERROR(INDIRECT(ORÇAMENTO.BancoRef)),\"(abra o arquivo 'Referência \"&Excel_BuiltIn_Database&\".xls)\",IF(OR($C806<>\"S\",ORÇAMENTO.CodBarra=\"\"),\"(Sem Código)\",IF(ISERROR(MATCH($AE806,INDIRECT(ORÇAMENTO.BancoRef),0)),\"(Código não identificado nas referências)\",MATCH($AE806,INDIRECT(ORÇAMENTO.BancoRef),0))))","v":"(abra o arquivo 'Referência 06-2023.xls)"},{"$f":"ROUND(IF(DESONERACAO=\"sim\",REFERENCIA.Desonerado,REFERENCIA.NaoDesonerado),2)","v":0},0.23530000000000001,null,6,null,null,14875.8,2479.3000000000002]
["S",2,"S",0,{"$f":"IF($C807=1,OFFSET(E807,-1,0)+MAX(1,COUNTIF(QCI!$A$13:$A$32,OFFSET(ORÇAMENTO!E807,-1,0))),OFFSET(E807,-1,0))","v":18},5,0,0,2,0,{"$f":"IF(OR($C807=\"S\",$C807=0),0,MATCH(OFFSET($D807,0,$C807)+IF($C807<>1,1,COUNTIF(QCI!$A$13:$A$32,ORÇAMENTO!E807)),OFFSET($D807,1,$C807,ROW($C$850)-ROW($C807)),0))","v":0},"F","Serviço","Serviço","18.5.2.","SINAPI","92212","TUBO DE CONCRETO PARA REDES COLETORAS DE ÁGUAS PLUVIAIS, DIÂMETRO DE 600 MM, JUNTA RÍGIDA, INSTALADO EM LOCAL COM BAIXO NÍVEL DE INTERFERÊNCIAS - FORNECIMENTO E ASSENTAMENTO. AF_12/2015","M",{"$f":"OFFSET(CÁLCULO!H$15,ROW($T807)-ROW(T$15),0)","v":24},299.62,"BDI 1",{"$f":"IF($C807=\"S\",ROUND(IF(TIPOORCAMENTO=\"Proposto\",ORÇAMENTO.CustoUnitario*(1+$AH807),ORÇAMENTO.PrecoUnitarioLicitado),15-13*$AF$10),0)","v":370.12},8882.8799999999992,"RA","RA",{"$f":"IF($C807=\"S\",IF($Z807=\"CP\",$X807,IF($Z807=\"RA\",(($X807)*QCI!$AA$3),0)),SomaAgrup)","v":8882.8799999999992},0,{"$f":"IF($N807=\"\",\"\",IF(ORÇAMENTO.Descricao=\"\",\"DESCRIÇÃO\",IF(AND($C807=\"S\",ORÇAMENTO.Unidade=\"\"),\"UNIDADE\",IF($X807<0,\"VALOR NEGATIVO\",IF(OR(AND(TIPOORCAMENTO=\"Proposto\",$AG807<>\"\",$AG807>0,ORÇAMENTO.CustoUnitario>$AG807),AND(TIPOORCAMENTO=\"LICITADO\",ORÇAMENTO.PrecoUnitarioLicitado>$AN807)),\"ACIMA REF.\",\"\")))))","v":""},{"$f":"IF(C807<=CRONO.NivelExibicao,MAX($AD$15:OFFSET(AD807,-1,0))+IF($C807<>1,1,MAX(1,COUNTIF(QCI!$A$13:$A$32,OFFSET($E807,-1,0)))),\"\")","v":""},{"$f":"IF(AND($C807=\"S\",ORÇAMENTO.CodBarra<>\"\"),IF(ORÇAMENTO.Fonte=\"\",ORÇAMENTO.CodBarra,CONCATENATE(ORÇAMENTO.Fonte,\" \",ORÇAMENTO.CodBarra)))","v":"SINAPI 92212"},{"$f":"IF(ISERROR(INDIRECT(ORÇAMENTO.BancoRef)),\"(abra o arquivo 'Referência \"&Excel_BuiltIn_Database&\".xls)\",IF(OR($C807<>\"S\",ORÇAMENTO.CodBarra=\"\"),\"(Sem Código)\",IF(ISERROR(MATCH($AE807,INDIRECT(ORÇAMENTO.BancoRef),0)),\"(Código não identificado nas referências)\",MATCH($AE807,INDIRECT(ORÇAMENTO.BancoRef),0))))","v":"(abra o arquivo 'Referência 06-2023.xls)"},{"$f":"ROUND(IF(DESONERACAO=\"sim\",REFERENCIA.Desonerado,REFERENCIA.NaoDesonerado),2)","v":0},0.23530000000000001,null,24,null,null,8882.8799999999992,370.12]
["S",2,"S",0,{"$f":"IF($C808=1,OFFSET(E808,-1,0)+MAX(1,COUNTIF(QCI!$A$13:$A$32,OFFSET(ORÇAMENTO!E808,-1,0))),OFFSET(E808,-1,0))","v":18},5,0,0,3,0,{"$f":"IF(OR($C808=\"S\",$C808=0),0,MATCH(OFFSET($D808,0,$C808)+IF($C808<>1,1,COUNTIF(QCI!$A$13:$A$32,ORÇAMENTO!E808)),OFFSET($D808,1,$C808,ROW($C$850)-ROW($C808)),0))","v":0},"F","Serviço","Serviço","18.5.3.","SINAPI","102738","BOCA PARA BUEIRO SIMPLES TUBULAR D = 60 CM EM CONCRETO, ALAS COM ESCONSIDADE DE 0°, INCLUINDO FÔRMAS E MATERIAIS. AF_07/2021","UN",{"$f":"OFFSET(CÁLCULO!H$15,ROW($T808)-ROW(T$15),0)","v":3},2383.83,"BDI 1",{"$f":"IF($C808=\"S\",ROUND(IF(TIPOORCAMENTO=\"Proposto\",ORÇAMENTO.CustoUnitario*(1+$AH808),ORÇAMENTO.PrecoUnitarioLicitado),15-13*$AF$10),0)","v":2944.75},8834.25,"RA","RA",{"$f":"IF($C808=\"S\",IF($Z808=\"CP\",$X808,IF($Z808=\"RA\",(($X808)*QCI!$AA$3),0)),SomaAgrup)","v":8834.25},0,{"$f":"IF($N808=\"\",\"\",IF(ORÇAMENTO.Descricao=\"\",\"DESCRIÇÃO\",IF(AND($C808=\"S\",ORÇAMENTO.Unidade=\"\"),\"UNIDADE\",IF($X808<0,\"VALOR NEGATIVO\",IF(OR(AND(TIPOORCAMENTO=\"Proposto\",$AG808<>\"\",$AG808>0,ORÇAMENTO.CustoUnitario>$AG808),AND(TIPOORCAMENTO=\"LICITADO\",ORÇAMENTO.PrecoUnitarioLicitado>$AN808)),\"ACIMA REF.\",\"\")))))","v":""},{"$f":"IF(C808<=CRONO.NivelExibicao,MAX($AD$15:OFFSET(AD808,-1,0))+IF($C808<>1,1,MAX(1,COUNTIF(QCI!$A$13:$A$32,OFFSET($E808,-1,0)))),\"\")","v":""},{"$f":"IF(AND($C808=\"S\",ORÇAMENTO.CodBarra<>\"\"),IF(ORÇAMENTO.Fonte=\"\",ORÇAMENTO.CodBarra,CONCATENATE(ORÇAMENTO.Fonte,\" \",ORÇAMENTO.CodBarra)))","v":"SINAPI 102738"},{"$f":"IF(ISERROR(INDIRECT(ORÇAMENTO.BancoRef)),\"(abra o arquivo 'Referência \"&Excel_BuiltIn_Database&\".xls)\",IF(OR($C808<>\"S\",ORÇAMENTO.CodBarra=\"\"),\"(Sem Código)\",IF(ISERROR(MATCH($AE808,INDIRECT(ORÇAMENTO.BancoRef),0)),\"(Código não identificado nas referências)\",MATCH($AE808,INDIRECT(ORÇAMENTO.BancoRef),0))))","v":"(abra o arquivo 'Referência 06-2023.xls)"},{"$f":"ROUND(IF(DESONERACAO=\"sim\",REFERENCIA.Desonerado,REFERENCIA.NaoDesonerado),2)","v":0},0.23530000000000001,null,3,null,null,8834.25,2944.75]
["S",2,"S",0,{"$f":"IF($C809=1,OFFSET(E809,-1,0)+MAX(1,COUNTIF(QCI!$A$13:$A$32,OFFSET(ORÇAMENTO!E809,-1,0))),OFFSET(E809,-1,0))","v":18},5,0,0,4,0,{"$f":"IF(OR($C809=\"S\",$C809=0),0,MATCH(OFFSET($D809,0,$C809)+IF($C809<>1,1,COUNTIF(QCI!$A$13:$A$32,ORÇAMENTO!E809)),OFFSET($D809,1,$C809,ROW($C$850)-ROW($C809)),0))","v":0},"F","Serviço","Serviço","18.5.4.","SINAPI","94293","EXECUÇÃO DE SARJETÃO DE CONCRETO USINADO, MOLDADA  IN LOCO  EM TRECHO RETO, 100 CM BASE X 20 CM ALTURA. AF_06/2016","M",{"$f":"OFFSET(CÁLCULO!H$15,ROW($T809)-ROW(T$15),0)","v":338},192.61,"BDI 1",{"$f":"IF($C809=\"S\",ROUND(IF(TIPOORCAMENTO=\"Proposto\",ORÇAMENTO.CustoUnitario*(1+$AH809),ORÇAMENTO.PrecoUnitarioLicitado),15-13*$AF$10),0)","v":237.93},80420.34,"RA","RA",{"$f":"IF($C809=\"S\",IF($Z809=\"CP\",$X809,IF($Z809=\"RA\",(($X809)*QCI!$AA$3),0)),SomaAgrup)","v":80420.34},0,{"$f":"IF($N809=\"\",\"\",IF(ORÇAMENTO.Descricao=\"\",\"DESCRIÇÃO\",IF(AND($C809=\"S\",ORÇAMENTO.Unidade=\"\"),\"UNIDADE\",IF($X809<0,\"VALOR NEGATIVO\",IF(OR(AND(TIPOORCAMENTO=\"Proposto\",$AG809<>\"\",$AG809>0,ORÇAMENTO.CustoUnitario>$AG809),AND(TIPOORCAMENTO=\"LICITADO\",ORÇAMENTO.PrecoUnitarioLicitado>$AN809)),\"ACIMA REF.\",\"\")))))","v":""},{"$f":"IF(C809<=CRONO.NivelExibicao,MAX($AD$15:OFFSET(AD809,-1,0))+IF($C809<>1,1,MAX(1,COUNTIF(QCI!$A$13:$A$32,OFFSET($E809,-1,0)))),\"\")","v":""},{"$f":"IF(AND($C809=\"S\",ORÇAMENTO.CodBarra<>\"\"),IF(ORÇAMENTO.Fonte=\"\",ORÇAMENTO.CodBarra,CONCATENATE(ORÇAMENTO.Fonte,\" \",ORÇAMENTO.CodBarra)))","v":"SINAPI 94293"},{"$f":"IF(ISERROR(INDIRECT(ORÇAMENTO.BancoRef)),\"(abra o arquivo 'Referência \"&Excel_BuiltIn_Database&\".xls)\",IF(OR($C809<>\"S\",ORÇAMENTO.CodBarra=\"\"),\"(Sem Código)\",IF(ISERROR(MATCH($AE809,INDIRECT(ORÇAMENTO.BancoRef),0)),\"(Código não identificado nas referências)\",MATCH($AE809,INDIRECT(ORÇAMENTO.BancoRef),0))))","v":"(abra o arquivo 'Referência 06-2023.xls)"},{"$f":"ROUND(IF(DESONERACAO=\"sim\",REFERENCIA.Desonerado,REFERENCIA.NaoDesonerado),2)","v":0},0.23530000000000001,null,338,null,null,80420.34,237.93]
["S",{"$f":"IF(OR(C810=\"s\",C810=0),OFFSET(B810,-1,0),C810)","v":2},{"$f":"IF(OFFSET(C810,-1,0)=\"L\",1,IF(OFFSET(C810,-1,0)=1,2,IF(OR(A810=\"s\",A810=0),\"S\",IF(AND(OFFSET(C810,-1,0)=2,A810=4),3,IF(AND(OR(OFFSET(C810,-1,0)=\"s\",OFFSET(C810,-1,0)=0),A810<>\"s\",A810>OFFSET(B810,-1,0)),OFFSET(B810,-1,0),A810)))))","v":"S"},{"$f":"IF(OR(C810=\"S\",C810=0),0,IF(ISERROR(K810),J810,SMALL(J810:K810,1)))","v":0},{"$f":"IF($C810=1,OFFSET(E810,-1,0)+MAX(1,COUNTIF(QCI!$A$13:$A$32,OFFSET(ORÇAMENTO!E810,-1,0))),OFFSET(E810,-1,0))","v":18},{"$f":"IF($C810=1,0,IF($C810=2,OFFSET(F810,-1,0)+1,OFFSET(F810,-1,0)))","v":5},{"$f":"IF(AND($C810<=2,$C810<>0),0,IF($C810=3,OFFSET(G810,-1,0)+1,OFFSET(G810,-1,0)))","v":0},{"$f":"IF(AND($C810<=3,$C810<>0),0,IF($C810=4,OFFSET(H810,-1,0)+1,OFFSET(H810,-1,0)))","v":0},{"$f":"IF(AND($C810<=4,$C810<>0),0,IF(AND($C810=\"S\",$X810>0),OFFSET(I810,-1,0)+1,OFFSET(I810,-1,0)))","v":5},0,{"$f":"IF(OR($C810=\"S\",$C810=0),0,MATCH(OFFSET($D810,0,$C810)+IF($C810<>1,1,COUNTIF(QCI!$A$13:$A$32,ORÇAMENTO!E810)),OFFSET($D810,1,$C810,ROW($C$850)-ROW($C810)),0))","v":0},{"$f":"IF(OR($X810>0,$C810=1,$C810=2,$C810=3,$C810=4),\"F\",\"\")","v":"F"},"Serviço",{"$f":"CHOOSE(1+LOG(1+2*(C810=1)+4*(C810=2)+8*(C810=3)+16*(C810=4)+32*(C810=\"S\"),2),\"\",\"Meta\",\"Nível 2\",\"Nível 3\",\"Nível 4\",\"Serviço\")","v":"Serviço"},{"$f":"IF(OR($C810=0,$L810=\"\"),\"-\",CONCATENATE(E810&\".\",IF(AND($A$5>=2,$C810>=2),F810&\".\",\"\"),IF(AND($A$5>=3,$C810>=3),G810&\".\",\"\"),IF(AND($A$5>=4,$C810>=4),H810&\".\",\"\"),IF($C810=\"S\",I810&\".\",\"\")))","v":"18.5.5."},"SINAPI","102697","DRENO (SEÇÃO (0,50 X 0,70 M), COM TUBO DE PEAD CORRUGADO PERFURADO, DN 200 MM, ENCHIMENTO COM BRITA, ENVOLVIDO COM MANTA GEOTÊXTIL, INCLUSIVE CONEXÕES","M",{"$f":"OFFSET(CÁLCULO!H$15,ROW($T810)-ROW(T$15),0)","v":394},115.95,"BDI 1",{"$f":"IF($C810=\"S\",ROUND(IF(TIPOORCAMENTO=\"Proposto\",ORÇAMENTO.CustoUnitario*(1+$AH810),ORÇAMENTO.PrecoUnitarioLicitado),15-13*$AF$10),0)","v":143.22999999999999},56432.62,"RA",{"$f":"IF(AND($C810=\"S\",$X810>0),IF(ISBLANK($Y810),\"RA\",LEFT($Y810,2)),\"\")","v":"RA"},{"$f":"IF($C810=\"S\",IF($Z810=\"CP\",$X810,IF($Z810=\"RA\",(($X810)*QCI!$AA$3),0)),SomaAgrup)","v":56432.62},0,{"$f":"IF($N810=\"\",\"\",IF(ORÇAMENTO.Descricao=\"\",\"DESCRIÇÃO\",IF(AND($C810=\"S\",ORÇAMENTO.Unidade=\"\"),\"UNIDADE\",IF($X810<0,\"VALOR NEGATIVO\",IF(OR(AND(TIPOORCAMENTO=\"Proposto\",$AG810<>\"\",$AG810>0,ORÇAMENTO.CustoUnitario>$AG810),AND(TIPOORCAMENTO=\"LICITADO\",ORÇAMENTO.PrecoUnitarioLicitado>$AN810)),\"ACIMA REF.\",\"\")))))","v":""},{"$f":"IF(C810<=CRONO.NivelExibicao,MAX($AD$15:OFFSET(AD810,-1,0))+IF($C810<>1,1,MAX(1,COUNTIF(QCI!$A$13:$A$32,OFFSET($E810,-1,0)))),\"\")","v":""},{"$f":"IF(AND($C810=\"S\",ORÇAMENTO.CodBarra<>\"\"),IF(ORÇAMENTO.Fonte=\"\",ORÇAMENTO.CodBarra,CONCATENATE(ORÇAMENTO.Fonte,\" \",ORÇAMENTO.CodBarra)))","v":"SINAPI 102697"},{"$f":"IF(ISERROR(INDIRECT(ORÇAMENTO.BancoRef)),\"(abra o arquivo 'Referência \"&Excel_BuiltIn_Database&\".xls)\",IF(OR($C810<>\"S\",ORÇAMENTO.CodBarra=\"\"),\"(Sem Código)\",IF(ISERROR(MATCH($AE810,INDIRECT(ORÇAMENTO.BancoRef),0)),\"(Código não identificado nas referências)\",MATCH($AE810,INDIRECT(ORÇAMENTO.BancoRef),0))))","v":"(abra o arquivo 'Referência 06-2023.xls)"},{"$f":"ROUND(IF(DESONERACAO=\"sim\",REFERENCIA.Desonerado,REFERENCIA.NaoDesonerado),2)","v":0},0.23530000000000001,null,394,null,null,56432.62,143.22999999999999]
[2,2,2,4,{"$f":"IF($C811=1,OFFSET(E811,-1,0)+MAX(1,COUNTIF(QCI!$A$13:$A$32,OFFSET(ORÇAMENTO!E811,-1,0))),OFFSET(E811,-1,0))","v":18},6,0,0,0,39,{"$f":"IF(OR($C811=\"S\",$C811=0),0,MATCH(OFFSET($D811,0,$C811)+IF($C811<>1,1,COUNTIF(QCI!$A$13:$A$32,ORÇAMENTO!E811)),OFFSET($D811,1,$C811,ROW($C$850)-ROW($C811)),0))","v":4},"F","Nível 2","Nível 2","18.6.","SINAPI",null,"REATERROS","-",{"$f":"OFFSET(CÁLCULO!H$15,ROW($T811)-ROW(T$15),0)","v":0},0,"BDI 1",{"$f":"IF($C811=\"S\",ROUND(IF(TIPOORCAMENTO=\"Proposto\",ORÇAMENTO.CustoUnitario*(1+$AH811),ORÇAMENTO.PrecoUnitarioLicitado),15-13*$AF$10),0)","v":0},26566.37,"RA","",{"$f":"IF($C811=\"S\",IF($Z811=\"CP\",$X811,IF($Z811=\"RA\",(($X811)*QCI!$AA$3),0)),SomaAgrup)","v":26566.37},0,{"$f":"IF($N811=\"\",\"\",IF(ORÇAMENTO.Descricao=\"\",\"DESCRIÇÃO\",IF(AND($C811=\"S\",ORÇAMENTO.Unidade=\"\"),\"UNIDADE\",IF($X811<0,\"VALOR NEGATIVO\",IF(OR(AND(TIPOORCAMENTO=\"Proposto\",$AG811<>\"\",$AG811>0,ORÇAMENTO.CustoUnitario>$AG811),AND(TIPOORCAMENTO=\"LICITADO\",ORÇAMENTO.PrecoUnitarioLicitado>$AN811)),\"ACIMA REF.\",\"\")))))","v":""},{"$f":"IF(C811<=CRONO.NivelExibicao,MAX($AD$15:OFFSET(AD811,-1,0))+IF($C811<>1,1,MAX(1,COUNTIF(QCI!$A$13:$A$32,OFFSET($E811,-1,0)))),\"\")","v":""},{"$f":"IF(AND($C811=\"S\",ORÇAMENTO.CodBarra<>\"\"),IF(ORÇAMENTO.Fonte=\"\",ORÇAMENTO.CodBarra,CONCATENATE(ORÇAMENTO.Fonte,\" \",ORÇAMENTO.CodBarra)))","v":false},{"$f":"IF(ISERROR(INDIRECT(ORÇAMENTO.BancoRef)),\"(abra o arquivo 'Referência \"&Excel_BuiltIn_Database&\".xls)\",IF(OR($C811<>\"S\",ORÇAMENTO.CodBarra=\"\"),\"(Sem Código)\",IF(ISERROR(MATCH($AE811,INDIRECT(ORÇAMENTO.BancoRef),0)),\"(Código não identificado nas referências)\",MATCH($AE811,INDIRECT(ORÇAMENTO.BancoRef),0))))","v":"(abra o arquivo 'Referência 06-2023.xls)"},{"$f":"ROUND(IF(DESONERACAO=\"sim\",REFERENCIA.Desonerado,REFERENCIA.NaoDesonerado),2)","v":0},0.23530000000000001,null,null,null,null,26566.37,0]
["S",2,"S",0,{"$f":"IF($C812=1,OFFSET(E812,-1,0)+MAX(1,COUNTIF(QCI!$A$13:$A$32,OFFSET(ORÇAMENTO!E812,-1,0))),OFFSET(E812,-1,0))","v":18},6,0,0,1,0,{"$f":"IF(OR($C812=\"S\",$C812=0),0,MATCH(OFFSET($D812,0,$C812)+IF($C812<>1,1,COUNTIF(QCI!$A$13:$A$32,ORÇAMENTO!E812)),OFFSET($D812,1,$C812,ROW($C$850)-ROW($C812)),0))","v":0},"F","Serviço","Serviço","18.6.1.","SINAPI-I","4718","PEDRA BRITADA N. 2 (19 A 38 MM) POSTO PEDREIRA/FORNECEDOR, SEM FRETE","M3    ",{"$f":"OFFSET(CÁLCULO!H$15,ROW($T812)-ROW(T$15),0)","v":134.16},107.5,"BDI 1",{"$f":"IF($C812=\"S\",ROUND(IF(TIPOORCAMENTO=\"Proposto\",ORÇAMENTO.CustoUnitario*(1+$AH812),ORÇAMENTO.PrecoUnitarioLicitado),15-13*$AF$10),0)","v":132.79},17815.11,"RA","RA",{"$f":"IF($C812=\"S\",IF($Z812=\"CP\",$X812,IF($Z812=\"RA\",(($X812)*QCI!$AA$3),0)),SomaAgrup)","v":17815.11},0,{"$f":"IF($N812=\"\",\"\",IF(ORÇAMENTO.Descricao=\"\",\"DESCRIÇÃO\",IF(AND($C812=\"S\",ORÇAMENTO.Unidade=\"\"),\"UNIDADE\",IF($X812<0,\"VALOR NEGATIVO\",IF(OR(AND(TIPOORCAMENTO=\"Proposto\",$AG812<>\"\",$AG812>0,ORÇAMENTO.CustoUnitario>$AG812),AND(TIPOORCAMENTO=\"LICITADO\",ORÇAMENTO.PrecoUnitarioLicitado>$AN812)),\"ACIMA REF.\",\"\")))))","v":""},{"$f":"IF(C812<=CRONO.NivelExibicao,MAX($AD$15:OFFSET(AD812,-1,0))+IF($C812<>1,1,MAX(1,COUNTIF(QCI!$A$13:$A$32,OFFSET($E812,-1,0)))),\"\")","v":""},{"$f":"IF(AND($C812=\"S\",ORÇAMENTO.CodBarra<>\"\"),IF(ORÇAMENTO.Fonte=\"\",ORÇAMENTO.CodBarra,CONCATENATE(ORÇAMENTO.Fonte,\" \",ORÇAMENTO.CodBarra)))","v":"SINAPI-I 4718"},{"$f":"IF(ISERROR(INDIRECT(ORÇAMENTO.BancoRef)),\"(abra o arquivo 'Referência \"&Excel_BuiltIn_Database&\".xls)\",IF(OR($C812<>\"S\",ORÇAMENTO.CodBarra=\"\"),\"(Sem Código)\",IF(ISERROR(MATCH($AE812,INDIRECT(ORÇAMENTO.BancoRef),0)),\"(Código não identificado nas referências)\",MATCH($AE812,INDIRECT(ORÇAMENTO.BancoRef),0))))","v":"(abra o arquivo 'Referência 06-2023.xls)"},{"$f":"ROUND(IF(DESONERACAO=\"sim\",REFERENCIA.Desonerado,REFERENCIA.NaoDesonerado),2)","v":0},0.23530000000000001,null,134.16,null,null,17815.11,132.79]
["S",2,"S",0,{"$f":"IF($C813=1,OFFSET(E813,-1,0)+MAX(1,COUNTIF(QCI!$A$13:$A$32,OFFSET(ORÇAMENTO!E813,-1,0))),OFFSET(E813,-1,0))","v":18},6,0,0,2,0,{"$f":"IF(OR($C813=\"S\",$C813=0),0,MATCH(OFFSET($D813,0,$C813)+IF($C813<>1,1,COUNTIF(QCI!$A$13:$A$32,ORÇAMENTO!E813)),OFFSET($D813,1,$C813,ROW($C$850)-ROW($C813)),0))","v":0},"F","Serviço","Serviço","18.6.2.","SINAPI","100974","CARGA, MANOBRA E DESCARGA DE SOLOS E MATERIAIS GRANULARES EM CAMINHÃO BASCULANTE 10 M³ - CARGA COM PÁ CARREGADEIRA (CAÇAMBA DE 1,7 A 2,8 M³ / 128 HP) E DESCARGA LIVRE (UNIDADE: M3). AF_07/2020","M3",{"$f":"OFFSET(CÁLCULO!H$15,ROW($T813)-ROW(T$15),0)","v":134.16},8.2799999999999994,"BDI 1",{"$f":"IF($C813=\"S\",ROUND(IF(TIPOORCAMENTO=\"Proposto\",ORÇAMENTO.CustoUnitario*(1+$AH813),ORÇAMENTO.PrecoUnitarioLicitado),15-13*$AF$10),0)","v":10.23},1372.46,"RA","RA",{"$f":"IF($C813=\"S\",IF($Z813=\"CP\",$X813,IF($Z813=\"RA\",(($X813)*QCI!$AA$3),0)),SomaAgrup)","v":1372.46},0,{"$f":"IF($N813=\"\",\"\",IF(ORÇAMENTO.Descricao=\"\",\"DESCRIÇÃO\",IF(AND($C813=\"S\",ORÇAMENTO.Unidade=\"\"),\"UNIDADE\",IF($X813<0,\"VALOR NEGATIVO\",IF(OR(AND(TIPOORCAMENTO=\"Proposto\",$AG813<>\"\",$AG813>0,ORÇAMENTO.CustoUnitario>$AG813),AND(TIPOORCAMENTO=\"LICITADO\",ORÇAMENTO.PrecoUnitarioLicitado>$AN813)),\"ACIMA REF.\",\"\")))))","v":""},{"$f":"IF(C813<=CRONO.NivelExibicao,MAX($AD$15:OFFSET(AD813,-1,0))+IF($C813<>1,1,MAX(1,COUNTIF(QCI!$A$13:$A$32,OFFSET($E813,-1,0)))),\"\")","v":""},{"$f":"IF(AND($C813=\"S\",ORÇAMENTO.CodBarra<>\"\"),IF(ORÇAMENTO.Fonte=\"\",ORÇAMENTO.CodBarra,CONCATENATE(ORÇAMENTO.Fonte,\" \",ORÇAMENTO.CodBarra)))","v":"SINAPI 100974"},{"$f":"IF(ISERROR(INDIRECT(ORÇAMENTO.BancoRef)),\"(abra o arquivo 'Referência \"&Excel_BuiltIn_Database&\".xls)\",IF(OR($C813<>\"S\",ORÇAMENTO.CodBarra=\"\"),\"(Sem Código)\",IF(ISERROR(MATCH($AE813,INDIRECT(ORÇAMENTO.BancoRef),0)),\"(Código não identificado nas referências)\",MATCH($AE813,INDIRECT(ORÇAMENTO.BancoRef),0))))","v":"(abra o arquivo 'Referência 06-2023.xls)"},{"$f":"ROUND(IF(DESONERACAO=\"sim\",REFERENCIA.Desonerado,REFERENCIA.NaoDesonerado),2)","v":0},0.23530000000000001,null,{"$f":"AJ812","v":134.16},null,null,1372.46,10.23]
["S",2,"S",0,{"$f":"IF($C814=1,OFFSET(E814,-1,0)+MAX(1,COUNTIF(QCI!$A$13:$A$32,OFFSET(ORÇAMENTO!E814,-1,0))),OFFSET(E814,-1,0))","v":18},6,0,0,3,0,{"$f":"IF(OR($C814=\"S\",$C814=0),0,MATCH(OFFSET($D814,0,$C814)+IF($C814<>1,1,COUNTIF(QCI!$A$13:$A$32,ORÇAMENTO!E814)),OFFSET($D814,1,$C814,ROW($C$850)-ROW($C814)),0))","v":0},"F","Serviço","Serviço","18.6.3.","SINAPI","95875","TRANSPORTE COM CAMINHÃO BASCULANTE DE 10 M³, EM VIA URBANA PAVIMENTADA, DMT ATÉ 30 KM (UNIDADE: M3XKM). AF_07/2020","M3XKM",{"$f":"OFFSET(CÁLCULO!H$15,ROW($T814)-ROW(T$15),0)","v":2683.2},2.23,"BDI 1",{"$f":"IF($C814=\"S\",ROUND(IF(TIPOORCAMENTO=\"Proposto\",ORÇAMENTO.CustoUnitario*(1+$AH814),ORÇAMENTO.PrecoUnitarioLicitado),15-13*$AF$10),0)","v":2.75},7378.8,"RA","RA",{"$f":"IF($C814=\"S\",IF($Z814=\"CP\",$X814,IF($Z814=\"RA\",(($X814)*QCI!$AA$3),0)),SomaAgrup)","v":7378.8},0,{"$f":"IF($N814=\"\",\"\",IF(ORÇAMENTO.Descricao=\"\",\"DESCRIÇÃO\",IF(AND($C814=\"S\",ORÇAMENTO.Unidade=\"\"),\"UNIDADE\",IF($X814<0,\"VALOR NEGATIVO\",IF(OR(AND(TIPOORCAMENTO=\"Proposto\",$AG814<>\"\",$AG814>0,ORÇAMENTO.CustoUnitario>$AG814),AND(TIPOORCAMENTO=\"LICITADO\",ORÇAMENTO.PrecoUnitarioLicitado>$AN814)),\"ACIMA REF.\",\"\")))))","v":""},{"$f":"IF(C814<=CRONO.NivelExibicao,MAX($AD$15:OFFSET(AD814,-1,0))+IF($C814<>1,1,MAX(1,COUNTIF(QCI!$A$13:$A$32,OFFSET($E814,-1,0)))),\"\")","v":""},{"$f":"IF(AND($C814=\"S\",ORÇAMENTO.CodBarra<>\"\"),IF(ORÇAMENTO.Fonte=\"\",ORÇAMENTO.CodBarra,CONCATENATE(ORÇAMENTO.Fonte,\" \",ORÇAMENTO.CodBarra)))","v":"SINAPI 95875"},{"$f":"IF(ISERROR(INDIRECT(ORÇAMENTO.BancoRef)),\"(abra o arquivo 'Referência \"&Excel_BuiltIn_Database&\".xls)\",IF(OR($C814<>\"S\",ORÇAMENTO.CodBarra=\"\"),\"(Sem Código)\",IF(ISERROR(MATCH($AE814,INDIRECT(ORÇAMENTO.BancoRef),0)),\"(Código não identificado nas referências)\",MATCH($AE814,INDIRECT(ORÇAMENTO.BancoRef),0))))","v":"(abra o arquivo 'Referência 06-2023.xls)"},{"$f":"ROUND(IF(DESONERACAO=\"sim\",REFERENCIA.Desonerado,REFERENCIA.NaoDesonerado),2)","v":0},0.23530000000000001,null,{"$f":"AJ813*20","v":2683.2},null,null,7378.8,2.75]
[2,2,2,10,{"$f":"IF($C815=1,OFFSET(E815,-1,0)+MAX(1,COUNTIF(QCI!$A$13:$A$32,OFFSET(ORÇAMENTO!E815,-1,0))),OFFSET(E815,-1,0))","v":18},7,0,0,0,35,{"$f":"IF(OR($C815=\"S\",$C815=0),0,MATCH(OFFSET($D815,0,$C815)+IF($C815<>1,1,COUNTIF(QCI!$A$13:$A$32,ORÇAMENTO!E815)),OFFSET($D815,1,$C815,ROW($C$850)-ROW($C815)),0))","v":10},"F","Nível 2","Nível 2","18.7.","SINAPI",null,"BASE E SUBBASE","-",{"$f":"OFFSET(CÁLCULO!H$15,ROW($T815)-ROW(T$15),0)","v":0},0,"BDI 1",{"$f":"IF($C815=\"S\",ROUND(IF(TIPOORCAMENTO=\"Proposto\",ORÇAMENTO.CustoUnitario*(1+$AH815),ORÇAMENTO.PrecoUnitarioLicitado),15-13*$AF$10),0)","v":0},304043.32,"RA","",{"$f":"IF($C815=\"S\",IF($Z815=\"CP\",$X815,IF($Z815=\"RA\",(($X815)*QCI!$AA$3),0)),SomaAgrup)","v":304043.31999999995},0,{"$f":"IF($N815=\"\",\"\",IF(ORÇAMENTO.Descricao=\"\",\"DESCRIÇÃO\",IF(AND($C815=\"S\",ORÇAMENTO.Unidade=\"\"),\"UNIDADE\",IF($X815<0,\"VALOR NEGATIVO\",IF(OR(AND(TIPOORCAMENTO=\"Proposto\",$AG815<>\"\",$AG815>0,ORÇAMENTO.CustoUnitario>$AG815),AND(TIPOORCAMENTO=\"LICITADO\",ORÇAMENTO.PrecoUnitarioLicitado>$AN815)),\"ACIMA REF.\",\"\")))))","v":""},{"$f":"IF(C815<=CRONO.NivelExibicao,MAX($AD$15:OFFSET(AD815,-1,0))+IF($C815<>1,1,MAX(1,COUNTIF(QCI!$A$13:$A$32,OFFSET($E815,-1,0)))),\"\")","v":""},{"$f":"IF(AND($C815=\"S\",ORÇAMENTO.CodBarra<>\"\"),IF(ORÇAMENTO.Fonte=\"\",ORÇAMENTO.CodBarra,CONCATENATE(ORÇAMENTO.Fonte,\" \",ORÇAMENTO.CodBarra)))","v":false},{"$f":"IF(ISERROR(INDIRECT(ORÇAMENTO.BancoRef)),\"(abra o arquivo 'Referência \"&Excel_BuiltIn_Database&\".xls)\",IF(OR($C815<>\"S\",ORÇAMENTO.CodBarra=\"\"),\"(Sem Código)\",IF(ISERROR(MATCH($AE815,INDIRECT(ORÇAMENTO.BancoRef),0)),\"(Código não identificado nas referências)\",MATCH($AE815,INDIRECT(ORÇAMENTO.BancoRef),0))))","v":"(abra o arquivo 'Referência 06-2023.xls)"},{"$f":"ROUND(IF(DESONERACAO=\"sim\",REFERENCIA.Desonerado,REFERENCIA.NaoDesonerado),2)","v":0},0.23530000000000001,null,null,null,null,304043.32,0]
["S",2,"S",0,{"$f":"IF($C816=1,OFFSET(E816,-1,0)+MAX(1,COUNTIF(QCI!$A$13:$A$32,OFFSET(ORÇAMENTO!E816,-1,0))),OFFSET(E816,-1,0))","v":18},7,0,0,1,0,{"$f":"IF(OR($C816=\"S\",$C816=0),0,MATCH(OFFSET($D816,0,$C816)+IF($C816<>1,1,COUNTIF(QCI!$A$13:$A$32,ORÇAMENTO!E816)),OFFSET($D816,1,$C816,ROW($C$850)-ROW($C816)),0))","v":0},"F","Serviço","Serviço","18.7.1.","SINAPI-I","4718","PEDRA BRITADA N. 2 PARA CAMADA DE BLOQUEIO (19 A 38 MM) POSTO PEDREIRA/FORNECEDOR, SEM FRETE","M3    ",{"$f":"OFFSET(CÁLCULO!H$15,ROW($T816)-ROW(T$15),0)","v":92.4},107.5,"BDI 1",{"$f":"IF($C816=\"S\",ROUND(IF(TIPOORCAMENTO=\"Proposto\",ORÇAMENTO.CustoUnitario*(1+$AH816),ORÇAMENTO.PrecoUnitarioLicitado),15-13*$AF$10),0)","v":132.79},12269.8,"RA","RA",{"$f":"IF($C816=\"S\",IF($Z816=\"CP\",$X816,IF($Z816=\"RA\",(($X816)*QCI!$AA$3),0)),SomaAgrup)","v":12269.8},0,{"$f":"IF($N816=\"\",\"\",IF(ORÇAMENTO.Descricao=\"\",\"DESCRIÇÃO\",IF(AND($C816=\"S\",ORÇAMENTO.Unidade=\"\"),\"UNIDADE\",IF($X816<0,\"VALOR NEGATIVO\",IF(OR(AND(TIPOORCAMENTO=\"Proposto\",$AG816<>\"\",$AG816>0,ORÇAMENTO.CustoUnitario>$AG816),AND(TIPOORCAMENTO=\"LICITADO\",ORÇAMENTO.PrecoUnitarioLicitado>$AN816)),\"ACIMA REF.\",\"\")))))","v":""},{"$f":"IF(C816<=CRONO.NivelExibicao,MAX($AD$15:OFFSET(AD816,-1,0))+IF($C816<>1,1,MAX(1,COUNTIF(QCI!$A$13:$A$32,OFFSET($E816,-1,0)))),\"\")","v":""},{"$f":"IF(AND($C816=\"S\",ORÇAMENTO.CodBarra<>\"\"),IF(ORÇAMENTO.Fonte=\"\",ORÇAMENTO.CodBarra,CONCATENATE(ORÇAMENTO.Fonte,\" \",ORÇAMENTO.CodBarra)))","v":"SINAPI-I 4718"},{"$f":"IF(ISERROR(INDIRECT(ORÇAMENTO.BancoRef)),\"(abra o arquivo 'Referência \"&Excel_BuiltIn_Database&\".xls)\",IF(OR($C816<>\"S\",ORÇAMENTO.CodBarra=\"\"),\"(Sem Código)\",IF(ISERROR(MATCH($AE816,INDIRECT(ORÇAMENTO.BancoRef),0)),\"(Código não identificado nas referências)\",MATCH($AE816,INDIRECT(ORÇAMENTO.BancoRef),0))))","v":"(abra o arquivo 'Referência 06-2023.xls)"},{"$f":"ROUND(IF(DESONERACAO=\"sim\",REFERENCIA.Desonerado,REFERENCIA.NaoDesonerado),2)","v":0},0.23530000000000001,null,{"$f":"440*7*0.03","v":92.399999999999991},null,null,12269.8,132.79]
["S",2,"S",0,{"$f":"IF($C817=1,OFFSET(E817,-1,0)+MAX(1,COUNTIF(QCI!$A$13:$A$32,OFFSET(ORÇAMENTO!E817,-1,0))),OFFSET(E817,-1,0))","v":18},7,0,0,2,0,{"$f":"IF(OR($C817=\"S\",$C817=0),0,MATCH(OFFSET($D817,0,$C817)+IF($C817<>1,1,COUNTIF(QCI!$A$13:$A$32,ORÇAMENTO!E817)),OFFSET($D817,1,$C817,ROW($C$850)-ROW($C817)),0))","v":0},"F","Serviço","Serviço","18.7.2.","SINAPI","100974","CARGA, MANOBRA E DESCARGA DE SOLOS E MATERIAIS GRANULARES EM CAMINHÃO BASCULANTE 10 M³ - CARGA COM PÁ CARREGADEIRA (CAÇAMBA DE 1,7 A 2,8 M³ / 128 HP) E DESCARGA LIVRE (UNIDADE: M3). AF_07/2020","M3",{"$f":"OFFSET(CÁLCULO!H$15,ROW($T817)-ROW(T$15),0)","v":92.4},8.2799999999999994,"BDI 1",{"$f":"IF($C817=\"S\",ROUND(IF(TIPOORCAMENTO=\"Proposto\",ORÇAMENTO.CustoUnitario*(1+$AH817),ORÇAMENTO.PrecoUnitarioLicitado),15-13*$AF$10),0)","v":10.23},945.25,"RA","RA",{"$f":"IF($C817=\"S\",IF($Z817=\"CP\",$X817,IF($Z817=\"RA\",(($X817)*QCI!$AA$3),0)),SomaAgrup)","v":945.25},0,{"$f":"IF($N817=\"\",\"\",IF(ORÇAMENTO.Descricao=\"\",\"DESCRIÇÃO\",IF(AND($C817=\"S\",ORÇAMENTO.Unidade=\"\"),\"UNIDADE\",IF($X817<0,\"VALOR NEGATIVO\",IF(OR(AND(TIPOORCAMENTO=\"Proposto\",$AG817<>\"\",$AG817>0,ORÇAMENTO.CustoUnitario>$AG817),AND(TIPOORCAMENTO=\"LICITADO\",ORÇAMENTO.PrecoUnitarioLicitado>$AN817)),\"ACIMA REF.\",\"\")))))","v":""},{"$f":"IF(C817<=CRONO.NivelExibicao,MAX($AD$15:OFFSET(AD817,-1,0))+IF($C817<>1,1,MAX(1,COUNTIF(QCI!$A$13:$A$32,OFFSET($E817,-1,0)))),\"\")","v":""},{"$f":"IF(AND($C817=\"S\",ORÇAMENTO.CodBarra<>\"\"),IF(ORÇAMENTO.Fonte=\"\",ORÇAMENTO.CodBarra,CONCATENATE(ORÇAMENTO.Fonte,\" \",ORÇAMENTO.CodBarra)))","v":"SINAPI 100974"},{"$f":"IF(ISERROR(INDIRECT(ORÇAMENTO.BancoRef)),\"(abra o arquivo 'Referência \"&Excel_BuiltIn_Database&\".xls)\",IF(OR($C817<>\"S\",ORÇAMENTO.CodBarra=\"\"),\"(Sem Código)\",IF(ISERROR(MATCH($AE817,INDIRECT(ORÇAMENTO.BancoRef),0)),\"(Código não identificado nas referências)\",MATCH($AE817,INDIRECT(ORÇAMENTO.BancoRef),0))))","v":"(abra o arquivo 'Referência 06-2023.xls)"},{"$f":"ROUND(IF(DESONERACAO=\"sim\",REFERENCIA.Desonerado,REFERENCIA.NaoDesonerado),2)","v":0},0.23530000000000001,null,{"$f":"AJ816","v":92.399999999999991},null,null,945.25,10.23]
["S",2,"S",0,{"$f":"IF($C818=1,OFFSET(E818,-1,0)+MAX(1,COUNTIF(QCI!$A$13:$A$32,OFFSET(ORÇAMENTO!E818,-1,0))),OFFSET(E818,-1,0))","v":18},7,0,0,3,0,{"$f":"IF(OR($C818=\"S\",$C818=0),0,MATCH(OFFSET($D818,0,$C818)+IF($C818<>1,1,COUNTIF(QCI!$A$13:$A$32,ORÇAMENTO!E818)),OFFSET($D818,1,$C818,ROW($C$850)-ROW($C818)),0))","v":0},"F","Serviço","Serviço","18.7.3.","SINAPI","95875","TRANSPORTE COM CAMINHÃO BASCULANTE DE 10 M³, EM VIA URBANA PAVIMENTADA, DMT ATÉ 30 KM (UNIDADE: M3XKM). AF_07/2020","M3XKM",{"$f":"OFFSET(CÁLCULO!H$15,ROW($T818)-ROW(T$15),0)","v":1848},2.23,"BDI 1",{"$f":"IF($C818=\"S\",ROUND(IF(TIPOORCAMENTO=\"Proposto\",ORÇAMENTO.CustoUnitario*(1+$AH818),ORÇAMENTO.PrecoUnitarioLicitado),15-13*$AF$10),0)","v":2.75},5082,"RA","RA",{"$f":"IF($C818=\"S\",IF($Z818=\"CP\",$X818,IF($Z818=\"RA\",(($X818)*QCI!$AA$3),0)),SomaAgrup)","v":5082},0,{"$f":"IF($N818=\"\",\"\",IF(ORÇAMENTO.Descricao=\"\",\"DESCRIÇÃO\",IF(AND($C818=\"S\",ORÇAMENTO.Unidade=\"\"),\"UNIDADE\",IF($X818<0,\"VALOR NEGATIVO\",IF(OR(AND(TIPOORCAMENTO=\"Proposto\",$AG818<>\"\",$AG818>0,ORÇAMENTO.CustoUnitario>$AG818),AND(TIPOORCAMENTO=\"LICITADO\",ORÇAMENTO.PrecoUnitarioLicitado>$AN818)),\"ACIMA REF.\",\"\")))))","v":""},{"$f":"IF(C818<=CRONO.NivelExibicao,MAX($AD$15:OFFSET(AD818,-1,0))+IF($C818<>1,1,MAX(1,COUNTIF(QCI!$A$13:$A$32,OFFSET($E818,-1,0)))),\"\")","v":""},{"$f":"IF(AND($C818=\"S\",ORÇAMENTO.CodBarra<>\"\"),IF(ORÇAMENTO.Fonte=\"\",ORÇAMENTO.CodBarra,CONCATENATE(ORÇAMENTO.Fonte,\" \",ORÇAMENTO.CodBarra)))","v":"SINAPI 95875"},{"$f":"IF(ISERROR(INDIRECT(ORÇAMENTO.BancoRef)),\"(abra o arquivo 'Referência \"&Excel_BuiltIn_Database&\".xls)\",IF(OR($C818<>\"S\",ORÇAMENTO.CodBarra=\"\"),\"(Sem Código)\",IF(ISERROR(MATCH($AE818,INDIRECT(ORÇAMENTO.BancoRef),0)),\"(Código não identificado nas referências)\",MATCH($AE818,INDIRECT(ORÇAMENTO.BancoRef),0))))","v":"(abra o arquivo 'Referência 06-2023.xls)"},{"$f":"ROUND(IF(DESONERACAO=\"sim\",REFERENCIA.Desonerado,REFERENCIA.NaoDesonerado),2)","v":0},0.23530000000000001,null,{"$f":"AJ817*20","v":1847.9999999999998},null,null,5082,2.75]
["S",2,"S",0,{"$f":"IF($C819=1,OFFSET(E819,-1,0)+MAX(1,COUNTIF(QCI!$A$13:$A$32,OFFSET(ORÇAMENTO!E819,-1,0))),OFFSET(E819,-1,0))","v":18},7,0,0,4,0,{"$f":"IF(OR($C819=\"S\",$C819=0),0,MATCH(OFFSET($D819,0,$C819)+IF($C819<>1,1,COUNTIF(QCI!$A$13:$A$32,ORÇAMENTO!E819)),OFFSET($D819,1,$C819,ROW($C$850)-ROW($C819)),0))","v":0},"F","Serviço","Serviço","18.7.4.","SINAPI","96399","EXECUÇÃO E COMPACTAÇÃO DE BASE E OU SUB BASE PARA PAVIMENTAÇÃO DE PEDRA RACHÃO  - EXCLUSIVE CARGA E TRANSPORTE","M3",{"$f":"OFFSET(CÁLCULO!H$15,ROW($T819)-ROW(T$15),0)","v":678.86},123.66,"BDI 1",{"$f":"IF($C819=\"S\",ROUND(IF(TIPOORCAMENTO=\"Proposto\",ORÇAMENTO.CustoUnitario*(1+$AH819),ORÇAMENTO.PrecoUnitarioLicitado),15-13*$AF$10),0)","v":152.76},103702.65,"RA","RA",{"$f":"IF($C819=\"S\",IF($Z819=\"CP\",$X819,IF($Z819=\"RA\",(($X819)*QCI!$AA$3),0)),SomaAgrup)","v":103702.65},0,{"$f":"IF($N819=\"\",\"\",IF(ORÇAMENTO.Descricao=\"\",\"DESCRIÇÃO\",IF(AND($C819=\"S\",ORÇAMENTO.Unidade=\"\"),\"UNIDADE\",IF($X819<0,\"VALOR NEGATIVO\",IF(OR(AND(TIPOORCAMENTO=\"Proposto\",$AG819<>\"\",$AG819>0,ORÇAMENTO.CustoUnitario>$AG819),AND(TIPOORCAMENTO=\"LICITADO\",ORÇAMENTO.PrecoUnitarioLicitado>$AN819)),\"ACIMA REF.\",\"\")))))","v":""},{"$f":"IF(C819<=CRONO.NivelExibicao,MAX($AD$15:OFFSET(AD819,-1,0))+IF($C819<>1,1,MAX(1,COUNTIF(QCI!$A$13:$A$32,OFFSET($E819,-1,0)))),\"\")","v":""},{"$f":"IF(AND($C819=\"S\",ORÇAMENTO.CodBarra<>\"\"),IF(ORÇAMENTO.Fonte=\"\",ORÇAMENTO.CodBarra,CONCATENATE(ORÇAMENTO.Fonte,\" \",ORÇAMENTO.CodBarra)))","v":"SINAPI 96399"},{"$f":"IF(ISERROR(INDIRECT(ORÇAMENTO.BancoRef)),\"(abra o arquivo 'Referência \"&Excel_BuiltIn_Database&\".xls)\",IF(OR($C819<>\"S\",ORÇAMENTO.CodBarra=\"\"),\"(Sem Código)\",IF(ISERROR(MATCH($AE819,INDIRECT(ORÇAMENTO.BancoRef),0)),\"(Código não identificado nas referências)\",MATCH($AE819,INDIRECT(ORÇAMENTO.BancoRef),0))))","v":"(abra o arquivo 'Referência 06-2023.xls)"},{"$f":"ROUND(IF(DESONERACAO=\"sim\",REFERENCIA.Desonerado,REFERENCIA.NaoDesonerado),2)","v":0},0.23530000000000001,null,678.86,null,null,103702.65,152.76]
["S",2,"S",0,{"$f":"IF($C820=1,OFFSET(E820,-1,0)+MAX(1,COUNTIF(QCI!$A$13:$A$32,OFFSET(ORÇAMENTO!E820,-1,0))),OFFSET(E820,-1,0))","v":18},7,0,0,5,0,{"$f":"IF(OR($C820=\"S\",$C820=0),0,MATCH(OFFSET($D820,0,$C820)+IF($C820<>1,1,COUNTIF(QCI!$A$13:$A$32,ORÇAMENTO!E820)),OFFSET($D820,1,$C820,ROW($C$850)-ROW($C820)),0))","v":0},"F","Serviço","Serviço","18.7.5.","SINAPI","100974","CARGA, MANOBRA E DESCARGA DE SOLOS E MATERIAIS GRANULARES EM CAMINHÃO BASCULANTE 10 M³ - CARGA COM PÁ CARREGADEIRA (CAÇAMBA DE 1,7 A 2,8 M³ / 128 HP) E DESCARGA LIVRE (UNIDADE: M3). AF_07/2020","M3",{"$f":"OFFSET(CÁLCULO!H$15,ROW($T820)-ROW(T$15),0)","v":678.86},8.2799999999999994,"BDI 1",{"$f":"IF($C820=\"S\",ROUND(IF(TIPOORCAMENTO=\"Proposto\",ORÇAMENTO.CustoUnitario*(1+$AH820),ORÇAMENTO.PrecoUnitarioLicitado),15-13*$AF$10),0)","v":10.23},6944.74,"RA","RA",{"$f":"IF($C820=\"S\",IF($Z820=\"CP\",$X820,IF($Z820=\"RA\",(($X820)*QCI!$AA$3),0)),SomaAgrup)","v":6944.74},0,{"$f":"IF($N820=\"\",\"\",IF(ORÇAMENTO.Descricao=\"\",\"DESCRIÇÃO\",IF(AND($C820=\"S\",ORÇAMENTO.Unidade=\"\"),\"UNIDADE\",IF($X820<0,\"VALOR NEGATIVO\",IF(OR(AND(TIPOORCAMENTO=\"Proposto\",$AG820<>\"\",$AG820>0,ORÇAMENTO.CustoUnitario>$AG820),AND(TIPOORCAMENTO=\"LICITADO\",ORÇAMENTO.PrecoUnitarioLicitado>$AN820)),\"ACIMA REF.\",\"\")))))","v":""},{"$f":"IF(C820<=CRONO.NivelExibicao,MAX($AD$15:OFFSET(AD820,-1,0))+IF($C820<>1,1,MAX(1,COUNTIF(QCI!$A$13:$A$32,OFFSET($E820,-1,0)))),\"\")","v":""},{"$f":"IF(AND($C820=\"S\",ORÇAMENTO.CodBarra<>\"\"),IF(ORÇAMENTO.Fonte=\"\",ORÇAMENTO.CodBarra,CONCATENATE(ORÇAMENTO.Fonte,\" \",ORÇAMENTO.CodBarra)))","v":"SINAPI 100974"},{"$f":"IF(ISERROR(INDIRECT(ORÇAMENTO.BancoRef)),\"(abra o arquivo 'Referência \"&Excel_BuiltIn_Database&\".xls)\",IF(OR($C820<>\"S\",ORÇAMENTO.CodBarra=\"\"),\"(Sem Código)\",IF(ISERROR(MATCH($AE820,INDIRECT(ORÇAMENTO.BancoRef),0)),\"(Código não identificado nas referências)\",MATCH($AE820,INDIRECT(ORÇAMENTO.BancoRef),0))))","v":"(abra o arquivo 'Referência 06-2023.xls)"},{"$f":"ROUND(IF(DESONERACAO=\"sim\",REFERENCIA.Desonerado,REFERENCIA.NaoDesonerado),2)","v":0},0.23530000000000001,null,{"$f":"AJ819","v":678.86},null,null,6944.74,10.23]
["S",2,"S",0,{"$f":"IF($C821=1,OFFSET(E821,-1,0)+MAX(1,COUNTIF(QCI!$A$13:$A$32,OFFSET(ORÇAMENTO!E821,-1,0))),OFFSET(E821,-1,0))","v":18},7,0,0,6,0,{"$f":"IF(OR($C821=\"S\",$C821=0),0,MATCH(OFFSET($D821,0,$C821)+IF($C821<>1,1,COUNTIF(QCI!$A$13:$A$32,ORÇAMENTO!E821)),OFFSET($D821,1,$C821,ROW($C$850)-ROW($C821)),0))","v":0},"F","Serviço","Serviço","18.7.6.","SINAPI","95875","TRANSPORTE COM CAMINHÃO BASCULANTE DE 10 M³, EM VIA URBANA PAVIMENTADA, DMT ATÉ 30 KM (UNIDADE: M3XKM). AF_07/2020","M3XKM",{"$f":"OFFSET(CÁLCULO!H$15,ROW($T821)-ROW(T$15),0)","v":13577.2},2.23,"BDI 1",{"$f":"IF($C821=\"S\",ROUND(IF(TIPOORCAMENTO=\"Proposto\",ORÇAMENTO.CustoUnitario*(1+$AH821),ORÇAMENTO.PrecoUnitarioLicitado),15-13*$AF$10),0)","v":2.75},37337.300000000003,"RA","RA",{"$f":"IF($C821=\"S\",IF($Z821=\"CP\",$X821,IF($Z821=\"RA\",(($X821)*QCI!$AA$3),0)),SomaAgrup)","v":37337.300000000003},0,{"$f":"IF($N821=\"\",\"\",IF(ORÇAMENTO.Descricao=\"\",\"DESCRIÇÃO\",IF(AND($C821=\"S\",ORÇAMENTO.Unidade=\"\"),\"UNIDADE\",IF($X821<0,\"VALOR NEGATIVO\",IF(OR(AND(TIPOORCAMENTO=\"Proposto\",$AG821<>\"\",$AG821>0,ORÇAMENTO.CustoUnitario>$AG821),AND(TIPOORCAMENTO=\"LICITADO\",ORÇAMENTO.PrecoUnitarioLicitado>$AN821)),\"ACIMA REF.\",\"\")))))","v":""},{"$f":"IF(C821<=CRONO.NivelExibicao,MAX($AD$15:OFFSET(AD821,-1,0))+IF($C821<>1,1,MAX(1,COUNTIF(QCI!$A$13:$A$32,OFFSET($E821,-1,0)))),\"\")","v":""},{"$f":"IF(AND($C821=\"S\",ORÇAMENTO.CodBarra<>\"\"),IF(ORÇAMENTO.Fonte=\"\",ORÇAMENTO.CodBarra,CONCATENATE(ORÇAMENTO.Fonte,\" \",ORÇAMENTO.CodBarra)))","v":"SINAPI 95875"},{"$f":"IF(ISERROR(INDIRECT(ORÇAMENTO.BancoRef)),\"(abra o arquivo 'Referência \"&Excel_BuiltIn_Database&\".xls)\",IF(OR($C821<>\"S\",ORÇAMENTO.CodBarra=\"\"),\"(Sem Código)\",IF(ISERROR(MATCH($AE821,INDIRECT(ORÇAMENTO.BancoRef),0)),\"(Código não identificado nas referências)\",MATCH($AE821,INDIRECT(ORÇAMENTO.BancoRef),0))))","v":"(abra o arquivo 'Referência 06-2023.xls)"},{"$f":"ROUND(IF(DESONERACAO=\"sim\",REFERENCIA.Desonerado,REFERENCIA.NaoDesonerado),2)","v":0},0.23530000000000001,null,{"$f":"AJ820*20","v":13577.2},null,null,37337.300000000003,2.75]
[{"$f":"CHOOSE(1+LOG(1+2*(ORÇAMENTO.Nivel=\"Meta\")+4*(ORÇAMENTO.Nivel=\"Nível 2\")+8*(ORÇAMENTO.Nivel=\"Nível 3\")+16*(ORÇAMENTO.Nivel=\"Nível 4\")+32*(ORÇAMENTO.Nivel=\"Serviço\"),2),0,1,2,3,4,\"S\")","v":"S"},2,"S",0,{"$f":"IF($C822=1,OFFSET(E822,-1,0)+MAX(1,COUNTIF(QCI!$A$13:$A$32,OFFSET(ORÇAMENTO!E822,-1,0))),OFFSET(E822,-1,0))","v":18},7,0,0,7,0,{"$f":"IF(OR($C822=\"S\",$C822=0),0,MATCH(OFFSET($D822,0,$C822)+IF($C822<>1,1,COUNTIF(QCI!$A$13:$A$32,ORÇAMENTO!E822)),OFFSET($D822,1,$C822,ROW($C$850)-ROW($C822)),0))","v":0},"F","Serviço","Serviço","18.7.7.","SINAPI","96396","EXECUÇÃO E COMPACTAÇÃO DE BASE E OU SUB BASE PARA PAVIMENTAÇÃO DE BRITA GRADUADA SIMPLES - EXCLUSIVE CARGA E TRANSPORTE","M3",{"$f":"OFFSET(CÁLCULO!H$15,ROW($T822)-ROW(T$15),0)","v":476.14},181.41,"BDI 1",{"$f":"IF($C822=\"S\",ROUND(IF(TIPOORCAMENTO=\"Proposto\",ORÇAMENTO.CustoUnitario*(1+$AH822),ORÇAMENTO.PrecoUnitarioLicitado),15-13*$AF$10),0)","v":224.1},{"$f":"IF($C822=\"S\",VTOTAL1,IF($C822=0,0,ROUND(SomaAgrup,15-13*$AF$11)))","v":106702.97},"RA","RA",{"$f":"IF($C822=\"S\",IF($Z822=\"CP\",$X822,IF($Z822=\"RA\",(($X822)*QCI!$AA$3),0)),SomaAgrup)","v":106702.97},{"$f":"IF($C822=\"S\",IF($Z822=\"OU\",ROUND($X822,2),0),SomaAgrup)","v":0},{"$f":"IF($N822=\"\",\"\",IF(ORÇAMENTO.Descricao=\"\",\"DESCRIÇÃO\",IF(AND($C822=\"S\",ORÇAMENTO.Unidade=\"\"),\"UNIDADE\",IF($X822<0,\"VALOR NEGATIVO\",IF(OR(AND(TIPOORCAMENTO=\"Proposto\",$AG822<>\"\",$AG822>0,ORÇAMENTO.CustoUnitario>$AG822),AND(TIPOORCAMENTO=\"LICITADO\",ORÇAMENTO.PrecoUnitarioLicitado>$AN822)),\"ACIMA REF.\",\"\")))))","v":""},{"$f":"IF(C822<=CRONO.NivelExibicao,MAX($AD$15:OFFSET(AD822,-1,0))+IF($C822<>1,1,MAX(1,COUNTIF(QCI!$A$13:$A$32,OFFSET($E822,-1,0)))),\"\")","v":""},{"$f":"IF(AND($C822=\"S\",ORÇAMENTO.CodBarra<>\"\"),IF(ORÇAMENTO.Fonte=\"\",ORÇAMENTO.CodBarra,CONCATENATE(ORÇAMENTO.Fonte,\" \",ORÇAMENTO.CodBarra)))","v":"SINAPI 96396"},{"$f":"IF(ISERROR(INDIRECT(ORÇAMENTO.BancoRef)),\"(abra o arquivo 'Referência \"&Excel_BuiltIn_Database&\".xls)\",IF(OR($C822<>\"S\",ORÇAMENTO.CodBarra=\"\"),\"(Sem Código)\",IF(ISERROR(MATCH($AE822,INDIRECT(ORÇAMENTO.BancoRef),0)),\"(Código não identificado nas referências)\",MATCH($AE822,INDIRECT(ORÇAMENTO.BancoRef),0))))","v":"(abra o arquivo 'Referência 06-2023.xls)"},{"$f":"ROUND(IF(DESONERACAO=\"sim\",REFERENCIA.Desonerado,REFERENCIA.NaoDesonerado),2)","v":0},{"$f":"ROUND(IF(ISNUMBER(ORÇAMENTO.OpcaoBDI),ORÇAMENTO.OpcaoBDI,IF(LEFT(ORÇAMENTO.OpcaoBDI,3)=\"BDI\",HLOOKUP(ORÇAMENTO.OpcaoBDI,$F$4:$H$5,2,FALSE),0)),15-11*$AF$9)","v":0.23530000000000001},null,476.14,null,null,106702.97,{"$f":"ROUND(ORÇAMENTO.CustoUnitario*(1+$AH822),2)","v":224.1}]
["S",2,"S",0,{"$f":"IF($C823=1,OFFSET(E823,-1,0)+MAX(1,COUNTIF(QCI!$A$13:$A$32,OFFSET(ORÇAMENTO!E823,-1,0))),OFFSET(E823,-1,0))","v":18},7,0,0,8,0,{"$f":"IF(OR($C823=\"S\",$C823=0),0,MATCH(OFFSET($D823,0,$C823)+IF($C823<>1,1,COUNTIF(QCI!$A$13:$A$32,ORÇAMENTO!E823)),OFFSET($D823,1,$C823,ROW($C$850)-ROW($C823)),0))","v":0},"F","Serviço","Serviço","18.7.8.","SINAPI","100974","CARGA, MANOBRA E DESCARGA DE SOLOS E MATERIAIS GRANULARES EM CAMINHÃO BASCULANTE 10 M³ - CARGA COM PÁ CARREGADEIRA (CAÇAMBA DE 1,7 A 2,8 M³ / 128 HP) E DESCARGA LIVRE (UNIDADE: M3). AF_07/2020","M3",{"$f":"OFFSET(CÁLCULO!H$15,ROW($T823)-ROW(T$15),0)","v":476.14},8.2799999999999994,"BDI 1",{"$f":"IF($C823=\"S\",ROUND(IF(TIPOORCAMENTO=\"Proposto\",ORÇAMENTO.CustoUnitario*(1+$AH823),ORÇAMENTO.PrecoUnitarioLicitado),15-13*$AF$10),0)","v":10.23},4870.91,"RA","RA",{"$f":"IF($C823=\"S\",IF($Z823=\"CP\",$X823,IF($Z823=\"RA\",(($X823)*QCI!$AA$3),0)),SomaAgrup)","v":4870.91},0,{"$f":"IF($N823=\"\",\"\",IF(ORÇAMENTO.Descricao=\"\",\"DESCRIÇÃO\",IF(AND($C823=\"S\",ORÇAMENTO.Unidade=\"\"),\"UNIDADE\",IF($X823<0,\"VALOR NEGATIVO\",IF(OR(AND(TIPOORCAMENTO=\"Proposto\",$AG823<>\"\",$AG823>0,ORÇAMENTO.CustoUnitario>$AG823),AND(TIPOORCAMENTO=\"LICITADO\",ORÇAMENTO.PrecoUnitarioLicitado>$AN823)),\"ACIMA REF.\",\"\")))))","v":""},{"$f":"IF(C823<=CRONO.NivelExibicao,MAX($AD$15:OFFSET(AD823,-1,0))+IF($C823<>1,1,MAX(1,COUNTIF(QCI!$A$13:$A$32,OFFSET($E823,-1,0)))),\"\")","v":""},{"$f":"IF(AND($C823=\"S\",ORÇAMENTO.CodBarra<>\"\"),IF(ORÇAMENTO.Fonte=\"\",ORÇAMENTO.CodBarra,CONCATENATE(ORÇAMENTO.Fonte,\" \",ORÇAMENTO.CodBarra)))","v":"SINAPI 100974"},{"$f":"IF(ISERROR(INDIRECT(ORÇAMENTO.BancoRef)),\"(abra o arquivo 'Referência \"&Excel_BuiltIn_Database&\".xls)\",IF(OR($C823<>\"S\",ORÇAMENTO.CodBarra=\"\"),\"(Sem Código)\",IF(ISERROR(MATCH($AE823,INDIRECT(ORÇAMENTO.BancoRef),0)),\"(Código não identificado nas referências)\",MATCH($AE823,INDIRECT(ORÇAMENTO.BancoRef),0))))","v":"(abra o arquivo 'Referência 06-2023.xls)"},{"$f":"ROUND(IF(DESONERACAO=\"sim\",REFERENCIA.Desonerado,REFERENCIA.NaoDesonerado),2)","v":0},0.23530000000000001,null,{"$f":"AJ822","v":476.14},null,null,4870.91,10.23]
["S",2,"S",0,{"$f":"IF($C824=1,OFFSET(E824,-1,0)+MAX(1,COUNTIF(QCI!$A$13:$A$32,OFFSET(ORÇAMENTO!E824,-1,0))),OFFSET(E824,-1,0))","v":18},7,0,0,9,0,{"$f":"IF(OR($C824=\"S\",$C824=0),0,MATCH(OFFSET($D824,0,$C824)+IF($C824<>1,1,COUNTIF(QCI!$A$13:$A$32,ORÇAMENTO!E824)),OFFSET($D824,1,$C824,ROW($C$850)-ROW($C824)),0))","v":0},"F","Serviço","Serviço","18.7.9.","SINAPI","95875","TRANSPORTE COM CAMINHÃO BASCULANTE DE 10 M³, EM VIA URBANA PAVIMENTADA, DMT ATÉ 30 KM (UNIDADE: M3XKM). AF_07/2020","M3XKM",{"$f":"OFFSET(CÁLCULO!H$15,ROW($T824)-ROW(T$15),0)","v":9522.7999999999993},2.23,"BDI 1",{"$f":"IF($C824=\"S\",ROUND(IF(TIPOORCAMENTO=\"Proposto\",ORÇAMENTO.CustoUnitario*(1+$AH824),ORÇAMENTO.PrecoUnitarioLicitado),15-13*$AF$10),0)","v":2.75},26187.7,"RA","RA",{"$f":"IF($C824=\"S\",IF($Z824=\"CP\",$X824,IF($Z824=\"RA\",(($X824)*QCI!$AA$3),0)),SomaAgrup)","v":26187.7},0,{"$f":"IF($N824=\"\",\"\",IF(ORÇAMENTO.Descricao=\"\",\"DESCRIÇÃO\",IF(AND($C824=\"S\",ORÇAMENTO.Unidade=\"\"),\"UNIDADE\",IF($X824<0,\"VALOR NEGATIVO\",IF(OR(AND(TIPOORCAMENTO=\"Proposto\",$AG824<>\"\",$AG824>0,ORÇAMENTO.CustoUnitario>$AG824),AND(TIPOORCAMENTO=\"LICITADO\",ORÇAMENTO.PrecoUnitarioLicitado>$AN824)),\"ACIMA REF.\",\"\")))))","v":""},{"$f":"IF(C824<=CRONO.NivelExibicao,MAX($AD$15:OFFSET(AD824,-1,0))+IF($C824<>1,1,MAX(1,COUNTIF(QCI!$A$13:$A$32,OFFSET($E824,-1,0)))),\"\")","v":""},{"$f":"IF(AND($C824=\"S\",ORÇAMENTO.CodBarra<>\"\"),IF(ORÇAMENTO.Fonte=\"\",ORÇAMENTO.CodBarra,CONCATENATE(ORÇAMENTO.Fonte,\" \",ORÇAMENTO.CodBarra)))","v":"SINAPI 95875"},{"$f":"IF(ISERROR(INDIRECT(ORÇAMENTO.BancoRef)),\"(abra o arquivo 'Referência \"&Excel_BuiltIn_Database&\".xls)\",IF(OR($C824<>\"S\",ORÇAMENTO.CodBarra=\"\"),\"(Sem Código)\",IF(ISERROR(MATCH($AE824,INDIRECT(ORÇAMENTO.BancoRef),0)),\"(Código não identificado nas referências)\",MATCH($AE824,INDIRECT(ORÇAMENTO.BancoRef),0))))","v":"(abra o arquivo 'Referência 06-2023.xls)"},{"$f":"ROUND(IF(DESONERACAO=\"sim\",REFERENCIA.Desonerado,REFERENCIA.NaoDesonerado),2)","v":0},0.23530000000000001,null,{"$f":"AJ823*20","v":9522.7999999999993},null,null,26187.7,2.75]
[2,2,2,8,{"$f":"IF($C825=1,OFFSET(E825,-1,0)+MAX(1,COUNTIF(QCI!$A$13:$A$32,OFFSET(ORÇAMENTO!E825,-1,0))),OFFSET(E825,-1,0))","v":18},8,0,0,0,25,{"$f":"IF(OR($C825=\"S\",$C825=0),0,MATCH(OFFSET($D825,0,$C825)+IF($C825<>1,1,COUNTIF(QCI!$A$13:$A$32,ORÇAMENTO!E825)),OFFSET($D825,1,$C825,ROW($C$850)-ROW($C825)),0))","v":8},"F","Nível 2","Nível 2","18.8.","SINAPI",null,"PAVIMENTAÇÃO EM ASFALTO C.A.U.Q","-",{"$f":"OFFSET(CÁLCULO!H$15,ROW($T825)-ROW(T$15),0)","v":0},0,"BDI 1",{"$f":"IF($C825=\"S\",ROUND(IF(TIPOORCAMENTO=\"Proposto\",ORÇAMENTO.CustoUnitario*(1+$AH825),ORÇAMENTO.PrecoUnitarioLicitado),15-13*$AF$10),0)","v":0},261437.31,"RA","",{"$f":"IF($C825=\"S\",IF($Z825=\"CP\",$X825,IF($Z825=\"RA\",(($X825)*QCI!$AA$3),0)),SomaAgrup)","v":261437.31},0,{"$f":"IF($N825=\"\",\"\",IF(ORÇAMENTO.Descricao=\"\",\"DESCRIÇÃO\",IF(AND($C825=\"S\",ORÇAMENTO.Unidade=\"\"),\"UNIDADE\",IF($X825<0,\"VALOR NEGATIVO\",IF(OR(AND(TIPOORCAMENTO=\"Proposto\",$AG825<>\"\",$AG825>0,ORÇAMENTO.CustoUnitario>$AG825),AND(TIPOORCAMENTO=\"LICITADO\",ORÇAMENTO.PrecoUnitarioLicitado>$AN825)),\"ACIMA REF.\",\"\")))))","v":""},{"$f":"IF(C825<=CRONO.NivelExibicao,MAX($AD$15:OFFSET(AD825,-1,0))+IF($C825<>1,1,MAX(1,COUNTIF(QCI!$A$13:$A$32,OFFSET($E825,-1,0)))),\"\")","v":""},{"$f":"IF(AND($C825=\"S\",ORÇAMENTO.CodBarra<>\"\"),IF(ORÇAMENTO.Fonte=\"\",ORÇAMENTO.CodBarra,CONCATENATE(ORÇAMENTO.Fonte,\" \",ORÇAMENTO.CodBarra)))","v":false},{"$f":"IF(ISERROR(INDIRECT(ORÇAMENTO.BancoRef)),\"(abra o arquivo 'Referência \"&Excel_BuiltIn_Database&\".xls)\",IF(OR($C825<>\"S\",ORÇAMENTO.CodBarra=\"\"),\"(Sem Código)\",IF(ISERROR(MATCH($AE825,INDIRECT(ORÇAMENTO.BancoRef),0)),\"(Código não identificado nas referências)\",MATCH($AE825,INDIRECT(ORÇAMENTO.BancoRef),0))))","v":"(abra o arquivo 'Referência 06-2023.xls)"},{"$f":"ROUND(IF(DESONERACAO=\"sim\",REFERENCIA.Desonerado,REFERENCIA.NaoDesonerado),2)","v":0},0.23530000000000001,null,null,null,null,261437.31,0]
["S",2,"S",0,{"$f":"IF($C826=1,OFFSET(E826,-1,0)+MAX(1,COUNTIF(QCI!$A$13:$A$32,OFFSET(ORÇAMENTO!E826,-1,0))),OFFSET(E826,-1,0))","v":18},8,0,0,1,0,{"$f":"IF(OR($C826=\"S\",$C826=0),0,MATCH(OFFSET($D826,0,$C826)+IF($C826<>1,1,COUNTIF(QCI!$A$13:$A$32,ORÇAMENTO!E826)),OFFSET($D826,1,$C826,ROW($C$850)-ROW($C826)),0))","v":0},"F","Serviço","Serviço","18.8.1.","AMMOC","CM30","EXECUÇÃO DE IMPRIMAÇÃO COM ASFALTO DILUÍDO CM-30","M2",{"$f":"OFFSET(CÁLCULO!H$15,ROW($T826)-ROW(T$15),0)","v":3080},7.48,"BDI 1",{"$f":"IF($C826=\"S\",ROUND(IF(TIPOORCAMENTO=\"Proposto\",ORÇAMENTO.CustoUnitario*(1+$AH826),ORÇAMENTO.PrecoUnitarioLicitado),15-13*$AF$10),0)","v":9.24},28459.200000000001,"RA","RA",{"$f":"IF($C826=\"S\",IF($Z826=\"CP\",$X826,IF($Z826=\"RA\",(($X826)*QCI!$AA$3),0)),SomaAgrup)","v":28459.200000000001},0,{"$f":"IF($N826=\"\",\"\",IF(ORÇAMENTO.Descricao=\"\",\"DESCRIÇÃO\",IF(AND($C826=\"S\",ORÇAMENTO.Unidade=\"\"),\"UNIDADE\",IF($X826<0,\"VALOR NEGATIVO\",IF(OR(AND(TIPOORCAMENTO=\"Proposto\",$AG826<>\"\",$AG826>0,ORÇAMENTO.CustoUnitario>$AG826),AND(TIPOORCAMENTO=\"LICITADO\",ORÇAMENTO.PrecoUnitarioLicitado>$AN826)),\"ACIMA REF.\",\"\")))))","v":""},{"$f":"IF(C826<=CRONO.NivelExibicao,MAX($AD$15:OFFSET(AD826,-1,0))+IF($C826<>1,1,MAX(1,COUNTIF(QCI!$A$13:$A$32,OFFSET($E826,-1,0)))),\"\")","v":""},{"$f":"IF(AND($C826=\"S\",ORÇAMENTO.CodBarra<>\"\"),IF(ORÇAMENTO.Fonte=\"\",ORÇAMENTO.CodBarra,CONCATENATE(ORÇAMENTO.Fonte,\" \",ORÇAMENTO.CodBarra)))","v":"AMMOC CM30"},{"$f":"IF(ISERROR(INDIRECT(ORÇAMENTO.BancoRef)),\"(abra o arquivo 'Referência \"&Excel_BuiltIn_Database&\".xls)\",IF(OR($C826<>\"S\",ORÇAMENTO.CodBarra=\"\"),\"(Sem Código)\",IF(ISERROR(MATCH($AE826,INDIRECT(ORÇAMENTO.BancoRef),0)),\"(Código não identificado nas referências)\",MATCH($AE826,INDIRECT(ORÇAMENTO.BancoRef),0))))","v":"(abra o arquivo 'Referência 06-2023.xls)"},{"$f":"ROUND(IF(DESONERACAO=\"sim\",REFERENCIA.Desonerado,REFERENCIA.NaoDesonerado),2)","v":0},0.23530000000000001,null,{"$f":"3080","v":3080},null,null,28459.200000000001,9.24]
["S",2,"S",0,{"$f":"IF($C827=1,OFFSET(E827,-1,0)+MAX(1,COUNTIF(QCI!$A$13:$A$32,OFFSET(ORÇAMENTO!E827,-1,0))),OFFSET(E827,-1,0))","v":18},8,0,0,2,0,{"$f":"IF(OR($C827=\"S\",$C827=0),0,MATCH(OFFSET($D827,0,$C827)+IF($C827<>1,1,COUNTIF(QCI!$A$13:$A$32,ORÇAMENTO!E827)),OFFSET($D827,1,$C827,ROW($C$850)-ROW($C827)),0))","v":0},"F","Serviço","Serviço","18.8.2.","SINAPI","102332","TRANSPORTE COM CAMINHÃO TANQUE DE TRANSPORTE DE MATERIAL ASFÁLTICO DE 20000 L, EM VIA URBANA PAVIMENTADA, DMT ATÉ 30KM (UNIDADE: TXKM). AF_07/2020","TXKM",{"$f":"OFFSET(CÁLCULO!H$15,ROW($T827)-ROW(T$15),0)","v":61.6},1.64,"BDI 1",{"$f":"IF($C827=\"S\",ROUND(IF(TIPOORCAMENTO=\"Proposto\",ORÇAMENTO.CustoUnitario*(1+$AH827),ORÇAMENTO.PrecoUnitarioLicitado),15-13*$AF$10),0)","v":2.0299999999999998},125.05,"RA","RA",{"$f":"IF($C827=\"S\",IF($Z827=\"CP\",$X827,IF($Z827=\"RA\",(($X827)*QCI!$AA$3),0)),SomaAgrup)","v":125.05},0,{"$f":"IF($N827=\"\",\"\",IF(ORÇAMENTO.Descricao=\"\",\"DESCRIÇÃO\",IF(AND($C827=\"S\",ORÇAMENTO.Unidade=\"\"),\"UNIDADE\",IF($X827<0,\"VALOR NEGATIVO\",IF(OR(AND(TIPOORCAMENTO=\"Proposto\",$AG827<>\"\",$AG827>0,ORÇAMENTO.CustoUnitario>$AG827),AND(TIPOORCAMENTO=\"LICITADO\",ORÇAMENTO.PrecoUnitarioLicitado>$AN827)),\"ACIMA REF.\",\"\")))))","v":""},{"$f":"IF(C827<=CRONO.NivelExibicao,MAX($AD$15:OFFSET(AD827,-1,0))+IF($C827<>1,1,MAX(1,COUNTIF(QCI!$A$13:$A$32,OFFSET($E827,-1,0)))),\"\")","v":""},{"$f":"IF(AND($C827=\"S\",ORÇAMENTO.CodBarra<>\"\"),IF(ORÇAMENTO.Fonte=\"\",ORÇAMENTO.CodBarra,CONCATENATE(ORÇAMENTO.Fonte,\" \",ORÇAMENTO.CodBarra)))","v":"SINAPI 102332"},{"$f":"IF(ISERROR(INDIRECT(ORÇAMENTO.BancoRef)),\"(abra o arquivo 'Referência \"&Excel_BuiltIn_Database&\".xls)\",IF(OR($C827<>\"S\",ORÇAMENTO.CodBarra=\"\"),\"(Sem Código)\",IF(ISERROR(MATCH($AE827,INDIRECT(ORÇAMENTO.BancoRef),0)),\"(Código não identificado nas referências)\",MATCH($AE827,INDIRECT(ORÇAMENTO.BancoRef),0))))","v":"(abra o arquivo 'Referência 06-2023.xls)"},{"$f":"ROUND(IF(DESONERACAO=\"sim\",REFERENCIA.Desonerado,REFERENCIA.NaoDesonerado),2)","v":0},0.23530000000000001,null,{"$f":"AJ826*20/1000","v":61.6},null,null,125.05,2.0299999999999998]
["S",2,"S",0,{"$f":"IF($C828=1,OFFSET(E828,-1,0)+MAX(1,COUNTIF(QCI!$A$13:$A$32,OFFSET(ORÇAMENTO!E828,-1,0))),OFFSET(E828,-1,0))","v":18},8,0,0,3,0,{"$f":"IF(OR($C828=\"S\",$C828=0),0,MATCH(OFFSET($D828,0,$C828)+IF($C828<>1,1,COUNTIF(QCI!$A$13:$A$32,ORÇAMENTO!E828)),OFFSET($D828,1,$C828,ROW($C$850)-ROW($C828)),0))","v":0},"F","Serviço","Serviço","18.8.3.","AMMOC","RR-2C","EXECUÇÃO DE PINTURA DE LIGAÇÃO COM EMULSÃO ASFÁLTICA RR-2C","M2",{"$f":"OFFSET(CÁLCULO!H$15,ROW($T828)-ROW(T$15),0)","v":2683.5},2.54,"BDI 1",{"$f":"IF($C828=\"S\",ROUND(IF(TIPOORCAMENTO=\"Proposto\",ORÇAMENTO.CustoUnitario*(1+$AH828),ORÇAMENTO.PrecoUnitarioLicitado),15-13*$AF$10),0)","v":3.14},8426.19,"RA","RA",{"$f":"IF($C828=\"S\",IF($Z828=\"CP\",$X828,IF($Z828=\"RA\",(($X828)*QCI!$AA$3),0)),SomaAgrup)","v":8426.19},0,{"$f":"IF($N828=\"\",\"\",IF(ORÇAMENTO.Descricao=\"\",\"DESCRIÇÃO\",IF(AND($C828=\"S\",ORÇAMENTO.Unidade=\"\"),\"UNIDADE\",IF($X828<0,\"VALOR NEGATIVO\",IF(OR(AND(TIPOORCAMENTO=\"Proposto\",$AG828<>\"\",$AG828>0,ORÇAMENTO.CustoUnitario>$AG828),AND(TIPOORCAMENTO=\"LICITADO\",ORÇAMENTO.PrecoUnitarioLicitado>$AN828)),\"ACIMA REF.\",\"\")))))","v":""},{"$f":"IF(C828<=CRONO.NivelExibicao,MAX($AD$15:OFFSET(AD828,-1,0))+IF($C828<>1,1,MAX(1,COUNTIF(QCI!$A$13:$A$32,OFFSET($E828,-1,0)))),\"\")","v":""},{"$f":"IF(AND($C828=\"S\",ORÇAMENTO.CodBarra<>\"\"),IF(ORÇAMENTO.Fonte=\"\",ORÇAMENTO.CodBarra,CONCATENATE(ORÇAMENTO.Fonte,\" \",ORÇAMENTO.CodBarra)))","v":"AMMOC RR-2C"},{"$f":"IF(ISERROR(INDIRECT(ORÇAMENTO.BancoRef)),\"(abra o arquivo 'Referência \"&Excel_BuiltIn_Database&\".xls)\",IF(OR($C828<>\"S\",ORÇAMENTO.CodBarra=\"\"),\"(Sem Código)\",IF(ISERROR(MATCH($AE828,INDIRECT(ORÇAMENTO.BancoRef),0)),\"(Código não identificado nas referências)\",MATCH($AE828,INDIRECT(ORÇAMENTO.BancoRef),0))))","v":"(abra o arquivo 'Referência 06-2023.xls)"},{"$f":"ROUND(IF(DESONERACAO=\"sim\",REFERENCIA.Desonerado,REFERENCIA.NaoDesonerado),2)","v":0},0.23530000000000001,null,{"$f":"(440*6)+43.5","v":2683.5},null,null,8426.19,3.14]
["S",2,"S",0,{"$f":"IF($C829=1,OFFSET(E829,-1,0)+MAX(1,COUNTIF(QCI!$A$13:$A$32,OFFSET(ORÇAMENTO!E829,-1,0))),OFFSET(E829,-1,0))","v":18},8,0,0,4,0,{"$f":"IF(OR($C829=\"S\",$C829=0),0,MATCH(OFFSET($D829,0,$C829)+IF($C829<>1,1,COUNTIF(QCI!$A$13:$A$32,ORÇAMENTO!E829)),OFFSET($D829,1,$C829,ROW($C$850)-ROW($C829)),0))","v":0},"F","Serviço","Serviço","18.8.4.","SINAPI","102332","TRANSPORTE COM CAMINHÃO TANQUE DE MATERIAL ASFÁLTICO, DMT = 20 KM","TXKM",{"$f":"OFFSET(CÁLCULO!H$15,ROW($T829)-ROW(T$15),0)","v":53.67},1.64,"BDI 1",{"$f":"IF($C829=\"S\",ROUND(IF(TIPOORCAMENTO=\"Proposto\",ORÇAMENTO.CustoUnitario*(1+$AH829),ORÇAMENTO.PrecoUnitarioLicitado),15-13*$AF$10),0)","v":2.0299999999999998},108.95,"RA","RA",{"$f":"IF($C829=\"S\",IF($Z829=\"CP\",$X829,IF($Z829=\"RA\",(($X829)*QCI!$AA$3),0)),SomaAgrup)","v":108.95},0,{"$f":"IF($N829=\"\",\"\",IF(ORÇAMENTO.Descricao=\"\",\"DESCRIÇÃO\",IF(AND($C829=\"S\",ORÇAMENTO.Unidade=\"\"),\"UNIDADE\",IF($X829<0,\"VALOR NEGATIVO\",IF(OR(AND(TIPOORCAMENTO=\"Proposto\",$AG829<>\"\",$AG829>0,ORÇAMENTO.CustoUnitario>$AG829),AND(TIPOORCAMENTO=\"LICITADO\",ORÇAMENTO.PrecoUnitarioLicitado>$AN829)),\"ACIMA REF.\",\"\")))))","v":""},{"$f":"IF(C829<=CRONO.NivelExibicao,MAX($AD$15:OFFSET(AD829,-1,0))+IF($C829<>1,1,MAX(1,COUNTIF(QCI!$A$13:$A$32,OFFSET($E829,-1,0)))),\"\")","v":""},{"$f":"IF(AND($C829=\"S\",ORÇAMENTO.CodBarra<>\"\"),IF(ORÇAMENTO.Fonte=\"\",ORÇAMENTO.CodBarra,CONCATENATE(ORÇAMENTO.Fonte,\" \",ORÇAMENTO.CodBarra)))","v":"SINAPI 102332"},{"$f":"IF(ISERROR(INDIRECT(ORÇAMENTO.BancoRef)),\"(abra o arquivo 'Referência \"&Excel_BuiltIn_Database&\".xls)\",IF(OR($C829<>\"S\",ORÇAMENTO.CodBarra=\"\"),\"(Sem Código)\",IF(ISERROR(MATCH($AE829,INDIRECT(ORÇAMENTO.BancoRef),0)),\"(Código não identificado nas referências)\",MATCH($AE829,INDIRECT(ORÇAMENTO.BancoRef),0))))","v":"(abra o arquivo 'Referência 06-2023.xls)"},{"$f":"ROUND(IF(DESONERACAO=\"sim\",REFERENCIA.Desonerado,REFERENCIA.NaoDesonerado),2)","v":0},0.23530000000000001,null,{"$f":"AJ828*20/1000","v":53.67},null,null,108.95,2.0299999999999998]
["S",2,"S",0,{"$f":"IF($C830=1,OFFSET(E830,-1,0)+MAX(1,COUNTIF(QCI!$A$13:$A$32,OFFSET(ORÇAMENTO!E830,-1,0))),OFFSET(E830,-1,0))","v":18},8,0,0,5,0,{"$f":"IF(OR($C830=\"S\",$C830=0),0,MATCH(OFFSET($D830,0,$C830)+IF($C830<>1,1,COUNTIF(QCI!$A$13:$A$32,ORÇAMENTO!E830)),OFFSET($D830,1,$C830,ROW($C$850)-ROW($C830)),0))","v":0},"F","Serviço","Serviço","18.8.5.","AMMOC","PAVASFBO","CONSTRUÇÃO DE PAVIMENTO COM APLICAÇÃO DE CONCRETO BETUMINOSO USINADO A QUENTE (CBUQ), COM ADIÇÃO DE BORRACHA, CAMADA DE ROLAMENTO - EXCLUSIVE TRANSPORTE","M3",{"$f":"OFFSET(CÁLCULO!H$15,ROW($T830)-ROW(T$15),0)","v":134.18},1316.97,"BDI 1",{"$f":"IF($C830=\"S\",ROUND(IF(TIPOORCAMENTO=\"Proposto\",ORÇAMENTO.CustoUnitario*(1+$AH830),ORÇAMENTO.PrecoUnitarioLicitado),15-13*$AF$10),0)","v":1626.85},218290.73,"RA","RA",{"$f":"IF($C830=\"S\",IF($Z830=\"CP\",$X830,IF($Z830=\"RA\",(($X830)*QCI!$AA$3),0)),SomaAgrup)","v":218290.73},0,{"$f":"IF($N830=\"\",\"\",IF(ORÇAMENTO.Descricao=\"\",\"DESCRIÇÃO\",IF(AND($C830=\"S\",ORÇAMENTO.Unidade=\"\"),\"UNIDADE\",IF($X830<0,\"VALOR NEGATIVO\",IF(OR(AND(TIPOORCAMENTO=\"Proposto\",$AG830<>\"\",$AG830>0,ORÇAMENTO.CustoUnitario>$AG830),AND(TIPOORCAMENTO=\"LICITADO\",ORÇAMENTO.PrecoUnitarioLicitado>$AN830)),\"ACIMA REF.\",\"\")))))","v":""},{"$f":"IF(C830<=CRONO.NivelExibicao,MAX($AD$15:OFFSET(AD830,-1,0))+IF($C830<>1,1,MAX(1,COUNTIF(QCI!$A$13:$A$32,OFFSET($E830,-1,0)))),\"\")","v":""},{"$f":"IF(AND($C830=\"S\",ORÇAMENTO.CodBarra<>\"\"),IF(ORÇAMENTO.Fonte=\"\",ORÇAMENTO.CodBarra,CONCATENATE(ORÇAMENTO.Fonte,\" \",ORÇAMENTO.CodBarra)))","v":"AMMOC PAVASFBO"},{"$f":"IF(ISERROR(INDIRECT(ORÇAMENTO.BancoRef)),\"(abra o arquivo 'Referência \"&Excel_BuiltIn_Database&\".xls)\",IF(OR($C830<>\"S\",ORÇAMENTO.CodBarra=\"\"),\"(Sem Código)\",IF(ISERROR(MATCH($AE830,INDIRECT(ORÇAMENTO.BancoRef),0)),\"(Código não identificado nas referências)\",MATCH($AE830,INDIRECT(ORÇAMENTO.BancoRef),0))))","v":"(abra o arquivo 'Referência 06-2023.xls)"},{"$f":"ROUND(IF(DESONERACAO=\"sim\",REFERENCIA.Desonerado,REFERENCIA.NaoDesonerado),2)","v":0},0.23530000000000001,null,{"$f":"AJ828*0.05","v":134.17500000000001},null,null,218290.73,1626.85]
["S",2,"S",0,{"$f":"IF($C831=1,OFFSET(E831,-1,0)+MAX(1,COUNTIF(QCI!$A$13:$A$32,OFFSET(ORÇAMENTO!E831,-1,0))),OFFSET(E831,-1,0))","v":18},8,0,0,6,0,{"$f":"IF(OR($C831=\"S\",$C831=0),0,MATCH(OFFSET($D831,0,$C831)+IF($C831<>1,1,COUNTIF(QCI!$A$13:$A$32,ORÇAMENTO!E831)),OFFSET($D831,1,$C831,ROW($C$850)-ROW($C831)),0))","v":0},"F","Serviço","Serviço","18.8.6.","SINAPI","100986","CARGA DE MISTURA ASFÁLTICA EM CAMINHÃO BASCULANTE","M3",{"$f":"OFFSET(CÁLCULO!H$15,ROW($T831)-ROW(T$15),0)","v":134.18},8.19,"BDI 1",{"$f":"IF($C831=\"S\",ROUND(IF(TIPOORCAMENTO=\"Proposto\",ORÇAMENTO.CustoUnitario*(1+$AH831),ORÇAMENTO.PrecoUnitarioLicitado),15-13*$AF$10),0)","v":10.119999999999999},1357.9,"RA","RA",{"$f":"IF($C831=\"S\",IF($Z831=\"CP\",$X831,IF($Z831=\"RA\",(($X831)*QCI!$AA$3),0)),SomaAgrup)","v":1357.9},0,{"$f":"IF($N831=\"\",\"\",IF(ORÇAMENTO.Descricao=\"\",\"DESCRIÇÃO\",IF(AND($C831=\"S\",ORÇAMENTO.Unidade=\"\"),\"UNIDADE\",IF($X831<0,\"VALOR NEGATIVO\",IF(OR(AND(TIPOORCAMENTO=\"Proposto\",$AG831<>\"\",$AG831>0,ORÇAMENTO.CustoUnitario>$AG831),AND(TIPOORCAMENTO=\"LICITADO\",ORÇAMENTO.PrecoUnitarioLicitado>$AN831)),\"ACIMA REF.\",\"\")))))","v":""},{"$f":"IF(C831<=CRONO.NivelExibicao,MAX($AD$15:OFFSET(AD831,-1,0))+IF($C831<>1,1,MAX(1,COUNTIF(QCI!$A$13:$A$32,OFFSET($E831,-1,0)))),\"\")","v":""},{"$f":"IF(AND($C831=\"S\",ORÇAMENTO.CodBarra<>\"\"),IF(ORÇAMENTO.Fonte=\"\",ORÇAMENTO.CodBarra,CONCATENATE(ORÇAMENTO.Fonte,\" \",ORÇAMENTO.CodBarra)))","v":"SINAPI 100986"},{"$f":"IF(ISERROR(INDIRECT(ORÇAMENTO.BancoRef)),\"(abra o arquivo 'Referência \"&Excel_BuiltIn_Database&\".xls)\",IF(OR($C831<>\"S\",ORÇAMENTO.CodBarra=\"\"),\"(Sem Código)\",IF(ISERROR(MATCH($AE831,INDIRECT(ORÇAMENTO.BancoRef),0)),\"(Código não identificado nas referências)\",MATCH($AE831,INDIRECT(ORÇAMENTO.BancoRef),0))))","v":"(abra o arquivo 'Referência 06-2023.xls)"},{"$f":"ROUND(IF(DESONERACAO=\"sim\",REFERENCIA.Desonerado,REFERENCIA.NaoDesonerado),2)","v":0},0.23530000000000001,null,{"$f":"AJ830","v":134.17500000000001},null,null,1357.9,10.119999999999999]
["S",2,"S",0,{"$f":"IF($C832=1,OFFSET(E832,-1,0)+MAX(1,COUNTIF(QCI!$A$13:$A$32,OFFSET(ORÇAMENTO!E832,-1,0))),OFFSET(E832,-1,0))","v":18},8,0,0,7,0,{"$f":"IF(OR($C832=\"S\",$C832=0),0,MATCH(OFFSET($D832,0,$C832)+IF($C832<>1,1,COUNTIF(QCI!$A$13:$A$32,ORÇAMENTO!E832)),OFFSET($D832,1,$C832,ROW($C$850)-ROW($C832)),0))","v":0},"F","Serviço","Serviço","18.8.7.","SINAPI","95303","TRANSPORTE COM CAMINHÃO BASCULANTE DE MASSA ASFALTICA PARA PAVIMENTAÇÃO URBANA, DMT = 20 KM","M3XKM",{"$f":"OFFSET(CÁLCULO!H$15,ROW($T832)-ROW(T$15),0)","v":2683.5},1.41,"BDI 1",{"$f":"IF($C832=\"S\",ROUND(IF(TIPOORCAMENTO=\"Proposto\",ORÇAMENTO.CustoUnitario*(1+$AH832),ORÇAMENTO.PrecoUnitarioLicitado),15-13*$AF$10),0)","v":1.74},4669.29,"RA","RA",{"$f":"IF($C832=\"S\",IF($Z832=\"CP\",$X832,IF($Z832=\"RA\",(($X832)*QCI!$AA$3),0)),SomaAgrup)","v":4669.29},0,{"$f":"IF($N832=\"\",\"\",IF(ORÇAMENTO.Descricao=\"\",\"DESCRIÇÃO\",IF(AND($C832=\"S\",ORÇAMENTO.Unidade=\"\"),\"UNIDADE\",IF($X832<0,\"VALOR NEGATIVO\",IF(OR(AND(TIPOORCAMENTO=\"Proposto\",$AG832<>\"\",$AG832>0,ORÇAMENTO.CustoUnitario>$AG832),AND(TIPOORCAMENTO=\"LICITADO\",ORÇAMENTO.PrecoUnitarioLicitado>$AN832)),\"ACIMA REF.\",\"\")))))","v":""},{"$f":"IF(C832<=CRONO.NivelExibicao,MAX($AD$15:OFFSET(AD832,-1,0))+IF($C832<>1,1,MAX(1,COUNTIF(QCI!$A$13:$A$32,OFFSET($E832,-1,0)))),\"\")","v":""},{"$f":"IF(AND($C832=\"S\",ORÇAMENTO.CodBarra<>\"\"),IF(ORÇAMENTO.Fonte=\"\",ORÇAMENTO.CodBarra,CONCATENATE(ORÇAMENTO.Fonte,\" \",ORÇAMENTO.CodBarra)))","v":"SINAPI 95303"},{"$f":"IF(ISERROR(INDIRECT(ORÇAMENTO.BancoRef)),\"(abra o arquivo 'Referência \"&Excel_BuiltIn_Database&\".xls)\",IF(OR($C832<>\"S\",ORÇAMENTO.CodBarra=\"\"),\"(Sem Código)\",IF(ISERROR(MATCH($AE832,INDIRECT(ORÇAMENTO.BancoRef),0)),\"(Código não identificado nas referências)\",MATCH($AE832,INDIRECT(ORÇAMENTO.BancoRef),0))))","v":"(abra o arquivo 'Referência 06-2023.xls)"},{"$f":"ROUND(IF(DESONERACAO=\"sim\",REFERENCIA.Desonerado,REFERENCIA.NaoDesonerado),2)","v":0},0.23530000000000001,null,{"$f":"AJ831*20","v":2683.5},null,null,4669.29,1.74]
[2,2,2,6,{"$f":"IF($C833=1,OFFSET(E833,-1,0)+MAX(1,COUNTIF(QCI!$A$13:$A$32,OFFSET(ORÇAMENTO!E833,-1,0))),OFFSET(E833,-1,0))","v":18},9,0,0,0,{"$f":"IF(OR($C833=\"S\",$C833=0),0,MATCH(0,OFFSET($D833,1,$C833,ROW($C$850)-ROW($C833)),0))","v":17},{"$f":"IF(OR($C833=\"S\",$C833=0),0,MATCH(OFFSET($D833,0,$C833)+IF($C833<>1,1,COUNTIF(QCI!$A$13:$A$32,ORÇAMENTO!E833)),OFFSET($D833,1,$C833,ROW($C$850)-ROW($C833)),0))","v":6},"F","Nível 2","Nível 2","18.9.","SINAPI",null,"LOMBADA","-",{"$f":"OFFSET(CÁLCULO!H$15,ROW($T833)-ROW(T$15),0)","v":0},null,"BDI 1",{"$f":"IF($C833=\"S\",ROUND(IF(TIPOORCAMENTO=\"Proposto\",ORÇAMENTO.CustoUnitario*(1+$AH833),ORÇAMENTO.PrecoUnitarioLicitado),15-13*$AF$10),0)","v":0},2556.61,"RA","",{"$f":"IF($C833=\"S\",IF($Z833=\"CP\",$X833,IF($Z833=\"RA\",(($X833)*QCI!$AA$3),0)),SomaAgrup)","v":2556.6099999999997},0,{"$f":"IF($N833=\"\",\"\",IF(ORÇAMENTO.Descricao=\"\",\"DESCRIÇÃO\",IF(AND($C833=\"S\",ORÇAMENTO.Unidade=\"\"),\"UNIDADE\",IF($X833<0,\"VALOR NEGATIVO\",IF(OR(AND(TIPOORCAMENTO=\"Proposto\",$AG833<>\"\",$AG833>0,ORÇAMENTO.CustoUnitario>$AG833),AND(TIPOORCAMENTO=\"LICITADO\",ORÇAMENTO.PrecoUnitarioLicitado>$AN833)),\"ACIMA REF.\",\"\")))))","v":""},{"$f":"IF(C833<=CRONO.NivelExibicao,MAX($AD$15:OFFSET(AD833,-1,0))+IF($C833<>1,1,MAX(1,COUNTIF(QCI!$A$13:$A$32,OFFSET($E833,-1,0)))),\"\")","v":""},{"$f":"IF(AND($C833=\"S\",ORÇAMENTO.CodBarra<>\"\"),IF(ORÇAMENTO.Fonte=\"\",ORÇAMENTO.CodBarra,CONCATENATE(ORÇAMENTO.Fonte,\" \",ORÇAMENTO.CodBarra)))","v":false},{"$f":"IF(ISERROR(INDIRECT(ORÇAMENTO.BancoRef)),\"(abra o arquivo 'Referência \"&Excel_BuiltIn_Database&\".xls)\",IF(OR($C833<>\"S\",ORÇAMENTO.CodBarra=\"\"),\"(Sem Código)\",IF(ISERROR(MATCH($AE833,INDIRECT(ORÇAMENTO.BancoRef),0)),\"(Código não identificado nas referências)\",MATCH($AE833,INDIRECT(ORÇAMENTO.BancoRef),0))))","v":"(abra o arquivo 'Referência 06-2023.xls)"},{"$f":"ROUND(IF(DESONERACAO=\"sim\",REFERENCIA.Desonerado,REFERENCIA.NaoDesonerado),2)","v":0},0.23530000000000001,null,null,null,null,2556.61,0]
["S",2,"S",0,{"$f":"IF($C834=1,OFFSET(E834,-1,0)+MAX(1,COUNTIF(QCI!$A$13:$A$32,OFFSET(ORÇAMENTO!E834,-1,0))),OFFSET(E834,-1,0))","v":18},9,0,0,1,0,{"$f":"IF(OR($C834=\"S\",$C834=0),0,MATCH(OFFSET($D834,0,$C834)+IF($C834<>1,1,COUNTIF(QCI!$A$13:$A$32,ORÇAMENTO!E834)),OFFSET($D834,1,$C834,ROW($C$850)-ROW($C834)),0))","v":0},"F","Serviço","Serviço","18.9.1.","AMMOC","RR-2C","EXECUÇÃO DE PINTURA DE LIGAÇÃO COM EMULSÃO ASFÁLTICA RR-2C","M2",{"$f":"OFFSET(CÁLCULO!H$15,ROW($T834)-ROW(T$15),0)","v":25.9},2.54,"BDI 1",{"$f":"IF($C834=\"S\",ROUND(IF(TIPOORCAMENTO=\"Proposto\",ORÇAMENTO.CustoUnitario*(1+$AH834),ORÇAMENTO.PrecoUnitarioLicitado),15-13*$AF$10),0)","v":3.14},81.33,"RA","RA",{"$f":"IF($C834=\"S\",IF($Z834=\"CP\",$X834,IF($Z834=\"RA\",(($X834)*QCI!$AA$3),0)),SomaAgrup)","v":81.33},0,{"$f":"IF($N834=\"\",\"\",IF(ORÇAMENTO.Descricao=\"\",\"DESCRIÇÃO\",IF(AND($C834=\"S\",ORÇAMENTO.Unidade=\"\"),\"UNIDADE\",IF($X834<0,\"VALOR NEGATIVO\",IF(OR(AND(TIPOORCAMENTO=\"Proposto\",$AG834<>\"\",$AG834>0,ORÇAMENTO.CustoUnitario>$AG834),AND(TIPOORCAMENTO=\"LICITADO\",ORÇAMENTO.PrecoUnitarioLicitado>$AN834)),\"ACIMA REF.\",\"\")))))","v":""},{"$f":"IF(C834<=CRONO.NivelExibicao,MAX($AD$15:OFFSET(AD834,-1,0))+IF($C834<>1,1,MAX(1,COUNTIF(QCI!$A$13:$A$32,OFFSET($E834,-1,0)))),\"\")","v":""},{"$f":"IF(AND($C834=\"S\",ORÇAMENTO.CodBarra<>\"\"),IF(ORÇAMENTO.Fonte=\"\",ORÇAMENTO.CodBarra,CONCATENATE(ORÇAMENTO.Fonte,\" \",ORÇAMENTO.CodBarra)))","v":"AMMOC RR-2C"},{"$f":"IF(ISERROR(INDIRECT(ORÇAMENTO.BancoRef)),\"(abra o arquivo 'Referência \"&Excel_BuiltIn_Database&\".xls)\",IF(OR($C834<>\"S\",ORÇAMENTO.CodBarra=\"\"),\"(Sem Código)\",IF(ISERROR(MATCH($AE834,INDIRECT(ORÇAMENTO.BancoRef),0)),\"(Código não identificado nas referências)\",MATCH($AE834,INDIRECT(ORÇAMENTO.BancoRef),0))))","v":"(abra o arquivo 'Referência 06-2023.xls)"},{"$f":"ROUND(IF(DESONERACAO=\"sim\",REFERENCIA.Desonerado,REFERENCIA.NaoDesonerado),2)","v":0},0.23530000000000001,null,{"$f":"7*3.7","v":25.900000000000002},null,null,81.33,3.14]
["S",2,"S",0,{"$f":"IF($C835=1,OFFSET(E835,-1,0)+MAX(1,COUNTIF(QCI!$A$13:$A$32,OFFSET(ORÇAMENTO!E835,-1,0))),OFFSET(E835,-1,0))","v":18},9,0,0,2,0,{"$f":"IF(OR($C835=\"S\",$C835=0),0,MATCH(OFFSET($D835,0,$C835)+IF($C835<>1,1,COUNTIF(QCI!$A$13:$A$32,ORÇAMENTO!E835)),OFFSET($D835,1,$C835,ROW($C$850)-ROW($C835)),0))","v":0},"F","Serviço","Serviço","18.9.2.","SINAPI","102332","TRANSPORTE COM CAMINHÃO TANQUE DE MATERIAL ASFÁLTICO, DMT = 20 KM","TXKM",{"$f":"OFFSET(CÁLCULO!H$15,ROW($T835)-ROW(T$15),0)","v":0.52},1.64,"BDI 1",{"$f":"IF($C835=\"S\",ROUND(IF(TIPOORCAMENTO=\"Proposto\",ORÇAMENTO.CustoUnitario*(1+$AH835),ORÇAMENTO.PrecoUnitarioLicitado),15-13*$AF$10),0)","v":2.0299999999999998},1.06,"RA","RA",{"$f":"IF($C835=\"S\",IF($Z835=\"CP\",$X835,IF($Z835=\"RA\",(($X835)*QCI!$AA$3),0)),SomaAgrup)","v":1.06},0,{"$f":"IF($N835=\"\",\"\",IF(ORÇAMENTO.Descricao=\"\",\"DESCRIÇÃO\",IF(AND($C835=\"S\",ORÇAMENTO.Unidade=\"\"),\"UNIDADE\",IF($X835<0,\"VALOR NEGATIVO\",IF(OR(AND(TIPOORCAMENTO=\"Proposto\",$AG835<>\"\",$AG835>0,ORÇAMENTO.CustoUnitario>$AG835),AND(TIPOORCAMENTO=\"LICITADO\",ORÇAMENTO.PrecoUnitarioLicitado>$AN835)),\"ACIMA REF.\",\"\")))))","v":""},{"$f":"IF(C835<=CRONO.NivelExibicao,MAX($AD$15:OFFSET(AD835,-1,0))+IF($C835<>1,1,MAX(1,COUNTIF(QCI!$A$13:$A$32,OFFSET($E835,-1,0)))),\"\")","v":""},{"$f":"IF(AND($C835=\"S\",ORÇAMENTO.CodBarra<>\"\"),IF(ORÇAMENTO.Fonte=\"\",ORÇAMENTO.CodBarra,CONCATENATE(ORÇAMENTO.Fonte,\" \",ORÇAMENTO.CodBarra)))","v":"SINAPI 102332"},{"$f":"IF(ISERROR(INDIRECT(ORÇAMENTO.BancoRef)),\"(abra o arquivo 'Referência \"&Excel_BuiltIn_Database&\".xls)\",IF(OR($C835<>\"S\",ORÇAMENTO.CodBarra=\"\"),\"(Sem Código)\",IF(ISERROR(MATCH($AE835,INDIRECT(ORÇAMENTO.BancoRef),0)),\"(Código não identificado nas referências)\",MATCH($AE835,INDIRECT(ORÇAMENTO.BancoRef),0))))","v":"(abra o arquivo 'Referência 06-2023.xls)"},{"$f":"ROUND(IF(DESONERACAO=\"sim\",REFERENCIA.Desonerado,REFERENCIA.NaoDesonerado),2)","v":0},0.23530000000000001,null,{"$f":"AJ834*20/1000","v":0.51800000000000002},null,null,1.06,2.0299999999999998]
["S",2,"S",0,{"$f":"IF($C836=1,OFFSET(E836,-1,0)+MAX(1,COUNTIF(QCI!$A$13:$A$32,OFFSET(ORÇAMENTO!E836,-1,0))),OFFSET(E836,-1,0))","v":18},9,0,0,3,0,{"$f":"IF(OR($C836=\"S\",$C836=0),0,MATCH(OFFSET($D836,0,$C836)+IF($C836<>1,1,COUNTIF(QCI!$A$13:$A$32,ORÇAMENTO!E836)),OFFSET($D836,1,$C836,ROW($C$850)-ROW($C836)),0))","v":0},"F","Serviço","Serviço","18.9.3.","AMMOC","PAVASFBO","CONSTRUÇÃO DE PAVIMENTO COM APLICAÇÃO DE CONCRETO BETUMINOSO USINADO A QUENTE (CBUQ), COM ADIÇÃO DE BORRACHA, CAMADA DE ROLAMENTO - EXCLUSIVE TRANSPORTE","M3",{"$f":"OFFSET(CÁLCULO!H$15,ROW($T836)-ROW(T$15),0)","v":1.48},1316.97,"BDI 1",{"$f":"IF($C836=\"S\",ROUND(IF(TIPOORCAMENTO=\"Proposto\",ORÇAMENTO.CustoUnitario*(1+$AH836),ORÇAMENTO.PrecoUnitarioLicitado),15-13*$AF$10),0)","v":1626.85},2407.7399999999998,"RA","RA",{"$f":"IF($C836=\"S\",IF($Z836=\"CP\",$X836,IF($Z836=\"RA\",(($X836)*QCI!$AA$3),0)),SomaAgrup)","v":2407.7399999999998},0,{"$f":"IF($N836=\"\",\"\",IF(ORÇAMENTO.Descricao=\"\",\"DESCRIÇÃO\",IF(AND($C836=\"S\",ORÇAMENTO.Unidade=\"\"),\"UNIDADE\",IF($X836<0,\"VALOR NEGATIVO\",IF(OR(AND(TIPOORCAMENTO=\"Proposto\",$AG836<>\"\",$AG836>0,ORÇAMENTO.CustoUnitario>$AG836),AND(TIPOORCAMENTO=\"LICITADO\",ORÇAMENTO.PrecoUnitarioLicitado>$AN836)),\"ACIMA REF.\",\"\")))))","v":""},{"$f":"IF(C836<=CRONO.NivelExibicao,MAX($AD$15:OFFSET(AD836,-1,0))+IF($C836<>1,1,MAX(1,COUNTIF(QCI!$A$13:$A$32,OFFSET($E836,-1,0)))),\"\")","v":""},{"$f":"IF(AND($C836=\"S\",ORÇAMENTO.CodBarra<>\"\"),IF(ORÇAMENTO.Fonte=\"\",ORÇAMENTO.CodBarra,CONCATENATE(ORÇAMENTO.Fonte,\" \",ORÇAMENTO.CodBarra)))","v":"AMMOC PAVASFBO"},{"$f":"IF(ISERROR(INDIRECT(ORÇAMENTO.BancoRef)),\"(abra o arquivo 'Referência \"&Excel_BuiltIn_Database&\".xls)\",IF(OR($C836<>\"S\",ORÇAMENTO.CodBarra=\"\"),\"(Sem Código)\",IF(ISERROR(MATCH($AE836,INDIRECT(ORÇAMENTO.BancoRef),0)),\"(Código não identificado nas referências)\",MATCH($AE836,INDIRECT(ORÇAMENTO.BancoRef),0))))","v":"(abra o arquivo 'Referência 06-2023.xls)"},{"$f":"ROUND(IF(DESONERACAO=\"sim\",REFERENCIA.Desonerado,REFERENCIA.NaoDesonerado),2)","v":0},0.23530000000000001,null,1.48,null,null,2407.7399999999998,1626.85]
["S",{"$f":"IF(OR(C837=\"s\",C837=0),OFFSET(B837,-1,0),C837)","v":2},{"$f":"IF(OFFSET(C837,-1,0)=\"L\",1,IF(OFFSET(C837,-1,0)=1,2,IF(OR(A837=\"s\",A837=0),\"S\",IF(AND(OFFSET(C837,-1,0)=2,A837=4),3,IF(AND(OR(OFFSET(C837,-1,0)=\"s\",OFFSET(C837,-1,0)=0),A837<>\"s\",A837>OFFSET(B837,-1,0)),OFFSET(B837,-1,0),A837)))))","v":"S"},{"$f":"IF(OR(C837=\"S\",C837=0),0,IF(ISERROR(K837),J837,SMALL(J837:K837,1)))","v":0},{"$f":"IF($C837=1,OFFSET(E837,-1,0)+MAX(1,COUNTIF(QCI!$A$13:$A$32,OFFSET(ORÇAMENTO!E837,-1,0))),OFFSET(E837,-1,0))","v":18},{"$f":"IF($C837=1,0,IF($C837=2,OFFSET(F837,-1,0)+1,OFFSET(F837,-1,0)))","v":9},{"$f":"IF(AND($C837<=2,$C837<>0),0,IF($C837=3,OFFSET(G837,-1,0)+1,OFFSET(G837,-1,0)))","v":0},{"$f":"IF(AND($C837<=3,$C837<>0),0,IF($C837=4,OFFSET(H837,-1,0)+1,OFFSET(H837,-1,0)))","v":0},{"$f":"IF(AND($C837<=4,$C837<>0),0,IF(AND($C837=\"S\",$X837>0),OFFSET(I837,-1,0)+1,OFFSET(I837,-1,0)))","v":4},{"$f":"IF(OR($C837=\"S\",$C837=0),0,MATCH(0,OFFSET($D837,1,$C837,ROW($C$850)-ROW($C837)),0))","v":0},{"$f":"IF(OR($C837=\"S\",$C837=0),0,MATCH(OFFSET($D837,0,$C837)+IF($C837<>1,1,COUNTIF(QCI!$A$13:$A$32,ORÇAMENTO!E837)),OFFSET($D837,1,$C837,ROW($C$850)-ROW($C837)),0))","v":0},{"$f":"IF(OR($X837>0,$C837=1,$C837=2,$C837=3,$C837=4),\"F\",\"\")","v":"F"},"Serviço",{"$f":"CHOOSE(1+LOG(1+2*(C837=1)+4*(C837=2)+8*(C837=3)+16*(C837=4)+32*(C837=\"S\"),2),\"\",\"Meta\",\"Nível 2\",\"Nível 3\",\"Nível 4\",\"Serviço\")","v":"Serviço"},{"$f":"IF(OR($C837=0,$L837=\"\"),\"-\",CONCATENATE(E837&\".\",IF(AND($A$5>=2,$C837>=2),F837&\".\",\"\"),IF(AND($A$5>=3,$C837>=3),G837&\".\",\"\"),IF(AND($A$5>=4,$C837>=4),H837&\".\",\"\"),IF($C837=\"S\",I837&\".\",\"\")))","v":"18.9.4."},"SINAPI","100986","CARGA DE MISTURA ASFÁLTICA EM CAMINHÃO BASCULANTE","M3",{"$f":"OFFSET(CÁLCULO!H$15,ROW($T837)-ROW(T$15),0)","v":1.48},8.19,"BDI 1",{"$f":"IF($C837=\"S\",ROUND(IF(TIPOORCAMENTO=\"Proposto\",ORÇAMENTO.CustoUnitario*(1+$AH837),ORÇAMENTO.PrecoUnitarioLicitado),15-13*$AF$10),0)","v":10.119999999999999},14.98,"RA",{"$f":"IF(AND($C837=\"S\",$X837>0),IF(ISBLANK($Y837),\"RA\",LEFT($Y837,2)),\"\")","v":"RA"},{"$f":"IF($C837=\"S\",IF($Z837=\"CP\",$X837,IF($Z837=\"RA\",(($X837)*QCI!$AA$3),0)),SomaAgrup)","v":14.98},0,{"$f":"IF($N837=\"\",\"\",IF(ORÇAMENTO.Descricao=\"\",\"DESCRIÇÃO\",IF(AND($C837=\"S\",ORÇAMENTO.Unidade=\"\"),\"UNIDADE\",IF($X837<0,\"VALOR NEGATIVO\",IF(OR(AND(TIPOORCAMENTO=\"Proposto\",$AG837<>\"\",$AG837>0,ORÇAMENTO.CustoUnitario>$AG837),AND(TIPOORCAMENTO=\"LICITADO\",ORÇAMENTO.PrecoUnitarioLicitado>$AN837)),\"ACIMA REF.\",\"\")))))","v":""},{"$f":"IF(C837<=CRONO.NivelExibicao,MAX($AD$15:OFFSET(AD837,-1,0))+IF($C837<>1,1,MAX(1,COUNTIF(QCI!$A$13:$A$32,OFFSET($E837,-1,0)))),\"\")","v":""},{"$f":"IF(AND($C837=\"S\",ORÇAMENTO.CodBarra<>\"\"),IF(ORÇAMENTO.Fonte=\"\",ORÇAMENTO.CodBarra,CONCATENATE(ORÇAMENTO.Fonte,\" \",ORÇAMENTO.CodBarra)))","v":"SINAPI 100986"},{"$f":"IF(ISERROR(INDIRECT(ORÇAMENTO.BancoRef)),\"(abra o arquivo 'Referência \"&Excel_BuiltIn_Database&\".xls)\",IF(OR($C837<>\"S\",ORÇAMENTO.CodBarra=\"\"),\"(Sem Código)\",IF(ISERROR(MATCH($AE837,INDIRECT(ORÇAMENTO.BancoRef),0)),\"(Código não identificado nas referências)\",MATCH($AE837,INDIRECT(ORÇAMENTO.BancoRef),0))))","v":"(abra o arquivo 'Referência 06-2023.xls)"},{"$f":"ROUND(IF(DESONERACAO=\"sim\",REFERENCIA.Desonerado,REFERENCIA.NaoDesonerado),2)","v":0},0.23530000000000001,null,{"$f":"AJ836","v":1.48},null,null,14.98,10.119999999999999]
["S",2,"S",0,{"$f":"IF($C838=1,OFFSET(E838,-1,0)+MAX(1,COUNTIF(QCI!$A$13:$A$32,OFFSET(ORÇAMENTO!E838,-1,0))),OFFSET(E838,-1,0))","v":18},9,0,0,5,0,{"$f":"IF(OR($C838=\"S\",$C838=0),0,MATCH(OFFSET($D838,0,$C838)+IF($C838<>1,1,COUNTIF(QCI!$A$13:$A$32,ORÇAMENTO!E838)),OFFSET($D838,1,$C838,ROW($C$850)-ROW($C838)),0))","v":0},"F","Serviço","Serviço","18.9.5.","SINAPI","95303","TRANSPORTE COM CAMINHÃO BASCULANTE DE MASSA ASFALTICA PARA PAVIMENTAÇÃO URBANA, DMT = 20 KM","M3XKM",{"$f":"OFFSET(CÁLCULO!H$15,ROW($T838)-ROW(T$15),0)","v":29.6},1.41,"BDI 1",{"$f":"IF($C838=\"S\",ROUND(IF(TIPOORCAMENTO=\"Proposto\",ORÇAMENTO.CustoUnitario*(1+$AH838),ORÇAMENTO.PrecoUnitarioLicitado),15-13*$AF$10),0)","v":1.74},51.5,"RA","RA",{"$f":"IF($C838=\"S\",IF($Z838=\"CP\",$X838,IF($Z838=\"RA\",(($X838)*QCI!$AA$3),0)),SomaAgrup)","v":51.5},0,{"$f":"IF($N838=\"\",\"\",IF(ORÇAMENTO.Descricao=\"\",\"DESCRIÇÃO\",IF(AND($C838=\"S\",ORÇAMENTO.Unidade=\"\"),\"UNIDADE\",IF($X838<0,\"VALOR NEGATIVO\",IF(OR(AND(TIPOORCAMENTO=\"Proposto\",$AG838<>\"\",$AG838>0,ORÇAMENTO.CustoUnitario>$AG838),AND(TIPOORCAMENTO=\"LICITADO\",ORÇAMENTO.PrecoUnitarioLicitado>$AN838)),\"ACIMA REF.\",\"\")))))","v":""},{"$f":"IF(C838<=CRONO.NivelExibicao,MAX($AD$15:OFFSET(AD838,-1,0))+IF($C838<>1,1,MAX(1,COUNTIF(QCI!$A$13:$A$32,OFFSET($E838,-1,0)))),\"\")","v":""},{"$f":"IF(AND($C838=\"S\",ORÇAMENTO.CodBarra<>\"\"),IF(ORÇAMENTO.Fonte=\"\",ORÇAMENTO.CodBarra,CONCATENATE(ORÇAMENTO.Fonte,\" \",ORÇAMENTO.CodBarra)))","v":"SINAPI 95303"},{"$f":"IF(ISERROR(INDIRECT(ORÇAMENTO.BancoRef)),\"(abra o arquivo 'Referência \"&Excel_BuiltIn_Database&\".xls)\",IF(OR($C838<>\"S\",ORÇAMENTO.CodBarra=\"\"),\"(Sem Código)\",IF(ISERROR(MATCH($AE838,INDIRECT(ORÇAMENTO.BancoRef),0)),\"(Código não identificado nas referências)\",MATCH($AE838,INDIRECT(ORÇAMENTO.BancoRef),0))))","v":"(abra o arquivo 'Referência 06-2023.xls)"},{"$f":"ROUND(IF(DESONERACAO=\"sim\",REFERENCIA.Desonerado,REFERENCIA.NaoDesonerado),2)","v":0},0.23530000000000001,null,{"$f":"AJ837*20","v":29.6},null,null,51.5,1.74]
[2,2,2,2,{"$f":"IF($C839=1,OFFSET(E839,-1,0)+MAX(1,COUNTIF(QCI!$A$13:$A$32,OFFSET(ORÇAMENTO!E839,-1,0))),OFFSET(E839,-1,0))","v":18},10,0,0,0,{"$f":"IF(OR($C839=\"S\",$C839=0),0,MATCH(0,OFFSET($D839,1,$C839,ROW($C$850)-ROW($C839)),0))","v":11},{"$f":"IF(OR($C839=\"S\",$C839=0),0,MATCH(OFFSET($D839,0,$C839)+IF($C839<>1,1,COUNTIF(QCI!$A$13:$A$32,ORÇAMENTO!E839)),OFFSET($D839,1,$C839,ROW($C$850)-ROW($C839)),0))","v":2},"F","Nível 2","Nível 2","18.10.","SINAPI",null,"MEIO-FIO","-",{"$f":"OFFSET(CÁLCULO!H$15,ROW($T839)-ROW(T$15),0)","v":0},null,"BDI 1",{"$f":"IF($C839=\"S\",ROUND(IF(TIPOORCAMENTO=\"Proposto\",ORÇAMENTO.CustoUnitario*(1+$AH839),ORÇAMENTO.PrecoUnitarioLicitado),15-13*$AF$10),0)","v":0},1168.18,"RA","",{"$f":"IF($C839=\"S\",IF($Z839=\"CP\",$X839,IF($Z839=\"RA\",(($X839)*QCI!$AA$3),0)),SomaAgrup)","v":1168.18},0,{"$f":"IF($N839=\"\",\"\",IF(ORÇAMENTO.Descricao=\"\",\"DESCRIÇÃO\",IF(AND($C839=\"S\",ORÇAMENTO.Unidade=\"\"),\"UNIDADE\",IF($X839<0,\"VALOR NEGATIVO\",IF(OR(AND(TIPOORCAMENTO=\"Proposto\",$AG839<>\"\",$AG839>0,ORÇAMENTO.CustoUnitario>$AG839),AND(TIPOORCAMENTO=\"LICITADO\",ORÇAMENTO.PrecoUnitarioLicitado>$AN839)),\"ACIMA REF.\",\"\")))))","v":""},{"$f":"IF(C839<=CRONO.NivelExibicao,MAX($AD$15:OFFSET(AD839,-1,0))+IF($C839<>1,1,MAX(1,COUNTIF(QCI!$A$13:$A$32,OFFSET($E839,-1,0)))),\"\")","v":""},{"$f":"IF(AND($C839=\"S\",ORÇAMENTO.CodBarra<>\"\"),IF(ORÇAMENTO.Fonte=\"\",ORÇAMENTO.CodBarra,CONCATENATE(ORÇAMENTO.Fonte,\" \",ORÇAMENTO.CodBarra)))","v":false},{"$f":"IF(ISERROR(INDIRECT(ORÇAMENTO.BancoRef)),\"(abra o arquivo 'Referência \"&Excel_BuiltIn_Database&\".xls)\",IF(OR($C839<>\"S\",ORÇAMENTO.CodBarra=\"\"),\"(Sem Código)\",IF(ISERROR(MATCH($AE839,INDIRECT(ORÇAMENTO.BancoRef),0)),\"(Código não identificado nas referências)\",MATCH($AE839,INDIRECT(ORÇAMENTO.BancoRef),0))))","v":"(abra o arquivo 'Referência 06-2023.xls)"},{"$f":"ROUND(IF(DESONERACAO=\"sim\",REFERENCIA.Desonerado,REFERENCIA.NaoDesonerado),2)","v":0},0.23530000000000001,null,null,null,null,1168.18,0]
["S",2,"S",0,{"$f":"IF($C840=1,OFFSET(E840,-1,0)+MAX(1,COUNTIF(QCI!$A$13:$A$32,OFFSET(ORÇAMENTO!E840,-1,0))),OFFSET(E840,-1,0))","v":18},10,0,0,1,0,{"$f":"IF(OR($C840=\"S\",$C840=0),0,MATCH(OFFSET($D840,0,$C840)+IF($C840<>1,1,COUNTIF(QCI!$A$13:$A$32,ORÇAMENTO!E840)),OFFSET($D840,1,$C840,ROW($C$850)-ROW($C840)),0))","v":0},"F","Serviço","Serviço","18.10.1.","SINAPI","94263","GUIA (MEIO-FIO) CONCRETO, MOLDADA  IN LOCO COM EXTRUSORA, 13 CM BASE X 22 CM ALTURA.","M",{"$f":"OFFSET(CÁLCULO!H$15,ROW($T840)-ROW(T$15),0)","v":26},36.369999999999997,"BDI 1",{"$f":"IF($C840=\"S\",ROUND(IF(TIPOORCAMENTO=\"Proposto\",ORÇAMENTO.CustoUnitario*(1+$AH840),ORÇAMENTO.PrecoUnitarioLicitado),15-13*$AF$10),0)","v":44.93},1168.18,"RA","RA",{"$f":"IF($C840=\"S\",IF($Z840=\"CP\",$X840,IF($Z840=\"RA\",(($X840)*QCI!$AA$3),0)),SomaAgrup)","v":1168.18},0,{"$f":"IF($N840=\"\",\"\",IF(ORÇAMENTO.Descricao=\"\",\"DESCRIÇÃO\",IF(AND($C840=\"S\",ORÇAMENTO.Unidade=\"\"),\"UNIDADE\",IF($X840<0,\"VALOR NEGATIVO\",IF(OR(AND(TIPOORCAMENTO=\"Proposto\",$AG840<>\"\",$AG840>0,ORÇAMENTO.CustoUnitario>$AG840),AND(TIPOORCAMENTO=\"LICITADO\",ORÇAMENTO.PrecoUnitarioLicitado>$AN840)),\"ACIMA REF.\",\"\")))))","v":""},{"$f":"IF(C840<=CRONO.NivelExibicao,MAX($AD$15:OFFSET(AD840,-1,0))+IF($C840<>1,1,MAX(1,COUNTIF(QCI!$A$13:$A$32,OFFSET($E840,-1,0)))),\"\")","v":""},{"$f":"IF(AND($C840=\"S\",ORÇAMENTO.CodBarra<>\"\"),IF(ORÇAMENTO.Fonte=\"\",ORÇAMENTO.CodBarra,CONCATENATE(ORÇAMENTO.Fonte,\" \",ORÇAMENTO.CodBarra)))","v":"SINAPI 94263"},{"$f":"IF(ISERROR(INDIRECT(ORÇAMENTO.BancoRef)),\"(abra o arquivo 'Referência \"&Excel_BuiltIn_Database&\".xls)\",IF(OR($C840<>\"S\",ORÇAMENTO.CodBarra=\"\"),\"(Sem Código)\",IF(ISERROR(MATCH($AE840,INDIRECT(ORÇAMENTO.BancoRef),0)),\"(Código não identificado nas referências)\",MATCH($AE840,INDIRECT(ORÇAMENTO.BancoRef),0))))","v":"(abra o arquivo 'Referência 06-2023.xls)"},{"$f":"ROUND(IF(DESONERACAO=\"sim\",REFERENCIA.Desonerado,REFERENCIA.NaoDesonerado),2)","v":0},0.23530000000000001,null,26,null,null,1168.18,44.93]
[2,2,2,9,{"$f":"IF($C841=1,OFFSET(E841,-1,0)+MAX(1,COUNTIF(QCI!$A$13:$A$32,OFFSET(ORÇAMENTO!E841,-1,0))),OFFSET(E841,-1,0))","v":18},11,0,0,0,{"$f":"IF(OR($C841=\"S\",$C841=0),0,MATCH(0,OFFSET($D841,1,$C841,ROW($C$850)-ROW($C841)),0))","v":9},{"$f":"IF(OR($C841=\"S\",$C841=0),0,MATCH(OFFSET($D841,0,$C841)+IF($C841<>1,1,COUNTIF(QCI!$A$13:$A$32,ORÇAMENTO!E841)),OFFSET($D841,1,$C841,ROW($C$850)-ROW($C841)),0))","v":{"$error":"#N/A"}},"F","Nível 2","Nível 2","18.11.","SINAPI",null,"SINALIZAÇÃO","-",{"$f":"OFFSET(CÁLCULO!H$15,ROW($T841)-ROW(T$15),0)","v":0},0,"BDI 1",{"$f":"IF($C841=\"S\",ROUND(IF(TIPOORCAMENTO=\"Proposto\",ORÇAMENTO.CustoUnitario*(1+$AH841),ORÇAMENTO.PrecoUnitarioLicitado),15-13*$AF$10),0)","v":0},19857.7,"RA","",{"$f":"IF($C841=\"S\",IF($Z841=\"CP\",$X841,IF($Z841=\"RA\",(($X841)*QCI!$AA$3),0)),SomaAgrup)","v":19857.7},0,{"$f":"IF($N841=\"\",\"\",IF(ORÇAMENTO.Descricao=\"\",\"DESCRIÇÃO\",IF(AND($C841=\"S\",ORÇAMENTO.Unidade=\"\"),\"UNIDADE\",IF($X841<0,\"VALOR NEGATIVO\",IF(OR(AND(TIPOORCAMENTO=\"Proposto\",$AG841<>\"\",$AG841>0,ORÇAMENTO.CustoUnitario>$AG841),AND(TIPOORCAMENTO=\"LICITADO\",ORÇAMENTO.PrecoUnitarioLicitado>$AN841)),\"ACIMA REF.\",\"\")))))","v":""},{"$f":"IF(C841<=CRONO.NivelExibicao,MAX($AD$15:OFFSET(AD841,-1,0))+IF($C841<>1,1,MAX(1,COUNTIF(QCI!$A$13:$A$32,OFFSET($E841,-1,0)))),\"\")","v":""},{"$f":"IF(AND($C841=\"S\",ORÇAMENTO.CodBarra<>\"\"),IF(ORÇAMENTO.Fonte=\"\",ORÇAMENTO.CodBarra,CONCATENATE(ORÇAMENTO.Fonte,\" \",ORÇAMENTO.CodBarra)))","v":false},{"$f":"IF(ISERROR(INDIRECT(ORÇAMENTO.BancoRef)),\"(abra o arquivo 'Referência \"&Excel_BuiltIn_Database&\".xls)\",IF(OR($C841<>\"S\",ORÇAMENTO.CodBarra=\"\"),\"(Sem Código)\",IF(ISERROR(MATCH($AE841,INDIRECT(ORÇAMENTO.BancoRef),0)),\"(Código não identificado nas referências)\",MATCH($AE841,INDIRECT(ORÇAMENTO.BancoRef),0))))","v":"(abra o arquivo 'Referência 06-2023.xls)"},{"$f":"ROUND(IF(DESONERACAO=\"sim\",REFERENCIA.Desonerado,REFERENCIA.NaoDesonerado),2)","v":0},0.23530000000000001,null,null,null,null,19857.7,0]
["S",2,"S",0,{"$f":"IF($C842=1,OFFSET(E842,-1,0)+MAX(1,COUNTIF(QCI!$A$13:$A$32,OFFSET(ORÇAMENTO!E842,-1,0))),OFFSET(E842,-1,0))","v":18},11,0,0,1,0,{"$f":"IF(OR($C842=\"S\",$C842=0),0,MATCH(OFFSET($D842,0,$C842)+IF($C842<>1,1,COUNTIF(QCI!$A$13:$A$32,ORÇAMENTO!E842)),OFFSET($D842,1,$C842,ROW($C$850)-ROW($C842)),0))","v":0},"F","Serviço","Serviço","18.11.1.","SINAPI","102512","PINTURA DE EIXO VIÁRIO SOBRE ASFALTO COM TINTA RETRORREFLETIVA A BASE DE RESINA ACRÍLICA COM MICROESFERAS DE VIDRO, APLICAÇÃO MECÂNICA COM DEMARCADORA AUTOPROPELIDA - FAIXA AMARELA","M",{"$f":"OFFSET(CÁLCULO!H$15,ROW($T842)-ROW(T$15),0)","v":407.13},5.26,"BDI 1",{"$f":"IF($C842=\"S\",ROUND(IF(TIPOORCAMENTO=\"Proposto\",ORÇAMENTO.CustoUnitario*(1+$AH842),ORÇAMENTO.PrecoUnitarioLicitado),15-13*$AF$10),0)","v":6.5},2646.35,"RA","RA",{"$f":"IF($C842=\"S\",IF($Z842=\"CP\",$X842,IF($Z842=\"RA\",(($X842)*QCI!$AA$3),0)),SomaAgrup)","v":2646.35},0,{"$f":"IF($N842=\"\",\"\",IF(ORÇAMENTO.Descricao=\"\",\"DESCRIÇÃO\",IF(AND($C842=\"S\",ORÇAMENTO.Unidade=\"\"),\"UNIDADE\",IF($X842<0,\"VALOR NEGATIVO\",IF(OR(AND(TIPOORCAMENTO=\"Proposto\",$AG842<>\"\",$AG842>0,ORÇAMENTO.CustoUnitario>$AG842),AND(TIPOORCAMENTO=\"LICITADO\",ORÇAMENTO.PrecoUnitarioLicitado>$AN842)),\"ACIMA REF.\",\"\")))))","v":""},{"$f":"IF(C842<=CRONO.NivelExibicao,MAX($AD$15:OFFSET(AD842,-1,0))+IF($C842<>1,1,MAX(1,COUNTIF(QCI!$A$13:$A$32,OFFSET($E842,-1,0)))),\"\")","v":""},{"$f":"IF(AND($C842=\"S\",ORÇAMENTO.CodBarra<>\"\"),IF(ORÇAMENTO.Fonte=\"\",ORÇAMENTO.CodBarra,CONCATENATE(ORÇAMENTO.Fonte,\" \",ORÇAMENTO.CodBarra)))","v":"SINAPI 102512"},{"$f":"IF(ISERROR(INDIRECT(ORÇAMENTO.BancoRef)),\"(abra o arquivo 'Referência \"&Excel_BuiltIn_Database&\".xls)\",IF(OR($C842<>\"S\",ORÇAMENTO.CodBarra=\"\"),\"(Sem Código)\",IF(ISERROR(MATCH($AE842,INDIRECT(ORÇAMENTO.BancoRef),0)),\"(Código não identificado nas referências)\",MATCH($AE842,INDIRECT(ORÇAMENTO.BancoRef),0))))","v":"(abra o arquivo 'Referência 06-2023.xls)"},{"$f":"ROUND(IF(DESONERACAO=\"sim\",REFERENCIA.Desonerado,REFERENCIA.NaoDesonerado),2)","v":0},0.23530000000000001,null,407.13,null,null,2646.35,6.5]
["S",2,"S",0,{"$f":"IF($C843=1,OFFSET(E843,-1,0)+MAX(1,COUNTIF(QCI!$A$13:$A$32,OFFSET(ORÇAMENTO!E843,-1,0))),OFFSET(E843,-1,0))","v":18},11,0,0,2,0,{"$f":"IF(OR($C843=\"S\",$C843=0),0,MATCH(OFFSET($D843,0,$C843)+IF($C843<>1,1,COUNTIF(QCI!$A$13:$A$32,ORÇAMENTO!E843)),OFFSET($D843,1,$C843,ROW($C$850)-ROW($C843)),0))","v":0},"F","Serviço","Serviço","18.11.2.","SINAPI","102512","PINTURA DE EIXO VIÁRIO SOBRE ASFALTO COM TINTA RETRORREFLETIVA A BASE DE RESINA ACRÍLICA COM MICROESFERAS DE VIDRO, APLICAÇÃO MECÂNICA COM DEMARCADORA AUTOPROPELIDA - FAIXA BRANCA","M",{"$f":"OFFSET(CÁLCULO!H$15,ROW($T843)-ROW(T$15),0)","v":846.96},5.26,"BDI 1",{"$f":"IF($C843=\"S\",ROUND(IF(TIPOORCAMENTO=\"Proposto\",ORÇAMENTO.CustoUnitario*(1+$AH843),ORÇAMENTO.PrecoUnitarioLicitado),15-13*$AF$10),0)","v":6.5},5505.24,"RA","RA",{"$f":"IF($C843=\"S\",IF($Z843=\"CP\",$X843,IF($Z843=\"RA\",(($X843)*QCI!$AA$3),0)),SomaAgrup)","v":5505.24},0,{"$f":"IF($N843=\"\",\"\",IF(ORÇAMENTO.Descricao=\"\",\"DESCRIÇÃO\",IF(AND($C843=\"S\",ORÇAMENTO.Unidade=\"\"),\"UNIDADE\",IF($X843<0,\"VALOR NEGATIVO\",IF(OR(AND(TIPOORCAMENTO=\"Proposto\",$AG843<>\"\",$AG843>0,ORÇAMENTO.CustoUnitario>$AG843),AND(TIPOORCAMENTO=\"LICITADO\",ORÇAMENTO.PrecoUnitarioLicitado>$AN843)),\"ACIMA REF.\",\"\")))))","v":""},{"$f":"IF(C843<=CRONO.NivelExibicao,MAX($AD$15:OFFSET(AD843,-1,0))+IF($C843<>1,1,MAX(1,COUNTIF(QCI!$A$13:$A$32,OFFSET($E843,-1,0)))),\"\")","v":""},{"$f":"IF(AND($C843=\"S\",ORÇAMENTO.CodBarra<>\"\"),IF(ORÇAMENTO.Fonte=\"\",ORÇAMENTO.CodBarra,CONCATENATE(ORÇAMENTO.Fonte,\" \",ORÇAMENTO.CodBarra)))","v":"SINAPI 102512"},{"$f":"IF(ISERROR(INDIRECT(ORÇAMENTO.BancoRef)),\"(abra o arquivo 'Referência \"&Excel_BuiltIn_Database&\".xls)\",IF(OR($C843<>\"S\",ORÇAMENTO.CodBarra=\"\"),\"(Sem Código)\",IF(ISERROR(MATCH($AE843,INDIRECT(ORÇAMENTO.BancoRef),0)),\"(Código não identificado nas referências)\",MATCH($AE843,INDIRECT(ORÇAMENTO.BancoRef),0))))","v":"(abra o arquivo 'Referência 06-2023.xls)"},{"$f":"ROUND(IF(DESONERACAO=\"sim\",REFERENCIA.Desonerado,REFERENCIA.NaoDesonerado),2)","v":0},0.23530000000000001,null,846.96,null,null,5505.24,6.5]
["S",2,"S",0,{"$f":"IF($C844=1,OFFSET(E844,-1,0)+MAX(1,COUNTIF(QCI!$A$13:$A$32,OFFSET(ORÇAMENTO!E844,-1,0))),OFFSET(E844,-1,0))","v":18},11,0,0,3,0,{"$f":"IF(OR($C844=\"S\",$C844=0),0,MATCH(OFFSET($D844,0,$C844)+IF($C844<>1,1,COUNTIF(QCI!$A$13:$A$32,ORÇAMENTO!E844)),OFFSET($D844,1,$C844,ROW($C$850)-ROW($C844)),0))","v":0},"F","Serviço","Serviço","18.11.3.","SINAPI","102509","PINTURA DE FAIXA DE PEDESTRE OU ZEBRADA TINTA RETRORREFLETIVA A BASE DE RESINA ACRÍLICA COM MICROESFERAS DE VIDRO, E = 30 CM, APLICAÇÃO MANUAL - LOMBADAS ","M2",{"$f":"OFFSET(CÁLCULO!H$15,ROW($T844)-ROW(T$15),0)","v":11.1},25.08,"BDI 1",{"$f":"IF($C844=\"S\",ROUND(IF(TIPOORCAMENTO=\"Proposto\",ORÇAMENTO.CustoUnitario*(1+$AH844),ORÇAMENTO.PrecoUnitarioLicitado),15-13*$AF$10),0)","v":30.98},343.88,"RA","RA",{"$f":"IF($C844=\"S\",IF($Z844=\"CP\",$X844,IF($Z844=\"RA\",(($X844)*QCI!$AA$3),0)),SomaAgrup)","v":343.88},0,{"$f":"IF($N844=\"\",\"\",IF(ORÇAMENTO.Descricao=\"\",\"DESCRIÇÃO\",IF(AND($C844=\"S\",ORÇAMENTO.Unidade=\"\"),\"UNIDADE\",IF($X844<0,\"VALOR NEGATIVO\",IF(OR(AND(TIPOORCAMENTO=\"Proposto\",$AG844<>\"\",$AG844>0,ORÇAMENTO.CustoUnitario>$AG844),AND(TIPOORCAMENTO=\"LICITADO\",ORÇAMENTO.PrecoUnitarioLicitado>$AN844)),\"ACIMA REF.\",\"\")))))","v":""},{"$f":"IF(C844<=CRONO.NivelExibicao,MAX($AD$15:OFFSET(AD844,-1,0))+IF($C844<>1,1,MAX(1,COUNTIF(QCI!$A$13:$A$32,OFFSET($E844,-1,0)))),\"\")","v":""},{"$f":"IF(AND($C844=\"S\",ORÇAMENTO.CodBarra<>\"\"),IF(ORÇAMENTO.Fonte=\"\",ORÇAMENTO.CodBarra,CONCATENATE(ORÇAMENTO.Fonte,\" \",ORÇAMENTO.CodBarra)))","v":"SINAPI 102509"},{"$f":"IF(ISERROR(INDIRECT(ORÇAMENTO.BancoRef)),\"(abra o arquivo 'Referência \"&Excel_BuiltIn_Database&\".xls)\",IF(OR($C844<>\"S\",ORÇAMENTO.CodBarra=\"\"),\"(Sem Código)\",IF(ISERROR(MATCH($AE844,INDIRECT(ORÇAMENTO.BancoRef),0)),\"(Código não identificado nas referências)\",MATCH($AE844,INDIRECT(ORÇAMENTO.BancoRef),0))))","v":"(abra o arquivo 'Referência 06-2023.xls)"},{"$f":"ROUND(IF(DESONERACAO=\"sim\",REFERENCIA.Desonerado,REFERENCIA.NaoDesonerado),2)","v":0},0.23530000000000001,null,11.1,null,null,343.88,30.98]
["S",2,"S",0,{"$f":"IF($C845=1,OFFSET(E845,-1,0)+MAX(1,COUNTIF(QCI!$A$13:$A$32,OFFSET(ORÇAMENTO!E845,-1,0))),OFFSET(E845,-1,0))","v":18},11,0,0,4,0,{"$f":"IF(OR($C845=\"S\",$C845=0),0,MATCH(OFFSET($D845,0,$C845)+IF($C845<>1,1,COUNTIF(QCI!$A$13:$A$32,ORÇAMENTO!E845)),OFFSET($D845,1,$C845,ROW($C$850)-ROW($C845)),0))","v":0},"F","Serviço","Serviço","18.11.4.","SINAPI","102509","PINTURA DE FAIXA DE PEDESTRE OU ZEBRADA TINTA RETRORREFLETIVA A BASE DE RESINA ACRÍLICA COM MICROESFERAS DE VIDRO, E = 30 CM, APLICAÇÃO MANUAL - ZEBRADOS E PREENCHIMENTOS DE ÁREA","M2",{"$f":"OFFSET(CÁLCULO!H$15,ROW($T845)-ROW(T$15),0)","v":20},25.08,"BDI 1",{"$f":"IF($C845=\"S\",ROUND(IF(TIPOORCAMENTO=\"Proposto\",ORÇAMENTO.CustoUnitario*(1+$AH845),ORÇAMENTO.PrecoUnitarioLicitado),15-13*$AF$10),0)","v":30.98},619.6,"RA","RA",{"$f":"IF($C845=\"S\",IF($Z845=\"CP\",$X845,IF($Z845=\"RA\",(($X845)*QCI!$AA$3),0)),SomaAgrup)","v":619.6},0,{"$f":"IF($N845=\"\",\"\",IF(ORÇAMENTO.Descricao=\"\",\"DESCRIÇÃO\",IF(AND($C845=\"S\",ORÇAMENTO.Unidade=\"\"),\"UNIDADE\",IF($X845<0,\"VALOR NEGATIVO\",IF(OR(AND(TIPOORCAMENTO=\"Proposto\",$AG845<>\"\",$AG845>0,ORÇAMENTO.CustoUnitario>$AG845),AND(TIPOORCAMENTO=\"LICITADO\",ORÇAMENTO.PrecoUnitarioLicitado>$AN845)),\"ACIMA REF.\",\"\")))))","v":""},{"$f":"IF(C845<=CRONO.NivelExibicao,MAX($AD$15:OFFSET(AD845,-1,0))+IF($C845<>1,1,MAX(1,COUNTIF(QCI!$A$13:$A$32,OFFSET($E845,-1,0)))),\"\")","v":""},{"$f":"IF(AND($C845=\"S\",ORÇAMENTO.CodBarra<>\"\"),IF(ORÇAMENTO.Fonte=\"\",ORÇAMENTO.CodBarra,CONCATENATE(ORÇAMENTO.Fonte,\" \",ORÇAMENTO.CodBarra)))","v":"SINAPI 102509"},{"$f":"IF(ISERROR(INDIRECT(ORÇAMENTO.BancoRef)),\"(abra o arquivo 'Referência \"&Excel_BuiltIn_Database&\".xls)\",IF(OR($C845<>\"S\",ORÇAMENTO.CodBarra=\"\"),\"(Sem Código)\",IF(ISERROR(MATCH($AE845,INDIRECT(ORÇAMENTO.BancoRef),0)),\"(Código não identificado nas referências)\",MATCH($AE845,INDIRECT(ORÇAMENTO.BancoRef),0))))","v":"(abra o arquivo 'Referência 06-2023.xls)"},{"$f":"ROUND(IF(DESONERACAO=\"sim\",REFERENCIA.Desonerado,REFERENCIA.NaoDesonerado),2)","v":0},0.23530000000000001,null,20,null,null,619.6,30.98]
["S",2,"S",0,{"$f":"IF($C846=1,OFFSET(E846,-1,0)+MAX(1,COUNTIF(QCI!$A$13:$A$32,OFFSET(ORÇAMENTO!E846,-1,0))),OFFSET(E846,-1,0))","v":18},11,0,0,5,0,{"$f":"IF(OR($C846=\"S\",$C846=0),0,MATCH(OFFSET($D846,0,$C846)+IF($C846<>1,1,COUNTIF(QCI!$A$13:$A$32,ORÇAMENTO!E846)),OFFSET($D846,1,$C846,ROW($C$850)-ROW($C846)),0))","v":0},"F","Serviço","Serviço","18.11.5.","AMMOC","215","PLACA DE SINALIZACAO VIARIA OCTOGONAL A = 25 CM, COM SUPORTE DE AÇO GALVANIZADO D = 75 MM E ALTURA = 3 M, INCLUSIVE BASE DE CONCRETO MAGRO","UN ",{"$f":"OFFSET(CÁLCULO!H$15,ROW($T846)-ROW(T$15),0)","v":1},898.27,"BDI 1",{"$f":"IF($C846=\"S\",ROUND(IF(TIPOORCAMENTO=\"Proposto\",ORÇAMENTO.CustoUnitario*(1+$AH846),ORÇAMENTO.PrecoUnitarioLicitado),15-13*$AF$10),0)","v":1109.6300000000001},1109.6300000000001,"RA","RA",{"$f":"IF($C846=\"S\",IF($Z846=\"CP\",$X846,IF($Z846=\"RA\",(($X846)*QCI!$AA$3),0)),SomaAgrup)","v":1109.6300000000001},0,{"$f":"IF($N846=\"\",\"\",IF(ORÇAMENTO.Descricao=\"\",\"DESCRIÇÃO\",IF(AND($C846=\"S\",ORÇAMENTO.Unidade=\"\"),\"UNIDADE\",IF($X846<0,\"VALOR NEGATIVO\",IF(OR(AND(TIPOORCAMENTO=\"Proposto\",$AG846<>\"\",$AG846>0,ORÇAMENTO.CustoUnitario>$AG846),AND(TIPOORCAMENTO=\"LICITADO\",ORÇAMENTO.PrecoUnitarioLicitado>$AN846)),\"ACIMA REF.\",\"\")))))","v":""},{"$f":"IF(C846<=CRONO.NivelExibicao,MAX($AD$15:OFFSET(AD846,-1,0))+IF($C846<>1,1,MAX(1,COUNTIF(QCI!$A$13:$A$32,OFFSET($E846,-1,0)))),\"\")","v":""},{"$f":"IF(AND($C846=\"S\",ORÇAMENTO.CodBarra<>\"\"),IF(ORÇAMENTO.Fonte=\"\",ORÇAMENTO.CodBarra,CONCATENATE(ORÇAMENTO.Fonte,\" \",ORÇAMENTO.CodBarra)))","v":"AMMOC 215"},{"$f":"IF(ISERROR(INDIRECT(ORÇAMENTO.BancoRef)),\"(abra o arquivo 'Referência \"&Excel_BuiltIn_Database&\".xls)\",IF(OR($C846<>\"S\",ORÇAMENTO.CodBarra=\"\"),\"(Sem Código)\",IF(ISERROR(MATCH($AE846,INDIRECT(ORÇAMENTO.BancoRef),0)),\"(Código não identificado nas referências)\",MATCH($AE846,INDIRECT(ORÇAMENTO.BancoRef),0))))","v":"(abra o arquivo 'Referência 06-2023.xls)"},{"$f":"ROUND(IF(DESONERACAO=\"sim\",REFERENCIA.Desonerado,REFERENCIA.NaoDesonerado),2)","v":0},0.23530000000000001,null,1,null,null,1109.6300000000001,1109.6300000000001]
["S",2,"S",0,{"$f":"IF($C847=1,OFFSET(E847,-1,0)+MAX(1,COUNTIF(QCI!$A$13:$A$32,OFFSET(ORÇAMENTO!E847,-1,0))),OFFSET(E847,-1,0))","v":18},11,0,0,6,0,{"$f":"IF(OR($C847=\"S\",$C847=0),0,MATCH(OFFSET($D847,0,$C847)+IF($C847<>1,1,COUNTIF(QCI!$A$13:$A$32,ORÇAMENTO!E847)),OFFSET($D847,1,$C847,ROW($C$850)-ROW($C847)),0))","v":0},"F","Serviço","Serviço","18.11.6.","AMMOC","340","PLACA DE SINALIZACAO VIARIA CIRCULAR D = 50 CM, COM SUPORTE DE ACO GALVANIZADO D = 50 MM E ALTURA = 3 M INCLUSIVE BASE DE CONCRETO MAGRO","UN",{"$f":"OFFSET(CÁLCULO!H$15,ROW($T847)-ROW(T$15),0)","v":6},365.01,"BDI 1",{"$f":"IF($C847=\"S\",ROUND(IF(TIPOORCAMENTO=\"Proposto\",ORÇAMENTO.CustoUnitario*(1+$AH847),ORÇAMENTO.PrecoUnitarioLicitado),15-13*$AF$10),0)","v":450.9},2705.4,"RA","RA",{"$f":"IF($C847=\"S\",IF($Z847=\"CP\",$X847,IF($Z847=\"RA\",(($X847)*QCI!$AA$3),0)),SomaAgrup)","v":2705.4},0,{"$f":"IF($N847=\"\",\"\",IF(ORÇAMENTO.Descricao=\"\",\"DESCRIÇÃO\",IF(AND($C847=\"S\",ORÇAMENTO.Unidade=\"\"),\"UNIDADE\",IF($X847<0,\"VALOR NEGATIVO\",IF(OR(AND(TIPOORCAMENTO=\"Proposto\",$AG847<>\"\",$AG847>0,ORÇAMENTO.CustoUnitario>$AG847),AND(TIPOORCAMENTO=\"LICITADO\",ORÇAMENTO.PrecoUnitarioLicitado>$AN847)),\"ACIMA REF.\",\"\")))))","v":""},{"$f":"IF(C847<=CRONO.NivelExibicao,MAX($AD$15:OFFSET(AD847,-1,0))+IF($C847<>1,1,MAX(1,COUNTIF(QCI!$A$13:$A$32,OFFSET($E847,-1,0)))),\"\")","v":""},{"$f":"IF(AND($C847=\"S\",ORÇAMENTO.CodBarra<>\"\"),IF(ORÇAMENTO.Fonte=\"\",ORÇAMENTO.CodBarra,CONCATENATE(ORÇAMENTO.Fonte,\" \",ORÇAMENTO.CodBarra)))","v":"AMMOC 340"},{"$f":"IF(ISERROR(INDIRECT(ORÇAMENTO.BancoRef)),\"(abra o arquivo 'Referência \"&Excel_BuiltIn_Database&\".xls)\",IF(OR($C847<>\"S\",ORÇAMENTO.CodBarra=\"\"),\"(Sem Código)\",IF(ISERROR(MATCH($AE847,INDIRECT(ORÇAMENTO.BancoRef),0)),\"(Código não identificado nas referências)\",MATCH($AE847,INDIRECT(ORÇAMENTO.BancoRef),0))))","v":"(abra o arquivo 'Referência 06-2023.xls)"},{"$f":"ROUND(IF(DESONERACAO=\"sim\",REFERENCIA.Desonerado,REFERENCIA.NaoDesonerado),2)","v":0},0.23530000000000001,null,6,null,null,2705.4,450.9]
["S",2,"S",0,{"$f":"IF($C848=1,OFFSET(E848,-1,0)+MAX(1,COUNTIF(QCI!$A$13:$A$32,OFFSET(ORÇAMENTO!E848,-1,0))),OFFSET(E848,-1,0))","v":18},11,0,0,7,0,{"$f":"IF(OR($C848=\"S\",$C848=0),0,MATCH(OFFSET($D848,0,$C848)+IF($C848<>1,1,COUNTIF(QCI!$A$13:$A$32,ORÇAMENTO!E848)),OFFSET($D848,1,$C848,ROW($C$850)-ROW($C848)),0))","v":0},"F","Serviço","Serviço","18.11.7.","AMMOC","337","PLACA DE SINALIZACAO VIARIA QUADRADA L = 60 CM, COM SUPORTE DE ACO GALVANIZADO D = 50 MM E ALTURA = 3 M, INCLUSIVE BASE DE CONCRETO MAGRO","UN",{"$f":"OFFSET(CÁLCULO!H$15,ROW($T848)-ROW(T$15),0)","v":3},459.55,"BDI 1",{"$f":"IF($C848=\"S\",ROUND(IF(TIPOORCAMENTO=\"Proposto\",ORÇAMENTO.CustoUnitario*(1+$AH848),ORÇAMENTO.PrecoUnitarioLicitado),15-13*$AF$10),0)","v":567.67999999999995},1703.04,"RA","RA",{"$f":"IF($C848=\"S\",IF($Z848=\"CP\",$X848,IF($Z848=\"RA\",(($X848)*QCI!$AA$3),0)),SomaAgrup)","v":1703.04},0,{"$f":"IF($N848=\"\",\"\",IF(ORÇAMENTO.Descricao=\"\",\"DESCRIÇÃO\",IF(AND($C848=\"S\",ORÇAMENTO.Unidade=\"\"),\"UNIDADE\",IF($X848<0,\"VALOR NEGATIVO\",IF(OR(AND(TIPOORCAMENTO=\"Proposto\",$AG848<>\"\",$AG848>0,ORÇAMENTO.CustoUnitario>$AG848),AND(TIPOORCAMENTO=\"LICITADO\",ORÇAMENTO.PrecoUnitarioLicitado>$AN848)),\"ACIMA REF.\",\"\")))))","v":""},{"$f":"IF(C848<=CRONO.NivelExibicao,MAX($AD$15:OFFSET(AD848,-1,0))+IF($C848<>1,1,MAX(1,COUNTIF(QCI!$A$13:$A$32,OFFSET($E848,-1,0)))),\"\")","v":""},{"$f":"IF(AND($C848=\"S\",ORÇAMENTO.CodBarra<>\"\"),IF(ORÇAMENTO.Fonte=\"\",ORÇAMENTO.CodBarra,CONCATENATE(ORÇAMENTO.Fonte,\" \",ORÇAMENTO.CodBarra)))","v":"AMMOC 337"},{"$f":"IF(ISERROR(INDIRECT(ORÇAMENTO.BancoRef)),\"(abra o arquivo 'Referência \"&Excel_BuiltIn_Database&\".xls)\",IF(OR($C848<>\"S\",ORÇAMENTO.CodBarra=\"\"),\"(Sem Código)\",IF(ISERROR(MATCH($AE848,INDIRECT(ORÇAMENTO.BancoRef),0)),\"(Código não identificado nas referências)\",MATCH($AE848,INDIRECT(ORÇAMENTO.BancoRef),0))))","v":"(abra o arquivo 'Referência 06-2023.xls)"},{"$f":"ROUND(IF(DESONERACAO=\"sim\",REFERENCIA.Desonerado,REFERENCIA.NaoDesonerado),2)","v":0},0.23530000000000001,null,3,null,null,1703.04,567.67999999999995]
["S",2,"S",0,{"$f":"IF($C849=1,OFFSET(E849,-1,0)+MAX(1,COUNTIF(QCI!$A$13:$A$32,OFFSET(ORÇAMENTO!E849,-1,0))),OFFSET(E849,-1,0))","v":18},11,0,0,8,0,{"$f":"IF(OR($C849=\"S\",$C849=0),0,MATCH(OFFSET($D849,0,$C849)+IF($C849<>1,1,COUNTIF(QCI!$A$13:$A$32,ORÇAMENTO!E849)),OFFSET($D849,1,$C849,ROW($C$850)-ROW($C849)),0))","v":0},"F","Serviço","Serviço","18.11.8.","SEINFRA","I8362","TACHA REFLETIVA BIDIRECIONAL","UN",{"$f":"OFFSET(CÁLCULO!H$15,ROW($T849)-ROW(T$15),0)","v":264},16.02,"BDI 1",{"$f":"IF($C849=\"S\",ROUND(IF(TIPOORCAMENTO=\"Proposto\",ORÇAMENTO.CustoUnitario*(1+$AH849),ORÇAMENTO.PrecoUnitarioLicitado),15-13*$AF$10),0)","v":19.79},5224.5600000000004,"RA","RA",{"$f":"IF($C849=\"S\",IF($Z849=\"CP\",$X849,IF($Z849=\"RA\",(($X849)*QCI!$AA$3),0)),SomaAgrup)","v":5224.5600000000004},0,{"$f":"IF($N849=\"\",\"\",IF(ORÇAMENTO.Descricao=\"\",\"DESCRIÇÃO\",IF(AND($C849=\"S\",ORÇAMENTO.Unidade=\"\"),\"UNIDADE\",IF($X849<0,\"VALOR NEGATIVO\",IF(OR(AND(TIPOORCAMENTO=\"Proposto\",$AG849<>\"\",$AG849>0,ORÇAMENTO.CustoUnitario>$AG849),AND(TIPOORCAMENTO=\"LICITADO\",ORÇAMENTO.PrecoUnitarioLicitado>$AN849)),\"ACIMA REF.\",\"\")))))","v":""},{"$f":"IF(C849<=CRONO.NivelExibicao,MAX($AD$15:OFFSET(AD849,-1,0))+IF($C849<>1,1,MAX(1,COUNTIF(QCI!$A$13:$A$32,OFFSET($E849,-1,0)))),\"\")","v":""},{"$f":"IF(AND($C849=\"S\",ORÇAMENTO.CodBarra<>\"\"),IF(ORÇAMENTO.Fonte=\"\",ORÇAMENTO.CodBarra,CONCATENATE(ORÇAMENTO.Fonte,\" \",ORÇAMENTO.CodBarra)))","v":"SEINFRA I8362"},{"$f":"IF(ISERROR(INDIRECT(ORÇAMENTO.BancoRef)),\"(abra o arquivo 'Referência \"&Excel_BuiltIn_Database&\".xls)\",IF(OR($C849<>\"S\",ORÇAMENTO.CodBarra=\"\"),\"(Sem Código)\",IF(ISERROR(MATCH($AE849,INDIRECT(ORÇAMENTO.BancoRef),0)),\"(Código não identificado nas referências)\",MATCH($AE849,INDIRECT(ORÇAMENTO.BancoRef),0))))","v":"(abra o arquivo 'Referência 06-2023.xls)"},{"$f":"ROUND(IF(DESONERACAO=\"sim\",REFERENCIA.Desonerado,REFERENCIA.NaoDesonerado),2)","v":0},0.23530000000000001,null,{"$f":"(440/5)*3","v":264},null,null,5224.5600000000004,19.79]
[-1,null,-1,null,0,0,0,0,0,null,null,"F"]
[]
[]
[null,null,null,null,null,null,null,null,null,null,null,null,null,null,"Encargos sociais:",null,"Para elaboração deste orçamento, foram utilizados os encargos sociais do SINAPI para a Unidade da Federação indicada."]
[]
[null,null,null,null,null,null,null,null,null,null,null,null,null,null,"Observações:"]
[]
[]
[]
[]
[null,null,null,null,null,null,null,null,null,null,null,null,null,null,{"$f":"IF(AND($AF$7=FALSE,$AF$8=FALSE,$AF$9=FALSE,$AF$10=FALSE,$AF$11=FALSE),\"Não foi considerado arredondamento nos valores da planilha.\",CONCATENATE(\"Foi considerado arredondamento de duas casas decimais para \",IF($AF$7=TRUE,\"Quantidade; \",\"\"),IF($AF$8=TRUE,\"Custo Unitário; \",\"\"),IF($AF$9=TRUE,\"BDI; \",\"\"),IF($AF$10=TRUE,\"Preço Unitário; \",\"\"),IF($AF$11=TRUE,\"Preço Total.\",\"\")))","v":"Foi considerado arredondamento de duas casas decimais para Quantidade; Custo Unitário; BDI; Preço Unitário; Preço Total."}]
[null,null,null,null,null,null,null,null,null,null,null,null,null,null,"Siglas da Composição do Investimento: RA - Rateio proporcional entre Repasse e Contrapartida; RP - 100% Repasse; CP - 100% Contrapartida; OU - 100% Outros."]
[]
[null,null,null,null,null,null,null,null,null,null,null,null,null,null,{"$f":"Import.Município","v":"IBICARÉ-SC"}]
[null,null,null,null,null,null,null,null,null,null,null,null,null,null,"Local",null,null,null,"Responsável Técnico"]
[null,null,null,null,null,null,null,null,null,null,null,null,null,null,null,null,null,null,"Nome:",{"$f":"Import.RespOrçamento","v":"Max Mooshammer"}]
[null,null,null,null,null,null,null,null,null,null,null,null,null,null,{"$f":"DADOS!$F$25","v":"2023-10-18"},null,null,null,"CREA/CAU:","139.164-0"]
[null,null,null,null,null,null,null,null,null,null,null,null,null,null,"Data",null,null,null,"ART/RRT:","8931106-3"]

{"sheet":"CÁLCULO","index":5,"n_rows":858,"n_cols":59,"rows_kept":858,"cut":false,"hidden":false,"merged":[[0,5,0,7],[0,16,0,17],[0,24,0,25],[1,5,1,7],[1,16,1,17],[1,24,1,25],[14,4,14,7],[3,4,3,5],[3,6,3,7],[3,18,3,19],[3,20,3,25],[4,4,4,5],[4,6,4,7],[4,18,4,19],[4,20,4,25]]}
[null,null,null,null,null,{"$f":"IF(ACOMPANHAMENTO=\"BM\",\"MEMÓRIA DE CÁLCULO\",\"PLQ - PLANILHA DE LEVANTAMENTO DE QUANTIDADES\")","v":"MEMÓRIA DE CÁLCULO"},null,null,null,null,null,null,null,null,null,null,"Grau de Sigilo",null,null,null,null,null,null,null,"Grau de Sigilo"]
[null,null,null,null,null,{"$f":"IF(ACOMPANHAMENTO=\"BM\",\"\",\"Memória de Cálculo\")&\" - \"&import.recurso","v":" - OGU"},null,null,null,null,null,null,null,null,null,null,"#PUBLICO",null,null,null,null,null,null,null,"#PUBLICO"]
[]
[null,null,null,null,"APELIDO DO EMPREENDIMENTO",null,"Nº SICONV",null,"Nº OPERAÇÃO",null,"PROPONENTE / TOMADOR",null,null,null,null,null,null,null,"Nº OPERAÇÃO",null,"PROPONENTE / TOMADOR"]
[null,null,null,null,{"$f":"Import.Apelido","v":"PAVIMENTAÇÃO DE RUAS E ACESSOS DIVERSOS EM CONCRETO"},null,{"$f":"Import.SICONV","v":0},null,{"$f":"Import.CR","v":0},null,{"$f":"Import.Proponente","v":"PREFEITURA MUNICIPAL DE IBICARÉ"},null,null,null,null,null,null,null,{"$f":"Import.CR","v":0},null,{"$f":"Import.Proponente","v":"PREFEITURA MUNICIPAL DE IBICARÉ"}]
[null,null,null,null,null,null,null,null,null,null,null,null,null,null,null,null,null,null,null,null,null,null,null,null,null,null,null,"Preços dos serviços por frente",null,null,null,null,null,null,null,null,null,null,"Mês do cronograma",null,null,null,null,null,null,null,null,null,null,"Número da Medição"]
[]
[]
[]
[]
[]
[{"$f":"IF(OFFSET(EVENTOS!$C$5,1,0)=\"Automática, conforme os agrupadores Nível 4 do Orçamento\",4,IF(OFFSET(EVENTOS!$C$5,1,0)=\"Automática, conforme os agrupadores Nível 3 do Orçamento\",3,IF(OFFSET(EVENTOS!$C$5,1,0)=\"Definir Manualmente\",\"Manual\",2)))","v":2},"Empty",null,null,null,null,null,null,null,".","Nº AGRUPADOR DE EVENTOS",".",{"$f":"IF(ACOMPANHAMENTO=\"BM\",0,COUNTIF(M15:M850,0))","v":0},"FRENTES DE OBRA:",null,".",null,null,null,null,null,null,null,null,null,null,".",{"$f":"OFFSET($P$12,0,AB$13)","v":0},{"$f":"OFFSET($P$12,0,AC$13)","v":0},0,0,0,0,0,0,0,0,null,{"$f":"OFFSET($P$12,0,AM$13)","v":0},{"$f":"OFFSET($P$12,0,AN$13)","v":0},0,0,0,0,0,0,0,0,null,{"$f":"OFFSET($P$12,0,AX$13)","v":0},{"$f":"OFFSET($P$12,0,AY$13)","v":0},0,0,0,0,0,0,0,0]
["AUTOEVENTO","Empty",null,"Nível","Item","Descrição","Unidade","Quantidade","Memória de Cálculo",null,"Nº",null,"# Evento","Agrupador de Eventos",{"$f":"OFFSET(O13,0,-1)+1","v":{"$error":"#VALUE!"}},null,{"$f":"OFFSET(Q13,0,-1)+1","v":1},2,3,4,5,6,7,8,9,10,null,{"$f":"OFFSET(AB13,0,-1)+1","v":1},2,3,4,5,6,7,8,9,10,null,1,2,3,4,5,6,7,8,9,10,null,1,2,3,4,5,6,7,8,9,10]
[{"$f":"IF(AUTOEVENTO=\"Manual\",IF(K14<>\"\",MIN(VALUE(LEFT(K14,FIND(\".\",K14)-1)),COUNTA(EVENTOS.Lista)),0),IF(OR($B14>AUTOEVENTO,$B14=\"S\",$B14=0),SUBSTITUTE(OFFSET($A14,-1,0),IF($D14=\"Serviço\",\".\",\"\"),\"\"),ROW(A14)-ROW($A$15)&\".\"))","v":"AUTOEVENTO"},{"$f":"OFFSET(ORÇAMENTO!C$15,ROW(B14)-ROW(B$15),0)","v":"S"},{"$f":"OFFSET(ORÇAMENTO!L$15,ROW(C14)-ROW(C$15),0)","v":""},{"$f":"OFFSET(ORÇAMENTO!N$15,ROW(D14)-ROW(D$15),0)","v":"Serviço"},{"$f":"OFFSET(ORÇAMENTO!O$15,ROW(E14)-ROW(E$15),0)","v":"-"},{"$f":"OFFSET(ORÇAMENTO!R$15,ROW(F14)-ROW(F$15),0)","v":"(abra o arquivo 'Referência 06-2023.xls)"},{"$f":"IF($D14<>\"Serviço\",\"\",OFFSET(ORÇAMENTO!S$15,ROW(G14)-ROW(G$15),0))","v":"-"},{"$f":"IF($D14<>\"Serviço\",0,IF(ACOMPANHAMENTO=\"BM\",ROUND(OFFSET(ORÇAMENTO!AJ$15,ROW(H14)-ROW(H$15),0),15-13*ORÇAMENTO!$AF$7),SUMPRODUCT(($Q$12:$AA$12<>\"\")*ROUND($Q14:$AA14,15-13*ORÇAMENTO!$AF$7))))","v":0},null,null,null,".",{"$f":"IF($D14<>\"Serviço\",\"\",IF(AUTOEVENTO=\"manual\",$A14,IF(ISERROR(MATCH($A14,$A$15:OFFSET($A14,-1,0),0)),MAX($M$15:OFFSET(M14,-1,0))+1,INDEX($M$15:OFFSET(M14,-1,0),MATCH($A14,$A$15:OFFSET($A14,-1,0),0)))))","v":"# Evento"},{"$f":"IF($D14<>\"Serviço\",\"\",IF(AUTOEVENTO=\"Manual\",IF($A14=0,\"<-- defina o número do agrupador\",OFFSET(EVENTOS!$D$14,$A14,0)),OFFSET($F$15,$A14,0)))","v":{"$error":"#VALUE!"}},null,null,null,null,null,null,null,null,null,null,null,null,null,{"$f":"IF(AND($D14=\"Serviço\",AB$12<>0,$H14>0,OR(AUTOEVENTO<>\"manual\",$M14<>1)),ROUND(OFFSET($P14,0,AB$13),15-13*ORÇAMENTO!$AF$7)/$H14*OFFSET(ORÇAMENTO!$X$15,ROW(AB14)-ROW(AB$15),0),0)","v":0},{"$f":"IF(AND($D14=\"Serviço\",AC$12<>0,$H14>0,OR(AUTOEVENTO<>\"manual\",$M14<>1)),ROUND(OFFSET($P14,0,AC$13),15-13*ORÇAMENTO!$AF$7)/$H14*OFFSET(ORÇAMENTO!$X$15,ROW(AC14)-ROW(AC$15),0),0)","v":0},{"$f":"IF(AND($D14=\"Serviço\",AD$12<>0,$H14>0,OR(AUTOEVENTO<>\"manual\",$M14<>1)),ROUND(OFFSET($P14,0,AD$13),15-13*ORÇAMENTO!$AF$7)/$H14*OFFSET(ORÇAMENTO!$X$15,ROW(AD14)-ROW(AD$15),0),0)","v":0},{"$f":"IF(AND($D14=\"Serviço\",AE$12<>0,$H14>0,OR(AUTOEVENTO<>\"manual\",$M14<>1)),ROUND(OFFSET($P14,0,AE$13),15-13*ORÇAMENTO!$AF$7)/$H14*OFFSET(ORÇAMENTO!$X$15,ROW(AE14)-ROW(AE$15),0),0)","v":0},{"$f":"IF(AND($D14=\"Serviço\",AF$12<>0,$H14>0,OR(AUTOEVENTO<>\"manual\",$M14<>1)),ROUND(OFFSET($P14,0,AF$13),15-13*ORÇAMENTO!$AF$7)/$H14*OFFSET(ORÇAMENTO!$X$15,ROW(AF14)-ROW(AF$15),0),0)","v":0},{"$f":"IF(AND($D14=\"Serviço\",AG$12<>0,$H14>0,OR(AUTOEVENTO<>\"manual\",$M14<>1)),ROUND(OFFSET($P14,0,AG$13),15-13*ORÇAMENTO!$AF$7)/$H14*OFFSET(ORÇAMENTO!$X$15,ROW(AG14)-ROW(AG$15),0),0)","v":0},{"$f":"IF(AND($D14=\"Serviço\",AH$12<>0,$H14>0,OR(AUTOEVENTO<>\"manual\",$M14<>1)),ROUND(OFFSET($P14,0,AH$13),15-13*ORÇAMENTO!$AF$7)/$H14*OFFSET(ORÇAMENTO!$X$15,ROW(AH14)-ROW(AH$15),0),0)","v":0},{"$f":"IF(AND($D14=\"Serviço\",AI$12<>0,$H14>0,OR(AUTOEVENTO<>\"manual\",$M14<>1)),ROUND(OFFSET($P14,0,AI$13),15-13*ORÇAMENTO!$AF$7)/$H14*OFFSET(ORÇAMENTO!$X$15,ROW(AI14)-ROW(AI$15),0),0)","v":0},{"$f":"IF(AND($D14=\"Serviço\",AJ$12<>0,$H14>0,OR(AUTOEVENTO<>\"manual\",$M14<>1)),ROUND(OFFSET($P14,0,AJ$13),15-13*ORÇAMENTO!$AF$7)/$H14*OFFSET(ORÇAMENTO!$X$15,ROW(AJ14)-ROW(AJ$15),0),0)","v":0},{"$f":"IF(AND($D14=\"Serviço\",AK$12<>0,$H14>0,OR(AUTOEVENTO<>\"manual\",$M14<>1)),ROUND(OFFSET($P14,0,AK$13),15-13*ORÇAMENTO!$AF$7)/$H14*OFFSET(ORÇAMENTO!$X$15,ROW(AK14)-ROW(AK$15),0),0)","v":0},null,{"$f":"IF($D14<>\"Serviço\",0,IF(AND(AUTOEVENTO=\"Manual\",$M14=1),0,IF(OFFSET(CRONOPLE!$F$14,$M14,AM$13)=\"\",10^12,OFFSET(CRONOPLE!$F$14,$M14,AM$13))))","v":{"$error":"#VALUE!"}},{"$f":"IF($D14<>\"Serviço\",0,IF(AND(AUTOEVENTO=\"Manual\",$M14=1),0,IF(OFFSET(CRONOPLE!$F$14,$M14,AN$13)=\"\",10^12,OFFSET(CRONOPLE!$F$14,$M14,AN$13))))","v":{"$error":"#VALUE!"}},{"$f":"IF($D14<>\"Serviço\",0,IF(AND(AUTOEVENTO=\"Manual\",$M14=1),0,IF(OFFSET(CRONOPLE!$F$14,$M14,AO$13)=\"\",10^12,OFFSET(CRONOPLE!$F$14,$M14,AO$13))))","v":{"$error":"#VALUE!"}},{"$f":"IF($D14<>\"Serviço\",0,IF(AND(AUTOEVENTO=\"Manual\",$M14=1),0,IF(OFFSET(CRONOPLE!$F$14,$M14,AP$13)=\"\",10^12,OFFSET(CRONOPLE!$F$14,$M14,AP$13))))","v":{"$error":"#VALUE!"}},{"$f":"IF($D14<>\"Serviço\",0,IF(AND(AUTOEVENTO=\"Manual\",$M14=1),0,IF(OFFSET(CRONOPLE!$F$14,$M14,AQ$13)=\"\",10^12,OFFSET(CRONOPLE!$F$14,$M14,AQ$13))))","v":{"$error":"#VALUE!"}},{"$f":"IF($D14<>\"Serviço\",0,IF(AND(AUTOEVENTO=\"Manual\",$M14=1),0,IF(OFFSET(CRONOPLE!$F$14,$M14,AR$13)=\"\",10^12,OFFSET(CRONOPLE!$F$14,$M14,AR$13))))","v":{"$error":"#VALUE!"}},{"$f":"IF($D14<>\"Serviço\",0,IF(AND(AUTOEVENTO=\"Manual\",$M14=1),0,IF(OFFSET(CRONOPLE!$F$14,$M14,AS$13)=\"\",10^12,OFFSET(CRONOPLE!$F$14,$M14,AS$13))))","v":{"$error":"#VALUE!"}},{"$f":"IF($D14<>\"Serviço\",0,IF(AND(AUTOEVENTO=\"Manual\",$M14=1),0,IF(OFFSET(CRONOPLE!$F$14,$M14,AT$13)=\"\",10^12,OFFSET(CRONOPLE!$F$14,$M14,AT$13))))","v":{"$error":"#VALUE!"}},{"$f":"IF($D14<>\"Serviço\",0,IF(AND(AUTOEVENTO=\"Manual\",$M14=1),0,IF(OFFSET(CRONOPLE!$F$14,$M14,AU$13)=\"\",10^12,OFFSET(CRONOPLE!$F$14,$M14,AU$13))))","v":{"$error":"#VALUE!"}},{"$f":"IF($D14<>\"Serviço\",0,IF(AND(AUTOEVENTO=\"Manual\",$M14=1),0,IF(OFFSET(CRONOPLE!$F$14,$M14,AV$13)=\"\",10^12,OFFSET(CRONOPLE!$F$14,$M14,AV$13))))","v":{"$error":"#VALUE!"}},null,{"$f":"IF($D14<>\"Serviço\",0,IF(OR(AND(AUTOEVENTO=\"Manual\",$M14=1),$M14>(ROW(PLE.lastrow)-ROW(PLE.firstrow))),0,IF(OFFSET(PLE!$G$14,$M14,AX$13)=\"\",10^12,OFFSET(PLE!$G$14,$M14,AX$13))))","v":0},{"$f":"IF($D14<>\"Serviço\",0,IF(OR(AND(AUTOEVENTO=\"Manual\",$M14=1),$M14>(ROW(PLE.lastrow)-ROW(PLE.firstrow))),0,IF(OFFSET(PLE!$G$14,$M14,AY$13)=\"\",10^12,OFFSET(PLE!$G$14,$M14,AY$13))))","v":0},{"$f":"IF($D14<>\"Serviço\",0,IF(OR(AND(AUTOEVENTO=\"Manual\",$M14=1),$M14>(ROW(PLE.lastrow)-ROW(PLE.firstrow))),0,IF(OFFSET(PLE!$G$14,$M14,AZ$13)=\"\",10^12,OFFSET(PLE!$G$14,$M14,AZ$13))))","v":0},{"$f":"IF($D14<>\"Serviço\",0,IF(OR(AND(AUTOEVENTO=\"Manual\",$M14=1),$M14>(ROW(PLE.lastrow)-ROW(PLE.firstrow))),0,IF(OFFSET(PLE!$G$14,$M14,BA$13)=\"\",10^12,OFFSET(PLE!$G$14,$M14,BA$13))))","v":0},{"$f":"IF($D14<>\"Serviço\",0,IF(OR(AND(AUTOEVENTO=\"Manual\",$M14=1),$M14>(ROW(PLE.lastrow)-ROW(PLE.firstrow))),0,IF(OFFSET(PLE!$G$14,$M14,BB$13)=\"\",10^12,OFFSET(PLE!$G$14,$M14,BB$13))))","v":0},{"$f":"IF($D14<>\"Serviço\",0,IF(OR(AND(AUTOEVENTO=\"Manual\",$M14=1),$M14>(ROW(PLE.lastrow)-ROW(PLE.firstrow))),0,IF(OFFSET(PLE!$G$14,$M14,BC$13)=\"\",10^12,OFFSET(PLE!$G$14,$M14,BC$13))))","v":0},{"$f":"IF($D14<>\"Serviço\",0,IF(OR(AND(AUTOEVENTO=\"Manual\",$M14=1),$M14>(ROW(PLE.lastrow)-ROW(PLE.firstrow))),0,IF(OFFSET(PLE!$G$14,$M14,BD$13)=\"\",10^12,OFFSET(PLE!$G$14,$M14,BD$13))))","v":0},{"$f":"IF($D14<>\"Serviço\",0,IF(OR(AND(AUTOEVENTO=\"Manual\",$M14=1),$M14>(ROW(PLE.lastrow)-ROW(PLE.firstrow))),0,IF(OFFSET(PLE!$G$14,$M14,BE$13)=\"\",10^12,OFFSET(PLE!$G$14,$M14,BE$13))))","v":0},{"$f":"IF($D14<>\"Serviço\",0,IF(OR(AND(AUTOEVENTO=\"Manual\",$M14=1),$M14>(ROW(PLE.lastrow)-ROW(PLE.firstrow))),0,IF(OFFSET(PLE!$G$14,$M14,BF$13)=\"\",10^12,OFFSET(PLE!$G$14,$M14,BF$13))))","v":0},{"$f":"IF($D14<>\"Serviço\",0,IF(OR(AND(AUTOEVENTO=\"Manual\",$M14=1),$M14>(ROW(PLE.lastrow)-ROW(PLE.firstrow))),0,IF(OFFSET(PLE!$G$14,$M14,BG$13)=\"\",10^12,OFFSET(PLE!$G$14,$M14,BG$13))))","v":0}]
[null,{"$f":"OFFSET(ORÇAMENTO!C$15,ROW(B15)-ROW(B$15),0)","v":"L"},{"$f":"OFFSET(ORÇAMENTO!L$15,ROW(C15)-ROW(C$15),0)","v":"F"},{"$f":"IF(TIPOORCAMENTO=\"LICITADO\",\"CTEF\",\"LOTE\")","v":"LOTE"},{"$f":"Import.DescLote","v":"PAVIMENTAÇÃO DE RUAS E ACESSOS DIVERSOS EM CONCRETO"},null,null,null,null,null,null,".",{"$f":"IF(AUTOEVENTO=\"MANUAL\",0,1)","v":1},"TOTAL FINANC. POR FRENTE (R$):",{"$f":"OFFSET($AA$15,0,O$13)","v":{"$error":"#VALUE!"}},null,{"$f":"OFFSET($AA$15,0,Q$13)","v":0},0,0,0,0,0,0,0,0,0,null,{"$f":"ROUND(SUM(OFFSET(AB$15,1,0):AB$850),2)","v":0},{"$f":"SUM(OFFSET(AC$15,1,0):AC$850)","v":0},{"$f":"SUM(OFFSET(AD$15,1,0):AD$850)","v":0},{"$f":"SUM(OFFSET(AE$15,1,0):AE$850)","v":0},{"$f":"SUM(OFFSET(AF$15,1,0):AF$850)","v":0},{"$f":"SUM(OFFSET(AG$15,1,0):AG$850)","v":0},{"$f":"SUM(OFFSET(AH$15,1,0):AH$850)","v":0},{"$f":"SUM(OFFSET(AI$15,1,0):AI$850)","v":0},{"$f":"SUM(OFFSET(AJ$15,1,0):AJ$850)","v":0},{"$f":"SUM(OFFSET(AK$15,1,0):AK$850)","v":0},null,{"$f":"10^12","v":1000000000000},{"$f":"10^12","v":1000000000000},1000000000000,1000000000000,1000000000000,1000000000000,1000000000000,1000000000000,1000000000000,1000000000000,null,{"$f":"10^12","v":1000000000000},1000000000000,1000000000000,1000000000000,1000000000000,1000000000000,1000000000000,1000000000000,1000000000000,1000000000000]
[{"$f":"IF(AUTOEVENTO=\"Manual\",IF(K16<>\"\",MIN(VALUE(LEFT(K16,FIND(\".\",K16)-1)),COUNTA(EVENTOS.Lista)),0),IF(OR($B16>AUTOEVENTO,$B16=\"S\",$B16=0),SUBSTITUTE(OFFSET($A16,-1,0),IF($D16=\"Serviço\",\".\",\"\"),\"\"),ROW(A16)-ROW($A$15)&\".\"))","v":"1."},{"$f":"OFFSET(ORÇAMENTO!C$15,ROW(B16)-ROW(B$15),0)","v":1},{"$f":"OFFSET(ORÇAMENTO!L$15,ROW(C16)-ROW(C$15),0)","v":"F"},{"$f":"OFFSET(ORÇAMENTO!N$15,ROW(D16)-ROW(D$15),0)","v":"Meta"},{"$f":"OFFSET(ORÇAMENTO!O$15,ROW(E16)-ROW(E$15),0)","v":"1."},{"$f":"OFFSET(ORÇAMENTO!R$15,ROW(F16)-ROW(F$15),0)","v":"ACESSO AO CENTRO DE IDOSOS"},{"$f":"IF($D16<>\"Serviço\",\"\",OFFSET(ORÇAMENTO!S$15,ROW(G16)-ROW(G$15),0))","v":""},{"$f":"IF($D16<>\"Serviço\",0,IF(ACOMPANHAMENTO=\"BM\",ROUND(OFFSET(ORÇAMENTO!AJ$15,ROW(H16)-ROW(H$15),0),15-13*ORÇAMENTO!$AF$7),SUMPRODUCT(($Q$12:$AA$12<>\"\")*ROUND($Q16:$AA16,15-13*ORÇAMENTO!$AF$7))))","v":0},null,null,null,".",{"$f":"IF($D16<>\"Serviço\",\"\",IF(AUTOEVENTO=\"manual\",$A16,IF(ISERROR(MATCH($A16,$A$15:OFFSET($A16,-1,0),0)),MAX($M$15:OFFSET(M16,-1,0))+1,INDEX($M$15:OFFSET(M16,-1,0),MATCH($A16,$A$15:OFFSET($A16,-1,0),0)))))","v":""},{"$f":"IF($D16<>\"Serviço\",\"\",IF(AUTOEVENTO=\"Manual\",IF($A16=0,\"<-- defina o número do agrupador\",OFFSET(EVENTOS!$D$14,$A16,0)),OFFSET($F$15,$A16,0)))","v":""},null,null,null,null,null,null,null,null,null,null,null,null,null,{"$f":"IF(AND($D16=\"Serviço\",AB$12<>0,$H16>0,OR(AUTOEVENTO<>\"manual\",$M16<>1)),ROUND(OFFSET($P16,0,AB$13),15-13*ORÇAMENTO!$AF$7)/$H16*OFFSET(ORÇAMENTO!$X$15,ROW(AB16)-ROW(AB$15),0),0)","v":0},{"$f":"IF(AND($D16=\"Serviço\",AC$12<>0,$H16>0,OR(AUTOEVENTO<>\"manual\",$M16<>1)),ROUND(OFFSET($P16,0,AC$13),15-13*ORÇAMENTO!$AF$7)/$H16*OFFSET(ORÇAMENTO!$X$15,ROW(AC16)-ROW(AC$15),0),0)","v":0},{"$f":"IF(AND($D16=\"Serviço\",AD$12<>0,$H16>0,OR(AUTOEVENTO<>\"manual\",$M16<>1)),ROUND(OFFSET($P16,0,AD$13),15-13*ORÇAMENTO!$AF$7)/$H16*OFFSET(ORÇAMENTO!$X$15,ROW(AD16)-ROW(AD$15),0),0)","v":0},{"$f":"IF(AND($D16=\"Serviço\",AE$12<>0,$H16>0,OR(AUTOEVENTO<>\"manual\",$M16<>1)),ROUND(OFFSET($P16,0,AE$13),15-13*ORÇAMENTO!$AF$7)/$H16*OFFSET(ORÇAMENTO!$X$15,ROW(AE16)-ROW(AE$15),0),0)","v":0},{"$f":"IF(AND($D16=\"Serviço\",AF$12<>0,$H16>0,OR(AUTOEVENTO<>\"manual\",$M16<>1)),ROUND(OFFSET($P16,0,AF$13),15-13*ORÇAMENTO!$AF$7)/$H16*OFFSET(ORÇAMENTO!$X$15,ROW(AF16)-ROW(AF$15),0),0)","v":0},{"$f":"IF(AND($D16=\"Serviço\",AG$12<>0,$H16>0,OR(AUTOEVENTO<>\"manual\",$M16<>1)),ROUND(OFFSET($P16,0,AG$13),15-13*ORÇAMENTO!$AF$7)/$H16*OFFSET(ORÇAMENTO!$X$15,ROW(AG16)-ROW(AG$15),0),0)","v":0},{"$f":"IF(AND($D16=\"Serviço\",AH$12<>0,$H16>0,OR(AUTOEVENTO<>\"manual\",$M16<>1)),ROUND(OFFSET($P16,0,AH$13),15-13*ORÇAMENTO!$AF$7)/$H16*OFFSET(ORÇAMENTO!$X$15,ROW(AH16)-ROW(AH$15),0),0)","v":0},{"$f":"IF(AND($D16=\"Serviço\",AI$12<>0,$H16>0,OR(AUTOEVENTO<>\"manual\",$M16<>1)),ROUND(OFFSET($P16,0,AI$13),15-13*ORÇAMENTO!$AF$7)/$H16*OFFSET(ORÇAMENTO!$X$15,ROW(AI16)-ROW(AI$15),0),0)","v":0},{"$f":"IF(AND($D16=\"Serviço\",AJ$12<>0,$H16>0,OR(AUTOEVENTO<>\"manual\",$M16<>1)),ROUND(OFFSET($P16,0,AJ$13),15-13*ORÇAMENTO!$AF$7)/$H16*OFFSET(ORÇAMENTO!$X$15,ROW(AJ16)-ROW(AJ$15),0),0)","v":0},{"$f":"IF(AND($D16=\"Serviço\",AK$12<>0,$H16>0,OR(AUTOEVENTO<>\"manual\",$M16<>1)),ROUND(OFFSET($P16,0,AK$13),15-13*ORÇAMENTO!$AF$7)/$H16*OFFSET(ORÇAMENTO!$X$15,ROW(AK16)-ROW(AK$15),0),0)","v":0},null,{"$f":"IF($D16<>\"Serviço\",0,IF(AND(AUTOEVENTO=\"Manual\",$M16=1),0,IF(OFFSET(CRONOPLE!$F$14,$M16,AM$13)=\"\",10^12,OFFSET(CRONOPLE!$F$14,$M16,AM$13))))","v":0},{"$f":"IF($D16<>\"Serviço\",0,IF(AND(AUTOEVENTO=\"Manual\",$M16=1),0,IF(OFFSET(CRONOPLE!$F$14,$M16,AN$13)=\"\",10^12,OFFSET(CRONOPLE!$F$14,$M16,AN$13))))","v":0},{"$f":"IF($D16<>\"Serviço\",0,IF(AND(AUTOEVENTO=\"Manual\",$M16=1),0,IF(OFFSET(CRONOPLE!$F$14,$M16,AO$13)=\"\",10^12,OFFSET(CRONOPLE!$F$14,$M16,AO$13))))","v":0},{"$f":"IF($D16<>\"Serviço\",0,IF(AND(AUTOEVENTO=\"Manual\",$M16=1),0,IF(OFFSET(CRONOPLE!$F$14,$M16,AP$13)=\"\",10^12,OFFSET(CRONOPLE!$F$14,$M16,AP$13))))","v":0},{"$f":"IF($D16<>\"Serviço\",0,IF(AND(AUTOEVENTO=\"Manual\",$M16=1),0,IF(OFFSET(CRONOPLE!$F$14,$M16,AQ$13)=\"\",10^12,OFFSET(CRONOPLE!$F$14,$M16,AQ$13))))","v":0},{"$f":"IF($D16<>\"Serviço\",0,IF(AND(AUTOEVENTO=\"Manual\",$M16=1),0,IF(OFFSET(CRONOPLE!$F$14,$M16,AR$13)=\"\",10^12,OFFSET(CRONOPLE!$F$14,$M16,AR$13))))","v":0},{"$f":"IF($D16<>\"Serviço\",0,IF(AND(AUTOEVENTO=\"Manual\",$M16=1),0,IF(OFFSET(CRONOPLE!$F$14,$M16,AS$13)=\"\",10^12,OFFSET(CRONOPLE!$F$14,$M16,AS$13))))","v":0},{"$f":"IF($D16<>\"Serviço\",0,IF(AND(AUTOEVENTO=\"Manual\",$M16=1),0,IF(OFFSET(CRONOPLE!$F$14,$M16,AT$13)=\"\",10^12,OFFSET(CRONOPLE!$F$14,$M16,AT$13))))","v":0},{"$f":"IF($D16<>\"Serviço\",0,IF(AND(AUTOEVENTO=\"Manual\",$M16=1),0,IF(OFFSET(CRONOPLE!$F$14,$M16,AU$13)=\"\",10^12,OFFSET(CRONOPLE!$F$14,$M16,AU$13))))","v":0},{"$f":"IF($D16<>\"Serviço\",0,IF(AND(AUTOEVENTO=\"Manual\",$M16=1),0,IF(OFFSET(CRONOPLE!$F$14,$M16,AV$13)=\"\",10^12,OFFSET(CRONOPLE!$F$14,$M16,AV$13))))","v":0},null,{"$f":"IF($D16<>\"Serviço\",0,IF(OR(AND(AUTOEVENTO=\"Manual\",$M16=1),$M16>(ROW(PLE.lastrow)-ROW(PLE.firstrow))),0,IF(OFFSET(PLE!$G$14,$M16,AX$13)=\"\",10^12,OFFSET(PLE!$G$14,$M16,AX$13))))","v":0},{"$f":"IF($D16<>\"Serviço\",0,IF(OR(AND(AUTOEVENTO=\"Manual\",$M16=1),$M16>(ROW(PLE.lastrow)-ROW(PLE.firstrow))),0,IF(OFFSET(PLE!$G$14,$M16,AY$13)=\"\",10^12,OFFSET(PLE!$G$14,$M16,AY$13))))","v":0},{"$f":"IF($D16<>\"Serviço\",0,IF(OR(AND(AUTOEVENTO=\"Manual\",$M16=1),$M16>(ROW(PLE.lastrow)-ROW(PLE.firstrow))),0,IF(OFFSET(PLE!$G$14,$M16,AZ$13)=\"\",10^12,OFFSET(PLE!$G$14,$M16,AZ$13))))","v":0},{"$f":"IF($D16<>\"Serviço\",0,IF(OR(AND(AUTOEVENTO=\"Manual\",$M16=1),$M16>(ROW(PLE.lastrow)-ROW(PLE.firstrow))),0,IF(OFFSET(PLE!$G$14,$M16,BA$13)=\"\",10^12,OFFSET(PLE!$G$14,$M16,BA$13))))","v":0},{"$f":"IF($D16<>\"Serviço\",0,IF(OR(AND(AUTOEVENTO=\"Manual\",$M16=1),$M16>(ROW(PLE.lastrow)-ROW(PLE.firstrow))),0,IF(OFFSET(PLE!$G$14,$M16,BB$13)=\"\",10^12,OFFSET(PLE!$G$14,$M16,BB$13))))","v":0},{"$f":"IF($D16<>\"Serviço\",0,IF(OR(AND(AUTOEVENTO=\"Manual\",$M16=1),$M16>(ROW(PLE.lastrow)-ROW(PLE.firstrow))),0,IF(OFFSET(PLE!$G$14,$M16,BC$13)=\"\",10^12,OFFSET(PLE!$G$14,$M16,BC$13))))","v":0},{"$f":"IF($D16<>\"Serviço\",0,IF(OR(AND(AUTOEVENTO=\"Manual\",$M16=1),$M16>(ROW(PLE.lastrow)-ROW(PLE.firstrow))),0,IF(OFFSET(PLE!$G$14,$M16,BD$13)=\"\",10^12,OFFSET(PLE!$G$14,$M16,BD$13))))","v":0},{"$f":"IF($D16<>\"Serviço\",0,IF(OR(AND(AUTOEVENTO=\"Manual\",$M16=1),$M16>(ROW(PLE.lastrow)-ROW(PLE.firstrow))),0,IF(OFFSET(PLE!$G$14,$M16,BE$13)=\"\",10^12,OFFSET(PLE!$G$14,$M16,BE$13))))","v":0},{"$f":"IF($D16<>\"Serviço\",0,IF(OR(AND(AUTOEVENTO=\"Manual\",$M16=1),$M16>(ROW(PLE.lastrow)-ROW(PLE.firstrow))),0,IF(OFFSET(PLE!$G$14,$M16,BF$13)=\"\",10^12,OFFSET(PLE!$G$14,$M16,BF$13))))","v":0},{"$f":"IF($D16<>\"Serviço\",0,IF(OR(AND(AUTOEVENTO=\"Manual\",$M16=1),$M16>(ROW(PLE.lastrow)-ROW(PLE.firstrow))),0,IF(OFFSET(PLE!$G$14,$M16,BG$13)=\"\",10^12,OFFSET(PLE!$G$14,$M16,BG$13))))","v":0}]
[{"$f":"IF(AUTOEVENTO=\"Manual\",IF(K17<>\"\",MIN(VALUE(LEFT(K17,FIND(\".\",K17)-1)),COUNTA(EVENTOS.Lista)),0),IF(OR($B17>AUTOEVENTO,$B17=\"S\",$B17=0),SUBSTITUTE(OFFSET($A17,-1,0),IF($D17=\"Serviço\",\".\",\"\"),\"\"),ROW(A17)-ROW($A$15)&\".\"))","v":"2."},{"$f":"OFFSET(ORÇAMENTO!C$15,ROW(B17)-ROW(B$15),0)","v":2},{"$f":"OFFSET(ORÇAMENTO!L$15,ROW(C17)-ROW(C$15),0)","v":"F"},{"$f":"OFFSET(ORÇAMENTO!N$15,ROW(D17)-ROW(D$15),0)","v":"Nível 2"},{"$f":"OFFSET(ORÇAMENTO!O$15,ROW(E17)-ROW(E$15),0)","v":"1.1."},{"$f":"OFFSET(ORÇAMENTO!R$15,ROW(F17)-ROW(F$15),0)","v":"SERVIÇOS INICIAIS E EVENTUAIS"},{"$f":"IF($D17<>\"Serviço\",\"\",OFFSET(ORÇAMENTO!S$15,ROW(G17)-ROW(G$15),0))","v":""},{"$f":"IF($D17<>\"Serviço\",0,IF(ACOMPANHAMENTO=\"BM\",ROUND(OFFSET(ORÇAMENTO!AJ$15,ROW(H17)-ROW(H$15),0),15-13*ORÇAMENTO!$AF$7),SUMPRODUCT(($Q$12:$AA$12<>\"\")*ROUND($Q17:$AA17,15-13*ORÇAMENTO!$AF$7))))","v":0},null,null,null,".",{"$f":"IF($D17<>\"Serviço\",\"\",IF(AUTOEVENTO=\"manual\",$A17,IF(ISERROR(MATCH($A17,$A$15:OFFSET($A17,-1,0),0)),MAX($M$15:OFFSET(M17,-1,0))+1,INDEX($M$15:OFFSET(M17,-1,0),MATCH($A17,$A$15:OFFSET($A17,-1,0),0)))))","v":""},{"$f":"IF($D17<>\"Serviço\",\"\",IF(AUTOEVENTO=\"Manual\",IF($A17=0,\"<-- defina o número do agrupador\",OFFSET(EVENTOS!$D$14,$A17,0)),OFFSET($F$15,$A17,0)))","v":""},null,null,null,null,null,null,null,null,null,null,null,null,null,{"$f":"IF(AND($D17=\"Serviço\",AB$12<>0,$H17>0,OR(AUTOEVENTO<>\"manual\",$M17<>1)),ROUND(OFFSET($P17,0,AB$13),15-13*ORÇAMENTO!$AF$7)/$H17*OFFSET(ORÇAMENTO!$X$15,ROW(AB17)-ROW(AB$15),0),0)","v":0},{"$f":"IF(AND($D17=\"Serviço\",AC$12<>0,$H17>0,OR(AUTOEVENTO<>\"manual\",$M17<>1)),ROUND(OFFSET($P17,0,AC$13),15-13*ORÇAMENTO!$AF$7)/$H17*OFFSET(ORÇAMENTO!$X$15,ROW(AC17)-ROW(AC$15),0),0)","v":0},{"$f":"IF(AND($D17=\"Serviço\",AD$12<>0,$H17>0,OR(AUTOEVENTO<>\"manual\",$M17<>1)),ROUND(OFFSET($P17,0,AD$13),15-13*ORÇAMENTO!$AF$7)/$H17*OFFSET(ORÇAMENTO!$X$15,ROW(AD17)-ROW(AD$15),0),0)","v":0},{"$f":"IF(AND($D17=\"Serviço\",AE$12<>0,$H17>0,OR(AUTOEVENTO<>\"manual\",$M17<>1)),ROUND(OFFSET($P17,0,AE$13),15-13*ORÇAMENTO!$AF$7)/$H17*OFFSET(ORÇAMENTO!$X$15,ROW(AE17)-ROW(AE$15),0),0)","v":0},{"$f":"IF(AND($D17=\"Serviço\",AF$12<>0,$H17>0,OR(AUTOEVENTO<>\"manual\",$M17<>1)),ROUND(OFFSET($P17,0,AF$13),15-13*ORÇAMENTO!$AF$7)/$H17*OFFSET(ORÇAMENTO!$X$15,ROW(AF17)-ROW(AF$15),0),0)","v":0},{"$f":"IF(AND($D17=\"Serviço\",AG$12<>0,$H17>0,OR(AUTOEVENTO<>\"manual\",$M17<>1)),ROUND(OFFSET($P17,0,AG$13),15-13*ORÇAMENTO!$AF$7)/$H17*OFFSET(ORÇAMENTO!$X$15,ROW(AG17)-ROW(AG$15),0),0)","v":0},{"$f":"IF(AND($D17=\"Serviço\",AH$12<>0,$H17>0,OR(AUTOEVENTO<>\"manual\",$M17<>1)),ROUND(OFFSET($P17,0,AH$13),15-13*ORÇAMENTO!$AF$7)/$H17*OFFSET(ORÇAMENTO!$X$15,ROW(AH17)-ROW(AH$15),0),0)","v":0},{"$f":"IF(AND($D17=\"Serviço\",AI$12<>0,$H17>0,OR(AUTOEVENTO<>\"manual\",$M17<>1)),ROUND(OFFSET($P17,0,AI$13),15-13*ORÇAMENTO!$AF$7)/$H17*OFFSET(ORÇAMENTO!$X$15,ROW(AI17)-ROW(AI$15),0),0)","v":0},{"$f":"IF(AND($D17=\"Serviço\",AJ$12<>0,$H17>0,OR(AUTOEVENTO<>\"manual\",$M17<>1)),ROUND(OFFSET($P17,0,AJ$13),15-13*ORÇAMENTO!$AF$7)/$H17*OFFSET(ORÇAMENTO!$X$15,ROW(AJ17)-ROW(AJ$15),0),0)","v":0},{"$f":"IF(AND($D17=\"Serviço\",AK$12<>0,$H17>0,OR(AUTOEVENTO<>\"manual\",$M17<>1)),ROUND(OFFSET($P17,0,AK$13),15-13*ORÇAMENTO!$AF$7)/$H17*OFFSET(ORÇAMENTO!$X$15,ROW(AK17)-ROW(AK$15),0),0)","v":0},null,{"$f":"IF($D17<>\"Serviço\",0,IF(AND(AUTOEVENTO=\"Manual\",$M17=1),0,IF(OFFSET(CRONOPLE!$F$14,$M17,AM$13)=\"\",10^12,OFFSET(CRONOPLE!$F$14,$M17,AM$13))))","v":0},{"$f":"IF($D17<>\"Serviço\",0,IF(AND(AUTOEVENTO=\"Manual\",$M17=1),0,IF(OFFSET(CRONOPLE!$F$14,$M17,AN$13)=\"\",10^12,OFFSET(CRONOPLE!$F$14,$M17,AN$13))))","v":0},{"$f":"IF($D17<>\"Serviço\",0,IF(AND(AUTOEVENTO=\"Manual\",$M17=1),0,IF(OFFSET(CRONOPLE!$F$14,$M17,AO$13)=\"\",10^12,OFFSET(CRONOPLE!$F$14,$M17,AO$13))))","v":0},{"$f":"IF($D17<>\"Serviço\",0,IF(AND(AUTOEVENTO=\"Manual\",$M17=1),0,IF(OFFSET(CRONOPLE!$F$14,$M17,AP$13)=\"\",10^12,OFFSET(CRONOPLE!$F$14,$M17,AP$13))))","v":0},{"$f":"IF($D17<>\"Serviço\",0,IF(AND(AUTOEVENTO=\"Manual\",$M17=1),0,IF(OFFSET(CRONOPLE!$F$14,$M17,AQ$13)=\"\",10^12,OFFSET(CRONOPLE!$F$14,$M17,AQ$13))))","v":0},{"$f":"IF($D17<>\"Serviço\",0,IF(AND(AUTOEVENTO=\"Manual\",$M17=1),0,IF(OFFSET(CRONOPLE!$F$14,$M17,AR$13)=\"\",10^12,OFFSET(CRONOPLE!$F$14,$M17,AR$13))))","v":0},{"$f":"IF($D17<>\"Serviço\",0,IF(AND(AUTOEVENTO=\"Manual\",$M17=1),0,IF(OFFSET(CRONOPLE!$F$14,$M17,AS$13)=\"\",10^12,OFFSET(CRONOPLE!$F$14,$M17,AS$13))))","v":0},{"$f":"IF($D17<>\"Serviço\",0,IF(AND(AUTOEVENTO=\"Manual\",$M17=1),0,IF(OFFSET(CRONOPLE!$F$14,$M17,AT$13)=\"\",10^12,OFFSET(CRONOPLE!$F$14,$M17,AT$13))))","v":0},{"$f":"IF($D17<>\"Serviço\",0,IF(AND(AUTOEVENTO=\"Manual\",$M17=1),0,IF(OFFSET(CRONOPLE!$F$14,$M17,AU$13)=\"\",10^12,OFFSET(CRONOPLE!$F$14,$M17,AU$13))))","v":0},{"$f":"IF($D17<>\"Serviço\",0,IF(AND(AUTOEVENTO=\"Manual\",$M17=1),0,IF(OFFSET(CRONOPLE!$F$14,$M17,AV$13)=\"\",10^12,OFFSET(CRONOPLE!$F$14,$M17,AV$13))))","v":0},null,{"$f":"IF($D17<>\"Serviço\",0,IF(OR(AND(AUTOEVENTO=\"Manual\",$M17=1),$M17>(ROW(PLE.lastrow)-ROW(PLE.firstrow))),0,IF(OFFSET(PLE!$G$14,$M17,AX$13)=\"\",10^12,OFFSET(PLE!$G$14,$M17,AX$13))))","v":0},{"$f":"IF($D17<>\"Serviço\",0,IF(OR(AND(AUTOEVENTO=\"Manual\",$M17=1),$M17>(ROW(PLE.lastrow)-ROW(PLE.firstrow))),0,IF(OFFSET(PLE!$G$14,$M17,AY$13)=\"\",10^12,OFFSET(PLE!$G$14,$M17,AY$13))))","v":0},{"$f":"IF($D17<>\"Serviço\",0,IF(OR(AND(AUTOEVENTO=\"Manual\",$M17=1),$M17>(ROW(PLE.lastrow)-ROW(PLE.firstrow))),0,IF(OFFSET(PLE!$G$14,$M17,AZ$13)=\"\",10^12,OFFSET(PLE!$G$14,$M17,AZ$13))))","v":0},{"$f":"IF($D17<>\"Serviço\",0,IF(OR(AND(AUTOEVENTO=\"Manual\",$M17=1),$M17>(ROW(PLE.lastrow)-ROW(PLE.firstrow))),0,IF(OFFSET(PLE!$G$14,$M17,BA$13)=\"\",10^12,OFFSET(PLE!$G$14,$M17,BA$13))))","v":0},{"$f":"IF($D17<>\"Serviço\",0,IF(OR(AND(AUTOEVENTO=\"Manual\",$M17=1),$M17>(ROW(PLE.lastrow)-ROW(PLE.firstrow))),0,IF(OFFSET(PLE!$G$14,$M17,BB$13)=\"\",10^12,OFFSET(PLE!$G$14,$M17,BB$13))))","v":0},{"$f":"IF($D17<>\"Serviço\",0,IF(OR(AND(AUTOEVENTO=\"Manual\",$M17=1),$M17>(ROW(PLE.lastrow)-ROW(PLE.firstrow))),0,IF(OFFSET(PLE!$G$14,$M17,BC$13)=\"\",10^12,OFFSET(PLE!$G$14,$M17,BC$13))))","v":0},{"$f":"IF($D17<>\"Serviço\",0,IF(OR(AND(AUTOEVENTO=\"Manual\",$M17=1),$M17>(ROW(PLE.lastrow)-ROW(PLE.firstrow))),0,IF(OFFSET(PLE!$G$14,$M17,BD$13)=\"\",10^12,OFFSET(PLE!$G$14,$M17,BD$13))))","v":0},{"$f":"IF($D17<>\"Serviço\",0,IF(OR(AND(AUTOEVENTO=\"Manual\",$M17=1),$M17>(ROW(PLE.lastrow)-ROW(PLE.firstrow))),0,IF(OFFSET(PLE!$G$14,$M17,BE$13)=\"\",10^12,OFFSET(PLE!$G$14,$M17,BE$13))))","v":0},{"$f":"IF($D17<>\"Serviço\",0,IF(OR(AND(AUTOEVENTO=\"Manual\",$M17=1),$M17>(ROW(PLE.lastrow)-ROW(PLE.firstrow))),0,IF(OFFSET(PLE!$G$14,$M17,BF$13)=\"\",10^12,OFFSET(PLE!$G$14,$M17,BF$13))))","v":0},{"$f":"IF($D17<>\"Serviço\",0,IF(OR(AND(AUTOEVENTO=\"Manual\",$M17=1),$M17>(ROW(PLE.lastrow)-ROW(PLE.firstrow))),0,IF(OFFSET(PLE!$G$14,$M17,BG$13)=\"\",10^12,OFFSET(PLE!$G$14,$M17,BG$13))))","v":0}]
["2",{"$f":"OFFSET(ORÇAMENTO!C$15,ROW(B18)-ROW(B$15),0)","v":"S"},{"$f":"OFFSET(ORÇAMENTO!L$15,ROW(C18)-ROW(C$15),0)","v":"F"},{"$f":"OFFSET(ORÇAMENTO!N$15,ROW(D18)-ROW(D$15),0)","v":"Serviço"},{"$f":"OFFSET(ORÇAMENTO!O$15,ROW(E18)-ROW(E$15),0)","v":"1.1.1."},{"$f":"OFFSET(ORÇAMENTO!R$15,ROW(F18)-ROW(F$15),0)","v":"PLACA DE OBRA EM CHAPA DE AÇO GALVANIZADO"},{"$f":"IF($D18<>\"Serviço\",\"\",OFFSET(ORÇAMENTO!S$15,ROW(G18)-ROW(G$15),0))","v":"M²"},{"$f":"IF($D18<>\"Serviço\",0,IF(ACOMPANHAMENTO=\"BM\",ROUND(OFFSET(ORÇAMENTO!AJ$15,ROW(H18)-ROW(H$15),0),15-13*ORÇAMENTO!$AF$7),SUMPRODUCT(($Q$12:$AA$12<>\"\")*ROUND($Q18:$AA18,15-13*ORÇAMENTO!$AF$7))))","v":4.5},null,null,null,".",{"$f":"IF($D18<>\"Serviço\",\"\",IF(AUTOEVENTO=\"manual\",$A18,IF(ISERROR(MATCH($A18,$A$15:OFFSET($A18,-1,0),0)),MAX($M$15:OFFSET(M18,-1,0))+1,INDEX($M$15:OFFSET(M18,-1,0),MATCH($A18,$A$15:OFFSET($A18,-1,0),0)))))","v":2},{"$f":"IF($D18<>\"Serviço\",\"\",IF(AUTOEVENTO=\"Manual\",IF($A18=0,\"<-- defina o número do agrupador\",OFFSET(EVENTOS!$D$14,$A18,0)),OFFSET($F$15,$A18,0)))","v":"SERVIÇOS INICIAIS E EVENTUAIS"},null,null,null,null,null,null,null,null,null,null,null,null,null,{"$f":"IF(AND($D18=\"Serviço\",AB$12<>0,$H18>0,OR(AUTOEVENTO<>\"manual\",$M18<>1)),ROUND(OFFSET($P18,0,AB$13),15-13*ORÇAMENTO!$AF$7)/$H18*OFFSET(ORÇAMENTO!$X$15,ROW(AB18)-ROW(AB$15),0),0)","v":0},{"$f":"IF(AND($D18=\"Serviço\",AC$12<>0,$H18>0,OR(AUTOEVENTO<>\"manual\",$M18<>1)),ROUND(OFFSET($P18,0,AC$13),15-13*ORÇAMENTO!$AF$7)/$H18*OFFSET(ORÇAMENTO!$X$15,ROW(AC18)-ROW(AC$15),0),0)","v":0},{"$f":"IF(AND($D18=\"Serviço\",AD$12<>0,$H18>0,OR(AUTOEVENTO<>\"manual\",$M18<>1)),ROUND(OFFSET($P18,0,AD$13),15-13*ORÇAMENTO!$AF$7)/$H18*OFFSET(ORÇAMENTO!$X$15,ROW(AD18)-ROW(AD$15),0),0)","v":0},{"$f":"IF(AND($D18=\"Serviço\",AE$12<>0,$H18>0,OR(AUTOEVENTO<>\"manual\",$M18<>1)),ROUND(OFFSET($P18,0,AE$13),15-13*ORÇAMENTO!$AF$7)/$H18*OFFSET(ORÇAMENTO!$X$15,ROW(AE18)-ROW(AE$15),0),0)","v":0},{"$f":"IF(AND($D18=\"Serviço\",AF$12<>0,$H18>0,OR(AUTOEVENTO<>\"manual\",$M18<>1)),ROUND(OFFSET($P18,0,AF$13),15-13*ORÇAMENTO!$AF$7)/$H18*OFFSET(ORÇAMENTO!$X$15,ROW(AF18)-ROW(AF$15),0),0)","v":0},{"$f":"IF(AND($D18=\"Serviço\",AG$12<>0,$H18>0,OR(AUTOEVENTO<>\"manual\",$M18<>1)),ROUND(OFFSET($P18,0,AG$13),15-13*ORÇAMENTO!$AF$7)/$H18*OFFSET(ORÇAMENTO!$X$15,ROW(AG18)-ROW(AG$15),0),0)","v":0},{"$f":"IF(AND($D18=\"Serviço\",AH$12<>0,$H18>0,OR(AUTOEVENTO<>\"manual\",$M18<>1)),ROUND(OFFSET($P18,0,AH$13),15-13*ORÇAMENTO!$AF$7)/$H18*OFFSET(ORÇAMENTO!$X$15,ROW(AH18)-ROW(AH$15),0),0)","v":0},{"$f":"IF(AND($D18=\"Serviço\",AI$12<>0,$H18>0,OR(AUTOEVENTO<>\"manual\",$M18<>1)),ROUND(OFFSET($P18,0,AI$13),15-13*ORÇAMENTO!$AF$7)/$H18*OFFSET(ORÇAMENTO!$X$15,ROW(AI18)-ROW(AI$15),0),0)","v":0},{"$f":"IF(AND($D18=\"Serviço\",AJ$12<>0,$H18>0,OR(AUTOEVENTO<>\"manual\",$M18<>1)),ROUND(OFFSET($P18,0,AJ$13),15-13*ORÇAMENTO!$AF$7)/$H18*OFFSET(ORÇAMENTO!$X$15,ROW(AJ18)-ROW(AJ$15),0),0)","v":0},{"$f":"IF(AND($D18=\"Serviço\",AK$12<>0,$H18>0,OR(AUTOEVENTO<>\"manual\",$M18<>1)),ROUND(OFFSET($P18,0,AK$13),15-13*ORÇAMENTO!$AF$7)/$H18*OFFSET(ORÇAMENTO!$X$15,ROW(AK18)-ROW(AK$15),0),0)","v":0},null,{"$f":"IF($D18<>\"Serviço\",0,IF(AND(AUTOEVENTO=\"Manual\",$M18=1),0,IF(OFFSET(CRONOPLE!$F$14,$M18,AM$13)=\"\",10^12,OFFSET(CRONOPLE!$F$14,$M18,AM$13))))","v":1000000000000},{"$f":"IF($D18<>\"Serviço\",0,IF(AND(AUTOEVENTO=\"Manual\",$M18=1),0,IF(OFFSET(CRONOPLE!$F$14,$M18,AN$13)=\"\",10^12,OFFSET(CRONOPLE!$F$14,$M18,AN$13))))","v":1000000000000},{"$f":"IF($D18<>\"Serviço\",0,IF(AND(AUTOEVENTO=\"Manual\",$M18=1),0,IF(OFFSET(CRONOPLE!$F$14,$M18,AO$13)=\"\",10^12,OFFSET(CRONOPLE!$F$14,$M18,AO$13))))","v":1000000000000},{"$f":"IF($D18<>\"Serviço\",0,IF(AND(AUTOEVENTO=\"Manual\",$M18=1),0,IF(OFFSET(CRONOPLE!$F$14,$M18,AP$13)=\"\",10^12,OFFSET(CRONOPLE!$F$14,$M18,AP$13))))","v":1000000000000},{"$f":"IF($D18<>\"Serviço\",0,IF(AND(AUTOEVENTO=\"Manual\",$M18=1),0,IF(OFFSET(CRONOPLE!$F$14,$M18,AQ$13)=\"\",10^12,OFFSET(CRONOPLE!$F$14,$M18,AQ$13))))","v":1000000000000},{"$f":"IF($D18<>\"Serviço\",0,IF(AND(AUTOEVENTO=\"Manual\",$M18=1),0,IF(OFFSET(CRONOPLE!$F$14,$M18,AR$13)=\"\",10^12,OFFSET(CRONOPLE!$F$14,$M18,AR$13))))","v":1000000000000},{"$f":"IF($D18<>\"Serviço\",0,IF(AND(AUTOEVENTO=\"Manual\",$M18=1),0,IF(OFFSET(CRONOPLE!$F$14,$M18,AS$13)=\"\",10^12,OFFSET(CRONOPLE!$F$14,$M18,AS$13))))","v":1000000000000},{"$f":"IF($D18<>\"Serviço\",0,IF(AND(AUTOEVENTO=\"Manual\",$M18=1),0,IF(OFFSET(CRONOPLE!$F$14,$M18,AT$13)=\"\",10^12,OFFSET(CRONOPLE!$F$14,$M18,AT$13))))","v":1000000000000},{"$f":"IF($D18<>\"Serviço\",0,IF(AND(AUTOEVENTO=\"Manual\",$M18=1),0,IF(OFFSET(CRONOPLE!$F$14,$M18,AU$13)=\"\",10^12,OFFSET(CRONOPLE!$F$14,$M18,AU$13))))","v":1000000000000},{"$f":"IF($D18<>\"Serviço\",0,IF(AND(AUTOEVENTO=\"Manual\",$M18=1),0,IF(OFFSET(CRONOPLE!$F$14,$M18,AV$13)=\"\",10^12,OFFSET(CRONOPLE!$F$14,$M18,AV$13))))","v":1000000000000},null,{"$f":"IF($D18<>\"Serviço\",0,IF(OR(AND(AUTOEVENTO=\"Manual\",$M18=1),$M18>(ROW(PLE.lastrow)-ROW(PLE.firstrow))),0,IF(OFFSET(PLE!$G$14,$M18,AX$13)=\"\",10^12,OFFSET(PLE!$G$14,$M18,AX$13))))","v":1000000000000},{"$f":"IF($D18<>\"Serviço\",0,IF(OR(AND(AUTOEVENTO=\"Manual\",$M18=1),$M18>(ROW(PLE.lastrow)-ROW(PLE.firstrow))),0,IF(OFFSET(PLE!$G$14,$M18,AY$13)=\"\",10^12,OFFSET(PLE!$G$14,$M18,AY$13))))","v":1000000000000},{"$f":"IF($D18<>\"Serviço\",0,IF(OR(AND(AUTOEVENTO=\"Manual\",$M18=1),$M18>(ROW(PLE.lastrow)-ROW(PLE.firstrow))),0,IF(OFFSET(PLE!$G$14,$M18,AZ$13)=\"\",10^12,OFFSET(PLE!$G$14,$M18,AZ$13))))","v":1000000000000},{"$f":"IF($D18<>\"Serviço\",0,IF(OR(AND(AUTOEVENTO=\"Manual\",$M18=1),$M18>(ROW(PLE.lastrow)-ROW(PLE.firstrow))),0,IF(OFFSET(PLE!$G$14,$M18,BA$13)=\"\",10^12,OFFSET(PLE!$G$14,$M18,BA$13))))","v":1000000000000},{"$f":"IF($D18<>\"Serviço\",0,IF(OR(AND(AUTOEVENTO=\"Manual\",$M18=1),$M18>(ROW(PLE.lastrow)-ROW(PLE.firstrow))),0,IF(OFFSET(PLE!$G$14,$M18,BB$13)=\"\",10^12,OFFSET(PLE!$G$14,$M18,BB$13))))","v":1000000000000},{"$f":"IF($D18<>\"Serviço\",0,IF(OR(AND(AUTOEVENTO=\"Manual\",$M18=1),$M18>(ROW(PLE.lastrow)-ROW(PLE.firstrow))),0,IF(OFFSET(PLE!$G$14,$M18,BC$13)=\"\",10^12,OFFSET(PLE!$G$14,$M18,BC$13))))","v":1000000000000},{"$f":"IF($D18<>\"Serviço\",0,IF(OR(AND(AUTOEVENTO=\"Manual\",$M18=1),$M18>(ROW(PLE.lastrow)-ROW(PLE.firstrow))),0,IF(OFFSET(PLE!$G$14,$M18,BD$13)=\"\",10^12,OFFSET(PLE!$G$14,$M18,BD$13))))","v":1000000000000},{"$f":"IF($D18<>\"Serviço\",0,IF(OR(AND(AUTOEVENTO=\"Manual\",$M18=1),$M18>(ROW(PLE.lastrow)-ROW(PLE.firstrow))),0,IF(OFFSET(PLE!$G$14,$M18,BE$13)=\"\",10^12,OFFSET(PLE!$G$14,$M18,BE$13))))","v":1000000000000},{"$f":"IF($D18<>\"Serviço\",0,IF(OR(AND(AUTOEVENTO=\"Manual\",$M18=1),$M18>(ROW(PLE.lastrow)-ROW(PLE.firstrow))),0,IF(OFFSET(PLE!$G$14,$M18,BF$13)=\"\",10^12,OFFSET(PLE!$G$14,$M18,BF$13))))","v":1000000000000},{"$f":"IF($D18<>\"Serviço\",0,IF(OR(AND(AUTOEVENTO=\"Manual\",$M18=1),$M18>(ROW(PLE.lastrow)-ROW(PLE.firstrow))),0,IF(OFFSET(PLE!$G$14,$M18,BG$13)=\"\",10^12,OFFSET(PLE!$G$14,$M18,BG$13))))","v":1000000000000}]
["2",{"$f":"OFFSET(ORÇAMENTO!C$15,ROW(B19)-ROW(B$15),0)","v":"S"},{"$f":"OFFSET(ORÇAMENTO!L$15,ROW(C19)-ROW(C$15),0)","v":"F"},{"$f":"OFFSET(ORÇAMENTO!N$15,ROW(D19)-ROW(D$15),0)","v":"Serviço"},{"$f":"OFFSET(ORÇAMENTO!O$15,ROW(E19)-ROW(E$15),0)","v":"1.1.2."},{"$f":"OFFSET(ORÇAMENTO!R$15,ROW(F19)-ROW(F$15),0)","v":"LOCAÇÃO DE PAVIMENTAÇÃO"},{"$f":"IF($D19<>\"Serviço\",\"\",OFFSET(ORÇAMENTO!S$15,ROW(G19)-ROW(G$15),0))","v":"M"},{"$f":"IF($D19<>\"Serviço\",0,IF(ACOMPANHAMENTO=\"BM\",ROUND(OFFSET(ORÇAMENTO!AJ$15,ROW(H19)-ROW(H$15),0),15-13*ORÇAMENTO!$AF$7),SUMPRODUCT(($Q$12:$AA$12<>\"\")*ROUND($Q19:$AA19,15-13*ORÇAMENTO!$AF$7))))","v":43.56},null,null,null,".",{"$f":"IF($D19<>\"Serviço\",\"\",IF(AUTOEVENTO=\"manual\",$A19,IF(ISERROR(MATCH($A19,$A$15:OFFSET($A19,-1,0),0)),MAX($M$15:OFFSET(M19,-1,0))+1,INDEX($M$15:OFFSET(M19,-1,0),MATCH($A19,$A$15:OFFSET($A19,-1,0),0)))))","v":2},{"$f":"IF($D19<>\"Serviço\",\"\",IF(AUTOEVENTO=\"Manual\",IF($A19=0,\"<-- defina o número do agrupador\",OFFSET(EVENTOS!$D$14,$A19,0)),OFFSET($F$15,$A19,0)))","v":"SERVIÇOS INICIAIS E EVENTUAIS"},null,null,null,null,null,null,null,null,null,null,null,null,null,{"$f":"IF(AND($D19=\"Serviço\",AB$12<>0,$H19>0,OR(AUTOEVENTO<>\"manual\",$M19<>1)),ROUND(OFFSET($P19,0,AB$13),15-13*ORÇAMENTO!$AF$7)/$H19*OFFSET(ORÇAMENTO!$X$15,ROW(AB19)-ROW(AB$15),0),0)","v":0},{"$f":"IF(AND($D19=\"Serviço\",AC$12<>0,$H19>0,OR(AUTOEVENTO<>\"manual\",$M19<>1)),ROUND(OFFSET($P19,0,AC$13),15-13*ORÇAMENTO!$AF$7)/$H19*OFFSET(ORÇAMENTO!$X$15,ROW(AC19)-ROW(AC$15),0),0)","v":0},{"$f":"IF(AND($D19=\"Serviço\",AD$12<>0,$H19>0,OR(AUTOEVENTO<>\"manual\",$M19<>1)),ROUND(OFFSET($P19,0,AD$13),15-13*ORÇAMENTO!$AF$7)/$H19*OFFSET(ORÇAMENTO!$X$15,ROW(AD19)-ROW(AD$15),0),0)","v":0},{"$f":"IF(AND($D19=\"Serviço\",AE$12<>0,$H19>0,OR(AUTOEVENTO<>\"manual\",$M19<>1)),ROUND(OFFSET($P19,0,AE$13),15-13*ORÇAMENTO!$AF$7)/$H19*OFFSET(ORÇAMENTO!$X$15,ROW(AE19)-ROW(AE$15),0),0)","v":0},{"$f":"IF(AND($D19=\"Serviço\",AF$12<>0,$H19>0,OR(AUTOEVENTO<>\"manual\",$M19<>1)),ROUND(OFFSET($P19,0,AF$13),15-13*ORÇAMENTO!$AF$7)/$H19*OFFSET(ORÇAMENTO!$X$15,ROW(AF19)-ROW(AF$15),0),0)","v":0},{"$f":"IF(AND($D19=\"Serviço\",AG$12<>0,$H19>0,OR(AUTOEVENTO<>\"manual\",$M19<>1)),ROUND(OFFSET($P19,0,AG$13),15-13*ORÇAMENTO!$AF$7)/$H19*OFFSET(ORÇAMENTO!$X$15,ROW(AG19)-ROW(AG$15),0),0)","v":0},{"$f":"IF(AND($D19=\"Serviço\",AH$12<>0,$H19>0,OR(AUTOEVENTO<>\"manual\",$M19<>1)),ROUND(OFFSET($P19,0,AH$13),15-13*ORÇAMENTO!$AF$7)/$H19*OFFSET(ORÇAMENTO!$X$15,ROW(AH19)-ROW(AH$15),0),0)","v":0},{"$f":"IF(AND($D19=\"Serviço\",AI$12<>0,$H19>0,OR(AUTOEVENTO<>\"manual\",$M19<>1)),ROUND(OFFSET($P19,0,AI$13),15-13*ORÇAMENTO!$AF$7)/$H19*OFFSET(ORÇAMENTO!$X$15,ROW(AI19)-ROW(AI$15),0),0)","v":0},{"$f":"IF(AND($D19=\"Serviço\",AJ$12<>0,$H19>0,OR(AUTOEVENTO<>\"manual\",$M19<>1)),ROUND(OFFSET($P19,0,AJ$13),15-13*ORÇAMENTO!$AF$7)/$H19*OFFSET(ORÇAMENTO!$X$15,ROW(AJ19)-ROW(AJ$15),0),0)","v":0},{"$f":"IF(AND($D19=\"Serviço\",AK$12<>0,$H19>0,OR(AUTOEVENTO<>\"manual\",$M19<>1)),ROUND(OFFSET($P19,0,AK$13),15-13*ORÇAMENTO!$AF$7)/$H19*OFFSET(ORÇAMENTO!$X$15,ROW(AK19)-ROW(AK$15),0),0)","v":0},null,{"$f":"IF($D19<>\"Serviço\",0,IF(AND(AUTOEVENTO=\"Manual\",$M19=1),0,IF(OFFSET(CRONOPLE!$F$14,$M19,AM$13)=\"\",10^12,OFFSET(CRONOPLE!$F$14,$M19,AM$13))))","v":1000000000000},{"$f":"IF($D19<>\"Serviço\",0,IF(AND(AUTOEVENTO=\"Manual\",$M19=1),0,IF(OFFSET(CRONOPLE!$F$14,$M19,AN$13)=\"\",10^12,OFFSET(CRONOPLE!$F$14,$M19,AN$13))))","v":1000000000000},{"$f":"IF($D19<>\"Serviço\",0,IF(AND(AUTOEVENTO=\"Manual\",$M19=1),0,IF(OFFSET(CRONOPLE!$F$14,$M19,AO$13)=\"\",10^12,OFFSET(CRONOPLE!$F$14,$M19,AO$13))))","v":1000000000000},{"$f":"IF($D19<>\"Serviço\",0,IF(AND(AUTOEVENTO=\"Manual\",$M19=1),0,IF(OFFSET(CRONOPLE!$F$14,$M19,AP$13)=\"\",10^12,OFFSET(CRONOPLE!$F$14,$M19,AP$13))))","v":1000000000000},{"$f":"IF($D19<>\"Serviço\",0,IF(AND(AUTOEVENTO=\"Manual\",$M19=1),0,IF(OFFSET(CRONOPLE!$F$14,$M19,AQ$13)=\"\",10^12,OFFSET(CRONOPLE!$F$14,$M19,AQ$13))))","v":1000000000000},{"$f":"IF($D19<>\"Serviço\",0,IF(AND(AUTOEVENTO=\"Manual\",$M19=1),0,IF(OFFSET(CRONOPLE!$F$14,$M19,AR$13)=\"\",10^12,OFFSET(CRONOPLE!$F$14,$M19,AR$13))))","v":1000000000000},{"$f":"IF($D19<>\"Serviço\",0,IF(AND(AUTOEVENTO=\"Manual\",$M19=1),0,IF(OFFSET(CRONOPLE!$F$14,$M19,AS$13)=\"\",10^12,OFFSET(CRONOPLE!$F$14,$M19,AS$13))))","v":1000000000000},{"$f":"IF($D19<>\"Serviço\",0,IF(AND(AUTOEVENTO=\"Manual\",$M19=1),0,IF(OFFSET(CRONOPLE!$F$14,$M19,AT$13)=\"\",10^12,OFFSET(CRONOPLE!$F$14,$M19,AT$13))))","v":1000000000000},{"$f":"IF($D19<>\"Serviço\",0,IF(AND(AUTOEVENTO=\"Manual\",$M19=1),0,IF(OFFSET(CRONOPLE!$F$14,$M19,AU$13)=\"\",10^12,OFFSET(CRONOPLE!$F$14,$M19,AU$13))))","v":1000000000000},{"$f":"IF($D19<>\"Serviço\",0,IF(AND(AUTOEVENTO=\"Manual\",$M19=1),0,IF(OFFSET(CRONOPLE!$F$14,$M19,AV$13)=\"\",10^12,OFFSET(CRONOPLE!$F$14,$M19,AV$13))))","v":1000000000000},null,{"$f":"IF($D19<>\"Serviço\",0,IF(OR(AND(AUTOEVENTO=\"Manual\",$M19=1),$M19>(ROW(PLE.lastrow)-ROW(PLE.firstrow))),0,IF(OFFSET(PLE!$G$14,$M19,AX$13)=\"\",10^12,OFFSET(PLE!$G$14,$M19,AX$13))))","v":1000000000000},{"$f":"IF($D19<>\"Serviço\",0,IF(OR(AND(AUTOEVENTO=\"Manual\",$M19=1),$M19>(ROW(PLE.lastrow)-ROW(PLE.firstrow))),0,IF(OFFSET(PLE!$G$14,$M19,AY$13)=\"\",10^12,OFFSET(PLE!$G$14,$M19,AY$13))))","v":1000000000000},{"$f":"IF($D19<>\"Serviço\",0,IF(OR(AND(AUTOEVENTO=\"Manual\",$M19=1),$M19>(ROW(PLE.lastrow)-ROW(PLE.firstrow))),0,IF(OFFSET(PLE!$G$14,$M19,AZ$13)=\"\",10^12,OFFSET(PLE!$G$14,$M19,AZ$13))))","v":1000000000000},{"$f":"IF($D19<>\"Serviço\",0,IF(OR(AND(AUTOEVENTO=\"Manual\",$M19=1),$M19>(ROW(PLE.lastrow)-ROW(PLE.firstrow))),0,IF(OFFSET(PLE!$G$14,$M19,BA$13)=\"\",10^12,OFFSET(PLE!$G$14,$M19,BA$13))))","v":1000000000000},{"$f":"IF($D19<>\"Serviço\",0,IF(OR(AND(AUTOEVENTO=\"Manual\",$M19=1),$M19>(ROW(PLE.lastrow)-ROW(PLE.firstrow))),0,IF(OFFSET(PLE!$G$14,$M19,BB$13)=\"\",10^12,OFFSET(PLE!$G$14,$M19,BB$13))))","v":1000000000000},{"$f":"IF($D19<>\"Serviço\",0,IF(OR(AND(AUTOEVENTO=\"Manual\",$M19=1),$M19>(ROW(PLE.lastrow)-ROW(PLE.firstrow))),0,IF(OFFSET(PLE!$G$14,$M19,BC$13)=\"\",10^12,OFFSET(PLE!$G$14,$M19,BC$13))))","v":1000000000000},{"$f":"IF($D19<>\"Serviço\",0,IF(OR(AND(AUTOEVENTO=\"Manual\",$M19=1),$M19>(ROW(PLE.lastrow)-ROW(PLE.firstrow))),0,IF(OFFSET(PLE!$G$14,$M19,BD$13)=\"\",10^12,OFFSET(PLE!$G$14,$M19,BD$13))))","v":1000000000000},{"$f":"IF($D19<>\"Serviço\",0,IF(OR(AND(AUTOEVENTO=\"Manual\",$M19=1),$M19>(ROW(PLE.lastrow)-ROW(PLE.firstrow))),0,IF(OFFSET(PLE!$G$14,$M19,BE$13)=\"\",10^12,OFFSET(PLE!$G$14,$M19,BE$13))))","v":1000000000000},{"$f":"IF($D19<>\"Serviço\",0,IF(OR(AND(AUTOEVENTO=\"Manual\",$M19=1),$M19>(ROW(PLE.lastrow)-ROW(PLE.firstrow))),0,IF(OFFSET(PLE!$G$14,$M19,BF$13)=\"\",10^12,OFFSET(PLE!$G$14,$M19,BF$13))))","v":1000000000000},{"$f":"IF($D19<>\"Serviço\",0,IF(OR(AND(AUTOEVENTO=\"Manual\",$M19=1),$M19>(ROW(PLE.lastrow)-ROW(PLE.firstrow))),0,IF(OFFSET(PLE!$G$14,$M19,BG$13)=\"\",10^12,OFFSET(PLE!$G$14,$M19,BG$13))))","v":1000000000000}]
["5.",{"$f":"OFFSET(ORÇAMENTO!C$15,ROW(B20)-ROW(B$15),0)","v":2},{"$f":"OFFSET(ORÇAMENTO!L$15,ROW(C20)-ROW(C$15),0)","v":"F"},{"$f":"OFFSET(ORÇAMENTO!N$15,ROW(D20)-ROW(D$15),0)","v":"Nível 2"},{"$f":"OFFSET(ORÇAMENTO!O$15,ROW(E20)-ROW(E$15),0)","v":"1.2."},{"$f":"OFFSET(ORÇAMENTO!R$15,ROW(F20)-ROW(F$15),0)","v":"SINALIZAÇÃO E SEGURANÇA"},{"$f":"IF($D20<>\"Serviço\",\"\",OFFSET(ORÇAMENTO!S$15,ROW(G20)-ROW(G$15),0))","v":""},{"$f":"IF($D20<>\"Serviço\",0,IF(ACOMPANHAMENTO=\"BM\",ROUND(OFFSET(ORÇAMENTO!AJ$15,ROW(H20)-ROW(H$15),0),15-13*ORÇAMENTO!$AF$7),SUMPRODUCT(($Q$12:$AA$12<>\"\")*ROUND($Q20:$AA20,15-13*ORÇAMENTO!$AF$7))))","v":0},null,null,null,".",{"$f":"IF($D20<>\"Serviço\",\"\",IF(AUTOEVENTO=\"manual\",$A20,IF(ISERROR(MATCH($A20,$A$15:OFFSET($A20,-1,0),0)),MAX($M$15:OFFSET(M20,-1,0))+1,INDEX($M$15:OFFSET(M20,-1,0),MATCH($A20,$A$15:OFFSET($A20,-1,0),0)))))","v":""},{"$f":"IF($D20<>\"Serviço\",\"\",IF(AUTOEVENTO=\"Manual\",IF($A20=0,\"<-- defina o número do agrupador\",OFFSET(EVENTOS!$D$14,$A20,0)),OFFSET($F$15,$A20,0)))","v":""},null,null,null,null,null,null,null,null,null,null,null,null,null,{"$f":"IF(AND($D20=\"Serviço\",AB$12<>0,$H20>0,OR(AUTOEVENTO<>\"manual\",$M20<>1)),ROUND(OFFSET($P20,0,AB$13),15-13*ORÇAMENTO!$AF$7)/$H20*OFFSET(ORÇAMENTO!$X$15,ROW(AB20)-ROW(AB$15),0),0)","v":0},{"$f":"IF(AND($D20=\"Serviço\",AC$12<>0,$H20>0,OR(AUTOEVENTO<>\"manual\",$M20<>1)),ROUND(OFFSET($P20,0,AC$13),15-13*ORÇAMENTO!$AF$7)/$H20*OFFSET(ORÇAMENTO!$X$15,ROW(AC20)-ROW(AC$15),0),0)","v":0},{"$f":"IF(AND($D20=\"Serviço\",AD$12<>0,$H20>0,OR(AUTOEVENTO<>\"manual\",$M20<>1)),ROUND(OFFSET($P20,0,AD$13),15-13*ORÇAMENTO!$AF$7)/$H20*OFFSET(ORÇAMENTO!$X$15,ROW(AD20)-ROW(AD$15),0),0)","v":0},{"$f":"IF(AND($D20=\"Serviço\",AE$12<>0,$H20>0,OR(AUTOEVENTO<>\"manual\",$M20<>1)),ROUND(OFFSET($P20,0,AE$13),15-13*ORÇAMENTO!$AF$7)/$H20*OFFSET(ORÇAMENTO!$X$15,ROW(AE20)-ROW(AE$15),0),0)","v":0},{"$f":"IF(AND($D20=\"Serviço\",AF$12<>0,$H20>0,OR(AUTOEVENTO<>\"manual\",$M20<>1)),ROUND(OFFSET($P20,0,AF$13),15-13*ORÇAMENTO!$AF$7)/$H20*OFFSET(ORÇAMENTO!$X$15,ROW(AF20)-ROW(AF$15),0),0)","v":0},{"$f":"IF(AND($D20=\"Serviço\",AG$12<>0,$H20>0,OR(AUTOEVENTO<>\"manual\",$M20<>1)),ROUND(OFFSET($P20,0,AG$13),15-13*ORÇAMENTO!$AF$7)/$H20*OFFSET(ORÇAMENTO!$X$15,ROW(AG20)-ROW(AG$15),0),0)","v":0},{"$f":"IF(AND($D20=\"Serviço\",AH$12<>0,$H20>0,OR(AUTOEVENTO<>\"manual\",$M20<>1)),ROUND(OFFSET($P20,0,AH$13),15-13*ORÇAMENTO!$AF$7)/$H20*OFFSET(ORÇAMENTO!$X$15,ROW(AH20)-ROW(AH$15),0),0)","v":0},{"$f":"IF(AND($D20=\"Serviço\",AI$12<>0,$H20>0,OR(AUTOEVENTO<>\"manual\",$M20<>1)),ROUND(OFFSET($P20,0,AI$13),15-13*ORÇAMENTO!$AF$7)/$H20*OFFSET(ORÇAMENTO!$X$15,ROW(AI20)-ROW(AI$15),0),0)","v":0},{"$f":"IF(AND($D20=\"Serviço\",AJ$12<>0,$H20>0,OR(AUTOEVENTO<>\"manual\",$M20<>1)),ROUND(OFFSET($P20,0,AJ$13),15-13*ORÇAMENTO!$AF$7)/$H20*OFFSET(ORÇAMENTO!$X$15,ROW(AJ20)-ROW(AJ$15),0),0)","v":0},{"$f":"IF(AND($D20=\"Serviço\",AK$12<>0,$H20>0,OR(AUTOEVENTO<>\"manual\",$M20<>1)),ROUND(OFFSET($P20,0,AK$13),15-13*ORÇAMENTO!$AF$7)/$H20*OFFSET(ORÇAMENTO!$X$15,ROW(AK20)-ROW(AK$15),0),0)","v":0},null,{"$f":"IF($D20<>\"Serviço\",0,IF(AND(AUTOEVENTO=\"Manual\",$M20=1),0,IF(OFFSET(CRONOPLE!$F$14,$M20,AM$13)=\"\",10^12,OFFSET(CRONOPLE!$F$14,$M20,AM$13))))","v":0},{"$f":"IF($D20<>\"Serviço\",0,IF(AND(AUTOEVENTO=\"Manual\",$M20=1),0,IF(OFFSET(CRONOPLE!$F$14,$M20,AN$13)=\"\",10^12,OFFSET(CRONOPLE!$F$14,$M20,AN$13))))","v":0},{"$f":"IF($D20<>\"Serviço\",0,IF(AND(AUTOEVENTO=\"Manual\",$M20=1),0,IF(OFFSET(CRONOPLE!$F$14,$M20,AO$13)=\"\",10^12,OFFSET(CRONOPLE!$F$14,$M20,AO$13))))","v":0},{"$f":"IF($D20<>\"Serviço\",0,IF(AND(AUTOEVENTO=\"Manual\",$M20=1),0,IF(OFFSET(CRONOPLE!$F$14,$M20,AP$13)=\"\",10^12,OFFSET(CRONOPLE!$F$14,$M20,AP$13))))","v":0},{"$f":"IF($D20<>\"Serviço\",0,IF(AND(AUTOEVENTO=\"Manual\",$M20=1),0,IF(OFFSET(CRONOPLE!$F$14,$M20,AQ$13)=\"\",10^12,OFFSET(CRONOPLE!$F$14,$M20,AQ$13))))","v":0},{"$f":"IF($D20<>\"Serviço\",0,IF(AND(AUTOEVENTO=\"Manual\",$M20=1),0,IF(OFFSET(CRONOPLE!$F$14,$M20,AR$13)=\"\",10^12,OFFSET(CRONOPLE!$F$14,$M20,AR$13))))","v":0},{"$f":"IF($D20<>\"Serviço\",0,IF(AND(AUTOEVENTO=\"Manual\",$M20=1),0,IF(OFFSET(CRONOPLE!$F$14,$M20,AS$13)=\"\",10^12,OFFSET(CRONOPLE!$F$14,$M20,AS$13))))","v":0},{"$f":"IF($D20<>\"Serviço\",0,IF(AND(AUTOEVENTO=\"Manual\",$M20=1),0,IF(OFFSET(CRONOPLE!$F$14,$M20,AT$13)=\"\",10^12,OFFSET(CRONOPLE!$F$14,$M20,AT$13))))","v":0},{"$f":"IF($D20<>\"Serviço\",0,IF(AND(AUTOEVENTO=\"Manual\",$M20=1),0,IF(OFFSET(CRONOPLE!$F$14,$M20,AU$13)=\"\",10^12,OFFSET(CRONOPLE!$F$14,$M20,AU$13))))","v":0},{"$f":"IF($D20<>\"Serviço\",0,IF(AND(AUTOEVENTO=\"Manual\",$M20=1),0,IF(OFFSET(CRONOPLE!$F$14,$M20,AV$13)=\"\",10^12,OFFSET(CRONOPLE!$F$14,$M20,AV$13))))","v":0},null,{"$f":"IF($D20<>\"Serviço\",0,IF(OR(AND(AUTOEVENTO=\"Manual\",$M20=1),$M20>(ROW(PLE.lastrow)-ROW(PLE.firstrow))),0,IF(OFFSET(PLE!$G$14,$M20,AX$13)=\"\",10^12,OFFSET(PLE!$G$14,$M20,AX$13))))","v":0},{"$f":"IF($D20<>\"Serviço\",0,IF(OR(AND(AUTOEVENTO=\"Manual\",$M20=1),$M20>(ROW(PLE.lastrow)-ROW(PLE.firstrow))),0,IF(OFFSET(PLE!$G$14,$M20,AY$13)=\"\",10^12,OFFSET(PLE!$G$14,$M20,AY$13))))","v":0},{"$f":"IF($D20<>\"Serviço\",0,IF(OR(AND(AUTOEVENTO=\"Manual\",$M20=1),$M20>(ROW(PLE.lastrow)-ROW(PLE.firstrow))),0,IF(OFFSET(PLE!$G$14,$M20,AZ$13)=\"\",10^12,OFFSET(PLE!$G$14,$M20,AZ$13))))","v":0},{"$f":"IF($D20<>\"Serviço\",0,IF(OR(AND(AUTOEVENTO=\"Manual\",$M20=1),$M20>(ROW(PLE.lastrow)-ROW(PLE.firstrow))),0,IF(OFFSET(PLE!$G$14,$M20,BA$13)=\"\",10^12,OFFSET(PLE!$G$14,$M20,BA$13))))","v":0},{"$f":"IF($D20<>\"Serviço\",0,IF(OR(AND(AUTOEVENTO=\"Manual\",$M20=1),$M20>(ROW(PLE.lastrow)-ROW(PLE.firstrow))),0,IF(OFFSET(PLE!$G$14,$M20,BB$13)=\"\",10^12,OFFSET(PLE!$G$14,$M20,BB$13))))","v":0},{"$f":"IF($D20<>\"Serviço\",0,IF(OR(AND(AUTOEVENTO=\"Manual\",$M20=1),$M20>(ROW(PLE.lastrow)-ROW(PLE.firstrow))),0,IF(OFFSET(PLE!$G$14,$M20,BC$13)=\"\",10^12,OFFSET(PLE!$G$14,$M20,BC$13))))","v":0},{"$f":"IF($D20<>\"Serviço\",0,IF(OR(AND(AUTOEVENTO=\"Manual\",$M20=1),$M20>(ROW(PLE.lastrow)-ROW(PLE.firstrow))),0,IF(OFFSET(PLE!$G$14,$M20,BD$13)=\"\",10^12,OFFSET(PLE!$G$14,$M20,BD$13))))","v":0},{"$f":"IF($D20<>\"Serviço\",0,IF(OR(AND(AUTOEVENTO=\"Manual\",$M20=1),$M20>(ROW(PLE.lastrow)-ROW(PLE.firstrow))),0,IF(OFFSET(PLE!$G$14,$M20,BE$13)=\"\",10^12,OFFSET(PLE!$G$14,$M20,BE$13))))","v":0},{"$f":"IF($D20<>\"Serviço\",0,IF(OR(AND(AUTOEVENTO=\"Manual\",$M20=1),$M20>(ROW(PLE.lastrow)-ROW(PLE.firstrow))),0,IF(OFFSET(PLE!$G$14,$M20,BF$13)=\"\",10^12,OFFSET(PLE!$G$14,$M20,BF$13))))","v":0},{"$f":"IF($D20<>\"Serviço\",0,IF(OR(AND(AUTOEVENTO=\"Manual\",$M20=1),$M20>(ROW(PLE.lastrow)-ROW(PLE.firstrow))),0,IF(OFFSET(PLE!$G$14,$M20,BG$13)=\"\",10^12,OFFSET(PLE!$G$14,$M20,BG$13))))","v":0}]
["5",{"$f":"OFFSET(ORÇAMENTO!C$15,ROW(B21)-ROW(B$15),0)","v":"S"},{"$f":"OFFSET(ORÇAMENTO!L$15,ROW(C21)-ROW(C$15),0)","v":"F"},{"$f":"OFFSET(ORÇAMENTO!N$15,ROW(D21)-ROW(D$15),0)","v":"Serviço"},{"$f":"OFFSET(ORÇAMENTO!O$15,ROW(E21)-ROW(E$15),0)","v":"1.2.1."},{"$f":"OFFSET(ORÇAMENTO!R$15,ROW(F21)-ROW(F$15),0)","v":"SINALIZAÇÃO COM FITA FIXADA EM CONE PLÁSTICO, INCLUINDO CONE"},{"$f":"IF($D21<>\"Serviço\",\"\",OFFSET(ORÇAMENTO!S$15,ROW(G21)-ROW(G$15),0))","v":"M"},{"$f":"IF($D21<>\"Serviço\",0,IF(ACOMPANHAMENTO=\"BM\",ROUND(OFFSET(ORÇAMENTO!AJ$15,ROW(H21)-ROW(H$15),0),15-13*ORÇAMENTO!$AF$7),SUMPRODUCT(($Q$12:$AA$12<>\"\")*ROUND($Q21:$AA21,15-13*ORÇAMENTO!$AF$7))))","v":21},null,null,null,".",{"$f":"IF($D21<>\"Serviço\",\"\",IF(AUTOEVENTO=\"manual\",$A21,IF(ISERROR(MATCH($A21,$A$15:OFFSET($A21,-1,0),0)),MAX($M$15:OFFSET(M21,-1,0))+1,INDEX($M$15:OFFSET(M21,-1,0),MATCH($A21,$A$15:OFFSET($A21,-1,0),0)))))","v":3},{"$f":"IF($D21<>\"Serviço\",\"\",IF(AUTOEVENTO=\"Manual\",IF($A21=0,\"<-- defina o número do agrupador\",OFFSET(EVENTOS!$D$14,$A21,0)),OFFSET($F$15,$A21,0)))","v":"SINALIZAÇÃO E SEGURANÇA"},null,null,null,null,null,null,null,null,null,null,null,null,null,{"$f":"IF(AND($D21=\"Serviço\",AB$12<>0,$H21>0,OR(AUTOEVENTO<>\"manual\",$M21<>1)),ROUND(OFFSET($P21,0,AB$13),15-13*ORÇAMENTO!$AF$7)/$H21*OFFSET(ORÇAMENTO!$X$15,ROW(AB21)-ROW(AB$15),0),0)","v":0},{"$f":"IF(AND($D21=\"Serviço\",AC$12<>0,$H21>0,OR(AUTOEVENTO<>\"manual\",$M21<>1)),ROUND(OFFSET($P21,0,AC$13),15-13*ORÇAMENTO!$AF$7)/$H21*OFFSET(ORÇAMENTO!$X$15,ROW(AC21)-ROW(AC$15),0),0)","v":0},{"$f":"IF(AND($D21=\"Serviço\",AD$12<>0,$H21>0,OR(AUTOEVENTO<>\"manual\",$M21<>1)),ROUND(OFFSET($P21,0,AD$13),15-13*ORÇAMENTO!$AF$7)/$H21*OFFSET(ORÇAMENTO!$X$15,ROW(AD21)-ROW(AD$15),0),0)","v":0},{"$f":"IF(AND($D21=\"Serviço\",AE$12<>0,$H21>0,OR(AUTOEVENTO<>\"manual\",$M21<>1)),ROUND(OFFSET($P21,0,AE$13),15-13*ORÇAMENTO!$AF$7)/$H21*OFFSET(ORÇAMENTO!$X$15,ROW(AE21)-ROW(AE$15),0),0)","v":0},{"$f":"IF(AND($D21=\"Serviço\",AF$12<>0,$H21>0,OR(AUTOEVENTO<>\"manual\",$M21<>1)),ROUND(OFFSET($P21,0,AF$13),15-13*ORÇAMENTO!$AF$7)/$H21*OFFSET(ORÇAMENTO!$X$15,ROW(AF21)-ROW(AF$15),0),0)","v":0},{"$f":"IF(AND($D21=\"Serviço\",AG$12<>0,$H21>0,OR(AUTOEVENTO<>\"manual\",$M21<>1)),ROUND(OFFSET($P21,0,AG$13),15-13*ORÇAMENTO!$AF$7)/$H21*OFFSET(ORÇAMENTO!$X$15,ROW(AG21)-ROW(AG$15),0),0)","v":0},{"$f":"IF(AND($D21=\"Serviço\",AH$12<>0,$H21>0,OR(AUTOEVENTO<>\"manual\",$M21<>1)),ROUND(OFFSET($P21,0,AH$13),15-13*ORÇAMENTO!$AF$7)/$H21*OFFSET(ORÇAMENTO!$X$15,ROW(AH21)-ROW(AH$15),0),0)","v":0},{"$f":"IF(AND($D21=\"Serviço\",AI$12<>0,$H21>0,OR(AUTOEVENTO<>\"manual\",$M21<>1)),ROUND(OFFSET($P21,0,AI$13),15-13*ORÇAMENTO!$AF$7)/$H21*OFFSET(ORÇAMENTO!$X$15,ROW(AI21)-ROW(AI$15),0),0)","v":0},{"$f":"IF(AND($D21=\"Serviço\",AJ$12<>0,$H21>0,OR(AUTOEVENTO<>\"manual\",$M21<>1)),ROUND(OFFSET($P21,0,AJ$13),15-13*ORÇAMENTO!$AF$7)/$H21*OFFSET(ORÇAMENTO!$X$15,ROW(AJ21)-ROW(AJ$15),0),0)","v":0},{"$f":"IF(AND($D21=\"Serviço\",AK$12<>0,$H21>0,OR(AUTOEVENTO<>\"manual\",$M21<>1)),ROUND(OFFSET($P21,0,AK$13),15-13*ORÇAMENTO!$AF$7)/$H21*OFFSET(ORÇAMENTO!$X$15,ROW(AK21)-ROW(AK$15),0),0)","v":0},null,{"$f":"IF($D21<>\"Serviço\",0,IF(AND(AUTOEVENTO=\"Manual\",$M21=1),0,IF(OFFSET(CRONOPLE!$F$14,$M21,AM$13)=\"\",10^12,OFFSET(CRONOPLE!$F$14,$M21,AM$13))))","v":1000000000000},{"$f":"IF($D21<>\"Serviço\",0,IF(AND(AUTOEVENTO=\"Manual\",$M21=1),0,IF(OFFSET(CRONOPLE!$F$14,$M21,AN$13)=\"\",10^12,OFFSET(CRONOPLE!$F$14,$M21,AN$13))))","v":1000000000000},{"$f":"IF($D21<>\"Serviço\",0,IF(AND(AUTOEVENTO=\"Manual\",$M21=1),0,IF(OFFSET(CRONOPLE!$F$14,$M21,AO$13)=\"\",10^12,OFFSET(CRONOPLE!$F$14,$M21,AO$13))))","v":1000000000000},{"$f":"IF($D21<>\"Serviço\",0,IF(AND(AUTOEVENTO=\"Manual\",$M21=1),0,IF(OFFSET(CRONOPLE!$F$14,$M21,AP$13)=\"\",10^12,OFFSET(CRONOPLE!$F$14,$M21,AP$13))))","v":1000000000000},{"$f":"IF($D21<>\"Serviço\",0,IF(AND(AUTOEVENTO=\"Manual\",$M21=1),0,IF(OFFSET(CRONOPLE!$F$14,$M21,AQ$13)=\"\",10^12,OFFSET(CRONOPLE!$F$14,$M21,AQ$13))))","v":1000000000000},{"$f":"IF($D21<>\"Serviço\",0,IF(AND(AUTOEVENTO=\"Manual\",$M21=1),0,IF(OFFSET(CRONOPLE!$F$14,$M21,AR$13)=\"\",10^12,OFFSET(CRONOPLE!$F$14,$M21,AR$13))))","v":1000000000000},{"$f":"IF($D21<>\"Serviço\",0,IF(AND(AUTOEVENTO=\"Manual\",$M21=1),0,IF(OFFSET(CRONOPLE!$F$14,$M21,AS$13)=\"\",10^12,OFFSET(CRONOPLE!$F$14,$M21,AS$13))))","v":1000000000000},{"$f":"IF($D21<>\"Serviço\",0,IF(AND(AUTOEVENTO=\"Manual\",$M21=1),0,IF(OFFSET(CRONOPLE!$F$14,$M21,AT$13)=\"\",10^12,OFFSET(CRONOPLE!$F$14,$M21,AT$13))))","v":1000000000000},{"$f":"IF($D21<>\"Serviço\",0,IF(AND(AUTOEVENTO=\"Manual\",$M21=1),0,IF(OFFSET(CRONOPLE!$F$14,$M21,AU$13)=\"\",10^12,OFFSET(CRONOPLE!$F$14,$M21,AU$13))))","v":1000000000000},{"$f":"IF($D21<>\"Serviço\",0,IF(AND(AUTOEVENTO=\"Manual\",$M21=1),0,IF(OFFSET(CRONOPLE!$F$14,$M21,AV$13)=\"\",10^12,OFFSET(CRONOPLE!$F$14,$M21,AV$13))))","v":1000000000000},null,{"$f":"IF($D21<>\"Serviço\",0,IF(OR(AND(AUTOEVENTO=\"Manual\",$M21=1),$M21>(ROW(PLE.lastrow)-ROW(PLE.firstrow))),0,IF(OFFSET(PLE!$G$14,$M21,AX$13)=\"\",10^12,OFFSET(PLE!$G$14,$M21,AX$13))))","v":1000000000000},{"$f":"IF($D21<>\"Serviço\",0,IF(OR(AND(AUTOEVENTO=\"Manual\",$M21=1),$M21>(ROW(PLE.lastrow)-ROW(PLE.firstrow))),0,IF(OFFSET(PLE!$G$14,$M21,AY$13)=\"\",10^12,OFFSET(PLE!$G$14,$M21,AY$13))))","v":1000000000000},{"$f":"IF($D21<>\"Serviço\",0,IF(OR(AND(AUTOEVENTO=\"Manual\",$M21=1),$M21>(ROW(PLE.lastrow)-ROW(PLE.firstrow))),0,IF(OFFSET(PLE!$G$14,$M21,AZ$13)=\"\",10^12,OFFSET(PLE!$G$14,$M21,AZ$13))))","v":1000000000000},{"$f":"IF($D21<>\"Serviço\",0,IF(OR(AND(AUTOEVENTO=\"Manual\",$M21=1),$M21>(ROW(PLE.lastrow)-ROW(PLE.firstrow))),0,IF(OFFSET(PLE!$G$14,$M21,BA$13)=\"\",10^12,OFFSET(PLE!$G$14,$M21,BA$13))))","v":1000000000000},{"$f":"IF($D21<>\"Serviço\",0,IF(OR(AND(AUTOEVENTO=\"Manual\",$M21=1),$M21>(ROW(PLE.lastrow)-ROW(PLE.firstrow))),0,IF(OFFSET(PLE!$G$14,$M21,BB$13)=\"\",10^12,OFFSET(PLE!$G$14,$M21,BB$13))))","v":1000000000000},{"$f":"IF($D21<>\"Serviço\",0,IF(OR(AND(AUTOEVENTO=\"Manual\",$M21=1),$M21>(ROW(PLE.lastrow)-ROW(PLE.firstrow))),0,IF(OFFSET(PLE!$G$14,$M21,BC$13)=\"\",10^12,OFFSET(PLE!$G$14,$M21,BC$13))))","v":1000000000000},{"$f":"IF($D21<>\"Serviço\",0,IF(OR(AND(AUTOEVENTO=\"Manual\",$M21=1),$M21>(ROW(PLE.lastrow)-ROW(PLE.firstrow))),0,IF(OFFSET(PLE!$G$14,$M21,BD$13)=\"\",10^12,OFFSET(PLE!$G$14,$M21,BD$13))))","v":1000000000000},{"$f":"IF($D21<>\"Serviço\",0,IF(OR(AND(AUTOEVENTO=\"Manual\",$M21=1),$M21>(ROW(PLE.lastrow)-ROW(PLE.firstrow))),0,IF(OFFSET(PLE!$G$14,$M21,BE$13)=\"\",10^12,OFFSET(PLE!$G$14,$M21,BE$13))))","v":1000000000000},{"$f":"IF($D21<>\"Serviço\",0,IF(OR(AND(AUTOEVENTO=\"Manual\",$M21=1),$M21>(ROW(PLE.lastrow)-ROW(PLE.firstrow))),0,IF(OFFSET(PLE!$G$14,$M21,BF$13)=\"\",10^12,OFFSET(PLE!$G$14,$M21,BF$13))))","v":1000000000000},{"$f":"IF($D21<>\"Serviço\",0,IF(OR(AND(AUTOEVENTO=\"Manual\",$M21=1),$M21>(ROW(PLE.lastrow)-ROW(PLE.firstrow))),0,IF(OFFSET(PLE!$G$14,$M21,BG$13)=\"\",10^12,OFFSET(PLE!$G$14,$M21,BG$13))))","v":1000000000000}]
["7.",{"$f":"OFFSET(ORÇAMENTO!C$15,ROW(B22)-ROW(B$15),0)","v":2},{"$f":"OFFSET(ORÇAMENTO!L$15,ROW(C22)-ROW(C$15),0)","v":"F"},{"$f":"OFFSET(ORÇAMENTO!N$15,ROW(D22)-ROW(D$15),0)","v":"Nível 2"},{"$f":"OFFSET(ORÇAMENTO!O$15,ROW(E22)-ROW(E$15),0)","v":"1.3."},{"$f":"OFFSET(ORÇAMENTO!R$15,ROW(F22)-ROW(F$15),0)","v":"DEMOLIÇÕES E REMOÇÕES"},{"$f":"IF($D22<>\"Serviço\",\"\",OFFSET(ORÇAMENTO!S$15,ROW(G22)-ROW(G$15),0))","v":""},{"$f":"IF($D22<>\"Serviço\",0,IF(ACOMPANHAMENTO=\"BM\",ROUND(OFFSET(ORÇAMENTO!AJ$15,ROW(H22)-ROW(H$15),0),15-13*ORÇAMENTO!$AF$7),SUMPRODUCT(($Q$12:$AA$12<>\"\")*ROUND($Q22:$AA22,15-13*ORÇAMENTO!$AF$7))))","v":0},null,null,null,".",{"$f":"IF($D22<>\"Serviço\",\"\",IF(AUTOEVENTO=\"manual\",$A22,IF(ISERROR(MATCH($A22,$A$15:OFFSET($A22,-1,0),0)),MAX($M$15:OFFSET(M22,-1,0))+1,INDEX($M$15:OFFSET(M22,-1,0),MATCH($A22,$A$15:OFFSET($A22,-1,0),0)))))","v":""},{"$f":"IF($D22<>\"Serviço\",\"\",IF(AUTOEVENTO=\"Manual\",IF($A22=0,\"<-- defina o número do agrupador\",OFFSET(EVENTOS!$D$14,$A22,0)),OFFSET($F$15,$A22,0)))","v":""},null,null,null,null,null,null,null,null,null,null,null,null,null,{"$f":"IF(AND($D22=\"Serviço\",AB$12<>0,$H22>0,OR(AUTOEVENTO<>\"manual\",$M22<>1)),ROUND(OFFSET($P22,0,AB$13),15-13*ORÇAMENTO!$AF$7)/$H22*OFFSET(ORÇAMENTO!$X$15,ROW(AB22)-ROW(AB$15),0),0)","v":0},{"$f":"IF(AND($D22=\"Serviço\",AC$12<>0,$H22>0,OR(AUTOEVENTO<>\"manual\",$M22<>1)),ROUND(OFFSET($P22,0,AC$13),15-13*ORÇAMENTO!$AF$7)/$H22*OFFSET(ORÇAMENTO!$X$15,ROW(AC22)-ROW(AC$15),0),0)","v":0},{"$f":"IF(AND($D22=\"Serviço\",AD$12<>0,$H22>0,OR(AUTOEVENTO<>\"manual\",$M22<>1)),ROUND(OFFSET($P22,0,AD$13),15-13*ORÇAMENTO!$AF$7)/$H22*OFFSET(ORÇAMENTO!$X$15,ROW(AD22)-ROW(AD$15),0),0)","v":0},{"$f":"IF(AND($D22=\"Serviço\",AE$12<>0,$H22>0,OR(AUTOEVENTO<>\"manual\",$M22<>1)),ROUND(OFFSET($P22,0,AE$13),15-13*ORÇAMENTO!$AF$7)/$H22*OFFSET(ORÇAMENTO!$X$15,ROW(AE22)-ROW(AE$15),0),0)","v":0},{"$f":"IF(AND($D22=\"Serviço\",AF$12<>0,$H22>0,OR(AUTOEVENTO<>\"manual\",$M22<>1)),ROUND(OFFSET($P22,0,AF$13),15-13*ORÇAMENTO!$AF$7)/$H22*OFFSET(ORÇAMENTO!$X$15,ROW(AF22)-ROW(AF$15),0),0)","v":0},{"$f":"IF(AND($D22=\"Serviço\",AG$12<>0,$H22>0,OR(AUTOEVENTO<>\"manual\",$M22<>1)),ROUND(OFFSET($P22,0,AG$13),15-13*ORÇAMENTO!$AF$7)/$H22*OFFSET(ORÇAMENTO!$X$15,ROW(AG22)-ROW(AG$15),0),0)","v":0},{"$f":"IF(AND($D22=\"Serviço\",AH$12<>0,$H22>0,OR(AUTOEVENTO<>\"manual\",$M22<>1)),ROUND(OFFSET($P22,0,AH$13),15-13*ORÇAMENTO!$AF$7)/$H22*OFFSET(ORÇAMENTO!$X$15,ROW(AH22)-ROW(AH$15),0),0)","v":0},{"$f":"IF(AND($D22=\"Serviço\",AI$12<>0,$H22>0,OR(AUTOEVENTO<>\"manual\",$M22<>1)),ROUND(OFFSET($P22,0,AI$13),15-13*ORÇAMENTO!$AF$7)/$H22*OFFSET(ORÇAMENTO!$X$15,ROW(AI22)-ROW(AI$15),0),0)","v":0},{"$f":"IF(AND($D22=\"Serviço\",AJ$12<>0,$H22>0,OR(AUTOEVENTO<>\"manual\",$M22<>1)),ROUND(OFFSET($P22,0,AJ$13),15-13*ORÇAMENTO!$AF$7)/$H22*OFFSET(ORÇAMENTO!$X$15,ROW(AJ22)-ROW(AJ$15),0),0)","v":0},{"$f":"IF(AND($D22=\"Serviço\",AK$12<>0,$H22>0,OR(AUTOEVENTO<>\"manual\",$M22<>1)),ROUND(OFFSET($P22,0,AK$13),15-13*ORÇAMENTO!$AF$7)/$H22*OFFSET(ORÇAMENTO!$X$15,ROW(AK22)-ROW(AK$15),0),0)","v":0},null,{"$f":"IF($D22<>\"Serviço\",0,IF(AND(AUTOEVENTO=\"Manual\",$M22=1),0,IF(OFFSET(CRONOPLE!$F$14,$M22,AM$13)=\"\",10^12,OFFSET(CRONOPLE!$F$14,$M22,AM$13))))","v":0},{"$f":"IF($D22<>\"Serviço\",0,IF(AND(AUTOEVENTO=\"Manual\",$M22=1),0,IF(OFFSET(CRONOPLE!$F$14,$M22,AN$13)=\"\",10^12,OFFSET(CRONOPLE!$F$14,$M22,AN$13))))","v":0},{"$f":"IF($D22<>\"Serviço\",0,IF(AND(AUTOEVENTO=\"Manual\",$M22=1),0,IF(OFFSET(CRONOPLE!$F$14,$M22,AO$13)=\"\",10^12,OFFSET(CRONOPLE!$F$14,$M22,AO$13))))","v":0},{"$f":"IF($D22<>\"Serviço\",0,IF(AND(AUTOEVENTO=\"Manual\",$M22=1),0,IF(OFFSET(CRONOPLE!$F$14,$M22,AP$13)=\"\",10^12,OFFSET(CRONOPLE!$F$14,$M22,AP$13))))","v":0},{"$f":"IF($D22<>\"Serviço\",0,IF(AND(AUTOEVENTO=\"Manual\",$M22=1),0,IF(OFFSET(CRONOPLE!$F$14,$M22,AQ$13)=\"\",10^12,OFFSET(CRONOPLE!$F$14,$M22,AQ$13))))","v":0},{"$f":"IF($D22<>\"Serviço\",0,IF(AND(AUTOEVENTO=\"Manual\",$M22=1),0,IF(OFFSET(CRONOPLE!$F$14,$M22,AR$13)=\"\",10^12,OFFSET(CRONOPLE!$F$14,$M22,AR$13))))","v":0},{"$f":"IF($D22<>\"Serviço\",0,IF(AND(AUTOEVENTO=\"Manual\",$M22=1),0,IF(OFFSET(CRONOPLE!$F$14,$M22,AS$13)=\"\",10^12,OFFSET(CRONOPLE!$F$14,$M22,AS$13))))","v":0},{"$f":"IF($D22<>\"Serviço\",0,IF(AND(AUTOEVENTO=\"Manual\",$M22=1),0,IF(OFFSET(CRONOPLE!$F$14,$M22,AT$13)=\"\",10^12,OFFSET(CRONOPLE!$F$14,$M22,AT$13))))","v":0},{"$f":"IF($D22<>\"Serviço\",0,IF(AND(AUTOEVENTO=\"Manual\",$M22=1),0,IF(OFFSET(CRONOPLE!$F$14,$M22,AU$13)=\"\",10^12,OFFSET(CRONOPLE!$F$14,$M22,AU$13))))","v":0},{"$f":"IF($D22<>\"Serviço\",0,IF(AND(AUTOEVENTO=\"Manual\",$M22=1),0,IF(OFFSET(CRONOPLE!$F$14,$M22,AV$13)=\"\",10^12,OFFSET(CRONOPLE!$F$14,$M22,AV$13))))","v":0},null,{"$f":"IF($D22<>\"Serviço\",0,IF(OR(AND(AUTOEVENTO=\"Manual\",$M22=1),$M22>(ROW(PLE.lastrow)-ROW(PLE.firstrow))),0,IF(OFFSET(PLE!$G$14,$M22,AX$13)=\"\",10^12,OFFSET(PLE!$G$14,$M22,AX$13))))","v":0},{"$f":"IF($D22<>\"Serviço\",0,IF(OR(AND(AUTOEVENTO=\"Manual\",$M22=1),$M22>(ROW(PLE.lastrow)-ROW(PLE.firstrow))),0,IF(OFFSET(PLE!$G$14,$M22,AY$13)=\"\",10^12,OFFSET(PLE!$G$14,$M22,AY$13))))","v":0},{"$f":"IF($D22<>\"Serviço\",0,IF(OR(AND(AUTOEVENTO=\"Manual\",$M22=1),$M22>(ROW(PLE.lastrow)-ROW(PLE.firstrow))),0,IF(OFFSET(PLE!$G$14,$M22,AZ$13)=\"\",10^12,OFFSET(PLE!$G$14,$M22,AZ$13))))","v":0},{"$f":"IF($D22<>\"Serviço\",0,IF(OR(AND(AUTOEVENTO=\"Manual\",$M22=1),$M22>(ROW(PLE.lastrow)-ROW(PLE.firstrow))),0,IF(OFFSET(PLE!$G$14,$M22,BA$13)=\"\",10^12,OFFSET(PLE!$G$14,$M22,BA$13))))","v":0},{"$f":"IF($D22<>\"Serviço\",0,IF(OR(AND(AUTOEVENTO=\"Manual\",$M22=1),$M22>(ROW(PLE.lastrow)-ROW(PLE.firstrow))),0,IF(OFFSET(PLE!$G$14,$M22,BB$13)=\"\",10^12,OFFSET(PLE!$G$14,$M22,BB$13))))","v":0},{"$f":"IF($D22<>\"Serviço\",0,IF(OR(AND(AUTOEVENTO=\"Manual\",$M22=1),$M22>(ROW(PLE.lastrow)-ROW(PLE.firstrow))),0,IF(OFFSET(PLE!$G$14,$M22,BC$13)=\"\",10^12,OFFSET(PLE!$G$14,$M22,BC$13))))","v":0},{"$f":"IF($D22<>\"Serviço\",0,IF(OR(AND(AUTOEVENTO=\"Manual\",$M22=1),$M22>(ROW(PLE.lastrow)-ROW(PLE.firstrow))),0,IF(OFFSET(PLE!$G$14,$M22,BD$13)=\"\",10^12,OFFSET(PLE!$G$14,$M22,BD$13))))","v":0},{"$f":"IF($D22<>\"Serviço\",0,IF(OR(AND(AUTOEVENTO=\"Manual\",$M22=1),$M22>(ROW(PLE.lastrow)-ROW(PLE.firstrow))),0,IF(OFFSET(PLE!$G$14,$M22,BE$13)=\"\",10^12,OFFSET(PLE!$G$14,$M22,BE$13))))","v":0},{"$f":"IF($D22<>\"Serviço\",0,IF(OR(AND(AUTOEVENTO=\"Manual\",$M22=1),$M22>(ROW(PLE.lastrow)-ROW(PLE.firstrow))),0,IF(OFFSET(PLE!$G$14,$M22,BF$13)=\"\",10^12,OFFSET(PLE!$G$14,$M22,BF$13))))","v":0},{"$f":"IF($D22<>\"Serviço\",0,IF(OR(AND(AUTOEVENTO=\"Manual\",$M22=1),$M22>(ROW(PLE.lastrow)-ROW(PLE.firstrow))),0,IF(OFFSET(PLE!$G$14,$M22,BG$13)=\"\",10^12,OFFSET(PLE!$G$14,$M22,BG$13))))","v":0}]
["7",{"$f":"OFFSET(ORÇAMENTO!C$15,ROW(B23)-ROW(B$15),0)","v":"S"},{"$f":"OFFSET(ORÇAMENTO!L$15,ROW(C23)-ROW(C$15),0)","v":"F"},{"$f":"OFFSET(ORÇAMENTO!N$15,ROW(D23)-ROW(D$15),0)","v":"Serviço"},{"$f":"OFFSET(ORÇAMENTO!O$15,ROW(E23)-ROW(E$15),0)","v":"1.3.1."},{"$f":"OFFSET(ORÇAMENTO!R$15,ROW(F23)-ROW(F$15),0)","v":"DEMOLIÇÃO PARCIAL DE PAVIMENTO ASFÁLTICO, DE FORMA MECANIZADA, SEM REAPROVEITAMENTO. AF_12/2017"},{"$f":"IF($D23<>\"Serviço\",\"\",OFFSET(ORÇAMENTO!S$15,ROW(G23)-ROW(G$15),0))","v":"M2"},{"$f":"IF($D23<>\"Serviço\",0,IF(ACOMPANHAMENTO=\"BM\",ROUND(OFFSET(ORÇAMENTO!AJ$15,ROW(H23)-ROW(H$15),0),15-13*ORÇAMENTO!$AF$7),SUMPRODUCT(($Q$12:$AA$12<>\"\")*ROUND($Q23:$AA23,15-13*ORÇAMENTO!$AF$7))))","v":61},null,null,null,".",{"$f":"IF($D23<>\"Serviço\",\"\",IF(AUTOEVENTO=\"manual\",$A23,IF(ISERROR(MATCH($A23,$A$15:OFFSET($A23,-1,0),0)),MAX($M$15:OFFSET(M23,-1,0))+1,INDEX($M$15:OFFSET(M23,-1,0),MATCH($A23,$A$15:OFFSET($A23,-1,0),0)))))","v":4},{"$f":"IF($D23<>\"Serviço\",\"\",IF(AUTOEVENTO=\"Manual\",IF($A23=0,\"<-- defina o número do agrupador\",OFFSET(EVENTOS!$D$14,$A23,0)),OFFSET($F$15,$A23,0)))","v":"DEMOLIÇÕES E REMOÇÕES"},null,null,null,null,null,null,null,null,null,null,null,null,null,{"$f":"IF(AND($D23=\"Serviço\",AB$12<>0,$H23>0,OR(AUTOEVENTO<>\"manual\",$M23<>1)),ROUND(OFFSET($P23,0,AB$13),15-13*ORÇAMENTO!$AF$7)/$H23*OFFSET(ORÇAMENTO!$X$15,ROW(AB23)-ROW(AB$15),0),0)","v":0},{"$f":"IF(AND($D23=\"Serviço\",AC$12<>0,$H23>0,OR(AUTOEVENTO<>\"manual\",$M23<>1)),ROUND(OFFSET($P23,0,AC$13),15-13*ORÇAMENTO!$AF$7)/$H23*OFFSET(ORÇAMENTO!$X$15,ROW(AC23)-ROW(AC$15),0),0)","v":0},{"$f":"IF(AND($D23=\"Serviço\",AD$12<>0,$H23>0,OR(AUTOEVENTO<>\"manual\",$M23<>1)),ROUND(OFFSET($P23,0,AD$13),15-13*ORÇAMENTO!$AF$7)/$H23*OFFSET(ORÇAMENTO!$X$15,ROW(AD23)-ROW(AD$15),0),0)","v":0},{"$f":"IF(AND($D23=\"Serviço\",AE$12<>0,$H23>0,OR(AUTOEVENTO<>\"manual\",$M23<>1)),ROUND(OFFSET($P23,0,AE$13),15-13*ORÇAMENTO!$AF$7)/$H23*OFFSET(ORÇAMENTO!$X$15,ROW(AE23)-ROW(AE$15),0),0)","v":0},{"$f":"IF(AND($D23=\"Serviço\",AF$12<>0,$H23>0,OR(AUTOEVENTO<>\"manual\",$M23<>1)),ROUND(OFFSET($P23,0,AF$13),15-13*ORÇAMENTO!$AF$7)/$H23*OFFSET(ORÇAMENTO!$X$15,ROW(AF23)-ROW(AF$15),0),0)","v":0},{"$f":"IF(AND($D23=\"Serviço\",AG$12<>0,$H23>0,OR(AUTOEVENTO<>\"manual\",$M23<>1)),ROUND(OFFSET($P23,0,AG$13),15-13*ORÇAMENTO!$AF$7)/$H23*OFFSET(ORÇAMENTO!$X$15,ROW(AG23)-ROW(AG$15),0),0)","v":0},{"$f":"IF(AND($D23=\"Serviço\",AH$12<>0,$H23>0,OR(AUTOEVENTO<>\"manual\",$M23<>1)),ROUND(OFFSET($P23,0,AH$13),15-13*ORÇAMENTO!$AF$7)/$H23*OFFSET(ORÇAMENTO!$X$15,ROW(AH23)-ROW(AH$15),0),0)","v":0},{"$f":"IF(AND($D23=\"Serviço\",AI$12<>0,$H23>0,OR(AUTOEVENTO<>\"manual\",$M23<>1)),ROUND(OFFSET($P23,0,AI$13),15-13*ORÇAMENTO!$AF$7)/$H23*OFFSET(ORÇAMENTO!$X$15,ROW(AI23)-ROW(AI$15),0),0)","v":0},{"$f":"IF(AND($D23=\"Serviço\",AJ$12<>0,$H23>0,OR(AUTOEVENTO<>\"manual\",$M23<>1)),ROUND(OFFSET($P23,0,AJ$13),15-13*ORÇAMENTO!$AF$7)/$H23*OFFSET(ORÇAMENTO!$X$15,ROW(AJ23)-ROW(AJ$15),0),0)","v":0},{"$f":"IF(AND($D23=\"Serviço\",AK$12<>0,$H23>0,OR(AUTOEVENTO<>\"manual\",$M23<>1)),ROUND(OFFSET($P23,0,AK$13),15-13*ORÇAMENTO!$AF$7)/$H23*OFFSET(ORÇAMENTO!$X$15,ROW(AK23)-ROW(AK$15),0),0)","v":0},null,{"$f":"IF($D23<>\"Serviço\",0,IF(AND(AUTOEVENTO=\"Manual\",$M23=1),0,IF(OFFSET(CRONOPLE!$F$14,$M23,AM$13)=\"\",10^12,OFFSET(CRONOPLE!$F$14,$M23,AM$13))))","v":1000000000000},{"$f":"IF($D23<>\"Serviço\",0,IF(AND(AUTOEVENTO=\"Manual\",$M23=1),0,IF(OFFSET(CRONOPLE!$F$14,$M23,AN$13)=\"\",10^12,OFFSET(CRONOPLE!$F$14,$M23,AN$13))))","v":1000000000000},{"$f":"IF($D23<>\"Serviço\",0,IF(AND(AUTOEVENTO=\"Manual\",$M23=1),0,IF(OFFSET(CRONOPLE!$F$14,$M23,AO$13)=\"\",10^12,OFFSET(CRONOPLE!$F$14,$M23,AO$13))))","v":1000000000000},{"$f":"IF($D23<>\"Serviço\",0,IF(AND(AUTOEVENTO=\"Manual\",$M23=1),0,IF(OFFSET(CRONOPLE!$F$14,$M23,AP$13)=\"\",10^12,OFFSET(CRONOPLE!$F$14,$M23,AP$13))))","v":1000000000000},{"$f":"IF($D23<>\"Serviço\",0,IF(AND(AUTOEVENTO=\"Manual\",$M23=1),0,IF(OFFSET(CRONOPLE!$F$14,$M23,AQ$13)=\"\",10^12,OFFSET(CRONOPLE!$F$14,$M23,AQ$13))))","v":1000000000000},{"$f":"IF($D23<>\"Serviço\",0,IF(AND(AUTOEVENTO=\"Manual\",$M23=1),0,IF(OFFSET(CRONOPLE!$F$14,$M23,AR$13)=\"\",10^12,OFFSET(CRONOPLE!$F$14,$M23,AR$13))))","v":1000000000000},{"$f":"IF($D23<>\"Serviço\",0,IF(AND(AUTOEVENTO=\"Manual\",$M23=1),0,IF(OFFSET(CRONOPLE!$F$14,$M23,AS$13)=\"\",10^12,OFFSET(CRONOPLE!$F$14,$M23,AS$13))))","v":1000000000000},{"$f":"IF($D23<>\"Serviço\",0,IF(AND(AUTOEVENTO=\"Manual\",$M23=1),0,IF(OFFSET(CRONOPLE!$F$14,$M23,AT$13)=\"\",10^12,OFFSET(CRONOPLE!$F$14,$M23,AT$13))))","v":1000000000000},{"$f":"IF($D23<>\"Serviço\",0,IF(AND(AUTOEVENTO=\"Manual\",$M23=1),0,IF(OFFSET(CRONOPLE!$F$14,$M23,AU$13)=\"\",10^12,OFFSET(CRONOPLE!$F$14,$M23,AU$13))))","v":1000000000000},{"$f":"IF($D23<>\"Serviço\",0,IF(AND(AUTOEVENTO=\"Manual\",$M23=1),0,IF(OFFSET(CRONOPLE!$F$14,$M23,AV$13)=\"\",10^12,OFFSET(CRONOPLE!$F$14,$M23,AV$13))))","v":1000000000000},null,{"$f":"IF($D23<>\"Serviço\",0,IF(OR(AND(AUTOEVENTO=\"Manual\",$M23=1),$M23>(ROW(PLE.lastrow)-ROW(PLE.firstrow))),0,IF(OFFSET(PLE!$G$14,$M23,AX$13)=\"\",10^12,OFFSET(PLE!$G$14,$M23,AX$13))))","v":1000000000000},{"$f":"IF($D23<>\"Serviço\",0,IF(OR(AND(AUTOEVENTO=\"Manual\",$M23=1),$M23>(ROW(PLE.lastrow)-ROW(PLE.firstrow))),0,IF(OFFSET(PLE!$G$14,$M23,AY$13)=\"\",10^12,OFFSET(PLE!$G$14,$M23,AY$13))))","v":1000000000000},{"$f":"IF($D23<>\"Serviço\",0,IF(OR(AND(AUTOEVENTO=\"Manual\",$M23=1),$M23>(ROW(PLE.lastrow)-ROW(PLE.firstrow))),0,IF(OFFSET(PLE!$G$14,$M23,AZ$13)=\"\",10^12,OFFSET(PLE!$G$14,$M23,AZ$13))))","v":1000000000000},{"$f":"IF($D23<>\"Serviço\",0,IF(OR(AND(AUTOEVENTO=\"Manual\",$M23=1),$M23>(ROW(PLE.lastrow)-ROW(PLE.firstrow))),0,IF(OFFSET(PLE!$G$14,$M23,BA$13)=\"\",10^12,OFFSET(PLE!$G$14,$M23,BA$13))))","v":1000000000000},{"$f":"IF($D23<>\"Serviço\",0,IF(OR(AND(AUTOEVENTO=\"Manual\",$M23=1),$M23>(ROW(PLE.lastrow)-ROW(PLE.firstrow))),0,IF(OFFSET(PLE!$G$14,$M23,BB$13)=\"\",10^12,OFFSET(PLE!$G$14,$M23,BB$13))))","v":1000000000000},{"$f":"IF($D23<>\"Serviço\",0,IF(OR(AND(AUTOEVENTO=\"Manual\",$M23=1),$M23>(ROW(PLE.lastrow)-ROW(PLE.firstrow))),0,IF(OFFSET(PLE!$G$14,$M23,BC$13)=\"\",10^12,OFFSET(PLE!$G$14,$M23,BC$13))))","v":1000000000000},{"$f":"IF($D23<>\"Serviço\",0,IF(OR(AND(AUTOEVENTO=\"Manual\",$M23=1),$M23>(ROW(PLE.lastrow)-ROW(PLE.firstrow))),0,IF(OFFSET(PLE!$G$14,$M23,BD$13)=\"\",10^12,OFFSET(PLE!$G$14,$M23,BD$13))))","v":1000000000000},{"$f":"IF($D23<>\"Serviço\",0,IF(OR(AND(AUTOEVENTO=\"Manual\",$M23=1),$M23>(ROW(PLE.lastrow)-ROW(PLE.firstrow))),0,IF(OFFSET(PLE!$G$14,$M23,BE$13)=\"\",10^12,OFFSET(PLE!$G$14,$M23,BE$13))))","v":1000000000000},{"$f":"IF($D23<>\"Serviço\",0,IF(OR(AND(AUTOEVENTO=\"Manual\",$M23=1),$M23>(ROW(PLE.lastrow)-ROW(PLE.firstrow))),0,IF(OFFSET(PLE!$G$14,$M23,BF$13)=\"\",10^12,OFFSET(PLE!$G$14,$M23,BF$13))))","v":1000000000000},{"$f":"IF($D23<>\"Serviço\",0,IF(OR(AND(AUTOEVENTO=\"Manual\",$M23=1),$M23>(ROW(PLE.lastrow)-ROW(PLE.firstrow))),0,IF(OFFSET(PLE!$G$14,$M23,BG$13)=\"\",10^12,OFFSET(PLE!$G$14,$M23,BG$13))))","v":1000000000000}]
["7",{"$f":"OFFSET(ORÇAMENTO!C$15,ROW(B24)-ROW(B$15),0)","v":"S"},{"$f":"OFFSET(ORÇAMENTO!L$15,ROW(C24)-ROW(C$15),0)","v":"F"},{"$f":"OFFSET(ORÇAMENTO!N$15,ROW(D24)-ROW(D$15),0)","v":"Serviço"},{"$f":"OFFSET(ORÇAMENTO!O$15,ROW(E24)-ROW(E$15),0)","v":"1.3.2."},{"$f":"OFFSET(ORÇAMENTO!R$15,ROW(F24)-ROW(F$15),0)","v":"DEMOLIÇÃO DE PASSEIOS E ESTRUTURAS DE CONCRETO, DE FORMA MECANIZADA COM MARTELETE, SEM REAPROVEITAMENTO"},{"$f":"IF($D24<>\"Serviço\",\"\",OFFSET(ORÇAMENTO!S$15,ROW(G24)-ROW(G$15),0))","v":"M3"},{"$f":"IF($D24<>\"Serviço\",0,IF(ACOMPANHAMENTO=\"BM\",ROUND(OFFSET(ORÇAMENTO!AJ$15,ROW(H24)-ROW(H$15),0),15-13*ORÇAMENTO!$AF$7),SUMPRODUCT(($Q$12:$AA$12<>\"\")*ROUND($Q24:$AA24,15-13*ORÇAMENTO!$AF$7))))","v":3.84},null,null,null,".",{"$f":"IF($D24<>\"Serviço\",\"\",IF(AUTOEVENTO=\"manual\",$A24,IF(ISERROR(MATCH($A24,$A$15:OFFSET($A24,-1,0),0)),MAX($M$15:OFFSET(M24,-1,0))+1,INDEX($M$15:OFFSET(M24,-1,0),MATCH($A24,$A$15:OFFSET($A24,-1,0),0)))))","v":4},{"$f":"IF($D24<>\"Serviço\",\"\",IF(AUTOEVENTO=\"Manual\",IF($A24=0,\"<-- defina o número do agrupador\",OFFSET(EVENTOS!$D$14,$A24,0)),OFFSET($F$15,$A24,0)))","v":"DEMOLIÇÕES E REMOÇÕES"},null,null,null,null,null,null,null,null,null,null,null,null,null,{"$f":"IF(AND($D24=\"Serviço\",AB$12<>0,$H24>0,OR(AUTOEVENTO<>\"manual\",$M24<>1)),ROUND(OFFSET($P24,0,AB$13),15-13*ORÇAMENTO!$AF$7)/$H24*OFFSET(ORÇAMENTO!$X$15,ROW(AB24)-ROW(AB$15),0),0)","v":0},{"$f":"IF(AND($D24=\"Serviço\",AC$12<>0,$H24>0,OR(AUTOEVENTO<>\"manual\",$M24<>1)),ROUND(OFFSET($P24,0,AC$13),15-13*ORÇAMENTO!$AF$7)/$H24*OFFSET(ORÇAMENTO!$X$15,ROW(AC24)-ROW(AC$15),0),0)","v":0},{"$f":"IF(AND($D24=\"Serviço\",AD$12<>0,$H24>0,OR(AUTOEVENTO<>\"manual\",$M24<>1)),ROUND(OFFSET($P24,0,AD$13),15-13*ORÇAMENTO!$AF$7)/$H24*OFFSET(ORÇAMENTO!$X$15,ROW(AD24)-ROW(AD$15),0),0)","v":0},{"$f":"IF(AND($D24=\"Serviço\",AE$12<>0,$H24>0,OR(AUTOEVENTO<>\"manual\",$M24<>1)),ROUND(OFFSET($P24,0,AE$13),15-13*ORÇAMENTO!$AF$7)/$H24*OFFSET(ORÇAMENTO!$X$15,ROW(AE24)-ROW(AE$15),0),0)","v":0},{"$f":"IF(AND($D24=\"Serviço\",AF$12<>0,$H24>0,OR(AUTOEVENTO<>\"manual\",$M24<>1)),ROUND(OFFSET($P24,0,AF$13),15-13*ORÇAMENTO!$AF$7)/$H24*OFFSET(ORÇAMENTO!$X$15,ROW(AF24)-ROW(AF$15),0),0)","v":0},{"$f":"IF(AND($D24=\"Serviço\",AG$12<>0,$H24>0,OR(AUTOEVENTO<>\"manual\",$M24<>1)),ROUND(OFFSET($P24,0,AG$13),15-13*ORÇAMENTO!$AF$7)/$H24*OFFSET(ORÇAMENTO!$X$15,ROW(AG24)-ROW(AG$15),0),0)","v":0},{"$f":"IF(AND($D24=\"Serviço\",AH$12<>0,$H24>0,OR(AUTOEVENTO<>\"manual\",$M24<>1)),ROUND(OFFSET($P24,0,AH$13),15-13*ORÇAMENTO!$AF$7)/$H24*OFFSET(ORÇAMENTO!$X$15,ROW(AH24)-ROW(AH$15),0),0)","v":0},{"$f":"IF(AND($D24=\"Serviço\",AI$12<>0,$H24>0,OR(AUTOEVENTO<>\"manual\",$M24<>1)),ROUND(OFFSET($P24,0,AI$13),15-13*ORÇAMENTO!$AF$7)/$H24*OFFSET(ORÇAMENTO!$X$15,ROW(AI24)-ROW(AI$15),0),0)","v":0},{"$f":"IF(AND($D24=\"Serviço\",AJ$12<>0,$H24>0,OR(AUTOEVENTO<>\"manual\",$M24<>1)),ROUND(OFFSET($P24,0,AJ$13),15-13*ORÇAMENTO!$AF$7)/$H24*OFFSET(ORÇAMENTO!$X$15,ROW(AJ24)-ROW(AJ$15),0),0)","v":0},{"$f":"IF(AND($D24=\"Serviço\",AK$12<>0,$H24>0,OR(AUTOEVENTO<>\"manual\",$M24<>1)),ROUND(OFFSET($P24,0,AK$13),15-13*ORÇAMENTO!$AF$7)/$H24*OFFSET(ORÇAMENTO!$X$15,ROW(AK24)-ROW(AK$15),0),0)","v":0},null,{"$f":"IF($D24<>\"Serviço\",0,IF(AND(AUTOEVENTO=\"Manual\",$M24=1),0,IF(OFFSET(CRONOPLE!$F$14,$M24,AM$13)=\"\",10^12,OFFSET(CRONOPLE!$F$14,$M24,AM$13))))","v":1000000000000},{"$f":"IF($D24<>\"Serviço\",0,IF(AND(AUTOEVENTO=\"Manual\",$M24=1),0,IF(OFFSET(CRONOPLE!$F$14,$M24,AN$13)=\"\",10^12,OFFSET(CRONOPLE!$F$14,$M24,AN$13))))","v":1000000000000},{"$f":"IF($D24<>\"Serviço\",0,IF(AND(AUTOEVENTO=\"Manual\",$M24=1),0,IF(OFFSET(CRONOPLE!$F$14,$M24,AO$13)=\"\",10^12,OFFSET(CRONOPLE!$F$14,$M24,AO$13))))","v":1000000000000},{"$f":"IF($D24<>\"Serviço\",0,IF(AND(AUTOEVENTO=\"Manual\",$M24=1),0,IF(OFFSET(CRONOPLE!$F$14,$M24,AP$13)=\"\",10^12,OFFSET(CRONOPLE!$F$14,$M24,AP$13))))","v":1000000000000},{"$f":"IF($D24<>\"Serviço\",0,IF(AND(AUTOEVENTO=\"Manual\",$M24=1),0,IF(OFFSET(CRONOPLE!$F$14,$M24,AQ$13)=\"\",10^12,OFFSET(CRONOPLE!$F$14,$M24,AQ$13))))","v":1000000000000},{"$f":"IF($D24<>\"Serviço\",0,IF(AND(AUTOEVENTO=\"Manual\",$M24=1),0,IF(OFFSET(CRONOPLE!$F$14,$M24,AR$13)=\"\",10^12,OFFSET(CRONOPLE!$F$14,$M24,AR$13))))","v":1000000000000},{"$f":"IF($D24<>\"Serviço\",0,IF(AND(AUTOEVENTO=\"Manual\",$M24=1),0,IF(OFFSET(CRONOPLE!$F$14,$M24,AS$13)=\"\",10^12,OFFSET(CRONOPLE!$F$14,$M24,AS$13))))","v":1000000000000},{"$f":"IF($D24<>\"Serviço\",0,IF(AND(AUTOEVENTO=\"Manual\",$M24=1),0,IF(OFFSET(CRONOPLE!$F$14,$M24,AT$13)=\"\",10^12,OFFSET(CRONOPLE!$F$14,$M24,AT$13))))","v":1000000000000},{"$f":"IF($D24<>\"Serviço\",0,IF(AND(AUTOEVENTO=\"Manual\",$M24=1),0,IF(OFFSET(CRONOPLE!$F$14,$M24,AU$13)=\"\",10^12,OFFSET(CRONOPLE!$F$14,$M24,AU$13))))","v":1000000000000},{"$f":"IF($D24<>\"Serviço\",0,IF(AND(AUTOEVENTO=\"Manual\",$M24=1),0,IF(OFFSET(CRONOPLE!$F$14,$M24,AV$13)=\"\",10^12,OFFSET(CRONOPLE!$F$14,$M24,AV$13))))","v":1000000000000},null,{"$f":"IF($D24<>\"Serviço\",0,IF(OR(AND(AUTOEVENTO=\"Manual\",$M24=1),$M24>(ROW(PLE.lastrow)-ROW(PLE.firstrow))),0,IF(OFFSET(PLE!$G$14,$M24,AX$13)=\"\",10^12,OFFSET(PLE!$G$14,$M24,AX$13))))","v":1000000000000},{"$f":"IF($D24<>\"Serviço\",0,IF(OR(AND(AUTOEVENTO=\"Manual\",$M24=1),$M24>(ROW(PLE.lastrow)-ROW(PLE.firstrow))),0,IF(OFFSET(PLE!$G$14,$M24,AY$13)=\"\",10^12,OFFSET(PLE!$G$14,$M24,AY$13))))","v":1000000000000},{"$f":"IF($D24<>\"Serviço\",0,IF(OR(AND(AUTOEVENTO=\"Manual\",$M24=1),$M24>(ROW(PLE.lastrow)-ROW(PLE.firstrow))),0,IF(OFFSET(PLE!$G$14,$M24,AZ$13)=\"\",10^12,OFFSET(PLE!$G$14,$M24,AZ$13))))","v":1000000000000},{"$f":"IF($D24<>\"Serviço\",0,IF(OR(AND(AUTOEVENTO=\"Manual\",$M24=1),$M24>(ROW(PLE.lastrow)-ROW(PLE.firstrow))),0,IF(OFFSET(PLE!$G$14,$M24,BA$13)=\"\",10^12,OFFSET(PLE!$G$14,$M24,BA$13))))","v":1000000000000},{"$f":"IF($D24<>\"Serviço\",0,IF(OR(AND(AUTOEVENTO=\"Manual\",$M24=1),$M24>(ROW(PLE.lastrow)-ROW(PLE.firstrow))),0,IF(OFFSET(PLE!$G$14,$M24,BB$13)=\"\",10^12,OFFSET(PLE!$G$14,$M24,BB$13))))","v":1000000000000},{"$f":"IF($D24<>\"Serviço\",0,IF(OR(AND(AUTOEVENTO=\"Manual\",$M24=1),$M24>(ROW(PLE.lastrow)-ROW(PLE.firstrow))),0,IF(OFFSET(PLE!$G$14,$M24,BC$13)=\"\",10^12,OFFSET(PLE!$G$14,$M24,BC$13))))","v":1000000000000},{"$f":"IF($D24<>\"Serviço\",0,IF(OR(AND(AUTOEVENTO=\"Manual\",$M24=1),$M24>(ROW(PLE.lastrow)-ROW(PLE.firstrow))),0,IF(OFFSET(PLE!$G$14,$M24,BD$13)=\"\",10^12,OFFSET(PLE!$G$14,$M24,BD$13))))","v":1000000000000},{"$f":"IF($D24<>\"Serviço\",0,IF(OR(AND(AUTOEVENTO=\"Manual\",$M24=1),$M24>(ROW(PLE.lastrow)-ROW(PLE.firstrow))),0,IF(OFFSET(PLE!$G$14,$M24,BE$13)=\"\",10^12,OFFSET(PLE!$G$14,$M24,BE$13))))","v":1000000000000},{"$f":"IF($D24<>\"Serviço\",0,IF(OR(AND(AUTOEVENTO=\"Manual\",$M24=1),$M24>(ROW(PLE.lastrow)-ROW(PLE.firstrow))),0,IF(OFFSET(PLE!$G$14,$M24,BF$13)=\"\",10^12,OFFSET(PLE!$G$14,$M24,BF$13))))","v":1000000000000},{"$f":"IF($D24<>\"Serviço\",0,IF(OR(AND(AUTOEVENTO=\"Manual\",$M24=1),$M24>(ROW(PLE.lastrow)-ROW(PLE.firstrow))),0,IF(OFFSET(PLE!$G$14,$M24,BG$13)=\"\",10^12,OFFSET(PLE!$G$14,$M24,BG$13))))","v":1000000000000}]
["7",{"$f":"OFFSET(ORÇAMENTO!C$15,ROW(B25)-ROW(B$15),0)","v":"S"},{"$f":"OFFSET(ORÇAMENTO!L$15,ROW(C25)-ROW(C$15),0)","v":"F"},{"$f":"OFFSET(ORÇAMENTO!N$15,ROW(D25)-ROW(D$15),0)","v":"Serviço"},{"$f":"OFFSET(ORÇAMENTO!O$15,ROW(E25)-ROW(E$15),0)","v":"1.3.3."},{"$f":"OFFSET(ORÇAMENTO!R$15,ROW(F25)-ROW(F$15),0)","v":"CARGA, MANOBRA E DESCARGA DE MATERIAL REMOVIDO EM CAMINHÃO BASCULANTE - CARGA COM ESCAVADEIRA HIDRÁULICA"},{"$f":"IF($D25<>\"Serviço\",\"\",OFFSET(ORÇAMENTO!S$15,ROW(G25)-ROW(G$15),0))","v":"M3"},{"$f":"IF($D25<>\"Serviço\",0,IF(ACOMPANHAMENTO=\"BM\",ROUND(OFFSET(ORÇAMENTO!AJ$15,ROW(H25)-ROW(H$15),0),15-13*ORÇAMENTO!$AF$7),SUMPRODUCT(($Q$12:$AA$12<>\"\")*ROUND($Q25:$AA25,15-13*ORÇAMENTO!$AF$7))))","v":6.89},null,null,null,".",{"$f":"IF($D25<>\"Serviço\",\"\",IF(AUTOEVENTO=\"manual\",$A25,IF(ISERROR(MATCH($A25,$A$15:OFFSET($A25,-1,0),0)),MAX($M$15:OFFSET(M25,-1,0))+1,INDEX($M$15:OFFSET(M25,-1,0),MATCH($A25,$A$15:OFFSET($A25,-1,0),0)))))","v":4},{"$f":"IF($D25<>\"Serviço\",\"\",IF(AUTOEVENTO=\"Manual\",IF($A25=0,\"<-- defina o número do agrupador\",OFFSET(EVENTOS!$D$14,$A25,0)),OFFSET($F$15,$A25,0)))","v":"DEMOLIÇÕES E REMOÇÕES"},null,null,null,null,null,null,null,null,null,null,null,null,null,{"$f":"IF(AND($D25=\"Serviço\",AB$12<>0,$H25>0,OR(AUTOEVENTO<>\"manual\",$M25<>1)),ROUND(OFFSET($P25,0,AB$13),15-13*ORÇAMENTO!$AF$7)/$H25*OFFSET(ORÇAMENTO!$X$15,ROW(AB25)-ROW(AB$15),0),0)","v":0},{"$f":"IF(AND($D25=\"Serviço\",AC$12<>0,$H25>0,OR(AUTOEVENTO<>\"manual\",$M25<>1)),ROUND(OFFSET($P25,0,AC$13),15-13*ORÇAMENTO!$AF$7)/$H25*OFFSET(ORÇAMENTO!$X$15,ROW(AC25)-ROW(AC$15),0),0)","v":0},{"$f":"IF(AND($D25=\"Serviço\",AD$12<>0,$H25>0,OR(AUTOEVENTO<>\"manual\",$M25<>1)),ROUND(OFFSET($P25,0,AD$13),15-13*ORÇAMENTO!$AF$7)/$H25*OFFSET(ORÇAMENTO!$X$15,ROW(AD25)-ROW(AD$15),0),0)","v":0},{"$f":"IF(AND($D25=\"Serviço\",AE$12<>0,$H25>0,OR(AUTOEVENTO<>\"manual\",$M25<>1)),ROUND(OFFSET($P25,0,AE$13),15-13*ORÇAMENTO!$AF$7)/$H25*OFFSET(ORÇAMENTO!$X$15,ROW(AE25)-ROW(AE$15),0),0)","v":0},{"$f":"IF(AND($D25=\"Serviço\",AF$12<>0,$H25>0,OR(AUTOEVENTO<>\"manual\",$M25<>1)),ROUND(OFFSET($P25,0,AF$13),15-13*ORÇAMENTO!$AF$7)/$H25*OFFSET(ORÇAMENTO!$X$15,ROW(AF25)-ROW(AF$15),0),0)","v":0},{"$f":"IF(AND($D25=\"Serviço\",AG$12<>0,$H25>0,OR(AUTOEVENTO<>\"manual\",$M25<>1)),ROUND(OFFSET($P25,0,AG$13),15-13*ORÇAMENTO!$AF$7)/$H25*OFFSET(ORÇAMENTO!$X$15,ROW(AG25)-ROW(AG$15),0),0)","v":0},{"$f":"IF(AND($D25=\"Serviço\",AH$12<>0,$H25>0,OR(AUTOEVENTO<>\"manual\",$M25<>1)),ROUND(OFFSET($P25,0,AH$13),15-13*ORÇAMENTO!$AF$7)/$H25*OFFSET(ORÇAMENTO!$X$15,ROW(AH25)-ROW(AH$15),0),0)","v":0},{"$f":"IF(AND($D25=\"Serviço\",AI$12<>0,$H25>0,OR(AUTOEVENTO<>\"manual\",$M25<>1)),ROUND(OFFSET($P25,0,AI$13),15-13*ORÇAMENTO!$AF$7)/$H25*OFFSET(ORÇAMENTO!$X$15,ROW(AI25)-ROW(AI$15),0),0)","v":0},{"$f":"IF(AND($D25=\"Serviço\",AJ$12<>0,$H25>0,OR(AUTOEVENTO<>\"manual\",$M25<>1)),ROUND(OFFSET($P25,0,AJ$13),15-13*ORÇAMENTO!$AF$7)/$H25*OFFSET(ORÇAMENTO!$X$15,ROW(AJ25)-ROW(AJ$15),0),0)","v":0},{"$f":"IF(AND($D25=\"Serviço\",AK$12<>0,$H25>0,OR(AUTOEVENTO<>\"manual\",$M25<>1)),ROUND(OFFSET($P25,0,AK$13),15-13*ORÇAMENTO!$AF$7)/$H25*OFFSET(ORÇAMENTO!$X$15,ROW(AK25)-ROW(AK$15),0),0)","v":0},null,{"$f":"IF($D25<>\"Serviço\",0,IF(AND(AUTOEVENTO=\"Manual\",$M25=1),0,IF(OFFSET(CRONOPLE!$F$14,$M25,AM$13)=\"\",10^12,OFFSET(CRONOPLE!$F$14,$M25,AM$13))))","v":1000000000000},{"$f":"IF($D25<>\"Serviço\",0,IF(AND(AUTOEVENTO=\"Manual\",$M25=1),0,IF(OFFSET(CRONOPLE!$F$14,$M25,AN$13)=\"\",10^12,OFFSET(CRONOPLE!$F$14,$M25,AN$13))))","v":1000000000000},{"$f":"IF($D25<>\"Serviço\",0,IF(AND(AUTOEVENTO=\"Manual\",$M25=1),0,IF(OFFSET(CRONOPLE!$F$14,$M25,AO$13)=\"\",10^12,OFFSET(CRONOPLE!$F$14,$M25,AO$13))))","v":1000000000000},{"$f":"IF($D25<>\"Serviço\",0,IF(AND(AUTOEVENTO=\"Manual\",$M25=1),0,IF(OFFSET(CRONOPLE!$F$14,$M25,AP$13)=\"\",10^12,OFFSET(CRONOPLE!$F$14,$M25,AP$13))))","v":1000000000000},{"$f":"IF($D25<>\"Serviço\",0,IF(AND(AUTOEVENTO=\"Manual\",$M25=1),0,IF(OFFSET(CRONOPLE!$F$14,$M25,AQ$13)=\"\",10^12,OFFSET(CRONOPLE!$F$14,$M25,AQ$13))))","v":1000000000000},{"$f":"IF($D25<>\"Serviço\",0,IF(AND(AUTOEVENTO=\"Manual\",$M25=1),0,IF(OFFSET(CRONOPLE!$F$14,$M25,AR$13)=\"\",10^12,OFFSET(CRONOPLE!$F$14,$M25,AR$13))))","v":1000000000000},{"$f":"IF($D25<>\"Serviço\",0,IF(AND(AUTOEVENTO=\"Manual\",$M25=1),0,IF(OFFSET(CRONOPLE!$F$14,$M25,AS$13)=\"\",10^12,OFFSET(CRONOPLE!$F$14,$M25,AS$13))))","v":1000000000000},{"$f":"IF($D25<>\"Serviço\",0,IF(AND(AUTOEVENTO=\"Manual\",$M25=1),0,IF(OFFSET(CRONOPLE!$F$14,$M25,AT$13)=\"\",10^12,OFFSET(CRONOPLE!$F$14,$M25,AT$13))))","v":1000000000000},{"$f":"IF($D25<>\"Serviço\",0,IF(AND(AUTOEVENTO=\"Manual\",$M25=1),0,IF(OFFSET(CRONOPLE!$F$14,$M25,AU$13)=\"\",10^12,OFFSET(CRONOPLE!$F$14,$M25,AU$13))))","v":1000000000000},{"$f":"IF($D25<>\"Serviço\",0,IF(AND(AUTOEVENTO=\"Manual\",$M25=1),0,IF(OFFSET(CRONOPLE!$F$14,$M25,AV$13)=\"\",10^12,OFFSET(CRONOPLE!$F$14,$M25,AV$13))))","v":1000000000000},null,{"$f":"IF($D25<>\"Serviço\",0,IF(OR(AND(AUTOEVENTO=\"Manual\",$M25=1),$M25>(ROW(PLE.lastrow)-ROW(PLE.firstrow))),0,IF(OFFSET(PLE!$G$14,$M25,AX$13)=\"\",10^12,OFFSET(PLE!$G$14,$M25,AX$13))))","v":1000000000000},{"$f":"IF($D25<>\"Serviço\",0,IF(OR(AND(AUTOEVENTO=\"Manual\",$M25=1),$M25>(ROW(PLE.lastrow)-ROW(PLE.firstrow))),0,IF(OFFSET(PLE!$G$14,$M25,AY$13)=\"\",10^12,OFFSET(PLE!$G$14,$M25,AY$13))))","v":1000000000000},{"$f":"IF($D25<>\"Serviço\",0,IF(OR(AND(AUTOEVENTO=\"Manual\",$M25=1),$M25>(ROW(PLE.lastrow)-ROW(PLE.firstrow))),0,IF(OFFSET(PLE!$G$14,$M25,AZ$13)=\"\",10^12,OFFSET(PLE!$G$14,$M25,AZ$13))))","v":1000000000000},{"$f":"IF($D25<>\"Serviço\",0,IF(OR(AND(AUTOEVENTO=\"Manual\",$M25=1),$M25>(ROW(PLE.lastrow)-ROW(PLE.firstrow))),0,IF(OFFSET(PLE!$G$14,$M25,BA$13)=\"\",10^12,OFFSET(PLE!$G$14,$M25,BA$13))))","v":1000000000000},{"$f":"IF($D25<>\"Serviço\",0,IF(OR(AND(AUTOEVENTO=\"Manual\",$M25=1),$M25>(ROW(PLE.lastrow)-ROW(PLE.firstrow))),0,IF(OFFSET(PLE!$G$14,$M25,BB$13)=\"\",10^12,OFFSET(PLE!$G$14,$M25,BB$13))))","v":1000000000000},{"$f":"IF($D25<>\"Serviço\",0,IF(OR(AND(AUTOEVENTO=\"Manual\",$M25=1),$M25>(ROW(PLE.lastrow)-ROW(PLE.firstrow))),0,IF(OFFSET(PLE!$G$14,$M25,BC$13)=\"\",10^12,OFFSET(PLE!$G$14,$M25,BC$13))))","v":1000000000000},{"$f":"IF($D25<>\"Serviço\",0,IF(OR(AND(AUTOEVENTO=\"Manual\",$M25=1),$M25>(ROW(PLE.lastrow)-ROW(PLE.firstrow))),0,IF(OFFSET(PLE!$G$14,$M25,BD$13)=\"\",10^12,OFFSET(PLE!$G$14,$M25,BD$13))))","v":1000000000000},{"$f":"IF($D25<>\"Serviço\",0,IF(OR(AND(AUTOEVENTO=\"Manual\",$M25=1),$M25>(ROW(PLE.lastrow)-ROW(PLE.firstrow))),0,IF(OFFSET(PLE!$G$14,$M25,BE$13)=\"\",10^12,OFFSET(PLE!$G$14,$M25,BE$13))))","v":1000000000000},{"$f":"IF($D25<>\"Serviço\",0,IF(OR(AND(AUTOEVENTO=\"Manual\",$M25=1),$M25>(ROW(PLE.lastrow)-ROW(PLE.firstrow))),0,IF(OFFSET(PLE!$G$14,$M25,BF$13)=\"\",10^12,OFFSET(PLE!$G$14,$M25,BF$13))))","v":1000000000000},{"$f":"IF($D25<>\"Serviço\",0,IF(OR(AND(AUTOEVENTO=\"Manual\",$M25=1),$M25>(ROW(PLE.lastrow)-ROW(PLE.firstrow))),0,IF(OFFSET(PLE!$G$14,$M25,BG$13)=\"\",10^12,OFFSET(PLE!$G$14,$M25,BG$13))))","v":1000000000000}]
["7",{"$f":"OFFSET(ORÇAMENTO!C$15,ROW(B26)-ROW(B$15),0)","v":"S"},{"$f":"OFFSET(ORÇAMENTO!L$15,ROW(C26)-ROW(C$15),0)","v":"F"},{"$f":"OFFSET(ORÇAMENTO!N$15,ROW(D26)-ROW(D$15),0)","v":"Serviço"},{"$f":"OFFSET(ORÇAMENTO!O$15,ROW(E26)-ROW(E$15),0)","v":"1.3.4."},{"$f":"OFFSET(ORÇAMENTO!R$15,ROW(F26)-ROW(F$15),0)","v":"TRANSPORTE DE MATERIAL REMOVIDO COM CAMINHÃO BASCULANTE, DMT = 2 KM"},{"$f":"IF($D26<>\"Serviço\",\"\",OFFSET(ORÇAMENTO!S$15,ROW(G26)-ROW(G$15),0))","v":"M3XKM"},{"$f":"IF($D26<>\"Serviço\",0,IF(ACOMPANHAMENTO=\"BM\",ROUND(OFFSET(ORÇAMENTO!AJ$15,ROW(H26)-ROW(H$15),0),15-13*ORÇAMENTO!$AF$7),SUMPRODUCT(($Q$12:$AA$12<>\"\")*ROUND($Q26:$AA26,15-13*ORÇAMENTO!$AF$7))))","v":13.78},null,null,null,".",{"$f":"IF($D26<>\"Serviço\",\"\",IF(AUTOEVENTO=\"manual\",$A26,IF(ISERROR(MATCH($A26,$A$15:OFFSET($A26,-1,0),0)),MAX($M$15:OFFSET(M26,-1,0))+1,INDEX($M$15:OFFSET(M26,-1,0),MATCH($A26,$A$15:OFFSET($A26,-1,0),0)))))","v":4},{"$f":"IF($D26<>\"Serviço\",\"\",IF(AUTOEVENTO=\"Manual\",IF($A26=0,\"<-- defina o número do agrupador\",OFFSET(EVENTOS!$D$14,$A26,0)),OFFSET($F$15,$A26,0)))","v":"DEMOLIÇÕES E REMOÇÕES"},null,null,null,null,null,null,null,null,null,null,null,null,null,{"$f":"IF(AND($D26=\"Serviço\",AB$12<>0,$H26>0,OR(AUTOEVENTO<>\"manual\",$M26<>1)),ROUND(OFFSET($P26,0,AB$13),15-13*ORÇAMENTO!$AF$7)/$H26*OFFSET(ORÇAMENTO!$X$15,ROW(AB26)-ROW(AB$15),0),0)","v":0},{"$f":"IF(AND($D26=\"Serviço\",AC$12<>0,$H26>0,OR(AUTOEVENTO<>\"manual\",$M26<>1)),ROUND(OFFSET($P26,0,AC$13),15-13*ORÇAMENTO!$AF$7)/$H26*OFFSET(ORÇAMENTO!$X$15,ROW(AC26)-ROW(AC$15),0),0)","v":0},{"$f":"IF(AND($D26=\"Serviço\",AD$12<>0,$H26>0,OR(AUTOEVENTO<>\"manual\",$M26<>1)),ROUND(OFFSET($P26,0,AD$13),15-13*ORÇAMENTO!$AF$7)/$H26*OFFSET(ORÇAMENTO!$X$15,ROW(AD26)-ROW(AD$15),0),0)","v":0},{"$f":"IF(AND($D26=\"Serviço\",AE$12<>0,$H26>0,OR(AUTOEVENTO<>\"manual\",$M26<>1)),ROUND(OFFSET($P26,0,AE$13),15-13*ORÇAMENTO!$AF$7)/$H26*OFFSET(ORÇAMENTO!$X$15,ROW(AE26)-ROW(AE$15),0),0)","v":0},{"$f":"IF(AND($D26=\"Serviço\",AF$12<>0,$H26>0,OR(AUTOEVENTO<>\"manual\",$M26<>1)),ROUND(OFFSET($P26,0,AF$13),15-13*ORÇAMENTO!$AF$7)/$H26*OFFSET(ORÇAMENTO!$X$15,ROW(AF26)-ROW(AF$15),0),0)","v":0},{"$f":"IF(AND($D26=\"Serviço\",AG$12<>0,$H26>0,OR(AUTOEVENTO<>\"manual\",$M26<>1)),ROUND(OFFSET($P26,0,AG$13),15-13*ORÇAMENTO!$AF$7)/$H26*OFFSET(ORÇAMENTO!$X$15,ROW(AG26)-ROW(AG$15),0),0)","v":0},{"$f":"IF(AND($D26=\"Serviço\",AH$12<>0,$H26>0,OR(AUTOEVENTO<>\"manual\",$M26<>1)),ROUND(OFFSET($P26,0,AH$13),15-13*ORÇAMENTO!$AF$7)/$H26*OFFSET(ORÇAMENTO!$X$15,ROW(AH26)-ROW(AH$15),0),0)","v":0},{"$f":"IF(AND($D26=\"Serviço\",AI$12<>0,$H26>0,OR(AUTOEVENTO<>\"manual\",$M26<>1)),ROUND(OFFSET($P26,0,AI$13),15-13*ORÇAMENTO!$AF$7)/$H26*OFFSET(ORÇAMENTO!$X$15,ROW(AI26)-ROW(AI$15),0),0)","v":0},{"$f":"IF(AND($D26=\"Serviço\",AJ$12<>0,$H26>0,OR(AUTOEVENTO<>\"manual\",$M26<>1)),ROUND(OFFSET($P26,0,AJ$13),15-13*ORÇAMENTO!$AF$7)/$H26*OFFSET(ORÇAMENTO!$X$15,ROW(AJ26)-ROW(AJ$15),0),0)","v":0},{"$f":"IF(AND($D26=\"Serviço\",AK$12<>0,$H26>0,OR(AUTOEVENTO<>\"manual\",$M26<>1)),ROUND(OFFSET($P26,0,AK$13),15-13*ORÇAMENTO!$AF$7)/$H26*OFFSET(ORÇAMENTO!$X$15,ROW(AK26)-ROW(AK$15),0),0)","v":0},null,{"$f":"IF($D26<>\"Serviço\",0,IF(AND(AUTOEVENTO=\"Manual\",$M26=1),0,IF(OFFSET(CRONOPLE!$F$14,$M26,AM$13)=\"\",10^12,OFFSET(CRONOPLE!$F$14,$M26,AM$13))))","v":1000000000000},{"$f":"IF($D26<>\"Serviço\",0,IF(AND(AUTOEVENTO=\"Manual\",$M26=1),0,IF(OFFSET(CRONOPLE!$F$14,$M26,AN$13)=\"\",10^12,OFFSET(CRONOPLE!$F$14,$M26,AN$13))))","v":1000000000000},{"$f":"IF($D26<>\"Serviço\",0,IF(AND(AUTOEVENTO=\"Manual\",$M26=1),0,IF(OFFSET(CRONOPLE!$F$14,$M26,AO$13)=\"\",10^12,OFFSET(CRONOPLE!$F$14,$M26,AO$13))))","v":1000000000000},{"$f":"IF($D26<>\"Serviço\",0,IF(AND(AUTOEVENTO=\"Manual\",$M26=1),0,IF(OFFSET(CRONOPLE!$F$14,$M26,AP$13)=\"\",10^12,OFFSET(CRONOPLE!$F$14,$M26,AP$13))))","v":1000000000000},{"$f":"IF($D26<>\"Serviço\",0,IF(AND(AUTOEVENTO=\"Manual\",$M26=1),0,IF(OFFSET(CRONOPLE!$F$14,$M26,AQ$13)=\"\",10^12,OFFSET(CRONOPLE!$F$14,$M26,AQ$13))))","v":1000000000000},{"$f":"IF($D26<>\"Serviço\",0,IF(AND(AUTOEVENTO=\"Manual\",$M26=1),0,IF(OFFSET(CRONOPLE!$F$14,$M26,AR$13)=\"\",10^12,OFFSET(CRONOPLE!$F$14,$M26,AR$13))))","v":1000000000000},{"$f":"IF($D26<>\"Serviço\",0,IF(AND(AUTOEVENTO=\"Manual\",$M26=1),0,IF(OFFSET(CRONOPLE!$F$14,$M26,AS$13)=\"\",10^12,OFFSET(CRONOPLE!$F$14,$M26,AS$13))))","v":1000000000000},{"$f":"IF($D26<>\"Serviço\",0,IF(AND(AUTOEVENTO=\"Manual\",$M26=1),0,IF(OFFSET(CRONOPLE!$F$14,$M26,AT$13)=\"\",10^12,OFFSET(CRONOPLE!$F$14,$M26,AT$13))))","v":1000000000000},{"$f":"IF($D26<>\"Serviço\",0,IF(AND(AUTOEVENTO=\"Manual\",$M26=1),0,IF(OFFSET(CRONOPLE!$F$14,$M26,AU$13)=\"\",10^12,OFFSET(CRONOPLE!$F$14,$M26,AU$13))))","v":1000000000000},{"$f":"IF($D26<>\"Serviço\",0,IF(AND(AUTOEVENTO=\"Manual\",$M26=1),0,IF(OFFSET(CRONOPLE!$F$14,$M26,AV$13)=\"\",10^12,OFFSET(CRONOPLE!$F$14,$M26,AV$13))))","v":1000000000000},null,{"$f":"IF($D26<>\"Serviço\",0,IF(OR(AND(AUTOEVENTO=\"Manual\",$M26=1),$M26>(ROW(PLE.lastrow)-ROW(PLE.firstrow))),0,IF(OFFSET(PLE!$G$14,$M26,AX$13)=\"\",10^12,OFFSET(PLE!$G$14,$M26,AX$13))))","v":1000000000000},{"$f":"IF($D26<>\"Serviço\",0,IF(OR(AND(AUTOEVENTO=\"Manual\",$M26=1),$M26>(ROW(PLE.lastrow)-ROW(PLE.firstrow))),0,IF(OFFSET(PLE!$G$14,$M26,AY$13)=\"\",10^12,OFFSET(PLE!$G$14,$M26,AY$13))))","v":1000000000000},{"$f":"IF($D26<>\"Serviço\",0,IF(OR(AND(AUTOEVENTO=\"Manual\",$M26=1),$M26>(ROW(PLE.lastrow)-ROW(PLE.firstrow))),0,IF(OFFSET(PLE!$G$14,$M26,AZ$13)=\"\",10^12,OFFSET(PLE!$G$14,$M26,AZ$13))))","v":1000000000000},{"$f":"IF($D26<>\"Serviço\",0,IF(OR(AND(AUTOEVENTO=\"Manual\",$M26=1),$M26>(ROW(PLE.lastrow)-ROW(PLE.firstrow))),0,IF(OFFSET(PLE!$G$14,$M26,BA$13)=\"\",10^12,OFFSET(PLE!$G$14,$M26,BA$13))))","v":1000000000000},{"$f":"IF($D26<>\"Serviço\",0,IF(OR(AND(AUTOEVENTO=\"Manual\",$M26=1),$M26>(ROW(PLE.lastrow)-ROW(PLE.firstrow))),0,IF(OFFSET(PLE!$G$14,$M26,BB$13)=\"\",10^12,OFFSET(PLE!$G$14,$M26,BB$13))))","v":1000000000000},{"$f":"IF($D26<>\"Serviço\",0,IF(OR(AND(AUTOEVENTO=\"Manual\",$M26=1),$M26>(ROW(PLE.lastrow)-ROW(PLE.firstrow))),0,IF(OFFSET(PLE!$G$14,$M26,BC$13)=\"\",10^12,OFFSET(PLE!$G$14,$M26,BC$13))))","v":1000000000000},{"$f":"IF($D26<>\"Serviço\",0,IF(OR(AND(AUTOEVENTO=\"Manual\",$M26=1),$M26>(ROW(PLE.lastrow)-ROW(PLE.firstrow))),0,IF(OFFSET(PLE!$G$14,$M26,BD$13)=\"\",10^12,OFFSET(PLE!$G$14,$M26,BD$13))))","v":1000000000000},{"$f":"IF($D26<>\"Serviço\",0,IF(OR(AND(AUTOEVENTO=\"Manual\",$M26=1),$M26>(ROW(PLE.lastrow)-ROW(PLE.firstrow))),0,IF(OFFSET(PLE!$G$14,$M26,BE$13)=\"\",10^12,OFFSET(PLE!$G$14,$M26,BE$13))))","v":1000000000000},{"$f":"IF($D26<>\"Serviço\",0,IF(OR(AND(AUTOEVENTO=\"Manual\",$M26=1),$M26>(ROW(PLE.lastrow)-ROW(PLE.firstrow))),0,IF(OFFSET(PLE!$G$14,$M26,BF$13)=\"\",10^12,OFFSET(PLE!$G$14,$M26,BF$13))))","v":1000000000000},{"$f":"IF($D26<>\"Serviço\",0,IF(OR(AND(AUTOEVENTO=\"Manual\",$M26=1),$M26>(ROW(PLE.lastrow)-ROW(PLE.firstrow))),0,IF(OFFSET(PLE!$G$14,$M26,BG$13)=\"\",10^12,OFFSET(PLE!$G$14,$M26,BG$13))))","v":1000000000000}]
["12.",{"$f":"OFFSET(ORÇAMENTO!C$15,ROW(B27)-ROW(B$15),0)","v":2},{"$f":"OFFSET(ORÇAMENTO!L$15,ROW(C27)-ROW(C$15),0)","v":"F"},{"$f":"OFFSET(ORÇAMENTO!N$15,ROW(D27)-ROW(D$15),0)","v":"Nível 2"},{"$f":"OFFSET(ORÇAMENTO!O$15,ROW(E27)-ROW(E$15),0)","v":"1.4."},{"$f":"OFFSET(ORÇAMENTO!R$15,ROW(F27)-ROW(F$15),0)","v":"ESCAVAÇÕES E MOVIMENTAÇÕES DE TERRA"},{"$f":"IF($D27<>\"Serviço\",\"\",OFFSET(ORÇAMENTO!S$15,ROW(G27)-ROW(G$15),0))","v":""},{"$f":"IF($D27<>\"Serviço\",0,IF(ACOMPANHAMENTO=\"BM\",ROUND(OFFSET(ORÇAMENTO!AJ$15,ROW(H27)-ROW(H$15),0),15-13*ORÇAMENTO!$AF$7),SUMPRODUCT(($Q$12:$AA$12<>\"\")*ROUND($Q27:$AA27,15-13*ORÇAMENTO!$AF$7))))","v":0},null,null,null,".",{"$f":"IF($D27<>\"Serviço\",\"\",IF(AUTOEVENTO=\"manual\",$A27,IF(ISERROR(MATCH($A27,$A$15:OFFSET($A27,-1,0),0)),MAX($M$15:OFFSET(M27,-1,0))+1,INDEX($M$15:OFFSET(M27,-1,0),MATCH($A27,$A$15:OFFSET($A27,-1,0),0)))))","v":""},{"$f":"IF($D27<>\"Serviço\",\"\",IF(AUTOEVENTO=\"Manual\",IF($A27=0,\"<-- defina o número do agrupador\",OFFSET(EVENTOS!$D$14,$A27,0)),OFFSET($F$15,$A27,0)))","v":""},null,null,null,null,null,null,null,null,null,null,null,null,null,{"$f":"IF(AND($D27=\"Serviço\",AB$12<>0,$H27>0,OR(AUTOEVENTO<>\"manual\",$M27<>1)),ROUND(OFFSET($P27,0,AB$13),15-13*ORÇAMENTO!$AF$7)/$H27*OFFSET(ORÇAMENTO!$X$15,ROW(AB27)-ROW(AB$15),0),0)","v":0},{"$f":"IF(AND($D27=\"Serviço\",AC$12<>0,$H27>0,OR(AUTOEVENTO<>\"manual\",$M27<>1)),ROUND(OFFSET($P27,0,AC$13),15-13*ORÇAMENTO!$AF$7)/$H27*OFFSET(ORÇAMENTO!$X$15,ROW(AC27)-ROW(AC$15),0),0)","v":0},{"$f":"IF(AND($D27=\"Serviço\",AD$12<>0,$H27>0,OR(AUTOEVENTO<>\"manual\",$M27<>1)),ROUND(OFFSET($P27,0,AD$13),15-13*ORÇAMENTO!$AF$7)/$H27*OFFSET(ORÇAMENTO!$X$15,ROW(AD27)-ROW(AD$15),0),0)","v":0},{"$f":"IF(AND($D27=\"Serviço\",AE$12<>0,$H27>0,OR(AUTOEVENTO<>\"manual\",$M27<>1)),ROUND(OFFSET($P27,0,AE$13),15-13*ORÇAMENTO!$AF$7)/$H27*OFFSET(ORÇAMENTO!$X$15,ROW(AE27)-ROW(AE$15),0),0)","v":0},{"$f":"IF(AND($D27=\"Serviço\",AF$12<>0,$H27>0,OR(AUTOEVENTO<>\"manual\",$M27<>1)),ROUND(OFFSET($P27,0,AF$13),15-13*ORÇAMENTO!$AF$7)/$H27*OFFSET(ORÇAMENTO!$X$15,ROW(AF27)-ROW(AF$15),0),0)","v":0},{"$f":"IF(AND($D27=\"Serviço\",AG$12<>0,$H27>0,OR(AUTOEVENTO<>\"manual\",$M27<>1)),ROUND(OFFSET($P27,0,AG$13),15-13*ORÇAMENTO!$AF$7)/$H27*OFFSET(ORÇAMENTO!$X$15,ROW(AG27)-ROW(AG$15),0),0)","v":0},{"$f":"IF(AND($D27=\"Serviço\",AH$12<>0,$H27>0,OR(AUTOEVENTO<>\"manual\",$M27<>1)),ROUND(OFFSET($P27,0,AH$13),15-13*ORÇAMENTO!$AF$7)/$H27*OFFSET(ORÇAMENTO!$X$15,ROW(AH27)-ROW(AH$15),0),0)","v":0},{"$f":"IF(AND($D27=\"Serviço\",AI$12<>0,$H27>0,OR(AUTOEVENTO<>\"manual\",$M27<>1)),ROUND(OFFSET($P27,0,AI$13),15-13*ORÇAMENTO!$AF$7)/$H27*OFFSET(ORÇAMENTO!$X$15,ROW(AI27)-ROW(AI$15),0),0)","v":0},{"$f":"IF(AND($D27=\"Serviço\",AJ$12<>0,$H27>0,OR(AUTOEVENTO<>\"manual\",$M27<>1)),ROUND(OFFSET($P27,0,AJ$13),15-13*ORÇAMENTO!$AF$7)/$H27*OFFSET(ORÇAMENTO!$X$15,ROW(AJ27)-ROW(AJ$15),0),0)","v":0},{"$f":"IF(AND($D27=\"Serviço\",AK$12<>0,$H27>0,OR(AUTOEVENTO<>\"manual\",$M27<>1)),ROUND(OFFSET($P27,0,AK$13),15-13*ORÇAMENTO!$AF$7)/$H27*OFFSET(ORÇAMENTO!$X$15,ROW(AK27)-ROW(AK$15),0),0)","v":0},null,{"$f":"IF($D27<>\"Serviço\",0,IF(AND(AUTOEVENTO=\"Manual\",$M27=1),0,IF(OFFSET(CRONOPLE!$F$14,$M27,AM$13)=\"\",10^12,OFFSET(CRONOPLE!$F$14,$M27,AM$13))))","v":0},{"$f":"IF($D27<>\"Serviço\",0,IF(AND(AUTOEVENTO=\"Manual\",$M27=1),0,IF(OFFSET(CRONOPLE!$F$14,$M27,AN$13)=\"\",10^12,OFFSET(CRONOPLE!$F$14,$M27,AN$13))))","v":0},{"$f":"IF($D27<>\"Serviço\",0,IF(AND(AUTOEVENTO=\"Manual\",$M27=1),0,IF(OFFSET(CRONOPLE!$F$14,$M27,AO$13)=\"\",10^12,OFFSET(CRONOPLE!$F$14,$M27,AO$13))))","v":0},{"$f":"IF($D27<>\"Serviço\",0,IF(AND(AUTOEVENTO=\"Manual\",$M27=1),0,IF(OFFSET(CRONOPLE!$F$14,$M27,AP$13)=\"\",10^12,OFFSET(CRONOPLE!$F$14,$M27,AP$13))))","v":0},{"$f":"IF($D27<>\"Serviço\",0,IF(AND(AUTOEVENTO=\"Manual\",$M27=1),0,IF(OFFSET(CRONOPLE!$F$14,$M27,AQ$13)=\"\",10^12,OFFSET(CRONOPLE!$F$14,$M27,AQ$13))))","v":0},{"$f":"IF($D27<>\"Serviço\",0,IF(AND(AUTOEVENTO=\"Manual\",$M27=1),0,IF(OFFSET(CRONOPLE!$F$14,$M27,AR$13)=\"\",10^12,OFFSET(CRONOPLE!$F$14,$M27,AR$13))))","v":0},{"$f":"IF($D27<>\"Serviço\",0,IF(AND(AUTOEVENTO=\"Manual\",$M27=1),0,IF(OFFSET(CRONOPLE!$F$14,$M27,AS$13)=\"\",10^12,OFFSET(CRONOPLE!$F$14,$M27,AS$13))))","v":0},{"$f":"IF($D27<>\"Serviço\",0,IF(AND(AUTOEVENTO=\"Manual\",$M27=1),0,IF(OFFSET(CRONOPLE!$F$14,$M27,AT$13)=\"\",10^12,OFFSET(CRONOPLE!$F$14,$M27,AT$13))))","v":0},{"$f":"IF($D27<>\"Serviço\",0,IF(AND(AUTOEVENTO=\"Manual\",$M27=1),0,IF(OFFSET(CRONOPLE!$F$14,$M27,AU$13)=\"\",10^12,OFFSET(CRONOPLE!$F$14,$M27,AU$13))))","v":0},{"$f":"IF($D27<>\"Serviço\",0,IF(AND(AUTOEVENTO=\"Manual\",$M27=1),0,IF(OFFSET(CRONOPLE!$F$14,$M27,AV$13)=\"\",10^12,OFFSET(CRONOPLE!$F$14,$M27,AV$13))))","v":0},null,{"$f":"IF($D27<>\"Serviço\",0,IF(OR(AND(AUTOEVENTO=\"Manual\",$M27=1),$M27>(ROW(PLE.lastrow)-ROW(PLE.firstrow))),0,IF(OFFSET(PLE!$G$14,$M27,AX$13)=\"\",10^12,OFFSET(PLE!$G$14,$M27,AX$13))))","v":0},{"$f":"IF($D27<>\"Serviço\",0,IF(OR(AND(AUTOEVENTO=\"Manual\",$M27=1),$M27>(ROW(PLE.lastrow)-ROW(PLE.firstrow))),0,IF(OFFSET(PLE!$G$14,$M27,AY$13)=\"\",10^12,OFFSET(PLE!$G$14,$M27,AY$13))))","v":0},{"$f":"IF($D27<>\"Serviço\",0,IF(OR(AND(AUTOEVENTO=\"Manual\",$M27=1),$M27>(ROW(PLE.lastrow)-ROW(PLE.firstrow))),0,IF(OFFSET(PLE!$G$14,$M27,AZ$13)=\"\",10^12,OFFSET(PLE!$G$14,$M27,AZ$13))))","v":0},{"$f":"IF($D27<>\"Serviço\",0,IF(OR(AND(AUTOEVENTO=\"Manual\",$M27=1),$M27>(ROW(PLE.lastrow)-ROW(PLE.firstrow))),0,IF(OFFSET(PLE!$G$14,$M27,BA$13)=\"\",10^12,OFFSET(PLE!$G$14,$M27,BA$13))))","v":0},{"$f":"IF($D27<>\"Serviço\",0,IF(OR(AND(AUTOEVENTO=\"Manual\",$M27=1),$M27>(ROW(PLE.lastrow)-ROW(PLE.firstrow))),0,IF(OFFSET(PLE!$G$14,$M27,BB$13)=\"\",10^12,OFFSET(PLE!$G$14,$M27,BB$13))))","v":0},{"$f":"IF($D27<>\"Serviço\",0,IF(OR(AND(AUTOEVENTO=\"Manual\",$M27=1),$M27>(ROW(PLE.lastrow)-ROW(PLE.firstrow))),0,IF(OFFSET(PLE!$G$14,$M27,BC$13)=\"\",10^12,OFFSET(PLE!$G$14,$M27,BC$13))))","v":0},{"$f":"IF($D27<>\"Serviço\",0,IF(OR(AND(AUTOEVENTO=\"Manual\",$M27=1),$M27>(ROW(PLE.lastrow)-ROW(PLE.firstrow))),0,IF(OFFSET(PLE!$G$14,$M27,BD$13)=\"\",10^12,OFFSET(PLE!$G$14,$M27,BD$13))))","v":0},{"$f":"IF($D27<>\"Serviço\",0,IF(OR(AND(AUTOEVENTO=\"Manual\",$M27=1),$M27>(ROW(PLE.lastrow)-ROW(PLE.firstrow))),0,IF(OFFSET(PLE!$G$14,$M27,BE$13)=\"\",10^12,OFFSET(PLE!$G$14,$M27,BE$13))))","v":0},{"$f":"IF($D27<>\"Serviço\",0,IF(OR(AND(AUTOEVENTO=\"Manual\",$M27=1),$M27>(ROW(PLE.lastrow)-ROW(PLE.firstrow))),0,IF(OFFSET(PLE!$G$14,$M27,BF$13)=\"\",10^12,OFFSET(PLE!$G$14,$M27,BF$13))))","v":0},{"$f":"IF($D27<>\"Serviço\",0,IF(OR(AND(AUTOEVENTO=\"Manual\",$M27=1),$M27>(ROW(PLE.lastrow)-ROW(PLE.firstrow))),0,IF(OFFSET(PLE!$G$14,$M27,BG$13)=\"\",10^12,OFFSET(PLE!$G$14,$M27,BG$13))))","v":0}]
["12",{"$f":"OFFSET(ORÇAMENTO!C$15,ROW(B28)-ROW(B$15),0)","v":"S"},{"$f":"OFFSET(ORÇAMENTO!L$15,ROW(C28)-ROW(C$15),0)","v":"F"},{"$f":"OFFSET(ORÇAMENTO!N$15,ROW(D28)-ROW(D$15),0)","v":"Serviço"},{"$f":"OFFSET(ORÇAMENTO!O$15,ROW(E28)-ROW(E$15),0)","v":"1.4.1."},{"$f":"OFFSET(ORÇAMENTO!R$15,ROW(F28)-ROW(F$15),0)","v":"ESCAVAÇÃO MECANIZADA DE VALA COM PROF. ATÉ 2 M, COM ESCAVADEIRA HIDRÁULICA, LARG. MENOR QUE  1,5 M, EM SOLO DE 2A CATEGORIA, EM LOCAIS COM ALTO NÍVEL DE INTERFERÊNCIA"},{"$f":"IF($D28<>\"Serviço\",\"\",OFFSET(ORÇAMENTO!S$15,ROW(G28)-ROW(G$15),0))","v":"M3"},{"$f":"IF($D28<>\"Serviço\",0,IF(ACOMPANHAMENTO=\"BM\",ROUND(OFFSET(ORÇAMENTO!AJ$15,ROW(H28)-ROW(H$15),0),15-13*ORÇAMENTO!$AF$7),SUMPRODUCT(($Q$12:$AA$12<>\"\")*ROUND($Q28:$AA28,15-13*ORÇAMENTO!$AF$7))))","v":42.95},null,null,null,".",{"$f":"IF($D28<>\"Serviço\",\"\",IF(AUTOEVENTO=\"manual\",$A28,IF(ISERROR(MATCH($A28,$A$15:OFFSET($A28,-1,0),0)),MAX($M$15:OFFSET(M28,-1,0))+1,INDEX($M$15:OFFSET(M28,-1,0),MATCH($A28,$A$15:OFFSET($A28,-1,0),0)))))","v":5},{"$f":"IF($D28<>\"Serviço\",\"\",IF(AUTOEVENTO=\"Manual\",IF($A28=0,\"<-- defina o número do agrupador\",OFFSET(EVENTOS!$D$14,$A28,0)),OFFSET($F$15,$A28,0)))","v":"ESCAVAÇÕES E MOVIMENTAÇÕES DE TERRA"},null,null,null,null,null,null,null,null,null,null,null,null,null,{"$f":"IF(AND($D28=\"Serviço\",AB$12<>0,$H28>0,OR(AUTOEVENTO<>\"manual\",$M28<>1)),ROUND(OFFSET($P28,0,AB$13),15-13*ORÇAMENTO!$AF$7)/$H28*OFFSET(ORÇAMENTO!$X$15,ROW(AB28)-ROW(AB$15),0),0)","v":0},{"$f":"IF(AND($D28=\"Serviço\",AC$12<>0,$H28>0,OR(AUTOEVENTO<>\"manual\",$M28<>1)),ROUND(OFFSET($P28,0,AC$13),15-13*ORÇAMENTO!$AF$7)/$H28*OFFSET(ORÇAMENTO!$X$15,ROW(AC28)-ROW(AC$15),0),0)","v":0},{"$f":"IF(AND($D28=\"Serviço\",AD$12<>0,$H28>0,OR(AUTOEVENTO<>\"manual\",$M28<>1)),ROUND(OFFSET($P28,0,AD$13),15-13*ORÇAMENTO!$AF$7)/$H28*OFFSET(ORÇAMENTO!$X$15,ROW(AD28)-ROW(AD$15),0),0)","v":0},{"$f":"IF(AND($D28=\"Serviço\",AE$12<>0,$H28>0,OR(AUTOEVENTO<>\"manual\",$M28<>1)),ROUND(OFFSET($P28,0,AE$13),15-13*ORÇAMENTO!$AF$7)/$H28*OFFSET(ORÇAMENTO!$X$15,ROW(AE28)-ROW(AE$15),0),0)","v":0},{"$f":"IF(AND($D28=\"Serviço\",AF$12<>0,$H28>0,OR(AUTOEVENTO<>\"manual\",$M28<>1)),ROUND(OFFSET($P28,0,AF$13),15-13*ORÇAMENTO!$AF$7)/$H28*OFFSET(ORÇAMENTO!$X$15,ROW(AF28)-ROW(AF$15),0),0)","v":0},{"$f":"IF(AND($D28=\"Serviço\",AG$12<>0,$H28>0,OR(AUTOEVENTO<>\"manual\",$M28<>1)),ROUND(OFFSET($P28,0,AG$13),15-13*ORÇAMENTO!$AF$7)/$H28*OFFSET(ORÇAMENTO!$X$15,ROW(AG28)-ROW(AG$15),0),0)","v":0},{"$f":"IF(AND($D28=\"Serviço\",AH$12<>0,$H28>0,OR(AUTOEVENTO<>\"manual\",$M28<>1)),ROUND(OFFSET($P28,0,AH$13),15-13*ORÇAMENTO!$AF$7)/$H28*OFFSET(ORÇAMENTO!$X$15,ROW(AH28)-ROW(AH$15),0),0)","v":0},{"$f":"IF(AND($D28=\"Serviço\",AI$12<>0,$H28>0,OR(AUTOEVENTO<>\"manual\",$M28<>1)),ROUND(OFFSET($P28,0,AI$13),15-13*ORÇAMENTO!$AF$7)/$H28*OFFSET(ORÇAMENTO!$X$15,ROW(AI28)-ROW(AI$15),0),0)","v":0},{"$f":"IF(AND($D28=\"Serviço\",AJ$12<>0,$H28>0,OR(AUTOEVENTO<>\"manual\",$M28<>1)),ROUND(OFFSET($P28,0,AJ$13),15-13*ORÇAMENTO!$AF$7)/$H28*OFFSET(ORÇAMENTO!$X$15,ROW(AJ28)-ROW(AJ$15),0),0)","v":0},{"$f":"IF(AND($D28=\"Serviço\",AK$12<>0,$H28>0,OR(AUTOEVENTO<>\"manual\",$M28<>1)),ROUND(OFFSET($P28,0,AK$13),15-13*ORÇAMENTO!$AF$7)/$H28*OFFSET(ORÇAMENTO!$X$15,ROW(AK28)-ROW(AK$15),0),0)","v":0},null,{"$f":"IF($D28<>\"Serviço\",0,IF(AND(AUTOEVENTO=\"Manual\",$M28=1),0,IF(OFFSET(CRONOPLE!$F$14,$M28,AM$13)=\"\",10^12,OFFSET(CRONOPLE!$F$14,$M28,AM$13))))","v":1000000000000},{"$f":"IF($D28<>\"Serviço\",0,IF(AND(AUTOEVENTO=\"Manual\",$M28=1),0,IF(OFFSET(CRONOPLE!$F$14,$M28,AN$13)=\"\",10^12,OFFSET(CRONOPLE!$F$14,$M28,AN$13))))","v":1000000000000},{"$f":"IF($D28<>\"Serviço\",0,IF(AND(AUTOEVENTO=\"Manual\",$M28=1),0,IF(OFFSET(CRONOPLE!$F$14,$M28,AO$13)=\"\",10^12,OFFSET(CRONOPLE!$F$14,$M28,AO$13))))","v":1000000000000},{"$f":"IF($D28<>\"Serviço\",0,IF(AND(AUTOEVENTO=\"Manual\",$M28=1),0,IF(OFFSET(CRONOPLE!$F$14,$M28,AP$13)=\"\",10^12,OFFSET(CRONOPLE!$F$14,$M28,AP$13))))","v":1000000000000},{"$f":"IF($D28<>\"Serviço\",0,IF(AND(AUTOEVENTO=\"Manual\",$M28=1),0,IF(OFFSET(CRONOPLE!$F$14,$M28,AQ$13)=\"\",10^12,OFFSET(CRONOPLE!$F$14,$M28,AQ$13))))","v":1000000000000},{"$f":"IF($D28<>\"Serviço\",0,IF(AND(AUTOEVENTO=\"Manual\",$M28=1),0,IF(OFFSET(CRONOPLE!$F$14,$M28,AR$13)=\"\",10^12,OFFSET(CRONOPLE!$F$14,$M28,AR$13))))","v":1000000000000},{"$f":"IF($D28<>\"Serviço\",0,IF(AND(AUTOEVENTO=\"Manual\",$M28=1),0,IF(OFFSET(CRONOPLE!$F$14,$M28,AS$13)=\"\",10^12,OFFSET(CRONOPLE!$F$14,$M28,AS$13))))","v":1000000000000},{"$f":"IF($D28<>\"Serviço\",0,IF(AND(AUTOEVENTO=\"Manual\",$M28=1),0,IF(OFFSET(CRONOPLE!$F$14,$M28,AT$13)=\"\",10^12,OFFSET(CRONOPLE!$F$14,$M28,AT$13))))","v":1000000000000},{"$f":"IF($D28<>\"Serviço\",0,IF(AND(AUTOEVENTO=\"Manual\",$M28=1),0,IF(OFFSET(CRONOPLE!$F$14,$M28,AU$13)=\"\",10^12,OFFSET(CRONOPLE!$F$14,$M28,AU$13))))","v":1000000000000},{"$f":"IF($D28<>\"Serviço\",0,IF(AND(AUTOEVENTO=\"Manual\",$M28=1),0,IF(OFFSET(CRONOPLE!$F$14,$M28,AV$13)=\"\",10^12,OFFSET(CRONOPLE!$F$14,$M28,AV$13))))","v":1000000000000},null,{"$f":"IF($D28<>\"Serviço\",0,IF(OR(AND(AUTOEVENTO=\"Manual\",$M28=1),$M28>(ROW(PLE.lastrow)-ROW(PLE.firstrow))),0,IF(OFFSET(PLE!$G$14,$M28,AX$13)=\"\",10^12,OFFSET(PLE!$G$14,$M28,AX$13))))","v":1000000000000},{"$f":"IF($D28<>\"Serviço\",0,IF(OR(AND(AUTOEVENTO=\"Manual\",$M28=1),$M28>(ROW(PLE.lastrow)-ROW(PLE.firstrow))),0,IF(OFFSET(PLE!$G$14,$M28,AY$13)=\"\",10^12,OFFSET(PLE!$G$14,$M28,AY$13))))","v":1000000000000},{"$f":"IF($D28<>\"Serviço\",0,IF(OR(AND(AUTOEVENTO=\"Manual\",$M28=1),$M28>(ROW(PLE.lastrow)-ROW(PLE.firstrow))),0,IF(OFFSET(PLE!$G$14,$M28,AZ$13)=\"\",10^12,OFFSET(PLE!$G$14,$M28,AZ$13))))","v":1000000000000},{"$f":"IF($D28<>\"Serviço\",0,IF(OR(AND(AUTOEVENTO=\"Manual\",$M28=1),$M28>(ROW(PLE.lastrow)-ROW(PLE.firstrow))),0,IF(OFFSET(PLE!$G$14,$M28,BA$13)=\"\",10^12,OFFSET(PLE!$G$14,$M28,BA$13))))","v":1000000000000},{"$f":"IF($D28<>\"Serviço\",0,IF(OR(AND(AUTOEVENTO=\"Manual\",$M28=1),$M28>(ROW(PLE.lastrow)-ROW(PLE.firstrow))),0,IF(OFFSET(PLE!$G$14,$M28,BB$13)=\"\",10^12,OFFSET(PLE!$G$14,$M28,BB$13))))","v":1000000000000},{"$f":"IF($D28<>\"Serviço\",0,IF(OR(AND(AUTOEVENTO=\"Manual\",$M28=1),$M28>(ROW(PLE.lastrow)-ROW(PLE.firstrow))),0,IF(OFFSET(PLE!$G$14,$M28,BC$13)=\"\",10^12,OFFSET(PLE!$G$14,$M28,BC$13))))","v":1000000000000},{"$f":"IF($D28<>\"Serviço\",0,IF(OR(AND(AUTOEVENTO=\"Manual\",$M28=1),$M28>(ROW(PLE.lastrow)-ROW(PLE.firstrow))),0,IF(OFFSET(PLE!$G$14,$M28,BD$13)=\"\",10^12,OFFSET(PLE!$G$14,$M28,BD$13))))","v":1000000000000},{"$f":"IF($D28<>\"Serviço\",0,IF(OR(AND(AUTOEVENTO=\"Manual\",$M28=1),$M28>(ROW(PLE.lastrow)-ROW(PLE.firstrow))),0,IF(OFFSET(PLE!$G$14,$M28,BE$13)=\"\",10^12,OFFSET(PLE!$G$14,$M28,BE$13))))","v":1000000000000},{"$f":"IF($D28<>\"Serviço\",0,IF(OR(AND(AUTOEVENTO=\"Manual\",$M28=1),$M28>(ROW(PLE.lastrow)-ROW(PLE.firstrow))),0,IF(OFFSET(PLE!$G$14,$M28,BF$13)=\"\",10^12,OFFSET(PLE!$G$14,$M28,BF$13))))","v":1000000000000},{"$f":"IF($D28<>\"Serviço\",0,IF(OR(AND(AUTOEVENTO=\"Manual\",$M28=1),$M28>(ROW(PLE.lastrow)-ROW(PLE.firstrow))),0,IF(OFFSET(PLE!$G$14,$M28,BG$13)=\"\",10^12,OFFSET(PLE!$G$14,$M28,BG$13))))","v":1000000000000}]
[{"$f":"IF(AUTOEVENTO=\"Manual\",IF(K29<>\"\",MIN(VALUE(LEFT(K29,FIND(\".\",K29)-1)),COUNTA(EVENTOS.Lista)),0),IF(OR($B29>AUTOEVENTO,$B29=\"S\",$B29=0),SUBSTITUTE(OFFSET($A29,-1,0),IF($D29=\"Serviço\",\".\",\"\"),\"\"),ROW(A29)-ROW($A$15)&\".\"))","v":"12"},{"$f":"OFFSET(ORÇAMENTO!C$15,ROW(B29)-ROW(B$15),0)","v":"S"},{"$f":"OFFSET(ORÇAMENTO!L$15,ROW(C29)-ROW(C$15),0)","v":"F"},{"$f":"OFFSET(ORÇAMENTO!N$15,ROW(D29)-ROW(D$15),0)","v":"Serviço"},{"$f":"OFFSET(ORÇAMENTO!O$15,ROW(E29)-ROW(E$15),0)","v":"1.4.2."},{"$f":"OFFSET(ORÇAMENTO!R$15,ROW(F29)-ROW(F$15),0)","v":"ESCAVAÇÃO HORIZONTAL EM SOLO DE 1A CATEGORIA COM TRATOR DE ESTEIRAS (170HP/LÂMINA: 5,20M3). AF_07/2020"},{"$f":"IF($D29<>\"Serviço\",\"\",OFFSET(ORÇAMENTO!S$15,ROW(G29)-ROW(G$15),0))","v":"M3"},{"$f":"IF($D29<>\"Serviço\",0,IF(ACOMPANHAMENTO=\"BM\",ROUND(OFFSET(ORÇAMENTO!AJ$15,ROW(H29)-ROW(H$15),0),15-13*ORÇAMENTO!$AF$7),SUMPRODUCT(($Q$12:$AA$12<>\"\")*ROUND($Q29:$AA29,15-13*ORÇAMENTO!$AF$7))))","v":70.62},null,null,null,".",{"$f":"IF($D29<>\"Serviço\",\"\",IF(AUTOEVENTO=\"manual\",$A29,IF(ISERROR(MATCH($A29,$A$15:OFFSET($A29,-1,0),0)),MAX($M$15:OFFSET(M29,-1,0))+1,INDEX($M$15:OFFSET(M29,-1,0),MATCH($A29,$A$15:OFFSET($A29,-1,0),0)))))","v":5},{"$f":"IF($D29<>\"Serviço\",\"\",IF(AUTOEVENTO=\"Manual\",IF($A29=0,\"<-- defina o número do agrupador\",OFFSET(EVENTOS!$D$14,$A29,0)),OFFSET($F$15,$A29,0)))","v":"ESCAVAÇÕES E MOVIMENTAÇÕES DE TERRA"},null,null,null,null,null,null,null,null,null,null,null,null,null,{"$f":"IF(AND($D29=\"Serviço\",AB$12<>0,$H29>0,OR(AUTOEVENTO<>\"manual\",$M29<>1)),ROUND(OFFSET($P29,0,AB$13),15-13*ORÇAMENTO!$AF$7)/$H29*OFFSET(ORÇAMENTO!$X$15,ROW(AB29)-ROW(AB$15),0),0)","v":0},{"$f":"IF(AND($D29=\"Serviço\",AC$12<>0,$H29>0,OR(AUTOEVENTO<>\"manual\",$M29<>1)),ROUND(OFFSET($P29,0,AC$13),15-13*ORÇAMENTO!$AF$7)/$H29*OFFSET(ORÇAMENTO!$X$15,ROW(AC29)-ROW(AC$15),0),0)","v":0},{"$f":"IF(AND($D29=\"Serviço\",AD$12<>0,$H29>0,OR(AUTOEVENTO<>\"manual\",$M29<>1)),ROUND(OFFSET($P29,0,AD$13),15-13*ORÇAMENTO!$AF$7)/$H29*OFFSET(ORÇAMENTO!$X$15,ROW(AD29)-ROW(AD$15),0),0)","v":0},{"$f":"IF(AND($D29=\"Serviço\",AE$12<>0,$H29>0,OR(AUTOEVENTO<>\"manual\",$M29<>1)),ROUND(OFFSET($P29,0,AE$13),15-13*ORÇAMENTO!$AF$7)/$H29*OFFSET(ORÇAMENTO!$X$15,ROW(AE29)-ROW(AE$15),0),0)","v":0},{"$f":"IF(AND($D29=\"Serviço\",AF$12<>0,$H29>0,OR(AUTOEVENTO<>\"manual\",$M29<>1)),ROUND(OFFSET($P29,0,AF$13),15-13*ORÇAMENTO!$AF$7)/$H29*OFFSET(ORÇAMENTO!$X$15,ROW(AF29)-ROW(AF$15),0),0)","v":0},{"$f":"IF(AND($D29=\"Serviço\",AG$12<>0,$H29>0,OR(AUTOEVENTO<>\"manual\",$M29<>1)),ROUND(OFFSET($P29,0,AG$13),15-13*ORÇAMENTO!$AF$7)/$H29*OFFSET(ORÇAMENTO!$X$15,ROW(AG29)-ROW(AG$15),0),0)","v":0},{"$f":"IF(AND($D29=\"Serviço\",AH$12<>0,$H29>0,OR(AUTOEVENTO<>\"manual\",$M29<>1)),ROUND(OFFSET($P29,0,AH$13),15-13*ORÇAMENTO!$AF$7)/$H29*OFFSET(ORÇAMENTO!$X$15,ROW(AH29)-ROW(AH$15),0),0)","v":0},{"$f":"IF(AND($D29=\"Serviço\",AI$12<>0,$H29>0,OR(AUTOEVENTO<>\"manual\",$M29<>1)),ROUND(OFFSET($P29,0,AI$13),15-13*ORÇAMENTO!$AF$7)/$H29*OFFSET(ORÇAMENTO!$X$15,ROW(AI29)-ROW(AI$15),0),0)","v":0},{"$f":"IF(AND($D29=\"Serviço\",AJ$12<>0,$H29>0,OR(AUTOEVENTO<>\"manual\",$M29<>1)),ROUND(OFFSET($P29,0,AJ$13),15-13*ORÇAMENTO!$AF$7)/$H29*OFFSET(ORÇAMENTO!$X$15,ROW(AJ29)-ROW(AJ$15),0),0)","v":0},{"$f":"IF(AND($D29=\"Serviço\",AK$12<>0,$H29>0,OR(AUTOEVENTO<>\"manual\",$M29<>1)),ROUND(OFFSET($P29,0,AK$13),15-13*ORÇAMENTO!$AF$7)/$H29*OFFSET(ORÇAMENTO!$X$15,ROW(AK29)-ROW(AK$15),0),0)","v":0},null,{"$f":"IF($D29<>\"Serviço\",0,IF(AND(AUTOEVENTO=\"Manual\",$M29=1),0,IF(OFFSET(CRONOPLE!$F$14,$M29,AM$13)=\"\",10^12,OFFSET(CRONOPLE!$F$14,$M29,AM$13))))","v":1000000000000},{"$f":"IF($D29<>\"Serviço\",0,IF(AND(AUTOEVENTO=\"Manual\",$M29=1),0,IF(OFFSET(CRONOPLE!$F$14,$M29,AN$13)=\"\",10^12,OFFSET(CRONOPLE!$F$14,$M29,AN$13))))","v":1000000000000},{"$f":"IF($D29<>\"Serviço\",0,IF(AND(AUTOEVENTO=\"Manual\",$M29=1),0,IF(OFFSET(CRONOPLE!$F$14,$M29,AO$13)=\"\",10^12,OFFSET(CRONOPLE!$F$14,$M29,AO$13))))","v":1000000000000},{"$f":"IF($D29<>\"Serviço\",0,IF(AND(AUTOEVENTO=\"Manual\",$M29=1),0,IF(OFFSET(CRONOPLE!$F$14,$M29,AP$13)=\"\",10^12,OFFSET(CRONOPLE!$F$14,$M29,AP$13))))","v":1000000000000},{"$f":"IF($D29<>\"Serviço\",0,IF(AND(AUTOEVENTO=\"Manual\",$M29=1),0,IF(OFFSET(CRONOPLE!$F$14,$M29,AQ$13)=\"\",10^12,OFFSET(CRONOPLE!$F$14,$M29,AQ$13))))","v":1000000000000},{"$f":"IF($D29<>\"Serviço\",0,IF(AND(AUTOEVENTO=\"Manual\",$M29=1),0,IF(OFFSET(CRONOPLE!$F$14,$M29,AR$13)=\"\",10^12,OFFSET(CRONOPLE!$F$14,$M29,AR$13))))","v":1000000000000},{"$f":"IF($D29<>\"Serviço\",0,IF(AND(AUTOEVENTO=\"Manual\",$M29=1),0,IF(OFFSET(CRONOPLE!$F$14,$M29,AS$13)=\"\",10^12,OFFSET(CRONOPLE!$F$14,$M29,AS$13))))","v":1000000000000},{"$f":"IF($D29<>\"Serviço\",0,IF(AND(AUTOEVENTO=\"Manual\",$M29=1),0,IF(OFFSET(CRONOPLE!$F$14,$M29,AT$13)=\"\",10^12,OFFSET(CRONOPLE!$F$14,$M29,AT$13))))","v":1000000000000},{"$f":"IF($D29<>\"Serviço\",0,IF(AND(AUTOEVENTO=\"Manual\",$M29=1),0,IF(OFFSET(CRONOPLE!$F$14,$M29,AU$13)=\"\",10^12,OFFSET(CRONOPLE!$F$14,$M29,AU$13))))","v":1000000000000},{"$f":"IF($D29<>\"Serviço\",0,IF(AND(AUTOEVENTO=\"Manual\",$M29=1),0,IF(OFFSET(CRONOPLE!$F$14,$M29,AV$13)=\"\",10^12,OFFSET(CRONOPLE!$F$14,$M29,AV$13))))","v":1000000000000},null,{"$f":"IF($D29<>\"Serviço\",0,IF(OR(AND(AUTOEVENTO=\"Manual\",$M29=1),$M29>(ROW(PLE.lastrow)-ROW(PLE.firstrow))),0,IF(OFFSET(PLE!$G$14,$M29,AX$13)=\"\",10^12,OFFSET(PLE!$G$14,$M29,AX$13))))","v":1000000000000},{"$f":"IF($D29<>\"Serviço\",0,IF(OR(AND(AUTOEVENTO=\"Manual\",$M29=1),$M29>(ROW(PLE.lastrow)-ROW(PLE.firstrow))),0,IF(OFFSET(PLE!$G$14,$M29,AY$13)=\"\",10^12,OFFSET(PLE!$G$14,$M29,AY$13))))","v":1000000000000},{"$f":"IF($D29<>\"Serviço\",0,IF(OR(AND(AUTOEVENTO=\"Manual\",$M29=1),$M29>(ROW(PLE.lastrow)-ROW(PLE.firstrow))),0,IF(OFFSET(PLE!$G$14,$M29,AZ$13)=\"\",10^12,OFFSET(PLE!$G$14,$M29,AZ$13))))","v":1000000000000},{"$f":"IF($D29<>\"Serviço\",0,IF(OR(AND(AUTOEVENTO=\"Manual\",$M29=1),$M29>(ROW(PLE.lastrow)-ROW(PLE.firstrow))),0,IF(OFFSET(PLE!$G$14,$M29,BA$13)=\"\",10^12,OFFSET(PLE!$G$14,$M29,BA$13))))","v":1000000000000},{"$f":"IF($D29<>\"Serviço\",0,IF(OR(AND(AUTOEVENTO=\"Manual\",$M29=1),$M29>(ROW(PLE.lastrow)-ROW(PLE.firstrow))),0,IF(OFFSET(PLE!$G$14,$M29,BB$13)=\"\",10^12,OFFSET(PLE!$G$14,$M29,BB$13))))","v":1000000000000},{"$f":"IF($D29<>\"Serviço\",0,IF(OR(AND(AUTOEVENTO=\"Manual\",$M29=1),$M29>(ROW(PLE.lastrow)-ROW(PLE.firstrow))),0,IF(OFFSET(PLE!$G$14,$M29,BC$13)=\"\",10^12,OFFSET(PLE!$G$14,$M29,BC$13))))","v":1000000000000},{"$f":"IF($D29<>\"Serviço\",0,IF(OR(AND(AUTOEVENTO=\"Manual\",$M29=1),$M29>(ROW(PLE.lastrow)-ROW(PLE.firstrow))),0,IF(OFFSET(PLE!$G$14,$M29,BD$13)=\"\",10^12,OFFSET(PLE!$G$14,$M29,BD$13))))","v":1000000000000},{"$f":"IF($D29<>\"Serviço\",0,IF(OR(AND(AUTOEVENTO=\"Manual\",$M29=1),$M29>(ROW(PLE.lastrow)-ROW(PLE.firstrow))),0,IF(OFFSET(PLE!$G$14,$M29,BE$13)=\"\",10^12,OFFSET(PLE!$G$14,$M29,BE$13))))","v":1000000000000},{"$f":"IF($D29<>\"Serviço\",0,IF(OR(AND(AUTOEVENTO=\"Manual\",$M29=1),$M29>(ROW(PLE.lastrow)-ROW(PLE.firstrow))),0,IF(OFFSET(PLE!$G$14,$M29,BF$13)=\"\",10^12,OFFSET(PLE!$G$14,$M29,BF$13))))","v":1000000000000},{"$f":"IF($D29<>\"Serviço\",0,IF(OR(AND(AUTOEVENTO=\"Manual\",$M29=1),$M29>(ROW(PLE.lastrow)-ROW(PLE.firstrow))),0,IF(OFFSET(PLE!$G$14,$M29,BG$13)=\"\",10^12,OFFSET(PLE!$G$14,$M29,BG$13))))","v":1000000000000}]
["12",{"$f":"OFFSET(ORÇAMENTO!C$15,ROW(B30)-ROW(B$15),0)","v":"S"},{"$f":"OFFSET(ORÇAMENTO!L$15,ROW(C30)-ROW(C$15),0)","v":"F"},{"$f":"OFFSET(ORÇAMENTO!N$15,ROW(D30)-ROW(D$15),0)","v":"Serviço"},{"$f":"OFFSET(ORÇAMENTO!O$15,ROW(E30)-ROW(E$15),0)","v":"1.4.3."},{"$f":"OFFSET(ORÇAMENTO!R$15,ROW(F30)-ROW(F$15),0)","v":"CARGA, MANOBRA E DESCARGA DE MATERIAL REMOVIDO EM CAMINHÃO BASCULANTE - CARGA COM ESCAVADEIRA HIDRÁULICA"},{"$f":"IF($D30<>\"Serviço\",\"\",OFFSET(ORÇAMENTO!S$15,ROW(G30)-ROW(G$15),0))","v":"M3"},{"$f":"IF($D30<>\"Serviço\",0,IF(ACOMPANHAMENTO=\"BM\",ROUND(OFFSET(ORÇAMENTO!AJ$15,ROW(H30)-ROW(H$15),0),15-13*ORÇAMENTO!$AF$7),SUMPRODUCT(($Q$12:$AA$12<>\"\")*ROUND($Q30:$AA30,15-13*ORÇAMENTO!$AF$7))))","v":113.57},null,null,null,".",{"$f":"IF($D30<>\"Serviço\",\"\",IF(AUTOEVENTO=\"manual\",$A30,IF(ISERROR(MATCH($A30,$A$15:OFFSET($A30,-1,0),0)),MAX($M$15:OFFSET(M30,-1,0))+1,INDEX($M$15:OFFSET(M30,-1,0),MATCH($A30,$A$15:OFFSET($A30,-1,0),0)))))","v":5},{"$f":"IF($D30<>\"Serviço\",\"\",IF(AUTOEVENTO=\"Manual\",IF($A30=0,\"<-- defina o número do agrupador\",OFFSET(EVENTOS!$D$14,$A30,0)),OFFSET($F$15,$A30,0)))","v":"ESCAVAÇÕES E MOVIMENTAÇÕES DE TERRA"},null,null,null,null,null,null,null,null,null,null,null,null,null,{"$f":"IF(AND($D30=\"Serviço\",AB$12<>0,$H30>0,OR(AUTOEVENTO<>\"manual\",$M30<>1)),ROUND(OFFSET($P30,0,AB$13),15-13*ORÇAMENTO!$AF$7)/$H30*OFFSET(ORÇAMENTO!$X$15,ROW(AB30)-ROW(AB$15),0),0)","v":0},{"$f":"IF(AND($D30=\"Serviço\",AC$12<>0,$H30>0,OR(AUTOEVENTO<>\"manual\",$M30<>1)),ROUND(OFFSET($P30,0,AC$13),15-13*ORÇAMENTO!$AF$7)/$H30*OFFSET(ORÇAMENTO!$X$15,ROW(AC30)-ROW(AC$15),0),0)","v":0},{"$f":"IF(AND($D30=\"Serviço\",AD$12<>0,$H30>0,OR(AUTOEVENTO<>\"manual\",$M30<>1)),ROUND(OFFSET($P30,0,AD$13),15-13*ORÇAMENTO!$AF$7)/$H30*OFFSET(ORÇAMENTO!$X$15,ROW(AD30)-ROW(AD$15),0),0)","v":0},{"$f":"IF(AND($D30=\"Serviço\",AE$12<>0,$H30>0,OR(AUTOEVENTO<>\"manual\",$M30<>1)),ROUND(OFFSET($P30,0,AE$13),15-13*ORÇAMENTO!$AF$7)/$H30*OFFSET(ORÇAMENTO!$X$15,ROW(AE30)-ROW(AE$15),0),0)","v":0},{"$f":"IF(AND($D30=\"Serviço\",AF$12<>0,$H30>0,OR(AUTOEVENTO<>\"manual\",$M30<>1)),ROUND(OFFSET($P30,0,AF$13),15-13*ORÇAMENTO!$AF$7)/$H30*OFFSET(ORÇAMENTO!$X$15,ROW(AF30)-ROW(AF$15),0),0)","v":0},{"$f":"IF(AND($D30=\"Serviço\",AG$12<>0,$H30>0,OR(AUTOEVENTO<>\"manual\",$M30<>1)),ROUND(OFFSET($P30,0,AG$13),15-13*ORÇAMENTO!$AF$7)/$H30*OFFSET(ORÇAMENTO!$X$15,ROW(AG30)-ROW(AG$15),0),0)","v":0},{"$f":"IF(AND($D30=\"Serviço\",AH$12<>0,$H30>0,OR(AUTOEVENTO<>\"manual\",$M30<>1)),ROUND(OFFSET($P30,0,AH$13),15-13*ORÇAMENTO!$AF$7)/$H30*OFFSET(ORÇAMENTO!$X$15,ROW(AH30)-ROW(AH$15),0),0)","v":0},{"$f":"IF(AND($D30=\"Serviço\",AI$12<>0,$H30>0,OR(AUTOEVENTO<>\"manual\",$M30<>1)),ROUND(OFFSET($P30,0,AI$13),15-13*ORÇAMENTO!$AF$7)/$H30*OFFSET(ORÇAMENTO!$X$15,ROW(AI30)-ROW(AI$15),0),0)","v":0},{"$f":"IF(AND($D30=\"Serviço\",AJ$12<>0,$H30>0,OR(AUTOEVENTO<>\"manual\",$M30<>1)),ROUND(OFFSET($P30,0,AJ$13),15-13*ORÇAMENTO!$AF$7)/$H30*OFFSET(ORÇAMENTO!$X$15,ROW(AJ30)-ROW(AJ$15),0),0)","v":0},{"$f":"IF(AND($D30=\"Serviço\",AK$12<>0,$H30>0,OR(AUTOEVENTO<>\"manual\",$M30<>1)),ROUND(OFFSET($P30,0,AK$13),15-13*ORÇAMENTO!$AF$7)/$H30*OFFSET(ORÇAMENTO!$X$15,ROW(AK30)-ROW(AK$15),0),0)","v":0},null,{"$f":"IF($D30<>\"Serviço\",0,IF(AND(AUTOEVENTO=\"Manual\",$M30=1),0,IF(OFFSET(CRONOPLE!$F$14,$M30,AM$13)=\"\",10^12,OFFSET(CRONOPLE!$F$14,$M30,AM$13))))","v":1000000000000},{"$f":"IF($D30<>\"Serviço\",0,IF(AND(AUTOEVENTO=\"Manual\",$M30=1),0,IF(OFFSET(CRONOPLE!$F$14,$M30,AN$13)=\"\",10^12,OFFSET(CRONOPLE!$F$14,$M30,AN$13))))","v":1000000000000},{"$f":"IF($D30<>\"Serviço\",0,IF(AND(AUTOEVENTO=\"Manual\",$M30=1),0,IF(OFFSET(CRONOPLE!$F$14,$M30,AO$13)=\"\",10^12,OFFSET(CRONOPLE!$F$14,$M30,AO$13))))","v":1000000000000},{"$f":"IF($D30<>\"Serviço\",0,IF(AND(AUTOEVENTO=\"Manual\",$M30=1),0,IF(OFFSET(CRONOPLE!$F$14,$M30,AP$13)=\"\",10^12,OFFSET(CRONOPLE!$F$14,$M30,AP$13))))","v":1000000000000},{"$f":"IF($D30<>\"Serviço\",0,IF(AND(AUTOEVENTO=\"Manual\",$M30=1),0,IF(OFFSET(CRONOPLE!$F$14,$M30,AQ$13)=\"\",10^12,OFFSET(CRONOPLE!$F$14,$M30,AQ$13))))","v":1000000000000},{"$f":"IF($D30<>\"Serviço\",0,IF(AND(AUTOEVENTO=\"Manual\",$M30=1),0,IF(OFFSET(CRONOPLE!$F$14,$M30,AR$13)=\"\",10^12,OFFSET(CRONOPLE!$F$14,$M30,AR$13))))","v":1000000000000},{"$f":"IF($D30<>\"Serviço\",0,IF(AND(AUTOEVENTO=\"Manual\",$M30=1),0,IF(OFFSET(CRONOPLE!$F$14,$M30,AS$13)=\"\",10^12,OFFSET(CRONOPLE!$F$14,$M30,AS$13))))","v":1000000000000},{"$f":"IF($D30<>\"Serviço\",0,IF(AND(AUTOEVENTO=\"Manual\",$M30=1),0,IF(OFFSET(CRONOPLE!$F$14,$M30,AT$13)=\"\",10^12,OFFSET(CRONOPLE!$F$14,$M30,AT$13))))","v":1000000000000},{"$f":"IF($D30<>\"Serviço\",0,IF(AND(AUTOEVENTO=\"Manual\",$M30=1),0,IF(OFFSET(CRONOPLE!$F$14,$M30,AU$13)=\"\",10^12,OFFSET(CRONOPLE!$F$14,$M30,AU$13))))","v":1000000000000},{"$f":"IF($D30<>\"Serviço\",0,IF(AND(AUTOEVENTO=\"Manual\",$M30=1),0,IF(OFFSET(CRONOPLE!$F$14,$M30,AV$13)=\"\",10^12,OFFSET(CRONOPLE!$F$14,$M30,AV$13))))","v":1000000000000},null,{"$f":"IF($D30<>\"Serviço\",0,IF(OR(AND(AUTOEVENTO=\"Manual\",$M30=1),$M30>(ROW(PLE.lastrow)-ROW(PLE.firstrow))),0,IF(OFFSET(PLE!$G$14,$M30,AX$13)=\"\",10^12,OFFSET(PLE!$G$14,$M30,AX$13))))","v":1000000000000},{"$f":"IF($D30<>\"Serviço\",0,IF(OR(AND(AUTOEVENTO=\"Manual\",$M30=1),$M30>(ROW(PLE.lastrow)-ROW(PLE.firstrow))),0,IF(OFFSET(PLE!$G$14,$M30,AY$13)=\"\",10^12,OFFSET(PLE!$G$14,$M30,AY$13))))","v":1000000000000},{"$f":"IF($D30<>\"Serviço\",0,IF(OR(AND(AUTOEVENTO=\"Manual\",$M30=1),$M30>(ROW(PLE.lastrow)-ROW(PLE.firstrow))),0,IF(OFFSET(PLE!$G$14,$M30,AZ$13)=\"\",10^12,OFFSET(PLE!$G$14,$M30,AZ$13))))","v":1000000000000},{"$f":"IF($D30<>\"Serviço\",0,IF(OR(AND(AUTOEVENTO=\"Manual\",$M30=1),$M30>(ROW(PLE.lastrow)-ROW(PLE.firstrow))),0,IF(OFFSET(PLE!$G$14,$M30,BA$13)=\"\",10^12,OFFSET(PLE!$G$14,$M30,BA$13))))","v":1000000000000},{"$f":"IF($D30<>\"Serviço\",0,IF(OR(AND(AUTOEVENTO=\"Manual\",$M30=1),$M30>(ROW(PLE.lastrow)-ROW(PLE.firstrow))),0,IF(OFFSET(PLE!$G$14,$M30,BB$13)=\"\",10^12,OFFSET(PLE!$G$14,$M30,BB$13))))","v":1000000000000},{"$f":"IF($D30<>\"Serviço\",0,IF(OR(AND(AUTOEVENTO=\"Manual\",$M30=1),$M30>(ROW(PLE.lastrow)-ROW(PLE.firstrow))),0,IF(OFFSET(PLE!$G$14,$M30,BC$13)=\"\",10^12,OFFSET(PLE!$G$14,$M30,BC$13))))","v":1000000000000},{"$f":"IF($D30<>\"Serviço\",0,IF(OR(AND(AUTOEVENTO=\"Manual\",$M30=1),$M30>(ROW(PLE.lastrow)-ROW(PLE.firstrow))),0,IF(OFFSET(PLE!$G$14,$M30,BD$13)=\"\",10^12,OFFSET(PLE!$G$14,$M30,BD$13))))","v":1000000000000},{"$f":"IF($D30<>\"Serviço\",0,IF(OR(AND(AUTOEVENTO=\"Manual\",$M30=1),$M30>(ROW(PLE.lastrow)-ROW(PLE.firstrow))),0,IF(OFFSET(PLE!$G$14,$M30,BE$13)=\"\",10^12,OFFSET(PLE!$G$14,$M30,BE$13))))","v":1000000000000},{"$f":"IF($D30<>\"Serviço\",0,IF(OR(AND(AUTOEVENTO=\"Manual\",$M30=1),$M30>(ROW(PLE.lastrow)-ROW(PLE.firstrow))),0,IF(OFFSET(PLE!$G$14,$M30,BF$13)=\"\",10^12,OFFSET(PLE!$G$14,$M30,BF$13))))","v":1000000000000},{"$f":"IF($D30<>\"Serviço\",0,IF(OR(AND(AUTOEVENTO=\"Manual\",$M30=1),$M30>(ROW(PLE.lastrow)-ROW(PLE.firstrow))),0,IF(OFFSET(PLE!$G$14,$M30,BG$13)=\"\",10^12,OFFSET(PLE!$G$14,$M30,BG$13))))","v":1000000000000}]
["12",{"$f":"OFFSET(ORÇAMENTO!C$15,ROW(B31)-ROW(B$15),0)","v":"S"},{"$f":"OFFSET(ORÇAMENTO!L$15,ROW(C31)-ROW(C$15),0)","v":"F"},{"$f":"OFFSET(ORÇAMENTO!N$15,ROW(D31)-ROW(D$15),0)","v":"Serviço"},{"$f":"OFFSET(ORÇAMENTO!O$15,ROW(E31)-ROW(E$15),0)","v":"1.4.4."},{"$f":"OFFSET(ORÇAMENTO!R$15,ROW(F31)-ROW(F$15),0)","v":"TRANSPORTE DE MATERIAL REMOVIDO COM CAMINHÃO BASCULANTE, DMT = 2 KM"},{"$f":"IF($D31<>\"Serviço\",\"\",OFFSET(ORÇAMENTO!S$15,ROW(G31)-ROW(G$15),0))","v":"M3XKM"},{"$f":"IF($D31<>\"Serviço\",0,IF(ACOMPANHAMENTO=\"BM\",ROUND(OFFSET(ORÇAMENTO!AJ$15,ROW(H31)-ROW(H$15),0),15-13*ORÇAMENTO!$AF$7),SUMPRODUCT(($Q$12:$AA$12<>\"\")*ROUND($Q31:$AA31,15-13*ORÇAMENTO!$AF$7))))","v":227.14},null,null,null,".",{"$f":"IF($D31<>\"Serviço\",\"\",IF(AUTOEVENTO=\"manual\",$A31,IF(ISERROR(MATCH($A31,$A$15:OFFSET($A31,-1,0),0)),MAX($M$15:OFFSET(M31,-1,0))+1,INDEX($M$15:OFFSET(M31,-1,0),MATCH($A31,$A$15:OFFSET($A31,-1,0),0)))))","v":5},{"$f":"IF($D31<>\"Serviço\",\"\",IF(AUTOEVENTO=\"Manual\",IF($A31=0,\"<-- defina o número do agrupador\",OFFSET(EVENTOS!$D$14,$A31,0)),OFFSET($F$15,$A31,0)))","v":"ESCAVAÇÕES E MOVIMENTAÇÕES DE TERRA"},null,null,null,null,null,null,null,null,null,null,null,null,null,{"$f":"IF(AND($D31=\"Serviço\",AB$12<>0,$H31>0,OR(AUTOEVENTO<>\"manual\",$M31<>1)),ROUND(OFFSET($P31,0,AB$13),15-13*ORÇAMENTO!$AF$7)/$H31*OFFSET(ORÇAMENTO!$X$15,ROW(AB31)-ROW(AB$15),0),0)","v":0},{"$f":"IF(AND($D31=\"Serviço\",AC$12<>0,$H31>0,OR(AUTOEVENTO<>\"manual\",$M31<>1)),ROUND(OFFSET($P31,0,AC$13),15-13*ORÇAMENTO!$AF$7)/$H31*OFFSET(ORÇAMENTO!$X$15,ROW(AC31)-ROW(AC$15),0),0)","v":0},{"$f":"IF(AND($D31=\"Serviço\",AD$12<>0,$H31>0,OR(AUTOEVENTO<>\"manual\",$M31<>1)),ROUND(OFFSET($P31,0,AD$13),15-13*ORÇAMENTO!$AF$7)/$H31*OFFSET(ORÇAMENTO!$X$15,ROW(AD31)-ROW(AD$15),0),0)","v":0},{"$f":"IF(AND($D31=\"Serviço\",AE$12<>0,$H31>0,OR(AUTOEVENTO<>\"manual\",$M31<>1)),ROUND(OFFSET($P31,0,AE$13),15-13*ORÇAMENTO!$AF$7)/$H31*OFFSET(ORÇAMENTO!$X$15,ROW(AE31)-ROW(AE$15),0),0)","v":0},{"$f":"IF(AND($D31=\"Serviço\",AF$12<>0,$H31>0,OR(AUTOEVENTO<>\"manual\",$M31<>1)),ROUND(OFFSET($P31,0,AF$13),15-13*ORÇAMENTO!$AF$7)/$H31*OFFSET(ORÇAMENTO!$X$15,ROW(AF31)-ROW(AF$15),0),0)","v":0},{"$f":"IF(AND($D31=\"Serviço\",AG$12<>0,$H31>0,OR(AUTOEVENTO<>\"manual\",$M31<>1)),ROUND(OFFSET($P31,0,AG$13),15-13*ORÇAMENTO!$AF$7)/$H31*OFFSET(ORÇAMENTO!$X$15,ROW(AG31)-ROW(AG$15),0),0)","v":0},{"$f":"IF(AND($D31=\"Serviço\",AH$12<>0,$H31>0,OR(AUTOEVENTO<>\"manual\",$M31<>1)),ROUND(OFFSET($P31,0,AH$13),15-13*ORÇAMENTO!$AF$7)/$H31*OFFSET(ORÇAMENTO!$X$15,ROW(AH31)-ROW(AH$15),0),0)","v":0},{"$f":"IF(AND($D31=\"Serviço\",AI$12<>0,$H31>0,OR(AUTOEVENTO<>\"manual\",$M31<>1)),ROUND(OFFSET($P31,0,AI$13),15-13*ORÇAMENTO!$AF$7)/$H31*OFFSET(ORÇAMENTO!$X$15,ROW(AI31)-ROW(AI$15),0),0)","v":0},{"$f":"IF(AND($D31=\"Serviço\",AJ$12<>0,$H31>0,OR(AUTOEVENTO<>\"manual\",$M31<>1)),ROUND(OFFSET($P31,0,AJ$13),15-13*ORÇAMENTO!$AF$7)/$H31*OFFSET(ORÇAMENTO!$X$15,ROW(AJ31)-ROW(AJ$15),0),0)","v":0},{"$f":"IF(AND($D31=\"Serviço\",AK$12<>0,$H31>0,OR(AUTOEVENTO<>\"manual\",$M31<>1)),ROUND(OFFSET($P31,0,AK$13),15-13*ORÇAMENTO!$AF$7)/$H31*OFFSET(ORÇAMENTO!$X$15,ROW(AK31)-ROW(AK$15),0),0)","v":0},null,{"$f":"IF($D31<>\"Serviço\",0,IF(AND(AUTOEVENTO=\"Manual\",$M31=1),0,IF(OFFSET(CRONOPLE!$F$14,$M31,AM$13)=\"\",10^12,OFFSET(CRONOPLE!$F$14,$M31,AM$13))))","v":1000000000000},{"$f":"IF($D31<>\"Serviço\",0,IF(AND(AUTOEVENTO=\"Manual\",$M31=1),0,IF(OFFSET(CRONOPLE!$F$14,$M31,AN$13)=\"\",10^12,OFFSET(CRONOPLE!$F$14,$M31,AN$13))))","v":1000000000000},{"$f":"IF($D31<>\"Serviço\",0,IF(AND(AUTOEVENTO=\"Manual\",$M31=1),0,IF(OFFSET(CRONOPLE!$F$14,$M31,AO$13)=\"\",10^12,OFFSET(CRONOPLE!$F$14,$M31,AO$13))))","v":1000000000000},{"$f":"IF($D31<>\"Serviço\",0,IF(AND(AUTOEVENTO=\"Manual\",$M31=1),0,IF(OFFSET(CRONOPLE!$F$14,$M31,AP$13)=\"\",10^12,OFFSET(CRONOPLE!$F$14,$M31,AP$13))))","v":1000000000000},{"$f":"IF($D31<>\"Serviço\",0,IF(AND(AUTOEVENTO=\"Manual\",$M31=1),0,IF(OFFSET(CRONOPLE!$F$14,$M31,AQ$13)=\"\",10^12,OFFSET(CRONOPLE!$F$14,$M31,AQ$13))))","v":1000000000000},{"$f":"IF($D31<>\"Serviço\",0,IF(AND(AUTOEVENTO=\"Manual\",$M31=1),0,IF(OFFSET(CRONOPLE!$F$14,$M31,AR$13)=\"\",10^12,OFFSET(CRONOPLE!$F$14,$M31,AR$13))))","v":1000000000000},{"$f":"IF($D31<>\"Serviço\",0,IF(AND(AUTOEVENTO=\"Manual\",$M31=1),0,IF(OFFSET(CRONOPLE!$F$14,$M31,AS$13)=\"\",10^12,OFFSET(CRONOPLE!$F$14,$M31,AS$13))))","v":1000000000000},{"$f":"IF($D31<>\"Serviço\",0,IF(AND(AUTOEVENTO=\"Manual\",$M31=1),0,IF(OFFSET(CRONOPLE!$F$14,$M31,AT$13)=\"\",10^12,OFFSET(CRONOPLE!$F$14,$M31,AT$13))))","v":1000000000000},{"$f":"IF($D31<>\"Serviço\",0,IF(AND(AUTOEVENTO=\"Manual\",$M31=1),0,IF(OFFSET(CRONOPLE!$F$14,$M31,AU$13)=\"\",10^12,OFFSET(CRONOPLE!$F$14,$M31,AU$13))))","v":1000000000000},{"$f":"IF($D31<>\"Serviço\",0,IF(AND(AUTOEVENTO=\"Manual\",$M31=1),0,IF(OFFSET(CRONOPLE!$F$14,$M31,AV$13)=\"\",10^12,OFFSET(CRONOPLE!$F$14,$M31,AV$13))))","v":1000000000000},null,{"$f":"IF($D31<>\"Serviço\",0,IF(OR(AND(AUTOEVENTO=\"Manual\",$M31=1),$M31>(ROW(PLE.lastrow)-ROW(PLE.firstrow))),0,IF(OFFSET(PLE!$G$14,$M31,AX$13)=\"\",10^12,OFFSET(PLE!$G$14,$M31,AX$13))))","v":1000000000000},{"$f":"IF($D31<>\"Serviço\",0,IF(OR(AND(AUTOEVENTO=\"Manual\",$M31=1),$M31>(ROW(PLE.lastrow)-ROW(PLE.firstrow))),0,IF(OFFSET(PLE!$G$14,$M31,AY$13)=\"\",10^12,OFFSET(PLE!$G$14,$M31,AY$13))))","v":1000000000000},{"$f":"IF($D31<>\"Serviço\",0,IF(OR(AND(AUTOEVENTO=\"Manual\",$M31=1),$M31>(ROW(PLE.lastrow)-ROW(PLE.firstrow))),0,IF(OFFSET(PLE!$G$14,$M31,AZ$13)=\"\",10^12,OFFSET(PLE!$G$14,$M31,AZ$13))))","v":1000000000000},{"$f":"IF($D31<>\"Serviço\",0,IF(OR(AND(AUTOEVENTO=\"Manual\",$M31=1),$M31>(ROW(PLE.lastrow)-ROW(PLE.firstrow))),0,IF(OFFSET(PLE!$G$14,$M31,BA$13)=\"\",10^12,OFFSET(PLE!$G$14,$M31,BA$13))))","v":1000000000000},{"$f":"IF($D31<>\"Serviço\",0,IF(OR(AND(AUTOEVENTO=\"Manual\",$M31=1),$M31>(ROW(PLE.lastrow)-ROW(PLE.firstrow))),0,IF(OFFSET(PLE!$G$14,$M31,BB$13)=\"\",10^12,OFFSET(PLE!$G$14,$M31,BB$13))))","v":1000000000000},{"$f":"IF($D31<>\"Serviço\",0,IF(OR(AND(AUTOEVENTO=\"Manual\",$M31=1),$M31>(ROW(PLE.lastrow)-ROW(PLE.firstrow))),0,IF(OFFSET(PLE!$G$14,$M31,BC$13)=\"\",10^12,OFFSET(PLE!$G$14,$M31,BC$13))))","v":1000000000000},{"$f":"IF($D31<>\"Serviço\",0,IF(OR(AND(AUTOEVENTO=\"Manual\",$M31=1),$M31>(ROW(PLE.lastrow)-ROW(PLE.firstrow))),0,IF(OFFSET(PLE!$G$14,$M31,BD$13)=\"\",10^12,OFFSET(PLE!$G$14,$M31,BD$13))))","v":1000000000000},{"$f":"IF($D31<>\"Serviço\",0,IF(OR(AND(AUTOEVENTO=\"Manual\",$M31=1),$M31>(ROW(PLE.lastrow)-ROW(PLE.firstrow))),0,IF(OFFSET(PLE!$G$14,$M31,BE$13)=\"\",10^12,OFFSET(PLE!$G$14,$M31,BE$13))))","v":1000000000000},{"$f":"IF($D31<>\"Serviço\",0,IF(OR(AND(AUTOEVENTO=\"Manual\",$M31=1),$M31>(ROW(PLE.lastrow)-ROW(PLE.firstrow))),0,IF(OFFSET(PLE!$G$14,$M31,BF$13)=\"\",10^12,OFFSET(PLE!$G$14,$M31,BF$13))))","v":1000000000000},{"$f":"IF($D31<>\"Serviço\",0,IF(OR(AND(AUTOEVENTO=\"Manual\",$M31=1),$M31>(ROW(PLE.lastrow)-ROW(PLE.firstrow))),0,IF(OFFSET(PLE!$G$14,$M31,BG$13)=\"\",10^12,OFFSET(PLE!$G$14,$M31,BG$13))))","v":1000000000000}]
["12",{"$f":"OFFSET(ORÇAMENTO!C$15,ROW(B32)-ROW(B$15),0)","v":"S"},{"$f":"OFFSET(ORÇAMENTO!L$15,ROW(C32)-ROW(C$15),0)","v":"F"},{"$f":"OFFSET(ORÇAMENTO!N$15,ROW(D32)-ROW(D$15),0)","v":"Serviço"},{"$f":"OFFSET(ORÇAMENTO!O$15,ROW(E32)-ROW(E$15),0)","v":"1.4.5."},{"$f":"OFFSET(ORÇAMENTO!R$15,ROW(F32)-ROW(F$15),0)","v":"DESMONTE DE BLOCOS DE ROCHA COM MARTELETE PNEUMÁTICO"},{"$f":"IF($D32<>\"Serviço\",\"\",OFFSET(ORÇAMENTO!S$15,ROW(G32)-ROW(G$15),0))","v":"M3"},{"$f":"IF($D32<>\"Serviço\",0,IF(ACOMPANHAMENTO=\"BM\",ROUND(OFFSET(ORÇAMENTO!AJ$15,ROW(H32)-ROW(H$15),0),15-13*ORÇAMENTO!$AF$7),SUMPRODUCT(($Q$12:$AA$12<>\"\")*ROUND($Q32:$AA32,15-13*ORÇAMENTO!$AF$7))))","v":2.15},null,null,null,".",{"$f":"IF($D32<>\"Serviço\",\"\",IF(AUTOEVENTO=\"manual\",$A32,IF(ISERROR(MATCH($A32,$A$15:OFFSET($A32,-1,0),0)),MAX($M$15:OFFSET(M32,-1,0))+1,INDEX($M$15:OFFSET(M32,-1,0),MATCH($A32,$A$15:OFFSET($A32,-1,0),0)))))","v":5},{"$f":"IF($D32<>\"Serviço\",\"\",IF(AUTOEVENTO=\"Manual\",IF($A32=0,\"<-- defina o número do agrupador\",OFFSET(EVENTOS!$D$14,$A32,0)),OFFSET($F$15,$A32,0)))","v":"ESCAVAÇÕES E MOVIMENTAÇÕES DE TERRA"},null,null,null,null,null,null,null,null,null,null,null,null,null,{"$f":"IF(AND($D32=\"Serviço\",AB$12<>0,$H32>0,OR(AUTOEVENTO<>\"manual\",$M32<>1)),ROUND(OFFSET($P32,0,AB$13),15-13*ORÇAMENTO!$AF$7)/$H32*OFFSET(ORÇAMENTO!$X$15,ROW(AB32)-ROW(AB$15),0),0)","v":0},{"$f":"IF(AND($D32=\"Serviço\",AC$12<>0,$H32>0,OR(AUTOEVENTO<>\"manual\",$M32<>1)),ROUND(OFFSET($P32,0,AC$13),15-13*ORÇAMENTO!$AF$7)/$H32*OFFSET(ORÇAMENTO!$X$15,ROW(AC32)-ROW(AC$15),0),0)","v":0},{"$f":"IF(AND($D32=\"Serviço\",AD$12<>0,$H32>0,OR(AUTOEVENTO<>\"manual\",$M32<>1)),ROUND(OFFSET($P32,0,AD$13),15-13*ORÇAMENTO!$AF$7)/$H32*OFFSET(ORÇAMENTO!$X$15,ROW(AD32)-ROW(AD$15),0),0)","v":0},{"$f":"IF(AND($D32=\"Serviço\",AE$12<>0,$H32>0,OR(AUTOEVENTO<>\"manual\",$M32<>1)),ROUND(OFFSET($P32,0,AE$13),15-13*ORÇAMENTO!$AF$7)/$H32*OFFSET(ORÇAMENTO!$X$15,ROW(AE32)-ROW(AE$15),0),0)","v":0},{"$f":"IF(AND($D32=\"Serviço\",AF$12<>0,$H32>0,OR(AUTOEVENTO<>\"manual\",$M32<>1)),ROUND(OFFSET($P32,0,AF$13),15-13*ORÇAMENTO!$AF$7)/$H32*OFFSET(ORÇAMENTO!$X$15,ROW(AF32)-ROW(AF$15),0),0)","v":0},{"$f":"IF(AND($D32=\"Serviço\",AG$12<>0,$H32>0,OR(AUTOEVENTO<>\"manual\",$M32<>1)),ROUND(OFFSET($P32,0,AG$13),15-13*ORÇAMENTO!$AF$7)/$H32*OFFSET(ORÇAMENTO!$X$15,ROW(AG32)-ROW(AG$15),0),0)","v":0},{"$f":"IF(AND($D32=\"Serviço\",AH$12<>0,$H32>0,OR(AUTOEVENTO<>\"manual\",$M32<>1)),ROUND(OFFSET($P32,0,AH$13),15-13*ORÇAMENTO!$AF$7)/$H32*OFFSET(ORÇAMENTO!$X$15,ROW(AH32)-ROW(AH$15),0),0)","v":0},{"$f":"IF(AND($D32=\"Serviço\",AI$12<>0,$H32>0,OR(AUTOEVENTO<>\"manual\",$M32<>1)),ROUND(OFFSET($P32,0,AI$13),15-13*ORÇAMENTO!$AF$7)/$H32*OFFSET(ORÇAMENTO!$X$15,ROW(AI32)-ROW(AI$15),0),0)","v":0},{"$f":"IF(AND($D32=\"Serviço\",AJ$12<>0,$H32>0,OR(AUTOEVENTO<>\"manual\",$M32<>1)),ROUND(OFFSET($P32,0,AJ$13),15-13*ORÇAMENTO!$AF$7)/$H32*OFFSET(ORÇAMENTO!$X$15,ROW(AJ32)-ROW(AJ$15),0),0)","v":0},{"$f":"IF(AND($D32=\"Serviço\",AK$12<>0,$H32>0,OR(AUTOEVENTO<>\"manual\",$M32<>1)),ROUND(OFFSET($P32,0,AK$13),15-13*ORÇAMENTO!$AF$7)/$H32*OFFSET(ORÇAMENTO!$X$15,ROW(AK32)-ROW(AK$15),0),0)","v":0},null,{"$f":"IF($D32<>\"Serviço\",0,IF(AND(AUTOEVENTO=\"Manual\",$M32=1),0,IF(OFFSET(CRONOPLE!$F$14,$M32,AM$13)=\"\",10^12,OFFSET(CRONOPLE!$F$14,$M32,AM$13))))","v":1000000000000},{"$f":"IF($D32<>\"Serviço\",0,IF(AND(AUTOEVENTO=\"Manual\",$M32=1),0,IF(OFFSET(CRONOPLE!$F$14,$M32,AN$13)=\"\",10^12,OFFSET(CRONOPLE!$F$14,$M32,AN$13))))","v":1000000000000},{"$f":"IF($D32<>\"Serviço\",0,IF(AND(AUTOEVENTO=\"Manual\",$M32=1),0,IF(OFFSET(CRONOPLE!$F$14,$M32,AO$13)=\"\",10^12,OFFSET(CRONOPLE!$F$14,$M32,AO$13))))","v":1000000000000},{"$f":"IF($D32<>\"Serviço\",0,IF(AND(AUTOEVENTO=\"Manual\",$M32=1),0,IF(OFFSET(CRONOPLE!$F$14,$M32,AP$13)=\"\",10^12,OFFSET(CRONOPLE!$F$14,$M32,AP$13))))","v":1000000000000},{"$f":"IF($D32<>\"Serviço\",0,IF(AND(AUTOEVENTO=\"Manual\",$M32=1),0,IF(OFFSET(CRONOPLE!$F$14,$M32,AQ$13)=\"\",10^12,OFFSET(CRONOPLE!$F$14,$M32,AQ$13))))","v":1000000000000},{"$f":"IF($D32<>\"Serviço\",0,IF(AND(AUTOEVENTO=\"Manual\",$M32=1),0,IF(OFFSET(CRONOPLE!$F$14,$M32,AR$13)=\"\",10^12,OFFSET(CRONOPLE!$F$14,$M32,AR$13))))","v":1000000000000},{"$f":"IF($D32<>\"Serviço\",0,IF(AND(AUTOEVENTO=\"Manual\",$M32=1),0,IF(OFFSET(CRONOPLE!$F$14,$M32,AS$13)=\"\",10^12,OFFSET(CRONOPLE!$F$14,$M32,AS$13))))","v":1000000000000},{"$f":"IF($D32<>\"Serviço\",0,IF(AND(AUTOEVENTO=\"Manual\",$M32=1),0,IF(OFFSET(CRONOPLE!$F$14,$M32,AT$13)=\"\",10^12,OFFSET(CRONOPLE!$F$14,$M32,AT$13))))","v":1000000000000},{"$f":"IF($D32<>\"Serviço\",0,IF(AND(AUTOEVENTO=\"Manual\",$M32=1),0,IF(OFFSET(CRONOPLE!$F$14,$M32,AU$13)=\"\",10^12,OFFSET(CRONOPLE!$F$14,$M32,AU$13))))","v":1000000000000},{"$f":"IF($D32<>\"Serviço\",0,IF(AND(AUTOEVENTO=\"Manual\",$M32=1),0,IF(OFFSET(CRONOPLE!$F$14,$M32,AV$13)=\"\",10^12,OFFSET(CRONOPLE!$F$14,$M32,AV$13))))","v":1000000000000},null,{"$f":"IF($D32<>\"Serviço\",0,IF(OR(AND(AUTOEVENTO=\"Manual\",$M32=1),$M32>(ROW(PLE.lastrow)-ROW(PLE.firstrow))),0,IF(OFFSET(PLE!$G$14,$M32,AX$13)=\"\",10^12,OFFSET(PLE!$G$14,$M32,AX$13))))","v":1000000000000},{"$f":"IF($D32<>\"Serviço\",0,IF(OR(AND(AUTOEVENTO=\"Manual\",$M32=1),$M32>(ROW(PLE.lastrow)-ROW(PLE.firstrow))),0,IF(OFFSET(PLE!$G$14,$M32,AY$13)=\"\",10^12,OFFSET(PLE!$G$14,$M32,AY$13))))","v":1000000000000},{"$f":"IF($D32<>\"Serviço\",0,IF(OR(AND(AUTOEVENTO=\"Manual\",$M32=1),$M32>(ROW(PLE.lastrow)-ROW(PLE.firstrow))),0,IF(OFFSET(PLE!$G$14,$M32,AZ$13)=\"\",10^12,OFFSET(PLE!$G$14,$M32,AZ$13))))","v":1000000000000},{"$f":"IF($D32<>\"Serviço\",0,IF(OR(AND(AUTOEVENTO=\"Manual\",$M32=1),$M32>(ROW(PLE.lastrow)-ROW(PLE.firstrow))),0,IF(OFFSET(PLE!$G$14,$M32,BA$13)=\"\",10^12,OFFSET(PLE!$G$14,$M32,BA$13))))","v":1000000000000},{"$f":"IF($D32<>\"Serviço\",0,IF(OR(AND(AUTOEVENTO=\"Manual\",$M32=1),$M32>(ROW(PLE.lastrow)-ROW(PLE.firstrow))),0,IF(OFFSET(PLE!$G$14,$M32,BB$13)=\"\",10^12,OFFSET(PLE!$G$14,$M32,BB$13))))","v":1000000000000},{"$f":"IF($D32<>\"Serviço\",0,IF(OR(AND(AUTOEVENTO=\"Manual\",$M32=1),$M32>(ROW(PLE.lastrow)-ROW(PLE.firstrow))),0,IF(OFFSET(PLE!$G$14,$M32,BC$13)=\"\",10^12,OFFSET(PLE!$G$14,$M32,BC$13))))","v":1000000000000},{"$f":"IF($D32<>\"Serviço\",0,IF(OR(AND(AUTOEVENTO=\"Manual\",$M32=1),$M32>(ROW(PLE.lastrow)-ROW(PLE.firstrow))),0,IF(OFFSET(PLE!$G$14,$M32,BD$13)=\"\",10^12,OFFSET(PLE!$G$14,$M32,BD$13))))","v":1000000000000},{"$f":"IF($D32<>\"Serviço\",0,IF(OR(AND(AUTOEVENTO=\"Manual\",$M32=1),$M32>(ROW(PLE.lastrow)-ROW(PLE.firstrow))),0,IF(OFFSET(PLE!$G$14,$M32,BE$13)=\"\",10^12,OFFSET(PLE!$G$14,$M32,BE$13))))","v":1000000000000},{"$f":"IF($D32<>\"Serviço\",0,IF(OR(AND(AUTOEVENTO=\"Manual\",$M32=1),$M32>(ROW(PLE.lastrow)-ROW(PLE.firstrow))),0,IF(OFFSET(PLE!$G$14,$M32,BF$13)=\"\",10^12,OFFSET(PLE!$G$14,$M32,BF$13))))","v":1000000000000},{"$f":"IF($D32<>\"Serviço\",0,IF(OR(AND(AUTOEVENTO=\"Manual\",$M32=1),$M32>(ROW(PLE.lastrow)-ROW(PLE.firstrow))),0,IF(OFFSET(PLE!$G$14,$M32,BG$13)=\"\",10^12,OFFSET(PLE!$G$14,$M32,BG$13))))","v":1000000000000}]
["12",{"$f":"OFFSET(ORÇAMENTO!C$15,ROW(B33)-ROW(B$15),0)","v":"S"},{"$f":"OFFSET(ORÇAMENTO!L$15,ROW(C33)-ROW(C$15),0)","v":"F"},{"$f":"OFFSET(ORÇAMENTO!N$15,ROW(D33)-ROW(D$15),0)","v":"Serviço"},{"$f":"OFFSET(ORÇAMENTO!O$15,ROW(E33)-ROW(E$15),0)","v":"1.4.6."},{"$f":"OFFSET(ORÇAMENTO!R$15,ROW(F33)-ROW(F$15),0)","v":"CARGA, MANOBRA E DESCARGA DE MATERIAL REMOVIDO EM CAMINHÃO BASCULANTE - CARGA COM ESCAVADEIRA HIDRÁULICA"},{"$f":"IF($D33<>\"Serviço\",\"\",OFFSET(ORÇAMENTO!S$15,ROW(G33)-ROW(G$15),0))","v":"M3"},{"$f":"IF($D33<>\"Serviço\",0,IF(ACOMPANHAMENTO=\"BM\",ROUND(OFFSET(ORÇAMENTO!AJ$15,ROW(H33)-ROW(H$15),0),15-13*ORÇAMENTO!$AF$7),SUMPRODUCT(($Q$12:$AA$12<>\"\")*ROUND($Q33:$AA33,15-13*ORÇAMENTO!$AF$7))))","v":2.15},null,null,null,".",{"$f":"IF($D33<>\"Serviço\",\"\",IF(AUTOEVENTO=\"manual\",$A33,IF(ISERROR(MATCH($A33,$A$15:OFFSET($A33,-1,0),0)),MAX($M$15:OFFSET(M33,-1,0))+1,INDEX($M$15:OFFSET(M33,-1,0),MATCH($A33,$A$15:OFFSET($A33,-1,0),0)))))","v":5},{"$f":"IF($D33<>\"Serviço\",\"\",IF(AUTOEVENTO=\"Manual\",IF($A33=0,\"<-- defina o número do agrupador\",OFFSET(EVENTOS!$D$14,$A33,0)),OFFSET($F$15,$A33,0)))","v":"ESCAVAÇÕES E MOVIMENTAÇÕES DE TERRA"},null,null,null,null,null,null,null,null,null,null,null,null,null,{"$f":"IF(AND($D33=\"Serviço\",AB$12<>0,$H33>0,OR(AUTOEVENTO<>\"manual\",$M33<>1)),ROUND(OFFSET($P33,0,AB$13),15-13*ORÇAMENTO!$AF$7)/$H33*OFFSET(ORÇAMENTO!$X$15,ROW(AB33)-ROW(AB$15),0),0)","v":0},{"$f":"IF(AND($D33=\"Serviço\",AC$12<>0,$H33>0,OR(AUTOEVENTO<>\"manual\",$M33<>1)),ROUND(OFFSET($P33,0,AC$13),15-13*ORÇAMENTO!$AF$7)/$H33*OFFSET(ORÇAMENTO!$X$15,ROW(AC33)-ROW(AC$15),0),0)","v":0},{"$f":"IF(AND($D33=\"Serviço\",AD$12<>0,$H33>0,OR(AUTOEVENTO<>\"manual\",$M33<>1)),ROUND(OFFSET($P33,0,AD$13),15-13*ORÇAMENTO!$AF$7)/$H33*OFFSET(ORÇAMENTO!$X$15,ROW(AD33)-ROW(AD$15),0),0)","v":0},{"$f":"IF(AND($D33=\"Serviço\",AE$12<>0,$H33>0,OR(AUTOEVENTO<>\"manual\",$M33<>1)),ROUND(OFFSET($P33,0,AE$13),15-13*ORÇAMENTO!$AF$7)/$H33*OFFSET(ORÇAMENTO!$X$15,ROW(AE33)-ROW(AE$15),0),0)","v":0},{"$f":"IF(AND($D33=\"Serviço\",AF$12<>0,$H33>0,OR(AUTOEVENTO<>\"manual\",$M33<>1)),ROUND(OFFSET($P33,0,AF$13),15-13*ORÇAMENTO!$AF$7)/$H33*OFFSET(ORÇAMENTO!$X$15,ROW(AF33)-ROW(AF$15),0),0)","v":0},{"$f":"IF(AND($D33=\"Serviço\",AG$12<>0,$H33>0,OR(AUTOEVENTO<>\"manual\",$M33<>1)),ROUND(OFFSET($P33,0,AG$13),15-13*ORÇAMENTO!$AF$7)/$H33*OFFSET(ORÇAMENTO!$X$15,ROW(AG33)-ROW(AG$15),0),0)","v":0},{"$f":"IF(AND($D33=\"Serviço\",AH$12<>0,$H33>0,OR(AUTOEVENTO<>\"manual\",$M33<>1)),ROUND(OFFSET($P33,0,AH$13),15-13*ORÇAMENTO!$AF$7)/$H33*OFFSET(ORÇAMENTO!$X$15,ROW(AH33)-ROW(AH$15),0),0)","v":0},{"$f":"IF(AND($D33=\"Serviço\",AI$12<>0,$H33>0,OR(AUTOEVENTO<>\"manual\",$M33<>1)),ROUND(OFFSET($P33,0,AI$13),15-13*ORÇAMENTO!$AF$7)/$H33*OFFSET(ORÇAMENTO!$X$15,ROW(AI33)-ROW(AI$15),0),0)","v":0},{"$f":"IF(AND($D33=\"Serviço\",AJ$12<>0,$H33>0,OR(AUTOEVENTO<>\"manual\",$M33<>1)),ROUND(OFFSET($P33,0,AJ$13),15-13*ORÇAMENTO!$AF$7)/$H33*OFFSET(ORÇAMENTO!$X$15,ROW(AJ33)-ROW(AJ$15),0),0)","v":0},{"$f":"IF(AND($D33=\"Serviço\",AK$12<>0,$H33>0,OR(AUTOEVENTO<>\"manual\",$M33<>1)),ROUND(OFFSET($P33,0,AK$13),15-13*ORÇAMENTO!$AF$7)/$H33*OFFSET(ORÇAMENTO!$X$15,ROW(AK33)-ROW(AK$15),0),0)","v":0},null,{"$f":"IF($D33<>\"Serviço\",0,IF(AND(AUTOEVENTO=\"Manual\",$M33=1),0,IF(OFFSET(CRONOPLE!$F$14,$M33,AM$13)=\"\",10^12,OFFSET(CRONOPLE!$F$14,$M33,AM$13))))","v":1000000000000},{"$f":"IF($D33<>\"Serviço\",0,IF(AND(AUTOEVENTO=\"Manual\",$M33=1),0,IF(OFFSET(CRONOPLE!$F$14,$M33,AN$13)=\"\",10^12,OFFSET(CRONOPLE!$F$14,$M33,AN$13))))","v":1000000000000},{"$f":"IF($D33<>\"Serviço\",0,IF(AND(AUTOEVENTO=\"Manual\",$M33=1),0,IF(OFFSET(CRONOPLE!$F$14,$M33,AO$13)=\"\",10^12,OFFSET(CRONOPLE!$F$14,$M33,AO$13))))","v":1000000000000},{"$f":"IF($D33<>\"Serviço\",0,IF(AND(AUTOEVENTO=\"Manual\",$M33=1),0,IF(OFFSET(CRONOPLE!$F$14,$M33,AP$13)=\"\",10^12,OFFSET(CRONOPLE!$F$14,$M33,AP$13))))","v":1000000000000},{"$f":"IF($D33<>\"Serviço\",0,IF(AND(AUTOEVENTO=\"Manual\",$M33=1),0,IF(OFFSET(CRONOPLE!$F$14,$M33,AQ$13)=\"\",10^12,OFFSET(CRONOPLE!$F$14,$M33,AQ$13))))","v":1000000000000},{"$f":"IF($D33<>\"Serviço\",0,IF(AND(AUTOEVENTO=\"Manual\",$M33=1),0,IF(OFFSET(CRONOPLE!$F$14,$M33,AR$13)=\"\",10^12,OFFSET(CRONOPLE!$F$14,$M33,AR$13))))","v":1000000000000},{"$f":"IF($D33<>\"Serviço\",0,IF(AND(AUTOEVENTO=\"Manual\",$M33=1),0,IF(OFFSET(CRONOPLE!$F$14,$M33,AS$13)=\"\",10^12,OFFSET(CRONOPLE!$F$14,$M33,AS$13))))","v":1000000000000},{"$f":"IF($D33<>\"Serviço\",0,IF(AND(AUTOEVENTO=\"Manual\",$M33=1),0,IF(OFFSET(CRONOPLE!$F$14,$M33,AT$13)=\"\",10^12,OFFSET(CRONOPLE!$F$14,$M33,AT$13))))","v":1000000000000},{"$f":"IF($D33<>\"Serviço\",0,IF(AND(AUTOEVENTO=\"Manual\",$M33=1),0,IF(OFFSET(CRONOPLE!$F$14,$M33,AU$13)=\"\",10^12,OFFSET(CRONOPLE!$F$14,$M33,AU$13))))","v":1000000000000},{"$f":"IF($D33<>\"Serviço\",0,IF(AND(AUTOEVENTO=\"Manual\",$M33=1),0,IF(OFFSET(CRONOPLE!$F$14,$M33,AV$13)=\"\",10^12,OFFSET(CRONOPLE!$F$14,$M33,AV$13))))","v":1000000000000},null,{"$f":"IF($D33<>\"Serviço\",0,IF(OR(AND(AUTOEVENTO=\"Manual\",$M33=1),$M33>(ROW(PLE.lastrow)-ROW(PLE.firstrow))),0,IF(OFFSET(PLE!$G$14,$M33,AX$13)=\"\",10^12,OFFSET(PLE!$G$14,$M33,AX$13))))","v":1000000000000},{"$f":"IF($D33<>\"Serviço\",0,IF(OR(AND(AUTOEVENTO=\"Manual\",$M33=1),$M33>(ROW(PLE.lastrow)-ROW(PLE.firstrow))),0,IF(OFFSET(PLE!$G$14,$M33,AY$13)=\"\",10^12,OFFSET(PLE!$G$14,$M33,AY$13))))","v":1000000000000},{"$f":"IF($D33<>\"Serviço\",0,IF(OR(AND(AUTOEVENTO=\"Manual\",$M33=1),$M33>(ROW(PLE.lastrow)-ROW(PLE.firstrow))),0,IF(OFFSET(PLE!$G$14,$M33,AZ$13)=\"\",10^12,OFFSET(PLE!$G$14,$M33,AZ$13))))","v":1000000000000},{"$f":"IF($D33<>\"Serviço\",0,IF(OR(AND(AUTOEVENTO=\"Manual\",$M33=1),$M33>(ROW(PLE.lastrow)-ROW(PLE.firstrow))),0,IF(OFFSET(PLE!$G$14,$M33,BA$13)=\"\",10^12,OFFSET(PLE!$G$14,$M33,BA$13))))","v":1000000000000},{"$f":"IF($D33<>\"Serviço\",0,IF(OR(AND(AUTOEVENTO=\"Manual\",$M33=1),$M33>(ROW(PLE.lastrow)-ROW(PLE.firstrow))),0,IF(OFFSET(PLE!$G$14,$M33,BB$13)=\"\",10^12,OFFSET(PLE!$G$14,$M33,BB$13))))","v":1000000000000},{"$f":"IF($D33<>\"Serviço\",0,IF(OR(AND(AUTOEVENTO=\"Manual\",$M33=1),$M33>(ROW(PLE.lastrow)-ROW(PLE.firstrow))),0,IF(OFFSET(PLE!$G$14,$M33,BC$13)=\"\",10^12,OFFSET(PLE!$G$14,$M33,BC$13))))","v":1000000000000},{"$f":"IF($D33<>\"Serviço\",0,IF(OR(AND(AUTOEVENTO=\"Manual\",$M33=1),$M33>(ROW(PLE.lastrow)-ROW(PLE.firstrow))),0,IF(OFFSET(PLE!$G$14,$M33,BD$13)=\"\",10^12,OFFSET(PLE!$G$14,$M33,BD$13))))","v":1000000000000},{"$f":"IF($D33<>\"Serviço\",0,IF(OR(AND(AUTOEVENTO=\"Manual\",$M33=1),$M33>(ROW(PLE.lastrow)-ROW(PLE.firstrow))),0,IF(OFFSET(PLE!$G$14,$M33,BE$13)=\"\",10^12,OFFSET(PLE!$G$14,$M33,BE$13))))","v":1000000000000},{"$f":"IF($D33<>\"Serviço\",0,IF(OR(AND(AUTOEVENTO=\"Manual\",$M33=1),$M33>(ROW(PLE.lastrow)-ROW(PLE.firstrow))),0,IF(OFFSET(PLE!$G$14,$M33,BF$13)=\"\",10^12,OFFSET(PLE!$G$14,$M33,BF$13))))","v":1000000000000},{"$f":"IF($D33<>\"Serviço\",0,IF(OR(AND(AUTOEVENTO=\"Manual\",$M33=1),$M33>(ROW(PLE.lastrow)-ROW(PLE.firstrow))),0,IF(OFFSET(PLE!$G$14,$M33,BG$13)=\"\",10^12,OFFSET(PLE!$G$14,$M33,BG$13))))","v":1000000000000}]
["12",{"$f":"OFFSET(ORÇAMENTO!C$15,ROW(B34)-ROW(B$15),0)","v":"S"},{"$f":"OFFSET(ORÇAMENTO!L$15,ROW(C34)-ROW(C$15),0)","v":"F"},{"$f":"OFFSET(ORÇAMENTO!N$15,ROW(D34)-ROW(D$15),0)","v":"Serviço"},{"$f":"OFFSET(ORÇAMENTO!O$15,ROW(E34)-ROW(E$15),0)","v":"1.4.7."},{"$f":"OFFSET(ORÇAMENTO!R$15,ROW(F34)-ROW(F$15),0)","v":"TRANSPORTE DE MATERIAL REMOVIDO COM CAMINHÃO BASCULANTE, DMT = 2 KM"},{"$f":"IF($D34<>\"Serviço\",\"\",OFFSET(ORÇAMENTO!S$15,ROW(G34)-ROW(G$15),0))","v":"M3XKM"},{"$f":"IF($D34<>\"Serviço\",0,IF(ACOMPANHAMENTO=\"BM\",ROUND(OFFSET(ORÇAMENTO!AJ$15,ROW(H34)-ROW(H$15),0),15-13*ORÇAMENTO!$AF$7),SUMPRODUCT(($Q$12:$AA$12<>\"\")*ROUND($Q34:$AA34,15-13*ORÇAMENTO!$AF$7))))","v":4.3},null,null,null,".",{"$f":"IF($D34<>\"Serviço\",\"\",IF(AUTOEVENTO=\"manual\",$A34,IF(ISERROR(MATCH($A34,$A$15:OFFSET($A34,-1,0),0)),MAX($M$15:OFFSET(M34,-1,0))+1,INDEX($M$15:OFFSET(M34,-1,0),MATCH($A34,$A$15:OFFSET($A34,-1,0),0)))))","v":5},{"$f":"IF($D34<>\"Serviço\",\"\",IF(AUTOEVENTO=\"Manual\",IF($A34=0,\"<-- defina o número do agrupador\",OFFSET(EVENTOS!$D$14,$A34,0)),OFFSET($F$15,$A34,0)))","v":"ESCAVAÇÕES E MOVIMENTAÇÕES DE TERRA"},null,null,null,null,null,null,null,null,null,null,null,null,null,{"$f":"IF(AND($D34=\"Serviço\",AB$12<>0,$H34>0,OR(AUTOEVENTO<>\"manual\",$M34<>1)),ROUND(OFFSET($P34,0,AB$13),15-13*ORÇAMENTO!$AF$7)/$H34*OFFSET(ORÇAMENTO!$X$15,ROW(AB34)-ROW(AB$15),0),0)","v":0},{"$f":"IF(AND($D34=\"Serviço\",AC$12<>0,$H34>0,OR(AUTOEVENTO<>\"manual\",$M34<>1)),ROUND(OFFSET($P34,0,AC$13),15-13*ORÇAMENTO!$AF$7)/$H34*OFFSET(ORÇAMENTO!$X$15,ROW(AC34)-ROW(AC$15),0),0)","v":0},{"$f":"IF(AND($D34=\"Serviço\",AD$12<>0,$H34>0,OR(AUTOEVENTO<>\"manual\",$M34<>1)),ROUND(OFFSET($P34,0,AD$13),15-13*ORÇAMENTO!$AF$7)/$H34*OFFSET(ORÇAMENTO!$X$15,ROW(AD34)-ROW(AD$15),0),0)","v":0},{"$f":"IF(AND($D34=\"Serviço\",AE$12<>0,$H34>0,OR(AUTOEVENTO<>\"manual\",$M34<>1)),ROUND(OFFSET($P34,0,AE$13),15-13*ORÇAMENTO!$AF$7)/$H34*OFFSET(ORÇAMENTO!$X$15,ROW(AE34)-ROW(AE$15),0),0)","v":0},{"$f":"IF(AND($D34=\"Serviço\",AF$12<>0,$H34>0,OR(AUTOEVENTO<>\"manual\",$M34<>1)),ROUND(OFFSET($P34,0,AF$13),15-13*ORÇAMENTO!$AF$7)/$H34*OFFSET(ORÇAMENTO!$X$15,ROW(AF34)-ROW(AF$15),0),0)","v":0},{"$f":"IF(AND($D34=\"Serviço\",AG$12<>0,$H34>0,OR(AUTOEVENTO<>\"manual\",$M34<>1)),ROUND(OFFSET($P34,0,AG$13),15-13*ORÇAMENTO!$AF$7)/$H34*OFFSET(ORÇAMENTO!$X$15,ROW(AG34)-ROW(AG$15),0),0)","v":0},{"$f":"IF(AND($D34=\"Serviço\",AH$12<>0,$H34>0,OR(AUTOEVENTO<>\"manual\",$M34<>1)),ROUND(OFFSET($P34,0,AH$13),15-13*ORÇAMENTO!$AF$7)/$H34*OFFSET(ORÇAMENTO!$X$15,ROW(AH34)-ROW(AH$15),0),0)","v":0},{"$f":"IF(AND($D34=\"Serviço\",AI$12<>0,$H34>0,OR(AUTOEVENTO<>\"manual\",$M34<>1)),ROUND(OFFSET($P34,0,AI$13),15-13*ORÇAMENTO!$AF$7)/$H34*OFFSET(ORÇAMENTO!$X$15,ROW(AI34)-ROW(AI$15),0),0)","v":0},{"$f":"IF(AND($D34=\"Serviço\",AJ$12<>0,$H34>0,OR(AUTOEVENTO<>\"manual\",$M34<>1)),ROUND(OFFSET($P34,0,AJ$13),15-13*ORÇAMENTO!$AF$7)/$H34*OFFSET(ORÇAMENTO!$X$15,ROW(AJ34)-ROW(AJ$15),0),0)","v":0},{"$f":"IF(AND($D34=\"Serviço\",AK$12<>0,$H34>0,OR(AUTOEVENTO<>\"manual\",$M34<>1)),ROUND(OFFSET($P34,0,AK$13),15-13*ORÇAMENTO!$AF$7)/$H34*OFFSET(ORÇAMENTO!$X$15,ROW(AK34)-ROW(AK$15),0),0)","v":0},null,{"$f":"IF($D34<>\"Serviço\",0,IF(AND(AUTOEVENTO=\"Manual\",$M34=1),0,IF(OFFSET(CRONOPLE!$F$14,$M34,AM$13)=\"\",10^12,OFFSET(CRONOPLE!$F$14,$M34,AM$13))))","v":1000000000000},{"$f":"IF($D34<>\"Serviço\",0,IF(AND(AUTOEVENTO=\"Manual\",$M34=1),0,IF(OFFSET(CRONOPLE!$F$14,$M34,AN$13)=\"\",10^12,OFFSET(CRONOPLE!$F$14,$M34,AN$13))))","v":1000000000000},{"$f":"IF($D34<>\"Serviço\",0,IF(AND(AUTOEVENTO=\"Manual\",$M34=1),0,IF(OFFSET(CRONOPLE!$F$14,$M34,AO$13)=\"\",10^12,OFFSET(CRONOPLE!$F$14,$M34,AO$13))))","v":1000000000000},{"$f":"IF($D34<>\"Serviço\",0,IF(AND(AUTOEVENTO=\"Manual\",$M34=1),0,IF(OFFSET(CRONOPLE!$F$14,$M34,AP$13)=\"\",10^12,OFFSET(CRONOPLE!$F$14,$M34,AP$13))))","v":1000000000000},{"$f":"IF($D34<>\"Serviço\",0,IF(AND(AUTOEVENTO=\"Manual\",$M34=1),0,IF(OFFSET(CRONOPLE!$F$14,$M34,AQ$13)=\"\",10^12,OFFSET(CRONOPLE!$F$14,$M34,AQ$13))))","v":1000000000000},{"$f":"IF($D34<>\"Serviço\",0,IF(AND(AUTOEVENTO=\"Manual\",$M34=1),0,IF(OFFSET(CRONOPLE!$F$14,$M34,AR$13)=\"\",10^12,OFFSET(CRONOPLE!$F$14,$M34,AR$13))))","v":1000000000000},{"$f":"IF($D34<>\"Serviço\",0,IF(AND(AUTOEVENTO=\"Manual\",$M34=1),0,IF(OFFSET(CRONOPLE!$F$14,$M34,AS$13)=\"\",10^12,OFFSET(CRONOPLE!$F$14,$M34,AS$13))))","v":1000000000000},{"$f":"IF($D34<>\"Serviço\",0,IF(AND(AUTOEVENTO=\"Manual\",$M34=1),0,IF(OFFSET(CRONOPLE!$F$14,$M34,AT$13)=\"\",10^12,OFFSET(CRONOPLE!$F$14,$M34,AT$13))))","v":1000000000000},{"$f":"IF($D34<>\"Serviço\",0,IF(AND(AUTOEVENTO=\"Manual\",$M34=1),0,IF(OFFSET(CRONOPLE!$F$14,$M34,AU$13)=\"\",10^12,OFFSET(CRONOPLE!$F$14,$M34,AU$13))))","v":1000000000000},{"$f":"IF($D34<>\"Serviço\",0,IF(AND(AUTOEVENTO=\"Manual\",$M34=1),0,IF(OFFSET(CRONOPLE!$F$14,$M34,AV$13)=\"\",10^12,OFFSET(CRONOPLE!$F$14,$M34,AV$13))))","v":1000000000000},null,{"$f":"IF($D34<>\"Serviço\",0,IF(OR(AND(AUTOEVENTO=\"Manual\",$M34=1),$M34>(ROW(PLE.lastrow)-ROW(PLE.firstrow))),0,IF(OFFSET(PLE!$G$14,$M34,AX$13)=\"\",10^12,OFFSET(PLE!$G$14,$M34,AX$13))))","v":1000000000000},{"$f":"IF($D34<>\"Serviço\",0,IF(OR(AND(AUTOEVENTO=\"Manual\",$M34=1),$M34>(ROW(PLE.lastrow)-ROW(PLE.firstrow))),0,IF(OFFSET(PLE!$G$14,$M34,AY$13)=\"\",10^12,OFFSET(PLE!$G$14,$M34,AY$13))))","v":1000000000000},{"$f":"IF($D34<>\"Serviço\",0,IF(OR(AND(AUTOEVENTO=\"Manual\",$M34=1),$M34>(ROW(PLE.lastrow)-ROW(PLE.firstrow))),0,IF(OFFSET(PLE!$G$14,$M34,AZ$13)=\"\",10^12,OFFSET(PLE!$G$14,$M34,AZ$13))))","v":1000000000000},{"$f":"IF($D34<>\"Serviço\",0,IF(OR(AND(AUTOEVENTO=\"Manual\",$M34=1),$M34>(ROW(PLE.lastrow)-ROW(PLE.firstrow))),0,IF(OFFSET(PLE!$G$14,$M34,BA$13)=\"\",10^12,OFFSET(PLE!$G$14,$M34,BA$13))))","v":1000000000000},{"$f":"IF($D34<>\"Serviço\",0,IF(OR(AND(AUTOEVENTO=\"Manual\",$M34=1),$M34>(ROW(PLE.lastrow)-ROW(PLE.firstrow))),0,IF(OFFSET(PLE!$G$14,$M34,BB$13)=\"\",10^12,OFFSET(PLE!$G$14,$M34,BB$13))))","v":1000000000000},{"$f":"IF($D34<>\"Serviço\",0,IF(OR(AND(AUTOEVENTO=\"Manual\",$M34=1),$M34>(ROW(PLE.lastrow)-ROW(PLE.firstrow))),0,IF(OFFSET(PLE!$G$14,$M34,BC$13)=\"\",10^12,OFFSET(PLE!$G$14,$M34,BC$13))))","v":1000000000000},{"$f":"IF($D34<>\"Serviço\",0,IF(OR(AND(AUTOEVENTO=\"Manual\",$M34=1),$M34>(ROW(PLE.lastrow)-ROW(PLE.firstrow))),0,IF(OFFSET(PLE!$G$14,$M34,BD$13)=\"\",10^12,OFFSET(PLE!$G$14,$M34,BD$13))))","v":1000000000000},{"$f":"IF($D34<>\"Serviço\",0,IF(OR(AND(AUTOEVENTO=\"Manual\",$M34=1),$M34>(ROW(PLE.lastrow)-ROW(PLE.firstrow))),0,IF(OFFSET(PLE!$G$14,$M34,BE$13)=\"\",10^12,OFFSET(PLE!$G$14,$M34,BE$13))))","v":1000000000000},{"$f":"IF($D34<>\"Serviço\",0,IF(OR(AND(AUTOEVENTO=\"Manual\",$M34=1),$M34>(ROW(PLE.lastrow)-ROW(PLE.firstrow))),0,IF(OFFSET(PLE!$G$14,$M34,BF$13)=\"\",10^12,OFFSET(PLE!$G$14,$M34,BF$13))))","v":1000000000000},{"$f":"IF($D34<>\"Serviço\",0,IF(OR(AND(AUTOEVENTO=\"Manual\",$M34=1),$M34>(ROW(PLE.lastrow)-ROW(PLE.firstrow))),0,IF(OFFSET(PLE!$G$14,$M34,BG$13)=\"\",10^12,OFFSET(PLE!$G$14,$M34,BG$13))))","v":1000000000000}]
["20.",{"$f":"OFFSET(ORÇAMENTO!C$15,ROW(B35)-ROW(B$15),0)","v":2},{"$f":"OFFSET(ORÇAMENTO!L$15,ROW(C35)-ROW(C$15),0)","v":"F"},{"$f":"OFFSET(ORÇAMENTO!N$15,ROW(D35)-ROW(D$15),0)","v":"Nível 2"},{"$f":"OFFSET(ORÇAMENTO!O$15,ROW(E35)-ROW(E$15),0)","v":"1.5."},{"$f":"OFFSET(ORÇAMENTO!R$15,ROW(F35)-ROW(F$15),0)","v":"DRENAGEM"},{"$f":"IF($D35<>\"Serviço\",\"\",OFFSET(ORÇAMENTO!S$15,ROW(G35)-ROW(G$15),0))","v":""},{"$f":"IF($D35<>\"Serviço\",0,IF(ACOMPANHAMENTO=\"BM\",ROUND(OFFSET(ORÇAMENTO!AJ$15,ROW(H35)-ROW(H$15),0),15-13*ORÇAMENTO!$AF$7),SUMPRODUCT(($Q$12:$AA$12<>\"\")*ROUND($Q35:$AA35,15-13*ORÇAMENTO!$AF$7))))","v":0},null,null,null,".",{"$f":"IF($D35<>\"Serviço\",\"\",IF(AUTOEVENTO=\"manual\",$A35,IF(ISERROR(MATCH($A35,$A$15:OFFSET($A35,-1,0),0)),MAX($M$15:OFFSET(M35,-1,0))+1,INDEX($M$15:OFFSET(M35,-1,0),MATCH($A35,$A$15:OFFSET($A35,-1,0),0)))))","v":""},{"$f":"IF($D35<>\"Serviço\",\"\",IF(AUTOEVENTO=\"Manual\",IF($A35=0,\"<-- defina o número do agrupador\",OFFSET(EVENTOS!$D$14,$A35,0)),OFFSET($F$15,$A35,0)))","v":""},null,null,null,null,null,null,null,null,null,null,null,null,null,{"$f":"IF(AND($D35=\"Serviço\",AB$12<>0,$H35>0,OR(AUTOEVENTO<>\"manual\",$M35<>1)),ROUND(OFFSET($P35,0,AB$13),15-13*ORÇAMENTO!$AF$7)/$H35*OFFSET(ORÇAMENTO!$X$15,ROW(AB35)-ROW(AB$15),0),0)","v":0},{"$f":"IF(AND($D35=\"Serviço\",AC$12<>0,$H35>0,OR(AUTOEVENTO<>\"manual\",$M35<>1)),ROUND(OFFSET($P35,0,AC$13),15-13*ORÇAMENTO!$AF$7)/$H35*OFFSET(ORÇAMENTO!$X$15,ROW(AC35)-ROW(AC$15),0),0)","v":0},{"$f":"IF(AND($D35=\"Serviço\",AD$12<>0,$H35>0,OR(AUTOEVENTO<>\"manual\",$M35<>1)),ROUND(OFFSET($P35,0,AD$13),15-13*ORÇAMENTO!$AF$7)/$H35*OFFSET(ORÇAMENTO!$X$15,ROW(AD35)-ROW(AD$15),0),0)","v":0},{"$f":"IF(AND($D35=\"Serviço\",AE$12<>0,$H35>0,OR(AUTOEVENTO<>\"manual\",$M35<>1)),ROUND(OFFSET($P35,0,AE$13),15-13*ORÇAMENTO!$AF$7)/$H35*OFFSET(ORÇAMENTO!$X$15,ROW(AE35)-ROW(AE$15),0),0)","v":0},{"$f":"IF(AND($D35=\"Serviço\",AF$12<>0,$H35>0,OR(AUTOEVENTO<>\"manual\",$M35<>1)),ROUND(OFFSET($P35,0,AF$13),15-13*ORÇAMENTO!$AF$7)/$H35*OFFSET(ORÇAMENTO!$X$15,ROW(AF35)-ROW(AF$15),0),0)","v":0},{"$f":"IF(AND($D35=\"Serviço\",AG$12<>0,$H35>0,OR(AUTOEVENTO<>\"manual\",$M35<>1)),ROUND(OFFSET($P35,0,AG$13),15-13*ORÇAMENTO!$AF$7)/$H35*OFFSET(ORÇAMENTO!$X$15,ROW(AG35)-ROW(AG$15),0),0)","v":0},{"$f":"IF(AND($D35=\"Serviço\",AH$12<>0,$H35>0,OR(AUTOEVENTO<>\"manual\",$M35<>1)),ROUND(OFFSET($P35,0,AH$13),15-13*ORÇAMENTO!$AF$7)/$H35*OFFSET(ORÇAMENTO!$X$15,ROW(AH35)-ROW(AH$15),0),0)","v":0},{"$f":"IF(AND($D35=\"Serviço\",AI$12<>0,$H35>0,OR(AUTOEVENTO<>\"manual\",$M35<>1)),ROUND(OFFSET($P35,0,AI$13),15-13*ORÇAMENTO!$AF$7)/$H35*OFFSET(ORÇAMENTO!$X$15,ROW(AI35)-ROW(AI$15),0),0)","v":0},{"$f":"IF(AND($D35=\"Serviço\",AJ$12<>0,$H35>0,OR(AUTOEVENTO<>\"manual\",$M35<>1)),ROUND(OFFSET($P35,0,AJ$13),15-13*ORÇAMENTO!$AF$7)/$H35*OFFSET(ORÇAMENTO!$X$15,ROW(AJ35)-ROW(AJ$15),0),0)","v":0},{"$f":"IF(AND($D35=\"Serviço\",AK$12<>0,$H35>0,OR(AUTOEVENTO<>\"manual\",$M35<>1)),ROUND(OFFSET($P35,0,AK$13),15-13*ORÇAMENTO!$AF$7)/$H35*OFFSET(ORÇAMENTO!$X$15,ROW(AK35)-ROW(AK$15),0),0)","v":0},null,{"$f":"IF($D35<>\"Serviço\",0,IF(AND(AUTOEVENTO=\"Manual\",$M35=1),0,IF(OFFSET(CRONOPLE!$F$14,$M35,AM$13)=\"\",10^12,OFFSET(CRONOPLE!$F$14,$M35,AM$13))))","v":0},{"$f":"IF($D35<>\"Serviço\",0,IF(AND(AUTOEVENTO=\"Manual\",$M35=1),0,IF(OFFSET(CRONOPLE!$F$14,$M35,AN$13)=\"\",10^12,OFFSET(CRONOPLE!$F$14,$M35,AN$13))))","v":0},{"$f":"IF($D35<>\"Serviço\",0,IF(AND(AUTOEVENTO=\"Manual\",$M35=1),0,IF(OFFSET(CRONOPLE!$F$14,$M35,AO$13)=\"\",10^12,OFFSET(CRONOPLE!$F$14,$M35,AO$13))))","v":0},{"$f":"IF($D35<>\"Serviço\",0,IF(AND(AUTOEVENTO=\"Manual\",$M35=1),0,IF(OFFSET(CRONOPLE!$F$14,$M35,AP$13)=\"\",10^12,OFFSET(CRONOPLE!$F$14,$M35,AP$13))))","v":0},{"$f":"IF($D35<>\"Serviço\",0,IF(AND(AUTOEVENTO=\"Manual\",$M35=1),0,IF(OFFSET(CRONOPLE!$F$14,$M35,AQ$13)=\"\",10^12,OFFSET(CRONOPLE!$F$14,$M35,AQ$13))))","v":0},{"$f":"IF($D35<>\"Serviço\",0,IF(AND(AUTOEVENTO=\"Manual\",$M35=1),0,IF(OFFSET(CRONOPLE!$F$14,$M35,AR$13)=\"\",10^12,OFFSET(CRONOPLE!$F$14,$M35,AR$13))))","v":0},{"$f":"IF($D35<>\"Serviço\",0,IF(AND(AUTOEVENTO=\"Manual\",$M35=1),0,IF(OFFSET(CRONOPLE!$F$14,$M35,AS$13)=\"\",10^12,OFFSET(CRONOPLE!$F$14,$M35,AS$13))))","v":0},{"$f":"IF($D35<>\"Serviço\",0,IF(AND(AUTOEVENTO=\"Manual\",$M35=1),0,IF(OFFSET(CRONOPLE!$F$14,$M35,AT$13)=\"\",10^12,OFFSET(CRONOPLE!$F$14,$M35,AT$13))))","v":0},{"$f":"IF($D35<>\"Serviço\",0,IF(AND(AUTOEVENTO=\"Manual\",$M35=1),0,IF(OFFSET(CRONOPLE!$F$14,$M35,AU$13)=\"\",10^12,OFFSET(CRONOPLE!$F$14,$M35,AU$13))))","v":0},{"$f":"IF($D35<>\"Serviço\",0,IF(AND(AUTOEVENTO=\"Manual\",$M35=1),0,IF(OFFSET(CRONOPLE!$F$14,$M35,AV$13)=\"\",10^12,OFFSET(CRONOPLE!$F$14,$M35,AV$13))))","v":0},null,{"$f":"IF($D35<>\"Serviço\",0,IF(OR(AND(AUTOEVENTO=\"Manual\",$M35=1),$M35>(ROW(PLE.lastrow)-ROW(PLE.firstrow))),0,IF(OFFSET(PLE!$G$14,$M35,AX$13)=\"\",10^12,OFFSET(PLE!$G$14,$M35,AX$13))))","v":0},{"$f":"IF($D35<>\"Serviço\",0,IF(OR(AND(AUTOEVENTO=\"Manual\",$M35=1),$M35>(ROW(PLE.lastrow)-ROW(PLE.firstrow))),0,IF(OFFSET(PLE!$G$14,$M35,AY$13)=\"\",10^12,OFFSET(PLE!$G$14,$M35,AY$13))))","v":0},{"$f":"IF($D35<>\"Serviço\",0,IF(OR(AND(AUTOEVENTO=\"Manual\",$M35=1),$M35>(ROW(PLE.lastrow)-ROW(PLE.firstrow))),0,IF(OFFSET(PLE!$G$14,$M35,AZ$13)=\"\",10^12,OFFSET(PLE!$G$14,$M35,AZ$13))))","v":0},{"$f":"IF($D35<>\"Serviço\",0,IF(OR(AND(AUTOEVENTO=\"Manual\",$M35=1),$M35>(ROW(PLE.lastrow)-ROW(PLE.firstrow))),0,IF(OFFSET(PLE!$G$14,$M35,BA$13)=\"\",10^12,OFFSET(PLE!$G$14,$M35,BA$13))))","v":0},{"$f":"IF($D35<>\"Serviço\",0,IF(OR(AND(AUTOEVENTO=\"Manual\",$M35=1),$M35>(ROW(PLE.lastrow)-ROW(PLE.firstrow))),0,IF(OFFSET(PLE!$G$14,$M35,BB$13)=\"\",10^12,OFFSET(PLE!$G$14,$M35,BB$13))))","v":0},{"$f":"IF($D35<>\"Serviço\",0,IF(OR(AND(AUTOEVENTO=\"Manual\",$M35=1),$M35>(ROW(PLE.lastrow)-ROW(PLE.firstrow))),0,IF(OFFSET(PLE!$G$14,$M35,BC$13)=\"\",10^12,OFFSET(PLE!$G$14,$M35,BC$13))))","v":0},{"$f":"IF($D35<>\"Serviço\",0,IF(OR(AND(AUTOEVENTO=\"Manual\",$M35=1),$M35>(ROW(PLE.lastrow)-ROW(PLE.firstrow))),0,IF(OFFSET(PLE!$G$14,$M35,BD$13)=\"\",10^12,OFFSET(PLE!$G$14,$M35,BD$13))))","v":0},{"$f":"IF($D35<>\"Serviço\",0,IF(OR(AND(AUTOEVENTO=\"Manual\",$M35=1),$M35>(ROW(PLE.lastrow)-ROW(PLE.firstrow))),0,IF(OFFSET(PLE!$G$14,$M35,BE$13)=\"\",10^12,OFFSET(PLE!$G$14,$M35,BE$13))))","v":0},{"$f":"IF($D35<>\"Serviço\",0,IF(OR(AND(AUTOEVENTO=\"Manual\",$M35=1),$M35>(ROW(PLE.lastrow)-ROW(PLE.firstrow))),0,IF(OFFSET(PLE!$G$14,$M35,BF$13)=\"\",10^12,OFFSET(PLE!$G$14,$M35,BF$13))))","v":0},{"$f":"IF($D35<>\"Serviço\",0,IF(OR(AND(AUTOEVENTO=\"Manual\",$M35=1),$M35>(ROW(PLE.lastrow)-ROW(PLE.firstrow))),0,IF(OFFSET(PLE!$G$14,$M35,BG$13)=\"\",10^12,OFFSET(PLE!$G$14,$M35,BG$13))))","v":0}]
["20",{"$f":"OFFSET(ORÇAMENTO!C$15,ROW(B36)-ROW(B$15),0)","v":"S"},{"$f":"OFFSET(ORÇAMENTO!L$15,ROW(C36)-ROW(C$15),0)","v":"F"},{"$f":"OFFSET(ORÇAMENTO!N$15,ROW(D36)-ROW(D$15),0)","v":"Serviço"},{"$f":"OFFSET(ORÇAMENTO!O$15,ROW(E36)-ROW(E$15),0)","v":"1.5.1."},{"$f":"OFFSET(ORÇAMENTO!R$15,ROW(F36)-ROW(F$15),0)","v":"TUBO DE CONCRETO PARA REDES COLETORAS DE ÁGUAS PLUVIAIS, DIÂMETRO DE 400 MM, JUNTA RÍGIDA, INSTALADO EM LOCAL COM ALTO NÍVEL DE INTERFERÊNCIAS - FORNECIMENTO E ASSENTAMENTO. AF_12/2015"},{"$f":"IF($D36<>\"Serviço\",\"\",OFFSET(ORÇAMENTO!S$15,ROW(G36)-ROW(G$15),0))","v":"M"},{"$f":"IF($D36<>\"Serviço\",0,IF(ACOMPANHAMENTO=\"BM\",ROUND(OFFSET(ORÇAMENTO!AJ$15,ROW(H36)-ROW(H$15),0),15-13*ORÇAMENTO!$AF$7),SUMPRODUCT(($Q$12:$AA$12<>\"\")*ROUND($Q36:$AA36,15-13*ORÇAMENTO!$AF$7))))","v":34},null,null,null,".",{"$f":"IF($D36<>\"Serviço\",\"\",IF(AUTOEVENTO=\"manual\",$A36,IF(ISERROR(MATCH($A36,$A$15:OFFSET($A36,-1,0),0)),MAX($M$15:OFFSET(M36,-1,0))+1,INDEX($M$15:OFFSET(M36,-1,0),MATCH($A36,$A$15:OFFSET($A36,-1,0),0)))))","v":6},{"$f":"IF($D36<>\"Serviço\",\"\",IF(AUTOEVENTO=\"Manual\",IF($A36=0,\"<-- defina o número do agrupador\",OFFSET(EVENTOS!$D$14,$A36,0)),OFFSET($F$15,$A36,0)))","v":"DRENAGEM"},null,null,null,null,null,null,null,null,null,null,null,null,null,{"$f":"IF(AND($D36=\"Serviço\",AB$12<>0,$H36>0,OR(AUTOEVENTO<>\"manual\",$M36<>1)),ROUND(OFFSET($P36,0,AB$13),15-13*ORÇAMENTO!$AF$7)/$H36*OFFSET(ORÇAMENTO!$X$15,ROW(AB36)-ROW(AB$15),0),0)","v":0},{"$f":"IF(AND($D36=\"Serviço\",AC$12<>0,$H36>0,OR(AUTOEVENTO<>\"manual\",$M36<>1)),ROUND(OFFSET($P36,0,AC$13),15-13*ORÇAMENTO!$AF$7)/$H36*OFFSET(ORÇAMENTO!$X$15,ROW(AC36)-ROW(AC$15),0),0)","v":0},{"$f":"IF(AND($D36=\"Serviço\",AD$12<>0,$H36>0,OR(AUTOEVENTO<>\"manual\",$M36<>1)),ROUND(OFFSET($P36,0,AD$13),15-13*ORÇAMENTO!$AF$7)/$H36*OFFSET(ORÇAMENTO!$X$15,ROW(AD36)-ROW(AD$15),0),0)","v":0},{"$f":"IF(AND($D36=\"Serviço\",AE$12<>0,$H36>0,OR(AUTOEVENTO<>\"manual\",$M36<>1)),ROUND(OFFSET($P36,0,AE$13),15-13*ORÇAMENTO!$AF$7)/$H36*OFFSET(ORÇAMENTO!$X$15,ROW(AE36)-ROW(AE$15),0),0)","v":0},{"$f":"IF(AND($D36=\"Serviço\",AF$12<>0,$H36>0,OR(AUTOEVENTO<>\"manual\",$M36<>1)),ROUND(OFFSET($P36,0,AF$13),15-13*ORÇAMENTO!$AF$7)/$H36*OFFSET(ORÇAMENTO!$X$15,ROW(AF36)-ROW(AF$15),0),0)","v":0},{"$f":"IF(AND($D36=\"Serviço\",AG$12<>0,$H36>0,OR(AUTOEVENTO<>\"manual\",$M36<>1)),ROUND(OFFSET($P36,0,AG$13),15-13*ORÇAMENTO!$AF$7)/$H36*OFFSET(ORÇAMENTO!$X$15,ROW(AG36)-ROW(AG$15),0),0)","v":0},{"$f":"IF(AND($D36=\"Serviço\",AH$12<>0,$H36>0,OR(AUTOEVENTO<>\"manual\",$M36<>1)),ROUND(OFFSET($P36,0,AH$13),15-13*ORÇAMENTO!$AF$7)/$H36*OFFSET(ORÇAMENTO!$X$15,ROW(AH36)-ROW(AH$15),0),0)","v":0},{"$f":"IF(AND($D36=\"Serviço\",AI$12<>0,$H36>0,OR(AUTOEVENTO<>\"manual\",$M36<>1)),ROUND(OFFSET($P36,0,AI$13),15-13*ORÇAMENTO!$AF$7)/$H36*OFFSET(ORÇAMENTO!$X$15,ROW(AI36)-ROW(AI$15),0),0)","v":0},{"$f":"IF(AND($D36=\"Serviço\",AJ$12<>0,$H36>0,OR(AUTOEVENTO<>\"manual\",$M36<>1)),ROUND(OFFSET($P36,0,AJ$13),15-13*ORÇAMENTO!$AF$7)/$H36*OFFSET(ORÇAMENTO!$X$15,ROW(AJ36)-ROW(AJ$15),0),0)","v":0},{"$f":"IF(AND($D36=\"Serviço\",AK$12<>0,$H36>0,OR(AUTOEVENTO<>\"manual\",$M36<>1)),ROUND(OFFSET($P36,0,AK$13),15-13*ORÇAMENTO!$AF$7)/$H36*OFFSET(ORÇAMENTO!$X$15,ROW(AK36)-ROW(AK$15),0),0)","v":0},null,{"$f":"IF($D36<>\"Serviço\",0,IF(AND(AUTOEVENTO=\"Manual\",$M36=1),0,IF(OFFSET(CRONOPLE!$F$14,$M36,AM$13)=\"\",10^12,OFFSET(CRONOPLE!$F$14,$M36,AM$13))))","v":1000000000000},{"$f":"IF($D36<>\"Serviço\",0,IF(AND(AUTOEVENTO=\"Manual\",$M36=1),0,IF(OFFSET(CRONOPLE!$F$14,$M36,AN$13)=\"\",10^12,OFFSET(CRONOPLE!$F$14,$M36,AN$13))))","v":1000000000000},{"$f":"IF($D36<>\"Serviço\",0,IF(AND(AUTOEVENTO=\"Manual\",$M36=1),0,IF(OFFSET(CRONOPLE!$F$14,$M36,AO$13)=\"\",10^12,OFFSET(CRONOPLE!$F$14,$M36,AO$13))))","v":1000000000000},{"$f":"IF($D36<>\"Serviço\",0,IF(AND(AUTOEVENTO=\"Manual\",$M36=1),0,IF(OFFSET(CRONOPLE!$F$14,$M36,AP$13)=\"\",10^12,OFFSET(CRONOPLE!$F$14,$M36,AP$13))))","v":1000000000000},{"$f":"IF($D36<>\"Serviço\",0,IF(AND(AUTOEVENTO=\"Manual\",$M36=1),0,IF(OFFSET(CRONOPLE!$F$14,$M36,AQ$13)=\"\",10^12,OFFSET(CRONOPLE!$F$14,$M36,AQ$13))))","v":1000000000000},{"$f":"IF($D36<>\"Serviço\",0,IF(AND(AUTOEVENTO=\"Manual\",$M36=1),0,IF(OFFSET(CRONOPLE!$F$14,$M36,AR$13)=\"\",10^12,OFFSET(CRONOPLE!$F$14,$M36,AR$13))))","v":1000000000000},{"$f":"IF($D36<>\"Serviço\",0,IF(AND(AUTOEVENTO=\"Manual\",$M36=1),0,IF(OFFSET(CRONOPLE!$F$14,$M36,AS$13)=\"\",10^12,OFFSET(CRONOPLE!$F$14,$M36,AS$13))))","v":1000000000000},{"$f":"IF($D36<>\"Serviço\",0,IF(AND(AUTOEVENTO=\"Manual\",$M36=1),0,IF(OFFSET(CRONOPLE!$F$14,$M36,AT$13)=\"\",10^12,OFFSET(CRONOPLE!$F$14,$M36,AT$13))))","v":1000000000000},{"$f":"IF($D36<>\"Serviço\",0,IF(AND(AUTOEVENTO=\"Manual\",$M36=1),0,IF(OFFSET(CRONOPLE!$F$14,$M36,AU$13)=\"\",10^12,OFFSET(CRONOPLE!$F$14,$M36,AU$13))))","v":1000000000000},{"$f":"IF($D36<>\"Serviço\",0,IF(AND(AUTOEVENTO=\"Manual\",$M36=1),0,IF(OFFSET(CRONOPLE!$F$14,$M36,AV$13)=\"\",10^12,OFFSET(CRONOPLE!$F$14,$M36,AV$13))))","v":1000000000000},null,{"$f":"IF($D36<>\"Serviço\",0,IF(OR(AND(AUTOEVENTO=\"Manual\",$M36=1),$M36>(ROW(PLE.lastrow)-ROW(PLE.firstrow))),0,IF(OFFSET(PLE!$G$14,$M36,AX$13)=\"\",10^12,OFFSET(PLE!$G$14,$M36,AX$13))))","v":1000000000000},{"$f":"IF($D36<>\"Serviço\",0,IF(OR(AND(AUTOEVENTO=\"Manual\",$M36=1),$M36>(ROW(PLE.lastrow)-ROW(PLE.firstrow))),0,IF(OFFSET(PLE!$G$14,$M36,AY$13)=\"\",10^12,OFFSET(PLE!$G$14,$M36,AY$13))))","v":1000000000000},{"$f":"IF($D36<>\"Serviço\",0,IF(OR(AND(AUTOEVENTO=\"Manual\",$M36=1),$M36>(ROW(PLE.lastrow)-ROW(PLE.firstrow))),0,IF(OFFSET(PLE!$G$14,$M36,AZ$13)=\"\",10^12,OFFSET(PLE!$G$14,$M36,AZ$13))))","v":1000000000000},{"$f":"IF($D36<>\"Serviço\",0,IF(OR(AND(AUTOEVENTO=\"Manual\",$M36=1),$M36>(ROW(PLE.lastrow)-ROW(PLE.firstrow))),0,IF(OFFSET(PLE!$G$14,$M36,BA$13)=\"\",10^12,OFFSET(PLE!$G$14,$M36,BA$13))))","v":1000000000000},{"$f":"IF($D36<>\"Serviço\",0,IF(OR(AND(AUTOEVENTO=\"Manual\",$M36=1),$M36>(ROW(PLE.lastrow)-ROW(PLE.firstrow))),0,IF(OFFSET(PLE!$G$14,$M36,BB$13)=\"\",10^12,OFFSET(PLE!$G$14,$M36,BB$13))))","v":1000000000000},{"$f":"IF($D36<>\"Serviço\",0,IF(OR(AND(AUTOEVENTO=\"Manual\",$M36=1),$M36>(ROW(PLE.lastrow)-ROW(PLE.firstrow))),0,IF(OFFSET(PLE!$G$14,$M36,BC$13)=\"\",10^12,OFFSET(PLE!$G$14,$M36,BC$13))))","v":1000000000000},{"$f":"IF($D36<>\"Serviço\",0,IF(OR(AND(AUTOEVENTO=\"Manual\",$M36=1),$M36>(ROW(PLE.lastrow)-ROW(PLE.firstrow))),0,IF(OFFSET(PLE!$G$14,$M36,BD$13)=\"\",10^12,OFFSET(PLE!$G$14,$M36,BD$13))))","v":1000000000000},{"$f":"IF($D36<>\"Serviço\",0,IF(OR(AND(AUTOEVENTO=\"Manual\",$M36=1),$M36>(ROW(PLE.lastrow)-ROW(PLE.firstrow))),0,IF(OFFSET(PLE!$G$14,$M36,BE$13)=\"\",10^12,OFFSET(PLE!$G$14,$M36,BE$13))))","v":1000000000000},{"$f":"IF($D36<>\"Serviço\",0,IF(OR(AND(AUTOEVENTO=\"Manual\",$M36=1),$M36>(ROW(PLE.lastrow)-ROW(PLE.firstrow))),0,IF(OFFSET(PLE!$G$14,$M36,BF$13)=\"\",10^12,OFFSET(PLE!$G$14,$M36,BF$13))))","v":1000000000000},{"$f":"IF($D36<>\"Serviço\",0,IF(OR(AND(AUTOEVENTO=\"Manual\",$M36=1),$M36>(ROW(PLE.lastrow)-ROW(PLE.firstrow))),0,IF(OFFSET(PLE!$G$14,$M36,BG$13)=\"\",10^12,OFFSET(PLE!$G$14,$M36,BG$13))))","v":1000000000000}]
[{"$f":"IF(AUTOEVENTO=\"Manual\",IF(K37<>\"\",MIN(VALUE(LEFT(K37,FIND(\".\",K37)-1)),COUNTA(EVENTOS.Lista)),0),IF(OR($B37>AUTOEVENTO,$B37=\"S\",$B37=0),SUBSTITUTE(OFFSET($A37,-1,0),IF($D37=\"Serviço\",\".\",\"\"),\"\"),ROW(A37)-ROW($A$15)&\".\"))","v":"20"},{"$f":"OFFSET(ORÇAMENTO!C$15,ROW(B37)-ROW(B$15),0)","v":"S"},{"$f":"OFFSET(ORÇAMENTO!L$15,ROW(C37)-ROW(C$15),0)","v":"F"},{"$f":"OFFSET(ORÇAMENTO!N$15,ROW(D37)-ROW(D$15),0)","v":"Serviço"},{"$f":"OFFSET(ORÇAMENTO!O$15,ROW(E37)-ROW(E$15),0)","v":"1.5.2."},{"$f":"OFFSET(ORÇAMENTO!R$15,ROW(F37)-ROW(F$15),0)","v":"BOCA DE LOBO EM CONCRETO ARMADO E GRADE DE AÇO EM BARRA DE FERRO CHATA 0,70M X 1,00M - TIPO 1 "},{"$f":"IF($D37<>\"Serviço\",\"\",OFFSET(ORÇAMENTO!S$15,ROW(G37)-ROW(G$15),0))","v":"UND"},{"$f":"IF($D37<>\"Serviço\",0,IF(ACOMPANHAMENTO=\"BM\",ROUND(OFFSET(ORÇAMENTO!AJ$15,ROW(H37)-ROW(H$15),0),15-13*ORÇAMENTO!$AF$7),SUMPRODUCT(($Q$12:$AA$1